{"text_format":"2","workbook":"xlsx","n_sheets":49,"sheets":["Planilha Resumida","TAB REAJUSTAMENTO","1.1.1.Instalação (Mat., Equip) ","1.1.2.Custo Ferramental","1.1.2A. Custo Conjuntos Ferr.","1.2.Mob_1.3.Desm","2.1.1.Adm. Local (Veículos)","2.1.2.Adm. Local (Material)","2.1.2.1. Mat_Cons_Limp","2.1.2.2. Mat_Escritório","2.1.3.Adm. Local (Alimentação)","2.1.4.Adm. Local (Mão Obra)","2.1.5.Adm. Local (Manutenção)","2.2.Operação","2.3.Manutenção","2.3.2.1. e 2.3.2.2.Loc Máquinas","2.3.2.3.MS-Adutora e Canal","2.3.2.4.Manut-Drenagem","2.3.2.5.Manut-Cercas","CPU2 - REDE DREN","CPU1 - CANAL","2.3.2.6.Manut-Estradas","2.3.2.7.Manut-Civil Prédios","2.3.2.8.Manut-Subest. PONTAL","2.3.2.9.Man-Motobomba","3.Fornecimentos ","3.1.Peças de Reposição e Materi","CPU3 - MAN_CIVIL","CPU4 - MAN_SE","CPU5 - VEÍCULOS E MAQ","RESUMO - VEICULOS","COTAÇÃO - MAT_CONSUMO","COTAÇÃO - MAN_BOMBAS","COTACAO - PEÇAS E MATERIAIS","SINAPI_INSUM","SINAPI_COMP","SINAPI_COMP ANALITICA","SEINFRA_COMP","ORSE_COMP","ORSE_INSUM","SEINFRA_INSUM","ENC. SOCIAIS","BDI - SERVIÇOS","BDI - FORNECIMENTOS","MEMO - DRENAGEM CANALETAS","MEMO - ESTRADAS","MEMO - ADUTORA","CRONOGRAMA","Plan1"],"not_rendered":{"charts":0,"images":3,"macros":0,"external_links":4,"defined_names":3933,"comments":4,"pivot_tables":0},"unopened":[],"bounds":{"document_bytes":16777216,"sheet_cells":100000,"run_cost":"one","rows_first":2000,"rows_last":500,"rows_between":2000,"halvings":0,"cell_chars":16384,"cell_head_chars":4096},"cells_cut":0,"cells_raw":0,"read":"whole","date_system":"1900"}

{"sheet":"Planilha Resumida","index":0,"n_rows":99,"n_cols":12,"rows_kept":99,"cut":false,"hidden":false,"merged":[[93,0,93,4],[8,1,8,4],[12,0,12,4],[2,9,3,9],[2,10,3,10],[16,1,16,5],[17,1,17,5],[21,0,21,4],[22,0,22,4],[23,0,23,5],[13,0,13,4],[14,0,14,4],[45,0,45,5],[42,1,42,5],[27,0,27,5],[41,1,41,5],[15,0,15,5],[29,0,29,4],[25,0,25,4],[26,0,26,4],[2,11,3,11],[2,2,3,2],[2,3,3,3],[2,4,2,5],[7,1,7,4],[6,1,6,5],[0,0,0,5],[1,0,1,5],[2,0,3,0],[2,1,3,1],[5,1,5,5],[87,0,87,5],[88,1,88,5],[35,0,35,4],[30,0,30,5],[32,0,32,4],[77,0,77,4],[78,0,78,4],[83,0,83,4],[84,0,84,4],[86,0,86,4],[37,1,37,5],[53,0,53,4],[54,0,54,4],[44,0,44,4],[39,0,39,4],[91,0,91,4],[46,1,46,5],[47,0,47,5],[57,0,57,4],[49,0,49,4],[73,0,73,4],[58,0,58,4],[61,0,61,4],[62,0,62,4],[65,0,65,4],[66,0,66,4],[69,0,69,4],[70,0,70,4],[90,0,90,4],[74,0,74,4],[50,0,50,4]]}
[" ESTIMATIVA ANUAL DE CUSTOS DE SERVIÇOS DE ADMINISTRAÇÃO, OPERAÇÃO E MANUTENÇÃO DO PERÍMETRO DE IRRIGAÇÃO PONTAL SUL (TERMO DE REFERÊNCIA)"]
[]
["ITEM","DESCRIÇÃO","UNID.","QUANT.","VALOR ( R$ )",{"$nulls":4},"% BDI","VALOR BDI","Valor s/BDI"]
[{"$nulls":4},"UNITÁRIO","TOTAL"]
[]
[1,"Instalação, Mobilização e Desmobilização"]
["1.1","Instalação"]
["1.1.1","Aquisição de Móveis, Máquinas e Equipamentos de Escritório (Mat., Equip)",null,null,null,{"$f":"'1.1.1.Instalação (Mat., Equip) '!F40","v":95629.3},null,{"$f":"F8/$F$94","v":1.9300000000000001E-2},null,{"$f":"'BDI - FORNECIMENTOS'!$C$31","v":0.109},{"$f":"F8-L8","v":9399.09},{"$f":"F8/(1+J8)","v":86230.21}]
["1.1.2","Aquisição de Ferramental, Instrumentação e Equipamentos de Oficina",null,null,null,{"$f":"'1.1.2.Custo Ferramental'!F83","v":124220.62},null,{"$f":"F9/$F$94","v":2.5100000000000001E-2},null,{"$f":"'BDI - FORNECIMENTOS'!$C$31","v":0.109},{"$f":"F9-L9","v":12209.24},{"$f":"F9/(1+J9)","v":112011.38}]
["1.2","Mobilização","Ud",1,{"$f":"'1.2.Mob_1.3.Desm'!F30","v":5272.52},{"$f":"E10*D10","v":5272.52},null,1.1000000000000001E-3,null,{"$f":"'BDI - SERVIÇOS'!$C$30","v":0.22500000000000001},968.42,4304.1000000000004]
["1.3","Desmobilização","Ud",1,{"$f":"'1.2.Mob_1.3.Desm'!F61","v":5272.52},{"$f":"E11*D11","v":5272.52},null,1.1000000000000001E-3,null,{"$f":"'BDI - SERVIÇOS'!$C$30","v":0.22500000000000001},968.42,4304.1000000000004]
["1.4","Placa de identificação de obra (SINAPI - CÓD. 74209/1)","M²",6,{"$f":"SINAPI_COMP!K2301*(1+'BDI - SERVIÇOS'!C30)","v":395.41},{"$f":"E12*D12","v":2372.46},null,5.0000000000000001E-4,null,{"$f":"'BDI - SERVIÇOS'!$C$30","v":0.22500000000000001},435.76,1936.7]
["Subtotal 1",{"$nulls":4},{"$f":"SUM(F8:F12)","v":232767.42},{"$nulls":4},{"$f":"SUM(K8:K12)","v":23980.93},{"$f":"SUM(L8:L12)","v":208786.49}]
[{"$nulls":5},{"$f":"F13*0%","v":0},{"$nulls":4},{"$f":"K13*0%","v":0},{"$f":"L13*0%","v":0}]
["Total 1",{"$nulls":4},{"$f":"F14+F13","v":232767.42},null,null,{"$f":"F15/$F$94","v":4.7E-2},null,{"$f":"K14+K13","v":23980.93},{"$f":"L14+L13","v":208786.49}]
[]
[2,"Serviços"]
["2.1","Administração local",{"$nulls":6},{"$f":"SUM(I21:I94)","v":0.89639999999999997}]
[null,"SUBTOTAL 2.1 (Equipamentos + Materiais + Alimentação +  Mão de Obra + Manutenção)","Mês ",12,{"$f":"F19/12","v":64276.06},{"$f":"F23+F27+F30+F33+F36","v":771312.72},null,{"$f":"F19/$F$94","v":0.15579999999999999},null,null,{"$f":"K23+K27+K30+K33+K36","v":139274.51999999999},{"$f":"L23+L27+L30+L33+L36","v":632038.19999999995}]
[]
["2.1.1","Equipamentos (Veículos)","Mês ",12,{"$f":"'2.1.1.Adm. Local (Veículos)'!F17","v":25894.06},{"$f":"E21*D21","v":310728.71999999997},null,null,{"$f":"F21/$F$94","v":6.2799999999999995E-2},{"$f":"'BDI - SERVIÇOS'!$C$30","v":0.22500000000000001},{"$f":"F21-L21","v":57072.62},{"$f":"F21/(1+J21)","v":253656.1}]
[{"$nulls":5},{"$f":"F21*0%","v":0},{"$nulls":5},{"$f":"L21*0%","v":0}]
["Total Equipamentos",{"$nulls":4},{"$f":"F22+F21","v":310728.71999999997},null,6.2799999999999995E-2,null,null,{"$f":"K22+K21","v":57072.62},{"$f":"L22+L21","v":253656.1}]
[]
["2.1.2","Materiais","Mês ",12,{"$f":"'2.1.2.Adm. Local (Material)'!F15","v":2337.56},{"$f":"E25*D25","v":28050.720000000001},null,null,null,{"$f":"'BDI - FORNECIMENTOS'!$C$31","v":0.109},{"$f":"F25-L25","v":2757.01},{"$f":"F25/(1+J25)","v":25293.71}]
[{"$nulls":5},{"$f":"F25*0%","v":0},{"$nulls":5},{"$f":"L25*0%","v":0}]
["Total Materiais",{"$nulls":4},{"$f":"F26+F25","v":28050.720000000001},null,5.7000000000000002E-3,null,null,{"$f":"K26+K25","v":2757.01},{"$f":"L26+L25","v":25293.71}]
[]
["2.1.3","Alimentação","Mês ",12,{"$f":"'2.1.3.Adm. Local (Alimentação)'!F14","v":5559.34},{"$f":"E29*D29","v":66712.08},null,null,null,{"$f":"'BDI - SERVIÇOS'!$C$30","v":0.22500000000000001},{"$f":"F29-L29","v":12253.24},{"$f":"F29/(1+J29)","v":54458.84}]
["Total Serviços - Comp. Auxiliares",{"$nulls":4},{"$f":"F29","v":66712.08},null,1.35E-2,null,null,{"$f":"K29","v":12253.24},{"$f":"L29","v":54458.84}]
[]
["2.1.4","Mão de Obra","Mês ",12,{"$f":"'2.1.4.Adm. Local (Mão Obra)'!H18","v":30110.240000000002},{"$f":"E32*D32","v":361322.88},null,7.2999999999999995E-2,null,{"$f":"'BDI - SERVIÇOS'!$C$30","v":0.22500000000000001},{"$f":"F32-L32","v":66365.429999999993},{"$f":"F32/(1+J32)","v":294957.45}]
["Total Mão de Obra Administração",{"$nulls":4},{"$f":"F32","v":361322.88},{"$nulls":4},{"$f":"K32","v":66365.429999999993},{"$f":"L32","v":294957.45}]
[]
["2.1.5","Manutenção","Mês ",12,{"$f":"'2.1.5.Adm. Local (Manutenção)'!F15","v":374.86},{"$f":"E35*D35","v":4498.32},null,8.9999999999999998E-4,{"$f":"F35/$F$94","v":8.9999999999999998E-4},{"$f":"'BDI - SERVIÇOS'!$C$30","v":0.22500000000000001},{"$f":"F35-L35","v":826.22},{"$f":"F35/(1+J35)","v":3672.1}]
["Total Mão de Obra Administração",{"$nulls":4},{"$f":"F35","v":4498.32},{"$nulls":4},{"$f":"K35","v":826.22},{"$f":"L35","v":3672.1}]
[{"$nulls":7},0]
["2.2","Operação das infraestruturas (mão de obra)",null,null,null,0]
["2.2.1","EB's, EP´s, Canais e Adutoras","Mês ",12,{"$f":"'2.2.Operação'!W16","v":55671.27},{"$f":"E39*D39","v":668055.24},null,0.13500000000000001,null,{"$f":"'BDI - SERVIÇOS'!$C$30","v":0.22500000000000001},{"$f":"F39-L39","v":122704.02},{"$f":"F39/(1+J39)","v":545351.22}]
["Subtotal 2.2",{"$nulls":4},{"$f":"F39","v":668055.24},{"$nulls":4},{"$f":"K39","v":122704.02},{"$f":"L39","v":545351.22}]
[]
["2.3","Manutenção das infraestruturas"]
["2.3.1","Manutenção (mão de obra)"]
[null,"EB's, EP´s, Canais, Adutoras e Escritório de Administração Local","Mês ",12,{"$f":"'2.3.Manutenção'!W19","v":39758.480000000003},{"$f":"E44*D44","v":477101.76},null,9.64E-2,null,{"$f":"'BDI - SERVIÇOS'!$C$30","v":0.22500000000000001},{"$f":"F44-L44","v":87630.94},{"$f":"F44/(1+J44)","v":389470.82}]
["Subtotal 2.3.1",{"$nulls":4},{"$f":"SUM(F42:F44)","v":477101.76},{"$nulls":4},{"$f":"SUM(K42:K44)","v":87630.94},{"$f":"SUM(L42:L44)","v":389470.82}]
[]
["2.3.2","Manutenção (Serviços sazonais)"]
[]
["2.3.2.1","Locação de máquina Retroescavadeira sobre rodas tração 4X4, potência mín. 70HP, caçamba cap. Min. 0,7M3, peso operacional min. 6500 KG, profundidade de escavação superior a 4,00 m.","horas",{"$f":"'2.3.2.1. e 2.3.2.2.Loc Máquinas'!E9","v":440},{"$f":"ROUND(F49/D49,2)","v":134.33000000000001},{"$f":"'2.3.2.1. e 2.3.2.2.Loc Máquinas'!H13","v":59106.74},null,1.1900000000000001E-2,null,{"$f":"'BDI - SERVIÇOS'!$C$30","v":0.22500000000000001},{"$f":"F49-L49","v":10856.34},{"$f":"F49/(1+J49)","v":48250.400000000001}]
[{"$nulls":5},{"$f":"F49*0%","v":0},null,null,null,{"$f":"J49*0%","v":0},null,{"$f":"L49*0%","v":0}]
["Subtotal 2.3.2.1",{"$nulls":4},{"$f":"F50+F49","v":59106.74},null,1.1900000000000001E-2,null,null,{"$f":"K50+K49","v":10856.34},{"$f":"L50+L49","v":48250.400000000001}]
[]
["2.3.2.2","Locação de Equipamentos de Carga/Descarga e Transporte","Mês",12,{"$f":"F53/D53","v":5201.1000000000004},{"$f":"'2.3.2.1. e 2.3.2.2.Loc Máquinas'!H26","v":62413.14},null,1.26E-2,null,{"$f":"'BDI - SERVIÇOS'!$C$30","v":0.22500000000000001},{"$f":"F53-L53","v":11463.64},{"$f":"F53/(1+J53)","v":50949.5}]
[{"$nulls":5},{"$f":"F53*0%","v":0},null,null,null,{"$f":"J53*0%","v":0},null,{"$f":"L53*0%","v":0}]
["Subtotal 2.3.2.2",{"$nulls":4},{"$f":"F54+F53","v":62413.14},null,1.26E-2,null,null,{"$f":"K54+K53","v":11463.64},{"$f":"L54+L53","v":50949.5}]
[]
["2.3.2.3","Estimativa de custo anual de manutenção de canais e adutoras","Mês ",12,{"$f":"'2.3.2.3.MS-Adutora e Canal'!H38/12","v":20862.2},{"$f":"E57*D57","v":250346.4},null,5.0599999999999999E-2,null,{"$f":"'BDI - SERVIÇOS'!$C$30","v":0.22500000000000001},{"$f":"F57-L57","v":45981.99},{"$f":"F57/(1+J57)","v":204364.41}]
[{"$nulls":5},{"$f":"F57*0%","v":0},null,null,null,{"$f":"J57*0%","v":0},null,{"$f":"L57*0%","v":0}]
["Subtotal 2.3.2.3",{"$nulls":4},{"$f":"F58+F57","v":250346.4},null,5.0599999999999999E-2,null,null,{"$f":"K58+K57","v":45981.99},{"$f":"L58+L57","v":204364.41}]
[]
["2.3.2.4","Estimativa de custo anual de manutenção da rede de drenagem","Mês ",12,{"$f":"F61/12","v":18731.46},{"$f":"'2.3.2.4.Manut-Drenagem'!H39","v":224777.57},null,4.5400000000000003E-2,null,{"$f":"'BDI - SERVIÇOS'!$C$30","v":0.22500000000000001},{"$f":"F61-L61","v":41285.68},{"$f":"F61/(1+J61)","v":183491.89}]
[{"$nulls":5},{"$f":"F61*0%","v":0},null,null,null,{"$f":"J61*0%","v":0},null,{"$f":"L61*0%","v":0}]
["Subtotal 2.3.2.4",{"$nulls":4},{"$f":"F62+F61","v":224777.57},null,4.5400000000000003E-2,null,null,{"$f":"K62+K61","v":41285.68},{"$f":"L62+L61","v":183491.89}]
[]
["2.3.2.5","Estimativa de custo anual de manutenção de cercas","Mês ",12,{"$f":"F65/D65","v":5446.12},{"$f":"'2.3.2.5.Manut-Cercas'!I21","v":65353.43},null,1.32E-2,null,{"$f":"'BDI - SERVIÇOS'!$C$30","v":0.22500000000000001},{"$f":"F65-L65","v":12003.69},{"$f":"F65/(1+J65)","v":53349.74}]
[{"$nulls":5},{"$f":"F65*0%","v":0},null,null,null,{"$f":"J65*0%","v":0},null,{"$f":"L65*0%","v":0}]
["Subtotal 2.3.2.5",{"$nulls":4},{"$f":"F66+F65","v":65353.43},null,1.32E-2,null,null,{"$f":"K66+K65","v":12003.69},{"$f":"L66+L65","v":53349.74}]
[]
["2.3.2.6","Estimativa de custo anual de manutenção das estradas de acesso as estruturas hidráulicas ","Mês ",12,{"$f":"F69/12","v":43673.18},{"$f":"'2.3.2.6.Manut-Estradas'!H28","v":524078.15},null,0.10589999999999999,null,{"$f":"'BDI - SERVIÇOS'!$C$30","v":0.22500000000000001},{"$f":"F69-L69","v":96259.25},{"$f":"F69/(1+J69)","v":427818.9}]
[{"$nulls":5},{"$f":"F69*0%","v":0},null,null,null,{"$f":"J69*0%","v":0},null,{"$f":"L69*0%","v":0}]
["Subtotal 2.3.2.6",{"$nulls":4},{"$f":"F70+F69","v":524078.15},{"$nulls":4},{"$f":"K70+K69","v":96259.25},{"$f":"L70+L69","v":427818.9}]
[]
["2.3.2.7","Estimativa de custo anual de manutenção e conservação de prédios (Escritório, oficinas, almoxarifado, abrigo dos paineis das comportas, EBs, Centro administrativo e Placa de identificação de obra)","Mês ",12,{"$f":"F73/D73","v":6773.12},{"$f":"'2.3.2.7.Manut-Civil Prédios'!H88","v":81277.490000000005},null,1.6400000000000001E-2,null,{"$f":"'BDI - SERVIÇOS'!$C$30","v":0.22500000000000001},{"$f":"F73-L73","v":14928.52},{"$f":"F73/(1+J73)","v":66348.97}]
[{"$nulls":5},{"$f":"F73*0%","v":0},null,null,null,{"$f":"J73*0%","v":0},null,{"$f":"L73*0%","v":0}]
["SUB TOTAL 2.3.2.7",{"$nulls":4},{"$f":"F74+F73","v":81277.490000000005},null,1.6400000000000001E-2,null,null,{"$f":"K74+K73","v":14928.52},{"$f":"L74+L73","v":66348.97}]
[]
["2.3.2.8","Estimativa de custo anual de manutenção de Subestação","Mês ",12,{"$f":"F77/D77","v":1673.93},{"$f":"'2.3.2.8.Manut-Subest. PONTAL'!F18","v":20087.169999999998},null,4.1000000000000003E-3,null,{"$f":"'BDI - SERVIÇOS'!$C$30","v":0.22500000000000001},{"$f":"F77-L77","v":3689.48},{"$f":"F77/(1+J77)","v":16397.689999999999}]
[{"$nulls":5},{"$f":"F77*0%","v":0},null,null,null,{"$f":"J77*0%","v":0},null,{"$f":"L77*0%","v":0}]
["Subtotal 2.3.2.8",{"$nulls":4},{"$f":"F78+F77","v":20087.169999999998},null,4.1000000000000003E-3,null,null,{"$f":"K78+K77","v":3689.48},{"$f":"L78+L77","v":16397.689999999999}]
[]
["2.3.2.9","Estimativa de custo anual de manutenção de motor e bombas (EB-01, EB-02 e EB-03)",{"$nulls":8},{"$f":"F81-L81","v":0},{"$f":"F81/(1+J81)","v":0}]
["2.3.2.9.1","Fornecimentos","Mês ",12,{"$f":"F82/12","v":51799.88},{"$f":"'2.3.2.9.Man-Motobomba'!F77","v":621598.57999999996},null,0.12559999999999999,null,{"$f":"'BDI - FORNECIMENTOS'!$C$31","v":0.109},{"$f":"F82-L82","v":61094.9},{"$f":"F82/(1+J82)","v":560503.68000000005}]
["2.3.2.9.2","Serviços","Mês ",12,{"$f":"F83/12","v":24685.56},{"$f":"'2.3.2.9.Man-Motobomba'!F78","v":296226.69},null,{"$f":"F83/$F$94","v":5.9799999999999999E-2},null,{"$f":"'BDI - SERVIÇOS'!$C$30","v":0.22500000000000001},{"$f":"F83-L83","v":54408.98},{"$f":"F83/(1+J83)","v":241817.71}]
[{"$nulls":5},{"$f":"F81*0%","v":0},null,null,null,{"$f":"J81*0%","v":0},null,{"$f":"L81*0%","v":0}]
["Subtotal 2.3.2.9",{"$nulls":4},{"$f":"F82+F83","v":917825.27},null,0.18540000000000001,null,null,{"$f":"K82+K83","v":115503.88},{"$f":"L82+L83","v":802321.39}]
[]
["Total 2",{"$nulls":4},{"$f":"F85+F79+F75+F71+F67+F63+F59+F55+F51+F45+F40+F19","v":4121735.08},null,null,{"$f":"F87/$F$94","v":0.8327},null,{"$f":"K85+K79+K75+K71+K67+K63+K59+K55+K51+K45+K40+K19","v":701581.95},{"$f":"L85+L79+L75+L71+L67+L63+L59+L55+L51+L45+L40+L19","v":3420153.13}]
[]
[3,"Fornecimentos"]
["3.1","Peças de Reposição e Materiais","Mês ",12,{"$f":"F90/D90","v":49624.79},{"$f":"'3.Fornecimentos '!F14","v":595497.5},null,null,null,{"$f":"'BDI - FORNECIMENTOS'!$C$31","v":0.109},{"$f":"F90-L90","v":58529.51},{"$f":"F90/(1+J90)","v":536967.99}]
[{"$nulls":5},{"$f":"F90*0%","v":0},null,null,null,{"$f":"J90*0%","v":0},null,{"$f":"L90*0%","v":0}]
["Total 3",{"$nulls":4},{"$f":"F91+F90","v":595497.5},null,0.1203,null,null,{"$f":"K91+K90","v":58529.51},{"$f":"L91+L90","v":536967.99}]
[]
["TOTAL GERAL",{"$nulls":4},{"$f":"F92+F87+F15","v":4950000},null,null,null,{"$f":"J92+J87+J15","v":0},{"$f":"K92+K87+K15","v":784092.39},{"$f":"L92+L87+L15","v":4165907.61}]
[]
[{"$nulls":5},9120588.4900000002,{"$nulls":5},{"$f":"L94+K94-F94","v":0}]
[]
[{"$nulls":5},4950000]
[{"$nulls":5},{"$f":"F98-F94","v":0}]

{"sheet":"TAB REAJUSTAMENTO","index":1,"n_rows":51,"n_cols":7,"rows_kept":51,"cut":false,"hidden":false,"merged":[[9,4,9,6],[40,4,40,6]]}
["REPACTUAÇÃO"]
[]
["ITENS","DESCR.","VALOR (R$)","PESO"]
[{"$f":"'[1]Planilha Resumida'!A32","v":"2.1.4"},"Mão de Obra da Administração",{"$f":"'[1]Planilha Resumida'!F32","v":361322.88},{"$f":"C4/$C$7","v":0.23980000000000001}]
[{"$f":"'[1]Planilha Resumida'!A39","v":"2.2.1"},"Mão de Obra da Operação",{"$f":"'[1]Planilha Resumida'!F39","v":668055.24},{"$f":"C5/$C$7","v":0.44350000000000001}]
[{"$f":"'[1]Planilha Resumida'!A43","v":"2.3.1"},"Mão de Obra da Manutenção",{"$f":"'[1]Planilha Resumida'!F44","v":477101.76},0.31669999999999998]
[null,"Total",{"$f":"SUM(C4:C6)","v":1506479.88},1]
[]
["REAJUSTE"]
[{"$nulls":4},"BOLETIM DE ÍNDICES "]
["ITENS","DESCR.","VALOR (R$)","PESO","COLUNA -  Nº","COLUNA DESCR.","COLUNA - CÓD"]
["1.","Instalação, Mobilização e Desmobilização"]
[{"$f":"'[1]Planilha Resumida'!A7","v":"1.1"},{"$f":"'[1]Planilha Resumida'!B7","v":"Instalação"}]
[{"$f":"'[1]Planilha Resumida'!A8","v":"1.1.1"},{"$f":"'[1]Planilha Resumida'!B8","v":"Aquisição de Móveis, Máquinas e Equipamentos de Escritório (Mat., Equip)"},{"$f":"'[1]Planilha Resumida'!F8","v":95629.3},{"$f":"C14/$C$37","v":2.7799999999999998E-2},null,"IPA-ORIGEM-OG-DI-Prod. Ind. - Transformação - Maq. Aparelhos e Materiais Elétricos","AO 1420855"]
[{"$f":"'[1]Planilha Resumida'!A9","v":"1.1.2"},{"$f":"'[1]Planilha Resumida'!B9","v":"Aquisição de Ferramental, Instrumentação e Equipamentos de Oficina"},{"$f":"'[1]Planilha Resumida'!F9","v":124220.62},3.61E-2,null,"IPA-ORIGEM-OG-DI-Prod. Ind. - Transformação - Maq. Aparelhos e Materiais Elétricos","AO 1420855"]
[{"$f":"'[1]Planilha Resumida'!A10","v":"1.2"},{"$f":"'[1]Planilha Resumida'!B10","v":"Mobilização"},{"$f":"'[1]Planilha Resumida'!F10","v":5272.52},1.5E-3,42,"MATERIAL DE TRANSPORTE - TOTAL","AO 160612"]
[{"$f":"'[1]Planilha Resumida'!A11","v":"1.3"},{"$f":"'[1]Planilha Resumida'!B11","v":"Desmobilização"},{"$f":"'[1]Planilha Resumida'!F11","v":5272.52},1.5E-3,42,"MATERIAL DE TRANSPORTE - TOTAL","AO 160612"]
[{"$f":"'[1]Planilha Resumida'!A12","v":"1.4"},{"$f":"'[1]Planilha Resumida'!B12","v":"Placa de identificação de obra (SINAPI - CÓD. 74209/1)"},{"$f":"'[1]Planilha Resumida'!F12","v":2372.46},6.9999999999999999E-4,6,"INCC - ÍNDICE NACIONAL DE CONSTRUÇÃO CIVIL","AO 160868"]
["2.1.","Administração",null,0]
[{"$f":"'[1]Planilha Resumida'!A21","v":"2.1.1"},{"$f":"'[1]Planilha Resumida'!B21","v":"Equipamentos (Veículos)"},{"$f":"'[1]Planilha Resumida'!F21","v":310728.71999999997},9.0200000000000002E-2,42,"MATERIAL DE TRANSPORTE - TOTAL","AO 160612"]
[{"$f":"'[1]Planilha Resumida'!A25","v":"2.1.2"},{"$f":"'[1]Planilha Resumida'!B25","v":"Materiais"},{"$f":"'[1]Planilha Resumida'!F25","v":28050.720000000001},8.0999999999999996E-3,null,"IPA-EP-Bens Finais-Bens de Consumo Exceto Alim. e Combustíveis","AO 1416635"]
[{"$f":"'[1]Planilha Resumida'!A29","v":"2.1.3"},{"$f":"'[1]Planilha Resumida'!B29","v":"Alimentação"},{"$f":"'[1]Planilha Resumida'!F29","v":60394.92},1.7500000000000002E-2,null,"IPA-EP-Bens Finais-Bens de Consumo - Alimentação","AO 1416630"]
[{"$f":"'[1]Planilha Resumida'!A35","v":"2.1.5"},{"$f":"'[1]Planilha Resumida'!B35","v":"Manutenção"},{"$f":"'[1]Planilha Resumida'!F35","v":4498.32},1.2999999999999999E-3,13,"Mão de Obra Especializada","AO 159886"]
[{"$f":"'[1]Planilha Resumida'!A47","v":"2.3.2"},{"$f":"'[1]Planilha Resumida'!B47","v":"Manutenção (Serviços sazonais)"},null,0]
[{"$f":"'[1]Planilha Resumida'!A49","v":"2.3.2.1"},{"$f":"'[1]Planilha Resumida'!B49","v":"Locação de máquina Retroescavadeira sobre rodas tração 4X4, potência mín. 70HP, caçamba cap. Min. 0,7M3, peso operacional min. 6500 KG, profundidade de escavação superior a 4,00 m."},{"$f":"'[1]Planilha Resumida'!F49","v":59106.74},1.72E-2,42,"MATERIAL DE TRANSPORTE - TOTAL","AO 160612"]
[{"$f":"'[1]Planilha Resumida'!A53","v":"2.3.2.2"},{"$f":"'[1]Planilha Resumida'!B53","v":"Locação de Equipamentos de Carga/Descarga e Transporte"},{"$f":"'[1]Planilha Resumida'!F53","v":62413.14},1.8100000000000002E-2,42,"MATERIAL DE TRANSPORTE - TOTAL","AO 160612"]
[{"$f":"'[1]Planilha Resumida'!A57","v":"2.3.2.3"},{"$f":"'[1]Planilha Resumida'!B57","v":"Estimativa de custo anual de manutenção de canais e adutoras"},{"$f":"'[1]Planilha Resumida'!F57","v":254716.44},7.3999999999999996E-2,6,"INCC - ÍNDICE NACIONAL DE CONSTRUÇÃO CIVIL","AO 160868"]
[{"$f":"'[1]Planilha Resumida'!A61","v":"2.3.2.4"},{"$f":"'[1]Planilha Resumida'!B61","v":"Estimativa de custo anual de manutenção da rede de drenagem"},{"$f":"'[1]Planilha Resumida'!F61","v":224777.57},6.5299999999999997E-2,38,"TERRAPLENAGEM","AO 157956"]
[{"$f":"'[1]Planilha Resumida'!A65","v":"2.3.2.5"},{"$f":"'[1]Planilha Resumida'!B65","v":"Estimativa de custo anual de manutenção de cercas"},{"$f":"'[1]Planilha Resumida'!F65","v":65353.43},1.9E-2,6,"INCC - ÍNDICE NACIONAL DE CONSTRUÇÃO CIVIL","AO 160868"]
[{"$f":"'[1]Planilha Resumida'!A69","v":"2.3.2.6"},{"$f":"'[1]Planilha Resumida'!B69","v":"Estimativa de custo anual de manutenção das estradas de acesso as estruturas hidráulicas "},{"$f":"'[1]Planilha Resumida'!F69","v":526025.27},0.15279999999999999,38,"TERRAPLENAGEM","AO 157956"]
[{"$f":"'[1]Planilha Resumida'!A73","v":"2.3.2.7"},{"$f":"'[1]Planilha Resumida'!B73","v":"Estimativa de custo anual de manutenção e conservação de prédios (Escritório, oficinas, almoxarifado, abrigo dos paineis das comportas, EBs, Centro administrativo e Placa de identificação de obra)"},{"$f":"'[1]Planilha Resumida'!F73","v":81277.490000000005},2.3599999999999999E-2,6,"INCC - ÍNDICE NACIONAL DE CONSTRUÇÃO CIVIL","AO 160868"]
[{"$f":"'[1]Planilha Resumida'!A77","v":"2.3.2.8"},{"$f":"'[1]Planilha Resumida'!B77","v":"Estimativa de custo anual de manutenção de Subestação"},{"$f":"'[1]Planilha Resumida'!F77","v":20087.169999999998},5.7999999999999996E-3,13,"Mão de Obra Especializada","AO 159886"]
[{"$f":"'[1]Planilha Resumida'!A81","v":"2.3.2.9"},{"$f":"'[1]Planilha Resumida'!B81","v":"Estimativa de custo anual de manutenção de motor e bombas (EB-01, EB-02 e EB-03)"},null,0]
[{"$f":"'[1]Planilha Resumida'!A82","v":"2.3.2.9.1"},{"$f":"'[1]Planilha Resumida'!B82","v":"Fornecimentos"},{"$f":"'[1]Planilha Resumida'!F82","v":621598.57999999996},0.18049999999999999,36,"MÁQUINAS E EQUIPAMENTOS INDUSTRIAIS","AO 160558"]
[{"$f":"'[1]Planilha Resumida'!A83","v":"2.3.2.9.2"},{"$f":"'[1]Planilha Resumida'!B83","v":"Serviços"},{"$f":"'[1]Planilha Resumida'!F83","v":296226.69},8.5999999999999993E-2,13,"Mão de Obra Especializada","AO 159886"]
[{"$f":"'[1]Planilha Resumida'!A89","v":3},{"$f":"'[1]Planilha Resumida'!B89","v":"Fornecimentos"},{"$f":"'[1]Planilha Resumida'!F90","v":595497.5},0.1729,null,"IPA-ORIGEM-OG-DI-Prod. Ind. - Transformação - Maq. Aparelhos e Materiais Elétricos","AO 1420855"]
[null,"Total",{"$f":"SUM(C12:C36)","v":3443520.12},1]
[]
[]
[null,null,{"$f":"C37+C7","v":4950000}]
[{"$nulls":4},"BOLETIM DE ÍNDICES "]
[{"$nulls":4},"PESO","COLUNA DESCR.","COLUNA - CÓD"]
[null,null,null,1,{"$f":"D14+D15+D36","v":0.23680000000000001},"IPA-ORIGEM-OG-DI-Prod. Ind. - Transformação - Maq. Aparelhos e Materiais Elétricos","AO 1420855"]
[null,null,null,2,{"$f":"D16+D17+D20+D25+D26","v":0.1285},"MATERIAL DE TRANSPORTE - TOTAL","AO 160612"]
[null,null,null,3,{"$f":"D18+D27+D29+D31","v":0.1173},"INCC - ÍNDICE NACIONAL DE CONSTRUÇÃO CIVIL","AO 160868"]
[null,null,null,4,{"$f":"D21","v":8.0999999999999996E-3},"IPA-EP-Bens Finais-Bens de Consumo Exceto Alim. e Combustíveis","AO 1416635"]
[null,null,null,5,{"$f":"D22","v":1.7500000000000002E-2},"IPA-EP-Bens Finais-Bens de Consumo - Alimentação","AO 1416630"]
[null,null,null,6,{"$f":"D23+D32+D35","v":9.3100000000000002E-2},"Mão de Obra Especializada","AO 159886"]
[null,null,null,7,{"$f":"D28+D30","v":0.21809999999999999},"TERRAPLENAGEM","AO 157956"]
[null,null,null,8,{"$f":"D34","v":0.18049999999999999},"MÁQUINAS E EQUIPAMENTOS INDUSTRIAIS","AO 160558"]
[{"$nulls":4},{"$f":"SUM(E43:E50)","v":1}]

{"sheet":"1.1.1.Instalação (Mat., Equip) ","index":2,"n_rows":40,"n_cols":8,"rows_kept":40,"cut":false,"hidden":false,"merged":[[38,0,38,3],[39,0,39,4],[6,7,7,7],[37,0,37,4],[2,0,2,5],[6,6,7,6],[0,0,0,5],[6,0,7,0],[6,1,7,1],[6,3,7,3],[6,4,6,5],[6,2,7,2],[4,0,4,5]]}
["1. INSTALAÇÃO, MOBILIZAÇÃO E DESMOBILIZAÇÃO"]
[]
["1.1. INSTALAÇÃO"]
[]
["1.1.1 PLANILHA DE INSTALAÇÃO DE  MÁQUINAS E EQUIPAMENTOS DE ESCRITÓRIO (MATERIAIS E EQUIPAMENTOS)"]
[]
["Item","DESCRIÇÃO","UNID.","QUANT.","VALOR",null,"REF.TAB.","Cód. TAB."]
[{"$nulls":4},"UNIT. (R$)","TOTAL (R$)"]
[]
["1.1.1.1",{"$f":"IF($G10=\"ORSE\",VLOOKUP($H10,ORSE_INSUM!A:E,2,0),IF($G10=\"SINAPI\",VLOOKUP($H10,SINAPI_INSUM!A:E,2,0),IF($G10=\"SEINFRA\",VLOOKUP($H10,SEINFRA_INSUM!B:F,2,0),IF($G10=\"COTAÇÃO\",VLOOKUP($H10,'COTAÇÃO - MAT_CONSUMO'!B:L,2,0),\"\"))))","v":"BEBEDOURO EM AÇO INOX COM 1,60M"},"Ud",1,{"$f":"IF($G10=\"ORSE\",VLOOKUP($H10,ORSE_INSUM!A:E,4,0),IF($G10=\"SINAPI\",VLOOKUP($H10,SINAPI_INSUM!A:E,5,0),IF($G10=\"SEINFRA\",VLOOKUP($H10,SEINFRA_INSUM!B:F,4,0),IF($G10=\"COTAÇÃO\",VLOOKUP($H10,'COTAÇÃO - MAT_CONSUMO'!B:L,10,0),\"\"))))","v":1819},{"$f":"ROUND(D10*E10,2)","v":1819},"SEINFRA","I0215"]
["1.1.1.2",{"$f":"IF($G11=\"ORSE\",VLOOKUP($H11,ORSE_INSUM!A:E,2,0),IF($G11=\"SINAPI\",VLOOKUP($H11,SINAPI_INSUM!A:E,2,0),IF($G11=\"SEINFRA\",VLOOKUP($H11,SEINFRA_INSUM!B:F,2,0),IF($G11=\"COTAÇÃO\",VLOOKUP($H11,'COTAÇÃO - MAT_CONSUMO'!B:L,2,0),\"\"))))","v":"AR-CONDICIONADO FRIO SPLIT HI-WALL (PAREDE) 12000 BTU/H"},"Ud",1,{"$f":"IF($G11=\"ORSE\",VLOOKUP($H11,ORSE_INSUM!A:E,4,0),IF($G11=\"SINAPI\",VLOOKUP($H11,SINAPI_INSUM!A:E,5,0),IF($G11=\"SEINFRA\",VLOOKUP($H11,SEINFRA_INSUM!B:F,4,0),IF($G11=\"COTAÇÃO\",VLOOKUP($H11,'COTAÇÃO - MAT_CONSUMO'!B:L,10,0),\"\"))))","v":"1.416,18"},{"$f":"ROUND(D11*E11,2)","v":1416.18},"SINAPI",39847]
["1.1.1.3",{"$f":"IF($G12=\"ORSE\",VLOOKUP($H12,ORSE_INSUM!A:E,2,0),IF($G12=\"SINAPI\",VLOOKUP($H12,SINAPI_INSUM!A:E,2,0),IF($G12=\"SEINFRA\",VLOOKUP($H12,SEINFRA_INSUM!B:F,2,0),IF($G12=\"COTAÇÃO\",VLOOKUP($H12,'COTAÇÃO - MAT_CONSUMO'!B:L,2,0),\"\"))))","v":"AR-CONDICIONADO FRIO SPLIT HI-WALL (PAREDE) 18000 BTU/H"},"Ud",1,{"$f":"IF($G12=\"ORSE\",VLOOKUP($H12,ORSE_INSUM!A:E,4,0),IF($G12=\"SINAPI\",VLOOKUP($H12,SINAPI_INSUM!A:E,5,0),IF($G12=\"SEINFRA\",VLOOKUP($H12,SEINFRA_INSUM!B:F,4,0),IF($G12=\"COTAÇÃO\",VLOOKUP($H12,'COTAÇÃO - MAT_CONSUMO'!B:L,10,0),\"\"))))","v":"2.090,00"},2090,"SINAPI",39844]
["1.1.1.4",{"$f":"IF($G13=\"ORSE\",VLOOKUP($H13,ORSE_INSUM!A:E,2,0),IF($G13=\"SINAPI\",VLOOKUP($H13,SINAPI_INSUM!A:E,2,0),IF($G13=\"SEINFRA\",VLOOKUP($H13,SEINFRA_INSUM!B:F,2,0),IF($G13=\"COTAÇÃO\",VLOOKUP($H13,'COTAÇÃO - MAT_CONSUMO'!B:L,2,0),\"\"))))","v":"AR-CONDICIONADO QUENTE/FRIO SPLIT HI-WALL (PAREDE) 24000 BTU/H"},"Ud",1,{"$f":"IF($G13=\"ORSE\",VLOOKUP($H13,ORSE_INSUM!A:E,4,0),IF($G13=\"SINAPI\",VLOOKUP($H13,SINAPI_INSUM!A:E,5,0),IF($G13=\"SEINFRA\",VLOOKUP($H13,SEINFRA_INSUM!B:F,4,0),IF($G13=\"COTAÇÃO\",VLOOKUP($H13,'COTAÇÃO - MAT_CONSUMO'!B:L,10,0),\"\"))))","v":"2.926,41"},2926.41,"SINAPI",39554]
["1.1.1.5",{"$f":"IF($G14=\"ORSE\",VLOOKUP($H14,ORSE_INSUM!A:E,2,0),IF($G14=\"SINAPI\",VLOOKUP($H14,SINAPI_INSUM!A:E,2,0),IF($G14=\"SEINFRA\",VLOOKUP($H14,SEINFRA_INSUM!B:F,2,0),IF($G14=\"COTAÇÃO\",VLOOKUP($H14,'COTAÇÃO - MAT_CONSUMO'!B:L,2,0),\"\"))))","v":"Armário de aço de duas portas, com no mínimo 4 prateleiras"},"Ud",1,{"$f":"IF($G14=\"ORSE\",VLOOKUP($H14,ORSE_INSUM!A:E,4,0),IF($G14=\"SINAPI\",VLOOKUP($H14,SINAPI_INSUM!A:E,5,0),IF($G14=\"SEINFRA\",VLOOKUP($H14,SEINFRA_INSUM!B:F,4,0),IF($G14=\"COTAÇÃO\",VLOOKUP($H14,'COTAÇÃO - MAT_CONSUMO'!B:L,10,0),\"\"))))","v":341.83},341.83,"COTAÇÃO",{"$f":"'COTAÇÃO - MAT_CONSUMO'!A4","v":1}]
["1.1.1.6",{"$f":"IF($G15=\"ORSE\",VLOOKUP($H15,ORSE_INSUM!A:E,2,0),IF($G15=\"SINAPI\",VLOOKUP($H15,SINAPI_INSUM!A:E,2,0),IF($G15=\"SEINFRA\",VLOOKUP($H15,SEINFRA_INSUM!B:F,2,0),IF($G15=\"COTAÇÃO\",VLOOKUP($H15,'COTAÇÃO - MAT_CONSUMO'!B:L,2,0),\"\"))))","v":"Arquivo de pasta suspensa 4 gavetas de aço"},"Ud",1,{"$f":"IF($G15=\"ORSE\",VLOOKUP($H15,ORSE_INSUM!A:E,4,0),IF($G15=\"SINAPI\",VLOOKUP($H15,SINAPI_INSUM!A:E,5,0),IF($G15=\"SEINFRA\",VLOOKUP($H15,SEINFRA_INSUM!B:F,4,0),IF($G15=\"COTAÇÃO\",VLOOKUP($H15,'COTAÇÃO - MAT_CONSUMO'!B:L,10,0),\"\"))))","v":353.45},353.45,"COTAÇÃO",{"$f":"'COTAÇÃO - MAT_CONSUMO'!A5","v":2}]
["1.1.1.7",{"$f":"IF($G16=\"ORSE\",VLOOKUP($H16,ORSE_INSUM!A:E,2,0),IF($G16=\"SINAPI\",VLOOKUP($H16,SINAPI_INSUM!A:E,2,0),IF($G16=\"SEINFRA\",VLOOKUP($H16,SEINFRA_INSUM!B:F,2,0),IF($G16=\"COTAÇÃO\",VLOOKUP($H16,'COTAÇÃO - MAT_CONSUMO'!B:L,2,0),\"\"))))","v":"Cadeira de aço para escritório  "},"Ud",6,{"$f":"IF($G16=\"ORSE\",VLOOKUP($H16,ORSE_INSUM!A:E,4,0),IF($G16=\"SINAPI\",VLOOKUP($H16,SINAPI_INSUM!A:E,5,0),IF($G16=\"SEINFRA\",VLOOKUP($H16,SEINFRA_INSUM!B:F,4,0),IF($G16=\"COTAÇÃO\",VLOOKUP($H16,'COTAÇÃO - MAT_CONSUMO'!B:L,10,0),\"\"))))","v":79.98},479.88,"COTAÇÃO",{"$f":"'COTAÇÃO - MAT_CONSUMO'!A6","v":3}]
["1.1.1.8",{"$f":"IF($G17=\"ORSE\",VLOOKUP($H17,ORSE_INSUM!A:E,2,0),IF($G17=\"SINAPI\",VLOOKUP($H17,SINAPI_INSUM!A:E,2,0),IF($G17=\"SEINFRA\",VLOOKUP($H17,SEINFRA_INSUM!B:F,2,0),IF($G17=\"COTAÇÃO\",VLOOKUP($H17,'COTAÇÃO - MAT_CONSUMO'!B:L,2,0),\"\"))))","v":"CADEIRA GIRATÓRIA SEM BRAÇO TIPO SECRETÁRIA EXECUTIVA, DIM:48X40CM, ESTOFADO  INJETADO, REVESTIMENTO EM TECIDO OU COURO ECOLOGICO, BASE A GÁS, HASTE DE 05  PATAS FIXAS, PINTURA ELETROSTATICA EPOXI, MARCA MOVEART OU SIMILAR"},"Ud",1,{"$f":"IF($G17=\"ORSE\",VLOOKUP($H17,ORSE_INSUM!A:E,4,0),IF($G17=\"SINAPI\",VLOOKUP($H17,SINAPI_INSUM!A:E,5,0),IF($G17=\"SEINFRA\",VLOOKUP($H17,SEINFRA_INSUM!B:F,4,0),IF($G17=\"COTAÇÃO\",VLOOKUP($H17,'COTAÇÃO - MAT_CONSUMO'!B:L,10,0),\"\"))))","v":280},{"$f":"ROUND(D17*E17,2)","v":280},"ORSE",11534]
["1.1.1.9",{"$f":"IF($G18=\"ORSE\",VLOOKUP($H18,ORSE_INSUM!A:E,2,0),IF($G18=\"SINAPI\",VLOOKUP($H18,SINAPI_INSUM!A:E,2,0),IF($G18=\"SEINFRA\",VLOOKUP($H18,SEINFRA_INSUM!B:F,2,0),IF($G18=\"COTAÇÃO\",VLOOKUP($H18,'COTAÇÃO - MAT_CONSUMO'!B:L,2,0),\"\"))))","v":"Central telefônica para 16 ramais"},"Ud",1,{"$f":"IF($G18=\"ORSE\",VLOOKUP($H18,ORSE_INSUM!A:E,4,0),IF($G18=\"SINAPI\",VLOOKUP($H18,SINAPI_INSUM!A:E,5,0),IF($G18=\"SEINFRA\",VLOOKUP($H18,SEINFRA_INSUM!B:F,4,0),IF($G18=\"COTAÇÃO\",VLOOKUP($H18,'COTAÇÃO - MAT_CONSUMO'!B:L,10,0),\"\"))))","v":495.45},{"$f":"ROUND(D18*E18,2)","v":495.45},"COTAÇÃO",{"$f":"'COTAÇÃO - MAT_CONSUMO'!A7","v":4}]
["1.1.1.10",{"$f":"IF($G19=\"ORSE\",VLOOKUP($H19,ORSE_INSUM!A:E,2,0),IF($G19=\"SINAPI\",VLOOKUP($H19,SINAPI_INSUM!A:E,2,0),IF($G19=\"SEINFRA\",VLOOKUP($H19,SEINFRA_INSUM!B:F,2,0),IF($G19=\"COTAÇÃO\",VLOOKUP($H19,'COTAÇÃO - MAT_CONSUMO'!B:L,2,0),\"\"))))","v":"Estante metálica com 06 prateleiras"},"Ud",2,{"$f":"IF($G19=\"ORSE\",VLOOKUP($H19,ORSE_INSUM!A:E,4,0),IF($G19=\"SINAPI\",VLOOKUP($H19,SINAPI_INSUM!A:E,5,0),IF($G19=\"SEINFRA\",VLOOKUP($H19,SEINFRA_INSUM!B:F,4,0),IF($G19=\"COTAÇÃO\",VLOOKUP($H19,'COTAÇÃO - MAT_CONSUMO'!B:L,10,0),\"\"))))","v":146.21},{"$f":"ROUND(D19*E19,2)","v":292.42},"COTAÇÃO",{"$f":"'COTAÇÃO - MAT_CONSUMO'!A8","v":5}]
["1.1.1.11",{"$f":"IF($G20=\"ORSE\",VLOOKUP($H20,ORSE_INSUM!A:E,2,0),IF($G20=\"SINAPI\",VLOOKUP($H20,SINAPI_INSUM!A:E,2,0),IF($G20=\"SEINFRA\",VLOOKUP($H20,SEINFRA_INSUM!B:F,2,0),IF($G20=\"COTAÇÃO\",VLOOKUP($H20,'COTAÇÃO - MAT_CONSUMO'!B:L,2,0),\"\"))))","v":"FOGÃO 06 BOCAS - CONSUL"},"Ud",1,{"$f":"IF($G20=\"ORSE\",VLOOKUP($H20,ORSE_INSUM!A:E,4,0),IF($G20=\"SINAPI\",VLOOKUP($H20,SINAPI_INSUM!A:E,5,0),IF($G20=\"SEINFRA\",VLOOKUP($H20,SEINFRA_INSUM!B:F,4,0),IF($G20=\"COTAÇÃO\",VLOOKUP($H20,'COTAÇÃO - MAT_CONSUMO'!B:L,10,0),\"\"))))","v":591.87},{"$f":"ROUND(D20*E20,2)","v":591.87},"ORSE",10231]
["1.1.1.12",{"$f":"IF($G21=\"ORSE\",VLOOKUP($H21,ORSE_INSUM!A:E,2,0),IF($G21=\"SINAPI\",VLOOKUP($H21,SINAPI_INSUM!A:E,2,0),IF($G21=\"SEINFRA\",VLOOKUP($H21,SEINFRA_INSUM!B:F,2,0),IF($G21=\"COTAÇÃO\",VLOOKUP($H21,'COTAÇÃO - MAT_CONSUMO'!B:L,2,0),\"\"))))","v":"Freezer horizontal 1 porta 210 L"},"Ud",1,{"$f":"IF($G21=\"ORSE\",VLOOKUP($H21,ORSE_INSUM!A:E,4,0),IF($G21=\"SINAPI\",VLOOKUP($H21,SINAPI_INSUM!A:E,5,0),IF($G21=\"SEINFRA\",VLOOKUP($H21,SEINFRA_INSUM!B:F,4,0),IF($G21=\"COTAÇÃO\",VLOOKUP($H21,'COTAÇÃO - MAT_CONSUMO'!B:L,10,0),\"\"))))","v":1399},1399,"COTAÇÃO",{"$f":"'COTAÇÃO - MAT_CONSUMO'!A9","v":6}]
["1.1.1.13",{"$f":"IF($G22=\"ORSE\",VLOOKUP($H22,ORSE_INSUM!A:E,2,0),IF($G22=\"SINAPI\",VLOOKUP($H22,SINAPI_INSUM!A:E,2,0),IF($G22=\"SEINFRA\",VLOOKUP($H22,SEINFRA_INSUM!B:F,2,0),IF($G22=\"COTAÇÃO\",VLOOKUP($H22,'COTAÇÃO - MAT_CONSUMO'!B:L,2,0),\"\"))))","v":"GELADEIRA 300 L"},"Ud",1,{"$f":"IF($G22=\"ORSE\",VLOOKUP($H22,ORSE_INSUM!A:E,4,0),IF($G22=\"SINAPI\",VLOOKUP($H22,SINAPI_INSUM!A:E,5,0),IF($G22=\"SEINFRA\",VLOOKUP($H22,SEINFRA_INSUM!B:F,4,0),IF($G22=\"COTAÇÃO\",VLOOKUP($H22,'COTAÇÃO - MAT_CONSUMO'!B:L,10,0),\"\"))))","v":1616.1},1616.1,"ORSE",10232]
["1.1.1.14",{"$f":"IF($G23=\"ORSE\",VLOOKUP($H23,ORSE_INSUM!A:E,2,0),IF($G23=\"SINAPI\",VLOOKUP($H23,SINAPI_INSUM!A:E,2,0),IF($G23=\"SEINFRA\",VLOOKUP($H23,SEINFRA_INSUM!B:F,2,0),IF($G23=\"COTAÇÃO\",VLOOKUP($H23,'COTAÇÃO - MAT_CONSUMO'!B:L,2,0),\"\"))))","v":"Impressora Multifuncional Laser Colorida"},"Ud",1,{"$f":"IF($G23=\"ORSE\",VLOOKUP($H23,ORSE_INSUM!A:E,4,0),IF($G23=\"SINAPI\",VLOOKUP($H23,SINAPI_INSUM!A:E,5,0),IF($G23=\"SEINFRA\",VLOOKUP($H23,SEINFRA_INSUM!B:F,4,0),IF($G23=\"COTAÇÃO\",VLOOKUP($H23,'COTAÇÃO - MAT_CONSUMO'!B:L,10,0),\"\"))))","v":1045.32},1045.32,"COTAÇÃO",{"$f":"'COTAÇÃO - MAT_CONSUMO'!A10","v":7}]
["1.1.1.15",{"$f":"IF($G24=\"ORSE\",VLOOKUP($H24,ORSE_INSUM!A:E,2,0),IF($G24=\"SINAPI\",VLOOKUP($H24,SINAPI_INSUM!A:E,2,0),IF($G24=\"SEINFRA\",VLOOKUP($H24,SEINFRA_INSUM!B:F,2,0),IF($G24=\"COTAÇÃO\",VLOOKUP($H24,'COTAÇÃO - MAT_CONSUMO'!B:L,2,0),\"\"))))","v":"LUMINÁRIA DE EMERGÊNCIA"},"Ud",6,{"$f":"IF($G24=\"ORSE\",VLOOKUP($H24,ORSE_INSUM!A:E,4,0),IF($G24=\"SINAPI\",VLOOKUP($H24,SINAPI_INSUM!A:E,5,0),IF($G24=\"SEINFRA\",VLOOKUP($H24,SEINFRA_INSUM!B:F,4,0),IF($G24=\"COTAÇÃO\",VLOOKUP($H24,'COTAÇÃO - MAT_CONSUMO'!B:L,10,0),\"\"))))","v":252.78},1516.68,"SEINFRA","I8246"]
["1.1.1.16",{"$f":"IF($G25=\"ORSE\",VLOOKUP($H25,ORSE_INSUM!A:E,2,0),IF($G25=\"SINAPI\",VLOOKUP($H25,SINAPI_INSUM!A:E,2,0),IF($G25=\"SEINFRA\",VLOOKUP($H25,SEINFRA_INSUM!B:F,2,0),IF($G25=\"COTAÇÃO\",VLOOKUP($H25,'COTAÇÃO - MAT_CONSUMO'!B:L,2,0),\"\"))))","v":"MESA PARA ESCRITÓRIO MEDINDO 1,50 X 0,60 M  EM MADEIRA E LAMINADO MELAMINICO, COM 02 GAVETAS C/ CHAVES"},"Ud",2,{"$f":"IF($G25=\"ORSE\",VLOOKUP($H25,ORSE_INSUM!A:E,4,0),IF($G25=\"SINAPI\",VLOOKUP($H25,SINAPI_INSUM!A:E,5,0),IF($G25=\"SEINFRA\",VLOOKUP($H25,SEINFRA_INSUM!B:F,4,0),IF($G25=\"COTAÇÃO\",VLOOKUP($H25,'COTAÇÃO - MAT_CONSUMO'!B:L,10,0),\"\"))))","v":345},{"$f":"ROUND(D25*E25,2)","v":690},"ORSE",11548]
["1.1.1.17",{"$f":"IF($G26=\"ORSE\",VLOOKUP($H26,ORSE_INSUM!A:E,2,0),IF($G26=\"SINAPI\",VLOOKUP($H26,SINAPI_INSUM!A:E,2,0),IF($G26=\"SEINFRA\",VLOOKUP($H26,SEINFRA_INSUM!B:F,2,0),IF($G26=\"COTAÇÃO\",VLOOKUP($H26,'COTAÇÃO - MAT_CONSUMO'!B:L,2,0),\"\"))))","v":"Mesa para 8 (oito) cadeiras"},"Ud",1,{"$f":"IF($G26=\"ORSE\",VLOOKUP($H26,ORSE_INSUM!A:E,4,0),IF($G26=\"SINAPI\",VLOOKUP($H26,SINAPI_INSUM!A:E,5,0),IF($G26=\"SEINFRA\",VLOOKUP($H26,SEINFRA_INSUM!B:F,4,0),IF($G26=\"COTAÇÃO\",VLOOKUP($H26,'COTAÇÃO - MAT_CONSUMO'!B:L,10,0),\"\"))))","v":563.9},{"$f":"ROUND(D26*E26,2)","v":563.9},"COTAÇÃO",{"$f":"'COTAÇÃO - MAT_CONSUMO'!A11","v":8}]
["1.1.1.18",{"$f":"IF($G27=\"ORSE\",VLOOKUP($H27,ORSE_INSUM!A:E,2,0),IF($G27=\"SINAPI\",VLOOKUP($H27,SINAPI_INSUM!A:E,2,0),IF($G27=\"SEINFRA\",VLOOKUP($H27,SEINFRA_INSUM!B:F,2,0),IF($G27=\"COTAÇÃO\",VLOOKUP($H27,'COTAÇÃO - MAT_CONSUMO'!B:L,2,0),\"\"))))","v":"Mesa para microcomputador"},"Ud",1,{"$f":"IF($G27=\"ORSE\",VLOOKUP($H27,ORSE_INSUM!A:E,4,0),IF($G27=\"SINAPI\",VLOOKUP($H27,SINAPI_INSUM!A:E,5,0),IF($G27=\"SEINFRA\",VLOOKUP($H27,SEINFRA_INSUM!B:F,4,0),IF($G27=\"COTAÇÃO\",VLOOKUP($H27,'COTAÇÃO - MAT_CONSUMO'!B:L,10,0),\"\"))))","v":243.33},243.33,"COTAÇÃO",{"$f":"'COTAÇÃO - MAT_CONSUMO'!A12","v":9}]
["1.1.1.19",{"$f":"IF($G28=\"ORSE\",VLOOKUP($H28,ORSE_INSUM!A:E,2,0),IF($G28=\"SINAPI\",VLOOKUP($H28,SINAPI_INSUM!A:E,2,0),IF($G28=\"SEINFRA\",VLOOKUP($H28,SEINFRA_INSUM!B:F,2,0),IF($G28=\"COTAÇÃO\",VLOOKUP($H28,'COTAÇÃO - MAT_CONSUMO'!B:L,2,0),\"\"))))","v":"Computador de mesa 7400 Intel Core i5 4 GB 1 TB Windows 10 6 MB"},"Ud",1,{"$f":"IF($G28=\"ORSE\",VLOOKUP($H28,ORSE_INSUM!A:E,4,0),IF($G28=\"SINAPI\",VLOOKUP($H28,SINAPI_INSUM!A:E,5,0),IF($G28=\"SEINFRA\",VLOOKUP($H28,SEINFRA_INSUM!B:F,4,0),IF($G28=\"COTAÇÃO\",VLOOKUP($H28,'COTAÇÃO - MAT_CONSUMO'!B:L,10,0),\"\"))))","v":2329.9899999999998},2329.9899999999998,"COTAÇÃO",156]
["1.1.1.20",{"$f":"IF($G29=\"ORSE\",VLOOKUP($H29,ORSE_INSUM!A:E,2,0),IF($G29=\"SINAPI\",VLOOKUP($H29,SINAPI_INSUM!A:E,2,0),IF($G29=\"SEINFRA\",VLOOKUP($H29,SEINFRA_INSUM!B:F,2,0),IF($G29=\"COTAÇÃO\",VLOOKUP($H29,'COTAÇÃO - MAT_CONSUMO'!B:L,2,0),\"\"))))","v":"NO BREAK 1.200VA - BIVOLT COM AUTONOMIA PARA SUPRIMENTO DE 30 MINUTOS, DA MIC ROSOL OU SIMILAR"},"Ud",3,{"$f":"IF($G29=\"ORSE\",VLOOKUP($H29,ORSE_INSUM!A:E,4,0),IF($G29=\"SINAPI\",VLOOKUP($H29,SINAPI_INSUM!A:E,5,0),IF($G29=\"SEINFRA\",VLOOKUP($H29,SEINFRA_INSUM!B:F,4,0),IF($G29=\"COTAÇÃO\",VLOOKUP($H29,'COTAÇÃO - MAT_CONSUMO'!B:L,10,0),\"\"))))","v":350},1050,"ORSE",10691]
["1.1.1.21",{"$f":"IF($G30=\"ORSE\",VLOOKUP($H30,ORSE_INSUM!A:E,2,0),IF($G30=\"SINAPI\",VLOOKUP($H30,SINAPI_INSUM!A:E,2,0),IF($G30=\"SEINFRA\",VLOOKUP($H30,SEINFRA_INSUM!B:F,2,0),IF($G30=\"COTAÇÃO\",VLOOKUP($H30,'COTAÇÃO - MAT_CONSUMO'!B:L,2,0),\"\"))))","v":"Notebook, Intel Core i5-7200U, 12GB, 1TB, 15.6\", GeForce 940MX,"},"Ud",2,{"$f":"IF($G30=\"ORSE\",VLOOKUP($H30,ORSE_INSUM!A:E,4,0),IF($G30=\"SINAPI\",VLOOKUP($H30,SINAPI_INSUM!A:E,5,0),IF($G30=\"SEINFRA\",VLOOKUP($H30,SEINFRA_INSUM!B:F,4,0),IF($G30=\"COTAÇÃO\",VLOOKUP($H30,'COTAÇÃO - MAT_CONSUMO'!B:L,10,0),\"\"))))","v":2799},{"$f":"ROUND(D30*E30,2)","v":5598},"COTAÇÃO",157]
["1.1.1.22",{"$f":"IF($G31=\"ORSE\",VLOOKUP($H31,ORSE_INSUM!A:E,2,0),IF($G31=\"SINAPI\",VLOOKUP($H31,SINAPI_INSUM!A:E,2,0),IF($G31=\"SEINFRA\",VLOOKUP($H31,SEINFRA_INSUM!B:F,2,0),IF($G31=\"COTAÇÃO\",VLOOKUP($H31,'COTAÇÃO - MAT_CONSUMO'!B:L,2,0),\"\"))))","v":"Kit telefone celular fixo com antena externa (rural)"},"Ud",1,{"$f":"IF($G31=\"ORSE\",VLOOKUP($H31,ORSE_INSUM!A:E,4,0),IF($G31=\"SINAPI\",VLOOKUP($H31,SINAPI_INSUM!A:E,5,0),IF($G31=\"SEINFRA\",VLOOKUP($H31,SEINFRA_INSUM!B:F,4,0),IF($G31=\"COTAÇÃO\",VLOOKUP($H31,'COTAÇÃO - MAT_CONSUMO'!B:L,10,0),\"\"))))","v":346.4},{"$f":"ROUND(D31*E31,2)","v":346.4},"COTAÇÃO",{"$f":"'COTAÇÃO - MAT_CONSUMO'!A13","v":10}]
["1.1.1.23",{"$f":"IF($G32=\"ORSE\",VLOOKUP($H32,ORSE_INSUM!A:E,2,0),IF($G32=\"SINAPI\",VLOOKUP($H32,SINAPI_INSUM!A:E,2,0),IF($G32=\"SEINFRA\",VLOOKUP($H32,SEINFRA_INSUM!B:F,2,0),IF($G32=\"COTAÇÃO\",VLOOKUP($H32,'COTAÇÃO - MAT_CONSUMO'!B:L,2,0),\"\"))))","v":"Projetor Epson X29 3000 Lumens XGA HDMI WiFi V11H691024 (ou similar)"},"Ud",1,{"$f":"IF($G32=\"ORSE\",VLOOKUP($H32,ORSE_INSUM!A:E,4,0),IF($G32=\"SINAPI\",VLOOKUP($H32,SINAPI_INSUM!A:E,5,0),IF($G32=\"SEINFRA\",VLOOKUP($H32,SEINFRA_INSUM!B:F,4,0),IF($G32=\"COTAÇÃO\",VLOOKUP($H32,'COTAÇÃO - MAT_CONSUMO'!B:L,10,0),\"\"))))","v":2399},2399,"COTAÇÃO",{"$f":"'COTAÇÃO - MAT_CONSUMO'!A14","v":11}]
["1.1.1.24",{"$f":"IF($G33=\"ORSE\",VLOOKUP($H33,ORSE_INSUM!A:E,2,0),IF($G33=\"SINAPI\",VLOOKUP($H33,SINAPI_INSUM!A:E,2,0),IF($G33=\"SEINFRA\",VLOOKUP($H33,SEINFRA_INSUM!B:F,2,0),IF($G33=\"COTAÇÃO\",VLOOKUP($H33,'COTAÇÃO - MAT_CONSUMO'!B:L,2,0),\"\"))))","v":"Rádio comunicador fixo digital tipo DMR/MOTOTRBO, marca Motorola, Modelo DEM 300, ou similar, acompanhado de microfone de mão, cabo de alimentação com fusível, suporte para fixação do rádio e parafusos, manual de operação em português, fonte de alimentação bivolt com gabinete para estação fixa, antena, cabo coaxial e conectores"},"Ud",4,{"$f":"IF($G33=\"ORSE\",VLOOKUP($H33,ORSE_INSUM!A:E,4,0),IF($G33=\"SINAPI\",VLOOKUP($H33,SINAPI_INSUM!A:E,5,0),IF($G33=\"SEINFRA\",VLOOKUP($H33,SEINFRA_INSUM!B:F,4,0),IF($G33=\"COTAÇÃO\",VLOOKUP($H33,'COTAÇÃO - MAT_CONSUMO'!B:L,10,0),\"\"))))","v":4151},16604,"COTAÇÃO","DEM 300 FIXO"]
["1.1.1.25",{"$f":"IF($G34=\"ORSE\",VLOOKUP($H34,ORSE_INSUM!A:E,2,0),IF($G34=\"SINAPI\",VLOOKUP($H34,SINAPI_INSUM!A:E,2,0),IF($G34=\"SEINFRA\",VLOOKUP($H34,SEINFRA_INSUM!B:F,2,0),IF($G34=\"COTAÇÃO\",VLOOKUP($H34,'COTAÇÃO - MAT_CONSUMO'!B:L,2,0),\"\"))))","v":"Rádio comunicador móvel digital tipo DMR/MOTOTRBO, marca Motorola, Modelo DEM 300, ou similar, acompanhado de microfone de mão, cabo de alimentação com fusível, suporte para fixação do rádio e parafusos, manual de operação em português, antena com base magnetica, cabo e conectores"},"Ud",6,{"$f":"IF($G34=\"ORSE\",VLOOKUP($H34,ORSE_INSUM!A:E,4,0),IF($G34=\"SINAPI\",VLOOKUP($H34,SINAPI_INSUM!A:E,5,0),IF($G34=\"SEINFRA\",VLOOKUP($H34,SEINFRA_INSUM!B:F,4,0),IF($G34=\"COTAÇÃO\",VLOOKUP($H34,'COTAÇÃO - MAT_CONSUMO'!B:L,10,0),\"\"))))","v":2437},14622,"COTAÇÃO","DEM 300 MÓVEL"]
["1.1.1.26",{"$f":"IF($G35=\"ORSE\",VLOOKUP($H35,ORSE_INSUM!A:E,2,0),IF($G35=\"SINAPI\",VLOOKUP($H35,SINAPI_INSUM!A:E,2,0),IF($G35=\"SEINFRA\",VLOOKUP($H35,SEINFRA_INSUM!B:F,2,0),IF($G35=\"COTAÇÃO\",VLOOKUP($H35,'COTAÇÃO - MAT_CONSUMO'!B:L,2,0),\"\"))))","v":"Rádio comunicador portátil digital tipo DMR/MOTOTRBO, marca Motorola, Modelo DEP 450, ou similar, acompanhado de bateria, carregador rápido bivolt, antena flexivel, clip de cinto e manual de operação em português"},"Ud",6,{"$f":"IF($G35=\"ORSE\",VLOOKUP($H35,ORSE_INSUM!A:E,4,0),IF($G35=\"SINAPI\",VLOOKUP($H35,SINAPI_INSUM!A:E,5,0),IF($G35=\"SEINFRA\",VLOOKUP($H35,SEINFRA_INSUM!B:F,4,0),IF($G35=\"COTAÇÃO\",VLOOKUP($H35,'COTAÇÃO - MAT_CONSUMO'!B:L,10,0),\"\"))))","v":1470},{"$f":"ROUND(D35*E35,2)","v":8820},"COTAÇÃO","DEP 450"]
["1.1.1.27",{"$f":"IF($G36=\"ORSE\",VLOOKUP($H36,ORSE_INSUM!A:E,2,0),IF($G36=\"SINAPI\",VLOOKUP($H36,SINAPI_INSUM!A:E,2,0),IF($G36=\"SEINFRA\",VLOOKUP($H36,SEINFRA_INSUM!B:F,2,0),IF($G36=\"COTAÇÃO\",VLOOKUP($H36,'COTAÇÃO - MAT_CONSUMO'!B:L,2,0),\"\"))))","v":"Base Repetidora - repetidor digital tipo DMR/MOTOTRBO, marca Motorola, Modelo SLR 5100, ou similar, para 64 canais, acompanhado de fonte de alimentação bivolt e carregador de bateria integrados, antena, cabo, duplexador e conectores"},"Ud",1,{"$f":"IF($G36=\"ORSE\",VLOOKUP($H36,ORSE_INSUM!A:E,4,0),IF($G36=\"SINAPI\",VLOOKUP($H36,SINAPI_INSUM!A:E,5,0),IF($G36=\"SEINFRA\",VLOOKUP($H36,SEINFRA_INSUM!B:F,4,0),IF($G36=\"COTAÇÃO\",VLOOKUP($H36,'COTAÇÃO - MAT_CONSUMO'!B:L,10,0),\"\"))))","v":16300},{"$f":"ROUND(D36*E36,2)","v":16300},"COTAÇÃO","SLR 5100"]
[]
["TOTAL",{"$nulls":4},{"$f":"SUM(F10:F36)","v":86230.21}]
["BDI DE FORNECIMENTO",null,null,null,{"$f":"'BDI - FORNECIMENTOS'!$C$31","v":0.109},{"$f":"ROUND(F38*E39,2)","v":9399.09}]
["TOTAL COM BDI DE FORNECIMENTO",{"$nulls":4},{"$f":"F38*'BDI - FORNECIMENTOS'!$C$31+F38","v":95629.3}]

{"sheet":"1.1.2.Custo Ferramental","index":3,"n_rows":83,"n_cols":8,"rows_kept":83,"cut":false,"hidden":false,"merged":[[6,7,7,7],[6,6,7,6],[80,0,80,4],[82,0,82,4],[81,0,81,3],[28,6,28,7],[29,6,29,7],[30,6,30,7],[0,0,0,5],[2,0,2,5],[6,0,7,0],[6,1,7,1],[4,0,4,5],[6,2,7,2],[6,3,7,3],[6,4,6,5]]}
["1. INSTALAÇÃO, MOBILIZAÇÃO E DESMOBILIZAÇÃO"]
[]
["1.1. INSTALAÇÃO"]
[]
["1.1.2 PLANILHA DE ESTIMATIVA DE CUSTO DE FERRAMENTAL, INSTRUMENTAÇÃO E EQUIPAMENTOS DE OFICINA"]
[]
["Item","DESCRIÇÃO","UNID.","QUANT.","VALOR",null,"REF.TAB.","Cód. TAB."]
[{"$nulls":4},"UNIT. (R$)","TOTAL (R$)"]
[]
["1.1.2.1",{"$f":"IF($G10=\"ORSE\",VLOOKUP($H10,ORSE_INSUM!A:E,2,0),IF($G10=\"SINAPI\",VLOOKUP($H10,SINAPI_INSUM!A:E,2,0),IF($G10=\"SEINFRA\",VLOOKUP($H10,SEINFRA_INSUM!B:F,2,0),IF($G10=\"COTAÇÃO\",VLOOKUP($H10,'COTAÇÃO - MAT_CONSUMO'!B:L,2,0),\"\"))))","v":"ALICATE VOLT-AMPERIMETRO"},"Ud",1,{"$f":"IF($G10=\"ORSE\",VLOOKUP($H10,ORSE_INSUM!A:E,4,0),IF($G10=\"SINAPI\",VLOOKUP($H10,SINAPI_INSUM!A:E,5,0),IF($G10=\"SEINFRA\",VLOOKUP($H10,SEINFRA_INSUM!B:F,4,0),IF($G10=\"COTAÇÃO\",VLOOKUP($H10,'COTAÇÃO - MAT_CONSUMO'!B:L,10,0),\"\"))))","v":108.11},{"$f":"ROUND(E10*D10,2)","v":108.11},"ORSE",11241]
["1.1.2.2",{"$f":"IF($G11=\"ORSE\",VLOOKUP($H11,ORSE_INSUM!A:E,2,0),IF($G11=\"SINAPI\",VLOOKUP($H11,SINAPI_INSUM!A:E,2,0),IF($G11=\"SEINFRA\",VLOOKUP($H11,SEINFRA_INSUM!B:F,2,0),IF($G11=\"COTAÇÃO\",VLOOKUP($H11,'COTAÇÃO - MAT_CONSUMO'!B:L,2,0),\"\"))))","v":"Alicate hidráulico (prensa terminal), cap.12 ton"},"Ud",1,{"$f":"IF($G11=\"ORSE\",VLOOKUP($H11,ORSE_INSUM!A:E,4,0),IF($G11=\"SINAPI\",VLOOKUP($H11,SINAPI_INSUM!A:E,5,0),IF($G11=\"SEINFRA\",VLOOKUP($H11,SEINFRA_INSUM!B:F,4,0),IF($G11=\"COTAÇÃO\",VLOOKUP($H11,'COTAÇÃO - MAT_CONSUMO'!B:L,10,0),\"\"))))","v":589},{"$f":"ROUND(E11*D11,2)","v":589},"COTAÇÃO",12]
["1.1.2.3",{"$f":"IF($G12=\"ORSE\",VLOOKUP($H12,ORSE_INSUM!A:E,2,0),IF($G12=\"SINAPI\",VLOOKUP($H12,SINAPI_INSUM!A:E,2,0),IF($G12=\"SEINFRA\",VLOOKUP($H12,SEINFRA_INSUM!B:F,2,0),IF($G12=\"COTAÇÃO\",VLOOKUP($H12,'COTAÇÃO - MAT_CONSUMO'!B:L,2,0),\"\"))))","v":"Alicate Wattimetro digital True RMS Trifasico"},"Ud",1,{"$f":"IF($G12=\"ORSE\",VLOOKUP($H12,ORSE_INSUM!A:E,4,0),IF($G12=\"SINAPI\",VLOOKUP($H12,SINAPI_INSUM!A:E,5,0),IF($G12=\"SEINFRA\",VLOOKUP($H12,SEINFRA_INSUM!B:F,4,0),IF($G12=\"COTAÇÃO\",VLOOKUP($H12,'COTAÇÃO - MAT_CONSUMO'!B:L,10,0),\"\"))))","v":612.5},612.5,"COTAÇÃO",17]
["1.1.2.4",{"$f":"IF($G13=\"ORSE\",VLOOKUP($H13,ORSE_INSUM!A:E,2,0),IF($G13=\"SINAPI\",VLOOKUP($H13,SINAPI_INSUM!A:E,2,0),IF($G13=\"SEINFRA\",VLOOKUP($H13,SEINFRA_INSUM!B:F,2,0),IF($G13=\"COTAÇÃO\",VLOOKUP($H13,'COTAÇÃO - MAT_CONSUMO'!B:L,2,0),\"\"))))","v":"Analisador de qualidade da energia Classe S- Energy Master MI 2883  Fab: METREL"},"Ud",1,{"$f":"IF($G13=\"ORSE\",VLOOKUP($H13,ORSE_INSUM!A:E,4,0),IF($G13=\"SINAPI\",VLOOKUP($H13,SINAPI_INSUM!A:E,5,0),IF($G13=\"SEINFRA\",VLOOKUP($H13,SEINFRA_INSUM!B:F,4,0),IF($G13=\"COTAÇÃO\",VLOOKUP($H13,'COTAÇÃO - MAT_CONSUMO'!B:L,10,0),\"\"))))","v":7800},7800,"COTAÇÃO",99]
["1.1.2.5",{"$f":"IF($G14=\"ORSE\",VLOOKUP($H14,ORSE_INSUM!A:E,2,0),IF($G14=\"SINAPI\",VLOOKUP($H14,SINAPI_INSUM!A:E,2,0),IF($G14=\"SEINFRA\",VLOOKUP($H14,SEINFRA_INSUM!B:F,2,0),IF($G14=\"COTAÇÃO\",VLOOKUP($H14,'COTAÇÃO - MAT_CONSUMO'!B:L,2,0),\"\"))))","v":"APARELHO CORTE OXI-ACETILENO PARA SOLDA E CORTE CONTENDO MACARICO SOLDA, BICO DE CORTE, CILINDROS, REGULADORES, MANGUEIRAS E CARRINHO"},"Ud",1,{"$f":"IF($G14=\"ORSE\",VLOOKUP($H14,ORSE_INSUM!A:E,4,0),IF($G14=\"SINAPI\",VLOOKUP($H14,SINAPI_INSUM!A:E,5,0),IF($G14=\"SEINFRA\",VLOOKUP($H14,SEINFRA_INSUM!B:F,4,0),IF($G14=\"COTAÇÃO\",VLOOKUP($H14,'COTAÇÃO - MAT_CONSUMO'!B:L,10,0),\"\"))))","v":"2.800,00"},2800,"SINAPI",13761]
["1.1.2.6",{"$f":"IF($G15=\"ORSE\",VLOOKUP($H15,ORSE_INSUM!A:E,2,0),IF($G15=\"SINAPI\",VLOOKUP($H15,SINAPI_INSUM!A:E,2,0),IF($G15=\"SEINFRA\",VLOOKUP($H15,SEINFRA_INSUM!B:F,2,0),IF($G15=\"COTAÇÃO\",VLOOKUP($H15,'COTAÇÃO - MAT_CONSUMO'!B:L,2,0),\"\"))))","v":"Aquecedor Indutivo TIH 100M/230V"},"Ud",1,{"$f":"IF($G15=\"ORSE\",VLOOKUP($H15,ORSE_INSUM!A:E,4,0),IF($G15=\"SINAPI\",VLOOKUP($H15,SINAPI_INSUM!A:E,5,0),IF($G15=\"SEINFRA\",VLOOKUP($H15,SEINFRA_INSUM!B:F,4,0),IF($G15=\"COTAÇÃO\",VLOOKUP($H15,'COTAÇÃO - MAT_CONSUMO'!B:L,10,0),\"\"))))","v":23995.4},23995.4,"COTAÇÃO",85]
["1.1.2.7",{"$f":"IF($G16=\"ORSE\",VLOOKUP($H16,ORSE_INSUM!A:E,2,0),IF($G16=\"SINAPI\",VLOOKUP($H16,SINAPI_INSUM!A:E,2,0),IF($G16=\"SEINFRA\",VLOOKUP($H16,SEINFRA_INSUM!B:F,2,0),IF($G16=\"COTAÇÃO\",VLOOKUP($H16,'COTAÇÃO - MAT_CONSUMO'!B:L,2,0),\"\"))))","v":"Base Magnética p/ relógio comparador"},"um",1,{"$f":"IF($G16=\"ORSE\",VLOOKUP($H16,ORSE_INSUM!A:E,4,0),IF($G16=\"SINAPI\",VLOOKUP($H16,SINAPI_INSUM!A:E,5,0),IF($G16=\"SEINFRA\",VLOOKUP($H16,SEINFRA_INSUM!B:F,4,0),IF($G16=\"COTAÇÃO\",VLOOKUP($H16,'COTAÇÃO - MAT_CONSUMO'!B:L,10,0),\"\"))))","v":67.900000000000006},67.900000000000006,"COTAÇÃO",71]
["1.1.2.8",{"$f":"IF($G17=\"ORSE\",VLOOKUP($H17,ORSE_INSUM!A:E,2,0),IF($G17=\"SINAPI\",VLOOKUP($H17,SINAPI_INSUM!A:E,2,0),IF($G17=\"SEINFRA\",VLOOKUP($H17,SEINFRA_INSUM!B:F,2,0),IF($G17=\"COTAÇÃO\",VLOOKUP($H17,'COTAÇÃO - MAT_CONSUMO'!B:L,2,0),\"\"))))","v":"Bancada de madeira profissional 1200 x 2500mm"},"Ud",1,{"$f":"IF($G17=\"ORSE\",VLOOKUP($H17,ORSE_INSUM!A:E,4,0),IF($G17=\"SINAPI\",VLOOKUP($H17,SINAPI_INSUM!A:E,5,0),IF($G17=\"SEINFRA\",VLOOKUP($H17,SEINFRA_INSUM!B:F,4,0),IF($G17=\"COTAÇÃO\",VLOOKUP($H17,'COTAÇÃO - MAT_CONSUMO'!B:L,10,0),\"\"))))","v":2000},2000,"COTAÇÃO",1002]
["1.1.2.9",{"$f":"IF($G18=\"ORSE\",VLOOKUP($H18,ORSE_INSUM!A:E,2,0),IF($G18=\"SINAPI\",VLOOKUP($H18,SINAPI_INSUM!A:E,2,0),IF($G18=\"SEINFRA\",VLOOKUP($H18,SEINFRA_INSUM!B:F,2,0),IF($G18=\"COTAÇÃO\",VLOOKUP($H18,'COTAÇÃO - MAT_CONSUMO'!B:L,2,0),\"\"))))","v":"Balde De Lona Para Içar Ferramentas"},"Ud",1,{"$f":"IF($G18=\"ORSE\",VLOOKUP($H18,ORSE_INSUM!A:E,4,0),IF($G18=\"SINAPI\",VLOOKUP($H18,SINAPI_INSUM!A:E,5,0),IF($G18=\"SEINFRA\",VLOOKUP($H18,SEINFRA_INSUM!B:F,4,0),IF($G18=\"COTAÇÃO\",VLOOKUP($H18,'COTAÇÃO - MAT_CONSUMO'!B:L,10,0),\"\"))))","v":99.9},{"$f":"ROUND(E18*D18,2)","v":99.9},"COTAÇÃO",73]
["1.1.2.10",{"$f":"IF($G19=\"ORSE\",VLOOKUP($H19,ORSE_INSUM!A:E,2,0),IF($G19=\"SINAPI\",VLOOKUP($H19,SINAPI_INSUM!A:E,2,0),IF($G19=\"SEINFRA\",VLOOKUP($H19,SEINFRA_INSUM!B:F,2,0),IF($G19=\"COTAÇÃO\",VLOOKUP($H19,'COTAÇÃO - MAT_CONSUMO'!B:L,2,0),\"\"))))","v":"BETONEIRA CAPACIDADE NOMINAL 400 L, CAPACIDADE DE MISTURA  280 L, MOTOR ELETRICO TRIFASICO 220/380 V POTENCIA 2 CV, SEM CARREGADOR"},"Ud",1,{"$f":"IF($G19=\"ORSE\",VLOOKUP($H19,ORSE_INSUM!A:E,4,0),IF($G19=\"SINAPI\",VLOOKUP($H19,SINAPI_INSUM!A:E,5,0),IF($G19=\"SEINFRA\",VLOOKUP($H19,SEINFRA_INSUM!B:F,4,0),IF($G19=\"COTAÇÃO\",VLOOKUP($H19,'COTAÇÃO - MAT_CONSUMO'!B:L,10,0),\"\"))))","v":"3.589,50"},3589.5,"SINAPI",10535]
["1.1.2.11",{"$f":"IF($G20=\"ORSE\",VLOOKUP($H20,ORSE_INSUM!A:E,2,0),IF($G20=\"SINAPI\",VLOOKUP($H20,SINAPI_INSUM!A:E,2,0),IF($G20=\"SEINFRA\",VLOOKUP($H20,SEINFRA_INSUM!B:F,2,0),IF($G20=\"COTAÇÃO\",VLOOKUP($H20,'COTAÇÃO - MAT_CONSUMO'!B:L,2,0),\"\"))))","v":"Bomba de graxa 5kg"},"Ud",1,{"$f":"IF($G20=\"ORSE\",VLOOKUP($H20,ORSE_INSUM!A:E,4,0),IF($G20=\"SINAPI\",VLOOKUP($H20,SINAPI_INSUM!A:E,5,0),IF($G20=\"SEINFRA\",VLOOKUP($H20,SEINFRA_INSUM!B:F,4,0),IF($G20=\"COTAÇÃO\",VLOOKUP($H20,'COTAÇÃO - MAT_CONSUMO'!B:L,10,0),\"\"))))","v":264.58},264.58,"COTAÇÃO",72]
["1.1.2.12",{"$f":"IF($G21=\"ORSE\",VLOOKUP($H21,ORSE_INSUM!A:E,2,0),IF($G21=\"SINAPI\",VLOOKUP($H21,SINAPI_INSUM!A:E,2,0),IF($G21=\"SEINFRA\",VLOOKUP($H21,SEINFRA_INSUM!B:F,2,0),IF($G21=\"COTAÇÃO\",VLOOKUP($H21,'COTAÇÃO - MAT_CONSUMO'!B:L,2,0),\"\"))))","v":"Calibrador de folgas de 0,03 mm - 0,50 mm"},"Ud",1,{"$f":"IF($G21=\"ORSE\",VLOOKUP($H21,ORSE_INSUM!A:E,4,0),IF($G21=\"SINAPI\",VLOOKUP($H21,SINAPI_INSUM!A:E,5,0),IF($G21=\"SEINFRA\",VLOOKUP($H21,SEINFRA_INSUM!B:F,4,0),IF($G21=\"COTAÇÃO\",VLOOKUP($H21,'COTAÇÃO - MAT_CONSUMO'!B:L,10,0),\"\"))))","v":64.989999999999995},64.989999999999995,"COTAÇÃO",74]
["1.1.2.13",{"$f":"IF($G22=\"ORSE\",VLOOKUP($H22,ORSE_INSUM!A:E,2,0),IF($G22=\"SINAPI\",VLOOKUP($H22,SINAPI_INSUM!A:E,2,0),IF($G22=\"SEINFRA\",VLOOKUP($H22,SEINFRA_INSUM!B:F,2,0),IF($G22=\"COTAÇÃO\",VLOOKUP($H22,'COTAÇÃO - MAT_CONSUMO'!B:L,2,0),\"\"))))","v":"Calibrador de loop 4 a 20mA, fonte 4 a 20mA, medição, simulação, passos de 25% FE"},"Ud",1,{"$f":"IF($G22=\"ORSE\",VLOOKUP($H22,ORSE_INSUM!A:E,4,0),IF($G22=\"SINAPI\",VLOOKUP($H22,SINAPI_INSUM!A:E,5,0),IF($G22=\"SEINFRA\",VLOOKUP($H22,SEINFRA_INSUM!B:F,4,0),IF($G22=\"COTAÇÃO\",VLOOKUP($H22,'COTAÇÃO - MAT_CONSUMO'!B:L,10,0),\"\"))))","v":899},899,"COTAÇÃO",88]
["1.1.2.14",{"$f":"IF($G23=\"ORSE\",VLOOKUP($H23,ORSE_INSUM!A:E,2,0),IF($G23=\"SINAPI\",VLOOKUP($H23,SINAPI_INSUM!A:E,2,0),IF($G23=\"SEINFRA\",VLOOKUP($H23,SEINFRA_INSUM!B:F,2,0),IF($G23=\"COTAÇÃO\",VLOOKUP($H23,'COTAÇÃO - MAT_CONSUMO'!B:L,2,0),\"\"))))","v":"Capacitímetro digital com fundo de escala mínimo de 2000 micro Farads"},"Ud",1,{"$f":"IF($G23=\"ORSE\",VLOOKUP($H23,ORSE_INSUM!A:E,4,0),IF($G23=\"SINAPI\",VLOOKUP($H23,SINAPI_INSUM!A:E,5,0),IF($G23=\"SEINFRA\",VLOOKUP($H23,SEINFRA_INSUM!B:F,4,0),IF($G23=\"COTAÇÃO\",VLOOKUP($H23,'COTAÇÃO - MAT_CONSUMO'!B:L,10,0),\"\"))))","v":99.83},99.83,"COTAÇÃO",159]
["1.1.2.15",{"$f":"IF($G24=\"ORSE\",VLOOKUP($H24,ORSE_INSUM!A:E,2,0),IF($G24=\"SINAPI\",VLOOKUP($H24,SINAPI_INSUM!A:E,2,0),IF($G24=\"SEINFRA\",VLOOKUP($H24,SEINFRA_INSUM!B:F,2,0),IF($G24=\"COTAÇÃO\",VLOOKUP($H24,'COTAÇÃO - MAT_CONSUMO'!B:L,2,0),\"\"))))","v":"Chave grifo de 18\""},"Ud",1,{"$f":"IF($G24=\"ORSE\",VLOOKUP($H24,ORSE_INSUM!A:E,4,0),IF($G24=\"SINAPI\",VLOOKUP($H24,SINAPI_INSUM!A:E,5,0),IF($G24=\"SEINFRA\",VLOOKUP($H24,SEINFRA_INSUM!B:F,4,0),IF($G24=\"COTAÇÃO\",VLOOKUP($H24,'COTAÇÃO - MAT_CONSUMO'!B:L,10,0),\"\"))))","v":99.83},99.83,"COTAÇÃO",82]
["1.1.2.16",{"$f":"IF($G25=\"ORSE\",VLOOKUP($H25,ORSE_INSUM!A:E,2,0),IF($G25=\"SINAPI\",VLOOKUP($H25,SINAPI_INSUM!A:E,2,0),IF($G25=\"SEINFRA\",VLOOKUP($H25,SEINFRA_INSUM!B:F,2,0),IF($G25=\"COTAÇÃO\",VLOOKUP($H25,'COTAÇÃO - MAT_CONSUMO'!B:L,2,0),\"\"))))","v":"Chave grifo de 24\""},"Ud",1,{"$f":"IF($G25=\"ORSE\",VLOOKUP($H25,ORSE_INSUM!A:E,4,0),IF($G25=\"SINAPI\",VLOOKUP($H25,SINAPI_INSUM!A:E,5,0),IF($G25=\"SEINFRA\",VLOOKUP($H25,SEINFRA_INSUM!B:F,4,0),IF($G25=\"COTAÇÃO\",VLOOKUP($H25,'COTAÇÃO - MAT_CONSUMO'!B:L,10,0),\"\"))))","v":59.34},59.34,"COTAÇÃO",14]
["1.1.2.17",{"$f":"IF($G26=\"ORSE\",VLOOKUP($H26,ORSE_INSUM!A:E,2,0),IF($G26=\"SINAPI\",VLOOKUP($H26,SINAPI_INSUM!A:E,2,0),IF($G26=\"SEINFRA\",VLOOKUP($H26,SEINFRA_INSUM!B:F,2,0),IF($G26=\"COTAÇÃO\",VLOOKUP($H26,'COTAÇÃO - MAT_CONSUMO'!B:L,2,0),\"\"))))","v":"Chave grifo de 8\""},"Ud",1,{"$f":"IF($G26=\"ORSE\",VLOOKUP($H26,ORSE_INSUM!A:E,4,0),IF($G26=\"SINAPI\",VLOOKUP($H26,SINAPI_INSUM!A:E,5,0),IF($G26=\"SEINFRA\",VLOOKUP($H26,SEINFRA_INSUM!B:F,4,0),IF($G26=\"COTAÇÃO\",VLOOKUP($H26,'COTAÇÃO - MAT_CONSUMO'!B:L,10,0),\"\"))))","v":88.57},88.57,"COTAÇÃO",15]
["1.1.2.18",{"$f":"IF($G27=\"ORSE\",VLOOKUP($H27,ORSE_INSUM!A:E,2,0),IF($G27=\"SINAPI\",VLOOKUP($H27,SINAPI_INSUM!A:E,2,0),IF($G27=\"SEINFRA\",VLOOKUP($H27,SEINFRA_INSUM!B:F,2,0),IF($G27=\"COTAÇÃO\",VLOOKUP($H27,'COTAÇÃO - MAT_CONSUMO'!B:L,2,0),\"\"))))","v":"Cinta de poliéster, 6 m, Cap. 8,0 Ton"},"Ud",2,{"$f":"IF($G27=\"ORSE\",VLOOKUP($H27,ORSE_INSUM!A:E,4,0),IF($G27=\"SINAPI\",VLOOKUP($H27,SINAPI_INSUM!A:E,5,0),IF($G27=\"SEINFRA\",VLOOKUP($H27,SEINFRA_INSUM!B:F,4,0),IF($G27=\"COTAÇÃO\",VLOOKUP($H27,'COTAÇÃO - MAT_CONSUMO'!B:L,10,0),\"\"))))","v":345.85},691.7,"COTAÇÃO",89]
["1.1.2.19",{"$f":"IF($G28=\"ORSE\",VLOOKUP($H28,ORSE_INSUM!A:E,2,0),IF($G28=\"SINAPI\",VLOOKUP($H28,SINAPI_INSUM!A:E,2,0),IF($G28=\"SEINFRA\",VLOOKUP($H28,SEINFRA_INSUM!B:F,2,0),IF($G28=\"COTAÇÃO\",VLOOKUP($H28,'COTAÇÃO - MAT_CONSUMO'!B:L,2,0),\"\"))))","v":"COMPRESSOR DE AR, VAZAO DE 10 PCM, RESERVATORIO 100 L, PRESSAO DE TRABALHO ENTRE 6,9 E 9,7 BAR,  POTENCIA 2 HP, TENSAO 110/220 V (COLETADO CAIXA)"},"Ud",1,{"$f":"IF($G28=\"ORSE\",VLOOKUP($H28,ORSE_INSUM!A:E,4,0),IF($G28=\"SINAPI\",VLOOKUP($H28,SINAPI_INSUM!A:E,5,0),IF($G28=\"SEINFRA\",VLOOKUP($H28,SEINFRA_INSUM!B:F,4,0),IF($G28=\"COTAÇÃO\",VLOOKUP($H28,'COTAÇÃO - MAT_CONSUMO'!B:L,10,0),\"\"))))","v":"1.786,17"},1786.17,"SINAPI",41991]
["1.1.2.20","Conjunto de ferramentas para eletrotécnico/eletrônico e eletricista","Ud",1,{"$f":"VLOOKUP(A29,'1.1.2A. Custo Conjuntos Ferr.'!A:F,6,0)","v":1638.52},{"$f":"ROUND(E29*D29,2)","v":1638.52},"COMPOSIÇÃO 1.1.2A"]
["1.1.2.21","Conjunto de ferramentas para mecânico","Ud",1,{"$f":"VLOOKUP(A30,'1.1.2A. Custo Conjuntos Ferr.'!A:F,6,0)","v":1585.02},1585.02,"COMPOSIÇÃO 1.1.2A"]
["1.1.2.22","Conjunto ferramentas básicas para encanador","Ud",1,{"$f":"VLOOKUP(A31,'1.1.2A. Custo Conjuntos Ferr.'!A:F,6,0)","v":1166.0899999999999},1166.0899999999999,"COMPOSIÇÃO 1.1.2A"]
["1.1.2.23",{"$f":"IF($G32=\"ORSE\",VLOOKUP($H32,ORSE_INSUM!A:E,2,0),IF($G32=\"SINAPI\",VLOOKUP($H32,SINAPI_INSUM!A:E,2,0),IF($G32=\"SEINFRA\",VLOOKUP($H32,SEINFRA_INSUM!B:F,2,0),IF($G32=\"COTAÇÃO\",VLOOKUP($H32,'COTAÇÃO - MAT_CONSUMO'!B:L,2,0),\"\"))))","v":"Década resistiva com passo de 01 ohm"},"Ud",1,{"$f":"IF($G32=\"ORSE\",VLOOKUP($H32,ORSE_INSUM!A:E,4,0),IF($G32=\"SINAPI\",VLOOKUP($H32,SINAPI_INSUM!A:E,5,0),IF($G32=\"SEINFRA\",VLOOKUP($H32,SEINFRA_INSUM!B:F,4,0),IF($G32=\"COTAÇÃO\",VLOOKUP($H32,'COTAÇÃO - MAT_CONSUMO'!B:L,10,0),\"\"))))","v":337},337,"COTAÇÃO",91]
["1.1.2.24",{"$f":"IF($G33=\"ORSE\",VLOOKUP($H33,ORSE_INSUM!A:E,2,0),IF($G33=\"SINAPI\",VLOOKUP($H33,SINAPI_INSUM!A:E,2,0),IF($G33=\"SEINFRA\",VLOOKUP($H33,SEINFRA_INSUM!B:F,2,0),IF($G33=\"COTAÇÃO\",VLOOKUP($H33,'COTAÇÃO - MAT_CONSUMO'!B:L,2,0),\"\"))))","v":"Detector de Alta Tensão sem contato ezHv - Minipa"},"Ud",1,{"$f":"IF($G33=\"ORSE\",VLOOKUP($H33,ORSE_INSUM!A:E,4,0),IF($G33=\"SINAPI\",VLOOKUP($H33,SINAPI_INSUM!A:E,5,0),IF($G33=\"SEINFRA\",VLOOKUP($H33,SEINFRA_INSUM!B:F,4,0),IF($G33=\"COTAÇÃO\",VLOOKUP($H33,'COTAÇÃO - MAT_CONSUMO'!B:L,10,0),\"\"))))","v":1332.22},{"$f":"ROUND(E33*D33,2)","v":1332.22},"COTAÇÃO",70]
["1.1.2.25",{"$f":"IF($G34=\"ORSE\",VLOOKUP($H34,ORSE_INSUM!A:E,2,0),IF($G34=\"SINAPI\",VLOOKUP($H34,SINAPI_INSUM!A:E,2,0),IF($G34=\"SEINFRA\",VLOOKUP($H34,SEINFRA_INSUM!B:F,2,0),IF($G34=\"COTAÇÃO\",VLOOKUP($H34,'COTAÇÃO - MAT_CONSUMO'!B:L,2,0),\"\"))))","v":"Escada de Alumínio Dobrável 6 Degraus"},"Ud",1,{"$f":"IF($G34=\"ORSE\",VLOOKUP($H34,ORSE_INSUM!A:E,4,0),IF($G34=\"SINAPI\",VLOOKUP($H34,SINAPI_INSUM!A:E,5,0),IF($G34=\"SEINFRA\",VLOOKUP($H34,SEINFRA_INSUM!B:F,4,0),IF($G34=\"COTAÇÃO\",VLOOKUP($H34,'COTAÇÃO - MAT_CONSUMO'!B:L,10,0),\"\"))))","v":110.78},110.78,"COTAÇÃO",92]
["1.1.2.26",{"$f":"IF($G35=\"ORSE\",VLOOKUP($H35,ORSE_INSUM!A:E,2,0),IF($G35=\"SINAPI\",VLOOKUP($H35,SINAPI_INSUM!A:E,2,0),IF($G35=\"SEINFRA\",VLOOKUP($H35,SEINFRA_INSUM!B:F,2,0),IF($G35=\"COTAÇÃO\",VLOOKUP($H35,'COTAÇÃO - MAT_CONSUMO'!B:L,2,0),\"\"))))","v":"Escada extensivel em aluminio, 6 metros"},"Ud",1,{"$f":"IF($G35=\"ORSE\",VLOOKUP($H35,ORSE_INSUM!A:E,4,0),IF($G35=\"SINAPI\",VLOOKUP($H35,SINAPI_INSUM!A:E,5,0),IF($G35=\"SEINFRA\",VLOOKUP($H35,SEINFRA_INSUM!B:F,4,0),IF($G35=\"COTAÇÃO\",VLOOKUP($H35,'COTAÇÃO - MAT_CONSUMO'!B:L,10,0),\"\"))))","v":330.5},330.5,"COTAÇÃO",93]
["1.1.2.27",{"$f":"IF($G36=\"ORSE\",VLOOKUP($H36,ORSE_INSUM!A:E,2,0),IF($G36=\"SINAPI\",VLOOKUP($H36,SINAPI_INSUM!A:E,2,0),IF($G36=\"SEINFRA\",VLOOKUP($H36,SEINFRA_INSUM!B:F,2,0),IF($G36=\"COTAÇÃO\",VLOOKUP($H36,'COTAÇÃO - MAT_CONSUMO'!B:L,2,0),\"\"))))","v":"ESMERILHADEIRA ANGULAR ELETRICA, DIAMETRO DO DISCO 7 '' (180 MM), ROTACAO 8500 RPM, POTENCIA 2400 W"},"Ud",1,{"$f":"IF($G36=\"ORSE\",VLOOKUP($H36,ORSE_INSUM!A:E,4,0),IF($G36=\"SINAPI\",VLOOKUP($H36,SINAPI_INSUM!A:E,5,0),IF($G36=\"SEINFRA\",VLOOKUP($H36,SEINFRA_INSUM!B:F,4,0),IF($G36=\"COTAÇÃO\",VLOOKUP($H36,'COTAÇÃO - MAT_CONSUMO'!B:L,10,0),\"\"))))","v":"703,00"},703,"SINAPI",11359]
["1.1.2.28",{"$f":"IF($G37=\"ORSE\",VLOOKUP($H37,ORSE_INSUM!A:E,2,0),IF($G37=\"SINAPI\",VLOOKUP($H37,SINAPI_INSUM!A:E,2,0),IF($G37=\"SEINFRA\",VLOOKUP($H37,SEINFRA_INSUM!B:F,2,0),IF($G37=\"COTAÇÃO\",VLOOKUP($H37,'COTAÇÃO - MAT_CONSUMO'!B:L,2,0),\"\"))))","v":"ESMERILHADEIRA ANGULAR ELÉTRICO PORTÁTIL 4 1/2\" - 1000 WATTS  - REF. G1000KB2 BLACK E DECKER"},"Ud",1,{"$f":"IF($G37=\"ORSE\",VLOOKUP($H37,ORSE_INSUM!A:E,4,0),IF($G37=\"SINAPI\",VLOOKUP($H37,SINAPI_INSUM!A:E,5,0),IF($G37=\"SEINFRA\",VLOOKUP($H37,SEINFRA_INSUM!B:F,4,0),IF($G37=\"COTAÇÃO\",VLOOKUP($H37,'COTAÇÃO - MAT_CONSUMO'!B:L,10,0),\"\"))))","v":372.42},372.42,"ORSE",11282]
["1.1.2.29",{"$f":"IF($G38=\"ORSE\",VLOOKUP($H38,ORSE_INSUM!A:E,2,0),IF($G38=\"SINAPI\",VLOOKUP($H38,SINAPI_INSUM!A:E,2,0),IF($G38=\"SEINFRA\",VLOOKUP($H38,SEINFRA_INSUM!B:F,2,0),IF($G38=\"COTAÇÃO\",VLOOKUP($H38,'COTAÇÃO - MAT_CONSUMO'!B:L,2,0),\"\"))))","v":"Estetoscópio Kent"},"Ud",1,{"$f":"IF($G38=\"ORSE\",VLOOKUP($H38,ORSE_INSUM!A:E,4,0),IF($G38=\"SINAPI\",VLOOKUP($H38,SINAPI_INSUM!A:E,5,0),IF($G38=\"SEINFRA\",VLOOKUP($H38,SEINFRA_INSUM!B:F,4,0),IF($G38=\"COTAÇÃO\",VLOOKUP($H38,'COTAÇÃO - MAT_CONSUMO'!B:L,10,0),\"\"))))","v":16.66},16.66,"COTAÇÃO",61]
["1.1.2.30",{"$f":"IF($G39=\"ORSE\",VLOOKUP($H39,ORSE_INSUM!A:E,2,0),IF($G39=\"SINAPI\",VLOOKUP($H39,SINAPI_INSUM!A:E,2,0),IF($G39=\"SEINFRA\",VLOOKUP($H39,SEINFRA_INSUM!B:F,2,0),IF($G39=\"COTAÇÃO\",VLOOKUP($H39,'COTAÇÃO - MAT_CONSUMO'!B:L,2,0),\"\"))))","v":"EXTINTOR DE INCENDIO PORTATIL COM CARGA DE AGUA PRESSURIZADA DE 10 L, CLASSE A"},"Ud",5,{"$f":"IF($G39=\"ORSE\",VLOOKUP($H39,ORSE_INSUM!A:E,4,0),IF($G39=\"SINAPI\",VLOOKUP($H39,SINAPI_INSUM!A:E,5,0),IF($G39=\"SEINFRA\",VLOOKUP($H39,SEINFRA_INSUM!B:F,4,0),IF($G39=\"COTAÇÃO\",VLOOKUP($H39,'COTAÇÃO - MAT_CONSUMO'!B:L,10,0),\"\"))))","v":"140,00"},700,"SINAPI",10886]
["1.1.2.31",{"$f":"IF($G40=\"ORSE\",VLOOKUP($H40,ORSE_INSUM!A:E,2,0),IF($G40=\"SINAPI\",VLOOKUP($H40,SINAPI_INSUM!A:E,2,0),IF($G40=\"SEINFRA\",VLOOKUP($H40,SEINFRA_INSUM!B:F,2,0),IF($G40=\"COTAÇÃO\",VLOOKUP($H40,'COTAÇÃO - MAT_CONSUMO'!B:L,2,0),\"\"))))","v":"EXTINTOR DE INCENDIO PORTATIL COM CARGA DE GAS CARBONICO CO2 DE 6 KG, CLASSE BC"},"Ud",5,{"$f":"IF($G40=\"ORSE\",VLOOKUP($H40,ORSE_INSUM!A:E,4,0),IF($G40=\"SINAPI\",VLOOKUP($H40,SINAPI_INSUM!A:E,5,0),IF($G40=\"SEINFRA\",VLOOKUP($H40,SEINFRA_INSUM!B:F,4,0),IF($G40=\"COTAÇÃO\",VLOOKUP($H40,'COTAÇÃO - MAT_CONSUMO'!B:L,10,0),\"\"))))","v":"480,00"},2400,"SINAPI",10889]
["1.1.2.32",{"$f":"IF($G41=\"ORSE\",VLOOKUP($H41,ORSE_INSUM!A:E,2,0),IF($G41=\"SINAPI\",VLOOKUP($H41,SINAPI_INSUM!A:E,2,0),IF($G41=\"SEINFRA\",VLOOKUP($H41,SEINFRA_INSUM!B:F,2,0),IF($G41=\"COTAÇÃO\",VLOOKUP($H41,'COTAÇÃO - MAT_CONSUMO'!B:L,2,0),\"\"))))","v":"Fumigador p/ apicultura"},"Ud",1,{"$f":"IF($G41=\"ORSE\",VLOOKUP($H41,ORSE_INSUM!A:E,4,0),IF($G41=\"SINAPI\",VLOOKUP($H41,SINAPI_INSUM!A:E,5,0),IF($G41=\"SEINFRA\",VLOOKUP($H41,SEINFRA_INSUM!B:F,4,0),IF($G41=\"COTAÇÃO\",VLOOKUP($H41,'COTAÇÃO - MAT_CONSUMO'!B:L,10,0),\"\"))))","v":109},{"$f":"ROUND(E41*D41,2)","v":109},"COTAÇÃO",62]
["1.1.2.33",{"$f":"IF($G42=\"ORSE\",VLOOKUP($H42,ORSE_INSUM!A:E,2,0),IF($G42=\"SINAPI\",VLOOKUP($H42,SINAPI_INSUM!A:E,2,0),IF($G42=\"SEINFRA\",VLOOKUP($H42,SEINFRA_INSUM!B:F,2,0),IF($G42=\"COTAÇÃO\",VLOOKUP($H42,'COTAÇÃO - MAT_CONSUMO'!B:L,2,0),\"\"))))","v":"FURADEIRA ELETRICA PROFISSIONAL"},"Ud",1,{"$f":"IF($G42=\"ORSE\",VLOOKUP($H42,ORSE_INSUM!A:E,4,0),IF($G42=\"SINAPI\",VLOOKUP($H42,SINAPI_INSUM!A:E,5,0),IF($G42=\"SEINFRA\",VLOOKUP($H42,SEINFRA_INSUM!B:F,4,0),IF($G42=\"COTAÇÃO\",VLOOKUP($H42,'COTAÇÃO - MAT_CONSUMO'!B:L,10,0),\"\"))))","v":227.9},227.9,"COTAÇÃO",158]
["1.1.2.34",{"$f":"IF($G43=\"ORSE\",VLOOKUP($H43,ORSE_INSUM!A:E,2,0),IF($G43=\"SINAPI\",VLOOKUP($H43,SINAPI_INSUM!A:E,2,0),IF($G43=\"SEINFRA\",VLOOKUP($H43,SEINFRA_INSUM!B:F,2,0),IF($G43=\"COTAÇÃO\",VLOOKUP($H43,'COTAÇÃO - MAT_CONSUMO'!B:L,2,0),\"\"))))","v":"Furadeira/Parafusadeira a Bateria de Lítio 12V com 2 Baterias Bivolt"},"Ud",1,{"$f":"IF($G43=\"ORSE\",VLOOKUP($H43,ORSE_INSUM!A:E,4,0),IF($G43=\"SINAPI\",VLOOKUP($H43,SINAPI_INSUM!A:E,5,0),IF($G43=\"SEINFRA\",VLOOKUP($H43,SEINFRA_INSUM!B:F,4,0),IF($G43=\"COTAÇÃO\",VLOOKUP($H43,'COTAÇÃO - MAT_CONSUMO'!B:L,10,0),\"\"))))","v":253.05},253.05,"COTAÇÃO",96]
["1.1.2.35",{"$f":"IF($G44=\"ORSE\",VLOOKUP($H44,ORSE_INSUM!A:E,2,0),IF($G44=\"SINAPI\",VLOOKUP($H44,SINAPI_INSUM!A:E,2,0),IF($G44=\"SEINFRA\",VLOOKUP($H44,SEINFRA_INSUM!B:F,2,0),IF($G44=\"COTAÇÃO\",VLOOKUP($H44,'COTAÇÃO - MAT_CONSUMO'!B:L,2,0),\"\"))))","v":"GERADOR PORTATIL MONOFASICO, POTENCIA 5500 VA, MOTOR A GASOLINA, POTENCIA DO MOTOR 13 CV"},"Ud",1,{"$f":"IF($G44=\"ORSE\",VLOOKUP($H44,ORSE_INSUM!A:E,4,0),IF($G44=\"SINAPI\",VLOOKUP($H44,SINAPI_INSUM!A:E,5,0),IF($G44=\"SEINFRA\",VLOOKUP($H44,SEINFRA_INSUM!B:F,4,0),IF($G44=\"COTAÇÃO\",VLOOKUP($H44,'COTAÇÃO - MAT_CONSUMO'!B:L,10,0),\"\"))))","v":"3.594,35"},3594.35,"SINAPI",36498]
["1.1.2.36",{"$f":"IF($G45=\"ORSE\",VLOOKUP($H45,ORSE_INSUM!A:E,2,0),IF($G45=\"SINAPI\",VLOOKUP($H45,SINAPI_INSUM!A:E,2,0),IF($G45=\"SEINFRA\",VLOOKUP($H45,SEINFRA_INSUM!B:F,2,0),IF($G45=\"COTAÇÃO\",VLOOKUP($H45,'COTAÇÃO - MAT_CONSUMO'!B:L,2,0),\"\"))))","v":"Guincho girafa de 2 t com prolongador roda de ferro"},"Ud",1,{"$f":"IF($G45=\"ORSE\",VLOOKUP($H45,ORSE_INSUM!A:E,4,0),IF($G45=\"SINAPI\",VLOOKUP($H45,SINAPI_INSUM!A:E,5,0),IF($G45=\"SEINFRA\",VLOOKUP($H45,SEINFRA_INSUM!B:F,4,0),IF($G45=\"COTAÇÃO\",VLOOKUP($H45,'COTAÇÃO - MAT_CONSUMO'!B:L,10,0),\"\"))))","v":1999},1999,"COTAÇÃO",80]
["1.1.2.37",{"$f":"IF($G46=\"ORSE\",VLOOKUP($H46,ORSE_INSUM!A:E,2,0),IF($G46=\"SINAPI\",VLOOKUP($H46,SINAPI_INSUM!A:E,2,0),IF($G46=\"SEINFRA\",VLOOKUP($H46,SEINFRA_INSUM!B:F,2,0),IF($G46=\"COTAÇÃO\",VLOOKUP($H46,'COTAÇÃO - MAT_CONSUMO'!B:L,2,0),\"\"))))","v":"Inversor de frequencia de onda senoidal pura, entrada 12VDC, saida 220VAC"},"Ud",1,{"$f":"IF($G46=\"ORSE\",VLOOKUP($H46,ORSE_INSUM!A:E,4,0),IF($G46=\"SINAPI\",VLOOKUP($H46,SINAPI_INSUM!A:E,5,0),IF($G46=\"SEINFRA\",VLOOKUP($H46,SEINFRA_INSUM!B:F,4,0),IF($G46=\"COTAÇÃO\",VLOOKUP($H46,'COTAÇÃO - MAT_CONSUMO'!B:L,10,0),\"\"))))","v":2929.5},2929.5,"COTAÇÃO",98]
["1.1.2.38",{"$f":"IF($G47=\"ORSE\",VLOOKUP($H47,ORSE_INSUM!A:E,2,0),IF($G47=\"SINAPI\",VLOOKUP($H47,SINAPI_INSUM!A:E,2,0),IF($G47=\"SEINFRA\",VLOOKUP($H47,SEINFRA_INSUM!B:F,2,0),IF($G47=\"COTAÇÃO\",VLOOKUP($H47,'COTAÇÃO - MAT_CONSUMO'!B:L,2,0),\"\"))))","v":"Kit de acessorios para compressor de ar (pistola, mangueira, pulverizador, calibrador)"},"Ud",1,{"$f":"IF($G47=\"ORSE\",VLOOKUP($H47,ORSE_INSUM!A:E,4,0),IF($G47=\"SINAPI\",VLOOKUP($H47,SINAPI_INSUM!A:E,5,0),IF($G47=\"SEINFRA\",VLOOKUP($H47,SEINFRA_INSUM!B:F,4,0),IF($G47=\"COTAÇÃO\",VLOOKUP($H47,'COTAÇÃO - MAT_CONSUMO'!B:L,10,0),\"\"))))","v":89.9},89.9,"COTAÇÃO",107]
["1.1.2.39",{"$f":"IF($G48=\"ORSE\",VLOOKUP($H48,ORSE_INSUM!A:E,2,0),IF($G48=\"SINAPI\",VLOOKUP($H48,SINAPI_INSUM!A:E,2,0),IF($G48=\"SEINFRA\",VLOOKUP($H48,SEINFRA_INSUM!B:F,2,0),IF($G48=\"COTAÇÃO\",VLOOKUP($H48,'COTAÇÃO - MAT_CONSUMO'!B:L,2,0),\"\"))))","v":"Máquina de solda de 250A - portátil"},"Ud",1,{"$f":"IF($G48=\"ORSE\",VLOOKUP($H48,ORSE_INSUM!A:E,4,0),IF($G48=\"SINAPI\",VLOOKUP($H48,SINAPI_INSUM!A:E,5,0),IF($G48=\"SEINFRA\",VLOOKUP($H48,SEINFRA_INSUM!B:F,4,0),IF($G48=\"COTAÇÃO\",VLOOKUP($H48,'COTAÇÃO - MAT_CONSUMO'!B:L,10,0),\"\"))))","v":388.9},388.9,"COTAÇÃO",102]
["1.1.2.40",{"$f":"IF($G49=\"ORSE\",VLOOKUP($H49,ORSE_INSUM!A:E,2,0),IF($G49=\"SINAPI\",VLOOKUP($H49,SINAPI_INSUM!A:E,2,0),IF($G49=\"SEINFRA\",VLOOKUP($H49,SEINFRA_INSUM!B:F,2,0),IF($G49=\"COTAÇÃO\",VLOOKUP($H49,'COTAÇÃO - MAT_CONSUMO'!B:L,2,0),\"\"))))","v":"Máquina de solda de 425A - trifasica"},"Ud",1,{"$f":"IF($G49=\"ORSE\",VLOOKUP($H49,ORSE_INSUM!A:E,4,0),IF($G49=\"SINAPI\",VLOOKUP($H49,SINAPI_INSUM!A:E,5,0),IF($G49=\"SEINFRA\",VLOOKUP($H49,SEINFRA_INSUM!B:F,4,0),IF($G49=\"COTAÇÃO\",VLOOKUP($H49,'COTAÇÃO - MAT_CONSUMO'!B:L,10,0),\"\"))))","v":3099.9},3099.9,"COTAÇÃO",103]
["1.1.2.41",{"$f":"IF($G50=\"ORSE\",VLOOKUP($H50,ORSE_INSUM!A:E,2,0),IF($G50=\"SINAPI\",VLOOKUP($H50,SINAPI_INSUM!A:E,2,0),IF($G50=\"SEINFRA\",VLOOKUP($H50,SEINFRA_INSUM!B:F,2,0),IF($G50=\"COTAÇÃO\",VLOOKUP($H50,'COTAÇÃO - MAT_CONSUMO'!B:L,2,0),\"\"))))","v":"Martelete Sds-Plus 820w 2,7 Kg Gbh 2-24d Perfurador Rompedor Bosch ou similar"},"Ud",1,{"$f":"IF($G50=\"ORSE\",VLOOKUP($H50,ORSE_INSUM!A:E,4,0),IF($G50=\"SINAPI\",VLOOKUP($H50,SINAPI_INSUM!A:E,5,0),IF($G50=\"SEINFRA\",VLOOKUP($H50,SEINFRA_INSUM!B:F,4,0),IF($G50=\"COTAÇÃO\",VLOOKUP($H50,'COTAÇÃO - MAT_CONSUMO'!B:L,10,0),\"\"))))","v":499.9},499.9,"COTAÇÃO",44]
["1.1.2.42",{"$f":"IF($G51=\"ORSE\",VLOOKUP($H51,ORSE_INSUM!A:E,2,0),IF($G51=\"SINAPI\",VLOOKUP($H51,SINAPI_INSUM!A:E,2,0),IF($G51=\"SEINFRA\",VLOOKUP($H51,SEINFRA_INSUM!B:F,2,0),IF($G51=\"COTAÇÃO\",VLOOKUP($H51,'COTAÇÃO - MAT_CONSUMO'!B:L,2,0),\"\"))))","v":"Medidor Analisador Digital de Vibrações, intervalo de frequência de 10Hz a 1kHz - medição de acordo com a norma ISO 2954 - sensor de vibração e base magnética. Medição de aceleração, velocidade e deslocamento - rms, valor de pico - sáida RS 232 - display LCD com gráfico de barras (BARGRAPH) - memória interna para até 500 medições."},"Ud",1,{"$f":"IF($G51=\"ORSE\",VLOOKUP($H51,ORSE_INSUM!A:E,4,0),IF($G51=\"SINAPI\",VLOOKUP($H51,SINAPI_INSUM!A:E,5,0),IF($G51=\"SEINFRA\",VLOOKUP($H51,SEINFRA_INSUM!B:F,4,0),IF($G51=\"COTAÇÃO\",VLOOKUP($H51,'COTAÇÃO - MAT_CONSUMO'!B:L,10,0),\"\"))))","v":3999.99},3999.99,"COTAÇÃO",81]
["1.1.2.43",{"$f":"IF($G52=\"ORSE\",VLOOKUP($H52,ORSE_INSUM!A:E,2,0),IF($G52=\"SINAPI\",VLOOKUP($H52,SINAPI_INSUM!A:E,2,0),IF($G52=\"SEINFRA\",VLOOKUP($H52,SEINFRA_INSUM!B:F,2,0),IF($G52=\"COTAÇÃO\",VLOOKUP($H52,'COTAÇÃO - MAT_CONSUMO'!B:L,2,0),\"\"))))","v":"Megôhmetro digital portatil 750 -1000V/ 4000MOhm"},"Ud",1,{"$f":"IF($G52=\"ORSE\",VLOOKUP($H52,ORSE_INSUM!A:E,4,0),IF($G52=\"SINAPI\",VLOOKUP($H52,SINAPI_INSUM!A:E,5,0),IF($G52=\"SEINFRA\",VLOOKUP($H52,SEINFRA_INSUM!B:F,4,0),IF($G52=\"COTAÇÃO\",VLOOKUP($H52,'COTAÇÃO - MAT_CONSUMO'!B:L,10,0),\"\"))))","v":731},731,"COTAÇÃO",104]
["1.1.2.44",{"$f":"IF($G53=\"ORSE\",VLOOKUP($H53,ORSE_INSUM!A:E,2,0),IF($G53=\"SINAPI\",VLOOKUP($H53,SINAPI_INSUM!A:E,2,0),IF($G53=\"SEINFRA\",VLOOKUP($H53,SEINFRA_INSUM!B:F,2,0),IF($G53=\"COTAÇÃO\",VLOOKUP($H53,'COTAÇÃO - MAT_CONSUMO'!B:L,2,0),\"\"))))","v":"Megôhmetroanalogico portatil 15000V / 4000MOhm"},"Ud",1,{"$f":"IF($G53=\"ORSE\",VLOOKUP($H53,ORSE_INSUM!A:E,4,0),IF($G53=\"SINAPI\",VLOOKUP($H53,SINAPI_INSUM!A:E,5,0),IF($G53=\"SEINFRA\",VLOOKUP($H53,SEINFRA_INSUM!B:F,4,0),IF($G53=\"COTAÇÃO\",VLOOKUP($H53,'COTAÇÃO - MAT_CONSUMO'!B:L,10,0),\"\"))))","v":13431.99},13431.99,"COTAÇÃO",105]
["1.1.2.45",{"$f":"IF($G54=\"ORSE\",VLOOKUP($H54,ORSE_INSUM!A:E,2,0),IF($G54=\"SINAPI\",VLOOKUP($H54,SINAPI_INSUM!A:E,2,0),IF($G54=\"SEINFRA\",VLOOKUP($H54,SEINFRA_INSUM!B:F,2,0),IF($G54=\"COTAÇÃO\",VLOOKUP($H54,'COTAÇÃO - MAT_CONSUMO'!B:L,2,0),\"\"))))","v":"Micrômetro externo 100 - 125mm"},"Ud",1,{"$f":"IF($G54=\"ORSE\",VLOOKUP($H54,ORSE_INSUM!A:E,4,0),IF($G54=\"SINAPI\",VLOOKUP($H54,SINAPI_INSUM!A:E,5,0),IF($G54=\"SEINFRA\",VLOOKUP($H54,SEINFRA_INSUM!B:F,4,0),IF($G54=\"COTAÇÃO\",VLOOKUP($H54,'COTAÇÃO - MAT_CONSUMO'!B:L,10,0),\"\"))))","v":245},245,"COTAÇÃO",19]
["1.1.2.46",{"$f":"IF($G55=\"ORSE\",VLOOKUP($H55,ORSE_INSUM!A:E,2,0),IF($G55=\"SINAPI\",VLOOKUP($H55,SINAPI_INSUM!A:E,2,0),IF($G55=\"SEINFRA\",VLOOKUP($H55,SEINFRA_INSUM!B:F,2,0),IF($G55=\"COTAÇÃO\",VLOOKUP($H55,'COTAÇÃO - MAT_CONSUMO'!B:L,2,0),\"\"))))","v":"Micrômetro externo 75 - 100 mm"},"Ud",1,{"$f":"IF($G55=\"ORSE\",VLOOKUP($H55,ORSE_INSUM!A:E,4,0),IF($G55=\"SINAPI\",VLOOKUP($H55,SINAPI_INSUM!A:E,5,0),IF($G55=\"SEINFRA\",VLOOKUP($H55,SEINFRA_INSUM!B:F,4,0),IF($G55=\"COTAÇÃO\",VLOOKUP($H55,'COTAÇÃO - MAT_CONSUMO'!B:L,10,0),\"\"))))","v":161.04},161.04,"COTAÇÃO",18]
["1.1.2.47",{"$f":"IF($G56=\"ORSE\",VLOOKUP($H56,ORSE_INSUM!A:E,2,0),IF($G56=\"SINAPI\",VLOOKUP($H56,SINAPI_INSUM!A:E,2,0),IF($G56=\"SEINFRA\",VLOOKUP($H56,SEINFRA_INSUM!B:F,2,0),IF($G56=\"COTAÇÃO\",VLOOKUP($H56,'COTAÇÃO - MAT_CONSUMO'!B:L,2,0),\"\"))))","v":"Micrômetro interno 50 - 150mm"},"Ud",1,{"$f":"IF($G56=\"ORSE\",VLOOKUP($H56,ORSE_INSUM!A:E,4,0),IF($G56=\"SINAPI\",VLOOKUP($H56,SINAPI_INSUM!A:E,5,0),IF($G56=\"SEINFRA\",VLOOKUP($H56,SEINFRA_INSUM!B:F,4,0),IF($G56=\"COTAÇÃO\",VLOOKUP($H56,'COTAÇÃO - MAT_CONSUMO'!B:L,10,0),\"\"))))","v":683.63},683.63,"COTAÇÃO",106]
["1.1.2.48",{"$f":"IF($G57=\"ORSE\",VLOOKUP($H57,ORSE_INSUM!A:E,2,0),IF($G57=\"SINAPI\",VLOOKUP($H57,SINAPI_INSUM!A:E,2,0),IF($G57=\"SEINFRA\",VLOOKUP($H57,SEINFRA_INSUM!B:F,2,0),IF($G57=\"COTAÇÃO\",VLOOKUP($H57,'COTAÇÃO - MAT_CONSUMO'!B:L,2,0),\"\"))))","v":"Morsa p/ bancada nº 02"},"Ud",1,{"$f":"IF($G57=\"ORSE\",VLOOKUP($H57,ORSE_INSUM!A:E,4,0),IF($G57=\"SINAPI\",VLOOKUP($H57,SINAPI_INSUM!A:E,5,0),IF($G57=\"SEINFRA\",VLOOKUP($H57,SEINFRA_INSUM!B:F,4,0),IF($G57=\"COTAÇÃO\",VLOOKUP($H57,'COTAÇÃO - MAT_CONSUMO'!B:L,10,0),\"\"))))","v":56.34},56.34,"COTAÇÃO",1001]
["1.1.2.49",{"$f":"IF($G58=\"ORSE\",VLOOKUP($H58,ORSE_INSUM!A:E,2,0),IF($G58=\"SINAPI\",VLOOKUP($H58,SINAPI_INSUM!A:E,2,0),IF($G58=\"SEINFRA\",VLOOKUP($H58,SEINFRA_INSUM!B:F,2,0),IF($G58=\"COTAÇÃO\",VLOOKUP($H58,'COTAÇÃO - MAT_CONSUMO'!B:L,2,0),\"\"))))","v":"Morsa p/ bancada nº 08"},"Ud",1,{"$f":"IF($G58=\"ORSE\",VLOOKUP($H58,ORSE_INSUM!A:E,4,0),IF($G58=\"SINAPI\",VLOOKUP($H58,SINAPI_INSUM!A:E,5,0),IF($G58=\"SEINFRA\",VLOOKUP($H58,SEINFRA_INSUM!B:F,4,0),IF($G58=\"COTAÇÃO\",VLOOKUP($H58,'COTAÇÃO - MAT_CONSUMO'!B:L,10,0),\"\"))))","v":49.9},49.9,"COTAÇÃO",751]
["1.1.2.50",{"$f":"IF($G59=\"ORSE\",VLOOKUP($H59,ORSE_INSUM!A:E,2,0),IF($G59=\"SINAPI\",VLOOKUP($H59,SINAPI_INSUM!A:E,2,0),IF($G59=\"SEINFRA\",VLOOKUP($H59,SEINFRA_INSUM!B:F,2,0),IF($G59=\"COTAÇÃO\",VLOOKUP($H59,'COTAÇÃO - MAT_CONSUMO'!B:L,2,0),\"\"))))","v":"MOTOBOMBA AUTOESCORVANTE MOTOR A GASOLINA, POTENCIA 6,0HP, BOCAIS 3\" X 3\", HM/Q = 5 MCA / 24 M3/H A 52,5 MCA / 5,0 M3/H"},"Ud",1,{"$f":"IF($G59=\"ORSE\",VLOOKUP($H59,ORSE_INSUM!A:E,4,0),IF($G59=\"SINAPI\",VLOOKUP($H59,SINAPI_INSUM!A:E,5,0),IF($G59=\"SEINFRA\",VLOOKUP($H59,SEINFRA_INSUM!B:F,4,0),IF($G59=\"COTAÇÃO\",VLOOKUP($H59,'COTAÇÃO - MAT_CONSUMO'!B:L,10,0),\"\"))))","v":"1.671,48"},1671.48,"SINAPI",14252]
["1.1.2.51",{"$f":"IF($G60=\"ORSE\",VLOOKUP($H60,ORSE_INSUM!A:E,2,0),IF($G60=\"SINAPI\",VLOOKUP($H60,SINAPI_INSUM!A:E,2,0),IF($G60=\"SEINFRA\",VLOOKUP($H60,SEINFRA_INSUM!B:F,2,0),IF($G60=\"COTAÇÃO\",VLOOKUP($H60,'COTAÇÃO - MAT_CONSUMO'!B:L,2,0),\"\"))))","v":"Motoesmeril de 1cv - 3.500 RPM"},"Ud",1,{"$f":"IF($G60=\"ORSE\",VLOOKUP($H60,ORSE_INSUM!A:E,4,0),IF($G60=\"SINAPI\",VLOOKUP($H60,SINAPI_INSUM!A:E,5,0),IF($G60=\"SEINFRA\",VLOOKUP($H60,SEINFRA_INSUM!B:F,4,0),IF($G60=\"COTAÇÃO\",VLOOKUP($H60,'COTAÇÃO - MAT_CONSUMO'!B:L,10,0),\"\"))))","v":629},629,"COTAÇÃO",78]
["1.1.2.52",{"$f":"IF($G61=\"ORSE\",VLOOKUP($H61,ORSE_INSUM!A:E,2,0),IF($G61=\"SINAPI\",VLOOKUP($H61,SINAPI_INSUM!A:E,2,0),IF($G61=\"SEINFRA\",VLOOKUP($H61,SEINFRA_INSUM!B:F,2,0),IF($G61=\"COTAÇÃO\",VLOOKUP($H61,'COTAÇÃO - MAT_CONSUMO'!B:L,2,0),\"\"))))","v":"Motosserra portatil 62cc, a gasolina"},"Ud",1,{"$f":"IF($G61=\"ORSE\",VLOOKUP($H61,ORSE_INSUM!A:E,4,0),IF($G61=\"SINAPI\",VLOOKUP($H61,SINAPI_INSUM!A:E,5,0),IF($G61=\"SEINFRA\",VLOOKUP($H61,SEINFRA_INSUM!B:F,4,0),IF($G61=\"COTAÇÃO\",VLOOKUP($H61,'COTAÇÃO - MAT_CONSUMO'!B:L,10,0),\"\"))))","v":809.9},809.9,"COTAÇÃO",111]
["1.1.2.53",{"$f":"IF($G62=\"ORSE\",VLOOKUP($H62,ORSE_INSUM!A:E,2,0),IF($G62=\"SINAPI\",VLOOKUP($H62,SINAPI_INSUM!A:E,2,0),IF($G62=\"SEINFRA\",VLOOKUP($H62,SEINFRA_INSUM!B:F,2,0),IF($G62=\"COTAÇÃO\",VLOOKUP($H62,'COTAÇÃO - MAT_CONSUMO'!B:L,2,0),\"\"))))","v":"Multiteste digital, medição de tensão, corrente, resistência, capacitância, frequencia"},"Ud",2,{"$f":"IF($G62=\"ORSE\",VLOOKUP($H62,ORSE_INSUM!A:E,4,0),IF($G62=\"SINAPI\",VLOOKUP($H62,SINAPI_INSUM!A:E,5,0),IF($G62=\"SEINFRA\",VLOOKUP($H62,SEINFRA_INSUM!B:F,4,0),IF($G62=\"COTAÇÃO\",VLOOKUP($H62,'COTAÇÃO - MAT_CONSUMO'!B:L,10,0),\"\"))))","v":107.63},215.26,"COTAÇÃO",178]
["1.1.2.54",{"$f":"IF($G63=\"ORSE\",VLOOKUP($H63,ORSE_INSUM!A:E,2,0),IF($G63=\"SINAPI\",VLOOKUP($H63,SINAPI_INSUM!A:E,2,0),IF($G63=\"SEINFRA\",VLOOKUP($H63,SEINFRA_INSUM!B:F,2,0),IF($G63=\"COTAÇÃO\",VLOOKUP($H63,'COTAÇÃO - MAT_CONSUMO'!B:L,2,0),\"\"))))","v":"Paquímetro universal 0 - 200mm/0,02mm"},"Ud",1,{"$f":"IF($G63=\"ORSE\",VLOOKUP($H63,ORSE_INSUM!A:E,4,0),IF($G63=\"SINAPI\",VLOOKUP($H63,SINAPI_INSUM!A:E,5,0),IF($G63=\"SEINFRA\",VLOOKUP($H63,SEINFRA_INSUM!B:F,4,0),IF($G63=\"COTAÇÃO\",VLOOKUP($H63,'COTAÇÃO - MAT_CONSUMO'!B:L,10,0),\"\"))))","v":203.99},203.99,"COTAÇÃO",77]
["1.1.2.55",{"$f":"IF($G64=\"ORSE\",VLOOKUP($H64,ORSE_INSUM!A:E,2,0),IF($G64=\"SINAPI\",VLOOKUP($H64,SINAPI_INSUM!A:E,2,0),IF($G64=\"SEINFRA\",VLOOKUP($H64,SEINFRA_INSUM!B:F,2,0),IF($G64=\"COTAÇÃO\",VLOOKUP($H64,'COTAÇÃO - MAT_CONSUMO'!B:L,2,0),\"\"))))","v":"Prensa Hidráulica 15 Ton."},"Ud",1,{"$f":"IF($G64=\"ORSE\",VLOOKUP($H64,ORSE_INSUM!A:E,4,0),IF($G64=\"SINAPI\",VLOOKUP($H64,SINAPI_INSUM!A:E,5,0),IF($G64=\"SEINFRA\",VLOOKUP($H64,SEINFRA_INSUM!B:F,4,0),IF($G64=\"COTAÇÃO\",VLOOKUP($H64,'COTAÇÃO - MAT_CONSUMO'!B:L,10,0),\"\"))))","v":725.21},725.21,"COTAÇÃO",1000]
["1.1.2.56",{"$f":"IF($G65=\"ORSE\",VLOOKUP($H65,ORSE_INSUM!A:E,2,0),IF($G65=\"SINAPI\",VLOOKUP($H65,SINAPI_INSUM!A:E,2,0),IF($G65=\"SEINFRA\",VLOOKUP($H65,SEINFRA_INSUM!B:F,2,0),IF($G65=\"COTAÇÃO\",VLOOKUP($H65,'COTAÇÃO - MAT_CONSUMO'!B:L,2,0),\"\"))))","v":"Pulverizador costal 20 l"},"Ud",1,{"$f":"IF($G65=\"ORSE\",VLOOKUP($H65,ORSE_INSUM!A:E,4,0),IF($G65=\"SINAPI\",VLOOKUP($H65,SINAPI_INSUM!A:E,5,0),IF($G65=\"SEINFRA\",VLOOKUP($H65,SEINFRA_INSUM!B:F,4,0),IF($G65=\"COTAÇÃO\",VLOOKUP($H65,'COTAÇÃO - MAT_CONSUMO'!B:L,10,0),\"\"))))","v":609.99},609.99,"COTAÇÃO",79]
["1.1.2.57",{"$f":"IF($G66=\"ORSE\",VLOOKUP($H66,ORSE_INSUM!A:E,2,0),IF($G66=\"SINAPI\",VLOOKUP($H66,SINAPI_INSUM!A:E,2,0),IF($G66=\"SEINFRA\",VLOOKUP($H66,SEINFRA_INSUM!B:F,2,0),IF($G66=\"COTAÇÃO\",VLOOKUP($H66,'COTAÇÃO - MAT_CONSUMO'!B:L,2,0),\"\"))))","v":"Relógio Comparador 0-10/0,01mm"},"Ud",1,{"$f":"IF($G66=\"ORSE\",VLOOKUP($H66,ORSE_INSUM!A:E,4,0),IF($G66=\"SINAPI\",VLOOKUP($H66,SINAPI_INSUM!A:E,5,0),IF($G66=\"SEINFRA\",VLOOKUP($H66,SEINFRA_INSUM!B:F,4,0),IF($G66=\"COTAÇÃO\",VLOOKUP($H66,'COTAÇÃO - MAT_CONSUMO'!B:L,10,0),\"\"))))","v":109.99},109.99,"COTAÇÃO",230]
["1.1.2.58",{"$f":"IF($G67=\"ORSE\",VLOOKUP($H67,ORSE_INSUM!A:E,2,0),IF($G67=\"SINAPI\",VLOOKUP($H67,SINAPI_INSUM!A:E,2,0),IF($G67=\"SEINFRA\",VLOOKUP($H67,SEINFRA_INSUM!B:F,2,0),IF($G67=\"COTAÇÃO\",VLOOKUP($H67,'COTAÇÃO - MAT_CONSUMO'!B:L,2,0),\"\"))))","v":"Relógio Termo-Higrômetro (minipa)"},"Ud",1,{"$f":"IF($G67=\"ORSE\",VLOOKUP($H67,ORSE_INSUM!A:E,4,0),IF($G67=\"SINAPI\",VLOOKUP($H67,SINAPI_INSUM!A:E,5,0),IF($G67=\"SEINFRA\",VLOOKUP($H67,SEINFRA_INSUM!B:F,4,0),IF($G67=\"COTAÇÃO\",VLOOKUP($H67,'COTAÇÃO - MAT_CONSUMO'!B:L,10,0),\"\"))))","v":136.96},{"$f":"ROUND(E67*D67,2)","v":136.96},"COTAÇÃO",755]
["1.1.2.59",{"$f":"IF($G68=\"ORSE\",VLOOKUP($H68,ORSE_INSUM!A:E,2,0),IF($G68=\"SINAPI\",VLOOKUP($H68,SINAPI_INSUM!A:E,2,0),IF($G68=\"SEINFRA\",VLOOKUP($H68,SEINFRA_INSUM!B:F,2,0),IF($G68=\"COTAÇÃO\",VLOOKUP($H68,'COTAÇÃO - MAT_CONSUMO'!B:L,2,0),\"\"))))","v":"Saca polia 3 garras com acionamento hidráulico, cap. 20 Ton"},"Ud",1,{"$f":"IF($G68=\"ORSE\",VLOOKUP($H68,ORSE_INSUM!A:E,4,0),IF($G68=\"SINAPI\",VLOOKUP($H68,SINAPI_INSUM!A:E,5,0),IF($G68=\"SEINFRA\",VLOOKUP($H68,SEINFRA_INSUM!B:F,4,0),IF($G68=\"COTAÇÃO\",VLOOKUP($H68,'COTAÇÃO - MAT_CONSUMO'!B:L,10,0),\"\"))))","v":1471.32},1471.32,"COTAÇÃO",790]
["1.1.2.60",{"$f":"IF($G69=\"ORSE\",VLOOKUP($H69,ORSE_INSUM!A:E,2,0),IF($G69=\"SINAPI\",VLOOKUP($H69,SINAPI_INSUM!A:E,2,0),IF($G69=\"SEINFRA\",VLOOKUP($H69,SEINFRA_INSUM!B:F,2,0),IF($G69=\"COTAÇÃO\",VLOOKUP($H69,'COTAÇÃO - MAT_CONSUMO'!B:L,2,0),\"\"))))","v":"Saca polias 3 garras deslizante 120mm"},"Ud",1,{"$f":"IF($G69=\"ORSE\",VLOOKUP($H69,ORSE_INSUM!A:E,4,0),IF($G69=\"SINAPI\",VLOOKUP($H69,SINAPI_INSUM!A:E,5,0),IF($G69=\"SEINFRA\",VLOOKUP($H69,SEINFRA_INSUM!B:F,4,0),IF($G69=\"COTAÇÃO\",VLOOKUP($H69,'COTAÇÃO - MAT_CONSUMO'!B:L,10,0),\"\"))))","v":236.9},236.9,"COTAÇÃO",133]
["1.1.2.61",{"$f":"IF($G70=\"ORSE\",VLOOKUP($H70,ORSE_INSUM!A:E,2,0),IF($G70=\"SINAPI\",VLOOKUP($H70,SINAPI_INSUM!A:E,2,0),IF($G70=\"SEINFRA\",VLOOKUP($H70,SEINFRA_INSUM!B:F,2,0),IF($G70=\"COTAÇÃO\",VLOOKUP($H70,'COTAÇÃO - MAT_CONSUMO'!B:L,2,0),\"\"))))","v":"Saca polias 3 garras deslizante 300mm"},"Ud",1,{"$f":"IF($G70=\"ORSE\",VLOOKUP($H70,ORSE_INSUM!A:E,4,0),IF($G70=\"SINAPI\",VLOOKUP($H70,SINAPI_INSUM!A:E,5,0),IF($G70=\"SEINFRA\",VLOOKUP($H70,SEINFRA_INSUM!B:F,4,0),IF($G70=\"COTAÇÃO\",VLOOKUP($H70,'COTAÇÃO - MAT_CONSUMO'!B:L,10,0),\"\"))))","v":949.9},949.9,"COTAÇÃO",134]
["1.1.2.62",{"$f":"IF($G71=\"ORSE\",VLOOKUP($H71,ORSE_INSUM!A:E,2,0),IF($G71=\"SINAPI\",VLOOKUP($H71,SINAPI_INSUM!A:E,2,0),IF($G71=\"SEINFRA\",VLOOKUP($H71,SEINFRA_INSUM!B:F,2,0),IF($G71=\"COTAÇÃO\",VLOOKUP($H71,'COTAÇÃO - MAT_CONSUMO'!B:L,2,0),\"\"))))","v":"Saca ponteiros para manometro"},"Ud",1,{"$f":"IF($G71=\"ORSE\",VLOOKUP($H71,ORSE_INSUM!A:E,4,0),IF($G71=\"SINAPI\",VLOOKUP($H71,SINAPI_INSUM!A:E,5,0),IF($G71=\"SEINFRA\",VLOOKUP($H71,SEINFRA_INSUM!B:F,4,0),IF($G71=\"COTAÇÃO\",VLOOKUP($H71,'COTAÇÃO - MAT_CONSUMO'!B:L,10,0),\"\"))))","v":30.7},30.7,"COTAÇÃO",126]
["1.1.2.63",{"$f":"IF($G72=\"ORSE\",VLOOKUP($H72,ORSE_INSUM!A:E,2,0),IF($G72=\"SINAPI\",VLOOKUP($H72,SINAPI_INSUM!A:E,2,0),IF($G72=\"SEINFRA\",VLOOKUP($H72,SEINFRA_INSUM!B:F,2,0),IF($G72=\"COTAÇÃO\",VLOOKUP($H72,'COTAÇÃO - MAT_CONSUMO'!B:L,2,0),\"\"))))","v":"Soprador Termico 2000w 220v"},"Ud",1,{"$f":"IF($G72=\"ORSE\",VLOOKUP($H72,ORSE_INSUM!A:E,4,0),IF($G72=\"SINAPI\",VLOOKUP($H72,SINAPI_INSUM!A:E,5,0),IF($G72=\"SEINFRA\",VLOOKUP($H72,SEINFRA_INSUM!B:F,4,0),IF($G72=\"COTAÇÃO\",VLOOKUP($H72,'COTAÇÃO - MAT_CONSUMO'!B:L,10,0),\"\"))))","v":229.9},229.9,"COTAÇÃO",125]
["1.1.2.64",{"$f":"IF($G73=\"ORSE\",VLOOKUP($H73,ORSE_INSUM!A:E,2,0),IF($G73=\"SINAPI\",VLOOKUP($H73,SINAPI_INSUM!A:E,2,0),IF($G73=\"SEINFRA\",VLOOKUP($H73,SEINFRA_INSUM!B:F,2,0),IF($G73=\"COTAÇÃO\",VLOOKUP($H73,'COTAÇÃO - MAT_CONSUMO'!B:L,2,0),\"\"))))","v":"Tacômetro digital sem contato, Faixa: 5 ~ 10.000 RPM"},"Ud",1,{"$f":"IF($G73=\"ORSE\",VLOOKUP($H73,ORSE_INSUM!A:E,4,0),IF($G73=\"SINAPI\",VLOOKUP($H73,SINAPI_INSUM!A:E,5,0),IF($G73=\"SEINFRA\",VLOOKUP($H73,SEINFRA_INSUM!B:F,4,0),IF($G73=\"COTAÇÃO\",VLOOKUP($H73,'COTAÇÃO - MAT_CONSUMO'!B:L,10,0),\"\"))))","v":729.83},729.83,"COTAÇÃO",150]
["1.1.2.65",{"$f":"IF($G74=\"ORSE\",VLOOKUP($H74,ORSE_INSUM!A:E,2,0),IF($G74=\"SINAPI\",VLOOKUP($H74,SINAPI_INSUM!A:E,2,0),IF($G74=\"SEINFRA\",VLOOKUP($H74,SEINFRA_INSUM!B:F,2,0),IF($G74=\"COTAÇÃO\",VLOOKUP($H74,'COTAÇÃO - MAT_CONSUMO'!B:L,2,0),\"\"))))","v":"Termômetro Digital Infravermelho com Mira a Laser -50 a 800°C\nMINIPA-MT350A"},"Ud",1,{"$f":"IF($G74=\"ORSE\",VLOOKUP($H74,ORSE_INSUM!A:E,4,0),IF($G74=\"SINAPI\",VLOOKUP($H74,SINAPI_INSUM!A:E,5,0),IF($G74=\"SEINFRA\",VLOOKUP($H74,SEINFRA_INSUM!B:F,4,0),IF($G74=\"COTAÇÃO\",VLOOKUP($H74,'COTAÇÃO - MAT_CONSUMO'!B:L,10,0),\"\"))))","v":99.9},99.9,"COTAÇÃO",123]
["1.1.2.66",{"$f":"IF($G75=\"ORSE\",VLOOKUP($H75,ORSE_INSUM!A:E,2,0),IF($G75=\"SINAPI\",VLOOKUP($H75,SINAPI_INSUM!A:E,2,0),IF($G75=\"SEINFRA\",VLOOKUP($H75,SEINFRA_INSUM!B:F,2,0),IF($G75=\"COTAÇÃO\",VLOOKUP($H75,'COTAÇÃO - MAT_CONSUMO'!B:L,2,0),\"\"))))","v":"Termovisor com Field of view - FOV 25° x 25° - REF. FLIR E06"},"Ud",1,{"$f":"IF($G75=\"ORSE\",VLOOKUP($H75,ORSE_INSUM!A:E,4,0),IF($G75=\"SINAPI\",VLOOKUP($H75,SINAPI_INSUM!A:E,5,0),IF($G75=\"SEINFRA\",VLOOKUP($H75,SEINFRA_INSUM!B:F,4,0),IF($G75=\"COTAÇÃO\",VLOOKUP($H75,'COTAÇÃO - MAT_CONSUMO'!B:L,10,0),\"\"))))","v":10159.950000000001},10159.950000000001,"COTAÇÃO",124]
["1.1.2.67",{"$f":"IF($G76=\"ORSE\",VLOOKUP($H76,ORSE_INSUM!A:E,2,0),IF($G76=\"SINAPI\",VLOOKUP($H76,SINAPI_INSUM!A:E,2,0),IF($G76=\"SEINFRA\",VLOOKUP($H76,SEINFRA_INSUM!B:F,2,0),IF($G76=\"COTAÇÃO\",VLOOKUP($H76,'COTAÇÃO - MAT_CONSUMO'!B:L,2,0),\"\"))))","v":"Terrometro digital"},"Ud",1,{"$f":"IF($G76=\"ORSE\",VLOOKUP($H76,ORSE_INSUM!A:E,4,0),IF($G76=\"SINAPI\",VLOOKUP($H76,SINAPI_INSUM!A:E,5,0),IF($G76=\"SEINFRA\",VLOOKUP($H76,SEINFRA_INSUM!B:F,4,0),IF($G76=\"COTAÇÃO\",VLOOKUP($H76,'COTAÇÃO - MAT_CONSUMO'!B:L,10,0),\"\"))))","v":1121},1121,"COTAÇÃO",121]
["1.1.2.68",{"$f":"IF($G77=\"ORSE\",VLOOKUP($H77,ORSE_INSUM!A:E,2,0),IF($G77=\"SINAPI\",VLOOKUP($H77,SINAPI_INSUM!A:E,2,0),IF($G77=\"SEINFRA\",VLOOKUP($H77,SEINFRA_INSUM!B:F,2,0),IF($G77=\"COTAÇÃO\",VLOOKUP($H77,'COTAÇÃO - MAT_CONSUMO'!B:L,2,0),\"\"))))","v":"Teste de bateria, analogico ou micropocessado, para testes em baterias de 200A"},"Ud",1,{"$f":"IF($G77=\"ORSE\",VLOOKUP($H77,ORSE_INSUM!A:E,4,0),IF($G77=\"SINAPI\",VLOOKUP($H77,SINAPI_INSUM!A:E,5,0),IF($G77=\"SEINFRA\",VLOOKUP($H77,SEINFRA_INSUM!B:F,4,0),IF($G77=\"COTAÇÃO\",VLOOKUP($H77,'COTAÇÃO - MAT_CONSUMO'!B:L,10,0),\"\"))))","v":999.89},999.89,"COTAÇÃO",110]
["1.1.2.69",{"$f":"IF($G78=\"ORSE\",VLOOKUP($H78,ORSE_INSUM!A:E,2,0),IF($G78=\"SINAPI\",VLOOKUP($H78,SINAPI_INSUM!A:E,2,0),IF($G78=\"SEINFRA\",VLOOKUP($H78,SEINFRA_INSUM!B:F,2,0),IF($G78=\"COTAÇÃO\",VLOOKUP($H78,'COTAÇÃO - MAT_CONSUMO'!B:L,2,0),\"\"))))","v":"Torquímetro de Estalo, Industrial, com Encaixe de 1/2 Pol. 40 - 200 Nm"},"Ud",1,{"$f":"IF($G78=\"ORSE\",VLOOKUP($H78,ORSE_INSUM!A:E,4,0),IF($G78=\"SINAPI\",VLOOKUP($H78,SINAPI_INSUM!A:E,5,0),IF($G78=\"SEINFRA\",VLOOKUP($H78,SEINFRA_INSUM!B:F,4,0),IF($G78=\"COTAÇÃO\",VLOOKUP($H78,'COTAÇÃO - MAT_CONSUMO'!B:L,10,0),\"\"))))","v":1136.49},1136.49,"COTAÇÃO",122]
["1.1.2.70",{"$f":"IF($G79=\"ORSE\",VLOOKUP($H79,ORSE_INSUM!A:E,2,0),IF($G79=\"SINAPI\",VLOOKUP($H79,SINAPI_INSUM!A:E,2,0),IF($G79=\"SEINFRA\",VLOOKUP($H79,SEINFRA_INSUM!B:F,2,0),IF($G79=\"COTAÇÃO\",VLOOKUP($H79,'COTAÇÃO - MAT_CONSUMO'!B:L,2,0),\"\"))))","v":"Vara de Manobra - telescopica ou 5 elementos"},"Ud",1,{"$f":"IF($G79=\"ORSE\",VLOOKUP($H79,ORSE_INSUM!A:E,4,0),IF($G79=\"SINAPI\",VLOOKUP($H79,SINAPI_INSUM!A:E,5,0),IF($G79=\"SEINFRA\",VLOOKUP($H79,SEINFRA_INSUM!B:F,4,0),IF($G79=\"COTAÇÃO\",VLOOKUP($H79,'COTAÇÃO - MAT_CONSUMO'!B:L,10,0),\"\"))))","v":775},775,"COTAÇÃO",86]
[null,"                      "]
["TOTAL",{"$nulls":4},{"$f":"SUM(F10:F80)","v":112011.38}]
["BDI DE FORNECIMENTO",null,null,null,{"$f":"'BDI - FORNECIMENTOS'!$C$31","v":0.109},{"$f":"ROUND(F81*E82,2)","v":12209.24}]
["TOTAL COM BDI DE FORNECIMENTO",{"$nulls":4},{"$f":"F81*'BDI - FORNECIMENTOS'!C31+F81","v":124220.62}]

{"sheet":"1.1.2A. Custo Conjuntos Ferr.","index":4,"n_rows":118,"n_cols":8,"rows_kept":118,"cut":false,"hidden":false,"merged":[[88,1,88,4],[117,1,117,4],[48,7,49,7],[90,0,90,5],[92,0,93,0],[92,1,93,1],[92,2,93,2],[92,3,93,3],[92,4,92,5],[92,6,93,6],[92,7,93,7],[2,6,3,6],[2,7,3,7],[46,0,46,5],[48,0,49,0],[48,1,49,1],[48,2,49,2],[48,3,49,3],[48,4,48,5],[48,6,49,6],[44,1,44,4],[0,0,0,5],[2,0,3,0],[2,1,3,1],[2,2,3,2],[2,3,3,3],[2,4,2,5]]}
["* CONJUNTO DE FERRAMENTAS PARA  ELETROTÉCNICO/ELETRÔNICO/ELETRICISTA"]
[{"$nulls":7},"REF. JUL/18"]
["Item","DESCRIÇÃO","UNID.","QUANT.","VALOR",null,"REF.TAB.","Cód. TAB."]
[{"$nulls":4},"UNIT. (R$)","TOTAL (R$)"]
[]
["1.1.2.20.1",{"$f":"IF($G6=\"ORSE\",VLOOKUP($H6,ORSE_INSUM!A:E,2,0),IF($G6=\"SINAPI\",VLOOKUP($H6,SINAPI_INSUM!A:E,2,0),IF($G6=\"SEINFRA\",VLOOKUP($H6,SEINFRA_INSUM!B:F,2,0),IF($G6=\"COTAÇÃO\",VLOOKUP($H6,'COTAÇÃO - MAT_CONSUMO'!B:L,2,0),\"\"))))","v":"Alicate de bico reto 6 1/2\""},"Ud",1,{"$f":"IF($G6=\"ORSE\",VLOOKUP($H6,ORSE_INSUM!A:E,4,0),IF($G6=\"SINAPI\",VLOOKUP($H6,SINAPI_INSUM!A:E,5,0),IF($G6=\"SEINFRA\",VLOOKUP($H6,SEINFRA_INSUM!B:F,4,0),IF($G6=\"COTAÇÃO\",VLOOKUP($H6,'COTAÇÃO - MAT_CONSUMO'!B:L,10,0),\"\"))))","v":56.67},{"$f":"ROUND(E6*D6,2)","v":56.67},"COTAÇÃO",56]
["1.1.2.20.2",{"$f":"IF($G7=\"ORSE\",VLOOKUP($H7,ORSE_INSUM!A:E,2,0),IF($G7=\"SINAPI\",VLOOKUP($H7,SINAPI_INSUM!A:E,2,0),IF($G7=\"SEINFRA\",VLOOKUP($H7,SEINFRA_INSUM!B:F,2,0),IF($G7=\"COTAÇÃO\",VLOOKUP($H7,'COTAÇÃO - MAT_CONSUMO'!B:L,2,0),\"\"))))","v":"ALICATE DIAGONAL PARA CORTE RENTE 5\" A 8\""},"Ud",1,{"$f":"IF($G7=\"ORSE\",VLOOKUP($H7,ORSE_INSUM!A:E,4,0),IF($G7=\"SINAPI\",VLOOKUP($H7,SINAPI_INSUM!A:E,5,0),IF($G7=\"SEINFRA\",VLOOKUP($H7,SEINFRA_INSUM!B:F,4,0),IF($G7=\"COTAÇÃO\",VLOOKUP($H7,'COTAÇÃO - MAT_CONSUMO'!B:L,10,0),\"\"))))","v":24.5},24.5,"ORSE",11278]
["1.1.2.20.3",{"$f":"IF($G8=\"ORSE\",VLOOKUP($H8,ORSE_INSUM!A:E,2,0),IF($G8=\"SINAPI\",VLOOKUP($H8,SINAPI_INSUM!A:E,2,0),IF($G8=\"SEINFRA\",VLOOKUP($H8,SEINFRA_INSUM!B:F,2,0),IF($G8=\"COTAÇÃO\",VLOOKUP($H8,'COTAÇÃO - MAT_CONSUMO'!B:L,2,0),\"\"))))","v":"ALICATE DE PRESSÃO 11\""},"Ud",1,{"$f":"IF($G8=\"ORSE\",VLOOKUP($H8,ORSE_INSUM!A:E,4,0),IF($G8=\"SINAPI\",VLOOKUP($H8,SINAPI_INSUM!A:E,5,0),IF($G8=\"SEINFRA\",VLOOKUP($H8,SEINFRA_INSUM!B:F,4,0),IF($G8=\"COTAÇÃO\",VLOOKUP($H8,'COTAÇÃO - MAT_CONSUMO'!B:L,10,0),\"\"))))","v":15.79},15.79,"ORSE",11275]
["1.1.2.20.4",{"$f":"IF($G9=\"ORSE\",VLOOKUP($H9,ORSE_INSUM!A:E,2,0),IF($G9=\"SINAPI\",VLOOKUP($H9,SINAPI_INSUM!A:E,2,0),IF($G9=\"SEINFRA\",VLOOKUP($H9,SEINFRA_INSUM!B:F,2,0),IF($G9=\"COTAÇÃO\",VLOOKUP($H9,'COTAÇÃO - MAT_CONSUMO'!B:L,2,0),\"\"))))","v":"Alicate prensa terminal hidráulico"},"Ud",1,{"$f":"IF($G9=\"ORSE\",VLOOKUP($H9,ORSE_INSUM!A:E,4,0),IF($G9=\"SINAPI\",VLOOKUP($H9,SINAPI_INSUM!A:E,5,0),IF($G9=\"SEINFRA\",VLOOKUP($H9,SEINFRA_INSUM!B:F,4,0),IF($G9=\"COTAÇÃO\",VLOOKUP($H9,'COTAÇÃO - MAT_CONSUMO'!B:L,10,0),\"\"))))","v":398},398,"COTAÇÃO",66]
["1.1.2.20.5",{"$f":"IF($G10=\"ORSE\",VLOOKUP($H10,ORSE_INSUM!A:E,2,0),IF($G10=\"SINAPI\",VLOOKUP($H10,SINAPI_INSUM!A:E,2,0),IF($G10=\"SEINFRA\",VLOOKUP($H10,SEINFRA_INSUM!B:F,2,0),IF($G10=\"COTAÇÃO\",VLOOKUP($H10,'COTAÇÃO - MAT_CONSUMO'!B:L,2,0),\"\"))))","v":"Alicate universal 8\""},"Ud",1,{"$f":"IF($G10=\"ORSE\",VLOOKUP($H10,ORSE_INSUM!A:E,4,0),IF($G10=\"SINAPI\",VLOOKUP($H10,SINAPI_INSUM!A:E,5,0),IF($G10=\"SEINFRA\",VLOOKUP($H10,SEINFRA_INSUM!B:F,4,0),IF($G10=\"COTAÇÃO\",VLOOKUP($H10,'COTAÇÃO - MAT_CONSUMO'!B:L,10,0),\"\"))))","v":22},22,"COTAÇÃO",39]
["1.1.2.20.6",{"$f":"IF($G11=\"ORSE\",VLOOKUP($H11,ORSE_INSUM!A:E,2,0),IF($G11=\"SINAPI\",VLOOKUP($H11,SINAPI_INSUM!A:E,2,0),IF($G11=\"SEINFRA\",VLOOKUP($H11,SEINFRA_INSUM!B:F,2,0),IF($G11=\"COTAÇÃO\",VLOOKUP($H11,'COTAÇÃO - MAT_CONSUMO'!B:L,2,0),\"\"))))","v":"Caixa sanfonada com cinco gavetas"},"Ud",1,{"$f":"IF($G11=\"ORSE\",VLOOKUP($H11,ORSE_INSUM!A:E,4,0),IF($G11=\"SINAPI\",VLOOKUP($H11,SINAPI_INSUM!A:E,5,0),IF($G11=\"SEINFRA\",VLOOKUP($H11,SEINFRA_INSUM!B:F,4,0),IF($G11=\"COTAÇÃO\",VLOOKUP($H11,'COTAÇÃO - MAT_CONSUMO'!B:L,10,0),\"\"))))","v":75.25},75.25,"COTAÇÃO",42]
["1.1.2.20.7",{"$f":"IF($G12=\"ORSE\",VLOOKUP($H12,ORSE_INSUM!A:E,2,0),IF($G12=\"SINAPI\",VLOOKUP($H12,SINAPI_INSUM!A:E,2,0),IF($G12=\"SEINFRA\",VLOOKUP($H12,SEINFRA_INSUM!B:F,2,0),IF($G12=\"COTAÇÃO\",VLOOKUP($H12,'COTAÇÃO - MAT_CONSUMO'!B:L,2,0),\"\"))))","v":"Chave ajustável 12\""},"Ud",1,{"$f":"IF($G12=\"ORSE\",VLOOKUP($H12,ORSE_INSUM!A:E,4,0),IF($G12=\"SINAPI\",VLOOKUP($H12,SINAPI_INSUM!A:E,5,0),IF($G12=\"SEINFRA\",VLOOKUP($H12,SEINFRA_INSUM!B:F,4,0),IF($G12=\"COTAÇÃO\",VLOOKUP($H12,'COTAÇÃO - MAT_CONSUMO'!B:L,10,0),\"\"))))","v":52.99},52.99,"COTAÇÃO",20]
["1.1.2.20.8",{"$f":"IF($G13=\"ORSE\",VLOOKUP($H13,ORSE_INSUM!A:E,2,0),IF($G13=\"SINAPI\",VLOOKUP($H13,SINAPI_INSUM!A:E,2,0),IF($G13=\"SEINFRA\",VLOOKUP($H13,SEINFRA_INSUM!B:F,2,0),IF($G13=\"COTAÇÃO\",VLOOKUP($H13,'COTAÇÃO - MAT_CONSUMO'!B:L,2,0),\"\"))))","v":"Chave ajustável 8\""},"Ud",1,{"$f":"IF($G13=\"ORSE\",VLOOKUP($H13,ORSE_INSUM!A:E,4,0),IF($G13=\"SINAPI\",VLOOKUP($H13,SINAPI_INSUM!A:E,5,0),IF($G13=\"SEINFRA\",VLOOKUP($H13,SEINFRA_INSUM!B:F,4,0),IF($G13=\"COTAÇÃO\",VLOOKUP($H13,'COTAÇÃO - MAT_CONSUMO'!B:L,10,0),\"\"))))","v":36.99},36.99,"COTAÇÃO",21]
["1.1.2.20.9",{"$f":"IF($G14=\"ORSE\",VLOOKUP($H14,ORSE_INSUM!A:E,2,0),IF($G14=\"SINAPI\",VLOOKUP($H14,SINAPI_INSUM!A:E,2,0),IF($G14=\"SEINFRA\",VLOOKUP($H14,SEINFRA_INSUM!B:F,2,0),IF($G14=\"COTAÇÃO\",VLOOKUP($H14,'COTAÇÃO - MAT_CONSUMO'!B:L,2,0),\"\"))))","v":"Chave allen 1/4\""},"Ud",1,{"$f":"IF($G14=\"ORSE\",VLOOKUP($H14,ORSE_INSUM!A:E,4,0),IF($G14=\"SINAPI\",VLOOKUP($H14,SINAPI_INSUM!A:E,5,0),IF($G14=\"SEINFRA\",VLOOKUP($H14,SEINFRA_INSUM!B:F,4,0),IF($G14=\"COTAÇÃO\",VLOOKUP($H14,'COTAÇÃO - MAT_CONSUMO'!B:L,10,0),\"\"))))","v":3.2},3.2,"COTAÇÃO",22]
["1.1.2.20.10",{"$f":"IF($G15=\"ORSE\",VLOOKUP($H15,ORSE_INSUM!A:E,2,0),IF($G15=\"SINAPI\",VLOOKUP($H15,SINAPI_INSUM!A:E,2,0),IF($G15=\"SEINFRA\",VLOOKUP($H15,SEINFRA_INSUM!B:F,2,0),IF($G15=\"COTAÇÃO\",VLOOKUP($H15,'COTAÇÃO - MAT_CONSUMO'!B:L,2,0),\"\"))))","v":"Chave allen 1/8\""},"Ud",1,{"$f":"IF($G15=\"ORSE\",VLOOKUP($H15,ORSE_INSUM!A:E,4,0),IF($G15=\"SINAPI\",VLOOKUP($H15,SINAPI_INSUM!A:E,5,0),IF($G15=\"SEINFRA\",VLOOKUP($H15,SEINFRA_INSUM!B:F,4,0),IF($G15=\"COTAÇÃO\",VLOOKUP($H15,'COTAÇÃO - MAT_CONSUMO'!B:L,10,0),\"\"))))","v":1.98},1.98,"COTAÇÃO",23]
["1.1.2.20.11",{"$f":"IF($G16=\"ORSE\",VLOOKUP($H16,ORSE_INSUM!A:E,2,0),IF($G16=\"SINAPI\",VLOOKUP($H16,SINAPI_INSUM!A:E,2,0),IF($G16=\"SEINFRA\",VLOOKUP($H16,SEINFRA_INSUM!B:F,2,0),IF($G16=\"COTAÇÃO\",VLOOKUP($H16,'COTAÇÃO - MAT_CONSUMO'!B:L,2,0),\"\"))))","v":"Chave allen 3/16\""},"Ud",1,{"$f":"IF($G16=\"ORSE\",VLOOKUP($H16,ORSE_INSUM!A:E,4,0),IF($G16=\"SINAPI\",VLOOKUP($H16,SINAPI_INSUM!A:E,5,0),IF($G16=\"SEINFRA\",VLOOKUP($H16,SEINFRA_INSUM!B:F,4,0),IF($G16=\"COTAÇÃO\",VLOOKUP($H16,'COTAÇÃO - MAT_CONSUMO'!B:L,10,0),\"\"))))","v":2.96},2.96,"COTAÇÃO",24]
["1.1.2.20.12",{"$f":"IF($G17=\"ORSE\",VLOOKUP($H17,ORSE_INSUM!A:E,2,0),IF($G17=\"SINAPI\",VLOOKUP($H17,SINAPI_INSUM!A:E,2,0),IF($G17=\"SEINFRA\",VLOOKUP($H17,SEINFRA_INSUM!B:F,2,0),IF($G17=\"COTAÇÃO\",VLOOKUP($H17,'COTAÇÃO - MAT_CONSUMO'!B:L,2,0),\"\"))))","v":"Chave allen 3/8\""},"Ud",1,{"$f":"IF($G17=\"ORSE\",VLOOKUP($H17,ORSE_INSUM!A:E,4,0),IF($G17=\"SINAPI\",VLOOKUP($H17,SINAPI_INSUM!A:E,5,0),IF($G17=\"SEINFRA\",VLOOKUP($H17,SEINFRA_INSUM!B:F,4,0),IF($G17=\"COTAÇÃO\",VLOOKUP($H17,'COTAÇÃO - MAT_CONSUMO'!B:L,10,0),\"\"))))","v":6.6},6.6,"COTAÇÃO",25]
["1.1.2.20.13",{"$f":"IF($G18=\"ORSE\",VLOOKUP($H18,ORSE_INSUM!A:E,2,0),IF($G18=\"SINAPI\",VLOOKUP($H18,SINAPI_INSUM!A:E,2,0),IF($G18=\"SEINFRA\",VLOOKUP($H18,SEINFRA_INSUM!B:F,2,0),IF($G18=\"COTAÇÃO\",VLOOKUP($H18,'COTAÇÃO - MAT_CONSUMO'!B:L,2,0),\"\"))))","v":"Chave allen 5/16\""},"Ud",1,{"$f":"IF($G18=\"ORSE\",VLOOKUP($H18,ORSE_INSUM!A:E,4,0),IF($G18=\"SINAPI\",VLOOKUP($H18,SINAPI_INSUM!A:E,5,0),IF($G18=\"SEINFRA\",VLOOKUP($H18,SEINFRA_INSUM!B:F,4,0),IF($G18=\"COTAÇÃO\",VLOOKUP($H18,'COTAÇÃO - MAT_CONSUMO'!B:L,10,0),\"\"))))","v":5.9},5.9,"COTAÇÃO",26]
["1.1.2.20.14",{"$f":"IF($G19=\"ORSE\",VLOOKUP($H19,ORSE_INSUM!A:E,2,0),IF($G19=\"SINAPI\",VLOOKUP($H19,SINAPI_INSUM!A:E,2,0),IF($G19=\"SEINFRA\",VLOOKUP($H19,SEINFRA_INSUM!B:F,2,0),IF($G19=\"COTAÇÃO\",VLOOKUP($H19,'COTAÇÃO - MAT_CONSUMO'!B:L,2,0),\"\"))))","v":"Chave allen 5/32\""},"Ud",1,{"$f":"IF($G19=\"ORSE\",VLOOKUP($H19,ORSE_INSUM!A:E,4,0),IF($G19=\"SINAPI\",VLOOKUP($H19,SINAPI_INSUM!A:E,5,0),IF($G19=\"SEINFRA\",VLOOKUP($H19,SEINFRA_INSUM!B:F,4,0),IF($G19=\"COTAÇÃO\",VLOOKUP($H19,'COTAÇÃO - MAT_CONSUMO'!B:L,10,0),\"\"))))","v":2.58},2.58,"COTAÇÃO",27]
["1.1.2.20.15",{"$f":"IF($G20=\"ORSE\",VLOOKUP($H20,ORSE_INSUM!A:E,2,0),IF($G20=\"SINAPI\",VLOOKUP($H20,SINAPI_INSUM!A:E,2,0),IF($G20=\"SEINFRA\",VLOOKUP($H20,SEINFRA_INSUM!B:F,2,0),IF($G20=\"COTAÇÃO\",VLOOKUP($H20,'COTAÇÃO - MAT_CONSUMO'!B:L,2,0),\"\"))))","v":"Jogo de Chave Estrela  6 a 22mm"},"Ud",1,{"$f":"IF($G20=\"ORSE\",VLOOKUP($H20,ORSE_INSUM!A:E,4,0),IF($G20=\"SINAPI\",VLOOKUP($H20,SINAPI_INSUM!A:E,5,0),IF($G20=\"SEINFRA\",VLOOKUP($H20,SEINFRA_INSUM!B:F,4,0),IF($G20=\"COTAÇÃO\",VLOOKUP($H20,'COTAÇÃO - MAT_CONSUMO'!B:L,10,0),\"\"))))","v":109.99},109.99,"COTAÇÃO",28]
["1.1.2.20.16",{"$f":"IF($G21=\"ORSE\",VLOOKUP($H21,ORSE_INSUM!A:E,2,0),IF($G21=\"SINAPI\",VLOOKUP($H21,SINAPI_INSUM!A:E,2,0),IF($G21=\"SEINFRA\",VLOOKUP($H21,SEINFRA_INSUM!B:F,2,0),IF($G21=\"COTAÇÃO\",VLOOKUP($H21,'COTAÇÃO - MAT_CONSUMO'!B:L,2,0),\"\"))))","v":"Chave de fenda 1/4\" x 5\""},"Ud",1,{"$f":"IF($G21=\"ORSE\",VLOOKUP($H21,ORSE_INSUM!A:E,4,0),IF($G21=\"SINAPI\",VLOOKUP($H21,SINAPI_INSUM!A:E,5,0),IF($G21=\"SEINFRA\",VLOOKUP($H21,SEINFRA_INSUM!B:F,4,0),IF($G21=\"COTAÇÃO\",VLOOKUP($H21,'COTAÇÃO - MAT_CONSUMO'!B:L,10,0),\"\"))))","v":9.89},9.89,"COTAÇÃO",29]
["1.1.2.20.17",{"$f":"IF($G22=\"ORSE\",VLOOKUP($H22,ORSE_INSUM!A:E,2,0),IF($G22=\"SINAPI\",VLOOKUP($H22,SINAPI_INSUM!A:E,2,0),IF($G22=\"SEINFRA\",VLOOKUP($H22,SEINFRA_INSUM!B:F,2,0),IF($G22=\"COTAÇÃO\",VLOOKUP($H22,'COTAÇÃO - MAT_CONSUMO'!B:L,2,0),\"\"))))","v":"CHAVE DE FENDA 1/8\" X 5\""},"Ud",1,{"$f":"IF($G22=\"ORSE\",VLOOKUP($H22,ORSE_INSUM!A:E,4,0),IF($G22=\"SINAPI\",VLOOKUP($H22,SINAPI_INSUM!A:E,5,0),IF($G22=\"SEINFRA\",VLOOKUP($H22,SEINFRA_INSUM!B:F,4,0),IF($G22=\"COTAÇÃO\",VLOOKUP($H22,'COTAÇÃO - MAT_CONSUMO'!B:L,10,0),\"\"))))","v":3.09},3.09,"ORSE",11468]
["1.1.2.20.18",{"$f":"IF($G23=\"ORSE\",VLOOKUP($H23,ORSE_INSUM!A:E,2,0),IF($G23=\"SINAPI\",VLOOKUP($H23,SINAPI_INSUM!A:E,2,0),IF($G23=\"SEINFRA\",VLOOKUP($H23,SEINFRA_INSUM!B:F,2,0),IF($G23=\"COTAÇÃO\",VLOOKUP($H23,'COTAÇÃO - MAT_CONSUMO'!B:L,2,0),\"\"))))","v":"Chave de fenda 3/16\" x 5\""},"Ud",1,{"$f":"IF($G23=\"ORSE\",VLOOKUP($H23,ORSE_INSUM!A:E,4,0),IF($G23=\"SINAPI\",VLOOKUP($H23,SINAPI_INSUM!A:E,5,0),IF($G23=\"SEINFRA\",VLOOKUP($H23,SEINFRA_INSUM!B:F,4,0),IF($G23=\"COTAÇÃO\",VLOOKUP($H23,'COTAÇÃO - MAT_CONSUMO'!B:L,10,0),\"\"))))","v":6.69},6.69,"COTAÇÃO",31]
["1.1.2.20.19",{"$f":"IF($G24=\"ORSE\",VLOOKUP($H24,ORSE_INSUM!A:E,2,0),IF($G24=\"SINAPI\",VLOOKUP($H24,SINAPI_INSUM!A:E,2,0),IF($G24=\"SEINFRA\",VLOOKUP($H24,SEINFRA_INSUM!B:F,2,0),IF($G24=\"COTAÇÃO\",VLOOKUP($H24,'COTAÇÃO - MAT_CONSUMO'!B:L,2,0),\"\"))))","v":"Chave de fenda 3/8\" x 10\""},"Ud",1,{"$f":"IF($G24=\"ORSE\",VLOOKUP($H24,ORSE_INSUM!A:E,4,0),IF($G24=\"SINAPI\",VLOOKUP($H24,SINAPI_INSUM!A:E,5,0),IF($G24=\"SEINFRA\",VLOOKUP($H24,SEINFRA_INSUM!B:F,4,0),IF($G24=\"COTAÇÃO\",VLOOKUP($H24,'COTAÇÃO - MAT_CONSUMO'!B:L,10,0),\"\"))))","v":17.739999999999998},17.739999999999998,"COTAÇÃO",32]
["1.1.2.20.20",{"$f":"IF($G25=\"ORSE\",VLOOKUP($H25,ORSE_INSUM!A:E,2,0),IF($G25=\"SINAPI\",VLOOKUP($H25,SINAPI_INSUM!A:E,2,0),IF($G25=\"SEINFRA\",VLOOKUP($H25,SEINFRA_INSUM!B:F,2,0),IF($G25=\"COTAÇÃO\",VLOOKUP($H25,'COTAÇÃO - MAT_CONSUMO'!B:L,2,0),\"\"))))","v":"Chave de fenda 5/16\" x 10\""},"Ud",1,{"$f":"IF($G25=\"ORSE\",VLOOKUP($H25,ORSE_INSUM!A:E,4,0),IF($G25=\"SINAPI\",VLOOKUP($H25,SINAPI_INSUM!A:E,5,0),IF($G25=\"SEINFRA\",VLOOKUP($H25,SEINFRA_INSUM!B:F,4,0),IF($G25=\"COTAÇÃO\",VLOOKUP($H25,'COTAÇÃO - MAT_CONSUMO'!B:L,10,0),\"\"))))","v":12.55},12.55,"COTAÇÃO",33]
["1.1.2.20.21",{"$f":"IF($G26=\"ORSE\",VLOOKUP($H26,ORSE_INSUM!A:E,2,0),IF($G26=\"SINAPI\",VLOOKUP($H26,SINAPI_INSUM!A:E,2,0),IF($G26=\"SEINFRA\",VLOOKUP($H26,SEINFRA_INSUM!B:F,2,0),IF($G26=\"COTAÇÃO\",VLOOKUP($H26,'COTAÇÃO - MAT_CONSUMO'!B:L,2,0),\"\"))))","v":"Chave de fenda simples \"tipo toco\" 3/16\""},"Ud",1,{"$f":"IF($G26=\"ORSE\",VLOOKUP($H26,ORSE_INSUM!A:E,4,0),IF($G26=\"SINAPI\",VLOOKUP($H26,SINAPI_INSUM!A:E,5,0),IF($G26=\"SEINFRA\",VLOOKUP($H26,SEINFRA_INSUM!B:F,4,0),IF($G26=\"COTAÇÃO\",VLOOKUP($H26,'COTAÇÃO - MAT_CONSUMO'!B:L,10,0),\"\"))))","v":6.52},6.52,"COTAÇÃO",34]
["1.1.2.20.22",{"$f":"IF($G27=\"ORSE\",VLOOKUP($H27,ORSE_INSUM!A:E,2,0),IF($G27=\"SINAPI\",VLOOKUP($H27,SINAPI_INSUM!A:E,2,0),IF($G27=\"SEINFRA\",VLOOKUP($H27,SEINFRA_INSUM!B:F,2,0),IF($G27=\"COTAÇÃO\",VLOOKUP($H27,'COTAÇÃO - MAT_CONSUMO'!B:L,2,0),\"\"))))","v":"Chave de fenda teste (chave neon)"},"Ud",1,{"$f":"IF($G27=\"ORSE\",VLOOKUP($H27,ORSE_INSUM!A:E,4,0),IF($G27=\"SINAPI\",VLOOKUP($H27,SINAPI_INSUM!A:E,5,0),IF($G27=\"SEINFRA\",VLOOKUP($H27,SEINFRA_INSUM!B:F,4,0),IF($G27=\"COTAÇÃO\",VLOOKUP($H27,'COTAÇÃO - MAT_CONSUMO'!B:L,10,0),\"\"))))","v":12.7},12.7,"COTAÇÃO",64]
["1.1.2.20.23",{"$f":"IF($G28=\"ORSE\",VLOOKUP($H28,ORSE_INSUM!A:E,2,0),IF($G28=\"SINAPI\",VLOOKUP($H28,SINAPI_INSUM!A:E,2,0),IF($G28=\"SEINFRA\",VLOOKUP($H28,SEINFRA_INSUM!B:F,2,0),IF($G28=\"COTAÇÃO\",VLOOKUP($H28,'COTAÇÃO - MAT_CONSUMO'!B:L,2,0),\"\"))))","v":"Chave de precisão tipo relojoeiro c/6 peças"},"Ud",1,{"$f":"IF($G28=\"ORSE\",VLOOKUP($H28,ORSE_INSUM!A:E,4,0),IF($G28=\"SINAPI\",VLOOKUP($H28,SINAPI_INSUM!A:E,5,0),IF($G28=\"SEINFRA\",VLOOKUP($H28,SEINFRA_INSUM!B:F,4,0),IF($G28=\"COTAÇÃO\",VLOOKUP($H28,'COTAÇÃO - MAT_CONSUMO'!B:L,10,0),\"\"))))","v":11.49},11.49,"COTAÇÃO",65]
["1.1.2.20.24",{"$f":"IF($G29=\"ORSE\",VLOOKUP($H29,ORSE_INSUM!A:E,2,0),IF($G29=\"SINAPI\",VLOOKUP($H29,SINAPI_INSUM!A:E,2,0),IF($G29=\"SEINFRA\",VLOOKUP($H29,SEINFRA_INSUM!B:F,2,0),IF($G29=\"COTAÇÃO\",VLOOKUP($H29,'COTAÇÃO - MAT_CONSUMO'!B:L,2,0),\"\"))))","v":"Chave Torx T10 (cabo plástico)"},"Ud",1,{"$f":"IF($G29=\"ORSE\",VLOOKUP($H29,ORSE_INSUM!A:E,4,0),IF($G29=\"SINAPI\",VLOOKUP($H29,SINAPI_INSUM!A:E,5,0),IF($G29=\"SEINFRA\",VLOOKUP($H29,SEINFRA_INSUM!B:F,4,0),IF($G29=\"COTAÇÃO\",VLOOKUP($H29,'COTAÇÃO - MAT_CONSUMO'!B:L,10,0),\"\"))))","v":8.14},8.14,"COTAÇÃO",40]
["1.1.2.20.25",{"$f":"IF($G30=\"ORSE\",VLOOKUP($H30,ORSE_INSUM!A:E,2,0),IF($G30=\"SINAPI\",VLOOKUP($H30,SINAPI_INSUM!A:E,2,0),IF($G30=\"SEINFRA\",VLOOKUP($H30,SEINFRA_INSUM!B:F,2,0),IF($G30=\"COTAÇÃO\",VLOOKUP($H30,'COTAÇÃO - MAT_CONSUMO'!B:L,2,0),\"\"))))","v":"Chave Torx T15 (cabo plástico)"},"Ud",1,{"$f":"IF($G30=\"ORSE\",VLOOKUP($H30,ORSE_INSUM!A:E,4,0),IF($G30=\"SINAPI\",VLOOKUP($H30,SINAPI_INSUM!A:E,5,0),IF($G30=\"SEINFRA\",VLOOKUP($H30,SEINFRA_INSUM!B:F,4,0),IF($G30=\"COTAÇÃO\",VLOOKUP($H30,'COTAÇÃO - MAT_CONSUMO'!B:L,10,0),\"\"))))","v":5.54},5.54,"COTAÇÃO",63]
["1.1.2.20.26",{"$f":"IF($G31=\"ORSE\",VLOOKUP($H31,ORSE_INSUM!A:E,2,0),IF($G31=\"SINAPI\",VLOOKUP($H31,SINAPI_INSUM!A:E,2,0),IF($G31=\"SEINFRA\",VLOOKUP($H31,SEINFRA_INSUM!B:F,2,0),IF($G31=\"COTAÇÃO\",VLOOKUP($H31,'COTAÇÃO - MAT_CONSUMO'!B:L,2,0),\"\"))))","v":"Chave Torx T20 (cabo plástico)"},"Ud",1,{"$f":"IF($G31=\"ORSE\",VLOOKUP($H31,ORSE_INSUM!A:E,4,0),IF($G31=\"SINAPI\",VLOOKUP($H31,SINAPI_INSUM!A:E,5,0),IF($G31=\"SEINFRA\",VLOOKUP($H31,SEINFRA_INSUM!B:F,4,0),IF($G31=\"COTAÇÃO\",VLOOKUP($H31,'COTAÇÃO - MAT_CONSUMO'!B:L,10,0),\"\"))))","v":13.32},13.32,"COTAÇÃO",171]
["1.1.2.20.27",{"$f":"IF($G32=\"ORSE\",VLOOKUP($H32,ORSE_INSUM!A:E,2,0),IF($G32=\"SINAPI\",VLOOKUP($H32,SINAPI_INSUM!A:E,2,0),IF($G32=\"SEINFRA\",VLOOKUP($H32,SEINFRA_INSUM!B:F,2,0),IF($G32=\"COTAÇÃO\",VLOOKUP($H32,'COTAÇÃO - MAT_CONSUMO'!B:L,2,0),\"\"))))","v":"Chave Torx T25 (cabo plástico)"},"Ud",1,{"$f":"IF($G32=\"ORSE\",VLOOKUP($H32,ORSE_INSUM!A:E,4,0),IF($G32=\"SINAPI\",VLOOKUP($H32,SINAPI_INSUM!A:E,5,0),IF($G32=\"SEINFRA\",VLOOKUP($H32,SEINFRA_INSUM!B:F,4,0),IF($G32=\"COTAÇÃO\",VLOOKUP($H32,'COTAÇÃO - MAT_CONSUMO'!B:L,10,0),\"\"))))","v":10.32},10.32,"COTAÇÃO",172]
["1.1.2.20.28",{"$f":"IF($G33=\"ORSE\",VLOOKUP($H33,ORSE_INSUM!A:E,2,0),IF($G33=\"SINAPI\",VLOOKUP($H33,SINAPI_INSUM!A:E,2,0),IF($G33=\"SEINFRA\",VLOOKUP($H33,SEINFRA_INSUM!B:F,2,0),IF($G33=\"COTAÇÃO\",VLOOKUP($H33,'COTAÇÃO - MAT_CONSUMO'!B:L,2,0),\"\"))))","v":"Chave Torx T27 (cabo plástico)"},"Ud",1,{"$f":"IF($G33=\"ORSE\",VLOOKUP($H33,ORSE_INSUM!A:E,4,0),IF($G33=\"SINAPI\",VLOOKUP($H33,SINAPI_INSUM!A:E,5,0),IF($G33=\"SEINFRA\",VLOOKUP($H33,SEINFRA_INSUM!B:F,4,0),IF($G33=\"COTAÇÃO\",VLOOKUP($H33,'COTAÇÃO - MAT_CONSUMO'!B:L,10,0),\"\"))))","v":12.69},12.69,"COTAÇÃO",173]
["1.1.2.20.29",{"$f":"IF($G34=\"ORSE\",VLOOKUP($H34,ORSE_INSUM!A:E,2,0),IF($G34=\"SINAPI\",VLOOKUP($H34,SINAPI_INSUM!A:E,2,0),IF($G34=\"SEINFRA\",VLOOKUP($H34,SEINFRA_INSUM!B:F,2,0),IF($G34=\"COTAÇÃO\",VLOOKUP($H34,'COTAÇÃO - MAT_CONSUMO'!B:L,2,0),\"\"))))","v":"Chave Torx T30 (cabo plástico)"},"Ud",1,{"$f":"IF($G34=\"ORSE\",VLOOKUP($H34,ORSE_INSUM!A:E,4,0),IF($G34=\"SINAPI\",VLOOKUP($H34,SINAPI_INSUM!A:E,5,0),IF($G34=\"SEINFRA\",VLOOKUP($H34,SEINFRA_INSUM!B:F,4,0),IF($G34=\"COTAÇÃO\",VLOOKUP($H34,'COTAÇÃO - MAT_CONSUMO'!B:L,10,0),\"\"))))","v":18.78},18.78,"COTAÇÃO",174]
["1.1.2.20.30",{"$f":"IF($G35=\"ORSE\",VLOOKUP($H35,ORSE_INSUM!A:E,2,0),IF($G35=\"SINAPI\",VLOOKUP($H35,SINAPI_INSUM!A:E,2,0),IF($G35=\"SEINFRA\",VLOOKUP($H35,SEINFRA_INSUM!B:F,2,0),IF($G35=\"COTAÇÃO\",VLOOKUP($H35,'COTAÇÃO - MAT_CONSUMO'!B:L,2,0),\"\"))))","v":"Ferro de solda 220V 60W"},"Ud",1,{"$f":"IF($G35=\"ORSE\",VLOOKUP($H35,ORSE_INSUM!A:E,4,0),IF($G35=\"SINAPI\",VLOOKUP($H35,SINAPI_INSUM!A:E,5,0),IF($G35=\"SEINFRA\",VLOOKUP($H35,SEINFRA_INSUM!B:F,4,0),IF($G35=\"COTAÇÃO\",VLOOKUP($H35,'COTAÇÃO - MAT_CONSUMO'!B:L,10,0),\"\"))))","v":22.83},22.83,"COTAÇÃO",68]
["1.1.2.20.31",{"$f":"IF($G36=\"ORSE\",VLOOKUP($H36,ORSE_INSUM!A:E,2,0),IF($G36=\"SINAPI\",VLOOKUP($H36,SINAPI_INSUM!A:E,2,0),IF($G36=\"SEINFRA\",VLOOKUP($H36,SEINFRA_INSUM!B:F,2,0),IF($G36=\"COTAÇÃO\",VLOOKUP($H36,'COTAÇÃO - MAT_CONSUMO'!B:L,2,0),\"\"))))","v":"Jogo de chaves combinadas de 6, 7, 8, 10,11,12, 13, 14, 17, 19, 22, 24, 27, 30 e 32"},"Ud",1,{"$f":"IF($G36=\"ORSE\",VLOOKUP($H36,ORSE_INSUM!A:E,4,0),IF($G36=\"SINAPI\",VLOOKUP($H36,SINAPI_INSUM!A:E,5,0),IF($G36=\"SEINFRA\",VLOOKUP($H36,SEINFRA_INSUM!B:F,4,0),IF($G36=\"COTAÇÃO\",VLOOKUP($H36,'COTAÇÃO - MAT_CONSUMO'!B:L,10,0),\"\"))))","v":329.9},329.9,"COTAÇÃO",30]
["1.1.2.20.32",{"$f":"IF($G37=\"ORSE\",VLOOKUP($H37,ORSE_INSUM!A:E,2,0),IF($G37=\"SINAPI\",VLOOKUP($H37,SINAPI_INSUM!A:E,2,0),IF($G37=\"SEINFRA\",VLOOKUP($H37,SEINFRA_INSUM!B:F,2,0),IF($G37=\"COTAÇÃO\",VLOOKUP($H37,'COTAÇÃO - MAT_CONSUMO'!B:L,2,0),\"\"))))","v":"MARTELO DE BORRACHA COM CABO"},"Ud",1,{"$f":"IF($G37=\"ORSE\",VLOOKUP($H37,ORSE_INSUM!A:E,4,0),IF($G37=\"SINAPI\",VLOOKUP($H37,SINAPI_INSUM!A:E,5,0),IF($G37=\"SEINFRA\",VLOOKUP($H37,SEINFRA_INSUM!B:F,4,0),IF($G37=\"COTAÇÃO\",VLOOKUP($H37,'COTAÇÃO - MAT_CONSUMO'!B:L,10,0),\"\"))))","v":14.9},14.9,"ORSE",11265]
["1.1.2.20.33",{"$f":"IF($G38=\"ORSE\",VLOOKUP($H38,ORSE_INSUM!A:E,2,0),IF($G38=\"SINAPI\",VLOOKUP($H38,SINAPI_INSUM!A:E,2,0),IF($G38=\"SEINFRA\",VLOOKUP($H38,SEINFRA_INSUM!B:F,2,0),IF($G38=\"COTAÇÃO\",VLOOKUP($H38,'COTAÇÃO - MAT_CONSUMO'!B:L,2,0),\"\"))))","v":"Pinça bico curvo ( terceira mão)"},"Ud",1,{"$f":"IF($G38=\"ORSE\",VLOOKUP($H38,ORSE_INSUM!A:E,4,0),IF($G38=\"SINAPI\",VLOOKUP($H38,SINAPI_INSUM!A:E,5,0),IF($G38=\"SEINFRA\",VLOOKUP($H38,SEINFRA_INSUM!B:F,4,0),IF($G38=\"COTAÇÃO\",VLOOKUP($H38,'COTAÇÃO - MAT_CONSUMO'!B:L,10,0),\"\"))))","v":13.9},13.9,"COTAÇÃO",118]
["1.1.2.20.34",{"$f":"IF($G39=\"ORSE\",VLOOKUP($H39,ORSE_INSUM!A:E,2,0),IF($G39=\"SINAPI\",VLOOKUP($H39,SINAPI_INSUM!A:E,2,0),IF($G39=\"SEINFRA\",VLOOKUP($H39,SEINFRA_INSUM!B:F,2,0),IF($G39=\"COTAÇÃO\",VLOOKUP($H39,'COTAÇÃO - MAT_CONSUMO'!B:L,2,0),\"\"))))","v":"Pinça bico reto"},"Ud",1,{"$f":"IF($G39=\"ORSE\",VLOOKUP($H39,ORSE_INSUM!A:E,4,0),IF($G39=\"SINAPI\",VLOOKUP($H39,SINAPI_INSUM!A:E,5,0),IF($G39=\"SEINFRA\",VLOOKUP($H39,SEINFRA_INSUM!B:F,4,0),IF($G39=\"COTAÇÃO\",VLOOKUP($H39,'COTAÇÃO - MAT_CONSUMO'!B:L,10,0),\"\"))))","v":13.9},13.9,"COTAÇÃO",119]
["1.1.2.20.35",{"$f":"IF($G40=\"ORSE\",VLOOKUP($H40,ORSE_INSUM!A:E,2,0),IF($G40=\"SINAPI\",VLOOKUP($H40,SINAPI_INSUM!A:E,2,0),IF($G40=\"SEINFRA\",VLOOKUP($H40,SEINFRA_INSUM!B:F,2,0),IF($G40=\"COTAÇÃO\",VLOOKUP($H40,'COTAÇÃO - MAT_CONSUMO'!B:L,2,0),\"\"))))","v":"Pistola  para solda 220V 100W"},"Ud",1,{"$f":"IF($G40=\"ORSE\",VLOOKUP($H40,ORSE_INSUM!A:E,4,0),IF($G40=\"SINAPI\",VLOOKUP($H40,SINAPI_INSUM!A:E,5,0),IF($G40=\"SEINFRA\",VLOOKUP($H40,SEINFRA_INSUM!B:F,4,0),IF($G40=\"COTAÇÃO\",VLOOKUP($H40,'COTAÇÃO - MAT_CONSUMO'!B:L,10,0),\"\"))))","v":120},120,"COTAÇÃO",120]
["1.1.2.20.36",{"$f":"IF($G41=\"ORSE\",VLOOKUP($H41,ORSE_INSUM!A:E,2,0),IF($G41=\"SINAPI\",VLOOKUP($H41,SINAPI_INSUM!A:E,2,0),IF($G41=\"SEINFRA\",VLOOKUP($H41,SEINFRA_INSUM!B:F,2,0),IF($G41=\"COTAÇÃO\",VLOOKUP($H41,'COTAÇÃO - MAT_CONSUMO'!B:L,2,0),\"\"))))","v":"Punção de centro 5\""},"Ud",1,{"$f":"IF($G41=\"ORSE\",VLOOKUP($H41,ORSE_INSUM!A:E,4,0),IF($G41=\"SINAPI\",VLOOKUP($H41,SINAPI_INSUM!A:E,5,0),IF($G41=\"SEINFRA\",VLOOKUP($H41,SEINFRA_INSUM!B:F,4,0),IF($G41=\"COTAÇÃO\",VLOOKUP($H41,'COTAÇÃO - MAT_CONSUMO'!B:L,10,0),\"\"))))","v":15.05},15.05,"COTAÇÃO",144]
["1.1.2.20.37",{"$f":"IF($G42=\"ORSE\",VLOOKUP($H42,ORSE_INSUM!A:E,2,0),IF($G42=\"SINAPI\",VLOOKUP($H42,SINAPI_INSUM!A:E,2,0),IF($G42=\"SEINFRA\",VLOOKUP($H42,SEINFRA_INSUM!B:F,2,0),IF($G42=\"COTAÇÃO\",VLOOKUP($H42,'COTAÇÃO - MAT_CONSUMO'!B:L,2,0),\"\"))))","v":"Jogo de chaves soquete PNZ 1032 3/8\"-1.1/4\""},"Ud",1,{"$f":"IF($G42=\"ORSE\",VLOOKUP($H42,ORSE_INSUM!A:E,4,0),IF($G42=\"SINAPI\",VLOOKUP($H42,SINAPI_INSUM!A:E,5,0),IF($G42=\"SEINFRA\",VLOOKUP($H42,SEINFRA_INSUM!B:F,4,0),IF($G42=\"COTAÇÃO\",VLOOKUP($H42,'COTAÇÃO - MAT_CONSUMO'!B:L,10,0),\"\"))))","v":129.9},129.9,"COTAÇÃO",54]
["1.1.2.20.38",{"$f":"IF($G43=\"ORSE\",VLOOKUP($H43,ORSE_INSUM!A:E,2,0),IF($G43=\"SINAPI\",VLOOKUP($H43,SINAPI_INSUM!A:E,2,0),IF($G43=\"SEINFRA\",VLOOKUP($H43,SEINFRA_INSUM!B:F,2,0),IF($G43=\"COTAÇÃO\",VLOOKUP($H43,'COTAÇÃO - MAT_CONSUMO'!B:L,2,0),\"\"))))","v":"Trena de 5m"},"Ud",1,{"$f":"IF($G43=\"ORSE\",VLOOKUP($H43,ORSE_INSUM!A:E,4,0),IF($G43=\"SINAPI\",VLOOKUP($H43,SINAPI_INSUM!A:E,5,0),IF($G43=\"SEINFRA\",VLOOKUP($H43,SEINFRA_INSUM!B:F,4,0),IF($G43=\"COTAÇÃO\",VLOOKUP($H43,'COTAÇÃO - MAT_CONSUMO'!B:L,10,0),\"\"))))","v":13.28},13.28,"COTAÇÃO",41]
[]
["1.1.2.20","SUB TOTAL",null,null,null,{"$f":"SUM(F6:F43)","v":1638.52}]
[]
["** CONJUNTO DE FERRAMENTAS PARA  TÉCNICO MECÂNICO/MECÂNICO"]
[{"$nulls":7},"REF. JUL/18"]
["Item","DESCRIÇÃO","UNID.","QUANT.","VALOR",null,"REF.TAB.","Cód. TAB."]
[{"$nulls":4},"UNIT. (R$)","TOTAL (R$)"]
[]
["1.1.2.21.1",{"$f":"IF($G52=\"ORSE\",VLOOKUP($H52,ORSE_INSUM!A:E,2,0),IF($G52=\"SINAPI\",VLOOKUP($H52,SINAPI_INSUM!A:E,2,0),IF($G52=\"SEINFRA\",VLOOKUP($H52,SEINFRA_INSUM!B:F,2,0),IF($G52=\"COTAÇÃO\",VLOOKUP($H52,'COTAÇÃO - MAT_CONSUMO'!B:L,2,0),\"\"))))","v":"Alicate de anel curvo interno"},"Ud",1,{"$f":"IF($G52=\"ORSE\",VLOOKUP($H52,ORSE_INSUM!A:E,4,0),IF($G52=\"SINAPI\",VLOOKUP($H52,SINAPI_INSUM!A:E,5,0),IF($G52=\"SEINFRA\",VLOOKUP($H52,SEINFRA_INSUM!B:F,4,0),IF($G52=\"COTAÇÃO\",VLOOKUP($H52,'COTAÇÃO - MAT_CONSUMO'!B:L,10,0),\"\"))))","v":42.92},{"$f":"ROUND(E52*D52,2)","v":42.92},"COTAÇÃO",36]
["1.1.2.21.2",{"$f":"IF($G53=\"ORSE\",VLOOKUP($H53,ORSE_INSUM!A:E,2,0),IF($G53=\"SINAPI\",VLOOKUP($H53,SINAPI_INSUM!A:E,2,0),IF($G53=\"SEINFRA\",VLOOKUP($H53,SEINFRA_INSUM!B:F,2,0),IF($G53=\"COTAÇÃO\",VLOOKUP($H53,'COTAÇÃO - MAT_CONSUMO'!B:L,2,0),\"\"))))","v":"Alicate de anel curvo externo"},"Ud",1,{"$f":"IF($G53=\"ORSE\",VLOOKUP($H53,ORSE_INSUM!A:E,4,0),IF($G53=\"SINAPI\",VLOOKUP($H53,SINAPI_INSUM!A:E,5,0),IF($G53=\"SEINFRA\",VLOOKUP($H53,SEINFRA_INSUM!B:F,4,0),IF($G53=\"COTAÇÃO\",VLOOKUP($H53,'COTAÇÃO - MAT_CONSUMO'!B:L,10,0),\"\"))))","v":32.770000000000003},32.770000000000003,"COTAÇÃO",35]
["1.1.2.21.3",{"$f":"IF($G54=\"ORSE\",VLOOKUP($H54,ORSE_INSUM!A:E,2,0),IF($G54=\"SINAPI\",VLOOKUP($H54,SINAPI_INSUM!A:E,2,0),IF($G54=\"SEINFRA\",VLOOKUP($H54,SEINFRA_INSUM!B:F,2,0),IF($G54=\"COTAÇÃO\",VLOOKUP($H54,'COTAÇÃO - MAT_CONSUMO'!B:L,2,0),\"\"))))","v":"Alicate de anel reto externo"},"Ud",1,{"$f":"IF($G54=\"ORSE\",VLOOKUP($H54,ORSE_INSUM!A:E,4,0),IF($G54=\"SINAPI\",VLOOKUP($H54,SINAPI_INSUM!A:E,5,0),IF($G54=\"SEINFRA\",VLOOKUP($H54,SEINFRA_INSUM!B:F,4,0),IF($G54=\"COTAÇÃO\",VLOOKUP($H54,'COTAÇÃO - MAT_CONSUMO'!B:L,10,0),\"\"))))","v":23.33},23.33,"COTAÇÃO",37]
["1.1.2.21.4",{"$f":"IF($G55=\"ORSE\",VLOOKUP($H55,ORSE_INSUM!A:E,2,0),IF($G55=\"SINAPI\",VLOOKUP($H55,SINAPI_INSUM!A:E,2,0),IF($G55=\"SEINFRA\",VLOOKUP($H55,SEINFRA_INSUM!B:F,2,0),IF($G55=\"COTAÇÃO\",VLOOKUP($H55,'COTAÇÃO - MAT_CONSUMO'!B:L,2,0),\"\"))))","v":"Alicate de anel reto interno"},"Ud",1,{"$f":"IF($G55=\"ORSE\",VLOOKUP($H55,ORSE_INSUM!A:E,4,0),IF($G55=\"SINAPI\",VLOOKUP($H55,SINAPI_INSUM!A:E,5,0),IF($G55=\"SEINFRA\",VLOOKUP($H55,SEINFRA_INSUM!B:F,4,0),IF($G55=\"COTAÇÃO\",VLOOKUP($H55,'COTAÇÃO - MAT_CONSUMO'!B:L,10,0),\"\"))))","v":61.99},61.99,"COTAÇÃO",38]
["1.1.2.21.5",{"$f":"IF($G56=\"ORSE\",VLOOKUP($H56,ORSE_INSUM!A:E,2,0),IF($G56=\"SINAPI\",VLOOKUP($H56,SINAPI_INSUM!A:E,2,0),IF($G56=\"SEINFRA\",VLOOKUP($H56,SEINFRA_INSUM!B:F,2,0),IF($G56=\"COTAÇÃO\",VLOOKUP($H56,'COTAÇÃO - MAT_CONSUMO'!B:L,2,0),\"\"))))","v":"ALICATE DE PRESSÃO 11\""},"Ud",1,{"$f":"IF($G56=\"ORSE\",VLOOKUP($H56,ORSE_INSUM!A:E,4,0),IF($G56=\"SINAPI\",VLOOKUP($H56,SINAPI_INSUM!A:E,5,0),IF($G56=\"SEINFRA\",VLOOKUP($H56,SEINFRA_INSUM!B:F,4,0),IF($G56=\"COTAÇÃO\",VLOOKUP($H56,'COTAÇÃO - MAT_CONSUMO'!B:L,10,0),\"\"))))","v":15.79},15.79,"ORSE",11275]
["1.1.2.21.6",{"$f":"IF($G57=\"ORSE\",VLOOKUP($H57,ORSE_INSUM!A:E,2,0),IF($G57=\"SINAPI\",VLOOKUP($H57,SINAPI_INSUM!A:E,2,0),IF($G57=\"SEINFRA\",VLOOKUP($H57,SEINFRA_INSUM!B:F,2,0),IF($G57=\"COTAÇÃO\",VLOOKUP($H57,'COTAÇÃO - MAT_CONSUMO'!B:L,2,0),\"\"))))","v":"Alicate de rebites"},"Ud",1,{"$f":"IF($G57=\"ORSE\",VLOOKUP($H57,ORSE_INSUM!A:E,4,0),IF($G57=\"SINAPI\",VLOOKUP($H57,SINAPI_INSUM!A:E,5,0),IF($G57=\"SEINFRA\",VLOOKUP($H57,SEINFRA_INSUM!B:F,4,0),IF($G57=\"COTAÇÃO\",VLOOKUP($H57,'COTAÇÃO - MAT_CONSUMO'!B:L,10,0),\"\"))))","v":112.96},112.96,"COTAÇÃO",59]
["1.1.2.21.7",{"$f":"IF($G58=\"ORSE\",VLOOKUP($H58,ORSE_INSUM!A:E,2,0),IF($G58=\"SINAPI\",VLOOKUP($H58,SINAPI_INSUM!A:E,2,0),IF($G58=\"SEINFRA\",VLOOKUP($H58,SEINFRA_INSUM!B:F,2,0),IF($G58=\"COTAÇÃO\",VLOOKUP($H58,'COTAÇÃO - MAT_CONSUMO'!B:L,2,0),\"\"))))","v":"Alicate universal 8\""},"Ud",1,{"$f":"IF($G58=\"ORSE\",VLOOKUP($H58,ORSE_INSUM!A:E,4,0),IF($G58=\"SINAPI\",VLOOKUP($H58,SINAPI_INSUM!A:E,5,0),IF($G58=\"SEINFRA\",VLOOKUP($H58,SEINFRA_INSUM!B:F,4,0),IF($G58=\"COTAÇÃO\",VLOOKUP($H58,'COTAÇÃO - MAT_CONSUMO'!B:L,10,0),\"\"))))","v":22},22,"COTAÇÃO",39]
["1.1.2.21.8",{"$f":"IF($G59=\"ORSE\",VLOOKUP($H59,ORSE_INSUM!A:E,2,0),IF($G59=\"SINAPI\",VLOOKUP($H59,SINAPI_INSUM!A:E,2,0),IF($G59=\"SEINFRA\",VLOOKUP($H59,SEINFRA_INSUM!B:F,2,0),IF($G59=\"COTAÇÃO\",VLOOKUP($H59,'COTAÇÃO - MAT_CONSUMO'!B:L,2,0),\"\"))))","v":"ARCO DE SERRA"},"Ud",1,{"$f":"IF($G59=\"ORSE\",VLOOKUP($H59,ORSE_INSUM!A:E,4,0),IF($G59=\"SINAPI\",VLOOKUP($H59,SINAPI_INSUM!A:E,5,0),IF($G59=\"SEINFRA\",VLOOKUP($H59,SEINFRA_INSUM!B:F,4,0),IF($G59=\"COTAÇÃO\",VLOOKUP($H59,'COTAÇÃO - MAT_CONSUMO'!B:L,10,0),\"\"))))","v":19.5},19.5,"ORSE",10585]
["1.1.2.21.9",{"$f":"IF($G60=\"ORSE\",VLOOKUP($H60,ORSE_INSUM!A:E,2,0),IF($G60=\"SINAPI\",VLOOKUP($H60,SINAPI_INSUM!A:E,2,0),IF($G60=\"SEINFRA\",VLOOKUP($H60,SEINFRA_INSUM!B:F,2,0),IF($G60=\"COTAÇÃO\",VLOOKUP($H60,'COTAÇÃO - MAT_CONSUMO'!B:L,2,0),\"\"))))","v":"Calibre de rosca"},"Ud",1,{"$f":"IF($G60=\"ORSE\",VLOOKUP($H60,ORSE_INSUM!A:E,4,0),IF($G60=\"SINAPI\",VLOOKUP($H60,SINAPI_INSUM!A:E,5,0),IF($G60=\"SEINFRA\",VLOOKUP($H60,SEINFRA_INSUM!B:F,4,0),IF($G60=\"COTAÇÃO\",VLOOKUP($H60,'COTAÇÃO - MAT_CONSUMO'!B:L,10,0),\"\"))))","v":39.89},39.89,"COTAÇÃO",55]
["1.1.2.21.10",{"$f":"IF($G61=\"ORSE\",VLOOKUP($H61,ORSE_INSUM!A:E,2,0),IF($G61=\"SINAPI\",VLOOKUP($H61,SINAPI_INSUM!A:E,2,0),IF($G61=\"SEINFRA\",VLOOKUP($H61,SEINFRA_INSUM!B:F,2,0),IF($G61=\"COTAÇÃO\",VLOOKUP($H61,'COTAÇÃO - MAT_CONSUMO'!B:L,2,0),\"\"))))","v":"Caixa sanfonada com cinco gavetas"},"Ud",1,{"$f":"IF($G61=\"ORSE\",VLOOKUP($H61,ORSE_INSUM!A:E,4,0),IF($G61=\"SINAPI\",VLOOKUP($H61,SINAPI_INSUM!A:E,5,0),IF($G61=\"SEINFRA\",VLOOKUP($H61,SEINFRA_INSUM!B:F,4,0),IF($G61=\"COTAÇÃO\",VLOOKUP($H61,'COTAÇÃO - MAT_CONSUMO'!B:L,10,0),\"\"))))","v":75.25},75.25,"COTAÇÃO",42]
["1.1.2.21.11",{"$f":"IF($G62=\"ORSE\",VLOOKUP($H62,ORSE_INSUM!A:E,2,0),IF($G62=\"SINAPI\",VLOOKUP($H62,SINAPI_INSUM!A:E,2,0),IF($G62=\"SEINFRA\",VLOOKUP($H62,SEINFRA_INSUM!B:F,2,0),IF($G62=\"COTAÇÃO\",VLOOKUP($H62,'COTAÇÃO - MAT_CONSUMO'!B:L,2,0),\"\"))))","v":"Compasso mecânico"},"Ud",1,{"$f":"IF($G62=\"ORSE\",VLOOKUP($H62,ORSE_INSUM!A:E,4,0),IF($G62=\"SINAPI\",VLOOKUP($H62,SINAPI_INSUM!A:E,5,0),IF($G62=\"SEINFRA\",VLOOKUP($H62,SEINFRA_INSUM!B:F,4,0),IF($G62=\"COTAÇÃO\",VLOOKUP($H62,'COTAÇÃO - MAT_CONSUMO'!B:L,10,0),\"\"))))","v":135.68},135.68,"COTAÇÃO",60]
["1.1.2.21.12",{"$f":"IF($G63=\"ORSE\",VLOOKUP($H63,ORSE_INSUM!A:E,2,0),IF($G63=\"SINAPI\",VLOOKUP($H63,SINAPI_INSUM!A:E,2,0),IF($G63=\"SEINFRA\",VLOOKUP($H63,SEINFRA_INSUM!B:F,2,0),IF($G63=\"COTAÇÃO\",VLOOKUP($H63,'COTAÇÃO - MAT_CONSUMO'!B:L,2,0),\"\"))))","v":"Chave ajustável 12\""},"Ud",1,{"$f":"IF($G63=\"ORSE\",VLOOKUP($H63,ORSE_INSUM!A:E,4,0),IF($G63=\"SINAPI\",VLOOKUP($H63,SINAPI_INSUM!A:E,5,0),IF($G63=\"SEINFRA\",VLOOKUP($H63,SEINFRA_INSUM!B:F,4,0),IF($G63=\"COTAÇÃO\",VLOOKUP($H63,'COTAÇÃO - MAT_CONSUMO'!B:L,10,0),\"\"))))","v":52.99},52.99,"COTAÇÃO",20]
["1.1.2.21.13",{"$f":"IF($G64=\"ORSE\",VLOOKUP($H64,ORSE_INSUM!A:E,2,0),IF($G64=\"SINAPI\",VLOOKUP($H64,SINAPI_INSUM!A:E,2,0),IF($G64=\"SEINFRA\",VLOOKUP($H64,SEINFRA_INSUM!B:F,2,0),IF($G64=\"COTAÇÃO\",VLOOKUP($H64,'COTAÇÃO - MAT_CONSUMO'!B:L,2,0),\"\"))))","v":"Chave ajustável 8\""},"Ud",1,{"$f":"IF($G64=\"ORSE\",VLOOKUP($H64,ORSE_INSUM!A:E,4,0),IF($G64=\"SINAPI\",VLOOKUP($H64,SINAPI_INSUM!A:E,5,0),IF($G64=\"SEINFRA\",VLOOKUP($H64,SEINFRA_INSUM!B:F,4,0),IF($G64=\"COTAÇÃO\",VLOOKUP($H64,'COTAÇÃO - MAT_CONSUMO'!B:L,10,0),\"\"))))","v":36.99},36.99,"COTAÇÃO",21]
["1.1.2.21.14",{"$f":"IF($G65=\"ORSE\",VLOOKUP($H65,ORSE_INSUM!A:E,2,0),IF($G65=\"SINAPI\",VLOOKUP($H65,SINAPI_INSUM!A:E,2,0),IF($G65=\"SEINFRA\",VLOOKUP($H65,SEINFRA_INSUM!B:F,2,0),IF($G65=\"COTAÇÃO\",VLOOKUP($H65,'COTAÇÃO - MAT_CONSUMO'!B:L,2,0),\"\"))))","v":"Chave allen 1/4\""},"Ud",1,{"$f":"IF($G65=\"ORSE\",VLOOKUP($H65,ORSE_INSUM!A:E,4,0),IF($G65=\"SINAPI\",VLOOKUP($H65,SINAPI_INSUM!A:E,5,0),IF($G65=\"SEINFRA\",VLOOKUP($H65,SEINFRA_INSUM!B:F,4,0),IF($G65=\"COTAÇÃO\",VLOOKUP($H65,'COTAÇÃO - MAT_CONSUMO'!B:L,10,0),\"\"))))","v":3.2},3.2,"COTAÇÃO",22]
["1.1.2.21.15",{"$f":"IF($G66=\"ORSE\",VLOOKUP($H66,ORSE_INSUM!A:E,2,0),IF($G66=\"SINAPI\",VLOOKUP($H66,SINAPI_INSUM!A:E,2,0),IF($G66=\"SEINFRA\",VLOOKUP($H66,SEINFRA_INSUM!B:F,2,0),IF($G66=\"COTAÇÃO\",VLOOKUP($H66,'COTAÇÃO - MAT_CONSUMO'!B:L,2,0),\"\"))))","v":"Chave allen 1/8\""},"Ud",1,{"$f":"IF($G66=\"ORSE\",VLOOKUP($H66,ORSE_INSUM!A:E,4,0),IF($G66=\"SINAPI\",VLOOKUP($H66,SINAPI_INSUM!A:E,5,0),IF($G66=\"SEINFRA\",VLOOKUP($H66,SEINFRA_INSUM!B:F,4,0),IF($G66=\"COTAÇÃO\",VLOOKUP($H66,'COTAÇÃO - MAT_CONSUMO'!B:L,10,0),\"\"))))","v":1.98},1.98,"COTAÇÃO",23]
["1.1.2.21.16",{"$f":"IF($G67=\"ORSE\",VLOOKUP($H67,ORSE_INSUM!A:E,2,0),IF($G67=\"SINAPI\",VLOOKUP($H67,SINAPI_INSUM!A:E,2,0),IF($G67=\"SEINFRA\",VLOOKUP($H67,SEINFRA_INSUM!B:F,2,0),IF($G67=\"COTAÇÃO\",VLOOKUP($H67,'COTAÇÃO - MAT_CONSUMO'!B:L,2,0),\"\"))))","v":"Chave allen 3/16\""},"Ud",1,{"$f":"IF($G67=\"ORSE\",VLOOKUP($H67,ORSE_INSUM!A:E,4,0),IF($G67=\"SINAPI\",VLOOKUP($H67,SINAPI_INSUM!A:E,5,0),IF($G67=\"SEINFRA\",VLOOKUP($H67,SEINFRA_INSUM!B:F,4,0),IF($G67=\"COTAÇÃO\",VLOOKUP($H67,'COTAÇÃO - MAT_CONSUMO'!B:L,10,0),\"\"))))","v":2.96},2.96,"COTAÇÃO",24]
["1.1.2.21.17",{"$f":"IF($G68=\"ORSE\",VLOOKUP($H68,ORSE_INSUM!A:E,2,0),IF($G68=\"SINAPI\",VLOOKUP($H68,SINAPI_INSUM!A:E,2,0),IF($G68=\"SEINFRA\",VLOOKUP($H68,SEINFRA_INSUM!B:F,2,0),IF($G68=\"COTAÇÃO\",VLOOKUP($H68,'COTAÇÃO - MAT_CONSUMO'!B:L,2,0),\"\"))))","v":"Chave allen 3/8\""},"Ud",1,{"$f":"IF($G68=\"ORSE\",VLOOKUP($H68,ORSE_INSUM!A:E,4,0),IF($G68=\"SINAPI\",VLOOKUP($H68,SINAPI_INSUM!A:E,5,0),IF($G68=\"SEINFRA\",VLOOKUP($H68,SEINFRA_INSUM!B:F,4,0),IF($G68=\"COTAÇÃO\",VLOOKUP($H68,'COTAÇÃO - MAT_CONSUMO'!B:L,10,0),\"\"))))","v":6.6},6.6,"COTAÇÃO",25]
["1.1.2.21.18",{"$f":"IF($G69=\"ORSE\",VLOOKUP($H69,ORSE_INSUM!A:E,2,0),IF($G69=\"SINAPI\",VLOOKUP($H69,SINAPI_INSUM!A:E,2,0),IF($G69=\"SEINFRA\",VLOOKUP($H69,SEINFRA_INSUM!B:F,2,0),IF($G69=\"COTAÇÃO\",VLOOKUP($H69,'COTAÇÃO - MAT_CONSUMO'!B:L,2,0),\"\"))))","v":"Chave allen 5/16\""},"Ud",1,{"$f":"IF($G69=\"ORSE\",VLOOKUP($H69,ORSE_INSUM!A:E,4,0),IF($G69=\"SINAPI\",VLOOKUP($H69,SINAPI_INSUM!A:E,5,0),IF($G69=\"SEINFRA\",VLOOKUP($H69,SEINFRA_INSUM!B:F,4,0),IF($G69=\"COTAÇÃO\",VLOOKUP($H69,'COTAÇÃO - MAT_CONSUMO'!B:L,10,0),\"\"))))","v":5.9},5.9,"COTAÇÃO",26]
["1.1.2.21.19",{"$f":"IF($G70=\"ORSE\",VLOOKUP($H70,ORSE_INSUM!A:E,2,0),IF($G70=\"SINAPI\",VLOOKUP($H70,SINAPI_INSUM!A:E,2,0),IF($G70=\"SEINFRA\",VLOOKUP($H70,SEINFRA_INSUM!B:F,2,0),IF($G70=\"COTAÇÃO\",VLOOKUP($H70,'COTAÇÃO - MAT_CONSUMO'!B:L,2,0),\"\"))))","v":"Chave allen 5/32\""},"Ud",1,{"$f":"IF($G70=\"ORSE\",VLOOKUP($H70,ORSE_INSUM!A:E,4,0),IF($G70=\"SINAPI\",VLOOKUP($H70,SINAPI_INSUM!A:E,5,0),IF($G70=\"SEINFRA\",VLOOKUP($H70,SEINFRA_INSUM!B:F,4,0),IF($G70=\"COTAÇÃO\",VLOOKUP($H70,'COTAÇÃO - MAT_CONSUMO'!B:L,10,0),\"\"))))","v":2.58},2.58,"COTAÇÃO",27]
["1.1.2.21.20",{"$f":"IF($G71=\"ORSE\",VLOOKUP($H71,ORSE_INSUM!A:E,2,0),IF($G71=\"SINAPI\",VLOOKUP($H71,SINAPI_INSUM!A:E,2,0),IF($G71=\"SEINFRA\",VLOOKUP($H71,SEINFRA_INSUM!B:F,2,0),IF($G71=\"COTAÇÃO\",VLOOKUP($H71,'COTAÇÃO - MAT_CONSUMO'!B:L,2,0),\"\"))))","v":"Jogo de Chave Estrela  6 a 22mm"},"Ud",1,{"$f":"IF($G71=\"ORSE\",VLOOKUP($H71,ORSE_INSUM!A:E,4,0),IF($G71=\"SINAPI\",VLOOKUP($H71,SINAPI_INSUM!A:E,5,0),IF($G71=\"SEINFRA\",VLOOKUP($H71,SEINFRA_INSUM!B:F,4,0),IF($G71=\"COTAÇÃO\",VLOOKUP($H71,'COTAÇÃO - MAT_CONSUMO'!B:L,10,0),\"\"))))","v":109.99},109.99,"COTAÇÃO",28]
["1.1.2.21.21",{"$f":"IF($G72=\"ORSE\",VLOOKUP($H72,ORSE_INSUM!A:E,2,0),IF($G72=\"SINAPI\",VLOOKUP($H72,SINAPI_INSUM!A:E,2,0),IF($G72=\"SEINFRA\",VLOOKUP($H72,SEINFRA_INSUM!B:F,2,0),IF($G72=\"COTAÇÃO\",VLOOKUP($H72,'COTAÇÃO - MAT_CONSUMO'!B:L,2,0),\"\"))))","v":"Chave de fenda 1/4\" x 5\""},"Ud",1,{"$f":"IF($G72=\"ORSE\",VLOOKUP($H72,ORSE_INSUM!A:E,4,0),IF($G72=\"SINAPI\",VLOOKUP($H72,SINAPI_INSUM!A:E,5,0),IF($G72=\"SEINFRA\",VLOOKUP($H72,SEINFRA_INSUM!B:F,4,0),IF($G72=\"COTAÇÃO\",VLOOKUP($H72,'COTAÇÃO - MAT_CONSUMO'!B:L,10,0),\"\"))))","v":9.89},9.89,"COTAÇÃO",29]
["1.1.2.21.22",{"$f":"IF($G73=\"ORSE\",VLOOKUP($H73,ORSE_INSUM!A:E,2,0),IF($G73=\"SINAPI\",VLOOKUP($H73,SINAPI_INSUM!A:E,2,0),IF($G73=\"SEINFRA\",VLOOKUP($H73,SEINFRA_INSUM!B:F,2,0),IF($G73=\"COTAÇÃO\",VLOOKUP($H73,'COTAÇÃO - MAT_CONSUMO'!B:L,2,0),\"\"))))","v":"CHAVE DE FENDA 1/8\" X 5\""},"Ud",1,{"$f":"IF($G73=\"ORSE\",VLOOKUP($H73,ORSE_INSUM!A:E,4,0),IF($G73=\"SINAPI\",VLOOKUP($H73,SINAPI_INSUM!A:E,5,0),IF($G73=\"SEINFRA\",VLOOKUP($H73,SEINFRA_INSUM!B:F,4,0),IF($G73=\"COTAÇÃO\",VLOOKUP($H73,'COTAÇÃO - MAT_CONSUMO'!B:L,10,0),\"\"))))","v":3.09},3.09,"ORSE",11468]
["1.1.2.21.23",{"$f":"IF($G74=\"ORSE\",VLOOKUP($H74,ORSE_INSUM!A:E,2,0),IF($G74=\"SINAPI\",VLOOKUP($H74,SINAPI_INSUM!A:E,2,0),IF($G74=\"SEINFRA\",VLOOKUP($H74,SEINFRA_INSUM!B:F,2,0),IF($G74=\"COTAÇÃO\",VLOOKUP($H74,'COTAÇÃO - MAT_CONSUMO'!B:L,2,0),\"\"))))","v":"Chave de fenda 3/16\" x 5\""},"Ud",1,{"$f":"IF($G74=\"ORSE\",VLOOKUP($H74,ORSE_INSUM!A:E,4,0),IF($G74=\"SINAPI\",VLOOKUP($H74,SINAPI_INSUM!A:E,5,0),IF($G74=\"SEINFRA\",VLOOKUP($H74,SEINFRA_INSUM!B:F,4,0),IF($G74=\"COTAÇÃO\",VLOOKUP($H74,'COTAÇÃO - MAT_CONSUMO'!B:L,10,0),\"\"))))","v":6.69},6.69,"COTAÇÃO",31]
["1.1.2.21.24",{"$f":"IF($G75=\"ORSE\",VLOOKUP($H75,ORSE_INSUM!A:E,2,0),IF($G75=\"SINAPI\",VLOOKUP($H75,SINAPI_INSUM!A:E,2,0),IF($G75=\"SEINFRA\",VLOOKUP($H75,SEINFRA_INSUM!B:F,2,0),IF($G75=\"COTAÇÃO\",VLOOKUP($H75,'COTAÇÃO - MAT_CONSUMO'!B:L,2,0),\"\"))))","v":"Chave de fenda 3/8\" x 10\""},"Ud",1,{"$f":"IF($G75=\"ORSE\",VLOOKUP($H75,ORSE_INSUM!A:E,4,0),IF($G75=\"SINAPI\",VLOOKUP($H75,SINAPI_INSUM!A:E,5,0),IF($G75=\"SEINFRA\",VLOOKUP($H75,SEINFRA_INSUM!B:F,4,0),IF($G75=\"COTAÇÃO\",VLOOKUP($H75,'COTAÇÃO - MAT_CONSUMO'!B:L,10,0),\"\"))))","v":17.739999999999998},17.739999999999998,"COTAÇÃO",32]
["1.1.2.21.25",{"$f":"IF($G76=\"ORSE\",VLOOKUP($H76,ORSE_INSUM!A:E,2,0),IF($G76=\"SINAPI\",VLOOKUP($H76,SINAPI_INSUM!A:E,2,0),IF($G76=\"SEINFRA\",VLOOKUP($H76,SEINFRA_INSUM!B:F,2,0),IF($G76=\"COTAÇÃO\",VLOOKUP($H76,'COTAÇÃO - MAT_CONSUMO'!B:L,2,0),\"\"))))","v":"Chave de fenda 5/16\" x 10\""},"Ud",1,{"$f":"IF($G76=\"ORSE\",VLOOKUP($H76,ORSE_INSUM!A:E,4,0),IF($G76=\"SINAPI\",VLOOKUP($H76,SINAPI_INSUM!A:E,5,0),IF($G76=\"SEINFRA\",VLOOKUP($H76,SEINFRA_INSUM!B:F,4,0),IF($G76=\"COTAÇÃO\",VLOOKUP($H76,'COTAÇÃO - MAT_CONSUMO'!B:L,10,0),\"\"))))","v":12.55},12.55,"COTAÇÃO",33]
["1.1.2.21.26",{"$f":"IF($G77=\"ORSE\",VLOOKUP($H77,ORSE_INSUM!A:E,2,0),IF($G77=\"SINAPI\",VLOOKUP($H77,SINAPI_INSUM!A:E,2,0),IF($G77=\"SEINFRA\",VLOOKUP($H77,SEINFRA_INSUM!B:F,2,0),IF($G77=\"COTAÇÃO\",VLOOKUP($H77,'COTAÇÃO - MAT_CONSUMO'!B:L,2,0),\"\"))))","v":"Chave de fenda simples \"tipo toco\" 3/16\""},"Ud",1,{"$f":"IF($G77=\"ORSE\",VLOOKUP($H77,ORSE_INSUM!A:E,4,0),IF($G77=\"SINAPI\",VLOOKUP($H77,SINAPI_INSUM!A:E,5,0),IF($G77=\"SEINFRA\",VLOOKUP($H77,SEINFRA_INSUM!B:F,4,0),IF($G77=\"COTAÇÃO\",VLOOKUP($H77,'COTAÇÃO - MAT_CONSUMO'!B:L,10,0),\"\"))))","v":6.52},6.52,"COTAÇÃO",34]
["1.1.2.21.27",{"$f":"IF($G78=\"ORSE\",VLOOKUP($H78,ORSE_INSUM!A:E,2,0),IF($G78=\"SINAPI\",VLOOKUP($H78,SINAPI_INSUM!A:E,2,0),IF($G78=\"SEINFRA\",VLOOKUP($H78,SEINFRA_INSUM!B:F,2,0),IF($G78=\"COTAÇÃO\",VLOOKUP($H78,'COTAÇÃO - MAT_CONSUMO'!B:L,2,0),\"\"))))","v":"Esquadro magnetico p/ soldador"},"Ud",1,{"$f":"IF($G78=\"ORSE\",VLOOKUP($H78,ORSE_INSUM!A:E,4,0),IF($G78=\"SINAPI\",VLOOKUP($H78,SINAPI_INSUM!A:E,5,0),IF($G78=\"SEINFRA\",VLOOKUP($H78,SEINFRA_INSUM!B:F,4,0),IF($G78=\"COTAÇÃO\",VLOOKUP($H78,'COTAÇÃO - MAT_CONSUMO'!B:L,10,0),\"\"))))","v":46.99},46.99,"COTAÇÃO",115]
["1.1.2.21.28",{"$f":"IF($G79=\"ORSE\",VLOOKUP($H79,ORSE_INSUM!A:E,2,0),IF($G79=\"SINAPI\",VLOOKUP($H79,SINAPI_INSUM!A:E,2,0),IF($G79=\"SEINFRA\",VLOOKUP($H79,SEINFRA_INSUM!B:F,2,0),IF($G79=\"COTAÇÃO\",VLOOKUP($H79,'COTAÇÃO - MAT_CONSUMO'!B:L,2,0),\"\"))))","v":"Esquadro metálico"},"Ud",1,{"$f":"IF($G79=\"ORSE\",VLOOKUP($H79,ORSE_INSUM!A:E,4,0),IF($G79=\"SINAPI\",VLOOKUP($H79,SINAPI_INSUM!A:E,5,0),IF($G79=\"SEINFRA\",VLOOKUP($H79,SEINFRA_INSUM!B:F,4,0),IF($G79=\"COTAÇÃO\",VLOOKUP($H79,'COTAÇÃO - MAT_CONSUMO'!B:L,10,0),\"\"))))","v":52.55},52.55,"COTAÇÃO",117]
["1.1.2.21.29",{"$f":"IF($G80=\"ORSE\",VLOOKUP($H80,ORSE_INSUM!A:E,2,0),IF($G80=\"SINAPI\",VLOOKUP($H80,SINAPI_INSUM!A:E,2,0),IF($G80=\"SEINFRA\",VLOOKUP($H80,SEINFRA_INSUM!B:F,2,0),IF($G80=\"COTAÇÃO\",VLOOKUP($H80,'COTAÇÃO - MAT_CONSUMO'!B:L,2,0),\"\"))))","v":"Jogo de chaves combinadas de 6, 7, 8, 10,11,12, 13, 14, 17, 19, 22, 24, 27, 30 e 32"},"Ud",1,{"$f":"IF($G80=\"ORSE\",VLOOKUP($H80,ORSE_INSUM!A:E,4,0),IF($G80=\"SINAPI\",VLOOKUP($H80,SINAPI_INSUM!A:E,5,0),IF($G80=\"SEINFRA\",VLOOKUP($H80,SEINFRA_INSUM!B:F,4,0),IF($G80=\"COTAÇÃO\",VLOOKUP($H80,'COTAÇÃO - MAT_CONSUMO'!B:L,10,0),\"\"))))","v":329.9},329.9,"COTAÇÃO",30]
["1.1.2.21.30",{"$f":"IF($G81=\"ORSE\",VLOOKUP($H81,ORSE_INSUM!A:E,2,0),IF($G81=\"SINAPI\",VLOOKUP($H81,SINAPI_INSUM!A:E,2,0),IF($G81=\"SEINFRA\",VLOOKUP($H81,SEINFRA_INSUM!B:F,2,0),IF($G81=\"COTAÇÃO\",VLOOKUP($H81,'COTAÇÃO - MAT_CONSUMO'!B:L,2,0),\"\"))))","v":"Jogo de chaves soquete PNZ 1032 3/8\"-1.1/4\""},"Ud",1,{"$f":"IF($G81=\"ORSE\",VLOOKUP($H81,ORSE_INSUM!A:E,4,0),IF($G81=\"SINAPI\",VLOOKUP($H81,SINAPI_INSUM!A:E,5,0),IF($G81=\"SEINFRA\",VLOOKUP($H81,SEINFRA_INSUM!B:F,4,0),IF($G81=\"COTAÇÃO\",VLOOKUP($H81,'COTAÇÃO - MAT_CONSUMO'!B:L,10,0),\"\"))))","v":129.9},129.9,"COTAÇÃO",54]
["1.1.2.21.31",{"$f":"IF($G82=\"ORSE\",VLOOKUP($H82,ORSE_INSUM!A:E,2,0),IF($G82=\"SINAPI\",VLOOKUP($H82,SINAPI_INSUM!A:E,2,0),IF($G82=\"SEINFRA\",VLOOKUP($H82,SEINFRA_INSUM!B:F,2,0),IF($G82=\"COTAÇÃO\",VLOOKUP($H82,'COTAÇÃO - MAT_CONSUMO'!B:L,2,0),\"\"))))","v":"Lima chata 10\""},"Ud",1,{"$f":"IF($G82=\"ORSE\",VLOOKUP($H82,ORSE_INSUM!A:E,4,0),IF($G82=\"SINAPI\",VLOOKUP($H82,SINAPI_INSUM!A:E,5,0),IF($G82=\"SEINFRA\",VLOOKUP($H82,SEINFRA_INSUM!B:F,4,0),IF($G82=\"COTAÇÃO\",VLOOKUP($H82,'COTAÇÃO - MAT_CONSUMO'!B:L,10,0),\"\"))))","v":17.649999999999999},17.649999999999999,"COTAÇÃO",53]
["1.1.2.21.32",{"$f":"IF($G83=\"ORSE\",VLOOKUP($H83,ORSE_INSUM!A:E,2,0),IF($G83=\"SINAPI\",VLOOKUP($H83,SINAPI_INSUM!A:E,2,0),IF($G83=\"SEINFRA\",VLOOKUP($H83,SEINFRA_INSUM!B:F,2,0),IF($G83=\"COTAÇÃO\",VLOOKUP($H83,'COTAÇÃO - MAT_CONSUMO'!B:L,2,0),\"\"))))","v":"Martelo bola 500 g"},"Ud",1,{"$f":"IF($G83=\"ORSE\",VLOOKUP($H83,ORSE_INSUM!A:E,4,0),IF($G83=\"SINAPI\",VLOOKUP($H83,SINAPI_INSUM!A:E,5,0),IF($G83=\"SEINFRA\",VLOOKUP($H83,SEINFRA_INSUM!B:F,4,0),IF($G83=\"COTAÇÃO\",VLOOKUP($H83,'COTAÇÃO - MAT_CONSUMO'!B:L,10,0),\"\"))))","v":41.99},41.99,"COTAÇÃO",46]
["1.1.2.21.33",{"$f":"IF($G84=\"ORSE\",VLOOKUP($H84,ORSE_INSUM!A:E,2,0),IF($G84=\"SINAPI\",VLOOKUP($H84,SINAPI_INSUM!A:E,2,0),IF($G84=\"SEINFRA\",VLOOKUP($H84,SEINFRA_INSUM!B:F,2,0),IF($G84=\"COTAÇÃO\",VLOOKUP($H84,'COTAÇÃO - MAT_CONSUMO'!B:L,2,0),\"\"))))","v":"Martelo pena 500g"},"Ud",1,{"$f":"IF($G84=\"ORSE\",VLOOKUP($H84,ORSE_INSUM!A:E,4,0),IF($G84=\"SINAPI\",VLOOKUP($H84,SINAPI_INSUM!A:E,5,0),IF($G84=\"SEINFRA\",VLOOKUP($H84,SEINFRA_INSUM!B:F,4,0),IF($G84=\"COTAÇÃO\",VLOOKUP($H84,'COTAÇÃO - MAT_CONSUMO'!B:L,10,0),\"\"))))","v":35.06},35.06,"COTAÇÃO",45]
["1.1.2.21.34",{"$f":"IF($G85=\"ORSE\",VLOOKUP($H85,ORSE_INSUM!A:E,2,0),IF($G85=\"SINAPI\",VLOOKUP($H85,SINAPI_INSUM!A:E,2,0),IF($G85=\"SEINFRA\",VLOOKUP($H85,SEINFRA_INSUM!B:F,2,0),IF($G85=\"COTAÇÃO\",VLOOKUP($H85,'COTAÇÃO - MAT_CONSUMO'!B:L,2,0),\"\"))))","v":"Punção de centro 5\""},"Ud",1,{"$f":"IF($G85=\"ORSE\",VLOOKUP($H85,ORSE_INSUM!A:E,4,0),IF($G85=\"SINAPI\",VLOOKUP($H85,SINAPI_INSUM!A:E,5,0),IF($G85=\"SEINFRA\",VLOOKUP($H85,SEINFRA_INSUM!B:F,4,0),IF($G85=\"COTAÇÃO\",VLOOKUP($H85,'COTAÇÃO - MAT_CONSUMO'!B:L,10,0),\"\"))))","v":15.05},15.05,"COTAÇÃO",144]
["1.1.2.21.35",{"$f":"IF($G86=\"ORSE\",VLOOKUP($H86,ORSE_INSUM!A:E,2,0),IF($G86=\"SINAPI\",VLOOKUP($H86,SINAPI_INSUM!A:E,2,0),IF($G86=\"SEINFRA\",VLOOKUP($H86,SEINFRA_INSUM!B:F,2,0),IF($G86=\"COTAÇÃO\",VLOOKUP($H86,'COTAÇÃO - MAT_CONSUMO'!B:L,2,0),\"\"))))","v":"Tesoura de funilaria 10\""},"Ud",1,{"$f":"IF($G86=\"ORSE\",VLOOKUP($H86,ORSE_INSUM!A:E,4,0),IF($G86=\"SINAPI\",VLOOKUP($H86,SINAPI_INSUM!A:E,5,0),IF($G86=\"SEINFRA\",VLOOKUP($H86,SEINFRA_INSUM!B:F,4,0),IF($G86=\"COTAÇÃO\",VLOOKUP($H86,'COTAÇÃO - MAT_CONSUMO'!B:L,10,0),\"\"))))","v":40.9},40.9,"COTAÇÃO",47]
["1.1.2.21.36",{"$f":"IF($G87=\"ORSE\",VLOOKUP($H87,ORSE_INSUM!A:E,2,0),IF($G87=\"SINAPI\",VLOOKUP($H87,SINAPI_INSUM!A:E,2,0),IF($G87=\"SEINFRA\",VLOOKUP($H87,SEINFRA_INSUM!B:F,2,0),IF($G87=\"COTAÇÃO\",VLOOKUP($H87,'COTAÇÃO - MAT_CONSUMO'!B:L,2,0),\"\"))))","v":"Trena de 5m"},"Ud",1,{"$f":"IF($G87=\"ORSE\",VLOOKUP($H87,ORSE_INSUM!A:E,4,0),IF($G87=\"SINAPI\",VLOOKUP($H87,SINAPI_INSUM!A:E,5,0),IF($G87=\"SEINFRA\",VLOOKUP($H87,SEINFRA_INSUM!B:F,4,0),IF($G87=\"COTAÇÃO\",VLOOKUP($H87,'COTAÇÃO - MAT_CONSUMO'!B:L,10,0),\"\"))))","v":13.28},13.28,"COTAÇÃO",41]
[]
["1.1.2.21","SUB TOTAL",null,null,null,{"$f":"SUM(F52:F87)","v":1585.02}]
[]
["*** CONJUNTO DE FERRAMENTAS PARA  ENCANADOR"]
[{"$nulls":7},"REF. JUL/18"]
["ITEM","DESCRIÇÃO","UNID.","QUANT.","VALOR",null,"REF.TAB.","Cód. TAB."]
[{"$nulls":4},"UNIT. (R$)","TOTAL (R$)"]
[]
["1.1.2.22.1",{"$f":"IF($G96=\"ORSE\",VLOOKUP($H96,ORSE_INSUM!A:E,2,0),IF($G96=\"SINAPI\",VLOOKUP($H96,SINAPI_INSUM!A:E,2,0),IF($G96=\"SEINFRA\",VLOOKUP($H96,SEINFRA_INSUM!B:F,2,0),IF($G96=\"COTAÇÃO\",VLOOKUP($H96,'COTAÇÃO - MAT_CONSUMO'!B:L,2,0),\"\"))))","v":"ALAVANCA REDONDA 6KG 1\" X 1,5M"},"Ud",1,{"$f":"IF($G96=\"ORSE\",VLOOKUP($H96,ORSE_INSUM!A:E,4,0),IF($G96=\"SINAPI\",VLOOKUP($H96,SINAPI_INSUM!A:E,5,0),IF($G96=\"SEINFRA\",VLOOKUP($H96,SEINFRA_INSUM!B:F,4,0),IF($G96=\"COTAÇÃO\",VLOOKUP($H96,'COTAÇÃO - MAT_CONSUMO'!B:L,10,0),\"\"))))","v":94.9},{"$f":"ROUND(E96*D96,2)","v":94.9},"ORSE",148]
["1.1.2.22.2",{"$f":"IF($G97=\"ORSE\",VLOOKUP($H97,ORSE_INSUM!A:E,2,0),IF($G97=\"SINAPI\",VLOOKUP($H97,SINAPI_INSUM!A:E,2,0),IF($G97=\"SEINFRA\",VLOOKUP($H97,SEINFRA_INSUM!B:F,2,0),IF($G97=\"COTAÇÃO\",VLOOKUP($H97,'COTAÇÃO - MAT_CONSUMO'!B:L,2,0),\"\"))))","v":"ALICATE DE PRESSÃO 11\""},"Ud",1,{"$f":"IF($G97=\"ORSE\",VLOOKUP($H97,ORSE_INSUM!A:E,4,0),IF($G97=\"SINAPI\",VLOOKUP($H97,SINAPI_INSUM!A:E,5,0),IF($G97=\"SEINFRA\",VLOOKUP($H97,SEINFRA_INSUM!B:F,4,0),IF($G97=\"COTAÇÃO\",VLOOKUP($H97,'COTAÇÃO - MAT_CONSUMO'!B:L,10,0),\"\"))))","v":15.79},{"$f":"ROUND(E97*D97,2)","v":15.79},"ORSE",11275]
["1.1.2.22.3",{"$f":"IF($G98=\"ORSE\",VLOOKUP($H98,ORSE_INSUM!A:E,2,0),IF($G98=\"SINAPI\",VLOOKUP($H98,SINAPI_INSUM!A:E,2,0),IF($G98=\"SEINFRA\",VLOOKUP($H98,SEINFRA_INSUM!B:F,2,0),IF($G98=\"COTAÇÃO\",VLOOKUP($H98,'COTAÇÃO - MAT_CONSUMO'!B:L,2,0),\"\"))))","v":"Alicate universal 8\""},"Ud",1,{"$f":"IF($G98=\"ORSE\",VLOOKUP($H98,ORSE_INSUM!A:E,4,0),IF($G98=\"SINAPI\",VLOOKUP($H98,SINAPI_INSUM!A:E,5,0),IF($G98=\"SEINFRA\",VLOOKUP($H98,SEINFRA_INSUM!B:F,4,0),IF($G98=\"COTAÇÃO\",VLOOKUP($H98,'COTAÇÃO - MAT_CONSUMO'!B:L,10,0),\"\"))))","v":22},22,"COTAÇÃO",39]
["1.1.2.22.4",{"$f":"IF($G99=\"ORSE\",VLOOKUP($H99,ORSE_INSUM!A:E,2,0),IF($G99=\"SINAPI\",VLOOKUP($H99,SINAPI_INSUM!A:E,2,0),IF($G99=\"SEINFRA\",VLOOKUP($H99,SEINFRA_INSUM!B:F,2,0),IF($G99=\"COTAÇÃO\",VLOOKUP($H99,'COTAÇÃO - MAT_CONSUMO'!B:L,2,0),\"\"))))","v":"ARCO DE SERRA"},"Ud",1,{"$f":"IF($G99=\"ORSE\",VLOOKUP($H99,ORSE_INSUM!A:E,4,0),IF($G99=\"SINAPI\",VLOOKUP($H99,SINAPI_INSUM!A:E,5,0),IF($G99=\"SEINFRA\",VLOOKUP($H99,SEINFRA_INSUM!B:F,4,0),IF($G99=\"COTAÇÃO\",VLOOKUP($H99,'COTAÇÃO - MAT_CONSUMO'!B:L,10,0),\"\"))))","v":19.5},19.5,"ORSE",10585]
["1.1.2.22.5",{"$f":"IF($G100=\"ORSE\",VLOOKUP($H100,ORSE_INSUM!A:E,2,0),IF($G100=\"SINAPI\",VLOOKUP($H100,SINAPI_INSUM!A:E,2,0),IF($G100=\"SEINFRA\",VLOOKUP($H100,SEINFRA_INSUM!B:F,2,0),IF($G100=\"COTAÇÃO\",VLOOKUP($H100,'COTAÇÃO - MAT_CONSUMO'!B:L,2,0),\"\"))))","v":"Caixa sanfonada com cinco gavetas"},"Ud",1,{"$f":"IF($G100=\"ORSE\",VLOOKUP($H100,ORSE_INSUM!A:E,4,0),IF($G100=\"SINAPI\",VLOOKUP($H100,SINAPI_INSUM!A:E,5,0),IF($G100=\"SEINFRA\",VLOOKUP($H100,SEINFRA_INSUM!B:F,4,0),IF($G100=\"COTAÇÃO\",VLOOKUP($H100,'COTAÇÃO - MAT_CONSUMO'!B:L,10,0),\"\"))))","v":75.25},75.25,"COTAÇÃO",42]
["1.1.2.22.6",{"$f":"IF($G101=\"ORSE\",VLOOKUP($H101,ORSE_INSUM!A:E,2,0),IF($G101=\"SINAPI\",VLOOKUP($H101,SINAPI_INSUM!A:E,2,0),IF($G101=\"SEINFRA\",VLOOKUP($H101,SEINFRA_INSUM!B:F,2,0),IF($G101=\"COTAÇÃO\",VLOOKUP($H101,'COTAÇÃO - MAT_CONSUMO'!B:L,2,0),\"\"))))","v":"CARRINHO DE MÃO"},"Ud",1,{"$f":"IF($G101=\"ORSE\",VLOOKUP($H101,ORSE_INSUM!A:E,4,0),IF($G101=\"SINAPI\",VLOOKUP($H101,SINAPI_INSUM!A:E,5,0),IF($G101=\"SEINFRA\",VLOOKUP($H101,SEINFRA_INSUM!B:F,4,0),IF($G101=\"COTAÇÃO\",VLOOKUP($H101,'COTAÇÃO - MAT_CONSUMO'!B:L,10,0),\"\"))))","v":110},110,"ORSE",10787]
["1.1.2.22.7",{"$f":"IF($G102=\"ORSE\",VLOOKUP($H102,ORSE_INSUM!A:E,2,0),IF($G102=\"SINAPI\",VLOOKUP($H102,SINAPI_INSUM!A:E,2,0),IF($G102=\"SEINFRA\",VLOOKUP($H102,SEINFRA_INSUM!B:F,2,0),IF($G102=\"COTAÇÃO\",VLOOKUP($H102,'COTAÇÃO - MAT_CONSUMO'!B:L,2,0),\"\"))))","v":"Chave de fenda 5/16\" x 10\""},"Ud",1,{"$f":"IF($G102=\"ORSE\",VLOOKUP($H102,ORSE_INSUM!A:E,4,0),IF($G102=\"SINAPI\",VLOOKUP($H102,SINAPI_INSUM!A:E,5,0),IF($G102=\"SEINFRA\",VLOOKUP($H102,SEINFRA_INSUM!B:F,4,0),IF($G102=\"COTAÇÃO\",VLOOKUP($H102,'COTAÇÃO - MAT_CONSUMO'!B:L,10,0),\"\"))))","v":12.55},12.55,"COTAÇÃO",33]
["1.1.2.22.8",{"$f":"IF($G103=\"ORSE\",VLOOKUP($H103,ORSE_INSUM!A:E,2,0),IF($G103=\"SINAPI\",VLOOKUP($H103,SINAPI_INSUM!A:E,2,0),IF($G103=\"SEINFRA\",VLOOKUP($H103,SEINFRA_INSUM!B:F,2,0),IF($G103=\"COTAÇÃO\",VLOOKUP($H103,'COTAÇÃO - MAT_CONSUMO'!B:L,2,0),\"\"))))","v":"Chibanca com cabo"},"Ud",1,{"$f":"IF($G103=\"ORSE\",VLOOKUP($H103,ORSE_INSUM!A:E,4,0),IF($G103=\"SINAPI\",VLOOKUP($H103,SINAPI_INSUM!A:E,5,0),IF($G103=\"SEINFRA\",VLOOKUP($H103,SEINFRA_INSUM!B:F,4,0),IF($G103=\"COTAÇÃO\",VLOOKUP($H103,'COTAÇÃO - MAT_CONSUMO'!B:L,10,0),\"\"))))","v":54.9},54.9,"COTAÇÃO",52]
["1.1.2.22.9",{"$f":"IF($G104=\"ORSE\",VLOOKUP($H104,ORSE_INSUM!A:E,2,0),IF($G104=\"SINAPI\",VLOOKUP($H104,SINAPI_INSUM!A:E,2,0),IF($G104=\"SEINFRA\",VLOOKUP($H104,SEINFRA_INSUM!B:F,2,0),IF($G104=\"COTAÇÃO\",VLOOKUP($H104,'COTAÇÃO - MAT_CONSUMO'!B:L,2,0),\"\"))))","v":"ENXADA ESTREITA *25 X 23* CM COM CABO"},"Ud",1,{"$f":"IF($G104=\"ORSE\",VLOOKUP($H104,ORSE_INSUM!A:E,4,0),IF($G104=\"SINAPI\",VLOOKUP($H104,SINAPI_INSUM!A:E,5,0),IF($G104=\"SEINFRA\",VLOOKUP($H104,SEINFRA_INSUM!B:F,4,0),IF($G104=\"COTAÇÃO\",VLOOKUP($H104,'COTAÇÃO - MAT_CONSUMO'!B:L,10,0),\"\"))))","v":"27,22"},27.22,"SINAPI",38403]
["1.1.2.22.10",{"$f":"IF($G105=\"ORSE\",VLOOKUP($H105,ORSE_INSUM!A:E,2,0),IF($G105=\"SINAPI\",VLOOKUP($H105,SINAPI_INSUM!A:E,2,0),IF($G105=\"SEINFRA\",VLOOKUP($H105,SEINFRA_INSUM!B:F,2,0),IF($G105=\"COTAÇÃO\",VLOOKUP($H105,'COTAÇÃO - MAT_CONSUMO'!B:L,2,0),\"\"))))","v":"Facão 20\""},"Ud",1,{"$f":"IF($G105=\"ORSE\",VLOOKUP($H105,ORSE_INSUM!A:E,4,0),IF($G105=\"SINAPI\",VLOOKUP($H105,SINAPI_INSUM!A:E,5,0),IF($G105=\"SEINFRA\",VLOOKUP($H105,SEINFRA_INSUM!B:F,4,0),IF($G105=\"COTAÇÃO\",VLOOKUP($H105,'COTAÇÃO - MAT_CONSUMO'!B:L,10,0),\"\"))))","v":42.66},42.66,"COTAÇÃO",57]
["1.1.2.22.11",{"$f":"IF($G106=\"ORSE\",VLOOKUP($H106,ORSE_INSUM!A:E,2,0),IF($G106=\"SINAPI\",VLOOKUP($H106,SINAPI_INSUM!A:E,2,0),IF($G106=\"SEINFRA\",VLOOKUP($H106,SEINFRA_INSUM!B:F,2,0),IF($G106=\"COTAÇÃO\",VLOOKUP($H106,'COTAÇÃO - MAT_CONSUMO'!B:L,2,0),\"\"))))","v":"Foice roçadeira com cabo"},"Ud",1,{"$f":"IF($G106=\"ORSE\",VLOOKUP($H106,ORSE_INSUM!A:E,4,0),IF($G106=\"SINAPI\",VLOOKUP($H106,SINAPI_INSUM!A:E,5,0),IF($G106=\"SEINFRA\",VLOOKUP($H106,SEINFRA_INSUM!B:F,4,0),IF($G106=\"COTAÇÃO\",VLOOKUP($H106,'COTAÇÃO - MAT_CONSUMO'!B:L,10,0),\"\"))))","v":28.41},28.41,"COTAÇÃO",51]
["1.1.2.22.12",{"$f":"IF($G107=\"ORSE\",VLOOKUP($H107,ORSE_INSUM!A:E,2,0),IF($G107=\"SINAPI\",VLOOKUP($H107,SINAPI_INSUM!A:E,2,0),IF($G107=\"SEINFRA\",VLOOKUP($H107,SEINFRA_INSUM!B:F,2,0),IF($G107=\"COTAÇÃO\",VLOOKUP($H107,'COTAÇÃO - MAT_CONSUMO'!B:L,2,0),\"\"))))","v":"Grosa 12\""},"Ud",1,{"$f":"IF($G107=\"ORSE\",VLOOKUP($H107,ORSE_INSUM!A:E,4,0),IF($G107=\"SINAPI\",VLOOKUP($H107,SINAPI_INSUM!A:E,5,0),IF($G107=\"SEINFRA\",VLOOKUP($H107,SEINFRA_INSUM!B:F,4,0),IF($G107=\"COTAÇÃO\",VLOOKUP($H107,'COTAÇÃO - MAT_CONSUMO'!B:L,10,0),\"\"))))","v":22.3},22.3,"COTAÇÃO",58]
["1.1.2.22.13",{"$f":"IF($G108=\"ORSE\",VLOOKUP($H108,ORSE_INSUM!A:E,2,0),IF($G108=\"SINAPI\",VLOOKUP($H108,SINAPI_INSUM!A:E,2,0),IF($G108=\"SEINFRA\",VLOOKUP($H108,SEINFRA_INSUM!B:F,2,0),IF($G108=\"COTAÇÃO\",VLOOKUP($H108,'COTAÇÃO - MAT_CONSUMO'!B:L,2,0),\"\"))))","v":"Jogo de Chave Estrela  6 a 22mm"},"Ud",1,{"$f":"IF($G108=\"ORSE\",VLOOKUP($H108,ORSE_INSUM!A:E,4,0),IF($G108=\"SINAPI\",VLOOKUP($H108,SINAPI_INSUM!A:E,5,0),IF($G108=\"SEINFRA\",VLOOKUP($H108,SEINFRA_INSUM!B:F,4,0),IF($G108=\"COTAÇÃO\",VLOOKUP($H108,'COTAÇÃO - MAT_CONSUMO'!B:L,10,0),\"\"))))","v":109.99},{"$f":"ROUND(E108*D108,2)","v":109.99},"COTAÇÃO",28]
["1.1.2.22.14",{"$f":"IF($G109=\"ORSE\",VLOOKUP($H109,ORSE_INSUM!A:E,2,0),IF($G109=\"SINAPI\",VLOOKUP($H109,SINAPI_INSUM!A:E,2,0),IF($G109=\"SEINFRA\",VLOOKUP($H109,SEINFRA_INSUM!B:F,2,0),IF($G109=\"COTAÇÃO\",VLOOKUP($H109,'COTAÇÃO - MAT_CONSUMO'!B:L,2,0),\"\"))))","v":"Jogo de chaves combinadas de 6, 7, 8, 10,11,12, 13, 14, 17, 19, 22, 24, 27, 30 e 32"},"Ud",1,{"$f":"IF($G109=\"ORSE\",VLOOKUP($H109,ORSE_INSUM!A:E,4,0),IF($G109=\"SINAPI\",VLOOKUP($H109,SINAPI_INSUM!A:E,5,0),IF($G109=\"SEINFRA\",VLOOKUP($H109,SEINFRA_INSUM!B:F,4,0),IF($G109=\"COTAÇÃO\",VLOOKUP($H109,'COTAÇÃO - MAT_CONSUMO'!B:L,10,0),\"\"))))","v":329.9},329.9,"COTAÇÃO",30]
["1.1.2.22.15",{"$f":"IF($G110=\"ORSE\",VLOOKUP($H110,ORSE_INSUM!A:E,2,0),IF($G110=\"SINAPI\",VLOOKUP($H110,SINAPI_INSUM!A:E,2,0),IF($G110=\"SEINFRA\",VLOOKUP($H110,SEINFRA_INSUM!B:F,2,0),IF($G110=\"COTAÇÃO\",VLOOKUP($H110,'COTAÇÃO - MAT_CONSUMO'!B:L,2,0),\"\"))))","v":"Lima chata 10\""},"Ud",1,{"$f":"IF($G110=\"ORSE\",VLOOKUP($H110,ORSE_INSUM!A:E,4,0),IF($G110=\"SINAPI\",VLOOKUP($H110,SINAPI_INSUM!A:E,5,0),IF($G110=\"SEINFRA\",VLOOKUP($H110,SEINFRA_INSUM!B:F,4,0),IF($G110=\"COTAÇÃO\",VLOOKUP($H110,'COTAÇÃO - MAT_CONSUMO'!B:L,10,0),\"\"))))","v":17.649999999999999},17.649999999999999,"COTAÇÃO",53]
["1.1.2.22.16",{"$f":"IF($G111=\"ORSE\",VLOOKUP($H111,ORSE_INSUM!A:E,2,0),IF($G111=\"SINAPI\",VLOOKUP($H111,SINAPI_INSUM!A:E,2,0),IF($G111=\"SEINFRA\",VLOOKUP($H111,SEINFRA_INSUM!B:F,2,0),IF($G111=\"COTAÇÃO\",VLOOKUP($H111,'COTAÇÃO - MAT_CONSUMO'!B:L,2,0),\"\"))))","v":"Marreta de 2kg"},"Ud",1,{"$f":"IF($G111=\"ORSE\",VLOOKUP($H111,ORSE_INSUM!A:E,4,0),IF($G111=\"SINAPI\",VLOOKUP($H111,SINAPI_INSUM!A:E,5,0),IF($G111=\"SEINFRA\",VLOOKUP($H111,SEINFRA_INSUM!B:F,4,0),IF($G111=\"COTAÇÃO\",VLOOKUP($H111,'COTAÇÃO - MAT_CONSUMO'!B:L,10,0),\"\"))))","v":30.96},30.96,"COTAÇÃO",43]
["1.1.2.22.17",{"$f":"IF($G112=\"ORSE\",VLOOKUP($H112,ORSE_INSUM!A:E,2,0),IF($G112=\"SINAPI\",VLOOKUP($H112,SINAPI_INSUM!A:E,2,0),IF($G112=\"SEINFRA\",VLOOKUP($H112,SEINFRA_INSUM!B:F,2,0),IF($G112=\"COTAÇÃO\",VLOOKUP($H112,'COTAÇÃO - MAT_CONSUMO'!B:L,2,0),\"\"))))","v":"Martelo pena 500g"},"Ud",1,{"$f":"IF($G112=\"ORSE\",VLOOKUP($H112,ORSE_INSUM!A:E,4,0),IF($G112=\"SINAPI\",VLOOKUP($H112,SINAPI_INSUM!A:E,5,0),IF($G112=\"SEINFRA\",VLOOKUP($H112,SEINFRA_INSUM!B:F,4,0),IF($G112=\"COTAÇÃO\",VLOOKUP($H112,'COTAÇÃO - MAT_CONSUMO'!B:L,10,0),\"\"))))","v":35.06},35.06,"COTAÇÃO",45]
["1.1.2.22.18",{"$f":"IF($G113=\"ORSE\",VLOOKUP($H113,ORSE_INSUM!A:E,2,0),IF($G113=\"SINAPI\",VLOOKUP($H113,SINAPI_INSUM!A:E,2,0),IF($G113=\"SEINFRA\",VLOOKUP($H113,SEINFRA_INSUM!B:F,2,0),IF($G113=\"COTAÇÃO\",VLOOKUP($H113,'COTAÇÃO - MAT_CONSUMO'!B:L,2,0),\"\"))))","v":"PÁ DE BICO"},"Ud",1,{"$f":"IF($G113=\"ORSE\",VLOOKUP($H113,ORSE_INSUM!A:E,4,0),IF($G113=\"SINAPI\",VLOOKUP($H113,SINAPI_INSUM!A:E,5,0),IF($G113=\"SEINFRA\",VLOOKUP($H113,SEINFRA_INSUM!B:F,4,0),IF($G113=\"COTAÇÃO\",VLOOKUP($H113,'COTAÇÃO - MAT_CONSUMO'!B:L,10,0),\"\"))))","v":25.36},25.36,"SEINFRA","I8933"]
["1.1.2.22.19",{"$f":"IF($G114=\"ORSE\",VLOOKUP($H114,ORSE_INSUM!A:E,2,0),IF($G114=\"SINAPI\",VLOOKUP($H114,SINAPI_INSUM!A:E,2,0),IF($G114=\"SEINFRA\",VLOOKUP($H114,SEINFRA_INSUM!B:F,2,0),IF($G114=\"COTAÇÃO\",VLOOKUP($H114,'COTAÇÃO - MAT_CONSUMO'!B:L,2,0),\"\"))))","v":"Picareta com cabo"},"Ud",1,{"$f":"IF($G114=\"ORSE\",VLOOKUP($H114,ORSE_INSUM!A:E,4,0),IF($G114=\"SINAPI\",VLOOKUP($H114,SINAPI_INSUM!A:E,5,0),IF($G114=\"SEINFRA\",VLOOKUP($H114,SEINFRA_INSUM!B:F,4,0),IF($G114=\"COTAÇÃO\",VLOOKUP($H114,'COTAÇÃO - MAT_CONSUMO'!B:L,10,0),\"\"))))","v":53.22},53.22,"COTAÇÃO",50]
["1.1.2.22.20",{"$f":"IF($G115=\"ORSE\",VLOOKUP($H115,ORSE_INSUM!A:E,2,0),IF($G115=\"SINAPI\",VLOOKUP($H115,SINAPI_INSUM!A:E,2,0),IF($G115=\"SEINFRA\",VLOOKUP($H115,SEINFRA_INSUM!B:F,2,0),IF($G115=\"COTAÇÃO\",VLOOKUP($H115,'COTAÇÃO - MAT_CONSUMO'!B:L,2,0),\"\"))))","v":"Talhadeira em aço"},"Ud",1,{"$f":"IF($G115=\"ORSE\",VLOOKUP($H115,ORSE_INSUM!A:E,4,0),IF($G115=\"SINAPI\",VLOOKUP($H115,SINAPI_INSUM!A:E,5,0),IF($G115=\"SEINFRA\",VLOOKUP($H115,SEINFRA_INSUM!B:F,4,0),IF($G115=\"COTAÇÃO\",VLOOKUP($H115,'COTAÇÃO - MAT_CONSUMO'!B:L,10,0),\"\"))))","v":14.43},14.43,"COTAÇÃO",49]
["1.1.3.22.21",{"$f":"IF($G116=\"ORSE\",VLOOKUP($H116,ORSE_INSUM!A:E,2,0),IF($G116=\"SINAPI\",VLOOKUP($H116,SINAPI_INSUM!A:E,2,0),IF($G116=\"SEINFRA\",VLOOKUP($H116,SEINFRA_INSUM!B:F,2,0),IF($G116=\"COTAÇÃO\",VLOOKUP($H116,'COTAÇÃO - MAT_CONSUMO'!B:L,2,0),\"\"))))","v":"Trena de 10m"},"Ud",1,{"$f":"IF($G116=\"ORSE\",VLOOKUP($H116,ORSE_INSUM!A:E,4,0),IF($G116=\"SINAPI\",VLOOKUP($H116,SINAPI_INSUM!A:E,5,0),IF($G116=\"SEINFRA\",VLOOKUP($H116,SEINFRA_INSUM!B:F,4,0),IF($G116=\"COTAÇÃO\",VLOOKUP($H116,'COTAÇÃO - MAT_CONSUMO'!B:L,10,0),\"\"))))","v":24.04},24.04,"COTAÇÃO",48]
[]
["1.1.2.22","SUB TOTAL",null,null,null,{"$f":"SUM(F96:F116)","v":1166.0899999999999}]

{"sheet":"1.2.Mob_1.3.Desm","index":5,"n_rows":61,"n_cols":12,"rows_kept":61,"cut":false,"hidden":false,"merged":[[0,0,0,6],[2,0,2,6],[4,0,4,6],[6,0,7,0],[6,1,7,1],[6,2,7,2],[6,3,7,3],[6,4,6,5],[31,0,31,6],[35,0,35,6],[37,0,38,0],[37,1,38,1],[37,2,38,2],[37,3,38,3],[37,4,37,5]]}
["1. INSTALAÇÃO, MOBILIZAÇÃO E DESMOBILIZAÇÃO"]
[]
["1.2. MOBILIZAÇÃO"]
[]
["1.2.1. PLANILHA DE ESTIMATIVA DE CUSTO DE MOBILIZAÇÃO"]
[]
["Item","DESCRIÇÃO","UNID.","QUANT.","VALOR"]
[{"$nulls":4},"UNIT. (R$)","TOTAL (R$)",null,"Cód. SINAPI"]
[]
["Equipamento"]
[null,{"$f":"SINAPI_COMP!H2434","v":"CAMINHÃO TOCO, PESO BRUTO TOTAL 16.000 KG, CARGA ÚTIL MÁXIMA DE 10.685 KG, DISTÂNCIA ENTRE EIXOS 4,80 M, POTÊNCIA 189 CV EXCLUSIVE CARROCERIA - CHP DIURNO. AF_06/2014"},"H",25,{"$f":"VLOOKUP(H11,SINAPI_COMP!G:K,5,0)","v":"140,89"},{"$f":"ROUND(D11*E11,2)","v":3522.25},"SINAPI","5894",null,null,null,{"$f":"'Planilha Resumida'!F97/2","v":0}]
[{"$nulls":4},"Subtotal",{"$f":"SUM(F11)","v":3522.25}]
[]
["Material"]
[null,"-","-",0,0,{"$f":"D15*E15","v":0}]
[{"$nulls":4},"Subtotal",{"$f":"SUM(F15)","v":0}]
[]
["Serviços - Composições Auxiliares"]
[null,null,null,0,0,{"$f":"D19*E19","v":0}]
[{"$nulls":4},"Subtotal",{"$f":"SUM(F19)","v":0}]
[]
["Mão de Obra"]
[null,{"$f":"SINAPI_INSUM!B425","v":"AUXILIAR DE SERVICOS GERAIS"},"H",50,{"$f":"ROUND(VLOOKUP(H23,SINAPI_INSUM!A:E,5,0)/('ENC. SOCIAIS'!$D$46+1),2)","v":7.2},{"$f":"D23*E23","v":360},"SINAPI",6121]
[{"$nulls":4},"Subtotal",{"$f":"SUM(F23:F23)","v":360}]
[null,null,null,"Enc. Sociais",{"$f":"'ENC. SOCIAIS'!$D$46","v":1.1718},{"$f":"ROUND(F24*E25,2)","v":421.85}]
[]
[{"$nulls":4},"Subtotal Geral",{"$f":"F25+F24+F20+F16+F12","v":4304.1000000000004}]
[null,null,null,"BDI",{"$f":"'BDI - SERVIÇOS'!$C$30","v":0.22500000000000001},{"$f":"F27*E28","v":968.42}]
[]
[{"$nulls":4},"Total Geral",{"$f":"F28+F27","v":5272.52}]
[]
["1. INSTALAÇÃO, MOBILIZAÇÃO E DESMOBILIZAÇÃO"]
[]
["1.3. DESMOBILIZAÇÃO"]
[]
["1.3.1. PLANILHA DE ESTIMATIVA DE CUSTO DE DESMOBILIZAÇÃO"]
[]
["Item","DESCRIÇÃO","UNID.","QUANT.","VALOR"]
[{"$nulls":4},"UNIT. (R$)","TOTAL (R$)"]
[]
["Equipamento"]
[null,{"$f":"B11","v":"CAMINHÃO TOCO, PESO BRUTO TOTAL 16.000 KG, CARGA ÚTIL MÁXIMA DE 10.685 KG, DISTÂNCIA ENTRE EIXOS 4,80 M, POTÊNCIA 189 CV EXCLUSIVE CARROCERIA - CHP DIURNO. AF_06/2014"},"H",{"$f":"D11","v":25},{"$f":"VLOOKUP(H42,SINAPI_COMP!G:K,5,0)","v":"140,89"},{"$f":"ROUND(D42*E42,2)","v":3522.25},"SINAPI","5894"]
[{"$nulls":4},"Subtotal",{"$f":"SUM(F42)","v":3522.25}]
[]
["Material"]
[null,"-","-",0,0,{"$f":"D46*E46","v":0}]
[{"$nulls":4},"Subtotal",{"$f":"SUM(F46)","v":0}]
[]
["Serviços - Composições Auxiliares"]
[null,null,null,0,0,{"$f":"D50*E50","v":0}]
[{"$nulls":4},"Subtotal",{"$f":"SUM(F50)","v":0}]
[]
["Mão de Obra"]
[null,{"$f":"B23","v":"AUXILIAR DE SERVICOS GERAIS"},"H",{"$f":"D23","v":50},{"$f":"ROUND(VLOOKUP(H54,SINAPI_INSUM!A:E,5,0)/('ENC. SOCIAIS'!$D$46+1),2)","v":7.2},{"$f":"D54*E54","v":360},"SINAPI",6121]
[{"$nulls":4},"Subtotal",{"$f":"SUM(F54:F54)","v":360}]
[null,null,null,"Enc. Sociais",{"$f":"'ENC. SOCIAIS'!$D$46","v":1.1718},{"$f":"F55*E56","v":421.85}]
[]
[{"$nulls":4},"Subtotal Geral",{"$f":"F56+F55+F51+F47+F43","v":4304.1000000000004}]
[null,null,null,"BDI",{"$f":"'BDI - SERVIÇOS'!C30","v":0.22500000000000001},{"$f":"F58*E59","v":968.42}]
[]
[{"$nulls":4},"Total Geral",{"$f":"F59+F58","v":5272.52}]

{"sheet":"2.1.1.Adm. Local (Veículos)","index":6,"n_rows":19,"n_cols":6,"rows_kept":19,"cut":false,"hidden":false,"merged":[[6,4,6,5],[0,0,0,5],[6,0,7,0],[6,1,7,1],[6,2,7,2],[6,3,7,3],[24,0,24,5],[14,0,14,4],[16,0,16,4],[20,0,20,5],[21,0,21,5],[22,0,22,5],[23,0,23,5],[19,0,19,5]]}
["2. SERVIÇOS"]
[]
["2.1. ADMINISTRAÇÃO LOCAL"]
[]
["2.1.1. EQUIPAMENTOS (VEÍCULOS)"]
[]
["Item","DESCRIÇÃO","UNID.","QUANT.","VALOR"]
[{"$nulls":4},"UNIT. (R$)","TOTAL (R$)"]
[]
["2.1.1.1","Tipo picape compacta, cabine dupla, motor 1.4 ou maior, flex","mês",2,{"$f":"'CPU5 - VEÍCULOS E MAQ'!I40","v":3986.57},{"$f":"ROUND(E10*D10,2)","v":7973.14}]
["2.1.1.2","Moto tipo cross 150 CC","mês",3,{"$f":"'CPU5 - VEÍCULOS E MAQ'!I154","v":1601.21},{"$f":"ROUND(E11*D11,2)","v":4803.63}]
["2.1.1.3","Tipo passeio com motor 1.0 flex, potencia 72/85 cv, 5 portas, cor solida, básico","mês",1,{"$f":"'CPU5 - VEÍCULOS E MAQ'!I78","v":3169.04},3169.04]
["2.1.1.4","Tipo Van, Capac. mínima 15 passageiros, com ar-refrigerado e motor à diesel","mês",1,{"$f":"'CPU5 - VEÍCULOS E MAQ'!I192","v":9948.25},9948.25]
[]
["Subtotal",{"$nulls":4},{"$f":"SUM(F10:F14)","v":25894.06}]
[]
["TOTAL GERAL",{"$nulls":4},{"$f":"F15","v":25894.06}]
[]
["Observação:"]

{"sheet":"2.1.2.Adm. Local (Material)","index":7,"n_rows":17,"n_cols":6,"rows_kept":17,"cut":false,"hidden":false,"merged":[[16,0,16,4],[12,0,12,4],[14,0,14,4],[0,0,0,5],[6,0,7,0],[6,1,7,1],[6,2,7,2],[6,3,7,3],[6,4,6,5],[13,0,13,3]]}
["2. SERVIÇOS"]
[]
["2.1. ADMINISTRAÇÃO LOCAL"]
[]
["2.1.2. MATERIAL DE CONSUMO"]
[]
["Item","DESCRIÇÃO","UNID.","QUANT.","VALOR"]
[{"$nulls":4},"UNIT. (R$)","TOTAL (R$)"]
[]
["2.1.2.1","Material de limpeza e higiene","mês ",1,{"$f":"'2.1.2.1. Mat_Cons_Limp'!F45","v":1012.63},{"$f":"E10*D10","v":1012.63}]
["2.1.2.2","Material de escritório","mês ",1,{"$f":"'2.1.2.2. Mat_Escritório'!F53","v":1095.18},{"$f":"E11*D11","v":1095.18}]
[]
["Subtotal",{"$nulls":4},{"$f":"SUM(F10:F12)","v":2107.81}]
["BDI FORNECIMENTO",null,null,null,{"$f":"'BDI - FORNECIMENTOS'!$C$31","v":0.109},{"$f":"'BDI - FORNECIMENTOS'!$C$31*F13","v":229.75}]
["Subtotal + BDI",{"$nulls":4},{"$f":"F14+F13","v":2337.56}]
[]
["TOTAL GERAL",{"$nulls":4},{"$f":"F15","v":2337.56}]

{"sheet":"2.1.2.1. Mat_Cons_Limp","index":8,"n_rows":45,"n_cols":11,"rows_kept":45,"cut":false,"hidden":false,"merged":[[45,0,45,5],[42,0,42,5],[10,5,11,5],[41,1,41,3],[43,0,43,4],[44,0,44,4],[13,1,13,5],[31,0,31,4],[32,0,32,5],[10,0,11,0],[10,1,11,1],[10,2,11,2],[10,3,11,3],[10,4,11,4],[10,8,11,8],[10,9,11,9],[10,10,11,10],[10,7,11,7],[0,0,0,5]]}
["2. SERVIÇOS"]
[]
["2.1. ADMINISTRAÇÃO LOCAL"]
[]
["2.1.2. MATERIAL DE CONSUMO"]
[]
["2.1.2.1. MATERIAIS DE CONSUMO, HIEGINE E LIMPEZA"]
[]
["f) PLANILHA DE ESTIMATIVA DE DESPESAS ANUAL DE COPA, HIGIENE E LIMPEZA"]
[]
["Item","Descrição Material","Quant.","Unid.","R$ unit.","R$ total",null,"Cotação 1","Cotação 2","Cotação 3","Mediana (ADOTADO)"]
[]
[]
["2.1.2.1.1","Material de Higiene e Limpeza:"]
["2.1.2.1.1.1","Água Sanitária",240,"L",{"$f":"K15","v":3.16},{"$f":"ROUND(C15*E15,2)","v":758.4},null,1.74,3.16,3.25,{"$f":"MEDIAN(H15:J15)","v":3.16}]
["2.1.2.1.1.2","Balde 10 L ",12,"Ud",{"$f":"K16","v":6.95},{"$f":"ROUND(C16*E16,2)","v":83.4},null,4.58,6.95,7.11,{"$f":"MEDIAN(H16:J16)","v":6.95}]
["2.1.2.1.1.3","Bom ar/Desodor",48,"Ud",12.71,610.08000000000004,null,12.71,12,13.71,12.71]
["2.1.2.1.1.4","Desinfetante, bactericida ",180,"L",5.38,968.4,null,6.49,{"$f":"8.99/2","v":4.5},{"$f":"2.69*2","v":5.38},5.38]
["2.1.2.1.1.5","Detergente líquido",100,"L",3.6,360,null,{"$f":"2.2*2","v":4.4000000000000004},{"$f":"1.79*2","v":3.58},{"$f":"1.8*2","v":3.6},3.6]
["2.1.2.1.1.6","Guardanapo 21 x 22 cm (Pacote com 50 unidades)",100,"Ud",1.99,199,null,1.99,1.36,2.99,1.99]
["2.1.2.1.1.7","Lã de aço",100,"Ud",2.1800000000000002,218,null,1.29,2.1800000000000002,2.56,2.1800000000000002]
["2.1.2.1.1.8","Pano de limpeza",72,"Ud",4.49,323.27999999999997,null,3.6,4.49,5.25,4.49]
["2.1.2.1.1.9","Papel Higiênico (rolo com 30 m)",360,"Ud",1.56,561.6,null,{"$f":"10.99/8","v":1.37},{"$f":"100/64","v":1.56},{"$f":"6.59/4","v":1.65},1.56]
["2.1.2.1.1.10","Papel toalha",240,"Ud",1.84,{"$f":"ROUND(C24*E24,2)","v":441.6},null,{"$f":"3.29/2","v":1.65},{"$f":"3.68/2","v":1.84},{"$f":"4.99/2","v":2.5},1.84]
["2.1.2.1.1.11","Rodo",20,"Ud",14.99,299.8,null,14.99,14.99,14.38,14.99]
["2.1.2.1.1.12","Sabão em pó ",120,"Kg",6.98,837.6,null,{"$f":"3.99*2","v":7.98},{"$f":"3.49*2","v":6.98},6.4,6.98]
["2.1.2.1.1.13","Sabão de pedra (c/5 unidades)",12,"Pct",7.15,85.8,null,5.49,7.15,7.35,7.15]
["2.1.2.1.1.14","Sabonete líquido",180,"L",7.8,1404,null,{"$f":"38.4/5","v":7.68},{"$f":"41.45/5","v":8.2899999999999991},{"$f":"39/5","v":7.8},7.8]
["2.1.2.1.1.15","Sabonete 90 g",120,"Ud",1.55,186,null,1.32,1.55,1.69,1.55]
["2.1.2.1.1.16","Saco de lixo 30 L (pct c/ 10 unidades)",60,"Pct",7.99,479.4,null,9.18,4.29,7.99,7.99]
["2.1.2.1.1.17","Vassoura de nylon",20,"Ud",15.06,301.2,null,15.69,15.06,15.06,15.06]
["Sub-total",{"$nulls":4},{"$f":"SUM(F15:F31)","v":8117.56}]
[]
["2.1.2.1.2","Material de Copa:"]
["2.1.2.1.2.1","Açúcar",100,"Kg",{"$f":"K35","v":2.89},{"$f":"ROUND(C35*E35,2)","v":289},null,2.78,2.99,null,{"$f":"MEDIAN(H35:J35)","v":2.89}]
["2.1.2.1.2.2","Água Mineral  (garrafão de 20 litros)",240,"Garafão",{"$f":"K36","v":9.5},2280,null,9.5,null,null,9.5]
["2.1.2.1.2.3","Café torrado e moído",36,"Kg",18.72,673.92,null,{"$f":"4.79*4","v":19.16},{"$f":"3.89*4","v":15.56},{"$f":"4.68*4","v":18.72},18.72]
["2.1.2.1.2.4","Copo descartável 200 ml",24,"100 ud",3.39,81.36,null,{"$f":"81.9/25","v":3.28},3.39,4.66,3.39]
["2.1.2.1.2.5","Copo descartável 50 ml",24,"100 ud",2.0699999999999998,49.68,null,2.38,{"$f":"100.76/50","v":2.02},2.0699999999999998,2.0699999999999998]
["2.1.2.1.2.6","Gás de cozinha - GLP 13 Kg",12,"Ud",55,660,null,55,null,null,55]
[]
[null,"Sub-total",null,null,null,{"$f":"SUM(F35:F41)","v":4033.96}]
[]
["TOTAL ANUAL",{"$nulls":4},{"$f":"F42+F32","v":12151.52}]
["TOTAL MENSAL",{"$nulls":4},{"$f":"F44/12","v":1012.63}]

{"sheet":"2.1.2.2. Mat_Escritório","index":9,"n_rows":53,"n_cols":11,"rows_kept":53,"cut":false,"hidden":false,"merged":[[51,0,51,4],[52,0,52,4],[8,0,9,0],[8,1,9,1],[8,2,9,2],[8,3,9,3],[8,4,9,4],[50,0,50,5],[10,0,10,5],[8,5,9,5],[8,7,9,7],[8,8,9,8],[8,9,9,9],[8,10,9,10],[0,0,0,5]]}
["2. SERVIÇOS"]
[]
["2.1. ADMINISTRAÇÃO LOCAL"]
[]
["2.1.2. MATERIAL DE CONSUMO"]
[]
["2.1.2.2. MATERIAIS DE ESCRITÓRIO"]
[]
["Item","Descrição Material","Quant.","Unid.","R$ unit.","R$ total",null,"Cotação 1","Cotação 2","Cotação 3","Mediana (ADOTADO)"]
[]
[]
["2.1.2.2.1","Aspiral 12 mm (para encadernação)",36,"Ud",{"$f":"K12","v":0.16},{"$f":"ROUND(C12*E12,2)","v":5.76},null,{"$f":"7.2/50","v":0.14000000000000001},{"$f":"7.8/50","v":0.16},{"$f":"27.2/100","v":0.27},{"$f":"MEDIAN(H12:J12)","v":0.16}]
["2.1.2.2.2","Aspiral 7 mm (para encadernação)",36,"Ud",{"$f":"K13","v":0.18},{"$f":"ROUND(C13*E13,2)","v":6.48},null,0.27,{"$f":"2.99/25","v":0.12},{"$f":"4.57/25","v":0.18},{"$f":"MEDIAN(H13:J13)","v":0.18}]
["2.1.2.2.3","Aspiral 9 mm (para encadernação)",36,"Ud",0.14000000000000001,5.04,null,{"$f":"4.6/50","v":0.09},{"$f":"3.59/25","v":0.14000000000000001},{"$f":"6.86/50","v":0.14000000000000001},0.14000000000000001]
["2.1.2.2.4","Caneta esferográfica Azul",180,"Ud",0.9,162,null,0.9,0.85,0.98,0.9]
["2.1.2.2.5","Capa para encadernação Azul",36,"Ud",0.45,16.2,null,0.45,{"$f":"38.41/100","v":0.38},{"$f":"49.8/100","v":0.5},0.45]
["2.1.2.2.6","Capa para encadernação transparente",36,"Ud",0.36,12.96,null,{"$f":"35.9/100","v":0.36},{"$f":"28.6/50","v":0.56999999999999995},{"$f":"34.56/100","v":0.35},0.36]
["2.1.2.2.7","Cartucho preto para impressora deskjet",12,"Ud",59.9,718.8,null,79,{"$f":"59.9","v":59.9},56.94,59.9]
["2.1.2.2.8","CD RW",12,"Ud",1.96,23.52,null,0.9,{"$f":"49.01/25","v":1.96},{"$f":"23.9/10","v":2.39},1.96]
["2.1.2.2.9","Clips nº 00",6,"Cx",2.1,12.6,null,2.1,1.77,2.4,2.1]
["2.1.2.2.10","Clips nº 02",6,"Cx",2.11,12.66,null,1.57,2.11,2.95,2.11]
["2.1.2.2.11","Clips nº 04",6,"Cx",2.9,17.399999999999999,null,1.57,3.04,2.9,{"$f":"MEDIAN(H22:J22)","v":2.9}]
["2.1.2.2.12","Clips nº 06",6,"Cx",2.88,17.28,null,1.57,2.88,{"$f":"31.99/10","v":3.2},2.88]
["2.1.2.2.13","Clips nº 08",6,"Cx",2.61,15.66,null,1.57,2.61,{"$f":"27.99/10","v":2.8},2.61]
["2.1.2.2.14","Cola branca 1litro ",4,"Ud",9.93,39.72,null,18.899999999999999,7.02,9.93,9.93]
["2.1.2.2.15","Cópia em papel A4 (impressora laser)",6000,"Ud",0.32,1920,null,0.32,null,null,0.32]
["2.1.2.2.16","Corretivo a base d'água 18 ml",6,"Ud",2.25,13.5,null,2.25,2.02,2.38,2.25]
["2.1.2.2.17","Envelope de papel tamanho grande - 40 cm",60,"Ud",0.56000000000000005,33.6,null,0.67,0.54,{"$f":"55.53/100","v":0.56000000000000005},0.56000000000000005]
["2.1.2.2.18","Envelope de papel tamanho médio - 35 cm",60,"Ud",0.32,19.2,null,0.54,0.31,{"$f":"31.99/100","v":0.32},0.32]
["2.1.2.2.19","Envelope de papel tamanho pequeno - 30 cm",60,"Ud",0.28999999999999998,17.399999999999999,null,0.5,0.27,{"$f":"28.85/100","v":0.28999999999999998},0.28999999999999998]
["2.1.2.2.20","Estilete",6,"Ud",1.08,{"$f":"ROUND(C31*E31,2)","v":6.48},null,2.7,0.99,1.08,1.08]
["2.1.2.2.21","Fita adesiva",6,"Ud",2.7,16.2,null,3.6,2.4300000000000002,2.7,2.7]
["2.1.2.2.22","Fita adesiva transparente",12,"Ud",1.53,18.36,null,1.1200000000000001,1.53,{"$f":"11.42/6","v":1.9},1.53]
["2.1.2.2.23","Fita crepe branca 45 x 50 m",12,"Ud",9.4499999999999993,113.4,null,9.4499999999999993,6.33,10,9.4499999999999993]
["2.1.2.2.24","Grampo 26/6",12,"Cx",5.4,64.8,null,5.4,3.24,10.15,5.4]
["2.1.2.2.25","Grampo tipo trilho ",12,"Cx",12.15,145.80000000000001,null,12.15,8.0500000000000007,12.99,12.15]
["2.1.2.2.26","Lápis grafite comum",120,"Ud",0.54,64.8,null,0.45,0.72,{"$f":"39.2/72","v":0.54},0.54]
["2.1.2.2.27","Lapiseira grafite, 05 mm",4,"Ud",5.62,22.48,null,5.62,3.15,6.98,5.62]
["2.1.2.2.28","Lapiseira grafite, 09 mm",4,"Ud",5.62,22.48,null,5.62,3.15,6.9,5.62]
["2.1.2.2.29","Livro de ata com 100 páginas numeradas",7,"Ud",10.62,74.34,null,10.57,10.62,12.02,10.62]
["2.1.2.2.30","Marca texto",5,"Ud",2.02,10.1,null,1.57,2.02,{"$f":"28.44/12","v":2.37},2.02]
["2.1.2.2.31","Mina grafite 05mm com 12 unidades",4,"Ud",3.24,{"$f":"ROUND(C42*E42,2)","v":12.96},null,2,3.24,6.6,3.24]
["2.1.2.2.32","Mina grafite 09mm com 12 unidades",4,"Ud",3.24,12.96,null,2,3.24,4.9000000000000004,3.24]
["2.1.2.2.33","Pasta aba elastica para arquivo",6,"Ud",1.75,10.5,null,1.75,1.62,3.08,1.75]
["2.1.2.2.34","Pasta para arquivo(suspensa)",80,"Ud",1.62,129.6,null,1.57,1.62,{"$f":"81.91/50","v":1.64},1.62]
["2.1.2.2.35","Pen Drive 8 GB",4,"Ud",33,132,null,33,32.35,38.25,33]
["2.1.2.2.36","Régua 30 cm",12,"Ud",1.89,22.68,null,1.75,1.89,2.2000000000000002,1.89]
["2.1.2.2.37","Resma papel A4",24,"Resma",19.899999999999999,{"$f":"ROUND(C48*E48,2)","v":477.6},null,21,19.7,19.899999999999999,19.899999999999999]
["2.1.2.2.38","Tonner para impressora multifuncional  laser com 10 ppm preto",12,"Unid.",363.12,4357.4399999999996,null,363.12,381.9,334.71,363.12]
["2.1.2.2.39","Tonner para impressora multifuncional  laser com 10 ppm cor",12,"Unid.",363.12,4357.4399999999996,null,363.12,381.9,334.71,363.12]
[]
["TOTAL",{"$nulls":4},{"$f":"SUM(F12:F51)","v":13142.2}]
["TOTAL MENSAL",{"$nulls":4},{"$f":"F52/12","v":1095.18}]

{"sheet":"2.1.3.Adm. Local (Alimentação)","index":10,"n_rows":25,"n_cols":11,"rows_kept":25,"cut":false,"hidden":false,"merged":[[19,0,19,5],[20,0,20,5],[22,0,22,5],[24,0,24,5],[15,0,15,4],[13,0,13,4],[11,0,11,4],[18,0,18,5],[0,0,0,5],[6,0,7,0],[6,1,7,1],[6,2,7,2],[6,3,7,3],[6,4,6,5],[12,0,12,3]]}
["2. SERVIÇOS"]
[]
["2.1. ADMINISTRAÇÃO LOCAL"]
[]
["2.1.3. ALIMENTAÇÃO"]
[]
["Item","DESCRIÇÃO","UNID.","QUANT.","VALOR"]
[{"$nulls":4},"UNIT. (R$)","TOTAL (R$)"]
[]
["2.1.3.1","Ticket alimentação O&M (Cláusula Nona - CCT SIEMACO 2018)","ud",{"$f":"(SUM('2.1.4.Adm. Local (Mão Obra)'!F10:F13)+SUM('2.2.Operação'!E9:E12)+SUM('2.3.Manutenção'!E10:E15))*22","v":528},7.08,{"$f":"E10*D10","v":3738.24}]
["2.1.3.3","Cesta Básica O&M (Cláusula Décima Primeira - CCT SIEMACO 2018)","ud",{"$f":"'2.1.4.Adm. Local (Mão Obra)'!F12+'2.2.Operação'!E11+'2.3.Manutenção'!E13+'2.3.Manutenção'!E15","v":8},100,{"$f":"E11*D11","v":800},"Direito à aqueles que recebem até R$ 1.046,40.",null,null,null,{"$f":"'2.2.Operação'!E11+'2.3.Manutenção'!E13+'2.3.Manutenção'!E15","v":6}]
["Subtotal",{"$nulls":4},{"$f":"SUM(F10:F11)","v":4538.24}]
["BDI DE SERVIÇO",null,null,null,{"$f":"'BDI - SERVIÇOS'!C30","v":0.22500000000000001},{"$f":"ROUND(F12*'BDI - SERVIÇOS'!$C$30,2)","v":1021.1}]
["Subtotal + BDI",{"$nulls":4},{"$f":"F13+F12","v":5559.34}]
[]
["TOTAL DO SERVIÇO - R$",{"$nulls":4},{"$f":"F14","v":5559.34}]
[]
["Observação:"]
["-"]
["Os valores dos salários acima especificados, foram repactuados conforme Convenção Coletiva de Trabalho 2015 do SIEMACO, Cláusula Terceira - Do Piso da Categoria para o cargo de Auxiliar de Serviços Gerais, Cláusula Quarta - Dos Reajustes Salariais, Parágrafo Primeiro, para os cargos de Gerente Executivo Pleno, Secretária, Assistente Administrativo, Auxiliar Administrativo e Almoxarife, e Convenção Coletiva de Trabalho 2014 do SINTTROP, Cláusula Terceira - Piso Salarial do Motorista, para o cargo de Motorista."]
["O valor do Ticket Alimentação foi repactuado conforme Convenção Coletiva de Trabalho 2015 do SIEMACO, Cláusula Oitava - Do Vale Refeição/Alimentação ao valor de R$ 6,02."]
[]
["O valor da Contribuição Social foi repactuado conforme Convenção Coletiva de Trabalho 2015 do SIEMACO, Cláusula Décima Primeira - Dos Direitos as Coberturas Sociais, Parágrafo Primeiro."]
[]
["O valor da Cesta Básica foi adicionado ao custo dos Serviços - Composições Auxiliares identificado no quadro acima, conforme prescrito na Convenção Coletiva de Trabalho 2015 do SIEMACO, Item Gratificações, Adicionais, Auxílio e Outros - Auxílio Alimentação, Cláusula Décima - Cesta Básica, páginas 4 e 5 desssa convenção."]

{"sheet":"2.1.4.Adm. Local (Mão Obra)","index":11,"n_rows":22,"n_cols":8,"rows_kept":22,"cut":false,"hidden":false,"merged":[[6,5,7,5],[6,6,6,7],[0,0,0,7],[13,0,13,6],[6,0,7,0],[6,3,7,3],[6,4,7,4],[6,1,7,1],[6,2,7,2],[14,0,14,5],[15,0,15,6],[16,0,16,6],[17,0,17,6],[19,0,19,6]]}
["2. SERVIÇOS"]
[]
["2.1. ADMINISTRAÇÃO LOCAL"]
[]
["2.1.4. MÃO DE OBRA"]
[]
["Item","Ref.","Cód.","DESCRIÇÃO","UNID.","QUANT.","VALOR"]
[{"$nulls":6},"UNIT. (R$)","TOTAL (R$)"]
[]
["2.1.4.1","SINAPI",40813,"Gerente Executivo Pleno (Engenheiro Pleno)","mês",1,{"$f":"ROUND(VLOOKUP(C10,SINAPI_INSUM!A:E,5,0)/(1+'ENC. SOCIAIS'!$C$46),2)","v":9229.94},{"$f":"G10*F10","v":9229.94}]
["2.1.4.2","SINAPI",40908,{"$f":"SINAPI_INSUM!B413","v":"AUXILIAR DE ALMOXARIFE (MENSALISTA)"},"mês",1,{"$f":"ROUND(VLOOKUP(C11,SINAPI_INSUM!A:E,5,0)/(1+'ENC. SOCIAIS'!$C$46),2)","v":1127.76},{"$f":"G11*F11","v":1127.76}]
["2.1.4.3","CCT2017/2018","PE000205/2018",{"$f":"ORSE_INSUM!B775","v":"AUXILIAR DE SERVIÇOS GERAIS"},"mês",2,975.72,{"$f":"G12*F12","v":1951.44}]
["2.1.4.4","CCT2017/2018","PE001199/2017","MOTORISTA - SINDICATO DOS TRAB. EM TRANSP. RODOV. DE PETROLINA E DA REG. SERTÃO PERNAMBUCO","mês",1,1959.04,{"$f":"G13*F13","v":1959.04}]
["Subtotal",{"$nulls":6},{"$f":"SUM(H10:H13)","v":14268.18}]
["Encargos Sociais",{"$nulls":5},{"$f":"'ENC. SOCIAIS'!$C$46","v":0.72270000000000001},{"$f":"H14*G15","v":10311.61}]
["Subtotal + E. Sociais",{"$nulls":6},{"$f":"SUM(H14:H15)","v":24579.79}]
["BDI DE SERVIÇO sobre Subtotal + E. Sociais",{"$nulls":6},{"$f":"H16*'BDI - SERVIÇOS'!C30","v":5530.45}]
["SUBTOTAL",{"$nulls":6},{"$f":"SUM(H16:H17)","v":30110.240000000002}]
[]
["TOTAL DO SERVIÇO - R$",{"$nulls":6},{"$f":"H18","v":30110.240000000002}]
[]
["Observação:"]

{"sheet":"2.1.5.Adm. Local (Manutenção)","index":12,"n_rows":18,"n_cols":7,"rows_kept":18,"cut":false,"hidden":false,"merged":[[17,0,17,5],[11,0,11,4],[14,0,14,4],[12,0,12,4],[6,0,7,0],[6,1,7,1],[6,2,7,2],[6,3,7,3],[6,4,6,5],[13,0,13,3]]}
["2. SERVIÇOS"]
[]
["2.1. ADMINISTRAÇÃO LOCAL"]
[]
["2.1.5. SERVIÇO DE MANUTENÇÃO TÉCNICO ESPECIALIZADO"]
[]
["Item","DESCRIÇÃO","UNID.","QUANT.","VALOR"]
[{"$nulls":4},"UNIT. (R$)","TOTAL (R$)"]
[{"$nulls":6},"SINAPI"]
["2.1.5.1","Serviço técnico especializado para manutenção preventiva e corretiva de máquinas e equipamentos (hora/homem - ref. montador eletromecânico com encargos - cód. comp. 88279) ","h",{"$f":"ROUND(265/2,0)","v":133},{"$f":"VLOOKUP(G10,SINAPI_COMP!G:K,5,0)","v":"27,61"},{"$f":"E10*D10","v":3672.13},"88279"]
[]
["TOTAL ANUAL ",{"$nulls":4},{"$f":"SUM(F10:F10)","v":3672.13}]
["TOTAL MENSAL",{"$nulls":4},{"$f":"F12/12","v":306.01}]
["BDI DE SERVIÇO",null,null,null,{"$f":"'BDI - SERVIÇOS'!$C$30","v":0.22500000000000001},{"$f":"(F13*$E$14)","v":68.849999999999994}]
["TOTAL MENSAL COM BDI DE SERVIÇO",{"$nulls":4},{"$f":"F14+F13","v":374.86}]
[]
["Observação:"]
["* Serviços de manutenção e instalação de ar-condicionados, rádios transmissores (fixos e móveis), internet, telefone, computadores e impressoras."]

{"sheet":"2.2.Operação","index":13,"n_rows":16,"n_cols":23,"rows_kept":16,"cut":false,"hidden":false,"merged":[[4,21,6,21],[13,0,13,20],[15,0,15,17],[5,12,5,18],[6,14,6,15],[6,16,6,17],[5,11,7,11],[4,1,7,1],[4,2,7,2],[12,0,12,17],[14,0,14,17],[2,13,3,17],[0,0,0,22],[4,0,7,0],[4,3,7,3],[4,6,4,19],[4,20,6,20],[4,22,7,22],[5,6,7,6],[5,7,6,7],[5,19,6,19],[6,12,6,13],[5,4,7,4],[5,5,7,5],[5,8,7,8],[5,9,7,9],[5,10,6,10]]}
["2.2. PLANILHA DE ESTIMATIVA DE CUSTO ANUAL DE OPERAÇÃO DAS INFRAESTRUTURAS (MÃO-DE-OBRA):"]
[]
["2.2.1. PLANILHA DE ESTIMATIVA DE CUSTO ANUAL DE MÃO-DE-OBRA DE OPERAÇÃO EB'S E CANAIS"]
[]
["Item","Ref.","Cód.","Atividade/Função",null,null,"Mão-de-obra/unidade/ano",{"$nulls":13},"TOTAL ANUAL (R$)"," ENCARGOS  SOCIAIS","TOTAL ANUAL COM ENCARGOS  (+72,27%)   (R$)      "]
[{"$nulls":4},"Quantidade de empregados","Salário","Unidade de Execução de Serviços","Quantidade  de Unidades","Quantidade de horas/Ano","Valor Unit. R$/h","Valor Total   (B)","Aditivo de periculosidade:30% / ad.noturno: 7 h a 20%/noturna red a 50% e intrajornada:13ªhora a 50% ( C )","Horas-Extras",{"$nulls":6},"Valor Total (R$)"]
[{"$nulls":12},"Horas-Extras",null,"Valor Unitário (R$)",null,"Valor Total (R$)",null,"Valor Total (R$)"]
[{"$nulls":7},"(A)",null,null,"(R$)",null,1,0.6,1,0.6,1,0.6,"(D)","(E)=(B+C+D)","(F)=(ExA)",{"$f":"'ENC. SOCIAIS'!C46","v":0.72270000000000001}]
[1,"SINAPI",40928,"Operador de Estação de Bombas - DIURNO",2,{"$f":"VLOOKUP(C9,SINAPI_INSUM!A:E,5,0)/(1+'ENC. SOCIAIS'!$C$46)","v":1471.79},"EB´s, EP´s, Canais e Adutoras",1,{"$f":"ROUND((52*44*E9)/H9,2)","v":4576},{"$f":"F9/(189.2)","v":7.78},{"$f":"J9*I9","v":35601.279999999999},{"$f":"(K9*0.3)","v":10680.38},0,0,0,0,{"$f":"O9*M9*1.21","v":0},0,{"$f":"(SUM(Q9:R9))","v":0},{"$f":"SUM(K9+L9+S9)","v":46281.66},{"$f":"(T9)*H9","v":46281.66},{"$f":"U9*$V$8","v":33447.760000000002},{"$f":"ROUND(U9+V9,2)","v":79729.42}]
[null,"SINAPI",40928,"Operador de Estação de Bombas - NOTURNO",6,{"$f":"VLOOKUP(C10,SINAPI_INSUM!A:E,5,0)/(1+'ENC. SOCIAIS'!$C$46)","v":1471.79},"EB´s, EP´s, Canais e Adutoras",3,{"$f":"ROUND((52*44*E10)/H10,2)","v":4576},{"$f":"F10/(189.2)","v":7.78},{"$f":"J10*I10","v":35601.279999999999},{"$f":"(K10*0.3)+(((365*7)*J10*0.2))+((1*J10*1.5*365)/H10)+((0.14285*7*1.5*J10*365)/H10)","v":17495.59},{"$nulls":7},{"$f":"SUM(K10+L10+S10)","v":53096.87},{"$f":"(T10)*H10","v":159290.60999999999},{"$f":"U10*$V$8","v":115119.32},{"$f":"ROUND(U10+V10,2)","v":274409.93}]
[2,"CCT2017/2018","PE000205/2018","Leiturista/Inspetor de Irrigação/Canaleiro",4,{"$f":"'2.1.4.Adm. Local (Mão Obra)'!G12","v":975.72},"EB´s, EP´s, Canais e Adutoras",2,{"$f":"ROUND((52*44*E11)/H11,2)","v":4576},{"$f":"F11/(189.2)","v":5.16},{"$f":"J11*I11","v":23612.16},{"$f":"K11*0.3","v":7083.65},0,0,0,0,0,0,{"$f":"(SUM(Q11:R11))","v":0},{"$f":"SUM(K11+L11+S11)","v":30695.81},{"$f":"(T11)*H11","v":61391.62},{"$f":"U11*$V$8","v":44367.72},{"$f":"ROUND(U11+V11,2)","v":105759.34}]
[3,"Codevasf","T2","Técnico Agrícola - Coordenador Operação e Manutenção",1,{"$f":"4769.6","v":4769.6000000000004},"EB´s, EP´s, Canais e Adutoras",1,{"$f":"ROUND((52*44*E12)/(H12),2)","v":2288},{"$f":"F12/220","v":21.68},{"$f":"J12*I12","v":49603.839999999997},null,0,0,0,0,{"$f":"O12*M12*1.21","v":0},{"$f":"P12*N12*1.21","v":0},{"$f":"(SUM(Q12:R12))","v":0},{"$f":"SUM(K12+L12+S12)","v":49603.839999999997},{"$f":"(T12)*H12","v":49603.839999999997},{"$f":"U12*$V$8","v":35848.699999999997},{"$f":"ROUND(U12+V12,2)","v":85452.54}]
["TOTAL GERAL ",{"$nulls":17},{"$f":"SUM(S9:S12)","v":0},{"$f":"SUM(T9:T12)","v":179678.18},{"$f":"SUM(U9:U12)","v":316567.73},null,{"$f":"SUM(W9:W12)","v":545351.23}]
["BDI - SERVIÇO",{"$nulls":20},{"$f":"'BDI - SERVIÇOS'!$C$30","v":0.22500000000000001},{"$f":"W13*V14","v":122704.03}]
["TOTAL GERAL COM BDI ",{"$nulls":21},{"$f":"ROUND(W13+W14,2)","v":668055.26}]
["TOTAL MENSAL COM BDI ",{"$nulls":21},{"$f":"W15/12","v":55671.27}]

{"sheet":"2.3.Manutenção","index":14,"n_rows":20,"n_cols":23,"rows_kept":20,"cut":false,"hidden":false,"merged":[[16,0,16,20],[4,21,7,21],[2,0,2,22],[3,0,3,20],[4,0,8,0],[4,3,8,3],[4,4,8,4],[7,16,7,17],[4,5,8,5],[4,6,8,6],[4,7,7,7],[4,1,8,1],[4,2,8,2],[17,0,17,17],[18,0,18,17],[4,22,8,22],[5,8,5,11],[5,12,5,18],[5,19,7,19],[6,8,8,8],[4,8,4,19],[4,20,7,20],[7,14,7,15],[15,0,15,17],[6,9,8,9],[6,10,7,10],[6,11,8,11],[6,12,6,18],[7,12,7,13]]}
["2.3. PLANILHA DE ESTIMATIVA DE CUSTO ANUAL DE SERVIÇO DE MANUTENÇÃO (MÃO-DE-OBRA)"]
[]
["2.3.1 PLANILHA DE ESTIMATIVA DE CUSTO ANUAL DE MÃO-DE-OBRA DE MANUTENÇÃO ELETROMECÂNICA E HIDRÁULICA"]
[]
["Item","Ref.","Cód.","Atividade/Função","Quant.","Salário","Unidade de Execução de Serviços","Quantidade  de Unidades","Mão-de-obra/unidade /ano",{"$nulls":11},"TOTAL ANUAL (R$)","ENCARGOS  SOCIAIS","TOTAL ANUAL COM ENCARGOS    (***)    (R$)      "]
[{"$nulls":8},"CUSTO FIXO - CF",null,null,null,"CUSTO VARIÁVEL - CV",{"$nulls":6},"Valor Total (R$)"]
[{"$nulls":8},"Quant. de horas/Ano","Valor Unit. (R$)","Valor Total   (B)","Adicionais de periculosidade à 30% (C)","Horas-Extras"]
[{"$nulls":12},"Horas-Extras",null,"Valor Unitário (R$)",null,"Valor Total (R$)",null,"Valor Total (R$)"]
[{"$nulls":7},"(A)",null,null,"(R$)",null,1,0.6,1,0.6,1,0.6,"(D)","(E)=(B+C+D)","(F)=(ExA)",{"$f":"'ENC. SOCIAIS'!$C$46","v":0.72270000000000001}]
[1,"Codevasf","T2","Técnico Junior Mecânico ",1,{"$f":"'2.2.Operação'!$F$12","v":4769.6000000000004},"EB´s, EP´s, Canais, Adutoras e Esc. Adm. Local",1,{"$f":"ROUND((52*44*E10)/(H10),2)","v":2288},{"$f":"F10/220","v":21.68},{"$f":"J10*I10","v":49603.839999999997},{"$f":"K10*0.3","v":14881.15},{"$f":"I10*0.05","v":114.4},{"$f":"I10*0.025","v":57.2},{"$f":"J10*2","v":43.36},{"$f":"J10*1.6","v":34.69},{"$f":"M10*O10*1.21","v":6002.06},2400.96,{"$f":"(SUM(Q10:R10))","v":8403.02},{"$f":"SUM(K10+L10+S10)","v":72888.009999999995},{"$f":"T10*H10","v":72888.009999999995},{"$f":"ROUND(U10*$V$9,2)","v":52676.160000000003},{"$f":"ROUND(U10+V10,2)","v":125564.17}]
[2,"SINAPI",40975,"Auxiliar de Mecânico",1,{"$f":"VLOOKUP(C11,SINAPI_INSUM!A:E,5,0)/(1+'ENC. SOCIAIS'!$C$46)","v":2217.9699999999998},"EB´s, EP´s, Canais, Adutoras e Esc. Adm. Local",1,2288,10.08,23063.040000000001,{"$f":"K11*0.3","v":6918.91},114.4,57.2,20.16,16.13,2790.63,1116.3900000000001,3907.02,33888.97,33888.97,{"$f":"ROUND(U11*$V$9,2)","v":24491.56},{"$f":"ROUND(U11+V11,2)","v":58380.53}]
[3,"Codevasf","T2","Técnico Junior Eletrotécnico ",1,{"$f":"'2.2.Operação'!$F$12","v":4769.6000000000004},"EB´s, EP´s, Canais, Adutoras e Esc. Adm. Local",1,2288,21.68,49603.839999999997,{"$f":"K12*0.3","v":14881.15},114.4,57.2,43.36,34.69,6002.06,2400.96,8403.02,72888.009999999995,72888.009999999995,52676.160000000003,125564.17]
[4,"SINAPI",40919,"Ajudante de Eletricista",1,{"$f":"VLOOKUP(C13,SINAPI_INSUM!A:E,5,0)/(1+'ENC. SOCIAIS'!$C$46)","v":1035.33},"EB´s, EP´s, Canais, Adutoras e Esc. Adm. Local",1,2288,4.71,10776.48,{"$f":"K13*0.3","v":3232.94},114.4,57.2,9.42,7.54,1303.95,521.86,1825.81,15835.23,15835.23,{"$f":"ROUND(U13*$V$9,2)","v":11444.12},{"$f":"ROUND(U13+V13,2)","v":27279.35}]
[5,"SINAPI",40928,"Encanador",1,{"$f":"VLOOKUP(C14,SINAPI_INSUM!A:E,5,0)/(1+'ENC. SOCIAIS'!$C$46)","v":1471.79},"EB´s, EP´s, Canais, Adutoras e Esc. Adm. Local",1,2288,6.69,15306.72,0,114.4,57.2,13.38,10.7,1852.11,740.57,2592.6799999999998,17899.400000000001,17899.400000000001,12935.9,{"$f":"ROUND(U14+V14,2)","v":30835.3}]
[6,"SINAPI",40927,"Auxiliar de encanador",1,{"$f":"VLOOKUP(C15,SINAPI_INSUM!A:E,5,0)/(1+'ENC. SOCIAIS'!$C$46)","v":1043.48},"EB´s, EP´s, Canais, Adutoras e Esc. Adm. Local",1,2288,4.74,10845.12,0,114.4,57.2,9.48,7.58,1312.26,524.63,1836.89,12682.01,12682.01,9165.2900000000009,21847.3]
["TOTAL GERAL",{"$nulls":17},{"$f":"SUM(S10:S15)","v":26968.44},{"$f":"SUM(T10:T15)","v":226081.63},{"$f":"SUM(U10:U15)","v":226081.63},{"$f":"SUM(V10:V15)","v":163389.19},{"$f":"SUM(W10:W15)","v":389470.82}]
["BDI - SERVIÇO",{"$nulls":20},{"$f":"'BDI - SERVIÇOS'!$C$30","v":0.22500000000000001},{"$f":"W16*V17","v":87630.93}]
["TOTAL GERAL COM BDI ",{"$nulls":21},{"$f":"W16+W17","v":477101.75}]
["TOTAL MENSAL COM BDI ",{"$nulls":21},{"$f":"W18/12","v":39758.480000000003}]
[{"$nulls":20},"Valor Original",null,41977.1]

{"sheet":"2.3.2.1. e 2.3.2.2.Loc Máquinas","index":15,"n_rows":26,"n_cols":8,"rows_kept":26,"cut":false,"hidden":false,"merged":[[0,0,0,7],[4,0,4,7],[14,0,14,7],[23,0,23,6],[10,0,10,6],[2,0,2,7],[6,0,7,0],[6,3,7,3],[6,4,7,4],[6,5,7,5],[6,6,6,7],[6,1,7,1],[6,2,7,2],[11,0,11,5],[25,0,25,6],[12,0,12,6],[16,0,17,0],[16,3,17,3],[16,4,17,4],[16,5,17,5],[16,6,16,7],[16,1,17,1],[16,2,17,2],[24,0,24,5]]}
["2.3. MANUTENÇÃO DAS INFRAESTRUTURAS"]
[]
["2.3.2 MANUTENÇÃO (SERVIÇOS SAZONAIS)"]
[]
["2.3.2.1. LOCAÇÃO DE MÁQUINA RETROESCAVADEIRA SOBRE RODAS, TRAÇÃO 4X4, POTÊNCIA MÍN. 70 HP, CAÇAMBA CAP. MÍN. 0,73 M³, PESO OPERACIONAL MÍN. 6.500 KG, PROFUNDIDADE DE ESCAVAÇÃO SUPERIOR A 4,0 M"]
[]
["ITEM","Ref.","Cód CPU","DESCRIÇÃO","QUANT.","UNID.","VALOR"]
[{"$nulls":6},"UNIT. (R$)","TOTAL (R$)"]
["2.3.2.1.1","SINAPI","5680",{"$f":"SINAPI_COMP!H2323","v":"RETROESCAVADEIRA SOBRE RODAS COM CARREGADEIRA, TRAÇÃO 4X2, POTÊNCIA LÍQ. 79 HP, CAÇAMBA CARREG. CAP. MÍN. 1 M3, CAÇAMBA RETRO CAP. 0,20 M3, PESO OPERACIONAL MÍN. 6.570 KG, PROFUNDIDADE ESCAVAÇÃO MÁX. 4,37 M - CHP DIURNO. AF_06/2014"},{"$f":"1320/3","v":440},"Horas",{"$f":"VLOOKUP(C9,SINAPI_COMP!G:K,5,0)","v":"109,66"},{"$f":"G9*E9","v":48250.400000000001}]
[]
["SUBTOTAL",{"$nulls":6},{"$f":"H9","v":48250.400000000001}]
["BDI (SERVIÇO)",{"$nulls":5},{"$f":"'BDI - SERVIÇOS'!$C$30","v":0.22500000000000001},{"$f":"ROUND(H11*G12,2)","v":10856.34}]
["TOTAL GERAL",{"$nulls":6},{"$f":"SUM(H11:H12)","v":59106.74}]
[]
["2.3.2.2. LOCAÇÃO DE EQUIPAMENTOS DE CARGA E TRANSPORTE"]
[]
["ITEM","Ref.","Cód CPU","DESCRIÇÃO","QUANT.","UNID.","VALOR"]
[{"$nulls":6},"UNIT. (R$)","TOTAL (R$)"]
[]
["2.3.2.2.1","SINAPI","5928",{"$f":"SINAPI_COMP!H2458","v":"GUINDAUTO HIDRÁULICO, CAPACIDADE MÁXIMA DE CARGA 6200 KG, MOMENTO MÁXIMO DE CARGA 11,7 TM, ALCANCE MÁXIMO HORIZONTAL 9,70 M, INCLUSIVE CAMINHÃO TOCO PBT 16.000 KG, POTÊNCIA DE 189 CV - CHP DIURNO. AF_06/2014"},{"$f":"ROUND(500/3,2)","v":166.67},"Horas",{"$f":"VLOOKUP(C20,SINAPI_COMP!G:K,5,0)","v":"150,99"},{"$f":"ROUND(G20*E20,2)","v":25165.5}]
["2.3.2.2.2","SINAPI","67826",{"$f":"SINAPI_COMP!H2517","v":"CAMINHÃO BASCULANTE 6 M3 TOCO, PESO BRUTO TOTAL 16.000 KG, CARGA ÚTIL MÁXIMA 11.130 KG, DISTÂNCIA ENTRE EIXOS 5,36 M, POTÊNCIA 185 CV, INCLUSIVE CAÇAMBA METÁLICA - CHP DIURNO. AF_06/2014"},{"$f":"480/3","v":160},"Horas",{"$f":"VLOOKUP(C21,SINAPI_COMP!G:K,5,0)","v":"149,90"},{"$f":"ROUND(G21*E21,2)","v":23984}]
["2.3.2.2.3","ORSE",3465,{"$f":"ORSE_COMP!B3146","v":"TRANSPORTE DE MÁQUINAS E EQUIPAMENTOS POR PRANCHA REBAIXADA (MIN.=100KM)"},{"$f":"4*150","v":600},"km",{"$f":"VLOOKUP(C22,ORSE_COMP!A:D,4,0)","v":3},1800]
[]
["SUBTOTAL",{"$nulls":6},{"$f":"SUM(H20:H22)","v":50949.5}]
["BDI (SERVIÇO)",{"$nulls":5},{"$f":"'BDI - SERVIÇOS'!$C$30","v":0.22500000000000001},{"$f":"ROUND(H24*G25,2)","v":11463.64}]
["TOTAL GERAL",{"$nulls":6},{"$f":"SUM(H24:H25)","v":62413.14}]

{"sheet":"2.3.2.3.MS-Adutora e Canal","index":16,"n_rows":61,"n_cols":16,"rows_kept":61,"cut":false,"hidden":false,"merged":[[36,12,36,15],[35,0,35,6],[31,0,31,7],[0,0,0,7],[2,0,2,7],[4,0,4,7],[9,0,9,7],[27,0,27,7],[6,0,7,0],[6,3,7,3],[6,4,7,4],[6,6,6,7],[6,5,7,5],[6,1,7,1],[6,2,7,2],[34,0,34,5],[37,0,37,6],[23,0,23,6],[24,0,24,5],[25,0,25,6],[33,0,33,6]]}
["2.3. MANUTENÇÃO DAS INFRAESTRUTURAS"]
[]
["2.3.2 MANUTENÇÃO (SERVIÇOS SAZONAIS)"]
[]
["2.3.2.3 CANAL PRINCIPAL E SECUNDÁRIO"]
[]
["ITEM","Ref.","Cód. CPU","DESCRIÇÃO","UNID.","QUANT.","VALOR"]
[{"$nulls":6},"UNIT. (R$)","TOTAL (R$)"]
[]
["2.3.2.3.1. CONSERTOS DE CANAIS E ADUTORAS"]
["2.3.2.3.1.1","CODEVASF",{"$f":"'CPU1 - CANAL'!C165","v":10},"Limpeza manual das placas dos canais com hidrojato, com retirada de solo e vegetação, inclusive das juntas, com ferramentas","km",2,{"$f":"IF($B11=\"ORSE\",VLOOKUP($C11,ORSE_COMP!A:D,4,0),IF($B11=\"SINAPI\",VLOOKUP($C11,SINAPI_COMP!G:K,5,0),IF($B11=\"SEINFRA\",VLOOKUP($C11,SEINFRA_COMP!A:G,7,0),IF(B11=\"CODEVASF\",VLOOKUP(C11,'CPU1 - CANAL'!C:I,7,0),\"\"))))","v":5823.2},{"$f":"ROUND(G11*F11,2)","v":11646.4},null,null,10,"Limpeza manual das placas dos canais com hidrojato, com retirada de solo e vegetação, inclusive das juntas, com ferramentas"]
["2.3.2.3.1.2","CODEVASF",{"$f":"'CPU1 - CANAL'!C138","v":9},"Limpeza dos canais de irrigação com escavadeira hidráulica sobre esteira, de longo alcance, com concha lisa com lâmina","km",{"$f":"ROUND('MEMO - ESTRADAS'!B79/2,0)","v":24},{"$f":"IF($B12=\"ORSE\",VLOOKUP($C12,ORSE_COMP!A:D,4,0),IF($B12=\"SINAPI\",VLOOKUP($C12,SINAPI_COMP!G:K,5,0),IF($B12=\"SEINFRA\",VLOOKUP($C12,SEINFRA_COMP!A:G,7,0),IF(B12=\"CODEVASF\",VLOOKUP(C12,'CPU1 - CANAL'!C:I,7,0),\"\"))))","v":1191.07},{"$f":"ROUND(G12*F12,2)","v":28585.68},null,null,9,"Limpeza dos canais de irrigação com escavadeira hidráulica sobre esteira, de longo alcance, com concha lisa com lâmina"]
["2.3.2.3.1.3","SINAPI","93358","Escavação manual - aterro da seção do canal","m³",{"$f":"ROUND('MEMO - ESTRADAS'!D45/3,0)","v":56},{"$f":"IF($B13=\"ORSE\",VLOOKUP($C13,ORSE_COMP!A:D,4,0),IF($B13=\"SINAPI\",VLOOKUP($C13,SINAPI_COMP!G:K,5,0),IF($B13=\"SEINFRA\",VLOOKUP($C13,SEINFRA_COMP!A:G,7,0),IF(B13=\"CODEVASF\",VLOOKUP(C13,'CPU1 - CANAL'!C:I,7,0),\"\"))))","v":"62,06"},{"$f":"G13*F13","v":3475.36},null,null,93358,"Escavação manual de valas"]
["2.3.2.3.1.4","CODEVASF",{"$f":"'CPU1 - CANAL'!C111","v":8},"Aterro compactado p/ regularização dos taludes dos canais com solo cimento (6%)","m³",{"$f":"ROUND('MEMO - ESTRADAS'!D45/3,0)","v":56},{"$f":"IF($B14=\"ORSE\",VLOOKUP($C14,ORSE_COMP!A:D,4,0),IF($B14=\"SINAPI\",VLOOKUP($C14,SINAPI_COMP!G:K,5,0),IF($B14=\"SEINFRA\",VLOOKUP($C14,SEINFRA_COMP!A:G,7,0),IF(B14=\"CODEVASF\",VLOOKUP(C14,'CPU1 - CANAL'!C:I,7,0),\"\"))))","v":91.1},5101.6000000000004,null,null,8,"Aterro compactado p/ regularização dos taludes dos canais com solo cimento (6%)"]
["2.3.2.3.1.5","ORSE",13,{"$f":"IF($B15=\"ORSE\",VLOOKUP($C15,ORSE_COMP!A:D,2,0),IF($B15=\"SINAPI\",VLOOKUP($C15,SINAPI_COMP!G:K,2,0),IF($B15=\"SEINFRA\",VLOOKUP($C15,SEINFRA_COMP!A:G,3,0),\"\")))","v":"DEMOLIÇÃO DE CONCRETO MANUALMENTE"},"m³",{"$f":"ROUND('MEMO - ESTRADAS'!I48/3,0)","v":83},{"$f":"IF($B15=\"ORSE\",VLOOKUP($C15,ORSE_COMP!A:D,4,0),IF($B15=\"SINAPI\",VLOOKUP($C15,SINAPI_COMP!G:K,5,0),IF($B15=\"SEINFRA\",VLOOKUP($C15,SEINFRA_COMP!A:G,7,0),IF(B15=\"CODEVASF\",VLOOKUP(C15,'CPU1 - CANAL'!C:I,7,0),\"\"))))","v":173.86},14430.38,null,null,"97629","DEMOLIÇÃO DE LAJES, DE FORMA MECANIZADA COM MARTELETE, SEM REAPROVEITAMENTO. AF_12/2017"]
["2.3.2.3.1.6","CODEVASF",{"$f":"'CPU1 - CANAL'!C1","v":1},"Recuperação de placas de concreto 15 Mpa ","m³",{"$f":"ROUND('MEMO - ESTRADAS'!I48/3,0)","v":83},{"$f":"IF($B16=\"ORSE\",VLOOKUP($C16,ORSE_COMP!A:D,4,0),IF($B16=\"SINAPI\",VLOOKUP($C16,SINAPI_COMP!G:K,5,0),IF($B16=\"SEINFRA\",VLOOKUP($C16,SEINFRA_COMP!A:G,7,0),IF(B16=\"CODEVASF\",VLOOKUP(C16,'CPU1 - CANAL'!C:I,7,0),\"\"))))","v":298.10000000000002},{"$f":"G16*F16","v":24742.3},null,null,1,"Recuperação de placas de concreto 15 Mpa "]
["2.3.2.3.1.7","ORSE",4114,{"$f":"IF($B17=\"ORSE\",VLOOKUP($C17,ORSE_COMP!A:D,2,0),IF($B17=\"SINAPI\",VLOOKUP($C17,SINAPI_COMP!G:K,2,0),IF($B17=\"SEINFRA\",VLOOKUP($C17,SEINFRA_COMP!A:G,3,0),\"\")))","v":"TRATAMENTO DE FISSURAS COM ARGAMASSA DE CIMENTO E AREIA TRAÇO 1:3 COM ADITIVO BIANCO OU SIMILAR (SEÇÃO ATÉ 5 X 5 CM)"},"m²",{"$f":"ROUND(200/3,0)","v":67},{"$f":"IF($B17=\"ORSE\",VLOOKUP($C17,ORSE_COMP!A:D,4,0),IF($B17=\"SINAPI\",VLOOKUP($C17,SINAPI_COMP!G:K,5,0),IF($B17=\"SEINFRA\",VLOOKUP($C17,SEINFRA_COMP!A:G,7,0),IF(B17=\"CODEVASF\",VLOOKUP(C17,'CPU1 - CANAL'!C:I,7,0),\"\"))))","v":12.3},824.1,null,null,7,"Recuperação de trincas "]
["2.3.2.3.1.8","CODEVASF",{"$f":"'CPU1 - CANAL'!C33","v":3},"Retirada de geomembrana existente ","m²",{"$f":"ROUND('MEMO - ESTRADAS'!D52/3,0)","v":1664},{"$f":"IF($B18=\"ORSE\",VLOOKUP($C18,ORSE_COMP!A:D,4,0),IF($B18=\"SINAPI\",VLOOKUP($C18,SINAPI_COMP!G:K,5,0),IF($B18=\"SEINFRA\",VLOOKUP($C18,SEINFRA_COMP!A:G,7,0),IF(B18=\"CODEVASF\",VLOOKUP(C18,'CPU1 - CANAL'!C:I,7,0),\"\"))))","v":1.0900000000000001},1813.76,null,{"$f":"'Planilha Resumida'!F94","v":4950000},3,"Retirada de geomembrana existente "]
["2.3.2.3.1.12","CODEVASF",{"$f":"'CPU1 - CANAL'!C55","v":4},"Manta termoplástica, PEAD ou PVC, geomembrana texturizada ou com bidim acoplado, e = 0,80 mm (fornec, transporte e instalação)","m²",{"$f":"F18","v":1664},{"$f":"IF($B19=\"ORSE\",VLOOKUP($C19,ORSE_COMP!A:D,4,0),IF($B19=\"SINAPI\",VLOOKUP($C19,SINAPI_COMP!G:K,5,0),IF($B19=\"SEINFRA\",VLOOKUP($C19,SEINFRA_COMP!A:G,7,0),IF(B19=\"CODEVASF\",VLOOKUP(C19,'CPU1 - CANAL'!C:I,7,0),\"\"))))","v":19.37},32231.68,null,{"$f":"4950000","v":4950000},4,"Manta termoplástica, PEAD ou PVC, geomembrana texturizada ou com bidim acoplado, e = 0,80 mm (fornec, transporte e instalação)"]
["2.3.2.3.1.13","SINAPI","74121/1",{"$f":"SINAPI_COMP!H14034","v":"JUNTA DE DILATACAO PARA IMPERMEABILIZACAO, COM SELANTE ELASTICO MONOCOMPONENTE A BASE DE POLIURETANO, DIMENSOES 1X1CM."},"m",{"$f":"ROUND('MEMO - ESTRADAS'!I42/3,0)","v":786},{"$f":"IF($B20=\"ORSE\",VLOOKUP($C20,ORSE_COMP!A:D,4,0),IF($B20=\"SINAPI\",VLOOKUP($C20,SINAPI_COMP!G:K,5,0),IF($B20=\"SEINFRA\",VLOOKUP($C20,SEINFRA_COMP!A:G,7,0),\"\")))","v":"21,92"},17229.12,null,{"$f":"J19-J18","v":0},"74121/1","JUNTA DE DILATACAO PARA IMPERMEABILIZACAO, COM SELANTE ELASTICO MONOCOMPONENTE A BASE DE POLIURETANO, DIMENSOES 1X1CM."]
["2.3.2.3.1.14","SEINFRA","22.4.2",{"$f":"SEINFRA_COMP!C4674","v":"DRAGAGEM INCLUINDO MOBILIZAÇÃO/DESMOBILIZAÇÃO DA DRAGA"},"m³",{"$f":"ROUND('MEMO - ESTRADAS'!C129,0)","v":484},{"$f":"IF($B21=\"ORSE\",VLOOKUP($C21,ORSE_COMP!A:D,4,0),IF($B21=\"SINAPI\",VLOOKUP($C21,SINAPI_COMP!G:K,5,0),IF($B21=\"SEINFRA\",VLOOKUP($C21,SEINFRA_COMP!A:G,7,0),\"\")))","v":21.24},10280.16,null,null,42.83,"DRAGAGEM INCLUINDO MOBILIZAÇÃO/DESMOBILIZAÇÃO DA DRAGA"]
["2.3.2.3.1.15","SEINFRA","21.1.48","Roço Manual","m²",168066.28,{"$f":"IF($B22=\"ORSE\",VLOOKUP($C22,ORSE_COMP!A:D,4,0),IF($B22=\"SINAPI\",VLOOKUP($C22,SINAPI_COMP!G:K,5,0),IF($B22=\"SEINFRA\",VLOOKUP($C22,SEINFRA_COMP!A:G,7,0),\"\")))","v":0.21},35293.919999999998,null,null,"C4187","Roço Manual"]
["2.3.2.3.1.19","SEINFRA","3.7.1",{"$f":"SEINFRA_COMP!C420","v":"LASTRO DE AREIA ADQUIRIDA"},"m³",97.14,{"$f":"IF($B23=\"ORSE\",VLOOKUP($C23,ORSE_COMP!A:D,4,0),IF($B23=\"SINAPI\",VLOOKUP($C23,SINAPI_COMP!G:K,5,0),IF($B23=\"SEINFRA\",VLOOKUP($C23,SEINFRA_COMP!A:G,7,0),\"\")))","v":69.36},{"$f":"G23*F23","v":6737.63},6737.67,null,"C2860","LASTRO DE AREIA ADQUIRIDA"]
["SUBTOTAL",{"$nulls":6},{"$f":"ROUND(SUM(H11:H23),2)","v":192392.09}]
["BDI (SERVIÇO)",{"$nulls":5},{"$f":"'BDI - SERVIÇOS'!$C$30","v":0.22500000000000001},{"$f":"ROUND(H24*G25,2)","v":43288.22},null,4950043.41]
["SUBTOTAL COM BDI ",{"$nulls":6},{"$f":"H25+H24","v":235680.31}]
[]
["2.3.2.3.2. MANUTENÇÃO DE CA´S e TA´S",{"$nulls":8},{"$f":"H22-43.41","v":35250.51}]
["2.3.2.3.2.1","COTAÇÃO",{"$f":"'COTACAO - PEÇAS E MATERIAIS'!B282","v":429},"Haste de interligação, em aço inoxidável AISI 304,  com diâmetro 36 mm x comprimento de 2300 mm, com extremidades com rosca para ligação com luvas de interligação","Ud",2,{"$f":"IF($B29=\"ORSE\",VLOOKUP($C29,ORSE_COMP!A:D,4,0),IF($B29=\"SINAPI\",VLOOKUP($C29,SINAPI_COMP!G:K,5,0),IF($B29=\"SEINFRA\",VLOOKUP($C29,SEINFRA_COMP!A:G,7,0),IF(B29=\"COTAÇÃO\",VLOOKUP(C29,'COTACAO - PEÇAS E MATERIAIS'!B:L,10,0),\"\"))))","v":2980},{"$f":"ROUND(G29*F29,2)","v":5960}]
["2.3.2.3.2.2","COTAÇÃO",{"$f":"'COTACAO - PEÇAS E MATERIAIS'!B283","v":430},"Haste de interligação, em aço carbono SAE 1045, com diâmetro de 36 mm x comprimento de 2300 mm, com extremidades de rosca para ligação com luvas de interligação","Ud",2,{"$f":"IF($B30=\"ORSE\",VLOOKUP($C30,ORSE_COMP!A:D,4,0),IF($B30=\"SINAPI\",VLOOKUP($C30,SINAPI_COMP!G:K,5,0),IF($B30=\"SEINFRA\",VLOOKUP($C30,SEINFRA_COMP!A:G,7,0),IF(B30=\"COTAÇÃO\",VLOOKUP(C30,'COTACAO - PEÇAS E MATERIAIS'!B:L,10,0),\"\"))))","v":1988.32},{"$f":"ROUND(G30*F30,2)","v":3976.64}]
[]
["2.3.2.3.3. MANUTENÇÃO DE RESERVATÓRIO EM CONCRETO ARMADO"]
["2.3.2.3.3.1","SINAPI","73929/1",{"$f":"SINAPI_COMP!H14593","v":"IMPERMEABILIZACAO DE SUPERFICIE COM CIMENTO ESPECIAL CRISTALIZANTE COM ADESIVO LIQUIDO, UMA DEMAO."},"m²",100,{"$f":"IF($B33=\"ORSE\",VLOOKUP($C33,ORSE_COMP!A:D,4,0),IF($B33=\"SINAPI\",VLOOKUP($C33,SINAPI_COMP!G:K,5,0),IF($B33=\"SEINFRA\",VLOOKUP($C33,SEINFRA_COMP!A:G,7,0),\"\")))","v":"32,88"},{"$f":"ROUND(G33*F33,2)","v":3288}]
["SUBTOTAL",{"$nulls":6},{"$f":"ROUND(SUM(H29:H33),2)","v":13224.64}]
["BDI (FORNECIMENTO)",{"$nulls":5},{"$f":"'BDI - FORNECIMENTOS'!$C$31","v":0.109},{"$f":"ROUND(G35*H34,2)","v":1441.49}]
["SUBTOTAL COM BDI ",{"$nulls":6},{"$f":"H34+H35","v":14666.13}]
[]
["TOTAL COM BDI",{"$nulls":6},{"$f":"H36+H26","v":250346.44}]
{"$rows_empty":22}
[{"$nulls":15},{"$f":"P58+P35","v":0}]

{"sheet":"2.3.2.4.Manut-Drenagem","index":17,"n_rows":39,"n_cols":8,"rows_kept":39,"cut":false,"hidden":false,"merged":[[0,0,0,7],[2,0,2,7],[4,0,4,7],[6,5,7,5],[34,0,34,6],[6,0,7,0],[6,3,7,3],[6,4,7,4],[6,6,6,7],[6,1,7,1],[6,2,7,2],[31,3,31,7],[27,0,27,6],[28,0,28,5],[29,0,29,6],[35,0,35,5],[36,0,36,6],[38,0,38,6]]}
["2.3. MANUTENÇÃO DAS INFRAESTRUTURAS"]
[]
["2.3.2. MANUTENÇÃO (SERVIÇOS SAZONAIS)"]
[]
["2.3.2.4. PLANILHA DE ESTIMATIVA DE CUSTO ANUAL DE MANUTENÇÃO DA REDE DE DRENAGEM"]
[]
["ITEM","Ref.","Cód. CPU","DESCRIÇÃO","UNID.","QUANT.","VALOR"]
[{"$nulls":6},"UNIT. (R$)","TOTAL (R$)"]
[]
["2.3.2.4.1",null,null,"MANUTENÇÃO DE DRENOS COLETORES ABERTOS"]
["2.3.2.4.1.1","ORSE",9164,{"$f":"ORSE_COMP!B1744","v":"LOCAÇÃO TOPOGRÁFICA COM NIVELAMENTO DE SEÇÕES TRANSVERSAIS DE SERVIÇOS DE TER RAPLENAGEM, INCLUSIVE CONFERÊNCIAS"},"m",{"$f":"10000/4","v":2500},{"$f":"IF($B11=\"ORSE\",VLOOKUP($C11,ORSE_COMP!A:D,4,0),IF($B11=\"SINAPI\",VLOOKUP($C11,SINAPI_COMP!G:K,5,0),IF($B11=\"SEINFRA\",VLOOKUP($C11,SEINFRA_COMP!A:G,7,0),IF(B11=\"CODEVASF\",VLOOKUP(C11,'CPU1 - CANAL'!C:I,7,0),\"\"))))","v":4.22},{"$f":"ROUND(G11*F11,2)","v":10550}]
["2.3.2.4.1.2","SEINFRA","21.1.48","Roço Manual","m²",25871.27,{"$f":"IF($B12=\"ORSE\",VLOOKUP($C12,ORSE_COMP!A:D,4,0),IF($B12=\"SINAPI\",VLOOKUP($C12,SINAPI_COMP!G:K,5,0),IF($B12=\"SEINFRA\",VLOOKUP($C12,SEINFRA_COMP!A:G,7,0),IF(B12=\"CODEVASF\",VLOOKUP(C12,'CPU1 - CANAL'!C:I,7,0),\"\"))))","v":0.21},{"$f":"ROUND(G12*F12,2)","v":5432.97}]
["2.3.2.4.1.3","CODEVASF","6.1.5.1.4","Desassoreamento mecânico.","m³",2500,{"$f":"IF($B13=\"ORSE\",VLOOKUP($C13,ORSE_COMP!A:D,4,0),IF($B13=\"SINAPI\",VLOOKUP($C13,SINAPI_COMP!G:K,5,0),IF($B13=\"SEINFRA\",VLOOKUP($C13,SEINFRA_COMP!A:G,7,0),IF(B13=\"CODEVASF\",VLOOKUP(C13,'CPU2 - REDE DREN'!C:I,7,0),\"\"))))","v":19.12},47800]
["2.3.2.4.2",null,null,"LIMPEZA DE VALETAS E SARJETAS"]
["2.3.2.4.2.1","SEINFRA","21.1.34",{"$f":"SEINFRA_COMP!C4502","v":"LIMPEZA DE VALETAS REVESTIDAS COM CONCRETO"},"M",8500,{"$f":"IF($B15=\"ORSE\",VLOOKUP($C15,ORSE_COMP!A:D,4,0),IF($B15=\"SINAPI\",VLOOKUP($C15,SINAPI_COMP!G:K,5,0),IF($B15=\"SEINFRA\",VLOOKUP($C15,SEINFRA_COMP!A:G,7,0),IF(B15=\"CODEVASF\",VLOOKUP(C15,'CPU2 - REDE DREN'!C:I,7,0),\"\"))))","v":2.66},22610]
["2.3.2.4.2.2","CODEVASF",8,"Recuperação de taludes e obras de arte, com solo cimento (6%)","M³",{"$f":"ROUND(6,0)","v":6},{"$f":"IF($B16=\"ORSE\",VLOOKUP($C16,ORSE_COMP!A:D,4,0),IF($B16=\"SINAPI\",VLOOKUP($C16,SINAPI_COMP!G:K,5,0),IF($B16=\"SEINFRA\",VLOOKUP($C16,SEINFRA_COMP!A:G,7,0),IF(B16=\"CODEVASF\",VLOOKUP(C16,'CPU2 - REDE DREN'!C:I,7,0),\"\"))))","v":91.1},546.6]
["2.3.2.4.2.3","CODEVASF",{"$f":"'CPU2 - REDE DREN'!C45","v":"6.1.5.1.6"},"Recuperação de obras de arte em alvenaria de pedra argamassada, assentamento 1:3.","M³",{"$f":"10","v":10},{"$f":"IF($B17=\"ORSE\",VLOOKUP($C17,ORSE_COMP!A:D,4,0),IF($B17=\"SINAPI\",VLOOKUP($C17,SINAPI_COMP!G:K,5,0),IF($B17=\"SEINFRA\",VLOOKUP($C17,SEINFRA_COMP!A:G,7,0),IF(B17=\"CODEVASF\",VLOOKUP(C17,'CPU2 - REDE DREN'!C:I,7,0),\"\"))))","v":296.44},2964.4]
["2.3.2.4.2.4","CODEVASF",{"$f":"'CPU2 - REDE DREN'!C65","v":"6.1.5.1.8"},"Recuperação de obras de arte - instalação de tubo de concreto CA II Ø 800mm ","M",7,{"$f":"IF($B18=\"ORSE\",VLOOKUP($C18,ORSE_COMP!A:D,4,0),IF($B18=\"SINAPI\",VLOOKUP($C18,SINAPI_COMP!G:K,5,0),IF($B18=\"SEINFRA\",VLOOKUP($C18,SEINFRA_COMP!A:G,7,0),IF(B18=\"CODEVASF\",VLOOKUP(C18,'CPU2 - REDE DREN'!C:I,7,0),\"\"))))","v":27.77},194.39]
["2.3.2.4.2.5","CODEVASF",{"$f":"'CPU2 - REDE DREN'!C83","v":"6.1.5.1.9"},"Recuperação de obras de arte - instação de tubo de concreto CA II Ø  1000mm.","M",7,{"$f":"IF($B19=\"ORSE\",VLOOKUP($C19,ORSE_COMP!A:D,4,0),IF($B19=\"SINAPI\",VLOOKUP($C19,SINAPI_COMP!G:K,5,0),IF($B19=\"SEINFRA\",VLOOKUP($C19,SEINFRA_COMP!A:G,7,0),IF(B19=\"CODEVASF\",VLOOKUP(C19,'CPU2 - REDE DREN'!C:I,7,0),\"\"))))","v":94.26},659.82]
[]
["2.3.2.4.3",null,null,"Desobstrução de Bueiros"]
["2.3.2.4.3.1","SEINFRA","21.1.37",{"$f":"SEINFRA_COMP!C4506","v":"LIMPEZA DE BUEIRO, INCLUINDO A RETIRADA DOS ENTULHOS BEM COMO A ROÇADA E LIMPEZA GERAL DAS BOCAS"},"M",{"$f":"3200","v":3200},{"$f":"IF($B22=\"ORSE\",VLOOKUP($C22,ORSE_COMP!A:D,4,0),IF($B22=\"SINAPI\",VLOOKUP($C22,SINAPI_COMP!G:K,5,0),IF($B22=\"SEINFRA\",VLOOKUP($C22,SEINFRA_COMP!A:G,7,0),IF(B22=\"CODEVASF\",VLOOKUP(C22,'CPU2 - REDE DREN'!C:I,7,0),\"\"))))","v":10.64},{"$f":"ROUND(G22*F22,2)","v":34048}]
[]
["2.3.2.4.4",null,null,"Destinação do material do desassoreamento"]
["2.3.2.4.4.1","SINAPI","74153/1","Espalhamento mecanizado","M³",{"$f":"F13","v":2500},{"$f":"IF($B25=\"ORSE\",VLOOKUP($C25,ORSE_COMP!A:D,4,0),IF($B25=\"SINAPI\",VLOOKUP($C25,SINAPI_COMP!G:K,5,0),IF($B25=\"SEINFRA\",VLOOKUP($C25,SEINFRA_COMP!A:G,7,0),IF(B25=\"CODEVASF\",VLOOKUP(C25,'CPU2 - REDE DREN'!C:I,7,0),\"\"))))","v":"0,22"},{"$f":"ROUND(G25*F25,2)","v":550}]
["2.3.2.4.4.2","SEINFRA","2.3.6",{"$f":"SEINFRA_COMP!C220","v":"CARGA MECANIZADA DE TERRA EM CAMINHÃO BASCULANTE"},"M³",{"$f":"F25","v":2500},{"$f":"IF($B26=\"ORSE\",VLOOKUP($C26,ORSE_COMP!A:D,4,0),IF($B26=\"SINAPI\",VLOOKUP($C26,SINAPI_COMP!G:K,5,0),IF($B26=\"SEINFRA\",VLOOKUP($C26,SEINFRA_COMP!A:G,7,0),IF(B26=\"CODEVASF\",VLOOKUP(C26,'CPU2 - REDE DREN'!C:I,7,0),\"\"))))","v":2.65},6625]
["2.3.2.4.4.3","SEINFRA","2.3.10",{"$f":"SEINFRA_COMP!C224","v":"TRANSPORTE DE MATERIAL, EXCETO ROCHA EM CAMINHÃO ATÉ 5 KM"},"M³",{"$f":"F25","v":2500},{"$f":"IF($B27=\"ORSE\",VLOOKUP($C27,ORSE_COMP!A:D,4,0),IF($B27=\"SINAPI\",VLOOKUP($C27,SINAPI_COMP!G:K,5,0),IF($B27=\"SEINFRA\",VLOOKUP($C27,SEINFRA_COMP!A:G,7,0),IF(B27=\"CODEVASF\",VLOOKUP(C27,'CPU2 - REDE DREN'!C:I,7,0),\"\"))))","v":19.760000000000002},49400]
["Subtotal",{"$nulls":6},{"$f":"ROUND(SUM(H11:H27),2)","v":181381.18}]
["BDI SERVIÇO",{"$nulls":5},{"$f":"'BDI - SERVIÇOS'!C30","v":0.22500000000000001},{"$f":"ROUND(H28*G29,2)","v":40810.769999999997}]
["Subtotal - SERVIÇOS",{"$nulls":6},{"$f":"ROUND(H28+H29,2)","v":222191.95}]
[]
["2.3.2.4.2",null,null,"LIMPEZA DE VALETAS E SARJETAS - FORNECIMENTOS"]
[null,"SINAPI",7763,"Recuperação de obras de arte - aquisição de tubo de concreto CA II Ø 800mm ","M",7,{"$f":"VLOOKUP(C33,SINAPI_INSUM!A:E,5,0)","v":"135,22"},{"$f":"ROUND(F33*G33,2)","v":946.54}]
[null,"SINAPI",7765,"Recuperação de obras de arte - aquisição e instação de tubo de concreto CA II Ø  1000mm.","M",7,{"$f":"VLOOKUP(C34,SINAPI_INSUM!A:E,5,0)","v":"197,85"},{"$f":"ROUND(F34*G34,2)","v":1384.95}]
["SUBTOTAL",{"$nulls":6},{"$f":"ROUND(SUM(H33:H34),2)","v":2331.4899999999998}]
["BDI FORNECIMENTO",{"$nulls":5},{"$f":"'BDI - FORNECIMENTOS'!$C$31","v":0.109},{"$f":"ROUND(H35*G36,2)","v":254.13}]
["Subtotal - FORNECIMENTO",{"$nulls":6},{"$f":"ROUND(H35+H36,2)","v":2585.62}]
[]
["TOTAL",{"$nulls":6},{"$f":"ROUND(H37+H30,2)","v":224777.57}]

{"sheet":"2.3.2.5.Manut-Cercas","index":18,"n_rows":21,"n_cols":9,"rows_kept":21,"cut":false,"hidden":false,"merged":[[0,0,0,6],[2,0,2,6],[4,0,4,6],[6,6,7,6],[6,3,7,3],[6,5,7,5],[6,4,7,4],[20,0,20,7],[6,7,6,8],[6,0,7,0],[6,1,7,1],[6,2,7,2],[17,0,17,7],[18,0,18,6],[12,0,12,7],[13,0,13,6],[16,0,16,6],[11,1,11,2]]}
["2.3. MANUTENÇÃO DAS INFRAESTRUTURAS"]
[]
["2.3.2. MANUTENÇÃO (SERVIÇOS SAZONAIS)"]
[]
["2.3.2.5. PLANILHA DE ESTIMATIVA DE CUSTO ANUAL DE MANUTENÇÃO DE CERCAS"]
[]
["ITEM","Ref.","Cód. CPU","DESCRIÇÃO","UNID.","COEF.","QUANT.","VALOR"]
[{"$nulls":7},"UNIT. (R$)","TOTAL (R$)"]
[]
["2.3.2.5.1","SINAPI","85171","Recomposição parcial de arame farpado, fixado em mourões de concreto, reto",null,"m",19764.86]
[null,"SINAPI",339,"ARAME FARPADO GALVANIZADO 14 BWG, CLASSE 250","M","0,3200000",{"$f":"ROUND(F11*$G$10,2)","v":6324.76},{"$f":"VLOOKUP(C11,SINAPI_INSUM!A:E,5,0)","v":"0,55"},{"$f":"ROUND(H11*G11,2)","v":3478.62}]
[null,"Painel de Preços Comprasnet",null,"ARAME GALVANIZADO 12 BWG, 2,76 MM (0,048 KG/M)","KG","0,0800000",{"$f":"ROUND(F12*$G$10,2)","v":1581.19},9.8800000000000008,{"$f":"ROUND(H12*G12,2)","v":15622.16}]
["SUBTOTAL",{"$nulls":7},{"$f":"ROUND(SUM(I11:I12),2)","v":19100.78}]
["BDI FORNECIMENTO",{"$nulls":6},{"$f":"'BDI - FORNECIMENTOS'!C31","v":0.109},{"$f":"I13*H14","v":2081.9899999999998}]
[]
[null,"SINAPI",6111,"SERVENTE COM ENCARGOS COMPLEMENTARES","H","0,1670000",3300.73,{"$f":"VLOOKUP(C16,SINAPI_INSUM!A:E,5,0)/(1+'ENC. SOCIAIS'!D46)","v":5.03},16602.669999999998]
["Encargos Sociais",{"$nulls":6},{"$f":"'ENC. SOCIAIS'!$D$46","v":1.1718},{"$f":"I16*H17","v":19455.009999999998}]
["SUBTOTAL",{"$nulls":7},{"$f":"ROUND(SUM(I16:I17),2)","v":36057.68}]
["BDI SERVIÇO",{"$nulls":6},{"$f":"'BDI - SERVIÇOS'!$C$30","v":0.22500000000000001},{"$f":"I18*H19","v":8112.98}]
[]
["TOTAL GERAL",{"$nulls":7},{"$f":"I13+I14+I18+I19","v":65353.43}]

{"sheet":"CPU2 - REDE DREN","index":19,"n_rows":101,"n_cols":11,"rows_kept":101,"cut":false,"hidden":false,"merged":[[33,1,33,8],[23,1,23,7],[18,1,18,6],[18,7,18,8],[19,1,19,6],[20,1,20,8],[10,1,10,7],[24,1,24,8],[28,1,28,7],[29,1,29,8],[32,1,32,7],[1,1,1,6],[1,7,1,8],[45,7,45,8],[13,3,13,7],[14,1,14,7],[15,3,15,7],[16,1,16,7],[45,1,45,6],[36,1,36,7],[39,3,39,7],[40,1,40,7],[42,1,42,7],[2,1,2,6],[3,1,3,8],[6,1,6,7],[7,1,7,8],[63,1,63,7],[47,1,47,8],[52,1,52,7],[53,1,53,8],[57,1,57,7],[60,3,60,7],[84,1,84,6],[85,1,85,8],[66,1,66,6],[67,1,67,8],[70,1,70,7],[71,1,71,8],[75,1,75,7],[99,3,99,7],[100,1,100,7],[88,1,88,7],[90,1,90,8],[94,1,94,7],[97,3,97,7],[98,1,98,7],[0,3,0,7],[17,3,17,7],[44,3,44,7],[64,3,64,7],[83,1,83,6],[83,7,83,8],[79,1,79,7],[80,3,80,7],[82,3,82,7],[81,1,81,7],[65,1,65,6],[65,7,65,8],[78,3,78,7],[46,1,46,6],[61,1,61,7],[62,3,62,7]]}
[null,"CODEVASF","6.1.5.1.4","COMPOSIÇÃO DE PREÇO UNITÁRIO",{"$nulls":4},{"$f":"I15","v":19.12}]
[null,"SERVIÇO DE O&M PARA O PERÍMETRO DE IRRIGAÇÃO PONTAL",{"$nulls":5},"DATA: JUNHO/2018"]
[null,"SERVIÇO: Desassoreamento mecânico",{"$nulls":5},"UNIDADE:","m³"]
[null,"EQUIPAMENTO"]
[null,"DESCRIÇÃO","UNIDADE","QUANT.","PROD","IMPROD","P.UNIT. PROD","P.UNIT. IMPR","P.TOTAL"]
[null,"ESCAVADEIRA HIDRÁULICA SOBRE ESTEIRAS, CAÇAMBA 1,20 M3, PESO OPERACIONAL 21 T, POTÊNCIA BRUTA 155 HP - CHP DIURNO. AF_06/2014 (SINAPI 88907 - COMP.. AUX.)","h",7.6999999999999999E-2,1,0,{"$f":"IF($J6=\"ORSE\",VLOOKUP($K6,ORSE_INSUM!$A:$D,4,0),IF($J6=\"SINAPI\",VLOOKUP($K6,SINAPI_INSUM!$A:$E,5,0),IF($J6=\"SEINFRA\",VLOOKUP($K6,SEINFRA_INSUM!$A:$F,5,0),IF($J6=\"SINAPI/SERV\",VLOOKUP($K6,SINAPI_COMP!$G:$K,5,0),\"\"))))","v":"177,28"},0,{"$f":"ROUND((D6*E6*G6)+(D6*F6*H6),2)","v":13.65},"SINAPI/SERV","88907"]
[null,"SUB-TOTAL",{"$nulls":6},{"$f":"SUM(I6:I6)","v":13.65}]
[null,"MÃO DE OBRA"]
[null,"DESCRIÇÃO","UNIDADE","QUANT.",null,null,null,"P.UNIT.","P.TOTAL"]
[null,"Servente (SINAPI - 6111)","h",0.5,null,null,null,{"$f":"IF(J10=\"ORSE\",VLOOKUP(K10,ORSE_INSUM!A:D,4,0),IF(J10=\"SINAPI\",VLOOKUP(K10,SINAPI_INSUM!A:E,5,0),IF(J10=\"SEINFRA\",VLOOKUP(K10,SEINFRA_INSUM!A:F,5,0),IF(J10=\"SINAPI/SERV\",VLOOKUP(K10,SINAPI_COMP!G:K,5,0),\"\"))))/(1+'ENC. SOCIAIS'!$D$46)","v":5.03},{"$f":"ROUND((D10*H10),4)","v":2.52},"SINAPI",6111]
[null,"SUB-TOTAL",{"$nulls":6},{"$f":"SUM(I10:I10)","v":2.52}]
[null,"Encargos Sociais",{"$f":"'ENC. SOCIAIS'!D46","v":1.1718},{"$nulls":5},{"$f":"C12*I11","v":2.95}]
[]
[null,"PRODUÇÃO DA EQUIPE",1,"CUSTO",{"$nulls":4},{"$f":"I12+I11+I7","v":19.12}]
[null,"CUSTO UNITÁRIO DO SERVIÇO",{"$nulls":6},{"$f":"I14/C14","v":19.12}]
[null,"BDI",{"$f":"'BDI - SERVIÇOS'!C30","v":0.22500000000000001},{"$nulls":5},{"$f":"ROUND((I15*C16),2)","v":4.3}]
[null,"TOTAL DO SERVIÇO - R$",{"$nulls":6},{"$f":"ROUND((I15+I16),2)","v":23.42}]
[null,"CODEVASF",8," COMPOSIÇÃO DE PREÇO UNITÁRIO",{"$nulls":4},{"$f":"I41","v":91.1}]
[null," ESTIMATIVA ANUAL DE CUSTOS DE SERVIÇOS DE ADMINISTRAÇÃO E MANUTENÇÃO PARA O PROJETO IRRIGADO PONTAL SUL",{"$nulls":5},"DATA: JUNHO/2018"]
[null,"SERVIÇO : Recuperação de taludes e obras de arte, com solo cimento (6%)",{"$nulls":5},"UNIDADE: ","m³"]
[null,"EQUIPAMENTO"]
[null,"DISCRIMINAÇÃO","UNIDADE","QUANT.","PROD","IMPROD","P.UNIT. PROD","P.UNIT. IMPR","P.TOTAL"]
[null,"COMPACTADOR DE SOLOS DE PERCUSSÃO (SOQUETE) COM MOTOR A GASOLINA 4 TEMPOS, POTÊNCIA 4 CV - CHP DIURNO. AF_08/2015 (SINAPI 91533 - COMP AUX.)","H",1,0.4,null,{"$f":"IF($J23=\"ORSE\",VLOOKUP($K23,ORSE_INSUM!$A:$D,4,0),IF($J23=\"SINAPI\",VLOOKUP($K23,SINAPI_INSUM!$A:$E,5,0),IF($J23=\"SEINFRA\",VLOOKUP($K23,SEINFRA_INSUM!$A:$F,5,0),IF($J23=\"SINAPI/SERV\",VLOOKUP($K23,SINAPI_COMP!$G:$K,5,0),\"\"))))","v":"37,56"},null,{"$f":"ROUND(G23*E23*D23,2)","v":15.02},"SINAPI/SERV","91533"]
[null,"SUB-TOTAL",{"$nulls":6},{"$f":"I23","v":15.02}]
[null,"MATERIAL"]
[null,"DISCRIMINAÇÃO","UNIDADE","QUANT.",null,null,null,"P.UNIT.","P.TOTAL"]
[null,"Cimento Portland CP 32 - SINAPI 1379","Kg",68.569999999999993,null,null,null,{"$f":"IF($J27=\"ORSE\",VLOOKUP($K27,ORSE_INSUM!$A:$D,4,0),IF($J27=\"SINAPI\",VLOOKUP($K27,SINAPI_INSUM!$A:$E,5,0),IF($J27=\"SEINFRA\",VLOOKUP($K27,SEINFRA_INSUM!$A:$F,5,0),IF($J27=\"SINAPI/SERV\",VLOOKUP($K27,SINAPI_COMP!$G:$K,5,0),\"\"))))","v":"0,44"},{"$f":"ROUND(H27*D27,2)","v":30.17},"SINAPI",1379]
[null,"ARGILA OU BARRO PARA ATERRO/REATERRO (COM TRANSPORTE ATE 10 KM)  (SINAPI 6081 - COMP AUX.)","m³",1,null,null,null,{"$f":"IF($J28=\"ORSE\",VLOOKUP($K28,ORSE_INSUM!$A:$D,4,0),IF($J28=\"SINAPI\",VLOOKUP($K28,SINAPI_INSUM!$A:$E,5,0),IF($J28=\"SEINFRA\",VLOOKUP($K28,SEINFRA_INSUM!$A:$F,5,0),IF($J28=\"SINAPI/SERV\",VLOOKUP($K28,SINAPI_COMP!$G:$K,5,0),\"\"))))","v":"37,18"},{"$f":"ROUND(H28*D28,2)","v":37.18},"SINAPI",6081]
[null,"SUB-TOTAL",{"$nulls":6},{"$f":"SUM(I27:I28)","v":67.349999999999994}]
[null,"SERVIÇOS - COMPOSIÇÕES AUXILIARES"]
[null,"DISCRIMINAÇÃO","UNIDADE","QUANT.",null,null,null,"P.UNIT.","P.TOTAL"]
[]
[null,"SUB-TOTAL",{"$nulls":6},0]
[null,"MÃO DE OBRA"]
[null,"DISCRIMINAÇÃO","UNIDADE","QUANT.",null,null,null,"P.UNIT.","P.TOTAL"]
[null,"Servente (SINAPI - 6111)","h",0.8,null,null,null,{"$f":"IF(J36=\"ORSE\",VLOOKUP(K36,ORSE_INSUM!A:D,4,0),IF(J36=\"SINAPI\",VLOOKUP(K36,SINAPI_INSUM!A:E,5,0),IF(J36=\"SEINFRA\",VLOOKUP(K36,SEINFRA_INSUM!A:F,5,0),IF(J36=\"SINAPI/SERV\",VLOOKUP(K36,SINAPI_COMP!G:K,5,0),\"\"))))/(1+'ENC. SOCIAIS'!$D$46)","v":5.03},{"$f":"ROUND(H36*D36,2)","v":4.0199999999999996},"SINAPI",6111]
[null,"SUB-TOTAL",{"$nulls":6},{"$f":"SUM(I36)","v":4.0199999999999996}]
[null,"Encargos Sociais",{"$f":"'ENC. SOCIAIS'!D46","v":1.1718},{"$nulls":4},{"$f":"C38","v":1.1718},{"$f":"H38*I37","v":4.71}]
[]
[null,"PRODUÇÃO DA EQUIPE",1,"CUSTO ",{"$nulls":4},{"$f":"I38+I36+I29+I24","v":91.1}]
[null,"CUSTO UNITÁRIO DO SERVIÇO",{"$nulls":6},{"$f":"I40","v":91.1}]
[null,"BDI       ",{"$f":"'BDI - SERVIÇOS'!C30","v":0.22500000000000001},{"$nulls":5},{"$f":"ROUND(I41*C42,2)","v":20.5}]
[null,"TOTAL DO SERVIÇO - R$",{"$nulls":6},{"$f":"ROUND(I42+I41,2)","v":111.6}]
[null,"(*) Empolamento já incluso no custo unit. do material"]
[null,"CODEVASF","6.1.5.1.6","COMPOSIÇÃO DE PREÇO UNITÁRIO",{"$nulls":4},{"$f":"I62","v":296.44}]
[null,"SERVIÇO DE O&M PARA O PERÍMETRO DE IRRIGAÇÃO PONTAL",{"$nulls":5},"DATA: JUNHO/2018"]
[null,"SERVIÇO: Recuperação de obras de arte em alvenaria de pedra argamassada",{"$nulls":5},"UNIDADE:","m³"]
[null,"MATERIAL"]
[null,"DESCRIÇÃO","UNIDADE","QUANT.",null,null,null,"P.UNIT.","P.TOTAL"]
[null,"Cimento Portland CP II 32  - SINAPI 1379","kg",116,null,null,null,{"$f":"SINAPI_INSUM!E1280","v":"0,44"},{"$f":"ROUND((D50*H50),2)","v":51.04},"SINAPI",1379]
[null,"Areia média comercial - ORSE 202","m³",0.38,null,null,null,{"$f":"ORSE_INSUM!D995","v":2.19},{"$f":"ROUND((D51*H51),2)","v":0.83},"ORSE",202]
[null,"Pedra de mão ou pedra rachão com frete - ORSE 10181","m³",1.2,null,null,null,{"$f":"ORSE_INSUM!D1017","v":9.9},{"$f":"ROUND((D52*H52),2)","v":11.88},"ORSE",10181]
[null,"SUB-TOTAL",{"$nulls":6},{"$f":"SUM(I50:I52)","v":63.75}]
[null,"MÃO DE OBRA"]
[null,"DESCRIÇÃO","UNIDADE","QUANT.",null,null,null,"P.UNIT.","P.TOTAL"]
[null,"Servente (SINAPI - 6111)","h",8,null,null,null,{"$f":"IF(J56=\"ORSE\",VLOOKUP(K56,ORSE_INSUM!A:D,4,0),IF(J56=\"SINAPI\",VLOOKUP(K56,SINAPI_INSUM!A:E,5,0),IF(J56=\"SEINFRA\",VLOOKUP(K56,SEINFRA_INSUM!A:F,5,0),IF(J56=\"SINAPI/SERV\",VLOOKUP(K56,SINAPI_COMP!G:K,5,0),\"\"))))/(1+'ENC. SOCIAIS'!$D$46)","v":5.03},{"$f":"ROUND((D56*H56),4)","v":40.24},"SINAPI",6111]
[null,"Pedreiro (SINAPI -4750)","h",10,null,null,null,{"$f":"IF(J57=\"ORSE\",VLOOKUP(K57,ORSE_INSUM!A:D,4,0),IF(J57=\"SINAPI\",VLOOKUP(K57,SINAPI_INSUM!A:E,5,0),IF(J57=\"SEINFRA\",VLOOKUP(K57,SEINFRA_INSUM!A:F,5,0),IF(J57=\"SINAPI/SERV\",VLOOKUP(K57,SINAPI_COMP!G:K,5,0),\"\"))))/(1+'ENC. SOCIAIS'!$D$46)","v":6.69},{"$f":"ROUND((D57*H57),4)","v":66.900000000000006},"SINAPI",4750]
[null,"SUB-TOTAL",{"$nulls":6},{"$f":"SUM(I56:I57)","v":107.14}]
[null,"Encargos Sociais",{"$f":"'ENC. SOCIAIS'!D46","v":1.1718},{"$nulls":4},{"$f":"C59","v":1.1718},{"$f":"H59*I58","v":125.55}]
[]
[null,"PRODUÇÃO DA EQUIPE",1,"CUSTO",{"$nulls":4},{"$f":"I59+I58+I53","v":296.44}]
[null,"CUSTO UNITÁRIO DO SERVIÇO",{"$nulls":6},{"$f":"I61/C61","v":296.44}]
[null,"BDI",{"$f":"'BDI - SERVIÇOS'!C30","v":0.22500000000000001},{"$nulls":5},{"$f":"ROUND((I62*C63),2)","v":66.7}]
[null,"TOTAL DO SERVIÇO - R$",{"$nulls":6},{"$f":"ROUND((I62+I63),2)","v":363.14}]
[null,"CODEVASF","6.1.5.1.8","COMPOSIÇÃO DE PREÇO UNITÁRIO",{"$nulls":4},{"$f":"I80","v":27.77}]
[null,"SERVIÇO DE O&M PARA O PERÍMETRO DE IRRIGAÇÃO PONTAL",{"$nulls":5},"DATA: JUNHO/2018"]
[null,"SERVIÇO: Assentamento de tubo de concreto diâmetro 800 mm",{"$nulls":5},"UNIDADE:","m"]
[null,"MATERIAL"]
[null,"DESCRIÇÃO","UNIDADE","QUANT.",null,null,null,"P.UNIT.","P.TOTAL"]
[null,null,"m",{"$nulls":5},{"$f":"ROUND((D70*H70),4)","v":0}]
[null,"SUB-TOTAL",{"$nulls":6},{"$f":"I70","v":0}]
[null,"MÃO DE OBRA"]
[null,"DESCRIÇÃO","UNIDADE","QUANT.",null,null,null,"P.UNIT.","P.TOTAL"]
[null,"Servente (SINAPI - 6111)","h",1.8748,null,null,null,{"$f":"SINAPI_INSUM!E4232","v":"10,92"},{"$f":"ROUND((D74*H74),4)","v":20.47},"SINAPI",6111]
[null,"Pedreiro (SINAPI -4750)","h",0.50280000000000002,null,null,null,{"$f":"SINAPI_INSUM!E3644","v":"14,52"},{"$f":"ROUND((D75*H75),4)","v":7.3},"SINAPI",4750]
[null,"SUB-TOTAL",{"$nulls":6},{"$f":"SUM(I74:I75)","v":27.77}]
[null,"Encargos Sociais",{"$f":"'ENC. SOCIAIS'!D46","v":1.1718},{"$nulls":5},{"$f":"0*I76","v":0}]
[]
[null,"PRODUÇÃO DA EQUIPE",1,"CUSTO (exceto fornecimento)",{"$nulls":4},{"$f":"I77+I76","v":27.77}]
[null,"CUSTO UNITÁRIO DO SERVIÇO",{"$nulls":6},{"$f":"I79/C79","v":27.77}]
[null,"BDI – Serviços",{"$f":"'BDI - SERVIÇOS'!C30","v":0.22500000000000001},{"$nulls":5},{"$f":"ROUND((I80*C81),2)","v":6.25}]
[null,"TOTAL DO SERVIÇO - R$",{"$nulls":6},{"$f":"I80+I81","v":34.020000000000003}]
[null,"CODEVASF","6.1.5.1.9","COMPOSIÇÃO DE PREÇO UNITÁRIO",{"$nulls":4},{"$f":"I98","v":94.26}]
[null,"SERVIÇO DE O&M PARA O PERÍMETRO DE IRRIGAÇÃO PONTAL",{"$nulls":5},"DATA: JUNHO/2018"]
[null,"SERVIÇO: Assentamento de tubo de concreto diâmetro 1000 mm, montagem com auxílio de equipamentos",{"$nulls":5},"UNIDADE:","m"]
[null,"MATERIAL"]
[null,"DESCRIÇÃO","UNIDADE","QUANT.",null,null,null,"P.UNIT.","P.TOTAL"]
[]
[null,"SUB-TOTAL",{"$nulls":6},{"$f":"I88","v":0}]
[]
[null,"MÃO DE OBRA"]
[null,"DESCRIÇÃO","UNIDADE","QUANT.",null,null,null,"P.UNIT.","P.TOTAL","SINAPI",6111]
[null,"Servente (SINAPI - 6111)","h",2.9298000000000002,null,null,null,{"$f":"SINAPI_INSUM!E4232","v":"10,92"},{"$f":"ROUND((D93*H93),4)","v":31.99},"SINAPI",4750]
[null,"Pedreiro (SINAPI -4750)","h",0.78580000000000005,null,null,null,{"$f":"SINAPI_INSUM!E3644","v":"14,52"},{"$f":"ROUND((D94*H94),4)","v":11.41}]
[null,"SUB-TOTAL",{"$nulls":6},{"$f":"SUM(I93:I94)","v":43.4}]
[null,"Encargos Sociais",{"$f":"'ENC. SOCIAIS'!D46","v":1.1718},{"$nulls":4},{"$f":"C96","v":1.1718},{"$f":"H96*I95","v":50.86}]
[]
[null,"PRODUÇÃO DA EQUIPE",1,"CUSTO (exceto fornecimento)",{"$nulls":4},{"$f":"I96+I95","v":94.26}]
[null,"CUSTO UNITÁRIO DO SERVIÇO",{"$nulls":6},{"$f":"I98/C98","v":94.26}]
[null,"BDI – Serviços",{"$f":"'BDI - SERVIÇOS'!C30","v":0.22500000000000001},{"$nulls":5},{"$f":"ROUND((I99*C100),2)","v":21.21}]
[null,"TOTAL DO SERVIÇO - R$",{"$nulls":6},{"$f":"I99+I100","v":115.47}]

{"sheet":"CPU1 - CANAL","index":20,"n_rows":196,"n_cols":15,"rows_kept":196,"cut":false,"hidden":false,"merged":[[1,1,1,6],[1,7,1,8],[2,1,2,6],[3,1,3,8],[8,1,8,7],[9,1,9,8],[14,1,14,7],[15,1,15,8],[0,3,0,7],[19,1,19,7],[20,1,20,8],[24,1,24,7],[27,3,27,7],[30,1,30,7],[33,1,33,6],[33,7,33,8],[28,6,28,7],[32,3,32,7],[34,1,34,6],[34,7,34,8],[35,1,35,8],[38,1,38,7],[39,1,39,8],[42,1,42,7],[43,1,43,8],[46,1,46,7],[49,3,49,7],[50,1,50,7],[52,1,52,7],[55,1,55,6],[55,7,55,8],[56,1,56,6],[57,1,57,8],[60,1,60,7],[61,1,61,8],[54,3,54,7],[64,1,64,7],[65,1,65,8],[68,1,68,7],[69,1,69,8],[73,1,73,7],[76,3,76,7],[77,1,77,7],[79,1,79,7],[81,3,81,7],[82,1,82,6],[82,7,82,8],[83,1,83,6],[84,1,84,8],[87,1,87,7],[88,1,88,8],[93,1,93,7],[94,1,94,8],[97,1,97,7],[98,1,98,8],[102,1,102,7],[105,3,105,7],[106,1,106,7],[108,1,108,7],[111,1,111,6],[111,7,111,8],[112,1,112,6],[110,3,110,7],[137,3,137,7],[164,3,164,7],[113,1,113,8],[116,1,116,7],[132,3,132,7],[133,1,133,7],[135,1,135,7],[117,1,117,8],[121,1,121,7],[122,1,122,8],[125,1,125,7],[126,1,126,8],[129,1,129,7],[157,1,157,7],[160,3,160,7],[161,1,161,7],[163,1,163,7],[165,1,165,6],[166,1,166,6],[167,1,167,8],[139,1,139,6],[140,1,140,8],[143,1,143,7],[144,1,144,8],[149,1,149,7],[150,1,150,8],[153,1,153,7],[154,1,154,8],[195,1,195,7],[171,1,171,7],[172,1,172,8],[180,1,180,7],[181,1,181,8],[184,1,184,7],[185,1,185,8],[189,1,189,7],[192,3,192,7],[193,1,193,7]]}
[null,"CODEVASF",1," COMPOSIÇÃO DE PREÇO UNITÁRIO",{"$nulls":4},{"$f":"I29","v":298.10000000000002}]
[null," ESTIMATIVA ANUAL DE CUSTOS DE SERVIÇOS DE ADMINISTRAÇÃO E MANUTENÇÃO PARA O PROJETO IRRIGADO PONTAL SUL",{"$nulls":5},"Data: JUNHO/2018"]
[null,"SERVIÇO : Recuperação de placas de concreto  15 Mpa ",{"$nulls":5},"UNIDADE: ","m³"]
[null,"EQUIPAMENTO"]
[null,"DISCRIMINAÇÃO","UNIDADE","QUANT.","PROD","IMPROD","P.UNIT. PROD","P.UNIT. IMPR","P.TOTAL"]
[]
[]
[]
[null,"SUB-TOTAL",{"$nulls":6},0]
[null,"MATERIAL"]
[null,"DISCRIMINAÇÃO","UNIDADE","QUANT.",null,null,null,"P.UNIT.","P.TOTAL"]
[null,"Concreto usinado bombeado FCK = 15,0MPA (ORSE - 634)","m³",1,null,null,null,{"$f":"IF(J12=\"ORSE\",VLOOKUP(K12,ORSE_INSUM!A:D,4,0),IF(J12=\"SINAPI\",VLOOKUP(K12,SINAPI_INSUM!A:E,5,0),IF(J12=\"SEINFRA\",VLOOKUP(K12,SEINFRA_INSUM!A:F,5,0),IF(J12=\"SINAPI/SERV\",VLOOKUP(K12,SINAPI_COMP!G:K,5,0),\"\"))))","v":225.14},{"$f":"ROUND(H12*D12,2)","v":225.14},"ORSE",634,"Consumo - Sika 1"]
[null,"ADITIVO IMPERMEABILIZANTE DE PEGA NORMAL PARA ARGAMASSAS E CONCRETOS SEM ARMACAO (SINAPI - 123)","l",4,null,null,null,{"$f":"IF(J13=\"ORSE\",VLOOKUP(K13,ORSE_INSUM!A:D,4,0),IF(J13=\"SINAPI\",VLOOKUP(K13,SINAPI_INSUM!A:E,5,0),IF(J13=\"SEINFRA\",VLOOKUP(K13,SEINFRA_INSUM!A:F,5,0),IF(J13=\"SINAPI/SERV\",VLOOKUP(K13,SINAPI_COMP!G:K,5,0),\"\"))))","v":"5,98"},{"$f":"ROUND(H13*D13,2)","v":23.92},"SINAPI",123,0.5,"l/50kg",400,"kg/m³"]
[{"$nulls":11},{"$f":"0.5/50","v":0.01},"l/kg",400,"kg/m³"]
[null,"SUB-TOTAL",{"$nulls":6},{"$f":"SUM(I12:I14)","v":249.06},null,null,{"$f":"L14*N14","v":4},"l/m³"]
[null,"SERVIÇOS - COMPOSIÇÕES AUXILIARES"]
[null,"DISCRIMINAÇÃO","UNIDADE","QUANT.",null,null,null,"P.UNIT.","P.TOTAL"]
[]
[]
[null,"SUB-TOTAL",{"$nulls":6},0]
[null,"MÃO DE OBRA"]
[null,"DISCRIMINAÇÃO","UNIDADE","QUANT.",null,null,null,"P.UNIT.","P.TOTAL"]
[null,"Pedreiro (SINAPI -4750)","H",1,null,null,null,{"$f":"IF(J23=\"ORSE\",VLOOKUP(K23,ORSE_INSUM!A:D,4,0),IF(J23=\"SINAPI\",VLOOKUP(K23,SINAPI_INSUM!A:E,5,0),IF(J23=\"SEINFRA\",VLOOKUP(K23,SEINFRA_INSUM!A:F,5,0),IF(J23=\"SINAPI/SERV\",VLOOKUP(K23,SINAPI_COMP!G:K,5,0),\"\"))))/(1+'ENC. SOCIAIS'!$D$46)","v":6.69},{"$f":"ROUND(H23*D23,2)","v":6.69},"SINAPI",4750]
[null,"Servente (SINAPI -6111)","H",3.16,null,null,null,{"$f":"IF(J24=\"ORSE\",VLOOKUP(K24,ORSE_INSUM!A:D,4,0),IF(J24=\"SINAPI\",VLOOKUP(K24,SINAPI_INSUM!A:E,5,0),IF(J24=\"SEINFRA\",VLOOKUP(K24,SEINFRA_INSUM!A:F,5,0),IF(J24=\"SINAPI/SERV\",VLOOKUP(K24,SINAPI_COMP!G:K,5,0),\"\"))))/(1+'ENC. SOCIAIS'!$D$46)","v":5.03},{"$f":"ROUND(H24*D24,2)","v":15.89},"SINAPI",6111]
[null,"SUB-TOTAL",{"$nulls":6},{"$f":"SUM(I23:I24)","v":22.58}]
[{"$nulls":6},"Encargos Sociais",{"$f":"'ENC. SOCIAIS'!$D$46","v":1.1718},{"$f":"ROUND(H26*I25,2)","v":26.46}]
[]
[null,"PRODUÇÃO DA EQUIPE",1,"CUSTO ",{"$nulls":4},{"$f":"I26+I25+I15","v":298.10000000000002}]
[{"$nulls":6},"CUSTO UNITÁRIO DO SERVIÇO",null,{"$f":"I28","v":298.10000000000002}]
[null,"BDI       ",{"$f":"'BDI - SERVIÇOS'!C30","v":0.22500000000000001},{"$nulls":5},{"$f":"ROUND(I29*C30,2)","v":67.069999999999993}]
[null,"TOTAL DO SERVIÇO - R$",{"$nulls":6},{"$f":"ROUND(I30+I29,2)","v":365.17}]
[]
[null,"CODEVASF",3," COMPOSIÇÃO DE PREÇO UNITÁRIO",{"$nulls":4},{"$f":"I51","v":1.0900000000000001}]
[null," ESTIMATIVA ANUAL DE CUSTOS DE SERVIÇOS DE ADMINISTRAÇÃO E MANUTENÇÃO PARA O PROJETO IRRIGADO PONTAL SUL",{"$nulls":5},"Data: JUNHO/2018"]
[null,"SERVIÇO: Retirada de manta PVC existente",{"$nulls":5},"UNIDADE: m²"]
[null,"EQUIPAMENTO"]
[null,"DISCRIMINAÇÃO","UNIDADE","QUANT.","PROD","IMPROD","P.UNIT. PROD","P.UNIT. IMPR","P.TOTAL"]
[{"$nulls":8},0]
[null,"SUB-TOTAL",{"$nulls":6},0]
[null,"MATERIAL"]
[null,"DISCRIMINAÇÃO","UNIDADE","QUANT.",null,null,null,"P.UNIT.","P.TOTAL"]
[]
[null,"SUB-TOTAL",{"$nulls":6},0]
[null,"MÃO DE OBRA"]
[null,"DISCRIMINAÇÃO","UNIDADE","QUANT.",null,null,null,"P.UNIT.","P.TOTAL"]
[null,"Servente (SINAPI - 6111)","h",0.1,null,null,null,{"$f":"IF(J46=\"ORSE\",VLOOKUP(K46,ORSE_INSUM!A:D,4,0),IF(J46=\"SINAPI\",VLOOKUP(K46,SINAPI_INSUM!A:E,5,0),IF(J46=\"SEINFRA\",VLOOKUP(K46,SEINFRA_INSUM!A:F,5,0),IF(J46=\"SINAPI/SERV\",VLOOKUP(K46,SINAPI_COMP!G:K,5,0),\"\"))))/(1+'ENC. SOCIAIS'!$D$46)","v":5.03},{"$f":"ROUND(H46*D46,2)","v":0.5},"SINAPI",6111]
[null,"SUB-TOTAL",{"$nulls":6},{"$f":"SUM(I46)","v":0.5}]
[{"$nulls":6},"Encargos Sociais",{"$f":"'ENC. SOCIAIS'!$D$46","v":1.1718},{"$f":"ROUND(I47*H48,2)","v":0.59}]
[]
[null,"PRODUÇÃO DA EQUIPE",1,"CUSTO ",{"$nulls":4},{"$f":"I48+I47","v":1.0900000000000001}]
[null,"CUSTO UNITÁRIO DO SERVIÇO",{"$nulls":6},{"$f":"I50","v":1.0900000000000001}]
[null,"BDI       ",{"$f":"'BDI - SERVIÇOS'!C30","v":0.22500000000000001},{"$nulls":5},{"$f":"I51*C52","v":0.25}]
[null,"TOTAL DO SERVIÇO - R$",{"$nulls":6},{"$f":"ROUND(I52+I51,2)","v":1.34}]
[]
[null,"CODEVASF",4," COMPOSIÇÃO DE PREÇO UNITÁRIO",{"$nulls":4},{"$f":"I78","v":19.37}]
[null," ESTIMATIVA ANUAL DE CUSTOS DE SERVIÇOS DE ADMINISTRAÇÃO E MANUTENÇÃO PARA O PROJETO IRRIGADO PONTAL SUL",{"$nulls":5},"Data: JUNHO/2018"]
[null,"SERVIÇO : Manta termoplástica, PEAD ou PVC, geomembrana texturizada ou com bidim acoplado, e = 0,80 mm (fornec, transporte e instal.) ",{"$nulls":5},"UNIDADE: ","m²"]
[null,"EQUIPAMENTO"]
[null,"DISCRIMINAÇÃO","UNIDADE","QUANT.","PROD","IMPROD","P.UNIT. PROD","P.UNIT. IMPR","P.TOTAL"]
[]
[null,"SUB-TOTAL",{"$nulls":6},0]
[null,"MATERIAL"]
[null,"DISCRIMINAÇÃO","UNIDADE","QUANT.",null,null,null,"P.UNIT.","P.TOTAL"]
[null,"MANTA TERMOPLASTICA, PEAD OU PVC, GEOMEMBRANA TEXTURIZADA OU COM BIDIM ACOPLADO, E = 0,80 MM (REF. SINAPI - 25862)","m²",1.05,null,null,null,{"$f":"IF(J64=\"ORSE\",VLOOKUP(K64,ORSE_INSUM!A:D,4,0),IF(J64=\"SINAPI\",VLOOKUP(K64,SINAPI_INSUM!A:E,5,0),IF(J64=\"SEINFRA\",VLOOKUP(K64,SEINFRA_INSUM!A:F,5,0),IF(J64=\"SINAPI/SERV\",VLOOKUP(K64,SINAPI_COMP!G:K,5,0),\"\"))))","v":"13,59"},{"$f":"ROUND(H64*D64,2)","v":14.27},"SINAPI",25862]
[null,"SUB-TOTAL",{"$nulls":6},{"$f":"SUM(I64)","v":14.27}]
[null,"SERVIÇOS - COMPOSIÇÕES AUXILIARES"]
[null,"DISCRIMINAÇÃO","UNIDADE","QUANT.",null,null,null,"P.UNIT.","P.TOTAL"]
[{"$nulls":8},0]
[null,"SUB-TOTAL",{"$nulls":6},0]
[null,"MÃO DE OBRA"]
[null,"DISCRIMINAÇÃO","UNIDADE","QUANT.",null,null,null,"P.UNIT.","P.TOTAL"]
[null,"Pedreiro (SINAPI -4750)","h",0.2,null,null,null,{"$f":"IF(J72=\"ORSE\",VLOOKUP(K72,ORSE_INSUM!A:D,4,0),IF(J72=\"SINAPI\",VLOOKUP(K72,SINAPI_INSUM!A:E,5,0),IF(J72=\"SEINFRA\",VLOOKUP(K72,SEINFRA_INSUM!A:F,5,0),IF(J72=\"SINAPI/SERV\",VLOOKUP(K72,SINAPI_COMP!G:K,5,0),\"\"))))/(1+'ENC. SOCIAIS'!$D$46)","v":6.69},{"$f":"H72*D72","v":1.34},"SINAPI",4750]
[null,"Servente (SINAPI - 6111)","h",0.2,null,null,null,{"$f":"IF(J73=\"ORSE\",VLOOKUP(K73,ORSE_INSUM!A:D,4,0),IF(J73=\"SINAPI\",VLOOKUP(K73,SINAPI_INSUM!A:E,5,0),IF(J73=\"SEINFRA\",VLOOKUP(K73,SEINFRA_INSUM!A:F,5,0),IF(J73=\"SINAPI/SERV\",VLOOKUP(K73,SINAPI_COMP!G:K,5,0),\"\"))))/(1+'ENC. SOCIAIS'!$D$46)","v":5.03},{"$f":"H73*D73","v":1.01},"SINAPI",6111]
[null,"SUB-TOTAL",{"$nulls":6},{"$f":"SUM(I72:I73)","v":2.35}]
[{"$nulls":6},"Encargos Sociais",{"$f":"'ENC. SOCIAIS'!$D$46","v":1.1718},{"$f":"H75*I74","v":2.75}]
[]
[null,"PRODUÇÃO DA EQUIPE",1,"CUSTO ",{"$nulls":4},{"$f":"I75+I74+I65","v":19.37}]
[null,"CUSTO UNITÁRIO DO SERVIÇO",{"$nulls":6},{"$f":"I77","v":19.37}]
[null,"BDI       ",{"$f":"'BDI - SERVIÇOS'!C30","v":0.22500000000000001},{"$nulls":5},{"$f":"I78*C79","v":4.3600000000000003}]
[null,"TOTAL DO SERVIÇO - R$",{"$nulls":6},{"$f":"ROUND(I79+I78,2)","v":23.73}]
[]
[null,"CODEVASF",7," COMPOSIÇÃO DE PREÇO UNITÁRIO",{"$nulls":4},{"$f":"I107","v":33.770000000000003}]
[null," ESTIMATIVA ANUAL DE CUSTOS DE SERVIÇOS DE ADMINISTRAÇÃO E MANUTENÇÃO PARA O PROJETO IRRIGADO PONTAL SUL",{"$nulls":5},{"$f":"H56","v":"Data: JUNHO/2018"}]
[null,"SERVIÇO : Recuperação de trincas",{"$nulls":5},"UNIDADE: ","m²"]
[null,"EQUIPAMENTO"]
[null,"DISCRIMINAÇÃO","UNIDADE","QUANT.","PROD","IMPROD","P.UNIT. PROD","P.UNIT. IMPR","P.TOTAL"]
[]
[null,"SUB-TOTAL",{"$nulls":6},0]
[null,"MATERIAL"]
[null,"DISCRIMINAÇÃO","UNIDADE","QUANT.",null,null,null,"P.UNIT.","P.TOTAL"]
[null,"Cimento Portland CP 32  (SINAPI - 00001379)","Kg",25,null,null,null,{"$f":"IF(J91=\"ORSE\",VLOOKUP(K91,ORSE_INSUM!A:D,4,0),IF(J91=\"SINAPI\",VLOOKUP(K91,SINAPI_INSUM!A:E,5,0),IF(J91=\"SEINFRA\",VLOOKUP(K91,SEINFRA_INSUM!A:F,5,0),IF(J91=\"SINAPI/SERV\",VLOOKUP(K91,SINAPI_COMP!G:K,5,0),\"\"))))","v":"0,44"},{"$f":"ROUND(H91*D91,2)","v":11},"SINAPI",1379]
[null,"Areia grossa  (ORSE- 201)","m³",0.05,null,null,null,{"$f":"IF($J92=\"ORSE\",VLOOKUP($K92,ORSE_INSUM!$A:$D,4,0),IF($J92=\"SINAPI\",VLOOKUP($K92,SINAPI_INSUM!$A:$E,5,0),IF($J92=\"SEINFRA\",VLOOKUP($K92,SEINFRA_INSUM!$A:$F,5,0),IF($J92=\"SINAPI/SERV\",VLOOKUP($K92,SINAPI_COMP!$G:$K,5,0),\"\"))))","v":80.709999999999994},{"$f":"ROUND(H92*D92,2)","v":4.04},"ORSE",201]
[null,"ADITIVO IMPERMEABILIZANTE DE PEGA NORMAL PARA ARGAMASSAS E CONCRETOS SEM ARMACAO (SINAPI - 123)","l",1,null,null,null,{"$f":"IF(J93=\"ORSE\",VLOOKUP(K93,ORSE_INSUM!A:D,4,0),IF(J93=\"SINAPI\",VLOOKUP(K93,SINAPI_INSUM!A:E,5,0),IF(J93=\"SEINFRA\",VLOOKUP(K93,SEINFRA_INSUM!A:F,5,0),IF(J93=\"SINAPI/SERV\",VLOOKUP(K93,SINAPI_COMP!G:K,5,0),\"\"))))","v":"5,98"},{"$f":"ROUND(H93*D93,2)","v":5.98},"SINAPI",123,"Consumo - Sika 1"]
[null,"SUB-TOTAL",{"$nulls":6},{"$f":"SUM(I91:I93)","v":21.02},null,null,2,"l/50kg"]
[null,"SERVIÇOS - COMPOSIÇÕES AUXILIARES",{"$nulls":9},1,"l/25kg"]
[null,"DISCRIMINAÇÃO","UNIDADE","QUANT.",null,null,null,"P.UNIT.","P.TOTAL"]
[]
[null,"SUB-TOTAL",{"$nulls":6},0]
[null,"MÃO DE OBRA"]
[null,"DISCRIMINAÇÃO","UNIDADE","QUANT.",null,null,null,"P.UNIT.","P.TOTAL"]
[null,"Ajudante de Pedreiro - 00006127","h",0.5,null,null,null,{"$f":"IF(J101=\"ORSE\",VLOOKUP(K101,ORSE_INSUM!A:D,4,0),IF(J101=\"SINAPI\",VLOOKUP(K101,SINAPI_INSUM!A:E,5,0),IF(J101=\"SEINFRA\",VLOOKUP(K101,SEINFRA_INSUM!A:F,5,0),IF(J101=\"SINAPI/SERV\",VLOOKUP(K101,SINAPI_COMP!G:K,5,0),\"\"))))/(1+'ENC. SOCIAIS'!$D$46)","v":5.04},{"$f":"ROUND(H101*D101,2)","v":2.52},"SINAPI",6127]
[null,"Pedreiro - 00004750","h",0.5,null,null,null,{"$f":"IF(J102=\"ORSE\",VLOOKUP(K102,ORSE_INSUM!A:D,4,0),IF(J102=\"SINAPI\",VLOOKUP(K102,SINAPI_INSUM!A:E,5,0),IF(J102=\"SEINFRA\",VLOOKUP(K102,SEINFRA_INSUM!A:F,5,0),IF(J102=\"SINAPI/SERV\",VLOOKUP(K102,SINAPI_COMP!G:K,5,0),\"\"))))/(1+'ENC. SOCIAIS'!$D$46)","v":6.69},{"$f":"ROUND(H102*D102,2)","v":3.35},"SINAPI",4750]
[null,"SUB-TOTAL",{"$nulls":6},{"$f":"SUM(I101:I102)","v":5.87}]
[{"$nulls":6},"Encargos Sociais",{"$f":"'ENC. SOCIAIS'!$D$46","v":1.1718},{"$f":"H104*I103","v":6.88}]
[]
[null,"PRODUÇÃO DA EQUIPE",1,"CUSTO ",{"$nulls":4},{"$f":"I104+I103+I98+I94","v":33.770000000000003}]
[null,"CUSTO UNITÁRIO DO SERVIÇO",{"$nulls":6},{"$f":"I106","v":33.770000000000003}]
[null,"BDI       ",{"$f":"'BDI - SERVIÇOS'!C30","v":0.22500000000000001},{"$nulls":5},{"$f":"I107*C108","v":7.6}]
[null,"TOTAL DO SERVIÇO - R$",{"$nulls":6},{"$f":"ROUND(I108+I107,2)","v":41.37}]
[]
[null,"CODEVASF",8," COMPOSIÇÃO DE PREÇO UNITÁRIO",{"$nulls":4},{"$f":"I134","v":91.1}]
[null," ESTIMATIVA ANUAL DE CUSTOS DE SERVIÇOS DE ADMINISTRAÇÃO E MANUTENÇÃO PARA O PROJETO IRRIGADO PONTAL SUL",{"$nulls":5},{"$f":"H83","v":"Data: JUNHO/2018"}]
[null,"SERVIÇO : Aterro compactado p/ regularização dos taludes dos canais com solo cimento (6%)",{"$nulls":5},"UNIDADE: ","m³"]
[null,"EQUIPAMENTO"]
[null,"DISCRIMINAÇÃO","UNIDADE","QUANT.","PROD","IMPROD","P.UNIT. PROD","P.UNIT. IMPR","P.TOTAL"]
[null,"COMPACTADOR DE SOLOS DE PERCUSSÃO (SOQUETE) COM MOTOR A GASOLINA 4 TEMPOS, POTÊNCIA 4 CV - CHP DIURNO. AF_08/2015 (SINAPI 91533 - COMP AUX.)","H",1,0.4,null,{"$f":"IF($J116=\"ORSE\",VLOOKUP($K116,ORSE_INSUM!$A:$D,4,0),IF($J116=\"SINAPI\",VLOOKUP($K116,SINAPI_INSUM!$A:$E,5,0),IF($J116=\"SEINFRA\",VLOOKUP($K116,SEINFRA_INSUM!$A:$F,5,0),IF($J116=\"SINAPI/SERV\",VLOOKUP($K116,SINAPI_COMP!$G:$K,5,0),\"\"))))","v":"37,56"},null,{"$f":"ROUND(G116*E116*D116,2)","v":15.02},"SINAPI/SERV","91533"]
[null,"SUB-TOTAL",{"$nulls":6},{"$f":"I116","v":15.02}]
[null,"MATERIAL"]
[null,"DISCRIMINAÇÃO","UNIDADE","QUANT.",null,null,null,"P.UNIT.","P.TOTAL"]
[null,"Cimento Portland CP 32 - SINAPI 1379","Kg",68.569999999999993,null,null,null,{"$f":"IF($J120=\"ORSE\",VLOOKUP($K120,ORSE_INSUM!$A:$D,4,0),IF($J120=\"SINAPI\",VLOOKUP($K120,SINAPI_INSUM!$A:$E,5,0),IF($J120=\"SEINFRA\",VLOOKUP($K120,SEINFRA_INSUM!$A:$F,5,0),IF($J120=\"SINAPI/SERV\",VLOOKUP($K120,SINAPI_COMP!$G:$K,5,0),\"\"))))","v":"0,44"},{"$f":"ROUND(H120*D120,2)","v":30.17},"SINAPI",1379]
[null,"ARGILA OU BARRO PARA ATERRO/REATERRO (COM TRANSPORTE ATE 10 KM)  (SINAPI 6081 - COMP AUX.)","m³",1,null,null,null,{"$f":"IF($J121=\"ORSE\",VLOOKUP($K121,ORSE_INSUM!$A:$D,4,0),IF($J121=\"SINAPI\",VLOOKUP($K121,SINAPI_INSUM!$A:$E,5,0),IF($J121=\"SEINFRA\",VLOOKUP($K121,SEINFRA_INSUM!$A:$F,5,0),IF($J121=\"SINAPI/SERV\",VLOOKUP($K121,SINAPI_COMP!$G:$K,5,0),\"\"))))","v":"37,18"},{"$f":"ROUND(H121*D121,2)","v":37.18},"SINAPI",6081]
[null,"SUB-TOTAL",{"$nulls":6},{"$f":"SUM(I120:I121)","v":67.349999999999994}]
[null,"SERVIÇOS - COMPOSIÇÕES AUXILIARES"]
[null,"DISCRIMINAÇÃO","UNIDADE","QUANT.",null,null,null,"P.UNIT.","P.TOTAL"]
[]
[null,"SUB-TOTAL",{"$nulls":6},0]
[null,"MÃO DE OBRA"]
[null,"DISCRIMINAÇÃO","UNIDADE","QUANT.",null,null,null,"P.UNIT.","P.TOTAL"]
[null,"Servente (SINAPI - 6111)","h",0.8,null,null,null,{"$f":"IF(J129=\"ORSE\",VLOOKUP(K129,ORSE_INSUM!A:D,4,0),IF(J129=\"SINAPI\",VLOOKUP(K129,SINAPI_INSUM!A:E,5,0),IF(J129=\"SEINFRA\",VLOOKUP(K129,SEINFRA_INSUM!A:F,5,0),IF(J129=\"SINAPI/SERV\",VLOOKUP(K129,SINAPI_COMP!G:K,5,0),\"\"))))/(1+'ENC. SOCIAIS'!$D$46)","v":5.03},{"$f":"ROUND(H129*D129,2)","v":4.0199999999999996},"SINAPI",6111]
[null,"SUB-TOTAL",{"$nulls":6},{"$f":"SUM(I129)","v":4.0199999999999996}]
[{"$nulls":6},"Encargos Sociais",{"$f":"'ENC. SOCIAIS'!$D$46","v":1.1718},{"$f":"H131*I130","v":4.71}]
[]
[null,"PRODUÇÃO DA EQUIPE",1,"CUSTO ",{"$nulls":4},{"$f":"I131+I130+I122+I117","v":91.1}]
[null,"CUSTO UNITÁRIO DO SERVIÇO",{"$nulls":6},{"$f":"I133","v":91.1}]
[null,"BDI       ",{"$f":"'BDI - SERVIÇOS'!C30","v":0.22500000000000001},{"$nulls":5},{"$f":"ROUND(I134*C135,2)","v":20.5}]
[null,"TOTAL DO SERVIÇO - R$",{"$nulls":6},{"$f":"ROUND(I135+I134,2)","v":111.6}]
[null,"(*) Empolamento já incluso no custo unit. do material"]
[null,"CODEVASF",9," COMPOSIÇÃO DE PREÇO UNITÁRIO",{"$nulls":4},{"$f":"I162","v":1191.07}]
[null,"OBRA: LIMPEZA DOS CANAIS DO PONTAL",{"$nulls":5},"Data: JANEIRO/2018"]
[null,"SERVIÇO :Limpeza dos canais de irrigação com escavadeira hidráulica sobre esteira, de longo alcance, com concha lisa com lâmina",{"$nulls":5},"UNIDADE: ","km"]
[null,"EQUIPAMENTO"]
[null,"DISCRIMINAÇÃO","UNIDADE","QUANT.","PROD","IMPROD","P.UNIT. PROD","P.UNIT. IMPR","P.TOTAL"]
[null,"ESCAVADEIRA HIDRÁULICA SOBRE ESTEIRAS, CAÇAMBA 1,20 M3, PESO OPERACIONAL 21 T, POTÊNCIA BRUTA 155 HP - CHP DIURNO. AF_06/2014 (SINAPI 88907 - COMP.. AUX.)","h",1,6.7186000000000003,null,{"$f":"IF($J143=\"ORSE\",VLOOKUP($K143,ORSE_INSUM!$A:$D,4,0),IF($J143=\"SINAPI\",VLOOKUP($K143,SINAPI_INSUM!$A:$E,5,0),IF($J143=\"SEINFRA\",VLOOKUP($K143,SEINFRA_INSUM!$A:$F,5,0),IF($J143=\"SINAPI/SERV\",VLOOKUP($K143,SINAPI_COMP!$G:$K,5,0),\"\"))))","v":"177,28"},null,{"$f":"D143*E143*G143+D143*F143*H143","v":1191.07},"SINAPI/SERV","88907"]
[null,"SUB-TOTAL",{"$nulls":6},{"$f":"SUM(I143:I143)","v":1191.07}]
[null,"MATERIAL"]
[null,"DISCRIMINAÇÃO","UNIDADE","QUANT.",null,null,null,"P.UNIT.","P.TOTAL"]
[{"$nulls":7},{"$f":"[2]P.U.Insumos!E239","v":0},{"$f":"D147*H147","v":0}]
[{"$nulls":7},{"$f":"[2]P.U.Insumos!E240","v":0},{"$f":"D148*H148","v":0}]
[{"$nulls":7},{"$f":"[2]P.U.Insumos!E238","v":0},{"$f":"D149*H149","v":0}]
[null,"SUB-TOTAL",{"$nulls":6},{"$f":"SUM(I147:I149)","v":0}]
[null,"SERVIÇOS - COMPOSIÇÕES AUXILIARES"]
[null,"DISCRIMINAÇÃO","UNIDADE","QUANT.",null,null,null,"P.UNIT.","P.TOTAL"]
[{"$nulls":8},{"$f":"D153*H153","v":0}]
[null,"SUB-TOTAL",{"$nulls":6},{"$f":"SUM(I153:I153)","v":0}]
[null,"MÃO DE OBRA"]
[null,"DISCRIMINAÇÃO","UNIDADE","QUANT.",null,null,null,"P.UNIT.","P.TOTAL"]
[{"$nulls":8},{"$f":"D157*H157","v":0}]
[null,"SUB-TOTAL",{"$nulls":6},{"$f":"SUM(I157:I157)","v":0}]
[{"$nulls":6},"Encargos Sociais",{"$f":"'ENC. SOCIAIS'!$D$46","v":1.1718},{"$f":"H159*I158","v":0}]
[]
[null,"PRODUÇÃO DA EQUIPE",1,"CUSTO ",{"$nulls":4},{"$f":"I158+I159+I154+I150+I144","v":1191.07}]
[null,"CUSTO UNITÁRIO DO SERVIÇO",{"$nulls":6},{"$f":"I161/C161","v":1191.07}]
[null,"BDI                %",{"$f":"'BDI - SERVIÇOS'!C30","v":0.22500000000000001},{"$nulls":5},{"$f":"ROUND(I162*C163,2)","v":267.99}]
[null,"TOTAL DO SERVIÇO - R$",{"$nulls":6},{"$f":"I162+I163","v":1459.06}]
[null,"CODEVASF",10," COMPOSIÇÃO DE PREÇO UNITÁRIO",{"$nulls":4},{"$f":"I194","v":5823.2}]
[null," ESTIMATIVA ANUAL DE CUSTOS DE SERVIÇOS DE ADMINISTRAÇÃO E MANUTENÇÃO PARA O PROJETO IRRIGADO PONTAL SUL",{"$nulls":5},"Data: JANEIRO/2018"]
[null,"SERVIÇO : Limpeza manual das placas dos canais com hidrojato, com retirada de solo e vegetação, inclusive das juntas, com ferramentas",{"$nulls":5},"UNIDADE: ","km"]
[null,"EQUIPAMENTO"]
[null,"DISCRIMINAÇÃO","UNIDADE","QUANT.","PROD","IMPROD","P.UNIT. PROD","P.UNIT. IMPR","P.TOTAL"]
[null,"LAVADORA DE ALTA PRESSAO (LAVA-JATO) PARA AGUA FRIA, PRESSAO DE OPERACAO ENTRE 1400 E 1900 LIB/POL2, VAZAO MAXIMA ENTRE  400 E 700 L/H (SINAPI 746)","ud",0.19309999999999999,1,null,{"$f":"IF($J170=\"ORSE\",VLOOKUP($K170,ORSE_INSUM!$A:$D,4,0),IF($J170=\"SINAPI\",VLOOKUP($K170,SINAPI_INSUM!$A:$E,5,0),IF($J170=\"SEINFRA\",VLOOKUP($K170,SEINFRA_INSUM!$A:$F,5,0),IF($J170=\"SINAPI/SERV\",VLOOKUP($K170,SINAPI_COMP!$G:$K,5,0),\"\"))))","v":"2.069,00"},null,{"$f":"D170*E170*G170","v":399.52},"SINAPI",746]
[null,"GERADOR PORTATIL MONOFASICO, POTENCIA 5500 VA, MOTOR A GASOLINA, POTENCIA DO MOTOR 13 CV     (SINAPI 36498)                                                                                                                                                                                                                                                                                                                                                                                                             ","ud",0.19309999999999999,1,null,{"$f":"IF($J171=\"ORSE\",VLOOKUP($K171,ORSE_INSUM!$A:$D,4,0),IF($J171=\"SINAPI\",VLOOKUP($K171,SINAPI_INSUM!$A:$E,5,0),IF($J171=\"SEINFRA\",VLOOKUP($K171,SEINFRA_INSUM!$A:$F,5,0),IF($J171=\"SINAPI/SERV\",VLOOKUP($K171,SINAPI_COMP!$G:$K,5,0),\"\"))))","v":"3.594,35"},null,{"$f":"D171*E171*G171","v":694.07},"SINAPI",36498]
[null,"SUB-TOTAL",{"$nulls":6},{"$f":"SUM(I170:I171)","v":1093.5899999999999}]
[null,"MATERIAL"]
[null,"DISCRIMINAÇÃO","UNIDADE","QUANT.",null,null,null,"P.UNIT.","P.TOTAL"]
[null,"FARDAMENTO (ORSE 941)","und",0.77239999999999998,null,null,null,{"$f":"IF($J175=\"ORSE\",VLOOKUP($K175,ORSE_INSUM!$A:$D,4,0),IF($J175=\"SINAPI\",VLOOKUP($K175,SINAPI_INSUM!$A:$E,5,0),IF($J175=\"SEINFRA\",VLOOKUP($K175,SEINFRA_INSUM!$A:$F,5,0),IF($J175=\"SINAPI/SERV\",VLOOKUP($K175,SINAPI_COMP!$G:$K,5,0),\"\"))))","v":68.45},{"$f":"D175*H175","v":52.87},"ORSE",941]
[null,"BOTA BORRACHA (SETE LÉGUAS OU SIMILAR) (ORSE 293)","par",0.77239999999999998,null,null,null,{"$f":"IF($J176=\"ORSE\",VLOOKUP($K176,ORSE_INSUM!$A:$D,4,0),IF($J176=\"SINAPI\",VLOOKUP($K176,SINAPI_INSUM!$A:$E,5,0),IF($J176=\"SEINFRA\",VLOOKUP($K176,SEINFRA_INSUM!$A:$F,5,0),IF($J176=\"SINAPI/SERV\",VLOOKUP($K176,SINAPI_COMP!$G:$K,5,0),\"\"))))","v":52.35},40.44,"ORSE",293]
[null,"Chibanca com cabo (COTAÇÃO)","und",0.38619999999999999,null,null,null,{"$f":"IF($J177=\"ORSE\",VLOOKUP($K177,ORSE_INSUM!$A:$D,4,0),IF($J177=\"SINAPI\",VLOOKUP($K177,SINAPI_INSUM!$A:$E,5,0),IF($J177=\"SEINFRA\",VLOOKUP($K177,SEINFRA_INSUM!$A:$F,5,0),IF($J177=\"SINAPI/SERV\",VLOOKUP($K177,SINAPI_COMP!$G:$K,5,0),IF(J177=\"COTAÇÃO\",VLOOKUP(K177,'COTAÇÃO - MAT_CONSUMO'!B:K,10,0),\"\")))))","v":54.9},21.2,"COTAÇÃO",52]
[null,"ENXADA ESTREITA *25 X 23* CM COM CABO (SINAPI 38403)","und",0.38619999999999999,null,null,null,{"$f":"IF($J178=\"ORSE\",VLOOKUP($K178,ORSE_INSUM!$A:$D,4,0),IF($J178=\"SINAPI\",VLOOKUP($K178,SINAPI_INSUM!$A:$E,5,0),IF($J178=\"SEINFRA\",VLOOKUP($K178,SEINFRA_INSUM!$A:$F,5,0),IF($J178=\"SINAPI/SERV\",VLOOKUP($K178,SINAPI_COMP!$G:$K,5,0),IF(J178=\"COTAÇÃO\",VLOOKUP(K178,'COTAÇÃO - MAT_CONSUMO'!B:K,10,0),\"\")))))","v":25.36},9.7899999999999991,"SEINFRA",122]
[null,"Pá de bico com cabo (SEINFRA  I8933)","und",0.38619999999999999,null,null,null,{"$f":"IF($J179=\"ORSE\",VLOOKUP($K179,ORSE_INSUM!$A:$D,4,0),IF($J179=\"SINAPI\",VLOOKUP($K179,SINAPI_INSUM!$A:$E,5,0),IF($J179=\"SEINFRA\",VLOOKUP($K179,SEINFRA_INSUM!$A:$F,5,0),IF($J179=\"SINAPI/SERV\",VLOOKUP($K179,SINAPI_COMP!$G:$K,5,0),IF(J179=\"COTAÇÃO\",VLOOKUP(K179,'COTAÇÃO - MAT_CONSUMO'!B:K,10,0),\"\")))))","v":"109,90"},42.44,"SINAPI",2711]
[null,"CARRINHO DE MAO DE ACO CAPACIDADE 50 A 60 L, PNEU COM CAMARA (SINAPI 2711)","und",0.38619999999999999,null,null,null,{"$f":"SINAPI_INSUM!E1143","v":"109,90"},42.44]
[null,"SUB-TOTAL",{"$nulls":6},{"$f":"SUM(I175:I180)","v":209.18}]
[null,"SERVIÇOS - COMPOSIÇÕES AUXILIARES"]
[null,"DISCRIMINAÇÃO","UNIDADE","QUANT.",null,null,null,"P.UNIT.","P.TOTAL"]
[]
[null,"SUB-TOTAL",{"$nulls":6},{"$f":"SUM(I184:I184)","v":0}]
[null,"MÃO DE OBRA"]
[null,"DISCRIMINAÇÃO","UNIDADE","QUANT.",null,null,null,"P.UNIT.","P.TOTAL"]
[null,"Encarregado Geral (SINAPI 4083)","h",67.953699999999998,null,null,null,{"$f":"IF(J188=\"ORSE\",VLOOKUP(K188,ORSE_INSUM!A:D,4,0),IF(J188=\"SINAPI\",VLOOKUP(K188,SINAPI_INSUM!A:E,5,0),IF(J188=\"SEINFRA\",VLOOKUP(K188,SEINFRA_INSUM!A:F,5,0),IF(J188=\"SINAPI/SERV\",VLOOKUP(K188,SINAPI_COMP!G:K,5,0),\"\"))))/(1+'ENC. SOCIAIS'!$D$46)","v":15.54},{"$f":"D188*H188","v":1056},"SINAPI",4083]
[null,"Servente (SINAPI 6111)","h",203.86109999999999,null,null,null,{"$f":"IF(J189=\"ORSE\",VLOOKUP(K189,ORSE_INSUM!A:D,4,0),IF(J189=\"SINAPI\",VLOOKUP(K189,SINAPI_INSUM!A:E,5,0),IF(J189=\"SEINFRA\",VLOOKUP(K189,SEINFRA_INSUM!A:F,5,0),IF(J189=\"SINAPI/SERV\",VLOOKUP(K189,SINAPI_COMP!G:K,5,0),\"\"))))/(1+'ENC. SOCIAIS'!$D$46)","v":5.03},{"$f":"D189*H189","v":1025.42},"SINAPI",6111]
[null,"SUB-TOTAL",{"$nulls":6},{"$f":"SUM(I188:I189)","v":2081.42}]
[null,"Encargos Sociais",{"$f":"'ENC. SOCIAIS'!D46","v":1.1718},{"$nulls":4},{"$f":"C191","v":1.1718},{"$f":"H191*I190","v":2439.0100000000002}]
[]
[null,"PRODUÇÃO DA EQUIPE",1,"CUSTO ",{"$nulls":4},{"$f":"I172+I185+I181+I190+I191","v":5823.2}]
[null,"CUSTO UNITÁRIO DO SERVIÇO",{"$nulls":6},{"$f":"I193/C193","v":5823.2}]
[null,"BDI                %",{"$f":"'BDI - SERVIÇOS'!C30","v":0.22500000000000001},{"$nulls":5},{"$f":"ROUND(I194*C195,2)","v":1310.22}]
[null,"TOTAL DO SERVIÇO - R$",{"$nulls":6},{"$f":"I194+I195","v":7133.42}]

{"sheet":"2.3.2.6.Manut-Estradas","index":21,"n_rows":28,"n_cols":12,"rows_kept":28,"cut":false,"hidden":false,"merged":[[0,0,0,5],[2,0,2,5],[4,0,4,5],[6,5,7,5],[6,1,7,1],[6,2,7,2],[6,0,7,0],[6,3,7,3],[6,4,7,4],[27,0,27,6],[6,6,6,7],[11,0,11,7],[17,0,17,7],[22,0,22,7],[25,0,25,6],[26,0,26,5]]}
["2.3. MANUTENÇÃO DAS INFRAESTRUTURAS"]
[]
["2.3.2. MANUTENÇÃO (SERVIÇOS SAZONAIS)"]
[]
["2.3.2.6  PLANILHA DE ESTIMATIVA DE CUSTO ANUAL DE MANUTENÇÃO DAS ESTRADAS DE ACESSO AS ESTRUTURAS HIDRÁULICAS"]
[]
["ITEM","Ref.","Cód. CPU","DESCRIÇÃO","QUANT.","UNID.","VALOR"]
[{"$nulls":6},"UNIT. (R$)","TOTAL (R$)"]
[]
["2.3.2.6.1","SINAPI","73822/2",{"$f":"SINAPI_COMP!H35276","v":"LIMPEZA MECANIZADA DE TERRENO COM REMOCAO DE CAMADA VEGETAL, UTILIZANDO MOTONIVELADORA"},{"$f":"ROUND('MEMO - ESTRADAS'!C19,0)","v":23460},"m²",{"$f":"IF(B10=\"SINAPI\",VLOOKUP(C10,SINAPI_COMP!G:K,5,0),IF(B10=\"SEINFRA\",VLOOKUP(C10,SEINFRA_COMP!A:G,7,0),\"\"))","v":"0,54"},{"$f":"G10*E10","v":12668.4}]
[]
["TERRAPLENAGEM"]
["2.3.2.6.2","SINAPI","89925",{"$f":"SINAPI_COMP!H27832","v":"ESCAVAÇÃO VERTICAL A CÉU ABERTO, INCLUINDO CARGA, DESCARGA E TRANSPORTE, EM SOLO DE 1ª CATEGORIA COM ESCAVADEIRA HIDRÁULICA (CAÇAMBA: 1,2 M³ / 155 HP), FROTA DE 3 CAMINHÕES BASCULANTES DE 14 M³, DMT DE 1 KM E VELOCIDADE MÉDIA 15 KM/H. AF_12/2013"},{"$f":"ROUND('MEMO - ESTRADAS'!D20,0)","v":3000},"M³",{"$f":"IF(B13=\"SINAPI\",VLOOKUP(C13,SINAPI_COMP!G:K,5,0),IF(B13=\"SEINFRA\",VLOOKUP(C13,SEINFRA_COMP!A:G,7,0),\"\"))","v":"7,32"},{"$f":"G13*E13","v":21960},null,{"$f":"'Planilha Resumida'!F94","v":4950000}]
["2.3.2.6.3","SEINFRA","2.3.7","COMPLEMENTAÇÃO DE TRANSPORTE EM CAMINHÃO BASCULANTE",{"$f":"ROUND(('MEMO - ESTRADAS'!D20*'MEMO - ESTRADAS'!D22),0)","v":15000},"M³XKm",{"$f":"IF(B14=\"SINAPI\",VLOOKUP(C14,SINAPI_COMP!G:K,5,0),IF(B14=\"SEINFRA\",VLOOKUP(C14,SEINFRA_COMP!A:G,7,0),\"\"))","v":0.83},{"$f":"G14*E14","v":12450}]
["2.3.2.6.4","SINAPI","74005/2",{"$f":"IF($B15=\"ORSE\",VLOOKUP($C15,ORSE_COMP!A:D,2,0),IF($B15=\"SINAPI\",VLOOKUP($C15,SINAPI_COMP!G:K,2,0),IF($B15=\"SEINFRA\",VLOOKUP($C15,SEINFRA_COMP!A:G,3,0),\"\")))","v":"COMPACTACAO MECANICA C/ CONTROLE DO GC>=95% DO PN (AREAS) (C/MONIVELADORA 140 HP E ROLO COMPRESSOR VIBRATORIO 80 HP)"},{"$f":"'MEMO - ESTRADAS'!D20","v":3000},"M³",{"$f":"IF(B15=\"SINAPI\",VLOOKUP(C15,SINAPI_COMP!G:K,5,0),IF(B15=\"SEINFRA\",VLOOKUP(C15,SEINFRA_COMP!A:G,7,0),\"\"))","v":"5,68"},{"$f":"G15*E15","v":17040},null,"74005/2"]
["2.3.2.6.5","SINAPI","41879",{"$f":"SINAPI_COMP!H30311","v":"CONFORMACAO GEOMETRICA DE PLATAFORMA PARA EXECUCAO DE REVESTIMENTO PRIMARIO EM RODOVIAS VICINAIS"},83028.960000000006,"M²",{"$f":"IF(B16=\"SINAPI\",VLOOKUP(C16,SINAPI_COMP!G:K,5,0),IF(B16=\"SEINFRA\",VLOOKUP(C16,SEINFRA_COMP!A:G,7,0),\"\"))","v":"0,13"},{"$f":"G16*E16","v":10793.76},null,72961,41879,{"$f":"E16/6","v":13838.16}]
[{"$nulls":9},{"$f":"'Planilha Resumida'!F94","v":4950000}]
["REVESTIMENTO"]
["2.3.2.6.6",{"$f":"B13","v":"SINAPI"},"89925","ESCAVAÇÃO VERTICAL A CÉU ABERTO, INCLUINDO CARGA, DESCARGA E TRANSPORTE, EM SOLO DE 1ª CATEGORIA COM ESCAVADEIRA HIDRÁULICA (CAÇAMBA: 1,2 M³ / 155 HP), FROTA DE 3 CAMINHÕES BASCULANTES DE 14 M³, DMT DE 1 KM E VELOCIDADE MÉDIA 15 KM/H. AF_12/2013",{"$f":"ROUND('MEMO - ESTRADAS'!D21*1.17,0)","v":17632},"M³",{"$f":"IF(B19=\"SINAPI\",VLOOKUP(C19,SINAPI_COMP!G:K,5,0),IF(B19=\"SEINFRA\",VLOOKUP(C19,SEINFRA_COMP!A:G,7,0),\"\"))","v":"7,32"},{"$f":"ROUND(G19*E19,2)","v":129066.24000000001},null,4950000]
["2.3.2.6.7",{"$f":"B14","v":"SEINFRA"},{"$f":"C14","v":"2.3.7"},{"$f":"D14","v":"COMPLEMENTAÇÃO DE TRANSPORTE EM CAMINHÃO BASCULANTE"},{"$f":"ROUND('MEMO - ESTRADAS'!D21*'MEMO - ESTRADAS'!D22*1.17,0)","v":88160},"M³XKm",{"$f":"IF(B20=\"SINAPI\",VLOOKUP(C20,SINAPI_COMP!G:K,5,0),IF(B20=\"SEINFRA\",VLOOKUP(C20,SEINFRA_COMP!A:G,7,0),\"\"))","v":0.83},{"$f":"G20*E20","v":73172.800000000003}]
["2.3.2.6.8","SINAPI","83771",{"$f":"SINAPI_COMP!H30299","v":"RECOMPOSICAO DE REVESTIMENTO PRIMARIO MEDIDO P/ VOLUME COMPACTADO"},{"$f":"ROUND('MEMO - ESTRADAS'!D21,0)","v":15070},"M³",{"$f":"IF(B21=\"SINAPI\",VLOOKUP(C21,SINAPI_COMP!G:K,5,0),IF(B21=\"SEINFRA\",VLOOKUP(C21,SEINFRA_COMP!A:G,7,0),\"\"))","v":"7,91"},{"$f":"G21*E21","v":119203.7},null,{"$f":"J17-J19","v":0},null,{"$f":"E21/0.2","v":75350}]
[{"$nulls":9},10602.54,null,{"$f":"L21/6","v":12558.333333333299}]
["ENSAIO TÉCNICO DE MATERIAL/SERVIÇO CARTOGRAFIA"]
["2.3.2.6.16","SINAPI",78472,{"$f":"SINAPI_COMP!H35827","v":"SERVICOS TOPOGRAFICOS PARA PAVIMENTACAO, INCLUSIVE NOTA DE SERVICOS, ACOMPANHAMENTO E GREIDE"},{"$f":"ROUND('MEMO - ESTRADAS'!D12,0)","v":82800},"M²",{"$f":"SINAPI_COMP!K35827*(1+'BDI - SERVIÇOS'!C30)","v":0.38},{"$f":"G24*E24","v":31464},null,{"$f":"H16-J21","v":10793.76}]
[]
["SUBTOTAL",{"$nulls":6},{"$f":"ROUND(SUM(H10:H25),2)","v":427818.9}]
["BDI SERVIÇOS",{"$nulls":5},{"$f":"'BDI - SERVIÇOS'!C30","v":0.22500000000000001},{"$f":"ROUND(G27*H26,2)","v":96259.25}]
["TOTAL GERAL",{"$nulls":6},{"$f":"H26+H27","v":524078.15}]

{"sheet":"2.3.2.7.Manut-Civil Prédios","index":22,"n_rows":88,"n_cols":15,"rows_kept":88,"cut":false,"hidden":false,"merged":[[40,5,40,6],[41,2,41,5],[42,5,42,6],[45,5,45,6],[46,2,46,5],[47,2,47,5],[48,5,48,6],[75,2,75,5],[76,5,76,6],[79,5,79,6],[80,2,80,5],[82,5,82,6],[81,2,81,5],[63,10,63,13],[87,0,87,6],[86,0,86,7],[74,5,74,6],[0,0,0,5],[2,0,2,5],[4,0,4,5],[6,5,7,5],[9,0,9,7],[6,0,7,0],[6,3,7,3],[6,4,7,4],[6,6,6,7],[6,1,7,1],[6,2,7,2]]}
["2.3. MANUTENÇÃO DAS INFRAESTRUTURAS"]
[]
["2.3.2. MANUTENÇÃO (SERVIÇOS SAZONAIS)"]
[]
["2.3.2.7 PLANILHA DE ESTIMATIVA DE CUSTO ANUAL DE MANUTENÇÃO E CONSERVAÇÃO DE PRÉDIOS  (ESCRITÓRIO, OFICINAS, ALMOXARIFADO, ABRIGO DO PAINEL DAS COMPORTAS, EBs, CENTRO ADMINISTRATIVO, ONE-WAY E PLACA DE IDENTIFICAÇÃO DE OBRA)"]
[]
["ITEM","Ref.","Cód. CPU","DESCRIÇÃO","QUANT.","UNID.","VALOR"]
[{"$nulls":6},"UNIT. (R$)","TOTAL (R$)"]
[]
["SERVIÇOS (MATERIAIS E MÃO DE OBRA)"]
["2.3.2.7.1","ORSE",2288,{"$f":"IF($B11=\"ORSE\",VLOOKUP($C11,ORSE_COMP!A:D,2,0),IF($B11=\"SINAPI\",VLOOKUP($C11,SINAPI_COMP!G:K,2,0),IF($B11=\"SEINFRA\",VLOOKUP($C11,SEINFRA_COMP!A:G,3,0),\"\")))","v":"PINTURA DE ACABAMENTO COM APLICAÇÃO DE 02 DEMAÕS DE TINTA ACRÍLICA CONVENCION AL"},{"$f":"ROUND(J11/4,0)","v":1250},"M²",{"$f":"IF($B11=\"ORSE\",VLOOKUP($C11,ORSE_COMP!A:D,4,0),IF($B11=\"SINAPI\",VLOOKUP($C11,SINAPI_COMP!G:K,5,0),IF($B11=\"SEINFRA\",VLOOKUP($C11,SEINFRA_COMP!A:G,7,0),\"\")))*(1+'BDI - SERVIÇOS'!$C$30)","v":14.12},{"$f":"G11*E11","v":17650},null,5000]
["2.3.2.7.2","SINAPI","73924/2",{"$f":"IF($B12=\"ORSE\",VLOOKUP($C12,ORSE_COMP!A:D,2,0),IF($B12=\"SINAPI\",VLOOKUP($C12,SINAPI_COMP!G:K,2,0),IF($B12=\"SEINFRA\",VLOOKUP($C12,SEINFRA_COMP!A:G,3,0),\"\")))","v":"PINTURA ESMALTE ACETINADO, DUAS DEMAOS, SOBRE SUPERFICIE METALICA"},{"$f":"ROUND(J12/4,0)","v":125},"M²",{"$f":"IF($B12=\"ORSE\",VLOOKUP($C12,ORSE_COMP!A:D,4,0),IF($B12=\"SINAPI\",VLOOKUP($C12,SINAPI_COMP!G:K,5,0),IF($B12=\"SEINFRA\",VLOOKUP($C12,SEINFRA_COMP!A:G,7,0),\"\")))*(1+'BDI - SERVIÇOS'!$C$30)","v":29.06},{"$f":"G12*E12","v":3632.5},null,500]
["2.3.2.7.3","SINAPI","74245/1",{"$f":"IF($B13=\"ORSE\",VLOOKUP($C13,ORSE_COMP!A:D,2,0),IF($B13=\"SINAPI\",VLOOKUP($C13,SINAPI_COMP!G:K,2,0),IF($B13=\"SEINFRA\",VLOOKUP($C13,SEINFRA_COMP!A:G,3,0),\"\")))","v":"PINTURA ACRILICA EM PISO CIMENTADO DUAS DEMAOS"},60,"M²",{"$f":"IF($B13=\"ORSE\",VLOOKUP($C13,ORSE_COMP!A:D,4,0),IF($B13=\"SINAPI\",VLOOKUP($C13,SINAPI_COMP!G:K,5,0),IF($B13=\"SEINFRA\",VLOOKUP($C13,SEINFRA_COMP!A:G,7,0),\"\")))*(1+'BDI - SERVIÇOS'!$C$30)","v":15.39},923.4,null,240,null,null,null,630425.59999999998]
["2.3.2.7.4","SINAPI","73739/1",{"$f":"IF($B14=\"ORSE\",VLOOKUP($C14,ORSE_COMP!A:D,2,0),IF($B14=\"SINAPI\",VLOOKUP($C14,SINAPI_COMP!G:K,2,0),IF($B14=\"SEINFRA\",VLOOKUP($C14,SEINFRA_COMP!A:G,3,0),\"\")))","v":"PINTURA ESMALTE ACETINADO EM MADEIRA, DUAS DEMAOS"},25,"M²",{"$f":"IF($B14=\"ORSE\",VLOOKUP($C14,ORSE_COMP!A:D,4,0),IF($B14=\"SINAPI\",VLOOKUP($C14,SINAPI_COMP!G:K,5,0),IF($B14=\"SEINFRA\",VLOOKUP($C14,SEINFRA_COMP!A:G,7,0),\"\")))*(1+'BDI - SERVIÇOS'!$C$30)","v":19.29},482.25,null,100,null,null,null,{"$f":"N13*3%","v":18912.768}]
["2.3.2.7.5","ORSE",3310,{"$f":"IF($B15=\"ORSE\",VLOOKUP($C15,ORSE_COMP!A:D,2,0),IF($B15=\"SINAPI\",VLOOKUP($C15,SINAPI_COMP!G:K,2,0),IF($B15=\"SEINFRA\",VLOOKUP($C15,SEINFRA_COMP!A:G,3,0),\"\")))","v":"CHAPISCO EM PAREDE COM ARGAMASSA TRAÇO T1 - 1:3 (CIMENTO / AREIA) - REVISADO  08/2015"},10,"M²",{"$f":"IF($B15=\"ORSE\",VLOOKUP($C15,ORSE_COMP!A:D,4,0),IF($B15=\"SINAPI\",VLOOKUP($C15,SINAPI_COMP!G:K,5,0),IF($B15=\"SEINFRA\",VLOOKUP($C15,SEINFRA_COMP!A:G,7,0),\"\")))*(1+'BDI - SERVIÇOS'!$C$30)","v":5.62},56.2,null,40,null,null,null,{"$f":"N13*0.65%","v":4097.7664000000004}]
["2.3.2.7.6","ORSE",3316,{"$f":"IF($B16=\"ORSE\",VLOOKUP($C16,ORSE_COMP!A:D,2,0),IF($B16=\"SINAPI\",VLOOKUP($C16,SINAPI_COMP!G:K,2,0),IF($B16=\"SEINFRA\",VLOOKUP($C16,SEINFRA_COMP!A:G,3,0),\"\")))","v":"REBOCO OU EMBOÇO EXTERNO, DE PAREDE, COM ARGAMASSA TRAÇO T5 - 1:2:8 (CIMENTO  / CAL / AREIA), ESPESSURA 2,5 CM"},10,"M²",{"$f":"IF($B16=\"ORSE\",VLOOKUP($C16,ORSE_COMP!A:D,4,0),IF($B16=\"SINAPI\",VLOOKUP($C16,SINAPI_COMP!G:K,5,0),IF($B16=\"SEINFRA\",VLOOKUP($C16,SEINFRA_COMP!A:G,7,0),\"\")))*(1+'BDI - SERVIÇOS'!$C$30)","v":31.81},318.10000000000002,null,40]
["2.3.2.7.7","SEINFRA","C1207",{"$f":"SEINFRA_COMP!C4282","v":"EMASSAMENTO DE PAREDES EXTERNAS 2 DEMÃOS C/MASSA ACRÍLICA"},5,"M²",{"$f":"SEINFRA_COMP!G4282*(1+'BDI - SERVIÇOS'!$C$30)","v":15.18},75.900000000000006,null,20]
["2.3.2.7.8","SEINFRA","C1208",{"$f":"SEINFRA_COMP!C4283","v":"EMASSAMENTO DE PAREDES INTERNAS 2 DEMÃOS C/MASSA DE PVA"},5,"M²",{"$f":"SEINFRA_COMP!G4283*(1+'BDI - SERVIÇOS'!$C$30)","v":12.3},61.5,null,20]
["2.3.2.7.9","SEINFRA","C0589",{"$f":"SEINFRA_COMP!C4279","v":"CAIAÇÃO EM TRES DEMÃOS EM PAREDES"},63,"M²",{"$f":"SEINFRA_COMP!G4279*(1+'BDI - SERVIÇOS'!$C$30)","v":5.54},349.02,null,250]
["2.3.2.7.10","SINAPI","97631",{"$f":"IF($B20=\"ORSE\",VLOOKUP($C20,[3]ORSE_COMP!A:D,2,0),IF($B20=\"SINAPI\",VLOOKUP($C20,[3]SINAPI_COMP!G:K,2,0),IF($B20=\"SEINFRA\",VLOOKUP($C20,[3]SEINFRA_COMP!A:G,3,0),\"\")))","v":"DEMOLIÇÃO DE ARGAMASSAS, DE FORMA MANUAL, SEM REAPROVEITAMENTO. AF_12/2017"},75,"M²",{"$f":"IF($B20=\"ORSE\",VLOOKUP($C20,ORSE_COMP!A:D,4,0),IF($B20=\"SINAPI\",VLOOKUP($C20,SINAPI_COMP!G:K,5,0),IF($B20=\"SEINFRA\",VLOOKUP($C20,SEINFRA_COMP!A:G,7,0),\"\")))*(1+'BDI - SERVIÇOS'!$C$30)","v":2.9},{"$f":"G20*E20","v":217.5},null,300]
["2.3.2.7.11","SINAPI","73974/1",{"$f":"IF($B21=\"ORSE\",VLOOKUP($C21,[3]ORSE_COMP!A:D,2,0),IF($B21=\"SINAPI\",VLOOKUP($C21,[3]SINAPI_COMP!G:K,2,0),IF($B21=\"SEINFRA\",VLOOKUP($C21,[3]SEINFRA_COMP!A:G,3,0),\"\")))","v":"PISO CIMENTADO TRACO 1:3 (CIMENTO E AREIA) ACABAMENTO RUSTICO ESPESSURA 2CM, PREPARO MECANICO DA ARGAMASSA"},38,"M²",{"$f":"IF($B21=\"ORSE\",VLOOKUP($C21,ORSE_COMP!A:D,4,0),IF($B21=\"SINAPI\",VLOOKUP($C21,SINAPI_COMP!G:K,5,0),IF($B21=\"SEINFRA\",VLOOKUP($C21,SEINFRA_COMP!A:G,7,0),\"\")))*(1+'BDI - SERVIÇOS'!$C$30)","v":45.04},1711.52,null,150]
["2.3.2.7.12","SINAPI","73922/3",{"$f":"IF($B22=\"ORSE\",VLOOKUP($C22,[3]ORSE_COMP!A:D,2,0),IF($B22=\"SINAPI\",VLOOKUP($C22,[3]SINAPI_COMP!G:K,2,0),IF($B22=\"SEINFRA\",VLOOKUP($C22,[3]SEINFRA_COMP!A:G,3,0),\"\")))","v":"PISO CIMENTADO TRACO 1:3 (CIMENTO E AREIA) ACABAMENTO LISO ESPESSURA 2,0CM, PREPARO MANUAL DA ARGAMASSA"},38,"M²",{"$f":"IF($B22=\"ORSE\",VLOOKUP($C22,ORSE_COMP!A:D,4,0),IF($B22=\"SINAPI\",VLOOKUP($C22,SINAPI_COMP!G:K,5,0),IF($B22=\"SEINFRA\",VLOOKUP($C22,SEINFRA_COMP!A:G,7,0),\"\")))*(1+'BDI - SERVIÇOS'!$C$30)","v":52.34},1988.92,null,150]
["2.3.2.7.13","CODEVASF","7.14","Recuperação de piso cimentado rústico, traço 1:3  C:A, espessura 3,0 cm",38,"M²",{"$f":"'CPU3 - MAN_CIVIL'!H52","v":3.59},{"$f":"G23*E23","v":136.41999999999999},null,150]
["2.3.2.7.14","CODEVASF","7.15","Recuperação ou regularização de piso cimentado liso, desempenado, traço 1:3  C:A, espessura 3,5 cm",38,"M²",{"$f":"'CPU3 - MAN_CIVIL'!H25","v":2.99},113.62,null,150]
["2.3.2.7.15","CODEVASF","7.16","REMOÇÃO DE PISO DE BORRACHA",50,"M²",{"$f":"'CPU3 - MAN_CIVIL'!H77","v":1.43},71.5,null,200]
["2.3.2.7.16","SINAPI","73876/1",{"$f":"IF($B26=\"ORSE\",VLOOKUP($C26,ORSE_COMP!A:D,2,0),IF($B26=\"SINAPI\",VLOOKUP($C26,SINAPI_COMP!G:K,2,0),IF($B26=\"SEINFRA\",VLOOKUP($C26,SEINFRA_COMP!A:G,3,0),\"\")))","v":"PISO DE BORRACHA PASTILHADO, ESPESSURA 7MM, FIXADO COM COLA"},50,"M²",{"$f":"IF($B26=\"ORSE\",VLOOKUP($C26,ORSE_COMP!A:D,4,0),IF($B26=\"SINAPI\",VLOOKUP($C26,SINAPI_COMP!G:K,5,0),IF($B26=\"SEINFRA\",VLOOKUP($C26,SEINFRA_COMP!A:G,7,0),\"\")))*(1+'BDI - SERVIÇOS'!$C$30)","v":155.12},7756,null,200]
["2.3.2.7.17","SINAPI",87620,{"$f":"SINAPI_COMP!H32356","v":"CONTRAPISO EM ARGAMASSA TRAÇO 1:4 (CIMENTO E AREIA), PREPARO MECÂNICO COM BETONEIRA 400 L, APLICADO EM ÁREAS SECAS SOBRE LAJE, ADERIDO, ESPESSURA 2CM. AF_06/2014"},31,"M²",{"$f":"SINAPI_COMP!K32356*(1+'BDI - SERVIÇOS'!$C$30)","v":32.08},994.48,null,125]
["2.3.2.7.18","SINAPI",72136,{"$f":"SINAPI_COMP!H32135","v":"PISO INDUSTRIAL DE ALTA RESISTENCIA, ESPESSURA 8MM, INCLUSO JUNTAS DE DILATACAO PLASTICAS E POLIMENTO MECANIZADO"},31,"M²",{"$f":"SINAPI_COMP!K32135*(1+'BDI - SERVIÇOS'!$C$30)","v":93.03},2883.93,null,125]
["2.3.2.7.19","SINAPI",97625,{"$f":"SINAPI_COMP!H35335","v":"DEMOLIÇÃO DE ALVENARIA PARA QUALQUER TIPO DE BLOCO, DE FORMA MECANIZADA, SEM REAPROVEITAMENTO. AF_12/2017"},5,"M²",{"$f":"SINAPI_COMP!K35335*(1+'BDI - SERVIÇOS'!$C$30)","v":51.93},259.64999999999998,null,20]
["2.3.2.7.20","ORSE",10951,{"$f":"IF($B30=\"ORSE\",VLOOKUP($C30,ORSE_COMP!A:D,2,0),IF($B30=\"SINAPI\",VLOOKUP($C30,SINAPI_COMP!G:K,2,0),IF($B30=\"SEINFRA\",VLOOKUP($C30,SEINFRA_COMP!A:G,3,0),\"\")))","v":"ALVENARIA BLOCO CONCRETO ESTRUTURAL 19X19X39CM, FBK 8 MPA, ESP = 0,19M,  COM  ARGAMASSA TRAÇO T5 - 1:2:8 (CIMENTO/CAL/AREIA), JUNTA 2CM"},5,"M²",{"$f":"IF($B30=\"ORSE\",VLOOKUP($C30,ORSE_COMP!A:D,4,0),IF($B30=\"SINAPI\",VLOOKUP($C30,SINAPI_COMP!G:K,5,0),IF($B30=\"SEINFRA\",VLOOKUP($C30,SEINFRA_COMP!A:G,7,0),\"\")))*(1+'BDI - SERVIÇOS'!$C$30)","v":73.430000000000007},367.15,null,20]
["2.3.2.7.21","SEINFRA","C0073",{"$f":"SEINFRA_COMP!C1096","v":"ALVENARIA DE TIJOLO CERÂMICO FURADO (9x19x19)cm C/ARGAMASSA MISTA DE CAL HIDRATADA ESP.=10cm (1:2:8)"},5,"M²",{"$f":"SEINFRA_COMP!G1096*(1+'BDI - SERVIÇOS'!$C$30)","v":46.04},230.2,null,20]
["2.3.2.7.22","ORSE",18,{"$f":"IF($B32=\"ORSE\",VLOOKUP($C32,ORSE_COMP!A:D,2,0),IF($B32=\"SINAPI\",VLOOKUP($C32,SINAPI_COMP!G:K,2,0),IF($B32=\"SEINFRA\",VLOOKUP($C32,SEINFRA_COMP!A:G,3,0),\"\")))","v":"DEMOLIÇÃO DE PISO CERÂMICO OU LADRILHO"},25,"M²",{"$f":"IF($B32=\"ORSE\",VLOOKUP($C32,ORSE_COMP!A:D,4,0),IF($B32=\"SINAPI\",VLOOKUP($C32,SINAPI_COMP!G:K,5,0),IF($B32=\"SEINFRA\",VLOOKUP($C32,SEINFRA_COMP!A:G,7,0),\"\")))*(1+'BDI - SERVIÇOS'!$C$30)","v":11.43},285.75,null,100]
["2.3.2.7.23","ORSE",22,{"$f":"IF($B33=\"ORSE\",VLOOKUP($C33,ORSE_COMP!A:D,2,0),IF($B33=\"SINAPI\",VLOOKUP($C33,SINAPI_COMP!G:K,2,0),IF($B33=\"SEINFRA\",VLOOKUP($C33,SEINFRA_COMP!A:G,3,0),\"\")))","v":"DEMOLIÇÃO DE REVESTIMENTO CERÂMICO OU AZULEJO"},5,"M²",{"$f":"IF($B33=\"ORSE\",VLOOKUP($C33,ORSE_COMP!A:D,4,0),IF($B33=\"SINAPI\",VLOOKUP($C33,SINAPI_COMP!G:K,5,0),IF($B33=\"SEINFRA\",VLOOKUP($C33,SEINFRA_COMP!A:G,7,0),\"\")))*(1+'BDI - SERVIÇOS'!$C$30)","v":16.38},81.900000000000006,null,20]
["2.3.2.7.24","ORSE",4750,{"$f":"IF($B34=\"ORSE\",VLOOKUP($C34,ORSE_COMP!A:D,2,0),IF($B34=\"SINAPI\",VLOOKUP($C34,SINAPI_COMP!G:K,2,0),IF($B34=\"SEINFRA\",VLOOKUP($C34,SEINFRA_COMP!A:G,3,0),\"\")))","v":"REVESTIMENTO CERÂMICO PARA PISO OU PAREDE, 20 X 20 CM, ELIZABETH OU SIMILAR,  LINHA CRISTAL BEGE, APLICADO COM ARGAMASSA INDUSTRIALIZADA AC-II, REJUNTADO,  EXCLUSIVE REGULARIZAÇÃO DE BASE OU EMBOÇO"},30,"M²",{"$f":"IF($B34=\"ORSE\",VLOOKUP($C34,ORSE_COMP!A:D,4,0),IF($B34=\"SINAPI\",VLOOKUP($C34,SINAPI_COMP!G:K,5,0),IF($B34=\"SEINFRA\",VLOOKUP($C34,SEINFRA_COMP!A:G,7,0),\"\")))*(1+'BDI - SERVIÇOS'!$C$30)","v":42.39},1271.7,null,120]
["2.3.2.7.25","SINAPI",97637,{"$f":"SINAPI_COMP!H35378","v":"REMOÇÃO DE TAPUME/ CHAPAS METÁLICAS E DE MADEIRA, DE FORMA MANUAL, SEM REAPROVEITAMENTO. AF_12/2017"},50,"M²",{"$f":"SINAPI_COMP!K35378*(1+'BDI - SERVIÇOS'!$C$30)","v":3.05},152.5,null,200]
[]
["2.3.2.7.26","SINAPI","73909/1",{"$f":"IF($B37=\"ORSE\",VLOOKUP($C37,ORSE_COMP!A:D,2,0),IF($B37=\"SINAPI\",VLOOKUP($C37,SINAPI_COMP!G:K,2,0),IF($B37=\"SEINFRA\",VLOOKUP($C37,SEINFRA_COMP!A:G,3,0),\"\")))","v":"DIVISORIA EM MADEIRA COMPENSADA RESINADA ESPESSURA 6MM, ESTRUTURADA EM MADEIRA DE LEI 3\"X3\""},50,"M²",{"$f":"IF($B37=\"ORSE\",VLOOKUP($C37,ORSE_COMP!A:D,4,0),IF($B37=\"SINAPI\",VLOOKUP($C37,SINAPI_COMP!G:K,5,0),IF($B37=\"SEINFRA\",VLOOKUP($C37,SEINFRA_COMP!A:G,7,0),\"\")))*(1+'BDI - SERVIÇOS'!$C$30)","v":276.13},{"$f":"H50","v":11047.13},"coef",200]
[null,"SINAPI",1351,"CHAPA DE MADEIRA COMPENSADA RESINADA PARA FORMA DE CONCRETO, DE *2,2 X 1,1* M, E = 6 MM","UN",{"$f":"ROUND(I38*$E$37,2)","v":45.45},{"$f":"VLOOKUP(C38,SINAPI_INSUM!A:E,5,0)","v":"27,93"},{"$f":"ROUND(F38*G38,2)","v":1269.42},"0,9090908"]
[null,"SINAPI",4433,"PECA DE MADEIRA NAO APARELHADA *7,5 X 7,5* CM (3 X 3 \") MACARANDUBA, ANGELIM OU EQUIVALENTE DA REGIAO","M",{"$f":"ROUND(I39*$E$37,2)","v":180},{"$f":"VLOOKUP(C39,SINAPI_INSUM!A:E,5,0)","v":"12,50"},{"$f":"ROUND(F39*G39,2)","v":2250},"3,6000000"]
[null,"SINAPI",5067,"PREGO DE ACO POLIDO COM CABECA 16 X 24 (2 1/4 X 12)","KG",20,{"$f":"VLOOKUP(C40,SINAPI_INSUM!A:E,5,0)","v":"10,95"},219,"0,4000000"]
[{"$nulls":5},"Subtotal",null,{"$f":"SUM(H38:H40)","v":3738.42}]
[null,null,"BDI fornecimento",null,null,null,{"$f":"'BDI - FORNECIMENTOS'!$C$31","v":0.109},{"$f":"H41*G42","v":407.49}]
[{"$nulls":5},"Subtotal 1",null,{"$f":"H41+H42","v":4145.91},"4,0000000"]
[null,"SINAPI",1214,"CARPINTEIRO DE ESQUADRIA ","H",200,{"$f":"VLOOKUP(C44,SINAPI_INSUM!A:E,5,0)/(1+'ENC. SOCIAIS'!$D$46)","v":6.28},{"$f":"ROUND(F44*G44,2)","v":1256},"4,0000000"]
[null,null,6117,"CARPINTEIRO AUXILIAR","H",{"$f":"F44","v":200},{"$f":"VLOOKUP(C45,SINAPI_INSUM!A:E,5,0)/(1+'ENC. SOCIAIS'!$D$46)","v":6.69},{"$f":"ROUND(F45*G45,2)","v":1338}]
[{"$nulls":5},"Subtotal",null,{"$f":"SUM(H44:H45)","v":2594}]
[null,null,"Encargos Sociais",null,null,null,{"$f":"'ENC. SOCIAIS'!$D$46","v":1.1718},{"$f":"ROUND(H46*G47,2)","v":3039.65}]
[null,null,"BDI Serviço",null,null,null,{"$f":"'BDI - SERVIÇOS'!$C$30","v":0.22500000000000001},{"$f":"ROUND((H46+H47)*G48,2)","v":1267.57}]
[{"$nulls":5},"Subtotal 2",null,{"$f":"H46+H47+H48","v":6901.22}]
[{"$f":"A37","v":"2.3.2.7.26"},{"$nulls":5},"Total ",{"$f":"H49+H43","v":11047.13}]
[]
["2.3.2.7.27","ORSE",2481,{"$f":"IF($B52=\"ORSE\",VLOOKUP($C52,ORSE_COMP!A:D,2,0),IF($B52=\"SINAPI\",VLOOKUP($C52,SINAPI_COMP!G:K,2,0),IF($B52=\"SEINFRA\",VLOOKUP($C52,SEINFRA_COMP!A:G,3,0),\"\")))","v":"EXECUÇAÕ DE RASGOS EM ALVENARIA PARA PASSAGEM DE TUBULAÇÃO"},5,"M",{"$f":"IF($B52=\"ORSE\",VLOOKUP($C52,ORSE_COMP!A:D,4,0),IF($B52=\"SINAPI\",VLOOKUP($C52,SINAPI_COMP!G:K,5,0),IF($B52=\"SEINFRA\",VLOOKUP($C52,SEINFRA_COMP!A:G,7,0),\"\")))*(1+'BDI - SERVIÇOS'!$C$30)","v":2.17},10.85,null,20]
["2.3.2.7.28","ORSE",2483,"ENCHIMENTO DE RASGOS EM ALVENARIA E CONCRETO  ",5,"M",{"$f":"IF($B53=\"ORSE\",VLOOKUP($C53,ORSE_COMP!A:D,4,0),IF($B53=\"SINAPI\",VLOOKUP($C53,SINAPI_COMP!G:K,5,0),IF($B53=\"SEINFRA\",VLOOKUP($C53,SEINFRA_COMP!A:G,7,0),\"\")))*(1+'BDI - SERVIÇOS'!$C$30)","v":4.26},21.3,null,20]
["2.3.2.7.29","ORSE ",4740,{"$f":"ORSE_COMP!B3235","v":"ANDAIME METÁLICO FACHADEIRO - LOCAÇÃO MENSAL , MONTAGEM E DESMONTAGEM"},120,{"$f":"ORSE_COMP!C3235","v":"M²XMÊS"},{"$f":"ORSE_COMP!D3235*(1+'BDI - SERVIÇOS'!$C$30)","v":8.02},962.4,null,{"$f":"8*20*3","v":480}]
["2.3.2.7.30","ORSE ",{"$f":"ORSE_COMP!A9467","v":11},{"$f":"ORSE_COMP!B9467","v":"DEMOLIÇÃO DE TELHAMENTO COM TELHA DE CIMENTO AMIANTO TIPO CANALETE"},23,"M²",{"$f":"ORSE_COMP!D9467*(1+'BDI - SERVIÇOS'!$C$30)","v":4.29},98.67,null,90]
["2.3.2.7.31","ORSE ",237,{"$f":"ORSE_COMP!B2101","v":"TELHAMENTO COM TELHA DE FIBROCIMENTO TIPO CANALETE 49 (ETERNIT OU SIMILAR)"},8,"M²",{"$f":"ORSE_COMP!D2101*(1+'BDI - SERVIÇOS'!$C$30)","v":168.78},1350.24,null,30,{"$f":"SUM(E57:E57)","v":15}]
["2.3.2.7.32","ORSE ",238,{"$f":"ORSE_COMP!B2103","v":"TELHAMENTO COM TELHA DE FIBROCIMENTO TIPO CANALETE 90 (ETERNIT OU SIMILAR)"},15,"M²",{"$f":"ORSE_COMP!D2103*(1+'BDI - SERVIÇOS'!$C$30)","v":155.62},2334.3000000000002,null,60]
["2.3.2.7.33","SEINFRA","C2203",{"$f":"SEINFRA_COMP!C1550","v":"RETELHAMENTO C/ TELHA FIBROCIMENTO MAT. DE FIXAÇÃO"},23,"M²",{"$f":"SEINFRA_COMP!G1550*(1+'BDI - SERVIÇOS'!$C$30)","v":27.21},625.83000000000004,null,90]
["2.3.2.7.34","ORSE ",267,{"$f":"ORSE_COMP!B2047","v":"RETIRADA E REASSENTAMENTO DE TELHA CERÂMICA TIPO CANAL, 1ª QUALID, COR CLARA, ITABAIANINHA OU SIMILAR"},75,"M²",{"$f":"ORSE_COMP!D2047*(1+'BDI - SERVIÇOS'!$C$30)","v":37.619999999999997},2821.5,null,300]
["2.3.2.7.35","ORSE ",263,{"$f":"ORSE_COMP!B2048","v":"REVISÃO EM COBERTURA COM TELHA CERAMICA TIPO CANAL COMUM, ITABAIANA OU SIMILA R, COM REPOSIÇÃO DE 10% DO MATERIAL"},75,"M²",{"$f":"ORSE_COMP!D2048*(1+'BDI - SERVIÇOS'!$C$30)","v":48.02},3601.5,null,300]
["2.3.2.7.36","SINAPI",97641,{"$f":"SINAPI_COMP!H35390","v":"REMOÇÃO DE FORRO DE GESSO, DE FORMA MANUAL, SEM REAPROVEITAMENTO. AF_12/2017"},150,"M²",{"$f":"SINAPI_COMP!K35390*(1+'BDI - SERVIÇOS'!$C$30)","v":4.3600000000000003},654,null,600]
["2.3.2.7.37","SINAPI",96109,{"$f":"SINAPI_COMP!H33679","v":"FORRO EM PLACAS DE GESSO, PARA AMBIENTES RESIDENCIAIS. AF_05/2017_P"},150,"M²",{"$f":"SINAPI_COMP!K33679*(1+'BDI - SERVIÇOS'!$C$30)","v":35.619999999999997},5343,null,600]
["2.3.2.7.38","ORSE",256,{"$f":"ORSE_COMP!B2076","v":"TAMPÃO PARA TELHA CANALETE 90"},15,"Ud",{"$f":"ORSE_COMP!D2076*(1+'BDI - SERVIÇOS'!$C$30)","v":60.32},904.8,null,60]
["2.3.2.7.39","ORSE",253,{"$f":"ORSE_COMP!B2016","v":"CUMEEIRA NORMAL EM FIBROCIMENTO PARA TELHA CANALETE 90 OU SIMILAR"},5,"M",{"$f":"ORSE_COMP!D2016*(1+'BDI - SERVIÇOS'!$C$30)","v":237.28},1186.4000000000001,null,20,"Desinsetização e Desratização Geral"]
["2.3.2.7.40","ORSE",{"$f":"ORSE_COMP!A2021","v":10821},{"$f":"ORSE_COMP!B2021","v":"CUMEEIRA PARA TELHA CANAL REDONDA, DIMENSÕES 20 X 41,5CM, INCLUSIVE EMASSAMEN TO"},5,"M",{"$f":"ORSE_COMP!D2021*(1+'BDI - SERVIÇOS'!$C$30)","v":41.8},{"$f":"G65*E65","v":209},null,20,"Cotação 1","Cotação 2","Cotação 3","Mediana - Adotado"]
["2.3.2.7.41","COTAÇÃO","S/CÓD.","Desinsetização e Desratização Geral",500,"M²",{"$f":"N66","v":0.43},215,null,2000,{"$f":"850/2000","v":0.43},{"$f":"800/2000","v":0.4},{"$f":"3600/2000","v":1.8},{"$f":"MEDIAN(K66:M66)","v":0.43}]
["2.3.2.7.42","SINAPI","74209/1","Manutenção Placa de identificação de obra",2,"M²",{"$f":"SINAPI_COMP!K2301*(1+'BDI - SERVIÇOS'!$C$30)","v":395.41},790.82,null,6]
["2.3.2.7.43","ORSE",36,{"$f":"ORSE_COMP!B9487","v":"REMOÇÃO DE BRISES"},10,"M²",{"$f":"ORSE_COMP!D9487*(1+'BDI - SERVIÇOS'!$C$30)","v":2.89},28.9,null,40]
["2.3.2.7.44","ORSE",11489,"Fornecimento e instalação de Brise metálico de alumínio",10,"M²",{"$f":"ORSE_COMP!D9393*(1+'BDI - SERVIÇOS'!$C$30)","v":551.25},5512.5,null,40]
["2.3.2.7.45","ORSE",1841,{"$f":"ORSE_COMP!B4128","v":"REVISÃO DE ESQUADRIAS DE ALUMÍNIO"},5,"M²",{"$f":"ORSE_COMP!D4128*(1+'BDI - SERVIÇOS'!$C$30)","v":91.1},455.5,null,20]
[]
["2.3.2.7.46","SINAPI",72117,{"$f":"SINAPI_COMP!H9854","v":"VIDRO LISO COMUM TRANSPARENTE, ESPESSURA 4MM"},5,"M²",null,{"$f":"H84","v":532.94000000000005},null,20,{"$nulls":4},"COEF."]
[null,"SINAPI",10492,"VIDRO LISO INCOLOR 4MM - SEM COLOCACAO","M2",{"$f":"ROUND($E$72*O73,2)","v":5},{"$f":"VLOOKUP(C73,SINAPI_INSUM!A:E,5,0)","v":"77,33"},{"$f":"ROUND(F73*G73,2)","v":386.65},{"$nulls":6},"1,0000000"]
[null,"SINAPI",10498,"MASSA PARA VIDRO","KG",{"$f":"ROUND($E$72*O74,2)","v":8},{"$f":"VLOOKUP(C74,SINAPI_INSUM!A:E,5,0)","v":"4,91"},{"$f":"ROUND(F74*G74,2)","v":39.28},{"$nulls":6},"1,6000000"]
[{"$nulls":5},"Subtotal",null,{"$f":"SUM(H73:H74)","v":425.93}]
[null,null,"BDI fornecimento",null,null,null,{"$f":"'BDI - FORNECIMENTOS'!$C$31","v":0.109},{"$f":"H75*G76","v":46.43}]
[{"$nulls":5},"Subtotal 1",null,{"$f":"H75+H76","v":472.36}]
[null,"SINAPI",6111,"SERVENTE ","H",{"$f":"ROUND($E$72*O78,2)","v":2.25},{"$f":"VLOOKUP(C78,SINAPI_INSUM!A:E,5,0)/(1+'ENC. SOCIAIS'!$D$46)","v":5.03},{"$f":"ROUND(F78*G78,2)","v":11.32},{"$nulls":6},"0,4500000"]
[null,"SINAPI",10489,"VIDRACEIRO ","H",{"$f":"ROUND($E$72*O79,2)","v":2.25},{"$f":"VLOOKUP(C79,SINAPI_INSUM!A:E,5,0)/(1+'ENC. SOCIAIS'!$D$46)","v":5.09},{"$f":"ROUND(F79*G79,2)","v":11.45},{"$nulls":6},"0,4500000"]
[{"$nulls":5},"Subtotal",null,{"$f":"SUM(H78:H79)","v":22.77}]
[null,null,"Encargos Sociais",null,null,null,{"$f":"'ENC. SOCIAIS'!$D$46","v":1.1718},{"$f":"ROUND(H80*G81,2)","v":26.68}]
[null,null,"BDI Serviço",null,null,null,{"$f":"'BDI - SERVIÇOS'!$C$30","v":0.22500000000000001},{"$f":"ROUND((H80+H81)*G82,2)","v":11.13}]
[{"$nulls":5},"Subtotal 2",null,{"$f":"H80+H81+H82","v":60.58}]
["2.3.2.7.46",{"$nulls":5},"Total ",{"$f":"H83+H77","v":532.94000000000005}]
[]
["2.3.2.7.47","SINAPI","73790/4",{"$f":"SINAPI_COMP!H30286","v":"REASSENTAMENTO DE PARALELEPIPEDO SOBRE COLCHAO DE PO DE PEDRA ESPESSURA 10CM, REJUNTADO COM ARGAMASSA TRACO 1:3 (CIMENTO E AREIA), CONSIDERANDO APROVEITAMENTO DO PARALELEPIPEDO"},10,"M²",{"$f":"SINAPI_COMP!K30286*(1+'BDI - SERVIÇOS'!$C$30)","v":49.93},{"$f":"G86*E86","v":499.3},null,40]
[]
["TOTAL GERAL",{"$nulls":6},{"$f":"ROUND(SUM(H11:H37)+SUM(H52:H72)+H86,2)","v":81277.490000000005}]

{"sheet":"2.3.2.8.Manut-Subest. PONTAL","index":23,"n_rows":18,"n_cols":8,"rows_kept":18,"cut":false,"hidden":false,"merged":[[0,0,0,5],[2,0,2,5],[4,0,4,5],[17,0,17,4],[16,0,16,4],[6,0,7,0],[6,1,7,1],[6,2,7,2],[6,3,7,3],[6,4,6,5]]}
["2.3. MANUTENÇÃO DAS INFRAESTRUTURAS"]
[]
["2.3.2. MANUTENÇÃO (SERVIÇOS SAZONAIS)"]
[]
["2.3.2.8. PLANILHA ESTIMATIVA DE CUSTO ANUAL DE MANUTENÇÃO DE SUBESTAÇÃO "]
[]
["ITEM","DESCRIÇÃO","QUANT.","UNID.","VALOR"]
[{"$nulls":4},"UNIT. (R$)","TOTAL (R$)"]
[]
["2.3.2.8.2","Coleta de amostra de óleo para análise físico-química e cromatográfica",{"$f":"ROUND(H10/4,0)","v":3},"unid.",{"$f":"VLOOKUP(A10,'CPU4 - MAN_SE'!A:E,5,0)","v":449.83},{"$f":"ROUND(E10*C10,2)","v":1349.49},null,10]
["2.3.2.8.3","Transformadores de potência de 750kVA a 1.000kVA:   inspeção visual;  revisão detalhada;   procedimentos técnicos corretivos;   ensaios de rotina, correção de vazamentos de óleo isolante; limpeza de conectores; isoladores; tratamento anticorrosivo; substituição de parafusos oxidados; reaperto das conexões; teste de atuação de relés verificando atuação desta proteção no relé de bloqueio; troca de sílica gel e limpeza de recipiente; teste de isolação dos cabos das proteções intrínsecas; atuação de indicador de nível de óleo; teste de isolação dos cabos de saída do secundário para o CCM e pintura geral.",{"$f":"ROUND(H11/4,0)","v":1},"unid.",{"$f":"VLOOKUP(A11,'CPU4 - MAN_SE'!A:E,5,0)","v":5715.3},{"$f":"ROUND(E11*C11,2)","v":5715.3},null,4]
["2.3.2.8.4","Transformador auxiliar de 112,5kVA:   inspeção visual;  revisão detalhada;   procedimentos técnicos corretivos; ensaios de rotina, correção de vazamentos de óleo isolante; limpeza de conectores; isoladores; tratamento anticorrosivo; substituição de parafusos oxidados; reaperto das conexões; teste de atuação de relés verificando atuação desta proteção no relé de bloqueio; troca de sílica gel e limpeza de recipiente; teste de isolação dos cabos das proteções intrínsecas; atuação de indicador de nível de óleo; teste de isolação dos cabos de saída do secundário para o CCM e pintura geral.",{"$f":"ROUND(H12/2,0)","v":1},"unid.",{"$f":"VLOOKUP(A12,'CPU4 - MAN_SE'!A:E,5,0)","v":578.36},578.36,null,1]
["2.3.2.8.6","Disjuntores de AT de 15kV:  inspeção visual ; revisão detalhada;   procedimentos técnicos corretivos; limpeza de conectores e torqueamento; tratamento anticorrosivo; lubrificação das articulações do mecanismo de acionamento; verificação e correção de simultaneidade de abertura e fechamento dos polos; análise dos contatos móveis e fixos; realização de teste de isolação dos cabos de controle com a sala de comando; verificação / substituição junta de vedação, óleo isolante, engrenagens e buchas que apresentarem desgaste; manutenção ou substituição de contactores auxiliares, fim de curso, botoeiras e chaves sinalizadoras; verificação de sistema de aquecimento interno; integridade das bobinas de abertura e fechamento; relé de mínima tensão e pintura geral do painel.",{"$f":"ROUND(H13/4,0)","v":2},"unid.",{"$f":"VLOOKUP(A13,'CPU4 - MAN_SE'!A:E,5,0)","v":3693.08},{"$f":"ROUND(E13*C13,2)","v":7386.16},null,8]
["2.3.2.8.7","Chaves Seccionadoras de MT por subestação:  inspeção visual; revisão detalhada; procedimentos técnicos corretivos; tratamento anticorrosivo; substituição de parafusos oxidados; limpeza de conectores; lubrificação das articulações; verificação da fixação das chaves dos isoladores e da integridade dos isoladores; verificação e correção de simultaneidade de abertura e fechamento das chaves; verificar pressão entre contatos móveis e fixos; avaliação dos contatos e medição das resistências dos contatos das chaves.",{"$f":"ROUND(H14/4,0)","v":2},"unid.",{"$f":"VLOOKUP(A14,'CPU4 - MAN_SE'!A:E,5,0)","v":1679.87},3359.74,null,7]
["2.3.2.8.9","Malhas de aterramento: medição de resistência de aterramento dos equipamentos; procedimentos técnicos corretivos em conexões, cabos e hastes de aterramento; limpeza de contato dos conectores com as hastes; aplicação de pasta anti-óxido; medição de resistividade do solo; medição de resistência da malha de aterramento.",1,"unid.",{"$f":"VLOOKUP(A15,'CPU4 - MAN_SE'!A:E,5,0)","v":1698.12},1698.12,null,5]
[]
["SUBTOTAL",{"$nulls":4},{"$f":"ROUND(SUM(F10:F16),2)","v":20087.169999999998}]
["TOTAL GERAL",{"$nulls":4},{"$f":"F17","v":20087.169999999998}]

{"sheet":"2.3.2.9.Man-Motobomba","index":24,"n_rows":79,"n_cols":6,"rows_kept":79,"cut":false,"hidden":false,"merged":[[76,0,76,4],[77,0,77,4],[78,0,78,4],[79,0,80,5],[0,0,0,5],[2,0,2,5],[4,0,4,5],[6,0,7,0],[6,1,7,1],[6,2,7,2],[6,3,7,3],[6,4,6,5]]}
["2.3. MANUTENÇÃO DAS INFRAESTRUTURAS"]
[]
["2.3.2. MANUTENÇÃO (SERVIÇOS SAZONAIS)"]
[]
["2.3.2.9. PLANILHA ESTIMATIVA DE CUSTO ANUAL DE MANUTENÇÃO DE MOTORES E BOMBAS (EB-01, EB-02, EB-03)"]
[]
["ITEM","DESCRIÇÃO DOS SERVIÇOS E MATERIAIS","UNID.","QUANT.","VALOR"]
[{"$nulls":4},"UNIT. c/ BDI ","TOTAL "]
[]
["2.3.2.9.1","EB-01"]
[]
["2.3.2.9.1.1","MATERIAIS E PEÇAS"]
["2.3.2.9.1.1.1","KIT VEDAÇÃO - JUNTAS/ORINGS","CJ",1,{"$f":"VLOOKUP(A13,'COTAÇÃO - MAN_BOMBAS'!A:G,7,0)","v":3844.68},{"$f":"ROUND(E13*D13,2)","v":3844.68}]
["2.3.2.9.1.1.2","KIT FIXAÇÃO - PORCAS/PARAFUSOS/PRISIONEIROS","CJ",1,{"$f":"VLOOKUP(A14,'COTAÇÃO - MAN_BOMBAS'!A:G,7,0)","v":9969.91},{"$f":"ROUND(E14*D14,2)","v":9969.91}]
["2.3.2.9.1.1.3","ROLAMENTO HH826729 - 926710","Pç",1,{"$f":"VLOOKUP(A15,'COTAÇÃO - MAN_BOMBAS'!A:G,7,0)","v":14949.87},14949.87]
["2.3.2.9.1.1.4","ROLAMENTO H82576 - 82931","Pç",1,{"$f":"VLOOKUP(A16,'COTAÇÃO - MAN_BOMBAS'!A:G,7,0)","v":13258.1},13258.1]
["2.3.2.9.1.1.5","LUVA PROTETORA (AISI 410 BNF)","Pç",1,{"$f":"VLOOKUP(A17,'COTAÇÃO - MAN_BOMBAS'!A:G,7,0)","v":10956.92},10956.92]
["2.3.2.9.1.1.6","ANEL DE DESGASTE DA CARCAÇA (AISI 410 BNF)","Pç",1,{"$f":"VLOOKUP(A18,'COTAÇÃO - MAN_BOMBAS'!A:G,7,0)","v":37689.699999999997},37689.699999999997]
["2.3.2.9.1.1.7","ANEL DE DESGASTE DO ROTOR (AISI 410 BNF)","Pç",1,{"$f":"VLOOKUP(A19,'COTAÇÃO - MAN_BOMBAS'!A:G,7,0)","v":32848.58},32848.58]
["2.3.2.9.1.1.8","CALÇO DE REGULAGEM (SAE 1045)","CJ",1,{"$f":"VLOOKUP(A20,'COTAÇÃO - MAN_BOMBAS'!A:G,7,0)","v":1686.23},1686.23]
["2.3.2.9.1.1.9","PORCA DO ROTOR (SAE 1045)","Pç",1,{"$f":"VLOOKUP(A21,'COTAÇÃO - MAN_BOMBAS'!A:G,7,0)","v":5650.36},5650.36]
["2.3.2.9.1.1.10","EIXO (SAE 1045)","Pç",1,{"$f":"VLOOKUP(A22,'COTAÇÃO - MAN_BOMBAS'!A:G,7,0)","v":28944.9},28944.9]
["2.3.2.9.1.1.11","ROTOR (A743 CA15)","Pç",1,{"$f":"VLOOKUP(A23,'COTAÇÃO - MAN_BOMBAS'!A:G,7,0)","v":97458.92},97458.92]
[{"$nulls":4},"SUBTOTAL",{"$f":"SUM(F13:F23)","v":257258.17}]
[]
["2.3.2.9.1.2","SERVIÇOS"]
["2.3.2.9.1.2.2","PERITAGEM E EMISSÃO DE RELATÓRIO","Ud",1,{"$f":"VLOOKUP(A27,'COTAÇÃO - MAN_BOMBAS'!A:G,7,0)","v":2431.63},{"$f":"ROUND(E27*D27,2)","v":2431.63}]
["2.3.2.9.1.2.3","JATEAMENTO E LIMPEZA GERAL DOS COMPONENTES","Ud",1,{"$f":"VLOOKUP(A28,'COTAÇÃO - MAN_BOMBAS'!A:G,7,0)","v":21627.38},{"$f":"ROUND(E28*D28,2)","v":21627.38}]
["2.3.2.9.1.2.4","RECUPERAÇÃO DO ROTOR","Ud",1,{"$f":"VLOOKUP(A29,'COTAÇÃO - MAN_BOMBAS'!A:G,7,0)","v":12347.39},12347.39]
["2.3.2.9.1.2.5","RECUPERAÇÃO DO EIXO","Ud",1,{"$f":"VLOOKUP(A30,'COTAÇÃO - MAN_BOMBAS'!A:G,7,0)","v":4814.25},4814.25]
["2.3.2.9.1.2.6","RECUPERAÇÃO DO MANCAL","Ud",1,{"$f":"VLOOKUP(A31,'COTAÇÃO - MAN_BOMBAS'!A:G,7,0)","v":14866.11},14866.11]
["2.3.2.9.1.2.7","RECUPERAÇÃO DA LUVA PROTETORA","Ud",1,{"$f":"VLOOKUP(A32,'COTAÇÃO - MAN_BOMBAS'!A:G,7,0)","v":5304.25},5304.25]
["2.3.2.9.1.2.8","MONTAGEM EM CAMPO E STARTUP","Ud",1,{"$f":"VLOOKUP(A33,'COTAÇÃO - MAN_BOMBAS'!A:G,7,0)","v":28709.1},28709.1]
["2.3.2.9.1.2.9","ANÁLISE DE VIBRAÇÃO E RELATÓRIO","Ud",1,{"$f":"VLOOKUP(A34,'COTAÇÃO - MAN_BOMBAS'!A:G,7,0)","v":6370},6370]
["2.3.2.9.1.2.10","TRANSPORTE RODOVIÁRIO, ENTREGA E RETIRADA (EQUIPAMENTOS E PEÇAS DA EB-01)","km",{"$f":"2*2238.2","v":4476.3999999999996},{"$f":"'COTAÇÃO - MAN_BOMBAS'!O31","v":6.9},30887.16]
[{"$nulls":4},"SUBTOTAL",{"$f":"SUM(F27:F35)","v":127357.27}]
[]
["2.3.2.9.2","EB-02"]
[]
["2.3.2.9.2.1","MATERIAIS E PEÇAS"]
["2.3.2.9.2.1.1","KIT VEDAÇÃO","CJ",1,{"$f":"VLOOKUP(A41,'COTAÇÃO - MAN_BOMBAS'!A:G,7,0)","v":6601.88},{"$f":"ROUND(E41*D41,2)","v":6601.88}]
["2.3.2.9.2.1.2","KIT FIXAÇÃO","CJ",1,{"$f":"VLOOKUP(A42,'COTAÇÃO - MAN_BOMBAS'!A:G,7,0)","v":11147.11},11147.11]
["2.3.2.9.2.1.3","ANEL DE DESGASTE DA CARCAÇA (AISI 410 BNF)","Pç",1,{"$f":"VLOOKUP(A43,'COTAÇÃO - MAN_BOMBAS'!A:G,7,0)","v":17920.89},17920.89]
["2.3.2.9.2.1.4","ANEL DE DESGASTE DO ROTOR (AISI 410 BNF)","Pç",1,{"$f":"VLOOKUP(A44,'COTAÇÃO - MAN_BOMBAS'!A:G,7,0)","v":16084.94},16084.94]
["2.3.2.9.2.1.5","LUVA PROTETORA (AISI 410 BNF)","Pç",3,{"$f":"VLOOKUP(A45,'COTAÇÃO - MAN_BOMBAS'!A:G,7,0)","v":10327.01},30981.03]
["2.3.2.9.2.1.6","BUCHA DE MANCAL (DGLYDE)","Pç",2,{"$f":"VLOOKUP(A46,'COTAÇÃO - MAN_BOMBAS'!A:G,7,0)","v":17390.45},34780.9]
["2.3.2.9.2.1.7","EIXO (AISI 420)","Pç",1,{"$f":"VLOOKUP(A47,'COTAÇÃO - MAN_BOMBAS'!A:G,7,0)","v":53067.54},53067.54]
["2.3.2.9.2.1.8","ROTOR (A743 CA6NM)","Pç",1,{"$f":"VLOOKUP(A48,'COTAÇÃO - MAN_BOMBAS'!A:G,7,0)","v":136642.88},136642.88]
[{"$nulls":4},"SUBTOTAL",{"$f":"SUM(F41:F48)","v":307227.17}]
[]
["2.3.2.9.2.2","SERVIÇOS"]
["2.3.2.9.2.2.2","PERITAGEM E EMISSÃO DE RELATÓRIO","Ud",1,{"$f":"VLOOKUP(A52,'COTAÇÃO - MAN_BOMBAS'!A:G,7,0)","v":2431.63},{"$f":"ROUND(E52*D52,2)","v":2431.63}]
["2.3.2.9.2.2.3","JATEAMENTO E LIMPEZA GERAL DOS COMPONENTES","Ud",1,{"$f":"VLOOKUP(A53,'COTAÇÃO - MAN_BOMBAS'!A:G,7,0)","v":21627.38},21627.38]
["2.3.2.9.2.2.4","RECUPERAÇÃO DO ROTOR","Ud",1,{"$f":"VLOOKUP(A54,'COTAÇÃO - MAN_BOMBAS'!A:G,7,0)","v":9077.25},9077.25]
["2.3.2.9.2.2.5","RECUPERAÇÃO DO EIXO","Ud",1,{"$f":"VLOOKUP(A55,'COTAÇÃO - MAN_BOMBAS'!A:G,7,0)","v":9714.25},9714.25]
["2.3.2.9.2.2.6","RECUPERAÇÃO DA LUVA PROTETORA","Ud",3,{"$f":"VLOOKUP(A56,'COTAÇÃO - MAN_BOMBAS'!A:G,7,0)","v":5145},15435]
["2.3.2.9.2.2.7","MONTAGEM EM CAMPO E STARTUP","Ud",1,{"$f":"VLOOKUP(A57,'COTAÇÃO - MAN_BOMBAS'!A:G,7,0)","v":28709.1},28709.1]
["2.3.2.9.2.2.8","ANÁLISE DE VIBRAÇÃO E RELATÓRIO","Ud",1,{"$f":"VLOOKUP(A58,'COTAÇÃO - MAN_BOMBAS'!A:G,7,0)","v":6370},6370]
["2.3.2.9.2.2.9","TRANSPORTE RODOVIÁRIO, ENTREGA E RETIRADA (EQUIPAMENTOS E PEÇAS DA EB-02)","km",{"$f":"2*2238.2","v":4476.3999999999996},{"$f":"'COTAÇÃO - MAN_BOMBAS'!O57","v":6.9},30887.16]
[{"$nulls":4},"SUBTOTAL",{"$f":"SUM(F52:F59)","v":124251.77}]
[]
["2.3.2.9.3","EB-03"]
[]
["2.3.2.9.3.1","MATERIAIS E PEÇAS"]
["2.3.2.9.3.1.1","BUCHA OCTAVADA (DGLYDE)","Pç",2,{"$f":"VLOOKUP(A65,'COTAÇÃO - MAN_BOMBAS'!A:G,7,0)","v":3895.38},{"$f":"ROUND(E65*D65,2)","v":7790.76}]
["2.3.2.9.3.1.2","EIXO DO BOMBEADOR (SAE 4140)","Pç",1,{"$f":"VLOOKUP(A66,'COTAÇÃO - MAN_BOMBAS'!A:G,7,0)","v":22042.48},22042.48]
["2.3.2.9.3.1.3","EIXO DO MOTOR (SAE 4140)","Pç",1,{"$f":"VLOOKUP(A67,'COTAÇÃO - MAN_BOMBAS'!A:G,7,0)","v":15193.3},15193.3]
["2.3.2.9.3.1.4","ACOPLAMENTO BIPARTIDO (SAE 4140)","Pç",1,{"$f":"VLOOKUP(A68,'COTAÇÃO - MAN_BOMBAS'!A:G,7,0)","v":9775.27},9775.27]
["2.3.2.9.3.1.5","CASTANHA BIPARTIDA (SAE 4140)","Pç",1,{"$f":"VLOOKUP(A69,'COTAÇÃO - MAN_BOMBAS'!A:G,7,0)","v":2311.4299999999998},2311.4299999999998]
[{"$nulls":4},"SUBTOTAL",{"$f":"SUM(F65:F69)","v":57113.24}]
[]
["2.3.2.9.3.2","SERVIÇOS"]
["2.3.2.9.3.2.1","SUPERVISÃO DE MONTAGEM, ACOMPANHAMENTO AO STARUP E SUBSTITUIÇÃO DAS BUCHAS (CONSIDERANDO 5 DIÁRIAS PARA EXECUÇÃO DO SERVIÇO)","Ud",1,{"$f":"VLOOKUP(A73,'COTAÇÃO - MAN_BOMBAS'!A:G,7,0)","v":21116.55},{"$f":"ROUND(E73*D73,2)","v":21116.55}]
["2.3.2.9.3.2.2","TRANSPORTE RODOVIÁRIO, ENTREGA E RETIRADA (EQUIPAMENTOS E PEÇAS DA EB-03)","km",{"$f":"2*2238.2","v":4476.3999999999996},{"$f":"'COTAÇÃO - MAN_BOMBAS'!O73","v":5.25},23501.1]
[{"$nulls":4},"SUBTOTAL",{"$f":"SUM(F73:F74)","v":44617.65}]
[]
["SUBTOTAL - FORNECIMENTOS",{"$nulls":4},{"$f":"F24+F49+F70","v":621598.57999999996}]
["SUBTOTAL - SERVIÇOS",{"$nulls":4},{"$f":"F36+F60+F75","v":296226.69}]
["TOTAL GERAL",{"$nulls":4},{"$f":"F77+F78","v":917825.27}]

{"sheet":"3.Fornecimentos ","index":25,"n_rows":14,"n_cols":6,"rows_kept":14,"cut":false,"hidden":false,"merged":[[13,0,13,4],[0,0,0,5],[4,0,5,0],[4,1,5,1],[4,2,5,2],[4,3,5,3],[4,4,4,5],[2,0,2,5]]}
["3. PLANILHA DE ESTIMATIVA DE CUSTO ANUAL DE  FORNECIMENTOS"]
[]
["3.1. PEÇAS DE REPOSIÇÃO E MATERIAIS"]
[]
["ITEM","DESCRIÇÃO DOS SERVIÇOS E MATERIAIS","UNID.","QUANT.","VALOR"]
[{"$nulls":4},"UNIT. ","TOTAL "]
[]
["3.1.1","Material Elétrico","Ud",1,{"$f":"'3.1.Peças de Reposição e Materi'!F328","v":450033.16},{"$f":"D8*E8","v":450033.16}]
["3.1.2","Material Mecânico","Ud",1,{"$f":"'3.1.Peças de Reposição e Materi'!F486","v":81237.440000000002},{"$f":"D9*E9","v":81237.440000000002}]
["3.1.3","Material Hidráulico","Ud",1,{"$f":"'3.1.Peças de Reposição e Materi'!F630","v":45209.66},{"$f":"D10*E10","v":45209.66}]
["3.1.4","Material Civil e equipamentos de segurança","Ud",1,{"$f":"'3.1.Peças de Reposição e Materi'!F656","v":2661.13},{"$f":"D11*E11","v":2661.13}]
["3.1.5","Materiais e equipamentos de proteção individual e fardamentos","Ud",1,{"$f":"'3.1.Peças de Reposição e Materi'!F690","v":16356.11},{"$f":"D12*E12","v":16356.11}]
[]
["TOTAL GERAL",{"$nulls":4},{"$f":"SUM(F8:F13)","v":595497.5}]

{"sheet":"3.1.Peças de Reposição e Materi","index":26,"n_rows":693,"n_cols":10,"rows_kept":693,"cut":false,"hidden":false,"merged":[[4,6,5,6],[4,7,5,7],[326,0,326,4],[327,0,327,4],[331,0,332,0],[331,1,332,1],[331,2,332,2],[331,3,332,3],[331,4,331,5],[331,6,332,6],[331,7,332,7],[4,0,5,0],[4,1,5,1],[4,2,5,2],[4,3,5,3],[4,4,4,5],[484,0,484,4],[485,0,485,4],[489,6,490,6],[489,7,490,7],[628,0,628,4],[489,0,490,0],[489,1,490,1],[489,2,490,2],[489,3,490,3],[489,4,489,5],[629,0,629,4],[633,0,634,0],[633,1,634,1],[633,2,634,2],[633,3,634,3],[633,4,633,5],[633,6,634,6],[633,7,634,7],[654,0,654,4],[655,0,655,4],[659,0,660,0],[659,1,660,1],[659,2,660,2],[659,3,660,3],[659,4,659,5],[659,6,660,6],[659,7,660,7],[687,0,687,5],[688,0,688,4],[689,0,689,4],[691,0,691,4],[692,0,692,4]]}
["3.1.","PLANILHA DE ESTIMATIVA  DE CUSTO ANUAL DE PEÇAS DE REPOSIÇÃO E MATERIAIS - PONTAL"]
[]
["3.1.1.","MATERIAL ELÉTRICO"]
[]
["ITEM","DESCRIÇÃO","QUANT.","UNID.","VALOR",null,"REF.TAB.","Cód. TAB."]
[{"$nulls":4},"UNIT. (R$)","TOTAL (R$)"]
[]
["3.1.1.1",{"$f":"IF($G8=\"ORSE\",VLOOKUP($H8,ORSE_INSUM!A:E,2,0),IF($G8=\"SINAPI\",VLOOKUP($H8,SINAPI_INSUM!A:E,2,0),IF($G8=\"SEINFRA\",VLOOKUP($H8,SEINFRA_INSUM!B:F,2,0),IF($G8=\"COTAÇÃO\",VLOOKUP($H8,'COTACAO - PEÇAS E MATERIAIS'!B:L,2,0),\"\"))))","v":"ABRACADEIRA EM ACO PARA AMARRACAO DE ELETRODUTOS, TIPO D, COM 1/2\" E PARAFUSO DE FIXACAO"},{"$f":"ROUND(J8/4,0)","v":6},"Pç",{"$f":"IF($G8=\"ORSE\",VLOOKUP($H8,ORSE_INSUM!A:E,4,0),IF($G8=\"SINAPI\",VLOOKUP($H8,SINAPI_INSUM!A:E,5,0),IF($G8=\"SEINFRA\",VLOOKUP($H8,SEINFRA_INSUM!B:F,4,0),IF($G8=\"COTAÇÃO\",VLOOKUP($H8,'COTACAO - PEÇAS E MATERIAIS'!B:L,10,0),\"\"))))","v":"1,17"},{"$f":"ROUND(C8*E8,2)","v":7.02},"SINAPI",392,null,"24"]
["3.1.1.2",{"$f":"IF($G9=\"ORSE\",VLOOKUP($H9,ORSE_INSUM!A:E,2,0),IF($G9=\"SINAPI\",VLOOKUP($H9,SINAPI_INSUM!A:E,2,0),IF($G9=\"SEINFRA\",VLOOKUP($H9,SEINFRA_INSUM!B:F,2,0),IF($G9=\"COTAÇÃO\",VLOOKUP($H9,'COTACAO - PEÇAS E MATERIAIS'!B:L,2,0),\"\"))))","v":"ABRACADEIRA EM ACO PARA AMARRACAO DE ELETRODUTOS, TIPO D, COM 1\" E PARAFUSO DE FIXACAO"},{"$f":"ROUND(J9/4,0)","v":6},"Pç",{"$f":"IF($G9=\"ORSE\",VLOOKUP($H9,ORSE_INSUM!A:E,4,0),IF($G9=\"SINAPI\",VLOOKUP($H9,SINAPI_INSUM!A:E,5,0),IF($G9=\"SEINFRA\",VLOOKUP($H9,SEINFRA_INSUM!B:F,4,0),IF($G9=\"COTAÇÃO\",VLOOKUP($H9,'COTACAO - PEÇAS E MATERIAIS'!B:L,10,0),\"\"))))","v":"1,40"},{"$f":"ROUND(C9*E9,2)","v":8.4},"SINAPI",393,null,"24"]
["3.1.1.3",{"$f":"IF($G10=\"ORSE\",VLOOKUP($H10,ORSE_INSUM!A:E,2,0),IF($G10=\"SINAPI\",VLOOKUP($H10,SINAPI_INSUM!A:E,2,0),IF($G10=\"SEINFRA\",VLOOKUP($H10,SEINFRA_INSUM!B:F,2,0),IF($G10=\"COTAÇÃO\",VLOOKUP($H10,'COTACAO - PEÇAS E MATERIAIS'!B:L,2,0),\"\"))))","v":"ABRACADEIRA EM ACO PARA AMARRACAO DE ELETRODUTOS, TIPO D, COM 2 1/2\" E PARAFUSO DE FIXACAO"},6,"Pç",{"$f":"IF($G10=\"ORSE\",VLOOKUP($H10,ORSE_INSUM!A:E,4,0),IF($G10=\"SINAPI\",VLOOKUP($H10,SINAPI_INSUM!A:E,5,0),IF($G10=\"SEINFRA\",VLOOKUP($H10,SEINFRA_INSUM!B:F,4,0),IF($G10=\"COTAÇÃO\",VLOOKUP($H10,'COTACAO - PEÇAS E MATERIAIS'!B:L,10,0),\"\"))))","v":"3,45"},20.7,"SINAPI",397,null,"24"]
["3.1.1.4",{"$f":"IF($G11=\"ORSE\",VLOOKUP($H11,ORSE_INSUM!A:E,2,0),IF($G11=\"SINAPI\",VLOOKUP($H11,SINAPI_INSUM!A:E,2,0),IF($G11=\"SEINFRA\",VLOOKUP($H11,SEINFRA_INSUM!B:F,2,0),IF($G11=\"COTAÇÃO\",VLOOKUP($H11,'COTACAO - PEÇAS E MATERIAIS'!B:L,2,0),\"\"))))","v":"ABRACADEIRA, GALVANIZADA/ZINCADA, ROSCA SEM FIM, PARAFUSO INOX, LARGURA  FITA *12,6 A *14 MM, D = 4\" A 4 3/4\""},3,"Pç",{"$f":"IF($G11=\"ORSE\",VLOOKUP($H11,ORSE_INSUM!A:E,4,0),IF($G11=\"SINAPI\",VLOOKUP($H11,SINAPI_INSUM!A:E,5,0),IF($G11=\"SEINFRA\",VLOOKUP($H11,SEINFRA_INSUM!B:F,4,0),IF($G11=\"COTAÇÃO\",VLOOKUP($H11,'COTACAO - PEÇAS E MATERIAIS'!B:L,10,0),\"\"))))","v":"8,63"},25.89,"SINAPI",11929,null,"12"]
["3.1.1.5",{"$f":"IF($G12=\"ORSE\",VLOOKUP($H12,ORSE_INSUM!A:E,2,0),IF($G12=\"SINAPI\",VLOOKUP($H12,SINAPI_INSUM!A:E,2,0),IF($G12=\"SEINFRA\",VLOOKUP($H12,SEINFRA_INSUM!B:F,2,0),IF($G12=\"COTAÇÃO\",VLOOKUP($H12,'COTACAO - PEÇAS E MATERIAIS'!B:L,2,0),\"\"))))","v":"ABRACADEIRA DE NYLON PARA AMARRACAO DE CABOS, COMPRIMENTO DE 390 X *4,6* MM"},50,"Ud",{"$f":"IF($G12=\"ORSE\",VLOOKUP($H12,ORSE_INSUM!A:E,4,0),IF($G12=\"SINAPI\",VLOOKUP($H12,SINAPI_INSUM!A:E,5,0),IF($G12=\"SEINFRA\",VLOOKUP($H12,SEINFRA_INSUM!B:F,4,0),IF($G12=\"COTAÇÃO\",VLOOKUP($H12,'COTACAO - PEÇAS E MATERIAIS'!B:L,10,0),\"\"))))","v":"0,99"},49.5,"SINAPI",408,null,200]
["3.1.1.6",{"$f":"IF($G13=\"ORSE\",VLOOKUP($H13,ORSE_INSUM!A:E,2,0),IF($G13=\"SINAPI\",VLOOKUP($H13,SINAPI_INSUM!A:E,2,0),IF($G13=\"SEINFRA\",VLOOKUP($H13,SEINFRA_INSUM!B:F,2,0),IF($G13=\"COTAÇÃO\",VLOOKUP($H13,'COTACAO - PEÇAS E MATERIAIS'!B:L,2,0),\"\"))))","v":"ABRACADEIRA DE NYLON PARA AMARRACAO DE CABOS, COMPRIMENTO DE 150 X *3,6* MM"},250,"un",{"$f":"IF($G13=\"ORSE\",VLOOKUP($H13,ORSE_INSUM!A:E,4,0),IF($G13=\"SINAPI\",VLOOKUP($H13,SINAPI_INSUM!A:E,5,0),IF($G13=\"SEINFRA\",VLOOKUP($H13,SEINFRA_INSUM!B:F,4,0),IF($G13=\"COTAÇÃO\",VLOOKUP($H13,'COTACAO - PEÇAS E MATERIAIS'!B:L,10,0),\"\"))))","v":"0,15"},37.5,"SINAPI",410,null,"1000"]
["3.1.1.7",{"$f":"IF($G14=\"ORSE\",VLOOKUP($H14,ORSE_INSUM!A:E,2,0),IF($G14=\"SINAPI\",VLOOKUP($H14,SINAPI_INSUM!A:E,2,0),IF($G14=\"SEINFRA\",VLOOKUP($H14,SEINFRA_INSUM!B:F,2,0),IF($G14=\"COTAÇÃO\",VLOOKUP($H14,'COTACAO - PEÇAS E MATERIAIS'!B:L,2,0),\"\"))))","v":"Abraçadeiras de nylon, 4,8X283mm, embalagem com 100 unidades"},3,"un",{"$f":"IF($G14=\"ORSE\",VLOOKUP($H14,ORSE_INSUM!A:E,4,0),IF($G14=\"SINAPI\",VLOOKUP($H14,SINAPI_INSUM!A:E,5,0),IF($G14=\"SEINFRA\",VLOOKUP($H14,SEINFRA_INSUM!B:F,4,0),IF($G14=\"COTAÇÃO\",VLOOKUP($H14,'COTACAO - PEÇAS E MATERIAIS'!B:L,10,0),\"\"))))","v":12.69},38.07,"COTAÇÃO",1,null,"10"]
["3.1.1.8",{"$f":"IF($G15=\"ORSE\",VLOOKUP($H15,ORSE_INSUM!A:E,2,0),IF($G15=\"SINAPI\",VLOOKUP($H15,SINAPI_INSUM!A:E,2,0),IF($G15=\"SEINFRA\",VLOOKUP($H15,SEINFRA_INSUM!B:F,2,0),IF($G15=\"COTAÇÃO\",VLOOKUP($H15,'COTACAO - PEÇAS E MATERIAIS'!B:L,2,0),\"\"))))","v":"Adaptador para condulete (box) 1,1/2\""},10,"Pç",{"$f":"IF($G15=\"ORSE\",VLOOKUP($H15,ORSE_INSUM!A:E,4,0),IF($G15=\"SINAPI\",VLOOKUP($H15,SINAPI_INSUM!A:E,5,0),IF($G15=\"SEINFRA\",VLOOKUP($H15,SEINFRA_INSUM!B:F,4,0),IF($G15=\"COTAÇÃO\",VLOOKUP($H15,'COTACAO - PEÇAS E MATERIAIS'!B:L,10,0),\"\"))))","v":2.41},24.1,"COTAÇÃO",3,null,"40"]
["3.1.1.9",{"$f":"IF($G16=\"ORSE\",VLOOKUP($H16,ORSE_INSUM!A:E,2,0),IF($G16=\"SINAPI\",VLOOKUP($H16,SINAPI_INSUM!A:E,2,0),IF($G16=\"SEINFRA\",VLOOKUP($H16,SEINFRA_INSUM!B:F,2,0),IF($G16=\"COTAÇÃO\",VLOOKUP($H16,'COTACAO - PEÇAS E MATERIAIS'!B:L,2,0),\"\"))))","v":"Adaptador para condulete (box) 1\""},20,"Pç",{"$f":"IF($G16=\"ORSE\",VLOOKUP($H16,ORSE_INSUM!A:E,4,0),IF($G16=\"SINAPI\",VLOOKUP($H16,SINAPI_INSUM!A:E,5,0),IF($G16=\"SEINFRA\",VLOOKUP($H16,SEINFRA_INSUM!B:F,4,0),IF($G16=\"COTAÇÃO\",VLOOKUP($H16,'COTACAO - PEÇAS E MATERIAIS'!B:L,10,0),\"\"))))","v":2.41},48.2,"COTAÇÃO",2,null,"80"]
["3.1.1.10",{"$f":"IF($G17=\"ORSE\",VLOOKUP($H17,ORSE_INSUM!A:E,2,0),IF($G17=\"SINAPI\",VLOOKUP($H17,SINAPI_INSUM!A:E,2,0),IF($G17=\"SEINFRA\",VLOOKUP($H17,SEINFRA_INSUM!B:F,2,0),IF($G17=\"COTAÇÃO\",VLOOKUP($H17,'COTACAO - PEÇAS E MATERIAIS'!B:L,2,0),\"\"))))","v":"Adaptador para condulete (box) 2\""},10,"Pç",{"$f":"IF($G17=\"ORSE\",VLOOKUP($H17,ORSE_INSUM!A:E,4,0),IF($G17=\"SINAPI\",VLOOKUP($H17,SINAPI_INSUM!A:E,5,0),IF($G17=\"SEINFRA\",VLOOKUP($H17,SEINFRA_INSUM!B:F,4,0),IF($G17=\"COTAÇÃO\",VLOOKUP($H17,'COTACAO - PEÇAS E MATERIAIS'!B:L,10,0),\"\"))))","v":2.41},24.1,"COTAÇÃO",4,null,"40"]
["3.1.1.11",{"$f":"IF($G18=\"ORSE\",VLOOKUP($H18,ORSE_INSUM!A:E,2,0),IF($G18=\"SINAPI\",VLOOKUP($H18,SINAPI_INSUM!A:E,2,0),IF($G18=\"SEINFRA\",VLOOKUP($H18,SEINFRA_INSUM!B:F,2,0),IF($G18=\"COTAÇÃO\",VLOOKUP($H18,'COTACAO - PEÇAS E MATERIAIS'!B:L,2,0),\"\"))))","v":"Adaptador para condulete (box) 3/4\""},8,"Pç",{"$f":"IF($G18=\"ORSE\",VLOOKUP($H18,ORSE_INSUM!A:E,4,0),IF($G18=\"SINAPI\",VLOOKUP($H18,SINAPI_INSUM!A:E,5,0),IF($G18=\"SEINFRA\",VLOOKUP($H18,SEINFRA_INSUM!B:F,4,0),IF($G18=\"COTAÇÃO\",VLOOKUP($H18,'COTACAO - PEÇAS E MATERIAIS'!B:L,10,0),\"\"))))","v":1.4},11.2,"COTAÇÃO",5,null,"30"]
["3.1.1.12",{"$f":"IF($G19=\"ORSE\",VLOOKUP($H19,ORSE_INSUM!A:E,2,0),IF($G19=\"SINAPI\",VLOOKUP($H19,SINAPI_INSUM!A:E,2,0),IF($G19=\"SEINFRA\",VLOOKUP($H19,SEINFRA_INSUM!B:F,2,0),IF($G19=\"COTAÇÃO\",VLOOKUP($H19,'COTACAO - PEÇAS E MATERIAIS'!B:L,2,0),\"\"))))","v":"Amperimetro bobina móvel, 0-120 Acc, Class de exat. 1,5; Deflex. Do ponteiro 90º; 60mV ref. Kron"},1,"un",{"$f":"IF($G19=\"ORSE\",VLOOKUP($H19,ORSE_INSUM!A:E,4,0),IF($G19=\"SINAPI\",VLOOKUP($H19,SINAPI_INSUM!A:E,5,0),IF($G19=\"SEINFRA\",VLOOKUP($H19,SEINFRA_INSUM!B:F,4,0),IF($G19=\"COTAÇÃO\",VLOOKUP($H19,'COTACAO - PEÇAS E MATERIAIS'!B:L,10,0),\"\"))))","v":159.27000000000001},159.27000000000001,"COTAÇÃO",6,null,"3"]
["3.1.1.13",{"$f":"IF($G20=\"ORSE\",VLOOKUP($H20,ORSE_INSUM!A:E,2,0),IF($G20=\"SINAPI\",VLOOKUP($H20,SINAPI_INSUM!A:E,2,0),IF($G20=\"SEINFRA\",VLOOKUP($H20,SEINFRA_INSUM!B:F,2,0),IF($G20=\"COTAÇÃO\",VLOOKUP($H20,'COTACAO - PEÇAS E MATERIAIS'!B:L,2,0),\"\"))))","v":"AMPERIMETRO"},8,"un",{"$f":"IF($G20=\"ORSE\",VLOOKUP($H20,ORSE_INSUM!A:E,4,0),IF($G20=\"SINAPI\",VLOOKUP($H20,SINAPI_INSUM!A:E,5,0),IF($G20=\"SEINFRA\",VLOOKUP($H20,SEINFRA_INSUM!B:F,4,0),IF($G20=\"COTAÇÃO\",VLOOKUP($H20,'COTACAO - PEÇAS E MATERIAIS'!B:L,10,0),\"\"))))","v":171.71},1373.68,"ORSE",11934,null,31]
["3.1.1.14",{"$f":"IF($G21=\"ORSE\",VLOOKUP($H21,ORSE_INSUM!A:E,2,0),IF($G21=\"SINAPI\",VLOOKUP($H21,SINAPI_INSUM!A:E,2,0),IF($G21=\"SEINFRA\",VLOOKUP($H21,SEINFRA_INSUM!B:F,2,0),IF($G21=\"COTAÇÃO\",VLOOKUP($H21,'COTACAO - PEÇAS E MATERIAIS'!B:L,2,0),\"\"))))","v":"Antena de transmissão de sinal de Rádio comunicador – PX Base"},1,"Ud",{"$f":"IF($G21=\"ORSE\",VLOOKUP($H21,ORSE_INSUM!A:E,4,0),IF($G21=\"SINAPI\",VLOOKUP($H21,SINAPI_INSUM!A:E,5,0),IF($G21=\"SEINFRA\",VLOOKUP($H21,SEINFRA_INSUM!B:F,4,0),IF($G21=\"COTAÇÃO\",VLOOKUP($H21,'COTACAO - PEÇAS E MATERIAIS'!B:L,10,0),\"\"))))","v":354.55},354.55,"COTAÇÃO",350,null,"2"]
["3.1.1.15",{"$f":"IF($G22=\"ORSE\",VLOOKUP($H22,ORSE_INSUM!A:E,2,0),IF($G22=\"SINAPI\",VLOOKUP($H22,SINAPI_INSUM!A:E,2,0),IF($G22=\"SEINFRA\",VLOOKUP($H22,SEINFRA_INSUM!B:F,2,0),IF($G22=\"COTAÇÃO\",VLOOKUP($H22,'COTACAO - PEÇAS E MATERIAIS'!B:L,2,0),\"\"))))","v":"Antena de transmissão de sinal de Rádio comunicador – PX Móvel"},1,"Ud",{"$f":"IF($G22=\"ORSE\",VLOOKUP($H22,ORSE_INSUM!A:E,4,0),IF($G22=\"SINAPI\",VLOOKUP($H22,SINAPI_INSUM!A:E,5,0),IF($G22=\"SEINFRA\",VLOOKUP($H22,SEINFRA_INSUM!B:F,4,0),IF($G22=\"COTAÇÃO\",VLOOKUP($H22,'COTACAO - PEÇAS E MATERIAIS'!B:L,10,0),\"\"))))","v":179.99},179.99,"COTAÇÃO",351,null,"4"]
["3.1.1.16",{"$f":"IF($G23=\"ORSE\",VLOOKUP($H23,ORSE_INSUM!A:E,2,0),IF($G23=\"SINAPI\",VLOOKUP($H23,SINAPI_INSUM!A:E,2,0),IF($G23=\"SEINFRA\",VLOOKUP($H23,SEINFRA_INSUM!B:F,2,0),IF($G23=\"COTAÇÃO\",VLOOKUP($H23,'COTACAO - PEÇAS E MATERIAIS'!B:L,2,0),\"\"))))","v":"LUMINARIA ARANDELA TIPO MEIA-LUA COM VIDRO FOSCO *30 X 15* CM, PARA 1 LAMPADA, BASE E27, POTENCIA MAXIMA 40/60 W (NAO INCLUI LAMPADA)"},2,null,{"$f":"IF($G23=\"ORSE\",VLOOKUP($H23,ORSE_INSUM!A:E,4,0),IF($G23=\"SINAPI\",VLOOKUP($H23,SINAPI_INSUM!A:E,5,0),IF($G23=\"SEINFRA\",VLOOKUP($H23,SEINFRA_INSUM!B:F,4,0),IF($G23=\"COTAÇÃO\",VLOOKUP($H23,'COTACAO - PEÇAS E MATERIAIS'!B:L,10,0),\"\"))))","v":"30,37"},60.74,"SINAPI",38769,null,6]
["3.1.1.17",{"$f":"IF($G24=\"ORSE\",VLOOKUP($H24,ORSE_INSUM!A:E,2,0),IF($G24=\"SINAPI\",VLOOKUP($H24,SINAPI_INSUM!A:E,2,0),IF($G24=\"SEINFRA\",VLOOKUP($H24,SEINFRA_INSUM!B:F,2,0),IF($G24=\"COTAÇÃO\",VLOOKUP($H24,'COTACAO - PEÇAS E MATERIAIS'!B:L,2,0),\"\"))))","v":"Atuador elétrico para valvula de descarga. Fab.: Bernad. Mod: modelo ASM2 STD"},1,"un",{"$f":"IF($G24=\"ORSE\",VLOOKUP($H24,ORSE_INSUM!A:E,4,0),IF($G24=\"SINAPI\",VLOOKUP($H24,SINAPI_INSUM!A:E,5,0),IF($G24=\"SEINFRA\",VLOOKUP($H24,SEINFRA_INSUM!B:F,4,0),IF($G24=\"COTAÇÃO\",VLOOKUP($H24,'COTACAO - PEÇAS E MATERIAIS'!B:L,10,0),\"\"))))","v":4490},4490,"COTAÇÃO",9,null,"2"]
["3.1.1.18",{"$f":"IF($G25=\"ORSE\",VLOOKUP($H25,ORSE_INSUM!A:E,2,0),IF($G25=\"SINAPI\",VLOOKUP($H25,SINAPI_INSUM!A:E,2,0),IF($G25=\"SEINFRA\",VLOOKUP($H25,SEINFRA_INSUM!B:F,2,0),IF($G25=\"COTAÇÃO\",VLOOKUP($H25,'COTACAO - PEÇAS E MATERIAIS'!B:L,2,0),\"\"))))","v":"Atuador eletrico para valvula de descarga. Fab.: Bernard. Modelo: ASM10 INTEGRAL"},1,"un",{"$f":"IF($G25=\"ORSE\",VLOOKUP($H25,ORSE_INSUM!A:E,4,0),IF($G25=\"SINAPI\",VLOOKUP($H25,SINAPI_INSUM!A:E,5,0),IF($G25=\"SEINFRA\",VLOOKUP($H25,SEINFRA_INSUM!B:F,4,0),IF($G25=\"COTAÇÃO\",VLOOKUP($H25,'COTACAO - PEÇAS E MATERIAIS'!B:L,10,0),\"\"))))","v":7780},7780,"COTAÇÃO",10,null,"2"]
["3.1.1.19",{"$f":"IF($G26=\"ORSE\",VLOOKUP($H26,ORSE_INSUM!A:E,2,0),IF($G26=\"SINAPI\",VLOOKUP($H26,SINAPI_INSUM!A:E,2,0),IF($G26=\"SEINFRA\",VLOOKUP($H26,SEINFRA_INSUM!B:F,2,0),IF($G26=\"COTAÇÃO\",VLOOKUP($H26,'COTACAO - PEÇAS E MATERIAIS'!B:L,2,0),\"\"))))","v":"BANCO CAPACITORES TRIFÁSICO 50kvar/380v BCW50V40 (9x UCW5V40 L10 + 3x UCW1,67V40 L4 DIMENSSIONAL 390 x 265 x 192,5 CÓD:10186095"},1,"Ud",{"$f":"IF($G26=\"ORSE\",VLOOKUP($H26,ORSE_INSUM!A:E,4,0),IF($G26=\"SINAPI\",VLOOKUP($H26,SINAPI_INSUM!A:E,5,0),IF($G26=\"SEINFRA\",VLOOKUP($H26,SEINFRA_INSUM!B:F,4,0),IF($G26=\"COTAÇÃO\",VLOOKUP($H26,'COTACAO - PEÇAS E MATERIAIS'!B:L,10,0),\"\"))))","v":2480},2480,"COTAÇÃO",11,null,4]
["3.1.1.20",{"$f":"IF($G27=\"ORSE\",VLOOKUP($H27,ORSE_INSUM!A:E,2,0),IF($G27=\"SINAPI\",VLOOKUP($H27,SINAPI_INSUM!A:E,2,0),IF($G27=\"SEINFRA\",VLOOKUP($H27,SEINFRA_INSUM!B:F,2,0),IF($G27=\"COTAÇÃO\",VLOOKUP($H27,'COTACAO - PEÇAS E MATERIAIS'!B:L,2,0),\"\"))))","v":"Banco de capacitores fixos trifásico, 7,5kVar, 380V, dielétrico de baixa perda, auto regenerativo, com proteção contra curto-circuito e tempoorizador"},1,"Ud",{"$f":"IF($G27=\"ORSE\",VLOOKUP($H27,ORSE_INSUM!A:E,4,0),IF($G27=\"SINAPI\",VLOOKUP($H27,SINAPI_INSUM!A:E,5,0),IF($G27=\"SEINFRA\",VLOOKUP($H27,SEINFRA_INSUM!B:F,4,0),IF($G27=\"COTAÇÃO\",VLOOKUP($H27,'COTACAO - PEÇAS E MATERIAIS'!B:L,10,0),\"\"))))","v":230.56},230.56,"COTAÇÃO",12,null,"4"]
["3.1.1.21",{"$f":"IF($G28=\"ORSE\",VLOOKUP($H28,ORSE_INSUM!A:E,2,0),IF($G28=\"SINAPI\",VLOOKUP($H28,SINAPI_INSUM!A:E,2,0),IF($G28=\"SEINFRA\",VLOOKUP($H28,SEINFRA_INSUM!B:F,2,0),IF($G28=\"COTAÇÃO\",VLOOKUP($H28,'COTACAO - PEÇAS E MATERIAIS'!B:L,2,0),\"\"))))","v":"BARRA CHATA DE COBRE 3/4\" X 3/16\""},1,"KG",{"$f":"IF($G28=\"ORSE\",VLOOKUP($H28,ORSE_INSUM!A:E,4,0),IF($G28=\"SINAPI\",VLOOKUP($H28,SINAPI_INSUM!A:E,5,0),IF($G28=\"SEINFRA\",VLOOKUP($H28,SEINFRA_INSUM!B:F,4,0),IF($G28=\"COTAÇÃO\",VLOOKUP($H28,'COTACAO - PEÇAS E MATERIAIS'!B:L,10,0),\"\"))))","v":69.3},69.3,"ORSE",9490,null,2]
["3.1.1.22",{"$f":"IF($G29=\"ORSE\",VLOOKUP($H29,ORSE_INSUM!A:E,2,0),IF($G29=\"SINAPI\",VLOOKUP($H29,SINAPI_INSUM!A:E,2,0),IF($G29=\"SEINFRA\",VLOOKUP($H29,SEINFRA_INSUM!B:F,2,0),IF($G29=\"COTAÇÃO\",VLOOKUP($H29,'COTACAO - PEÇAS E MATERIAIS'!B:L,2,0),\"\"))))","v":"BASE FUSÍVEL ATÉ 125A, PARA QUADRO DISTRIBUIÇÃO CIRCUITOS (NH 00 OU SIMILAR)"},1,"un",{"$f":"IF($G29=\"ORSE\",VLOOKUP($H29,ORSE_INSUM!A:E,4,0),IF($G29=\"SINAPI\",VLOOKUP($H29,SINAPI_INSUM!A:E,5,0),IF($G29=\"SEINFRA\",VLOOKUP($H29,SEINFRA_INSUM!B:F,4,0),IF($G29=\"COTAÇÃO\",VLOOKUP($H29,'COTACAO - PEÇAS E MATERIAIS'!B:L,10,0),\"\"))))","v":11.14},11.14,"ORSE",267,null,"4"]
["3.1.1.23",{"$f":"IF($G30=\"ORSE\",VLOOKUP($H30,ORSE_INSUM!A:E,2,0),IF($G30=\"SINAPI\",VLOOKUP($H30,SINAPI_INSUM!A:E,2,0),IF($G30=\"SEINFRA\",VLOOKUP($H30,SEINFRA_INSUM!B:F,2,0),IF($G30=\"COTAÇÃO\",VLOOKUP($H30,'COTACAO - PEÇAS E MATERIAIS'!B:L,2,0),\"\"))))","v":"Base DIAZED, completa Fusível de 10A, tipo 5SB231"},1,"Ud",{"$f":"IF($G30=\"ORSE\",VLOOKUP($H30,ORSE_INSUM!A:E,4,0),IF($G30=\"SINAPI\",VLOOKUP($H30,SINAPI_INSUM!A:E,5,0),IF($G30=\"SEINFRA\",VLOOKUP($H30,SEINFRA_INSUM!B:F,4,0),IF($G30=\"COTAÇÃO\",VLOOKUP($H30,'COTACAO - PEÇAS E MATERIAIS'!B:L,10,0),\"\"))))","v":17.899999999999999},17.899999999999999,"COTAÇÃO",13,null,"4"]
["3.1.1.24",{"$f":"IF($G31=\"ORSE\",VLOOKUP($H31,ORSE_INSUM!A:E,2,0),IF($G31=\"SINAPI\",VLOOKUP($H31,SINAPI_INSUM!A:E,2,0),IF($G31=\"SEINFRA\",VLOOKUP($H31,SEINFRA_INSUM!B:F,2,0),IF($G31=\"COTAÇÃO\",VLOOKUP($H31,'COTACAO - PEÇAS E MATERIAIS'!B:L,2,0),\"\"))))","v":"Base DIAZED, completa Fusível de 2A, tipo 5SB211"},3,"Ud",{"$f":"IF($G31=\"ORSE\",VLOOKUP($H31,ORSE_INSUM!A:E,4,0),IF($G31=\"SINAPI\",VLOOKUP($H31,SINAPI_INSUM!A:E,5,0),IF($G31=\"SEINFRA\",VLOOKUP($H31,SEINFRA_INSUM!B:F,4,0),IF($G31=\"COTAÇÃO\",VLOOKUP($H31,'COTACAO - PEÇAS E MATERIAIS'!B:L,10,0),\"\"))))","v":17.899999999999999},53.7,"COTAÇÃO",14,null,10]
["3.1.1.25",{"$f":"IF($G32=\"ORSE\",VLOOKUP($H32,ORSE_INSUM!A:E,2,0),IF($G32=\"SINAPI\",VLOOKUP($H32,SINAPI_INSUM!A:E,2,0),IF($G32=\"SEINFRA\",VLOOKUP($H32,SEINFRA_INSUM!B:F,2,0),IF($G32=\"COTAÇÃO\",VLOOKUP($H32,'COTACAO - PEÇAS E MATERIAIS'!B:L,2,0),\"\"))))","v":"Base DIAZED, completa Fusível de 4A, tipo 5SB221"},1,"Ud",{"$f":"IF($G32=\"ORSE\",VLOOKUP($H32,ORSE_INSUM!A:E,4,0),IF($G32=\"SINAPI\",VLOOKUP($H32,SINAPI_INSUM!A:E,5,0),IF($G32=\"SEINFRA\",VLOOKUP($H32,SEINFRA_INSUM!B:F,4,0),IF($G32=\"COTAÇÃO\",VLOOKUP($H32,'COTACAO - PEÇAS E MATERIAIS'!B:L,10,0),\"\"))))","v":17.899999999999999},17.899999999999999,"COTAÇÃO",15,null,"4"]
["3.1.1.26",{"$f":"IF($G33=\"ORSE\",VLOOKUP($H33,ORSE_INSUM!A:E,2,0),IF($G33=\"SINAPI\",VLOOKUP($H33,SINAPI_INSUM!A:E,2,0),IF($G33=\"SEINFRA\",VLOOKUP($H33,SEINFRA_INSUM!B:F,2,0),IF($G33=\"COTAÇÃO\",VLOOKUP($H33,'COTACAO - PEÇAS E MATERIAIS'!B:L,2,0),\"\"))))","v":"BASE FUSÍVEL ATÉ 630A, PARA QUADRO DISTRIBUIÇÃO CIRCUITOS (NH 03 OU SIMILAR)"},1,"un",{"$f":"IF($G33=\"ORSE\",VLOOKUP($H33,ORSE_INSUM!A:E,4,0),IF($G33=\"SINAPI\",VLOOKUP($H33,SINAPI_INSUM!A:E,5,0),IF($G33=\"SEINFRA\",VLOOKUP($H33,SEINFRA_INSUM!B:F,4,0),IF($G33=\"COTAÇÃO\",VLOOKUP($H33,'COTACAO - PEÇAS E MATERIAIS'!B:L,10,0),\"\"))))","v":230.5},230.5,"ORSE",270,null,"2"]
["3.1.1.27",{"$f":"IF($G34=\"ORSE\",VLOOKUP($H34,ORSE_INSUM!A:E,2,0),IF($G34=\"SINAPI\",VLOOKUP($H34,SINAPI_INSUM!A:E,2,0),IF($G34=\"SEINFRA\",VLOOKUP($H34,SEINFRA_INSUM!B:F,2,0),IF($G34=\"COTAÇÃO\",VLOOKUP($H34,'COTACAO - PEÇAS E MATERIAIS'!B:L,2,0),\"\"))))","v":"Base relé fotoelétrico"},1,"Ud",{"$f":"IF($G34=\"ORSE\",VLOOKUP($H34,ORSE_INSUM!A:E,4,0),IF($G34=\"SINAPI\",VLOOKUP($H34,SINAPI_INSUM!A:E,5,0),IF($G34=\"SEINFRA\",VLOOKUP($H34,SEINFRA_INSUM!B:F,4,0),IF($G34=\"COTAÇÃO\",VLOOKUP($H34,'COTACAO - PEÇAS E MATERIAIS'!B:L,10,0),\"\"))))","v":17.41},17.41,"COTAÇÃO",16,null,5]
["3.1.1.28",{"$f":"IF($G35=\"ORSE\",VLOOKUP($H35,ORSE_INSUM!A:E,2,0),IF($G35=\"SINAPI\",VLOOKUP($H35,SINAPI_INSUM!A:E,2,0),IF($G35=\"SEINFRA\",VLOOKUP($H35,SEINFRA_INSUM!B:F,2,0),IF($G35=\"COTAÇÃO\",VLOOKUP($H35,'COTACAO - PEÇAS E MATERIAIS'!B:L,2,0),\"\"))))","v":"Bateria 12Vcc/40A/h (para nobreak)"},1,"Ud",{"$f":"IF($G35=\"ORSE\",VLOOKUP($H35,ORSE_INSUM!A:E,4,0),IF($G35=\"SINAPI\",VLOOKUP($H35,SINAPI_INSUM!A:E,5,0),IF($G35=\"SEINFRA\",VLOOKUP($H35,SEINFRA_INSUM!B:F,4,0),IF($G35=\"COTAÇÃO\",VLOOKUP($H35,'COTACAO - PEÇAS E MATERIAIS'!B:L,10,0),\"\"))))","v":385.67},385.67,"COTAÇÃO",17,null,"2"]
["3.1.1.29",{"$f":"IF($G36=\"ORSE\",VLOOKUP($H36,ORSE_INSUM!A:E,2,0),IF($G36=\"SINAPI\",VLOOKUP($H36,SINAPI_INSUM!A:E,2,0),IF($G36=\"SEINFRA\",VLOOKUP($H36,SEINFRA_INSUM!B:F,2,0),IF($G36=\"COTAÇÃO\",VLOOKUP($H36,'COTACAO - PEÇAS E MATERIAIS'!B:L,2,0),\"\"))))","v":"Bateria 9V, alcalina"},3,"Ud",{"$f":"IF($G36=\"ORSE\",VLOOKUP($H36,ORSE_INSUM!A:E,4,0),IF($G36=\"SINAPI\",VLOOKUP($H36,SINAPI_INSUM!A:E,5,0),IF($G36=\"SEINFRA\",VLOOKUP($H36,SEINFRA_INSUM!B:F,4,0),IF($G36=\"COTAÇÃO\",VLOOKUP($H36,'COTACAO - PEÇAS E MATERIAIS'!B:L,10,0),\"\"))))","v":14.16},42.48,"COTAÇÃO",18,null,10]
["3.1.1.30",{"$f":"IF($G37=\"ORSE\",VLOOKUP($H37,ORSE_INSUM!A:E,2,0),IF($G37=\"SINAPI\",VLOOKUP($H37,SINAPI_INSUM!A:E,2,0),IF($G37=\"SEINFRA\",VLOOKUP($H37,SEINFRA_INSUM!B:F,2,0),IF($G37=\"COTAÇÃO\",VLOOKUP($H37,'COTACAO - PEÇAS E MATERIAIS'!B:L,2,0),\"\"))))","v":"BATERIA ESTACIONÁRIA SELADA DF3000, 185AH, 12V FREEDOM OU SIMILAR"},2,"Ud",{"$f":"IF($G37=\"ORSE\",VLOOKUP($H37,ORSE_INSUM!A:E,4,0),IF($G37=\"SINAPI\",VLOOKUP($H37,SINAPI_INSUM!A:E,5,0),IF($G37=\"SEINFRA\",VLOOKUP($H37,SEINFRA_INSUM!B:F,4,0),IF($G37=\"COTAÇÃO\",VLOOKUP($H37,'COTACAO - PEÇAS E MATERIAIS'!B:L,10,0),\"\"))))","v":1110},2220,"ORSE",12853,null,"8"]
["3.1.1.31",{"$f":"IF($G38=\"ORSE\",VLOOKUP($H38,ORSE_INSUM!A:E,2,0),IF($G38=\"SINAPI\",VLOOKUP($H38,SINAPI_INSUM!A:E,2,0),IF($G38=\"SEINFRA\",VLOOKUP($H38,SEINFRA_INSUM!B:F,2,0),IF($G38=\"COTAÇÃO\",VLOOKUP($H38,'COTACAO - PEÇAS E MATERIAIS'!B:L,2,0),\"\"))))","v":"Bloco de contatos auxiliares de contatora auxiliar weg, combinações de contatos diversas"},3,"un",{"$f":"IF($G38=\"ORSE\",VLOOKUP($H38,ORSE_INSUM!A:E,4,0),IF($G38=\"SINAPI\",VLOOKUP($H38,SINAPI_INSUM!A:E,5,0),IF($G38=\"SEINFRA\",VLOOKUP($H38,SEINFRA_INSUM!B:F,4,0),IF($G38=\"COTAÇÃO\",VLOOKUP($H38,'COTACAO - PEÇAS E MATERIAIS'!B:L,10,0),\"\"))))","v":23.75},71.25,"COTAÇÃO",24,null,"10"]
["3.1.1.32",{"$f":"IF($G39=\"ORSE\",VLOOKUP($H39,ORSE_INSUM!A:E,2,0),IF($G39=\"SINAPI\",VLOOKUP($H39,SINAPI_INSUM!A:E,2,0),IF($G39=\"SEINFRA\",VLOOKUP($H39,SEINFRA_INSUM!B:F,2,0),IF($G39=\"COTAÇÃO\",VLOOKUP($H39,'COTACAO - PEÇAS E MATERIAIS'!B:L,2,0),\"\"))))","v":"Bobina para contator SIEMENS modelo: 3TF6844-0C, 220vac"},1,"un",{"$f":"IF($G39=\"ORSE\",VLOOKUP($H39,ORSE_INSUM!A:E,4,0),IF($G39=\"SINAPI\",VLOOKUP($H39,SINAPI_INSUM!A:E,5,0),IF($G39=\"SEINFRA\",VLOOKUP($H39,SEINFRA_INSUM!B:F,4,0),IF($G39=\"COTAÇÃO\",VLOOKUP($H39,'COTACAO - PEÇAS E MATERIAIS'!B:L,10,0),\"\"))))","v":2037.98},2037.98,"COTAÇÃO",27,null,"2"]
["3.1.1.33",{"$f":"IF($G40=\"ORSE\",VLOOKUP($H40,ORSE_INSUM!A:E,2,0),IF($G40=\"SINAPI\",VLOOKUP($H40,SINAPI_INSUM!A:E,2,0),IF($G40=\"SEINFRA\",VLOOKUP($H40,SEINFRA_INSUM!B:F,2,0),IF($G40=\"COTAÇÃO\",VLOOKUP($H40,'COTACAO - PEÇAS E MATERIAIS'!B:L,2,0),\"\"))))","v":"Bobina para contator SIEMENS modelo: 3TF6944-0C, 220vac"},1,"un",{"$f":"IF($G40=\"ORSE\",VLOOKUP($H40,ORSE_INSUM!A:E,4,0),IF($G40=\"SINAPI\",VLOOKUP($H40,SINAPI_INSUM!A:E,5,0),IF($G40=\"SEINFRA\",VLOOKUP($H40,SEINFRA_INSUM!B:F,4,0),IF($G40=\"COTAÇÃO\",VLOOKUP($H40,'COTACAO - PEÇAS E MATERIAIS'!B:L,10,0),\"\"))))","v":3470.35},3470.35,"COTAÇÃO",28,null,"2"]
["3.1.1.34",{"$f":"IF($G41=\"ORSE\",VLOOKUP($H41,ORSE_INSUM!A:E,2,0),IF($G41=\"SINAPI\",VLOOKUP($H41,SINAPI_INSUM!A:E,2,0),IF($G41=\"SEINFRA\",VLOOKUP($H41,SEINFRA_INSUM!B:F,2,0),IF($G41=\"COTAÇÃO\",VLOOKUP($H41,'COTACAO - PEÇAS E MATERIAIS'!B:L,2,0),\"\"))))","v":"Bocal E27 para lâmpada"},3,"Ud",{"$f":"IF($G41=\"ORSE\",VLOOKUP($H41,ORSE_INSUM!A:E,4,0),IF($G41=\"SINAPI\",VLOOKUP($H41,SINAPI_INSUM!A:E,5,0),IF($G41=\"SEINFRA\",VLOOKUP($H41,SEINFRA_INSUM!B:F,4,0),IF($G41=\"COTAÇÃO\",VLOOKUP($H41,'COTACAO - PEÇAS E MATERIAIS'!B:L,10,0),\"\"))))","v":2.85},8.5500000000000007,"COTAÇÃO",29,null,"12"]
["3.1.1.35",{"$f":"IF($G42=\"ORSE\",VLOOKUP($H42,ORSE_INSUM!A:E,2,0),IF($G42=\"SINAPI\",VLOOKUP($H42,SINAPI_INSUM!A:E,2,0),IF($G42=\"SEINFRA\",VLOOKUP($H42,SEINFRA_INSUM!B:F,2,0),IF($G42=\"COTAÇÃO\",VLOOKUP($H42,'COTACAO - PEÇAS E MATERIAIS'!B:L,2,0),\"\"))))","v":"Bocal E40 para lâmpada"},3,"Ud",{"$f":"IF($G42=\"ORSE\",VLOOKUP($H42,ORSE_INSUM!A:E,4,0),IF($G42=\"SINAPI\",VLOOKUP($H42,SINAPI_INSUM!A:E,5,0),IF($G42=\"SEINFRA\",VLOOKUP($H42,SEINFRA_INSUM!B:F,4,0),IF($G42=\"COTAÇÃO\",VLOOKUP($H42,'COTACAO - PEÇAS E MATERIAIS'!B:L,10,0),\"\"))))","v":7.97},23.91,"COTAÇÃO",30,null,"12"]
["3.1.1.36",{"$f":"IF($G43=\"ORSE\",VLOOKUP($H43,ORSE_INSUM!A:E,2,0),IF($G43=\"SINAPI\",VLOOKUP($H43,SINAPI_INSUM!A:E,2,0),IF($G43=\"SEINFRA\",VLOOKUP($H43,SEINFRA_INSUM!B:F,2,0),IF($G43=\"COTAÇÃO\",VLOOKUP($H43,'COTACAO - PEÇAS E MATERIAIS'!B:L,2,0),\"\"))))","v":"Borne unipolar classe de tensão 500V, corrente nominal 25A com 12 pólos, tipo 100-112"},1,"Ud",{"$f":"IF($G43=\"ORSE\",VLOOKUP($H43,ORSE_INSUM!A:E,4,0),IF($G43=\"SINAPI\",VLOOKUP($H43,SINAPI_INSUM!A:E,5,0),IF($G43=\"SEINFRA\",VLOOKUP($H43,SEINFRA_INSUM!B:F,4,0),IF($G43=\"COTAÇÃO\",VLOOKUP($H43,'COTACAO - PEÇAS E MATERIAIS'!B:L,10,0),\"\"))))","v":6.5},6.5,"COTAÇÃO",31,null,"4"]
["3.1.1.37",{"$f":"IF($G44=\"ORSE\",VLOOKUP($H44,ORSE_INSUM!A:E,2,0),IF($G44=\"SINAPI\",VLOOKUP($H44,SINAPI_INSUM!A:E,2,0),IF($G44=\"SEINFRA\",VLOOKUP($H44,SEINFRA_INSUM!B:F,2,0),IF($G44=\"COTAÇÃO\",VLOOKUP($H44,'COTACAO - PEÇAS E MATERIAIS'!B:L,2,0),\"\"))))","v":"Borne unipolar classe de tensão 750V, corrente nominal 36A tipo 95EE"},3,"Ud",{"$f":"IF($G44=\"ORSE\",VLOOKUP($H44,ORSE_INSUM!A:E,4,0),IF($G44=\"SINAPI\",VLOOKUP($H44,SINAPI_INSUM!A:E,5,0),IF($G44=\"SEINFRA\",VLOOKUP($H44,SEINFRA_INSUM!B:F,4,0),IF($G44=\"COTAÇÃO\",VLOOKUP($H44,'COTACAO - PEÇAS E MATERIAIS'!B:L,10,0),\"\"))))","v":13.49},40.47,"COTAÇÃO",32,null,12]
["3.1.1.38",{"$f":"IF($G45=\"ORSE\",VLOOKUP($H45,ORSE_INSUM!A:E,2,0),IF($G45=\"SINAPI\",VLOOKUP($H45,SINAPI_INSUM!A:E,2,0),IF($G45=\"SEINFRA\",VLOOKUP($H45,SEINFRA_INSUM!B:F,2,0),IF($G45=\"COTAÇÃO\",VLOOKUP($H45,'COTACAO - PEÇAS E MATERIAIS'!B:L,2,0),\"\"))))","v":"Botão de comando pulsador, redondo, cor Amarelo, contatos 1NA + 1NF, tipo XB2 – MA51"},1,"Ud",{"$f":"IF($G45=\"ORSE\",VLOOKUP($H45,ORSE_INSUM!A:E,4,0),IF($G45=\"SINAPI\",VLOOKUP($H45,SINAPI_INSUM!A:E,5,0),IF($G45=\"SEINFRA\",VLOOKUP($H45,SEINFRA_INSUM!B:F,4,0),IF($G45=\"COTAÇÃO\",VLOOKUP($H45,'COTACAO - PEÇAS E MATERIAIS'!B:L,10,0),\"\"))))","v":14.9},14.9,"COTAÇÃO",33,null,"4"]
["3.1.1.39",{"$f":"IF($G46=\"ORSE\",VLOOKUP($H46,ORSE_INSUM!A:E,2,0),IF($G46=\"SINAPI\",VLOOKUP($H46,SINAPI_INSUM!A:E,2,0),IF($G46=\"SEINFRA\",VLOOKUP($H46,SEINFRA_INSUM!B:F,2,0),IF($G46=\"COTAÇÃO\",VLOOKUP($H46,'COTACAO - PEÇAS E MATERIAIS'!B:L,2,0),\"\"))))","v":"Botão de comando pulsador, redondo, cor Preto, contatos 1NA + 1NF, tipo XB2 – MV107"},1,"Ud",{"$f":"IF($G46=\"ORSE\",VLOOKUP($H46,ORSE_INSUM!A:E,4,0),IF($G46=\"SINAPI\",VLOOKUP($H46,SINAPI_INSUM!A:E,5,0),IF($G46=\"SEINFRA\",VLOOKUP($H46,SEINFRA_INSUM!B:F,4,0),IF($G46=\"COTAÇÃO\",VLOOKUP($H46,'COTACAO - PEÇAS E MATERIAIS'!B:L,10,0),\"\"))))","v":14.9},14.9,"COTAÇÃO",34,null,"4"]
["3.1.1.40",{"$f":"IF($G47=\"ORSE\",VLOOKUP($H47,ORSE_INSUM!A:E,2,0),IF($G47=\"SINAPI\",VLOOKUP($H47,SINAPI_INSUM!A:E,2,0),IF($G47=\"SEINFRA\",VLOOKUP($H47,SEINFRA_INSUM!B:F,2,0),IF($G47=\"COTAÇÃO\",VLOOKUP($H47,'COTACAO - PEÇAS E MATERIAIS'!B:L,2,0),\"\"))))","v":"Botão de comando pulsador, redondo, cor verde, contatos 1NA + 1NF, furação: 30,5mm"},1,"un",{"$f":"IF($G47=\"ORSE\",VLOOKUP($H47,ORSE_INSUM!A:E,4,0),IF($G47=\"SINAPI\",VLOOKUP($H47,SINAPI_INSUM!A:E,5,0),IF($G47=\"SEINFRA\",VLOOKUP($H47,SEINFRA_INSUM!B:F,4,0),IF($G47=\"COTAÇÃO\",VLOOKUP($H47,'COTACAO - PEÇAS E MATERIAIS'!B:L,10,0),\"\"))))","v":14.9},14.9,"COTAÇÃO",35,null,5]
["3.1.1.41",{"$f":"IF($G48=\"ORSE\",VLOOKUP($H48,ORSE_INSUM!A:E,2,0),IF($G48=\"SINAPI\",VLOOKUP($H48,SINAPI_INSUM!A:E,2,0),IF($G48=\"SEINFRA\",VLOOKUP($H48,SEINFRA_INSUM!B:F,2,0),IF($G48=\"COTAÇÃO\",VLOOKUP($H48,'COTACAO - PEÇAS E MATERIAIS'!B:L,2,0),\"\"))))","v":"Botão de comando pulsador, redondo, cor verde, contatos 1NA + 1NF, tipo XB2 – MA31"},2,"Ud",{"$f":"IF($G48=\"ORSE\",VLOOKUP($H48,ORSE_INSUM!A:E,4,0),IF($G48=\"SINAPI\",VLOOKUP($H48,SINAPI_INSUM!A:E,5,0),IF($G48=\"SEINFRA\",VLOOKUP($H48,SEINFRA_INSUM!B:F,4,0),IF($G48=\"COTAÇÃO\",VLOOKUP($H48,'COTACAO - PEÇAS E MATERIAIS'!B:L,10,0),\"\"))))","v":14.9},29.8,"COTAÇÃO",36,null,"6"]
["3.1.1.42",{"$f":"IF($G49=\"ORSE\",VLOOKUP($H49,ORSE_INSUM!A:E,2,0),IF($G49=\"SINAPI\",VLOOKUP($H49,SINAPI_INSUM!A:E,2,0),IF($G49=\"SEINFRA\",VLOOKUP($H49,SEINFRA_INSUM!B:F,2,0),IF($G49=\"COTAÇÃO\",VLOOKUP($H49,'COTACAO - PEÇAS E MATERIAIS'!B:L,2,0),\"\"))))","v":"Botão de comando pulsador, redondo, cor vermelha, contatos 1NA + 1NF, tipo XB2 – MA41"},1,"Ud",{"$f":"IF($G49=\"ORSE\",VLOOKUP($H49,ORSE_INSUM!A:E,4,0),IF($G49=\"SINAPI\",VLOOKUP($H49,SINAPI_INSUM!A:E,5,0),IF($G49=\"SEINFRA\",VLOOKUP($H49,SEINFRA_INSUM!B:F,4,0),IF($G49=\"COTAÇÃO\",VLOOKUP($H49,'COTACAO - PEÇAS E MATERIAIS'!B:L,10,0),\"\"))))","v":14.9},14.9,"COTAÇÃO",37,null,"4"]
["3.1.1.43",{"$f":"IF($G50=\"ORSE\",VLOOKUP($H50,ORSE_INSUM!A:E,2,0),IF($G50=\"SINAPI\",VLOOKUP($H50,SINAPI_INSUM!A:E,2,0),IF($G50=\"SEINFRA\",VLOOKUP($H50,SEINFRA_INSUM!B:F,2,0),IF($G50=\"COTAÇÃO\",VLOOKUP($H50,'COTACAO - PEÇAS E MATERIAIS'!B:L,2,0),\"\"))))","v":"Botão de comando pulsador, redondo, cor vermelho, contatos 1NA + 1NF, furação: 30,5mm"},1,"un",{"$f":"IF($G50=\"ORSE\",VLOOKUP($H50,ORSE_INSUM!A:E,4,0),IF($G50=\"SINAPI\",VLOOKUP($H50,SINAPI_INSUM!A:E,5,0),IF($G50=\"SEINFRA\",VLOOKUP($H50,SEINFRA_INSUM!B:F,4,0),IF($G50=\"COTAÇÃO\",VLOOKUP($H50,'COTACAO - PEÇAS E MATERIAIS'!B:L,10,0),\"\"))))","v":14.9},14.9,"COTAÇÃO",38,null,5]
["3.1.1.44",{"$f":"IF($G51=\"ORSE\",VLOOKUP($H51,ORSE_INSUM!A:E,2,0),IF($G51=\"SINAPI\",VLOOKUP($H51,SINAPI_INSUM!A:E,2,0),IF($G51=\"SEINFRA\",VLOOKUP($H51,SEINFRA_INSUM!B:F,2,0),IF($G51=\"COTAÇÃO\",VLOOKUP($H51,'COTACAO - PEÇAS E MATERIAIS'!B:L,2,0),\"\"))))","v":"Botão de emergência com trava VM"},1,"Ud",{"$f":"IF($G51=\"ORSE\",VLOOKUP($H51,ORSE_INSUM!A:E,4,0),IF($G51=\"SINAPI\",VLOOKUP($H51,SINAPI_INSUM!A:E,5,0),IF($G51=\"SEINFRA\",VLOOKUP($H51,SEINFRA_INSUM!B:F,4,0),IF($G51=\"COTAÇÃO\",VLOOKUP($H51,'COTACAO - PEÇAS E MATERIAIS'!B:L,10,0),\"\"))))","v":24.47},24.47,"COTAÇÃO",39,null,"2"]
["3.1.1.45",{"$f":"IF($G52=\"ORSE\",VLOOKUP($H52,ORSE_INSUM!A:E,2,0),IF($G52=\"SINAPI\",VLOOKUP($H52,SINAPI_INSUM!A:E,2,0),IF($G52=\"SEINFRA\",VLOOKUP($H52,SEINFRA_INSUM!B:F,2,0),IF($G52=\"COTAÇÃO\",VLOOKUP($H52,'COTACAO - PEÇAS E MATERIAIS'!B:L,2,0),\"\"))))","v":"Botoeira dupla 1NA + 1NF"},3,"un",{"$f":"IF($G52=\"ORSE\",VLOOKUP($H52,ORSE_INSUM!A:E,4,0),IF($G52=\"SINAPI\",VLOOKUP($H52,SINAPI_INSUM!A:E,5,0),IF($G52=\"SEINFRA\",VLOOKUP($H52,SEINFRA_INSUM!B:F,4,0),IF($G52=\"COTAÇÃO\",VLOOKUP($H52,'COTACAO - PEÇAS E MATERIAIS'!B:L,10,0),\"\"))))","v":25},75,"COTAÇÃO",40,null,10]
["3.1.1.46",{"$f":"IF($G53=\"ORSE\",VLOOKUP($H53,ORSE_INSUM!A:E,2,0),IF($G53=\"SINAPI\",VLOOKUP($H53,SINAPI_INSUM!A:E,2,0),IF($G53=\"SEINFRA\",VLOOKUP($H53,SEINFRA_INSUM!B:F,2,0),IF($G53=\"COTAÇÃO\",VLOOKUP($H53,'COTACAO - PEÇAS E MATERIAIS'!B:L,2,0),\"\"))))","v":"Botoeira pendente para ponte rolante, com 8 botões de 2 estagios e 1 botão de emergência. Blindada IP54 ou superior"},1,"un",{"$f":"IF($G53=\"ORSE\",VLOOKUP($H53,ORSE_INSUM!A:E,4,0),IF($G53=\"SINAPI\",VLOOKUP($H53,SINAPI_INSUM!A:E,5,0),IF($G53=\"SEINFRA\",VLOOKUP($H53,SEINFRA_INSUM!B:F,4,0),IF($G53=\"COTAÇÃO\",VLOOKUP($H53,'COTACAO - PEÇAS E MATERIAIS'!B:L,10,0),\"\"))))","v":312.39999999999998},312.39999999999998,"COTAÇÃO",41,null,"2"]
["3.1.1.47",{"$f":"IF($G54=\"ORSE\",VLOOKUP($H54,ORSE_INSUM!A:E,2,0),IF($G54=\"SINAPI\",VLOOKUP($H54,SINAPI_INSUM!A:E,2,0),IF($G54=\"SEINFRA\",VLOOKUP($H54,SEINFRA_INSUM!B:F,2,0),IF($G54=\"COTAÇÃO\",VLOOKUP($H54,'COTACAO - PEÇAS E MATERIAIS'!B:L,2,0),\"\"))))","v":"BUCHA DE PASSAGEM INTERNA/INTERNA, EM PORCELANA, CLASSE 15 KV, CORRENTE 200A  (NBI 95 KV)"},1,"Ud",{"$f":"IF($G54=\"ORSE\",VLOOKUP($H54,ORSE_INSUM!A:E,4,0),IF($G54=\"SINAPI\",VLOOKUP($H54,SINAPI_INSUM!A:E,5,0),IF($G54=\"SEINFRA\",VLOOKUP($H54,SEINFRA_INSUM!B:F,4,0),IF($G54=\"COTAÇÃO\",VLOOKUP($H54,'COTACAO - PEÇAS E MATERIAIS'!B:L,10,0),\"\"))))","v":507.9},507.9,"ORSE",6537,null,"4"]
["3.1.1.48",{"$f":"IF($G55=\"ORSE\",VLOOKUP($H55,ORSE_INSUM!A:E,2,0),IF($G55=\"SINAPI\",VLOOKUP($H55,SINAPI_INSUM!A:E,2,0),IF($G55=\"SEINFRA\",VLOOKUP($H55,SEINFRA_INSUM!B:F,2,0),IF($G55=\"COTAÇÃO\",VLOOKUP($H55,'COTACAO - PEÇAS E MATERIAIS'!B:L,2,0),\"\"))))","v":"BUCHA DE REDUCAO DE FERRO GALVANIZADO, COM ROSCA BSP, DE 2\" X 1\""},1,"Ud",{"$f":"IF($G55=\"ORSE\",VLOOKUP($H55,ORSE_INSUM!A:E,4,0),IF($G55=\"SINAPI\",VLOOKUP($H55,SINAPI_INSUM!A:E,5,0),IF($G55=\"SEINFRA\",VLOOKUP($H55,SEINFRA_INSUM!B:F,4,0),IF($G55=\"COTAÇÃO\",VLOOKUP($H55,'COTACAO - PEÇAS E MATERIAIS'!B:L,10,0),\"\"))))","v":"15,35"},15.35,"SINAPI",771,null,"2"]
["3.1.1.49",{"$f":"IF($G56=\"ORSE\",VLOOKUP($H56,ORSE_INSUM!A:E,2,0),IF($G56=\"SINAPI\",VLOOKUP($H56,SINAPI_INSUM!A:E,2,0),IF($G56=\"SEINFRA\",VLOOKUP($H56,SEINFRA_INSUM!B:F,2,0),IF($G56=\"COTAÇÃO\",VLOOKUP($H56,'COTACAO - PEÇAS E MATERIAIS'!B:L,2,0),\"\"))))","v":"BUCHA DE FERRO GALVANIZADO 1''"},15,"Ud",{"$f":"IF($G56=\"ORSE\",VLOOKUP($H56,ORSE_INSUM!A:E,4,0),IF($G56=\"SINAPI\",VLOOKUP($H56,SINAPI_INSUM!A:E,5,0),IF($G56=\"SEINFRA\",VLOOKUP($H56,SEINFRA_INSUM!B:F,4,0),IF($G56=\"COTAÇÃO\",VLOOKUP($H56,'COTACAO - PEÇAS E MATERIAIS'!B:L,10,0),\"\"))))","v":0.6},9,"SEINFRA","I0287",null,"60"]
["3.1.1.50",{"$f":"IF($G57=\"ORSE\",VLOOKUP($H57,ORSE_INSUM!A:E,2,0),IF($G57=\"SINAPI\",VLOOKUP($H57,SINAPI_INSUM!A:E,2,0),IF($G57=\"SEINFRA\",VLOOKUP($H57,SEINFRA_INSUM!B:F,2,0),IF($G57=\"COTAÇÃO\",VLOOKUP($H57,'COTACAO - PEÇAS E MATERIAIS'!B:L,2,0),\"\"))))","v":"CABO DE COBRE ISOLADO EPR, FLEXIVEL, 300MM²,  0,6/1KV / 90º C (EPROTENAX-G7 O U SIMILAR)"},135,"m",{"$f":"IF($G57=\"ORSE\",VLOOKUP($H57,ORSE_INSUM!A:E,4,0),IF($G57=\"SINAPI\",VLOOKUP($H57,SINAPI_INSUM!A:E,5,0),IF($G57=\"SEINFRA\",VLOOKUP($H57,SEINFRA_INSUM!B:F,4,0),IF($G57=\"COTAÇÃO\",VLOOKUP($H57,'COTACAO - PEÇAS E MATERIAIS'!B:L,10,0),\"\"))))","v":143},19305,"ORSE",4126,null,"540"]
["3.1.1.51",{"$f":"IF($G58=\"ORSE\",VLOOKUP($H58,ORSE_INSUM!A:E,2,0),IF($G58=\"SINAPI\",VLOOKUP($H58,SINAPI_INSUM!A:E,2,0),IF($G58=\"SEINFRA\",VLOOKUP($H58,SEINFRA_INSUM!B:F,2,0),IF($G58=\"COTAÇÃO\",VLOOKUP($H58,'COTACAO - PEÇAS E MATERIAIS'!B:L,2,0),\"\"))))","v":"CABO DE COBRE ISOLADO EPR, FLEXIVEL, 120MM²,  0,6/1KV / 90º C (EPROTENAX-G7 O U SIMILAR)"},13,"M",{"$f":"IF($G58=\"ORSE\",VLOOKUP($H58,ORSE_INSUM!A:E,4,0),IF($G58=\"SINAPI\",VLOOKUP($H58,SINAPI_INSUM!A:E,5,0),IF($G58=\"SEINFRA\",VLOOKUP($H58,SEINFRA_INSUM!B:F,4,0),IF($G58=\"COTAÇÃO\",VLOOKUP($H58,'COTACAO - PEÇAS E MATERIAIS'!B:L,10,0),\"\"))))","v":51.5},669.5,"ORSE",4121,null,50]
["3.1.1.52",{"$f":"IF($G59=\"ORSE\",VLOOKUP($H59,ORSE_INSUM!A:E,2,0),IF($G59=\"SINAPI\",VLOOKUP($H59,SINAPI_INSUM!A:E,2,0),IF($G59=\"SEINFRA\",VLOOKUP($H59,SEINFRA_INSUM!B:F,2,0),IF($G59=\"COTAÇÃO\",VLOOKUP($H59,'COTACAO - PEÇAS E MATERIAIS'!B:L,2,0),\"\"))))","v":"Cabo com isolação em PVC, temperatura 70ºC, tipo Sintenax Antiflam, classe de tensão 0,6/1 kV bitola 16 mm²"},13,"M",{"$f":"IF($G59=\"ORSE\",VLOOKUP($H59,ORSE_INSUM!A:E,4,0),IF($G59=\"SINAPI\",VLOOKUP($H59,SINAPI_INSUM!A:E,5,0),IF($G59=\"SEINFRA\",VLOOKUP($H59,SEINFRA_INSUM!B:F,4,0),IF($G59=\"COTAÇÃO\",VLOOKUP($H59,'COTACAO - PEÇAS E MATERIAIS'!B:L,10,0),\"\"))))","v":7.1},92.3,"COTAÇÃO",48,null,50]
["3.1.1.53",{"$f":"IF($G60=\"ORSE\",VLOOKUP($H60,ORSE_INSUM!A:E,2,0),IF($G60=\"SINAPI\",VLOOKUP($H60,SINAPI_INSUM!A:E,2,0),IF($G60=\"SEINFRA\",VLOOKUP($H60,SEINFRA_INSUM!B:F,2,0),IF($G60=\"COTAÇÃO\",VLOOKUP($H60,'COTACAO - PEÇAS E MATERIAIS'!B:L,2,0),\"\"))))","v":"Cabo com isolação em PVC, temperatura 70ºC, tipo Sintenax Antiflam, classe de tensão0,6/1 kV bitola 35 mm²"},13,"M",{"$f":"IF($G60=\"ORSE\",VLOOKUP($H60,ORSE_INSUM!A:E,4,0),IF($G60=\"SINAPI\",VLOOKUP($H60,SINAPI_INSUM!A:E,5,0),IF($G60=\"SEINFRA\",VLOOKUP($H60,SEINFRA_INSUM!B:F,4,0),IF($G60=\"COTAÇÃO\",VLOOKUP($H60,'COTACAO - PEÇAS E MATERIAIS'!B:L,10,0),\"\"))))","v":10.98},142.74,"COTAÇÃO",49,null,50]
["3.1.1.54",{"$f":"IF($G61=\"ORSE\",VLOOKUP($H61,ORSE_INSUM!A:E,2,0),IF($G61=\"SINAPI\",VLOOKUP($H61,SINAPI_INSUM!A:E,2,0),IF($G61=\"SEINFRA\",VLOOKUP($H61,SEINFRA_INSUM!B:F,2,0),IF($G61=\"COTAÇÃO\",VLOOKUP($H61,'COTACAO - PEÇAS E MATERIAIS'!B:L,2,0),\"\"))))","v":"Cabo condutor de cobre 70ºC isolação em PVC tipo Sintenax Antiflam classe 0,6/1 kV bitola 10 mm²"},13,"M",{"$f":"IF($G61=\"ORSE\",VLOOKUP($H61,ORSE_INSUM!A:E,4,0),IF($G61=\"SINAPI\",VLOOKUP($H61,SINAPI_INSUM!A:E,5,0),IF($G61=\"SEINFRA\",VLOOKUP($H61,SEINFRA_INSUM!B:F,4,0),IF($G61=\"COTAÇÃO\",VLOOKUP($H61,'COTACAO - PEÇAS E MATERIAIS'!B:L,10,0),\"\"))))","v":5.43},70.59,"COTAÇÃO",50,null,50]
["3.1.1.55",{"$f":"IF($G62=\"ORSE\",VLOOKUP($H62,ORSE_INSUM!A:E,2,0),IF($G62=\"SINAPI\",VLOOKUP($H62,SINAPI_INSUM!A:E,2,0),IF($G62=\"SEINFRA\",VLOOKUP($H62,SEINFRA_INSUM!B:F,2,0),IF($G62=\"COTAÇÃO\",VLOOKUP($H62,'COTACAO - PEÇAS E MATERIAIS'!B:L,2,0),\"\"))))","v":"CABO EM PVC 1000V 16MM2"},25,"M",{"$f":"IF($G62=\"ORSE\",VLOOKUP($H62,ORSE_INSUM!A:E,4,0),IF($G62=\"SINAPI\",VLOOKUP($H62,SINAPI_INSUM!A:E,5,0),IF($G62=\"SEINFRA\",VLOOKUP($H62,SEINFRA_INSUM!B:F,4,0),IF($G62=\"COTAÇÃO\",VLOOKUP($H62,'COTACAO - PEÇAS E MATERIAIS'!B:L,10,0),\"\"))))","v":7.96},199,"SEINFRA","I0369",null,"100"]
["3.1.1.56",{"$f":"IF($G63=\"ORSE\",VLOOKUP($H63,ORSE_INSUM!A:E,2,0),IF($G63=\"SINAPI\",VLOOKUP($H63,SINAPI_INSUM!A:E,2,0),IF($G63=\"SEINFRA\",VLOOKUP($H63,SEINFRA_INSUM!B:F,2,0),IF($G63=\"COTAÇÃO\",VLOOKUP($H63,'COTACAO - PEÇAS E MATERIAIS'!B:L,2,0),\"\"))))","v":"CABO EM PVC 1000V 2,5 mm²"},13,"M",{"$f":"IF($G63=\"ORSE\",VLOOKUP($H63,ORSE_INSUM!A:E,4,0),IF($G63=\"SINAPI\",VLOOKUP($H63,SINAPI_INSUM!A:E,5,0),IF($G63=\"SEINFRA\",VLOOKUP($H63,SEINFRA_INSUM!B:F,4,0),IF($G63=\"COTAÇÃO\",VLOOKUP($H63,'COTACAO - PEÇAS E MATERIAIS'!B:L,10,0),\"\"))))","v":1.55},20.149999999999999,"SEINFRA","I8229",null,50]
["3.1.1.57",{"$f":"IF($G64=\"ORSE\",VLOOKUP($H64,ORSE_INSUM!A:E,2,0),IF($G64=\"SINAPI\",VLOOKUP($H64,SINAPI_INSUM!A:E,2,0),IF($G64=\"SEINFRA\",VLOOKUP($H64,SEINFRA_INSUM!B:F,2,0),IF($G64=\"COTAÇÃO\",VLOOKUP($H64,'COTACAO - PEÇAS E MATERIAIS'!B:L,2,0),\"\"))))","v":"CABO EM PVC 1000V 25MM2"},13,"M",{"$f":"IF($G64=\"ORSE\",VLOOKUP($H64,ORSE_INSUM!A:E,4,0),IF($G64=\"SINAPI\",VLOOKUP($H64,SINAPI_INSUM!A:E,5,0),IF($G64=\"SEINFRA\",VLOOKUP($H64,SEINFRA_INSUM!B:F,4,0),IF($G64=\"COTAÇÃO\",VLOOKUP($H64,'COTACAO - PEÇAS E MATERIAIS'!B:L,10,0),\"\"))))","v":12.28},159.63999999999999,"SEINFRA","I0372",null,50]
["3.1.1.58",{"$f":"IF($G65=\"ORSE\",VLOOKUP($H65,ORSE_INSUM!A:E,2,0),IF($G65=\"SINAPI\",VLOOKUP($H65,SINAPI_INSUM!A:E,2,0),IF($G65=\"SEINFRA\",VLOOKUP($H65,SEINFRA_INSUM!B:F,2,0),IF($G65=\"COTAÇÃO\",VLOOKUP($H65,'COTACAO - PEÇAS E MATERIAIS'!B:L,2,0),\"\"))))","v":"CABO EM PVC 1000V 35MM2"},13,"M",{"$f":"IF($G65=\"ORSE\",VLOOKUP($H65,ORSE_INSUM!A:E,4,0),IF($G65=\"SINAPI\",VLOOKUP($H65,SINAPI_INSUM!A:E,5,0),IF($G65=\"SEINFRA\",VLOOKUP($H65,SEINFRA_INSUM!B:F,4,0),IF($G65=\"COTAÇÃO\",VLOOKUP($H65,'COTACAO - PEÇAS E MATERIAIS'!B:L,10,0),\"\"))))","v":16.170000000000002},210.21,"SEINFRA","I0373",null,50]
["3.1.1.59",{"$f":"IF($G66=\"ORSE\",VLOOKUP($H66,ORSE_INSUM!A:E,2,0),IF($G66=\"SINAPI\",VLOOKUP($H66,SINAPI_INSUM!A:E,2,0),IF($G66=\"SEINFRA\",VLOOKUP($H66,SEINFRA_INSUM!B:F,2,0),IF($G66=\"COTAÇÃO\",VLOOKUP($H66,'COTACAO - PEÇAS E MATERIAIS'!B:L,2,0),\"\"))))","v":"CABO EM PVC 1000V 4MM2"},13,"M",{"$f":"IF($G66=\"ORSE\",VLOOKUP($H66,ORSE_INSUM!A:E,4,0),IF($G66=\"SINAPI\",VLOOKUP($H66,SINAPI_INSUM!A:E,5,0),IF($G66=\"SEINFRA\",VLOOKUP($H66,SEINFRA_INSUM!B:F,4,0),IF($G66=\"COTAÇÃO\",VLOOKUP($H66,'COTACAO - PEÇAS E MATERIAIS'!B:L,10,0),\"\"))))","v":2.77},36.01,"SEINFRA","I0374",null,50]
["3.1.1.60",{"$f":"IF($G67=\"ORSE\",VLOOKUP($H67,ORSE_INSUM!A:E,2,0),IF($G67=\"SINAPI\",VLOOKUP($H67,SINAPI_INSUM!A:E,2,0),IF($G67=\"SEINFRA\",VLOOKUP($H67,SEINFRA_INSUM!B:F,2,0),IF($G67=\"COTAÇÃO\",VLOOKUP($H67,'COTACAO - PEÇAS E MATERIAIS'!B:L,2,0),\"\"))))","v":"CABO EM PVC 1000V 50MM2"},13,"M",{"$f":"IF($G67=\"ORSE\",VLOOKUP($H67,ORSE_INSUM!A:E,4,0),IF($G67=\"SINAPI\",VLOOKUP($H67,SINAPI_INSUM!A:E,5,0),IF($G67=\"SEINFRA\",VLOOKUP($H67,SEINFRA_INSUM!B:F,4,0),IF($G67=\"COTAÇÃO\",VLOOKUP($H67,'COTACAO - PEÇAS E MATERIAIS'!B:L,10,0),\"\"))))","v":20.46},265.98,"SEINFRA","I0331",null,50]
["3.1.1.61",{"$f":"IF($G68=\"ORSE\",VLOOKUP($H68,ORSE_INSUM!A:E,2,0),IF($G68=\"SINAPI\",VLOOKUP($H68,SINAPI_INSUM!A:E,2,0),IF($G68=\"SEINFRA\",VLOOKUP($H68,SEINFRA_INSUM!B:F,2,0),IF($G68=\"COTAÇÃO\",VLOOKUP($H68,'COTACAO - PEÇAS E MATERIAIS'!B:L,2,0),\"\"))))","v":"CABO EM PVC 1000V 6MM2"},13,"M",{"$f":"IF($G68=\"ORSE\",VLOOKUP($H68,ORSE_INSUM!A:E,4,0),IF($G68=\"SINAPI\",VLOOKUP($H68,SINAPI_INSUM!A:E,5,0),IF($G68=\"SEINFRA\",VLOOKUP($H68,SEINFRA_INSUM!B:F,4,0),IF($G68=\"COTAÇÃO\",VLOOKUP($H68,'COTACAO - PEÇAS E MATERIAIS'!B:L,10,0),\"\"))))","v":3.45},44.85,"SEINFRA","I0375",null,50]
["3.1.1.62",{"$f":"IF($G69=\"ORSE\",VLOOKUP($H69,ORSE_INSUM!A:E,2,0),IF($G69=\"SINAPI\",VLOOKUP($H69,SINAPI_INSUM!A:E,2,0),IF($G69=\"SEINFRA\",VLOOKUP($H69,SEINFRA_INSUM!B:F,2,0),IF($G69=\"COTAÇÃO\",VLOOKUP($H69,'COTACAO - PEÇAS E MATERIAIS'!B:L,2,0),\"\"))))","v":"CABO EM PVC 1000V 70MM2"},13,"M",{"$f":"IF($G69=\"ORSE\",VLOOKUP($H69,ORSE_INSUM!A:E,4,0),IF($G69=\"SINAPI\",VLOOKUP($H69,SINAPI_INSUM!A:E,5,0),IF($G69=\"SEINFRA\",VLOOKUP($H69,SEINFRA_INSUM!B:F,4,0),IF($G69=\"COTAÇÃO\",VLOOKUP($H69,'COTACAO - PEÇAS E MATERIAIS'!B:L,10,0),\"\"))))","v":30.61},397.93,"SEINFRA","I0376",null,50]
["3.1.1.63",{"$f":"IF($G70=\"ORSE\",VLOOKUP($H70,ORSE_INSUM!A:E,2,0),IF($G70=\"SINAPI\",VLOOKUP($H70,SINAPI_INSUM!A:E,2,0),IF($G70=\"SEINFRA\",VLOOKUP($H70,SEINFRA_INSUM!B:F,2,0),IF($G70=\"COTAÇÃO\",VLOOKUP($H70,'COTACAO - PEÇAS E MATERIAIS'!B:L,2,0),\"\"))))","v":"CABO DE COBRE ISOLADO EPR, FLEXIVEL,  35MM²,  8,7/15KV / 90º C (EPROTENAX OU  SIMILAR)"},25,"M",{"$f":"IF($G70=\"ORSE\",VLOOKUP($H70,ORSE_INSUM!A:E,4,0),IF($G70=\"SINAPI\",VLOOKUP($H70,SINAPI_INSUM!A:E,5,0),IF($G70=\"SEINFRA\",VLOOKUP($H70,SEINFRA_INSUM!B:F,4,0),IF($G70=\"COTAÇÃO\",VLOOKUP($H70,'COTACAO - PEÇAS E MATERIAIS'!B:L,10,0),\"\"))))","v":32},800,"ORSE",9856,null,"100"]
["3.1.1.64",{"$f":"IF($G71=\"ORSE\",VLOOKUP($H71,ORSE_INSUM!A:E,2,0),IF($G71=\"SINAPI\",VLOOKUP($H71,SINAPI_INSUM!A:E,2,0),IF($G71=\"SEINFRA\",VLOOKUP($H71,SEINFRA_INSUM!B:F,2,0),IF($G71=\"COTAÇÃO\",VLOOKUP($H71,'COTACAO - PEÇAS E MATERIAIS'!B:L,2,0),\"\"))))","v":"CABO DE COBRE ISOLADO EPR, FLEXIVEL, 150MM²,  0,6/1KV / 90º C (EPROTENAX-G7 O U SIMILAR)"},13,"M",{"$f":"IF($G71=\"ORSE\",VLOOKUP($H71,ORSE_INSUM!A:E,4,0),IF($G71=\"SINAPI\",VLOOKUP($H71,SINAPI_INSUM!A:E,5,0),IF($G71=\"SEINFRA\",VLOOKUP($H71,SEINFRA_INSUM!B:F,4,0),IF($G71=\"COTAÇÃO\",VLOOKUP($H71,'COTACAO - PEÇAS E MATERIAIS'!B:L,10,0),\"\"))))","v":66.849999999999994},869.05,"ORSE",4124,null,50]
["3.1.1.65",{"$f":"IF($G72=\"ORSE\",VLOOKUP($H72,ORSE_INSUM!A:E,2,0),IF($G72=\"SINAPI\",VLOOKUP($H72,SINAPI_INSUM!A:E,2,0),IF($G72=\"SEINFRA\",VLOOKUP($H72,SEINFRA_INSUM!B:F,2,0),IF($G72=\"COTAÇÃO\",VLOOKUP($H72,'COTACAO - PEÇAS E MATERIAIS'!B:L,2,0),\"\"))))","v":"CABO DE COBRE ISOLADO EPR, FLEXIVEL, 240MM²,  0,6/1KV / 90º C (EPROTENAX-G7 O U SIMILAR)"},260,"M",{"$f":"IF($G72=\"ORSE\",VLOOKUP($H72,ORSE_INSUM!A:E,4,0),IF($G72=\"SINAPI\",VLOOKUP($H72,SINAPI_INSUM!A:E,5,0),IF($G72=\"SEINFRA\",VLOOKUP($H72,SEINFRA_INSUM!B:F,4,0),IF($G72=\"COTAÇÃO\",VLOOKUP($H72,'COTACAO - PEÇAS E MATERIAIS'!B:L,10,0),\"\"))))","v":100},26000,"ORSE",4123,null,"1040"]
["3.1.1.66",{"$f":"IF($G73=\"ORSE\",VLOOKUP($H73,ORSE_INSUM!A:E,2,0),IF($G73=\"SINAPI\",VLOOKUP($H73,SINAPI_INSUM!A:E,2,0),IF($G73=\"SEINFRA\",VLOOKUP($H73,SEINFRA_INSUM!B:F,2,0),IF($G73=\"COTAÇÃO\",VLOOKUP($H73,'COTACAO - PEÇAS E MATERIAIS'!B:L,2,0),\"\"))))","v":"Cabo de cobre  isolado, diâmetro 1,5 mm2, 750 V/1000 V (100 metros)"},{"$f":"ROUND(J73/4,0)","v":1},"UD",{"$f":"IF($G73=\"ORSE\",VLOOKUP($H73,ORSE_INSUM!A:E,4,0),IF($G73=\"SINAPI\",VLOOKUP($H73,SINAPI_INSUM!A:E,5,0),IF($G73=\"SEINFRA\",VLOOKUP($H73,SEINFRA_INSUM!B:F,4,0),IF($G73=\"COTAÇÃO\",VLOOKUP($H73,'COTACAO - PEÇAS E MATERIAIS'!B:L,10,0),\"\"))))","v":62.46},{"$f":"ROUND(C73*E73,2)","v":62.46},"COTAÇÃO",51,null,"2"]
["3.1.1.67",{"$f":"IF($G74=\"ORSE\",VLOOKUP($H74,ORSE_INSUM!A:E,2,0),IF($G74=\"SINAPI\",VLOOKUP($H74,SINAPI_INSUM!A:E,2,0),IF($G74=\"SEINFRA\",VLOOKUP($H74,SEINFRA_INSUM!B:F,2,0),IF($G74=\"COTAÇÃO\",VLOOKUP($H74,'COTACAO - PEÇAS E MATERIAIS'!B:L,2,0),\"\"))))","v":"Cabo de cobre  isolado, diâmetro 185 mm2, 750 V/1000 V"},13,"M",{"$f":"IF($G74=\"ORSE\",VLOOKUP($H74,ORSE_INSUM!A:E,4,0),IF($G74=\"SINAPI\",VLOOKUP($H74,SINAPI_INSUM!A:E,5,0),IF($G74=\"SEINFRA\",VLOOKUP($H74,SEINFRA_INSUM!B:F,4,0),IF($G74=\"COTAÇÃO\",VLOOKUP($H74,'COTACAO - PEÇAS E MATERIAIS'!B:L,10,0),\"\"))))","v":95.98},1247.74,"COTAÇÃO",52,null,"50"]
["3.1.1.68",{"$f":"IF($G75=\"ORSE\",VLOOKUP($H75,ORSE_INSUM!A:E,2,0),IF($G75=\"SINAPI\",VLOOKUP($H75,SINAPI_INSUM!A:E,2,0),IF($G75=\"SEINFRA\",VLOOKUP($H75,SEINFRA_INSUM!B:F,2,0),IF($G75=\"COTAÇÃO\",VLOOKUP($H75,'COTACAO - PEÇAS E MATERIAIS'!B:L,2,0),\"\"))))","v":"Cabo de cobre  isolado, diâmetro 2,5 mm2, 750 V/1000 V"},25,"M",{"$f":"IF($G75=\"ORSE\",VLOOKUP($H75,ORSE_INSUM!A:E,4,0),IF($G75=\"SINAPI\",VLOOKUP($H75,SINAPI_INSUM!A:E,5,0),IF($G75=\"SEINFRA\",VLOOKUP($H75,SEINFRA_INSUM!B:F,4,0),IF($G75=\"COTAÇÃO\",VLOOKUP($H75,'COTACAO - PEÇAS E MATERIAIS'!B:L,10,0),\"\"))))","v":62.5},1562.5,"COTAÇÃO",53,null,100]
["3.1.1.69",{"$f":"IF($G76=\"ORSE\",VLOOKUP($H76,ORSE_INSUM!A:E,2,0),IF($G76=\"SINAPI\",VLOOKUP($H76,SINAPI_INSUM!A:E,2,0),IF($G76=\"SEINFRA\",VLOOKUP($H76,SEINFRA_INSUM!B:F,2,0),IF($G76=\"COTAÇÃO\",VLOOKUP($H76,'COTACAO - PEÇAS E MATERIAIS'!B:L,2,0),\"\"))))","v":"Cabo de cobre  isolado, diâmetro 240 mm2, 750 V/1000 V"},13,"M",{"$f":"IF($G76=\"ORSE\",VLOOKUP($H76,ORSE_INSUM!A:E,4,0),IF($G76=\"SINAPI\",VLOOKUP($H76,SINAPI_INSUM!A:E,5,0),IF($G76=\"SEINFRA\",VLOOKUP($H76,SEINFRA_INSUM!B:F,4,0),IF($G76=\"COTAÇÃO\",VLOOKUP($H76,'COTACAO - PEÇAS E MATERIAIS'!B:L,10,0),\"\"))))","v":139.11000000000001},1808.43,"COTAÇÃO",54,null,"50"]
["3.1.1.70",{"$f":"IF($G77=\"ORSE\",VLOOKUP($H77,ORSE_INSUM!A:E,2,0),IF($G77=\"SINAPI\",VLOOKUP($H77,SINAPI_INSUM!A:E,2,0),IF($G77=\"SEINFRA\",VLOOKUP($H77,SEINFRA_INSUM!B:F,2,0),IF($G77=\"COTAÇÃO\",VLOOKUP($H77,'COTACAO - PEÇAS E MATERIAIS'!B:L,2,0),\"\"))))","v":"Cabo de cobre  isolado, diâmetro 95 mm2, 750 V/1000 V"},13,"M",{"$f":"IF($G77=\"ORSE\",VLOOKUP($H77,ORSE_INSUM!A:E,4,0),IF($G77=\"SINAPI\",VLOOKUP($H77,SINAPI_INSUM!A:E,5,0),IF($G77=\"SEINFRA\",VLOOKUP($H77,SEINFRA_INSUM!B:F,4,0),IF($G77=\"COTAÇÃO\",VLOOKUP($H77,'COTACAO - PEÇAS E MATERIAIS'!B:L,10,0),\"\"))))","v":39.979999999999997},519.74,"COTAÇÃO",55,null,50]
["3.1.1.71",{"$f":"IF($G78=\"ORSE\",VLOOKUP($H78,ORSE_INSUM!A:E,2,0),IF($G78=\"SINAPI\",VLOOKUP($H78,SINAPI_INSUM!A:E,2,0),IF($G78=\"SEINFRA\",VLOOKUP($H78,SEINFRA_INSUM!B:F,2,0),IF($G78=\"COTAÇÃO\",VLOOKUP($H78,'COTACAO - PEÇAS E MATERIAIS'!B:L,2,0),\"\"))))","v":"Cabo de cobre nu têmpera meio-mole bitola 16mm² - Ref.: Ficap"},15,"M",{"$f":"IF($G78=\"ORSE\",VLOOKUP($H78,ORSE_INSUM!A:E,4,0),IF($G78=\"SINAPI\",VLOOKUP($H78,SINAPI_INSUM!A:E,5,0),IF($G78=\"SEINFRA\",VLOOKUP($H78,SEINFRA_INSUM!B:F,4,0),IF($G78=\"COTAÇÃO\",VLOOKUP($H78,'COTACAO - PEÇAS E MATERIAIS'!B:L,10,0),\"\"))))","v":6.63},99.45,"COTAÇÃO",56,null,"60"]
["3.1.1.72",{"$f":"IF($G79=\"ORSE\",VLOOKUP($H79,ORSE_INSUM!A:E,2,0),IF($G79=\"SINAPI\",VLOOKUP($H79,SINAPI_INSUM!A:E,2,0),IF($G79=\"SEINFRA\",VLOOKUP($H79,SEINFRA_INSUM!B:F,2,0),IF($G79=\"COTAÇÃO\",VLOOKUP($H79,'COTACAO - PEÇAS E MATERIAIS'!B:L,2,0),\"\"))))","v":"Cabo de cobre nu têmpera meio-mole bitola 25mm² - Ref.: Ficap"},8,"M",{"$f":"IF($G79=\"ORSE\",VLOOKUP($H79,ORSE_INSUM!A:E,4,0),IF($G79=\"SINAPI\",VLOOKUP($H79,SINAPI_INSUM!A:E,5,0),IF($G79=\"SEINFRA\",VLOOKUP($H79,SEINFRA_INSUM!B:F,4,0),IF($G79=\"COTAÇÃO\",VLOOKUP($H79,'COTACAO - PEÇAS E MATERIAIS'!B:L,10,0),\"\"))))","v":10.53},84.24,"COTAÇÃO",57,null,"30"]
["3.1.1.73",{"$f":"IF($G80=\"ORSE\",VLOOKUP($H80,ORSE_INSUM!A:E,2,0),IF($G80=\"SINAPI\",VLOOKUP($H80,SINAPI_INSUM!A:E,2,0),IF($G80=\"SEINFRA\",VLOOKUP($H80,SEINFRA_INSUM!B:F,2,0),IF($G80=\"COTAÇÃO\",VLOOKUP($H80,'COTACAO - PEÇAS E MATERIAIS'!B:L,2,0),\"\"))))","v":"Cabo de cobre nu têmpera meio-mole bitola 35mm² - Ref.: Ficap"},14,"M",{"$f":"IF($G80=\"ORSE\",VLOOKUP($H80,ORSE_INSUM!A:E,4,0),IF($G80=\"SINAPI\",VLOOKUP($H80,SINAPI_INSUM!A:E,5,0),IF($G80=\"SEINFRA\",VLOOKUP($H80,SEINFRA_INSUM!B:F,4,0),IF($G80=\"COTAÇÃO\",VLOOKUP($H80,'COTACAO - PEÇAS E MATERIAIS'!B:L,10,0),\"\"))))","v":14.28},199.92,"COTAÇÃO",58,null,"55"]
["3.1.1.74",{"$f":"IF($G81=\"ORSE\",VLOOKUP($H81,ORSE_INSUM!A:E,2,0),IF($G81=\"SINAPI\",VLOOKUP($H81,SINAPI_INSUM!A:E,2,0),IF($G81=\"SEINFRA\",VLOOKUP($H81,SEINFRA_INSUM!B:F,2,0),IF($G81=\"COTAÇÃO\",VLOOKUP($H81,'COTACAO - PEÇAS E MATERIAIS'!B:L,2,0),\"\"))))","v":"Cabo de cobre nu têmpera meio-mole bitola 70mm² - Ref.: Ficap"},25,"M",{"$f":"IF($G81=\"ORSE\",VLOOKUP($H81,ORSE_INSUM!A:E,4,0),IF($G81=\"SINAPI\",VLOOKUP($H81,SINAPI_INSUM!A:E,5,0),IF($G81=\"SEINFRA\",VLOOKUP($H81,SEINFRA_INSUM!B:F,4,0),IF($G81=\"COTAÇÃO\",VLOOKUP($H81,'COTACAO - PEÇAS E MATERIAIS'!B:L,10,0),\"\"))))","v":29.93},748.25,"COTAÇÃO",59,null,"100"]
["3.1.1.75",{"$f":"IF($G82=\"ORSE\",VLOOKUP($H82,ORSE_INSUM!A:E,2,0),IF($G82=\"SINAPI\",VLOOKUP($H82,SINAPI_INSUM!A:E,2,0),IF($G82=\"SEINFRA\",VLOOKUP($H82,SEINFRA_INSUM!B:F,2,0),IF($G82=\"COTAÇÃO\",VLOOKUP($H82,'COTACAO - PEÇAS E MATERIAIS'!B:L,2,0),\"\"))))","v":"CABO DE ALUMÍNIO PROTEGIDO 15KV 185MM2"},50,"M",{"$f":"IF($G82=\"ORSE\",VLOOKUP($H82,ORSE_INSUM!A:E,4,0),IF($G82=\"SINAPI\",VLOOKUP($H82,SINAPI_INSUM!A:E,5,0),IF($G82=\"SEINFRA\",VLOOKUP($H82,SEINFRA_INSUM!B:F,4,0),IF($G82=\"COTAÇÃO\",VLOOKUP($H82,'COTACAO - PEÇAS E MATERIAIS'!B:L,10,0),\"\"))))","v":18.72},936,"SEINFRA","I8833",null,"200"]
["3.1.1.76",{"$f":"IF($G83=\"ORSE\",VLOOKUP($H83,ORSE_INSUM!A:E,2,0),IF($G83=\"SINAPI\",VLOOKUP($H83,SINAPI_INSUM!A:E,2,0),IF($G83=\"SEINFRA\",VLOOKUP($H83,SEINFRA_INSUM!B:F,2,0),IF($G83=\"COTAÇÃO\",VLOOKUP($H83,'COTACAO - PEÇAS E MATERIAIS'!B:L,2,0),\"\"))))","v":"CABO DE COBRE ISOLADO PVC UNIPOLAR,  25MM²,  15KV"},20,"M",{"$f":"IF($G83=\"ORSE\",VLOOKUP($H83,ORSE_INSUM!A:E,4,0),IF($G83=\"SINAPI\",VLOOKUP($H83,SINAPI_INSUM!A:E,5,0),IF($G83=\"SEINFRA\",VLOOKUP($H83,SEINFRA_INSUM!B:F,4,0),IF($G83=\"COTAÇÃO\",VLOOKUP($H83,'COTACAO - PEÇAS E MATERIAIS'!B:L,10,0),\"\"))))","v":45.1},902,"ORSE",4373,null,"80"]
["3.1.1.77",{"$f":"IF($G84=\"ORSE\",VLOOKUP($H84,ORSE_INSUM!A:E,2,0),IF($G84=\"SINAPI\",VLOOKUP($H84,SINAPI_INSUM!A:E,2,0),IF($G84=\"SEINFRA\",VLOOKUP($H84,SEINFRA_INSUM!B:F,2,0),IF($G84=\"COTAÇÃO\",VLOOKUP($H84,'COTACAO - PEÇAS E MATERIAIS'!B:L,2,0),\"\"))))","v":"Cabo FICOM bitola 10.0mm² com dois condutores - Ref.: Ficap"},3,"M",{"$f":"IF($G84=\"ORSE\",VLOOKUP($H84,ORSE_INSUM!A:E,4,0),IF($G84=\"SINAPI\",VLOOKUP($H84,SINAPI_INSUM!A:E,5,0),IF($G84=\"SEINFRA\",VLOOKUP($H84,SEINFRA_INSUM!B:F,4,0),IF($G84=\"COTAÇÃO\",VLOOKUP($H84,'COTACAO - PEÇAS E MATERIAIS'!B:L,10,0),\"\"))))","v":2.2999999999999998},6.9,"COTAÇÃO",62,null,"10"]
["3.1.1.78",{"$f":"IF($G85=\"ORSE\",VLOOKUP($H85,ORSE_INSUM!A:E,2,0),IF($G85=\"SINAPI\",VLOOKUP($H85,SINAPI_INSUM!A:E,2,0),IF($G85=\"SEINFRA\",VLOOKUP($H85,SEINFRA_INSUM!B:F,2,0),IF($G85=\"COTAÇÃO\",VLOOKUP($H85,'COTACAO - PEÇAS E MATERIAIS'!B:L,2,0),\"\"))))","v":"Cabo FICOM bitola 2.5mm² com dois condutores - Ref.: Ficap"},30,"M",{"$f":"IF($G85=\"ORSE\",VLOOKUP($H85,ORSE_INSUM!A:E,4,0),IF($G85=\"SINAPI\",VLOOKUP($H85,SINAPI_INSUM!A:E,5,0),IF($G85=\"SEINFRA\",VLOOKUP($H85,SEINFRA_INSUM!B:F,4,0),IF($G85=\"COTAÇÃO\",VLOOKUP($H85,'COTACAO - PEÇAS E MATERIAIS'!B:L,10,0),\"\"))))","v":3.37},101.1,"COTAÇÃO",63,null,"120"]
["3.1.1.79",{"$f":"IF($G86=\"ORSE\",VLOOKUP($H86,ORSE_INSUM!A:E,2,0),IF($G86=\"SINAPI\",VLOOKUP($H86,SINAPI_INSUM!A:E,2,0),IF($G86=\"SEINFRA\",VLOOKUP($H86,SEINFRA_INSUM!B:F,2,0),IF($G86=\"COTAÇÃO\",VLOOKUP($H86,'COTACAO - PEÇAS E MATERIAIS'!B:L,2,0),\"\"))))","v":"CABO DE COBRE PP CORDPLAST 2 X 4,0 MM², 450/750V"},25,"M",{"$f":"IF($G86=\"ORSE\",VLOOKUP($H86,ORSE_INSUM!A:E,4,0),IF($G86=\"SINAPI\",VLOOKUP($H86,SINAPI_INSUM!A:E,5,0),IF($G86=\"SEINFRA\",VLOOKUP($H86,SEINFRA_INSUM!B:F,4,0),IF($G86=\"COTAÇÃO\",VLOOKUP($H86,'COTACAO - PEÇAS E MATERIAIS'!B:L,10,0),\"\"))))","v":3.4},85,"ORSE",420,null,"100"]
["3.1.1.80",{"$f":"IF($G87=\"ORSE\",VLOOKUP($H87,ORSE_INSUM!A:E,2,0),IF($G87=\"SINAPI\",VLOOKUP($H87,SINAPI_INSUM!A:E,2,0),IF($G87=\"SEINFRA\",VLOOKUP($H87,SEINFRA_INSUM!B:F,2,0),IF($G87=\"COTAÇÃO\",VLOOKUP($H87,'COTACAO - PEÇAS E MATERIAIS'!B:L,2,0),\"\"))))","v":"CABO DE COBRE PP CORDPLAST 4 X 1,5 MM², 450/750V"},20,"M",{"$f":"IF($G87=\"ORSE\",VLOOKUP($H87,ORSE_INSUM!A:E,4,0),IF($G87=\"SINAPI\",VLOOKUP($H87,SINAPI_INSUM!A:E,5,0),IF($G87=\"SEINFRA\",VLOOKUP($H87,SEINFRA_INSUM!B:F,4,0),IF($G87=\"COTAÇÃO\",VLOOKUP($H87,'COTACAO - PEÇAS E MATERIAIS'!B:L,10,0),\"\"))))","v":3.8},76,"ORSE",12538,null,"80"]
["3.1.1.81",{"$f":"IF($G88=\"ORSE\",VLOOKUP($H88,ORSE_INSUM!A:E,2,0),IF($G88=\"SINAPI\",VLOOKUP($H88,SINAPI_INSUM!A:E,2,0),IF($G88=\"SEINFRA\",VLOOKUP($H88,SEINFRA_INSUM!B:F,2,0),IF($G88=\"COTAÇÃO\",VLOOKUP($H88,'COTACAO - PEÇAS E MATERIAIS'!B:L,2,0),\"\"))))","v":"Caixa metalica  (Painel de comando), de sobrepor nas dimensões, 800X600X200mm, Com duas travas na porta. Ref. Cemar"},1,"Ud",{"$f":"IF($G88=\"ORSE\",VLOOKUP($H88,ORSE_INSUM!A:E,4,0),IF($G88=\"SINAPI\",VLOOKUP($H88,SINAPI_INSUM!A:E,5,0),IF($G88=\"SEINFRA\",VLOOKUP($H88,SEINFRA_INSUM!B:F,4,0),IF($G88=\"COTAÇÃO\",VLOOKUP($H88,'COTACAO - PEÇAS E MATERIAIS'!B:L,10,0),\"\"))))","v":545},545,"COTAÇÃO",64,null,2]
["3.1.1.82",{"$f":"IF($G89=\"ORSE\",VLOOKUP($H89,ORSE_INSUM!A:E,2,0),IF($G89=\"SINAPI\",VLOOKUP($H89,SINAPI_INSUM!A:E,2,0),IF($G89=\"SEINFRA\",VLOOKUP($H89,SEINFRA_INSUM!B:F,2,0),IF($G89=\"COTAÇÃO\",VLOOKUP($H89,'COTACAO - PEÇAS E MATERIAIS'!B:L,2,0),\"\"))))","v":"Campainha cigarra 220vac"},1,"Ud",{"$f":"IF($G89=\"ORSE\",VLOOKUP($H89,ORSE_INSUM!A:E,4,0),IF($G89=\"SINAPI\",VLOOKUP($H89,SINAPI_INSUM!A:E,5,0),IF($G89=\"SEINFRA\",VLOOKUP($H89,SEINFRA_INSUM!B:F,4,0),IF($G89=\"COTAÇÃO\",VLOOKUP($H89,'COTACAO - PEÇAS E MATERIAIS'!B:L,10,0),\"\"))))","v":53.99},53.99,"COTAÇÃO",66,null,2]
["3.1.1.83",{"$f":"IF($G90=\"ORSE\",VLOOKUP($H90,ORSE_INSUM!A:E,2,0),IF($G90=\"SINAPI\",VLOOKUP($H90,SINAPI_INSUM!A:E,2,0),IF($G90=\"SEINFRA\",VLOOKUP($H90,SEINFRA_INSUM!B:F,2,0),IF($G90=\"COTAÇÃO\",VLOOKUP($H90,'COTACAO - PEÇAS E MATERIAIS'!B:L,2,0),\"\"))))","v":"Capacitor Eletrolitico 220µf ±10%; 50/60HZ; 250Vcc"},1,"un",{"$f":"IF($G90=\"ORSE\",VLOOKUP($H90,ORSE_INSUM!A:E,4,0),IF($G90=\"SINAPI\",VLOOKUP($H90,SINAPI_INSUM!A:E,5,0),IF($G90=\"SEINFRA\",VLOOKUP($H90,SEINFRA_INSUM!B:F,4,0),IF($G90=\"COTAÇÃO\",VLOOKUP($H90,'COTACAO - PEÇAS E MATERIAIS'!B:L,10,0),\"\"))))","v":8.7100000000000009},8.7100000000000009,"COTAÇÃO",67,null,"2"]
["3.1.1.84",{"$f":"IF($G91=\"ORSE\",VLOOKUP($H91,ORSE_INSUM!A:E,2,0),IF($G91=\"SINAPI\",VLOOKUP($H91,SINAPI_INSUM!A:E,2,0),IF($G91=\"SEINFRA\",VLOOKUP($H91,SEINFRA_INSUM!B:F,2,0),IF($G91=\"COTAÇÃO\",VLOOKUP($H91,'COTACAO - PEÇAS E MATERIAIS'!B:L,2,0),\"\"))))","v":"CAPACITOR 40 UF - 250 VAC OU SIMILAR"},1,"Ud",{"$f":"IF($G91=\"ORSE\",VLOOKUP($H91,ORSE_INSUM!A:E,4,0),IF($G91=\"SINAPI\",VLOOKUP($H91,SINAPI_INSUM!A:E,5,0),IF($G91=\"SEINFRA\",VLOOKUP($H91,SEINFRA_INSUM!B:F,4,0),IF($G91=\"COTAÇÃO\",VLOOKUP($H91,'COTACAO - PEÇAS E MATERIAIS'!B:L,10,0),\"\"))))","v":53.81},53.81,"ORSE",3288,null,2]
["3.1.1.85",{"$f":"IF($G92=\"ORSE\",VLOOKUP($H92,ORSE_INSUM!A:E,2,0),IF($G92=\"SINAPI\",VLOOKUP($H92,SINAPI_INSUM!A:E,2,0),IF($G92=\"SEINFRA\",VLOOKUP($H92,SEINFRA_INSUM!B:F,2,0),IF($G92=\"COTAÇÃO\",VLOOKUP($H92,'COTACAO - PEÇAS E MATERIAIS'!B:L,2,0),\"\"))))","v":"CARTUCHO P/ SOLDA EXOTERMICA NR150"},1,"Ud",{"$f":"IF($G92=\"ORSE\",VLOOKUP($H92,ORSE_INSUM!A:E,4,0),IF($G92=\"SINAPI\",VLOOKUP($H92,SINAPI_INSUM!A:E,5,0),IF($G92=\"SEINFRA\",VLOOKUP($H92,SEINFRA_INSUM!B:F,4,0),IF($G92=\"COTAÇÃO\",VLOOKUP($H92,'COTACAO - PEÇAS E MATERIAIS'!B:L,10,0),\"\"))))","v":31},31,"ORSE",11203,null,5]
["3.1.1.86",{"$f":"IF($G93=\"ORSE\",VLOOKUP($H93,ORSE_INSUM!A:E,2,0),IF($G93=\"SINAPI\",VLOOKUP($H93,SINAPI_INSUM!A:E,2,0),IF($G93=\"SEINFRA\",VLOOKUP($H93,SEINFRA_INSUM!B:F,2,0),IF($G93=\"COTAÇÃO\",VLOOKUP($H93,'COTACAO - PEÇAS E MATERIAIS'!B:L,2,0),\"\"))))","v":"PLACA DE ACRILICO TRANSPARENTE ADESIVADA PARA SINALIZACAO DE PORTAS, BORDA POLIDA, DE *25 X 8*, E = 6 MM (NAO INCLUI ACESSORIOS PARA FIXACAO)"},1,"Ud",{"$f":"IF($G93=\"ORSE\",VLOOKUP($H93,ORSE_INSUM!A:E,4,0),IF($G93=\"SINAPI\",VLOOKUP($H93,SINAPI_INSUM!A:E,5,0),IF($G93=\"SEINFRA\",VLOOKUP($H93,SEINFRA_INSUM!B:F,4,0),IF($G93=\"COTAÇÃO\",VLOOKUP($H93,'COTACAO - PEÇAS E MATERIAIS'!B:L,10,0),\"\"))))","v":"41,64"},41.64,"SINAPI",10851,null,2]
["3.1.1.87",{"$f":"IF($G94=\"ORSE\",VLOOKUP($H94,ORSE_INSUM!A:E,2,0),IF($G94=\"SINAPI\",VLOOKUP($H94,SINAPI_INSUM!A:E,2,0),IF($G94=\"SEINFRA\",VLOOKUP($H94,SEINFRA_INSUM!B:F,2,0),IF($G94=\"COTAÇÃO\",VLOOKUP($H94,'COTACAO - PEÇAS E MATERIAIS'!B:L,2,0),\"\"))))","v":"CHAVE COMUTADORA DE VOLTÍMETRO"},1,"Ud",{"$f":"IF($G94=\"ORSE\",VLOOKUP($H94,ORSE_INSUM!A:E,4,0),IF($G94=\"SINAPI\",VLOOKUP($H94,SINAPI_INSUM!A:E,5,0),IF($G94=\"SEINFRA\",VLOOKUP($H94,SEINFRA_INSUM!B:F,4,0),IF($G94=\"COTAÇÃO\",VLOOKUP($H94,'COTACAO - PEÇAS E MATERIAIS'!B:L,10,0),\"\"))))","v":94.9},94.9,"ORSE",4492,null,2]
["3.1.1.88",{"$f":"IF($G95=\"ORSE\",VLOOKUP($H95,ORSE_INSUM!A:E,2,0),IF($G95=\"SINAPI\",VLOOKUP($H95,SINAPI_INSUM!A:E,2,0),IF($G95=\"SEINFRA\",VLOOKUP($H95,SEINFRA_INSUM!B:F,2,0),IF($G95=\"COTAÇÃO\",VLOOKUP($H95,'COTACAO - PEÇAS E MATERIAIS'!B:L,2,0),\"\"))))","v":"Chave de Partida Soft Starter WEG SSW07-365A"},1,"un",{"$f":"IF($G95=\"ORSE\",VLOOKUP($H95,ORSE_INSUM!A:E,4,0),IF($G95=\"SINAPI\",VLOOKUP($H95,SINAPI_INSUM!A:E,5,0),IF($G95=\"SEINFRA\",VLOOKUP($H95,SEINFRA_INSUM!B:F,4,0),IF($G95=\"COTAÇÃO\",VLOOKUP($H95,'COTACAO - PEÇAS E MATERIAIS'!B:L,10,0),\"\"))))","v":6600},6600,"COTAÇÃO",309,null,"2"]
["3.1.1.89",{"$f":"IF($G96=\"ORSE\",VLOOKUP($H96,ORSE_INSUM!A:E,2,0),IF($G96=\"SINAPI\",VLOOKUP($H96,SINAPI_INSUM!A:E,2,0),IF($G96=\"SEINFRA\",VLOOKUP($H96,SEINFRA_INSUM!B:F,2,0),IF($G96=\"COTAÇÃO\",VLOOKUP($H96,'COTACAO - PEÇAS E MATERIAIS'!B:L,2,0),\"\"))))","v":"Chave de Partida Soft-Starter WEG BRSSW-07 17A Trifásica"},1,"Unid",{"$f":"IF($G96=\"ORSE\",VLOOKUP($H96,ORSE_INSUM!A:E,4,0),IF($G96=\"SINAPI\",VLOOKUP($H96,SINAPI_INSUM!A:E,5,0),IF($G96=\"SEINFRA\",VLOOKUP($H96,SEINFRA_INSUM!B:F,4,0),IF($G96=\"COTAÇÃO\",VLOOKUP($H96,'COTACAO - PEÇAS E MATERIAIS'!B:L,10,0),\"\"))))","v":1562.86},1562.86,"COTAÇÃO",70,null,4]
["3.1.1.90",{"$f":"IF($G97=\"ORSE\",VLOOKUP($H97,ORSE_INSUM!A:E,2,0),IF($G97=\"SINAPI\",VLOOKUP($H97,SINAPI_INSUM!A:E,2,0),IF($G97=\"SEINFRA\",VLOOKUP($H97,SEINFRA_INSUM!B:F,2,0),IF($G97=\"COTAÇÃO\",VLOOKUP($H97,'COTACAO - PEÇAS E MATERIAIS'!B:L,2,0),\"\"))))","v":"Chave de Partida Soft-Starter WEG BRSSW-07 24A Trifásica"},1,"Unid",{"$f":"IF($G97=\"ORSE\",VLOOKUP($H97,ORSE_INSUM!A:E,4,0),IF($G97=\"SINAPI\",VLOOKUP($H97,SINAPI_INSUM!A:E,5,0),IF($G97=\"SEINFRA\",VLOOKUP($H97,SEINFRA_INSUM!B:F,4,0),IF($G97=\"COTAÇÃO\",VLOOKUP($H97,'COTACAO - PEÇAS E MATERIAIS'!B:L,10,0),\"\"))))","v":1510},1510,"COTAÇÃO",71,null,2]
["3.1.1.91",{"$f":"IF($G98=\"ORSE\",VLOOKUP($H98,ORSE_INSUM!A:E,2,0),IF($G98=\"SINAPI\",VLOOKUP($H98,SINAPI_INSUM!A:E,2,0),IF($G98=\"SEINFRA\",VLOOKUP($H98,SEINFRA_INSUM!B:F,2,0),IF($G98=\"COTAÇÃO\",VLOOKUP($H98,'COTACAO - PEÇAS E MATERIAIS'!B:L,2,0),\"\"))))","v":"Chave de Partida Soft-Starter WEG BRSSW-07 30A Trifásica"},1,"Unid",{"$f":"IF($G98=\"ORSE\",VLOOKUP($H98,ORSE_INSUM!A:E,4,0),IF($G98=\"SINAPI\",VLOOKUP($H98,SINAPI_INSUM!A:E,5,0),IF($G98=\"SEINFRA\",VLOOKUP($H98,SEINFRA_INSUM!B:F,4,0),IF($G98=\"COTAÇÃO\",VLOOKUP($H98,'COTACAO - PEÇAS E MATERIAIS'!B:L,10,0),\"\"))))","v":1580},1580,"COTAÇÃO",72,null,2]
["3.1.1.92",{"$f":"IF($G99=\"ORSE\",VLOOKUP($H99,ORSE_INSUM!A:E,2,0),IF($G99=\"SINAPI\",VLOOKUP($H99,SINAPI_INSUM!A:E,2,0),IF($G99=\"SEINFRA\",VLOOKUP($H99,SEINFRA_INSUM!B:F,2,0),IF($G99=\"COTAÇÃO\",VLOOKUP($H99,'COTACAO - PEÇAS E MATERIAIS'!B:L,2,0),\"\"))))","v":"Chave de Partida Soft-Starter WEG BRSSW-07 45A Trifásica"},1,"Unid",{"$f":"IF($G99=\"ORSE\",VLOOKUP($H99,ORSE_INSUM!A:E,4,0),IF($G99=\"SINAPI\",VLOOKUP($H99,SINAPI_INSUM!A:E,5,0),IF($G99=\"SEINFRA\",VLOOKUP($H99,SEINFRA_INSUM!B:F,4,0),IF($G99=\"COTAÇÃO\",VLOOKUP($H99,'COTACAO - PEÇAS E MATERIAIS'!B:L,10,0),\"\"))))","v":1549},1549,"COTAÇÃO",73,null,4]
["3.1.1.93",{"$f":"IF($G100=\"ORSE\",VLOOKUP($H100,ORSE_INSUM!A:E,2,0),IF($G100=\"SINAPI\",VLOOKUP($H100,SINAPI_INSUM!A:E,2,0),IF($G100=\"SEINFRA\",VLOOKUP($H100,SEINFRA_INSUM!B:F,2,0),IF($G100=\"COTAÇÃO\",VLOOKUP($H100,'COTACAO - PEÇAS E MATERIAIS'!B:L,2,0),\"\"))))","v":"CHAVE FUSIVEL PARA REDES DE DISTRIBUICAO, TENSAO DE 15,0 KV, CORRENTE NOMINAL DO PORTA FUSIVEL DE 100 A, CAPACIDADE DE INTERRUPCAO SIMETRICA DE 7,10 KA, CAPACIDADE DE INTERRUPCAO ASSIMETRICA 10,00 KA"},1,"Ud",{"$f":"IF($G100=\"ORSE\",VLOOKUP($H100,ORSE_INSUM!A:E,4,0),IF($G100=\"SINAPI\",VLOOKUP($H100,SINAPI_INSUM!A:E,5,0),IF($G100=\"SEINFRA\",VLOOKUP($H100,SEINFRA_INSUM!B:F,4,0),IF($G100=\"COTAÇÃO\",VLOOKUP($H100,'COTACAO - PEÇAS E MATERIAIS'!B:L,10,0),\"\"))))","v":"267,34"},267.33999999999997,"SINAPI",5047,null,"4"]
["3.1.1.94",{"$f":"IF($G101=\"ORSE\",VLOOKUP($H101,ORSE_INSUM!A:E,2,0),IF($G101=\"SINAPI\",VLOOKUP($H101,SINAPI_INSUM!A:E,2,0),IF($G101=\"SEINFRA\",VLOOKUP($H101,SEINFRA_INSUM!B:F,2,0),IF($G101=\"COTAÇÃO\",VLOOKUP($H101,'COTACAO - PEÇAS E MATERIAIS'!B:L,2,0),\"\"))))","v":"CHAVE DE PARTIDA DIRETA TRIFASICA, COM CAIXA TERMOPLASTICA, COM FUSIVEL DE 63 A, PARA MOTOR COM POTENCIA DE 10 CV E TENSAO DE 220 V"},1,"Ud",{"$f":"IF($G101=\"ORSE\",VLOOKUP($H101,ORSE_INSUM!A:E,4,0),IF($G101=\"SINAPI\",VLOOKUP($H101,SINAPI_INSUM!A:E,5,0),IF($G101=\"SEINFRA\",VLOOKUP($H101,SEINFRA_INSUM!B:F,4,0),IF($G101=\"COTAÇÃO\",VLOOKUP($H101,'COTACAO - PEÇAS E MATERIAIS'!B:L,10,0),\"\"))))","v":"392,39"},392.39,"SINAPI",14058,null,2]
["3.1.1.95",{"$f":"IF($G102=\"ORSE\",VLOOKUP($H102,ORSE_INSUM!A:E,2,0),IF($G102=\"SINAPI\",VLOOKUP($H102,SINAPI_INSUM!A:E,2,0),IF($G102=\"SEINFRA\",VLOOKUP($H102,SEINFRA_INSUM!B:F,2,0),IF($G102=\"COTAÇÃO\",VLOOKUP($H102,'COTACAO - PEÇAS E MATERIAIS'!B:L,2,0),\"\"))))","v":"CHAVE SECCIONADORA ROTATIVA 3X250A"},1,"un",{"$f":"IF($G102=\"ORSE\",VLOOKUP($H102,ORSE_INSUM!A:E,4,0),IF($G102=\"SINAPI\",VLOOKUP($H102,SINAPI_INSUM!A:E,5,0),IF($G102=\"SEINFRA\",VLOOKUP($H102,SEINFRA_INSUM!B:F,4,0),IF($G102=\"COTAÇÃO\",VLOOKUP($H102,'COTACAO - PEÇAS E MATERIAIS'!B:L,10,0),\"\"))))","v":300.2},300.2,"SEINFRA","I0560",null,"4"]
["3.1.1.96",{"$f":"IF($G103=\"ORSE\",VLOOKUP($H103,ORSE_INSUM!A:E,2,0),IF($G103=\"SINAPI\",VLOOKUP($H103,SINAPI_INSUM!A:E,2,0),IF($G103=\"SEINFRA\",VLOOKUP($H103,SEINFRA_INSUM!B:F,2,0),IF($G103=\"COTAÇÃO\",VLOOKUP($H103,'COTACAO - PEÇAS E MATERIAIS'!B:L,2,0),\"\"))))","v":"CHAVE SECCIONADORA-FUSIVEL BLINDADA TRIPOLAR, ABERTURA COM CARGA, PARA FUSIVEL NH00, CORRENTE NOMINAL DE 160 A, TENSAO DE 500 V"},1,"un",{"$f":"IF($G103=\"ORSE\",VLOOKUP($H103,ORSE_INSUM!A:E,4,0),IF($G103=\"SINAPI\",VLOOKUP($H103,SINAPI_INSUM!A:E,5,0),IF($G103=\"SEINFRA\",VLOOKUP($H103,SEINFRA_INSUM!B:F,4,0),IF($G103=\"COTAÇÃO\",VLOOKUP($H103,'COTACAO - PEÇAS E MATERIAIS'!B:L,10,0),\"\"))))","v":"289,99"},289.99,"SINAPI",13369,null,"2"]
["3.1.1.97",{"$f":"IF($G104=\"ORSE\",VLOOKUP($H104,ORSE_INSUM!A:E,2,0),IF($G104=\"SINAPI\",VLOOKUP($H104,SINAPI_INSUM!A:E,2,0),IF($G104=\"SEINFRA\",VLOOKUP($H104,SEINFRA_INSUM!B:F,2,0),IF($G104=\"COTAÇÃO\",VLOOKUP($H104,'COTACAO - PEÇAS E MATERIAIS'!B:L,2,0),\"\"))))","v":"Chave seccionadora SIEMENS, IEC 947-3  EN60947-3 Ithe 630A, mod.: S32-630/3"},1,"un",{"$f":"IF($G104=\"ORSE\",VLOOKUP($H104,ORSE_INSUM!A:E,4,0),IF($G104=\"SINAPI\",VLOOKUP($H104,SINAPI_INSUM!A:E,5,0),IF($G104=\"SEINFRA\",VLOOKUP($H104,SEINFRA_INSUM!B:F,4,0),IF($G104=\"COTAÇÃO\",VLOOKUP($H104,'COTACAO - PEÇAS E MATERIAIS'!B:L,10,0),\"\"))))","v":599.99},599.99,"COTAÇÃO",75,null,"3"]
["3.1.1.98",{"$f":"IF($G105=\"ORSE\",VLOOKUP($H105,ORSE_INSUM!A:E,2,0),IF($G105=\"SINAPI\",VLOOKUP($H105,SINAPI_INSUM!A:E,2,0),IF($G105=\"SEINFRA\",VLOOKUP($H105,SEINFRA_INSUM!B:F,2,0),IF($G105=\"COTAÇÃO\",VLOOKUP($H105,'COTACAO - PEÇAS E MATERIAIS'!B:L,2,0),\"\"))))","v":"CHAVE SECCIONADORA MONOPOLAR 15KV 400AA"},1,"Ud",{"$f":"IF($G105=\"ORSE\",VLOOKUP($H105,ORSE_INSUM!A:E,4,0),IF($G105=\"SINAPI\",VLOOKUP($H105,SINAPI_INSUM!A:E,5,0),IF($G105=\"SEINFRA\",VLOOKUP($H105,SEINFRA_INSUM!B:F,4,0),IF($G105=\"COTAÇÃO\",VLOOKUP($H105,'COTACAO - PEÇAS E MATERIAIS'!B:L,10,0),\"\"))))","v":485.9},485.9,"ORSE",600,null,"2"]
["3.1.1.99",{"$f":"IF($G106=\"ORSE\",VLOOKUP($H106,ORSE_INSUM!A:E,2,0),IF($G106=\"SINAPI\",VLOOKUP($H106,SINAPI_INSUM!A:E,2,0),IF($G106=\"SEINFRA\",VLOOKUP($H106,SEINFRA_INSUM!B:F,2,0),IF($G106=\"COTAÇÃO\",VLOOKUP($H106,'COTACAO - PEÇAS E MATERIAIS'!B:L,2,0),\"\"))))","v":"Chave Seletora, 3 posições, AUTO-DESL-MANUAL,  Corrente nominal 16A, Tipo TU4/F-16E"},1,"Ud",{"$f":"IF($G106=\"ORSE\",VLOOKUP($H106,ORSE_INSUM!A:E,4,0),IF($G106=\"SINAPI\",VLOOKUP($H106,SINAPI_INSUM!A:E,5,0),IF($G106=\"SEINFRA\",VLOOKUP($H106,SEINFRA_INSUM!B:F,4,0),IF($G106=\"COTAÇÃO\",VLOOKUP($H106,'COTACAO - PEÇAS E MATERIAIS'!B:L,10,0),\"\"))))","v":63.25},63.25,"COTAÇÃO",79,null,2]
["3.1.1.100",{"$f":"IF($G107=\"ORSE\",VLOOKUP($H107,ORSE_INSUM!A:E,2,0),IF($G107=\"SINAPI\",VLOOKUP($H107,SINAPI_INSUM!A:E,2,0),IF($G107=\"SEINFRA\",VLOOKUP($H107,SEINFRA_INSUM!B:F,2,0),IF($G107=\"COTAÇÃO\",VLOOKUP($H107,'COTACAO - PEÇAS E MATERIAIS'!B:L,2,0),\"\"))))","v":"Chave seletora, 660V, 20A, Categoria: AC1, Tamanho: S1, fixação frontal, punho G321, Espelho frontal preto - Gravação Local remoto"},1,"pç",{"$f":"IF($G107=\"ORSE\",VLOOKUP($H107,ORSE_INSUM!A:E,4,0),IF($G107=\"SINAPI\",VLOOKUP($H107,SINAPI_INSUM!A:E,5,0),IF($G107=\"SEINFRA\",VLOOKUP($H107,SEINFRA_INSUM!B:F,4,0),IF($G107=\"COTAÇÃO\",VLOOKUP($H107,'COTACAO - PEÇAS E MATERIAIS'!B:L,10,0),\"\"))))","v":192.02},192.02,"COTAÇÃO",80,null,"5"]
["3.1.1.101",{"$f":"IF($G108=\"ORSE\",VLOOKUP($H108,ORSE_INSUM!A:E,2,0),IF($G108=\"SINAPI\",VLOOKUP($H108,SINAPI_INSUM!A:E,2,0),IF($G108=\"SEINFRA\",VLOOKUP($H108,SEINFRA_INSUM!B:F,2,0),IF($G108=\"COTAÇÃO\",VLOOKUP($H108,'COTACAO - PEÇAS E MATERIAIS'!B:L,2,0),\"\"))))","v":"CHUMBADOR TIPO PARABOULT 3/4\"x6 1/4\""},1,"Ud",{"$f":"IF($G108=\"ORSE\",VLOOKUP($H108,ORSE_INSUM!A:E,4,0),IF($G108=\"SINAPI\",VLOOKUP($H108,SINAPI_INSUM!A:E,5,0),IF($G108=\"SEINFRA\",VLOOKUP($H108,SEINFRA_INSUM!B:F,4,0),IF($G108=\"COTAÇÃO\",VLOOKUP($H108,'COTACAO - PEÇAS E MATERIAIS'!B:L,10,0),\"\"))))","v":14.99},14.99,"SEINFRA","I0990",null,"5"]
["3.1.1.102",{"$f":"IF($G109=\"ORSE\",VLOOKUP($H109,ORSE_INSUM!A:E,2,0),IF($G109=\"SINAPI\",VLOOKUP($H109,SINAPI_INSUM!A:E,2,0),IF($G109=\"SEINFRA\",VLOOKUP($H109,SEINFRA_INSUM!B:F,2,0),IF($G109=\"COTAÇÃO\",VLOOKUP($H109,'COTACAO - PEÇAS E MATERIAIS'!B:L,2,0),\"\"))))","v":"Cola de silicone para vedação em alta temperatura, cor: cinza, bisnaga de 50g"},4,"Ud",{"$f":"IF($G109=\"ORSE\",VLOOKUP($H109,ORSE_INSUM!A:E,4,0),IF($G109=\"SINAPI\",VLOOKUP($H109,SINAPI_INSUM!A:E,5,0),IF($G109=\"SEINFRA\",VLOOKUP($H109,SEINFRA_INSUM!B:F,4,0),IF($G109=\"COTAÇÃO\",VLOOKUP($H109,'COTACAO - PEÇAS E MATERIAIS'!B:L,10,0),\"\"))))","v":13.9},55.6,"COTAÇÃO",82,null,16]
["3.1.1.103",{"$f":"IF($G110=\"ORSE\",VLOOKUP($H110,ORSE_INSUM!A:E,2,0),IF($G110=\"SINAPI\",VLOOKUP($H110,SINAPI_INSUM!A:E,2,0),IF($G110=\"SEINFRA\",VLOOKUP($H110,SEINFRA_INSUM!B:F,2,0),IF($G110=\"COTAÇÃO\",VLOOKUP($H110,'COTACAO - PEÇAS E MATERIAIS'!B:L,2,0),\"\"))))","v":"Condulete tipo \"X\", modular de 1,1/2\""},5,"Pç",{"$f":"IF($G110=\"ORSE\",VLOOKUP($H110,ORSE_INSUM!A:E,4,0),IF($G110=\"SINAPI\",VLOOKUP($H110,SINAPI_INSUM!A:E,5,0),IF($G110=\"SEINFRA\",VLOOKUP($H110,SEINFRA_INSUM!B:F,4,0),IF($G110=\"COTAÇÃO\",VLOOKUP($H110,'COTACAO - PEÇAS E MATERIAIS'!B:L,10,0),\"\"))))","v":20.05},100.25,"COTAÇÃO",84,null,"20"]
["3.1.1.104",{"$f":"IF($G111=\"ORSE\",VLOOKUP($H111,ORSE_INSUM!A:E,2,0),IF($G111=\"SINAPI\",VLOOKUP($H111,SINAPI_INSUM!A:E,2,0),IF($G111=\"SEINFRA\",VLOOKUP($H111,SEINFRA_INSUM!B:F,2,0),IF($G111=\"COTAÇÃO\",VLOOKUP($H111,'COTACAO - PEÇAS E MATERIAIS'!B:L,2,0),\"\"))))","v":"Condulete tipo \"X\", modular de 1\""},14,"Pç",{"$f":"IF($G111=\"ORSE\",VLOOKUP($H111,ORSE_INSUM!A:E,4,0),IF($G111=\"SINAPI\",VLOOKUP($H111,SINAPI_INSUM!A:E,5,0),IF($G111=\"SEINFRA\",VLOOKUP($H111,SEINFRA_INSUM!B:F,4,0),IF($G111=\"COTAÇÃO\",VLOOKUP($H111,'COTACAO - PEÇAS E MATERIAIS'!B:L,10,0),\"\"))))","v":7.88},110.32,"COTAÇÃO",83,null,"56"]
["3.1.1.105",{"$f":"IF($G112=\"ORSE\",VLOOKUP($H112,ORSE_INSUM!A:E,2,0),IF($G112=\"SINAPI\",VLOOKUP($H112,SINAPI_INSUM!A:E,2,0),IF($G112=\"SEINFRA\",VLOOKUP($H112,SEINFRA_INSUM!B:F,2,0),IF($G112=\"COTAÇÃO\",VLOOKUP($H112,'COTACAO - PEÇAS E MATERIAIS'!B:L,2,0),\"\"))))","v":"Condulete tipo \"X\", modular de 2\", com tampa"},5,"Pç",{"$f":"IF($G112=\"ORSE\",VLOOKUP($H112,ORSE_INSUM!A:E,4,0),IF($G112=\"SINAPI\",VLOOKUP($H112,SINAPI_INSUM!A:E,5,0),IF($G112=\"SEINFRA\",VLOOKUP($H112,SEINFRA_INSUM!B:F,4,0),IF($G112=\"COTAÇÃO\",VLOOKUP($H112,'COTACAO - PEÇAS E MATERIAIS'!B:L,10,0),\"\"))))","v":25.7},128.5,"COTAÇÃO",85,null,"20"]
["3.1.1.106",{"$f":"IF($G113=\"ORSE\",VLOOKUP($H113,ORSE_INSUM!A:E,2,0),IF($G113=\"SINAPI\",VLOOKUP($H113,SINAPI_INSUM!A:E,2,0),IF($G113=\"SEINFRA\",VLOOKUP($H113,SEINFRA_INSUM!B:F,2,0),IF($G113=\"COTAÇÃO\",VLOOKUP($H113,'COTACAO - PEÇAS E MATERIAIS'!B:L,2,0),\"\"))))","v":"Condulete tipo \"X\", modular de 3/4\","},3,"Pç",{"$f":"IF($G113=\"ORSE\",VLOOKUP($H113,ORSE_INSUM!A:E,4,0),IF($G113=\"SINAPI\",VLOOKUP($H113,SINAPI_INSUM!A:E,5,0),IF($G113=\"SEINFRA\",VLOOKUP($H113,SEINFRA_INSUM!B:F,4,0),IF($G113=\"COTAÇÃO\",VLOOKUP($H113,'COTACAO - PEÇAS E MATERIAIS'!B:L,10,0),\"\"))))","v":4.0199999999999996},12.06,"COTAÇÃO",86,null,"10"]
["3.1.1.107",{"$f":"IF($G114=\"ORSE\",VLOOKUP($H114,ORSE_INSUM!A:E,2,0),IF($G114=\"SINAPI\",VLOOKUP($H114,SINAPI_INSUM!A:E,2,0),IF($G114=\"SEINFRA\",VLOOKUP($H114,SEINFRA_INSUM!B:F,2,0),IF($G114=\"COTAÇÃO\",VLOOKUP($H114,'COTACAO - PEÇAS E MATERIAIS'!B:L,2,0),\"\"))))","v":"Conector borne, 10-16mm², fixação em trilho DIN - Embalagem com 50 unidades"},30,"Pç",{"$f":"IF($G114=\"ORSE\",VLOOKUP($H114,ORSE_INSUM!A:E,4,0),IF($G114=\"SINAPI\",VLOOKUP($H114,SINAPI_INSUM!A:E,5,0),IF($G114=\"SEINFRA\",VLOOKUP($H114,SEINFRA_INSUM!B:F,4,0),IF($G114=\"COTAÇÃO\",VLOOKUP($H114,'COTACAO - PEÇAS E MATERIAIS'!B:L,10,0),\"\"))))","v":8.99},269.7,"COTAÇÃO",88,null,"120"]
["3.1.1.108",{"$f":"IF($G115=\"ORSE\",VLOOKUP($H115,ORSE_INSUM!A:E,2,0),IF($G115=\"SINAPI\",VLOOKUP($H115,SINAPI_INSUM!A:E,2,0),IF($G115=\"SEINFRA\",VLOOKUP($H115,SEINFRA_INSUM!B:F,2,0),IF($G115=\"COTAÇÃO\",VLOOKUP($H115,'COTACAO - PEÇAS E MATERIAIS'!B:L,2,0),\"\"))))","v":"CONECTOR BORNE SAK 6,0MM"},35,"Pç",{"$f":"IF($G115=\"ORSE\",VLOOKUP($H115,ORSE_INSUM!A:E,4,0),IF($G115=\"SINAPI\",VLOOKUP($H115,SINAPI_INSUM!A:E,5,0),IF($G115=\"SEINFRA\",VLOOKUP($H115,SEINFRA_INSUM!B:F,4,0),IF($G115=\"COTAÇÃO\",VLOOKUP($H115,'COTACAO - PEÇAS E MATERIAIS'!B:L,10,0),\"\"))))","v":7.9},276.5,"ORSE",3033,null,"140"]
["3.1.1.109",{"$f":"IF($G116=\"ORSE\",VLOOKUP($H116,ORSE_INSUM!A:E,2,0),IF($G116=\"SINAPI\",VLOOKUP($H116,SINAPI_INSUM!A:E,2,0),IF($G116=\"SEINFRA\",VLOOKUP($H116,SEINFRA_INSUM!B:F,2,0),IF($G116=\"COTAÇÃO\",VLOOKUP($H116,'COTACAO - PEÇAS E MATERIAIS'!B:L,2,0),\"\"))))","v":"GRAMPO DE ATERRAMENTO GKP"},3,"Pç",{"$f":"IF($G116=\"ORSE\",VLOOKUP($H116,ORSE_INSUM!A:E,4,0),IF($G116=\"SINAPI\",VLOOKUP($H116,SINAPI_INSUM!A:E,5,0),IF($G116=\"SEINFRA\",VLOOKUP($H116,SEINFRA_INSUM!B:F,4,0),IF($G116=\"COTAÇÃO\",VLOOKUP($H116,'COTACAO - PEÇAS E MATERIAIS'!B:L,10,0),\"\"))))","v":4.7},14.1,"SEINFRA","I7381",null,"10"]
["3.1.1.110",{"$f":"IF($G117=\"ORSE\",VLOOKUP($H117,ORSE_INSUM!A:E,2,0),IF($G117=\"SINAPI\",VLOOKUP($H117,SINAPI_INSUM!A:E,2,0),IF($G117=\"SEINFRA\",VLOOKUP($H117,SEINFRA_INSUM!B:F,2,0),IF($G117=\"COTAÇÃO\",VLOOKUP($H117,'COTACAO - PEÇAS E MATERIAIS'!B:L,2,0),\"\"))))","v":"CONECTOR P/ HASTE DE ATERRAMENTO 3/4\""},2,"Ud",{"$f":"IF($G117=\"ORSE\",VLOOKUP($H117,ORSE_INSUM!A:E,4,0),IF($G117=\"SINAPI\",VLOOKUP($H117,SINAPI_INSUM!A:E,5,0),IF($G117=\"SEINFRA\",VLOOKUP($H117,SEINFRA_INSUM!B:F,4,0),IF($G117=\"COTAÇÃO\",VLOOKUP($H117,'COTACAO - PEÇAS E MATERIAIS'!B:L,10,0),\"\"))))","v":3},6,"ORSE",663,null,6]
["3.1.1.111",{"$f":"IF($G118=\"ORSE\",VLOOKUP($H118,ORSE_INSUM!A:E,2,0),IF($G118=\"SINAPI\",VLOOKUP($H118,SINAPI_INSUM!A:E,2,0),IF($G118=\"SEINFRA\",VLOOKUP($H118,SEINFRA_INSUM!B:F,2,0),IF($G118=\"COTAÇÃO\",VLOOKUP($H118,'COTACAO - PEÇAS E MATERIAIS'!B:L,2,0),\"\"))))","v":"Conector prensa cabos diâm. 1.1/2”"},2,"Pç",{"$f":"IF($G118=\"ORSE\",VLOOKUP($H118,ORSE_INSUM!A:E,4,0),IF($G118=\"SINAPI\",VLOOKUP($H118,SINAPI_INSUM!A:E,5,0),IF($G118=\"SEINFRA\",VLOOKUP($H118,SEINFRA_INSUM!B:F,4,0),IF($G118=\"COTAÇÃO\",VLOOKUP($H118,'COTACAO - PEÇAS E MATERIAIS'!B:L,10,0),\"\"))))","v":31.26},62.52,"COTAÇÃO",96,null,8]
["3.1.1.112",{"$f":"IF($G119=\"ORSE\",VLOOKUP($H119,ORSE_INSUM!A:E,2,0),IF($G119=\"SINAPI\",VLOOKUP($H119,SINAPI_INSUM!A:E,2,0),IF($G119=\"SEINFRA\",VLOOKUP($H119,SEINFRA_INSUM!B:F,2,0),IF($G119=\"COTAÇÃO\",VLOOKUP($H119,'COTACAO - PEÇAS E MATERIAIS'!B:L,2,0),\"\"))))","v":"Conector prensa cabos diâm. 2”"},2,"Pç",{"$f":"IF($G119=\"ORSE\",VLOOKUP($H119,ORSE_INSUM!A:E,4,0),IF($G119=\"SINAPI\",VLOOKUP($H119,SINAPI_INSUM!A:E,5,0),IF($G119=\"SEINFRA\",VLOOKUP($H119,SEINFRA_INSUM!B:F,4,0),IF($G119=\"COTAÇÃO\",VLOOKUP($H119,'COTACAO - PEÇAS E MATERIAIS'!B:L,10,0),\"\"))))","v":55.9},111.8,"COTAÇÃO",97,null,"8"]
["3.1.1.113",{"$f":"IF($G120=\"ORSE\",VLOOKUP($H120,ORSE_INSUM!A:E,2,0),IF($G120=\"SINAPI\",VLOOKUP($H120,SINAPI_INSUM!A:E,2,0),IF($G120=\"SEINFRA\",VLOOKUP($H120,SEINFRA_INSUM!B:F,2,0),IF($G120=\"COTAÇÃO\",VLOOKUP($H120,'COTACAO - PEÇAS E MATERIAIS'!B:L,2,0),\"\"))))","v":"Conector prensa cabose diâm. 1, 1/4”"},2,"Pç",{"$f":"IF($G120=\"ORSE\",VLOOKUP($H120,ORSE_INSUM!A:E,4,0),IF($G120=\"SINAPI\",VLOOKUP($H120,SINAPI_INSUM!A:E,5,0),IF($G120=\"SEINFRA\",VLOOKUP($H120,SEINFRA_INSUM!B:F,4,0),IF($G120=\"COTAÇÃO\",VLOOKUP($H120,'COTACAO - PEÇAS E MATERIAIS'!B:L,10,0),\"\"))))","v":17.25},34.5,"COTAÇÃO",98,null,8]
["3.1.1.114",{"$f":"IF($G121=\"ORSE\",VLOOKUP($H121,ORSE_INSUM!A:E,2,0),IF($G121=\"SINAPI\",VLOOKUP($H121,SINAPI_INSUM!A:E,2,0),IF($G121=\"SEINFRA\",VLOOKUP($H121,SEINFRA_INSUM!B:F,2,0),IF($G121=\"COTAÇÃO\",VLOOKUP($H121,'COTACAO - PEÇAS E MATERIAIS'!B:L,2,0),\"\"))))","v":"Conector prensa cabose diâm. 1”"},2,"Pç",{"$f":"IF($G121=\"ORSE\",VLOOKUP($H121,ORSE_INSUM!A:E,4,0),IF($G121=\"SINAPI\",VLOOKUP($H121,SINAPI_INSUM!A:E,5,0),IF($G121=\"SEINFRA\",VLOOKUP($H121,SEINFRA_INSUM!B:F,4,0),IF($G121=\"COTAÇÃO\",VLOOKUP($H121,'COTACAO - PEÇAS E MATERIAIS'!B:L,10,0),\"\"))))","v":8.9},17.8,"COTAÇÃO",99,null,8]
["3.1.1.115",{"$f":"IF($G122=\"ORSE\",VLOOKUP($H122,ORSE_INSUM!A:E,2,0),IF($G122=\"SINAPI\",VLOOKUP($H122,SINAPI_INSUM!A:E,2,0),IF($G122=\"SEINFRA\",VLOOKUP($H122,SEINFRA_INSUM!B:F,2,0),IF($G122=\"COTAÇÃO\",VLOOKUP($H122,'COTACAO - PEÇAS E MATERIAIS'!B:L,2,0),\"\"))))","v":"Contatora Aux.Combinações de contatos diversas, Bobina 125VCC"},3,"un",{"$f":"IF($G122=\"ORSE\",VLOOKUP($H122,ORSE_INSUM!A:E,4,0),IF($G122=\"SINAPI\",VLOOKUP($H122,SINAPI_INSUM!A:E,5,0),IF($G122=\"SEINFRA\",VLOOKUP($H122,SEINFRA_INSUM!B:F,4,0),IF($G122=\"COTAÇÃO\",VLOOKUP($H122,'COTACAO - PEÇAS E MATERIAIS'!B:L,10,0),\"\"))))","v":69.650000000000006},208.95,"COTAÇÃO",107,null,"12"]
["3.1.1.116",{"$f":"IF($G123=\"ORSE\",VLOOKUP($H123,ORSE_INSUM!A:E,2,0),IF($G123=\"SINAPI\",VLOOKUP($H123,SINAPI_INSUM!A:E,2,0),IF($G123=\"SEINFRA\",VLOOKUP($H123,SEINFRA_INSUM!B:F,2,0),IF($G123=\"COTAÇÃO\",VLOOKUP($H123,'COTACAO - PEÇAS E MATERIAIS'!B:L,2,0),\"\"))))","v":"Contatora auxiliar weg, combinações de contatos diversas"},5,"un",{"$f":"IF($G123=\"ORSE\",VLOOKUP($H123,ORSE_INSUM!A:E,4,0),IF($G123=\"SINAPI\",VLOOKUP($H123,SINAPI_INSUM!A:E,5,0),IF($G123=\"SEINFRA\",VLOOKUP($H123,SEINFRA_INSUM!B:F,4,0),IF($G123=\"COTAÇÃO\",VLOOKUP($H123,'COTACAO - PEÇAS E MATERIAIS'!B:L,10,0),\"\"))))","v":49.9},249.5,"COTAÇÃO",108,null,"20"]
["3.1.1.117",{"$f":"IF($G124=\"ORSE\",VLOOKUP($H124,ORSE_INSUM!A:E,2,0),IF($G124=\"SINAPI\",VLOOKUP($H124,SINAPI_INSUM!A:E,2,0),IF($G124=\"SEINFRA\",VLOOKUP($H124,SEINFRA_INSUM!B:F,2,0),IF($G124=\"COTAÇÃO\",VLOOKUP($H124,'COTACAO - PEÇAS E MATERIAIS'!B:L,2,0),\"\"))))","v":"Contatora de potencia, tripolar,800A, 690V, Alim.: 220Vac;"},1,"un",{"$f":"IF($G124=\"ORSE\",VLOOKUP($H124,ORSE_INSUM!A:E,4,0),IF($G124=\"SINAPI\",VLOOKUP($H124,SINAPI_INSUM!A:E,5,0),IF($G124=\"SEINFRA\",VLOOKUP($H124,SEINFRA_INSUM!B:F,4,0),IF($G124=\"COTAÇÃO\",VLOOKUP($H124,'COTACAO - PEÇAS E MATERIAIS'!B:L,10,0),\"\"))))","v":4920},4920,"COTAÇÃO",109,null,"2"]
["3.1.1.118",{"$f":"IF($G125=\"ORSE\",VLOOKUP($H125,ORSE_INSUM!A:E,2,0),IF($G125=\"SINAPI\",VLOOKUP($H125,SINAPI_INSUM!A:E,2,0),IF($G125=\"SEINFRA\",VLOOKUP($H125,SEINFRA_INSUM!B:F,2,0),IF($G125=\"COTAÇÃO\",VLOOKUP($H125,'COTACAO - PEÇAS E MATERIAIS'!B:L,2,0),\"\"))))","v":"Contatora SIEMENS 630A, 1000V, Alim.: 220Vac; Mod.: 3TF6844-OC"},1,"un",{"$f":"IF($G125=\"ORSE\",VLOOKUP($H125,ORSE_INSUM!A:E,4,0),IF($G125=\"SINAPI\",VLOOKUP($H125,SINAPI_INSUM!A:E,5,0),IF($G125=\"SEINFRA\",VLOOKUP($H125,SEINFRA_INSUM!B:F,4,0),IF($G125=\"COTAÇÃO\",VLOOKUP($H125,'COTACAO - PEÇAS E MATERIAIS'!B:L,10,0),\"\"))))","v":21783.52},21783.52,"COTAÇÃO",110,null,"2"]
["3.1.1.119",{"$f":"IF($G126=\"ORSE\",VLOOKUP($H126,ORSE_INSUM!A:E,2,0),IF($G126=\"SINAPI\",VLOOKUP($H126,SINAPI_INSUM!A:E,2,0),IF($G126=\"SEINFRA\",VLOOKUP($H126,SEINFRA_INSUM!B:F,2,0),IF($G126=\"COTAÇÃO\",VLOOKUP($H126,'COTACAO - PEÇAS E MATERIAIS'!B:L,2,0),\"\"))))","v":"Contatora SIEMENS 850A, 1000V, Alim.: 220Vac; Mod.: 3TF6944-OC"},1,"un",{"$f":"IF($G126=\"ORSE\",VLOOKUP($H126,ORSE_INSUM!A:E,4,0),IF($G126=\"SINAPI\",VLOOKUP($H126,SINAPI_INSUM!A:E,5,0),IF($G126=\"SEINFRA\",VLOOKUP($H126,SEINFRA_INSUM!B:F,4,0),IF($G126=\"COTAÇÃO\",VLOOKUP($H126,'COTACAO - PEÇAS E MATERIAIS'!B:L,10,0),\"\"))))","v":25845},25845,"COTAÇÃO",111,null,"2"]
["3.1.1.120",{"$f":"IF($G127=\"ORSE\",VLOOKUP($H127,ORSE_INSUM!A:E,2,0),IF($G127=\"SINAPI\",VLOOKUP($H127,SINAPI_INSUM!A:E,2,0),IF($G127=\"SEINFRA\",VLOOKUP($H127,SEINFRA_INSUM!B:F,2,0),IF($G127=\"COTAÇÃO\",VLOOKUP($H127,'COTACAO - PEÇAS E MATERIAIS'!B:L,2,0),\"\"))))","v":"CRUZETA DE CONCRETO TIPO T 1900 MM"},1,"Ud",{"$f":"IF($G127=\"ORSE\",VLOOKUP($H127,ORSE_INSUM!A:E,4,0),IF($G127=\"SINAPI\",VLOOKUP($H127,SINAPI_INSUM!A:E,5,0),IF($G127=\"SEINFRA\",VLOOKUP($H127,SEINFRA_INSUM!B:F,4,0),IF($G127=\"COTAÇÃO\",VLOOKUP($H127,'COTACAO - PEÇAS E MATERIAIS'!B:L,10,0),\"\"))))","v":128},128,"ORSE",3542,null,"2"]
["3.1.1.121",{"$f":"IF($G128=\"ORSE\",VLOOKUP($H128,ORSE_INSUM!A:E,2,0),IF($G128=\"SINAPI\",VLOOKUP($H128,SINAPI_INSUM!A:E,2,0),IF($G128=\"SEINFRA\",VLOOKUP($H128,SEINFRA_INSUM!B:F,2,0),IF($G128=\"COTAÇÃO\",VLOOKUP($H128,'COTACAO - PEÇAS E MATERIAIS'!B:L,2,0),\"\"))))","v":"CURVA 90° ELETRODUTO PVC ROSCÁVEL,  D=1 1/2\""},1,"Pç",{"$f":"IF($G128=\"ORSE\",VLOOKUP($H128,ORSE_INSUM!A:E,4,0),IF($G128=\"SINAPI\",VLOOKUP($H128,SINAPI_INSUM!A:E,5,0),IF($G128=\"SEINFRA\",VLOOKUP($H128,SEINFRA_INSUM!B:F,4,0),IF($G128=\"COTAÇÃO\",VLOOKUP($H128,'COTACAO - PEÇAS E MATERIAIS'!B:L,10,0),\"\"))))","v":3.04},3.04,"ORSE",732,null,"4"]
["3.1.1.122",{"$f":"IF($G129=\"ORSE\",VLOOKUP($H129,ORSE_INSUM!A:E,2,0),IF($G129=\"SINAPI\",VLOOKUP($H129,SINAPI_INSUM!A:E,2,0),IF($G129=\"SEINFRA\",VLOOKUP($H129,SEINFRA_INSUM!B:F,2,0),IF($G129=\"COTAÇÃO\",VLOOKUP($H129,'COTACAO - PEÇAS E MATERIAIS'!B:L,2,0),\"\"))))","v":"CURVA 90° ELETRODUTO PVC ROSCÁVEL,  D=1 \""},1,"Pç",{"$f":"IF($G129=\"ORSE\",VLOOKUP($H129,ORSE_INSUM!A:E,4,0),IF($G129=\"SINAPI\",VLOOKUP($H129,SINAPI_INSUM!A:E,5,0),IF($G129=\"SEINFRA\",VLOOKUP($H129,SEINFRA_INSUM!B:F,4,0),IF($G129=\"COTAÇÃO\",VLOOKUP($H129,'COTACAO - PEÇAS E MATERIAIS'!B:L,10,0),\"\"))))","v":2.2200000000000002},2.2200000000000002,"ORSE",730,null,"4"]
["3.1.1.123",{"$f":"IF($G130=\"ORSE\",VLOOKUP($H130,ORSE_INSUM!A:E,2,0),IF($G130=\"SINAPI\",VLOOKUP($H130,SINAPI_INSUM!A:E,2,0),IF($G130=\"SEINFRA\",VLOOKUP($H130,SEINFRA_INSUM!B:F,2,0),IF($G130=\"COTAÇÃO\",VLOOKUP($H130,'COTACAO - PEÇAS E MATERIAIS'!B:L,2,0),\"\"))))","v":"CURVA 90° ELETRODUTO PVC ROSCÁVEL,  D=2 \""},1,"Pç",{"$f":"IF($G130=\"ORSE\",VLOOKUP($H130,ORSE_INSUM!A:E,4,0),IF($G130=\"SINAPI\",VLOOKUP($H130,SINAPI_INSUM!A:E,5,0),IF($G130=\"SEINFRA\",VLOOKUP($H130,SEINFRA_INSUM!B:F,4,0),IF($G130=\"COTAÇÃO\",VLOOKUP($H130,'COTACAO - PEÇAS E MATERIAIS'!B:L,10,0),\"\"))))","v":4.9400000000000004},4.9400000000000004,"ORSE",733,null,2]
["3.1.1.124",{"$f":"IF($G131=\"ORSE\",VLOOKUP($H131,ORSE_INSUM!A:E,2,0),IF($G131=\"SINAPI\",VLOOKUP($H131,SINAPI_INSUM!A:E,2,0),IF($G131=\"SEINFRA\",VLOOKUP($H131,SEINFRA_INSUM!B:F,2,0),IF($G131=\"COTAÇÃO\",VLOOKUP($H131,'COTACAO - PEÇAS E MATERIAIS'!B:L,2,0),\"\"))))","v":"CURVA 90° ELETRODUTO PVC ROSCÁVEL,  D= 3/4\""},1,"Pç",{"$f":"IF($G131=\"ORSE\",VLOOKUP($H131,ORSE_INSUM!A:E,4,0),IF($G131=\"SINAPI\",VLOOKUP($H131,SINAPI_INSUM!A:E,5,0),IF($G131=\"SEINFRA\",VLOOKUP($H131,SEINFRA_INSUM!B:F,4,0),IF($G131=\"COTAÇÃO\",VLOOKUP($H131,'COTACAO - PEÇAS E MATERIAIS'!B:L,10,0),\"\"))))","v":1.45},1.45,"ORSE",729,null,2]
["3.1.1.125",{"$f":"IF($G132=\"ORSE\",VLOOKUP($H132,ORSE_INSUM!A:E,2,0),IF($G132=\"SINAPI\",VLOOKUP($H132,SINAPI_INSUM!A:E,2,0),IF($G132=\"SEINFRA\",VLOOKUP($H132,SEINFRA_INSUM!B:F,2,0),IF($G132=\"COTAÇÃO\",VLOOKUP($H132,'COTACAO - PEÇAS E MATERIAIS'!B:L,2,0),\"\"))))","v":"CURVA 90° FERRO GALVANIZADO D=1 1/2\""},1,"Pç",{"$f":"IF($G132=\"ORSE\",VLOOKUP($H132,ORSE_INSUM!A:E,4,0),IF($G132=\"SINAPI\",VLOOKUP($H132,SINAPI_INSUM!A:E,5,0),IF($G132=\"SEINFRA\",VLOOKUP($H132,SEINFRA_INSUM!B:F,4,0),IF($G132=\"COTAÇÃO\",VLOOKUP($H132,'COTACAO - PEÇAS E MATERIAIS'!B:L,10,0),\"\"))))","v":41.12},41.12,"ORSE",769,null,"2"]
["3.1.1.126",{"$f":"IF($G133=\"ORSE\",VLOOKUP($H133,ORSE_INSUM!A:E,2,0),IF($G133=\"SINAPI\",VLOOKUP($H133,SINAPI_INSUM!A:E,2,0),IF($G133=\"SEINFRA\",VLOOKUP($H133,SEINFRA_INSUM!B:F,2,0),IF($G133=\"COTAÇÃO\",VLOOKUP($H133,'COTACAO - PEÇAS E MATERIAIS'!B:L,2,0),\"\"))))","v":"CURVA 90° FERRO GALVANIZADO D=1 \""},1,"Pç",{"$f":"IF($G133=\"ORSE\",VLOOKUP($H133,ORSE_INSUM!A:E,4,0),IF($G133=\"SINAPI\",VLOOKUP($H133,SINAPI_INSUM!A:E,5,0),IF($G133=\"SEINFRA\",VLOOKUP($H133,SEINFRA_INSUM!B:F,4,0),IF($G133=\"COTAÇÃO\",VLOOKUP($H133,'COTACAO - PEÇAS E MATERIAIS'!B:L,10,0),\"\"))))","v":19.600000000000001},19.600000000000001,"ORSE",767,null,3]
["3.1.1.127",{"$f":"IF($G134=\"ORSE\",VLOOKUP($H134,ORSE_INSUM!A:E,2,0),IF($G134=\"SINAPI\",VLOOKUP($H134,SINAPI_INSUM!A:E,2,0),IF($G134=\"SEINFRA\",VLOOKUP($H134,SEINFRA_INSUM!B:F,2,0),IF($G134=\"COTAÇÃO\",VLOOKUP($H134,'COTACAO - PEÇAS E MATERIAIS'!B:L,2,0),\"\"))))","v":"CURVA 90° FERRO GALVANIZADO D=2 \""},1,"Pç",{"$f":"IF($G134=\"ORSE\",VLOOKUP($H134,ORSE_INSUM!A:E,4,0),IF($G134=\"SINAPI\",VLOOKUP($H134,SINAPI_INSUM!A:E,5,0),IF($G134=\"SEINFRA\",VLOOKUP($H134,SEINFRA_INSUM!B:F,4,0),IF($G134=\"COTAÇÃO\",VLOOKUP($H134,'COTACAO - PEÇAS E MATERIAIS'!B:L,10,0),\"\"))))","v":68.930000000000007},68.930000000000007,"ORSE",770,null,3]
["3.1.1.128",{"$f":"IF($G135=\"ORSE\",VLOOKUP($H135,ORSE_INSUM!A:E,2,0),IF($G135=\"SINAPI\",VLOOKUP($H135,SINAPI_INSUM!A:E,2,0),IF($G135=\"SEINFRA\",VLOOKUP($H135,SEINFRA_INSUM!B:F,2,0),IF($G135=\"COTAÇÃO\",VLOOKUP($H135,'COTACAO - PEÇAS E MATERIAIS'!B:L,2,0),\"\"))))","v":"CURVA 90° FERRO GALVANIZADO D= 3/4\""},1,"Pç",{"$f":"IF($G135=\"ORSE\",VLOOKUP($H135,ORSE_INSUM!A:E,4,0),IF($G135=\"SINAPI\",VLOOKUP($H135,SINAPI_INSUM!A:E,5,0),IF($G135=\"SEINFRA\",VLOOKUP($H135,SEINFRA_INSUM!B:F,4,0),IF($G135=\"COTAÇÃO\",VLOOKUP($H135,'COTACAO - PEÇAS E MATERIAIS'!B:L,10,0),\"\"))))","v":12.15},12.15,"ORSE",766,null,"2"]
["3.1.1.129",{"$f":"IF($G136=\"ORSE\",VLOOKUP($H136,ORSE_INSUM!A:E,2,0),IF($G136=\"SINAPI\",VLOOKUP($H136,SINAPI_INSUM!A:E,2,0),IF($G136=\"SEINFRA\",VLOOKUP($H136,SEINFRA_INSUM!B:F,2,0),IF($G136=\"COTAÇÃO\",VLOOKUP($H136,'COTACAO - PEÇAS E MATERIAIS'!B:L,2,0),\"\"))))","v":"CURVA 90° FERRO GALVANIZADO D=4 \""},1,"Pç",{"$f":"IF($G136=\"ORSE\",VLOOKUP($H136,ORSE_INSUM!A:E,4,0),IF($G136=\"SINAPI\",VLOOKUP($H136,SINAPI_INSUM!A:E,5,0),IF($G136=\"SEINFRA\",VLOOKUP($H136,SEINFRA_INSUM!B:F,4,0),IF($G136=\"COTAÇÃO\",VLOOKUP($H136,'COTACAO - PEÇAS E MATERIAIS'!B:L,10,0),\"\"))))","v":332.06},332.06,"ORSE",773,null,"4"]
["3.1.1.130",{"$f":"IF($G137=\"ORSE\",VLOOKUP($H137,ORSE_INSUM!A:E,2,0),IF($G137=\"SINAPI\",VLOOKUP($H137,SINAPI_INSUM!A:E,2,0),IF($G137=\"SEINFRA\",VLOOKUP($H137,SEINFRA_INSUM!B:F,2,0),IF($G137=\"COTAÇÃO\",VLOOKUP($H137,'COTACAO - PEÇAS E MATERIAIS'!B:L,2,0),\"\"))))","v":"Desengripante spray (micro óleo) 300ml"},{"$f":"ROUND(J137/4,0)","v":4},"Pç",{"$f":"IF($G137=\"ORSE\",VLOOKUP($H137,ORSE_INSUM!A:E,4,0),IF($G137=\"SINAPI\",VLOOKUP($H137,SINAPI_INSUM!A:E,5,0),IF($G137=\"SEINFRA\",VLOOKUP($H137,SEINFRA_INSUM!B:F,4,0),IF($G137=\"COTAÇÃO\",VLOOKUP($H137,'COTACAO - PEÇAS E MATERIAIS'!B:L,10,0),\"\"))))","v":9.4},{"$f":"ROUND(C137*E137,2)","v":37.6},"COTAÇÃO",113,null,"14"]
["3.1.1.131",{"$f":"IF($G138=\"ORSE\",VLOOKUP($H138,ORSE_INSUM!A:E,2,0),IF($G138=\"SINAPI\",VLOOKUP($H138,SINAPI_INSUM!A:E,2,0),IF($G138=\"SEINFRA\",VLOOKUP($H138,SEINFRA_INSUM!B:F,2,0),IF($G138=\"COTAÇÃO\",VLOOKUP($H138,'COTACAO - PEÇAS E MATERIAIS'!B:L,2,0),\"\"))))","v":"Diodo, Fab.: SEMIKRON, mod.: SKR 130/12"},3,"Um",{"$f":"IF($G138=\"ORSE\",VLOOKUP($H138,ORSE_INSUM!A:E,4,0),IF($G138=\"SINAPI\",VLOOKUP($H138,SINAPI_INSUM!A:E,5,0),IF($G138=\"SEINFRA\",VLOOKUP($H138,SEINFRA_INSUM!B:F,4,0),IF($G138=\"COTAÇÃO\",VLOOKUP($H138,'COTACAO - PEÇAS E MATERIAIS'!B:L,10,0),\"\"))))","v":74.92},224.76,"COTAÇÃO",114,null,"12"]
["3.1.1.132",{"$f":"IF($G139=\"ORSE\",VLOOKUP($H139,ORSE_INSUM!A:E,2,0),IF($G139=\"SINAPI\",VLOOKUP($H139,SINAPI_INSUM!A:E,2,0),IF($G139=\"SEINFRA\",VLOOKUP($H139,SEINFRA_INSUM!B:F,2,0),IF($G139=\"COTAÇÃO\",VLOOKUP($H139,'COTACAO - PEÇAS E MATERIAIS'!B:L,2,0),\"\"))))","v":"DISJUNTOR A VACUO 15KV, MARCA BEGHIM, TIPO MAF 15-630-350, MANUAL C/RELÉ URPE 7104 + JG DE CONTATO 3NF+3NA, BOBINA DE FECHAMENTO, BLOQUEIO KIRK, DISPARADOR TCC, BOBINA ABERT.+3TCS (OU SIMILAR)"},{"$f":"ROUND(J139/2,0)","v":1},"Ud",{"$f":"IF($G139=\"ORSE\",VLOOKUP($H139,ORSE_INSUM!A:E,4,0),IF($G139=\"SINAPI\",VLOOKUP($H139,SINAPI_INSUM!A:E,5,0),IF($G139=\"SEINFRA\",VLOOKUP($H139,SEINFRA_INSUM!B:F,4,0),IF($G139=\"COTAÇÃO\",VLOOKUP($H139,'COTACAO - PEÇAS E MATERIAIS'!B:L,10,0),\"\"))))","v":28660.41},28660.41,"ORSE",9211,null,1]
["3.1.1.133",{"$f":"IF($G140=\"ORSE\",VLOOKUP($H140,ORSE_INSUM!A:E,2,0),IF($G140=\"SINAPI\",VLOOKUP($H140,SINAPI_INSUM!A:E,2,0),IF($G140=\"SEINFRA\",VLOOKUP($H140,SEINFRA_INSUM!B:F,2,0),IF($G140=\"COTAÇÃO\",VLOOKUP($H140,'COTACAO - PEÇAS E MATERIAIS'!B:L,2,0),\"\"))))","v":"Disjuntor bipolar DIN 100A - Ref: MERLIN"},{"$f":"ROUND(J140/2,0)","v":1},"un",{"$f":"IF($G140=\"ORSE\",VLOOKUP($H140,ORSE_INSUM!A:E,4,0),IF($G140=\"SINAPI\",VLOOKUP($H140,SINAPI_INSUM!A:E,5,0),IF($G140=\"SEINFRA\",VLOOKUP($H140,SEINFRA_INSUM!B:F,4,0),IF($G140=\"COTAÇÃO\",VLOOKUP($H140,'COTACAO - PEÇAS E MATERIAIS'!B:L,10,0),\"\"))))","v":64.13},64.13,"COTAÇÃO",115,null,"1"]
["3.1.1.134",{"$f":"IF($G141=\"ORSE\",VLOOKUP($H141,ORSE_INSUM!A:E,2,0),IF($G141=\"SINAPI\",VLOOKUP($H141,SINAPI_INSUM!A:E,2,0),IF($G141=\"SEINFRA\",VLOOKUP($H141,SEINFRA_INSUM!B:F,2,0),IF($G141=\"COTAÇÃO\",VLOOKUP($H141,'COTACAO - PEÇAS E MATERIAIS'!B:L,2,0),\"\"))))","v":"Disjuntor bipolar DIN 10A; mod.: C60A; 400V - Ref: MERLIN"},2,"un",{"$f":"IF($G141=\"ORSE\",VLOOKUP($H141,ORSE_INSUM!A:E,4,0),IF($G141=\"SINAPI\",VLOOKUP($H141,SINAPI_INSUM!A:E,5,0),IF($G141=\"SEINFRA\",VLOOKUP($H141,SEINFRA_INSUM!B:F,4,0),IF($G141=\"COTAÇÃO\",VLOOKUP($H141,'COTACAO - PEÇAS E MATERIAIS'!B:L,10,0),\"\"))))","v":17.09},34.18,"COTAÇÃO",116,null,"6"]
["3.1.1.135",{"$f":"IF($G142=\"ORSE\",VLOOKUP($H142,ORSE_INSUM!A:E,2,0),IF($G142=\"SINAPI\",VLOOKUP($H142,SINAPI_INSUM!A:E,2,0),IF($G142=\"SEINFRA\",VLOOKUP($H142,SEINFRA_INSUM!B:F,2,0),IF($G142=\"COTAÇÃO\",VLOOKUP($H142,'COTACAO - PEÇAS E MATERIAIS'!B:L,2,0),\"\"))))","v":"Disjuntor bipolar DIN 125A; mod.: NC125H, 10KA; IEC9472 - Ref: MERLIN"},{"$f":"ROUND(J142/2,0)","v":1},"un",{"$f":"IF($G142=\"ORSE\",VLOOKUP($H142,ORSE_INSUM!A:E,4,0),IF($G142=\"SINAPI\",VLOOKUP($H142,SINAPI_INSUM!A:E,5,0),IF($G142=\"SEINFRA\",VLOOKUP($H142,SEINFRA_INSUM!B:F,4,0),IF($G142=\"COTAÇÃO\",VLOOKUP($H142,'COTACAO - PEÇAS E MATERIAIS'!B:L,10,0),\"\"))))","v":159.96},159.96,"COTAÇÃO",117,null,"1"]
["3.1.1.136",{"$f":"IF($G143=\"ORSE\",VLOOKUP($H143,ORSE_INSUM!A:E,2,0),IF($G143=\"SINAPI\",VLOOKUP($H143,SINAPI_INSUM!A:E,2,0),IF($G143=\"SEINFRA\",VLOOKUP($H143,SEINFRA_INSUM!B:F,2,0),IF($G143=\"COTAÇÃO\",VLOOKUP($H143,'COTACAO - PEÇAS E MATERIAIS'!B:L,2,0),\"\"))))","v":"Disjuntor Bipolar tipo: 5SX1206 - 6, 440vca,  6A, Curva caracteristica: \"B\""},3,"un",{"$f":"IF($G143=\"ORSE\",VLOOKUP($H143,ORSE_INSUM!A:E,4,0),IF($G143=\"SINAPI\",VLOOKUP($H143,SINAPI_INSUM!A:E,5,0),IF($G143=\"SEINFRA\",VLOOKUP($H143,SEINFRA_INSUM!B:F,4,0),IF($G143=\"COTAÇÃO\",VLOOKUP($H143,'COTACAO - PEÇAS E MATERIAIS'!B:L,10,0),\"\"))))","v":88.74},266.22000000000003,"COTAÇÃO",118,null,"10"]
["3.1.1.137",{"$f":"IF($G144=\"ORSE\",VLOOKUP($H144,ORSE_INSUM!A:E,2,0),IF($G144=\"SINAPI\",VLOOKUP($H144,SINAPI_INSUM!A:E,2,0),IF($G144=\"SEINFRA\",VLOOKUP($H144,SEINFRA_INSUM!B:F,2,0),IF($G144=\"COTAÇÃO\",VLOOKUP($H144,'COTACAO - PEÇAS E MATERIAIS'!B:L,2,0),\"\"))))","v":"Disjuntor Monopolar de 10A, DIN,  "},3,"pç",{"$f":"IF($G144=\"ORSE\",VLOOKUP($H144,ORSE_INSUM!A:E,4,0),IF($G144=\"SINAPI\",VLOOKUP($H144,SINAPI_INSUM!A:E,5,0),IF($G144=\"SEINFRA\",VLOOKUP($H144,SEINFRA_INSUM!B:F,4,0),IF($G144=\"COTAÇÃO\",VLOOKUP($H144,'COTACAO - PEÇAS E MATERIAIS'!B:L,10,0),\"\"))))","v":7.63},22.89,"COTAÇÃO",119,null,"10"]
["3.1.1.138",{"$f":"IF($G145=\"ORSE\",VLOOKUP($H145,ORSE_INSUM!A:E,2,0),IF($G145=\"SINAPI\",VLOOKUP($H145,SINAPI_INSUM!A:E,2,0),IF($G145=\"SEINFRA\",VLOOKUP($H145,SEINFRA_INSUM!B:F,2,0),IF($G145=\"COTAÇÃO\",VLOOKUP($H145,'COTACAO - PEÇAS E MATERIAIS'!B:L,2,0),\"\"))))","v":"Disjuntor Monopolar de 2A, DIN,"},1,"Ud",{"$f":"IF($G145=\"ORSE\",VLOOKUP($H145,ORSE_INSUM!A:E,4,0),IF($G145=\"SINAPI\",VLOOKUP($H145,SINAPI_INSUM!A:E,5,0),IF($G145=\"SEINFRA\",VLOOKUP($H145,SEINFRA_INSUM!B:F,4,0),IF($G145=\"COTAÇÃO\",VLOOKUP($H145,'COTACAO - PEÇAS E MATERIAIS'!B:L,10,0),\"\"))))","v":21.2},21.2,"COTAÇÃO",120,null,"4"]
["3.1.1.139",{"$f":"IF($G146=\"ORSE\",VLOOKUP($H146,ORSE_INSUM!A:E,2,0),IF($G146=\"SINAPI\",VLOOKUP($H146,SINAPI_INSUM!A:E,2,0),IF($G146=\"SEINFRA\",VLOOKUP($H146,SEINFRA_INSUM!B:F,2,0),IF($G146=\"COTAÇÃO\",VLOOKUP($H146,'COTACAO - PEÇAS E MATERIAIS'!B:L,2,0),\"\"))))","v":"Disjuntor Monopolar de 4A, DIN,"},1,"Ud",{"$f":"IF($G146=\"ORSE\",VLOOKUP($H146,ORSE_INSUM!A:E,4,0),IF($G146=\"SINAPI\",VLOOKUP($H146,SINAPI_INSUM!A:E,5,0),IF($G146=\"SEINFRA\",VLOOKUP($H146,SEINFRA_INSUM!B:F,4,0),IF($G146=\"COTAÇÃO\",VLOOKUP($H146,'COTACAO - PEÇAS E MATERIAIS'!B:L,10,0),\"\"))))","v":19.39},19.39,"COTAÇÃO",121,null,"4"]
["3.1.1.140",{"$f":"IF($G147=\"ORSE\",VLOOKUP($H147,ORSE_INSUM!A:E,2,0),IF($G147=\"SINAPI\",VLOOKUP($H147,SINAPI_INSUM!A:E,2,0),IF($G147=\"SEINFRA\",VLOOKUP($H147,SEINFRA_INSUM!B:F,2,0),IF($G147=\"COTAÇÃO\",VLOOKUP($H147,'COTACAO - PEÇAS E MATERIAIS'!B:L,2,0),\"\"))))","v":"Disjuntor Monopolar de 6A, DIN,  "},3,"pç",{"$f":"IF($G147=\"ORSE\",VLOOKUP($H147,ORSE_INSUM!A:E,4,0),IF($G147=\"SINAPI\",VLOOKUP($H147,SINAPI_INSUM!A:E,5,0),IF($G147=\"SEINFRA\",VLOOKUP($H147,SEINFRA_INSUM!B:F,4,0),IF($G147=\"COTAÇÃO\",VLOOKUP($H147,'COTACAO - PEÇAS E MATERIAIS'!B:L,10,0),\"\"))))","v":17.8},53.4,"COTAÇÃO",122,null,"10"]
["3.1.1.141",{"$f":"IF($G148=\"ORSE\",VLOOKUP($H148,ORSE_INSUM!A:E,2,0),IF($G148=\"SINAPI\",VLOOKUP($H148,SINAPI_INSUM!A:E,2,0),IF($G148=\"SEINFRA\",VLOOKUP($H148,SEINFRA_INSUM!B:F,2,0),IF($G148=\"COTAÇÃO\",VLOOKUP($H148,'COTACAO - PEÇAS E MATERIAIS'!B:L,2,0),\"\"))))","v":"Disjuntor Termomagnético tripolar tensão nominal 440V, corrente nominal 16A, capacidade de ruptura 4,5KA em 380V, Tipo 5SK7316"},1,"Ud",{"$f":"IF($G148=\"ORSE\",VLOOKUP($H148,ORSE_INSUM!A:E,4,0),IF($G148=\"SINAPI\",VLOOKUP($H148,SINAPI_INSUM!A:E,5,0),IF($G148=\"SEINFRA\",VLOOKUP($H148,SEINFRA_INSUM!B:F,4,0),IF($G148=\"COTAÇÃO\",VLOOKUP($H148,'COTACAO - PEÇAS E MATERIAIS'!B:L,10,0),\"\"))))","v":29.48},29.48,"COTAÇÃO",125,null,"4"]
["3.1.1.142",{"$f":"IF($G149=\"ORSE\",VLOOKUP($H149,ORSE_INSUM!A:E,2,0),IF($G149=\"SINAPI\",VLOOKUP($H149,SINAPI_INSUM!A:E,2,0),IF($G149=\"SEINFRA\",VLOOKUP($H149,SEINFRA_INSUM!B:F,2,0),IF($G149=\"COTAÇÃO\",VLOOKUP($H149,'COTACAO - PEÇAS E MATERIAIS'!B:L,2,0),\"\"))))","v":"Disjuntor Termomagnético tripolar tensão nominal 440V, corrente nominal 25A, capacidade de ruptura 4,5KA em 380V, Tipo 5SK7325"},1,"Ud",{"$f":"IF($G149=\"ORSE\",VLOOKUP($H149,ORSE_INSUM!A:E,4,0),IF($G149=\"SINAPI\",VLOOKUP($H149,SINAPI_INSUM!A:E,5,0),IF($G149=\"SEINFRA\",VLOOKUP($H149,SEINFRA_INSUM!B:F,4,0),IF($G149=\"COTAÇÃO\",VLOOKUP($H149,'COTACAO - PEÇAS E MATERIAIS'!B:L,10,0),\"\"))))","v":32.590000000000003},32.590000000000003,"COTAÇÃO",126,null,"4"]
["3.1.1.143",{"$f":"IF($G150=\"ORSE\",VLOOKUP($H150,ORSE_INSUM!A:E,2,0),IF($G150=\"SINAPI\",VLOOKUP($H150,SINAPI_INSUM!A:E,2,0),IF($G150=\"SEINFRA\",VLOOKUP($H150,SEINFRA_INSUM!B:F,2,0),IF($G150=\"COTAÇÃO\",VLOOKUP($H150,'COTACAO - PEÇAS E MATERIAIS'!B:L,2,0),\"\"))))","v":"Disjuntor Termomagnético tripolar tensão nominal 440V, corrente nominal 32A, capacidade de ruptura 4,5KA em 380V, Tipo 5SK7332"},1,"Ud",{"$f":"IF($G150=\"ORSE\",VLOOKUP($H150,ORSE_INSUM!A:E,4,0),IF($G150=\"SINAPI\",VLOOKUP($H150,SINAPI_INSUM!A:E,5,0),IF($G150=\"SEINFRA\",VLOOKUP($H150,SEINFRA_INSUM!B:F,4,0),IF($G150=\"COTAÇÃO\",VLOOKUP($H150,'COTACAO - PEÇAS E MATERIAIS'!B:L,10,0),\"\"))))","v":33.65},33.65,"COTAÇÃO",127,null,"4"]
["3.1.1.144",{"$f":"IF($G151=\"ORSE\",VLOOKUP($H151,ORSE_INSUM!A:E,2,0),IF($G151=\"SINAPI\",VLOOKUP($H151,SINAPI_INSUM!A:E,2,0),IF($G151=\"SEINFRA\",VLOOKUP($H151,SEINFRA_INSUM!B:F,2,0),IF($G151=\"COTAÇÃO\",VLOOKUP($H151,'COTACAO - PEÇAS E MATERIAIS'!B:L,2,0),\"\"))))","v":"Disjuntor Termomagnético tripolar tensão nominal 440V, corrente nominal 6A, capacidade de ruptura 3KA em 380V, Tipo 5SK7306"},1,"Ud",{"$f":"IF($G151=\"ORSE\",VLOOKUP($H151,ORSE_INSUM!A:E,4,0),IF($G151=\"SINAPI\",VLOOKUP($H151,SINAPI_INSUM!A:E,5,0),IF($G151=\"SEINFRA\",VLOOKUP($H151,SEINFRA_INSUM!B:F,4,0),IF($G151=\"COTAÇÃO\",VLOOKUP($H151,'COTACAO - PEÇAS E MATERIAIS'!B:L,10,0),\"\"))))","v":58.85},58.85,"COTAÇÃO",128,null,"4"]
["3.1.1.145",{"$f":"IF($G152=\"ORSE\",VLOOKUP($H152,ORSE_INSUM!A:E,2,0),IF($G152=\"SINAPI\",VLOOKUP($H152,SINAPI_INSUM!A:E,2,0),IF($G152=\"SEINFRA\",VLOOKUP($H152,SEINFRA_INSUM!B:F,2,0),IF($G152=\"COTAÇÃO\",VLOOKUP($H152,'COTACAO - PEÇAS E MATERIAIS'!B:L,2,0),\"\"))))","v":"Disjuntor Termomagnético tripolar tensão nominal 660V, corrente nominal 50A, capacidade de ruptura 12KA em 380V, Tipo 3VT5200"},1,"Ud",{"$f":"IF($G152=\"ORSE\",VLOOKUP($H152,ORSE_INSUM!A:E,4,0),IF($G152=\"SINAPI\",VLOOKUP($H152,SINAPI_INSUM!A:E,5,0),IF($G152=\"SEINFRA\",VLOOKUP($H152,SEINFRA_INSUM!B:F,4,0),IF($G152=\"COTAÇÃO\",VLOOKUP($H152,'COTACAO - PEÇAS E MATERIAIS'!B:L,10,0),\"\"))))","v":39.83},39.83,"COTAÇÃO",129,null,"4"]
["3.1.1.146",{"$f":"IF($G153=\"ORSE\",VLOOKUP($H153,ORSE_INSUM!A:E,2,0),IF($G153=\"SINAPI\",VLOOKUP($H153,SINAPI_INSUM!A:E,2,0),IF($G153=\"SEINFRA\",VLOOKUP($H153,SEINFRA_INSUM!B:F,2,0),IF($G153=\"COTAÇÃO\",VLOOKUP($H153,'COTACAO - PEÇAS E MATERIAIS'!B:L,2,0),\"\"))))","v":"Disjuntor Termomagnético tripolar tensão nominal 660V, corrente nominal 63A, capacidade de ruptura 12KA em 380V, Tipo 3VT5200"},1,"Ud",{"$f":"IF($G153=\"ORSE\",VLOOKUP($H153,ORSE_INSUM!A:E,4,0),IF($G153=\"SINAPI\",VLOOKUP($H153,SINAPI_INSUM!A:E,5,0),IF($G153=\"SEINFRA\",VLOOKUP($H153,SEINFRA_INSUM!B:F,4,0),IF($G153=\"COTAÇÃO\",VLOOKUP($H153,'COTACAO - PEÇAS E MATERIAIS'!B:L,10,0),\"\"))))","v":41.85},41.85,"COTAÇÃO",130,null,"4"]
["3.1.1.147",{"$f":"IF($G154=\"ORSE\",VLOOKUP($H154,ORSE_INSUM!A:E,2,0),IF($G154=\"SINAPI\",VLOOKUP($H154,SINAPI_INSUM!A:E,2,0),IF($G154=\"SEINFRA\",VLOOKUP($H154,SEINFRA_INSUM!B:F,2,0),IF($G154=\"COTAÇÃO\",VLOOKUP($H154,'COTACAO - PEÇAS E MATERIAIS'!B:L,2,0),\"\"))))","v":"Disjuntor Termomagnético unipolar tensão nominal 440V, corrente nominal 10A, capacidade de ruptura 4,5KA em 220V"},1,"Ud",{"$f":"IF($G154=\"ORSE\",VLOOKUP($H154,ORSE_INSUM!A:E,4,0),IF($G154=\"SINAPI\",VLOOKUP($H154,SINAPI_INSUM!A:E,5,0),IF($G154=\"SEINFRA\",VLOOKUP($H154,SEINFRA_INSUM!B:F,4,0),IF($G154=\"COTAÇÃO\",VLOOKUP($H154,'COTACAO - PEÇAS E MATERIAIS'!B:L,10,0),\"\"))))","v":32.03},32.03,"COTAÇÃO",131,null,4]
["3.1.1.148",{"$f":"IF($G155=\"ORSE\",VLOOKUP($H155,ORSE_INSUM!A:E,2,0),IF($G155=\"SINAPI\",VLOOKUP($H155,SINAPI_INSUM!A:E,2,0),IF($G155=\"SEINFRA\",VLOOKUP($H155,SEINFRA_INSUM!B:F,2,0),IF($G155=\"COTAÇÃO\",VLOOKUP($H155,'COTACAO - PEÇAS E MATERIAIS'!B:L,2,0),\"\"))))","v":"Disjuntor Termomagnético Unipolar tensão nominal 440V, corrente nominal 16A, Capacidade de ruptura 4,5KA, em 220V"},1,"Ud",{"$f":"IF($G155=\"ORSE\",VLOOKUP($H155,ORSE_INSUM!A:E,4,0),IF($G155=\"SINAPI\",VLOOKUP($H155,SINAPI_INSUM!A:E,5,0),IF($G155=\"SEINFRA\",VLOOKUP($H155,SEINFRA_INSUM!B:F,4,0),IF($G155=\"COTAÇÃO\",VLOOKUP($H155,'COTACAO - PEÇAS E MATERIAIS'!B:L,10,0),\"\"))))","v":32.340000000000003},32.340000000000003,"COTAÇÃO",132,null,"4"]
["3.1.1.149",{"$f":"IF($G156=\"ORSE\",VLOOKUP($H156,ORSE_INSUM!A:E,2,0),IF($G156=\"SINAPI\",VLOOKUP($H156,SINAPI_INSUM!A:E,2,0),IF($G156=\"SEINFRA\",VLOOKUP($H156,SEINFRA_INSUM!B:F,2,0),IF($G156=\"COTAÇÃO\",VLOOKUP($H156,'COTACAO - PEÇAS E MATERIAIS'!B:L,2,0),\"\"))))","v":"Disjuntor Termomagnético Unipolar tensão nominal 440V, corrente nominal 25A, Capacidade de ruptura 4,5KA, em 220V"},1,"Ud",{"$f":"IF($G156=\"ORSE\",VLOOKUP($H156,ORSE_INSUM!A:E,4,0),IF($G156=\"SINAPI\",VLOOKUP($H156,SINAPI_INSUM!A:E,5,0),IF($G156=\"SEINFRA\",VLOOKUP($H156,SEINFRA_INSUM!B:F,4,0),IF($G156=\"COTAÇÃO\",VLOOKUP($H156,'COTACAO - PEÇAS E MATERIAIS'!B:L,10,0),\"\"))))","v":33.71},33.71,"COTAÇÃO",133,null,4]
["3.1.1.150",{"$f":"IF($G157=\"ORSE\",VLOOKUP($H157,ORSE_INSUM!A:E,2,0),IF($G157=\"SINAPI\",VLOOKUP($H157,SINAPI_INSUM!A:E,2,0),IF($G157=\"SEINFRA\",VLOOKUP($H157,SEINFRA_INSUM!B:F,2,0),IF($G157=\"COTAÇÃO\",VLOOKUP($H157,'COTACAO - PEÇAS E MATERIAIS'!B:L,2,0),\"\"))))","v":"Disjuntor tripolar 300A, caixa moldada; SIEMENS- Sentroon series"},{"$f":"ROUND(J157/2,0)","v":1},"un",{"$f":"IF($G157=\"ORSE\",VLOOKUP($H157,ORSE_INSUM!A:E,4,0),IF($G157=\"SINAPI\",VLOOKUP($H157,SINAPI_INSUM!A:E,5,0),IF($G157=\"SEINFRA\",VLOOKUP($H157,SEINFRA_INSUM!B:F,4,0),IF($G157=\"COTAÇÃO\",VLOOKUP($H157,'COTACAO - PEÇAS E MATERIAIS'!B:L,10,0),\"\"))))","v":580},580,"COTAÇÃO",134,null,"1"]
["3.1.1.151",{"$f":"IF($G158=\"ORSE\",VLOOKUP($H158,ORSE_INSUM!A:E,2,0),IF($G158=\"SINAPI\",VLOOKUP($H158,SINAPI_INSUM!A:E,2,0),IF($G158=\"SEINFRA\",VLOOKUP($H158,SEINFRA_INSUM!B:F,2,0),IF($G158=\"COTAÇÃO\",VLOOKUP($H158,'COTACAO - PEÇAS E MATERIAIS'!B:L,2,0),\"\"))))","v":"DISJUNTOR DE MÉDIA TENSÃO SF6 15 kV, 630 A, 3 PÓLOS, 30 kA/15kV, EXTRAÍVEL"},1,"pc",{"$f":"IF($G158=\"ORSE\",VLOOKUP($H158,ORSE_INSUM!A:E,4,0),IF($G158=\"SINAPI\",VLOOKUP($H158,SINAPI_INSUM!A:E,5,0),IF($G158=\"SEINFRA\",VLOOKUP($H158,SEINFRA_INSUM!B:F,4,0),IF($G158=\"COTAÇÃO\",VLOOKUP($H158,'COTACAO - PEÇAS E MATERIAIS'!B:L,10,0),\"\"))))","v":33878.25},33878.25,"SEINFRA","I7424",null,"2"]
["3.1.1.152",{"$f":"IF($G159=\"ORSE\",VLOOKUP($H159,ORSE_INSUM!A:E,2,0),IF($G159=\"SINAPI\",VLOOKUP($H159,SINAPI_INSUM!A:E,2,0),IF($G159=\"SEINFRA\",VLOOKUP($H159,SEINFRA_INSUM!B:F,2,0),IF($G159=\"COTAÇÃO\",VLOOKUP($H159,'COTACAO - PEÇAS E MATERIAIS'!B:L,2,0),\"\"))))","v":"DISJUNTOR TIPO COMPACTO E ABERTO 3X1000A"},{"$f":"ROUND(J159/2,0)","v":1},"Ud",{"$f":"IF($G159=\"ORSE\",VLOOKUP($H159,ORSE_INSUM!A:E,4,0),IF($G159=\"SINAPI\",VLOOKUP($H159,SINAPI_INSUM!A:E,5,0),IF($G159=\"SEINFRA\",VLOOKUP($H159,SEINFRA_INSUM!B:F,4,0),IF($G159=\"COTAÇÃO\",VLOOKUP($H159,'COTACAO - PEÇAS E MATERIAIS'!B:L,10,0),\"\"))))","v":12665.8},12665.8,"SEINFRA","I0998",null,1]
["3.1.1.153",{"$f":"IF($G160=\"ORSE\",VLOOKUP($H160,ORSE_INSUM!A:E,2,0),IF($G160=\"SINAPI\",VLOOKUP($H160,SINAPI_INSUM!A:E,2,0),IF($G160=\"SEINFRA\",VLOOKUP($H160,SEINFRA_INSUM!B:F,2,0),IF($G160=\"COTAÇÃO\",VLOOKUP($H160,'COTACAO - PEÇAS E MATERIAIS'!B:L,2,0),\"\"))))","v":"Disjuntor tripolar SIEMENS tipo CQD, 40A"},1,"un",{"$f":"IF($G160=\"ORSE\",VLOOKUP($H160,ORSE_INSUM!A:E,4,0),IF($G160=\"SINAPI\",VLOOKUP($H160,SINAPI_INSUM!A:E,5,0),IF($G160=\"SEINFRA\",VLOOKUP($H160,SEINFRA_INSUM!B:F,4,0),IF($G160=\"COTAÇÃO\",VLOOKUP($H160,'COTACAO - PEÇAS E MATERIAIS'!B:L,10,0),\"\"))))","v":45.86},45.86,"COTAÇÃO",138,null,"2"]
["3.1.1.154",{"$f":"IF($G161=\"ORSE\",VLOOKUP($H161,ORSE_INSUM!A:E,2,0),IF($G161=\"SINAPI\",VLOOKUP($H161,SINAPI_INSUM!A:E,2,0),IF($G161=\"SEINFRA\",VLOOKUP($H161,SEINFRA_INSUM!B:F,2,0),IF($G161=\"COTAÇÃO\",VLOOKUP($H161,'COTACAO - PEÇAS E MATERIAIS'!B:L,2,0),\"\"))))","v":"Disjuntor tripolar SIEMENS tipo CQD, 70A"},1,"un",{"$f":"IF($G161=\"ORSE\",VLOOKUP($H161,ORSE_INSUM!A:E,4,0),IF($G161=\"SINAPI\",VLOOKUP($H161,SINAPI_INSUM!A:E,5,0),IF($G161=\"SEINFRA\",VLOOKUP($H161,SEINFRA_INSUM!B:F,4,0),IF($G161=\"COTAÇÃO\",VLOOKUP($H161,'COTACAO - PEÇAS E MATERIAIS'!B:L,10,0),\"\"))))","v":85.17},85.17,"COTAÇÃO",139,null,"2"]
["3.1.1.155",{"$f":"IF($G162=\"ORSE\",VLOOKUP($H162,ORSE_INSUM!A:E,2,0),IF($G162=\"SINAPI\",VLOOKUP($H162,SINAPI_INSUM!A:E,2,0),IF($G162=\"SEINFRA\",VLOOKUP($H162,SEINFRA_INSUM!B:F,2,0),IF($G162=\"COTAÇÃO\",VLOOKUP($H162,'COTACAO - PEÇAS E MATERIAIS'!B:L,2,0),\"\"))))","v":"DISPARADOR ELETRONICO 3VT 9480-6ACOO"},1,"un",{"$f":"IF($G162=\"ORSE\",VLOOKUP($H162,ORSE_INSUM!A:E,4,0),IF($G162=\"SINAPI\",VLOOKUP($H162,SINAPI_INSUM!A:E,5,0),IF($G162=\"SEINFRA\",VLOOKUP($H162,SEINFRA_INSUM!B:F,4,0),IF($G162=\"COTAÇÃO\",VLOOKUP($H162,'COTACAO - PEÇAS E MATERIAIS'!B:L,10,0),\"\"))))","v":2200},2200,"ORSE",7132,null,"4"]
["3.1.1.156",{"$f":"IF($G163=\"ORSE\",VLOOKUP($H163,ORSE_INSUM!A:E,2,0),IF($G163=\"SINAPI\",VLOOKUP($H163,SINAPI_INSUM!A:E,2,0),IF($G163=\"SEINFRA\",VLOOKUP($H163,SEINFRA_INSUM!B:F,2,0),IF($G163=\"COTAÇÃO\",VLOOKUP($H163,'COTACAO - PEÇAS E MATERIAIS'!B:L,2,0),\"\"))))","v":"ELETRODO REVESTIDO AWS - E6013, DIAMETRO IGUAL A 2,50 MM"},1,"Ud",{"$f":"IF($G163=\"ORSE\",VLOOKUP($H163,ORSE_INSUM!A:E,4,0),IF($G163=\"SINAPI\",VLOOKUP($H163,SINAPI_INSUM!A:E,5,0),IF($G163=\"SEINFRA\",VLOOKUP($H163,SEINFRA_INSUM!B:F,4,0),IF($G163=\"COTAÇÃO\",VLOOKUP($H163,'COTACAO - PEÇAS E MATERIAIS'!B:L,10,0),\"\"))))","v":"25,57"},25.57,"SINAPI",11002,null,2]
["3.1.1.157",{"$f":"IF($G164=\"ORSE\",VLOOKUP($H164,ORSE_INSUM!A:E,2,0),IF($G164=\"SINAPI\",VLOOKUP($H164,SINAPI_INSUM!A:E,2,0),IF($G164=\"SEINFRA\",VLOOKUP($H164,SEINFRA_INSUM!B:F,2,0),IF($G164=\"COTAÇÃO\",VLOOKUP($H164,'COTACAO - PEÇAS E MATERIAIS'!B:L,2,0),\"\"))))","v":"ELETRODO AWS E-7018 (OK 48.04; WI-718) D=4MM (SOLDA ELETRICA)"},1,"Ud",{"$f":"IF($G164=\"ORSE\",VLOOKUP($H164,ORSE_INSUM!A:E,4,0),IF($G164=\"SINAPI\",VLOOKUP($H164,SINAPI_INSUM!A:E,5,0),IF($G164=\"SEINFRA\",VLOOKUP($H164,SEINFRA_INSUM!B:F,4,0),IF($G164=\"COTAÇÃO\",VLOOKUP($H164,'COTACAO - PEÇAS E MATERIAIS'!B:L,10,0),\"\"))))","v":19.989999999999998},19.989999999999998,"ORSE",864,null,2]
["3.1.1.158",{"$f":"IF($G165=\"ORSE\",VLOOKUP($H165,ORSE_INSUM!A:E,2,0),IF($G165=\"SINAPI\",VLOOKUP($H165,SINAPI_INSUM!A:E,2,0),IF($G165=\"SEINFRA\",VLOOKUP($H165,SEINFRA_INSUM!B:F,2,0),IF($G165=\"COTAÇÃO\",VLOOKUP($H165,'COTACAO - PEÇAS E MATERIAIS'!B:L,2,0),\"\"))))","v":"Eletroduto galvanizado, pesado, sem costura dotado de luva em uma das extremidades e protetor de rosca na outra - diametro= 1,1/2\" - Comp.=3m . Ref.: Mannesmann"},1,"Ud",{"$f":"IF($G165=\"ORSE\",VLOOKUP($H165,ORSE_INSUM!A:E,4,0),IF($G165=\"SINAPI\",VLOOKUP($H165,SINAPI_INSUM!A:E,5,0),IF($G165=\"SEINFRA\",VLOOKUP($H165,SEINFRA_INSUM!B:F,4,0),IF($G165=\"COTAÇÃO\",VLOOKUP($H165,'COTACAO - PEÇAS E MATERIAIS'!B:L,10,0),\"\"))))","v":62.46},62.46,"COTAÇÃO",142,null,"4"]
["3.1.1.159",{"$f":"IF($G166=\"ORSE\",VLOOKUP($H166,ORSE_INSUM!A:E,2,0),IF($G166=\"SINAPI\",VLOOKUP($H166,SINAPI_INSUM!A:E,2,0),IF($G166=\"SEINFRA\",VLOOKUP($H166,SEINFRA_INSUM!B:F,2,0),IF($G166=\"COTAÇÃO\",VLOOKUP($H166,'COTACAO - PEÇAS E MATERIAIS'!B:L,2,0),\"\"))))","v":"Eletroduto galvanizado, pesado, sem costura dotado de luva em uma das extremidades e protetor de rosca na outra - diametro= 1\" - Comp.=3m . Ref.: Mannesmann"},3,"Ud",{"$f":"IF($G166=\"ORSE\",VLOOKUP($H166,ORSE_INSUM!A:E,4,0),IF($G166=\"SINAPI\",VLOOKUP($H166,SINAPI_INSUM!A:E,5,0),IF($G166=\"SEINFRA\",VLOOKUP($H166,SEINFRA_INSUM!B:F,4,0),IF($G166=\"COTAÇÃO\",VLOOKUP($H166,'COTACAO - PEÇAS E MATERIAIS'!B:L,10,0),\"\"))))","v":27},81,"COTAÇÃO",141,null,"10"]
["3.1.1.160",{"$f":"IF($G167=\"ORSE\",VLOOKUP($H167,ORSE_INSUM!A:E,2,0),IF($G167=\"SINAPI\",VLOOKUP($H167,SINAPI_INSUM!A:E,2,0),IF($G167=\"SEINFRA\",VLOOKUP($H167,SEINFRA_INSUM!B:F,2,0),IF($G167=\"COTAÇÃO\",VLOOKUP($H167,'COTACAO - PEÇAS E MATERIAIS'!B:L,2,0),\"\"))))","v":"ELETRODUTO EM FERRO GALVANIZADO PESADO SEM COSTURA 2\" X 3M"},1,"Ud",{"$f":"IF($G167=\"ORSE\",VLOOKUP($H167,ORSE_INSUM!A:E,4,0),IF($G167=\"SINAPI\",VLOOKUP($H167,SINAPI_INSUM!A:E,5,0),IF($G167=\"SEINFRA\",VLOOKUP($H167,SEINFRA_INSUM!B:F,4,0),IF($G167=\"COTAÇÃO\",VLOOKUP($H167,'COTACAO - PEÇAS E MATERIAIS'!B:L,10,0),\"\"))))","v":122},122,"ORSE",3975,null,"2"]
["3.1.1.161",{"$f":"IF($G168=\"ORSE\",VLOOKUP($H168,ORSE_INSUM!A:E,2,0),IF($G168=\"SINAPI\",VLOOKUP($H168,SINAPI_INSUM!A:E,2,0),IF($G168=\"SEINFRA\",VLOOKUP($H168,SEINFRA_INSUM!B:F,2,0),IF($G168=\"COTAÇÃO\",VLOOKUP($H168,'COTACAO - PEÇAS E MATERIAIS'!B:L,2,0),\"\"))))","v":"ELETRODUTO EM FERRO GALVANIZADO  PESADO SEM COSTURA 4\" X 3M"},3,"Ud",{"$f":"IF($G168=\"ORSE\",VLOOKUP($H168,ORSE_INSUM!A:E,4,0),IF($G168=\"SINAPI\",VLOOKUP($H168,SINAPI_INSUM!A:E,5,0),IF($G168=\"SEINFRA\",VLOOKUP($H168,SEINFRA_INSUM!B:F,4,0),IF($G168=\"COTAÇÃO\",VLOOKUP($H168,'COTACAO - PEÇAS E MATERIAIS'!B:L,10,0),\"\"))))","v":326.60000000000002},979.8,"ORSE",3977,null,"10"]
["3.1.1.162",{"$f":"IF($G169=\"ORSE\",VLOOKUP($H169,ORSE_INSUM!A:E,2,0),IF($G169=\"SINAPI\",VLOOKUP($H169,SINAPI_INSUM!A:E,2,0),IF($G169=\"SEINFRA\",VLOOKUP($H169,SEINFRA_INSUM!B:F,2,0),IF($G169=\"COTAÇÃO\",VLOOKUP($H169,'COTACAO - PEÇAS E MATERIAIS'!B:L,2,0),\"\"))))","v":"ELETRODUTO FLEXIVEL, EM ACO GALVANIZADO, REVESTIDO EXTERNAMENTE COM PVC PRETO, DIAMETRO EXTERNO DE 32 MM (1\"), TIPO SEALTUBO"},1,"M",{"$f":"IF($G169=\"ORSE\",VLOOKUP($H169,ORSE_INSUM!A:E,4,0),IF($G169=\"SINAPI\",VLOOKUP($H169,SINAPI_INSUM!A:E,5,0),IF($G169=\"SEINFRA\",VLOOKUP($H169,SEINFRA_INSUM!B:F,4,0),IF($G169=\"COTAÇÃO\",VLOOKUP($H169,'COTACAO - PEÇAS E MATERIAIS'!B:L,10,0),\"\"))))","v":"16,09"},16.09,"SINAPI",2501,null,5]
["3.1.1.163",{"$f":"IF($G170=\"ORSE\",VLOOKUP($H170,ORSE_INSUM!A:E,2,0),IF($G170=\"SINAPI\",VLOOKUP($H170,SINAPI_INSUM!A:E,2,0),IF($G170=\"SEINFRA\",VLOOKUP($H170,SEINFRA_INSUM!B:F,2,0),IF($G170=\"COTAÇÃO\",VLOOKUP($H170,'COTACAO - PEÇAS E MATERIAIS'!B:L,2,0),\"\"))))","v":"ELETRODUTO FLEXIVEL, EM ACO, TIPO CONDUITE, DIAMETRO DE 1/2\""},3,"M",{"$f":"IF($G170=\"ORSE\",VLOOKUP($H170,ORSE_INSUM!A:E,4,0),IF($G170=\"SINAPI\",VLOOKUP($H170,SINAPI_INSUM!A:E,5,0),IF($G170=\"SEINFRA\",VLOOKUP($H170,SEINFRA_INSUM!B:F,4,0),IF($G170=\"COTAÇÃO\",VLOOKUP($H170,'COTACAO - PEÇAS E MATERIAIS'!B:L,10,0),\"\"))))","v":"7,81"},23.43,"SINAPI",12059,null,10]
["3.1.1.164",{"$f":"IF($G171=\"ORSE\",VLOOKUP($H171,ORSE_INSUM!A:E,2,0),IF($G171=\"SINAPI\",VLOOKUP($H171,SINAPI_INSUM!A:E,2,0),IF($G171=\"SEINFRA\",VLOOKUP($H171,SEINFRA_INSUM!B:F,2,0),IF($G171=\"COTAÇÃO\",VLOOKUP($H171,'COTACAO - PEÇAS E MATERIAIS'!B:L,2,0),\"\"))))","v":"Eletroduto metálico flexível com revestimento PVC 25 mm (seal tubo)"},3,"M",{"$f":"IF($G171=\"ORSE\",VLOOKUP($H171,ORSE_INSUM!A:E,4,0),IF($G171=\"SINAPI\",VLOOKUP($H171,SINAPI_INSUM!A:E,5,0),IF($G171=\"SEINFRA\",VLOOKUP($H171,SEINFRA_INSUM!B:F,4,0),IF($G171=\"COTAÇÃO\",VLOOKUP($H171,'COTACAO - PEÇAS E MATERIAIS'!B:L,10,0),\"\"))))","v":7.4},22.2,"COTAÇÃO",143,null,10]
["3.1.1.165",{"$f":"IF($G172=\"ORSE\",VLOOKUP($H172,ORSE_INSUM!A:E,2,0),IF($G172=\"SINAPI\",VLOOKUP($H172,SINAPI_INSUM!A:E,2,0),IF($G172=\"SEINFRA\",VLOOKUP($H172,SEINFRA_INSUM!B:F,2,0),IF($G172=\"COTAÇÃO\",VLOOKUP($H172,'COTACAO - PEÇAS E MATERIAIS'!B:L,2,0),\"\"))))","v":"ELETRODUTO FLEXIVEL, EM ACO, TIPO CONDUITE, DIAMETRO DE 3\""},3,"M",{"$f":"IF($G172=\"ORSE\",VLOOKUP($H172,ORSE_INSUM!A:E,4,0),IF($G172=\"SINAPI\",VLOOKUP($H172,SINAPI_INSUM!A:E,5,0),IF($G172=\"SEINFRA\",VLOOKUP($H172,SEINFRA_INSUM!B:F,4,0),IF($G172=\"COTAÇÃO\",VLOOKUP($H172,'COTACAO - PEÇAS E MATERIAIS'!B:L,10,0),\"\"))))","v":"65,14"},195.42,"SINAPI",12062,null,"10"]
["3.1.1.166",{"$f":"IF($G173=\"ORSE\",VLOOKUP($H173,ORSE_INSUM!A:E,2,0),IF($G173=\"SINAPI\",VLOOKUP($H173,SINAPI_INSUM!A:E,2,0),IF($G173=\"SEINFRA\",VLOOKUP($H173,SEINFRA_INSUM!B:F,2,0),IF($G173=\"COTAÇÃO\",VLOOKUP($H173,'COTACAO - PEÇAS E MATERIAIS'!B:L,2,0),\"\"))))","v":"Elo fusível 10K"},2,"Ud",{"$f":"IF($G173=\"ORSE\",VLOOKUP($H173,ORSE_INSUM!A:E,4,0),IF($G173=\"SINAPI\",VLOOKUP($H173,SINAPI_INSUM!A:E,5,0),IF($G173=\"SEINFRA\",VLOOKUP($H173,SEINFRA_INSUM!B:F,4,0),IF($G173=\"COTAÇÃO\",VLOOKUP($H173,'COTACAO - PEÇAS E MATERIAIS'!B:L,10,0),\"\"))))","v":2},4,"COTAÇÃO",145,null,6]
["3.1.1.167",{"$f":"IF($G174=\"ORSE\",VLOOKUP($H174,ORSE_INSUM!A:E,2,0),IF($G174=\"SINAPI\",VLOOKUP($H174,SINAPI_INSUM!A:E,2,0),IF($G174=\"SEINFRA\",VLOOKUP($H174,SEINFRA_INSUM!B:F,2,0),IF($G174=\"COTAÇÃO\",VLOOKUP($H174,'COTACAO - PEÇAS E MATERIAIS'!B:L,2,0),\"\"))))","v":"Elo fusível 2H"},2,"Ud",{"$f":"IF($G174=\"ORSE\",VLOOKUP($H174,ORSE_INSUM!A:E,4,0),IF($G174=\"SINAPI\",VLOOKUP($H174,SINAPI_INSUM!A:E,5,0),IF($G174=\"SEINFRA\",VLOOKUP($H174,SEINFRA_INSUM!B:F,4,0),IF($G174=\"COTAÇÃO\",VLOOKUP($H174,'COTACAO - PEÇAS E MATERIAIS'!B:L,10,0),\"\"))))","v":2.4900000000000002},4.9800000000000004,"COTAÇÃO",146,null,6]
["3.1.1.168",{"$f":"IF($G175=\"ORSE\",VLOOKUP($H175,ORSE_INSUM!A:E,2,0),IF($G175=\"SINAPI\",VLOOKUP($H175,SINAPI_INSUM!A:E,2,0),IF($G175=\"SEINFRA\",VLOOKUP($H175,SEINFRA_INSUM!B:F,2,0),IF($G175=\"COTAÇÃO\",VLOOKUP($H175,'COTACAO - PEÇAS E MATERIAIS'!B:L,2,0),\"\"))))","v":"Elo fusível 30K"},4,"Ud",{"$f":"IF($G175=\"ORSE\",VLOOKUP($H175,ORSE_INSUM!A:E,4,0),IF($G175=\"SINAPI\",VLOOKUP($H175,SINAPI_INSUM!A:E,5,0),IF($G175=\"SEINFRA\",VLOOKUP($H175,SEINFRA_INSUM!B:F,4,0),IF($G175=\"COTAÇÃO\",VLOOKUP($H175,'COTACAO - PEÇAS E MATERIAIS'!B:L,10,0),\"\"))))","v":3.99},15.96,"COTAÇÃO",147,null,"15"]
["3.1.1.169",{"$f":"IF($G176=\"ORSE\",VLOOKUP($H176,ORSE_INSUM!A:E,2,0),IF($G176=\"SINAPI\",VLOOKUP($H176,SINAPI_INSUM!A:E,2,0),IF($G176=\"SEINFRA\",VLOOKUP($H176,SEINFRA_INSUM!B:F,2,0),IF($G176=\"COTAÇÃO\",VLOOKUP($H176,'COTACAO - PEÇAS E MATERIAIS'!B:L,2,0),\"\"))))","v":"Elo fusível 65K 500mm"},4,"Ud",{"$f":"IF($G176=\"ORSE\",VLOOKUP($H176,ORSE_INSUM!A:E,4,0),IF($G176=\"SINAPI\",VLOOKUP($H176,SINAPI_INSUM!A:E,5,0),IF($G176=\"SEINFRA\",VLOOKUP($H176,SEINFRA_INSUM!B:F,4,0),IF($G176=\"COTAÇÃO\",VLOOKUP($H176,'COTACAO - PEÇAS E MATERIAIS'!B:L,10,0),\"\"))))","v":10.3},41.2,"COTAÇÃO",149,null,"15"]
["3.1.1.170",{"$f":"IF($G177=\"ORSE\",VLOOKUP($H177,ORSE_INSUM!A:E,2,0),IF($G177=\"SINAPI\",VLOOKUP($H177,SINAPI_INSUM!A:E,2,0),IF($G177=\"SEINFRA\",VLOOKUP($H177,SEINFRA_INSUM!B:F,2,0),IF($G177=\"COTAÇÃO\",VLOOKUP($H177,'COTACAO - PEÇAS E MATERIAIS'!B:L,2,0),\"\"))))","v":"Espaguete termo retrail, diversas cores, 6mm², embalagem com 15 unidade"},5,"Ud",{"$f":"IF($G177=\"ORSE\",VLOOKUP($H177,ORSE_INSUM!A:E,4,0),IF($G177=\"SINAPI\",VLOOKUP($H177,SINAPI_INSUM!A:E,5,0),IF($G177=\"SEINFRA\",VLOOKUP($H177,SEINFRA_INSUM!B:F,4,0),IF($G177=\"COTAÇÃO\",VLOOKUP($H177,'COTACAO - PEÇAS E MATERIAIS'!B:L,10,0),\"\"))))","v":3.5},17.5,"COTAÇÃO",151,null,"20"]
["3.1.1.171",{"$f":"IF($G178=\"ORSE\",VLOOKUP($H178,ORSE_INSUM!A:E,2,0),IF($G178=\"SINAPI\",VLOOKUP($H178,SINAPI_INSUM!A:E,2,0),IF($G178=\"SEINFRA\",VLOOKUP($H178,SEINFRA_INSUM!B:F,2,0),IF($G178=\"COTAÇÃO\",VLOOKUP($H178,'COTACAO - PEÇAS E MATERIAIS'!B:L,2,0),\"\"))))","v":"Espuma expansiva spray"},3,null,{"$f":"IF($G178=\"ORSE\",VLOOKUP($H178,ORSE_INSUM!A:E,4,0),IF($G178=\"SINAPI\",VLOOKUP($H178,SINAPI_INSUM!A:E,5,0),IF($G178=\"SEINFRA\",VLOOKUP($H178,SEINFRA_INSUM!B:F,4,0),IF($G178=\"COTAÇÃO\",VLOOKUP($H178,'COTACAO - PEÇAS E MATERIAIS'!B:L,10,0),\"\"))))","v":12.49},37.47,"COTAÇÃO",152,null,"12"]
["3.1.1.172",{"$f":"IF($G179=\"ORSE\",VLOOKUP($H179,ORSE_INSUM!A:E,2,0),IF($G179=\"SINAPI\",VLOOKUP($H179,SINAPI_INSUM!A:E,2,0),IF($G179=\"SEINFRA\",VLOOKUP($H179,SEINFRA_INSUM!B:F,2,0),IF($G179=\"COTAÇÃO\",VLOOKUP($H179,'COTACAO - PEÇAS E MATERIAIS'!B:L,2,0),\"\"))))","v":"Estabilizador de tensão bivolt  (110/220V), potencia: 1000va"},1,"Ud",{"$f":"IF($G179=\"ORSE\",VLOOKUP($H179,ORSE_INSUM!A:E,4,0),IF($G179=\"SINAPI\",VLOOKUP($H179,SINAPI_INSUM!A:E,5,0),IF($G179=\"SEINFRA\",VLOOKUP($H179,SEINFRA_INSUM!B:F,4,0),IF($G179=\"COTAÇÃO\",VLOOKUP($H179,'COTACAO - PEÇAS E MATERIAIS'!B:L,10,0),\"\"))))","v":329},329,"COTAÇÃO",153,null,2]
["3.1.1.173",{"$f":"IF($G180=\"ORSE\",VLOOKUP($H180,ORSE_INSUM!A:E,2,0),IF($G180=\"SINAPI\",VLOOKUP($H180,SINAPI_INSUM!A:E,2,0),IF($G180=\"SEINFRA\",VLOOKUP($H180,SEINFRA_INSUM!B:F,2,0),IF($G180=\"COTAÇÃO\",VLOOKUP($H180,'COTACAO - PEÇAS E MATERIAIS'!B:L,2,0),\"\"))))","v":"Estabilizador de tensão bivolt  (110/220V), potencia: 500va"},1,"Ud",{"$f":"IF($G180=\"ORSE\",VLOOKUP($H180,ORSE_INSUM!A:E,4,0),IF($G180=\"SINAPI\",VLOOKUP($H180,SINAPI_INSUM!A:E,5,0),IF($G180=\"SEINFRA\",VLOOKUP($H180,SEINFRA_INSUM!B:F,4,0),IF($G180=\"COTAÇÃO\",VLOOKUP($H180,'COTACAO - PEÇAS E MATERIAIS'!B:L,10,0),\"\"))))","v":169.99},169.99,"COTAÇÃO",154,null,2]
["3.1.1.174",{"$f":"IF($G181=\"ORSE\",VLOOKUP($H181,ORSE_INSUM!A:E,2,0),IF($G181=\"SINAPI\",VLOOKUP($H181,SINAPI_INSUM!A:E,2,0),IF($G181=\"SEINFRA\",VLOOKUP($H181,SEINFRA_INSUM!B:F,2,0),IF($G181=\"COTAÇÃO\",VLOOKUP($H181,'COTACAO - PEÇAS E MATERIAIS'!B:L,2,0),\"\"))))","v":"Fita auto fusão 19 mm x 20 m"},15,"Ud",{"$f":"IF($G181=\"ORSE\",VLOOKUP($H181,ORSE_INSUM!A:E,4,0),IF($G181=\"SINAPI\",VLOOKUP($H181,SINAPI_INSUM!A:E,5,0),IF($G181=\"SEINFRA\",VLOOKUP($H181,SEINFRA_INSUM!B:F,4,0),IF($G181=\"COTAÇÃO\",VLOOKUP($H181,'COTACAO - PEÇAS E MATERIAIS'!B:L,10,0),\"\"))))","v":8.99},134.85,"COTAÇÃO",155,null,60]
["3.1.1.175",{"$f":"IF($G182=\"ORSE\",VLOOKUP($H182,ORSE_INSUM!A:E,2,0),IF($G182=\"SINAPI\",VLOOKUP($H182,SINAPI_INSUM!A:E,2,0),IF($G182=\"SEINFRA\",VLOOKUP($H182,SEINFRA_INSUM!B:F,2,0),IF($G182=\"COTAÇÃO\",VLOOKUP($H182,'COTACAO - PEÇAS E MATERIAIS'!B:L,2,0),\"\"))))","v":"Fita isolante 19 mm x 20 m"},20,"Ud",{"$f":"IF($G182=\"ORSE\",VLOOKUP($H182,ORSE_INSUM!A:E,4,0),IF($G182=\"SINAPI\",VLOOKUP($H182,SINAPI_INSUM!A:E,5,0),IF($G182=\"SEINFRA\",VLOOKUP($H182,SEINFRA_INSUM!B:F,4,0),IF($G182=\"COTAÇÃO\",VLOOKUP($H182,'COTACAO - PEÇAS E MATERIAIS'!B:L,10,0),\"\"))))","v":13.99},279.8,"COTAÇÃO",156,null,80]
["3.1.1.176",{"$f":"IF($G183=\"ORSE\",VLOOKUP($H183,ORSE_INSUM!A:E,2,0),IF($G183=\"SINAPI\",VLOOKUP($H183,SINAPI_INSUM!A:E,2,0),IF($G183=\"SEINFRA\",VLOOKUP($H183,SEINFRA_INSUM!B:F,2,0),IF($G183=\"COTAÇÃO\",VLOOKUP($H183,'COTACAO - PEÇAS E MATERIAIS'!B:L,2,0),\"\"))))","v":"Fonte de alimentação chaveada 220Vca e saída 24Vcc /3A"},1,"Ud",{"$f":"IF($G183=\"ORSE\",VLOOKUP($H183,ORSE_INSUM!A:E,4,0),IF($G183=\"SINAPI\",VLOOKUP($H183,SINAPI_INSUM!A:E,5,0),IF($G183=\"SEINFRA\",VLOOKUP($H183,SEINFRA_INSUM!B:F,4,0),IF($G183=\"COTAÇÃO\",VLOOKUP($H183,'COTACAO - PEÇAS E MATERIAIS'!B:L,10,0),\"\"))))","v":54.19},54.19,"COTAÇÃO",157,null,2]
["3.1.1.177",{"$f":"IF($G184=\"ORSE\",VLOOKUP($H184,ORSE_INSUM!A:E,2,0),IF($G184=\"SINAPI\",VLOOKUP($H184,SINAPI_INSUM!A:E,2,0),IF($G184=\"SEINFRA\",VLOOKUP($H184,SEINFRA_INSUM!B:F,2,0),IF($G184=\"COTAÇÃO\",VLOOKUP($H184,'COTACAO - PEÇAS E MATERIAIS'!B:L,2,0),\"\"))))","v":"Fonte de alimentação chaveada, entrada 110/220vac. Saida: 12Vcc regulavel, 15A"},1,"un",{"$f":"IF($G184=\"ORSE\",VLOOKUP($H184,ORSE_INSUM!A:E,4,0),IF($G184=\"SINAPI\",VLOOKUP($H184,SINAPI_INSUM!A:E,5,0),IF($G184=\"SEINFRA\",VLOOKUP($H184,SEINFRA_INSUM!B:F,4,0),IF($G184=\"COTAÇÃO\",VLOOKUP($H184,'COTACAO - PEÇAS E MATERIAIS'!B:L,10,0),\"\"))))","v":36.04},36.04,"COTAÇÃO",158,null,"4"]
["3.1.1.178",{"$f":"IF($G185=\"ORSE\",VLOOKUP($H185,ORSE_INSUM!A:E,2,0),IF($G185=\"SINAPI\",VLOOKUP($H185,SINAPI_INSUM!A:E,2,0),IF($G185=\"SEINFRA\",VLOOKUP($H185,SEINFRA_INSUM!B:F,2,0),IF($G185=\"COTAÇÃO\",VLOOKUP($H185,'COTACAO - PEÇAS E MATERIAIS'!B:L,2,0),\"\"))))","v":"Fonte de alimentação entrada 220Vca, saída 48Vcc,tipo FC, corrente nominal 1A"},{"$f":"ROUND(J185/2,0)","v":1},"Ud",{"$f":"IF($G185=\"ORSE\",VLOOKUP($H185,ORSE_INSUM!A:E,4,0),IF($G185=\"SINAPI\",VLOOKUP($H185,SINAPI_INSUM!A:E,5,0),IF($G185=\"SEINFRA\",VLOOKUP($H185,SEINFRA_INSUM!B:F,4,0),IF($G185=\"COTAÇÃO\",VLOOKUP($H185,'COTACAO - PEÇAS E MATERIAIS'!B:L,10,0),\"\"))))","v":52.25},52.25,"COTAÇÃO",159,null,1]
["3.1.1.179",{"$f":"IF($G186=\"ORSE\",VLOOKUP($H186,ORSE_INSUM!A:E,2,0),IF($G186=\"SINAPI\",VLOOKUP($H186,SINAPI_INSUM!A:E,2,0),IF($G186=\"SEINFRA\",VLOOKUP($H186,SEINFRA_INSUM!B:F,2,0),IF($G186=\"COTAÇÃO\",VLOOKUP($H186,'COTACAO - PEÇAS E MATERIAIS'!B:L,2,0),\"\"))))","v":"Fonte220Vca/24Vcc-5A, código 2938581"},{"$f":"ROUND(J186/2,0)","v":1},"Ud",{"$f":"IF($G186=\"ORSE\",VLOOKUP($H186,ORSE_INSUM!A:E,4,0),IF($G186=\"SINAPI\",VLOOKUP($H186,SINAPI_INSUM!A:E,5,0),IF($G186=\"SEINFRA\",VLOOKUP($H186,SEINFRA_INSUM!B:F,4,0),IF($G186=\"COTAÇÃO\",VLOOKUP($H186,'COTACAO - PEÇAS E MATERIAIS'!B:L,10,0),\"\"))))","v":35.479999999999997},35.479999999999997,"COTAÇÃO",160,null,1]
["3.1.1.180",{"$f":"IF($G187=\"ORSE\",VLOOKUP($H187,ORSE_INSUM!A:E,2,0),IF($G187=\"SINAPI\",VLOOKUP($H187,SINAPI_INSUM!A:E,2,0),IF($G187=\"SEINFRA\",VLOOKUP($H187,SEINFRA_INSUM!B:F,2,0),IF($G187=\"COTAÇÃO\",VLOOKUP($H187,'COTACAO - PEÇAS E MATERIAIS'!B:L,2,0),\"\"))))","v":"Fusível de vidro 0,5A 250V rápido"},2,"Ud",{"$f":"IF($G187=\"ORSE\",VLOOKUP($H187,ORSE_INSUM!A:E,4,0),IF($G187=\"SINAPI\",VLOOKUP($H187,SINAPI_INSUM!A:E,5,0),IF($G187=\"SEINFRA\",VLOOKUP($H187,SEINFRA_INSUM!B:F,4,0),IF($G187=\"COTAÇÃO\",VLOOKUP($H187,'COTACAO - PEÇAS E MATERIAIS'!B:L,10,0),\"\"))))","v":0.32},0.64,"COTAÇÃO",162,null,"6"]
["3.1.1.181",{"$f":"IF($G188=\"ORSE\",VLOOKUP($H188,ORSE_INSUM!A:E,2,0),IF($G188=\"SINAPI\",VLOOKUP($H188,SINAPI_INSUM!A:E,2,0),IF($G188=\"SEINFRA\",VLOOKUP($H188,SEINFRA_INSUM!B:F,2,0),IF($G188=\"COTAÇÃO\",VLOOKUP($H188,'COTACAO - PEÇAS E MATERIAIS'!B:L,2,0),\"\"))))","v":"Fusível de vidro 2A 250V rápido"},2,"Ud",{"$f":"IF($G188=\"ORSE\",VLOOKUP($H188,ORSE_INSUM!A:E,4,0),IF($G188=\"SINAPI\",VLOOKUP($H188,SINAPI_INSUM!A:E,5,0),IF($G188=\"SEINFRA\",VLOOKUP($H188,SEINFRA_INSUM!B:F,4,0),IF($G188=\"COTAÇÃO\",VLOOKUP($H188,'COTACAO - PEÇAS E MATERIAIS'!B:L,10,0),\"\"))))","v":0.32},0.64,"COTAÇÃO",163,null,"6"]
["3.1.1.182",{"$f":"IF($G189=\"ORSE\",VLOOKUP($H189,ORSE_INSUM!A:E,2,0),IF($G189=\"SINAPI\",VLOOKUP($H189,SINAPI_INSUM!A:E,2,0),IF($G189=\"SEINFRA\",VLOOKUP($H189,SEINFRA_INSUM!B:F,2,0),IF($G189=\"COTAÇÃO\",VLOOKUP($H189,'COTACAO - PEÇAS E MATERIAIS'!B:L,2,0),\"\"))))","v":"Fusivel Diazed 10A 500V retardado"},2,"Ud",{"$f":"IF($G189=\"ORSE\",VLOOKUP($H189,ORSE_INSUM!A:E,4,0),IF($G189=\"SINAPI\",VLOOKUP($H189,SINAPI_INSUM!A:E,5,0),IF($G189=\"SEINFRA\",VLOOKUP($H189,SEINFRA_INSUM!B:F,4,0),IF($G189=\"COTAÇÃO\",VLOOKUP($H189,'COTACAO - PEÇAS E MATERIAIS'!B:L,10,0),\"\"))))","v":3.9},7.8,"COTAÇÃO",164,null,"6"]
["3.1.1.183",{"$f":"IF($G190=\"ORSE\",VLOOKUP($H190,ORSE_INSUM!A:E,2,0),IF($G190=\"SINAPI\",VLOOKUP($H190,SINAPI_INSUM!A:E,2,0),IF($G190=\"SEINFRA\",VLOOKUP($H190,SEINFRA_INSUM!B:F,2,0),IF($G190=\"COTAÇÃO\",VLOOKUP($H190,'COTACAO - PEÇAS E MATERIAIS'!B:L,2,0),\"\"))))","v":"Fusivel Diazed 2A 500V retardado"},2,"Ud",{"$f":"IF($G190=\"ORSE\",VLOOKUP($H190,ORSE_INSUM!A:E,4,0),IF($G190=\"SINAPI\",VLOOKUP($H190,SINAPI_INSUM!A:E,5,0),IF($G190=\"SEINFRA\",VLOOKUP($H190,SEINFRA_INSUM!B:F,4,0),IF($G190=\"COTAÇÃO\",VLOOKUP($H190,'COTACAO - PEÇAS E MATERIAIS'!B:L,10,0),\"\"))))","v":3.9},7.8,"COTAÇÃO",165,null,"6"]
["3.1.1.184",{"$f":"IF($G191=\"ORSE\",VLOOKUP($H191,ORSE_INSUM!A:E,2,0),IF($G191=\"SINAPI\",VLOOKUP($H191,SINAPI_INSUM!A:E,2,0),IF($G191=\"SEINFRA\",VLOOKUP($H191,SEINFRA_INSUM!B:F,2,0),IF($G191=\"COTAÇÃO\",VLOOKUP($H191,'COTACAO - PEÇAS E MATERIAIS'!B:L,2,0),\"\"))))","v":"Fusivel Diazed 4A 500V retardado"},2,"Ud",{"$f":"IF($G191=\"ORSE\",VLOOKUP($H191,ORSE_INSUM!A:E,4,0),IF($G191=\"SINAPI\",VLOOKUP($H191,SINAPI_INSUM!A:E,5,0),IF($G191=\"SEINFRA\",VLOOKUP($H191,SEINFRA_INSUM!B:F,4,0),IF($G191=\"COTAÇÃO\",VLOOKUP($H191,'COTACAO - PEÇAS E MATERIAIS'!B:L,10,0),\"\"))))","v":5.4},10.8,"COTAÇÃO",166,null,"6"]
["3.1.1.185",{"$f":"IF($G192=\"ORSE\",VLOOKUP($H192,ORSE_INSUM!A:E,2,0),IF($G192=\"SINAPI\",VLOOKUP($H192,SINAPI_INSUM!A:E,2,0),IF($G192=\"SEINFRA\",VLOOKUP($H192,SEINFRA_INSUM!B:F,2,0),IF($G192=\"COTAÇÃO\",VLOOKUP($H192,'COTACAO - PEÇAS E MATERIAIS'!B:L,2,0),\"\"))))","v":"Fusivel Diazed 6A 500V retardado"},2,"Ud",{"$f":"IF($G192=\"ORSE\",VLOOKUP($H192,ORSE_INSUM!A:E,4,0),IF($G192=\"SINAPI\",VLOOKUP($H192,SINAPI_INSUM!A:E,5,0),IF($G192=\"SEINFRA\",VLOOKUP($H192,SEINFRA_INSUM!B:F,4,0),IF($G192=\"COTAÇÃO\",VLOOKUP($H192,'COTACAO - PEÇAS E MATERIAIS'!B:L,10,0),\"\"))))","v":5.59},11.18,"COTAÇÃO",167,null,"6"]
["3.1.1.186",{"$f":"IF($G193=\"ORSE\",VLOOKUP($H193,ORSE_INSUM!A:E,2,0),IF($G193=\"SINAPI\",VLOOKUP($H193,SINAPI_INSUM!A:E,2,0),IF($G193=\"SEINFRA\",VLOOKUP($H193,SEINFRA_INSUM!B:F,2,0),IF($G193=\"COTAÇÃO\",VLOOKUP($H193,'COTACAO - PEÇAS E MATERIAIS'!B:L,2,0),\"\"))))","v":"Fusível NH00 100A 500V 100KA"},4,"Unid",{"$f":"IF($G193=\"ORSE\",VLOOKUP($H193,ORSE_INSUM!A:E,4,0),IF($G193=\"SINAPI\",VLOOKUP($H193,SINAPI_INSUM!A:E,5,0),IF($G193=\"SEINFRA\",VLOOKUP($H193,SEINFRA_INSUM!B:F,4,0),IF($G193=\"COTAÇÃO\",VLOOKUP($H193,'COTACAO - PEÇAS E MATERIAIS'!B:L,10,0),\"\"))))","v":16.28},65.12,"COTAÇÃO",168,null,16]
["3.1.1.187",{"$f":"IF($G194=\"ORSE\",VLOOKUP($H194,ORSE_INSUM!A:E,2,0),IF($G194=\"SINAPI\",VLOOKUP($H194,SINAPI_INSUM!A:E,2,0),IF($G194=\"SEINFRA\",VLOOKUP($H194,SEINFRA_INSUM!B:F,2,0),IF($G194=\"COTAÇÃO\",VLOOKUP($H194,'COTACAO - PEÇAS E MATERIAIS'!B:L,2,0),\"\"))))","v":"Fusivél NH00 120 A 500V 100KA"},1,"un",{"$f":"IF($G194=\"ORSE\",VLOOKUP($H194,ORSE_INSUM!A:E,4,0),IF($G194=\"SINAPI\",VLOOKUP($H194,SINAPI_INSUM!A:E,5,0),IF($G194=\"SEINFRA\",VLOOKUP($H194,SEINFRA_INSUM!B:F,4,0),IF($G194=\"COTAÇÃO\",VLOOKUP($H194,'COTACAO - PEÇAS E MATERIAIS'!B:L,10,0),\"\"))))","v":20.43},20.43,"COTAÇÃO",169,null,"2"]
["3.1.1.188",{"$f":"IF($G195=\"ORSE\",VLOOKUP($H195,ORSE_INSUM!A:E,2,0),IF($G195=\"SINAPI\",VLOOKUP($H195,SINAPI_INSUM!A:E,2,0),IF($G195=\"SEINFRA\",VLOOKUP($H195,SEINFRA_INSUM!B:F,2,0),IF($G195=\"COTAÇÃO\",VLOOKUP($H195,'COTACAO - PEÇAS E MATERIAIS'!B:L,2,0),\"\"))))","v":"Fusivél NH00 125 A 500V 100KA"},1,"un",{"$f":"IF($G195=\"ORSE\",VLOOKUP($H195,ORSE_INSUM!A:E,4,0),IF($G195=\"SINAPI\",VLOOKUP($H195,SINAPI_INSUM!A:E,5,0),IF($G195=\"SEINFRA\",VLOOKUP($H195,SEINFRA_INSUM!B:F,4,0),IF($G195=\"COTAÇÃO\",VLOOKUP($H195,'COTACAO - PEÇAS E MATERIAIS'!B:L,10,0),\"\"))))","v":27.08},27.08,"COTAÇÃO",170,null,"2"]
["3.1.1.189",{"$f":"IF($G196=\"ORSE\",VLOOKUP($H196,ORSE_INSUM!A:E,2,0),IF($G196=\"SINAPI\",VLOOKUP($H196,SINAPI_INSUM!A:E,2,0),IF($G196=\"SEINFRA\",VLOOKUP($H196,SEINFRA_INSUM!B:F,2,0),IF($G196=\"COTAÇÃO\",VLOOKUP($H196,'COTACAO - PEÇAS E MATERIAIS'!B:L,2,0),\"\"))))","v":"Fusivel NH00 250A 500V RETARDO"},2,"Ud",{"$f":"IF($G196=\"ORSE\",VLOOKUP($H196,ORSE_INSUM!A:E,4,0),IF($G196=\"SINAPI\",VLOOKUP($H196,SINAPI_INSUM!A:E,5,0),IF($G196=\"SEINFRA\",VLOOKUP($H196,SEINFRA_INSUM!B:F,4,0),IF($G196=\"COTAÇÃO\",VLOOKUP($H196,'COTACAO - PEÇAS E MATERIAIS'!B:L,10,0),\"\"))))","v":42.9},85.8,"COTAÇÃO",171,null,6]
["3.1.1.190",{"$f":"IF($G197=\"ORSE\",VLOOKUP($H197,ORSE_INSUM!A:E,2,0),IF($G197=\"SINAPI\",VLOOKUP($H197,SINAPI_INSUM!A:E,2,0),IF($G197=\"SEINFRA\",VLOOKUP($H197,SEINFRA_INSUM!B:F,2,0),IF($G197=\"COTAÇÃO\",VLOOKUP($H197,'COTACAO - PEÇAS E MATERIAIS'!B:L,2,0),\"\"))))","v":"Fusível NH00 40A 500V 100KA"},3,"Unid",{"$f":"IF($G197=\"ORSE\",VLOOKUP($H197,ORSE_INSUM!A:E,4,0),IF($G197=\"SINAPI\",VLOOKUP($H197,SINAPI_INSUM!A:E,5,0),IF($G197=\"SEINFRA\",VLOOKUP($H197,SEINFRA_INSUM!B:F,4,0),IF($G197=\"COTAÇÃO\",VLOOKUP($H197,'COTACAO - PEÇAS E MATERIAIS'!B:L,10,0),\"\"))))","v":20.43},61.29,"COTAÇÃO",172,null,12]
["3.1.1.191",{"$f":"IF($G198=\"ORSE\",VLOOKUP($H198,ORSE_INSUM!A:E,2,0),IF($G198=\"SINAPI\",VLOOKUP($H198,SINAPI_INSUM!A:E,2,0),IF($G198=\"SEINFRA\",VLOOKUP($H198,SEINFRA_INSUM!B:F,2,0),IF($G198=\"COTAÇÃO\",VLOOKUP($H198,'COTACAO - PEÇAS E MATERIAIS'!B:L,2,0),\"\"))))","v":"Fusível NH00 50A 500V 100KA"},3,"Unid",{"$f":"IF($G198=\"ORSE\",VLOOKUP($H198,ORSE_INSUM!A:E,4,0),IF($G198=\"SINAPI\",VLOOKUP($H198,SINAPI_INSUM!A:E,5,0),IF($G198=\"SEINFRA\",VLOOKUP($H198,SEINFRA_INSUM!B:F,4,0),IF($G198=\"COTAÇÃO\",VLOOKUP($H198,'COTACAO - PEÇAS E MATERIAIS'!B:L,10,0),\"\"))))","v":10.26},30.78,"COTAÇÃO",173,null,12]
["3.1.1.192",{"$f":"IF($G199=\"ORSE\",VLOOKUP($H199,ORSE_INSUM!A:E,2,0),IF($G199=\"SINAPI\",VLOOKUP($H199,SINAPI_INSUM!A:E,2,0),IF($G199=\"SEINFRA\",VLOOKUP($H199,SEINFRA_INSUM!B:F,2,0),IF($G199=\"COTAÇÃO\",VLOOKUP($H199,'COTACAO - PEÇAS E MATERIAIS'!B:L,2,0),\"\"))))","v":"Fusível NH00 63A 500V 100KA"},4,"Unid",{"$f":"IF($G199=\"ORSE\",VLOOKUP($H199,ORSE_INSUM!A:E,4,0),IF($G199=\"SINAPI\",VLOOKUP($H199,SINAPI_INSUM!A:E,5,0),IF($G199=\"SEINFRA\",VLOOKUP($H199,SEINFRA_INSUM!B:F,4,0),IF($G199=\"COTAÇÃO\",VLOOKUP($H199,'COTACAO - PEÇAS E MATERIAIS'!B:L,10,0),\"\"))))","v":26.45},105.8,"COTAÇÃO",174,null,16]
["3.1.1.193",{"$f":"IF($G200=\"ORSE\",VLOOKUP($H200,ORSE_INSUM!A:E,2,0),IF($G200=\"SINAPI\",VLOOKUP($H200,SINAPI_INSUM!A:E,2,0),IF($G200=\"SEINFRA\",VLOOKUP($H200,SEINFRA_INSUM!B:F,2,0),IF($G200=\"COTAÇÃO\",VLOOKUP($H200,'COTACAO - PEÇAS E MATERIAIS'!B:L,2,0),\"\"))))","v":"Fusivel NH00 80A - gJ/gG ~500V/120kA"},2,"un",{"$f":"IF($G200=\"ORSE\",VLOOKUP($H200,ORSE_INSUM!A:E,4,0),IF($G200=\"SINAPI\",VLOOKUP($H200,SINAPI_INSUM!A:E,5,0),IF($G200=\"SEINFRA\",VLOOKUP($H200,SEINFRA_INSUM!B:F,4,0),IF($G200=\"COTAÇÃO\",VLOOKUP($H200,'COTACAO - PEÇAS E MATERIAIS'!B:L,10,0),\"\"))))","v":16.28},32.56,"COTAÇÃO",175,null,"6"]
["3.1.1.194",{"$f":"IF($G201=\"ORSE\",VLOOKUP($H201,ORSE_INSUM!A:E,2,0),IF($G201=\"SINAPI\",VLOOKUP($H201,SINAPI_INSUM!A:E,2,0),IF($G201=\"SEINFRA\",VLOOKUP($H201,SEINFRA_INSUM!B:F,2,0),IF($G201=\"COTAÇÃO\",VLOOKUP($H201,'COTACAO - PEÇAS E MATERIAIS'!B:L,2,0),\"\"))))","v":"FUSÍVEL \"NH\" TALA 3"},{"$f":"ROUND(J201/4,0)","v":1},"un",{"$f":"IF($G201=\"ORSE\",VLOOKUP($H201,ORSE_INSUM!A:E,4,0),IF($G201=\"SINAPI\",VLOOKUP($H201,SINAPI_INSUM!A:E,5,0),IF($G201=\"SEINFRA\",VLOOKUP($H201,SEINFRA_INSUM!B:F,4,0),IF($G201=\"COTAÇÃO\",VLOOKUP($H201,'COTACAO - PEÇAS E MATERIAIS'!B:L,10,0),\"\"))))","v":141.1},{"$f":"ROUND(C201*E201,2)","v":141.1},"ORSE",1036,null,"3"]
["3.1.1.195",{"$f":"IF($G202=\"ORSE\",VLOOKUP($H202,ORSE_INSUM!A:E,2,0),IF($G202=\"SINAPI\",VLOOKUP($H202,SINAPI_INSUM!A:E,2,0),IF($G202=\"SEINFRA\",VLOOKUP($H202,SEINFRA_INSUM!B:F,2,0),IF($G202=\"COTAÇÃO\",VLOOKUP($H202,'COTACAO - PEÇAS E MATERIAIS'!B:L,2,0),\"\"))))","v":"FUSÍVEL \"NH\" TALA 3"},2,"un",{"$f":"IF($G202=\"ORSE\",VLOOKUP($H202,ORSE_INSUM!A:E,4,0),IF($G202=\"SINAPI\",VLOOKUP($H202,SINAPI_INSUM!A:E,5,0),IF($G202=\"SEINFRA\",VLOOKUP($H202,SEINFRA_INSUM!B:F,4,0),IF($G202=\"COTAÇÃO\",VLOOKUP($H202,'COTACAO - PEÇAS E MATERIAIS'!B:L,10,0),\"\"))))","v":141.1},282.2,"ORSE",1036,null,"6"]
["3.1.1.196",{"$f":"IF($G203=\"ORSE\",VLOOKUP($H203,ORSE_INSUM!A:E,2,0),IF($G203=\"SINAPI\",VLOOKUP($H203,SINAPI_INSUM!A:E,2,0),IF($G203=\"SEINFRA\",VLOOKUP($H203,SEINFRA_INSUM!B:F,2,0),IF($G203=\"COTAÇÃO\",VLOOKUP($H203,'COTACAO - PEÇAS E MATERIAIS'!B:L,2,0),\"\"))))","v":"FUSÍVEL \"NH\" TALA 4"},2,"un",{"$f":"IF($G203=\"ORSE\",VLOOKUP($H203,ORSE_INSUM!A:E,4,0),IF($G203=\"SINAPI\",VLOOKUP($H203,SINAPI_INSUM!A:E,5,0),IF($G203=\"SEINFRA\",VLOOKUP($H203,SEINFRA_INSUM!B:F,4,0),IF($G203=\"COTAÇÃO\",VLOOKUP($H203,'COTACAO - PEÇAS E MATERIAIS'!B:L,10,0),\"\"))))","v":534.9},1069.8,"ORSE",1037,null,"9"]
["3.1.1.197",{"$f":"IF($G204=\"ORSE\",VLOOKUP($H204,ORSE_INSUM!A:E,2,0),IF($G204=\"SINAPI\",VLOOKUP($H204,SINAPI_INSUM!A:E,2,0),IF($G204=\"SEINFRA\",VLOOKUP($H204,SEINFRA_INSUM!B:F,2,0),IF($G204=\"COTAÇÃO\",VLOOKUP($H204,'COTACAO - PEÇAS E MATERIAIS'!B:L,2,0),\"\"))))","v":"Grelha veneziana para painel, com filtro de ar, para microventilador de 120X120mm"},2,"Ud",{"$f":"IF($G204=\"ORSE\",VLOOKUP($H204,ORSE_INSUM!A:E,4,0),IF($G204=\"SINAPI\",VLOOKUP($H204,SINAPI_INSUM!A:E,5,0),IF($G204=\"SEINFRA\",VLOOKUP($H204,SEINFRA_INSUM!B:F,4,0),IF($G204=\"COTAÇÃO\",VLOOKUP($H204,'COTACAO - PEÇAS E MATERIAIS'!B:L,10,0),\"\"))))","v":44.09},88.18,"COTAÇÃO",176,null,6]
["3.1.1.198",{"$f":"IF($G205=\"ORSE\",VLOOKUP($H205,ORSE_INSUM!A:E,2,0),IF($G205=\"SINAPI\",VLOOKUP($H205,SINAPI_INSUM!A:E,2,0),IF($G205=\"SEINFRA\",VLOOKUP($H205,SEINFRA_INSUM!B:F,2,0),IF($G205=\"COTAÇÃO\",VLOOKUP($H205,'COTACAO - PEÇAS E MATERIAIS'!B:L,2,0),\"\"))))","v":"Haste aterramento 5/8 x 2,40 m"},1,"Ud",{"$f":"IF($G205=\"ORSE\",VLOOKUP($H205,ORSE_INSUM!A:E,4,0),IF($G205=\"SINAPI\",VLOOKUP($H205,SINAPI_INSUM!A:E,5,0),IF($G205=\"SEINFRA\",VLOOKUP($H205,SEINFRA_INSUM!B:F,4,0),IF($G205=\"COTAÇÃO\",VLOOKUP($H205,'COTACAO - PEÇAS E MATERIAIS'!B:L,10,0),\"\"))))","v":39.99},39.99,"COTAÇÃO",177,null,2]
["3.1.1.199",{"$f":"IF($G206=\"ORSE\",VLOOKUP($H206,ORSE_INSUM!A:E,2,0),IF($G206=\"SINAPI\",VLOOKUP($H206,SINAPI_INSUM!A:E,2,0),IF($G206=\"SEINFRA\",VLOOKUP($H206,SEINFRA_INSUM!B:F,2,0),IF($G206=\"COTAÇÃO\",VLOOKUP($H206,'COTACAO - PEÇAS E MATERIAIS'!B:L,2,0),\"\"))))","v":"Haste de aterramento tipo \"copperweld\" diam. 3/4\"X3000mm - Ref.: Burndy"},2,"Ud",{"$f":"IF($G206=\"ORSE\",VLOOKUP($H206,ORSE_INSUM!A:E,4,0),IF($G206=\"SINAPI\",VLOOKUP($H206,SINAPI_INSUM!A:E,5,0),IF($G206=\"SEINFRA\",VLOOKUP($H206,SEINFRA_INSUM!B:F,4,0),IF($G206=\"COTAÇÃO\",VLOOKUP($H206,'COTACAO - PEÇAS E MATERIAIS'!B:L,10,0),\"\"))))","v":38.9},77.8,"COTAÇÃO",178,null,"6"]
["3.1.1.200",{"$f":"IF($G207=\"ORSE\",VLOOKUP($H207,ORSE_INSUM!A:E,2,0),IF($G207=\"SINAPI\",VLOOKUP($H207,SINAPI_INSUM!A:E,2,0),IF($G207=\"SEINFRA\",VLOOKUP($H207,SEINFRA_INSUM!B:F,2,0),IF($G207=\"COTAÇÃO\",VLOOKUP($H207,'COTACAO - PEÇAS E MATERIAIS'!B:L,2,0),\"\"))))","v":"Interface local HMI SSW07 08 LCD - WEG"},1,"Ud",{"$f":"IF($G207=\"ORSE\",VLOOKUP($H207,ORSE_INSUM!A:E,4,0),IF($G207=\"SINAPI\",VLOOKUP($H207,SINAPI_INSUM!A:E,5,0),IF($G207=\"SEINFRA\",VLOOKUP($H207,SEINFRA_INSUM!B:F,4,0),IF($G207=\"COTAÇÃO\",VLOOKUP($H207,'COTACAO - PEÇAS E MATERIAIS'!B:L,10,0),\"\"))))","v":376.5},376.5,"COTAÇÃO",179,null,2]
["3.1.1.201",{"$f":"IF($G208=\"ORSE\",VLOOKUP($H208,ORSE_INSUM!A:E,2,0),IF($G208=\"SINAPI\",VLOOKUP($H208,SINAPI_INSUM!A:E,2,0),IF($G208=\"SEINFRA\",VLOOKUP($H208,SEINFRA_INSUM!B:F,2,0),IF($G208=\"COTAÇÃO\",VLOOKUP($H208,'COTACAO - PEÇAS E MATERIAIS'!B:L,2,0),\"\"))))","v":"Interruptor duplo, 10A, 250V"},2,"Ud",{"$f":"IF($G208=\"ORSE\",VLOOKUP($H208,ORSE_INSUM!A:E,4,0),IF($G208=\"SINAPI\",VLOOKUP($H208,SINAPI_INSUM!A:E,5,0),IF($G208=\"SEINFRA\",VLOOKUP($H208,SEINFRA_INSUM!B:F,4,0),IF($G208=\"COTAÇÃO\",VLOOKUP($H208,'COTACAO - PEÇAS E MATERIAIS'!B:L,10,0),\"\"))))","v":9.6300000000000008},19.260000000000002,"COTAÇÃO",180,null,"6"]
["3.1.1.202",{"$f":"IF($G209=\"ORSE\",VLOOKUP($H209,ORSE_INSUM!A:E,2,0),IF($G209=\"SINAPI\",VLOOKUP($H209,SINAPI_INSUM!A:E,2,0),IF($G209=\"SEINFRA\",VLOOKUP($H209,SEINFRA_INSUM!B:F,2,0),IF($G209=\"COTAÇÃO\",VLOOKUP($H209,'COTACAO - PEÇAS E MATERIAIS'!B:L,2,0),\"\"))))","v":"Interruptor simples, 10A, 250V"},2,"Ud",{"$f":"IF($G209=\"ORSE\",VLOOKUP($H209,ORSE_INSUM!A:E,4,0),IF($G209=\"SINAPI\",VLOOKUP($H209,SINAPI_INSUM!A:E,5,0),IF($G209=\"SEINFRA\",VLOOKUP($H209,SEINFRA_INSUM!B:F,4,0),IF($G209=\"COTAÇÃO\",VLOOKUP($H209,'COTACAO - PEÇAS E MATERIAIS'!B:L,10,0),\"\"))))","v":6.62},13.24,"COTAÇÃO",181,null,"6"]
["3.1.1.203",{"$f":"IF($G210=\"ORSE\",VLOOKUP($H210,ORSE_INSUM!A:E,2,0),IF($G210=\"SINAPI\",VLOOKUP($H210,SINAPI_INSUM!A:E,2,0),IF($G210=\"SEINFRA\",VLOOKUP($H210,SEINFRA_INSUM!B:F,2,0),IF($G210=\"COTAÇÃO\",VLOOKUP($H210,'COTACAO - PEÇAS E MATERIAIS'!B:L,2,0),\"\"))))","v":"ISOLADOR EPOXI BT 30 X 50"},5,"Ud",{"$f":"IF($G210=\"ORSE\",VLOOKUP($H210,ORSE_INSUM!A:E,4,0),IF($G210=\"SINAPI\",VLOOKUP($H210,SINAPI_INSUM!A:E,5,0),IF($G210=\"SEINFRA\",VLOOKUP($H210,SEINFRA_INSUM!B:F,4,0),IF($G210=\"COTAÇÃO\",VLOOKUP($H210,'COTACAO - PEÇAS E MATERIAIS'!B:L,10,0),\"\"))))","v":11.3},56.5,"ORSE",4942,null,"20"]
["3.1.1.204",{"$f":"IF($G211=\"ORSE\",VLOOKUP($H211,ORSE_INSUM!A:E,2,0),IF($G211=\"SINAPI\",VLOOKUP($H211,SINAPI_INSUM!A:E,2,0),IF($G211=\"SEINFRA\",VLOOKUP($H211,SEINFRA_INSUM!B:F,2,0),IF($G211=\"COTAÇÃO\",VLOOKUP($H211,'COTACAO - PEÇAS E MATERIAIS'!B:L,2,0),\"\"))))","v":"ISOLADOR DE DISCO POLIMÉRICO 15 KV"},2,"Pç",{"$f":"IF($G211=\"ORSE\",VLOOKUP($H211,ORSE_INSUM!A:E,4,0),IF($G211=\"SINAPI\",VLOOKUP($H211,SINAPI_INSUM!A:E,5,0),IF($G211=\"SEINFRA\",VLOOKUP($H211,SEINFRA_INSUM!B:F,4,0),IF($G211=\"COTAÇÃO\",VLOOKUP($H211,'COTACAO - PEÇAS E MATERIAIS'!B:L,10,0),\"\"))))","v":59.9},119.8,"ORSE",2524,null,"6"]
["3.1.1.205",{"$f":"IF($G212=\"ORSE\",VLOOKUP($H212,ORSE_INSUM!A:E,2,0),IF($G212=\"SINAPI\",VLOOKUP($H212,SINAPI_INSUM!A:E,2,0),IF($G212=\"SEINFRA\",VLOOKUP($H212,SEINFRA_INSUM!B:F,2,0),IF($G212=\"COTAÇÃO\",VLOOKUP($H212,'COTACAO - PEÇAS E MATERIAIS'!B:L,2,0),\"\"))))","v":"ISOLADOR PINO POLIMERICO 15 KV"},2,"Pç",{"$f":"IF($G212=\"ORSE\",VLOOKUP($H212,ORSE_INSUM!A:E,4,0),IF($G212=\"SINAPI\",VLOOKUP($H212,SINAPI_INSUM!A:E,5,0),IF($G212=\"SEINFRA\",VLOOKUP($H212,SEINFRA_INSUM!B:F,4,0),IF($G212=\"COTAÇÃO\",VLOOKUP($H212,'COTACAO - PEÇAS E MATERIAIS'!B:L,10,0),\"\"))))","v":28.6},57.2,"ORSE",9352,null,"6"]
["3.1.1.206",{"$f":"IF($G213=\"ORSE\",VLOOKUP($H213,ORSE_INSUM!A:E,2,0),IF($G213=\"SINAPI\",VLOOKUP($H213,SINAPI_INSUM!A:E,2,0),IF($G213=\"SEINFRA\",VLOOKUP($H213,SEINFRA_INSUM!B:F,2,0),IF($G213=\"COTAÇÃO\",VLOOKUP($H213,'COTACAO - PEÇAS E MATERIAIS'!B:L,2,0),\"\"))))","v":"Jogo de contatos principais para contator SIEMENS modelo: 3TF6844-0C"},1,"un",{"$f":"IF($G213=\"ORSE\",VLOOKUP($H213,ORSE_INSUM!A:E,4,0),IF($G213=\"SINAPI\",VLOOKUP($H213,SINAPI_INSUM!A:E,5,0),IF($G213=\"SEINFRA\",VLOOKUP($H213,SEINFRA_INSUM!B:F,4,0),IF($G213=\"COTAÇÃO\",VLOOKUP($H213,'COTACAO - PEÇAS E MATERIAIS'!B:L,10,0),\"\"))))","v":12171.88},12171.88,"COTAÇÃO",182,null,"2"]
["3.1.1.207",{"$f":"IF($G214=\"ORSE\",VLOOKUP($H214,ORSE_INSUM!A:E,2,0),IF($G214=\"SINAPI\",VLOOKUP($H214,SINAPI_INSUM!A:E,2,0),IF($G214=\"SEINFRA\",VLOOKUP($H214,SEINFRA_INSUM!B:F,2,0),IF($G214=\"COTAÇÃO\",VLOOKUP($H214,'COTACAO - PEÇAS E MATERIAIS'!B:L,2,0),\"\"))))","v":"Jogo de contatos principais para contator SIEMENS modelo: 3TF6944-0C"},1,"un",{"$f":"IF($G214=\"ORSE\",VLOOKUP($H214,ORSE_INSUM!A:E,4,0),IF($G214=\"SINAPI\",VLOOKUP($H214,SINAPI_INSUM!A:E,5,0),IF($G214=\"SEINFRA\",VLOOKUP($H214,SEINFRA_INSUM!B:F,4,0),IF($G214=\"COTAÇÃO\",VLOOKUP($H214,'COTACAO - PEÇAS E MATERIAIS'!B:L,10,0),\"\"))))","v":12619.02},12619.02,"COTAÇÃO",183,null,"2"]
["3.1.1.208",{"$f":"IF($G215=\"ORSE\",VLOOKUP($H215,ORSE_INSUM!A:E,2,0),IF($G215=\"SINAPI\",VLOOKUP($H215,SINAPI_INSUM!A:E,2,0),IF($G215=\"SEINFRA\",VLOOKUP($H215,SEINFRA_INSUM!B:F,2,0),IF($G215=\"COTAÇÃO\",VLOOKUP($H215,'COTACAO - PEÇAS E MATERIAIS'!B:L,2,0),\"\"))))","v":"Kit de transceptores monocanal para telecomunicação (Unidades Central, assinante e antenas)"},{"$f":"ROUND(J215/2,0)","v":1},"UN",{"$f":"IF($G215=\"ORSE\",VLOOKUP($H215,ORSE_INSUM!A:E,4,0),IF($G215=\"SINAPI\",VLOOKUP($H215,SINAPI_INSUM!A:E,5,0),IF($G215=\"SEINFRA\",VLOOKUP($H215,SEINFRA_INSUM!B:F,4,0),IF($G215=\"COTAÇÃO\",VLOOKUP($H215,'COTACAO - PEÇAS E MATERIAIS'!B:L,10,0),\"\"))))","v":4200},4200,"COTAÇÃO",244,null,"1"]
["3.1.1.209",{"$f":"IF($G216=\"ORSE\",VLOOKUP($H216,ORSE_INSUM!A:E,2,0),IF($G216=\"SINAPI\",VLOOKUP($H216,SINAPI_INSUM!A:E,2,0),IF($G216=\"SEINFRA\",VLOOKUP($H216,SEINFRA_INSUM!B:F,2,0),IF($G216=\"COTAÇÃO\",VLOOKUP($H216,'COTACAO - PEÇAS E MATERIAIS'!B:L,2,0),\"\"))))","v":"Lâmpada fluorescente compacta de 15W/220V, base E - 27"},3,"Ud",{"$f":"IF($G216=\"ORSE\",VLOOKUP($H216,ORSE_INSUM!A:E,4,0),IF($G216=\"SINAPI\",VLOOKUP($H216,SINAPI_INSUM!A:E,5,0),IF($G216=\"SEINFRA\",VLOOKUP($H216,SEINFRA_INSUM!B:F,4,0),IF($G216=\"COTAÇÃO\",VLOOKUP($H216,'COTACAO - PEÇAS E MATERIAIS'!B:L,10,0),\"\"))))","v":9.99},29.97,"COTAÇÃO",184,null,12]
["3.1.1.210",{"$f":"IF($G217=\"ORSE\",VLOOKUP($H217,ORSE_INSUM!A:E,2,0),IF($G217=\"SINAPI\",VLOOKUP($H217,SINAPI_INSUM!A:E,2,0),IF($G217=\"SEINFRA\",VLOOKUP($H217,SEINFRA_INSUM!B:F,2,0),IF($G217=\"COTAÇÃO\",VLOOKUP($H217,'COTACAO - PEÇAS E MATERIAIS'!B:L,2,0),\"\"))))","v":"Lâmpada fluorescente compacta de 20W/220V, base E - 27"},4,"un",{"$f":"IF($G217=\"ORSE\",VLOOKUP($H217,ORSE_INSUM!A:E,4,0),IF($G217=\"SINAPI\",VLOOKUP($H217,SINAPI_INSUM!A:E,5,0),IF($G217=\"SEINFRA\",VLOOKUP($H217,SEINFRA_INSUM!B:F,4,0),IF($G217=\"COTAÇÃO\",VLOOKUP($H217,'COTACAO - PEÇAS E MATERIAIS'!B:L,10,0),\"\"))))","v":12.09},48.36,"COTAÇÃO",185,null,"15"]
["3.1.1.211",{"$f":"IF($G218=\"ORSE\",VLOOKUP($H218,ORSE_INSUM!A:E,2,0),IF($G218=\"SINAPI\",VLOOKUP($H218,SINAPI_INSUM!A:E,2,0),IF($G218=\"SEINFRA\",VLOOKUP($H218,SEINFRA_INSUM!B:F,2,0),IF($G218=\"COTAÇÃO\",VLOOKUP($H218,'COTACAO - PEÇAS E MATERIAIS'!B:L,2,0),\"\"))))","v":"Lâmpada fluorescente compacta de 25W/220V, base E - 27"},3,"Ud",{"$f":"IF($G218=\"ORSE\",VLOOKUP($H218,ORSE_INSUM!A:E,4,0),IF($G218=\"SINAPI\",VLOOKUP($H218,SINAPI_INSUM!A:E,5,0),IF($G218=\"SEINFRA\",VLOOKUP($H218,SEINFRA_INSUM!B:F,4,0),IF($G218=\"COTAÇÃO\",VLOOKUP($H218,'COTACAO - PEÇAS E MATERIAIS'!B:L,10,0),\"\"))))","v":14.84},44.52,"COTAÇÃO",186,null,10]
["3.1.1.212",{"$f":"IF($G219=\"ORSE\",VLOOKUP($H219,ORSE_INSUM!A:E,2,0),IF($G219=\"SINAPI\",VLOOKUP($H219,SINAPI_INSUM!A:E,2,0),IF($G219=\"SEINFRA\",VLOOKUP($H219,SEINFRA_INSUM!B:F,2,0),IF($G219=\"COTAÇÃO\",VLOOKUP($H219,'COTACAO - PEÇAS E MATERIAIS'!B:L,2,0),\"\"))))","v":"Lâmpada fluorescente compacta de 32W/220V, base E - 27"},3,"Ud",{"$f":"IF($G219=\"ORSE\",VLOOKUP($H219,ORSE_INSUM!A:E,4,0),IF($G219=\"SINAPI\",VLOOKUP($H219,SINAPI_INSUM!A:E,5,0),IF($G219=\"SEINFRA\",VLOOKUP($H219,SEINFRA_INSUM!B:F,4,0),IF($G219=\"COTAÇÃO\",VLOOKUP($H219,'COTACAO - PEÇAS E MATERIAIS'!B:L,10,0),\"\"))))","v":29.99},89.97,"COTAÇÃO",187,null,"12"]
["3.1.1.213",{"$f":"IF($G220=\"ORSE\",VLOOKUP($H220,ORSE_INSUM!A:E,2,0),IF($G220=\"SINAPI\",VLOOKUP($H220,SINAPI_INSUM!A:E,2,0),IF($G220=\"SEINFRA\",VLOOKUP($H220,SEINFRA_INSUM!B:F,2,0),IF($G220=\"COTAÇÃO\",VLOOKUP($H220,'COTACAO - PEÇAS E MATERIAIS'!B:L,2,0),\"\"))))","v":"Lâmpada fruorescente de 40W, 220V/ tubular"},6,"Ud",{"$f":"IF($G220=\"ORSE\",VLOOKUP($H220,ORSE_INSUM!A:E,4,0),IF($G220=\"SINAPI\",VLOOKUP($H220,SINAPI_INSUM!A:E,5,0),IF($G220=\"SEINFRA\",VLOOKUP($H220,SEINFRA_INSUM!B:F,4,0),IF($G220=\"COTAÇÃO\",VLOOKUP($H220,'COTACAO - PEÇAS E MATERIAIS'!B:L,10,0),\"\"))))","v":6.99},41.94,"COTAÇÃO",188,null,"24"]
["3.1.1.214",{"$f":"IF($G221=\"ORSE\",VLOOKUP($H221,ORSE_INSUM!A:E,2,0),IF($G221=\"SINAPI\",VLOOKUP($H221,SINAPI_INSUM!A:E,2,0),IF($G221=\"SEINFRA\",VLOOKUP($H221,SEINFRA_INSUM!B:F,2,0),IF($G221=\"COTAÇÃO\",VLOOKUP($H221,'COTACAO - PEÇAS E MATERIAIS'!B:L,2,0),\"\"))))","v":"Lâmpada mista 250W/220V, base E-40"},3,"Ud",{"$f":"IF($G221=\"ORSE\",VLOOKUP($H221,ORSE_INSUM!A:E,4,0),IF($G221=\"SINAPI\",VLOOKUP($H221,SINAPI_INSUM!A:E,5,0),IF($G221=\"SEINFRA\",VLOOKUP($H221,SEINFRA_INSUM!B:F,4,0),IF($G221=\"COTAÇÃO\",VLOOKUP($H221,'COTACAO - PEÇAS E MATERIAIS'!B:L,10,0),\"\"))))","v":30.37},91.11,"COTAÇÃO",189,null,"12"]
["3.1.1.215",{"$f":"IF($G222=\"ORSE\",VLOOKUP($H222,ORSE_INSUM!A:E,2,0),IF($G222=\"SINAPI\",VLOOKUP($H222,SINAPI_INSUM!A:E,2,0),IF($G222=\"SEINFRA\",VLOOKUP($H222,SEINFRA_INSUM!B:F,2,0),IF($G222=\"COTAÇÃO\",VLOOKUP($H222,'COTACAO - PEÇAS E MATERIAIS'!B:L,2,0),\"\"))))","v":"Lâmpada vapor de mercúrio, 80W - 220 V,  base E - 27"},2,"Ud",{"$f":"IF($G222=\"ORSE\",VLOOKUP($H222,ORSE_INSUM!A:E,4,0),IF($G222=\"SINAPI\",VLOOKUP($H222,SINAPI_INSUM!A:E,5,0),IF($G222=\"SEINFRA\",VLOOKUP($H222,SEINFRA_INSUM!B:F,4,0),IF($G222=\"COTAÇÃO\",VLOOKUP($H222,'COTACAO - PEÇAS E MATERIAIS'!B:L,10,0),\"\"))))","v":19.899999999999999},39.799999999999997,"COTAÇÃO",190,null,6]
["3.1.1.216",{"$f":"IF($G223=\"ORSE\",VLOOKUP($H223,ORSE_INSUM!A:E,2,0),IF($G223=\"SINAPI\",VLOOKUP($H223,SINAPI_INSUM!A:E,2,0),IF($G223=\"SEINFRA\",VLOOKUP($H223,SEINFRA_INSUM!B:F,2,0),IF($G223=\"COTAÇÃO\",VLOOKUP($H223,'COTACAO - PEÇAS E MATERIAIS'!B:L,2,0),\"\"))))","v":"Limpa contato spray 300ml"},3,"Ud",{"$f":"IF($G223=\"ORSE\",VLOOKUP($H223,ORSE_INSUM!A:E,4,0),IF($G223=\"SINAPI\",VLOOKUP($H223,SINAPI_INSUM!A:E,5,0),IF($G223=\"SEINFRA\",VLOOKUP($H223,SEINFRA_INSUM!B:F,4,0),IF($G223=\"COTAÇÃO\",VLOOKUP($H223,'COTACAO - PEÇAS E MATERIAIS'!B:L,10,0),\"\"))))","v":13.55},40.65,"COTAÇÃO",191,null,"10"]
["3.1.1.217",{"$f":"IF($G224=\"ORSE\",VLOOKUP($H224,ORSE_INSUM!A:E,2,0),IF($G224=\"SINAPI\",VLOOKUP($H224,SINAPI_INSUM!A:E,2,0),IF($G224=\"SEINFRA\",VLOOKUP($H224,SEINFRA_INSUM!B:F,2,0),IF($G224=\"COTAÇÃO\",VLOOKUP($H224,'COTACAO - PEÇAS E MATERIAIS'!B:L,2,0),\"\"))))","v":"LUMINÁRIA 2 X 25W A-896 SOB. BLAN OU SIMILAR"},2,"Ud",{"$f":"IF($G224=\"ORSE\",VLOOKUP($H224,ORSE_INSUM!A:E,4,0),IF($G224=\"SINAPI\",VLOOKUP($H224,SINAPI_INSUM!A:E,5,0),IF($G224=\"SEINFRA\",VLOOKUP($H224,SEINFRA_INSUM!B:F,4,0),IF($G224=\"COTAÇÃO\",VLOOKUP($H224,'COTACAO - PEÇAS E MATERIAIS'!B:L,10,0),\"\"))))","v":35.43},70.86,"ORSE",4921,null,"6"]
["3.1.1.218",{"$f":"IF($G225=\"ORSE\",VLOOKUP($H225,ORSE_INSUM!A:E,2,0),IF($G225=\"SINAPI\",VLOOKUP($H225,SINAPI_INSUM!A:E,2,0),IF($G225=\"SEINFRA\",VLOOKUP($H225,SEINFRA_INSUM!B:F,2,0),IF($G225=\"COTAÇÃO\",VLOOKUP($H225,'COTACAO - PEÇAS E MATERIAIS'!B:L,2,0),\"\"))))","v":"Luminárias tipo arandela blindada 45°"},2,"Ud",{"$f":"IF($G225=\"ORSE\",VLOOKUP($H225,ORSE_INSUM!A:E,4,0),IF($G225=\"SINAPI\",VLOOKUP($H225,SINAPI_INSUM!A:E,5,0),IF($G225=\"SEINFRA\",VLOOKUP($H225,SEINFRA_INSUM!B:F,4,0),IF($G225=\"COTAÇÃO\",VLOOKUP($H225,'COTACAO - PEÇAS E MATERIAIS'!B:L,10,0),\"\"))))","v":166.71},333.42,"COTAÇÃO",193,null,"6"]
["3.1.1.219",{"$f":"IF($G226=\"ORSE\",VLOOKUP($H226,ORSE_INSUM!A:E,2,0),IF($G226=\"SINAPI\",VLOOKUP($H226,SINAPI_INSUM!A:E,2,0),IF($G226=\"SEINFRA\",VLOOKUP($H226,SEINFRA_INSUM!B:F,2,0),IF($G226=\"COTAÇÃO\",VLOOKUP($H226,'COTACAO - PEÇAS E MATERIAIS'!B:L,2,0),\"\"))))","v":"Mangueira trançada 3/4\", transparente"},1,"Ud",{"$f":"IF($G226=\"ORSE\",VLOOKUP($H226,ORSE_INSUM!A:E,4,0),IF($G226=\"SINAPI\",VLOOKUP($H226,SINAPI_INSUM!A:E,5,0),IF($G226=\"SEINFRA\",VLOOKUP($H226,SEINFRA_INSUM!B:F,4,0),IF($G226=\"COTAÇÃO\",VLOOKUP($H226,'COTACAO - PEÇAS E MATERIAIS'!B:L,10,0),\"\"))))","v":7.98},7.98,"COTAÇÃO",194,null,"4"]
["3.1.1.220",{"$f":"IF($G227=\"ORSE\",VLOOKUP($H227,ORSE_INSUM!A:E,2,0),IF($G227=\"SINAPI\",VLOOKUP($H227,SINAPI_INSUM!A:E,2,0),IF($G227=\"SEINFRA\",VLOOKUP($H227,SEINFRA_INSUM!B:F,2,0),IF($G227=\"COTAÇÃO\",VLOOKUP($H227,'COTACAO - PEÇAS E MATERIAIS'!B:L,2,0),\"\"))))","v":"LUVA DE REDUCAO DE FERRO GALVANIZADO, COM ROSCA BSP MACHO/FEMEA, DE 1 1/2\" X 1\""},1,"Pç",{"$f":"IF($G227=\"ORSE\",VLOOKUP($H227,ORSE_INSUM!A:E,4,0),IF($G227=\"SINAPI\",VLOOKUP($H227,SINAPI_INSUM!A:E,5,0),IF($G227=\"SEINFRA\",VLOOKUP($H227,SEINFRA_INSUM!B:F,4,0),IF($G227=\"COTAÇÃO\",VLOOKUP($H227,'COTACAO - PEÇAS E MATERIAIS'!B:L,10,0),\"\"))))","v":"19,16"},19.16,"SINAPI",12407,null,"2"]
["3.1.1.221",{"$f":"IF($G228=\"ORSE\",VLOOKUP($H228,ORSE_INSUM!A:E,2,0),IF($G228=\"SINAPI\",VLOOKUP($H228,SINAPI_INSUM!A:E,2,0),IF($G228=\"SEINFRA\",VLOOKUP($H228,SEINFRA_INSUM!B:F,2,0),IF($G228=\"COTAÇÃO\",VLOOKUP($H228,'COTACAO - PEÇAS E MATERIAIS'!B:L,2,0),\"\"))))","v":"LUVA DE FERRO GALVANIZADO, COM ROSCA BSP, DE 1 1/2\""},1,"Pç",{"$f":"IF($G228=\"ORSE\",VLOOKUP($H228,ORSE_INSUM!A:E,4,0),IF($G228=\"SINAPI\",VLOOKUP($H228,SINAPI_INSUM!A:E,5,0),IF($G228=\"SEINFRA\",VLOOKUP($H228,SEINFRA_INSUM!B:F,4,0),IF($G228=\"COTAÇÃO\",VLOOKUP($H228,'COTACAO - PEÇAS E MATERIAIS'!B:L,10,0),\"\"))))","v":"12,67"},12.67,"SINAPI",3939,null,2]
["3.1.1.222",{"$f":"IF($G229=\"ORSE\",VLOOKUP($H229,ORSE_INSUM!A:E,2,0),IF($G229=\"SINAPI\",VLOOKUP($H229,SINAPI_INSUM!A:E,2,0),IF($G229=\"SEINFRA\",VLOOKUP($H229,SEINFRA_INSUM!B:F,2,0),IF($G229=\"COTAÇÃO\",VLOOKUP($H229,'COTACAO - PEÇAS E MATERIAIS'!B:L,2,0),\"\"))))","v":"LUVA DE FERRO GALVANIZADO, COM ROSCA BSP, DE 1\""},1,"Pç",{"$f":"IF($G229=\"ORSE\",VLOOKUP($H229,ORSE_INSUM!A:E,4,0),IF($G229=\"SINAPI\",VLOOKUP($H229,SINAPI_INSUM!A:E,5,0),IF($G229=\"SEINFRA\",VLOOKUP($H229,SEINFRA_INSUM!B:F,4,0),IF($G229=\"COTAÇÃO\",VLOOKUP($H229,'COTACAO - PEÇAS E MATERIAIS'!B:L,10,0),\"\"))))","v":"7,41"},7.41,"SINAPI",3910,null,4]
["3.1.1.223",{"$f":"IF($G230=\"ORSE\",VLOOKUP($H230,ORSE_INSUM!A:E,2,0),IF($G230=\"SINAPI\",VLOOKUP($H230,SINAPI_INSUM!A:E,2,0),IF($G230=\"SEINFRA\",VLOOKUP($H230,SEINFRA_INSUM!B:F,2,0),IF($G230=\"COTAÇÃO\",VLOOKUP($H230,'COTACAO - PEÇAS E MATERIAIS'!B:L,2,0),\"\"))))","v":"LUVA DE FERRO GALVANIZADO, COM ROSCA BSP, DE 2\""},1,"Pç",{"$f":"IF($G230=\"ORSE\",VLOOKUP($H230,ORSE_INSUM!A:E,4,0),IF($G230=\"SINAPI\",VLOOKUP($H230,SINAPI_INSUM!A:E,5,0),IF($G230=\"SEINFRA\",VLOOKUP($H230,SEINFRA_INSUM!B:F,4,0),IF($G230=\"COTAÇÃO\",VLOOKUP($H230,'COTACAO - PEÇAS E MATERIAIS'!B:L,10,0),\"\"))))","v":"19,41"},19.41,"SINAPI",3912,null,2]
["3.1.1.224",{"$f":"IF($G231=\"ORSE\",VLOOKUP($H231,ORSE_INSUM!A:E,2,0),IF($G231=\"SINAPI\",VLOOKUP($H231,SINAPI_INSUM!A:E,2,0),IF($G231=\"SEINFRA\",VLOOKUP($H231,SEINFRA_INSUM!B:F,2,0),IF($G231=\"COTAÇÃO\",VLOOKUP($H231,'COTACAO - PEÇAS E MATERIAIS'!B:L,2,0),\"\"))))","v":"LUVA DE FERRO GALVANIZADO, COM ROSCA BSP, DE 3\""},1,"Pç",{"$f":"IF($G231=\"ORSE\",VLOOKUP($H231,ORSE_INSUM!A:E,4,0),IF($G231=\"SINAPI\",VLOOKUP($H231,SINAPI_INSUM!A:E,5,0),IF($G231=\"SEINFRA\",VLOOKUP($H231,SEINFRA_INSUM!B:F,4,0),IF($G231=\"COTAÇÃO\",VLOOKUP($H231,'COTACAO - PEÇAS E MATERIAIS'!B:L,10,0),\"\"))))","v":"53,42"},53.42,"SINAPI",3914,null,2]
["3.1.1.225",{"$f":"IF($G232=\"ORSE\",VLOOKUP($H232,ORSE_INSUM!A:E,2,0),IF($G232=\"SINAPI\",VLOOKUP($H232,SINAPI_INSUM!A:E,2,0),IF($G232=\"SEINFRA\",VLOOKUP($H232,SEINFRA_INSUM!B:F,2,0),IF($G232=\"COTAÇÃO\",VLOOKUP($H232,'COTACAO - PEÇAS E MATERIAIS'!B:L,2,0),\"\"))))","v":"LUVA DE FERRO GALVANIZADO, COM ROSCA BSP, DE 3/4\""},1,"Pç",{"$f":"IF($G232=\"ORSE\",VLOOKUP($H232,ORSE_INSUM!A:E,4,0),IF($G232=\"SINAPI\",VLOOKUP($H232,SINAPI_INSUM!A:E,5,0),IF($G232=\"SEINFRA\",VLOOKUP($H232,SEINFRA_INSUM!B:F,4,0),IF($G232=\"COTAÇÃO\",VLOOKUP($H232,'COTACAO - PEÇAS E MATERIAIS'!B:L,10,0),\"\"))))","v":"4,55"},4.55,"SINAPI",3909,null,4]
["3.1.1.226",{"$f":"IF($G233=\"ORSE\",VLOOKUP($H233,ORSE_INSUM!A:E,2,0),IF($G233=\"SINAPI\",VLOOKUP($H233,SINAPI_INSUM!A:E,2,0),IF($G233=\"SEINFRA\",VLOOKUP($H233,SEINFRA_INSUM!B:F,2,0),IF($G233=\"COTAÇÃO\",VLOOKUP($H233,'COTACAO - PEÇAS E MATERIAIS'!B:L,2,0),\"\"))))","v":"LUVA DE FERRO GALVANIZADO, COM ROSCA BSP, DE 4\""},1,"Pç",{"$f":"IF($G233=\"ORSE\",VLOOKUP($H233,ORSE_INSUM!A:E,4,0),IF($G233=\"SINAPI\",VLOOKUP($H233,SINAPI_INSUM!A:E,5,0),IF($G233=\"SEINFRA\",VLOOKUP($H233,SEINFRA_INSUM!B:F,4,0),IF($G233=\"COTAÇÃO\",VLOOKUP($H233,'COTACAO - PEÇAS E MATERIAIS'!B:L,10,0),\"\"))))","v":"84,24"},84.24,"SINAPI",3915,null,2]
["3.1.1.227",{"$f":"IF($G234=\"ORSE\",VLOOKUP($H234,ORSE_INSUM!A:E,2,0),IF($G234=\"SINAPI\",VLOOKUP($H234,SINAPI_INSUM!A:E,2,0),IF($G234=\"SEINFRA\",VLOOKUP($H234,SEINFRA_INSUM!B:F,2,0),IF($G234=\"COTAÇÃO\",VLOOKUP($H234,'COTACAO - PEÇAS E MATERIAIS'!B:L,2,0),\"\"))))","v":"Mangueira trançada 3/4\", transparente"},25,"m",{"$f":"IF($G234=\"ORSE\",VLOOKUP($H234,ORSE_INSUM!A:E,4,0),IF($G234=\"SINAPI\",VLOOKUP($H234,SINAPI_INSUM!A:E,5,0),IF($G234=\"SEINFRA\",VLOOKUP($H234,SEINFRA_INSUM!B:F,4,0),IF($G234=\"COTAÇÃO\",VLOOKUP($H234,'COTACAO - PEÇAS E MATERIAIS'!B:L,10,0),\"\"))))","v":7.98},199.5,"COTAÇÃO",194,null,"100"]
["3.1.1.228",{"$f":"IF($G235=\"ORSE\",VLOOKUP($H235,ORSE_INSUM!A:E,2,0),IF($G235=\"SINAPI\",VLOOKUP($H235,SINAPI_INSUM!A:E,2,0),IF($G235=\"SEINFRA\",VLOOKUP($H235,SEINFRA_INSUM!B:F,2,0),IF($G235=\"COTAÇÃO\",VLOOKUP($H235,'COTACAO - PEÇAS E MATERIAIS'!B:L,2,0),\"\"))))","v":"MASSA 3M P/CALAFETAÇÃO"},1,"Kg",{"$f":"IF($G235=\"ORSE\",VLOOKUP($H235,ORSE_INSUM!A:E,4,0),IF($G235=\"SINAPI\",VLOOKUP($H235,SINAPI_INSUM!A:E,5,0),IF($G235=\"SEINFRA\",VLOOKUP($H235,SEINFRA_INSUM!B:F,4,0),IF($G235=\"COTAÇÃO\",VLOOKUP($H235,'COTACAO - PEÇAS E MATERIAIS'!B:L,10,0),\"\"))))","v":105.99},105.99,"ORSE",7696,null,5]
["3.1.1.229",{"$f":"IF($G236=\"ORSE\",VLOOKUP($H236,ORSE_INSUM!A:E,2,0),IF($G236=\"SINAPI\",VLOOKUP($H236,SINAPI_INSUM!A:E,2,0),IF($G236=\"SEINFRA\",VLOOKUP($H236,SEINFRA_INSUM!B:F,2,0),IF($G236=\"COTAÇÃO\",VLOOKUP($H236,'COTACAO - PEÇAS E MATERIAIS'!B:L,2,0),\"\"))))","v":"Medidor de fator de potência; 0,4cap....0....0,4ind; em tp 13800/115V; em tc 75/5A; moldura 96X96mm. Ref. Kron"},1,"un",{"$f":"IF($G236=\"ORSE\",VLOOKUP($H236,ORSE_INSUM!A:E,4,0),IF($G236=\"SINAPI\",VLOOKUP($H236,SINAPI_INSUM!A:E,5,0),IF($G236=\"SEINFRA\",VLOOKUP($H236,SEINFRA_INSUM!B:F,4,0),IF($G236=\"COTAÇÃO\",VLOOKUP($H236,'COTACAO - PEÇAS E MATERIAIS'!B:L,10,0),\"\"))))","v":839.69},839.69,"COTAÇÃO",195,null,"3"]
["3.1.1.230",{"$f":"IF($G237=\"ORSE\",VLOOKUP($H237,ORSE_INSUM!A:E,2,0),IF($G237=\"SINAPI\",VLOOKUP($H237,SINAPI_INSUM!A:E,2,0),IF($G237=\"SEINFRA\",VLOOKUP($H237,SEINFRA_INSUM!B:F,2,0),IF($G237=\"COTAÇÃO\",VLOOKUP($H237,'COTACAO - PEÇAS E MATERIAIS'!B:L,2,0),\"\"))))","v":"Microventilador AXIAL Dimensão (mm): 256 x 265 x 85 220Vac"},1,"Ud",{"$f":"IF($G237=\"ORSE\",VLOOKUP($H237,ORSE_INSUM!A:E,4,0),IF($G237=\"SINAPI\",VLOOKUP($H237,SINAPI_INSUM!A:E,5,0),IF($G237=\"SEINFRA\",VLOOKUP($H237,SEINFRA_INSUM!B:F,4,0),IF($G237=\"COTAÇÃO\",VLOOKUP($H237,'COTACAO - PEÇAS E MATERIAIS'!B:L,10,0),\"\"))))","v":440},440,"COTAÇÃO",196,null,"4"]
["3.1.1.231",{"$f":"IF($G238=\"ORSE\",VLOOKUP($H238,ORSE_INSUM!A:E,2,0),IF($G238=\"SINAPI\",VLOOKUP($H238,SINAPI_INSUM!A:E,2,0),IF($G238=\"SEINFRA\",VLOOKUP($H238,SEINFRA_INSUM!B:F,2,0),IF($G238=\"COTAÇÃO\",VLOOKUP($H238,'COTACAO - PEÇAS E MATERIAIS'!B:L,2,0),\"\"))))","v":"Microventilador/exaustor para painel eletrico, dimensões 120X120X38mm, 220Vac"},3,"Unid",{"$f":"IF($G238=\"ORSE\",VLOOKUP($H238,ORSE_INSUM!A:E,4,0),IF($G238=\"SINAPI\",VLOOKUP($H238,SINAPI_INSUM!A:E,5,0),IF($G238=\"SEINFRA\",VLOOKUP($H238,SEINFRA_INSUM!B:F,4,0),IF($G238=\"COTAÇÃO\",VLOOKUP($H238,'COTACAO - PEÇAS E MATERIAIS'!B:L,10,0),\"\"))))","v":55.62},166.86,"COTAÇÃO",197,null,10]
["3.1.1.232",{"$f":"IF($G239=\"ORSE\",VLOOKUP($H239,ORSE_INSUM!A:E,2,0),IF($G239=\"SINAPI\",VLOOKUP($H239,SINAPI_INSUM!A:E,2,0),IF($G239=\"SEINFRA\",VLOOKUP($H239,SEINFRA_INSUM!B:F,2,0),IF($G239=\"COTAÇÃO\",VLOOKUP($H239,'COTACAO - PEÇAS E MATERIAIS'!B:L,2,0),\"\"))))","v":"Módulo de controle digital TBM2A-5 para motores TOSHIBA - 1400 HP - 10 polos - 13,2 KV - E982007 Ref. TBR Tech"},1,"Ud",{"$f":"IF($G239=\"ORSE\",VLOOKUP($H239,ORSE_INSUM!A:E,4,0),IF($G239=\"SINAPI\",VLOOKUP($H239,SINAPI_INSUM!A:E,5,0),IF($G239=\"SEINFRA\",VLOOKUP($H239,SEINFRA_INSUM!B:F,4,0),IF($G239=\"COTAÇÃO\",VLOOKUP($H239,'COTACAO - PEÇAS E MATERIAIS'!B:L,10,0),\"\"))))","v":28260},28260,"COTAÇÃO",198,null,"2"]
["3.1.1.233",{"$f":"IF($G240=\"ORSE\",VLOOKUP($H240,ORSE_INSUM!A:E,2,0),IF($G240=\"SINAPI\",VLOOKUP($H240,SINAPI_INSUM!A:E,2,0),IF($G240=\"SEINFRA\",VLOOKUP($H240,SEINFRA_INSUM!B:F,2,0),IF($G240=\"COTAÇÃO\",VLOOKUP($H240,'COTACAO - PEÇAS E MATERIAIS'!B:L,2,0),\"\"))))","v":"Módulo Interface para Soft Starter DANFOSS, LCP501; C/N: 175G0096"},1,"pç",{"$f":"IF($G240=\"ORSE\",VLOOKUP($H240,ORSE_INSUM!A:E,4,0),IF($G240=\"SINAPI\",VLOOKUP($H240,SINAPI_INSUM!A:E,5,0),IF($G240=\"SEINFRA\",VLOOKUP($H240,SEINFRA_INSUM!B:F,4,0),IF($G240=\"COTAÇÃO\",VLOOKUP($H240,'COTACAO - PEÇAS E MATERIAIS'!B:L,10,0),\"\"))))","v":250},250,"COTAÇÃO",319,null,"3"]
["3.1.1.234",{"$f":"IF($G241=\"ORSE\",VLOOKUP($H241,ORSE_INSUM!A:E,2,0),IF($G241=\"SINAPI\",VLOOKUP($H241,SINAPI_INSUM!A:E,2,0),IF($G241=\"SEINFRA\",VLOOKUP($H241,SEINFRA_INSUM!B:F,2,0),IF($G241=\"COTAÇÃO\",VLOOKUP($H241,'COTACAO - PEÇAS E MATERIAIS'!B:L,2,0),\"\"))))","v":"Motor bomba trifásico de 2CV / 380V/1780rpm –  (Bomba de drenagem)"},{"$f":"ROUND(J241/2,0)","v":1},"Ud",{"$f":"IF($G241=\"ORSE\",VLOOKUP($H241,ORSE_INSUM!A:E,4,0),IF($G241=\"SINAPI\",VLOOKUP($H241,SINAPI_INSUM!A:E,5,0),IF($G241=\"SEINFRA\",VLOOKUP($H241,SEINFRA_INSUM!B:F,4,0),IF($G241=\"COTAÇÃO\",VLOOKUP($H241,'COTACAO - PEÇAS E MATERIAIS'!B:L,10,0),\"\"))))","v":2871.52},2871.52,"COTAÇÃO",199,null,1]
["3.1.1.235",{"$f":"IF($G242=\"ORSE\",VLOOKUP($H242,ORSE_INSUM!A:E,2,0),IF($G242=\"SINAPI\",VLOOKUP($H242,SINAPI_INSUM!A:E,2,0),IF($G242=\"SEINFRA\",VLOOKUP($H242,SEINFRA_INSUM!B:F,2,0),IF($G242=\"COTAÇÃO\",VLOOKUP($H242,'COTACAO - PEÇAS E MATERIAIS'!B:L,2,0),\"\"))))","v":"MUFLA TERMINAL PRIMARIA UNIPOLAR USO INTERNO PARA CABO 35/120MM2 ISOLACAO 15/25KV EM EPR - BORRACHA DE SILICONE"},1,"Pç",{"$f":"IF($G242=\"ORSE\",VLOOKUP($H242,ORSE_INSUM!A:E,4,0),IF($G242=\"SINAPI\",VLOOKUP($H242,SINAPI_INSUM!A:E,5,0),IF($G242=\"SEINFRA\",VLOOKUP($H242,SEINFRA_INSUM!B:F,4,0),IF($G242=\"COTAÇÃO\",VLOOKUP($H242,'COTACAO - PEÇAS E MATERIAIS'!B:L,10,0),\"\"))))","v":"216,49"},216.49,"SINAPI",4168,null,"4"]
["3.1.1.236",{"$f":"IF($G243=\"ORSE\",VLOOKUP($H243,ORSE_INSUM!A:E,2,0),IF($G243=\"SINAPI\",VLOOKUP($H243,SINAPI_INSUM!A:E,2,0),IF($G243=\"SEINFRA\",VLOOKUP($H243,SEINFRA_INSUM!B:F,2,0),IF($G243=\"COTAÇÃO\",VLOOKUP($H243,'COTACAO - PEÇAS E MATERIAIS'!B:L,2,0),\"\"))))","v":"Multicabo 12 vias, para ligações stereo, santo Angelo, com blindagem em fita de aluminio e fio de cobre, vias numeradas"},29,"m",{"$f":"IF($G243=\"ORSE\",VLOOKUP($H243,ORSE_INSUM!A:E,4,0),IF($G243=\"SINAPI\",VLOOKUP($H243,SINAPI_INSUM!A:E,5,0),IF($G243=\"SEINFRA\",VLOOKUP($H243,SEINFRA_INSUM!B:F,4,0),IF($G243=\"COTAÇÃO\",VLOOKUP($H243,'COTACAO - PEÇAS E MATERIAIS'!B:L,10,0),\"\"))))","v":17.37},503.73,"COTAÇÃO",201,null,"114"]
["3.1.1.237",{"$f":"IF($G244=\"ORSE\",VLOOKUP($H244,ORSE_INSUM!A:E,2,0),IF($G244=\"SINAPI\",VLOOKUP($H244,SINAPI_INSUM!A:E,2,0),IF($G244=\"SEINFRA\",VLOOKUP($H244,SEINFRA_INSUM!B:F,2,0),IF($G244=\"COTAÇÃO\",VLOOKUP($H244,'COTACAO - PEÇAS E MATERIAIS'!B:L,2,0),\"\"))))","v":"NIPLE DE FERRO GALVANIZADO, COM ROSCA BSP, DE 1 1/2\""},2,"Pç",{"$f":"IF($G244=\"ORSE\",VLOOKUP($H244,ORSE_INSUM!A:E,4,0),IF($G244=\"SINAPI\",VLOOKUP($H244,SINAPI_INSUM!A:E,5,0),IF($G244=\"SEINFRA\",VLOOKUP($H244,SEINFRA_INSUM!B:F,4,0),IF($G244=\"COTAÇÃO\",VLOOKUP($H244,'COTACAO - PEÇAS E MATERIAIS'!B:L,10,0),\"\"))))","v":"12,49"},24.98,"SINAPI",4209,null,8]
["3.1.1.238",{"$f":"IF($G245=\"ORSE\",VLOOKUP($H245,ORSE_INSUM!A:E,2,0),IF($G245=\"SINAPI\",VLOOKUP($H245,SINAPI_INSUM!A:E,2,0),IF($G245=\"SEINFRA\",VLOOKUP($H245,SEINFRA_INSUM!B:F,2,0),IF($G245=\"COTAÇÃO\",VLOOKUP($H245,'COTACAO - PEÇAS E MATERIAIS'!B:L,2,0),\"\"))))","v":"NIPLE DE FERRO GALVANIZADO, COM ROSCA BSP, DE 1\""},1,"Pç",{"$f":"IF($G245=\"ORSE\",VLOOKUP($H245,ORSE_INSUM!A:E,4,0),IF($G245=\"SINAPI\",VLOOKUP($H245,SINAPI_INSUM!A:E,5,0),IF($G245=\"SEINFRA\",VLOOKUP($H245,SEINFRA_INSUM!B:F,4,0),IF($G245=\"COTAÇÃO\",VLOOKUP($H245,'COTACAO - PEÇAS E MATERIAIS'!B:L,10,0),\"\"))))","v":"6,38"},6.38,"SINAPI",4179,null,4]
["3.1.1.239",{"$f":"IF($G246=\"ORSE\",VLOOKUP($H246,ORSE_INSUM!A:E,2,0),IF($G246=\"SINAPI\",VLOOKUP($H246,SINAPI_INSUM!A:E,2,0),IF($G246=\"SEINFRA\",VLOOKUP($H246,SEINFRA_INSUM!B:F,2,0),IF($G246=\"COTAÇÃO\",VLOOKUP($H246,'COTACAO - PEÇAS E MATERIAIS'!B:L,2,0),\"\"))))","v":"NIPLE DE FERRO GALVANIZADO, COM ROSCA BSP, DE 2\""},2,"Pç",{"$f":"IF($G246=\"ORSE\",VLOOKUP($H246,ORSE_INSUM!A:E,4,0),IF($G246=\"SINAPI\",VLOOKUP($H246,SINAPI_INSUM!A:E,5,0),IF($G246=\"SEINFRA\",VLOOKUP($H246,SEINFRA_INSUM!B:F,4,0),IF($G246=\"COTAÇÃO\",VLOOKUP($H246,'COTACAO - PEÇAS E MATERIAIS'!B:L,10,0),\"\"))))","v":"19,42"},38.840000000000003,"SINAPI",4181,null,8]
["3.1.1.240",{"$f":"IF($G247=\"ORSE\",VLOOKUP($H247,ORSE_INSUM!A:E,2,0),IF($G247=\"SINAPI\",VLOOKUP($H247,SINAPI_INSUM!A:E,2,0),IF($G247=\"SEINFRA\",VLOOKUP($H247,SEINFRA_INSUM!B:F,2,0),IF($G247=\"COTAÇÃO\",VLOOKUP($H247,'COTACAO - PEÇAS E MATERIAIS'!B:L,2,0),\"\"))))","v":"NIPLE DE FERRO GALVANIZADO, COM ROSCA BSP, DE 3\""},1,"Pç",{"$f":"IF($G247=\"ORSE\",VLOOKUP($H247,ORSE_INSUM!A:E,4,0),IF($G247=\"SINAPI\",VLOOKUP($H247,SINAPI_INSUM!A:E,5,0),IF($G247=\"SEINFRA\",VLOOKUP($H247,SEINFRA_INSUM!B:F,4,0),IF($G247=\"COTAÇÃO\",VLOOKUP($H247,'COTACAO - PEÇAS E MATERIAIS'!B:L,10,0),\"\"))))","v":"48,37"},48.37,"SINAPI",4182,null,"4"]
["3.1.1.241",{"$f":"IF($G248=\"ORSE\",VLOOKUP($H248,ORSE_INSUM!A:E,2,0),IF($G248=\"SINAPI\",VLOOKUP($H248,SINAPI_INSUM!A:E,2,0),IF($G248=\"SEINFRA\",VLOOKUP($H248,SEINFRA_INSUM!B:F,2,0),IF($G248=\"COTAÇÃO\",VLOOKUP($H248,'COTACAO - PEÇAS E MATERIAIS'!B:L,2,0),\"\"))))","v":"NIPLE DE FERRO GALVANIZADO, COM ROSCA BSP, DE 4\""},2,"Pç",{"$f":"IF($G248=\"ORSE\",VLOOKUP($H248,ORSE_INSUM!A:E,4,0),IF($G248=\"SINAPI\",VLOOKUP($H248,SINAPI_INSUM!A:E,5,0),IF($G248=\"SEINFRA\",VLOOKUP($H248,SEINFRA_INSUM!B:F,4,0),IF($G248=\"COTAÇÃO\",VLOOKUP($H248,'COTACAO - PEÇAS E MATERIAIS'!B:L,10,0),\"\"))))","v":"77,87"},155.74,"SINAPI",4183,null,8]
["3.1.1.242",{"$f":"IF($G249=\"ORSE\",VLOOKUP($H249,ORSE_INSUM!A:E,2,0),IF($G249=\"SINAPI\",VLOOKUP($H249,SINAPI_INSUM!A:E,2,0),IF($G249=\"SEINFRA\",VLOOKUP($H249,SEINFRA_INSUM!B:F,2,0),IF($G249=\"COTAÇÃO\",VLOOKUP($H249,'COTACAO - PEÇAS E MATERIAIS'!B:L,2,0),\"\"))))","v":"NO BREAK 1.200VA - BIVOLT COM AUTONOMIA PARA SUPRIMENTO DE 30 MINUTOS, DA MIC ROSOL OU SIMILAR"},{"$f":"ROUND(J249/2,0)","v":1},"Ud",{"$f":"IF($G249=\"ORSE\",VLOOKUP($H249,ORSE_INSUM!A:E,4,0),IF($G249=\"SINAPI\",VLOOKUP($H249,SINAPI_INSUM!A:E,5,0),IF($G249=\"SEINFRA\",VLOOKUP($H249,SEINFRA_INSUM!B:F,4,0),IF($G249=\"COTAÇÃO\",VLOOKUP($H249,'COTACAO - PEÇAS E MATERIAIS'!B:L,10,0),\"\"))))","v":350},350,"ORSE",10691,null,1]
["3.1.1.243",{"$f":"IF($G250=\"ORSE\",VLOOKUP($H250,ORSE_INSUM!A:E,2,0),IF($G250=\"SINAPI\",VLOOKUP($H250,SINAPI_INSUM!A:E,2,0),IF($G250=\"SEINFRA\",VLOOKUP($H250,SEINFRA_INSUM!B:F,2,0),IF($G250=\"COTAÇÃO\",VLOOKUP($H250,'COTACAO - PEÇAS E MATERIAIS'!B:L,2,0),\"\"))))","v":"Óleo isolante para transformadores, base parafinica tipo B"},375,"Ud",{"$f":"IF($G250=\"ORSE\",VLOOKUP($H250,ORSE_INSUM!A:E,4,0),IF($G250=\"SINAPI\",VLOOKUP($H250,SINAPI_INSUM!A:E,5,0),IF($G250=\"SEINFRA\",VLOOKUP($H250,SEINFRA_INSUM!B:F,4,0),IF($G250=\"COTAÇÃO\",VLOOKUP($H250,'COTACAO - PEÇAS E MATERIAIS'!B:L,10,0),\"\"))))","v":59.51},22316.25,"COTAÇÃO",203,null,1500]
["3.1.1.244",{"$f":"IF($G251=\"ORSE\",VLOOKUP($H251,ORSE_INSUM!A:E,2,0),IF($G251=\"SINAPI\",VLOOKUP($H251,SINAPI_INSUM!A:E,2,0),IF($G251=\"SEINFRA\",VLOOKUP($H251,SEINFRA_INSUM!B:F,2,0),IF($G251=\"COTAÇÃO\",VLOOKUP($H251,'COTACAO - PEÇAS E MATERIAIS'!B:L,2,0),\"\"))))","v":"Organizador de cabo espiral 1/4\""},8,"M",{"$f":"IF($G251=\"ORSE\",VLOOKUP($H251,ORSE_INSUM!A:E,4,0),IF($G251=\"SINAPI\",VLOOKUP($H251,SINAPI_INSUM!A:E,5,0),IF($G251=\"SEINFRA\",VLOOKUP($H251,SEINFRA_INSUM!B:F,4,0),IF($G251=\"COTAÇÃO\",VLOOKUP($H251,'COTACAO - PEÇAS E MATERIAIS'!B:L,10,0),\"\"))))","v":3.2},25.6,"COTAÇÃO",204,null,"30"]
["3.1.1.245",{"$f":"IF($G252=\"ORSE\",VLOOKUP($H252,ORSE_INSUM!A:E,2,0),IF($G252=\"SINAPI\",VLOOKUP($H252,SINAPI_INSUM!A:E,2,0),IF($G252=\"SEINFRA\",VLOOKUP($H252,SEINFRA_INSUM!B:F,2,0),IF($G252=\"COTAÇÃO\",VLOOKUP($H252,'COTACAO - PEÇAS E MATERIAIS'!B:L,2,0),\"\"))))","v":"ANUNCIADOR DE ALARME E TESTE CENTRAL DE ACORDO COM A NBR13534, COM MEMORIZAÇÃ O DE DATA E HORA DOS EVENTOS. POSSIBILIDADE DE EDIÇÃO DOS TEXTOS DE ALARME CO M REGIS. DO LOCAL DE ALARME. CONEXÃO USB PARA DOWNLOAD DE REGIST DOS ALARMES  - P/ OBRA DO HUSE"},{"$f":"ROUND(J252/2,0)","v":1},"pç",{"$f":"IF($G252=\"ORSE\",VLOOKUP($H252,ORSE_INSUM!A:E,4,0),IF($G252=\"SINAPI\",VLOOKUP($H252,SINAPI_INSUM!A:E,5,0),IF($G252=\"SEINFRA\",VLOOKUP($H252,SEINFRA_INSUM!B:F,4,0),IF($G252=\"COTAÇÃO\",VLOOKUP($H252,'COTACAO - PEÇAS E MATERIAIS'!B:L,10,0),\"\"))))","v":2433.16},2433.16,"ORSE",10350,null,"1"]
["3.1.1.246",{"$f":"IF($G253=\"ORSE\",VLOOKUP($H253,ORSE_INSUM!A:E,2,0),IF($G253=\"SINAPI\",VLOOKUP($H253,SINAPI_INSUM!A:E,2,0),IF($G253=\"SEINFRA\",VLOOKUP($H253,SEINFRA_INSUM!B:F,2,0),IF($G253=\"COTAÇÃO\",VLOOKUP($H253,'COTACAO - PEÇAS E MATERIAIS'!B:L,2,0),\"\"))))","v":"Para-ráios de 12KV, 5KA, tipo distribuição, com neutro aterrado"},{"$f":"ROUND(J253/2,0)","v":1},"Ud",{"$f":"IF($G253=\"ORSE\",VLOOKUP($H253,ORSE_INSUM!A:E,4,0),IF($G253=\"SINAPI\",VLOOKUP($H253,SINAPI_INSUM!A:E,5,0),IF($G253=\"SEINFRA\",VLOOKUP($H253,SEINFRA_INSUM!B:F,4,0),IF($G253=\"COTAÇÃO\",VLOOKUP($H253,'COTACAO - PEÇAS E MATERIAIS'!B:L,10,0),\"\"))))","v":129.99},129.99,"COTAÇÃO",209,null,1]
["3.1.1.247",{"$f":"IF($G254=\"ORSE\",VLOOKUP($H254,ORSE_INSUM!A:E,2,0),IF($G254=\"SINAPI\",VLOOKUP($H254,SINAPI_INSUM!A:E,2,0),IF($G254=\"SEINFRA\",VLOOKUP($H254,SEINFRA_INSUM!B:F,2,0),IF($G254=\"COTAÇÃO\",VLOOKUP($H254,'COTACAO - PEÇAS E MATERIAIS'!B:L,2,0),\"\"))))","v":"PARA-RAIOS DE DISTRIBUICAO, TENSAO NOMINAL 15 KV, CORRENTE NOMINAL DE DESCARGA 5 KA"},2,"un",{"$f":"IF($G254=\"ORSE\",VLOOKUP($H254,ORSE_INSUM!A:E,4,0),IF($G254=\"SINAPI\",VLOOKUP($H254,SINAPI_INSUM!A:E,5,0),IF($G254=\"SEINFRA\",VLOOKUP($H254,SEINFRA_INSUM!B:F,4,0),IF($G254=\"COTAÇÃO\",VLOOKUP($H254,'COTACAO - PEÇAS E MATERIAIS'!B:L,10,0),\"\"))))","v":"217,08"},434.16,"SINAPI",4276,null,"9"]
["3.1.1.248",{"$f":"IF($G255=\"ORSE\",VLOOKUP($H255,ORSE_INSUM!A:E,2,0),IF($G255=\"SINAPI\",VLOOKUP($H255,SINAPI_INSUM!A:E,2,0),IF($G255=\"SEINFRA\",VLOOKUP($H255,SEINFRA_INSUM!B:F,2,0),IF($G255=\"COTAÇÃO\",VLOOKUP($H255,'COTACAO - PEÇAS E MATERIAIS'!B:L,2,0),\"\"))))","v":"PARAFUSO CABEÇA LENTILHA 3/8\" X 3/4\" (REF. VL 1.68 VALEMAM OU SIMILAR)"},50,"Ud",{"$f":"IF($G255=\"ORSE\",VLOOKUP($H255,ORSE_INSUM!A:E,4,0),IF($G255=\"SINAPI\",VLOOKUP($H255,SINAPI_INSUM!A:E,5,0),IF($G255=\"SEINFRA\",VLOOKUP($H255,SEINFRA_INSUM!B:F,4,0),IF($G255=\"COTAÇÃO\",VLOOKUP($H255,'COTACAO - PEÇAS E MATERIAIS'!B:L,10,0),\"\"))))","v":0.1},5,"ORSE",1676,null,200]
["3.1.1.249",{"$f":"IF($G256=\"ORSE\",VLOOKUP($H256,ORSE_INSUM!A:E,2,0),IF($G256=\"SINAPI\",VLOOKUP($H256,SINAPI_INSUM!A:E,2,0),IF($G256=\"SEINFRA\",VLOOKUP($H256,SEINFRA_INSUM!B:F,2,0),IF($G256=\"COTAÇÃO\",VLOOKUP($H256,'COTACAO - PEÇAS E MATERIAIS'!B:L,2,0),\"\"))))","v":"PARAFUSO DE METAL 2 \" X 12 (SEXTAVADO)"},13,"Ud",{"$f":"IF($G256=\"ORSE\",VLOOKUP($H256,ORSE_INSUM!A:E,4,0),IF($G256=\"SINAPI\",VLOOKUP($H256,SINAPI_INSUM!A:E,5,0),IF($G256=\"SEINFRA\",VLOOKUP($H256,SEINFRA_INSUM!B:F,4,0),IF($G256=\"COTAÇÃO\",VLOOKUP($H256,'COTACAO - PEÇAS E MATERIAIS'!B:L,10,0),\"\"))))","v":2.68},34.840000000000003,"ORSE",1690,null,50]
["3.1.1.250",{"$f":"IF($G257=\"ORSE\",VLOOKUP($H257,ORSE_INSUM!A:E,2,0),IF($G257=\"SINAPI\",VLOOKUP($H257,SINAPI_INSUM!A:E,2,0),IF($G257=\"SEINFRA\",VLOOKUP($H257,SEINFRA_INSUM!B:F,2,0),IF($G257=\"COTAÇÃO\",VLOOKUP($H257,'COTACAO - PEÇAS E MATERIAIS'!B:L,2,0),\"\"))))","v":"Pilha alcalina, 1,5 Volts, tamanho: AA - Embalagem com 4 unidades"},3,"Ud",{"$f":"IF($G257=\"ORSE\",VLOOKUP($H257,ORSE_INSUM!A:E,4,0),IF($G257=\"SINAPI\",VLOOKUP($H257,SINAPI_INSUM!A:E,5,0),IF($G257=\"SEINFRA\",VLOOKUP($H257,SEINFRA_INSUM!B:F,4,0),IF($G257=\"COTAÇÃO\",VLOOKUP($H257,'COTACAO - PEÇAS E MATERIAIS'!B:L,10,0),\"\"))))","v":12.49},37.47,"COTAÇÃO",210,null,"12"]
["3.1.1.251",{"$f":"IF($G258=\"ORSE\",VLOOKUP($H258,ORSE_INSUM!A:E,2,0),IF($G258=\"SINAPI\",VLOOKUP($H258,SINAPI_INSUM!A:E,2,0),IF($G258=\"SEINFRA\",VLOOKUP($H258,SEINFRA_INSUM!B:F,2,0),IF($G258=\"COTAÇÃO\",VLOOKUP($H258,'COTACAO - PEÇAS E MATERIAIS'!B:L,2,0),\"\"))))","v":"Pilha alcalina, 1,5 Volts, tamanho: AAA - Embalagem com 4 unidades"},3,"Ud",{"$f":"IF($G258=\"ORSE\",VLOOKUP($H258,ORSE_INSUM!A:E,4,0),IF($G258=\"SINAPI\",VLOOKUP($H258,SINAPI_INSUM!A:E,5,0),IF($G258=\"SEINFRA\",VLOOKUP($H258,SEINFRA_INSUM!B:F,4,0),IF($G258=\"COTAÇÃO\",VLOOKUP($H258,'COTACAO - PEÇAS E MATERIAIS'!B:L,10,0),\"\"))))","v":16.899999999999999},50.7,"COTAÇÃO",211,null,"12"]
["3.1.1.252",{"$f":"IF($G259=\"ORSE\",VLOOKUP($H259,ORSE_INSUM!A:E,2,0),IF($G259=\"SINAPI\",VLOOKUP($H259,SINAPI_INSUM!A:E,2,0),IF($G259=\"SEINFRA\",VLOOKUP($H259,SEINFRA_INSUM!B:F,2,0),IF($G259=\"COTAÇÃO\",VLOOKUP($H259,'COTACAO - PEÇAS E MATERIAIS'!B:L,2,0),\"\"))))","v":"PLAFON PLASTICO BRANCO COM SOQUETE E-27"},8,"un",{"$f":"IF($G259=\"ORSE\",VLOOKUP($H259,ORSE_INSUM!A:E,4,0),IF($G259=\"SINAPI\",VLOOKUP($H259,SINAPI_INSUM!A:E,5,0),IF($G259=\"SEINFRA\",VLOOKUP($H259,SEINFRA_INSUM!B:F,4,0),IF($G259=\"COTAÇÃO\",VLOOKUP($H259,'COTACAO - PEÇAS E MATERIAIS'!B:L,10,0),\"\"))))","v":4},32,"ORSE",8518,null,30]
["3.1.1.253",{"$f":"IF($G260=\"ORSE\",VLOOKUP($H260,ORSE_INSUM!A:E,2,0),IF($G260=\"SINAPI\",VLOOKUP($H260,SINAPI_INSUM!A:E,2,0),IF($G260=\"SEINFRA\",VLOOKUP($H260,SEINFRA_INSUM!B:F,2,0),IF($G260=\"COTAÇÃO\",VLOOKUP($H260,'COTACAO - PEÇAS E MATERIAIS'!B:L,2,0),\"\"))))","v":"POSTE DE CONCRETO DUPLO T, 200 KG, H = 8 M (NBR 8451)"},2,"un",{"$f":"IF($G260=\"ORSE\",VLOOKUP($H260,ORSE_INSUM!A:E,4,0),IF($G260=\"SINAPI\",VLOOKUP($H260,SINAPI_INSUM!A:E,5,0),IF($G260=\"SEINFRA\",VLOOKUP($H260,SEINFRA_INSUM!B:F,4,0),IF($G260=\"COTAÇÃO\",VLOOKUP($H260,'COTACAO - PEÇAS E MATERIAIS'!B:L,10,0),\"\"))))","v":"346,67"},693.34,"SINAPI",13335,null,"6"]
["3.1.1.254",{"$f":"IF($G261=\"ORSE\",VLOOKUP($H261,ORSE_INSUM!A:E,2,0),IF($G261=\"SINAPI\",VLOOKUP($H261,SINAPI_INSUM!A:E,2,0),IF($G261=\"SEINFRA\",VLOOKUP($H261,SEINFRA_INSUM!B:F,2,0),IF($G261=\"COTAÇÃO\",VLOOKUP($H261,'COTACAO - PEÇAS E MATERIAIS'!B:L,2,0),\"\"))))","v":"POSTE DE CONCRETO DUPLO T, TIPO B, 300 KG, H = 10 M (NBR 8451)"},1,"Pç",{"$f":"IF($G261=\"ORSE\",VLOOKUP($H261,ORSE_INSUM!A:E,4,0),IF($G261=\"SINAPI\",VLOOKUP($H261,SINAPI_INSUM!A:E,5,0),IF($G261=\"SEINFRA\",VLOOKUP($H261,SEINFRA_INSUM!B:F,4,0),IF($G261=\"COTAÇÃO\",VLOOKUP($H261,'COTACAO - PEÇAS E MATERIAIS'!B:L,10,0),\"\"))))","v":"645,66"},645.66,"SINAPI",5057,null,"2"]
["3.1.1.255",{"$f":"IF($G262=\"ORSE\",VLOOKUP($H262,ORSE_INSUM!A:E,2,0),IF($G262=\"SINAPI\",VLOOKUP($H262,SINAPI_INSUM!A:E,2,0),IF($G262=\"SEINFRA\",VLOOKUP($H262,SEINFRA_INSUM!B:F,2,0),IF($G262=\"COTAÇÃO\",VLOOKUP($H262,'COTACAO - PEÇAS E MATERIAIS'!B:L,2,0),\"\"))))","v":"Programador horário digital 220Vac, 1na 1nf."},1,"Ud",{"$f":"IF($G262=\"ORSE\",VLOOKUP($H262,ORSE_INSUM!A:E,4,0),IF($G262=\"SINAPI\",VLOOKUP($H262,SINAPI_INSUM!A:E,5,0),IF($G262=\"SEINFRA\",VLOOKUP($H262,SEINFRA_INSUM!B:F,4,0),IF($G262=\"COTAÇÃO\",VLOOKUP($H262,'COTACAO - PEÇAS E MATERIAIS'!B:L,10,0),\"\"))))","v":114},114,"COTAÇÃO",213,null,"4"]
["3.1.1.256",{"$f":"IF($G263=\"ORSE\",VLOOKUP($H263,ORSE_INSUM!A:E,2,0),IF($G263=\"SINAPI\",VLOOKUP($H263,SINAPI_INSUM!A:E,2,0),IF($G263=\"SEINFRA\",VLOOKUP($H263,SEINFRA_INSUM!B:F,2,0),IF($G263=\"COTAÇÃO\",VLOOKUP($H263,'COTACAO - PEÇAS E MATERIAIS'!B:L,2,0),\"\"))))","v":"Protetor de surto 275V-40KA"},1,"Pç",{"$f":"IF($G263=\"ORSE\",VLOOKUP($H263,ORSE_INSUM!A:E,4,0),IF($G263=\"SINAPI\",VLOOKUP($H263,SINAPI_INSUM!A:E,5,0),IF($G263=\"SEINFRA\",VLOOKUP($H263,SEINFRA_INSUM!B:F,4,0),IF($G263=\"COTAÇÃO\",VLOOKUP($H263,'COTACAO - PEÇAS E MATERIAIS'!B:L,10,0),\"\"))))","v":87.02},87.02,"COTAÇÃO",214,null,2]
["3.1.1.257",{"$f":"IF($G264=\"ORSE\",VLOOKUP($H264,ORSE_INSUM!A:E,2,0),IF($G264=\"SINAPI\",VLOOKUP($H264,SINAPI_INSUM!A:E,2,0),IF($G264=\"SEINFRA\",VLOOKUP($H264,SEINFRA_INSUM!B:F,2,0),IF($G264=\"COTAÇÃO\",VLOOKUP($H264,'COTACAO - PEÇAS E MATERIAIS'!B:L,2,0),\"\"))))","v":"Quadro de força, para sobrepor (montagem aparente), caixa em chapa de aço nº 18, com flanges superior e inferior desmontáveis, para eletrodutos, em chapa de aço nº 14. Chassi interno, contra-espelho e porta externa em chapa de aço nº 16, fornecido com fechadura tipo ”Yale”, fornecido completo,com barramento de cobre para 200 A, um disjuntor termomagnético monopolar de 15A x 220V, dois disjuntores termomagnéticos tripolares de 20A x 220V, um disjuntor termomagnético tripolar de 25A x 220V,dois disjuntores termomagdisjuntor termomagnético tripolar de 25A x 220V,dois disjuntores termomagnéticos monopolares de 20A x 220V e quatro disjuntores termomagnéticos tripolares de 50A x 220V tipo W e WM. Capacidade de curto: 10 kA"},{"$f":"ROUND(J264/2,0)","v":1},"Ud",{"$f":"IF($G264=\"ORSE\",VLOOKUP($H264,ORSE_INSUM!A:E,4,0),IF($G264=\"SINAPI\",VLOOKUP($H264,SINAPI_INSUM!A:E,5,0),IF($G264=\"SEINFRA\",VLOOKUP($H264,SEINFRA_INSUM!B:F,4,0),IF($G264=\"COTAÇÃO\",VLOOKUP($H264,'COTACAO - PEÇAS E MATERIAIS'!B:L,10,0),\"\"))))","v":862.8},862.8,"COTAÇÃO",215,null,1]
["3.1.1.258",{"$f":"IF($G265=\"ORSE\",VLOOKUP($H265,ORSE_INSUM!A:E,2,0),IF($G265=\"SINAPI\",VLOOKUP($H265,SINAPI_INSUM!A:E,2,0),IF($G265=\"SEINFRA\",VLOOKUP($H265,SEINFRA_INSUM!B:F,2,0),IF($G265=\"COTAÇÃO\",VLOOKUP($H265,'COTACAO - PEÇAS E MATERIAIS'!B:L,2,0),\"\"))))","v":"Quadro de medidor monofásico padrão CELPE para Cliente Baixa tensão - PDE"},{"$f":"ROUND(J265/4,0)","v":1},"Ud",{"$f":"IF($G265=\"ORSE\",VLOOKUP($H265,ORSE_INSUM!A:E,4,0),IF($G265=\"SINAPI\",VLOOKUP($H265,SINAPI_INSUM!A:E,5,0),IF($G265=\"SEINFRA\",VLOOKUP($H265,SEINFRA_INSUM!B:F,4,0),IF($G265=\"COTAÇÃO\",VLOOKUP($H265,'COTACAO - PEÇAS E MATERIAIS'!B:L,10,0),\"\"))))","v":41.21},{"$f":"ROUND(C265*E265,2)","v":41.21},"COTAÇÃO",216,null,"2"]
["3.1.1.259",{"$f":"IF($G266=\"ORSE\",VLOOKUP($H266,ORSE_INSUM!A:E,2,0),IF($G266=\"SINAPI\",VLOOKUP($H266,SINAPI_INSUM!A:E,2,0),IF($G266=\"SEINFRA\",VLOOKUP($H266,SEINFRA_INSUM!B:F,2,0),IF($G266=\"COTAÇÃO\",VLOOKUP($H266,'COTACAO - PEÇAS E MATERIAIS'!B:L,2,0),\"\"))))","v":"Quadro de medidor trafásico padrão CELPE para Cliente Alta tensão - PDE (caixa F5)"},1,"Ud",{"$f":"IF($G266=\"ORSE\",VLOOKUP($H266,ORSE_INSUM!A:E,4,0),IF($G266=\"SINAPI\",VLOOKUP($H266,SINAPI_INSUM!A:E,5,0),IF($G266=\"SEINFRA\",VLOOKUP($H266,SEINFRA_INSUM!B:F,4,0),IF($G266=\"COTAÇÃO\",VLOOKUP($H266,'COTACAO - PEÇAS E MATERIAIS'!B:L,10,0),\"\"))))","v":1340},1340,"COTAÇÃO",217,null,"2"]
["3.1.1.260",{"$f":"IF($G267=\"ORSE\",VLOOKUP($H267,ORSE_INSUM!A:E,2,0),IF($G267=\"SINAPI\",VLOOKUP($H267,SINAPI_INSUM!A:E,2,0),IF($G267=\"SEINFRA\",VLOOKUP($H267,SEINFRA_INSUM!B:F,2,0),IF($G267=\"COTAÇÃO\",VLOOKUP($H267,'COTACAO - PEÇAS E MATERIAIS'!B:L,2,0),\"\"))))","v":"Quadro de medidor trifásico padrão CELPE para Cliente Baixa tensão - PDE"},1,"Ud",{"$f":"IF($G267=\"ORSE\",VLOOKUP($H267,ORSE_INSUM!A:E,4,0),IF($G267=\"SINAPI\",VLOOKUP($H267,SINAPI_INSUM!A:E,5,0),IF($G267=\"SEINFRA\",VLOOKUP($H267,SEINFRA_INSUM!B:F,4,0),IF($G267=\"COTAÇÃO\",VLOOKUP($H267,'COTACAO - PEÇAS E MATERIAIS'!B:L,10,0),\"\"))))","v":109},109,"COTAÇÃO",218,null,"2"]
["3.1.1.261",{"$f":"IF($G268=\"ORSE\",VLOOKUP($H268,ORSE_INSUM!A:E,2,0),IF($G268=\"SINAPI\",VLOOKUP($H268,SINAPI_INSUM!A:E,2,0),IF($G268=\"SEINFRA\",VLOOKUP($H268,SEINFRA_INSUM!B:F,2,0),IF($G268=\"COTAÇÃO\",VLOOKUP($H268,'COTACAO - PEÇAS E MATERIAIS'!B:L,2,0),\"\"))))","v":"REATOR ELETRONICO BIVOLT PARA 2 LAMPADAS FLUORESCENTES DE 36/40 W"},2,"Ud",{"$f":"IF($G268=\"ORSE\",VLOOKUP($H268,ORSE_INSUM!A:E,4,0),IF($G268=\"SINAPI\",VLOOKUP($H268,SINAPI_INSUM!A:E,5,0),IF($G268=\"SEINFRA\",VLOOKUP($H268,SEINFRA_INSUM!B:F,4,0),IF($G268=\"COTAÇÃO\",VLOOKUP($H268,'COTACAO - PEÇAS E MATERIAIS'!B:L,10,0),\"\"))))","v":"18,12"},36.24,"SINAPI",1079,null,"6"]
["3.1.1.262",{"$f":"IF($G269=\"ORSE\",VLOOKUP($H269,ORSE_INSUM!A:E,2,0),IF($G269=\"SINAPI\",VLOOKUP($H269,SINAPI_INSUM!A:E,2,0),IF($G269=\"SEINFRA\",VLOOKUP($H269,SEINFRA_INSUM!B:F,2,0),IF($G269=\"COTAÇÃO\",VLOOKUP($H269,'COTACAO - PEÇAS E MATERIAIS'!B:L,2,0),\"\"))))","v":"Reator para lâmpada vapor de mercúrio, 80W / 220V"},2,"Ud",{"$f":"IF($G269=\"ORSE\",VLOOKUP($H269,ORSE_INSUM!A:E,4,0),IF($G269=\"SINAPI\",VLOOKUP($H269,SINAPI_INSUM!A:E,5,0),IF($G269=\"SEINFRA\",VLOOKUP($H269,SEINFRA_INSUM!B:F,4,0),IF($G269=\"COTAÇÃO\",VLOOKUP($H269,'COTACAO - PEÇAS E MATERIAIS'!B:L,10,0),\"\"))))","v":54.85},109.7,"COTAÇÃO",219,null,"6"]
["3.1.1.263",{"$f":"IF($G270=\"ORSE\",VLOOKUP($H270,ORSE_INSUM!A:E,2,0),IF($G270=\"SINAPI\",VLOOKUP($H270,SINAPI_INSUM!A:E,2,0),IF($G270=\"SEINFRA\",VLOOKUP($H270,SEINFRA_INSUM!B:F,2,0),IF($G270=\"COTAÇÃO\",VLOOKUP($H270,'COTACAO - PEÇAS E MATERIAIS'!B:L,2,0),\"\"))))","v":"Refletor Led, 100w, 220VAC, IP66 ou superior"},3,"Ud",{"$f":"IF($G270=\"ORSE\",VLOOKUP($H270,ORSE_INSUM!A:E,4,0),IF($G270=\"SINAPI\",VLOOKUP($H270,SINAPI_INSUM!A:E,5,0),IF($G270=\"SEINFRA\",VLOOKUP($H270,SEINFRA_INSUM!B:F,4,0),IF($G270=\"COTAÇÃO\",VLOOKUP($H270,'COTACAO - PEÇAS E MATERIAIS'!B:L,10,0),\"\"))))","v":69},207,"COTAÇÃO",221,null,"10"]
["3.1.1.264",{"$f":"IF($G271=\"ORSE\",VLOOKUP($H271,ORSE_INSUM!A:E,2,0),IF($G271=\"SINAPI\",VLOOKUP($H271,SINAPI_INSUM!A:E,2,0),IF($G271=\"SEINFRA\",VLOOKUP($H271,SEINFRA_INSUM!B:F,2,0),IF($G271=\"COTAÇÃO\",VLOOKUP($H271,'COTACAO - PEÇAS E MATERIAIS'!B:L,2,0),\"\"))))","v":"Refletor Led, 150w, 220VAC, IP66 ou superior"},3,"Ud",{"$f":"IF($G271=\"ORSE\",VLOOKUP($H271,ORSE_INSUM!A:E,4,0),IF($G271=\"SINAPI\",VLOOKUP($H271,SINAPI_INSUM!A:E,5,0),IF($G271=\"SEINFRA\",VLOOKUP($H271,SEINFRA_INSUM!B:F,4,0),IF($G271=\"COTAÇÃO\",VLOOKUP($H271,'COTACAO - PEÇAS E MATERIAIS'!B:L,10,0),\"\"))))","v":143},429,"COTAÇÃO",222,null,"10"]
["3.1.1.265",{"$f":"IF($G272=\"ORSE\",VLOOKUP($H272,ORSE_INSUM!A:E,2,0),IF($G272=\"SINAPI\",VLOOKUP($H272,SINAPI_INSUM!A:E,2,0),IF($G272=\"SEINFRA\",VLOOKUP($H272,SEINFRA_INSUM!B:F,2,0),IF($G272=\"COTAÇÃO\",VLOOKUP($H272,'COTACAO - PEÇAS E MATERIAIS'!B:L,2,0),\"\"))))","v":"Refletor Led, 50w, 220VAC, IP66 ou superior"},2,"Ud",{"$f":"IF($G272=\"ORSE\",VLOOKUP($H272,ORSE_INSUM!A:E,4,0),IF($G272=\"SINAPI\",VLOOKUP($H272,SINAPI_INSUM!A:E,5,0),IF($G272=\"SEINFRA\",VLOOKUP($H272,SEINFRA_INSUM!B:F,4,0),IF($G272=\"COTAÇÃO\",VLOOKUP($H272,'COTACAO - PEÇAS E MATERIAIS'!B:L,10,0),\"\"))))","v":44.99},89.98,"COTAÇÃO",223,null,6]
["3.1.1.266",{"$f":"IF($G273=\"ORSE\",VLOOKUP($H273,ORSE_INSUM!A:E,2,0),IF($G273=\"SINAPI\",VLOOKUP($H273,SINAPI_INSUM!A:E,2,0),IF($G273=\"SEINFRA\",VLOOKUP($H273,SEINFRA_INSUM!B:F,2,0),IF($G273=\"COTAÇÃO\",VLOOKUP($H273,'COTACAO - PEÇAS E MATERIAIS'!B:L,2,0),\"\"))))","v":"Relé de bloqueio: B21X-AC7, 972_EC, função: (86); VN: 660V;IN: 24A, Bobina: 110/125Vcc, Rearme manual. Montagem: Fixação frontal, contatos. auxil: 5NA+5NF."},1,"un",{"$f":"IF($G273=\"ORSE\",VLOOKUP($H273,ORSE_INSUM!A:E,4,0),IF($G273=\"SINAPI\",VLOOKUP($H273,SINAPI_INSUM!A:E,5,0),IF($G273=\"SEINFRA\",VLOOKUP($H273,SEINFRA_INSUM!B:F,4,0),IF($G273=\"COTAÇÃO\",VLOOKUP($H273,'COTACAO - PEÇAS E MATERIAIS'!B:L,10,0),\"\"))))","v":1930.2},1930.2,"COTAÇÃO",224,null,"2"]
["3.1.1.267",{"$f":"IF($G274=\"ORSE\",VLOOKUP($H274,ORSE_INSUM!A:E,2,0),IF($G274=\"SINAPI\",VLOOKUP($H274,SINAPI_INSUM!A:E,2,0),IF($G274=\"SEINFRA\",VLOOKUP($H274,SEINFRA_INSUM!B:F,2,0),IF($G274=\"COTAÇÃO\",VLOOKUP($H274,'COTACAO - PEÇAS E MATERIAIS'!B:L,2,0),\"\"))))","v":"Rele de proteção termica, Fab.: PEXTRON, Modelo: PCPU 8; Funções: F23/F26/F38/F49, Alim.: 20-270Vca/Vcc"},1,"un",{"$f":"IF($G274=\"ORSE\",VLOOKUP($H274,ORSE_INSUM!A:E,4,0),IF($G274=\"SINAPI\",VLOOKUP($H274,SINAPI_INSUM!A:E,5,0),IF($G274=\"SEINFRA\",VLOOKUP($H274,SEINFRA_INSUM!B:F,4,0),IF($G274=\"COTAÇÃO\",VLOOKUP($H274,'COTACAO - PEÇAS E MATERIAIS'!B:L,10,0),\"\"))))","v":900},900,"COTAÇÃO",226,null,"4"]
["3.1.1.268",{"$f":"IF($G275=\"ORSE\",VLOOKUP($H275,ORSE_INSUM!A:E,2,0),IF($G275=\"SINAPI\",VLOOKUP($H275,SINAPI_INSUM!A:E,2,0),IF($G275=\"SEINFRA\",VLOOKUP($H275,SEINFRA_INSUM!B:F,2,0),IF($G275=\"COTAÇÃO\",VLOOKUP($H275,'COTACAO - PEÇAS E MATERIAIS'!B:L,2,0),\"\"))))","v":"RELÉ DE PROTEÇÃO DE REDE -50/51-SOBRECORRENTE INSTANTÂNEA E TEMPORIZADA, 50C/ 50-NSOBRECORRENTE INSTANTÂNEA E TEMPORIZADA DE NEUTRO,27-SUBTENSÃO,59-SOBRETE NSÃO,32-DIRECIONAL DE POTENCIA,67-SOBRECORRENTE DIRECIONAL,59N-SOBRETENSÃO DE NEUTRO,81U/81O"},1,"un",{"$f":"IF($G275=\"ORSE\",VLOOKUP($H275,ORSE_INSUM!A:E,4,0),IF($G275=\"SINAPI\",VLOOKUP($H275,SINAPI_INSUM!A:E,5,0),IF($G275=\"SEINFRA\",VLOOKUP($H275,SEINFRA_INSUM!B:F,4,0),IF($G275=\"COTAÇÃO\",VLOOKUP($H275,'COTACAO - PEÇAS E MATERIAIS'!B:L,10,0),\"\"))))","v":21387.34},21387.34,"ORSE",8555,null,"2"]
["3.1.1.269",{"$f":"IF($G276=\"ORSE\",VLOOKUP($H276,ORSE_INSUM!A:E,2,0),IF($G276=\"SINAPI\",VLOOKUP($H276,SINAPI_INSUM!A:E,2,0),IF($G276=\"SEINFRA\",VLOOKUP($H276,SEINFRA_INSUM!B:F,2,0),IF($G276=\"COTAÇÃO\",VLOOKUP($H276,'COTACAO - PEÇAS E MATERIAIS'!B:L,2,0),\"\"))))","v":"Relé de tempo: RZE4.51; faixa de ajuste: 0,3.....3 segundos; 0,3…. 30salimentação: 125Vcc (+/- 10-20%) retardado na energização; 2 contatos reversiveis 10A."},3,"un",{"$f":"IF($G276=\"ORSE\",VLOOKUP($H276,ORSE_INSUM!A:E,4,0),IF($G276=\"SINAPI\",VLOOKUP($H276,SINAPI_INSUM!A:E,5,0),IF($G276=\"SEINFRA\",VLOOKUP($H276,SEINFRA_INSUM!B:F,4,0),IF($G276=\"COTAÇÃO\",VLOOKUP($H276,'COTACAO - PEÇAS E MATERIAIS'!B:L,10,0),\"\"))))","v":136.53},409.59,"COTAÇÃO",229,null,"10"]
["3.1.1.270",{"$f":"IF($G277=\"ORSE\",VLOOKUP($H277,ORSE_INSUM!A:E,2,0),IF($G277=\"SINAPI\",VLOOKUP($H277,SINAPI_INSUM!A:E,2,0),IF($G277=\"SEINFRA\",VLOOKUP($H277,SEINFRA_INSUM!B:F,2,0),IF($G277=\"COTAÇÃO\",VLOOKUP($H277,'COTACAO - PEÇAS E MATERIAIS'!B:L,2,0),\"\"))))","v":"RELÉ DIGITAL MULTIFUNÇÃO, TRIFÁSICO, 115V, TENSÃO AUXILIAR 120Vcc"},{"$f":"ROUND(J277/2,0)","v":1},"un",{"$f":"IF($G277=\"ORSE\",VLOOKUP($H277,ORSE_INSUM!A:E,4,0),IF($G277=\"SINAPI\",VLOOKUP($H277,SINAPI_INSUM!A:E,5,0),IF($G277=\"SEINFRA\",VLOOKUP($H277,SEINFRA_INSUM!B:F,4,0),IF($G277=\"COTAÇÃO\",VLOOKUP($H277,'COTACAO - PEÇAS E MATERIAIS'!B:L,10,0),\"\"))))","v":11667.88},11667.88,"SEINFRA","I7427",null,"1"]
["3.1.1.271",{"$f":"IF($G278=\"ORSE\",VLOOKUP($H278,ORSE_INSUM!A:E,2,0),IF($G278=\"SINAPI\",VLOOKUP($H278,SINAPI_INSUM!A:E,2,0),IF($G278=\"SEINFRA\",VLOOKUP($H278,SEINFRA_INSUM!B:F,2,0),IF($G278=\"COTAÇÃO\",VLOOKUP($H278,'COTACAO - PEÇAS E MATERIAIS'!B:L,2,0),\"\"))))","v":"Relé fotoelétrico 220VAC 1000W"},3,"Ud",{"$f":"IF($G278=\"ORSE\",VLOOKUP($H278,ORSE_INSUM!A:E,4,0),IF($G278=\"SINAPI\",VLOOKUP($H278,SINAPI_INSUM!A:E,5,0),IF($G278=\"SEINFRA\",VLOOKUP($H278,SEINFRA_INSUM!B:F,4,0),IF($G278=\"COTAÇÃO\",VLOOKUP($H278,'COTACAO - PEÇAS E MATERIAIS'!B:L,10,0),\"\"))))","v":21.76},65.28,"COTAÇÃO",231,null,10]
["3.1.1.272",{"$f":"IF($G279=\"ORSE\",VLOOKUP($H279,ORSE_INSUM!A:E,2,0),IF($G279=\"SINAPI\",VLOOKUP($H279,SINAPI_INSUM!A:E,2,0),IF($G279=\"SEINFRA\",VLOOKUP($H279,SEINFRA_INSUM!B:F,2,0),IF($G279=\"COTAÇÃO\",VLOOKUP($H279,'COTACAO - PEÇAS E MATERIAIS'!B:L,2,0),\"\"))))","v":"Rele microprocessado digital para proteção de motores, transformadores ou geradores - Imagem RS485 NA 60Hz térmica\n- Funções ANSI: 2/37/46/47(46RV)/(62PP)/49/50/50N/50GS/51/51N/51GS/86\n- 4 entradas lógicas, 2 saídas de sinalização, 4 saídas de Trip, 1 saída auto-check NA, 1 saída relé comando remoto, 1 saída serial traseira RS485. fab Pextron modelo: 6302 (ou similar)"},1,"Um",{"$f":"IF($G279=\"ORSE\",VLOOKUP($H279,ORSE_INSUM!A:E,4,0),IF($G279=\"SINAPI\",VLOOKUP($H279,SINAPI_INSUM!A:E,5,0),IF($G279=\"SEINFRA\",VLOOKUP($H279,SEINFRA_INSUM!B:F,4,0),IF($G279=\"COTAÇÃO\",VLOOKUP($H279,'COTACAO - PEÇAS E MATERIAIS'!B:L,10,0),\"\"))))","v":5670},5670,"COTAÇÃO",232,null,"2"]
["3.1.1.273",{"$f":"IF($G280=\"ORSE\",VLOOKUP($H280,ORSE_INSUM!A:E,2,0),IF($G280=\"SINAPI\",VLOOKUP($H280,SINAPI_INSUM!A:E,2,0),IF($G280=\"SEINFRA\",VLOOKUP($H280,SEINFRA_INSUM!B:F,2,0),IF($G280=\"COTAÇÃO\",VLOOKUP($H280,'COTACAO - PEÇAS E MATERIAIS'!B:L,2,0),\"\"))))","v":"Relé supervisor de tensão, monofasico; 220Vac"},1,"un",{"$f":"IF($G280=\"ORSE\",VLOOKUP($H280,ORSE_INSUM!A:E,4,0),IF($G280=\"SINAPI\",VLOOKUP($H280,SINAPI_INSUM!A:E,5,0),IF($G280=\"SEINFRA\",VLOOKUP($H280,SEINFRA_INSUM!B:F,4,0),IF($G280=\"COTAÇÃO\",VLOOKUP($H280,'COTACAO - PEÇAS E MATERIAIS'!B:L,10,0),\"\"))))","v":252},252,"COTAÇÃO",234,null,"4"]
["3.1.1.274",{"$f":"IF($G281=\"ORSE\",VLOOKUP($H281,ORSE_INSUM!A:E,2,0),IF($G281=\"SINAPI\",VLOOKUP($H281,SINAPI_INSUM!A:E,2,0),IF($G281=\"SEINFRA\",VLOOKUP($H281,SEINFRA_INSUM!B:F,2,0),IF($G281=\"COTAÇÃO\",VLOOKUP($H281,'COTACAO - PEÇAS E MATERIAIS'!B:L,2,0),\"\"))))","v":"Relé Supervisor trifásico Min. e Max. Tensão, tensão nominal 110V, 60Hz, ajuste de 90 a 130V, indicação através de led, fixação frontal em painel, contatos 2 reversíveis, tipo RST/ALP"},1,"Ud",{"$f":"IF($G281=\"ORSE\",VLOOKUP($H281,ORSE_INSUM!A:E,4,0),IF($G281=\"SINAPI\",VLOOKUP($H281,SINAPI_INSUM!A:E,5,0),IF($G281=\"SEINFRA\",VLOOKUP($H281,SEINFRA_INSUM!B:F,4,0),IF($G281=\"COTAÇÃO\",VLOOKUP($H281,'COTACAO - PEÇAS E MATERIAIS'!B:L,10,0),\"\"))))","v":220},220,"COTAÇÃO",235,null,"4"]
["3.1.1.275",{"$f":"IF($G282=\"ORSE\",VLOOKUP($H282,ORSE_INSUM!A:E,2,0),IF($G282=\"SINAPI\",VLOOKUP($H282,SINAPI_INSUM!A:E,2,0),IF($G282=\"SEINFRA\",VLOOKUP($H282,SEINFRA_INSUM!B:F,2,0),IF($G282=\"COTAÇÃO\",VLOOKUP($H282,'COTACAO - PEÇAS E MATERIAIS'!B:L,2,0),\"\"))))","v":"Relé Térmico com regulagem 2,5 a 4A, contatos auxiliares 1NA + 1NF, tipo LR1-D09308"},1,"Ud",{"$f":"IF($G282=\"ORSE\",VLOOKUP($H282,ORSE_INSUM!A:E,4,0),IF($G282=\"SINAPI\",VLOOKUP($H282,SINAPI_INSUM!A:E,5,0),IF($G282=\"SEINFRA\",VLOOKUP($H282,SEINFRA_INSUM!B:F,4,0),IF($G282=\"COTAÇÃO\",VLOOKUP($H282,'COTACAO - PEÇAS E MATERIAIS'!B:L,10,0),\"\"))))","v":60.99},60.99,"COTAÇÃO",236,null,2]
["3.1.1.276",{"$f":"IF($G283=\"ORSE\",VLOOKUP($H283,ORSE_INSUM!A:E,2,0),IF($G283=\"SINAPI\",VLOOKUP($H283,SINAPI_INSUM!A:E,2,0),IF($G283=\"SEINFRA\",VLOOKUP($H283,SEINFRA_INSUM!B:F,2,0),IF($G283=\"COTAÇÃO\",VLOOKUP($H283,'COTACAO - PEÇAS E MATERIAIS'!B:L,2,0),\"\"))))","v":"RELÉ DE SOBRECARGA DE 10 A 16A"},1,"un",{"$f":"IF($G283=\"ORSE\",VLOOKUP($H283,ORSE_INSUM!A:E,4,0),IF($G283=\"SINAPI\",VLOOKUP($H283,SINAPI_INSUM!A:E,5,0),IF($G283=\"SEINFRA\",VLOOKUP($H283,SEINFRA_INSUM!B:F,4,0),IF($G283=\"COTAÇÃO\",VLOOKUP($H283,'COTACAO - PEÇAS E MATERIAIS'!B:L,10,0),\"\"))))","v":40.96},40.96,"ORSE",12788,null,"3"]
["3.1.1.277",{"$f":"IF($G284=\"ORSE\",VLOOKUP($H284,ORSE_INSUM!A:E,2,0),IF($G284=\"SINAPI\",VLOOKUP($H284,SINAPI_INSUM!A:E,2,0),IF($G284=\"SEINFRA\",VLOOKUP($H284,SEINFRA_INSUM!B:F,2,0),IF($G284=\"COTAÇÃO\",VLOOKUP($H284,'COTACAO - PEÇAS E MATERIAIS'!B:L,2,0),\"\"))))","v":"RELÉ TÉRMICO RW 27D ATÉ 63A"},1,"un",{"$f":"IF($G284=\"ORSE\",VLOOKUP($H284,ORSE_INSUM!A:E,4,0),IF($G284=\"SINAPI\",VLOOKUP($H284,SINAPI_INSUM!A:E,5,0),IF($G284=\"SEINFRA\",VLOOKUP($H284,SEINFRA_INSUM!B:F,4,0),IF($G284=\"COTAÇÃO\",VLOOKUP($H284,'COTACAO - PEÇAS E MATERIAIS'!B:L,10,0),\"\"))))","v":218.88},218.88,"ORSE",4392,null,"3"]
["3.1.1.278",{"$f":"IF($G285=\"ORSE\",VLOOKUP($H285,ORSE_INSUM!A:E,2,0),IF($G285=\"SINAPI\",VLOOKUP($H285,SINAPI_INSUM!A:E,2,0),IF($G285=\"SEINFRA\",VLOOKUP($H285,SEINFRA_INSUM!B:F,2,0),IF($G285=\"COTAÇÃO\",VLOOKUP($H285,'COTACAO - PEÇAS E MATERIAIS'!B:L,2,0),\"\"))))","v":"Resistência de aquecimento com aletas, diversas potências"},3,"Ud",{"$f":"IF($G285=\"ORSE\",VLOOKUP($H285,ORSE_INSUM!A:E,4,0),IF($G285=\"SINAPI\",VLOOKUP($H285,SINAPI_INSUM!A:E,5,0),IF($G285=\"SEINFRA\",VLOOKUP($H285,SEINFRA_INSUM!B:F,4,0),IF($G285=\"COTAÇÃO\",VLOOKUP($H285,'COTACAO - PEÇAS E MATERIAIS'!B:L,10,0),\"\"))))","v":98.5},295.5,"COTAÇÃO",241,null,"12"]
["3.1.1.279",{"$f":"IF($G286=\"ORSE\",VLOOKUP($H286,ORSE_INSUM!A:E,2,0),IF($G286=\"SINAPI\",VLOOKUP($H286,SINAPI_INSUM!A:E,2,0),IF($G286=\"SEINFRA\",VLOOKUP($H286,SEINFRA_INSUM!B:F,2,0),IF($G286=\"COTAÇÃO\",VLOOKUP($H286,'COTACAO - PEÇAS E MATERIAIS'!B:L,2,0),\"\"))))","v":"SENSOR DE PRESENÇA"},3,"Ud",{"$f":"IF($G286=\"ORSE\",VLOOKUP($H286,ORSE_INSUM!A:E,4,0),IF($G286=\"SINAPI\",VLOOKUP($H286,SINAPI_INSUM!A:E,5,0),IF($G286=\"SEINFRA\",VLOOKUP($H286,SEINFRA_INSUM!B:F,4,0),IF($G286=\"COTAÇÃO\",VLOOKUP($H286,'COTACAO - PEÇAS E MATERIAIS'!B:L,10,0),\"\"))))","v":68.14},204.42,"ORSE",11943,null,"10"]
["3.1.1.280",{"$f":"IF($G287=\"ORSE\",VLOOKUP($H287,ORSE_INSUM!A:E,2,0),IF($G287=\"SINAPI\",VLOOKUP($H287,SINAPI_INSUM!A:E,2,0),IF($G287=\"SEINFRA\",VLOOKUP($H287,SEINFRA_INSUM!B:F,2,0),IF($G287=\"COTAÇÃO\",VLOOKUP($H287,'COTACAO - PEÇAS E MATERIAIS'!B:L,2,0),\"\"))))","v":"Shunt 120A, 60mV"},2,"un",{"$f":"IF($G287=\"ORSE\",VLOOKUP($H287,ORSE_INSUM!A:E,4,0),IF($G287=\"SINAPI\",VLOOKUP($H287,SINAPI_INSUM!A:E,5,0),IF($G287=\"SEINFRA\",VLOOKUP($H287,SEINFRA_INSUM!B:F,4,0),IF($G287=\"COTAÇÃO\",VLOOKUP($H287,'COTACAO - PEÇAS E MATERIAIS'!B:L,10,0),\"\"))))","v":45.9},91.8,"COTAÇÃO",314,null,"6"]
["3.1.1.281",{"$f":"IF($G288=\"ORSE\",VLOOKUP($H288,ORSE_INSUM!A:E,2,0),IF($G288=\"SINAPI\",VLOOKUP($H288,SINAPI_INSUM!A:E,2,0),IF($G288=\"SEINFRA\",VLOOKUP($H288,SEINFRA_INSUM!B:F,2,0),IF($G288=\"COTAÇÃO\",VLOOKUP($H288,'COTACAO - PEÇAS E MATERIAIS'!B:L,2,0),\"\"))))","v":"Sinaleiro de LED, Amarelo, 130Vcc, furação: 22mm"},2,"un",{"$f":"IF($G288=\"ORSE\",VLOOKUP($H288,ORSE_INSUM!A:E,4,0),IF($G288=\"SINAPI\",VLOOKUP($H288,SINAPI_INSUM!A:E,5,0),IF($G288=\"SEINFRA\",VLOOKUP($H288,SEINFRA_INSUM!B:F,4,0),IF($G288=\"COTAÇÃO\",VLOOKUP($H288,'COTACAO - PEÇAS E MATERIAIS'!B:L,10,0),\"\"))))","v":34.51},69.02,"COTAÇÃO",247,null,"6"]
["3.1.1.282",{"$f":"IF($G289=\"ORSE\",VLOOKUP($H289,ORSE_INSUM!A:E,2,0),IF($G289=\"SINAPI\",VLOOKUP($H289,SINAPI_INSUM!A:E,2,0),IF($G289=\"SEINFRA\",VLOOKUP($H289,SEINFRA_INSUM!B:F,2,0),IF($G289=\"COTAÇÃO\",VLOOKUP($H289,'COTACAO - PEÇAS E MATERIAIS'!B:L,2,0),\"\"))))","v":"Sinaleiro de LED, amarelo, 220Vac, Furação: 22mm"},5,"un",{"$f":"IF($G289=\"ORSE\",VLOOKUP($H289,ORSE_INSUM!A:E,4,0),IF($G289=\"SINAPI\",VLOOKUP($H289,SINAPI_INSUM!A:E,5,0),IF($G289=\"SEINFRA\",VLOOKUP($H289,SEINFRA_INSUM!B:F,4,0),IF($G289=\"COTAÇÃO\",VLOOKUP($H289,'COTACAO - PEÇAS E MATERIAIS'!B:L,10,0),\"\"))))","v":7.76},38.799999999999997,"COTAÇÃO",248,null,"18"]
["3.1.1.283",{"$f":"IF($G290=\"ORSE\",VLOOKUP($H290,ORSE_INSUM!A:E,2,0),IF($G290=\"SINAPI\",VLOOKUP($H290,SINAPI_INSUM!A:E,2,0),IF($G290=\"SEINFRA\",VLOOKUP($H290,SEINFRA_INSUM!B:F,2,0),IF($G290=\"COTAÇÃO\",VLOOKUP($H290,'COTACAO - PEÇAS E MATERIAIS'!B:L,2,0),\"\"))))","v":"Sinaleiro de LED, Branco 220VAC, Furação: 22mm"},1,"un",{"$f":"IF($G290=\"ORSE\",VLOOKUP($H290,ORSE_INSUM!A:E,4,0),IF($G290=\"SINAPI\",VLOOKUP($H290,SINAPI_INSUM!A:E,5,0),IF($G290=\"SEINFRA\",VLOOKUP($H290,SEINFRA_INSUM!B:F,4,0),IF($G290=\"COTAÇÃO\",VLOOKUP($H290,'COTACAO - PEÇAS E MATERIAIS'!B:L,10,0),\"\"))))","v":7.76},7.76,"COTAÇÃO",249,null,4]
["3.1.1.284",{"$f":"IF($G291=\"ORSE\",VLOOKUP($H291,ORSE_INSUM!A:E,2,0),IF($G291=\"SINAPI\",VLOOKUP($H291,SINAPI_INSUM!A:E,2,0),IF($G291=\"SEINFRA\",VLOOKUP($H291,SEINFRA_INSUM!B:F,2,0),IF($G291=\"COTAÇÃO\",VLOOKUP($H291,'COTACAO - PEÇAS E MATERIAIS'!B:L,2,0),\"\"))))","v":"Sinaleiro de LED, Branco, 130Vcc, furação: 22mm"},1,"un",{"$f":"IF($G291=\"ORSE\",VLOOKUP($H291,ORSE_INSUM!A:E,4,0),IF($G291=\"SINAPI\",VLOOKUP($H291,SINAPI_INSUM!A:E,5,0),IF($G291=\"SEINFRA\",VLOOKUP($H291,SEINFRA_INSUM!B:F,4,0),IF($G291=\"COTAÇÃO\",VLOOKUP($H291,'COTACAO - PEÇAS E MATERIAIS'!B:L,10,0),\"\"))))","v":34.51},34.51,"COTAÇÃO",250,null,"2"]
["3.1.1.285",{"$f":"IF($G292=\"ORSE\",VLOOKUP($H292,ORSE_INSUM!A:E,2,0),IF($G292=\"SINAPI\",VLOOKUP($H292,SINAPI_INSUM!A:E,2,0),IF($G292=\"SEINFRA\",VLOOKUP($H292,SEINFRA_INSUM!B:F,2,0),IF($G292=\"COTAÇÃO\",VLOOKUP($H292,'COTACAO - PEÇAS E MATERIAIS'!B:L,2,0),\"\"))))","v":"Sinaleiro de LED, Verde, 130Vcc, furação: 22mm"},2,"un",{"$f":"IF($G292=\"ORSE\",VLOOKUP($H292,ORSE_INSUM!A:E,4,0),IF($G292=\"SINAPI\",VLOOKUP($H292,SINAPI_INSUM!A:E,5,0),IF($G292=\"SEINFRA\",VLOOKUP($H292,SEINFRA_INSUM!B:F,4,0),IF($G292=\"COTAÇÃO\",VLOOKUP($H292,'COTACAO - PEÇAS E MATERIAIS'!B:L,10,0),\"\"))))","v":34.51},69.02,"COTAÇÃO",251,null,"6"]
["3.1.1.286",{"$f":"IF($G293=\"ORSE\",VLOOKUP($H293,ORSE_INSUM!A:E,2,0),IF($G293=\"SINAPI\",VLOOKUP($H293,SINAPI_INSUM!A:E,2,0),IF($G293=\"SEINFRA\",VLOOKUP($H293,SEINFRA_INSUM!B:F,2,0),IF($G293=\"COTAÇÃO\",VLOOKUP($H293,'COTACAO - PEÇAS E MATERIAIS'!B:L,2,0),\"\"))))","v":"Sinaleiro de LED, verde, 220Vac, Furação: 22mm"},5,"un",{"$f":"IF($G293=\"ORSE\",VLOOKUP($H293,ORSE_INSUM!A:E,4,0),IF($G293=\"SINAPI\",VLOOKUP($H293,SINAPI_INSUM!A:E,5,0),IF($G293=\"SEINFRA\",VLOOKUP($H293,SEINFRA_INSUM!B:F,4,0),IF($G293=\"COTAÇÃO\",VLOOKUP($H293,'COTACAO - PEÇAS E MATERIAIS'!B:L,10,0),\"\"))))","v":7.76},38.799999999999997,"COTAÇÃO",252,null,"18"]
["3.1.1.287",{"$f":"IF($G294=\"ORSE\",VLOOKUP($H294,ORSE_INSUM!A:E,2,0),IF($G294=\"SINAPI\",VLOOKUP($H294,SINAPI_INSUM!A:E,2,0),IF($G294=\"SEINFRA\",VLOOKUP($H294,SEINFRA_INSUM!B:F,2,0),IF($G294=\"COTAÇÃO\",VLOOKUP($H294,'COTACAO - PEÇAS E MATERIAIS'!B:L,2,0),\"\"))))","v":"Sinaleiro de LED, Vermelho, 130Vcc, furação: 22mm"},2,"un",{"$f":"IF($G294=\"ORSE\",VLOOKUP($H294,ORSE_INSUM!A:E,4,0),IF($G294=\"SINAPI\",VLOOKUP($H294,SINAPI_INSUM!A:E,5,0),IF($G294=\"SEINFRA\",VLOOKUP($H294,SEINFRA_INSUM!B:F,4,0),IF($G294=\"COTAÇÃO\",VLOOKUP($H294,'COTACAO - PEÇAS E MATERIAIS'!B:L,10,0),\"\"))))","v":34.51},69.02,"COTAÇÃO",253,null,"6"]
["3.1.1.288",{"$f":"IF($G295=\"ORSE\",VLOOKUP($H295,ORSE_INSUM!A:E,2,0),IF($G295=\"SINAPI\",VLOOKUP($H295,SINAPI_INSUM!A:E,2,0),IF($G295=\"SEINFRA\",VLOOKUP($H295,SEINFRA_INSUM!B:F,2,0),IF($G295=\"COTAÇÃO\",VLOOKUP($H295,'COTACAO - PEÇAS E MATERIAIS'!B:L,2,0),\"\"))))","v":"Sinaleiro de LED, vermelho, 220Vac, Furação: 22mm"},6,"un",{"$f":"IF($G295=\"ORSE\",VLOOKUP($H295,ORSE_INSUM!A:E,4,0),IF($G295=\"SINAPI\",VLOOKUP($H295,SINAPI_INSUM!A:E,5,0),IF($G295=\"SEINFRA\",VLOOKUP($H295,SEINFRA_INSUM!B:F,4,0),IF($G295=\"COTAÇÃO\",VLOOKUP($H295,'COTACAO - PEÇAS E MATERIAIS'!B:L,10,0),\"\"))))","v":7.76},46.56,"COTAÇÃO",254,null,"22"]
["3.1.1.289",{"$f":"IF($G296=\"ORSE\",VLOOKUP($H296,ORSE_INSUM!A:E,2,0),IF($G296=\"SINAPI\",VLOOKUP($H296,SINAPI_INSUM!A:E,2,0),IF($G296=\"SEINFRA\",VLOOKUP($H296,SEINFRA_INSUM!B:F,2,0),IF($G296=\"COTAÇÃO\",VLOOKUP($H296,'COTACAO - PEÇAS E MATERIAIS'!B:L,2,0),\"\"))))","v":"Sirene para painel, fixação em furo de 22mm, 120Vac"},1,"un",{"$f":"IF($G296=\"ORSE\",VLOOKUP($H296,ORSE_INSUM!A:E,4,0),IF($G296=\"SINAPI\",VLOOKUP($H296,SINAPI_INSUM!A:E,5,0),IF($G296=\"SEINFRA\",VLOOKUP($H296,SEINFRA_INSUM!B:F,4,0),IF($G296=\"COTAÇÃO\",VLOOKUP($H296,'COTACAO - PEÇAS E MATERIAIS'!B:L,10,0),\"\"))))","v":89.99},89.99,"COTAÇÃO",255,null,"3"]
["3.1.1.290",{"$f":"IF($G297=\"ORSE\",VLOOKUP($H297,ORSE_INSUM!A:E,2,0),IF($G297=\"SINAPI\",VLOOKUP($H297,SINAPI_INSUM!A:E,2,0),IF($G297=\"SEINFRA\",VLOOKUP($H297,SEINFRA_INSUM!B:F,2,0),IF($G297=\"COTAÇÃO\",VLOOKUP($H297,'COTACAO - PEÇAS E MATERIAIS'!B:L,2,0),\"\"))))","v":"Terminal comrpessão 25 mm² (embalagem com 50 peças)"},1,"Ud",{"$f":"IF($G297=\"ORSE\",VLOOKUP($H297,ORSE_INSUM!A:E,4,0),IF($G297=\"SINAPI\",VLOOKUP($H297,SINAPI_INSUM!A:E,5,0),IF($G297=\"SEINFRA\",VLOOKUP($H297,SEINFRA_INSUM!B:F,4,0),IF($G297=\"COTAÇÃO\",VLOOKUP($H297,'COTACAO - PEÇAS E MATERIAIS'!B:L,10,0),\"\"))))","v":93.44},93.44,"COTAÇÃO",256,null,"2"]
["3.1.1.291",{"$f":"IF($G298=\"ORSE\",VLOOKUP($H298,ORSE_INSUM!A:E,2,0),IF($G298=\"SINAPI\",VLOOKUP($H298,SINAPI_INSUM!A:E,2,0),IF($G298=\"SEINFRA\",VLOOKUP($H298,SEINFRA_INSUM!B:F,2,0),IF($G298=\"COTAÇÃO\",VLOOKUP($H298,'COTACAO - PEÇAS E MATERIAIS'!B:L,2,0),\"\"))))","v":"Terminal de compressão para cabo de 150 mm²"},8,"Ud",{"$f":"IF($G298=\"ORSE\",VLOOKUP($H298,ORSE_INSUM!A:E,4,0),IF($G298=\"SINAPI\",VLOOKUP($H298,SINAPI_INSUM!A:E,5,0),IF($G298=\"SEINFRA\",VLOOKUP($H298,SEINFRA_INSUM!B:F,4,0),IF($G298=\"COTAÇÃO\",VLOOKUP($H298,'COTACAO - PEÇAS E MATERIAIS'!B:L,10,0),\"\"))))","v":12.08},96.64,"COTAÇÃO",257,null,"30"]
["3.1.1.292",{"$f":"IF($G299=\"ORSE\",VLOOKUP($H299,ORSE_INSUM!A:E,2,0),IF($G299=\"SINAPI\",VLOOKUP($H299,SINAPI_INSUM!A:E,2,0),IF($G299=\"SEINFRA\",VLOOKUP($H299,SEINFRA_INSUM!B:F,2,0),IF($G299=\"COTAÇÃO\",VLOOKUP($H299,'COTACAO - PEÇAS E MATERIAIS'!B:L,2,0),\"\"))))","v":"Terminal de compressão para cabo de 16 mm² (embalagem com 10 unidades)"},2,"Ud",{"$f":"IF($G299=\"ORSE\",VLOOKUP($H299,ORSE_INSUM!A:E,4,0),IF($G299=\"SINAPI\",VLOOKUP($H299,SINAPI_INSUM!A:E,5,0),IF($G299=\"SEINFRA\",VLOOKUP($H299,SEINFRA_INSUM!B:F,4,0),IF($G299=\"COTAÇÃO\",VLOOKUP($H299,'COTACAO - PEÇAS E MATERIAIS'!B:L,10,0),\"\"))))","v":21},42,"COTAÇÃO",258,null,6]
["3.1.1.293",{"$f":"IF($G300=\"ORSE\",VLOOKUP($H300,ORSE_INSUM!A:E,2,0),IF($G300=\"SINAPI\",VLOOKUP($H300,SINAPI_INSUM!A:E,2,0),IF($G300=\"SEINFRA\",VLOOKUP($H300,SEINFRA_INSUM!B:F,2,0),IF($G300=\"COTAÇÃO\",VLOOKUP($H300,'COTACAO - PEÇAS E MATERIAIS'!B:L,2,0),\"\"))))","v":"Terminal de compressão para cabo de 185 mm² (embalagem com 10 unidades)"},2,"Ud",{"$f":"IF($G300=\"ORSE\",VLOOKUP($H300,ORSE_INSUM!A:E,4,0),IF($G300=\"SINAPI\",VLOOKUP($H300,SINAPI_INSUM!A:E,5,0),IF($G300=\"SEINFRA\",VLOOKUP($H300,SEINFRA_INSUM!B:F,4,0),IF($G300=\"COTAÇÃO\",VLOOKUP($H300,'COTACAO - PEÇAS E MATERIAIS'!B:L,10,0),\"\"))))","v":139.99},279.98,"COTAÇÃO",259,null,"6"]
["3.1.1.294",{"$f":"IF($G301=\"ORSE\",VLOOKUP($H301,ORSE_INSUM!A:E,2,0),IF($G301=\"SINAPI\",VLOOKUP($H301,SINAPI_INSUM!A:E,2,0),IF($G301=\"SEINFRA\",VLOOKUP($H301,SEINFRA_INSUM!B:F,2,0),IF($G301=\"COTAÇÃO\",VLOOKUP($H301,'COTACAO - PEÇAS E MATERIAIS'!B:L,2,0),\"\"))))","v":"Terminal de compressão para cabo de 240 mm²"},2,"Ud",{"$f":"IF($G301=\"ORSE\",VLOOKUP($H301,ORSE_INSUM!A:E,4,0),IF($G301=\"SINAPI\",VLOOKUP($H301,SINAPI_INSUM!A:E,5,0),IF($G301=\"SEINFRA\",VLOOKUP($H301,SEINFRA_INSUM!B:F,4,0),IF($G301=\"COTAÇÃO\",VLOOKUP($H301,'COTACAO - PEÇAS E MATERIAIS'!B:L,10,0),\"\"))))","v":20.9},41.8,"COTAÇÃO",260,null,"6"]
["3.1.1.295",{"$f":"IF($G302=\"ORSE\",VLOOKUP($H302,ORSE_INSUM!A:E,2,0),IF($G302=\"SINAPI\",VLOOKUP($H302,SINAPI_INSUM!A:E,2,0),IF($G302=\"SEINFRA\",VLOOKUP($H302,SEINFRA_INSUM!B:F,2,0),IF($G302=\"COTAÇÃO\",VLOOKUP($H302,'COTACAO - PEÇAS E MATERIAIS'!B:L,2,0),\"\"))))","v":"Terminal de compressão para cabo de 25 mm²"},2,"Ud",{"$f":"IF($G302=\"ORSE\",VLOOKUP($H302,ORSE_INSUM!A:E,4,0),IF($G302=\"SINAPI\",VLOOKUP($H302,SINAPI_INSUM!A:E,5,0),IF($G302=\"SEINFRA\",VLOOKUP($H302,SEINFRA_INSUM!B:F,4,0),IF($G302=\"COTAÇÃO\",VLOOKUP($H302,'COTACAO - PEÇAS E MATERIAIS'!B:L,10,0),\"\"))))","v":3.39},6.78,"COTAÇÃO",261,null,6]
["3.1.1.296",{"$f":"IF($G303=\"ORSE\",VLOOKUP($H303,ORSE_INSUM!A:E,2,0),IF($G303=\"SINAPI\",VLOOKUP($H303,SINAPI_INSUM!A:E,2,0),IF($G303=\"SEINFRA\",VLOOKUP($H303,SEINFRA_INSUM!B:F,2,0),IF($G303=\"COTAÇÃO\",VLOOKUP($H303,'COTACAO - PEÇAS E MATERIAIS'!B:L,2,0),\"\"))))","v":"Terminal de compressão para cabo de 300 mm²"},2,"Ud",{"$f":"IF($G303=\"ORSE\",VLOOKUP($H303,ORSE_INSUM!A:E,4,0),IF($G303=\"SINAPI\",VLOOKUP($H303,SINAPI_INSUM!A:E,5,0),IF($G303=\"SEINFRA\",VLOOKUP($H303,SEINFRA_INSUM!B:F,4,0),IF($G303=\"COTAÇÃO\",VLOOKUP($H303,'COTACAO - PEÇAS E MATERIAIS'!B:L,10,0),\"\"))))","v":36.520000000000003},73.040000000000006,"COTAÇÃO",262,null,"6"]
["3.1.1.297",{"$f":"IF($G304=\"ORSE\",VLOOKUP($H304,ORSE_INSUM!A:E,2,0),IF($G304=\"SINAPI\",VLOOKUP($H304,SINAPI_INSUM!A:E,2,0),IF($G304=\"SEINFRA\",VLOOKUP($H304,SEINFRA_INSUM!B:F,2,0),IF($G304=\"COTAÇÃO\",VLOOKUP($H304,'COTACAO - PEÇAS E MATERIAIS'!B:L,2,0),\"\"))))","v":"Terminal de compressão para cabo de 35 mm²"},13,"pç",{"$f":"IF($G304=\"ORSE\",VLOOKUP($H304,ORSE_INSUM!A:E,4,0),IF($G304=\"SINAPI\",VLOOKUP($H304,SINAPI_INSUM!A:E,5,0),IF($G304=\"SEINFRA\",VLOOKUP($H304,SEINFRA_INSUM!B:F,4,0),IF($G304=\"COTAÇÃO\",VLOOKUP($H304,'COTACAO - PEÇAS E MATERIAIS'!B:L,10,0),\"\"))))","v":2.33},30.29,"COTAÇÃO",263,null,"50"]
["3.1.1.298",{"$f":"IF($G305=\"ORSE\",VLOOKUP($H305,ORSE_INSUM!A:E,2,0),IF($G305=\"SINAPI\",VLOOKUP($H305,SINAPI_INSUM!A:E,2,0),IF($G305=\"SEINFRA\",VLOOKUP($H305,SEINFRA_INSUM!B:F,2,0),IF($G305=\"COTAÇÃO\",VLOOKUP($H305,'COTACAO - PEÇAS E MATERIAIS'!B:L,2,0),\"\"))))","v":"Terminal de compressão para cabo de 50 mm²"},2,"Ud",{"$f":"IF($G305=\"ORSE\",VLOOKUP($H305,ORSE_INSUM!A:E,4,0),IF($G305=\"SINAPI\",VLOOKUP($H305,SINAPI_INSUM!A:E,5,0),IF($G305=\"SEINFRA\",VLOOKUP($H305,SEINFRA_INSUM!B:F,4,0),IF($G305=\"COTAÇÃO\",VLOOKUP($H305,'COTACAO - PEÇAS E MATERIAIS'!B:L,10,0),\"\"))))","v":5.5},11,"COTAÇÃO",264,null,6]
["3.1.1.299",{"$f":"IF($G306=\"ORSE\",VLOOKUP($H306,ORSE_INSUM!A:E,2,0),IF($G306=\"SINAPI\",VLOOKUP($H306,SINAPI_INSUM!A:E,2,0),IF($G306=\"SEINFRA\",VLOOKUP($H306,SEINFRA_INSUM!B:F,2,0),IF($G306=\"COTAÇÃO\",VLOOKUP($H306,'COTACAO - PEÇAS E MATERIAIS'!B:L,2,0),\"\"))))","v":"Terminal de compressão para cabo de 95 mm²"},2,"Ud",{"$f":"IF($G306=\"ORSE\",VLOOKUP($H306,ORSE_INSUM!A:E,4,0),IF($G306=\"SINAPI\",VLOOKUP($H306,SINAPI_INSUM!A:E,5,0),IF($G306=\"SEINFRA\",VLOOKUP($H306,SEINFRA_INSUM!B:F,4,0),IF($G306=\"COTAÇÃO\",VLOOKUP($H306,'COTACAO - PEÇAS E MATERIAIS'!B:L,10,0),\"\"))))","v":8.5},17,"COTAÇÃO",265,null,6]
["3.1.1.300",{"$f":"IF($G307=\"ORSE\",VLOOKUP($H307,ORSE_INSUM!A:E,2,0),IF($G307=\"SINAPI\",VLOOKUP($H307,SINAPI_INSUM!A:E,2,0),IF($G307=\"SEINFRA\",VLOOKUP($H307,SEINFRA_INSUM!B:F,2,0),IF($G307=\"COTAÇÃO\",VLOOKUP($H307,'COTACAO - PEÇAS E MATERIAIS'!B:L,2,0),\"\"))))","v":"Terminal Olhal 1,5 a 2,5mm²"},2,"Ud",{"$f":"IF($G307=\"ORSE\",VLOOKUP($H307,ORSE_INSUM!A:E,4,0),IF($G307=\"SINAPI\",VLOOKUP($H307,SINAPI_INSUM!A:E,5,0),IF($G307=\"SEINFRA\",VLOOKUP($H307,SEINFRA_INSUM!B:F,4,0),IF($G307=\"COTAÇÃO\",VLOOKUP($H307,'COTACAO - PEÇAS E MATERIAIS'!B:L,10,0),\"\"))))","v":0.25},0.5,"COTAÇÃO",266,null,"6"]
["3.1.1.301",{"$f":"IF($G308=\"ORSE\",VLOOKUP($H308,ORSE_INSUM!A:E,2,0),IF($G308=\"SINAPI\",VLOOKUP($H308,SINAPI_INSUM!A:E,2,0),IF($G308=\"SEINFRA\",VLOOKUP($H308,SEINFRA_INSUM!B:F,2,0),IF($G308=\"COTAÇÃO\",VLOOKUP($H308,'COTACAO - PEÇAS E MATERIAIS'!B:L,2,0),\"\"))))","v":"Terminal Olhal 4 a 6 mm² (embalagem com 100 unidades)"},1,"Ud",{"$f":"IF($G308=\"ORSE\",VLOOKUP($H308,ORSE_INSUM!A:E,4,0),IF($G308=\"SINAPI\",VLOOKUP($H308,SINAPI_INSUM!A:E,5,0),IF($G308=\"SEINFRA\",VLOOKUP($H308,SEINFRA_INSUM!B:F,4,0),IF($G308=\"COTAÇÃO\",VLOOKUP($H308,'COTACAO - PEÇAS E MATERIAIS'!B:L,10,0),\"\"))))","v":61.9},61.9,"COTAÇÃO",267,null,"3"]
["3.1.1.302",{"$f":"IF($G309=\"ORSE\",VLOOKUP($H309,ORSE_INSUM!A:E,2,0),IF($G309=\"SINAPI\",VLOOKUP($H309,SINAPI_INSUM!A:E,2,0),IF($G309=\"SEINFRA\",VLOOKUP($H309,SEINFRA_INSUM!B:F,2,0),IF($G309=\"COTAÇÃO\",VLOOKUP($H309,'COTACAO - PEÇAS E MATERIAIS'!B:L,2,0),\"\"))))","v":"Terminal Pino 2,5 mm²  (embalagem com 100 unidades)"},2,"Ud",{"$f":"IF($G309=\"ORSE\",VLOOKUP($H309,ORSE_INSUM!A:E,4,0),IF($G309=\"SINAPI\",VLOOKUP($H309,SINAPI_INSUM!A:E,5,0),IF($G309=\"SEINFRA\",VLOOKUP($H309,SEINFRA_INSUM!B:F,4,0),IF($G309=\"COTAÇÃO\",VLOOKUP($H309,'COTACAO - PEÇAS E MATERIAIS'!B:L,10,0),\"\"))))","v":17.079999999999998},34.159999999999997,"COTAÇÃO",268,null,"6"]
["3.1.1.303",{"$f":"IF($G310=\"ORSE\",VLOOKUP($H310,ORSE_INSUM!A:E,2,0),IF($G310=\"SINAPI\",VLOOKUP($H310,SINAPI_INSUM!A:E,2,0),IF($G310=\"SEINFRA\",VLOOKUP($H310,SEINFRA_INSUM!B:F,2,0),IF($G310=\"COTAÇÃO\",VLOOKUP($H310,'COTACAO - PEÇAS E MATERIAIS'!B:L,2,0),\"\"))))","v":"Terminal TPP pré-isolado pino curto 0,5 - 1,0 mm (embalagem com 100 unidades)"},13,"Ud",{"$f":"IF($G310=\"ORSE\",VLOOKUP($H310,ORSE_INSUM!A:E,4,0),IF($G310=\"SINAPI\",VLOOKUP($H310,SINAPI_INSUM!A:E,5,0),IF($G310=\"SEINFRA\",VLOOKUP($H310,SEINFRA_INSUM!B:F,4,0),IF($G310=\"COTAÇÃO\",VLOOKUP($H310,'COTACAO - PEÇAS E MATERIAIS'!B:L,10,0),\"\"))))","v":25},325,"COTAÇÃO",269,null,50]
["3.1.1.304",{"$f":"IF($G311=\"ORSE\",VLOOKUP($H311,ORSE_INSUM!A:E,2,0),IF($G311=\"SINAPI\",VLOOKUP($H311,SINAPI_INSUM!A:E,2,0),IF($G311=\"SEINFRA\",VLOOKUP($H311,SEINFRA_INSUM!B:F,2,0),IF($G311=\"COTAÇÃO\",VLOOKUP($H311,'COTACAO - PEÇAS E MATERIAIS'!B:L,2,0),\"\"))))","v":"Terminal TPP pré-isolado pino curto 1,5 - 2,5 mm (embalagem com 100 unidades)"},13,"Ud",{"$f":"IF($G311=\"ORSE\",VLOOKUP($H311,ORSE_INSUM!A:E,4,0),IF($G311=\"SINAPI\",VLOOKUP($H311,SINAPI_INSUM!A:E,5,0),IF($G311=\"SEINFRA\",VLOOKUP($H311,SEINFRA_INSUM!B:F,4,0),IF($G311=\"COTAÇÃO\",VLOOKUP($H311,'COTACAO - PEÇAS E MATERIAIS'!B:L,10,0),\"\"))))","v":23},299,"COTAÇÃO",270,null,50]
["3.1.1.305",{"$f":"IF($G312=\"ORSE\",VLOOKUP($H312,ORSE_INSUM!A:E,2,0),IF($G312=\"SINAPI\",VLOOKUP($H312,SINAPI_INSUM!A:E,2,0),IF($G312=\"SEINFRA\",VLOOKUP($H312,SEINFRA_INSUM!B:F,2,0),IF($G312=\"COTAÇÃO\",VLOOKUP($H312,'COTACAO - PEÇAS E MATERIAIS'!B:L,2,0),\"\"))))","v":"Termostato capilar - 0-90ºC, 16A/220VCA, 1NA+1NF"},1,"un",{"$f":"IF($G312=\"ORSE\",VLOOKUP($H312,ORSE_INSUM!A:E,4,0),IF($G312=\"SINAPI\",VLOOKUP($H312,SINAPI_INSUM!A:E,5,0),IF($G312=\"SEINFRA\",VLOOKUP($H312,SEINFRA_INSUM!B:F,4,0),IF($G312=\"COTAÇÃO\",VLOOKUP($H312,'COTACAO - PEÇAS E MATERIAIS'!B:L,10,0),\"\"))))","v":34.99},34.99,"COTAÇÃO",271,null,"2"]
["3.1.1.306",{"$f":"IF($G313=\"ORSE\",VLOOKUP($H313,ORSE_INSUM!A:E,2,0),IF($G313=\"SINAPI\",VLOOKUP($H313,SINAPI_INSUM!A:E,2,0),IF($G313=\"SEINFRA\",VLOOKUP($H313,SEINFRA_INSUM!B:F,2,0),IF($G313=\"COTAÇÃO\",VLOOKUP($H313,'COTACAO - PEÇAS E MATERIAIS'!B:L,2,0),\"\"))))","v":"Tinta esmalte sintético spray para plasticos e metais, cores diversas, embalagem com 400ml"},5,"un",{"$f":"IF($G313=\"ORSE\",VLOOKUP($H313,ORSE_INSUM!A:E,4,0),IF($G313=\"SINAPI\",VLOOKUP($H313,SINAPI_INSUM!A:E,5,0),IF($G313=\"SEINFRA\",VLOOKUP($H313,SEINFRA_INSUM!B:F,4,0),IF($G313=\"COTAÇÃO\",VLOOKUP($H313,'COTACAO - PEÇAS E MATERIAIS'!B:L,10,0),\"\"))))","v":23.6},118,"COTAÇÃO",272,null,"20"]
["3.1.1.307",{"$f":"IF($G314=\"ORSE\",VLOOKUP($H314,ORSE_INSUM!A:E,2,0),IF($G314=\"SINAPI\",VLOOKUP($H314,SINAPI_INSUM!A:E,2,0),IF($G314=\"SEINFRA\",VLOOKUP($H314,SEINFRA_INSUM!B:F,2,0),IF($G314=\"COTAÇÃO\",VLOOKUP($H314,'COTACAO - PEÇAS E MATERIAIS'!B:L,2,0),\"\"))))","v":"Tiristor, SEMIKRON, mod.: SKT 130/12E"},2,"Um",{"$f":"IF($G314=\"ORSE\",VLOOKUP($H314,ORSE_INSUM!A:E,4,0),IF($G314=\"SINAPI\",VLOOKUP($H314,SINAPI_INSUM!A:E,5,0),IF($G314=\"SEINFRA\",VLOOKUP($H314,SEINFRA_INSUM!B:F,4,0),IF($G314=\"COTAÇÃO\",VLOOKUP($H314,'COTACAO - PEÇAS E MATERIAIS'!B:L,10,0),\"\"))))","v":476.32},952.64,"COTAÇÃO",273,null,8]
["3.1.1.308",{"$f":"IF($G315=\"ORSE\",VLOOKUP($H315,ORSE_INSUM!A:E,2,0),IF($G315=\"SINAPI\",VLOOKUP($H315,SINAPI_INSUM!A:E,2,0),IF($G315=\"SEINFRA\",VLOOKUP($H315,SEINFRA_INSUM!B:F,2,0),IF($G315=\"COTAÇÃO\",VLOOKUP($H315,'COTACAO - PEÇAS E MATERIAIS'!B:L,2,0),\"\"))))","v":"Tomada Industrial Sobrepor 3p+t 16a"},2,"Ud",{"$f":"IF($G315=\"ORSE\",VLOOKUP($H315,ORSE_INSUM!A:E,4,0),IF($G315=\"SINAPI\",VLOOKUP($H315,SINAPI_INSUM!A:E,5,0),IF($G315=\"SEINFRA\",VLOOKUP($H315,SEINFRA_INSUM!B:F,4,0),IF($G315=\"COTAÇÃO\",VLOOKUP($H315,'COTACAO - PEÇAS E MATERIAIS'!B:L,10,0),\"\"))))","v":43.23},86.46,"COTAÇÃO",274,null,"6"]
["3.1.1.309",{"$f":"IF($G316=\"ORSE\",VLOOKUP($H316,ORSE_INSUM!A:E,2,0),IF($G316=\"SINAPI\",VLOOKUP($H316,SINAPI_INSUM!A:E,2,0),IF($G316=\"SEINFRA\",VLOOKUP($H316,SEINFRA_INSUM!B:F,2,0),IF($G316=\"COTAÇÃO\",VLOOKUP($H316,'COTACAO - PEÇAS E MATERIAIS'!B:L,2,0),\"\"))))","v":"Tomada Industrial Sobrepor 3p+t 16a macho"},2,"Ud",{"$f":"IF($G316=\"ORSE\",VLOOKUP($H316,ORSE_INSUM!A:E,4,0),IF($G316=\"SINAPI\",VLOOKUP($H316,SINAPI_INSUM!A:E,5,0),IF($G316=\"SEINFRA\",VLOOKUP($H316,SEINFRA_INSUM!B:F,4,0),IF($G316=\"COTAÇÃO\",VLOOKUP($H316,'COTACAO - PEÇAS E MATERIAIS'!B:L,10,0),\"\"))))","v":27.22},54.44,"COTAÇÃO",275,null,"6"]
["3.1.1.310",{"$f":"IF($G317=\"ORSE\",VLOOKUP($H317,ORSE_INSUM!A:E,2,0),IF($G317=\"SINAPI\",VLOOKUP($H317,SINAPI_INSUM!A:E,2,0),IF($G317=\"SEINFRA\",VLOOKUP($H317,SEINFRA_INSUM!B:F,2,0),IF($G317=\"COTAÇÃO\",VLOOKUP($H317,'COTACAO - PEÇAS E MATERIAIS'!B:L,2,0),\"\"))))","v":"TRANSDUTOR DE PRESSÃO DIFERENCIAL 0-25BAR, PROTOCOLO DE COMUNICAÇÃO PROFIBUS-DP"},2,"un",{"$f":"IF($G317=\"ORSE\",VLOOKUP($H317,ORSE_INSUM!A:E,4,0),IF($G317=\"SINAPI\",VLOOKUP($H317,SINAPI_INSUM!A:E,5,0),IF($G317=\"SEINFRA\",VLOOKUP($H317,SEINFRA_INSUM!B:F,4,0),IF($G317=\"COTAÇÃO\",VLOOKUP($H317,'COTACAO - PEÇAS E MATERIAIS'!B:L,10,0),\"\"))))","v":2955.56},5911.12,"SEINFRA","I8906",null,"6"]
["3.1.1.311",{"$f":"IF($G318=\"ORSE\",VLOOKUP($H318,ORSE_INSUM!A:E,2,0),IF($G318=\"SINAPI\",VLOOKUP($H318,SINAPI_INSUM!A:E,2,0),IF($G318=\"SEINFRA\",VLOOKUP($H318,SEINFRA_INSUM!B:F,2,0),IF($G318=\"COTAÇÃO\",VLOOKUP($H318,'COTACAO - PEÇAS E MATERIAIS'!B:L,2,0),\"\"))))","v":"Transformador de corrente tipo janela, 500-5A"},2,"un",{"$f":"IF($G318=\"ORSE\",VLOOKUP($H318,ORSE_INSUM!A:E,4,0),IF($G318=\"SINAPI\",VLOOKUP($H318,SINAPI_INSUM!A:E,5,0),IF($G318=\"SEINFRA\",VLOOKUP($H318,SEINFRA_INSUM!B:F,4,0),IF($G318=\"COTAÇÃO\",VLOOKUP($H318,'COTACAO - PEÇAS E MATERIAIS'!B:L,10,0),\"\"))))","v":100.99},201.98,"COTAÇÃO",276,null,"9"]
["3.1.1.312",{"$f":"IF($G319=\"ORSE\",VLOOKUP($H319,ORSE_INSUM!A:E,2,0),IF($G319=\"SINAPI\",VLOOKUP($H319,SINAPI_INSUM!A:E,2,0),IF($G319=\"SEINFRA\",VLOOKUP($H319,SEINFRA_INSUM!B:F,2,0),IF($G319=\"COTAÇÃO\",VLOOKUP($H319,'COTACAO - PEÇAS E MATERIAIS'!B:L,2,0),\"\"))))","v":"Transformador de corrente tipo janela, 800-5A"},2,"un",{"$f":"IF($G319=\"ORSE\",VLOOKUP($H319,ORSE_INSUM!A:E,4,0),IF($G319=\"SINAPI\",VLOOKUP($H319,SINAPI_INSUM!A:E,5,0),IF($G319=\"SEINFRA\",VLOOKUP($H319,SEINFRA_INSUM!B:F,4,0),IF($G319=\"COTAÇÃO\",VLOOKUP($H319,'COTACAO - PEÇAS E MATERIAIS'!B:L,10,0),\"\"))))","v":120},240,"COTAÇÃO",277,null,"9"]
["3.1.1.313",{"$f":"IF($G320=\"ORSE\",VLOOKUP($H320,ORSE_INSUM!A:E,2,0),IF($G320=\"SINAPI\",VLOOKUP($H320,SINAPI_INSUM!A:E,2,0),IF($G320=\"SEINFRA\",VLOOKUP($H320,SEINFRA_INSUM!B:F,2,0),IF($G320=\"COTAÇÃO\",VLOOKUP($H320,'COTACAO - PEÇAS E MATERIAIS'!B:L,2,0),\"\"))))","v":"TRANSFORMADOR DE CORRENTE 15 KV"},1,"un",{"$f":"IF($G320=\"ORSE\",VLOOKUP($H320,ORSE_INSUM!A:E,4,0),IF($G320=\"SINAPI\",VLOOKUP($H320,SINAPI_INSUM!A:E,5,0),IF($G320=\"SEINFRA\",VLOOKUP($H320,SEINFRA_INSUM!B:F,4,0),IF($G320=\"COTAÇÃO\",VLOOKUP($H320,'COTACAO - PEÇAS E MATERIAIS'!B:L,10,0),\"\"))))","v":835.55},835.55,"SEINFRA","I7542",null,"4"]
["3.1.1.314",{"$f":"IF($G321=\"ORSE\",VLOOKUP($H321,ORSE_INSUM!A:E,2,0),IF($G321=\"SINAPI\",VLOOKUP($H321,SINAPI_INSUM!A:E,2,0),IF($G321=\"SEINFRA\",VLOOKUP($H321,SEINFRA_INSUM!B:F,2,0),IF($G321=\"COTAÇÃO\",VLOOKUP($H321,'COTACAO - PEÇAS E MATERIAIS'!B:L,2,0),\"\"))))","v":"TRANSFORMADOR DE POTÊNCIA 15 KV"},0,"Ud",{"$f":"IF($G321=\"ORSE\",VLOOKUP($H321,ORSE_INSUM!A:E,4,0),IF($G321=\"SINAPI\",VLOOKUP($H321,SINAPI_INSUM!A:E,5,0),IF($G321=\"SEINFRA\",VLOOKUP($H321,SEINFRA_INSUM!B:F,4,0),IF($G321=\"COTAÇÃO\",VLOOKUP($H321,'COTACAO - PEÇAS E MATERIAIS'!B:L,10,0),\"\"))))","v":1161.4100000000001},0,"SEINFRA","I7543",null,"1"]
["3.1.1.315",{"$f":"IF($G322=\"ORSE\",VLOOKUP($H322,ORSE_INSUM!A:E,2,0),IF($G322=\"SINAPI\",VLOOKUP($H322,SINAPI_INSUM!A:E,2,0),IF($G322=\"SEINFRA\",VLOOKUP($H322,SEINFRA_INSUM!B:F,2,0),IF($G322=\"COTAÇÃO\",VLOOKUP($H322,'COTACAO - PEÇAS E MATERIAIS'!B:L,2,0),\"\"))))","v":"TRANSFORMADOR TRIFASICO DE DISTRIBUICAO, POTENCIA DE 15 KVA, TENSAO NOMINAL DE 15 KV, TENSAO SECUNDARIA DE 220/127V, EM OLEO ISOLANTE TIPO MINERAL"},1,"un",{"$f":"IF($G322=\"ORSE\",VLOOKUP($H322,ORSE_INSUM!A:E,4,0),IF($G322=\"SINAPI\",VLOOKUP($H322,SINAPI_INSUM!A:E,5,0),IF($G322=\"SEINFRA\",VLOOKUP($H322,SEINFRA_INSUM!B:F,4,0),IF($G322=\"COTAÇÃO\",VLOOKUP($H322,'COTACAO - PEÇAS E MATERIAIS'!B:L,10,0),\"\"))))","v":"3.560,51"},3560.51,"SINAPI",12076,null,"2"]
["3.1.1.316",{"$f":"IF($G323=\"ORSE\",VLOOKUP($H323,ORSE_INSUM!A:E,2,0),IF($G323=\"SINAPI\",VLOOKUP($H323,SINAPI_INSUM!A:E,2,0),IF($G323=\"SEINFRA\",VLOOKUP($H323,SEINFRA_INSUM!B:F,2,0),IF($G323=\"COTAÇÃO\",VLOOKUP($H323,'COTACAO - PEÇAS E MATERIAIS'!B:L,2,0),\"\"))))","v":"TRANSFORMADOR TRIFASICO DE DISTRIBUICAO, POTENCIA DE 45 KVA, TENSAO NOMINAL DE 15 KV, TENSAO SECUNDARIA DE 220/127V, EM OLEO ISOLANTE TIPO MINERAL"},1,"un",{"$f":"IF($G323=\"ORSE\",VLOOKUP($H323,ORSE_INSUM!A:E,4,0),IF($G323=\"SINAPI\",VLOOKUP($H323,SINAPI_INSUM!A:E,5,0),IF($G323=\"SEINFRA\",VLOOKUP($H323,SEINFRA_INSUM!B:F,4,0),IF($G323=\"COTAÇÃO\",VLOOKUP($H323,'COTACAO - PEÇAS E MATERIAIS'!B:L,10,0),\"\"))))","v":"4.857,56"},4857.5600000000004,"SINAPI",7617,null,"2"]
["3.1.1.317",{"$f":"IF($G324=\"ORSE\",VLOOKUP($H324,ORSE_INSUM!A:E,2,0),IF($G324=\"SINAPI\",VLOOKUP($H324,SINAPI_INSUM!A:E,2,0),IF($G324=\"SEINFRA\",VLOOKUP($H324,SEINFRA_INSUM!B:F,2,0),IF($G324=\"COTAÇÃO\",VLOOKUP($H324,'COTACAO - PEÇAS E MATERIAIS'!B:L,2,0),\"\"))))","v":"TRANSFORMADOR TRIFÁSICO 75 KVA, AT 13800V, BT 380/220 V"},{"$f":"ROUND(J324/2,0)","v":1},"Ud",{"$f":"IF($G324=\"ORSE\",VLOOKUP($H324,ORSE_INSUM!A:E,4,0),IF($G324=\"SINAPI\",VLOOKUP($H324,SINAPI_INSUM!A:E,5,0),IF($G324=\"SEINFRA\",VLOOKUP($H324,SEINFRA_INSUM!B:F,4,0),IF($G324=\"COTAÇÃO\",VLOOKUP($H324,'COTACAO - PEÇAS E MATERIAIS'!B:L,10,0),\"\"))))","v":7558.8},7558.8,"ORSE",3255,null,1]
["3.1.1.318",{"$f":"IF($G325=\"ORSE\",VLOOKUP($H325,ORSE_INSUM!A:E,2,0),IF($G325=\"SINAPI\",VLOOKUP($H325,SINAPI_INSUM!A:E,2,0),IF($G325=\"SEINFRA\",VLOOKUP($H325,SEINFRA_INSUM!B:F,2,0),IF($G325=\"COTAÇÃO\",VLOOKUP($H325,'COTACAO - PEÇAS E MATERIAIS'!B:L,2,0),\"\"))))","v":"Voltimetro bobina movel, 0-100Vcc, class de exat. 1,5; Deflex. Do ponteiro 90º Ref.: Kron"},1,"Um",{"$f":"IF($G325=\"ORSE\",VLOOKUP($H325,ORSE_INSUM!A:E,4,0),IF($G325=\"SINAPI\",VLOOKUP($H325,SINAPI_INSUM!A:E,5,0),IF($G325=\"SEINFRA\",VLOOKUP($H325,SEINFRA_INSUM!B:F,4,0),IF($G325=\"COTAÇÃO\",VLOOKUP($H325,'COTACAO - PEÇAS E MATERIAIS'!B:L,10,0),\"\"))))","v":159.27000000000001},159.27000000000001,"COTAÇÃO",282,null,"3"]
["3.1.1.319",{"$f":"IF($G326=\"ORSE\",VLOOKUP($H326,ORSE_INSUM!A:E,2,0),IF($G326=\"SINAPI\",VLOOKUP($H326,SINAPI_INSUM!A:E,2,0),IF($G326=\"SEINFRA\",VLOOKUP($H326,SEINFRA_INSUM!B:F,2,0),IF($G326=\"COTAÇÃO\",VLOOKUP($H326,'COTACAO - PEÇAS E MATERIAIS'!B:L,2,0),\"\"))))","v":"Voltimetro digital 15KV, para ligação em TP 13800/115V, moldura: 96X96mm. Ref. KRON"},{"$f":"ROUND(J326/2,0)","v":1},"Um",{"$f":"IF($G326=\"ORSE\",VLOOKUP($H326,ORSE_INSUM!A:E,4,0),IF($G326=\"SINAPI\",VLOOKUP($H326,SINAPI_INSUM!A:E,5,0),IF($G326=\"SEINFRA\",VLOOKUP($H326,SEINFRA_INSUM!B:F,4,0),IF($G326=\"COTAÇÃO\",VLOOKUP($H326,'COTACAO - PEÇAS E MATERIAIS'!B:L,10,0),\"\"))))","v":285.95},285.95,"COTAÇÃO",283,null,1]
["SUB TOTAL MATERIAL ELÉTRICO",{"$nulls":4},{"$f":"SUM(F8:F326)","v":405800.87}]
["SUB TOTAL MATERIAL ELÉTRICO COM BDI DE FORNECIMENTO",{"$nulls":4},{"$f":"F327+F327*'BDI - FORNECIMENTOS'!$C$31","v":450033.16}]
[]
["3.1.2","MATERIAL MECÂNICO"]
[]
["ITEM","DESCRIÇÃO","QUANT.","UNID.","VALOR",null,"REF.TAB.","Cód. TAB."]
[{"$nulls":4},"UNIT. (R$)","TOTAL (R$)"]
[]
["3.1.2.1","Anti ferrugem spray WD-40 / 300ml",{"$f":"ROUND(J335/4,0)","v":2},"Ud",{"$f":"IF($G335=\"ORSE\",VLOOKUP($H335,ORSE_INSUM!A:E,4,0),IF($G335=\"SINAPI\",VLOOKUP($H335,SINAPI_INSUM!A:E,5,0),IF($G335=\"SEINFRA\",VLOOKUP($H335,SEINFRA_INSUM!B:F,4,0),IF($G335=\"COTAÇÃO\",VLOOKUP($H335,'COTACAO - PEÇAS E MATERIAIS'!B:L,10,0),\"\"))))","v":31.25},{"$f":"ROUND(C335*E335,2)","v":62.5},"COTAÇÃO",360,null,6]
["3.1.2.2","Arruela galvanizada 1/4\" x 1\" (KIT com 100 peças)",{"$f":"ROUND(J336/4,0)","v":1},"Ud",{"$f":"IF($G336=\"ORSE\",VLOOKUP($H336,ORSE_INSUM!A:E,4,0),IF($G336=\"SINAPI\",VLOOKUP($H336,SINAPI_INSUM!A:E,5,0),IF($G336=\"SEINFRA\",VLOOKUP($H336,SEINFRA_INSUM!B:F,4,0),IF($G336=\"COTAÇÃO\",VLOOKUP($H336,'COTACAO - PEÇAS E MATERIAIS'!B:L,10,0),\"\"))))","v":7},7,"COTAÇÃO",361,null,"2"]
["3.1.2.3","Arruela galvanizada 3/4\" x 4\"",10,"Ud",{"$f":"IF($G337=\"ORSE\",VLOOKUP($H337,ORSE_INSUM!A:E,4,0),IF($G337=\"SINAPI\",VLOOKUP($H337,SINAPI_INSUM!A:E,5,0),IF($G337=\"SEINFRA\",VLOOKUP($H337,SEINFRA_INSUM!B:F,4,0),IF($G337=\"COTAÇÃO\",VLOOKUP($H337,'COTACAO - PEÇAS E MATERIAIS'!B:L,10,0),\"\"))))","v":0.78},7.8,"COTAÇÃO",362,null,40]
["3.1.2.4","Arruela galvanizada 3/8\" x 3\"",10,"Ud",{"$f":"IF($G338=\"ORSE\",VLOOKUP($H338,ORSE_INSUM!A:E,4,0),IF($G338=\"SINAPI\",VLOOKUP($H338,SINAPI_INSUM!A:E,5,0),IF($G338=\"SEINFRA\",VLOOKUP($H338,SEINFRA_INSUM!B:F,4,0),IF($G338=\"COTAÇÃO\",VLOOKUP($H338,'COTACAO - PEÇAS E MATERIAIS'!B:L,10,0),\"\"))))","v":0.2},2,"COTAÇÃO",363,null,40]
["3.1.2.5","Arruela galvanizada 5/16\" x 1/2\"",10,"Ud",{"$f":"IF($G339=\"ORSE\",VLOOKUP($H339,ORSE_INSUM!A:E,4,0),IF($G339=\"SINAPI\",VLOOKUP($H339,SINAPI_INSUM!A:E,5,0),IF($G339=\"SEINFRA\",VLOOKUP($H339,SEINFRA_INSUM!B:F,4,0),IF($G339=\"COTAÇÃO\",VLOOKUP($H339,'COTACAO - PEÇAS E MATERIAIS'!B:L,10,0),\"\"))))","v":0.13},1.3,"COTAÇÃO",364,null,40]
["3.1.2.6","Arruela lisa galvanizada 1/2\"",10,"Ud",{"$f":"IF($G340=\"ORSE\",VLOOKUP($H340,ORSE_INSUM!A:E,4,0),IF($G340=\"SINAPI\",VLOOKUP($H340,SINAPI_INSUM!A:E,5,0),IF($G340=\"SEINFRA\",VLOOKUP($H340,SEINFRA_INSUM!B:F,4,0),IF($G340=\"COTAÇÃO\",VLOOKUP($H340,'COTACAO - PEÇAS E MATERIAIS'!B:L,10,0),\"\"))))","v":0.2},2,"COTAÇÃO",365,null,40]
["3.1.2.7","Arruela lisa galvanizada 3/4\"",10,"Ud",{"$f":"IF($G341=\"ORSE\",VLOOKUP($H341,ORSE_INSUM!A:E,4,0),IF($G341=\"SINAPI\",VLOOKUP($H341,SINAPI_INSUM!A:E,5,0),IF($G341=\"SEINFRA\",VLOOKUP($H341,SEINFRA_INSUM!B:F,4,0),IF($G341=\"COTAÇÃO\",VLOOKUP($H341,'COTACAO - PEÇAS E MATERIAIS'!B:L,10,0),\"\"))))","v":0.5},5,"COTAÇÃO",366,null,40]
["3.1.2.8","Arruela lisa galvanizada 5/8\"",10,"Ud",{"$f":"IF($G342=\"ORSE\",VLOOKUP($H342,ORSE_INSUM!A:E,4,0),IF($G342=\"SINAPI\",VLOOKUP($H342,SINAPI_INSUM!A:E,5,0),IF($G342=\"SEINFRA\",VLOOKUP($H342,SEINFRA_INSUM!B:F,4,0),IF($G342=\"COTAÇÃO\",VLOOKUP($H342,'COTACAO - PEÇAS E MATERIAIS'!B:L,10,0),\"\"))))","v":0.48},4.8,"COTAÇÃO",367,null,40]
["3.1.2.9","Arruela lisa galvanizada 7/8\"",10,"Ud",{"$f":"IF($G343=\"ORSE\",VLOOKUP($H343,ORSE_INSUM!A:E,4,0),IF($G343=\"SINAPI\",VLOOKUP($H343,SINAPI_INSUM!A:E,5,0),IF($G343=\"SEINFRA\",VLOOKUP($H343,SEINFRA_INSUM!B:F,4,0),IF($G343=\"COTAÇÃO\",VLOOKUP($H343,'COTACAO - PEÇAS E MATERIAIS'!B:L,10,0),\"\"))))","v":0.95},9.5,"COTAÇÃO",368,null,40]
["3.1.2.10","Barra de ferro rosca DN 1/2\"",1,"Ud",{"$f":"IF($G344=\"ORSE\",VLOOKUP($H344,ORSE_INSUM!A:E,4,0),IF($G344=\"SINAPI\",VLOOKUP($H344,SINAPI_INSUM!A:E,5,0),IF($G344=\"SEINFRA\",VLOOKUP($H344,SEINFRA_INSUM!B:F,4,0),IF($G344=\"COTAÇÃO\",VLOOKUP($H344,'COTACAO - PEÇAS E MATERIAIS'!B:L,10,0),\"\"))))","v":7.89},7.89,"COTAÇÃO",369,null,4]
["3.1.2.11","Barra de ferro rosca DN 3/8\"",1,"Ud",{"$f":"IF($G345=\"ORSE\",VLOOKUP($H345,ORSE_INSUM!A:E,4,0),IF($G345=\"SINAPI\",VLOOKUP($H345,SINAPI_INSUM!A:E,5,0),IF($G345=\"SEINFRA\",VLOOKUP($H345,SEINFRA_INSUM!B:F,4,0),IF($G345=\"COTAÇÃO\",VLOOKUP($H345,'COTACAO - PEÇAS E MATERIAIS'!B:L,10,0),\"\"))))","v":4.1399999999999997},4.1399999999999997,"COTAÇÃO",370,null,4]
["3.1.2.12","BARRA DE FERRO RETANGULAR, BARRA CHATA, 1 1/2\" X 1/4\" (L X E), 1,89 KG/M",1,"M",{"$f":"IF($G346=\"ORSE\",VLOOKUP($H346,ORSE_INSUM!A:E,4,0),IF($G346=\"SINAPI\",VLOOKUP($H346,SINAPI_INSUM!A:E,5,0),IF($G346=\"SEINFRA\",VLOOKUP($H346,SEINFRA_INSUM!B:F,4,0),IF($G346=\"COTAÇÃO\",VLOOKUP($H346,'COTACAO - PEÇAS E MATERIAIS'!B:L,10,0),\"\"))))","v":"9,63"},9.6300000000000008,"SINAPI",552,null,3]
["3.1.2.13","BARRA DE FERRO RETANGULAR, BARRA CHATA, 1\" X 1/4\" (L X E), 1,2265 KG/M",1,"M",{"$f":"IF($G347=\"ORSE\",VLOOKUP($H347,ORSE_INSUM!A:E,4,0),IF($G347=\"SINAPI\",VLOOKUP($H347,SINAPI_INSUM!A:E,5,0),IF($G347=\"SEINFRA\",VLOOKUP($H347,SEINFRA_INSUM!B:F,4,0),IF($G347=\"COTAÇÃO\",VLOOKUP($H347,'COTACAO - PEÇAS E MATERIAIS'!B:L,10,0),\"\"))))","v":"5,91"},5.91,"SINAPI",555,null,3]
["3.1.2.14","BARRA DE FERRO RETANGULAR, BARRA CHATA, 3/8\" X 1 1/2\" (L X E), 2,84 KG/M",1,"M",{"$f":"IF($G348=\"ORSE\",VLOOKUP($H348,ORSE_INSUM!A:E,4,0),IF($G348=\"SINAPI\",VLOOKUP($H348,SINAPI_INSUM!A:E,5,0),IF($G348=\"SEINFRA\",VLOOKUP($H348,SEINFRA_INSUM!B:F,4,0),IF($G348=\"COTAÇÃO\",VLOOKUP($H348,'COTACAO - PEÇAS E MATERIAIS'!B:L,10,0),\"\"))))","v":"14,66"},14.66,"SINAPI",563,null,5]
["3.1.2.15","Barra roscada de aço galvanizado 1/2\"",1,"M",{"$f":"IF($G349=\"ORSE\",VLOOKUP($H349,ORSE_INSUM!A:E,4,0),IF($G349=\"SINAPI\",VLOOKUP($H349,SINAPI_INSUM!A:E,5,0),IF($G349=\"SEINFRA\",VLOOKUP($H349,SEINFRA_INSUM!B:F,4,0),IF($G349=\"COTAÇÃO\",VLOOKUP($H349,'COTACAO - PEÇAS E MATERIAIS'!B:L,10,0),\"\"))))","v":9.24},9.24,"COTAÇÃO",374,null,4]
["3.1.2.16","Barra roscada de aço galvanizado 3/4\"",1,"M",{"$f":"IF($G350=\"ORSE\",VLOOKUP($H350,ORSE_INSUM!A:E,4,0),IF($G350=\"SINAPI\",VLOOKUP($H350,SINAPI_INSUM!A:E,5,0),IF($G350=\"SEINFRA\",VLOOKUP($H350,SEINFRA_INSUM!B:F,4,0),IF($G350=\"COTAÇÃO\",VLOOKUP($H350,'COTACAO - PEÇAS E MATERIAIS'!B:L,10,0),\"\"))))","v":20.91},20.91,"COTAÇÃO",375,null,4]
["3.1.2.17","Barra roscada de aço galvanizado 5/8\"",1,"M",{"$f":"IF($G351=\"ORSE\",VLOOKUP($H351,ORSE_INSUM!A:E,4,0),IF($G351=\"SINAPI\",VLOOKUP($H351,SINAPI_INSUM!A:E,5,0),IF($G351=\"SEINFRA\",VLOOKUP($H351,SEINFRA_INSUM!B:F,4,0),IF($G351=\"COTAÇÃO\",VLOOKUP($H351,'COTACAO - PEÇAS E MATERIAIS'!B:L,10,0),\"\"))))","v":13.84},13.84,"COTAÇÃO",376,null,4]
["3.1.2.18","BARRA ROSCADA ZINCADA Ø 1/4\"",1,"M",{"$f":"IF($G352=\"ORSE\",VLOOKUP($H352,ORSE_INSUM!A:E,4,0),IF($G352=\"SINAPI\",VLOOKUP($H352,SINAPI_INSUM!A:E,5,0),IF($G352=\"SEINFRA\",VLOOKUP($H352,SEINFRA_INSUM!B:F,4,0),IF($G352=\"COTAÇÃO\",VLOOKUP($H352,'COTACAO - PEÇAS E MATERIAIS'!B:L,10,0),\"\"))))","v":7.05},{"$f":"ROUND(C352*E352,2)","v":7.05},"ORSE",7551,null,4]
["3.1.2.19","BARRA ROSCADA ZINCADA Ø 3/8\"",1,"M",{"$f":"IF($G353=\"ORSE\",VLOOKUP($H353,ORSE_INSUM!A:E,4,0),IF($G353=\"SINAPI\",VLOOKUP($H353,SINAPI_INSUM!A:E,5,0),IF($G353=\"SEINFRA\",VLOOKUP($H353,SEINFRA_INSUM!B:F,4,0),IF($G353=\"COTAÇÃO\",VLOOKUP($H353,'COTACAO - PEÇAS E MATERIAIS'!B:L,10,0),\"\"))))","v":7.77},7.77,"ORSE",9783,null,4]
["3.1.2.20","BARRA ROSCADA ZINCADA Ø 5/16\"",1,"M",{"$f":"IF($G354=\"ORSE\",VLOOKUP($H354,ORSE_INSUM!A:E,4,0),IF($G354=\"SINAPI\",VLOOKUP($H354,SINAPI_INSUM!A:E,5,0),IF($G354=\"SEINFRA\",VLOOKUP($H354,SEINFRA_INSUM!B:F,4,0),IF($G354=\"COTAÇÃO\",VLOOKUP($H354,'COTACAO - PEÇAS E MATERIAIS'!B:L,10,0),\"\"))))","v":6.48},6.48,"ORSE",10738,null,4]
["3.1.2.21","Broca aço rápido 2,0 mm",2,"Ud",{"$f":"IF($G355=\"ORSE\",VLOOKUP($H355,ORSE_INSUM!A:E,4,0),IF($G355=\"SINAPI\",VLOOKUP($H355,SINAPI_INSUM!A:E,5,0),IF($G355=\"SEINFRA\",VLOOKUP($H355,SEINFRA_INSUM!B:F,4,0),IF($G355=\"COTAÇÃO\",VLOOKUP($H355,'COTACAO - PEÇAS E MATERIAIS'!B:L,10,0),\"\"))))","v":4.46},8.92,"COTAÇÃO",385,null,6]
["3.1.2.22","Broca aço rápido 3,0 mm",2,"Ud",{"$f":"IF($G356=\"ORSE\",VLOOKUP($H356,ORSE_INSUM!A:E,4,0),IF($G356=\"SINAPI\",VLOOKUP($H356,SINAPI_INSUM!A:E,5,0),IF($G356=\"SEINFRA\",VLOOKUP($H356,SEINFRA_INSUM!B:F,4,0),IF($G356=\"COTAÇÃO\",VLOOKUP($H356,'COTACAO - PEÇAS E MATERIAIS'!B:L,10,0),\"\"))))","v":3.72},7.44,"COTAÇÃO",386,null,6]
["3.1.2.23","Broca aço rápido 5,0 mm",2,"Ud",{"$f":"IF($G357=\"ORSE\",VLOOKUP($H357,ORSE_INSUM!A:E,4,0),IF($G357=\"SINAPI\",VLOOKUP($H357,SINAPI_INSUM!A:E,5,0),IF($G357=\"SEINFRA\",VLOOKUP($H357,SEINFRA_INSUM!B:F,4,0),IF($G357=\"COTAÇÃO\",VLOOKUP($H357,'COTACAO - PEÇAS E MATERIAIS'!B:L,10,0),\"\"))))","v":4.9800000000000004},9.9600000000000009,"COTAÇÃO",387,null,6]
["3.1.2.24","Broca aço rápido 6,0 mm",2,"Ud",{"$f":"IF($G358=\"ORSE\",VLOOKUP($H358,ORSE_INSUM!A:E,4,0),IF($G358=\"SINAPI\",VLOOKUP($H358,SINAPI_INSUM!A:E,5,0),IF($G358=\"SEINFRA\",VLOOKUP($H358,SEINFRA_INSUM!B:F,4,0),IF($G358=\"COTAÇÃO\",VLOOKUP($H358,'COTACAO - PEÇAS E MATERIAIS'!B:L,10,0),\"\"))))","v":6.14},12.28,"COTAÇÃO",388,null,6]
["3.1.2.25","Broca aço rápido 8,0 mm",2,"Ud",{"$f":"IF($G359=\"ORSE\",VLOOKUP($H359,ORSE_INSUM!A:E,4,0),IF($G359=\"SINAPI\",VLOOKUP($H359,SINAPI_INSUM!A:E,5,0),IF($G359=\"SEINFRA\",VLOOKUP($H359,SEINFRA_INSUM!B:F,4,0),IF($G359=\"COTAÇÃO\",VLOOKUP($H359,'COTACAO - PEÇAS E MATERIAIS'!B:L,10,0),\"\"))))","v":10.51},21.02,"COTAÇÃO",389,null,6]
["3.1.2.26","Broca aço rápido 10,0 mm",2,"Ud",{"$f":"IF($G360=\"ORSE\",VLOOKUP($H360,ORSE_INSUM!A:E,4,0),IF($G360=\"SINAPI\",VLOOKUP($H360,SINAPI_INSUM!A:E,5,0),IF($G360=\"SEINFRA\",VLOOKUP($H360,SEINFRA_INSUM!B:F,4,0),IF($G360=\"COTAÇÃO\",VLOOKUP($H360,'COTACAO - PEÇAS E MATERIAIS'!B:L,10,0),\"\"))))","v":20.79},41.58,"COTAÇÃO",390,null,6]
["3.1.2.27","Broca aço rápido 12,0 mm",2,"Ud",{"$f":"IF($G361=\"ORSE\",VLOOKUP($H361,ORSE_INSUM!A:E,4,0),IF($G361=\"SINAPI\",VLOOKUP($H361,SINAPI_INSUM!A:E,5,0),IF($G361=\"SEINFRA\",VLOOKUP($H361,SEINFRA_INSUM!B:F,4,0),IF($G361=\"COTAÇÃO\",VLOOKUP($H361,'COTACAO - PEÇAS E MATERIAIS'!B:L,10,0),\"\"))))","v":28.97},57.94,"COTAÇÃO",391,null,6]
["3.1.2.28","Broca aço rápido 16 mm",2,"Ud",{"$f":"IF($G362=\"ORSE\",VLOOKUP($H362,ORSE_INSUM!A:E,4,0),IF($G362=\"SINAPI\",VLOOKUP($H362,SINAPI_INSUM!A:E,5,0),IF($G362=\"SEINFRA\",VLOOKUP($H362,SEINFRA_INSUM!B:F,4,0),IF($G362=\"COTAÇÃO\",VLOOKUP($H362,'COTACAO - PEÇAS E MATERIAIS'!B:L,10,0),\"\"))))","v":131.27000000000001},262.54000000000002,"COTAÇÃO",392,null,6]
["3.1.2.29","Broca de videa 10 mm",2,"Ud",{"$f":"IF($G363=\"ORSE\",VLOOKUP($H363,ORSE_INSUM!A:E,4,0),IF($G363=\"SINAPI\",VLOOKUP($H363,SINAPI_INSUM!A:E,5,0),IF($G363=\"SEINFRA\",VLOOKUP($H363,SEINFRA_INSUM!B:F,4,0),IF($G363=\"COTAÇÃO\",VLOOKUP($H363,'COTACAO - PEÇAS E MATERIAIS'!B:L,10,0),\"\"))))","v":10.93},21.86,"COTAÇÃO",393,null,6]
["3.1.2.30","Broca de videa 6 mm",2,"Ud",{"$f":"IF($G364=\"ORSE\",VLOOKUP($H364,ORSE_INSUM!A:E,4,0),IF($G364=\"SINAPI\",VLOOKUP($H364,SINAPI_INSUM!A:E,5,0),IF($G364=\"SEINFRA\",VLOOKUP($H364,SEINFRA_INSUM!B:F,4,0),IF($G364=\"COTAÇÃO\",VLOOKUP($H364,'COTACAO - PEÇAS E MATERIAIS'!B:L,10,0),\"\"))))","v":4.9800000000000004},9.9600000000000009,"COTAÇÃO",394,null,6]
["3.1.2.31","Broca de videa 8 mm",2,"Ud",{"$f":"IF($G365=\"ORSE\",VLOOKUP($H365,ORSE_INSUM!A:E,4,0),IF($G365=\"SINAPI\",VLOOKUP($H365,SINAPI_INSUM!A:E,5,0),IF($G365=\"SEINFRA\",VLOOKUP($H365,SEINFRA_INSUM!B:F,4,0),IF($G365=\"COTAÇÃO\",VLOOKUP($H365,'COTACAO - PEÇAS E MATERIAIS'!B:L,10,0),\"\"))))","v":5.86},11.72,"COTAÇÃO",395,null,6]
["3.1.2.32","Calços calibrados TMAS 100-005 (SKF)",1,"Jg",{"$f":"IF($G366=\"ORSE\",VLOOKUP($H366,ORSE_INSUM!A:E,4,0),IF($G366=\"SINAPI\",VLOOKUP($H366,SINAPI_INSUM!A:E,5,0),IF($G366=\"SEINFRA\",VLOOKUP($H366,SEINFRA_INSUM!B:F,4,0),IF($G366=\"COTAÇÃO\",VLOOKUP($H366,'COTACAO - PEÇAS E MATERIAIS'!B:L,10,0),\"\"))))","v":137.29},137.29,"COTAÇÃO",396,null,2]
["3.1.2.33","Calços calibrados TMAS 125-010 (SKF)",1,"Jg",{"$f":"IF($G367=\"ORSE\",VLOOKUP($H367,ORSE_INSUM!A:E,4,0),IF($G367=\"SINAPI\",VLOOKUP($H367,SINAPI_INSUM!A:E,5,0),IF($G367=\"SEINFRA\",VLOOKUP($H367,SEINFRA_INSUM!B:F,4,0),IF($G367=\"COTAÇÃO\",VLOOKUP($H367,'COTACAO - PEÇAS E MATERIAIS'!B:L,10,0),\"\"))))","v":246.69},246.69,"COTAÇÃO",397,null,2]
["3.1.2.34","Calços calibrados TMAS 125-020 (SKF)",1,"Jg",{"$f":"IF($G368=\"ORSE\",VLOOKUP($H368,ORSE_INSUM!A:E,4,0),IF($G368=\"SINAPI\",VLOOKUP($H368,SINAPI_INSUM!A:E,5,0),IF($G368=\"SEINFRA\",VLOOKUP($H368,SEINFRA_INSUM!B:F,4,0),IF($G368=\"COTAÇÃO\",VLOOKUP($H368,'COTACAO - PEÇAS E MATERIAIS'!B:L,10,0),\"\"))))","v":248.62},248.62,"COTAÇÃO",398,null,2]
["3.1.2.35","CHUMBADOR DE ACO, DIAMETRO 1/2\", COMPRIMENTO 75 MM",1,"Ud",{"$f":"IF($G369=\"ORSE\",VLOOKUP($H369,ORSE_INSUM!A:E,4,0),IF($G369=\"SINAPI\",VLOOKUP($H369,SINAPI_INSUM!A:E,5,0),IF($G369=\"SEINFRA\",VLOOKUP($H369,SEINFRA_INSUM!B:F,4,0),IF($G369=\"COTAÇÃO\",VLOOKUP($H369,'COTACAO - PEÇAS E MATERIAIS'!B:L,10,0),\"\"))))","v":"6,74"},6.74,"SINAPI",11977,null,4]
["3.1.2.36","CHUMBADOR DE ACO, DIAMETRO 5/8\", COMPRIMENTO 6\", COM PORCA",1,"Ud",{"$f":"IF($G370=\"ORSE\",VLOOKUP($H370,ORSE_INSUM!A:E,4,0),IF($G370=\"SINAPI\",VLOOKUP($H370,SINAPI_INSUM!A:E,5,0),IF($G370=\"SEINFRA\",VLOOKUP($H370,SEINFRA_INSUM!B:F,4,0),IF($G370=\"COTAÇÃO\",VLOOKUP($H370,'COTACAO - PEÇAS E MATERIAIS'!B:L,10,0),\"\"))))","v":"14,77"},14.77,"SINAPI",11975,null,4]
["3.1.2.37","CHUMBADOR DE ACO, 1\" X 600 MM, PARA POSTES DE ACO COM BASE, INCLUSO PORCA E ARRUELA",1,"Kg",{"$f":"IF($G371=\"ORSE\",VLOOKUP($H371,ORSE_INSUM!A:E,4,0),IF($G371=\"SINAPI\",VLOOKUP($H371,SINAPI_INSUM!A:E,5,0),IF($G371=\"SEINFRA\",VLOOKUP($H371,SEINFRA_INSUM!B:F,4,0),IF($G371=\"COTAÇÃO\",VLOOKUP($H371,'COTACAO - PEÇAS E MATERIAIS'!B:L,10,0),\"\"))))","v":"164,35"},164.35,"SINAPI",39746,null,4]
["3.1.2.38","Chumbador de aço 5/8\" X 200mm c/rosca e porca",1,"Kg",{"$f":"IF($G372=\"ORSE\",VLOOKUP($H372,ORSE_INSUM!A:E,4,0),IF($G372=\"SINAPI\",VLOOKUP($H372,SINAPI_INSUM!A:E,5,0),IF($G372=\"SEINFRA\",VLOOKUP($H372,SEINFRA_INSUM!B:F,4,0),IF($G372=\"COTAÇÃO\",VLOOKUP($H372,'COTACAO - PEÇAS E MATERIAIS'!B:L,10,0),\"\"))))","v":6.88},6.88,"COTAÇÃO",402,null,4]
["3.1.2.39","CHUMBADOR, DIAMETRO 1/4\" COM PARAFUSO 1/4\" X 40 MM",1,"Ud",{"$f":"IF($G373=\"ORSE\",VLOOKUP($H373,ORSE_INSUM!A:E,4,0),IF($G373=\"SINAPI\",VLOOKUP($H373,SINAPI_INSUM!A:E,5,0),IF($G373=\"SEINFRA\",VLOOKUP($H373,SEINFRA_INSUM!B:F,4,0),IF($G373=\"COTAÇÃO\",VLOOKUP($H373,'COTACAO - PEÇAS E MATERIAIS'!B:L,10,0),\"\"))))","v":"0,75"},0.75,"SINAPI",11976,null,4]
["3.1.2.40","CHUMBADOR DE ACO, DIAMETRO 1/2\", COMPRIMENTO 75 MM",1,"Ud",{"$f":"IF($G374=\"ORSE\",VLOOKUP($H374,ORSE_INSUM!A:E,4,0),IF($G374=\"SINAPI\",VLOOKUP($H374,SINAPI_INSUM!A:E,5,0),IF($G374=\"SEINFRA\",VLOOKUP($H374,SEINFRA_INSUM!B:F,4,0),IF($G374=\"COTAÇÃO\",VLOOKUP($H374,'COTACAO - PEÇAS E MATERIAIS'!B:L,10,0),\"\"))))","v":"6,74"},6.74,"SINAPI",11977,null,4]
["3.1.2.41","Cola trava roscas",1,"Ud",{"$f":"IF($G375=\"ORSE\",VLOOKUP($H375,ORSE_INSUM!A:E,4,0),IF($G375=\"SINAPI\",VLOOKUP($H375,SINAPI_INSUM!A:E,5,0),IF($G375=\"SEINFRA\",VLOOKUP($H375,SEINFRA_INSUM!B:F,4,0),IF($G375=\"COTAÇÃO\",VLOOKUP($H375,'COTACAO - PEÇAS E MATERIAIS'!B:L,10,0),\"\"))))","v":10.46},10.46,"COTAÇÃO",405,null,4]
["3.1.2.42","Cordão de Borracha para anel O'RING  5mm",1,"Ud",{"$f":"IF($G376=\"ORSE\",VLOOKUP($H376,ORSE_INSUM!A:E,4,0),IF($G376=\"SINAPI\",VLOOKUP($H376,SINAPI_INSUM!A:E,5,0),IF($G376=\"SEINFRA\",VLOOKUP($H376,SEINFRA_INSUM!B:F,4,0),IF($G376=\"COTAÇÃO\",VLOOKUP($H376,'COTACAO - PEÇAS E MATERIAIS'!B:L,10,0),\"\"))))","v":2.4700000000000002},2.4700000000000002,"COTAÇÃO",406,null,5]
["3.1.2.43","Cordão de Borracha para anel O'RING  7mm",1,"Ud",{"$f":"IF($G377=\"ORSE\",VLOOKUP($H377,ORSE_INSUM!A:E,4,0),IF($G377=\"SINAPI\",VLOOKUP($H377,SINAPI_INSUM!A:E,5,0),IF($G377=\"SEINFRA\",VLOOKUP($H377,SEINFRA_INSUM!B:F,4,0),IF($G377=\"COTAÇÃO\",VLOOKUP($H377,'COTACAO - PEÇAS E MATERIAIS'!B:L,10,0),\"\"))))","v":3.99},3.99,"COTAÇÃO",407,null,5]
["3.1.2.44","Desengripante líquido 300g",3,"Ud",{"$f":"IF($G378=\"ORSE\",VLOOKUP($H378,ORSE_INSUM!A:E,4,0),IF($G378=\"SINAPI\",VLOOKUP($H378,SINAPI_INSUM!A:E,5,0),IF($G378=\"SEINFRA\",VLOOKUP($H378,SEINFRA_INSUM!B:F,4,0),IF($G378=\"COTAÇÃO\",VLOOKUP($H378,'COTACAO - PEÇAS E MATERIAIS'!B:L,10,0),\"\"))))","v":8.9},26.7,"COTAÇÃO",408,null,12]
["3.1.2.45","Disco de corte diamantado - 7\", para esmerilhadeira, segmentado, para concreto",2,"Ud",{"$f":"IF($G379=\"ORSE\",VLOOKUP($H379,ORSE_INSUM!A:E,4,0),IF($G379=\"SINAPI\",VLOOKUP($H379,SINAPI_INSUM!A:E,5,0),IF($G379=\"SEINFRA\",VLOOKUP($H379,SEINFRA_INSUM!B:F,4,0),IF($G379=\"COTAÇÃO\",VLOOKUP($H379,'COTACAO - PEÇAS E MATERIAIS'!B:L,10,0),\"\"))))","v":63.31},126.62,"COTAÇÃO",409,null,6]
["3.1.2.46","Disco de corte para estrutura metálica 300 X 3,2 X 19,05 mm",2,"Ud",{"$f":"IF($G380=\"ORSE\",VLOOKUP($H380,ORSE_INSUM!A:E,4,0),IF($G380=\"SINAPI\",VLOOKUP($H380,SINAPI_INSUM!A:E,5,0),IF($G380=\"SEINFRA\",VLOOKUP($H380,SEINFRA_INSUM!B:F,4,0),IF($G380=\"COTAÇÃO\",VLOOKUP($H380,'COTACAO - PEÇAS E MATERIAIS'!B:L,10,0),\"\"))))","v":21.67},43.34,"COTAÇÃO",410,null,6]
["3.1.2.47","Disco de desbaste para estrutura metálica de 9\" x 1/4\" x 7/8\" (225 X 6,25 X 21,87 mm)",2,"Ud",{"$f":"IF($G381=\"ORSE\",VLOOKUP($H381,ORSE_INSUM!A:E,4,0),IF($G381=\"SINAPI\",VLOOKUP($H381,SINAPI_INSUM!A:E,5,0),IF($G381=\"SEINFRA\",VLOOKUP($H381,SEINFRA_INSUM!B:F,4,0),IF($G381=\"COTAÇÃO\",VLOOKUP($H381,'COTACAO - PEÇAS E MATERIAIS'!B:L,10,0),\"\"))))","v":11},22,"COTAÇÃO",411,null,6]
["3.1.2.48","Eletrodo AWS E-6013 (OK 46.00; WI 613) D = 4 mm  (Solda elétrica)",{"$f":"ROUND(J382/2,0)","v":1},"Kg",{"$f":"IF($G382=\"ORSE\",VLOOKUP($H382,ORSE_INSUM!A:E,4,0),IF($G382=\"SINAPI\",VLOOKUP($H382,SINAPI_INSUM!A:E,5,0),IF($G382=\"SEINFRA\",VLOOKUP($H382,SEINFRA_INSUM!B:F,4,0),IF($G382=\"COTAÇÃO\",VLOOKUP($H382,'COTACAO - PEÇAS E MATERIAIS'!B:L,10,0),\"\"))))","v":25.96},25.96,"COTAÇÃO",412,null,1]
["3.1.2.49","Eletrodo AWS E-6013 (OK 46.00; WI 613) D = 2,5 mm (Solda elétrica)",{"$f":"ROUND(J383/2,0)","v":1},"Kg",{"$f":"IF($G383=\"ORSE\",VLOOKUP($H383,ORSE_INSUM!A:E,4,0),IF($G383=\"SINAPI\",VLOOKUP($H383,SINAPI_INSUM!A:E,5,0),IF($G383=\"SEINFRA\",VLOOKUP($H383,SEINFRA_INSUM!B:F,4,0),IF($G383=\"COTAÇÃO\",VLOOKUP($H383,'COTACAO - PEÇAS E MATERIAIS'!B:L,10,0),\"\"))))","v":30.43},30.43,"COTAÇÃO",413,null,1]
["3.1.2.50","Eletrodo AWS E-7018 (OK 48.04; WI 718) D = 4 mm (Solda Elétrica) 14,65",{"$f":"ROUND(J384/2,0)","v":1},"Kg",{"$f":"IF($G384=\"ORSE\",VLOOKUP($H384,ORSE_INSUM!A:E,4,0),IF($G384=\"SINAPI\",VLOOKUP($H384,SINAPI_INSUM!A:E,5,0),IF($G384=\"SEINFRA\",VLOOKUP($H384,SEINFRA_INSUM!B:F,4,0),IF($G384=\"COTAÇÃO\",VLOOKUP($H384,'COTACAO - PEÇAS E MATERIAIS'!B:L,10,0),\"\"))))","v":33.06},33.06,"COTAÇÃO",414,null,1]
["3.1.2.51","Estopa",9,"Kg",{"$f":"IF($G385=\"ORSE\",VLOOKUP($H385,ORSE_INSUM!A:E,4,0),IF($G385=\"SINAPI\",VLOOKUP($H385,SINAPI_INSUM!A:E,5,0),IF($G385=\"SEINFRA\",VLOOKUP($H385,SEINFRA_INSUM!B:F,4,0),IF($G385=\"COTAÇÃO\",VLOOKUP($H385,'COTACAO - PEÇAS E MATERIAIS'!B:L,10,0),\"\"))))","v":9.77},87.93,"COTAÇÃO",421,null,36]
["3.1.2.52","Fita veda rosca em rolos 18 mm x 50 m",3,"Ud",{"$f":"IF($G386=\"ORSE\",VLOOKUP($H386,ORSE_INSUM!A:E,4,0),IF($G386=\"SINAPI\",VLOOKUP($H386,SINAPI_INSUM!A:E,5,0),IF($G386=\"SEINFRA\",VLOOKUP($H386,SEINFRA_INSUM!B:F,4,0),IF($G386=\"COTAÇÃO\",VLOOKUP($H386,'COTACAO - PEÇAS E MATERIAIS'!B:L,10,0),\"\"))))","v":7.58},22.74,"COTAÇÃO",422,null,"12"]
["3.1.2.53","Gaxeta teflonada 1/2\" 12,70mm - Teadit",2,"Kg",{"$f":"IF($G387=\"ORSE\",VLOOKUP($H387,ORSE_INSUM!A:E,4,0),IF($G387=\"SINAPI\",VLOOKUP($H387,SINAPI_INSUM!A:E,5,0),IF($G387=\"SEINFRA\",VLOOKUP($H387,SEINFRA_INSUM!B:F,4,0),IF($G387=\"COTAÇÃO\",VLOOKUP($H387,'COTACAO - PEÇAS E MATERIAIS'!B:L,10,0),\"\"))))","v":696.9},{"$f":"ROUND(C387*E387,2)","v":1393.8},"COTAÇÃO",426,null,7]
["3.1.2.54","GRAXA LUBRIFICANTE",50,"Kg",{"$f":"IF($G388=\"ORSE\",VLOOKUP($H388,ORSE_INSUM!A:E,4,0),IF($G388=\"SINAPI\",VLOOKUP($H388,SINAPI_INSUM!A:E,5,0),IF($G388=\"SEINFRA\",VLOOKUP($H388,SEINFRA_INSUM!B:F,4,0),IF($G388=\"COTAÇÃO\",VLOOKUP($H388,'COTACAO - PEÇAS E MATERIAIS'!B:L,10,0),\"\"))))","v":"23,85"},1192.5,"SINAPI",4229,null,"200"]
["3.1.2.55","Haste de interligação, em aço inoxidável AISI 304,  com diâmetro 36 mm x comprimento de 2300 mm, com extremidades com rosca para ligação com luvas de interligação",2,"Ud",{"$f":"IF($G389=\"ORSE\",VLOOKUP($H389,ORSE_INSUM!A:E,4,0),IF($G389=\"SINAPI\",VLOOKUP($H389,SINAPI_INSUM!A:E,5,0),IF($G389=\"SEINFRA\",VLOOKUP($H389,SEINFRA_INSUM!B:F,4,0),IF($G389=\"COTAÇÃO\",VLOOKUP($H389,'COTACAO - PEÇAS E MATERIAIS'!B:L,10,0),\"\"))))","v":2980},5960,"COTAÇÃO",429,null,"6"]
["3.1.2.56","Haste de interligação, em aço carbono SAE 1045, com diâmetro de 36 mm x comprimento de 2300 mm, com extremidades de rosca para ligação com luvas de interligação",2,"Ud",{"$f":"IF($G390=\"ORSE\",VLOOKUP($H390,ORSE_INSUM!A:E,4,0),IF($G390=\"SINAPI\",VLOOKUP($H390,SINAPI_INSUM!A:E,5,0),IF($G390=\"SEINFRA\",VLOOKUP($H390,SEINFRA_INSUM!B:F,4,0),IF($G390=\"COTAÇÃO\",VLOOKUP($H390,'COTACAO - PEÇAS E MATERIAIS'!B:L,10,0),\"\"))))","v":1988.32},3976.64,"COTAÇÃO",430,null,"6"]
["3.1.2.57","Junta de papelão grafitada 3 mm",1,"Folha",{"$f":"IF($G391=\"ORSE\",VLOOKUP($H391,ORSE_INSUM!A:E,4,0),IF($G391=\"SINAPI\",VLOOKUP($H391,SINAPI_INSUM!A:E,5,0),IF($G391=\"SEINFRA\",VLOOKUP($H391,SEINFRA_INSUM!B:F,4,0),IF($G391=\"COTAÇÃO\",VLOOKUP($H391,'COTACAO - PEÇAS E MATERIAIS'!B:L,10,0),\"\"))))","v":1619.9},1619.9,"COTAÇÃO",431,null,"4"]
["3.1.2.58","Lâmina de serra",2,"Ud",{"$f":"IF($G392=\"ORSE\",VLOOKUP($H392,ORSE_INSUM!A:E,4,0),IF($G392=\"SINAPI\",VLOOKUP($H392,SINAPI_INSUM!A:E,5,0),IF($G392=\"SEINFRA\",VLOOKUP($H392,SEINFRA_INSUM!B:F,4,0),IF($G392=\"COTAÇÃO\",VLOOKUP($H392,'COTACAO - PEÇAS E MATERIAIS'!B:L,10,0),\"\"))))","v":5.64},11.28,"COTAÇÃO",432,null,6]
["3.1.2.59","Lençol de borracha nitrílica peso específico1,32g/cm³",1,"M²",{"$f":"IF($G393=\"ORSE\",VLOOKUP($H393,ORSE_INSUM!A:E,4,0),IF($G393=\"SINAPI\",VLOOKUP($H393,SINAPI_INSUM!A:E,5,0),IF($G393=\"SEINFRA\",VLOOKUP($H393,SEINFRA_INSUM!B:F,4,0),IF($G393=\"COTAÇÃO\",VLOOKUP($H393,'COTACAO - PEÇAS E MATERIAIS'!B:L,10,0),\"\"))))","v":72.19},72.19,"COTAÇÃO",433,null,2]
["3.1.2.60","Lençol de borracha 1,6 = 1/16 c/ tela",1,"M",{"$f":"IF($G394=\"ORSE\",VLOOKUP($H394,ORSE_INSUM!A:E,4,0),IF($G394=\"SINAPI\",VLOOKUP($H394,SINAPI_INSUM!A:E,5,0),IF($G394=\"SEINFRA\",VLOOKUP($H394,SEINFRA_INSUM!B:F,4,0),IF($G394=\"COTAÇÃO\",VLOOKUP($H394,'COTACAO - PEÇAS E MATERIAIS'!B:L,10,0),\"\"))))","v":48.83},{"$f":"ROUND(C394*E394,2)","v":48.83},"COTAÇÃO",566,null,"4"]
["3.1.2.61","Lençol de borracha 2,4/2,0 = 3/32 c/1 tela",1,"UD",{"$f":"IF($G395=\"ORSE\",VLOOKUP($H395,ORSE_INSUM!A:E,4,0),IF($G395=\"SINAPI\",VLOOKUP($H395,SINAPI_INSUM!A:E,5,0),IF($G395=\"SEINFRA\",VLOOKUP($H395,SEINFRA_INSUM!B:F,4,0),IF($G395=\"COTAÇÃO\",VLOOKUP($H395,'COTACAO - PEÇAS E MATERIAIS'!B:L,10,0),\"\"))))","v":53.2},53.2,"COTAÇÃO",567,null,"4"]
["3.1.2.62","Lençol de borracha 3,0 = 1/8 c/1 tela",1,"UD",{"$f":"IF($G396=\"ORSE\",VLOOKUP($H396,ORSE_INSUM!A:E,4,0),IF($G396=\"SINAPI\",VLOOKUP($H396,SINAPI_INSUM!A:E,5,0),IF($G396=\"SEINFRA\",VLOOKUP($H396,SEINFRA_INSUM!B:F,4,0),IF($G396=\"COTAÇÃO\",VLOOKUP($H396,'COTACAO - PEÇAS E MATERIAIS'!B:L,10,0),\"\"))))","v":74.5},74.5,"COTAÇÃO",568,null,"4"]
["3.1.2.63","Lençol de borracha 4,0 = 5/32 c/1 tela",1,"M",{"$f":"IF($G397=\"ORSE\",VLOOKUP($H397,ORSE_INSUM!A:E,4,0),IF($G397=\"SINAPI\",VLOOKUP($H397,SINAPI_INSUM!A:E,5,0),IF($G397=\"SEINFRA\",VLOOKUP($H397,SEINFRA_INSUM!B:F,4,0),IF($G397=\"COTAÇÃO\",VLOOKUP($H397,'COTACAO - PEÇAS E MATERIAIS'!B:L,10,0),\"\"))))","v":99.33},99.33,"COTAÇÃO",569,null,"4"]
["3.1.2.64","Lençol de borracha 7,9 = 5/16 c/1 tela",1,"UD",{"$f":"IF($G398=\"ORSE\",VLOOKUP($H398,ORSE_INSUM!A:E,4,0),IF($G398=\"SINAPI\",VLOOKUP($H398,SINAPI_INSUM!A:E,5,0),IF($G398=\"SEINFRA\",VLOOKUP($H398,SEINFRA_INSUM!B:F,4,0),IF($G398=\"COTAÇÃO\",VLOOKUP($H398,'COTACAO - PEÇAS E MATERIAIS'!B:L,10,0),\"\"))))","v":165.73},165.73,"COTAÇÃO",570,null,"4"]
["3.1.2.65","Manômetro - 0 A 10kgf/cm² D=100mm - conexão 1/2\" bsp, reto, caixa e anel em aço estampado 1020, acabamento em pintura eletrostática em epoxi preto ou equivalente",1,"Ud",{"$f":"IF($G399=\"ORSE\",VLOOKUP($H399,ORSE_INSUM!A:E,4,0),IF($G399=\"SINAPI\",VLOOKUP($H399,SINAPI_INSUM!A:E,5,0),IF($G399=\"SEINFRA\",VLOOKUP($H399,SEINFRA_INSUM!B:F,4,0),IF($G399=\"COTAÇÃO\",VLOOKUP($H399,'COTACAO - PEÇAS E MATERIAIS'!B:L,10,0),\"\"))))","v":355.35},355.35,"COTAÇÃO",434,null,"4"]
["3.1.2.66","Óleo ISO VG46",{"$f":"ROUND(J400/4,0)","v":50},"L",{"$f":"IF($G400=\"ORSE\",VLOOKUP($H400,ORSE_INSUM!A:E,4,0),IF($G400=\"SINAPI\",VLOOKUP($H400,SINAPI_INSUM!A:E,5,0),IF($G400=\"SEINFRA\",VLOOKUP($H400,SEINFRA_INSUM!B:F,4,0),IF($G400=\"COTAÇÃO\",VLOOKUP($H400,'COTACAO - PEÇAS E MATERIAIS'!B:L,10,0),\"\"))))","v":31.68},1584,"COTAÇÃO",436,null,"200"]
["3.1.2.67","Óleo ISO VG68",150,"L",{"$f":"IF($G401=\"ORSE\",VLOOKUP($H401,ORSE_INSUM!A:E,4,0),IF($G401=\"SINAPI\",VLOOKUP($H401,SINAPI_INSUM!A:E,5,0),IF($G401=\"SEINFRA\",VLOOKUP($H401,SEINFRA_INSUM!B:F,4,0),IF($G401=\"COTAÇÃO\",VLOOKUP($H401,'COTACAO - PEÇAS E MATERIAIS'!B:L,10,0),\"\"))))","v":25.56},3834,"COTAÇÃO",437,null,"600"]
["3.1.2.68","Papel guarnital 0,40 mm (rolo com 25 metros)",{"$f":"ROUND(J402/2,0)","v":1},"M",{"$f":"IF($G402=\"ORSE\",VLOOKUP($H402,ORSE_INSUM!A:E,4,0),IF($G402=\"SINAPI\",VLOOKUP($H402,SINAPI_INSUM!A:E,5,0),IF($G402=\"SEINFRA\",VLOOKUP($H402,SEINFRA_INSUM!B:F,4,0),IF($G402=\"COTAÇÃO\",VLOOKUP($H402,'COTACAO - PEÇAS E MATERIAIS'!B:L,10,0),\"\"))))","v":15.64},15.64,"COTAÇÃO",438,null,"1"]
["3.1.2.69","Papel guarnital 1/32\"",2,"Folha",{"$f":"IF($G403=\"ORSE\",VLOOKUP($H403,ORSE_INSUM!A:E,4,0),IF($G403=\"SINAPI\",VLOOKUP($H403,SINAPI_INSUM!A:E,5,0),IF($G403=\"SEINFRA\",VLOOKUP($H403,SEINFRA_INSUM!B:F,4,0),IF($G403=\"COTAÇÃO\",VLOOKUP($H403,'COTACAO - PEÇAS E MATERIAIS'!B:L,10,0),\"\"))))","v":38.04},76.08,"COTAÇÃO",439,null,"6"]
["3.1.2.70","Papelão grafitado, espessura 1/16\"",1,"M²",{"$f":"IF($G404=\"ORSE\",VLOOKUP($H404,ORSE_INSUM!A:E,4,0),IF($G404=\"SINAPI\",VLOOKUP($H404,SINAPI_INSUM!A:E,5,0),IF($G404=\"SEINFRA\",VLOOKUP($H404,SEINFRA_INSUM!B:F,4,0),IF($G404=\"COTAÇÃO\",VLOOKUP($H404,'COTACAO - PEÇAS E MATERIAIS'!B:L,10,0),\"\"))))","v":64.52},64.52,"COTAÇÃO",440,null,2]
["3.1.2.71","Papelão guarnital, espessura 1/8\"",1,"M²",{"$f":"IF($G405=\"ORSE\",VLOOKUP($H405,ORSE_INSUM!A:E,4,0),IF($G405=\"SINAPI\",VLOOKUP($H405,SINAPI_INSUM!A:E,5,0),IF($G405=\"SEINFRA\",VLOOKUP($H405,SEINFRA_INSUM!B:F,4,0),IF($G405=\"COTAÇÃO\",VLOOKUP($H405,'COTACAO - PEÇAS E MATERIAIS'!B:L,10,0),\"\"))))","v":368.52},368.52,"COTAÇÃO",441,null,2]
["3.1.2.72","Papelão hidraulico S1212 1,6 mm",1,"M²",{"$f":"IF($G406=\"ORSE\",VLOOKUP($H406,ORSE_INSUM!A:E,4,0),IF($G406=\"SINAPI\",VLOOKUP($H406,SINAPI_INSUM!A:E,5,0),IF($G406=\"SEINFRA\",VLOOKUP($H406,SEINFRA_INSUM!B:F,4,0),IF($G406=\"COTAÇÃO\",VLOOKUP($H406,'COTACAO - PEÇAS E MATERIAIS'!B:L,10,0),\"\"))))","v":713.59},713.59,"COTAÇÃO",442,null,2]
["3.1.2.73","PARAFUSO DE ACO TIPO CHUMBADOR PARABOLT, DIAMETRO 1/2\", COMPRIMENTO 75 MM",13,"Ud",{"$f":"IF($G407=\"ORSE\",VLOOKUP($H407,ORSE_INSUM!A:E,4,0),IF($G407=\"SINAPI\",VLOOKUP($H407,SINAPI_INSUM!A:E,5,0),IF($G407=\"SEINFRA\",VLOOKUP($H407,SEINFRA_INSUM!B:F,4,0),IF($G407=\"COTAÇÃO\",VLOOKUP($H407,'COTACAO - PEÇAS E MATERIAIS'!B:L,10,0),\"\"))))","v":"5,94"},77.22,"SINAPI",11963,null,50]
["3.1.2.74","PARAFUSO DE ACO TIPO CHUMBADOR PARABOLT, DIAMETRO 3/8\", COMPRIMENTO 75 MM",13,"Ud",{"$f":"IF($G408=\"ORSE\",VLOOKUP($H408,ORSE_INSUM!A:E,4,0),IF($G408=\"SINAPI\",VLOOKUP($H408,SINAPI_INSUM!A:E,5,0),IF($G408=\"SEINFRA\",VLOOKUP($H408,SEINFRA_INSUM!B:F,4,0),IF($G408=\"COTAÇÃO\",VLOOKUP($H408,'COTACAO - PEÇAS E MATERIAIS'!B:L,10,0),\"\"))))","v":"1,50"},19.5,"SINAPI",11964,null,50]
["3.1.2.75","Parafuso allen sem cabeça  6 x 10 mm",13,"Ud",{"$f":"IF($G409=\"ORSE\",VLOOKUP($H409,ORSE_INSUM!A:E,4,0),IF($G409=\"SINAPI\",VLOOKUP($H409,SINAPI_INSUM!A:E,5,0),IF($G409=\"SEINFRA\",VLOOKUP($H409,SEINFRA_INSUM!B:F,4,0),IF($G409=\"COTAÇÃO\",VLOOKUP($H409,'COTACAO - PEÇAS E MATERIAIS'!B:L,10,0),\"\"))))","v":0.13},1.69,"COTAÇÃO",445,null,50]
["3.1.2.76","Parafuso allen com cabeça 20 x 70 mm",8,"Ud",{"$f":"IF($G410=\"ORSE\",VLOOKUP($H410,ORSE_INSUM!A:E,4,0),IF($G410=\"SINAPI\",VLOOKUP($H410,SINAPI_INSUM!A:E,5,0),IF($G410=\"SEINFRA\",VLOOKUP($H410,SEINFRA_INSUM!B:F,4,0),IF($G410=\"COTAÇÃO\",VLOOKUP($H410,'COTACAO - PEÇAS E MATERIAIS'!B:L,10,0),\"\"))))","v":7.5},60,"COTAÇÃO",446,null,"30"]
["3.1.2.77","Parafuso allen com cabeça 8 x 10 mm",13,"Ud",{"$f":"IF($G411=\"ORSE\",VLOOKUP($H411,ORSE_INSUM!A:E,4,0),IF($G411=\"SINAPI\",VLOOKUP($H411,SINAPI_INSUM!A:E,5,0),IF($G411=\"SEINFRA\",VLOOKUP($H411,SEINFRA_INSUM!B:F,4,0),IF($G411=\"COTAÇÃO\",VLOOKUP($H411,'COTACAO - PEÇAS E MATERIAIS'!B:L,10,0),\"\"))))","v":0.36},4.68,"COTAÇÃO",447,null,50]
["3.1.2.78","Parafuso Allen sem cabeça  6 x 20 mm",13,"Ud",{"$f":"IF($G412=\"ORSE\",VLOOKUP($H412,ORSE_INSUM!A:E,4,0),IF($G412=\"SINAPI\",VLOOKUP($H412,SINAPI_INSUM!A:E,5,0),IF($G412=\"SEINFRA\",VLOOKUP($H412,SEINFRA_INSUM!B:F,4,0),IF($G412=\"COTAÇÃO\",VLOOKUP($H412,'COTACAO - PEÇAS E MATERIAIS'!B:L,10,0),\"\"))))","v":0.18},2.34,"COTAÇÃO",448,null,50]
["3.1.2.79","Parafuso cabeça sextavada 1/4\" x  1\"",13,"Ud",{"$f":"IF($G413=\"ORSE\",VLOOKUP($H413,ORSE_INSUM!A:E,4,0),IF($G413=\"SINAPI\",VLOOKUP($H413,SINAPI_INSUM!A:E,5,0),IF($G413=\"SEINFRA\",VLOOKUP($H413,SEINFRA_INSUM!B:F,4,0),IF($G413=\"COTAÇÃO\",VLOOKUP($H413,'COTACAO - PEÇAS E MATERIAIS'!B:L,10,0),\"\"))))","v":0.15},1.95,"COTAÇÃO",449,null,50]
["3.1.2.80","Parafuso cabeça sextavada 12 x 40 mm",13,"Ud",{"$f":"IF($G414=\"ORSE\",VLOOKUP($H414,ORSE_INSUM!A:E,4,0),IF($G414=\"SINAPI\",VLOOKUP($H414,SINAPI_INSUM!A:E,5,0),IF($G414=\"SEINFRA\",VLOOKUP($H414,SEINFRA_INSUM!B:F,4,0),IF($G414=\"COTAÇÃO\",VLOOKUP($H414,'COTACAO - PEÇAS E MATERIAIS'!B:L,10,0),\"\"))))","v":0.67},8.7100000000000009,"COTAÇÃO",450,null,50]
["3.1.2.81","Parafuso cabeça sextavada 14 x 70 mm",8,"Ud",{"$f":"IF($G415=\"ORSE\",VLOOKUP($H415,ORSE_INSUM!A:E,4,0),IF($G415=\"SINAPI\",VLOOKUP($H415,SINAPI_INSUM!A:E,5,0),IF($G415=\"SEINFRA\",VLOOKUP($H415,SEINFRA_INSUM!B:F,4,0),IF($G415=\"COTAÇÃO\",VLOOKUP($H415,'COTACAO - PEÇAS E MATERIAIS'!B:L,10,0),\"\"))))","v":1.56},12.48,"COTAÇÃO",451,null,"30"]
["3.1.2.82","Parafuso cabeça sextavada 16 x 40 mm",6,"Ud",{"$f":"IF($G416=\"ORSE\",VLOOKUP($H416,ORSE_INSUM!A:E,4,0),IF($G416=\"SINAPI\",VLOOKUP($H416,SINAPI_INSUM!A:E,5,0),IF($G416=\"SEINFRA\",VLOOKUP($H416,SEINFRA_INSUM!B:F,4,0),IF($G416=\"COTAÇÃO\",VLOOKUP($H416,'COTACAO - PEÇAS E MATERIAIS'!B:L,10,0),\"\"))))","v":1.61},9.66,"COTAÇÃO",452,null,24]
["3.1.2.83","Parafuso cabeça sextavada 3/8\" x 3 1/2\"",13,"Ud",{"$f":"IF($G417=\"ORSE\",VLOOKUP($H417,ORSE_INSUM!A:E,4,0),IF($G417=\"SINAPI\",VLOOKUP($H417,SINAPI_INSUM!A:E,5,0),IF($G417=\"SEINFRA\",VLOOKUP($H417,SEINFRA_INSUM!B:F,4,0),IF($G417=\"COTAÇÃO\",VLOOKUP($H417,'COTACAO - PEÇAS E MATERIAIS'!B:L,10,0),\"\"))))","v":0.8},10.4,"COTAÇÃO",453,null,50]
["3.1.2.84","Parafuso cabeça sextavada 3/8\" x 3\"",13,"Ud",{"$f":"IF($G418=\"ORSE\",VLOOKUP($H418,ORSE_INSUM!A:E,4,0),IF($G418=\"SINAPI\",VLOOKUP($H418,SINAPI_INSUM!A:E,5,0),IF($G418=\"SEINFRA\",VLOOKUP($H418,SEINFRA_INSUM!B:F,4,0),IF($G418=\"COTAÇÃO\",VLOOKUP($H418,'COTACAO - PEÇAS E MATERIAIS'!B:L,10,0),\"\"))))","v":0.74},9.6199999999999992,"COTAÇÃO",454,null,50]
["3.1.2.85","Parafuso cabeça sextavada 5/8\" x 5\"",13,"Ud",{"$f":"IF($G419=\"ORSE\",VLOOKUP($H419,ORSE_INSUM!A:E,4,0),IF($G419=\"SINAPI\",VLOOKUP($H419,SINAPI_INSUM!A:E,5,0),IF($G419=\"SEINFRA\",VLOOKUP($H419,SEINFRA_INSUM!B:F,4,0),IF($G419=\"COTAÇÃO\",VLOOKUP($H419,'COTACAO - PEÇAS E MATERIAIS'!B:L,10,0),\"\"))))","v":3.26},42.38,"COTAÇÃO",455,null,50]
["3.1.2.86","Parafuso cabeça sextavada de aço 3/8\" x 2\"",13,"Ud",{"$f":"IF($G420=\"ORSE\",VLOOKUP($H420,ORSE_INSUM!A:E,4,0),IF($G420=\"SINAPI\",VLOOKUP($H420,SINAPI_INSUM!A:E,5,0),IF($G420=\"SEINFRA\",VLOOKUP($H420,SEINFRA_INSUM!B:F,4,0),IF($G420=\"COTAÇÃO\",VLOOKUP($H420,'COTACAO - PEÇAS E MATERIAIS'!B:L,10,0),\"\"))))","v":0.43},5.59,"COTAÇÃO",457,null,50]
["3.1.2.87","Parafuso cabeça sextavada de aço 3/8\" x 5\"",13,"Ud",{"$f":"IF($G421=\"ORSE\",VLOOKUP($H421,ORSE_INSUM!A:E,4,0),IF($G421=\"SINAPI\",VLOOKUP($H421,SINAPI_INSUM!A:E,5,0),IF($G421=\"SEINFRA\",VLOOKUP($H421,SEINFRA_INSUM!B:F,4,0),IF($G421=\"COTAÇÃO\",VLOOKUP($H421,'COTACAO - PEÇAS E MATERIAIS'!B:L,10,0),\"\"))))","v":1.19},15.47,"COTAÇÃO",458,null,50]
["3.1.2.88","Parafuso cabeça sextavada galvanizado 5/16\" x 6\"",13,"Ud",{"$f":"IF($G422=\"ORSE\",VLOOKUP($H422,ORSE_INSUM!A:E,4,0),IF($G422=\"SINAPI\",VLOOKUP($H422,SINAPI_INSUM!A:E,5,0),IF($G422=\"SEINFRA\",VLOOKUP($H422,SEINFRA_INSUM!B:F,4,0),IF($G422=\"COTAÇÃO\",VLOOKUP($H422,'COTACAO - PEÇAS E MATERIAIS'!B:L,10,0),\"\"))))","v":0.93},12.09,"COTAÇÃO",459,null,50]
["3.1.2.89","Parafuso cabeça sextavada MA 24 x 100 mm",8,"Ud",{"$f":"IF($G423=\"ORSE\",VLOOKUP($H423,ORSE_INSUM!A:E,4,0),IF($G423=\"SINAPI\",VLOOKUP($H423,SINAPI_INSUM!A:E,5,0),IF($G423=\"SEINFRA\",VLOOKUP($H423,SEINFRA_INSUM!B:F,4,0),IF($G423=\"COTAÇÃO\",VLOOKUP($H423,'COTACAO - PEÇAS E MATERIAIS'!B:L,10,0),\"\"))))","v":5.18},41.44,"COTAÇÃO",460,null,"30"]
["3.1.2.90","Parafuso cabeça sextavada MA 8.8  6 x 20 mm",13,"Ud",{"$f":"IF($G424=\"ORSE\",VLOOKUP($H424,ORSE_INSUM!A:E,4,0),IF($G424=\"SINAPI\",VLOOKUP($H424,SINAPI_INSUM!A:E,5,0),IF($G424=\"SEINFRA\",VLOOKUP($H424,SEINFRA_INSUM!B:F,4,0),IF($G424=\"COTAÇÃO\",VLOOKUP($H424,'COTACAO - PEÇAS E MATERIAIS'!B:L,10,0),\"\"))))","v":0.11},1.43,"COTAÇÃO",462,null,50]
["3.1.2.91","Parafuso cabeça sextavada rosca total 12 x 35 mm",13,"Ud",{"$f":"IF($G425=\"ORSE\",VLOOKUP($H425,ORSE_INSUM!A:E,4,0),IF($G425=\"SINAPI\",VLOOKUP($H425,SINAPI_INSUM!A:E,5,0),IF($G425=\"SEINFRA\",VLOOKUP($H425,SEINFRA_INSUM!B:F,4,0),IF($G425=\"COTAÇÃO\",VLOOKUP($H425,'COTACAO - PEÇAS E MATERIAIS'!B:L,10,0),\"\"))))","v":0.75},9.75,"COTAÇÃO",463,null,50]
["3.1.2.92","Parafuso de aço cabeça sextavada 1/2\" x 2 1/2\"",13,"Ud",{"$f":"IF($G426=\"ORSE\",VLOOKUP($H426,ORSE_INSUM!A:E,4,0),IF($G426=\"SINAPI\",VLOOKUP($H426,SINAPI_INSUM!A:E,5,0),IF($G426=\"SEINFRA\",VLOOKUP($H426,SEINFRA_INSUM!B:F,4,0),IF($G426=\"COTAÇÃO\",VLOOKUP($H426,'COTACAO - PEÇAS E MATERIAIS'!B:L,10,0),\"\"))))","v":1.2},15.6,"COTAÇÃO",464,null,50]
["3.1.2.93","PARAFUSO COM ROSCA SOBERBA 8X110MM",13,"Ud",{"$f":"IF($G427=\"ORSE\",VLOOKUP($H427,ORSE_INSUM!A:E,4,0),IF($G427=\"SINAPI\",VLOOKUP($H427,SINAPI_INSUM!A:E,5,0),IF($G427=\"SEINFRA\",VLOOKUP($H427,SEINFRA_INSUM!B:F,4,0),IF($G427=\"COTAÇÃO\",VLOOKUP($H427,'COTACAO - PEÇAS E MATERIAIS'!B:L,10,0),\"\"))))","v":1.03},13.39,"SEINFRA","I1571",null,50]
["3.1.2.94","PARAFUSO ROSCA SOBERBA ZINCADO CABECA CHATA FENDA SIMPLES 3,2 X 20 MM (3/4 \")",13,"Ud",{"$f":"IF($G428=\"ORSE\",VLOOKUP($H428,ORSE_INSUM!A:E,4,0),IF($G428=\"SINAPI\",VLOOKUP($H428,SINAPI_INSUM!A:E,5,0),IF($G428=\"SEINFRA\",VLOOKUP($H428,SEINFRA_INSUM!B:F,4,0),IF($G428=\"COTAÇÃO\",VLOOKUP($H428,'COTACAO - PEÇAS E MATERIAIS'!B:L,10,0),\"\"))))","v":"0,03"},{"$f":"ROUND(C428*E428,2)","v":0.39},"SINAPI",11054,null,50]
["3.1.2.95","PARAFUSO ROSCA SOBERBA ZINCADO CABECA CHATA FENDA SIMPLES 3,5 X 25 MM (1 \")",13,"Ud",{"$f":"IF($G429=\"ORSE\",VLOOKUP($H429,ORSE_INSUM!A:E,4,0),IF($G429=\"SINAPI\",VLOOKUP($H429,SINAPI_INSUM!A:E,5,0),IF($G429=\"SEINFRA\",VLOOKUP($H429,SEINFRA_INSUM!B:F,4,0),IF($G429=\"COTAÇÃO\",VLOOKUP($H429,'COTACAO - PEÇAS E MATERIAIS'!B:L,10,0),\"\"))))","v":"0,05"},0.65,"SINAPI",11055,null,50]
["3.1.2.96","PARAFUSO ROSCA SOBERBA ZINCADO CABECA CHATA FENDA SIMPLES 3,8 X 30 MM (1.1/4 \")",13,"Ud",{"$f":"IF($G430=\"ORSE\",VLOOKUP($H430,ORSE_INSUM!A:E,4,0),IF($G430=\"SINAPI\",VLOOKUP($H430,SINAPI_INSUM!A:E,5,0),IF($G430=\"SEINFRA\",VLOOKUP($H430,SEINFRA_INSUM!B:F,4,0),IF($G430=\"COTAÇÃO\",VLOOKUP($H430,'COTACAO - PEÇAS E MATERIAIS'!B:L,10,0),\"\"))))","v":"0,06"},0.78,"SINAPI",11056,null,50]
["3.1.2.97","PARAFUSO ROSCA SOBERBA ZINCADO CABECA CHATA FENDA SIMPLES 4,8 X 40 MM (1.1/2 \")",13,"Ud",{"$f":"IF($G431=\"ORSE\",VLOOKUP($H431,ORSE_INSUM!A:E,4,0),IF($G431=\"SINAPI\",VLOOKUP($H431,SINAPI_INSUM!A:E,5,0),IF($G431=\"SEINFRA\",VLOOKUP($H431,SEINFRA_INSUM!B:F,4,0),IF($G431=\"COTAÇÃO\",VLOOKUP($H431,'COTACAO - PEÇAS E MATERIAIS'!B:L,10,0),\"\"))))","v":"0,12"},1.56,"SINAPI",11057,null,50]
["3.1.2.98","PARAFUSO ROSCA SOBERBA ZINCADO CABECA CHATA FENDA SIMPLES 5,5 X 50 MM (2 \")",13,"Ud",{"$f":"IF($G432=\"ORSE\",VLOOKUP($H432,ORSE_INSUM!A:E,4,0),IF($G432=\"SINAPI\",VLOOKUP($H432,SINAPI_INSUM!A:E,5,0),IF($G432=\"SEINFRA\",VLOOKUP($H432,SEINFRA_INSUM!B:F,4,0),IF($G432=\"COTAÇÃO\",VLOOKUP($H432,'COTACAO - PEÇAS E MATERIAIS'!B:L,10,0),\"\"))))","v":"0,24"},3.12,"SINAPI",11059,null,50]
["3.1.2.99","PARAFUSO ROSCA SOBERBA ZINCADO CABECA CHATA FENDA SIMPLES 5,5 X 65 MM (2.1/2 \")",13,"Ud",{"$f":"IF($G433=\"ORSE\",VLOOKUP($H433,ORSE_INSUM!A:E,4,0),IF($G433=\"SINAPI\",VLOOKUP($H433,SINAPI_INSUM!A:E,5,0),IF($G433=\"SEINFRA\",VLOOKUP($H433,SEINFRA_INSUM!B:F,4,0),IF($G433=\"COTAÇÃO\",VLOOKUP($H433,'COTACAO - PEÇAS E MATERIAIS'!B:L,10,0),\"\"))))","v":"0,31"},4.03,"SINAPI",11058,null,50]
["3.1.2.100","Parafuso rosca soberba zincado cab chata fenda simples 4,2 X 30mm",13,"Ud",{"$f":"IF($G434=\"ORSE\",VLOOKUP($H434,ORSE_INSUM!A:E,4,0),IF($G434=\"SINAPI\",VLOOKUP($H434,SINAPI_INSUM!A:E,5,0),IF($G434=\"SEINFRA\",VLOOKUP($H434,SEINFRA_INSUM!B:F,4,0),IF($G434=\"COTAÇÃO\",VLOOKUP($H434,'COTACAO - PEÇAS E MATERIAIS'!B:L,10,0),\"\"))))","v":0.1},1.3,"COTAÇÃO",471,null,50]
["3.1.2.101","Parafuso rosca soberba zincado cab chata fenda simples 4,8 X 45mm (1.3/4\")",13,"Ud",{"$f":"IF($G435=\"ORSE\",VLOOKUP($H435,ORSE_INSUM!A:E,4,0),IF($G435=\"SINAPI\",VLOOKUP($H435,SINAPI_INSUM!A:E,5,0),IF($G435=\"SEINFRA\",VLOOKUP($H435,SEINFRA_INSUM!B:F,4,0),IF($G435=\"COTAÇÃO\",VLOOKUP($H435,'COTACAO - PEÇAS E MATERIAIS'!B:L,10,0),\"\"))))","v":0.14000000000000001},1.82,"COTAÇÃO",473,null,50]
["3.1.2.102","Parafuso sextavado galvanizado 3/4\" x 4\"",8,"Ud",{"$f":"IF($G436=\"ORSE\",VLOOKUP($H436,ORSE_INSUM!A:E,4,0),IF($G436=\"SINAPI\",VLOOKUP($H436,SINAPI_INSUM!A:E,5,0),IF($G436=\"SEINFRA\",VLOOKUP($H436,SEINFRA_INSUM!B:F,4,0),IF($G436=\"COTAÇÃO\",VLOOKUP($H436,'COTACAO - PEÇAS E MATERIAIS'!B:L,10,0),\"\"))))","v":3.98},31.84,"COTAÇÃO",476,null,"30"]
["3.1.2.103","PARAFUSO ZINCADO, SEXTAVADO, GRAU 5, ROSCA INTEIRA, DIAMETRO 1 1/2\", COMPRIMENTO 4\"",13,"Ud",{"$f":"IF($G437=\"ORSE\",VLOOKUP($H437,ORSE_INSUM!A:E,4,0),IF($G437=\"SINAPI\",VLOOKUP($H437,SINAPI_INSUM!A:E,5,0),IF($G437=\"SEINFRA\",VLOOKUP($H437,SEINFRA_INSUM!B:F,4,0),IF($G437=\"COTAÇÃO\",VLOOKUP($H437,'COTACAO - PEÇAS E MATERIAIS'!B:L,10,0),\"\"))))","v":"29,56"},384.28,"SINAPI",4354,null,50]
["3.1.2.104","Parafuso sextavado zincado rocsa inteira 1/4\" X 1/2\"",13,"Ud",{"$f":"IF($G438=\"ORSE\",VLOOKUP($H438,ORSE_INSUM!A:E,4,0),IF($G438=\"SINAPI\",VLOOKUP($H438,SINAPI_INSUM!A:E,5,0),IF($G438=\"SEINFRA\",VLOOKUP($H438,SEINFRA_INSUM!B:F,4,0),IF($G438=\"COTAÇÃO\",VLOOKUP($H438,'COTACAO - PEÇAS E MATERIAIS'!B:L,10,0),\"\"))))","v":0.11},1.43,"COTAÇÃO",478,null,50]
["3.1.2.105","Parafuso sextavado zincado rosca inteira 3/8\" X 2\"",13,"Ud",{"$f":"IF($G439=\"ORSE\",VLOOKUP($H439,ORSE_INSUM!A:E,4,0),IF($G439=\"SINAPI\",VLOOKUP($H439,SINAPI_INSUM!A:E,5,0),IF($G439=\"SEINFRA\",VLOOKUP($H439,SEINFRA_INSUM!B:F,4,0),IF($G439=\"COTAÇÃO\",VLOOKUP($H439,'COTACAO - PEÇAS E MATERIAIS'!B:L,10,0),\"\"))))","v":0.42},5.46,"COTAÇÃO",479,null,50]
["3.1.2.106","Parafuso sextavado zincado rosca inteira 5/8\" X 2.1/4\"",8,"Ud",{"$f":"IF($G440=\"ORSE\",VLOOKUP($H440,ORSE_INSUM!A:E,4,0),IF($G440=\"SINAPI\",VLOOKUP($H440,SINAPI_INSUM!A:E,5,0),IF($G440=\"SEINFRA\",VLOOKUP($H440,SEINFRA_INSUM!B:F,4,0),IF($G440=\"COTAÇÃO\",VLOOKUP($H440,'COTACAO - PEÇAS E MATERIAIS'!B:L,10,0),\"\"))))","v":1.68},13.44,"COTAÇÃO",480,null,"30"]
["3.1.2.107","Parafuso sextavado zincado rosca nteira 1/2\" X 2\"",13,"Ud",{"$f":"IF($G441=\"ORSE\",VLOOKUP($H441,ORSE_INSUM!A:E,4,0),IF($G441=\"SINAPI\",VLOOKUP($H441,SINAPI_INSUM!A:E,5,0),IF($G441=\"SEINFRA\",VLOOKUP($H441,SEINFRA_INSUM!B:F,4,0),IF($G441=\"COTAÇÃO\",VLOOKUP($H441,'COTACAO - PEÇAS E MATERIAIS'!B:L,10,0),\"\"))))","v":0.85},11.05,"COTAÇÃO",481,null,50]
["3.1.2.108","PERFIL \"I\" DE ACO LAMINADO, \"W\" 250 X 44,8",1,"M",{"$f":"IF($G442=\"ORSE\",VLOOKUP($H442,ORSE_INSUM!A:E,4,0),IF($G442=\"SINAPI\",VLOOKUP($H442,SINAPI_INSUM!A:E,5,0),IF($G442=\"SEINFRA\",VLOOKUP($H442,SEINFRA_INSUM!B:F,4,0),IF($G442=\"COTAÇÃO\",VLOOKUP($H442,'COTACAO - PEÇAS E MATERIAIS'!B:L,10,0),\"\"))))","v":"256,04"},256.04000000000002,"SINAPI",4773,null,3]
["3.1.2.109","Porca zincada sextavada 24mm",13,"Ud",{"$f":"IF($G443=\"ORSE\",VLOOKUP($H443,ORSE_INSUM!A:E,4,0),IF($G443=\"SINAPI\",VLOOKUP($H443,SINAPI_INSUM!A:E,5,0),IF($G443=\"SEINFRA\",VLOOKUP($H443,SEINFRA_INSUM!B:F,4,0),IF($G443=\"COTAÇÃO\",VLOOKUP($H443,'COTACAO - PEÇAS E MATERIAIS'!B:L,10,0),\"\"))))","v":1.86},24.18,"COTAÇÃO",487,null,50]
["3.1.2.110","Porca zincada sextavada 3/4\"",13,"Ud",{"$f":"IF($G444=\"ORSE\",VLOOKUP($H444,ORSE_INSUM!A:E,4,0),IF($G444=\"SINAPI\",VLOOKUP($H444,SINAPI_INSUM!A:E,5,0),IF($G444=\"SEINFRA\",VLOOKUP($H444,SEINFRA_INSUM!B:F,4,0),IF($G444=\"COTAÇÃO\",VLOOKUP($H444,'COTACAO - PEÇAS E MATERIAIS'!B:L,10,0),\"\"))))","v":0.24},3.12,"COTAÇÃO",488,null,50]
["3.1.2.111","Porca zincada sextavada 3/8\"",13,"Ud",{"$f":"IF($G445=\"ORSE\",VLOOKUP($H445,ORSE_INSUM!A:E,4,0),IF($G445=\"SINAPI\",VLOOKUP($H445,SINAPI_INSUM!A:E,5,0),IF($G445=\"SEINFRA\",VLOOKUP($H445,SEINFRA_INSUM!B:F,4,0),IF($G445=\"COTAÇÃO\",VLOOKUP($H445,'COTACAO - PEÇAS E MATERIAIS'!B:L,10,0),\"\"))))","v":0.1},1.3,"COTAÇÃO",489,null,50]
["3.1.2.112","Porca zincada sextavada 5/16\"",13,"Ud",{"$f":"IF($G446=\"ORSE\",VLOOKUP($H446,ORSE_INSUM!A:E,4,0),IF($G446=\"SINAPI\",VLOOKUP($H446,SINAPI_INSUM!A:E,5,0),IF($G446=\"SEINFRA\",VLOOKUP($H446,SEINFRA_INSUM!B:F,4,0),IF($G446=\"COTAÇÃO\",VLOOKUP($H446,'COTACAO - PEÇAS E MATERIAIS'!B:L,10,0),\"\"))))","v":7.0000000000000007E-2},0.91,"COTAÇÃO",490,null,50]
["3.1.2.113","Porca zincada sextavada 5/8\"",13,"Ud",{"$f":"IF($G447=\"ORSE\",VLOOKUP($H447,ORSE_INSUM!A:E,4,0),IF($G447=\"SINAPI\",VLOOKUP($H447,SINAPI_INSUM!A:E,5,0),IF($G447=\"SEINFRA\",VLOOKUP($H447,SEINFRA_INSUM!B:F,4,0),IF($G447=\"COTAÇÃO\",VLOOKUP($H447,'COTACAO - PEÇAS E MATERIAIS'!B:L,10,0),\"\"))))","v":0.49},{"$f":"ROUND(C447*E447,2)","v":6.37},"COTAÇÃO",491,null,50]
["3.1.2.114","PORCA ZINCADA, QUADRADA, DIAMETRO 3/8\"",13,"Ud",{"$f":"IF($G448=\"ORSE\",VLOOKUP($H448,ORSE_INSUM!A:E,4,0),IF($G448=\"SINAPI\",VLOOKUP($H448,SINAPI_INSUM!A:E,5,0),IF($G448=\"SEINFRA\",VLOOKUP($H448,SEINFRA_INSUM!B:F,4,0),IF($G448=\"COTAÇÃO\",VLOOKUP($H448,'COTACAO - PEÇAS E MATERIAIS'!B:L,10,0),\"\"))))","v":"0,63"},{"$f":"ROUND(C448*E448,2)","v":8.19},"SINAPI",4341,null,50]
["3.1.2.115","PORCA ZINCADA, QUADRADA, DIAMETRO 5/8\"",13,"Ud",{"$f":"IF($G449=\"ORSE\",VLOOKUP($H449,ORSE_INSUM!A:E,4,0),IF($G449=\"SINAPI\",VLOOKUP($H449,SINAPI_INSUM!A:E,5,0),IF($G449=\"SEINFRA\",VLOOKUP($H449,SEINFRA_INSUM!B:F,4,0),IF($G449=\"COTAÇÃO\",VLOOKUP($H449,'COTACAO - PEÇAS E MATERIAIS'!B:L,10,0),\"\"))))","v":"1,60"},20.8,"SINAPI",4337,null,50]
["3.1.2.116","PORCA ZINCADA, SEXTAVADA, DIAMETRO 1/2\"",13,"Ud",{"$f":"IF($G450=\"ORSE\",VLOOKUP($H450,ORSE_INSUM!A:E,4,0),IF($G450=\"SINAPI\",VLOOKUP($H450,SINAPI_INSUM!A:E,5,0),IF($G450=\"SEINFRA\",VLOOKUP($H450,SEINFRA_INSUM!B:F,4,0),IF($G450=\"COTAÇÃO\",VLOOKUP($H450,'COTACAO - PEÇAS E MATERIAIS'!B:L,10,0),\"\"))))","v":"0,34"},4.42,"SINAPI",4339,null,50]
["3.1.2.117","PORCA ZINCADA, SEXTAVADA, DIAMETRO 1/4\"",13,"Ud",{"$f":"IF($G451=\"ORSE\",VLOOKUP($H451,ORSE_INSUM!A:E,4,0),IF($G451=\"SINAPI\",VLOOKUP($H451,SINAPI_INSUM!A:E,5,0),IF($G451=\"SEINFRA\",VLOOKUP($H451,SEINFRA_INSUM!B:F,4,0),IF($G451=\"COTAÇÃO\",VLOOKUP($H451,'COTACAO - PEÇAS E MATERIAIS'!B:L,10,0),\"\"))))","v":"0,19"},2.4700000000000002,"SINAPI",39997,null,50]
["3.1.2.118","PORCA ZINCADA, SEXTAVADA, DIAMETRO 1\"",13,"Ud",{"$f":"IF($G452=\"ORSE\",VLOOKUP($H452,ORSE_INSUM!A:E,4,0),IF($G452=\"SINAPI\",VLOOKUP($H452,SINAPI_INSUM!A:E,5,0),IF($G452=\"SEINFRA\",VLOOKUP($H452,SEINFRA_INSUM!B:F,4,0),IF($G452=\"COTAÇÃO\",VLOOKUP($H452,'COTACAO - PEÇAS E MATERIAIS'!B:L,10,0),\"\"))))","v":"2,66"},34.58,"SINAPI",11971,null,50]
["3.1.2.119","PORCA ZINCADA, SEXTAVADA, DIAMETRO 3/8\"",13,"Ud",{"$f":"IF($G453=\"ORSE\",VLOOKUP($H453,ORSE_INSUM!A:E,4,0),IF($G453=\"SINAPI\",VLOOKUP($H453,SINAPI_INSUM!A:E,5,0),IF($G453=\"SEINFRA\",VLOOKUP($H453,SEINFRA_INSUM!B:F,4,0),IF($G453=\"COTAÇÃO\",VLOOKUP($H453,'COTACAO - PEÇAS E MATERIAIS'!B:L,10,0),\"\"))))","v":"0,14"},1.82,"SINAPI",4342,null,50]
["3.1.2.120","PORCA ZINCADA, SEXTAVADA, DIAMETRO 5/16\"",13,"Ud",{"$f":"IF($G454=\"ORSE\",VLOOKUP($H454,ORSE_INSUM!A:E,4,0),IF($G454=\"SINAPI\",VLOOKUP($H454,SINAPI_INSUM!A:E,5,0),IF($G454=\"SEINFRA\",VLOOKUP($H454,SEINFRA_INSUM!B:F,4,0),IF($G454=\"COTAÇÃO\",VLOOKUP($H454,'COTACAO - PEÇAS E MATERIAIS'!B:L,10,0),\"\"))))","v":"0,09"},1.17,"SINAPI",4330,null,50]
["3.1.2.121","PORCA ZINCADA, SEXTAVADA, DIAMETRO 5/8\"",13,"Ud",{"$f":"IF($G455=\"ORSE\",VLOOKUP($H455,ORSE_INSUM!A:E,4,0),IF($G455=\"SINAPI\",VLOOKUP($H455,SINAPI_INSUM!A:E,5,0),IF($G455=\"SEINFRA\",VLOOKUP($H455,SEINFRA_INSUM!B:F,4,0),IF($G455=\"COTAÇÃO\",VLOOKUP($H455,'COTACAO - PEÇAS E MATERIAIS'!B:L,10,0),\"\"))))","v":"0,74"},9.6199999999999992,"SINAPI",4340,null,50]
["3.1.2.122","REMOVEDOR DE TINTA OLEO/ESMALTE VERNIZ",3,"L",{"$f":"IF($G456=\"ORSE\",VLOOKUP($H456,ORSE_INSUM!A:E,4,0),IF($G456=\"SINAPI\",VLOOKUP($H456,SINAPI_INSUM!A:E,5,0),IF($G456=\"SEINFRA\",VLOOKUP($H456,SEINFRA_INSUM!B:F,4,0),IF($G456=\"COTAÇÃO\",VLOOKUP($H456,'COTACAO - PEÇAS E MATERIAIS'!B:L,10,0),\"\"))))","v":"36,81"},110.43,"SINAPI",5320,null,10]
["3.1.2.123","Rolamento 6209 ZC C3",1,"Ud",{"$f":"IF($G457=\"ORSE\",VLOOKUP($H457,ORSE_INSUM!A:E,4,0),IF($G457=\"SINAPI\",VLOOKUP($H457,SINAPI_INSUM!A:E,5,0),IF($G457=\"SEINFRA\",VLOOKUP($H457,SEINFRA_INSUM!B:F,4,0),IF($G457=\"COTAÇÃO\",VLOOKUP($H457,'COTACAO - PEÇAS E MATERIAIS'!B:L,10,0),\"\"))))","v":39.630000000000003},39.630000000000003,"COTAÇÃO",494,null,"4"]
["3.1.2.124","Rolamento 6309 ZC C3",1,"Ud",{"$f":"IF($G458=\"ORSE\",VLOOKUP($H458,ORSE_INSUM!A:E,4,0),IF($G458=\"SINAPI\",VLOOKUP($H458,SINAPI_INSUM!A:E,5,0),IF($G458=\"SEINFRA\",VLOOKUP($H458,SEINFRA_INSUM!B:F,4,0),IF($G458=\"COTAÇÃO\",VLOOKUP($H458,'COTACAO - PEÇAS E MATERIAIS'!B:L,10,0),\"\"))))","v":51.85},51.85,"COTAÇÃO",495,null,"4"]
["3.1.2.125","Ventilador 160",1,"Ud",{"$f":"IF($G459=\"ORSE\",VLOOKUP($H459,ORSE_INSUM!A:E,4,0),IF($G459=\"SINAPI\",VLOOKUP($H459,SINAPI_INSUM!A:E,5,0),IF($G459=\"SEINFRA\",VLOOKUP($H459,SEINFRA_INSUM!B:F,4,0),IF($G459=\"COTAÇÃO\",VLOOKUP($H459,'COTACAO - PEÇAS E MATERIAIS'!B:L,10,0),\"\"))))","v":19.399999999999999},19.399999999999999,"COTAÇÃO",496,null,2]
["3.1.2.126","Rolamento 6306 ZC-C3",1,"Ud",{"$f":"IF($G460=\"ORSE\",VLOOKUP($H460,ORSE_INSUM!A:E,4,0),IF($G460=\"SINAPI\",VLOOKUP($H460,SINAPI_INSUM!A:E,5,0),IF($G460=\"SEINFRA\",VLOOKUP($H460,SEINFRA_INSUM!B:F,4,0),IF($G460=\"COTAÇÃO\",VLOOKUP($H460,'COTACAO - PEÇAS E MATERIAIS'!B:L,10,0),\"\"))))","v":28.9},{"$f":"ROUND(C460*E460,2)","v":28.9},"COTAÇÃO",504,null,4]
["3.1.2.127","Rolamento 6206",1,"Ud",{"$f":"IF($G461=\"ORSE\",VLOOKUP($H461,ORSE_INSUM!A:E,4,0),IF($G461=\"SINAPI\",VLOOKUP($H461,SINAPI_INSUM!A:E,5,0),IF($G461=\"SEINFRA\",VLOOKUP($H461,SEINFRA_INSUM!B:F,4,0),IF($G461=\"COTAÇÃO\",VLOOKUP($H461,'COTACAO - PEÇAS E MATERIAIS'!B:L,10,0),\"\"))))","v":21.96},21.96,"COTAÇÃO",505,null,"2"]
["3.1.2.128","Rolamento 6205",1,"Ud",{"$f":"IF($G462=\"ORSE\",VLOOKUP($H462,ORSE_INSUM!A:E,4,0),IF($G462=\"SINAPI\",VLOOKUP($H462,SINAPI_INSUM!A:E,5,0),IF($G462=\"SEINFRA\",VLOOKUP($H462,SEINFRA_INSUM!B:F,4,0),IF($G462=\"COTAÇÃO\",VLOOKUP($H462,'COTACAO - PEÇAS E MATERIAIS'!B:L,10,0),\"\"))))","v":15.9},15.9,"COTAÇÃO",506,null,"2"]
["3.1.2.129","Ventilador 100",1,"Ud",{"$f":"IF($G463=\"ORSE\",VLOOKUP($H463,ORSE_INSUM!A:E,4,0),IF($G463=\"SINAPI\",VLOOKUP($H463,SINAPI_INSUM!A:E,5,0),IF($G463=\"SEINFRA\",VLOOKUP($H463,SEINFRA_INSUM!B:F,4,0),IF($G463=\"COTAÇÃO\",VLOOKUP($H463,'COTACAO - PEÇAS E MATERIAIS'!B:L,10,0),\"\"))))","v":50},50,"COTAÇÃO",507,null,2]
["3.1.2.130","Rolamento 6206 ZC-C3",{"$f":"ROUND(J464/4,0)","v":1},"Ud",{"$f":"IF($G464=\"ORSE\",VLOOKUP($H464,ORSE_INSUM!A:E,4,0),IF($G464=\"SINAPI\",VLOOKUP($H464,SINAPI_INSUM!A:E,5,0),IF($G464=\"SEINFRA\",VLOOKUP($H464,SEINFRA_INSUM!B:F,4,0),IF($G464=\"COTAÇÃO\",VLOOKUP($H464,'COTACAO - PEÇAS E MATERIAIS'!B:L,10,0),\"\"))))","v":21.96},{"$f":"ROUND(C464*E464,2)","v":21.96},"COTAÇÃO",514,null,"2"]
["3.1.2.131","Rolamento 6207 ZC-C3",1,"Ud",{"$f":"IF($G465=\"ORSE\",VLOOKUP($H465,ORSE_INSUM!A:E,4,0),IF($G465=\"SINAPI\",VLOOKUP($H465,SINAPI_INSUM!A:E,5,0),IF($G465=\"SEINFRA\",VLOOKUP($H465,SEINFRA_INSUM!B:F,4,0),IF($G465=\"COTAÇÃO\",VLOOKUP($H465,'COTACAO - PEÇAS E MATERIAIS'!B:L,10,0),\"\"))))","v":28.61},28.61,"COTAÇÃO",515,null,"2"]
["3.1.2.132","Ventilador 112",1,"Ud",{"$f":"IF($G466=\"ORSE\",VLOOKUP($H466,ORSE_INSUM!A:E,4,0),IF($G466=\"SINAPI\",VLOOKUP($H466,SINAPI_INSUM!A:E,5,0),IF($G466=\"SEINFRA\",VLOOKUP($H466,SEINFRA_INSUM!B:F,4,0),IF($G466=\"COTAÇÃO\",VLOOKUP($H466,'COTACAO - PEÇAS E MATERIAIS'!B:L,10,0),\"\"))))","v":50},50,"COTAÇÃO",516,null,2]
["3.1.2.133","Rolamento 6306 ZC",1,"Ud",{"$f":"IF($G467=\"ORSE\",VLOOKUP($H467,ORSE_INSUM!A:E,4,0),IF($G467=\"SINAPI\",VLOOKUP($H467,SINAPI_INSUM!A:E,5,0),IF($G467=\"SEINFRA\",VLOOKUP($H467,SEINFRA_INSUM!B:F,4,0),IF($G467=\"COTAÇÃO\",VLOOKUP($H467,'COTACAO - PEÇAS E MATERIAIS'!B:L,10,0),\"\"))))","v":28.9},{"$f":"ROUND(C467*E467,2)","v":28.9},"COTAÇÃO",524,null,4]
["3.1.2.134","Rolamento 6308 ZC-3",1,"Ud",{"$f":"IF($G468=\"ORSE\",VLOOKUP($H468,ORSE_INSUM!A:E,4,0),IF($G468=\"SINAPI\",VLOOKUP($H468,SINAPI_INSUM!A:E,5,0),IF($G468=\"SEINFRA\",VLOOKUP($H468,SEINFRA_INSUM!B:F,4,0),IF($G468=\"COTAÇÃO\",VLOOKUP($H468,'COTACAO - PEÇAS E MATERIAIS'!B:L,10,0),\"\"))))","v":39.630000000000003},{"$f":"ROUND(C468*E468,2)","v":39.630000000000003},"COTAÇÃO",538,null,2]
["3.1.2.135","Rolamento 6306",1,"Ud",{"$f":"IF($G469=\"ORSE\",VLOOKUP($H469,ORSE_INSUM!A:E,4,0),IF($G469=\"SINAPI\",VLOOKUP($H469,SINAPI_INSUM!A:E,5,0),IF($G469=\"SEINFRA\",VLOOKUP($H469,SEINFRA_INSUM!B:F,4,0),IF($G469=\"COTAÇÃO\",VLOOKUP($H469,'COTACAO - PEÇAS E MATERIAIS'!B:L,10,0),\"\"))))","v":28.9},{"$f":"ROUND(C469*E469,2)","v":28.9},"COTAÇÃO",546,null,2]
["3.1.2.136","Rolamento axial autocompensador de rolos 29444 SKF",1,"Ud",{"$f":"IF($G470=\"ORSE\",VLOOKUP($H470,ORSE_INSUM!A:E,4,0),IF($G470=\"SINAPI\",VLOOKUP($H470,SINAPI_INSUM!A:E,5,0),IF($G470=\"SEINFRA\",VLOOKUP($H470,SEINFRA_INSUM!B:F,4,0),IF($G470=\"COTAÇÃO\",VLOOKUP($H470,'COTACAO - PEÇAS E MATERIAIS'!B:L,10,0),\"\"))))","v":31077.59},31077.59,"COTAÇÃO",549,null,"2"]
["3.1.2.137","Rolamento de esferas de contato angular 7230-BCB",1,"Ud",{"$f":"IF($G471=\"ORSE\",VLOOKUP($H471,ORSE_INSUM!A:E,4,0),IF($G471=\"SINAPI\",VLOOKUP($H471,SINAPI_INSUM!A:E,5,0),IF($G471=\"SEINFRA\",VLOOKUP($H471,SEINFRA_INSUM!B:F,4,0),IF($G471=\"COTAÇÃO\",VLOOKUP($H471,'COTACAO - PEÇAS E MATERIAIS'!B:L,10,0),\"\"))))","v":4726.6400000000003},4726.6400000000003,"COTAÇÃO",550,null,"2"]
["3.1.2.138","Rolamento de rolos cilíndricos NU 232",1,"Ud",{"$f":"IF($G472=\"ORSE\",VLOOKUP($H472,ORSE_INSUM!A:E,4,0),IF($G472=\"SINAPI\",VLOOKUP($H472,SINAPI_INSUM!A:E,5,0),IF($G472=\"SEINFRA\",VLOOKUP($H472,SEINFRA_INSUM!B:F,4,0),IF($G472=\"COTAÇÃO\",VLOOKUP($H472,'COTACAO - PEÇAS E MATERIAIS'!B:L,10,0),\"\"))))","v":5884.86},5884.86,"COTAÇÃO",551,null,"2"]
["3.1.2.139","Rolamento radial de esferas 6024",1,"Ud",{"$f":"IF($G473=\"ORSE\",VLOOKUP($H473,ORSE_INSUM!A:E,4,0),IF($G473=\"SINAPI\",VLOOKUP($H473,SINAPI_INSUM!A:E,5,0),IF($G473=\"SEINFRA\",VLOOKUP($H473,SEINFRA_INSUM!B:F,4,0),IF($G473=\"COTAÇÃO\",VLOOKUP($H473,'COTACAO - PEÇAS E MATERIAIS'!B:L,10,0),\"\"))))","v":434.02},434.02,"COTAÇÃO",555,null,"2"]
["3.1.2.140","Rolamento radial de esferas 6332  ",1,"Ud",{"$f":"IF($G474=\"ORSE\",VLOOKUP($H474,ORSE_INSUM!A:E,4,0),IF($G474=\"SINAPI\",VLOOKUP($H474,SINAPI_INSUM!A:E,5,0),IF($G474=\"SEINFRA\",VLOOKUP($H474,SEINFRA_INSUM!B:F,4,0),IF($G474=\"COTAÇÃO\",VLOOKUP($H474,'COTACAO - PEÇAS E MATERIAIS'!B:L,10,0),\"\"))))","v":4287.6499999999996},4287.6499999999996,"COTAÇÃO",556,null,"2"]
["3.1.2.141","Silicone 280g - acético branca",3,"Ud",{"$f":"IF($G475=\"ORSE\",VLOOKUP($H475,ORSE_INSUM!A:E,4,0),IF($G475=\"SINAPI\",VLOOKUP($H475,SINAPI_INSUM!A:E,5,0),IF($G475=\"SEINFRA\",VLOOKUP($H475,SEINFRA_INSUM!B:F,4,0),IF($G475=\"COTAÇÃO\",VLOOKUP($H475,'COTACAO - PEÇAS E MATERIAIS'!B:L,10,0),\"\"))))","v":21},63,"COTAÇÃO",557,null,"12"]
["3.1.2.142","Tinta esmalte sintético alto brilho (Azul arara)",2,"Gl",{"$f":"IF($G476=\"ORSE\",VLOOKUP($H476,ORSE_INSUM!A:E,4,0),IF($G476=\"SINAPI\",VLOOKUP($H476,SINAPI_INSUM!A:E,5,0),IF($G476=\"SEINFRA\",VLOOKUP($H476,SEINFRA_INSUM!B:F,4,0),IF($G476=\"COTAÇÃO\",VLOOKUP($H476,'COTACAO - PEÇAS E MATERIAIS'!B:L,10,0),\"\"))))","v":84.9},169.8,"COTAÇÃO",558,null,6]
["3.1.2.143","Tinta esmalte sintético alto brilho (Cinza)",2,"Gl",{"$f":"IF($G477=\"ORSE\",VLOOKUP($H477,ORSE_INSUM!A:E,4,0),IF($G477=\"SINAPI\",VLOOKUP($H477,SINAPI_INSUM!A:E,5,0),IF($G477=\"SEINFRA\",VLOOKUP($H477,SEINFRA_INSUM!B:F,4,0),IF($G477=\"COTAÇÃO\",VLOOKUP($H477,'COTACAO - PEÇAS E MATERIAIS'!B:L,10,0),\"\"))))","v":84.9},169.8,"COTAÇÃO",559,null,6]
["3.1.2.144","Tinta esmalte sintético fosco (Amarelo caterpillar)",2,"Gl",{"$f":"IF($G478=\"ORSE\",VLOOKUP($H478,ORSE_INSUM!A:E,4,0),IF($G478=\"SINAPI\",VLOOKUP($H478,SINAPI_INSUM!A:E,5,0),IF($G478=\"SEINFRA\",VLOOKUP($H478,SEINFRA_INSUM!B:F,4,0),IF($G478=\"COTAÇÃO\",VLOOKUP($H478,'COTACAO - PEÇAS E MATERIAIS'!B:L,10,0),\"\"))))","v":84.9},169.8,"COTAÇÃO",560,null,6]
["3.1.2.145","Tinta esmalte sintético fosco (Preto)",2,"Gl",{"$f":"IF($G479=\"ORSE\",VLOOKUP($H479,ORSE_INSUM!A:E,4,0),IF($G479=\"SINAPI\",VLOOKUP($H479,SINAPI_INSUM!A:E,5,0),IF($G479=\"SEINFRA\",VLOOKUP($H479,SEINFRA_INSUM!B:F,4,0),IF($G479=\"COTAÇÃO\",VLOOKUP($H479,'COTACAO - PEÇAS E MATERIAIS'!B:L,10,0),\"\"))))","v":95.36},190.72,"COTAÇÃO",561,null,6]
["3.1.2.146","Tinta esmalte sintético fosco (Verde folha)",2,"Gl",{"$f":"IF($G480=\"ORSE\",VLOOKUP($H480,ORSE_INSUM!A:E,4,0),IF($G480=\"SINAPI\",VLOOKUP($H480,SINAPI_INSUM!A:E,5,0),IF($G480=\"SEINFRA\",VLOOKUP($H480,SEINFRA_INSUM!B:F,4,0),IF($G480=\"COTAÇÃO\",VLOOKUP($H480,'COTACAO - PEÇAS E MATERIAIS'!B:L,10,0),\"\"))))","v":193.99},387.98,"COTAÇÃO",562,null,6]
["3.1.2.147","Tinta esmalte sintético fosco (Vermelho)",1,"Gl",{"$f":"IF($G481=\"ORSE\",VLOOKUP($H481,ORSE_INSUM!A:E,4,0),IF($G481=\"SINAPI\",VLOOKUP($H481,SINAPI_INSUM!A:E,5,0),IF($G481=\"SEINFRA\",VLOOKUP($H481,SEINFRA_INSUM!B:F,4,0),IF($G481=\"COTAÇÃO\",VLOOKUP($H481,'COTACAO - PEÇAS E MATERIAIS'!B:L,10,0),\"\"))))","v":107.96},107.96,"COTAÇÃO",563,null,3]
["3.1.2.148","Vaselina sólida anti-inflamável - 950g",1,"Ud",{"$f":"IF($G482=\"ORSE\",VLOOKUP($H482,ORSE_INSUM!A:E,4,0),IF($G482=\"SINAPI\",VLOOKUP($H482,SINAPI_INSUM!A:E,5,0),IF($G482=\"SEINFRA\",VLOOKUP($H482,SEINFRA_INSUM!B:F,4,0),IF($G482=\"COTAÇÃO\",VLOOKUP($H482,'COTACAO - PEÇAS E MATERIAIS'!B:L,10,0),\"\"))))","v":54.8},54.8,"COTAÇÃO",564,null,4]
["3.1.2.149","Wash primer para tinta automotiva",1,"Gl",{"$f":"IF($G483=\"ORSE\",VLOOKUP($H483,ORSE_INSUM!A:E,4,0),IF($G483=\"SINAPI\",VLOOKUP($H483,SINAPI_INSUM!A:E,5,0),IF($G483=\"SEINFRA\",VLOOKUP($H483,SEINFRA_INSUM!B:F,4,0),IF($G483=\"COTAÇÃO\",VLOOKUP($H483,'COTACAO - PEÇAS E MATERIAIS'!B:L,10,0),\"\"))))","v":157.88999999999999},157.88999999999999,"COTAÇÃO",565,null,3]
[]
["SUB TOTAL MATERIAL MECÂNICO",{"$nulls":4},{"$f":"SUM(F335:F484)","v":73252.88}]
["SUB TOTAL MATERIAL MECÂNICO COM BDI DE FORNECIMENTO",{"$nulls":4},{"$f":"F485+F485*'BDI - FORNECIMENTOS'!$C$31","v":81237.440000000002}]
[]
["3.1.3","MATERIAL HIDRÁULICO"]
[]
["ITEM","DESCRIÇÃO","QUANT.","UNID.","VALOR",null,"REF.TAB.","Cód. TAB."]
[{"$nulls":4},"UNIT. (R$)","TOTAL (R$)"]
[]
["3.1.3.1","Adaptador de pvc rígido roscável com flanges para caixa d'água diam = 1 1/2\"",{"$f":"ROUND(J493/4,0)","v":1},"Pç",{"$f":"IF($G493=\"ORSE\",VLOOKUP($H493,ORSE_INSUM!A:E,4,0),IF($G493=\"SINAPI\",VLOOKUP($H493,SINAPI_INSUM!A:E,5,0),IF($G493=\"SEINFRA\",VLOOKUP($H493,SEINFRA_INSUM!B:F,4,0),IF($G493=\"COTAÇÃO\",VLOOKUP($H493,'COTACAO - PEÇAS E MATERIAIS'!B:L,10,0),\"\"))))","v":35.869999999999997},{"$f":"E493*C493","v":35.869999999999997},"ORSE","01226/ORSE",null,5]
["3.1.3.2","Adaptador de pvc rígido roscável com flanges para caixa d'água diam = 1 1/4\"",{"$f":"ROUND(J494/4,0)","v":1},"Pç",{"$f":"IF($G494=\"ORSE\",VLOOKUP($H494,ORSE_INSUM!A:E,4,0),IF($G494=\"SINAPI\",VLOOKUP($H494,SINAPI_INSUM!A:E,5,0),IF($G494=\"SEINFRA\",VLOOKUP($H494,SEINFRA_INSUM!B:F,4,0),IF($G494=\"COTAÇÃO\",VLOOKUP($H494,'COTACAO - PEÇAS E MATERIAIS'!B:L,10,0),\"\"))))","v":34.1},{"$f":"E494*C494","v":34.1},"ORSE","01225/ORSE",null,5]
["3.1.3.3","Adaptador de pvc rígido roscável com flanges para caixa d'água diam = 1\"",1,"Pç",{"$f":"IF($G495=\"ORSE\",VLOOKUP($H495,ORSE_INSUM!A:E,4,0),IF($G495=\"SINAPI\",VLOOKUP($H495,SINAPI_INSUM!A:E,5,0),IF($G495=\"SEINFRA\",VLOOKUP($H495,SEINFRA_INSUM!B:F,4,0),IF($G495=\"COTAÇÃO\",VLOOKUP($H495,'COTACAO - PEÇAS E MATERIAIS'!B:L,10,0),\"\"))))","v":22.8},22.8,"ORSE","01224/ORSE",null,5]
["3.1.3.4","Adaptador de pvc rígido roscável com flanges para caixa d'água diam = 1/2\"",1,"Pç",{"$f":"IF($G496=\"ORSE\",VLOOKUP($H496,ORSE_INSUM!A:E,4,0),IF($G496=\"SINAPI\",VLOOKUP($H496,SINAPI_INSUM!A:E,5,0),IF($G496=\"SEINFRA\",VLOOKUP($H496,SEINFRA_INSUM!B:F,4,0),IF($G496=\"COTAÇÃO\",VLOOKUP($H496,'COTACAO - PEÇAS E MATERIAIS'!B:L,10,0),\"\"))))","v":13.04},13.04,"ORSE","01222/ORSE",null,5]
["3.1.3.5","Adaptador de pvc rígido roscável com flanges para caixa d'água diam = 2\"",1,"Pç",{"$f":"IF($G497=\"ORSE\",VLOOKUP($H497,ORSE_INSUM!A:E,4,0),IF($G497=\"SINAPI\",VLOOKUP($H497,SINAPI_INSUM!A:E,5,0),IF($G497=\"SEINFRA\",VLOOKUP($H497,SEINFRA_INSUM!B:F,4,0),IF($G497=\"COTAÇÃO\",VLOOKUP($H497,'COTACAO - PEÇAS E MATERIAIS'!B:L,10,0),\"\"))))","v":48.09},48.09,"ORSE","01227/ORSE",null,5]
["3.1.3.6","Adaptador de pvc rígido roscável com flanges para caixa d'água diam = 3/4\"",1,"Pç",{"$f":"IF($G498=\"ORSE\",VLOOKUP($H498,ORSE_INSUM!A:E,4,0),IF($G498=\"SINAPI\",VLOOKUP($H498,SINAPI_INSUM!A:E,5,0),IF($G498=\"SEINFRA\",VLOOKUP($H498,SEINFRA_INSUM!B:F,4,0),IF($G498=\"COTAÇÃO\",VLOOKUP($H498,'COTACAO - PEÇAS E MATERIAIS'!B:L,10,0),\"\"))))","v":15.75},15.75,"ORSE","01223/ORSE",null,5]
["3.1.3.7","Adaptador de pvc rígido soldável c/ flanges livres p/ caixa de água diâm = 50mm x 1 1/2\"",1,"Pç",{"$f":"IF($G499=\"ORSE\",VLOOKUP($H499,ORSE_INSUM!A:E,4,0),IF($G499=\"SINAPI\",VLOOKUP($H499,SINAPI_INSUM!A:E,5,0),IF($G499=\"SEINFRA\",VLOOKUP($H499,SEINFRA_INSUM!B:F,4,0),IF($G499=\"COTAÇÃO\",VLOOKUP($H499,'COTACAO - PEÇAS E MATERIAIS'!B:L,10,0),\"\"))))","v":28.02},28.02,"ORSE","01051/ORSE",null,5]
["3.1.3.8","Adaptador de pvc rígido soldável c/ flanges livres p/ caixa de água diâm = 60mm x 2\"",1,"Pç",{"$f":"IF($G500=\"ORSE\",VLOOKUP($H500,ORSE_INSUM!A:E,4,0),IF($G500=\"SINAPI\",VLOOKUP($H500,SINAPI_INSUM!A:E,5,0),IF($G500=\"SEINFRA\",VLOOKUP($H500,SEINFRA_INSUM!B:F,4,0),IF($G500=\"COTAÇÃO\",VLOOKUP($H500,'COTACAO - PEÇAS E MATERIAIS'!B:L,10,0),\"\"))))","v":39.450000000000003},39.450000000000003,"ORSE","01052/ORSE",null,5]
["3.1.3.9","Adaptador de pvc rígido soldável c/ flanges livres p/ caixa de água diâm = 75mm x 2 1/2\"",1,"Pç",{"$f":"IF($G501=\"ORSE\",VLOOKUP($H501,ORSE_INSUM!A:E,4,0),IF($G501=\"SINAPI\",VLOOKUP($H501,SINAPI_INSUM!A:E,5,0),IF($G501=\"SEINFRA\",VLOOKUP($H501,SEINFRA_INSUM!B:F,4,0),IF($G501=\"COTAÇÃO\",VLOOKUP($H501,'COTACAO - PEÇAS E MATERIAIS'!B:L,10,0),\"\"))))","v":140.02000000000001},140.02000000000001,"ORSE","01053/ORSE",null,5]
["3.1.3.10","Adaptador de pvc rígido soldável c/ flanges livres p/ caixa de água diâm = 85mm x 3\"",1,"Pç",{"$f":"IF($G502=\"ORSE\",VLOOKUP($H502,ORSE_INSUM!A:E,4,0),IF($G502=\"SINAPI\",VLOOKUP($H502,SINAPI_INSUM!A:E,5,0),IF($G502=\"SEINFRA\",VLOOKUP($H502,SEINFRA_INSUM!B:F,4,0),IF($G502=\"COTAÇÃO\",VLOOKUP($H502,'COTACAO - PEÇAS E MATERIAIS'!B:L,10,0),\"\"))))","v":186.39},186.39,"ORSE","01054/ORSE",null,5]
["3.1.3.11","Adaptador de pvc rígido soldável curto c/ bolsa e rosca p/ registro diâm = 110mm x 4\"",1,"Pç",{"$f":"IF($G503=\"ORSE\",VLOOKUP($H503,ORSE_INSUM!A:E,4,0),IF($G503=\"SINAPI\",VLOOKUP($H503,SINAPI_INSUM!A:E,5,0),IF($G503=\"SEINFRA\",VLOOKUP($H503,SEINFRA_INSUM!B:F,4,0),IF($G503=\"COTAÇÃO\",VLOOKUP($H503,'COTACAO - PEÇAS E MATERIAIS'!B:L,10,0),\"\"))))","v":52.53},52.53,"ORSE","01046/ORSE",null,5]
["3.1.3.12","Adaptador de pvc rígido soldável curto c/ bolsa e rosca p/ registro diâm = 20mm x 1/2\"",1,"Pç",{"$f":"IF($G504=\"ORSE\",VLOOKUP($H504,ORSE_INSUM!A:E,4,0),IF($G504=\"SINAPI\",VLOOKUP($H504,SINAPI_INSUM!A:E,5,0),IF($G504=\"SEINFRA\",VLOOKUP($H504,SEINFRA_INSUM!B:F,4,0),IF($G504=\"COTAÇÃO\",VLOOKUP($H504,'COTACAO - PEÇAS E MATERIAIS'!B:L,10,0),\"\"))))","v":5.99},5.99,"ORSE","01036/ORSE",null,5]
["3.1.3.13","Adaptador de pvc rígido soldável curto c/ bolsa e rosca p/ registro diâm = 25mm x 3/4\"",13,"Pç",{"$f":"IF($G505=\"ORSE\",VLOOKUP($H505,ORSE_INSUM!A:E,4,0),IF($G505=\"SINAPI\",VLOOKUP($H505,SINAPI_INSUM!A:E,5,0),IF($G505=\"SEINFRA\",VLOOKUP($H505,SEINFRA_INSUM!B:F,4,0),IF($G505=\"COTAÇÃO\",VLOOKUP($H505,'COTACAO - PEÇAS E MATERIAIS'!B:L,10,0),\"\"))))","v":6.13},79.69,"ORSE","01037/ORSE",null,50]
["3.1.3.14","Adaptador de pvc rígido soldável curto c/ bolsa e rosca p/ registro diâm = 32mm x 1\"",6,"Pç",{"$f":"IF($G506=\"ORSE\",VLOOKUP($H506,ORSE_INSUM!A:E,4,0),IF($G506=\"SINAPI\",VLOOKUP($H506,SINAPI_INSUM!A:E,5,0),IF($G506=\"SEINFRA\",VLOOKUP($H506,SEINFRA_INSUM!B:F,4,0),IF($G506=\"COTAÇÃO\",VLOOKUP($H506,'COTACAO - PEÇAS E MATERIAIS'!B:L,10,0),\"\"))))","v":7.01},42.06,"ORSE","01038/ORSE",null,25]
["3.1.3.15","Adaptador de pvc rígido soldável curto c/ bolsa e rosca p/ registro diâm = 40mm x 11/2\"",1,"Pç",{"$f":"IF($G507=\"ORSE\",VLOOKUP($H507,ORSE_INSUM!A:E,4,0),IF($G507=\"SINAPI\",VLOOKUP($H507,SINAPI_INSUM!A:E,5,0),IF($G507=\"SEINFRA\",VLOOKUP($H507,SEINFRA_INSUM!B:F,4,0),IF($G507=\"COTAÇÃO\",VLOOKUP($H507,'COTACAO - PEÇAS E MATERIAIS'!B:L,10,0),\"\"))))","v":11.91},11.91,"ORSE","01040/ORSE",null,5]
["3.1.3.16","Adaptador de pvc rígido soldável curto c/ bolsa e rosca p/ registro diâm = 50mm x 11/2\"",1,"Pç",{"$f":"IF($G508=\"ORSE\",VLOOKUP($H508,ORSE_INSUM!A:E,4,0),IF($G508=\"SINAPI\",VLOOKUP($H508,SINAPI_INSUM!A:E,5,0),IF($G508=\"SEINFRA\",VLOOKUP($H508,SEINFRA_INSUM!B:F,4,0),IF($G508=\"COTAÇÃO\",VLOOKUP($H508,'COTACAO - PEÇAS E MATERIAIS'!B:L,10,0),\"\"))))","v":11.99},11.99,"ORSE","01042/ORSE",null,5]
["3.1.3.17","Adaptador de pvc rígido soldável curto c/ bolsa e rosca p/ registro diâm = 50mm x 11/4\"",1,"Pç",{"$f":"IF($G509=\"ORSE\",VLOOKUP($H509,ORSE_INSUM!A:E,4,0),IF($G509=\"SINAPI\",VLOOKUP($H509,SINAPI_INSUM!A:E,5,0),IF($G509=\"SEINFRA\",VLOOKUP($H509,SEINFRA_INSUM!B:F,4,0),IF($G509=\"COTAÇÃO\",VLOOKUP($H509,'COTACAO - PEÇAS E MATERIAIS'!B:L,10,0),\"\"))))","v":14.78},14.78,"ORSE","01041/ORSE",null,5]
["3.1.3.18","Adaptador de pvc rígido soldável curto c/ bolsa e rosca p/ registro diâm = 50mm x 2\"",3,"Pç",{"$f":"IF($G510=\"ORSE\",VLOOKUP($H510,ORSE_INSUM!A:E,4,0),IF($G510=\"SINAPI\",VLOOKUP($H510,SINAPI_INSUM!A:E,5,0),IF($G510=\"SEINFRA\",VLOOKUP($H510,SEINFRA_INSUM!B:F,4,0),IF($G510=\"COTAÇÃO\",VLOOKUP($H510,'COTACAO - PEÇAS E MATERIAIS'!B:L,10,0),\"\"))))","v":9.1999999999999993},27.6,"ORSE","10214/ORSE",null,10]
["3.1.3.19","Adaptador de pvc rígido soldável curto c/ bolsa e rosca p/ registro diâm = 60mm x 2\"",3,"Pç",{"$f":"IF($G511=\"ORSE\",VLOOKUP($H511,ORSE_INSUM!A:E,4,0),IF($G511=\"SINAPI\",VLOOKUP($H511,SINAPI_INSUM!A:E,5,0),IF($G511=\"SEINFRA\",VLOOKUP($H511,SEINFRA_INSUM!B:F,4,0),IF($G511=\"COTAÇÃO\",VLOOKUP($H511,'COTACAO - PEÇAS E MATERIAIS'!B:L,10,0),\"\"))))","v":17.39},52.17,"ORSE","01043/ORSE",null,10]
["3.1.3.20","Adaptador de pvc rígido soldável curto c/ bolsa e rosca p/ registro diâm = 75mm x 21/2\"",1,"Pç",{"$f":"IF($G512=\"ORSE\",VLOOKUP($H512,ORSE_INSUM!A:E,4,0),IF($G512=\"SINAPI\",VLOOKUP($H512,SINAPI_INSUM!A:E,5,0),IF($G512=\"SEINFRA\",VLOOKUP($H512,SEINFRA_INSUM!B:F,4,0),IF($G512=\"COTAÇÃO\",VLOOKUP($H512,'COTACAO - PEÇAS E MATERIAIS'!B:L,10,0),\"\"))))","v":26.44},26.44,"ORSE","01044/ORSE",null,5]
["3.1.3.21","Adaptador de pvc rígido soldável curto c/ bolsa e rosca p/ registro diâm = 85mm x 3\"",1,"Pç",{"$f":"IF($G513=\"ORSE\",VLOOKUP($H513,ORSE_INSUM!A:E,4,0),IF($G513=\"SINAPI\",VLOOKUP($H513,SINAPI_INSUM!A:E,5,0),IF($G513=\"SEINFRA\",VLOOKUP($H513,SEINFRA_INSUM!B:F,4,0),IF($G513=\"COTAÇÃO\",VLOOKUP($H513,'COTACAO - PEÇAS E MATERIAIS'!B:L,10,0),\"\"))))","v":35.4},35.4,"ORSE","01045/ORSE",null,5]
["3.1.3.22","Adaptador para válvula de pia e lavatório, em pvc rígido soldável, para esgoto secundário, diâm = 40mm",1,"Pç",{"$f":"IF($G514=\"ORSE\",VLOOKUP($H514,ORSE_INSUM!A:E,4,0),IF($G514=\"SINAPI\",VLOOKUP($H514,SINAPI_INSUM!A:E,5,0),IF($G514=\"SEINFRA\",VLOOKUP($H514,SEINFRA_INSUM!B:F,4,0),IF($G514=\"COTAÇÃO\",VLOOKUP($H514,'COTACAO - PEÇAS E MATERIAIS'!B:L,10,0),\"\"))))","v":4.08},4.08,"ORSE","01597/ORSE",null,5]
["3.1.3.23","Adesivo plástico 850 g",2,"Ud",{"$f":"IF($G515=\"ORSE\",VLOOKUP($H515,ORSE_INSUM!A:E,4,0),IF($G515=\"SINAPI\",VLOOKUP($H515,SINAPI_INSUM!A:E,5,0),IF($G515=\"SEINFRA\",VLOOKUP($H515,SEINFRA_INSUM!B:F,4,0),IF($G515=\"COTAÇÃO\",VLOOKUP($H515,'COTACAO - PEÇAS E MATERIAIS'!B:L,10,0),\"\"))))","v":"44,80"},89.6,"SINAPI",122,null,6]
["3.1.3.24","Adesivo plástico extra forte 850 g",1,"Ud",{"$f":"IF($G516=\"ORSE\",VLOOKUP($H516,ORSE_INSUM!A:E,4,0),IF($G516=\"SINAPI\",VLOOKUP($H516,SINAPI_INSUM!A:E,5,0),IF($G516=\"SEINFRA\",VLOOKUP($H516,SEINFRA_INSUM!B:F,4,0),IF($G516=\"COTAÇÃO\",VLOOKUP($H516,'COTACAO - PEÇAS E MATERIAIS'!B:L,10,0),\"\"))))","v":84.5},84.5,"COTAÇÃO",601,null,2]
["3.1.3.25","Arruela lisa galvanizada 5/8\"x3\"",8,"Ud",{"$f":"IF($G517=\"ORSE\",VLOOKUP($H517,ORSE_INSUM!A:E,4,0),IF($G517=\"SINAPI\",VLOOKUP($H517,SINAPI_INSUM!A:E,5,0),IF($G517=\"SEINFRA\",VLOOKUP($H517,SEINFRA_INSUM!B:F,4,0),IF($G517=\"COTAÇÃO\",VLOOKUP($H517,'COTACAO - PEÇAS E MATERIAIS'!B:L,10,0),\"\"))))","v":0.5},4,"COTAÇÃO",603,null,32]
["3.1.3.26","Automático de bóia superior/inferior, 15A/250V",1,"Ud",{"$f":"IF($G518=\"ORSE\",VLOOKUP($H518,ORSE_INSUM!A:E,4,0),IF($G518=\"SINAPI\",VLOOKUP($H518,SINAPI_INSUM!A:E,5,0),IF($G518=\"SEINFRA\",VLOOKUP($H518,SEINFRA_INSUM!B:F,4,0),IF($G518=\"COTAÇÃO\",VLOOKUP($H518,'COTACAO - PEÇAS E MATERIAIS'!B:L,10,0),\"\"))))","v":"38,00"},38,"SINAPI",7588,null,2]
["3.1.3.27","Bomba centrífuga c/ motor elétrico trifásico 1 Hp, DN Sucção x Elevação 1\" x 1\", DN Rotor 145 mm, Hm/Q = 14 m.c.a/8,4 m³/h a 40 m.c.a/0,6 m³/h",{"$f":"ROUND(J519/2,0)","v":1},"Ud",{"$f":"IF($G519=\"ORSE\",VLOOKUP($H519,ORSE_INSUM!A:E,4,0),IF($G519=\"SINAPI\",VLOOKUP($H519,SINAPI_INSUM!A:E,5,0),IF($G519=\"SEINFRA\",VLOOKUP($H519,SEINFRA_INSUM!B:F,4,0),IF($G519=\"COTAÇÃO\",VLOOKUP($H519,'COTACAO - PEÇAS E MATERIAIS'!B:L,10,0),\"\"))))","v":"828,71"},828.71,"SINAPI",732,null,1]
["3.1.3.28","Braço ou haste c/ canopla plástica 1/2\" p/chuveiro simpes",1,"Ud",{"$f":"IF($G520=\"ORSE\",VLOOKUP($H520,ORSE_INSUM!A:E,4,0),IF($G520=\"SINAPI\",VLOOKUP($H520,SINAPI_INSUM!A:E,5,0),IF($G520=\"SEINFRA\",VLOOKUP($H520,SEINFRA_INSUM!B:F,4,0),IF($G520=\"COTAÇÃO\",VLOOKUP($H520,'COTACAO - PEÇAS E MATERIAIS'!B:L,10,0),\"\"))))","v":"6,55"},6.55,"SINAPI",11679,null,2]
["3.1.3.29","Bucha de red curta 75x60 mm",1,"Ud",{"$f":"IF($G521=\"ORSE\",VLOOKUP($H521,ORSE_INSUM!A:E,4,0),IF($G521=\"SINAPI\",VLOOKUP($H521,SINAPI_INSUM!A:E,5,0),IF($G521=\"SEINFRA\",VLOOKUP($H521,SEINFRA_INSUM!B:F,4,0),IF($G521=\"COTAÇÃO\",VLOOKUP($H521,'COTACAO - PEÇAS E MATERIAIS'!B:L,10,0),\"\"))))","v":"18,93"},18.93,"SINAPI",823,null,4]
["3.1.3.30","Bucha de red longa 110x75 mm",1,"Ud",{"$f":"IF($G522=\"ORSE\",VLOOKUP($H522,ORSE_INSUM!A:E,4,0),IF($G522=\"SINAPI\",VLOOKUP($H522,SINAPI_INSUM!A:E,5,0),IF($G522=\"SEINFRA\",VLOOKUP($H522,SEINFRA_INSUM!B:F,4,0),IF($G522=\"COTAÇÃO\",VLOOKUP($H522,'COTACAO - PEÇAS E MATERIAIS'!B:L,10,0),\"\"))))","v":"38,35"},38.35,"SINAPI",827,null,4]
["3.1.3.31","Caixa d'água em polietilento, Vol. 1000 L, c/ tampa",{"$f":"ROUND(J523/2,0)","v":1},"Ud",{"$f":"IF($G523=\"ORSE\",VLOOKUP($H523,ORSE_INSUM!A:E,4,0),IF($G523=\"SINAPI\",VLOOKUP($H523,SINAPI_INSUM!A:E,5,0),IF($G523=\"SEINFRA\",VLOOKUP($H523,SEINFRA_INSUM!B:F,4,0),IF($G523=\"COTAÇÃO\",VLOOKUP($H523,'COTACAO - PEÇAS E MATERIAIS'!B:L,10,0),\"\"))))","v":"272,44"},272.44,"SINAPI",34636,null,1]
["3.1.3.32","Caixa d'água em polietilento, Vol. 1500 L, c/ tampa",{"$f":"ROUND(J524/2,0)","v":1},"Ud",{"$f":"IF($G524=\"ORSE\",VLOOKUP($H524,ORSE_INSUM!A:E,4,0),IF($G524=\"SINAPI\",VLOOKUP($H524,SINAPI_INSUM!A:E,5,0),IF($G524=\"SEINFRA\",VLOOKUP($H524,SEINFRA_INSUM!B:F,4,0),IF($G524=\"COTAÇÃO\",VLOOKUP($H524,'COTACAO - PEÇAS E MATERIAIS'!B:L,10,0),\"\"))))","v":"553,32"},553.32000000000005,"SINAPI",34639,null,1]
["3.1.3.33","Caixa d´água em fibra de vidro - instalada, sem estrutura de suporte cap. 20.000 litros",{"$f":"ROUND(J525/2,0)","v":1},"Ud",{"$f":"IF($G525=\"ORSE\",VLOOKUP($H525,ORSE_INSUM!A:E,4,0),IF($G525=\"SINAPI\",VLOOKUP($H525,SINAPI_INSUM!A:E,5,0),IF($G525=\"SEINFRA\",VLOOKUP($H525,SEINFRA_INSUM!B:F,4,0),IF($G525=\"COTAÇÃO\",VLOOKUP($H525,'COTACAO - PEÇAS E MATERIAIS'!B:L,10,0),\"\"))))","v":8129.69},8129.69,"ORSE","01434/ORSE",null,1]
["3.1.3.34","Caixa descarga plástica, externa, completa com tubo de descarga, engate flexível, boia e suporte para fixação - capacidade 9L",1,"Ud",{"$f":"IF($G526=\"ORSE\",VLOOKUP($H526,ORSE_INSUM!A:E,4,0),IF($G526=\"SINAPI\",VLOOKUP($H526,SINAPI_INSUM!A:E,5,0),IF($G526=\"SEINFRA\",VLOOKUP($H526,SEINFRA_INSUM!B:F,4,0),IF($G526=\"COTAÇÃO\",VLOOKUP($H526,'COTACAO - PEÇAS E MATERIAIS'!B:L,10,0),\"\"))))","v":"24,95"},24.95,"SINAPI",1030,null,2]
["3.1.3.35","Cap PVC soldável 25 mm",5,"Ud",{"$f":"IF($G527=\"ORSE\",VLOOKUP($H527,ORSE_INSUM!A:E,4,0),IF($G527=\"SINAPI\",VLOOKUP($H527,SINAPI_INSUM!A:E,5,0),IF($G527=\"SEINFRA\",VLOOKUP($H527,SEINFRA_INSUM!B:F,4,0),IF($G527=\"COTAÇÃO\",VLOOKUP($H527,'COTACAO - PEÇAS E MATERIAIS'!B:L,10,0),\"\"))))","v":"0,92"},4.5999999999999996,"SINAPI",1185,null,20]
["3.1.3.36","Cap PVC soldável 50 mm",3,"Ud",{"$f":"IF($G528=\"ORSE\",VLOOKUP($H528,ORSE_INSUM!A:E,4,0),IF($G528=\"SINAPI\",VLOOKUP($H528,SINAPI_INSUM!A:E,5,0),IF($G528=\"SEINFRA\",VLOOKUP($H528,SEINFRA_INSUM!B:F,4,0),IF($G528=\"COTAÇÃO\",VLOOKUP($H528,'COTACAO - PEÇAS E MATERIAIS'!B:L,10,0),\"\"))))","v":"4,81"},14.43,"SINAPI",1194,null,10]
["3.1.3.37","Cap PVC soldável 60 mm",3,"Ud",{"$f":"IF($G529=\"ORSE\",VLOOKUP($H529,ORSE_INSUM!A:E,4,0),IF($G529=\"SINAPI\",VLOOKUP($H529,SINAPI_INSUM!A:E,5,0),IF($G529=\"SEINFRA\",VLOOKUP($H529,SEINFRA_INSUM!B:F,4,0),IF($G529=\"COTAÇÃO\",VLOOKUP($H529,'COTACAO - PEÇAS E MATERIAIS'!B:L,10,0),\"\"))))","v":"7,35"},22.05,"SINAPI",1195,null,10]
["3.1.3.38","Chuveiro plástico branco simples",1,"Ud",{"$f":"IF($G530=\"ORSE\",VLOOKUP($H530,ORSE_INSUM!A:E,4,0),IF($G530=\"SINAPI\",VLOOKUP($H530,SINAPI_INSUM!A:E,5,0),IF($G530=\"SEINFRA\",VLOOKUP($H530,SEINFRA_INSUM!B:F,4,0),IF($G530=\"COTAÇÃO\",VLOOKUP($H530,'COTACAO - PEÇAS E MATERIAIS'!B:L,10,0),\"\"))))","v":"4,64"},4.6399999999999997,"SINAPI",7608,null,2]
["3.1.3.39","Cloro",125,"L",{"$f":"IF($G531=\"ORSE\",VLOOKUP($H531,ORSE_INSUM!A:E,4,0),IF($G531=\"SINAPI\",VLOOKUP($H531,SINAPI_INSUM!A:E,5,0),IF($G531=\"SEINFRA\",VLOOKUP($H531,SEINFRA_INSUM!B:F,4,0),IF($G531=\"COTAÇÃO\",VLOOKUP($H531,'COTACAO - PEÇAS E MATERIAIS'!B:L,10,0),\"\"))))","v":6.44},805,"COTAÇÃO",606,null,500]
["3.1.3.40","Colar de tomada PVC DN 50 mm x 1/2\"",{"$f":"ROUND(J532/2,0)","v":1},"Ud",{"$f":"IF($G532=\"ORSE\",VLOOKUP($H532,ORSE_INSUM!A:E,4,0),IF($G532=\"SINAPI\",VLOOKUP($H532,SINAPI_INSUM!A:E,5,0),IF($G532=\"SEINFRA\",VLOOKUP($H532,SEINFRA_INSUM!B:F,4,0),IF($G532=\"COTAÇÃO\",VLOOKUP($H532,'COTACAO - PEÇAS E MATERIAIS'!B:L,10,0),\"\"))))","v":"11,03"},11.03,"SINAPI",1419,null,1]
["3.1.3.41","Colar de tomada PVC DN 50 mm x 3/4\"",2,"Ud",{"$f":"IF($G533=\"ORSE\",VLOOKUP($H533,ORSE_INSUM!A:E,4,0),IF($G533=\"SINAPI\",VLOOKUP($H533,SINAPI_INSUM!A:E,5,0),IF($G533=\"SEINFRA\",VLOOKUP($H533,SEINFRA_INSUM!B:F,4,0),IF($G533=\"COTAÇÃO\",VLOOKUP($H533,'COTACAO - PEÇAS E MATERIAIS'!B:L,10,0),\"\"))))","v":"11,03"},22.06,"SINAPI",1419,null,8]
["3.1.3.42","Colar de tomada PVC DN 75 mm x 3/4\"",2,"Ud",{"$f":"IF($G534=\"ORSE\",VLOOKUP($H534,ORSE_INSUM!A:E,4,0),IF($G534=\"SINAPI\",VLOOKUP($H534,SINAPI_INSUM!A:E,5,0),IF($G534=\"SEINFRA\",VLOOKUP($H534,SEINFRA_INSUM!B:F,4,0),IF($G534=\"COTAÇÃO\",VLOOKUP($H534,'COTACAO - PEÇAS E MATERIAIS'!B:L,10,0),\"\"))))","v":"14,98"},29.96,"SINAPI",1413,null,8]
["3.1.3.43","Colar tomada pvc, com travas, saida com rosca, de 110 mm x 1/2\" ou 110 mm x 3/4\", para ligacao predial de agua  ",1,"Ud",{"$f":"IF($G535=\"ORSE\",VLOOKUP($H535,ORSE_INSUM!A:E,4,0),IF($G535=\"SINAPI\",VLOOKUP($H535,SINAPI_INSUM!A:E,5,0),IF($G535=\"SEINFRA\",VLOOKUP($H535,SEINFRA_INSUM!B:F,4,0),IF($G535=\"COTAÇÃO\",VLOOKUP($H535,'COTACAO - PEÇAS E MATERIAIS'!B:L,10,0),\"\"))))","v":"18,59"},18.59,"SINAPI",1427,null,4]
["3.1.3.44","Colar tomada pvc, com travas, saida roscavel com bucha de latao, de 85 mm x 1/2\" ou 85 mm x 3/4\", para ligacao predial de agua                                                                                                                                                                                                                                                                                                                                                                            ",1,"Ud",{"$f":"IF($G536=\"ORSE\",VLOOKUP($H536,ORSE_INSUM!A:E,4,0),IF($G536=\"SINAPI\",VLOOKUP($H536,SINAPI_INSUM!A:E,5,0),IF($G536=\"SEINFRA\",VLOOKUP($H536,SEINFRA_INSUM!B:F,4,0),IF($G536=\"COTAÇÃO\",VLOOKUP($H536,'COTACAO - PEÇAS E MATERIAIS'!B:L,10,0),\"\"))))","v":"24,79"},24.79,"SINAPI",1404,null,4]
["3.1.3.45","Conjunto de ligação (tubo + canopla + anel) em plástico branco (polietileno) c/tubo 1.1/2\" x 20 cm p/bacia sanitária",1,"Ud",{"$f":"IF($G537=\"ORSE\",VLOOKUP($H537,ORSE_INSUM!A:E,4,0),IF($G537=\"SINAPI\",VLOOKUP($H537,SINAPI_INSUM!A:E,5,0),IF($G537=\"SEINFRA\",VLOOKUP($H537,SEINFRA_INSUM!B:F,4,0),IF($G537=\"COTAÇÃO\",VLOOKUP($H537,'COTACAO - PEÇAS E MATERIAIS'!B:L,10,0),\"\"))))","v":"4,72"},4.72,"SINAPI",6142,null,2]
["3.1.3.46","Curva 45° longa em pvc rígido soldável, diâm = 100mm",1,"Ud",{"$f":"IF($G538=\"ORSE\",VLOOKUP($H538,ORSE_INSUM!A:E,4,0),IF($G538=\"SINAPI\",VLOOKUP($H538,SINAPI_INSUM!A:E,5,0),IF($G538=\"SEINFRA\",VLOOKUP($H538,SEINFRA_INSUM!B:F,4,0),IF($G538=\"COTAÇÃO\",VLOOKUP($H538,'COTACAO - PEÇAS E MATERIAIS'!B:L,10,0),\"\"))))","v":42.09},42.09,"ORSE","01545/ORSE",null,2]
["3.1.3.47","Curva 45° longa em pvc rígido soldável, diâm = 50mm",1,"Ud",{"$f":"IF($G539=\"ORSE\",VLOOKUP($H539,ORSE_INSUM!A:E,4,0),IF($G539=\"SINAPI\",VLOOKUP($H539,SINAPI_INSUM!A:E,5,0),IF($G539=\"SEINFRA\",VLOOKUP($H539,SEINFRA_INSUM!B:F,4,0),IF($G539=\"COTAÇÃO\",VLOOKUP($H539,'COTACAO - PEÇAS E MATERIAIS'!B:L,10,0),\"\"))))","v":13.12},13.12,"ORSE","01543/ORSE",null,2]
["3.1.3.48","Curva 45° longa em pvc rígido soldável, diâm = 75mm",1,"Ud",{"$f":"IF($G540=\"ORSE\",VLOOKUP($H540,ORSE_INSUM!A:E,4,0),IF($G540=\"SINAPI\",VLOOKUP($H540,SINAPI_INSUM!A:E,5,0),IF($G540=\"SEINFRA\",VLOOKUP($H540,SEINFRA_INSUM!B:F,4,0),IF($G540=\"COTAÇÃO\",VLOOKUP($H540,'COTACAO - PEÇAS E MATERIAIS'!B:L,10,0),\"\"))))","v":29.69},29.69,"ORSE","01544/ORSE",null,2]
["3.1.3.49","Curva PRFV 45° DN 600 mm x DN 600 mm",{"$f":"ROUND(J541/2,0)","v":1},"Ud",{"$f":"IF($G541=\"ORSE\",VLOOKUP($H541,ORSE_INSUM!A:E,4,0),IF($G541=\"SINAPI\",VLOOKUP($H541,SINAPI_INSUM!A:E,5,0),IF($G541=\"SEINFRA\",VLOOKUP($H541,SEINFRA_INSUM!B:F,4,0),IF($G541=\"COTAÇÃO\",VLOOKUP($H541,'COTACAO - PEÇAS E MATERIAIS'!B:L,10,0),\"\"))))","v":3220},{"$f":"E541*C541","v":3220},"COTAÇÃO",612,null,1]
["3.1.3.50","Curva PRFV 45° DN 800 mm x DN 800 mm",{"$f":"ROUND(J542/2,0)","v":1},"Ud",{"$f":"IF($G542=\"ORSE\",VLOOKUP($H542,ORSE_INSUM!A:E,4,0),IF($G542=\"SINAPI\",VLOOKUP($H542,SINAPI_INSUM!A:E,5,0),IF($G542=\"SEINFRA\",VLOOKUP($H542,SEINFRA_INSUM!B:F,4,0),IF($G542=\"COTAÇÃO\",VLOOKUP($H542,'COTACAO - PEÇAS E MATERIAIS'!B:L,10,0),\"\"))))","v":4850},4850,"COTAÇÃO",613,null,1]
["3.1.3.51","CURVA DE PVC 90 GRAUS, SOLDAVEL, 50 MM",1,"Ud",{"$f":"IF($G543=\"ORSE\",VLOOKUP($H543,ORSE_INSUM!A:E,4,0),IF($G543=\"SINAPI\",VLOOKUP($H543,SINAPI_INSUM!A:E,5,0),IF($G543=\"SEINFRA\",VLOOKUP($H543,SEINFRA_INSUM!B:F,4,0),IF($G543=\"COTAÇÃO\",VLOOKUP($H543,'COTACAO - PEÇAS E MATERIAIS'!B:L,10,0),\"\"))))","v":"9,64"},9.64,"SINAPI",1959,null,4]
["3.1.3.52","CURVA DE PVC 90 GRAUS, SOLDAVEL, 75 MM",1,"Ud",{"$f":"IF($G544=\"ORSE\",VLOOKUP($H544,ORSE_INSUM!A:E,4,0),IF($G544=\"SINAPI\",VLOOKUP($H544,SINAPI_INSUM!A:E,5,0),IF($G544=\"SEINFRA\",VLOOKUP($H544,SEINFRA_INSUM!B:F,4,0),IF($G544=\"COTAÇÃO\",VLOOKUP($H544,'COTACAO - PEÇAS E MATERIAIS'!B:L,10,0),\"\"))))","v":"38,44"},38.44,"SINAPI",1960,null,4]
["3.1.3.53","Engate ou rabicho flexível plástico (pvc ou abs) branco 1/2\" x 30 cm",1,"Ud",{"$f":"IF($G545=\"ORSE\",VLOOKUP($H545,ORSE_INSUM!A:E,4,0),IF($G545=\"SINAPI\",VLOOKUP($H545,SINAPI_INSUM!A:E,5,0),IF($G545=\"SEINFRA\",VLOOKUP($H545,SEINFRA_INSUM!B:F,4,0),IF($G545=\"COTAÇÃO\",VLOOKUP($H545,'COTACAO - PEÇAS E MATERIAIS'!B:L,10,0),\"\"))))","v":"24,80"},24.8,"SINAPI",11683,null,2]
["3.1.3.54","Engate ou rabicho flexível plástico (pvc ou abs) branco 1/2\" x 40 cm",1,"Ud",{"$f":"IF($G546=\"ORSE\",VLOOKUP($H546,ORSE_INSUM!A:E,4,0),IF($G546=\"SINAPI\",VLOOKUP($H546,SINAPI_INSUM!A:E,5,0),IF($G546=\"SEINFRA\",VLOOKUP($H546,SEINFRA_INSUM!B:F,4,0),IF($G546=\"COTAÇÃO\",VLOOKUP($H546,'COTACAO - PEÇAS E MATERIAIS'!B:L,10,0),\"\"))))","v":"27,14"},27.14,"SINAPI",11684,null,2]
["3.1.3.55","Fita veda rosca 18 mm x 50 m",3,"Ud",{"$f":"IF($G547=\"ORSE\",VLOOKUP($H547,ORSE_INSUM!A:E,4,0),IF($G547=\"SINAPI\",VLOOKUP($H547,SINAPI_INSUM!A:E,5,0),IF($G547=\"SEINFRA\",VLOOKUP($H547,SEINFRA_INSUM!B:F,4,0),IF($G547=\"COTAÇÃO\",VLOOKUP($H547,'COTACAO - PEÇAS E MATERIAIS'!B:L,10,0),\"\"))))","v":"8,74"},26.22,"SINAPI",3148,null,12]
["3.1.3.56","Grelha pvc branca quadrada 150 x 150 mm",1,"Ud",{"$f":"IF($G548=\"ORSE\",VLOOKUP($H548,ORSE_INSUM!A:E,4,0),IF($G548=\"SINAPI\",VLOOKUP($H548,SINAPI_INSUM!A:E,5,0),IF($G548=\"SEINFRA\",VLOOKUP($H548,SEINFRA_INSUM!B:F,4,0),IF($G548=\"COTAÇÃO\",VLOOKUP($H548,'COTACAO - PEÇAS E MATERIAIS'!B:L,10,0),\"\"))))","v":"4,35"},4.3499999999999996,"SINAPI",11731,null,2]
["3.1.3.57","Joelho pvc soldável 90°, dn 25 mm (marrom)",2,"Ud",{"$f":"IF($G549=\"ORSE\",VLOOKUP($H549,ORSE_INSUM!A:E,4,0),IF($G549=\"SINAPI\",VLOOKUP($H549,SINAPI_INSUM!A:E,5,0),IF($G549=\"SEINFRA\",VLOOKUP($H549,SEINFRA_INSUM!B:F,4,0),IF($G549=\"COTAÇÃO\",VLOOKUP($H549,'COTACAO - PEÇAS E MATERIAIS'!B:L,10,0),\"\"))))","v":"0,58"},1.1599999999999999,"SINAPI",3529,null,8]
["3.1.3.58","Joelho pvc soldável 90°, dn 35 mm",1,"Ud",{"$f":"IF($G550=\"ORSE\",VLOOKUP($H550,ORSE_INSUM!A:E,4,0),IF($G550=\"SINAPI\",VLOOKUP($H550,SINAPI_INSUM!A:E,5,0),IF($G550=\"SEINFRA\",VLOOKUP($H550,SEINFRA_INSUM!B:F,4,0),IF($G550=\"COTAÇÃO\",VLOOKUP($H550,'COTACAO - PEÇAS E MATERIAIS'!B:L,10,0),\"\"))))","v":"1,50"},1.5,"SINAPI",3536,null,2]
["3.1.3.59","Joelho pvc soldável 90°, dn 50 mm",3,"Ud",{"$f":"IF($G551=\"ORSE\",VLOOKUP($H551,ORSE_INSUM!A:E,4,0),IF($G551=\"SINAPI\",VLOOKUP($H551,SINAPI_INSUM!A:E,5,0),IF($G551=\"SEINFRA\",VLOOKUP($H551,SEINFRA_INSUM!B:F,4,0),IF($G551=\"COTAÇÃO\",VLOOKUP($H551,'COTACAO - PEÇAS E MATERIAIS'!B:L,10,0),\"\"))))","v":"4,07"},12.21,"SINAPI",3540,null,10]
["3.1.3.60","Joelho pvc soldável/rosca 90°, dn 25 x 3/4\" (marrom)",2,"Ud",{"$f":"IF($G552=\"ORSE\",VLOOKUP($H552,ORSE_INSUM!A:E,4,0),IF($G552=\"SINAPI\",VLOOKUP($H552,SINAPI_INSUM!A:E,5,0),IF($G552=\"SEINFRA\",VLOOKUP($H552,SEINFRA_INSUM!B:F,4,0),IF($G552=\"COTAÇÃO\",VLOOKUP($H552,'COTACAO - PEÇAS E MATERIAIS'!B:L,10,0),\"\"))))","v":"5,28"},10.56,"SINAPI",3524,null,6]
["3.1.3.61","Lâmina de serra",2,"Ud",{"$f":"IF($G553=\"ORSE\",VLOOKUP($H553,ORSE_INSUM!A:E,4,0),IF($G553=\"SINAPI\",VLOOKUP($H553,SINAPI_INSUM!A:E,5,0),IF($G553=\"SEINFRA\",VLOOKUP($H553,SEINFRA_INSUM!B:F,4,0),IF($G553=\"COTAÇÃO\",VLOOKUP($H553,'COTACAO - PEÇAS E MATERIAIS'!B:L,10,0),\"\"))))","v":7.02},14.04,"COTAÇÃO",621,null,6]
["3.1.3.62","Lixa n° 80",3,"Ud",{"$f":"IF($G554=\"ORSE\",VLOOKUP($H554,ORSE_INSUM!A:E,4,0),IF($G554=\"SINAPI\",VLOOKUP($H554,SINAPI_INSUM!A:E,5,0),IF($G554=\"SEINFRA\",VLOOKUP($H554,SEINFRA_INSUM!B:F,4,0),IF($G554=\"COTAÇÃO\",VLOOKUP($H554,'COTACAO - PEÇAS E MATERIAIS'!B:L,10,0),\"\"))))","v":3.28},9.84,"COTAÇÃO",622,null,12]
["3.1.3.63","Luva de correr pvc defofo, je, dn 100 mm",2,"Ud",{"$f":"IF($G555=\"ORSE\",VLOOKUP($H555,ORSE_INSUM!A:E,4,0),IF($G555=\"SINAPI\",VLOOKUP($H555,SINAPI_INSUM!A:E,5,0),IF($G555=\"SEINFRA\",VLOOKUP($H555,SEINFRA_INSUM!B:F,4,0),IF($G555=\"COTAÇÃO\",VLOOKUP($H555,'COTACAO - PEÇAS E MATERIAIS'!B:L,10,0),\"\"))))","v":"21,22"},42.44,"SINAPI",3840,null,8]
["3.1.3.64","Luva de correr pvc defofo, je, dn 150 mm",2,"Ud",{"$f":"IF($G556=\"ORSE\",VLOOKUP($H556,ORSE_INSUM!A:E,4,0),IF($G556=\"SINAPI\",VLOOKUP($H556,SINAPI_INSUM!A:E,5,0),IF($G556=\"SEINFRA\",VLOOKUP($H556,SEINFRA_INSUM!B:F,4,0),IF($G556=\"COTAÇÃO\",VLOOKUP($H556,'COTACAO - PEÇAS E MATERIAIS'!B:L,10,0),\"\"))))","v":"50,59"},101.18,"SINAPI",3838,null,8]
["3.1.3.65","Luva de correr pvc defofo, je, dn 200 mm",2,"Ud",{"$f":"IF($G557=\"ORSE\",VLOOKUP($H557,ORSE_INSUM!A:E,4,0),IF($G557=\"SINAPI\",VLOOKUP($H557,SINAPI_INSUM!A:E,5,0),IF($G557=\"SEINFRA\",VLOOKUP($H557,SEINFRA_INSUM!B:F,4,0),IF($G557=\"COTAÇÃO\",VLOOKUP($H557,'COTACAO - PEÇAS E MATERIAIS'!B:L,10,0),\"\"))))","v":"143,08"},286.16000000000003,"SINAPI",3844,null,8]
["3.1.3.66","Luva de correr pvc defofo, je, dn 250 mm",{"$f":"ROUND(J558/4,0)","v":2},"Ud",{"$f":"IF($G558=\"ORSE\",VLOOKUP($H558,ORSE_INSUM!A:E,4,0),IF($G558=\"SINAPI\",VLOOKUP($H558,SINAPI_INSUM!A:E,5,0),IF($G558=\"SEINFRA\",VLOOKUP($H558,SEINFRA_INSUM!B:F,4,0),IF($G558=\"COTAÇÃO\",VLOOKUP($H558,'COTACAO - PEÇAS E MATERIAIS'!B:L,10,0),\"\"))))","v":"175,68"},351.36,"SINAPI",3839,null,8]
["3.1.3.67","Luva de correr pvc pba, je, dn 50 / de 60 mm",2,"Ud",{"$f":"IF($G559=\"ORSE\",VLOOKUP($H559,ORSE_INSUM!A:E,4,0),IF($G559=\"SINAPI\",VLOOKUP($H559,SINAPI_INSUM!A:E,5,0),IF($G559=\"SEINFRA\",VLOOKUP($H559,SEINFRA_INSUM!B:F,4,0),IF($G559=\"COTAÇÃO\",VLOOKUP($H559,'COTACAO - PEÇAS E MATERIAIS'!B:L,10,0),\"\"))))","v":"8,27"},{"$f":"E559*C559","v":16.54},"SINAPI",3825,null,8]
["3.1.3.68","Luva de correr pvc pba, je, dn 75 / de 85 mm",2,"Ud",{"$f":"IF($G560=\"ORSE\",VLOOKUP($H560,ORSE_INSUM!A:E,4,0),IF($G560=\"SINAPI\",VLOOKUP($H560,SINAPI_INSUM!A:E,5,0),IF($G560=\"SEINFRA\",VLOOKUP($H560,SEINFRA_INSUM!B:F,4,0),IF($G560=\"COTAÇÃO\",VLOOKUP($H560,'COTACAO - PEÇAS E MATERIAIS'!B:L,10,0),\"\"))))","v":"17,51"},35.020000000000003,"SINAPI",3827,null,8]
["3.1.3.69","Luva de redução pvc soldável dn 35 x 25 mm (marrom)",2,"Ud",{"$f":"IF($G561=\"ORSE\",VLOOKUP($H561,ORSE_INSUM!A:E,4,0),IF($G561=\"SINAPI\",VLOOKUP($H561,SINAPI_INSUM!A:E,5,0),IF($G561=\"SEINFRA\",VLOOKUP($H561,SEINFRA_INSUM!B:F,4,0),IF($G561=\"COTAÇÃO\",VLOOKUP($H561,'COTACAO - PEÇAS E MATERIAIS'!B:L,10,0),\"\"))))","v":"2,23"},4.46,"SINAPI",3869,null,8]
["3.1.3.70","Luva de reducao soldavel, pvc, 25 mm x 20 mm, para agua fria predial                                                                                                                                                                                                                                                                                                                                                                                                                                      ",1,"Ud",{"$f":"IF($G562=\"ORSE\",VLOOKUP($H562,ORSE_INSUM!A:E,4,0),IF($G562=\"SINAPI\",VLOOKUP($H562,SINAPI_INSUM!A:E,5,0),IF($G562=\"SEINFRA\",VLOOKUP($H562,SEINFRA_INSUM!B:F,4,0),IF($G562=\"COTAÇÃO\",VLOOKUP($H562,'COTACAO - PEÇAS E MATERIAIS'!B:L,10,0),\"\"))))","v":"0,92"},0.92,"SINAPI",3868,null,4]
["3.1.3.71","Luva de reducao soldavel, pvc, 32 mm x 25 mm, para agua fria predial                                                                                                                                                                                                                                                                                                                                                                                                                                      ",1,"Ud",{"$f":"IF($G563=\"ORSE\",VLOOKUP($H563,ORSE_INSUM!A:E,4,0),IF($G563=\"SINAPI\",VLOOKUP($H563,SINAPI_INSUM!A:E,5,0),IF($G563=\"SEINFRA\",VLOOKUP($H563,SEINFRA_INSUM!B:F,4,0),IF($G563=\"COTAÇÃO\",VLOOKUP($H563,'COTACAO - PEÇAS E MATERIAIS'!B:L,10,0),\"\"))))","v":"2,23"},2.23,"SINAPI",3869,null,4]
["3.1.3.72","Luva de reducao soldavel, pvc, 40 mm x 32 mm, para agua fria predial                                                                                                                                                                                                                                                                                                                                                                                                                                      ",1,"Ud",{"$f":"IF($G564=\"ORSE\",VLOOKUP($H564,ORSE_INSUM!A:E,4,0),IF($G564=\"SINAPI\",VLOOKUP($H564,SINAPI_INSUM!A:E,5,0),IF($G564=\"SEINFRA\",VLOOKUP($H564,SEINFRA_INSUM!B:F,4,0),IF($G564=\"COTAÇÃO\",VLOOKUP($H564,'COTACAO - PEÇAS E MATERIAIS'!B:L,10,0),\"\"))))","v":"2,74"},2.74,"SINAPI",3872,null,4]
["3.1.3.73","Luva de reducao soldavel, pvc, 60 mm x 50 mm, para agua fria predial                                                                                                                                                                                                                                                                                                                                                                                                                                      ",1,"Ud",{"$f":"IF($G565=\"ORSE\",VLOOKUP($H565,ORSE_INSUM!A:E,4,0),IF($G565=\"SINAPI\",VLOOKUP($H565,SINAPI_INSUM!A:E,5,0),IF($G565=\"SEINFRA\",VLOOKUP($H565,SEINFRA_INSUM!B:F,4,0),IF($G565=\"COTAÇÃO\",VLOOKUP($H565,'COTACAO - PEÇAS E MATERIAIS'!B:L,10,0),\"\"))))","v":"7,47"},7.47,"SINAPI",3850,null,4]
["3.1.3.74","Luva de reducao, pvc, soldavel, 50 x 25 mm, para agua fria predial                                                                                                                                                                                                                                                                                                                                                                                                                                        ",1,"Ud",{"$f":"IF($G566=\"ORSE\",VLOOKUP($H566,ORSE_INSUM!A:E,4,0),IF($G566=\"SINAPI\",VLOOKUP($H566,SINAPI_INSUM!A:E,5,0),IF($G566=\"SEINFRA\",VLOOKUP($H566,SEINFRA_INSUM!B:F,4,0),IF($G566=\"COTAÇÃO\",VLOOKUP($H566,'COTACAO - PEÇAS E MATERIAIS'!B:L,10,0),\"\"))))","v":"3,14"},3.14,"SINAPI",38023,null,4]
["3.1.3.75","Luva pvc soldavel, 20 mm, para agua fria predial                                                                                                                                                                                                                                                                                                                                                                                                                                                          ",3,"Ud",{"$f":"IF($G567=\"ORSE\",VLOOKUP($H567,ORSE_INSUM!A:E,4,0),IF($G567=\"SINAPI\",VLOOKUP($H567,SINAPI_INSUM!A:E,5,0),IF($G567=\"SEINFRA\",VLOOKUP($H567,SEINFRA_INSUM!B:F,4,0),IF($G567=\"COTAÇÃO\",VLOOKUP($H567,'COTACAO - PEÇAS E MATERIAIS'!B:L,10,0),\"\"))))","v":"0,52"},1.56,"SINAPI",3861,null,10]
["3.1.3.76","Luva pvc soldavel, 25 mm, para agua fria predial                                                                                                                                                                                                                                                                                                                                                                                                                                                          ",3,"Ud",{"$f":"IF($G568=\"ORSE\",VLOOKUP($H568,ORSE_INSUM!A:E,4,0),IF($G568=\"SINAPI\",VLOOKUP($H568,SINAPI_INSUM!A:E,5,0),IF($G568=\"SEINFRA\",VLOOKUP($H568,SEINFRA_INSUM!B:F,4,0),IF($G568=\"COTAÇÃO\",VLOOKUP($H568,'COTACAO - PEÇAS E MATERIAIS'!B:L,10,0),\"\"))))","v":"0,59"},1.77,"SINAPI",3904,null,10]
["3.1.3.77","Luva pvc soldavel, 32 mm, para agua fria predial                                                                                                                                                                                                                                                                                                                                                                                                                                                          ",3,"Ud",{"$f":"IF($G569=\"ORSE\",VLOOKUP($H569,ORSE_INSUM!A:E,4,0),IF($G569=\"SINAPI\",VLOOKUP($H569,SINAPI_INSUM!A:E,5,0),IF($G569=\"SEINFRA\",VLOOKUP($H569,SEINFRA_INSUM!B:F,4,0),IF($G569=\"COTAÇÃO\",VLOOKUP($H569,'COTACAO - PEÇAS E MATERIAIS'!B:L,10,0),\"\"))))","v":"1,24"},3.72,"SINAPI",3903,null,10]
["3.1.3.78","Luva pvc soldavel, 40 mm, para agua fria predial                                                                                                                                                                                                                                                                                                                                                                                                                                                          ",3,"Ud",{"$f":"IF($G570=\"ORSE\",VLOOKUP($H570,ORSE_INSUM!A:E,4,0),IF($G570=\"SINAPI\",VLOOKUP($H570,SINAPI_INSUM!A:E,5,0),IF($G570=\"SEINFRA\",VLOOKUP($H570,SEINFRA_INSUM!B:F,4,0),IF($G570=\"COTAÇÃO\",VLOOKUP($H570,'COTACAO - PEÇAS E MATERIAIS'!B:L,10,0),\"\"))))","v":"2,75"},8.25,"SINAPI",3862,null,10]
["3.1.3.79","Luva pvc soldavel, 50 mm, para agua fria predial                                                                                                                                                                                                                                                                                                                                                                                                                                                          ",3,"Ud",{"$f":"IF($G571=\"ORSE\",VLOOKUP($H571,ORSE_INSUM!A:E,4,0),IF($G571=\"SINAPI\",VLOOKUP($H571,SINAPI_INSUM!A:E,5,0),IF($G571=\"SEINFRA\",VLOOKUP($H571,SEINFRA_INSUM!B:F,4,0),IF($G571=\"COTAÇÃO\",VLOOKUP($H571,'COTACAO - PEÇAS E MATERIAIS'!B:L,10,0),\"\"))))","v":"3,23"},9.69,"SINAPI",3863,null,10]
["3.1.3.80","Luva pvc soldavel, 60 mm, para agua fria predial                                                                                                                                                                                                                                                                                                                                                                                                                                                          ",3,"Ud",{"$f":"IF($G572=\"ORSE\",VLOOKUP($H572,ORSE_INSUM!A:E,4,0),IF($G572=\"SINAPI\",VLOOKUP($H572,SINAPI_INSUM!A:E,5,0),IF($G572=\"SEINFRA\",VLOOKUP($H572,SEINFRA_INSUM!B:F,4,0),IF($G572=\"COTAÇÃO\",VLOOKUP($H572,'COTACAO - PEÇAS E MATERIAIS'!B:L,10,0),\"\"))))","v":"8,85"},26.55,"SINAPI",3864,null,10]
["3.1.3.81","Luva pvc soldavel, 75 mm, para agua fria predial                                                                                                                                                                                                                                                                                                                                                                                                                                                          ",1,"Ud",{"$f":"IF($G573=\"ORSE\",VLOOKUP($H573,ORSE_INSUM!A:E,4,0),IF($G573=\"SINAPI\",VLOOKUP($H573,SINAPI_INSUM!A:E,5,0),IF($G573=\"SEINFRA\",VLOOKUP($H573,SEINFRA_INSUM!B:F,4,0),IF($G573=\"COTAÇÃO\",VLOOKUP($H573,'COTACAO - PEÇAS E MATERIAIS'!B:L,10,0),\"\"))))","v":"13,23"},13.23,"SINAPI",3865,null,5]
["3.1.3.82","Luva pvc soldavel, 85 mm, para agua fria predial                                                                                                                                                                                                                                                                                                                                                                                                                                                          ",1,"Ud",{"$f":"IF($G574=\"ORSE\",VLOOKUP($H574,ORSE_INSUM!A:E,4,0),IF($G574=\"SINAPI\",VLOOKUP($H574,SINAPI_INSUM!A:E,5,0),IF($G574=\"SEINFRA\",VLOOKUP($H574,SEINFRA_INSUM!B:F,4,0),IF($G574=\"COTAÇÃO\",VLOOKUP($H574,'COTACAO - PEÇAS E MATERIAIS'!B:L,10,0),\"\"))))","v":"30,15"},30.15,"SINAPI",3866,null,5]
["3.1.3.83","Mangueira cristal 1/2\" x 2 mm",3,"m",{"$f":"IF($G575=\"ORSE\",VLOOKUP($H575,ORSE_INSUM!A:E,4,0),IF($G575=\"SINAPI\",VLOOKUP($H575,SINAPI_INSUM!A:E,5,0),IF($G575=\"SEINFRA\",VLOOKUP($H575,SEINFRA_INSUM!B:F,4,0),IF($G575=\"COTAÇÃO\",VLOOKUP($H575,'COTACAO - PEÇAS E MATERIAIS'!B:L,10,0),\"\"))))","v":"2,70"},8.1,"SINAPI",37458,null,10]
["3.1.3.84","Mangueira cristal, lisa, pvc transparente, 3/4\" x 2 mm                                                                                                                                                                                                                                                                                                                                                                                                                                                    ",8,"m",{"$f":"IF($G576=\"ORSE\",VLOOKUP($H576,ORSE_INSUM!A:E,4,0),IF($G576=\"SINAPI\",VLOOKUP($H576,SINAPI_INSUM!A:E,5,0),IF($G576=\"SEINFRA\",VLOOKUP($H576,SEINFRA_INSUM!B:F,4,0),IF($G576=\"COTAÇÃO\",VLOOKUP($H576,'COTACAO - PEÇAS E MATERIAIS'!B:L,10,0),\"\"))))","v":"3,80"},30.4,"SINAPI",37459,null,30]
["3.1.3.85","Pasta lubrificante para tubos e conexoes com junta elastica (uso em pvc, aco, polietileno e outros) ( de *400* g)                                                                                                                                                                                                                                                                                                                                                                                         ",3,"Ud",{"$f":"IF($G577=\"ORSE\",VLOOKUP($H577,ORSE_INSUM!A:E,4,0),IF($G577=\"SINAPI\",VLOOKUP($H577,SINAPI_INSUM!A:E,5,0),IF($G577=\"SEINFRA\",VLOOKUP($H577,SEINFRA_INSUM!B:F,4,0),IF($G577=\"COTAÇÃO\",VLOOKUP($H577,'COTACAO - PEÇAS E MATERIAIS'!B:L,10,0),\"\"))))","v":"16,40"},49.2,"SINAPI",20078,null,12]
["3.1.3.86","Parafuso sanitário com bucha 10",3,"Ud",{"$f":"IF($G578=\"ORSE\",VLOOKUP($H578,ORSE_INSUM!A:E,4,0),IF($G578=\"SINAPI\",VLOOKUP($H578,SINAPI_INSUM!A:E,5,0),IF($G578=\"SEINFRA\",VLOOKUP($H578,SEINFRA_INSUM!B:F,4,0),IF($G578=\"COTAÇÃO\",VLOOKUP($H578,'COTACAO - PEÇAS E MATERIAIS'!B:L,10,0),\"\"))))","v":1.59},4.7699999999999996,"COTAÇÃO",633,null,12]
["3.1.3.87","Pluviômetro em os cristal 130 ml/130 cm³",1,"Ud",{"$f":"IF($G579=\"ORSE\",VLOOKUP($H579,ORSE_INSUM!A:E,4,0),IF($G579=\"SINAPI\",VLOOKUP($H579,SINAPI_INSUM!A:E,5,0),IF($G579=\"SEINFRA\",VLOOKUP($H579,SEINFRA_INSUM!B:F,4,0),IF($G579=\"COTAÇÃO\",VLOOKUP($H579,'COTACAO - PEÇAS E MATERIAIS'!B:L,10,0),\"\"))))","v":18},18,"COTAÇÃO",636,null,5]
["3.1.3.88","Registro de esfera pvc soldável dn 25 mm",3,"Ud",{"$f":"IF($G580=\"ORSE\",VLOOKUP($H580,ORSE_INSUM!A:E,4,0),IF($G580=\"SINAPI\",VLOOKUP($H580,SINAPI_INSUM!A:E,5,0),IF($G580=\"SEINFRA\",VLOOKUP($H580,SEINFRA_INSUM!B:F,4,0),IF($G580=\"COTAÇÃO\",VLOOKUP($H580,'COTACAO - PEÇAS E MATERIAIS'!B:L,10,0),\"\"))))","v":"22,87"},68.61,"SINAPI",11674,null,12]
["3.1.3.89","Registro de esfera pvc soldável dn 3/4\"",3,"Ud",{"$f":"IF($G581=\"ORSE\",VLOOKUP($H581,ORSE_INSUM!A:E,4,0),IF($G581=\"SINAPI\",VLOOKUP($H581,SINAPI_INSUM!A:E,5,0),IF($G581=\"SEINFRA\",VLOOKUP($H581,SEINFRA_INSUM!B:F,4,0),IF($G581=\"COTAÇÃO\",VLOOKUP($H581,'COTACAO - PEÇAS E MATERIAIS'!B:L,10,0),\"\"))))","v":"22,55"},67.650000000000006,"SINAPI",6032,null,12]
["3.1.3.90","Registro de esfera pvc soldável dn 35 mm",2,"Ud",{"$f":"IF($G582=\"ORSE\",VLOOKUP($H582,ORSE_INSUM!A:E,4,0),IF($G582=\"SINAPI\",VLOOKUP($H582,SINAPI_INSUM!A:E,5,0),IF($G582=\"SEINFRA\",VLOOKUP($H582,SEINFRA_INSUM!B:F,4,0),IF($G582=\"COTAÇÃO\",VLOOKUP($H582,'COTACAO - PEÇAS E MATERIAIS'!B:L,10,0),\"\"))))","v":"36,31"},72.62,"SINAPI",11675,null,6]
["3.1.3.91","Registro de esfera pvc soldável dn 50 mm",2,"Ud",{"$f":"IF($G583=\"ORSE\",VLOOKUP($H583,ORSE_INSUM!A:E,4,0),IF($G583=\"SINAPI\",VLOOKUP($H583,SINAPI_INSUM!A:E,5,0),IF($G583=\"SEINFRA\",VLOOKUP($H583,SEINFRA_INSUM!B:F,4,0),IF($G583=\"COTAÇÃO\",VLOOKUP($H583,'COTACAO - PEÇAS E MATERIAIS'!B:L,10,0),\"\"))))","v":"50,16"},100.32,"SINAPI",11677,null,6]
["3.1.3.92","Registro de gaveta de bronze dn 4\"",2,"Ud",{"$f":"IF($G584=\"ORSE\",VLOOKUP($H584,ORSE_INSUM!A:E,4,0),IF($G584=\"SINAPI\",VLOOKUP($H584,SINAPI_INSUM!A:E,5,0),IF($G584=\"SEINFRA\",VLOOKUP($H584,SEINFRA_INSUM!B:F,4,0),IF($G584=\"COTAÇÃO\",VLOOKUP($H584,'COTACAO - PEÇAS E MATERIAIS'!B:L,10,0),\"\"))))","v":"477,25"},954.5,"SINAPI",6027,null,6]
["3.1.3.93","Registro gaveta 2\" bronze",2,"Ud",{"$f":"IF($G585=\"ORSE\",VLOOKUP($H585,ORSE_INSUM!A:E,4,0),IF($G585=\"SINAPI\",VLOOKUP($H585,SINAPI_INSUM!A:E,5,0),IF($G585=\"SEINFRA\",VLOOKUP($H585,SEINFRA_INSUM!B:F,4,0),IF($G585=\"COTAÇÃO\",VLOOKUP($H585,'COTACAO - PEÇAS E MATERIAIS'!B:L,10,0),\"\"))))","v":"91,22"},182.44,"SINAPI",6028,null,6]
["3.1.3.94","Registro pressão 3/4\" bruto ref 1400",1,"Ud",{"$f":"IF($G586=\"ORSE\",VLOOKUP($H586,ORSE_INSUM!A:E,4,0),IF($G586=\"SINAPI\",VLOOKUP($H586,SINAPI_INSUM!A:E,5,0),IF($G586=\"SEINFRA\",VLOOKUP($H586,SEINFRA_INSUM!B:F,4,0),IF($G586=\"COTAÇÃO\",VLOOKUP($H586,'COTACAO - PEÇAS E MATERIAIS'!B:L,10,0),\"\"))))","v":"24,11"},24.11,"SINAPI",6016,null,2]
["3.1.3.95","Resina de poliéster (adesivo para laminação, lata 900 ml)",6,"Ud",{"$f":"IF($G587=\"ORSE\",VLOOKUP($H587,ORSE_INSUM!A:E,4,0),IF($G587=\"SINAPI\",VLOOKUP($H587,SINAPI_INSUM!A:E,5,0),IF($G587=\"SEINFRA\",VLOOKUP($H587,SEINFRA_INSUM!B:F,4,0),IF($G587=\"COTAÇÃO\",VLOOKUP($H587,'COTACAO - PEÇAS E MATERIAIS'!B:L,10,0),\"\"))))","v":29.26},175.56,"COTAÇÃO",640,null,24]
["3.1.3.96","Sifão plástico p/lavatório/pia tipo copo 40 mm",1,"Ud",{"$f":"IF($G588=\"ORSE\",VLOOKUP($H588,ORSE_INSUM!A:E,4,0),IF($G588=\"SINAPI\",VLOOKUP($H588,SINAPI_INSUM!A:E,5,0),IF($G588=\"SEINFRA\",VLOOKUP($H588,SEINFRA_INSUM!B:F,4,0),IF($G588=\"COTAÇÃO\",VLOOKUP($H588,'COTACAO - PEÇAS E MATERIAIS'!B:L,10,0),\"\"))))","v":"10,82"},10.82,"SINAPI",20262,null,2]
["3.1.3.97","Sulfato de alumínio",125,"kg",{"$f":"IF($G589=\"ORSE\",VLOOKUP($H589,ORSE_INSUM!A:E,4,0),IF($G589=\"SINAPI\",VLOOKUP($H589,SINAPI_INSUM!A:E,5,0),IF($G589=\"SEINFRA\",VLOOKUP($H589,SEINFRA_INSUM!B:F,4,0),IF($G589=\"COTAÇÃO\",VLOOKUP($H589,'COTACAO - PEÇAS E MATERIAIS'!B:L,10,0),\"\"))))","v":13.41},1676.25,"COTAÇÃO",641,null,500]
["3.1.3.98","Te de ferro galvanizado, de 1/2\"                                                                                                                                                                                                                                                                                                                                                                                                                                                                          ",2,"Ud",{"$f":"IF($G590=\"ORSE\",VLOOKUP($H590,ORSE_INSUM!A:E,4,0),IF($G590=\"SINAPI\",VLOOKUP($H590,SINAPI_INSUM!A:E,5,0),IF($G590=\"SEINFRA\",VLOOKUP($H590,SEINFRA_INSUM!B:F,4,0),IF($G590=\"COTAÇÃO\",VLOOKUP($H590,'COTACAO - PEÇAS E MATERIAIS'!B:L,10,0),\"\"))))","v":"5,21"},10.42,"SINAPI",6294,null,6]
["3.1.3.99","Te de reducao, pvc pba, bbb, je, dn 100 x 50 / de 110 x 60 mm, para rede agua (nbr 10351)                                                                                                                                                                                                                                                                                                                                                                                                                 ",2,"Ud",{"$f":"IF($G591=\"ORSE\",VLOOKUP($H591,ORSE_INSUM!A:E,4,0),IF($G591=\"SINAPI\",VLOOKUP($H591,SINAPI_INSUM!A:E,5,0),IF($G591=\"SEINFRA\",VLOOKUP($H591,SEINFRA_INSUM!B:F,4,0),IF($G591=\"COTAÇÃO\",VLOOKUP($H591,'COTACAO - PEÇAS E MATERIAIS'!B:L,10,0),\"\"))))","v":"70,70"},141.4,"SINAPI",11378,null,6]
["3.1.3.100","Te de reducao, pvc pba, bbb, je, dn 100 x 75 / de 110 x 85 mm, para rede agua (nbr 10351)                                                                                                                                                                                                                                                                                                                                                                                                                 ",2,"Ud",{"$f":"IF($G592=\"ORSE\",VLOOKUP($H592,ORSE_INSUM!A:E,4,0),IF($G592=\"SINAPI\",VLOOKUP($H592,SINAPI_INSUM!A:E,5,0),IF($G592=\"SEINFRA\",VLOOKUP($H592,SEINFRA_INSUM!B:F,4,0),IF($G592=\"COTAÇÃO\",VLOOKUP($H592,'COTACAO - PEÇAS E MATERIAIS'!B:L,10,0),\"\"))))","v":"77,22"},154.44,"SINAPI",11379,null,6]
["3.1.3.101","Te de reducao, pvc, soldavel, 90 graus, 110 mm x 60 mm, para agua fria predial                                                                                                                                                                                                                                                                                                                                                                                                                            ",2,"Ud",{"$f":"IF($G593=\"ORSE\",VLOOKUP($H593,ORSE_INSUM!A:E,4,0),IF($G593=\"SINAPI\",VLOOKUP($H593,SINAPI_INSUM!A:E,5,0),IF($G593=\"SEINFRA\",VLOOKUP($H593,SEINFRA_INSUM!B:F,4,0),IF($G593=\"COTAÇÃO\",VLOOKUP($H593,'COTACAO - PEÇAS E MATERIAIS'!B:L,10,0),\"\"))))","v":"83,77"},167.54,"SINAPI",7106,null,6]
["3.1.3.102","Te de reducao, pvc, soldavel, 90 graus, 25 mm x 20 mm, para agua fria predial                                                                                                                                                                                                                                                                                                                                                                                                                             ",2,"Ud",{"$f":"IF($G594=\"ORSE\",VLOOKUP($H594,ORSE_INSUM!A:E,4,0),IF($G594=\"SINAPI\",VLOOKUP($H594,SINAPI_INSUM!A:E,5,0),IF($G594=\"SEINFRA\",VLOOKUP($H594,SEINFRA_INSUM!B:F,4,0),IF($G594=\"COTAÇÃO\",VLOOKUP($H594,'COTACAO - PEÇAS E MATERIAIS'!B:L,10,0),\"\"))))","v":"2,30"},4.5999999999999996,"SINAPI",7104,null,6]
["3.1.3.103","Te de reducao, pvc, soldavel, 90 graus, 32 mm x 25 mm, para agua fria predial                                                                                                                                                                                                                                                                                                                                                                                                                             ",2,"Ud",{"$f":"IF($G595=\"ORSE\",VLOOKUP($H595,ORSE_INSUM!A:E,4,0),IF($G595=\"SINAPI\",VLOOKUP($H595,SINAPI_INSUM!A:E,5,0),IF($G595=\"SEINFRA\",VLOOKUP($H595,SEINFRA_INSUM!B:F,4,0),IF($G595=\"COTAÇÃO\",VLOOKUP($H595,'COTACAO - PEÇAS E MATERIAIS'!B:L,10,0),\"\"))))","v":"4,48"},8.9600000000000009,"SINAPI",7136,null,6]
["3.1.3.104","Te de reducao, pvc, soldavel, 90 graus, 40 mm x 32 mm, para agua fria predial                                                                                                                                                                                                                                                                                                                                                                                                                             ",2,"Ud",{"$f":"IF($G596=\"ORSE\",VLOOKUP($H596,ORSE_INSUM!A:E,4,0),IF($G596=\"SINAPI\",VLOOKUP($H596,SINAPI_INSUM!A:E,5,0),IF($G596=\"SEINFRA\",VLOOKUP($H596,SEINFRA_INSUM!B:F,4,0),IF($G596=\"COTAÇÃO\",VLOOKUP($H596,'COTACAO - PEÇAS E MATERIAIS'!B:L,10,0),\"\"))))","v":"6,11"},12.22,"SINAPI",7128,null,6]
["3.1.3.105","Te de reducao, pvc, soldavel, 90 graus, 50 mm x 20 mm, para agua fria predial                                                                                                                                                                                                                                                                                                                                                                                                                             ",2,"Ud",{"$f":"IF($G597=\"ORSE\",VLOOKUP($H597,ORSE_INSUM!A:E,4,0),IF($G597=\"SINAPI\",VLOOKUP($H597,SINAPI_INSUM!A:E,5,0),IF($G597=\"SEINFRA\",VLOOKUP($H597,SEINFRA_INSUM!B:F,4,0),IF($G597=\"COTAÇÃO\",VLOOKUP($H597,'COTACAO - PEÇAS E MATERIAIS'!B:L,10,0),\"\"))))","v":"6,77"},13.54,"SINAPI",7108,null,6]
["3.1.3.106","Te de reducao, pvc, soldavel, 90 graus, 50 mm x 25 mm, para agua fria predial                                                                                                                                                                                                                                                                                                                                                                                                                             ",2,"Ud",{"$f":"IF($G598=\"ORSE\",VLOOKUP($H598,ORSE_INSUM!A:E,4,0),IF($G598=\"SINAPI\",VLOOKUP($H598,SINAPI_INSUM!A:E,5,0),IF($G598=\"SEINFRA\",VLOOKUP($H598,SEINFRA_INSUM!B:F,4,0),IF($G598=\"COTAÇÃO\",VLOOKUP($H598,'COTACAO - PEÇAS E MATERIAIS'!B:L,10,0),\"\"))))","v":"6,80"},13.6,"SINAPI",7129,null,6]
["3.1.3.107","Te de reducao, pvc, soldavel, 90 graus, 50 mm x 32 mm, para agua fria predial                                                                                                                                                                                                                                                                                                                                                                                                                             ",2,"Ud",{"$f":"IF($G599=\"ORSE\",VLOOKUP($H599,ORSE_INSUM!A:E,4,0),IF($G599=\"SINAPI\",VLOOKUP($H599,SINAPI_INSUM!A:E,5,0),IF($G599=\"SEINFRA\",VLOOKUP($H599,SEINFRA_INSUM!B:F,4,0),IF($G599=\"COTAÇÃO\",VLOOKUP($H599,'COTACAO - PEÇAS E MATERIAIS'!B:L,10,0),\"\"))))","v":"9,21"},18.420000000000002,"SINAPI",7130,null,6]
["3.1.3.108","Te de reducao, pvc, soldavel, 90 graus, 50 mm x 40 mm, para agua fria predial                                                                                                                                                                                                                                                                                                                                                                                                                             ",2,"Ud",{"$f":"IF($G600=\"ORSE\",VLOOKUP($H600,ORSE_INSUM!A:E,4,0),IF($G600=\"SINAPI\",VLOOKUP($H600,SINAPI_INSUM!A:E,5,0),IF($G600=\"SEINFRA\",VLOOKUP($H600,SEINFRA_INSUM!B:F,4,0),IF($G600=\"COTAÇÃO\",VLOOKUP($H600,'COTACAO - PEÇAS E MATERIAIS'!B:L,10,0),\"\"))))","v":"10,59"},21.18,"SINAPI",7131,null,6]
["3.1.3.109","Te de reducao, pvc, soldavel, 90 graus, 75 mm x 50 mm, para agua fria predial                                                                                                                                                                                                                                                                                                                                                                                                                             ",2,"Ud",{"$f":"IF($G601=\"ORSE\",VLOOKUP($H601,ORSE_INSUM!A:E,4,0),IF($G601=\"SINAPI\",VLOOKUP($H601,SINAPI_INSUM!A:E,5,0),IF($G601=\"SEINFRA\",VLOOKUP($H601,SEINFRA_INSUM!B:F,4,0),IF($G601=\"COTAÇÃO\",VLOOKUP($H601,'COTACAO - PEÇAS E MATERIAIS'!B:L,10,0),\"\"))))","v":"31,57"},63.14,"SINAPI",7132,null,6]
["3.1.3.110","Te de reducao, pvc, soldavel, 90 graus, 85 mm x 60 mm, para agua fria predial                                                                                                                                                                                                                                                                                                                                                                                                                             ",2,"Ud",{"$f":"IF($G602=\"ORSE\",VLOOKUP($H602,ORSE_INSUM!A:E,4,0),IF($G602=\"SINAPI\",VLOOKUP($H602,SINAPI_INSUM!A:E,5,0),IF($G602=\"SEINFRA\",VLOOKUP($H602,SEINFRA_INSUM!B:F,4,0),IF($G602=\"COTAÇÃO\",VLOOKUP($H602,'COTACAO - PEÇAS E MATERIAIS'!B:L,10,0),\"\"))))","v":"50,09"},100.18,"SINAPI",7133,null,6]
["3.1.3.111","Manta geotextil tecido de laminetes de polipropileno, resistencia a tracao = *25* kn/m                                                                                                                                                                                                                                                                                                                                                                                                                    ",13,"M²",{"$f":"IF($G603=\"ORSE\",VLOOKUP($H603,ORSE_INSUM!A:E,4,0),IF($G603=\"SINAPI\",VLOOKUP($H603,SINAPI_INSUM!A:E,5,0),IF($G603=\"SEINFRA\",VLOOKUP($H603,SEINFRA_INSUM!B:F,4,0),IF($G603=\"COTAÇÃO\",VLOOKUP($H603,'COTACAO - PEÇAS E MATERIAIS'!B:L,10,0),\"\"))))","v":"16,60"},215.8,"SINAPI",39323,null,50]
["3.1.3.112","Tela de fibra de vidro, acabamento anti-alcalino, malha 10 x 10 mm                                                                                                                                                                                                                                                                                                                                                                                                                                        ",13,"M²",{"$f":"IF($G604=\"ORSE\",VLOOKUP($H604,ORSE_INSUM!A:E,4,0),IF($G604=\"SINAPI\",VLOOKUP($H604,SINAPI_INSUM!A:E,5,0),IF($G604=\"SEINFRA\",VLOOKUP($H604,SEINFRA_INSUM!B:F,4,0),IF($G604=\"COTAÇÃO\",VLOOKUP($H604,'COTACAO - PEÇAS E MATERIAIS'!B:L,10,0),\"\"))))","v":"14,07"},182.91,"SINAPI",36887,null,50]
["3.1.3.113","Torneira plastica de mesa para lavatorio 1/2 \"                                                                                                                                                                                                                                                                                                                                                                                                                                                            ",1,"Ud",{"$f":"IF($G605=\"ORSE\",VLOOKUP($H605,ORSE_INSUM!A:E,4,0),IF($G605=\"SINAPI\",VLOOKUP($H605,SINAPI_INSUM!A:E,5,0),IF($G605=\"SEINFRA\",VLOOKUP($H605,SEINFRA_INSUM!B:F,4,0),IF($G605=\"COTAÇÃO\",VLOOKUP($H605,'COTACAO - PEÇAS E MATERIAIS'!B:L,10,0),\"\"))))","v":"10,77"},10.77,"SINAPI",11832,null,2]
["3.1.3.114","Tubo pvc defofo, jei, 1 mpa, dn 100 mm, para rede de agua (nbr 7665)                                                                                                                                                                                                                                                                                                                                                                                                                                      ",9,"M",{"$f":"IF($G606=\"ORSE\",VLOOKUP($H606,ORSE_INSUM!A:E,4,0),IF($G606=\"SINAPI\",VLOOKUP($H606,SINAPI_INSUM!A:E,5,0),IF($G606=\"SEINFRA\",VLOOKUP($H606,SEINFRA_INSUM!B:F,4,0),IF($G606=\"COTAÇÃO\",VLOOKUP($H606,'COTACAO - PEÇAS E MATERIAIS'!B:L,10,0),\"\"))))","v":"34,72"},312.48,"SINAPI",9825,null,36]
["3.1.3.115","Tubo pvc defofo, jei, 1 mpa, dn 150 mm, para redede  agua (nbr 7665)                                                                                                                                                                                                                                                                                                                                                                                                                                      ",18,"M",{"$f":"IF($G607=\"ORSE\",VLOOKUP($H607,ORSE_INSUM!A:E,4,0),IF($G607=\"SINAPI\",VLOOKUP($H607,SINAPI_INSUM!A:E,5,0),IF($G607=\"SEINFRA\",VLOOKUP($H607,SEINFRA_INSUM!B:F,4,0),IF($G607=\"COTAÇÃO\",VLOOKUP($H607,'COTACAO - PEÇAS E MATERIAIS'!B:L,10,0),\"\"))))","v":"67,69"},1218.42,"SINAPI",9828,null,72]
["3.1.3.116","Tubo pvc defofo, jei, 1 mpa, dn 200 mm, para rede de agua (nbr 7665)                                                                                                                                                                                                                                                                                                                                                                                                                                      ",18,"M",{"$f":"IF($G608=\"ORSE\",VLOOKUP($H608,ORSE_INSUM!A:E,4,0),IF($G608=\"SINAPI\",VLOOKUP($H608,SINAPI_INSUM!A:E,5,0),IF($G608=\"SEINFRA\",VLOOKUP($H608,SEINFRA_INSUM!B:F,4,0),IF($G608=\"COTAÇÃO\",VLOOKUP($H608,'COTACAO - PEÇAS E MATERIAIS'!B:L,10,0),\"\"))))","v":"120,51"},2169.1799999999998,"SINAPI",9829,null,72]
["3.1.3.117","Tubo pvc defofo, jei, 1 mpa, dn 250 mm, para rede de agua (nbr 7665)                                                                                                                                                                                                                                                                                                                                                                                                                                      ",9,"M",{"$f":"IF($G609=\"ORSE\",VLOOKUP($H609,ORSE_INSUM!A:E,4,0),IF($G609=\"SINAPI\",VLOOKUP($H609,SINAPI_INSUM!A:E,5,0),IF($G609=\"SEINFRA\",VLOOKUP($H609,SEINFRA_INSUM!B:F,4,0),IF($G609=\"COTAÇÃO\",VLOOKUP($H609,'COTACAO - PEÇAS E MATERIAIS'!B:L,10,0),\"\"))))","v":"178,78"},1609.02,"SINAPI",9826,null,36]
["3.1.3.118","Tubo pvc, soldavel, dn 110 mm, agua fria (nbr-5648)                                                                                                                                                                                                                                                                                                                                                                                                                                                       ",9,"M",{"$f":"IF($G610=\"ORSE\",VLOOKUP($H610,ORSE_INSUM!A:E,4,0),IF($G610=\"SINAPI\",VLOOKUP($H610,SINAPI_INSUM!A:E,5,0),IF($G610=\"SEINFRA\",VLOOKUP($H610,SEINFRA_INSUM!B:F,4,0),IF($G610=\"COTAÇÃO\",VLOOKUP($H610,'COTACAO - PEÇAS E MATERIAIS'!B:L,10,0),\"\"))))","v":"50,03"},450.27,"SINAPI",9870,null,36]
["3.1.3.119","Tubo pvc, soldavel, dn 20 mm, agua fria (nbr-5648)                                                                                                                                                                                                                                                                                                                                                                                                                                                        ",15,"M",{"$f":"IF($G611=\"ORSE\",VLOOKUP($H611,ORSE_INSUM!A:E,4,0),IF($G611=\"SINAPI\",VLOOKUP($H611,SINAPI_INSUM!A:E,5,0),IF($G611=\"SEINFRA\",VLOOKUP($H611,SEINFRA_INSUM!B:F,4,0),IF($G611=\"COTAÇÃO\",VLOOKUP($H611,'COTACAO - PEÇAS E MATERIAIS'!B:L,10,0),\"\"))))","v":"2,09"},31.35,"SINAPI",9867,null,60]
["3.1.3.120","Tubo pvc, soldavel, dn 25 mm, agua fria (nbr-5648)                                                                                                                                                                                                                                                                                                                                                                                                                                                        ",15,"M",{"$f":"IF($G612=\"ORSE\",VLOOKUP($H612,ORSE_INSUM!A:E,4,0),IF($G612=\"SINAPI\",VLOOKUP($H612,SINAPI_INSUM!A:E,5,0),IF($G612=\"SEINFRA\",VLOOKUP($H612,SEINFRA_INSUM!B:F,4,0),IF($G612=\"COTAÇÃO\",VLOOKUP($H612,'COTACAO - PEÇAS E MATERIAIS'!B:L,10,0),\"\"))))","v":"2,78"},41.7,"SINAPI",9868,null,60]
["3.1.3.121","Tubo pvc, soldavel, dn 32 mm, agua fria (nbr-5648)                                                                                                                                                                                                                                                                                                                                                                                                                                                        ",9,"M",{"$f":"IF($G613=\"ORSE\",VLOOKUP($H613,ORSE_INSUM!A:E,4,0),IF($G613=\"SINAPI\",VLOOKUP($H613,SINAPI_INSUM!A:E,5,0),IF($G613=\"SEINFRA\",VLOOKUP($H613,SEINFRA_INSUM!B:F,4,0),IF($G613=\"COTAÇÃO\",VLOOKUP($H613,'COTACAO - PEÇAS E MATERIAIS'!B:L,10,0),\"\"))))","v":"5,95"},53.55,"SINAPI",9869,null,36]
["3.1.3.122","Tubo pvc, soldavel, dn 40 mm, agua fria (nbr-5648)                                                                                                                                                                                                                                                                                                                                                                                                                                                        ",9,"M",{"$f":"IF($G614=\"ORSE\",VLOOKUP($H614,ORSE_INSUM!A:E,4,0),IF($G614=\"SINAPI\",VLOOKUP($H614,SINAPI_INSUM!A:E,5,0),IF($G614=\"SEINFRA\",VLOOKUP($H614,SEINFRA_INSUM!B:F,4,0),IF($G614=\"COTAÇÃO\",VLOOKUP($H614,'COTACAO - PEÇAS E MATERIAIS'!B:L,10,0),\"\"))))","v":"8,68"},78.12,"SINAPI",9874,null,36]
["3.1.3.123","Tubo pvc, soldavel, dn 50 mm, para agua fria (nbr-5648)                                                                                                                                                                                                                                                                                                                                                                                                                                                   ",9,"M",{"$f":"IF($G615=\"ORSE\",VLOOKUP($H615,ORSE_INSUM!A:E,4,0),IF($G615=\"SINAPI\",VLOOKUP($H615,SINAPI_INSUM!A:E,5,0),IF($G615=\"SEINFRA\",VLOOKUP($H615,SEINFRA_INSUM!B:F,4,0),IF($G615=\"COTAÇÃO\",VLOOKUP($H615,'COTACAO - PEÇAS E MATERIAIS'!B:L,10,0),\"\"))))","v":"10,76"},96.84,"SINAPI",9875,null,36]
["3.1.3.124","Tubo pvc, soldavel, dn 60 mm, agua fria (nbr-5648)                                                                                                                                                                                                                                                                                                                                                                                                                                                        ",15,"M",{"$f":"IF($G616=\"ORSE\",VLOOKUP($H616,ORSE_INSUM!A:E,4,0),IF($G616=\"SINAPI\",VLOOKUP($H616,SINAPI_INSUM!A:E,5,0),IF($G616=\"SEINFRA\",VLOOKUP($H616,SEINFRA_INSUM!B:F,4,0),IF($G616=\"COTAÇÃO\",VLOOKUP($H616,'COTACAO - PEÇAS E MATERIAIS'!B:L,10,0),\"\"))))","v":"16,78"},251.7,"SINAPI",9873,null,60]
["3.1.3.125","Tubo pvc, soldavel, dn 75 mm, agua fria (nbr-5648)                                                                                                                                                                                                                                                                                                                                                                                                                                                        ",9,"M",{"$f":"IF($G617=\"ORSE\",VLOOKUP($H617,ORSE_INSUM!A:E,4,0),IF($G617=\"SINAPI\",VLOOKUP($H617,SINAPI_INSUM!A:E,5,0),IF($G617=\"SEINFRA\",VLOOKUP($H617,SEINFRA_INSUM!B:F,4,0),IF($G617=\"COTAÇÃO\",VLOOKUP($H617,'COTACAO - PEÇAS E MATERIAIS'!B:L,10,0),\"\"))))","v":"23,54"},211.86,"SINAPI",9871,null,36]
["3.1.3.126","Tubo pvc, soldavel, dn 85 mm, agua fria (nbr-5648)                                                                                                                                                                                                                                                                                                                                                                                                                                                        ",9,"M",{"$f":"IF($G618=\"ORSE\",VLOOKUP($H618,ORSE_INSUM!A:E,4,0),IF($G618=\"SINAPI\",VLOOKUP($H618,SINAPI_INSUM!A:E,5,0),IF($G618=\"SEINFRA\",VLOOKUP($H618,SEINFRA_INSUM!B:F,4,0),IF($G618=\"COTAÇÃO\",VLOOKUP($H618,'COTACAO - PEÇAS E MATERIAIS'!B:L,10,0),\"\"))))","v":"29,67"},267.02999999999997,"SINAPI",9872,null,36]
["3.1.3.127","Tubo PRFV DN 600 mm",3,"M",{"$f":"IF($G619=\"ORSE\",VLOOKUP($H619,ORSE_INSUM!A:E,4,0),IF($G619=\"SINAPI\",VLOOKUP($H619,SINAPI_INSUM!A:E,5,0),IF($G619=\"SEINFRA\",VLOOKUP($H619,SEINFRA_INSUM!B:F,4,0),IF($G619=\"COTAÇÃO\",VLOOKUP($H619,'COTACAO - PEÇAS E MATERIAIS'!B:L,10,0),\"\"))))","v":1100},3300,"COTAÇÃO",657,null,12]
["3.1.3.128","Tubo PRFV DN 800 mm",3,"M",{"$f":"IF($G620=\"ORSE\",VLOOKUP($H620,ORSE_INSUM!A:E,4,0),IF($G620=\"SINAPI\",VLOOKUP($H620,SINAPI_INSUM!A:E,5,0),IF($G620=\"SEINFRA\",VLOOKUP($H620,SEINFRA_INSUM!B:F,4,0),IF($G620=\"COTAÇÃO\",VLOOKUP($H620,'COTACAO - PEÇAS E MATERIAIS'!B:L,10,0),\"\"))))","v":1490},4470,"COTAÇÃO",658,null,12]
["3.1.3.129","União pvc roscável 1\"",1,"Ud",{"$f":"IF($G621=\"ORSE\",VLOOKUP($H621,ORSE_INSUM!A:E,4,0),IF($G621=\"SINAPI\",VLOOKUP($H621,SINAPI_INSUM!A:E,5,0),IF($G621=\"SEINFRA\",VLOOKUP($H621,SEINFRA_INSUM!B:F,4,0),IF($G621=\"COTAÇÃO\",VLOOKUP($H621,'COTACAO - PEÇAS E MATERIAIS'!B:L,10,0),\"\"))))","v":"14,26"},14.26,"SINAPI",9900,null,4]
["3.1.3.130","União pvc roscável 3/4\"",{"$f":"ROUND(J622/4,0)","v":1},"Ud",{"$f":"IF($G622=\"ORSE\",VLOOKUP($H622,ORSE_INSUM!A:E,4,0),IF($G622=\"SINAPI\",VLOOKUP($H622,SINAPI_INSUM!A:E,5,0),IF($G622=\"SEINFRA\",VLOOKUP($H622,SEINFRA_INSUM!B:F,4,0),IF($G622=\"COTAÇÃO\",VLOOKUP($H622,'COTACAO - PEÇAS E MATERIAIS'!B:L,10,0),\"\"))))","v":"7,64"},{"$f":"E622*C622","v":7.64},"SINAPI",9899,null,4]
["3.1.3.131","Valvula em plastico branco para lavatorio 1\", sem unho, com ladrao",1,"Ud",{"$f":"IF($G623=\"ORSE\",VLOOKUP($H623,ORSE_INSUM!A:E,4,0),IF($G623=\"SINAPI\",VLOOKUP($H623,SINAPI_INSUM!A:E,5,0),IF($G623=\"SEINFRA\",VLOOKUP($H623,SEINFRA_INSUM!B:F,4,0),IF($G623=\"COTAÇÃO\",VLOOKUP($H623,'COTACAO - PEÇAS E MATERIAIS'!B:L,10,0),\"\"))))","v":"2,95"},2.95,"SINAPI",6158,null,2]
["3.1.3.132","Válvula ventosa dupla função 3/4\"",1,"Ud",{"$f":"IF($G624=\"ORSE\",VLOOKUP($H624,ORSE_INSUM!A:E,4,0),IF($G624=\"SINAPI\",VLOOKUP($H624,SINAPI_INSUM!A:E,5,0),IF($G624=\"SEINFRA\",VLOOKUP($H624,SEINFRA_INSUM!B:F,4,0),IF($G624=\"COTAÇÃO\",VLOOKUP($H624,'COTACAO - PEÇAS E MATERIAIS'!B:L,10,0),\"\"))))","v":23.81},23.81,"COTAÇÃO",660,null,4]
["3.1.3.133","Vaso sanitário sifonado louça branca - padrão popular",{"$f":"ROUND(J625/2,0)","v":1},"Ud",{"$f":"IF($G625=\"ORSE\",VLOOKUP($H625,ORSE_INSUM!A:E,4,0),IF($G625=\"SINAPI\",VLOOKUP($H625,SINAPI_INSUM!A:E,5,0),IF($G625=\"SEINFRA\",VLOOKUP($H625,SEINFRA_INSUM!B:F,4,0),IF($G625=\"COTAÇÃO\",VLOOKUP($H625,'COTACAO - PEÇAS E MATERIAIS'!B:L,10,0),\"\"))))","v":"245,51"},245.51,"SINAPI",11786,null,1]
["3.1.3.134","Vedação pvc 100 mm p/saída vaso sanitário tipo eg-27 tigre ou similar",1,"Ud",{"$f":"IF($G626=\"ORSE\",VLOOKUP($H626,ORSE_INSUM!A:E,4,0),IF($G626=\"SINAPI\",VLOOKUP($H626,SINAPI_INSUM!A:E,5,0),IF($G626=\"SEINFRA\",VLOOKUP($H626,SEINFRA_INSUM!B:F,4,0),IF($G626=\"COTAÇÃO\",VLOOKUP($H626,'COTACAO - PEÇAS E MATERIAIS'!B:L,10,0),\"\"))))","v":"1,83"},1.83,"SINAPI",6138,null,4]
["3.1.3.135","Veu poliester",13,"m²",{"$f":"IF($G627=\"ORSE\",VLOOKUP($H627,ORSE_INSUM!A:E,4,0),IF($G627=\"SINAPI\",VLOOKUP($H627,SINAPI_INSUM!A:E,5,0),IF($G627=\"SEINFRA\",VLOOKUP($H627,SEINFRA_INSUM!B:F,4,0),IF($G627=\"COTAÇÃO\",VLOOKUP($H627,'COTACAO - PEÇAS E MATERIAIS'!B:L,10,0),\"\"))))","v":"4,90"},63.7,"SINAPI",4030,null,50]
[]
["SUB TOTAL MATERIAL HIDRÁULICO",{"$nulls":4},{"$f":"SUM(F493:F627)","v":40766.15}]
["SUB TOTAL MATERIAL HIDRÁULICO COM BDI DE FORNECIMENTO",{"$nulls":4},{"$f":"F629+F629*'BDI - FORNECIMENTOS'!$C$31","v":45209.66}]
[]
["3.1.4.","MATERIAL CIVIL E EQUIPAMENTOS DE SEGURANÇA"]
[]
["ITEM","DESCRIÇÃO","QUANT.","UNID.","VALOR",null,"REF.TAB.","Cód. TAB."]
[{"$nulls":4},"UNIT. (R$)","TOTAL (R$)"]
[]
["3.1.4.1","Aço para construção civil 3/8\".",{"$f":"ROUND(J637/4,0)","v":8},"Kg",{"$f":"IF($G637=\"ORSE\",VLOOKUP($H637,ORSE_INSUM!A:E,4,0),IF($G637=\"SINAPI\",VLOOKUP($H637,SINAPI_INSUM!A:E,5,0),IF($G637=\"SEINFRA\",VLOOKUP($H637,SEINFRA_INSUM!B:F,4,0),IF($G637=\"COTAÇÃO\",VLOOKUP($H637,'COTACAO - PEÇAS E MATERIAIS'!B:L,10,0),\"\"))))","v":4.95},{"$f":"C637*E637","v":39.6},"COTAÇÃO",680,null,30]
["3.1.4.2","Aço para construção civil 5/16\".",{"$f":"ROUND(J638/4,0)","v":5},"Kg",{"$f":"IF($G638=\"ORSE\",VLOOKUP($H638,ORSE_INSUM!A:E,4,0),IF($G638=\"SINAPI\",VLOOKUP($H638,SINAPI_INSUM!A:E,5,0),IF($G638=\"SEINFRA\",VLOOKUP($H638,SEINFRA_INSUM!B:F,4,0),IF($G638=\"COTAÇÃO\",VLOOKUP($H638,'COTACAO - PEÇAS E MATERIAIS'!B:L,10,0),\"\"))))","v":4.91},24.55,"COTAÇÃO",681,null,20]
["3.1.4.3","Arame Recozido nº. 18",1,"Kg",{"$f":"IF($G639=\"ORSE\",VLOOKUP($H639,ORSE_INSUM!A:E,4,0),IF($G639=\"SINAPI\",VLOOKUP($H639,SINAPI_INSUM!A:E,5,0),IF($G639=\"SEINFRA\",VLOOKUP($H639,SEINFRA_INSUM!B:F,4,0),IF($G639=\"COTAÇÃO\",VLOOKUP($H639,'COTACAO - PEÇAS E MATERIAIS'!B:L,10,0),\"\"))))","v":9.5},9.5,"COTAÇÃO",682,null,5]
["3.1.4.4","Cadeado 30 mm.",5,"Ud",{"$f":"IF($G640=\"ORSE\",VLOOKUP($H640,ORSE_INSUM!A:E,4,0),IF($G640=\"SINAPI\",VLOOKUP($H640,SINAPI_INSUM!A:E,5,0),IF($G640=\"SEINFRA\",VLOOKUP($H640,SEINFRA_INSUM!B:F,4,0),IF($G640=\"COTAÇÃO\",VLOOKUP($H640,'COTACAO - PEÇAS E MATERIAIS'!B:L,10,0),\"\"))))","v":19.11},95.55,"COTAÇÃO",683,null,"20"]
["3.1.4.5","Cadeado 40 mm.",5,"Ud",{"$f":"IF($G641=\"ORSE\",VLOOKUP($H641,ORSE_INSUM!A:E,4,0),IF($G641=\"SINAPI\",VLOOKUP($H641,SINAPI_INSUM!A:E,5,0),IF($G641=\"SEINFRA\",VLOOKUP($H641,SEINFRA_INSUM!B:F,4,0),IF($G641=\"COTAÇÃO\",VLOOKUP($H641,'COTACAO - PEÇAS E MATERIAIS'!B:L,10,0),\"\"))))","v":26.63},133.15,"COTAÇÃO",684,null,20]
["3.1.4.6","Eletrodo para Solda Elétrica ø 2,00  - Ref. 48.00",1,"Kg",{"$f":"IF($G642=\"ORSE\",VLOOKUP($H642,ORSE_INSUM!A:E,4,0),IF($G642=\"SINAPI\",VLOOKUP($H642,SINAPI_INSUM!A:E,5,0),IF($G642=\"SEINFRA\",VLOOKUP($H642,SEINFRA_INSUM!B:F,4,0),IF($G642=\"COTAÇÃO\",VLOOKUP($H642,'COTACAO - PEÇAS E MATERIAIS'!B:L,10,0),\"\"))))","v":26.49},26.49,"COTAÇÃO",685,null,3]
["3.1.4.7","Fita de demarcação (48 mm x 30 m)",2,"Ud",{"$f":"IF($G643=\"ORSE\",VLOOKUP($H643,ORSE_INSUM!A:E,4,0),IF($G643=\"SINAPI\",VLOOKUP($H643,SINAPI_INSUM!A:E,5,0),IF($G643=\"SEINFRA\",VLOOKUP($H643,SEINFRA_INSUM!B:F,4,0),IF($G643=\"COTAÇÃO\",VLOOKUP($H643,'COTACAO - PEÇAS E MATERIAIS'!B:L,10,0),\"\"))))","v":25.87},51.74,"COTAÇÃO",686,null,"6"]
["3.1.4.8","Impermeabilizante líquido",5,"litro",{"$f":"IF($G644=\"ORSE\",VLOOKUP($H644,ORSE_INSUM!A:E,4,0),IF($G644=\"SINAPI\",VLOOKUP($H644,SINAPI_INSUM!A:E,5,0),IF($G644=\"SEINFRA\",VLOOKUP($H644,SEINFRA_INSUM!B:F,4,0),IF($G644=\"COTAÇÃO\",VLOOKUP($H644,'COTACAO - PEÇAS E MATERIAIS'!B:L,10,0),\"\"))))","v":21.97},109.85,"COTAÇÃO",687,null,20]
["3.1.4.9","Lixa para Ferro nº. 150.",5,"Ud",{"$f":"IF($G645=\"ORSE\",VLOOKUP($H645,ORSE_INSUM!A:E,4,0),IF($G645=\"SINAPI\",VLOOKUP($H645,SINAPI_INSUM!A:E,5,0),IF($G645=\"SEINFRA\",VLOOKUP($H645,SEINFRA_INSUM!B:F,4,0),IF($G645=\"COTAÇÃO\",VLOOKUP($H645,'COTACAO - PEÇAS E MATERIAIS'!B:L,10,0),\"\"))))","v":3.08},15.4,"COTAÇÃO",688,null,20]
["3.1.4.10","Lixa para Ferro nº. 80.",5,"Ud",{"$f":"IF($G646=\"ORSE\",VLOOKUP($H646,ORSE_INSUM!A:E,4,0),IF($G646=\"SINAPI\",VLOOKUP($H646,SINAPI_INSUM!A:E,5,0),IF($G646=\"SEINFRA\",VLOOKUP($H646,SEINFRA_INSUM!B:F,4,0),IF($G646=\"COTAÇÃO\",VLOOKUP($H646,'COTACAO - PEÇAS E MATERIAIS'!B:L,10,0),\"\"))))","v":2.2799999999999998},11.4,"COTAÇÃO",689,null,20]
["3.1.4.11","Recarga de Extintores de Incéndio de 10 kg - Tipo CO2",5,"Ud",{"$f":"IF($G647=\"ORSE\",VLOOKUP($H647,ORSE_INSUM!A:E,4,0),IF($G647=\"SINAPI\",VLOOKUP($H647,SINAPI_INSUM!A:E,5,0),IF($G647=\"SEINFRA\",VLOOKUP($H647,SEINFRA_INSUM!B:F,4,0),IF($G647=\"COTAÇÃO\",VLOOKUP($H647,'COTACAO - PEÇAS E MATERIAIS'!B:L,10,0),\"\"))))","v":179.99},899.95,"COTAÇÃO",690,null,"20"]
["3.1.4.12","Recarga de Extintores de Incéndio de 12 kg - Tipo Pó Químico",5,"Ud",{"$f":"IF($G648=\"ORSE\",VLOOKUP($H648,ORSE_INSUM!A:E,4,0),IF($G648=\"SINAPI\",VLOOKUP($H648,SINAPI_INSUM!A:E,5,0),IF($G648=\"SEINFRA\",VLOOKUP($H648,SEINFRA_INSUM!B:F,4,0),IF($G648=\"COTAÇÃO\",VLOOKUP($H648,'COTACAO - PEÇAS E MATERIAIS'!B:L,10,0),\"\"))))","v":60},300,"COTAÇÃO",691,null,"20"]
["3.1.4.13","Recarga de Extintores de Incéndio de 6,0 kg - Tipo CO2",3,"Ud",{"$f":"IF($G649=\"ORSE\",VLOOKUP($H649,ORSE_INSUM!A:E,4,0),IF($G649=\"SINAPI\",VLOOKUP($H649,SINAPI_INSUM!A:E,5,0),IF($G649=\"SEINFRA\",VLOOKUP($H649,SEINFRA_INSUM!B:F,4,0),IF($G649=\"COTAÇÃO\",VLOOKUP($H649,'COTACAO - PEÇAS E MATERIAIS'!B:L,10,0),\"\"))))","v":85},255,"COTAÇÃO",692,null,"10"]
["3.1.4.14","Recarga de Extintores de Incéndio de 6,0 kg - Tipo Pó Químico",3,"Ud",{"$f":"IF($G650=\"ORSE\",VLOOKUP($H650,ORSE_INSUM!A:E,4,0),IF($G650=\"SINAPI\",VLOOKUP($H650,SINAPI_INSUM!A:E,5,0),IF($G650=\"SEINFRA\",VLOOKUP($H650,SEINFRA_INSUM!B:F,4,0),IF($G650=\"COTAÇÃO\",VLOOKUP($H650,'COTACAO - PEÇAS E MATERIAIS'!B:L,10,0),\"\"))))","v":52.5},157.5,"COTAÇÃO",693,null,"10"]
["3.1.4.15","Substituição de manômetro do extintor",10,"Ud",{"$f":"IF($G651=\"ORSE\",VLOOKUP($H651,ORSE_INSUM!A:E,4,0),IF($G651=\"SINAPI\",VLOOKUP($H651,SINAPI_INSUM!A:E,5,0),IF($G651=\"SEINFRA\",VLOOKUP($H651,SEINFRA_INSUM!B:F,4,0),IF($G651=\"COTAÇÃO\",VLOOKUP($H651,'COTACAO - PEÇAS E MATERIAIS'!B:L,10,0),\"\"))))","v":10},100,"COTAÇÃO",694,null,"40"]
["3.1.4.16","Teste Hidrostático dos Extintores de Incéndio",10,"Ud",{"$f":"IF($G652=\"ORSE\",VLOOKUP($H652,ORSE_INSUM!A:E,4,0),IF($G652=\"SINAPI\",VLOOKUP($H652,SINAPI_INSUM!A:E,5,0),IF($G652=\"SEINFRA\",VLOOKUP($H652,SEINFRA_INSUM!B:F,4,0),IF($G652=\"COTAÇÃO\",VLOOKUP($H652,'COTACAO - PEÇAS E MATERIAIS'!B:L,10,0),\"\"))))","v":15},150,"COTAÇÃO",695,null,"40"]
["3.1.4.17","Vareta Cobreada para Solda Oxi-acetilênica.",1,"Kg",{"$f":"IF($G653=\"ORSE\",VLOOKUP($H653,ORSE_INSUM!A:E,4,0),IF($G653=\"SINAPI\",VLOOKUP($H653,SINAPI_INSUM!A:E,5,0),IF($G653=\"SEINFRA\",VLOOKUP($H653,SEINFRA_INSUM!B:F,4,0),IF($G653=\"COTAÇÃO\",VLOOKUP($H653,'COTACAO - PEÇAS E MATERIAIS'!B:L,10,0),\"\"))))","v":19.899999999999999},19.899999999999999,"COTAÇÃO",696,null,"4"]
[]
["SUB TOTAL MATERIAL CIVIL E EQUIPAMENTOS DE SEGURANÇA",{"$nulls":4},{"$f":"SUM(F637:F653)","v":2399.58}]
["SUB TOTAL MATERIAL CIVIL E EQUIPAMENTOS DE SEGURANÇA COM BDI DE FORNECIMENTO",{"$nulls":4},{"$f":"F655+F655*'BDI - FORNECIMENTOS'!$C$31","v":2661.13}]
[]
["3.1.5.","MATERIAIS E EQUIPAMENTOS DE PROTEÇÃO INDIVIDUAL E FARDAMENTO"]
[]
["ITEM","DESCRIÇÃO","QUANT.","UNID.","VALOR",null,"REF.TAB.","Cód. TAB."]
[{"$nulls":4},"UNIT. (R$)","TOTAL (R$)"]
[]
["3.1.5.1","Avental para soldador",{"$f":"ROUND(J663/2,0)","v":1},"Ud",{"$f":"IF($G663=\"ORSE\",VLOOKUP($H663,ORSE_INSUM!A:E,4,0),IF($G663=\"SINAPI\",VLOOKUP($H663,SINAPI_INSUM!A:E,5,0),IF($G663=\"SEINFRA\",VLOOKUP($H663,SEINFRA_INSUM!B:F,4,0),IF($G663=\"COTAÇÃO\",VLOOKUP($H663,'COTACAO - PEÇAS E MATERIAIS'!B:L,10,0),\"\"))))","v":"35,64"},{"$f":"C663*E663","v":35.64},"SINAPI",36150,null,"2"]
["3.1.5.2","Bloqueador solar UVA/UVB FPS 30",{"$f":"ROUND(J664/2,0)","v":18},"Ud",{"$f":"IF($G664=\"ORSE\",VLOOKUP($H664,ORSE_INSUM!A:E,4,0),IF($G664=\"SINAPI\",VLOOKUP($H664,SINAPI_INSUM!A:E,5,0),IF($G664=\"SEINFRA\",VLOOKUP($H664,SEINFRA_INSUM!B:F,4,0),IF($G664=\"COTAÇÃO\",VLOOKUP($H664,'COTACAO - PEÇAS E MATERIAIS'!B:L,10,0),\"\"))))","v":"204,00"},3672,"SINAPI",36146,null,"36"]
["3.1.5.3","Boné tipo arábe",23,"Ud",{"$f":"IF($G665=\"ORSE\",VLOOKUP($H665,ORSE_INSUM!A:E,4,0),IF($G665=\"SINAPI\",VLOOKUP($H665,SINAPI_INSUM!A:E,5,0),IF($G665=\"SEINFRA\",VLOOKUP($H665,SEINFRA_INSUM!B:F,4,0),IF($G665=\"COTAÇÃO\",VLOOKUP($H665,'COTACAO - PEÇAS E MATERIAIS'!B:L,10,0),\"\"))))","v":18.28},420.44,"COTAÇÃO",752,null,"45"]
["3.1.5.4","Botina bidensidade elástico",23,"Par",{"$f":"IF($G666=\"ORSE\",VLOOKUP($H666,ORSE_INSUM!A:E,4,0),IF($G666=\"SINAPI\",VLOOKUP($H666,SINAPI_INSUM!A:E,5,0),IF($G666=\"SEINFRA\",VLOOKUP($H666,SEINFRA_INSUM!B:F,4,0),IF($G666=\"COTAÇÃO\",VLOOKUP($H666,'COTACAO - PEÇAS E MATERIAIS'!B:L,10,0),\"\"))))","v":87.9},2021.7,"COTAÇÃO",753,null,45]
["3.1.5.5","Bota de couro, vulcanizada",23,"Par",{"$f":"IF($G667=\"ORSE\",VLOOKUP($H667,ORSE_INSUM!A:E,4,0),IF($G667=\"SINAPI\",VLOOKUP($H667,SINAPI_INSUM!A:E,5,0),IF($G667=\"SEINFRA\",VLOOKUP($H667,SEINFRA_INSUM!B:F,4,0),IF($G667=\"COTAÇÃO\",VLOOKUP($H667,'COTACAO - PEÇAS E MATERIAIS'!B:L,10,0),\"\"))))","v":46.36},1066.28,"COTAÇÃO",754,null,"45"]
["3.1.5.6","Bota PVC cano médio branco com forro",6,"Par",{"$f":"IF($G668=\"ORSE\",VLOOKUP($H668,ORSE_INSUM!A:E,4,0),IF($G668=\"SINAPI\",VLOOKUP($H668,SINAPI_INSUM!A:E,5,0),IF($G668=\"SEINFRA\",VLOOKUP($H668,SEINFRA_INSUM!B:F,4,0),IF($G668=\"COTAÇÃO\",VLOOKUP($H668,'COTACAO - PEÇAS E MATERIAIS'!B:L,10,0),\"\"))))","v":39.53},237.18,"COTAÇÃO",755,null,"12"]
["3.1.5.7","Calça tipo jeans com logomarca",31,"Ud",{"$f":"IF($G669=\"ORSE\",VLOOKUP($H669,ORSE_INSUM!A:E,4,0),IF($G669=\"SINAPI\",VLOOKUP($H669,SINAPI_INSUM!A:E,5,0),IF($G669=\"SEINFRA\",VLOOKUP($H669,SEINFRA_INSUM!B:F,4,0),IF($G669=\"COTAÇÃO\",VLOOKUP($H669,'COTACAO - PEÇAS E MATERIAIS'!B:L,10,0),\"\"))))","v":34.99},1084.69,"COTAÇÃO",756,null,"62"]
["3.1.5.8","Camisa",31,"Ud",{"$f":"IF($G670=\"ORSE\",VLOOKUP($H670,ORSE_INSUM!A:E,4,0),IF($G670=\"SINAPI\",VLOOKUP($H670,SINAPI_INSUM!A:E,5,0),IF($G670=\"SEINFRA\",VLOOKUP($H670,SEINFRA_INSUM!B:F,4,0),IF($G670=\"COTAÇÃO\",VLOOKUP($H670,'COTACAO - PEÇAS E MATERIAIS'!B:L,10,0),\"\"))))","v":42.9},1329.9,"COTAÇÃO",757,null,"62"]
["3.1.5.9","Capa de chuva",6,"Ud",{"$f":"IF($G671=\"ORSE\",VLOOKUP($H671,ORSE_INSUM!A:E,4,0),IF($G671=\"SINAPI\",VLOOKUP($H671,SINAPI_INSUM!A:E,5,0),IF($G671=\"SEINFRA\",VLOOKUP($H671,SEINFRA_INSUM!B:F,4,0),IF($G671=\"COTAÇÃO\",VLOOKUP($H671,'COTACAO - PEÇAS E MATERIAIS'!B:L,10,0),\"\"))))","v":"15,60"},93.6,"SINAPI",12894,null,"12"]
["3.1.5.10","Capacete com protetor auditivo tipo abafador de ruído",6,"Ud",{"$f":"IF($G672=\"ORSE\",VLOOKUP($H672,ORSE_INSUM!A:E,4,0),IF($G672=\"SINAPI\",VLOOKUP($H672,SINAPI_INSUM!A:E,5,0),IF($G672=\"SEINFRA\",VLOOKUP($H672,SEINFRA_INSUM!B:F,4,0),IF($G672=\"COTAÇÃO\",VLOOKUP($H672,'COTACAO - PEÇAS E MATERIAIS'!B:L,10,0),\"\"))))","v":112.1},672.6,"COTAÇÃO",759,null,"12"]
["3.1.5.11","Capacete simples",3,"Ud",{"$f":"IF($G673=\"ORSE\",VLOOKUP($H673,ORSE_INSUM!A:E,4,0),IF($G673=\"SINAPI\",VLOOKUP($H673,SINAPI_INSUM!A:E,5,0),IF($G673=\"SEINFRA\",VLOOKUP($H673,SEINFRA_INSUM!B:F,4,0),IF($G673=\"COTAÇÃO\",VLOOKUP($H673,'COTACAO - PEÇAS E MATERIAIS'!B:L,10,0),\"\"))))","v":"12,00"},36,"SINAPI",12895,null,"6"]
["3.1.5.12","Cinto de segurança para Eletricista",2,"Ud",{"$f":"IF($G674=\"ORSE\",VLOOKUP($H674,ORSE_INSUM!A:E,4,0),IF($G674=\"SINAPI\",VLOOKUP($H674,SINAPI_INSUM!A:E,5,0),IF($G674=\"SEINFRA\",VLOOKUP($H674,SEINFRA_INSUM!B:F,4,0),IF($G674=\"COTAÇÃO\",VLOOKUP($H674,'COTACAO - PEÇAS E MATERIAIS'!B:L,10,0),\"\"))))","v":197.12},394.24,"COTAÇÃO",761,null,"4"]
["3.1.5.13","Cinto de segurança tipo paraquedista",2,"Ud",{"$f":"IF($G675=\"ORSE\",VLOOKUP($H675,ORSE_INSUM!A:E,4,0),IF($G675=\"SINAPI\",VLOOKUP($H675,SINAPI_INSUM!A:E,5,0),IF($G675=\"SEINFRA\",VLOOKUP($H675,SEINFRA_INSUM!B:F,4,0),IF($G675=\"COTAÇÃO\",VLOOKUP($H675,'COTACAO - PEÇAS E MATERIAIS'!B:L,10,0),\"\"))))","v":"57,60"},115.2,"SINAPI",36148,null,"4"]
["3.1.5.14","E.P.I para aplicação de agrotóxicos",1,"Ud",{"$f":"IF($G676=\"ORSE\",VLOOKUP($H676,ORSE_INSUM!A:E,4,0),IF($G676=\"SINAPI\",VLOOKUP($H676,SINAPI_INSUM!A:E,5,0),IF($G676=\"SEINFRA\",VLOOKUP($H676,SEINFRA_INSUM!B:F,4,0),IF($G676=\"COTAÇÃO\",VLOOKUP($H676,'COTACAO - PEÇAS E MATERIAIS'!B:L,10,0),\"\"))))","v":124},124,"COTAÇÃO",763,null,1]
["3.1.5.15","Luva de borracha pré-isolada 2000V",2,"Par",{"$f":"IF($G677=\"ORSE\",VLOOKUP($H677,ORSE_INSUM!A:E,4,0),IF($G677=\"SINAPI\",VLOOKUP($H677,SINAPI_INSUM!A:E,5,0),IF($G677=\"SEINFRA\",VLOOKUP($H677,SEINFRA_INSUM!B:F,4,0),IF($G677=\"COTAÇÃO\",VLOOKUP($H677,'COTACAO - PEÇAS E MATERIAIS'!B:L,10,0),\"\"))))","v":"310,51"},621.02,"SINAPI",36147,null,"4"]
["3.1.5.16","Luva de cobertura em vaqueta",6,"Par",{"$f":"IF($G678=\"ORSE\",VLOOKUP($H678,ORSE_INSUM!A:E,4,0),IF($G678=\"SINAPI\",VLOOKUP($H678,SINAPI_INSUM!A:E,5,0),IF($G678=\"SEINFRA\",VLOOKUP($H678,SEINFRA_INSUM!B:F,4,0),IF($G678=\"COTAÇÃO\",VLOOKUP($H678,'COTACAO - PEÇAS E MATERIAIS'!B:L,10,0),\"\"))))","v":28},168,"COTAÇÃO",765,null,"12"]
["3.1.5.17","Luva de Raspa",6,"Par",{"$f":"IF($G679=\"ORSE\",VLOOKUP($H679,ORSE_INSUM!A:E,4,0),IF($G679=\"SINAPI\",VLOOKUP($H679,SINAPI_INSUM!A:E,5,0),IF($G679=\"SEINFRA\",VLOOKUP($H679,SEINFRA_INSUM!B:F,4,0),IF($G679=\"COTAÇÃO\",VLOOKUP($H679,'COTACAO - PEÇAS E MATERIAIS'!B:L,10,0),\"\"))))","v":12},72,"COTAÇÃO",766,null,"12"]
["3.1.5.18","Macacão para apicultor",1,"Ud",{"$f":"IF($G680=\"ORSE\",VLOOKUP($H680,ORSE_INSUM!A:E,4,0),IF($G680=\"SINAPI\",VLOOKUP($H680,SINAPI_INSUM!A:E,5,0),IF($G680=\"SEINFRA\",VLOOKUP($H680,SEINFRA_INSUM!B:F,4,0),IF($G680=\"COTAÇÃO\",VLOOKUP($H680,'COTACAO - PEÇAS E MATERIAIS'!B:L,10,0),\"\"))))","v":179.9},179.9,"COTAÇÃO",767,null,1]
["3.1.5.19","Máscara de poeira",50,"Ud",{"$f":"IF($G681=\"ORSE\",VLOOKUP($H681,ORSE_INSUM!A:E,4,0),IF($G681=\"SINAPI\",VLOOKUP($H681,SINAPI_INSUM!A:E,5,0),IF($G681=\"SEINFRA\",VLOOKUP($H681,SEINFRA_INSUM!B:F,4,0),IF($G681=\"COTAÇÃO\",VLOOKUP($H681,'COTACAO - PEÇAS E MATERIAIS'!B:L,10,0),\"\"))))","v":2.2000000000000002},110,"COTAÇÃO",769,null,100]
["3.1.5.20","Máscara para soldador",1,"Ud",{"$f":"IF($G682=\"ORSE\",VLOOKUP($H682,ORSE_INSUM!A:E,4,0),IF($G682=\"SINAPI\",VLOOKUP($H682,SINAPI_INSUM!A:E,5,0),IF($G682=\"SEINFRA\",VLOOKUP($H682,SEINFRA_INSUM!B:F,4,0),IF($G682=\"COTAÇÃO\",VLOOKUP($H682,'COTACAO - PEÇAS E MATERIAIS'!B:L,10,0),\"\"))))","v":"32,40"},32.4,"SINAPI",36141,null,1]
["3.1.5.21","Óculos de proteção claro",9,"Ud",{"$f":"IF($G683=\"ORSE\",VLOOKUP($H683,ORSE_INSUM!A:E,4,0),IF($G683=\"SINAPI\",VLOOKUP($H683,SINAPI_INSUM!A:E,5,0),IF($G683=\"SEINFRA\",VLOOKUP($H683,SEINFRA_INSUM!B:F,4,0),IF($G683=\"COTAÇÃO\",VLOOKUP($H683,'COTACAO - PEÇAS E MATERIAIS'!B:L,10,0),\"\"))))","v":"4,68"},42.12,"SINAPI",36152,null,"18"]
["3.1.5.22","Óculos de proteção escuro",9,"Ud",{"$f":"IF($G684=\"ORSE\",VLOOKUP($H684,ORSE_INSUM!A:E,4,0),IF($G684=\"SINAPI\",VLOOKUP($H684,SINAPI_INSUM!A:E,5,0),IF($G684=\"SEINFRA\",VLOOKUP($H684,SEINFRA_INSUM!B:F,4,0),IF($G684=\"COTAÇÃO\",VLOOKUP($H684,'COTACAO - PEÇAS E MATERIAIS'!B:L,10,0),\"\"))))","v":16.690000000000001},150.21,"COTAÇÃO",772,null,"18"]
["3.1.5.23","Óculos de proteção para soldador",1,"Ud",{"$f":"IF($G685=\"ORSE\",VLOOKUP($H685,ORSE_INSUM!A:E,4,0),IF($G685=\"SINAPI\",VLOOKUP($H685,SINAPI_INSUM!A:E,5,0),IF($G685=\"SEINFRA\",VLOOKUP($H685,SEINFRA_INSUM!B:F,4,0),IF($G685=\"COTAÇÃO\",VLOOKUP($H685,'COTACAO - PEÇAS E MATERIAIS'!B:L,10,0),\"\"))))","v":"32,40"},32.4,"SINAPI",36141,null,1]
["3.1.5.24","Manga isolante até 17.000V para eletricista",2,"Par",{"$f":"IF($G686=\"ORSE\",VLOOKUP($H686,ORSE_INSUM!A:E,4,0),IF($G686=\"SINAPI\",VLOOKUP($H686,SINAPI_INSUM!A:E,5,0),IF($G686=\"SEINFRA\",VLOOKUP($H686,SEINFRA_INSUM!B:F,4,0),IF($G686=\"COTAÇÃO\",VLOOKUP($H686,'COTACAO - PEÇAS E MATERIAIS'!B:L,10,0),\"\"))))","v":1002.3},2004.6,"COTAÇÃO",774,null,"3"]
["3.1.5.25","Protetor auricular tipo plugue de inserção, com cordão",18,"Ud",{"$f":"IF($G687=\"ORSE\",VLOOKUP($H687,ORSE_INSUM!A:E,4,0),IF($G687=\"SINAPI\",VLOOKUP($H687,SINAPI_INSUM!A:E,5,0),IF($G687=\"SEINFRA\",VLOOKUP($H687,SEINFRA_INSUM!B:F,4,0),IF($G687=\"COTAÇÃO\",VLOOKUP($H687,'COTACAO - PEÇAS E MATERIAIS'!B:L,10,0),\"\"))))","v":"1,80"},32.4,"SINAPI",36142,null,"36"]
[]
["SUB TOTAL MATERIAL E EQUIPAMENTOS DE PROTEÇÃO INDIVIDUAL E FARDAMENTO",{"$nulls":4},{"$f":"SUM(F663:F688)","v":14748.52}]
["SUB TOTAL MATERIAL E EQUIPAMENTOS DE PROTEÇÃO INDIVIDUAL E FARDAMENTO COM BDI DE FORNECIMENTO",{"$nulls":4},{"$f":"F689+F689*'BDI - FORNECIMENTOS'!$C$31","v":16356.11}]
[]
["TOTAL GERAL COM BDI DE FORNECIMENTO",{"$nulls":4},{"$f":"F690+F656+F630+F486+F328","v":595497.5}]
["TOTAL GERAL",{"$nulls":4},{"$f":"F692","v":595497.5}]

{"sheet":"CPU3 - MAN_CIVIL","index":27,"n_rows":77,"n_cols":11,"rows_kept":77,"cut":false,"hidden":false,"merged":[[0,2,0,7],[1,0,1,5],[1,6,1,7],[2,0,2,5],[3,0,3,7],[6,0,6,6],[7,0,7,7],[10,0,10,6],[11,0,11,7],[14,0,14,6],[15,0,15,7],[19,0,19,6],[21,2,21,6],[22,0,22,6],[23,2,23,6],[24,0,24,6],[26,2,26,7],[27,0,27,5],[27,6,27,7],[48,2,48,6],[49,0,49,6],[50,2,50,6],[51,0,51,6],[28,0,28,5],[29,0,29,7],[32,0,32,6],[33,0,33,7],[37,0,37,6],[38,0,38,7],[41,0,41,6],[42,0,42,7],[46,0,46,6],[53,2,53,7],[54,0,54,5],[54,6,54,7],[55,0,55,5],[56,0,56,7],[73,2,73,6],[74,0,74,6],[75,2,75,6],[76,0,76,6],[59,0,59,6],[60,0,60,7],[66,0,66,6],[67,0,67,7],[71,0,71,6]]}
["CODEVASF","7.15"," COMPOSIÇÃO DE PREÇO UNITÁRIO"]
[" ESTIMATIVA ANUAL DE CUSTOS DE SERVIÇOS DE ADMINISTRAÇÃO E MANUTENÇÃO PARA O PROJETO IRRIGADO PONTAL SUL",{"$nulls":5},"DATA: JUNHO/2018"]
["SERVIÇO: Recuperação ou regularização de piso cimentado liso, desempenado, traço 1:3  C:A, espessura 3,5cm. (ref. SINAPI 73922/1)",{"$nulls":5},"UNIDADE: ","m²"]
["EQUIPAMENTO"]
["DISCRIMINAÇÃO","UNIDADE","QUANT.","PROD","IMPROD","P.UNIT. PROD","P.UNIT. IMPR","P.TOTAL"]
[]
[]
["MATERIAL"]
["DISCRIMINAÇÃO","UNIDADE","QUANT.",null,null,null,"P.UNIT.","P.TOTAL"]
["ARGAMASSA TRAÇO 1:3 (CIMENTO E AREIA MÉDIA), PREPARO MANUAL. AF_08/2014 - SINAPI 88629","m³",{"$f":"0.035*0.0625","v":2.2000000000000001E-3},null,null,null,{"$f":"VLOOKUP(I10,SINAPI_COMP!G:K,5,0)","v":"384,81"},{"$f":"ROUND(G10*C10,2)","v":0.85},"88629",null,"SINAPI"]
["SUB-TOTAL",{"$nulls":6},{"$f":"SUM(H10)","v":0.85}]
["SERVIÇOS - COMPOSIÇÕES AUXILIARES"]
["DISCRIMINAÇÃO","UNIDADE","QUANT.",null,null,null,"P.UNIT.","P.TOTAL"]
[]
["SUB-TOTAL"]
["MÃO DE OBRA"]
["DISCRIMINAÇÃO","UNIDADE","QUANT.",null,null,null,"P.UNIT.","P.TOTAL"]
["Pedreiro - SINAPI 4750","h",{"$f":"1*0.0625","v":6.25E-2},null,null,null,{"$f":"ROUND(VLOOKUP(I18,SINAPI_INSUM!A:E,5,0)/(1+'ENC. SOCIAIS'!$D$46),2)","v":6.69},{"$f":"ROUND(G18*C18,2)","v":0.42},4750,null,"SINAPI"]
["Servente - SINAPI 6111","h",{"$f":"1*0.0625","v":6.25E-2},null,null,null,{"$f":"ROUND(VLOOKUP(I19,SINAPI_INSUM!A:E,5,0)/(1+'ENC. SOCIAIS'!$D$46),2)","v":5.03},{"$f":"ROUND(G19*C19,2)","v":0.31},6111,null,"SINAPI"]
["SUB-TOTAL",{"$nulls":6},{"$f":"SUM(H18:H19)","v":0.73}]
["Encargos Sociais",{"$f":"'ENC. SOCIAIS'!D46","v":1.1718},{"$nulls":4},{"$f":"B21","v":1.1718},{"$f":"ROUND(G21*H20,2)","v":0.86}]
["PRODUÇÃO DA EQUIPE",1,"CUSTO ",{"$nulls":4},{"$f":"H21+H20+H11","v":2.44}]
["TOTAL - R$",{"$nulls":6},{"$f":"H22","v":2.44}]
["BDI                ",{"$f":"'BDI - SERVIÇOS'!C30","v":0.22500000000000001},{"$nulls":5},{"$f":"ROUND(B24*H23,2)","v":0.55000000000000004}]
["TOTAL DO SERVIÇO - R$",{"$nulls":6},{"$f":"(H24+H23)","v":2.99}]
[]
["CODEVASF","7.14"," COMPOSIÇÃO DE PREÇO UNITÁRIO"]
[" ESTIMATIVA ANUAL DE CUSTOS DE SERVIÇOS DE ADMINISTRAÇÃO E MANUTENÇÃO PARA O PROJETO IRRIGADO PONTAL SUL",{"$nulls":5},"DATA: OUTUBRO/2012"]
["SERVIÇO: Recuperação de piso cimentado rústico, traço 1:3  C:A, espessura 3,0cm. (ref. SINAPI 73923/2)",{"$nulls":5},"UNIDADE: ","m³"]
["EQUIPAMENTO"]
["DISCRIMINAÇÃO","UNIDADE","QUANT.","PROD","IMPROD","P.UNIT. PROD","P.UNIT. IMPR","P.TOTAL"]
[]
["SUB-TOTAL"]
["MATERIAL"]
["DISCRIMINAÇÃO","UNIDADE","QUANT.",null,null,null,"P.UNIT.","P.TOTAL"]
["ARGAMASSA TRAÇO 1:3 (CIMENTO E AREIA MÉDIA), PREPARO MANUAL. AF_08/2014 - SINAPI 88629","m³",{"$f":"0.03*0.0625","v":1.8799999999999999E-3},null,null,null,{"$f":"VLOOKUP(I36,SINAPI_COMP!G:K,5,0)","v":"384,81"},{"$f":"ROUND(G36*C36,2)","v":0.72},"88629","SINAPI"]
["ARGAMASSA TRAÇO 1:4 (CIMENTO E AREIA MÉDIA) PARA CONTRAPISO, PREPARO MANUAL. AF_06/2014 - SINAPI 87373","m³",{"$f":"0.03*0.0625","v":1.8799999999999999E-3},null,null,null,{"$f":"VLOOKUP(I37,SINAPI_COMP!G:K,5,0)","v":"447,18"},{"$f":"ROUND(G37*C37,2)","v":0.84},"87373","SINAPI"]
["SUB-TOTAL",{"$nulls":6},{"$f":"SUM(H36:H37)","v":1.56}]
["SERVIÇOS - COMPOSIÇÕES AUXILIARES"]
["DISCRIMINAÇÃO","UNIDADE","QUANT.",null,null,null,"P.UNIT.","P.TOTAL"]
[]
["SUB-TOTAL"]
["MÃO DE OBRA"]
["DISCRIMINAÇÃO","UNIDADE","QUANT.",null,null,null,"P.UNIT.","P.TOTAL"]
["Pedreiro - SINAPI 4750","h",{"$f":"0.85*0.0625","v":5.3100000000000001E-2},null,null,null,{"$f":"ROUND(VLOOKUP(I45,SINAPI_INSUM!A:E,5,0)/(1+'ENC. SOCIAIS'!$D$46),2)","v":6.69},{"$f":"ROUND(G45*C45,2)","v":0.36},4750,"SINAPI"]
["Servente - SINAPI 6111","h",{"$f":"0.85*0.0625","v":5.3100000000000001E-2},null,null,null,{"$f":"ROUND(VLOOKUP(I46,SINAPI_INSUM!A:E,5,0)/(1+'ENC. SOCIAIS'!$D$46),2)","v":5.03},{"$f":"ROUND(G46*C46,2)","v":0.27},6111,"SINAPI"]
["SUB-TOTAL",{"$nulls":6},{"$f":"SUM(H45:H46)","v":0.63}]
["Encargos Sociais",{"$f":"B21","v":1.1718},{"$nulls":4},{"$f":"B48","v":1.1718},{"$f":"ROUND(G48*H47,2)","v":0.74}]
["PRODUÇÃO DA EQUIPE",1,"CUSTO ",{"$nulls":4},{"$f":"H48+H47+H38","v":2.93}]
["TOTAL - R$",{"$nulls":6},{"$f":"H49","v":2.93}]
["BDI                ",{"$f":"'BDI - SERVIÇOS'!C30","v":0.22500000000000001},{"$nulls":5},{"$f":"ROUND(B51*H50,2)","v":0.66}]
["TOTAL DO SERVIÇO - R$",{"$nulls":6},{"$f":"ROUND(H51+H50,2)","v":3.59}]
[]
["CODEVASF","7.16"," COMPOSIÇÃO DE PREÇO UNITÁRIO"]
[" ESTIMATIVA ANUAL DE CUSTOS DE SERVIÇOS DE ADMINISTRAÇÃO E MANUTENÇÃO PARA O PROJETO IRRIGADO PONTAL SUL",{"$nulls":5},"DATA: JUNHO/2018"]
["SERVIÇO: Retirada de piso de borracha tipo plurigoma, pastilhado industrial cor preta.",{"$nulls":5},"UNIDADE: ","m²"]
["EQUIPAMENTO"]
["DISCRIMINAÇÃO","UNIDADE","QUANT.","PROD","IMPROD","P.UNIT. PROD","P.UNIT.","P.TOTAL"]
[]
["SUB-TOTAL",{"$nulls":6},0]
["MATERIAL"]
["DISCRIMINAÇÃO","UNIDADE","QUANT.",null,null,null,"P.UNIT.","P.TOTAL"]
[{"$nulls":7},{"$f":"ROUND(G63*C63,2)","v":0}]
[{"$nulls":7},{"$f":"ROUND(G64*C64,2)","v":0}]
[{"$nulls":7},{"$f":"ROUND(G65*C65,2)","v":0}]
[{"$nulls":7},{"$f":"ROUND(G66*C66,2)","v":0}]
["SUB-TOTAL",{"$nulls":6},{"$f":"SUM(H63:H66)","v":0}]
["MÃO DE OBRA"]
["DISCRIMINAÇÃO","UNIDADE","QUANT.",null,null,null,"P.UNIT.","P.TOTAL"]
["Pedreiro - SINAPI 4750","h",{"$f":"0.2/2","v":0.1},null,null,null,{"$f":"G45","v":6.69},{"$f":"ROUND(G70*C70,2)","v":0.67},4750,"SINAPI"]
["Servente - SINAPI 6111","h",{"$f":"0.2/2","v":0.1},null,null,null,{"$f":"G46","v":5.03},{"$f":"ROUND(G71*C71,2)","v":0.5},6111,"SINAPI"]
["SUB-TOTAL",{"$nulls":6},{"$f":"SUM(H70:H71)","v":1.17}]
["Encargos Sociais",{"$f":"'ENC. SOCIAIS'!D46","v":1.1718},{"$nulls":5},{"$f":"ROUND(G73*H72,2)","v":0}]
["PRODUÇÃO DA EQUIPE",1,"CUSTO ",{"$nulls":4},{"$f":"H73+H72+H67","v":1.17}]
["TOTAL - R$",{"$nulls":6},{"$f":"H74","v":1.17}]
["BDI                ",{"$f":"'BDI - SERVIÇOS'!C30","v":0.22500000000000001},{"$nulls":5},{"$f":"ROUND(B76*H75,2)","v":0.26}]
["TOTAL DO SERVIÇO - R$",{"$nulls":6},{"$f":"ROUND(H75+H76,2)","v":1.43}]

{"sheet":"CPU4 - MAN_SE","index":28,"n_rows":98,"n_cols":7,"rows_kept":98,"cut":false,"hidden":false,"merged":[[84,0,84,4],[29,0,29,4],[50,0,50,4],[68,0,68,4],[0,0,0,4],[1,0,1,4],[2,0,2,4],[4,0,4,4],[17,0,17,4]]}
[" COMPOSIÇÕES DE SERVIÇOS"]
["CUSTO ANUAL DE MANUTENÇÃO DE SUBSTAÇÃO PONTAL"]
["CUSTO CIF PETROLINA"]
[]
["1) Transformador auxiliar de 112,5kVA:   inspeção visual;  revisão detalhada;   procedimentos técnicos corretivos; ensaios de rotina, correção de vazamentos de óleo isolante; limpeza de conectores; isoladores; tratamento anticorrosivo; substituição de parafusos oxidados; reaperto das conexões; teste de atuação de relés verificando atuação desta proteção no relé de bloqueio; troca de sílica gel e limpeza de recipiente; teste de isolação dos cabos das proteções intrínsecas; atuação de indicador de nível de óleo; teste de isolação dos cabos de saída do secundário para o CCM e pintura geral."]
["UNIDADE:","unid.","Quantid.","Custo Unit. (R$)","Custo Total (R$)"]
[]
["Mão de Obra"]
["Eletrotécnico - SINAPI 2438","h",8,{"$f":"ROUND(VLOOKUP(F9,SINAPI_INSUM!A:E,5,0)/(1+'ENC. SOCIAIS'!$D$46),2)","v":7.4},{"$f":"ROUND(D9*C9,2)","v":59.2},2438]
["Eletricista  - SINAPI 2436","h",11,{"$f":"ROUND(VLOOKUP(F10,SINAPI_INSUM!A:E,5,0)/(1+'ENC. SOCIAIS'!$D$46),2)","v":6.69},{"$f":"ROUND(D10*C10,2)","v":73.59},2436]
["Ajudante de Eletricista  - SINAPI 247","h",18,{"$f":"ROUND(VLOOKUP(F11,SINAPI_INSUM!A:E,5,0)/(1+'ENC. SOCIAIS'!$D$46),2)","v":4.7},84.6,247]
[null,null,null,"Subtotal",{"$f":"SUM(E9:E11)","v":217.39}]
[null,"Encargos Sociais",null,{"$f":"'ENC. SOCIAIS'!$D$46","v":1.1718},{"$f":"ROUND(E12*D13,2)","v":254.74}]
[null,null,null,"Subtotal c/ ES",{"$f":"ROUND(SUM(E12:E13),2)","v":472.13}]
[null,"BDI",null,{"$f":"'BDI - SERVIÇOS'!C30","v":0.22500000000000001},{"$f":"ROUND(E14*D15,2)","v":106.23}]
["2.3.2.8.4",null,null,"Total",{"$f":"E15+E14","v":578.36}]
[]
["2) Coleta de amostra de óleo para análise físico-química e cromatográfica"]
["UNIDADE:","unid.","Quantid.","Custo Unit. (R$)","Custo Total (R$)"]
[]
["Mão de Obra"]
["Eletrotécnico - SINAPI 2438","h",12,{"$f":"ROUND(VLOOKUP(F22,SINAPI_INSUM!A:E,5,0)/(1+'ENC. SOCIAIS'!$D$46),2)","v":7.4},{"$f":"ROUND(D22*C22,2)","v":88.8},2438]
["Eletricista  - SINAPI 2436","h",12,{"$f":"ROUND(VLOOKUP(F23,SINAPI_INSUM!A:E,5,0)/(1+'ENC. SOCIAIS'!$D$46),2)","v":6.69},{"$f":"ROUND(D23*C23,2)","v":80.28},2436]
[null,null,null,"Subtotal",{"$f":"SUM(E22:E23)","v":169.08}]
[null,"Encargos Sociais",null,{"$f":"'ENC. SOCIAIS'!$D$46","v":1.1718},{"$f":"ROUND(E24*D25,2)","v":198.13}]
[null,null,null,"Subtotal c/ ES",{"$f":"ROUND(SUM(E24:E25),2)","v":367.21}]
[null,"BDI",null,{"$f":"D15","v":0.22500000000000001},{"$f":"E26*D27","v":82.62}]
["2.3.2.8.2",null,null,"Total",{"$f":"ROUND(E27+E26,2)","v":449.83}]
[]
["3) Transformadores de potência de 750kVA a 1.000kVA:   inspeção visual;  revisão detalhada;   procedimentos técnicos corretivos;   ensaios de rotina, correção de vazamentos de óleo isolante; limpeza de conectores; isoladores; tratamento anticorrosivo; substituição de parafusos oxidados; reaperto das conexões; teste de atuação de relés verificando atuação desta proteção no relé de bloqueio; troca de sílica gel e limpeza de recipiente; teste de isolação dos cabos das proteções intrínsecas; atuação de indicador de nível de óleo; teste de isolação dos cabos de saída do secundário para o CCM e pintura geral."]
["UNIDADE:","unid.","Quantid.","Custo Unit. (R$)","Custo Total (R$)"]
[]
["Equipamentos"]
["Compressor para pintura - SINAPI 95218","h",{"$f":"84*0.152","v":12.77},{"$f":"VLOOKUP(F34,SINAPI_COMP!G:K,5,0)","v":"20,53"},{"$f":"D34*C34","v":262.17},"95218",{"$f":"3.11","v":3.11}]
[null,null,null,"Subtotal",{"$f":"SUM(E34)","v":262.17}]
["Mão de Obra"]
["Eletrotécnico - SINAPI 2438","h",60,{"$f":"ROUND(VLOOKUP(F37,SINAPI_INSUM!A:E,5,0)/(1+'ENC. SOCIAIS'!$D$46),2)","v":7.4},{"$f":"ROUND(D37*C37,2)","v":444},2438]
["Eletricista  - SINAPI 2436","h",70,{"$f":"ROUND(VLOOKUP(F38,SINAPI_INSUM!A:E,5,0)/(1+'ENC. SOCIAIS'!$D$46),2)","v":6.69},{"$f":"ROUND(D38*C38,2)","v":468.3},2436]
["Ajudante de Eletricista  - SINAPI 247","h",91,{"$f":"ROUND(VLOOKUP(F39,SINAPI_INSUM!A:E,5,0)/(1+'ENC. SOCIAIS'!$D$46),2)","v":4.7},427.7,247]
["Pintor - SINAPI 4783","h",84,{"$f":"ROUND(VLOOKUP(F40,SINAPI_INSUM!A:E,5,0)/(1+'ENC. SOCIAIS'!$D$46),2)","v":6.69},561.96,4783]
[null,null,null,"Subtotal",{"$f":"SUM(E37:E40)","v":1901.96}]
[null,"Encargos Sociais",null,{"$f":"'ENC. SOCIAIS'!$D$46","v":1.1718},{"$f":"ROUND(E41*D42,2)","v":2228.7199999999998}]
["Materiais"]
["Tinta - SINAPI 7293","l",{"$f":"2*3.6","v":7.2},{"$f":"ROUND(VLOOKUP(F44,SINAPI_INSUM!A:E,5,0),2)","v":27.2},{"$f":"ROUND(D44*C44,2)","v":195.84},7293]
["Lixa - SINAPI 3768","unid.",42,{"$f":"ROUND(VLOOKUP(F45,SINAPI_INSUM!A:E,5,0),2)","v":1.83},{"$f":"ROUND(D45*C45,2)","v":76.86},3768]
[null,null,null,"Subtotal",{"$f":"SUM(E44:E45)","v":272.7}]
[null,null,null,"Subtotal geral",{"$f":"E46+E42+E35+E41","v":4665.55}]
[null,"BDI",null,{"$f":"D15","v":0.22500000000000001},{"$f":"E47*D48","v":1049.75}]
["2.3.2.8.3",null,null,"Total",{"$f":"ROUND(E48+E47,2)","v":5715.3}]
[]
["4) Disjuntores de AT de 15kV:  inspeção visual ; revisão detalhada;   procedimentos técnicos corretivos; limpeza de conectores e torqueamento; tratamento anticorrosivo; lubrificação das articulações do mecanismo de acionamento; verificação e correção de simultaneidade de abertura e fechamento dos polos; análise dos contatos móveis e fixos; realização de teste de isolação dos cabos de controle com a sala de comando; verificação / substituição junta de vedação, óleo isolante, engrenagens e buchas que apresentarem desgaste; manutenção ou substituição de contactores auxiliares, fim de curso, botoeiras e chaves sinalizadoras; verificação de sistema de aquecimento interno; integridade das bobinas de abertura e fechamento; relé de mínima tensão e pintura geral do painel."]
["UNIDADE:","unid.","Quantid.","Custo Unit. (R$)","Custo Total (R$)"]
["Equipamentos"]
["Compressor para pintura - SINAPI 95218","h",{"$f":"24*0.472","v":11.33},{"$f":"VLOOKUP(F54,SINAPI_COMP!G:K,5,0)","v":"20,53"},{"$f":"D54*C54","v":232.6},"95218"]
[null,null,null,"Subtotal",{"$f":"SUM(E54)","v":232.6}]
["Mão de Obra"]
["Eletrotécnico - SINAPI 2438","h",60,{"$f":"ROUND(VLOOKUP(F57,SINAPI_INSUM!A:E,5,0)/(1+'ENC. SOCIAIS'!$D$46),2)","v":7.4},{"$f":"ROUND(D57*C57,2)","v":444},2438]
["Eletricista  - SINAPI 2436","h",76,{"$f":"ROUND(VLOOKUP(F58,SINAPI_INSUM!A:E,5,0)/(1+'ENC. SOCIAIS'!$D$46),2)","v":6.69},{"$f":"ROUND(D58*C58,2)","v":508.44},2436]
["Ajudante de Eletricista  - SINAPI 247","h",91,{"$f":"ROUND(VLOOKUP(F59,SINAPI_INSUM!A:E,5,0)/(1+'ENC. SOCIAIS'!$D$46),2)","v":4.7},427.7,247]
[{"$f":"A40","v":"Pintor - SINAPI 4783"},"h",24,{"$f":"ROUND(VLOOKUP(F60,SINAPI_INSUM!A:E,5,0)/(1+'ENC. SOCIAIS'!$D$46),2)","v":6.69},160.56,4783]
[null,null,null,"Subtotal",{"$f":"SUM(E57:E60)","v":1540.7}]
[null,"Encargos Sociais",null,{"$f":"'ENC. SOCIAIS'!$D$46","v":1.1718},{"$f":"ROUND(E61*D62,2)","v":1805.39}]
["Materiais"]
[{"$f":"A44","v":"Tinta - SINAPI 7293"},"l",{"$f":"1*3.6","v":3.6},{"$f":"ROUND(VLOOKUP(F64,SINAPI_INSUM!A:E,5,0),2)","v":27.2},{"$f":"ROUND(D64*C64,2)","v":97.92},7293]
[{"$f":"A45","v":"Lixa - SINAPI 3768"},"unid.",9,{"$f":"ROUND(VLOOKUP(F65,SINAPI_INSUM!A:E,5,0),2)","v":1.83},{"$f":"ROUND(D65*C65,2)","v":16.47},3768]
[null,null,null,"Subtotal",{"$f":"SUM(E64:E65)","v":114.39}]
["2.3.2.8.6",null,null,"Total",{"$f":"E66+E62+E61+E55","v":3693.08}]
[]
["5) Chaves Seccionadoras de MT por subestação:  inspeção visual; revisão detalhada; procedimentos técnicos corretivos; tratamento anticorrosivo; substituição de parafusos oxidados; limpeza de conectores; lubrificação das articulações; verificação da fixação das chaves dos isoladores e da integridade dos isoladores; verificação e correção de simultaneidade de abertura e fechamento das chaves; verificar pressão entre contatos móveis e fixos; avaliação dos contatos e medição das resistências dos contatos das chaves."]
["UNIDADE:","unid.","Quantid.","Custo Unit. (R$)","Custo Total (R$)"]
["Mão de Obra"]
["Eletrotécnico - SINAPI 2438","h",24,{"$f":"ROUND(VLOOKUP(F72,SINAPI_INSUM!A:E,5,0)/(1+'ENC. SOCIAIS'!$D$46),2)","v":7.4},{"$f":"ROUND(D72*C72,2)","v":177.6},2438]
["Eletricista  - SINAPI 2436","h",18,{"$f":"ROUND(VLOOKUP(F73,SINAPI_INSUM!A:E,5,0)/(1+'ENC. SOCIAIS'!$D$46),2)","v":6.69},{"$f":"ROUND(D73*C73,2)","v":120.42},2436]
["Ajudante de Eletricista  - SINAPI 247","h",40,{"$f":"ROUND(VLOOKUP(F74,SINAPI_INSUM!A:E,5,0)/(1+'ENC. SOCIAIS'!$D$46),2)","v":4.7},188,247]
[null,null,null,"Subtotal",{"$f":"SUM(E72:E74)","v":486.02}]
[null,"Encargos Sociais",null,{"$f":"'ENC. SOCIAIS'!$D$46","v":1.1718},{"$f":"ROUND(E75*D76,2)","v":569.52}]
["Materiais"]
["Lubrificante - SINAPI 4229","kg",1.5,{"$f":"ROUND(VLOOKUP(F78,SINAPI_INSUM!A:E,5,0),2)","v":23.85},{"$f":"ROUND(D78*C78,2)","v":35.78},4229]
["Pasta anti-oxido - cotação internet","kg",2,{"$f":"G97","v":140},{"$f":"ROUND(D79*C79,2)","v":280}]
[null,null,null,"Subtotal",{"$f":"SUM(E78:E79)","v":315.77999999999997}]
[null,null,null,"Subtotal geral",{"$f":"E80+E76+E75","v":1371.32}]
[null,"BDI",null,{"$f":"D15","v":0.22500000000000001},{"$f":"E81*D82","v":308.55}]
["2.3.2.8.7",null,null,"Total",{"$f":"E82+E81","v":1679.87}]
[]
["6) Malhas de aterramento: medição de resistência de aterramento dos equipamentos; procedimentos técnicos corretivos em conexões, cabos e hastes de aterramento; limpeza de contato dos conectores com as hastes; aplicação de pasta anti-óxido; medição de resistividade do solo; medição de resistência da malha de aterramento."]
["UNIDADE:","unid.","Quantid.","Custo Unit. (R$)","Custo Total (R$)"]
["Mão de Obra"]
["Eletrotécnico - SINAPI 2438","h",30,{"$f":"ROUND(VLOOKUP(F88,SINAPI_INSUM!A:E,5,0)/(1+'ENC. SOCIAIS'!$D$46),2)","v":7.4},{"$f":"ROUND(D88*C88,2)","v":222},2438]
["Eletricista  - SINAPI 2436","h",28,{"$f":"ROUND(VLOOKUP(F89,SINAPI_INSUM!A:E,5,0)/(1+'ENC. SOCIAIS'!$D$46),2)","v":6.69},{"$f":"ROUND(D89*C89,2)","v":187.32},2436]
["Ajudante de Eletricista  - SINAPI 247","h",35,{"$f":"ROUND(VLOOKUP(F90,SINAPI_INSUM!A:E,5,0)/(1+'ENC. SOCIAIS'!$D$46),2)","v":4.7},164.5,247]
[null,null,null,"Subtotal",{"$f":"SUM(E88:E90)","v":573.82000000000005}]
[null,"Encargos Sociais",null,{"$f":"'ENC. SOCIAIS'!$D$46","v":1.1718},{"$f":"ROUND(E91*D92,2)","v":672.4}]
["Materiais",{"$nulls":5},"cotações"]
["Pasta anti-oxido - cotação internet","kg",1,{"$f":"G97","v":140},{"$f":"D94*C94","v":140},null,{"$f":"23.34*1000/250","v":93.36}]
[null,null,null,"Subtotal",{"$f":"SUM(E94)","v":140},null,{"$f":"58.9*1000/400","v":147.25}]
[null,null,null,"Subtotal geral",{"$f":"E95+E92+E91","v":1386.22},null,{"$f":"35*1000/250","v":140}]
[null,"BDI",null,{"$f":"D15","v":0.22500000000000001},{"$f":"E96*D97","v":311.89999999999998},null,{"$f":"MEDIAN(G94:G96)","v":140}]
["2.3.2.8.9",null,null,"Total",{"$f":"E97+E96","v":1698.12}]

{"sheet":"CPU5 - VEÍCULOS E MAQ","index":29,"n_rows":192,"n_cols":14,"rows_kept":192,"cut":false,"hidden":false,"merged":[[47,0,49,0],[47,1,47,8],[50,0,52,0],[50,1,50,8],[53,0,57,0],[53,1,53,8],[55,1,55,4],[118,0,122,0],[118,1,118,8],[58,0,64,0],[58,1,58,8],[65,0,71,0],[65,1,65,8],[117,0,117,8],[88,0,90,0],[88,1,88,8],[91,0,95,0],[91,1,91,8],[96,0,102,0],[96,1,96,8],[103,0,109,0],[103,1,103,8],[116,0,116,8],[2,0,2,8],[0,0,0,8],[40,0,40,8],[42,0,46,0],[42,1,42,8],[3,0,3,8],[78,0,78,8],[80,0,84,0],[80,1,80,8],[85,0,87,0],[85,1,85,8],[79,0,79,8],[123,0,125,0],[123,1,123,8],[126,0,128,0],[126,1,126,8],[129,0,133,0],[129,1,129,8],[131,1,131,4],[134,0,140,0],[134,1,134,8],[141,0,147,0],[141,1,141,8],[161,0,163,0],[161,1,161,8],[155,0,155,8],[154,0,154,8],[156,0,160,0],[156,1,156,8],[179,1,179,8],[164,0,166,0],[164,1,164,8],[167,0,171,0],[167,1,167,8],[169,1,169,4],[172,0,178,0],[172,1,172,8],[179,0,185,0]]}
["PLANILHA DE ESTIMATIVA DE CUSTO MENSAL DE VEÍCULO E MÁQUINAS"]
[]
["a.) PLANILHA DE ESTIMATIVA DE CUSTO MENSAL DE VEÍCULO TIPO PICAPE COMPACTA, CABINE DUPLA, MOTOR 1.4 OU MAIOR, FLEX",{"$nulls":11},"R$ Gasolina"]
["Cotação - valor da mediana - fonte: internet.",{"$nulls":11},4.8,"(acatado custos)"]
["a.1"," DEPRECIAÇÃO MENSAL :"]
[null,"Preço de Aquisição: ",{"$nulls":6},{"$f":"MEDIAN(63740, 61780, 90990, 71990)","v":67865}]
[null,"Tempo previsto de vida útil (meses)",{"$nulls":6},60]
[null,"Recuperação de Capital na Venda do Bem Usado - Previsão:",{"$nulls":6},0.4]
[null,"Custo Mensal Depreciação: ",{"$nulls":6},{"$f":"(I6-(I6*I8))/I7","v":678.65}]
["a.2"," JUROS PELO CAPITAL EMPREGADO:"]
[null,"Taxa mensal de Juros",{"$nulls":6},0.05]
[null," Juros Sobre Depreciação: ",{"$nulls":6},{"$f":"I9*I11","v":33.93}]
["a.3"," CONSERVAÇÃO E MANUTENÇÃO:"]
[null,"Taxa de Gastos Sobre a Depreciação + Seguros:",{"$nulls":6},1]
[null,"Valor R$:",{"$nulls":6},{"$f":"1*I9","v":678.65}]
["a.4","COMBUSTÍVEL:"]
[null,"Média Km Rodados por Mês: Km",{"$nulls":6},3000]
[null,"Preço Combustível: (gasolina) ",{"$nulls":6},{"$f":"M4","v":4.8}]
[null,"Consumo Médio: Km/litro",{"$nulls":6},10]
[null,"Valor R$:",{"$nulls":6},{"$f":"(I17/I19)*I18","v":1440}]
["a.5"," LUBRIFICANTE:"]
[null,"Quilometragem do contrato",{"$nulls":6},{"$f":"I17*12","v":36000}]
[null,"Franquia por troca de óleo(Km)",{"$nulls":6},5000]
[null,"Preço do filtro de óleo lubrificante:R$",{"$nulls":6},15.6]
[null,"Quantidade de Lubrificante por Troca: (litros)",{"$nulls":6},3.5]
[null,"Quantidade de dias do contrato",{"$nulls":6},365]
[null,"Valor R$:",{"$nulls":6},{"$f":"(((I22*I24*I25*30)/(I23*I26)))","v":32.31}]
["a.6","PNEUS :"]
[null,"Quilometragem do contrato",{"$nulls":6},36000]
[null,"Quantidade:",{"$nulls":6},5]
[null,"Vida do pneu em quilômetros",{"$nulls":6},45000]
[null,"Preço Pneu:",{"$nulls":6},292.39]
[null,"Quantidade de dias do contrato",{"$nulls":6},365]
[null,"Valor R$:",{"$nulls":6},{"$f":"(I29*I30*I32*30)/(I31*I33)","v":96.13}]
["a.7","Custo mensal",{"$nulls":6},{"$f":"ROUND(SUM(I9,I12,I15,I20,I27,I34),2)+0.01","v":2959.68}]
[null,"Seguro",{"$nulls":6},{"$f":"1500/12","v":125}]
[null,"IPVA/Licenciamento/Seguro Obrigatório",{"$nulls":6},{"$f":"I6*3%/12","v":169.66}]
[null,"SUBTOTAL",{"$nulls":6},{"$f":"I37+I36+I35","v":3254.34}]
[null,"BDI Serviço",{"$nulls":5},{"$f":"'BDI - SERVIÇOS'!$C$30","v":0.22500000000000001},{"$f":"I38*H39","v":732.23}]
[null,"TOTAL GERAL",{"$nulls":6},{"$f":"I39+I38","v":3986.57}]
["b)  PLANILHA DE ESTIMATIVA DE CUSTO MENSAL DE VEICULO DE PASSEIO COM MOTOR 1.0 FLEX, POTENCIA 72/85 CV, 5 PORTAS, COR SOLIDA, BASICO."]
[]
["b.1"," DEPRECIAÇÃO MENSAL :"]
[null,"Preço de Aquisição: ",{"$nulls":6},{"$f":"SINAPI_INSUM!E18","v":"39.990,00"}]
[null,"Tempo previsto de vida útil (meses)",{"$nulls":6},60]
[null,"Recuperação de Capital na Venda do Bem Usado - Previsão:",{"$nulls":6},0.4]
[null,"Custo Mensal Depreciação: ",{"$nulls":6},{"$f":"(I44-(I44*I46))/I45","v":399.9}]
["b.2"," JUROS PELO CAPITAL EMPREGADO:"]
[null,"Taxa mensal de Juros",{"$nulls":6},0.05]
[null,"Juros Sobre Depreciação: ",{"$nulls":6},{"$f":"I47*I49","v":20}]
["b.3"," CONSERVAÇÃO E MANUTENÇÃO:"]
[null,"Taxa de Gastos Sobre a Depreciação + Seguros:",{"$nulls":6},1]
[null,"Valor R$:",{"$nulls":6},{"$f":"1*I47","v":399.9}]
["b.4","COMBUSTÍVEL:"]
[null," Média Km Rodados por Mês: Km",{"$nulls":6},{"$f":"I17","v":3000},{"$f":"I55/24","v":125}]
[null,"Preço Combustível: (gasolina) ",{"$nulls":6},{"$f":"M4","v":4.8}]
[null,"Consumo Médio: Km/litro",{"$nulls":6},10]
[null,"Valor R$:",{"$nulls":6},{"$f":"(I55/I57)*I56","v":1440}]
["b.5"," LUBRIFICANTE:"]
[null,"Quilometragem do contrato",{"$nulls":6},{"$f":"I55*12","v":36000}]
[null,"Franquia por troca de óleo(Km)",{"$nulls":6},5000]
[null,"Preço do filtro de óleo lubrificante:R$",{"$nulls":6},15.6]
[null,"Quantidade de Lubrificante por Troca: (litros)",{"$nulls":6},3.5]
[null,"Quantidade de dias do contrato",{"$nulls":6},365]
[null,"Valor R$:",{"$nulls":6},{"$f":"(((I60*I62*I63*30)/(I61*I64)))","v":32.31}]
["b.6","PNEUS :"]
[null,"Quilometragem do contrato",{"$nulls":6},36000]
[null,"Quantidade:",{"$nulls":6},5]
[null,"Vida do pneu em quilômetros",{"$nulls":6},45000]
[null,"Preço Pneu:",{"$nulls":6},212.55]
[null,"Quantidade de dias do contrato",{"$nulls":6},365]
[null,"Valor R$:",{"$nulls":6},{"$f":"(I67*I68*I70*30)/(I69*I71)","v":69.88}]
["b.7","Custo mensal",{"$nulls":6},{"$f":"ROUND(SUM(I47,I50,I53,I58,I65,I72),2)","v":2361.9899999999998}]
[null,"Seguro",{"$nulls":6},{"$f":"1500/12","v":125}]
[null,"IPVA/Licenciamento/Seguro Obrigatório",{"$nulls":6},{"$f":"I44*3%/12","v":99.98}]
[null,"SUBTOTAL",{"$nulls":6},{"$f":"I75+I74+I73","v":2586.9699999999998}]
[null,"BDI Serviço",{"$nulls":5},{"$f":"'BDI - SERVIÇOS'!$C$30","v":0.22500000000000001},{"$f":"I76*H77","v":582.07000000000005}]
[null,"TOTAL GERAL",{"$nulls":6},{"$f":"I77+I76","v":3169.04}]
["c)   PLANILHA DE ESTIMATIVA DE CUSTO MENSAL DE CAMINHAO TOCO, PESO BRUTO TOTAL 8250 KG, CARGA UTIL MAXIMA 5110 KG, DISTANCIA ENTRE EIXOS 4,30 M, POTENCIA 162 CV (INCLUI CABINE, CHASSI E CARROCERIA)"]
["O valor estimado para aquisição é construída a partir das consultas ao painel de preços do Ministério do Planejamento (http://paineldeprecos.planejamento.gov.br), conforme orientação da instrução normativa nº 05 de 27/06/2014, com as consultas em anexo a este termo de referência."]
["c.1"," DEPRECIAÇÃO MENSAL :"]
[null,"Preço de Aquisição - 37765/37728 : ",{"$nulls":6},{"$f":"SINAPI_INSUM!E1145+SINAPI_INSUM!E1040","v":171357.41}]
[null,"Tempo previsto de vida útil (meses)",{"$nulls":6},60]
[null,"Recuperação de Capital na Venda do Bem Usado - Previsão:",{"$nulls":6},0.4]
[null,"Custo Mensal Depreciação: ",{"$nulls":6},{"$f":"(I82-(I82*I84))/I83","v":1713.57}]
["c.2"," JUROS PELO CAPITAL EMPREGADO:"]
[null,"Taxa de Juros:",{"$nulls":6},0.05]
[null," Juros Sobre Depreciação: ",{"$nulls":6},{"$f":"I85*I87","v":85.68}]
["c.3","CONSERVAÇÃO E MANUTENÇÃO:"]
[null,"Taxa de Gastos Sobre a Depreciação + Seguros:",{"$nulls":6},1]
[null,"Valor R$:",{"$nulls":6},{"$f":"1*I85","v":1713.57}]
["c.4","COMBUSTÍVEL:"]
[null,"Média mensal de quilômetro por veículo",{"$nulls":6},2000]
[null,"Preço Combustível: (diesel) - 00004221",{"$nulls":6},{"$f":"SINAPI_INSUM!E3456","v":"3,60"}]
[null,"Consumo Médio: Km/litro",{"$nulls":6},6]
[null,"Valor R$:",{"$nulls":6},{"$f":"I93/I95*I94","v":1200}]
["c.5","LUBRIFICANTE:"]
[null,"Quilometragem do Contrato",{"$nulls":6},36000]
[null,"Franquia por troca de óleo (km)",{"$nulls":6},15000]
[null,"Preço por Litro de Lubrificante: - 00004227",{"$nulls":6},{"$f":"SINAPI_INSUM!E3457","v":"16,25"}]
[null,"Quantidade de dias do Contrato",{"$nulls":6},365]
[null,"Quantidade de Lubrificante por Troca: (litros)",{"$nulls":6},15]
[null,"Valor R$:",{"$nulls":6},{"$f":"((I98*I100*I102*30)/(I99*I101))","v":48.08}]
["c.6","PNEUS E CÂMARAS:"]
[null,"Quantidade:",{"$nulls":6},6]
[null,"Quilometragem do Contrato",{"$nulls":6},{"$f":"I98","v":36000}]
[null,"Vida do pneu em quilômetros",{"$nulls":6},60000]
[null,"Preço Pneu + câmara:",{"$nulls":6},636.64]
[null,"Quantidade de dias do Contrato",{"$nulls":6},365]
[null,"Valor R$:",{"$nulls":6},{"$f":"((I106*I105*I108*30)/(I107*I109))","v":188.38}]
["c.7","Custo mensal",{"$nulls":6},{"$f":"ROUND(SUM(I85,I88,I91,I96,I103,I110),2)-0.01","v":4949.2700000000004}]
[null,"Seguro",{"$nulls":6},{"$f":"2500/12","v":208.33}]
[null,"IPVA/Licenciamento/Seguro Obrigatório",{"$nulls":6},{"$f":"I82*3%/12","v":428.39}]
[null,"SUBTOTAL",{"$nulls":6},{"$f":"I113+I112+I111","v":5585.99}]
[null,"BDI Serviço",{"$nulls":5},{"$f":"'BDI - SERVIÇOS'!$C$30","v":0.22500000000000001},{"$f":"I114*H115","v":1256.8499999999999}]
[null,"TOTAL GERAL",{"$nulls":6},{"$f":"I115+I114","v":6842.84}]
["d) PLANILHA DE ESTIMATIVA DE CUSTO MENSAL DE MOTOCICLETA 150cc - TIPO CROSS, ANO DE FAB. 2018."]
["O valor estimado para aquisição é construída a partir das consultas ao painel de preços do Ministério do Planejamento (http://paineldeprecos.planejamento.gov.br), conforme orientação da instrução normativa nº 05 de 27/06/2014, com as consultas em anexo a este termo de referência."]
["d.1","DEPRECIAÇÃO MENSAL:"]
[null,"Preço de Aquisição: ",{"$nulls":6},13536.12]
[null,"Tempo previsto de vida útil(meses)",{"$nulls":6},24]
[null,"Recuperação de Capital na Venda do Bem Usado - Previsão:",{"$nulls":6},0.3]
[null,"Custo Mensal Depreciação: ",{"$nulls":6},{"$f":"(I120-(I120*I122))/I121","v":394.8}]
["d.2","JUROS PELO CAPITAL EMPREGADO:"]
[null,"Taxa de Juros:",{"$nulls":6},0.05]
[null," Juros Sobre Depreciação: ",{"$nulls":6},{"$f":"I123*I125","v":19.739999999999998}]
["d.3","CONSERVAÇÃO E MANUTENÇÃO:"]
[null,"Taxa de Gastos Sobre a Depreciação + Seguros:",{"$nulls":6},1]
[null,"Valor R$:",{"$nulls":6},{"$f":"1*I123","v":394.8}]
["d.4","COMBUSTÍVEL:"]
[null," Média Km Rodados por Mês: Km",{"$nulls":6},2000]
[null,"Preço Combustível: (gasolina)",{"$nulls":6},{"$f":"M4","v":4.8}]
[null,"Consumo Médio: Km/litro",{"$nulls":6},25]
[null,"Valor R$:",{"$nulls":6},{"$f":"I131/I133*I132","v":384}]
["d.5","LUBRIFICANTE:"]
[null,"Km Rodados em 1 ano: Km",{"$nulls":6},24000]
[null,"Trocas de Óleo: km",{"$nulls":6},3000]
[null,"Preço por Litro de óleo lubrificante:R$",{"$nulls":6},10]
[null,"Quantidade de Lubrificante por Troca: (litros)",{"$nulls":6},1]
[null,"Quantidade de dias do Contrato",{"$nulls":6},365]
[null,"Valor R$:",{"$nulls":6},{"$f":"(I136*I138*I139*30)/(I137*I140)","v":6.58}]
["d.6","PNEUS E CÂMARAS:"]
[null,"Quantidade:",{"$nulls":6},2]
[null,"Quilometragem do Contrato",{"$nulls":6},24000]
[null,"Vida do pneu em quilômetros",{"$nulls":6},45000]
[null,"Preço Pneu + câmara:",{"$nulls":6},350]
[null,"Quantidade de dias do Contrato",{"$nulls":6},365]
[null,"Valor R$:",{"$nulls":6},{"$f":"((I143*I146*I144*30)/(I145*I147))","v":30.68}]
["d.7"," VALOR TOTAL POR MÊS: R$",{"$nulls":6},{"$f":"I148+I141+I134+I129+I126+I123+1","v":1231.5999999999999}]
[null,"Seguro",{"$nulls":6},{"$f":"500/12","v":41.67}]
[null,"IPVA/Licenciamento/Seguro Obrigatório",{"$nulls":6},{"$f":"I120*3%/12","v":33.840000000000003}]
[null,"SUBTOTAL",{"$nulls":6},{"$f":"I151+I150+I149","v":1307.1099999999999}]
[null,"BDI Serviço",{"$nulls":5},{"$f":"'BDI - SERVIÇOS'!$C$30","v":0.22500000000000001},{"$f":"I152*H153","v":294.10000000000002}]
[null,"TOTAL GERAL",{"$nulls":6},{"$f":"I153+I152","v":1601.21}]
["e)  Veículo Tipo Van, Capac. mínima 15 passageiros, com ar-refrigerado e motor à diesel"]
["O valor estimado para aquisição é construída a partir das consultas ao painel de preços do Ministério do Planejamento (http://paineldeprecos.planejamento.gov.br), conforme orientação da instrução normativa nº 05 de 27/06/2014, com as consultas em anexo a este termo de referência."]
["e.1"," DEPRECIAÇÃO MENSAL :"]
[null,"Preço de Aquisição: ",{"$nulls":6},163000]
[null,"Tempo previsto de vida útil (meses)",{"$nulls":6},60]
[null,"Recuperação de Capital na Venda do Bem Usado - Previsão:",{"$nulls":6},0.4]
[null,"Custo Mensal Depreciação: ",{"$nulls":6},{"$f":"(I158-(I158*I160))/I159","v":1630}]
["e.2"," JUROS PELO CAPITAL EMPREGADO:"]
[null,"Taxa mensal de Juros",{"$nulls":6},0.05]
[null,"Juros Sobre Depreciação: ",{"$nulls":6},{"$f":"I161*I163","v":81.5}]
["e.3"," CONSERVAÇÃO E MANUTENÇÃO:"]
[null,"Taxa de Gastos Sobre a Depreciação + Seguros:",{"$nulls":6},1]
[null,"Valor R$:",{"$nulls":6},{"$f":"1*I161","v":1630}]
["e.4","COMBUSTÍVEL:"]
[null,"Média Km Rodados por Mês: Km",{"$nulls":6},8500]
[null,"Preço Combustível: (diesel) - 00004221",{"$nulls":6},{"$f":"SINAPI_INSUM!E3456","v":"3,60"}]
[null,"Consumo Médio: Km/litro",{"$nulls":6},8]
[null,"Valor R$:",{"$nulls":6},{"$f":"(I169/I171)*I170","v":3825}]
["e.5"," LUBRIFICANTE:"]
[null,"Quilometragem do contrato",{"$nulls":6},{"$f":"I169*12","v":102000}]
[null,"Franquia por troca de óleo(Km)",{"$nulls":6},5000]
[null,"Preço por Litro de Lubrificante: - 00004227",{"$nulls":6},{"$f":"SINAPI_INSUM!E3457","v":"16,25"}]
[null,"Quantidade de Lubrificante por Troca: (litros)",{"$nulls":6},7]
[null,"Quantidade de dias do contrato",{"$nulls":6},365]
[null,"Valor R$:",{"$nulls":6},{"$f":"(((I174*I176*I177*30)/(I175*I178)))","v":190.73}]
["e.6","PNEUS :"]
[null,"Quilometragem do contrato",{"$nulls":6},36000]
[null,"Quantidade:",{"$nulls":6},5]
[null,"Vida do pneu em quilômetros",{"$nulls":6},45000]
[null,"Preço Pneu:",{"$nulls":6},450]
[null,"Quantidade de dias do contrato",{"$nulls":6},365]
[null,"Valor R$:",{"$nulls":6},{"$f":"(I181*I182*I184*30)/(I183*I185)","v":147.94999999999999}]
["e.7","Custo mensal",{"$nulls":6},{"$f":"ROUND(SUM(I161,I164,I167,I172,I179,I186),2)+0.01","v":7505.19}]
[null,"Seguro",{"$nulls":6},{"$f":"2500/12","v":208.33}]
[null,"IPVA/Licenciamento/Seguro Obrigatório",{"$nulls":6},{"$f":"I158*3%/12","v":407.5}]
[null,"SUBTOTAL",{"$nulls":6},{"$f":"I189+I188+I187","v":8121.02}]
[null,"BDI Serviço",{"$nulls":5},{"$f":"'BDI - SERVIÇOS'!$C$30","v":0.22500000000000001},{"$f":"I190*H191","v":1827.23}]
[null,"TOTAL GERAL",{"$nulls":6},{"$f":"I191+I190","v":9948.25}]

{"sheet":"RESUMO - VEICULOS","index":30,"n_rows":12,"n_cols":3,"rows_kept":12,"cut":false,"hidden":false,"merged":[[9,0,9,1],[10,0,10,1],[11,0,11,1],[0,0,0,2],[2,0,2,2],[4,0,4,2],[6,0,6,1],[7,0,7,1],[8,0,8,1]]}
["PLANILHA DE ESTIMATIVA DE CUSTO ANUAL/HORÁRIO DE VEÍCULOS, MOTOCILETAS E MÁQUINAS "]
[]
["PREÇOS DE REFERÊNCIA"]
[]
["RESUMO"]
[]
["Tipo picape compacta, cabine dupla, motor 1.4 ou maior, flex",null,{"$f":"'CPU5 - VEÍCULOS E MAQ'!I40","v":3986.57}]
["Tipo caminhao toco, peso bruto total 8250 kg, carga util maxima 5110 kg, distancia entre eixos 4,30 m, potencia 162 cv (inclui cabine, chassi e carroceria)",null,{"$f":"'CPU5 - VEÍCULOS E MAQ'!I116","v":6842.84}]
["Moto tipo cross 150 CC",null,{"$f":"'CPU5 - VEÍCULOS E MAQ'!I154","v":1601.21}]
["Tipo passeio com motor 1.0 flex, potencia 72/85 cv, 5 portas, cor solida, básico",null,{"$f":"'CPU5 - VEÍCULOS E MAQ'!I78","v":3169.04}]
["Tipo Van, Capac. mínima 15 passageiros, com ar-refrigerado e motor à diesel",null,{"$f":"'CPU5 - VEÍCULOS E MAQ'!I192","v":9948.25}]
["TOTAL",null,{"$f":"SUM(C7:C11)","v":25547.91}]

{"sheet":"COTAÇÃO - MAT_CONSUMO","index":31,"n_rows":154,"n_cols":12,"rows_kept":154,"cut":false,"hidden":false,"merged":[[0,1,0,11]]}
[]
[null,null,"FERRAMENTA/ EQUIPAMENTO",null,null,"EMPRESA 1","EMPRESA 2","EMPRESA 3","EMPRESA 4","EMPRESA 5","PREÇO MÉDIANA","VALOR TOTAL ACATADO"]
["Item","cod","INSTALAÇÃO","UNID.","QTDE.","P.U.(R$)","P.U.(R$)","P.U.(R$)","P.U.(R$)","P.U.(R$)","P.U.(R$)","P.U.(R$)"]
[1,1,"Armário de aço de duas portas, com no mínimo 4 prateleiras","Ud",8,303.75,679,303.75,379.9,null,{"$f":"MEDIAN(F4:J4)","v":341.83},{"$f":"E4*K4","v":2734.64}]
[{"$f":"A4+1","v":2},2,"Arquivo de pasta suspensa 4 gavetas de aço","Ud",4,569,338.9,353.45,499,338.9,{"$f":"MEDIAN(F5:J5)","v":353.45},1413.8]
[3,3,"Cadeira de aço para escritório  ","Ud",18,74.42,70,99.9,79.98,82.64,{"$f":"MEDIAN(F6:J6)","v":79.98},1439.64]
[4,4,"Central telefônica para 16 ramais","Ud",1,376.51,779,323.99,1244.4000000000001,495.45,495.45,{"$f":"E7*K7","v":495.45}]
[5,5,"Estante metálica com 06 prateleiras","Ud",4,107.6,1701.3,177.9,107.6,146.21,146.21,584.84]
[6,6,"Freezer horizontal 1 porta 210 L","Ud",1,1629,1262.55,1399,1399,1199,1399,1399]
[7,156,"Computador de mesa 7400 Intel Core i5 4 GB 1 TB Windows 10 6 MB","Ud",10,2329.9899999999998,{"$nulls":4},2329.9899999999998,23299.9]
[8,157,"Notebook, Intel Core i5-7200U, 12GB, 1TB, 15.6\", GeForce 940MX,","Ud",4,2999,2799,2699,2799,2799,2799,11196]
[9,7,"Impressora Multifuncional Laser Colorida","Ud",1,697.5,1057,1045.32,629,1889.1,1045.32,1045.32]
[10,8,"Mesa para 8 (oito) cadeiras","Ud",1,454.72,563.9,571.89,569.99,290.04000000000002,563.9,563.9]
[11,9,"Mesa para microcomputador","Ud",1,174.72,243.33,385.3,250.55,203.42,243.33,243.33]
[12,155,"Pefurador para encadernação, cap 15 folhas","Ud",1,368,345,516.29,516.29,null,442.15,442.15]
[13,10,"Kit telefone celular fixo com antena externa (rural)","Ud",1,319,329,346.4,350.28,412.9,346.4,346.4]
[14,11,"Projetor Epson X29 3000 Lumens XGA HDMI WiFi V11H691024 (ou similar)","Ud",1,2399,2399,3200.03,3200.03,2332.58,2399,2399]
[15,"DEM 300 FIXO","Rádio comunicador fixo digital tipo DMR/MOTOTRBO, marca Motorola, Modelo DEM 300, ou similar, acompanhado de microfone de mão, cabo de alimentação com fusível, suporte para fixação do rádio e parafusos, manual de operação em português, fonte de alimentação bivolt com gabinete para estação fixa, antena, cabo coaxial e conectores","Ud",4,{"$f":"2320+590+970+9*25+23+23","v":4151},{"$nulls":4},{"$f":"MEDIAN(F18:J18)","v":4151},{"$f":"E18*K18","v":16604}]
[16,"DEM 300 MÓVEL","Rádio comunicador móvel digital tipo DMR/MOTOTRBO, marca Motorola, Modelo DEM 300, ou similar, acompanhado de microfone de mão, cabo de alimentação com fusível, suporte para fixação do rádio e parafusos, manual de operação em português, antena com base magnetica, cabo e conectores","Ud",6,{"$f":"2320+155","v":2475},2500,2399,2300,null,2437,14622]
[17,"DEP 450","Rádio comunicador portátil digital tipo DMR/MOTOTRBO, marca Motorola, Modelo DEP 450, ou similar, acompanhado de bateria, carregador rápido bivolt, antena flexivel, clip de cinto e manual de operação em português","Ud",6,1470,1399.99,1599,null,null,1470,8820]
[18,"SLR 5100","Base Repetidora - repetidor digital tipo DMR/MOTOTRBO, marca Motorola, Modelo SLR 5100, ou similar, para 64 canais, acompanhado de fonte de alimentação bivolt e carregador de bateria integrados, antena, cabo, duplexador e conectores","Ud",1,{"$f":"19000+540+1399+9*35+3*25+25+25+25","v":21404},17000,15600,12360,null,16300,16300]
[null,null,"FERRAMENTAS","UNID.","QTDE.","P.U.(R$)","P.U.(R$)","P.U.(R$)","P.U.(R$)","P.U.(R$)","P.U.(R$)","P.U.(R$)"]
[19,35,"Alicate de anel curvo externo","Ud",2,32.770000000000003,16.07,22.9,61.66,59.9,32.770000000000003,{"$f":"E23*K23","v":65.540000000000006}]
[{"$f":"A23+1","v":20},36,"Alicate de anel curvo interno","Ud",2,42.92,50.16,39.9,63.9,28.88,42.92,85.84]
[21,37,"Alicate de anel reto externo","Ud",2,23.33,22.99,25.42,22.23,25.54,23.33,46.66]
[22,38,"Alicate de anel reto interno","Ud",2,63.9,53.99,61.99,59.99,69.989999999999995,61.99,123.98]
[23,56,"Alicate de bico reto 6 1/2\"","Ud",2,58.9,56.67,56.66,51.06,59.9,56.67,113.34]
[24,59,"Alicate de rebites","Ud",2,55.52,129.9,88.85,112.96,129.99,112.96,225.92]
[25,12,"Alicate hidráulico (prensa terminal), cap.12 ton","Ud",1,260.10000000000002,639.99,499.99,589,699,589,589]
[26,66,"Alicate prensa terminal hidráulico","Ud",2,423,383.01,629,378.1,398,398,796]
[27,39,"Alicate universal 8\"","Ud",2,26.99,20.9,22,21.9,22.12,22,44]
[28,17,"Alicate Wattimetro digital True RMS Trifasico","Ud",1,612.99,612.01,null,null,null,612.5,612.5]
[29,84,"Alicate Wattimetro digital True RMS Trifasico","Ud",1,999,1499.99,959.9,1472,0,999,999]
[30,99,"Analisador de qualidade da energia Classe S- Energy Master MI 2883  Fab: METREL","Ud",1,11980,6236.77,7115,7800,15918,7800,7800]
[31,85,"Aquecedor Indutivo TIH 100M/230V","Ud",1,25416.6,20354.18,25416.6,22574.19,null,23995.4,23995.4]
[32,109,"Arco de serra profissional","Ud",4,35.4,90.19,19.93,83.74,null,59.57,238.28]
[33,73,"Balde De Lona Para Içar Ferramentas","um",2,57.66,108.87,99.9,91.3,99.9,99.9,199.8]
[34,71,"Base Magnética p/ relógio comparador","Ud",1,71.790000000000006,56.91,67.900000000000006,null,null,67.900000000000006,67.900000000000006]
[35,1002,"Bancada de madeira profissional 1200 x 2500mm","Ud",1,2000,{"$nulls":4},2000]
[36,83,"Betoneira, capacidade nominal 400l, 2 cv, 220v mon. 380v trif., capacidade de mistura 280, sem carregador","Ud",1,2742.9,2713.2,3526.9,3652.9,0,2742.9,2742.9]
[37,72,"Bomba de graxa 5kg","Ud",1,192,204.9,264.58,374.98,278.5,264.58,{"$f":"E41*K41","v":264.58}]
[38,42,"Caixa sanfonada com cinco gavetas","Ud",2,75.44,52.99,58.88,75.94,75.25,75.25,150.5]
[39,74,"Calibrador de folgas de 0,03 mm - 0,50 mm","Ud",1,115.54,64.989999999999995,139.9,51.9,33.9,64.989999999999995,64.989999999999995]
[40,88,"Calibrador de loop 4 a 20mA, fonte 4 a 20mA, medição, simulação, passos de 25% FE","Ud",1,999,599,2320.79,799,null,899,899]
[41,55,"Calibre de rosca","Ud",2,40.85,39.89,45,39.89,35.9,39.89,79.78]
[42,159,"Capacitímetro digital com fundo de escala mínimo de 2000 micro Farads","Ud",1,107.1,87.44,62.91,99.83,155,99.83,{"$f":"E46*K46","v":99.83}]
[43,20,"Chave ajustável 12\"","Ud",2,44.56,52.99,65.459999999999994,73.989999999999995,22.89,52.99,105.98]
[44,21,"Chave ajustável 8\"","Ud",2,52.9,37.909999999999997,28.41,36.99,17.77,36.99,73.98]
[45,22,"Chave allen 1/4\"","Ud",2,3.13,3.2,3.19,3.53,5.3,3.2,6.4]
[46,23,"Chave allen 1/8\"","Ud",2,1.98,3.08,1.88,3.08,1.71,1.98,3.96]
[47,24,"Chave allen 3/16\"","Ud",2,2.83,3.32,2.35,3.12,2.96,2.96,5.92]
[48,25,"Chave allen 3/8\"","Ud",2,4.8,6.67,6.6,5.4,7.07,6.6,13.2]
[49,26,"Chave allen 5/16\"","Ud",2,4.7300000000000004,6.89,9.99,4.28,5.9,5.9,11.8]
[50,27,"Chave allen 5/32\"","Ud",2,2.83,2.75,2.58,1.96,2.25,2.58,5.16]
[51,29,"Chave de fenda 1/4\" x 5\"","Ud",2,10.81,9.89,8.9,8.83,9.9,9.89,19.78]
[52,31,"Chave de fenda 3/16\" x 5\"","Ud",2,5.83,6.12,6.69,6.99,7.51,6.69,13.38]
[53,32,"Chave de fenda 3/8\" x 10\"","Ud",2,17.96,17.739999999999998,21.78,14.33,14.9,17.739999999999998,35.479999999999997]
[54,33,"Chave de fenda 5/16\" x 10\"","Ud",2,10.99,12.21,14.13,12.55,14.91,12.55,25.1]
[55,34,"Chave de fenda simples \"tipo toco\" 3/16\"","Ud",2,6.07,7.84,6.52,6.66,6.03,6.52,13.04]
[56,64,"Chave de fenda teste (chave neon)","Ud",2,12.7,9.99,12.99,20.059999999999999,9.81,12.7,25.4]
[57,65,"Chave de precisão tipo relojoeiro c/6 peças","Ud",2,17.5,11.49,15.32,11.4,11.07,11.49,22.98]
[58,82,"Chave grifo de 18\"","Ud",1,155,99.83,87.44,null,null,99.83,99.83]
[59,14,"Chave grifo de 24\"","Ud",1,104.9,42.9,59.34,54.06,69.05,59.34,59.34]
[60,15,"Chave grifo de 8\"","Ud",1,329.9,53.99,60.9,283.10000000000002,88.57,88.57,88.57]
[61,40,"Chave Torx T10 (cabo plástico)","Ud",2,9.31,8.14,9.31,7.11,7.58,8.14,16.28]
[62,63,"Chave Torx T15 (cabo plástico)","Ud",2,5.54,4.1399999999999997,4.8,5.99,6.68,5.54,11.08]
[63,171,"Chave Torx T20 (cabo plástico)","Ud",2,11.6,13.32,13.32,10.8,14.12,13.32,26.64]
[64,172,"Chave Torx T25 (cabo plástico)","Ud",2,10.32,10.35,9,9.6999999999999993,10.78,10.32,20.64]
[65,173,"Chave Torx T27 (cabo plástico)","Ud",2,12.69,13.15,11.25,11.02,13.99,12.69,25.38]
[66,174,"Chave Torx T30 (cabo plástico)","Ud",2,22,21.93,16.899999999999999,18.78,16.38,18.78,37.56]
[67,52,"Chibanca com cabo","Ud",2,51.9,73.81,54.9,46.9,69.989999999999995,54.9,109.8]
[68,16,"Cinta de poliéster, 6 m, Cap. 6,0 Ton","Ud",4,56.38,44.43,13.22,16.43,25.42,25.42,101.68]
[69,89,"Cinta de poliéster, 6 m, Cap. 8,0 Ton","Ud",4,516.79999999999995,345.85,345.84,335,null,{"$f":"MEDIAN(F73:J73)","v":345.85},1383.4]
[70,60,"Compasso mecânico","Ud",2,173.9,156.51,135.68,85.39,84.32,135.68,271.36]
[71,90,"Compressor de ar, 2HP, 220V, Tanque de 100 litros","Ud",1,1399.9,1299,1532.26,1381.92,1469,1399.9,1399.9]
[72,91,"Década resistiva com passo de 01 ohm","Ud",1,249,425,209,1980,null,337,337]
[73,70,"Detector de Alta Tensão sem contato ezHv - Minipa","Ud",2,1199.9000000000001,1332.22,1332.22,null,null,1332.22,{"$f":"E77*K77","v":2664.44}]
[74,92,"Escada de Alumínio Dobrável 6 Degraus","Ud",2,179,112.66,108.9,94.9,null,110.78,221.56]
[75,93,"Escada extensivel em aluminio, 6 metros","Ud",2,267.19,327,334,337,null,330.5,661]
[76,97,"Esmerilhadeira Angular 4.1/2\" 1.400 Watts Rotação Variável De 2.800 A 10.000 Rpm","Ud",1,659,659,1664,500.28,null,659,659]
[77,108,"Esmerilhadeira Angular de 7 Pol. 2.400 W 220 V","Ud",1,737.9,682.23,599.88,566.1,null,641.05999999999995,641.05999999999995]
[78,115,"Esquadro magnetico p/ soldador","UD",2,46.99,46.99,56.47,null,null,46.99]
[79,117,"Esquadro metálico","UD",2,55.9,52.94,52.16,40.630000000000003,null,52.55]
[80,61,"Estetoscópio Kent","Ud",1,31.1,24.1,16.66,12.87,14.99,16.66,{"$f":"E84*K84","v":16.66}]
[81,100,"Extintor de incendio com carga de agua pressurizada, 10litros","Ud",5,89.9,84.9,150,140,null,114.95,574.75]
[82,101,"Extintor de incendio com carga de CO2, 6kg","Ud",5,298.7,369.99,269,320,335,320,1600]
[83,57,"Facão 20\"","Ud",2,16.899999999999999,23.84,44.9,46.59,42.66,42.66,85.32]
[{"$f":"A87+1","v":84},68,"Ferro de solda 220V 60W","Ud",2,16.97,32.82,48.45,22.83,18.899999999999999,22.83,45.66]
[85,51,"Foice roçadeira com cabo","Ud",2,39.270000000000003,26.73,28.41,32.67,27.9,28.41,56.82]
[86,62,"Fumigador p/ apicultura","Ud",1,109,147,186.99,99.99,109,109,109]
[87,94,"Furadeira de impacto, 220v, 750W, mandril de 1/2\"","Ud",1,227.9,264.67,318.89999999999998,404.9,null,291.79000000000002,291.79000000000002]
[88,158,"FURADEIRA ELETRICA PROFISSIONAL","Ud",1,289.89999999999998,319.89999999999998,227.9,227.9,69.900000000000006,227.9,227.9]
[89,96,"Furadeira/Parafusadeira a Bateria de Lítio 12V com 2 Baterias Bivolt","Ud",1,256.60000000000002,249.49,369,249,null,253.05,253.05]
[90,95,"Gerador de Energia à Gasolina, monofasico, 5.5 KVA","Ud",1,3508.85,3625,2589,2799.9,null,3154.38,3154.38]
[91,69,"GERADOR PORTATIL MONOFASICO, POTENCIA 5500 VA, MOTOR A GASOLINA, POTENCIA DO MOTOR 13 CV                                                                                                                                                                                                                                                                                                                                                                                                                  ","Ud",1,398.9,519,539,489,398,489,489]
[92,58,"Grosa 12\"","Ud",2,23.9,19.989999999999998,25.87,22.21,22.3,22.3,44.6]
[93,98,"Inversor de frequencia de onda senoidal pura, entrada 12VDC, saida 220VAC","Ud",1,2300,3559,null,null,null,2929.5,2929.5]
[94,28,"Jogo de Chave Estrela  6 a 22mm","Ud",2,66.41,74.989999999999995,109.99,150.1,152.19999999999999,109.99,219.98]
[95,30,"Jogo de chaves combinadas de 6, 7, 8, 10,11,12, 13, 14, 17, 19, 22, 24, 27, 30 e 32","Ud",2,259.99,189.9,519,449,329.9,329.9,659.8]
[96,54,"Jogo de chaves soquete PNZ 1032 3/8\"-1.1/4\"","Ud",2,149.9,129.9,150,129,127.67,129.9,259.8]
[97,80,"Guincho girafa de 2 t com prolongador roda de ferro","Ud",1,1739,2066.66,1349.66,2453.52,1999,1999,1999]
[98,107,"Kit de acessorios para compressor de ar (pistola, mangueira, pulverizador, calibrador)","Ud",1,99.9,59.4,89.9,null,null,89.9,89.9]
[99,53,"Lima chata 10\"","Ud",2,14.99,16.66,17.899999999999999,17.649999999999999,17.649999999999999,17.649999999999999,35.299999999999997]
[100,102,"Máquina de solda de 250A - portátil","Ud",1,398.9,349.9,388.9,null,null,388.9,388.9]
[101,103,"Máquina de solda de 425A - trifasica","Ud",1,2911,3299.9,3099.9,null,null,3099.9,3099.9]
[102,43,"Marreta de 2kg","Ud",2,37.909999999999997,29.9,33.22,24.38,30.96,30.96,61.92]
[103,44,"Martelete Sds-Plus 820w 2,7 Kg Gbh 2-24d Perfurador Rompedor Bosch ou similar","Ud",1,422.91,499.9,489,589.9,589.9,499.9,{"$f":"E107*K107","v":499.9}]
[104,46,"Martelo bola 500 g","Ud",2,46.66,38.799999999999997,46.66,39.81,41.99,41.99,83.98]
[105,45,"Martelo pena 500g","Ud",2,35.06,31.9,25.63,74.900000000000006,53.9,35.06,70.12]
[106,81,"Medidor Analisador Digital de Vibrações, intervalo de frequência de 10Hz a 1kHz - medição de acordo com a norma ISO 2954 - sensor de vibração e base magnética. Medição de aceleração, velocidade e deslocamento - rms, valor de pico - sáida RS 232 - display LCD com gráfico de barras (BARGRAPH) - memória interna para até 500 medições.","Ud",1,3999.99,3999.99,3999.99,1990,"-",3999.99,3999.99]
[107,104,"Megôhmetro digital portatil 750 -1000V/ 4000MOhm","Ud",1,744.9,653.22,731,null,null,731,731]
[108,105,"Megôhmetroanalogico portatil 15000V / 4000MOhm","Ud",1,15004.99,13431.99,10309,null,null,13431.99,13431.99]
[109,19,"Micrômetro externo 100 - 125mm","Ud",1,241.99,742.99,119.9,245,969.18,245,245]
[110,18,"Micrômetro externo 75 - 100 mm","Ud",1,"176.9",117,239.99,97.05,205.07,161.04,161.04]
[111,106,"Micrômetro interno 50 - 150mm","Ud",1,716.89,561.22,650.37,1075.93,null,683.63,683.63]
[112,751,"Morsa p/ bancada nº 08","Ud",1,44.1,37.5,49.9,65.900000000000006,62.91,49.9,49.9]
[113,1001,"Morsa p/ bancada nº 02","Ud",1,64.680000000000007,69.900000000000006,48,48,null,56.34,56.34]
[114,78,"Motoesmeril de 1cv - 3.500 RPM","Ud",1,652,628.9,393.9,629,645.9,629,629]
[115,111,"Motosserra portatil 62cc, a gasolina","Ud",1,769.9,809.9,855.44,809.9,null,809.9,809.9]
[116,178,"Multiteste digital, medição de tensão, corrente, resistência, capacitância, frequencia","Ud",2,107.91,19.899999999999999,58.41,252,107.63,107.63,215.26]
[117,77,"Paquímetro universal 0 - 200mm/0,02mm","Ud",1,203.99,65.680000000000007,251.18,69,323.06,203.99,203.99]
[118,50,"Picareta com cabo","Ud",2,53.22,47.9,73.81,53.39,53.22,53.22,106.44]
[119,118,"Pinça bico curvo ( terceira mão)","UD",2,22,13.9,13.9,null,null,13.9,27.8]
[120,119,"Pinça bico reto","UD",2,28.06,13.9,13.9,null,null,13.9,27.8]
[121,120,"Pistola  para solda 220V 100W","UD",2,120,120,109.9,null,null,120,240]
[122,79,"Pulverizador costal 20 l","Ud",1,738.43,609.99,599.99,566.1,669.99,609.99,609.99]
[123,144,{"$f":"'[4]1.1.2.Custo Ferramental'!B169","v":"Punção de centro 5\""},"Ud",2,15.18,16.2,14.76,15.05,14.9,15.05,30.1]
[124,1000,"Prensa Hidráulica 15 Ton.","Ud",1,609.99,725.21,725.21,725.21,null,725.21,725.21]
[125,230,{"$f":"'[4]1.1.2.Custo Ferramental'!B67","v":"Relógio Comparador 0-10/0,01mm"},"Ud",1,189.9,98.9,140.09,109.99,109,109.99,109.99]
[126,755,{"$f":"'[4]1.1.2.Custo Ferramental'!B68","v":"Relógio Termo-Higrômetro (minipa)"},"Ud",1,129.9,144.33000000000001,137.75,135.79,136.96,136.96,136.96]
[127,790,"Saca polia 3 garras com acionamento hidráulico, cap. 20 Ton","Ud",1,1388.04,1471.33,1500.73,1471.3,null,1471.32,1471.32]
[128,133,"Saca polias 3 garras deslizante 120mm","Ud",1,249.99,265.06,229,236.9,236.9,236.9,236.9]
[129,134,"Saca polias 3 garras deslizante 300mm","Ud",1,1035.49,949.9,977.5,901.55,949,949.9,949.9]
[130,150,{"$f":"'[4]1.1.2.Custo Ferramental'!B74","v":"Tacômetro digital sem contato, Faixa: 5 ~ 10.000 RPM"},"Ud",1,1047,423,940.65,519,null,729.83,729.83]
[131,49,{"$f":"'[4]1.1.2.Custo Ferramental'!B199","v":"Talhadeira em aço"},"Ud",2,11.61,12.99,14.43,14.43,14.43,14.43,28.86]
[132,123,"Termômetro Digital Infravermelho com Mira a Laser -50 a 800°C\nMINIPA-MT350A","UD",2,44.19,390.99,67.989999999999995,673.99,99.9,99.9,199.8]
[133,124,"Termovisor com Field of view - FOV 25° x 25° - REF. FLIR E06","UD",1,6999.99,7819.9,12499.99,13328,null,{"$f":"MEDIAN(F137:J137)","v":10159.950000000001},10159.950000000001]
[134,121,"Terrometro digital","UD",2,1121,678.13,743.8,1381.66,2799.99,1121,2242]
[135,47,{"$f":"'[4]1.1.2.Custo Ferramental'!B170","v":"Tesoura de funilaria 10\""},"Ud",2,37.99,69.900000000000006,72.989999999999995,40.9,28.5,40.9,81.8]
[136,110,"Teste de bateria, analogico ou micropocessado, para testes em baterias de 200A","Ud",1,899.9,999.89,999.89,999.89,null,999.89,999.89]
[137,122,"Torquímetro de Estalo, Industrial, com Encaixe de 1/2 Pol. 40 - 200 Nm","UD",2,1609.99,892.75,1372.99,899.99,null,1136.49,2272.98]
[138,48,{"$f":"'[4]1.1.2.Custo Ferramental'!B200","v":"Trena de 10m"},"Ud",2,39.880000000000003,19.989999999999998,16,43.9,24.04,24.04,48.08]
[139,41,{"$f":"'[4]1.1.2.Custo Ferramental'!B171","v":"Trena de 5m"},"Ud",2,7.45,14.95,27.46,13.28,13.07,13.28,26.56]
[140,86,"Vara de Manobra - telescopica ou 5 elementos","Ud",2,1220,680,775,null,null,775,1550]
[141,125,"Soprador Termico 2000w 220v","Ud",2,339,89.49,149.9,309.89999999999998,null,229.9,459.8]
[142,126,"Saca ponteiros para manometro","Ud",2,16,31.49,65,29.9,null,30.7,61.4]
[]
[]
[]
[{"$nulls":10},{"$f":"SUM(F150:J150)/5","v":0},{"$f":"E150*K150","v":0}]
[{"$nulls":10},0,{"$f":"E151*K151","v":0}]
[{"$nulls":10},0]
[{"$nulls":10},0]
[{"$nulls":10},0]

{"sheet":"COTAÇÃO - MAN_BOMBAS","index":32,"n_rows":74,"n_cols":15,"rows_kept":74,"cut":false,"hidden":false,"merged":[[59,1,59,6],[0,1,0,6],[1,1,1,6],[3,1,3,6],[33,1,33,6]]}
[null,"COTAÇÕES DE PREÇO"]
[null,"CUSTO ANUAL DE MANUTENÇÃO DE BOMBAS"]
[]
[null,"1) FORNECIMENTO DE MATERIAL E SERVIÇO DE MANUTENÇÃO DAS BOMBAS 30MNZ-33 DA EB-01 "]
[null,"UNIDADE:","unid.","Quantid.","Custo Unit.","BDI","Custo Total",null,null,"Cotação 1","Cotação 2","Cotação 3","Mediana",null,"Média"]
[]
[null,"1.1) MATERIAIS E PEÇAS",null,null,null,{"$f":"'BDI - FORNECIMENTOS'!$C$31","v":0.109}]
["2.3.2.9.1.1.1","KIT VEDAÇÃO - JUNTAS/ORINGS","CJ",1,{"$f":"M8","v":3466.8},{"$f":"E8*$F$7","v":377.88},{"$f":"E8+F8","v":3844.68},null,null,3466.8,3600,3000,{"$f":"MEDIAN(J8:L8)","v":3466.8}]
["2.3.2.9.1.1.2","KIT FIXAÇÃO - PORCAS/PARAFUSOS/PRISIONEIROS","CJ",1,{"$f":"M9","v":8990},{"$f":"E9*$F$7","v":979.91},{"$f":"E9+F9","v":9969.91},null,null,8990,9240,7700,{"$f":"MEDIAN(J9:L9)","v":8990}]
["2.3.2.9.1.1.3","ROLAMENTO HH826729 - 926710","Pç",1,13480.5,1469.37,14949.87,null,null,13480.5,13624.93,11354.11,13480.5]
["2.3.2.9.1.1.4","ROLAMENTO H82576 - 82931","Pç",1,11955,1303.0999999999999,13258.1,null,null,11955,12083.95,10069.92,11955]
["2.3.2.9.1.1.5","LUVA PROTETORA (AISI 410 BNF)","Pç",1,9880,1076.92,10956.92,null,null,9880,11718,8680.5,9880]
["2.3.2.9.1.1.6","ANEL DE DESGASTE DA CARCAÇA (AISI 410 BNF)","Pç",1,33985.300000000003,3704.4,37689.699999999997,null,null,33985.300000000003,38961,29970,33985.300000000003]
["2.3.2.9.1.1.7","ANEL DE DESGASTE DO ROTOR (AISI 410 BNF)","Pç",1,29620,3228.58,32848.58,null,null,29620,33891.75,26070,29620]
["2.3.2.9.1.1.8","CALÇO DE REGULAGEM (SAE 1045)","CJ",1,1520.5,165.73,1686.23,null,null,1520.5,1724,1361.25,1520.5]
["2.3.2.9.1.1.9","PORCA DO ROTOR (SAE 1045)","Pç",1,5095,555.36,5650.36,null,null,5095,5322.2,4257.75,5095]
["2.3.2.9.1.1.10","EIXO (SAE 1045)","Pç",1,26100,2844.9,28944.9,null,null,26100,30897.75,23767.5,26100]
["2.3.2.9.1.1.11","ROTOR (A743 CA15)","Pç",1,87880,{"$f":"E18*$F$7","v":9578.92},97458.92,null,null,87880,100425.36,81077,87880]
[{"$nulls":5},"SUBTOTAL:",{"$f":"SUM(G8:G18)","v":257258.17}]
[]
[null,"1.2) SERVIÇOS",null,null,null,{"$f":"'BDI - SERVIÇOS'!$C$30","v":0.22500000000000001}]
[null,"DESMONTAGEM","Ud",1,{"$f":"M22","v":7770},{"$f":"E22*$F$21","v":1748.25},{"$f":"E22+F22","v":9518.25},null,null,7770,9112.5,7290,{"$f":"MEDIAN(J22:L22)","v":7770}]
["2.3.2.9.1.2.2","PERITAGEM E EMISSÃO DE RELATÓRIO","Ud",1,{"$f":"M23","v":1985},{"$f":"E23*$F$21","v":446.63},{"$f":"E23+F23","v":2431.63},null,null,1985,8640,1850,{"$f":"MEDIAN(J23:L23)","v":1985}]
["2.3.2.9.1.2.3","JATEAMENTO E LIMPEZA GERAL DOS COMPONENTES","Ud",1,17655,3972.38,21627.38,null,null,17655,21220,16500,17655]
["2.3.2.9.1.2.4","RECUPERAÇÃO DO ROTOR","Ud",1,10079.5,2267.89,12347.39,null,null,10079.5,12012,9420,10079.5]
["2.3.2.9.1.2.5","RECUPERAÇÃO DO EIXO","Ud",1,3930,884.25,4814.25,null,null,3930,4951.5,3667.5,3930]
["2.3.2.9.1.2.6","RECUPERAÇÃO DO MANCAL","Ud",1,12135.6,2730.51,14866.11,null,null,12135.6,13861.5,11089.2,12135.6]
["2.3.2.9.1.2.7","RECUPERAÇÃO DA LUVA PROTETORA","Ud",1,4330,974.25,5304.25,null,null,4330,5224,3870,4330]
["2.3.2.9.1.2.8","MONTAGEM EM CAMPO E STARTUP","Ud",1,23436,5273.1,28709.1,null,null,23436,28080,21600,23436]
["2.3.2.9.1.2.9","ANÁLISE DE VIBRAÇÃO E RELATÓRIO","Ud",1,5200,1170,6370,null,null,5200,6075,4500,5200]
["2.3.2.9.1.2.10","TRANSPORTE RODOVIÁRIO","km",1,{"$f":"M31","v":12600},2835,{"$f":"E31+F31","v":15435},null,null,7400,15750,12600,12600,{"$f":"G31","v":15435},{"$f":"N31/(2238.2)","v":6.9}]
[{"$nulls":5},"SUBTOTAL:",{"$f":"SUM(G22:G31)","v":121423.36}]
[]
[null,"2) FORNECIMENTO DE MATERIAL E SERVIÇO DE MANUTENÇÃO DAS BOMBAS CENTRÍFUGA BK 900-900 IS/036 SULZER DA EB-02"]
[null,"UNIDADE:","unid.","Quantid.","Custo Unit.","BDI","Custo Total",null,null,"Cotação 1","Cotação 2","Cotação 3","Média",null,"Média"]
[]
[null,"2.1) MATERIAIS E PEÇAS",null,null,null,{"$f":"'BDI - FORNECIMENTOS'!$C$31","v":0.109}]
["2.3.2.9.2.1.1","KIT VEDAÇÃO","CJ",1,{"$f":"M38","v":5953},{"$f":"E38*$F$37","v":648.88},{"$f":"E38+F38","v":6601.88},null,null,5953,6153.6,5128,{"$f":"MEDIAN(J38:L38)","v":5953}]
["2.3.2.9.2.1.2","KIT FIXAÇÃO","CJ",1,{"$f":"M39","v":10051.5},{"$f":"E39*$F$37","v":1095.6099999999999},11147.11,null,null,10051.5,10248,8540,{"$f":"MEDIAN(J39:L39)","v":10051.5}]
["2.3.2.9.2.1.3","ANEL DE DESGASTE DA CARCAÇA (AISI 410 BNF)","Pç",1,16159.5,1761.39,17920.89,null,null,16159.5,18525,14250,16159.5]
["2.3.2.9.2.1.4","ANEL DE DESGASTE DO ROTOR (AISI 410 BNF)","Pç",1,14504,1580.94,16084.94,null,null,14504,16062.5,12850,14504]
["2.3.2.9.2.1.5","LUVA PROTETORA (AISI 410 BNF)","Pç",1,9312,1015.01,10327.01,null,null,9312,10312.5,8250,9312]
["2.3.2.9.2.1.6","BUCHA DE MANCAL (DGLYDE)","Pç",1,15681.2,1709.25,17390.45,null,null,15681.2,16698.5,12845,15681.2]
["2.3.2.9.2.1.7","EIXO (AISI 420)","Pç",1,47851.7,5215.84,53067.54,null,null,47851.7,57350.400000000001,44805,47851.7]
["2.3.2.9.2.1.8","ROTOR (A743 CA6NM)","Pç",1,123212.7,13430.18,136642.88,null,null,123212.7,145356.9,113559.5,123212.7]
[{"$nulls":5},"SUBTOTAL:",{"$f":"SUM(G38:G45)","v":269182.7}]
[]
[null,"2.2) SERVIÇOS",null,null,null,{"$f":"'BDI - SERVIÇOS'!$C$30","v":0.22500000000000001}]
[null,"DESMONTAGEM","Ud",1,{"$f":"M49","v":7770},{"$f":"E49*$F$48","v":1748.25},{"$f":"E49+F49","v":9518.25},null,null,7770,9112.5,7290,{"$f":"MEDIAN(J49:L49)","v":7770}]
["2.3.2.9.2.2.2","PERITAGEM E EMISSÃO DE RELATÓRIO","Ud",1,{"$f":"M50","v":1985},{"$f":"E50*$F$48","v":446.63},2431.63,null,null,1985,2405,1850,1985]
["2.3.2.9.2.2.3","JATEAMENTO E LIMPEZA GERAL DOS COMPONENTES","Ud",1,17655,3972.38,21627.38,null,null,17655,21220,16500,17655]
["2.3.2.9.2.2.4","RECUPERAÇÃO DO ROTOR","Ud",1,7410,1667.25,9077.25,null,null,7410,8892,6840,7410]
["2.3.2.9.2.2.5","RECUPERAÇÃO DO EIXO","Ud",1,7930,1784.25,9714.25,null,null,7930,9976.5,7390,7930]
["2.3.2.9.2.2.6","RECUPERAÇÃO DA LUVA PROTETORA","Ud",1,4200,945,5145,null,null,4200,4937,3950,4200]
["2.3.2.9.2.2.7","MONTAGEM EM CAMPO E STARTUP","Ud",1,23436,5273.1,28709.1,null,null,23436,28080,21600,23436]
["2.3.2.9.2.2.8","ANÁLISE DE VIBRAÇÃO E RELATÓRIO","Ud",1,5200,1170,6370,null,null,5200,6075,4500,5200]
["2.3.2.9.2.2.9","TRANSPORTE RODOVIÁRIO","Ud",1,12600,2835,15435,null,null,7400,15750,12600,12600,{"$f":"G57","v":15435},{"$f":"N57/(2238.2)","v":6.9}]
[{"$nulls":5},"SUBTOTAL:",{"$f":"SUM(G49:G57)","v":108027.86}]
[]
[null,"3) FORNECIMENTO DE MATERIAL E SERVIÇO DE MANUTENÇÃO DAS BOMBAS SATURNE 125-500 DA EB-03"]
[null,"UNIDADE:","unid.","Quantid.","Custo Unit.","BDI","Custo Total",null,null,"Cotação 1","Cotação 2","Cotação 3","Média",null,"Média"]
[]
[null,"3.1) MATERIAIS E PEÇAS",null,null,null,{"$f":"'BDI - FORNECIMENTOS'!$C$31","v":0.109}]
["2.3.2.9.3.1.1","BUCHA OCTAVADA (DGLYDE)","Pç",1,{"$f":"M64","v":3512.52},{"$f":"E64*$F$63","v":382.86},{"$f":"E64+F64","v":3895.38},null,null,4400,{"$f":"7025.04/2","v":3512.52},1500,{"$f":"MEDIAN(J64:L64)","v":3512.52}]
["2.3.2.9.3.1.2","EIXO DO BOMBEADOR (SAE 4140)","Pç",1,{"$f":"M65","v":19876},{"$f":"E65*$F$63","v":2166.48},22042.48,null,null,19876,15533,55000,{"$f":"MEDIAN(J65:L65)","v":19876}]
["2.3.2.9.3.1.3","EIXO DO MOTOR (SAE 4140)","Pç",1,{"$f":"M66","v":13700},1493.3,15193.3,null,null,13700,10075,32000,13700]
["2.3.2.9.3.1.4","ACOPLAMENTO BIPARTIDO (SAE 4140)","Pç",1,{"$f":"M67","v":8814.49},960.78,9775.27,null,null,7480,8814.49,16000,8814.49]
["2.3.2.9.3.1.5","CASTANHA BIPARTIDA (SAE 4140)","Pç",1,{"$f":"M68","v":2084.25},227.18,2311.4299999999998,null,null,1750,2084.25,6500,2084.25]
[{"$nulls":5},"SUBTOTAL:",{"$f":"SUM(G64:G68)","v":53217.86}]
[]
[null,"3.2) SERVIÇOS",null,null,null,{"$f":"'BDI - SERVIÇOS'!$C$30","v":0.22500000000000001}]
["2.3.2.9.3.2.1","SUPERVISÃO DE MONTAGEM, ACOMPANHAMENTO AO STARUP E SUBSTITUIÇÃO DAS BUCHAS (CONSIDERANDO 5 DIÁRIAS PARA EXECUÇÃO DO SERVIÇO)","Ud",1,{"$f":"M72","v":17238},{"$f":"E72*$F$71","v":3878.55},{"$f":"E72+F72","v":21116.55},null,null,11500,17238,35000,{"$f":"MEDIAN(J72:L72)","v":17238}]
["2.3.2.9.3.2.2","TRANSPORTE RODOVIÁRIO","Ud",1,{"$f":"M73","v":9600},{"$f":"E73*$F$71","v":2160},11760,null,null,6900,9600,60000,9600,{"$f":"G73","v":11760},{"$f":"N73/(2238.2)","v":5.25}]
[{"$nulls":5},"SUBTOTAL:",{"$f":"SUM(G72:G73)","v":32876.550000000003}]

{"sheet":"COTACAO - PEÇAS E MATERIAIS","index":33,"n_rows":445,"n_cols":12,"rows_kept":445,"cut":false,"hidden":false,"merged":[[422,0,422,11],[374,0,374,11],[399,0,399,11],[0,1,0,11],[229,0,229,11]]}
[]
[null,null,"FORNECIMENTO DE PEÇAS",null,null,"EMPRESA 1","EMPRESA 2","EMPRESA 3","EMPRESA 4","EMPRESA 5","PREÇO MÉDIANA","VALOR TOTAL ACATADO"]
["Item","COD","MATERIAL ELETRICO","QTDE.","UNID.","P.U.(R$)","P.U.(R$)","P.U.(R$)","P.U.(R$)","P.U.(R$)","P.U.(R$)","P.U.(R$)"]
[1,1,"Abraçadeiras de nylon, 4,8X283mm, embalagem com 100 unidades","10","un",15.86,12.06,12.39,12.99,null,{"$f":"MEDIAN(F4:J4)","v":12.69},{"$f":"K4*D4","v":126.9}]
[{"$f":"A4+1","v":2},3,"Adaptador para condulete (box) 1,1/2\"","40","Pç",1.62,2.9,4.0599999999999996,1.91,null,{"$f":"MEDIAN(F5:J5)","v":2.41},96.4]
[3,2,"Adaptador para condulete (box) 1\"","80","Pç",1.62,2.9,4.0599999999999996,1.91,null,2.41,192.8]
[4,4,"Adaptador para condulete (box) 2\"","40","Pç",1.62,2.9,4.0599999999999996,1.91,null,2.41,96.4]
[5,5,"Adaptador para condulete (box) 3/4\"","30","Pç",1.24,1.17,1.9,1.55,null,1.4,42]
[6,6,"Amperimetro bobina móvel, 0-120 Acc, Class de exat. 1,5; Deflex. Do ponteiro 90º; 60mV ref. Kron","3","Pç",159.27000000000001,{"$nulls":4},159.27000000000001,477.81]
[7,350,"Antena de transmissão de sinal de Rádio comunicador – PX Base","3","Pç",299,363.2,345.9,650,null,354.55,1063.6500000000001]
[8,351,"Antena de transmissão de sinal de Rádio comunicador – PX Móvel","3","Pç",139.76,139.1,183,181.29,179.99,179.99,539.97]
[9,7,"Anti ferrugem spray WD-40 / 300ml",6,"un",31.9,31.65,31.65,31.41,null,31.65,{"$f":"D12*K12","v":189.9}]
[10,8,"Arruela galvanizada 1/4\" x 1\" (KIT com 20 peças)","2","un",7.99,7.99,7.99,null,null,{"$f":"MEDIAN(F13:J13)","v":7.99},{"$f":"D13*K13","v":15.98}]
[11,9,"Atuador elétrico para valvula de descarga. Fab.: Bernad. Mod: modelo ASM2 STD","2","un",4490,{"$nulls":4},4490,{"$f":"K14*D14","v":8980}]
[12,10,"Atuador eletrico para valvula de descarga. Fab.: Bernard. Modelo: ASM10 INTEGRAL","2","un",7780,{"$nulls":4},7780,15560]
[13,11,"BANCO CAPACITORES TRIFÁSICO 50kvar/380v BCW50V40 (9x UCW5V40 L10 + 3x UCW1,67V40 L4 DIMENSSIONAL 390 x 265 x 192,5 CÓD:10186095",4,"Ud",2480,{"$nulls":4},2480,9920]
[14,12,"Banco de capacitores fixos trifásico, 7,5kVar, 380V, dielétrico de baixa perda, auto regenerativo, com proteção contra curto-circuito e tempoorizador","4","Ud",269.5,230.56,185.5,null,null,230.56,922.24]
[15,13,"Base DIAZED, completa Fusível de 10A, tipo 5SB231","4","Ud",17.899999999999999,{"$nulls":4},17.899999999999999,71.599999999999994]
[16,14,"Base DIAZED, completa Fusível de 2A, tipo 5SB211",10,"Ud",17.899999999999999,{"$nulls":4},17.899999999999999,179]
[17,15,"Base DIAZED, completa Fusível de 4A, tipo 5SB221","4","Ud",17.899999999999999,{"$nulls":4},17.899999999999999,71.599999999999994]
[18,16,"Base relé fotoelétrico",5,"Ud",16.100000000000001,9.4499999999999993,19.350000000000001,18.71,null,17.41,87.05]
[19,17,"Bateria 12Vcc/40A/h (para nobreak)","2","Ud",539.99,231.35,539.99,166.95,null,385.67,771.34]
[20,18,"Bateria 9V, alcalina",10,"Ud",10.26,16.329999999999998,17.91,11.99,null,14.16,141.6]
[21,24,"Bloco de contatos auxiliares de contatora auxiliar weg, combinações de contatos diversas","10","un",23.75,32,14,null,null,23.75,237.5]
[22,27,"Bobina para contator SIEMENS modelo: 3TF6844-0C, 220vac","2","un",2037.98,{"$nulls":4},2037.98,{"$f":"K25*D25","v":4075.96}]
[23,28,"Bobina para contator SIEMENS modelo: 3TF6944-0C, 220vac","2","un",3470.35,{"$nulls":4},3470.35,6940.7]
[24,29,"Bocal E27 para lâmpada","12","Ud",2.27,4.99,2.99,2.7,null,2.85,34.200000000000003]
[25,30,"Bocal E40 para lâmpada","12","Ud",8.0299999999999994,7.9,null,null,null,7.97,95.64]
[26,31,"Borne unipolar classe de tensão 500V, corrente nominal 25A com 12 pólos, tipo 100-112","4","Ud",4.9000000000000004,6.5,20.9,null,null,6.5,26]
[27,32,"Borne unipolar classe de tensão 750V, corrente nominal 36A tipo 95EE",12,"Ud",13.49,18.899999999999999,10.97,null,null,13.49,161.88]
[28,33,"Botão de comando pulsador, redondo, cor Amarelo, contatos 1NA + 1NF, tipo XB2 – MA51","4","Ud",15.99,8.4,14.9,null,null,14.9,59.6]
[29,34,"Botão de comando pulsador, redondo, cor Preto, contatos 1NA + 1NF, tipo XB2 – MV107","4","Ud",15.99,8.4,14.9,null,null,14.9,59.6]
[30,35,"Botão de comando pulsador, redondo, cor verde, contatos 1NA + 1NF, furação: 30,5mm",5,"un",15.99,8.4,14.9,null,null,14.9,74.5]
[31,36,"Botão de comando pulsador, redondo, cor verde, contatos 1NA + 1NF, tipo XB2 – MA31","6","Ud",15.99,8.4,14.9,null,null,14.9,89.4]
[32,37,"Botão de comando pulsador, redondo, cor vermelha, contatos 1NA + 1NF, tipo XB2 – MA41","4","Ud",15.99,8.4,14.9,null,null,14.9,59.6]
[33,38,"Botão de comando pulsador, redondo, cor vermelho, contatos 1NA + 1NF, furação: 30,5mm",5,"un",15.99,8.4,14.9,null,null,14.9,74.5]
[34,39,"Botão de emergência com trava VM","2","Ud",17.03,14.9,31.9,43.7,null,24.47,48.94]
[35,40,"Botoeira dupla 1NA + 1NF",10,"un",30.97,17.48,25,null,null,25,250]
[36,41,"Botoeira pendente para ponte rolante, com 8 botões de 2 estagios e 1 botão de emergência. Blindada IP54 ou superior","2","un",309.89999999999998,250,314.89999999999998,314.89999999999998,null,312.39999999999998,624.79999999999995]
[37,42,"Broca aço rápido 10,0 mm",6,"Ud",27.08,23.9,21.11,28.5,null,25.49,152.94]
[38,43,"Broca aço rápido 2,0 mm",6,"Ud",0.93,0.93,1.51,null,null,0.93,5.58]
[39,44,"Broca aço rápido 3,0 mm",6,"Ud",1.1299999999999999,2.08,3.15,null,null,2.08,12.48]
[40,45,"Broca aço rápido 5,0 mm",6,"Ud",14.62,1.99,4.2,null,null,4.2,25.2]
[41,46,"Broca aço rápido 6,0 mm",6,"Ud",14.72,15.49,19.89,19.89,null,17.690000000000001,106.14]
[42,47,"Broca aço rápido 8,0 mm",6,"Ud",8.48,9.82,10.49,null,null,9.82,58.92]
[43,48,"Cabo com isolação em PVC, temperatura 70ºC, tipo Sintenax Antiflam, classe de tensão 0,6/1 kV bitola 16 mm²",50,"M",7.03,7.56,7.1,null,null,7.1,{"$f":"K46*D46","v":355}]
[44,49,"Cabo com isolação em PVC, temperatura 70ºC, tipo Sintenax Antiflam, classe de tensão0,6/1 kV bitola 35 mm²",50,"M",18.75,9.5,10.98,null,null,10.98,{"$f":"K47*D47","v":549}]
[45,50,"Cabo condutor de cobre 70ºC isolação em PVC tipo Sintenax Antiflam classe 0,6/1 kV bitola 10 mm²",50,"M",5.43,7.11,4.95,null,null,5.43,{"$f":"K48*D48","v":271.5}]
[46,51,"Cabo de cobre  isolado, diâmetro 1,5 mm2, 750 V/1000 V (100 metros)","2","M",50.66,70.989999999999995,62.46,null,null,62.46,{"$f":"K49*D49","v":124.92}]
[47,52,"Cabo de cobre  isolado, diâmetro 185 mm2, 750 V/1000 V","50","M",95.98,95.98,97.74,null,null,95.98,4799]
[48,53,"Cabo de cobre  isolado, diâmetro 2,5 mm2, 750 V/1000 V",100,"M",62.5,59.99,89.44,null,null,62.5,6250]
[49,54,"Cabo de cobre  isolado, diâmetro 240 mm2, 750 V/1000 V","50","M",139.11000000000001,139.11000000000001,169.9,null,null,139.11000000000001,6955.5]
[50,55,"Cabo de cobre  isolado, diâmetro 95 mm2, 750 V/1000 V",50,"M",38.1,47.84,39.979999999999997,null,null,39.979999999999997,1999]
[51,56,"Cabo de cobre nu têmpera meio-mole bitola 16mm² - Ref.: Ficap","60","M",6.44,7.09,6.63,null,null,6.63,397.8]
[52,57,"Cabo de cobre nu têmpera meio-mole bitola 25mm² - Ref.: Ficap","30","M",10.7,10.53,10.45,null,null,10.53,315.89999999999998]
[53,58,"Cabo de cobre nu têmpera meio-mole bitola 35mm² - Ref.: Ficap","55","M",14.87,14.56,13.99,11.99,null,14.28,785.4]
[{"$f":"A56+1","v":54},59,"Cabo de cobre nu têmpera meio-mole bitola 70mm² - Ref.: Ficap","100","M",30.44,28.66,30.53,29.42,null,{"$f":"MEDIAN(F57:J57)","v":29.93},2993]
[55,62,"Cabo FICOM bitola 10.0mm² com dois condutores - Ref.: Ficap","10","M",2.4300000000000002,2.2999999999999998,2.12,null,null,2.2999999999999998,23]
[56,63,"Cabo FICOM bitola 2.5mm² com dois condutores - Ref.: Ficap","120","M",3.37,{"$nulls":4},3.37,404.4]
[57,64,"Caixa metalica  (Painel de comando), de sobrepor nas dimensões, 800X600X200mm, Com duas travas na porta. Ref. Cemar",2,"Ud",575,529,545,null,null,545,{"$f":"K60*D60","v":1090}]
[58,66,"Campainha cigarra 220vac",2,"Ud",34.72,53.99,53.99,53.99,null,53.99,{"$f":"K61*D61","v":107.98}]
[59,67,"Capacitor Eletrolitico 220µf ±10%; 50/60HZ; 250Vcc","2","un",5.68,11.99,8.7100000000000009,null,null,8.7100000000000009,{"$f":"K62*D62","v":17.420000000000002}]
[60,309,"Chave de Partida Soft Starter WEG SSW07-365A","2","un",6600,6250,6911.08,null,null,6600,{"$f":"D63*K63","v":13200}]
[61,70,"Chave de Partida Soft-Starter WEG BRSSW-07 17A Trifásica",4,"Unid",1650,1449.31,1562.86,null,null,1562.86,{"$f":"K64*D64","v":6251.44}]
[62,71,"Chave de Partida Soft-Starter WEG BRSSW-07 24A Trifásica",2,"Unid",1510,1355,1540,null,null,1510,3020]
[63,72,"Chave de Partida Soft-Starter WEG BRSSW-07 30A Trifásica",2,"Unid",1749.48,1258,1580,null,null,1580,3160]
[64,73,"Chave de Partida Soft-Starter WEG BRSSW-07 45A Trifásica",4,"Unid",1645,1460,1549,null,null,1549,6196]
[65,75,"Chave seccionadora SIEMENS, IEC 947-3  EN60947-3 Ithe 630A, mod.: S32-630/3","3","un",599.99,746.56,328,null,null,599.99,1799.97]
[66,79,"Chave Seletora, 3 posições, AUTO-DESL-MANUAL,  Corrente nominal 16A, Tipo TU4/F-16E",2,"Ud",118.75,17.95,63.25,null,null,63.25,126.5]
[67,80,"Chave seletora, 660V, 20A, Categoria: AC1, Tamanho: S1, fixação frontal, punho G321, Espelho frontal preto - Gravação Local remoto","5","pç",188.47,192.02,199.9,null,null,192.02,960.1]
[68,82,"Cola de silicone para vedação em alta temperatura, cor: cinza, bisnaga de 50g",16,"Ud",13.9,13.9,13.9,null,null,13.9,222.4]
[69,84,"Condulete tipo \"X\", modular de 1,1/2\"","20","Pç",17.190000000000001,22.9,23.87,16.7,null,20.05,401]
[70,83,"Condulete tipo \"X\", modular de 1\"","56","Pç",8.9,7.02,6.98,8.74,null,7.88,441.28]
[71,85,"Condulete tipo \"X\", modular de 2\", com tampa","20","Pç",25.56,24.21,25.84,30.9,null,25.7,514]
[72,86,"Condulete tipo \"X\", modular de 3/4\",","10","Pç",3.78,4.22,3.82,4.22,null,4.0199999999999996,40.200000000000003]
[73,88,"Conector borne, 10-16mm², fixação em trilho DIN - Embalagem com 50 unidades","4","Pç",8.99,9.9,8.11,null,null,8.99,35.96]
[74,96,"Conector prensa cabos diâm. 1.1/2”",8,"Pç",30.71,27.9,31.9,31.8,null,31.26,250.08]
[75,97,"Conector prensa cabos diâm. 2”","8","Pç",49.41,55.9,55.9,55.9,null,55.9,447.2]
[76,98,"Conector prensa cabose diâm. 1, 1/4”",8,"Pç",16.38,17.25,17.25,20.29,null,17.25,138]
[77,99,"Conector prensa cabose diâm. 1”",8,"Pç",7.47,8.9,8.9,8.9,null,8.9,71.2]
[78,107,"Contatora Aux.Combinações de contatos diversas, Bobina 125VCC","12","un",62.35,79.62,69.650000000000006,null,null,69.650000000000006,835.8]
[79,108,"Contatora auxiliar weg, combinações de contatos diversas","20","un",55,49.9,46.8,null,null,49.9,998]
[80,109,"Contatora de potencia, tripolar,800A, 690V, Alim.: 220Vac;","2","un",4920,4461,5200,null,null,4920,9840]
[81,110,"Contatora SIEMENS 630A, 1000V, Alim.: 220Vac; Mod.: 3TF6844-OC","2","un",21783.52,{"$nulls":4},21783.52,43567.040000000001]
[82,111,"Contatora SIEMENS 850A, 1000V, Alim.: 220Vac; Mod.: 3TF6944-OC","2","un",25845,{"$nulls":4},25845,51690]
[83,112,"Desengripante líquido 300g",12,"Ud",12.15,7.69,9.4,null,null,9.4,{"$f":"D86*K86","v":112.8}]
[84,113,"Desengripante spray (micro óleo) 300ml","14",null,12.15,7.69,9.4,null,null,9.4,{"$f":"K87*D87","v":131.6}]
[85,114,"Diodo, Fab.: SEMIKRON, mod.: SKR 130/12","12","Um",84.93,64.91,195,37.590000000000003,null,74.92,899.04]
[86,115,"Disjuntor bipolar DIN 100A - Ref: MERLIN","1","un",64.13,104.4,39.85,null,null,64.13,64.13]
[87,116,"Disjuntor bipolar DIN 10A; mod.: C60A; 400V - Ref: MERLIN","6","un",23.99,11.52,17.09,null,null,17.09,102.54]
[88,117,"Disjuntor bipolar DIN 125A; mod.: NC125H, 10KA; IEC9472 - Ref: MERLIN","1","un",159.96,112.58,167.11,null,null,159.96,159.96]
[89,118,"Disjuntor Bipolar tipo: 5SX1206 - 6, 440vca,  6A, Curva caracteristica: \"B\"","10","un",64.28,88.74,100.36,null,null,88.74,887.4]
[90,119,"Disjuntor Monopolar de 10A, DIN,  ","10","pç",7.49,5.75,7.76,9.4499999999999993,null,7.63,76.3]
[91,120,"Disjuntor Monopolar de 2A, DIN,","4","Ud",22.9,15.83,21.2,null,null,21.2,84.8]
[92,121,"Disjuntor Monopolar de 4A, DIN,","4","Ud",15.83,23.9,19.39,null,null,19.39,77.56]
[93,122,"Disjuntor Monopolar de 6A, DIN,  ","10","pç",15.83,19.21,17.8,null,null,{"$f":"MEDIAN(F96:J96)","v":17.8},178]
[94,125,"Disjuntor Termomagnético tripolar tensão nominal 440V, corrente nominal 16A, capacidade de ruptura 4,5KA em 380V, Tipo 5SK7316","4","Ud",29.48,26,30,null,null,29.48,117.92]
[95,126,"Disjuntor Termomagnético tripolar tensão nominal 440V, corrente nominal 25A, capacidade de ruptura 4,5KA em 380V, Tipo 5SK7325","4","Ud",31.35,39.479999999999997,33.49,31.69,null,32.590000000000003,130.36000000000001]
[96,127,"Disjuntor Termomagnético tripolar tensão nominal 440V, corrente nominal 32A, capacidade de ruptura 4,5KA em 380V, Tipo 5SK7332","4","Ud",33.49,32.700000000000003,33.799999999999997,39.479999999999997,null,33.65,134.6]
[97,128,"Disjuntor Termomagnético tripolar tensão nominal 440V, corrente nominal 6A, capacidade de ruptura 3KA em 380V, Tipo 5SK7306","4","Ud",37.6,34.14,80.09,100.14,null,58.85,235.4]
[98,129,"Disjuntor Termomagnético tripolar tensão nominal 660V, corrente nominal 50A, capacidade de ruptura 12KA em 380V, Tipo 3VT5200","4","Ud",33.49,36.950000000000003,45.25,42.7,null,39.83,159.32]
[99,130,"Disjuntor Termomagnético tripolar tensão nominal 660V, corrente nominal 63A, capacidade de ruptura 12KA em 380V, Tipo 3VT5200","4","Ud",33.49,34.1,49.59,81.510000000000005,null,41.85,167.4]
[100,131,"Disjuntor Termomagnético unipolar tensão nominal 440V, corrente nominal 10A, capacidade de ruptura 4,5KA em 220V",4,"Ud",33.49,25.47,34.1,30.57,null,32.03,128.12]
[101,132,"Disjuntor Termomagnético Unipolar tensão nominal 440V, corrente nominal 16A, Capacidade de ruptura 4,5KA, em 220V","4","Ud",25.7,30.57,34.1,34.14,null,32.340000000000003,129.36000000000001]
[102,133,"Disjuntor Termomagnético Unipolar tensão nominal 440V, corrente nominal 25A, Capacidade de ruptura 4,5KA, em 220V",4,"Ud",34.1,31.69,49.76,33.32,null,33.71,134.84]
[103,134,"Disjuntor tripolar 300A, caixa moldada; SIEMENS- Sentroon series","1","un",580,1136.94,294.5,null,null,580,580]
[104,138,"Disjuntor tripolar SIEMENS tipo CQD, 40A","2","un",39.479999999999997,52.24,null,null,null,45.86,91.72]
[105,139,"Disjuntor tripolar SIEMENS tipo CQD, 70A","2","un",41.05,111.67,62.19,108.14,null,85.17,170.34]
[106,142,"Eletroduto galvanizado, pesado, sem costura dotado de luva em uma das extremidades e protetor de rosca na outra - diametro= 1,1/2\" - Comp.=3m . Ref.: Mannesmann","4","Ud",79.900000000000006,45.02,null,null,null,62.46,249.84]
[107,141,"Eletroduto galvanizado, pesado, sem costura dotado de luva em uma das extremidades e protetor de rosca na outra - diametro= 1\" - Comp.=3m . Ref.: Mannesmann","10","Ud",27,{"$nulls":4},27,270]
[108,143,"Eletroduto metálico flexível com revestimento PVC 25 mm (seal tubo)",10,"M",6.9,7.9,null,null,null,7.4,74]
[109,145,"Elo fusível 10K",6,"Ud",2.33,2,1.95,null,null,2,12]
[110,146,"Elo fusível 2H",6,"Ud",4.2,2.4900000000000002,2.21,null,null,2.4900000000000002,14.94]
[111,147,"Elo fusível 30K",6,"Ud",3.99,2.6,3.99,null,null,3.99,23.94]
[112,148,"Elo fusível 4H",6,"Ud",2.99,2.99,2.25,null,null,2.99,17.940000000000001]
[113,149,"Elo fusível 65K 500mm",6,"Ud",10.199999999999999,10.4,null,null,null,10.3,61.8]
[114,151,"Espaguete termo retrail, diversas cores, 6mm², embalagem com 15 unidade","20","Ud",2.9,3.5,3.5,null,null,3.5,70]
[115,152,"Espuma expansiva spray","12",null,16.489999999999998,12.49,11.49,null,null,12.49,149.88]
[116,153,"Estabilizador de tensão bivolt  (110/220V), potencia: 1000va",2,"Ud",364.99,329,134.49,null,null,329,658]
[117,154,"Estabilizador de tensão bivolt  (110/220V), potencia: 500va",2,"Ud",82,189.9,169.99,null,null,169.99,339.98]
[{"$f":"A120+1","v":118},155,"Fita auto fusão 19 mm x 20 m",60,"Ud",16.899999999999999,5.7,8.99,null,null,8.99,539.4]
[119,156,"Fita isolante 19 mm x 20 m",80,"Ud",14.9,13.99,3.48,null,null,13.99,1119.2]
[120,157,"Fonte de alimentação chaveada 220Vca e saída 24Vcc /3A",2,"Ud",70.47,26.89,37.9,83.96,null,54.19,108.38]
[121,158,"Fonte de alimentação chaveada, entrada 110/220vac. Saida: 12Vcc regulavel, 15A","4","un",38.08,34.18,33.979999999999997,37.89,null,36.04,144.16]
[122,159,"Fonte de alimentação entrada 220Vca, saída 48Vcc,tipo FC, corrente nominal 1A",1,"Ud",52.25,50.03,66.42,null,null,52.25,52.25]
[123,160,"Fonte220Vca/24Vcc-5A, código 2938581",1,"Ud",34.97,35.979999999999997,26.98,249.9,null,35.479999999999997,35.479999999999997]
[124,162,"Fusível de vidro 0,5A 250V rápido","6","Ud",0.15,0.32,0.5,null,null,0.32,1.92]
[125,163,"Fusível de vidro 2A 250V rápido","6","Ud",0.15,0.9,0.32,null,null,0.32,1.92]
[126,164,"Fusivel Diazed 10A 500V retardado","6","Ud",4.9000000000000004,2.89,9.9499999999999993,2.89,null,3.9,23.4]
[127,165,"Fusivel Diazed 2A 500V retardado","6","Ud",4.9000000000000004,9.9499999999999993,2.89,2.89,null,3.9,23.4]
[128,166,"Fusivel Diazed 4A 500V retardado","6","Ud",2.89,9.9499999999999993,7.9,2.89,null,5.4,32.4]
[129,167,"Fusivel Diazed 6A 500V retardado","6","Ud",9.9499999999999993,2.89,4.2699999999999996,6.9,null,5.59,33.54]
[130,168,"Fusível NH00 100A 500V 100KA",16,"Unid",22.29,10.26,10.26,22.9,null,16.28,260.48]
[131,169,"Fusivél NH00 120 A 500V 100KA","2","un",10.26,43.9,30.6,10.26,null,20.43,40.86]
[132,170,"Fusivél NH00 125 A 500V 100KA","2","un",10.26,43.9,10.26,55.61,null,27.08,54.16]
[133,171,"Fusivel NH00 250A 500V RETARDO",6,"Ud",42.9,{"$nulls":4},42.9,257.39999999999998]
[134,172,"Fusível NH00 40A 500V 100KA",12,"Unid",10.26,10.26,30.6,85.9,null,20.43,245.16]
[135,173,"Fusível NH00 50A 500V 100KA",12,"Unid",10.26,10.26,30.6,10.26,null,10.26,123.12]
[136,174,"Fusível NH00 63A 500V 100KA",16,"Unid",22.29,10.26,86.6,30.6,null,26.45,423.2]
[137,175,"Fusivel NH00 80A - gJ/gG ~500V/120kA","6","un",22.29,10.26,10.26,30.6,null,16.28,97.68]
[138,176,"Grelha veneziana para painel, com filtro de ar, para microventilador de 120X120mm",6,"Ud",44.09,{"$nulls":4},44.09,264.54000000000002]
[139,177,"Haste aterramento 5/8 x 2,40 m",2,"Ud",84.9,35.9,39.99,null,null,39.99,79.98]
[140,178,"Haste de aterramento tipo \"copperweld\" diam. 3/4\"X3000mm - Ref.: Burndy","6","Ud",27.9,49.9,null,null,null,38.9,233.4]
[141,179,"Interface local HMI SSW07 08 LCD - WEG",2,"Ud",275,478,null,null,null,376.5,{"$f":"K144*D144","v":753}]
[142,180,"Interruptor duplo, 10A, 250V","6","Ud",8.01,9.6300000000000008,14.43,null,null,9.6300000000000008,57.78]
[143,181,"Interruptor simples, 10A, 250V","6","Ud",5.85,7.04,8.4600000000000009,6.2,null,6.62,39.72]
[144,182,"Jogo de contatos principais para contator SIEMENS modelo: 3TF6844-0C","2","un",12171.88,{"$nulls":4},12171.88,24343.759999999998]
[145,183,"Jogo de contatos principais para contator SIEMENS modelo: 3TF6944-0C","2","un",12619.02,{"$nulls":4},12619.02,25238.04]
[146,244,"Kit de transceptores monocanal para telecomunicação (Unidades Central, assinante e antenas)",1,"UN",4340,4190,4200,null,null,4200,4200]
[147,184,"Lâmpada fluorescente compacta de 15W/220V, base E - 27",12,"Ud",9.99,9.99,9.99,9.99,null,9.99,119.88]
[148,185,"Lâmpada fluorescente compacta de 20W/220V, base E - 27","15","un",8.4,10.54,14.79,13.63,null,12.09,181.35]
[149,186,"Lâmpada fluorescente compacta de 25W/220V, base E - 27",10,"Ud",15.6,14.07,19,14.07,null,14.84,148.4]
[150,187,"Lâmpada fluorescente compacta de 32W/220V, base E - 27","12","Ud",29.99,29.99,29.99,null,null,{"$f":"MEDIAN(F153:J153)","v":29.99},359.88]
[151,188,"Lâmpada fruorescente de 40W, 220V/ tubular","24","Ud",6.99,6.74,6.99,null,null,6.99,167.76]
[152,189,"Lâmpada mista 250W/220V, base E-40","12","Ud",34.700000000000003,40.82,26.03,26.03,null,30.37,364.44]
[153,190,"Lâmpada vapor de mercúrio, 80W - 220 V,  base E - 27",6,"Ud",19.899999999999999,19.899999999999999,null,null,null,19.899999999999999,119.4]
[154,191,"Limpa contato spray 300ml","10",null,17.100000000000001,10,9.9,19,null,13.55,135.5]
[155,192,"Luminárias para lâmpadas compactas E-27","6","Ud",17.899999999999999,23.13,27.37,27.37,null,25.25,151.5]
[156,193,"Luminárias tipo arandela blindada 45°","4","Ud",166.71,166.71,166.71,196.13,null,166.71,666.84]
[157,194,"Mangueira trançada 3/4\", transparente","100","m",7.98,7.98,7.98,null,null,7.98,798]
[158,195,"Medidor de fator de potência; 0,4cap....0....0,4ind; em tp 13800/115V; em tc 75/5A; moldura 96X96mm. Ref. Kron","3","un",839.69,{"$nulls":4},839.69,2519.0700000000002]
[159,196,"Microventilador AXIAL Dimensão (mm): 256 x 265 x 85 220Vac","4","Ud",440,424.46,471.48,null,null,440,1760]
[160,197,"Microventilador/exaustor para painel eletrico, dimensões 120X120X38mm, 220Vac",10,"Unid",29.99,67.19,55.62,null,null,55.62,556.20000000000005]
[161,198,"Módulo de controle digital TBM2A-5 para motores TOSHIBA - 1400 HP - 10 polos - 13,2 KV - E982007 Ref. TBR Tech","2","Ud",28260,{"$nulls":4},28260,56520]
[162,319,"Módulo Interface para Soft Starter DANFOSS, LCP501; C/N: 175G0096","3","pç",250,250,190,null,null,250,750]
[163,199,"Motor bomba trifásico de 2CV / 380V/1780rpm –  (Bomba de drenagem)",1,"Ud",2871.52,4094.78,2371,null,null,2871.52,{"$f":"K166*D166","v":2871.52}]
[164,201,"Multicabo 12 vias, para ligações stereo, santo Angelo, com blindagem em fita de aluminio e fio de cobre, vias numeradas","114","m",17.37,20.9,16,null,null,17.37,{"$f":"K167*D167","v":1980.18}]
[165,203,"Óleo isolante para transformadores, base parafinica tipo B",1500,"Ud",59.51,15.5,65,null,null,59.51,{"$f":"K168*D168","v":89265}]
[166,204,"Organizador de cabo espiral 1/4\"","30","M",3.2,2.9,4.99,null,null,3.2,{"$f":"K169*D169","v":96}]
[167,206,"Papel guarnital 0,40 mm (rolo com 25 metros)","1","M",368,349.6,368,null,null,368,{"$f":"K170*D170","v":368}]
[168,209,"Para-ráios de 12KV, 5KA, tipo distribuição, com neutro aterrado",1,"Ud",129.99,119,139,null,null,129.99,{"$f":"K171*D171","v":129.99}]
[169,210,"Pilha alcalina, 1,5 Volts, tamanho: AA - Embalagem com 4 unidades","12","Ud",12.49,12.49,27.5,12.46,null,12.49,149.88]
[170,211,"Pilha alcalina, 1,5 Volts, tamanho: AAA - Embalagem com 4 unidades","12","Ud",16.899999999999999,16.899999999999999,27.5,12.49,null,16.899999999999999,202.8]
[171,213,"Programador horário digital 220Vac, 1na 1nf.","4","Ud",114,84.5,214.83,null,null,114,{"$f":"K174*D174","v":456}]
[172,214,"Protetor de surto 275V-40KA",2,"Pç",87.02,87.02,87.02,null,null,87.02,174.04]
[173,215,"Quadro de força, para sobrepor (montagem aparente), caixa em chapa de aço nº 18, com flanges superior e inferior desmontáveis, para eletrodutos, em chapa de aço nº 14. Chassi interno, contra-espelho e porta externa em chapa de aço nº 16, fornecido com fechadura tipo ”Yale”, fornecido completo,com barramento de cobre para 200 A, um disjuntor termomagnético monopolar de 15A x 220V, dois disjuntores termomagnéticos tripolares de 20A x 220V, um disjuntor termomagnético tripolar de 25A x 220V,dois disjuntores termomagdisjuntor termomagnético tripolar de 25A x 220V,dois disjuntores termomagnéticos monopolares de 20A x 220V e quatro disjuntores termomagnéticos tripolares de 50A x 220V tipo W e WM. Capacidade de curto: 10 kA",1,"Ud",863,862.8,862.8,862.8,null,862.8,862.8]
[174,216,"Quadro de medidor monofásico padrão CELPE para Cliente Baixa tensão - PDE","2","Ud",41.21,{"$nulls":4},41.21,82.42]
[175,217,"Quadro de medidor trafásico padrão CELPE para Cliente Alta tensão - PDE (caixa F5)","2","Ud",1340,{"$nulls":4},1340,2680]
[176,218,"Quadro de medidor trifásico padrão CELPE para Cliente Baixa tensão - PDE","2","Ud",109,{"$nulls":4},109,218]
[177,219,"Reator para lâmpada vapor de mercúrio, 80W / 220V","6","Ud",55.9,53.79,null,null,null,54.85,329.1]
[178,221,"Refletor Led, 100w, 220VAC, IP66 ou superior","10",null,65.48,72.489999999999995,69,null,null,69,690]
[179,222,"Refletor Led, 150w, 220VAC, IP66 ou superior","10",null,143,139,158.88999999999999,null,null,143,1430]
[180,223,"Refletor Led, 50w, 220VAC, IP66 ou superior",6,"Ud",44.99,44.99,43.49,null,null,44.99,269.94]
[181,224,"Relé de bloqueio: B21X-AC7, 972_EC, função: (86); VN: 660V;IN: 24A, Bobina: 110/125Vcc, Rearme manual. Montagem: Fixação frontal, contatos. auxil: 5NA+5NF.","2","un",1875.55,1930.2,5946,null,null,1930.2,3860.4]
[{"$f":"A184+1","v":182},226,"Rele de proteção termica, Fab.: PEXTRON, Modelo: PCPU 8; Funções: F23/F26/F38/F49, Alim.: 20-270Vca/Vcc","3","un",900,{"$nulls":4},900,2700]
[183,229,"Relé de tempo: RZE4.51; faixa de ajuste: 0,3.....3 segundos; 0,3…. 30salimentação: 125Vcc (+/- 10-20%) retardado na energização; 2 contatos reversiveis 10A.","10","un",137.80000000000001,78.7,136.53,null,null,136.53,1365.3]
[184,231,"Relé fotoelétrico 220VAC 1000W",10,"Ud",21.76,25.27,21.76,17.010000000000002,null,21.76,217.6]
[185,232,"Rele microprocessado digital para proteção de motores, transformadores ou geradores - Imagem RS485 NA 60Hz térmica\n- Funções ANSI: 2/37/46/47(46RV)/(62PP)/49/50/50N/50GS/51/51N/51GS/86\n- 4 entradas lógicas, 2 saídas de sinalização, 4 saídas de Trip, 1 saída auto-check NA, 1 saída relé comando remoto, 1 saída serial traseira RS485. fab Pextron modelo: 6302 (ou similar)","2","Um",5670,{"$nulls":4},5670,11340]
[186,234,"Relé supervisor de tensão, monofasico; 220Vac","4","un",294,252,252,null,null,252,1008]
[187,235,"Relé Supervisor trifásico Min. e Max. Tensão, tensão nominal 110V, 60Hz, ajuste de 90 a 130V, indicação através de led, fixação frontal em painel, contatos 2 reversíveis, tipo RST/ALP","4","Ud",220,334.26,230,155,168,220,880]
[188,236,"Relé Térmico com regulagem 2,5 a 4A, contatos auxiliares 1NA + 1NF, tipo LR1-D09308",2,"Ud",80.84,60.99,60.99,null,null,60.99,121.98]
[189,241,"Resistência de aquecimento com aletas, diversas potências","12","Ud",98,99,148,82,null,98.5,1182]
[190,246,"Sensor de presença 220Vca",2,"Ud",29.92,43.49,43.49,43.49,null,43.49,86.98]
[191,314,"Shunt 120A, 60mV","2","Ud",45.9,35.5,55.9,null,null,45.9,91.8]
[192,247,"Sinaleiro de LED, Amarelo, 130Vcc, furação: 22mm","6","un",24.89,44.13,null,null,null,34.51,{"$f":"K195*D195","v":207.06}]
[193,248,"Sinaleiro de LED, amarelo, 220Vac, Furação: 22mm","18","un",9.69,4.76,7.76,null,null,7.76,139.68]
[194,249,"Sinaleiro de LED, Branco 220VAC, Furação: 22mm",4,"un",4.76,9.69,7.76,null,null,7.76,31.04]
[195,250,"Sinaleiro de LED, Branco, 130Vcc, furação: 22mm","2","un",24.89,44.13,null,null,null,34.51,69.02]
[196,251,"Sinaleiro de LED, Verde, 130Vcc, furação: 22mm","6","un",24.89,44.13,null,null,null,34.51,207.06]
[197,252,"Sinaleiro de LED, verde, 220Vac, Furação: 22mm","18","un",4.76,9.69,7.76,null,null,7.76,139.68]
[198,253,"Sinaleiro de LED, Vermelho, 130Vcc, furação: 22mm","6","un",24.89,44.13,null,null,null,{"$f":"MEDIAN(F201:J201)","v":34.51},207.06]
[199,254,"Sinaleiro de LED, vermelho, 220Vac, Furação: 22mm","22","un",9.69,4.76,7.76,null,null,7.76,170.72]
[200,255,"Sirene para painel, fixação em furo de 22mm, 120Vac","3","un",92.9,89.99,73.989999999999995,null,null,89.99,269.97000000000003]
[201,256,"Terminal comrpessão 25 mm² (embalagem com 50 peças)","2","Ud",93.44,93.44,93.44,null,null,93.44,{"$f":"K204*D204","v":186.88}]
[202,257,"Terminal de compressão para cabo de 150 mm²","30","Ud",12.08,8.58,12.84,null,null,12.08,362.4]
[203,258,"Terminal de compressão para cabo de 16 mm² (embalagem com 10 unidades)",6,"Ud",21,23.88,16.48,null,null,21,126]
[204,259,"Terminal de compressão para cabo de 185 mm² (embalagem com 10 unidades)","6","Ud",139.99,140.38999999999999,138.99,null,null,139.99,839.94]
[205,260,"Terminal de compressão para cabo de 240 mm²","6","Ud",20.9,12.05,21.1,null,null,20.9,125.4]
[206,261,"Terminal de compressão para cabo de 25 mm²",6,"Ud",3.39,3.5,2.7,null,null,3.39,20.34]
[207,262,"Terminal de compressão para cabo de 300 mm²","6","Ud",36.520000000000003,47.42,33.450000000000003,null,null,36.520000000000003,219.12]
[208,263,"Terminal de compressão para cabo de 35 mm²","50","pç",1.97,3.5,2.33,null,null,2.33,116.5]
[209,264,"Terminal de compressão para cabo de 50 mm²",6,"Ud",4.7,5.5,5.5,null,null,5.5,33]
[210,265,"Terminal de compressão para cabo de 95 mm²",6,"Ud",10.99,8.5,8.5,null,null,8.5,51]
[211,266,"Terminal Olhal 1,5 a 2,5mm²","6","Ud",0.2,0.28000000000000003,0.25,null,null,0.25,1.5]
[212,267,"Terminal Olhal 4 a 6 mm² (embalagem com 100 unidades)","3","Ud",40.54,61.9,72.45,null,null,61.9,185.7]
[213,268,"Terminal Pino 2,5 mm²  (embalagem com 100 unidades)","6","Ud",17,17.079999999999998,26.49,null,null,17.079999999999998,102.48]
[214,269,"Terminal TPP pré-isolado pino curto 0,5 - 1,0 mm (embalagem com 100 unidades)",50,"Ud",25,25,27.8,null,null,25,1250]
[215,270,"Terminal TPP pré-isolado pino curto 1,5 - 2,5 mm (embalagem com 100 unidades)",50,"Ud",17,26.4,23,null,null,23,1150]
[216,271,"Termostato capilar - 0-90ºC, 16A/220VCA, 1NA+1NF","2","un",31,34.99,34.99,null,null,34.99,69.98]
[217,272,"Tinta esmalte sintético spray para plasticos e metais, cores diversas, embalagem com 400ml","20","un",21,24.05,23.6,null,null,23.6,{"$f":"K220*D220","v":472}]
[218,273,"Tiristor, SEMIKRON, mod.: SKT 130/12E",8,"un",476.32,{"$nulls":4},476.32,3810.56]
[219,274,"Tomada Industrial Sobrepor 3p+t 16a","6","Ud",35.18,56.9,35.18,51.28,null,43.23,259.38]
[220,275,"Tomada Industrial Sobrepor 3p+t 16a macho","6","Ud",25.41,29.02,37.9,25.41,null,27.22,163.32]
[221,276,"Transformador de corrente tipo janela, 500-5A","9","un",100.99,110,100.99,null,null,100.99,908.91]
[222,277,"Transformador de corrente tipo janela, 800-5A","9","un",120,105,160,null,null,120,1080]
[223,282,"Voltimetro bobina movel, 0-100Vcc, class de exat. 1,5; Deflex. Do ponteiro 90º Ref.: Kron","3","un",159.27000000000001,{"$nulls":4},159.27000000000001,477.81]
[224,283,"Voltimetro digital 15KV, para ligação em TP 13800/115V, moldura: 96X96mm. Ref. KRON",1,"un",285.95,{"$nulls":4},285.95,285.95]
[]
[]
["MATERIAL MECÂNICO"]
[]
[null,null,"FORNECIMENTO DE PEÇAS",null,null,"EMPRESA 1","EMPRESA 2","EMPRESA 3","EMPRESA 4","EMPRESA 5","PREÇO MÉDIANA","VALOR TOTAL ACATADO"]
["Item","COD","DESCRIÇÃO","QTDE.","UNID.","P.U.(R$)","P.U.(R$)","P.U.(R$)","P.U.(R$)","P.U.(R$)","P.U.(R$)","P.U.(R$)"]
[]
[{"$f":"A227+1","v":225},360,"Anti ferrugem spray WD-40 / 300ml",6,"Ud",null,31.25,32.5,30.04,null,{"$f":"MEDIAN(F235:J235)","v":31.25},{"$f":"K235*D235","v":187.5}]
[{"$f":"A235+1","v":226},361,"Arruela galvanizada 1/4\" x 1\" (KIT com 100 peças)","2","Ud",null,7,null,null,null,7,14]
[227,362,"Arruela galvanizada 3/4\" x 4\"",40,"Ud",null,0.78,null,null,null,0.78,31.2]
[228,363,"Arruela galvanizada 3/8\" x 3\"",40,"Ud",null,0.15,null,0.25,null,0.2,8]
[229,364,"Arruela galvanizada 5/16\" x 1/2\"",40,"Ud",null,0.13,null,null,null,0.13,5.2]
[230,365,"Arruela lisa galvanizada 1/2\"",40,"Ud",null,0.23,0.12,0.2,null,0.2,8]
[231,366,"Arruela lisa galvanizada 3/4\"",40,"Ud",null,0.78,0.42,0.5,null,0.5,20]
[232,367,"Arruela lisa galvanizada 5/8\"",40,"Ud",null,0.48,0.23,0.5,null,0.48,19.2]
[233,368,"Arruela lisa galvanizada 7/8\"",40,"Ud",null,0.95,0.57999999999999996,1.1000000000000001,null,0.95,38]
[234,369,"Barra de ferro rosca DN 1/2\"",4,"Ud",null,9.74,null,6.03,null,7.89,31.56]
[235,370,"Barra de ferro rosca DN 3/8\"",4,"Ud",null,null,null,4.1399999999999997,null,4.1399999999999997,16.559999999999999]
[236,374,"Barra roscada de aço galvanizado 1/2\"",4,"M",null,null,9.3000000000000007,9.17,null,9.24,36.96]
[237,375,"Barra roscada de aço galvanizado 3/4\"",4,"M",null,null,23.25,18.559999999999999,null,20.91,83.64]
[238,376,"Barra roscada de aço galvanizado 5/8\"",4,"M",null,null,13.9,13.78,null,13.84,55.36]
[239,378,"Barra roscada DN 5/8\"",4,"Ud",null,null,null,12.23,null,12.23,48.92]
[240,379,"Barra roscada DN 3/4\"",4,"Ud",null,null,null,19.309999999999999,null,19.309999999999999,77.239999999999995]
[241,385,"Broca aço rápido 2,0 mm",6,"Ud",null,5.69,4.46,2.61,null,4.46,26.76]
[242,386,"Broca aço rápido 3,0 mm",6,"Ud",null,2.69,4.33,3.72,null,3.72,22.32]
[243,387,"Broca aço rápido 5,0 mm",6,"Ud",null,4.6100000000000003,5.44,4.9800000000000004,null,4.9800000000000004,29.88]
[244,388,"Broca aço rápido 6,0 mm",6,"Ud",null,6.08,7.16,6.14,null,6.14,36.840000000000003]
[245,389,"Broca aço rápido 8,0 mm",6,"Ud",null,null,11.02,10,null,10.51,63.06]
[246,390,"Broca aço rápido 10,0 mm",6,"Ud",null,null,22.41,19.16,null,20.79,124.74]
[247,391,"Broca aço rápido 12,0 mm",6,"Ud",null,21.94,28.97,29.53,null,28.97,173.82]
[248,392,"Broca aço rápido 16 mm",6,"Ud",null,52.15,131.27000000000001,144.24,null,131.27000000000001,787.62]
[249,393,"Broca de videa 10 mm",6,"Ud",null,8.07,10.93,10.93,null,10.93,65.58]
[250,394,"Broca de videa 6 mm",6,"Ud",null,4.78,4.9800000000000004,8.0500000000000007,null,4.9800000000000004,29.88]
[251,395,"Broca de videa 8 mm",6,"Ud",null,5.6,7.07,5.86,null,5.86,35.159999999999997]
[252,396,"Calços calibrados TMAS 100-005 (SKF)",2,"Jg",null,137.29,null,null,null,137.29,274.58]
[253,397,"Calços calibrados TMAS 125-010 (SKF)",2,"Jg",null,246.69,null,null,null,246.69,493.38]
[254,398,"Calços calibrados TMAS 125-020 (SKF)",2,"Jg",null,248.62,null,null,null,248.62,497.24]
[255,399,"Chumbador 1/2\" c/porca",4,"Ud",null,null,2.34,3.75,null,3.05,12.2]
[256,400,"Chumbador 5/8 X 6\"",4,"Ud",null,null,5.23,14,null,9.6199999999999992,38.479999999999997]
[257,402,"Chumbador de aço 5/8\" X 200mm c/rosca e porca",4,"Kg",null,null,null,6.88,null,6.88,27.52]
[258,404,"Chumbador urx- tecnart 1/2\"",4,"Ud",null,null,5.5,null,null,5.5,22]
[259,405,"Cola trava roscas",4,"Ud",null,8.8800000000000008,10.5,10.46,null,10.46,41.84]
[260,406,"Cordão de Borracha para anel O'RING  5mm",5,"Ud",null,2.4700000000000002,null,null,null,2.4700000000000002,12.35]
[261,407,"Cordão de Borracha para anel O'RING  7mm",5,"Ud",null,3.99,null,null,null,3.99,19.95]
[262,408,"Desengripante líquido 300g",12,"Ud",null,8.9,7.5,10,null,8.9,106.8]
[263,409,"Disco de corte diamantado - 7\", para esmerilhadeira, segmentado, para concreto",6,"Ud",null,null,66.91,59.71,null,63.31,379.86]
[264,410,"Disco de corte para estrutura metálica 300 X 3,2 X 19,05 mm",6,"Ud",null,12.83,30.5,null,null,21.67,130.02000000000001]
[265,411,"Disco de desbaste para estrutura metálica de 9\" x 1/4\" x 7/8\" (225 X 6,25 X 21,87 mm)",6,"Ud",null,11,9.86,16.600000000000001,null,11,66]
[266,412,"Eletrodo AWS E-6013 (OK 46.00; WI 613) D = 4 mm  (Solda elétrica)",1,"Kg",null,25.55,29.3,25.96,null,25.96,25.96]
[267,413,"Eletrodo AWS E-6013 (OK 46.00; WI 613) D = 2,5 mm (Solda elétrica)",1,"Kg",null,35.36,28.09,30.43,null,30.43,30.43]
[268,414,"Eletrodo AWS E-7018 (OK 48.04; WI 718) D = 4 mm (Solda Elétrica) 14,65",1,"Kg",null,34,25.95,33.06,null,33.06,33.06]
[269,421,"Estopa",36,"Kg",null,12.35,9.1199999999999992,9.77,null,9.77,351.72]
[270,422,"Fita veda rosca em rolos 18 mm x 50 m","12","Ud",null,null,7.35,7.81,null,7.58,90.96]
[271,426,"Gaxeta teflonada 1/2\" 12,70mm - Teadit",7,"Kg",null,696.9,null,null,null,{"$f":"MEDIAN(F281:J281)","v":696.9},4878.3]
[272,429,"Haste de interligação, em aço inoxidável AISI 304,  com diâmetro 36 mm x comprimento de 2300 mm, com extremidades com rosca para ligação com luvas de interligação","6","Ud",2980,2972.16,3500,null,null,2980,17880]
[{"$f":"A282+1","v":273},430,"Haste de interligação, em aço carbono SAE 1045, com diâmetro de 36 mm x comprimento de 2300 mm, com extremidades de rosca para ligação com luvas de interligação","6","Ud",1538,1988.32,2600,null,null,1988.32,11929.92]
[274,431,"Junta de papelão grafitada 3 mm","4","Folha",null,1619.9,null,null,null,1619.9,6479.6]
[275,432,"Lâmina de serra",6,"Ud",null,5.98,5.3,null,null,5.64,33.840000000000003]
[276,433,"Lençol de borracha nitrílica peso específico1,32g/cm³",2,"M²",null,null,62.59,81.790000000000006,null,72.19,144.38]
[277,566,"Lençol de borracha 1,6 = 1/16 c/ tela","4","M",null,48.83,null,null,null,48.83,195.32]
[278,567,"Lençol de borracha 2,4/2,0 = 3/32 c/1 tela","4","UD",null,53.2,null,null,null,53.2,212.8]
[279,568,"Lençol de borracha 3,0 = 1/8 c/1 tela","4","UD",null,74.5,null,null,null,74.5,298]
[280,569,"Lençol de borracha 4,0 = 5/32 c/1 tela","4","M",null,99.33,null,null,null,99.33,397.32]
[281,570,"Lençol de borracha 7,9 = 5/16 c/1 tela","4","UD",null,165.73,null,null,null,165.73,662.92]
[282,434,"Manômetro - 0 A 10kgf/cm² D=100mm - conexão 1/2\" bsp, reto, caixa e anel em aço estampado 1020, acabamento em pintura eletrostática em epoxi preto ou equivalente","4","Ud",null,null,null,355.35,null,355.35,1421.4]
[283,436,"Óleo ISO VG46","200","L",null,{"$f":"15.84*2","v":31.68},null,null,null,31.68,6336]
[284,437,"Óleo ISO VG68","600","L",null,29.99,22.5,25.56,null,25.56,15336]
[285,438,"Papel guarnital 0,40 mm (rolo com 25 metros)","1","M",null,15.64,{"$f":"378.1/25","v":15.12},{"$f":"398/25","v":15.92},null,15.64,15.64]
[286,439,"Papel guarnital 1/32\"","6","Folha",null,22.94,41.76,38.04,null,38.04,228.24]
[287,440,"Papelão grafitado, espessura 1/16\"",2,"M²",null,{"$f":"1613.1/25","v":64.52},63.9,{"$f":"1804.85/25","v":72.19},null,64.52,{"$f":"K297*D297","v":129.04}]
[288,441,"Papelão guarnital, espessura 1/8\"",2,"M²",null,null,148.80000000000001,588.23,null,368.52,737.04]
[289,442,"Papelão hidraulico S1212 1,6 mm",2,"M²",null,null,713.59,null,null,713.59,1427.18]
[290,445,"Parafuso allen sem cabeça  6 x 10 mm",50,"Ud",null,null,null,0.13,null,0.13,6.5]
[291,446,"Parafuso allen com cabeça 20 x 70 mm","30","Ud",null,null,null,7.5,null,7.5,225]
[292,447,"Parafuso allen com cabeça 8 x 10 mm",50,"Ud",null,null,null,0.36,null,0.36,18]
[293,448,"Parafuso Allen sem cabeça  6 x 20 mm",50,"Ud",null,null,null,0.18,null,0.18,9]
[294,449,"Parafuso cabeça sextavada 1/4\" x  1\"",50,"Ud",null,null,null,0.15,null,0.15,7.5]
[295,450,"Parafuso cabeça sextavada 12 x 40 mm",50,"Ud",null,null,null,0.67,null,0.67,33.5]
[296,451,"Parafuso cabeça sextavada 14 x 70 mm","30","Ud",null,null,null,1.56,null,1.56,46.8]
[297,452,"Parafuso cabeça sextavada 16 x 40 mm",24,"Ud",null,null,null,1.61,null,1.61,38.64]
[298,453,"Parafuso cabeça sextavada 3/8\" x 3 1/2\"",50,"Ud",null,null,null,0.8,null,0.8,40]
[299,454,"Parafuso cabeça sextavada 3/8\" x 3\"",50,"Ud",null,null,null,0.74,null,0.74,37]
[300,455,"Parafuso cabeça sextavada 5/8\" x 5\"",50,"Ud",null,null,null,3.26,null,3.26,163]
[301,457,"Parafuso cabeça sextavada de aço 3/8\" x 2\"",50,"Ud",null,null,null,0.43,null,0.43,21.5]
[302,458,"Parafuso cabeça sextavada de aço 3/8\" x 5\"",50,"Ud",null,null,null,1.19,null,1.19,59.5]
[303,459,"Parafuso cabeça sextavada galvanizado 5/16\" x 6\"",50,"Ud",null,null,null,0.93,null,0.93,46.5]
[304,460,"Parafuso cabeça sextavada MA 24 x 100 mm","30","Ud",null,null,null,5.18,null,5.18,155.4]
[305,462,"Parafuso cabeça sextavada MA 8.8  6 x 20 mm",50,"Ud",null,null,null,0.11,null,0.11,5.5]
[306,463,"Parafuso cabeça sextavada rosca total 12 x 35 mm",50,"Ud",null,null,null,0.75,null,0.75,37.5]
[307,464,"Parafuso de aço cabeça sextavada 1/2\" x 2 1/2\"",50,"Ud",null,null,null,1.2,null,1.2,60]
[308,469,"Parafuso rosca soberba zincado cab chata fenda simples 3,5 X 25mm (1\")",50,"Ud",null,null,null,0.05,null,0.05,2.5]
[309,471,"Parafuso rosca soberba zincado cab chata fenda simples 4,2 X 30mm",50,"Ud",null,null,null,0.1,null,0.1,5]
[310,472,"Parafuso rosca soberba zincado cab chata fenda simples 4,8 X 40mm (1.1/2\")",50,"Ud",null,null,null,0.13,null,0.13,6.5]
[311,473,"Parafuso rosca soberba zincado cab chata fenda simples 4,8 X 45mm (1.3/4\")",50,"Ud",null,null,null,0.14000000000000001,null,0.14000000000000001,7]
[312,475,"Parafuso rosca soberba zincado cab chata fenda simples 5,5 X 65mm (2.1/2\")",50,"Ud",null,null,null,0.19,null,0.19,9.5]
[313,476,"Parafuso sextavado galvanizado 3/4\" x 4\"","30","Ud",null,null,null,3.98,null,3.98,119.4]
[314,478,"Parafuso sextavado zincado rocsa inteira 1/4\" X 1/2\"",50,"Ud",null,null,null,0.11,null,0.11,5.5]
[315,479,"Parafuso sextavado zincado rosca inteira 3/8\" X 2\"",50,"Ud",null,null,null,0.42,null,0.42,21]
[316,480,"Parafuso sextavado zincado rosca inteira 5/8\" X 2.1/4\"","30","Ud",null,null,null,1.68,null,1.68,50.4]
[317,481,"Parafuso sextavado zincado rosca nteira 1/2\" X 2\"",50,"Ud",null,null,null,0.85,null,0.85,42.5]
[318,483,"Porca sextavada de 3/16\"",50,"Ud",null,{"$f":"2.9/100","v":0.03},{"$f":"3.9/100","v":0.04},{"$f":"3.9/100","v":0.04},null,0.04,2]
[319,484,"Porca zincada quadrada 10mm",50,"Ud",null,{"$f":"18.9/50","v":0.38},null,null,null,0.38,19]
[320,485,"Porca zincada quadrada 16mm",50,"Ud",null,{"$f":"43.9/100","v":0.44},{"$f":"48.9/100","v":0.49},{"$f":"48.9/100","v":0.49},null,0.49,24.5]
[321,486,"Porca zincada sextavada 1/2\"",50,"Ud",null,{"$f":"28.41/100","v":0.28000000000000003},{"$f":"29.9/100","v":0.3},{"$f":"34.35/100","v":0.34},null,0.3,15]
[322,487,"Porca zincada sextavada 24mm",50,"Ud",null,null,null,1.86,null,1.86,93]
[323,488,"Porca zincada sextavada 3/4\"",50,"Ud",null,null,null,0.24,null,0.24,12]
[324,489,"Porca zincada sextavada 3/8\"",50,"Ud",null,null,null,0.1,null,{"$f":"MEDIAN(F334:J334)","v":0.1},5]
[325,490,"Porca zincada sextavada 5/16\"",50,"Ud",null,null,null,7.0000000000000007E-2,null,7.0000000000000007E-2,3.5]
[326,491,"Porca zincada sextavada 5/8\"",50,"Ud",null,null,null,0.49,null,0.49,24.5]
[327,492,"Porca zincada sextavada alta 1/4\"",50,"Ud",null,null,null,0.11,null,0.11,5.5]
[328,493,"Removedor de tinta óleo/esmalte verniz",10,"L",null,null,null,37,null,37,370]
[329,494,"Rolamento 6209 ZC C3","4","Ud",null,39.630000000000003,38.14,40.04,null,39.630000000000003,158.52000000000001]
[330,495,"Rolamento 6309 ZC C3","4","Ud",null,51.85,71.98,49.43,null,51.85,207.4]
[331,496,"Ventilador 160",2,"Ud",null,19.399999999999999,17.5,35,null,19.399999999999999,38.799999999999997]
[332,497,"Bomba Meganorm 40-160",{"$nulls":8},0]
[333,504,"Rolamento 6306 ZC-C3",4,"Ud",null,29.9,26.06,28.9,null,28.9,115.6]
[334,505,"Rolamento 6206","2","Ud",null,47.16,21.96,17.87,null,21.96,43.92]
[335,506,"Rolamento 6205","2","Ud",null,15.9,15.94,11.43,null,15.9,31.8]
[336,507,"Ventilador 100",2,"Ud",null,50,55,39.200000000000003,null,50,100]
[{"$f":"A346+1","v":337},508,"Bomba Megabloc 32-160.1",{"$nulls":8},0]
[338,514,"Rolamento 6206 ZC-C3","2","Ud",null,47.16,21.96,17.87,null,21.96,43.92]
[339,515,"Rolamento 6207 ZC-C3","2","Ud",null,25.94,38.69,28.61,null,28.61,57.22]
[340,516,"Ventilador 112",2,"Ud",null,20,50,52,null,50,100]
[341,517,"Bomba Meganorm 50-160",{"$nulls":8},0]
[342,524,"Rolamento 6306 ZC",4,"Ud",null,29.9,26.06,28.9,null,28.9,115.6]
[343,525,"Bomba Meganorm 25-200",{"$nulls":8},0]
[344,531,"Bomba Meganorm 65-200",{"$nulls":8},0]
[345,538,"Rolamento 6308 ZC-3",2,"Ud",null,39.630000000000003,38.17,41.13,null,39.630000000000003,79.260000000000005]
[346,539,"Bomba ETA 80-40/2",{"$nulls":8},0]
[347,546,"Rolamento 6306",2,"Ud",null,29.9,26.06,28.9,null,28.9,57.8]
[348,549,"Rolamento axial autocompensador de rolos 29444 SKF","2","Ud",null,31077.59,null,null,null,31077.59,62155.18]
[349,550,"Rolamento de esferas de contato angular 7230-BCB","2","Ud",null,4726.6400000000003,null,null,null,4726.6400000000003,9453.2800000000007]
[350,551,"Rolamento de rolos cilíndricos NU 232","2","Ud",null,5884.86,null,null,null,5884.86,11769.72]
[351,555,"Rolamento radial de esferas 6024","2","Ud",null,460.98,372.12,434.02,null,{"$f":"MEDIAN(F361:J361)","v":434.02},{"$f":"K361*D361","v":868.04}]
[352,556,"Rolamento radial de esferas 6332  ","2","Ud",null,4287.6499999999996,null,null,null,4287.6499999999996,8575.2999999999993]
[353,557,"Silicone 280g - acético branca","12","Ud",null,18,21,24.99,null,21,252]
[354,558,"Tinta esmalte sintético alto brilho (Azul arara)",6,"Gl",null,67.92,84.9,89.99,null,84.9,509.4]
[355,559,"Tinta esmalte sintético alto brilho (Cinza)",6,"Gl",null,80.900000000000006,84.9,84.9,null,84.9,509.4]
[356,560,"Tinta esmalte sintético fosco (Amarelo caterpillar)",6,"Gl",null,80.900000000000006,84.9,95.31,null,84.9,509.4]
[357,561,"Tinta esmalte sintético fosco (Preto)",6,"Gl",null,{"$f":"22.02*3.6","v":79.27},{"$f":"26.49*3.6","v":95.36},{"$f":"30*3.6","v":108},null,95.36,572.16]
[358,562,"Tinta esmalte sintético fosco (Verde folha)",6,"Gl",null,188.99,193.99,208.89,null,193.99,1163.94]
[359,563,"Tinta esmalte sintético fosco (Vermelho)",3,"Gl",null,{"$f":"27.62*3.6","v":99.43},{"$f":"29.99*3.6","v":107.96},{"$f":"30*3.6","v":108},null,107.96,323.88]
[360,564,"Vaselina sólida anti-inflamável - 950g",4,"Ud",null,54.8,null,null,null,54.8,219.2]
[361,565,"Wash primer para tinta automotiva",3,"Gl",null,137.99,157.88999999999999,157.88999999999999,null,157.88999999999999,473.67]
[]
[]
[]
["MATERIAL HIDRAULICO"]
[]
[null,null,"FORNECIMENTO DE PEÇAS",null,null,"EMPRESA 1","EMPRESA 2","EMPRESA 3","EMPRESA 4","EMPRESA 5","PREÇO MÉDIANA","VALOR TOTAL ACATADO"]
["Item","COD","DESCRIÇÃO","QTDE.","UNID.","P.U.(R$)","P.U.(R$)","P.U.(R$)","P.U.(R$)","P.U.(R$)","P.U.(R$)","P.U.(R$)"]
[]
[{"$f":"A371+1","v":362},601,"Adesivo plástico extra forte 850 g",2,"Ud",null,75.989999999999995,84.5,90.23,null,{"$f":"MEDIAN(F380:J380)","v":84.5},{"$f":"K380*D380","v":169}]
[{"$f":"A380+1","v":363},603,"Arruela lisa galvanizada 5/8\"x3\"",32,"Ud",null,0.48,0.5,0.5,null,0.5,{"$f":"K381*D381","v":16}]
[{"$f":"A381+1","v":364},606,"Cloro",500,"L",null,4.6100000000000003,6.44,6.44,null,6.44,3220]
[365,612,"Curva PRFV 45° DN 600 mm x DN 600 mm",1,"Ud",null,3220,null,null,null,3220,3220]
[366,613,"Curva PRFV 45° DN 800 mm x DN 800 mm",1,"Ud",null,4850,null,null,null,4850,4850]
[367,614,"Curva PVC longa 90° DN 50 mm",4,"Ud",null,9.1199999999999992,8.59,null,null,8.86,35.44]
[368,620,"Joelho em aço galvanizado 1/2\"",1,"Ud",null,17.899999999999999,null,null,null,17.899999999999999,17.899999999999999]
[369,621,"Lâmina de serra",6,"Ud",null,7.02,5.9,7.02,null,7.02,42.12]
[370,622,"Lixa n° 80",12,"Ud",null,1.57,3.28,3.99,null,3.28,39.36]
[371,631,"Manta de fibra de vidro (pct 500 g)",50,"Pc",null,12.33,12.33,12.33,null,12.33,616.5]
[372,633,"Parafuso sanitário com bucha 10",4,"Ud",null,1,1.59,1.59,null,1.59,6.36]
[373,636,"Pluviômetro em os cristal 130 ml/130 cm³",5,"Ud",null,18,18,18,null,18,90]
[374,640,"Resina de poliéster (adesivo para laminação, lata 900 ml)",20,"Ud",null,29.26,29.26,29.26,null,29.26,585.20000000000005]
[375,641,"Sulfato de alumínio",500,"kg",null,12.25,13.41,13.52,null,13.41,6705]
[376,643,"Tê em aço galvanizado 1/2\"",6,"Ud",null,7.09,null,null,null,7.09,42.54]
[377,653,"Tecido bidirecional de fibra de vidro",50,"M",null,10.9,10.9,null,null,10.9,545]
[378,657,"Tubo PRFV DN 600 mm",12,"M",null,1100,null,null,null,1100,13200]
[379,658,"Tubo PRFV DN 800 mm",12,"M",null,1490,null,null,null,1490,17880]
[380,660,"Válvula ventosa dupla função 3/4\"",4,"Ud",null,23.81,23.81,23.81,null,23.81,95.24]
[]
[" EQUIPAMENTOS DE SEGURANÇA"]
[]
[null,null,"FORNECIMENTO DE PEÇAS",null,null,"EMPRESA 1","EMPRESA 2","EMPRESA 3","EMPRESA 4","EMPRESA 5","PREÇO MÉDIANA","VALOR TOTAL ACATADO"]
["Item","COD","DESCRIÇÃO","QTDE.","UNID.","P.U.(R$)","P.U.(R$)","P.U.(R$)","P.U.(R$)","P.U.(R$)","P.U.(R$)","P.U.(R$)"]
[]
[{"$f":"A398+1","v":381},680,"Aço para construção civil 3/8\".",30,"Kg",null,6.28,4.67,4.95,null,{"$f":"MEDIAN(G405:J405)","v":4.95},{"$f":"K405*D405","v":148.5}]
[{"$f":"A405+1","v":382},681,"Aço para construção civil 5/16\".",20,"Kg",null,7.99,4.91,4.8600000000000003,null,{"$f":"MEDIAN(G406:J406)","v":4.91},98.2]
[383,682,"Arame Recozido nº. 18",5,"Kg",null,9.36,11.19,9.5,null,9.5,47.5]
[384,683,"Cadeado 30 mm.","20","Ud",null,19.11,18.73,23.9,null,19.11,382.2]
[385,684,"Cadeado 40 mm.",20,"Ud",null,26.63,25.21,34.9,null,26.63,532.6]
[386,685,"Eletrodo para Solda Elétrica ø 2,00  - Ref. 48.00",3,"Kg",null,29.61,22.63,26.49,null,26.49,79.47]
[387,686,"Fita de demarcação (48 mm x 30 m)","6","Ud",null,25.87,24.79,25.87,null,25.87,155.22]
[388,687,"Impermeabilizante líquido",20,"litro",null,21.97,21.45,32.630000000000003,null,21.97,439.4]
[389,688,"Lixa para Ferro nº. 150.",20,"Ud",null,3.59,2.68,3.08,null,3.08,61.6]
[390,689,"Lixa para Ferro nº. 80.",20,"Ud",null,2.2799999999999998,3.49,1.98,null,2.2799999999999998,45.6]
[391,690,"Recarga de Extintores de Incéndio de 10 kg - Tipo CO2","20","Ud",null,200,179.99,145,null,179.99,3599.8]
[392,691,"Recarga de Extintores de Incéndio de 12 kg - Tipo Pó Químico","20","Ud",null,90,54.99,60,null,60,1200]
[393,692,"Recarga de Extintores de Incéndio de 6,0 kg - Tipo CO2","10","Ud",null,120,79.989999999999995,85,null,85,850]
[394,693,"Recarga de Extintores de Incéndio de 6,0 kg - Tipo Pó Químico","10","Ud",null,60,44.99,null,null,52.5,525]
[395,694,"Substituição de manômetro do extintor","40","Ud",null,12,10,6,null,10,400]
[396,695,"Teste Hidrostático dos Extintores de Incéndio","40","Ud",null,15,10,15,null,15,600]
[397,696,"Vareta Cobreada para Solda Oxi-acetilênica.","4","Kg",null,19.899999999999999,15.24,23.57,null,19.899999999999999,79.599999999999994]
[]
["MATERIAIS E EQUIPAMENTOS DE PROTEÇÃO INDIVIDUAL E FARDAMENTO"]
[]
[null,null,"FORNECIMENTO DE PEÇAS",null,null,"EMPRESA 1","EMPRESA 2","EMPRESA 3","EMPRESA 4","EMPRESA 5","PREÇO MÉDIANA","VALOR TOTAL ACATADO"]
["Item","COD","DESCRIÇÃO","QTDE.","UNID.","P.U.(R$)","P.U.(R$)","P.U.(R$)","P.U.(R$)","P.U.(R$)","P.U.(R$)","P.U.(R$)"]
[]
[{"$f":"A421+1","v":398},750,"Avental para soldador","2","Ud",null,58,58.37,64.25,null,{"$f":"MEDIAN(F428:J428)","v":58.37},{"$f":"K428*D428","v":116.74}]
[{"$f":"A428+1","v":399},752,"Boné tipo arábe","49","Ud",null,13.25,18.28,20,null,18.28,895.72]
[{"$f":"A429+1","v":400},753,"Botina bidensidade elástico",49,"Par",null,89.9,87.9,84.38,null,87.9,4307.1000000000004]
[401,754,"Bota de couro, vulcanizada","98","Par",null,46.36,45.99,49,null,46.36,4543.28]
[402,755,"Bota PVC cano médio branco com forro","12","Par",null,34.659999999999997,39.53,47.9,null,39.53,474.36]
[403,756,"Calça tipo jeans com logomarca","98","Ud",null,34.99,33.9,35,null,34.99,3429.02]
[404,757,"Camisa","98","Ud",null,49,37.799999999999997,42.9,null,42.9,4204.2]
[405,758,"Capa de chuva","12","Ud",null,15.9,14.5,16.809999999999999,null,15.9,190.8]
[406,759,"Capacete com protetor auditivo tipo abafador de ruído","12","Ud",null,112.1,104.54,134.9,null,112.1,1345.2]
[407,761,"Cinto de segurança para Eletricista","4","Ud",null,230,116.93,197.12,null,197.12,788.48]
[408,762,"Cinto de segurança tipo paraquedista","4","Ud",null,239.9,234.9,202.9,null,234.9,939.6]
[409,763,"E.P.I para aplicação de agrotóxicos",1,"Ud",null,124,112.52,157,null,124,124]
[410,765,"Luva de cobertura em vaqueta","12","Par",null,28,30,26.1,null,28,336]
[411,766,"Luva de Raspa","12","Par",null,11.39,12.4,12,null,12,144]
[412,767,"Macacão para apicultor",1,"Ud",null,222,135,179.9,null,179.9,179.9]
[413,769,"Máscara de poeira",100,"Ud",null,2.08,2.99,2.2000000000000002,null,2.2000000000000002,220]
[414,772,"Óculos de proteção escuro","18","Ud",null,11.09,17.5,16.690000000000001,null,16.690000000000001,300.42]
[415,774,"Manga isolante até 17.000V para eletricista","3","Par",null,1002.3,null,null,null,1002.3,3006.9]

{"sheet":"SINAPI_INSUM","index":34,"n_rows":5382,"n_cols":5,"rows_kept":5382,"cut":false,"hidden":false,"merged":[]}
["        PRECOS DE INSUMOS"]
[""]
["MES DE COLETA: 05/2018"]
["LOCALIDADE: 1250 - RECIFE"]
["ENCARGOS SOCIAIS (%) HORISTA 117,18  MENSALISTA  72,27"]
[""]
["CODIGO  ","DESCRICAO DO INSUMO","UNIDADE","ORIGEM DO PRECO","  PRECO MEDIANO R$"]
[13532,"!EM PROCESSO DE DESATIVACAO!  VEICULO TIPO  MINI FURGAO COM MOTOR ENTRE *1.4 A 1.6* FLEX, 2 PORTAS","UN    ","CR","47.086,85"]
[12075,"!EM PROCESSO DE DESATIVACAO! CAIXA P/ MEDICAO DE DEMANDA E ENERGIA REATIVA EM CHAPA 18 ESTAMPADA , PADRAO DE CONCESSIONARIA LOCAL","UN    ","CR","672,68"]
[13617,"!EM PROCESSO DE DESATIVACAO! CAMINHONETE CABINE SIMPLES COM MOTOR 1.6 FLEX, CAMBIO  MANUAL, POTENCIA 101/104 CV, 2 PORTAS","UN    ","CR","42.970,42"]
[1159,"!EM PROCESSO DE DESATIVACAO! CAMINHONETE COM MOTOR A DIESEL, POTENCIA 180 CV, CABINE DUPLA, 4X4","UN    ","CR","140.902,14"]
[2404,"!EM PROCESSO DE DESATIVACAO! DIVISORIA COLMEIA CEGA COM MONTANTE E RODAPE DE ALUMINIO ANODIZADO SIMPLES (SEM COLOCACAO)","M2    ","C ","69,00"]
[2720,"!EM PROCESSO DE DESATIVACAO! ESCAVADEIRA DRAGA DE ARRASTE, CAP. 3/4 JC 140HP (INCL MANUTENCAO/OPERACAO)","H     ","CR","212,44"]
[2719,"!EM PROCESSO DE DESATIVACAO! ESCAVADEIRA HIDRAULICA SOBRE ESTEIRAS DE 99 HP, PESO OPERACIONAL DE *16* T E CAPACIDADE DE 0,85 A 1,00 M3 (LOCACAO COM OPERADOR, COMBUSTIVEL E MANUTENCAO)","H     ","C ","180,00"]
[13382,"!EM PROCESSO DE DESATIVACAO! LUMINARIA FECHADA P/ ILUMINACAO PUBLICA, TIPO ABL 50/F OU EQUIV, P/ LAMPADA A VAPOR DE MERCURIO 400W","UN    ","AS","181,50"]
[20198,"!EM PROCESSO DE DESATIVACAO! MADEIRA DE 1A. QUALIDADE (MADEIRA BRANCA), SERRADA E NAO APARELHADA, PARA FORMAS DE CONCRETO ARMADO","M3    ","AS","1.287,34"]
[4126,"!EM PROCESSO DE DESATIVACAO! TERMINAL DE PORCELANA (MUFLA) UNIPOLAR, USO EXTERNO, TENSAO 3,6/6 KV, PARA CABO DE 10/16 MM2, COM ISOLAMENTO EPR","UN    ","AS","167,11"]
[10615,"!EM PROCESSO DE DESATIVACAO! VEICULO DE PASSEIO COM MOTOR 1.0 FLEX, POTENCIA 72/85 CV, 5 PORTAS, COR SOLIDA, BASICO","UN    ","C ","39.990,00"]
[13860,"!EM PROCESSO DE DESATIVACAO! VEICULO DE PASSEIO COM MOTOR 1.6 FLEX, POTENCIA 101/104 CV, 4 PORTAS","UN    ","CR","43.295,90"]
[38605,"ABERTURA PARA ENCAIXE DE CUBA OU LAVATORIO EM BANCADA DE MARMORE/ GRANITO OU OUTRO TIPO DE PEDRA NATURAL","UN    ","CR","88,84"]
[11270,"ABRACADEIRA DE LATAO PARA FIXACAO DE CABO PARA-RAIO, DIMENSOES 32 X 24 X 24 MM","UN    ","CR","1,63"]
[412,"ABRACADEIRA DE NYLON PARA AMARRACAO DE CABOS, COMPRIMENTO DE *230* X *7,6* MM","UN    ","CR","1,02"]
[414,"ABRACADEIRA DE NYLON PARA AMARRACAO DE CABOS, COMPRIMENTO DE 100 X 2,5 MM","UN    ","CR","0,06"]
[410,"ABRACADEIRA DE NYLON PARA AMARRACAO DE CABOS, COMPRIMENTO DE 150 X *3,6* MM","UN    ","CR","0,15"]
[411,"ABRACADEIRA DE NYLON PARA AMARRACAO DE CABOS, COMPRIMENTO DE 200 X *4,6* MM","UN    ","C ","0,20"]
[408,"ABRACADEIRA DE NYLON PARA AMARRACAO DE CABOS, COMPRIMENTO DE 390 X *4,6* MM","UN    ","CR","0,99"]
[39131,"ABRACADEIRA EM ACO PARA AMARRACAO DE ELETRODUTOS, TIPO D, COM 1 1/2\" E CUNHA DE FIXACAO","UN    ","CR","2,38"]
[394,"ABRACADEIRA EM ACO PARA AMARRACAO DE ELETRODUTOS, TIPO D, COM 1 1/2\" E PARAFUSO DE FIXACAO","UN    ","CR","2,41"]
[39130,"ABRACADEIRA EM ACO PARA AMARRACAO DE ELETRODUTOS, TIPO D, COM 1 1/4\" E CUNHA DE FIXACAO","UN    ","CR","2,17"]
[395,"ABRACADEIRA EM ACO PARA AMARRACAO DE ELETRODUTOS, TIPO D, COM 1 1/4\" E PARAFUSO DE FIXACAO","UN    ","CR","2,32"]
[39127,"ABRACADEIRA EM ACO PARA AMARRACAO DE ELETRODUTOS, TIPO D, COM 1/2\" E CUNHA DE FIXACAO","UN    ","CR","1,14"]
[392,"ABRACADEIRA EM ACO PARA AMARRACAO DE ELETRODUTOS, TIPO D, COM 1/2\" E PARAFUSO DE FIXACAO","UN    ","CR","1,17"]
[39129,"ABRACADEIRA EM ACO PARA AMARRACAO DE ELETRODUTOS, TIPO D, COM 1\" E CUNHA DE FIXACAO","UN    ","CR","1,34"]
[393,"ABRACADEIRA EM ACO PARA AMARRACAO DE ELETRODUTOS, TIPO D, COM 1\" E PARAFUSO DE FIXACAO","UN    ","C ","1,40"]
[39133,"ABRACADEIRA EM ACO PARA AMARRACAO DE ELETRODUTOS, TIPO D, COM 2 1/2\" E CUNHA DE FIXACAO","UN    ","CR","3,12"]
[397,"ABRACADEIRA EM ACO PARA AMARRACAO DE ELETRODUTOS, TIPO D, COM 2 1/2\" E PARAFUSO DE FIXACAO","UN    ","CR","3,45"]
[39132,"ABRACADEIRA EM ACO PARA AMARRACAO DE ELETRODUTOS, TIPO D, COM 2\" E CUNHA DE FIXACAO","UN    ","CR","2,50"]
[396,"ABRACADEIRA EM ACO PARA AMARRACAO DE ELETRODUTOS, TIPO D, COM 2\" E PARAFUSO DE FIXACAO","UN    ","CR","2,68"]
[39135,"ABRACADEIRA EM ACO PARA AMARRACAO DE ELETRODUTOS, TIPO D, COM 3 1/2\" E CUNHA DE FIXACAO","UN    ","CR","5,00"]
[39128,"ABRACADEIRA EM ACO PARA AMARRACAO DE ELETRODUTOS, TIPO D, COM 3/4\" E CUNHA DE FIXACAO","UN    ","CR","1,25"]
[400,"ABRACADEIRA EM ACO PARA AMARRACAO DE ELETRODUTOS, TIPO D, COM 3/4\" E PARAFUSO DE FIXACAO","UN    ","CR","1,22"]
[39125,"ABRACADEIRA EM ACO PARA AMARRACAO DE ELETRODUTOS, TIPO D, COM 3/8\" E PARAFUSO DE FIXACAO","UN    ","CR","1,25"]
[39134,"ABRACADEIRA EM ACO PARA AMARRACAO DE ELETRODUTOS, TIPO D, COM 3\" E CUNHA DE FIXACAO","UN    ","CR","4,17"]
[398,"ABRACADEIRA EM ACO PARA AMARRACAO DE ELETRODUTOS, TIPO D, COM 3\" E PARAFUSO DE FIXACAO","UN    ","CR","3,84"]
[39126,"ABRACADEIRA EM ACO PARA AMARRACAO DE ELETRODUTOS, TIPO D, COM 4\" E CUNHA DE FIXACAO","UN    ","CR","5,62"]
[399,"ABRACADEIRA EM ACO PARA AMARRACAO DE ELETRODUTOS, TIPO D, COM 4\" E PARAFUSO DE FIXACAO","UN    ","CR","4,95"]
[39158,"ABRACADEIRA EM ACO PARA AMARRACAO DE ELETRODUTOS, TIPO ECONOMICA (GOTA), COM 8\"","UN    ","CR","13,31"]
[39141,"ABRACADEIRA EM ACO PARA AMARRACAO DE ELETRODUTOS, TIPO U SIMPLES, COM 1 1/2\"","UN    ","CR","0,96"]
[39140,"ABRACADEIRA EM ACO PARA AMARRACAO DE ELETRODUTOS, TIPO U SIMPLES, COM 1 1/4\"","UN    ","CR","0,87"]
[39137,"ABRACADEIRA EM ACO PARA AMARRACAO DE ELETRODUTOS, TIPO U SIMPLES, COM 1/2\"","UN    ","CR","0,50"]
[39139,"ABRACADEIRA EM ACO PARA AMARRACAO DE ELETRODUTOS, TIPO U SIMPLES, COM 1\"","UN    ","CR","0,72"]
[39143,"ABRACADEIRA EM ACO PARA AMARRACAO DE ELETRODUTOS, TIPO U SIMPLES, COM 2 1/2\"","UN    ","CR","1,99"]
[39142,"ABRACADEIRA EM ACO PARA AMARRACAO DE ELETRODUTOS, TIPO U SIMPLES, COM 2\"","UN    ","CR","1,42"]
[39138,"ABRACADEIRA EM ACO PARA AMARRACAO DE ELETRODUTOS, TIPO U SIMPLES, COM 3/4\"","UN    ","CR","0,53"]
[39136,"ABRACADEIRA EM ACO PARA AMARRACAO DE ELETRODUTOS, TIPO U SIMPLES, COM 3/8\"","UN    ","CR","0,35"]
[39144,"ABRACADEIRA EM ACO PARA AMARRACAO DE ELETRODUTOS, TIPO U SIMPLES, COM 3\"","UN    ","CR","2,32"]
[39145,"ABRACADEIRA EM ACO PARA AMARRACAO DE ELETRODUTOS, TIPO U SIMPLES, COM 4\"","UN    ","CR","3,82"]
[12615,"ABRACADEIRA PVC, PARA CALHA PLUVIAL, DIAMETRO ENTRE 80 E 100 MM, PARA DRENAGEM PREDIAL","UN    ","AS","3,36"]
[11927,"ABRACADEIRA, GALVANIZADA/ZINCADA, ROSCA SEM FIM, PARAFUSO INOX, LARGURA  FITA *12,6 A *14 MM, D = 2\" A 2 1/2\"","UN    ","CR","4,87"]
[11928,"ABRACADEIRA, GALVANIZADA/ZINCADA, ROSCA SEM FIM, PARAFUSO INOX, LARGURA  FITA *12,6 A *14 MM, D = 3\" A 3 3/4\"","UN    ","CR","5,58"]
[11929,"ABRACADEIRA, GALVANIZADA/ZINCADA, ROSCA SEM FIM, PARAFUSO INOX, LARGURA  FITA *12,6 A *14 MM, D = 4\" A 4 3/4\"","UN    ","CR","8,63"]
[36801,"ACABAMENTO CROMADO PARA REGISTRO PEQUENO, 1/2 \" OU 3/4 \"","UN    ","CR","21,97"]
[36246,"ACABAMENTO SIMPLES/CONVENCIONAL PARA FORRO PVC, TIPO \"U\" OU \"C\", COR BRANCA, COMPRIMENTO 6 M","M     ","CR","2,39"]
[37600,"ACESSORIO DE LIGACAO NAO ELETRICO PARA CARGAS EXPLOSIVAS, TUBO DE 6 M","UN    ","AS","47,99"]
[37599,"ACESSORIO INICIADOR NAO ELETRICO, TUBO DE 6 M, TEMPO DE RETARDO DE *160* MS","UN    ","AS","44,66"]
[1,"ACETILENO (RECARGA PARA CILINDRO DE CONJUNTO OXICORTE GRANDE)","KG    ","AS","38,00"]
[3,"ACIDO MURIATICO, DILUICAO 10% A 12% PARA USO EM LIMPEZA","L     ","CR","4,05"]
[26,"ACO CA-25, 10,0 MM, VERGALHAO","KG    ","CR","4,15"]
[20,"ACO CA-25, 12,5 MM, VERGALHAO","KG    ","C ","4,18"]
[21,"ACO CA-25, 16,0 MM, VERGALHAO","KG    ","CR","4,18"]
[24,"ACO CA-25, 20,0 MM, VERGALHAO","KG    ","CR","4,18"]
[25,"ACO CA-25, 25,0 MM, VERGALHAO","KG    ","CR","4,18"]
[34341,"ACO CA-25, 32,0 MM, VERGALHAO","KG    ","CR","3,93"]
[22,"ACO CA-25, 6,3 MM, VERGALHAO","KG    ","CR","4,47"]
[23,"ACO CA-25, 8,0 MM, VERGALHAO","KG    ","CR","4,43"]
[34439,"ACO CA-50, 10,0 MM, DOBRADO E CORTADO","KG    ","CR","4,62"]
[34,"ACO CA-50, 10,0 MM, VERGALHAO","KG    ","CR","4,11"]
[34441,"ACO CA-50, 12,5 MM, DOBRADO E CORTADO","KG    ","CR","4,38"]
[31,"ACO CA-50, 12,5 MM, VERGALHAO","KG    ","CR","3,91"]
[34443,"ACO CA-50, 16 MM, DOBRADO E CORTADO","KG    ","CR","4,38"]
[27,"ACO CA-50, 16,0 MM, VERGALHAO","KG    ","C ","3,91"]
[34446,"ACO CA-50, 20 MM, DOBRADO E CORTADO","KG    ","CR","4,38"]
[29,"ACO CA-50, 20,0 MM, VERGALHAO","KG    ","CR","3,65"]
[28,"ACO CA-50, 25,0 MM, VERGALHAO","KG    ","CR","4,22"]
[34449,"ACO CA-50, 6,3 MM, DOBRADO E CORTADO","KG    ","CR","4,82"]
[32,"ACO CA-50, 6,3 MM, VERGALHAO","KG    ","CR","4,30"]
[33,"ACO CA-50, 8,0 MM, VERGALHAO","KG    ","CR","4,83"]
[34343,"ACO CA-60, VERGALHAO, 9,5 MM","KG    ","CR","4,64"]
[34452,"ACO CA-60, 4,2 MM, DOBRADO E CORTADO","KG    ","CR","4,27"]
[36,"ACO CA-60, 4,2 MM, VERGALHAO","KG    ","CR","4,07"]
[34456,"ACO CA-60, 5,0 MM, DOBRADO E CORTADO","KG    ","CR","4,27"]
[39,"ACO CA-60, 5,0 MM, VERGALHAO","KG    ","CR","4,07"]
[34457,"ACO CA-60, 6,0 MM, DOBRADO E CORTADO","KG    ","CR","4,58"]
[40,"ACO CA-60, 6,0 MM, VERGALHAO","KG    ","CR","4,16"]
[34460,"ACO CA-60, 7,0 MM, DOBRADO E CORTADO","KG    ","CR","4,68"]
[42,"ACO CA-60, 7,0 MM, VERGALHAO","KG    ","CR","4,23"]
[38,"ACO CA-60, 8,0 MM, VERGALHAO","KG    ","CR","4,71"]
[34344,"ACO-FIO PARA PROTENSAO, CP-150 RB L, 8 MM","KG    ","CR","6,40"]
[20063,"ACOPLAMENTO DE CONDUTOR PLUVIAL, EM PVC, DIAMETRO ENTRE 80 E 100 MM, PARA DRENAGEM PREDIAL","UN    ","AS","3,35"]
[40410,"ACOPLAMENTO RIGIDO EM FERRO FUNDIDO PARA SISTEMA DE TUBULACAO RANHURADA, DN 50 MM (2\")","UN    ","AS","16,17"]
[40411,"ACOPLAMENTO RIGIDO EM FERRO FUNDIDO PARA SISTEMA DE TUBULACAO RANHURADA, DN 65 MM (2 1/2\")","UN    ","AS","17,55"]
[40412,"ACOPLAMENTO RIGIDO EM FERRO FUNDIDO PARA SISTEMA DE TUBULACAO RANHURADA, DN 80 MM (3\")","UN    ","AS","19,69"]
[38838,"ADAPTADOR DE COBRE PARA TUBULACAO PEX, DN 16 X 15 MM","UN    ","AS","6,34"]
[38839,"ADAPTADOR DE COBRE PARA TUBULACAO PEX, DN 20 X 22 MM","UN    ","AS","7,46"]
[55,"ADAPTADOR DE COMPRESSAO EM POLIPROPILENO (PP), PARA TUBO EM PEAD, 20 MM X 1/2\", PARA LIGACAO PREDIAL DE AGUA (NTS 179)","UN    ","AS","3,12"]
[61,"ADAPTADOR DE COMPRESSAO EM POLIPROPILENO (PP), PARA TUBO EM PEAD, 20 MM X 3/4\", PARA LIGACAO PREDIAL DE AGUA (NTS 179)","UN    ","AS","2,95"]
[62,"ADAPTADOR DE COMPRESSAO EM POLIPROPILENO (PP), PARA TUBO EM PEAD, 32 MM X 1\", PARA LIGACAO PREDIAL DE AGUA (NTS 179)","UN    ","AS","6,11"]
[77,"ADAPTADOR PVC PARA SIFAO METALICO, SOLDAVEL, COM ANEL BORRACHA (JE), 40 MM X 1 1/2\"","UN    ","CR","4,41"]
[76,"ADAPTADOR PVC PARA SIFAO, ROSCAVEL, 40 MM X 1 1/4\"","UN    ","CR","0,85"]
[67,"ADAPTADOR PVC ROSCAVEL, COM FLANGES E ANEL DE VEDACAO, 1/2\", PARA CAIXA D' AGUA","UN    ","CR","9,61"]
[71,"ADAPTADOR PVC ROSCAVEL, COM FLANGES E ANEL DE VEDACAO, 1\", PARA CAIXA D' AGUA","UN    ","CR","16,89"]
[73,"ADAPTADOR PVC ROSCAVEL, COM FLANGES E ANEL DE VEDACAO, 3/4\", PARA CAIXA D' AGUA","UN    ","CR","12,15"]
[103,"ADAPTADOR PVC SOLDAVEL CURTO COM BOLSA E ROSCA, 110 MM X 4\", PARA AGUA FRIA","UN    ","CR","42,01"]
[107,"ADAPTADOR PVC SOLDAVEL CURTO COM BOLSA E ROSCA, 20 MM X 1/2\", PARA AGUA FRIA","UN    ","CR","0,80"]
[65,"ADAPTADOR PVC SOLDAVEL CURTO COM BOLSA E ROSCA, 25 MM X 3/4\", PARA AGUA FRIA","UN    ","C ","0,90"]
[108,"ADAPTADOR PVC SOLDAVEL CURTO COM BOLSA E ROSCA, 32 MM X 1\", PARA AGUA FRIA","UN    ","CR","1,77"]
[110,"ADAPTADOR PVC SOLDAVEL CURTO COM BOLSA E ROSCA, 40 MM X 1 1/2\", PARA AGUA FRIA","UN    ","CR","4,21"]
[109,"ADAPTADOR PVC SOLDAVEL CURTO COM BOLSA E ROSCA, 40 MM X 1 1/4\", PARA AGUA FRIA","UN    ","CR","3,21"]
[111,"ADAPTADOR PVC SOLDAVEL CURTO COM BOLSA E ROSCA, 50 MM X 1 1/4\", PARA AGUA FRIA","UN    ","CR","7,30"]
[112,"ADAPTADOR PVC SOLDAVEL CURTO COM BOLSA E ROSCA, 50 MM X1 1/2\", PARA AGUA FRIA","UN    ","CR","3,95"]
[113,"ADAPTADOR PVC SOLDAVEL CURTO COM BOLSA E ROSCA, 60 MM X 2\", PARA AGUA FRIA","UN    ","CR","10,06"]
[104,"ADAPTADOR PVC SOLDAVEL CURTO COM BOLSA E ROSCA, 75 MM X 2 1/2\", PARA AGUA FRIA","UN    ","CR","17,35"]
[102,"ADAPTADOR PVC SOLDAVEL CURTO COM BOLSA E ROSCA, 85 MM X 3\", PARA AGUA FRIA","UN    ","CR","26,07"]
[95,"ADAPTADOR PVC SOLDAVEL, COM FLANGE E ANEL DE VEDACAO, 20 MM X 1/2\", PARA CAIXA D'AGUA","UN    ","CR","11,02"]
[96,"ADAPTADOR PVC SOLDAVEL, COM FLANGE E ANEL DE VEDACAO, 25 MM X 3/4\", PARA CAIXA D'AGUA","UN    ","CR","14,27"]
[97,"ADAPTADOR PVC SOLDAVEL, COM FLANGE E ANEL DE VEDACAO, 32 MM X 1\", PARA CAIXA D'AGUA","UN    ","CR","17,96"]
[98,"ADAPTADOR PVC SOLDAVEL, COM FLANGE E ANEL DE VEDACAO, 40 MM X 1 1/4\", PARA CAIXA D'AGUA","UN    ","CR","29,14"]
[99,"ADAPTADOR PVC SOLDAVEL, COM FLANGE E ANEL DE VEDACAO, 50 MM X 1 1/2\", PARA CAIXA D'AGUA","UN    ","CR","33,61"]
[100,"ADAPTADOR PVC SOLDAVEL, COM FLANGES E ANEL DE VEDACAO, 60 MM X 2\", PARA CAIXA D' AGUA","UN    ","CR","40,86"]
[75,"ADAPTADOR PVC SOLDAVEL, COM FLANGES LIVRES, 110 MM X 4\", PARA CAIXA D' AGUA","UN    ","CR","306,51"]
[114,"ADAPTADOR PVC SOLDAVEL, COM FLANGES LIVRES, 25 MM X 3/4\", PARA CAIXA D' AGUA","UN    ","CR","12,09"]
[68,"ADAPTADOR PVC SOLDAVEL, COM FLANGES LIVRES, 32 MM X 1\", PARA CAIXA D' AGUA","UN    ","CR","16,22"]
[86,"ADAPTADOR PVC SOLDAVEL, COM FLANGES LIVRES, 40 MM X 1  1/4\", PARA CAIXA D' AGUA","UN    ","CR","24,02"]
[66,"ADAPTADOR PVC SOLDAVEL, COM FLANGES LIVRES, 50 MM X 1  1/2\", PARA CAIXA D' AGUA","UN    ","CR","27,55"]
[69,"ADAPTADOR PVC SOLDAVEL, COM FLANGES LIVRES, 60 MM X 2\", PARA CAIXA D' AGUA","UN    ","CR","40,86"]
[83,"ADAPTADOR PVC SOLDAVEL, COM FLANGES LIVRES, 75 MM X 2  1/2\", PARA CAIXA D' AGUA","UN    ","CR","158,99"]
[74,"ADAPTADOR PVC SOLDAVEL, COM FLANGES LIVRES, 85 MM X 3\", PARA CAIXA D' AGUA","UN    ","CR","214,17"]
[106,"ADAPTADOR PVC SOLDAVEL, LONGO, COM FLANGE LIVRE,  110 MM X 4\", PARA CAIXA D' AGUA","UN    ","CR","437,85"]
[87,"ADAPTADOR PVC SOLDAVEL, LONGO, COM FLANGE LIVRE,  25 MM X 3/4\", PARA CAIXA D' AGUA","UN    ","CR","18,12"]
[88,"ADAPTADOR PVC SOLDAVEL, LONGO, COM FLANGE LIVRE,  32 MM X 1\", PARA CAIXA D' AGUA","UN    ","CR","21,80"]
[89,"ADAPTADOR PVC SOLDAVEL, LONGO, COM FLANGE LIVRE,  40 MM X 1 1/4\", PARA CAIXA D' AGUA","UN    ","CR","32,18"]
[90,"ADAPTADOR PVC SOLDAVEL, LONGO, COM FLANGE LIVRE,  50 MM X 1 1/2\", PARA CAIXA D' AGUA","UN    ","CR","36,91"]
[81,"ADAPTADOR PVC SOLDAVEL, LONGO, COM FLANGE LIVRE,  60 MM X 2\", PARA CAIXA D' AGUA","UN    ","CR","54,77"]
[82,"ADAPTADOR PVC SOLDAVEL, LONGO, COM FLANGE LIVRE,  75 MM X 2 1/2\", PARA CAIXA D' AGUA","UN    ","CR","213,12"]
[105,"ADAPTADOR PVC SOLDAVEL, LONGO, COM FLANGE LIVRE,  85 MM X 3\", PARA CAIXA D' AGUA","UN    ","CR","287,07"]
[60,"ADAPTADOR PVC, COM REGISTRO, PARA PEAD, 20 MM X 3/4\", PARA LIGACAO PREDIAL DE AGUA","UN    ","AS","4,05"]
[72,"ADAPTADOR PVC, ROSCAVEL, COM FLANGES E ANEL DE VEDACAO, 1 1/2\", PARA CAIXA D'AGUA","UN    ","CR","28,42"]
[70,"ADAPTADOR PVC, ROSCAVEL, COM FLANGES E ANEL DE VEDACAO, 1 1/4\", PARA CAIXA D' AGUA","UN    ","CR","28,81"]
[85,"ADAPTADOR PVC, ROSCAVEL, COM FLANGES E ANEL DE VEDACAO, 2\", PARA CAIXA D' AGUA","UN    ","CR","41,40"]
[84,"ADAPTADOR PVC, ROSCAVEL, PARA VALVULA PIA OU LAVATORIO, 40 MM","UN    ","CR","1,57"]
[37997,"ADAPTADOR, CPVC, SOLDAVEL, 15 MM, PARA AGUA QUENTE","UN    ","AS","3,79"]
[37998,"ADAPTADOR, CPVC, SOLDAVEL, 22 MM, PARA AGUA QUENTE","UN    ","AS","3,92"]
[10899,"ADAPTADOR, EM LATAO, ENGATE RAPIDO 2 1/2\" X ROSCA INTERNA 5 FIOS 2 1/2\",  PARA INSTALACAO PREDIAL DE COMBATE A INCENDIO","UN    ","CR","69,63"]
[10900,"ADAPTADOR, EM LATAO, ENGATE RAPIDO1 1/2\" X ROSCA INTERNA 5 FIOS 2 1/2\",  PARA INSTALACAO PREDIAL DE COMBATE A INCENDIO","UN    ","CR","54,49"]
[46,"ADAPTADOR, PVC PBA,  BOLSA/ROSCA, JE, DN 75 / DE  85 MM","UN    ","AS","18,38"]
[51,"ADAPTADOR, PVC PBA, A BOLSA DEFOFO, JE, DN 100 / DE 110 MM","UN    ","AS","41,76"]
[12863,"ADAPTADOR, PVC PBA, A BOLSA DEFOFO, JE, DN 50 / DE 60 MM","UN    ","AS","12,02"]
[50,"ADAPTADOR, PVC PBA, A BOLSA DEFOFO, JE, DN 75 / DE  85 MM","UN    ","AS","26,45"]
[47,"ADAPTADOR, PVC PBA, BOLSA/ROSCA, JE, DN 100 / DE 110 MM","UN    ","AS","21,98"]
[48,"ADAPTADOR, PVC PBA, BOLSA/ROSCA, JE, DN 50 / DE 60 MM","UN    ","AS","8,58"]
[52,"ADAPTADOR, PVC PBA, PONTA/ROSCA, JE, DN 50 / DE  60 MM","UN    ","AS","4,28"]
[43,"ADAPTADOR, PVC PBA, PONTA/ROSCA, JE, DN 75 / DE  85 MM","UN    ","AS","11,27"]
[4791,"ADESIVO ACRILICO/COLA DE CONTATO","KG    ","CR","19,70"]
[157,"ADESIVO ESTRUTURAL A BASE DE RESINA EPOXI PARA INJECAO EM TRINCAS, BICOMPONENTE, BAIXA VISCOSIDADE","KG    ","CR","120,89"]
[156,"ADESIVO ESTRUTURAL A BASE DE RESINA EPOXI, BICOMPONENTE, FLUIDO","KG    ","CR","53,96"]
[131,"ADESIVO ESTRUTURAL A BASE DE RESINA EPOXI, BICOMPONENTE, PASTOSO (TIXOTROPICO)","KG    ","CR","51,80"]
[39719,"ADESIVO LIQUIDO A BASE DE RESINAS PARA COLAGEM DE ESPUMA DE ISOLAMENTO TERMICO FLEXIVEL","L     ","CR","58,67"]
[21114,"ADESIVO PARA TUBOS CPVC, *75* G","UN    ","CR","12,57"]
[119,"ADESIVO PLASTICO PARA PVC, BISNAGA COM 75 GR","UN    ","C ","4,96"]
[20080,"ADESIVO PLASTICO PARA PVC, FRASCO COM 175 GR","UN    ","CR","14,22"]
[122,"ADESIVO PLASTICO PARA PVC, FRASCO COM 850 GR","UN    ","CR","44,80"]
[3410,"ADESIVO/COLA PARA EPS (ISOPOR) E OUTROS MATERIAIS","KG    ","AS","23,01"]
[124,"ADITIVO ACELERADOR DE PEGA E ENDURECIMENTO PARA ARGAMASSAS E CONCRETOS","L     ","CR","13,46"]
[7334,"ADITIVO ADESIVO LIQUIDO PARA ARGAMASSAS DE REVESTIMENTOS CIMENTICIOS","L     ","CR","11,92"]
[7325,"ADITIVO IMPERMEABILIZANTE DE PEGA NORMAL PARA ARGAMASSAS E  CONCRETOS SEM ARMACAO","KG    ","CR","6,22"]
[123,"ADITIVO IMPERMEABILIZANTE DE PEGA NORMAL PARA ARGAMASSAS E CONCRETOS SEM ARMACAO","L     ","C ","5,98"]
[127,"ADITIVO IMPERMEABILIZANTE DE PEGA ULTRARRAPIDA","L     ","CR","14,04"]
[133,"ADITIVO LIQUIDO INCORPORADOR DE AR PARA CONCRETO E ARGAMASSA","L     ","CR","6,03"]
[37538,"ADITIVO PLASTIFICANTE E ESTABILIZADOR PARA ARGAMASSAS DE ASSENTAMENTO E REBOCO","18L   ","CR","149,72"]
[132,"ADITIVO PLASTIFICANTE RETARDADOR DE PEGA E REDUTOR DE AGUA PARA CONCRETO","L     ","CR","6,63"]
[13408,"ADITIVO SUPERPLASTIFICANTE DE PEGA NORMAL PARA CONCRETO (TAMBOR 200 KG)","200KG ","CR","2.358,61"]
[37476,"ADUELA/GALERIA DE CONCRETO ARMADO, SECAO RETANGULAR 1.50 X 1.50 M (L X A), C = 1.00 M, E = 20 CM","UN    ","AS","1.266,11"]
[37478,"ADUELA/GALERIA DE CONCRETO ARMADO, SECAO RETANGULAR 2.00 X 2.00 M (L X A), C = 1.00 M, E = 20 CM","UN    ","AS","1.791,21"]
[37477,"ADUELA/GALERIA DE CONCRETO ARMADO, SECAO RETANGULAR 2.50 X 2.50 M (L X A), C = 1.00 M, E = 20 CM","UN    ","AS","2.191,80"]
[37479,"ADUELA/GALERIA DE CONCRETO ARMADO, SECAO RETANGULAR 3.00 X 3.00 M (L X A), C = 1.00 M, E = 20 CM","UN    ","AS","2.740,60"]
[4319,"AFASTADOR PARA TELHA DE FIBROCIMENTO CANALETE 90 OU KALHETAO","UN    ","CR","1,28"]
[40553,"AGREGADO RECICLADO (RCD), CLASSE A, CINZA, TIPO RACHAO RECICLADO","M3    ","AS","36,25"]
[13003,"AGUA SANITARIA","L     ","C ","2,00"]
[6114,"AJUDANTE DE ARMADOR","H     ","CR","10,12"]
[40912,"AJUDANTE DE ARMADOR (MENSALISTA)","MES   ","CR","1.768,67"]
[247,"AJUDANTE DE ELETRICISTA","H     ","CR","10,20"]
[40919,"AJUDANTE DE ELETRICISTA (MENSALISTA)","MES   ","CR","1.783,56"]
[25958,"AJUDANTE DE ESTRUTURAS METALICAS","H     ","CR","18,74"]
[40984,"AJUDANTE DE ESTRUTURAS METALICAS (MENSALISTA)","MES   ","CR","3.272,56"]
[248,"AJUDANTE DE OPERACAO EM GERAL","H     ","CR","10,46"]
[41086,"AJUDANTE DE OPERACAO EM GERAL (MENSALISTA)","MES   ","CR","1.830,16"]
[6127,"AJUDANTE DE PEDREIRO","H     ","CR","10,94"]
[34466,"AJUDANTE DE PINTOR","H     ","CR","10,46"]
[41083,"AJUDANTE DE PINTOR (MENSALISTA)","MES   ","CR","1.830,16"]
[252,"AJUDANTE DE SERRALHEIRO","H     ","CR","10,85"]
[40909,"AJUDANTE DE SERRALHEIRO (MENSALISTA)","MES   ","CR","1.897,07"]
[242,"AJUDANTE ESPECIALIZADO","H     ","CR","18,85"]
[41085,"AJUDANTE ESPECIALIZADO (MENSALISTA)","MES   ","CR","3.290,70"]
[427,"ALCA PREFORMADA DE CONTRA POSTE, EM ACO GALVANIZADO, PARA CABO 3/16\", COMPRIMENTO *860* MM","UN    ","AS","4,66"]
[417,"ALCA PREFORMADA DE DISTRIBUICAO, EM ACO GALVANIZADO, PARA CABO DE ALUMINIO DIAMETRO 16 A 25 MM","UN    ","AS","2,20"]
[11273,"ALCA PREFORMADA DE DISTRIBUICAO, EM ACO GALVANIZADO, PARA CONDUTORES DE ALUMINIO AWG 1/0 (CAA 6/1 OU CA 7 FIOS)","UN    ","AS","6,82"]
[11272,"ALCA PREFORMADA DE DISTRIBUICAO, EM ACO GALVANIZADO, PARA CONDUTORES DE ALUMINIO AWG 2 (CAA 6/1 OU CA 7 FIOS)","UN    ","AS","4,11"]
[11275,"ALCA PREFORMADA DE SERVICO, EM ACO GALVANIZADO, PARA CONDUTORES DE ALUMINIO AWG 4 (CAA 6/1)","UN    ","AS","1,65"]
[11274,"ALCA PREFORMADA DE SERVICO, EM ACO GALVANIZADO, PARA CONDUTORES DE ALUMINIO AWG 6 (CAA 6/1)","UN    ","AS","1,26"]
[38470,"ALICATE DE CORTE DIAGONAL 6 \" COM ISOLAMENTO","UN    ","C ","33,00"]
[38547,"ALICATE DE CRIMPAR RJ11, RJ12 E RJ45","UN    ","CR","90,05"]
[38469,"ALICATE DE PRESSAO PARA SOLDA DE CHAPA 18 \"","UN    ","CR","96,83"]
[38467,"ALICATE DE PRESSAO 11 \" PARA SOLDA, TIPO C","UN    ","CR","54,48"]
[38468,"ALICATE DE PRESSAO 11 \" PARA SOLDA, TIPO U","UN    ","CR","59,95"]
[38471,"ALICATE PARA ANEIS DE PISTAO, CAPACIDADE 50 A 100 MM","UN    ","CR","77,85"]
[37370,"ALIMENTACAO - HORISTA (ENCARGOS COMPLEMENTARES) (COLETADO CAIXA)","H     ","C ","2,26"]
[40862,"ALIMENTACAO - MENSALISTA (ENCARGOS COMPLEMENTARES) (COLETADO CAIXA)","MES   ","C ","413,84"]
[10658,"ALISADORA DE CONCRETO COM MOTOR A GASOLINA DE 5,5 HP, PESO COM MOTOR DE 78 KG, 4 PAS","UN    ","AS","6.900,00"]
[253,"ALMOXARIFE","H     ","C ","14,52"]
[40809,"ALMOXARIFE (MENSALISTA)","MES   ","CR","2.535,46"]
[42457,"ALONGADOR COM TRES ALTURAS, EM TUBO DE ACO CARBONO, PINTURA NO PROCESSO ELETROSTATICO - EQUIPAMENTO DE GINASTICA PARA ACADEMIA AO AR LIVRE / ACADEMIA DA TERCEIRA IDADE - ATI * COLETADO CAIXA*","UN    ","AS","1.585,10"]
[583,"ALUMINIO ANODIZADO","KG    ","AS","21,59"]
[299,"ANEL BORRACHA DN 100 MM, PARA TUBO SERIE REFORCADA ESGOTO PREDIAL","UN    ","AS","1,54"]
[298,"ANEL BORRACHA DN 75 MM, PARA TUBO SERIE REFORCADA ESGOTO PREDIAL","UN    ","AS","1,55"]
[295,"ANEL BORRACHA PARA TUBO ESGOTO PREDIAL DN 40 MM (NBR 5688)","UN    ","AS","0,92"]
[296,"ANEL BORRACHA PARA TUBO ESGOTO PREDIAL DN 50 MM (NBR 5688)","UN    ","AS","0,96"]
[297,"ANEL BORRACHA PARA TUBO ESGOTO PREDIAL DN 75 MM (NBR 5688)","UN    ","AS","1,35"]
[301,"ANEL BORRACHA PARA TUBO ESGOTO PREDIAL, DN 100 MM (NBR 5688)","UN    ","AS","1,70"]
[300,"ANEL BORRACHA, DN 150 MM, PARA TUBO SERIE REFORCADA ESGOTO PREDIAL","UN    ","AS","7,14"]
[20084,"ANEL BORRACHA, DN 40 MM, PARA TUBO SERIE REFORCADA ESGOTO PREDIAL","UN    ","AS","0,92"]
[20085,"ANEL BORRACHA, DN 50 MM, PARA TUBO SERIE REFORCADA ESGOTO PREDIAL","UN    ","AS","0,85"]
[311,"ANEL BORRACHA, PARA TUBO PVC DEFOFO, DN 100 MM (NBR 7665)","UN    ","AS","5,52"]
[318,"ANEL BORRACHA, PARA TUBO PVC DEFOFO, DN 150 MM (NBR 7665)","UN    ","AS","9,68"]
[319,"ANEL BORRACHA, PARA TUBO PVC DEFOFO, DN 200 MM (NBR 7665)","UN    ","AS","18,28"]
[320,"ANEL BORRACHA, PARA TUBO PVC DEFOFO, DN 250 MM (NBR 7665)","UN    ","AS","58,13"]
[314,"ANEL BORRACHA, PARA TUBO PVC DEFOFO, DN 300 MM (NBR 7665)","UN    ","AS","89,29"]
[303,"ANEL BORRACHA, PARA TUBO PVC, REDE COLETOR ESGOTO, DN 100 MM (NBR 7362)","UN    ","AS","2,31"]
[304,"ANEL BORRACHA, PARA TUBO PVC, REDE COLETOR ESGOTO, DN 125 MM (NBR 7362)","UN    ","AS","3,53"]
[305,"ANEL BORRACHA, PARA TUBO PVC, REDE COLETOR ESGOTO, DN 150 MM (NBR 7362)","UN    ","AS","6,04"]
[306,"ANEL BORRACHA, PARA TUBO PVC, REDE COLETOR ESGOTO, DN 200 MM (NBR 7362)","UN    ","AS","7,26"]
[307,"ANEL BORRACHA, PARA TUBO PVC, REDE COLETOR ESGOTO, DN 250 MM (NBR 7362)","UN    ","AS","14,33"]
[309,"ANEL BORRACHA, PARA TUBO PVC, REDE COLETOR ESGOTO, DN 350 MM (NBR 7362)","UN    ","AS","29,38"]
[310,"ANEL BORRACHA, PARA TUBO PVC, REDE COLETOR ESGOTO, DN 400 MM (NBR 7362)","UN    ","AS","37,26"]
[328,"ANEL BORRACHA, PARA TUBO/CONEXAO PVC PBA, DN 100 MM, PARA REDE AGUA","UN    ","AS","4,44"]
[325,"ANEL BORRACHA, PARA TUBO/CONEXAO PVC PBA, DN 50 MM, PARA REDE AGUA","UN    ","AS","1,72"]
[20326,"ANEL BORRACHA, PARA TUBO/CONEXAO PVC PBA, DN 60 MM, PARA REDE AGUA","UN    ","AS","4,61"]
[329,"ANEL BORRACHA, PARA TUBO/CONEXAO PVC PBA, DN 75 MM, PARA REDE AGUA","UN    ","AS","5,68"]
[308,"ANEL BORRACHA, PARA TUBO, PVC REDE COLETOR ESGOTO, DN 300 MM (NBR 7362)","UN    ","AS","19,14"]
[39642,"ANEL DE BORRACHA PARA VEDACAO DE DUTO PEAD CORRUGADO PARA ELETRICA, DN 1 1/2\"","UN    ","AS","1,16"]
[39641,"ANEL DE BORRACHA PARA VEDACAO DE DUTO PEAD CORRUGADO PARA ELETRICA, DN 1 1/4\"","UN    ","AS","0,81"]
[39643,"ANEL DE BORRACHA PARA VEDACAO DE DUTO PEAD CORRUGADO PARA ELETRICA, DN 2\"","UN    ","AS","3,23"]
[39644,"ANEL DE BORRACHA PARA VEDACAO DE DUTO PEAD CORRUGADO PARA ELETRICA, DN 3\"","UN    ","AS","4,17"]
[39645,"ANEL DE BORRACHA PARA VEDACAO DE DUTO PEAD CORRUGADO PARA ELETRICA, DN 4\"","UN    ","AS","5,38"]
[12548,"ANEL DE CONCRETO ARMADO, D = *1,10* M, H = 0,30 M","UN    ","AS","63,32"]
[13113,"ANEL DE CONCRETO ARMADO, D = 0,60 M, H = 0,10 M","UN    ","AS","25,95"]
[13114,"ANEL DE CONCRETO ARMADO, D = 0,60 M, H = 0,15 M","UN    ","AS","31,59"]
[12530,"ANEL DE CONCRETO ARMADO, D = 0,60 M, H = 0,30 M","UN    ","AS","38,49"]
[12531,"ANEL DE CONCRETO ARMADO, D = 0,60 M, H = 0,40 M","UN    ","AS","43,06"]
[12532,"ANEL DE CONCRETO ARMADO, D = 0,60 M, H = 0,50 M","UN    ","AS","52,66"]
[12533,"ANEL DE CONCRETO ARMADO, D = 0,80 M, H = 0,30 M","UN    ","AS","62,81"]
[12544,"ANEL DE CONCRETO ARMADO, D = 0,80 M, H = 0,50 M","UN    ","AS","76,73"]
[12546,"ANEL DE CONCRETO ARMADO, D = 1,00 M, H = 0,40 M","UN    ","AS","79,43"]
[12547,"ANEL DE CONCRETO ARMADO, D = 1,00 M, H = 0,50 M","UN    ","AS","92,37"]
[12551,"ANEL DE CONCRETO ARMADO, D = 1,20 M, H = 0,50 M","UN    ","AS","100,58"]
[12563,"ANEL DE CONCRETO ARMADO, D = 1,50 M, H = 0,50 M","UN    ","AS","157,98"]
[12565,"ANEL DE CONCRETO ARMADO, D = 2,00 M, H = 0,50 M","UN    ","AS","248,60"]
[12567,"ANEL DE CONCRETO ARMADO, D = 2,50 M, H = 0,50 M","UN    ","AS","323,48"]
[12568,"ANEL DE CONCRETO ARMADO, D = 3,00 M, H = 0,50 M","UN    ","AS","534,12"]
[11789,"ANEL DE DISTRIBUICAO EM ACO GALVANIZADO PARA FIO FE-160","UN    ","AS","0,62"]
[20975,"ANEL DE EXPANSAO EM COBRE, ENGATE RAPIDO 1 1/2\", PARA EMPATACAO MANGUEIRA DE COMBATE A INCENDIO PREDIAL","UN    ","CR","10,92"]
[20976,"ANEL DE EXPANSAO EM COBRE, ENGATE RAPIDO 2 1/2\", PARA EMPATACAO MANGUEIRA DE COMBATE A INCENDIO PREDIAL","UN    ","CR","16,50"]
[40340,"ANEL DE VEDACAO/JUNTA ELASTICA, H = *16* MM, PARA TUBO DE CONCRETO DN 300 MM","UN    ","AS","45,02"]
[40341,"ANEL DE VEDACAO/JUNTA ELASTICA, H = *16* MM, PARA TUBO DE CONCRETO DN 400 MM","UN    ","AS","53,30"]
[40342,"ANEL DE VEDACAO/JUNTA ELASTICA, H = *16* MM, PARA TUBO DE CONCRETO DN 500 MM","UN    ","AS","67,58"]
[40343,"ANEL DE VEDACAO/JUNTA ELASTICA, H = *16* MM, PARA TUBO DE CONCRETO DN 600 MM","UN    ","AS","82,91"]
[40344,"ANEL DE VEDACAO/JUNTA ELASTICA, H = *18* MM, PARA TUBO DE CONCRETO DN 700 MM","UN    ","AS","87,66"]
[40345,"ANEL DE VEDACAO/JUNTA ELASTICA, H = *19* MM, PARA TUBO DE CONCRETO DN 800 MM","UN    ","AS","109,45"]
[40346,"ANEL DE VEDACAO/JUNTA ELASTICA, H = *19* MM, PARA TUBO DE CONCRETO DN 900 MM","UN    ","AS","102,96"]
[40347,"ANEL DE VEDACAO/JUNTA ELASTICA, H = *21* MM, PARA TUBO DE CONCRETO DN 1000 MM","UN    ","AS","127,30"]
[38840,"ANEL DESLIZANTE / TRADICIONAL, METALICO, PARA TUBO PEX, DN 16 MM","UN    ","AS","1,77"]
[38841,"ANEL DESLIZANTE / TRADICIONAL, METALICO, PARA TUBO PEX, DN 20 MM","UN    ","AS","1,97"]
[38842,"ANEL DESLIZANTE / TRADICIONAL, METALICO, PARA TUBO PEX, DN 25 MM","UN    ","AS","3,89"]
[38843,"ANEL DESLIZANTE / TRADICIONAL, METALICO, PARA TUBO PEX, DN 32 MM","UN    ","AS","6,08"]
[13761,"APARELHO CORTE OXI-ACETILENO PARA SOLDA E CORTE CONTENDO MACARICO SOLDA, BICO DE CORTE, CILINDROS, REGULADORES, MANGUEIRAS E CARRINHO","UN    ","C ","2.800,00"]
[12888,"APARELHO DE APOIO DE NEOPRENE FRETADO, 60 X 45 X 7,6 CM, COM FRETAGEM DE ACO DE 4 MM INTERCALADAS COM ELASTOMERO DE 11 MM E REVESTIMENTO FINAL COM ELASTOMERO DE 6 MM","DM3   ","AS","100,24"]
[12889,"APARELHO DE APOIO DE NEOPRENE SIMPLES/ NAO FRETADO, 100 X 100 CM, ESPESSURA 6,3 MM","DM3   ","AS","65,46"]
[4814,"APARELHO SINALIZADOR LUMINOSO COM LED, PARA SAIDA GARAGEM, COM 2 LENTES EM POLICARBONATO, BIVOLT (INCLUI SUPORTE DE FIXACAO)","UN    ","AS","116,51"]
[25967,"APOIO DO PORTA DENTE PARA FRESADORA DE ASFALTO","UN    ","AS","1.131,73"]
[6122,"APONTADOR OU APROPRIADOR","H     ","CR","14,52"]
[40810,"APONTADOR OU APROPRIADOR DE MAO DE OBRA (MENSALISTA)","MES   ","CR","2.535,46"]
[21100,"AQUECEDOR DE AGUA A GAS GLP/GN COM CAPACIDADE DE ARMAZENAMENTO DE 50 A 80 L","UN    ","AS","2.579,03"]
[11816,"AQUECEDOR DE AGUA ELETRICO  RESERVATORIO DE 100 L CILINDRICO EM COBRE, REFORCADO COM ACO CARBONO, MONOFASICO, TENSAO NOMINAL 220 V","UN    ","AS","2.750,00"]
[11814,"AQUECEDOR DE AGUA ELETRICO  RESERVATORIO DE 500 L CILINDRICO EM COBRE, REFORCADO COM ACO CARBONO, MONOFASICO, TENSAO NOMINAL 220 V","UN    ","AS","5.986,06"]
[14186,"AQUECEDOR DE AGUA ELETRICO  RESERVATORIO DE 500 L CILINDRICO EM COBRE, REFORCADO COM ACO CARBONO, TRIFASICO, TENSAO NOMINAL 220/380/400 V, POTENCIA 24 KW","UN    ","AS","7.516,30"]
[14185,"AQUECEDOR DE AGUA ELETRICO  RESERVATORIO DE 700 L CILINDRICO EM COBRE, REFORCADO COM ACO CARBONO, MONOFASICO, TENSAO NOMINAL 220 V","UN    ","AS","9.736,54"]
[11811,"AQUECEDOR DE AGUA ELETRICO HORIZONTAL, RESERVATORIO DE 200 L CILINDRICO EM COBRE, REFORCADO COM ACO CARBONO, MONOFASICO, TENSAO NOMINAL 220 V","UN    ","AS","3.722,88"]
[26038,"AQUECEDOR DE OLEO BPF (FLUIDO) TERMICO, CAPACIDADE DE 300.000 KCAL/H","UN    ","AS","178.304,23"]
[34482,"AQUECEDOR SOLAR  CAPACIDADE DO RESERVATORIO 800 L, INCLUI 8 PLACAS COLETORAS DE 1,42 M2","UN    ","AS","4.937,75"]
[34469,"AQUECEDOR SOLAR CAPACIDADE DO RESERVATORIO 1000 L, INCLUI 10 PLACAS COLETORAS DE 1,42 M2","UN    ","AS","7.638,09"]
[34472,"AQUECEDOR SOLAR CAPACIDADE DO RESERVATORIO 200 L, INCLUI 2 PLACAS COLETORAS DE 1,42 M2","UN    ","AS","2.350,00"]
[34476,"AQUECEDOR SOLAR CAPACIDADE DO RESERVATORIO 400L, INCLUI 4 PLACAS COLETORAS DE 1,42 M2","UN    ","AS","3.983,58"]
[34477,"AQUECEDOR SOLAR CAPACIDADE DO RESERVATORIO 600 L, INCLUI 6 PLACAS COLETORAS DE 1,42 M2","UN    ","AS","5.286,98"]
[39847,"AR-CONDICIONADO FRIO SPLIT HI-WALL (PAREDE) 12000 BTU/H","UN    ","CR","1.416,18"]
[39844,"AR-CONDICIONADO FRIO SPLIT HI-WALL (PAREDE) 18000 BTU/H","UN    ","C ","2.090,00"]
[39845,"AR-CONDICIONADO FRIO SPLIT HI-WALL (PAREDE) 7000 BTU/H","UN    ","CR","1.209,66"]
[39846,"AR-CONDICIONADO FRIO SPLIT HI-WALL (PAREDE) 9000 BTU/H","UN    ","CR","1.276,94"]
[39838,"AR-CONDICIONADO FRIO SPLIT PISO-TETO 18000 BTU/H","UN    ","CR","3.539,26"]
[39839,"AR-CONDICIONADO FRIO SPLIT PISO-TETO 24000 BTU/H","UN    ","CR","3.697,73"]
[39840,"AR-CONDICIONADO FRIO SPLIT PISO-TETO 30000 BTU/H","UN    ","CR","4.712,23"]
[39841,"AR-CONDICIONADO FRIO SPLIT PISO-TETO 36000 BTU/H","UN    ","CR","5.010,61"]
[39842,"AR-CONDICIONADO FRIO SPLIT PISO-TETO 48000 BTU/H","UN    ","CR","6.365,35"]
[39843,"AR-CONDICIONADO FRIO SPLIT PISO-TETO 60000 BTU/H","UN    ","CR","7.026,63"]
[39580,"AR-CONDICIONADO FRIO SPLITAO INVERTER 30 TR","UN    ","CR","60.755,85"]
[39577,"AR-CONDICIONADO FRIO SPLITAO MODULAR 10 TR","UN    ","CR","26.148,00"]
[39578,"AR-CONDICIONADO FRIO SPLITAO MODULAR 15 TR","UN    ","CR","31.615,56"]
[39579,"AR-CONDICIONADO FRIO SPLITAO MODULAR 20 TR","UN    ","CR","39.300,15"]
[39557,"AR-CONDICIONADO QUENTE/FRIO SPLIT CASSETE (TETO)  4 VIAS 24000 BTU/H","UN    ","CR","5.643,20"]
[39558,"AR-CONDICIONADO QUENTE/FRIO SPLIT CASSETE (TETO)  4 VIAS 30000 BTU/H","UN    ","CR","5.679,85"]
[39559,"AR-CONDICIONADO QUENTE/FRIO SPLIT CASSETE (TETO)  4 VIAS 36000 BTU/H","UN    ","CR","5.894,16"]
[39560,"AR-CONDICIONADO QUENTE/FRIO SPLIT CASSETE (TETO)  4 VIAS 48000 BTU/H","UN    ","CR","6.778,00"]
[39561,"AR-CONDICIONADO QUENTE/FRIO SPLIT CASSETE (TETO)  4 VIAS 60000 BTU/H","UN    ","CR","7.871,73"]
[39556,"AR-CONDICIONADO QUENTE/FRIO SPLIT CASSETE (TETO) 4 VIAS 18000 BTU/H","UN    ","CR","5.198,33"]
[39555,"AR-CONDICIONADO QUENTE/FRIO SPLIT HI-WALL (PAREDE) 12000 BTU/H","UN    ","CR","1.629,96"]
[39548,"AR-CONDICIONADO QUENTE/FRIO SPLIT HI-WALL (PAREDE) 18000 BTU/H","UN    ","CR","2.357,65"]
[39554,"AR-CONDICIONADO QUENTE/FRIO SPLIT HI-WALL (PAREDE) 24000 BTU/H","UN    ","CR","2.926,41"]
[39550,"AR-CONDICIONADO QUENTE/FRIO SPLIT HI-WALL (PAREDE) 7000 BTU/H","UN    ","CR","1.141,24"]
[39551,"AR-CONDICIONADO QUENTE/FRIO SPLIT HI-WALL (PAREDE) 9000 BTU/H","UN    ","CR","1.429,12"]
[39826,"AR-CONDICIONADO QUENTE/FRIO SPLIT PISO-TETO 24000 BTU/H","UN    ","CR","3.867,38"]
[10700,"ARADO REVERSIVEL COM 3 DISCOS DE 26\" X 6MM REBOCAVEL","UN    ","AS","10.370,28"]
[346,"ARAME DE ACO OVALADO 15 X 17 ( 45,7 KG, 700 KGF), ROLO 1000 M","KG    ","CR","11,47"]
[3312,"ARAME DE AMARRACAO PARA GABIAO GALVANIZADO, DIAMETRO 2,2 MM","KG    ","AS","17,17"]
[339,"ARAME FARPADO GALVANIZADO 14 BWG, CLASSE 250","M     ","CR","0,55"]
[340,"ARAME FARPADO GALVANIZADO, 16 BWG (1,65 MM), CLASSE 250","M     ","CR","0,76"]
[338,"ARAME FARPADO 16 BWG (0,047 KG/M)","KG    ","CR","14,44"]
[334,"ARAME GALVANIZADO  8 BWG, D = 4,19MM (0,101 KG/M)","KG    ","CR","10,38"]
[335,"ARAME GALVANIZADO 10 BWG, 3,40 MM (0,0713 KG/M)","KG    ","CR","9,51"]
[342,"ARAME GALVANIZADO 12 BWG, 2,76 MM (0,048 KG/M)","KG    ","CR","10,75"]
[333,"ARAME GALVANIZADO 14 BWG, D = 2,11 MM (0,026 KG/M)","KG    ","C ","11,00"]
[343,"ARAME GALVANIZADO 14 BWG, 2,10MM (0,0272 KG/M)","M     ","CR","0,29"]
[344,"ARAME GALVANIZADO 16 BWG, 1,65MM (0,0166 KG/M)","KG    ","CR","11,90"]
[345,"ARAME GALVANIZADO 18 BWG, 1,24MM (0,009 KG/M)","KG    ","CR","14,54"]
[341,"ARAME GALVANIZADO 18 BWG, 1,24MM (0,009 KG/M)","M     ","CR","0,14"]
[11107,"ARAME GALVANIZADO 6 BWG, 5,16 MM (0,157 KG/M)","KG    ","CR","9,44"]
[3313,"ARAME PROTEGIDO COM PVC PARA GABIAO, DIAMETRO 2,2 MM","KG    ","AS","22,10"]
[34562,"ARAME RECOZIDO 16 BWG, 1,60 MM (0,016 KG/M)","KG    ","CR","9,74"]
[337,"ARAME RECOZIDO 18 BWG, 1,25 MM (0,01 KG/M)","KG    ","C ","9,41"]
[369,"AREIA AMARELA, AREIA BARRADA OU ARENOSO (RETIRADA NO AREAL, SEM TRANSPORTE)","M3    ","CR","87,50"]
[366,"AREIA FINA - POSTO JAZIDA/FORNECEDOR (RETIRADO NA JAZIDA, SEM TRANSPORTE)","M3    ","C ","70,00"]
[367,"AREIA GROSSA - POSTO JAZIDA/FORNECEDOR (RETIRADO NA JAZIDA, SEM TRANSPORTE)","M3    ","C ","62,50"]
[370,"AREIA MEDIA - POSTO JAZIDA/FORNECEDOR (RETIRADO NA JAZIDA, SEM TRANSPORTE)","M3    ","C ","50,00"]
[368,"AREIA PARA ATERRO - POSTO JAZIDA/FORNECEDOR (RETIRADO NA JAZIDA, SEM TRANSPORTE)","M3    ","CR","46,87"]
[11075,"AREIA PARA LEITO FILTRANTE (0,42 A 1,68 MM) - POSTO JAZIDA/FORNECEDOR (RETIRADO NA JAZIDA, SEM TRANSPORTE)","M3    ","CR","1.023,43"]
[11076,"AREIA PRETA PARA EMBOCO - POSTO JAZIDA/FORNECEDOR (RETIRADO NA JAZIDA, SEM TRANSPORTE)","M3    ","CR","78,12"]
[1381,"ARGAMASSA COLANTE AC I PARA CERAMICAS","KG    ","C ","0,60"]
[34353,"ARGAMASSA COLANTE AC-II","KG    ","CR","1,20"]
[37595,"ARGAMASSA COLANTE TIPO ACIII","KG    ","CR","1,83"]
[37596,"ARGAMASSA COLANTE TIPO ACIII E","KG    ","CR","2,72"]
[371,"ARGAMASSA INDUSTRIALIZADA MULTIUSO, PARA REVESTIMENTO INTERNO E EXTERNO E ASSENTAMENTO DE BLOCOS DIVERSOS","KG    ","CR","0,54"]
[37553,"ARGAMASSA INDUSTRIALIZADA PARA CHAPISCO COLANTE","KG    ","CR","2,03"]
[37552,"ARGAMASSA INDUSTRIALIZADA PARA CHAPISCO ROLADO","KG    ","CR","2,60"]
[36880,"ARGAMASSA PARA REVESTIMENTO DECORATIVO MONOCAMADA, CORES CLARAS","KG    ","CR","2,02"]
[34355,"ARGAMASSA PISO SOBRE PISO","KG    ","CR","1,66"]
[130,"ARGAMASSA POLIMERICA DE REPARO ESTRUTURAL, BICOMPONENTE","KG    ","CR","4,83"]
[135,"ARGAMASSA POLIMERICA IMPERMEABILIZANTE SEMIFLEXIVEL, BICOMPONENTE (MEMBRANA IMPERMEABILIZANTE ACRILICA)","KG    ","CR","6,22"]
[36886,"ARGAMASSA PRONTA PARA CONTRAPISO","KG    ","CR","0,64"]
[374,"ARGAMASSA PRONTA PARA REVESTIMENTO INTERNO EM PAREDES","KG    ","CR","0,46"]
[38546,"ARGAMASSA USINADA AUTOADENSAVEL E AUTONIVELANTE PARA CONTRAPISO, INCLUI BOMBEAMENTO","M3    ","AS","300,26"]
[34549,"ARGILA EXPANDIDA, GRANULOMETRIA 2215","M3    ","CR","262,50"]
[6081,"ARGILA OU BARRO PARA ATERRO/REATERRO (COM TRANSPORTE ATE 10 KM)","M3    ","CR","37,18"]
[6077,"ARGILA OU BARRO PARA ATERRO/REATERRO (RETIRADO NA JAZIDA, SEM TRANSPORTE)","M3    ","CR","21,43"]
[6079,"ARGILA, ARGILA VERMELHA OU ARGILA ARENOSA (RETIRADA NA JAZIDA, SEM TRANSPORTE)","M3    ","CR","12,25"]
[1091,"ARMACAO VERTICAL COM HASTE E CONTRA-PINO, EM CHAPA DE ACO GALVANIZADO 3/16\", COM 1 ESTRIBO E 1 ISOLADOR","UN    ","AS","18,58"]
[1094,"ARMACAO VERTICAL COM HASTE E CONTRA-PINO, EM CHAPA DE ACO GALVANIZADO 3/16\", COM 1 ESTRIBO, SEM ISOLADOR","UN    ","AS","12,99"]
[1095,"ARMACAO VERTICAL COM HASTE E CONTRA-PINO, EM CHAPA DE ACO GALVANIZADO 3/16\", COM 2 ESTRIBOS, E 2 ISOLADORES","UN    ","AS","27,61"]
[1092,"ARMACAO VERTICAL COM HASTE E CONTRA-PINO, EM CHAPA DE ACO GALVANIZADO 3/16\", COM 2 ESTRIBOS, SEM ISOLADOR","UN    ","AS","21,37"]
[1093,"ARMACAO VERTICAL COM HASTE E CONTRA-PINO, EM CHAPA DE ACO GALVANIZADO 3/16\", COM 3 ESTRIBOS E 3 ISOLADORES","UN    ","AS","49,90"]
[1090,"ARMACAO VERTICAL COM HASTE E CONTRA-PINO, EM CHAPA DE ACO GALVANIZADO 3/16\", COM 3 ESTRIBOS, SEM ISOLADOR","UN    ","AS","35,73"]
[1096,"ARMACAO VERTICAL COM HASTE E CONTRA-PINO, EM CHAPA DE ACO GALVANIZADO 3/16\", COM 4 ESTRIBOS E 4 ISOLADORES","UN    ","AS","64,30"]
[1097,"ARMACAO VERTICAL COM HASTE E CONTRA-PINO, EM CHAPA DE ACO GALVANIZADO 3/16\", COM 4 ESTRIBOS, SEM ISOLADOR","UN    ","AS","54,58"]
[378,"ARMADOR","H     ","CR","14,52"]
[40911,"ARMADOR (MENSALISTA)","MES   ","CR","2.535,46"]
[33939,"ARQUITETO JUNIOR","H     ","CR","58,98"]
[40815,"ARQUITETO JUNIOR (MENSALISTA)","MES   ","CR","10.297,07"]
[34760,"ARQUITETO PAISAGISTA","H     ","CR","63,74"]
[40935,"ARQUITETO PAISAGISTA (MENSALISTA)","MES   ","CR","11.123,78"]
[33952,"ARQUITETO PLENO","H     ","CR","83,80"]
[40816,"ARQUITETO PLENO (MENSALISTA)","MES   ","CR","14.626,15"]
[33953,"ARQUITETO SENIOR","H     ","CR","110,80"]
[40817,"ARQUITETO SENIOR (MENSALISTA)","MES   ","CR","19.337,06"]
[13348,"ARRUELA  EM ACO GALVANIZADO, DIAMETRO EXTERNO = 35MM, ESPESSURA = 3MM, DIAMETRO DO FURO= 18MM","UN    ","AS","0,65"]
[39211,"ARRUELA EM ALUMINIO, COM ROSCA, DE  1 1/4\", PARA ELETRODUTO","UN    ","CR","1,06"]
[39212,"ARRUELA EM ALUMINIO, COM ROSCA, DE 1 1/2\", PARA ELETRODUTO","UN    ","CR","1,18"]
[39208,"ARRUELA EM ALUMINIO, COM ROSCA, DE 1/2\", PARA ELETRODUTO","UN    ","CR","0,32"]
[39210,"ARRUELA EM ALUMINIO, COM ROSCA, DE 1\", PARA ELETRODUTO","UN    ","CR","0,59"]
[39214,"ARRUELA EM ALUMINIO, COM ROSCA, DE 2 1/2\", PARA ELETRODUTO","UN    ","CR","2,18"]
[39213,"ARRUELA EM ALUMINIO, COM ROSCA, DE 2\", PARA ELETRODUTO","UN    ","CR","1,54"]
[39209,"ARRUELA EM ALUMINIO, COM ROSCA, DE 3/4\", PARA ELETRODUTO","UN    ","CR","0,38"]
[39207,"ARRUELA EM ALUMINIO, COM ROSCA, DE 3/8\", PARA ELETRODUTO","UN    ","CR","0,59"]
[39215,"ARRUELA EM ALUMINIO, COM ROSCA, DE 3\", PARA ELETRODUTO","UN    ","CR","3,98"]
[39216,"ARRUELA EM ALUMINIO, COM ROSCA, DE 4\", PARA ELETRODUTO","UN    ","CR","5,55"]
[379,"ARRUELA QUADRADA EM ACO GALVANIZADO, DIMENSAO = 38 MM, ESPESSURA = 3MM, DIAMETRO DO FURO= 18 MM","UN    ","AS","0,57"]
[11267,"ARRUELA REDONDA DE LATAO, DIAMETRO EXTERNO = 34 MM, ESPESSURA = 2,5 MM, DIAMETRO DO FURO = 17 MM","UN    ","AS","5,72"]
[41901,"ASFALTO DILUIDO DE PETROLEO CM-30 (COLETADO CAIXA NA ANP ACRESCIDO DE ICMS)","KG    ","AS","3,20"]
[510,"ASFALTO MODIFICADO TIPO I - NBR 9910 (ASFALTO OXIDADO PARA IMPERMEABILIZACAO, COEFICIENTE DE PENETRACAO 25-40)","KG    ","CR","8,06"]
[516,"ASFALTO MODIFICADO TIPO II - NBR 9910 (ASFALTO OXIDADO PARA IMPERMEABILIZACAO, COEFICIENTE DE PENETRACAO 20-35)","KG    ","CR","8,59"]
[509,"ASFALTO MODIFICADO TIPO III - NBR 9910 (ASFALTO OXIDADO PARA IMPERMEABILIZACAO, COEFICIENTE DE PENETRACAO 15-25)","KG    ","C ","8,77"]
[40331,"ASSENTADOR DE MANILHAS","H     ","CR","25,60"]
[40930,"ASSENTADOR DE MANILHAS (MENSALISTA)","MES   ","CR","4.468,61"]
[11761,"ASSENTO  VASO SANITARIO INFANTIL EM PLASTICO BRANCO","UN    ","CR","42,54"]
[377,"ASSENTO SANITARIO DE PLASTICO, TIPO CONVENCIONAL","UN    ","C ","19,99"]
[7588,"AUTOMATICO DE BOIA SUPERIOR / INFERIOR, *15* A / 250 V","UN    ","C ","38,00"]
[34392,"AUXILIAR  DE ALMOXARIFE","H     ","CR","11,11"]
[40908,"AUXILIAR DE ALMOXARIFE (MENSALISTA)","MES   ","CR","1.942,79"]
[34551,"AUXILIAR DE AZULEJISTA","H     ","CR","10,57"]
[41078,"AUXILIAR DE AZULEJISTA (MENSALISTA)","MES   ","CR","1.848,25"]
[246,"AUXILIAR DE ENCANADOR OU BOMBEIRO HIDRAULICO","H     ","CR","10,29"]
[40927,"AUXILIAR DE ENCANADOR OU BOMBEIRO HIDRAULICO (MENSALISTA)","MES   ","CR","1.797,60"]
[2350,"AUXILIAR DE ESCRITORIO","H     ","CR","14,52"]
[40812,"AUXILIAR DE ESCRITORIO (MENSALISTA)","MES   ","CR","2.535,46"]
[245,"AUXILIAR DE LABORATORISTA DE SOLOS E CONCRETO","H     ","CR","17,35"]
[41090,"AUXILIAR DE LABORATORISTA DE SOLOS E DE CONCRETO (MENSALISTA)","MES   ","CR","3.031,88"]
[251,"AUXILIAR DE MECANICO","H     ","CR","21,89"]
[40975,"AUXILIAR DE MECANICO (MENSALISTA)","MES   ","CR","3.820,89"]
[41072,"AUXILIAR DE PEDREIRO (MENSALISTA)","MES   ","CR","1.912,64"]
[6121,"AUXILIAR DE SERVICOS GERAIS","H     ","CR","15,63"]
[41071,"AUXILIAR DE SERVICOS GERAIS (MENSALISTA)","MES   ","CR","2.729,66"]
[244,"AUXILIAR DE TOPOGRAFO","H     ","CR","7,21"]
[41093,"AUXILIAR DE TOPOGRAFO (MENSALISTA)","MES   ","CR","1.260,18"]
[532,"AUXILIAR TECNICO / ASSISTENTE DE ENGENHARIA","H     ","CR","24,36"]
[40931,"AUXILIAR TECNICO / ASSISTENTE DE ENGENHARIA (MENSALISTA)","MES   ","CR","4.253,69"]
[36150,"AVENTAL DE SEGURANCA DE RASPA DE COURO 1,00 X 0,60 M","UN    ","CR","35,64"]
[41069,"AZULEJISTA OU LADRILHEIRO (MENSALISTA)","MES   ","CR","3.027,36"]
[4760,"AZULEJISTA OU LADRILHISTA","H     ","CR","17,33"]
[10422,"BACIA SANITARIA (VASO) COM CAIXA ACOPLADA, DE LOUCA BRANCA","UN    ","CR","290,63"]
[10420,"BACIA SANITARIA (VASO) CONVENCIONAL DE LOUCA BRANCA","UN    ","C ","109,00"]
[10421,"BACIA SANITARIA (VASO) CONVENCIONAL DE LOUCA COR","UN    ","CR","145,88"]
[36520,"BACIA SANITARIA (VASO) CONVENCIONAL PARA PCD SEM FURO FRONTAL, DE LOUCA BRANCA, SEM ASSENTO","UN    ","CR","543,05"]
[36519,"BACIA SANITARIA (VASO) CONVENCIONAL PARA USO ESPECIFICO (HOSPITAIS, CLINICAS), COM FURO FRONTAL, DE LOUCA BRANCA, COM ASSENTO","UN    ","CR","758,20"]
[11784,"BACIA SANITARIA TURCA DE LOUCA BRANCA","UN    ","CR","407,86"]
[10,"BALDE PLASTICO CAPACIDADE *10* L","UN    ","CR","8,68"]
[4815,"BALDE VERMELHO PARA SINALIZACAO DE VIAS","UN    ","CR","5,04"]
[541,"BANCADA DE MARMORE SINTETICO COM UMA CUBA, 120 X *60* CM","UN    ","C ","89,00"]
[542,"BANCADA DE MARMORE SINTETICO COM UMA CUBA, 150 X *60* CM","UN    ","CR","111,56"]
[540,"BANCADA DE MARMORE SINTETICO COM UMA CUBA, 200 X *60* CM","UN    ","CR","251,40"]
[38364,"BANCADA/ BANCA EM GRANITO, POLIDO, TIPO ANDORINHA/ QUARTZ/ CASTELO/ CORUMBA OU OUTROS EQUIVALENTES DA REGIAO, COM CUBA INOX, FORMATO *120 X 60* CM, E=  *2* CM","UN    ","CR","670,85"]
[11692,"BANCADA/ BANCA EM MARMORE, POLIDO, BRANCO COMUM, E=  *3* CM","M2    ","CR","300,71"]
[1746,"BANCADA/BANCA/PIA DE ACO INOXIDAVEL (AISI 430) COM 1 CUBA CENTRAL, COM VALVULA, ESCORREDOR DUPLO, DE *0,55 X 1,20* M","UN    ","C ","179,90"]
[1748,"BANCADA/BANCA/PIA DE ACO INOXIDAVEL (AISI 430) COM 1 CUBA CENTRAL, COM VALVULA, ESCORREDOR DUPLO, DE *0,55 X 1,40* M","UN    ","CR","239,22"]
[1749,"BANCADA/BANCA/PIA DE ACO INOXIDAVEL (AISI 430) COM 1 CUBA CENTRAL, COM VALVULA, ESCORREDOR DUPLO, DE *0,55 X 1,80* M","UN    ","CR","346,59"]
[37412,"BANCADA/BANCA/PIA DE ACO INOXIDAVEL (AISI 430) COM 1 CUBA CENTRAL, COM VALVULA, LISA (SEM ESCORREDOR), DE *0,55 X 1,20* M","UN    ","CR","175,85"]
[1745,"BANCADA/BANCA/PIA DE ACO INOXIDAVEL (AISI 430) COM 1 CUBA CENTRAL, SEM VALVULA, ESCORREDOR DUPLO, DE *0,55 X 1,60* M","UN    ","CR","209,11"]
[1750,"BANCADA/BANCA/PIA DE ACO INOXIDAVEL (AISI 430) COM 2 CUBAS, COM VALVULAS, ESCORREDOR DUPLO, DE *0,55 X 2,00* M","UN    ","CR","488,66"]
[11687,"BANCADA/TAMPO ACO INOX (AISI 304), LARGURA 60 CM, COM RODABANCA (NAO INCLUI PES DE APOIO)","M     ","CR","778,58"]
[11689,"BANCADA/TAMPO ACO INOX (AISI 304), LARGURA 70 CM, COM RODABANCA (NAO INCLUI PES DE APOIO)","M     ","CR","975,52"]
[11693,"BANCADA/TAMPO LISO (SEM CUBA) EM MARMORE SINTETICO","M2    ","CR","98,68"]
[36215,"BANCO ARTICULADO PARA BANHO, EM ACO INOX POLIDO, 70* CM X 45* CM","UN    ","CR","773,94"]
[38381,"BANDEJA DE PINTURA PARA ROLO 23 CM","UN    ","CR","8,85"]
[39621,"BARRA ANTIPANICO DUPLA, CEGA LADO OPOSTO, COR CINZA","PAR   ","CR","1.067,37"]
[39624,"BARRA ANTIPANICO DUPLA, PARA PORTA DE VIDRO, COR CINZA","PAR   ","CR","1.080,12"]
[39615,"BARRA ANTIPANICO SIMPLES, CEGA LADO OPOSTO, COR CINZA","UN    ","CR","372,38"]
[39620,"BARRA ANTIPANICO SIMPLES, COM FECHADURA LADO OPOSTO, COR CINZA","UN    ","CR","569,26"]
[39623,"BARRA ANTIPANICO SIMPLES, PARA PORTA DE VIDRO, COR CINZA","UN    ","CR","551,24"]
[36214,"BARRA DE APOIO ANGULAR, 60 CM, EM ACO INOX POLIDO, DIAMETRO MINIMO 3 CM","UN    ","CR","249,38"]
[36207,"BARRA DE APOIO EM \"L\", EM ACO INOX POLIDO 70 X 70 CM, DIAMETRO MINIMO 3 CM","UN    ","CR","342,80"]
[36209,"BARRA DE APOIO EM \"L\", EM ACO INOX POLIDO 80 X 80 CM, DIAMETRO MINIMO 3 CM","UN    ","CR","393,41"]
[36210,"BARRA DE APOIO LATERAL ARTICULADA, COM TRAVA, EM ACO INOX POLIDO, 70 CM, DIAMETRO MINIMO 3 CM","UN    ","CR","425,66"]
[36212,"BARRA DE APOIO LAVATORIO DE CANTO, EM ACO INOX POLIDO, DIAMETRO MINIMO 3 CM.","UN    ","CR","419,64"]
[36211,"BARRA DE APOIO LAVATORIO, EM ACO INOX POLIDO, *40 X 50* CM,  DIAMETRO MINIMO 3 CM","UN    ","CR","394,70"]
[36204,"BARRA DE APOIO RETA, EM ACO INOX POLIDO, COMPRIMENTO 60CM, DIAMETRO MINIMO 3 CM","UN    ","CR","150,92"]
[36205,"BARRA DE APOIO RETA, EM ACO INOX POLIDO, COMPRIMENTO 70CM, DIAMETRO MINIMO 3 CM","UN    ","CR","167,61"]
[36081,"BARRA DE APOIO RETA, EM ACO INOX POLIDO, COMPRIMENTO 80CM, DIAMETRO MINIMO 3 CM","UN    ","C ","178,72"]
[36206,"BARRA DE APOIO RETA, EM ACO INOX POLIDO, COMPRIMENTO 90 CM, DIAMETRO MINIMO 3 CM","UN    ","CR","187,24"]
[36218,"BARRA DE APOIO RETA, EM ALUMINIO, COMPRIMENTO 60CM, DIAMETRO MINIMO 3 CM","UN    ","AS","112,79"]
[36220,"BARRA DE APOIO RETA, EM ALUMINIO, COMPRIMENTO 70CM, DIAMETRO MINIMO 3 CM","UN    ","AS","129,34"]
[36080,"BARRA DE APOIO RETA, EM ALUMINIO, COMPRIMENTO 80 CM, DIAMETRO MINIMO 3 CM","UN    ","AS","139,90"]
[36223,"BARRA DE APOIO RETA, EM ALUMINIO, COMPRIMENTO 90 CM, DIAMETRO MINIMO 3 CM","UN    ","AS","146,49"]
[546,"BARRA DE FERRO RETANGULAR, BARRA CHATA (QUALQUER DIMENSAO)","KG    ","C ","5,10"]
[557,"BARRA DE FERRO RETANGULAR, BARRA CHATA, 1 1/2\"  X 1/2\" (L X E), 3,79 KG/M","M     ","CR","19,57"]
[552,"BARRA DE FERRO RETANGULAR, BARRA CHATA, 1 1/2\" X 1/4\" (L X E), 1,89 KG/M","M     ","CR","9,63"]
[555,"BARRA DE FERRO RETANGULAR, BARRA CHATA, 1\" X 1/4\" (L X E), 1,2265 KG/M","M     ","CR","5,91"]
[565,"BARRA DE FERRO RETANGULAR, BARRA CHATA, 1\" X 3/16\" (L X E), 1,73 KG/M","M     ","CR","9,02"]
[549,"BARRA DE FERRO RETANGULAR, BARRA CHATA, 2\" X 1/2\" (L X E), 5,06 KG/M","M     ","CR","25,80"]
[559,"BARRA DE FERRO RETANGULAR, BARRA CHATA, 2\" X 1/4\" (L X E), 2,53 KG/M","M     ","CR","12,90"]
[551,"BARRA DE FERRO RETANGULAR, BARRA CHATA, 2\" X 1\" (L X E), 10,12 KG/M","M     ","CR","50,42"]
[547,"BARRA DE FERRO RETANGULAR, BARRA CHATA, 2\" X 3/8\" (L X E), 3,79KG/M","M     ","CR","19,32"]
[560,"BARRA DE FERRO RETANGULAR, BARRA CHATA, 2\" X 5/16\" (L X E), 3,162 KG/M","M     ","CR","16,33"]
[566,"BARRA DE FERRO RETANGULAR, BARRA CHATA, 3/4\" X 1/8\" (L X E), 0,47 KG/M","M     ","CR","2,62"]
[563,"BARRA DE FERRO RETANGULAR, BARRA CHATA, 3/8\" X 1 1/2\" (L X E), 2,84 KG/M","M     ","CR","14,66"]
[38127,"BASE DE MISTURADOR MONOCOMANDO PARA CHUVEIRO","UN    ","CR","384,97"]
[38060,"BASE PARA MASTRO DE PARA-RAIOS DIAMETRO NOMINAL 1 1/2\"","UN    ","AS","55,89"]
[10956,"BASE PARA MASTRO DE PARA-RAIOS DIAMETRO NOMINAL 2\"","UN    ","AS","58,06"]
[39380,"BASE PARA RELE COM SUPORTE METALICO","UN    ","AS","9,44"]
[13374,"BASE UNIPOLAR PARA FUSIVEL NH1, CORRENTE NOMINAL DE 250 A, SEM CAPA","UN    ","AS","79,41"]
[37597,"BATE-ESTACAS POR GRAVIDADE, POTENCIA160 HP, PESO DO MARTELO ATE 3 TONELADAS","UN    ","AS","299.062,50"]
[183,"BATENTE/ PORTAL/ ADUELA/ MARCO MACICO, E= *3 CM, L= *13 CM, *60 CM A 120* CM X *210 CM,  EM CEDRINHO/ ANGELIM COMERCIAL/ EUCALIPTO/ CURUPIXA/ PEROBA/ CUMARU OU EQUIVALENTE DA REGIAO (NAO INCLUI ALIZARES)","JG    ","C ","89,00"]
[184,"BATENTE/ PORTAL/ ADUELA/ MARCO MACICO, E= *3* CM, L= *13* CM, *60 CM A 120* CM X *210* CM, EM PINUS/ TAUARI/ VIROLA OU EQUIVALENTE DA REGIAO (NAO INCLUI ALIZARES)","JG    ","CR","58,82"]
[195,"BATENTE/ PORTAL/ ADUELA/ MARCO MACICO, E= *3* CM, L= *7* CM, *60 CM A 120* CM X *210* CM,  EM CEDRINHO/ ANGELIM COMERCIAL/ EUCALIPTO/ CURUPIXA/ PEROBA/ CUMARU OU EQUIVALENTE DA REGIAO (NAO INCLUI ALIZARES)","JG    ","CR","72,30"]
[194,"BATENTE/ PORTAL/ ADUELA/ MARCO MACICO, E= *3* CM, L= *7* CM, *60 CM A 120* CM X *210* CM, EM PINUS/ TAUARI/ VIROLA OU EQUIVALENTE DA REGIAO (NAO INCLUI ALIZARES)","JG    ","CR","39,30"]
[20001,"BATENTE/ PORTAL/ ADUELA/MARCO MACICO, E= *3* CM, L= *15* CM, *60 CM A 120* CM  X *210* CM, EM PINUS/ TAUARI/ VIROLA OU EQUIVALENTE DA REGIAO","JG    ","CR","72,04"]
[181,"BATENTE/ PORTAL/ADUELA/ MARCO MACICO, E= *3* CM, L= *15* CM, *60 CM A 120* CM  X *210* CM,  EM CEDRINHO/ ANGELIM COMERCIAL/  EUCALIPTO/ CURUPIXA/ PEROBA/ CUMARU OU EQUIVALENTE DA REGIAO (NAO INCLUI ALIZARES)","JG    ","CR","97,47"]
[39837,"BATENTE/PORTAL/ADUELA/MARCO, EM MDF/PVC WOOD/POLIESTIRENO OU MADEIRA LAMINADA, L = *9,0* CM COM GUARNICAO REGULAVEL 2 FACES = *35* MM, PRIMER","JG    ","AS","145,50"]
[10535,"BETONEIRA CAPACIDADE NOMINAL 400 L, CAPACIDADE DE MISTURA  280 L, MOTOR ELETRICO TRIFASICO 220/380 V POTENCIA 2 CV, SEM CARREGADOR","UN    ","C ","3.589,50"]
[10537,"BETONEIRA CAPACIDADE NOMINAL 400 L, CAPACIDADE DE MISTURA 310 L, MOTOR A DIESEL POTENCIA 5 CV, SEM CARREGADOR","UN    ","CR","4.895,10"]
[13891,"BETONEIRA CAPACIDADE NOMINAL 400 L, CAPACIDADE DE MISTURA 310 L, MOTOR A GASOLINA POTENCIA 5,5 CV, SEM CARREGADOR","UN    ","CR","4.489,91"]
[25975,"BETONEIRA CAPACIDADE NOMINAL 600 L, CAPACIDADE DE MISTURA 440 L, MOTOR A GASOLINA POTENCIA 10 HP, COM CARREGADOR","UN    ","CR","19.529,31"]
[36396,"BETONEIRA, CAPACIDADE NOMINAL 400 L, CAPACIDADE DE MISTURA 310L, MOTOR ELETRICO TRIFASICO 220/380V POTENCIA 2 CV, SEM CARREGADOR","UN    ","CR","4.106,63"]
[36397,"BETONEIRA, CAPACIDADE NOMINAL 600 L, CAPACIDADE DE MISTURA  360L, MOTOR ELETRICO TRIFASICO 220/380V, POTENCIA 4CV, EXCLUSO CARREGADOR","UN    ","CR","14.601,35"]
[36398,"BETONEIRA, CAPACIDADE NOMINAL 600 L, CAPACIDADE DE MISTURA 440 L, MOTOR A DIESEL POTENCIA 10 CV, COM CARREGADOR","UN    ","CR","17.746,73"]
[647,"BLASTER, DINAMITADOR OU CABO DE FOGO","H     ","CR","24,64"]
[40920,"BLASTER, DINAMITADOR OU CABO DE FOGO (MENSALISTA)","MES   ","CR","4.304,69"]
[7266,"BLOCO CERAMICO (ALVENARIA DE VEDACAO), DE 9 X 19 X 19 CM","MIL   ","C ","450,00"]
[7270,"BLOCO CERAMICO (ALVENARIA DE VEDACAO), 4 FUROS, DE 9 X 9 X 19 CM","UN    ","CR","0,42"]
[7269,"BLOCO CERAMICO (ALVENARIA DE VEDACAO), 6 FUROS, DE 9 X 9 X 19 CM","UN    ","CR","0,30"]
[7271,"BLOCO CERAMICO (ALVENARIA DE VEDACAO), 8 FUROS, DE 9 X 19 X 19 CM","UN    ","CR","0,45"]
[7268,"BLOCO CERAMICO (ALVENARIA DE VEDACAO), 8 FUROS, DE 9 X 19 X 29 CM","UN    ","CR","0,63"]
[7267,"BLOCO CERAMICO (ALVENARIA VEDACAO), 6 FUROS, DE 9 X 14 X 19 CM","UN    ","CR","0,31"]
[38783,"BLOCO CERAMICO DE VEDACAO COM FUROS NA HORIZONTAL, 11,5 X 19 X 19 CM - 4,5 MPA (NBR 15270)","UN    ","CR","0,56"]
[37593,"BLOCO CERAMICO DE VEDACAO COM FUROS NA VERTICAL, 14 X 19 X 39 CM - 4,5 MPA (NBR 15270)","UN    ","CR","1,47"]
[37594,"BLOCO CERAMICO DE VEDACAO COM FUROS NA VERTICAL, 19 X 19 X 39 CM - 4,5 MPA (NBR 15270)","UN    ","CR","1,80"]
[37592,"BLOCO CERAMICO DE VEDACAO COM FUROS NA VERTICAL, 9 X 19 X 39 CM - 4,5 MPA (NBR 15270)","UN    ","CR","1,10"]
[34556,"BLOCO CONCRETO ESTRUTURAL 14 X 19 X 29 CM, FBK 10 MPA (NBR 6136)","UN    ","CR","2,29"]
[37873,"BLOCO CONCRETO ESTRUTURAL 14 X 19 X 29 CM, FBK 12 MPA  (NBR 6136)","UN    ","CR","2,49"]
[34564,"BLOCO CONCRETO ESTRUTURAL 14 X 19 X 29 CM, FBK 14 MPA (NBR 6136)","UN    ","CR","2,86"]
[34565,"BLOCO CONCRETO ESTRUTURAL 14 X 19 X 29 CM, FBK 16 MPA (NBR 6136)","UN    ","CR","3,30"]
[38590,"BLOCO CONCRETO ESTRUTURAL 14 X 19 X 29 CM, FBK 4,5 MPA (NBR 6136)","UN    ","CR","1,91"]
[34566,"BLOCO CONCRETO ESTRUTURAL 14 X 19 X 29 CM, FBK 6 MPA (NBR 6136)","UN    ","CR","1,79"]
[34567,"BLOCO CONCRETO ESTRUTURAL 14 X 19 X 29 CM, FBK 8 MPA (NBR 6136)","UN    ","CR","2,01"]
[38591,"BLOCO CONCRETO ESTRUTURAL 14 X 19 X 34 CM, FBK 4,5 MPA (NBR 6136)","UN    ","CR","2,17"]
[34568,"BLOCO CONCRETO ESTRUTURAL 14 X 19 X 39 CM, FBK 10 MPA (NBR 6136)","UN    ","CR","2,62"]
[34569,"BLOCO CONCRETO ESTRUTURAL 14 X 19 X 39 CM, FBK 12 MPA (NBR 6136)","UN    ","CR","2,68"]
[34570,"BLOCO CONCRETO ESTRUTURAL 14 X 19 X 39 CM, FBK 14 MPA (NBR 6136)","UN    ","CR","2,87"]
[25070,"BLOCO CONCRETO ESTRUTURAL 14 X 19 X 39 CM, FBK 4,5 MPA (NBR 6136)","UN    ","CR","2,19"]
[34571,"BLOCO CONCRETO ESTRUTURAL 14 X 19 X 39 CM, FBK 6 MPA (NBR 6136)","UN    ","CR","2,23"]
[34573,"BLOCO CONCRETO ESTRUTURAL 14 X 19 X 39 CM, FBK 8 MPA (NBR 6136)","UN    ","CR","2,36"]
[37107,"BLOCO CONCRETO ESTRUTURAL 14 X 19 X 39, FCK 16 MPA - NBR 6136/2007","UN    ","CR","3,48"]
[34576,"BLOCO CONCRETO ESTRUTURAL 19 X 19 X 39 CM, FBK 10 MPA (NBR 6136)","UN    ","CR","3,26"]
[34577,"BLOCO CONCRETO ESTRUTURAL 19 X 19 X 39 CM, FBK 12 MPA (NBR 6136)","UN    ","CR","3,48"]
[34578,"BLOCO CONCRETO ESTRUTURAL 19 X 19 X 39 CM, FBK 14 MPA (NBR 6136)","UN    ","CR","3,86"]
[34579,"BLOCO CONCRETO ESTRUTURAL 19 X 19 X 39 CM, FBK 16 MPA (NBR 6136)","UN    ","CR","4,95"]
[25067,"BLOCO CONCRETO ESTRUTURAL 19 X 19 X 39 CM, FBK 4,5 MPA (NBR 6136)","UN    ","CR","2,86"]
[34580,"BLOCO CONCRETO ESTRUTURAL 19 X 19 X 39 CM, FBK 8 MPA (NBR 6136)","UN    ","CR","3,11"]
[25071,"BLOCO CONCRETO ESTRUTURAL 9 X 19 X 39 CM, FBK 4,5 MPA (NBR 6136)","UN    ","CR","1,50"]
[38395,"BLOCO DE ESPUMA MULTIUSO *23 X 13 X 8* CM","UN    ","CR","7,39"]
[34583,"BLOCO DE GESSO COMPACTO, BRANCO, E = 10 CM, *67 X 50* CM","M2    ","CR","30,51"]
[34584,"BLOCO DE GESSO VAZADO BRANCO, E = *7* CM, *67 X 50* CM","M2    ","CR","17,08"]
[709,"BLOCO DE POLIETILENO ALTA DENSIDADE, *27* X *30* X *100* CM, ACOMPANHADOS PLACAS  TERMINAIS  E LONGARINAS, PARA FUNDO DE FILTRO","M2    ","AS","467,23"]
[716,"BLOCO DE VIDRO INCOLOR XADREZ, DE *20 X 20 X 10* CM","UN    ","CR","12,03"]
[715,"BLOCO DE VIDRO INCOLOR, CANELADO, DE *19 X 19 X 8* CM","UN    ","C ","11,90"]
[718,"BLOCO DE VIDRO/ELEMENTO VAZADO INCOLOR, VENEZIANA, DE *20 X 20 X 6* CM","UN    ","CR","17,73"]
[11981,"BLOCO DE VIDRO/ELEMENTO VAZADO, INCOLOR, VENEZIANA, *20 X 10 X 8* CM","UN    ","CR","12,15"]
[10610,"BLOCO ESTRUTURAL CERAMICO - 14 X 19 X 29 CM - 4,0 MPA -  NBR 15270","UN    ","CR","1,21"]
[34585,"BLOCO ESTRUTURAL CERAMICO 14 X 19 X 29 CM, 3,0 MPA (NBR 15270)","UN    ","CR","1,23"]
[34586,"BLOCO ESTRUTURAL CERAMICO 14 X 19 X 29 CM, 6,0 MPA (NBR 15270)","UN    ","CR","1,25"]
[38603,"BLOCO ESTRUTURAL CERAMICO 14 X 19 X 34 CM, 6,0 MPA (NBR 15270)","UN    ","CR","1,44"]
[34588,"BLOCO ESTRUTURAL CERAMICO 14 X 19 X 39 CM, 6,0 MPA (NBR 15270)","UN    ","CR","1,61"]
[34590,"BLOCO ESTRUTURAL CERAMICO 19 X 19 X 29 CM, 6,0 MPA (NBR 15270)","UN    ","CR","1,73"]
[34591,"BLOCO ESTRUTURAL CERAMICO 19 X 19 X 39 CM, 6,0 MPA (NBR 15270)","UN    ","CR","2,16"]
[37103,"BLOCO VEDACAO CONCRETO APARENTE 14 X 19 X 39 CM (CLASSE C - NBR 6136)","UN    ","CR","1,87"]
[34555,"BLOCO VEDACAO CONCRETO APARENTE 19 X 19 X 39 CM  (CLASSE C - NBR 6136)","UN    ","CR","2,34"]
[34599,"BLOCO VEDACAO CONCRETO APARENTE 9 X 19 X 39 CM (CLASSE C - NBR 6136)","UN    ","CR","1,67"]
[674,"BLOCO VEDACAO CONCRETO CELULAR AUTOCLAVADO 10 X 30 X 60 CM (E X A X C)","M2    ","AS","43,66"]
[34600,"BLOCO VEDACAO CONCRETO CELULAR AUTOCLAVADO 15 X 30 X 60 CM (E X A X C)","M2    ","AS","70,95"]
[652,"BLOCO VEDACAO CONCRETO CELULAR AUTOCLAVADO 20 X 30 X 60 CM","M2    ","AS","90,36"]
[34592,"BLOCO VEDACAO CONCRETO 14 X 19 X 29 CM (CLASSE C - NBR 6136)","UN    ","CR","1,59"]
[651,"BLOCO VEDACAO CONCRETO 14 X 19 X 39 CM (CLASSE C - NBR 6136)","UN    ","CR","1,82"]
[654,"BLOCO VEDACAO CONCRETO 19 X 19 X 39 CM (CLASSE C - NBR 6136)","UN    ","CR","2,35"]
[650,"BLOCO VEDACAO CONCRETO 9 X 19 X 39 CM (CLASSE C - NBR 6136)","UN    ","C ","1,55"]
[40517,"BLOQUETE/PISO DE CONCRETO - MODELO BLOCO PISOGRAMA/CONCREGRAMA 2 FUROS, *35  CM X 15* CM, E =  *6* CM, COR NATURAL","M2    ","CR","39,72"]
[40520,"BLOQUETE/PISO DE CONCRETO - MODELO BLOCO PISOGRAMA/CONCREGRAMA 2 FUROS, *35  CM X 15* CM, E =  *8* CM, COR NATURAL","M2    ","CR","41,62"]
[40515,"BLOQUETE/PISO DE CONCRETO - MODELO PISOGRAMA/CONCREGRAMA/PAVI-GRADE/GRAMEIRO, *60  CM X 45* CM, E =  *7* CM, COR NATURAL","M2    ","CR","50,24"]
[40516,"BLOQUETE/PISO DE CONCRETO - MODELO PISOGRAMA/CONCREGRAMA/PAVI-GRADE/GRAMEIRO, *60  CM X 45* CM, E =  *9* CM, COR NATURAL","M2    ","CR","59,84"]
[40525,"BLOQUETE/PISO INTERTRAVADO DE CONCRETO - MODELO ONDA/16 FACES/UNISTEIN/PAVIS, *22 CM X *11 CM, E = 10 CM, RESISTENCIA DE 35 MPA (NBR 9781), COR NATURAL","M2    ","CR","42,56"]
[40529,"BLOQUETE/PISO INTERTRAVADO DE CONCRETO - MODELO ONDA/16 FACES/UNISTEIN/PAVIS, *22 CM X *11 CM, E = 10 CM, RESISTENCIA DE 50 MPA (NBR 9781), COR NATURAL","M2    ","CR","46,72"]
[695,"BLOQUETE/PISO INTERTRAVADO DE CONCRETO - MODELO RAQUETE, *22 CM X 13,5* CM, E = 6 CM, RESISTENCIA DE 35 MPA (NBR 9781), COR NATURAL","M2    ","CR","32,09"]
[40524,"BLOQUETE/PISO INTERTRAVADO DE CONCRETO - MODELO RETANGULAR/TIJOLINHO/PAVER/HOLANDES/PARALELEPIPEDO, 20 CM X 10 CM, E = 10 CM, RESISTENCIA DE 35 MPA (NBR 9781), COR NATURAL","M2    ","CR","42,56"]
[36156,"BLOQUETE/PISO INTERTRAVADO DE CONCRETO - MODELO RETANGULAR/TIJOLINHO/PAVER/HOLANDES/PARALELEPIPEDO, 20 CM X 10 CM, E = 6 CM, RESISTENCIA DE 35 MPA (NBR 9781), COLORIDO","M2    ","CR","36,89"]
[36155,"BLOQUETE/PISO INTERTRAVADO DE CONCRETO - MODELO RETANGULAR/TIJOLINHO/PAVER/HOLANDES/PARALELEPIPEDO, 20 CM X 10 CM, E = 6 CM, RESISTENCIA DE 35 MPA (NBR 9781), COR NATURAL","M2    ","CR","32,68"]
[36154,"BLOQUETE/PISO INTERTRAVADO DE CONCRETO - MODELO RETANGULAR/TIJOLINHO/PAVER/HOLANDES/PARALELEPIPEDO, 20 CM X 10 CM, E = 8 CM, RESISTENCIA DE 35 MPA (NBR 9781), COLORIDO","M2    ","CR","43,41"]
[36196,"BLOQUETE/PISO INTERTRAVADO DE CONCRETO - MODELO RETANGULAR/TIJOLINHO/PAVER/HOLANDES/PARALELEPIPEDO, 20 CM X 10 CM, E = 8 CM, RESISTENCIA DE 35 MPA (NBR 9781), COR NATURAL","M2    ","CR","36,89"]
[679,"BLOQUETE/PISO INTERTRAVADO DE CONCRETO - MODELO SEXTAVADO, 25 CM X 25 CM, E = 10 CM, RESISTENCIA DE 35 MPA (NBR 9781), COR NATURAL","M2    ","CR","43,98"]
[711,"BLOQUETE/PISO INTERTRAVADO DE CONCRETO - MODELO SEXTAVADO, 25 CM X 25 CM, E = 6 CM, RESISTENCIA DE 35 MPA (NBR 9781), COR NATURAL","M2    ","CR","33,58"]
[712,"BLOQUETE/PISO INTERTRAVADO DE CONCRETO - MODELO SEXTAVADO, 25 CM X 25 CM, E = 8 CM, RESISTENCIA DE 35 MPA (NBR 9781), COR NATURAL","M2    ","CR","35,00"]
[36191,"BLOQUETE/PISO INTERTRAVADO DE CONCRETO - MODELO SEXTAVADO, 25 CM X 25 CM, E = 8 CM, RESISTENCIA DE 35 MPA (NBR 9781), COR NATURAL","UN    ","CR","2,44"]
[36169,"BLOQUETE/PISO INTERTRAVADO DE CONCRETO - ONDA/16 FACES/UNISTEIN/PAVIS, *22 CM X 11* CM, E = 6 CM, RESISTENCIA DE 35 MPA (NBR 9781), COLORIDO","M2    ","CR","35,75"]
[36172,"BLOQUETE/PISO INTERTRAVADO DE CONCRETO - ONDA/16 FACES/UNISTEIN/PAVIS, *22 CM X 11* CM, E = 6 CM, RESISTENCIA DE 35 MPA (NBR 9781), COR NATURAL","M2    ","CR","31,21"]
[36174,"BLOQUETE/PISO INTERTRAVADO DE CONCRETO - ONDA/16 FACES/UNISTEIN/PAVIS, *22 CM X 11* CM, E = 8 CM, RESISTENCIA DE 35 MPA (NBR 9781), COLORIDO","M2    ","CR","40,98"]
[36170,"BLOQUETE/PISO INTERTRAVADO DE CONCRETO - ONDA/16 FACES/UNISTEIN/PAVIS, *22 CM X 11* CM, E = 8 CM, RESISTENCIA DE 35 MPA (NBR 9781), COR NATURAL","M2    ","C ","35,00"]
[12614,"BOCAL PVC, PARA CALHA PLUVIAL, DIAMETRO DA SAIDA ENTRE 80 E 100 MM, PARA DRENAGEM PREDIAL","UN    ","AS","15,65"]
[6140,"BOLSA DE LIGACAO EM PVC FLEXIVEL PARA VASO SANITARIO 1.1/2 \" (40 MM)","UN    ","CR","2,17"]
[38399,"BOLSA DE LONA PARA FERRAMENTAS *50 X 35 X 25* CM","UN    ","CR","135,80"]
[735,"BOMBA CENTRIFUGA  MOTOR ELETRICO TRIFASICO 1,48HP  DIAMETRO DE SUCCAO X ELEVACAO 1\" X 1\", 4 ESTAGIOS, DIAMETRO DOS ROTORES 3 X 107 MM + 1 X 100 MM, HM/Q: 10 M / 5,3 M3/H A 70 M / 1,8 M3/H","UN    ","AS","1.474,24"]
[736,"BOMBA CENTRIFUGA  MOTOR ELETRICO TRIFASICO 2,96HP, DIAMETRO DE SUCCAO X ELEVACAO 1 1/2\" X 1 1/4\", DIAMETRO DO ROTOR 148 MM, HM/Q: 34 M / 14,80 M3/H A 40 M / 8,60 M3/H","UN    ","AS","1.239,57"]
[729,"BOMBA CENTRIFUGA COM MOTOR ELETRICO MONOFASICO, POTENCIA 0,33 HP,  BOCAIS 1\" X 3/4\", DIAMETRO DO ROTOR 99 MM, HM/Q = 4 MCA / 8,5 M3/H A 18 MCA / 0,90 M3/H","UN    ","AS","505,14"]
[39925,"BOMBA CENTRIFUGA MONOESTAGIO COM MOTOR ELETRICO MONOFASICO, POTENCIA 15 HP,  DIAMETRO DO ROTOR *173* MM, HM/Q = *30* MCA / *90* M3/H A *45* MCA / *55* M3/H","UN    ","AS","7.299,22"]
[731,"BOMBA CENTRIFUGA MOTOR ELETRICO MONOFASICO 0,49 HP  BOCAIS 1\" X 3/4\", DIAMETRO DO ROTOR 110 MM, HM/Q: 6 M / 8,3 M3/H A 20 M / 1,2 M3/H","UN    ","AS","491,62"]
[10575,"BOMBA CENTRIFUGA MOTOR ELETRICO MONOFASICO 0,50 CV DIAMETRO DE SUCCAO X ELEVACAO 3/4\" X 3/4\", MONOESTAGIO, DIAMETRO DOS ROTORES 114 MM, HM/Q: 2 M / 2,99 M3/H A 24 M / 0,71 M3/H","UN    ","AS","767,22"]
[733,"BOMBA CENTRIFUGA MOTOR ELETRICO MONOFASICO 0,74HP  DIAMETRO DE SUCCAO X ELEVACAO 1 1/4\" X 1\", DIAMETRO DO ROTOR 120 MM, HM/Q: 8 M / 7,70 M3/H A 24 M / 2,80 M3/H","UN    ","AS","840,01"]
[732,"BOMBA CENTRIFUGA MOTOR ELETRICO TRIFASICO 0,99HP  DIAMETRO DE SUCCAO X ELEVACAO 1\" X 1\", DIAMETRO DO ROTOR 145 MM, HM/Q: 14 M / 8,4 M3/H A 40 M / 0,60 M3/H","UN    ","AS","828,71"]
[737,"BOMBA CENTRIFUGA MOTOR ELETRICO TRIFASICO 14,8 HP, DIAMETRO DE SUCCAO X ELEVACAO 2 1/2\" X 2\", DIAMETRO DO ROTOR 195 MM, HM/Q: 62 M / 55,5 M3/H A 80 M / 31,50 M3/H","UN    ","AS","4.647,20"]
[738,"BOMBA CENTRIFUGA MOTOR ELETRICO TRIFASICO 5HP, DIAMETRO DE SUCCAO X ELEVACAO 2\" X 1 1/2\", DIAMETRO DO ROTOR 155 MM, HM/Q: 40 M / 20,40 M3/H A 46 M / 9,20 M3/H","UN    ","AS","2.154,87"]
[740,"BOMBA CENTRIFUGA MOTOR ELETRICO TRIFASICO 9,86 DIAMETRO DE SUCCAO X ELEVACAO 1\" X 1\", 4 ESTAGIOS, DIAMETRO DOS ROTORES 4 X 146 MM, HM/Q: 85 M / 14,9 M3/H A 140 M / 4,2 M3/H","UN    ","AS","4.371,79"]
[734,"BOMBA CENTRIFUGA,  MOTOR ELETRICO TRIFASICO 1,48HP  DIAMETRO DE SUCCAO X ELEVACAO 1 1/2\" X 1\", DIAMETRO DO ROTOR 117 MM, HM/Q: 10 M / 21,9 M3/H A 24 M / 6,1 M3/H","UN    ","AS","888,38"]
[39008,"BOMBA DE PROJECAO DE CONCRETO SECO, POTENCIA 10 CV, VAZAO 3 M3/H","UN    ","CR","43.757,10"]
[39009,"BOMBA DE PROJECAO DE CONCRETO SECO, POTENCIA 10 CV, VAZAO 6 M3/H","UN    ","CR","46.880,31"]
[10587,"BOMBA SUBMERSA PARA POCOS TUBULARES PROFUNDOS DIAMETRO DE 4 POLEGADAS, ELETRICA, MONOFASICA, POTENCIA 0,49 HP, 13 ESTAGIOS, BOCAL DE DESCARGA DIAMETRO DE UMA POLEGADA E MEIA, HM/Q = 18 M / 1,90 M3/H A 85 M / 0,60 M3/H","UN    ","CR","2.483,30"]
[759,"BOMBA SUBMERSA PARA POCOS TUBULARES PROFUNDOS DIAMETRO DE 4 POLEGADAS, ELETRICA, TRIFASICA, POTENCIA 1,97 HP, 20 ESTAGIOS, BOCAL DE DESCARGA DIAMETRO DE UMA POLEGADA E MEIA, HM/Q = 18 M / 5,40 M3/H A 164 M / 0,80 M3/H","UN    ","CR","3.570,49"]
[761,"BOMBA SUBMERSA PARA POCOS TUBULARES PROFUNDOS DIAMETRO DE 4 POLEGADAS, ELETRICA, TRIFASICA, POTENCIA 5,42 HP, 15 ESTAGIOS, BOCAL DE DESCARGA DIAMETRO DE 2 POLEGADAS, HM/Q = 18 M / 18,10 M3/H A 121 M / 2,90 M3/H","UN    ","CR","6.052,29"]
[750,"BOMBA SUBMERSA PARA POCOS TUBULARES PROFUNDOS DIAMETRO DE 4 POLEGADAS, ELETRICA, TRIFASICA, POTENCIA 5,42 HP, 29 ESTAGIOS, BOCAL DE DESCARGA DE UMA POLEGADA E MEIA, HM/Q = 18 M / 8,10 M3/H A 201 M / 3,2 M3/H","UN    ","CR","5.746,17"]
[755,"BOMBA SUBMERSA PARA POCOS TUBULARES PROFUNDOS DIAMETRO DE 6 POLEGADAS, ELETRICA, TRIFASICA, POTENCIA 27,12 HP, 7 ESTAGIOS, BOCAL DE DESCARGA DIAMETRO DE 4 POLEGADAS, HM/Q = 13,9 M / 90 M3/H A 44,0 M / 25,0 M3/H","UN    ","CR","23.579,49"]
[749,"BOMBA SUBMERSA PARA POCOS TUBULARES PROFUNDOS DIAMETRO DE 6 POLEGADAS, ELETRICA, TRIFASICA, POTENCIA 3,45 HP, 5 ESTAGIOS, BOCAL DE DESCARGA DIAMETRO DE 2 POLEGADAS, HM/Q = 68,5 M / 6,12 M3/H A 39,5 M / 14,04 M3/H","UN    ","CR","8.672,10"]
[756,"BOMBA SUBMERSA PARA POCOS TUBULARES PROFUNDOS DIAMETRO DE 6 POLEGADAS, ELETRICA, TRIFASICA, POTENCIA 32 HP, 9 ESTAGIOS, BOCAL DE DESCARGA DIAMETRO DE 4 POLEGADAS, HM/Q = 114,0 M / 13,9 M3/H A 57,0 M / 25,0 M3/H","UN    ","CR","25.716,59"]
[757,"BOMBA SUBMERSIVEL,  ELETRICA, TRIFASICA, POTENCIA 6 HP, DIAMETRO DO ROTOR 127 MM, BOCAL DE SAIDA DIAMETRO DE 3 POLEGADAS, HM/Q = 7 M / 66,90 M3/H A 26 M / 2,88 M3/H","UN    ","CR","11.676,97"]
[10588,"BOMBA SUBMERSIVEL, ELETRICA, TRIFASICA, POTENCIA 0,98 HP, DIAMETRO DO ROTOR 142 MM SEMIABERTO, BOCAL DE SAIDA DIAMETRO DE 2 POLEGADAS, HM/Q = 2 M / 32 M3/H A 8 M / 16 M3/H","UN    ","CR","2.577,98"]
[10592,"BOMBA SUBMERSIVEL, ELETRICA, TRIFASICA, POTENCIA 0,99 HP, DIAMETRO ROTOR 98 MM SEMIABERTO, BOCAL DE SAIDA DIAMETRO 2 POLEGADAS, HM/Q = 2 M / 28,90 M3/H A 14 M / 7 M3/H","UN    ","C ","3.113,86"]
[10589,"BOMBA SUBMERSIVEL, ELETRICA, TRIFASICA, POTENCIA 1,97 HP, DIAMETRO DO ROTOR 144 MM SEMIABERTO, BOCAL DE SAIDA DIAMETRO DE 2 POLEGADAS, HM/Q = 2 M / 26,8 M3/H A 28 M / 4,6 M3/H","UN    ","CR","4.183,27"]
[760,"BOMBA SUBMERSIVEL, ELETRICA, TRIFASICA, POTENCIA 13 HP, DIAMETRO DO ROTOR 170 MM, BOCAL DE SAIDA DIAMETRO DE 3 POLEGADAS, HM/Q = 11 M / 68,40 M3/H A 72 M / 3,6 M3/H","UN    ","CR","23.353,95"]
[751,"BOMBA SUBMERSIVEL, ELETRICA, TRIFASICA, POTENCIA 2,96 HP, DIAMETRO DO ROTOR 144 MM SEMIABERTO, BOCAL DE SAIDA DIAMETRO DE DUAS POLEGADAS, HM/Q = 2 M / 38,8 M3/H A 28 M / 5 M3/H","UN    ","CR","3.678,24"]
[754,"BOMBA SUBMERSIVEL, ELETRICA, TRIFASICA, POTENCIA 3,75 HP, DIAMETRO DO ROTOR 90 MM SEMIABERTO, BOCAL DE SAIDA DIAMETRO DE 2 POLEGADAS, HM/Q = 5 M / 61,2 M3/H A 25,5 M / 3,6 M3/H","UN    ","CR","5.838,48"]
[14013,"BOMBA TRIPLEX COM MOTOR A DIESEL, NACIONAL, DIAMETRO DE SUCCAO DE 2 1/2''","UN    ","AS","125.577,57"]
[39917,"BOMBA TRIPLEX, PARA INJECAO DE CALDA DE CIMENTO, VAZAO MAXIMA DE *100* LITROS/MINUTO, PRESSAO MAXIMA DE *70* BAR, POTENCIA DE 15 CV","UN    ","CR","67.214,06"]
[5081,"BORBOLETA EM LATAO FUNDIDO CROMADO, PARA TRAVAR JANELA TIPO GUILHOTINA","PAR   ","CR","16,21"]
[38167,"BORBOLETA EM ZAMAC CROMADO, PARA TRAVAR JANELA TIPO GUILHOTINA","PAR   ","CR","13,97"]
[36145,"BOTA DE PVC PRETA, CANO MEDIO, SEM FORRO","PAR   ","CR","34,56"]
[12893,"BOTA DE SEGURANCA COM BIQUEIRA DE ACO E COLARINHO ACOLCHOADO","PAR   ","CR","57,60"]
[11685,"BRACO / CANO PARA CHUVEIRO ELETRICO, EM ALUMINIO, 30 CM X 1/2 \"","UN    ","CR","17,48"]
[11679,"BRACO OU HASTE COM CANOPLA PLASTICA, 1/2 \", PARA CHUVEIRO ELETRICO","UN    ","CR","6,55"]
[11680,"BRACO OU HASTE COM CANOPLA PLASTICA, 1/2 \", PARA CHUVEIRO SIMPLES","UN    ","CR","5,40"]
[2512,"BRACO P/ LUMINARIA PUBLICA 1 X 1,50M ROMAGNOLE OU EQUIV","UN    ","AS","18,15"]
[4374,"BUCHA DE NYLON SEM ABA S10","UN    ","CR","0,48"]
[7568,"BUCHA DE NYLON SEM ABA S10, COM PARAFUSO DE 6,10 X 65 MM EM ACO ZINCADO COM ROSCA SOBERBA, CABECA CHATA E FENDA PHILLIPS","UN    ","CR","0,79"]
[7584,"BUCHA DE NYLON SEM ABA S12, COM PARAFUSO DE 5/16\" X 80 MM EM ACO ZINCADO COM ROSCA SOBERBA E CABECA SEXTAVADA","UN    ","CR","1,21"]
[11945,"BUCHA DE NYLON SEM ABA S4","UN    ","CR","0,07"]
[11946,"BUCHA DE NYLON SEM ABA S5","UN    ","CR","0,09"]
[4375,"BUCHA DE NYLON SEM ABA S6","UN    ","C ","0,13"]
[11950,"BUCHA DE NYLON SEM ABA S6, COM PARAFUSO DE 4,20 X 40 MM EM ACO ZINCADO COM ROSCA SOBERBA, CABECA CHATA E FENDA PHILLIPS","UN    ","CR","0,26"]
[4376,"BUCHA DE NYLON SEM ABA S8","UN    ","CR","0,25"]
[7583,"BUCHA DE NYLON SEM ABA S8, COM PARAFUSO DE 4,80 X 50 MM EM ACO ZINCADO COM ROSCA SOBERBA, CABECA CHATA E FENDA PHILLIPS","UN    ","CR","0,54"]
[4350,"BUCHA DE NYLON, DIAMETRO DO FURO 8 MM, COMPRIMENTO 40 MM, COM PARAFUSO DE ROSCA SOBERBA, CABECA CHATA, FENDA SIMPLES, 4,8 X 50 MM","UN    ","CR","0,40"]
[39886,"BUCHA DE REDUCAO DE COBRE (REF 600-2) SEM ANEL DE SOLDA, PONTA X BOLSA, 22 X 15 MM","UN    ","AS","2,33"]
[39887,"BUCHA DE REDUCAO DE COBRE (REF 600-2) SEM ANEL DE SOLDA, PONTA X BOLSA, 28 X 22 MM","UN    ","AS","3,49"]
[39888,"BUCHA DE REDUCAO DE COBRE (REF 600-2) SEM ANEL DE SOLDA, PONTA X BOLSA, 35 X 28 MM","UN    ","AS","7,99"]
[39890,"BUCHA DE REDUCAO DE COBRE (REF 600-2) SEM ANEL DE SOLDA, PONTA X BOLSA, 42 X 35 MM","UN    ","AS","13,64"]
[39891,"BUCHA DE REDUCAO DE COBRE (REF 600-2) SEM ANEL DE SOLDA, PONTA X BOLSA, 54 X 42 MM","UN    ","AS","19,23"]
[39892,"BUCHA DE REDUCAO DE COBRE (REF 600-2) SEM ANEL DE SOLDA, PONTA X BOLSA, 66 X 54 MM","UN    ","AS","59,96"]
[790,"BUCHA DE REDUCAO DE FERRO GALVANIZADO, COM ROSCA BSP, DE 1 1/2\" X 1 1/4\"","UN    ","AS","11,44"]
[766,"BUCHA DE REDUCAO DE FERRO GALVANIZADO, COM ROSCA BSP, DE 1 1/2\" X 1/2\"","UN    ","AS","11,44"]
[791,"BUCHA DE REDUCAO DE FERRO GALVANIZADO, COM ROSCA BSP, DE 1 1/2\" X 1\"","UN    ","AS","11,44"]
[767,"BUCHA DE REDUCAO DE FERRO GALVANIZADO, COM ROSCA BSP, DE 1 1/2\" X 3/4\"","UN    ","AS","11,44"]
[768,"BUCHA DE REDUCAO DE FERRO GALVANIZADO, COM ROSCA BSP, DE 1 1/4\" X 1/2\"","UN    ","AS","8,98"]
[789,"BUCHA DE REDUCAO DE FERRO GALVANIZADO, COM ROSCA BSP, DE 1 1/4\" X 1\"","UN    ","AS","8,79"]
[769,"BUCHA DE REDUCAO DE FERRO GALVANIZADO, COM ROSCA BSP, DE 1 1/4\" X 3/4\"","UN    ","AS","8,98"]
[770,"BUCHA DE REDUCAO DE FERRO GALVANIZADO, COM ROSCA BSP, DE 1/2\" X 1/4\"","UN    ","AS","3,17"]
[12394,"BUCHA DE REDUCAO DE FERRO GALVANIZADO, COM ROSCA BSP, DE 1/2\" X 3/8\"","UN    ","AS","3,17"]
[764,"BUCHA DE REDUCAO DE FERRO GALVANIZADO, COM ROSCA BSP, DE 1\" X 1/2\"","UN    ","AS","5,53"]
[765,"BUCHA DE REDUCAO DE FERRO GALVANIZADO, COM ROSCA BSP, DE 1\" X 3/4\"","UN    ","AS","5,53"]
[787,"BUCHA DE REDUCAO DE FERRO GALVANIZADO, COM ROSCA BSP, DE 2 1/2\" X 1 1/2\"","UN    ","AS","24,70"]
[774,"BUCHA DE REDUCAO DE FERRO GALVANIZADO, COM ROSCA BSP, DE 2 1/2\" X 1 1/4\"","UN    ","AS","24,70"]
[773,"BUCHA DE REDUCAO DE FERRO GALVANIZADO, COM ROSCA BSP, DE 2 1/2\" X 1\"","UN    ","AS","24,70"]
[775,"BUCHA DE REDUCAO DE FERRO GALVANIZADO, COM ROSCA BSP, DE 2 1/2\" X 2\"","UN    ","AS","24,70"]
[788,"BUCHA DE REDUCAO DE FERRO GALVANIZADO, COM ROSCA BSP, DE 2\" X 1 1/2\"","UN    ","AS","15,35"]
[772,"BUCHA DE REDUCAO DE FERRO GALVANIZADO, COM ROSCA BSP, DE 2\" X 1 1/4\"","UN    ","AS","15,35"]
[771,"BUCHA DE REDUCAO DE FERRO GALVANIZADO, COM ROSCA BSP, DE 2\" X 1\"","UN    ","AS","15,35"]
[779,"BUCHA DE REDUCAO DE FERRO GALVANIZADO, COM ROSCA BSP, DE 3/4\" X 1/2\"","UN    ","AS","3,81"]
[776,"BUCHA DE REDUCAO DE FERRO GALVANIZADO, COM ROSCA BSP, DE 3\" X 1 1/2\"","UN    ","AS","36,41"]
[777,"BUCHA DE REDUCAO DE FERRO GALVANIZADO, COM ROSCA BSP, DE 3\" X 1 1/4\"","UN    ","AS","35,40"]
[780,"BUCHA DE REDUCAO DE FERRO GALVANIZADO, COM ROSCA BSP, DE 3\" X 2 1/2\"","UN    ","AS","35,57"]
[778,"BUCHA DE REDUCAO DE FERRO GALVANIZADO, COM ROSCA BSP, DE 3\" X 2\"","UN    ","AS","36,41"]
[781,"BUCHA DE REDUCAO DE FERRO GALVANIZADO, COM ROSCA BSP, DE 4\" X 2 1/2\"","UN    ","AS","67,28"]
[786,"BUCHA DE REDUCAO DE FERRO GALVANIZADO, COM ROSCA BSP, DE 4\" X 2\"","UN    ","AS","67,28"]
[782,"BUCHA DE REDUCAO DE FERRO GALVANIZADO, COM ROSCA BSP, DE 4\" X 3\"","UN    ","AS","67,28"]
[783,"BUCHA DE REDUCAO DE FERRO GALVANIZADO, COM ROSCA BSP, DE 5\" X 4\"","UN    ","AS","184,14"]
[785,"BUCHA DE REDUCAO DE FERRO GALVANIZADO, COM ROSCA BSP, DE 6\" X 4\"","UN    ","AS","194,56"]
[784,"BUCHA DE REDUCAO DE FERRO GALVANIZADO, COM ROSCA BSP, DE 6\" X 5\"","UN    ","AS","208,72"]
[831,"BUCHA DE REDUCAO DE PVC, SOLDAVEL, CURTA, COM 110 X 85 MM, PARA AGUA FRIA PREDIAL","UN    ","CR","77,69"]
[828,"BUCHA DE REDUCAO DE PVC, SOLDAVEL, CURTA, COM 25 X 20 MM, PARA AGUA FRIA PREDIAL","UN    ","CR","0,57"]
[829,"BUCHA DE REDUCAO DE PVC, SOLDAVEL, CURTA, COM 32 X 25 MM, PARA AGUA FRIA PREDIAL","UN    ","CR","1,09"]
[812,"BUCHA DE REDUCAO DE PVC, SOLDAVEL, CURTA, COM 40 X 32 MM, PARA AGUA FRIA PREDIAL","UN    ","C ","2,31"]
[819,"BUCHA DE REDUCAO DE PVC, SOLDAVEL, CURTA, COM 50 X 40 MM, PARA AGUA FRIA PREDIAL","UN    ","CR","4,09"]
[818,"BUCHA DE REDUCAO DE PVC, SOLDAVEL, CURTA, COM 60 X 50 MM, PARA AGUA FRIA PREDIAL","UN    ","CR","7,67"]
[823,"BUCHA DE REDUCAO DE PVC, SOLDAVEL, CURTA, COM 75 X 60 MM, PARA AGUA FRIA PREDIAL","UN    ","CR","18,93"]
[830,"BUCHA DE REDUCAO DE PVC, SOLDAVEL, CURTA, COM 85 X 75 MM, PARA AGUA FRIA PREDIAL","UN    ","CR","15,28"]
[826,"BUCHA DE REDUCAO DE PVC, SOLDAVEL, LONGA, COM 110 X 60 MM, PARA AGUA FRIA PREDIAL","UN    ","CR","45,48"]
[827,"BUCHA DE REDUCAO DE PVC, SOLDAVEL, LONGA, COM 110 X 75 MM, PARA AGUA FRIA PREDIAL","UN    ","CR","38,35"]
[832,"BUCHA DE REDUCAO DE PVC, SOLDAVEL, LONGA, COM 32 X 20 MM, PARA AGUA FRIA PREDIAL","UN    ","CR","2,45"]
[833,"BUCHA DE REDUCAO DE PVC, SOLDAVEL, LONGA, COM 40 X 20 MM, PARA AGUA FRIA PREDIAL","UN    ","CR","3,59"]
[834,"BUCHA DE REDUCAO DE PVC, SOLDAVEL, LONGA, COM 40 X 25 MM, PARA AGUA FRIA PREDIAL","UN    ","CR","3,96"]
[825,"BUCHA DE REDUCAO DE PVC, SOLDAVEL, LONGA, COM 50 X 20 MM, PARA AGUA FRIA PREDIAL","UN    ","CR","4,24"]
[813,"BUCHA DE REDUCAO DE PVC, SOLDAVEL, LONGA, COM 50 X 25 MM, PARA AGUA FRIA PREDIAL","UN    ","CR","5,19"]
[820,"BUCHA DE REDUCAO DE PVC, SOLDAVEL, LONGA, COM 50 X 32 MM, PARA AGUA FRIA PREDIAL","UN    ","CR","5,67"]
[816,"BUCHA DE REDUCAO DE PVC, SOLDAVEL, LONGA, COM 60 X 25 MM, PARA AGUA FRIA PREDIAL","UN    ","CR","9,71"]
[814,"BUCHA DE REDUCAO DE PVC, SOLDAVEL, LONGA, COM 60 X 32 MM, PARA AGUA FRIA PREDIAL","UN    ","CR","12,10"]
[815,"BUCHA DE REDUCAO DE PVC, SOLDAVEL, LONGA, COM 60 X 40 MM, PARA AGUA FRIA PREDIAL","UN    ","CR","12,41"]
[822,"BUCHA DE REDUCAO DE PVC, SOLDAVEL, LONGA, COM 60 X 50 MM, PARA AGUA FRIA PREDIAL","UN    ","CR","14,37"]
[821,"BUCHA DE REDUCAO DE PVC, SOLDAVEL, LONGA, COM 75 X 50 MM, PARA AGUA FRIA PREDIAL","UN    ","CR","17,19"]
[817,"BUCHA DE REDUCAO DE PVC, SOLDAVEL, LONGA, COM 85 X 60 MM, PARA AGUA FRIA PREDIAL","UN    ","CR","23,49"]
[20086,"BUCHA DE REDUCAO DE PVC, SOLDAVEL, LONGA, 50 X 40 MM, PARA ESGOTO PREDIAL","UN    ","CR","3,23"]
[39191,"BUCHA DE REDUCAO EM ALUMINIO, COM ROSCA, DE 1 1/2\" X 1 1/4\", PARA ELETRODUTO","UN    ","CR","12,41"]
[39190,"BUCHA DE REDUCAO EM ALUMINIO, COM ROSCA, DE 1 1/2\" X 1\", PARA ELETRODUTO","UN    ","CR","12,96"]
[39189,"BUCHA DE REDUCAO EM ALUMINIO, COM ROSCA, DE 1 1/2\" X 3/4\", PARA ELETRODUTO","UN    ","CR","13,72"]
[39186,"BUCHA DE REDUCAO EM ALUMINIO, COM ROSCA, DE 1 1/4\" X 1/2\", PARA ELETRODUTO","UN    ","CR","12,27"]
[39188,"BUCHA DE REDUCAO EM ALUMINIO, COM ROSCA, DE 1 1/4\" X 1\", PARA ELETRODUTO","UN    ","CR","10,10"]
[39187,"BUCHA DE REDUCAO EM ALUMINIO, COM ROSCA, DE 1 1/4\" X 3/4\", PARA ELETRODUTO","UN    ","CR","10,58"]
[39184,"BUCHA DE REDUCAO EM ALUMINIO, COM ROSCA, DE 1\" X 1/2\", PARA ELETRODUTO","UN    ","CR","3,98"]
[39185,"BUCHA DE REDUCAO EM ALUMINIO, COM ROSCA, DE 1\" X 3/4\", PARA ELETRODUTO","UN    ","CR","3,63"]
[39198,"BUCHA DE REDUCAO EM ALUMINIO, COM ROSCA, DE 2 1/2\" X 1 1/2\", PARA ELETRODUTO","UN    ","CR","40,71"]
[39197,"BUCHA DE REDUCAO EM ALUMINIO, COM ROSCA, DE 2 1/2\" X 1 1/4\", PARA ELETRODUTO","UN    ","CR","42,53"]
[39196,"BUCHA DE REDUCAO EM ALUMINIO, COM ROSCA, DE 2 1/2\" X 1\", PARA ELETRODUTO","UN    ","CR","43,86"]
[39199,"BUCHA DE REDUCAO EM ALUMINIO, COM ROSCA, DE 2 1/2\" X 2\", PARA ELETRODUTO","UN    ","CR","39,18"]
[39195,"BUCHA DE REDUCAO EM ALUMINIO, COM ROSCA, DE 2\" X 1 1/2\", PARA ELETRODUTO","UN    ","CR","22,61"]
[39194,"BUCHA DE REDUCAO EM ALUMINIO, COM ROSCA, DE 2\" X 1 1/4\", PARA ELETRODUTO","UN    ","CR","24,20"]
[39193,"BUCHA DE REDUCAO EM ALUMINIO, COM ROSCA, DE 2\" X 1\", PARA ELETRODUTO","UN    ","CR","26,52"]
[39192,"BUCHA DE REDUCAO EM ALUMINIO, COM ROSCA, DE 2\" X 3/4\", PARA ELETRODUTO","UN    ","CR","27,59"]
[39920,"BUCHA DE REDUCAO EM ALUMINIO, COM ROSCA, DE 3/4\" X 1/2\",  PARA ELETRODUTO","UN    ","CR","3,34"]
[39201,"BUCHA DE REDUCAO EM ALUMINIO, COM ROSCA, DE 3\" X 1 1/2\", PARA ELETRODUTO","UN    ","CR","48,67"]
[39200,"BUCHA DE REDUCAO EM ALUMINIO, COM ROSCA, DE 3\" X 1 1/4\", PARA ELETRODUTO","UN    ","CR","49,07"]
[39203,"BUCHA DE REDUCAO EM ALUMINIO, COM ROSCA, DE 3\" X 2 1/2\", PARA ELETRODUTO","UN    ","CR","39,62"]
[39202,"BUCHA DE REDUCAO EM ALUMINIO, COM ROSCA, DE 3\" X 2\", PARA ELETRODUTO","UN    ","CR","46,54"]
[39205,"BUCHA DE REDUCAO EM ALUMINIO, COM ROSCA, DE 4\" X 2 1/2\", PARA ELETRODUTO","UN    ","CR","77,65"]
[39204,"BUCHA DE REDUCAO EM ALUMINIO, COM ROSCA, DE 4\" X 2\", PARA ELETRODUTO","UN    ","CR","79,52"]
[39206,"BUCHA DE REDUCAO EM ALUMINIO, COM ROSCA, DE 4\" X 3\", PARA ELETRODUTO","UN    ","CR","75,45"]
[797,"BUCHA DE REDUCAO PVC ROSCAVEL 1 1/2\" X 1\"","UN    ","AS","6,06"]
[798,"BUCHA DE REDUCAO PVC ROSCAVEL 3/4\" X 1/2\"","UN    ","AS","0,89"]
[796,"BUCHA DE REDUCAO PVC ROSCAVEL, 1 1/2\" X 3/4\"","UN    ","AS","5,97"]
[799,"BUCHA DE REDUCAO PVC ROSCAVEL, 1\" X 1/2\"","UN    ","AS","2,74"]
[792,"BUCHA DE REDUCAO PVC ROSCAVEL, 1\" X 3/4\"","UN    ","AS","2,60"]
[804,"BUCHA DE REDUCAO PVC, ROSCAVEL,  2\"  X 1 1/2 \"","UN    ","CR","8,97"]
[793,"BUCHA DE REDUCAO PVC, ROSCAVEL, 1 1/2\"  X1 1/4 \"","UN    ","CR","4,44"]
[801,"BUCHA DE REDUCAO PVC, ROSCAVEL, 1 1/4\"  X 3/4 \"","UN    ","CR","3,00"]
[794,"BUCHA DE REDUCAO PVC, ROSCAVEL, 1 1/4\" X 1 \"","UN    ","CR","3,14"]
[802,"BUCHA DE REDUCAO PVC, ROSCAVEL, 2\"  X 1 \"","UN    ","CR","9,47"]
[803,"BUCHA DE REDUCAO PVC, ROSCAVEL, 2\"  X 1 1/4 \"","UN    ","CR","9,87"]
[38001,"BUCHA DE REDUCAO, CPVC, SOLDAVEL, 22 X 15 MM, PARA AGUA QUENTE","UN    ","AS","0,62"]
[38002,"BUCHA DE REDUCAO, CPVC, SOLDAVEL, 28 X 22 MM, PARA AGUA QUENTE","UN    ","AS","1,15"]
[38003,"BUCHA DE REDUCAO, CPVC, SOLDAVEL, 35 X 28 MM, PARA AGUA QUENTE","UN    ","AS","13,87"]
[38004,"BUCHA DE REDUCAO, CPVC, SOLDAVEL, 42 X 22 MM, PARA AGUA QUENTE","UN    ","AS","18,54"]
[36327,"BUCHA DE REDUCAO, PPR, DN 25 X 20 MM, PARA AGUA QUENTE PREDIAL","UN    ","AS","1,46"]
[38992,"BUCHA DE REDUCAO, PPR, DN 32 X 25 MM, PARA AGUA QUENTE E FRIA PREDIAL","UN    ","AS","2,34"]
[38993,"BUCHA DE REDUCAO, PPR, DN 40 X 25 MM, PARA AGUA QUENTE E FRIA PREDIAL","UN    ","AS","6,67"]
[38418,"BUCHA DE REDUCAO, PVC, LONGA, SERIE R, DN 50 X 40 MM, PARA ESGOTO PREDIAL","UN    ","CR","3,62"]
[39178,"BUCHA EM ALUMINIO, COM ROSCA, DE  1 1/2\", PARA ELETRODUTO","UN    ","CR","1,34"]
[39177,"BUCHA EM ALUMINIO, COM ROSCA, DE 1 1/4\", PARA ELETRODUTO","UN    ","CR","1,21"]
[39174,"BUCHA EM ALUMINIO, COM ROSCA, DE 1/2\", PARA ELETRODUTO","UN    ","CR","0,60"]
[39176,"BUCHA EM ALUMINIO, COM ROSCA, DE 1\", PARA ELETRODUTO","UN    ","CR","0,79"]
[39180,"BUCHA EM ALUMINIO, COM ROSCA, DE 2 1/2\", PARA ELETRODUTO","UN    ","CR","3,64"]
[39179,"BUCHA EM ALUMINIO, COM ROSCA, DE 2\", PARA ELETRODUTO","UN    ","CR","3,22"]
[39175,"BUCHA EM ALUMINIO, COM ROSCA, DE 3/4\", PARA ELETRODUTO","UN    ","CR","0,74"]
[39217,"BUCHA EM ALUMINIO, COM ROSCA, DE 3/8\", PARA ELETRODUTO","UN    ","CR","0,57"]
[39181,"BUCHA EM ALUMINIO, COM ROSCA, DE 3\", PARA ELETRODUTO","UN    ","CR","4,88"]
[39182,"BUCHA EM ALUMINIO, COM ROSCA, DE 4\", PARA ELETRODUTO","UN    ","CR","6,87"]
[12616,"CABECEIRA DIREITA OU ESQUERDA, PVC, PARA CALHA PLUVIAL, DIAMETRO ENTRE 119 E 170 MM, PARA DRENAGEM PREDIAL","UN    ","AS","4,64"]
[1049,"CABECOTE PARA ENTRADA DE LINHA DE ALIMENTACAO PARA ELETRODUTO, EM LIGA DE ALUMINIO COM ACABAMENTO ANTI CORROSIVO, COM FIXACAO POR ENCAIXE LISO DE 360 GRAUS, DE 1 1/2\"","UN    ","CR","5,75"]
[1099,"CABECOTE PARA ENTRADA DE LINHA DE ALIMENTACAO PARA ELETRODUTO, EM LIGA DE ALUMINIO COM ACABAMENTO ANTI CORROSIVO, COM FIXACAO POR ENCAIXE LISO DE 360 GRAUS, DE 1 1/4\"","UN    ","CR","4,40"]
[39678,"CABECOTE PARA ENTRADA DE LINHA DE ALIMENTACAO PARA ELETRODUTO, EM LIGA DE ALUMINIO COM ACABAMENTO ANTI CORROSIVO, COM FIXACAO POR ENCAIXE LISO DE 360 GRAUS, DE 1/2\"","UN    ","CR","1,77"]
[1050,"CABECOTE PARA ENTRADA DE LINHA DE ALIMENTACAO PARA ELETRODUTO, EM LIGA DE ALUMINIO COM ACABAMENTO ANTI CORROSIVO, COM FIXACAO POR ENCAIXE LISO DE 360 GRAUS, DE 1\"","UN    ","CR","3,01"]
[1101,"CABECOTE PARA ENTRADA DE LINHA DE ALIMENTACAO PARA ELETRODUTO, EM LIGA DE ALUMINIO COM ACABAMENTO ANTI CORROSIVO, COM FIXACAO POR ENCAIXE LISO DE 360 GRAUS, DE 2 1/2\"","UN    ","CR","18,97"]
[1100,"CABECOTE PARA ENTRADA DE LINHA DE ALIMENTACAO PARA ELETRODUTO, EM LIGA DE ALUMINIO COM ACABAMENTO ANTI CORROSIVO, COM FIXACAO POR ENCAIXE LISO DE 360 GRAUS, DE 2\"","UN    ","CR","9,79"]
[39679,"CABECOTE PARA ENTRADA DE LINHA DE ALIMENTACAO PARA ELETRODUTO, EM LIGA DE ALUMINIO COM ACABAMENTO ANTI CORROSIVO, COM FIXACAO POR ENCAIXE LISO DE 360 GRAUS, DE 3 1/2\"","UN    ","CR","37,81"]
[1098,"CABECOTE PARA ENTRADA DE LINHA DE ALIMENTACAO PARA ELETRODUTO, EM LIGA DE ALUMINIO COM ACABAMENTO ANTI CORROSIVO, COM FIXACAO POR ENCAIXE LISO DE 360 GRAUS, DE 3/4\"","UN    ","CR","2,35"]
[1102,"CABECOTE PARA ENTRADA DE LINHA DE ALIMENTACAO PARA ELETRODUTO, EM LIGA DE ALUMINIO COM ACABAMENTO ANTI CORROSIVO, COM FIXACAO POR ENCAIXE LISO DE 360 GRAUS, DE 3\"","UN    ","CR","28,29"]
[1051,"CABECOTE PARA ENTRADA DE LINHA DE ALIMENTACAO PARA ELETRODUTO, EM LIGA DE ALUMINIO COM ACABAMENTO ANTI CORROSIVO, COM FIXACAO POR ENCAIXE LISO DE 360 GRAUS, DE 4\"","UN    ","CR","41,12"]
[37399,"CABIDE/GANCHO DE BANHEIRO SIMPLES EM METAL CROMADO","UN    ","CR","33,22"]
[42014,"CABO DE ACO GALVANIZADO, DIAMETRO 12,7 MM (1/2\"), COM ALMA DE ACO CABO INDEPENDENTE 6 X 25 F (COLETADO CAIXA)","KG    ","CR","20,07"]
[42012,"CABO DE ACO GALVANIZADO, DIAMETRO 12,7 MM (1/2\"), COM ALMA DE FIBRA 6 X 25 F (COLETADO CAIXA)","KG    ","CR","15,26"]
[42013,"CABO DE ACO GALVANIZADO, DIAMETRO 9,53 MM (3/8\"), COM ALMA DE FIBRA 6 X 25 F (COLETADO CAIXA)","KG    ","CR","8,21"]
[25004,"CABO DE ALUMINIO NU COM ALMA DE ACO, BITOLA 1/0 AWG","KG    ","AS","19,31"]
[25002,"CABO DE ALUMINIO NU COM ALMA DE ACO, BITOLA 2 AWG","KG    ","AS","19,47"]
[37409,"CABO DE ALUMINIO NU COM ALMA DE ACO, BITOLA 2/0 AWG","KG    ","AS","19,15"]
[841,"CABO DE ALUMINIO NU COM ALMA DE ACO, BITOLA 4 AWG","KG    ","AS","19,78"]
[25005,"CABO DE ALUMINIO NU SEM ALMA DE ACO, BITOLA 1/0 AWG","KG    ","AS","21,69"]
[25003,"CABO DE ALUMINIO NU SEM ALMA DE ACO, BITOLA 2 AWG","KG    ","AS","23,16"]
[37410,"CABO DE ALUMINIO NU SEM ALMA DE ACO, BITOLA 2/0 AWG","KG    ","AS","21,69"]
[842,"CABO DE ALUMINIO NU SEM ALMA DE ACO, BITOLA 4 AWG","KG    ","AS","24,40"]
[862,"CABO DE COBRE NU 10 MM2 MEIO-DURO","M     ","AS","3,98"]
[866,"CABO DE COBRE NU 120 MM2 MEIO-DURO","M     ","AS","48,97"]
[892,"CABO DE COBRE NU 150 MM2 MEIO-DURO","M     ","AS","62,28"]
[857,"CABO DE COBRE NU 16 MM2 MEIO-DURO","M     ","AS","6,34"]
[37404,"CABO DE COBRE NU 185 MM2 MEIO-DURO","M     ","AS","74,89"]
[868,"CABO DE COBRE NU 25 MM2 MEIO-DURO","M     ","AS","9,79"]
[870,"CABO DE COBRE NU 300 MM2 MEIO-DURO","M     ","AS","129,04"]
[863,"CABO DE COBRE NU 35 MM2 MEIO-DURO","M     ","AS","13,52"]
[867,"CABO DE COBRE NU 50 MM2 MEIO-DURO","M     ","AS","18,84"]
[891,"CABO DE COBRE NU 500 MM2 MEIO-DURO","M     ","AS","216,72"]
[864,"CABO DE COBRE NU 70 MM2 MEIO-DURO","M     ","AS","26,54"]
[865,"CABO DE COBRE NU 95 MM2 MEIO-DURO","M     ","AS","37,38"]
[1006,"CABO DE COBRE RIGIDO, CLASSE 2, ISOLACAO EM PVC, ANTI-CHAMA BWF-B, 1 CONDUTOR, 450/750 V, DIAMETRO 120 MM2","M     ","CR","75,85"]
[948,"CABO DE COBRE UNIPOLAR 10 MM2, BLINDADO, ISOLACAO 3,6/6 KV EPR, COBERTURA EM PVC","M     ","AS","24,18"]
[947,"CABO DE COBRE UNIPOLAR 16 MM2, BLINDADO, ISOLACAO 3,6/6 KV EPR, COBERTURA EM PVC","M     ","AS","24,59"]
[911,"CABO DE COBRE UNIPOLAR 16 MM2, BLINDADO, ISOLACAO 6/10 KV EPR, COBERTURA EM PVC","M     ","AS","35,77"]
[925,"CABO DE COBRE UNIPOLAR 25 MM2, BLINDADO, ISOLACAO 3,6/6 KV EPR, COBERTURA EM PVC","M     ","AS","33,06"]
[954,"CABO DE COBRE UNIPOLAR 25MM2, BLINDADO, ISOLACAO 6/10 KV EPR, COBERTURA EM PVC","M     ","AS","36,52"]
[901,"CABO DE COBRE UNIPOLAR 35 MM2, BLINDADO, ISOLACAO 12/20 KV EPR, COBERTURA EM PVC","M     ","AS","39,09"]
[926,"CABO DE COBRE UNIPOLAR 35 MM2, BLINDADO, ISOLACAO 3,6/6 KV EPR, COBERTURA EM PVC","M     ","AS","41,31"]
[912,"CABO DE COBRE UNIPOLAR 35 MM2, BLINDADO, ISOLACAO 6/10 KV EPR, COBERTURA EM PVC","M     ","AS","41,56"]
[955,"CABO DE COBRE UNIPOLAR 50 MM2, BLINDADO, ISOLACAO 12/20 KV EPR, COBERTURA EM PVC","M     ","AS","49,61"]
[946,"CABO DE COBRE UNIPOLAR 50 MM2, BLINDADO, ISOLACAO 3,6/6 KV EPR, COBERTURA EM PVC","M     ","AS","55,77"]
[953,"CABO DE COBRE UNIPOLAR 50 MM2, BLINDADO, ISOLACAO 6/10 KV EPR, COBERTURA EM PVC","M     ","AS","50,75"]
[902,"CABO DE COBRE UNIPOLAR 70 MM2, BLINDADO, ISOLACAO 12/20 KV EPR, COBERTURA EM PVC","M     ","AS","61,70"]
[927,"CABO DE COBRE UNIPOLAR 70 MM2, BLINDADO, ISOLACAO 3,6/6 KV EPR, COBERTURA EM PVC","M     ","AS","59,80"]
[913,"CABO DE COBRE UNIPOLAR 70 MM2, BLINDADO, ISOLACAO 6/10 KV EPR, COBERTURA EM PVC","M     ","AS","66,75"]
[903,"CABO DE COBRE UNIPOLAR 95 MM2, BLINDADO, ISOLACAO 12/20 KV EPR, COBERTURA EM PVC","M     ","AS","75,54"]
[945,"CABO DE COBRE UNIPOLAR 95 MM2, BLINDADO, ISOLACAO 3,6/6 KV EPR, COBERTURA EM PVC","M     ","AS","79,91"]
[914,"CABO DE COBRE UNIPOLAR 95 MM2, BLINDADO, ISOLACAO 6/10 KV EPR, COBERTURA EM PVC","M     ","AS","81,87"]
[993,"CABO DE COBRE, FLEXIVEL, CLASSE 4 OU 5, ISOLACAO EM PVC/A, ANTICHAMA BWF-B, COBERTURA PVC-ST1, ANTICHAMA BWF-B, 1 CONDUTOR, 0,6/1 KV, SECAO NOMINAL 1,5 MM2","M     ","CR","1,63"]
[1020,"CABO DE COBRE, FLEXIVEL, CLASSE 4 OU 5, ISOLACAO EM PVC/A, ANTICHAMA BWF-B, COBERTURA PVC-ST1, ANTICHAMA BWF-B, 1 CONDUTOR, 0,6/1 KV, SECAO NOMINAL 10 MM2","M     ","CR","7,11"]
[1017,"CABO DE COBRE, FLEXIVEL, CLASSE 4 OU 5, ISOLACAO EM PVC/A, ANTICHAMA BWF-B, COBERTURA PVC-ST1, ANTICHAMA BWF-B, 1 CONDUTOR, 0,6/1 KV, SECAO NOMINAL 120 MM2","M     ","CR","78,14"]
[999,"CABO DE COBRE, FLEXIVEL, CLASSE 4 OU 5, ISOLACAO EM PVC/A, ANTICHAMA BWF-B, COBERTURA PVC-ST1, ANTICHAMA BWF-B, 1 CONDUTOR, 0,6/1 KV, SECAO NOMINAL 150 MM2","M     ","CR","96,81"]
[995,"CABO DE COBRE, FLEXIVEL, CLASSE 4 OU 5, ISOLACAO EM PVC/A, ANTICHAMA BWF-B, COBERTURA PVC-ST1, ANTICHAMA BWF-B, 1 CONDUTOR, 0,6/1 KV, SECAO NOMINAL 16 MM2","M     ","CR","10,91"]
[1000,"CABO DE COBRE, FLEXIVEL, CLASSE 4 OU 5, ISOLACAO EM PVC/A, ANTICHAMA BWF-B, COBERTURA PVC-ST1, ANTICHAMA BWF-B, 1 CONDUTOR, 0,6/1 KV, SECAO NOMINAL 185 MM2","M     ","CR","118,68"]
[1022,"CABO DE COBRE, FLEXIVEL, CLASSE 4 OU 5, ISOLACAO EM PVC/A, ANTICHAMA BWF-B, COBERTURA PVC-ST1, ANTICHAMA BWF-B, 1 CONDUTOR, 0,6/1 KV, SECAO NOMINAL 2,5 MM2","M     ","CR","2,26"]
[1015,"CABO DE COBRE, FLEXIVEL, CLASSE 4 OU 5, ISOLACAO EM PVC/A, ANTICHAMA BWF-B, COBERTURA PVC-ST1, ANTICHAMA BWF-B, 1 CONDUTOR, 0,6/1 KV, SECAO NOMINAL 240 MM2","M     ","CR","156,28"]
[996,"CABO DE COBRE, FLEXIVEL, CLASSE 4 OU 5, ISOLACAO EM PVC/A, ANTICHAMA BWF-B, COBERTURA PVC-ST1, ANTICHAMA BWF-B, 1 CONDUTOR, 0,6/1 KV, SECAO NOMINAL 25 MM2","M     ","CR","16,60"]
[1001,"CABO DE COBRE, FLEXIVEL, CLASSE 4 OU 5, ISOLACAO EM PVC/A, ANTICHAMA BWF-B, COBERTURA PVC-ST1, ANTICHAMA BWF-B, 1 CONDUTOR, 0,6/1 KV, SECAO NOMINAL 300 MM2","M     ","CR","195,57"]
[1019,"CABO DE COBRE, FLEXIVEL, CLASSE 4 OU 5, ISOLACAO EM PVC/A, ANTICHAMA BWF-B, COBERTURA PVC-ST1, ANTICHAMA BWF-B, 1 CONDUTOR, 0,6/1 KV, SECAO NOMINAL 35 MM2","M     ","CR","22,89"]
[1021,"CABO DE COBRE, FLEXIVEL, CLASSE 4 OU 5, ISOLACAO EM PVC/A, ANTICHAMA BWF-B, COBERTURA PVC-ST1, ANTICHAMA BWF-B, 1 CONDUTOR, 0,6/1 KV, SECAO NOMINAL 4 MM2","M     ","CR","3,25"]
[39249,"CABO DE COBRE, FLEXIVEL, CLASSE 4 OU 5, ISOLACAO EM PVC/A, ANTICHAMA BWF-B, COBERTURA PVC-ST1, ANTICHAMA BWF-B, 1 CONDUTOR, 0,6/1 KV, SECAO NOMINAL 400 MM2","M     ","CR","255,13"]
[1018,"CABO DE COBRE, FLEXIVEL, CLASSE 4 OU 5, ISOLACAO EM PVC/A, ANTICHAMA BWF-B, COBERTURA PVC-ST1, ANTICHAMA BWF-B, 1 CONDUTOR, 0,6/1 KV, SECAO NOMINAL 50 MM2","M     ","CR","32,62"]
[39250,"CABO DE COBRE, FLEXIVEL, CLASSE 4 OU 5, ISOLACAO EM PVC/A, ANTICHAMA BWF-B, COBERTURA PVC-ST1, ANTICHAMA BWF-B, 1 CONDUTOR, 0,6/1 KV, SECAO NOMINAL 500 MM2","M     ","CR","327,73"]
[994,"CABO DE COBRE, FLEXIVEL, CLASSE 4 OU 5, ISOLACAO EM PVC/A, ANTICHAMA BWF-B, COBERTURA PVC-ST1, ANTICHAMA BWF-B, 1 CONDUTOR, 0,6/1 KV, SECAO NOMINAL 6 MM2","M     ","CR","4,44"]
[977,"CABO DE COBRE, FLEXIVEL, CLASSE 4 OU 5, ISOLACAO EM PVC/A, ANTICHAMA BWF-B, COBERTURA PVC-ST1, ANTICHAMA BWF-B, 1 CONDUTOR, 0,6/1 KV, SECAO NOMINAL 70 MM2","M     ","CR","45,19"]
[998,"CABO DE COBRE, FLEXIVEL, CLASSE 4 OU 5, ISOLACAO EM PVC/A, ANTICHAMA BWF-B, COBERTURA PVC-ST1, ANTICHAMA BWF-B, 1 CONDUTOR, 0,6/1 KV, SECAO NOMINAL 95 MM2","M     ","CR","60,02"]
[39251,"CABO DE COBRE, FLEXIVEL, CLASSE 4 OU 5, ISOLACAO EM PVC/A, ANTICHAMA BWF-B, 1 CONDUTOR, 450/750 V, SECAO NOMINAL 0,5 MM2","M     ","CR","0,43"]
[1011,"CABO DE COBRE, FLEXIVEL, CLASSE 4 OU 5, ISOLACAO EM PVC/A, ANTICHAMA BWF-B, 1 CONDUTOR, 450/750 V, SECAO NOMINAL 0,75 MM2","M     ","CR","0,60"]
[39252,"CABO DE COBRE, FLEXIVEL, CLASSE 4 OU 5, ISOLACAO EM PVC/A, ANTICHAMA BWF-B, 1 CONDUTOR, 450/750 V, SECAO NOMINAL 1,0 MM2","M     ","CR","0,72"]
[1013,"CABO DE COBRE, FLEXIVEL, CLASSE 4 OU 5, ISOLACAO EM PVC/A, ANTICHAMA BWF-B, 1 CONDUTOR, 450/750 V, SECAO NOMINAL 1,5 MM2","M     ","CR","0,96"]
[980,"CABO DE COBRE, FLEXIVEL, CLASSE 4 OU 5, ISOLACAO EM PVC/A, ANTICHAMA BWF-B, 1 CONDUTOR, 450/750 V, SECAO NOMINAL 10 MM2","M     ","CR","6,52"]
[39237,"CABO DE COBRE, FLEXIVEL, CLASSE 4 OU 5, ISOLACAO EM PVC/A, ANTICHAMA BWF-B, 1 CONDUTOR, 450/750 V, SECAO NOMINAL 120 MM2","M     ","CR","77,32"]
[39238,"CABO DE COBRE, FLEXIVEL, CLASSE 4 OU 5, ISOLACAO EM PVC/A, ANTICHAMA BWF-B, 1 CONDUTOR, 450/750 V, SECAO NOMINAL 150 MM2","M     ","CR","96,53"]
[979,"CABO DE COBRE, FLEXIVEL, CLASSE 4 OU 5, ISOLACAO EM PVC/A, ANTICHAMA BWF-B, 1 CONDUTOR, 450/750 V, SECAO NOMINAL 16 MM2","M     ","C ","10,05"]
[39239,"CABO DE COBRE, FLEXIVEL, CLASSE 4 OU 5, ISOLACAO EM PVC/A, ANTICHAMA BWF-B, 1 CONDUTOR, 450/750 V, SECAO NOMINAL 185 MM2","M     ","CR","117,48"]
[1014,"CABO DE COBRE, FLEXIVEL, CLASSE 4 OU 5, ISOLACAO EM PVC/A, ANTICHAMA BWF-B, 1 CONDUTOR, 450/750 V, SECAO NOMINAL 2,5 MM2","M     ","CR","1,52"]
[39240,"CABO DE COBRE, FLEXIVEL, CLASSE 4 OU 5, ISOLACAO EM PVC/A, ANTICHAMA BWF-B, 1 CONDUTOR, 450/750 V, SECAO NOMINAL 240 MM2","M     ","CR","155,27"]
[39232,"CABO DE COBRE, FLEXIVEL, CLASSE 4 OU 5, ISOLACAO EM PVC/A, ANTICHAMA BWF-B, 1 CONDUTOR, 450/750 V, SECAO NOMINAL 25 MM2","M     ","CR","16,12"]
[39233,"CABO DE COBRE, FLEXIVEL, CLASSE 4 OU 5, ISOLACAO EM PVC/A, ANTICHAMA BWF-B, 1 CONDUTOR, 450/750 V, SECAO NOMINAL 35 MM2","M     ","CR","22,17"]
[981,"CABO DE COBRE, FLEXIVEL, CLASSE 4 OU 5, ISOLACAO EM PVC/A, ANTICHAMA BWF-B, 1 CONDUTOR, 450/750 V, SECAO NOMINAL 4 MM2","M     ","CR","2,72"]
[39234,"CABO DE COBRE, FLEXIVEL, CLASSE 4 OU 5, ISOLACAO EM PVC/A, ANTICHAMA BWF-B, 1 CONDUTOR, 450/750 V, SECAO NOMINAL 50 MM2","M     ","CR","32,53"]
[982,"CABO DE COBRE, FLEXIVEL, CLASSE 4 OU 5, ISOLACAO EM PVC/A, ANTICHAMA BWF-B, 1 CONDUTOR, 450/750 V, SECAO NOMINAL 6 MM2","M     ","CR","3,81"]
[39235,"CABO DE COBRE, FLEXIVEL, CLASSE 4 OU 5, ISOLACAO EM PVC/A, ANTICHAMA BWF-B, 1 CONDUTOR, 450/750 V, SECAO NOMINAL 70 MM2","M     ","CR","45,75"]
[39236,"CABO DE COBRE, FLEXIVEL, CLASSE 4 OU 5, ISOLACAO EM PVC/A, ANTICHAMA BWF-B, 1 CONDUTOR, 450/750 V, SECAO NOMINAL 95 MM2","M     ","CR","59,98"]
[876,"CABO DE COBRE, RIGIDO, CLASSE 2, COMPACTADO, BLINDADO, ISOLACAO EM EPR OU XLPE, COBERTURA ANTICHAMA EM PVC, PEAD OU HFFR, 1 CONDUTOR, 20/35 KV, SECAO NOMINAL 120 MM2","M     ","CR","154,84"]
[877,"CABO DE COBRE, RIGIDO, CLASSE 2, COMPACTADO, BLINDADO, ISOLACAO EM EPR OU XLPE, COBERTURA ANTICHAMA EM PVC, PEAD OU HFFR, 1 CONDUTOR, 20/35 KV, SECAO NOMINAL 150 MM2","M     ","CR","182,03"]
[882,"CABO DE COBRE, RIGIDO, CLASSE 2, COMPACTADO, BLINDADO, ISOLACAO EM EPR OU XLPE, COBERTURA ANTICHAMA EM PVC, PEAD OU HFFR, 1 CONDUTOR, 20/35 KV, SECAO NOMINAL 185 MM2","M     ","CR","198,35"]
[878,"CABO DE COBRE, RIGIDO, CLASSE 2, COMPACTADO, BLINDADO, ISOLACAO EM EPR OU XLPE, COBERTURA ANTICHAMA EM PVC, PEAD OU HFFR, 1 CONDUTOR, 20/35 KV, SECAO NOMINAL 240 MM2","M     ","CR","246,59"]
[879,"CABO DE COBRE, RIGIDO, CLASSE 2, COMPACTADO, BLINDADO, ISOLACAO EM EPR OU XLPE, COBERTURA ANTICHAMA EM PVC, PEAD OU HFFR, 1 CONDUTOR, 20/35 KV, SECAO NOMINAL 300 MM2","M     ","CR","290,65"]
[880,"CABO DE COBRE, RIGIDO, CLASSE 2, COMPACTADO, BLINDADO, ISOLACAO EM EPR OU XLPE, COBERTURA ANTICHAMA EM PVC, PEAD OU HFFR, 1 CONDUTOR, 20/35 KV, SECAO NOMINAL 400 MM2","M     ","CR","341,99"]
[873,"CABO DE COBRE, RIGIDO, CLASSE 2, COMPACTADO, BLINDADO, ISOLACAO EM EPR OU XLPE, COBERTURA ANTICHAMA EM PVC, PEAD OU HFFR, 1 CONDUTOR, 20/35 KV, SECAO NOMINAL 50 MM2","M     ","CR","103,98"]
[881,"CABO DE COBRE, RIGIDO, CLASSE 2, COMPACTADO, BLINDADO, ISOLACAO EM EPR OU XLPE, COBERTURA ANTICHAMA EM PVC, PEAD OU HFFR, 1 CONDUTOR, 20/35 KV, SECAO NOMINAL 500 MM2","M     ","CR","467,43"]
[874,"CABO DE COBRE, RIGIDO, CLASSE 2, COMPACTADO, BLINDADO, ISOLACAO EM EPR OU XLPE, COBERTURA ANTICHAMA EM PVC, PEAD OU HFFR, 1 CONDUTOR, 20/35 KV, SECAO NOMINAL 70 MM2","M     ","CR","123,40"]
[875,"CABO DE COBRE, RIGIDO, CLASSE 2, COMPACTADO, BLINDADO, ISOLACAO EM EPR OU XLPE, COBERTURA ANTICHAMA EM PVC, PEAD OU HFFR, 1 CONDUTOR, 20/35 KV, SECAO NOMINAL 95 MM2","M     ","CR","147,23"]
[983,"CABO DE COBRE, RIGIDO, CLASSE 2, ISOLACAO EM PVC/A, ANTICHAMA BWF-B, 1 CONDUTOR, 450/750 V, SECAO NOMINAL 1,5 MM2","M     ","CR","0,92"]
[985,"CABO DE COBRE, RIGIDO, CLASSE 2, ISOLACAO EM PVC/A, ANTICHAMA BWF-B, 1 CONDUTOR, 450/750 V, SECAO NOMINAL 10 MM2","M     ","CR","6,91"]
[990,"CABO DE COBRE, RIGIDO, CLASSE 2, ISOLACAO EM PVC/A, ANTICHAMA BWF-B, 1 CONDUTOR, 450/750 V, SECAO NOMINAL 150 MM2","M     ","CR","94,65"]
[39241,"CABO DE COBRE, RIGIDO, CLASSE 2, ISOLACAO EM PVC/A, ANTICHAMA BWF-B, 1 CONDUTOR, 450/750 V, SECAO NOMINAL 16 MM2","M     ","CR","10,82"]
[1005,"CABO DE COBRE, RIGIDO, CLASSE 2, ISOLACAO EM PVC/A, ANTICHAMA BWF-B, 1 CONDUTOR, 450/750 V, SECAO NOMINAL 185 MM2","M     ","CR","116,17"]
[984,"CABO DE COBRE, RIGIDO, CLASSE 2, ISOLACAO EM PVC/A, ANTICHAMA BWF-B, 1 CONDUTOR, 450/750 V, SECAO NOMINAL 2,5 MM2","M     ","CR","2,38"]
[991,"CABO DE COBRE, RIGIDO, CLASSE 2, ISOLACAO EM PVC/A, ANTICHAMA BWF-B, 1 CONDUTOR, 450/750 V, SECAO NOMINAL 240 MM2","M     ","CR","153,50"]
[986,"CABO DE COBRE, RIGIDO, CLASSE 2, ISOLACAO EM PVC/A, ANTICHAMA BWF-B, 1 CONDUTOR, 450/750 V, SECAO NOMINAL 25 MM2","M     ","CR","16,54"]
[1024,"CABO DE COBRE, RIGIDO, CLASSE 2, ISOLACAO EM PVC/A, ANTICHAMA BWF-B, 1 CONDUTOR, 450/750 V, SECAO NOMINAL 300 MM2","M     ","CR","189,99"]
[987,"CABO DE COBRE, RIGIDO, CLASSE 2, ISOLACAO EM PVC/A, ANTICHAMA BWF-B, 1 CONDUTOR, 450/750 V, SECAO NOMINAL 35 MM2","M     ","CR","22,47"]
[1003,"CABO DE COBRE, RIGIDO, CLASSE 2, ISOLACAO EM PVC/A, ANTICHAMA BWF-B, 1 CONDUTOR, 450/750 V, SECAO NOMINAL 4 MM2","M     ","CR","3,50"]
[992,"CABO DE COBRE, RIGIDO, CLASSE 2, ISOLACAO EM PVC/A, ANTICHAMA BWF-B, 1 CONDUTOR, 450/750 V, SECAO NOMINAL 400 MM2","M     ","CR","245,81"]
[1007,"CABO DE COBRE, RIGIDO, CLASSE 2, ISOLACAO EM PVC/A, ANTICHAMA BWF-B, 1 CONDUTOR, 450/750 V, SECAO NOMINAL 50 MM2","M     ","CR","31,88"]
[39242,"CABO DE COBRE, RIGIDO, CLASSE 2, ISOLACAO EM PVC/A, ANTICHAMA BWF-B, 1 CONDUTOR, 450/750 V, SECAO NOMINAL 500 MM2","M     ","CR","304,56"]
[1008,"CABO DE COBRE, RIGIDO, CLASSE 2, ISOLACAO EM PVC/A, ANTICHAMA BWF-B, 1 CONDUTOR, 450/750 V, SECAO NOMINAL 6 MM2","M     ","CR","3,97"]
[988,"CABO DE COBRE, RIGIDO, CLASSE 2, ISOLACAO EM PVC/A, ANTICHAMA BWF-B, 1 CONDUTOR, 450/750 V, SECAO NOMINAL 70 MM2","M     ","CR","44,03"]
[989,"CABO DE COBRE, RIGIDO, CLASSE 2, ISOLACAO EM PVC/A, ANTICHAMA BWF-B, 1 CONDUTOR, 450/750 V, SECAO NOMINAL 95 MM2","M     ","CR","59,64"]
[39598,"CABO DE PAR TRANCADO UTP, 4 PARES, CATEGORIA 5E","M     ","CR","1,08"]
[39599,"CABO DE PAR TRANCADO UTP, 4 PARES, CATEGORIA 6","M     ","CR","1,62"]
[34602,"CABO FLEXIVEL PVC 750 V, 2 CONDUTORES DE 1,5 MM2","M     ","AS","2,27"]
[34603,"CABO FLEXIVEL PVC 750 V, 2 CONDUTORES DE 10,0 MM2","M     ","AS","10,95"]
[34607,"CABO FLEXIVEL PVC 750 V, 2 CONDUTORES DE 4,0 MM2","M     ","AS","4,88"]
[34609,"CABO FLEXIVEL PVC 750 V, 2 CONDUTORES DE 6,0 MM2","M     ","AS","7,33"]
[34618,"CABO FLEXIVEL PVC 750 V, 3 CONDUTORES DE 1,5 MM2","M     ","AS","3,02"]
[34620,"CABO FLEXIVEL PVC 750 V, 3 CONDUTORES DE 10,0 MM2","M     ","AS","15,12"]
[34621,"CABO FLEXIVEL PVC 750 V, 3 CONDUTORES DE 4,0 MM2","M     ","AS","7,01"]
[34622,"CABO FLEXIVEL PVC 750 V, 3 CONDUTORES DE 6,0 MM2","M     ","AS","9,93"]
[34624,"CABO FLEXIVEL PVC 750 V, 4 CONDUTORES DE 1,5 MM2","M     ","AS","3,86"]
[34626,"CABO FLEXIVEL PVC 750 V, 4 CONDUTORES DE 10,0 MM2","M     ","AS","20,78"]
[34627,"CABO FLEXIVEL PVC 750 V, 4 CONDUTORES DE 4,0 MM2","M     ","AS","8,95"]
[34629,"CABO FLEXIVEL PVC 750 V, 4 CONDUTORES DE 6,0 MM2","M     ","AS","13,11"]
[39257,"CABO MULTIPOLAR DE COBRE, FLEXIVEL, CLASSE 4 OU 5, ISOLACAO EM HEPR, COBERTURA EM PVC-ST2, ANTICHAMA BWF-B, 0,6/1 KV, 3 CONDUTORES DE 1,5 MM2","M     ","CR","4,16"]
[39261,"CABO MULTIPOLAR DE COBRE, FLEXIVEL, CLASSE 4 OU 5, ISOLACAO EM HEPR, COBERTURA EM PVC-ST2, ANTICHAMA BWF-B, 0,6/1 KV, 3 CONDUTORES DE 10 MM2","M     ","CR","22,19"]
[39268,"CABO MULTIPOLAR DE COBRE, FLEXIVEL, CLASSE 4 OU 5, ISOLACAO EM HEPR, COBERTURA EM PVC-ST2, ANTICHAMA BWF-B, 0,6/1 KV, 3 CONDUTORES DE 120 MM2","M     ","CR","256,00"]
[39262,"CABO MULTIPOLAR DE COBRE, FLEXIVEL, CLASSE 4 OU 5, ISOLACAO EM HEPR, COBERTURA EM PVC-ST2, ANTICHAMA BWF-B, 0,6/1 KV, 3 CONDUTORES DE 16 MM2","M     ","CR","34,69"]
[39258,"CABO MULTIPOLAR DE COBRE, FLEXIVEL, CLASSE 4 OU 5, ISOLACAO EM HEPR, COBERTURA EM PVC-ST2, ANTICHAMA BWF-B, 0,6/1 KV, 3 CONDUTORES DE 2,5 MM2","M     ","CR","6,17"]
[39263,"CABO MULTIPOLAR DE COBRE, FLEXIVEL, CLASSE 4 OU 5, ISOLACAO EM HEPR, COBERTURA EM PVC-ST2, ANTICHAMA BWF-B, 0,6/1 KV, 3 CONDUTORES DE 25 MM2","M     ","CR","53,67"]
[39264,"CABO MULTIPOLAR DE COBRE, FLEXIVEL, CLASSE 4 OU 5, ISOLACAO EM HEPR, COBERTURA EM PVC-ST2, ANTICHAMA BWF-B, 0,6/1 KV, 3 CONDUTORES DE 35 MM2","M     ","CR","72,68"]
[39259,"CABO MULTIPOLAR DE COBRE, FLEXIVEL, CLASSE 4 OU 5, ISOLACAO EM HEPR, COBERTURA EM PVC-ST2, ANTICHAMA BWF-B, 0,6/1 KV, 3 CONDUTORES DE 4 MM2","M     ","CR","9,40"]
[39265,"CABO MULTIPOLAR DE COBRE, FLEXIVEL, CLASSE 4 OU 5, ISOLACAO EM HEPR, COBERTURA EM PVC-ST2, ANTICHAMA BWF-B, 0,6/1 KV, 3 CONDUTORES DE 50 MM2","M     ","CR","107,07"]
[39260,"CABO MULTIPOLAR DE COBRE, FLEXIVEL, CLASSE 4 OU 5, ISOLACAO EM HEPR, COBERTURA EM PVC-ST2, ANTICHAMA BWF-B, 0,6/1 KV, 3 CONDUTORES DE 6 MM2","M     ","CR","13,38"]
[39266,"CABO MULTIPOLAR DE COBRE, FLEXIVEL, CLASSE 4 OU 5, ISOLACAO EM HEPR, COBERTURA EM PVC-ST2, ANTICHAMA BWF-B, 0,6/1 KV, 3 CONDUTORES DE 70 MM2","M     ","CR","150,23"]
[39267,"CABO MULTIPOLAR DE COBRE, FLEXIVEL, CLASSE 4 OU 5, ISOLACAO EM HEPR, COBERTURA EM PVC-ST2, ANTICHAMA BWF-B, 0,6/1 KV, 3 CONDUTORES DE 95 MM2","M     ","CR","196,93"]
[11901,"CABO TELEFONICO CCI 50, 1 PAR, USO INTERNO, SEM BLINDAGEM","M     ","C ","0,49"]
[11902,"CABO TELEFONICO CCI 50, 2 PARES, USO INTERNO, SEM BLINDAGEM","M     ","CR","0,85"]
[11903,"CABO TELEFONICO CCI 50, 3 PARES, USO INTERNO, SEM BLINDAGEM","M     ","CR","1,32"]
[11904,"CABO TELEFONICO CCI 50, 4 PARES, USO INTERNO, SEM BLINDAGEM","M     ","CR","1,68"]
[11905,"CABO TELEFONICO CCI 50, 5 PARES, USO INTERNO, SEM BLINDAGEM","M     ","CR","2,26"]
[11906,"CABO TELEFONICO CCI 50, 6 PARES, USO INTERNO, SEM BLINDAGEM","M     ","CR","2,60"]
[11919,"CABO TELEFONICO CI 50, 10 PARES, USO INTERNO","M     ","CR","5,10"]
[11920,"CABO TELEFONICO CI 50, 20 PARES, USO INTERNO","M     ","CR","9,89"]
[11924,"CABO TELEFONICO CI 50, 200 PARES, USO INTERNO","M     ","CR","96,16"]
[11921,"CABO TELEFONICO CI 50, 30 PARES, USO INTERNO","M     ","CR","13,46"]
[11922,"CABO TELEFONICO CI 50, 50 PARES, USO INTERNO","M     ","CR","23,90"]
[11923,"CABO TELEFONICO CI 50, 75 PARES, USO INTERNO","M     ","CR","39,03"]
[11916,"CABO TELEFONICO CTP - APL - 50, 10 PARES, USO EXTERNO","M     ","CR","6,62"]
[11914,"CABO TELEFONICO CTP - APL - 50, 100 PARES, USO EXTERNO","M     ","CR","48,09"]
[11917,"CABO TELEFONICO CTP - APL - 50, 20 PARES, USO EXTERNO","M     ","CR","11,53"]
[11918,"CABO TELEFONICO CTP - APL - 50, 30 PARES, USO EXTERNO","M     ","CR","15,64"]
[37734,"CACAMBA METALICA BASCULANTE COM CAPACIDADE DE 10 M3 (INCLUI MONTAGEM, NAO INCLUI CAMINHAO)","UN    ","AS","36.466,78"]
[42251,"CACAMBA METALICA BASCULANTE COM CAPACIDADE DE 12 M3 (INCLUI MONTAGEM, NAO INCLUI CAMINHAO)","UN    ","AS","41.410,25"]
[37733,"CACAMBA METALICA BASCULANTE COM CAPACIDADE DE 6 M3 (INCLUI MONTAGEM, NAO INCLUI CAMINHAO)","UN    ","AS","27.342,65"]
[37735,"CACAMBA METALICA BASCULANTE COM CAPACIDADE DE 8 M3 (INCLUI MONTAGEM, NAO INCLUI CAMINHAO)","UN    ","AS","32.947,90"]
[41758,"CADEADO EM ACO INOX, LARGURA DE *50* MM, COM HASTE EM ACO TEMPERADO, SEM MOLA - CHAVES INCLUIDAS","UN    ","CR","112,61"]
[5090,"CADEADO SIMPLES/COMUM, EM LATAO MACICO CROMADO, LARGURA DE 25 MM,  HASTE DE ACO TEMPERADO, CEMENTADO (NAO LONGA), INCLUI 2 CHAVES","UN    ","C ","12,90"]
[5085,"CADEADO SIMPLES, EM LATAO MACICO CROMADO, LARGURA DE 35 MM,  HASTE DE ACO TEMPERADO, CEMENTADO (NAO LONGA), INCLUI 2 CHAVES","UN    ","CR","14,38"]
[38374,"CADEIRA SUSPENSA MANUAL / BALANCIM INDIVIDUAL (NBR 14751)","UN    ","CR","866,34"]
[20212,"CAIBRO DE MADEIRA APARELHADA *6 X 8* CM, MACARANDUBA, ANGELIM OU EQUIVALENTE DA REGIAO","M     ","C ","8,15"]
[4430,"CAIBRO DE MADEIRA NAO APARELHADA *5 X 6* CM, MACARANDUBA, ANGELIM OU EQUIVALENTE DA REGIAO","M     ","CR","10,32"]
[4400,"CAIBRO DE MADEIRA NAO APARELHADA *6 X 8* CM, MACARANDUBA, ANGELIM OU EQUIVALENTE DA REGIAO","M     ","CR","13,04"]
[4496,"CAIBRO DE MADEIRA NATIVA/REGIONAL 5 X 5 CM NAO APARELHADA (P/FORMA)","M     ","AS","2,31"]
[11871,"CAIXA D'AGUA DE FIBRA DE VIDRO, PARA 500 LITROS, COM TAMPA","UN    ","AS","195,30"]
[34636,"CAIXA D'AGUA EM POLIETILENO 1000 LITROS, COM TAMPA","UN    ","C ","272,44"]
[34639,"CAIXA D'AGUA EM POLIETILENO 1500 LITROS, COM TAMPA","UN    ","CR","553,32"]
[34640,"CAIXA D'AGUA EM POLIETILENO 2000 LITROS, COM TAMPA","UN    ","CR","621,52"]
[34637,"CAIXA D'AGUA EM POLIETILENO 500 LITROS, COM TAMPA","UN    ","CR","156,42"]
[34638,"CAIXA D'AGUA EM POLIETILENO 750 LITROS, COM TAMPA","UN    ","CR","268,24"]
[11868,"CAIXA D'AGUA FIBRA DE VIDRO PARA 1000 LITROS, COM TAMPA","UN    ","AS","268,41"]
[37106,"CAIXA D'AGUA FIBRA DE VIDRO PARA 10000 LITROS, COM TAMPA","UN    ","AS","2.592,56"]
[11869,"CAIXA D'AGUA FIBRA DE VIDRO PARA 1500 LITROS, COM TAMPA","UN    ","AS","435,49"]
[37104,"CAIXA D'AGUA FIBRA DE VIDRO PARA 2000 LITROS, COM TAMPA","UN    ","AS","561,38"]
[37105,"CAIXA D'AGUA FIBRA DE VIDRO PARA 5000 LITROS, COM TAMPA","UN    ","AS","1.250,28"]
[11638,"CAIXA DE CONCRETO PRE-MOLDADO PARA AR-CONDICIONADO DE JANELA, DE *80 X 54 X 76,5* CM (L X A X P)","UN    ","AS","99,87"]
[1030,"CAIXA DE DESCARGA DE PLASTICO EXTERNA, DE *9* L, PUXADOR FIO DE NYLON, NAO INCLUSO CANO, BOLSA, ENGATE","UN    ","C ","24,95"]
[11694,"CAIXA DE DESCARGA PLASTICA DE EMBUTIR COMPLETA, COM ESPELHO PLASTICO, CAPACIDADE 6 A 10 L, ACESSORIOS INCLUSOS","UN    ","CR","551,52"]
[35277,"CAIXA DE GORDURA EM PVC, DIAMETRO MINIMO 300 MM, DIAMETRO DE SAIDA 100 MM, CAPACIDADE  APROXIMADA 18 LITROS, COM TAMPA","UN    ","CR","381,17"]
[10521,"CAIXA DE INCENDIO/ABRIGO PARA MANGUEIRA, DE EMBUTIR/INTERNA, COM 75 X 45 X 17 CM, EM CHAPA DE ACO, PORTA COM VENTILACAO, VISOR COM A INSCRICAO \"INCENDIO\", SUPORTE/CESTA INTERNA PARA A MANGUEIRA, PINTURA ELETROSTATICA VERMELHA","UN    ","CR","303,54"]
[10885,"CAIXA DE INCENDIO/ABRIGO PARA MANGUEIRA, DE EMBUTIR/INTERNA, COM 90 X 60 X 17 CM, EM CHAPA DE ACO, PORTA COM VENTILACAO, VISOR COM A INSCRICAO \"INCENDIO\", SUPORTE/CESTA INTERNA PARA A MANGUEIRA, PINTURA ELETROSTATICA VERMELHA","UN    ","CR","383,94"]
[20962,"CAIXA DE INCENDIO/ABRIGO PARA MANGUEIRA, DE SOBREPOR/EXTERNA, COM 75 X 45 X 17 CM, EM CHAPA DE ACO, PORTA COM VENTILACAO, VISOR COM A INSCRICAO \"INCENDIO\", SUPORTE/CESTA INTERNA PARA A MANGUEIRA, PINTURA ELETROSTATICA VERMELHA","UN    ","C ","318,00"]
[20963,"CAIXA DE INCENDIO/ABRIGO PARA MANGUEIRA, DE SOBREPOR/EXTERNA, COM 90 X 60 X 17 CM, EM CHAPA DE ACO, PORTA COM VENTILACAO, VISOR COM A INSCRICAO \"INCENDIO\", SUPORTE/CESTA INTERNA PARA A MANGUEIRA, PINTURA ELETROSTATICA VERMELHA","UN    ","CR","388,46"]
[2555,"CAIXA DE LUZ \"3 X 3\" EM ACO ESMALTADA","UN    ","CR","1,23"]
[2556,"CAIXA DE LUZ \"4 X 2\" EM ACO ESMALTADA","UN    ","CR","1,14"]
[2557,"CAIXA DE LUZ \"4 X 4\" EM ACO ESMALTADA","UN    ","CR","2,40"]
[39810,"CAIXA DE PASSAGEM DE PAREDE, DE EMBUTIR, EM PVC, DIMENSOES *120 X 120 X 75* MM","UN    ","CR","15,53"]
[39811,"CAIXA DE PASSAGEM DE PAREDE, DE EMBUTIR, EM PVC, DIMENSOES *150 X 150 X 75* MM","UN    ","CR","19,67"]
[39812,"CAIXA DE PASSAGEM DE PAREDE, DE EMBUTIR, EM PVC, DIMENSOES *200 X 200 X 90* MM","UN    ","CR","30,00"]
[20254,"CAIXA DE PASSAGEM METALICA DE SOBREPOR COM TAMPA PARAFUSADA, DIMENSOES 15 X 15 X 10 CM","UN    ","CR","13,25"]
[39771,"CAIXA DE PASSAGEM METALICA DE SOBREPOR COM TAMPA PARAFUSADA, DIMENSOES 20 X 20 X 10 CM","UN    ","CR","21,94"]
[20255,"CAIXA DE PASSAGEM METALICA DE SOBREPOR COM TAMPA PARAFUSADA, DIMENSOES 25 X 25 X 10 CM","UN    ","CR","36,26"]
[39772,"CAIXA DE PASSAGEM METALICA DE SOBREPOR COM TAMPA PARAFUSADA, DIMENSOES 30 X 30 X 10 CM","UN    ","CR","43,46"]
[20253,"CAIXA DE PASSAGEM METALICA DE SOBREPOR COM TAMPA PARAFUSADA, DIMENSOES 35 X 35 X 12 CM","UN    ","CR","75,77"]
[39773,"CAIXA DE PASSAGEM METALICA DE SOBREPOR COM TAMPA PARAFUSADA, DIMENSOES 40 X 40 X 15 CM","UN    ","CR","78,71"]
[39774,"CAIXA DE PASSAGEM METALICA DE SOBREPOR COM TAMPA PARAFUSADA, DIMENSOES 50 X 50 X 15 CM","UN    ","CR","102,27"]
[39775,"CAIXA DE PASSAGEM METALICA DE SOBREPOR COM TAMPA PARAFUSADA, DIMENSOES 60 X 60 X 20 CM","UN    ","CR","179,11"]
[39776,"CAIXA DE PASSAGEM METALICA DE SOBREPOR COM TAMPA PARAFUSADA, DIMENSOES 70 X 70 X 20 CM","UN    ","CR","220,44"]
[39777,"CAIXA DE PASSAGEM METALICA DE SOBREPOR COM TAMPA PARAFUSADA, DIMENSOES 80 X 80 X 20 CM","UN    ","CR","264,53"]
[11250,"CAIXA DE PASSAGEM N 2, DE EMBUTIR, PADRAO TELEBRAS, DIMENSOES 20 X 20 X 12 CM, EM CHAPA DE ACO GALVANIZADO","UN    ","CR","39,28"]
[39766,"CAIXA DE PASSAGEM N 2, DE SOBREPOR, PADRAO TELEBRAS, DIMENSOES 20 X 20 X *12* CM, EM CHAPA DE ACO GALVANIZADO","UN    ","CR","47,94"]
[11251,"CAIXA DE PASSAGEM N 3, DE EMBUTIR, PADRAO TELEBRAS, DIMENSOES 40 X 40 X 12 CM, EM CHAPA DE ACO GALVANIZADO","UN    ","CR","82,66"]
[39767,"CAIXA DE PASSAGEM N 3, DE SOBREPOR, PADRAO TELEBRAS, DIMENSOES 40 X 40 X *12* CM, EM CHAPA DE ACO GALVANIZADO","UN    ","CR","108,84"]
[11253,"CAIXA DE PASSAGEM N 4, DE EMBUTIR, PADRAO TELEBRAS, DIMENSOES 60 X 60 X 12 CM, EM CHAPA DE ACO GALVANIZADO","UN    ","CR","162,57"]
[11254,"CAIXA DE PASSAGEM N 4, DE SOBREPOR, PADRAO TELEBRAS, DIMENSOES 60 X 60 X *12* CM, EM CHAPA DE ACO GALVANIZADO","UN    ","CR","174,66"]
[11255,"CAIXA DE PASSAGEM N 5, DE EMBUTIR, PADRAO TELEBRAS, DIMENSOES 80 X 80 X 12 CM, EM CHAPA DE ACO GALVANIZADO","UN    ","CR","264,53"]
[11256,"CAIXA DE PASSAGEM N 5, DE SOBREPOR, PADRAO TELEBRAS, DIMENSOES 80 X 80 X *12* CM, EM CHAPA DE ACO GALVANIZADO","UN    ","CR","302,71"]
[14055,"CAIXA DE PASSAGEM N 6, DE EMBUTIR, PADRAO TELEBRAS, DIMENSOES 120 X 120 X 12 CM, EM CHAPA DE ACO GALVANIZADO","UN    ","CR","537,00"]
[39768,"CAIXA DE PASSAGEM N 6, DE SOBREPOR, PADRAO TELEBRAS, DIMENSOES 120 X 120 X *12* CM, EM CHAPA DE ACO GALVANIZADO","UN    ","CR","572,99"]
[11247,"CAIXA DE PASSAGEM N 7, DE EMBUTIR, PADRAO TELEBRAS, DIMENSOES 150 X 150 X 15 CM, EM CHAPA DE ACO GALVANIZADO","UN    ","CR","769,31"]
[39769,"CAIXA DE PASSAGEM N 7, DE SOBREPOR, PADRAO TELEBRAS, DIMENSOES 150 X 150 X *15* CM, EM CHAPA DE ACO GALVANIZADO","UN    ","CR","932,64"]
[11249,"CAIXA DE PASSAGEM N 8, DE EMBUTIR, PADRAO TELEBRAS, DIMENSOES 200 X 200 X 20 CM, EM CHAPA DE ACO GALVANIZADO","UN    ","CR","2.514,60"]
[39770,"CAIXA DE PASSAGEM N 8, DE SOBREPOR, PADRAO TELEBRAS, DIMENSOES 200 X 200 X *20* CM, EM CHAPA DE ACO GALVANIZADO","UN    ","CR","3.269,74"]
[10569,"CAIXA DE PASSAGEM OCTOGONAL 4 X4, EM ACO ESMALTADA, COM FUNDO MOVEL SIMPLES","UN    ","CR","2,39"]
[1872,"CAIXA DE PASSAGEM, EM PVC, DE 4\" X 2\", PARA ELETRODUTO FLEXIVEL CORRUGADO","UN    ","CR","1,96"]
[1873,"CAIXA DE PASSAGEM, EM PVC, DE 4\" X 4\", PARA ELETRODUTO FLEXIVEL CORRUGADO","UN    ","CR","3,91"]
[39693,"CAIXA DE PROTECAO EXTERNA PARA MEDIDOR HOROSAZONAL, DE BAIXA TENSAO, COM MODULO, EM CHAPA DE ACO (PADRAO DA CONCESSIONARIA LOCAL)","UN    ","CR","1.434,98"]
[39692,"CAIXA DE PROTECAO PARA TRANSFORMADOR CORRENTE, EM CHAPA DE ACO 18 USG (PADRAO DA CONCESSIONARIA LOCAL)","UN    ","CR","241,55"]
[39681,"CAIXA DE PROTECAO PARA 1 MEDIDOR BIFASICO, EM CHAPA DE ACO 20 USG (PADRAO DA CONCESSIONARIA LOCAL)","UN    ","CR","136,40"]
[39680,"CAIXA DE PROTECAO PARA 1 MEDIDOR MONOFASICO, EM CHAPA DE ACO 20 USG (PADRAO DA CONCESSIONARIA LOCAL)","UN    ","CR","70,26"]
[39682,"CAIXA DE PROTECAO PARA 1 MEDIDOR TRIFASICO, EM CHAPA DE ACO 20 USG (PADRAO DA CONCESSIONARIA LOCAL)","UN    ","CR","137,77"]
[39685,"CAIXA EXTERNA DE MEDICAO PARA 1 MEDIDOR TRIFASICO, COM VISOR, EM CHAPA DE ACO 18 USG (PADRAO DA CONCESSIONARIA LOCAL)","UN    ","CR","116,88"]
[39687,"CAIXA EXTERNA DE MEDICAO PARA 4 MEDIDORES MONOFASICOS, COM VISOR, EM CHAPA DE ACO 18 USG (PADRAO DA CONCESSIONARIA LOCAL)","UN    ","CR","220,33"]
[3280,"CAIXA GORDURA DUPLA, CONCRETO PRE MOLDADO, CIRCULAR, COM TAMPA, D = 60* CM","UN    ","AS","100,43"]
[11881,"CAIXA GORDURA, SIMPLES, CONCRETO PRE MOLDADO, CIRCULAR, COM TAMPA, D = 40 CM","UN    ","AS","46,64"]
[34641,"CAIXA INSPECAO EM CONCRETO PARA ATERRAMENTO E PARA RAIOS DIAMETRO = 300 MM","UN    ","AS","37,61"]
[34643,"CAIXA INSPECAO EM POLIETILENO PARA ATERRAMENTO E PARA RAIOS DIAMETRO = 300 MM","UN    ","CR","12,34"]
[3278,"CAIXA INSPECAO, CONCRETO PRE MOLDADO, CIRCULAR, COM TAMPA, D = 40* CM","UN    ","AS","52,66"]
[3279,"CAIXA INSPECAO, CONCRETO PRE MOLDADO, CIRCULAR, COM TAMPA, D = 60* CM, H= 60* CM","UN    ","AS","86,88"]
[1062,"CAIXA INTERNA DE MEDICAO PARA 1 MEDIDOR TRIFASICO, COM VISOR, EM CHAPA DE ACO 18 USG (PADRAO DA CONCESSIONARIA LOCAL)","UN    ","C ","124,00"]
[39686,"CAIXA INTERNA DE MEDICAO PARA 4 MEDIDORES MONOFASICOS, COM VISOR, EM CHAPA DE ACO 18 USG (PADRAO DA CONCESSIONARIA LOCAL)","UN    ","CR","211,51"]
[39683,"CAIXA INTERNA/EXTERNA DE MEDICAO PARA 1 MEDIDOR MONOFASICO, COM VISOR, EM CHAPA DE ACO 18 USG (PADRAO DA CONCESSIONARIA LOCAL)","UN    ","CR","43,01"]
[1871,"CAIXA OCTOGONAL DE FUNDO MOVEL, EM PVC, DE 3\" X 3\", PARA ELETRODUTO FLEXIVEL CORRUGADO","UN    ","CR","3,52"]
[12001,"CAIXA OCTOGONAL DE FUNDO MOVEL, EM PVC, DE 4\" X 4\", PARA ELETRODUTO FLEXIVEL CORRUGADO","UN    ","CR","5,08"]
[11882,"CAIXA PARA HIDROMETRO CONCRETO PRE MOLDADO","UN    ","AS","52,66"]
[39689,"CAIXA PARA MEDICAO COLETIVA TIPO H, PADRAO BIFASICO OU TRIFASICO, PARA ATE 6 MEDIDORES (PADRAO DA CONCESSIONARIA LOCAL)","UN    ","CR","2.755,55"]
[39688,"CAIXA PARA MEDICAO COLETIVA TIPO K, PADRAO BIFASICO OU TRIFASICO, PARA ATE 2 MEDIDORES (PADRAO DA CONCESSIONARIA LOCAL)","UN    ","CR","398,17"]
[1068,"CAIXA PARA MEDICAO COLETIVA TIPO L, PADRAO BIFASICO OU TRIFASICO, PARA ATE 4 MEDIDORES (PADRAO DA CONCESSIONARIA LOCAL)","UN    ","CR","1.662,97"]
[39690,"CAIXA PARA MEDICAO COLETIVA TIPO M, PADRAO BIFASICO OU TRIFASICO, PARA ATE 8 MEDIDORES (PADRAO DA CONCESSIONARIA LOCAL)","UN    ","CR","3.740,66"]
[39691,"CAIXA PARA MEDICAO COLETIVA TIPO N, PADRAO BIFASICO OU TRIFASICO, PARA ATE 12 MEDIDORES (PADRAO DA CONCESSIONARIA LOCAL)","UN    ","CR","4.181,55"]
[39808,"CAIXA PARA MEDIDOR MONOFASICO, EM POLICARBONATO (TERMOPLASTICO), COM DISJUNTOR","UN    ","CR","57,33"]
[39809,"CAIXA PARA MEDIDOR POLIFASICO, EM POLICARBONATO (TERMOPLASTICO), COM DISJUNTOR","UN    ","CR","158,26"]
[11713,"CAIXA SIFONADA PVC 150 X 150 X 50MM COM TAMPA CEGA QUADRADA BRANCA","UN    ","CR","26,78"]
[11716,"CAIXA SIFONADA PVC, 100 X 100 X 40 MM, COM GRELHA REDONDA BRANCA","UN    ","CR","11,43"]
[5103,"CAIXA SIFONADA PVC, 100 X 100 X 50 MM, COM GRELHA REDONDA BRANCA","UN    ","CR","11,59"]
[11712,"CAIXA SIFONADA PVC, 150 X 150 X 50 MM, COM GRELHA QUADRADA BRANCA (NBR 5688)","UN    ","C ","27,00"]
[11717,"CAIXA SIFONADA PVC, 150 X 150 X 50 MM, COM GRELHA REDONDA BRANCA","UN    ","CR","29,34"]
[11714,"CAIXA SIFONADA PVC, 150 X 185 X 75 MM, COM GRELHA QUADRADA BRANCA","UN    ","CR","36,50"]
[11715,"CAIXA SIFONADA PVC, 150 X 185 X 75 MM, COM TAMPA CEGA QUADRADA BRANCA","UN    ","CR","42,00"]
[11880,"CAIXA SIFONADA PVC, 250 X 230 X 75 MM, COM TAMPA E PORTA TAMPA QUADRADA BRANCA","UN    ","CR","75,50"]
[1106,"CAL HIDRATADA CH-I PARA ARGAMASSAS","KG    ","C ","0,80"]
[11161,"CAL HIDRATADA PARA PINTURA","KG    ","CR","1,33"]
[1107,"CAL VIRGEM COMUM PARA ARGAMASSAS (NBR 6453)","KG    ","CR","0,92"]
[4758,"CALAFETADOR / CALAFATE","H     ","CR","17,70"]
[41080,"CALAFETADOR / CALAFATE (MENSALISTA)","MES   ","CR","3.088,85"]
[25963,"CALCARIO DOLOMITICO A (POSTO PEDREIRA/FORNECEDOR, SEM FRETE)","KG    ","CR","0,07"]
[4759,"CALCETEIRO","H     ","CR","14,52"]
[41068,"CALCETEIRO  (MENSALISTA)","MES   ","CR","2.535,46"]
[1108,"CALHA MOLDURA AMERICANA DE CHAPA DE ACO GALVANIZADA NUM 26, CORTE 33 CM","M     ","CR","21,36"]
[1117,"CALHA PARA AGUA FURTADA DE CHAPA DE ACO GALVANIZADA NUM 26, CORTE 40 CM","M     ","CR","24,80"]
[1118,"CALHA PARA AGUA FURTADA DE CHAPA DE ACO GALVANIZADA NUM 26, CORTE 50 CM","M     ","CR","31,89"]
[1110,"CALHA PLATIBANDA DE CHAPA DE ACO GALVANIZADA NUM 26, CORTE 45 CM","M     ","CR","31,89"]
[12618,"CALHA PLUVIAL DE PVC, DIAMETRO ENTRE 119 E 170 MM, COMPRIMENTO DE 3 M, PARA DRENAGEM PREDIAL","UN    ","AS","37,33"]
[40871,"CALHA QUADRADA DE CHAPA DE ACO GALVANIZADA NUM 24, CORTE 100 CM (COLETADO CAIXA)","M     ","CR","56,38"]
[40869,"CALHA QUADRADA DE CHAPA DE ACO GALVANIZADA NUM 24, CORTE 33 CM (COLETADO CAIXA)","M     ","CR","20,94"]
[40870,"CALHA QUADRADA DE CHAPA DE ACO GALVANIZADA NUM 24, CORTE 50 CM (COLETADO CAIXA)","M     ","CR","28,39"]
[1109,"CALHA QUADRADA DE CHAPA DE ACO GALVANIZADA NUM 26, CORTE 33 CM","M     ","CR","21,26"]
[1119,"CALHA QUADRADA DE CHAPA DE ACO GALVANIZADA NUM 28, CORTE 25 CM","M     ","CR","15,94"]
[13115,"CALHA/CANALETA DE CONCRETO SIMPLES, TIPO MEIA CANA, D = 20 CM, PARA AGUA PLUVIAL","M     ","AS","15,46"]
[10541,"CALHA/CANALETA DE CONCRETO SIMPLES, TIPO MEIA CANA, D = 30 CM, PARA AGUA PLUVIAL","M     ","AS","17,95"]
[10543,"CALHA/CANALETA DE CONCRETO SIMPLES, TIPO MEIA CANA, D = 50 CM, PARA AGUA PLUVIAL","M     ","AS","34,84"]
[10544,"CALHA/CANALETA DE CONCRETO SIMPLES, TIPO MEIA CANA, D = 60 CM, PARA AGUA PLUVIAL","M     ","AS","41,90"]
[10545,"CALHA/CANALETA DE CONCRETO SIMPLES, TIPO MEIA CANA, D = 80 CM, PARA AGUA PLUVIAL","M     ","AS","64,26"]
[10542,"CALHA/CANALETA DE CONCRETO SIMPLES, TIPO MEIA CANA, D= 40 CM, PARA AGUA PLUVIAL","M     ","AS","24,74"]
[38365,"CAMADA SEPARADORA DE FILME DE POLIETILENO 20 A 25 MICRA","M2    ","AS","1,45"]
[37745,"CAMINHAO TOCO, PESO BRUTO TOTAL 13000 KG, CARGA UTIL MAXIMA 7925 KG, DISTANCIA ENTRE EIXOS 4,80 M, POTENCIA 189 CV (INCLUI CABINE E CHASSI, NAO INCLUI CARROCERIA)","UN    ","C ","195.000,00"]
[37754,"CAMINHAO TOCO, PESO BRUTO TOTAL 14300 KG, CARGA UTIL MAXIMA 9590 KG, DISTANCIA ENTRE EIXOS 4,76 M, POTENCIA 185 CV (INCLUI CABINE E CHASSI, NAO INCLUI CARROCERIA)","UN    ","CR","203.639,24"]
[37748,"CAMINHAO TOCO, PESO BRUTO TOTAL 14300 KG, CARGA UTIL MAXIMA 9710 KG, DISTANCIA ENTRE EIXOS 3,56 M, POTENCIA 185 CV (INCLUI CABINE E CHASSI, NAO INCLUI CARROCERIA)","UN    ","CR","207.310,91"]
[37761,"CAMINHAO TOCO, PESO BRUTO TOTAL 16000 KG, CARGA UTIL MAXIMA DE 10685 KG, DISTANCIA ENTRE EIXOS 4,8M, POTENCIA 189 CV (INCLUI CABINE E CHASSI, NAO INCLUI CARROCERIA)","UN    ","CR","171.550,62"]
[37757,"CAMINHAO TOCO, PESO BRUTO TOTAL 16000 KG, CARGA UTIL MAXIMA 10600 KG, DISTANCIA ENTRE EIXOS 4,80 M, POTENCIA 275 CV (INCLUI CABINE E CHASSI, NAO INCLUI CARROCERIA)","UN    ","CR","238.813,28"]
[37759,"CAMINHAO TOCO, PESO BRUTO TOTAL 16000 KG, CARGA UTIL MAXIMA 10780 KG, DISTANCIA ENTRE EIXOS 3,56 M, POTENCIA 275 CV (INCLUI CABINE E CHASSI, NAO INCLUI CARROCERIA)","UN    ","CR","239.738,92"]
[37766,"CAMINHAO TOCO, PESO BRUTO TOTAL 16000 KG, CARGA UTIL MAXIMA 11030 KG, DISTANCIA ENTRE EIXOS 3,56M, POTENCIA 186 CV (INCLUI CABINE E CHASSI, NAO INCLUI CARROCERIA)","UN    ","CR","239.738,90"]
[37752,"CAMINHAO TOCO, PESO BRUTO TOTAL 16000 KG, CARGA UTIL MAXIMA 11130 KG, DISTANCIA ENTRE EIXOS 5,36 M, POTENCIA 185 CV (INCLUI CABINE E CHASSI, NAO INCLUI CARROCERIA)","UN    ","CR","217.400,31"]
[37760,"CAMINHAO TOCO, PESO BRUTO TOTAL 16000 KG, CARGA UTIL MAXIMA 13071 KG, DISTANCIA ENTRE EIXOS 4,80 M, POTENCIA 230 CV (INCLUI CABINE E CHASSI, NAO INCLUI CARROCERIA)","UN    ","CR","228.939,86"]
[37765,"CAMINHAO TOCO, PESO BRUTO TOTAL 8250 KG, CARGA UTIL MAXIMA 5110 KG, DISTANCIA ENTRE EIXOS 4,30 M, POTENCIA 162 CV (INCLUI CABINE E CHASSI, NAO INCLUI CARROCERIA)","UN    ","CR","159.825,95"]
[37746,"CAMINHAO TOCO, PESO BRUTO TOTAL 9000 KG, CARGA UTIL MAXIMA 5940 KG, DISTANCIA ENTRE EIXOS 3,69 M, POTENCIA 177 CV (INCLUI CABINE E CHASSI, NAO INCLUI CARROCERIA)","UN    ","CR","175.222,30"]
[37750,"CAMINHAO TOCO, PESO BRUTO TOTAL 9600 KG, CARGA UTIL MAXIMA 6110 KG, DISTANCIA ENTRE EIXOS 3,70 M, POTENCIA 156 CV (INCLUI CABINE E CHASSI, NAO INCLUI CARROCERIA)","UN    ","CR","174.605,22"]
[37753,"CAMINHAO TOCO, PESO BRUTO TOTAL 9600 KG, CARGA UTIL MAXIMA 6200 KG, DISTANCIA ENTRE EIXOS 3,10 M, POTENCIA 156 CV (INCLUI CABINE E CHASSI, NAO INCLUI CARROCERIA)","UN    ","CR","173.988,12"]
[37756,"CAMINHAO TOCO, PESO BRUTO TOTAL 9700 KG, CARGA UTIL MAXIMA 6360 KG, DISTANCIA ENTRE EIXOS 4,30 M, POTENCIA 160 CV (INCLUI CABINE E CHASSI, NAO INCLUI CARROCERIA)","UN    ","CR","171.550,62"]
[37755,"CAMINHAO TRUCADO, PESO BRUTO TOTAL 22000 KG, CARGA UTIL MAXIMA 15350 KG, DISTANCIA ENTRE EIXOS 5,17 M, POTENCIA 238 CV (INCLUI CABINE E CHASSI, NAO INCLUI CARROCERIA)","UN    ","CR","249.303,79"]
[37758,"CAMINHAO TRUCADO, PESO BRUTO TOTAL 23000 KG, CARGA UTIL MAXIMA 15378 KG, DISTANCIA ENTRE EIXOS 4,80 M, POTENCIA 326 CV (INCLUI CABINE E CHASSI, NAO INCLUI CARROCERIA)","UN    ","CR","281.392,41"]
[37747,"CAMINHAO TRUCADO, PESO BRUTO TOTAL 23000 KG, CARGA UTIL MAXIMA 15935 KG, DISTANCIA ENTRE EIXOS 4,80 M, POTENCIA 230 CV (INCLUI CABINE E CHASSI, NAO INCLUI CARROCERIA)","UN    ","CR","253.191,45"]
[37767,"CAMINHAO TRUCADO, PESO BRUTO TOTAL 23000 KG, CARGA UTIL MAXIMA 15940 KG, DISTANCIA ENTRE EIXOS 3,60 M, POTENCIA 286 CV (INCLUI CABINE E CHASSI, NAO INCLUI CARROCERIA)","UN    ","CR","267.199,37"]
[37751,"CAMINHAO TRUCADO, PESO BRUTO TOTAL 23000 KG, CARGA UTIL MAXIMA 16190 KG, DISTANCIA ENTRE EIXOS 3,60 M, POTENCIA 286 CV (INCLUI CABINE E CHASSI, NAO INCLUI CARROCERIA)","UN    ","CR","267.199,37"]
[37749,"CAMINHAO TRUCADO, PESO BRUTO TOTAL 23000 KG, CARGA UTIL MAXIMA 16360 KG, CABINE ESTENDIDA, DISTANCIA ENTRE EIXOS 3,56 M, POTENCIA 275 CV (INCLUI CABINE E CHASSI, NAO INCLUI CARROCERIA)","UN    ","CR","264.113,92"]
[12114,"CAMPAINHA ALTA POTENCIA 110V / 220V, DIAMETRO 150 MM","UN    ","CR","153,36"]
[38106,"CAMPAINHA CIGARRA 127 V / 220 V (APENAS MODULO)","UN    ","CR","20,84"]
[38085,"CAMPAINHA CIGARRA 127 V / 220 V, CONJUNTO MONTADO PARA EMBUTIR 4\" X 2\" (PLACA + SUPORTE + MODULO)","UN    ","CR","24,62"]
[38599,"CANALETA CONCRETO ESTRUTURAL 14 X 19 X 29 CM, FBK 14 MPA (NBR 6136)","UN    ","CR","2,94"]
[38596,"CANALETA CONCRETO ESTRUTURAL 14 X 19 X 29 CM, FBK 4,5 MPA (NBR 6136)","UN    ","CR","2,01"]
[38600,"CANALETA CONCRETO ESTRUTURAL 14 X 19 X 39 CM, FBK 14 MPA (NBR 6136)","UN    ","CR","3,46"]
[38597,"CANALETA CONCRETO ESTRUTURAL 14 X 19 X 39 CM, FBK 4,5 MPA (NBR 6136)","UN    ","CR","2,45"]
[659,"CANALETA CONCRETO 14 X 19 X 19 CM (CLASSE C - NBR 6136)","UN    ","CR","1,19"]
[660,"CANALETA CONCRETO 19 X 19 X 19 CM (CLASSE C - NBR 6136)","UN    ","CR","1,75"]
[658,"CANALETA CONCRETO 9 X 19 X 19 CM (CLASSE C - NBR 6136)","UN    ","CR","0,96"]
[38548,"CANALETA ESTRUTURAL CERAMICA, 14 X 19 X 19 CM, 6,0 MPA (NBR 15270)","UN    ","CR","0,94"]
[34647,"CANALETA ESTRUTURAL CERAMICA, 14 X 19 X 29 CM, 4,0 MPA (NBR 15270)","UN    ","CR","1,63"]
[34649,"CANALETA ESTRUTURAL CERAMICA, 14 X 19 X 29 CM, 6,0 MPA (NBR 15270)","UN    ","CR","1,68"]
[34652,"CANALETA ESTRUTURAL CERAMICA, 14 X 19 X 39 CM, 4,0 MPA (NBR 15270)","UN    ","CR","2,29"]
[34655,"CANALETA ESTRUTURAL CERAMICA, 14 X 19 X 39 CM, 6,0 MPA (NBR 15270)","UN    ","CR","2,22"]
[40607,"CANOPLA ACABAMENTO CROMADO PARA INSTALACAO DE SPRINKLER, SOB FORRO, 15 MM","UN    ","AS","3,10"]
[585,"CANTONEIRA \"U\" ALUMINIO ABAS IGUAIS 1 \", E = 3/32 \"","KG    ","AS","17,52"]
[4777,"CANTONEIRA ACO ABAS IGUAIS (QUALQUER BITOLA), ESPESSURA ENTRE 1/8\" E 1/4\"","KG    ","CR","4,42"]
[587,"CANTONEIRA ALUMINIO ABAS DESIGUAIS 1\" X 3/4 \", E = 1/8 \"","KG    ","AS","18,78"]
[590,"CANTONEIRA ALUMINIO ABAS DESIGUAIS 2 1/2\" X 1/2 \", E = 3/16 \"","KG    ","AS","18,15"]
[592,"CANTONEIRA ALUMINIO ABAS IGUAIS 1 \", E = 1/8 \", 25,40 X 3,17 MM (0,408 KG/M)","KG    ","AS","18,78"]
[586,"CANTONEIRA ALUMINIO ABAS IGUAIS 1 \", E = 3 /16 \"","M     ","AS","11,04"]
[591,"CANTONEIRA ALUMINIO ABAS IGUAIS 1 1/2 \", E = 3/16 \"","KG    ","AS","17,52"]
[588,"CANTONEIRA ALUMINIO ABAS IGUAIS 1 1/4 \", E = 3/16 \"","M     ","AS","17,46"]
[589,"CANTONEIRA ALUMINIO ABAS IGUAIS 2 \", E = 1/4 \"","M     ","AS","29,52"]
[584,"CANTONEIRA ALUMINIO ABAS IGUAIS 2 \", E = 1/8 \"","M     ","AS","18,65"]
[4912,"CANTONEIRA DE ACO 3 \"  X  3 \"  X  1/4 \"","KG    ","CR","5,14"]
[574,"CANTONEIRA FERRO GALVANIZADO DE ABAS IGUAIS, 1 1/2\" X 1/4\" (L X E), 3,40 KG/M","M     ","CR","18,14"]
[567,"CANTONEIRA FERRO GALVANIZADO DE ABAS IGUAIS, 1\" X 1/8\" (L X E) , 1,20KG/M","M     ","CR","6,72"]
[568,"CANTONEIRA FERRO GALVANIZADO DE ABAS IGUAIS, 2\" X 3/8\" (L X E), 6,9 KG/M","M     ","CR","40,69"]
[569,"CANTONEIRA FERRO GALVANIZADO DE ABAS IGUAIS, 3/4\" X 1/8\" (L X E)","KG    ","CR","5,66"]
[1165,"CAP OU TAMPAO DE FERRO GALVANIZADO, COM ROSCA BSP, DE 1 1/2\"","UN    ","AS","10,60"]
[1164,"CAP OU TAMPAO DE FERRO GALVANIZADO, COM ROSCA BSP, DE 1 1/4\"","UN    ","AS","8,58"]
[1162,"CAP OU TAMPAO DE FERRO GALVANIZADO, COM ROSCA BSP, DE 1/2\"","UN    ","AS","2,98"]
[12395,"CAP OU TAMPAO DE FERRO GALVANIZADO, COM ROSCA BSP, DE 1/4\"","UN    ","AS","2,90"]
[1170,"CAP OU TAMPAO DE FERRO GALVANIZADO, COM ROSCA BSP, DE 1\"","UN    ","AS","5,62"]
[1169,"CAP OU TAMPAO DE FERRO GALVANIZADO, COM ROSCA BSP, DE 2 1/2\"","UN    ","AS","27,62"]
[1166,"CAP OU TAMPAO DE FERRO GALVANIZADO, COM ROSCA BSP, DE 2\"","UN    ","AS","15,31"]
[1163,"CAP OU TAMPAO DE FERRO GALVANIZADO, COM ROSCA BSP, DE 3/4\"","UN    ","AS","3,86"]
[12396,"CAP OU TAMPAO DE FERRO GALVANIZADO, COM ROSCA BSP, DE 3/8\"","UN    ","AS","2,90"]
[1168,"CAP OU TAMPAO DE FERRO GALVANIZADO, COM ROSCA BSP, DE 3\"","UN    ","AS","39,38"]
[1167,"CAP OU TAMPAO DE FERRO GALVANIZADO, COM ROSCA BSP, DE 4\"","UN    ","AS","65,87"]
[36331,"CAP PPR DN 20 MM, PARA AGUA QUENTE PREDIAL","UN    ","AS","1,13"]
[36346,"CAP PPR DN 25 MM, PARA AGUA QUENTE PREDIAL","UN    ","AS","1,94"]
[1210,"CAP PVC, ROSCAVEL, 1 1/2\",  AGUA FRIA PREDIAL","UN    ","CR","6,94"]
[1203,"CAP PVC, ROSCAVEL, 1 1/4\",  AGUA FRIA PREDIAL","UN    ","CR","5,30"]
[1197,"CAP PVC, ROSCAVEL, 1/2\", PARA AGUA FRIA PREDIAL","UN    ","AS","0,94"]
[1202,"CAP PVC, ROSCAVEL, 1\",  PARA AGUA FRIA PREDIAL","UN    ","AS","2,52"]
[1188,"CAP PVC, ROSCAVEL, 2 1/2\",  AGUA FRIA PREDIAL","UN    ","CR","17,56"]
[1211,"CAP PVC, ROSCAVEL, 2\",  AGUA FRIA PREDIAL","UN    ","CR","9,72"]
[1198,"CAP PVC, ROSCAVEL, 3/4\",  PARA AGUA FRIA PREDIAL","UN    ","AS","1,44"]
[1199,"CAP PVC, ROSCAVEL, 3\",  AGUA FRIA PREDIAL","UN    ","CR","27,21"]
[20088,"CAP PVC, SERIE R, DN 100 MM, PARA ESGOTO PREDIAL","UN    ","CR","10,42"]
[20089,"CAP PVC, SERIE R, DN 150 MM, PARA ESGOTO PREDIAL","UN    ","CR","51,89"]
[20087,"CAP PVC, SERIE R, DN 75 MM, PARA ESGOTO PREDIAL","UN    ","CR","7,03"]
[1200,"CAP PVC, SOLDAVEL, DN 100 MM, SERIE NORMAL, PARA ESGOTO PREDIAL","UN    ","AS","5,86"]
[12909,"CAP PVC, SOLDAVEL, DN 50 MM, SERIE NORMAL, PARA ESGOTO PREDIAL","UN    ","AS","2,60"]
[12910,"CAP PVC, SOLDAVEL, DN 75 MM, SERIE NORMAL, PARA ESGOTO PREDIAL","UN    ","AS","4,43"]
[1184,"CAP PVC, SOLDAVEL, 110 MM, PARA AGUA FRIA PREDIAL","UN    ","AS","52,99"]
[1191,"CAP PVC, SOLDAVEL, 20 MM, PARA AGUA FRIA PREDIAL","UN    ","AS","0,86"]
[1185,"CAP PVC, SOLDAVEL, 25 MM, PARA AGUA FRIA PREDIAL","UN    ","AS","0,92"]
[1189,"CAP PVC, SOLDAVEL, 32 MM, PARA AGUA FRIA PREDIAL","UN    ","AS","1,31"]
[1193,"CAP PVC, SOLDAVEL, 40 MM, PARA AGUA FRIA PREDIAL","UN    ","AS","2,60"]
[1194,"CAP PVC, SOLDAVEL, 50 MM, PARA AGUA FRIA PREDIAL","UN    ","AS","4,81"]
[1195,"CAP PVC, SOLDAVEL, 60 MM, PARA AGUA FRIA PREDIAL","UN    ","AS","7,35"]
[1204,"CAP PVC, SOLDAVEL, 75 MM, PARA AGUA FRIA PREDIAL","UN    ","AS","13,57"]
[1205,"CAP PVC, SOLDAVEL, 85 MM, PARA AGUA FRIA PREDIAL","UN    ","AS","30,59"]
[1207,"CAP, PVC PBA, JE, DN 100 / DE 110 MM,  PARA REDE DE AGUA (NBR 10351)","UN    ","AS","24,43"]
[1206,"CAP, PVC PBA, JE, DN 50 / DE 60 MM,  PARA REDE DE AGUA (NBR 10351)","UN    ","AS","5,86"]
[1183,"CAP, PVC PBA, JE, DN 75 / DE 85 MM,  PARA REDE DE AGUA (NBR 10351)","UN    ","AS","13,11"]
[26047,"CAP, PVC, JE, DN 150 MM, PARA REDE COLETORA DE ESGOTO","UN    ","AS","105,33"]
[26048,"CAP, PVC, JE, DN 200 MM, PARA REDE COLETORA DE ESGOTO","UN    ","AS","156,93"]
[12894,"CAPA PARA CHUVA EM PVC COM FORRO DE POLIESTER, COM CAPUZ (AMARELA OU AZUL)","UN    ","CR","15,60"]
[12895,"CAPACETE DE SEGURANCA ABA FRONTAL COM SUSPENSAO DE POLIETILENO, SEM JUGULAR (CLASSE B)","UN    ","C ","12,00"]
[1631,"CAPACITOR TRIFASICO, POTENCIA 2,5 KVAR, TENSAO 220 V, FORNECIDO COM CAPA PROTETORA, RESISTOR INTERNO A UNIDADE CAPACITIVA","UN    ","AS","98,60"]
[1633,"CAPACITOR TRIFASICO, POTENCIA 5 KVAR, TENSAO 220 V, FORNECIDO COM CAPA PROTETORA, RESISTOR INTERNO A UNIDADE CAPACITIVA","UN    ","AS","167,53"]
[10818,"CAPIM BRAQUIARIA DECUMBENS/ BRAQUIARINHA, VC *70*% MINIMO","KG    ","AS","19,71"]
[39359,"CARENAGEM /TAMPA, EM PLASTICO, COR BRANCA, UTILIZADO EM KIT CHASSI METALICO PARA INSTALACAO HIDRAULICA DE CUBA SIMPLES SEM MAQUINA DE LAVAR ROUPA, LARGURA *355* MM X ALTURA *670* MM (COM FUROS E DEMAIS ENCAIXES)","UN    ","AS","20,07"]
[39360,"CARENAGEM /TAMPA, EM PLASTICO, COR BRANCA, UTILIZADO EM KIT CHASSI METALICO PARA INSTALACAO HIDRAULICA DE TANQUE COM MAQUINA DE LAVAR ROUPA, LARGURA *360* MM X ALTURA *470* MM (COM FUROS E DEMAIS ENCAIXES)","UN    ","AS","18,24"]
[10710,"CARPETE DE NYLON EM MANTA PARA TRAFEGO COMERCIAL PESADO, E = 6 A 7 MM (INSTALADO)","M2    ","AS","67,42"]
[10709,"CARPETE DE NYLON EM MANTA PARA TRAFEGO COMERCIAL PESADO, E = 9 A 10 MM (INSTALADO)","M2    ","AS","82,83"]
[39636,"CARPETE DE NYLON EM PLACAS 50 X 50 CM PARA TRAFEGO COMERCIAL PESADO, E = 6,5 MM (INSTALADO)","M2    ","AS","84,58"]
[10708,"CARPETE DE POLIESTER EM MANTA PARA TRAFEGO COMERCIAL PESADO, E = 4 A 5 MM (INSTALADO)","M2    ","AS","26,10"]
[39635,"CARPETE DE POLIPROPILENO EM MANTA PARA TRAFEGO COMERCIAL MEDIO, E = 5 A 6 MM (INSTALADO)","M2    ","AS","44,43"]
[6117,"CARPINTEIRO AUXILIAR","H     ","CR","14,52"]
[40913,"CARPINTEIRO AUXILIAR (MENSALISTA)","MES   ","CR","2.535,46"]
[1214,"CARPINTEIRO DE ESQUADRIAS","H     ","CR","13,63"]
[40915,"CARPINTEIRO DE ESQUADRIAS (MENSALISTA)","MES   ","CR","2.380,75"]
[1213,"CARPINTEIRO DE FORMAS","H     ","C ","14,52"]
[40914,"CARPINTEIRO DE FORMAS (MENSALISTA)","MES   ","CR","2.535,46"]
[5091,"CARRANCA PARA JANELA VENEZIANA DE ABRIR, EM LATAO CROMADO, SIMPLES, PARA APARAFUSAR NA PAREDE","UN    ","CR","12,59"]
[14615,"CARRINHO COM 2 PNEUS PARA TRANSPORTAR TUBO CONCRETO, ALTURA ATE 1,0 M E DIAMETRO ATE 1000MM, COM ESTRUTURA EM PERFIL OU TUBO METALICO","UN    ","AS","3.298,56"]
[2711,"CARRINHO DE MAO DE ACO CAPACIDADE 50 A 60 L, PNEU COM CAMARA","UN    ","C ","109,90"]
[37727,"CARROCERIA FIXA ABERTA DE MADEIRA PARA TRANSPORTE GERAL DE CARGA SECA DIMENSOES APROXIMADAS 2,25 X 4,10 X 0,50 M (INCLUI MONTAGEM, NAO INCLUI CAMINHAO)","UN    ","AS","8.500,00"]
[37728,"CARROCERIA FIXA ABERTA DE MADEIRA PARA TRANSPORTE GERAL DE CARGA SECA DIMENSOES APROXIMADAS 2,5 X 5,5 X 0,50 M (INCLUI MONTAGEM, NAO INCLUI CAMINHAO)","UN    ","AS","11.531,46"]
[37729,"CARROCERIA FIXA ABERTA DE MADEIRA PARA TRANSPORTE GERAL DE CARGA SECA DIMENSOES APROXIMADAS 2,5 X 6,00 X 0,50 M (INCLUI MONTAGEM, NAO INCLUI CAMINHAO)","UN    ","AS","12.482,51"]
[37730,"CARROCERIA FIXA ABERTA DE MADEIRA PARA TRANSPORTE GERAL DE CARGA SECA DIMENSOES APROXIMADAS 2,5 X 6,5 X 0,50 M (INCLUI MONTAGEM, NAO INCLUI CAMINHAO)","UN    ","AS","13.433,56"]
[37731,"CARROCERIA FIXA ABERTA DE MADEIRA PARA TRANSPORTE GERAL DE CARGA SECA DIMENSOES APROXIMADAS 2,5 X 7,00 X 0,50 M (INCLUI MONTAGEM, NAO INCLUI CAMINHAO)","UN    ","AS","14.384,61"]
[37732,"CARROCERIA FIXA ABERTA DE MADEIRA PARA TRANSPORTE GERAL DE CARGA SECA DIMENSOES APROXIMADAS 2,5 X 7,5 X 0,50 M (INCLUI MONTAGEM, NAO INCLUI CAMINHAO)","UN    ","AS","16.405,59"]
[42250,"CARVAO ANTRACITO PARA FILTRO, GRAO VARIANDO DE 0,8 ATE 1,1 MM, COEFICIENTE DE UNIFORMIDADE MENOR QUE 1,7 MM","T     ","CR","1.480,56"]
[42256,"CARVAO ANTRACITO PARA FILTRO, GRAO VARIANDO DE 0,8 ATE 1,1 MM, COEFICIENTE DE UNIFORMIDADE MENOR QUE 1,7 MM (DISTRIBUIDOR)","KG    ","CR","3,10"]
[4743,"CASCALHO DE CAVA","M3    ","CR","25,67"]
[4744,"CASCALHO DE RIO","M3    ","CR","33,56"]
[4745,"CASCALHO LAVADO","M3    ","CR","44,96"]
[36496,"CAVALETE PARA TALHA COM ESTRUTURA EM TUBO METALICO ALTURA MINIMA 3,2 M EQUIPADO COM RODAS DE BORRACHA PARA MOVIMENTACAO DE TUBOS DE CONCRETO NA CENTRAL DE PREMOLDADOS COM CAPACIDADE DE CARGA DE 3 TONELADAS","UN    ","AS","8.374,99"]
[10630,"CAVALO MECANICO TRACAO 4X2, PESO BRUTO TOTAL COMBINADO 49000 KG, CAPACIDADE MAXIMA DE TRACAO *66000* KG, POTENCIA *360* CV (INCLUI CABINE E CHASSI, NAO INCLUI SEMIRREBOQUE)","UN    ","AS","404.662,25"]
[37762,"CAVALO MECANICO TRACAO 4X2, PESO BRUTO TOTAL 16000 KG, CAPACIDADE MAXIMA DE TRACAO *36000* KG, DISTANCIA ENTRE EIXOS *3,56* M, POTENCIA *286* CV (INCLUI CABINE E CHASSI, NAO INCLUI SEMIRREBOQUE)","UN    ","AS","347.054,16"]
[37763,"CAVALO MECANICO TRACAO 4X2, PESO BRUTO TOTAL 16000 KG, CAPACIDADE MAXIMA DE TRACAO *45000* KG, DISTANCIA ENTRE EIXOS *3,56* M, POTENCIA *330* CV (INCLUI CABINE E CHASSI, NAO INCLUI SEMIRREBOQUE)","UN    ","AS","351.269,33"]
[41992,"CAVALO MECANICO TRACAO 4X2, PESO BRUTO TOTAL 16000 KG, CAPACIDADE MAXIMA DE TRACAO *80000* KG, POTENCIA *380* CV (INCLUI CABINE E CHASSI, NAO INCLUI SEMIRREBOQUE)","UN    ","AS","399.323,03"]
[13215,"CAVALO MECANICO TRACAO 6X2, PESO BRUTO TOTAL COMBINADO 56000 KG, CAPACIDADE MAXIMA DE TRACAO *66000* KG, POTENCIA *360* CV (INCLUI CABINE E CHASSI, NAO INCLUI SEMIRREBOQUE)","UN    ","AS","489.669,46"]
[4235,"CAVOUQUEIRO OU OPERADOR DE PERFURATRIZ / ROMPEDOR","H     ","CR","22,41"]
[40976,"CAVOUQUEIRO OU OPERADOR DE PERFURATRIZ / ROMPEDOR (MENSALISTA)","MES   ","CR","3.914,23"]
[39013,"CENTRALIZADOR DE BARRA DE ACO (CHUMBADOR TIPO CARAMBOLA), PARA ACO ATE 20 MM","UN    ","CR","1,16"]
[41967,"CERA  LIQUIDA","L     ","CR","5,89"]
[12760,"CHAPA ACO INOX AISI 304 NUMERO 4 (E = 6 MM), ACABAMENTO NUMERO 1 (LAMINADO A QUENTE, FOSCO)","M2    ","CR","1.046,11"]
[12759,"CHAPA ACO INOX AISI 304 NUMERO 9 (E = 4 MM), ACABAMENTO NUMERO 1 (LAMINADO A QUENTE, FOSCO)","M2    ","CR","697,40"]
[40424,"CHAPA DE ACO CARBONO LAMINADO A QUENTE, QUALIDADE ESTRUTURAL, BITOLA 3/16\", E =4,75 MM (37,29 KG/M2)","KG    ","CR","5,12"]
[1325,"CHAPA DE ACO FINA A FRIO BITOLA MSG 20, E = 0,90 MM (7,20 KG/M2)","KG    ","CR","6,24"]
[1327,"CHAPA DE ACO FINA A FRIO BITOLA MSG 24, E = 0,60 MM (4,80 KG/M2)","KG    ","CR","5,59"]
[1328,"CHAPA DE ACO FINA A FRIO BITOLA MSG 26, E = 0,45 MM (3,60 KG/M2)","KG    ","CR","5,85"]
[1321,"CHAPA DE ACO FINA A QUENTE BITOLA MSG 13, E = 2,25 MM (18,00 KG/M2)","KG    ","CR","6,27"]
[1318,"CHAPA DE ACO FINA A QUENTE BITOLA MSG 14, E = 2,00 MM (16,0 KG/M2)","KG    ","CR","6,03"]
[1322,"CHAPA DE ACO FINA A QUENTE BITOLA MSG 16, E = 1,50 MM (12,00 KG/M2)","KG    ","CR","6,65"]
[1323,"CHAPA DE ACO FINA A QUENTE BITOLA MSG 18, E = 1,20 MM (9,60 KG/M2)","KG    ","CR","6,50"]
[1319,"CHAPA DE ACO FINA A QUENTE BITOLA MSG 3/16 \", E = 4,75 MM (38,00 KG/M2)","KG    ","CR","5,75"]
[11026,"CHAPA DE ACO GALVANIZADA BITOLA GSG 14, E = 1,95 MM (15,60 KG/M2)","KG    ","CR","7,70"]
[11027,"CHAPA DE ACO GALVANIZADA BITOLA GSG 16, E = 1,55 MM (12,40 KG/M2)","KG    ","CR","8,18"]
[11046,"CHAPA DE ACO GALVANIZADA BITOLA GSG 18, E = 1,25 MM (10,00 KG/M2)","KG    ","CR","7,94"]
[11047,"CHAPA DE ACO GALVANIZADA BITOLA GSG 19, E = 1,11 MM (8,88 KG/M2)","KG    ","CR","6,00"]
[39630,"CHAPA DE ACO GALVANIZADA BITOLA GSG 20, E = 0,95 MM (7,60 KG/M2)","M2    ","CR","55,78"]
[11049,"CHAPA DE ACO GALVANIZADA BITOLA GSG 22, E = 0,80 MM (6,40 KG/M2)","KG    ","C ","7,40"]
[39632,"CHAPA DE ACO GALVANIZADA BITOLA GSG 24, E = 0,65 MM (5,20 KG/M2)","M2    ","CR","38,92"]
[11051,"CHAPA DE ACO GALVANIZADA BITOLA GSG 26, E = 0,50 MM (4,00 KG/M2)","KG    ","CR","7,95"]
[11061,"CHAPA DE ACO GALVANIZADA BITOLA GSG 30, E = 0,35 MM (2,80 KG/M2)","KG    ","CR","5,56"]
[1336,"CHAPA DE ACO GROSSA, ASTM A36, E = 1 \" (25,40 MM) 199,18 KG/M2","M2    ","CR","1.488,26"]
[1333,"CHAPA DE ACO GROSSA, ASTM A36, E = 1/2 \" (12,70 MM) 99,59 KG/M2","KG    ","CR","5,78"]
[1330,"CHAPA DE ACO GROSSA, ASTM A36, E = 1/4 \" (6,35 MM) 49,79 KG/M2","KG    ","CR","5,93"]
[10957,"CHAPA DE ACO GROSSA, ASTM A36, E = 3/4 \" (19,05 MM) 149,39 KG/M2","KG    ","CR","7,40"]
[1332,"CHAPA DE ACO GROSSA, ASTM A36, E = 3/8 \" (9,53 MM) 74,69 KG/M2","KG    ","CR","6,16"]
[1334,"CHAPA DE ACO GROSSA, ASTM A36, E = 5/8 \" (15,88 MM) 124,49 KG/M2","KG    ","CR","6,83"]
[1335,"CHAPA DE ACO GROSSA, ASTM A36, E = 7/8 \" (22,23 MM) 174,28 KG/M2","KG    ","CR","6,92"]
[40425,"CHAPA DE ACO GROSSA, SAE 1020, BITOLA 1/4\", E = 6,35 MM (49,85 KG/M2)","KG    ","CR","5,15"]
[1337,"CHAPA DE ACO XADREZ PARA PISOS, E = 1/4 \" (6,30 MM) 54,53 KG/M2","KG    ","CR","7,30"]
[11122,"CHAPA DE ALUMINIO, E = 3 MM, L = 1000 MM - 8,10 KG/M2 (LIGA 1200 - H14)","KG    ","AS","15,10"]
[11123,"CHAPA DE ALUMINIO, E = 4 MM, L = 1000 MM - 10,8 KG/M2 (LIGA 1200 - H14)","KG    ","AS","15,10"]
[11125,"CHAPA DE ALUMINIO, E = 5 MM, L = 1060 MM - 13,5 KG/M2 (LIGA 1200 - H14)","KG    ","AS","15,10"]
[39416,"CHAPA DE GESSO ACARTONADO, RESISTENTE A UMIDADE (RU), COR VERDE, E = 12,5 MM, 1200 X 1800 MM (L X C)","M2    ","CR","13,43"]
[39417,"CHAPA DE GESSO ACARTONADO, RESISTENTE A UMIDADE (RU), COR VERDE, E = 12,5 MM, 1200 X 2400 MM (L X C)","M2    ","CR","14,08"]
[39414,"CHAPA DE GESSO ACARTONADO, RESISTENTE AO FOGO (RF), COR ROSA, E = 12,5 MM, 1200 X 1800 MM (L X C)","M2    ","CR","12,61"]
[39415,"CHAPA DE GESSO ACARTONADO, RESISTENTE AO FOGO (RF), COR ROSA, E = 12,5 MM, 1200 X 2400 MM (L X C)","M2    ","CR","13,36"]
[39412,"CHAPA DE GESSO ACARTONADO, STANDARD (ST), COR BRANCA, E = 12,5 MM, 1200 X 1800 MM (L X C)","M2    ","CR","9,49"]
[39413,"CHAPA DE GESSO ACARTONADO, STANDARD (ST), COR BRANCA, E = 12,5 MM, 1200 X 2400 MM (L X C)","M2    ","CR","9,40"]
[1338,"CHAPA DE LAMINADO MELAMINICO, LISO BRILHANTE, DE *1,25 X 3,08* M, E = 0,8 MM","M2    ","C ","21,02"]
[1340,"CHAPA DE LAMINADO MELAMINICO, LISO FOSCO, DE *1,25 X 3,08* M, E = 0,8 MM","M2    ","CR","24,30"]
[1341,"CHAPA DE LAMINADO MELAMINICO, TEXTURIZADO, DE *1,25 X 3,08* M, E = 0,8 MM","M2    ","CR","23,40"]
[1364,"CHAPA DE MADEIRA COMPENSADA DE PINUS, VIROLA OU EQUIVALENTE, DE *2,2 X 1,6* M, E = 10 MM","M2    ","CR","21,09"]
[1361,"CHAPA DE MADEIRA COMPENSADA DE PINUS, VIROLA OU EQUIVALENTE, DE *2,2 X 1,6* M, E = 12 MM","UN    ","CR","87,96"]
[1362,"CHAPA DE MADEIRA COMPENSADA DE PINUS, VIROLA OU EQUIVALENTE, DE *2,2 X 1,6* M, E = 15 MM","M2    ","CR","29,36"]
[11131,"CHAPA DE MADEIRA COMPENSADA DE PINUS, VIROLA OU EQUIVALENTE, DE *2,2 X 1,6* M, E = 20 MM","M2    ","CR","37,58"]
[11132,"CHAPA DE MADEIRA COMPENSADA DE PINUS, VIROLA OU EQUIVALENTE, DE *2,2 X 1,6* M, E = 25 MM","M2    ","CR","44,43"]
[1363,"CHAPA DE MADEIRA COMPENSADA DE PINUS, VIROLA OU EQUIVALENTE, DE *2,2 X 1,6* M, E = 6 MM","M2    ","C ","14,94"]
[11130,"CHAPA DE MADEIRA COMPENSADA DE PINUS, VIROLA OU EQUIVALENTE, DE *2,2 X 1,6* M, E = 8 MM","M2    ","CR","18,92"]
[11134,"CHAPA DE MADEIRA COMPENSADA NAVAL (COM COLA FENOLICA), E = 10 MM, DE *1,60 X 2,20* M","M2    ","C ","24,29"]
[11135,"CHAPA DE MADEIRA COMPENSADA NAVAL (COM COLA FENOLICA), E = 12 MM, DE *1,60 X 2,20* M","M2    ","CR","29,61"]
[11136,"CHAPA DE MADEIRA COMPENSADA NAVAL (COM COLA FENOLICA), E = 15 MM, DE *1,60 X 2,20* M","M2    ","CR","32,03"]
[34743,"CHAPA DE MADEIRA COMPENSADA NAVAL (COM COLA FENOLICA), E = 18 MM, DE *1,60 X 2,20* M","M2    ","CR","40,77"]
[11137,"CHAPA DE MADEIRA COMPENSADA NAVAL (COM COLA FENOLICA), E = 20 MM, DE *1,60 X 2,20* M","M2    ","CR","45,47"]
[34745,"CHAPA DE MADEIRA COMPENSADA NAVAL (COM COLA FENOLICA), E = 25 MM, DE *1,60 X 2,20* M","M2    ","CR","51,81"]
[34746,"CHAPA DE MADEIRA COMPENSADA NAVAL (COM COLA FENOLICA), E = 4 MM, DE *1,60 X 2,20* M","M2    ","CR","13,34"]
[1360,"CHAPA DE MADEIRA COMPENSADA NAVAL (COM COLA FENOLICA), E = 6 MM, DE *1,60 X 2,20* M","M2    ","CR","16,48"]
[1346,"CHAPA DE MADEIRA COMPENSADA PLASTIFICADA PARA FORMA DE CONCRETO, DE 2,20 x 1,10 M, E = 10 MM","M2    ","CR","20,53"]
[1345,"CHAPA DE MADEIRA COMPENSADA PLASTIFICADA PARA FORMA DE CONCRETO, DE 2,20 x 1,10 M, E = 18 MM","M2    ","CR","33,26"]
[1344,"CHAPA DE MADEIRA COMPENSADA PLASTIFICADA PARA FORMA DE CONCRETO, DE 2,20 x 1,10 M, E = 6 MM","UN    ","CR","35,77"]
[1342,"CHAPA DE MADEIRA COMPENSADA PLASTIFICADA PARA FORMA DE CONCRETO, DE 2,20 X 1,10 m, E = 14 MM","UN    ","CR","63,23"]
[1347,"CHAPA DE MADEIRA COMPENSADA PLASTIFICADA PARA FORMA DE CONCRETO, DE 2,20 X 1,10 M, E = 12 MM","M2    ","C ","24,53"]
[1349,"CHAPA DE MADEIRA COMPENSADA PLASTIFICADA PARA FORMA DE CONCRETO, DE 2,20 X 1,10 M, E = 20 MM","UN    ","CR","90,17"]
[1350,"CHAPA DE MADEIRA COMPENSADA RESINADA PARA FORMA DE CONCRETO, DE *2,2 X 1,1* M, E = 10 MM","UN    ","C ","44,05"]
[1357,"CHAPA DE MADEIRA COMPENSADA RESINADA PARA FORMA DE CONCRETO, DE *2,2 X 1,1* M, E = 12 MM","UN    ","CR","56,11"]
[1355,"CHAPA DE MADEIRA COMPENSADA RESINADA PARA FORMA DE CONCRETO, DE *2,2 X 1,1* M, E = 14 MM","M2    ","CR","25,82"]
[1358,"CHAPA DE MADEIRA COMPENSADA RESINADA PARA FORMA DE CONCRETO, DE *2,2 X 1,1* M, E = 17 MM","M2    ","CR","29,92"]
[1359,"CHAPA DE MADEIRA COMPENSADA RESINADA PARA FORMA DE CONCRETO, DE *2,2 X 1,1* M, E = 20 MM","UN    ","CR","86,69"]
[1351,"CHAPA DE MADEIRA COMPENSADA RESINADA PARA FORMA DE CONCRETO, DE *2,2 X 1,1* M, E = 6 MM","UN    ","CR","27,93"]
[34659,"CHAPA DE MDF BRANCO LISO 1 FACE, E = 12 MM, DE *2,75 X 1,85* M","M2    ","CR","26,15"]
[34514,"CHAPA DE MDF BRANCO LISO 1 FACE, E = 15 MM, DE *2,75 X 1,85* M","M2    ","C ","28,97"]
[34660,"CHAPA DE MDF BRANCO LISO 1 FACE, E = 18 MM, DE *2,75 X 1,85* M","M2    ","CR","36,76"]
[34661,"CHAPA DE MDF BRANCO LISO 1 FACE, E = 25 MM, DE *2,75 X 1,85* M","M2    ","CR","52,80"]
[34667,"CHAPA DE MDF BRANCO LISO 1 FACE, E = 6 MM, DE *2,75 X 1,85* M","M2    ","CR","19,12"]
[34668,"CHAPA DE MDF BRANCO LISO 1 FACE, E = 9 MM, DE *2,75 X 1,85* M","M2    ","CR","24,99"]
[34741,"CHAPA DE MDF BRANCO LISO 2 FACES, E = 12 MM, DE *2,75 X 1,85* M","M2    ","CR","27,49"]
[34664,"CHAPA DE MDF BRANCO LISO 2 FACES, E = 15 MM, DE *2,75 X 1,85* M","M2    ","CR","30,00"]
[34665,"CHAPA DE MDF BRANCO LISO 2 FACES, E = 18 MM, DE *2,75 X 1,85* M","M2    ","CR","37,24"]
[34666,"CHAPA DE MDF BRANCO LISO 2 FACES, E = 25 MM, DE *2,75 X 1,85* M","M2    ","CR","56,26"]
[34669,"CHAPA DE MDF BRANCO LISO 2 FACES, E = 6 MM, DE *2,75 X 1,85* M","M2    ","CR","20,62"]
[34670,"CHAPA DE MDF BRANCO LISO 2 FACES, E = 9 MM, DE *2,75 X 1,85* M","M2    ","CR","25,23"]
[34671,"CHAPA DE MDF CRU, E = 12 MM, DE *2,75 X 1,85* M","M2    ","CR","21,06"]
[34672,"CHAPA DE MDF CRU, E = 15 MM, DE *2,75 X 1,85* M","M2    ","CR","22,20"]
[34673,"CHAPA DE MDF CRU, E = 18 MM, DE *2,75 X 1,85* M","M2    ","CR","27,09"]
[34674,"CHAPA DE MDF CRU, E = 20 MM, DE *2,75 X 1,85* M","M2    ","CR","36,02"]
[34675,"CHAPA DE MDF CRU, E = 25 MM, DE *2,75 X 1,85* M","M2    ","CR","43,92"]
[34676,"CHAPA DE MDF CRU, E = 6 MM, DE *2,75 X 1,85* M","M2    ","CR","12,64"]
[34677,"CHAPA DE MDF CRU, E = 9 MM, DE *2,75 X 1,85* M","M2    ","CR","17,00"]
[40623,"CHAPA PARA EMENDA DE VIGA, EM ACO GROSSO, QUALIDADE ESTRUTURAL, BITOLA 3/16 \", E= 4,75 MM, 4 FUROS, LARGURA 45 MM, COMPRIMENTO 500 MM","PAR   ","CR","32,52"]
[11584,"CHAPA RIGIDA DE FIBRAS DE MADEIRA PRENSADA A QUENTE, LISA, DE *1,22 X 2,44* M,  E = 2,5 MM","UN    ","CR","110,67"]
[11112,"CHAPA/BOBINA ALUMINIO, E = 0,5 MM, L = 300 MM - 0,41 KG/M (LIGA 1200 - H14)","KG    ","AS","15,10"]
[11115,"CHAPA/BOBINA ALUMINIO, E = 0,8 MM, L = 1000 MM - 2,16 KG/M (LIGA 1200 - H14)","M     ","AS","6,99"]
[11113,"CHAPA/BOBINA ALUMINIO, E = 0,8 MM, L = 500 MM - 1,08 KG/M (LIGA 1200 - H14)","KG    ","AS","15,10"]
[11114,"CHAPA/BOBINA ALUMINIO, E = 0,8 MM, L = 600 MM - 1,30 KG/M (LIGA 1200 - H14)","M     ","AS","11,61"]
[12083,"CHAVE BLINDADA TRIPOLAR PARA MOTORES, DO TIPO FACA, COM PORTA FUSIVEL DO TIPO CARTUCHO, CORRENTE NOMINAL DE 100 A, TENSAO NOMINAL DE 250 V","UN    ","AS","561,29"]
[12081,"CHAVE BLINDADA TRIPOLAR PARA MOTORES, DO TIPO FACA, COM PORTA FUSIVEL DO TIPO CARTUCHO, CORRENTE NOMINAL DE 30 A, TENSAO NOMINAL DE 250 V","UN    ","AS","189,81"]
[12082,"CHAVE BLINDADA TRIPOLAR PARA MOTORES, DO TIPO FACA, COM PORTA FUSIVEL DO TIPO CARTUCHO, CORRENTE NOMINAL DE 60 A, TENSAO NOMINAL DE 250 V","UN    ","AS","298,31"]
[13354,"CHAVE DE PARTIDA DIRETA TRIFASICA, COM CAIXA TERMOPLASTICA, COM FUSIVEL DE 25 A, PARA MOTOR COM POTENCIA DE 7,5 CV E TENSAO DE 380 V","UN    ","AS","445,53"]
[14057,"CHAVE DE PARTIDA DIRETA TRIFASICA, COM CAIXA TERMOPLASTICA, COM FUSIVEL DE 35 A, PARA MOTOR COM POTENCIA DE 5 CV E TENSAO DE 220 V","UN    ","AS","248,75"]
[14058,"CHAVE DE PARTIDA DIRETA TRIFASICA, COM CAIXA TERMOPLASTICA, COM FUSIVEL DE 63 A, PARA MOTOR COM POTENCIA DE 10 CV E TENSAO DE 220 V","UN    ","AS","392,39"]
[20971,"CHAVE DUPLA PARA CONEXOES TIPO STORZ, ENGATE RAPIDO 1 1/2\" X 2 1/2\", EM LATAO, PARA INSTALACAO PREDIAL COMBATE A INCENDIO","UN    ","CR","15,13"]
[5047,"CHAVE FUSIVEL PARA REDES DE DISTRIBUICAO, TENSAO DE 15,0 KV, CORRENTE NOMINAL DO PORTA FUSIVEL DE 100 A, CAPACIDADE DE INTERRUPCAO SIMETRICA DE 7,10 KA, CAPACIDADE DE INTERRUPCAO ASSIMETRICA 10,00 KA","UN    ","AS","267,34"]
[13369,"CHAVE SECCIONADORA-FUSIVEL BLINDADA TRIPOLAR, ABERTURA COM CARGA, PARA FUSIVEL NH00, CORRENTE NOMINAL DE 160 A, TENSAO DE 500 V","UN    ","AS","289,99"]
[13370,"CHAVE SECCIONADORA-FUSIVEL BLINDADA TRIPOLAR, ABERTURA COM CARGA, PARA FUSIVEL NH01, CORRENTE NOMINAL DE 250 A, TENSAO DE 500 V","UN    ","AS","402,00"]
[13279,"CHUMBADOR DE ACO TIPO PARABOLT, * 5/8\" X 200* MM,  COM PORCA E ARRUELA","KG    ","CR","13,00"]
[11977,"CHUMBADOR DE ACO, DIAMETRO 1/2\", COMPRIMENTO 75 MM","UN    ","CR","6,74"]
[11975,"CHUMBADOR DE ACO, DIAMETRO 5/8\", COMPRIMENTO 6\", COM PORCA","UN    ","CR","14,77"]
[39746,"CHUMBADOR DE ACO, 1\" X 600 MM, PARA POSTES DE ACO COM BASE, INCLUSO PORCA E ARRUELA","UN    ","CR","164,35"]
[11976,"CHUMBADOR, DIAMETRO 1/4\" COM PARAFUSO 1/4\" X 40 MM","UN    ","CR","0,75"]
[1368,"CHUVEIRO COMUM EM PLASTICO BRANCO, COM CANO, 3 TEMPERATURAS, 5500 W (110/220 V)","UN    ","C ","58,49"]
[1367,"CHUVEIRO COMUM EM PLASTICO CROMADO, COM CANO, 4 TEMPERATURAS (110/220 V)","UN    ","CR","189,19"]
[7608,"CHUVEIRO PLASTICO BRANCO SIMPLES 5 '' PARA ACOPLAR EM HASTE 1/2 \", AGUA FRIA","UN    ","CR","4,64"]
[41900,"CIMENTO ASFALTICO DE PETROLEO A GRANEL (CAP) 30/45 (COLETADO CAIXA NA ANP ACRESCIDO DE ICMS)","KG    ","AS","2,01"]
[41899,"CIMENTO ASFALTICO DE PETROLEO A GRANEL (CAP) 50/70 (COLETADO CAIXA NA ANP ACRESCIDO DE ICMS)","T     ","AS","1.982,85"]
[1380,"CIMENTO BRANCO","KG    ","CR","2,58"]
[1375,"CIMENTO IMPERMEABILIZANTE DE PEGA ULTRARRAPIDA PARA TAMPONAMENTOS","KG    ","CR","12,59"]
[1379,"CIMENTO PORTLAND COMPOSTO CP II-32","KG    ","CR","0,44"]
[10511,"CIMENTO PORTLAND COMPOSTO CP II-32 (SACO DE 50 KG)","50KG  ","C ","22,00"]
[13284,"CIMENTO PORTLAND DE ALTO FORNO (AF) CP III-32","KG    ","CR","0,37"]
[25974,"CIMENTO PORTLAND ESTRUTURAL BRANCO CPB-32","KG    ","CR","1,47"]
[1382,"CIMENTO PORTLAND POZOLANICO CP IV- 32","50KG  ","CR","21,20"]
[34753,"CIMENTO PORTLAND POZOLANICO CP IV-32","KG    ","CR","0,42"]
[420,"CINTA CIRCULAR EM ACO GALVANIZADO DE 150 MM DE DIAMETRO PARA FIXACAO DE CAIXA MEDICAO, INCLUI PARAFUSOS E PORCAS","UN    ","AS","19,38"]
[12327,"CINTA CIRCULAR EM ACO GALVANIZADO DE 210 MM DE DIAMETRO PARA INSTALACAO DE TRANSFORMADOR EM POSTE DE CONCRETO","UN    ","AS","23,08"]
[36148,"CINTURAO DE SEGURANCA TIPO PARAQUEDISTA, FIVELA EM ACO, AJUSTE NO SUSPENSARIO, CINTURA E PERNAS","UN    ","CR","57,60"]
[12329,"COBRE ELETROLITICO EM BARRA OU CHAPA","KG    ","AS","58,15"]
[1339,"COLA A BASE DE RESINA SINTETICA PARA CHAPA DE LAMINADO MELAMINICO","KG    ","CR","21,07"]
[11849,"COLA BRANCA BASE PVA","L     ","CR","13,53"]
[37418,"COLAR DE TOMADA EM POLIPROPILENO, PP, COM PARAFUSOS, PARA PEAD, 63 X 1/2\" - LIGACAO PREDIAL DE AGUA","UN    ","AS","12,41"]
[37419,"COLAR DE TOMADA EM POLIPROPILENO, PP, COM PARAFUSOS, PARA PEAD, 63 X 3/4\" - LIGACAO PREDIAL DE AGUA","UN    ","AS","12,75"]
[1427,"COLAR TOMADA PVC, COM TRAVAS, SAIDA COM ROSCA, DE 110 MM X 1/2\" OU 110 MM X 3/4\", PARA LIGACAO PREDIAL DE AGUA","UN    ","AS","18,59"]
[1402,"COLAR TOMADA PVC, COM TRAVAS, SAIDA COM ROSCA, DE 32 MM X 1/2\" OU 32 MM X 3/4\", PARA LIGACAO PREDIAL DE AGUA","UN    ","AS","9,81"]
[1420,"COLAR TOMADA PVC, COM TRAVAS, SAIDA COM ROSCA, DE 40 MM X 1/2\" OU 40 MM X 3/4\", PARA LIGACAO PREDIAL DE AGUA","UN    ","AS","10,18"]
[1419,"COLAR TOMADA PVC, COM TRAVAS, SAIDA COM ROSCA, DE 50 MM X 1/2\" OU 50 MM X 3/4\", PARA LIGACAO PREDIAL DE AGUA","UN    ","AS","11,03"]
[1414,"COLAR TOMADA PVC, COM TRAVAS, SAIDA COM ROSCA, DE 60 MM X 1/2\" OU 60 MM X 3/4\", PARA LIGACAO PREDIAL DE AGUA","UN    ","AS","12,38"]
[1413,"COLAR TOMADA PVC, COM TRAVAS, SAIDA COM ROSCA, DE 75 MM X 1/2\" OU 75 MM X 3/4\", PARA LIGACAO PREDIAL DE AGUA","UN    ","AS","14,98"]
[1412,"COLAR TOMADA PVC, COM TRAVAS, SAIDA COM ROSCA, DE 85 MM X 1/2\" OU 85 MM X 3/4\", PARA LIGACAO PREDIAL DE AGUA","UN    ","AS","15,54"]
[1411,"COLAR TOMADA PVC, COM TRAVAS, SAIDA ROSCAVEL COM BUCHA DE LATAO, DE 110 MM X 1/2\" OU 110 MM X 3/4\", PARA LIGACAO PREDIAL DE AGUA","UN    ","AS","28,24"]
[1406,"COLAR TOMADA PVC, COM TRAVAS, SAIDA ROSCAVEL COM BUCHA DE LATAO, DE 60 MM X 1/2\" OU 60 MM X 3/4\", PARA LIGACAO PREDIAL DE AGUA","UN    ","AS","18,77"]
[1407,"COLAR TOMADA PVC, COM TRAVAS, SAIDA ROSCAVEL COM BUCHA DE LATAO, DE 75 MM X 1/2\" OU 75 MM X 3/4\", PARA LIGACAO PREDIAL DE AGUA","UN    ","AS","23,39"]
[1404,"COLAR TOMADA PVC, COM TRAVAS, SAIDA ROSCAVEL COM BUCHA DE LATAO, DE 85 MM X 1/2\" OU 85 MM X 3/4\", PARA LIGACAO PREDIAL DE AGUA","UN    ","AS","24,79"]
[11281,"COMPACTADOR DE SOLO A PERCUSSAO (SOQUETE), COM MOTOR GASOLINA DE 4 TEMPOS, PESO ENTRE 55 E 65 KG, FORCA DE IMPACTO DE 1.000 A 1.500 KGF, FREQUENCIA DE 600 A 700 GOLPES POR MINUTO, VELOCIDADE DE TRABALHO ENTRE 10 E 15 M/MIN, POTENCIA ENTRE 2,00 E 3,00 HP","UN    ","AS","9.751,28"]
[40699,"COMPACTADOR DE SOLO, TIPO PLACA VIBRATORIA NAO REVERSIVEL, COM MOTOR A GASOLINA DE 4 TEMPOS, PESO ENTRE 80 E 120 KG, FORCA CENTRIFUGA ENTRE 1300 E 2000 KGF, LARGURA DE TRABALHO ENTRE 400 E 500 MM, FREQUENCIA DE VIBRACAO ENTRE 4800 E 6000 RPM, VELOCIDADEDE TRABALHO ENTRE 20 E 30 M/MIN, POTENCIA ENTRE 5,0 E 6,0 HP","UN    ","AS","5.462,39"]
[40701,"COMPACTADOR DE SOLO, TIPO PLACA VIBRATORIA REVERSIVEL, COM MOTOR A DIESEL, PESO ENTRE 700 E 820 KG, FORCA CENTRIFUGA ENTRE 6.200 E 10.000 KGF, LARGURA DE TRABALHO ENTRE 650 E 720 MM, FREQUENCIA DE VIBRACAO ENTRE 3.000 E 3.500 RPM, VELOCIDADE DE TRABALHOENTRE 25 E 30 M/MIN, POTENCIA ENTRE 13,0 E 15,0 HP","UN    ","AS","96.582,67"]
[1442,"COMPACTADOR DE SOLO, TIPO PLACA VIBRATORIA REVERSIVEL, COM MOTOR A GASOLINA DE 4 TEMPOS, PESO ENTRE 125 E 150 KG, FORCA CENTRIFUGA ENTRE 2500 E 2800 KGF, LARGURA DE TRABALHO ENTRE 400 E 450 MM, FREQUENCIA DE VIBRACAO ENTRE 4.300 E 4.500 RPM, VELOCIDADE DE TRABALHO ENTRE 15 E 20 M/MIN, POTENCIA ENTRE 5,5 E 6,0 HP","UN    ","AS","8.186,12"]
[13457,"COMPACTADOR DE SOLO, TIPO PLACA VIBRATORIA REVERSIVEL, COM MOTOR A GASOLINA DE 4 TEMPOS, PESO ENTRE 150 E 175 KG, FORCA CENTRIFUGA ENTRE 2800 E 3100 KGF, LARGURA DE TRABALHO ENTRE 450 E 520 MM, FREQUENCIA DE VIBRACAO ENTRE 4.000 E 4.300 RPM, VELOCIDADE DE TRABALHO ENTRE 15 E 20 M/MIN, POTENCIA ENTRE 6,0 E 7,0 HP","UN    ","AS","7.066,14"]
[40700,"COMPACTADOR DE SOLO, TIPO PLACA VIBRATORIA REVERSIVEL, COM MOTOR A GASOLINA DE 4 TEMPOS, PESO ENTRE 160 E 265 KG, FORCA CENTRIFUGA ENTRE 2750 E 4000 KGF, LARGURA DE TRABALHO ENTRE 430 E 550 MM, FREQUENCIA DE VIBRACAO ENTRE 4000 E 5500 RPM, VELOCIDADE DETRABALHO ENTRE 20 E 25 M/MIN, POTENCIA ENTRE 7,5 E 9,0 HP","UN    ","AS","12.715,75"]
[13458,"COMPACTADOR DE SOLOS DE PERCURSAO (SOQUETE) COM MOTOR A GASOLINA 4 TEMPOS DE 4 HP (4 CV)","UN    ","AS","12.083,10"]
[36524,"COMPRESSOR DE AR ESTACIONARIO, VAZAO 620 PCM, PRESSAO EFETIVA DE TRABALHO 109 PSI, MOTOR ELETRICO, POTENCIA 127 CV","UN    ","CR","71.134,19"]
[36526,"COMPRESSOR DE AR REBOCAVEL VAZAO 400 PCM, PRESSAO EFETIVA DE TRABALHO 102 PSI, MOTOR DIESEL, POTENCIA 110 CV","UN    ","CR","57.322,82"]
[36523,"COMPRESSOR DE AR REBOCAVEL VAZAO 748 PCM, PRESSAO EFETIVA DE TRABALHO 102 PSI, MOTOR DIESEL, POTENCIA 210 CV","UN    ","CR","122.720,43"]
[36527,"COMPRESSOR DE AR REBOCAVEL VAZAO 860 PCM, PRESSAO EFETIVA DE TRABALHO 102 PSI, MOTOR DIESEL, POTENCIA 250 CV","UN    ","CR","133.299,67"]
[13803,"COMPRESSOR DE AR REBOCAVEL, VAZAO *89* PCM, PRESSAO EFETIVA DE TRABALHO *102* PSI, MOTOR DIESEL, POTENCIA *20* CV","UN    ","C ","48.200,00"]
[38642,"COMPRESSOR DE AR REBOCAVEL, VAZAO 152 PCM, PRESSAO EFETIVA DE TRABALHO 102 PSI, MOTOR DIESEL, POTENCIA 31,5 KW","UN    ","CR","31.035,58"]
[36522,"COMPRESSOR DE AR REBOCAVEL, VAZAO 189 PCM, PRESSAO EFETIVA DE TRABALHO 102 PSI, MOTOR DIESEL, POTENCIA 63 CV","UN    ","CR","36.094,01"]
[36525,"COMPRESSOR DE AR REBOCAVEL, VAZAO 250 PCM, PRESSAO EFETIVA DE TRABALHO 102 PSI, MOTOR DIESEL, POTENCIA 81 CV","UN    ","CR","48.338,31"]
[41991,"COMPRESSOR DE AR, VAZAO DE 10 PCM, RESERVATORIO 100 L, PRESSAO DE TRABALHO ENTRE 6,9 E 9,7 BAR,  POTENCIA 2 HP, TENSAO 110/220 V (COLETADO CAIXA)","UN    ","CR","1.786,17"]
[34348,"CONCERTINA CLIPADA (DUPLA) EM ACO GALVANIZADO DE ALTA RESISTENCIA, COM ESPIRAL DE 300 MM, D = 2,76 MM","M     ","CR","24,77"]
[34347,"CONCERTINA SIMPLES EM ACO GALVANIZADO DE ALTA RESISTENCIA, COM ESPIRAL DE 300 MM, D = 2,76 MM","M     ","CR","12,80"]
[11146,"CONCRETO AUTOADENSAVEL (CAA) CLASSE DE RESISTENCIA C15, ESPALHAMENTO SF2, INCLUI SERVICO DE BOMBEAMENTO (NBR 15823)","M3    ","AS","240,63"]
[11147,"CONCRETO AUTOADENSAVEL (CAA) CLASSE DE RESISTENCIA C20, ESPALHAMENTO SF2, INCLUI SERVICO DE BOMBEAMENTO (NBR 15823)","M3    ","AS","249,54"]
[34872,"CONCRETO AUTOADENSAVEL (CAA) CLASSE DE RESISTENCIA C25, ESPALHAMENTO SF2, INCLUI SERVICO DE BOMBEAMENTO (NBR 15823)","M3    ","AS","258,45"]
[34491,"CONCRETO AUTOADENSAVEL (CAA) CLASSE DE RESISTENCIA C30, ESPALHAMENTO SF2, INCLUI SERVICO DE BOMBEAMENTO (NBR 15823)","M3    ","AS","263,68"]
[34770,"CONCRETO BETUMINOSO USINADO A QUENTE (CBUQ) PARA PAVIMENTACAO ASFALTICA, PADRAO DNIT, FAIXA C, COM CAP 30/45 - AQUISICAO POSTO USINA","T     ","AS","240,91"]
[1518,"CONCRETO BETUMINOSO USINADO A QUENTE (CBUQ) PARA PAVIMENTACAO ASFALTICA, PADRAO DNIT, FAIXA C, COM CAP 50/70 - AQUISICAO POSTO USINA","T     ","AS","260,00"]
[41965,"CONCRETO BETUMINOSO USINADO A QUENTE (CBUQ) PARA PAVIMENTACAO ASFALTICA, PADRAO DNIT, PARA BINDER, COM CAP 50/70 - AQUISICAO POSTO USINA","T     ","AS","251,88"]
[34492,"CONCRETO USINADO BOMBEAVEL, CLASSE DE RESISTENCIA C20, COM BRITA 0 E 1, SLUMP = 100 +/- 20 MM, EXCLUI SERVICO DE BOMBEAMENTO (NBR 8953)","M3    ","AS","218,35"]
[1524,"CONCRETO USINADO BOMBEAVEL, CLASSE DE RESISTENCIA C20, COM BRITA 0 E 1, SLUMP = 100 +/- 20 MM, INCLUI SERVICO DE BOMBEAMENTO (NBR 8953)","M3    ","AS","254,00"]
[38404,"CONCRETO USINADO BOMBEAVEL, CLASSE DE RESISTENCIA C20, COM BRITA 0 E 1, SLUMP = 130 +/- 20 MM, EXCLUI SERVICO DE BOMBEAMENTO (NBR 8953)","M3    ","AS","268,09"]
[39849,"CONCRETO USINADO BOMBEAVEL, CLASSE DE RESISTENCIA C20, COM BRITA 0 E 1, SLUMP = 190 +/- 20 MM, INCLUI SERVICO DE BOMBEAMENTO (NBR 8953)","M3    ","AS","267,51"]
[38464,"CONCRETO USINADO BOMBEAVEL, CLASSE DE RESISTENCIA C20, COM BRITA 0, SLUMP = 220 +/- 20 MM, INCLUI SERVICO DE BOMBEAMENTO (NBR 8953)","M3    ","AS","323,85"]
[34493,"CONCRETO USINADO BOMBEAVEL, CLASSE DE RESISTENCIA C25, COM BRITA 0 E 1, SLUMP = 100 +/- 20 MM, EXCLUI SERVICO DE BOMBEAMENTO (NBR 8953)","M3    ","AS","226,81"]
[1527,"CONCRETO USINADO BOMBEAVEL, CLASSE DE RESISTENCIA C25, COM BRITA 0 E 1, SLUMP = 100 +/- 20 MM, INCLUI SERVICO DE BOMBEAMENTO (NBR 8953)","M3    ","AS","264,69"]
[38405,"CONCRETO USINADO BOMBEAVEL, CLASSE DE RESISTENCIA C25, COM BRITA 0 E 1, SLUMP = 130 +/- 20 MM, EXCLUI SERVICO DE BOMBEAMENTO (NBR 8953)","M3    ","AS","284,17"]
[38408,"CONCRETO USINADO BOMBEAVEL, CLASSE DE RESISTENCIA C25, COM BRITA 0 E 1, SLUMP = 190 +/- 20 MM, EXCLUI SERVICO DE BOMBEAMENTO (NBR 8953)","M3    ","AS","295,50"]
[34494,"CONCRETO USINADO BOMBEAVEL, CLASSE DE RESISTENCIA C30, COM BRITA 0 E 1, SLUMP = 100 +/- 20 MM, EXCLUI SERVICO DE BOMBEAMENTO (NBR 8953)","M3    ","AS","236,88"]
[1525,"CONCRETO USINADO BOMBEAVEL, CLASSE DE RESISTENCIA C30, COM BRITA 0 E 1, SLUMP = 100 +/- 20 MM, INCLUI SERVICO DE BOMBEAMENTO (NBR 8953)","M3    ","AS","273,60"]
[38406,"CONCRETO USINADO BOMBEAVEL, CLASSE DE RESISTENCIA C30, COM BRITA 0 E 1, SLUMP = 130 +/- 20 MM, EXCLUI SERVICO DE BOMBEAMENTO (NBR 8953)","M3    ","AS","298,57"]
[38409,"CONCRETO USINADO BOMBEAVEL, CLASSE DE RESISTENCIA C30, COM BRITA 0 E 1, SLUMP = 190 +/- 20 MM, EXCLUI SERVICO DE BOMBEAMENTO (NBR 8953)","M3    ","AS","318,52"]
[34495,"CONCRETO USINADO BOMBEAVEL, CLASSE DE RESISTENCIA C35, COM BRITA 0 E 1, SLUMP = 100 +/- 20 MM, EXCLUI SERVICO DE BOMBEAMENTO (NBR 8953)","M3    ","AS","247,00"]
[11145,"CONCRETO USINADO BOMBEAVEL, CLASSE DE RESISTENCIA C35, COM BRITA 0 E 1, SLUMP = 100 +/- 20 MM, INCLUI SERVICO DE BOMBEAMENTO (NBR 8953)","M3    ","AS","283,41"]
[34496,"CONCRETO USINADO BOMBEAVEL, CLASSE DE RESISTENCIA C40, COM BRITA 0 E 1, SLUMP = 100 +/- 20 MM, EXCLUI SERVICO DE BOMBEAMENTO (NBR 8953)","M3    ","AS","258,01"]
[34479,"CONCRETO USINADO BOMBEAVEL, CLASSE DE RESISTENCIA C40, COM BRITA 0 E 1, SLUMP = 100 +/- 20 MM, INCLUI SERVICO DE BOMBEAMENTO (NBR 8953)","M3    ","AS","294,10"]
[34481,"CONCRETO USINADO BOMBEAVEL, CLASSE DE RESISTENCIA C45, COM BRITA 0 E 1, SLUMP = 100 +/- 20 MM, INCLUI SERVICO DE BOMBEAMENTO (NBR 8953)","M3    ","AS","330,64"]
[34483,"CONCRETO USINADO BOMBEAVEL, CLASSE DE RESISTENCIA C50, COM BRITA 0 E 1, SLUMP = 100 +/- 20 MM, INCLUI SERVICO DE BOMBEAMENTO (NBR 8953)","M3    ","AS","392,14"]
[34485,"CONCRETO USINADO BOMBEAVEL, CLASSE DE RESISTENCIA C60, COM BRITA 0 E 1, SLUMP = 100 +/- 20 MM, INCLUI SERVICO DE BOMBEAMENTO (NBR 8953)","M3    ","AS","503,54"]
[34497,"CONCRETO USINADO BOMBEAVEL, CLASSE DE RESISTENCIA C80, COM BRITA 0 E 1, SLUMP = 100 +/- 20 MM, EXCLUI SERVICO DE BOMBEAMENTO (NBR 8953)","M3    ","AS","695,15"]
[14041,"CONCRETO USINADO CONVENCIONAL (NAO BOMBEAVEL) CLASSE DE RESISTENCIA C10, COM BRITA 1 E 2, SLUMP = 80 MM +/- 10 MM (NBR 8953)","M3    ","AS","217,86"]
[1523,"CONCRETO USINADO CONVENCIONAL (NAO BOMBEAVEL) CLASSE DE RESISTENCIA C15, COM BRITA 1 E 2, SLUMP = 80 MM +/- 10 MM (NBR 8953)","M3    ","AS","219,95"]
[14052,"CONDULETE DE ALUMINIO TIPO B, PARA ELETRODUTO ROSCAVEL DE 1/2\", COM TAMPA CEGA","UN    ","CR","7,94"]
[14054,"CONDULETE DE ALUMINIO TIPO B, PARA ELETRODUTO ROSCAVEL DE 1\", COM TAMPA CEGA","UN    ","CR","10,33"]
[14053,"CONDULETE DE ALUMINIO TIPO B, PARA ELETRODUTO ROSCAVEL DE 3/4\", COM TAMPA CEGA","UN    ","CR","8,06"]
[2558,"CONDULETE DE ALUMINIO TIPO C, PARA ELETRODUTO ROSCAVEL DE 1/2\", COM TAMPA CEGA","UN    ","CR","6,07"]
[2560,"CONDULETE DE ALUMINIO TIPO C, PARA ELETRODUTO ROSCAVEL DE 1\", COM TAMPA CEGA","UN    ","CR","10,69"]
[2559,"CONDULETE DE ALUMINIO TIPO C, PARA ELETRODUTO ROSCAVEL DE 3/4\", COM TAMPA CEGA","UN    ","C ","8,55"]
[2592,"CONDULETE DE ALUMINIO TIPO C, PARA ELETRODUTO ROSCAVEL DE 4\", COM TAMPA CEGA","UN    ","CR","141,74"]
[2566,"CONDULETE DE ALUMINIO TIPO E, PARA ELETRODUTO ROSCAVEL DE 1  1/4\", COM TAMPA CEGA","UN    ","CR","14,26"]
[2589,"CONDULETE DE ALUMINIO TIPO E, PARA ELETRODUTO ROSCAVEL DE 1 1/2\", COM TAMPA CEGA","UN    ","CR","18,96"]
[2591,"CONDULETE DE ALUMINIO TIPO E, PARA ELETRODUTO ROSCAVEL DE 1/2\", COM TAMPA CEGA","UN    ","CR","6,91"]
[2590,"CONDULETE DE ALUMINIO TIPO E, PARA ELETRODUTO ROSCAVEL DE 1\", COM TAMPA CEGA","UN    ","CR","11,63"]
[2567,"CONDULETE DE ALUMINIO TIPO E, PARA ELETRODUTO ROSCAVEL DE 2\", COM TAMPA CEGA","UN    ","CR","27,81"]
[2565,"CONDULETE DE ALUMINIO TIPO E, PARA ELETRODUTO ROSCAVEL DE 3/4\", COM TAMPA CEGA","UN    ","CR","6,92"]
[2568,"CONDULETE DE ALUMINIO TIPO E, PARA ELETRODUTO ROSCAVEL DE 3\", COM TAMPA CEGA","UN    ","CR","77,22"]
[2594,"CONDULETE DE ALUMINIO TIPO E, PARA ELETRODUTO ROSCAVEL DE 4\", COM TAMPA CEGA","UN    ","CR","128,65"]
[2587,"CONDULETE DE ALUMINIO TIPO LR, PARA ELETRODUTO ROSCAVEL DE 1 1/2\", COM TAMPA CEGA","UN    ","CR","21,92"]
[2588,"CONDULETE DE ALUMINIO TIPO LR, PARA ELETRODUTO ROSCAVEL DE 1 1/4\", COM TAMPA CEGA","UN    ","CR","17,41"]
[2569,"CONDULETE DE ALUMINIO TIPO LR, PARA ELETRODUTO ROSCAVEL DE 1/2\", COM TAMPA CEGA","UN    ","CR","6,71"]
[2570,"CONDULETE DE ALUMINIO TIPO LR, PARA ELETRODUTO ROSCAVEL DE 1\", COM TAMPA CEGA","UN    ","CR","11,25"]
[2571,"CONDULETE DE ALUMINIO TIPO LR, PARA ELETRODUTO ROSCAVEL DE 2\", COM TAMPA CEGA","UN    ","CR","33,39"]
[2593,"CONDULETE DE ALUMINIO TIPO LR, PARA ELETRODUTO ROSCAVEL DE 3/4\", COM TAMPA CEGA","UN    ","CR","7,15"]
[2572,"CONDULETE DE ALUMINIO TIPO LR, PARA ELETRODUTO ROSCAVEL DE 3\", COM TAMPA CEGA","UN    ","CR","98,75"]
[2595,"CONDULETE DE ALUMINIO TIPO LR, PARA ELETRODUTO ROSCAVEL DE 4\", COM TAMPA CEGA","UN    ","CR","154,08"]
[2576,"CONDULETE DE ALUMINIO TIPO T, PARA ELETRODUTO ROSCAVEL DE 1 1/2\", COM TAMPA CEGA","UN    ","CR","26,26"]
[2575,"CONDULETE DE ALUMINIO TIPO T, PARA ELETRODUTO ROSCAVEL DE 1 1/4\", COM TAMPA CEGA","UN    ","CR","19,74"]
[2573,"CONDULETE DE ALUMINIO TIPO T, PARA ELETRODUTO ROSCAVEL DE 1/2\", COM TAMPA CEGA","UN    ","CR","8,20"]
[2586,"CONDULETE DE ALUMINIO TIPO T, PARA ELETRODUTO ROSCAVEL DE 1\", COM TAMPA CEGA","UN    ","CR","13,29"]
[2577,"CONDULETE DE ALUMINIO TIPO T, PARA ELETRODUTO ROSCAVEL DE 2\", COM TAMPA CEGA","UN    ","CR","35,59"]
[2574,"CONDULETE DE ALUMINIO TIPO T, PARA ELETRODUTO ROSCAVEL DE 3/4\", COM TAMPA CEGA","UN    ","CR","8,25"]
[2578,"CONDULETE DE ALUMINIO TIPO T, PARA ELETRODUTO ROSCAVEL DE 3\", COM TAMPA CEGA","UN    ","CR","111,11"]
[2585,"CONDULETE DE ALUMINIO TIPO T, PARA ELETRODUTO ROSCAVEL DE 4\", COM TAMPA CEGA","UN    ","CR","152,48"]
[12008,"CONDULETE DE ALUMINIO TIPO TB, PARA ELETRODUTO ROSCAVEL DE 3\", COM TAMPA CEGA","UN    ","CR","81,81"]
[2582,"CONDULETE DE ALUMINIO TIPO X, PARA ELETRODUTO ROSCAVEL DE 1 1/2\", COM TAMPA CEGA","UN    ","CR","24,36"]
[2597,"CONDULETE DE ALUMINIO TIPO X, PARA ELETRODUTO ROSCAVEL DE 1 1/4\", COM TAMPA CEGA","UN    ","CR","20,88"]
[2579,"CONDULETE DE ALUMINIO TIPO X, PARA ELETRODUTO ROSCAVEL DE 1/2\", COM TAMPA CEGA","UN    ","CR","9,94"]
[2581,"CONDULETE DE ALUMINIO TIPO X, PARA ELETRODUTO ROSCAVEL DE 1\", COM TAMPA CEGA","UN    ","CR","12,72"]
[2596,"CONDULETE DE ALUMINIO TIPO X, PARA ELETRODUTO ROSCAVEL DE 2\", COM TAMPA CEGA","UN    ","CR","37,62"]
[2580,"CONDULETE DE ALUMINIO TIPO X, PARA ELETRODUTO ROSCAVEL DE 3/4\", COM TAMPA CEGA","UN    ","CR","10,89"]
[2583,"CONDULETE DE ALUMINIO TIPO X, PARA ELETRODUTO ROSCAVEL DE 3\", COM TAMPA CEGA","UN    ","CR","91,50"]
[2584,"CONDULETE DE ALUMINIO TIPO X, PARA ELETRODUTO ROSCAVEL DE 4\", COM TAMPA CEGA","UN    ","CR","152,32"]
[12010,"CONDULETE EM PVC, TIPO \"B\", SEM TAMPA, DE 1/2\" OU 3/4\"","UN    ","CR","8,26"]
[39329,"CONDULETE EM PVC, TIPO \"B\", SEM TAMPA, DE 1\"","UN    ","CR","8,64"]
[39330,"CONDULETE EM PVC, TIPO \"C\", SEM TAMPA, DE 1/2\"","UN    ","CR","9,09"]
[39332,"CONDULETE EM PVC, TIPO \"C\", SEM TAMPA, DE 1\"","UN    ","CR","10,16"]
[39331,"CONDULETE EM PVC, TIPO \"C\", SEM TAMPA, DE 3/4\"","UN    ","CR","8,09"]
[39333,"CONDULETE EM PVC, TIPO \"E\", SEM TAMPA, DE 1/2\"","UN    ","CR","7,89"]
[39335,"CONDULETE EM PVC, TIPO \"E\", SEM TAMPA, DE 1\"","UN    ","CR","9,13"]
[39334,"CONDULETE EM PVC, TIPO \"E\", SEM TAMPA, DE 3/4\"","UN    ","CR","7,25"]
[12016,"CONDULETE EM PVC, TIPO \"LB\", SEM TAMPA, DE 1/2\" OU 3/4\"","UN    ","CR","9,11"]
[12015,"CONDULETE EM PVC, TIPO \"LB\", SEM TAMPA, DE 1\"","UN    ","CR","10,60"]
[12020,"CONDULETE EM PVC, TIPO \"LL\", SEM TAMPA, DE 1/2\" OU 3/4\"","UN    ","CR","9,11"]
[12019,"CONDULETE EM PVC, TIPO \"LL\", SEM TAMPA, DE 1\"","UN    ","CR","10,60"]
[39336,"CONDULETE EM PVC, TIPO \"LR\", SEM TAMPA, DE 1/2\"","UN    ","CR","9,09"]
[39338,"CONDULETE EM PVC, TIPO \"LR\", SEM TAMPA, DE 1\"","UN    ","CR","10,16"]
[39337,"CONDULETE EM PVC, TIPO \"LR\", SEM TAMPA, DE 3/4\"","UN    ","CR","8,09"]
[39341,"CONDULETE EM PVC, TIPO \"T\", SEM TAMPA, DE 1\"","UN    ","CR","13,25"]
[39340,"CONDULETE EM PVC, TIPO \"T\", SEM TAMPA, DE 3/4\"","UN    ","CR","9,73"]
[12025,"CONDULETE EM PVC, TIPO \"TB\", SEM TAMPA, DE 1/2\" OU 3/4\"","UN    ","CR","10,05"]
[39342,"CONDULETE EM PVC, TIPO \"TB\", SEM TAMPA, DE 1\"","UN    ","CR","13,25"]
[39343,"CONDULETE EM PVC, TIPO \"X\", SEM TAMPA, DE 1/2\"","UN    ","CR","11,19"]
[39345,"CONDULETE EM PVC, TIPO \"X\", SEM TAMPA, DE 1\"","UN    ","CR","15,14"]
[39344,"CONDULETE EM PVC, TIPO \"X\", SEM TAMPA, DE 3/4\"","UN    ","CR","10,81"]
[12623,"CONDUTOR PLUVIAL, PVC, CIRCULAR, DIAMETRO ENTRE 80 E 100 MM, PARA DRENAGEM PREDIAL","M     ","AS","9,72"]
[34498,"CONE DE SINALIZACAO EM PVC FLEXIVEL, H = 70 / 76 CM (NBR 15071)","UN    ","CR","68,89"]
[13244,"CONE DE SINALIZACAO EM PVC RIGIDO COM FAIXA REFLETIVA, H = 70 / 76 CM","UN    ","C ","29,00"]
[38998,"CONECTOR / ADAPTADOR FEMEA, COM INSERTO METALICO, PPR, DN 25 MM X 1/2\", PARA AGUA QUENTE E FRIA PREDIAL","UN    ","AS","8,20"]
[38999,"CONECTOR / ADAPTADOR FEMEA, COM INSERTO METALICO, PPR, DN 32 MM X 3/4\", PARA AGUA QUENTE E FRIA PREDIAL","UN    ","AS","13,57"]
[38996,"CONECTOR / ADAPTADOR MACHO, COM INSERTO METALICO, PPR, DN 25 MM X 1/2\", PARA AGUA QUENTE E FRIA PREDIAL","UN    ","AS","11,85"]
[38997,"CONECTOR / ADAPTADOR MACHO, COM INSERTO METALICO, PPR, DN 32 MM X 3/4\", PARA AGUA QUENTE E FRIA PREDIAL","UN    ","AS","19,18"]
[39862,"CONECTOR BRONZE/LATAO (REF 603) SEM ANEL DE SOLDA, BOLSA X ROSCA F, 15 MM X 1/2\"","UN    ","AS","5,44"]
[39863,"CONECTOR BRONZE/LATAO (REF 603) SEM ANEL DE SOLDA, BOLSA X ROSCA F, 22 MM X 1/2\"","UN    ","AS","5,52"]
[39864,"CONECTOR BRONZE/LATAO (REF 603) SEM ANEL DE SOLDA, BOLSA X ROSCA F, 22 MM X 3/4\"","UN    ","AS","6,85"]
[39865,"CONECTOR BRONZE/LATAO (REF 603) SEM ANEL DE SOLDA, BOLSA X ROSCA F, 28 MM X 1/2\"","UN    ","AS","9,66"]
[2517,"CONECTOR CURVO 90 GRAUS DE ALUMINIO, BITOLA 1 1/2\", PARA ADAPTAR ENTRADA DE ELETRODUTO METALICO FLEXIVEL EM QUADROS","UN    ","CR","15,17"]
[2522,"CONECTOR CURVO 90 GRAUS DE ALUMINIO, BITOLA 1 1/4\", PARA ADAPTAR ENTRADA DE ELETRODUTO METALICO FLEXIVEL EM QUADROS","UN    ","CR","9,81"]
[2548,"CONECTOR CURVO 90 GRAUS DE ALUMINIO, BITOLA 1/2\", PARA ADAPTAR ENTRADA DE ELETRODUTO METALICO FLEXIVEL EM QUADROS","UN    ","CR","6,03"]
[2516,"CONECTOR CURVO 90 GRAUS DE ALUMINIO, BITOLA 1\", PARA ADAPTAR ENTRADA DE ELETRODUTO METALICO FLEXIVEL EM QUADROS","UN    ","CR","7,87"]
[2518,"CONECTOR CURVO 90 GRAUS DE ALUMINIO, BITOLA 2 1/2\", PARA ADAPTAR ENTRADA DE ELETRODUTO METALICO FLEXIVEL EM QUADROS","UN    ","CR","72,24"]
[2521,"CONECTOR CURVO 90 GRAUS DE ALUMINIO, BITOLA 2\", PARA ADAPTAR ENTRADA DE ELETRODUTO METALICO FLEXIVEL EM QUADROS","UN    ","CR","30,75"]
[2515,"CONECTOR CURVO 90 GRAUS DE ALUMINIO, BITOLA 3/4\", PARA ADAPTAR ENTRADA DE ELETRODUTO METALICO FLEXIVEL EM QUADROS","UN    ","CR","6,55"]
[2519,"CONECTOR CURVO 90 GRAUS DE ALUMINIO, BITOLA 3\", PARA ADAPTAR ENTRADA DE ELETRODUTO METALICO FLEXIVEL EM QUADROS","UN    ","CR","87,10"]
[2520,"CONECTOR CURVO 90 GRAUS DE ALUMINIO, BITOLA 4\", PARA ADAPTAR ENTRADA DE ELETRODUTO METALICO FLEXIVEL EM QUADROS","UN    ","CR","160,32"]
[1602,"CONECTOR DE ALUMINIO TIPO PRENSA CABO, BITOLA 1 1/2\", PARA CABOS DE DIAMETRO DE 37 A 40 MM","UN    ","CR","33,12"]
[1601,"CONECTOR DE ALUMINIO TIPO PRENSA CABO, BITOLA 1 1/4\", PARA CABOS DE DIAMETRO DE 31 A 34 MM","UN    ","CR","29,52"]
[1598,"CONECTOR DE ALUMINIO TIPO PRENSA CABO, BITOLA 1/2\", PARA CABOS DE DIAMETRO DE 12,5 A 15 MM","UN    ","CR","8,73"]
[1600,"CONECTOR DE ALUMINIO TIPO PRENSA CABO, BITOLA 1\", PARA CABOS DE DIAMETRO DE 22,5 A 25 MM","UN    ","CR","12,89"]
[1603,"CONECTOR DE ALUMINIO TIPO PRENSA CABO, BITOLA 2\", PARA CABOS DE DIAMETRO DE 47,5 A 50 MM","UN    ","CR","50,01"]
[1599,"CONECTOR DE ALUMINIO TIPO PRENSA CABO, BITOLA 3/4\", PARA CABOS DE DIAMETRO DE 17,5 A 20 MM","UN    ","CR","10,13"]
[1597,"CONECTOR DE ALUMINIO TIPO PRENSA CABO, BITOLA 3/8\", PARA CABOS DE DIAMETRO DE 9 A 10 MM","UN    ","CR","8,21"]
[39600,"CONECTOR FEMEA RJ - 45, CATEGORIA 5 E","UN    ","CR","9,20"]
[39601,"CONECTOR FEMEA RJ - 45, CATEGORIA 6","UN    ","CR","16,00"]
[39602,"CONECTOR MACHO RJ - 45, CATEGORIA 5 E","UN    ","CR","1,05"]
[39603,"CONECTOR MACHO RJ - 45, CATEGORIA 6","UN    ","CR","1,80"]
[11821,"CONECTOR METALICO TIPO PARAFUSO FENDIDO (SPLIT BOLT), COM SEPARADOR DE CABOS BIMETALICOS, PARA CABOS ATE 25 MM2","UN    ","CR","6,74"]
[1562,"CONECTOR METALICO TIPO PARAFUSO FENDIDO (SPLIT BOLT), COM SEPARADOR DE CABOS BIMETALICOS, PARA CABOS ATE 50 MM2","UN    ","CR","11,05"]
[1563,"CONECTOR METALICO TIPO PARAFUSO FENDIDO (SPLIT BOLT), COM SEPARADOR DE CABOS BIMETALICOS, PARA CABOS ATE 70 MM2","UN    ","CR","14,82"]
[11856,"CONECTOR METALICO TIPO PARAFUSO FENDIDO (SPLIT BOLT), PARA CABOS ATE 10 MM2","UN    ","C ","4,42"]
[11857,"CONECTOR METALICO TIPO PARAFUSO FENDIDO (SPLIT BOLT), PARA CABOS ATE 120 MM2","UN    ","CR","23,26"]
[11858,"CONECTOR METALICO TIPO PARAFUSO FENDIDO (SPLIT BOLT), PARA CABOS ATE 150 MM2","UN    ","CR","28,87"]
[1539,"CONECTOR METALICO TIPO PARAFUSO FENDIDO (SPLIT BOLT), PARA CABOS ATE 16 MM2","UN    ","CR","5,19"]
[11859,"CONECTOR METALICO TIPO PARAFUSO FENDIDO (SPLIT BOLT), PARA CABOS ATE 185 MM2","UN    ","CR","39,28"]
[1550,"CONECTOR METALICO TIPO PARAFUSO FENDIDO (SPLIT BOLT), PARA CABOS ATE 25 MM2","UN    ","CR","5,48"]
[11854,"CONECTOR METALICO TIPO PARAFUSO FENDIDO (SPLIT BOLT), PARA CABOS ATE 35 MM2","UN    ","CR","6,84"]
[11862,"CONECTOR METALICO TIPO PARAFUSO FENDIDO (SPLIT BOLT), PARA CABOS ATE 50 MM2","UN    ","CR","9,60"]
[11863,"CONECTOR METALICO TIPO PARAFUSO FENDIDO (SPLIT BOLT), PARA CABOS ATE 6 MM2","UN    ","CR","3,88"]
[11855,"CONECTOR METALICO TIPO PARAFUSO FENDIDO (SPLIT BOLT), PARA CABOS ATE 70 MM2","UN    ","CR","14,33"]
[11864,"CONECTOR METALICO TIPO PARAFUSO FENDIDO (SPLIT BOLT), PARA CABOS ATE 95 MM2","UN    ","CR","21,67"]
[2527,"CONECTOR RETO DE ALUMINIO PARA ELETRODUTO DE 1 1/2\", PARA ADAPTAR ENTRADA DE ELETRODUTO METALICO FLEXIVEL EM QUADROS","UN    ","CR","5,43"]
[2526,"CONECTOR RETO DE ALUMINIO PARA ELETRODUTO DE 1 1/4\", PARA ADAPTAR ENTRADA DE ELETRODUTO METALICO FLEXIVEL EM QUADROS","UN    ","CR","3,48"]
[2487,"CONECTOR RETO DE ALUMINIO PARA ELETRODUTO DE 1/2\", PARA ADAPTAR ENTRADA DE ELETRODUTO METALICO FLEXIVEL EM QUADROS","UN    ","CR","1,18"]
[2483,"CONECTOR RETO DE ALUMINIO PARA ELETRODUTO DE 1\", PARA ADAPTAR ENTRADA DE ELETRODUTO METALICO FLEXIVEL EM QUADROS","UN    ","CR","2,47"]
[2528,"CONECTOR RETO DE ALUMINIO PARA ELETRODUTO DE 2 1/2\", PARA ADAPTAR ENTRADA DE ELETRODUTO METALICO FLEXIVEL EM QUADROS","UN    ","CR","13,67"]
[2489,"CONECTOR RETO DE ALUMINIO PARA ELETRODUTO DE 2\", PARA ADAPTAR ENTRADA DE ELETRODUTO METALICO FLEXIVEL EM QUADROS","UN    ","CR","6,02"]
[2488,"CONECTOR RETO DE ALUMINIO PARA ELETRODUTO DE 3/4\", PARA ADAPTAR ENTRADA DE ELETRODUTO METALICO FLEXIVEL EM QUADROS","UN    ","CR","1,39"]
[2484,"CONECTOR RETO DE ALUMINIO PARA ELETRODUTO DE 3\", PARA ADAPTAR ENTRADA DE ELETRODUTO METALICO FLEXIVEL EM QUADROS","UN    ","CR","19,85"]
[2485,"CONECTOR RETO DE ALUMINIO PARA ELETRODUTO DE 4\", PARA ADAPTAR ENTRADA DE ELETRODUTO METALICO FLEXIVEL EM QUADROS","UN    ","CR","31,11"]
[38005,"CONECTOR, CPVC, SOLDAVEL, 15 MM X 1/2\", PARA AGUA QUENTE","UN    ","AS","11,38"]
[38006,"CONECTOR, CPVC, SOLDAVEL, 22 MM X 1/2\", PARA AGUA QUENTE","UN    ","AS","13,97"]
[38428,"CONECTOR, CPVC, SOLDAVEL, 22 MM X 3/4\", PARA AGUA QUENTE","UN    ","AS","13,09"]
[38007,"CONECTOR, CPVC, SOLDAVEL, 28 MM X 1\", PARA AGUA QUENTE","UN    ","AS","21,39"]
[38008,"CONECTOR, CPVC, SOLDAVEL, 35 MM X 1 1/4\", PARA AGUA QUENTE","UN    ","AS","86,14"]
[38009,"CONECTOR, CPVC, SOLDAVEL, 42 MM X 1 1/2\", PARA AGUA QUENTE","UN    ","AS","105,28"]
[39279,"CONEXAO FIXA, ROSCA FEMEA, EM PLASTICO, DN 16 MM X 1/2\", PARA CONEXAO COM CRIMPAGEM EM TUBO PEX","UN    ","AS","8,92"]
[38845,"CONEXAO FIXA, ROSCA FEMEA, EM PLASTICO, DN 16 MM X 3/4\", PARA CONEXAO COM CRIMPAGEM EM TUBO PEX","UN    ","AS","12,91"]
[39280,"CONEXAO FIXA, ROSCA FEMEA, EM PLASTICO, DN 20 MM X 1/2\", PARA CONEXAO COM CRIMPAGEM EM TUBO PEX","UN    ","AS","11,57"]
[39281,"CONEXAO FIXA, ROSCA FEMEA, EM PLASTICO, DN 20 MM X 3/4\", PARA CONEXAO COM CRIMPAGEM EM TUBO PEX","UN    ","AS","15,23"]
[38849,"CONEXAO FIXA, ROSCA FEMEA, EM PLASTICO, DN 25 MM X 1/2\", PARA CONEXAO COM CRIMPAGEM EM TUBO PEX","UN    ","AS","13,05"]
[39282,"CONEXAO FIXA, ROSCA FEMEA, EM PLASTICO, DN 25 MM X 3/4\", PARA CONEXAO COM CRIMPAGEM EM TUBO PEX","UN    ","AS","15,59"]
[38852,"CONEXAO FIXA, ROSCA FEMEA, EM PLASTICO, DN 32 MM X 3/4\", PARA CONEXAO COM CRIMPAGEM EM TUBO PEX","UN    ","AS","21,21"]
[38844,"CONEXAO FIXA, ROSCA FEMEA, METALICA, COM ANEL DESLIZANTE, DN 16 MM X 1/2\", PARA TUBO PEX","UN    ","AS","6,52"]
[38846,"CONEXAO FIXA, ROSCA FEMEA, METALICA, COM ANEL DESLIZANTE, DN 20 MM X 1/2\", PARA TUBO PEX","UN    ","AS","7,13"]
[38847,"CONEXAO FIXA, ROSCA FEMEA, METALICA, COM ANEL DESLIZANTE, DN 20 MM X 3/4\", PARA TUBO PEX","UN    ","AS","8,77"]
[38850,"CONEXAO FIXA, ROSCA FEMEA, METALICA, COM ANEL DESLIZANTE, DN 25 MM X 1\", PARA TUBO PEX","UN    ","AS","12,19"]
[38848,"CONEXAO FIXA, ROSCA FEMEA, METALICA, COM ANEL DESLIZANTE, DN 25 MM X 3/4\", PARA TUBO PEX","UN    ","AS","10,20"]
[38851,"CONEXAO FIXA, ROSCA FEMEA, METALICA, COM ANEL DESLIZANTE, DN 32 MM X 1\", PARA TUBO PEX","UN    ","AS","18,54"]
[38860,"CONEXAO FIXA, ROSCA MACHO, METALICA, PARA TUBO PEX, DN 16 MM X 1/2\"","UN    ","AS","5,24"]
[38861,"CONEXAO FIXA, ROSCA MACHO, METALICA, PARA TUBO PEX, DN 16 MM X 3/4\"","UN    ","AS","7,05"]
[38862,"CONEXAO FIXA, ROSCA MACHO, METALICA, PARA TUBO PEX, DN 20 MM X 1/2\"","UN    ","AS","5,94"]
[38863,"CONEXAO FIXA, ROSCA MACHO, METALICA, PARA TUBO PEX, DN 20 MM X 3/4\"","UN    ","AS","6,83"]
[38865,"CONEXAO FIXA, ROSCA MACHO, METALICA, PARA TUBO PEX, DN 25 MM X 1/2\"","UN    ","AS","9,27"]
[38864,"CONEXAO FIXA, ROSCA MACHO, METALICA, PARA TUBO PEX, DN 25 MM X 1\"","UN    ","AS","14,17"]
[38866,"CONEXAO FIXA, ROSCA MACHO, METALICA, PARA TUBO PEX, DN 25 MM X 3/4\"","UN    ","AS","9,98"]
[38868,"CONEXAO FIXA, ROSCA MACHO, METALICA, PARA TUBO PEX, DN 32 MM X 1\"","UN    ","AS","16,63"]
[38853,"CONEXAO MOVEL, ROSCA FEMEA, METALICA, COM ANEL DESLIZANTE, PARA TUBO PEX, DN 16 MM X 1/2\"","UN    ","AS","5,37"]
[38854,"CONEXAO MOVEL, ROSCA FEMEA, METALICA, COM ANEL DESLIZANTE, PARA TUBO PEX, DN 16 MM X 3/4\"","UN    ","AS","7,34"]
[38855,"CONEXAO MOVEL, ROSCA FEMEA, METALICA, COM ANEL DESLIZANTE, PARA TUBO PEX, DN 20 MM X 1/2\"","UN    ","AS","5,45"]
[38856,"CONEXAO MOVEL, ROSCA FEMEA, METALICA, COM ANEL DESLIZANTE, PARA TUBO PEX, DN 20 MM X 3/4\"","UN    ","AS","8,75"]
[38857,"CONEXAO MOVEL, ROSCA FEMEA, METALICA, COM ANEL DESLIZANTE, PARA TUBO PEX, DN 25 MM X 1\"","UN    ","AS","11,57"]
[38858,"CONEXAO MOVEL, ROSCA FEMEA, METALICA, COM ANEL DESLIZANTE, PARA TUBO PEX, DN 25 MM X 3/4\"","UN    ","AS","10,52"]
[38859,"CONEXAO MOVEL, ROSCA FEMEA, METALICA, COM ANEL DESLIZANTE, PARA TUBO PEX, DN 32 MM X 1\"","UN    ","AS","17,04"]
[1607,"CONJUNTO ARRUELAS DE VEDACAO 5/16\" PARA TELHA FIBROCIMENTO (UMA ARRUELA METALICA E UMA ARRUELA PVC - CONICAS)","CJ    ","CR","0,19"]
[11467,"CONJUNTO DE FECHADURA DE SOBREPOR EM FERRO PINTADO, SEM MACANETA, COM CHAVE GRANDE (SEM CILINDRO) - TIPO CAIXAO - COMPLETA","UN    ","CR","12,68"]
[38169,"CONJUNTO DE FERRAGENS PIVO, PARA PORTA PIVOTANTE DE ATE 100 KG, REGULAVEL COM ESFERA , CROMADO - SUPERIOR E INFERIOR - COMPLETO","CJ    ","CR","50,98"]
[6142,"CONJUNTO DE LIGACAO PARA BACIA SANITARIA AJUSTAVEL, EM PLASTICO BRANCO, COM TUBO, CANOPLA E ESPUDE","UN    ","CR","4,72"]
[11686,"CONJUNTO DE LIGACAO PARA BACIA SANITARIA EM PLASTICO BRANCO COM TUBO, CANOPLA E ANEL DE EXPANSAO (TUBO 1.1/2 '' X 20 CM)","UN    ","CR","6,55"]
[37598,"CONJUNTO MONTADO ESTOPIM COM ESPOLETA COMUM NUMERO 8, COM CABECA ACENDEDORA, 1,5 M","UN    ","AS","17,44"]
[25398,"CONJUNTO PARA FUTSAL COM TRAVES OFICIAIS DE 3,00 X 2,00 M EM TUBO DE ACO GALVANIZADO 3\" COM REQUADRO EM TUBO DE 1\", PINTURA EM PRIMER COM TINTA ESMALTE SINTETICO E REDES DE POLIETILENO FIO 4 MM","UN    ","AS","3.383,72"]
[25399,"CONJUNTO PARA QUADRA DE  VOLEI COM POSTES EM TUBO DE ACO GALVANIZADO 3\", H = *255* CM, PINTURA EM TINTA ESMALTE SINTETICO, REDE DE NYLON COM 2 MM, MALHA 10 X 10 CM E ANTENAS OFICIAIS EM FIBRA DE VIDRO","UN    ","AS","2.054,21"]
[10667,"CONTAINER ALMOXARIFADO, DE *2,40* X *6,00* M, PADRAO SIMPLES, SEM REVESTIMENTO E SEM DIVISORIAS INTERNOS E SEM SANITARIO, PARA USO EM CANTEIRO DE OBRAS","UN    ","AS","9.846,00"]
[1613,"CONTATOR TRIPOLAR, CORRENTE DE *110* A, TENSAO NOMINAL DE *500* V, CATEGORIA AC-2 E AC-3","UN    ","AS","989,66"]
[1626,"CONTATOR TRIPOLAR, CORRENTE DE *185* A, TENSAO NOMINAL DE *500* V, CATEGORIA AC-2 E AC-3","UN    ","AS","1.480,16"]
[1625,"CONTATOR TRIPOLAR, CORRENTE DE *22* A, TENSAO NOMINAL DE *500* V, CATEGORIA AC-2 E AC-3","UN    ","AS","103,38"]
[1622,"CONTATOR TRIPOLAR, CORRENTE DE *265* A, TENSAO NOMINAL DE *500* V, CATEGORIA AC-2 E AC-3","UN    ","AS","3.340,11"]
[1620,"CONTATOR TRIPOLAR, CORRENTE DE *38* A, TENSAO NOMINAL DE *500* V, CATEGORIA AC-2 E AC-3","UN    ","AS","217,78"]
[1629,"CONTATOR TRIPOLAR, CORRENTE DE *500* A, TENSAO NOMINAL DE *500* V, CATEGORIA AC-2 E AC-3","UN    ","AS","8.129,04"]
[1627,"CONTATOR TRIPOLAR, CORRENTE DE *65* A, TENSAO NOMINAL DE *500* V, CATEGORIA AC-2 E AC-3","UN    ","AS","416,28"]
[1623,"CONTATOR TRIPOLAR, CORRENTE DE 12 A, TENSAO NOMINAL DE *500* V, CATEGORIA AC-2 E AC-3","UN    ","AS","84,31"]
[1619,"CONTATOR TRIPOLAR, CORRENTE DE 25 A, TENSAO NOMINAL DE *500* V, CATEGORIA AC-2 E AC-3","UN    ","AS","115,98"]
[1630,"CONTATOR TRIPOLAR, CORRENTE DE 250 A, TENSAO NOMINAL DE *500* V, PARA ACIONAMENTO DE CAPACITORES","UN    ","AS","2.553,58"]
[1616,"CONTATOR TRIPOLAR, CORRENTE DE 300 A, TENSAO NOMINAL DE *500* V, CATEGORIA AC-2 E AC-3","UN    ","AS","3.927,46"]
[1614,"CONTATOR TRIPOLAR, CORRENTE DE 32 A, TENSAO NOMINAL DE *500* V, CATEGORIA AC-2 E AC-3","UN    ","AS","179,50"]
[1617,"CONTATOR TRIPOLAR, CORRENTE DE 400 A, TENSAO NOMINAL DE *500* V, CATEGORIA AC-2 E AC-3","UN    ","AS","4.688,54"]
[1621,"CONTATOR TRIPOLAR, CORRENTE DE 45 A, TENSAO NOMINAL DE *500* V, CATEGORIA AC-2 E AC-3","UN    ","AS","321,03"]
[1624,"CONTATOR TRIPOLAR, CORRENTE DE 630 A, TENSAO NOMINAL DE *500* V, CATEGORIA AC-2 E AC-3","UN    ","AS","11.524,65"]
[1615,"CONTATOR TRIPOLAR, CORRENTE DE 75 A, TENSAO NOMINAL DE *500* V, CATEGORIA AC-2 E AC-3","UN    ","AS","602,84"]
[1612,"CONTATOR TRIPOLAR, CORRENTE DE 9 A, TENSAO NOMINAL DE *500* V, CATEGORIA AC-2 E AC-3","UN    ","AS","79,40"]
[1618,"CONTATOR TRIPOLAR, CORRENTE DE 95 A, TENSAO NOMINAL DE *500* V, CATEGORIA AC-2 E AC-3","UN    ","AS","828,39"]
[14211,"CONTRA-PORCA SEXTAVADA, DIAMETRO NOMINAL 1 3/8\", ALTURA 35 MM","UN    ","CR","28,14"]
[34500,"COORDENADOR / GERENTE DE OBRA","H     ","CR","61,33"]
[40934,"COORDENADOR / GERENTE DE OBRA (MENSALISTA)","MES   ","CR","10.706,04"]
[5328,"CORANTE LIQUIDO PARA TINTA PVA, BISNAGA 50 ML","UN    ","CR","4,78"]
[38200,"CORDA DE POLIAMIDA 12 MM TIPO BOMBEIRO, PARA TRABALHO EM ALTURA","100M  ","CR","512,19"]
[39269,"CORDAO DE COBRE, FLEXIVEL, TORCIDO, CLASSE 4 OU 5, ISOLACAO EM PVC/D, 300 V, 2 CONDUTORES DE 0,5 MM2","M     ","CR","0,92"]
[11889,"CORDAO DE COBRE, FLEXIVEL, TORCIDO, CLASSE 4 OU 5, ISOLACAO EM PVC/D, 300 V, 2 CONDUTORES DE 0,75 MM2","M     ","CR","1,28"]
[39270,"CORDAO DE COBRE, FLEXIVEL, TORCIDO, CLASSE 4 OU 5, ISOLACAO EM PVC/D, 300 V, 2 CONDUTORES DE 1,0 MM2","M     ","CR","1,52"]
[11890,"CORDAO DE COBRE, FLEXIVEL, TORCIDO, CLASSE 4 OU 5, ISOLACAO EM PVC/D, 300 V, 2 CONDUTORES DE 1,5 MM2","M     ","CR","1,98"]
[11891,"CORDAO DE COBRE, FLEXIVEL, TORCIDO, CLASSE 4 OU 5, ISOLACAO EM PVC/D, 300 V, 2 CONDUTORES DE 2,5 MM2","M     ","CR","3,27"]
[11892,"CORDAO DE COBRE, FLEXIVEL, TORCIDO, CLASSE 4 OU 5, ISOLACAO EM PVC/D, 300 V, 2 CONDUTORES DE 4 MM2","M     ","CR","5,04"]
[37601,"CORDEL DETONANTE, NP 05 G/M","M     ","AS","3,87"]
[1634,"CORDEL DETONANTE, NP 10 G/M","M     ","AS","4,00"]
[5086,"CORRENTE DE ELO CURTO COMUM, SOLDADA, GALVANIZADA, ESPESSURA DO ELO = 1/2\" (12,5 MM)","KG    ","CR","21,10"]
[11280,"CORTADEIRA DE PISO DE CONCRETO E ASFALTO, PARA DISCO PADRAO DE DIAMETRO 350 MM (14\") OU 450 MM (18\") , MOTOR A GASOLINA, POTENCIA 13 HP, SEM DISCO","UN    ","CR","9.712,34"]
[40519,"CORTADEIRA HIDRAULICA DE VERGALHAO, PARA ACO DE DIAMETRO ATE 50 MM, MOTOR ELETRICO TRIFASICO, POTENCIA DE 5,5 HP A 7,5 HP","UN    ","CR","80.065,20"]
[39869,"COTOVELO BRONZE/LATAO (REF 707-3) SEM ANEL DE SOLDA, BOLSA X ROSCA F, 15MM X 1/2\"","UN    ","AS","5,40"]
[39870,"COTOVELO BRONZE/LATAO (REF 707-3) SEM ANEL DE SOLDA, BOLSA X ROSCA F, 22MM X 1/2\"","UN    ","AS","8,27"]
[39871,"COTOVELO BRONZE/LATAO (REF 707-3) SEM ANEL DE SOLDA, BOLSA X ROSCA F, 22MM X 3/4\"","UN    ","AS","9,27"]
[12722,"COTOVELO DE COBRE 90 GRAUS (REF 607) SEM ANEL DE SOLDA, BOLSA X BOLSA, 104 MM","UN    ","AS","310,28"]
[12714,"COTOVELO DE COBRE 90 GRAUS (REF 607) SEM ANEL DE SOLDA, BOLSA X BOLSA, 15 MM","UN    ","AS","2,02"]
[12715,"COTOVELO DE COBRE 90 GRAUS (REF 607) SEM ANEL DE SOLDA, BOLSA X BOLSA, 22 MM","UN    ","AS","4,57"]
[12716,"COTOVELO DE COBRE 90 GRAUS (REF 607) SEM ANEL DE SOLDA, BOLSA X BOLSA, 28 MM","UN    ","AS","7,85"]
[12717,"COTOVELO DE COBRE 90 GRAUS (REF 607) SEM ANEL DE SOLDA, BOLSA X BOLSA, 35 MM","UN    ","AS","15,43"]
[12718,"COTOVELO DE COBRE 90 GRAUS (REF 607) SEM ANEL DE SOLDA, BOLSA X BOLSA, 42 MM","UN    ","AS","23,69"]
[12719,"COTOVELO DE COBRE 90 GRAUS (REF 607) SEM ANEL DE SOLDA, BOLSA X BOLSA, 54 MM","UN    ","AS","37,60"]
[12720,"COTOVELO DE COBRE 90 GRAUS (REF 607) SEM ANEL DE SOLDA, BOLSA X BOLSA, 66 MM","UN    ","AS","130,95"]
[12721,"COTOVELO DE COBRE 90 GRAUS (REF 607) SEM ANEL DE SOLDA, BOLSA X BOLSA, 79 MM","UN    ","AS","125,57"]
[3468,"COTOVELO DE REDUCAO 90 GRAUS DE FERRO GALVANIZADO, COM ROSCA BSP, DE 1 1/2\" X 1\"","UN    ","AS","23,46"]
[3465,"COTOVELO DE REDUCAO 90 GRAUS DE FERRO GALVANIZADO, COM ROSCA BSP, DE 1 1/2\" X 3/4\"","UN    ","AS","23,45"]
[12403,"COTOVELO DE REDUCAO 90 GRAUS DE FERRO GALVANIZADO, COM ROSCA BSP, DE 1 1/4\" X 1\"","UN    ","AS","16,71"]
[3463,"COTOVELO DE REDUCAO 90 GRAUS DE FERRO GALVANIZADO, COM ROSCA BSP, DE 1\" X 1/2\"","UN    ","AS","9,76"]
[3464,"COTOVELO DE REDUCAO 90 GRAUS DE FERRO GALVANIZADO, COM ROSCA BSP, DE 1\" X 3/4\"","UN    ","AS","9,76"]
[3466,"COTOVELO DE REDUCAO 90 GRAUS DE FERRO GALVANIZADO, COM ROSCA BSP, DE 2 1/2\" X 2\"","UN    ","AS","59,56"]
[3467,"COTOVELO DE REDUCAO 90 GRAUS DE FERRO GALVANIZADO, COM ROSCA BSP, DE 2\" X 1 1/2\"","UN    ","AS","33,64"]
[3462,"COTOVELO DE REDUCAO 90 GRAUS DE FERRO GALVANIZADO, COM ROSCA BSP, DE 3/4\" X 1/2\"","UN    ","AS","6,44"]
[3446,"COTOVELO 45 GRAUS DE FERRO GALVANIZADO, COM ROSCA BSP, DE 1 1/2\"","UN    ","AS","19,83"]
[3445,"COTOVELO 45 GRAUS DE FERRO GALVANIZADO, COM ROSCA BSP, DE 1 1/4\"","UN    ","AS","16,19"]
[3441,"COTOVELO 45 GRAUS DE FERRO GALVANIZADO, COM ROSCA BSP, DE 1/2\"","UN    ","AS","4,57"]
[3444,"COTOVELO 45 GRAUS DE FERRO GALVANIZADO, COM ROSCA BSP, DE 1\"","UN    ","AS","9,96"]
[12402,"COTOVELO 45 GRAUS DE FERRO GALVANIZADO, COM ROSCA BSP, DE 2 1/2\"","UN    ","AS","55,74"]
[3447,"COTOVELO 45 GRAUS DE FERRO GALVANIZADO, COM ROSCA BSP, DE 2\"","UN    ","AS","28,84"]
[3442,"COTOVELO 45 GRAUS DE FERRO GALVANIZADO, COM ROSCA BSP, DE 3/4\"","UN    ","AS","6,83"]
[3448,"COTOVELO 45 GRAUS DE FERRO GALVANIZADO, COM ROSCA BSP, DE 3\"","UN    ","AS","81,50"]
[3449,"COTOVELO 45 GRAUS DE FERRO GALVANIZADO, COM ROSCA BSP, DE 4\"","UN    ","AS","142,80"]
[37438,"COTOVELO 45 GRAUS, PEAD PE 100, DE 125 MM, PARA ELETROFUSAO","UN    ","AS","146,48"]
[37439,"COTOVELO 45 GRAUS, PEAD PE 100, DE 200 MM, PARA ELETROFUSAO","UN    ","AS","957,71"]
[37435,"COTOVELO 45 GRAUS, PEAD PE 100, DE 32 MM, PARA ELETROFUSAO","UN    ","AS","17,21"]
[37436,"COTOVELO 45 GRAUS, PEAD PE 100, DE 40 MM, PARA ELETROFUSAO","UN    ","AS","20,31"]
[37437,"COTOVELO 45 GRAUS, PEAD PE 100, DE 63 MM, PARA ELETROFUSAO","UN    ","AS","29,38"]
[3473,"COTOVELO 90 GRAUS DE FERRO GALVANIZADO, COM ROSCA BSP MACHO/FEMEA, DE 1 1/2\"","UN    ","AS","22,42"]
[3474,"COTOVELO 90 GRAUS DE FERRO GALVANIZADO, COM ROSCA BSP MACHO/FEMEA, DE 1 1/4\"","UN    ","AS","18,48"]
[3450,"COTOVELO 90 GRAUS DE FERRO GALVANIZADO, COM ROSCA BSP MACHO/FEMEA, DE 1/2\"","UN    ","AS","5,35"]
[3443,"COTOVELO 90 GRAUS DE FERRO GALVANIZADO, COM ROSCA BSP MACHO/FEMEA, DE 1\"","UN    ","AS","11,50"]
[3453,"COTOVELO 90 GRAUS DE FERRO GALVANIZADO, COM ROSCA BSP MACHO/FEMEA, DE 2 1/2\"","UN    ","AS","65,45"]
[3452,"COTOVELO 90 GRAUS DE FERRO GALVANIZADO, COM ROSCA BSP MACHO/FEMEA, DE 2\"","UN    ","AS","32,30"]
[3451,"COTOVELO 90 GRAUS DE FERRO GALVANIZADO, COM ROSCA BSP MACHO/FEMEA, DE 3/4\"","UN    ","AS","6,41"]
[3454,"COTOVELO 90 GRAUS DE FERRO GALVANIZADO, COM ROSCA BSP MACHO/FEMEA, DE 3\"","UN    ","AS","99,54"]
[3458,"COTOVELO 90 GRAUS DE FERRO GALVANIZADO, COM ROSCA BSP, DE 1 1/2\"","UN    ","AS","17,97"]
[3457,"COTOVELO 90 GRAUS DE FERRO GALVANIZADO, COM ROSCA BSP, DE 1 1/4\"","UN    ","AS","13,49"]
[3455,"COTOVELO 90 GRAUS DE FERRO GALVANIZADO, COM ROSCA BSP, DE 1/2\"","UN    ","AS","3,83"]
[3472,"COTOVELO 90 GRAUS DE FERRO GALVANIZADO, COM ROSCA BSP, DE 1\"","UN    ","AS","8,61"]
[3470,"COTOVELO 90 GRAUS DE FERRO GALVANIZADO, COM ROSCA BSP, DE 2 1/2\"","UN    ","AS","50,18"]
[3471,"COTOVELO 90 GRAUS DE FERRO GALVANIZADO, COM ROSCA BSP, DE 2\"","UN    ","AS","27,57"]
[3456,"COTOVELO 90 GRAUS DE FERRO GALVANIZADO, COM ROSCA BSP, DE 3/4\"","UN    ","AS","5,73"]
[3459,"COTOVELO 90 GRAUS DE FERRO GALVANIZADO, COM ROSCA BSP, DE 3\"","UN    ","AS","70,78"]
[3469,"COTOVELO 90 GRAUS DE FERRO GALVANIZADO, COM ROSCA BSP, DE 4\"","UN    ","AS","134,62"]
[3460,"COTOVELO 90 GRAUS DE FERRO GALVANIZADO, COM ROSCA BSP, DE 5\"","UN    ","AS","196,43"]
[3461,"COTOVELO 90 GRAUS DE FERRO GALVANIZADO, COM ROSCA BSP, DE 6\"","UN    ","AS","502,06"]
[37433,"COTOVELO 90 GRAUS, PEAD PE 100, DE 125 MM, PARA ELETROFUSAO","UN    ","AS","146,48"]
[37430,"COTOVELO 90 GRAUS, PEAD PE 100, DE 20 MM, PARA ELETROFUSAO","UN    ","AS","18,35"]
[37434,"COTOVELO 90 GRAUS, PEAD PE 100, DE 200 MM, PARA ELETROFUSAO","UN    ","AS","1.365,83"]
[37431,"COTOVELO 90 GRAUS, PEAD PE 100, DE 32 MM, PARA ELETROFUSAO","UN    ","AS","24,90"]
[37432,"COTOVELO 90 GRAUS, PEAD PE 100, DE 63 MM, PARA ELETROFUSAO","UN    ","AS","45,93"]
[37413,"COTOVELO/JOELHO COM ADAPTADOR, 90 GRAUS, EM POLIPROPILENO, PN 16, PARA TUBOS PEAD, 20 MM X 1/2\" - LIGACAO PREDIAL DE AGUA","UN    ","AS","2,84"]
[37414,"COTOVELO/JOELHO COM ADAPTADOR, 90 GRAUS, EM POLIPROPILENO, PN 16, PARA TUBOS PEAD, 20 MM X 3/4\" - LIGACAO PREDIAL DE AGUA","UN    ","AS","3,23"]
[37415,"COTOVELO/JOELHO COM ADAPTADOR, 90 GRAUS, EM POLIPROPILENO, PN 16, PARA TUBOS PEAD, 32 MM X 1\" - LIGACAO PREDIAL DE AGUA","UN    ","AS","5,87"]
[37416,"COTOVELO/JOELHO 90 GRAUS, EM POLIPROPILENO, PN 16, PARA TUBOS PEAD, 20 X 20 MM - LIGACAO PREDIAL DE AGUA","UN    ","AS","2,66"]
[37417,"COTOVELO/JOELHO 90 GRAUS, EM POLIPROPILENO, PN 16, PARA TUBOS PEAD, 32 X 32 MM - LIGACAO PREDIAL DE AGUA","UN    ","AS","3,82"]
[3112,"CREMONA COM CASTANHA BIPARTIDA, COM VARA DE 1.20 M, EM LATAO CROMADO, PARA PORTAS E JANELAS - COMPLETA","CJ    ","CR","42,64"]
[3113,"CREMONA COM CASTANHA BIPARTIDA, COM VARA DE 1.50 M, EM LATAO CROMADO, PARA PORTAS E JANELAS - COMPLETA","CJ    ","CR","49,13"]
[3114,"CREMONA LATAO CROMADO, COM CASTANHA BIPARTIDA E PRESILHAS, MEDIDAS APROXIMADAS DE 113 X 40 X 35 MM (NAO INCL VARA FERRO)","UN    ","CR","22,19"]
[34519,"CRUZETA DE CONCRETO LEVE, COMP. 2000 MM SECAO, 90 X 90 MM","UN    ","AS","71,82"]
[10510,"CRUZETA DE EUCALIPTO TRATADO, OU EQUIVALENTE DA REGIAO, *2,4* M, SECAO *9 X 11,5* CM","UN    ","AS","65,62"]
[1649,"CRUZETA DE FERRO GALVANIZADO, COM ROSCA BSP, DE 1 1/2\"","UN    ","AS","42,38"]
[1653,"CRUZETA DE FERRO GALVANIZADO, COM ROSCA BSP, DE 1 1/4\"","UN    ","AS","33,20"]
[1647,"CRUZETA DE FERRO GALVANIZADO, COM ROSCA BSP, DE 1/2\"","UN    ","AS","11,89"]
[1648,"CRUZETA DE FERRO GALVANIZADO, COM ROSCA BSP, DE 1\"","UN    ","AS","22,82"]
[1651,"CRUZETA DE FERRO GALVANIZADO, COM ROSCA BSP, DE 2 1/2\"","UN    ","AS","105,90"]
[1650,"CRUZETA DE FERRO GALVANIZADO, COM ROSCA BSP, DE 2\"","UN    ","AS","58,53"]
[1654,"CRUZETA DE FERRO GALVANIZADO, COM ROSCA BSP, DE 3/4\"","UN    ","AS","16,32"]
[1652,"CRUZETA DE FERRO GALVANIZADO, COM ROSCA BSP, DE 3\"","UN    ","AS","151,99"]
[1727,"CRUZETA DE REDUCAO PVC PBA, JE, BBBB, DN 75 X 50 / DE 85 X 60 MM","UN    ","AS","63,75"]
[12920,"CRUZETA PVC PBA, JE, BBBB, DN 100 / DE 110 MM","UN    ","AS","84,25"]
[1725,"CRUZETA PVC PBA, JE, BBBB, DN 50 / DE 60 MM","UN    ","AS","18,39"]
[12943,"CRUZETA PVC PBA, JE, BBBB, DN 75 / DE 85 MM","UN    ","AS","45,39"]
[1747,"CUBA ACO INOX (AISI 304) DE EMBUTIR COM VALVULA DE 3 1/2 \", DE *56 X 33 X 12* CM","UN    ","CR","143,50"]
[1744,"CUBA ACO INOX (AISI 304) DE EMBUTIR COM VALVULA 3 1/2 \", DE *40 X 34 X 12* CM","UN    ","CR","99,39"]
[1743,"CUBA ACO INOX (AISI 304) DE EMBUTIR COM VALVULA 3 1/2 \", DE *46 X 30 X 12* CM","UN    ","CR","130,52"]
[7241,"CUMEEIRA ALUMINIO ONDULADA, COMPRIMENTO = *1,12* M, E = 0,8 MM","M2    ","AS","35,14"]
[39640,"CUMEEIRA ARTICULADA (ABA INFERIOR) PARA TELHA ONDULADA DE FIBROCIMENTO E = 4 MM, ABA *330* MM, COMPRIMENTO 500 MM (SEM AMIANTO)","UN    ","CR","9,90"]
[11013,"CUMEEIRA ARTICULADA (ABA INTERNA INFERIOR OU EXTERNA SUPERIOR) PARA TELHA ESTRUTURAL DE FIBROCIMENTO, 1 ABA, E = 6 MM (SEM AMIANTO)","UN    ","CR","20,38"]
[11017,"CUMEEIRA ARTICULADA (ABA SUPERIOR) PARA TELHA ONDULADA DE FIBROCIMENTO E = 4 MM, ABA *330* MM, COMPRIMENTO 500 MM (SEM AMIANTO)","UN    ","CR","8,70"]
[20236,"CUMEEIRA ARTICULADA (PAR) PARA TELHA ONDULADA DE FIBROCIMENTO, E = 6 MM, ABA 350 MM, COMPRIMENTO 1100 MM (SEM AMIANTO)","UN    ","CR","38,30"]
[7215,"CUMEEIRA NORMAL PARA TELHA ESTRUTURAL DE FIBROCIMENTO 1 ABA, E = 6 MM, COMPRIMENTO 608 MM (SEM AMIANTO)","UN    ","CR","32,79"]
[7216,"CUMEEIRA NORMAL PARA TELHA ESTRUTURAL DE FIBROCIMENTO 2 ABAS, E = 6 MM, DE 1050 X 935 MM (SEM AMIANTO)","UN    ","CR","137,07"]
[20235,"CUMEEIRA NORMAL PARA TELHA ONDULADA DE FIBROCIMENTO, E = 6 MM, ABA 300 MM, COMPRIMENTO 1100 MM (SEM AMIANTO)","UN    ","CR","69,30"]
[7181,"CUMEEIRA PARA TELHA CERAMICA, COMPRIMENTO DE *41* CM, RENDIMENTO DE *3* TELHAS/M","UN    ","AS","3,02"]
[40866,"CUMEEIRA PARA TELHA DE CONCRETO, PARA 2 AGUAS DE TELHADO, COR CINZA, RENDIMENTO DE *3* TELHAS/M (COLETADO CAIXA)","UN    ","CR","7,75"]
[7214,"CUMEEIRA SHED PARA TELHA ONDULADA DE FIBROCIMENTO, E = 6 MM, ABA 280 MM, COMPRIMENTO 1100 MM (SEM AMIANTO)","UN    ","CR","46,96"]
[7219,"CUMEEIRA UNIVERSAL PARA TELHA ONDULADA DE FIBROCIMENTO, E = 6 MM, ABA 210 MM, COMPRIMENTO 1100 MM (SEM AMIANTO)","UN    ","CR","48,61"]
[37972,"CURVA CPVC, 90 GRAUS, SOLDAVEL, 22 MM, PARA AGUA QUENTE","UN    ","AS","4,08"]
[37973,"CURVA CPVC, 90 GRAUS, SOLDAVEL, 28 MM, PARA AGUA QUENTE","UN    ","AS","6,53"]
[37971,"CURVA CPVC, 90 GRAUS, SOLDAVEL,15 MM, PARA AGUA QUENTE","UN    ","AS","2,45"]
[20094,"CURVA CURTA PVC, PB, JE, 45 GRAUS, DN 100 MM, PARA REDE COLETORA ESGOTO (NBR 10569)","UN    ","AS","10,56"]
[20095,"CURVA CURTA PVC, PB, JE, 90 GRAUS, DN 100 MM, PARA REDE COLETORA ESGOTO (NBR 10569)","UN    ","AS","17,89"]
[1954,"CURVA DE PVC 45 GRAUS, SOLDAVEL, 110 MM, PARA AGUA FRIA PREDIAL (NBR 5648)","UN    ","AS","89,13"]
[1926,"CURVA DE PVC 45 GRAUS, SOLDAVEL, 20 MM, PARA AGUA FRIA PREDIAL (NBR 5648)","UN    ","AS","1,57"]
[1927,"CURVA DE PVC 45 GRAUS, SOLDAVEL, 25 MM, PARA AGUA FRIA PREDIAL (NBR 5648)","UN    ","AS","1,90"]
[1923,"CURVA DE PVC 45 GRAUS, SOLDAVEL, 32 MM, PARA AGUA FRIA PREDIAL (NBR 5648)","UN    ","AS","3,09"]
[1929,"CURVA DE PVC 45 GRAUS, SOLDAVEL, 40 MM, PARA AGUA FRIA PREDIAL (NBR 5648)","UN    ","AS","3,92"]
[1930,"CURVA DE PVC 45 GRAUS, SOLDAVEL, 50 MM, PARA AGUA FRIA PREDIAL (NBR 5648)","UN    ","AS","8,13"]
[1924,"CURVA DE PVC 45 GRAUS, SOLDAVEL, 60 MM, PARA AGUA FRIA PREDIAL (NBR 5648)","UN    ","AS","13,79"]
[1922,"CURVA DE PVC 45 GRAUS, SOLDAVEL, 75 MM, PARA AGUA FRIA PREDIAL (NBR 5648)","UN    ","AS","27,97"]
[1953,"CURVA DE PVC 45 GRAUS, SOLDAVEL, 85 MM, PARA AGUA FRIA PREDIAL (NBR 5648)","UN    ","AS","33,41"]
[1962,"CURVA DE PVC 90 GRAUS, SOLDAVEL, 110 MM, PARA AGUA FRIA PREDIAL (NBR 5648)","UN    ","AS","97,28"]
[1955,"CURVA DE PVC 90 GRAUS, SOLDAVEL, 20 MM, PARA AGUA FRIA PREDIAL (NBR 5648)","UN    ","AS","1,65"]
[1956,"CURVA DE PVC 90 GRAUS, SOLDAVEL, 25 MM, PARA AGUA FRIA PREDIAL (NBR 5648)","UN    ","AS","2,38"]
[1957,"CURVA DE PVC 90 GRAUS, SOLDAVEL, 32 MM, PARA AGUA FRIA PREDIAL (NBR 5648)","UN    ","AS","4,82"]
[1958,"CURVA DE PVC 90 GRAUS, SOLDAVEL, 40 MM, PARA AGUA FRIA PREDIAL (NBR 5648)","UN    ","AS","8,74"]
[1959,"CURVA DE PVC 90 GRAUS, SOLDAVEL, 50 MM, PARA AGUA FRIA PREDIAL (NBR 5648)","UN    ","AS","9,64"]
[1925,"CURVA DE PVC 90 GRAUS, SOLDAVEL, 60 MM, PARA AGUA FRIA PREDIAL (NBR 5648)","UN    ","AS","22,26"]
[1960,"CURVA DE PVC 90 GRAUS, SOLDAVEL, 75 MM, PARA AGUA FRIA PREDIAL (NBR 5648)","UN    ","AS","38,44"]
[1961,"CURVA DE PVC 90 GRAUS, SOLDAVEL, 85 MM, PARA AGUA FRIA PREDIAL (NBR 5648)","UN    ","AS","46,14"]
[38426,"CURVA DE PVC, 45 GRAUS, SERIE R, DN 100 MM, PARA ESGOTO PREDIAL","UN    ","CR","21,95"]
[38427,"CURVA DE PVC, 45 GRAUS, SERIE R, DN 150 MM, PARA ESGOTO PREDIAL","UN    ","CR","45,06"]
[38425,"CURVA DE PVC, 45 GRAUS, SERIE R, DN 75 MM, PARA ESGOTO PREDIAL","UN    ","CR","11,44"]
[38423,"CURVA DE PVC, 90 GRAUS, SERIE R, DN 100 MM, PARA ESGOTO PREDIAL","UN    ","CR","37,59"]
[38424,"CURVA DE PVC, 90 GRAUS, SERIE R, DN 150 MM, PARA ESGOTO PREDIAL","UN    ","CR","56,33"]
[38421,"CURVA DE PVC, 90 GRAUS, SERIE R, DN 50 MM, PARA ESGOTO PREDIAL","UN    ","CR","21,35"]
[38422,"CURVA DE PVC, 90 GRAUS, SERIE R, DN 75 MM, PARA ESGOTO PREDIAL","UN    ","CR","24,04"]
[39866,"CURVA DE TRANSPOSICAO BRONZE/LATAO (REF 736) SEM ANEL DE SOLDA, BOLSA X BOLSA, 15 MM","UN    ","AS","7,16"]
[39867,"CURVA DE TRANSPOSICAO BRONZE/LATAO (REF 736) SEM ANEL DE SOLDA, BOLSA X BOLSA, 22 MM","UN    ","AS","15,92"]
[39868,"CURVA DE TRANSPOSICAO BRONZE/LATAO (REF 736) SEM ANEL DE SOLDA, BOLSA X BOLSA, 28 MM","UN    ","AS","28,68"]
[37999,"CURVA DE TRANSPOSICAO, CPVC, SOLDAVEL, 15 MM","UN    ","AS","3,91"]
[38000,"CURVA DE TRANSPOSICAO, CPVC, SOLDAVEL, 22 MM","UN    ","AS","5,17"]
[38129,"CURVA DE TRANSPOSICAO, PVC SOLDAVEL, 20 MM, PARA AGUA FRIA PREDIAL","UN    ","AS","2,60"]
[38025,"CURVA DE TRANSPOSICAO, PVC, SOLDAVEL, 25 MM, PARA AGUA FRIA PREDIAL","UN    ","AS","4,24"]
[38026,"CURVA DE TRANSPOSICAO, PVC, SOLDAVEL, 32 MM, PARA AGUA FRIA PREDIAL","UN    ","AS","10,98"]
[1858,"CURVA LONGA PVC, PB, JE, 45 GRAUS, DN 100 MM, PARA REDE COLETORA ESGOTO (NBR 10569)","UN    ","AS","20,21"]
[1844,"CURVA LONGA PVC, PB, JE, 45 GRAUS, DN 150 MM, PARA REDE COLETORA ESGOTO (NBR 10569)","UN    ","AS","86,64"]
[1837,"CURVA LONGA PVC, PB, JE, 45 GRAUS, DN 250 MM, PARA REDE COLETORA ESGOTO (NBR 10569)","UN    ","AS","313,96"]
[1860,"CURVA LONGA PVC, PB, JE, 45 GRAUS, DN 300 MM, PARA REDE COLETORA ESGOTO (NBR 10569)","UN    ","AS","618,29"]
[1862,"CURVA LONGA PVC, PB, JE, 45 GRAUS, DN 400 MM, PARA REDE COLETORA ESGOTO (NBR 10569)","UN    ","AS","993,38"]
[1863,"CURVA LONGA PVC, PB, JE, 90 GRAUS, DN 100 MM, PARA REDE COLETORA ESGOTO (NBR 10569)","UN    ","AS","19,42"]
[1865,"CURVA LONGA PVC, PB, JE, 90 GRAUS, DN 150 MM, PARA REDE COLETORA ESGOTO (NBR 10569)","UN    ","AS","87,25"]
[1866,"CURVA LONGA PVC, PB, JE, 90 GRAUS, DN 200 MM, PARA REDE COLETORA ESGOTO (NBR 10569)","UN    ","AS","238,71"]
[1853,"CURVA LONGA PVC, PB, JE, 90 GRAUS, DN 250 MM, PARA REDE COLETORA ESGOTO (NBR 10569)","UN    ","AS","352,89"]
[1867,"CURVA LONGA PVC, PB, JE, 90 GRAUS, DN 300 MM, PARA REDE COLETORA ESGOTO (NBR 10569)","UN    ","AS","781,24"]
[1868,"CURVA LONGA PVC, PB, JE, 90 GRAUS, DN 350 MM, PARA REDE COLETORA ESGOTO (NBR 10569)","UN    ","AS","1.127,34"]
[1859,"CURVA LONGA PVC, PB, JE, 90 GRAUS, DN 400 MM, PARA REDE COLETORA ESGOTO (NBR 10569)","UN    ","AS","1.475,45"]
[1836,"CURVA LONGA, PVC, PB, JE, 45 GRAUS, DN 200 MM, PARA REDE COLETORA ESGOTO (NBR 10569)","UN    ","AS","190,87"]
[36355,"CURVA PPR 90 GRAUS, DN 20 MM, PARA AGUA QUENTE PREDIAL","UN    ","AS","4,54"]
[36356,"CURVA PPR 90 GRAUS, DN 25 MM, PARA AGUA QUENTE PREDIAL","UN    ","AS","7,63"]
[1932,"CURVA PVC CURTA 90 G, DN 50 MM, PARA ESGOTO PREDIAL","UN    ","AS","7,61"]
[1933,"CURVA PVC CURTA 90 GRAUS, DN 40 MM, PARA ESGOTO PREDIAL","UN    ","AS","3,35"]
[1951,"CURVA PVC CURTA 90 GRAUS, DN 75 MM, PARA ESGOTO PREDIAL","UN    ","AS","15,36"]
[1966,"CURVA PVC CURTA 90 GRAUS, 100 MM, PARA ESGOTO PREDIAL","UN    ","AS","16,29"]
[1952,"CURVA PVC LEVE, 90 GRAUS, COM PONTA E BOLSA LISA, DN 150 MM","UN    ","AS","100,15"]
[20104,"CURVA PVC LEVE, 90 GRAUS, COM PONTA E BOLSA LISA, DN 250 MM","UN    ","AS","380,65"]
[20105,"CURVA PVC LEVE, 90 GRAUS, COM PONTA E BOLSA LISA, DN 300 MM","UN    ","AS","592,91"]
[1965,"CURVA PVC LONGA 45 GRAUS, 100 MM, PARA ESGOTO PREDIAL","UN    ","AS","29,89"]
[10765,"CURVA PVC LONGA 45G, DN 50 MM, PARA ESGOTO PREDIAL","UN    ","AS","7,56"]
[10767,"CURVA PVC LONGA 45G, DN 75 MM, PARA ESGOTO PREDIAL","UN    ","AS","20,81"]
[1970,"CURVA PVC LONGA 90 GRAUS, 100 MM, PARA ESGOTO PREDIAL","UN    ","AS","37,44"]
[1967,"CURVA PVC LONGA 90 GRAUS, 40 MM, PARA ESGOTO PREDIAL","UN    ","AS","3,46"]
[1968,"CURVA PVC LONGA 90 GRAUS, 50 MM, PARA ESGOTO PREDIAL","UN    ","AS","7,50"]
[1969,"CURVA PVC LONGA 90 GRAUS, 75 MM, PARA ESGOTO PREDIAL","UN    ","AS","23,42"]
[1839,"CURVA PVC PBA, JE, PB, 22 GRAUS, DN 100 / DE 110 MM, PARA REDE AGUA (NBR 10351)","UN    ","AS","49,64"]
[1835,"CURVA PVC PBA, JE, PB, 22 GRAUS, DN 50 / DE 60 MM, PARA REDE AGUA (NBR 10351)","UN    ","AS","12,16"]
[1823,"CURVA PVC PBA, JE, PB, 22 GRAUS, DN 75 / DE 85 MM, PARA REDE AGUA (NBR 10351)","UN    ","AS","28,39"]
[1827,"CURVA PVC PBA, JE, PB, 45 GRAUS, DN 100 / DE 110 MM, PARA REDE AGUA (NBR 10351)","UN    ","AS","51,08"]
[1831,"CURVA PVC PBA, JE, PB, 45 GRAUS, DN 50 / DE 60 MM, PARA REDE AGUA (NBR 10351)","UN    ","AS","12,63"]
[1825,"CURVA PVC PBA, JE, PB, 45 GRAUS, DN 75 / DE 85 MM, PARA REDE AGUA (NBR 10351)","UN    ","AS","28,34"]
[1828,"CURVA PVC PBA, JE, PB, 90 GRAUS, DN 100 / DE 110 MM, PARA REDE AGUA (NBR 10351)","UN    ","AS","57,87"]
[1845,"CURVA PVC PBA, JE, PB, 90 GRAUS, DN 50 / DE 60 MM, PARA REDE AGUA (NBR 10351)","UN    ","AS","13,84"]
[1824,"CURVA PVC PBA, JE, PB, 90 GRAUS, DN 75 / DE 85 MM, PARA REDE AGUA (NBR 10351)","UN    ","AS","32,29"]
[1941,"CURVA PVC 90 GRAUS, ROSCAVEL, 1 1/2\",  AGUA FRIA PREDIAL","UN    ","CR","14,57"]
[1940,"CURVA PVC 90 GRAUS, ROSCAVEL, 1 1/4\",  AGUA FRIA PREDIAL","UN    ","CR","14,51"]
[1937,"CURVA PVC 90 GRAUS, ROSCAVEL, 1/2\",  AGUA FRIA PREDIAL","UN    ","AS","2,29"]
[1939,"CURVA PVC 90 GRAUS, ROSCAVEL, 1\",  AGUA FRIA PREDIAL","UN    ","AS","5,24"]
[1942,"CURVA PVC 90 GRAUS, ROSCAVEL, 2\",  AGUA FRIA PREDIAL","UN    ","CR","27,58"]
[1938,"CURVA PVC 90 GRAUS, ROSCAVEL, 3/4\",  AGUA FRIA PREDIAL","UN    ","AS","2,88"]
[20097,"CURVA PVC, SERIE R, 87.30 GRAUS, CURTA, 100 MM, PARA ESGOTO PREDIAL (PARA PE-DE-COLUNA)","UN    ","AS","30,98"]
[20098,"CURVA PVC, SERIE R, 87.30 GRAUS, CURTA, 150 MM, PARA ESGOTO PREDIAL (PARA PE-DE-COLUNA)","UN    ","AS","223,39"]
[20096,"CURVA PVC, SERIE R, 87.30 GRAUS, CURTA, 75 MM, PARA ESGOTO PREDIAL (PARA PE-DE-COLUNA)","UN    ","AS","17,86"]
[1964,"CURVA PVC, 45 GRAUS, CURTA, PB, DN 100 MM, PARA ESGOTO PREDIAL","UN    ","AS","22,78"]
[1880,"CURVA 135 GRAUS, DE PVC RIGIDO ROSCAVEL, DE 1\", PARA ELETRODUTO","UN    ","CR","2,70"]
[39274,"CURVA 135 GRAUS, DE PVC RIGIDO ROSCAVEL, DE 3/4\", PARA ELETRODUTO","UN    ","CR","2,09"]
[2628,"CURVA 135 GRAUS, PARA ELETRODUTO, EM ACO GALVANIZADO ELETROLITICO, DIAMETRO DE 100 MM (4\")","UN    ","AS","238,94"]
[2622,"CURVA 135 GRAUS, PARA ELETRODUTO, EM ACO GALVANIZADO ELETROLITICO, DIAMETRO DE 15 MM (1/2\")","UN    ","AS","5,67"]
[2623,"CURVA 135 GRAUS, PARA ELETRODUTO, EM ACO GALVANIZADO ELETROLITICO, DIAMETRO DE 20 MM (3/4\")","UN    ","AS","6,83"]
[2624,"CURVA 135 GRAUS, PARA ELETRODUTO, EM ACO GALVANIZADO ELETROLITICO, DIAMETRO DE 25 MM (1\")","UN    ","AS","10,86"]
[2625,"CURVA 135 GRAUS, PARA ELETRODUTO, EM ACO GALVANIZADO ELETROLITICO, DIAMETRO DE 32 MM (1 1/4\")","UN    ","AS","22,93"]
[2626,"CURVA 135 GRAUS, PARA ELETRODUTO, EM ACO GALVANIZADO ELETROLITICO, DIAMETRO DE 40 MM (1 1/2\")","UN    ","AS","33,59"]
[2630,"CURVA 135 GRAUS, PARA ELETRODUTO, EM ACO GALVANIZADO ELETROLITICO, DIAMETRO DE 50 MM (2\")","UN    ","AS","51,09"]
[2627,"CURVA 135 GRAUS, PARA ELETRODUTO, EM ACO GALVANIZADO ELETROLITICO, DIAMETRO DE 65 MM (2 1/2\")","UN    ","AS","90,00"]
[2629,"CURVA 135 GRAUS, PARA ELETRODUTO, EM ACO GALVANIZADO ELETROLITICO, DIAMETRO DE 80 MM (3\")","UN    ","AS","121,73"]
[12033,"CURVA 180 GRAUS, DE PVC RIGIDO ROSCAVEL, DE 1 1/2\", PARA ELETRODUTO","UN    ","CR","8,63"]
[40408,"CURVA 180 GRAUS, DE PVC RIGIDO ROSCAVEL, DE 1 1/4\", PARA ELETRODUTO","UN    ","CR","5,67"]
[40409,"CURVA 180 GRAUS, DE PVC RIGIDO ROSCAVEL, DE 1/2\", PARA ELETRODUTO","UN    ","CR","2,00"]
[39276,"CURVA 180 GRAUS, DE PVC RIGIDO ROSCAVEL, DE 1\", PARA ELETRODUTO","UN    ","CR","5,11"]
[39277,"CURVA 180 GRAUS, DE PVC RIGIDO ROSCAVEL, DE 2\", PARA ELETRODUTO","UN    ","CR","13,79"]
[12034,"CURVA 180 GRAUS, DE PVC RIGIDO ROSCAVEL, DE 3/4\", PARA ELETRODUTO","UN    ","CR","3,91"]
[39879,"CURVA 45 GRAUS DE COBRE (REF 606) SEM ANEL DE SOLDA, BOLSA X BOLSA, 15 MM","UN    ","AS","2,01"]
[39880,"CURVA 45 GRAUS DE COBRE (REF 606) SEM ANEL DE SOLDA, BOLSA X BOLSA, 22 MM","UN    ","AS","4,45"]
[39881,"CURVA 45 GRAUS DE COBRE (REF 606) SEM ANEL DE SOLDA, BOLSA X BOLSA, 28 MM","UN    ","AS","7,15"]
[39882,"CURVA 45 GRAUS DE COBRE (REF 606) SEM ANEL DE SOLDA, BOLSA X BOLSA, 35 MM","UN    ","AS","18,85"]
[39883,"CURVA 45 GRAUS DE COBRE (REF 606) SEM ANEL DE SOLDA, BOLSA X BOLSA, 42 MM","UN    ","AS","30,10"]
[39884,"CURVA 45 GRAUS DE COBRE (REF 606) SEM ANEL DE SOLDA, BOLSA X BOLSA, 54 MM","UN    ","AS","44,71"]
[39885,"CURVA 45 GRAUS DE COBRE (REF 606) SEM ANEL DE SOLDA, BOLSA X BOLSA, 66 MM","UN    ","AS","106,25"]
[1777,"CURVA 45 GRAUS DE FERRO GALVANIZADO, COM ROSCA BSP FEMEA, DE 1 1/2\"","UN    ","AS","45,70"]
[1819,"CURVA 45 GRAUS DE FERRO GALVANIZADO, COM ROSCA BSP FEMEA, DE 1 1/4\"","UN    ","AS","33,25"]
[1775,"CURVA 45 GRAUS DE FERRO GALVANIZADO, COM ROSCA BSP FEMEA, DE 1/2\"","UN    ","AS","9,94"]
[1776,"CURVA 45 GRAUS DE FERRO GALVANIZADO, COM ROSCA BSP FEMEA, DE 1\"","UN    ","AS","27,05"]
[1778,"CURVA 45 GRAUS DE FERRO GALVANIZADO, COM ROSCA BSP FEMEA, DE 2 1/2\"","UN    ","AS","110,62"]
[1818,"CURVA 45 GRAUS DE FERRO GALVANIZADO, COM ROSCA BSP FEMEA, DE 2\"","UN    ","AS","73,43"]
[1820,"CURVA 45 GRAUS DE FERRO GALVANIZADO, COM ROSCA BSP FEMEA, DE 3/4\"","UN    ","AS","14,36"]
[1779,"CURVA 45 GRAUS DE FERRO GALVANIZADO, COM ROSCA BSP FEMEA, DE 3\"","UN    ","AS","160,88"]
[1780,"CURVA 45 GRAUS DE FERRO GALVANIZADO, COM ROSCA BSP FEMEA, DE 4\"","UN    ","AS","331,65"]
[1783,"CURVA 45 GRAUS DE FERRO GALVANIZADO, COM ROSCA BSP MACHO/FEMEA, DE 1 1/2\"","UN    ","AS","35,06"]
[1782,"CURVA 45 GRAUS DE FERRO GALVANIZADO, COM ROSCA BSP MACHO/FEMEA, DE 1 1/4\"","UN    ","AS","27,72"]
[1817,"CURVA 45 GRAUS DE FERRO GALVANIZADO, COM ROSCA BSP MACHO/FEMEA, DE 1/2\"","UN    ","AS","8,26"]
[1781,"CURVA 45 GRAUS DE FERRO GALVANIZADO, COM ROSCA BSP MACHO/FEMEA, DE 1\"","UN    ","AS","18,06"]
[1784,"CURVA 45 GRAUS DE FERRO GALVANIZADO, COM ROSCA BSP MACHO/FEMEA, DE 2 1/2\"","UN    ","AS","99,02"]
[1810,"CURVA 45 GRAUS DE FERRO GALVANIZADO, COM ROSCA BSP MACHO/FEMEA, DE 2\"","UN    ","AS","54,92"]
[1811,"CURVA 45 GRAUS DE FERRO GALVANIZADO, COM ROSCA BSP MACHO/FEMEA, DE 3/4\"","UN    ","AS","11,88"]
[1812,"CURVA 45 GRAUS DE FERRO GALVANIZADO, COM ROSCA BSP MACHO/FEMEA, DE 3\"","UN    ","AS","138,64"]
[40386,"CURVA 45 GRAUS EM ACO CARBONO, SOLDAVEL, PRESSAO 3.000 LBS, DN 1 1/2\"","UN    ","AS","34,29"]
[40384,"CURVA 45 GRAUS EM ACO CARBONO, SOLDAVEL, PRESSAO 3.000 LBS, DN 1 1/4\"","UN    ","AS","23,48"]
[40379,"CURVA 45 GRAUS EM ACO CARBONO, SOLDAVEL, PRESSAO 3.000 LBS, DN 1/2\"","UN    ","AS","8,11"]
[40423,"CURVA 45 GRAUS EM ACO CARBONO, SOLDAVEL, PRESSAO 3.000 LBS, DN 1\"","UN    ","AS","15,36"]
[40389,"CURVA 45 GRAUS EM ACO CARBONO, SOLDAVEL, PRESSAO 3.000 LBS, DN 2 1/2\"","UN    ","AS","97,41"]
[40388,"CURVA 45 GRAUS EM ACO CARBONO, SOLDAVEL, PRESSAO 3.000 LBS, DN 2\"","UN    ","AS","48,75"]
[40381,"CURVA 45 GRAUS EM ACO CARBONO, SOLDAVEL, PRESSAO 3.000 LBS, DN 3/4\"","UN    ","AS","10,82"]
[40391,"CURVA 45 GRAUS EM ACO CARBONO, SOLDAVEL, PRESSAO 3.000 LBS, DN 3\"","UN    ","AS","252,83"]
[40414,"CURVA 45 GRAUS RANHURADA EM FERRO FUNDIDO, DN 50 MM (2\")","UN    ","AS","14,15"]
[40416,"CURVA 45 GRAUS RANHURADA EM FERRO FUNDIDO, DN 65 MM (2 1/2\")","UN    ","AS","19,57"]
[40418,"CURVA 45 GRAUS RANHURADA EM FERRO FUNDIDO, DN 80 MM (3\")","UN    ","AS","23,34"]
[2615,"CURVA 45 GRAUS, PARA ELETRODUTO, EM ACO GALVANIZADO ELETROLITICO, DIAMETRO DE 100 MM (4\")","UN    ","AS","158,72"]
[2635,"CURVA 45 GRAUS, PARA ELETRODUTO, EM ACO GALVANIZADO ELETROLITICO, DIAMETRO DE 15 MM (1/2\")","UN    ","AS","4,74"]
[2609,"CURVA 45 GRAUS, PARA ELETRODUTO, EM ACO GALVANIZADO ELETROLITICO, DIAMETRO DE 20 MM (3/4\")","UN    ","AS","5,33"]
[2634,"CURVA 45 GRAUS, PARA ELETRODUTO, EM ACO GALVANIZADO ELETROLITICO, DIAMETRO DE 25 MM (1\")","UN    ","AS","7,00"]
[2611,"CURVA 45 GRAUS, PARA ELETRODUTO, EM ACO GALVANIZADO ELETROLITICO, DIAMETRO DE 40 MM (1 1/2\")","UN    ","AS","19,73"]
[2612,"CURVA 45 GRAUS, PARA ELETRODUTO, EM ACO GALVANIZADO ELETROLITICO, DIAMETRO DE 50 MM (2\")","UN    ","AS","28,70"]
[2613,"CURVA 45 GRAUS, PARA ELETRODUTO, EM ACO GALVANIZADO ELETROLITICO, DIAMETRO DE 65 MM (2 1/2\")","UN    ","AS","69,28"]
[2614,"CURVA 45 GRAUS, PARA ELETRODUTO, EM ACO GALVANIZADO ELETROLITICO, DIAMETRO DE 80 MM (3\")","UN    ","AS","96,34"]
[34359,"CURVA 90 GRAUS DE BARRA CHATA EM ALUMINIO 3/4 \" X 1/4 \" X 300 MM","UN    ","AS","5,57"]
[1789,"CURVA 90 GRAUS DE FERRO GALVANIZADO, COM ROSCA BSP FEMEA, DE 1 1/2\"","UN    ","AS","43,86"]
[1788,"CURVA 90 GRAUS DE FERRO GALVANIZADO, COM ROSCA BSP FEMEA, DE 1 1/4\"","UN    ","AS","35,16"]
[1786,"CURVA 90 GRAUS DE FERRO GALVANIZADO, COM ROSCA BSP FEMEA, DE 1/2\"","UN    ","AS","8,73"]
[1787,"CURVA 90 GRAUS DE FERRO GALVANIZADO, COM ROSCA BSP FEMEA, DE 1\"","UN    ","AS","20,90"]
[1791,"CURVA 90 GRAUS DE FERRO GALVANIZADO, COM ROSCA BSP FEMEA, DE 2 1/2\"","UN    ","AS","126,76"]
[1790,"CURVA 90 GRAUS DE FERRO GALVANIZADO, COM ROSCA BSP FEMEA, DE 2\"","UN    ","AS","73,04"]
[1813,"CURVA 90 GRAUS DE FERRO GALVANIZADO, COM ROSCA BSP FEMEA, DE 3/4\"","UN    ","AS","13,85"]
[1792,"CURVA 90 GRAUS DE FERRO GALVANIZADO, COM ROSCA BSP FEMEA, DE 3\"","UN    ","AS","171,11"]
[1793,"CURVA 90 GRAUS DE FERRO GALVANIZADO, COM ROSCA BSP FEMEA, DE 4\"","UN    ","AS","345,75"]
[1809,"CURVA 90 GRAUS DE FERRO GALVANIZADO, COM ROSCA BSP MACHO/FEMEA, DE 1 1/2\"","UN    ","AS","41,12"]
[1814,"CURVA 90 GRAUS DE FERRO GALVANIZADO, COM ROSCA BSP MACHO/FEMEA, DE 1 1/4\"","UN    ","AS","33,78"]
[1803,"CURVA 90 GRAUS DE FERRO GALVANIZADO, COM ROSCA BSP MACHO/FEMEA, DE 1/2\"","UN    ","AS","8,53"]
[1805,"CURVA 90 GRAUS DE FERRO GALVANIZADO, COM ROSCA BSP MACHO/FEMEA, DE 1\"","UN    ","AS","19,60"]
[1821,"CURVA 90 GRAUS DE FERRO GALVANIZADO, COM ROSCA BSP MACHO/FEMEA, DE 2 1/2\"","UN    ","AS","115,81"]
[1806,"CURVA 90 GRAUS DE FERRO GALVANIZADO, COM ROSCA BSP MACHO/FEMEA, DE 2\"","UN    ","AS","68,93"]
[1804,"CURVA 90 GRAUS DE FERRO GALVANIZADO, COM ROSCA BSP MACHO/FEMEA, DE 3/4\"","UN    ","AS","12,15"]
[1807,"CURVA 90 GRAUS DE FERRO GALVANIZADO, COM ROSCA BSP MACHO/FEMEA, DE 3\"","UN    ","AS","165,63"]
[1808,"CURVA 90 GRAUS DE FERRO GALVANIZADO, COM ROSCA BSP MACHO/FEMEA, DE 4\"","UN    ","AS","332,06"]
[1797,"CURVA 90 GRAUS DE FERRO GALVANIZADO, COM ROSCA BSP MACHO, DE 1 1/2\"","UN    ","AS","49,80"]
[1796,"CURVA 90 GRAUS DE FERRO GALVANIZADO, COM ROSCA BSP MACHO, DE 1 1/4\"","UN    ","AS","38,20"]
[1794,"CURVA 90 GRAUS DE FERRO GALVANIZADO, COM ROSCA BSP MACHO, DE 1/2\"","UN    ","AS","9,12"]
[1816,"CURVA 90 GRAUS DE FERRO GALVANIZADO, COM ROSCA BSP MACHO, DE 1\"","UN    ","AS","20,56"]
[1815,"CURVA 90 GRAUS DE FERRO GALVANIZADO, COM ROSCA BSP MACHO, DE 2 1/2\"","UN    ","AS","157,91"]
[1798,"CURVA 90 GRAUS DE FERRO GALVANIZADO, COM ROSCA BSP MACHO, DE 2\"","UN    ","AS","70,66"]
[1795,"CURVA 90 GRAUS DE FERRO GALVANIZADO, COM ROSCA BSP MACHO, DE 3/4\"","UN    ","AS","12,63"]
[1799,"CURVA 90 GRAUS DE FERRO GALVANIZADO, COM ROSCA BSP MACHO, DE 3\"","UN    ","AS","205,66"]
[1800,"CURVA 90 GRAUS DE FERRO GALVANIZADO, COM ROSCA BSP MACHO, DE 4\"","UN    ","AS","392,65"]
[1802,"CURVA 90 GRAUS DE FERRO GALVANIZADO, COM ROSCA BSP MACHO, DE 6\"","UN    ","AS","982,17"]
[40385,"CURVA 90 GRAUS EM ACO CARBONO, RAIO CURTO, SOLDAVEL, PRESSAO 3.000 LBS, DN 1 1/2\"","UN    ","AS","34,29"]
[40383,"CURVA 90 GRAUS EM ACO CARBONO, RAIO CURTO, SOLDAVEL, PRESSAO 3.000 LBS, DN 1 1/4\"","UN    ","AS","23,48"]
[40378,"CURVA 90 GRAUS EM ACO CARBONO, RAIO CURTO, SOLDAVEL, PRESSAO 3.000 LBS, DN 1/2\"","UN    ","AS","8,11"]
[40382,"CURVA 90 GRAUS EM ACO CARBONO, RAIO CURTO, SOLDAVEL, PRESSAO 3.000 LBS, DN 1\"","UN    ","AS","15,36"]
[40422,"CURVA 90 GRAUS EM ACO CARBONO, RAIO CURTO, SOLDAVEL, PRESSAO 3.000 LBS, DN 2 1/2\"","UN    ","AS","104,64"]
[40387,"CURVA 90 GRAUS EM ACO CARBONO, RAIO CURTO, SOLDAVEL, PRESSAO 3.000 LBS, DN 2\"","UN    ","AS","53,28"]
[40380,"CURVA 90 GRAUS EM ACO CARBONO, RAIO CURTO, SOLDAVEL, PRESSAO 3.000 LBS, DN 3/4\"","UN    ","AS","10,82"]
[40390,"CURVA 90 GRAUS EM ACO CARBONO, RAIO CURTO, SOLDAVEL, PRESSAO 3.000 LBS, DN 3\"","UN    ","AS","220,39"]
[40413,"CURVA 90 GRAUS RANHURADA EM FERRO FUNDIDO, DN 50 MM (2\")","UN    ","AS","15,38"]
[40415,"CURVA 90 GRAUS RANHURADA EM FERRO FUNDIDO, DN 65 MM (2 1/2\")","UN    ","AS","21,91"]
[40417,"CURVA 90 GRAUS RANHURADA EM FERRO FUNDIDO, DN 80 MM (3\")","UN    ","AS","25,85"]
[39271,"CURVA 90 GRAUS, CURTA, DE PVC RIGIDO ROSCAVEL, DE 1/2\", PARA ELETRODUTO","UN    ","CR","1,74"]
[39273,"CURVA 90 GRAUS, CURTA, DE PVC RIGIDO ROSCAVEL, DE 1\", PARA ELETRODUTO","UN    ","CR","2,95"]
[39272,"CURVA 90 GRAUS, CURTA, DE PVC RIGIDO ROSCAVEL, DE 3/4\", PARA ELETRODUTO","UN    ","CR","2,13"]
[1875,"CURVA 90 GRAUS, LONGA, DE PVC RIGIDO ROSCAVEL, DE 1 1/2\", PARA ELETRODUTO","UN    ","CR","4,72"]
[1874,"CURVA 90 GRAUS, LONGA, DE PVC RIGIDO ROSCAVEL, DE 1 1/4\", PARA ELETRODUTO","UN    ","CR","3,89"]
[1870,"CURVA 90 GRAUS, LONGA, DE PVC RIGIDO ROSCAVEL, DE 1/2\", PARA ELETRODUTO","UN    ","C ","2,25"]
[1884,"CURVA 90 GRAUS, LONGA, DE PVC RIGIDO ROSCAVEL, DE 1\", PARA ELETRODUTO","UN    ","CR","3,45"]
[1887,"CURVA 90 GRAUS, LONGA, DE PVC RIGIDO ROSCAVEL, DE 2 1/2\", PARA ELETRODUTO","UN    ","CR","19,56"]
[1876,"CURVA 90 GRAUS, LONGA, DE PVC RIGIDO ROSCAVEL, DE 2\", PARA ELETRODUTO","UN    ","CR","7,66"]
[1879,"CURVA 90 GRAUS, LONGA, DE PVC RIGIDO ROSCAVEL, DE 3/4\", PARA ELETRODUTO","UN    ","CR","2,28"]
[1877,"CURVA 90 GRAUS, LONGA, DE PVC RIGIDO ROSCAVEL, DE 3\", PARA ELETRODUTO","UN    ","CR","19,59"]
[1878,"CURVA 90 GRAUS, LONGA, DE PVC RIGIDO ROSCAVEL, DE 4\", PARA ELETRODUTO","UN    ","CR","39,35"]
[2621,"CURVA 90 GRAUS, PARA ELETRODUTO, EM ACO GALVANIZADO ELETROLITICO, DIAMETRO DE 100 MM (4\")","UN    ","AS","168,82"]
[2616,"CURVA 90 GRAUS, PARA ELETRODUTO, EM ACO GALVANIZADO ELETROLITICO, DIAMETRO DE 15 MM (1/2\")","UN    ","AS","4,78"]
[2633,"CURVA 90 GRAUS, PARA ELETRODUTO, EM ACO GALVANIZADO ELETROLITICO, DIAMETRO DE 20 MM (3/4\")","UN    ","AS","5,40"]
[2617,"CURVA 90 GRAUS, PARA ELETRODUTO, EM ACO GALVANIZADO ELETROLITICO, DIAMETRO DE 25 MM (1\")","UN    ","AS","7,34"]
[2618,"CURVA 90 GRAUS, PARA ELETRODUTO, EM ACO GALVANIZADO ELETROLITICO, DIAMETRO DE 32 MM (1 1/4\")","UN    ","AS","16,72"]
[2632,"CURVA 90 GRAUS, PARA ELETRODUTO, EM ACO GALVANIZADO ELETROLITICO, DIAMETRO DE 40 MM (1 1/2\")","UN    ","AS","20,39"]
[2631,"CURVA 90 GRAUS, PARA ELETRODUTO, EM ACO GALVANIZADO ELETROLITICO, DIAMETRO DE 50 MM (2\")","UN    ","AS","29,94"]
[2619,"CURVA 90 GRAUS, PARA ELETRODUTO, EM ACO GALVANIZADO ELETROLITICO, DIAMETRO DE 65 MM (2 1/2\")","UN    ","AS","75,82"]
[2620,"CURVA 90 GRAUS, PARA ELETRODUTO, EM ACO GALVANIZADO ELETROLITICO, DIAMETRO DE 80 MM (3\")","UN    ","AS","99,54"]
[25968,"DENTE PARA FRESADORA","UN    ","AS","25,58"]
[38369,"DESEMPENADEIRA DE ACO DENTADA 12 X *25* CM, DENTES 8 X 8 MM, CABO FECHADO DE MADEIRA","UN    ","CR","11,00"]
[38370,"DESEMPENADEIRA DE ACO LISA 12 X *25* CM COM CABO FECHADO DE MADEIRA","UN    ","CR","11,00"]
[38372,"DESEMPENADEIRA PLASTICA LISA *14 X 27* CM","UN    ","CR","17,93"]
[2357,"DESENHISTA COPISTA","H     ","CR","17,80"]
[40806,"DESENHISTA COPISTA (MENSALISTA)","MES   ","CR","3.110,45"]
[2355,"DESENHISTA DETALHISTA","H     ","CR","24,69"]
[40805,"DESENHISTA DETALHISTA (MENSALISTA)","MES   ","CR","4.311,62"]
[2358,"DESENHISTA PROJETISTA","H     ","CR","20,50"]
[40807,"DESENHISTA PROJETISTA (MENSALISTA)","MES   ","CR","3.580,39"]
[2359,"DESENHISTA TECNICO AUXILIAR","H     ","CR","17,17"]
[40808,"DESENHISTA TECNICO AUXILIAR (MENSALISTA)","MES   ","CR","3.000,20"]
[39397,"DESMOLDANTE PARA FORMAS METALICAS A BASE DE OLEO VEGETAL","L     ","CR","15,70"]
[2692,"DESMOLDANTE PROTETOR PARA FORMAS DE MADEIRA, DE BASE OLEOSA EMULSIONADA EM AGUA","L     ","CR","7,43"]
[6,"DETERGENTE AMONIACO (AMONIA DILUIDA)","L     ","CR","2,84"]
[5330,"DILUENTE EPOXI","L     ","CR","40,49"]
[26017,"DISCO DE BORRACHA PARA LIXADEIRA RIGIDO 7 \" COM ARRUELA CENTRAL","UN    ","CR","27,43"]
[25931,"DISCO DE CORTE DIAMANTADO SEGMENTADO DIAMETRO DE 180 MM PARA ESMERILHADEIRA 7 \"","UN    ","CR","87,17"]
[38140,"DISCO DE CORTE DIAMANTADO SEGMENTADO PARA CONCRETO, DIAMETRO DE 110 MM, FURO DE 20 MM","UN    ","C ","21,14"]
[13887,"DISCO DE CORTE DIAMANTADO SEGMENTADO PARA CONCRETO, DIAMETRO DE 350 MM, FURO DE 1 \" (14 X 1 \")","UN    ","CR","500,50"]
[26018,"DISCO DE CORTE PARA METAL COM DUAS TELAS 12 X 1/8 X 3/4 \" (300 X 3,2 X 19,05 MM)","UN    ","CR","22,28"]
[26019,"DISCO DE DESBASTE PARA METAL FERROSO EM GERAL, COM TRES TELAS,  9 X 1/4 X 7/8 \" (228,6 X 6,4 X 22,2 MM)","UN    ","CR","21,04"]
[26020,"DISCO DE LIXA PARA METAL, DIAMETRO = 180 MM, GRAO 120","UN    ","CR","5,48"]
[34544,"DISJUNTOR  TERMOMAGNETICO TRIPOLAR 3 X 400 A / ICC - 25 KA","UN    ","CR","1.619,19"]
[34729,"DISJUNTOR TERMICO E MAGNETICO AJUSTAVEIS, TRIPOLAR DE 100 ATE 250A, CAPACIDADE DE INTERRUPCAO DE 35KA","UN    ","CR","1.273,74"]
[34734,"DISJUNTOR TERMICO E MAGNETICO AJUSTAVEIS, TRIPOLAR DE 300 ATE 400A, CAPACIDADE DE INTERRUPCAO DE 35KA","UN    ","CR","1.972,16"]
[34738,"DISJUNTOR TERMICO E MAGNETICO AJUSTAVEIS, TRIPOLAR DE 450 ATE 600A, CAPACIDADE DE INTERRUPCAO DE 35KA","UN    ","CR","4.607,59"]
[2391,"DISJUNTOR TERMOMAGNETICO TRIPOLAR 125A","UN    ","CR","374,75"]
[2374,"DISJUNTOR TERMOMAGNETICO TRIPOLAR 150 A / 600 V, TIPO FXD / ICC - 35 KA","UN    ","CR","425,14"]
[2377,"DISJUNTOR TERMOMAGNETICO TRIPOLAR 200 A / 600 V, TIPO FXD / ICC - 35 KA","UN    ","CR","596,64"]
[2393,"DISJUNTOR TERMOMAGNETICO TRIPOLAR 250 A / 600 V, TIPO FXD","UN    ","CR","999,15"]
[34705,"DISJUNTOR TERMOMAGNETICO TRIPOLAR 3  X 250 A/ICC - 25 KA","UN    ","CR","873,90"]
[34707,"DISJUNTOR TERMOMAGNETICO TRIPOLAR 3 X 350 A/ICC - 25 KA","UN    ","CR","1.619,36"]
[2378,"DISJUNTOR TERMOMAGNETICO TRIPOLAR 300 A / 600 V, TIPO JXD / ICC - 40 KA","UN    ","CR","1.372,47"]
[2379,"DISJUNTOR TERMOMAGNETICO TRIPOLAR 400 A / 600 V, TIPO JXD / ICC - 40 KA","UN    ","CR","1.372,47"]
[2376,"DISJUNTOR TERMOMAGNETICO TRIPOLAR 600 A / 600 V, TIPO LXD / ICC - 40 KA","UN    ","CR","2.260,45"]
[2394,"DISJUNTOR TERMOMAGNETICO TRIPOLAR 800 A / 600 V, TIPO LMXD","UN    ","CR","4.832,44"]
[34686,"DISJUNTOR TIPO DIN / IEC, MONOPOLAR DE 40  ATE 50A","UN    ","CR","14,50"]
[34616,"DISJUNTOR TIPO DIN/IEC, BIPOLAR DE 6 ATE 32A","UN    ","CR","56,07"]
[34623,"DISJUNTOR TIPO DIN/IEC, BIPOLAR 40 ATE 50A","UN    ","CR","55,21"]
[34628,"DISJUNTOR TIPO DIN/IEC, BIPOLAR 63 A","UN    ","CR","79,09"]
[34653,"DISJUNTOR TIPO DIN/IEC, MONOPOLAR DE 6  ATE  32A","UN    ","CR","9,78"]
[34688,"DISJUNTOR TIPO DIN/IEC, MONOPOLAR DE 63 A","UN    ","CR","17,73"]
[34709,"DISJUNTOR TIPO DIN/IEC, TRIPOLAR DE 10 ATE 50A","UN    ","CR","68,70"]
[34714,"DISJUNTOR TIPO DIN/IEC, TRIPOLAR 63 A","UN    ","CR","82,05"]
[2388,"DISJUNTOR TIPO NEMA, BIPOLAR 10  ATE  50 A, TENSAO MAXIMA 415 V","UN    ","CR","68,19"]
[34606,"DISJUNTOR TIPO NEMA, BIPOLAR 60 ATE 100A, TENSAO MAXIMA 415 V","UN    ","CR","104,59"]
[34689,"DISJUNTOR TIPO NEMA, MONOPOLAR DE 60 ATE 70A, TENSAO MAXIMA DE 240 V","UN    ","CR","33,30"]
[2370,"DISJUNTOR TIPO NEMA, MONOPOLAR 10 ATE 30A, TENSAO MAXIMA DE 240 V","UN    ","C ","12,67"]
[2386,"DISJUNTOR TIPO NEMA, MONOPOLAR 35  ATE  50 A, TENSAO MAXIMA DE 240 V","UN    ","CR","21,25"]
[2392,"DISJUNTOR TIPO NEMA, TRIPOLAR 10  ATE  50A, TENSAO MAXIMA DE 415 V","UN    ","CR","85,05"]
[2373,"DISJUNTOR TIPO NEMA, TRIPOLAR 60 ATE 100 A, TENSAO MAXIMA DE 415 V","UN    ","CR","119,83"]
[39465,"DISPOSITIVO DPS CLASSE II, 1 POLO, TENSAO MAXIMA DE 175 V, CORRENTE MAXIMA DE *20* KA (TIPO AC)","UN    ","CR","73,20"]
[39466,"DISPOSITIVO DPS CLASSE II, 1 POLO, TENSAO MAXIMA DE 175 V, CORRENTE MAXIMA DE *30* KA (TIPO AC)","UN    ","CR","82,35"]
[39467,"DISPOSITIVO DPS CLASSE II, 1 POLO, TENSAO MAXIMA DE 175 V, CORRENTE MAXIMA DE *45* KA (TIPO AC)","UN    ","CR","105,34"]
[39468,"DISPOSITIVO DPS CLASSE II, 1 POLO, TENSAO MAXIMA DE 175 V, CORRENTE MAXIMA DE *90* KA (TIPO AC)","UN    ","CR","187,24"]
[39469,"DISPOSITIVO DPS CLASSE II, 1 POLO, TENSAO MAXIMA DE 275 V, CORRENTE MAXIMA DE *20* KA (TIPO AC)","UN    ","CR","76,27"]
[39470,"DISPOSITIVO DPS CLASSE II, 1 POLO, TENSAO MAXIMA DE 275 V, CORRENTE MAXIMA DE *30* KA (TIPO AC)","UN    ","CR","93,71"]
[39471,"DISPOSITIVO DPS CLASSE II, 1 POLO, TENSAO MAXIMA DE 275 V, CORRENTE MAXIMA DE *45* KA (TIPO AC)","UN    ","CR","112,62"]
[39472,"DISPOSITIVO DPS CLASSE II, 1 POLO, TENSAO MAXIMA DE 275 V, CORRENTE MAXIMA DE *90* KA (TIPO AC)","UN    ","CR","195,68"]
[39473,"DISPOSITIVO DPS CLASSE II, 1 POLO, TENSAO MAXIMA DE 385 V, CORRENTE MAXIMA DE *20* KA (TIPO AC)","UN    ","CR","126,41"]
[39474,"DISPOSITIVO DPS CLASSE II, 1 POLO, TENSAO MAXIMA DE 385 V, CORRENTE MAXIMA DE *30* KA (TIPO AC)","UN    ","CR","134,75"]
[39475,"DISPOSITIVO DPS CLASSE II, 1 POLO, TENSAO MAXIMA DE 385 V, CORRENTE MAXIMA DE *45* KA (TIPO AC)","UN    ","CR","152,89"]
[39476,"DISPOSITIVO DPS CLASSE II, 1 POLO, TENSAO MAXIMA DE 385 V, CORRENTE MAXIMA DE *90* KA (TIPO AC)","UN    ","CR","287,82"]
[39477,"DISPOSITIVO DPS CLASSE II, 1 POLO, TENSAO MAXIMA DE 460 V, CORRENTE MAXIMA DE *20* KA (TIPO AC)","UN    ","CR","141,02"]
[39478,"DISPOSITIVO DPS CLASSE II, 1 POLO, TENSAO MAXIMA DE 460 V, CORRENTE MAXIMA DE *30* KA (TIPO AC)","UN    ","CR","145,38"]
[39479,"DISPOSITIVO DPS CLASSE II, 1 POLO, TENSAO MAXIMA DE 460 V, CORRENTE MAXIMA DE *45* KA (TIPO AC)","UN    ","CR","171,29"]
[39480,"DISPOSITIVO DPS CLASSE II, 1 POLO, TENSAO MAXIMA DE 460 V, CORRENTE MAXIMA DE *90* KA (TIPO AC)","UN    ","CR","353,46"]
[39459,"DISPOSITIVO DR, 2 POLOS, SENSIBILIDADE DE 30 MA, CORRENTE DE 100 A, TIPO AC","UN    ","CR","300,00"]
[39445,"DISPOSITIVO DR, 2 POLOS, SENSIBILIDADE DE 30 MA, CORRENTE DE 25 A, TIPO AC","UN    ","CR","150,63"]
[39446,"DISPOSITIVO DR, 2 POLOS, SENSIBILIDADE DE 30 MA, CORRENTE DE 40 A, TIPO AC","UN    ","CR","153,31"]
[39447,"DISPOSITIVO DR, 2 POLOS, SENSIBILIDADE DE 30 MA, CORRENTE DE 63 A, TIPO AC","UN    ","CR","163,94"]
[39448,"DISPOSITIVO DR, 2 POLOS, SENSIBILIDADE DE 30 MA, CORRENTE DE 80 A, TIPO AC","UN    ","CR","279,56"]
[39450,"DISPOSITIVO DR, 2 POLOS, SENSIBILIDADE DE 300 MA, CORRENTE DE 25 A, TIPO AC","UN    ","CR","170,56"]
[39451,"DISPOSITIVO DR, 2 POLOS, SENSIBILIDADE DE 300 MA, CORRENTE DE 40 A, TIPO AC","UN    ","CR","186,03"]
[39452,"DISPOSITIVO DR, 2 POLOS, SENSIBILIDADE DE 300 MA, CORRENTE DE 63 A, TIPO AC","UN    ","CR","187,14"]
[39523,"DISPOSITIVO DR, 2 POLOS, SENSIBILIDADE DE 300 MA, CORRENTE DE 80 A, TIPO  AC","UN    ","CR","313,18"]
[39449,"DISPOSITIVO DR, 4 POLOS, SENSIBILIDADE DE 30 MA, CORRENTE DE 100 A, TIPO AC","UN    ","CR","346,83"]
[39455,"DISPOSITIVO DR, 4 POLOS, SENSIBILIDADE DE 30 MA, CORRENTE DE 25 A, TIPO AC","UN    ","CR","171,62"]
[39456,"DISPOSITIVO DR, 4 POLOS, SENSIBILIDADE DE 30 MA, CORRENTE DE 40 A, TIPO AC","UN    ","CR","171,74"]
[39457,"DISPOSITIVO DR, 4 POLOS, SENSIBILIDADE DE 30 MA, CORRENTE DE 63 A, TIPO AC","UN    ","CR","187,23"]
[39458,"DISPOSITIVO DR, 4 POLOS, SENSIBILIDADE DE 30 MA, CORRENTE DE 80 A, TIPO AC","UN    ","CR","349,38"]
[39464,"DISPOSITIVO DR, 4 POLOS, SENSIBILIDADE DE 300 MA, CORRENTE DE 100 A, TIPO AC","UN    ","CR","561,84"]
[39460,"DISPOSITIVO DR, 4 POLOS, SENSIBILIDADE DE 300 MA, CORRENTE DE 25 A, TIPO AC","UN    ","CR","213,09"]
[39461,"DISPOSITIVO DR, 4 POLOS, SENSIBILIDADE DE 300 MA, CORRENTE DE 40 A, TIPO AC","UN    ","CR","249,69"]
[39462,"DISPOSITIVO DR, 4 POLOS, SENSIBILIDADE DE 300 MA, CORRENTE DE 63 A, TIPO AC","UN    ","CR","240,64"]
[39463,"DISPOSITIVO DR, 4 POLOS, SENSIBILIDADE DE 300 MA, CORRENTE DE 80 A, TIPO AC","UN    ","CR","557,48"]
[26039,"DISTRIBUIDOR DE AGREGADOS AUTOPROPELIDO, CAP 3 M3, A DIESEL, 6 CC, 176 CV","UN    ","AS","219.233,16"]
[2401,"DISTRIBUIDOR DE AGREGADOS REBOCAVEL, CAPACIDADE 1,9 M3, LARGURA DE TRABALHO 3,66 M","UN    ","AS","50.426,05"]
[38870,"DISTRIBUIDOR METALICO, COM ROSCA, 2 SAIDAS, DN 1\" X 1/2\", PARA CONEXAO COM ANEL DESLIZANTE EM TUBO PEX","UN    ","AS","30,51"]
[38869,"DISTRIBUIDOR METALICO, COM ROSCA, 2 SAIDAS, DN 3/4\" X 1/2\", PARA CONEXAO COM ANEL DESLIZANTE EM TUBO PEX","UN    ","AS","26,91"]
[38872,"DISTRIBUIDOR METALICO, COM ROSCA, 3 SAIDAS, DN 1\" X 1/2\", PARA CONEXAO COM ANEL DESLIZANTE EM TUBO PEX","UN    ","AS","41,67"]
[38871,"DISTRIBUIDOR METALICO, COM ROSCA, 3 SAIDAS, DN 3/4\" X 1/2\", PARA CONEXAO COM ANEL DESLIZANTE EM TUBO PEX","UN    ","AS","33,52"]
[39283,"DISTRIBUIDOR, PLASTICO, 2 SAIDAS, DN 32 X 16 MM, PARA CONEXAO COM CRIMPAGEM EM TUBO PEX","UN    ","AS","104,42"]
[39284,"DISTRIBUIDOR, PLASTICO, 2 SAIDAS, DN 32 X 20 MM, PARA CONEXAO COM CRIMPAGEM EM TUBO PEX","UN    ","AS","113,15"]
[39285,"DISTRIBUIDOR, PLASTICO, 2 SAIDAS, DN 32 X 25 MM, PARA CONEXAO COM CRIMPAGEM EM TUBO PEX","UN    ","AS","114,79"]
[39286,"DISTRIBUIDOR, PLASTICO, 3 SAIDAS, DN 32 X 16 MM, PARA CONEXAO COM CRIMPAGEM EM TUBO PEX","UN    ","AS","112,28"]
[39287,"DISTRIBUIDOR, PLASTICO, 3 SAIDAS, DN 32 X 20 MM, PARA CONEXAO COM CRIMPAGEM EM TUBO PEX","UN    ","AS","131,84"]
[39288,"DISTRIBUIDOR, PLASTICO, 3 SAIDAS, DN 32 X 25 MM, PARA CONEXAO COM CRIMPAGEM EM TUBO PEX","UN    ","AS","140,71"]
[2414,"DIVISORIA (N2) PAINEL/VIDRO - PAINEL C/ MSO/COMEIA E=35MM - MONTANTE/RODAPE DUPLO ACO GALV PINTADO - COLOCADA","M2    ","CR","77,87"]
[2413,"DIVISORIA (N2) PAINEL/VIDRO - PAINEL C/ MSO/COMEIA E=35MM - PERFIS SIMPLES ACO GALV PINTADO - COLOCADA","M2    ","CR","74,91"]
[2405,"DIVISORIA (N2) PAINEL/VIDRO - PAINEL MSO/COMEIA E=35MM - MONTANTE/RODAPE DUPLO ALUMINIO ANOD NAT - COLOCADA","M2    ","CR","87,19"]
[13361,"DIVISORIA (N2) PAINEL/VIDRO - PAINEL MSO/COMEIA E=35MM - PERFIS SIMPLES ALUMINIO ANOD NAT - COLOCADA","M2    ","CR","72,94"]
[11987,"DIVISORIA (N2) PAINEL/VIDRO - PAINEL VERMICULITA E=35MM - PERFIS SIMPLES ALUMINIO ANOD NATURAL - COLOCADA","M2    ","CR","195,17"]
[2416,"DIVISORIA (N3) PAINEL/VIDRO/PAINEL MSO/COMEIA E=35MM - MONTANTE/RODAPE DUPLO ACO GALV PINTADO - COLOCADA","M2    ","CR","86,34"]
[2412,"DIVISORIA (N3) PAINEL/VIDRO/PAINEL MSO/COMEIA E=35MM - MONTANTE/RODAPE DUPLO ALUMINIO ANOD NAT - COLOCADA","M2    ","CR","83,39"]
[2411,"DIVISORIA (N3) PAINEL/VIDRO/PAINEL MSO/COMEIA E=35MM - PERFIS SIMPLES ACO GALV PINTADO - COLOCADA","M2    ","CR","72,94"]
[2406,"DIVISORIA (N3) PAINEL/VIDRO/PAINEL MSO/COMEIA E=35MM - PERFIS SIMPLES ALUMINIO ANOD NAT - COLOCADA","M2    ","CR","70,97"]
[10571,"DIVISORIA (N3) PAINEL/VIDRO/PAINEL VERMICULITA E=35MM - MONTANTE/RODAPE DUPLO ALUMINIO ANOD NATURAL - COLOCADA","M2    ","CR","173,48"]
[11985,"DIVISORIA (N3) PAINEL/VIDRO/PAINEL VERMICULITA E=35MM - MONTANTE/RODAPE PERFIL DUPLO ACO GALV PINTADO - COLOCADA","M2    ","CR","167,57"]
[2410,"DIVISORIA CEGA (N1) - PAINEL MSO/COMEIA E=35MM - MONTANTE/RODAPE DUPLO   ACO GALV PINTADO - COLOCADA","M2    ","CR","73,92"]
[2417,"DIVISORIA CEGA (N1) - PAINEL MSO/COMEIA E=35MM - MONTANTE/RODAPE DUPLO ALUMINIO ANOD NAT - COLOCADA","M2    ","CR","78,85"]
[2415,"DIVISORIA CEGA (N1) - PAINEL MSO/COMEIA E=35MM - PERFIS SIMPLES ACO GALV PINTADO   - COLOCADA","M2    ","CR","63,08"]
[13360,"DIVISORIA CEGA (N1) - PAINEL MSO/COMEIA E=35MM - PERFIS SIMPLES ALUMINIO ANOD NAT - COLOCADA","M2    ","CR","63,08"]
[11983,"DIVISORIA CEGA (N1) - PAINEL VERMICULITA E=35MM - MONTANTE/RODAPE PERFIS SIMPLES ACO GALV PINTADO - COLOCADA","M2    ","CR","153,77"]
[11986,"DIVISORIA CEGA (N1) - PAINEL VERMICULITA E=35MM - PERFIS SIMPLES ALUMINIO ANOD NATURAL - COLOCADA","M2    ","CR","187,28"]
[25976,"DIVISORIA EM GRANITO, COM DUAS FACES POLIDAS, TIPO ANDORINHA/ QUARTZ/ CASTELO/ CORUMBA OU OUTROS EQUIVALENTES DA REGIAO, E=  *3,0* CM","M2    ","CR","535,34"]
[10629,"DIVISORIA EM MARMORE, COM DUAS FACES POLIDAS, BRANCO COMUM, E=  *3,0* CM","M2    ","CR","381,07"]
[10698,"DIVISORIA, PLACA  PRE-MOLDADA EM GRANILITE, MARMORITE OU GRANITINA,  E = *3 CM","M2    ","AS","150,17"]
[40521,"DOBRADEIRA ELETROMECANICA DE VERGALHAO, PARA ACO DE DIAMETRO ATE 1 1/2 \"Â\u0094, MOTOR ELETRICO TRIFASICO, POTENCIA DE 3 HP ATE 5 HP","UN    ","CR","84.856,23"]
[2432,"DOBRADICA EM ACO/FERRO, 3 1/2\" X  3\", E= 1,9  A 2 MM, COM ANEL,  CROMADO OU ZINCADO, TAMPA BOLA, COM PARAFUSOS","UN    ","AS","38,59"]
[2418,"DOBRADICA EM ACO/FERRO, 3\" X 2 1/2\", E= 1,2 A 1,8 MM, SEM ANEL,  CROMADO OU ZINCADO, TAMPA BOLA, COM PARAFUSOS","UN    ","AS","17,90"]
[2433,"DOBRADICA EM ACO/FERRO, 3\" X 2 1/2\", E= 1,2 A 1,8 MM, SEM ANEL,  CROMADO OU ZINCADO, TAMPA CHATA, COM PARAFUSOS","UN    ","AS","13,07"]
[2420,"DOBRADICA EM ACO/FERRO, 3\" X 2 1/2\", E= 1,9 A 2 MM, SEM ANEL,  CROMADO OU ZINCADO, TAMPA BOLA, COM PARAFUSOS","UN    ","AS","22,45"]
[2421,"DOBRADICA EM ACO/FERRO, 4\" X 3\", E= 2,2 A 3,0 MM, COM ANEL, CROMADO OU ZINCADO,TAMPA BOLA, COM PARAFUSOS","UN    ","AS","48,98"]
[11447,"DOBRADICA EM LATAO, 3 \" X 2 1/2 \", E= 1,9 A 2 MM, COM ANEL, CROMADO, TAMPA BOLA, COM PARAFUSOS","UN    ","AS","44,37"]
[2429,"DOBRADICA EM LATAO, 4\" X 3\", E= 2,2 A 3,0 MM, COM ANEL,  TAMPA BOLA, COM PARAFUSOS","UN    ","AS","112,29"]
[11449,"DOBRADICA TIPO PIANO EM ACO/FERRO, 1'' X 3 M, GALVANIZADO, COM PARAFUSOS","UN    ","AS","120,97"]
[11451,"DOBRADICA TIPO VAI-E-VEM EM ACO/FERRO, TAMANHO 3'', GALVANIZADO, COM PARAFUSOS","UN    ","AS","118,94"]
[11116,"DOMOS INDIVIDUAL EM ACRILICO BRANCO *95 X 95* CM, SEM INSTALACAO","UN    ","AS","422,73"]
[38411,"DOSADOR DE AREIA, CAPACIDADE DE *26* LITROS","UN    ","CR","1.189,23"]
[1370,"DUCHA HIGIENICA PLASTICA COM REGISTRO METALICO 1/2 \"","UN    ","CR","79,65"]
[38189,"DUCHA METALICA DE PAREDE, ARTICULAVEL, COM BRACO/CANO, SEM DESVIADOR","UN    ","CR","188,88"]
[38190,"DUCHA METALICA DE PAREDE, ARTICULAVEL, COM DESVIADOR E DUCHA MANUAL","UN    ","CR","424,75"]
[36516,"DUMPER COM CAPACIDADE DE CARGA DE 1700 KG, PARTIDA ELETRICA, MOTOR DIESEL COM POTENCIA DE 16 CV","UN    ","AS","63.364,47"]
[34777,"ELEMENTO VAZADO CERAMICO 25 X 18 X 7 CM","UN    ","CR","1,32"]
[7273,"ELEMENTO VAZADO CERAMICO 7 X 20 X 20 CM","UN    ","CR","2,18"]
[7272,"ELEMENTO VAZADO CERAMICO 9 X 20 X 20 CM","UN    ","CR","3,04"]
[10605,"ELEMENTO VAZADO DE CONCRETO, QUADRICULADO, 1 FURO *10 X 10 X 10* CM","UN    ","CR","1,70"]
[10604,"ELEMENTO VAZADO DE CONCRETO, QUADRICULADO, 1 FURO *20 X 10 X 7* CM","UN    ","CR","3,39"]
[672,"ELEMENTO VAZADO DE CONCRETO, QUADRICULADO, 1 FURO *20 X 20 X 6,5* CM","UN    ","CR","3,42"]
[668,"ELEMENTO VAZADO DE CONCRETO, QUADRICULADO, 16 FUROS *29 X 29 X 6* CM","UN    ","CR","5,39"]
[10578,"ELEMENTO VAZADO DE CONCRETO, QUADRICULADO, 16 FUROS *33 X 33 X 10* CM","UN    ","CR","9,39"]
[666,"ELEMENTO VAZADO DE CONCRETO, QUADRICULADO, 16 FUROS *40 X 40 X 7* CM","UN    ","CR","9,33"]
[665,"ELEMENTO VAZADO DE CONCRETO, QUADRICULADO, 16 FUROS *50 X 50 X 7* CM","UN    ","CR","17,48"]
[10577,"ELEMENTO VAZADO DE CONCRETO, QUADRICULADO, 25 FUROS *50 X 50 X 5* CM","UN    ","CR","13,68"]
[10583,"ELEMENTO VAZADO DE CONCRETO, VENEZIANA *39 X 22 X 15* CM","UN    ","CR","7,67"]
[10579,"ELEMENTO VAZADO DE CONCRETO, VENEZIANA *39 X 29 X 10* CM","UN    ","CR","12,51"]
[10582,"ELEMENTO VAZADO DE CONCRETO, VENEZIANA *40 X 10 X 10* CM","UN    ","CR","4,38"]
[2436,"ELETRICISTA","H     ","C ","14,52"]
[40918,"ELETRICISTA (MENSALISTA)","MES   ","CR","2.535,46"]
[2439,"ELETRICISTA DE MANUTENCAO INDUSTRIAL","H     ","CR","14,52"]
[40923,"ELETRICISTA DE MANUTENCAO INDUSTRIAL (MENSALISTA)","MES   ","CR","2.535,46"]
[10998,"ELETRODO REVESTIDO AWS - E-6010, DIAMETRO IGUAL A 4,00 MM","KG    ","CR","27,91"]
[11002,"ELETRODO REVESTIDO AWS - E6013, DIAMETRO IGUAL A 2,50 MM","KG    ","CR","25,57"]
[10999,"ELETRODO REVESTIDO AWS - E6013, DIAMETRO IGUAL A 4,00 MM","KG    ","CR","24,57"]
[10997,"ELETRODO REVESTIDO AWS - E7018, DIAMETRO IGUAL A 4,00 MM","KG    ","C ","26,63"]
[2685,"ELETRODUTO DE PVC RIGIDO ROSCAVEL DE 1 \", SEM LUVA","M     ","CR","4,53"]
[2680,"ELETRODUTO DE PVC RIGIDO ROSCAVEL DE 1 1/2 \", SEM LUVA","M     ","CR","6,63"]
[2684,"ELETRODUTO DE PVC RIGIDO ROSCAVEL DE 1 1/4 \", SEM LUVA","M     ","CR","6,03"]
[2673,"ELETRODUTO DE PVC RIGIDO ROSCAVEL DE 1/2 \", SEM LUVA","M     ","C ","2,33"]
[2681,"ELETRODUTO DE PVC RIGIDO ROSCAVEL DE 2 \", SEM LUVA","M     ","CR","10,84"]
[2682,"ELETRODUTO DE PVC RIGIDO ROSCAVEL DE 2 1/2 \", SEM LUVA","M     ","CR","15,82"]
[2686,"ELETRODUTO DE PVC RIGIDO ROSCAVEL DE 3 \", SEM LUVA","M     ","CR","19,83"]
[2674,"ELETRODUTO DE PVC RIGIDO ROSCAVEL DE 3/4 \", SEM LUVA","M     ","CR","2,90"]
[2683,"ELETRODUTO DE PVC RIGIDO ROSCAVEL DE 4 \", SEM LUVA","M     ","CR","31,25"]
[2676,"ELETRODUTO DE PVC RIGIDO SOLDAVEL, CLASSE B, DE 20 MM","M     ","CR","1,35"]
[2678,"ELETRODUTO DE PVC RIGIDO SOLDAVEL, CLASSE B, DE 25 MM","M     ","CR","1,69"]
[2679,"ELETRODUTO DE PVC RIGIDO SOLDAVEL, CLASSE B, DE 32 MM","M     ","CR","2,61"]
[12070,"ELETRODUTO DE PVC RIGIDO SOLDAVEL, CLASSE B, DE 40 MM","M     ","CR","3,64"]
[2675,"ELETRODUTO DE PVC RIGIDO SOLDAVEL, CLASSE B, DE 50 MM","M     ","CR","4,73"]
[12067,"ELETRODUTO DE PVC RIGIDO SOLDAVEL, CLASSE B, DE 60 MM","M     ","CR","6,42"]
[21129,"ELETRODUTO EM ACO GALVANIZADO ELETROLITICO, LEVE, DIAMETRO 1/2\", PAREDE DE 0,90 MM","M     ","AS","9,31"]
[21136,"ELETRODUTO EM ACO GALVANIZADO ELETROLITICO, LEVE, DIAMETRO 1\", PAREDE DE 0,90 MM","M     ","AS","14,29"]
[21128,"ELETRODUTO EM ACO GALVANIZADO ELETROLITICO, LEVE, DIAMETRO 3/4\", PAREDE DE 0,90 MM","M     ","AS","11,06"]
[21132,"ELETRODUTO EM ACO GALVANIZADO ELETROLITICO, PESADO, DIAMETRO 4\", PAREDE DE 2,25 MM","M     ","AS","120,12"]
[21130,"ELETRODUTO EM ACO GALVANIZADO ELETROLITICO, SEMI-PESADO, DIAMETRO 1 1/2\", PAREDE DE 1,20 MM","M     ","AS","27,93"]
[21135,"ELETRODUTO EM ACO GALVANIZADO ELETROLITICO, SEMI-PESADO, DIAMETRO 1 1/4\", PAREDE DE 1,20 MM","M     ","AS","27,50"]
[21131,"ELETRODUTO EM ACO GALVANIZADO ELETROLITICO, SEMI-PESADO, DIAMETRO 2 1/2\", PAREDE DE 1,52 MM","M     ","AS","68,38"]
[21134,"ELETRODUTO EM ACO GALVANIZADO ELETROLITICO, SEMI-PESADO, DIAMETRO 2\", PAREDE DE 1,20 MM","M     ","AS","40,15"]
[21133,"ELETRODUTO EM ACO GALVANIZADO ELETROLITICO, SEMI-PESADO, DIAMETRO 3\", PAREDE DE 1,52 MM","M     ","AS","80,26"]
[40401,"ELETRODUTO FLEXIVEL PLANO EM PEAD, COR PRETA E LARANJA,  DIAMETRO 32 MM","M     ","AS","1,54"]
[40402,"ELETRODUTO FLEXIVEL PLANO EM PEAD, COR PRETA E LARANJA,  DIAMETRO 40 MM","M     ","AS","1,97"]
[40400,"ELETRODUTO FLEXIVEL PLANO EM PEAD, COR PRETA E LARANJA, DIAMETRO 25 MM","M     ","AS","1,04"]
[2504,"ELETRODUTO FLEXIVEL, EM ACO GALVANIZADO, REVESTIDO EXTERNAMENTE COM PVC PRETO, DIAMETRO EXTERNO DE 25 MM (3/4\"), TIPO SEALTUBO","M     ","AS","12,27"]
[2501,"ELETRODUTO FLEXIVEL, EM ACO GALVANIZADO, REVESTIDO EXTERNAMENTE COM PVC PRETO, DIAMETRO EXTERNO DE 32 MM (1\"), TIPO SEALTUBO","M     ","AS","16,09"]
[2502,"ELETRODUTO FLEXIVEL, EM ACO GALVANIZADO, REVESTIDO EXTERNAMENTE COM PVC PRETO, DIAMETRO EXTERNO DE 40 MM (1 1/4\"), TIPO SEALTUBO","M     ","AS","24,28"]
[2503,"ELETRODUTO FLEXIVEL, EM ACO GALVANIZADO, REVESTIDO EXTERNAMENTE COM PVC PRETO, DIAMETRO EXTERNO DE 50 MM( 1 1/2\"), TIPO SEALTUBO","M     ","AS","31,25"]
[2500,"ELETRODUTO FLEXIVEL, EM ACO GALVANIZADO, REVESTIDO EXTERNAMENTE COM PVC PRETO, DIAMETRO EXTERNO DE 60 MM (2\"), TIPO SEALTUBO","M     ","AS","41,63"]
[2505,"ELETRODUTO FLEXIVEL, EM ACO GALVANIZADO, REVESTIDO EXTERNAMENTE COM PVC PRETO, DIAMETRO EXTERNO DE 75 MM (2 1/2\"), TIPO SEALTUBO","M     ","AS","64,87"]
[12056,"ELETRODUTO FLEXIVEL, EM ACO, TIPO CONDUITE, DIAMETRO DE 1 1/2\"","M     ","AS","26,21"]
[12057,"ELETRODUTO FLEXIVEL, EM ACO, TIPO CONDUITE, DIAMETRO DE 1 1/4\"","M     ","AS","22,26"]
[12059,"ELETRODUTO FLEXIVEL, EM ACO, TIPO CONDUITE, DIAMETRO DE 1/2\"","M     ","AS","7,81"]
[12058,"ELETRODUTO FLEXIVEL, EM ACO, TIPO CONDUITE, DIAMETRO DE 1\"","M     ","AS","13,88"]
[12060,"ELETRODUTO FLEXIVEL, EM ACO, TIPO CONDUITE, DIAMETRO DE 2 1/2\"","M     ","AS","57,85"]
[12061,"ELETRODUTO FLEXIVEL, EM ACO, TIPO CONDUITE, DIAMETRO DE 2\"","M     ","AS","35,32"]
[12062,"ELETRODUTO FLEXIVEL, EM ACO, TIPO CONDUITE, DIAMETRO DE 3\"","M     ","AS","65,14"]
[21137,"ELETRODUTO METALICO FLEXIVEL REVESTIDO COM PVC PRETO, DIAMETRO EXTERNO DE 15 MM (3/8\"), TIPO COPEX","M     ","AS","11,32"]
[2687,"ELETRODUTO PVC FLEXIVEL CORRUGADO, COR AMARELA, DE 16 MM","M     ","CR","1,18"]
[2689,"ELETRODUTO PVC FLEXIVEL CORRUGADO, COR AMARELA, DE 20 MM","M     ","CR","1,40"]
[2688,"ELETRODUTO PVC FLEXIVEL CORRUGADO, COR AMARELA, DE 25 MM","M     ","CR","1,52"]
[2690,"ELETRODUTO PVC FLEXIVEL CORRUGADO, COR AMARELA, DE 32 MM","M     ","CR","2,61"]
[39243,"ELETRODUTO PVC FLEXIVEL CORRUGADO, REFORCADO, COR LARANJA, DE 20 MM, PARA LAJES E PISOS","M     ","CR","1,72"]
[39244,"ELETRODUTO PVC FLEXIVEL CORRUGADO, REFORCADO, COR LARANJA, DE 25 MM, PARA LAJES E PISOS","M     ","CR","2,32"]
[39245,"ELETRODUTO PVC FLEXIVEL CORRUGADO, REFORCADO, COR LARANJA, DE 32 MM, PARA LAJES E PISOS","M     ","CR","4,47"]
[39254,"ELETRODUTO/CONDULETE DE PVC RIGIDO, LISO, COR CINZA, DE 1/2\", PARA INSTALACOES APARENTES (NBR 5410)","M     ","CR","6,69"]
[39255,"ELETRODUTO/CONDULETE DE PVC RIGIDO, LISO, COR CINZA, DE 1\", PARA INSTALACOES APARENTES (NBR 5410)","M     ","CR","12,38"]
[39253,"ELETRODUTO/CONDULETE DE PVC RIGIDO, LISO, COR CINZA, DE 3/4\", PARA INSTALACOES APARENTES (NBR 5410)","M     ","CR","8,53"]
[2446,"ELETRODUTO/DUTO PEAD FLEXIVEL PAREDE SIMPLES, CORRUGACAO HELICOIDAL, COR PRETA, SEM ROSCA, DE 2\",  PARA CABEAMENTO SUBTERRANEO (NBR 15715)","M     ","AS","3,84"]
[2442,"ELETRODUTO/DUTO PEAD FLEXIVEL PAREDE SIMPLES, CORRUGACAO HELICOIDAL, COR PRETA, SEM ROSCA, DE 3\",  PARA CABEAMENTO SUBTERRANEO (NBR 15715)","M     ","AS","5,38"]
[39246,"ELETRODUTODUTO PEAD FLEXIVEL PAREDE SIMPLES, CORRUGACAO HELICOIDAL, COR PRETA, SEM ROSCA, DE 1 1/2\",  PARA CABEAMENTO SUBTERRANEO (NBR 15715)","M     ","AS","2,67"]
[39247,"ELETRODUTODUTO PEAD FLEXIVEL PAREDE SIMPLES, CORRUGACAO HELICOIDAL, COR PRETA, SEM ROSCA, DE 1 1/4\",  PARA CABEAMENTO SUBTERRANEO (NBR 15715)","M     ","AS","2,33"]
[39248,"ELETRODUTODUTO PEAD FLEXIVEL PAREDE SIMPLES, CORRUGACAO HELICOIDAL, COR PRETA, SEM ROSCA, DE 4\",  PARA CABEAMENTO SUBTERRANEO (NBR 15715)","M     ","AS","7,49"]
[2438,"ELETROTECNICO","H     ","CR","16,07"]
[40922,"ELETROTECNICO (MENSALISTA)","MES   ","CR","2.806,81"]
[36486,"ELEVADOR DE CARGA A CABO, CABINE SEMI FECHADA 2,0 X 1,5 X 2,0 M, CAPACIDADE DE CARGA 1000 KG, TORRE  2,38 X 2,21 X 15 M, GUINCHO DE EMBREAGEM, FREIO DE SEGURANCA, LIMITADOR DE VELOCIDADE E CANCELA","UN    ","AS","33.148,75"]
[37777,"ELEVADOR DE CREMALHEIRA CABINE FECHADA 1,5 X 2,5 X 2,35 M (UMA POR TORRE), CAPACIDADE DE CARGA 1200 KG (15 PESSOAS), TORRE  24 M (16 MODULOS), FREIO DE SEGURANCA, LIMITADOR DE CARGA","UN    ","AS","156.063,70"]
[12624,"EMENDA PARA CALHA PLUVIAL, PVC, DIAMETRO ENTRE 119 E 170 MM, PARA DRENAGEM PREDIAL","UN    ","AS","9,34"]
[10638,"EMPILHADEIRA SOBRE PNEUS COM TORRE DE TRES ESTAGIOS, 4,70M DE ELEVACAO, C/ DESLOCADOR LATERAL DOS GARFOS, MOTOR GLP 4.3L, CAPACIDADE NOMINAL DE CARGA DE 6T","UN    ","AS","319.274,99"]
[10635,"EMPILHADEIRA SOBRE PNEUS COM TORRE DE TRES ESTAGIOS, 4,80M DE ELEVACAO, C/ DESLOCADOR LATERAL DOS GARFOS, MOTOR GLP 2.2L, CAPACIDADE NOMINAL DE CARGA DE 3T","UN    ","AS","110.357,67"]
[10634,"EMPILHADEIRA SOBRE PNEUS COM TORRE DE TRES ESTAGIOS, 4,80M DE ELEVACAO, C/ DESLOCADOR LATERAL DOS GARFOS, MOTOR GLP 2.4L, CAPACIDADE NOMINAL DE CARGA DE 2,5T","UN    ","AS","94.500,00"]
[10636,"EMPILHADEIRA SOBRE PNEUS COM TORRE DE TRES ESTAGIOS, 4,80M DE ELEVACAO, C/ DESLOCADOR LATERAL DOS GARFOS, MOTOR GLP 4.3L, CAPACIDADE NOMINAL DE CARGA DE 4T","UN    ","AS","208.112,14"]
[10637,"EMPILHADEIRA SOBRE PNEUS COM TORRE DE TRES ESTAGIOS, 4,80M DE ELEVACAO, C/ DESLOCADOR LATERAL DOS GARFOS, MOTOR GLP 4.3L, CAPACIDADE NOMINAL DE CARGA DE 5T","UN    ","AS","217.687,49"]
[517,"EMULSAO ASFALTICA ANIONICA","L     ","CR","7,84"]
[41904,"EMULSAO ASFALTICA CATIONICA RL-1C PARA USO EM PAVIMENTACAO ASFALTICA (COLETADO CAIXA NA ANP ACRESCIDO DE ICMS)","T     ","AS","1.640,48"]
[41902,"EMULSAO ASFALTICA CATIONICA RM-1C PARA USO EM PAVIMENTACAO ASFALTICA (COLETADO CAIXA NA ANP ACRESCIDO DE ICMS)","KG    ","AS","1,55"]
[41905,"EMULSAO ASFALTICA CATIONICA RR-1C PARA USO EM PAVIMENTACAO ASFALTICA (COLETADO CAIXA NA ANP ACRESCIDO DE ICMS)","KG    ","AS","1,44"]
[41903,"EMULSAO ASFALTICA CATIONICA RR-2C PARA USO EM PAVIMENTACAO ASFALTICA (COLETADO CAIXA NA ANP ACRESCIDO DE ICMS)","KG    ","AS","1,79"]
[37534,"EMULSAO EXPLOSIVA EM CARTUCHOS DE 1\" X 12\", DENSIDADE 1.15 G/CM3, INICIACAO ESPOLETA N. 8 / CORDEL","KG    ","AS","12,25"]
[37535,"EMULSAO EXPLOSIVA EM CARTUCHOS DE 1\" X 24\", DENSIDADE 1.15 G/CM3, INICIACAO ESPOLETA N. 8 / CORDEL","KG    ","AS","12,25"]
[37533,"EMULSAO EXPLOSIVA EM CARTUCHOS DE 1\" X 8\", DENSIDADE 1.15 G/CM3, INICIACAO ESPOLETA N. 8 / CORDEL","KG    ","AS","12,25"]
[37537,"EMULSAO EXPLOSIVA EM CARTUCHOS DE 2 1/2\" X 24\", DENSIDADE 1.15 G/CM3, INICIACAO ESPOLETA N. 8 / CORDEL","KG    ","AS","9,27"]
[37536,"EMULSAO EXPLOSIVA EM CARTUCHOS DE 2 1/4\" X 24\", DENSIDADE 1.15 G/CM3, INICIACAO ESPOLETA N. 8 / CORDEL","KG    ","AS","9,27"]
[37532,"EMULSAO EXPLOSIVA EM CARTUCHOS DE 2\" X 24\", DENSIDADE 1.15 G/CM3, INICIACAO ESPOLETA N. 8 / CORDEL","KG    ","AS","9,27"]
[2696,"ENCANADOR OU BOMBEIRO HIDRAULICO","H     ","C ","14,52"]
[40928,"ENCANADOR OU BOMBEIRO HIDRAULICO (MENSALISTA)","MES   ","CR","2.535,46"]
[4083,"ENCARREGADO GERAL DE OBRAS","H     ","C ","33,74"]
[40818,"ENCARREGADO GERAL DE OBRAS (MENSALISTA)","MES   ","CR","5.889,56"]
[2705,"ENERGIA ELETRICA ATE 2000 KWH INDUSTRIAL, SEM DEMANDA","KW/H  ","AS","0,47"]
[14250,"ENERGIA ELETRICA COMERCIAL, BAIXA TENSAO, RELATIVA AO CONSUMO DE ATE 100 KWH, INCLUINDO ICMS, PIS/PASEP E COFINS","KW/H  ","AS","0,48"]
[11683,"ENGATE / RABICHO FLEXIVEL INOX 1/2 \" X 30 CM","UN    ","CR","24,80"]
[11684,"ENGATE / RABICHO FLEXIVEL INOX 1/2 \" X 40 CM","UN    ","CR","27,14"]
[6141,"ENGATE/RABICHO FLEXIVEL PLASTICO (PVC OU ABS) BRANCO 1/2 \" X 30 CM","UN    ","CR","2,87"]
[11681,"ENGATE/RABICHO FLEXIVEL PLASTICO (PVC OU ABS) BRANCO 1/2 \" X 40 CM","UN    ","CR","5,03"]
[2706,"ENGENHEIRO CIVIL DE OBRA JUNIOR","H     ","C ","80,05"]
[40811,"ENGENHEIRO CIVIL DE OBRA JUNIOR (MENSALISTA)","MES   ","CR","13.969,71"]
[2707,"ENGENHEIRO CIVIL DE OBRA PLENO","H     ","CR","91,10"]
[40813,"ENGENHEIRO CIVIL DE OBRA PLENO (MENSALISTA)","MES   ","CR","15.900,41"]
[2708,"ENGENHEIRO CIVIL DE OBRA SENIOR","H     ","CR","124,55"]
[40814,"ENGENHEIRO CIVIL DE OBRA SENIOR (MENSALISTA)","MES   ","CR","21.735,42"]
[34779,"ENGENHEIRO CIVIL JUNIOR","H     ","CR","81,20"]
[40936,"ENGENHEIRO CIVIL JUNIOR (MENSALISTA)","MES   ","CR","14.173,51"]
[34780,"ENGENHEIRO CIVIL PLENO","H     ","CR","91,62"]
[40937,"ENGENHEIRO CIVIL PLENO (MENSALISTA)","MES   ","CR","15.990,51"]
[34782,"ENGENHEIRO CIVIL SENIOR","H     ","CR","125,57"]
[40938,"ENGENHEIRO CIVIL SENIOR (MENSALISTA)","MES   ","CR","21.913,48"]
[34783,"ENGENHEIRO ELETRICISTA","H     ","CR","76,79"]
[40939,"ENGENHEIRO ELETRICISTA (MENSALISTA)","MES   ","CR","13.404,62"]
[34785,"ENGENHEIRO SANITARISTA","H     ","CR","86,48"]
[40940,"ENGENHEIRO SANITARISTA (MENSALISTA)","MES   ","CR","15.094,48"]
[38403,"ENXADA ESTREITA *25 X 23* CM COM CABO","UN    ","CR","27,22"]
[37774,"EQUIPAMENTO DE LIMPEZA COMBINADO (VACUO/ALTA PRESSAO) 95% VACUO, TANQUE 7000 L, BOMBA 140 KGF/CM2 66 L/MIN COM MOTOR INDEPENDENTE A DIESEL DE 60 CV (INCLUI MONTAGEM, NAO INCLUI CAMINHAO)","UN    ","AS","134.097,39"]
[38630,"EQUIPAMENTO PARA DEMARCACAO DE FAIXAS DE TRAFEGO A FRIO, A SER MONTADO SOBRE CAMINHAO DE PBT MINIMO DE 9 T E DISTANCIA MINIMA ENTRE EIXOS DE 4,3 M, CAPACIDADE PARA 800 L DE TINTA (INCLUI MONTAGEM, NAO INCLUI CAMINHAO)","UN    ","AS","869.921,87"]
[38629,"EQUIPAMENTO PARA DEMARCACAO DE FAIXAS DE TRAFEGO A QUENTE, A SER MONTADO SOBRE CAMINHAO DE PBT MINIMO DE 17 T E DISTANCIA MINIMA ENTRE EIXOS DE 5,2 M, CAPACIDADE PARA 1.000 KG DE MATERIAL TERMOPLASTICO (INCLUI MONTAGEM, NAO INCLUI CAMINHAO E NEM COMPRESSOR DE AR)","UN    ","AS","1.294.921,87"]
[38476,"ESCADA DUPLA DE ABRIR EM ALUMINIO, MODELO PINTOR, 8 DEGRAUS","UN    ","CR","204,61"]
[38477,"ESCADA EXTENSIVEL EM ALUMINIO COM 6,00 M ESTENDIDA","UN    ","CR","579,47"]
[40635,"ESCAVADEIRA HIDRAULICA SOBRE ESTEIRA, COM GARRA GIRATORIA DE MANDIBULAS, PESO OPERACIONAL ENTRE 22,00 E 25,50 TON, POTENCIA LIQUIDA ENTRE 150 E 160 HP","UN    ","AS","481.874,65"]
[36483,"ESCAVADEIRA HIDRAULICA SOBRE ESTEIRAS CACAMBA 0,40 A 1,20 M3, PESO OPERACIONAL 21,19 T, POTENCIA LIQUIDA 173 HP","UN    ","AS","436.655,62"]
[14525,"ESCAVADEIRA HIDRAULICA SOBRE ESTEIRAS COM CACAMBA DE 1,20 M3, PESO OPERACIONAL 21 T, POTENCIA BRUTA 155 HP","UN    ","AS","457.204,12"]
[36482,"ESCAVADEIRA HIDRAULICA SOBRE ESTEIRAS, CACAMBA  0,80 M3, PESO OPERACIONAL 17,8 T, POTENCIA LIQUIDA 110 HP","UN    ","AS","392.116,21"]
[36408,"ESCAVADEIRA HIDRAULICA SOBRE ESTEIRAS, CACAMBA 0,4 A 1,70 M3, PESO OPERACIONAL 23,2 T, POTENCIA BRUTA 183 HP","UN    ","AS","468.505,80"]
[2723,"ESCAVADEIRA HIDRAULICA SOBRE ESTEIRAS, CACAMBA 0,62M3, PESO OPERACIONAL 12,61T, POTENCIA LIQUIDA 95HP","UN    ","AS","359.598,75"]
[36481,"ESCAVADEIRA HIDRAULICA SOBRE ESTEIRAS, CACAMBA 0,80 A 1,30 M3, PESO OPERACIONAL 22,18 T, POTENCIA LIQUIDA 170 HP","UN    ","AS","428.949,93"]
[10685,"ESCAVADEIRA HIDRAULICA SOBRE ESTEIRAS, CACAMBA 0,80M3, PESO OPERACIONAL 17T, POTENCIA BRUTA 111HP","UN    ","AS","410.970,00"]
[40636,"ESCAVADEIRA HIDRAULICA SOBRE ESTEIRAS, CAPACIDADE DA CACAMBA ENTRE 1,20 E 1,50 M3, PESO OPERACIONAL ENTRE 20,00 E 22,00 TON, POTENCIA LIQUIDA ENTRE 150 E 155 HP, EQUIPADA COM CLAMSHELL","UN    ","AS","463.894,71"]
[4111,"ESCORA PRE-MOLDADA EM CONCRETO, *10 X 10* CM, H = 2,30M","UN    ","CR","25,50"]
[26021,"ESCOVA CIRCULAR EM ACO LATONADO, 6 X 1 \" (DIAMETRO X ESPESSURA), FURO DE 1 1/4 \", FIO ONDULADO *0,30* MM","UN    ","CR","50,65"]
[12,"ESCOVA DE ACO, COM CABO, *4  X 15* FILEIRAS DE CERDAS","UN    ","C ","8,50"]
[37554,"ESGUICHO JATO REGULAVEL, TIPO ELKHART, ENGATE RAPIDO 1 1/2\", PARA COMBATE A INCENDIO","UN    ","CR","186,66"]
[37555,"ESGUICHO JATO REGULAVEL, TIPO ELKHART, ENGATE RAPIDO 2 1/2\", PARA COMBATE A INCENDIO","UN    ","CR","227,07"]
[10902,"ESGUICHO TIPO JATO SOLIDO, EM LATAO, ENGATE RAPIDO 1 1/2\" X 13 MM, PARA MANGUEIRA EM INSTALACAO PREDIAL COMBATE A INCENDIO","UN    ","CR","56,97"]
[20965,"ESGUICHO TIPO JATO SOLIDO, EM LATAO, ENGATE RAPIDO 1 1/2\" X 16 MM, PARA MANGUEIRA EM INSTALACAO PREDIAL COMBATE A INCENDIO","UN    ","CR","57,50"]
[20966,"ESGUICHO TIPO JATO SOLIDO, EM LATAO, ENGATE RAPIDO 1 1/2\" X 19 MM, PARA MANGUEIRA EM INSTALACAO PREDIAL COMBATE A INCENDIO","UN    ","CR","61,92"]
[10903,"ESGUICHO TIPO JATO SOLIDO, EM LATAO, ENGATE RAPIDO 2 1/2\" X 13 MM, PARA MANGUEIRA EM INSTALACAO PREDIAL COMBATE A INCENDIO","UN    ","CR","93,85"]
[20967,"ESGUICHO TIPO JATO SOLIDO, EM LATAO, ENGATE RAPIDO 2 1/2\" X 16 MM, PARA MANGUEIRA EM INSTALACAO PREDIAL COMBATE A INCENDIO","UN    ","CR","93,85"]
[20968,"ESGUICHO TIPO JATO SOLIDO, EM LATAO, ENGATE RAPIDO 2 1/2\" X 19 MM, PARA MANGUEIRA EM INSTALACAO PREDIAL COMBATE A INCENDIO","UN    ","CR","102,93"]
[11359,"ESMERILHADEIRA ANGULAR ELETRICA, DIAMETRO DO DISCO 7 '' (180 MM), ROTACAO 8500 RPM, POTENCIA 2400 W","UN    ","C ","703,00"]
[39017,"ESPACADOR / DISTANCIADOR CIRCULAR COM ENTRADA LATERAL, EM PLASTICO, PARA VERGALHAO *4,2 A 12,5* MM, COBRIMENTO 20 MM","UN    ","CR","0,17"]
[39315,"ESPACADOR / DISTANCIADOR TIPO GARRA DUPLA, EM PLASTICO, COBRIMENTO *20* MM, PARA FERRAGENS DE LAJES E FUNDO DE VIGAS","UN    ","CR","0,28"]
[39016,"ESPACADOR / DISTANCIADOR TIPO PINO EM PLASTICO, PARA VERGALHAO ATE 10 MM, PARA APOIO DE ARMADURA","UN    ","CR","0,28"]
[40432,"ESPACADOR / SEPARADOR DE BARRA , METALICO, TIPO CARAMBOLA, PARA TIRANTES, 25 X 84 MM","UN    ","CR","2,17"]
[39481,"ESPACADOR OU DISTANCIADOR, EM PLASTICO, TIPO APOIO DE CORDOALHA (CARANGUEJO), PARA ARMADURA NEGATIVA E PROTENSAO, COBRIMENTO 50 MM","UN    ","CR","1,36"]
[40433,"ESPACADOR/SEPARADOR DE CORDOALHA TIPO DISCO 12 FUROS DE 14 MM, PARA TIRANTES","UN    ","CR","1,20"]
[20219,"ESPARGIDOR DE ASFALTO PRESSURIZADO, REBOCAVEL, TANQUE DE 2500 L, PNEUMATICO,  COM MOTOR A GASOLINA 3,4HP","UN    ","AS","65.000,00"]
[36484,"ESPARGIDOR DE ASFALTO PRESSURIZADO, TANQUE 6 M3 COM ISOLACAO TERMICA, AQUECIDO COM 2 MACARICOS, COM BARRA ESPARGIDORA 3,60 M, A SER MONTADO SOBRE CAMINHAO","UN    ","AS","137.983,16"]
[38367,"ESPATULA DE ACO INOX COM CABO DE MADEIRA, LARGURA 8 CM","UN    ","CR","10,99"]
[38368,"ESPATULA DE PLASTICO LISA, LARGURA 10 CM","UN    ","CR","6,97"]
[38091,"ESPELHO / PLACA CEGA 4\" X 2\", PARA INSTALACAO DE TOMADAS E INTERRUPTORES","UN    ","CR","2,74"]
[38095,"ESPELHO / PLACA CEGA 4\" X 4\", PARA INSTALACAO DE TOMADAS E INTERRUPTORES","UN    ","CR","5,81"]
[38092,"ESPELHO / PLACA DE 1 POSTO 4\" X 2\", PARA INSTALACAO DE TOMADAS E INTERRUPTORES","UN    ","CR","2,60"]
[38093,"ESPELHO / PLACA DE 2 POSTOS 4\" X 2\", PARA INSTALACAO DE TOMADAS E INTERRUPTORES","UN    ","CR","2,69"]
[38096,"ESPELHO / PLACA DE 2 POSTOS 4\" X 4\", PARA INSTALACAO DE TOMADAS E INTERRUPTORES","UN    ","CR","6,24"]
[38094,"ESPELHO / PLACA DE 3 POSTOS 4\" X 2\", PARA INSTALACAO DE TOMADAS E INTERRUPTORES","UN    ","CR","3,29"]
[38097,"ESPELHO / PLACA DE 4 POSTOS 4\" X 4\", PARA INSTALACAO DE TOMADAS E INTERRUPTORES","UN    ","CR","6,69"]
[38098,"ESPELHO / PLACA DE 6 POSTOS 4\" X 4\", PARA INSTALACAO DE TOMADAS E INTERRUPTORES","UN    ","CR","6,69"]
[11186,"ESPELHO CRISTAL E = 4 MM","M2    ","CR","221,68"]
[11558,"ESPELHO, RETO OU CURVO, EM LATAO CROMADO, ESPESSURA ATE 6 MM, LARGURA *40*MM, ALTURA *180*MM - PARA FECHADURA DE EMBUTIR","PAR   ","CR","9,24"]
[11557,"ESPELHO, RETO OU CURVO, EM LATAO CROMADO, ESPESSURA MINIMA 6 MM, LARGURA *43*MM, ALTURA *230*MM - PARA FECHADURA DE EMBUTIR","PAR   ","CR","23,41"]
[2759,"ESPOLETA SIMPLES N 8.","UN    ","AS","4,43"]
[38124,"ESPUMA EXPANSIVA DE POLIURETANO, APLICACAO MANUAL - 500 ML","UN    ","C ","24,90"]
[38380,"ESQUADRO DE ACO 12 \" (300 MM), CABO DE ALUMINIO","UN    ","CR","17,46"]
[20059,"ESQUADRO INTERNO OU EXTERNO PARA CALHA PLUVIAL, PVC, DIAMETRO ENTRE 119 E 170 MM, PARA DRENAGEM PREDIAL","UN    ","AS","13,24"]
[42458,"ESQUI TRIPLO, EM TUBO DE ACO CARBONO, PINTURA NO PROCESSO ELETROSTATICO - EQUIPAMENTO DE GINASTICA PARA ACADEMIA AO AR LIVRE / ACADEMIA DA TERCEIRA IDADE - ATI * COLETADO CAIXA *","UN    ","AS","5.016,01"]
[38538,"ESTACA PRE-MOLDADA MACICA DE CONCRETO VIBRADO ARMADO, PARA CARGA DE 25 T, SECAO QUADRADA DE *16 X 16*, COM ANEL METALICO INCORPORADO A PECA (SOMENTE FORNECIMENTO)","M     ","AS","32,00"]
[38539,"ESTACA PRE-MOLDADA MACICA DE CONCRETO VIBRADO ARMADO, PARA CARGA DE 50 T, SECAO QUADRADA, COM ANEL METALICO INCORPORADO A PECA (SOMENTE FORNECIMENTO)","M     ","AS","43,51"]
[38540,"ESTACA PRE-MOLDADA VAZADA DE CONCRETO CENTRIFUGADO, PARA CARGA DE 100 T, SECAO CIRCULAR, COM ANEL METALICO INCORPORADO A PECA (SOMENTE FORNECIMENTO)","M     ","AS","111,52"]
[42006,"ESTICADOR FORJADO PARA CABO DE ACO DE DIAMETRO 12,7 MM (1/2\"), TIPO GANCHO X OLHAL (DIN 1480) (COLETADO CAIXA)","UN    ","AS","9,85"]
[42007,"ESTICADOR FORJADO PARA CABO DE ACO DE DIAMETRO 9,53 MM (3/8\"), TIPO GANCHO X OLHAL (DIN 1480) (COLETADO CAIXA)","UN    ","AS","6,93"]
[38384,"ESTILETE DE METAL, LAMINA 18 MM","UN    ","CR","18,07"]
[13,"ESTOPA","KG    ","CR","13,08"]
[2762,"ESTOPIM SIMPLES","M     ","AS","5,53"]
[21142,"ESTRIBO COM PARAFUSO EM CHAPA DE FERRO FUNDIDO DE 2\" X 3/16\" X 35 CM, SECAO \"U\", PARA MADEIRAMENTO DE TELHADO","UN    ","CR","23,57"]
[12865,"ESTUCADOR","H     ","CR","15,22"]
[41074,"ESTUCADOR (MENSALISTA)","MES   ","CR","2.660,24"]
[4223,"ETANOL","L     ","C ","3,27"]
[37372,"EXAMES - HORISTA (ENCARGOS COMPLEMENTARES) (COLETADO CAIXA)","H     ","C ","0,37"]
[40863,"EXAMES - MENSALISTA (ENCARGOS COMPLEMENTARES) (COLETADO CAIXA)","MES   ","C ","69,24"]
[38475,"EXTENSAO DE SOLDA 201 ACETILENO, E = *1,5 A 2,5* MM","UN    ","CR","24,88"]
[38474,"EXTENSAO DE SOLDA 201 GLP, E = *2,5 A 4,0* MM","UN    ","CR","30,75"]
[10886,"EXTINTOR DE INCENDIO PORTATIL COM CARGA DE AGUA PRESSURIZADA DE 10 L, CLASSE A","UN    ","CR","140,00"]
[10888,"EXTINTOR DE INCENDIO PORTATIL COM CARGA DE GAS CARBONICO CO2 DE 4 KG, CLASSE BC","UN    ","CR","443,07"]
[10889,"EXTINTOR DE INCENDIO PORTATIL COM CARGA DE GAS CARBONICO CO2 DE 6 KG, CLASSE BC","UN    ","CR","480,00"]
[10890,"EXTINTOR DE INCENDIO PORTATIL COM CARGA DE PO QUIMICO SECO (PQS) DE 12 KG, CLASSE BC","UN    ","CR","221,53"]
[10891,"EXTINTOR DE INCENDIO PORTATIL COM CARGA DE PO QUIMICO SECO (PQS) DE 4 KG, CLASSE BC","UN    ","CR","135,38"]
[10892,"EXTINTOR DE INCENDIO PORTATIL COM CARGA DE PO QUIMICO SECO (PQS) DE 6 KG, CLASSE BC","UN    ","C ","160,00"]
[20977,"EXTINTOR DE INCENDIO PORTATIL COM CARGA DE PO QUIMICO SECO (PQS) DE 8 KG, CLASSE BC","UN    ","CR","190,76"]
[3073,"EXTREMIDADE PVC PBA, BF, JE, DN 100/ DE 110 MM (NBR 10351)","UN    ","AS","112,86"]
[3068,"EXTREMIDADE PVC PBA, BF, JE, DN 50 / DE 60 MM (NBR 10351)","UN    ","AS","53,13"]
[3074,"EXTREMIDADE PVC PBA, BF, JE, DN 75/ DE 85 MM (NBR 10351)","UN    ","AS","89,83"]
[3076,"EXTREMIDADE PVC PBA, PF, JE, DN 100 / DE 110 MM (NBR 10351)","UN    ","AS","101,16"]
[3072,"EXTREMIDADE PVC PBA, PF, JE, DN 50/ DE 60 MM (NBR 10351)","UN    ","AS","44,89"]
[3075,"EXTREMIDADE PVC PBA, PF, JE, DN 75 / DE 85 MM (NBR 10351)","UN    ","AS","80,97"]
[10780,"EXTREMIDADE/TUBETE PARA HIDROMETRO PVC, COM ROSCA, CURTA, COM BUCHA LATAO, 1/2\"","UN    ","AS","4,88"]
[10781,"EXTREMIDADE/TUBETE PARA HIDROMETRO PVC, COM ROSCA, CURTA, COM BUCHA LATAO, 3/4\"","UN    ","AS","6,06"]
[20106,"EXTREMIDADE/TUBETE PARA HIDROMETRO PVC, COM ROSCA, CURTA, SEM BUCHA LATAO, 1/2\"","UN    ","AS","2,87"]
[20107,"EXTREMIDADE/TUBETE PARA HIDROMETRO PVC, COM ROSCA, CURTA, SEM BUCHA LATAO, 3/4\"","UN    ","AS","3,08"]
[20108,"EXTREMIDADE/TUBETE PARA HIDROMETRO PVC, COM ROSCA, LONGA, SEM BUCHA LATAO, 1/2\"","UN    ","AS","2,75"]
[20109,"EXTREMIDADE/TUBETE PARA HIDROMETRO PVC, COM ROSCA, LONGA, SEM BUCHA LATAO, 3/4\"","UN    ","AS","4,34"]
[34795,"FAIXA / FILETE / LISTELO EM CERAMICA, DECORADA, *8 X 30* CM (L X C)","M2    ","AS","147,48"]
[34796,"FAIXA / FILETE / LISTELO EM CERAMICA, LISO OU CORDAO, BRANCO, *2 X 30* CM (L X C)","M     ","AS","6,47"]
[11474,"FECHADURA AUXILIAR DE EMBUTIR PARA PORTA DE ARMARIO DE MADEIRA, CROMADA, CHAVE TIPO GORGES, CAIXA COM LINGUETA, CHAPA TESTA E CONTRA CHAPA","UN    ","CR","27,51"]
[11470,"FECHADURA AUXILIAR DE EMBUTIR PARA PORTA DE ARMARIO, CROMADA, CAIXA COM CILINDRO REDONDO, CHAPA TESTA E LINGUETA","UN    ","CR","18,02"]
[11480,"FECHADURA AUXILIAR SEGURANCA, DE EMBUTIR, REFORCADA, MAQUINA DE 40 A 55 MM, COM CILINDRO, CROMADA, PARA PORTA EXTERNA - COMPLETA","CJ    ","CR","45,00"]
[38154,"FECHADURA AUXILIAR TRAVA DE SEGURANCA SIMPLES, CROMADA, MAQUINA *40* MM, INCLUI CHAVE TETRA E ROSETA REDONDA - COMPLETA","CJ    ","CR","28,17"]
[11482,"FECHADURA BICO DE PAPAGAIO, MAQUINA *45* MM, CROMADA, COM CHAVE TIPO GORGES BIPARTIDA, PARA PORTA DE CORRER INTERNA - COMPLETA","CJ    ","CR","40,87"]
[3084,"FECHADURA BICO DE PAPAGAIO, MAQUINA *45* MM, CROMADA, COM CILINDRO, PARA PORTA DE CORRER EXTERNA - COMPLETA","CJ    ","CR","52,54"]
[3103,"FECHADURA C/ CILINDRO LATAO CROMADO P/ PORTA VIDRO TP AROUCA 2171-L OU EQUIV","UN    ","CR","46,97"]
[11481,"FECHADURA DE EMBUTIR PARA PORTA DE BANHEIRO, CHAVE TIPO TRANQUETA, MAQUINA 40 MM, SEM MACANETA, SEM ESPELHO (SOMENTE MAQUINA) - NIVEL SEGURANCA MEDIO","UN    ","CR","14,17"]
[3097,"FECHADURA DE EMBUTIR PARA PORTA DE BANHEIRO, TIPO TRANQUETA, MAQUINA 40 MM, MACANETAS ALAVANCA E ROSETAS REDONDAS EM METAL CROMADO - NIVEL SEGURANCA MEDIO - COMPLETA","CJ    ","CR","29,10"]
[38153,"FECHADURA DE EMBUTIR PARA PORTA DE BANHEIRO, TIPO TRANQUETA, MAQUINA 40 MM, MACANETAS ALAVANCA, ESPELHO EM METAL CROMADO - NIVEL SEGURANCA MEDIO - COMPLETA","CJ    ","CR","26,69"]
[3099,"FECHADURA DE EMBUTIR PARA PORTA DE BANHEIRO, TIPO TRANQUETA, MAQUINA 55 MM, MACANETAS ALAVANCA E ROSETAS REDONDAS EM METAL CROMADO - NIVEL SEGURANCA MEDIO - COMPLETA","CJ    ","CR","46,56"]
[3080,"FECHADURA DE EMBUTIR PARA PORTA EXTERNA / ENTRADA, MAQUINA 40 MM, COM CILINDRO, MACANETA ALAVANCA E ESPELHO EM METAL CROMADO - NIVEL SEGURANCA MEDIO - COMPLETA","CJ    ","C ","38,90"]
[3081,"FECHADURA DE EMBUTIR PARA PORTA EXTERNA / ENTRADA, MAQUINA 55 MM, COM CILINDRO, MACANETA ALAVANCA E ESPELHO EM METAL CROMADO - NIVEL SEGURANCA MEDIO - COMPLETA","CJ    ","CR","58,87"]
[38151,"FECHADURA DE EMBUTIR PARA PORTA EXTERNA, MAQUINA 40 MM, COM CILINDRO, MACANETA ALAVANCA E ROSETA REDONDA EM METAL CROMADO - NIVEL DE SEGURANCA MEDIO - COMPLETA","CJ    ","CR","36,86"]
[11479,"FECHADURA DE EMBUTIR PARA PORTA EXTERNA, MAQUINA 40 MM, SEM MACANETA, SEM ESPELHO (SOMENTE MAQUINA) - NIVEL DE SEGURANCA MEDIO","UN    ","CR","21,43"]
[38152,"FECHADURA DE EMBUTIR PARA PORTA EXTERNA, MAQUINA 55 MM, COM CILINDRO, MACANETA ALAVANCA E ROSETA REDONDA EM METAL CROMADO - NIVEL DE SEGURANCA MEDIO - COMPLETA","CJ    ","CR","53,34"]
[11478,"FECHADURA DE EMBUTIR PARA PORTA EXTERNA, MAQUINA 55 MM, SEM ESPELHO, SEM MACANETA (SOMENTE MAQUINA) - NIVEL DE SEGURANCA MEDIO","UN    ","CR","37,60"]
[3090,"FECHADURA DE EMBUTIR PARA PORTA INTERNA, TIPO GORGES (CHAVE GRANDE), MAQUINA 40 MM, MACANETA ALAVANCA E ESPELHO EM METAL CROMADO - NIVEL SEGURANCA MEDIO - COMPLETA","CJ    ","CR","31,45"]
[3093,"FECHADURA DE EMBUTIR PARA PORTA INTERNA, TIPO GORGES (CHAVE GRANDE), MAQUINA 55 MM, MACANETAS ALAVANCA E ROSETAS REDONDAS EM METAL CROMADO - NIVEL SEGURANCA MEDIO - COMPLETA","CJ    ","CR","52,27"]
[11476,"FECHADURA DE EMBUTIR PARA PORTA INTERNA, TIPO GORGES, MAQUINA 55 MM (SOMENTE MAQUINA, SEM ESPELHO E SEM MACANETA) - NIVEL DE SEGURANCA MEDIO","UN    ","CR","22,52"]
[3082,"FECHADURA DE SOBREPOR EM FERRO PINTADO, COM MACANETA ALAVANCA, CHAVE GRANDE - COMPLETA","CJ    ","CR","36,39"]
[11484,"FECHADURA DE SOBREPOR PARA PORTAO, CAIXA *100* MM, COM CILINDRO, CHAVE SIMPLES, TRINCO LATERAL, EM  LATAO OU ACO CROMADO OU POLIDO, COM OU SEM PINTURA - COMPLETA","UN    ","CR","25,95"]
[38155,"FECHADURA DE SOBREPOR PARA PORTAO, COM CHAVE TETRA, CAIXA *100* MM, TRINCO LATERAL, EM LATAO OU ACO CROMADO, PINTADO - COMPLETA","UN    ","CR","35,38"]
[11468,"FECHADURA DE SOBREPOR, CROMADA, COM CILINDRO REDONDO, PARA ARMARIO E GAVETA DE MADEIRA, COM PORTA DE APROXIMADAMENTE 20 MM","UN    ","CR","7,94"]
[11469,"FECHADURA TRADICIONAL DE EMBUTIR, CROMADA, COM CILINDRO, PARA GAVETAS E MOVEIS DE MADEIRA - COM ABINHAS LATERAIS CURVAS, CHAVES COM PROTECAO PLASTICA","UN    ","CR","9,48"]
[11477,"FECHADURA TUBULAR CROMADA, MACANETA DIAMETRO *30* MM, CILINDRO CENTRAL COM CHAVE EXTERNA E BOTAO INTERNO, MAQUINA *70* MM - COMPLETA","CJ    ","CR","43,10"]
[40311,"FECHADURA TUBULAR, ACABAMENTO CROMADO, DISTANCIA DE BROCA 90 MM, CILINDRO CENTRAL COM CHAVE EXTERNA E BOTAO INTERNO, MACANETA FORMATO TULIPA/TACA/BOLA - COMPLETA","CJ    ","CR","41,63"]
[38165,"FECHO / FECHADURA COM PUXADOR CONCHA, COM TRANCA TIPO TRAVA, PARA JANELA / PORTA DE CORRER (INCLUI TESTA, FECHADURA, PUXADOR) - COMPLETA","CJ    ","CR","44,48"]
[3096,"FECHO / FECHADURA CONCHA COM ALAVANCA / TRAVA, DE EMBUTIR, PARA PORTA OU JANELA DE CORRER EM LATAO OU ACO INOX - COMPLETO","CJ    ","CR","23,93"]
[11456,"FECHO / TRINCO / FERROLHO FIO REDONDO, DE SOBREPOR, 12\", EM ACO GALVANIZADO / ZINCADO","UN    ","CR","9,85"]
[3119,"FECHO / TRINCO / FERROLHO FIO REDONDO, DE SOBREPOR, 2\", EM ACO GALVANIZADO / ZINCADO","UN    ","CR","1,46"]
[3122,"FECHO / TRINCO / FERROLHO FIO REDONDO, DE SOBREPOR, 4\", EM ACO GALVANIZADO / ZINCADO","UN    ","CR","2,06"]
[3121,"FECHO / TRINCO / FERROLHO FIO REDONDO, DE SOBREPOR, 5\", EM ACO GALVANIZADO / ZINCADO","UN    ","CR","3,19"]
[3120,"FECHO / TRINCO / FERROLHO FIO REDONDO, DE SOBREPOR, 6\", EM ACO GALVANIZADO / ZINCADO","UN    ","CR","5,04"]
[11455,"FECHO / TRINCO / FERROLHO FIO REDONDO, DE SOBREPOR, 8\", EM ACO GALVANIZADO / ZINCADO","UN    ","CR","7,06"]
[3111,"FECHO DE EMBUTIR, TIPO UNHA, COMANDO COM ALAVANCA, EM ACO CROMADO, 22 CM, PARA PORTAS E JANELAS - INCLUI PARAFUSOS","UN    ","CR","16,90"]
[3108,"FECHO DE EMBUTIR, TIPO UNHA, COMANDO COM ALAVANCA, EM LATAO CROMADO, 22 CM, PARA PORTAS E JANELAS - INCLUI PARAFUSOS","UN    ","CR","17,74"]
[3105,"FECHO DE EMBUTIR, TIPO UNHA, COMANDO COM ALAVANCA, EM LATAO CROMADO, 40 CM, PARA PORTAS E JANELAS - INCLUI PARAFUSOS","UN    ","CR","27,56"]
[38178,"FECHO DE EMBUTIR, TIPO UNHA, COMANDO DESLIZANTE, COM TRAVA, 120 MM, EM LATAO CROMADO","UN    ","CR","18,01"]
[11458,"FECHO DE SEGURANCA, TIPO BATOM, EM LATAO / ZAMAC, CROMADO, PARA PORTAS E JANELAS - INCLUI PARAFUSOS","UN    ","CR","15,78"]
[42481,"FELTRO EM LA DE ROCHA, 1 FACE REVESTIDA COM PAPEL ALUMINIZADO, EM ROLO, DENSIDADE = 32 KG/M3, E=*50* MM (COLETADO CAIXA)","M2    ","AS","24,73"]
[11461,"FERROLHO / FECHO CHATO, DE SOBREPOR, EM FERRO ZINCADO, REFORCADO, 5\", COM PORTA CADEADO, PARA PORTAO, PORTA E JANELA - INCLUI PARAFUSOS","UN    ","CR","4,00"]
[3106,"FERROLHO / FECHO CHATO, DE SOBREPOR, EM FERRO ZINCADO, REFORCADO, 6\", COM PORTA CADEADO, PARA PORTAO, PORTA E JANELA - INCLUI PARAFUSOS","UN    ","CR","3,04"]
[3107,"FERROLHO / FECHO CHATO, EM FERRO ZINCADO, LEVE, 3\", COM PORTA CADEADO, PARA PORTAO, PORTA E JANELA - INCLUI PARAFUSOS","UN    ","CR","2,56"]
[25951,"FERTILIZANTE NPK - 10:10:10","KG    ","AS","2,03"]
[3123,"FERTILIZANTE NPK - 4: 14: 8","KG    ","AS","1,90"]
[38125,"FERTILIZANTE ORGANICO COMPOSTO, CLASSE A","KG    ","CR","0,63"]
[39014,"FIBRA DE ACO PARA REFORCO DO CONCRETO, SOLTA, TIPO A-I, FATOR DE FORMA *50* L / D, COMPRIMENTO DE *30* MM E RESISTENCIA A TRACAO DO ACO MAIOR 1000 MPA","KG    ","CR","15,85"]
[11894,"FILTRO ANAEROBIO CILINDRICO CONCRETO PRE MOLDADO 1,20 X 1,50 (DIAMETROXALTURA) PARA 4 A 5 CONTRIBUINTES (NBR 13969)","UN    ","AS","455,13"]
[39365,"FILTRO ANAEROBIO, EM POLIETILENO DE ALTA DENSIDADE (PEAD), CAPACIDADE *1100* LITROS (NBR 13969)","UN    ","CR","732,42"]
[39366,"FILTRO ANAEROBIO, EM POLIETILENO DE ALTA DENSIDADE (PEAD), CAPACIDADE *2800* LITROS (NBR 13969)","UN    ","CR","1.875,31"]
[39367,"FILTRO ANAEROBIO, EM POLIETILENO DE ALTA DENSIDADE (PEAD), CAPACIDADE *5000* LITROS (NBR 13969)","UN    ","CR","2.563,20"]
[37394,"FINCAPINO CURTO CALIBRE 22 VERMELHO, CARGA MEDIA (ACAO DIRETA)","CENTO ","AS","45,58"]
[14146,"FINCAPINO LONGO CALIBRE 22, CARGA FORTE (ACAO DIRETA)","CENTO ","AS","73,30"]
[38134,"FIO COBRE NU DE 150 A 500 MM2, PARA TENSOES DE ATE 600 V","KG    ","AS","41,20"]
[38132,"FIO COBRE NU DE 16 A 35 MM2, PARA TENSOES DE ATE 600 V","KG    ","AS","42,02"]
[38133,"FIO COBRE NU DE 50 A 120 MM2, PARA TENSOES DE ATE 600 V","KG    ","AS","40,64"]
[938,"FIO DE COBRE, SOLIDO, CLASSE 1, ISOLACAO EM PVC/A, ANTICHAMA BWF-B, 450/750V, SECAO NOMINAL 1,5 MM2","M     ","CR","0,98"]
[937,"FIO DE COBRE, SOLIDO, CLASSE 1, ISOLACAO EM PVC/A, ANTICHAMA BWF-B, 450/750V, SECAO NOMINAL 10 MM2","M     ","CR","6,06"]
[939,"FIO DE COBRE, SOLIDO, CLASSE 1, ISOLACAO EM PVC/A, ANTICHAMA BWF-B, 450/750V, SECAO NOMINAL 2,5 MM2","M     ","CR","1,57"]
[944,"FIO DE COBRE, SOLIDO, CLASSE 1, ISOLACAO EM PVC/A, ANTICHAMA BWF-B, 450/750V, SECAO NOMINAL 4 MM2","M     ","CR","2,68"]
[940,"FIO DE COBRE, SOLIDO, CLASSE 1, ISOLACAO EM PVC/A, ANTICHAMA BWF-B, 450/750V, SECAO NOMINAL 6 MM2","M     ","CR","3,70"]
[936,"FIO TELEFONICO EXTERNO (FE) EM ACO COBREADO, ISOLACAO EM PEAD OU PVC ANTI-CHAMA, 2 CONDUTORES","M     ","CR","1,05"]
[935,"FIO TELEFONICO INTERNO (FI) EM COBRE ESTANHADO, ISOLACAO EM PVC ANTICHAMA, 2 CONDUTORES DE 0,6 MM (NBR 9115:2005)","M     ","CR","0,80"]
[406,"FITA ACO INOX PARA CINTAR POSTE, L = 19 MM, E = 0,5 MM (ROLO DE 30M)","UN    ","CR","62,01"]
[42529,"FITA ADESIVA ALUMINIZADA, PARA INSTALACAO DE MANTAS DE SUBCOBERTURA,  L = *5* CM","M     ","AS","0,81"]
[39634,"FITA ADESIVA ANTICORROSIVA DE PVC FLEXIVEL, COR PRETA, PARA PROTECAO TUBULACAO, 50 MM X 30 M (L X C), E= *0,25* MM","M     ","CR","4,61"]
[39701,"FITA ADESIVA ASFALTICA ALUMINIZADA MULTIUSO, L = 10 CM, ROLO DE 10 M","UN    ","AS","67,06"]
[12815,"FITA CREPE ROLO DE 25 MM X 50 M","UN    ","CR","7,95"]
[407,"FITA DE ALUMINIO PARA PROTECAO DO CONDUTOR LARGURA 10 MM","KG    ","AS","30,04"]
[39431,"FITA DE PAPEL MICROPERFURADO, 50 X 150 MM, PARA TRATAMENTO DE JUNTAS DE CHAPA DE GESSO PARA DRYWALL","M     ","CR","0,10"]
[39432,"FITA DE PAPEL REFORCADA COM LAMINA DE METAL PARA REFORCO DE CANTOS DE CHAPA DE GESSO PARA DRYWALL","M     ","CR","1,39"]
[20111,"FITA ISOLANTE ADESIVA ANTICHAMA, USO ATE 750 V, EM ROLO DE 19 MM X 20 M","UN    ","C ","7,90"]
[21127,"FITA ISOLANTE ADESIVA ANTICHAMA, USO ATE 750 V, EM ROLO DE 19 MM X 5 M","UN    ","CR","2,98"]
[404,"FITA ISOLANTE DE BORRACHA AUTOFUSAO, USO ATE 69 KV (ALTA TENSAO)","M     ","CR","1,07"]
[14151,"FITA METALICA GRAVADA, L = 17 MM, ROLO DE 25 M, CARGA RECOMENDADA = *120* KGF","UN    ","AS","52,68"]
[14153,"FITA METALICA PERFURADA, L = *18* MM, ROLO DE 30 M, CARGA RECOMENDADA = *30* KGF","UN    ","AS","59,55"]
[14152,"FITA METALICA PERFURADA, L = 17 MM, ROLO DE 30 M, CARGA RECOMENDADA = *19* KGF","UN    ","AS","45,72"]
[14154,"FITA METALICA PERFURADA, L = 25 MM, ROLO DE 30 M, CARGA RECOMENDADA = *222,5* KGF","UN    ","AS","160,02"]
[42015,"FITA PLASTICA ZEBRADA PARA DEMARCACAO DE AREAS, LARGURA = 7 CM, SEM ADESIVO (COLETADO CAIXA)","M     ","AS","0,09"]
[3146,"FITA VEDA ROSCA EM ROLOS DE 18 MM X 10 M (L X C)","UN    ","C ","2,37"]
[3143,"FITA VEDA ROSCA EM ROLOS DE 18 MM X 25 M (L X C)","UN    ","CR","5,39"]
[3148,"FITA VEDA ROSCA EM ROLOS DE 18 MM X 50 M (L X C)","UN    ","CR","8,74"]
[4310,"FIXADOR DE ABA AUTOTRAVANTE PARA TELHA DE FIBROCIMENTO, TIPO CANALETE 90 OU KALHETAO","UN    ","CR","2,25"]
[4311,"FIXADOR DE ABA SIMPLES PARA TELHA DE FIBROCIMENTO, TIPO CANALETA 49 OU KALHETA","UN    ","CR","1,58"]
[4312,"FIXADOR DE ABA SIMPLES PARA TELHA DE FIBROCIMENTO, TIPO CANALETA 90 OU KALHETAO","UN    ","CR","2,22"]
[11162,"FIXADOR DE CAL (SACHE 150 ML)","UN    ","CR","1,70"]
[13261,"FLANELA *30 X 40* CM","UN    ","CR","2,01"]
[3255,"FLANGE PVC, ROSCAVEL SEXTAVADO SEM FUROS 3/4\"","UN    ","CR","5,02"]
[3254,"FLANGE PVC, ROSCAVEL, SEXTAVADO, SEM FUROS 3\"","UN    ","CR","89,62"]
[3259,"FLANGE PVC, ROSCAVEL, SEXTAVADO, SEM FUROS, 1 1/2\"","UN    ","CR","9,35"]
[3258,"FLANGE PVC, ROSCAVEL, SEXTAVADO, SEM FUROS, 1 1/4\"","UN    ","CR","7,09"]
[3251,"FLANGE PVC, ROSCAVEL, SEXTAVADO, SEM FUROS, 1/2\"","UN    ","CR","3,78"]
[3256,"FLANGE PVC, ROSCAVEL, SEXTAVADO, SEM FUROS, 1\"","UN    ","CR","6,49"]
[3261,"FLANGE PVC, ROSCAVEL, SEXTAVADO, SEM FUROS, 2 1/2\"","UN    ","CR","77,38"]
[3260,"FLANGE PVC, ROSCAVEL, SEXTAVADO, SEM FUROS, 2\"","UN    ","CR","12,49"]
[3272,"FLANGE SEXTAVADO DE FERRO GALVANIZADO, COM ROSCA BSP, DE 1 1/2\"","UN    ","AS","29,22"]
[3265,"FLANGE SEXTAVADO DE FERRO GALVANIZADO, COM ROSCA BSP, DE 1 1/4\"","UN    ","AS","23,22"]
[3262,"FLANGE SEXTAVADO DE FERRO GALVANIZADO, COM ROSCA BSP, DE 1/2\"","UN    ","AS","10,16"]
[3264,"FLANGE SEXTAVADO DE FERRO GALVANIZADO, COM ROSCA BSP, DE 1\"","UN    ","AS","16,69"]
[3267,"FLANGE SEXTAVADO DE FERRO GALVANIZADO, COM ROSCA BSP, DE 2 1/2\"","UN    ","AS","54,52"]
[3266,"FLANGE SEXTAVADO DE FERRO GALVANIZADO, COM ROSCA BSP, DE 2\"","UN    ","AS","34,69"]
[3263,"FLANGE SEXTAVADO DE FERRO GALVANIZADO, COM ROSCA BSP, DE 3/4\"","UN    ","AS","13,88"]
[3268,"FLANGE SEXTAVADO DE FERRO GALVANIZADO, COM ROSCA BSP, DE 3\"","UN    ","AS","73,72"]
[3271,"FLANGE SEXTAVADO DE FERRO GALVANIZADO, COM ROSCA BSP, DE 4\"","UN    ","AS","108,98"]
[3270,"FLANGE SEXTAVADO DE FERRO GALVANIZADO, COM ROSCA BSP, DE 6\"","UN    ","AS","183,10"]
[3275,"FORRO COMPOSTO POR PAINEIS DE LA DE VIDRO, REVESTIDOS EM PVC MICROPERFURADO, DE *1250 X 625* MM, ESPESSURA 15 MM (COM COLOCACAO)","M2    ","CR","71,49"]
[39512,"FORRO DE FIBRA MINERAL EM PLACAS DE 1250 X 625 MM, E = 15 MM, BORDA RETA, COM PINTURA ANTIMOFO, APOIADO EM PERFIL DE ACO GALVANIZADO COM 24 MM DE BASE - INSTALADO","M2    ","CR","101,94"]
[39511,"FORRO DE FIBRA MINERAL EM PLACAS DE 625 X 625 MM, E = 15 MM, BORDA RETA, COM PINTURA ANTIMOFO, APOIADO EM PERFIL DE ACO GALVANIZADO COM 24 MM DE BASE - INSTALADO","M2    ","CR","111,20"]
[39513,"FORRO DE FIBRA MINERAL EM PLACAS DE 625 X 625 MM, E = 15/16 MM, BORDA REBAIXADA, COM PINTURA ANTIMOFO, APOIADO EM PERFIL DE ACO GALVANIZADO COM 24 MM DE BASE - INSTALADO","M2    ","CR","119,27"]
[3286,"FORRO DE MADEIRA CEDRINHO OU EQUIVALENTE DA REGIAO, ENCAIXE MACHO/FEMEA COM FRISO, *10 X 1* CM (SEM COLOCACAO)","M2    ","AS","55,05"]
[3287,"FORRO DE MADEIRA CUMARU/IPE CHAMPANHE OU EQUIVALENTE DA REGIAO, ENCAIXE MACHO/FEMEA COM FRISO, *10 X 1* CM (SEM COLOCACAO)","M2    ","AS","83,20"]
[3283,"FORRO DE MADEIRA PINUS OU EQUIVALENTE DA REGIAO, ENCAIXE MACHO/FEMEA COM FRISO, *10 X 1* CM (SEM COLOCACAO)","M2    ","AS","17,47"]
[11587,"FORRO DE PVC LISO, BRANCO, REGUA DE 10 CM, ESPESSURA DE 8 MM A 10 MM (COM COLOCACAO / SEM ESTRUTURA METALICA)","M2    ","CR","49,02"]
[36225,"FORRO DE PVC LISO, BRANCO, REGUA DE 20 CM, ESPESSURA DE 8 MM A 10 MM, COMPRIMENTO 6 M (SEM COLOCACAO)","M2    ","CR","19,91"]
[36230,"FORRO DE PVC, FRISADO, BRANCO, REGUA DE 10 CM, ESPESSURA DE 8 MM A 10 MM E COMPRIMENTO 6 M (SEM COLOCACAO)","M2    ","C ","14,63"]
[36238,"FORRO DE PVC, FRISADO, BRANCO, REGUA DE 20 CM, ESPESSURA DE 8 MM A 10 MM E COMPRIMENTO 6 M (SEM COLOCACAO)","M2    ","CR","14,29"]
[11887,"FOSSA SEPTICA CILINDRICA TIPO \"IMHOFF\", COM TAMPA, PARA 50 CONTRIBUINTES","UN    ","AS","2.144,03"]
[11883,"FOSSA SEPTICA CILINDRICA, TIPO \"IMHOFF\", COM TAMPA, PARA 100 CONTRIBUINTES","UN    ","AS","3.152,11"]
[11884,"FOSSA SEPTICA CILINDRICA, TIPO \"IMHOFF\", COM TAMPA, PARA 150 CONTRIBUINTES","UN    ","AS","3.381,93"]
[11885,"FOSSA SEPTICA CILINDRICA, TIPO \"IMHOFF\", COM TAMPA, PARA 200 CONTRIBUINTES","UN    ","AS","3.772,00"]
[11886,"FOSSA SEPTICA CILINDRICA, TIPO \"IMHOFF\", COM TAMPA, PARA 30 CONTRIBUINTES","UN    ","AS","1.215,70"]
[11888,"FOSSA SEPTICA CILINDRICA, TIPO \"IMHOFF\", COM TAMPA, PARA 75 CONTRIBUINTES","UN    ","AS","2.854,95"]
[3277,"FOSSA SEPTICA CONCRETO PRE MOLDADO PARA 10 CONTRIBUINTES - *90 X 90* CM","UN    ","AS","481,46"]
[3281,"FOSSA SEPTICA CONCRETO PRE MOLDADO PARA 5 CONTRIBUINTES *90 X 70* CM","UN    ","AS","398,71"]
[39363,"FOSSA SEPTICA, SEM FILTRO, PARA 15 A 30 CONTRIBUINTES, CILINDRICA, COM TAMPA, EM POLIETILENO DE ALTA DENSIDADE (PEAD), CAPACIDADE APROXIMADA DE 5500 LITROS (NBR 7229)","UN    ","CR","2.983,44"]
[39361,"FOSSA SEPTICA, SEM FILTRO, PARA 4 A 7 CONTRIBUINTES, CILINDRICA,  COM TAMPA, EM POLIETILENO DE ALTA DENSIDADE (PEAD), CAPACIDADE APROXIMADA DE 1100 LITROS (NBR 7229)","UN    ","CR","767,17"]
[39362,"FOSSA SEPTICA, SEM FILTRO, PARA 8 A 14 CONTRIBUINTES, CILINDRICA, COM TAMPA, EM POLIETILENO DE ALTA DENSIDADE (PEAD), CAPACIDADE APROXIMADA DE 3000 LITROS (NBR 7229)","UN    ","CR","2.360,78"]
[39364,"FOSSA SEPTICA,SEM FILTRO, PARA 40 A 52 CONTRIBUINTES, CILINDRICA, COM TAMPA, EM POLIETILENO DE ALTA DENSIDADE (PEAD), CAPACIDADE APROXIMADA DE 10000 LITROS (NBR 7229)","UN    ","CR","6.819,31"]
[14576,"FRESADORA DE ASFALTO A FRIO SOBRE ESTEIRAS, LARG. FRESAGEM 2,00 M, POT. 410 KW/550 HP","UN    ","AS","2.800.463,21"]
[13877,"FRESADORA DE ASFALTO A FRIO SOBRE RODAS, LARG. FRESAGEM 1,00 M, POT. 155 KW/208 HP","UN    ","AS","1.198.836,53"]
[7307,"FUNDO ANTICORROSIVO PARA METAIS FERROSOS (ZARCAO)","L     ","CR","26,53"]
[38122,"FUNDO PREPARADOR ACRILICO BASE AGUA","L     ","CR","10,27"]
[6086,"FUNDO SINTETICO NIVELADOR BRANCO FOSCO PARA MADEIRA","GL    ","CR","49,32"]
[38633,"FURO PARA TORNEIRA OU OUTROS ACESSORIOS  EM BANCADA DE MARMORE/ GRANITO OU OUTRO TIPO DE PEDRA NATURAL","UN    ","CR","13,32"]
[12344,"FUSIVEL DIAZED 20 A TAMANHO DII, CAPACIDADE DE INTERRUPCAO DE 50 KA EM VCA E 8 KA EM VCC, TENSAO NOMIMNAL DE 500 V","UN    ","CR","4,51"]
[12343,"FUSIVEL DIAZED 35 A TAMANHO DIII, CAPACIDADE DE INTERRUPCAO DE 50 KA EM VCA E 8 KA EM VCC, TENSAO NOMIMNAL DE 500 V","UN    ","CR","6,99"]
[3295,"FUSIVEL NH *36* A 80 AMPERES, TAMANHO 00, CAPACIDADE DE INTERRUPCAO DE 120 KA, TENSAO NOMIMNAL DE 500 V","UN    ","CR","24,42"]
[3302,"FUSIVEL NH 100 A TAMANHO 00, CAPACIDADE DE INTERRUPCAO DE 120 KA, TENSAO NOMIMNAL DE 500 V","UN    ","CR","25,53"]
[3297,"FUSIVEL NH 125 A TAMANHO 00, CAPACIDADE DE INTERRUPCAO DE 120 KA, TENSAO NOMIMNAL DE 500 V","UN    ","CR","27,26"]
[3294,"FUSIVEL NH 160 A TAMANHO 00, CAPACIDADE DE INTERRUPCAO DE 120 KA, TENSAO NOMIMNAL DE 500 V","UN    ","CR","27,67"]
[3292,"FUSIVEL NH 20 A TAMANHO 000, CAPACIDADE DE INTERRUPCAO DE 120 KA, TENSAO NOMIMNAL DE 500 V","UN    ","C ","26,00"]
[3298,"FUSIVEL NH 200 A 250 AMPERES, TAMANHO 1, CAPACIDADE DE INTERRUPCAO DE 120 KA, TENSAO NOMIMNAL DE 500 V","UN    ","CR","60,93"]
[11596,"GABIAO  TIPO CAIXA, MALHA HEXAGONAL 8 X 10 CM (ZN/AL), FIO 2,7 MM, DIMENSOES 2,0 X 1,0 X 0,5 M (C X L X A)","UN    ","AS","347,53"]
[34802,"GABIAO MANTA (COLCHAO) MALHA HEXAGONAL 6 X 8 CM (ZN/AL + PVC), DIMENSOES 4,0 X 2,0 X 0,17 M (C X L X A) FIO 2 MM","UN    ","AS","954,43"]
[11588,"GABIAO MANTA (COLCHAO) MALHA HEXAGONAL 6 X 8 CM (ZN/AL + PVC), FIO 2 MM, REVESTIDO COM PVC, DIMENSOES 4,0 X 2,0 X 0,23 M (C X L X A)","UN    ","AS","1.029,67"]
[34383,"GABIAO MANTA (COLCHAO) MALHA HEXAGONAL 6 X 8 CM (ZN/AL + PVC), FIO 2 MM, REVESTIDO COM PVC, DIMENSOES 4,0 X 2,0 X 0,3 M (C X L X A)","UN    ","AS","1.132,71"]
[40451,"GABIAO MANTA (COLCHAO) MALHA HEXAGONAL 6 X 8 CM (ZN/AL + PVC), FIO 2,0 MM, DIMENSOES 5,0 X 2,0 X 0,17 M (C X L X A)","M2    ","AS","91,56"]
[40453,"GABIAO MANTA (COLCHAO) MALHA HEXAGONAL 6 X 8 CM (ZN/AL + PVC), FIO 2,0 MM, DIMENSOES 5,0 X 2,0 X 0,23 M (C X L X A)","M2    ","AS","99,07"]
[40452,"GABIAO MANTA (COLCHAO) MALHA HEXAGONAL 6 X 8 CM (ZN/AL + PVC), FIO 2,0 MM, DIMENSOES 5,0 X 2,0 X 0,30 M (C X L X A)","M2    ","AS","108,66"]
[11594,"GABIAO SACO MALHA HEXAGONAL 8 X 10 CM (ZN/AL + PVC),  FIO 2,4 MM, DIMENSOES 3,0 X 0,65 M","UN    ","AS","328,18"]
[3311,"GABIAO SACO MALHA HEXAGONAL 8 X 10 CM (ZN/AL + PVC), FIO 2,4 MM, H = 0,65 M","M3    ","AS","328,18"]
[11599,"GABIAO SACO MALHA HEXAGONAL 8 X 10 CM (ZN/AL), FIO 2,7 MM, DIMENSOES 4,0 X 0,65 M","UN    ","AS","436,45"]
[11593,"GABIAO TIPO CAIXA MALHA HEXAGONAL 8 X 10 CM (ZN/AL + PVC),  FIO 2,4 MM, DIMENSOES 2,0 X 1,0 X 1,0 M (C X L X A)","UN    ","AS","611,87"]
[3314,"GABIAO TIPO CAIXA MALHA HEXAGONAL 8 X 10 CM (ZN/AL + PVC),  FIO 2,4 MM, H = 0,50 M","M3    ","AS","437,61"]
[11597,"GABIAO TIPO CAIXA MALHA HEXAGONAL 8 X 10 CM (ZN/AL), FIO 2,7 MM, DIMENSOES 2,0 X 1,0 X 1,0 M (C X L X A)","UN    ","AS","508,89"]
[3309,"GABIAO TIPO CAIXA MALHA HEXAGONAL 8 X 10 CM (ZN/AL), FIO 2,7 MM, H = 0,50 M","M3    ","AS","347,53"]
[34612,"GABIAO TIPO CAIXA PARA SOLO REFORCADO, MALHA HEXAGONAL DE DUPLA TORCAO 8 X 10 CM (ZN/ AL + PVC), FIO 2,7 MM, DIMENSOES 2,0 X 1,0 X 0,5 M, COM CAUDA DE 3,0 M","UN    ","AS","629,41"]
[34635,"GABIAO TIPO CAIXA PARA SOLO REFORCADO, MALHA HEXAGONAL DE DUPLA TORCAO 8 X 10 CM (ZN/ AL + PVC), FIO 2,7 MM, DIMENSOES 2,0 X 1,0 X 1,0 M, COM CAUDA DE 3,0 M","UN    ","AS","809,39"]
[34633,"GABIAO TIPO CAIXA PARA SOLO REFORCADO, MALHA HEXAGONAL DE DUPLA TORCAO 8 X 10 CM (ZN/ AL + PVC), FIO 2,7 MM, DIMENSOES 2,0 X 1,0 X 1,0 M, COM CAUDA DE 4,0 M","UN    ","AS","892,16"]
[40440,"GABIAO TIPO CAIXA PARA SOLO REFORCADO, MALHA HEXAGONAL 8 X 10 CM (ZN/ AL + PVC), FIO 2,7 MM, DIMENSOES 2,0 X 1,0 X 0,5 M, COM CAUDA DE 4,0 M","M3    ","AS","455,82"]
[40441,"GABIAO TIPO CAIXA PARA SOLO REFORCADO, MALHA HEXAGONAL 8 X 10 CM (ZN/ AL + PVC), FIO 2,7 MM, DIMENSOES 2,0 X 1,0 X 1,0 M, COM CAUDA DE 4,0 M","M3    ","AS","291,01"]
[40449,"GABIAO TIPO CAIXA TRAPEZOIDAL, MALHA HEXAGONAL 10 X 12 CM (ZN/AL + PVC) FIO 2,7 MM, FACE COM 65 GRAUS, DIMENSOES 2,0 X 1,5 X 1,0 M (C X L X A)","M3    ","AS","244,65"]
[34800,"GABIAO TIPO CAIXA, MALHA HEXAGONAL 8 X 10 CM (ZN/AL + PVC), FIO DE 2,4 MM, DIMENSOES 2,0 x 1,0 x 1,0 M (C X L X A)","M3    ","AS","305,93"]
[11592,"GABIAO TIPO CAIXA, MALHA HEXAGONAL 8 X 10 CM (ZN/AL + PVC), FIO 2,4 MM, DIMENSOES 2,0 X 1,0 X 0,5 M (C X L X A)","UN    ","AS","437,61"]
[40438,"GABIAO TIPO CAIXA, MALHA HEXAGONAL 8 X 10 CM (ZN/AL), FIO DE 2,7 MM, DIMENSOES 2,0 X 1,0 X 1,0 M (C X L X A)","M3    ","AS","203,82"]
[40436,"GABIAO TIPO CAIXA, MALHA HEXAGONAL 8 X 10 CM (ZN/AL), FIO DE 2,7 MM, DIMENSOES 5,0 X 1,0 X 1,0 M (C X L X A)","M3    ","AS","254,14"]
[4315,"GANCHO CHATO EM FERRO GALVANIZADO,  L = 110 MM, RECOBRIMENTO = 100MM, SECAO 1/8 X 1/2\" (3 MM X 12 MM), PARA FIXAR TELHA DE FIBROCIMENTO ONDULADA","UN    ","CR","1,63"]
[42482,"GANCHO L COM ROSCA, PARA FIXAR TELHA EM MADEIRA, 1/4\" X 350 MM (COLETADO CAIXA)","UN    ","CR","2,17"]
[402,"GANCHO OLHAL EM ACO GALVANIZADO, ESPESSURA 16MM, ABERTURA 21MM","UN    ","AS","8,63"]
[4226,"GAS DE COZINHA - GLP","KG    ","C ","4,83"]
[4222,"GASOLINA COMUM","L     ","C ","4,30"]
[34804,"GEOGRELHA TECIDA COM FILAMENTOS DE POLIESTER + PVC, RESISTENCIA LONGITUDINAL: 90 KN/M, RESISTENCIA TRANSVERSAL: 30 KN/M, ALONGAMENTO = 12 POR CENTO","M2    ","AS","36,94"]
[4013,"GEOTEXTIL NAO TECIDO AGULHADO DE FILAMENTOS CONTINUOS 100% POLIESTER, RESITENCIA A TRACAO = 09 KN/M","M2    ","AS","4,73"]
[4011,"GEOTEXTIL NAO TECIDO AGULHADO DE FILAMENTOS CONTINUOS 100% POLIESTER, RESITENCIA A TRACAO = 10 KN/M","M2    ","AS","5,28"]
[4021,"GEOTEXTIL NAO TECIDO AGULHADO DE FILAMENTOS CONTINUOS 100% POLIESTER, RESITENCIA A TRACAO = 14 KN/M","M2    ","AS","6,59"]
[4019,"GEOTEXTIL NAO TECIDO AGULHADO DE FILAMENTOS CONTINUOS 100% POLIESTER, RESITENCIA A TRACAO = 16 KN/M","M2    ","AS","7,91"]
[4012,"GEOTEXTIL NAO TECIDO AGULHADO DE FILAMENTOS CONTINUOS 100% POLIESTER, RESITENCIA A TRACAO = 21 KN/M","M2    ","AS","10,60"]
[4020,"GEOTEXTIL NAO TECIDO AGULHADO DE FILAMENTOS CONTINUOS 100% POLIESTER, RESITENCIA A TRACAO = 26 KN/M","M2    ","AS","13,27"]
[4018,"GEOTEXTIL NAO TECIDO AGULHADO DE FILAMENTOS CONTINUOS 100% POLIESTER, RESITENCIA A TRACAO = 31 KN/M","M2    ","AS","15,90"]
[36498,"GERADOR PORTATIL MONOFASICO, POTENCIA 5500 VA, MOTOR A GASOLINA, POTENCIA DO MOTOR 13 CV","UN    ","CR","3.594,35"]
[12872,"GESSEIRO","H     ","CR","14,50"]
[41075,"GESSEIRO (MENSALISTA)","MES   ","CR","2.535,09"]
[3315,"GESSO EM PO PARA REVESTIMENTOS/MOLDURAS/SANCAS","KG    ","CR","0,27"]
[36870,"GESSO PROJETADO","KG    ","CR","0,27"]
[5092,"GONZO DE EMBUTIR, EM LATAO / ZAMAC, *20 X 48* MM, PARA JANELA BASCULANTE / PIVOTANTE -  INCLUI PARAFUSOS","PAR   ","CR","11,32"]
[11462,"GONZO DE SOBREPOR, EM LATAO / ZAMAC, PARA JANELA PIVOTANTE - INCLUI PARAFUSOS","PAR   ","CR","11,57"]
[36529,"GRADE DE DISCOS COM CONTROLE REMOTO, REBOCAVEL, COM 24 DISCOS 24\" X 6 MM, COM PNEUS PARA TRANSPORTE","UN    ","AS","28.571,42"]
[3318,"GRADE DE DISCOS MECANICA 20X24\" COM 20 DISCOS 24\" X 6MM  COM PNEUS PARA TRANSPORTE","UN    ","AS","22.400,00"]
[38968,"GRADIL *1320 X 2170* MM (A X L) EM BARRA DE ACO CHATA *25 MM X 2* MM, ENTRELACADA COM BARRA ACO REDONDA *5* MM, MALHA *65 X 132* MM, GALVANIZADO E PINTURA ELETROSTATICA, COR PRETO","M2    ","AS","246,39"]
[3324,"GRAMA BATATAIS EM PLACAS, SEM PLANTIO","M2    ","AS","4,28"]
[3322,"GRAMA ESMERALDA OU SAO CARLOS OU CURITIBANA, EM PLACAS, SEM PLANTIO","M2    ","AS","6,00"]
[5076,"GRAMPO DE ACO POLIDO 1 \" X 9","KG    ","CR","10,38"]
[5077,"GRAMPO DE ACO POLIDO 7/8 \" X 9","KG    ","CR","11,47"]
[42008,"GRAMPO LEVE REFORCADO EM ACO MALEAVEL 1020 GALVANIZADO (CLIP'S) PARA CABO DE ACO DE DIAMETRO 9,53 MM (3/8\") (DIN 741) (COLETADO CAIXA)","UN    ","AS","0,92"]
[11837,"GRAMPO LINHA VIVA DE LATAO ESTANHADO, DIAMETRO DO CONDUTOR PRINCIPAL DE 10 A 120 MM2, DIAMETRO DA DERIVACAO DE 10 A 70 MM2","UN    ","CR","41,33"]
[38055,"GRAMPO METALICO TIPO OLHAL PARA HASTE DE ATERRAMENTO DE 1/2'', CONDUTOR DE *10* A 50 MM2","UN    ","CR","3,75"]
[415,"GRAMPO METALICO TIPO OLHAL PARA HASTE DE ATERRAMENTO DE 1'', CONDUTOR DE *10* A 50 MM2","UN    ","CR","16,95"]
[416,"GRAMPO METALICO TIPO OLHAL PARA HASTE DE ATERRAMENTO DE 3/4'', CONDUTOR DE *10* A 50 MM2","UN    ","CR","6,20"]
[425,"GRAMPO METALICO TIPO OLHAL PARA HASTE DE ATERRAMENTO DE 5/8'', CONDUTOR DE *10* A 50 MM2","UN    ","CR","3,84"]
[426,"GRAMPO METALICO TIPO U PARA HASTE DE ATERRAMENTO DE ATE 3/4'', CONDUTOR DE 10 A 25 MM2","UN    ","CR","21,18"]
[38056,"GRAMPO METALICO TIPO U PARA HASTE DE ATERRAMENTO DE ATE 5/8'', CONDUTOR DE 10 A 25 MM2","UN    ","CR","20,68"]
[1564,"GRAMPO PARALELO METALICO PARA CABO DE 6 A 50 MM2, COM 2 PARAFUSOS","UN    ","CR","7,89"]
[42009,"GRAMPO PESADO FORJADO EM ACO CARBONO 1045 GALVANIZADO (CLIP'S) PARA CABO DE ACO DE DIAMETRO 12,7 MM (1/2\") (FS FF-C-450D, TIPO 1, CLASSE 1) (COLETADO CAIXA)","UN    ","AS","7,12"]
[42010,"GRAMPO PESADO FORJADO EM ACO CARBONO 1045 GALVANIZADO (CLIP'S) PARA CABO DE ACO DE DIAMETRO 9,53 MM (3/8\") (FS FF-C-450D, TIPO 1, CLASSE 1) (COLETADO CAIXA)","UN    ","AS","5,09"]
[11032,"GRAMPO U DE 5/8 \" N8 EM FERRO GALVANIZADO","UN    ","CR","9,20"]
[36786,"GRANALHA DE ACO, ANGULAR (GRIT), PARA JATEAMENTO, PENEIRA 0,117 A 1,00 MM, (SAE G-40 A G-80)","SC25KG","AS","97,73"]
[36785,"GRANALHA DE ACO, ANGULAR (GRIT), PARA JATEAMENTO, PENEIRA 1,41 A 1,19 MM (SAE G16)","SC25KG","AS","84,92"]
[36782,"GRANALHA DE ACO, ESFERICA (SHOT), PARA JATEAMENTO, PENEIRA 0,40 A 1,00 MM (SAE S-170 A S-280)","SC25KG","AS","101,37"]
[25930,"GRANALHA DE ACO, ESFERICA (SHOT), PARA JATEAMENTO, PENEIRA 1,19 A 1,00 MM (SAE S390)","SC25KG","AS","114,18"]
[4824,"GRANILHA/ GRANA/ PEDRISCO OU AGREGADO EM MARMORE/ GRANITO/ QUARTZO E CALCARIO, PRETO, CINZA, PALHA OU BRANCO","KG    ","CR","0,35"]
[11795,"GRANITO PARA BANCADA, POLIDO, TIPO ANDORINHA/ QUARTZ/ CASTELO/ CORUMBA OU OUTROS EQUIVALENTES DA REGIAO, E=  *2,5* CM","M2    ","CR","483,01"]
[134,"GRAUTE CIMENTICIO PARA USO GERAL","KG    ","CR","1,92"]
[4229,"GRAXA LUBRIFICANTE","KG    ","CR","23,85"]
[37402,"GRELHA DE CONCRETO DE PRE-MOLDADA *15 X 75 X 52* CM (A X C X L)","UN    ","AS","39,29"]
[11244,"GRELHA FOFO ARTICULADA, CARGA MAXIMA 1,5 T, *300 X 1000* MM, E= *15* MM","UN    ","AS","168,22"]
[11245,"GRELHA FOFO SIMPLES COM REQUADRO, CARGA MAXIMA  12,5 T, *300 X 1000* MM, E= *15* MM, AREA ESTACIONAMENTO CARRO PASSEIO","UN    ","AS","232,67"]
[11235,"GRELHA FOFO SIMPLES COM REQUADRO, CARGA MAXIMA 1,5 T, 150 X 1000 MM, E= *15* MM","UN    ","AS","128,37"]
[11236,"GRELHA FOFO SIMPLES COM REQUADRO, CARGA MAXIMA 1,5 T, 200 X 1000 MM, E= *15* MM","UN    ","AS","163,13"]
[11731,"GRELHA PVC BRANCA QUADRADA, 150 X 150 MM","UN    ","CR","4,35"]
[11732,"GRELHA PVC CROMADA REDONDA, 150 MM","UN    ","CR","22,10"]
[36494,"GRUA ASCENCIONAL, LANCA DE 30 M, CAPACIDADE DE 1,0 T A 30 M, ALTURA ATE 39 M","UN    ","AS","340.106,25"]
[36493,"GRUA ASCENCIONAL, LANCA DE 42 M, CAPACIDADE DE 1,5 T A 30 M, ALTURA ATE 39 M","UN    ","AS","385.326,56"]
[36492,"GRUA ASCENCIONAL, LANCA DE 50 M, CAPACIDADE DE 2,33 T A 30 M, ALTURA ATE 48 M","UN    ","AS","715.790,62"]
[13333,"GRUPO DE SOLDAGEM C/ GERADOR A DIESEL 60 CV PARA SOLDA ELETRICA, SOBRE 04 RODAS, COM MOTOR 4 CILINDROS","UN    ","CR","99.536,01"]
[13533,"GRUPO DE SOLDAGEM COM GERADOR A DIESEL 30 CV, PARA SOLDA ELETRICA, SOBRE DUAS RODAS","UN    ","CR","88.974,14"]
[36499,"GRUPO GERADOR A GASOLINA, POTENCIA NOMINAL 2,2 KW, TENSAO DE SAIDA 110/220 V, MOTOR POTENCIA 6,5 HP","UN    ","CR","1.940,95"]
[39585,"GRUPO GERADOR DIESEL, COM CARENAGEM, POTENCIA STANDART ENTRE 100 E 110 KVA, VELOCIDADE DE 1800 RPM, FREQUENCIA DE 60 HZ","UN    ","CR","64.270,40"]
[39586,"GRUPO GERADOR DIESEL, COM CARENAGEM, POTENCIA STANDART ENTRE 140 E 150 KVA, VELOCIDADE DE 1800 RPM, FREQUENCIA DE 60 HZ","UN    ","CR","75.384,83"]
[39587,"GRUPO GERADOR DIESEL, COM CARENAGEM, POTENCIA STANDART ENTRE 210 E 220 KVA, VELOCIDADE DE 1800 RPM, FREQUENCIA DE 60 HZ","UN    ","CR","91.814,86"]
[39588,"GRUPO GERADOR DIESEL, COM CARENAGEM, POTENCIA STANDART ENTRE 250 E 260 KVA, VELOCIDADE DE 1800 RPM, FREQUENCIA DE 60 HZ","UN    ","CR","106.311,94"]
[39584,"GRUPO GERADOR DIESEL, COM CARENAGEM, POTENCIA STANDART ENTRE 50 E 55 KVA, VELOCIDADE DE 1800 RPM, FREQUENCIA DE 60 HZ","UN    ","CR","57.234,48"]
[39590,"GRUPO GERADOR DIESEL, SEM CARENAGEM, POTENCIA STANDART ENTRE 100 E 110 KVA, VELOCIDADE DE 1800 RPM, FREQUENCIA DE 60 HZ","UN    ","CR","55.862,09"]
[39592,"GRUPO GERADOR DIESEL, SEM CARENAGEM, POTENCIA STANDART ENTRE 210 E 220 KVA, VELOCIDADE DE 1800 RPM, FREQUENCIA DE 60 HZ","UN    ","CR","80.275,18"]
[39593,"GRUPO GERADOR DIESEL, SEM CARENAGEM, POTENCIA STANDART ENTRE 250 E 260 KVA, VELOCIDADE DE 1800 RPM, FREQUENCIA DE 60 HZ","UN    ","CR","91.814,86"]
[14254,"GRUPO GERADOR DIESEL, SEM CARENAGEM, POTENCIA STANDART ENTRE 80 E 90 KVA, VELOCIDADE DE 1800 RPM, FREQUENCIA DE 60 HZ","UN    ","C ","52.189,50"]
[25987,"GRUPO GERADOR ESTACIONARIO SILENCIADO, POTENCIA 50 KVA, MOTOR DIESEL","UN    ","CR","43.582,39"]
[25019,"GRUPO GERADOR ESTACIONARIO, MOTOR DIESEL POTENCIA 170 KVA","UN    ","CR","74.705,09"]
[36501,"GRUPO GERADOR ESTACIONARIO, POTENCIA 150 KVA, MOTOR DIESEL","UN    ","CR","66.513,28"]
[25986,"GRUPO GERADOR ESTACIONARIO, SILENCIADO, POTENCIA 180 KVA, MOTOR DIESEL","UN    ","CR","79.961,70"]
[36500,"GRUPO GERADOR REBOCAVEL, POTENCIA *66* KVA, MOTOR A DIESEL","UN    ","CR","47.003,12"]
[20017,"GUARNICAO/ ALIZAR/ VISTA MACICA, E= *1* CM, L= *4,5* CM, EM CEDRINHO/ ANGELIM COMERCIAL/  EUCALIPTO/ CURUPIXA/ PEROBA/ CUMARU OU EQUIVALENTE DA REGIAO","M     ","CR","2,69"]
[20007,"GUARNICAO/ ALIZAR/ VISTA MACICA, E= *1* CM, L= *4,5* CM, EM PINUS/ TAUARI/ VIROLA OU EQUIVALENTE DA REGIAO","M     ","CR","2,06"]
[39836,"GUARNICAO/ALIZAR/VISTA, E = *1,3* CM, L = *5,0* CM HASTE REGULAVEL = *35* MM, EM MDF/PVC WOOD/ POLIESTIRENO OU MADEIRA LAMINADA, PRIMER BRANCO","JG    ","AS","100,06"]
[39830,"GUARNICAO/ALIZAR/VISTA, E = *1,3* CM, L = *7,0* CM, EM POLIESTIRENO, BRANCO","JG    ","AS","114,12"]
[39831,"GUARNICAO/ALIZAR/VISTA, E = *1,5* CM, L = *5,0* CM, EM POLIESTIRENO, BRANCO","JG    ","AS","113,88"]
[36888,"GUARNICAO/MOLDURA DE ACABAMENTO PARA ESQUADRIA DE ALUMINIO ANODIZADO NATURAL, PARA 1 FACE","M     ","AS","13,56"]
[40527,"GUINCHO DE ALAVANCA MANUAL, CAPACIDADE DE 1,6 T, COM 20 M DE CABO DE ACO (AQUISICAO)","UN    ","AS","2.153,00"]
[36497,"GUINCHO DE ALAVANCA MANUAL, CAPACIDADE 3,2 T COM 20 M DE CABO DE ACO DIAMETRO 16,3 MM","UN    ","AS","2.457,89"]
[36487,"GUINCHO ELETRICO DE COLUNA, CAPACIDADE 400 KG, COM MOTO FREIO, MOTOR TRIFASICO DE 1,25 CV","UN    ","AS","4.279,56"]
[25952,"GUINDASTE HIDRAULICO AUTOPROPELIDO, COM LANCA TELESCOPICA 28,80 M, CAPACIDADE MAXIMA 30 T, POTENCIA 97 KW, TRACAO 4 X 4","UN    ","AS","594.728,06"]
[25954,"GUINDASTE HIDRAULICO AUTOPROPELIDO, COM LANCA TELESCOPICA 40 M, CAPACIDADE MAXIMA 60 T, POTENCIA 260 KW, TRACAO 6 X 6","UN    ","AS","1.143.707,81"]
[25953,"GUINDASTE HIDRAULICO AUTOPROPELIDO, COM LANCA TELESCOPICA 50 M, CAPACIDADE MAXIMA 100 T, POTENCIA 350 KW, TRACAO 10 X 6","UN    ","AS","1.944.303,27"]
[37776,"GUINDAUTO HIDRAULICO, CAPACIDADE MAXIMA DE CARGA 10000 KG, MOMENTO MAXIMO DE CARGA 23 TM , ALCANCE MAXIMO HORIZONTAL 11,80 M, PARA MONTAGEM SOBRE CHASSI DE CAMINHAO PBT MINIMO 15000 KG (INCLUI MONTAGEM, NAO INCLUI CAMINHAO)","UN    ","AS","119.160,94"]
[37775,"GUINDAUTO HIDRAULICO, CAPACIDADE MAXIMA DE CARGA 14340 KG, MOMENTO MAXIMO DE CARGA 42,3 TM, ALCANCE MAXIMO HORIZONTAL 16,80 M, PARA MONTAGEM SOBRE CHASSI DE CAMINHAO PBT MINIMO 23000 KG (INCLUI MONTAGEM, NAO INCLUI CAMINHAO)","UN    ","AS","187.687,50"]
[36491,"GUINDAUTO HIDRAULICO, CAPACIDADE MAXIMA DE CARGA 30000 KG, MOMENTO MAXIMO DE CARGA 92,2 TM , ALCANCE MAXIMO HORIZONTAL  22,00 M, PARA MONTAGEM SOBRE CHASSI DE CAMINHAO PBT MINIMO 30000 KG (INCLUI MONTAGEM, NAO INCLUI CAMINHAO)","UN    ","AS","695.062,50"]
[10712,"GUINDAUTO HIDRAULICO, CAPACIDADE MAXIMA DE CARGA 3300 KG, MOMENTO MAXIMO DE CARGA 5,8 TM , ALCANCE MAXIMO HORIZONTAL  7,60 M, PARA MONTAGEM SOBRE CHASSI DE CAMINHAO PBT MINIMO 8000 KG (INCLUI MONTAGEM, NAO INCLUI CAMINHAO)","UN    ","AS","46.921,87"]
[3363,"GUINDAUTO HIDRAULICO, CAPACIDADE MAXIMA DE CARGA 6200 KG, MOMENTO MAXIMO DE CARGA 11,7 TM , ALCANCE MAXIMO HORIZONTAL  9,70 M, PARA MONTAGEM SOBRE CHASSI DE CAMINHAO PBT MINIMO 13000 KG (INCLUI MONTAGEM, NAO INCLUI CAMINHAO)","UN    ","AS","66.000,00"]
[3365,"GUINDAUTO HIDRAULICO, CAPACIDADE MAXIMA DE CARGA 8500 KG, MOMENTO MAXIMO DE CARGA 30,4 TM , ALCANCE MAXIMO HORIZONTAL  14,30 M, PARA MONTAGEM SOBRE CHASSI DE CAMINHAO PBT MINIMO 23000 KG (INCLUI MONTAGEM, NAO INCLUI CAMINHAO)","UN    ","AS","154.275,00"]
[7569,"HASTE ANCORA EM ACO GALVANIZADO, DIMENSOES 16 MM X 2000 MM","UN    ","AS","40,30"]
[34349,"HASTE DE ACO GALVANIZADO PARA FIXACAO DE CONCERTINA 2 \"/3 M","UN    ","CR","9,90"]
[3383,"HASTE DE ATERRAMENTO EM ACO COM 2,40 M DE COMPRIMENTO E DN = 5/8\", REVESTIDA COM BAIXA CAMADA DE COBRE, SEM CONECTOR","UN    ","CR","31,17"]
[38057,"HASTE DE ATERRAMENTO EM ACO COM 3,00 M DE COMPRIMENTO E DN = 1/2\", REVESTIDA COM BAIXA CAMADA DE COBRE, COM CONECTOR TIPO GRAMPO","UN    ","CR","44,82"]
[3373,"HASTE DE ATERRAMENTO EM ACO COM 3,00 M DE COMPRIMENTO E DN = 1/2\", REVESTIDA COM BAIXA CAMADA DE COBRE, SEM CONECTOR","UN    ","CR","35,57"]
[38059,"HASTE DE ATERRAMENTO EM ACO COM 3,00 M DE COMPRIMENTO E DN = 1\", REVESTIDA COM BAIXA CAMADA DE COBRE, COM CONECTOR TIPO GRAMPO","UN    ","CR","222,35"]
[38058,"HASTE DE ATERRAMENTO EM ACO COM 3,00 M DE COMPRIMENTO E DN = 1\", REVESTIDA COM BAIXA CAMADA DE COBRE, SEM CONECTOR","UN    ","CR","193,10"]
[3376,"HASTE DE ATERRAMENTO EM ACO COM 3,00 M DE COMPRIMENTO E DN = 3/4\", REVESTIDA COM BAIXA CAMADA DE COBRE, COM CONECTOR TIPO GRAMPO","UN    ","CR","60,68"]
[3378,"HASTE DE ATERRAMENTO EM ACO COM 3,00 M DE COMPRIMENTO E DN = 3/4\", REVESTIDA COM BAIXA CAMADA DE COBRE, SEM CONECTOR","UN    ","CR","59,99"]
[3380,"HASTE DE ATERRAMENTO EM ACO COM 3,00 M DE COMPRIMENTO E DN = 5/8\", REVESTIDA COM BAIXA CAMADA DE COBRE, COM CONECTOR TIPO GRAMPO","UN    ","C ","42,00"]
[3379,"HASTE DE ATERRAMENTO EM ACO COM 3,00 M DE COMPRIMENTO E DN = 5/8\", REVESTIDA COM BAIXA CAMADA DE COBRE, SEM CONECTOR","UN    ","CR","40,55"]
[11991,"HASTE DE ATERRAMENTO EM ACO GALVANIZADO TIPO CANTONEIRA COM 2,00 M DE COMPRIMENTO, 25 X 25 MM E CHAPA DE 3/16\"","UN    ","CR","47,08"]
[20062,"HASTE METALICA PARA FIXACAO DE CALHA PLUVIAL,  ZINCADA, DOBRADA 90 GRAUS","UN    ","AS","11,59"]
[11029,"HASTE RETA PARA GANCHO DE FERRO GALVANIZADO, COM ROSCA 1/4 \" X 30 CM PARA FIXACAO DE TELHA METALICA, INCLUI PORCA E ARRUELAS DE VEDACAO","CJ    ","CR","1,41"]
[4316,"HASTE RETA PARA GANCHO DE FERRO GALVANIZADO, COM ROSCA 1/4 \" X 40 CM PARA FIXACAO DE TELHA DE FIBROCIMENTO, INCLUI PORCA SEXTAVADA DE  ZINCO","UN    ","CR","1,42"]
[4313,"HASTE RETA PARA GANCHO DE FERRO GALVANIZADO, COM ROSCA 5/16\" X 35 CM PARA FIXACAO DE TELHA DE FIBROCIMENTO, INCLUI PORCA E ARRUELAS DE VEDACAO","CJ    ","CR","2,04"]
[4317,"HASTE RETA PARA GANCHO DE FERRO GALVANIZADO, COM ROSCA 5/16\" X 40 CM PARA FIXACAO DE TELHA DE FIBROCIMENTO, INCLUI PORCA SEXTAVADA DE  ZINCO","UN    ","CR","2,33"]
[4314,"HASTE RETA PARA GANCHO DE FERRO GALVANIZADO, COM ROSCA 5/16\" X 45 CM PARA FIXACAO DE TELHA DE FIBROCIMENTO, INCLUI PORCA E ARRUELAS DE VEDACAO","CJ    ","CR","2,73"]
[10561,"HEXAMETAFOSFATO DE SODIO","KG    ","CR","0,38"]
[10921,"HIDRANTE DE COLUNA COMPLETO, EM FERRO FUNDIDO, DN = 100 MM, COM REGISTRO, CUNHA DE BORRACHA, CURVA DESSIMETRICA, EXTREMIDADE E TAMPAS (INCLUI KIT FIXACAO)","UN    ","AS","3.156,55"]
[10922,"HIDRANTE DE COLUNA COMPLETO, EM FERRO FUNDIDO, DN = 75 MM, COM REGISTRO, CUNHA DE BORRACHA, CURVA DESSIMETRICA, EXTREMIDADE E TAMPAS (INCLUI KIT FIXACAO)","UN    ","AS","2.859,12"]
[10923,"HIDRANTE SUBTERRANEO, EM FERRO FUNDIDO, COM CURVA CURTA E CAIXA, DN 75 MM","UN    ","AS","1.689,86"]
[10924,"HIDRANTE SUBTERRANEO, EM FERRO FUNDIDO, COM CURVA LONGA E CAIXA, DN 75 MM","UN    ","AS","1.779,75"]
[37772,"HIDROJATEADORA PARA DESOBSTRUCAO DE REDES E GALERIAS, TANQUE 7000 L, BOMBA TRIPLEX 120 KGF/CM2 128 L/MIN (INCLUI MONTAGEM, NAO INCLUI CAMINHAO)","UN    ","AS","81.389,54"]
[37771,"HIDROJATEADORA PARA DESOBSTRUCAO DE REDES E GALERIAS, TANQUE 7000 L, BOMBA TRIPLEX 140 KGF/CM2 260 L/MIN ALIMENTADA POR MOTOR INDEPENDENTE A DIESEL POTENCIA 125 CV (INCLUI MONTAGEM, NAO INCLUI CAMINHAO)","UN    ","AS","86.585,51"]
[12770,"HIDROMETRO MULTIJATO, VAZAO MAXIMA DE 10,0 M3/H, DE 1\"","UN    ","AS","399,74"]
[12772,"HIDROMETRO MULTIJATO, VAZAO MAXIMA DE 20,0 M3/H, DE 1 1/2\"","UN    ","AS","664,35"]
[12768,"HIDROMETRO MULTIJATO, VAZAO MAXIMA DE 30,0 M3/H, DE 2\"","UN    ","AS","934,60"]
[12775,"HIDROMETRO MULTIJATO, VAZAO MAXIMA DE 7,0 M3/H, DE 1\"","UN    ","AS","292,76"]
[12769,"HIDROMETRO UNIJATO, VAZAO MAXIMA DE 1,5 M3/H, DE 1/2\"","UN    ","AS","76,57"]
[12773,"HIDROMETRO UNIJATO, VAZAO MAXIMA DE 3,0 M3/H, DE 1/2\"","UN    ","AS","82,20"]
[12774,"HIDROMETRO UNIJATO, VAZAO MAXIMA DE 5,0 M3/H, DE 3/4\"","UN    ","AS","101,34"]
[12776,"HIDROMETRO WOLTMANN, VAZAO MAXIMA DE 50,0 M3/H, DE 2\"","UN    ","AS","1.508,87"]
[12777,"HIDROMETRO WOLTMANN, VAZAO MAXIMA DE 80,0 M3/H, DE 3\"","UN    ","AS","1.970,55"]
[3391,"IGNITOR PARA LAMPADA DE VAPOR DE SODIO / VAPOR METALICO ATE 2000 W, TENSAO DE PULSO ENTRE 600 A 750 V","UN    ","AS","65,46"]
[3389,"IGNITOR PARA LAMPADA DE VAPOR DE SODIO / VAPOR METALICO ATE 400 W, TENSAO DE PULSO ENTRE 3000 A 4500 V","UN    ","AS","33,96"]
[3390,"IGNITOR PARA LAMPADA DE VAPOR DE SODIO / VAPOR METALICO ATE 400 W, TENSAO DE PULSO ENTRE 580 A 750 V","UN    ","AS","38,22"]
[12873,"IMPERMEABILIZADOR","H     ","CR","14,52"]
[41076,"IMPERMEABILIZADOR (MENSALISTA)","MES   ","CR","2.535,46"]
[1371,"IMPERMEABILIZANTE A BASE DE CIMENTO CRISTALIZANTE EM PO, MONOCOMPONENTE","KG    ","CR","6,29"]
[140,"IMPERMEABILIZANTE FLEXIVEL BRANCO DE BASE ACRILICA PARA COBERTURAS","KG    ","CR","18,99"]
[151,"IMPERMEABILIZANTE INCOLOR PARA TRATAMENTO DE FACHADAS E TELHAS, BASE SILICONE","L     ","CR","23,88"]
[7340,"IMUNIZANTE PARA MADEIRA, INCOLOR","L     ","CR","22,25"]
[2701,"INSTALADOR DE TUBULACOES (TUBOS/EQUIPAMENTOS)","H     ","CR","45,80"]
[40929,"INSTALADOR DE TUBULACOES (TUBOS/EQUIPAMENTOS) (MENSALISTA)","MES   ","CR","7.995,99"]
[38114,"INTERRUPTOR BIPOLAR SIMPLES 10 A, 250 V (APENAS MODULO)","UN    ","CR","20,15"]
[38064,"INTERRUPTOR BIPOLAR 10A, 250V, CONJUNTO MONTADO PARA EMBUTIR 4\" X 2\" (PLACA + SUPORTE + MODULO)","UN    ","CR","22,53"]
[38115,"INTERRUPTOR INTERMEDIARIO 10 A, 250 V (APENAS MODULO)","UN    ","CR","21,51"]
[38065,"INTERRUPTOR INTERMEDIARIO 10A, 250V, CONJUNTO MONTADO PARA EMBUTIR 4\" X 2\" (PLACA + SUPORTE + MODULO)","UN    ","CR","31,96"]
[38078,"INTERRUPTOR PARALELO + TOMADA 2P+T 10A, 250V, CONJUNTO MONTADO PARA EMBUTIR 4\" X 2\" (PLACA + SUPORTE + MODULOS)","UN    ","CR","18,65"]
[38113,"INTERRUPTOR PARALELO 10A, 250V (APENAS MODULO)","UN    ","CR","10,13"]
[38063,"INTERRUPTOR PARALELO 10A, 250V, CONJUNTO MONTADO PARA EMBUTIR 4\" X 2\" (PLACA + SUPORTE + MODULO)","UN    ","CR","10,87"]
[38080,"INTERRUPTOR SIMPLES + INTERRUPTOR PARALELO + TOMADA 2P+T 10A, 250V, CONJUNTO MONTADO PARA EMBUTIR 4\" X 2\" (PLACA + SUPORTE + MODULOS)","UN    ","CR","32,39"]
[38069,"INTERRUPTOR SIMPLES + INTERRUPTOR PARALELO 10A, 250V, CONJUNTO MONTADO PARA EMBUTIR 4\" X 2\" (PLACA + SUPORTE + MODULOS)","UN    ","CR","17,71"]
[38077,"INTERRUPTOR SIMPLES + TOMADA 2P+T 10A, 250V, CONJUNTO MONTADO PARA EMBUTIR 4\" X 2\" (PLACA + SUPORTE + MODULOS)","UN    ","CR","17,31"]
[38073,"INTERRUPTOR SIMPLES + 2 INTERRUPTORES PARALELOS 10A, 250V, CONJUNTO MONTADO PARA EMBUTIR 4\" X 2\" (PLACA + SUPORTE + MODULOS)","UN    ","CR","26,37"]
[38112,"INTERRUPTOR SIMPLES 10A, 250V (APENAS MODULO)","UN    ","CR","7,78"]
[38062,"INTERRUPTOR SIMPLES 10A, 250V, CONJUNTO MONTADO PARA EMBUTIR 4\" X 2\" (PLACA + SUPORTE + MODULO)","UN    ","CR","7,98"]
[12128,"INTERRUPTOR SIMPLES 10A, 250V, CONJUNTO MONTADO PARA SOBREPOR 4\" X 2\" (CAIXA + MODULO)","UN    ","CR","10,67"]
[12129,"INTERRUPTOR SIMPLES 10A, 250V, CONJUNTO MONTADO PARA SOBREPOR 4\" X 2\" (CAIXA + 2 MODULOS)","UN    ","CR","14,10"]
[38081,"INTERRUPTORES PARALELOS (2 MODULOS) + TOMADA 2P+T 10A, 250V, CONJUNTO MONTADO PARA EMBUTIR 4\" X 2\" (PLACA + SUPORTE + MODULOS)","UN    ","CR","27,47"]
[38070,"INTERRUPTORES PARALELOS (2 MODULOS) 10A, 250V, CONJUNTO MONTADO PARA EMBUTIR 4\" X 2\" (PLACA + SUPORTE + MODULOS)","UN    ","CR","18,93"]
[38074,"INTERRUPTORES PARALELOS (3 MODULOS) 10A, 250V, CONJUNTO MONTADO PARA EMBUTIR 4\" X 2\" (PLACA + SUPORTE + MODULO)","UN    ","CR","28,78"]
[38079,"INTERRUPTORES SIMPLES (2 MODULOS) + TOMADA 2P+T 10A, 250V, CONJUNTO MONTADO PARA EMBUTIR 4\" X 2\" (PLACA + SUPORTE + MODULOS)","UN    ","CR","24,70"]
[38072,"INTERRUPTORES SIMPLES (2 MODULOS) + 1 INTERRUPTOR PARALELO 10A, 250V, CONJUNTO MONTADO PARA EMBUTIR 4\" X 2\" (PLACA + SUPORTE + MODULOS)","UN    ","CR","23,74"]
[38068,"INTERRUPTORES SIMPLES (2 MODULOS) 10A, 250V, CONJUNTO MONTADO PARA EMBUTIR 4\" X 2\" (PLACA + SUPORTE + MODULOS)","UN    ","CR","16,39"]
[38071,"INTERRUPTORES SIMPLES (3 MODULOS) 10A, 250V, CONJUNTO MONTADO PARA EMBUTIR 4\" X 2\" (PLACA + SUPORTE + MODULOS)","UN    ","CR","19,59"]
[38412,"INVERSOR DE SOLDA MONOFASICO DE 160 A, POTENCIA DE 5400 W, TENSAO DE 220 V, TURBO VENTILADO, PROTECAO POR FUSIVEL TERMICO, PARA ELETRODOS DE 2,0 A 4,0 MM","UN    ","CR","977,22"]
[3405,"ISOLADOR DE PORCELANA SUSPENSO, DISCO TIPO GARFO OLHAL, DIAMETRO DE 152 MM, PARA TENSAO DE *15* KV","UN    ","AS","67,23"]
[3394,"ISOLADOR DE PORCELANA, TIPO BUCHA, PARA TENSAO DE *15* KV","UN    ","AS","354,91"]
[3393,"ISOLADOR DE PORCELANA, TIPO BUCHA, PARA TENSAO DE *35* KV","UN    ","AS","604,27"]
[3406,"ISOLADOR DE PORCELANA, TIPO PINO MONOCORPO, PARA TENSAO DE *15* KV","UN    ","AS","20,58"]
[3395,"ISOLADOR DE PORCELANA, TIPO PINO MONOCORPO, PARA TENSAO DE *35* KV","UN    ","AS","86,81"]
[3398,"ISOLADOR DE PORCELANA, TIPO ROLDANA, DIMENSOES DE *72* X *72* MM, PARA USO EM BAIXA TENSAO","UN    ","AS","4,12"]
[34379,"JANELA BASCULANTE EM ALUMINIO, 100 X 100 CM (A X L), ACABAMENTO ACET OU BRILHANTE, BATENTE/REQUADRO DE 3 A 14 CM, COM VIDRO, SEM GUARNICAO/ALIZAR","UN    ","AS","413,50"]
[34378,"JANELA BASCULANTE EM ALUMINIO, 100 X 80 CM (A X L), ACABAMENTO ACET OU BRILHANTE, BATENTE/REQUADRO DE 3 A 14 CM, COM VIDRO, SEM GUARNICAO/ALIZAR","UN    ","AS","333,05"]
[34377,"JANELA BASCULANTE EM ALUMINIO, 80 X 60 CM (A X L), ACABAMENTO ACET OU BRILHANTE, BATENTE/REQUADRO DE 3 A 14 CM, COM VIDRO, SEM GUARNICAO/ALIZAR","UN    ","AS","307,14"]
[581,"JANELA BASCULANTE EM ALUMINIO, 80 X 60 CM (A X L), BATENTE/REQUADRO DE 3 A 14 CM, COM VIDRO, SEM GUARNICAO/ALIZAR","M2    ","AS","583,36"]
[40662,"JANELA BASCULANTE EM MADEIRA PINUS/ EUCALIPTO/ TAUARI/ VIROLA OU EQUIVALENTE DA REGIAO, *60 X 60*, CAIXA DO BATENTE/ MARCO E = *10* CM, 2 BASCULAS PARA VIDRO, COM FERRAGENS (SEM VIDRO, SEM GUARNICAO/ALIZAR E SEM ACABAMENTO)","UN    ","CR","74,50"]
[3437,"JANELA BASCULANTE EM MADEIRA PINUS/ EUCALIPTO/ TAUARI/ VIROLA OU EQUIVALENTE DA REGIAO, CAIXA DO BATENTE/ MARCO *10* CM, *2* FOLHAS BASCULANTES PARA VIDRO, COM FERRAGENS (SEM VIDRO, SEM GUARNICAO/ALIZAR E SEM ACABAMENTO)","M2    ","CR","206,96"]
[11183,"JANELA BASCULANTE, ACO, COM BATENTE/REQUADRO, 100 X 100 CM (SEM VIDROS)","UN    ","AS","256,31"]
[11190,"JANELA BASCULANTE, ACO, COM BATENTE/REQUADRO, 60 X 60 CM (SEM VIDROS)","UN    ","AS","118,90"]
[616,"JANELA BASCULANTE, ACO, COM BATENTE/REQUADRO, 60 X 80 CM (SEM VIDROS)","UN    ","AS","139,83"]
[615,"JANELA BASCULANTE, ACO, COM BATENTE/REQUADRO, 60 X 80 CM (SEM VIDROS)","M2    ","AS","291,32"]
[11192,"JANELA BASCULANTE, ACO, COM BATENTE/REQUADRO, 80 X 80 CM (SEM VIDROS)","UN    ","AS","218,77"]
[11231,"JANELA BASCULANTE, ACO, COM BATENTE/REQUADRO, 80 X 80 CM (SEM VIDROS)","M2    ","AS","341,82"]
[3428,"JANELA DE ABRIR EM MADEIRA IMBUIA/CEDRO ARANA/CEDRO ROSA OU EQUIVALENTE DA REGIAO, CAIXA DO BATENTE/MARCO *10* CM, 2 FOLHAS DE ABRIR TIPO VENEZIANA E 2 FOLHAS DE ABRIR PARA VIDRO, COM GUARNICAO/ALIZAR, COM FERRAGENS, (SEM VIDRO E SEM ACABAMENTO)","M2    ","C ","307,00"]
[3429,"JANELA DE ABRIR EM MADEIRA PINUS/EUCALIPTO/ TAUARI/ VIROLA OU EQUIVALENTE DA REGIAO, CAIXA DO BATENTE/MARCO *10* CM, 2 FOLHAS DE ABRIR TIPO VENEZIANA E 2 FOLHAS GUILHOTINA PARA VIDRO, COM FERRAGENS (SEM VIDRO,SEM GUARNICAO/ALIZAR E SEM ACABAMENTO)","M2    ","CR","175,40"]
[34371,"JANELA DE CORRER EM ALUMINIO, VENEZIANA, 120  X 150 CM (A X L), 3 FLS (2 VENEZIANAS E 1 VIDRO), SEM BANDEIRA, ACABAMENTO ACET OU BRILHANTE, BATENTE/REQUADRO DE 6 A 14 CM, COM VIDRO, SEM GUARNICAO/ALIZAR","UN    ","AS","1.124,22"]
[34370,"JANELA DE CORRER EM ALUMINIO, VENEZIANA, 120 X 120 CM (A X L), 3 FLS (2 VENEZIANAS E 1 VIDRO), SEM BANDEIRA, ACABAMENTO ACET OU BRILHANTE, BATENTE/REQUADRO DE 6 A 14 CM, COM VIDRO, SEM GUARNICAO/ALIZAR","UN    ","AS","932,32"]
[34372,"JANELA DE CORRER EM ALUMINIO, VENEZIANA, 120 X 150 CM (A X L), 6 FLS (4 VENEZIANAS E 2 VIDROS), SEM BANDEIRA, ACABAMENTO ACET OU BRILHANTE, BATENTE/REQUADRO DE 6 A 14 CM, COM VIDRO, SEM GUARNICAO/ALIZAR","UN    ","AS","1.296,99"]
[34373,"JANELA DE CORRER EM ALUMINIO, VENEZIANA, 120 X 200 CM (A X L), 6 FLS (4 VENEZIANAS E 2 VIDROS), SEM BANDEIRA, ACABAMENTO ACET OU BRILHANTE,  BATENTE/REQUADRO DE 6 A 14 CM, COM VIDRO, SEM GUARNICAO/ALIZAR","UN    ","AS","1.605,48"]
[36896,"JANELA DE CORRER EM ALUMINIO, 100 X 120 CM (A X L), 2 FLS,  SEM BANDEIRA,  ACABAMENTO ACET OU BRILHANTE, BATENTE/REQUADRO DE 6 A 14 CM, COM VIDRO, SEM GUARNICAO","UN    ","AS","534,95"]
[34367,"JANELA DE CORRER EM ALUMINIO, 100 X 150 CM (A X L), 2 FLS,  SEM BANDEIRA,  ACABAMENTO ACET OU BRILHANTE, BATENTE/REQUADRO DE 6 A 14 CM, COM VIDRO, SEM GUARNICAO/ALIZAR","UN    ","AS","628,37"]
[36897,"JANELA DE CORRER EM ALUMINIO, 100 X 150 CM (A X L), 4 FLS, SEM BANDEIRA, ACABAMENTO ACET OU BRILHANTE, BATENTE/REQUADRO DE 6 A 14 CM, COM VIDRO, SEM GUARNICAO/ALIZAR","UN    ","AS","740,99"]
[36884,"JANELA DE CORRER EM ALUMINIO, 100 X 150 CM (A X L), 4 FLS, SEM BANDEIRA, ACABAMENTO ACET OU BRILHANTE, BATENTE/REQUADRO DE 6 A 14 CM, COM VIDRO, SEM GUARNICAO/ALIZAR","M2    ","AS","520,44"]
[597,"JANELA DE CORRER EM ALUMINIO, 100 X 150 CM (A X L), 4 FLS, SEM BANDEIRA, ACABAMENTO ACET OU BRILHANTE, COM VIDRO, COM GUARNICAO PARA 1 FACE","M2    ","AS","547,32"]
[34369,"JANELA DE CORRER EM ALUMINIO, 100 X 200 CM, 4 FLS,  BANDEIRA COM BASCULA,  ACABAMENTO ACET OU BRILHANTE, BATENTE/REQUADRO DE 6 A 14 CM, COM VIDRO, SEM GUARNICAO/ALIZAR","UN    ","AS","877,93"]
[34362,"JANELA DE CORRER EM ALUMINIO, 120 X 120 CM (A X L), 2 FLS, SEM BANDEIRA, ACABAMENTO ACET OU BRILHANTE,  BATENTE/REQUADRO DE 6 A 14 CM, COM VIDRO, SEM GUARNICAO/ALIZAR","UN    ","AS","609,17"]
[34363,"JANELA DE CORRER EM ALUMINIO, 120 X 150 CM (A X L), 2 FLS, SEM BANDEIRA, ACABAMENTO ACET OU BRILHANTE, BATENTE/REQUADRO DE 6 A 14 CM, COM VIDRO, SEM GUARNICAO/ALIZAR","UN    ","AS","688,52"]
[34364,"JANELA DE CORRER EM ALUMINIO, 120 X 150 CM (A X L), 4 FLS, BANDEIRA COM BASCULA,  ACABAMENTO ACET OU BRILHANTE, BATENTE/REQUADRO DE 6 A 14 CM, COM VIDRO, SEM GUARNICAO/ALIZAR","UN    ","AS","858,73"]
[34365,"JANELA DE CORRER EM ALUMINIO, 120 X 200 CM (A X L), 4 FLS, BANDEIRA COM BASCULA,  ACABAMENTO ACET OU BRILHANTE, BATENTE/REQUADRO DE 6 A 14 CM, COM VIDRO, SEM GUARNICAO/ALIZAR","UN    ","AS","967,51"]
[11199,"JANELA DE CORRER, ACO, BATENTE/REQUADRO DE 6 A 14 CM,  COM DIVISAO HORIZ , PINT ANTICORROSIVA, SEM VIDRO, BANDEIRA COM BASCULA, 4 FLS, 120  X 150 CM (A X L)","UN    ","AS","656,66"]
[34801,"JANELA DE CORRER, ACO, BATENTE/REQUADRO DE 6 A 14 CM, QUADRICULADA, PINT ANTICORROSIVA, SEM VIDRO, BANDEIRA COM BASCULA, 4 FLS, 120  X 150 CM (A X L)","UN    ","AS","823,74"]
[34799,"JANELA DE CORRER, ACO, BATENTE/REQUADRO DE 6 A 14 CM, QUADRICULADA, PINT ANTICORROSIVA, SEM VIDRO, BANDEIRA COM BASCULA, 4 FLS, 120  X 200 CM (A X L)","UN    ","AS","1.015,84"]
[622,"JANELA DE CORRER, ACO, BATENTE/REQUADRO DE 6 A 14 CM, QUADRICULADA, PINT ANTICORROSIVA, SEM VIDRO, SEM BANDEIRA, 4 FLS, 100  X 120 CM (A X L)","UN    ","AS","457,33"]
[34805,"JANELA DE CORRER, ACO, BATENTE/REQUADRO DE 6 A 14 CM, QUADRICULADA, PINT ANTICORROSIVA, SEM VIDRO, SEM BANDEIRA, 4 FLS, 120  X 150 CM (A X L)","M2    ","AS","342,28"]
[34803,"JANELA DE CORRER, ACO, BATENTE/REQUADRO DE 6 A 14 CM, QUADRICULADA, PINT ANTICORROSIVA, SEM VIDRO, SEM BANDEIRA, 4 FLS, 120  X 200 CM (A X L)","UN    ","AS","413,89"]
[606,"JANELA DE CORRER, ACO, BATENTE/REQUADRO DE 6 A 14 CM, QUADRICULADA, PINTURA ANTICORROSIVA, SEM VIDRO, BANDEIRA COM BASCULA, 4 FLS, 120  X 150 CM (A X L)","M2    ","AS","457,63"]
[11227,"JANELA DE CORRER, ACO, BATENTE/REQUADRO DE 6 A 14 CM, SEM  DIVISAO, PINT ANTICORROSIVA, SEM VIDRO, BANDEIRA COM BASCULA, 4 FLS, 120  X 200 CM (A X L)","UN    ","AS","484,70"]
[11193,"JANELA DE CORRER, ACO, BATENTE/REQUADRO DE 6 A 14 CM, VENEZIANA, PINT ANTICORROSIVA, PINT ACABAMENTO, COM VIDRO, 6 FLS, 120  X 150 CM (A X L)","M2    ","AS","463,99"]
[11194,"JANELA DE CORRER, ACO, BATENTE/REQUADRO DE 6 A 14 CM, VENEZIANA, PINT ANTICORROSIVA, SEM VIDRO, 6 FLS, 120  X 150 CM (A X L)","M2    ","AS","417,77"]
[605,"JANELA DE CORRER, ACO, COM BATENTE/REQUADRO DE 6 A 14 CM, SEM DIVISAO, PINT ANTICORROSIVA, PINT ACABAMENTO, COM VIDRO, SEM BANDEIRA, COM GRADE, 4 FLS, 100  X 120 CM (A X L)","M2    ","AS","524,67"]
[11197,"JANELA DE CORRER, ACO, COM BATENTE/REQUADRO DE 6 A 14 CM, SEM DIVISAO, PINT ANTICORROSIVA, PINT ACABAMENTO, COM VIDRO, SEM BANDEIRA, 2 FLS, 120  X 150 CM (A X L)","UN    ","AS","635,44"]
[40659,"JANELA DE 6 FOLHAS DE CORRER EM MADEIRA CEDRINHO/ ANGELIM COMERCIAL/ CURUPIXA/ CUMARU OU EQUIVALENTE DA REGIAO, CAIXA DO BATENTE/MARCO *10* CM, 2 FOLHAS DE CORRER VENEZIANA, 2 FOLHAS FIXAS VENEZIANA E 2 FOLHAS DE CORRER PARA VIDRO, COM FERRAGENS (SEM VIDRO, SEM ACABAMENTO E SEM GUARNICAO/ALIZAR)","M2    ","CR","292,82"]
[40660,"JANELA DE 6 FOLHAS DE CORRER EM MADEIRA IMBUIA/CEDRO ARANA/CEDRO ROSA OU EQUIVALENTE DA REGIAO, CAIXA DO BATENTE/MARCO *10* CM, 2 FOLHAS DE CORRER VENEZIANA, 2 FOLHAS FIXAS VENEZIANA E 2 FOLHAS DE CORRER PARA VIDRO, COM FERRAGENS (SEM VIDRO, SEM ACABAMENTO E SEM GUARNICAO/ALIZAR)","M2    ","CR","371,12"]
[40661,"JANELA DE 6 FOLHAS DE CORRER EM MADEIRA PINUS/ EUCALIPTO/ TAUARI/ VIROLA OU  EQUIVALENTE DA REGIAO, CAIXA DO BATENTE/MARCO *10* CM, 2 FOLHAS DE CORRER VENEZIANA, 2 FOLHAS FIXAS VENEZIANA E 2 FOLHAS DE CORRER PARA VIDRO, COM FERRAGENS (SEM VIDRO, SEM ACABAMENTO E SEM GUARNICAO/ALIZAR)","M2    ","CR","228,17"]
[3421,"JANELA EM MADEIRA CEDRINHO/ ANGELIM COMERCIAL/ CURUPIXA/ CUMARU OU EQUIVALENTE DA REGIAO, CAIXA DO BATENTE/MARCO *10* CM, 2 FOLHAS DE ABRIR TIPO VENEZIANA E 2 FOLHAS GUILHOTINA PARA VIDRO, COM GUARNICAO/ALIZAR, COM FERRAGENS (SEM VIDRO E SEM ACABAMENTO)","M2    ","CR","229,92"]
[599,"JANELA FIXA EM ALUMINIO, 60  X 80 CM (A X L), BATENTE/REQUADRO DE 3 A 14 CM, COM VIDRO, SEM GUARNICAO/ALIZAR","M2    ","AS","463,92"]
[34380,"JANELA FIXA EM ALUMINIO, 60 X 80 CM (A X L), BATENTE/REQUADRO DE 3 A 14 CM, COM VIDRO, SEM GUARNICAO/ALIZAR","UN    ","AS","240,59"]
[34381,"JANELA MAXIM AR EM ALUMINIO, 80 X 60 CM (A X L), BATENTE/REQUADRO DE 4 A 14 CM, COM VIDRO, SEM GUARNICAO/ALIZAR","UN    ","AS","313,54"]
[601,"JANELA MAXIM AR EM ALUMINIO, 80 X 60 CM (A X L), BATENTE/REQUADRO DE 4 A 14 CM, COM VIDRO, SEM GUARNICAO/ALIZAR","M2    ","AS","625,82"]
[3423,"JANELA MAXIM AR EM MADEIRA CEDRINHO/ ANGELIM COMERCIAL/ CURUPIXA/ CUMARU OU EQUIVALENTE DA REGIAO, CAIXA DO BATENTE/MARCO *10* CM, 1 FOLHA  PARA VIDRO, COM GUARNICAO/ALIZAR, COM FERRAGENS, (SEM VIDRO E SEM ACABAMENTO)","M2    ","CR","324,24"]
[34797,"JANELA MAXIMO AR, ACO, BATENTE / REQUADRO DE 6 A 14 CM, PINT ANTICORROSIVA, SEM VIDRO, COM GRADE, 1 FL, 60  X 80 CM (A X L)","UN    ","AS","258,98"]
[624,"JANELA MAXIMO AR, ACO, BATENTE/REQUADRO DE 6 A 14 CM, PINT ANTICORROSIVA, SEM VIDRO, COM GRADE, 1 FL, 60  X 80 CM (A X L)","M2    ","AS","539,55"]
[623,"JANELA MAXIMO AR, ACO, BATENTE/REQUADRO DE 6 A 14 CM, PINT ANTICORROSIVA, SEM VIDRO, SEM GRADE, 1 FL, 60  X 80 CM (A X L)","M2    ","AS","202,60"]
[25964,"JARDINEIRO","H     ","CR","14,05"]
[41077,"JARDINEIRO (MENSALISTA)","MES   ","CR","2.454,07"]
[20159,"JOELHO COM VISITA, PVC SERIE R, 90 GRAUS, 100 X 75 MM, PARA ESGOTO PREDIAL","UN    ","CR","24,90"]
[37963,"JOELHO CPVC, SOLDAVEL, 45 GRAUS, 15 MM, PARA AGUA QUENTE","UN    ","AS","2,23"]
[37964,"JOELHO CPVC, SOLDAVEL, 45 GRAUS, 22 MM, PARA AGUA QUENTE","UN    ","AS","3,73"]
[37965,"JOELHO CPVC, SOLDAVEL, 45 GRAUS, 28 MM, PARA AGUA QUENTE","UN    ","AS","5,40"]
[37966,"JOELHO CPVC, SOLDAVEL, 45 GRAUS, 35 MM, PARA AGUA QUENTE","UN    ","AS","9,78"]
[37967,"JOELHO CPVC, SOLDAVEL, 45 GRAUS, 42 MM, PARA AGUA QUENTE","UN    ","AS","15,69"]
[37968,"JOELHO CPVC, SOLDAVEL, 45 GRAUS, 54 MM, PARA AGUA QUENTE","UN    ","AS","34,42"]
[37969,"JOELHO CPVC, SOLDAVEL, 45 GRAUS, 73 MM, PARA AGUA QUENTE","UN    ","AS","91,96"]
[37970,"JOELHO CPVC, SOLDAVEL, 45 GRAUS, 89 MM, PARA AGUA QUENTE","UN    ","AS","107,27"]
[21118,"JOELHO CPVC, SOLDAVEL, 90 GRAUS, 15 MM, PARA AGUA QUENTE","UN    ","AS","1,69"]
[37956,"JOELHO CPVC, SOLDAVEL, 90 GRAUS, 22 MM, PARA AGUA QUENTE","UN    ","AS","2,67"]
[37957,"JOELHO CPVC, SOLDAVEL, 90 GRAUS, 28 MM, PARA AGUA QUENTE","UN    ","AS","5,64"]
[37958,"JOELHO CPVC, SOLDAVEL, 90 GRAUS, 35 MM, PARA AGUA QUENTE","UN    ","AS","9,78"]
[37959,"JOELHO CPVC, SOLDAVEL, 90 GRAUS, 42 MM, PARA AGUA QUENTE","UN    ","AS","15,69"]
[37960,"JOELHO CPVC, SOLDAVEL, 90 GRAUS, 54 MM, PARA AGUA QUENTE","UN    ","AS","33,80"]
[37961,"JOELHO CPVC, SOLDAVEL, 90 GRAUS, 73 MM, PARA AGUA QUENTE","UN    ","AS","89,67"]
[37962,"JOELHO CPVC, SOLDAVEL, 90 GRAUS, 89 MM, PARA AGUA QUENTE","UN    ","AS","104,20"]
[3533,"JOELHO DE REDUCAO, PVC SOLDAVEL, 90 GRAUS,  25 MM X 20 MM, PARA AGUA FRIA PREDIAL","UN    ","AS","1,74"]
[3538,"JOELHO DE REDUCAO, PVC SOLDAVEL, 90 GRAUS,  32 MM X 25 MM, PARA AGUA FRIA PREDIAL","UN    ","AS","2,39"]
[3497,"JOELHO DE REDUCAO, PVC, ROSCAVEL COM BUCHA DE LATAO, 90 GRAUS,  3/4\" X 1/2\", PARA AGUA FRIA PREDIAL","UN    ","AS","10,56"]
[3498,"JOELHO DE REDUCAO, PVC, ROSCAVEL, 90 GRAUS, 1\" X 3/4\", PARA AGUA FRIA PREDIAL","UN    ","AS","3,35"]
[3496,"JOELHO DE REDUCAO, PVC, ROSCAVEL, 90 GRAUS, 3/4\" X 1/2\", PARA AGUA FRIA PREDIAL","UN    ","AS","2,08"]
[38429,"JOELHO DE TRANSICAO, CPVC, SOLDAVEL, 90 GRAUS, 15 MM X 1/2\", PARA AGUA QUENTE","UN    ","AS","5,70"]
[38431,"JOELHO DE TRANSICAO, CPVC, SOLDAVEL, 90 GRAUS, 22 MM X 1/2\", PARA AGUA QUENTE","UN    ","AS","9,04"]
[38430,"JOELHO DE TRANSICAO, CPVC, SOLDAVEL, 90 GRAUS, 22 MM X 3/4\", PARA AGUA QUENTE","UN    ","AS","11,55"]
[38449,"JOELHO PARA PE DE COLUNA, 45 GRAUS, SERIE R, DN 100 MM, PARA ESGOTO PREDIAL","UN    ","CR","24,52"]
[36348,"JOELHO PPR 45 GRAUS, SOLDAVEL,  DN 20 MM, PARA AGUA QUENTE PREDIAL","UN    ","AS","1,08"]
[36349,"JOELHO PPR 45 GRAUS, SOLDAVEL, DN 25 MM, PARA AGUA QUENTE PREDIAL","UN    ","AS","1,62"]
[38433,"JOELHO PPR, 45 GRAUS, SOLDAVEL, DN 32 MM, PARA AGUA QUENTE PREDIAL","UN    ","AS","3,00"]
[38440,"JOELHO PPR, 90 GRAUS, SOLDAVEL, DN 110 MM, PARA AGUA QUENTE PREDIAL","UN    ","AS","103,72"]
[36359,"JOELHO PPR, 90 GRAUS, SOLDAVEL, DN 20 MM, PARA AGUA QUENTE PREDIAL","UN    ","AS","1,29"]
[36360,"JOELHO PPR, 90 GRAUS, SOLDAVEL, DN 25 MM, PARA AGUA QUENTE PREDIAL","UN    ","AS","1,99"]
[38434,"JOELHO PPR, 90 GRAUS, SOLDAVEL, DN 32 MM, PARA AGUA QUENTE PREDIAL","UN    ","AS","3,04"]
[38435,"JOELHO PPR, 90 GRAUS, SOLDAVEL, DN 40 MM, PARA AGUA QUENTE PREDIAL","UN    ","AS","5,78"]
[38436,"JOELHO PPR, 90 GRAUS, SOLDAVEL, DN 50 MM, PARA AGUA QUENTE PREDIAL","UN    ","AS","11,96"]
[38437,"JOELHO PPR, 90 GRAUS, SOLDAVEL, DN 63 MM, PARA AGUA QUENTE PREDIAL","UN    ","AS","17,96"]
[38438,"JOELHO PPR, 90 GRAUS, SOLDAVEL, DN 75 MM, PARA AGUA QUENTE PREDIAL","UN    ","AS","45,37"]
[38439,"JOELHO PPR, 90 GRAUS, SOLDAVEL, DN 90 MM, PARA AGUA QUENTE PREDIAL","UN    ","AS","69,16"]
[10836,"JOELHO PVC COM VISITA, 90 GRAUS, DN 100 X 50 MM, SERIE NORMAL, PARA ESGOTO PREDIAL","UN    ","AS","13,34"]
[20128,"JOELHO PVC LEVE, 45 GRAUS, DN 150 MM, PARA ESGOTO PREDIAL","UN    ","AS","33,20"]
[20131,"JOELHO PVC LEVE, 90 GRAUS, DN 150 MM, PARA ESGOTO PREDIAL","UN    ","AS","29,90"]
[3521,"JOELHO PVC,  SOLDAVEL COM ROSCA, 90 GRAUS, 20 MM X 1/2\", PARA AGUA FRIA PREDIAL","UN    ","AS","1,26"]
[3531,"JOELHO PVC,  SOLDAVEL COM ROSCA, 90 GRAUS, 25 MM X 1/2\", PARA AGUA FRIA PREDIAL","UN    ","AS","1,37"]
[3522,"JOELHO PVC,  SOLDAVEL COM ROSCA, 90 GRAUS, 25 MM X 3/4\", PARA AGUA FRIA PREDIAL","UN    ","AS","2,24"]
[3527,"JOELHO PVC,  SOLDAVEL COM ROSCA, 90 GRAUS, 32 MM X 3/4\", PARA AGUA FRIA PREDIAL","UN    ","AS","7,06"]
[10835,"JOELHO PVC, COM BOLSA E ANEL, 90 GRAUS, DN 40 X *38* MM, SERIE NORMAL, PARA ESGOTO PREDIAL","UN    ","AS","2,97"]
[3475,"JOELHO PVC, ROSCAVEL, 45 GRAUS, 1/2\", PARA AGUA FRIA PREDIAL","UN    ","AS","2,22"]
[3485,"JOELHO PVC, ROSCAVEL, 45 GRAUS, 1\", PARA AGUA FRIA PREDIAL","UN    ","AS","6,78"]
[3534,"JOELHO PVC, ROSCAVEL, 45 GRAUS, 3/4\", PARA AGUA FRIA PREDIAL","UN    ","AS","2,88"]
[3543,"JOELHO PVC, ROSCAVEL, 90 GRAUS, 1/2\", PARA AGUA FRIA PREDIAL","UN    ","AS","1,44"]
[3482,"JOELHO PVC, ROSCAVEL, 90 GRAUS, 1\", PARA AGUA FRIA PREDIAL","UN    ","AS","3,46"]
[3505,"JOELHO PVC, ROSCAVEL, 90 GRAUS, 3/4\", PARA AGUA FRIA PREDIAL","UN    ","AS","2,06"]
[3516,"JOELHO PVC, SOLDAVEL, BB, 45 GRAUS, DN 40 MM, PARA ESGOTO PREDIAL","UN    ","AS","1,91"]
[3517,"JOELHO PVC, SOLDAVEL, BB, 90 GRAUS, DN 40 MM, PARA ESGOTO PREDIAL","UN    ","AS","1,16"]
[3515,"JOELHO PVC, SOLDAVEL, COM BUCHA DE LATAO, 90 GRAUS, 20 MM X 1/2\", PARA AGUA FRIA PREDIAL","UN    ","AS","4,32"]
[20147,"JOELHO PVC, SOLDAVEL, COM BUCHA DE LATAO, 90 GRAUS, 25 MM X 1/2\", PARA AGUA FRIA PREDIAL","UN    ","AS","4,43"]
[3524,"JOELHO PVC, SOLDAVEL, COM BUCHA DE LATAO, 90 GRAUS, 25 MM X 3/4\", PARA AGUA FRIA PREDIAL","UN    ","AS","5,28"]
[3532,"JOELHO PVC, SOLDAVEL, COM BUCHA DE LATAO, 90 GRAUS, 32 MM X 3/4\", PARA AGUA FRIA PREDIAL","UN    ","AS","9,84"]
[3528,"JOELHO PVC, SOLDAVEL, PB, 45 GRAUS, DN 100 MM, PARA ESGOTO PREDIAL","UN    ","AS","6,03"]
[37952,"JOELHO PVC, SOLDAVEL, PB, 45 GRAUS, DN 150 MM, PARA ESGOTO PREDIAL","UN    ","AS","37,21"]
[37951,"JOELHO PVC, SOLDAVEL, PB, 45 GRAUS, DN 40 MM, PARA ESGOTO PREDIAL","UN    ","AS","1,61"]
[3518,"JOELHO PVC, SOLDAVEL, PB, 45 GRAUS, DN 50 MM, PARA ESGOTO PREDIAL","UN    ","AS","2,32"]
[3519,"JOELHO PVC, SOLDAVEL, PB, 45 GRAUS, DN 75 MM, PARA ESGOTO PREDIAL","UN    ","AS","5,32"]
[3520,"JOELHO PVC, SOLDAVEL, PB, 90 GRAUS, DN 100 MM, PARA ESGOTO PREDIAL","UN    ","AS","5,97"]
[37950,"JOELHO PVC, SOLDAVEL, PB, 90 GRAUS, DN 150 MM, PARA ESGOTO PREDIAL","UN    ","AS","35,89"]
[37949,"JOELHO PVC, SOLDAVEL, PB, 90 GRAUS, DN 40 MM, PARA ESGOTO PREDIAL","UN    ","AS","1,31"]
[3526,"JOELHO PVC, SOLDAVEL, PB, 90 GRAUS, DN 50 MM, PARA ESGOTO PREDIAL","UN    ","AS","1,78"]
[3509,"JOELHO PVC, SOLDAVEL, PB, 90 GRAUS, DN 75 MM, PARA ESGOTO PREDIAL","UN    ","AS","4,54"]
[3530,"JOELHO PVC, SOLDAVEL, 90 GRAUS, 110 MM, PARA AGUA FRIA PREDIAL","UN    ","AS","154,67"]
[3542,"JOELHO PVC, SOLDAVEL, 90 GRAUS, 20 MM, PARA AGUA FRIA PREDIAL","UN    ","AS","0,39"]
[3529,"JOELHO PVC, SOLDAVEL, 90 GRAUS, 25 MM, PARA AGUA FRIA PREDIAL","UN    ","AS","0,58"]
[3536,"JOELHO PVC, SOLDAVEL, 90 GRAUS, 32 MM, PARA AGUA FRIA PREDIAL","UN    ","AS","1,50"]
[3535,"JOELHO PVC, SOLDAVEL, 90 GRAUS, 40 MM, PARA AGUA FRIA PREDIAL","UN    ","AS","3,66"]
[3540,"JOELHO PVC, SOLDAVEL, 90 GRAUS, 50 MM, PARA AGUA FRIA PREDIAL","UN    ","AS","4,07"]
[3539,"JOELHO PVC, SOLDAVEL, 90 GRAUS, 60 MM, PARA AGUA FRIA PREDIAL","UN    ","AS","18,62"]
[3513,"JOELHO PVC, SOLDAVEL, 90 GRAUS, 85 MM, PARA AGUA FRIA PREDIAL","UN    ","AS","66,48"]
[3492,"JOELHO PVC, 45 GRAUS, ROSCAVEL,  1 1/2\", AGUA FRIA PREDIAL","UN    ","CR","10,43"]
[3491,"JOELHO PVC, 45 GRAUS, ROSCAVEL, 1 1/4\",  AGUA FRIA PREDIAL","UN    ","CR","8,67"]
[3493,"JOELHO PVC, 45 GRAUS, ROSCAVEL, 2\", AGUA FRIA PREDIAL","UN    ","CR","20,25"]
[12628,"JOELHO PVC, 60 GRAUS, DIAMETRO ENTRE 80 E 100 MM, PARA DRENAGEM PLUVIAL PREDIAL","UN    ","AS","5,87"]
[12629,"JOELHO PVC, 90 GRAUS, DIAMETRO ENTRE 80 E 100 MM, PARA DRENAGEM PLUVIAL PREDIAL","UN    ","AS","6,37"]
[3481,"JOELHO PVC, 90 GRAUS, ROSCAVEL, 1 1/2\",  AGUA FRIA PREDIAL","UN    ","CR","10,56"]
[3510,"JOELHO PVC, 90 GRAUS, ROSCAVEL, 1 1/4\", AGUA FRIA PREDIAL","UN    ","CR","9,27"]
[3508,"JOELHO PVC, 90 GRAUS, ROSCAVEL, 2\", AGUA FRIA PREDIAL","UN    ","C ","21,10"]
[38939,"JOELHO ROSCA FEMEA MOVEL, METALICO, PARA CONEXAO COM ANEL DESLIZANTE EM TUBO PEX, DN 16 MM X 1/2\"","UN    ","AS","10,80"]
[38940,"JOELHO ROSCA FEMEA MOVEL, METALICO, PARA CONEXAO COM ANEL DESLIZANTE EM TUBO PEX, DN 20 MM X 1/2\"","UN    ","AS","16,49"]
[38941,"JOELHO ROSCA FEMEA MOVEL, METALICO, PARA CONEXAO COM ANEL DESLIZANTE EM TUBO PEX, DN 20 MM X 3/4\"","UN    ","AS","19,48"]
[38942,"JOELHO ROSCA FEMEA MOVEL, METALICO, PARA CONEXAO COM ANEL DESLIZANTE EM TUBO PEX, DN 25 MM X 3/4\"","UN    ","AS","21,82"]
[38987,"JOELHO 45 GRAUS, PPR, SOLDAVEL, F/ F, DN 40 MM, PARA AQUA QUENTE E FRIA PREDIAL","UN    ","AS","5,38"]
[38988,"JOELHO 45 GRAUS, PPR, SOLDAVEL, F/ F, DN 50 MM, PARA AQUA QUENTE E FRIA PREDIAL","UN    ","AS","12,50"]
[38989,"JOELHO 45 GRAUS, PPR, SOLDAVEL, F/ F, DN 63 MM, PARA AQUA QUENTE E FRIA PREDIAL","UN    ","AS","16,61"]
[38990,"JOELHO 45 GRAUS, PPR, SOLDAVEL, F/ F, DN 75 MM, PARA AQUA QUENTE E FRIA PREDIAL","UN    ","AS","43,80"]
[38991,"JOELHO 45 GRAUS, PPR, SOLDAVEL, F/ F, DN 90 MM, PARA AQUA QUENTE E FRIA PREDIAL","UN    ","AS","88,49"]
[38913,"JOELHO 90 GRAUS, METALICO, PARA CONEXAO COM ANEL DESLIZANTE EM TUBO PEX, DN 16 MM","UN    ","AS","10,02"]
[38914,"JOELHO 90 GRAUS, METALICO, PARA CONEXAO COM ANEL DESLIZANTE EM TUBO PEX, DN 20 MM","UN    ","AS","11,63"]
[38915,"JOELHO 90 GRAUS, METALICO, PARA CONEXAO COM ANEL DESLIZANTE EM TUBO PEX, DN 25 MM","UN    ","AS","20,19"]
[38916,"JOELHO 90 GRAUS, METALICO, PARA CONEXAO COM ANEL DESLIZANTE EM TUBO PEX, DN 32 MM","UN    ","AS","26,63"]
[39300,"JOELHO 90 GRAUS, PLASTICO, PARA CONEXAO COM CRIMPAGEM EM TUBO PEX, DN 16 MM","UN    ","AS","9,06"]
[39301,"JOELHO 90 GRAUS, PLASTICO, PARA CONEXAO COM CRIMPAGEM EM TUBO PEX, DN 20 MM","UN    ","AS","12,56"]
[39302,"JOELHO 90 GRAUS, PLASTICO, PARA CONEXAO COM CRIMPAGEM EM TUBO PEX, DN 25 MM","UN    ","AS","15,79"]
[39303,"JOELHO 90 GRAUS, PLASTICO, PARA CONEXAO COM CRIMPAGEM EM TUBO PEX, DN 32 MM","UN    ","AS","27,76"]
[38923,"JOELHO 90 GRAUS, ROSCA FEMEA TERMINAL, METALICO, PARA CONEXAO COM ANEL DESLIZANTE EM TUBO PEX, DN 16 MM X 1/2\"","UN    ","AS","8,84"]
[38925,"JOELHO 90 GRAUS, ROSCA FEMEA TERMINAL, METALICO, PARA CONEXAO COM ANEL DESLIZANTE EM TUBO PEX, DN 20 MM X 1/2\"","UN    ","AS","9,50"]
[38926,"JOELHO 90 GRAUS, ROSCA FEMEA TERMINAL, METALICO, PARA CONEXAO COM ANEL DESLIZANTE EM TUBO PEX, DN 20 MM X 3/4\"","UN    ","AS","13,57"]
[38927,"JOELHO 90 GRAUS, ROSCA FEMEA TERMINAL, METALICO, PARA CONEXAO COM ANEL DESLIZANTE EM TUBO PEX, DN 25 MM X 3/4\"","UN    ","AS","14,51"]
[39304,"JOELHO 90 GRAUS, ROSCA FEMEA TERMINAL, PLASTICO, PARA CONEXAO COM CRIMPAGEM EM TUBO PEX, DN 16 MM X 1/2\"","UN    ","AS","11,18"]
[38924,"JOELHO 90 GRAUS, ROSCA FEMEA TERMINAL, PLASTICO, PARA CONEXAO COM CRIMPAGEM EM TUBO PEX, DN 16 MM X 3/4\"","UN    ","AS","15,93"]
[39305,"JOELHO 90 GRAUS, ROSCA FEMEA TERMINAL, PLASTICO, PARA CONEXAO COM CRIMPAGEM EM TUBO PEX, DN 20 MM X 1/2\"","UN    ","AS","14,64"]
[39306,"JOELHO 90 GRAUS, ROSCA FEMEA TERMINAL, PLASTICO, PARA CONEXAO COM CRIMPAGEM EM TUBO PEX, DN 20 MM X 3/4\"","UN    ","AS","18,32"]
[38928,"JOELHO 90 GRAUS, ROSCA FEMEA TERMINAL, PLASTICO, PARA CONEXAO COM CRIMPAGEM EM TUBO PEX, DN 25 MM X 1/2\"","UN    ","AS","16,09"]
[38929,"JOELHO 90 GRAUS, ROSCA FEMEA TERMINAL, PLASTICO, PARA CONEXAO COM CRIMPAGEM EM TUBO PEX, DN 25 MM X 1\"","UN    ","AS","28,52"]
[39307,"JOELHO 90 GRAUS, ROSCA FEMEA TERMINAL, PLASTICO, PARA CONEXAO COM CRIMPAGEM EM TUBO PEX, DN 25 MM X 3/4\"","UN    ","AS","21,08"]
[38930,"JOELHO 90 GRAUS, ROSCA FEMEA TERMINAL, PLASTICO, PARA CONEXAO COM CRIMPAGEM EM TUBO PEX, DN 32 MM X 1\"","UN    ","AS","35,84"]
[38931,"JOELHO 90 GRAUS, ROSCA MACHO TERMINAL, METALICO, PARA CONEXAO COM ANEL DESLIZANTE EM TUBO PEX, DN 16 MM X 1/2\"","UN    ","AS","9,02"]
[38932,"JOELHO 90 GRAUS, ROSCA MACHO TERMINAL, METALICO, PARA CONEXAO COM ANEL DESLIZANTE EM TUBO PEX, DN 20 MM X 1/2\"","UN    ","AS","9,11"]
[38934,"JOELHO 90 GRAUS, ROSCA MACHO TERMINAL, METALICO, PARA CONEXAO COM ANEL DESLIZANTE EM TUBO PEX, DN 20 MM X 3/4\"","UN    ","AS","13,47"]
[38935,"JOELHO 90 GRAUS, ROSCA MACHO TERMINAL, METALICO, PARA CONEXAO COM ANEL DESLIZANTE EM TUBO PEX, DN 25 MM X 3/4\"","UN    ","AS","14,41"]
[38936,"JOELHO 90 GRAUS, ROSCA MACHO TERMINAL, PLASTICO, PARA CONEXAO COM CRIMPAGEM EM TUBO PEX, DN 25 MM X 1/2\"","UN    ","AS","15,43"]
[38937,"JOELHO 90 GRAUS, ROSCA MACHO TERMINAL, PLASTICO, PARA CONEXAO COM CRIMPAGEM EM TUBO PEX, DN 25 MM X 1\"","UN    ","AS","18,81"]
[38938,"JOELHO 90 GRAUS, ROSCA MACHO TERMINAL, PLASTICO, PARA CONEXAO COM CRIMPAGEM EM TUBO PEX, DN 32 MM X 1\"","UN    ","AS","27,97"]
[3489,"JOELHO, PVC COM ROSCA E BUCHA LATAO, 90 GRAUS,  3/4\", PARA AGUA FRIA PREDIAL","UN    ","AS","9,65"]
[20151,"JOELHO, PVC SERIE R, 45 GRAUS, DN 100 MM, PARA ESGOTO PREDIAL","UN    ","CR","17,51"]
[20152,"JOELHO, PVC SERIE R, 45 GRAUS, DN 150 MM, PARA ESGOTO PREDIAL","UN    ","CR","55,50"]
[20148,"JOELHO, PVC SERIE R, 45 GRAUS, DN 40 MM, PARA ESGOTO PREDIAL","UN    ","CR","3,22"]
[20149,"JOELHO, PVC SERIE R, 45 GRAUS, DN 50 MM, PARA ESGOTO PREDIAL","UN    ","CR","4,84"]
[20150,"JOELHO, PVC SERIE R, 45 GRAUS, DN 75 MM, PARA ESGOTO PREDIAL","UN    ","CR","12,73"]
[20157,"JOELHO, PVC SERIE R, 90 GRAUS, DN 100 MM, PARA ESGOTO PREDIAL","UN    ","CR","21,76"]
[20158,"JOELHO, PVC SERIE R, 90 GRAUS, DN 150 MM, PARA ESGOTO PREDIAL","UN    ","CR","71,39"]
[20154,"JOELHO, PVC SERIE R, 90 GRAUS, DN 40 MM, PARA ESGOTO PREDIAL","UN    ","CR","3,54"]
[20155,"JOELHO, PVC SERIE R, 90 GRAUS, DN 50 MM, PARA ESGOTO PREDIAL","UN    ","CR","5,55"]
[20156,"JOELHO, PVC SERIE R, 90 GRAUS, DN 75 MM, PARA ESGOTO PREDIAL","UN    ","CR","13,19"]
[3512,"JOELHO, PVC SOLDAVEL, 45 GRAUS, 110 MM, PARA AGUA FRIA PREDIAL","UN    ","AS","141,41"]
[3499,"JOELHO, PVC SOLDAVEL, 45 GRAUS, 20 MM, PARA AGUA FRIA PREDIAL","UN    ","AS","0,59"]
[3500,"JOELHO, PVC SOLDAVEL, 45 GRAUS, 25 MM, PARA AGUA FRIA PREDIAL","UN    ","AS","1,03"]
[3501,"JOELHO, PVC SOLDAVEL, 45 GRAUS, 32 MM, PARA AGUA FRIA PREDIAL","UN    ","AS","2,75"]
[3502,"JOELHO, PVC SOLDAVEL, 45 GRAUS, 40 MM, PARA AGUA FRIA PREDIAL","UN    ","AS","4,01"]
[3503,"JOELHO, PVC SOLDAVEL, 45 GRAUS, 50 MM, PARA AGUA FRIA PREDIAL","UN    ","AS","5,00"]
[3477,"JOELHO, PVC SOLDAVEL, 45 GRAUS, 60 MM, PARA AGUA FRIA PREDIAL","UN    ","AS","17,96"]
[3478,"JOELHO, PVC SOLDAVEL, 45 GRAUS, 75 MM, PARA AGUA FRIA PREDIAL","UN    ","AS","43,53"]
[3525,"JOELHO, PVC SOLDAVEL, 45 GRAUS, 85 MM, PARA AGUA FRIA PREDIAL","UN    ","AS","49,30"]
[3511,"JOELHO, PVC SOLDAVEL, 90 GRAUS, 75 MM, PARA AGUA FRIA PREDIAL","UN    ","AS","58,97"]
[38917,"JOELHO, ROSCA FEMEA, COM BASE FIXA, METALICO, PARA CONEXAO COM ANEL DESLIZANTE EM TUBO PEX, DN 16 MM X 1/2\"","UN    ","AS","8,63"]
[38919,"JOELHO, ROSCA FEMEA, COM BASE FIXA, METALICO, PARA CONEXAO COM ANEL DESLIZANTE EM TUBO PEX, DN 20 MM X 1/2\"","UN    ","AS","12,84"]
[38922,"JOELHO, ROSCA FEMEA, COM BASE FIXA, METALICO, PARA CONEXAO COM ANEL DESLIZANTE EM TUBO PEX, DN 25 MM X 3/4\"","UN    ","AS","16,59"]
[38921,"JOELHO, ROSCA FEMEA, COM BASE FIXA, PLASTICO, PARA CONEXAO COM CRIMPAGEM EM TUBO PEX, DN 25 MM X 1/2\"","UN    ","AS","20,52"]
[38918,"JOELHO, ROSCA FEMEA, COM BASE FIXA, PLASTICO, PARA CONEXAO POR CRIMPAGEM EM TUBO PEX, DN 16 MM X 3/4\"","UN    ","AS","19,50"]
[38920,"JOELHO, ROSCA FEMEA, COM BASE FIXA, PLASTICO, PARA CONEXAO POR CRIMPAGEM EM TUBO PEX, DN 20 MM X 3/4\"","UN    ","AS","24,38"]
[3104,"JOGO DE FERRAGENS CROMADAS P/ PORTA DE VIDRO TEMPERADO, UMA FOLHA COMPOSTA: DOBRADICA SUPERIOR (101) E INFERIOR (103),TRINCO (502), FECHADURA (520),CONTRA FECHADURA (531),COM CAPUCHINHO","CJ    ","CR","328,81"]
[12032,"JOGO DE TRANQUETA E ROSETA QUADRADA DE SOBREPOR SEM FUROS, EM LATAO CROMADO, *50 X 50* MM, PARA FECHADURA DE PORTA DE BANHEIRO","JG    ","CR","35,22"]
[12030,"JOGO DE TRANQUETA E ROSETA REDONDA DE SOBREPOR SEM FUROS, EM LATAO CROMADO, DIAMETRO *50* MM, PARA FECHADURA DE PORTA DE BANHEIRO","JG    ","CR","33,10"]
[10908,"JUNCAO DE REDUCAO INVERTIDA, PVC SOLDAVEL, 100 X 50 MM, SERIE NORMAL PARA ESGOTO PREDIAL","UN    ","AS","11,09"]
[10909,"JUNCAO DE REDUCAO INVERTIDA, PVC SOLDAVEL, 100 X 75 MM, SERIE NORMAL PARA ESGOTO PREDIAL","UN    ","AS","13,48"]
[3669,"JUNCAO DE REDUCAO INVERTIDA, PVC SOLDAVEL, 75 X 50 MM, SERIE NORMAL PARA ESGOTO PREDIAL","UN    ","AS","8,12"]
[20138,"JUNCAO DE REDUCAO SIMPLES, COM BOLSA PARA ANEL, PVC LEVE,  150 X 100 MM, PARA ESGOTO PREDIAL","UN    ","AS","66,48"]
[20139,"JUNCAO DUPLA, PVC SERIE R, DN 100 X 100 X 100 MM, PARA ESGOTO PREDIAL","UN    ","CR","49,61"]
[3668,"JUNCAO DUPLA, PVC SOLDAVEL, DN 100 X 100 X 100 MM , SERIE NORMAL PARA ESGOTO PREDIAL","UN    ","AS","26,71"]
[3656,"JUNCAO DUPLA, PVC SOLDAVEL, DN 75 X 75 X 75 MM , SERIE NORMAL PARA ESGOTO PREDIAL","UN    ","AS","13,48"]
[10911,"JUNCAO INVERTIDA, PVC SOLDAVEL, 75 X 75 MM, SERIE NORMAL PARA ESGOTO PREDIAL","UN    ","AS","12,77"]
[3654,"JUNCAO PVC  ROSCAVEL, 45 GRAUS, 1/2\", PARA AGUA FRIA PREDIAL","UN    ","AS","8,38"]
[3663,"JUNCAO PVC  ROSCAVEL, 45 GRAUS, 1\", PARA AGUA FRIA PREDIAL","UN    ","AS","16,89"]
[3664,"JUNCAO PVC  ROSCAVEL, 45 GRAUS, 3/4\", PARA AGUA FRIA PREDIAL","UN    ","AS","9,67"]
[3655,"JUNCAO PVC, 45 GRAUS, ROSCAVEL, 1 1/2\", PARA AGUA FRIA PREDIAL","UN    ","CR","32,35"]
[3657,"JUNCAO PVC, 45 GRAUS, ROSCAVEL, 1 1/4\", AGUA FRIA PREDIAL","UN    ","CR","23,82"]
[3665,"JUNCAO PVC, 45 GRAUS, ROSCAVEL, 2\", AGUA FRIA PREDIAL","UN    ","CR","48,69"]
[12625,"JUNCAO PVC, 60 GRAUS, CIRCULAR,  DIAMETRO ENTRE 80 E 100 MM, PARA DRENAGEM PLUVIAL PREDIAL","UN    ","AS","8,06"]
[20136,"JUNCAO SIMPLES, PVC LEVE, 150 MM, PARA ESGOTO PREDIAL","UN    ","AS","99,21"]
[20144,"JUNCAO SIMPLES, PVC SERIE R, DN 100 X 100 MM, PARA ESGOTO PREDIAL","UN    ","CR","39,98"]
[20143,"JUNCAO SIMPLES, PVC SERIE R, DN 100 X 75 MM, PARA ESGOTO PREDIAL","UN    ","CR","38,48"]
[20145,"JUNCAO SIMPLES, PVC SERIE R, DN 150 X 100 MM, PARA ESGOTO PREDIAL","UN    ","CR","92,20"]
[20146,"JUNCAO SIMPLES, PVC SERIE R, DN 150 X 150 MM, PARA ESGOTO PREDIAL","UN    ","CR","112,13"]
[20140,"JUNCAO SIMPLES, PVC SERIE R, DN 40 X 40 MM, PARA ESGOTO PREDIAL","UN    ","CR","6,64"]
[20141,"JUNCAO SIMPLES, PVC SERIE R, DN 50 X 50 MM, PARA ESGOTO PREDIAL","UN    ","CR","9,98"]
[20142,"JUNCAO SIMPLES, PVC SERIE R, DN 75 X 75 MM, PARA ESGOTO PREDIAL","UN    ","CR","25,36"]
[3659,"JUNCAO SIMPLES, PVC, DN 100 X 50 MM, SERIE NORMAL PARA ESGOTO PREDIAL","UN    ","AS","11,33"]
[3660,"JUNCAO SIMPLES, PVC, DN 100 X 75 MM, SERIE NORMAL PARA ESGOTO PREDIAL","UN    ","AS","15,47"]
[3662,"JUNCAO SIMPLES, PVC, DN 50 X 50 MM, SERIE NORMAL PARA ESGOTO PREDIAL","UN    ","AS","5,86"]
[3661,"JUNCAO SIMPLES, PVC, DN 75 X 50 MM, SERIE NORMAL PARA ESGOTO PREDIAL","UN    ","AS","8,70"]
[3658,"JUNCAO SIMPLES, PVC, DN 75 X 75 MM, SERIE NORMAL PARA ESGOTO PREDIAL","UN    ","AS","11,09"]
[3670,"JUNCAO SIMPLES, PVC, 45 GRAUS, DN 100 X 100 MM, SERIE NORMAL PARA ESGOTO PREDIAL","UN    ","AS","15,69"]
[3666,"JUNCAO SIMPLES, PVC, 45 GRAUS, DN 40 X 40 MM, SERIE NORMAL PARA ESGOTO PREDIAL","UN    ","AS","2,46"]
[14157,"JUNCAO 2 GARRAS PARA FITA PERFURADA","UN    ","AS","1,36"]
[10865,"JUNCAO, PVC PBA, BBB, DN 50 / DE 60 MM, PARA REDE DE AGUA (NBR 5647)","UN    ","AS","10,18"]
[3653,"JUNCAO, PVC, 45 GRAUS, JE, BBB, DN 100 MM, PARA REDE COLETORA DE ESGOTO (NBR 10569)","UN    ","AS","20,55"]
[3649,"JUNCAO, PVC, 45 GRAUS, JE, BBB, DN 150 MM, PARA REDE COLETORA DE ESGOTO (NBR 10569)","UN    ","AS","52,62"]
[3651,"JUNCAO, PVC, 45 GRAUS, JE, BBB, DN 200 MM, PARA REDE COLETORA DE ESGOTO (NBR 10569)","UN    ","AS","79,24"]
[3650,"JUNCAO, PVC, 45 GRAUS, JE, BBB, DN 250 MM, PARA REDE COLETORA DE ESGOTO (NBR 10569)","UN    ","AS","110,38"]
[3645,"JUNCAO, PVC, 45 GRAUS, JE, BBB, DN 300 MM, PARA REDE COLETORA DE ESGOTO (NBR 10569)","UN    ","AS","240,80"]
[3646,"JUNCAO, PVC, 45 GRAUS, JE, BBB, DN 350 MM, PARA REDE COLETORA DE ESGOTO (NBR 10569)","UN    ","AS","392,06"]
[3647,"JUNCAO, PVC, 45 GRAUS, JE, BBB, DN 400 MM, PARA REDE COLETORA DE ESGOTO (NBR 10569)","UN    ","AS","450,20"]
[39875,"JUNTA DE EXPANSAO BRONZE/LATAO (REF 900), PONTA X PONTA, 35 MM","UN    ","AS","254,69"]
[39876,"JUNTA DE EXPANSAO BRONZE/LATAO (REF 900), PONTA X PONTA, 42 MM","UN    ","AS","318,88"]
[39877,"JUNTA DE EXPANSAO BRONZE/LATAO (REF 900), PONTA X PONTA, 54 MM","UN    ","AS","442,27"]
[39878,"JUNTA DE EXPANSAO BRONZE/LATAO (REF 900), PONTA X PONTA, 66 MM","UN    ","AS","584,17"]
[39872,"JUNTA DE EXPANSAO DE COBRE (REF 900), PONTA X PONTA, 15 MM","UN    ","AS","174,66"]
[39873,"JUNTA DE EXPANSAO DE COBRE (REF 900), PONTA X PONTA, 22 MM","UN    ","AS","202,60"]
[39874,"JUNTA DE EXPANSAO DE COBRE (REF 900), PONTA X PONTA, 28 MM","UN    ","AS","222,53"]
[3674,"JUNTA DILATACAO ELASTICA PARA CONCRETO (FUGENBAND) O-12, ATE 5 MCA","M     ","AS","58,37"]
[3681,"JUNTA DILATACAO ELASTICA PARA CONCRETO (FUGENBAND) O-22, ATE 30 MCA","M     ","AS","86,85"]
[3676,"JUNTA DILATACAO ELASTICA PARA CONCRETO (FUGENBAND) O-35/10, ATE 100 MCA","M     ","AS","326,87"]
[3679,"JUNTA DILATACAO ELASTICA PARA CONCRETO (FUGENBAND) O-35/6, ATE 100 MCA","M     ","AS","270,42"]
[3672,"JUNTA PLASTICA DE DILATACAO PARA PISOS, COR CINZA, 10 X 4,5 MM (ALTURA X ESPESSURA)","M     ","AS","0,92"]
[3671,"JUNTA PLASTICA DE DILATACAO PARA PISOS, COR CINZA, 17 X 3 MM (ALTURA X ESPESSURA)","M     ","AS","0,87"]
[3673,"JUNTA PLASTICA DE DILATACAO PARA PISOS, COR CINZA, 27 X 3 MM (ALTURA X ESPESSURA)","M     ","AS","1,36"]
[38394,"KIT ACESSORIOS PARA COMPRESSOR DE AR, 5 PECAS (PISTOLAS PINTURA, LIMPEZA E PULVERIZACAO, CALIBRADOR E MANGUEIRA)","UN    ","CR","285,17"]
[3729,"KIT CAVALETE PVC COM REGISTRO 1/2\", COMPLETO","UN    ","AS","31,25"]
[63,"KIT CAVALETE PVC COM REGISTRO 3/4\", COMPLETO","UN    ","AS","29,59"]
[39357,"KIT CHASSI COZINHA, CUBA SIMPLES SEM MAQUINA LAVAR LOUCA PARA INSTALACAO PEX, QUADRO METALICO COM TRAVESSA COM FURO PARA ESGOTO DN 50 MM E FUROS SUPERIORES PARA AGUA, LARGURA *340* MM X ALTURA *650* MM, PARA CONEXAO COM ANEL DESLIZANTE (INCLUI TUBOS E CONEXOES PEX E TUBO E CONEXAO ESGOTO, NAO INCLUI CARENAGEM)","UN    ","AS","78,43"]
[39358,"KIT CHASSI COZINHA, CUBA SIMPLES SEM MAQUINA LAVAR LOUCA PARA INSTALACAO PEX, QUADRO METALICO COM TRAVESSA COM FURO PARA ESGOTO DN 50 MM E FUROS SUPERIORES PARA AGUA, LARGURA *340* MM X ALTURA *650* MM, PARA CONEXAO COM CRIMPAGEM (INCLUI TUBOS E CONEXOESPEX E TUBO E CONEXAO ESGOTO, NAO INCLUI CARENAGEM)","UN    ","AS","86,00"]
[39356,"KIT CHASSI TANQUE COM MAQUINA LAVAR ROUPA PARA INSTALACAO PEX, QUADRO METALICO COM TRAVESSA COM  FURO PARA ESGOTO DN 50 MM, FURO LATERAL PARA MAQUINA E FUROS SUPERIORES PARA AGUA, LARGURA *344* MM X ALTURA *442* MM, PARA CONEXAO COM CRIMPAGEM (INCLUI TUBOS E CONEXOES PEX E TUBO E CONEXAO ESGOTO, NAO INCLUI CARENAGEM)","UN    ","AS","146,72"]
[39355,"KIT CHASSI TANQUE COM MAQUINA LAVAR ROUPA PARA INSTALACAO PEX, QUADRO METALICO COM TRAVESSA COM FURO PARA ESGOTO DN 50 MM, FURO LATERAL PARA MAQUINA E FUROS SUPERIORES PARA AGUA, LARGURA *344* MM X ALTURA *442* MM, PARA CONEXAO COM ANEL DESLIZANTE (INCLUI TUBOS E CONEXOES PEX E TUBO E CONEXAO ESGOTO, NAO INCLUI CARENAGEM)","UN    ","AS","126,26"]
[39353,"KIT CHUVEIRO PARA INSTALACAO PEX, QUADRO METALICO COM 2 TRAVESSAS, SUPERIOR COM ESPERA PARA CHUVEIRO E INFERIOR COM 2 REGISTROS DE PRESSAO DE 1/2 \", LARGURA DE *390* MM X ALTURA DE *900* MM, PARA CONEXAO COM ANEL DESLIZANTE (INCLUI REGISTROS PRESSAO E TUBOS PEX COM CONEXOES, SEM REGISTRO GAVETA, NAO INCLUI CARENAGEM)","UN    ","AS","173,14"]
[39354,"KIT CHUVEIRO PARA INSTALACAO PEX, QUADRO METALICO COM 2 TRAVESSAS, SUPERIOR COM ESPERA PARA CHUVEIRO E INFERIOR COM 2 REGISTROS DE PRESSAO DE 1/2 \", LARGURA DE *390* MM X ALTURA DE *900* MM, PARA CONEXAO COM CRIMPAGEM (INCLUI REGISTROS PRESSAO E TUBOS PEX COM CONEXOES, SEM REGISTRO GAVETA, NAO INCLUI CARENAGEM)","UN    ","AS","172,56"]
[39398,"KIT DE ACESSORIOS PARA BANHEIRO EM METAL CROMADO, 5 PECAS","UN    ","CR","128,91"]
[13343,"KIT DE MATERIAIS PARA BRACADEIRA PARA FIXACAO EM POSTE CIRCULAR, CONTEM TRES FIXADORES E UM ROLO DE FITA DE 3 M EM ACO CARBONO","UN    ","CR","28,02"]
[12118,"KIT DE PROTECAO ARSTOP PARA AR CONDICIONADO, TOMADA PADRAO 2P+T 20 A, COM DISJUNTOR UNIPOLAR DIN 20A","UN    ","CR","25,60"]
[39482,"KIT PORTA PRONTA DE MADEIRA, FOLHA LEVE (NBR 15930) DE 60 X 210 CM, E = *35* MM, COM MARCO EM ACO, NUCLEO COLMEIA, CAPA LISA EM HDF, ACABAMENTO MELAMINICO BRANCO (INCLUI MARCO, ALIZARES, DOBRADICAS E FECHADURA)","UN    ","CR","258,91"]
[39486,"KIT PORTA PRONTA DE MADEIRA, FOLHA LEVE (NBR 15930) DE 60 X 210 CM, E = 35 MM, NUCLEO COLMEIA, ESTRUTURA USINADA PARA FECHADURA, CAPA LISA EM HDF, ACABAMENTO EM PRIMER PARA PINTURA (INCLUI MARCO, ALIZARES E DOBRADICAS)","UN    ","CR","228,11"]
[39483,"KIT PORTA PRONTA DE MADEIRA, FOLHA LEVE (NBR 15930) DE 70 X 210 CM, E = *35* MM, COM MARCO EM ACO, NUCLEO COLMEIA, CAPA LISA EM HDF, ACABAMENTO MELAMINICO BRANCO (INCLUI MARCO, ALIZARES, DOBRADICAS E FECHADURA)","UN    ","CR","246,94"]
[39487,"KIT PORTA PRONTA DE MADEIRA, FOLHA LEVE (NBR 15930) DE 70 X 210 CM, E = 35 MM, NUCLEO COLMEIA, ESTRUTURA USINADA PARA FECHADURA, CAPA LISA EM HDF, ACABAMENTO EM PRIMER PARA PINTURA (INCLUI MARCO, ALIZARES E DOBRADICAS)","UN    ","CR","230,46"]
[39484,"KIT PORTA PRONTA DE MADEIRA, FOLHA LEVE (NBR 15930) DE 80 X 210 CM, E = *35* MM, COM MARCO EM ACO, NUCLEO COLMEIA, CAPA LISA EM HDF, ACABAMENTO MELAMINICO BRANCO (INCLUI MARCO, ALIZARES, DOBRADICAS E FECHADURA)","UN    ","CR","249,29"]
[39488,"KIT PORTA PRONTA DE MADEIRA, FOLHA LEVE (NBR 15930) DE 80 X 210 CM, E = 35 MM, NUCLEO COLMEIA, ESTRUTURA USINADA PARA FECHADURA, CAPA LISA EM HDF, ACABAMENTO EM PRIMER PARA PINTURA (INCLUI MARCO, ALIZARES E DOBRADICAS)","UN    ","CR","232,82"]
[39485,"KIT PORTA PRONTA DE MADEIRA, FOLHA LEVE (NBR 15930) DE 90 X 210 CM, E = *35* MM, COM MARCO EM ACO, NUCLEO COLMEIA, CAPA LISA EM HDF, ACABAMENTO MELAMINICO BRANCO (INCLUI MARCO, ALIZARES, DOBRADICAS E FECHADURA)","UN    ","CR","261,08"]
[39489,"KIT PORTA PRONTA DE MADEIRA, FOLHA LEVE (NBR 15930) DE 90 X 210 CM, E = 35 MM, NUCLEO COLMEIA, ESTRUTURA USINADA PARA FECHADURA, CAPA LISA EM HDF, ACABAMENTO EM PRIMER PARA PINTURA (INCLUI MARCO, ALIZARES E DOBRADICAS)","UN    ","CR","244,60"]
[39494,"KIT PORTA PRONTA DE MADEIRA, FOLHA MEDIA (NBR 15930) DE 60 X 210 CM, E = 35 MM, NUCLEO SARRAFEADO, ESTRUTURA USINADA PARA FECHADURA, CAPA LISA EM HDF, ACABAMENTO EM PRIMER PARA PINTURA (INCLUI MARCO, ALIZARES E DOBRADICAS)","UN    ","CR","249,50"]
[39490,"KIT PORTA PRONTA DE MADEIRA, FOLHA MEDIA (NBR 15930) DE 60 X 210 CM, E = 35 MM, NUCLEO SARRAFEADO, ESTRUTURA USINADA PARA FECHADURA, CAPA LISA EM HDF, ACABAMENTO MELAMINICO BRANCO (INCLUI MARCO, ALIZARES E DOBRADICAS)","UN    ","CR","282,83"]
[39495,"KIT PORTA PRONTA DE MADEIRA, FOLHA MEDIA (NBR 15930) DE 70 X 210 CM, E = 35 MM, NUCLEO SARRAFEADO, ESTRUTURA USINADA PARA FECHADURA, CAPA LISA EM HDF, ACABAMENTO EM PRIMER PARA PINTURA (INCLUI MARCO, ALIZARES E DOBRADICAS)","UN    ","CR","258,91"]
[39491,"KIT PORTA PRONTA DE MADEIRA, FOLHA MEDIA (NBR 15930) DE 70 X 210 CM, E = 35 MM, NUCLEO SARRAFEADO, ESTRUTURA USINADA PARA FECHADURA, CAPA LISA EM HDF, ACABAMENTO MELAMINICO BRANCO (INCLUI MARCO, ALIZARES E DOBRADICAS)","UN    ","CR","291,86"]
[39496,"KIT PORTA PRONTA DE MADEIRA, FOLHA MEDIA (NBR 15930) DE 80 X 210 CM, E = 35 MM, NUCLEO SARRAFEADO, ESTRUTURA USINADA PARA FECHADURA, CAPA LISA EM HDF, ACABAMENTO EM PRIMER PARA PINTURA (INCLUI MARCO, ALIZARES E DOBRADICAS)","UN    ","CR","268,23"]
[39492,"KIT PORTA PRONTA DE MADEIRA, FOLHA MEDIA (NBR 15930) DE 80 X 210 CM, E = 35 MM, NUCLEO SARRAFEADO, ESTRUTURA USINADA PARA FECHADURA, CAPA LISA EM HDF, ACABAMENTO MELAMINICO BRANCO (INCLUI MARCO, ALIZARES E DOBRADICAS)","UN    ","CR","293,65"]
[39497,"KIT PORTA PRONTA DE MADEIRA, FOLHA MEDIA (NBR 15930) DE 90 X 210 CM, E = 35 MM, NUCLEO SARRAFEADO, ESTRUTURA USINADA PARA FECHADURA, CAPA LISA EM HDF, ACABAMENTO EM PRIMER PARA PINTURA (INCLUI MARCO, ALIZARES E DOBRADICAS)","UN    ","CR","277,65"]
[39493,"KIT PORTA PRONTA DE MADEIRA, FOLHA MEDIA (NBR 15930) DE 90 X 210 CM, E = 35 MM, NUCLEO SARRAFEADO, ESTRUTURA USINADA PARA FECHADURA, CAPA LISA EM HDF, ACABAMENTO MELAMINICO BRANCO (INCLUI MARCO, ALIZARES E DOBRADICAS)","UN    ","CR","310,69"]
[39500,"KIT PORTA PRONTA DE MADEIRA, FOLHA PESADA (NBR 15930) DE 80 X 210 CM, E = 35 MM, NUCLEO SOLIDO, CAPA LISA EM HDF, ACABAMENTO MELAMINICO BRANCO (INCLUI MARCO, ALIZARES, DOBRADICAS E FECHADURA EXTERNA)","UN    ","CR","311,71"]
[39498,"KIT PORTA PRONTA DE MADEIRA, FOLHA PESADA (NBR 15930) DE 80 X 210 CM, E = 35 MM, NUCLEO SOLIDO, ESTRUTURA USINADA PARA FECHADURA, CAPA LISA EM HDF, ACABAMENTO EM LAMINADO NATURAL COM VERNIZ (INCLUI MARCO, ALIZARES E DOBRADICAS)","UN    ","CR","346,61"]
[39501,"KIT PORTA PRONTA DE MADEIRA, FOLHA PESADA (NBR 15930) DE 90 X 210 CM, E = 35 MM, NUCLEO SOLIDO, CAPA LISA EM HDF, ACABAMENTO MELAMINICO BRANCO (INCLUI MARCO, ALIZARES, DOBRADICAS E FECHADURA EXTERNA)","UN    ","CR","319,83"]
[39499,"KIT PORTA PRONTA DE MADEIRA, FOLHA PESADA (NBR 15930) DE 90 X 210 CM, E = 35 MM, NUCLEO SOLIDO, ESTRUTURA USINADA PARA FECHADURA, CAPA LISA EM HDF, ACABAMENTO EM LAMINADO NATURAL COM VERNIZ (INCLUI MARCO, ALIZARES E DOBRADICAS)","UN    ","CR","376,01"]
[3733,"LADRILHO HIDRAULICO, *20 x 20* CM, E= 2 CM, PADRAO COPACABANA, 2 CORES (PRETO E BRANCO)","M2    ","AS","47,40"]
[3731,"LADRILHO HIDRAULICO, *20 X 20* CM, E= 2 CM, DADOS, COR NATURAL","M2    ","AS","44,00"]
[38137,"LADRILHO HIDRAULICO, *20 X 20* CM, E= 2 CM, RAMPA, NATURAL","M2    ","AS","44,26"]
[38135,"LADRILHO HIDRAULICO, *20 X 20* CM, E= 2 CM, TATIL ALERTA OU DIRECIONAL, AMARELO","M2    ","AS","56,10"]
[38138,"LADRILHO HIDRAULICO, *30 X 30* CM, E= 2 CM, MILANO, NATURAL","M2    ","AS","43,46"]
[3736,"LAJE PRE-MOLDADA CONVENCIONAL (LAJOTAS + VIGOTAS) PARA FORRO, UNIDIRECIONAL, SOBRECARGA DE 100 KG/M2, VAO ATE 4,00 M (SEM COLOCACAO)","M2    ","C ","30,00"]
[3741,"LAJE PRE-MOLDADA CONVENCIONAL (LAJOTAS + VIGOTAS) PARA FORRO, UNIDIRECIONAL, SOBRECARGA DE 100 KG/M2, VAO ATE 4,50 M (SEM COLOCACAO)","M2    ","CR","31,27"]
[3745,"LAJE PRE-MOLDADA CONVENCIONAL (LAJOTAS + VIGOTAS) PARA FORRO, UNIDIRECIONAL, SOBRECARGA 100 KG/M2, VAO ATE 5,00 M (SEM COLOCACAO)","M2    ","CR","33,72"]
[3743,"LAJE PRE-MOLDADA CONVENCIONAL (LAJOTAS + VIGOTAS) PARA PISO, UNIDIRECIONAL, SOBRECARGA DE 200 KG/M2, VAO ATE 3,50 M (SEM COLOCACAO)","M2    ","CR","31,16"]
[3744,"LAJE PRE-MOLDADA CONVENCIONAL (LAJOTAS + VIGOTAS) PARA PISO, UNIDIRECIONAL, SOBRECARGA DE 200 KG/M2, VAO ATE 4,50 M (SEM COLOCACAO)","M2    ","CR","34,30"]
[3739,"LAJE PRE-MOLDADA CONVENCIONAL (LAJOTAS + VIGOTAS) PARA PISO, UNIDIRECIONAL, SOBRECARGA DE 200 KG/M2, VAO ATE 5,00 M (SEM COLOCACAO)","M2    ","CR","36,04"]
[3737,"LAJE PRE-MOLDADA CONVENCIONAL (LAJOTAS + VIGOTAS) PARA PISO, UNIDIRECIONAL, SOBRECARGA DE 350 KG/M2, VAO ATE 4,50 M (SEM COLOCACAO)","M2    ","CR","37,79"]
[3738,"LAJE PRE-MOLDADA CONVENCIONAL (LAJOTAS + VIGOTAS) PARA PISO, UNIDIRECIONAL, SOBRECARGA DE 350 KG/M2, VAO ATE 5,00 M (SEM COLOCACAO)","M2    ","CR","43,60"]
[3747,"LAJE PRE-MOLDADA CONVENCIONAL (LAJOTAS + VIGOTAS) PARA PISO, UNIDIRECIONAL, SOBRECARGA 350 KG/M2 VAO ATE 3,50 M (SEM COLOCACAO)","M2    ","CR","34,30"]
[11649,"LAJE PRE-MOLDADA DE TRANSICAO EXCENTRICA EM CONCRETO ARMADO, DN 1200 MM, FURO CIRCULAR DN 600 MM, ESPESSURA 12 CM","UN    ","CR","248,83"]
[11650,"LAJE PRE-MOLDADA DE TRANSICAO EXCENTRICA EM CONCRETO ARMADO, DN 1500 MM, FURO CIRCULAR DN 530 MM, ESPESSURA 15 CM","UN    ","CR","424,12"]
[3742,"LAJE PRE-MOLDADA TRELICADA (LAJOTAS + VIGOTAS) PARA FORRO, UNIDIRECIONAL, SOBRECARGA DE 100 KG/M2, VAO ATE 6,00 M (SEM COLOCACAO)","M2    ","CR","45,23"]
[3746,"LAJE PRE-MOLDADA TRELICADA (LAJOTAS + VIGOTAS) PARA PISO, UNIDIRECIONAL, SOBRECARGA DE 200 KG/M2, VAO ATE 6,00 M (SEM COLOCACAO)","M2    ","CR","52,81"]
[13250,"LAJOTA CERAMICA 20  X 30 CM PARA LAJE PRE-MOLDADA","UN    ","CR","0,52"]
[11641,"LAJOTA CERAMICA 20 X 30 CM PARA LAJE PRE-MOLDADA","M2    ","CR","8,82"]
[21106,"LAMBRIS DE ALUMINIO *0,6* KG/M","KG    ","AS","18,32"]
[3755,"LAMPADA DE LUZ MISTA 160 W, BASE E27 (220 V)","UN    ","CR","26,64"]
[3750,"LAMPADA DE LUZ MISTA 250 W, BASE E27 (220 V)","UN    ","CR","35,82"]
[3756,"LAMPADA DE LUZ MISTA 500 W, BASE E40 (220 V)","UN    ","CR","66,94"]
[39377,"LAMPADA FLUORESCENTE COMPACTA BRANCA 135 W, BASE E40 (127/220 V)","UN    ","CR","198,30"]
[38191,"LAMPADA FLUORESCENTE COMPACTA 2U BRANCA 15 W, BASE E27 (127/220 V)","UN    ","CR","14,76"]
[39381,"LAMPADA FLUORESCENTE COMPACTA 2U/3U BRANCA 9/10 W, BASE E27 (127/220 V)","UN    ","CR","13,77"]
[38780,"LAMPADA FLUORESCENTE COMPACTA 3U BRANCA 20 W, BASE E27 (127/220 V)","UN    ","CR","16,85"]
[38781,"LAMPADA FLUORESCENTE ESPIRAL BRANCA 45 W, BASE E27 (127/220 V)","UN    ","CR","56,88"]
[38192,"LAMPADA FLUORESCENTE ESPIRAL BRANCA 65 W, BASE E27 (127/220 V)","UN    ","CR","102,92"]
[3753,"LAMPADA FLUORESCENTE TUBULAR T10, DE 20 OU 40 W, BIVOLT","UN    ","CR","9,01"]
[38782,"LAMPADA FLUORESCENTE TUBULAR T5 DE 14 W, BIVOLT","UN    ","CR","11,73"]
[38778,"LAMPADA FLUORESCENTE TUBULAR T8 DE 16/18 W, BIVOLT","UN    ","CR","8,80"]
[38779,"LAMPADA FLUORESCENTE TUBULAR T8 DE 32/36 W, BIVOLT","UN    ","CR","9,33"]
[39388,"LAMPADA LED TIPO DICROICA BIVOLT, LUZ BRANCA, 5 W (BASE GU10)","UN    ","CR","45,47"]
[39387,"LAMPADA LED TUBULAR BIVOLT 18/20 W, BASE G13","UN    ","CR","76,69"]
[39386,"LAMPADA LED TUBULAR BIVOLT 9/10 W, BASE G13","UN    ","CR","50,72"]
[38194,"LAMPADA LED 10 W BIVOLT BRANCA, FORMATO TRADICIONAL (BASE E27)","UN    ","CR","43,24"]
[38193,"LAMPADA LED 6 W BIVOLT BRANCA, FORMATO TRADICIONAL (BASE E27)","UN    ","CR","31,98"]
[12216,"LAMPADA VAPOR DE SODIO OVOIDE 150 W (BASE E40)","UN    ","CR","51,47"]
[3757,"LAMPADA VAPOR DE SODIO OVOIDE 250 W (BASE E40)","UN    ","CR","59,51"]
[3758,"LAMPADA VAPOR DE SODIO OVOIDE 400 W (BASE E40)","UN    ","CR","69,39"]
[12214,"LAMPADA VAPOR MERCURIO 125 W (BASE E27)","UN    ","CR","23,76"]
[3749,"LAMPADA VAPOR MERCURIO 250 W (BASE E40)","UN    ","C ","42,35"]
[3751,"LAMPADA VAPOR MERCURIO 400 W (BASE E40)","UN    ","CR","57,79"]
[39376,"LAMPADA VAPOR METALICO OVOIDE 150 W, BASE E27/E40","UN    ","CR","48,72"]
[3752,"LAMPADA VAPOR METALICO TUBULAR 400 W (BASE E40)","UN    ","CR","95,34"]
[746,"LAVADORA DE ALTA PRESSAO (LAVA-JATO) PARA AGUA FRIA, PRESSAO DE OPERACAO ENTRE 1400 E 1900 LIB/POL2, VAZAO MAXIMA ENTRE  400 E 700 L/H","UN    ","C ","2.069,00"]
[36521,"LAVATORIO DE CANTO LOUCA BRANCA SUSPENSO *40 X 30* CM","UN    ","CR","109,86"]
[36794,"LAVATORIO LOUCA BRANCA COM COLUNA *44 X 35,5* CM","UN    ","CR","111,99"]
[10426,"LAVATORIO LOUCA BRANCA COM COLUNA *54 X 44* CM","UN    ","CR","161,30"]
[10425,"LAVATORIO LOUCA BRANCA SUSPENSO *40 X 30* CM","UN    ","CR","71,13"]
[10431,"LAVATORIO LOUCA COR COM COLUNA *54 X 44* CM","UN    ","CR","176,96"]
[10429,"LAVATORIO LOUCA COR SUSPENSO *40 X 30* CM","UN    ","CR","84,83"]
[20269,"LAVATORIO/CUBA DE EMBUTIR OVAL LOUCA BRANCA SEM LADRAO *50 X 35* CM","UN    ","CR","69,92"]
[20270,"LAVATORIO/CUBA DE EMBUTIR OVAL LOUCA COR SEM LADRAO *50 X 35* CM","UN    ","CR","76,14"]
[11696,"LAVATORIO/CUBA DE SOBREPOR OVAL PEQUENA LOUCA BRANCA SEM LADRAO *31 X 44*","UN    ","CR","111,23"]
[10427,"LAVATORIO/CUBA DE SOBREPOR RETANGULAR LOUCA BRANCA COM LADRAO *52 X 45* CM","UN    ","CR","199,44"]
[10428,"LAVATORIO/CUBA DE SOBREPOR RETANGULAR LOUCA COR COM LADRAO *52 X 45* CM","UN    ","CR","202,42"]
[2354,"LEITURISTA OU CADASTRISTA DE REDES DE AGUA E ESGOTO","H     ","CR","9,40"]
[40932,"LEITURISTA OU CADASTRISTA DE REDES DE AGUA E ESGOTO (MENSALISTA)","MES   ","CR","1.643,90"]
[10853,"LETRA ACO INOX (AISI 304), CHAPA NUM. 22, RECORTADO, H= 20 CM (SEM RELEVO)","UN    ","CR","73,27"]
[5093,"LEVANTADOR DE JANELA GUILHOTINA, EM LATAO CROMADO","PAR   ","CR","11,19"]
[37768,"LIMPADORA A SUCCAO, TANQUE 12000 L, BASCULAMENTO HIDRAULICO, BOMBA 12 M3/MIN 95% VACUO (INCLUI MONTAGEM, NAO INCLUI CAMINHAO)","UN    ","AS","70.000,00"]
[37773,"LIMPADORA DE SUCCAO TANQUE 7000 L, BOMBA 12 M3/MIN 95% VACUO (INCLUI MONTAGEM, NAO INCLUI CAMINHAO)","UN    ","AS","59.441,80"]
[37769,"LIMPADORA DE SUCCAO, TANQUE 11000 L, BOMBA 340 M3/MIN (INCLUI MONTAGEM, NAO INCLUI CAMINHAO)","UN    ","AS","99.513,06"]
[37770,"LIMPADORA DE SUCCAO, TANQUE 5500 L, BOMBA 60M3/MIN, VACUO 500 MBAR (INCLUI MONTAGEM, NAO INCLUI CAMINHAO)","UN    ","AS","168.889,54"]
[38382,"LINHA DE PEDREIRO LISA 100 M","UN    ","CR","10,37"]
[6091,"LIQUIDO PARA BRILHO PAREDES INTERNAS","L     ","CR","16,50"]
[38383,"LIXA D'AGUA EM FOLHA, GRAO 100","UN    ","CR","1,94"]
[3768,"LIXA EM FOLHA PARA FERRO, NUMERO 150","UN    ","CR","1,83"]
[3767,"LIXA EM FOLHA PARA PAREDE OU MADEIRA, NUMERO 120 (COR VERMELHA)","UN    ","CR","0,43"]
[13192,"LIXADEIRA ELETRICA ANGULAR PARA CONCRETO, POTENCIA 1.400 W, PRATO DIAMANTADO DE 5''","UN    ","CR","4.382,41"]
[38413,"LIXADEIRA ELETRICA ANGULAR, PARA DISCO DE 7 \" (180 MM), POTENCIA DE 2.200 W, *5.000* RPM, 220 V","UN    ","CR","724,78"]
[20193,"LOCACAO DE ANDAIME METALICO TIPO FACHADEIRO, LARGURA DE 1,20 M, ALTURA POR PECA DE 2,0 M, INCLUINDO SAPATAS E ITENS NECESSARIOS A INSTALACAO","M2/MES","CR","2,99"]
[10527,"LOCACAO DE ANDAIME METALICO TUBULAR DE ENCAIXE, TIPO DE TORRE, COM LARGURA DE 1 ATE 1,5 M E ALTURA DE *1,00* M","M/MES ","C ","9,00"]
[41805,"LOCACAO DE ANDAIME SUSPENSO OU BALANCIM MANUAL, CAPACIDADE DE CARGA TOTAL DE APROXIMADAMENTE 250 KG/M2, PLATAFORMA DE 1,50 M X 0,80 M (C X L), CABO DE 45 M","MES   ","AS","430,00"]
[40271,"LOCACAO DE APRUMADOR METALICO DE PILAR, COM ALTURA E ANGULO REGULAVEIS, EXTENSAO DE *1,50* A *2,80* M","MES   ","CR","5,85"]
[40287,"LOCACAO DE BARRA DE ANCORAGEM DE 0,80 A 1,20 M DE EXTENSAO, COM ROSCA DE 5/8\", INCLUINDO PORCA E FLANGE","MES   ","CR","2,25"]
[40295,"LOCACAO DE BOMBA MANUAL PARA TESTE HIDROSTATICO ATE 30 BAR","H     ","AS","2,45"]
[745,"LOCACAO DE BOMBA MANUAL PARA TESTE HIDROSTATICO ATE 60 BAR","H     ","AS","2,59"]
[4084,"LOCACAO DE BOMBA SUBMERSIVEL PARA DRENAGEM E ESGOTAMENTO, MOTOR ELETRICO TRIFASICO, POTENCIA DE 1 CV, DIAMETRO DE RECALQUE DE 2\". FAIXA DE OPERACAO: Q=25 M3/H (+ OU - 1 M3/H) E AMT=2 M; Q=12 M3/H (+ OU - 2 M3/H) E AMT = 12 M (+ OU - 2 M)","H     ","CR","1,71"]
[743,"LOCACAO DE BOMBA SUBMERSIVEL PARA DRENAGEM E ESGOTAMENTO, MOTOR ELETRICO TRIFASICO, POTENCIA DE 2 CV, DIAMETRO DE RECALQUE DE 2\". FAIXA DE OPERACAO: Q=35 M3/H (+ OU - 3 M3/H) E AMT=2 M; Q=13 M3/H (+ OU - 3 M3/H) E AMT = 17 M (+ OU - 3 M)","H     ","C ","1,71"]
[40293,"LOCACAO DE BOMBA SUBMERSIVEL PARA DRENAGEM E ESGOTAMENTO, MOTOR ELETRICO TRIFASICO, POTENCIA DE 2 CV, DIAMETRO DE RECALQUE DE 3\". FAIXA DE OPERACAO: Q=70 M3/H (+ OU - 2 M3/H) E AMT=2 M; Q=9,5 M3/H (+ OU - 3,5 M3/H) E AMT = 10 M (+ OU - 2 M)","H     ","CR","2,05"]
[40294,"LOCACAO DE BOMBA SUBMERSIVEL PARA DRENAGEM E ESGOTAMENTO, MOTOR ELETRICO TRIFASICO, POTENCIA DE 3 CV, DIAMETRO DE RECALQUE DE 2\". FAIXA DE OPERACAO: Q=84 M3/H (+ OU - 2,5 M3/H) E AMT=2 M; Q=9,1 M3/H (+ OU - 2 M3/H) E AMT = 12 M (+ OU - 2 M)","H     ","CR","1,71"]
[4085,"LOCACAO DE BOMBA SUBMERSIVEL PARA DRENAGEM E ESGOTAMENTO, MOTOR ELETRICO TRIFASICO, POTENCIA DE 4 CV, DIAMETRO DE RECALQUE DE 3\". FAIXA DE OPERACAO: Q=60 M3/H (+ OU - 1 M3/H) E AMT=2 M; Q=11 M3/H (+ OU - 1 M3/H) E AMT = 23 M (+ OU - 1 M)","H     ","CR","2,39"]
[1383,"LOCACAO DE CONJUNTO PARA REBAIXAMENTO DE LENCOL FREATICO, INCLUINDO BOMBA DE AGUA E DE VACUO, ACIONADAS POR MOTOR DE 15 A 20 HP, MONTADOS EM CHASSI SOBRE RODAS; 60 PONTEIRAS DE PVC DE 3,8 A 5,8 CM DE DIAMETRO E 1,0 M DE COMPRIMENTO; COLETORES DE PVC DE 4\" A 6\" DE DIAMETRO E EXTENSAO ENTRE 60 E 90 M","H     ","AS","2,79"]
[10775,"LOCACAO DE CONTAINER 2,30  X  6,00 M, ALT. 2,50 M, COM 1 SANITARIO, PARA ESCRITORIO, COMPLETO, SEM DIVISORIAS INTERNAS","MES   ","C ","550,00"]
[10776,"LOCACAO DE CONTAINER 2,30  X  6,00 M, ALT. 2,50 M, PARA ESCRITORIO, SEM DIVISORIAS INTERNAS E SEM SANITARIO","MES   ","CR","429,68"]
[10779,"LOCACAO DE CONTAINER 2,30 X 4,30 M, ALT. 2,50 M, P/ SANITARIO, C/ 5 BACIAS, 1 LAVATORIO E 4 MICTORIOS","MES   ","CR","687,50"]
[10777,"LOCACAO DE CONTAINER 2,30 X 4,30 M, ALT. 2,50 M, PARA SANITARIO, COM 3 BACIAS, 4 CHUVEIROS, 1 LAVATORIO E 1 MICTORIO","MES   ","CR","624,47"]
[10778,"LOCACAO DE CONTAINER 2,30 X 6,00 M, ALT. 2,50 M,  PARA SANITARIO,  COM 4 BACIAS, 8 CHUVEIROS,1 LAVATORIO E 1 MICTORIO","MES   ","CR","687,50"]
[40339,"LOCACAO DE CRUZETA PARA ESCORA METALICA","MES   ","CR","2,25"]
[3355,"LOCACAO DE ELEVADOR DE CARGA A CABO, CABINE SEMI FECHADA *2,0* X *1,5* X *2,0* M, CAPACIDADE DE CARGA 1000 KG, TORRE  *2,38* X *2,21* X 15 M, GUINCHO DE EMBREAGEM, FREIO DE SEGURANCA, LIMITADOR DE VELOCIDADE E CANCELA","H     ","AS","26,10"]
[39814,"LOCACAO DE ELEVADOR DE CREMALHEIRA CABINE SIMPLES FECHADA 1,5 X 2,5 X 2,35 M (UMA POR TORRE), CAPACIDADE DE CARGA *1200* KG (15 PESSOAS), TORRE DE 24 M (16 MODULOS), 16 PARADAS, FREIO DE SEGURANCA, LIMITADOR DE CARGA","H     ","AS","48,93"]
[10749,"LOCACAO DE ESCORA METALICA TELESCOPICA, COM ALTURA REGULAVEL DE *1,80* A *3,20* M, COM CAPACIDADE DE CARGA DE NO MINIMO 1000 KGF (10 KN), INCLUSO TRIPE E FORCADO","MES   ","CR","4,12"]
[40290,"LOCACAO DE FORMA PLASTICA PARA LAJE NERVURADA, DIMENSOES *60* X *60* X *16* CM","MES   ","CR","5,94"]
[3346,"LOCACAO DE GRUPO GERADOR *80 A 125* KVA, MOTOR DIESEL, REBOCAVEL, ACIONAMENTO MANUAL","H     ","C ","11,39"]
[3348,"LOCACAO DE GRUPO GERADOR ACIMA DE * 125 ATE 180* KVA, MOTOR DIESEL, REBOCAVEL, ACIONAMENTO MANUAL","H     ","CR","13,62"]
[3345,"LOCACAO DE GRUPO GERADOR ACIMA DE * 20 A 80* KVA, MOTOR DIESEL, REBOCAVEL, ACIONAMENTO MANUAL","H     ","CR","8,80"]
[39833,"LOCACAO DE GRUPO GERADOR DE *260* KVA, DIESEL REBOCAVEL, ACIONAMENTO MANUAL","H     ","CR","18,66"]
[39834,"LOCACAO DE GRUPO GERADOR DE *400* KVA, DIESEL REBOCAVEL, ACIONAMENTO MANUAL","H     ","CR","32,03"]
[39835,"LOCACAO DE GRUPO GERADOR DE *550* KVA, DIESEL REBOCAVEL, ACIONAMENTO MANUAL","H     ","CR","39,05"]
[7252,"LOCACAO DE NIVEL OPTICO, COM PRECISAO DE 0,7 MM, AUMENTO DE 32X","H     ","AS","2,27"]
[4778,"LOCACAO DE PERFURATRIZ PNEUMATICA DE PESO MEDIO, * 18 * KG, PARA ROCHA","H     ","AS","2,70"]
[4780,"LOCACAO DE PERFURATRIZ PNEUMATICA DE PESO MEDIO, * 24 * KG, PARA ROCHA","H     ","AS","2,92"]
[10809,"LOCACAO DE TALHA ELETRICA 3 T, VELOCIDADE  2,1 M / MIN, POTENCIA 1,3 KW","H     ","AS","1,16"]
[10811,"LOCACAO DE TALHA MANUAL DE CORRENTE, CAPACIDADE DE 2 T COM ELEVACAO DE 3 M","H     ","AS","0,99"]
[7247,"LOCACAO DE TEODOLITO ELETRONICO, PRECISAO ANGULAR DE 5 A 7 SEGUNDOS, INCLUINDO TRIPE","H     ","AS","2,27"]
[40291,"LOCACAO DE TORRE METALICA COMPLETA PARA UMA CARGA DE 8 TF (80 KN)  E PE DIREITO DE 6 M, INCLUINDO MODULOS , DIAGONAIS, SAPATAS E FORCADOS","MES   ","CR","313,96"]
[40275,"LOCACAO DE VIGA SANDUICHE METALICA VAZADA PARA TRAVAMENTO DE PILARES, ALTURA DE *8* CM, LARGURA DE *6* CM E EXTENSAO DE 2 M","MES   ","CR","9,00"]
[3777,"LONA PLASTICA PRETA, E= 150 MICRA","M2    ","C ","1,00"]
[3779,"LONA PLASTICA, PRETA, LARGURA  8 M, E= 150 MICRA","M     ","CR","8,33"]
[3798,"LUMINARIA ABERTA P/ ILUMINACAO PUBLICA, TIPO X-57 PETERCO OU EQUIV","UN    ","AS","38,89"]
[38769,"LUMINARIA ARANDELA TIPO MEIA-LUA COM VIDRO FOSCO *30 X 15* CM, PARA 1 LAMPADA, BASE E27, POTENCIA MAXIMA 40/60 W (NAO INCLUI LAMPADA)","UN    ","AS","30,37"]
[39510,"LUMINARIA DE EMBUTIR EM CHAPA DE ACO PARA 2 LAMPADAS FLUORESCENTES DE 14 W COM REFLETOR E ALETAS EM ALUMINIO, COMPLETA (INCLUI REATOR E LAMPADAS)","UN    ","AS","122,93"]
[38776,"LUMINARIA DE EMBUTIR EM CHAPA DE ACO PARA 4 LAMPADAS FLUORESCENTES DE 14 W *60 X 60 CM* ALETADA (NAO INCLUI REATOR E LAMPADAS)","UN    ","AS","130,47"]
[38774,"LUMINARIA DE EMERGENCIA 30 LEDS, POTENCIA 2 W, BATERIA DE LITIO, AUTONOMIA DE 6 HORAS","UN    ","AS","30,79"]
[38889,"LUMINARIA DE SOBREPOR EM CHAPA DE ACO COM ALETAS PLASTICAS, PARA 1 LAMPADA, BASE E27, POTENCIA MAXIMA 40/60 W (NAO INCLUI LAMPADA)","UN    ","AS","23,28"]
[38784,"LUMINARIA DE SOBREPOR EM CHAPA DE ACO COM ALETAS PLASTICAS, PARA 2 LAMPADAS, BASE E27, POTENCIA MAXIMA 40/60 W (NAO INCLUI LAMPADAS)","UN    ","AS","31,14"]
[3788,"LUMINARIA DE SOBREPOR EM CHAPA DE ACO PARA 1 LAMPADA FLUORESCENTE DE *18* W, ALETADA, COMPLETA (LAMPADA E REATOR INCLUSOS)","UN    ","AS","32,46"]
[12230,"LUMINARIA DE SOBREPOR EM CHAPA DE ACO PARA 1 LAMPADA FLUORESCENTE DE *18* W, PERFIL COMERCIAL (NAO INCLUI REATOR E LAMPADA)","UN    ","AS","8,35"]
[3780,"LUMINARIA DE SOBREPOR EM CHAPA DE ACO PARA 1 LAMPADA FLUORESCENTE DE *36* W, ALETADA, COMPLETA (LAMPADA E REATOR INCLUSOS)","UN    ","AS","47,89"]
[12231,"LUMINARIA DE SOBREPOR EM CHAPA DE ACO PARA 1 LAMPADA FLUORESCENTE DE *36* W, PERFIL COMERCIAL (NAO INCLUI REATOR E LAMPADA)","UN    ","AS","13,88"]
[3811,"LUMINARIA DE SOBREPOR EM CHAPA DE ACO PARA 2 LAMPADAS FLUORESCENTES DE *18* W, ALETADA, COMPLETA (LAMPADAS E REATOR INCLUSOS)","UN    ","AS","44,98"]
[12232,"LUMINARIA DE SOBREPOR EM CHAPA DE ACO PARA 2 LAMPADAS FLUORESCENTES DE *18* W, PERFIL COMERCIAL (NAO INCLUI REATOR E LAMPADAS)","UN    ","AS","14,54"]
[3799,"LUMINARIA DE SOBREPOR EM CHAPA DE ACO PARA 2 LAMPADAS FLUORESCENTES DE *36* W, ALETADA, COMPLETA (LAMPADAS E REATOR INCLUSOS)","UN    ","AS","63,61"]
[12239,"LUMINARIA DE SOBREPOR EM CHAPA DE ACO PARA 2 LAMPADAS FLUORESCENTES DE *36* W, PERFIL COMERCIAL (NAO INCLUI REATOR E LAMPADAS)","UN    ","AS","19,04"]
[38773,"LUMINARIA DE TETO PLAFON/PLAFONIER EM PLASTICO COM BASE E27, POTENCIA MAXIMA 60 W (NAO INCLUI LAMPADA)","UN    ","AS","3,05"]
[12271,"LUMINARIA DUPLA P/SINALIZACAO, TIPO WETZEL AS-2/110 OU EQUIV","UN    ","AS","170,33"]
[12245,"LUMINARIA ESMALTADA COR ALUMINIO PETERCO Y.25/1","UN    ","AS","73,88"]
[38785,"LUMINARIA HERMETICA IP-65 PARA 2 DUAS LAMPADAS DE 14/16/18/20 W (NAO INCLUI REATOR E LAMPADAS)","UN    ","AS","80,64"]
[38786,"LUMINARIA HERMETICA IP-65 PARA 2 DUAS LAMPADAS DE 28/32/36/40 W (NAO INCLUI REATOR E LAMPADAS)","UN    ","AS","99,33"]
[39385,"LUMINARIA LED PLAFON REDONDO DE SOBREPOR BIVOLT 12/13 W,  D = *17* CM","UN    ","AS","75,14"]
[39389,"LUMINARIA LED REFLETOR RETANGULAR BIVOLT, LUZ BRANCA, 10 W","UN    ","AS","62,32"]
[39390,"LUMINARIA LED REFLETOR RETANGULAR BIVOLT, LUZ BRANCA, 30 W","UN    ","AS","120,71"]
[39391,"LUMINARIA LED REFLETOR RETANGULAR BIVOLT, LUZ BRANCA, 50 W","UN    ","AS","223,40"]
[3803,"LUMINARIA PLAFON REDONDO COM VIDRO FOSCO DIAMETRO *25* CM, PARA 1 LAMPADA, BASE E27, POTENCIA MAXIMA 40/60 W (NAO INCLUI LAMPADA)","UN    ","AS","28,80"]
[38770,"LUMINARIA PLAFON REDONDO COM VIDRO FOSCO DIAMETRO *30* CM, PARA 2 LAMPADAS, BASE E27, POTENCIA MAXIMA 40/60 W (NAO INCLUI LAMPADAS)","UN    ","AS","33,35"]
[12267,"LUMINARIA PROVA DE TEMPO PETERCO Y.31/1","UN    ","AS","97,73"]
[12266,"LUMINARIA SPOT DE SOBREPOR EM ALUMINIO COM ALETA PLASTICA PARA 1 LAMPADA, BASE E27, POTENCIA MAXIMA 40/60 W (NAO INCLUI LAMPADA)","UN    ","AS","50,02"]
[39378,"LUMINARIA SPOT DE SOBREPOR EM ALUMINIO COM ALETA PLASTICA PARA 2 LAMPADAS, BASE E27, POTENCIA MAXIMA 40/60 W (NAO INCLUI LAMPADA)","UN    ","AS","35,46"]
[38775,"LUMINARIA TIPO TARTARUGA PARA AREA EXTERNA EM ALUMINIO, COM GRADE, PARA 1 LAMPADA, BASE E27, POTENCIA MAXIMA 40/60 W (NAO INCLUI LAMPADA)","UN    ","AS","37,60"]
[21119,"LUVA CPVC, SOLDAVEL, 15 MM, PARA AGUA QUENTE PREDIAL","UN    ","AS","1,00"]
[37974,"LUVA CPVC, SOLDAVEL, 22 MM, PARA AGUA QUENTE PREDIAL","UN    ","AS","1,49"]
[37975,"LUVA CPVC, SOLDAVEL, 28 MM, PARA AGUA QUENTE PREDIAL","UN    ","AS","3,02"]
[37976,"LUVA CPVC, SOLDAVEL, 35 MM, PARA AGUA QUENTE PREDIAL","UN    ","AS","6,21"]
[37977,"LUVA CPVC, SOLDAVEL, 42 MM, PARA AGUA QUENTE PREDIAL","UN    ","AS","8,54"]
[37978,"LUVA CPVC, SOLDAVEL, 54 MM, PARA AGUA QUENTE PREDIAL","UN    ","AS","17,31"]
[37979,"LUVA CPVC, SOLDAVEL, 73 MM, PARA AGUA QUENTE PREDIAL","UN    ","AS","74,36"]
[37980,"LUVA CPVC, SOLDAVEL, 89 MM, PARA AGUA QUENTE PREDIAL","UN    ","AS","83,57"]
[36147,"LUVA DE BORRACHA ISOLANTE PARA ALTA TENSAO, RESISTENTE A OZONIO, TENSAO DE ENSAIO 2,5 KV (PAR)","PAR   ","CR","310,51"]
[12731,"LUVA DE COBRE (REF 600) SEM ANEL DE SOLDA, BOLSA X BOLSA, 104 MM","UN    ","AS","145,35"]
[12723,"LUVA DE COBRE (REF 600) SEM ANEL DE SOLDA, BOLSA X BOLSA, 15 MM","UN    ","AS","1,12"]
[12724,"LUVA DE COBRE (REF 600) SEM ANEL DE SOLDA, BOLSA X BOLSA, 22 MM","UN    ","AS","2,16"]
[12725,"LUVA DE COBRE (REF 600) SEM ANEL DE SOLDA, BOLSA X BOLSA, 28 MM","UN    ","AS","4,34"]
[12726,"LUVA DE COBRE (REF 600) SEM ANEL DE SOLDA, BOLSA X BOLSA, 35 MM","UN    ","AS","9,59"]
[12727,"LUVA DE COBRE (REF 600) SEM ANEL DE SOLDA, BOLSA X BOLSA, 42 MM","UN    ","AS","12,16"]
[12728,"LUVA DE COBRE (REF 600) SEM ANEL DE SOLDA, BOLSA X BOLSA, 54 MM","UN    ","AS","19,86"]
[12729,"LUVA DE COBRE (REF 600) SEM ANEL DE SOLDA, BOLSA X BOLSA, 66 MM","UN    ","AS","65,10"]
[12730,"LUVA DE COBRE (REF 600) SEM ANEL DE SOLDA, BOLSA X BOLSA, 79 MM","UN    ","AS","99,68"]
[3840,"LUVA DE CORRER DEFOFO, PVC, JE, DN 100 MM","UN    ","AS","21,22"]
[3838,"LUVA DE CORRER DEFOFO, PVC, JE, DN 150 MM","UN    ","AS","50,59"]
[3844,"LUVA DE CORRER DEFOFO, PVC, JE, DN 200 MM","UN    ","AS","143,08"]
[3839,"LUVA DE CORRER DEFOFO, PVC, JE, DN 250 MM","UN    ","AS","175,68"]
[3843,"LUVA DE CORRER DEFOFO, PVC, JE, DN 300 MM","UN    ","AS","299,61"]
[3900,"LUVA DE CORRER PARA TUBO ROSCAVEL, PVC, 1 1/2\", PARA AGUA FRIA PREDIAL","UN    ","AS","23,25"]
[3846,"LUVA DE CORRER PARA TUBO ROSCAVEL, PVC, 1/2\", PARA AGUA FRIA PREDIAL","UN    ","AS","7,24"]
[3886,"LUVA DE CORRER PARA TUBO ROSCAVEL, PVC, 3/4\", PARA AGUA FRIA PREDIAL","UN    ","AS","10,19"]
[3854,"LUVA DE CORRER PARA TUBO SOLDAVEL, PVC, 20 MM, PARA AGUA FRIA PREDIAL","UN    ","AS","6,21"]
[3873,"LUVA DE CORRER PARA TUBO SOLDAVEL, PVC, 25 MM, PARA AGUA FRIA PREDIAL","UN    ","AS","8,77"]
[38021,"LUVA DE CORRER PARA TUBO SOLDAVEL, PVC, 32 MM, PARA AGUA FRIA PREDIAL","UN    ","AS","14,87"]
[3847,"LUVA DE CORRER PARA TUBO SOLDAVEL, PVC, 50 MM, PARA AGUA FRIA PREDIAL","UN    ","AS","19,99"]
[38022,"LUVA DE CORRER PARA TUBO SOLDAVEL, PVC, 60 MM, PARA AGUA FRIA PREDIAL","UN    ","AS","26,64"]
[3833,"LUVA DE CORRER PVC, JE, DN 100 MM, PARA REDE COLETORA DE ESGOTO (NBR 10569)","UN    ","AS","9,60"]
[3835,"LUVA DE CORRER PVC, JE, DN 150 MM, PARA REDE COLETORA DE ESGOTO (NBR 10569)","UN    ","AS","21,54"]
[3836,"LUVA DE CORRER PVC, JE, DN 200 MM, PARA REDE COLETORA DE ESGOTO (NBR 10569)","UN    ","AS","55,70"]
[3830,"LUVA DE CORRER PVC, JE, DN 250 MM, PARA REDE COLETORA DE ESGOTO (NBR 10569)","UN    ","AS","91,70"]
[3831,"LUVA DE CORRER PVC, JE, DN 300 MM, PARA REDE COLETORA DE ESGOTO (NBR 10569)","UN    ","AS","142,06"]
[3841,"LUVA DE CORRER PVC, JE, DN 350 MM, PARA REDE COLETORA DE ESGOTO (NBR 10569)","UN    ","AS","277,58"]
[3842,"LUVA DE CORRER PVC, JE, DN 400 MM, PARA REDE COLETORA DE ESGOTO (NBR 10569)","UN    ","AS","375,38"]
[37981,"LUVA DE CORRER, CPVC, SOLDAVEL, 15 MM, PARA AGUA QUENTE PREDIAL","UN    ","AS","3,41"]
[37982,"LUVA DE CORRER, CPVC, SOLDAVEL, 22 MM, PARA AGUA QUENTE PREDIAL","UN    ","AS","5,17"]
[37983,"LUVA DE CORRER, CPVC, SOLDAVEL, 28 MM, PARA AGUA QUENTE PREDIAL","UN    ","AS","7,24"]
[37984,"LUVA DE CORRER, CPVC, SOLDAVEL, 35 MM, PARA AGUA QUENTE PREDIAL","UN    ","AS","12,51"]
[37985,"LUVA DE CORRER, CPVC, SOLDAVEL, 42 MM, PARA AGUA QUENTE PREDIAL","UN    ","AS","17,52"]
[3826,"LUVA DE CORRER, PVC PBA, JE, DN 100 / DE 110 MM, PARA REDE AGUA (NBR 10351)","UN    ","AS","31,74"]
[3825,"LUVA DE CORRER, PVC PBA, JE, DN 50 / DE 60 MM, PARA REDE AGUA (NBR 10351)","UN    ","AS","8,27"]
[3827,"LUVA DE CORRER, PVC PBA, JE, DN 75 / DE 85 MM, PARA REDE AGUA (NBR 10351)","UN    ","AS","17,51"]
[20165,"LUVA DE CORRER, PVC SERIE REFORCADA - R, 100 MM, PARA ESGOTO PREDIAL","UN    ","CR","16,37"]
[20166,"LUVA DE CORRER, PVC SERIE REFORCADA - R, 150 MM, PARA ESGOTO PREDIAL","UN    ","CR","57,12"]
[20164,"LUVA DE CORRER, PVC SERIE REFORCADA - R, 75 MM, PARA ESGOTO PREDIAL","UN    ","CR","9,24"]
[3893,"LUVA DE CORRER, PVC, DN 100 MM, PARA ESGOTO PREDIAL","UN    ","AS","11,17"]
[3848,"LUVA DE CORRER, PVC, DN 50 MM, PARA ESGOTO PREDIAL","UN    ","AS","6,79"]
[3895,"LUVA DE CORRER, PVC, DN 75 MM, PARA ESGOTO PREDIAL","UN    ","AS","7,27"]
[12404,"LUVA DE FERRO GALVANIZADO, COM ROSCA BSP MACHO/FEMEA, DE 3/4\"","UN    ","AS","6,15"]
[3939,"LUVA DE FERRO GALVANIZADO, COM ROSCA BSP, DE 1 1/2\"","UN    ","AS","12,67"]
[3911,"LUVA DE FERRO GALVANIZADO, COM ROSCA BSP, DE 1 1/4\"","UN    ","AS","10,35"]
[3908,"LUVA DE FERRO GALVANIZADO, COM ROSCA BSP, DE 1/2\"","UN    ","AS","3,35"]
[3910,"LUVA DE FERRO GALVANIZADO, COM ROSCA BSP, DE 1\"","UN    ","AS","7,41"]
[3913,"LUVA DE FERRO GALVANIZADO, COM ROSCA BSP, DE 2 1/2\"","UN    ","AS","35,41"]
[3912,"LUVA DE FERRO GALVANIZADO, COM ROSCA BSP, DE 2\"","UN    ","AS","19,41"]
[3909,"LUVA DE FERRO GALVANIZADO, COM ROSCA BSP, DE 3/4\"","UN    ","AS","4,55"]
[3914,"LUVA DE FERRO GALVANIZADO, COM ROSCA BSP, DE 3\"","UN    ","AS","53,42"]
[3915,"LUVA DE FERRO GALVANIZADO, COM ROSCA BSP, DE 4\"","UN    ","AS","84,24"]
[3916,"LUVA DE FERRO GALVANIZADO, COM ROSCA BSP, DE 5\"","UN    ","AS","153,48"]
[3917,"LUVA DE FERRO GALVANIZADO, COM ROSCA BSP, DE 6\"","UN    ","AS","253,15"]
[1904,"LUVA DE PRESSAO, EM PVC, DE 20 MM, PARA ELETRODUTO FLEXIVEL","UN    ","CR","0,78"]
[1899,"LUVA DE PRESSAO, EM PVC, DE 25 MM, PARA ELETRODUTO FLEXIVEL","UN    ","CR","0,88"]
[1900,"LUVA DE PRESSAO, EM PVC, DE 32 MM, PARA ELETRODUTO FLEXIVEL","UN    ","CR","1,43"]
[12407,"LUVA DE REDUCAO DE FERRO GALVANIZADO, COM ROSCA BSP MACHO/FEMEA, DE 1 1/2\" X 1\"","UN    ","AS","19,16"]
[12408,"LUVA DE REDUCAO DE FERRO GALVANIZADO, COM ROSCA BSP MACHO/FEMEA, DE 1\" X 1/2\"","UN    ","AS","10,81"]
[12409,"LUVA DE REDUCAO DE FERRO GALVANIZADO, COM ROSCA BSP MACHO/FEMEA, DE 1\" X 3/4\"","UN    ","AS","10,81"]
[12410,"LUVA DE REDUCAO DE FERRO GALVANIZADO, COM ROSCA BSP MACHO/FEMEA, DE 3/4\" X 1/2\"","UN    ","AS","7,45"]
[3936,"LUVA DE REDUCAO DE FERRO GALVANIZADO, COM ROSCA BSP, DE 1 1/2\" X 1 1/4\"","UN    ","AS","13,46"]
[3922,"LUVA DE REDUCAO DE FERRO GALVANIZADO, COM ROSCA BSP, DE 1 1/2\" X 1/2\"","UN    ","AS","12,38"]
[3924,"LUVA DE REDUCAO DE FERRO GALVANIZADO, COM ROSCA BSP, DE 1 1/2\" X 1\"","UN    ","AS","13,46"]
[3923,"LUVA DE REDUCAO DE FERRO GALVANIZADO, COM ROSCA BSP, DE 1 1/2\" X 3/4\"","UN    ","AS","13,46"]
[3937,"LUVA DE REDUCAO DE FERRO GALVANIZADO, COM ROSCA BSP, DE 1 1/4\" X 1/2\"","UN    ","AS","11,10"]
[3921,"LUVA DE REDUCAO DE FERRO GALVANIZADO, COM ROSCA BSP, DE 1 1/4\" X 1\"","UN    ","AS","11,11"]
[3920,"LUVA DE REDUCAO DE FERRO GALVANIZADO, COM ROSCA BSP, DE 1 1/4\" X 3/4\"","UN    ","AS","11,10"]
[3938,"LUVA DE REDUCAO DE FERRO GALVANIZADO, COM ROSCA BSP, DE 1\" X 1/2\"","UN    ","AS","7,32"]
[3919,"LUVA DE REDUCAO DE FERRO GALVANIZADO, COM ROSCA BSP, DE 1\" X 3/4\"","UN    ","AS","7,46"]
[3927,"LUVA DE REDUCAO DE FERRO GALVANIZADO, COM ROSCA BSP, DE 2 1/2\" X 1 1/2\"","UN    ","AS","37,81"]
[3928,"LUVA DE REDUCAO DE FERRO GALVANIZADO, COM ROSCA BSP, DE 2 1/2\" X 2\"","UN    ","AS","37,81"]
[3926,"LUVA DE REDUCAO DE FERRO GALVANIZADO, COM ROSCA BSP, DE 2\" X 1 1/2\"","UN    ","AS","21,55"]
[3935,"LUVA DE REDUCAO DE FERRO GALVANIZADO, COM ROSCA BSP, DE 2\" X 1 1/4\"","UN    ","AS","21,55"]
[3925,"LUVA DE REDUCAO DE FERRO GALVANIZADO, COM ROSCA BSP, DE 2\" X 1\"","UN    ","AS","21,55"]
[12406,"LUVA DE REDUCAO DE FERRO GALVANIZADO, COM ROSCA BSP, DE 3/4\" X 1/2\"","UN    ","AS","5,29"]
[3929,"LUVA DE REDUCAO DE FERRO GALVANIZADO, COM ROSCA BSP, DE 3\" X 1 1/2\"","UN    ","AS","57,61"]
[3931,"LUVA DE REDUCAO DE FERRO GALVANIZADO, COM ROSCA BSP, DE 3\" X 2 1/2\"","UN    ","AS","57,61"]
[3930,"LUVA DE REDUCAO DE FERRO GALVANIZADO, COM ROSCA BSP, DE 3\" X 2\"","UN    ","AS","57,61"]
[3932,"LUVA DE REDUCAO DE FERRO GALVANIZADO, COM ROSCA BSP, DE 4\" X 2 1/2\"","UN    ","AS","99,48"]
[3933,"LUVA DE REDUCAO DE FERRO GALVANIZADO, COM ROSCA BSP, DE 4\" X 2\"","UN    ","AS","99,48"]
[3934,"LUVA DE REDUCAO DE FERRO GALVANIZADO, COM ROSCA BSP, DE 4\" X 3\"","UN    ","AS","99,48"]
[40355,"LUVA DE REDUCAO EM ACO CARBONO, COM ENCAIXE PARA SOLDA DN SW, PRESSAO 3.000 LBS,  3/4 \" X 1/2\"","UN    ","AS","4,86"]
[40364,"LUVA DE REDUCAO EM ACO CARBONO, COM ENCAIXE PARA SOLDA DN SW, PRESSAO 3.000 LBS, DN 1 1/2\" X 1 1/4\"","UN    ","AS","22,77"]
[40361,"LUVA DE REDUCAO EM ACO CARBONO, COM ENCAIXE PARA SOLDA DN SW, PRESSAO 3.000 LBS, DN 1 1/4\"  X 1\"","UN    ","AS","17,81"]
[40358,"LUVA DE REDUCAO EM ACO CARBONO, COM ENCAIXE PARA SOLDA DN SW, PRESSAO 3.000 LBS, DN 1\" X 3/4\"","UN    ","AS","6,79"]
[40370,"LUVA DE REDUCAO EM ACO CARBONO, COM ENCAIXE PARA SOLDA DN SW, PRESSAO 3.000 LBS, DN 2 1/2\" X 2\"","UN    ","AS","72,27"]
[40367,"LUVA DE REDUCAO EM ACO CARBONO, COM ENCAIXE PARA SOLDA DN SW, PRESSAO 3.000 LBS, DN 2\" X 1 1/2\"","UN    ","AS","35,92"]
[40373,"LUVA DE REDUCAO EM ACO CARBONO, COM ENCAIXE PARA SOLDA DN SW, PRESSAO 3.000 LBS, DN 3\" X 2 1/2\"","UN    ","AS","97,73"]
[38947,"LUVA DE REDUCAO PARA TUBO PEX, METALICA, PARA CONEXAO COM ANEL DESLIZANTE, DN 20 X 16 MM","UN    ","AS","5,08"]
[38948,"LUVA DE REDUCAO PARA TUBO PEX, METALICA, PARA CONEXAO COM ANEL DESLIZANTE, DN 25 X 16 MM","UN    ","AS","8,10"]
[38949,"LUVA DE REDUCAO PARA TUBO PEX, METALICA, PARA CONEXAO COM ANEL DESLIZANTE, DN 25 X 20 MM","UN    ","AS","8,99"]
[38951,"LUVA DE REDUCAO PARA TUBO PEX, METALICA, PARA CONEXAO COM ANEL DESLIZANTE, DN 32 X 25 MM","UN    ","AS","14,22"]
[39312,"LUVA DE REDUCAO PARA TUBO PEX, PLASTICA, PARA CONEXAO COM CRIMPAGEM, DN 20 X 16 MM","UN    ","AS","11,03"]
[39313,"LUVA DE REDUCAO PARA TUBO PEX, PLASTICA, PARA CONEXAO COM CRIMPAGEM, DN 25 X 16 MM","UN    ","AS","14,39"]
[38950,"LUVA DE REDUCAO PARA TUBO PEX, PLASTICA, PARA CONEXAO COM CRIMPAGEM, DN 32 X 20 MM","UN    ","AS","21,66"]
[39314,"LUVA DE REDUCAO PARA TUBO PEX, PLASTICA, PARA CONEXAO COM CRIMPAGEM, DN 32 X 25 MM","UN    ","AS","22,86"]
[3907,"LUVA DE REDUCAO ROSCAVEL, PVC, 1\" X 3/4\", PARA AGUA FRIA PREDIAL","UN    ","AS","2,61"]
[3889,"LUVA DE REDUCAO ROSCAVEL, PVC, 3/4\" X 1/2\", PARA AGUA FRIA PREDIAL","UN    ","AS","1,88"]
[3868,"LUVA DE REDUCAO SOLDAVEL, PVC, 25 MM X 20 MM, PARA AGUA FRIA PREDIAL","UN    ","AS","0,92"]
[3869,"LUVA DE REDUCAO SOLDAVEL, PVC, 32 MM X 25 MM, PARA AGUA FRIA PREDIAL","UN    ","AS","2,23"]
[3872,"LUVA DE REDUCAO SOLDAVEL, PVC, 40 MM X 32 MM, PARA AGUA FRIA PREDIAL","UN    ","AS","2,74"]
[3850,"LUVA DE REDUCAO SOLDAVEL, PVC, 60 MM X 50 MM, PARA AGUA FRIA PREDIAL","UN    ","AS","7,47"]
[38023,"LUVA DE REDUCAO, PVC, SOLDAVEL, 50 X 25 MM, PARA AGUA FRIA PREDIAL","UN    ","AS","3,14"]
[37986,"LUVA DE TRANSICAO DE CPVC X PVC, SOLDAVEL, 22 X 25 MM, PARA AGUA QUENTE","UN    ","AS","1,17"]
[37987,"LUVA DE TRANSICAO, CPVC, SOLDAVEL, 42 MM X 1 1/2\", PARA AGUA QUENTE","UN    ","AS","87,45"]
[37988,"LUVA DE TRANSICAO, CPVC, SOLDAVEL, 54 MM X 2\", PARA AGUA QUENTE PREDIAL","UN    ","AS","142,64"]
[21120,"LUVA DE TRANSICAO, CPVC, 15 MM X 1/2\", PARA AGUA QUENTE PREDIAL","UN    ","AS","7,11"]
[39318,"LUVA DE TRANSICAO, CPVC, 22 MM X 1/2\", PARA AGUA QUENTE","UN    ","AS","5,86"]
[20162,"LUVA DUPLA, PVC LEVE, DN 150 MM","UN    ","AS","12,93"]
[40366,"LUVA EM ACO CARBONO, SOLDAVEL, PRESSAO 3.000 LBS, DN 1 1/2\"","UN    ","AS","17,76"]
[40363,"LUVA EM ACO CARBONO, SOLDAVEL, PRESSAO 3.000 LBS, DN 1 1/4\"","UN    ","AS","13,89"]
[40354,"LUVA EM ACO CARBONO, SOLDAVEL, PRESSAO 3.000 LBS, DN 1/2\"","UN    ","AS","6,05"]
[40360,"LUVA EM ACO CARBONO, SOLDAVEL, PRESSAO 3.000 LBS, DN 1\"","UN    ","AS","9,11"]
[40372,"LUVA EM ACO CARBONO, SOLDAVEL, PRESSAO 3.000 LBS, DN 2 1/2\"","UN    ","AS","56,26"]
[40369,"LUVA EM ACO CARBONO, SOLDAVEL, PRESSAO 3.000 LBS, DN 2\"","UN    ","AS","28,00"]
[40357,"LUVA EM ACO CARBONO, SOLDAVEL, PRESSAO 3.000 LBS, DN 3/4\"","UN    ","AS","6,79"]
[40375,"LUVA EM ACO CARBONO, SOLDAVEL, PRESSAO 3.000 LBS, DN 3\"","UN    ","AS","76,16"]
[1893,"LUVA EM PVC RIGIDO ROSCAVEL, DE 1 1/2\", PARA ELETRODUTO","UN    ","CR","2,94"]
[1902,"LUVA EM PVC RIGIDO ROSCAVEL, DE 1 1/4\", PARA ELETRODUTO","UN    ","CR","2,14"]
[1901,"LUVA EM PVC RIGIDO ROSCAVEL, DE 1/2\", PARA ELETRODUTO","UN    ","CR","0,67"]
[1892,"LUVA EM PVC RIGIDO ROSCAVEL, DE 1\", PARA ELETRODUTO","UN    ","CR","1,38"]
[1907,"LUVA EM PVC RIGIDO ROSCAVEL, DE 2 1/2\", PARA ELETRODUTO","UN    ","CR","9,48"]
[1894,"LUVA EM PVC RIGIDO ROSCAVEL, DE 2\", PARA ELETRODUTO","UN    ","CR","4,26"]
[1891,"LUVA EM PVC RIGIDO ROSCAVEL, DE 3/4\", PARA ELETRODUTO","UN    ","CR","0,99"]
[1896,"LUVA EM PVC RIGIDO ROSCAVEL, DE 3\", PARA ELETRODUTO","UN    ","CR","12,73"]
[1895,"LUVA EM PVC RIGIDO ROSCAVEL, DE 4\", PARA ELETRODUTO","UN    ","CR","22,36"]
[2641,"LUVA PARA ELETRODUTO, EM ACO GALVANIZADO ELETROLITICO, DIAMETRO DE 100 MM (4\")","UN    ","AS","29,72"]
[2636,"LUVA PARA ELETRODUTO, EM ACO GALVANIZADO ELETROLITICO, DIAMETRO DE 15 MM (1/2\")","UN    ","AS","1,91"]
[2637,"LUVA PARA ELETRODUTO, EM ACO GALVANIZADO ELETROLITICO, DIAMETRO DE 20 MM (3/4\")","UN    ","AS","2,03"]
[2638,"LUVA PARA ELETRODUTO, EM ACO GALVANIZADO ELETROLITICO, DIAMETRO DE 25 MM (1\")","UN    ","AS","2,37"]
[2639,"LUVA PARA ELETRODUTO, EM ACO GALVANIZADO ELETROLITICO, DIAMETRO DE 32 MM (1 1/4\")","UN    ","AS","4,20"]
[2644,"LUVA PARA ELETRODUTO, EM ACO GALVANIZADO ELETROLITICO, DIAMETRO DE 40 MM (1 1/2\")","UN    ","AS","6,08"]
[2643,"LUVA PARA ELETRODUTO, EM ACO GALVANIZADO ELETROLITICO, DIAMETRO DE 50 MM (2\")","UN    ","AS","8,47"]
[2640,"LUVA PARA ELETRODUTO, EM ACO GALVANIZADO ELETROLITICO, DIAMETRO DE 65 MM (2 1/2\")","UN    ","AS","12,37"]
[2642,"LUVA PARA ELETRODUTO, EM ACO GALVANIZADO ELETROLITICO, DIAMETRO DE 80 MM (3\")","UN    ","AS","18,83"]
[38943,"LUVA PARA TUBO PEX, METALICO, PARA CONEXAO COM ANEL DESLIZANTE, DN 16 MM","UN    ","AS","3,75"]
[38944,"LUVA PARA TUBO PEX, METALICO, PARA CONEXAO COM ANEL DESLIZANTE, DN 20 MM","UN    ","AS","5,79"]
[38945,"LUVA PARA TUBO PEX, METALICO, PARA CONEXAO COM ANEL DESLIZANTE, DN 25 MM","UN    ","AS","11,75"]
[38946,"LUVA PARA TUBO PEX, METALICO, PARA CONEXAO COM ANEL DESLIZANTE, DN 32 MM","UN    ","AS","17,53"]
[39308,"LUVA PARA TUBO PEX, PLASTICA, PARA CONEXAO COM CRIMPAGEM, DN 16 MM","UN    ","AS","7,64"]
[39309,"LUVA PARA TUBO PEX, PLASTICA, PARA CONEXAO COM CRIMPAGEM, DN 20 MM","UN    ","AS","11,05"]
[39310,"LUVA PARA TUBO PEX, PLASTICA, PARA CONEXAO COM CRIMPAGEM, DN 25 MM","UN    ","AS","16,75"]
[39311,"LUVA PARA TUBO PEX, PLASTICA, PARA CONEXAO COM CRIMPAGEM, DN 32 MM","UN    ","AS","25,17"]
[39855,"LUVA PASSANTE DE COBRE (REF 601) SEM ANEL DE SOLDA, BOLSA 15 MM","UN    ","AS","1,14"]
[39856,"LUVA PASSANTE DE COBRE (REF 601) SEM ANEL DE SOLDA, BOLSA 22 MM","UN    ","AS","2,68"]
[39857,"LUVA PASSANTE DE COBRE (REF 601) SEM ANEL DE SOLDA, BOLSA 28 MM","UN    ","AS","4,34"]
[39858,"LUVA PASSANTE DE COBRE (REF 601) SEM ANEL DE SOLDA, BOLSA 35 MM","UN    ","AS","9,64"]
[39859,"LUVA PASSANTE DE COBRE (REF 601) SEM ANEL DE SOLDA, BOLSA 42 MM","UN    ","AS","14,86"]
[39860,"LUVA PASSANTE DE COBRE (REF 601) SEM ANEL DE SOLDA, BOLSA 54 MM","UN    ","AS","22,80"]
[39861,"LUVA PASSANTE DE COBRE (REF 601) SEM ANEL DE SOLDA, BOLSA 66 MM","UN    ","AS","65,10"]
[38447,"LUVA PPR, SOLDAVEL, DN 110 MM, PARA AGUA QUENTE PREDIAL","UN    ","AS","74,65"]
[36320,"LUVA PPR, SOLDAVEL, DN 20 MM, PARA AGUA QUENTE PREDIAL","UN    ","AS","1,08"]
[36324,"LUVA PPR, SOLDAVEL, DN 25 MM, PARA AGUA QUENTE PREDIAL","UN    ","AS","1,64"]
[38441,"LUVA PPR, SOLDAVEL, DN 32 MM, PARA AGUA QUENTE PREDIAL","UN    ","AS","2,15"]
[38442,"LUVA PPR, SOLDAVEL, DN 40 MM, PARA AGUA QUENTE PREDIAL","UN    ","AS","5,47"]
[38443,"LUVA PPR, SOLDAVEL, DN 50 MM, PARA AGUA QUENTE PREDIAL","UN    ","AS","8,27"]
[38444,"LUVA PPR, SOLDAVEL, DN 63 MM, PARA AGUA QUENTE PREDIAL","UN    ","AS","12,31"]
[38445,"LUVA PPR, SOLDAVEL, DN 75 MM, PARA AGUA QUENTE PREDIAL","UN    ","AS","28,91"]
[38446,"LUVA PPR, SOLDAVEL, DN 90 MM, PARA AGUA QUENTE PREDIAL","UN    ","AS","46,65"]
[3867,"LUVA PVC SOLDAVEL, 110 MM, PARA AGUA FRIA PREDIAL","UN    ","AS","51,31"]
[3861,"LUVA PVC SOLDAVEL, 20 MM, PARA AGUA FRIA PREDIAL","UN    ","AS","0,52"]
[3904,"LUVA PVC SOLDAVEL, 25 MM, PARA AGUA FRIA PREDIAL","UN    ","AS","0,59"]
[3903,"LUVA PVC SOLDAVEL, 32 MM, PARA AGUA FRIA PREDIAL","UN    ","AS","1,24"]
[3862,"LUVA PVC SOLDAVEL, 40 MM, PARA AGUA FRIA PREDIAL","UN    ","AS","2,75"]
[3863,"LUVA PVC SOLDAVEL, 50 MM, PARA AGUA FRIA PREDIAL","UN    ","AS","3,23"]
[3864,"LUVA PVC SOLDAVEL, 60 MM, PARA AGUA FRIA PREDIAL","UN    ","AS","8,85"]
[3865,"LUVA PVC SOLDAVEL, 75 MM, PARA AGUA FRIA PREDIAL","UN    ","AS","13,23"]
[3866,"LUVA PVC SOLDAVEL, 85 MM, PARA AGUA FRIA PREDIAL","UN    ","AS","30,15"]
[3902,"LUVA PVC, ROSCAVEL,  2 1/2\",  AGUA FRIA PREDIAL","UN    ","AS","17,01"]
[3878,"LUVA PVC, ROSCAVEL, 1 1/2\",  AGUA FRIA PREDIAL","UN    ","AS","5,37"]
[3877,"LUVA PVC, ROSCAVEL, 1 1/4\", AGUA FRIA PREDIAL","UN    ","AS","4,89"]
[3879,"LUVA PVC, ROSCAVEL, 2\",  AGUA FRIA PREDIAL","UN    ","AS","10,82"]
[3880,"LUVA PVC, ROSCAVEL, 3\", AGUA FRIA PREDIAL","UN    ","AS","24,46"]
[12892,"LUVA RASPA DE COURO, CANO CURTO (PUNHO *7* CM)","PAR   ","CR","10,80"]
[3883,"LUVA ROSCAVEL, PVC, 1/2\", AGUA FRIA PREDIAL","UN    ","AS","0,94"]
[3876,"LUVA ROSCAVEL, PVC, 1\", AGUA FRIA PREDIAL","UN    ","AS","2,43"]
[3884,"LUVA ROSCAVEL, PVC, 3/4\", AGUA FRIA PREDIAL","UN    ","AS","1,40"]
[3837,"LUVA SIMPLES, PVC PBA, JE, DN 100 / DE 110 MM, PARA REDE AGUA (NBR 10351)","UN    ","AS","34,19"]
[3845,"LUVA SIMPLES, PVC PBA, JE, DN 50 / DE 60 MM, PARA REDE AGUA (NBR 10351)","UN    ","AS","9,95"]
[11045,"LUVA SIMPLES, PVC PBA, JE, DN 75 / DE 85 MM, PARA REDE AGUA (NBR 10351)","UN    ","AS","20,74"]
[20170,"LUVA SIMPLES, PVC SERIE REFORCADA - R, 100 MM, PARA ESGOTO PREDIAL","UN    ","CR","9,49"]
[20171,"LUVA SIMPLES, PVC SERIE REFORCADA - R, 150 MM, PARA ESGOTO PREDIAL","UN    ","CR","29,76"]
[20167,"LUVA SIMPLES, PVC SERIE REFORCADA - R, 40 MM, PARA ESGOTO PREDIAL","UN    ","CR","3,74"]
[20168,"LUVA SIMPLES, PVC SERIE REFORCADA - R, 50 MM, PARA ESGOTO PREDIAL","UN    ","CR","5,58"]
[20169,"LUVA SIMPLES, PVC SERIE REFORCADA - R, 75 MM, PARA ESGOTO PREDIAL","UN    ","CR","7,83"]
[3899,"LUVA SIMPLES, PVC, SOLDAVEL, DN 100 MM, SERIE NORMAL, PARA ESGOTO PREDIAL","UN    ","AS","4,67"]
[38676,"LUVA SIMPLES, PVC, SOLDAVEL, DN 150 MM, SERIE NORMAL, PARA ESGOTO PREDIAL","UN    ","AS","20,47"]
[3897,"LUVA SIMPLES, PVC, SOLDAVEL, DN 40 MM, SERIE NORMAL, PARA ESGOTO PREDIAL","UN    ","AS","0,95"]
[3875,"LUVA SIMPLES, PVC, SOLDAVEL, DN 50 MM, SERIE NORMAL, PARA ESGOTO PREDIAL","UN    ","AS","2,16"]
[3898,"LUVA SIMPLES, PVC, SOLDAVEL, DN 75 MM, SERIE NORMAL, PARA ESGOTO PREDIAL","UN    ","AS","4,01"]
[3855,"LUVA SOLDAVEL COM BUCHA DE LATAO, PVC, 20 MM X 1/2\"","UN    ","AS","3,79"]
[3874,"LUVA SOLDAVEL COM BUCHA DE LATAO, PVC, 25 MM X 1/2\"","UN    ","AS","4,05"]
[3870,"LUVA SOLDAVEL COM BUCHA DE LATAO, PVC, 25 MM X 3/4\"","UN    ","AS","5,07"]
[38678,"LUVA SOLDAVEL COM BUCHA DE LATAO, PVC, 32 MM X 1\"","UN    ","AS","11,68"]
[3859,"LUVA SOLDAVEL COM ROSCA, PVC, 20 MM X 1/2\", PARA AGUA FRIA PREDIAL","UN    ","AS","0,92"]
[3856,"LUVA SOLDAVEL COM ROSCA, PVC, 25 MM X 1/2\", PARA AGUA FRIA PREDIAL","UN    ","AS","1,40"]
[3906,"LUVA SOLDAVEL COM ROSCA, PVC, 25 MM X 3/4\", PARA AGUA FRIA PREDIAL","UN    ","AS","1,06"]
[3860,"LUVA SOLDAVEL COM ROSCA, PVC, 32 MM X 1\", PARA AGUA FRIA PREDIAL","UN    ","AS","3,39"]
[3905,"LUVA SOLDAVEL COM ROSCA, PVC, 40 MM X 1 1/4\", PARA AGUA FRIA PREDIAL","UN    ","AS","7,30"]
[3871,"LUVA SOLDAVEL COM ROSCA, PVC, 50 MM X 1 1/2\", PARA AGUA FRIA PREDIAL","UN    ","AS","12,86"]
[37429,"LUVA, PEAD PE 100,  DE 400 MM, PARA ELETROFUSAO","UN    ","AS","1.681,60"]
[37426,"LUVA, PEAD PE 100,  DE 63 MM, PARA ELETROFUSAO","UN    ","AS","16,17"]
[37427,"LUVA, PEAD PE 100, DE 125 MM, PARA ELETROFUSAO","UN    ","AS","38,58"]
[37424,"LUVA, PEAD PE 100, DE 20 MM, PARA ELETROFUSAO","UN    ","AS","7,43"]
[37428,"LUVA, PEAD PE 100, DE 200 MM, PARA ELETROFUSAO","UN    ","AS","132,98"]
[37425,"LUVA, PEAD PE 100, DE 32 MM, PARA ELETROFUSAO","UN    ","AS","8,01"]
[11519,"MACANETA ALAVANCA, RETA OU CURVA, MACICA, CROMADA, COMPRIMENTO DE 10 A 16 CM, ACABAMENTO PADRAO MEDIO - SOMENTE MACANETAS","PAR   ","CR","24,66"]
[11520,"MACANETA ALAVANCA, RETA SIMPLES / OCA, CROMADA, COMPRIMENTO DE 10 A 16 CM, ACABAMENTO PADRAO POPULAR - SOMENTE MACANETAS","PAR   ","CR","9,78"]
[11518,"MACANETA TIPO BOLA, CROMADA,  DIAMETRO APROXIMADO DE *2 1/2*\", (SOMENTE MACANETAS)","PAR   ","CR","28,46"]
[38473,"MACARICO DE SOLDA 201 PARA EXTENSAO GLP OU ACETILENO","UN    ","CR","103,52"]
[4244,"MACARIQUEIRO","H     ","CR","10,46"]
[40977,"MACARIQUEIRO (MENSALISTA)","MES   ","CR","1.830,19"]
[4006,"MADEIRA PINHO SERRADA 3A QUALIDADE NAO APARELHADA","M3    ","AS","600,63"]
[2742,"MADEIRA ROLICA SEM TRATAMENTO, EUCALIPTO OU EQUIVALENTE DA REGIAO, H = 3 M, D = 12 A 15 CM (PARA ESCORAMENTO)","M     ","AS","2,07"]
[2748,"MADEIRA ROLICA SEM TRATAMENTO, EUCALIPTO OU EQUIVALENTE DA REGIAO, H = 3 M, D = 16 A 19 CM (PARA ESCORAMENTO)","M     ","AS","6,07"]
[2736,"MADEIRA ROLICA SEM TRATAMENTO, EUCALIPTO OU EQUIVALENTE DA REGIAO, H = 3 M, D = 20 A 24 CM (PARA ESCORAMENTO)","M     ","AS","8,47"]
[2745,"MADEIRA ROLICA SEM TRATAMENTO, EUCALIPTO OU EQUIVALENTE DA REGIAO, H = 3 M, D = 8 A 11 CM (PARA ESCORAMENTO)","M     ","AS","1,71"]
[2751,"MADEIRA ROLICA SEM TRATAMENTO, EUCALIPTO OU EQUIVALENTE DA REGIAO, H = 6 M, D = 12 A 15 CM (PARA ESCORAMENTO)","M     ","AS","2,19"]
[14439,"MADEIRA ROLICA SEM TRATAMENTO, EUCALIPTO OU EQUIVALENTE DA REGIAO, H = 6 M, D = 8 A 11 CM (PARA ESCORAMENTO)","M     ","AS","1,94"]
[2731,"MADEIRA ROLICA TRATADA, EUCALIPTO OU EQUIVALENTE DA REGIAO, H = 12 M, D = 20 A 24 CM (PARA POSTE)","M     ","AS","50,23"]
[21138,"MADEIRA ROLICA TRATADA, EUCALIPTO OU EQUIVALENTE DA REGIAO, H = 2,2 M, D = 8 A 11 CM (PARA CERCA)","M     ","AS","5,45"]
[2747,"MADEIRA ROLICA TRATADA, EUCALIPTO OU EQUIVALENTE DA REGIAO, H = 2,20 M, D = 16 A 19 CM (PARA CERCA)","M     ","AS","13,47"]
[4115,"MADEIRA ROLICA TRATADA, EUCALIPTO OU EQUIVALENTE DA REGIAO, H = 3 M, D = 12 A 15 CM","M     ","AS","10,54"]
[2729,"MADEIRA ROLICA TRATADA, EUCALIPTO OU EQUIVALENTE DA REGIAO, H = 3 M, D = 4 A 7 CM (PARA CAIBRO)","UN    ","AS","12,70"]
[4119,"MADEIRA ROLICA TRATADA, EUCALIPTO OU EQUIVALENTE DA REGIAO, H = 6 M, D = 16 A 19 CM","M     ","AS","21,21"]
[2794,"MADEIRA ROLICA TRATADA, EUCALIPTO OU EQUIVALENTE DA REGIAO, H = 6,5 M, D = 25 A 29 CM","M     ","AS","52,38"]
[2788,"MADEIRA ROLICA TRATADA, EUCALIPTO OU EQUIVALENTE DA REGIAO, H = 6,5 M, D = 30 A 34 CM","M     ","AS","105,90"]
[3989,"MADEIRA SERRADA APARELHADA DE MACARANDUBA, ANGELIM OU EQUIVALENTE DA REGIAO","M3    ","CR","1.804,97"]
[3997,"MADEIRA SERRADA NAO APARELHADA DE MACARANDUBA, ANGELIM OU EQUIVALENTE DA REGIAO","M3    ","CR","3.092,95"]
[4004,"MADEIRA 2A QUALIDADE SERRADA NAO APARELHADA","M3    ","AS","1.538,50"]
[11836,"MADEIRA 2A QUALIDADE SERRADA NAO APARELHADA -TIPO VIROLA","M3    ","AS","1.821,90"]
[36151,"MANGOTE DE SEGURANCA EM RASPA DE COURO","UN    ","CR","24,00"]
[37457,"MANGUEIRA CRISTAL PARA NIVEL, LISA, PVC TRANSPARENTE, 3/8\" X1,5 MM","M     ","AS","1,82"]
[37456,"MANGUEIRA CRISTAL PARA NIVEL, LISA, PVC TRANSPARENTE, 5/16\" X1 MM","M     ","AS","0,96"]
[37461,"MANGUEIRA CRISTAL TRANCADA, PVC COM REFORCO, COM PRESSAO DE TRABALHO (PT) 250 LBS/POL2, DE 3/4\" X *2,8* MM","M     ","AS","6,76"]
[37460,"MANGUEIRA CRISTAL TRANCADA, PVC COM REFORCO, PRESSAO DE TRABALHO (PT) 250 LBS/POL2, DE 1\" X *3,4* MM","M     ","AS","9,24"]
[37458,"MANGUEIRA CRISTAL, LISA, PVC TRANSPARENTE, 1/2\" X 2 MM","M     ","AS","2,70"]
[37454,"MANGUEIRA CRISTAL, LISA, PVC TRANSPARENTE, 1/4\" X1 MM","M     ","AS","0,71"]
[37455,"MANGUEIRA CRISTAL, LISA, PVC TRANSPARENTE, 1/4\" X1,5 MM","M     ","AS","1,19"]
[37459,"MANGUEIRA CRISTAL, LISA, PVC TRANSPARENTE, 3/4\" X 2 MM","M     ","AS","3,80"]
[21029,"MANGUEIRA DE INCENDIO, TIPO 1, DE 1 1/2\", COMPRIMENTO = 15 M, TECIDO EM FIO DE POLIESTER E TUBO INTERNO EM BORRACHA SINTETICA, COM UNIOES ENGATE RAPIDO","UN    ","C ","296,50"]
[21030,"MANGUEIRA DE INCENDIO, TIPO 1, DE 1 1/2\", COMPRIMENTO = 20 M, TECIDO EM FIO DE POLIESTER E TUBO INTERNO EM BORRACHA SINTETICA, COM UNIOES ENGATE RAPIDO","UN    ","CR","365,48"]
[21031,"MANGUEIRA DE INCENDIO, TIPO 1, DE 1 1/2\", COMPRIMENTO = 25 M, TECIDO EM FIO DE POLIESTER E TUBO INTERNO EM BORRACHA SINTETICA, COM UNIOES ENGATE RAPIDO","UN    ","CR","455,02"]
[21032,"MANGUEIRA DE INCENDIO, TIPO 1, DE 1 1/2\", COMPRIMENTO = 30 M, TECIDO EM FIO DE POLIESTER E TUBO INTERNO EM BORRACHA SINTETICA, COM UNIOES ENGATE RAPIDO","UN    ","CR","485,84"]
[37527,"MANGUEIRA DE INCENDIO, TIPO 2, DE 1 1/2\", COMPRIMENTO = 15 M, TECIDO EM FIO DE POLIESTER E TUBO INTERNO EM BORRACHA SINTETICA, COM UNIOES ENGATE RAPIDO","UN    ","CR","438,87"]
[37528,"MANGUEIRA DE INCENDIO, TIPO 2, DE 1 1/2\", COMPRIMENTO = 20 M, TECIDO EM FIO DE POLIESTER E TUBO INTERNO EM BORRACHA SINTETICA, COM UNIOES","UN    ","CR","523,27"]
[37529,"MANGUEIRA DE INCENDIO, TIPO 2, DE 1 1/2\", COMPRIMENTO = 25 M, TECIDO EM FIO DE POLIESTER E TUBO INTERNO EM BORRACHA SINTETICA, COM UNIOES","UN    ","CR","528,41"]
[37530,"MANGUEIRA DE INCENDIO, TIPO 2, DE 1 1/2\", COMPRIMENTO = 30 M, TECIDO EM FIO DE POLIESTER E TUBO INTERNO EM BORRACHA SINTETICA, COM UNIOES","UN    ","CR","689,87"]
[21034,"MANGUEIRA DE INCENDIO, TIPO 2, DE 2 1/2\", COMPRIMENTO = 15 M, TECIDO EM FIO DE POLIESTER E TUBO INTERNO EM BORRACHA SINTETICA, COM UNIOES ENGATE RAPIDO","UN    ","CR","588,59"]
[37531,"MANGUEIRA DE INCENDIO, TIPO 2, DE 2 1/2\", COMPRIMENTO = 20 M, TECIDO EM FIO DE POLIESTER E TUBO INTERNO EM BORRACHA SINTETICA, COM UNIOES","UN    ","CR","741,25"]
[21036,"MANGUEIRA DE INCENDIO, TIPO 2, DE 2 1/2\", COMPRIMENTO = 25 M, TECIDO EM FIO DE POLIESTER E TUBO INTERNO EM BORRACHA SINTETICA, COM UNIOES ENGATE RAPIDO","UN    ","CR","901,24"]
[21037,"MANGUEIRA DE INCENDIO, TIPO 2, DE 2 1/2\", COMPRIMENTO = 30 M, TECIDO EM FIO DE POLIESTER E TUBO INTERNO EM BORRACHA SINTETICA, COM UNIOES ENGATE RAPIDO","UN    ","CR","1.027,47"]
[20185,"MANGUEIRA DE PVC FLEXIVEL,TIPO FLAT/ACHATADA, COR LARANJA, D = 1 1/2\" (40 MM), PARA CONDUCAO DE AGUA, SERVICOS LEVES E MEDIOS","M     ","AS","11,00"]
[20260,"MANGUEIRA PARA GAS - GLP, DIAMETRO DE 3/8\", COMPRIMENTO DE 1M","UN    ","AS","5,51"]
[42011,"MANILHA RETA PESADA PADRAO \"D\", CORPO EM ACO CARBONO 1045 E PINO REFORCADO EM ACO ALLOY, GALVANIZADO, ROSCADO, DIAMETRO 1/2\" (COLETADO CAIXA)","UN    ","AS","6,91"]
[37523,"MANIPULADOR TELESCOPICO, POTENCIA DE 101 HP, CAPACIDADE DE CARGA DE 3.500 KG, ALTURA MAXIMA DE ELEVACAO DE 12 M","UN    ","AS","425.734,79"]
[37515,"MANIPULADOR TELESCOPICO, POTENCIA DE 85 HP, CAPACIDADE DE CARGA DE 3.500 KG, ALTURA MAXIMA DE ELEVACAO DE 12,3 M","UN    ","AS","378.500,00"]
[12899,"MANOMETRO COM CAIXA EM ACO PINTADO, ESCALA *10* KGF/CM2 (*10* BAR), DIAMETRO NOMINAL DE *63* MM, CONEXAO DE 1/4\"","UN    ","AS","91,23"]
[12898,"MANOMETRO COM CAIXA EM ACO PINTADO, ESCALA *10* KGF/CM2 (*10* BAR), DIAMETRO NOMINAL DE 100 MM, CONEXAO DE 1/2\"","UN    ","AS","144,71"]
[42528,"MANTA ALUMINIZADA NAS DUAS FACES, PARA SUBCOBERTURA,  E = *2* MM","M2    ","AS","5,49"]
[39696,"MANTA ALUMINIZADA 1 FACE PARA SUBCOBERTURA, E = *1* MM","M2    ","AS","3,86"]
[39700,"MANTA ANTIRRUIDO DE POLIESTER (PET) PARA CONTRAPISO E = *8* MM","M2    ","AS","18,17"]
[11621,"MANTA ASFALTICA ELASTOMERICA EM POLIESTER ALUMINIZADA 3 MM, TIPO III, CLASSE B (NBR 9952)","M2    ","AS","36,15"]
[4014,"MANTA ASFALTICA ELASTOMERICA EM POLIESTER 3 MM, TIPO III, CLASSE B, ACABAMENTO PP (NBR 9952)","M2    ","AS","37,41"]
[4015,"MANTA ASFALTICA ELASTOMERICA EM POLIESTER 4 MM, TIPO III, CLASSE B, ACABAMENTO PP (NBR 9952)","M2    ","AS","45,93"]
[4017,"MANTA ASFALTICA ELASTOMERICA EM POLIESTER 5 MM, TIPO III, CLASSE B, ACABAMENTO PP (NBR 9952)","M2    ","AS","66,84"]
[4016,"MANTA ASFALTICA ELASTOMERICA TIPO GLASS 3 MM, TIPO II, CLASSE C, ACABAMENTO PP (NBR 9952)","M2    ","AS","26,40"]
[39699,"MANTA DE BORRACHA ANTIRRUIDO 5 MM","M2    ","CR","8,60"]
[38544,"MANTA DE POLIETILENO EXPANDIDO (PEBD) ANTICHAMAS, E = 8 MM","M2    ","AS","6,77"]
[38545,"MANTA DE POLIETILENO EXPANDIDO (PEBD), E = 5 MM","M2    ","AS","4,35"]
[42527,"MANTA DE POLIETILENO EXPANDIDO, COM 1 FACE METALIZADA PARA SUBCOBERTURA,  E = *5* MM","M2    ","AS","14,50"]
[39323,"MANTA GEOTEXTIL TECIDO DE LAMINETES DE POLIPROPILENO, RESISTENCIA A TRACAO = *25* KN/M","M2    ","AS","16,60"]
[626,"MANTA LIQUIDA DE BASE ASFALTICA MODIFICADA COM A ADICAO DE ELASTOMEROS DILUIDOS EM SOLVENTE ORGANICO, APLICACAO A FRIO (MEMBRANA IMPERMEABILIZANTE ASFASTICA)","KG    ","C ","14,72"]
[25860,"MANTA TERMOPLASTICA, PEAD, GEOMEMBRANA LISA, E = 0,50 MM ( NBR 15352)","M2    ","AS","8,48"]
[25861,"MANTA TERMOPLASTICA, PEAD, GEOMEMBRANA LISA, E = 0,75 MM ( NBR 15352)","M2    ","AS","12,80"]
[25862,"MANTA TERMOPLASTICA, PEAD, GEOMEMBRANA LISA, E = 0,80 MM ( NBR 15352)","M2    ","AS","13,59"]
[25863,"MANTA TERMOPLASTICA, PEAD, GEOMEMBRANA LISA, E = 1,00 MM ( NBR 15352)","M2    ","AS","16,99"]
[25864,"MANTA TERMOPLASTICA, PEAD, GEOMEMBRANA LISA, E = 1,50 MM ( NBR 15352)","M2    ","AS","25,48"]
[25865,"MANTA TERMOPLASTICA, PEAD, GEOMEMBRANA LISA, E = 2,00 MM ( NBR 15352)","M2    ","AS","34,13"]
[25866,"MANTA TERMOPLASTICA, PEAD, GEOMEMBRANA LISA, E = 2,50 MM ( NBR 15352)","M2    ","AS","42,38"]
[25868,"MANTA TERMOPLASTICA, PEAD, GEOMEMBRANA TEXTURIZADA EM AMBAS AS FACES, E = 0,50 MM (NBR 15352)","M2    ","AS","9,46"]
[25869,"MANTA TERMOPLASTICA, PEAD, GEOMEMBRANA TEXTURIZADA EM AMBAS AS FACES, E = 0,75 MM (NBR 15352)","M2    ","AS","13,35"]
[25870,"MANTA TERMOPLASTICA, PEAD, GEOMEMBRANA TEXTURIZADA EM AMBAS AS FACES, E = 0,80 MM (NBR 15352)","M2    ","AS","15,13"]
[25871,"MANTA TERMOPLASTICA, PEAD, GEOMEMBRANA TEXTURIZADA EM AMBAS AS FACES, E = 1,00 MM (NBR 15352)","M2    ","AS","18,58"]
[25867,"MANTA TERMOPLASTICA, PEAD, GEOMEMBRANA TEXTURIZADA EM AMBAS AS FACES, E = 1,50 MM (NBR 15352)","M2    ","AS","27,51"]
[25872,"MANTA TERMOPLASTICA, PEAD, GEOMEMBRANA TEXTURIZADA EM AMBAS AS FACES, E = 2,00 MM (NBR 15352)","M2    ","AS","37,18"]
[25873,"MANTA TERMOPLASTICA, PEAD, GEOMEMBRANA TEXTURIZADA EM AMBAS AS FACES, E = 2,50 MM (NBR 15352)","M2    ","AS","46,38"]
[40637,"MAQUINA DEMARCADORA DE FAIXA DE TRAFEGO A FRIO, AUTOPROPELIDA, MOTOR DIESEL 38 HP","UN    ","AS","444.393,80"]
[13836,"MAQUINA EXTRUSORA DE CONCRETO PARA GUIAS E SARJETAS, COM MOTOR A DIESEL DE 14 CV","UN    ","AS","58.194,70"]
[14534,"MAQUINA MANUAL TIPO PRENSA PARA PRODUCAO DE BLOCOS E PAVIMENTOS DE CONCRETO, COM MOTOR ELETRICO TRIFASICO PARA VIBRACAO, POTENCIA TOTAL INSTALADA DE 1,5 KW","UN    ","AS","24.361,84"]
[14619,"MAQUINA PARA CORTE COM DISCO ABRASIVO DE DIAMETRO DE 18'' (450 MM), COM MOTOR ELETRICO TRIFASICO DE 10 CV","UN    ","CR","12.387,88"]
[14535,"MAQUINA TIPO PRENSA HIDRAULICA, PARA FABRICACAO DE TUBOS DE CONCRETO PARA AGUAS PLUVIAIS, DN 200 A DN 600 MM X 1000 MM DE COMPRIMENTO, COM MOTOR PRINCIPAL DE 20 CV","UN    ","AS","241.793,62"]
[39813,"MAQUINA TIPO VASO / TANQUE / JATO DE PRESSAO PORTATIL PARA JATEAMENTO, CONTROLE AUTOMATICO E REMOTO, COM CAMARA DE 1 SAIDA, CAPACIDADE 280 LITROS, DIAMETRO *670* MM, BICO DE JATO CURTO VENTURI DE 5/16\", MANGUEIRA DE 1\" DE 10 M,  COMPLETA ( VALVULAS POP UP E DOSADORA, FUNDO CONICO, ETC)","UN    ","CR","14.256,33"]
[12868,"MARCENEIRO","H     ","CR","14,52"]
[40916,"MARCENEIRO (MENSALISTA)","MES   ","CR","2.535,46"]
[4755,"MARMORISTA / GRANITEIRO","H     ","CR","16,20"]
[41067,"MARMORISTA / GRANITEIRO (MENSALISTA)","MES   ","CR","2.830,98"]
[38463,"MARTELO DE SOLDADOR/PICADOR DE SOLDA","UN    ","CR","25,15"]
[40703,"MARTELO DEMOLIDOR ELETRICO, COM POTENCIA DE 2.000 W, FREQUENCIA DE 1.000 IMPACTOS POR MINUTO, FORÇA DE IMPACTO ENTRE 60 E 65 J, PESO DE 30 KG","UN    ","C ","7.990,00"]
[14531,"MARTELO DEMOLIDOR PNEUMATICO MANUAL, COM REDUCAO DE VIBRACAO, PESO DE 21 KG","UN    ","CR","14.896,37"]
[36533,"MARTELO DEMOLIDOR PNEUMATICO MANUAL, COM REDUCAO DE VIBRACAO, PESO DE 31,5 KG","UN    ","CR","17.141,91"]
[11616,"MARTELO DEMOLIDOR PNEUMATICO MANUAL, PADRAO, PESO DE 32 KG","UN    ","CR","16.190,28"]
[41898,"MARTELO DEMOLIDOR PNEUMATICO MANUAL, PESO  DE 28 KG, COM SILENCIADOR","UN    ","CR","18.216,27"]
[13447,"MARTELO PERFURADOR PNEUMATICO MANUAL, DE SUPERFICIE, COM AVANCO DE COLUNA, PESO DE 22 KG","UN    ","CR","33.519,19"]
[14529,"MARTELO PERFURADOR PNEUMATICO MANUAL, HASTE 25 X 75 MM, 21 KG","UN    ","CR","18.746,43"]
[10747,"MARTELO PERFURADOR PNEUMATICO MANUAL, PESO DE 25 KG, COM SILENCIADOR","UN    ","CR","18.393,11"]
[36141,"MASCARA DE SEGURANCA PARA SOLDA COM ESCUDO DE CELERON E CARNEIRA DE PLASTICO COM REGULAGEM","UN    ","CR","32,40"]
[4053,"MASSA A OLEO PARA MADEIRA","GL    ","CR","38,01"]
[4052,"MASSA ACRILICA","18L   ","CR","77,53"]
[4056,"MASSA ACRILICA PARA PAREDES INTERIOR/EXTERIOR","GL    ","CR","19,99"]
[4051,"MASSA CORRIDA PVA PARA PAREDES INTERNAS","18L   ","CR","49,90"]
[4048,"MASSA CORRIDA PVA PARA PAREDES INTERNAS","L     ","CR","2,77"]
[4047,"MASSA CORRIDA PVA PARA PAREDES INTERNAS","GL    ","C ","9,98"]
[39434,"MASSA DE REJUNTE EM PO PARA DRYWALL, A BASE DE GESSO, SECAGEM RAPIDA, PARA TRATAMENTO DE JUNTAS DE CHAPA DE GESSO (COM ADICAO DE AGUA)","KG    ","CR","1,87"]
[39433,"MASSA DE REJUNTE PRONTA PARA TRATAMENTO DE JUNTAS DE CHAPA DE GESSO PARA DRYWALL, SEM ADICAO DE AGUA","KG    ","CR","1,34"]
[4049,"MASSA EPOXI BICOMPONENTE (MASSA + CATALIZADOR)","L     ","CR","31,26"]
[38120,"MASSA EPOXI BICOMPONENTE PARA REPAROS","KG    ","CR","104,75"]
[38877,"MASSA PARA TEXTURA LISA DE BASE ACRILICA, USO INTERNO E EXTERNO","KG    ","CR","5,17"]
[34546,"MASSA PARA TEXTURA RUSTICA DE BASE ACRILICA, COR BRANCA, USO INTERNO E EXTERNO","KG    ","CR","5,21"]
[10498,"MASSA PARA VIDRO","KG    ","CR","4,91"]
[4823,"MASSA PLASTICA PARA MARMORE/GRANITO","KG    ","CR","31,80"]
[12357,"MASTRO SIMPLES GALVANIZADO DIAMETRO NOMINAL 1 1/2\", COMPRIMENTO 3 M","UN    ","AS","128,10"]
[12358,"MASTRO SIMPLES GALVANIZADO DIAMETRO NOMINAL 2\", COMPRIMENTO 3 M","UN    ","AS","144,09"]
[11079,"MATERIAL FILTRANTE (PEDREGULHO) 0,6 A 25,46 MM (POSTO PEDREIRA/FORNECEDOR, SEM FRETE)","M3    ","CR","690,92"]
[11082,"MATERIAL FILTRANTE (PEDREGULHO) 38 A 25,4 MM (POSTO PEDREIRA/FORNECEDOR, SEM FRETE)","M3    ","CR","704,90"]
[4058,"MECANICO DE EQUIPAMENTOS PESADOS","H     ","CR","38,26"]
[40974,"MECANICO DE EQUIPAMENTOS PESADOS (MENSALISTA)","MES   ","CR","6.678,92"]
[34794,"MECANICO DE REFRIGERACAO","H     ","CR","14,96"]
[40925,"MECANICO DE REFRIGERACAO (MENSALISTA)","MES   ","CR","2.613,31"]
[13741,"MEDIDOR DE NIVEL ESTATICO E DINAMICO PARA POCO, COMPRIMENTO DE 200 M","UN    ","CR","2.025,21"]
[3288,"MEIA CANA DE MADEIRA CEDRINHO OU EQUIVALENTE DA REGIAO, ACABAMENTO PARA FORRO PAULISTA, *2,5 X 2,5* CM","M     ","AS","4,16"]
[13587,"MEIA CANA DE MADEIRA PINUS OU EQUIVALENTE DA REGIAO, ACABAMENTO PARA FORRO PAULISTA, *2,5 X 2,5* CM","M     ","AS","2,51"]
[38598,"MEIA CANALETA CONCRETO ESTRUTURAL 14 X 19 X 19 CM, FBK 14 MPA (NBR 6136)","UN    ","CR","1,92"]
[38595,"MEIA CANALETA CONCRETO ESTRUTURAL 14 X 19 X 19 CM, FBK 4,5 MPA (NBR 6136)","UN    ","CR","1,33"]
[38592,"MEIO BLOCO CONCRETO ESTRUTURAL 14 X 19 X 14 CM, FBK 14 MPA (NBR 6136)","UN    ","CR","1,74"]
[38588,"MEIO BLOCO CONCRETO ESTRUTURAL 14 X 19 X 14 CM, FBK 4,5 MPA (NBR 6136)","UN    ","CR","1,09"]
[38593,"MEIO BLOCO CONCRETO ESTRUTURAL 14 X 19 X 19 CM, FBK 14 MPA (NBR 6136)","UN    ","CR","1,87"]
[38589,"MEIO BLOCO CONCRETO ESTRUTURAL 14 X 19 X 19 CM, FBK 4,5 MPA (NBR 6136)","UN    ","CR","1,33"]
[38594,"MEIO BLOCO CONCRETO ESTRUTURAL 14 X 19 X 34 CM, FBK 14 MPA (NBR 6136)","UN    ","CR","2,77"]
[34787,"MEIO BLOCO ESTRUTURAL CERAMICO 14 X 19 X 14 CM, 4,0 MPA (NBR 15270)","UN    ","CR","0,76"]
[34788,"MEIO BLOCO ESTRUTURAL CERAMICO 14 X 19 X 14 CM, 6,0 MPA (NBR 15270)","UN    ","CR","0,77"]
[34784,"MEIO BLOCO ESTRUTURAL CERAMICO 14 X 19 X 19 CM, 4,0 MPA (NBR 15270)","UN    ","CR","0,84"]
[34781,"MEIO BLOCO ESTRUTURAL CERAMICO 14 X 19 X 19 CM, 6,0 MPA (NBR 15270)","UN    ","CR","0,96"]
[34773,"MEIO BLOCO VEDACAO CONCRETO APARENTE 14 X 19 X 19 CM  (CLASSE C - NBR 6136)","UN    ","CR","1,38"]
[34769,"MEIO BLOCO VEDACAO CONCRETO APARENTE 19 X 19 X 19 CM (CLASSE C - NBR 6136)","UN    ","CR","1,60"]
[34763,"MEIO BLOCO VEDACAO CONCRETO APARENTE 9  X 19 X 19 CM (CLASSE C - NBR 6136)","UN    ","CR","0,93"]
[34774,"MEIO BLOCO VEDACAO CONCRETO 14 X 19 X 19 CM (CLASSE C - NBR 6136)","UN    ","CR","1,24"]
[34771,"MEIO BLOCO VEDACAO CONCRETO 19 X 19 X 19 CM (CLASSE C - NBR 6136)","UN    ","CR","1,42"]
[34764,"MEIO BLOCO VEDACAO CONCRETO 9 X 19 X 19 CM (CLASSE C - NBR 6136)","UN    ","CR","0,87"]
[4062,"MEIO-FIO OU GUIA DE CONCRETO, PRE-MOLDADO, COMP 1 M, *30 X 15* CM (H X L)","UN    ","CR","15,59"]
[4059,"MEIO-FIO OU GUIA DE CONCRETO, PRE-MOLDADO, COMP 1 M, *30 X 15/ 12* CM (H X L1/L2)","M     ","C ","18,90"]
[4061,"MEIO-FIO OU GUIA DE CONCRETO, PRE-MOLDADO, COMP 80 CM, *45 X 18 /12* CM (H X L1/L2)","UN    ","CR","15,12"]
[10608,"MESA VIBRATORIA COM DIMENSOES DE 2,0 X 1,0 M, COM MOTOR ELETRICO DE 2 POLOS E POTENCIA DE 3 CV","UN    ","AS","8.325,00"]
[4069,"MESTRE DE OBRAS","H     ","CR","51,21"]
[40819,"MESTRE DE OBRAS (MENSALISTA)","MES   ","CR","8.938,86"]
[34361,"METACAULIM DE ALTA REATIVIDADE/CAULIM CALCINADO","KG    ","CR","2,23"]
[36512,"MICRO-TRATOR CORTADOR DE GRAMA COM LARGURA DO CORTE DE 107 CM, COM  2 LAMINAS E DESCARTE LATERAL","UN    ","AS","9.364,47"]
[25972,"MICROESFERAS DE VIDRO PARA SINALIZACAO HORIZONTAL VIARIA, TIPO I-B (PREMIX) - NBR 16184","KG    ","CR","6,44"]
[25973,"MICROESFERAS DE VIDRO PARA SINALIZACAO HORIZONTAL VIARIA, TIPO II-A (DROP-ON) - NBR 16184","KG    ","CR","6,44"]
[11697,"MICTORIO COLETIVO ACO INOX (AISI 304), E = 0,8 MM, DE *100 X 40 X 30* CM (C X A X P)","UN    ","CR","501,36"]
[11698,"MICTORIO COLETIVO ACO INOX (AISI 304), E = 0,8 MM, DE *100 X 50 X 35* CM (C X A X P)","UN    ","CR","598,10"]
[11699,"MICTORIO INDIVIDUAL ACO INOX (AISI 304), E = 0,8 MM, DE *50  X 45  X 35* (C X A X P)","UN    ","CR","661,03"]
[10432,"MICTORIO SIFONADO LOUCA BRANCA SEM COMPLEMENTOS","UN    ","CR","247,80"]
[10430,"MICTORIO SIFONADO LOUCA COR SEM COMPLEMENTOS","UN    ","CR","266,87"]
[37514,"MINICARREGADEIRA SOBRE RODAS, POTENCIA LIQUIDA DE *47* HP, CAPACIDADE NOMINAL DE OPERACAO DE *646* KG","UN    ","AS","130.000,00"]
[37519,"MINICARREGADEIRA SOBRE RODAS, POTENCIA LIQUIDA DE *72* HP, CAPACIDADE NOMINAL DE OPERACAO DE *1200* KG","UN    ","AS","200.628,14"]
[37520,"MINIESCAVADEIRA SOBRE ESTEIRAS, POTENCIA LIQUIDA DE *30* HP, PESO OPERACIONAL DE *3.500* KG","UN    ","AS","197.339,15"]
[37521,"MINIESCAVADEIRA SOBRE ESTEIRAS, POTENCIA LIQUIDA DE *42* HP, PESO OPERACIONAL DE *4.500* KG","UN    ","AS","240.753,77"]
[37522,"MINIESCAVADEIRA SOBRE ESTEIRAS, POTENCIA LIQUIDA DE *42* HP, PESO OPERACIONAL DE *5.300* KG","UN    ","AS","247.997,03"]
[21109,"MINUTERIA ELETRONICA COLETIVA COM POTENCIA MAXIMA RESISTIVA PARA LAMPADAS FLUORESCENTES DE *300* W ( 110 V ) / *600* W ( 110 V )","UN    ","AS","88,27"]
[36800,"MISTURADOR BASE PARA CHUVEIRO/BANHEIRA, 1/2 \" OU 3/4 \", SOLDAVEL OU ROSCAVEL","UN    ","CR","84,59"]
[11769,"MISTURADOR CROMADO DE MESA BICA BAIXA PARA LAVATORIO (REF 1875)","UN    ","CR","207,30"]
[36793,"MISTURADOR CROMADO DE PAREDE PARA LAVATORIO (REF 1178)","UN    ","CR","335,64"]
[37546,"MISTURADOR DE ARGAMASSA, EIXO HORIZONTAL, CAPACIDADE DE MISTURA 160 KG, MOTOR ELETRICO TRIFASICO 220/380 V, POTENCIA 3 CV","UN    ","CR","8.995,18"]
[37544,"MISTURADOR DE ARGAMASSA, EIXO HORIZONTAL, CAPACIDADE DE MISTURA 300 KG, MOTOR ELETRICO TRIFASICO 220/380 V, POTENCIA 5 CV","UN    ","CR","9.513,91"]
[37545,"MISTURADOR DE ARGAMASSA, EIXO HORIZONTAL, CAPACIDADE DE MISTURA 600 KG, MOTOR ELETRICO TRIFASICO 220/380 V, POTENCIA 7,5 CV","UN    ","CR","11.320,28"]
[11771,"MISTURADOR DE PAREDE CROMADO PARA COZINHA BICA MOVEL COM AREJADOR (REF 1258)","UN    ","CR","257,14"]
[39919,"MISTURADOR DUPLO HORIZONTAL DE ALTA TURBULENCIA, CAPACIDADE / VOLUME 2 X 500 LITROS, MOTORES ELETRICOS MINIMO 5 CV CADA,  PARA NATA CIMENTO, ARGAMASSA E OUTROS","UN    ","CR","45.025,85"]
[38385,"MISTURADOR MANUAL DE TINTAS PARA FURADEIRA, HASTE METALICA *60* CM, COM HELICE  (MEXEDOR DE TINTA)","UN    ","CR","42,53"]
[37587,"MISTURADOR MONOCOMANDO PARA CHUVEIRO, BASE BRUTA E ACABAMENTO CROMADO","UN    ","CR","233,88"]
[11571,"MOLA AEREA FECHA PORTA, PARA PORTAS COM LARGURA ACIMA DE 110 CM","UN    ","CR","150,85"]
[11561,"MOLA AEREA FECHA PORTA, PARA PORTAS COM LARGURA ATE 110 CM","UN    ","CR","116,67"]
[11560,"MOLA AEREA FECHA PORTA, PARA PORTAS COM LARGURA ATE 95 CM","UN    ","CR","99,30"]
[11499,"MOLA HIDRAULICA DE PISO P/ VIDRO TEMPERADO 10MM","UN    ","CR","981,21"]
[34761,"MONTADOR DE ELETROELETRONICOS","H     ","CR","12,57"]
[40924,"MONTADOR DE ELETROELETRONICOS (MENSALISTA)","MES   ","CR","2.197,94"]
[25957,"MONTADOR DE ESTRUTURAS METALICAS","H     ","CR","25,60"]
[40983,"MONTADOR DE ESTRUTURAS METALICAS (MENSALISTA)","MES   ","CR","4.468,61"]
[2437,"MONTADOR DE MAQUINAS","H     ","CR","22,47"]
[40921,"MONTADOR DE MAQUINAS (MENSALISTA)","MES   ","CR","3.925,75"]
[40534,"MONTANTE EM BARRA CHATA ACO GALVANIZADO, *65 X 8* MM, ALTURA *1420* MM, PINTURA ELETROSTATICA, COR PRETA","UN    ","AS","163,62"]
[14252,"MOTOBOMBA AUTOESCORVANTE MOTOR A GASOLINA, POTENCIA 6,0HP, BOCAIS 3\" X 3\", HM/Q = 5 MCA / 24 M3/H A 52,5 MCA / 5,0 M3/H","UN    ","AS","1.671,48"]
[730,"MOTOBOMBA AUTOESCORVANTE MOTOR ELETRICO TRIFASICO 7,4HP BOCA DIAMETRO DE SUCCAO X RECLAQUE: 2\"X2\", HM/ Q = 10 M / 73,5 M3/H A 28 M / 8,2 M3 /H","UN    ","AS","4.465,89"]
[723,"MOTOBOMBA AUTOESCORVANTE POTENCIA 5,42 HP, BOCAIS SUCCAO X RECALQUE 2\" X 2\", A GASOLINA, DIAMETRO DO ROTOR 122 MM HM/Q = 6 MCA / 33,0 M3/H A 28 MCA / 8,0 M3/H","UN    ","AS","2.219,70"]
[36502,"MOTOBOMBA CENTRIFUGA, MOTOR A GASOLINA, POTENCIA 5,42 HP, BOCAIS 1 1/2\" X 1\", DIAMETRO ROTOR 143 MM HM/Q = 6 MCA / 16,8 M3/H A 38 MCA / 6,6 M3/H","UN    ","AS","2.086,26"]
[36503,"MOTOBOMBA TRASH (PARA AGUA SUJA) AUTO ESCORVANTE, MOTOR GASOLINA DE 6,41 HP, DIAMETROS DE SUCCAO X RECALQUE: 3\" X 3\", HM/Q: 10/60 A 23/0","UN    ","AS","2.572,60"]
[4090,"MOTONIVELADORA POTENCIA BASICA LIQUIDA (PRIMEIRA MARCHA) 125 HP , PESO BRUTO 13843 KG, LARGURA DA LAMINA DE 3,7 M","UN    ","AS","548.333,33"]
[13227,"MOTONIVELADORA POTENCIA BASICA LIQUIDA (PRIMEIRA MARCHA) 171 HP, PESO BRUTO 14768 KG, LARGURA DA LAMINA DE 3,7 M","UN    ","AS","681.372,53"]
[10597,"MOTONIVELADORA POTENCIA BASICA LIQUIDA (PRIMEIRA MARCHA) 186 HP, PESO BRUTO 15785 KG, LARGURA DA LAMINA DE 4,3 M","UN    ","AS","717.232,49"]
[39628,"MOTOR A DIESEL PARA VIBRADOR DE IMERSAO, DE *4,7* CV","UN    ","CR","2.601,83"]
[39404,"MOTOR A GASOLINA PARA VIBRADOR DE IMERSAO, 4 TEMPOS, DE 5,5 CV","UN    ","CR","1.290,16"]
[39402,"MOTOR ELETRICO PARA VIBRADOR DE IMERSAO, DE 2 CV, MONOFASICO, 110/220 V","UN    ","CR","1.062,85"]
[39403,"MOTOR ELETRICO PARA VIBRADOR DE IMERSAO, DE 2 CV, TRIFASICO, 220/380 V","UN    ","CR","1.039,73"]
[4093,"MOTORISTA DE CAMINHAO","H     ","CR","27,77"]
[10512,"MOTORISTA DE CAMINHAO (MENSALISTA)","MES   ","CR","4.847,95"]
[20020,"MOTORISTA DE CAMINHAO-BASCULANTE","H     ","CR","26,19"]
[41038,"MOTORISTA DE CAMINHAO-BASCULANTE (MENSALISTA)","MES   ","CR","4.572,83"]
[4094,"MOTORISTA DE CAMINHAO-CARRETA","H     ","CR","37,09"]
[40988,"MOTORISTA DE CAMINHAO-CARRETA (MENSALISTA)","MES   ","CR","6.474,13"]
[4095,"MOTORISTA DE CARRO DE PASSEIO","H     ","CR","26,80"]
[40990,"MOTORISTA DE CARRO DE PASSEIO (MENSALISTA)","MES   ","CR","4.680,36"]
[4097,"MOTORISTA DE ONIBUS / MICRO-ONIBUS","H     ","CR","34,35"]
[40994,"MOTORISTA DE ONIBUS / MICRO-ONIBUS (MENSALISTA)","MES   ","CR","5.998,28"]
[4096,"MOTORISTA OPERADOR DE CAMINHAO COM MUNCK","H     ","CR","30,01"]
[40992,"MOTORISTA OPERADOR DE CAMINHAO COM MUNCK (MENSALISTA)","MES   ","CR","5.238,92"]
[13955,"MOTOSSERRA PORTATIL COM MOTOR A GASOLINA DE *60* CC","UN    ","AS","2.291,89"]
[4114,"MOURAO CONCRETO CURVO, SECAO \"T\", H = 2,80 M + CURVA COM 0,45 M, COM FUROS PARA FIOS","UN    ","CR","32,17"]
[36797,"MOURAO DE CONCRETO CURVO,10 X 10 CM, H= *2,60* M + CURVA DE 0,40 M","UN    ","CR","28,13"]
[4107,"MOURAO DE CONCRETO RETO, *10 X 10* CM, H= 2,30 M","UN    ","CR","27,09"]
[36799,"MOURAO DE CONCRETO RETO, TIPO ESTICADOR, *10 X 10* CM, H= 2,50 M","UN    ","CR","25,86"]
[4108,"MOURAO DE CONCRETO RETO, 10 X 10 CM, H= 2,00 M","UN    ","CR","21,78"]
[4102,"MOURAO DE CONCRETO RETO, 10 X 10 CM, H= 3,00 M","UN    ","C ","32,40"]
[10826,"MUDA DE ARBUSTO FLORIFERO, CLUSIA/GARDENIA/MOREIA BRANCA/ AZALEIA OU EQUIVALENTE DA REGIAO, H= *50 A 70* CM","UN    ","CR","57,47"]
[365,"MUDA DE ARBUSTO FOLHAGEM, SANSAO-DO-CAMPO OU EQUIVALENTE DA REGIAO, H= *50 A 70* CM","UN    ","CR","35,63"]
[38639,"MUDA DE ARBUSTO, BUXINHO, H= *50* M","UN    ","CR","137,93"]
[38640,"MUDA DE ARBUSTO, PINGO DE OURO/ VIOLETEIRA, H = *10 A 20* CM","UN    ","CR","2,06"]
[358,"MUDA DE ARVORE ORNAMENTAL, OITI/AROEIRA SALSA/ANGICO/IPE/JACARANDA OU EQUIVALENTE  DA REGIAO, H= *1* M","UN    ","CR","42,52"]
[359,"MUDA DE ARVORE ORNAMENTAL, OITI/AROEIRA SALSA/ANGICO/IPE/JACARANDA OU EQUIVALENTE  DA REGIAO, H= *2* M","UN    ","CR","87,35"]
[38641,"MUDA DE PALMEIRA, ARECA, H= *1,50* CM","UN    ","CR","86,20"]
[360,"MUDA DE RASTEIRA/FORRACAO, AMENDOIM RASTEIRO/ONZE HORAS/AZULZINHA/IMPATIENS OU EQUIVALENTE DA REGIAO","UN    ","C ","2,00"]
[4127,"MUFLA TERMINAL PRIMARIA UNIPOLAR USO EXTERNO PARA CABO 25/70MM2 ISOL, 3,6/6KV EM EPR - BORRACHA DE SILICONE","UN    ","AS","167,78"]
[4154,"MUFLA TERMINAL PRIMARIA UNIPOLAR USO INTERNO PARA CABO 25/70MM2 ISOL 6/10KV EM EPR- BORRACHA DE SILICONE","UN    ","AS","204,99"]
[4168,"MUFLA TERMINAL PRIMARIA UNIPOLAR USO INTERNO PARA CABO 35/120MM2 ISOLACAO 15/25KV EM EPR - BORRACHA DE SILICONE","UN    ","AS","216,49"]
[4161,"MUFLA TERMINAL PRIMARIA UNIPOLAR USO INTERNO PARA CABO 35/70MM2 ISOLACAO 8,7/15KV EM EPR - BORRACHA DE SILICONE","UN    ","AS","208,37"]
[42459,"MULTIEXERCITADOR COM SEIS FUNCOES, EM TUBO DE ACO CARBONO, PINTURA NO PROCESSO ELETROSTATICO - EQUIPAMENTO DE GINASTICA PARA ACADEMIA AO AR LIVRE / ACADEMIA DA TERCEIRA IDADE - ATI * COLETADO CAIXA *","UN    ","AS","5.382,14"]
[4214,"NIPEL PVC, ROSCAVEL, 1 1/2\",  AGUA FRIA PREDIAL","UN    ","CR","5,18"]
[4215,"NIPEL PVC, ROSCAVEL, 1 1/4\",  AGUA FRIA PREDIAL","UN    ","CR","4,30"]
[4210,"NIPEL PVC, ROSCAVEL, 1/2\",  AGUA FRIA PREDIAL","UN    ","CR","0,66"]
[4212,"NIPEL PVC, ROSCAVEL, 1\",  AGUA FRIA PREDIAL","UN    ","CR","1,73"]
[4213,"NIPEL PVC, ROSCAVEL, 2\",  AGUA FRIA PREDIAL","UN    ","CR","9,36"]
[4211,"NIPEL PVC, ROSCAVEL, 3/4\",  AGUA FRIA PREDIAL","UN    ","CR","0,97"]
[4209,"NIPLE DE FERRO GALVANIZADO, COM ROSCA BSP, DE 1 1/2\"","UN    ","AS","12,49"]
[4180,"NIPLE DE FERRO GALVANIZADO, COM ROSCA BSP, DE 1 1/4\"","UN    ","AS","9,40"]
[4177,"NIPLE DE FERRO GALVANIZADO, COM ROSCA BSP, DE 1/2\"","UN    ","AS","3,12"]
[4179,"NIPLE DE FERRO GALVANIZADO, COM ROSCA BSP, DE 1\"","UN    ","AS","6,38"]
[4208,"NIPLE DE FERRO GALVANIZADO, COM ROSCA BSP, DE 2 1/2\"","UN    ","AS","29,73"]
[4181,"NIPLE DE FERRO GALVANIZADO, COM ROSCA BSP, DE 2\"","UN    ","AS","19,42"]
[4178,"NIPLE DE FERRO GALVANIZADO, COM ROSCA BSP, DE 3/4\"","UN    ","AS","4,33"]
[4182,"NIPLE DE FERRO GALVANIZADO, COM ROSCA BSP, DE 3\"","UN    ","AS","48,37"]
[4183,"NIPLE DE FERRO GALVANIZADO, COM ROSCA BSP, DE 4\"","UN    ","AS","77,87"]
[4184,"NIPLE DE FERRO GALVANIZADO, COM ROSCA BSP, DE 5\"","UN    ","AS","171,89"]
[4185,"NIPLE DE FERRO GALVANIZADO, COM ROSCA BSP, DE 6\"","UN    ","AS","285,61"]
[4205,"NIPLE DE REDUCAO DE FERRO GALVANIZADO, COM ROSCA BSP, DE 1 1/2\" X 1 1/4\"","UN    ","AS","16,49"]
[4192,"NIPLE DE REDUCAO DE FERRO GALVANIZADO, COM ROSCA BSP, DE 1 1/2\" X 1\"","UN    ","AS","16,49"]
[4191,"NIPLE DE REDUCAO DE FERRO GALVANIZADO, COM ROSCA BSP, DE 1 1/2\" X 3/4\"","UN    ","AS","16,49"]
[4207,"NIPLE DE REDUCAO DE FERRO GALVANIZADO, COM ROSCA BSP, DE 1 1/4\" X 1/2\"","UN    ","AS","13,27"]
[4206,"NIPLE DE REDUCAO DE FERRO GALVANIZADO, COM ROSCA BSP, DE 1 1/4\" X 1\"","UN    ","AS","12,89"]
[4190,"NIPLE DE REDUCAO DE FERRO GALVANIZADO, COM ROSCA BSP, DE 1 1/4\" X 3/4\"","UN    ","AS","12,89"]
[4186,"NIPLE DE REDUCAO DE FERRO GALVANIZADO, COM ROSCA BSP, DE 1/2\" X 1/4\"","UN    ","AS","3,81"]
[4188,"NIPLE DE REDUCAO DE FERRO GALVANIZADO, COM ROSCA BSP, DE 1\" X 1/2\"","UN    ","AS","7,78"]
[4189,"NIPLE DE REDUCAO DE FERRO GALVANIZADO, COM ROSCA BSP, DE 1\" X 3/4\"","UN    ","AS","7,78"]
[4197,"NIPLE DE REDUCAO DE FERRO GALVANIZADO, COM ROSCA BSP, DE 2 1/2\" X 2\"","UN    ","AS","41,18"]
[4194,"NIPLE DE REDUCAO DE FERRO GALVANIZADO, COM ROSCA BSP, DE 2\" X 1 1/2\"","UN    ","AS","24,88"]
[4193,"NIPLE DE REDUCAO DE FERRO GALVANIZADO, COM ROSCA BSP, DE 2\" X 1 1/4\"","UN    ","AS","24,88"]
[4204,"NIPLE DE REDUCAO DE FERRO GALVANIZADO, COM ROSCA BSP, DE 2\" X 1\"","UN    ","AS","24,88"]
[4187,"NIPLE DE REDUCAO DE FERRO GALVANIZADO, COM ROSCA BSP, DE 3/4\" X 1/2\"","UN    ","AS","4,96"]
[4202,"NIPLE DE REDUCAO DE FERRO GALVANIZADO, COM ROSCA BSP, DE 3\" X 2 1/2\"","UN    ","AS","75,21"]
[4203,"NIPLE DE REDUCAO DE FERRO GALVANIZADO, COM ROSCA BSP, DE 3\" X 2\"","UN    ","AS","66,43"]
[40368,"NIPLE SEXTAVADO EM ACO CARBONO, COM ROSCA BSP, PRESSAO 3.000 LBS, DN 1 1/2\"","UN    ","AS","21,76"]
[40365,"NIPLE SEXTAVADO EM ACO CARBONO, COM ROSCA BSP, PRESSAO 3.000 LBS, DN 1 1/4\"","UN    ","AS","14,68"]
[40356,"NIPLE SEXTAVADO EM ACO CARBONO, COM ROSCA BSP, PRESSAO 3.000 LBS, DN 1/2\"","UN    ","AS","5,01"]
[40362,"NIPLE SEXTAVADO EM ACO CARBONO, COM ROSCA BSP, PRESSAO 3.000 LBS, DN 1\"","UN    ","AS","9,72"]
[40374,"NIPLE SEXTAVADO EM ACO CARBONO, COM ROSCA BSP, PRESSAO 3.000 LBS, DN 2 1/2\"","UN    ","AS","56,89"]
[40371,"NIPLE SEXTAVADO EM ACO CARBONO, COM ROSCA BSP, PRESSAO 3.000 LBS, DN 2\"","UN    ","AS","35,81"]
[40359,"NIPLE SEXTAVADO EM ACO CARBONO, COM ROSCA BSP, PRESSAO 3.000 LBS, DN 3/4\"","UN    ","AS","6,48"]
[7595,"NIVELADOR","H     ","CR","9,07"]
[41094,"NIVELADOR (MENSALISTA)","MES   ","CR","1.587,50"]
[38175,"NUMERO / ALGARISMO PARA PORTA, TAMANHO *40* MM, EM ZAMAC, (MODELO DE 0 A 9), FIXACAO POR PARAFUSOS","UN    ","CR","2,01"]
[38176,"NUMERO / ALGARISMO PARA RESIDENCIA (FACHADA), TAMANHO *120* MM, EM ZAMAC, (MODELO DE 0 A 9), FIXACAO POR PARAFUSOS","UN    ","CR","5,45"]
[36152,"OCULOS DE SEGURANCA CONTRA IMPACTOS COM LENTE INCOLOR, ARMACAO NYLON, COM PROTECAO UVA E UVB","UN    ","CR","4,68"]
[11138,"OLEO COMBUSTIVEL BPF A GRANEL","L     ","CR","2,31"]
[5333,"OLEO DE LINHACA","L     ","CR","20,80"]
[4221,"OLEO DIESEL COMBUSTIVEL COMUM","L     ","C ","3,60"]
[4227,"OLEO LUBRIFICANTE PARA MOTORES DE EQUIPAMENTOS PESADOS (CAMINHOES, TRATORES, RETROS E ETC)","L     ","C ","16,25"]
[38170,"OLHO MAGICO / VISOR PARA PORTA DE *25 A 46* MM DE ESPESSURA, ANGULO DE VISAO APROXIMADO DE 200 GRAUS, LATAO CROMADO, COM FECHO JANELA","UN    ","CR","9,19"]
[4252,"OPERADOR DE BATE-ESTACAS","H     ","CR","31,51"]
[40980,"OPERADOR DE BATE-ESTACAS (MENSALISTA)","MES   ","CR","5.500,44"]
[4243,"OPERADOR DE BETONEIRA (CAMINHAO)","H     ","CR","25,04"]
[41031,"OPERADOR DE BETONEIRA (CAMINHAO) (MENSALISTA)","MES   ","CR","4.371,09"]
[40986,"OPERADOR DE BETONEIRA ESTACIONARIA / MISTURADOR (MENSALISTA)","MES   ","CR","4.218,27"]
[37666,"OPERADOR DE BETONEIRA ESTACIONARIA/MISTURADOR","H     ","CR","24,17"]
[4250,"OPERADOR DE COMPRESSOR DE AR OU COMPRESSORISTA","H     ","CR","28,42"]
[40978,"OPERADOR DE COMPRESSOR DE AR OU COMPRESSORISTA (MENSALISTA)","MES   ","CR","4.961,37"]
[25960,"OPERADOR DE DEMARCADORA DE FAIXAS DE TRAFEGO","H     ","CR","30,81"]
[41043,"OPERADOR DE DEMARCADORA DE FAIXAS DE TRAFEGO (MENSALISTA)","MES   ","CR","5.379,81"]
[4234,"OPERADOR DE ESCAVADEIRA","H     ","C ","33,77"]
[40987,"OPERADOR DE ESCAVADEIRA (MENSALISTA)","MES   ","CR","5.893,35"]
[4253,"OPERADOR DE GUINCHO","H     ","CR","25,60"]
[40981,"OPERADOR DE GUINCHO OU GUINCHEIRO (MENSALISTA)","MES   ","CR","4.468,61"]
[4254,"OPERADOR DE GUINDASTE","H     ","CR","25,60"]
[41036,"OPERADOR DE GUINDASTE (MENSALISTA)","MES   ","CR","4.468,61"]
[4251,"OPERADOR DE JATO ABRASIVO OU JATISTA","H     ","CR","48,82"]
[40979,"OPERADOR DE JATO ABRASIVO OU JATISTA (MENSALISTA)","MES   ","CR","8.521,62"]
[4230,"OPERADOR DE MAQUINAS E TRATORES DIVERSOS (TERRAPLANAGEM)","H     ","CR","29,05"]
[40998,"OPERADOR DE MAQUINAS E TRATORES DIVERSOS (TERRAPLANAGEM) (MENSALISTA)","MES   ","CR","5.074,52"]
[4257,"OPERADOR DE MARTELETE OU MARTELETEIRO","H     ","CR","25,60"]
[40982,"OPERADOR DE MARTELETE OU MARTELETEIRO (MENSALISTA)","MES   ","CR","4.468,61"]
[41029,"OPERADOR DE MESA VIBROACABADORA (MENSALISTA)","MES   ","CR","4.991,00"]
[4240,"OPERADOR DE MOTO SCRAPER","H     ","CR","31,33"]
[41026,"OPERADOR DE MOTO SCRAPER (MENSALISTA)","MES   ","CR","5.471,51"]
[4239,"OPERADOR DE MOTONIVELADORA","H     ","CR","38,46"]
[41024,"OPERADOR DE MOTONIVELADORA (MENSALISTA)","MES   ","CR","6.712,55"]
[4248,"OPERADOR DE PA CARREGADEIRA","H     ","CR","30,14"]
[41033,"OPERADOR DE PA CARREGADEIRA (MENSALISTA)","MES   ","CR","5.263,07"]
[25959,"OPERADOR DE PAVIMENTADORA","H     ","CR","32,35"]
[41040,"OPERADOR DE PAVIMENTADORA/MESA VIBROACABADORA (MENSALISTA)","MES   ","CR","5.648,80"]
[4238,"OPERADOR DE ROLO COMPACTADOR","H     ","CR","33,61"]
[41012,"OPERADOR DE ROLO COMPACTADOR (MENSALISTA)","MES   ","CR","5.866,91"]
[4237,"OPERADOR DE TRATOR - EXCLUSIVE AGROPECUARIA","H     ","CR","30,29"]
[41002,"OPERADOR DE TRATOR - EXCLUSIVE AGROPECUARIA (MENSALISTA)","MES   ","CR","5.290,10"]
[4233,"OPERADOR DE USINA DE ASFALTO, DE SOLOS OU DE CONCRETO","H     ","CR","27,77"]
[41001,"OPERADOR DE USINA DE ASFALTO, DE SOLOS OU DE CONCRETO (MENSALISTA)","MES   ","CR","4.851,00"]
[2,"OXIGENIO, RECARGA PARA CILINDRO DE CONJUNTO OXICORTE GRANDE","M3    ","AS","8,32"]
[36517,"PA CARREGADEIRA SOBRE RODAS, POTENCIA BRUTA *127* CV, CAPACIDADE DA CACAMBA DE 2,0 A 2,4 M3, PESO OPERACIONAL DE 10330 KG","UN    ","AS","295.704,00"]
[4262,"PA CARREGADEIRA SOBRE RODAS, POTENCIA LIQUIDA 128 HP, CAPACIDADE DA CACAMBA DE 1,7 A 2,8 M3, PESO OPERACIONAL DE 11632 KG","UN    ","AS","333.000,00"]
[4263,"PA CARREGADEIRA SOBRE RODAS, POTENCIA LIQUIDA 197 HP, CAPACIDADE DA CACAMBA DE 2,5 A 3,5 M3, PESO OPERACIONAL DE 18338 KG","UN    ","AS","461.759,97"]
[36518,"PA CARREGADEIRA SOBRE RODAS, POTENCIA LIQUIDA 213 HP, CAPACIDADE DA CACAMBA DE 1,9 A 3,5 M3, PESO OPERACIONAL DE 19234 KG","UN    ","AS","525.695,97"]
[14221,"PA CARREGADEIRA SOBRE RODAS, POTENCIA 152 HP, CAPACIDADE DA CACAMBA DE 1,53 A 2,30 M3, PESO OPERACIONAL DE 10216 KG","UN    ","AS","306.803,98"]
[38402,"PA DE LIXO PLASTICA, CABO LONGO","UN    ","CR","8,23"]
[3412,"PAINEL DE LA DE VIDRO SEM REVESTIMENTO PSI 20, E = 25 MM, DE 1200 X 600 MM","M2    ","AS","16,07"]
[3413,"PAINEL DE LA DE VIDRO SEM REVESTIMENTO PSI 20, E = 50 MM, DE 1200 X 600 MM","M2    ","AS","36,19"]
[39744,"PAINEL DE LA DE VIDRO SEM REVESTIMENTO PSI 40, E = 25 MM, DE 1200 X 600 MM","M2    ","AS","28,10"]
[39745,"PAINEL DE LA DE VIDRO SEM REVESTIMENTO PSI 40, E = 50 MM, DE 1200 X 600 MM","M2    ","AS","59,30"]
[39637,"PAINEL ESTRUTURAL PARA LAJE SECA REVESTIDO EM PLACA CIMENTICIA, DE 1,20 X 2,50 M, E = 23 MM","M2    ","CR","110,68"]
[39638,"PAINEL ESTRUTURAL PARA LAJE SECA REVESTIDO EM PLACA CIMENTICIA, DE 1,20 X 2,50 M, E = 40 MM","M2    ","CR","206,10"]
[39639,"PAINEL ESTRUTURAL PARA LAJE SECA REVESTIDO EM PLACA CIMENTICIA, DE 1,20 X 2,50 M, E = 55 MM","M2    ","CR","271,73"]
[39517,"PAINEL ISOLANTE REVESTIDO EM ACO GALVALUME *0,5* MM COM PRE-PINTURA NAS DUAS FACES, NUCLEO EM POLIURETANO (PUR), E = 40/50 MM, PARA FECHAMENTOS VERTICAIS (INCLUI PARAFUSOS DE FIXACAO)","M2    ","AS","139,31"]
[39518,"PAINEL ISOLANTE REVESTIDO EM ACO GALVALUME *0,5* MM COM PRE-PINTURA NAS DUAS FACES, NUCLEO EM POLIURETANO (PUR), E = 70/80 MM, PARA FECHAMENTOS VERTICAIS (INCLUI PARAFUSOS DE FIXACAO)","M2    ","AS","164,78"]
[38366,"PAPEL KRAFT BETUMADO","M2    ","AS","3,84"]
[11703,"PAPELEIRA DE PAREDE EM METAL CROMADO SEM TAMPA","UN    ","CR","50,16"]
[37400,"PAPELEIRA PLASTICA TIPO DISPENSER PARA PAPEL HIGIENICO ROLAO","UN    ","CR","59,60"]
[25400,"PAR DE TABELAS DE BASQUETE EM COMPENSADO NAVAL DE *1,80 X 1,20* M, COM ARO DE METAL E REDE (SEM SUPORTE DE FIXACAO)","UN    ","CR","979,12"]
[4272,"PARA-RAIOS DE BAIXA TENSAO, TENSAO DE OPERACAO *280* V , CORRENTE MAXIMA *20* KA","UN    ","AS","73,55"]
[4276,"PARA-RAIOS DE DISTRIBUICAO, TENSAO NOMINAL 15 KV, CORRENTE NOMINAL DE DESCARGA 5 KA","UN    ","AS","217,08"]
[4273,"PARA-RAIOS DE DISTRIBUICAO, TENSAO NOMINAL 30 KV, CORRENTE NOMINAL DE DESCARGA 10 KA","UN    ","AS","360,61"]
[4274,"PARA-RAIOS TIPO FRANKLIN 350 MM, EM LATAO CROMADO, DUAS DESCIDAS, PARA PROTECAO DE EDIFICACOES CONTRA DESCARGAS ATMOSFERICAS","UN    ","AS","83,62"]
[39438,"PARAFUSO CABECA TROMBETA E PONTA AGULHA (GN55), COMPRIMENTO 55 MM, EM ACO FOSFATIZADO, PARA FIXAR CHAPA DE GESSO EM PERFIL DRYWALL METALICO MAXIMO 0,7 MM","UN    ","CR","0,16"]
[11963,"PARAFUSO DE ACO TIPO CHUMBADOR PARABOLT, DIAMETRO 1/2\", COMPRIMENTO 75 MM","UN    ","CR","5,94"]
[11964,"PARAFUSO DE ACO TIPO CHUMBADOR PARABOLT, DIAMETRO 3/8\", COMPRIMENTO 75 MM","UN    ","CR","1,50"]
[4379,"PARAFUSO DE ACO ZINCADO COM ROSCA SOBERBA, CABECA CHATA E FENDA SIMPLES, DIAMETRO 2,5 MM, COMPRIMENTO * 9,5 * MM","UN    ","CR","0,03"]
[4377,"PARAFUSO DE ACO ZINCADO COM ROSCA SOBERBA, CABECA CHATA E FENDA SIMPLES, DIAMETRO 4,2 MM, COMPRIMENTO * 32 * MM","UN    ","CR","0,11"]
[4356,"PARAFUSO DE ACO ZINCADO COM ROSCA SOBERBA, CABECA CHATA E FENDA SIMPLES, DIAMETRO 4,8 MM, COMPRIMENTO 45 MM","UN    ","CR","0,16"]
[13246,"PARAFUSO DE FERRO POLIDO, SEXTAVADO, COM ROSCA INTEIRA, DIAMETRO 5/16\", COMPRIMENTO 3/4\", COM PORCA E ARRUELA LISA LEVE","UN    ","CR","0,28"]
[4346,"PARAFUSO DE FERRO POLIDO, SEXTAVADO, COM ROSCA PARCIAL, DIAMETRO 5/8\", COMPRIMENTO 6\", COM PORCA E ARRUELA DE PRESSAO MEDIA","UN    ","CR","6,37"]
[11955,"PARAFUSO DE LATAO COM ACABAMENTO CROMADO PARA FIXAR PECA SANITARIA, INCLUI PORCA CEGA, ARRUELA E BUCHA DE NYLON TAMANHO S-10","UN    ","CR","2,79"]
[11960,"PARAFUSO DE LATAO COM ROSCA SOBERBA, CABECA CHATA E FENDA SIMPLES, DIAMETRO 2,5 MM, COMPRIMENTO 12 MM","UN    ","CR","0,09"]
[4333,"PARAFUSO DE LATAO COM ROSCA SOBERBA, CABECA CHATA E FENDA SIMPLES, DIAMETRO 3,2 MM, COMPRIMENTO 16 MM","UN    ","CR","0,16"]
[4358,"PARAFUSO DE LATAO COM ROSCA SOBERBA, CABECA CHATA E FENDA SIMPLES, DIAMETRO 4,8 MM, COMPRIMENTO 65 MM","UN    ","CR","1,27"]
[39435,"PARAFUSO DRY WALL, EM ACO FOSFATIZADO, CABECA TROMBETA E PONTA AGULHA (TA), COMPRIMENTO 25 MM","UN    ","CR","0,06"]
[39436,"PARAFUSO DRY WALL, EM ACO FOSFATIZADO, CABECA TROMBETA E PONTA AGULHA (TA), COMPRIMENTO 35 MM","UN    ","CR","0,11"]
[39437,"PARAFUSO DRY WALL, EM ACO FOSFATIZADO, CABECA TROMBETA E PONTA AGULHA (TA), COMPRIMENTO 45 MM","UN    ","CR","0,14"]
[39439,"PARAFUSO DRY WALL, EM ACO FOSFATIZADO, CABECA TROMBETA E PONTA BROCA (TB), COMPRIMENTO 25 MM","UN    ","CR","0,09"]
[39440,"PARAFUSO DRY WALL, EM ACO FOSFATIZADO, CABECA TROMBETA E PONTA BROCA (TB), COMPRIMENTO 35 MM","UN    ","CR","0,12"]
[39441,"PARAFUSO DRY WALL, EM ACO FOSFATIZADO, CABECA TROMBETA E PONTA BROCA (TB), COMPRIMENTO 45 MM","UN    ","CR","0,16"]
[39442,"PARAFUSO DRY WALL, EM ACO ZINCADO, CABECA LENTILHA E PONTA AGULHA (LA), LARGURA 4,2 MM, COMPRIMENTO 13 MM","UN    ","CR","0,11"]
[39443,"PARAFUSO DRY WALL, EM ACO ZINCADO, CABECA LENTILHA E PONTA BROCA (LB), LARGURA 4,2 MM, COMPRIMENTO 13 MM","UN    ","CR","0,15"]
[4329,"PARAFUSO EM ACO GALVANIZADO, TIPO MAQUINA, SEXTAVADO, SEM PORCA, DIAMETRO 1/2\", COMPRIMENTO 2\"","UN    ","C ","1,36"]
[4383,"PARAFUSO FRANCES METRICO ZINCADO, DIAMETRO 12 MM, COMPRIMENTO 140MM, COM PORCA SEXTAVADA E ARRUELA DE PRESSAO MEDIA","UN    ","CR","12,29"]
[4344,"PARAFUSO FRANCES METRICO ZINCADO, DIAMETRO 12 MM, COMPRIMENTO 150 MM, COM PORCA SEXTAVADA E ARRUELA DE PRESSAO MEDIA","UN    ","CR","12,89"]
[436,"PARAFUSO FRANCES M16 EM ACO GALVANIZADO, COMPRIMENTO = 150 MM, DIAMETRO = 16 MM, CABECA ABAULADA","UN    ","AS","4,85"]
[442,"PARAFUSO FRANCES M16 EM ACO GALVANIZADO, COMPRIMENTO = 45 MM, DIAMETRO = 16 MM, CABECA ABAULADA","UN    ","AS","2,87"]
[11953,"PARAFUSO FRANCES ZINCADO, DIAMETRO 1/2'', COMPRIMENTO 2'', COM PORCA E ARRUELA","UN    ","CR","2,04"]
[4335,"PARAFUSO FRANCES ZINCADO, DIAMETRO 1/2\", COMPRIMENTO 12\", COM PORCA E ARRUELA LISA MEDIA","UN    ","CR","8,65"]
[4334,"PARAFUSO FRANCES ZINCADO, DIAMETRO 1/2\", COMPRIMENTO 15\", COM PORCA E ARRUELA LISA MEDIA","UN    ","CR","11,87"]
[4343,"PARAFUSO FRANCES ZINCADO, DIAMETRO 1/2\", COMPRIMENTO 4\", COM PORCA E ARRUELA","UN    ","CR","2,92"]
[430,"PARAFUSO M16 EM ACO GALVANIZADO, COMPRIMENTO = 125 MM, DIAMETRO = 16 MM, ROSCA MAQUINA, CABECA QUADRADA","UN    ","AS","4,34"]
[441,"PARAFUSO M16 EM ACO GALVANIZADO, COMPRIMENTO = 150 MM, DIAMETRO = 16 MM, ROSCA MAQUINA, CABECA QUADRADA","UN    ","AS","4,77"]
[431,"PARAFUSO M16 EM ACO GALVANIZADO, COMPRIMENTO = 200 MM, DIAMETRO = 16 MM, ROSCA MAQUINA, CABECA QUADRADA","UN    ","AS","5,77"]
[432,"PARAFUSO M16 EM ACO GALVANIZADO, COMPRIMENTO = 250 MM, DIAMETRO = 16 MM, ROSCA MAQUINA, CABECA QUADRADA","UN    ","AS","6,36"]
[429,"PARAFUSO M16 EM ACO GALVANIZADO, COMPRIMENTO = 300 MM, DIAMETRO = 16 MM, ROSCA DUPLA","UN    ","AS","8,58"]
[439,"PARAFUSO M16 EM ACO GALVANIZADO, COMPRIMENTO = 300 MM, DIAMETRO = 16 MM, ROSCA MAQUINA, CABECA QUADRADA","UN    ","AS","7,31"]
[433,"PARAFUSO M16 EM ACO GALVANIZADO, COMPRIMENTO = 350 MM, DIAMETRO = 16 MM, ROSCA MAQUINA, CABECA QUADRADA","UN    ","AS","8,53"]
[437,"PARAFUSO M16 EM ACO GALVANIZADO, COMPRIMENTO = 400 MM, DIAMETRO = 16 MM, ROSCA DUPLA","UN    ","AS","11,34"]
[11790,"PARAFUSO M16 EM ACO GALVANIZADO, COMPRIMENTO = 450 MM, DIAMETRO = 16 MM, ROSCA MAQUINA, CABECA QUADRADA","UN    ","AS","12,86"]
[428,"PARAFUSO M16 EM ACO GALVANIZADO, COMPRIMENTO = 500 MM, DIAMETRO = 16 MM, ROSCA MAQUINA, COM CABECA SEXTAVADA E PORCA","UN    ","AS","13,99"]
[4384,"PARAFUSO NIQUELADO COM ACABAMENTO CROMADO PARA FIXAR PECA SANITARIA, INCLUI PORCA CEGA, ARRUELA E BUCHA DE NYLON TAMANHO S-10","UN    ","CR","14,13"]
[4351,"PARAFUSO NIQUELADO 3 1/2\" COM ACABAMENTO CROMADO PARA FIXAR PECA SANITARIA, INCLUI PORCA CEGA, ARRUELA E BUCHA DE NYLON TAMANHO S-8","UN    ","CR","10,47"]
[11054,"PARAFUSO ROSCA SOBERBA ZINCADO CABECA CHATA FENDA SIMPLES 3,2 X 20 MM (3/4 \")","UN    ","CR","0,03"]
[11055,"PARAFUSO ROSCA SOBERBA ZINCADO CABECA CHATA FENDA SIMPLES 3,5 X 25 MM (1 \")","UN    ","CR","0,05"]
[11056,"PARAFUSO ROSCA SOBERBA ZINCADO CABECA CHATA FENDA SIMPLES 3,8 X 30 MM (1.1/4 \")","UN    ","CR","0,06"]
[11057,"PARAFUSO ROSCA SOBERBA ZINCADO CABECA CHATA FENDA SIMPLES 4,8 X 40 MM (1.1/2 \")","UN    ","CR","0,12"]
[11059,"PARAFUSO ROSCA SOBERBA ZINCADO CABECA CHATA FENDA SIMPLES 5,5 X 50 MM (2 \")","UN    ","CR","0,24"]
[11058,"PARAFUSO ROSCA SOBERBA ZINCADO CABECA CHATA FENDA SIMPLES 5,5 X 65 MM (2.1/2 \")","UN    ","CR","0,31"]
[4380,"PARAFUSO ZINCADO ROSCA SOBERBA 5/16 \" X 120 MM PARA TELHA FIBROCIMENTO","UN    ","CR","1,06"]
[4299,"PARAFUSO ZINCADO ROSCA SOBERBA, CABECA SEXTAVADA, 5/16 \" X 110 MM, PARA FIXACAO DE TELHA EM MADEIRA","UN    ","C ","1,00"]
[4304,"PARAFUSO ZINCADO ROSCA SOBERBA, CABECA SEXTAVADA, 5/16 \" X 150 MM, PARA FIXACAO DE TELHA EM MADEIRA","UN    ","CR","1,36"]
[4305,"PARAFUSO ZINCADO ROSCA SOBERBA, CABECA SEXTAVADA, 5/16 \" X 180 MM, PARA FIXACAO DE TELHA EM MADEIRA","UN    ","CR","1,58"]
[4306,"PARAFUSO ZINCADO ROSCA SOBERBA, CABECA SEXTAVADA, 5/16 \" X 200 MM, PARA FIXACAO DE TELHA EM MADEIRA","UN    ","CR","1,84"]
[4308,"PARAFUSO ZINCADO ROSCA SOBERBA, CABECA SEXTAVADA, 5/16 \" X 230 MM, PARA FIXACAO DE TELHA EM MADEIRA","UN    ","CR","3,80"]
[4302,"PARAFUSO ZINCADO ROSCA SOBERBA, CABECA SEXTAVADA, 5/16 \" X 250 MM, PARA FIXACAO DE TELHA EM MADEIRA","UN    ","CR","2,85"]
[4300,"PARAFUSO ZINCADO ROSCA SOBERBA, CABECA SEXTAVADA, 5/16 \" X 50 MM, PARA FIXACAO DE TELHA EM MADEIRA","UN    ","CR","0,68"]
[4301,"PARAFUSO ZINCADO ROSCA SOBERBA, CABECA SEXTAVADA, 5/16 \" X 85 MM, PARA FIXACAO DE TELHA EM MADEIRA","UN    ","CR","0,83"]
[4320,"PARAFUSO ZINCADO 5/16 \" X 250 MM PARA FIXACAO DE TELHA DE FIBROCIMENTO CANALETE 49, INCLUI BUCHA NYLON S-10","UN    ","CR","2,52"]
[4318,"PARAFUSO ZINCADO 5/16 \" X 85 MM PARA FIXACAO DE TELHA DE FIBROCIMENTO CANALETE 90, INCLUI BUCHA NYLON S-10","UN    ","CR","1,23"]
[40547,"PARAFUSO ZINCADO, AUTOBROCANTE, FLANGEADO, 4,2 X 19\"","CENTO ","CR","17,17"]
[11962,"PARAFUSO ZINCADO, SEXTAVADO, COM ROSCA INTEIRA, DIAMETRO 1/4\", COMPRIMENTO 1/2\"","UN    ","CR","0,14"]
[4332,"PARAFUSO ZINCADO, SEXTAVADO, COM ROSCA INTEIRA, DIAMETRO 3/8\", COMPRIMENTO 2\"","UN    ","CR","0,68"]
[4331,"PARAFUSO ZINCADO, SEXTAVADO, COM ROSCA INTEIRA, DIAMETRO 5/8\", COMPRIMENTO 2 1/4\"","UN    ","CR","2,57"]
[4336,"PARAFUSO ZINCADO, SEXTAVADO, COM ROSCA INTEIRA, DIAMETRO 5/8\", COMPRIMENTO 3\", COM PORCA E ARRUELA DE PRESSAO MEDIA","UN    ","CR","3,29"]
[13294,"PARAFUSO ZINCADO, SEXTAVADO, COM ROSCA SOBERBA, DIAMETRO 3/8\", COMPRIMENTO 80 MM","UN    ","CR","0,94"]
[11948,"PARAFUSO ZINCADO, SEXTAVADO, COM ROSCA SOBERBA, DIAMETRO 5/16\", COMPRIMENTO 40 MM","UN    ","CR","0,42"]
[4382,"PARAFUSO ZINCADO, SEXTAVADO, COM ROSCA SOBERBA, DIAMETRO 5/16\", COMPRIMENTO 80 MM","UN    ","CR","0,70"]
[4354,"PARAFUSO ZINCADO, SEXTAVADO, GRAU 5, ROSCA INTEIRA, DIAMETRO 1 1/2\", COMPRIMENTO 4\"","UN    ","CR","29,56"]
[40839,"PARAFUSO, ASTM A307 - GRAU A, SEXTAVADO, ZINCADO, DIAMETRO 3/8\" (9,52 MM), COMPRIMENTO 1 \" (25,4 MM)","CENTO ","CR","71,13"]
[40552,"PARAFUSO, AUTO ATARRACHANTE, CABECA CHATA, FENDA SIMPLES, 1/4\u0094 (6,35 MM) X 25 MM","CENTO ","CR","29,43"]
[40549,"PARAFUSO, COMUM, ASTM A307, SEXTAVADO, DIAMETRO 1/2\" (12,7 MM), COMPRIMENTO 1\" (25,4 MM)","CENTO ","CR","116,52"]
[4385,"PARALELEPIPEDO GRANITICO OU BASALTICO, PARA PAVIMENTACAO, SEM FRETE,  *30 A 35* PECAS POR M2","MIL   ","AS","1.225,71"]
[4386,"PARALELEPIPEDO GRANITICO OU BASALTICO, PARA PAVIMENTACAO, SEM FRETE,  *30 A 35* PECAS POR M2","M2    ","AS","51,82"]
[38397,"PASTA DESENGRAXANTE PARA MAOS","KG    ","CR","4,10"]
[20078,"PASTA LUBRIFICANTE PARA TUBOS E CONEXOES COM JUNTA ELASTICA (USO EM PVC, ACO, POLIETILENO E OUTROS) ( DE *400* G)","UN    ","CR","16,40"]
[20079,"PASTA LUBRIFICANTE PARA TUBOS E CONEXOES COM JUNTA ELASTICA (USO EM PVC, ACO, POLIETILENO E OUTROS) (POTE DE 3.500* G)","UN    ","CR","102,32"]
[39897,"PASTA PARA SOLDA DE TUBOS E CONEXOES DE COBRE","250G  ","AS","20,90"]
[118,"PASTA VEDA JUNTAS/ROSCA, LATA DE *500* G, PARA INSTALACOES DE GAS E OUTROS","UN    ","CR","62,01"]
[4396,"PASTILHA CERAMICA/PORCELANA, REVEST INT/EXT E  PISCINA, CORES BRANCA OU FRIAS, *2,5 X 2,5* CM","M2    ","AS","88,30"]
[36881,"PASTILHA CERAMICA/PORCELANA, REVEST INT/EXT E  PISCINA, CORES FRIAS *5 X 5* CM","M2    ","AS","78,90"]
[36882,"PASTILHA CERAMICA/PORCELANA, REVEST INT/EXT E  PISCINA, CORES QUENTES *5 X 5* CM","M2    ","AS","92,05"]
[4397,"PASTILHA CERAMICA/PORCELANA, REVEST INT/EXT E  PISCINA, CORES QUENTES, *2,5 X 2,5* CM","M2    ","AS","143,18"]
[34754,"PASTILHA DE VIDRO CRISTAL, NACIONAL, REVEST INT/EXT E PISCINA, TODAS AS CORES, E MAIOR OU IGUAL A 5 MM  *2,0 X 2,0* CM","M2    ","AS","265,13"]
[25962,"PASTILHA DE VIDRO PIGMENTADA *2,0 X 2,0* CM, NACIONAL, PARA REVESTIMENTO INTERNO/EXTERNO E PISCINA, BRANCA OU CORES FRIAS, ESPESSURA MAIOR OU IGUAL A 5 MM","M2    ","AS","167,92"]
[34752,"PASTILHA DE VIDRO PIGMENTADA, NACIONAL, REVEST INT/EXT E PISCINA, CORES QUENTES, ESPESSURA MAIOR OU IGUAL A 5 MM  *2,0 X 2,0* CM","M2    ","AS","295,71"]
[4751,"PASTILHEIRO","H     ","CR","17,33"]
[41066,"PASTILHEIRO (MENSALISTA)","MES   ","CR","3.027,36"]
[39604,"PATCH CORD, CATEGORIA 5 E, EXTENSAO DE 1,50 M","UN    ","CR","9,09"]
[39605,"PATCH CORD, CATEGORIA 5 E, EXTENSAO DE 2,50 M","UN    ","CR","12,61"]
[39606,"PATCH CORD, CATEGORIA 6, EXTENSAO DE 1,50 M","UN    ","CR","16,02"]
[39607,"PATCH CORD, CATEGORIA 6, EXTENSAO DE 2,50 M","UN    ","CR","18,38"]
[39594,"PATCH PANEL, 24 PORTAS, CATEGORIA 5E, COM RACKS DE 19\" E 1 U DE ALTURA","UN    ","C ","174,00"]
[39596,"PATCH PANEL, 24 PORTAS, CATEGORIA 6, COM RACKS DE 19\" E 1 U DE ALTURA","UN    ","CR","303,27"]
[39595,"PATCH PANEL, 48 PORTAS, CATEGORIA 5E, COM RACKS DE 19\" E 2 U DE ALTURA","UN    ","CR","254,57"]
[39597,"PATCH PANEL, 48 PORTAS, CATEGORIA 6, COM RACKS DE 19\" E 2 U DE ALTURA","UN    ","CR","408,98"]
[20209,"PECA DE MADEIRA APARELHADA *7,5 X 7,5* CM (3 X 3 \") MACARANDUBA, ANGELIM OU EQUIVALENTE DA REGIAO","M     ","CR","8,59"]
[4433,"PECA DE MADEIRA NAO APARELHADA *7,5 X 7,5* CM (3 X 3 \") MACARANDUBA, ANGELIM OU EQUIVALENTE DA REGIAO","M     ","CR","12,50"]
[4491,"PECA DE MADEIRA NATIVA / REGIONAL 7,5 X 7,5CM (3X3) NAO APARELHADA (P/FORMA)","M     ","AS","6,40"]
[4505,"PECA DE MADEIRA NATIVA/REGIONAL 1 X 7CM NAO APARELHADA (P/FORMA)","M     ","AS","2,53"]
[4517,"PECA DE MADEIRA NATIVA/REGIONAL 2,5 X 7,0 CM (SARRAFO-P/FORMA)","M     ","AS","1,04"]
[4448,"PECA DE MADEIRA NATIVA/REGIONAL 7,5 X 12,50 CM (3X5\") NAO APARELHADA (P/FORMA)","M     ","AS","11,69"]
[6194,"PECA DE MADEIRA 2A QUALIDADE 2,5 X 15CM (1X6\") NAO APARELHADA","M     ","CR","3,43"]
[4509,"PECA DE MADEIRA 3A QUALIDADE 2,5 X 10CM NAO APARELHADA","M     ","AS","3,28"]
[4513,"PECA DE MADEIRA 3A/4A NATIVA/REGIONAL 5 X 5 CM","M     ","AS","1,50"]
[4512,"PECA DE MADEIRA 3A/4A QUALIDADE 2,5 X 5CM NAO APARELHADA","M     ","AS","2,02"]
[4500,"PECA DE MADEIRA 3A/4A QUALIDADE 7,5 X 10CM NAO APARELHADA","M     ","AS","9,91"]
[10731,"PEDRA ARDOSIA, CINZA, *40 X 40* CM, E= *1 CM","M2    ","C ","10,20"]
[4704,"PEDRA ARDOSIA, CINZA, 20  X  40 CM,  E=  *1 CM","M2    ","CR","9,20"]
[10730,"PEDRA ARDOSIA, CINZA, 30  X  30,  E= *1 CM","M2    ","CR","9,86"]
[4729,"PEDRA BRITADA GRADUADA, CLASSIFICADA (POSTO PEDREIRA/FORNECEDOR, SEM FRETE)","M3    ","CR","64,67"]
[4720,"PEDRA BRITADA N. 0, OU PEDRISCO (4,8 A 9,5 MM) POSTO PEDREIRA/FORNECEDOR, SEM FRETE","M3    ","CR","70,71"]
[4721,"PEDRA BRITADA N. 1 (9,5 a 19 MM) POSTO PEDREIRA/FORNECEDOR, SEM FRETE","M3    ","CR","55,38"]
[4718,"PEDRA BRITADA N. 2 (19 A 38 MM) POSTO PEDREIRA/FORNECEDOR, SEM FRETE","M3    ","C ","55,38"]
[4722,"PEDRA BRITADA N. 3 (38 A 50 MM) POSTO PEDREIRA/FORNECEDOR, SEM FRETE","M3    ","CR","55,38"]
[4723,"PEDRA BRITADA N. 4 (50 A 76 MM) POSTO PEDREIRA/FORNECEDOR, SEM FRETE","M3    ","CR","60,42"]
[4727,"PEDRA BRITADA N. 5 (76 A 100 MM) POSTO PEDREIRA/FORNECEDOR, SEM FRETE","M3    ","CR","62,09"]
[4748,"PEDRA BRITADA OU BICA CORRIDA, NAO CLASSIFICADA (POSTO PEDREIRA/FORNECEDOR, SEM FRETE)","M3    ","CR","59,91"]
[4730,"PEDRA DE MAO OU PEDRA RACHAO PARA ARRIMO/FUNDACAO (POSTO PEDREIRA/FORNECEDOR, SEM FRETE)","M3    ","CR","57,90"]
[13186,"PEDRA GRANITICA OU BASALTICA IRREGULAR, FAIXA GRANULOMETRICA 100 A 150 MM PARA PAVIMENTACAO OU CALCAMENTO POLIEDRICO, POSTO PEDREIRA / FORNECEDOR (SEM FRETE)","M3    ","AS","72,90"]
[10737,"PEDRA GRANITICA OU BASALTO, CACO, RETALHO, CAVACO, TIPO MIRACEMA, MADEIRA, PADUANA, RACHINHA, SANTA ISABEL OU OUTRAS SIMILARES, E=  *1,0 A *2,0 CM","M2    ","CR","32,05"]
[10734,"PEDRA GRANITICA, SERRADA, TIPO MIRACEMA, MADEIRA, PADUANA, RACHINHA, SANTA ISABEL OU OUTRAS SIMILARES, *11,5 X  *23 CM, E=  *1,0 A *2,0 CM","M2    ","CR","19,06"]
[4708,"PEDRA PORTUGUESA  OU PETIT PAVE, BRANCA OU PRETA","M2    ","CR","36,98"]
[4712,"PEDRA QUARTZITO OU CALCARIO LAMINADO, CACO, TIPO CARIRI, ITACOLOMI, LAGOA SANTA, LUMINARIA, PIRENOPOLIS, SAO TOME OU OUTRAS SIMILARES DA REGIAO, E=  *1,5 A *2,5 CM","M2    ","CR","18,08"]
[4710,"PEDRA QUARTZITO OU CALCARIO LAMINADO, SERRADA, TIPO CARIRI, ITACOLOMI, LAGOA SANTA, LUMINARIA, PIRENOPOLIS, SAO TOME OU OUTRAS SIMILARES DA REGIAO, *20 X *40 CM, E=  *1,5 A *2,5 CM","M2    ","CR","57,98"]
[4746,"PEDREGULHO OU PICARRA DE JAZIDA, AO NATURAL, PARA BASE DE PAVIMENTACAO (RETIRADO NA JAZIDA, SEM TRANSPORTE)","M3    ","CR","53,70"]
[4750,"PEDREIRO","H     ","C ","14,52"]
[41065,"PEDREIRO (MENSALISTA)","MES   ","CR","2.535,46"]
[34747,"PEITORIL EM MARMORE, POLIDO, BRANCO COMUM, L= *15* CM, E=  *2,0* CM, COM PINGADEIRA","M     ","CR","59,04"]
[4826,"PEITORIL EM MARMORE, POLIDO, BRANCO COMUM, L= *15* CM, E=  *3* CM, CORTE RETO","M     ","CR","63,48"]
[41975,"PEITORIL PRE-MOLDADO EM GRANILITE, MARMORITE OU GRANITINA, L = *15* CM","M2    ","AS","68,26"]
[4825,"PEITORIL/ SOLEIRA EM MARMORE, POLIDO, BRANCO COMUM, L= *25* CM, E=  *3* CM, CORTE RETO","M     ","CR","87,87"]
[34744,"PELICULA REFLETIVA, GT 7 ANOS PARA SINALIZACAO VERTICAL","M2    ","AS","22,08"]
[39430,"PENDURAL OU PRESILHA REGULADORA, EM ACO GALVANIZADO, COM CORPO, MOLA E REBITE, PARA PERFIL TIPO CANALETA DE ESTRUTURA EM FORROS DRYWALL","UN    ","CR","1,20"]
[39573,"PENDURAL OU REGULADOR, COM MOLA, EM ACO GALVANIZADO, PARA PERFIL TIPO T CLICADO DE FORROS REMOVIVEL","UN    ","CR","1,18"]
[38410,"PENEIRA ROTATIVA COM MOTOR ELETRICO TRIFASICO DE 2 CV, CILINDRO DE 1 M X 0,60 M, COM FUROS DE 3,17 MM","UN    ","CR","10.533,23"]
[4765,"PERFIL \"I\" DE ACO LAMINADO, \"I\" 102 X 12,7","M     ","CR","74,28"]
[4766,"PERFIL \"I\" DE ACO LAMINADO, \"I\" 152 X 22","KG    ","CR","5,92"]
[4767,"PERFIL \"I\" DE ACO LAMINADO, \"I\" 152 X 22","M     ","CR","127,99"]
[10963,"PERFIL \"I\" DE ACO LAMINADO, \"I\" 203  X  34,3","M     ","CR","202,84"]
[10962,"PERFIL \"I\" DE ACO LAMINADO, \"W\" 150 X 22,5","KG    ","CR","6,29"]
[34742,"PERFIL \"I\" DE ACO LAMINADO, \"W\" 250 X 32,7","KG    ","CR","5,90"]
[4773,"PERFIL \"I\" DE ACO LAMINADO, \"W\" 250 X 44,8","M     ","CR","256,04"]
[34740,"PERFIL \"I\" DE ACO LAMINADO, \"W\" 310 X 52,0","KG    ","CR","5,90"]
[4776,"PERFIL \"I\" DE ACO LAMINADO, \"W\" 410 X 67","M     ","CR","396,96"]
[4774,"PERFIL \"I\" DE ACO LAMINADO, \"W\" 410 X 67","KG    ","CR","5,92"]
[40313,"PERFIL \"I\" DE ACO LAMINADO, W 250 X 38,50","KG    ","C ","5,90"]
[13340,"PERFIL \"U\" CHAPA ACO DOBRADA,  E = 3,04 MM , H = 20 CM, ABAS = 5 CM (4,47 KG/M)","M     ","CR","25,03"]
[10965,"PERFIL \"U\" DE ACO LAMINADO, \"U\" 102 X 9,3","M     ","CR","53,39"]
[10966,"PERFIL \"U\" DE ACO LAMINADO, \"U\" 152 X 15,6","KG    ","CR","5,96"]
[40537,"PERFIL \"U\" ENRIJECIDO DE  ACO GALVANIZADO, DOBRADO, 200 X 75 X 25 MM, E = 3,75 MM","KG    ","CR","6,52"]
[40536,"PERFIL \"U\" ENRIJECIDO DE ACO GALVANIZADO, DOBRADO, 150 X 60 X 20 MM, E = 3,00 MM","KG    ","CR","6,52"]
[40535,"PERFIL \"U\" SIMPLES DE ACO GALVANIZADO DOBRADO 75 X *40* MM, E = 2,65 MM","KG    ","CR","6,52"]
[39427,"PERFIL CANALETA, FORMATO C, EM ACO ZINCADO, PARA ESTRUTURA FORRO DRYWALL, E = 0,5 MM, *46 X 18* (L X H), COMPRIMENTO 3 M","M     ","CR","3,19"]
[39424,"PERFIL CANTONEIRA L, LISA, EM ACO, 25 X 30 MM, E = 0,5 MM, PARA ESTRUTURA DRYWALL","M     ","CR","1,90"]
[39425,"PERFIL CANTONEIRA L, PERFURADA, EM ACO, 23 X 23 MM, E = 0,5 MM, PARA ESTRUTURA DRYWALL","M     ","CR","1,87"]
[40664,"PERFIL CARTOLA DE ACO GALVANIZADO, *20 X 30 X 10* MM, E =  0,8 MM","KG    ","CR","5,59"]
[34360,"PERFIL DE ALUMINIO ANODIZADO","KG    ","AS","21,90"]
[20259,"PERFIL DE BORRACHA EPDM MACICO *12 X 15* MM PARA ESQUADRIAS","M     ","AS","8,70"]
[14077,"PERFIL ELASTOMERICO PRE-FORMADO EM EPMD, PARA JUNTA DE DILATACAO DE PISOS COM POUCA SOLICITACAO, 15 MM DE LARGURA, MOVIMENTACAO DE *11 A 19* MM","M     ","AS","133,16"]
[3678,"PERFIL ELASTOMERICO PRE-FORMADO EM EPMD, PARA JUNTA DE DILATACAO DE USO GERAL EM MEDIAS SOLICITACOES, 8 MM DE LARGURA, MOVIMENTACAO DE *5 A 11* MM","M     ","AS","60,18"]
[39418,"PERFIL GUIA, FORMATO U, EM ACO ZINCADO, PARA ESTRUTURA PAREDE DRYWALL, E = 0,5 MM, 48  X 3000 MM (L X C)","M     ","CR","3,56"]
[39419,"PERFIL GUIA, FORMATO U, EM ACO ZINCADO, PARA ESTRUTURA PAREDE DRYWALL, E = 0,5 MM, 70 X 3000 MM (L X C)","M     ","CR","4,34"]
[39420,"PERFIL GUIA, FORMATO U, EM ACO ZINCADO, PARA ESTRUTURA PAREDE DRYWALL, E = 0,5 MM, 90 X 3000 MM (L X C)","M     ","CR","4,79"]
[39571,"PERFIL LONGARINA (PRINCIPAL), T CLICADO, EM ACO, BRANCO, PARA FORRO REMOVIVEL, 24 X 3750 MM (L X C)","M     ","CR","2,90"]
[39421,"PERFIL MONTANTE, FORMATO C, EM ACO ZINCADO, PARA ESTRUTURA PAREDE DRYWALL, E = 0,5 MM, 48 X 3000 MM (L X C)","M     ","CR","4,22"]
[39422,"PERFIL MONTANTE, FORMATO C, EM ACO ZINCADO, PARA ESTRUTURA PAREDE DRYWALL, E = 0,5 MM, 70 X 3000 MM (L X C)","M     ","C ","4,93"]
[39423,"PERFIL MONTANTE, FORMATO C, EM ACO ZINCADO, PARA ESTRUTURA PAREDE DRYWALL, E = 0,5 MM, 90 X 3000 MM (L X C)","M     ","CR","5,72"]
[39426,"PERFIL RODAPE DE IMPERMEABILIZACAO, FORMATO L, EM ACO ZINCADO, PARA ESTRUTURA DRYWALL, E = 0,5 MM, 220 X 3000 MM (H X C)","M     ","CR","12,87"]
[39429,"PERFIL TABICA ABERTA, PERFURADA, FORMATO Z, EM ACO GALVANIZADO NATURAL, LARGURA APROXIMADA 40 MM, PARA ESTRUTURA FORRO DRYWALL","M     ","CR","4,06"]
[39428,"PERFIL TABICA FECHADA, LISA, FORMATO Z, EM ACO GALVANIZADO NATURAL, LARGURA TOTAL NA HORIZONTAL *40* MM, PARA ESTRUTURA FORRO DRYWALL","M     ","CR","3,10"]
[39572,"PERFIL TIPO CANTONEIRA EM L, EM ACO GALVANIZADO, BRANCO, PARA FORRO REMOVIVEL, *23* X 3000 MM (L X C)","M     ","CR","2,68"]
[39570,"PERFIL TRAVESSA (SECUNDARIO), T CLICADO, EM ACO GALVANIZADO , BRANCO, PARA FORRO REMOVIVEL, 24 X 1250 MM (L X C)","M     ","CR","2,84"]
[39569,"PERFIL TRAVESSA (SECUNDARIO), T CLICADO, EM ACO GALVANIZADO, BRANCO, PARA FORRO REMOVIVEL, 24 X 625 MM (L X C)","M     ","CR","2,81"]
[11552,"PERFIL U / CANALETA DE ALUMINIO, DE ABAS IGUAIS, 1/2\" (1,27 X 1,27 CM), PARA PORTA OU JANELA DE CORRER","M     ","CR","6,94"]
[40598,"PERFIL UDC (\"U\" DOBRADO DE CHAPA) SIMPLES DE ACO LAMINADO, GALVANIZADO, ASTM A36, 127 X 50 MM, E= 3 MM","KG    ","CR","6,52"]
[39029,"PERFILADO PERFURADO DUPLO 38 X 76 MM, CHAPA 22","M     ","CR","9,08"]
[39028,"PERFILADO PERFURADO SIMPLES 38 X 38 MM, CHAPA 22","M     ","CR","5,29"]
[39328,"PERFILADO PERFURADO 19 X 38 MM, CHAPA 22","M     ","CR","2,90"]
[38541,"PERFURATRIZ COM TORRE METALICA PARA EXECUCAO DE ESTACA HELICE CONTINUA, PROFUNDIDADE MAXIMA DE 30 M, DIAMETRO MAXIMO DE 800 MM, POTENCIA INSTALADA DE 268 HP, MESA ROTATIVA COM TORQUE MAXIMO DE 170 KNM","UN    ","AS","2.016.997,48"]
[38542,"PERFURATRIZ COM TORRE METALICA PARA EXECUCAO DE ESTACA HELICE CONTINUA, PROFUNDIDADE MAXIMA DE 32 M, DIAMETRO MAXIMO DE 1000 MM, POTENCIA INSTALADA DE 350 HP, MESA ROTATIVA COM TORQUE MAXIMO DE 263 KNM","UN    ","AS","3.136.349,98"]
[38543,"PERFURATRIZ HIDRAULICA COM TRADO CURTO ACOPLADO, PROFUNDIDADE MAXIMA DE 20 M, DIAMETRO MAXIMO DE 1500 MM, POTENCIA INSTALADA DE 137 HP, MESA ROTATIVA COM TORQUE MAXIMO DE 30 KNM (INCLUI MONTAGEM, NAO INCLUI CAMINHAO)","UN    ","AS","767.865,01"]
[40406,"PERFURATRIZ MANUAL, TORQUE MAXIMO 55 KGF.M, POTENCIA 5 CV, COM DIAMETRO MAXIMO 8 1/2\" (INCLUI SUPORTE/CHASSI TIPO MESA)","UN    ","CR","53.806,52"]
[40789,"PERFURATRIZ MANUAL, TORQUE MAXIMO 83 N.M, POTENCIA 5 CV, COM DIAMETRO MAXIMO 4\" (NAO INCLUI SUPORTE / CHASSI)","UN    ","CR","7.754,07"]
[40791,"PERFURATRIZ MANUAL, TORQUE MAXIMO 83 N.M, POTENCIA 5 CV, COM DIAMETRO MAXIMO 4\", PARA SOLO GRAMPEADO (INCLUI SUPORTE OU CHASSI TIPO MESA)","UN    ","CR","24.273,62"]
[11651,"PERFURATRIZ PNEUMATICA MANUAL DE PESO MEDIO, 18KG, COMPRIMENTO DE CURSO DE 6 M, DIAMETRO DO PISTAO DE 5,5 CM","UN    ","CR","13.275,59"]
[42002,"PERFURATRIZ ROTATIVA SOBRE ESTEIRA, TORQUE MAXIMO 2500 KGM, POTENCIA 110 HP, MOTOR DIESEL  (COLETADO CAIXA)","UN    ","AS","657.657,45"]
[40435,"PERFURATRIZ SOBRE ESTEIRA, TORQUE MAXIMO DE 600 KGF, POTENCIA ENTRE 50 E 60 HP, DIAMETRO MAXIMO DE 10\"","UN    ","AS","421.244,25"]
[39012,"PERFURATRIZ SOBRE ESTEIRA, TORQUE MAXIMO 600 KGF, PESO MEDIO 1000 KG, POTENCIA 20 HP, DIAMETRO MAXIMO 10\"","UN    ","AS","439.510,14"]
[5327,"PIGMENTO EM PO PARA ARGAMASSAS, CIMENTOS E OUTROS","KG    ","CR","33,00"]
[35274,"PILAR DE MADEIRA NAO APARELHADA *10 X 10* CM, MACARANDUBA, ANGELIM OU EQUIVALENTE DA REGIAO","M     ","CR","38,42"]
[35275,"PILAR DE MADEIRA NAO APARELHADA *15 X 15* CM, MACARANDUBA, ANGELIM OU EQUIVALENTE DA REGIAO","M     ","CR","82,06"]
[35276,"PILAR DE MADEIRA NAO APARELHADA *20 X 20* CM, MACARANDUBA, ANGELIM OU EQUIVALENTE DA REGIAO","M     ","CR","134,18"]
[38386,"PINCEL CHATO (TRINCHA) CERDAS GRIS 1.1/2 \" (38 MM)","UN    ","CR","4,56"]
[11091,"PINGADEIRA PLASTICA PARA TELHA DE FIBROCIMENTO CANALETE 49/KALHETA OU CANALETE 90/KALHETAO","UN    ","CR","1,22"]
[37586,"PINO DE ACO COM ARRUELA CONICA, DIAMETRO ARRUELA = *23* MM E COMP HASTE = *27* MM (ACAO INDIRETA)","CENTO ","AS","50,34"]
[37395,"PINO DE ACO COM FURO, HASTE = 27 MM (ACAO DIRETA)","CENTO ","AS","43,29"]
[14147,"PINO DE ACO COM ROSCA 1/4 \", COMPRIMENTO DA HASTE = 30 MM E ROSCA = 20 MM (ACAO DIRETA)","CENTO ","AS","57,42"]
[37396,"PINO DE ACO LISO 1/4 \", HASTE = *36,5* MM (ACAO DIRETA)","CENTO ","AS","35,42"]
[37397,"PINO DE ACO LISO 1/4 \", HASTE = *53* MM (ACAO DIRETA)","CENTO ","AS","37,10"]
[11559,"PINO GUIA, RETO, COM CHAPA DE LATAO CROMADO, 3/4\", PARA PORTA / JANELA DE CORRER","UN    ","CR","3,19"]
[444,"PINO ROSCA EXTERNA, EM ACO GALVANIZADO, PARA ISOLADOR DE 15KV, DIAMETRO 25 MM, COMPRIMENTO *290* MM","UN    ","AS","17,09"]
[445,"PINO ROSCA EXTERNA, EM ACO GALVANIZADO, PARA ISOLADOR DE 25KV, DIAMETRO 35MM, COMPRIMENTO *320* MM","UN    ","AS","23,40"]
[4783,"PINTOR","H     ","C ","14,52"]
[41079,"PINTOR (MENSALISTA)","MES   ","CR","2.535,46"]
[12874,"PINTOR DE LETREIROS","H     ","CR","17,13"]
[41082,"PINTOR DE LETREIROS (MENSALISTA)","MES   ","CR","2.992,31"]
[4785,"PINTOR PARA TINTA EPOXI","H     ","CR","15,61"]
[41081,"PINTOR PARA TINTA EPOXI (MENSALISTA)","MES   ","CR","2.727,15"]
[4801,"PISO DE BORRACHA CANELADO EM PLACAS 50 X 50 CM, E = *3,5* MM, PARA COLA","M2    ","CR","40,99"]
[4794,"PISO DE BORRACHA ESPORTIVO EM PLACAS 50 X 50 CM, E = 15 MM, PARA ARGAMASSA, PRETO","M2    ","CR","186,71"]
[4796,"PISO DE BORRACHA FRISADO OU PASTILHADO, PRETO, EM PLACAS 50 X 50 CM, E = 7 MM, PARA ARGAMASSA","M2    ","CR","113,41"]
[4800,"PISO DE BORRACHA PASTILHADO EM PLACAS 50 X 50 CM, E = *3,5* MM, PARA COLA, PRETO","M2    ","CR","31,18"]
[4795,"PISO DE BORRACHA PASTILHADO EM PLACAS 50 X 50 CM, E = 15 MM, PARA ARGAMASSA, PRETO","M2    ","CR","181,76"]
[39694,"PISO ELEVADO COM 2 PLACAS DE ACO COM ENCHIMENTO DE CONCRETO CELULAR, INCLUSO BASE/HASTE/CRUZETAS, 60 X 60 CM, H = *28* CM, RESISTENCIA CARGA CONCENTRADA 496 KG (COM COLOCACAO)","M2    ","CR","229,79"]
[1292,"PISO EM CERAMICA ESMALTADA EXTRA, PEI MAIOR OU IGUAL A 4, FORMATO MAIOR QUE 2025 CM2","M2    ","CR","32,41"]
[1287,"PISO EM CERAMICA ESMALTADA EXTRA, PEI MAIOR OU IGUAL A 4, FORMATO MENOR OU IGUAL A 2025 CM2","M2    ","C ","15,90"]
[1297,"PISO EM CERAMICA ESMALTADA, COMERCIAL (PADRAO POPULAR), PEI MAIOR OU IGUAL A 3, FORMATO MENOR OU IGUAL A  2025 CM2","M2    ","CR","13,19"]
[4786,"PISO EM GRANILITE, MARMORITE OU GRANITINA, AGREGADO COR PRETO, CINZA, PALHA OU BRANCO, E=  *8* MM (INCLUSO EXECUCAO)","M2    ","AS","78,50"]
[10840,"PISO EM GRANITO, POLIDO, TIPO AMENDOA/ AMARELO CAPRI/ AMARELO DOURADO CARIOCA OU OUTROS EQUIVALENTES DA REGIAO, FORMATO MENOR OU IGUAL A 3025 CM2, E=  *2* CM","M2    ","C ","320,00"]
[10841,"PISO EM GRANITO, POLIDO, TIPO ANDORINHA/ QUARTZ/ CASTELO/ CORUMBA OU OUTROS EQUIVALENTES DA REGIAO, FORMATO MENOR OU IGUAL A 3025 CM2, E=  *2* CM","M2    ","CR","241,50"]
[25980,"PISO EM GRANITO, POLIDO, TIPO MARFIM, DALLAS, CARAVELAS OU OUTROS EQUIVALENTES DA REGIAO, FORMATO MENOR OU IGUAL A 3025 CM2, E=  *2* CM","M2    ","CR","308,59"]
[10842,"PISO EM GRANITO, POLIDO, TIPO PRETO SAO GABRIEL/ TIJUCA OU OUTROS EQUIVALENTES DA REGIAO, FORMATO MENOR OU IGUAL A 3025 CM2, E=  *2* CM","M2    ","CR","348,84"]
[21108,"PISO EM PORCELANATO RETIFICADO EXTRA, FORMATO MENOR OU IGUAL A 2025 CM2","M2    ","CR","43,20"]
[38180,"PISO EM REGUA VINILICA SEMIFLEXIVEL, ENCAIXE CLICADO, E = 4 MM (SEM COLOCACAO)","M2    ","CR","91,31"]
[40648,"PISO EPOXI AUTONIVELANTE, ESPESSURA *4* MM (INCLUSO EXECUCAO)","M2    ","AS","150,72"]
[40649,"PISO EPOXI MULTILAYER, ESPESSURA *2* MM (INCLUSO EXECUCAO)","M2    ","AS","87,79"]
[40650,"PISO FULGET (GRANITO LAVADO) EM PLACAS DE *40 X 40* CM (SEM COLOCACAO)","M2    ","AS","113,04"]
[40651,"PISO FULGET (GRANITO LAVADO) EM PLACAS DE *75 X 75* CM (SEM COLOCACAO)","M2    ","AS","208,49"]
[40652,"PISO FULGET (GRANITO LAVADO) MOLDADO IN LOCO (INCLUSO EXECUCAO)","M2    ","AS","111,78"]
[40647,"PISO INDUSTRIAL EM CONCRETO ARMADO DE ACABAMENTO POLIDO, ESPESSURA 12 CM (CIMENTO QUEIMADO) (INCLUSO EXECUCAO)","M2    ","AS","123,08"]
[40653,"PISO KORODUR (INCLUSO EXECUCAO)","M2    ","AS","94,20"]
[36178,"PISO PODOTATIL DE CONCRETO - DIRECIONAL E ALERTA, *40 X 40 X 2,5* CM","UN    ","CR","6,62"]
[38195,"PISO PORCELANATO, BORDA RETA, EXTRA, FORMATO MAIOR QUE 2025 CM2","M2    ","CR","51,02"]
[38181,"PISO TATIL ALERTA OU DIRECIONAL, DE BORRACHA, COLORIDO, 25 X 25 CM, E = 5 MM, PARA COLA","M2    ","CR","124,65"]
[38182,"PISO TATIL DE ALERTA OU DIRECIONAL DE BORRACHA, PRETO, 25 X 25 CM, E = 5 MM, PARA COLA","M2    ","CR","118,73"]
[38186,"PISO TATIL DE ALERTA OU DIRECIONAL, DE BORRACHA, COLORIDO, 25 X 25 CM, E = 12 MM, PARA ARGAMASSA","M2    ","CR","308,63"]
[38185,"PISO TATIL DE ALERTA OU DIRECIONAL, DE BORRACHA, PRETO, 25 X 25 CM, E = 12 MM, PARA ARGAMASSA","M2    ","CR","274,79"]
[40654,"PISO URETANO, VERSAO REVESTIMENTO AUTONIVELANTE, ESPESSURA VARIÁVEL DE 3 A 4 MM (INCLUSO EXECUCAO)","M2    ","AS","146,32"]
[25981,"PISO/ REVESTIMENTO EM GRANITO, POLIDO, TIPO ANDORINHA/ QUARTZ/ CASTELO/ CORUMBA OU OUTROS EQUIVALENTES DA REGIAO, FORMATO MAIOR OU IGUAL A 3025 CM2, E = *2* CM","M2    ","CR","254,92"]
[4822,"PISO/ REVESTIMENTO EM MARMORE, POLIDO, BRANCO COMUM, FORMATO MAIOR OU IGUAL A 3025 CM2, E = *2* CM","M2    ","CR","243,22"]
[4818,"PISO/ REVESTIMENTO EM MARMORE, POLIDO, BRANCO COMUM, FORMATO MENOR OU IGUAL A 3025 CM2, E = *2* CM","M2    ","C ","250,00"]
[39567,"PLACA / CHAPA DE GESSO ACARTONADO, ACABAMENTO VINILICO LISO EM UMA DAS FACES, COR BRANCA, BORDA QUADRADA, E = 9,5 MM, 625 X 1250 MM (L X C), PARA FORRO REMOVIVEL","M2    ","CR","22,26"]
[39566,"PLACA / CHAPA DE GESSO ACARTONADO, ACABAMENTO VINILICO LISO EM UMA DAS FACES, COR BRANCA, BORDA QUADRADA, E = 9,5 MM, 625 X 625 MM (L X C), PARA FORRO REMOVIVEL","M2    ","CR","25,71"]
[11062,"PLACA CIMENTICIA LISA E = 10 MM, DE 1,20 X 3,00 M (SEM AMIANTO)","M2    ","CR","79,15"]
[11063,"PLACA CIMENTICIA LISA E = 6 MM, DE 1,20 X 3,00 M (SEM AMIANTO)","M2    ","CR","76,63"]
[13521,"PLACA DE ACO ESMALTADA PARA  IDENTIFICACAO DE RUA, *45 CM X 20* CM","UN    ","AS","78,37"]
[10851,"PLACA DE ACRILICO TRANSPARENTE ADESIVADA PARA SINALIZACAO DE PORTAS, BORDA POLIDA, DE *25 X 8*, E = 6 MM (NAO INCLUI ACESSORIOS PARA FIXACAO)","UN    ","AS","41,64"]
[39515,"PLACA DE FIBRA MINERAL PARA FORRO, DE 1250 X 625 MM, E = 15 MM, BORDA RETA, COM PINTURA ANTIMOFO (NAO INCLUI PERFIS)","UN    ","CR","47,22"]
[39516,"PLACA DE FIBRA MINERAL PARA FORRO, DE 625 X 625 MM, E = 15 MM, BORDA REBAIXADA PARA PERFIL 24 MM, COM PINTURA ANTIMOFO (NAO INCLUI PERFIS)","UN    ","CR","39,81"]
[39514,"PLACA DE FIBRA MINERAL PARA FORRO, DE 625 X 625 MM, E = 15 MM, BORDA RETA, COM PINTURA ANTIMOFO (NAO INCLUI PERFIS)","UN    ","C ","24,77"]
[4812,"PLACA DE GESSO PARA FORRO, DE  *60 X 60* CM E ESPESSURA DE 12 MM (30 MM NAS BORDAS) SEM COLOCACAO","M2    ","C ","6,15"]
[10849,"PLACA DE INAUGURACAO EM BRONZE *35X 50*CM","UN    ","AS","1.140,01"]
[10848,"PLACA DE INAUGURACAO METALICA, *40* CM X *60* CM","UN    ","AS","716,06"]
[4813,"PLACA DE OBRA (PARA CONSTRUCAO CIVIL) EM CHAPA GALVANIZADA *N. 22*, DE *2,0 X 1,125* M","M2    ","AS","237,50"]
[37560,"PLACA DE SINALIZACAO DE SEGURANCA CONTRA INCENDIO - ALERTA, TRIANGULAR, BASE DE *30* CM, EM PVC *2* MM ANTI-CHAMAS (SIMBOLOS, CORES E PICTOGRAMAS CONFORME NBR 13434)","UN    ","CR","73,82"]
[37557,"PLACA DE SINALIZACAO DE SEGURANCA CONTRA INCENDIO, FOTOLUMINESCENTE, QUADRADA, *14 X 14* CM, EM PVC *2* MM ANTI-CHAMAS (SIMBOLOS, CORES E PICTOGRAMAS CONFORME NBR 13434)","UN    ","CR","22,42"]
[37556,"PLACA DE SINALIZACAO DE SEGURANCA CONTRA INCENDIO, FOTOLUMINESCENTE, QUADRADA, *20 X 20* CM, EM PVC *2* MM ANTI-CHAMAS (SIMBOLOS, CORES E PICTOGRAMAS CONFORME NBR 13434)","UN    ","CR","43,37"]
[37559,"PLACA DE SINALIZACAO DE SEGURANCA CONTRA INCENDIO, FOTOLUMINESCENTE, RETANGULAR, *12 X 40* CM, EM PVC *2* MM ANTI-CHAMAS (SIMBOLOS, CORES E PICTOGRAMAS CONFORME NBR 13434)","UN    ","CR","53,20"]
[37539,"PLACA DE SINALIZACAO DE SEGURANCA CONTRA INCENDIO, FOTOLUMINESCENTE, RETANGULAR, *13 X 26* CM, EM PVC *2* MM ANTI-CHAMAS (SIMBOLOS, CORES E PICTOGRAMAS CONFORME NBR 13434)","UN    ","C ","37,50"]
[37558,"PLACA DE SINALIZACAO DE SEGURANCA CONTRA INCENDIO, FOTOLUMINESCENTE, RETANGULAR, *20 X 40* CM, EM PVC *2* MM ANTI-CHAMAS (SIMBOLOS, CORES E PICTOGRAMAS CONFORME NBR 13434)","UN    ","CR","69,92"]
[34723,"PLACA DE SINALIZACAO EM CHAPA DE ACO NUM 16 COM PINTURA REFLETIVA","M2    ","AS","548,63"]
[34721,"PLACA DE SINALIZACAO EM CHAPA DE ALUMINIO COM PINTURA REFLETIVA, E = 2 MM","M2    ","AS","684,00"]
[4309,"PLACA DE VENTILACAO PARA TELHA DE FIBROCIMENTO CANALETE 49 KALHETA","UN    ","CR","5,47"]
[4307,"PLACA DE VENTILACAO PARA TELHA DE FIBROCIMENTO, CANALETE 90 OU KALHETAO","UN    ","CR","9,36"]
[10850,"PLACA NUMERACAO RESIDENCIAL EM CHAPA GALVANIZADA ESMALTADA 12 X 18 CM","UN    ","AS","35,62"]
[42467,"PLACA ORIENTATIVA SOBRE EXERCÍCIOS, 2,00M X 1,00M, EM TUBO DE ACO CARBONO, PINTURA NO PROCESSO ELETROSTATICO - PARA ACADEMIA AO AR LIVRE / ACADEMIA DA TERCEIRA IDADE - ATI * COLETADO CAIXA *","UN    ","AS","1.422,31"]
[4792,"PLACA VINILICA SEMIFLEXIVEL PARA PISOS, E = 3,2 MM, 30 X 30 CM (SEM COLOCACAO)","M2    ","CR","87,65"]
[4790,"PLACA VINILICA SEMIFLEXIVEL PARA REVESTIMENTO DE PISOS E PAREDES, E = 2 MM (SEM COLOCACAO)","M2    ","C ","52,70"]
[40671,"PLACA/PISO DE CONCRETO POROSO/ PAVIMENTO PERMEAVEL/BLOCO DRENANTE DE CONCRETO, 40 CM X 40 CM, E = 6 CM, COR NATURAL","M2    ","CR","37,74"]
[7552,"PLACA/TAMPA CEGA EM LATAO ESCOVADO PARA CONDULETE EM LIGA DE ALUMINIO 4 X 4\"","UN    ","AS","27,65"]
[4893,"PLUG OU BUJAO DE FERRO GALVANIZADO, DE 1 1/2\"","UN    ","AS","7,79"]
[4894,"PLUG OU BUJAO DE FERRO GALVANIZADO, DE 1 1/4\"","UN    ","AS","6,68"]
[4888,"PLUG OU BUJAO DE FERRO GALVANIZADO, DE 1/2\"","UN    ","AS","2,27"]
[4890,"PLUG OU BUJAO DE FERRO GALVANIZADO, DE 1\"","UN    ","AS","4,28"]
[12411,"PLUG OU BUJAO DE FERRO GALVANIZADO, DE 2 1/2\"","UN    ","AS","23,04"]
[4891,"PLUG OU BUJAO DE FERRO GALVANIZADO, DE 2\"","UN    ","AS","11,52"]
[4889,"PLUG OU BUJAO DE FERRO GALVANIZADO, DE 3/4\"","UN    ","AS","3,08"]
[4892,"PLUG OU BUJAO DE FERRO GALVANIZADO, DE 3\"","UN    ","AS","32,26"]
[12412,"PLUG OU BUJAO DE FERRO GALVANIZADO, DE 4\"","UN    ","AS","59,96"]
[11073,"PLUG PVC P/ ESG PREDIAL  75MM","UN    ","AS","6,73"]
[11071,"PLUG PVC P/ ESG PREDIAL 100MM","UN    ","AS","8,03"]
[11072,"PLUG PVC P/ ESG PREDIAL 50MM","UN    ","AS","2,94"]
[4895,"PLUG PVC ROSCAVEL,  1/2\",  AGUA FRIA PREDIAL (NBR 5648)","UN    ","AS","0,49"]
[4907,"PLUG PVC,  JE, DN 100 MM, PARA REDE COLETORA ESGOTO (NBR 10569)","UN    ","AS","11,03"]
[4904,"PLUG PVC,  JE, DN 300 MM, PARA REDE COLETORA ESGOTO (NBR 10569)","UN    ","AS","89,06"]
[4905,"PLUG PVC,  JE, DN 400 MM, PARA REDE COLETORA ESGOTO ( NBR 10569)","UN    ","AS","145,26"]
[4902,"PLUG PVC, JE, DN 150 MM, PARA REDE COLETORA ESGOTO (NBR 10569)","UN    ","AS","24,98"]
[4908,"PLUG PVC, JE, DN 200 MM, PARA REDE COLETORA ESGOTO (NBR 10569)","UN    ","AS","35,95"]
[4909,"PLUG PVC, JE, DN 250 MM, PARA REDE COLETORA ESGOTO (NBR 10569)","UN    ","AS","65,90"]
[4903,"PLUG PVC, JE, DN 350 MM, PARA REDE COLETORA ESGOTO (NBR 10569)","UN    ","AS","129,62"]
[4897,"PLUG PVC, ROSCAVEL 1\", PARA AGUA FRIA PREDIAL","UN    ","CR","1,44"]
[4896,"PLUG PVC, ROSCAVEL 3/4\", PARA  AGUA FRIA PREDIAL","UN    ","CR","0,61"]
[4900,"PLUG PVC, ROSCAVEL, 1 1/2\",  AGUA FRIA PREDIAL","UN    ","CR","4,16"]
[4898,"PLUG PVC, ROSCAVEL, 1 1/4\",  AGUA FRIA PREDIAL","UN    ","CR","1,81"]
[4899,"PLUG PVC, ROSCAVEL, 2\",  AGUA FRIA PREDIAL","UN    ","CR","5,68"]
[11096,"PO DE MARMORE (POSTO PEDREIRA/FORNECEDOR, SEM FRETE)","KG    ","CR","0,28"]
[4741,"PO DE PEDRA (POSTO PEDREIRA/FORNECEDOR, SEM FRETE)","M3    ","CR","52,86"]
[4752,"POCEIRO / ESCAVADOR DE VALAS E TUBULOES","H     ","CR","17,67"]
[41091,"POCEIRO / ESCAVADOR DE VALAS E TUBULOES (MENSALISTA)","MES   ","CR","3.088,47"]
[13954,"POLIDORA DE PISO (POLITRIZ) ELETRICA, MOTOR MONOFASICO DE 4 HP, PESO DE 100 KG, DIAMETRO DO TRABALHO DE 450 MM","UN    ","AS","6.346,57"]
[3411,"POLIESTIRENO EXPANDIDO/EPS (ISOPOR), PEROLAS, PARA CONCRETO LEVE","KG    ","AS","45,12"]
[39995,"POLIESTIRENO EXPANDIDO/EPS (ISOPOR), TIPO 2F, BLOCO","M3    ","AS","347,14"]
[11615,"POLIESTIRENO EXPANDIDO/EPS (ISOPOR), TIPO 2F, PLACA, ISOLAMENTO TERMOACUSTICO, E = 10 MM, 1000 X 500 MM","M2    ","AS","2,94"]
[3408,"POLIESTIRENO EXPANDIDO/EPS (ISOPOR), TIPO 2F, PLACA, ISOLAMENTO TERMOACUSTICO, E = 20 MM, 1000 X 500 MM","M2    ","AS","7,82"]
[3409,"POLIESTIRENO EXPANDIDO/EPS (ISOPOR), TIPO 2F, PLACA, ISOLAMENTO TERMOACUSTICO, E = 50 MM, 1000 X 500 MM","M2    ","AS","19,55"]
[11427,"POLVORA NEGRA","KG    ","AS","61,79"]
[26022,"PONTEIRO PARA MARTELO ROMPEDOR, DIAMETRO = *28* MM, COMPRIMENTO = *520* MM, ENCAIXE SEXTAVADO","UN    ","CR","140,66"]
[421,"PORCA OLHAL EM ACO GALVANIZADO, DIAMETRO NOMINAL DE 16 MM","UN    ","AS","8,45"]
[12362,"PORCA OLHAL EM ACO GALVANIZADO, ESPESSURA 16MM, ABERTURA 21MM","UN    ","AS","9,29"]
[14148,"PORCA UNIAO/JUNCAO ZINCADA SEXTAVADA 1/4 \", CHAVE 7/16 \", COMPRIMENTO = 25 MM","UN    ","AS","0,97"]
[4341,"PORCA ZINCADA, QUADRADA, DIAMETRO 3/8\"","UN    ","CR","0,63"]
[4337,"PORCA ZINCADA, QUADRADA, DIAMETRO 5/8\"","UN    ","CR","1,60"]
[4339,"PORCA ZINCADA, SEXTAVADA, DIAMETRO 1/2\"","UN    ","CR","0,34"]
[39997,"PORCA ZINCADA, SEXTAVADA, DIAMETRO 1/4\"","UN    ","CR","0,19"]
[11971,"PORCA ZINCADA, SEXTAVADA, DIAMETRO 1\"","UN    ","CR","2,66"]
[4342,"PORCA ZINCADA, SEXTAVADA, DIAMETRO 3/8\"","UN    ","CR","0,14"]
[4330,"PORCA ZINCADA, SEXTAVADA, DIAMETRO 5/16\"","UN    ","CR","0,09"]
[4340,"PORCA ZINCADA, SEXTAVADA, DIAMETRO 5/8\"","UN    ","CR","0,74"]
[5088,"PORTA CADEADO,  3 1/2\", EM ACO ZINCADO, PRETO, PARA PORTAO E JANELA","UN    ","CR","2,04"]
[11154,"PORTA CORTA-FOGO PARA SAIDA DE EMERGENCIA, COM FECHADURA, VAO LUZ DE 90 X 210 CM, CLASSE P-90 (NBR 11742)","UN    ","AS","1.024,51"]
[39021,"PORTA DE ABRIR EM ACO COM DIVISAO HORIZONTAL  PARA VIDROS, COM FUNDO ANTICORROSIVO/PRIMER DE PROTECAO, SEM GUARNICAO/ALIZAR/VISTA, VIDROS NAO INCLUSOS, 87 X 210 CM","UN    ","AS","460,82"]
[39022,"PORTA DE ABRIR EM ACO TIPO VENEZIANA, COM FUNDO ANTICORROSIVO / PRIMER DE PROTECAO, SEM GUARNICAO/ALIZAR/VISTA, 87 X 210 CM","UN    ","AS","569,90"]
[39024,"PORTA DE ABRIR EM ALUMINIO COM DIVISAO HORIZONTAL  PARA VIDROS,  ACABAMENTO ANODIZADO NATURAL, VIDROS INCLUSOS, SEM GUARNICAO/ALIZAR/VISTA , 87 X 210 CM","UN    ","AS","911,90"]
[4914,"PORTA DE ABRIR EM ALUMINIO COM LAMBRI HORIZONTAL/LAMINADA, ACABAMENTO ANODIZADO NATURAL, SEM GUARNICAO/ALIZAR/VISTA","M2    ","AS","739,39"]
[4917,"PORTA DE ABRIR EM ALUMINIO TIPO VENEZIANA, ACABAMENTO ANODIZADO NATURAL, SEM GUARNICAO/ALIZAR/VISTA","M2    ","AS","510,63"]
[39025,"PORTA DE ABRIR EM ALUMINIO TIPO VENEZIANA, ACABAMENTO ANODIZADO NATURAL, SEM GUARNICAO/ALIZAR/VISTA, 87 X 210 CM","UN    ","AS","935,06"]
[4930,"PORTA DE ABRIR EM GRADIL COM BARRA CHATA 3 CM X 1/4\", COM REQUADRO E GUARNICAO - COMPLETO - ACABAMENTO NATURAL","M2    ","AS","495,25"]
[4922,"PORTA DE CORRER EM ALUMINIO, DUAS FOLHAS MOVEIS COM VIDRO, FECHADURA E PUXADOR EMBUTIDO, ACABAMENTO ANODIZADO NATURAL, SEM GUARNICAO/ALIZAR/VISTA","M2    ","AS","473,65"]
[4911,"PORTA DE ENROLAR MANUAL COMPLETA, ARTICULADA RAIADA LARGA, EM ACO GALVANIZADO NATURAL, CHAPA NUMERO 24 (SEM INSTALACAO)","M2    ","CR","220,00"]
[37518,"PORTA DE ENROLAR MANUAL COMPLETA, PERFIL MEIA CANA CEGA, EM ACO GALVANIZADO COM PINTURA ELETROSTATICA, CHAPA NUMERO 24 \" (SEM INSTALACAO)","M2    ","CR","280,85"]
[4910,"PORTA DE ENROLAR MANUAL COMPLETA, PERFIL MEIA CANA CEGA, EM ACO GALVANIZADO NATURAL, CHAPA NUMERO 24 (SEM INSTALACAO)","M2    ","C ","220,00"]
[4943,"PORTA DE ENROLAR MANUAL COMPLETA, PERFIL MEIA CANA VAZADA TIJOLINHO, EM ACO GALVANIZADO NATURAL, CHAPA NUMERO 24 (SEM INSTALACAO)","M2    ","CR","349,19"]
[5002,"PORTA DE MADEIRA QUADRICULADA PARA VIDRO, DE CORRER (EUCALIPTO OU EQUIVALENTE REGIONAL), E = *3,5* CM","M2    ","CR","439,54"]
[4977,"PORTA DE MADEIRA TIPO VENEZIANA (EUCALIPTO OU EQUIVALENTE REGIONAL), E = *3,5* CM","M2    ","CR","296,70"]
[5028,"PORTA DE MADEIRA-DE-LEI QUADRICULADA PARA VIDRO, DE CORRER (ANGELIM OU EQUIVALENTE REGIONAL), E = *3,5* CM","M2    ","CR","725,99"]
[4998,"PORTA DE MADEIRA-DE-LEI TIPO MEXICANA SEM EMENDA (ANGELIM OU EQUIVALENTE REGIONAL), E = *3,5* CM","M2    ","CR","602,95"]
[4969,"PORTA DE MADEIRA-DE-LEI TIPO VENEZIANA (ANGELIM OU EQUIVALENTE REGIONAL), E = *3,5* CM","M2    ","C ","419,63"]
[11364,"PORTA DE MADEIRA, FOLHA LEVE (NBR 15930) DE 60 X 210 CM, E = *35* MM, NUCLEO COLMEIA, CAPA LISA EM HDF, ACABAMENTO EM PRIMER PARA PINTURA","UN    ","CR","70,21"]
[11365,"PORTA DE MADEIRA, FOLHA LEVE (NBR 15930) DE 70 X 210 CM, E = *35* MM, NUCLEO COLMEIA, CAPA LISA EM HDF, ACABAMENTO EM PRIMER PARA PINTURA","UN    ","CR","75,62"]
[11366,"PORTA DE MADEIRA, FOLHA LEVE (NBR 15930) DE 80 X 210 CM, E = *35* MM, NUCLEO COLMEIA, CAPA LISA EM HDF, ACABAMENTO EM PRIMER PARA PINTURA","UN    ","CR","80,02"]
[11367,"PORTA DE MADEIRA, FOLHA LEVE (NBR 15930), E = *35* MM, NUCLEO COLMEIA, CAPA LISA EM HDF, ACABAMENTO MELAMINICO EM PADRAO MADEIRA","M2    ","CR","61,64"]
[4989,"PORTA DE MADEIRA, FOLHA MEDIA (NBR 15930) DE 100 X 210 CM, E = 35 MM, NUCLEO SARRAFEADO, CAPA LISA EM HDF, ACABAMENTO EM LAMINADO NATURAL PARA VERNIZ","UN    ","CR","159,96"]
[4982,"PORTA DE MADEIRA, FOLHA MEDIA (NBR 15930) DE 100 X 210 CM, E = 35 MM, NUCLEO SARRAFEADO, CAPA LISA EM HDF, ACABAMENTO EM PRIMER PARA PINTURA","UN    ","CR","138,87"]
[20322,"PORTA DE MADEIRA, FOLHA MEDIA (NBR 15930) DE 60 X 210 CM, E = 35 MM, NUCLEO SARRAFEADO, CAPA FRISADA EM HDF, ACABAMENTO MELAMINICO EM PADRAO MADEIRA","UN    ","CR","122,39"]
[10553,"PORTA DE MADEIRA, FOLHA MEDIA (NBR 15930) DE 60 X 210 CM, E = 35 MM, NUCLEO SARRAFEADO, CAPA LISA EM HDF, ACABAMENTO EM PRIMER PARA PINTURA","UN    ","CR","130,49"]
[5020,"PORTA DE MADEIRA, FOLHA MEDIA (NBR 15930) DE 60 X 210 CM, E = 35 MM, NUCLEO SARRAFEADO, CAPA LISA EM HDF, ACABAMENTO LAMINADO NATURAL PARA VERNIZ","UN    ","CR","135,29"]
[4962,"PORTA DE MADEIRA, FOLHA MEDIA (NBR 15930) DE 70 X 210 CM, E = 35 MM, NUCLEO SARRAFEADO, CAPA FRISADA EM HDF, ACABAMENTO MELAMINICO EM PADRAO MADEIRA","UN    ","CR","131,81"]
[4981,"PORTA DE MADEIRA, FOLHA MEDIA (NBR 15930) DE 70 X 210 CM, E = 35 MM, NUCLEO SARRAFEADO, CAPA LISA EM HDF, ACABAMENTO EM LAMINADO NATURAL PARA VERNIZ","UN    ","C ","93,21"]
[10554,"PORTA DE MADEIRA, FOLHA MEDIA (NBR 15930) DE 70 X 210 CM, E = 35 MM, NUCLEO SARRAFEADO, CAPA LISA EM HDF, ACABAMENTO EM PRIMER PARA PINTURA","UN    ","CR","145,84"]
[4964,"PORTA DE MADEIRA, FOLHA MEDIA (NBR 15930) DE 80 X 210 CM, E = 35 MM, NUCLEO SARRAFEADO, CAPA FRISADA EM HDF, ACABAMENTO MELAMINICO EM PADRAO MADEIRA","UN    ","CR","160,05"]
[4992,"PORTA DE MADEIRA, FOLHA MEDIA (NBR 15930) DE 80 X 210 CM, E = 35 MM, NUCLEO SARRAFEADO, CAPA LISA EM HDF, ACABAMENTO EM LAMINADO NATURAL PARA VERNIZ","UN    ","CR","158,73"]
[10555,"PORTA DE MADEIRA, FOLHA MEDIA (NBR 15930) DE 80 X 210 CM, E = 35 MM, NUCLEO SARRAFEADO, CAPA LISA EM HDF, ACABAMENTO EM PRIMER PARA PINTURA","UN    ","CR","140,75"]
[4987,"PORTA DE MADEIRA, FOLHA MEDIA (NBR 15930) DE 90 X 210 CM, E = 35 MM, NUCLEO SARRAFEADO, CAPA LISA EM HDF, ACABAMENTO EM LAMINADO NATURAL PARA VERNIZ","UN    ","CR","145,84"]
[10556,"PORTA DE MADEIRA, FOLHA MEDIA (NBR 15930) DE 90 X 210 CM, E = 35 MM, NUCLEO SARRAFEADO, CAPA LISA EM HDF, ACABAMENTO EM PRIMER PARA PINTURA","UN    ","CR","149,53"]
[4958,"PORTA DE MADEIRA, FOLHA MEDIA (NBR 15930), E = 35 MM, NUCLEO SARRAFEADO, CAPA FRISADA EM HDF, ACABAMENTO MELAMINICO EM PADRAO MADEIRA","M2    ","CR","85,46"]
[39502,"PORTA DE MADEIRA, FOLHA PESADA (NBR 15930) DE 80 X 210 CM, E = 35 MM, NUCLEO SOLIDO, CAPA LISA EM HDF, ACABAMENTO EM LAMINADO NATURAL PARA VERNIZ","UN    ","CR","207,13"]
[39504,"PORTA DE MADEIRA, FOLHA PESADA (NBR 15930) DE 80 X 210 CM, E = 35 MM, NUCLEO SOLIDO, CAPA LISA EM HDF, ACABAMENTO EM PRIMER PARA PINTURA","UN    ","CR","146,87"]
[39503,"PORTA DE MADEIRA, FOLHA PESADA (NBR 15930) DE 90 X 210 CM, E = 35 MM, NUCLEO SOLIDO, CAPA LISA EM HDF, ACABAMENTO EM LAMINADO NATURAL PARA VERNIZ","UN    ","CR","225,02"]
[39505,"PORTA DE MADEIRA, FOLHA PESADA (NBR 15930) DE 90 X 210 CM, E = 35 MM, NUCLEO SOLIDO, CAPA LISA EM HDF, ACABAMENTO EM PRIMER PARA PINTURA","UN    ","CR","160,05"]
[25969,"PORTA DENTE PARA FRESADORA","UN    ","AS","240,91"]
[4944,"PORTA GRADE DE ENROLAR MANUAL COMPLETA, PERFIL TUBULAR TIJOLINHO 3/4 \", EM ACO GALVANIZADO NATURAL (SEM INSTALACAO)","M2    ","CR","428,23"]
[21102,"PORTA TOALHA BANHO EM METAL CROMADO, TIPO BARRA","UN    ","CR","59,67"]
[21101,"PORTA TOALHA ROSTO EM METAL CROMADO, TIPO ARGOLA","UN    ","CR","38,32"]
[34713,"PORTA VIDRO TEMPERADO INCOLOR, 2 FOLHAS DE CORRER, E = 10 MM (SEM FERRAGENS E SEM COLOCACAO)","M2    ","CR","236,99"]
[4947,"PORTAO BASCULANTE MANUAL EM ACO GALVANIZADO NATURAL, TIPO LAMBRIL COM REQUADRO/BATENTE, CHAPA NUMERO 26, INCLUI FECHADURA (SEM INSTALACAO)","M2    ","AS","636,44"]
[37563,"PORTAO BASCULANTE, MANUAL, EM CHAPA TIPO LAMBRIL QUADRADO, COM REQUADRO, ACABAMENTO NATURAL","M2    ","AS","488,68"]
[4948,"PORTAO DE ABRIR EM GRADIL DE METALON REDONDO DE 3/4\"  VERTICAL, COM REQUADRO, ACABAMENTO NATURAL - COMPLETO","M2    ","AS","443,50"]
[37561,"PORTAO DE CORRER EM CHAPA TIPO PAINEL LAMBRIL QUADRADO, COM PORTA SOCIAL COMPLETA INCLUIDA, COM REQUADRO, ACABAMENTO NATURAL, COM TRILHOS E ROLDANAS","M2    ","AS","912,24"]
[37562,"PORTAO DE CORRER EM GRADIL FIXO DE BARRA DE FERRO CHATA DE 3 X 1/4\" NA VERTICAL, SEM REQUADRO, ACABAMENTO NATURAL, COM TRILHOS E ROLDANAS","M2    ","AS","585,11"]
[37585,"PORTINHOLA DE ABRIR EM ALUMINIO DE 60 X 80 CM, VENEZIANA VENTILADA 1 FOLHA, ACABAMENTO ANODIZADO NATURAL","UN    ","AS","254,60"]
[14164,"POSTE CONICO CONTINUO EM ACO GALVANIZADO, CURVO, BRACO DUPLO, ENGASTADO,  H = 9 M, DIAMETRO INFERIOR = *135* MM","UN    ","AS","1.527,36"]
[14163,"POSTE CONICO CONTINUO EM ACO GALVANIZADO, CURVO, BRACO DUPLO, FLANGEADO,  H = 9 M, DIAMETRO INFERIOR = *135* MM","UN    ","AS","1.735,94"]
[5051,"POSTE CONICO CONTINUO EM ACO GALVANIZADO, CURVO, BRACO SIMPLES, ENGASTADO,  H = 9 M, DIAMETRO INFERIOR = *135* MM","UN    ","AS","1.476,39"]
[14162,"POSTE CONICO CONTINUO EM ACO GALVANIZADO, CURVO, BRACO SIMPLES, FLANGEADO,  H = 9 M, DIAMETRO INFERIOR = *135* MM","UN    ","AS","1.474,25"]
[5052,"POSTE CONICO CONTINUO EM ACO GALVANIZADO, CURVO, BRACO SIMPLES, FLANGEADO, H = 7 M, DIAMETRO INFERIOR = *125* MM","UN    ","AS","1.100,00"]
[14166,"POSTE CONICO CONTINUO EM ACO GALVANIZADO, RETO, ENGASTADO,  H = 7 M, DIAMETRO INFERIOR = *125* MM","UN    ","AS","1.113,96"]
[14165,"POSTE CONICO CONTINUO EM ACO GALVANIZADO, RETO, ENGASTADO,  H = 9 M, DIAMETRO INFERIOR = *145* MM","UN    ","AS","1.543,24"]
[5050,"POSTE CONICO CONTINUO EM ACO GALVANIZADO, RETO, FLANGEADO,  H = 3 M, DIAMETRO INFERIOR = *95* MM","UN    ","AS","379,83"]
[12378,"POSTE CONICO CONTINUO EM ACO GALVANIZADO, RETO, FLANGEADO, H = 6 M, DIAMETRO INFERIOR = *90* CM","UN    ","AS","902,83"]
[5040,"POSTE DE CONCRETO CIRCULAR, 100 KG, H = 5 M (NBR 8451)","UN    ","AS","207,96"]
[5054,"POSTE DE CONCRETO CIRCULAR, 100 KG, H = 7 M (NBR 8451)","UN    ","AS","303,37"]
[12366,"POSTE DE CONCRETO CIRCULAR, 150 KG, H = 10 M (NBR 8451)","UN    ","AS","540,11"]
[5045,"POSTE DE CONCRETO CIRCULAR, 200 KG, H = 11 M (NBR 8451)","UN    ","AS","752,13"]
[12367,"POSTE DE CONCRETO CIRCULAR, 200 KG, H = 17 M (NBR 8451)","UN    ","AS","2.302,65"]
[12368,"POSTE DE CONCRETO CIRCULAR, 200 KG, H = 22,5 M (NBR 8451)","UN    ","AS","4.556,00"]
[5042,"POSTE DE CONCRETO CIRCULAR, 200 KG, H = 7 M (NBR 8451)","UN    ","AS","392,35"]
[5044,"POSTE DE CONCRETO CIRCULAR, 200 KG, H = 9 M (NBR 8451)","UN    ","AS","530,64"]
[5055,"POSTE DE CONCRETO CIRCULAR, 300 KG, H = 11 M (NBR 8451)","UN    ","AS","754,43"]
[5041,"POSTE DE CONCRETO CIRCULAR, 300 KG, H = 5 M (NBR 8451)","UN    ","AS","278,72"]
[5043,"POSTE DE CONCRETO CIRCULAR, 300 KG, H = 7 M (NBR 8451)","UN    ","AS","481,32"]
[5053,"POSTE DE CONCRETO CIRCULAR, 300 KG, H = 9 M (NBR 8451)","UN    ","AS","587,19"]
[5035,"POSTE DE CONCRETO CIRCULAR, 400 KG, H = 11 M (NBR 8451)","UN    ","AS","960,05"]
[5036,"POSTE DE CONCRETO CIRCULAR, 400 KG, H = 14 M (NBR 8451)","UN    ","AS","1.602,64"]
[5059,"POSTE DE CONCRETO CIRCULAR, 400 KG, H = 9 M (NBR 8451)","UN    ","AS","750,85"]
[5034,"POSTE DE CONCRETO CIRCULAR, 600 KG, H = 10 M (NBR 8451)","UN    ","AS","1.036,10"]
[5056,"POSTE DE CONCRETO DUPLO T ,TIPO B, 500 KG, H = 9 M (NBR 8451)","UN    ","AS","805,07"]
[5057,"POSTE DE CONCRETO DUPLO T, TIPO B, 300 KG, H = 10 M (NBR 8451)","UN    ","AS","645,66"]
[5033,"POSTE DE CONCRETO DUPLO T, TIPO B, 300 KG, H = 9 M (NBR 8451)","UN    ","AS","536,00"]
[5037,"POSTE DE CONCRETO DUPLO T, TIPO D, 100 KG, H = 7 M (NBR 8451)","UN    ","AS","271,93"]
[5038,"POSTE DE CONCRETO DUPLO T, TIPO D, 200 KG, H = 9 M (NBR 8451)","UN    ","AS","436,84"]
[12374,"POSTE DE CONCRETO DUPLO T, 100 KG, H = 6 M, (NBR 8451)","UN    ","AS","268,00"]
[12372,"POSTE DE CONCRETO DUPLO T, 200 KG, H = 11 M (NBR 8451)","UN    ","AS","575,66"]
[13335,"POSTE DE CONCRETO DUPLO T, 200 KG, H = 8 M (NBR 8451)","UN    ","AS","346,67"]
[13339,"POSTE DE CONCRETO DUPLO T, 300 KG, H = 12 M (NBR 8451)","UN    ","AS","855,78"]
[12373,"POSTE DE CONCRETO DUPLO T, 400 KG,H = 12 M (NBR 8451)","UN    ","AS","896,19"]
[34712,"POSTE DE CONCRETO PADRAO, 1 CAIXA, H = 7,5 M","UN    ","AS","653,92"]
[34711,"POSTE DE CONCRETO PADRAO, 2 CAIXAS, H = 7,5 M","UN    ","AS","857,60"]
[34706,"POSTE DE CONCRETO PADRAO, 3 CAIXAS , H = 7,5 M","UN    ","AS","1.469,71"]
[34703,"POSTE DE CONCRETO PADRAO, 4 CAIXAS , H = 7,5 M","UN    ","AS","2.465,60"]
[12388,"POSTE DECORATIVO PARA JARDIM EM ACO TUBULAR, SEM LUMINARIA, H = *2,5* M","UN    ","AS","224,83"]
[34695,"POSTE PADRAO SUBTERRANEO 100 A, H = 2,5 M","UN    ","AS","616,40"]
[34692,"POSTE PADRAO SUBTERRANEO 200 A, H = 2,5 M","UN    ","AS","1.479,36"]
[26028,"POZOLANA DE CLASSE C","T     ","CR","328,09"]
[11844,"PRANCHA DE MADEIRA APARELHADA *4 X 30* CM, MACARANDUBA, ANGELIM OU EQUIVALENTE DA REGIAO","M     ","CR","26,12"]
[4465,"PRANCHA DE MADEIRA NAO APARELHADA *6 X 25* CM, MACARANDUBA, ANGELIM OU EQUIVALENTE DA REGIAO","M     ","CR","50,00"]
[35273,"PRANCHA DE MADEIRA NAO APARELHADA *6 X 30* CM, MACARANDUBA, ANGELIM OU EQUIVALENTE DA REGIAO","M     ","CR","55,25"]
[4470,"PRANCHA DE MADEIRA NAO APARELHADA *6 X 40* CM, MACARANDUBA, ANGELIM OU EQUIVALENTE DA REGIAO","M     ","CR","82,55"]
[20204,"PRANCHAO DE MADEIRA APARELHADA *7,5 X 23* CM (3 X 9 \") MACARANDUBA, ANGELIM OU EQUIVALENTE DA REGIAO","M     ","CR","36,88"]
[20208,"PRANCHAO DE MADEIRA APARELHADA *8 X 30* CM, MACARANDUBA, ANGELIM OU EQUIVALENTE DA REGIAO","M     ","CR","43,31"]
[4437,"PRANCHAO DE MADEIRA NAO APARELHADA *7,5 X 23* CM (3 x 9 \") MACARANDUBA, ANGELIM OU EQUIVALENTE DA REGIAO","M     ","CR","59,78"]
[14580,"PRANCHAO DE MADEIRA NAO APARELHADA *8 X 30* CM, MACARANDUBA, ANGELIM OU EQUIVALENTE DA REGIAO","M     ","CR","65,10"]
[40304,"PREGO DE ACO POLIDO COM CABECA DUPLA 17 X 27 (2 1/2 X 11)","KG    ","CR","12,68"]
[5065,"PREGO DE ACO POLIDO COM CABECA 10 X 10 (7/8 X 17)","KG    ","CR","19,54"]
[5072,"PREGO DE ACO POLIDO COM CABECA 10 X 11 (1 X 17)","KG    ","CR","18,08"]
[5066,"PREGO DE ACO POLIDO COM CABECA 12 X 12","KG    ","CR","13,53"]
[5063,"PREGO DE ACO POLIDO COM CABECA 14 X 18 (1 1/2 X 14)","KG    ","CR","12,26"]
[20247,"PREGO DE ACO POLIDO COM CABECA 15 X 15 (1 1/4 X 13)","KG    ","CR","11,37"]
[5074,"PREGO DE ACO POLIDO COM CABECA 15 X 18 (1 1/2 X 13)","KG    ","CR","11,51"]
[5067,"PREGO DE ACO POLIDO COM CABECA 16 X 24 (2 1/4 X 12)","KG    ","CR","10,95"]
[5078,"PREGO DE ACO POLIDO COM CABECA 16 X 27 (2 1/2 X 12)","KG    ","CR","10,82"]
[5068,"PREGO DE ACO POLIDO COM CABECA 17 X 21 (2 X 11)","KG    ","CR","10,27"]
[5073,"PREGO DE ACO POLIDO COM CABECA 17 X 24 (2 1/4 X 11)","KG    ","CR","10,47"]
[5069,"PREGO DE ACO POLIDO COM CABECA 17 X 27 (2 1/2 X 11)","KG    ","CR","10,47"]
[5070,"PREGO DE ACO POLIDO COM CABECA 17 X 30 (2 3/4 X 11)","KG    ","CR","10,58"]
[5071,"PREGO DE ACO POLIDO COM CABECA 18 X 24 (2 1/4 X 10)","KG    ","CR","10,27"]
[5061,"PREGO DE ACO POLIDO COM CABECA 18 X 27 (2 1/2 X 10)","KG    ","C ","10,10"]
[5075,"PREGO DE ACO POLIDO COM CABECA 18 X 30 (2 3/4 X 10)","KG    ","CR","10,27"]
[39027,"PREGO DE ACO POLIDO COM CABECA 19  X 36 (3 1/4  X  9)","KG    ","CR","10,26"]
[5062,"PREGO DE ACO POLIDO COM CABECA 19 X 33 (3 X 9)","KG    ","CR","10,41"]
[40568,"PREGO DE ACO POLIDO COM CABECA 22 X 48 (4 1/4 X 5)","KG    ","CR","10,35"]
[39026,"PREGO DE ACO POLIDO SEM CABECA 15 X 15 (1 1/4 X 13)","KG    ","CR","11,55"]
[11572,"PRENDEDOR / TRAVA DE PORTA, MONTAGEM PISO / PORTA, EM LATAO / ZAMAC, CROMADO","UN    ","CR","12,80"]
[42460,"PRESSAO DE PERNAS TRIPLO, EM TUBO DE ACO CARBONO, PINTURA NO PROCESSO ELETROSTATICO - EQUIPAMENTO DE GINASTICA PARA ACADEMIA AO AR LIVRE / ACADEMIA DA TERCEIRA IDADE - ATI * COLETADO CAIXA *","UN    ","AS","2.756,08"]
[11149,"PRIMER EPOXI","GL    ","CR","193,67"]
[511,"PRIMER PARA MANTA ASFALTICA A BASE DE ASFALTO MODIFICADO DILUIDO EM SOLVENTE, APLICACAO A FRIO","L     ","CR","15,00"]
[11174,"PRIMER UNIVERSAL, FUNDO ANTICORROSIVO TIPO ZARCAO","18L   ","CR","549,88"]
[37540,"PROJETOR DE ARGAMASSA, CAPACIDADE DE PROJECAO 1,5 M3/H, ALCANCE DA PROJECAO 30 ATE 60 M, MOTOR ELETRICO TRIFASICO","UN    ","CR","58.528,01"]
[37548,"PROJETOR DE ARGAMASSA, CAPACIDADE DE PROJECAO 2,0 M3/H, ALCANCE DA PROJECAO ATE 50 M, MOTOR ELETRICO TRIFASICO","UN    ","CR","77.578,59"]
[39828,"PROJETOR PNEUMATICO DE ARGAMASSA PARA CHAPISCO E REBOCO COM RECIPIENTE ACOPLADO, TIPO CANEQUNHA, COM VOLUME DE 1,50 L, SEM COMPRESSOR","UN    ","CR","465,39"]
[12273,"PROJETOR RETANGULAR FECHADO PARA LAMPADA VAPOR DE MERCURIO/SODIO 250 W A 500 W, CABECEIRAS EM ALUMINIO FUNDIDO, CORPO EM ALUMINIO ANODIZADO, PARA LAMPADA E40 FECHAMENTO EM VIDRO TEMPERADO.","UN    ","AS","50,26"]
[38392,"PROLONGADOR/EXTENSOR PARA ROLO DE PINTURA 3 M","UN    ","CR","50,34"]
[11735,"PROLONGAMENTO PVC PARA CAIXA SIFONADA  100 MM X 200 MM (NBR 5688)","UN    ","CR","3,98"]
[11733,"PROLONGAMENTO PVC PARA CAIXA SIFONADA 100 MM X 100 MM (NBR 5688)","UN    ","CR","1,95"]
[11734,"PROLONGAMENTO PVC PARA CAIXA SIFONADA, 100 MM X 150 MM (NBR 5688)","UN    ","CR","3,00"]
[11737,"PROLONGAMENTO PVC PARA CAIXA SIFONADA, 150 MM X 150 MM (NBR 5688)","UN    ","CR","5,32"]
[11738,"PROLONGAMENTO PVC PARA CAIXA SIFONADA, 150 MM X 200 MM (NBR 5688)","UN    ","CR","8,64"]
[36143,"PROTETOR AUDITIVO TIPO CONCHA COM ABAFADOR DE RUIDOS, ATENUACAO ACIMA DE 22 DB","UN    ","CR","24,60"]
[36142,"PROTETOR AUDITIVO TIPO PLUG DE INSERCAO COM CORDAO, ATENUACAO SUPERIOR A 15 DB","UN    ","CR","1,80"]
[36146,"PROTETOR SOLAR FPS 30, EMBALAGEM 2 LITROS","UN    ","CR","204,00"]
[39015,"PROTETOR/PONTEIRA PLASTICA PARA PONTA DE VERGALHAO DE ATE 1\", TIPO PROTETOR DE ESPERA","UN    ","C ","0,76"]
[38377,"PRUMO DE CENTRO EM ACO *400* G","UN    ","CR","22,09"]
[38376,"PRUMO DE PAREDE EM ACO 700 A 750 G","UN    ","CR","25,19"]
[38116,"PULSADOR CAMPAINHA 10A, 250V (APENAS MODULO)","UN    ","CR","6,51"]
[38066,"PULSADOR CAMPAINHA 10A, 250V, CONJUNTO MONTADO PARA EMBUTIR 4\" X 2\" (PLACA + SUPORTE + MODULO)","UN    ","CR","10,75"]
[38117,"PULSADOR MINUTERIA 10A, 250V (APENAS MODULO)","UN    ","CR","11,09"]
[38067,"PULSADOR MINUTERIA 10A, 250V, CONJUNTO MONTADO PARA EMBUTIR 4\" X 2\" (PLACA + SUPORTE + MODULO)","UN    ","CR","15,14"]
[41757,"PULVERIZADOR DE TINTA ELETRICO / MAQUINA DE PINTURA AIRLESS, VAZAO *2* L/MIN (COLETADO CAIXA)","UN    ","CR","7.092,92"]
[5080,"PUXADOR CENTRAL, TIPO ALCA, EM ZAMAC CROMADO, COM ROSETAS, COMPRIMENTO *100* MM, PARA PORTA / JANELA EM MADEIRA OU METALICA - INCLUI PARAFUSOS","UN    ","CR","9,07"]
[11522,"PUXADOR CONCHA DE EMBUTIR PARA JANELA / PORTA DE CORRER, EM LATAO CROMADO, COM FURO CENTRAL PARA CHAVE E FUROS PARA PARAFUSOS, *40 X 100* MM  (LARGURA X ALTURA) - SEM FECHADURA","UN    ","CR","11,34"]
[11523,"PUXADOR CONCHA DE EMBUTIR, EM LATAO CROMADO, PARA PORTA / JANELA DE CORRER, LISO, SEM FURO PARA CHAVE, COM FUROS PARA FIXAR PARAFUSOS, *30 X 90* MM (LARGURA X ALTURA)","UN    ","CR","10,62"]
[11524,"PUXADOR TIPO PUNHO REDONDO, CENTRAL, EM LATAO CROMADO, COMPRIMENTO DE *110* MM, PARA JANELAS / PORTAS DE CORRER - INCLUI PARAFUSOS","UN    ","CR","21,86"]
[38168,"PUXADOR TUBULAR RETO, DUPLO, EM ALUMINIO POLIDO, DIAMETRO APROX.DE 1\", COMPRIMENTO APROX. DE 400 MM, PARA PORTAS DE MADEIRA OU VIDRO","UN    ","CR","105,52"]
[13393,"QUADRO DE DISTRIBUICAO COM BARRAMENTO TRIFASICO, DE EMBUTIR, EM CHAPA DE ACO GALVANIZADO, PARA 12 DISJUNTORES DIN, 100 A","UN    ","CR","199,64"]
[13395,"QUADRO DE DISTRIBUICAO COM BARRAMENTO TRIFASICO, DE EMBUTIR, EM CHAPA DE ACO GALVANIZADO, PARA 18 DISJUNTORES DIN, 100 A","UN    ","CR","239,38"]
[12039,"QUADRO DE DISTRIBUICAO COM BARRAMENTO TRIFASICO, DE EMBUTIR, EM CHAPA DE ACO GALVANIZADO, PARA 24 DISJUNTORES DIN, 100 A","UN    ","CR","320,32"]
[13396,"QUADRO DE DISTRIBUICAO COM BARRAMENTO TRIFASICO, DE EMBUTIR, EM CHAPA DE ACO GALVANIZADO, PARA 28 DISJUNTORES DIN, 100 A","UN    ","CR","512,34"]
[13397,"QUADRO DE DISTRIBUICAO COM BARRAMENTO TRIFASICO, DE EMBUTIR, EM CHAPA DE ACO GALVANIZADO, PARA 30 DISJUNTORES DIN, 100 A","UN    ","CR","517,83"]
[12041,"QUADRO DE DISTRIBUICAO COM BARRAMENTO TRIFASICO, DE EMBUTIR, EM CHAPA DE ACO GALVANIZADO, PARA 30 DISJUNTORES DIN, 150 A","UN    ","CR","700,79"]
[12043,"QUADRO DE DISTRIBUICAO COM BARRAMENTO TRIFASICO, DE EMBUTIR, EM CHAPA DE ACO GALVANIZADO, PARA 30 DISJUNTORES DIN, 225 A","UN    ","CR","808,07"]
[39762,"QUADRO DE DISTRIBUICAO COM BARRAMENTO TRIFASICO, DE EMBUTIR, EM CHAPA DE ACO GALVANIZADO, PARA 36 DISJUNTORES DIN, 100 A","UN    ","CR","545,94"]
[12042,"QUADRO DE DISTRIBUICAO COM BARRAMENTO TRIFASICO, DE EMBUTIR, EM CHAPA DE ACO GALVANIZADO, PARA 40 DISJUNTORES DIN, 100 A","UN    ","CR","546,08"]
[39763,"QUADRO DE DISTRIBUICAO COM BARRAMENTO TRIFASICO, DE EMBUTIR, EM CHAPA DE ACO GALVANIZADO, PARA 48 DISJUNTORES DIN, 100 A","UN    ","CR","823,93"]
[39756,"QUADRO DE DISTRIBUICAO COM BARRAMENTO TRIFASICO, DE SOBREPOR, EM CHAPA DE ACO GALVANIZADO, PARA 12 DISJUNTORES DIN, 100 A","UN    ","CR","249,80"]
[12038,"QUADRO DE DISTRIBUICAO COM BARRAMENTO TRIFASICO, DE SOBREPOR, EM CHAPA DE ACO GALVANIZADO, PARA 18 DISJUNTORES DIN, 100 A","UN    ","CR","278,88"]
[12040,"QUADRO DE DISTRIBUICAO COM BARRAMENTO TRIFASICO, DE SOBREPOR, EM CHAPA DE ACO GALVANIZADO, PARA 24 DISJUNTORES DIN, 100 A","UN    ","CR","356,33"]
[39757,"QUADRO DE DISTRIBUICAO COM BARRAMENTO TRIFASICO, DE SOBREPOR, EM CHAPA DE ACO GALVANIZADO, PARA 28 DISJUNTORES DIN, 100 A","UN    ","CR","381,02"]
[39758,"QUADRO DE DISTRIBUICAO COM BARRAMENTO TRIFASICO, DE SOBREPOR, EM CHAPA DE ACO GALVANIZADO, PARA 30 DISJUNTORES DIN, 100 A","UN    ","CR","494,58"]
[39759,"QUADRO DE DISTRIBUICAO COM BARRAMENTO TRIFASICO, DE SOBREPOR, EM CHAPA DE ACO GALVANIZADO, PARA 36 DISJUNTORES DIN, 100 A","UN    ","CR","675,75"]
[39760,"QUADRO DE DISTRIBUICAO COM BARRAMENTO TRIFASICO, DE SOBREPOR, EM CHAPA DE ACO GALVANIZADO, PARA 40 DISJUNTORES DIN, 100 A","UN    ","CR","678,85"]
[39761,"QUADRO DE DISTRIBUICAO COM BARRAMENTO TRIFASICO, DE SOBREPOR, EM CHAPA DE ACO GALVANIZADO, PARA 48 DISJUNTORES DIN, 100 A","UN    ","CR","868,82"]
[39765,"QUADRO DE DISTRIBUICAO SEM BARRAMENTO, COM PORTA, DE EMBUTIR, EM CHAPA DE ACO GALVANIZADO, PARA 12 DISJUNTORES NEMA","UN    ","CR","38,57"]
[13399,"QUADRO DE DISTRIBUICAO SEM BARRAMENTO, COM PORTA, DE EMBUTIR, EM CHAPA DE ACO GALVANIZADO, PARA 3 DISJUNTORES NEMA","UN    ","CR","21,94"]
[39764,"QUADRO DE DISTRIBUICAO SEM BARRAMENTO, COM PORTA, DE EMBUTIR, EM CHAPA DE ACO GALVANIZADO, PARA 6 DISJUNTORES NEMA","UN    ","CR","30,17"]
[39805,"QUADRO DE DISTRIBUICAO, COM BARRAMENTO TERRA / NEUTRO, DE EMBUTIR, PARA 16 DISJUNTORES DIN","UN    ","CR","113,18"]
[39806,"QUADRO DE DISTRIBUICAO, COM BARRAMENTO TERRA / NEUTRO, DE EMBUTIR, PARA 24 DISJUNTORES DIN","UN    ","CR","213,74"]
[39807,"QUADRO DE DISTRIBUICAO, COM BARRAMENTO TERRA / NEUTRO, DE EMBUTIR, PARA 36 DISJUNTORES DIN","UN    ","CR","301,32"]
[39804,"QUADRO DE DISTRIBUICAO, COM BARRAMENTO TERRA / NEUTRO, DE EMBUTIR, PARA 8 DISJUNTORES DIN","UN    ","CR","63,55"]
[39796,"QUADRO DE DISTRIBUICAO, SEM BARRAMENTO, EM PVC, DE EMBUTIR, PARA 16 DISJUNTORES DIN","UN    ","CR","64,77"]
[39797,"QUADRO DE DISTRIBUICAO, SEM BARRAMENTO, EM PVC, DE EMBUTIR, PARA 24 DISJUNTORES DIN","UN    ","C ","86,00"]
[39798,"QUADRO DE DISTRIBUICAO, SEM BARRAMENTO, EM PVC, DE EMBUTIR, PARA 36 DISJUNTORES DIN","UN    ","CR","143,37"]
[39794,"QUADRO DE DISTRIBUICAO, SEM BARRAMENTO, EM PVC, DE EMBUTIR, PARA 4 DISJUNTORES DIN","UN    ","CR","20,38"]
[39795,"QUADRO DE DISTRIBUICAO, SEM BARRAMENTO, EM PVC, DE EMBUTIR, PARA 8 DISJUNTORES DIN","UN    ","CR","28,53"]
[39801,"QUADRO DE DISTRIBUICAO, SEM BARRAMENTO, EM PVC, DE SOBREPOR, PARA 16 DISJUNTORES DIN","UN    ","CR","73,01"]
[39802,"QUADRO DE DISTRIBUICAO, SEM BARRAMENTO, EM PVC, DE SOBREPOR, PARA 24 DISJUNTORES DIN","UN    ","CR","121,25"]
[39803,"QUADRO DE DISTRIBUICAO, SEM BARRAMENTO, EM PVC, DE SOBREPOR, PARA 36 DISJUNTORES DIN","UN    ","CR","168,02"]
[39799,"QUADRO DE DISTRIBUICAO, SEM BARRAMENTO, EM PVC, DE SOBREPOR, PARA 4 DISJUNTORES DIN","UN    ","CR","27,60"]
[39800,"QUADRO DE DISTRIBUICAO, SEM BARRAMENTO, EM PVC, DE SOBREPOR, PARA 8 DISJUNTORES DIN","UN    ","CR","46,45"]
[4224,"QUEROSENE","L     ","CR","14,40"]
[21059,"RALO FOFO COM REQUADRO, QUADRADO 150 X 150 MM","UN    ","AS","36,90"]
[11234,"RALO FOFO COM REQUADRO, QUADRADO 200 X 200 MM","UN    ","AS","55,62"]
[21060,"RALO FOFO COM REQUADRO, QUADRADO 250 X 250 MM","UN    ","AS","68,46"]
[21061,"RALO FOFO COM REQUADRO, QUADRADO 300 X 300 MM","UN    ","AS","85,58"]
[21062,"RALO FOFO COM REQUADRO, QUADRADO 400 X 400 MM","UN    ","AS","134,79"]
[11708,"RALO FOFO SEMIESFERICO, 100 MM, PARA LAJES/ CALHAS","UN    ","AS","14,70"]
[11709,"RALO FOFO SEMIESFERICO, 150 MM, PARA LAJES/ CALHAS","UN    ","AS","34,55"]
[11710,"RALO FOFO SEMIESFERICO, 200 MM, PARA LAJES/ CALHAS","UN    ","AS","79,43"]
[11707,"RALO FOFO SEMIESFERICO, 75 MM, PARA LAJES/ CALHAS","UN    ","AS","11,01"]
[11739,"RALO SECO PVC CONICO, 100 X 40 MM,  COM GRELHA REDONDA BRANCA","UN    ","CR","5,79"]
[11711,"RALO SECO PVC CONICO, 100 X 40 MM, COM GRELHA QUADRADA","UN    ","CR","8,48"]
[5102,"RALO SECO PVC QUADRADO, 100 X 100 X 53 MM, SAIDA 40 MM, COM GRELHA BRANCA","UN    ","CR","8,20"]
[11741,"RALO SIFONADO PVC CILINDRICO, 100 X 40 MM,  COM GRELHA REDONDA BRANCA","UN    ","CR","5,97"]
[11743,"RALO SIFONADO PVC REDONDO CONICO, 100 X 40 MM, COM GRELHA  BRANCA REDONDA","UN    ","CR","5,42"]
[11745,"RALO SIFONADO PVC, QUADRADO, 100 X 100 X 53 MM, SAIDA 40 MM, COM GRELHA BRANCA","UN    ","CR","7,71"]
[25961,"RASTELEIRO","H     ","CR","21,89"]
[40985,"RASTELEIRO (MENSALISTA)","MES   ","CR","3.820,89"]
[1088,"REATOR ELETRONICO BIVOLT PARA 1 LAMPADA FLUORESCENTE DE 18/20 W","UN    ","AS","13,35"]
[1087,"REATOR ELETRONICO BIVOLT PARA 1 LAMPADA FLUORESCENTE DE 36/40 W","UN    ","AS","16,68"]
[38777,"REATOR ELETRONICO BIVOLT PARA 2 LAMPADAS FLUORESCENTES DE 14 W","UN    ","AS","33,22"]
[1086,"REATOR ELETRONICO BIVOLT PARA 2 LAMPADAS FLUORESCENTES DE 18/20 W","UN    ","AS","17,53"]
[1079,"REATOR ELETRONICO BIVOLT PARA 2 LAMPADAS FLUORESCENTES DE 36/40 W","UN    ","AS","18,12"]
[39374,"REATOR INTERNO/INTEGRADO PARA LAMPADA VAPOR METALICO 400 W, ALTO FATOR DE POTENCIA","UN    ","C ","105,00"]
[1082,"REATOR P/ LAMPADA VAPOR DE SODIO 250W USO EXT","UN    ","AS","113,93"]
[12316,"REATOR P/ 1 LAMPADA VAPOR DE MERCURIO 125W USO EXT","UN    ","AS","52,21"]
[12317,"REATOR P/ 1 LAMPADA VAPOR DE MERCURIO 250W USO EXT","UN    ","AS","62,27"]
[12318,"REATOR P/ 1 LAMPADA VAPOR DE MERCURIO 400W USO EXT","UN    ","AS","71,73"]
[5104,"REBITE DE ALUMINIO VAZADO DE REPUXO, 3,2 X 8 MM (1KG = 1025 UNIDADES)","KG    ","AS","35,71"]
[26023,"REBOLO ABRASIVO RETO DE USO GERAL GRAO 36, DE 6 X 1 \" (DIAMETRO X ALTURA)","UN    ","CR","49,96"]
[2710,"REBOLO ABRASIVO RETO DE USO GERAL GRAO 36, DE 6 X 3/4 \" (DIAMETRO X ALTURA)","UN    ","CR","39,90"]
[14575,"RECICLADORA DE ASFALTO A FRIO SOBRE RODAS, LARG. FRESAGEM 2,00 M, POT. 315 KW/422 HP","UN    ","AS","2.433.423,70"]
[20033,"REDUCAO EXCENTRICA PVC NBR 10569 P/REDE COLET ESG PB JE 125 X 100MM","UN    ","AS","33,28"]
[20034,"REDUCAO EXCENTRICA PVC NBR 10569 P/REDE COLET ESG PB JE 150 X 100MM","UN    ","AS","54,54"]
[20035,"REDUCAO EXCENTRICA PVC NBR 10569 P/REDE COLET ESG PB JE 150 X 125MM","UN    ","AS","60,71"]
[20036,"REDUCAO EXCENTRICA PVC NBR 10569 P/REDE COLET ESG PB JE 200 X 150MM","UN    ","AS","87,79"]
[20037,"REDUCAO EXCENTRICA PVC NBR 10569 P/REDE COLET ESG PB JE 250 X 200MM","UN    ","AS","179,11"]
[20038,"REDUCAO EXCENTRICA PVC NBR 10569 P/REDE COLET ESG PB JE 300 X 250MM","UN    ","AS","330,48"]
[20039,"REDUCAO EXCENTRICA PVC NBR 10569 P/REDE COLET ESG PB JE 350 X 300MM","UN    ","AS","466,81"]
[20040,"REDUCAO EXCENTRICA PVC NBR 10569 P/REDE COLET ESG PB JE 400 X 300MM","UN    ","AS","595,36"]
[20041,"REDUCAO EXCENTRICA PVC NBR 10569 P/REDE COLET ESG PB JE 400 X 350MM","UN    ","AS","600,91"]
[20043,"REDUCAO EXCENTRICA PVC P/ ESG PREDIAL DN 100 X 50MM","UN    ","AS","3,29"]
[20044,"REDUCAO EXCENTRICA PVC P/ ESG PREDIAL DN 100 X 75MM","UN    ","AS","4,02"]
[20042,"REDUCAO EXCENTRICA PVC P/ ESG PREDIAL DN 75 X 50MM","UN    ","AS","3,02"]
[20046,"REDUCAO EXCENTRICA PVC, SERIE R, DN 100 X 75 MM, PARA ESGOTO PREDIAL","UN    ","CR","11,92"]
[20047,"REDUCAO EXCENTRICA PVC, SERIE R, DN 150 X 100 MM, PARA ESGOTO PREDIAL","UN    ","CR","34,53"]
[20045,"REDUCAO EXCENTRICA PVC, SERIE R, DN 75 X 50 MM, PARA ESGOTO PREDIAL","UN    ","CR","5,65"]
[20972,"REDUCAO FIXA TIPO STORZ, ENGATE RAPIDO 2.1/2\" X 1.1/2\", EM LATAO, PARA INSTALACAO PREDIAL COMBATE A INCENDIO PREDIAL","UN    ","CR","113,53"]
[20032,"REDUCAO PVC PBA, JE, BB, DN 75 X 50 / DE 85 X 60 MM, PARA REDE DE AGUA","UN    ","AS","37,27"]
[11321,"REDUCAO PVC PBA, JE, PB, DN 100 X 50 / DE 110 X 60 MM, PARA REDE DE AGUA","UN    ","AS","17,59"]
[11323,"REDUCAO PVC PBA, JE, PB, DN 100 X 75 / DE 110 X 85 MM, PARA REDE DE AGUA","UN    ","AS","21,02"]
[20327,"REDUCAO PVC PBA, JE, PB, DN 75 X 50 / DE 85 X 60 MM, PARA REDE DE AGUA","UN    ","AS","12,43"]
[25966,"REDUTOR TIPO THINNER PARA ACABAMENTO","L     ","CR","18,40"]
[13390,"REFLETOR REDONDO EM ALUMINIO ANODIZADO PARA LAMPADA VAPOR DE MERCURIO/SODIO, CORPO EM ALUMINIO COM PINTURA EPOXI, PARA LAMPADA E-27 DE 300 W, COM SUPORTE REDONDO E ALCA REGULAVEL PARA FIXACAO.","UN    ","AS","65,90"]
[6034,"REGISTRO DE ESFERA DE PASSEIO, PVC PARA POLIETILENO, 20 MM","UN    ","CR","11,13"]
[6036,"REGISTRO DE ESFERA PVC, COM BORBOLETA, COM ROSCA EXTERNA, DE 1/2\"","UN    ","CR","15,15"]
[6031,"REGISTRO DE ESFERA PVC, COM BORBOLETA, COM ROSCA EXTERNA, DE 3/4\"","UN    ","CR","17,80"]
[6029,"REGISTRO DE ESFERA PVC, COM CABECA QUADRADA, COM ROSCA EXTERNA, 1/2\"","UN    ","C ","18,00"]
[6033,"REGISTRO DE ESFERA PVC, COM CABECA QUADRADA, COM ROSCA EXTERNA, 3/4\"","UN    ","CR","23,72"]
[11672,"REGISTRO DE ESFERA, PVC, COM VOLANTE, VS, ROSCAVEL, DN 1 1/2\", COM CORPO DIVIDIDO","UN    ","CR","51,60"]
[11669,"REGISTRO DE ESFERA, PVC, COM VOLANTE, VS, ROSCAVEL, DN 1 1/4\", COM CORPO DIVIDIDO","UN    ","CR","49,14"]
[11670,"REGISTRO DE ESFERA, PVC, COM VOLANTE, VS, ROSCAVEL, DN 1/2\", COM CORPO DIVIDIDO","UN    ","CR","18,82"]
[20055,"REGISTRO DE ESFERA, PVC, COM VOLANTE, VS, ROSCAVEL, DN 1\", COM CORPO DIVIDIDO","UN    ","CR","36,80"]
[11671,"REGISTRO DE ESFERA, PVC, COM VOLANTE, VS, ROSCAVEL, DN 2\", COM CORPO DIVIDIDO","UN    ","CR","78,97"]
[6032,"REGISTRO DE ESFERA, PVC, COM VOLANTE, VS, ROSCAVEL, DN 3/4\", COM CORPO DIVIDIDO","UN    ","CR","22,55"]
[11673,"REGISTRO DE ESFERA, PVC, COM VOLANTE, VS, SOLDAVEL, DN 20 MM, COM CORPO DIVIDIDO","UN    ","CR","17,76"]
[11674,"REGISTRO DE ESFERA, PVC, COM VOLANTE, VS, SOLDAVEL, DN 25 MM, COM CORPO DIVIDIDO","UN    ","CR","22,87"]
[11675,"REGISTRO DE ESFERA, PVC, COM VOLANTE, VS, SOLDAVEL, DN 32 MM, COM CORPO DIVIDIDO","UN    ","CR","36,31"]
[11676,"REGISTRO DE ESFERA, PVC, COM VOLANTE, VS, SOLDAVEL, DN 40 MM, COM CORPO DIVIDIDO","UN    ","CR","48,57"]
[11677,"REGISTRO DE ESFERA, PVC, COM VOLANTE, VS, SOLDAVEL, DN 50 MM, COM CORPO DIVIDIDO","UN    ","CR","50,16"]
[11678,"REGISTRO DE ESFERA, PVC, COM VOLANTE, VS, SOLDAVEL, DN 60 MM, COM CORPO DIVIDIDO","UN    ","CR","91,86"]
[6038,"REGISTRO DE PRESSAO PVC, ROSCAVEL, VOLANTE SIMPLES, DE 1/2\"","UN    ","CR","5,83"]
[11718,"REGISTRO DE PRESSAO PVC, ROSCAVEL, VOLANTE SIMPLES, DE 3/4\"","UN    ","CR","16,62"]
[6037,"REGISTRO DE PRESSAO PVC, SOLDAVEL, VOLANTE SIMPLES, DE 20 MM","UN    ","CR","12,12"]
[11719,"REGISTRO DE PRESSAO PVC, SOLDAVEL, VOLANTE SIMPLES, DE 25 MM","UN    ","CR","13,48"]
[6019,"REGISTRO GAVETA BRUTO EM LATAO FORJADO, BITOLA 1 \" (REF 1509)","UN    ","AS","38,06"]
[6010,"REGISTRO GAVETA BRUTO EM LATAO FORJADO, BITOLA 1 1/2 \" (REF 1509)","UN    ","AS","65,49"]
[6017,"REGISTRO GAVETA BRUTO EM LATAO FORJADO, BITOLA 1 1/4 \" (REF 1509)","UN    ","AS","51,87"]
[6020,"REGISTRO GAVETA BRUTO EM LATAO FORJADO, BITOLA 1/2 \" (REF 1509)","UN    ","AS","22,86"]
[6028,"REGISTRO GAVETA BRUTO EM LATAO FORJADO, BITOLA 2 \" (REF 1509)","UN    ","AS","91,22"]
[6011,"REGISTRO GAVETA BRUTO EM LATAO FORJADO, BITOLA 2 1/2 \" (REF 1509)","UN    ","AS","189,19"]
[6012,"REGISTRO GAVETA BRUTO EM LATAO FORJADO, BITOLA 3 \" (REF 1509)","UN    ","AS","229,04"]
[6016,"REGISTRO GAVETA BRUTO EM LATAO FORJADO, BITOLA 3/4 \" (REF 1509)","UN    ","AS","24,11"]
[6027,"REGISTRO GAVETA BRUTO EM LATAO FORJADO, BITOLA 4 \" (REF 1509)","UN    ","AS","477,25"]
[6013,"REGISTRO GAVETA COM ACABAMENTO E CANOPLA CROMADOS, SIMPLES, BITOLA 1 \" (REF 1509)","UN    ","AS","72,01"]
[6015,"REGISTRO GAVETA COM ACABAMENTO E CANOPLA CROMADOS, SIMPLES, BITOLA 1 1/2 \" (REF 1509)","UN    ","AS","104,72"]
[6014,"REGISTRO GAVETA COM ACABAMENTO E CANOPLA CROMADOS, SIMPLES, BITOLA 1 1/4 \" (REF 1509)","UN    ","AS","100,12"]
[6006,"REGISTRO GAVETA COM ACABAMENTO E CANOPLA CROMADOS, SIMPLES, BITOLA 1/2 \" (REF 1509)","UN    ","AS","52,15"]
[6005,"REGISTRO GAVETA COM ACABAMENTO E CANOPLA CROMADOS, SIMPLES, BITOLA 3/4 \" (REF 1509)","UN    ","AS","58,83"]
[11756,"REGISTRO OU REGULADOR DE GAS COZINHA, VAZAO DE 2 KG/H, 2,8 KPA","UN    ","AS","28,09"]
[10904,"REGISTRO OU VALVULA GLOBO ANGULAR EM LATAO, PARA HIDRANTES EM INSTALACAO PREDIAL DE INCENDIO, 45 GRAUS, DIAMETRO DE 2 1/2\", COM VOLANTE, CLASSE DE PRESSAO DE ATE 200 PSI","UN    ","C ","158,95"]
[11752,"REGISTRO PRESSAO BRUTO EM LATAO FORJADO, BITOLA 1/2 \" (REF 1400)","UN    ","AS","16,20"]
[11753,"REGISTRO PRESSAO BRUTO EM LATAO FORJADO, BITOLA 3/4 \" (REF 1400)","UN    ","AS","19,34"]
[6021,"REGISTRO PRESSAO COM ACABAMENTO E CANOPLA CROMADA, SIMPLES, BITOLA 1/2 \" (REF 1416)","UN    ","AS","53,68"]
[6024,"REGISTRO PRESSAO COM ACABAMENTO E CANOPLA CROMADA, SIMPLES, BITOLA 3/4 \" (REF 1416)","UN    ","AS","55,48"]
[38379,"REGUA DE ALUMINIO PARA PEDREIRO 2 X 1 \"","M     ","CR","29,55"]
[13897,"REGUA VIBRADORA DUPLA PARA CONCRETO A GASOLINA 5,5 HP, PESO DE 60 KG, COMPRIMENTO 4 M","UN    ","AS","5.788,07"]
[10640,"REGUA VIBRATORIA DE CONCRETO TRELICADA, EQUIPADA COM MOTOR A GASOLINA DE 9 HP","UN    ","AS","12.535,76"]
[11086,"REJEITO DE MINERIO DE FERRO PARA PAVIMENTACAO (POSTO PEDREIRA/FORNECEDOR, SEM FRETE)","M3    ","CR","49,79"]
[34356,"REJUNTE BRANCO, CIMENTICIO","KG    ","CR","3,43"]
[34357,"REJUNTE COLORIDO, CIMENTICIO","KG    ","CR","3,82"]
[37329,"REJUNTE EPOXI BRANCO","KG    ","CR","53,16"]
[37398,"REJUNTE EPOXI COR","KG    ","CR","68,04"]
[2510,"RELE FOTOELETRICO INTERNO E EXTERNO BIVOLT 1000 W, DE CONECTOR, SEM BASE","UN    ","AS","16,50"]
[12359,"RELE TERMICO BIMETAL PARA USO EM MOTORES TRIFASICOS, TENSAO 380 V, POTENCIA ATE 15 CV, CORRENTE NOMINAL MAXIMA 22 A","UN    ","AS","85,82"]
[5320,"REMOVEDOR DE TINTA OLEO/ESMALTE VERNIZ","L     ","CR","36,81"]
[7353,"RESINA ACRILICA BASE AGUA - COR BRANCA","L     ","CR","19,46"]
[36144,"RESPIRADOR DESCARTAVEL SEM VALVULA DE EXALACAO, PFF 1","UN    ","CR","1,34"]
[10518,"RETARDO PARA CORDEL DETONANTE","UN    ","AS","53,52"]
[36530,"RETROESCAVADEIRA SOBRE RODAS COM CARREGADEIRA, TRACAO 4 X 2, POTENCIA LIQUIDA 79 HP, PESO OPERACIONAL MINIMO DE 6570 KG, CAPACIDADE DA CARREGADEIRA DE 1,00 M3 E DA  RETROESCAVADEIRA MINIMA DE 0,20 M3, PROFUNDIDADE DE ESCAVACAO MAXIMA DE 4,37 M","UN    ","AS","216.658,53"]
[6046,"RETROESCAVADEIRA SOBRE RODAS COM CARREGADEIRA, TRACAO 4 X 4, POTENCIA LIQUIDA 72 HP, PESO OPERACIONAL MINIMO DE 7140 KG, CAPACIDADE MINIMA DA CARREGADEIRA DE 0,79 M3 E DA RETROESCAVADEIRA MINIMA DE 0,18 M3, PROFUNDIDADE DE ESCAVACAO MAXIMA DE 4,50 M","UN    ","AS","235.000,00"]
[36531,"RETROESCAVADEIRA SOBRE RODAS COM CARREGADEIRA, TRACAO 4 X 4, POTENCIA LIQUIDA 88 HP, PESO OPERACIONAL MINIMO DE 6674 KG, CAPACIDADE DA CARREGADEIRA DE 1,00 M3 E DA  RETROESCAVADEIRA MINIMA DE 0,26 M3, PROFUNDIDADE DE ESCAVACAO MAXIMA DE 4,37 M","UN    ","AS","243.597,54"]
[34684,"REVESTIMENTO DE PAREDE EM GRANILITE, MARMORITE OU GRANITINA - ESP = 5 MM (INCLUSO EXECUCAO)","M2    ","AS","185,66"]
[34683,"REVESTIMENTO DE PAREDE EM GRANILITE, MARMORITE OU GRANITINA COLORIDO - ESP = 5 MM (INCLUSO EXECUCAO)","M2    ","AS","116,04"]
[533,"REVESTIMENTO EM CERAMICA ESMALTADA COMERCIAL, PEI MENOR OU IGUAL A 3, FORMATO MENOR OU IGUAL A 2025 CM2","M2    ","CR","13,84"]
[10515,"REVESTIMENTO EM CERAMICA ESMALTADA EXTRA, PEI MAIOR OU IGUAL 4, FORMATO MAIOR A 2025 CM2","M2    ","CR","35,69"]
[536,"REVESTIMENTO EM CERAMICA ESMALTADA EXTRA, PEI MENOR OU IGUAL A 3, FORMATO MENOR OU IGUAL A 2025 CM2","M2    ","C ","23,45"]
[153,"REVESTIMENTO EPOXI DE ALTA RESISTENCIA QUIMICA, ISENTO DE SOLVENTES, BICOMPONENTE","L     ","CR","111,28"]
[34682,"REVESTIMENTO PARA ESCADA EM GRANILITE, MARMORITE OU GRANITINA ESP = 8 MM (INCLUSO EXECUCAO)","M2    ","AS","88,73"]
[20205,"RIPA DE MADEIRA APARELHADA *1,5 X 5* CM, MACARANDUBA, ANGELIM OU EQUIVALENTE DA REGIAO","M     ","CR","1,33"]
[4408,"RIPA DE MADEIRA NAO APARELHADA *1,5 X 5* CM, MACARANDUBA, ANGELIM OU EQUIVALENTE DA REGIAO","M     ","CR","2,28"]
[4412,"RIPA DE MADEIRA NAO APARELHADA 1 X 3* CM, MACARANDUBA, ANGELIM OU EQUIVALENTE DA REGIAO","M     ","CR","1,68"]
[10559,"ROCADEIRA COSTAL COM MOTOR A GASOLINA DE *32* CC","UN    ","AS","2.339,00"]
[10664,"ROCADEIRA DESLOCAVEL, LARGURA DE TRABALHO DE 1,3 M","UN    ","AS","6.356,90"]
[36250,"RODAFORRO EM PVC, PARA FORRO DE PVC, COMPRIMENTO 6 M","M     ","CR","2,72"]
[10857,"RODAPE ARDOSIA, CINZA, 10 CM, E= *1CM","M     ","CR","3,97"]
[4803,"RODAPE DE BORRACHA LISO, H = 70 MM, E = *2* MM, PARA ARGAMASSA, PRETO","M     ","CR","16,67"]
[6186,"RODAPE DE MADEIRA MACICA CUMARU/IPE CHAMPANHE OU EQUIVALENTE DA REGIAO, *1,5 X 7 CM","M     ","CR","4,16"]
[4829,"RODAPE EM MARMORE, POLIDO, BRANCO COMUM, L= *7* CM, E=  *2* CM, CORTE RETO","M     ","CR","29,76"]
[39829,"RODAPE EM POLIESTIRENO, BRANCO, H = *5* CM, E = *1,5* CM","M     ","AS","14,00"]
[20231,"RODAPE OU RODABANCADA EM GRANITO, POLIDO, TIPO ANDORINHA/ QUARTZ/ CASTELO/ CORUMBA OU OUTROS EQUIVALENTES DA REGIAO, H= 10 CM, E=  *2,0* CM","M     ","CR","47,63"]
[4804,"RODAPE PLANO PARA PISO VINILICO, H = 5 CM","M     ","CR","12,79"]
[34680,"RODAPE PRE-MOLDADO DE GRANILITE, MARMORITE OU GRANITINA L = 10 CM","M     ","AS","27,30"]
[11573,"RODIZIO PARA TRILHO (TIPO NAPOLEAO),  EM LATAO, COM ROLAMENTO EM ACO, 6 MM, PARA JANELA DE CORRER","UN    ","CR","5,13"]
[38401,"RODO PARA CHAO 40 CM COM CABO","UN    ","CR","9,79"]
[38179,"ROLDANA CONCOVA DUPLA, EM CHAPA DE ACO, ROLAMENTO INTERNO BLINDADO DE ACO REVESTIDO EM NYLON, PARA PORTA DE CORRER","UN    ","CR","22,50"]
[11575,"ROLDANA DUPLA, EM ZAMAC COM CHAPA DE LATAO, ROLAMENTOS EM ACO, PARA PORTA E JANELA DE CORRER","UN    ","CR","24,28"]
[20256,"ROLDANA PLASTICA COM PREGO, TAMANHO 30 X 30 MM, PARA INSTALACAO ELETRICA APARENTE","UN    ","CR","0,28"]
[14511,"ROLO COMPACTADOR DE PNEUS, ESTATICO, PRESSAO VARIAVEL, POTENCIA 110 HP, PESO SEM/COM LASTRO 10,8/27 T, LARGURA DE ROLAGEM 2,30 M","UN    ","AS","413.991,39"]
[10642,"ROLO COMPACTADOR DE PNEUS, ESTATICO, PRESSAO VARIAVEL, POTENCIA 111 HP, PESO SEM/COM LASTRO 9,5/26,0 T, LARGURA DE ROLAGEM 1,90 M","UN    ","AS","390.000,00"]
[14489,"ROLO COMPACTADOR PE DE CARNEIRO VIBRATORIO, POTENCIA 125 HP, PESO OPERACIONAL SEM/COM LASTRO 11,95/13,30 T, IMPACTO DINAMICO 38,5/22,5 T, LARGURA DE TRABALHO 2,15 M","UN    ","AS","345.922,74"]
[14513,"ROLO COMPACTADOR PE DE CARNEIRO VIBRATORIO, POTENCIA 80 HP, PESO OPERACIONAL SEM/COM LASTRO 7,4/8,8 T, LARGURA DE TRABALHO 1,68 M","UN    ","AS","259.450,26"]
[13600,"ROLO COMPACTADOR VIBRATORIO DE UM CILINDRO LISO DE ACO, POTENCIA 125 HP, PESO SEM/COM LASTRO 10,75/12,92 T, IMPACTO DINAMICO 31,5/18,5 T, LARGURA TRABALHO 2,15 M","UN    ","AS","334.763,91"]
[10646,"ROLO COMPACTADOR VIBRATORIO DE UM CILINDRO, ACO LISO, POTENCIA 80 HP, PESO OPERACIONAL MAXIMO 8,1 T, IMPACTO DINAMICO 16,15/9,5 T, LARGURA TRABALHO 1,68 M","UN    ","AS","249.544,19"]
[6070,"ROLO COMPACTADOR VIBRATORIO PE DE CARNEIRO, COM CONTROLE REMOTO POR RADIO, POTENCIA  12,5 KW, PESO OPERACIONAL DE 1,675 T, LARGURA DE TRABALHO 0,85 M","UN    ","AS","340.971,42"]
[6069,"ROLO COMPACTADOR VIBRATORIO REBOCAVEL, CILINDRO DE ACO LISO, POTENCIA DE TRACAO DE 65 CV, PESO DE 4,7 T, IMPACTO DINAMICO TOTAL DE 18,3 T, LARGURA DO ROLO 1,67 M","UN    ","AS","75.325,73"]
[14626,"ROLO COMPACTADOR VIBRATORIO TANDEM, ACO LISO, POTENCIA 125 HP, PESO SEM/COM LASTRO 10,20/11,65 T, LARGURA DE TRABALHO 1,73 M","UN    ","AS","373.285,73"]
[6067,"ROLO COMPACTADOR VIBRATORIO TANDEM, ACO LISO, POTENCIA 58 CV, PESO SEM/COM LASTRO 6,5/9,4 T, LARGURA DE TRABALHO 1,20 M","UN    ","AS","306.428,57"]
[38393,"ROLO DE ESPUMA POLIESTER 23 CM (SEM CABO)","UN    ","C ","14,10"]
[38390,"ROLO DE LA DE CARNEIRO 23 CM (SEM CABO)","UN    ","CR","31,27"]
[36532,"ROMPEDOR ELETRICO PESO 26 KG, POTENCIA OPERACIONAL DE 2,5 KW","UN    ","CR","20.760,94"]
[11578,"ROSETA QUADRADA, SEM FUROS, EM ACO INOX POLIDO, LARGURA APROXIMADA DE 50 MM, PARA FECHADURA DE PORTA - PARAFUSOS INCLUIDOS","UN    ","CR","7,80"]
[11577,"ROSETA REDONDA DE SOBREPOR, SEM FUROS, EM ACO INOX POLIDO, DIAMETRO APROXIMADO DE 50 MM, PARA FECHADURA DE PORTA - PARAFUSOS INCLUIDOS","UN    ","CR","7,44"]
[42461,"ROTACAO DIAGONAL DUPLA, APARELHO TRIPLO, EM TUBO DE ACO CARBONO, PINTURA NO PROCESSO ELETROSTATICO - EQUIPAMENTO DE GINASTICA PARA ACADEMIA AO AR LIVRE / ACADEMIA DA TERCEIRA IDADE - ATI * COLETADO CAIXA *","UN    ","AS","2.203,28"]
[42466,"ROTACAO VERTICAL DUPLO, EM TUBO DE ACO CARBONO, PINTURA NO PROCESSO ELETROSTATICO - EQUIPAMENTO DE GINASTICA PARA ACADEMIA AO AR LIVRE / ACADEMIA DA TERCEIRA IDADE - ATI * COLETADO CAIXA *","UN    ","AS","1.221,34"]
[1116,"RUFO EXTERNO DE CHAPA DE ACO GALVANIZADA NUM 26, CORTE 25 CM","M     ","CR","15,94"]
[1115,"RUFO EXTERNO DE CHAPA DE ACO GALVANIZADA NUM 26, CORTE 28 CM","M     ","CR","19,38"]
[1113,"RUFO EXTERNO/INTERNO DE CHAPA DE ACO GALVANIZADA NUM 26, CORTE 33 CM","M     ","CR","21,26"]
[1114,"RUFO INTERNO DE CHAPA DE ACO GALVANIZADA NUM 26, CORTE 50 CM","M     ","CR","31,89"]
[40872,"RUFO INTERNO/EXTERNO DE CHAPA DE ACO GALVANIZADA NUM 24, CORTE 25 CM (COLETADO CAIXA)","M     ","CR","15,02"]
[20214,"RUFO PARA TELHA ESTRUTURAL DE FIBROCIMENTO 1 ABA (SEM AMIANTO)","UN    ","CR","52,02"]
[11064,"RUFO PARA TELHA ESTRUTURAL DE FIBROCIMENTO 2 ABAS, COMPRIMENTO DE 1031 MM (SEM AMIANTO)","UN    ","CR","22,06"]
[7237,"RUFO PARA TELHA ONDULADA DE FIBROCIMENTO, E = 6 MM, ABA *260* MM, COMPRIMENTO 1100 MM (SEM AMIANTO)","UN    ","CR","30,09"]
[16,"SABAO EM PO","KG    ","CR","5,64"]
[11757,"SABONETEIRA DE PAREDE EM METAL CROMADO","UN    ","C ","48,90"]
[11758,"SABONETEIRA PLASTICA TIPO DISPENSER PARA SABONETE LIQUIDO COM RESERVATORIO 800 A 1500 ML","UN    ","C ","57,25"]
[37526,"SACO DE RAFIA PARA ENTULHO, NOVO, LISO (SEM CLICHE), *60 x 90* CM","UN    ","CR","1,38"]
[6076,"SAIBRO PARA ARGAMASSA (COLETADO NO COMERCIO)","M3    ","C ","70,00"]
[13109,"SAPATA DE PVC ADITIVADO NERVURADO D = 6\"","UN    ","AS","172,09"]
[13110,"SAPATA DE PVC ADITIVADO NERVURADO D = 8\"","UN    ","AS","226,48"]
[7581,"SAPATILHA EM ACO GALVANIZADO PARA CABOS COM DIAMETRO NOMINAL ATE 5/8\"","UN    ","AS","2,45"]
[20206,"SARRAFO DE MADEIRA APARELHADA *2 X 10* CM, MACARANDUBA, ANGELIM OU EQUIVALENTE DA REGIAO","M     ","CR","3,94"]
[4460,"SARRAFO DE MADEIRA NAO APARELHADA *2,5 X 10 CM, MACARANDUBA, ANGELIM OU EQUIVALENTE DA REGIAO","M     ","CR","9,45"]
[6204,"SARRAFO DE MADEIRA NAO APARELHADA *2,5 X 15* CM, MACARANDUBA, ANGELIM OU EQUIVALENTE DA REGIAO","M     ","C ","5,50"]
[4417,"SARRAFO DE MADEIRA NAO APARELHADA *2,5 X 7* CM, MACARANDUBA, ANGELIM OU EQUIVALENTE DA REGIAO","M     ","CR","5,43"]
[4415,"SARRAFO DE MADEIRA NAO APARELHADA 2,5 X 5 CM, MACARANDUBA, ANGELIM OU EQUIVALENTE DA REGIAO","M     ","CR","4,56"]
[37373,"SEGURO - HORISTA (ENCARGOS COMPLEMENTARES) (COLETADO CAIXA)","H     ","C ","0,02"]
[40864,"SEGURO - MENSALISTA (ENCARGOS COMPLEMENTARES) (COLETADO CAIXA)","MES   ","C ","3,94"]
[4734,"SEIXO ROLADO PARA APLICACAO EM CONCRETO (POSTO PEDREIRA/FORNECEDOR, SEM FRETE)","M3    ","CR","70,85"]
[6085,"SELADOR ACRILICO PAREDES INTERNAS/EXTERNAS","L     ","C ","6,12"]
[38396,"SELADOR HORIZONTAL PARA FITA DE ACO 1 \"","UN    ","CR","424,62"]
[6090,"SELADOR PVA PAREDES INTERNAS","L     ","CR","11,63"]
[11622,"SELANTE A BASE DE ALCATRAO E POLIURETANO PARA JUNTAS HORIZONTAIS","KG    ","CR","71,98"]
[6094,"SELANTE A BASE DE RESINAS ACRILICAS PARA TRINCAS","KG    ","CR","19,66"]
[7317,"SELANTE DE BASE ASFALTICA PARA VEDACAO","KG    ","CR","31,02"]
[142,"SELANTE ELASTICO MONOCOMPONENTE A BASE DE POLIURETANO PARA JUNTAS DIVERSAS","310ML ","CR","37,79"]
[38123,"SELANTE TIPO VEDA CALHA PARA METAL E FIBROCIMENTO","KG    ","C ","53,48"]
[37953,"SELIM COMPACTO EM PVC, SEM TRAVAS,  DN 150 X 100 MM, PARA REDE COLETORA ESGOTO (NBR 10569)","UN    ","AS","3,46"]
[37954,"SELIM COMPACTO EM PVC, SEM TRAVAS,  DN 200 X 100 MM, PARA REDE COLETORA ESGOTO (NBR 10569)","UN    ","AS","6,15"]
[37955,"SELIM COMPACTO EM PVC, SEM TRAVAS,  DN 300 X 100 MM, PARA REDE COLETORA ESGOTO (NBR 10569)","UN    ","AS","7,97"]
[6106,"SELIM PVC, COM TRAVAS, JE, 90 GRAUS,  DN 125 X 100 MM OU 150 X 100 MM, PARA REDE COLETORA ESGOTO (NBR 10569)","UN    ","AS","2,60"]
[6107,"SELIM PVC, SOLDAVEL, SEM TRAVAS, JE, 90 GRAUS,  DN 200 X 100 MM, PARA REDE COLETORA ESGOTO (NBR 10569)","UN    ","AS","7,54"]
[6108,"SELIM PVC, SOLDAVEL, SEM TRAVAS, JE, 90 GRAUS,  DN 250 X 100 MM, PARA REDE COLETORA ESGOTO (NBR 10569)","UN    ","AS","9,63"]
[6109,"SELIM PVC, SOLDAVEL, SEM TRAVAS, JE, 90 GRAUS,  DN 300 X 100 MM, PARA REDE COLETORA ESGOTO (NBR 10569)","UN    ","AS","13,68"]
[37743,"SEMIRREBOQUE COM DOIS EIXOS EM TANDEM TIPO BASCULANTE COM CACAMBA METALICA 14 M3  (INCLUI MONTAGEM, NAO INCLUI CAVALO MECANICO)","UN    ","AS","106.160,83"]
[37744,"SEMIRREBOQUE COM TRES EIXOS EM TANDEM TIPO BASCULANTE COM CACAMBA METALICA 18 M3 (INCLUI MONTAGEM, NAO INCLUI CAVALO MECANICO)","UN    ","AS","124.825,17"]
[37741,"SEMIRREBOQUE COM TRES EIXOS, PARA TRANSPORTE DE CARGA SECA, DIMENSOES APROXIMADAS 2,60 X 12,50 X 0,50 M (NAO INCLUI CAVALO MECANICO)","UN    ","AS","96.531,46"]
[39396,"SENSOR DE PRESENCA BIVOLT COM FOTOCELULA PARA QUALQUER TIPO DE LAMPADA, POTENCIA MAXIMA *1000* W, USO EXTERNO","UN    ","AS","32,32"]
[39392,"SENSOR DE PRESENCA BIVOLT DE PAREDE COM FOTOCELULA PARA QUALQUER TIPO DE LAMPADA POTENCIA MAXIMA *1000* W, USO INTERNO","UN    ","AS","36,45"]
[39393,"SENSOR DE PRESENCA BIVOLT DE PAREDE SEM FOTOCELULA PARA QUALQUER TIPO DE LAMPADA POTENCIA MAXIMA *1000* W, USO INTERNO","UN    ","AS","22,54"]
[39394,"SENSOR DE PRESENCA BIVOLT DE TETO COM FOTOCELULA PARA QUALQUER TIPO DE LAMPADA POTENCIA MAXIMA *1000* W, USO INTERNO","UN    ","AS","25,37"]
[39395,"SENSOR DE PRESENCA BIVOLT DE TETO SEM FOTOCELULA PARA QUALQUER TIPO DE LAMPADA POTENCIA MAXIMA *900* W, USO INTERNO","UN    ","AS","23,59"]
[14618,"SERRA CIRCULAR DE BANCADA COM MOTOR ELETRICO, POTENCIA DE *1600* W, PARA DISCO DE DIAMETRO DE 10\" (250 MM)","UN    ","CR","1.057,82"]
[40269,"SERRA CIRCULAR DE BANCADA, MODELO PICA-PAU, DIAMETRO DE 350 MM. CARACTERISTICAS DO MOTOR: TRIFASICO, POTENCIA DE 5 HP, FREQUENCIA DE 60 HZ","UN    ","CR","4.261,89"]
[6110,"SERRALHEIRO","H     ","CR","14,52"]
[40910,"SERRALHEIRO (MENSALISTA)","MES   ","CR","2.535,46"]
[6111,"SERVENTE DE OBRAS","H     ","C ","10,92"]
[41084,"SERVENTE DE OBRAS (MENSALISTA)","MES   ","CR","1.906,33"]
[25950,"SERVICO DE BOMBEAMENTO DE CONCRETO COM CONSUMO MINIMO DE 40 M3","M3    ","AS","26,73"]
[38637,"SIFAO EM METAL CROMADO PARA PIA AMERICANA, 1.1/2 X 1.1/2 \"","UN    ","CR","135,91"]
[6150,"SIFAO EM METAL CROMADO PARA PIA AMERICANA, 1.1/2 X 2 \"","UN    ","CR","137,57"]
[6136,"SIFAO EM METAL CROMADO PARA PIA OU LAVATORIO, 1 X 1.1/2 \"","UN    ","C ","108,14"]
[38638,"SIFAO EM METAL CROMADO PARA TANQUE, 1.1/4 X 1.1/2 \"","UN    ","CR","114,52"]
[20262,"SIFAO PLASTICO EXTENSIVEL UNIVERSAL, TIPO COPO","UN    ","CR","10,82"]
[6148,"SIFAO PLASTICO FLEXIVEL SAIDA VERTICAL PARA COLUNA LAVATORIO, 1 X 1.1/2 \"","UN    ","C ","6,38"]
[6145,"SIFAO PLASTICO TIPO COPO PARA PIA AMERICANA 1.1/2 X 1.1/2 \"","UN    ","CR","11,45"]
[6149,"SIFAO PLASTICO TIPO COPO PARA PIA OU LAVATORIO, 1 X 1.1/2 \"","UN    ","CR","10,80"]
[6146,"SIFAO PLASTICO TIPO COPO PARA TANQUE, 1.1/4 X 1.1/2 \"","UN    ","CR","11,46"]
[26026,"SILICA ATIVA PARA ADICAO EM CONCRETO E ARGAMASSA","KG    ","CR","3,09"]
[39961,"SILICONE ACETICO USO GERAL INCOLOR 280 G","UN    ","CR","13,53"]
[42462,"SIMULADOR DE CAMINHADA TRIPLO, EM TUBO DE ACO CARBONO, PINTURA NO PROCESSO ELETROSTATICO - EQUIPAMENTO DE GINASTICA PARA ACADEMIA AO AR LIVRE / ACADEMIA DA TERCEIRA IDADE - ATI * COLETADO CAIXA *","UN    ","AS","4.552,63"]
[42463,"SIMULADOR DE CAVALGADA TRIPLO, EM TUBO DE ACO CARBONO, PINTURA NO PROCESSO ELETROSTATICO - EQUIPAMENTO DE GINASTICA PARA ACADEMIA AO AR LIVRE / ACADEMIA DA TERCEIRA IDADE - ATI * COLETADO CAIXA *","UN    ","AS","4.474,49"]
[42464,"SIMULADOR DE REMO INDIVIDUAL, EM TUBO DE ACO CARBONO, PINTURA NO PROCESSO ELETROSTATICO - EQUIPAMENTO DE GINASTICA PARA ACADEMIA AO AR LIVRE / ACADEMIA DA TERCEIRA IDADE - ATI * COLETADO CAIXA *","UN    ","AS","1.908,11"]
[38061,"SINALIZADOR NOTURNO SIMPLES PARA PARA-RAIOS, SEM RELE FOTOELETRICO","UN    ","AS","45,18"]
[20250,"SISAL EM FIBRA","KG    ","C ","6,25"]
[39965,"SISTEMA DE FORMAS MANUSEAVEIS DE ALUMINIO, PARA BLOCO RESID. COM PAREDES DE CONCRETO MOLDADAS IN LOCO, EM CONFORMIDADE COM O ORCAMENTO REF. 9672: BLOCO COM 4 PAV. E 4 UNIDADES POR PAV., UNIDADE HABITACIONALCOM 48 M2 E 2 QUARTOS; TELHA DE FIBROCIMENTO (COLETADO CAIXA)","M2    ","AS","1.201,92"]
[39964,"SISTEMA DE FORMAS MANUSEAVEIS DE ALUMINIO, PARA EDIFICACAO RESIDENCIAL UNIFAMILIAR COM PAREDES DE CONCRETO MOLDADAS IN LOCO, EM CONFORMIDADE COM O ORCAMENTO REFERENCIAL 9658: NIDADE HABITACIONAL TERREA COM 38 M2, COM SALA, CIRCULACAO, 2 QUARTOS, BANHEIRO, COZINHA E TANQUE EXTERNO (SEM COBERTURA) (COLETADO CAIXA)","M2    ","AS","988,95"]
[7,"SODA CAUSTICA EM ESCAMAS","KG    ","CR","9,36"]
[13388,"SOLDA EM BARRA DE ESTANHO-CHUMBO 50/50","KG    ","CR","129,59"]
[39914,"SOLDA EM VARETA FOSCOPER, D = *2,5* MM  X COMPRIMENTO 500 MM","KG    ","AS","98,82"]
[12732,"SOLDA ESTANHO/COBRE PARA CONEXOES DE COBRE, FIO 2,5 MM, CARRETEL 500 GR (SEM CHUMBO)","UN    ","AS","114,02"]
[6160,"SOLDADOR","H     ","C ","14,52"]
[41087,"SOLDADOR (MENSALISTA)","MES   ","CR","2.535,46"]
[6166,"SOLDADOR ELETRICO (PARA SOLDA A SER TESTADA COM RAIOS \"X\")","H     ","CR","13,09"]
[41088,"SOLDADOR ELETRICO (PARA SOLDA A SER TESTADA COM RAIOS \"X\") (MENSALISTA)","MES   ","CR","2.288,21"]
[20232,"SOLEIRA EM GRANITO, POLIDO, TIPO ANDORINHA/ QUARTZ/ CASTELO/ CORUMBA OU OUTROS EQUIVALENTES DA REGIAO, L= *15* CM, E=  *2,0* CM","M     ","CR","67,42"]
[10856,"SOLEIRA PRE-MOLDADA EM GRANILITE, MARMORITE OU GRANITINA, L = *15 CM","M     ","AS","75,08"]
[4828,"SOLEIRA/ PEITORIL EM MARMORE, POLIDO, BRANCO COMUM, L= *15* CM, E=  *2* CM,  CORTE RETO","M     ","CR","44,42"]
[20249,"SOLEIRA/ TABEIRA EM MARMORE, POLIDO, BRANCO COMUM, L= 5 CM, E=  *2,0* CM","M     ","CR","24,32"]
[11609,"SOLUCAO ASFALTICA ELASTOMERICA PARA IMPRIMACAO, APLICACAO A FRIO","L     ","CR","12,47"]
[20083,"SOLUCAO LIMPADORA PARA PVC, FRASCO COM 1000 CM3","UN    ","CR","38,91"]
[20082,"SOLUCAO LIMPADORA PARA PVC, FRASCO COM 200 CM3","UN    ","CR","15,15"]
[5318,"SOLVENTE DILUENTE A BASE DE AGUARRAS","L     ","C ","13,69"]
[10691,"SOLVENTE PARA COLA (PARA LAMINADO MELAMINICO) A BASE DE RESINA SINTETICA","L     ","CR","28,15"]
[12295,"SOQUETE DE BAQUELITE BASE E27, PARA LAMPADAS","UN    ","CR","2,42"]
[12296,"SOQUETE DE PORCELANA BASE E27, FIXO DE TETO, PARA LAMPADAS","UN    ","CR","3,13"]
[12294,"SOQUETE DE PORCELANA BASE E27, PARA USO AO TEMPO, PARA LAMPADAS","UN    ","CR","7,51"]
[14543,"SOQUETE DE PVC / TERMOPLASTICO BASE E27, COM CHAVE, PARA LAMPADAS","UN    ","CR","5,36"]
[13329,"SOQUETE DE PVC / TERMOPLASTICO BASE E27, COM RABICHO, PARA LAMPADAS","UN    ","C ","3,15"]
[21044,"SPRINKLER TIPO PENDENTE, 68 GRAUS CELSIUS (BULBO VERMELHO), ACABAMENTO CROMADO, 1/2\" - 15 MM","UN    ","AS","19,41"]
[21045,"SPRINKLER TIPO PENDENTE, 68 GRAUS CELSIUS (BULBO VERMELHO), ACABAMENTO CROMADO, 3/4\" - 20 MM","UN    ","AS","26,59"]
[21040,"SPRINKLER TIPO PENDENTE, 68 GRAUS CELSIUS (BULBO VERMELHO), ACABAMENTO NATURAL, 1/2\" - 15 MM","UN    ","AS","19,00"]
[21041,"SPRINKLER TIPO PENDENTE, 68 GRAUS CELSIUS (BULBO VERMELHO), ACABAMENTO NATURAL, 3/4\" - 20 MM","UN    ","AS","22,93"]
[21047,"SPRINKLER TIPO PENDENTE, 79 GRAUS CELSIUS (BULBO AMARELO), ACABAMENTO CROMADO, 3/4\" - 20 MM","UN    ","AS","28,62"]
[21043,"SPRINKLER TIPO PENDENTE, 79 GRAUS CELSIUS (BULBO AMARELO), ACABAMENTO NATURAL, 3/4\" - 20 MM","UN    ","AS","27,87"]
[21042,"SPRINKLER TIPO PENDENTE, 79 GRAUS CELSIUS (BULBO AMARELO,) ACABAMENTO NATURAL OU CROMADO, 1/2\" - 15 MM","UN    ","AS","22,06"]
[11895,"SUMIDOURO CONCRETO PRE MOLDADO, COMPLETO, PARA 10 CONTRIBUINTES","UN    ","AS","654,49"]
[11896,"SUMIDOURO CONCRETO PRE MOLDADO, COMPLETO, PARA 100 CONTRIBUINTES","UN    ","AS","3.430,45"]
[11897,"SUMIDOURO CONCRETO PRE MOLDADO, COMPLETO, PARA 150 CONTRIBUINTES","UN    ","AS","4.476,14"]
[11898,"SUMIDOURO CONCRETO PRE MOLDADO, COMPLETO, PARA 200 CONTRIBUINTES","UN    ","AS","4.701,83"]
[3282,"SUMIDOURO CONCRETO PRE MOLDADO, COMPLETO, PARA 5 CONTRIBUINTES","UN    ","AS","475,82"]
[11899,"SUMIDOURO CONCRETO PRE MOLDADO, COMPLETO, PARA 50 CONTRIBUINTES","UN    ","AS","2.320,82"]
[11900,"SUMIDOURO CONCRETO PRE MOLDADO, COMPLETO, PARA 75 CONTRIBUINTES","UN    ","AS","3.182,20"]
[14149,"SUPORTE \"Y\" PARA FITA PERFURADA","CENTO ","AS","204,34"]
[38099,"SUPORTE DE FIXACAO PARA ESPELHO / PLACA 4\" X 2\", PARA 3 MODULOS, PARA INSTALACAO DE TOMADAS E INTERRUPTORES (SOMENTE SUPORTE)","UN    ","CR","1,71"]
[38100,"SUPORTE DE FIXACAO PARA ESPELHO / PLACA 4\" X 4\", PARA 6 MODULOS, PARA INSTALACAO DE TOMADAS E INTERRUPTORES (SOMENTE SUPORTE)","UN    ","CR","2,80"]
[20061,"SUPORTE DE PVC PARA CALHA PLUVIAL, DIAMETRO ENTRE 119 E 170 MM, PARA DRENAGEM PREDIAL","UN    ","AS","2,67"]
[7576,"SUPORTE EM ACO GALVANIZADO PARA TRANSFORMADOR PARA POSTE DUPLO T 185 X 95 MM, CHAPA DE 5/16\"","UN    ","AS","100,65"]
[3384,"SUPORTE GUIA SIMPLES COM ROLDANA EM POLIPROPILENO PARA CHUMBAR, H = 20 CM","UN    ","CR","4,81"]
[7572,"SUPORTE ISOLADOR REFORCADO DIAMETRO NOMINAL 5/16\", COM ROSCA SOBERBA E BUCHA","UN    ","AS","7,22"]
[3396,"SUPORTE ISOLADOR SIMPLES DIAMETRO NOMINAL 5/16\", COM ROSCA SOBERBA E BUCHA","UN    ","AS","5,12"]
[37590,"SUPORTE MAO-FRANCESA EM ACO, ABAS IGUAIS 30 CM, CAPACIDADE MINIMA 60 KG, BRANCO","UN    ","CR","23,01"]
[37591,"SUPORTE MAO-FRANCESA EM ACO, ABAS IGUAIS 40 CM, CAPACIDADE MINIMA 70 KG, BRANCO","UN    ","CR","32,03"]
[12626,"SUPORTE METALICO PARA CALHA PLUVIAL,  ZINCADO, DOBRADO, DIAMETRO ENTRE 119 E 170 MM, PARA DRENAGEM PREDIAL","UN    ","AS","12,83"]
[11033,"SUPORTE PARA CALHA DE 150 MM EM FERRO GALVANIZADO","UN    ","CR","5,23"]
[390,"SUPORTE PARA TUBO DIAMETRO NOMINAL 2\", COM ROSCA MECANICA","UN    ","AS","10,28"]
[42465,"SURF DUPLO, EM TUBO DE ACO CARBONO, PINTURA NO PROCESSO ELETROSTATICO - EQUIPAMENTO DE GINASTICA PARA ACADEMIA AO AR LIVRE / ACADEMIA DA TERCEIRA IDADE - ATI * COLETADO CAIXA *","UN    ","AS","2.002,86"]
[6178,"TABUA DE  MADEIRA PARA PISO, CUMARU/IPE CHAMPANHE OU EQUIVALENTE DA REGIAO, ENCAIXE MACHO/FEMEA, *10 X 2* CM","M2    ","CR","69,49"]
[6180,"TABUA DE  MADEIRA PARA PISO, CUMARU/IPE CHAMPANHE OU EQUIVALENTE DA REGIAO, ENCAIXE MACHO/FEMEA, *15 X 2* CM","M2    ","C ","75,00"]
[6182,"TABUA DE  MADEIRA PARA PISO, IPE (CERNE) OU EQUIVALENTE DA REGIAO, ENCAIXE MACHO/FEMEA, *20 X 2* CM","M2    ","CR","93,09"]
[3993,"TABUA DE MADEIRA APARELHADA *2,5 X 15* CM, MACARANDUBA, ANGELIM OU EQUIVALENTE DA REGIAO","M2    ","CR","51,14"]
[3990,"TABUA DE MADEIRA APARELHADA *2,5 X 25* CM, MACARANDUBA, ANGELIM OU EQUIVALENTE DA REGIAO","M     ","CR","11,30"]
[3992,"TABUA DE MADEIRA APARELHADA *2,5 X 30* CM, MACARANDUBA, ANGELIM OU EQUIVALENTE DA REGIAO","M     ","CR","13,87"]
[6193,"TABUA MADEIRA 2A QUALIDADE 2,5 X 20,0CM (1 X 8\") NAO APARELHADA","M     ","CR","4,93"]
[6189,"TABUA MADEIRA 2A QUALIDADE 2,5 X 30,0CM (1 X 12\") NAO APARELHADA","M     ","CR","7,39"]
[10567,"TABUA MADEIRA 3A QUALIDADE 2,5 X 23,0CM (1 X 9\") NAO APARELHADA","M     ","CR","5,02"]
[6212,"TABUA MADEIRA 3A QUALIDADE 2,5 X 30,0CM (1 X 12 ) NAO APARELHADA","M     ","CR","7,02"]
[6188,"TABUA MADEIRA 3A QUALIDADE 2,5 X 30CM (1 X 12 ) NAO APARELHADA","M2    ","CR","23,41"]
[6214,"TACO DE MADEIRA PARA PISO, IPE (CERNE) OU EQUIVALENTE DA REGIAO, 7 X 42 CM, E = 2 CM","M2    ","CR","43,53"]
[36153,"TALABARTE DE SEGURANCA, 2 MOSQUETOES TRAVA DUPLA *53* MM DE ABERTURA, COM ABSORVEDOR DE ENERGIA","UN    ","CR","160,50"]
[10740,"TALHA ELETRICA 3 T, VELOCIDADE  2,1 M / MIN, POTENCIA 1,3 KW","UN    ","AS","9.542,40"]
[13914,"TALHA MANUAL DE CORRENTE, CAPACIDADE DE 1 T COM ELEVACAO DE 3 M","UN    ","AS","690,43"]
[10742,"TALHA MANUAL DE CORRENTE, CAPACIDADE DE 2 T COM ELEVACAO DE 3 M","UN    ","AS","1.007,00"]
[38465,"TALHADEIRA COM PUNHO DE PROTECAO *20 X 250* MM","UN    ","CR","25,64"]
[7543,"TAMPA CEGA EM PVC PARA CONDULETE 4 X 2\"","UN    ","CR","4,43"]
[13255,"TAMPA DE CONCRETO PARA PV OU CAIXA DE INSPECAO, DIMENSOES 600 X 600 X 50 MM","UN    ","CR","40,69"]
[39352,"TAMPA PARA CONDULETE, EM PVC, COM TOMADA HEXAGONAL","UN    ","CR","2,73"]
[39350,"TAMPA PARA CONDULETE, EM PVC, COM 1 MODULO RJ","UN    ","CR","2,94"]
[39346,"TAMPA PARA CONDULETE, EM PVC, COM 1 OU 2 OU 3 POSTOS PARA INTERRUPTOR","UN    ","CR","2,73"]
[39351,"TAMPA PARA CONDULETE, EM PVC, COM 2 MODULOS RJ","UN    ","CR","3,41"]
[38952,"TAMPAO / CAP, ROSCA FEMEA, METALICO, PARA TUBO PEX, DN 1/2\"","UN    ","AS","2,36"]
[38953,"TAMPAO / CAP, ROSCA FEMEA, METALICO, PARA TUBO PEX, DN 3/4\"","UN    ","AS","3,72"]
[38835,"TAMPAO / CAP, ROSCA MACHO, PARA TUBO PEX, DN 1/2\"","UN    ","AS","3,34"]
[38837,"TAMPAO / CAP, ROSCA MACHO, PARA TUBO PEX, DN 1\"","UN    ","AS","8,69"]
[38836,"TAMPAO / CAP, ROSCA MACHO, PARA TUBO PEX, DN 3/4\"","UN    ","AS","4,81"]
[2666,"TAMPAO / TERMINAL / PLUG, D = 1 1/4\" , PARA DUTO CORRUGADO PEAD (CABEAMENTO SUBTERRANEO)","UN    ","AS","3,87"]
[2668,"TAMPAO / TERMINAL / PLUG, D = 2\" , PARA DUTO CORRUGADO PEAD (CABEAMENTO SUBTERRANEO)","UN    ","AS","4,42"]
[2664,"TAMPAO / TERMINAL / PLUG, D = 3\" , PARA DUTO CORRUGADO PEAD (CABEAMENTO SUBTERRANEO)","UN    ","AS","6,52"]
[2662,"TAMPAO / TERMINAL / PLUG, D = 4\" , PARA DUTO CORRUGADO PEAD (CABEAMENTO SUBTERRANEO)","UN    ","AS","8,00"]
[20964,"TAMPAO COM CORRENTE, EM LATAO, ENGATE RAPIDO 1 1/2\", PARA INSTALACAO PREDIAL DE COMBATE A INCENDIO","UN    ","CR","62,06"]
[10905,"TAMPAO COM CORRENTE, EM LATAO, ENGATE RAPIDO 2 1/2\", PARA INSTALACAO PREDIAL DE COMBATE A INCENDIO","UN    ","CR","83,25"]
[6249,"TAMPAO COMPLETO PARA TIL, EM PVC,  DN 100 MM, PARA REDE COLETORA DE ESGOTO","UN    ","AS","21,17"]
[6251,"TAMPAO COMPLETO PARA TIL, EM PVC,  DN 150 MM, PARA REDE COLETORA DE ESGOTO","UN    ","AS","32,48"]
[6252,"TAMPAO COMPLETO PARA TIL, EM PVC,  DN 200 MM, PARA REDE COLETORA DE ESGOTO","UN    ","AS","41,45"]
[6250,"TAMPAO COMPLETO PARA TIL, EM PVC,  DN 250 MM, PARA REDE COLETORA DE ESGOTO","UN    ","AS","51,33"]
[11289,"TAMPAO FOFO ARTICULADO P/ REGISTRO, CLASSE A15 CARGA MAX 1,5 T, *200 X 200* MM","UN    ","AS","59,90"]
[11241,"TAMPAO FOFO ARTICULADO P/ REGISTRO, CLASSE A15 CARGA MAXIMA 1,5 T, *400 X 400* MM","UN    ","AS","149,76"]
[11301,"TAMPAO FOFO ARTICULADO, CLASSE B125 CARGA MAX 12,5 T, REDONDO TAMPA 600 MM, REDE PLUVIAL/ESGOTO","UN    ","AS","379,76"]
[21090,"TAMPAO FOFO ARTICULADO, CLASSE D400 CARGA MAX 40 T, REDONDO TAMPA *600 MM, REDE PLUVIAL/ESGOTO","UN    ","AS","465,34"]
[14112,"TAMPAO FOFO SIMPLES COM BASE, CLASSE A15 CARGA MAX 1,5 T, *400 X 600* MM, REDE TELEFONE","UN    ","AS","194,16"]
[11315,"TAMPAO FOFO SIMPLES COM BASE, CLASSE A15 CARGA MAX 1,5 T, 300 X 300 MM, REDE PLUVIAL/ESGOTO","UN    ","AS","90,93"]
[11292,"TAMPAO FOFO SIMPLES COM BASE, CLASSE A15 CARGA MAX 1,5 T, 300 X 400 MM","UN    ","AS","212,88"]
[21071,"TAMPAO FOFO SIMPLES COM BASE, CLASSE A15 CARGA MAX 1,5 T, 400 X 400 MM, REDE PLUVIAL/ESGOTO/ELETRICA","UN    ","AS","139,06"]
[11293,"TAMPAO FOFO SIMPLES COM BASE, CLASSE A15 CARGA MAX 1,5 T, 400 X 500 MM, COM INSCRICAO INCENDIO","UN    ","AS","235,34"]
[11316,"TAMPAO FOFO SIMPLES COM BASE, CLASSE B125 CARGA MAX 12,5 T, REDONDO TAMPA 500 MM, REDE PLUVIAL/ESGOTO","UN    ","AS","299,53"]
[6243,"TAMPAO FOFO SIMPLES COM BASE, CLASSE B125 CARGA MAX 12,5 T, REDONDO TAMPA 600 MM, REDE PLUVIAL/ESGOTO","UN    ","AS","345,00"]
[21079,"TAMPAO FOFO SIMPLES COM BASE, CLASSE D400 CARGA MAX 40 T, REDONDO TAMPA 500 MM, REDE PLUVIAL/ESGOTO","UN    ","AS","411,32"]
[6240,"TAMPAO FOFO SIMPLES COM BASE, CLASSE D400 CARGA MAX 40 T, REDONDO TAMPA 600 MM, REDE PLUVIAL/ESGOTO","UN    ","AS","456,79"]
[11296,"TAMPAO FOFO SIMPLES COM BASE, CLASSE D400 CARGA MAX 40 T, REDONDO TAMPA 900 MM, REDE PLUVIAL/ESGOTO","UN    ","AS","1.455,41"]
[11299,"TAMPAO FOFO SIMPLES, CLASSE A15 CARGA MAX 1,5 T, *550 X 1100* MM, REDE TELEFONE","UN    ","AS","492,62"]
[11066,"TAMPAO PARA TELHA ESTRUTURAL DE FIBROCIMENTO 1 ABA, DE 370 X 155 X 76 MM (SEM AMIANTO)","UN    ","CR","18,30"]
[11065,"TAMPAO PARA TELHA ESTRUTURAL DE FIBROCIMENTO 2 ABAS, DE 787 X 215 X 60 MM (SEM AMIANTO)","UN    ","CR","20,98"]
[11688,"TANQUE ACO INOXIDAVEL (ACO 304) COM ESFREGADOR E VALVULA, DE *50 X 40 X 22* CM","UN    ","CR","358,97"]
[37736,"TANQUE DE ACO CARBONO NAO REVESTIDO, PARA TRANSPORTE DE AGUA COM CAPACIDADE DE 10 M3, COM BOMBA CENTRIFUGA POR TOMADA DE FORCA, VAZAO MAXIMA *75* M3/H (INCLUI MONTAGEM, NAO INCLUI CAMINHAO)","UN    ","AS","39.250,00"]
[37739,"TANQUE DE ACO PARA TRANSPORTE DE AGUA COM CAPACIDADE DE 14 M3 (INCLUI MONTAGEM, NAO INCLUI CAMINHAO)","UN    ","AS","48.307,69"]
[37740,"TANQUE DE ACO PARA TRANSPORTE DE AGUA COM CAPACIDADE DE 4 M3 (INCLUI MONTAGEM, NAO INCLUI CAMINHAO)","UN    ","AS","27.566,88"]
[37738,"TANQUE DE ACO PARA TRANSPORTE DE AGUA COM CAPACIDADE DE 6 M3 (INCLUI MONTAGEM, NAO INCLUI CAMINHAO)","UN    ","AS","32.752,09"]
[37737,"TANQUE DE ACO PARA TRANSPORTE DE AGUA COM CAPACIDADE DE 8 M3 (INCLUI MONTAGEM, NAO INCLUI CAMINHAO)","UN    ","AS","26.057,27"]
[25014,"TANQUE DE ASFALTO ESTACIONARIO COM MACARICO, CAPACIDADE 20.000 L","UN    ","AS","54.575,87"]
[25013,"TANQUE DE ASFALTO ESTACIONARIO COM SERPENTINA, CAPACIDADE 20.000 L","UN    ","AS","57.201,29"]
[14405,"TANQUE DE ASFALTO ESTACIONARIO COM SERPENTINA, CAPACIDADE 30.000 L","UN    ","AS","67.145,06"]
[6253,"TANQUE DE LAVAR ROUPAS EM CONCRETO PRE-MOLDADO, 1 BOCA, COM APOIO/PES, DE *60 X 65 X 80* CM (L X P X A)","UN    ","AS","61,52"]
[36790,"TANQUE DUPLO EM MARMORE SINTETICO COM CUBA LISA E ESFREGADOR, *110 X 60* CM","UN    ","CR","134,00"]
[20271,"TANQUE LOUCA BRANCA COM COLUNA *30* L","UN    ","CR","475,91"]
[10423,"TANQUE LOUCA BRANCA SUSPENSO *20* L","UN    ","CR","295,17"]
[37589,"TANQUE SIMPLES EM MARMORE SINTETICO COM COLUNA, CAPACIDADE *22* L, *60 X 46* CM","UN    ","CR","164,18"]
[11690,"TANQUE SIMPLES EM MARMORE SINTETICO DE FIXAR NA PAREDE, CAPACIDADE *22* L, *60 X 46* CM","UN    ","CR","87,22"]
[20234,"TANQUE SIMPLES EM MARMORE SINTETICO SUSPENSO, CAPACIDADE *38* L, *60 X 60* CM","UN    ","CR","110,37"]
[4763,"TAQUEADOR OU TAQUEIRO","H     ","CR","17,80"]
[41070,"TAQUEADOR OU TAQUEIRO (MENSALISTA)","MES   ","CR","3.111,36"]
[14583,"TARIFA \"A\" ENTRE  0 E 20M3 FORNECIMENTO D'AGUA","M3    ","AS","9,08"]
[11457,"TARJETA TIPO LIVRE / OCUPADO, CROMADA, PARA PORTA DE BANHEIRO","UN    ","CR","20,75"]
[21121,"TE CPVC, SOLDAVEL, 90 GRAUS, 15 MM, PARA AGUA QUENTE PREDIAL","UN    ","AS","1,91"]
[38010,"TE CPVC, SOLDAVEL, 90 GRAUS, 22 MM, PARA AGUA QUENTE PREDIAL","UN    ","AS","3,13"]
[38011,"TE CPVC, SOLDAVEL, 90 GRAUS, 28 MM, PARA AGUA QUENTE PREDIAL","UN    ","AS","5,78"]
[38012,"TE CPVC, SOLDAVEL, 90 GRAUS, 35 MM, PARA AGUA QUENTE PREDIAL","UN    ","AS","19,76"]
[38013,"TE CPVC, SOLDAVEL, 90 GRAUS, 42 MM, PARA AGUA QUENTE PREDIAL","UN    ","AS","25,65"]
[38014,"TE CPVC, SOLDAVEL, 90 GRAUS, 54 MM, PARA AGUA QUENTE PREDIAL","UN    ","AS","41,74"]
[38015,"TE CPVC, SOLDAVEL, 90 GRAUS, 73 MM, PARA AGUA QUENTE PREDIAL","UN    ","AS","100,80"]
[38016,"TE CPVC, SOLDAVEL, 90 GRAUS, 89 MM, PARA AGUA QUENTE PREDIAL","UN    ","AS","122,65"]
[12741,"TE DE COBRE (REF 611) SEM ANEL DE SOLDA, BOLSA X BOLSA X BOLSA, 104 MM","UN    ","AS","547,50"]
[12733,"TE DE COBRE (REF 611) SEM ANEL DE SOLDA, BOLSA X BOLSA X BOLSA, 15 MM","UN    ","AS","2,75"]
[12734,"TE DE COBRE (REF 611) SEM ANEL DE SOLDA, BOLSA X BOLSA X BOLSA, 22 MM","UN    ","AS","5,87"]
[12735,"TE DE COBRE (REF 611) SEM ANEL DE SOLDA, BOLSA X BOLSA X BOLSA, 28 MM","UN    ","AS","9,66"]
[12736,"TE DE COBRE (REF 611) SEM ANEL DE SOLDA, BOLSA X BOLSA X BOLSA, 35 MM","UN    ","AS","22,08"]
[12737,"TE DE COBRE (REF 611) SEM ANEL DE SOLDA, BOLSA X BOLSA X BOLSA, 42 MM","UN    ","AS","28,44"]
[12738,"TE DE COBRE (REF 611) SEM ANEL DE SOLDA, BOLSA X BOLSA X BOLSA, 54 MM","UN    ","AS","56,22"]
[12739,"TE DE COBRE (REF 611) SEM ANEL DE SOLDA, BOLSA X BOLSA X BOLSA, 66 MM","UN    ","AS","160,05"]
[12740,"TE DE COBRE (REF 611) SEM ANEL DE SOLDA, BOLSA X BOLSA X BOLSA, 79 MM","UN    ","AS","250,41"]
[6297,"TE DE FERRO GALVANIZADO, DE 1 1/2\"","UN    ","AS","23,14"]
[6296,"TE DE FERRO GALVANIZADO, DE 1 1/4\"","UN    ","AS","18,27"]
[6294,"TE DE FERRO GALVANIZADO, DE 1/2\"","UN    ","AS","5,21"]
[6323,"TE DE FERRO GALVANIZADO, DE 1\"","UN    ","AS","11,94"]
[6299,"TE DE FERRO GALVANIZADO, DE 2 1/2\"","UN    ","AS","69,61"]
[6298,"TE DE FERRO GALVANIZADO, DE 2\"","UN    ","AS","36,66"]
[6295,"TE DE FERRO GALVANIZADO, DE 3/4\"","UN    ","AS","7,41"]
[6322,"TE DE FERRO GALVANIZADO, DE 3\"","UN    ","AS","93,24"]
[6300,"TE DE FERRO GALVANIZADO, DE 4\"","UN    ","AS","171,90"]
[6321,"TE DE FERRO GALVANIZADO, DE 5\"","UN    ","AS","245,55"]
[6301,"TE DE FERRO GALVANIZADO, DE 6\"","UN    ","AS","575,55"]
[7105,"TE DE INSPECAO, PVC,  100 X 75 MM, SERIE NORMAL PARA ESGOTO PREDIAL","UN    ","AS","28,05"]
[20183,"TE DE INSPECAO, PVC, SERIE R, 100 X 75 MM, PARA ESGOTO PREDIAL","UN    ","CR","32,53"]
[38448,"TE DE INSPECAO, PVC, SERIE R, 150 X 100 MM, PARA ESGOTO PREDIAL","UN    ","CR","172,60"]
[20182,"TE DE INSPECAO, PVC, SERIE R, 75 X 75 MM, PARA ESGOTO PREDIAL","UN    ","CR","23,99"]
[7119,"TE DE REDUCAO COM ROSCA, PVC, 90 GRAUS, 1 X 3/4\", PARA AGUA FRIA PREDIAL","UN    ","AS","6,19"]
[7120,"TE DE REDUCAO COM ROSCA, PVC, 90 GRAUS, 3/4 X 1/2\", PARA AGUA FRIA PREDIAL","UN    ","AS","3,66"]
[6319,"TE DE REDUCAO DE FERRO GALVANIZADO, COM ROSCA BSP, DE 1 1/2\" X 1\"","UN    ","AS","27,19"]
[6304,"TE DE REDUCAO DE FERRO GALVANIZADO, COM ROSCA BSP, DE 1 1/2\" X 3/4\"","UN    ","AS","27,19"]
[21116,"TE DE REDUCAO DE FERRO GALVANIZADO, COM ROSCA BSP, DE 1 1/4\" X 3/4\"","UN    ","AS","20,59"]
[6320,"TE DE REDUCAO DE FERRO GALVANIZADO, COM ROSCA BSP, DE 1\" X 1/2\"","UN    ","AS","14,00"]
[6303,"TE DE REDUCAO DE FERRO GALVANIZADO, COM ROSCA BSP, DE 1\" X 3/4\"","UN    ","AS","14,00"]
[6308,"TE DE REDUCAO DE FERRO GALVANIZADO, COM ROSCA BSP, DE 2 1/2\" X 1 1/2\"","UN    ","AS","75,24"]
[6317,"TE DE REDUCAO DE FERRO GALVANIZADO, COM ROSCA BSP, DE 2 1/2\" X 1 1/4\"","UN    ","AS","75,24"]
[6307,"TE DE REDUCAO DE FERRO GALVANIZADO, COM ROSCA BSP, DE 2 1/2\" X 1\"","UN    ","AS","75,24"]
[6309,"TE DE REDUCAO DE FERRO GALVANIZADO, COM ROSCA BSP, DE 2 1/2\" X 2\"","UN    ","AS","77,43"]
[6318,"TE DE REDUCAO DE FERRO GALVANIZADO, COM ROSCA BSP, DE 2\" X 1 1/2\"","UN    ","AS","40,59"]
[6306,"TE DE REDUCAO DE FERRO GALVANIZADO, COM ROSCA BSP, DE 2\" X 1 1/4\"","UN    ","AS","40,59"]
[6305,"TE DE REDUCAO DE FERRO GALVANIZADO, COM ROSCA BSP, DE 2\" X 1\"","UN    ","AS","40,59"]
[6302,"TE DE REDUCAO DE FERRO GALVANIZADO, COM ROSCA BSP, DE 3/4\" X 1/2\"","UN    ","AS","8,61"]
[6312,"TE DE REDUCAO DE FERRO GALVANIZADO, COM ROSCA BSP, DE 3\" X 1 1/2\"","UN    ","AS","108,23"]
[6311,"TE DE REDUCAO DE FERRO GALVANIZADO, COM ROSCA BSP, DE 3\" X 1 1/4\"","UN    ","AS","108,23"]
[6310,"TE DE REDUCAO DE FERRO GALVANIZADO, COM ROSCA BSP, DE 3\" X 1\"","UN    ","AS","108,23"]
[6314,"TE DE REDUCAO DE FERRO GALVANIZADO, COM ROSCA BSP, DE 3\" X 2 1/2\"","UN    ","AS","108,23"]
[6313,"TE DE REDUCAO DE FERRO GALVANIZADO, COM ROSCA BSP, DE 3\" X 2\"","UN    ","AS","108,23"]
[6315,"TE DE REDUCAO DE FERRO GALVANIZADO, COM ROSCA BSP, DE 4\" X 2\"","UN    ","AS","204,93"]
[6316,"TE DE REDUCAO DE FERRO GALVANIZADO, COM ROSCA BSP, DE 4\" X 3\"","UN    ","AS","204,93"]
[38878,"TE DE REDUCAO METALICO, PARA CONEXAO COM ANEL DESLIZANTE EM TUBO PEX, DN 16 X 20 X 16 MM","UN    ","AS","12,23"]
[38879,"TE DE REDUCAO METALICO, PARA CONEXAO COM ANEL DESLIZANTE EM TUBO PEX, DN 16 X 25 X 16 MM","UN    ","AS","22,93"]
[38881,"TE DE REDUCAO METALICO, PARA CONEXAO COM ANEL DESLIZANTE EM TUBO PEX, DN 20 X 16 X 16 MM","UN    ","AS","11,99"]
[38880,"TE DE REDUCAO METALICO, PARA CONEXAO COM ANEL DESLIZANTE EM TUBO PEX, DN 20 X 16 X 20 MM","UN    ","AS","12,57"]
[38882,"TE DE REDUCAO METALICO, PARA CONEXAO COM ANEL DESLIZANTE EM TUBO PEX, DN 20 X 20 X 16 MM","UN    ","AS","13,02"]
[38883,"TE DE REDUCAO METALICO, PARA CONEXAO COM ANEL DESLIZANTE EM TUBO PEX, DN 20 X 25 X 20 MM","UN    ","AS","19,25"]
[38884,"TE DE REDUCAO METALICO, PARA CONEXAO COM ANEL DESLIZANTE EM TUBO PEX, DN 25 X 16 X 16 MM","UN    ","AS","20,90"]
[38885,"TE DE REDUCAO METALICO, PARA CONEXAO COM ANEL DESLIZANTE EM TUBO PEX, DN 25 X 16 X 20 MM","UN    ","AS","20,22"]
[38886,"TE DE REDUCAO METALICO, PARA CONEXAO COM ANEL DESLIZANTE EM TUBO PEX, DN 25 X 16 X 25 MM","UN    ","AS","21,82"]
[38887,"TE DE REDUCAO METALICO, PARA CONEXAO COM ANEL DESLIZANTE EM TUBO PEX, DN 25 X 20 X 20 MM","UN    ","AS","19,60"]
[38888,"TE DE REDUCAO METALICO, PARA CONEXAO COM ANEL DESLIZANTE EM TUBO PEX, DN 25 X 20 X 25 MM","UN    ","AS","23,30"]
[38890,"TE DE REDUCAO METALICO, PARA CONEXAO COM ANEL DESLIZANTE EM TUBO PEX, DN 25 X 32 X 25 MM","UN    ","AS","34,64"]
[38893,"TE DE REDUCAO METALICO, PARA CONEXAO COM ANEL DESLIZANTE EM TUBO PEX, DN 32 X 20 X 32 MM","UN    ","AS","27,85"]
[38894,"TE DE REDUCAO METALICO, PARA CONEXAO COM ANEL DESLIZANTE EM TUBO PEX, DN 32 X 25 X 25 MM","UN    ","AS","35,37"]
[38896,"TE DE REDUCAO METALICO, PARA CONEXAO COM ANEL DESLIZANTE EM TUBO PEX, DN 32 X 25 X 32 MM","UN    ","AS","36,07"]
[39324,"TE DE REDUCAO, CPVC, 22 X 15 MM, PARA AGUA QUENTE PREDIAL","UN    ","AS","4,25"]
[39325,"TE DE REDUCAO, CPVC, 28 X 22 MM, PARA AGUA QUENTE PREDIAL","UN    ","AS","6,43"]
[39326,"TE DE REDUCAO, CPVC, 35 X 28 MM, PARA AGUA QUENTE PREDIAL","UN    ","AS","16,55"]
[39327,"TE DE REDUCAO, CPVC, 42 X 35 MM, PARA AGUA QUENTE PREDIAL","UN    ","AS","25,08"]
[20176,"TE DE REDUCAO, PVC LEVE, CURTO, 90 GRAUS, COM BOLSA PARA ANEL, 150 X 100 MM, PARA ESGOTO","UN    ","AS","56,88"]
[11378,"TE DE REDUCAO, PVC PBA, BBB, JE, DN 100 X 50 / DE 110 X 60 MM, PARA REDE AGUA (NBR 10351)","UN    ","AS","70,70"]
[11379,"TE DE REDUCAO, PVC PBA, BBB, JE, DN 100 X 75 / DE 110 X 85 MM, PARA REDE AGUA (NBR 10351)","UN    ","AS","77,22"]
[11493,"TE DE REDUCAO, PVC PBA, BBB, JE, DN 75 X 50 / DE 85 X 60 MM, PARA REDE AGUA (NBR 10351)","UN    ","AS","39,08"]
[41896,"TE DE REDUCAO, PVC, BBB, JE, 90 GRAUS, DN 200 X 150 MM, PARA REDE COLETORA ESGOTO  (NBR 10569)","UN    ","AS","214,59"]
[7068,"TE DE REDUCAO, PVC, BBB, JE, 90 GRAUS, DN 250 X 150 MM, PARA REDE COLETORA ESGOTO (NBR 10569)","UN    ","AS","379,32"]
[7106,"TE DE REDUCAO, PVC, SOLDAVEL, 90 GRAUS, 110 MM X 60 MM, PARA AGUA FRIA PREDIAL","UN    ","AS","83,77"]
[7104,"TE DE REDUCAO, PVC, SOLDAVEL, 90 GRAUS, 25 MM X 20 MM, PARA AGUA FRIA PREDIAL","UN    ","AS","2,30"]
[7136,"TE DE REDUCAO, PVC, SOLDAVEL, 90 GRAUS, 32 MM X 25 MM, PARA AGUA FRIA PREDIAL","UN    ","AS","4,48"]
[7128,"TE DE REDUCAO, PVC, SOLDAVEL, 90 GRAUS, 40 MM X 32 MM, PARA AGUA FRIA PREDIAL","UN    ","AS","6,11"]
[7108,"TE DE REDUCAO, PVC, SOLDAVEL, 90 GRAUS, 50 MM X 20 MM, PARA AGUA FRIA PREDIAL","UN    ","AS","6,77"]
[7129,"TE DE REDUCAO, PVC, SOLDAVEL, 90 GRAUS, 50 MM X 25 MM, PARA AGUA FRIA PREDIAL","UN    ","AS","6,80"]
[7130,"TE DE REDUCAO, PVC, SOLDAVEL, 90 GRAUS, 50 MM X 32 MM, PARA AGUA FRIA PREDIAL","UN    ","AS","9,21"]
[7131,"TE DE REDUCAO, PVC, SOLDAVEL, 90 GRAUS, 50 MM X 40 MM, PARA AGUA FRIA PREDIAL","UN    ","AS","10,59"]
[7132,"TE DE REDUCAO, PVC, SOLDAVEL, 90 GRAUS, 75 MM X 50 MM, PARA AGUA FRIA PREDIAL","UN    ","AS","31,57"]
[7133,"TE DE REDUCAO, PVC, SOLDAVEL, 90 GRAUS, 85 MM X 60 MM, PARA AGUA FRIA PREDIAL","UN    ","AS","50,09"]
[37420,"TE DE SERVICO INTEGRADO, EM POLIPROPILENO (PP), PARA TUBOS EM PEAD/PVC, 60 X 20 MM - LIGACAO PREDIAL DE AGUA","UN    ","AS","29,96"]
[37421,"TE DE SERVICO INTEGRADO, EM POLIPROPILENO (PP), PARA TUBOS EM PEAD/PVC, 60 X 32 MM - LIGACAO PREDIAL DE AGUA","UN    ","AS","40,95"]
[37422,"TE DE SERVICO INTEGRADO, EM POLIPROPILENO (PP), PARA TUBOS EM PEAD, 63 X 20 MM - LIGACAO PREDIAL DE AGUA","UN    ","AS","38,33"]
[37443,"TE DE SERVICO, PEAD PE 100, DE 125 X 20 MM, PARA ELETROFUSAO","UN    ","AS","120,73"]
[37444,"TE DE SERVICO, PEAD PE 100, DE 125 X 32 MM, PARA ELETROFUSAO","UN    ","AS","122,78"]
[37445,"TE DE SERVICO, PEAD PE 100, DE 125 X 63 MM, PARA ELETROFUSAO","UN    ","AS","186,10"]
[37446,"TE DE SERVICO, PEAD PE 100, DE 200 X 20 MM, PARA ELETROFUSAO","UN    ","AS","202,88"]
[37447,"TE DE SERVICO, PEAD PE 100, DE 200 X 32 MM, PARA ELETROFUSAO","UN    ","AS","206,06"]
[37448,"TE DE SERVICO, PEAD PE 100, DE 200 X 63 MM, PARA ELETROFUSAO","UN    ","AS","282,64"]
[37440,"TE DE SERVICO, PEAD PE 100, DE 63 X 20 MM, PARA ELETROFUSAO","UN    ","AS","95,83"]
[37441,"TE DE SERVICO, PEAD PE 100, DE 63 X 32 MM, PARA ELETROFUSAO","UN    ","AS","95,83"]
[37442,"TE DE SERVICO, PEAD PE 100, DE 63 X 63 MM, PARA ELETROFUSAO","UN    ","AS","115,42"]
[38017,"TE DE TRANSICAO, CPVC, SOLDAVEL, 15 MM X 1/2\", PARA AGUA QUENTE","UN    ","AS","6,04"]
[38018,"TE DE TRANSICAO, CPVC, SOLDAVEL, 22 MM X 1/2\", PARA AGUA QUENTE","UN    ","AS","6,66"]
[39895,"TE DUPLA CURVA BRONZE/LATAO (REF 764) SEM ANEL DE SOLDA, ROSCA F X BOLSA X ROSCA F, 1/2\" X 15 X 1/2\"","UN    ","AS","19,89"]
[39896,"TE DUPLA CURVA BRONZE/LATAO (REF 764) SEM ANEL DE SOLDA, ROSCA F X BOLSA X ROSCA F, 3/4\" X 22 X 3/4\"","UN    ","AS","29,15"]
[38873,"TE METALICO, PARA CONEXAO COM ANEL DESLIZANTE EM TUBO PEX, DN 16 MM","UN    ","AS","10,85"]
[38874,"TE METALICO, PARA CONEXAO COM ANEL DESLIZANTE EM TUBO PEX, DN 20 MM","UN    ","AS","13,19"]
[38875,"TE METALICO, PARA CONEXAO COM ANEL DESLIZANTE EM TUBO PEX, DN 25 MM","UN    ","AS","23,31"]
[38876,"TE METALICO, PARA CONEXAO COM ANEL DESLIZANTE EM TUBO PEX, DN 32 MM","UN    ","AS","31,37"]
[39000,"TE MISTURADOR COM INSERTO METALICO, FEMEA, PPR, DN 25 MM X 3/4\", PARA AGUA QUENTE E FRIA PREDIAL","UN    ","AS","23,93"]
[38674,"TE MISTURADOR DE TRANSICAO, CPVC, COM ROSCA, 22 MM X 3/4\", PARA AGUA QUENTE","UN    ","AS","21,01"]
[38911,"TE MISTURADOR METALICO, PARA CONEXAO COM ANEL DESLIZANTE EM TUBO PEX, DN 16 MM X 1/2\"","UN    ","AS","38,90"]
[38912,"TE MISTURADOR METALICO, PARA CONEXAO COM ANEL DESLIZANTE EM TUBO PEX, DN 20 MM X 3/4\"","UN    ","AS","49,44"]
[38019,"TE MISTURADOR, CPVC, SOLDAVEL, 15 MM, PARA AGUA QUENTE","UN    ","AS","5,26"]
[38020,"TE MISTURADOR, CPVC, SOLDAVEL, 22 MM, PARA AGUA QUENTE","UN    ","AS","6,66"]
[38454,"TE MISTURADOR, PPR, F M M, DN 20 X 20 MM, PARA AGUA QUENTE PREDIAL","UN    ","AS","4,36"]
[38455,"TE MISTURADOR, PPR, F M M, DN 25 X 25 MM, PARA AGUA QUENTE PREDIAL","UN    ","AS","3,99"]
[38462,"TE NORMAL, PPR, SOLDAVEL, 90 GRAUS, DN 110 X 110 X 110 MM, PARA AGUA QUENTE PREDIAL","UN    ","AS","112,85"]
[36362,"TE NORMAL, PPR, SOLDAVEL, 90 GRAUS, DN 20 X 20 X 20 MM, PARA AGUA QUENTE PREDIAL","UN    ","AS","1,72"]
[36298,"TE NORMAL, PPR, SOLDAVEL, 90 GRAUS, DN 25 X 25 X 25 MM, PARA AGUA QUENTE PREDIAL","UN    ","AS","2,54"]
[38456,"TE NORMAL, PPR, SOLDAVEL, 90 GRAUS, DN 32 X 32 X 32 MM, PARA AGUA QUENTE PREDIAL","UN    ","AS","4,15"]
[38457,"TE NORMAL, PPR, SOLDAVEL, 90 GRAUS, DN 40 X 40 X 40 MM, PARA AGUA QUENTE PREDIAL","UN    ","AS","9,35"]
[38458,"TE NORMAL, PPR, SOLDAVEL, 90 GRAUS, DN 50 X 50 X 50 MM, PARA AGUA QUENTE PREDIAL","UN    ","AS","12,54"]
[38459,"TE NORMAL, PPR, SOLDAVEL, 90 GRAUS, DN 63 X 63 X 63 MM, PARA AGUA QUENTE PREDIAL","UN    ","AS","22,13"]
[38460,"TE NORMAL, PPR, SOLDAVEL, 90 GRAUS, DN 75 X 75 X 75 MM, PARA AGUA QUENTE PREDIAL","UN    ","AS","46,23"]
[38461,"TE NORMAL, PPR, SOLDAVEL, 90 GRAUS, DN 90 X 90 X 90 MM, PARA AGUA QUENTE PREDIAL","UN    ","AS","70,52"]
[7094,"TE PVC ROSCAVEL 90 GRAUS, 1\", PARA  AGUA FRIA PREDIAL","UN    ","AS","6,39"]
[7116,"TE PVC SOLDAVEL, BBB, 90 GRAUS, DN 40 MM, PARA ESGOTO SECUNDARIO PREDIAL","UN    ","AS","2,08"]
[7118,"TE PVC, ROSCAVEL, 90 GRAUS, 1 1/2\", AGUA FRIA PREDIAL","UN    ","CR","16,07"]
[7117,"TE PVC, ROSCAVEL, 90 GRAUS, 1 1/4\", AGUA FRIA PREDIAL","UN    ","CR","12,22"]
[7098,"TE PVC, ROSCAVEL, 90 GRAUS, 1/2\",  AGUA FRIA PREDIAL","UN    ","CR","2,02"]
[7110,"TE PVC, ROSCAVEL, 90 GRAUS, 2\",  AGUA FRIA PREDIAL","UN    ","CR","29,03"]
[7123,"TE PVC, ROSCAVEL, 90 GRAUS, 3/4\", AGUA FRIA PREDIAL","UN    ","CR","2,68"]
[7121,"TE PVC, SOLDAVEL, COM BUCHA DE LATAO NA BOLSA CENTRAL, 90 GRAUS, 20 MM X 1/2\", PARA AGUA FRIA PREDIAL","UN    ","AS","6,67"]
[7137,"TE PVC, SOLDAVEL, COM BUCHA DE LATAO NA BOLSA CENTRAL, 90 GRAUS, 25 MM X 1/2\", PARA AGUA FRIA PREDIAL","UN    ","AS","7,30"]
[7122,"TE PVC, SOLDAVEL, COM BUCHA DE LATAO NA BOLSA CENTRAL, 90 GRAUS, 25 MM X 3/4\", PARA AGUA FRIA PREDIAL","UN    ","AS","7,52"]
[7114,"TE PVC, SOLDAVEL, COM BUCHA DE LATAO NA BOLSA CENTRAL, 90 GRAUS, 32 MM X 3/4\", PARA AGUA FRIA PREDIAL","UN    ","AS","12,55"]
[7109,"TE PVC, SOLDAVEL, COM ROSCA NA BOLSA CENTRAL, 90 GRAUS, 20 MM X 1/2\", PARA AGUA FRIA PREDIAL","UN    ","AS","1,78"]
[7135,"TE PVC, SOLDAVEL, COM ROSCA NA BOLSA CENTRAL, 90 GRAUS, 25 MM X 1/2\", PARA AGUA FRIA PREDIAL","UN    ","AS","2,83"]
[37947,"TE PVC, SOLDAVEL, COM ROSCA NA BOLSA CENTRAL, 90 GRAUS, 25 MM X 3/4\", PARA AGUA FRIA PREDIAL","UN    ","AS","2,75"]
[7103,"TE PVC, SOLDAVEL, COM ROSCA NA BOLSA CENTRAL, 90 GRAUS, 32 MM X 3/4\", PARA AGUA FRIA PREDIAL","UN    ","AS","12,55"]
[40419,"TE RANHURADO EM FERRO FUNDIDO, DN 50 (2\")","UN    ","AS","25,19"]
[40420,"TE RANHURADO EM FERRO FUNDIDO, DN 65 (2 1/2\")","UN    ","AS","36,75"]
[40421,"TE RANHURADO EM FERRO FUNDIDO, DN 80 (3\")","UN    ","AS","39,12"]
[7126,"TE REDUCAO PVC, ROSCAVEL, 90 GRAUS,  1.1/2\" X 3/4\",  AGUA FRIA PREDIAL","UN    ","CR","12,85"]
[38905,"TE ROSCA FEMEA, METALICO, PARA CONEXAO COM ANEL DESLIZANTE EM TUBO PEX, DN 16 MM X 1/2\"","UN    ","AS","12,19"]
[38907,"TE ROSCA FEMEA, METALICO, PARA CONEXAO COM ANEL DESLIZANTE EM TUBO PEX, DN 20 MM X 1/2\"","UN    ","AS","12,97"]
[38908,"TE ROSCA FEMEA, METALICO, PARA CONEXAO COM ANEL DESLIZANTE EM TUBO PEX, DN 20 MM X 3/4\"","UN    ","AS","14,59"]
[38909,"TE ROSCA FEMEA, METALICO, PARA CONEXAO COM ANEL DESLIZANTE EM TUBO PEX, DN 25 MM X 1/2\"","UN    ","AS","20,98"]
[38910,"TE ROSCA FEMEA, METALICO, PARA CONEXAO COM ANEL DESLIZANTE EM TUBO PEX, DN 25 MM X 3/4\"","UN    ","AS","22,66"]
[38897,"TE ROSCA MACHO, METALICO, PARA CONEXAO COM ANEL DESLIZANTE EM TUBO PEX, DN 16 MM X 1/2\"","UN    ","AS","12,24"]
[38899,"TE ROSCA MACHO, METALICO, PARA CONEXAO COM ANEL DESLIZANTE EM TUBO PEX, DN 20 MM X 1/2\"","UN    ","AS","13,77"]
[38900,"TE ROSCA MACHO, METALICO, PARA CONEXAO COM ANEL DESLIZANTE EM TUBO PEX, DN 20 MM X 3/4\"","UN    ","AS","14,35"]
[38901,"TE ROSCA MACHO, METALICO, PARA CONEXAO COM ANEL DESLIZANTE EM TUBO PEX, DN 25 MM X 3/4\"","UN    ","AS","23,48"]
[38904,"TE ROSCA MACHO, METALICO, PARA CONEXAO COM ANEL DESLIZANTE EM TUBO PEX, DN 32 MM X 1\"","UN    ","AS","38,15"]
[38903,"TE ROSCA MACHO, METALICO, PARA CONEXAO COM ANEL DESLIZANTE EM TUBO PEX, DN 32 MM X 3/4\"","UN    ","AS","37,91"]
[7091,"TE SANITARIO, PVC, DN 100 X 100 MM, SERIE NORMAL, PARA ESGOTO PREDIAL","UN    ","AS","11,31"]
[11655,"TE SANITARIO, PVC, DN 100 X 50 MM, SERIE NORMAL, PARA ESGOTO PREDIAL","UN    ","AS","10,12"]
[11656,"TE SANITARIO, PVC, DN 100 X 75 MM, SERIE NORMAL PARA ESGOTO PREDIAL","UN    ","AS","10,42"]
[37948,"TE SANITARIO, PVC, DN 40 X 40 MM, SERIE NORMAL, PARA ESGOTO PREDIAL","UN    ","AS","2,25"]
[7097,"TE SANITARIO, PVC, DN 50 X 50 MM, SERIE NORMAL, PARA ESGOTO PREDIAL","UN    ","AS","5,03"]
[11657,"TE SANITARIO, PVC, DN 75 X 50 MM, SERIE NORMAL PARA ESGOTO PREDIAL","UN    ","AS","8,79"]
[11658,"TE SANITARIO, PVC, DN 75 X 75 MM, SERIE NORMAL PARA ESGOTO PREDIAL","UN    ","AS","9,93"]
[7146,"TE SOLDAVEL, PVC, 90 GRAUS, 110 MM, PARA AGUA FRIA PREDIAL (NBR 5648)","UN    ","AS","113,44"]
[7138,"TE SOLDAVEL, PVC, 90 GRAUS, 20 MM, PARA AGUA FRIA PREDIAL (NBR 5648)","UN    ","AS","0,70"]
[7139,"TE SOLDAVEL, PVC, 90 GRAUS, 25 MM, PARA AGUA FRIA PREDIAL (NBR 5648)","UN    ","AS","0,97"]
[7140,"TE SOLDAVEL, PVC, 90 GRAUS, 32 MM, PARA AGUA FRIA PREDIAL (NBR 5648)","UN    ","AS","2,41"]
[7141,"TE SOLDAVEL, PVC, 90 GRAUS, 40 MM, PARA AGUA FRIA PREDIAL (NBR 5648)","UN    ","AS","6,22"]
[7143,"TE SOLDAVEL, PVC, 90 GRAUS, 60 MM, PARA AGUA FRIA PREDIAL (NBR 5648)","UN    ","AS","20,17"]
[7144,"TE SOLDAVEL, PVC, 90 GRAUS, 75 MM, PARA AGUA FRIA PREDIAL (NBR 5648)","UN    ","AS","38,67"]
[7145,"TE SOLDAVEL, PVC, 90 GRAUS, 85 MM, PARA AGUA FRIA PREDIAL (NBR 5648)","UN    ","AS","60,64"]
[7142,"TE SOLDAVEL, PVC, 90 GRAUS,50 MM, PARA AGUA FRIA PREDIAL (NBR 5648)","UN    ","AS","7,03"]
[3593,"TE 45 GRAUS DE FERRO GALVANIZADO, COM ROSCA BSP, DE 1 1/2\"","UN    ","AS","50,23"]
[3588,"TE 45 GRAUS DE FERRO GALVANIZADO, COM ROSCA BSP, DE 1 1/4\"","UN    ","AS","38,72"]
[3585,"TE 45 GRAUS DE FERRO GALVANIZADO, COM ROSCA BSP, DE 1/2\"","UN    ","AS","11,96"]
[3587,"TE 45 GRAUS DE FERRO GALVANIZADO, COM ROSCA BSP, DE 1\"","UN    ","AS","24,02"]
[3590,"TE 45 GRAUS DE FERRO GALVANIZADO, COM ROSCA BSP, DE 2 1/2\"","UN    ","AS","142,63"]
[3589,"TE 45 GRAUS DE FERRO GALVANIZADO, COM ROSCA BSP, DE 2\"","UN    ","AS","76,56"]
[3586,"TE 45 GRAUS DE FERRO GALVANIZADO, COM ROSCA BSP, DE 3/4\"","UN    ","AS","15,66"]
[3592,"TE 45 GRAUS DE FERRO GALVANIZADO, COM ROSCA BSP, DE 3\"","UN    ","AS","225,46"]
[3591,"TE 45 GRAUS DE FERRO GALVANIZADO, COM ROSCA BSP, DE 4\"","UN    ","AS","361,43"]
[40396,"TE 90 GRAUS EM ACO CARBONO, SOLDAVEL, PRESSAO 3.000 LBS, DN 1 1/2\"","UN    ","AS","50,55"]
[40395,"TE 90 GRAUS EM ACO CARBONO, SOLDAVEL, PRESSAO 3.000 LBS, DN 1 1/4\"","UN    ","AS","38,80"]
[40392,"TE 90 GRAUS EM ACO CARBONO, SOLDAVEL, PRESSAO 3.000 LBS, DN 1/2\"","UN    ","AS","12,48"]
[40394,"TE 90 GRAUS EM ACO CARBONO, SOLDAVEL, PRESSAO 3.000 LBS, DN 1\"","UN    ","AS","25,26"]
[40398,"TE 90 GRAUS EM ACO CARBONO, SOLDAVEL, PRESSAO 3.000 LBS, DN 2 1/2\"","UN    ","AS","162,19"]
[40397,"TE 90 GRAUS EM ACO CARBONO, SOLDAVEL, PRESSAO 3.000 LBS, DN 2\"","UN    ","AS","83,06"]
[40393,"TE 90 GRAUS EM ACO CARBONO, SOLDAVEL, PRESSAO 3.000 LBS, DN 3/4\"","UN    ","AS","16,08"]
[40399,"TE 90 GRAUS EM ACO CARBONO, SOLDAVEL, PRESSAO 3.000 LBS, DN 3\"","UN    ","AS","265,35"]
[39322,"TE, PLASTICO, DN 16 MM, PARA CONEXAO COM CRIMPAGEM EM TUBO PEX","UN    ","AS","14,79"]
[39289,"TE, PLASTICO, DN 20 MM, PARA CONEXAO COM CRIMPAGEM EM TUBO PEX","UN    ","AS","17,71"]
[39290,"TE, PLASTICO, DN 25 MM, PARA CONEXAO COM CRIMPAGEM EM TUBO PEX","UN    ","AS","30,07"]
[39291,"TE, PLASTICO, DN 32 MM, PARA CONEXAO COM CRIMPAGEM EM TUBO PEX","UN    ","AS","45,02"]
[20174,"TE, PVC LEVE, CURTO, 90 GRAUS, 150 MM, PARA ESGOTO","UN    ","AS","48,79"]
[41892,"TE, PVC PBA, BBB, 90 GRAUS, DN 100 / DE 110 MM, PARA REDE  AGUA (NBR 10351)","UN    ","AS","87,27"]
[7048,"TE, PVC PBA, BBB, 90 GRAUS, DN 50 / DE 60 MM, PARA REDE AGUA (NBR 10351)","UN    ","AS","18,75"]
[7088,"TE, PVC PBA, BBB, 90 GRAUS, DN 75 / DE 85 MM, PARA REDE AGUA (NBR 10351)","UN    ","AS","46,99"]
[20179,"TE, PVC, SERIE R, 100 X 100 MM, PARA ESGOTO PREDIAL","UN    ","C ","34,30"]
[20178,"TE, PVC, SERIE R, 100 X 75 MM, PARA ESGOTO PREDIAL","UN    ","CR","24,91"]
[20180,"TE, PVC, SERIE R, 150 X 100 MM, PARA ESGOTO PREDIAL","UN    ","CR","58,57"]
[20181,"TE, PVC, SERIE R, 150 X 150 MM, PARA ESGOTO PREDIAL","UN    ","CR","86,31"]
[20177,"TE, PVC, SERIE R, 75 X 75 MM, PARA ESGOTO PREDIAL","UN    ","CR","19,71"]
[7082,"TE, PVC, 90 GRAUS, BBB, JE, DN 100 MM, PARA REDE COLETORA ESGOTO (NBR 10569)","UN    ","AS","65,34"]
[7069,"TE, PVC, 90 GRAUS, BBB, JE, DN 150 MM, PARA REDE COLETORA ESGOTO (NBR 10569)","UN    ","AS","107,69"]
[7070,"TE, PVC, 90 GRAUS, BBB, JE, DN 200 MM, PARA REDE COLETORA ESGOTO (NBR 10569)","UN    ","AS","183,09"]
[41893,"TE, PVC, 90 GRAUS, BBB, JE, DN 250 MM, PARA REDE COLETORA ESGOTO  (NBR 10569)","UN    ","AS","698,63"]
[41894,"TE, PVC, 90 GRAUS, BBB, JE, DN 300 MM, PARA REDE COLETORA ESGOTO  (NBR 10569)","UN    ","AS","1.072,08"]
[41895,"TE, PVC, 90 GRAUS, BBB, JE, DN 400 MM, PARA REDE COLETORA ESGOTO  (NBR 10569)","UN    ","AS","1.185,46"]
[20172,"TE, PVC, 90 GRAUS, BBP, JE, DN 100 MM, PARA REDE COLETORA ESGOTO (NBR 10569)","UN    ","AS","26,13"]
[40945,"TECNICO DE EDIFICACOES","H     ","CR","20,80"]
[40946,"TECNICO DE EDIFICACOES (MENSALISTA)","MES   ","CR","3.632,34"]
[7153,"TECNICO EM LABORATORIO E CAMPO DE CONSTRUCAO CIVIL","H     ","CR","22,04"]
[41089,"TECNICO EM LABORATORIO E CAMPO DE CONSTRUCAO CIVIL (MENSALISTA)","MES   ","CR","3.849,95"]
[40943,"TECNICO EM SEGURANCA DO TRABALHO","H     ","CR","19,63"]
[40944,"TECNICO EM SEGURANCA DO TRABALHO (MENSALISTA)","MES   ","CR","3.428,43"]
[6175,"TECNICO EM SONDAGEM","H     ","CR","38,72"]
[41092,"TECNICO EM SONDAGEM (MENSALISTA)","MES   ","CR","6.759,90"]
[37712,"TELA ARAME GALVANIZADO REVESTIDO COM PVC, MALHA HEXAGONAL DUPLA TORCAO, 8 X 10 CM (ZN/AL + PVC), FIO *2,4* MM","M2    ","AS","50,00"]
[34547,"TELA DE ACO SOLDADA GALVANIZADA/ZINCADA PARA ALVENARIA, FIO  D = *1,20 A 1,70* MM, MALHA 15 X 15 MM, (C X L) *50 X 12* CM","M     ","AS","1,97"]
[34548,"TELA DE ACO SOLDADA GALVANIZADA/ZINCADA PARA ALVENARIA, FIO  D = *1,20 A 1,70* MM, MALHA 15 X 15 MM, (C X L) *50 X 17,5* CM","M     ","AS","1,92"]
[37411,"TELA DE ACO SOLDADA GALVANIZADA/ZINCADA PARA ALVENARIA, FIO  D = *1,24 MM, MALHA 25 X 25 MM","M2    ","AS","9,67"]
[34558,"TELA DE ACO SOLDADA GALVANIZADA/ZINCADA PARA ALVENARIA, FIO D = *1,20 A 1,70* MM, MALHA 15 X 15 MM, (C X L) *50 X 10,5* CM","M     ","AS","1,29"]
[34550,"TELA DE ACO SOLDADA GALVANIZADA/ZINCADA PARA ALVENARIA, FIO D = *1,20 A 1,70* MM, MALHA 15 X 15 MM, (C X L) *50 X 6* CM","M     ","AS","0,68"]
[34557,"TELA DE ACO SOLDADA GALVANIZADA/ZINCADA PARA ALVENARIA, FIO D = *1,20 A 1,70* MM, MALHA 15 X 15 MM, (C X L) *50 X 7,5* CM","M     ","AS","1,21"]
[7155,"TELA DE ACO SOLDADA NERVURADA CA-60, Q-138, (2,20 KG/M2), DIAMETRO DO FIO = 4,2 MM, LARGURA =  2,45 X 120 M DE COMPRIMENTO, ESPACAMENTO DA MALHA = 10  X 10 CM","M2    ","AS","11,15"]
[7154,"TELA DE ACO SOLDADA NERVURADA CA-60, Q-138, (2,20 KG/M2), DIAMETRO DO FIO = 4,2 MM, LARGURA =  2,45 X 120 M DE COMPRIMENTO, ESPACAMENTO DA MALHA = 10 X 10 CM","KG    ","AS","5,01"]
[10915,"TELA DE ACO SOLDADA NERVURADA CA-60, Q-61, (0,97 KG/M2), DIAMETRO DO FIO = 3,4 MM, LARGURA =  2,45 X 120 M DE COMPRIMENTO, ESPACAMENTO DA MALHA = 15  X 15 CM","KG    ","AS","5,21"]
[10917,"TELA DE ACO SOLDADA NERVURADA CA-60, Q-61, (0,97 KG/M2), DIAMETRO DO FIO = 3,4 MM, LARGURA =  2,45 X 120 M DE COMPRIMENTO, ESPACAMENTO DA MALHA = 15 X 15 CM","M2    ","AS","5,06"]
[21141,"TELA DE ACO SOLDADA NERVURADA CA-60, Q-92, (1,48 KG/M2), DIAMETRO DO FIO = 4,2 MM, LARGURA =  2,45 X 60 M DE COMPRIMENTO, ESPACAMENTO DA MALHA = 15  X 15 CM","M2    ","AS","7,49"]
[10916,"TELA DE ACO SOLDADA NERVURADA CA-60, Q-92, (1,48 KG/M2), DIAMETRO DO FIO = 4,2 MM, LARGURA =  2,45 X 60 M DE COMPRIMENTO, ESPACAMENTO DA MALHA = 15 X 15 CM","KG    ","AS","5,06"]
[39508,"TELA DE ACO SOLDADA NERVURADA, CA-60, L-159, (1,69 KG/M2), DIAMETRO DO FIO = 4,5 MM, LARGURA =  2,45 M, ESPACAMENTO DA MALHA = 30 X 10 CM","M2    ","AS","8,90"]
[39507,"TELA DE ACO SOLDADA NERVURADA, CA-60, Q-113, (1,8 KG/M2), DIAMETRO DO FIO = 3,8 MM, LARGURA =  2,45 M, ESPACAMENTO DA MALHA = 10 X 10 CM","M2    ","AS","8,72"]
[7156,"TELA DE ACO SOLDADA NERVURADA, CA-60, Q-196, (3,11 KG/M2), DIAMETRO DO FIO = 5,0 MM, LARGURA =  2,45 M, ESPACAMENTO DA MALHA = 10 X 10 CM","M2    ","AS","15,07"]
[39509,"TELA DE ACO SOLDADA NERVURADA, CA-60, T-196, (2,11 KG/M2), DIAMETRO DO FIO = 5,0 MM, LARGURA =  2,45 M, ESPACAMENTO DA MALHA = 30 X 10 CM","M2    ","AS","7,02"]
[25988,"TELA DE ANIAGEM (JUTA)","M2    ","CR","5,61"]
[10928,"TELA DE ARAME GALV QUADRANGULAR / LOSANGULAR,  FIO 2,11 MM (14  BWG), MALHA  8 X 8 CM, H = 2 M","M2    ","CR","13,84"]
[7167,"TELA DE ARAME GALV QUADRANGULAR / LOSANGULAR,  FIO 2,11 MM (14 BWG), MALHA  5 X 5 CM, H = 2 M","M2    ","CR","18,91"]
[10933,"TELA DE ARAME GALV QUADRANGULAR / LOSANGULAR,  FIO 2,77 MM (12  BWG), MALHA  10 X 10 CM, H = 2 M","M2    ","CR","16,91"]
[10927,"TELA DE ARAME GALV QUADRANGULAR / LOSANGULAR,  FIO 2,77 MM (12  BWG), MALHA  8 X 8 CM, H = 2 M","M2    ","CR","20,42"]
[7158,"TELA DE ARAME GALV QUADRANGULAR / LOSANGULAR,  FIO 2,77 MM (12 BWG), MALHA  5 X 5 CM, H = 2 M","M2    ","C ","28,50"]
[7162,"TELA DE ARAME GALV QUADRANGULAR / LOSANGULAR,  FIO 3,4 MM (10  BWG), MALHA  5 X 5 CM, H = 2 M","M2    ","CR","42,85"]
[10932,"TELA DE ARAME GALV QUADRANGULAR / LOSANGULAR,  FIO 4,19 MM (8 BWG), MALHA  5 X 5 CM, H = 2 M","M2    ","CR","75,88"]
[40706,"TELA DE ARAME GALV REVESTIDO EM PVC, QUADRANGULAR / LOSANGULAR,  FIO 1,24 MM (18 BWG), BITOLA = *1,9* MM, MALHA  1,9 X 1,9  CM, H = 2 M","M2    ","CR","45,50"]
[10937,"TELA DE ARAME GALV REVESTIDO EM PVC, QUADRANGULAR / LOSANGULAR,  FIO 2,11 MM (14 BWG), BITOLA FINAL = *2,8* MM, MALHA  *8 X 8* CM, H = 2 M","M2    ","CR","29,82"]
[10935,"TELA DE ARAME GALV REVESTIDO EM PVC, QUADRANGULAR / LOSANGULAR,  FIO 2,77 MM (12 BWG), BITOLA FINAL = *3,8* MM, MALHA  7,5 X 7,5 CM, H = 2 M","M2    ","CR","39,28"]
[40707,"TELA DE ARAME GALV REVESTIDO EM PVC, QUADRANGULAR/LOSANGULAR, FIO 2,77 MM (12 BWG), MALHA 3 X 3 CM, H = 2 M","M2    ","CR","90,43"]
[10931,"TELA DE ARAME GALV, HEXAGONAL,  FIO 0,56 MM (24  BWG), MALHA  1/2\", H = 1 M","M2    ","CR","12,64"]
[7164,"TELA DE ARAME ONDULADA,  FIO *2,77* MM (10  BWG), MALHA  5 X 5 CM, H = 2 M","M2    ","CR","35,41"]
[36887,"TELA DE FIBRA DE VIDRO, ACABAMENTO ANTI-ALCALINO, MALHA 10 X 10 MM","M2    ","AS","14,07"]
[34630,"TELA EM MALHA HEXAGONAL DE DUPLA TORCAO 8 X 10 CM (ZN/ AL + PVC), FIO 2,7 MM, COM GEOMANTA OU BIOMANTA, DIMENSOES 4,0 X 2,0 X 0,6 M, COM INCLINACAO DE 70 GRAUS, PARA SOLO REFORCADO","UN    ","AS","812,72"]
[7161,"TELA EM METAL PARA ESTUQUE (DEPLOYE)","M2    ","CR","5,37"]
[7170,"TELA FACHADEIRA EM POLIETILENO, ROLO DE 3 X 100 M (L X C), COR BRANCA, SEM LOGOMARCA - PARA PROTECAO DE OBRAS","M2    ","AS","2,00"]
[37524,"TELA PLASTICA LARANJA, TIPO TAPUME PARA SINALIZACAO, MALHA RETANGULAR, ROLO 1.20 X 50 M (L X C)","M     ","AS","1,91"]
[37525,"TELA PLASTICA TECIDA LISTRADA BRANCA E LARANJA, TIPO GUARDA CORPO, EM POLIETILENO MONOFILADO, ROLO 1,20 X 50 M (L X C)","M     ","AS","2,28"]
[10920,"TELA SOLDADA ARAME GALVANIZADO 12 BWG (2,77MM), MALHA 15 X 5 CM","M2    ","AS","10,04"]
[7238,"TELHA ALUMINIO ONDULADA, ALTURA = *18* MM, E = 0,5 MM","M2    ","AS","24,35"]
[7239,"TELHA ALUMINIO ONDULADA, ALTURA = *18* MM, E = 0,6 MM","M2    ","AS","30,28"]
[7240,"TELHA ALUMINIO ONDULADA, ALTURA = *18* MM, E = 0,7 MM","M2    ","AS","34,77"]
[36789,"TELHA CERAMICA TIPO AMERICANA, COMPRIMENTO DE *45* CM, RENDIMENTO DE *12* TELHAS/M2","UN    ","AS","1,81"]
[7176,"TELHA CERAMICA TIPO COLONIAL, COMPRIMENTO DE *44* CM, RENDIMENTO DE *26* TELHAS/M2","UN    ","AS","1,16"]
[7173,"TELHA CERAMICA TIPO COLONIAL, COMPRIMENTO DE *44* CM, RENDIMENTO DE *26* TELHAS/M2","MIL   ","AS","1.169,23"]
[7183,"TELHA CERAMICA TIPO FRANCESA, COMPRIMENTO DE *40* CM, RENDIMENTO DE *16* TELHAS/M2","UN    ","AS","1,88"]
[7180,"TELHA CERAMICA TIPO PAULISTA, COMPRIMENTO DE *48* CM, RENDIMENTO DE *26* TELHAS/M2","UN    ","AS","1,11"]
[11088,"TELHA CERAMICA TIPO PLAN, COMPRIMENTO DE *47* CM, RENDIMENTO DE *26* TELHAS/M2","UN    ","AS","1,05"]
[36788,"TELHA CERAMICA TIPO PORTUGUESA, COMPRIMENTO DE *40* CM, RENDIMENTO DE *16* TELHAS/M2","UN    ","AS","1,20"]
[7175,"TELHA CERAMICA TIPO ROMANA, COMPRIMENTO DE *41* CM,  RENDIMENTO DE *16* TELHAS/M2","UN    ","AS","1,32"]
[25007,"TELHA DE ACO ZINCADO ONDULADA, A = *17* MM, E = 0,5 MM, SEM PINTURA","M2    ","AS","27,50"]
[14171,"TELHA DE ACO ZINCADO TRAPEZOIDAL AUTOPORTANTE, A = 120 MM, E = 0,95 MM, COM PINTURA ELETROSTATICA BRANCA EM 1 FACE","M2    ","AS","73,52"]
[14170,"TELHA DE ACO ZINCADO TRAPEZOIDAL AUTOPORTANTE, A = 120 MM, E = 0,95 MM, SEM PINTURA","M2    ","AS","64,97"]
[14173,"TELHA DE ACO ZINCADO TRAPEZOIDAL AUTOPORTANTE, A = 259 MM, E = 0,95 MM, COM PINTURA ELETROSTATICA BRANCA EM 1 FACE","M2    ","AS","85,66"]
[14172,"TELHA DE ACO ZINCADO TRAPEZOIDAL AUTOPORTANTE, A = 259 MM, E = 0,95 MM, SEM PINTURA","M2    ","AS","69,33"]
[7243,"TELHA DE ACO ZINCADO TRAPEZOIDAL, A = *40* MM, E = 0,5 MM, SEM PINTURA","M2    ","AS","27,20"]
[11067,"TELHA DE ALUMINIO TRAPEZOIDAL, ALTURA = 38 MM, E = 0,5 MM (LARGURA = 1056 MM E COMPRIMENTO = 5000 MM)","UN    ","AS","121,14"]
[11068,"TELHA DE ALUMINIO TRAPEZOIDAL, ALTURA = 38 MM, E = 0,7 MM (LARGURA = 1056 MM E COMPRIMENTO = 5000 MM)","UN    ","AS","171,10"]
[40865,"TELHA DE CONCRETO TIPO CLASSICA, COR CINZA, COMPRIMENTO DE *42* CM, RENDIMENTO DE *10* TELHAS/M2 (COLETADO CAIXA)","UN    ","CR","2,64"]
[7184,"TELHA DE FIBRA DE VIDRO ONDULADA INCOLOR, E = 0,6 MM, DE *0,50 X 2,44* M","M2    ","AS","26,50"]
[34458,"TELHA DE FIBROCIMENTO E = 6 MM, DE 3,00 X 1,06 M (SEM AMIANTO)","UN    ","CR","176,72"]
[34464,"TELHA DE FIBROCIMENTO E = 6 MM, DE 4,10 X 1,06 M (SEM AMIANTO)","UN    ","CR","237,09"]
[34468,"TELHA DE FIBROCIMENTO E = 6 MM, DE 4,60 X 1,06 M (SEM AMIANTO)","UN    ","CR","273,62"]
[34473,"TELHA DE FIBROCIMENTO E = 8 MM, DE 3,00 X 1,06 M (SEM AMIANTO)","UN    ","CR","223,78"]
[34480,"TELHA DE FIBROCIMENTO E = 8 MM, DE 4,10 X 1,06 M (SEM AMIANTO)","UN    ","CR","305,17"]
[34486,"TELHA DE FIBROCIMENTO E = 8 MM, DE 4,60 X 1,06 M (SEM AMIANTO)","UN    ","CR","341,79"]
[7202,"TELHA DE FIBROCIMENTO E= 8 MM, DE *3,70 X 1,06* M (SEM AMIANTO)","M2    ","CR","70,04"]
[7190,"TELHA DE FIBROCIMENTO ONDULADA E = 4 MM, DE 1,22 X 0,50 M (SEM AMIANTO)","UN    ","CR","12,02"]
[34417,"TELHA DE FIBROCIMENTO ONDULADA E = 4 MM, DE 2,13 X 0,50 M (SEM AMIANTO)","UN    ","CR","20,88"]
[7213,"TELHA DE FIBROCIMENTO ONDULADA E = 4 MM, DE 2,44 X 0,50 M (SEM AMIANTO)","M2    ","CR","19,84"]
[7191,"TELHA DE FIBROCIMENTO ONDULADA E = 4 MM, DE 2,44 X 0,50 M (SEM AMIANTO)","UN    ","CR","24,20"]
[7195,"TELHA DE FIBROCIMENTO ONDULADA E = 6 MM, DE 1,53 X 1,10 M (SEM AMIANTO)","UN    ","CR","57,67"]
[7186,"TELHA DE FIBROCIMENTO ONDULADA E = 6 MM, DE 1,83 X 1,10 M (SEM AMIANTO)","UN    ","C ","69,00"]
[7207,"TELHA DE FIBROCIMENTO ONDULADA E = 6 MM, DE 2,44 X 1,10 M (SEM AMIANTO)","UN    ","CR","91,84"]
[7194,"TELHA DE FIBROCIMENTO ONDULADA E = 6 MM, DE 2,44 X 1,10 M (SEM AMIANTO)","M2    ","CR","34,22"]
[7197,"TELHA DE FIBROCIMENTO ONDULADA E = 6 MM, DE 3,66 X 1,10 M (SEM AMIANTO)","UN    ","CR","137,97"]
[7192,"TELHA DE FIBROCIMENTO ONDULADA E = 8 MM, DE 1,53 X 1,10 M (SEM AMIANTO)","UN    ","CR","75,88"]
[7193,"TELHA DE FIBROCIMENTO ONDULADA E = 8 MM, DE 1,83 X 1,10 M (SEM AMIANTO)","UN    ","CR","90,58"]
[7189,"TELHA DE FIBROCIMENTO ONDULADA E = 8 MM, DE 2,44 X 1,10 M (SEM AMIANTO)","UN    ","CR","127,23"]
[7198,"TELHA DE FIBROCIMENTO ONDULADA E = 8 MM, DE 3,66 X 1,10 M (SEM AMIANTO)","M2    ","CR","47,36"]
[34402,"TELHA DE FIBROCIMENTO ONDULADA E = 8 MM, DE 3,66 X 1,10 M (SEM AMIANTO)","UN    ","CR","190,71"]
[7245,"TELHA DE VIDRO TIPO FRANCESA, *39 X 23* CM","UN    ","CR","29,13"]
[34425,"TELHA ESTRUTURAL DE FIBROCIMENTO 1 ABA, DE 0,52 X 2,00 M (SEM AMIANTO)","UN    ","CR","117,93"]
[7223,"TELHA ESTRUTURAL DE FIBROCIMENTO 1 ABA, DE 0,52 X 2,50 M (SEM AMIANTO)","UN    ","CR","137,44"]
[7234,"TELHA ESTRUTURAL DE FIBROCIMENTO 1 ABA, DE 0,52 X 3,60 M (SEM AMIANTO)","UN    ","CR","198,24"]
[7224,"TELHA ESTRUTURAL DE FIBROCIMENTO 1 ABA, DE 0,52 X 4,00 M (SEM AMIANTO)","UN    ","CR","218,96"]
[7221,"TELHA ESTRUTURAL DE FIBROCIMENTO 1 ABA, DE 0,52 X 4,50 M (SEM AMIANTO)","M2    ","CR","106,47"]
[7210,"TELHA ESTRUTURAL DE FIBROCIMENTO 1 ABA, DE 0,52 X 4,50 M (SEM AMIANTO)","UN    ","CR","249,14"]
[7225,"TELHA ESTRUTURAL DE FIBROCIMENTO 1 ABA, DE 0,52 X 5,00 M (SEM AMIANTO)","UN    ","CR","276,83"]
[7226,"TELHA ESTRUTURAL DE FIBROCIMENTO 1 ABA, DE 0,52 X 5,50 M (SEM AMIANTO)","UN    ","CR","304,64"]
[7236,"TELHA ESTRUTURAL DE FIBROCIMENTO 1 ABA, DE 0,52 X 6,00 M (SEM AMIANTO)","UN    ","CR","332,25"]
[7227,"TELHA ESTRUTURAL DE FIBROCIMENTO 1 ABA, DE 0,52 X 6,50 M (SEM AMIANTO)","UN    ","CR","359,94"]
[7212,"TELHA ESTRUTURAL DE FIBROCIMENTO 1 ABA, DE 0,52 X 7,20 M (SEM AMIANTO)","UN    ","CR","398,54"]
[7229,"TELHA ESTRUTURAL DE FIBROCIMENTO 2 ABAS, DE 1,00 X 3,00 M (SEM AMIANTO)","UN    ","CR","263,56"]
[7230,"TELHA ESTRUTURAL DE FIBROCIMENTO 2 ABAS, DE 1,00 X 4,60 M (SEM AMIANTO)","UN    ","CR","419,99"]
[7231,"TELHA ESTRUTURAL DE FIBROCIMENTO 2 ABAS, DE 1,00 X 6,00 M (SEM AMIANTO)","UN    ","CR","551,58"]
[7220,"TELHA ESTRUTURAL DE FIBROCIMENTO 2 ABAS, DE 1,00 X 7,40 M (SEM AMIANTO)","UN    ","CR","678,11"]
[34447,"TELHA ESTRUTURAL DE FIBROCIMENTO 2 ABAS, DE 1,00 X 8,20 M (SEM AMIANTO)","UN    ","CR","754,76"]
[7233,"TELHA ESTRUTURAL DE FIBROCIMENTO 2 ABAS, DE 1,00 X 9,20 M (SEM AMIANTO)","UN    ","CR","844,98"]
[42172,"TELHA GALVALUME COM ISOLAMENTO TERMOACUSTICO EM ESPUMA RIGIDA DE POLIURETANO (PU) INJETADO, E = 30 MM, DENSIDADE 35 KG/M3, COM DUAS FACES TRAPEZOIDAIS (NAO INCLUI ACESSORIOS DE FIXACAO) (COLETADO CAIXA)","M2    ","AS","84,29"]
[39520,"TELHA ISOLANTE COM NUCLEO EM POLIESTIRENO (EPS), E = 30 MM, REVESTIDA EM ACO ZINCADO *0,5* MM COM PRE-PINTURA NAS DUAS FACES, FACE SUPERIOR EM TELHA TRAPEZOIDAL E FACE INFERIOR EM CHAPA PLANA (NAO INCLUI ACESSORIOS DE FIXACAO)","M2    ","AS","109,78"]
[39521,"TELHA ISOLANTE COM NUCLEO EM POLIESTIRENO (EPS), E = 50 MM, REVESTIDA EM ACO ZINCADO *0,5* MM COM PRE-PINTURA NAS DUAS FACES, FACE SUPERIOR EM TELHA TRAPEZOIDAL E FACE INFERIOR EM CHAPA PLANA (NAO INCLUI ACESSORIOS DE FIXACAO)","M2    ","AS","117,59"]
[39522,"TELHA ISOLANTE COM NUCLEO EM POLIESTIRENO (EPS), E = 50 MM, REVESTIDA EM TELHA TRAPEZOIDAL DE ACO ZINCADO *0,5* MM COM PRE-PINTURA NAS DUAS FACES (NAO INCLUI ACESSORIOS DE FIXACAO)","M2    ","AS","94,02"]
[7246,"TELHA VIDRO TIPO CANAL OU COLONIAL, C = 46 A 50 CM","UN    ","CR","27,10"]
[12869,"TELHADOR","H     ","CR","17,33"]
[41097,"TELHADOR ( MENSALISTA )","MES   ","CR","3.027,36"]
[1574,"TERMINAL A COMPRESSAO EM COBRE ESTANHADO PARA CABO 10 MM2, 1 FURO E 1 COMPRESSAO, PARA PARAFUSO DE FIXACAO M6","UN    ","CR","1,13"]
[1581,"TERMINAL A COMPRESSAO EM COBRE ESTANHADO PARA CABO 120 MM2, 1 FURO E 1 COMPRESSAO, PARA PARAFUSO DE FIXACAO M12","UN    ","CR","7,82"]
[1575,"TERMINAL A COMPRESSAO EM COBRE ESTANHADO PARA CABO 16 MM2, 1 FURO E 1 COMPRESSAO, PARA PARAFUSO DE FIXACAO M6","UN    ","CR","1,34"]
[1570,"TERMINAL A COMPRESSAO EM COBRE ESTANHADO PARA CABO 2,5 MM2, 1 FURO E 1 COMPRESSAO, PARA PARAFUSO DE FIXACAO M5","UN    ","CR","0,67"]
[1576,"TERMINAL A COMPRESSAO EM COBRE ESTANHADO PARA CABO 25 MM2, 1 FURO E 1 COMPRESSAO, PARA PARAFUSO DE FIXACAO M8","UN    ","CR","1,85"]
[1577,"TERMINAL A COMPRESSAO EM COBRE ESTANHADO PARA CABO 35 MM2, 1 FURO E 1 COMPRESSAO, PARA PARAFUSO DE FIXACAO M8","UN    ","CR","2,09"]
[1571,"TERMINAL A COMPRESSAO EM COBRE ESTANHADO PARA CABO 4 MM2, 1 FURO E 1 COMPRESSAO, PARA PARAFUSO DE FIXACAO M5","UN    ","CR","0,87"]
[1578,"TERMINAL A COMPRESSAO EM COBRE ESTANHADO PARA CABO 50 MM2, 1 FURO E 1 COMPRESSAO, PARA PARAFUSO DE FIXACAO M8","UN    ","CR","3,62"]
[1573,"TERMINAL A COMPRESSAO EM COBRE ESTANHADO PARA CABO 6 MM2, 1 FURO E 1 COMPRESSAO, PARA PARAFUSO DE FIXACAO M6","UN    ","CR","1,04"]
[1579,"TERMINAL A COMPRESSAO EM COBRE ESTANHADO PARA CABO 70 MM2, 1 FURO E 1 COMPRESSAO, PARA PARAFUSO DE FIXACAO M10","UN    ","CR","4,52"]
[1580,"TERMINAL A COMPRESSAO EM COBRE ESTANHADO PARA CABO 95 MM2, 1 FURO E 1 COMPRESSAO, PARA PARAFUSO DE FIXACAO M12","UN    ","CR","5,56"]
[7571,"TERMINAL AEREO EM ACO GALVANIZADO DN 5/16\", COMPRIMENTO DE 350MM, COM BASE DE FIXACAO HORIZONTAL","UN    ","AS","8,81"]
[39321,"TERMINAL DE VENTILACAO, 100 MM, SERIE NORMAL, ESGOTO PREDIAL","UN    ","AS","6,86"]
[39319,"TERMINAL DE VENTILACAO, 50 MM, SERIE NORMAL, ESGOTO PREDIAL","UN    ","AS","4,20"]
[39320,"TERMINAL DE VENTILACAO, 75 MM, SERIE NORMAL, ESGOTO PREDIAL","UN    ","AS","5,01"]
[1591,"TERMINAL METALICO A PRESSAO PARA 1 CABO DE 120 MM2, COM 1 FURO DE FIXACAO","UN    ","CR","17,25"]
[1547,"TERMINAL METALICO A PRESSAO PARA 1 CABO DE 150 A 185 MM2, COM 2 FUROS PARA FIXACAO","UN    ","CR","90,42"]
[38196,"TERMINAL METALICO A PRESSAO PARA 1 CABO DE 150 MM2, COM 1 FURO DE FIXACAO","UN    ","CR","17,61"]
[1543,"TERMINAL METALICO A PRESSAO PARA 1 CABO DE 16 A 25 MM2, COM 2 FUROS PARA FIXACAO","UN    ","CR","18,71"]
[1585,"TERMINAL METALICO A PRESSAO PARA 1 CABO DE 16 MM2, COM 1 FURO DE FIXACAO","UN    ","CR","3,62"]
[1593,"TERMINAL METALICO A PRESSAO PARA 1 CABO DE 185 MM2, COM 1 FURO DE FIXACAO","UN    ","CR","19,24"]
[11838,"TERMINAL METALICO A PRESSAO PARA 1 CABO DE 240 MM2, COM 1 FURO DE FIXACAO","UN    ","CR","25,39"]
[1594,"TERMINAL METALICO A PRESSAO PARA 1 CABO DE 25 A 35 MM2, COM 2 FUROS PARA FIXACAO","UN    ","CR","25,67"]
[1586,"TERMINAL METALICO A PRESSAO PARA 1 CABO DE 25 MM2, COM 1 FURO DE FIXACAO","UN    ","CR","4,58"]
[11839,"TERMINAL METALICO A PRESSAO PARA 1 CABO DE 300 MM2, COM 1 FURO DE FIXACAO","UN    ","CR","36,95"]
[1587,"TERMINAL METALICO A PRESSAO PARA 1 CABO DE 35 MM2, COM 1 FURO DE FIXACAO","UN    ","CR","4,67"]
[1545,"TERMINAL METALICO A PRESSAO PARA 1 CABO DE 50 A 70 MM2, COM 2 FUROS PARA FIXACAO","UN    ","CR","44,34"]
[1588,"TERMINAL METALICO A PRESSAO PARA 1 CABO DE 50 MM2, COM 1 FURO DE FIXACAO","UN    ","CR","6,41"]
[1535,"TERMINAL METALICO A PRESSAO PARA 1 CABO DE 6 A 10 MM2, COM 1 FURO DE FIXACAO","UN    ","CR","3,69"]
[1589,"TERMINAL METALICO A PRESSAO PARA 1 CABO DE 70 MM2, COM 1 FURO DE FIXACAO","UN    ","CR","6,61"]
[1546,"TERMINAL METALICO A PRESSAO PARA 1 CABO DE 95 A 120 MM2, COM 2 FUROS PARA FIXACAO","UN    ","CR","74,82"]
[1590,"TERMINAL METALICO A PRESSAO PARA 1 CABO DE 95 MM2, COM 1 FURO DE FIXACAO","UN    ","CR","11,64"]
[1542,"TERMINAL METALICO A PRESSAO 1 CABO, PARA CABOS DE 4 A 10 MM2, COM 2 FUROS PARA FIXACAO","UN    ","CR","15,41"]
[38415,"TERMOFUSORA PARA TUBOS E CONEXOES EM PPR COM DIAMETROS DE 20 A 63 MM, POTENCIA DE 800 W, TENSAO 220 V","UN    ","CR","784,42"]
[38414,"TERMOFUSORA PARA TUBOS E CONEXOES EM PPR COM DIAMETROS DE 75 A 110 MM, POTENCIA DE *1100* W, TENSAO 220 V","UN    ","CR","1.100,94"]
[38128,"TERRA VEGETAL (ENSACADA)","KG    ","C ","0,37"]
[7253,"TERRA VEGETAL (GRANEL)","M3    ","CR","79,28"]
[4806,"TESTEIRA ANTIDERRAPANTE PARA PISO VINILICO *5 X 2,5* CM, E = 2 MM","M     ","CR","9,67"]
[34401,"TIJOLO CERAMICO LAMINADO 5,5 X 11 X 23 CM","UN    ","CR","0,90"]
[7258,"TIJOLO CERAMICO MACICO *5 X 10 X 20* CM","UN    ","CR","0,28"]
[7260,"TIJOLO CERAMICO MACICO APARENTE *6 X 12 X 24* CM","UN    ","CR","0,87"]
[7256,"TIJOLO CERAMICO MACICO APARENTE 2 FUROS, *6,5 X 10 X 20* CM","UN    ","CR","0,51"]
[34400,"TIJOLO CERAMICO REFRATARIO 2,5 X 11,4 X 22,9 CM","UN    ","CR","2,19"]
[10617,"TIJOLO CERAMICO REFRATARIO 6,3 X 11,4 X 22,9 CM","UN    ","CR","3,06"]
[7280,"TIL DE PASSAGEM, EM PVC, JE, BBB, DN 100 X 100 MM, PARA REDE COLETORA DE ESGOTO NBR 10569","UN    ","AS","270,64"]
[7282,"TIL DE PASSAGEM, EM PVC, JE, BBB, DN 150 X 150 MM, PARA REDE COLETORA DE ESGOTO NBR 10569","UN    ","AS","509,45"]
[7276,"TIL DE PASSAGEM, EM PVC, JE, BBB, DN 200 X 150 MM, PARA REDE COLETORA DE ESGOTO NBR 10569","UN    ","AS","551,58"]
[7277,"TIL DE PASSAGEM, EM PVC, JE, BBB, DN 250 X 150 MM, PARA REDE COLETORA DE ESGOTO NBR 10569","UN    ","AS","712,11"]
[7278,"TIL DE PASSAGEM, EM PVC, JE, BBB, DN 300 X 150 MM, PARA REDE COLETORA DE ESGOTO NBR 10569","UN    ","AS","912,76"]
[7274,"TIL PARA LIGACAO PREDIAL, EM PVC, JE, BBB, DN 100 X 100 MM, PARA REDE COLETORA ESGOTO (NBR 10569)","UN    ","AS","18,97"]
[7275,"TIL RADIAL, PVC, JE, BBB, DN 150 X 200 MM, PARA REDE COLETORA DE ESGOTO (NBR 10569)","UN    ","AS","499,16"]
[7284,"TIL RADIAL, PVC, JE, BBB, DN 300 X 200 MM, PARA REDE COLETORA DE ESGOTO (NBR 10569)","UN    ","AS","1.537,39"]
[11663,"TIL TUBO QUEDA, EM PVC, JE, BBB, DN 100 X 100 MM, PARA REDE COLETORA DE ESGOTO (NBR 10569)","UN    ","AS","185,78"]
[11665,"TIL TUBO QUEDA, EM PVC, JE, BBB, DN 150 X 150 MM, PARA REDE COLETORA DE ESGOTO (NBR 10569)","UN    ","AS","821,46"]
[11666,"TIL TUBO QUEDA, EM PVC, JE, BBB, DN 200 X 150 MM, PARA REDE COLETORA DE ESGOTO (NBR 10569)","UN    ","AS","827,99"]
[11667,"TIL TUBO QUEDA, EM PVC, JE, BBB, DN 250 X 150 MM, PARA REDE COLETORA DE ESGOTO (NBR 10569)","UN    ","AS","944,88"]
[11668,"TIL TUBO QUEDA, EM PVC, JE, BBB, DN 300 X 150 MM, PARA REDE COLETORA DE ESGOTO (NBR 10569)","UN    ","AS","1.017,54"]
[38121,"TINTA A BASE DE RESINA ACRILICA EMULSIONADA EM AGUA, PARA SINALIZACAO HORIZONTAL VIARIA (NBR 13699)","L     ","CR","11,06"]
[7343,"TINTA A BASE DE RESINA ACRILICA, PARA SINALIZACAO HORIZONTAL VIARIA (NBR 11862)","L     ","CR","11,19"]
[7287,"TINTA A OLEO BRILHANTE PARA MADEIRA E METAIS","GL    ","CR","81,28"]
[7350,"TINTA ACRILICA PARA CERAMICA","L     ","CR","19,99"]
[7348,"TINTA ACRILICA PREMIUM PARA PISO","L     ","CR","11,21"]
[7347,"TINTA ACRILICA PREMIUM PARA PISO","GL    ","CR","40,37"]
[7355,"TINTA ACRILICA PREMIUM, COR BRANCO  FOSCO","GL    ","CR","60,50"]
[7356,"TINTA ACRILICA PREMIUM, COR BRANCO FOSCO","L     ","CR","16,80"]
[7313,"TINTA ASFALTICA IMPERMEABILIZANTE DILUIDA EM SOLVENTE, PARA MATERIAIS CIMENTICIOS, METAL E MADEIRA","L     ","CR","16,38"]
[7319,"TINTA ASFALTICA IMPERMEABILIZANTE DISPERSA EM AGUA, PARA MATERIAIS CIMENTICIOS","L     ","CR","9,37"]
[38119,"TINTA BORRACHA CLORADA, ACABAMENTO SEMIBRILHO, BRANCA","L     ","CR","77,61"]
[7314,"TINTA BORRACHA CLORADA, ACABAMENTO SEMIBRILHO, CORES VIVAS","L     ","CR","83,65"]
[38131,"TINTA BORRACHA, CLORADA, ACABAMENTO SEMIBRILHO, PRETA","L     ","CR","78,31"]
[7304,"TINTA EPOXI PREMIUM, BRANCA","L     ","CR","60,67"]
[7293,"TINTA ESMALTE SINTETICO GRAFITE COM PROTECAO PARA METAIS FERROSOS","L     ","CR","27,20"]
[7311,"TINTA ESMALTE SINTETICO PREMIUM ACETINADO","L     ","CR","26,31"]
[7292,"TINTA ESMALTE SINTETICO PREMIUM BRILHANTE","L     ","C ","25,54"]
[7288,"TINTA ESMALTE SINTETICO PREMIUM FOSCO","L     ","CR","28,94"]
[35693,"TINTA LATEX ACRILICA ECONOMICA, COR BRANCA","L     ","CR","7,71"]
[35692,"TINTA LATEX ACRILICA STANDARD, COR BRANCA","L     ","CR","41,33"]
[7344,"TINTA LATEX PVA PREMIUM,  COR BRANCA","GL    ","C ","52,30"]
[7345,"TINTA LATEX PVA PREMIUM, COR BRANCA","L     ","CR","14,52"]
[35691,"TINTA LATEX PVA STANDARD, COR BRANCA","L     ","CR","11,48"]
[7342,"TINTA MINERAL IMPERMEAVEL EM PO, BRANCA","KG    ","CR","1,79"]
[7306,"TINTA PROTETORA SUPERFICIE METALICA ALUMINIO","L     ","CR","31,19"]
[154,"TINTA/REVESTIMENTO  A BASE DE RESINA EPOXI COM ALCATRAO, BICOMPONENTE","L     ","CR","50,90"]
[7338,"TINTA/REVESTIMENTO A BASE DE RESINA EPOXI COM ALCATRAO, BICOMPONENTE","KG    ","CR","33,93"]
[39574,"TIRANTE COM ELO, EM ARAME GALVANIZADO RIGIDO, NUMERO 10, COMPRIMENTO 2000 MM, PARA PENDURAL DE FORRO REMOVIVEL","UN    ","CR","2,70"]
[11060,"TIRANTE EM FERRO GALVANIZADO PARA CONTRAVENTAMENTO DE TELHA CANALETE 90, 1/4 \" X 400 MM","UN    ","CR","31,03"]
[37401,"TOALHEIRO PLASTICO TIPO DISPENSER PARA PAPEL TOALHA INTERFOLHADO","UN    ","CR","59,60"]
[7525,"TOMADA INDUSTRIAL DE EMBUTIR 3P+T 30 A, 440 V, COM TRAVA, COM PLACA","UN    ","CR","51,21"]
[7524,"TOMADA INDUSTRIAL DE EMBUTIR 3P+T 30 A, 440 V, COM TRAVA, SEM PLACA","UN    ","CR","48,25"]
[38105,"TOMADA PARA ANTENA DE TV, CABO COAXIAL DE 9 MM (APENAS MODULO)","UN    ","CR","12,39"]
[38084,"TOMADA PARA ANTENA DE TV, CABO COAXIAL DE 9 MM, CONJUNTO MONTADO PARA EMBUTIR 4\" X 2\" (PLACA + SUPORTE + MODULO)","UN    ","CR","17,60"]
[38103,"TOMADA RJ11, 2 FIOS (APENAS MODULO)","UN    ","CR","18,61"]
[38082,"TOMADA RJ11, 2 FIOS, CONJUNTO MONTADO PARA EMBUTIR 4\" X 2\" (PLACA + SUPORTE + MODULO)","UN    ","CR","22,92"]
[38104,"TOMADA RJ45, 8 FIOS, CAT 5E (APENAS MODULO)","UN    ","CR","36,43"]
[38083,"TOMADA RJ45, 8 FIOS, CAT 5E, CONJUNTO MONTADO PARA EMBUTIR 4\" X 2\" (PLACA + SUPORTE + MODULO)","UN    ","CR","40,45"]
[38101,"TOMADA 2P+T 10A, 250V  (APENAS MODULO)","UN    ","CR","8,85"]
[7528,"TOMADA 2P+T 10A, 250V, CONJUNTO MONTADO PARA EMBUTIR 4\" X 2\" (PLACA + SUPORTE + MODULO)","UN    ","C ","10,40"]
[12147,"TOMADA 2P+T 10A, 250V, CONJUNTO MONTADO PARA SOBREPOR 4\" X 2\" (CAIXA + MODULO)","UN    ","CR","15,86"]
[38075,"TOMADA 2P+T 20A 250V, CONJUNTO MONTADO PARA EMBUTIR 4\" X 2\" (PLACA + SUPORTE + MODULO)","UN    ","CR","18,01"]
[38102,"TOMADA 2P+T 20A, 250V  (APENAS MODULO)","UN    ","CR","11,32"]
[38076,"TOMADAS (2 MODULOS) 2P+T 10A, 250V, CONJUNTO MONTADO PARA EMBUTIR 4\" X 2\" (PLACA + SUPORTE + MODULOS)","UN    ","CR","20,19"]
[7592,"TOPOGRAFO","H     ","C ","17,67"]
[40820,"TOPOGRAFO (MENSALISTA)","MES   ","CR","3.085,01"]
[11762,"TORNEIRA CROMADA COM BICO PARA JARDIM/TANQUE 1/2 \" OU 3/4 \" (REF 1153)","UN    ","CR","57,82"]
[13418,"TORNEIRA CROMADA CURTA SEM BICO PARA TANQUE, PADRAO POPULAR, 1/2 \" OU 3/4 \" (REF 1140)","UN    ","CR","16,15"]
[13984,"TORNEIRA CROMADA CURTA SEM BICO PARA USO GERAL  1/2 \" OU 3/4 \" (REF 1152)","UN    ","CR","40,41"]
[11772,"TORNEIRA CROMADA DE MESA PARA COZINHA BICA MOVEL COM AREJADOR 1/2 \" OU 3/4 \" (REF 1167)","UN    ","CR","98,13"]
[36795,"TORNEIRA CROMADA DE MESA PARA LAVATORIO COM SENSOR DE PRESENCA","UN    ","CR","631,17"]
[36796,"TORNEIRA CROMADA DE MESA PARA LAVATORIO TEMPORIZADA PRESSAO BICA BAIXA","UN    ","CR","162,51"]
[36791,"TORNEIRA CROMADA DE MESA PARA LAVATORIO, BICA ALTA (REF 1195)","UN    ","CR","83,73"]
[13415,"TORNEIRA CROMADA DE MESA PARA LAVATORIO, PADRAO POPULAR, 1/2 \" OU 3/4 \" (REF 1193)","UN    ","C ","48,67"]
[36792,"TORNEIRA CROMADA DE PAREDE LONGA PARA LAVATORIO (REF 1178)","UN    ","CR","160,05"]
[11773,"TORNEIRA CROMADA DE PAREDE PARA COZINHA BICA MOVEL COM AREJADOR 1/2 \" OU 3/4 \" (REF 1168)","UN    ","CR","93,69"]
[11775,"TORNEIRA CROMADA DE PAREDE PARA COZINHA COM AREJADOR 1/2 \" OU 3/4 \" (REF 1157)","UN    ","CR","97,83"]
[13983,"TORNEIRA CROMADA DE PAREDE PARA COZINHA COM AREJADOR, PADRAO POPULAR, 1/2 \" OU 3/4 \" (REF 1159)","UN    ","CR","49,98"]
[13416,"TORNEIRA CROMADA DE PAREDE PARA COZINHA SEM AREJADOR, PADRAO POPULAR, 1/2 \" OU 3/4 \" (REF 1158)","UN    ","CR","40,31"]
[13417,"TORNEIRA CROMADA SEM BICO PARA TANQUE 1/2 \" OU 3/4 \" (REF 1143)","UN    ","CR","35,55"]
[7604,"TORNEIRA CROMADA SEM BICO PARA TANQUE, PADRAO POPULAR, 1/2 \" OU 3/4 \" (REF 1126)","UN    ","CR","15,39"]
[11777,"TORNEIRA ELETRICA DE PAREDE, BICA ALTA, PARA COZINHA, 5500 W (110/220 V)","UN    ","CR","126,83"]
[7602,"TORNEIRA METAL AMARELO COM BICO PARA JARDIM, PADRAO POPULAR, 1/2 \" OU 3/4 \" (REF 1128)","UN    ","CR","15,26"]
[7603,"TORNEIRA METAL AMARELO CURTA SEM BICO PARA TANQUE, PADRAO POPULAR, 1/2 \" OU 3/4 \" (REF 1120)","UN    ","CR","14,80"]
[11763,"TORNEIRA METALICA DE BOIA CONVENCIONAL PARA CAIXA D'AGUA, 1.1/2\", COM HASTE METALICA E BALAO PLASTICO","UN    ","CR","45,65"]
[11764,"TORNEIRA METALICA DE BOIA CONVENCIONAL PARA CAIXA D'AGUA, 1.1/4\", COM HASTE METALICA E BALAO PLASTICO","UN    ","CR","48,76"]
[11826,"TORNEIRA METALICA DE BOIA CONVENCIONAL PARA CAIXA D'AGUA, 1/2 \", COM HASTE METALICA E BALAO METALICO","UN    ","CR","19,44"]
[11829,"TORNEIRA METALICA DE BOIA CONVENCIONAL PARA CAIXA D'AGUA, 1/2\", COM HASTE METALICA E BALAO PLASTICO","UN    ","CR","11,68"]
[11825,"TORNEIRA METALICA DE BOIA CONVENCIONAL PARA CAIXA D'AGUA, 1\", COM HASTE METALICA E BALAO PLASTICO","UN    ","CR","20,03"]
[11767,"TORNEIRA METALICA DE BOIA CONVENCIONAL PARA CAIXA D'AGUA, 2\", COM HASTE METALICA E BALAO PLASTICO","UN    ","CR","80,93"]
[7606,"TORNEIRA METALICA DE BOIA CONVENCIONAL PARA CAIXA D'AGUA, 3/4 \", COM HASTE METALICA E BALAO METALICO","UN    ","CR","20,26"]
[11830,"TORNEIRA METALICA DE BOIA CONVENCIONAL PARA CAIXA D'AGUA, 3/4\", COM HASTE METALICA E BALAO PLASTICO","UN    ","CR","12,63"]
[11766,"TORNEIRA METALICA DE BOIA VAZAO TOTAL PARA CAIXA D'AGUA, 1/2\", COM HASTE METALICA E BALAO PLASTICO","UN    ","CR","22,44"]
[11765,"TORNEIRA METALICA DE BOIA VAZAO TOTAL PARA CAIXA D'AGUA, 1\", COM HASTE METALICA E BALAO PLASTICO","UN    ","CR","30,56"]
[11824,"TORNEIRA METALICA DE BOIA VAZAO TOTAL PARA CAIXA D'AGUA, 3/4\", COM HASTE METALICA E BALAO PLASTICO","UN    ","CR","23,15"]
[40329,"TORNEIRA PLASTICA DE BOIA CONVENCIONAL PARA CAIXA DE AGUA, 3/4 \", COM HASTE METALICA E COM BALAO PLASTICO (PADRAO POPULAR)","UN    ","C ","9,80"]
[11823,"TORNEIRA PLASTICA DE BOIA PARA CAIXA DE DESCARGA,  1/2\", COM HASTE  METALICA E BALAO PLASTICO","UN    ","CR","4,23"]
[11832,"TORNEIRA PLASTICA DE MESA PARA LAVATORIO 1/2 \"","UN    ","CR","10,77"]
[11822,"TORNEIRA PLASTICA DE MESA, BICA MOVEL, PARA COZINHA 1/2 \"","UN    ","CR","29,37"]
[11831,"TORNEIRA PLASTICA PARA TANQUE 1/2 \" OU 3/4 \" COM BICO PARA MANGUEIRA","UN    ","CR","22,30"]
[7613,"TRANSFORMADOR TRIFASICO DE DISTRIBUICAO, POTENCIA DE 1000 KVA, TENSAO NOMINAL DE 15 KV, TENSAO SECUNDARIA DE 220/127V, EM OLEO ISOLANTE TIPO MINERAL","UN    ","AS","50.213,46"]
[7619,"TRANSFORMADOR TRIFASICO DE DISTRIBUICAO, POTENCIA DE 112,5 KVA, TENSAO NOMINAL DE 15 KV, TENSAO SECUNDARIA DE 220/127V, EM OLEO ISOLANTE TIPO MINERAL","UN    ","AS","7.761,92"]
[12076,"TRANSFORMADOR TRIFASICO DE DISTRIBUICAO, POTENCIA DE 15 KVA, TENSAO NOMINAL DE 15 KV, TENSAO SECUNDARIA DE 220/127V, EM OLEO ISOLANTE TIPO MINERAL","UN    ","AS","3.560,51"]
[7614,"TRANSFORMADOR TRIFASICO DE DISTRIBUICAO, POTENCIA DE 150 KVA, TENSAO NOMINAL DE 15 KV, TENSAO SECUNDARIA DE 220/127V, EM OLEO ISOLANTE TIPO MINERAL","UN    ","AS","9.789,64"]
[7618,"TRANSFORMADOR TRIFASICO DE DISTRIBUICAO, POTENCIA DE 1500 KVA, TENSAO NOMINAL DE 15 KV, TENSAO SECUNDARIA DE 220/127V, EM OLEO ISOLANTE TIPO MINERAL","UN    ","AS","63.493,18"]
[7620,"TRANSFORMADOR TRIFASICO DE DISTRIBUICAO, POTENCIA DE 225 KVA, TENSAO NOMINAL DE 15 KV, TENSAO SECUNDARIA DE 220/127V, EM OLEO ISOLANTE TIPO MINERAL","UN    ","AS","13.733,42"]
[7610,"TRANSFORMADOR TRIFASICO DE DISTRIBUICAO, POTENCIA DE 30 KVA, TENSAO NOMINAL DE 15 KV, TENSAO SECUNDARIA DE 220/127V, EM OLEO ISOLANTE TIPO MINERAL","UN    ","AS","4.348,91"]
[7615,"TRANSFORMADOR TRIFASICO DE DISTRIBUICAO, POTENCIA DE 300 KVA, TENSAO NOMINAL DE 15 KV, TENSAO SECUNDARIA DE 220/127V, EM OLEO ISOLANTE TIPO MINERAL","UN    ","AS","16.022,32"]
[7617,"TRANSFORMADOR TRIFASICO DE DISTRIBUICAO, POTENCIA DE 45 KVA, TENSAO NOMINAL DE 15 KV, TENSAO SECUNDARIA DE 220/127V, EM OLEO ISOLANTE TIPO MINERAL","UN    ","AS","4.857,56"]
[7616,"TRANSFORMADOR TRIFASICO DE DISTRIBUICAO, POTENCIA DE 500 KVA, TENSAO NOMINAL DE 15 KV, TENSAO SECUNDARIA DE 220/127V, EM OLEO ISOLANTE TIPO MINERAL","UN    ","AS","26.145,89"]
[7611,"TRANSFORMADOR TRIFASICO DE DISTRIBUICAO, POTENCIA DE 75 KVA, TENSAO NOMINAL DE 15 KV, TENSAO SECUNDARIA DE 220/127V, EM OLEO ISOLANTE TIPO MINERAL","UN    ","AS","6.281,77"]
[7612,"TRANSFORMADOR TRIFASICO DE DISTRIBUICAO, POTENCIA DE 750 KVA, TENSAO NOMINAL DE 15 KV, TENSAO SECUNDARIA DE 220/127V, EM OLEO ISOLANTE TIPO MINERAL","UN    ","AS","35.863,56"]
[37371,"TRANSPORTE - HORISTA (ENCARGOS COMPLEMENTARES) (COLETADO CAIXA)","H     ","C ","0,48"]
[40861,"TRANSPORTE - MENSALISTA (ENCARGOS COMPLEMENTARES) (COLETADO CAIXA)","MES   ","C ","91,21"]
[36510,"TRATOR DE ESTEIRAS, POTENCIA BRUTA DE 133 HP, PESO OPERACIONAL DE 14 T, COM LAMINA COM CAPACIDADE DE 3,00 M3","UN    ","AS","536.697,22"]
[25020,"TRATOR DE ESTEIRAS, POTENCIA BRUTA DE 347 HP, PESO OPERACIONAL DE 38,5 T, COM ESCARIFICADOR E LAMINA COM CAPACIDADE DE 4,70M3","UN    ","AS","2.211.003,74"]
[7622,"TRATOR DE ESTEIRAS, POTENCIA DE 100 HP, PESO OPERACIONAL DE 9,4 T, COM LAMINA COM CAPACIDADE DE 2,19 M3","UN    ","AS","520.674,75"]
[7624,"TRATOR DE ESTEIRAS, POTENCIA DE 150 HP, PESO OPERACIONAL DE 16,7 T, COM RODA MOTRIZ ELEVADA E LAMINA COM CONTATO DE 3,18M3","UN    ","AS","675.000,00"]
[7625,"TRATOR DE ESTEIRAS, POTENCIA DE 170 HP, PESO OPERACIONAL DE 19 T, COM LAMINA COM CAPACIDADE DE 5,2 M3","UN    ","AS","670.871,49"]
[7623,"TRATOR DE ESTEIRAS, POTENCIA DE 347 HP, PESO OPERACIONAL DE 38,5 T, COM LAMINA COM CAPACIDADE DE 8,70M3","UN    ","AS","2.211.003,74"]
[36508,"TRATOR DE ESTEIRAS, POTENCIA NO VOLANTE DE 200 HP, PESO OPERACIONAL DE 20,1 T, COM RODA MOTRIZ ELEVADA E LAMINA COM CAPACIDADE DE 3,89 M3","UN    ","AS","994.376,11"]
[36509,"TRATOR DE ESTEIRAS, POTENCIA 125 HP, PESO OPERACIONAL DE 12,9 T, COM LAMINA COM CAPACIDADE DE 2,7 M3","UN    ","AS","544.954,09"]
[13238,"TRATOR DE PNEUS COM POTENCIA DE 105 CV, TRACAO 4 X 4, PESO COM LASTRO DE 5775 KG","UN    ","AS","141.308,40"]
[36511,"TRATOR DE PNEUS COM POTENCIA DE 122 CV, TRACAO 4 X 4, PESO COM LASTRO DE 4510 KG","UN    ","AS","163.738,30"]
[36515,"TRATOR DE PNEUS COM POTENCIA DE 15 CV, PESO COM LASTRO DE 1160 KG","UN    ","AS","48.224,29"]
[10598,"TRATOR DE PNEUS COM POTENCIA DE 50 CV, TRACAO 4 X 2, PESO COM LASTRO DE 2714 KG","UN    ","AS","78.202,98"]
[7640,"TRATOR DE PNEUS COM POTENCIA DE 85 CV, TRACAO 4 X 4, PESO COM LASTRO DE 4675 KG","UN    ","AS","120.000,00"]
[36513,"TRATOR DE PNEUS COM POTENCIA DE 85 CV, TURBO,  PESO COM LASTRO DE 4900 KG","UN    ","AS","115.598,12"]
[36514,"TRATOR DE PNEUS COM POTENCIA DE 95 CV, TRACAO 4 X 4, PESO MAXIMO DE 5225 KG","UN    ","AS","128.971,95"]
[36149,"TRAVA-QUEDAS EM ACO PARA CORDA DE 12 MM, EXTENSOR DE 25 X 300 MM, COM MOSQUETAO TIPO GANCHO TRAVA DUPLA","UN    ","CR","141,00"]
[11581,"TRILHO EM ALUMINIO \"U\", COM ABAULADO PARA ROLDANA DE PORTA DE CORRER, *40 X 40* MM","M     ","CR","19,86"]
[11580,"TRILHO QUADRADO, EM ALUMINIO (VERGALHAO MACICO), 1/4\", (*6 X 6* CM), PARA RODIZIOS","M     ","CR","9,04"]
[38177,"TRINCO / FECHO TIPO AVIAO, EM ZAMAC CROMADO, *60* MM, PARA JANELAS - INCLUI PARAFUSOS","UN    ","CR","6,13"]
[10743,"TROLEY MANUAL CAPACIDADE 1 T","UN    ","AS","557,48"]
[39848,"TUBO / MANGUEIRA PRETA EM POLIETILENO, LINHA PESADA OU REFORCADA, TIPO ESPAGUETE, PARA INJECAO DE CALDA DE CIMENTO, D = 1/2\", ESPESSURA 1,5 MM","M     ","AS","1,14"]
[20999,"TUBO ACO CARBONO COM COSTURA, NBR 5580, CLASSE L, DN = 15 MM, E = 2,25 MM, 1,06 KG/M","M     ","AS","6,06"]
[21001,"TUBO ACO CARBONO COM COSTURA, NBR 5580, CLASSE L, DN = 25 MM, E = 2,65 MM, 2,02 KG/M","M     ","AS","11,31"]
[21003,"TUBO ACO CARBONO COM COSTURA, NBR 5580, CLASSE L, DN = 40 MM, E = 3,0 MM, 3,34 KG/M","M     ","AS","18,58"]
[21006,"TUBO ACO CARBONO COM COSTURA, NBR 5580, CLASSE L, DN = 80 MM, E = 3,35 MM, 7,07 KG/M","M     ","AS","39,44"]
[21019,"TUBO ACO CARBONO COM COSTURA, NBR 5580, CLASSE M, DN = 25 MM, E = 3,35 MM, *2,50* KG//M","M     ","AS","13,71"]
[21021,"TUBO ACO CARBONO COM COSTURA, NBR 5580, CLASSE M, DN = 40 MM, E = 3,35 MM, *3,71* KG//M","M     ","AS","21,67"]
[21024,"TUBO ACO CARBONO COM COSTURA, NBR 5580, CLASSE M, DN = 80 MM, E = 4,05 MM, *8,47* KG/M","M     ","AS","46,43"]
[40624,"TUBO ACO CARBONO SEM COSTURA 1 1/2\", E= *3,68 MM, SCHEDULE 40, 4,05 KG/M","M     ","CR","41,15"]
[13127,"TUBO ACO CARBONO SEM COSTURA 1/2\", E= *2,77 MM, SCHEDULE 40, *1,27 KG/M","M     ","CR","18,35"]
[13137,"TUBO ACO CARBONO SEM COSTURA 1/2\", E= *3,73 MM, SCHEDULE 80, *1,62 KG/M","M     ","CR","24,35"]
[20989,"TUBO ACO CARBONO SEM COSTURA 14\", E= *11,13 MM, SCHEDULE 40, *94,55 KG/M","M     ","CR","872,65"]
[21147,"TUBO ACO CARBONO SEM COSTURA 2 1/2\", E = 5,16 MM, SCHEDULE 40 (8,62 KG/M)","M     ","CR","81,82"]
[21148,"TUBO ACO CARBONO SEM COSTURA 2\", E= *3,91* MM, SCHEDULE 40, *5,43* KG/M","M     ","C ","50,50"]
[20984,"TUBO ACO CARBONO SEM COSTURA 20\", E= *12,70 MM, SCHEDULE 30, *154,97 KG/M","M     ","CR","1.674,45"]
[13042,"TUBO ACO CARBONO SEM COSTURA 20\", E= *6,35 MM,  SCHEDULE 10, *78,46 KG/M","M     ","CR","927,89"]
[21150,"TUBO ACO CARBONO SEM COSTURA 3/4\", E= *2,87 MM, SCHEDULE 40, *1,69 KG/M","M     ","CR","25,04"]
[13141,"TUBO ACO CARBONO SEM COSTURA 3/4\", E= *3,91 MM, SCHEDULE 80, *2,19 KG/M.","M     ","CR","31,55"]
[21151,"TUBO ACO CARBONO SEM COSTURA 4\", E= *6,02 MM, SCHEDULE 40, *16,06 KG/M","M     ","CR","149,88"]
[13142,"TUBO ACO CARBONO SEM COSTURA 4\", E= *8,56 MM, SCHEDULE 80, *22,31 KG/M","M     ","CR","214,27"]
[20994,"TUBO ACO CARBONO SEM COSTURA 6\", E= *10,97 MM, SCHEDULE 80, *42,56 KG/M","M     ","CR","403,99"]
[7672,"TUBO ACO CARBONO SEM COSTURA 6\", E= 7,11 MM,  SCHEDULE 40, *28,26 KG/M","M     ","CR","264,66"]
[20995,"TUBO ACO CARBONO SEM COSTURA 8\", E= *12,70 MM, SCHEDULE 80, *64,64 KG/M","M     ","CR","530,92"]
[7690,"TUBO ACO CARBONO SEM COSTURA 8\", E= *6,35 MM,  SCHEDULE 20, *33,27 KG/M","M     ","CR","307,06"]
[20980,"TUBO ACO CARBONO SEM COSTURA 8\", E= *7,04 MM, SCHEDULE 30, *36,75 KG/M","M     ","CR","334,98"]
[7661,"TUBO ACO CARBONO SEM COSTURA 8\", E= *8,18 MM, SCHEDULE 40, *42,55 KG/M","M     ","CR","398,49"]
[21016,"TUBO ACO GALVANIZADO COM COSTURA, CLASSE LEVE, DN 100 MM ( 4\"),  E = 3,75 MM,  *10,55* KG/M (NBR 5580)","M     ","CR","88,72"]
[21008,"TUBO ACO GALVANIZADO COM COSTURA, CLASSE LEVE, DN 15 MM ( 1/2\"),  E = 2,25 MM,  *1,2* KG/M (NBR 5580)","M     ","CR","10,36"]
[21009,"TUBO ACO GALVANIZADO COM COSTURA, CLASSE LEVE, DN 20 MM ( 3/4\"),  E = 2,25 MM,  *1,3* KG/M (NBR 5580)","M     ","CR","13,49"]
[21010,"TUBO ACO GALVANIZADO COM COSTURA, CLASSE LEVE, DN 25 MM ( 1\"),  E = 2,65 MM,  *2,11* KG/M (NBR 5580)","M     ","C ","18,12"]
[21011,"TUBO ACO GALVANIZADO COM COSTURA, CLASSE LEVE, DN 32 MM ( 1 1/4\"),  E = 2,65 MM,  *2,71* KG/M (NBR 5580)","M     ","CR","26,41"]
[21012,"TUBO ACO GALVANIZADO COM COSTURA, CLASSE LEVE, DN 40 MM ( 1 1/2\"),  E = 3,00 MM,  *3,48* KG/M (NBR 5580)","M     ","CR","29,18"]
[21013,"TUBO ACO GALVANIZADO COM COSTURA, CLASSE LEVE, DN 50 MM ( 2\"),  E = 3,00 MM,  *4,40* KG/M (NBR 5580)","M     ","CR","38,08"]
[21014,"TUBO ACO GALVANIZADO COM COSTURA, CLASSE LEVE, DN 65 MM ( 2 1/2\"),  E = 3,35 MM, * 6,23* KG/M (NBR 5580)","M     ","CR","53,29"]
[21015,"TUBO ACO GALVANIZADO COM COSTURA, CLASSE LEVE, DN 80 MM ( 3\"),  E = 3,35 MM, *7,32* KG/M (NBR 5580)","M     ","CR","61,22"]
[7697,"TUBO ACO GALVANIZADO COM COSTURA, CLASSE MEDIA, DN 1.1/2\", E = *3,25* MM, PESO *3,61* KG/M (NBR 5580)","M     ","CR","29,21"]
[7698,"TUBO ACO GALVANIZADO COM COSTURA, CLASSE MEDIA, DN 1.1/4\", E = *3,25* MM, PESO *3,14* KG/M (NBR 5580)","M     ","CR","25,14"]
[7691,"TUBO ACO GALVANIZADO COM COSTURA, CLASSE MEDIA, DN 1/2\", E = *2,65* MM, PESO *1,22* KG/M (NBR 5580)","M     ","CR","10,62"]
[40626,"TUBO ACO GALVANIZADO COM COSTURA, CLASSE MEDIA, DN 1\", E = 3,38 MM, PESO 2,50 KG/M (NBR 5580)","M     ","CR","19,94"]
[7701,"TUBO ACO GALVANIZADO COM COSTURA, CLASSE MEDIA, DN 2.1/2\", E = *3,65* MM, PESO *6,51* KG/M (NBR 5580)","M     ","CR","52,28"]
[7696,"TUBO ACO GALVANIZADO COM COSTURA, CLASSE MEDIA, DN 2\", E = *3,65* MM, PESO *5,10* KG/M (NBR 5580)","M     ","CR","42,12"]
[7700,"TUBO ACO GALVANIZADO COM COSTURA, CLASSE MEDIA, DN 3/4\", E = *2,65* MM, PESO *1,58* KG/M (NBR 5580)","M     ","CR","13,44"]
[7694,"TUBO ACO GALVANIZADO COM COSTURA, CLASSE MEDIA, DN 3\", E = *4,05* MM, PESO *8,47* KG/M (NBR 5580)","M     ","CR","70,35"]
[7693,"TUBO ACO GALVANIZADO COM COSTURA, CLASSE MEDIA, DN 4\", E = 4,50* MM, PESO 12,10* KG/M (NBR 5580)","M     ","CR","96,89"]
[7692,"TUBO ACO GALVANIZADO COM COSTURA, CLASSE MEDIA, DN 5\", E = *5,40* MM, PESO *17,80* KG/M (NBR 5580)","M     ","CR","145,06"]
[7695,"TUBO ACO GALVANIZADO COM COSTURA, CLASSE MEDIA, DN 6\", E = 4,85* MM, PESO 19,68* KG/M (NBR 5580)","M     ","CR","157,32"]
[13356,"TUBO ACO INDUSTRIAL DN 2\" (50,8 MM) E=1,50MM, PESO= 1,8237 KG/M","M     ","CR","11,40"]
[36365,"TUBO COLETOR DE ESGOTO PVC, JEI, DN 100 MM (NBR  7362)","M     ","AS","16,48"]
[41930,"TUBO COLETOR DE ESGOTO PVC, JEI, DN 200 MM (NBR 7362)","M     ","AS","55,35"]
[41931,"TUBO COLETOR DE ESGOTO PVC, JEI, DN 250 MM (NBR 7362)","M     ","AS","93,82"]
[41932,"TUBO COLETOR DE ESGOTO PVC, JEI, DN 300 MM (NBR 7362)","M     ","AS","152,04"]
[41933,"TUBO COLETOR DE ESGOTO PVC, JEI, DN 350 MM (NBR 7362)","M     ","AS","188,53"]
[41934,"TUBO COLETOR DE ESGOTO PVC, JEI, DN 400 MM (NBR 7362)","M     ","AS","245,37"]
[41936,"TUBO COLETOR DE ESGOTO, PVC, JEI, DN 150 MM  (NBR 7362)","M     ","AS","35,45"]
[7720,"TUBO CONCRETO ARMADO, CLASSE EA-2, PB JE, DN 1000 MM, PARA ESGOTO SANITARIO (NBR 8890)","M     ","AS","306,18"]
[40335,"TUBO CONCRETO ARMADO, CLASSE EA-2, PB JE, DN 300 MM, PARA ESGOTO SANITARIO (NBR 8890)","M     ","AS","62,36"]
[7740,"TUBO CONCRETO ARMADO, CLASSE EA-2, PB JE, DN 400 MM, PARA ESGOTO SANITARIO (NBR 8890)","M     ","AS","85,08"]
[7741,"TUBO CONCRETO ARMADO, CLASSE EA-2, PB JE, DN 500 MM, PARA ESGOTO SANITARIO (NBR 8890)","M     ","AS","107,38"]
[7774,"TUBO CONCRETO ARMADO, CLASSE EA-2, PB JE, DN 600 MM, PARA ESGOTO SANITARIO (NBR 8890)","M     ","AS","144,55"]
[7744,"TUBO CONCRETO ARMADO, CLASSE EA-2, PB JE, DN 700 MM, PARA ESGOTO SANITARIO (NBR 8890)","M     ","AS","166,63"]
[7773,"TUBO CONCRETO ARMADO, CLASSE EA-2, PB JE, DN 800 MM, PARA ESGOTO SANITARIO (NBR 8890)","M     ","AS","207,52"]
[7754,"TUBO CONCRETO ARMADO, CLASSE EA-2, PB JE, DN 900 MM, PARA ESGOTO SANITARIO (NBR 8890)","M     ","AS","282,00"]
[7735,"TUBO CONCRETO ARMADO, CLASSE EA-3, PB JE, DN 1000 MM, PARA ESGOTO SANITARIO (NBR 8890)","M     ","AS","386,52"]
[7755,"TUBO CONCRETO ARMADO, CLASSE EA-3, PB JE, DN 400 MM, PARA ESGOTO SANITARIO (NBR 8890)","M     ","AS","103,65"]
[7776,"TUBO CONCRETO ARMADO, CLASSE EA-3, PB JE, DN 500 MM, PARA ESGOTO SANITARIO (NBR 8890)","M     ","AS","134,91"]
[7743,"TUBO CONCRETO ARMADO, CLASSE EA-3, PB JE, DN 600 MM, PARA ESGOTO SANITARIO (NBR 8890)","M     ","AS","178,16"]
[7733,"TUBO CONCRETO ARMADO, CLASSE EA-3, PB JE, DN 700 MM, PARA ESGOTO SANITARIO (NBR 8890)","M     ","AS","198,66"]
[7775,"TUBO CONCRETO ARMADO, CLASSE EA-3, PB JE, DN 800 MM, PARA ESGOTO SANITARIO (NBR 8890)","M     ","AS","244,42"]
[7734,"TUBO CONCRETO ARMADO, CLASSE EA-3, PB JE, DN 900 MM, PARA ESGOTO SANITARIO (NBR 8890)","M     ","AS","353,35"]
[7753,"TUBO CONCRETO ARMADO, CLASSE PA-1, PB, DN 1000 MM, PARA AGUAS PLUVIAIS (NBR 8890)","M     ","AS","179,15"]
[13256,"TUBO CONCRETO ARMADO, CLASSE PA-1, PB, DN 1100 MM, PARA AGUAS PLUVIAIS (NBR 8890)","M     ","AS","209,13"]
[7757,"TUBO CONCRETO ARMADO, CLASSE PA-1, PB, DN 1200 MM, PARA AGUAS PLUVIAIS (NBR 8890)","M     ","AS","253,89"]
[7758,"TUBO CONCRETO ARMADO, CLASSE PA-1, PB, DN 1500 MM, PARA AGUAS PLUVIAIS (NBR 8890)","M     ","AS","377,65"]
[7759,"TUBO CONCRETO ARMADO, CLASSE PA-1, PB, DN 2000 MM, PARA AGUAS PLUVIAIS (NBR 8890)","M     ","AS","822,76"]
[40334,"TUBO CONCRETO ARMADO, CLASSE PA-1, PB, DN 300 MM, PARA AGUAS PLUVIAIS (NBR 8890)","M     ","AS","44,42"]
[7745,"TUBO CONCRETO ARMADO, CLASSE PA-1, PB, DN 400 MM, PARA AGUAS PLUVIAIS (NBR 8890)","M     ","AS","46,94"]
[7714,"TUBO CONCRETO ARMADO, CLASSE PA-1, PB, DN 500 MM, PARA AGUAS PLUVIAIS (NBR 8890)","M     ","AS","61,98"]
[7725,"TUBO CONCRETO ARMADO, CLASSE PA-1, PB, DN 600 MM, PARA AGUAS PLUVIAIS (NBR 8890)","M     ","AS","82,00"]
[7742,"TUBO CONCRETO ARMADO, CLASSE PA-1, PB, DN 700 MM, PARA AGUAS PLUVIAIS (NBR 8890)","M     ","AS","115,10"]
[7750,"TUBO CONCRETO ARMADO, CLASSE PA-1, PB, DN 800 MM, PARA AGUAS PLUVIAIS (NBR 8890)","M     ","AS","130,52"]
[7756,"TUBO CONCRETO ARMADO, CLASSE PA-1, PB, DN 900 MM, PARA AGUAS PLUVIAIS (NBR 8890)","M     ","AS","161,14"]
[7765,"TUBO CONCRETO ARMADO, CLASSE PA-2, PB, DN 1000 MM, PARA AGUAS PLUVIAIS (NBR 8890)","M     ","AS","197,85"]
[12569,"TUBO CONCRETO ARMADO, CLASSE PA-2, PB, DN 1100 MM, PARA AGUAS PLUVIAIS (NBR 8890)","M     ","AS","212,89"]
[7766,"TUBO CONCRETO ARMADO, CLASSE PA-2, PB, DN 1200 MM, PARA AGUAS PLUVIAIS (NBR 8890)","M     ","AS","287,75"]
[7767,"TUBO CONCRETO ARMADO, CLASSE PA-2, PB, DN 1500 MM, PARA AGUAS PLUVIAIS (NBR 8890)","M     ","AS","443,40"]
[7727,"TUBO CONCRETO ARMADO, CLASSE PA-2, PB, DN 2000 MM, PARA AGUAS PLUVIAIS (NBR 8890)","M     ","AS","962,93"]
[7760,"TUBO CONCRETO ARMADO, CLASSE PA-2, PB, DN 300 MM, PARA AGUAS PLUVIAIS (NBR 8890)","M     ","AS","46,71"]
[7761,"TUBO CONCRETO ARMADO, CLASSE PA-2, PB, DN 400 MM, PARA AGUAS PLUVIAIS (NBR 8890)","M     ","AS","49,65"]
[7752,"TUBO CONCRETO ARMADO, CLASSE PA-2, PB, DN 500 MM, PARA AGUAS PLUVIAIS (NBR 8890)","M     ","AS","60,14"]
[7762,"TUBO CONCRETO ARMADO, CLASSE PA-2, PB, DN 600 MM, PARA AGUAS PLUVIAIS (NBR 8890)","M     ","AS","78,68"]
[7722,"TUBO CONCRETO ARMADO, CLASSE PA-2, PB, DN 700 MM, PARA AGUAS PLUVIAIS (NBR 8890)","M     ","AS","121,34"]
[7763,"TUBO CONCRETO ARMADO, CLASSE PA-2, PB, DN 800 MM, PARA AGUAS PLUVIAIS (NBR 8890)","M     ","AS","135,22"]
[7764,"TUBO CONCRETO ARMADO, CLASSE PA-2, PB, DN 900 MM, PARA AGUAS PLUVIAIS (NBR 8890)","M     ","AS","203,11"]
[12572,"TUBO CONCRETO ARMADO, CLASSE PA-3, PB, DN 1000 MM, PARA AGUAS PLUVIAIS (NBR 8890)","M     ","AS","266,31"]
[12573,"TUBO CONCRETO ARMADO, CLASSE PA-3, PB, DN 1100 MM, PARA AGUAS PLUVIAIS (NBR 8890)","M     ","AS","279,85"]
[12574,"TUBO CONCRETO ARMADO, CLASSE PA-3, PB, DN 1200 MM, PARA AGUAS PLUVIAIS (NBR 8890)","M     ","AS","363,64"]
[12575,"TUBO CONCRETO ARMADO, CLASSE PA-3, PB, DN 1500 MM, PARA AGUAS PLUVIAIS (NBR 8890)","M     ","AS","533,75"]
[12576,"TUBO CONCRETO ARMADO, CLASSE PA-3, PB, DN 400 MM, PARA AGUAS PLUVIAIS (NBR 8890)","M     ","AS","56,42"]
[12577,"TUBO CONCRETO ARMADO, CLASSE PA-3, PB, DN 500 MM, PARA AGUAS PLUVIAIS (NBR 8890)","M     ","AS","72,97"]
[12578,"TUBO CONCRETO ARMADO, CLASSE PA-3, PB, DN 600 MM, PARA AGUAS PLUVIAIS (NBR 8890)","M     ","AS","97,87"]
[12579,"TUBO CONCRETO ARMADO, CLASSE PA-3, PB, DN 700 MM, PARA AGUAS PLUVIAIS (NBR 8890)","M     ","AS","143,31"]
[12580,"TUBO CONCRETO ARMADO, CLASSE PA-3, PB, DN 800 MM, PARA AGUAS PLUVIAIS (NBR 8890)","M     ","AS","185,00"]
[12581,"TUBO CONCRETO ARMADO, CLASSE PA-3, PB, DN 900 MM, PARA AGUAS PLUVIAIS (NBR 8890)","M     ","AS","253,14"]
[41785,"TUBO CORRUGADO PEAD, PAREDE DUPLA, INTERNA LISA, JEI, DN/DI *1000* MM, PARA SANEAMENTO","M     ","AS","868,17"]
[41781,"TUBO CORRUGADO PEAD, PAREDE DUPLA, INTERNA LISA, JEI, DN/DI *400* MM, PARA SANEAMENTO","M     ","AS","197,62"]
[41783,"TUBO CORRUGADO PEAD, PAREDE DUPLA, INTERNA LISA, JEI, DN/DI *800* MM, PARA SANEAMENTO","M     ","AS","572,93"]
[41786,"TUBO CORRUGADO PEAD, PAREDE DUPLA, INTERNA LISA, JEI, DN/DI 1200 MM, PARA SANEAMENTO","M     ","AS","1.243,28"]
[41779,"TUBO CORRUGADO PEAD, PAREDE DUPLA, INTERNA LISA, JEI, DN/DI 250 MM, PARA SANEAMENTO","M     ","AS","67,07"]
[41780,"TUBO CORRUGADO PEAD, PAREDE DUPLA, INTERNA LISA, JEI, DN/DI 300 MM, PARA SANEAMENTO","M     ","AS","99,25"]
[41782,"TUBO CORRUGADO PEAD, PAREDE DUPLA, INTERNA LISA, JEI, DN/DI 600 MM, PARA SANEAMENTO","M     ","AS","386,30"]
[38130,"TUBO CPVC SOLDAVEL, 35 MM, AGUA QUENTE PREDIAL (NBR 15884)","M     ","CR","27,45"]
[21123,"TUBO CPVC, SOLDAVEL, 15 MM, AGUA QUENTE PREDIAL (NBR 15884)","M     ","C ","7,79"]
[21124,"TUBO CPVC, SOLDAVEL, 22 MM, AGUA QUENTE PREDIAL (NBR 15884)","M     ","CR","13,81"]
[21125,"TUBO CPVC, SOLDAVEL, 28 MM, AGUA QUENTE PREDIAL (NBR 15884)","M     ","CR","22,17"]
[38028,"TUBO CPVC, SOLDAVEL, 42 MM, AGUA QUENTE PREDIAL (NBR 15884)","M     ","CR","37,62"]
[38029,"TUBO CPVC, SOLDAVEL, 54 MM, AGUA QUENTE PREDIAL (NBR 15884)","M     ","CR","57,34"]
[38030,"TUBO CPVC, SOLDAVEL, 73 MM, AGUA QUENTE PREDIAL (NBR 15884)","M     ","CR","88,08"]
[38031,"TUBO CPVC, SOLDAVEL, 89 MM, AGUA QUENTE PREDIAL (NBR 15884)","M     ","CR","139,58"]
[39735,"TUBO DE BORRACHA ELASTOMERICA FLEXIVEL, PRETA, PARA ISOLAMENTO TERMICO DE TUBULACAO, DN 1 1/8\" (28 MM), E= 32 MM, COEFICIENTE DE CONDUTIVIDADE TERMICA 0,036W/mK, VAPOR DE AGUA MAIOR OU IGUAL A 10.000","M     ","AS","58,47"]
[39734,"TUBO DE BORRACHA ELASTOMERICA FLEXIVEL, PRETA, PARA ISOLAMENTO TERMICO DE TUBULACAO, DN 1 3/8\" (35 MM), E= 32 MM, COEFICIENTE DE CONDUTIVIDADE TERMICA 0,036W/mK, VAPOR DE AGUA MAIOR OU IGUAL A 10.000","M     ","AS","69,35"]
[39736,"TUBO DE BORRACHA ELASTOMERICA FLEXIVEL, PRETA, PARA ISOLAMENTO TERMICO DE TUBULACAO, DN 1 5/8\" (42 MM), E= 32 MM, COEFICIENTE DE CONDUTIVIDADE TERMICA 0,036W/mK, VAPOR DE AGUA MAIOR OU IGUAL A 10.000","M     ","AS","79,15"]
[39737,"TUBO DE BORRACHA ELASTOMERICA FLEXIVEL, PRETA, PARA ISOLAMENTO TERMICO DE TUBULACAO, DN 1/2\" (12 MM), E= 19 MM, COEFICIENTE DE CONDUTIVIDADE TERMICA 0,036W/mK, VAPOR DE AGUA MAIOR OU IGUAL A 10.000","M     ","AS","10,64"]
[39738,"TUBO DE BORRACHA ELASTOMERICA FLEXIVEL, PRETA, PARA ISOLAMENTO TERMICO DE TUBULACAO, DN 1/4\" (6 MM), E= 9 MM, COEFICIENTE DE CONDUTIVIDADE TERMICA 0,036W/mK, VAPOR DE AGUA MAIOR OU IGUAL A 10.000","M     ","AS","3,85"]
[39739,"TUBO DE BORRACHA ELASTOMERICA FLEXIVEL, PRETA, PARA ISOLAMENTO TERMICO DE TUBULACAO, DN 1\" (25 MM), E= 32 MM, COEFICIENTE DE CONDUTIVIDADE TERMICA 0,036W/mK, VAPOR DE AGUA MAIOR OU IGUAL A 10.000","M     ","AS","54,73"]
[39733,"TUBO DE BORRACHA ELASTOMERICA FLEXIVEL, PRETA, PARA ISOLAMENTO TERMICO DE TUBULACAO, DN 2 1/8\" (54 MM), E= 32 MM, COEFICIENTE DE CONDUTIVIDADE TERMICA 0,036W/mK, VAPOR DE AGUA MAIOR OU IGUAL A 10.000","M     ","AS","94,72"]
[39854,"TUBO DE BORRACHA ELASTOMERICA FLEXIVEL, PRETA, PARA ISOLAMENTO TERMICO DE TUBULACAO, DN 2 5/8\" (*64* MM), E= *32* MM, COEFICIENTE DE CONDUTIVIDADE TERMICA 0,036W/MK, VAPOR DE AGUA MAIOR OU IGUAL A 10.000","M     ","AS","96,06"]
[39740,"TUBO DE BORRACHA ELASTOMERICA FLEXIVEL, PRETA, PARA ISOLAMENTO TERMICO DE TUBULACAO, DN 3/4\" (18 MM), E= 32 MM, COEFICIENTE DE CONDUTIVIDADE TERMICA 0,036W/mK, VAPOR DE AGUA MAIOR OU IGUAL A 10.000","M     ","AS","52,56"]
[39741,"TUBO DE BORRACHA ELASTOMERICA FLEXIVEL, PRETA, PARA ISOLAMENTO TERMICO DE TUBULACAO, DN 3/8\" (10 MM), E= 19 MM, COEFICIENTE DE CONDUTIVIDADE TERMICA 0,036W/mK, VAPOR DE AGUA MAIOR OU IGUAL A 10.000","M     ","AS","9,68"]
[39853,"TUBO DE BORRACHA ELASTOMERICA FLEXIVEL, PRETA, PARA ISOLAMENTO TERMICO DE TUBULACAO, DN 5/8\" (15 MM), E= 19 MM, COEFICIENTE DE CONDUTIVIDADE TERMICA 0,036W/MK, VAPOR DE AGUA MAIOR OU IGUAL A 10.000","M     ","AS","12,72"]
[39742,"TUBO DE BORRACHA ELASTOMERICA FLEXIVEL, PRETA, PARA ISOLAMENTO TERMICO DE TUBULACAO, DN 7/8\" (22 MM), E= 32 MM, COEFICIENTE DE CONDUTIVIDADE TERMICA 0,036W/mK, VAPOR DE AGUA MAIOR OU IGUAL A 10.000","M     ","AS","42,24"]
[39749,"TUBO DE COBRE CLASSE \"A\", DN = 1 \" (28 MM), PARA INSTALACOES DE MEDIA PRESSAO PARA GASES COMBUSTIVEIS E MEDICINAIS","M     ","AS","38,43"]
[39751,"TUBO DE COBRE CLASSE \"A\", DN = 1 1/2 \" (42 MM), PARA INSTALACOES DE MEDIA PRESSAO PARA GASES COMBUSTIVEIS E MEDICINAIS","M     ","AS","69,84"]
[39750,"TUBO DE COBRE CLASSE \"A\", DN = 1 1/4 \" (35 MM), PARA INSTALACOES DE MEDIA PRESSAO PARA GASES COMBUSTIVEIS E MEDICINAIS","M     ","AS","58,04"]
[39747,"TUBO DE COBRE CLASSE \"A\", DN = 1/2 \" (15 MM), PARA INSTALACOES DE MEDIA PRESSAO PARA GASES COMBUSTIVEIS E MEDICINAIS","M     ","AS","18,67"]
[39753,"TUBO DE COBRE CLASSE \"A\", DN = 2 1/2 \" (66 MM), PARA INSTALACOES DE MEDIA PRESSAO PARA GASES COMBUSTIVEIS E MEDICINAIS","M     ","AS","128,55"]
[39754,"TUBO DE COBRE CLASSE \"A\", DN = 3 \" (79 MM), PARA INSTALACOES DE MEDIA PRESSAO PARA GASES COMBUSTIVEIS E MEDICINAIS","M     ","AS","189,40"]
[39748,"TUBO DE COBRE CLASSE \"A\", DN = 3/4 \" (22 MM), PARA INSTALACOES DE MEDIA PRESSAO PARA GASES COMBUSTIVEIS E MEDICINAIS","M     ","AS","30,21"]
[39755,"TUBO DE COBRE CLASSE \"A\", DN = 4 \" (104 MM), PARA INSTALACOES DE MEDIA PRESSAO PARA GASES COMBUSTIVEIS E MEDICINAIS","M     ","AS","287,17"]
[12742,"TUBO DE COBRE CLASSE \"E\", DN = 104 MM, PARA INSTALACAO HIDRAULICA PREDIAL","M     ","AS","227,39"]
[12713,"TUBO DE COBRE CLASSE \"E\", DN = 15 MM, PARA INSTALACAO HIDRAULICA PREDIAL","M     ","AS","12,06"]
[12743,"TUBO DE COBRE CLASSE \"E\", DN = 22 MM, PARA INSTALACAO HIDRAULICA PREDIAL","M     ","AS","20,74"]
[12744,"TUBO DE COBRE CLASSE \"E\", DN = 28 MM, PARA INSTALACAO HIDRAULICA PREDIAL","M     ","AS","26,33"]
[12745,"TUBO DE COBRE CLASSE \"E\", DN = 35 MM, PARA INSTALACAO HIDRAULICA PREDIAL","M     ","AS","38,23"]
[12746,"TUBO DE COBRE CLASSE \"E\", DN = 42 MM, PARA INSTALACAO HIDRAULICA PREDIAL","M     ","AS","51,63"]
[12747,"TUBO DE COBRE CLASSE \"E\", DN = 54 MM, PARA INSTALACAO HIDRAULICA PREDIAL","M     ","AS","74,87"]
[12748,"TUBO DE COBRE CLASSE \"E\", DN = 66 MM, PARA INSTALACAO HIDRAULICA PREDIAL","M     ","AS","105,49"]
[12749,"TUBO DE COBRE CLASSE \"E\", DN = 79 MM, PARA INSTALACAO HIDRAULICA PREDIAL","M     ","AS","154,21"]
[39726,"TUBO DE COBRE CLASSE \"I\", DN = 1 \" (28 MM), PARA INSTALACOES INDUSTRIAIS DE ALTA PRESSAO E VAPOR","M     ","AS","50,65"]
[39728,"TUBO DE COBRE CLASSE \"I\", DN = 1 1/2 \" (42 MM), PARA INSTALACOES INDUSTRIAIS DE ALTA PRESSAO E VAPOR","M     ","AS","89,02"]
[39727,"TUBO DE COBRE CLASSE \"I\", DN = 1 1/4 \" (35 MM), PARA INSTALACOES INDUSTRIAIS DE ALTA PRESSAO E VAPOR","M     ","AS","73,26"]
[39724,"TUBO DE COBRE CLASSE \"I\", DN = 1/2 \" (15 MM), PARA INSTALACOES INDUSTRIAIS DE ALTA PRESSAO E VAPOR","M     ","AS","22,43"]
[39729,"TUBO DE COBRE CLASSE \"I\", DN = 2 \" (54 MM), PARA INSTALACOES INDUSTRIAIS DE ALTA PRESSAO E VAPOR","M     ","AS","123,27"]
[39730,"TUBO DE COBRE CLASSE \"I\", DN = 2 1/2 \" (66 MM), PARA INSTALACOES INDUSTRIAIS DE ALTA PRESSAO E VAPOR","M     ","AS","159,94"]
[39731,"TUBO DE COBRE CLASSE \"I\", DN = 3 \" (79 MM), PARA INSTALACOES INDUSTRIAIS DE ALTA PRESSAO E VAPOR","M     ","AS","236,89"]
[39725,"TUBO DE COBRE CLASSE \"I\", DN = 3/4 \" (22 MM), PARA INSTALACOES INDUSTRIAIS DE ALTA PRESSAO E VAPOR","M     ","AS","36,56"]
[39732,"TUBO DE COBRE CLASSE \"I\", DN = 4\" (104 MM), PARA INSTALACOES INDUSTRIAIS DE ALTA PRESSAO E VAPOR","M     ","AS","348,69"]
[39660,"TUBO DE COBRE FLEXIVEL, D = 1/2 \", E = 0,79 MM, PARA AR-CONDICIONADO/ INSTALACOES GAS RESIDENCIAIS E COMERCIAIS","M     ","AS","15,89"]
[39662,"TUBO DE COBRE FLEXIVEL, D = 1/4 \", E = 0,79 MM, PARA AR-CONDICIONADO/ INSTALACOES GAS RESIDENCIAIS E COMERCIAIS","M     ","AS","7,61"]
[39661,"TUBO DE COBRE FLEXIVEL, D = 3/16 \", E = 0,79 MM, PARA AR-CONDICIONADO/ INSTALACOES GAS RESIDENCIAIS E COMERCIAIS","M     ","AS","5,19"]
[39666,"TUBO DE COBRE FLEXIVEL, D = 3/4 \", E = 0,79 MM, PARA AR-CONDICIONADO/ INSTALACOES GAS RESIDENCIAIS E COMERCIAIS","M     ","AS","23,90"]
[39664,"TUBO DE COBRE FLEXIVEL, D = 3/8 \", E = 0,79 MM, PARA AR-CONDICIONADO/ INSTALACOES GAS RESIDENCIAIS E COMERCIAIS","M     ","AS","11,71"]
[39663,"TUBO DE COBRE FLEXIVEL, D = 5/16 \", E = 0,79 MM, PARA AR-CONDICIONADO/ INSTALACOES GAS RESIDENCIAIS E COMERCIAIS","M     ","AS","9,36"]
[39665,"TUBO DE COBRE FLEXIVEL, D = 5/8 \", E = 0,79 MM, PARA AR-CONDICIONADO/ INSTALACOES GAS RESIDENCIAIS E COMERCIAIS","M     ","AS","19,76"]
[39752,"TUBO DE COBRE, CLASSE \"A\", DN = 2\" (54 MM), PARA INSTALACOES DE MEDIA PRESSAO PARA GASES COMBUSTIVEIS E MEDICINAIS","M     ","AS","99,37"]
[12583,"TUBO DE CONCRETO SIMPLES POROSO, MACHO/FEMEA, DN 200 MM","M     ","AS","23,44"]
[12584,"TUBO DE CONCRETO SIMPLES POROSO, MACHO/FEMEA, DN 300 MM","M     ","AS","22,56"]
[13159,"TUBO DE CONCRETO SIMPLES, CLASSE ES, PB JE, DN 400 MM, PARA ESGOTO SANITARIO (NBR 8890)","M     ","AS","68,33"]
[13168,"TUBO DE CONCRETO SIMPLES, CLASSE ES, PB JE, DN 500 MM, PARA ESGOTO SANITARIO (NBR 8890)","M     ","AS","102,75"]
[13173,"TUBO DE CONCRETO SIMPLES, CLASSE ES, PB JE, DN 600 MM, PARA ESGOTO SANITARIO (NBR 8890)","M     ","AS","126,69"]
[37449,"TUBO DE CONCRETO SIMPLES, CLASSE- PS1, MACHO/FEMEA, DN 200 MM, PARA AGUAS PLUVIAIS (NBR 8890)","M     ","AS","20,95"]
[37450,"TUBO DE CONCRETO SIMPLES, CLASSE- PS1, MACHO/FEMEA, DN 300 MM, PARA AGUAS PLUVIAIS (NBR 8890)","M     ","AS","25,53"]
[37451,"TUBO DE CONCRETO SIMPLES, CLASSE- PS1, MACHO/FEMEA, DN 400 MM, PARA AGUAS PLUVIAIS (NBR 8890)","M     ","AS","39,10"]
[37452,"TUBO DE CONCRETO SIMPLES, CLASSE- PS1, MACHO/FEMEA, DN 500 MM, PARA AGUAS PLUVIAIS (NBR 8890)","M     ","AS","51,87"]
[37453,"TUBO DE CONCRETO SIMPLES, CLASSE- PS1, MACHO/FEMEA, DN 600 MM, PARA AGUAS PLUVIAIS (NBR 8890)","M     ","AS","65,09"]
[7778,"TUBO DE CONCRETO SIMPLES, CLASSE- PS1, PB, DN 200 MM, PARA AGUAS PLUVIAIS (NBR 8890)","M     ","AS","24,44"]
[7796,"TUBO DE CONCRETO SIMPLES, CLASSE- PS1, PB, DN 300 MM, PARA AGUAS PLUVIAIS (NBR 8890)","M     ","AS","29,43"]
[7781,"TUBO DE CONCRETO SIMPLES, CLASSE- PS1, PB, DN 400 MM, PARA AGUAS PLUVIAIS (NBR 8890)","M     ","AS","38,90"]
[7795,"TUBO DE CONCRETO SIMPLES, CLASSE- PS1, PB, DN 500 MM, PARA AGUAS PLUVIAIS (NBR 8890)","M     ","AS","56,36"]
[7791,"TUBO DE CONCRETO SIMPLES, CLASSE- PS1, PB, DN 600 MM, PARA AGUAS PLUVIAIS (NBR 8890)","M     ","AS","71,82"]
[7783,"TUBO DE CONCRETO SIMPLES, CLASSE- PS2, PB, DN 200 MM, PARA AGUAS PLUVIAIS (NBR 8890)","M     ","AS","27,43"]
[7790,"TUBO DE CONCRETO SIMPLES, CLASSE- PS2, PB, DN 300 MM, PARA AGUAS PLUVIAIS (NBR 8890)","M     ","AS","31,92"]
[7785,"TUBO DE CONCRETO SIMPLES, CLASSE- PS2, PB, DN 400 MM, PARA AGUAS PLUVIAIS (NBR 8890)","M     ","AS","41,90"]
[7792,"TUBO DE CONCRETO SIMPLES, CLASSE- PS2, PB, DN 500 MM, PARA AGUAS PLUVIAIS (NBR 8890)","M     ","AS","60,85"]
[7793,"TUBO DE CONCRETO SIMPLES, CLASSE- PS2, PB, DN 600 MM, PARA AGUAS PLUVIAIS (NBR 8890)","M     ","AS","78,53"]
[12613,"TUBO DE DESCARGA PVC, PARA LIGACAO CAIXA DE DESCARGA - EMBUTIR, 40 MM X 150 CM","UN    ","CR","14,74"]
[1031,"TUBO DE DESCIDA EXTERNO DE PVC PARA CAIXA DE DESCARGA EXTERNA ALTA - 40 MM X 1,60 M","UN    ","CR","7,56"]
[39707,"TUBO DE ESPUMA DE POLIETILENO EXPANDIDO FLEXIVEL PARA ISOLAMENTO TERMICO DE TUBULACAO DE AR CONDICIONADO, AGUA QUENTE,  DN 1 1/2\", E= 10 MM","M     ","AS","2,33"]
[39708,"TUBO DE ESPUMA DE POLIETILENO EXPANDIDO FLEXIVEL PARA ISOLAMENTO TERMICO DE TUBULACAO DE AR CONDICIONADO, AGUA QUENTE,  DN 1 1/4\", E= 10 MM","M     ","AS","2,26"]
[39710,"TUBO DE ESPUMA DE POLIETILENO EXPANDIDO FLEXIVEL PARA ISOLAMENTO TERMICO DE TUBULACAO DE AR CONDICIONADO, AGUA QUENTE,  DN 1 1/8\", E= 10 MM","M     ","AS","1,59"]
[39709,"TUBO DE ESPUMA DE POLIETILENO EXPANDIDO FLEXIVEL PARA ISOLAMENTO TERMICO DE TUBULACAO DE AR CONDICIONADO, AGUA QUENTE,  DN 1 3/8\", E= 10 MM","M     ","AS","2,21"]
[39711,"TUBO DE ESPUMA DE POLIETILENO EXPANDIDO FLEXIVEL PARA ISOLAMENTO TERMICO DE TUBULACAO DE AR CONDICIONADO, AGUA QUENTE,  DN 1 5/8\", E= 10 MM","M     ","AS","2,48"]
[39712,"TUBO DE ESPUMA DE POLIETILENO EXPANDIDO FLEXIVEL PARA ISOLAMENTO TERMICO DE TUBULACAO DE AR CONDICIONADO, AGUA QUENTE,  DN 1/2\", E= 10 MM","M     ","AS","0,87"]
[39713,"TUBO DE ESPUMA DE POLIETILENO EXPANDIDO FLEXIVEL PARA ISOLAMENTO TERMICO DE TUBULACAO DE AR CONDICIONADO, AGUA QUENTE,  DN 1/4\", E= 10 MM","M     ","AS","0,68"]
[39714,"TUBO DE ESPUMA DE POLIETILENO EXPANDIDO FLEXIVEL PARA ISOLAMENTO TERMICO DE TUBULACAO DE AR CONDICIONADO, AGUA QUENTE,  DN 1\", E= 10 MM","M     ","AS","1,57"]
[39715,"TUBO DE ESPUMA DE POLIETILENO EXPANDIDO FLEXIVEL PARA ISOLAMENTO TERMICO DE TUBULACAO DE AR CONDICIONADO, AGUA QUENTE,  DN 3/4\", E= 10 MM","M     ","AS","1,12"]
[39716,"TUBO DE ESPUMA DE POLIETILENO EXPANDIDO FLEXIVEL PARA ISOLAMENTO TERMICO DE TUBULACAO DE AR CONDICIONADO, AGUA QUENTE,  DN 3/8\", E= 10 MM","M     ","AS","0,85"]
[39718,"TUBO DE ESPUMA DE POLIETILENO EXPANDIDO FLEXIVEL PARA ISOLAMENTO TERMICO DE TUBULACAO DE AR CONDICIONADO, AGUA QUENTE,  DN 7/8\", E= 10 MM","M     ","AS","1,45"]
[9813,"TUBO DE POLIETILENO DE ALTA DENSIDADE (PEAD), PE-80, DE = 20 MM X 2,3 MM DE PAREDE, PARA LIGACAO DE AGUA PREDIAL (NBR 15561)","M     ","AS","3,28"]
[9815,"TUBO DE POLIETILENO DE ALTA DENSIDADE (PEAD), PE-80, DE = 32 MM X 3,0 MM DE PAREDE, PARA LIGACAO DE AGUA PREDIAL (NBR 15561)","M     ","AS","6,47"]
[25876,"TUBO DE POLIETILENO DE ALTA DENSIDADE, PEAD, PE-80, DE = 1000 MM X 38,5 MM PAREDE, ( SDR 26 - PN 05 ) PARA REDE DE AGUA OU ESGOTO (NBR 15561)","M     ","AS","3.223,14"]
[25888,"TUBO DE POLIETILENO DE ALTA DENSIDADE, PEAD, PE-80, DE = 110 MM X 10,0 MM PAREDE, ( SDR 11 - PN 12,5 ) PARA REDE DE AGUA OU ESGOTO (NBR 15561)","M     ","AS","78,99"]
[25874,"TUBO DE POLIETILENO DE ALTA DENSIDADE, PEAD, PE-80, DE = 1200 MM X 37,2 MM PAREDE ( SDR 32,25 - PN 04 ) PARA REDE DE AGUA OU ESGOTO (NBR 15561)","M     ","AS","5.652,91"]
[25877,"TUBO DE POLIETILENO DE ALTA DENSIDADE, PEAD, PE-80, DE = 1400 MM X 42,9 MM PAREDE, (SDR 32,25 - PN 04 ) PARA REDE DE AGUA OU ESGOTO (NBR 15561)","M     ","AS","7.713,61"]
[25878,"TUBO DE POLIETILENO DE ALTA DENSIDADE, PEAD, PE-80, DE = 160 MM X 14,6 MM PAREDE, (SDR 11 - PN 12,5 ) PARA REDE DE AGUA OU ESGOTO (NBR 15561)","M     ","AS","169,56"]
[25879,"TUBO DE POLIETILENO DE ALTA DENSIDADE, PEAD, PE-80, DE = 1600 MM X 49,0 MM PAREDE, ( SDR 32,25 - PN 04 ) PARA REDE DE AGUA OU ESGOTO (NBR 15561)","M     ","AS","7.317,28"]
[25887,"TUBO DE POLIETILENO DE ALTA DENSIDADE, PEAD, PE-80, DE = 900 MM X 34,7 MM PAREDE, ( SDR 26 - PN 05 ) PARA REDE DE AGUA OU ESGOTO (NBR 15561)","M     ","AS","2.923,37"]
[25880,"TUBO DE POLIETILENO DE ALTA DENSIDADE, PEAD, PE-80, DE= 200 MM X 18,2 MM PAREDE, ( SDR 11 - PN 12,5 ) PARA REDE DE AGUA OU ESGOTO (NBR 15561)","M     ","AS","264,32"]
[25881,"TUBO DE POLIETILENO DE ALTA DENSIDADE, PEAD, PE-80, DE= 315 MM X 28,7 MM PAREDE, ( SDR 11 - PN 12,5 ) PARA REDE DE AGUA OU ESGOTO (NBR 15561)","M     ","AS","647,67"]
[25882,"TUBO DE POLIETILENO DE ALTA DENSIDADE, PEAD, PE-80, DE= 400 MM X 36,4 MM PAREDE, ( SDR 11 - PN 12,5 ) PARA REDE DE AGUA OU ESGOTO (NBR 15561)","M     ","AS","1.043,16"]
[25883,"TUBO DE POLIETILENO DE ALTA DENSIDADE, PEAD, PE-80, DE= 50 MM X 4,6 MM PAREDE, (SDR 11 - PN 12,5) PARA REDE DE AGUA OU ESGOTO (NBR 15561)","M     ","AS","16,83"]
[25884,"TUBO DE POLIETILENO DE ALTA DENSIDADE, PEAD, PE-80, DE= 500 MM X 45,5 MM PAREDE, ( SDR 11 - PN 12,5 ) PARA REDE DE AGUA OU ESGOTO (NBR 15561)","M     ","AS","1.831,41"]
[25885,"TUBO DE POLIETILENO DE ALTA DENSIDADE, PEAD, PE-80, DE= 630 MM X 57,3 MM PAREDE (SDR 11 - PN 12,5 ) PARA REDE DE AGUA OU ESGOTO (NBR 15561)","M     ","AS","2.723,83"]
[25889,"TUBO DE POLIETILENO DE ALTA DENSIDADE, PEAD, PE-80, DE= 730 MM X 34,1 MM PAREDE, ( SDR 21 - PN 06 ) PARA REDE DE AGUA OU ESGOTO (NBR 15561)","M     ","AS","1.365,93"]
[25886,"TUBO DE POLIETILENO DE ALTA DENSIDADE, PEAD, PE-80, DE= 75 MM X 6,9 MM PAREDE, ( SRD 11 - PN 12,5 ) PARA REDE DE AGUA OU ESGOTO (NBR 15561)","M     ","AS","37,63"]
[25875,"TUBO DE POLIETILENO DE ALTA DENSIDADE, PEAD, PE-80, DE= 800 MM X 30,8 MM PAREDE, ( SDR 26 - PN 05 ) PARA REDE DE AGUA OU ESGOTO (NBR 15561)","M     ","AS","1.782,08"]
[9876,"TUBO DE PVC, PBL, TIPO LEVE, DN = 125 MM,  PARA VENTILACAO","M     ","CR","9,02"]
[9877,"TUBO DE PVC, PBL, TIPO LEVE, DN = 250 MM,  PARA VENTILACAO","M     ","CR","32,58"]
[9878,"TUBO DE PVC, PBL, TIPO LEVE, DN = 300 MM,  PARA VENTILACAO","M     ","CR","45,23"]
[9879,"TUBO DE PVC, PBL, TIPO LEVE, DN = 400 MM,  PARA VENTILACAO","M     ","CR","106,75"]
[42001,"TUBO DE REVESTIMENTO, EM ACO, CORPO SCHEDULE 40, PONTEIRA SCHEDULE 80, ROSQUEAVEL E SEGMENTADO PARA PERFURACAO,  DIAMETRO 6'' (200 MM) (COLETADO CAIXA)","M     ","CR","352,66"]
[41998,"TUBO DE REVESTIMENTO, EM ACO, CORPO SCHEDULE 40, PONTEIRA SCHEDULE 80, ROSQUEAVEL E SEGMENTADO PARA PERFURACAO, DIAMETRO 10'' (310 MM)  (COLETADO CAIXA)","M     ","CR","869,08"]
[41999,"TUBO DE REVESTIMENTO, EM ACO, CORPO SCHEDULE 40, PONTEIRA SCHEDULE 80, ROSQUEAVEL E SEGMENTADO PARA PERFURACAO, DIAMETRO 14'' (400 MM)  (COLETADO CAIXA)","M     ","CR","1.594,22"]
[42000,"TUBO DE REVESTIMENTO, EM ACO, CORPO SCHEDULE 40, PONTEIRA SCHEDULE 80, ROSQUEAVEL E SEGMENTADO PARA PERFURACAO, DIAMETRO 16'' (450 MM)  (COLETADO CAIXA)","M     ","CR","2.722,43"]
[38053,"TUBO DRENO, CORRUGADO, ESPIRALADO, FLEXIVEL, PERFURADO, EM POLIETILENO DE ALTA DENSIDADE (PEAD), DN *160* MM, (6\") PARA DRENAGEM - EM BARRA (NORMA DNIT 093/2006 - EM)","M     ","AS","9,99"]
[38054,"TUBO DRENO, CORRUGADO, ESPIRALADO, FLEXIVEL, PERFURADO, EM POLIETILENO DE ALTA DENSIDADE (PEAD), DN *200* MM, (8\") PARA DRENAGEM - EM BARRA (NORMA DNIT 093/2006 - EM)","M     ","AS","17,18"]
[38052,"TUBO DRENO, CORRUGADO, ESPIRALADO, FLEXIVEL, PERFURADO, EM POLIETILENO DE ALTA DENSIDADE (PEAD), DN 100 MM, (4\") PARA DRENAGEM - EM ROLO (NORMA DNIT 093/2006 - E.M)","M     ","AS","4,84"]
[38051,"TUBO DRENO, CORRUGADO, ESPIRALADO, FLEXIVEL, PERFURADO, EM POLIETILENO DE ALTA DENSIDADE (PEAD), DN 65 MM, (2 1/2\") PARA DRENAGEM - EM ROLO (NORMA DNIT 093/2006 - EM)","M     ","AS","3,01"]
[38787,"TUBO MONOCAMADA PEX, DN 16 MM","M     ","AS","3,80"]
[38825,"TUBO MONOCAMADA PEX, DN 20 MM","M     ","AS","4,98"]
[38826,"TUBO MONOCAMADA PEX, DN 25 MM","M     ","AS","7,37"]
[38827,"TUBO MONOCAMADA PEX, DN 32 MM","M     ","AS","11,85"]
[38830,"TUBO MULTICAMADA PEX, DN *26* MM, PARA INSTALACOES A GAS (AMARELO)","M     ","AS","16,60"]
[38828,"TUBO MULTICAMADA PEX, DN 16 MM, PARA INSTALACOES A GAS (AMARELO)","M     ","AS","7,32"]
[38829,"TUBO MULTICAMADA PEX, DN 20 MM, PARA INSTALACOES A GAS (AMARELO)","M     ","AS","11,99"]
[38831,"TUBO MULTICAMADA PEX, DN 32 MM, PARA INSTALACOES A GAS (AMARELO)","M     ","AS","23,15"]
[36274,"TUBO PPR PN 20, DN 20 MM, PARA AGUA QUENTE PREDIAL","M     ","AS","5,33"]
[36278,"TUBO PPR PN 20, DN 25 MM, PARA AGUA QUENTE PREDIAL","M     ","AS","7,23"]
[38977,"TUBO PPR, CLASSE PN 12, DN 110 MM","M     ","AS","110,02"]
[38971,"TUBO PPR, CLASSE PN 12, DN 32 MM","M     ","AS","9,06"]
[38972,"TUBO PPR, CLASSE PN 12, DN 40 MM","M     ","AS","13,80"]
[38973,"TUBO PPR, CLASSE PN 12, DN 50 MM","M     ","AS","18,26"]
[38974,"TUBO PPR, CLASSE PN 12, DN 63 MM","M     ","AS","26,63"]
[38975,"TUBO PPR, CLASSE PN 12, DN 75 MM","M     ","AS","44,38"]
[38976,"TUBO PPR, CLASSE PN 12, DN 90 MM","M     ","AS","62,24"]
[38986,"TUBO PPR, CLASSE PN 25, DN 110 MM, PARA AGUA QUENTE E FRIA PREDIAL","M     ","AS","125,26"]
[38978,"TUBO PPR, CLASSE PN 25, DN 20 MM, PARA AGUA QUENTE E FRIA PREDIAL","M     ","AS","5,33"]
[38979,"TUBO PPR, CLASSE PN 25, DN 25 MM, PARA AGUA QUENTE E FRIA PREDIAL","M     ","AS","7,23"]
[38980,"TUBO PPR, CLASSE PN 25, DN 32 MM, PARA AGUA QUENTE E FRIA PREDIAL","M     ","AS","12,09"]
[38981,"TUBO PPR, CLASSE PN 25, DN 40 MM, PARA AGUA QUENTE E FRIA PREDIAL","M     ","AS","16,73"]
[38982,"TUBO PPR, CLASSE PN 25, DN 50 MM, PARA AGUA QUENTE E FRIA PREDIAL","M     ","AS","24,35"]
[38983,"TUBO PPR, CLASSE PN 25, DN 63 MM, PARA AGUA QUENTE E FRIA PREDIAL","M     ","AS","32,29"]
[38984,"TUBO PPR, CLASSE PN 25, DN 75 MM, PARA AGUA QUENTE E FRIA PREDIAL","M     ","AS","62,28"]
[38985,"TUBO PPR, CLASSE PN 25, DN 90 MM, PARA AGUA QUENTE E FRIA PREDIAL","M     ","AS","92,20"]
[9836,"TUBO PVC  SERIE NORMAL, DN 100 MM, PARA ESGOTO  PREDIAL (NBR 5688)","M     ","C ","7,15"]
[20065,"TUBO PVC  SERIE NORMAL, DN 150 MM, PARA ESGOTO  PREDIAL (NBR 5688)","M     ","CR","16,96"]
[9835,"TUBO PVC  SERIE NORMAL, DN 40 MM, PARA ESGOTO  PREDIAL (NBR 5688)","M     ","CR","2,71"]
[38032,"TUBO PVC CORRUGADO, PAREDE DUPLA, JE, DN 150 MM, REDE COLETORA ESGOTO","M     ","AS","30,59"]
[38033,"TUBO PVC CORRUGADO, PAREDE DUPLA, JE, DN 200 MM, REDE COLETORA ESGOTO","M     ","AS","48,16"]
[38034,"TUBO PVC CORRUGADO, PAREDE DUPLA, JE, DN 250 MM, REDE COLETORA ESGOTO","M     ","AS","81,37"]
[38035,"TUBO PVC CORRUGADO, PAREDE DUPLA, JE, DN 300 MM, REDE COLETORA ESGOTO","M     ","AS","130,20"]
[38036,"TUBO PVC CORRUGADO, PAREDE DUPLA, JE, DN 350 MM, REDE COLETORA ESGOTO","M     ","AS","192,61"]
[38037,"TUBO PVC CORRUGADO, PAREDE DUPLA, JE, DN 400 MM, REDE COLETORA ESGOTO","M     ","AS","227,71"]
[9850,"TUBO PVC DE REVESTIMENTO GEOMECANICO NERVURADO REFORCADO, DN = 150 MM, COMPRIMENTO = 2 M","M     ","AS","93,85"]
[9853,"TUBO PVC DE REVESTIMENTO GEOMECANICO NERVURADO REFORCADO, DN = 200 MM, COMPRIMENTO = 2 M","M     ","AS","166,89"]
[9854,"TUBO PVC DE REVESTIMENTO GEOMECANICO NERVURADO STANDARD, DN = 154 MM, COMPRIMENTO = 2 M","M     ","AS","73,12"]
[9851,"TUBO PVC DE REVESTIMENTO GEOMECANICO NERVURADO STANDARD, DN = 206 MM, COMPRIMENTO = 2 M","M     ","AS","126,80"]
[9855,"TUBO PVC DE REVESTIMENTO GEOMECANICO NERVURADO STANDARD, DN = 250 MM, COMPRIMENTO = 2 M","M     ","AS","212,08"]
[9825,"TUBO PVC DEFOFO, JEI, 1 MPA, DN 100 MM, PARA REDE DE AGUA (NBR 7665)","M     ","AS","34,72"]
[9828,"TUBO PVC DEFOFO, JEI, 1 MPA, DN 150 MM, PARA REDE DE  AGUA (NBR 7665)","M     ","AS","67,69"]
[9829,"TUBO PVC DEFOFO, JEI, 1 MPA, DN 200 MM, PARA REDE DE AGUA (NBR 7665)","M     ","AS","120,51"]
[9826,"TUBO PVC DEFOFO, JEI, 1 MPA, DN 250 MM, PARA REDE DE AGUA (NBR 7665)","M     ","AS","178,78"]
[9827,"TUBO PVC DEFOFO, JEI, 1 MPA, DN 300 MM, PARA REDE DE AGUA (NBR 7665)","M     ","AS","259,83"]
[36374,"TUBO PVC PBA JEI, CLASSE 12, DN 100 MM, PARA REDE DE AGUA (NBR 5647)","M     ","AS","36,45"]
[36084,"TUBO PVC PBA JEI, CLASSE 12, DN 50 MM, PARA REDE DE AGUA (NBR 5647)","M     ","AS","10,99"]
[36373,"TUBO PVC PBA JEI, CLASSE 12, DN 75 MM, PARA REDE DE AGUA (NBR 5647)","M     ","AS","22,31"]
[36377,"TUBO PVC PBA JEI, CLASSE 15, DN 100 MM, PARA REDE DE AGUA (NBR 5647)","M     ","AS","42,49"]
[36375,"TUBO PVC PBA JEI, CLASSE 15, DN 50 MM, PARA REDE DE AGUA (NBR 5647)","M     ","AS","12,61"]
[36376,"TUBO PVC PBA JEI, CLASSE 15, DN 75 MM, PARA REDE DE AGUA (NBR 5647)","M     ","AS","25,24"]
[36380,"TUBO PVC PBA JEI, CLASSE 20, DN 100 MM, PARA REDE DE AGUA (NBR 5647)","M     ","AS","55,51"]
[36378,"TUBO PVC PBA JEI, CLASSE 20, DN 50 MM, PARA REDE DE AGUA (NBR 5647)","M     ","AS","16,70"]
[36379,"TUBO PVC PBA JEI, CLASSE 20, DN 75 MM, PARA REDE DE AGUA (NBR 5647)","M     ","AS","33,61"]
[9859,"TUBO PVC ROSCAVEL, 3/4\",  AGUA FRIA PREDIAL","M     ","CR","9,72"]
[9838,"TUBO PVC SERIE NORMAL, DN 50 MM, PARA ESGOTO PREDIAL (NBR 5688)","M     ","CR","4,65"]
[9837,"TUBO PVC SERIE NORMAL, DN 75 MM, PARA ESGOTO PREDIAL (NBR 5688)","M     ","CR","6,29"]
[9833,"TUBO PVC, FLEXIVEL, CORRUGADO, PERFURADO, DN 110 MM, PARA DRENAGEM, SISTEMA IRRIGACAO","M     ","AS","9,04"]
[9830,"TUBO PVC, FLEXIVEL, CORRUGADO, PERFURADO, DN 65 MM, PARA DRENAGEM, SISTEMA IRRIGACAO","M     ","AS","4,84"]
[9834,"TUBO PVC, RIGIDO, CORRUGADO, PERFURADO, DN 150 MM, PARA DRENAGEM, SISTEMA IRRIGACAO","M     ","AS","25,17"]
[9863,"TUBO PVC, ROSCAVEL,  2 1/2\", AGUA FRIA PREDIAL","M     ","CR","74,84"]
[9860,"TUBO PVC, ROSCAVEL,  2\", PARA AGUA FRIA PREDIAL","M     ","C ","45,00"]
[9862,"TUBO PVC, ROSCAVEL, 1 1/2\",  AGUA FRIA PREDIAL","M     ","CR","31,46"]
[9861,"TUBO PVC, ROSCAVEL, 1 1/4\", AGUA FRIA PREDIAL","M     ","CR","25,29"]
[9856,"TUBO PVC, ROSCAVEL, 1/2\", AGUA FRIA PREDIAL","M     ","CR","7,18"]
[9866,"TUBO PVC, ROSCAVEL, 1\", AGUA FRIA PREDIAL","M     ","CR","19,00"]
[9857,"TUBO PVC, ROSCAVEL, 3\", AGUA FRIA PREDIAL","M     ","CR","97,00"]
[9864,"TUBO PVC, ROSCAVEL, 4\",  AGUA FRIA PREDIAL","M     ","CR","114,55"]
[9865,"TUBO PVC, ROSCAVEL, 5\",  AGUA FRIA PREDIAL","M     ","CR","163,21"]
[9858,"TUBO PVC, ROSCAVEL, 6\",  AGUA FRIA PREDIAL","M     ","CR","188,70"]
[9841,"TUBO PVC, SERIE R, DN 100 MM, PARA ESGOTO OU AGUAS PLUVIAIS PREDIAL (NBR 5688)","M     ","CR","13,73"]
[9840,"TUBO PVC, SERIE R, DN 150 MM, PARA ESGOTO OU AGUAS PLUVIAIS PREDIAL (NBR 5688)","M     ","CR","28,55"]
[20067,"TUBO PVC, SERIE R, DN 40 MM, PARA ESGOTO OU AGUAS PLUVIAIS PREDIAL (NBR 5688)","M     ","CR","4,92"]
[20068,"TUBO PVC, SERIE R, DN 50 MM, PARA ESGOTO OU AGUAS PLUVIAIS PREDIAL (NBR 5688)","M     ","CR","6,55"]
[9839,"TUBO PVC, SERIE R, DN 75 MM, PARA ESGOTO OU AGUAS PLUVIAIS PREDIAL (NBR 5688)","M     ","CR","8,33"]
[9870,"TUBO PVC, SOLDAVEL, DN 110 MM, AGUA FRIA (NBR-5648)","M     ","CR","50,03"]
[9867,"TUBO PVC, SOLDAVEL, DN 20 MM, AGUA FRIA (NBR-5648)","M     ","C ","2,09"]
[9868,"TUBO PVC, SOLDAVEL, DN 25 MM, AGUA FRIA (NBR-5648)","M     ","CR","2,78"]
[9869,"TUBO PVC, SOLDAVEL, DN 32 MM, AGUA FRIA (NBR-5648)","M     ","CR","5,95"]
[9874,"TUBO PVC, SOLDAVEL, DN 40 MM, AGUA FRIA (NBR-5648)","M     ","CR","8,68"]
[9875,"TUBO PVC, SOLDAVEL, DN 50 MM, PARA AGUA FRIA (NBR-5648)","M     ","CR","10,76"]
[9873,"TUBO PVC, SOLDAVEL, DN 60 MM, AGUA FRIA (NBR-5648)","M     ","CR","16,78"]
[9871,"TUBO PVC, SOLDAVEL, DN 75 MM, AGUA FRIA (NBR-5648)","M     ","CR","23,54"]
[9872,"TUBO PVC, SOLDAVEL, DN 85 MM, AGUA FRIA (NBR-5648)","M     ","CR","29,67"]
[7667,"TUBO 26\" EM CHAPA PRETA, E= 3/16\", 147 KG/6 M","M     ","CR","1.490,62"]
[7660,"TUBO 30\" EM CHAPA PRETA, E= 1/4\", 175 KG/6 M","M     ","CR","1.900,19"]
[7676,"TUBO 30\" EM CHAPA PRETA, E= 3/8\", 177 KG/6 M","M     ","CR","1.921,91"]
[12426,"UNIAO COM ASSENTO CONICO DE BRONZE, DIAMETRO 1/2\"","UN    ","AS","25,10"]
[12425,"UNIAO COM ASSENTO CONICO DE BRONZE, DIAMETRO 1\"","UN    ","AS","34,48"]
[12427,"UNIAO COM ASSENTO CONICO DE BRONZE, DIAMETRO 2 1/2\"","UN    ","AS","143,13"]
[12428,"UNIAO COM ASSENTO CONICO DE BRONZE, DIAMETRO 2'","UN    ","AS","91,87"]
[12430,"UNIAO COM ASSENTO CONICO DE BRONZE, DIAMETRO 3/4\"","UN    ","AS","30,77"]
[12429,"UNIAO COM ASSENTO CONICO DE BRONZE, DIAMETRO 3\"","UN    ","AS","231,45"]
[12431,"UNIAO COM ASSENTO CONICO DE BRONZE, DIAMETRO 4\"","UN    ","AS","393,88"]
[12432,"UNIAO COM ASSENTO CONICO DE FERRO LONGO (MACHO-FEMEA), DIAMETRO 1 1/2\"","UN    ","AS","81,01"]
[12434,"UNIAO COM ASSENTO CONICO DE FERRO LONGO (MACHO-FEMEA), DIAMETRO 1/2\"","UN    ","AS","26,40"]
[12433,"UNIAO COM ASSENTO CONICO DE FERRO LONGO (MACHO-FEMEA), DIAMETRO 1\"","UN    ","AS","51,57"]
[12435,"UNIAO COM ASSENTO CONICO DE FERRO LONGO (MACHO-FEMEA), DIAMETRO 2 1/2\"","UN    ","AS","159,60"]
[12437,"UNIAO COM ASSENTO CONICO DE FERRO LONGO (MACHO-FEMEA), DIAMETRO 2\"","UN    ","AS","128,90"]
[12439,"UNIAO COM ASSENTO CONICO DE FERRO LONGO (MACHO-FEMEA), DIAMETRO 3/4\"","UN    ","AS","41,37"]
[12438,"UNIAO COM ASSENTO CONICO DE FERRO LONGO (MACHO-FEMEA), DIAMETRO 3'","UN    ","AS","233,26"]
[12436,"UNIAO COM ASSENTO CONICO DE FERRO LONGO (MACHO-FEMEA), DIAMETRO 4\"","UN    ","AS","294,66"]
[36357,"UNIAO COM FLANGE PPR, DN 40 MM, PARA AGUA QUENTE PREDIAL","UN    ","AS","94,82"]
[12424,"UNIAO DE FERRO GALVANIZADO, COM ASSENTO CONICO DE BRONZE, DE 1 1/2\"","UN    ","AS","53,09"]
[12440,"UNIAO DE FERRO GALVANIZADO, COM ASSENTO CONICO DE BRONZE, DE 1 1/4\"","UN    ","AS","51,32"]
[9884,"UNIAO DE FERRO GALVANIZADO, COM ROSCA BSP, COM ASSENTO PLANO, DE 1 1/2\"","UN    ","AS","38,28"]
[9888,"UNIAO DE FERRO GALVANIZADO, COM ROSCA BSP, COM ASSENTO PLANO, DE 1 1/4\"","UN    ","AS","30,75"]
[9883,"UNIAO DE FERRO GALVANIZADO, COM ROSCA BSP, COM ASSENTO PLANO, DE 1/2\"","UN    ","AS","13,42"]
[9886,"UNIAO DE FERRO GALVANIZADO, COM ROSCA BSP, COM ASSENTO PLANO, DE 1\"","UN    ","AS","18,38"]
[9889,"UNIAO DE FERRO GALVANIZADO, COM ROSCA BSP, COM ASSENTO PLANO, DE 2 1/2\"","UN    ","AS","93,13"]
[9887,"UNIAO DE FERRO GALVANIZADO, COM ROSCA BSP, COM ASSENTO PLANO, DE 2\"","UN    ","AS","56,29"]
[9885,"UNIAO DE FERRO GALVANIZADO, COM ROSCA BSP, COM ASSENTO PLANO, DE 3/4\"","UN    ","AS","17,77"]
[9890,"UNIAO DE FERRO GALVANIZADO, COM ROSCA BSP, COM ASSENTO PLANO, DE 3\"","UN    ","AS","144,29"]
[9891,"UNIAO DE FERRO GALVANIZADO, COM ROSCA BSP, COM ASSENTO PLANO, DE 4\"","UN    ","AS","202,55"]
[39292,"UNIAO DE REDUCAO METALICA, PARA CONEXAO COM ANEL DESLIZANTE EM TUBO PEX, DN 20 X 16 MM","UN    ","AS","6,85"]
[39293,"UNIAO DE REDUCAO METALICA, PARA CONEXAO COM ANEL DESLIZANTE EM TUBO PEX, DN 25 X 16 MM","UN    ","AS","11,06"]
[39294,"UNIAO DE REDUCAO METALICA, PARA CONEXAO COM ANEL DESLIZANTE EM TUBO PEX, DN 25 X 20 MM","UN    ","AS","11,06"]
[39295,"UNIAO DE REDUCAO METALICA, PARA CONEXAO COM ANEL DESLIZANTE EM TUBO PEX, DN 32 X 25 MM","UN    ","AS","18,86"]
[36313,"UNIAO DUPLA PPR DN 20 MM, PARA AGUA QUENTE PREDIAL","UN    ","AS","22,48"]
[36316,"UNIAO DUPLA PPR DN 25 MM, PARA AGUA QUENTE PREDIAL","UN    ","AS","27,26"]
[64,"UNIAO EM POLIPROPILENO (PP), PARA TUBO EM PEAD, 20 MM - LIGACAO PREDIAL DE AGUA","UN    ","AS","3,56"]
[37423,"UNIAO EM POLIPROPILENO (PP), PARA TUBO EM PEAD, 32 MM - LIGACAO PREDIAL DE AGUA","UN    ","AS","8,80"]
[39296,"UNIAO METALICA, PARA CONEXAO COM ANEL DESLIZANTE EM TUBO PEX, DN 16 MM","UN    ","AS","5,29"]
[39297,"UNIAO METALICA, PARA CONEXAO COM ANEL DESLIZANTE EM TUBO PEX, DN 20 MM","UN    ","AS","7,57"]
[39298,"UNIAO METALICA, PARA CONEXAO COM ANEL DESLIZANTE EM TUBO PEX, DN 25 MM","UN    ","AS","13,33"]
[39299,"UNIAO METALICA, PARA CONEXAO COM ANEL DESLIZANTE EM TUBO PEX, DN 32 MM","UN    ","AS","22,69"]
[9892,"UNIAO PVC, ROSCAVEL 1/2\",  AGUA FRIA PREDIAL","UN    ","C ","5,55"]
[9893,"UNIAO PVC, ROSCAVEL 2\",  AGUA FRIA PREDIAL","UN    ","CR","60,82"]
[9901,"UNIAO PVC, ROSCAVEL, 1 1/2\",  AGUA FRIA PREDIAL","UN    ","CR","26,75"]
[9896,"UNIAO PVC, ROSCAVEL, 1 1/4\",  AGUA FRIA PREDIAL","UN    ","CR","23,03"]
[9900,"UNIAO PVC, ROSCAVEL, 1\",  AGUA FRIA PREDIAL","UN    ","CR","14,26"]
[9898,"UNIAO PVC, ROSCAVEL, 2 1/2\",  AGUA FRIA PREDIAL","UN    ","CR","125,01"]
[9899,"UNIAO PVC, ROSCAVEL, 3/4\",  AGUA FRIA PREDIAL","UN    ","CR","7,64"]
[9902,"UNIAO PVC, ROSCAVEL, 3\",  AGUA FRIA PREDIAL","UN    ","CR","158,39"]
[9908,"UNIAO PVC, SOLDAVEL, 110 MM,  PARA AGUA FRIA PREDIAL","UN    ","CR","401,12"]
[9905,"UNIAO PVC, SOLDAVEL, 20 MM,  PARA AGUA FRIA PREDIAL","UN    ","CR","5,39"]
[9906,"UNIAO PVC, SOLDAVEL, 25 MM,  PARA AGUA FRIA PREDIAL","UN    ","CR","6,37"]
[9895,"UNIAO PVC, SOLDAVEL, 32 MM,  PARA AGUA FRIA PREDIAL","UN    ","CR","10,75"]
[9894,"UNIAO PVC, SOLDAVEL, 40 MM,  PARA AGUA FRIA PREDIAL","UN    ","CR","21,01"]
[9897,"UNIAO PVC, SOLDAVEL, 50 MM,  PARA AGUA FRIA PREDIAL","UN    ","CR","24,71"]
[9910,"UNIAO PVC, SOLDAVEL, 60 MM,  PARA AGUA FRIA PREDIAL","UN    ","CR","57,17"]
[9909,"UNIAO PVC, SOLDAVEL, 75 MM,  PARA AGUA FRIA PREDIAL","UN    ","CR","118,81"]
[9907,"UNIAO PVC, SOLDAVEL, 85 MM,  PARA AGUA FRIA PREDIAL","UN    ","CR","176,37"]
[20973,"UNIAO TIPO STORZ, COM EMPATACAO INTERNA TIPO ANEL DE EXPANSAO, ENGATE RAPIDO 1 1/2\", PARA MANGUEIRA DE COMBATE A INCENDIO PREDIAL","UN    ","CR","97,34"]
[20974,"UNIAO TIPO STORZ, COM EMPATACAO INTERNA TIPO ANEL DE EXPANSAO, ENGATE RAPIDO 2 1/2\", PARA MANGUEIRA DE COMBATE A INCENDIO PREDIAL","UN    ","CR","139,27"]
[37989,"UNIAO, CPVC, SOLDAVEL, 15 MM, PARA AGUA QUENTE PREDIAL","UN    ","AS","6,86"]
[37990,"UNIAO, CPVC, SOLDAVEL, 22 MM, PARA AGUA QUENTE PREDIAL","UN    ","AS","7,97"]
[37991,"UNIAO, CPVC, SOLDAVEL, 28 MM, PARA AGUA QUENTE PREDIAL","UN    ","AS","12,62"]
[37992,"UNIAO, CPVC, SOLDAVEL, 35 MM, PARA AGUA QUENTE PREDIAL","UN    ","AS","19,27"]
[37993,"UNIAO, CPVC, SOLDAVEL, 42 MM, PARA AGUA QUENTE PREDIAL","UN    ","AS","28,60"]
[37994,"UNIAO, CPVC, SOLDAVEL, 54 MM, PARA AGUA QUENTE PREDIAL","UN    ","AS","68,74"]
[37995,"UNIAO, CPVC, SOLDAVEL, 73 MM, PARA AGUA QUENTE PREDIAL","UN    ","AS","99,77"]
[37996,"UNIAO, CPVC, SOLDAVEL, 89 MM, PARA AGUA QUENTE PREDIAL","UN    ","AS","147,10"]
[13883,"USINA DE ASFALTO A FRIO, CAPACIDADE DE 30 A 40 T/H, ELETRICA, POTENCIA DE 30 CV","UN    ","AS","81.627,80"]
[38604,"USINA DE ASFALTO A FRIO, CAPACIDADE DE 40 A 60 T/H, ELETRICA, POTENCIA DE 30 CV","UN    ","AS","101.666,34"]
[10601,"USINA DE ASFALTO A QUENTE, FIXA, TIPO CONTRA FLUXO, CAPACIDADE DE 100 A 140 T/H, POTENCIA DE 280 KW, COM MISTURADOR EXTERNO ROTATIVO","UN    ","AS","1.977.613,23"]
[26034,"USINA DE ASFALTO, GRAVIMETRICA, CAPACIDADE DE 150 T/H, POTENCIA DE 400 KW","UN    ","AS","5.206.985,84"]
[13894,"USINA DE CONCRETO FIXA, CAPACIDADE NOMINAL DE 40 M3/H, SEM SILO","UN    ","AS","392.649,25"]
[13895,"USINA DE CONCRETO FIXA, CAPACIDADE NOMINAL DE 60 M3/H, SEM SILO","UN    ","AS","527.982,35"]
[13892,"USINA DE CONCRETO FIXA, CAPACIDADE NOMINAL DE 80 M3/H, SEM SILO","UN    ","AS","647.029,46"]
[9914,"USINA DE CONCRETO FIXA, CAPACIDADE NOMINAL DE 90 A 120 M3/H, SEM SILO","UN    ","AS","700.000,00"]
[36485,"USINA DE LAMA ASFALTICA, PROD 30 A 50 T/H, SILO DE AGREGADO 7 M3, RESERVATORIOS PARA EMULSAO E AGUA DE 2,3 M3 CADA, MISTURADOR TIPO PUGG-MILL A SER MONTADO SOBRE CAMINHAO","UN    ","AS","372.817,95"]
[9912,"USINA DE MISTURAS ASFALTICAS A QUENTE, MOVEL, TIPO CONTRA FLUXO, CAPACIDADE DE 40 A 80 T/H","UN    ","AS","1.610.000,00"]
[9921,"USINA MISTURADORA DE SOLOS,  DOSADORES TRIPLOS, CALHA VIBRATORIA CAPACIDADE DE 200 A 500 T/H, POTENCIA DE 75 KW","UN    ","AS","830.514,15"]
[21112,"VALVULA DE DESCARGA EM METAL CROMADO PARA MICTORIO COM ACIONAMENTO POR PRESSAO E FECHAMENTO AUTOMATICO","UN    ","CR","160,69"]
[10228,"VALVULA DE DESCARGA METALICA, BASE 1 1/2 \" E ACABAMENTO METALICO CROMADO","UN    ","C ","186,68"]
[11781,"VALVULA DE DESCARGA METALICA, BASE 1 1/4 \" E ACABAMENTO METALICO CROMADO","UN    ","CR","151,23"]
[11746,"VALVULA DE ESFERA BRUTA EM BRONZE, BITOLA 1 \" (REF 1552-B)","UN    ","AS","53,40"]
[11751,"VALVULA DE ESFERA BRUTA EM BRONZE, BITOLA 1 1/2 \" (REF 1552-B)","UN    ","AS","95,91"]
[11750,"VALVULA DE ESFERA BRUTA EM BRONZE, BITOLA 1 1/4 \" (REF 1552-B)","UN    ","AS","79,59"]
[11748,"VALVULA DE ESFERA BRUTA EM BRONZE, BITOLA 1/2 \" (REF 1552-B)","UN    ","AS","34,27"]
[11747,"VALVULA DE ESFERA BRUTA EM BRONZE, BITOLA 2 \" (REF 1552-B)","UN    ","AS","147,90"]
[11749,"VALVULA DE ESFERA BRUTA EM BRONZE, BITOLA 3/4 \" (REF 1552-B)","UN    ","AS","39,55"]
[10236,"VALVULA DE RETENCAO DE BRONZE, PE COM CRIVOS, EXTREMIDADE COM ROSCA, DE 1 1/2\", PARA FUNDO DE POCO","UN    ","CR","61,91"]
[10233,"VALVULA DE RETENCAO DE BRONZE, PE COM CRIVOS, EXTREMIDADE COM ROSCA, DE 1 1/4\", PARA FUNDO DE POCO","UN    ","CR","58,01"]
[10234,"VALVULA DE RETENCAO DE BRONZE, PE COM CRIVOS, EXTREMIDADE COM ROSCA, DE 1\", PARA FUNDO DE POCO","UN    ","CR","36,54"]
[10231,"VALVULA DE RETENCAO DE BRONZE, PE COM CRIVOS, EXTREMIDADE COM ROSCA, DE 2 1/2\", PARA FUNDO DE POCO","UN    ","CR","167,58"]
[10232,"VALVULA DE RETENCAO DE BRONZE, PE COM CRIVOS, EXTREMIDADE COM ROSCA, DE 2\", PARA FUNDO DE POCO","UN    ","CR","93,77"]
[10229,"VALVULA DE RETENCAO DE BRONZE, PE COM CRIVOS, EXTREMIDADE COM ROSCA, DE 3/4\", PARA FUNDO DE POCO","UN    ","C ","33,05"]
[10235,"VALVULA DE RETENCAO DE BRONZE, PE COM CRIVOS, EXTREMIDADE COM ROSCA, DE 3\", PARA FUNDO DE POCO","UN    ","CR","229,73"]
[10230,"VALVULA DE RETENCAO DE BRONZE, PE COM CRIVOS, EXTREMIDADE COM ROSCA, DE 4\", PARA FUNDO DE POCO","UN    ","CR","404,31"]
[10409,"VALVULA DE RETENCAO HORIZONTAL, DE BRONZE (PN-25), 1 1/2\", 400 PSI, TAMPA DE PORCA DE UNIAO, EXTREMIDADES COM ROSCA","UN    ","CR","120,11"]
[10411,"VALVULA DE RETENCAO HORIZONTAL, DE BRONZE (PN-25), 1 1/4\", 400 PSI, TAMPA DE PORCA DE UNIAO, EXTREMIDADES COM ROSCA","UN    ","CR","107,48"]
[10404,"VALVULA DE RETENCAO HORIZONTAL, DE BRONZE (PN-25), 1/2\", 400 PSI, TAMPA DE PORCA DE UNIAO, EXTREMIDADES COM ROSCA","UN    ","CR","43,59"]
[10410,"VALVULA DE RETENCAO HORIZONTAL, DE BRONZE (PN-25), 1\", 400 PSI, TAMPA DE PORCA DE UNIAO, EXTREMIDADES COM ROSCA","UN    ","CR","71,79"]
[10405,"VALVULA DE RETENCAO HORIZONTAL, DE BRONZE (PN-25), 2 1/2\", 400 PSI, TAMPA DE PORCA DE UNIAO, EXTREMIDADES COM ROSCA","UN    ","CR","240,65"]
[10408,"VALVULA DE RETENCAO HORIZONTAL, DE BRONZE (PN-25), 2\", 400 PSI, TAMPA DE PORCA DE UNIAO, EXTREMIDADES COM ROSCA","UN    ","CR","168,28"]
[10412,"VALVULA DE RETENCAO HORIZONTAL, DE BRONZE (PN-25), 3/4\", 400 PSI, TAMPA DE PORCA DE UNIAO, EXTREMIDADES COM ROSCA","UN    ","CR","52,82"]
[10406,"VALVULA DE RETENCAO HORIZONTAL, DE BRONZE (PN-25), 3\", 400 PSI, TAMPA DE PORCA DE UNIAO, EXTREMIDADES COM ROSCA","UN    ","CR","332,39"]
[10407,"VALVULA DE RETENCAO HORIZONTAL, DE BRONZE (PN-25), 4\", 400 PSI, TAMPA DE PORCA DE UNIAO, EXTREMIDADES COM ROSCA","UN    ","CR","515,54"]
[10416,"VALVULA DE RETENCAO VERTICAL, DE BRONZE (PN-16), 1 1/2\", 200 PSI, EXTREMIDADES COM ROSCA","UN    ","CR","63,94"]
[10419,"VALVULA DE RETENCAO VERTICAL, DE BRONZE (PN-16), 1 1/4\", 200 PSI, EXTREMIDADES COM ROSCA","UN    ","CR","55,50"]
[21092,"VALVULA DE RETENCAO VERTICAL, DE BRONZE (PN-16), 1/2\", 200 PSI, EXTREMIDADES COM ROSCA","UN    ","CR","31,73"]
[10418,"VALVULA DE RETENCAO VERTICAL, DE BRONZE (PN-16), 1\", 200 PSI, EXTREMIDADES COM ROSCA","UN    ","CR","37,00"]
[12657,"VALVULA DE RETENCAO VERTICAL, DE BRONZE (PN-16), 2 1/2\", 200 PSI, EXTREMIDADES COM ROSCA","UN    ","CR","149,30"]
[10417,"VALVULA DE RETENCAO VERTICAL, DE BRONZE (PN-16), 2\", 200 PSI, EXTREMIDADES COM ROSCA","UN    ","CR","93,17"]
[10413,"VALVULA DE RETENCAO VERTICAL, DE BRONZE (PN-16), 3/4\", 200 PSI, EXTREMIDADES COM ROSCA","UN    ","CR","33,86"]
[10414,"VALVULA DE RETENCAO VERTICAL, DE BRONZE (PN-16), 3\", 200 PSI, EXTREMIDADES COM ROSCA","UN    ","CR","203,88"]
[10415,"VALVULA DE RETENCAO VERTICAL, DE BRONZE (PN-16), 4\", 200 PSI, EXTREMIDADES COM ROSCA","UN    ","CR","353,85"]
[38643,"VALVULA EM METAL CROMADO PARA LAVATORIO, 1 \" SEM LADRAO","UN    ","CR","27,03"]
[6157,"VALVULA EM METAL CROMADO PARA PIA AMERICANA 3.1/2 X 1.1/2 \"","UN    ","CR","36,93"]
[37588,"VALVULA EM METAL CROMADO PARA TANQUE, 1.1/2 \" SEM LADRAO","UN    ","CR","21,99"]
[6152,"VALVULA EM PLASTICO BRANCO COM SAIDA LISA PARA TANQUE 1.1/4 \" X 1.1/2 \"","UN    ","CR","2,45"]
[6158,"VALVULA EM PLASTICO BRANCO PARA LAVATORIO 1 \", SEM UNHO, COM LADRAO","UN    ","CR","2,95"]
[6153,"VALVULA EM PLASTICO BRANCO PARA TANQUE OU LAVATORIO 1 \", SEM UNHO E SEM LADRAO","UN    ","CR","2,30"]
[6156,"VALVULA EM PLASTICO BRANCO PARA TANQUE 1.1/4 \" X 1.1/2 \", SEM UNHO E SEM LADRAO","UN    ","CR","2,91"]
[6154,"VALVULA EM PLASTICO CROMADO PARA LAVATORIO 1 \", SEM UNHO, COM LADRAO","UN    ","CR","5,48"]
[6155,"VALVULA EM PLASTICO CROMADO TIPO AMERICANA PARA PIA DE COZINHA 3.1/2 \" X 1.1/2 \", SEM ADAPTADOR","UN    ","CR","11,35"]
[3115,"VARA / PERFIL PARA CREMONA, EM FERRO CROMADO, COMPRIMENTO DE 120 CM","UN    ","CR","13,39"]
[3116,"VARA / PERFIL PARA CREMONA, EM FERRO CROMADO, COMPRIMENTO DE 150 CM","UN    ","CR","13,80"]
[38166,"VARA/ PERFIL PARA CREMONA, EM LATAO CROMADO, COMPRIMENTO DE 120 CM","UN    ","CR","28,24"]
[38108,"VARIADOR DE LUMINOSIDADE ROTATIVO (DIMMER) 127 V, 300 W (APENAS MODULO)","UN    ","CR","54,16"]
[38087,"VARIADOR DE LUMINOSIDADE ROTATIVO (DIMMER) 127V, 300W, CONJUNTO MONTADO PARA EMBUTIR 4\" X 2\" (PLACA + SUPORTE + MODULO)","UN    ","CR","69,66"]
[38109,"VARIADOR DE LUMINOSIDADE ROTATIVO (DIMMER) 220 V, 600 W (APENAS MODULO)","UN    ","CR","86,56"]
[38088,"VARIADOR DE LUMINOSIDADE ROTATIVO (DIMMER) 220V, 600W, CONJUNTO MONTADO PARA EMBUTIR 4\" X 2\" (PLACA + SUPORTE + MODULO)","UN    ","CR","91,02"]
[38110,"VARIADOR DE VELOCIDADE PARA VENTILADOR 127 V, 150 W (APENAS MODULO)","UN    ","CR","33,30"]
[38089,"VARIADOR DE VELOCIDADE PARA VENTILADOR 127V, 150W + 2 INTERRUPTORES PARALELOS, PARA REVERSAO E LAMPADA, CONJUNTO MONTADO PARA EMBUTIR 4\" X 2\" (PLACA + SUPORTE + MODULOS)","UN    ","CR","58,02"]
[38111,"VARIADOR DE VELOCIDADE PARA VENTILADOR 220 V, 250 W (APENAS MODULO)","UN    ","CR","37,24"]
[38090,"VARIADOR DE VELOCIDADE PARA VENTILADOR 220V, 250W + 2 INTERRUPTORES PARALELOS, PARA REVERSAO E LAMPADA, CONJUNTO MONTADO PARA EMBUTIR 4\" X 2\" (PLACA + SUPORTE + MODULOS)","UN    ","CR","59,97"]
[11786,"VASO SANITARIO SIFONADO INFANTIL LOUCA BRANCA","UN    ","CR","245,51"]
[13726,"VASSOURA MECANICA REBOCAVEL COM ESCOVA CILINDRICA LARGURA UTIL DE VARRIMENTO = 2,44M","UN    ","AS","30.285,71"]
[38400,"VASSOURA 40 CM COM CABO","UN    ","CR","13,70"]
[12627,"VEDACAO DE CALHA, EM BORRACHA COR PRETA, MEDIDA ENTRE 119 E 170 MM, PARA DRENAGEM PLUVIAL PREDIAL","UN    ","AS","0,37"]
[6138,"VEDACAO PVC, 100 MM, PARA SAIDA VASO SANITARIO","UN    ","CR","1,83"]
[39996,"VERGALHAO ZINCADO ROSCA TOTAL, 1/4 \" (6,3 MM)","M     ","CR","2,03"]
[10478,"VERNIZ POLIURETANO BRILHANTE PARA MADEIRA, COM FILTRO SOLAR, USO INTERNO E EXTERNO","L     ","CR","23,83"]
[40514,"VERNIZ POLIURETANO BRILHANTE PARA MADEIRA, SEM FILTRO SOLAR, USO INTERNO E EXTERNO","L     ","C ","21,11"]
[10475,"VERNIZ SINTETICO BRILHANTE PARA MADEIRA TIPO COPAL, USO INTERNO","L     ","CR","20,96"]
[10481,"VERNIZ SINTETICO BRILHANTE PARA MADEIRA, COM FILTRO SOLAR, USO INTERNO E EXTERNO (BASE SOLVENTE)","L     ","CR","22,86"]
[4031,"VEU DE VIDRO/VEU DE SUPERFICIE 30 A 35 G/M2","M2    ","AS","23,04"]
[4030,"VEU POLIESTER","M2    ","AS","4,90"]
[39399,"VIBRADOR DE IMERSAO, COM PONTEIRA DE *35* MM, MANGOTE DE 5 M, SEM MOTOR","UN    ","CR","847,82"]
[39400,"VIBRADOR DE IMERSAO, COM PONTEIRA DE *45* MM, MANGOTE DE 5 M, SEM MOTOR.","UN    ","CR","921,54"]
[39401,"VIBRADOR DE IMERSAO, COM PONTEIRA DE *60* MM, MANGOTE DE 5 M, SEM MOTOR.","UN    ","CR","1.033,75"]
[11652,"VIBRADOR DE IMERSAO, DIAMETRO DA PONTEIRA DE *35* MM, COM MOTOR 4 TEMPOS A GASOLINA DE 5,5 HP (5,5 CV)","UN    ","C ","2.224,00"]
[13896,"VIBRADOR DE IMERSAO, DIAMETRO DA PONTEIRA DE *45* MM, COM MOTOR ELETRICO TRIFASICO DE 2 HP (2 CV)","UN    ","CR","1.995,12"]
[13475,"VIBRADOR DE IMERSAO, DIAMETRO DA PONTEIRA DE *45* MM, COM MOTOR 4 TEMPOS A GASOLINA DE 5,5 HP (5,5 CV)","UN    ","CR","2.430,30"]
[25971,"VIBROACABADORA DE ASFALTO SOBRE ESTEIRAS, LARG. PAVIM. MAX. 8,00 M, POT. 100 KW/ 134 HP, CAP. 600 T/ H","UN    ","AS","1.953.174,08"]
[25970,"VIBROACABADORA DE ASFALTO SOBRE ESTEIRAS, LARG. PAVIM. 2,13 M A 4,55 M, POT. 74 KW/ 100 HP, CAP. 400 T/ H","UN    ","AS","822.263,62"]
[13476,"VIBROACABADORA DE ASFALTO SOBRE ESTEIRAS, LARG. PAVIM. 2,60 M A 5,75 M, POT. 110 HP, CAP. 450 T/ H","UN    ","AS","828.222,11"]
[10488,"VIBROACABADORA DE ASFALTO SOBRE ESTEIRAS, LARG. PAVIMENT. 1,90 A 5,3 M, POT. 78 KW/105 HP, CAP. 450 T/H","UN    ","AS","1.003.400,00"]
[13606,"VIBROACABADORA DE ASFALTO SOBRE RODAS, LARGURA DE PAVIMENTACAO DE 1,70 A 4,20 M, POTENCIA 78 KW/105 HP, CAPACIDADE 300 T/H","UN    ","AS","888.998,05"]
[10489,"VIDRACEIRO","H     ","CR","11,05"]
[41073,"VIDRACEIRO (MENSALISTA)","MES   ","CR","1.932,36"]
[34391,"VIDRO COMUM LAMINADO LISO INCOLOR DUPLO, ESPESSURA TOTAL 8 MM (CADA CAMADA DE 4 MM) - COLOCADO","M2    ","CR","370,16"]
[10496,"VIDRO COMUM LAMINADO, LISO, INCOLOR, DUPLO, ESPESSURA TOTAL 6 MM (CADA CAMADA E= 3 MM) - COLOCADO","M2    ","CR","322,22"]
[10497,"VIDRO COMUM LAMINADO, LISO, INCOLOR, TRIPLO, ESPESSURA TOTAL 12 MM (CADA CAMADA E=  4 MM) - COLOCADO","M2    ","CR","837,77"]
[10504,"VIDRO COMUM LAMINADO, LISO, INCOLOR, TRIPLO, ESPESSURA TOTAL 15 MM (CADA CAMADA E = 5 MM) - COLOCADO","M2    ","CR","979,55"]
[34390,"VIDRO CRISTAL COLORIDO, 10 MM, PINTADO NA COR BRANCA","M2    ","CR","288,71"]
[34389,"VIDRO CRISTAL COLORIDO, 4 MM, PINTADO NA COR BRANCA","M2    ","CR","90,22"]
[34388,"VIDRO CRISTAL COLORIDO, 6 MM, PINTADO NA COR BRANCA","M2    ","CR","128,22"]
[34387,"VIDRO CRISTAL COLORIDO, 8 MM, PINTADO NA COR BRANCA","M2    ","CR","208,15"]
[11188,"VIDRO LISO FUME E = 4MM - SEM COLOCACAO","M2    ","CR","103,11"]
[11189,"VIDRO LISO FUME E = 6MM - SEM COLOCACAO","M2    ","CR","154,66"]
[21107,"VIDRO LISO FUME, E = 5 MM - SEM COLOCACAO","M2    ","CR","111,30"]
[34386,"VIDRO LISO INCOLOR 10 MM - SEM COLOCACAO","M2    ","CR","193,33"]
[10490,"VIDRO LISO INCOLOR 2 A 3 MM - SEM COLOCACAO","M2    ","C ","58,00"]
[10492,"VIDRO LISO INCOLOR 4MM - SEM COLOCACAO","M2    ","CR","77,33"]
[10493,"VIDRO LISO INCOLOR 5MM - SEM COLOCACAO","M2    ","CR","90,22"]
[10491,"VIDRO LISO INCOLOR 6 MM - SEM COLOCACAO","M2    ","CR","109,55"]
[34385,"VIDRO LISO INCOLOR 8MM  -  SEM COLOCACAO","M2    ","CR","159,82"]
[10499,"VIDRO MARTELADO OU CANELADO, 4 MM - SEM COLOCACAO","M2    ","CR","64,44"]
[34384,"VIDRO PLANO ARAMADO E = 6 MM - SEM COLOCACAO","M2    ","CR","193,33"]
[11185,"VIDRO PLANO ARMADO E = 7MM - SEM COLOCACAO","M2    ","CR","199,77"]
[10507,"VIDRO TEMPERADO INCOLOR E = 10 MM, SEM COLOCACAO","M2    ","CR","231,13"]
[10505,"VIDRO TEMPERADO INCOLOR E = 6 MM, SEM COLOCACAO","M2    ","CR","136,38"]
[10506,"VIDRO TEMPERADO INCOLOR E = 8 MM, SEM COLOCACAO","M2    ","CR","178,04"]
[5031,"VIDRO TEMPERADO INCOLOR PARA PORTA DE ABRIR, E = 10 MM (SEM FERRAGENS E SEM COLOCACAO)","M2    ","C ","250,00"]
[10502,"VIDRO TEMPERADO VERDE E = 10 MM, SEM COLOCACAO","M2    ","CR","291,31"]
[10501,"VIDRO TEMPERADO VERDE E = 6 MM, SEM COLOCACAO","M2    ","CR","164,58"]
[10503,"VIDRO TEMPERADO VERDE E = 8 MM, SEM COLOCACAO","M2    ","CR","222,35"]
[40270,"VIGA DE ESCORAMAENTO H20, DE MADEIRA, PESO DE 5,00 A 5,20 KG/M, COM EXTREMIDADES PLASTICAS","M     ","AS","45,38"]
[20213,"VIGA DE MADEIRA APARELHADA *6 X 12* CM, MACARANDUBA, ANGELIM OU EQUIVALENTE DA REGIAO","M     ","CR","10,55"]
[20211,"VIGA DE MADEIRA APARELHADA *6 X 16* CM, MACARANDUBA, ANGELIM OU EQUIVALENTE DA REGIAO","M     ","CR","15,59"]
[4472,"VIGA DE MADEIRA NAO APARELHADA *6 X 16* CM, MACARANDUBA, ANGELIM OU EQUIVALENTE DA REGIAO","M     ","CR","27,22"]
[35272,"VIGA DE MADEIRA NAO APARELHADA *6 X 20* CM, MACARANDUBA, ANGELIM OU EQUIVALENTE DA REGIAO","M     ","CR","35,76"]
[4425,"VIGA DE MADEIRA NAO APARELHADA 6 X 12 CM, MACARANDUBA, ANGELIM OU EQUIVALENTE DA REGIAO","M     ","C ","20,00"]
[4481,"VIGA DE MADEIRA NAO APARELHADA 8 X 16 CM, MACARANDUBA, ANGELIM OU EQUIVALENTE DA REGIAO","M     ","CR","36,84"]
[34345,"VIGIA DIURNO","H     ","CR","11,38"]
[41096,"VIGIA DIURNO (MENSALISTA)","MES   ","CR","1.987,44"]
[41776,"VIGIA NOTURNO, HORA EFETIVAMENTE TRABALHADA DE 22 H AS 5 H (COM ADICIONAL NOTURNO)","H     ","CR","14,02"]
[4487,"VIGOTA DE MADEIRA NAO APARELHADA *5 X 10* CM, MACARANDUBA, ANGELIM OU EQUIVALENTE DA REGIAO","M     ","CR","17,88"]
[11157,"WASH PRIMER PARA TINTA AUTOMOTIVA","GL    ","CR","156,85"]
[""]
["TOTAL DE INSUMOS : 5373"]

{"sheet":"SINAPI_COMP","index":35,"n_rows":37389,"n_cols":30,"rows_kept":2250,"cut":true,"hidden":false,"merged":[[3,0,3,30],[0,0,0,30],[1,0,1,30],[2,0,2,30]],"bounds":{"rows_first":1000,"rows_last":250,"rows_between":1000,"halvings":1}}
["PCI.818.01 - CUSTOS DE COMPOSIÇÕES ANALÍTICO                                                                      DATA DE EMISSÃO:19/06/2018 00:34:01         DATA DE RT: 16/06/2018"]
["ENCARGOS SOCIAIS SOBRE PREÇOS DA MÃO-DE-OBRA: 117,18%(HORA)   72,27%(MÊS)"]
["ABRANGENCIA: NACIONAL                                                                           DATA REFERENCIA TECNICA: 16/06/2018 LOCALIDADE : RECIFE                                                                             DATA DE PREÇO          :    05/2018"]
["REFERÊNCIA DE COLETA: MEDIANO"]
[]
["DESCRICAO DA CLASSE","SIGLA DA CLASSE","DESCRICAO DO TIPO 1","SIGLA DO TIPO 1","CODIGO DO AGRUPADOR","DESCRICAO DO AGRUPADOR","CODIGO DA COMPOSICAO","DESCRICAO DA COMPOSICAO","UNIDADE","ORIGEM DE PREÇO","CUSTO TOTAL","TIPO ITEM","CODIGO ITEM","DESCRIÇÃO ITEM","UNIDADE ITEM","ORIGEM DE PREÇO ITEM","COEFICIENTE","PRECO UNITARIO","CUSTO TOTAL","CUSTO MAO DE OBRA","% MAO DE OBRA","CUSTO MATERIAL","% MATERIAL","CUSTO EQUIPAMENTO","% EQUIPAMENTO","CUSTO SERVICOS TERCEIROS","% SERVICOS TERCEIROS","CUSTO OUTROS","% OUTROS","VINCULO"]
[]
["ASSENTAMENTO DE TUBOS E PECAS","ASTU","FORNEC E/OU ASSENT DE TUBO DE FERRO FUNDIDO JUNTA",45,"","","97141","ASSENTAMENTO DE TUBO DE FERRO FUNDIDO PARA REDE DE ÁGUA, DN 80 MM, JUNTA ELÁSTICA, INSTALADO EM LOCAL COM NÍVEL ALTO DE INTERFERÊNCIAS (NÃO INCLUI FORNECIMENTO). AF_11/2017","M","ATRIBUÍDO SÃO PAULO","8,01","","","","","","","","","5,48","68,3527887","1,36","16,9909208","1,17","14,6562905","0,00","0,0000000","0,00","0,0000000","CAIXA REFERENCIAL"]
["ASSENTAMENTO DE TUBOS E PECAS","ASTU","FORNEC E/OU ASSENT DE TUBO DE FERRO FUNDIDO JUNTA",45,"","","97141","ASSENTAMENTO DE TUBO DE FERRO FUNDIDO PARA REDE DE ÁGUA, DN 80 MM, JUNTA ELÁSTICA, INSTALADO EM LOCAL COM NÍVEL ALTO DE INTERFERÊNCIAS (NÃO INCLUI FORNECIMENTO). AF_11/2017","M","ATRIBUÍDO SÃO PAULO","8,01","COMPOSICAO","5678","RETROESCAVADEIRA SOBRE RODAS COM CARREGADEIRA, TRAÇÃO 4X4, POTÊNCIA LÍQ. 88 HP, CAÇAMBA CARREG. CAP. MÍN. 1 M3, CAÇAMBA RETRO CAP. 0,26 M3, PESO OPERACIONAL MÍN. 6.674 KG, PROFUNDIDADE ESCAVAÇÃO MÁX. 4,37 M - CHP DIURNO. AF_06/2014","CHP","ATRIBUÍDO SÃO PAULO","0,0099000","116,84","1,15","","","","","","","","","","","CAIXA REFERENCIAL"]
["ASSENTAMENTO DE TUBOS E PECAS","ASTU","FORNEC E/OU ASSENT DE TUBO DE FERRO FUNDIDO JUNTA",45,"","","97141","ASSENTAMENTO DE TUBO DE FERRO FUNDIDO PARA REDE DE ÁGUA, DN 80 MM, JUNTA ELÁSTICA, INSTALADO EM LOCAL COM NÍVEL ALTO DE INTERFERÊNCIAS (NÃO INCLUI FORNECIMENTO). AF_11/2017","M","ATRIBUÍDO SÃO PAULO","8,01","COMPOSICAO","5679","RETROESCAVADEIRA SOBRE RODAS COM CARREGADEIRA, TRAÇÃO 4X4, POTÊNCIA LÍQ. 88 HP, CAÇAMBA CARREG. CAP. MÍN. 1 M3, CAÇAMBA RETRO CAP. 0,26 M3, PESO OPERACIONAL MÍN. 6.674 KG, PROFUNDIDADE ESCAVAÇÃO MÁX. 4,37 M - CHI DIURNO. AF_06/2014","CHI","ATRIBUÍDO SÃO PAULO","0,0477000","55,33","2,63","","","","","","","","","","","CAIXA REFERENCIAL"]
["ASSENTAMENTO DE TUBOS E PECAS","ASTU","FORNEC E/OU ASSENT DE TUBO DE FERRO FUNDIDO JUNTA",45,"","","97141","ASSENTAMENTO DE TUBO DE FERRO FUNDIDO PARA REDE DE ÁGUA, DN 80 MM, JUNTA ELÁSTICA, INSTALADO EM LOCAL COM NÍVEL ALTO DE INTERFERÊNCIAS (NÃO INCLUI FORNECIMENTO). AF_11/2017","M","ATRIBUÍDO SÃO PAULO","8,01","INSUMO","20078","PASTA LUBRIFICANTE PARA TUBOS E CONEXOES COM JUNTA ELASTICA (USO EM PVC, ACO, POLIETILENO E OUTROS) ( DE *400* G)","UN","COEFICIENTE DE REPRESENTATIVIDADE","0,0046000","16,40","0,07","","","","","","","","","","","CAIXA REFERENCIAL"]
["ASSENTAMENTO DE TUBOS E PECAS","ASTU","FORNEC E/OU ASSENT DE TUBO DE FERRO FUNDIDO JUNTA",45,"","","97141","ASSENTAMENTO DE TUBO DE FERRO FUNDIDO PARA REDE DE ÁGUA, DN 80 MM, JUNTA ELÁSTICA, INSTALADO EM LOCAL COM NÍVEL ALTO DE INTERFERÊNCIAS (NÃO INCLUI FORNECIMENTO). AF_11/2017","M","ATRIBUÍDO SÃO PAULO","8,01","COMPOSICAO","88246","ASSENTADOR DE TUBOS COM ENCARGOS COMPLEMENTARES","H","COEFICIENTE DE REPRESENTATIVIDADE","0,0905000","30,49","2,75","","","","","","","","","","","CAIXA REFERENCIAL"]
["ASSENTAMENTO DE TUBOS E PECAS","ASTU","FORNEC E/OU ASSENT DE TUBO DE FERRO FUNDIDO JUNTA",45,"","","97141","ASSENTAMENTO DE TUBO DE FERRO FUNDIDO PARA REDE DE ÁGUA, DN 80 MM, JUNTA ELÁSTICA, INSTALADO EM LOCAL COM NÍVEL ALTO DE INTERFERÊNCIAS (NÃO INCLUI FORNECIMENTO). AF_11/2017","M","ATRIBUÍDO SÃO PAULO","8,01","COMPOSICAO","88316","SERVENTE COM ENCARGOS COMPLEMENTARES","H","COEFICIENTE DE REPRESENTATIVIDADE","0,0905000","15,69","1,41","","","","","","","","","","","CAIXA REFERENCIAL"]
["ASSENTAMENTO DE TUBOS E PECAS","ASTU","FORNEC E/OU ASSENT DE TUBO DE FERRO FUNDIDO JUNTA",45,"","","97142","ASSENTAMENTO DE TUBO DE FERRO FUNDIDO PARA REDE DE ÁGUA, DN 100 MM, JUNTA ELÁSTICA, INSTALADO EM LOCAL COM NÍVEL ALTO DE INTERFERÊNCIAS (NÃO INCLUI FORNECIMENTO). AF_11/2017","M","ATRIBUÍDO SÃO PAULO","8,94","","","","","","","","","6,18","68,9534885","1,51","16,9767441","1,25","14,0697674","0,00","0,0000000","0,00","0,0000000","CAIXA REFERENCIAL"]
["ASSENTAMENTO DE TUBOS E PECAS","ASTU","FORNEC E/OU ASSENT DE TUBO DE FERRO FUNDIDO JUNTA",45,"","","97142","ASSENTAMENTO DE TUBO DE FERRO FUNDIDO PARA REDE DE ÁGUA, DN 100 MM, JUNTA ELÁSTICA, INSTALADO EM LOCAL COM NÍVEL ALTO DE INTERFERÊNCIAS (NÃO INCLUI FORNECIMENTO). AF_11/2017","M","ATRIBUÍDO SÃO PAULO","8,94","COMPOSICAO","5678","RETROESCAVADEIRA SOBRE RODAS COM CARREGADEIRA, TRAÇÃO 4X4, POTÊNCIA LÍQ. 88 HP, CAÇAMBA CARREG. CAP. MÍN. 1 M3, CAÇAMBA RETRO CAP. 0,26 M3, PESO OPERACIONAL MÍN. 6.674 KG, PROFUNDIDADE ESCAVAÇÃO MÁX. 4,37 M - CHP DIURNO. AF_06/2014","CHP","ATRIBUÍDO SÃO PAULO","0,0106000","116,84","1,23","","","","","","","","","","","CAIXA REFERENCIAL"]
["ASSENTAMENTO DE TUBOS E PECAS","ASTU","FORNEC E/OU ASSENT DE TUBO DE FERRO FUNDIDO JUNTA",45,"","","97142","ASSENTAMENTO DE TUBO DE FERRO FUNDIDO PARA REDE DE ÁGUA, DN 100 MM, JUNTA ELÁSTICA, INSTALADO EM LOCAL COM NÍVEL ALTO DE INTERFERÊNCIAS (NÃO INCLUI FORNECIMENTO). AF_11/2017","M","ATRIBUÍDO SÃO PAULO","8,94","COMPOSICAO","5679","RETROESCAVADEIRA SOBRE RODAS COM CARREGADEIRA, TRAÇÃO 4X4, POTÊNCIA LÍQ. 88 HP, CAÇAMBA CARREG. CAP. MÍN. 1 M3, CAÇAMBA RETRO CAP. 0,26 M3, PESO OPERACIONAL MÍN. 6.674 KG, PROFUNDIDADE ESCAVAÇÃO MÁX. 4,37 M - CHI DIURNO. AF_06/2014","CHI","ATRIBUÍDO SÃO PAULO","0,0510000","55,33","2,82","","","","","","","","","","","CAIXA REFERENCIAL"]
["ASSENTAMENTO DE TUBOS E PECAS","ASTU","FORNEC E/OU ASSENT DE TUBO DE FERRO FUNDIDO JUNTA",45,"","","97142","ASSENTAMENTO DE TUBO DE FERRO FUNDIDO PARA REDE DE ÁGUA, DN 100 MM, JUNTA ELÁSTICA, INSTALADO EM LOCAL COM NÍVEL ALTO DE INTERFERÊNCIAS (NÃO INCLUI FORNECIMENTO). AF_11/2017","M","ATRIBUÍDO SÃO PAULO","8,94","INSUMO","20078","PASTA LUBRIFICANTE PARA TUBOS E CONEXOES COM JUNTA ELASTICA (USO EM PVC, ACO, POLIETILENO E OUTROS) ( DE *400* G)","UN","COEFICIENTE DE REPRESENTATIVIDADE","0,0054000","16,40","0,08","","","","","","","","","","","CAIXA REFERENCIAL"]
["ASSENTAMENTO DE TUBOS E PECAS","ASTU","FORNEC E/OU ASSENT DE TUBO DE FERRO FUNDIDO JUNTA",45,"","","97142","ASSENTAMENTO DE TUBO DE FERRO FUNDIDO PARA REDE DE ÁGUA, DN 100 MM, JUNTA ELÁSTICA, INSTALADO EM LOCAL COM NÍVEL ALTO DE INTERFERÊNCIAS (NÃO INCLUI FORNECIMENTO). AF_11/2017","M","ATRIBUÍDO SÃO PAULO","8,94","COMPOSICAO","88246","ASSENTADOR DE TUBOS COM ENCARGOS COMPLEMENTARES","H","COEFICIENTE DE REPRESENTATIVIDADE","0,1045000","30,49","3,18","","","","","","","","","","","CAIXA REFERENCIAL"]
["ASSENTAMENTO DE TUBOS E PECAS","ASTU","FORNEC E/OU ASSENT DE TUBO DE FERRO FUNDIDO JUNTA",45,"","","97142","ASSENTAMENTO DE TUBO DE FERRO FUNDIDO PARA REDE DE ÁGUA, DN 100 MM, JUNTA ELÁSTICA, INSTALADO EM LOCAL COM NÍVEL ALTO DE INTERFERÊNCIAS (NÃO INCLUI FORNECIMENTO). AF_11/2017","M","ATRIBUÍDO SÃO PAULO","8,94","COMPOSICAO","88316","SERVENTE COM ENCARGOS COMPLEMENTARES","H","COEFICIENTE DE REPRESENTATIVIDADE","0,1045000","15,69","1,63","","","","","","","","","","","CAIXA REFERENCIAL"]
["ASSENTAMENTO DE TUBOS E PECAS","ASTU","FORNEC E/OU ASSENT DE TUBO DE FERRO FUNDIDO JUNTA",45,"","","97143","ASSENTAMENTO DE TUBO DE FERRO FUNDIDO PARA REDE DE ÁGUA, DN 150 MM, JUNTA ELÁSTICA, INSTALADO EM LOCAL COM NÍVEL ALTO DE INTERFERÊNCIAS (NÃO INCLUI FORNECIMENTO). AF_11/2017","M","ATRIBUÍDO SÃO PAULO","11,27","","","","","","","","","7,84","69,4495414","1,97","17,5229357","1,46","13,0275229","0,00","0,0000000","0,00","0,0000000","CAIXA REFERENCIAL"]
["ASSENTAMENTO DE TUBOS E PECAS","ASTU","FORNEC E/OU ASSENT DE TUBO DE FERRO FUNDIDO JUNTA",45,"","","97143","ASSENTAMENTO DE TUBO DE FERRO FUNDIDO PARA REDE DE ÁGUA, DN 150 MM, JUNTA ELÁSTICA, INSTALADO EM LOCAL COM NÍVEL ALTO DE INTERFERÊNCIAS (NÃO INCLUI FORNECIMENTO). AF_11/2017","M","ATRIBUÍDO SÃO PAULO","11,27","COMPOSICAO","5678","RETROESCAVADEIRA SOBRE RODAS COM CARREGADEIRA, TRAÇÃO 4X4, POTÊNCIA LÍQ. 88 HP, CAÇAMBA CARREG. CAP. MÍN. 1 M3, CAÇAMBA RETRO CAP. 0,26 M3, PESO OPERACIONAL MÍN. 6.674 KG, PROFUNDIDADE ESCAVAÇÃO MÁX. 4,37 M - CHP DIURNO. AF_06/2014","CHP","ATRIBUÍDO SÃO PAULO","0,0124000","116,84","1,44","","","","","","","","","","","CAIXA REFERENCIAL"]
["ASSENTAMENTO DE TUBOS E PECAS","ASTU","FORNEC E/OU ASSENT DE TUBO DE FERRO FUNDIDO JUNTA",45,"","","97143","ASSENTAMENTO DE TUBO DE FERRO FUNDIDO PARA REDE DE ÁGUA, DN 150 MM, JUNTA ELÁSTICA, INSTALADO EM LOCAL COM NÍVEL ALTO DE INTERFERÊNCIAS (NÃO INCLUI FORNECIMENTO). AF_11/2017","M","ATRIBUÍDO SÃO PAULO","11,27","COMPOSICAO","5679","RETROESCAVADEIRA SOBRE RODAS COM CARREGADEIRA, TRAÇÃO 4X4, POTÊNCIA LÍQ. 88 HP, CAÇAMBA CARREG. CAP. MÍN. 1 M3, CAÇAMBA RETRO CAP. 0,26 M3, PESO OPERACIONAL MÍN. 6.674 KG, PROFUNDIDADE ESCAVAÇÃO MÁX. 4,37 M - CHI DIURNO. AF_06/2014","CHI","ATRIBUÍDO SÃO PAULO","0,0594000","55,33","3,28","","","","","","","","","","","CAIXA REFERENCIAL"]
["ASSENTAMENTO DE TUBOS E PECAS","ASTU","FORNEC E/OU ASSENT DE TUBO DE FERRO FUNDIDO JUNTA",45,"","","97143","ASSENTAMENTO DE TUBO DE FERRO FUNDIDO PARA REDE DE ÁGUA, DN 150 MM, JUNTA ELÁSTICA, INSTALADO EM LOCAL COM NÍVEL ALTO DE INTERFERÊNCIAS (NÃO INCLUI FORNECIMENTO). AF_11/2017","M","ATRIBUÍDO SÃO PAULO","11,27","INSUMO","20078","PASTA LUBRIFICANTE PARA TUBOS E CONEXOES COM JUNTA ELASTICA (USO EM PVC, ACO, POLIETILENO E OUTROS) ( DE *400* G)","UN","COEFICIENTE DE REPRESENTATIVIDADE","0,0071000","16,40","0,11","","","","","","","","","","","CAIXA REFERENCIAL"]
["ASSENTAMENTO DE TUBOS E PECAS","ASTU","FORNEC E/OU ASSENT DE TUBO DE FERRO FUNDIDO JUNTA",45,"","","97143","ASSENTAMENTO DE TUBO DE FERRO FUNDIDO PARA REDE DE ÁGUA, DN 150 MM, JUNTA ELÁSTICA, INSTALADO EM LOCAL COM NÍVEL ALTO DE INTERFERÊNCIAS (NÃO INCLUI FORNECIMENTO). AF_11/2017","M","ATRIBUÍDO SÃO PAULO","11,27","COMPOSICAO","88246","ASSENTADOR DE TUBOS COM ENCARGOS COMPLEMENTARES","H","COEFICIENTE DE REPRESENTATIVIDADE","0,1396000","30,49","4,25","","","","","","","","","","","CAIXA REFERENCIAL"]
["ASSENTAMENTO DE TUBOS E PECAS","ASTU","FORNEC E/OU ASSENT DE TUBO DE FERRO FUNDIDO JUNTA",45,"","","97143","ASSENTAMENTO DE TUBO DE FERRO FUNDIDO PARA REDE DE ÁGUA, DN 150 MM, JUNTA ELÁSTICA, INSTALADO EM LOCAL COM NÍVEL ALTO DE INTERFERÊNCIAS (NÃO INCLUI FORNECIMENTO). AF_11/2017","M","ATRIBUÍDO SÃO PAULO","11,27","COMPOSICAO","88316","SERVENTE COM ENCARGOS COMPLEMENTARES","H","COEFICIENTE DE REPRESENTATIVIDADE","0,1396000","15,69","2,19","","","","","","","","","","","CAIXA REFERENCIAL"]
["ASSENTAMENTO DE TUBOS E PECAS","ASTU","FORNEC E/OU ASSENT DE TUBO DE FERRO FUNDIDO JUNTA",45,"","","97144","ASSENTAMENTO DE TUBO DE FERRO FUNDIDO PARA REDE DE ÁGUA, DN 200 MM, JUNTA ELÁSTICA, INSTALADO EM LOCAL COM NÍVEL ALTO DE INTERFERÊNCIAS (NÃO INCLUI FORNECIMENTO). AF_11/2017","M","ATRIBUÍDO SÃO PAULO","13,59","","","","","","","","","9,48","69,6900984","2,45","18,0650037","1,66","12,2448979","0,00","0,0000000","0,00","0,0000000","CAIXA REFERENCIAL"]
["ASSENTAMENTO DE TUBOS E PECAS","ASTU","FORNEC E/OU ASSENT DE TUBO DE FERRO FUNDIDO JUNTA",45,"","","97144","ASSENTAMENTO DE TUBO DE FERRO FUNDIDO PARA REDE DE ÁGUA, DN 200 MM, JUNTA ELÁSTICA, INSTALADO EM LOCAL COM NÍVEL ALTO DE INTERFERÊNCIAS (NÃO INCLUI FORNECIMENTO). AF_11/2017","M","ATRIBUÍDO SÃO PAULO","13,59","COMPOSICAO","5678","RETROESCAVADEIRA SOBRE RODAS COM CARREGADEIRA, TRAÇÃO 4X4, POTÊNCIA LÍQ. 88 HP, CAÇAMBA CARREG. CAP. MÍN. 1 M3, CAÇAMBA RETRO CAP. 0,26 M3, PESO OPERACIONAL MÍN. 6.674 KG, PROFUNDIDADE ESCAVAÇÃO MÁX. 4,37 M - CHP DIURNO. AF_06/2014","CHP","ATRIBUÍDO SÃO PAULO","0,0141000","116,84","1,64","","","","","","","","","","","CAIXA REFERENCIAL"]
["ASSENTAMENTO DE TUBOS E PECAS","ASTU","FORNEC E/OU ASSENT DE TUBO DE FERRO FUNDIDO JUNTA",45,"","","97144","ASSENTAMENTO DE TUBO DE FERRO FUNDIDO PARA REDE DE ÁGUA, DN 200 MM, JUNTA ELÁSTICA, INSTALADO EM LOCAL COM NÍVEL ALTO DE INTERFERÊNCIAS (NÃO INCLUI FORNECIMENTO). AF_11/2017","M","ATRIBUÍDO SÃO PAULO","13,59","COMPOSICAO","5679","RETROESCAVADEIRA SOBRE RODAS COM CARREGADEIRA, TRAÇÃO 4X4, POTÊNCIA LÍQ. 88 HP, CAÇAMBA CARREG. CAP. MÍN. 1 M3, CAÇAMBA RETRO CAP. 0,26 M3, PESO OPERACIONAL MÍN. 6.674 KG, PROFUNDIDADE ESCAVAÇÃO MÁX. 4,37 M - CHI DIURNO. AF_06/2014","CHI","ATRIBUÍDO SÃO PAULO","0,0678000","55,33","3,75","","","","","","","","","","","CAIXA REFERENCIAL"]
["ASSENTAMENTO DE TUBOS E PECAS","ASTU","FORNEC E/OU ASSENT DE TUBO DE FERRO FUNDIDO JUNTA",45,"","","97144","ASSENTAMENTO DE TUBO DE FERRO FUNDIDO PARA REDE DE ÁGUA, DN 200 MM, JUNTA ELÁSTICA, INSTALADO EM LOCAL COM NÍVEL ALTO DE INTERFERÊNCIAS (NÃO INCLUI FORNECIMENTO). AF_11/2017","M","ATRIBUÍDO SÃO PAULO","13,59","INSUMO","20078","PASTA LUBRIFICANTE PARA TUBOS E CONEXOES COM JUNTA ELASTICA (USO EM PVC, ACO, POLIETILENO E OUTROS) ( DE *400* G)","UN","COEFICIENTE DE REPRESENTATIVIDADE","0,0087000","16,40","0,14","","","","","","","","","","","CAIXA REFERENCIAL"]
["ASSENTAMENTO DE TUBOS E PECAS","ASTU","FORNEC E/OU ASSENT DE TUBO DE FERRO FUNDIDO JUNTA",45,"","","97144","ASSENTAMENTO DE TUBO DE FERRO FUNDIDO PARA REDE DE ÁGUA, DN 200 MM, JUNTA ELÁSTICA, INSTALADO EM LOCAL COM NÍVEL ALTO DE INTERFERÊNCIAS (NÃO INCLUI FORNECIMENTO). AF_11/2017","M","ATRIBUÍDO SÃO PAULO","13,59","COMPOSICAO","88246","ASSENTADOR DE TUBOS COM ENCARGOS COMPLEMENTARES","H","COEFICIENTE DE REPRESENTATIVIDADE","0,1747000","30,49","5,32","","","","","","","","","","","CAIXA REFERENCIAL"]
["ASSENTAMENTO DE TUBOS E PECAS","ASTU","FORNEC E/OU ASSENT DE TUBO DE FERRO FUNDIDO JUNTA",45,"","","97144","ASSENTAMENTO DE TUBO DE FERRO FUNDIDO PARA REDE DE ÁGUA, DN 200 MM, JUNTA ELÁSTICA, INSTALADO EM LOCAL COM NÍVEL ALTO DE INTERFERÊNCIAS (NÃO INCLUI FORNECIMENTO). AF_11/2017","M","ATRIBUÍDO SÃO PAULO","13,59","COMPOSICAO","88316","SERVENTE COM ENCARGOS COMPLEMENTARES","H","COEFICIENTE DE REPRESENTATIVIDADE","0,1747000","15,69","2,74","","","","","","","","","","","CAIXA REFERENCIAL"]
["ASSENTAMENTO DE TUBOS E PECAS","ASTU","FORNEC E/OU ASSENT DE TUBO DE FERRO FUNDIDO JUNTA",45,"","","97145","ASSENTAMENTO DE TUBO DE FERRO FUNDIDO PARA REDE DE ÁGUA, DN 250 MM, JUNTA ELÁSTICA, INSTALADO EM LOCAL COM NÍVEL ALTO DE INTERFERÊNCIAS (NÃO INCLUI FORNECIMENTO). AF_11/2017","M","ATRIBUÍDO SÃO PAULO","15,92","","","","","","","","","11,16","70,0000001","2,90","18,2580645","1,86","11,7419354","0,00","0,0000000","0,00","0,0000000","CAIXA REFERENCIAL"]
["ASSENTAMENTO DE TUBOS E PECAS","ASTU","FORNEC E/OU ASSENT DE TUBO DE FERRO FUNDIDO JUNTA",45,"","","97145","ASSENTAMENTO DE TUBO DE FERRO FUNDIDO PARA REDE DE ÁGUA, DN 250 MM, JUNTA ELÁSTICA, INSTALADO EM LOCAL COM NÍVEL ALTO DE INTERFERÊNCIAS (NÃO INCLUI FORNECIMENTO). AF_11/2017","M","ATRIBUÍDO SÃO PAULO","15,92","COMPOSICAO","5678","RETROESCAVADEIRA SOBRE RODAS COM CARREGADEIRA, TRAÇÃO 4X4, POTÊNCIA LÍQ. 88 HP, CAÇAMBA CARREG. CAP. MÍN. 1 M3, CAÇAMBA RETRO CAP. 0,26 M3, PESO OPERACIONAL MÍN. 6.674 KG, PROFUNDIDADE ESCAVAÇÃO MÁX. 4,37 M - CHP DIURNO. AF_06/2014","CHP","ATRIBUÍDO SÃO PAULO","0,0159000","116,84","1,85","","","","","","","","","","","CAIXA REFERENCIAL"]
["ASSENTAMENTO DE TUBOS E PECAS","ASTU","FORNEC E/OU ASSENT DE TUBO DE FERRO FUNDIDO JUNTA",45,"","","97145","ASSENTAMENTO DE TUBO DE FERRO FUNDIDO PARA REDE DE ÁGUA, DN 250 MM, JUNTA ELÁSTICA, INSTALADO EM LOCAL COM NÍVEL ALTO DE INTERFERÊNCIAS (NÃO INCLUI FORNECIMENTO). AF_11/2017","M","ATRIBUÍDO SÃO PAULO","15,92","COMPOSICAO","5679","RETROESCAVADEIRA SOBRE RODAS COM CARREGADEIRA, TRAÇÃO 4X4, POTÊNCIA LÍQ. 88 HP, CAÇAMBA CARREG. CAP. MÍN. 1 M3, CAÇAMBA RETRO CAP. 0,26 M3, PESO OPERACIONAL MÍN. 6.674 KG, PROFUNDIDADE ESCAVAÇÃO MÁX. 4,37 M - CHI DIURNO. AF_06/2014","CHI","ATRIBUÍDO SÃO PAULO","0,0762000","55,33","4,21","","","","","","","","","","","CAIXA REFERENCIAL"]
["ASSENTAMENTO DE TUBOS E PECAS","ASTU","FORNEC E/OU ASSENT DE TUBO DE FERRO FUNDIDO JUNTA",45,"","","97145","ASSENTAMENTO DE TUBO DE FERRO FUNDIDO PARA REDE DE ÁGUA, DN 250 MM, JUNTA ELÁSTICA, INSTALADO EM LOCAL COM NÍVEL ALTO DE INTERFERÊNCIAS (NÃO INCLUI FORNECIMENTO). AF_11/2017","M","ATRIBUÍDO SÃO PAULO","15,92","INSUMO","20078","PASTA LUBRIFICANTE PARA TUBOS E CONEXOES COM JUNTA ELASTICA (USO EM PVC, ACO, POLIETILENO E OUTROS) ( DE *400* G)","UN","COEFICIENTE DE REPRESENTATIVIDADE","0,0113000","16,40","0,18","","","","","","","","","","","CAIXA REFERENCIAL"]
["ASSENTAMENTO DE TUBOS E PECAS","ASTU","FORNEC E/OU ASSENT DE TUBO DE FERRO FUNDIDO JUNTA",45,"","","97145","ASSENTAMENTO DE TUBO DE FERRO FUNDIDO PARA REDE DE ÁGUA, DN 250 MM, JUNTA ELÁSTICA, INSTALADO EM LOCAL COM NÍVEL ALTO DE INTERFERÊNCIAS (NÃO INCLUI FORNECIMENTO). AF_11/2017","M","ATRIBUÍDO SÃO PAULO","15,92","COMPOSICAO","88246","ASSENTADOR DE TUBOS COM ENCARGOS COMPLEMENTARES","H","COEFICIENTE DE REPRESENTATIVIDADE","0,2097000","30,49","6,39","","","","","","","","","","","CAIXA REFERENCIAL"]
["ASSENTAMENTO DE TUBOS E PECAS","ASTU","FORNEC E/OU ASSENT DE TUBO DE FERRO FUNDIDO JUNTA",45,"","","97145","ASSENTAMENTO DE TUBO DE FERRO FUNDIDO PARA REDE DE ÁGUA, DN 250 MM, JUNTA ELÁSTICA, INSTALADO EM LOCAL COM NÍVEL ALTO DE INTERFERÊNCIAS (NÃO INCLUI FORNECIMENTO). AF_11/2017","M","ATRIBUÍDO SÃO PAULO","15,92","COMPOSICAO","88316","SERVENTE COM ENCARGOS COMPLEMENTARES","H","COEFICIENTE DE REPRESENTATIVIDADE","0,2097000","15,69","3,29","","","","","","","","","","","CAIXA REFERENCIAL"]
["ASSENTAMENTO DE TUBOS E PECAS","ASTU","FORNEC E/OU ASSENT DE TUBO DE FERRO FUNDIDO JUNTA",45,"","","97146","ASSENTAMENTO DE TUBO DE FERRO FUNDIDO PARA REDE DE ÁGUA, DN 300 MM, JUNTA ELÁSTICA, INSTALADO EM LOCAL COM NÍVEL ALTO DE INTERFERÊNCIAS (NÃO INCLUI FORNECIMENTO). AF_11/2017","M","ATRIBUÍDO SÃO PAULO","18,25","","","","","","","","","12,77","69,9105147","3,40","18,6800894","2,08","11,4093959","0,00","0,0000000","0,00","0,0000000","CAIXA REFERENCIAL"]
["ASSENTAMENTO DE TUBOS E PECAS","ASTU","FORNEC E/OU ASSENT DE TUBO DE FERRO FUNDIDO JUNTA",45,"","","97146","ASSENTAMENTO DE TUBO DE FERRO FUNDIDO PARA REDE DE ÁGUA, DN 300 MM, JUNTA ELÁSTICA, INSTALADO EM LOCAL COM NÍVEL ALTO DE INTERFERÊNCIAS (NÃO INCLUI FORNECIMENTO). AF_11/2017","M","ATRIBUÍDO SÃO PAULO","18,25","COMPOSICAO","5678","RETROESCAVADEIRA SOBRE RODAS COM CARREGADEIRA, TRAÇÃO 4X4, POTÊNCIA LÍQ. 88 HP, CAÇAMBA CARREG. CAP. MÍN. 1 M3, CAÇAMBA RETRO CAP. 0,26 M3, PESO OPERACIONAL MÍN. 6.674 KG, PROFUNDIDADE ESCAVAÇÃO MÁX. 4,37 M - CHP DIURNO. AF_06/2014","CHP","ATRIBUÍDO SÃO PAULO","0,0176000","116,84","2,05","","","","","","","","","","","CAIXA REFERENCIAL"]
["ASSENTAMENTO DE TUBOS E PECAS","ASTU","FORNEC E/OU ASSENT DE TUBO DE FERRO FUNDIDO JUNTA",45,"","","97146","ASSENTAMENTO DE TUBO DE FERRO FUNDIDO PARA REDE DE ÁGUA, DN 300 MM, JUNTA ELÁSTICA, INSTALADO EM LOCAL COM NÍVEL ALTO DE INTERFERÊNCIAS (NÃO INCLUI FORNECIMENTO). AF_11/2017","M","ATRIBUÍDO SÃO PAULO","18,25","COMPOSICAO","5679","RETROESCAVADEIRA SOBRE RODAS COM CARREGADEIRA, TRAÇÃO 4X4, POTÊNCIA LÍQ. 88 HP, CAÇAMBA CARREG. CAP. MÍN. 1 M3, CAÇAMBA RETRO CAP. 0,26 M3, PESO OPERACIONAL MÍN. 6.674 KG, PROFUNDIDADE ESCAVAÇÃO MÁX. 4,37 M - CHI DIURNO. AF_06/2014","CHI","ATRIBUÍDO SÃO PAULO","0,0846000","55,33","4,68","","","","","","","","","","","CAIXA REFERENCIAL"]
["ASSENTAMENTO DE TUBOS E PECAS","ASTU","FORNEC E/OU ASSENT DE TUBO DE FERRO FUNDIDO JUNTA",45,"","","97146","ASSENTAMENTO DE TUBO DE FERRO FUNDIDO PARA REDE DE ÁGUA, DN 300 MM, JUNTA ELÁSTICA, INSTALADO EM LOCAL COM NÍVEL ALTO DE INTERFERÊNCIAS (NÃO INCLUI FORNECIMENTO). AF_11/2017","M","ATRIBUÍDO SÃO PAULO","18,25","INSUMO","20078","PASTA LUBRIFICANTE PARA TUBOS E CONEXOES COM JUNTA ELASTICA (USO EM PVC, ACO, POLIETILENO E OUTROS) ( DE *400* G)","UN","COEFICIENTE DE REPRESENTATIVIDADE","0,0138000","16,40","0,22","","","","","","","","","","","CAIXA REFERENCIAL"]
["ASSENTAMENTO DE TUBOS E PECAS","ASTU","FORNEC E/OU ASSENT DE TUBO DE FERRO FUNDIDO JUNTA",45,"","","97146","ASSENTAMENTO DE TUBO DE FERRO FUNDIDO PARA REDE DE ÁGUA, DN 300 MM, JUNTA ELÁSTICA, INSTALADO EM LOCAL COM NÍVEL ALTO DE INTERFERÊNCIAS (NÃO INCLUI FORNECIMENTO). AF_11/2017","M","ATRIBUÍDO SÃO PAULO","18,25","COMPOSICAO","88246","ASSENTADOR DE TUBOS COM ENCARGOS COMPLEMENTARES","H","COEFICIENTE DE REPRESENTATIVIDADE","0,2448000","30,49","7,46","","","","","","","","","","","CAIXA REFERENCIAL"]
["ASSENTAMENTO DE TUBOS E PECAS","ASTU","FORNEC E/OU ASSENT DE TUBO DE FERRO FUNDIDO JUNTA",45,"","","97146","ASSENTAMENTO DE TUBO DE FERRO FUNDIDO PARA REDE DE ÁGUA, DN 300 MM, JUNTA ELÁSTICA, INSTALADO EM LOCAL COM NÍVEL ALTO DE INTERFERÊNCIAS (NÃO INCLUI FORNECIMENTO). AF_11/2017","M","ATRIBUÍDO SÃO PAULO","18,25","COMPOSICAO","88316","SERVENTE COM ENCARGOS COMPLEMENTARES","H","COEFICIENTE DE REPRESENTATIVIDADE","0,2448000","15,69","3,84","","","","","","","","","","","CAIXA REFERENCIAL"]
["ASSENTAMENTO DE TUBOS E PECAS","ASTU","FORNEC E/OU ASSENT DE TUBO DE FERRO FUNDIDO JUNTA",45,"","","97147","ASSENTAMENTO DE TUBO DE FERRO FUNDIDO PARA REDE DE ÁGUA, DN 350 MM, JUNTA ELÁSTICA, INSTALADO EM LOCAL COM NÍVEL ALTO DE INTERFERÊNCIAS (NÃO INCLUI FORNECIMENTO). AF_11/2017","M","ATRIBUÍDO SÃO PAULO","20,58","","","","","","","","","14,46","70,2233251","3,83","18,6104218","2,29","11,1662531","0,00","0,0000000","0,00","0,0000000","CAIXA REFERENCIAL"]
["ASSENTAMENTO DE TUBOS E PECAS","ASTU","FORNEC E/OU ASSENT DE TUBO DE FERRO FUNDIDO JUNTA",45,"","","97147","ASSENTAMENTO DE TUBO DE FERRO FUNDIDO PARA REDE DE ÁGUA, DN 350 MM, JUNTA ELÁSTICA, INSTALADO EM LOCAL COM NÍVEL ALTO DE INTERFERÊNCIAS (NÃO INCLUI FORNECIMENTO). AF_11/2017","M","ATRIBUÍDO SÃO PAULO","20,58","COMPOSICAO","5678","RETROESCAVADEIRA SOBRE RODAS COM CARREGADEIRA, TRAÇÃO 4X4, POTÊNCIA LÍQ. 88 HP, CAÇAMBA CARREG. CAP. MÍN. 1 M3, CAÇAMBA RETRO CAP. 0,26 M3, PESO OPERACIONAL MÍN. 6.674 KG, PROFUNDIDADE ESCAVAÇÃO MÁX. 4,37 M - CHP DIURNO. AF_06/2014","CHP","ATRIBUÍDO SÃO PAULO","0,0194000","116,84","2,26","","","","","","","","","","","CAIXA REFERENCIAL"]
["ASSENTAMENTO DE TUBOS E PECAS","ASTU","FORNEC E/OU ASSENT DE TUBO DE FERRO FUNDIDO JUNTA",45,"","","97147","ASSENTAMENTO DE TUBO DE FERRO FUNDIDO PARA REDE DE ÁGUA, DN 350 MM, JUNTA ELÁSTICA, INSTALADO EM LOCAL COM NÍVEL ALTO DE INTERFERÊNCIAS (NÃO INCLUI FORNECIMENTO). AF_11/2017","M","ATRIBUÍDO SÃO PAULO","20,58","COMPOSICAO","5679","RETROESCAVADEIRA SOBRE RODAS COM CARREGADEIRA, TRAÇÃO 4X4, POTÊNCIA LÍQ. 88 HP, CAÇAMBA CARREG. CAP. MÍN. 1 M3, CAÇAMBA RETRO CAP. 0,26 M3, PESO OPERACIONAL MÍN. 6.674 KG, PROFUNDIDADE ESCAVAÇÃO MÁX. 4,37 M - CHI DIURNO. AF_06/2014","CHI","ATRIBUÍDO SÃO PAULO","0,0930000","55,33","5,14","","","","","","","","","","","CAIXA REFERENCIAL"]
["ASSENTAMENTO DE TUBOS E PECAS","ASTU","FORNEC E/OU ASSENT DE TUBO DE FERRO FUNDIDO JUNTA",45,"","","97147","ASSENTAMENTO DE TUBO DE FERRO FUNDIDO PARA REDE DE ÁGUA, DN 350 MM, JUNTA ELÁSTICA, INSTALADO EM LOCAL COM NÍVEL ALTO DE INTERFERÊNCIAS (NÃO INCLUI FORNECIMENTO). AF_11/2017","M","ATRIBUÍDO SÃO PAULO","20,58","INSUMO","20078","PASTA LUBRIFICANTE PARA TUBOS E CONEXOES COM JUNTA ELASTICA (USO EM PVC, ACO, POLIETILENO E OUTROS) ( DE *400* G)","UN","COEFICIENTE DE REPRESENTATIVIDADE","0,0163000","16,40","0,26","","","","","","","","","","","CAIXA REFERENCIAL"]
["ASSENTAMENTO DE TUBOS E PECAS","ASTU","FORNEC E/OU ASSENT DE TUBO DE FERRO FUNDIDO JUNTA",45,"","","97147","ASSENTAMENTO DE TUBO DE FERRO FUNDIDO PARA REDE DE ÁGUA, DN 350 MM, JUNTA ELÁSTICA, INSTALADO EM LOCAL COM NÍVEL ALTO DE INTERFERÊNCIAS (NÃO INCLUI FORNECIMENTO). AF_11/2017","M","ATRIBUÍDO SÃO PAULO","20,58","COMPOSICAO","88246","ASSENTADOR DE TUBOS COM ENCARGOS COMPLEMENTARES","H","COEFICIENTE DE REPRESENTATIVIDADE","0,2799000","30,49","8,53","","","","","","","","","","","CAIXA REFERENCIAL"]
["ASSENTAMENTO DE TUBOS E PECAS","ASTU","FORNEC E/OU ASSENT DE TUBO DE FERRO FUNDIDO JUNTA",45,"","","97147","ASSENTAMENTO DE TUBO DE FERRO FUNDIDO PARA REDE DE ÁGUA, DN 350 MM, JUNTA ELÁSTICA, INSTALADO EM LOCAL COM NÍVEL ALTO DE INTERFERÊNCIAS (NÃO INCLUI FORNECIMENTO). AF_11/2017","M","ATRIBUÍDO SÃO PAULO","20,58","COMPOSICAO","88316","SERVENTE COM ENCARGOS COMPLEMENTARES","H","COEFICIENTE DE REPRESENTATIVIDADE","0,2799000","15,69","4,39","","","","","","","","","","","CAIXA REFERENCIAL"]
["ASSENTAMENTO DE TUBOS E PECAS","ASTU","FORNEC E/OU ASSENT DE TUBO DE FERRO FUNDIDO JUNTA",45,"","","97148","ASSENTAMENTO DE TUBO DE FERRO FUNDIDO PARA REDE DE ÁGUA, DN 400 MM, JUNTA ELÁSTICA, INSTALADO EM LOCAL COM NÍVEL ALTO DE INTERFERÊNCIAS (NÃO INCLUI FORNECIMENTO). AF_11/2017","M","ATRIBUÍDO SÃO PAULO","22,91","","","","","","","","","16,10","70,2089819","4,32","18,8972876","2,49","10,8937305","0,00","0,0000000","0,00","0,0000000","CAIXA REFERENCIAL"]
["ASSENTAMENTO DE TUBOS E PECAS","ASTU","FORNEC E/OU ASSENT DE TUBO DE FERRO FUNDIDO JUNTA",45,"","","97148","ASSENTAMENTO DE TUBO DE FERRO FUNDIDO PARA REDE DE ÁGUA, DN 400 MM, JUNTA ELÁSTICA, INSTALADO EM LOCAL COM NÍVEL ALTO DE INTERFERÊNCIAS (NÃO INCLUI FORNECIMENTO). AF_11/2017","M","ATRIBUÍDO SÃO PAULO","22,91","COMPOSICAO","5678","RETROESCAVADEIRA SOBRE RODAS COM CARREGADEIRA, TRAÇÃO 4X4, POTÊNCIA LÍQ. 88 HP, CAÇAMBA CARREG. CAP. MÍN. 1 M3, CAÇAMBA RETRO CAP. 0,26 M3, PESO OPERACIONAL MÍN. 6.674 KG, PROFUNDIDADE ESCAVAÇÃO MÁX. 4,37 M - CHP DIURNO. AF_06/2014","CHP","ATRIBUÍDO SÃO PAULO","0,0211000","116,84","2,46","","","","","","","","","","","CAIXA REFERENCIAL"]
["ASSENTAMENTO DE TUBOS E PECAS","ASTU","FORNEC E/OU ASSENT DE TUBO DE FERRO FUNDIDO JUNTA",45,"","","97148","ASSENTAMENTO DE TUBO DE FERRO FUNDIDO PARA REDE DE ÁGUA, DN 400 MM, JUNTA ELÁSTICA, INSTALADO EM LOCAL COM NÍVEL ALTO DE INTERFERÊNCIAS (NÃO INCLUI FORNECIMENTO). AF_11/2017","M","ATRIBUÍDO SÃO PAULO","22,91","COMPOSICAO","5679","RETROESCAVADEIRA SOBRE RODAS COM CARREGADEIRA, TRAÇÃO 4X4, POTÊNCIA LÍQ. 88 HP, CAÇAMBA CARREG. CAP. MÍN. 1 M3, CAÇAMBA RETRO CAP. 0,26 M3, PESO OPERACIONAL MÍN. 6.674 KG, PROFUNDIDADE ESCAVAÇÃO MÁX. 4,37 M - CHI DIURNO. AF_06/2014","CHI","ATRIBUÍDO SÃO PAULO","0,1014000","55,33","5,61","","","","","","","","","","","CAIXA REFERENCIAL"]
["ASSENTAMENTO DE TUBOS E PECAS","ASTU","FORNEC E/OU ASSENT DE TUBO DE FERRO FUNDIDO JUNTA",45,"","","97148","ASSENTAMENTO DE TUBO DE FERRO FUNDIDO PARA REDE DE ÁGUA, DN 400 MM, JUNTA ELÁSTICA, INSTALADO EM LOCAL COM NÍVEL ALTO DE INTERFERÊNCIAS (NÃO INCLUI FORNECIMENTO). AF_11/2017","M","ATRIBUÍDO SÃO PAULO","22,91","INSUMO","20078","PASTA LUBRIFICANTE PARA TUBOS E CONEXOES COM JUNTA ELASTICA (USO EM PVC, ACO, POLIETILENO E OUTROS) ( DE *400* G)","UN","COEFICIENTE DE REPRESENTATIVIDADE","0,0188000","16,40","0,30","","","","","","","","","","","CAIXA REFERENCIAL"]
["ASSENTAMENTO DE TUBOS E PECAS","ASTU","FORNEC E/OU ASSENT DE TUBO DE FERRO FUNDIDO JUNTA",45,"","","97148","ASSENTAMENTO DE TUBO DE FERRO FUNDIDO PARA REDE DE ÁGUA, DN 400 MM, JUNTA ELÁSTICA, INSTALADO EM LOCAL COM NÍVEL ALTO DE INTERFERÊNCIAS (NÃO INCLUI FORNECIMENTO). AF_11/2017","M","ATRIBUÍDO SÃO PAULO","22,91","COMPOSICAO","88246","ASSENTADOR DE TUBOS COM ENCARGOS COMPLEMENTARES","H","COEFICIENTE DE REPRESENTATIVIDADE","0,3150000","30,49","9,60","","","","","","","","","","","CAIXA REFERENCIAL"]
["ASSENTAMENTO DE TUBOS E PECAS","ASTU","FORNEC E/OU ASSENT DE TUBO DE FERRO FUNDIDO JUNTA",45,"","","97148","ASSENTAMENTO DE TUBO DE FERRO FUNDIDO PARA REDE DE ÁGUA, DN 400 MM, JUNTA ELÁSTICA, INSTALADO EM LOCAL COM NÍVEL ALTO DE INTERFERÊNCIAS (NÃO INCLUI FORNECIMENTO). AF_11/2017","M","ATRIBUÍDO SÃO PAULO","22,91","COMPOSICAO","88316","SERVENTE COM ENCARGOS COMPLEMENTARES","H","COEFICIENTE DE REPRESENTATIVIDADE","0,3150000","15,69","4,94","","","","","","","","","","","CAIXA REFERENCIAL"]
["ASSENTAMENTO DE TUBOS E PECAS","ASTU","FORNEC E/OU ASSENT DE TUBO DE FERRO FUNDIDO JUNTA",45,"","","97149","ASSENTAMENTO DE TUBO DE FERRO FUNDIDO PARA REDE DE ÁGUA, DN 450 MM, JUNTA ELÁSTICA, INSTALADO EM LOCAL COM NÍVEL ALTO DE INTERFERÊNCIAS (NÃO INCLUI FORNECIMENTO). AF_11/2017","M","ATRIBUÍDO SÃO PAULO","25,26","","","","","","","","","17,72","70,1246483","4,81","19,0591073","2,73","10,8162444","0,00","0,0000000","0,00","0,0000000","CAIXA REFERENCIAL"]
["ASSENTAMENTO DE TUBOS E PECAS","ASTU","FORNEC E/OU ASSENT DE TUBO DE FERRO FUNDIDO JUNTA",45,"","","97149","ASSENTAMENTO DE TUBO DE FERRO FUNDIDO PARA REDE DE ÁGUA, DN 450 MM, JUNTA ELÁSTICA, INSTALADO EM LOCAL COM NÍVEL ALTO DE INTERFERÊNCIAS (NÃO INCLUI FORNECIMENTO). AF_11/2017","M","ATRIBUÍDO SÃO PAULO","25,26","COMPOSICAO","5678","RETROESCAVADEIRA SOBRE RODAS COM CARREGADEIRA, TRAÇÃO 4X4, POTÊNCIA LÍQ. 88 HP, CAÇAMBA CARREG. CAP. MÍN. 1 M3, CAÇAMBA RETRO CAP. 0,26 M3, PESO OPERACIONAL MÍN. 6.674 KG, PROFUNDIDADE ESCAVAÇÃO MÁX. 4,37 M - CHP DIURNO. AF_06/2014","CHP","ATRIBUÍDO SÃO PAULO","0,0229000","116,84","2,67","","","","","","","","","","","CAIXA REFERENCIAL"]
["ASSENTAMENTO DE TUBOS E PECAS","ASTU","FORNEC E/OU ASSENT DE TUBO DE FERRO FUNDIDO JUNTA",45,"","","97149","ASSENTAMENTO DE TUBO DE FERRO FUNDIDO PARA REDE DE ÁGUA, DN 450 MM, JUNTA ELÁSTICA, INSTALADO EM LOCAL COM NÍVEL ALTO DE INTERFERÊNCIAS (NÃO INCLUI FORNECIMENTO). AF_11/2017","M","ATRIBUÍDO SÃO PAULO","25,26","COMPOSICAO","5679","RETROESCAVADEIRA SOBRE RODAS COM CARREGADEIRA, TRAÇÃO 4X4, POTÊNCIA LÍQ. 88 HP, CAÇAMBA CARREG. CAP. MÍN. 1 M3, CAÇAMBA RETRO CAP. 0,26 M3, PESO OPERACIONAL MÍN. 6.674 KG, PROFUNDIDADE ESCAVAÇÃO MÁX. 4,37 M - CHI DIURNO. AF_06/2014","CHI","ATRIBUÍDO SÃO PAULO","0,1098000","55,33","6,07","","","","","","","","","","","CAIXA REFERENCIAL"]
["ASSENTAMENTO DE TUBOS E PECAS","ASTU","FORNEC E/OU ASSENT DE TUBO DE FERRO FUNDIDO JUNTA",45,"","","97149","ASSENTAMENTO DE TUBO DE FERRO FUNDIDO PARA REDE DE ÁGUA, DN 450 MM, JUNTA ELÁSTICA, INSTALADO EM LOCAL COM NÍVEL ALTO DE INTERFERÊNCIAS (NÃO INCLUI FORNECIMENTO). AF_11/2017","M","ATRIBUÍDO SÃO PAULO","25,26","INSUMO","20078","PASTA LUBRIFICANTE PARA TUBOS E CONEXOES COM JUNTA ELASTICA (USO EM PVC, ACO, POLIETILENO E OUTROS) ( DE *400* G)","UN","COEFICIENTE DE REPRESENTATIVIDADE","0,0221000","16,40","0,36","","","","","","","","","","","CAIXA REFERENCIAL"]
["ASSENTAMENTO DE TUBOS E PECAS","ASTU","FORNEC E/OU ASSENT DE TUBO DE FERRO FUNDIDO JUNTA",45,"","","97149","ASSENTAMENTO DE TUBO DE FERRO FUNDIDO PARA REDE DE ÁGUA, DN 450 MM, JUNTA ELÁSTICA, INSTALADO EM LOCAL COM NÍVEL ALTO DE INTERFERÊNCIAS (NÃO INCLUI FORNECIMENTO). AF_11/2017","M","ATRIBUÍDO SÃO PAULO","25,26","COMPOSICAO","88246","ASSENTADOR DE TUBOS COM ENCARGOS COMPLEMENTARES","H","COEFICIENTE DE REPRESENTATIVIDADE","0,3501000","30,49","10,67","","","","","","","","","","","CAIXA REFERENCIAL"]
["ASSENTAMENTO DE TUBOS E PECAS","ASTU","FORNEC E/OU ASSENT DE TUBO DE FERRO FUNDIDO JUNTA",45,"","","97149","ASSENTAMENTO DE TUBO DE FERRO FUNDIDO PARA REDE DE ÁGUA, DN 450 MM, JUNTA ELÁSTICA, INSTALADO EM LOCAL COM NÍVEL ALTO DE INTERFERÊNCIAS (NÃO INCLUI FORNECIMENTO). AF_11/2017","M","ATRIBUÍDO SÃO PAULO","25,26","COMPOSICAO","88316","SERVENTE COM ENCARGOS COMPLEMENTARES","H","COEFICIENTE DE REPRESENTATIVIDADE","0,3501000","15,69","5,49","","","","","","","","","","","CAIXA REFERENCIAL"]
["ASSENTAMENTO DE TUBOS E PECAS","ASTU","FORNEC E/OU ASSENT DE TUBO DE FERRO FUNDIDO JUNTA",45,"","","97150","ASSENTAMENTO DE TUBO DE FERRO FUNDIDO PARA REDE DE ÁGUA, DN 500 MM, JUNTA ELÁSTICA, INSTALADO EM LOCAL COM NÍVEL ALTO DE INTERFERÊNCIAS (NÃO INCLUI FORNECIMENTO). AF_11/2017","M","ATRIBUÍDO SÃO PAULO","29,78","","","","","","","","","19,35","64,9302010","5,53","18,5903983","4,90","16,4794007","0,00","0,0000000","0,00","0,0000000","CAIXA REFERENCIAL"]
["ASSENTAMENTO DE TUBOS E PECAS","ASTU","FORNEC E/OU ASSENT DE TUBO DE FERRO FUNDIDO JUNTA",45,"","","97150","ASSENTAMENTO DE TUBO DE FERRO FUNDIDO PARA REDE DE ÁGUA, DN 500 MM, JUNTA ELÁSTICA, INSTALADO EM LOCAL COM NÍVEL ALTO DE INTERFERÊNCIAS (NÃO INCLUI FORNECIMENTO). AF_11/2017","M","ATRIBUÍDO SÃO PAULO","29,78","COMPOSICAO","5631","ESCAVADEIRA HIDRÁULICA SOBRE ESTEIRAS, CAÇAMBA 0,80 M3, PESO OPERACIONAL 17 T, POTENCIA BRUTA 111 HP - CHP DIURNO. AF_06/2014","CHP","ATRIBUÍDO SÃO PAULO","0,0246000","149,54","3,67","","","","","","","","","","","CAIXA REFERENCIAL"]
["ASSENTAMENTO DE TUBOS E PECAS","ASTU","FORNEC E/OU ASSENT DE TUBO DE FERRO FUNDIDO JUNTA",45,"","","97150","ASSENTAMENTO DE TUBO DE FERRO FUNDIDO PARA REDE DE ÁGUA, DN 500 MM, JUNTA ELÁSTICA, INSTALADO EM LOCAL COM NÍVEL ALTO DE INTERFERÊNCIAS (NÃO INCLUI FORNECIMENTO). AF_11/2017","M","ATRIBUÍDO SÃO PAULO","29,78","COMPOSICAO","5632","ESCAVADEIRA HIDRÁULICA SOBRE ESTEIRAS, CAÇAMBA 0,80 M3, PESO OPERACIONAL 17 T, POTENCIA BRUTA 111 HP - CHI DIURNO. AF_06/2014","CHI","ATRIBUÍDO SÃO PAULO","0,1182000","67,11","7,93","","","","","","","","","","","CAIXA REFERENCIAL"]
["ASSENTAMENTO DE TUBOS E PECAS","ASTU","FORNEC E/OU ASSENT DE TUBO DE FERRO FUNDIDO JUNTA",45,"","","97150","ASSENTAMENTO DE TUBO DE FERRO FUNDIDO PARA REDE DE ÁGUA, DN 500 MM, JUNTA ELÁSTICA, INSTALADO EM LOCAL COM NÍVEL ALTO DE INTERFERÊNCIAS (NÃO INCLUI FORNECIMENTO). AF_11/2017","M","ATRIBUÍDO SÃO PAULO","29,78","INSUMO","20078","PASTA LUBRIFICANTE PARA TUBOS E CONEXOES COM JUNTA ELASTICA (USO EM PVC, ACO, POLIETILENO E OUTROS) ( DE *400* G)","UN","COEFICIENTE DE REPRESENTATIVIDADE","0,0248000","16,40","0,40","","","","","","","","","","","CAIXA REFERENCIAL"]
["ASSENTAMENTO DE TUBOS E PECAS","ASTU","FORNEC E/OU ASSENT DE TUBO DE FERRO FUNDIDO JUNTA",45,"","","97150","ASSENTAMENTO DE TUBO DE FERRO FUNDIDO PARA REDE DE ÁGUA, DN 500 MM, JUNTA ELÁSTICA, INSTALADO EM LOCAL COM NÍVEL ALTO DE INTERFERÊNCIAS (NÃO INCLUI FORNECIMENTO). AF_11/2017","M","ATRIBUÍDO SÃO PAULO","29,78","COMPOSICAO","88246","ASSENTADOR DE TUBOS COM ENCARGOS COMPLEMENTARES","H","COEFICIENTE DE REPRESENTATIVIDADE","0,3851000","30,49","11,74","","","","","","","","","","","CAIXA REFERENCIAL"]
["ASSENTAMENTO DE TUBOS E PECAS","ASTU","FORNEC E/OU ASSENT DE TUBO DE FERRO FUNDIDO JUNTA",45,"","","97150","ASSENTAMENTO DE TUBO DE FERRO FUNDIDO PARA REDE DE ÁGUA, DN 500 MM, JUNTA ELÁSTICA, INSTALADO EM LOCAL COM NÍVEL ALTO DE INTERFERÊNCIAS (NÃO INCLUI FORNECIMENTO). AF_11/2017","M","ATRIBUÍDO SÃO PAULO","29,78","COMPOSICAO","88316","SERVENTE COM ENCARGOS COMPLEMENTARES","H","COEFICIENTE DE REPRESENTATIVIDADE","0,3851000","15,69","6,04","","","","","","","","","","","CAIXA REFERENCIAL"]
["ASSENTAMENTO DE TUBOS E PECAS","ASTU","FORNEC E/OU ASSENT DE TUBO DE FERRO FUNDIDO JUNTA",45,"","","97151","ASSENTAMENTO DE TUBO DE FERRO FUNDIDO PARA REDE DE ÁGUA, DN 600 MM, JUNTA ELÁSTICA, INSTALADO EM LOCAL COM NÍVEL ALTO DE INTERFERÊNCIAS (NÃO INCLUI FORNECIMENTO). AF_11/2017","M","ATRIBUÍDO SÃO PAULO","34,78","","","","","","","","","22,67","65,1515152","6,51","18,7354312","5,60","16,1130536","0,00","0,0000000","0,00","0,0000000","CAIXA REFERENCIAL"]
["ASSENTAMENTO DE TUBOS E PECAS","ASTU","FORNEC E/OU ASSENT DE TUBO DE FERRO FUNDIDO JUNTA",45,"","","97151","ASSENTAMENTO DE TUBO DE FERRO FUNDIDO PARA REDE DE ÁGUA, DN 600 MM, JUNTA ELÁSTICA, INSTALADO EM LOCAL COM NÍVEL ALTO DE INTERFERÊNCIAS (NÃO INCLUI FORNECIMENTO). AF_11/2017","M","ATRIBUÍDO SÃO PAULO","34,78","COMPOSICAO","5631","ESCAVADEIRA HIDRÁULICA SOBRE ESTEIRAS, CAÇAMBA 0,80 M3, PESO OPERACIONAL 17 T, POTENCIA BRUTA 111 HP - CHP DIURNO. AF_06/2014","CHP","ATRIBUÍDO SÃO PAULO","0,0281000","149,54","4,20","","","","","","","","","","","CAIXA REFERENCIAL"]
["ASSENTAMENTO DE TUBOS E PECAS","ASTU","FORNEC E/OU ASSENT DE TUBO DE FERRO FUNDIDO JUNTA",45,"","","97151","ASSENTAMENTO DE TUBO DE FERRO FUNDIDO PARA REDE DE ÁGUA, DN 600 MM, JUNTA ELÁSTICA, INSTALADO EM LOCAL COM NÍVEL ALTO DE INTERFERÊNCIAS (NÃO INCLUI FORNECIMENTO). AF_11/2017","M","ATRIBUÍDO SÃO PAULO","34,78","COMPOSICAO","5632","ESCAVADEIRA HIDRÁULICA SOBRE ESTEIRAS, CAÇAMBA 0,80 M3, PESO OPERACIONAL 17 T, POTENCIA BRUTA 111 HP - CHI DIURNO. AF_06/2014","CHI","ATRIBUÍDO SÃO PAULO","0,1350000","67,11","9,05","","","","","","","","","","","CAIXA REFERENCIAL"]
["ASSENTAMENTO DE TUBOS E PECAS","ASTU","FORNEC E/OU ASSENT DE TUBO DE FERRO FUNDIDO JUNTA",45,"","","97151","ASSENTAMENTO DE TUBO DE FERRO FUNDIDO PARA REDE DE ÁGUA, DN 600 MM, JUNTA ELÁSTICA, INSTALADO EM LOCAL COM NÍVEL ALTO DE INTERFERÊNCIAS (NÃO INCLUI FORNECIMENTO). AF_11/2017","M","ATRIBUÍDO SÃO PAULO","34,78","INSUMO","20078","PASTA LUBRIFICANTE PARA TUBOS E CONEXOES COM JUNTA ELASTICA (USO EM PVC, ACO, POLIETILENO E OUTROS) ( DE *400* G)","UN","COEFICIENTE DE REPRESENTATIVIDADE","0,0313000","16,40","0,51","","","","","","","","","","","CAIXA REFERENCIAL"]
["ASSENTAMENTO DE TUBOS E PECAS","ASTU","FORNEC E/OU ASSENT DE TUBO DE FERRO FUNDIDO JUNTA",45,"","","97151","ASSENTAMENTO DE TUBO DE FERRO FUNDIDO PARA REDE DE ÁGUA, DN 600 MM, JUNTA ELÁSTICA, INSTALADO EM LOCAL COM NÍVEL ALTO DE INTERFERÊNCIAS (NÃO INCLUI FORNECIMENTO). AF_11/2017","M","ATRIBUÍDO SÃO PAULO","34,78","COMPOSICAO","88246","ASSENTADOR DE TUBOS COM ENCARGOS COMPLEMENTARES","H","COEFICIENTE DE REPRESENTATIVIDADE","0,4553000","30,49","13,88","","","","","","","","","","","CAIXA REFERENCIAL"]
["ASSENTAMENTO DE TUBOS E PECAS","ASTU","FORNEC E/OU ASSENT DE TUBO DE FERRO FUNDIDO JUNTA",45,"","","97151","ASSENTAMENTO DE TUBO DE FERRO FUNDIDO PARA REDE DE ÁGUA, DN 600 MM, JUNTA ELÁSTICA, INSTALADO EM LOCAL COM NÍVEL ALTO DE INTERFERÊNCIAS (NÃO INCLUI FORNECIMENTO). AF_11/2017","M","ATRIBUÍDO SÃO PAULO","34,78","COMPOSICAO","88316","SERVENTE COM ENCARGOS COMPLEMENTARES","H","COEFICIENTE DE REPRESENTATIVIDADE","0,4553000","15,69","7,14","","","","","","","","","","","CAIXA REFERENCIAL"]
["ASSENTAMENTO DE TUBOS E PECAS","ASTU","FORNEC E/OU ASSENT DE TUBO DE FERRO FUNDIDO JUNTA",45,"","","97152","ASSENTAMENTO DE TUBO DE FERRO FUNDIDO PARA REDE DE ÁGUA, DN 700 MM, JUNTA ELÁSTICA, INSTALADO EM LOCAL COM NÍVEL ALTO DE INTERFERÊNCIAS (NÃO INCLUI FORNECIMENTO). AF_11/2017","M","ATRIBUÍDO SÃO PAULO","39,62","","","","","","","","","25,85","65,2417304","7,48","18,8804071","6,29","15,8778625","0,00","0,0000000","0,00","0,0000000","CAIXA REFERENCIAL"]
["ASSENTAMENTO DE TUBOS E PECAS","ASTU","FORNEC E/OU ASSENT DE TUBO DE FERRO FUNDIDO JUNTA",45,"","","97152","ASSENTAMENTO DE TUBO DE FERRO FUNDIDO PARA REDE DE ÁGUA, DN 700 MM, JUNTA ELÁSTICA, INSTALADO EM LOCAL COM NÍVEL ALTO DE INTERFERÊNCIAS (NÃO INCLUI FORNECIMENTO). AF_11/2017","M","ATRIBUÍDO SÃO PAULO","39,62","COMPOSICAO","5631","ESCAVADEIRA HIDRÁULICA SOBRE ESTEIRAS, CAÇAMBA 0,80 M3, PESO OPERACIONAL 17 T, POTENCIA BRUTA 111 HP - CHP DIURNO. AF_06/2014","CHP","ATRIBUÍDO SÃO PAULO","0,0316000","149,54","4,72","","","","","","","","","","","CAIXA REFERENCIAL"]
["ASSENTAMENTO DE TUBOS E PECAS","ASTU","FORNEC E/OU ASSENT DE TUBO DE FERRO FUNDIDO JUNTA",45,"","","97152","ASSENTAMENTO DE TUBO DE FERRO FUNDIDO PARA REDE DE ÁGUA, DN 700 MM, JUNTA ELÁSTICA, INSTALADO EM LOCAL COM NÍVEL ALTO DE INTERFERÊNCIAS (NÃO INCLUI FORNECIMENTO). AF_11/2017","M","ATRIBUÍDO SÃO PAULO","39,62","COMPOSICAO","5632","ESCAVADEIRA HIDRÁULICA SOBRE ESTEIRAS, CAÇAMBA 0,80 M3, PESO OPERACIONAL 17 T, POTENCIA BRUTA 111 HP - CHI DIURNO. AF_06/2014","CHI","ATRIBUÍDO SÃO PAULO","0,1518000","67,11","10,18","","","","","","","","","","","CAIXA REFERENCIAL"]
["ASSENTAMENTO DE TUBOS E PECAS","ASTU","FORNEC E/OU ASSENT DE TUBO DE FERRO FUNDIDO JUNTA",45,"","","97152","ASSENTAMENTO DE TUBO DE FERRO FUNDIDO PARA REDE DE ÁGUA, DN 700 MM, JUNTA ELÁSTICA, INSTALADO EM LOCAL COM NÍVEL ALTO DE INTERFERÊNCIAS (NÃO INCLUI FORNECIMENTO). AF_11/2017","M","ATRIBUÍDO SÃO PAULO","39,62","INSUMO","20078","PASTA LUBRIFICANTE PARA TUBOS E CONEXOES COM JUNTA ELASTICA (USO EM PVC, ACO, POLIETILENO E OUTROS) ( DE *400* G)","UN","COEFICIENTE DE REPRESENTATIVIDADE","0,0284000","16,40","0,46","","","","","","","","","","","CAIXA REFERENCIAL"]
["ASSENTAMENTO DE TUBOS E PECAS","ASTU","FORNEC E/OU ASSENT DE TUBO DE FERRO FUNDIDO JUNTA",45,"","","97152","ASSENTAMENTO DE TUBO DE FERRO FUNDIDO PARA REDE DE ÁGUA, DN 700 MM, JUNTA ELÁSTICA, INSTALADO EM LOCAL COM NÍVEL ALTO DE INTERFERÊNCIAS (NÃO INCLUI FORNECIMENTO). AF_11/2017","M","ATRIBUÍDO SÃO PAULO","39,62","COMPOSICAO","88246","ASSENTADOR DE TUBOS COM ENCARGOS COMPLEMENTARES","H","COEFICIENTE DE REPRESENTATIVIDADE","0,5255000","30,49","16,02","","","","","","","","","","","CAIXA REFERENCIAL"]
["ASSENTAMENTO DE TUBOS E PECAS","ASTU","FORNEC E/OU ASSENT DE TUBO DE FERRO FUNDIDO JUNTA",45,"","","97152","ASSENTAMENTO DE TUBO DE FERRO FUNDIDO PARA REDE DE ÁGUA, DN 700 MM, JUNTA ELÁSTICA, INSTALADO EM LOCAL COM NÍVEL ALTO DE INTERFERÊNCIAS (NÃO INCLUI FORNECIMENTO). AF_11/2017","M","ATRIBUÍDO SÃO PAULO","39,62","COMPOSICAO","88316","SERVENTE COM ENCARGOS COMPLEMENTARES","H","COEFICIENTE DE REPRESENTATIVIDADE","0,5255000","15,69","8,24","","","","","","","","","","","CAIXA REFERENCIAL"]
["ASSENTAMENTO DE TUBOS E PECAS","ASTU","FORNEC E/OU ASSENT DE TUBO DE FERRO FUNDIDO JUNTA",45,"","","97153","ASSENTAMENTO DE TUBO DE FERRO FUNDIDO PARA REDE DE ÁGUA, DN 800 MM, JUNTA ELÁSTICA, INSTALADO EM LOCAL COM NÍVEL ALTO DE INTERFERÊNCIAS (NÃO INCLUI FORNECIMENTO). AF_11/2017","M","ATRIBUÍDO SÃO PAULO","44,55","","","","","","","","","29,17","65,4603032","8,41","18,8871296","6,97","15,6525672","0,00","0,0000000","0,00","0,0000000","CAIXA REFERENCIAL"]
["ASSENTAMENTO DE TUBOS E PECAS","ASTU","FORNEC E/OU ASSENT DE TUBO DE FERRO FUNDIDO JUNTA",45,"","","97153","ASSENTAMENTO DE TUBO DE FERRO FUNDIDO PARA REDE DE ÁGUA, DN 800 MM, JUNTA ELÁSTICA, INSTALADO EM LOCAL COM NÍVEL ALTO DE INTERFERÊNCIAS (NÃO INCLUI FORNECIMENTO). AF_11/2017","M","ATRIBUÍDO SÃO PAULO","44,55","COMPOSICAO","5631","ESCAVADEIRA HIDRÁULICA SOBRE ESTEIRAS, CAÇAMBA 0,80 M3, PESO OPERACIONAL 17 T, POTENCIA BRUTA 111 HP - CHP DIURNO. AF_06/2014","CHP","ATRIBUÍDO SÃO PAULO","0,0351000","149,54","5,24","","","","","","","","","","","CAIXA REFERENCIAL"]
["ASSENTAMENTO DE TUBOS E PECAS","ASTU","FORNEC E/OU ASSENT DE TUBO DE FERRO FUNDIDO JUNTA",45,"","","97153","ASSENTAMENTO DE TUBO DE FERRO FUNDIDO PARA REDE DE ÁGUA, DN 800 MM, JUNTA ELÁSTICA, INSTALADO EM LOCAL COM NÍVEL ALTO DE INTERFERÊNCIAS (NÃO INCLUI FORNECIMENTO). AF_11/2017","M","ATRIBUÍDO SÃO PAULO","44,55","COMPOSICAO","5632","ESCAVADEIRA HIDRÁULICA SOBRE ESTEIRAS, CAÇAMBA 0,80 M3, PESO OPERACIONAL 17 T, POTENCIA BRUTA 111 HP - CHI DIURNO. AF_06/2014","CHI","ATRIBUÍDO SÃO PAULO","0,1686000","67,11","11,31","","","","","","","","","","","CAIXA REFERENCIAL"]
["ASSENTAMENTO DE TUBOS E PECAS","ASTU","FORNEC E/OU ASSENT DE TUBO DE FERRO FUNDIDO JUNTA",45,"","","97153","ASSENTAMENTO DE TUBO DE FERRO FUNDIDO PARA REDE DE ÁGUA, DN 800 MM, JUNTA ELÁSTICA, INSTALADO EM LOCAL COM NÍVEL ALTO DE INTERFERÊNCIAS (NÃO INCLUI FORNECIMENTO). AF_11/2017","M","ATRIBUÍDO SÃO PAULO","44,55","INSUMO","20078","PASTA LUBRIFICANTE PARA TUBOS E CONEXOES COM JUNTA ELASTICA (USO EM PVC, ACO, POLIETILENO E OUTROS) ( DE *400* G)","UN","COEFICIENTE DE REPRESENTATIVIDADE","0,0314000","16,40","0,51","","","","","","","","","","","CAIXA REFERENCIAL"]
["ASSENTAMENTO DE TUBOS E PECAS","ASTU","FORNEC E/OU ASSENT DE TUBO DE FERRO FUNDIDO JUNTA",45,"","","97153","ASSENTAMENTO DE TUBO DE FERRO FUNDIDO PARA REDE DE ÁGUA, DN 800 MM, JUNTA ELÁSTICA, INSTALADO EM LOCAL COM NÍVEL ALTO DE INTERFERÊNCIAS (NÃO INCLUI FORNECIMENTO). AF_11/2017","M","ATRIBUÍDO SÃO PAULO","44,55","COMPOSICAO","88246","ASSENTADOR DE TUBOS COM ENCARGOS COMPLEMENTARES","H","COEFICIENTE DE REPRESENTATIVIDADE","0,5956000","30,49","18,15","","","","","","","","","","","CAIXA REFERENCIAL"]
["ASSENTAMENTO DE TUBOS E PECAS","ASTU","FORNEC E/OU ASSENT DE TUBO DE FERRO FUNDIDO JUNTA",45,"","","97153","ASSENTAMENTO DE TUBO DE FERRO FUNDIDO PARA REDE DE ÁGUA, DN 800 MM, JUNTA ELÁSTICA, INSTALADO EM LOCAL COM NÍVEL ALTO DE INTERFERÊNCIAS (NÃO INCLUI FORNECIMENTO). AF_11/2017","M","ATRIBUÍDO SÃO PAULO","44,55","COMPOSICAO","88316","SERVENTE COM ENCARGOS COMPLEMENTARES","H","COEFICIENTE DE REPRESENTATIVIDADE","0,5956000","15,69","9,34","","","","","","","","","","","CAIXA REFERENCIAL"]
["ASSENTAMENTO DE TUBOS E PECAS","ASTU","FORNEC E/OU ASSENT DE TUBO DE FERRO FUNDIDO JUNTA",45,"","","97154","ASSENTAMENTO DE TUBO DE FERRO FUNDIDO PARA REDE DE ÁGUA, DN 900 MM, JUNTA ELÁSTICA, INSTALADO EM LOCAL COM NÍVEL ALTO DE INTERFERÊNCIAS (NÃO INCLUI FORNECIMENTO). AF_11/2017","M","ATRIBUÍDO SÃO PAULO","49,53","","","","","","","","","32,55","65,7084609","9,29","18,7563710","7,69","15,5351681","0,00","0,0000000","0,00","0,0000000","CAIXA REFERENCIAL"]
["ASSENTAMENTO DE TUBOS E PECAS","ASTU","FORNEC E/OU ASSENT DE TUBO DE FERRO FUNDIDO JUNTA",45,"","","97154","ASSENTAMENTO DE TUBO DE FERRO FUNDIDO PARA REDE DE ÁGUA, DN 900 MM, JUNTA ELÁSTICA, INSTALADO EM LOCAL COM NÍVEL ALTO DE INTERFERÊNCIAS (NÃO INCLUI FORNECIMENTO). AF_11/2017","M","ATRIBUÍDO SÃO PAULO","49,53","COMPOSICAO","5631","ESCAVADEIRA HIDRÁULICA SOBRE ESTEIRAS, CAÇAMBA 0,80 M3, PESO OPERACIONAL 17 T, POTENCIA BRUTA 111 HP - CHP DIURNO. AF_06/2014","CHP","ATRIBUÍDO SÃO PAULO","0,0386000","149,54","5,77","","","","","","","","","","","CAIXA REFERENCIAL"]
["ASSENTAMENTO DE TUBOS E PECAS","ASTU","FORNEC E/OU ASSENT DE TUBO DE FERRO FUNDIDO JUNTA",45,"","","97154","ASSENTAMENTO DE TUBO DE FERRO FUNDIDO PARA REDE DE ÁGUA, DN 900 MM, JUNTA ELÁSTICA, INSTALADO EM LOCAL COM NÍVEL ALTO DE INTERFERÊNCIAS (NÃO INCLUI FORNECIMENTO). AF_11/2017","M","ATRIBUÍDO SÃO PAULO","49,53","COMPOSICAO","5632","ESCAVADEIRA HIDRÁULICA SOBRE ESTEIRAS, CAÇAMBA 0,80 M3, PESO OPERACIONAL 17 T, POTENCIA BRUTA 111 HP - CHI DIURNO. AF_06/2014","CHI","ATRIBUÍDO SÃO PAULO","0,1854000","67,11","12,44","","","","","","","","","","","CAIXA REFERENCIAL"]
["ASSENTAMENTO DE TUBOS E PECAS","ASTU","FORNEC E/OU ASSENT DE TUBO DE FERRO FUNDIDO JUNTA",45,"","","97154","ASSENTAMENTO DE TUBO DE FERRO FUNDIDO PARA REDE DE ÁGUA, DN 900 MM, JUNTA ELÁSTICA, INSTALADO EM LOCAL COM NÍVEL ALTO DE INTERFERÊNCIAS (NÃO INCLUI FORNECIMENTO). AF_11/2017","M","ATRIBUÍDO SÃO PAULO","49,53","INSUMO","20078","PASTA LUBRIFICANTE PARA TUBOS E CONEXOES COM JUNTA ELASTICA (USO EM PVC, ACO, POLIETILENO E OUTROS) ( DE *400* G)","UN","COEFICIENTE DE REPRESENTATIVIDADE","0,0355000","16,40","0,58","","","","","","","","","","","CAIXA REFERENCIAL"]
["ASSENTAMENTO DE TUBOS E PECAS","ASTU","FORNEC E/OU ASSENT DE TUBO DE FERRO FUNDIDO JUNTA",45,"","","97154","ASSENTAMENTO DE TUBO DE FERRO FUNDIDO PARA REDE DE ÁGUA, DN 900 MM, JUNTA ELÁSTICA, INSTALADO EM LOCAL COM NÍVEL ALTO DE INTERFERÊNCIAS (NÃO INCLUI FORNECIMENTO). AF_11/2017","M","ATRIBUÍDO SÃO PAULO","49,53","COMPOSICAO","88246","ASSENTADOR DE TUBOS COM ENCARGOS COMPLEMENTARES","H","COEFICIENTE DE REPRESENTATIVIDADE","0,6658000","30,49","20,30","","","","","","","","","","","CAIXA REFERENCIAL"]
["ASSENTAMENTO DE TUBOS E PECAS","ASTU","FORNEC E/OU ASSENT DE TUBO DE FERRO FUNDIDO JUNTA",45,"","","97154","ASSENTAMENTO DE TUBO DE FERRO FUNDIDO PARA REDE DE ÁGUA, DN 900 MM, JUNTA ELÁSTICA, INSTALADO EM LOCAL COM NÍVEL ALTO DE INTERFERÊNCIAS (NÃO INCLUI FORNECIMENTO). AF_11/2017","M","ATRIBUÍDO SÃO PAULO","49,53","COMPOSICAO","88316","SERVENTE COM ENCARGOS COMPLEMENTARES","H","COEFICIENTE DE REPRESENTATIVIDADE","0,6658000","15,69","10,44","","","","","","","","","","","CAIXA REFERENCIAL"]
["ASSENTAMENTO DE TUBOS E PECAS","ASTU","FORNEC E/OU ASSENT DE TUBO DE FERRO FUNDIDO JUNTA",45,"","","97155","ASSENTAMENTO DE TUBO DE FERRO FUNDIDO PARA REDE DE ÁGUA, DN 1000 MM, JUNTA ELÁSTICA, INSTALADO EM LOCAL COM NÍVEL ALTO DE INTERFERÊNCIAS (NÃO INCLUI FORNECIMENTO). AF_11/2017","M","ATRIBUÍDO SÃO PAULO","54,48","","","","","","","","","35,77","65,6319292","10,33","18,9763488","8,38","15,3917220","0,00","0,0000000","0,00","0,0000000","CAIXA REFERENCIAL"]
["ASSENTAMENTO DE TUBOS E PECAS","ASTU","FORNEC E/OU ASSENT DE TUBO DE FERRO FUNDIDO JUNTA",45,"","","97155","ASSENTAMENTO DE TUBO DE FERRO FUNDIDO PARA REDE DE ÁGUA, DN 1000 MM, JUNTA ELÁSTICA, INSTALADO EM LOCAL COM NÍVEL ALTO DE INTERFERÊNCIAS (NÃO INCLUI FORNECIMENTO). AF_11/2017","M","ATRIBUÍDO SÃO PAULO","54,48","COMPOSICAO","5631","ESCAVADEIRA HIDRÁULICA SOBRE ESTEIRAS, CAÇAMBA 0,80 M3, PESO OPERACIONAL 17 T, POTENCIA BRUTA 111 HP - CHP DIURNO. AF_06/2014","CHP","ATRIBUÍDO SÃO PAULO","0,0421000","149,54","6,29","","","","","","","","","","","CAIXA REFERENCIAL"]
["ASSENTAMENTO DE TUBOS E PECAS","ASTU","FORNEC E/OU ASSENT DE TUBO DE FERRO FUNDIDO JUNTA",45,"","","97155","ASSENTAMENTO DE TUBO DE FERRO FUNDIDO PARA REDE DE ÁGUA, DN 1000 MM, JUNTA ELÁSTICA, INSTALADO EM LOCAL COM NÍVEL ALTO DE INTERFERÊNCIAS (NÃO INCLUI FORNECIMENTO). AF_11/2017","M","ATRIBUÍDO SÃO PAULO","54,48","COMPOSICAO","5632","ESCAVADEIRA HIDRÁULICA SOBRE ESTEIRAS, CAÇAMBA 0,80 M3, PESO OPERACIONAL 17 T, POTENCIA BRUTA 111 HP - CHI DIURNO. AF_06/2014","CHI","ATRIBUÍDO SÃO PAULO","0,2021000","67,11","13,56","","","","","","","","","","","CAIXA REFERENCIAL"]
["ASSENTAMENTO DE TUBOS E PECAS","ASTU","FORNEC E/OU ASSENT DE TUBO DE FERRO FUNDIDO JUNTA",45,"","","97155","ASSENTAMENTO DE TUBO DE FERRO FUNDIDO PARA REDE DE ÁGUA, DN 1000 MM, JUNTA ELÁSTICA, INSTALADO EM LOCAL COM NÍVEL ALTO DE INTERFERÊNCIAS (NÃO INCLUI FORNECIMENTO). AF_11/2017","M","ATRIBUÍDO SÃO PAULO","54,48","INSUMO","20078","PASTA LUBRIFICANTE PARA TUBOS E CONEXOES COM JUNTA ELASTICA (USO EM PVC, ACO, POLIETILENO E OUTROS) ( DE *400* G)","UN","COEFICIENTE DE REPRESENTATIVIDADE","0,0403000","16,40","0,66","","","","","","","","","","","CAIXA REFERENCIAL"]
["ASSENTAMENTO DE TUBOS E PECAS","ASTU","FORNEC E/OU ASSENT DE TUBO DE FERRO FUNDIDO JUNTA",45,"","","97155","ASSENTAMENTO DE TUBO DE FERRO FUNDIDO PARA REDE DE ÁGUA, DN 1000 MM, JUNTA ELÁSTICA, INSTALADO EM LOCAL COM NÍVEL ALTO DE INTERFERÊNCIAS (NÃO INCLUI FORNECIMENTO). AF_11/2017","M","ATRIBUÍDO SÃO PAULO","54,48","COMPOSICAO","88246","ASSENTADOR DE TUBOS COM ENCARGOS COMPLEMENTARES","H","COEFICIENTE DE REPRESENTATIVIDADE","0,7359000","30,49","22,43","","","","","","","","","","","CAIXA REFERENCIAL"]
["ASSENTAMENTO DE TUBOS E PECAS","ASTU","FORNEC E/OU ASSENT DE TUBO DE FERRO FUNDIDO JUNTA",45,"","","97155","ASSENTAMENTO DE TUBO DE FERRO FUNDIDO PARA REDE DE ÁGUA, DN 1000 MM, JUNTA ELÁSTICA, INSTALADO EM LOCAL COM NÍVEL ALTO DE INTERFERÊNCIAS (NÃO INCLUI FORNECIMENTO). AF_11/2017","M","ATRIBUÍDO SÃO PAULO","54,48","COMPOSICAO","88316","SERVENTE COM ENCARGOS COMPLEMENTARES","H","COEFICIENTE DE REPRESENTATIVIDADE","0,7359000","15,69","11,54","","","","","","","","","","","CAIXA REFERENCIAL"]
["ASSENTAMENTO DE TUBOS E PECAS","ASTU","FORNEC E/OU ASSENT DE TUBO DE FERRO FUNDIDO JUNTA",45,"","","97156","ASSENTAMENTO DE TUBO DE FERRO FUNDIDO PARA REDE DE ÁGUA, DN 1200 MM, JUNTA ELÁSTICA, INSTALADO EM LOCAL COM NÍVEL ALTO DE INTERFERÊNCIAS (NÃO INCLUI FORNECIMENTO). AF_11/2017","M","ATRIBUÍDO SÃO PAULO","64,65","","","","","","","","","42,35","65,4941635","12,51","19,3618677","9,79","15,1439688","0,00","0,0000000","0,00","0,0000000","CAIXA REFERENCIAL"]
["ASSENTAMENTO DE TUBOS E PECAS","ASTU","FORNEC E/OU ASSENT DE TUBO DE FERRO FUNDIDO JUNTA",45,"","","97156","ASSENTAMENTO DE TUBO DE FERRO FUNDIDO PARA REDE DE ÁGUA, DN 1200 MM, JUNTA ELÁSTICA, INSTALADO EM LOCAL COM NÍVEL ALTO DE INTERFERÊNCIAS (NÃO INCLUI FORNECIMENTO). AF_11/2017","M","ATRIBUÍDO SÃO PAULO","64,65","COMPOSICAO","5631","ESCAVADEIRA HIDRÁULICA SOBRE ESTEIRAS, CAÇAMBA 0,80 M3, PESO OPERACIONAL 17 T, POTENCIA BRUTA 111 HP - CHP DIURNO. AF_06/2014","CHP","ATRIBUÍDO SÃO PAULO","0,0491000","149,54","7,34","","","","","","","","","","","CAIXA REFERENCIAL"]
["ASSENTAMENTO DE TUBOS E PECAS","ASTU","FORNEC E/OU ASSENT DE TUBO DE FERRO FUNDIDO JUNTA",45,"","","97156","ASSENTAMENTO DE TUBO DE FERRO FUNDIDO PARA REDE DE ÁGUA, DN 1200 MM, JUNTA ELÁSTICA, INSTALADO EM LOCAL COM NÍVEL ALTO DE INTERFERÊNCIAS (NÃO INCLUI FORNECIMENTO). AF_11/2017","M","ATRIBUÍDO SÃO PAULO","64,65","COMPOSICAO","5632","ESCAVADEIRA HIDRÁULICA SOBRE ESTEIRAS, CAÇAMBA 0,80 M3, PESO OPERACIONAL 17 T, POTENCIA BRUTA 111 HP - CHI DIURNO. AF_06/2014","CHI","ATRIBUÍDO SÃO PAULO","0,2357000","67,11","15,81","","","","","","","","","","","CAIXA REFERENCIAL"]
["ASSENTAMENTO DE TUBOS E PECAS","ASTU","FORNEC E/OU ASSENT DE TUBO DE FERRO FUNDIDO JUNTA",45,"","","97156","ASSENTAMENTO DE TUBO DE FERRO FUNDIDO PARA REDE DE ÁGUA, DN 1200 MM, JUNTA ELÁSTICA, INSTALADO EM LOCAL COM NÍVEL ALTO DE INTERFERÊNCIAS (NÃO INCLUI FORNECIMENTO). AF_11/2017","M","ATRIBUÍDO SÃO PAULO","64,65","INSUMO","20078","PASTA LUBRIFICANTE PARA TUBOS E CONEXOES COM JUNTA ELASTICA (USO EM PVC, ACO, POLIETILENO E OUTROS) ( DE *400* G)","UN","COEFICIENTE DE REPRESENTATIVIDADE","0,0646000","16,40","1,05","","","","","","","","","","","CAIXA REFERENCIAL"]
["ASSENTAMENTO DE TUBOS E PECAS","ASTU","FORNEC E/OU ASSENT DE TUBO DE FERRO FUNDIDO JUNTA",45,"","","97156","ASSENTAMENTO DE TUBO DE FERRO FUNDIDO PARA REDE DE ÁGUA, DN 1200 MM, JUNTA ELÁSTICA, INSTALADO EM LOCAL COM NÍVEL ALTO DE INTERFERÊNCIAS (NÃO INCLUI FORNECIMENTO). AF_11/2017","M","ATRIBUÍDO SÃO PAULO","64,65","COMPOSICAO","88246","ASSENTADOR DE TUBOS COM ENCARGOS COMPLEMENTARES","H","COEFICIENTE DE REPRESENTATIVIDADE","0,8762000","30,49","26,71","","","","","","","","","","","CAIXA REFERENCIAL"]
["ASSENTAMENTO DE TUBOS E PECAS","ASTU","FORNEC E/OU ASSENT DE TUBO DE FERRO FUNDIDO JUNTA",45,"","","97156","ASSENTAMENTO DE TUBO DE FERRO FUNDIDO PARA REDE DE ÁGUA, DN 1200 MM, JUNTA ELÁSTICA, INSTALADO EM LOCAL COM NÍVEL ALTO DE INTERFERÊNCIAS (NÃO INCLUI FORNECIMENTO). AF_11/2017","M","ATRIBUÍDO SÃO PAULO","64,65","COMPOSICAO","88316","SERVENTE COM ENCARGOS COMPLEMENTARES","H","COEFICIENTE DE REPRESENTATIVIDADE","0,8762000","15,69","13,74","","","","","","","","","","","CAIXA REFERENCIAL"]
["ASSENTAMENTO DE TUBOS E PECAS","ASTU","FORNEC E/OU ASSENT DE TUBO DE FERRO FUNDIDO JUNTA",45,"","","97157","ASSENTAMENTO DE TUBO DE FERRO FUNDIDO PARA REDE DE ÁGUA, DN 80 MM, JUNTA ELÁSTICA, INSTALADO EM LOCAL COM NÍVEL BAIXO DE INTERFERÊNCIAS (NÃO INCLUI FORNECIMENTO). AF_11/2017","M","ATRIBUÍDO SÃO PAULO","4,79","","","","","","","","","3,17","65,8536587","0,96","20,1773835","0,66","13,9689578","0,00","0,0000000","0,00","0,0000000","CAIXA REFERENCIAL"]
["ASSENTAMENTO DE TUBOS E PECAS","ASTU","FORNEC E/OU ASSENT DE TUBO DE FERRO FUNDIDO JUNTA",45,"","","97157","ASSENTAMENTO DE TUBO DE FERRO FUNDIDO PARA REDE DE ÁGUA, DN 80 MM, JUNTA ELÁSTICA, INSTALADO EM LOCAL COM NÍVEL BAIXO DE INTERFERÊNCIAS (NÃO INCLUI FORNECIMENTO). AF_11/2017","M","ATRIBUÍDO SÃO PAULO","4,79","COMPOSICAO","5678","RETROESCAVADEIRA SOBRE RODAS COM CARREGADEIRA, TRAÇÃO 4X4, POTÊNCIA LÍQ. 88 HP, CAÇAMBA CARREG. CAP. MÍN. 1 M3, CAÇAMBA RETRO CAP. 0,26 M3, PESO OPERACIONAL MÍN. 6.674 KG, PROFUNDIDADE ESCAVAÇÃO MÁX. 4,37 M - CHP DIURNO. AF_06/2014","CHP","ATRIBUÍDO SÃO PAULO","0,0099000","116,84","1,15","","","","","","","","","","","CAIXA REFERENCIAL"]
["ASSENTAMENTO DE TUBOS E PECAS","ASTU","FORNEC E/OU ASSENT DE TUBO DE FERRO FUNDIDO JUNTA",45,"","","97157","ASSENTAMENTO DE TUBO DE FERRO FUNDIDO PARA REDE DE ÁGUA, DN 80 MM, JUNTA ELÁSTICA, INSTALADO EM LOCAL COM NÍVEL BAIXO DE INTERFERÊNCIAS (NÃO INCLUI FORNECIMENTO). AF_11/2017","M","ATRIBUÍDO SÃO PAULO","4,79","COMPOSICAO","5679","RETROESCAVADEIRA SOBRE RODAS COM CARREGADEIRA, TRAÇÃO 4X4, POTÊNCIA LÍQ. 88 HP, CAÇAMBA CARREG. CAP. MÍN. 1 M3, CAÇAMBA RETRO CAP. 0,26 M3, PESO OPERACIONAL MÍN. 6.674 KG, PROFUNDIDADE ESCAVAÇÃO MÁX. 4,37 M - CHI DIURNO. AF_06/2014","CHI","ATRIBUÍDO SÃO PAULO","0,0190000","55,33","1,05","","","","","","","","","","","CAIXA REFERENCIAL"]
["ASSENTAMENTO DE TUBOS E PECAS","ASTU","FORNEC E/OU ASSENT DE TUBO DE FERRO FUNDIDO JUNTA",45,"","","97157","ASSENTAMENTO DE TUBO DE FERRO FUNDIDO PARA REDE DE ÁGUA, DN 80 MM, JUNTA ELÁSTICA, INSTALADO EM LOCAL COM NÍVEL BAIXO DE INTERFERÊNCIAS (NÃO INCLUI FORNECIMENTO). AF_11/2017","M","ATRIBUÍDO SÃO PAULO","4,79","INSUMO","20078","PASTA LUBRIFICANTE PARA TUBOS E CONEXOES COM JUNTA ELASTICA (USO EM PVC, ACO, POLIETILENO E OUTROS) ( DE *400* G)","UN","COEFICIENTE DE REPRESENTATIVIDADE","0,0046000","16,40","0,07","","","","","","","","","","","CAIXA REFERENCIAL"]
["ASSENTAMENTO DE TUBOS E PECAS","ASTU","FORNEC E/OU ASSENT DE TUBO DE FERRO FUNDIDO JUNTA",45,"","","97157","ASSENTAMENTO DE TUBO DE FERRO FUNDIDO PARA REDE DE ÁGUA, DN 80 MM, JUNTA ELÁSTICA, INSTALADO EM LOCAL COM NÍVEL BAIXO DE INTERFERÊNCIAS (NÃO INCLUI FORNECIMENTO). AF_11/2017","M","ATRIBUÍDO SÃO PAULO","4,79","COMPOSICAO","88246","ASSENTADOR DE TUBOS COM ENCARGOS COMPLEMENTARES","H","COEFICIENTE DE REPRESENTATIVIDADE","0,0548000","30,49","1,67","","","","","","","","","","","CAIXA REFERENCIAL"]
["ASSENTAMENTO DE TUBOS E PECAS","ASTU","FORNEC E/OU ASSENT DE TUBO DE FERRO FUNDIDO JUNTA",45,"","","97157","ASSENTAMENTO DE TUBO DE FERRO FUNDIDO PARA REDE DE ÁGUA, DN 80 MM, JUNTA ELÁSTICA, INSTALADO EM LOCAL COM NÍVEL BAIXO DE INTERFERÊNCIAS (NÃO INCLUI FORNECIMENTO). AF_11/2017","M","ATRIBUÍDO SÃO PAULO","4,79","COMPOSICAO","88316","SERVENTE COM ENCARGOS COMPLEMENTARES","H","COEFICIENTE DE REPRESENTATIVIDADE","0,0548000","15,69","0,85","","","","","","","","","","","CAIXA REFERENCIAL"]
["ASSENTAMENTO DE TUBOS E PECAS","ASTU","FORNEC E/OU ASSENT DE TUBO DE FERRO FUNDIDO JUNTA",45,"","","97158","ASSENTAMENTO DE TUBO DE FERRO FUNDIDO PARA REDE DE ÁGUA, DN 100 MM, JUNTA ELÁSTICA, INSTALADO EM LOCAL COM NÍVEL BAIXO DE INTERFERÊNCIAS (NÃO INCLUI FORNECIMENTO). AF_11/2017","M","ATRIBUÍDO SÃO PAULO","5,35","","","","","","","","","3,55","66,1417324","1,08","20,2755905","0,72","13,5826771","0,00","0,0000000","0,00","0,0000000","CAIXA REFERENCIAL"]
["ASSENTAMENTO DE TUBOS E PECAS","ASTU","FORNEC E/OU ASSENT DE TUBO DE FERRO FUNDIDO JUNTA",45,"","","97158","ASSENTAMENTO DE TUBO DE FERRO FUNDIDO PARA REDE DE ÁGUA, DN 100 MM, JUNTA ELÁSTICA, INSTALADO EM LOCAL COM NÍVEL BAIXO DE INTERFERÊNCIAS (NÃO INCLUI FORNECIMENTO). AF_11/2017","M","ATRIBUÍDO SÃO PAULO","5,35","COMPOSICAO","5678","RETROESCAVADEIRA SOBRE RODAS COM CARREGADEIRA, TRAÇÃO 4X4, POTÊNCIA LÍQ. 88 HP, CAÇAMBA CARREG. CAP. MÍN. 1 M3, CAÇAMBA RETRO CAP. 0,26 M3, PESO OPERACIONAL MÍN. 6.674 KG, PROFUNDIDADE ESCAVAÇÃO MÁX. 4,37 M - CHP DIURNO. AF_06/2014","CHP","ATRIBUÍDO SÃO PAULO","0,0106000","116,84","1,23","","","","","","","","","","","CAIXA REFERENCIAL"]
["ASSENTAMENTO DE TUBOS E PECAS","ASTU","FORNEC E/OU ASSENT DE TUBO DE FERRO FUNDIDO JUNTA",45,"","","97158","ASSENTAMENTO DE TUBO DE FERRO FUNDIDO PARA REDE DE ÁGUA, DN 100 MM, JUNTA ELÁSTICA, INSTALADO EM LOCAL COM NÍVEL BAIXO DE INTERFERÊNCIAS (NÃO INCLUI FORNECIMENTO). AF_11/2017","M","ATRIBUÍDO SÃO PAULO","5,35","COMPOSICAO","5679","RETROESCAVADEIRA SOBRE RODAS COM CARREGADEIRA, TRAÇÃO 4X4, POTÊNCIA LÍQ. 88 HP, CAÇAMBA CARREG. CAP. MÍN. 1 M3, CAÇAMBA RETRO CAP. 0,26 M3, PESO OPERACIONAL MÍN. 6.674 KG, PROFUNDIDADE ESCAVAÇÃO MÁX. 4,37 M - CHI DIURNO. AF_06/2014","CHI","ATRIBUÍDO SÃO PAULO","0,0204000","55,33","1,12","","","","","","","","","","","CAIXA REFERENCIAL"]
["ASSENTAMENTO DE TUBOS E PECAS","ASTU","FORNEC E/OU ASSENT DE TUBO DE FERRO FUNDIDO JUNTA",45,"","","97158","ASSENTAMENTO DE TUBO DE FERRO FUNDIDO PARA REDE DE ÁGUA, DN 100 MM, JUNTA ELÁSTICA, INSTALADO EM LOCAL COM NÍVEL BAIXO DE INTERFERÊNCIAS (NÃO INCLUI FORNECIMENTO). AF_11/2017","M","ATRIBUÍDO SÃO PAULO","5,35","INSUMO","20078","PASTA LUBRIFICANTE PARA TUBOS E CONEXOES COM JUNTA ELASTICA (USO EM PVC, ACO, POLIETILENO E OUTROS) ( DE *400* G)","UN","COEFICIENTE DE REPRESENTATIVIDADE","0,0054000","16,40","0,08","","","","","","","","","","","CAIXA REFERENCIAL"]
["ASSENTAMENTO DE TUBOS E PECAS","ASTU","FORNEC E/OU ASSENT DE TUBO DE FERRO FUNDIDO JUNTA",45,"","","97158","ASSENTAMENTO DE TUBO DE FERRO FUNDIDO PARA REDE DE ÁGUA, DN 100 MM, JUNTA ELÁSTICA, INSTALADO EM LOCAL COM NÍVEL BAIXO DE INTERFERÊNCIAS (NÃO INCLUI FORNECIMENTO). AF_11/2017","M","ATRIBUÍDO SÃO PAULO","5,35","COMPOSICAO","88246","ASSENTADOR DE TUBOS COM ENCARGOS COMPLEMENTARES","H","COEFICIENTE DE REPRESENTATIVIDADE","0,0633000","30,49","1,93","","","","","","","","","","","CAIXA REFERENCIAL"]
["ASSENTAMENTO DE TUBOS E PECAS","ASTU","FORNEC E/OU ASSENT DE TUBO DE FERRO FUNDIDO JUNTA",45,"","","97158","ASSENTAMENTO DE TUBO DE FERRO FUNDIDO PARA REDE DE ÁGUA, DN 100 MM, JUNTA ELÁSTICA, INSTALADO EM LOCAL COM NÍVEL BAIXO DE INTERFERÊNCIAS (NÃO INCLUI FORNECIMENTO). AF_11/2017","M","ATRIBUÍDO SÃO PAULO","5,35","COMPOSICAO","88316","SERVENTE COM ENCARGOS COMPLEMENTARES","H","COEFICIENTE DE REPRESENTATIVIDADE","0,0633000","15,69","0,99","","","","","","","","","","","CAIXA REFERENCIAL"]
["ASSENTAMENTO DE TUBOS E PECAS","ASTU","FORNEC E/OU ASSENT DE TUBO DE FERRO FUNDIDO JUNTA",45,"","","97159","ASSENTAMENTO DE TUBO DE FERRO FUNDIDO PARA REDE DE ÁGUA, DN 150 MM, JUNTA ELÁSTICA, INSTALADO EM LOCAL COM NÍVEL BAIXO DE INTERFERÊNCIAS (NÃO INCLUI FORNECIMENTO). AF_11/2017","M","ATRIBUÍDO SÃO PAULO","6,75","","","","","","","","","4,50","66,5639447","1,41","20,9553158","0,84","12,4807395","0,00","0,0000000","0,00","0,0000000","CAIXA REFERENCIAL"]
["ASSENTAMENTO DE TUBOS E PECAS","ASTU","FORNEC E/OU ASSENT DE TUBO DE FERRO FUNDIDO JUNTA",45,"","","97159","ASSENTAMENTO DE TUBO DE FERRO FUNDIDO PARA REDE DE ÁGUA, DN 150 MM, JUNTA ELÁSTICA, INSTALADO EM LOCAL COM NÍVEL BAIXO DE INTERFERÊNCIAS (NÃO INCLUI FORNECIMENTO). AF_11/2017","M","ATRIBUÍDO SÃO PAULO","6,75","COMPOSICAO","5678","RETROESCAVADEIRA SOBRE RODAS COM CARREGADEIRA, TRAÇÃO 4X4, POTÊNCIA LÍQ. 88 HP, CAÇAMBA CARREG. CAP. MÍN. 1 M3, CAÇAMBA RETRO CAP. 0,26 M3, PESO OPERACIONAL MÍN. 6.674 KG, PROFUNDIDADE ESCAVAÇÃO MÁX. 4,37 M - CHP DIURNO. AF_06/2014","CHP","ATRIBUÍDO SÃO PAULO","0,0124000","116,84","1,44","","","","","","","","","","","CAIXA REFERENCIAL"]
["ASSENTAMENTO DE TUBOS E PECAS","ASTU","FORNEC E/OU ASSENT DE TUBO DE FERRO FUNDIDO JUNTA",45,"","","97159","ASSENTAMENTO DE TUBO DE FERRO FUNDIDO PARA REDE DE ÁGUA, DN 150 MM, JUNTA ELÁSTICA, INSTALADO EM LOCAL COM NÍVEL BAIXO DE INTERFERÊNCIAS (NÃO INCLUI FORNECIMENTO). AF_11/2017","M","ATRIBUÍDO SÃO PAULO","6,75","COMPOSICAO","5679","RETROESCAVADEIRA SOBRE RODAS COM CARREGADEIRA, TRAÇÃO 4X4, POTÊNCIA LÍQ. 88 HP, CAÇAMBA CARREG. CAP. MÍN. 1 M3, CAÇAMBA RETRO CAP. 0,26 M3, PESO OPERACIONAL MÍN. 6.674 KG, PROFUNDIDADE ESCAVAÇÃO MÁX. 4,37 M - CHI DIURNO. AF_06/2014","CHI","ATRIBUÍDO SÃO PAULO","0,0237000","55,33","1,31","","","","","","","","","","","CAIXA REFERENCIAL"]
["ASSENTAMENTO DE TUBOS E PECAS","ASTU","FORNEC E/OU ASSENT DE TUBO DE FERRO FUNDIDO JUNTA",45,"","","97159","ASSENTAMENTO DE TUBO DE FERRO FUNDIDO PARA REDE DE ÁGUA, DN 150 MM, JUNTA ELÁSTICA, INSTALADO EM LOCAL COM NÍVEL BAIXO DE INTERFERÊNCIAS (NÃO INCLUI FORNECIMENTO). AF_11/2017","M","ATRIBUÍDO SÃO PAULO","6,75","INSUMO","20078","PASTA LUBRIFICANTE PARA TUBOS E CONEXOES COM JUNTA ELASTICA (USO EM PVC, ACO, POLIETILENO E OUTROS) ( DE *400* G)","UN","COEFICIENTE DE REPRESENTATIVIDADE","0,0071000","16,40","0,11","","","","","","","","","","","CAIXA REFERENCIAL"]
["ASSENTAMENTO DE TUBOS E PECAS","ASTU","FORNEC E/OU ASSENT DE TUBO DE FERRO FUNDIDO JUNTA",45,"","","97159","ASSENTAMENTO DE TUBO DE FERRO FUNDIDO PARA REDE DE ÁGUA, DN 150 MM, JUNTA ELÁSTICA, INSTALADO EM LOCAL COM NÍVEL BAIXO DE INTERFERÊNCIAS (NÃO INCLUI FORNECIMENTO). AF_11/2017","M","ATRIBUÍDO SÃO PAULO","6,75","COMPOSICAO","88246","ASSENTADOR DE TUBOS COM ENCARGOS COMPLEMENTARES","H","COEFICIENTE DE REPRESENTATIVIDADE","0,0845000","30,49","2,57","","","","","","","","","","","CAIXA REFERENCIAL"]
["ASSENTAMENTO DE TUBOS E PECAS","ASTU","FORNEC E/OU ASSENT DE TUBO DE FERRO FUNDIDO JUNTA",45,"","","97159","ASSENTAMENTO DE TUBO DE FERRO FUNDIDO PARA REDE DE ÁGUA, DN 150 MM, JUNTA ELÁSTICA, INSTALADO EM LOCAL COM NÍVEL BAIXO DE INTERFERÊNCIAS (NÃO INCLUI FORNECIMENTO). AF_11/2017","M","ATRIBUÍDO SÃO PAULO","6,75","COMPOSICAO","88316","SERVENTE COM ENCARGOS COMPLEMENTARES","H","COEFICIENTE DE REPRESENTATIVIDADE","0,0845000","15,69","1,32","","","","","","","","","","","CAIXA REFERENCIAL"]
["ASSENTAMENTO DE TUBOS E PECAS","ASTU","FORNEC E/OU ASSENT DE TUBO DE FERRO FUNDIDO JUNTA",45,"","","97160","ASSENTAMENTO DE TUBO DE FERRO FUNDIDO PARA REDE DE ÁGUA, DN 200 MM, JUNTA ELÁSTICA, INSTALADO EM LOCAL COM NÍVEL BAIXO DE INTERFERÊNCIAS (NÃO INCLUI FORNECIMENTO). AF_11/2017","M","ATRIBUÍDO SÃO PAULO","8,14","","","","","","","","","5,51","67,6508345","1,67","20,5391527","0,96","11,8100128","0,00","0,0000000","0,00","0,0000000","CAIXA REFERENCIAL"]
["ASSENTAMENTO DE TUBOS E PECAS","ASTU","FORNEC E/OU ASSENT DE TUBO DE FERRO FUNDIDO JUNTA",45,"","","97160","ASSENTAMENTO DE TUBO DE FERRO FUNDIDO PARA REDE DE ÁGUA, DN 200 MM, JUNTA ELÁSTICA, INSTALADO EM LOCAL COM NÍVEL BAIXO DE INTERFERÊNCIAS (NÃO INCLUI FORNECIMENTO). AF_11/2017","M","ATRIBUÍDO SÃO PAULO","8,14","COMPOSICAO","5678","RETROESCAVADEIRA SOBRE RODAS COM CARREGADEIRA, TRAÇÃO 4X4, POTÊNCIA LÍQ. 88 HP, CAÇAMBA CARREG. CAP. MÍN. 1 M3, CAÇAMBA RETRO CAP. 0,26 M3, PESO OPERACIONAL MÍN. 6.674 KG, PROFUNDIDADE ESCAVAÇÃO MÁX. 4,37 M - CHP DIURNO. AF_06/2014","CHP","ATRIBUÍDO SÃO PAULO","0,0141000","116,84","1,64","","","","","","","","","","","CAIXA REFERENCIAL"]
["ASSENTAMENTO DE TUBOS E PECAS","ASTU","FORNEC E/OU ASSENT DE TUBO DE FERRO FUNDIDO JUNTA",45,"","","97160","ASSENTAMENTO DE TUBO DE FERRO FUNDIDO PARA REDE DE ÁGUA, DN 200 MM, JUNTA ELÁSTICA, INSTALADO EM LOCAL COM NÍVEL BAIXO DE INTERFERÊNCIAS (NÃO INCLUI FORNECIMENTO). AF_11/2017","M","ATRIBUÍDO SÃO PAULO","8,14","COMPOSICAO","5679","RETROESCAVADEIRA SOBRE RODAS COM CARREGADEIRA, TRAÇÃO 4X4, POTÊNCIA LÍQ. 88 HP, CAÇAMBA CARREG. CAP. MÍN. 1 M3, CAÇAMBA RETRO CAP. 0,26 M3, PESO OPERACIONAL MÍN. 6.674 KG, PROFUNDIDADE ESCAVAÇÃO MÁX. 4,37 M - CHI DIURNO. AF_06/2014","CHI","ATRIBUÍDO SÃO PAULO","0,0270000","55,33","1,49","","","","","","","","","","","CAIXA REFERENCIAL"]
["ASSENTAMENTO DE TUBOS E PECAS","ASTU","FORNEC E/OU ASSENT DE TUBO DE FERRO FUNDIDO JUNTA",45,"","","97160","ASSENTAMENTO DE TUBO DE FERRO FUNDIDO PARA REDE DE ÁGUA, DN 200 MM, JUNTA ELÁSTICA, INSTALADO EM LOCAL COM NÍVEL BAIXO DE INTERFERÊNCIAS (NÃO INCLUI FORNECIMENTO). AF_11/2017","M","ATRIBUÍDO SÃO PAULO","8,14","INSUMO","20078","PASTA LUBRIFICANTE PARA TUBOS E CONEXOES COM JUNTA ELASTICA (USO EM PVC, ACO, POLIETILENO E OUTROS) ( DE *400* G)","UN","COEFICIENTE DE REPRESENTATIVIDADE","0,0087000","16,40","0,14","","","","","","","","","","","CAIXA REFERENCIAL"]
["ASSENTAMENTO DE TUBOS E PECAS","ASTU","FORNEC E/OU ASSENT DE TUBO DE FERRO FUNDIDO JUNTA",45,"","","97160","ASSENTAMENTO DE TUBO DE FERRO FUNDIDO PARA REDE DE ÁGUA, DN 200 MM, JUNTA ELÁSTICA, INSTALADO EM LOCAL COM NÍVEL BAIXO DE INTERFERÊNCIAS (NÃO INCLUI FORNECIMENTO). AF_11/2017","M","ATRIBUÍDO SÃO PAULO","8,14","COMPOSICAO","88246","ASSENTADOR DE TUBOS COM ENCARGOS COMPLEMENTARES","H","COEFICIENTE DE REPRESENTATIVIDADE","0,1057000","30,49","3,22","","","","","","","","","","","CAIXA REFERENCIAL"]
["ASSENTAMENTO DE TUBOS E PECAS","ASTU","FORNEC E/OU ASSENT DE TUBO DE FERRO FUNDIDO JUNTA",45,"","","97160","ASSENTAMENTO DE TUBO DE FERRO FUNDIDO PARA REDE DE ÁGUA, DN 200 MM, JUNTA ELÁSTICA, INSTALADO EM LOCAL COM NÍVEL BAIXO DE INTERFERÊNCIAS (NÃO INCLUI FORNECIMENTO). AF_11/2017","M","ATRIBUÍDO SÃO PAULO","8,14","COMPOSICAO","88316","SERVENTE COM ENCARGOS COMPLEMENTARES","H","COEFICIENTE DE REPRESENTATIVIDADE","0,1057000","15,69","1,65","","","","","","","","","","","CAIXA REFERENCIAL"]
["ASSENTAMENTO DE TUBOS E PECAS","ASTU","FORNEC E/OU ASSENT DE TUBO DE FERRO FUNDIDO JUNTA",45,"","","97161","ASSENTAMENTO DE TUBO DE FERRO FUNDIDO PARA REDE DE ÁGUA, DN 250 MM, JUNTA ELÁSTICA, INSTALADO EM LOCAL COM NÍVEL BAIXO DE INTERFERÊNCIAS (NÃO INCLUI FORNECIMENTO). AF_11/2017","M","ATRIBUÍDO SÃO PAULO","9,57","","","","","","","","","6,48","67,5704990","2,02","21,1496746","1,07","11,2798264","0,00","0,0000000","0,00","0,0000000","CAIXA REFERENCIAL"]
["ASSENTAMENTO DE TUBOS E PECAS","ASTU","FORNEC E/OU ASSENT DE TUBO DE FERRO FUNDIDO JUNTA",45,"","","97161","ASSENTAMENTO DE TUBO DE FERRO FUNDIDO PARA REDE DE ÁGUA, DN 250 MM, JUNTA ELÁSTICA, INSTALADO EM LOCAL COM NÍVEL BAIXO DE INTERFERÊNCIAS (NÃO INCLUI FORNECIMENTO). AF_11/2017","M","ATRIBUÍDO SÃO PAULO","9,57","COMPOSICAO","5678","RETROESCAVADEIRA SOBRE RODAS COM CARREGADEIRA, TRAÇÃO 4X4, POTÊNCIA LÍQ. 88 HP, CAÇAMBA CARREG. CAP. MÍN. 1 M3, CAÇAMBA RETRO CAP. 0,26 M3, PESO OPERACIONAL MÍN. 6.674 KG, PROFUNDIDADE ESCAVAÇÃO MÁX. 4,37 M - CHP DIURNO. AF_06/2014","CHP","ATRIBUÍDO SÃO PAULO","0,0159000","116,84","1,85","","","","","","","","","","","CAIXA REFERENCIAL"]
["ASSENTAMENTO DE TUBOS E PECAS","ASTU","FORNEC E/OU ASSENT DE TUBO DE FERRO FUNDIDO JUNTA",45,"","","97161","ASSENTAMENTO DE TUBO DE FERRO FUNDIDO PARA REDE DE ÁGUA, DN 250 MM, JUNTA ELÁSTICA, INSTALADO EM LOCAL COM NÍVEL BAIXO DE INTERFERÊNCIAS (NÃO INCLUI FORNECIMENTO). AF_11/2017","M","ATRIBUÍDO SÃO PAULO","9,57","COMPOSICAO","5679","RETROESCAVADEIRA SOBRE RODAS COM CARREGADEIRA, TRAÇÃO 4X4, POTÊNCIA LÍQ. 88 HP, CAÇAMBA CARREG. CAP. MÍN. 1 M3, CAÇAMBA RETRO CAP. 0,26 M3, PESO OPERACIONAL MÍN. 6.674 KG, PROFUNDIDADE ESCAVAÇÃO MÁX. 4,37 M - CHI DIURNO. AF_06/2014","CHI","ATRIBUÍDO SÃO PAULO","0,0304000","55,33","1,68","","","","","","","","","","","CAIXA REFERENCIAL"]
["ASSENTAMENTO DE TUBOS E PECAS","ASTU","FORNEC E/OU ASSENT DE TUBO DE FERRO FUNDIDO JUNTA",45,"","","97161","ASSENTAMENTO DE TUBO DE FERRO FUNDIDO PARA REDE DE ÁGUA, DN 250 MM, JUNTA ELÁSTICA, INSTALADO EM LOCAL COM NÍVEL BAIXO DE INTERFERÊNCIAS (NÃO INCLUI FORNECIMENTO). AF_11/2017","M","ATRIBUÍDO SÃO PAULO","9,57","INSUMO","20078","PASTA LUBRIFICANTE PARA TUBOS E CONEXOES COM JUNTA ELASTICA (USO EM PVC, ACO, POLIETILENO E OUTROS) ( DE *400* G)","UN","COEFICIENTE DE REPRESENTATIVIDADE","0,0113000","16,40","0,18","","","","","","","","","","","CAIXA REFERENCIAL"]
["ASSENTAMENTO DE TUBOS E PECAS","ASTU","FORNEC E/OU ASSENT DE TUBO DE FERRO FUNDIDO JUNTA",45,"","","97161","ASSENTAMENTO DE TUBO DE FERRO FUNDIDO PARA REDE DE ÁGUA, DN 250 MM, JUNTA ELÁSTICA, INSTALADO EM LOCAL COM NÍVEL BAIXO DE INTERFERÊNCIAS (NÃO INCLUI FORNECIMENTO). AF_11/2017","M","ATRIBUÍDO SÃO PAULO","9,57","COMPOSICAO","88246","ASSENTADOR DE TUBOS COM ENCARGOS COMPLEMENTARES","H","COEFICIENTE DE REPRESENTATIVIDADE","0,1270000","30,49","3,87","","","","","","","","","","","CAIXA REFERENCIAL"]
["ASSENTAMENTO DE TUBOS E PECAS","ASTU","FORNEC E/OU ASSENT DE TUBO DE FERRO FUNDIDO JUNTA",45,"","","97161","ASSENTAMENTO DE TUBO DE FERRO FUNDIDO PARA REDE DE ÁGUA, DN 250 MM, JUNTA ELÁSTICA, INSTALADO EM LOCAL COM NÍVEL BAIXO DE INTERFERÊNCIAS (NÃO INCLUI FORNECIMENTO). AF_11/2017","M","ATRIBUÍDO SÃO PAULO","9,57","COMPOSICAO","88316","SERVENTE COM ENCARGOS COMPLEMENTARES","H","COEFICIENTE DE REPRESENTATIVIDADE","0,1270000","15,69","1,99","","","","","","","","","","","CAIXA REFERENCIAL"]
["ASSENTAMENTO DE TUBOS E PECAS","ASTU","FORNEC E/OU ASSENT DE TUBO DE FERRO FUNDIDO JUNTA",45,"","","97162","ASSENTAMENTO DE TUBO DE FERRO FUNDIDO PARA REDE DE ÁGUA, DN 300 MM, JUNTA ELÁSTICA, INSTALADO EM LOCAL COM NÍVEL BAIXO DE INTERFERÊNCIAS (NÃO INCLUI FORNECIMENTO). AF_11/2017","M","ATRIBUÍDO SÃO PAULO","10,96","","","","","","","","","7,41","67,5117372","2,36","21,5962441","1,19","10,8920187","0,00","0,0000000","0,00","0,0000000","CAIXA REFERENCIAL"]
["ASSENTAMENTO DE TUBOS E PECAS","ASTU","FORNEC E/OU ASSENT DE TUBO DE FERRO FUNDIDO JUNTA",45,"","","97162","ASSENTAMENTO DE TUBO DE FERRO FUNDIDO PARA REDE DE ÁGUA, DN 300 MM, JUNTA ELÁSTICA, INSTALADO EM LOCAL COM NÍVEL BAIXO DE INTERFERÊNCIAS (NÃO INCLUI FORNECIMENTO). AF_11/2017","M","ATRIBUÍDO SÃO PAULO","10,96","COMPOSICAO","5678","RETROESCAVADEIRA SOBRE RODAS COM CARREGADEIRA, TRAÇÃO 4X4, POTÊNCIA LÍQ. 88 HP, CAÇAMBA CARREG. CAP. MÍN. 1 M3, CAÇAMBA RETRO CAP. 0,26 M3, PESO OPERACIONAL MÍN. 6.674 KG, PROFUNDIDADE ESCAVAÇÃO MÁX. 4,37 M - CHP DIURNO. AF_06/2014","CHP","ATRIBUÍDO SÃO PAULO","0,0176000","116,84","2,05","","","","","","","","","","","CAIXA REFERENCIAL"]
["ASSENTAMENTO DE TUBOS E PECAS","ASTU","FORNEC E/OU ASSENT DE TUBO DE FERRO FUNDIDO JUNTA",45,"","","97162","ASSENTAMENTO DE TUBO DE FERRO FUNDIDO PARA REDE DE ÁGUA, DN 300 MM, JUNTA ELÁSTICA, INSTALADO EM LOCAL COM NÍVEL BAIXO DE INTERFERÊNCIAS (NÃO INCLUI FORNECIMENTO). AF_11/2017","M","ATRIBUÍDO SÃO PAULO","10,96","COMPOSICAO","5679","RETROESCAVADEIRA SOBRE RODAS COM CARREGADEIRA, TRAÇÃO 4X4, POTÊNCIA LÍQ. 88 HP, CAÇAMBA CARREG. CAP. MÍN. 1 M3, CAÇAMBA RETRO CAP. 0,26 M3, PESO OPERACIONAL MÍN. 6.674 KG, PROFUNDIDADE ESCAVAÇÃO MÁX. 4,37 M - CHI DIURNO. AF_06/2014","CHI","ATRIBUÍDO SÃO PAULO","0,0337000","55,33","1,86","","","","","","","","","","","CAIXA REFERENCIAL"]
["ASSENTAMENTO DE TUBOS E PECAS","ASTU","FORNEC E/OU ASSENT DE TUBO DE FERRO FUNDIDO JUNTA",45,"","","97162","ASSENTAMENTO DE TUBO DE FERRO FUNDIDO PARA REDE DE ÁGUA, DN 300 MM, JUNTA ELÁSTICA, INSTALADO EM LOCAL COM NÍVEL BAIXO DE INTERFERÊNCIAS (NÃO INCLUI FORNECIMENTO). AF_11/2017","M","ATRIBUÍDO SÃO PAULO","10,96","INSUMO","20078","PASTA LUBRIFICANTE PARA TUBOS E CONEXOES COM JUNTA ELASTICA (USO EM PVC, ACO, POLIETILENO E OUTROS) ( DE *400* G)","UN","COEFICIENTE DE REPRESENTATIVIDADE","0,0138000","16,40","0,22","","","","","","","","","","","CAIXA REFERENCIAL"]
["ASSENTAMENTO DE TUBOS E PECAS","ASTU","FORNEC E/OU ASSENT DE TUBO DE FERRO FUNDIDO JUNTA",45,"","","97162","ASSENTAMENTO DE TUBO DE FERRO FUNDIDO PARA REDE DE ÁGUA, DN 300 MM, JUNTA ELÁSTICA, INSTALADO EM LOCAL COM NÍVEL BAIXO DE INTERFERÊNCIAS (NÃO INCLUI FORNECIMENTO). AF_11/2017","M","ATRIBUÍDO SÃO PAULO","10,96","COMPOSICAO","88246","ASSENTADOR DE TUBOS COM ENCARGOS COMPLEMENTARES","H","COEFICIENTE DE REPRESENTATIVIDADE","0,1482000","30,49","4,51","","","","","","","","","","","CAIXA REFERENCIAL"]
["ASSENTAMENTO DE TUBOS E PECAS","ASTU","FORNEC E/OU ASSENT DE TUBO DE FERRO FUNDIDO JUNTA",45,"","","97162","ASSENTAMENTO DE TUBO DE FERRO FUNDIDO PARA REDE DE ÁGUA, DN 300 MM, JUNTA ELÁSTICA, INSTALADO EM LOCAL COM NÍVEL BAIXO DE INTERFERÊNCIAS (NÃO INCLUI FORNECIMENTO). AF_11/2017","M","ATRIBUÍDO SÃO PAULO","10,96","COMPOSICAO","88316","SERVENTE COM ENCARGOS COMPLEMENTARES","H","COEFICIENTE DE REPRESENTATIVIDADE","0,1482000","15,69","2,32","","","","","","","","","","","CAIXA REFERENCIAL"]
["ASSENTAMENTO DE TUBOS E PECAS","ASTU","FORNEC E/OU ASSENT DE TUBO DE FERRO FUNDIDO JUNTA",45,"","","97163","ASSENTAMENTO DE TUBO DE FERRO FUNDIDO PARA REDE DE ÁGUA, DN 350 MM, JUNTA ELÁSTICA, INSTALADO EM LOCAL COM NÍVEL BAIXO DE INTERFERÊNCIAS (NÃO INCLUI FORNECIMENTO). AF_11/2017","M","ATRIBUÍDO SÃO PAULO","12,38","","","","","","","","","8,39","67,7178425","2,69","21,7427385","1,30","10,5394190","0,00","0,0000000","0,00","0,0000000","CAIXA REFERENCIAL"]
["ASSENTAMENTO DE TUBOS E PECAS","ASTU","FORNEC E/OU ASSENT DE TUBO DE FERRO FUNDIDO JUNTA",45,"","","97163","ASSENTAMENTO DE TUBO DE FERRO FUNDIDO PARA REDE DE ÁGUA, DN 350 MM, JUNTA ELÁSTICA, INSTALADO EM LOCAL COM NÍVEL BAIXO DE INTERFERÊNCIAS (NÃO INCLUI FORNECIMENTO). AF_11/2017","M","ATRIBUÍDO SÃO PAULO","12,38","COMPOSICAO","5678","RETROESCAVADEIRA SOBRE RODAS COM CARREGADEIRA, TRAÇÃO 4X4, POTÊNCIA LÍQ. 88 HP, CAÇAMBA CARREG. CAP. MÍN. 1 M3, CAÇAMBA RETRO CAP. 0,26 M3, PESO OPERACIONAL MÍN. 6.674 KG, PROFUNDIDADE ESCAVAÇÃO MÁX. 4,37 M - CHP DIURNO. AF_06/2014","CHP","ATRIBUÍDO SÃO PAULO","0,0194000","116,84","2,26","","","","","","","","","","","CAIXA REFERENCIAL"]
["ASSENTAMENTO DE TUBOS E PECAS","ASTU","FORNEC E/OU ASSENT DE TUBO DE FERRO FUNDIDO JUNTA",45,"","","97163","ASSENTAMENTO DE TUBO DE FERRO FUNDIDO PARA REDE DE ÁGUA, DN 350 MM, JUNTA ELÁSTICA, INSTALADO EM LOCAL COM NÍVEL BAIXO DE INTERFERÊNCIAS (NÃO INCLUI FORNECIMENTO). AF_11/2017","M","ATRIBUÍDO SÃO PAULO","12,38","COMPOSICAO","5679","RETROESCAVADEIRA SOBRE RODAS COM CARREGADEIRA, TRAÇÃO 4X4, POTÊNCIA LÍQ. 88 HP, CAÇAMBA CARREG. CAP. MÍN. 1 M3, CAÇAMBA RETRO CAP. 0,26 M3, PESO OPERACIONAL MÍN. 6.674 KG, PROFUNDIDADE ESCAVAÇÃO MÁX. 4,37 M - CHI DIURNO. AF_06/2014","CHI","ATRIBUÍDO SÃO PAULO","0,0371000","55,33","2,05","","","","","","","","","","","CAIXA REFERENCIAL"]
["ASSENTAMENTO DE TUBOS E PECAS","ASTU","FORNEC E/OU ASSENT DE TUBO DE FERRO FUNDIDO JUNTA",45,"","","97163","ASSENTAMENTO DE TUBO DE FERRO FUNDIDO PARA REDE DE ÁGUA, DN 350 MM, JUNTA ELÁSTICA, INSTALADO EM LOCAL COM NÍVEL BAIXO DE INTERFERÊNCIAS (NÃO INCLUI FORNECIMENTO). AF_11/2017","M","ATRIBUÍDO SÃO PAULO","12,38","INSUMO","20078","PASTA LUBRIFICANTE PARA TUBOS E CONEXOES COM JUNTA ELASTICA (USO EM PVC, ACO, POLIETILENO E OUTROS) ( DE *400* G)","UN","COEFICIENTE DE REPRESENTATIVIDADE","0,0163000","16,40","0,26","","","","","","","","","","","CAIXA REFERENCIAL"]
["ASSENTAMENTO DE TUBOS E PECAS","ASTU","FORNEC E/OU ASSENT DE TUBO DE FERRO FUNDIDO JUNTA",45,"","","97163","ASSENTAMENTO DE TUBO DE FERRO FUNDIDO PARA REDE DE ÁGUA, DN 350 MM, JUNTA ELÁSTICA, INSTALADO EM LOCAL COM NÍVEL BAIXO DE INTERFERÊNCIAS (NÃO INCLUI FORNECIMENTO). AF_11/2017","M","ATRIBUÍDO SÃO PAULO","12,38","COMPOSICAO","88246","ASSENTADOR DE TUBOS COM ENCARGOS COMPLEMENTARES","H","COEFICIENTE DE REPRESENTATIVIDADE","0,1694000","30,49","5,16","","","","","","","","","","","CAIXA REFERENCIAL"]
["ASSENTAMENTO DE TUBOS E PECAS","ASTU","FORNEC E/OU ASSENT DE TUBO DE FERRO FUNDIDO JUNTA",45,"","","97163","ASSENTAMENTO DE TUBO DE FERRO FUNDIDO PARA REDE DE ÁGUA, DN 350 MM, JUNTA ELÁSTICA, INSTALADO EM LOCAL COM NÍVEL BAIXO DE INTERFERÊNCIAS (NÃO INCLUI FORNECIMENTO). AF_11/2017","M","ATRIBUÍDO SÃO PAULO","12,38","COMPOSICAO","88316","SERVENTE COM ENCARGOS COMPLEMENTARES","H","COEFICIENTE DE REPRESENTATIVIDADE","0,1694000","15,69","2,65","","","","","","","","","","","CAIXA REFERENCIAL"]
["ASSENTAMENTO DE TUBOS E PECAS","ASTU","FORNEC E/OU ASSENT DE TUBO DE FERRO FUNDIDO JUNTA",45,"","","97164","ASSENTAMENTO DE TUBO DE FERRO FUNDIDO PARA REDE DE ÁGUA, DN 400 MM, JUNTA ELÁSTICA, INSTALADO EM LOCAL COM NÍVEL BAIXO DE INTERFERÊNCIAS (NÃO INCLUI FORNECIMENTO). AF_11/2017","M","ATRIBUÍDO SÃO PAULO","13,79","","","","","","","","","9,38","67,9076695","2,99","21,7423678","1,42","10,3499627","0,00","0,0000000","0,00","0,0000000","CAIXA REFERENCIAL"]
["ASSENTAMENTO DE TUBOS E PECAS","ASTU","FORNEC E/OU ASSENT DE TUBO DE FERRO FUNDIDO JUNTA",45,"","","97164","ASSENTAMENTO DE TUBO DE FERRO FUNDIDO PARA REDE DE ÁGUA, DN 400 MM, JUNTA ELÁSTICA, INSTALADO EM LOCAL COM NÍVEL BAIXO DE INTERFERÊNCIAS (NÃO INCLUI FORNECIMENTO). AF_11/2017","M","ATRIBUÍDO SÃO PAULO","13,79","COMPOSICAO","5678","RETROESCAVADEIRA SOBRE RODAS COM CARREGADEIRA, TRAÇÃO 4X4, POTÊNCIA LÍQ. 88 HP, CAÇAMBA CARREG. CAP. MÍN. 1 M3, CAÇAMBA RETRO CAP. 0,26 M3, PESO OPERACIONAL MÍN. 6.674 KG, PROFUNDIDADE ESCAVAÇÃO MÁX. 4,37 M - CHP DIURNO. AF_06/2014","CHP","ATRIBUÍDO SÃO PAULO","0,0211000","116,84","2,46","","","","","","","","","","","CAIXA REFERENCIAL"]
["ASSENTAMENTO DE TUBOS E PECAS","ASTU","FORNEC E/OU ASSENT DE TUBO DE FERRO FUNDIDO JUNTA",45,"","","97164","ASSENTAMENTO DE TUBO DE FERRO FUNDIDO PARA REDE DE ÁGUA, DN 400 MM, JUNTA ELÁSTICA, INSTALADO EM LOCAL COM NÍVEL BAIXO DE INTERFERÊNCIAS (NÃO INCLUI FORNECIMENTO). AF_11/2017","M","ATRIBUÍDO SÃO PAULO","13,79","COMPOSICAO","5679","RETROESCAVADEIRA SOBRE RODAS COM CARREGADEIRA, TRAÇÃO 4X4, POTÊNCIA LÍQ. 88 HP, CAÇAMBA CARREG. CAP. MÍN. 1 M3, CAÇAMBA RETRO CAP. 0,26 M3, PESO OPERACIONAL MÍN. 6.674 KG, PROFUNDIDADE ESCAVAÇÃO MÁX. 4,37 M - CHI DIURNO. AF_06/2014","CHI","ATRIBUÍDO SÃO PAULO","0,0404000","55,33","2,23","","","","","","","","","","","CAIXA REFERENCIAL"]
["ASSENTAMENTO DE TUBOS E PECAS","ASTU","FORNEC E/OU ASSENT DE TUBO DE FERRO FUNDIDO JUNTA",45,"","","97164","ASSENTAMENTO DE TUBO DE FERRO FUNDIDO PARA REDE DE ÁGUA, DN 400 MM, JUNTA ELÁSTICA, INSTALADO EM LOCAL COM NÍVEL BAIXO DE INTERFERÊNCIAS (NÃO INCLUI FORNECIMENTO). AF_11/2017","M","ATRIBUÍDO SÃO PAULO","13,79","INSUMO","20078","PASTA LUBRIFICANTE PARA TUBOS E CONEXOES COM JUNTA ELASTICA (USO EM PVC, ACO, POLIETILENO E OUTROS) ( DE *400* G)","UN","COEFICIENTE DE REPRESENTATIVIDADE","0,0188000","16,40","0,30","","","","","","","","","","","CAIXA REFERENCIAL"]
["ASSENTAMENTO DE TUBOS E PECAS","ASTU","FORNEC E/OU ASSENT DE TUBO DE FERRO FUNDIDO JUNTA",45,"","","97164","ASSENTAMENTO DE TUBO DE FERRO FUNDIDO PARA REDE DE ÁGUA, DN 400 MM, JUNTA ELÁSTICA, INSTALADO EM LOCAL COM NÍVEL BAIXO DE INTERFERÊNCIAS (NÃO INCLUI FORNECIMENTO). AF_11/2017","M","ATRIBUÍDO SÃO PAULO","13,79","COMPOSICAO","88246","ASSENTADOR DE TUBOS COM ENCARGOS COMPLEMENTARES","H","COEFICIENTE DE REPRESENTATIVIDADE","0,1907000","30,49","5,81","","","","","","","","","","","CAIXA REFERENCIAL"]
["ASSENTAMENTO DE TUBOS E PECAS","ASTU","FORNEC E/OU ASSENT DE TUBO DE FERRO FUNDIDO JUNTA",45,"","","97164","ASSENTAMENTO DE TUBO DE FERRO FUNDIDO PARA REDE DE ÁGUA, DN 400 MM, JUNTA ELÁSTICA, INSTALADO EM LOCAL COM NÍVEL BAIXO DE INTERFERÊNCIAS (NÃO INCLUI FORNECIMENTO). AF_11/2017","M","ATRIBUÍDO SÃO PAULO","13,79","COMPOSICAO","88316","SERVENTE COM ENCARGOS COMPLEMENTARES","H","COEFICIENTE DE REPRESENTATIVIDADE","0,1907000","15,69","2,99","","","","","","","","","","","CAIXA REFERENCIAL"]
["ASSENTAMENTO DE TUBOS E PECAS","ASTU","FORNEC E/OU ASSENT DE TUBO DE FERRO FUNDIDO JUNTA",45,"","","97165","ASSENTAMENTO DE TUBO DE FERRO FUNDIDO PARA REDE DE ÁGUA, DN 450 MM, JUNTA ELÁSTICA, INSTALADO EM LOCAL COM NÍVEL BAIXO DE INTERFERÊNCIAS (NÃO INCLUI FORNECIMENTO). AF_11/2017","M","ATRIBUÍDO SÃO PAULO","15,23","","","","","","","","","10,36","67,9945984","3,31","21,7420661","1,56","10,2633355","0,00","0,0000000","0,00","0,0000000","CAIXA REFERENCIAL"]
["ASSENTAMENTO DE TUBOS E PECAS","ASTU","FORNEC E/OU ASSENT DE TUBO DE FERRO FUNDIDO JUNTA",45,"","","97165","ASSENTAMENTO DE TUBO DE FERRO FUNDIDO PARA REDE DE ÁGUA, DN 450 MM, JUNTA ELÁSTICA, INSTALADO EM LOCAL COM NÍVEL BAIXO DE INTERFERÊNCIAS (NÃO INCLUI FORNECIMENTO). AF_11/2017","M","ATRIBUÍDO SÃO PAULO","15,23","COMPOSICAO","5678","RETROESCAVADEIRA SOBRE RODAS COM CARREGADEIRA, TRAÇÃO 4X4, POTÊNCIA LÍQ. 88 HP, CAÇAMBA CARREG. CAP. MÍN. 1 M3, CAÇAMBA RETRO CAP. 0,26 M3, PESO OPERACIONAL MÍN. 6.674 KG, PROFUNDIDADE ESCAVAÇÃO MÁX. 4,37 M - CHP DIURNO. AF_06/2014","CHP","ATRIBUÍDO SÃO PAULO","0,0229000","116,84","2,67","","","","","","","","","","","CAIXA REFERENCIAL"]
["ASSENTAMENTO DE TUBOS E PECAS","ASTU","FORNEC E/OU ASSENT DE TUBO DE FERRO FUNDIDO JUNTA",45,"","","97165","ASSENTAMENTO DE TUBO DE FERRO FUNDIDO PARA REDE DE ÁGUA, DN 450 MM, JUNTA ELÁSTICA, INSTALADO EM LOCAL COM NÍVEL BAIXO DE INTERFERÊNCIAS (NÃO INCLUI FORNECIMENTO). AF_11/2017","M","ATRIBUÍDO SÃO PAULO","15,23","COMPOSICAO","5679","RETROESCAVADEIRA SOBRE RODAS COM CARREGADEIRA, TRAÇÃO 4X4, POTÊNCIA LÍQ. 88 HP, CAÇAMBA CARREG. CAP. MÍN. 1 M3, CAÇAMBA RETRO CAP. 0,26 M3, PESO OPERACIONAL MÍN. 6.674 KG, PROFUNDIDADE ESCAVAÇÃO MÁX. 4,37 M - CHI DIURNO. AF_06/2014","CHI","ATRIBUÍDO SÃO PAULO","0,0438000","55,33","2,42","","","","","","","","","","","CAIXA REFERENCIAL"]
["ASSENTAMENTO DE TUBOS E PECAS","ASTU","FORNEC E/OU ASSENT DE TUBO DE FERRO FUNDIDO JUNTA",45,"","","97165","ASSENTAMENTO DE TUBO DE FERRO FUNDIDO PARA REDE DE ÁGUA, DN 450 MM, JUNTA ELÁSTICA, INSTALADO EM LOCAL COM NÍVEL BAIXO DE INTERFERÊNCIAS (NÃO INCLUI FORNECIMENTO). AF_11/2017","M","ATRIBUÍDO SÃO PAULO","15,23","INSUMO","20078","PASTA LUBRIFICANTE PARA TUBOS E CONEXOES COM JUNTA ELASTICA (USO EM PVC, ACO, POLIETILENO E OUTROS) ( DE *400* G)","UN","COEFICIENTE DE REPRESENTATIVIDADE","0,0221000","16,40","0,36","","","","","","","","","","","CAIXA REFERENCIAL"]
["ASSENTAMENTO DE TUBOS E PECAS","ASTU","FORNEC E/OU ASSENT DE TUBO DE FERRO FUNDIDO JUNTA",45,"","","97165","ASSENTAMENTO DE TUBO DE FERRO FUNDIDO PARA REDE DE ÁGUA, DN 450 MM, JUNTA ELÁSTICA, INSTALADO EM LOCAL COM NÍVEL BAIXO DE INTERFERÊNCIAS (NÃO INCLUI FORNECIMENTO). AF_11/2017","M","ATRIBUÍDO SÃO PAULO","15,23","COMPOSICAO","88246","ASSENTADOR DE TUBOS COM ENCARGOS COMPLEMENTARES","H","COEFICIENTE DE REPRESENTATIVIDADE","0,2119000","30,49","6,46","","","","","","","","","","","CAIXA REFERENCIAL"]
["ASSENTAMENTO DE TUBOS E PECAS","ASTU","FORNEC E/OU ASSENT DE TUBO DE FERRO FUNDIDO JUNTA",45,"","","97165","ASSENTAMENTO DE TUBO DE FERRO FUNDIDO PARA REDE DE ÁGUA, DN 450 MM, JUNTA ELÁSTICA, INSTALADO EM LOCAL COM NÍVEL BAIXO DE INTERFERÊNCIAS (NÃO INCLUI FORNECIMENTO). AF_11/2017","M","ATRIBUÍDO SÃO PAULO","15,23","COMPOSICAO","88316","SERVENTE COM ENCARGOS COMPLEMENTARES","H","COEFICIENTE DE REPRESENTATIVIDADE","0,2119000","15,69","3,32","","","","","","","","","","","CAIXA REFERENCIAL"]
["ASSENTAMENTO DE TUBOS E PECAS","ASTU","FORNEC E/OU ASSENT DE TUBO DE FERRO FUNDIDO JUNTA",45,"","","97166","ASSENTAMENTO DE TUBO DE FERRO FUNDIDO PARA REDE DE ÁGUA, DN 500 MM, JUNTA ELÁSTICA, INSTALADO EM LOCAL COM NÍVEL BAIXO DE INTERFERÊNCIAS (NÃO INCLUI FORNECIMENTO). AF_11/2017","M","ATRIBUÍDO SÃO PAULO","17,98","","","","","","","","","11,29","62,7417521","3,88","21,6154721","2,81","15,6427758","0,00","0,0000000","0,00","0,0000000","CAIXA REFERENCIAL"]
["ASSENTAMENTO DE TUBOS E PECAS","ASTU","FORNEC E/OU ASSENT DE TUBO DE FERRO FUNDIDO JUNTA",45,"","","97166","ASSENTAMENTO DE TUBO DE FERRO FUNDIDO PARA REDE DE ÁGUA, DN 500 MM, JUNTA ELÁSTICA, INSTALADO EM LOCAL COM NÍVEL BAIXO DE INTERFERÊNCIAS (NÃO INCLUI FORNECIMENTO). AF_11/2017","M","ATRIBUÍDO SÃO PAULO","17,98","COMPOSICAO","5631","ESCAVADEIRA HIDRÁULICA SOBRE ESTEIRAS, CAÇAMBA 0,80 M3, PESO OPERACIONAL 17 T, POTENCIA BRUTA 111 HP - CHP DIURNO. AF_06/2014","CHP","ATRIBUÍDO SÃO PAULO","0,0246000","149,54","3,67","","","","","","","","","","","CAIXA REFERENCIAL"]
["ASSENTAMENTO DE TUBOS E PECAS","ASTU","FORNEC E/OU ASSENT DE TUBO DE FERRO FUNDIDO JUNTA",45,"","","97166","ASSENTAMENTO DE TUBO DE FERRO FUNDIDO PARA REDE DE ÁGUA, DN 500 MM, JUNTA ELÁSTICA, INSTALADO EM LOCAL COM NÍVEL BAIXO DE INTERFERÊNCIAS (NÃO INCLUI FORNECIMENTO). AF_11/2017","M","ATRIBUÍDO SÃO PAULO","17,98","COMPOSICAO","5632","ESCAVADEIRA HIDRÁULICA SOBRE ESTEIRAS, CAÇAMBA 0,80 M3, PESO OPERACIONAL 17 T, POTENCIA BRUTA 111 HP - CHI DIURNO. AF_06/2014","CHI","ATRIBUÍDO SÃO PAULO","0,0471000","67,11","3,16","","","","","","","","","","","CAIXA REFERENCIAL"]
["ASSENTAMENTO DE TUBOS E PECAS","ASTU","FORNEC E/OU ASSENT DE TUBO DE FERRO FUNDIDO JUNTA",45,"","","97166","ASSENTAMENTO DE TUBO DE FERRO FUNDIDO PARA REDE DE ÁGUA, DN 500 MM, JUNTA ELÁSTICA, INSTALADO EM LOCAL COM NÍVEL BAIXO DE INTERFERÊNCIAS (NÃO INCLUI FORNECIMENTO). AF_11/2017","M","ATRIBUÍDO SÃO PAULO","17,98","INSUMO","20078","PASTA LUBRIFICANTE PARA TUBOS E CONEXOES COM JUNTA ELASTICA (USO EM PVC, ACO, POLIETILENO E OUTROS) ( DE *400* G)","UN","COEFICIENTE DE REPRESENTATIVIDADE","0,0248000","16,40","0,40","","","","","","","","","","","CAIXA REFERENCIAL"]
["ASSENTAMENTO DE TUBOS E PECAS","ASTU","FORNEC E/OU ASSENT DE TUBO DE FERRO FUNDIDO JUNTA",45,"","","97166","ASSENTAMENTO DE TUBO DE FERRO FUNDIDO PARA REDE DE ÁGUA, DN 500 MM, JUNTA ELÁSTICA, INSTALADO EM LOCAL COM NÍVEL BAIXO DE INTERFERÊNCIAS (NÃO INCLUI FORNECIMENTO). AF_11/2017","M","ATRIBUÍDO SÃO PAULO","17,98","COMPOSICAO","88246","ASSENTADOR DE TUBOS COM ENCARGOS COMPLEMENTARES","H","COEFICIENTE DE REPRESENTATIVIDADE","0,2331000","30,49","7,10","","","","","","","","","","","CAIXA REFERENCIAL"]
["ASSENTAMENTO DE TUBOS E PECAS","ASTU","FORNEC E/OU ASSENT DE TUBO DE FERRO FUNDIDO JUNTA",45,"","","97166","ASSENTAMENTO DE TUBO DE FERRO FUNDIDO PARA REDE DE ÁGUA, DN 500 MM, JUNTA ELÁSTICA, INSTALADO EM LOCAL COM NÍVEL BAIXO DE INTERFERÊNCIAS (NÃO INCLUI FORNECIMENTO). AF_11/2017","M","ATRIBUÍDO SÃO PAULO","17,98","COMPOSICAO","88316","SERVENTE COM ENCARGOS COMPLEMENTARES","H","COEFICIENTE DE REPRESENTATIVIDADE","0,2331000","15,69","3,65","","","","","","","","","","","CAIXA REFERENCIAL"]
["ASSENTAMENTO DE TUBOS E PECAS","ASTU","FORNEC E/OU ASSENT DE TUBO DE FERRO FUNDIDO JUNTA",45,"","","97167","ASSENTAMENTO DE TUBO DE FERRO FUNDIDO PARA REDE DE ÁGUA, DN 600 MM, JUNTA ELÁSTICA, INSTALADO EM LOCAL COM NÍVEL BAIXO DE INTERFERÊNCIAS (NÃO INCLUI FORNECIMENTO). AF_11/2017","M","ATRIBUÍDO SÃO PAULO","21,04","","","","","","","","","13,22","62,8279884","4,59","21,8172983","3,23","15,3547133","0,00","0,0000000","0,00","0,0000000","CAIXA REFERENCIAL"]
["ASSENTAMENTO DE TUBOS E PECAS","ASTU","FORNEC E/OU ASSENT DE TUBO DE FERRO FUNDIDO JUNTA",45,"","","97167","ASSENTAMENTO DE TUBO DE FERRO FUNDIDO PARA REDE DE ÁGUA, DN 600 MM, JUNTA ELÁSTICA, INSTALADO EM LOCAL COM NÍVEL BAIXO DE INTERFERÊNCIAS (NÃO INCLUI FORNECIMENTO). AF_11/2017","M","ATRIBUÍDO SÃO PAULO","21,04","COMPOSICAO","5631","ESCAVADEIRA HIDRÁULICA SOBRE ESTEIRAS, CAÇAMBA 0,80 M3, PESO OPERACIONAL 17 T, POTENCIA BRUTA 111 HP - CHP DIURNO. AF_06/2014","CHP","ATRIBUÍDO SÃO PAULO","0,0281000","149,54","4,20","","","","","","","","","","","CAIXA REFERENCIAL"]
["ASSENTAMENTO DE TUBOS E PECAS","ASTU","FORNEC E/OU ASSENT DE TUBO DE FERRO FUNDIDO JUNTA",45,"","","97167","ASSENTAMENTO DE TUBO DE FERRO FUNDIDO PARA REDE DE ÁGUA, DN 600 MM, JUNTA ELÁSTICA, INSTALADO EM LOCAL COM NÍVEL BAIXO DE INTERFERÊNCIAS (NÃO INCLUI FORNECIMENTO). AF_11/2017","M","ATRIBUÍDO SÃO PAULO","21,04","COMPOSICAO","5632","ESCAVADEIRA HIDRÁULICA SOBRE ESTEIRAS, CAÇAMBA 0,80 M3, PESO OPERACIONAL 17 T, POTENCIA BRUTA 111 HP - CHI DIURNO. AF_06/2014","CHI","ATRIBUÍDO SÃO PAULO","0,0538000","67,11","3,61","","","","","","","","","","","CAIXA REFERENCIAL"]
["ASSENTAMENTO DE TUBOS E PECAS","ASTU","FORNEC E/OU ASSENT DE TUBO DE FERRO FUNDIDO JUNTA",45,"","","97167","ASSENTAMENTO DE TUBO DE FERRO FUNDIDO PARA REDE DE ÁGUA, DN 600 MM, JUNTA ELÁSTICA, INSTALADO EM LOCAL COM NÍVEL BAIXO DE INTERFERÊNCIAS (NÃO INCLUI FORNECIMENTO). AF_11/2017","M","ATRIBUÍDO SÃO PAULO","21,04","INSUMO","20078","PASTA LUBRIFICANTE PARA TUBOS E CONEXOES COM JUNTA ELASTICA (USO EM PVC, ACO, POLIETILENO E OUTROS) ( DE *400* G)","UN","COEFICIENTE DE REPRESENTATIVIDADE","0,0313000","16,40","0,51","","","","","","","","","","","CAIXA REFERENCIAL"]
["ASSENTAMENTO DE TUBOS E PECAS","ASTU","FORNEC E/OU ASSENT DE TUBO DE FERRO FUNDIDO JUNTA",45,"","","97167","ASSENTAMENTO DE TUBO DE FERRO FUNDIDO PARA REDE DE ÁGUA, DN 600 MM, JUNTA ELÁSTICA, INSTALADO EM LOCAL COM NÍVEL BAIXO DE INTERFERÊNCIAS (NÃO INCLUI FORNECIMENTO). AF_11/2017","M","ATRIBUÍDO SÃO PAULO","21,04","COMPOSICAO","88246","ASSENTADOR DE TUBOS COM ENCARGOS COMPLEMENTARES","H","COEFICIENTE DE REPRESENTATIVIDADE","0,2756000","30,49","8,40","","","","","","","","","","","CAIXA REFERENCIAL"]
["ASSENTAMENTO DE TUBOS E PECAS","ASTU","FORNEC E/OU ASSENT DE TUBO DE FERRO FUNDIDO JUNTA",45,"","","97167","ASSENTAMENTO DE TUBO DE FERRO FUNDIDO PARA REDE DE ÁGUA, DN 600 MM, JUNTA ELÁSTICA, INSTALADO EM LOCAL COM NÍVEL BAIXO DE INTERFERÊNCIAS (NÃO INCLUI FORNECIMENTO). AF_11/2017","M","ATRIBUÍDO SÃO PAULO","21,04","COMPOSICAO","88316","SERVENTE COM ENCARGOS COMPLEMENTARES","H","COEFICIENTE DE REPRESENTATIVIDADE","0,2756000","15,69","4,32","","","","","","","","","","","CAIXA REFERENCIAL"]
["ASSENTAMENTO DE TUBOS E PECAS","ASTU","FORNEC E/OU ASSENT DE TUBO DE FERRO FUNDIDO JUNTA",45,"","","97168","ASSENTAMENTO DE TUBO DE FERRO FUNDIDO PARA REDE DE ÁGUA, DN 700 MM, JUNTA ELÁSTICA, INSTALADO EM LOCAL COM NÍVEL BAIXO DE INTERFERÊNCIAS (NÃO INCLUI FORNECIMENTO). AF_11/2017","M","ATRIBUÍDO SÃO PAULO","23,92","","","","","","","","","15,16","63,3148702","5,14","21,5168299","3,62","15,1682999","0,00","0,0000000","0,00","0,0000000","CAIXA REFERENCIAL"]
["ASSENTAMENTO DE TUBOS E PECAS","ASTU","FORNEC E/OU ASSENT DE TUBO DE FERRO FUNDIDO JUNTA",45,"","","97168","ASSENTAMENTO DE TUBO DE FERRO FUNDIDO PARA REDE DE ÁGUA, DN 700 MM, JUNTA ELÁSTICA, INSTALADO EM LOCAL COM NÍVEL BAIXO DE INTERFERÊNCIAS (NÃO INCLUI FORNECIMENTO). AF_11/2017","M","ATRIBUÍDO SÃO PAULO","23,92","COMPOSICAO","5631","ESCAVADEIRA HIDRÁULICA SOBRE ESTEIRAS, CAÇAMBA 0,80 M3, PESO OPERACIONAL 17 T, POTENCIA BRUTA 111 HP - CHP DIURNO. AF_06/2014","CHP","ATRIBUÍDO SÃO PAULO","0,0316000","149,54","4,72","","","","","","","","","","","CAIXA REFERENCIAL"]
["ASSENTAMENTO DE TUBOS E PECAS","ASTU","FORNEC E/OU ASSENT DE TUBO DE FERRO FUNDIDO JUNTA",45,"","","97168","ASSENTAMENTO DE TUBO DE FERRO FUNDIDO PARA REDE DE ÁGUA, DN 700 MM, JUNTA ELÁSTICA, INSTALADO EM LOCAL COM NÍVEL BAIXO DE INTERFERÊNCIAS (NÃO INCLUI FORNECIMENTO). AF_11/2017","M","ATRIBUÍDO SÃO PAULO","23,92","COMPOSICAO","5632","ESCAVADEIRA HIDRÁULICA SOBRE ESTEIRAS, CAÇAMBA 0,80 M3, PESO OPERACIONAL 17 T, POTENCIA BRUTA 111 HP - CHI DIURNO. AF_06/2014","CHI","ATRIBUÍDO SÃO PAULO","0,0605000","67,11","4,06","","","","","","","","","","","CAIXA REFERENCIAL"]
["ASSENTAMENTO DE TUBOS E PECAS","ASTU","FORNEC E/OU ASSENT DE TUBO DE FERRO FUNDIDO JUNTA",45,"","","97168","ASSENTAMENTO DE TUBO DE FERRO FUNDIDO PARA REDE DE ÁGUA, DN 700 MM, JUNTA ELÁSTICA, INSTALADO EM LOCAL COM NÍVEL BAIXO DE INTERFERÊNCIAS (NÃO INCLUI FORNECIMENTO). AF_11/2017","M","ATRIBUÍDO SÃO PAULO","23,92","INSUMO","20078","PASTA LUBRIFICANTE PARA TUBOS E CONEXOES COM JUNTA ELASTICA (USO EM PVC, ACO, POLIETILENO E OUTROS) ( DE *400* G)","UN","COEFICIENTE DE REPRESENTATIVIDADE","0,0284000","16,40","0,46","","","","","","","","","","","CAIXA REFERENCIAL"]
["ASSENTAMENTO DE TUBOS E PECAS","ASTU","FORNEC E/OU ASSENT DE TUBO DE FERRO FUNDIDO JUNTA",45,"","","97168","ASSENTAMENTO DE TUBO DE FERRO FUNDIDO PARA REDE DE ÁGUA, DN 700 MM, JUNTA ELÁSTICA, INSTALADO EM LOCAL COM NÍVEL BAIXO DE INTERFERÊNCIAS (NÃO INCLUI FORNECIMENTO). AF_11/2017","M","ATRIBUÍDO SÃO PAULO","23,92","COMPOSICAO","88246","ASSENTADOR DE TUBOS COM ENCARGOS COMPLEMENTARES","H","COEFICIENTE DE REPRESENTATIVIDADE","0,3181000","30,49","9,69","","","","","","","","","","","CAIXA REFERENCIAL"]
["ASSENTAMENTO DE TUBOS E PECAS","ASTU","FORNEC E/OU ASSENT DE TUBO DE FERRO FUNDIDO JUNTA",45,"","","97168","ASSENTAMENTO DE TUBO DE FERRO FUNDIDO PARA REDE DE ÁGUA, DN 700 MM, JUNTA ELÁSTICA, INSTALADO EM LOCAL COM NÍVEL BAIXO DE INTERFERÊNCIAS (NÃO INCLUI FORNECIMENTO). AF_11/2017","M","ATRIBUÍDO SÃO PAULO","23,92","COMPOSICAO","88316","SERVENTE COM ENCARGOS COMPLEMENTARES","H","COEFICIENTE DE REPRESENTATIVIDADE","0,3181000","15,69","4,99","","","","","","","","","","","CAIXA REFERENCIAL"]
["ASSENTAMENTO DE TUBOS E PECAS","ASTU","FORNEC E/OU ASSENT DE TUBO DE FERRO FUNDIDO JUNTA",45,"","","97169","ASSENTAMENTO DE TUBO DE FERRO FUNDIDO PARA REDE DE ÁGUA, DN 800 MM, JUNTA ELÁSTICA, INSTALADO EM LOCAL COM NÍVEL BAIXO DE INTERFERÊNCIAS (NÃO INCLUI FORNECIMENTO). AF_11/2017","M","ATRIBUÍDO SÃO PAULO","26,89","","","","","","","","","17,02","63,2491520","5,85","21,7866566","4,02","14,9641914","0,00","0,0000000","0,00","0,0000000","CAIXA REFERENCIAL"]
["ASSENTAMENTO DE TUBOS E PECAS","ASTU","FORNEC E/OU ASSENT DE TUBO DE FERRO FUNDIDO JUNTA",45,"","","97169","ASSENTAMENTO DE TUBO DE FERRO FUNDIDO PARA REDE DE ÁGUA, DN 800 MM, JUNTA ELÁSTICA, INSTALADO EM LOCAL COM NÍVEL BAIXO DE INTERFERÊNCIAS (NÃO INCLUI FORNECIMENTO). AF_11/2017","M","ATRIBUÍDO SÃO PAULO","26,89","COMPOSICAO","5631","ESCAVADEIRA HIDRÁULICA SOBRE ESTEIRAS, CAÇAMBA 0,80 M3, PESO OPERACIONAL 17 T, POTENCIA BRUTA 111 HP - CHP DIURNO. AF_06/2014","CHP","ATRIBUÍDO SÃO PAULO","0,0351000","149,54","5,24","","","","","","","","","","","CAIXA REFERENCIAL"]
["ASSENTAMENTO DE TUBOS E PECAS","ASTU","FORNEC E/OU ASSENT DE TUBO DE FERRO FUNDIDO JUNTA",45,"","","97169","ASSENTAMENTO DE TUBO DE FERRO FUNDIDO PARA REDE DE ÁGUA, DN 800 MM, JUNTA ELÁSTICA, INSTALADO EM LOCAL COM NÍVEL BAIXO DE INTERFERÊNCIAS (NÃO INCLUI FORNECIMENTO). AF_11/2017","M","ATRIBUÍDO SÃO PAULO","26,89","COMPOSICAO","5632","ESCAVADEIRA HIDRÁULICA SOBRE ESTEIRAS, CAÇAMBA 0,80 M3, PESO OPERACIONAL 17 T, POTENCIA BRUTA 111 HP - CHI DIURNO. AF_06/2014","CHI","ATRIBUÍDO SÃO PAULO","0,0672000","67,11","4,50","","","","","","","","","","","CAIXA REFERENCIAL"]
["ASSENTAMENTO DE TUBOS E PECAS","ASTU","FORNEC E/OU ASSENT DE TUBO DE FERRO FUNDIDO JUNTA",45,"","","97169","ASSENTAMENTO DE TUBO DE FERRO FUNDIDO PARA REDE DE ÁGUA, DN 800 MM, JUNTA ELÁSTICA, INSTALADO EM LOCAL COM NÍVEL BAIXO DE INTERFERÊNCIAS (NÃO INCLUI FORNECIMENTO). AF_11/2017","M","ATRIBUÍDO SÃO PAULO","26,89","INSUMO","20078","PASTA LUBRIFICANTE PARA TUBOS E CONEXOES COM JUNTA ELASTICA (USO EM PVC, ACO, POLIETILENO E OUTROS) ( DE *400* G)","UN","COEFICIENTE DE REPRESENTATIVIDADE","0,0314000","16,40","0,51","","","","","","","","","","","CAIXA REFERENCIAL"]
["ASSENTAMENTO DE TUBOS E PECAS","ASTU","FORNEC E/OU ASSENT DE TUBO DE FERRO FUNDIDO JUNTA",45,"","","97169","ASSENTAMENTO DE TUBO DE FERRO FUNDIDO PARA REDE DE ÁGUA, DN 800 MM, JUNTA ELÁSTICA, INSTALADO EM LOCAL COM NÍVEL BAIXO DE INTERFERÊNCIAS (NÃO INCLUI FORNECIMENTO). AF_11/2017","M","ATRIBUÍDO SÃO PAULO","26,89","COMPOSICAO","88246","ASSENTADOR DE TUBOS COM ENCARGOS COMPLEMENTARES","H","COEFICIENTE DE REPRESENTATIVIDADE","0,3605000","30,49","10,99","","","","","","","","","","","CAIXA REFERENCIAL"]
["ASSENTAMENTO DE TUBOS E PECAS","ASTU","FORNEC E/OU ASSENT DE TUBO DE FERRO FUNDIDO JUNTA",45,"","","97169","ASSENTAMENTO DE TUBO DE FERRO FUNDIDO PARA REDE DE ÁGUA, DN 800 MM, JUNTA ELÁSTICA, INSTALADO EM LOCAL COM NÍVEL BAIXO DE INTERFERÊNCIAS (NÃO INCLUI FORNECIMENTO). AF_11/2017","M","ATRIBUÍDO SÃO PAULO","26,89","COMPOSICAO","88316","SERVENTE COM ENCARGOS COMPLEMENTARES","H","COEFICIENTE DE REPRESENTATIVIDADE","0,3605000","15,69","5,65","","","","","","","","","","","CAIXA REFERENCIAL"]
["ASSENTAMENTO DE TUBOS E PECAS","ASTU","FORNEC E/OU ASSENT DE TUBO DE FERRO FUNDIDO JUNTA",45,"","","97170","ASSENTAMENTO DE TUBO DE FERRO FUNDIDO PARA REDE DE ÁGUA, DN 900 MM, JUNTA ELÁSTICA, INSTALADO EM LOCAL COM NÍVEL BAIXO DE INTERFERÊNCIAS (NÃO INCLUI FORNECIMENTO). AF_11/2017","M","ATRIBUÍDO SÃO PAULO","29,90","","","","","","","","","18,99","63,5006785","6,47","21,6417910","4,44","14,8575305","0,00","0,0000000","0,00","0,0000000","CAIXA REFERENCIAL"]
["ASSENTAMENTO DE TUBOS E PECAS","ASTU","FORNEC E/OU ASSENT DE TUBO DE FERRO FUNDIDO JUNTA",45,"","","97170","ASSENTAMENTO DE TUBO DE FERRO FUNDIDO PARA REDE DE ÁGUA, DN 900 MM, JUNTA ELÁSTICA, INSTALADO EM LOCAL COM NÍVEL BAIXO DE INTERFERÊNCIAS (NÃO INCLUI FORNECIMENTO). AF_11/2017","M","ATRIBUÍDO SÃO PAULO","29,90","COMPOSICAO","5631","ESCAVADEIRA HIDRÁULICA SOBRE ESTEIRAS, CAÇAMBA 0,80 M3, PESO OPERACIONAL 17 T, POTENCIA BRUTA 111 HP - CHP DIURNO. AF_06/2014","CHP","ATRIBUÍDO SÃO PAULO","0,0386000","149,54","5,77","","","","","","","","","","","CAIXA REFERENCIAL"]
["ASSENTAMENTO DE TUBOS E PECAS","ASTU","FORNEC E/OU ASSENT DE TUBO DE FERRO FUNDIDO JUNTA",45,"","","97170","ASSENTAMENTO DE TUBO DE FERRO FUNDIDO PARA REDE DE ÁGUA, DN 900 MM, JUNTA ELÁSTICA, INSTALADO EM LOCAL COM NÍVEL BAIXO DE INTERFERÊNCIAS (NÃO INCLUI FORNECIMENTO). AF_11/2017","M","ATRIBUÍDO SÃO PAULO","29,90","COMPOSICAO","5632","ESCAVADEIRA HIDRÁULICA SOBRE ESTEIRAS, CAÇAMBA 0,80 M3, PESO OPERACIONAL 17 T, POTENCIA BRUTA 111 HP - CHI DIURNO. AF_06/2014","CHI","ATRIBUÍDO SÃO PAULO","0,0739000","67,11","4,95","","","","","","","","","","","CAIXA REFERENCIAL"]
["ASSENTAMENTO DE TUBOS E PECAS","ASTU","FORNEC E/OU ASSENT DE TUBO DE FERRO FUNDIDO JUNTA",45,"","","97170","ASSENTAMENTO DE TUBO DE FERRO FUNDIDO PARA REDE DE ÁGUA, DN 900 MM, JUNTA ELÁSTICA, INSTALADO EM LOCAL COM NÍVEL BAIXO DE INTERFERÊNCIAS (NÃO INCLUI FORNECIMENTO). AF_11/2017","M","ATRIBUÍDO SÃO PAULO","29,90","INSUMO","20078","PASTA LUBRIFICANTE PARA TUBOS E CONEXOES COM JUNTA ELASTICA (USO EM PVC, ACO, POLIETILENO E OUTROS) ( DE *400* G)","UN","COEFICIENTE DE REPRESENTATIVIDADE","0,0355000","16,40","0,58","","","","","","","","","","","CAIXA REFERENCIAL"]
["ASSENTAMENTO DE TUBOS E PECAS","ASTU","FORNEC E/OU ASSENT DE TUBO DE FERRO FUNDIDO JUNTA",45,"","","97170","ASSENTAMENTO DE TUBO DE FERRO FUNDIDO PARA REDE DE ÁGUA, DN 900 MM, JUNTA ELÁSTICA, INSTALADO EM LOCAL COM NÍVEL BAIXO DE INTERFERÊNCIAS (NÃO INCLUI FORNECIMENTO). AF_11/2017","M","ATRIBUÍDO SÃO PAULO","29,90","COMPOSICAO","88246","ASSENTADOR DE TUBOS COM ENCARGOS COMPLEMENTARES","H","COEFICIENTE DE REPRESENTATIVIDADE","0,4030000","30,49","12,28","","","","","","","","","","","CAIXA REFERENCIAL"]
["ASSENTAMENTO DE TUBOS E PECAS","ASTU","FORNEC E/OU ASSENT DE TUBO DE FERRO FUNDIDO JUNTA",45,"","","97170","ASSENTAMENTO DE TUBO DE FERRO FUNDIDO PARA REDE DE ÁGUA, DN 900 MM, JUNTA ELÁSTICA, INSTALADO EM LOCAL COM NÍVEL BAIXO DE INTERFERÊNCIAS (NÃO INCLUI FORNECIMENTO). AF_11/2017","M","ATRIBUÍDO SÃO PAULO","29,90","COMPOSICAO","88316","SERVENTE COM ENCARGOS COMPLEMENTARES","H","COEFICIENTE DE REPRESENTATIVIDADE","0,4030000","15,69","6,32","","","","","","","","","","","CAIXA REFERENCIAL"]
["ASSENTAMENTO DE TUBOS E PECAS","ASTU","FORNEC E/OU ASSENT DE TUBO DE FERRO FUNDIDO JUNTA",45,"","","97171","ASSENTAMENTO DE TUBO DE FERRO FUNDIDO PARA REDE DE ÁGUA, DN 1000 MM, JUNTA ELÁSTICA, INSTALADO EM LOCAL COM NÍVEL BAIXO DE INTERFERÊNCIAS (NÃO INCLUI FORNECIMENTO). AF_11/2017","M","ATRIBUÍDO SÃO PAULO","32,91","","","","","","","","","20,89","63,4491240","7,20","21,8874884","4,82","14,6633876","0,00","0,0000000","0,00","0,0000000","CAIXA REFERENCIAL"]
["ASSENTAMENTO DE TUBOS E PECAS","ASTU","FORNEC E/OU ASSENT DE TUBO DE FERRO FUNDIDO JUNTA",45,"","","97171","ASSENTAMENTO DE TUBO DE FERRO FUNDIDO PARA REDE DE ÁGUA, DN 1000 MM, JUNTA ELÁSTICA, INSTALADO EM LOCAL COM NÍVEL BAIXO DE INTERFERÊNCIAS (NÃO INCLUI FORNECIMENTO). AF_11/2017","M","ATRIBUÍDO SÃO PAULO","32,91","COMPOSICAO","5631","ESCAVADEIRA HIDRÁULICA SOBRE ESTEIRAS, CAÇAMBA 0,80 M3, PESO OPERACIONAL 17 T, POTENCIA BRUTA 111 HP - CHP DIURNO. AF_06/2014","CHP","ATRIBUÍDO SÃO PAULO","0,0421000","149,54","6,29","","","","","","","","","","","CAIXA REFERENCIAL"]
["ASSENTAMENTO DE TUBOS E PECAS","ASTU","FORNEC E/OU ASSENT DE TUBO DE FERRO FUNDIDO JUNTA",45,"","","97171","ASSENTAMENTO DE TUBO DE FERRO FUNDIDO PARA REDE DE ÁGUA, DN 1000 MM, JUNTA ELÁSTICA, INSTALADO EM LOCAL COM NÍVEL BAIXO DE INTERFERÊNCIAS (NÃO INCLUI FORNECIMENTO). AF_11/2017","M","ATRIBUÍDO SÃO PAULO","32,91","COMPOSICAO","5632","ESCAVADEIRA HIDRÁULICA SOBRE ESTEIRAS, CAÇAMBA 0,80 M3, PESO OPERACIONAL 17 T, POTENCIA BRUTA 111 HP - CHI DIURNO. AF_06/2014","CHI","ATRIBUÍDO SÃO PAULO","0,0806000","67,11","5,40","","","","","","","","","","","CAIXA REFERENCIAL"]
["ASSENTAMENTO DE TUBOS E PECAS","ASTU","FORNEC E/OU ASSENT DE TUBO DE FERRO FUNDIDO JUNTA",45,"","","97171","ASSENTAMENTO DE TUBO DE FERRO FUNDIDO PARA REDE DE ÁGUA, DN 1000 MM, JUNTA ELÁSTICA, INSTALADO EM LOCAL COM NÍVEL BAIXO DE INTERFERÊNCIAS (NÃO INCLUI FORNECIMENTO). AF_11/2017","M","ATRIBUÍDO SÃO PAULO","32,91","INSUMO","20078","PASTA LUBRIFICANTE PARA TUBOS E CONEXOES COM JUNTA ELASTICA (USO EM PVC, ACO, POLIETILENO E OUTROS) ( DE *400* G)","UN","COEFICIENTE DE REPRESENTATIVIDADE","0,0403000","16,40","0,66","","","","","","","","","","","CAIXA REFERENCIAL"]
["ASSENTAMENTO DE TUBOS E PECAS","ASTU","FORNEC E/OU ASSENT DE TUBO DE FERRO FUNDIDO JUNTA",45,"","","97171","ASSENTAMENTO DE TUBO DE FERRO FUNDIDO PARA REDE DE ÁGUA, DN 1000 MM, JUNTA ELÁSTICA, INSTALADO EM LOCAL COM NÍVEL BAIXO DE INTERFERÊNCIAS (NÃO INCLUI FORNECIMENTO). AF_11/2017","M","ATRIBUÍDO SÃO PAULO","32,91","COMPOSICAO","88246","ASSENTADOR DE TUBOS COM ENCARGOS COMPLEMENTARES","H","COEFICIENTE DE REPRESENTATIVIDADE","0,4455000","30,49","13,58","","","","","","","","","","","CAIXA REFERENCIAL"]
["ASSENTAMENTO DE TUBOS E PECAS","ASTU","FORNEC E/OU ASSENT DE TUBO DE FERRO FUNDIDO JUNTA",45,"","","97171","ASSENTAMENTO DE TUBO DE FERRO FUNDIDO PARA REDE DE ÁGUA, DN 1000 MM, JUNTA ELÁSTICA, INSTALADO EM LOCAL COM NÍVEL BAIXO DE INTERFERÊNCIAS (NÃO INCLUI FORNECIMENTO). AF_11/2017","M","ATRIBUÍDO SÃO PAULO","32,91","COMPOSICAO","88316","SERVENTE COM ENCARGOS COMPLEMENTARES","H","COEFICIENTE DE REPRESENTATIVIDADE","0,4455000","15,69","6,98","","","","","","","","","","","CAIXA REFERENCIAL"]
["ASSENTAMENTO DE TUBOS E PECAS","ASTU","FORNEC E/OU ASSENT DE TUBO DE FERRO FUNDIDO JUNTA",45,"","","97172","ASSENTAMENTO DE TUBO DE FERRO FUNDIDO PARA REDE DE ÁGUA, DN 1200 MM, JUNTA ELÁSTICA, INSTALADO EM LOCAL COM NÍVEL BAIXO DE INTERFERÊNCIAS (NÃO INCLUI FORNECIMENTO). AF_11/2017","M","ATRIBUÍDO SÃO PAULO","39,18","","","","","","","","","24,68","62,9505666","8,87","22,6570545","5,63","14,3923789","0,00","0,0000000","0,00","0,0000000","CAIXA REFERENCIAL"]
["ASSENTAMENTO DE TUBOS E PECAS","ASTU","FORNEC E/OU ASSENT DE TUBO DE FERRO FUNDIDO JUNTA",45,"","","97172","ASSENTAMENTO DE TUBO DE FERRO FUNDIDO PARA REDE DE ÁGUA, DN 1200 MM, JUNTA ELÁSTICA, INSTALADO EM LOCAL COM NÍVEL BAIXO DE INTERFERÊNCIAS (NÃO INCLUI FORNECIMENTO). AF_11/2017","M","ATRIBUÍDO SÃO PAULO","39,18","COMPOSICAO","5631","ESCAVADEIRA HIDRÁULICA SOBRE ESTEIRAS, CAÇAMBA 0,80 M3, PESO OPERACIONAL 17 T, POTENCIA BRUTA 111 HP - CHP DIURNO. AF_06/2014","CHP","ATRIBUÍDO SÃO PAULO","0,0491000","149,54","7,34","","","","","","","","","","","CAIXA REFERENCIAL"]
["ASSENTAMENTO DE TUBOS E PECAS","ASTU","FORNEC E/OU ASSENT DE TUBO DE FERRO FUNDIDO JUNTA",45,"","","97172","ASSENTAMENTO DE TUBO DE FERRO FUNDIDO PARA REDE DE ÁGUA, DN 1200 MM, JUNTA ELÁSTICA, INSTALADO EM LOCAL COM NÍVEL BAIXO DE INTERFERÊNCIAS (NÃO INCLUI FORNECIMENTO). AF_11/2017","M","ATRIBUÍDO SÃO PAULO","39,18","COMPOSICAO","5632","ESCAVADEIRA HIDRÁULICA SOBRE ESTEIRAS, CAÇAMBA 0,80 M3, PESO OPERACIONAL 17 T, POTENCIA BRUTA 111 HP - CHI DIURNO. AF_06/2014","CHI","ATRIBUÍDO SÃO PAULO","0,0940000","67,11","6,30","","","","","","","","","","","CAIXA REFERENCIAL"]
["ASSENTAMENTO DE TUBOS E PECAS","ASTU","FORNEC E/OU ASSENT DE TUBO DE FERRO FUNDIDO JUNTA",45,"","","97172","ASSENTAMENTO DE TUBO DE FERRO FUNDIDO PARA REDE DE ÁGUA, DN 1200 MM, JUNTA ELÁSTICA, INSTALADO EM LOCAL COM NÍVEL BAIXO DE INTERFERÊNCIAS (NÃO INCLUI FORNECIMENTO). AF_11/2017","M","ATRIBUÍDO SÃO PAULO","39,18","INSUMO","20078","PASTA LUBRIFICANTE PARA TUBOS E CONEXOES COM JUNTA ELASTICA (USO EM PVC, ACO, POLIETILENO E OUTROS) ( DE *400* G)","UN","COEFICIENTE DE REPRESENTATIVIDADE","0,0646000","16,40","1,05","","","","","","","","","","","CAIXA REFERENCIAL"]
["ASSENTAMENTO DE TUBOS E PECAS","ASTU","FORNEC E/OU ASSENT DE TUBO DE FERRO FUNDIDO JUNTA",45,"","","97172","ASSENTAMENTO DE TUBO DE FERRO FUNDIDO PARA REDE DE ÁGUA, DN 1200 MM, JUNTA ELÁSTICA, INSTALADO EM LOCAL COM NÍVEL BAIXO DE INTERFERÊNCIAS (NÃO INCLUI FORNECIMENTO). AF_11/2017","M","ATRIBUÍDO SÃO PAULO","39,18","COMPOSICAO","88246","ASSENTADOR DE TUBOS COM ENCARGOS COMPLEMENTARES","H","COEFICIENTE DE REPRESENTATIVIDADE","0,5304000","30,49","16,17","","","","","","","","","","","CAIXA REFERENCIAL"]
["ASSENTAMENTO DE TUBOS E PECAS","ASTU","FORNEC E/OU ASSENT DE TUBO DE FERRO FUNDIDO JUNTA",45,"","","97172","ASSENTAMENTO DE TUBO DE FERRO FUNDIDO PARA REDE DE ÁGUA, DN 1200 MM, JUNTA ELÁSTICA, INSTALADO EM LOCAL COM NÍVEL BAIXO DE INTERFERÊNCIAS (NÃO INCLUI FORNECIMENTO). AF_11/2017","M","ATRIBUÍDO SÃO PAULO","39,18","COMPOSICAO","88316","SERVENTE COM ENCARGOS COMPLEMENTARES","H","COEFICIENTE DE REPRESENTATIVIDADE","0,5304000","15,69","8,32","","","","","","","","","","","CAIXA REFERENCIAL"]
["ASSENTAMENTO DE TUBOS E PECAS","ASTU","FORNEC E/OU ASSENT DE TUBO DE ACO COM JUNTA SOLDAD",46,"","","97173","ASSENTAMENTO DE TUBO DE AÇO CARBONO PARA REDE DE ÁGUA, DN 600 MM (24\u0092\u0092), JUNTA SOLDADA, INSTALADO EM LOCAL COM NÍVEL ALTO DE INTERFERÊNCIAS (NÃO INCLUI FORNECIMENTO). AF_11/2017","M","ATRIBUÍDO SÃO PAULO","29,12","","","","","","","","","15,44","52,9720281","9,48","32,5874125","4,20","14,4405594","0,00","0,0000000","0,00","0,0000000","CAIXA REFERENCIAL"]
["ASSENTAMENTO DE TUBOS E PECAS","ASTU","FORNEC E/OU ASSENT DE TUBO DE ACO COM JUNTA SOLDAD",46,"","","97173","ASSENTAMENTO DE TUBO DE AÇO CARBONO PARA REDE DE ÁGUA, DN 600 MM (24\u0092\u0092), JUNTA SOLDADA, INSTALADO EM LOCAL COM NÍVEL ALTO DE INTERFERÊNCIAS (NÃO INCLUI FORNECIMENTO). AF_11/2017","M","ATRIBUÍDO SÃO PAULO","29,12","COMPOSICAO","5631","ESCAVADEIRA HIDRÁULICA SOBRE ESTEIRAS, CAÇAMBA 0,80 M3, PESO OPERACIONAL 17 T, POTENCIA BRUTA 111 HP - CHP DIURNO. AF_06/2014","CHP","ATRIBUÍDO SÃO PAULO","0,0211000","149,54","3,15","","","","","","","","","","","CAIXA REFERENCIAL"]
["ASSENTAMENTO DE TUBOS E PECAS","ASTU","FORNEC E/OU ASSENT DE TUBO DE ACO COM JUNTA SOLDAD",46,"","","97173","ASSENTAMENTO DE TUBO DE AÇO CARBONO PARA REDE DE ÁGUA, DN 600 MM (24\u0092\u0092), JUNTA SOLDADA, INSTALADO EM LOCAL COM NÍVEL ALTO DE INTERFERÊNCIAS (NÃO INCLUI FORNECIMENTO). AF_11/2017","M","ATRIBUÍDO SÃO PAULO","29,12","COMPOSICAO","5632","ESCAVADEIRA HIDRÁULICA SOBRE ESTEIRAS, CAÇAMBA 0,80 M3, PESO OPERACIONAL 17 T, POTENCIA BRUTA 111 HP - CHI DIURNO. AF_06/2014","CHI","ATRIBUÍDO SÃO PAULO","0,1011000","67,11","6,78","","","","","","","","","","","CAIXA REFERENCIAL"]
["ASSENTAMENTO DE TUBOS E PECAS","ASTU","FORNEC E/OU ASSENT DE TUBO DE ACO COM JUNTA SOLDAD",46,"","","97173","ASSENTAMENTO DE TUBO DE AÇO CARBONO PARA REDE DE ÁGUA, DN 600 MM (24\u0092\u0092), JUNTA SOLDADA, INSTALADO EM LOCAL COM NÍVEL ALTO DE INTERFERÊNCIAS (NÃO INCLUI FORNECIMENTO). AF_11/2017","M","ATRIBUÍDO SÃO PAULO","29,12","INSUMO","10997","ELETRODO REVESTIDO AWS - E7018, DIAMETRO IGUAL A 4,00 MM","KG","COLETADO","0,1875000","26,63","4,99","","","","","","","","","","","CAIXA REFERENCIAL"]
["ASSENTAMENTO DE TUBOS E PECAS","ASTU","FORNEC E/OU ASSENT DE TUBO DE ACO COM JUNTA SOLDAD",46,"","","97173","ASSENTAMENTO DE TUBO DE AÇO CARBONO PARA REDE DE ÁGUA, DN 600 MM (24\u0092\u0092), JUNTA SOLDADA, INSTALADO EM LOCAL COM NÍVEL ALTO DE INTERFERÊNCIAS (NÃO INCLUI FORNECIMENTO). AF_11/2017","M","ATRIBUÍDO SÃO PAULO","29,12","COMPOSICAO","88246","ASSENTADOR DE TUBOS COM ENCARGOS COMPLEMENTARES","H","COEFICIENTE DE REPRESENTATIVIDADE","0,1083000","30,49","3,30","","","","","","","","","","","CAIXA REFERENCIAL"]
["ASSENTAMENTO DE TUBOS E PECAS","ASTU","FORNEC E/OU ASSENT DE TUBO DE ACO COM JUNTA SOLDAD",46,"","","97173","ASSENTAMENTO DE TUBO DE AÇO CARBONO PARA REDE DE ÁGUA, DN 600 MM (24\u0092\u0092), JUNTA SOLDADA, INSTALADO EM LOCAL COM NÍVEL ALTO DE INTERFERÊNCIAS (NÃO INCLUI FORNECIMENTO). AF_11/2017","M","ATRIBUÍDO SÃO PAULO","29,12","COMPOSICAO","88316","SERVENTE COM ENCARGOS COMPLEMENTARES","H","COEFICIENTE DE REPRESENTATIVIDADE","0,1083000","15,69","1,69","","","","","","","","","","","CAIXA REFERENCIAL"]
["ASSENTAMENTO DE TUBOS E PECAS","ASTU","FORNEC E/OU ASSENT DE TUBO DE ACO COM JUNTA SOLDAD",46,"","","97173","ASSENTAMENTO DE TUBO DE AÇO CARBONO PARA REDE DE ÁGUA, DN 600 MM (24\u0092\u0092), JUNTA SOLDADA, INSTALADO EM LOCAL COM NÍVEL ALTO DE INTERFERÊNCIAS (NÃO INCLUI FORNECIMENTO). AF_11/2017","M","ATRIBUÍDO SÃO PAULO","29,12","COMPOSICAO","88317","SOLDADOR COM ENCARGOS COMPLEMENTARES","H","COEFICIENTE DE REPRESENTATIVIDADE","0,4792000","19,24","9,21","","","","","","","","","","","CAIXA REFERENCIAL"]
["ASSENTAMENTO DE TUBOS E PECAS","ASTU","FORNEC E/OU ASSENT DE TUBO DE ACO COM JUNTA SOLDAD",46,"","","97174","ASSENTAMENTO DE TUBO DE AÇO CARBONO PARA REDE DE ÁGUA, DN 700 MM (28\u0092\u0092), JUNTA SOLDADA, INSTALADO EM LOCAL COM NÍVEL ALTO DE INTERFERÊNCIAS (NÃO INCLUI FORNECIMENTO). AF_11/2017","M","ATRIBUÍDO SÃO PAULO","33,63","","","","","","","","","17,65","52,4412297","11,09","33,0018083","4,89","14,5569620","0,00","0,0000000","0,00","0,0000000","CAIXA REFERENCIAL"]
["ASSENTAMENTO DE TUBOS E PECAS","ASTU","FORNEC E/OU ASSENT DE TUBO DE ACO COM JUNTA SOLDAD",46,"","","97174","ASSENTAMENTO DE TUBO DE AÇO CARBONO PARA REDE DE ÁGUA, DN 700 MM (28\u0092\u0092), JUNTA SOLDADA, INSTALADO EM LOCAL COM NÍVEL ALTO DE INTERFERÊNCIAS (NÃO INCLUI FORNECIMENTO). AF_11/2017","M","ATRIBUÍDO SÃO PAULO","33,63","COMPOSICAO","5631","ESCAVADEIRA HIDRÁULICA SOBRE ESTEIRAS, CAÇAMBA 0,80 M3, PESO OPERACIONAL 17 T, POTENCIA BRUTA 111 HP - CHP DIURNO. AF_06/2014","CHP","ATRIBUÍDO SÃO PAULO","0,0246000","149,54","3,67","","","","","","","","","","","CAIXA REFERENCIAL"]
["ASSENTAMENTO DE TUBOS E PECAS","ASTU","FORNEC E/OU ASSENT DE TUBO DE ACO COM JUNTA SOLDAD",46,"","","97174","ASSENTAMENTO DE TUBO DE AÇO CARBONO PARA REDE DE ÁGUA, DN 700 MM (28\u0092\u0092), JUNTA SOLDADA, INSTALADO EM LOCAL COM NÍVEL ALTO DE INTERFERÊNCIAS (NÃO INCLUI FORNECIMENTO). AF_11/2017","M","ATRIBUÍDO SÃO PAULO","33,63","COMPOSICAO","5632","ESCAVADEIRA HIDRÁULICA SOBRE ESTEIRAS, CAÇAMBA 0,80 M3, PESO OPERACIONAL 17 T, POTENCIA BRUTA 111 HP - CHI DIURNO. AF_06/2014","CHI","ATRIBUÍDO SÃO PAULO","0,1179000","67,11","7,91","","","","","","","","","","","CAIXA REFERENCIAL"]
["ASSENTAMENTO DE TUBOS E PECAS","ASTU","FORNEC E/OU ASSENT DE TUBO DE ACO COM JUNTA SOLDAD",46,"","","97174","ASSENTAMENTO DE TUBO DE AÇO CARBONO PARA REDE DE ÁGUA, DN 700 MM (28\u0092\u0092), JUNTA SOLDADA, INSTALADO EM LOCAL COM NÍVEL ALTO DE INTERFERÊNCIAS (NÃO INCLUI FORNECIMENTO). AF_11/2017","M","ATRIBUÍDO SÃO PAULO","33,63","INSUMO","10997","ELETRODO REVESTIDO AWS - E7018, DIAMETRO IGUAL A 4,00 MM","KG","COLETADO","0,2187000","26,63","5,82","","","","","","","","","","","CAIXA REFERENCIAL"]
["ASSENTAMENTO DE TUBOS E PECAS","ASTU","FORNEC E/OU ASSENT DE TUBO DE ACO COM JUNTA SOLDAD",46,"","","97174","ASSENTAMENTO DE TUBO DE AÇO CARBONO PARA REDE DE ÁGUA, DN 700 MM (28\u0092\u0092), JUNTA SOLDADA, INSTALADO EM LOCAL COM NÍVEL ALTO DE INTERFERÊNCIAS (NÃO INCLUI FORNECIMENTO). AF_11/2017","M","ATRIBUÍDO SÃO PAULO","33,63","COMPOSICAO","88246","ASSENTADOR DE TUBOS COM ENCARGOS COMPLEMENTARES","H","COEFICIENTE DE REPRESENTATIVIDADE","0,1189000","30,49","3,62","","","","","","","","","","","CAIXA REFERENCIAL"]
["ASSENTAMENTO DE TUBOS E PECAS","ASTU","FORNEC E/OU ASSENT DE TUBO DE ACO COM JUNTA SOLDAD",46,"","","97174","ASSENTAMENTO DE TUBO DE AÇO CARBONO PARA REDE DE ÁGUA, DN 700 MM (28\u0092\u0092), JUNTA SOLDADA, INSTALADO EM LOCAL COM NÍVEL ALTO DE INTERFERÊNCIAS (NÃO INCLUI FORNECIMENTO). AF_11/2017","M","ATRIBUÍDO SÃO PAULO","33,63","COMPOSICAO","88316","SERVENTE COM ENCARGOS COMPLEMENTARES","H","COEFICIENTE DE REPRESENTATIVIDADE","0,1189000","15,69","1,86","","","","","","","","","","","CAIXA REFERENCIAL"]
["ASSENTAMENTO DE TUBOS E PECAS","ASTU","FORNEC E/OU ASSENT DE TUBO DE ACO COM JUNTA SOLDAD",46,"","","97174","ASSENTAMENTO DE TUBO DE AÇO CARBONO PARA REDE DE ÁGUA, DN 700 MM (28\u0092\u0092), JUNTA SOLDADA, INSTALADO EM LOCAL COM NÍVEL ALTO DE INTERFERÊNCIAS (NÃO INCLUI FORNECIMENTO). AF_11/2017","M","ATRIBUÍDO SÃO PAULO","33,63","COMPOSICAO","88317","SOLDADOR COM ENCARGOS COMPLEMENTARES","H","COEFICIENTE DE REPRESENTATIVIDADE","0,5590000","19,24","10,75","","","","","","","","","","","CAIXA REFERENCIAL"]
["ASSENTAMENTO DE TUBOS E PECAS","ASTU","FORNEC E/OU ASSENT DE TUBO DE ACO COM JUNTA SOLDAD",46,"","","97175","ASSENTAMENTO DE TUBO DE AÇO CARBONO PARA REDE DE ÁGUA, DN 800 MM (32\u0092\u0092), JUNTA SOLDADA, INSTALADO EM LOCAL COM NÍVEL ALTO DE INTERFERÊNCIAS (NÃO INCLUI FORNECIMENTO). AF_11/2017","M","ATRIBUÍDO SÃO PAULO","38,14","","","","","","","","","19,92","52,2062734","12,64","33,1472620","5,58","14,6464646","0,00","0,0000000","0,00","0,0000000","CAIXA REFERENCIAL"]
["ASSENTAMENTO DE TUBOS E PECAS","ASTU","FORNEC E/OU ASSENT DE TUBO DE ACO COM JUNTA SOLDAD",46,"","","97175","ASSENTAMENTO DE TUBO DE AÇO CARBONO PARA REDE DE ÁGUA, DN 800 MM (32\u0092\u0092), JUNTA SOLDADA, INSTALADO EM LOCAL COM NÍVEL ALTO DE INTERFERÊNCIAS (NÃO INCLUI FORNECIMENTO). AF_11/2017","M","ATRIBUÍDO SÃO PAULO","38,14","COMPOSICAO","5631","ESCAVADEIRA HIDRÁULICA SOBRE ESTEIRAS, CAÇAMBA 0,80 M3, PESO OPERACIONAL 17 T, POTENCIA BRUTA 111 HP - CHP DIURNO. AF_06/2014","CHP","ATRIBUÍDO SÃO PAULO","0,0281000","149,54","4,20","","","","","","","","","","","CAIXA REFERENCIAL"]
["ASSENTAMENTO DE TUBOS E PECAS","ASTU","FORNEC E/OU ASSENT DE TUBO DE ACO COM JUNTA SOLDAD",46,"","","97175","ASSENTAMENTO DE TUBO DE AÇO CARBONO PARA REDE DE ÁGUA, DN 800 MM (32\u0092\u0092), JUNTA SOLDADA, INSTALADO EM LOCAL COM NÍVEL ALTO DE INTERFERÊNCIAS (NÃO INCLUI FORNECIMENTO). AF_11/2017","M","ATRIBUÍDO SÃO PAULO","38,14","COMPOSICAO","5632","ESCAVADEIRA HIDRÁULICA SOBRE ESTEIRAS, CAÇAMBA 0,80 M3, PESO OPERACIONAL 17 T, POTENCIA BRUTA 111 HP - CHI DIURNO. AF_06/2014","CHI","ATRIBUÍDO SÃO PAULO","0,1347000","67,11","9,03","","","","","","","","","","","CAIXA REFERENCIAL"]
["ASSENTAMENTO DE TUBOS E PECAS","ASTU","FORNEC E/OU ASSENT DE TUBO DE ACO COM JUNTA SOLDAD",46,"","","97175","ASSENTAMENTO DE TUBO DE AÇO CARBONO PARA REDE DE ÁGUA, DN 800 MM (32\u0092\u0092), JUNTA SOLDADA, INSTALADO EM LOCAL COM NÍVEL ALTO DE INTERFERÊNCIAS (NÃO INCLUI FORNECIMENTO). AF_11/2017","M","ATRIBUÍDO SÃO PAULO","38,14","INSUMO","10997","ELETRODO REVESTIDO AWS - E7018, DIAMETRO IGUAL A 4,00 MM","KG","COLETADO","0,2499000","26,63","6,65","","","","","","","","","","","CAIXA REFERENCIAL"]
["ASSENTAMENTO DE TUBOS E PECAS","ASTU","FORNEC E/OU ASSENT DE TUBO DE ACO COM JUNTA SOLDAD",46,"","","97175","ASSENTAMENTO DE TUBO DE AÇO CARBONO PARA REDE DE ÁGUA, DN 800 MM (32\u0092\u0092), JUNTA SOLDADA, INSTALADO EM LOCAL COM NÍVEL ALTO DE INTERFERÊNCIAS (NÃO INCLUI FORNECIMENTO). AF_11/2017","M","ATRIBUÍDO SÃO PAULO","38,14","COMPOSICAO","88246","ASSENTADOR DE TUBOS COM ENCARGOS COMPLEMENTARES","H","COEFICIENTE DE REPRESENTATIVIDADE","0,1295000","30,49","3,94","","","","","","","","","","","CAIXA REFERENCIAL"]
["ASSENTAMENTO DE TUBOS E PECAS","ASTU","FORNEC E/OU ASSENT DE TUBO DE ACO COM JUNTA SOLDAD",46,"","","97175","ASSENTAMENTO DE TUBO DE AÇO CARBONO PARA REDE DE ÁGUA, DN 800 MM (32\u0092\u0092), JUNTA SOLDADA, INSTALADO EM LOCAL COM NÍVEL ALTO DE INTERFERÊNCIAS (NÃO INCLUI FORNECIMENTO). AF_11/2017","M","ATRIBUÍDO SÃO PAULO","38,14","COMPOSICAO","88316","SERVENTE COM ENCARGOS COMPLEMENTARES","H","COEFICIENTE DE REPRESENTATIVIDADE","0,1295000","15,69","2,03","","","","","","","","","","","CAIXA REFERENCIAL"]
["ASSENTAMENTO DE TUBOS E PECAS","ASTU","FORNEC E/OU ASSENT DE TUBO DE ACO COM JUNTA SOLDAD",46,"","","97175","ASSENTAMENTO DE TUBO DE AÇO CARBONO PARA REDE DE ÁGUA, DN 800 MM (32\u0092\u0092), JUNTA SOLDADA, INSTALADO EM LOCAL COM NÍVEL ALTO DE INTERFERÊNCIAS (NÃO INCLUI FORNECIMENTO). AF_11/2017","M","ATRIBUÍDO SÃO PAULO","38,14","COMPOSICAO","88317","SOLDADOR COM ENCARGOS COMPLEMENTARES","H","COEFICIENTE DE REPRESENTATIVIDADE","0,6389000","19,24","12,29","","","","","","","","","","","CAIXA REFERENCIAL"]
["ASSENTAMENTO DE TUBOS E PECAS","ASTU","FORNEC E/OU ASSENT DE TUBO DE ACO COM JUNTA SOLDAD",46,"","","97176","ASSENTAMENTO DE TUBO DE AÇO CARBONO PARA REDE DE ÁGUA, DN 900 MM (36\u0092\u0092), JUNTA SOLDADA, INSTALADO EM LOCAL COM NÍVEL ALTO DE INTERFERÊNCIAS (NÃO INCLUI FORNECIMENTO). AF_11/2017","M","ATRIBUÍDO SÃO PAULO","42,64","","","","","","","","","22,16","51,9458947","14,20","33,3175130","6,28","14,7365923","0,00","0,0000000","0,00","0,0000000","CAIXA REFERENCIAL"]
["ASSENTAMENTO DE TUBOS E PECAS","ASTU","FORNEC E/OU ASSENT DE TUBO DE ACO COM JUNTA SOLDAD",46,"","","97176","ASSENTAMENTO DE TUBO DE AÇO CARBONO PARA REDE DE ÁGUA, DN 900 MM (36\u0092\u0092), JUNTA SOLDADA, INSTALADO EM LOCAL COM NÍVEL ALTO DE INTERFERÊNCIAS (NÃO INCLUI FORNECIMENTO). AF_11/2017","M","ATRIBUÍDO SÃO PAULO","42,64","COMPOSICAO","5631","ESCAVADEIRA HIDRÁULICA SOBRE ESTEIRAS, CAÇAMBA 0,80 M3, PESO OPERACIONAL 17 T, POTENCIA BRUTA 111 HP - CHP DIURNO. AF_06/2014","CHP","ATRIBUÍDO SÃO PAULO","0,0316000","149,54","4,72","","","","","","","","","","","CAIXA REFERENCIAL"]
["ASSENTAMENTO DE TUBOS E PECAS","ASTU","FORNEC E/OU ASSENT DE TUBO DE ACO COM JUNTA SOLDAD",46,"","","97176","ASSENTAMENTO DE TUBO DE AÇO CARBONO PARA REDE DE ÁGUA, DN 900 MM (36\u0092\u0092), JUNTA SOLDADA, INSTALADO EM LOCAL COM NÍVEL ALTO DE INTERFERÊNCIAS (NÃO INCLUI FORNECIMENTO). AF_11/2017","M","ATRIBUÍDO SÃO PAULO","42,64","COMPOSICAO","5632","ESCAVADEIRA HIDRÁULICA SOBRE ESTEIRAS, CAÇAMBA 0,80 M3, PESO OPERACIONAL 17 T, POTENCIA BRUTA 111 HP - CHI DIURNO. AF_06/2014","CHI","ATRIBUÍDO SÃO PAULO","0,1514000","67,11","10,16","","","","","","","","","","","CAIXA REFERENCIAL"]
["ASSENTAMENTO DE TUBOS E PECAS","ASTU","FORNEC E/OU ASSENT DE TUBO DE ACO COM JUNTA SOLDAD",46,"","","97176","ASSENTAMENTO DE TUBO DE AÇO CARBONO PARA REDE DE ÁGUA, DN 900 MM (36\u0092\u0092), JUNTA SOLDADA, INSTALADO EM LOCAL COM NÍVEL ALTO DE INTERFERÊNCIAS (NÃO INCLUI FORNECIMENTO). AF_11/2017","M","ATRIBUÍDO SÃO PAULO","42,64","INSUMO","10997","ELETRODO REVESTIDO AWS - E7018, DIAMETRO IGUAL A 4,00 MM","KG","COLETADO","0,2812000","26,63","7,48","","","","","","","","","","","CAIXA REFERENCIAL"]
["ASSENTAMENTO DE TUBOS E PECAS","ASTU","FORNEC E/OU ASSENT DE TUBO DE ACO COM JUNTA SOLDAD",46,"","","97176","ASSENTAMENTO DE TUBO DE AÇO CARBONO PARA REDE DE ÁGUA, DN 900 MM (36\u0092\u0092), JUNTA SOLDADA, INSTALADO EM LOCAL COM NÍVEL ALTO DE INTERFERÊNCIAS (NÃO INCLUI FORNECIMENTO). AF_11/2017","M","ATRIBUÍDO SÃO PAULO","42,64","COMPOSICAO","88246","ASSENTADOR DE TUBOS COM ENCARGOS COMPLEMENTARES","H","COEFICIENTE DE REPRESENTATIVIDADE","0,1401000","30,49","4,27","","","","","","","","","","","CAIXA REFERENCIAL"]
["ASSENTAMENTO DE TUBOS E PECAS","ASTU","FORNEC E/OU ASSENT DE TUBO DE ACO COM JUNTA SOLDAD",46,"","","97176","ASSENTAMENTO DE TUBO DE AÇO CARBONO PARA REDE DE ÁGUA, DN 900 MM (36\u0092\u0092), JUNTA SOLDADA, INSTALADO EM LOCAL COM NÍVEL ALTO DE INTERFERÊNCIAS (NÃO INCLUI FORNECIMENTO). AF_11/2017","M","ATRIBUÍDO SÃO PAULO","42,64","COMPOSICAO","88316","SERVENTE COM ENCARGOS COMPLEMENTARES","H","COEFICIENTE DE REPRESENTATIVIDADE","0,1401000","15,69","2,19","","","","","","","","","","","CAIXA REFERENCIAL"]
["ASSENTAMENTO DE TUBOS E PECAS","ASTU","FORNEC E/OU ASSENT DE TUBO DE ACO COM JUNTA SOLDAD",46,"","","97176","ASSENTAMENTO DE TUBO DE AÇO CARBONO PARA REDE DE ÁGUA, DN 900 MM (36\u0092\u0092), JUNTA SOLDADA, INSTALADO EM LOCAL COM NÍVEL ALTO DE INTERFERÊNCIAS (NÃO INCLUI FORNECIMENTO). AF_11/2017","M","ATRIBUÍDO SÃO PAULO","42,64","COMPOSICAO","88317","SOLDADOR COM ENCARGOS COMPLEMENTARES","H","COEFICIENTE DE REPRESENTATIVIDADE","0,7188000","19,24","13,82","","","","","","","","","","","CAIXA REFERENCIAL"]
["ASSENTAMENTO DE TUBOS E PECAS","ASTU","FORNEC E/OU ASSENT DE TUBO DE ACO COM JUNTA SOLDAD",46,"","","97177","ASSENTAMENTO DE TUBO DE AÇO CARBONO PARA REDE DE ÁGUA, DN 1000 MM (40\u0092\u0092) OU DN 1100 MM (44\u0092\u0092), JUNTA SOLDADA, INSTALADO EM LOCAL COM NÍVEL ALTO DE INTERFERÊNCIAS (NÃO INCLUI FORNECIMENTO). AF_11/2017","M","ATRIBUÍDO SÃO PAULO","51,67","","","","","","","","","26,70","51,6532969","17,29","33,4768147","7,68","14,8698884","0,00","0,0000000","0,00","0,0000000","CAIXA REFERENCIAL"]
["ASSENTAMENTO DE TUBOS E PECAS","ASTU","FORNEC E/OU ASSENT DE TUBO DE ACO COM JUNTA SOLDAD",46,"","","97177","ASSENTAMENTO DE TUBO DE AÇO CARBONO PARA REDE DE ÁGUA, DN 1000 MM (40\u0092\u0092) OU DN 1100 MM (44\u0092\u0092), JUNTA SOLDADA, INSTALADO EM LOCAL COM NÍVEL ALTO DE INTERFERÊNCIAS (NÃO INCLUI FORNECIMENTO). AF_11/2017","M","ATRIBUÍDO SÃO PAULO","51,67","COMPOSICAO","5631","ESCAVADEIRA HIDRÁULICA SOBRE ESTEIRAS, CAÇAMBA 0,80 M3, PESO OPERACIONAL 17 T, POTENCIA BRUTA 111 HP - CHP DIURNO. AF_06/2014","CHP","ATRIBUÍDO SÃO PAULO","0,0386000","149,54","5,77","","","","","","","","","","","CAIXA REFERENCIAL"]
["ASSENTAMENTO DE TUBOS E PECAS","ASTU","FORNEC E/OU ASSENT DE TUBO DE ACO COM JUNTA SOLDAD",46,"","","97177","ASSENTAMENTO DE TUBO DE AÇO CARBONO PARA REDE DE ÁGUA, DN 1000 MM (40\u0092\u0092) OU DN 1100 MM (44\u0092\u0092), JUNTA SOLDADA, INSTALADO EM LOCAL COM NÍVEL ALTO DE INTERFERÊNCIAS (NÃO INCLUI FORNECIMENTO). AF_11/2017","M","ATRIBUÍDO SÃO PAULO","51,67","COMPOSICAO","5632","ESCAVADEIRA HIDRÁULICA SOBRE ESTEIRAS, CAÇAMBA 0,80 M3, PESO OPERACIONAL 17 T, POTENCIA BRUTA 111 HP - CHI DIURNO. AF_06/2014","CHI","ATRIBUÍDO SÃO PAULO","0,1850000","67,11","12,41","","","","","","","","","","","CAIXA REFERENCIAL"]
["ASSENTAMENTO DE TUBOS E PECAS","ASTU","FORNEC E/OU ASSENT DE TUBO DE ACO COM JUNTA SOLDAD",46,"","","97177","ASSENTAMENTO DE TUBO DE AÇO CARBONO PARA REDE DE ÁGUA, DN 1000 MM (40\u0092\u0092) OU DN 1100 MM (44\u0092\u0092), JUNTA SOLDADA, INSTALADO EM LOCAL COM NÍVEL ALTO DE INTERFERÊNCIAS (NÃO INCLUI FORNECIMENTO). AF_11/2017","M","ATRIBUÍDO SÃO PAULO","51,67","INSUMO","10997","ELETRODO REVESTIDO AWS - E7018, DIAMETRO IGUAL A 4,00 MM","KG","COLETADO","0,3437000","26,63","9,15","","","","","","","","","","","CAIXA REFERENCIAL"]
["ASSENTAMENTO DE TUBOS E PECAS","ASTU","FORNEC E/OU ASSENT DE TUBO DE ACO COM JUNTA SOLDAD",46,"","","97177","ASSENTAMENTO DE TUBO DE AÇO CARBONO PARA REDE DE ÁGUA, DN 1000 MM (40\u0092\u0092) OU DN 1100 MM (44\u0092\u0092), JUNTA SOLDADA, INSTALADO EM LOCAL COM NÍVEL ALTO DE INTERFERÊNCIAS (NÃO INCLUI FORNECIMENTO). AF_11/2017","M","ATRIBUÍDO SÃO PAULO","51,67","COMPOSICAO","88246","ASSENTADOR DE TUBOS COM ENCARGOS COMPLEMENTARES","H","COEFICIENTE DE REPRESENTATIVIDADE","0,1613000","30,49","4,91","","","","","","","","","","","CAIXA REFERENCIAL"]
["ASSENTAMENTO DE TUBOS E PECAS","ASTU","FORNEC E/OU ASSENT DE TUBO DE ACO COM JUNTA SOLDAD",46,"","","97177","ASSENTAMENTO DE TUBO DE AÇO CARBONO PARA REDE DE ÁGUA, DN 1000 MM (40\u0092\u0092) OU DN 1100 MM (44\u0092\u0092), JUNTA SOLDADA, INSTALADO EM LOCAL COM NÍVEL ALTO DE INTERFERÊNCIAS (NÃO INCLUI FORNECIMENTO). AF_11/2017","M","ATRIBUÍDO SÃO PAULO","51,67","COMPOSICAO","88316","SERVENTE COM ENCARGOS COMPLEMENTARES","H","COEFICIENTE DE REPRESENTATIVIDADE","0,1613000","15,69","2,53","","","","","","","","","","","CAIXA REFERENCIAL"]
["ASSENTAMENTO DE TUBOS E PECAS","ASTU","FORNEC E/OU ASSENT DE TUBO DE ACO COM JUNTA SOLDAD",46,"","","97177","ASSENTAMENTO DE TUBO DE AÇO CARBONO PARA REDE DE ÁGUA, DN 1000 MM (40\u0092\u0092) OU DN 1100 MM (44\u0092\u0092), JUNTA SOLDADA, INSTALADO EM LOCAL COM NÍVEL ALTO DE INTERFERÊNCIAS (NÃO INCLUI FORNECIMENTO). AF_11/2017","M","ATRIBUÍDO SÃO PAULO","51,67","COMPOSICAO","88317","SOLDADOR COM ENCARGOS COMPLEMENTARES","H","COEFICIENTE DE REPRESENTATIVIDADE","0,8785000","19,24","16,90","","","","","","","","","","","CAIXA REFERENCIAL"]
["ASSENTAMENTO DE TUBOS E PECAS","ASTU","FORNEC E/OU ASSENT DE TUBO DE ACO COM JUNTA SOLDAD",46,"","","97178","ASSENTAMENTO DE TUBO DE AÇO CARBONO PARA REDE DE ÁGUA, DN 1200 MM (48\u0092\u0092) OU DN 1300 MM (52\u0092\u0092), JUNTA SOLDADA, INSTALADO EM LOCAL COM NÍVEL ALTO DE INTERFERÊNCIAS (NÃO INCLUI FORNECIMENTO). AF_11/2017","M","ATRIBUÍDO SÃO PAULO","60,68","","","","","","","","","31,17","51,3535959","20,45","33,7153296","9,06","14,9310745","0,00","0,0000000","0,00","0,0000000","CAIXA REFERENCIAL"]
["ASSENTAMENTO DE TUBOS E PECAS","ASTU","FORNEC E/OU ASSENT DE TUBO DE ACO COM JUNTA SOLDAD",46,"","","97178","ASSENTAMENTO DE TUBO DE AÇO CARBONO PARA REDE DE ÁGUA, DN 1200 MM (48\u0092\u0092) OU DN 1300 MM (52\u0092\u0092), JUNTA SOLDADA, INSTALADO EM LOCAL COM NÍVEL ALTO DE INTERFERÊNCIAS (NÃO INCLUI FORNECIMENTO). AF_11/2017","M","ATRIBUÍDO SÃO PAULO","60,68","COMPOSICAO","5631","ESCAVADEIRA HIDRÁULICA SOBRE ESTEIRAS, CAÇAMBA 0,80 M3, PESO OPERACIONAL 17 T, POTENCIA BRUTA 111 HP - CHP DIURNO. AF_06/2014","CHP","ATRIBUÍDO SÃO PAULO","0,0456000","149,54","6,81","","","","","","","","","","","CAIXA REFERENCIAL"]
["ASSENTAMENTO DE TUBOS E PECAS","ASTU","FORNEC E/OU ASSENT DE TUBO DE ACO COM JUNTA SOLDAD",46,"","","97178","ASSENTAMENTO DE TUBO DE AÇO CARBONO PARA REDE DE ÁGUA, DN 1200 MM (48\u0092\u0092) OU DN 1300 MM (52\u0092\u0092), JUNTA SOLDADA, INSTALADO EM LOCAL COM NÍVEL ALTO DE INTERFERÊNCIAS (NÃO INCLUI FORNECIMENTO). AF_11/2017","M","ATRIBUÍDO SÃO PAULO","60,68","COMPOSICAO","5632","ESCAVADEIRA HIDRÁULICA SOBRE ESTEIRAS, CAÇAMBA 0,80 M3, PESO OPERACIONAL 17 T, POTENCIA BRUTA 111 HP - CHI DIURNO. AF_06/2014","CHI","ATRIBUÍDO SÃO PAULO","0,2186000","67,11","14,67","","","","","","","","","","","CAIXA REFERENCIAL"]
["ASSENTAMENTO DE TUBOS E PECAS","ASTU","FORNEC E/OU ASSENT DE TUBO DE ACO COM JUNTA SOLDAD",46,"","","97178","ASSENTAMENTO DE TUBO DE AÇO CARBONO PARA REDE DE ÁGUA, DN 1200 MM (48\u0092\u0092) OU DN 1300 MM (52\u0092\u0092), JUNTA SOLDADA, INSTALADO EM LOCAL COM NÍVEL ALTO DE INTERFERÊNCIAS (NÃO INCLUI FORNECIMENTO). AF_11/2017","M","ATRIBUÍDO SÃO PAULO","60,68","INSUMO","10997","ELETRODO REVESTIDO AWS - E7018, DIAMETRO IGUAL A 4,00 MM","KG","COLETADO","0,4062000","26,63","10,81","","","","","","","","","","","CAIXA REFERENCIAL"]
["ASSENTAMENTO DE TUBOS E PECAS","ASTU","FORNEC E/OU ASSENT DE TUBO DE ACO COM JUNTA SOLDAD",46,"","","97178","ASSENTAMENTO DE TUBO DE AÇO CARBONO PARA REDE DE ÁGUA, DN 1200 MM (48\u0092\u0092) OU DN 1300 MM (52\u0092\u0092), JUNTA SOLDADA, INSTALADO EM LOCAL COM NÍVEL ALTO DE INTERFERÊNCIAS (NÃO INCLUI FORNECIMENTO). AF_11/2017","M","ATRIBUÍDO SÃO PAULO","60,68","COMPOSICAO","88246","ASSENTADOR DE TUBOS COM ENCARGOS COMPLEMENTARES","H","COEFICIENTE DE REPRESENTATIVIDADE","0,1825000","30,49","5,56","","","","","","","","","","","CAIXA REFERENCIAL"]
["ASSENTAMENTO DE TUBOS E PECAS","ASTU","FORNEC E/OU ASSENT DE TUBO DE ACO COM JUNTA SOLDAD",46,"","","97178","ASSENTAMENTO DE TUBO DE AÇO CARBONO PARA REDE DE ÁGUA, DN 1200 MM (48\u0092\u0092) OU DN 1300 MM (52\u0092\u0092), JUNTA SOLDADA, INSTALADO EM LOCAL COM NÍVEL ALTO DE INTERFERÊNCIAS (NÃO INCLUI FORNECIMENTO). AF_11/2017","M","ATRIBUÍDO SÃO PAULO","60,68","COMPOSICAO","88316","SERVENTE COM ENCARGOS COMPLEMENTARES","H","COEFICIENTE DE REPRESENTATIVIDADE","0,1825000","15,69","2,86","","","","","","","","","","","CAIXA REFERENCIAL"]
["ASSENTAMENTO DE TUBOS E PECAS","ASTU","FORNEC E/OU ASSENT DE TUBO DE ACO COM JUNTA SOLDAD",46,"","","97178","ASSENTAMENTO DE TUBO DE AÇO CARBONO PARA REDE DE ÁGUA, DN 1200 MM (48\u0092\u0092) OU DN 1300 MM (52\u0092\u0092), JUNTA SOLDADA, INSTALADO EM LOCAL COM NÍVEL ALTO DE INTERFERÊNCIAS (NÃO INCLUI FORNECIMENTO). AF_11/2017","M","ATRIBUÍDO SÃO PAULO","60,68","COMPOSICAO","88317","SOLDADOR COM ENCARGOS COMPLEMENTARES","H","COEFICIENTE DE REPRESENTATIVIDADE","1,0382000","19,24","19,97","","","","","","","","","","","CAIXA REFERENCIAL"]
["ASSENTAMENTO DE TUBOS E PECAS","ASTU","FORNEC E/OU ASSENT DE TUBO DE ACO COM JUNTA SOLDAD",46,"","","97179","ASSENTAMENTO DE TUBO DE AÇO CARBONO PARA REDE DE ÁGUA, DN 1400 MM (56'') OU DN 1500 MM (60\u0092\u0092), JUNTA SOLDADA, INSTALADO EM LOCAL COM NÍVEL ALTO DE INTERFERÊNCIAS (NÃO INCLUI FORNECIMENTO). AF_11/2017","M","ATRIBUÍDO SÃO PAULO","69,69","","","","","","","","","35,71","51,2145750","23,52","33,7622903","10,46","15,0231347","0,00","0,0000000","0,00","0,0000000","CAIXA REFERENCIAL"]
["ASSENTAMENTO DE TUBOS E PECAS","ASTU","FORNEC E/OU ASSENT DE TUBO DE ACO COM JUNTA SOLDAD",46,"","","97179","ASSENTAMENTO DE TUBO DE AÇO CARBONO PARA REDE DE ÁGUA, DN 1400 MM (56'') OU DN 1500 MM (60\u0092\u0092), JUNTA SOLDADA, INSTALADO EM LOCAL COM NÍVEL ALTO DE INTERFERÊNCIAS (NÃO INCLUI FORNECIMENTO). AF_11/2017","M","ATRIBUÍDO SÃO PAULO","69,69","COMPOSICAO","5631","ESCAVADEIRA HIDRÁULICA SOBRE ESTEIRAS, CAÇAMBA 0,80 M3, PESO OPERACIONAL 17 T, POTENCIA BRUTA 111 HP - CHP DIURNO. AF_06/2014","CHP","ATRIBUÍDO SÃO PAULO","0,0526000","149,54","7,86","","","","","","","","","","","CAIXA REFERENCIAL"]
["ASSENTAMENTO DE TUBOS E PECAS","ASTU","FORNEC E/OU ASSENT DE TUBO DE ACO COM JUNTA SOLDAD",46,"","","97179","ASSENTAMENTO DE TUBO DE AÇO CARBONO PARA REDE DE ÁGUA, DN 1400 MM (56'') OU DN 1500 MM (60\u0092\u0092), JUNTA SOLDADA, INSTALADO EM LOCAL COM NÍVEL ALTO DE INTERFERÊNCIAS (NÃO INCLUI FORNECIMENTO). AF_11/2017","M","ATRIBUÍDO SÃO PAULO","69,69","COMPOSICAO","5632","ESCAVADEIRA HIDRÁULICA SOBRE ESTEIRAS, CAÇAMBA 0,80 M3, PESO OPERACIONAL 17 T, POTENCIA BRUTA 111 HP - CHI DIURNO. AF_06/2014","CHI","ATRIBUÍDO SÃO PAULO","0,2522000","67,11","16,92","","","","","","","","","","","CAIXA REFERENCIAL"]
["ASSENTAMENTO DE TUBOS E PECAS","ASTU","FORNEC E/OU ASSENT DE TUBO DE ACO COM JUNTA SOLDAD",46,"","","97179","ASSENTAMENTO DE TUBO DE AÇO CARBONO PARA REDE DE ÁGUA, DN 1400 MM (56'') OU DN 1500 MM (60\u0092\u0092), JUNTA SOLDADA, INSTALADO EM LOCAL COM NÍVEL ALTO DE INTERFERÊNCIAS (NÃO INCLUI FORNECIMENTO). AF_11/2017","M","ATRIBUÍDO SÃO PAULO","69,69","INSUMO","10997","ELETRODO REVESTIDO AWS - E7018, DIAMETRO IGUAL A 4,00 MM","KG","COLETADO","0,4687000","26,63","12,48","","","","","","","","","","","CAIXA REFERENCIAL"]
["ASSENTAMENTO DE TUBOS E PECAS","ASTU","FORNEC E/OU ASSENT DE TUBO DE ACO COM JUNTA SOLDAD",46,"","","97179","ASSENTAMENTO DE TUBO DE AÇO CARBONO PARA REDE DE ÁGUA, DN 1400 MM (56'') OU DN 1500 MM (60\u0092\u0092), JUNTA SOLDADA, INSTALADO EM LOCAL COM NÍVEL ALTO DE INTERFERÊNCIAS (NÃO INCLUI FORNECIMENTO). AF_11/2017","M","ATRIBUÍDO SÃO PAULO","69,69","COMPOSICAO","88246","ASSENTADOR DE TUBOS COM ENCARGOS COMPLEMENTARES","H","COEFICIENTE DE REPRESENTATIVIDADE","0,2036000","30,49","6,20","","","","","","","","","","","CAIXA REFERENCIAL"]
["ASSENTAMENTO DE TUBOS E PECAS","ASTU","FORNEC E/OU ASSENT DE TUBO DE ACO COM JUNTA SOLDAD",46,"","","97179","ASSENTAMENTO DE TUBO DE AÇO CARBONO PARA REDE DE ÁGUA, DN 1400 MM (56'') OU DN 1500 MM (60\u0092\u0092), JUNTA SOLDADA, INSTALADO EM LOCAL COM NÍVEL ALTO DE INTERFERÊNCIAS (NÃO INCLUI FORNECIMENTO). AF_11/2017","M","ATRIBUÍDO SÃO PAULO","69,69","COMPOSICAO","88316","SERVENTE COM ENCARGOS COMPLEMENTARES","H","COEFICIENTE DE REPRESENTATIVIDADE","0,2036000","15,69","3,19","","","","","","","","","","","CAIXA REFERENCIAL"]
["ASSENTAMENTO DE TUBOS E PECAS","ASTU","FORNEC E/OU ASSENT DE TUBO DE ACO COM JUNTA SOLDAD",46,"","","97179","ASSENTAMENTO DE TUBO DE AÇO CARBONO PARA REDE DE ÁGUA, DN 1400 MM (56'') OU DN 1500 MM (60\u0092\u0092), JUNTA SOLDADA, INSTALADO EM LOCAL COM NÍVEL ALTO DE INTERFERÊNCIAS (NÃO INCLUI FORNECIMENTO). AF_11/2017","M","ATRIBUÍDO SÃO PAULO","69,69","COMPOSICAO","88317","SOLDADOR COM ENCARGOS COMPLEMENTARES","H","COEFICIENTE DE REPRESENTATIVIDADE","1,1980000","19,24","23,04","","","","","","","","","","","CAIXA REFERENCIAL"]
["ASSENTAMENTO DE TUBOS E PECAS","ASTU","FORNEC E/OU ASSENT DE TUBO DE ACO COM JUNTA SOLDAD",46,"","","97180","ASSENTAMENTO DE TUBO DE AÇO CARBONO PARA REDE DE ÁGUA, DN 1600 MM (64\u0092\u0092) OU DN 1700 MM (68\u0092\u0092), JUNTA SOLDADA, INSTALADO EM LOCAL COM NÍVEL ALTO DE INTERFERÊNCIAS (NÃO INCLUI FORNECIMENTO). AF_11/2017","M","ATRIBUÍDO SÃO PAULO","78,72","","","","","","","","","40,21","51,0613812","26,67","33,8874680","11,84","15,0511508","0,00","0,0000000","0,00","0,0000000","CAIXA REFERENCIAL"]
["ASSENTAMENTO DE TUBOS E PECAS","ASTU","FORNEC E/OU ASSENT DE TUBO DE ACO COM JUNTA SOLDAD",46,"","","97180","ASSENTAMENTO DE TUBO DE AÇO CARBONO PARA REDE DE ÁGUA, DN 1600 MM (64\u0092\u0092) OU DN 1700 MM (68\u0092\u0092), JUNTA SOLDADA, INSTALADO EM LOCAL COM NÍVEL ALTO DE INTERFERÊNCIAS (NÃO INCLUI FORNECIMENTO). AF_11/2017","M","ATRIBUÍDO SÃO PAULO","78,72","COMPOSICAO","5631","ESCAVADEIRA HIDRÁULICA SOBRE ESTEIRAS, CAÇAMBA 0,80 M3, PESO OPERACIONAL 17 T, POTENCIA BRUTA 111 HP - CHP DIURNO. AF_06/2014","CHP","ATRIBUÍDO SÃO PAULO","0,0596000","149,54","8,91","","","","","","","","","","","CAIXA REFERENCIAL"]
["ASSENTAMENTO DE TUBOS E PECAS","ASTU","FORNEC E/OU ASSENT DE TUBO DE ACO COM JUNTA SOLDAD",46,"","","97180","ASSENTAMENTO DE TUBO DE AÇO CARBONO PARA REDE DE ÁGUA, DN 1600 MM (64\u0092\u0092) OU DN 1700 MM (68\u0092\u0092), JUNTA SOLDADA, INSTALADO EM LOCAL COM NÍVEL ALTO DE INTERFERÊNCIAS (NÃO INCLUI FORNECIMENTO). AF_11/2017","M","ATRIBUÍDO SÃO PAULO","78,72","COMPOSICAO","5632","ESCAVADEIRA HIDRÁULICA SOBRE ESTEIRAS, CAÇAMBA 0,80 M3, PESO OPERACIONAL 17 T, POTENCIA BRUTA 111 HP - CHI DIURNO. AF_06/2014","CHI","ATRIBUÍDO SÃO PAULO","0,2858000","67,11","19,18","","","","","","","","","","","CAIXA REFERENCIAL"]
["ASSENTAMENTO DE TUBOS E PECAS","ASTU","FORNEC E/OU ASSENT DE TUBO DE ACO COM JUNTA SOLDAD",46,"","","97180","ASSENTAMENTO DE TUBO DE AÇO CARBONO PARA REDE DE ÁGUA, DN 1600 MM (64\u0092\u0092) OU DN 1700 MM (68\u0092\u0092), JUNTA SOLDADA, INSTALADO EM LOCAL COM NÍVEL ALTO DE INTERFERÊNCIAS (NÃO INCLUI FORNECIMENTO). AF_11/2017","M","ATRIBUÍDO SÃO PAULO","78,72","INSUMO","10997","ELETRODO REVESTIDO AWS - E7018, DIAMETRO IGUAL A 4,00 MM","KG","COLETADO","0,5311000","26,63","14,14","","","","","","","","","","","CAIXA REFERENCIAL"]
["ASSENTAMENTO DE TUBOS E PECAS","ASTU","FORNEC E/OU ASSENT DE TUBO DE ACO COM JUNTA SOLDAD",46,"","","97180","ASSENTAMENTO DE TUBO DE AÇO CARBONO PARA REDE DE ÁGUA, DN 1600 MM (64\u0092\u0092) OU DN 1700 MM (68\u0092\u0092), JUNTA SOLDADA, INSTALADO EM LOCAL COM NÍVEL ALTO DE INTERFERÊNCIAS (NÃO INCLUI FORNECIMENTO). AF_11/2017","M","ATRIBUÍDO SÃO PAULO","78,72","COMPOSICAO","88246","ASSENTADOR DE TUBOS COM ENCARGOS COMPLEMENTARES","H","COEFICIENTE DE REPRESENTATIVIDADE","0,2248000","30,49","6,85","","","","","","","","","","","CAIXA REFERENCIAL"]
["ASSENTAMENTO DE TUBOS E PECAS","ASTU","FORNEC E/OU ASSENT DE TUBO DE ACO COM JUNTA SOLDAD",46,"","","97180","ASSENTAMENTO DE TUBO DE AÇO CARBONO PARA REDE DE ÁGUA, DN 1600 MM (64\u0092\u0092) OU DN 1700 MM (68\u0092\u0092), JUNTA SOLDADA, INSTALADO EM LOCAL COM NÍVEL ALTO DE INTERFERÊNCIAS (NÃO INCLUI FORNECIMENTO). AF_11/2017","M","ATRIBUÍDO SÃO PAULO","78,72","COMPOSICAO","88316","SERVENTE COM ENCARGOS COMPLEMENTARES","H","COEFICIENTE DE REPRESENTATIVIDADE","0,2248000","15,69","3,52","","","","","","","","","","","CAIXA REFERENCIAL"]
["ASSENTAMENTO DE TUBOS E PECAS","ASTU","FORNEC E/OU ASSENT DE TUBO DE ACO COM JUNTA SOLDAD",46,"","","97180","ASSENTAMENTO DE TUBO DE AÇO CARBONO PARA REDE DE ÁGUA, DN 1600 MM (64\u0092\u0092) OU DN 1700 MM (68\u0092\u0092), JUNTA SOLDADA, INSTALADO EM LOCAL COM NÍVEL ALTO DE INTERFERÊNCIAS (NÃO INCLUI FORNECIMENTO). AF_11/2017","M","ATRIBUÍDO SÃO PAULO","78,72","COMPOSICAO","88317","SOLDADOR COM ENCARGOS COMPLEMENTARES","H","COEFICIENTE DE REPRESENTATIVIDADE","1,3577000","19,24","26,12","","","","","","","","","","","CAIXA REFERENCIAL"]
["ASSENTAMENTO DE TUBOS E PECAS","ASTU","FORNEC E/OU ASSENT DE TUBO DE ACO COM JUNTA SOLDAD",46,"","","97181","ASSENTAMENTO DE TUBO DE AÇO CARBONO PARA REDE DE ÁGUA, DN 1800 MM (72\u0092\u0092) OU DN 1900 MM (76\u0092\u0092), JUNTA SOLDADA, INSTALADO EM LOCAL COM NÍVEL ALTO DE INTERFERÊNCIAS (NÃO INCLUI FORNECIMENTO). AF_11/2017","M","ATRIBUÍDO SÃO PAULO","90,60","","","","","","","","","44,69","49,3173494","31,20","34,4433344","14,71","16,2393162","0,00","0,0000000","0,00","0,0000000","CAIXA REFERENCIAL"]
["ASSENTAMENTO DE TUBOS E PECAS","ASTU","FORNEC E/OU ASSENT DE TUBO DE ACO COM JUNTA SOLDAD",46,"","","97181","ASSENTAMENTO DE TUBO DE AÇO CARBONO PARA REDE DE ÁGUA, DN 1800 MM (72\u0092\u0092) OU DN 1900 MM (76\u0092\u0092), JUNTA SOLDADA, INSTALADO EM LOCAL COM NÍVEL ALTO DE INTERFERÊNCIAS (NÃO INCLUI FORNECIMENTO). AF_11/2017","M","ATRIBUÍDO SÃO PAULO","90,60","INSUMO","10997","ELETRODO REVESTIDO AWS - E7018, DIAMETRO IGUAL A 4,00 MM","KG","COLETADO","0,5936000","26,63","15,80","","","","","","","","","","","CAIXA REFERENCIAL"]
["ASSENTAMENTO DE TUBOS E PECAS","ASTU","FORNEC E/OU ASSENT DE TUBO DE ACO COM JUNTA SOLDAD",46,"","","97181","ASSENTAMENTO DE TUBO DE AÇO CARBONO PARA REDE DE ÁGUA, DN 1800 MM (72\u0092\u0092) OU DN 1900 MM (76\u0092\u0092), JUNTA SOLDADA, INSTALADO EM LOCAL COM NÍVEL ALTO DE INTERFERÊNCIAS (NÃO INCLUI FORNECIMENTO). AF_11/2017","M","ATRIBUÍDO SÃO PAULO","90,60","COMPOSICAO","88246","ASSENTADOR DE TUBOS COM ENCARGOS COMPLEMENTARES","H","COEFICIENTE DE REPRESENTATIVIDADE","0,2460000","30,49","7,50","","","","","","","","","","","CAIXA REFERENCIAL"]
["ASSENTAMENTO DE TUBOS E PECAS","ASTU","FORNEC E/OU ASSENT DE TUBO DE ACO COM JUNTA SOLDAD",46,"","","97181","ASSENTAMENTO DE TUBO DE AÇO CARBONO PARA REDE DE ÁGUA, DN 1800 MM (72\u0092\u0092) OU DN 1900 MM (76\u0092\u0092), JUNTA SOLDADA, INSTALADO EM LOCAL COM NÍVEL ALTO DE INTERFERÊNCIAS (NÃO INCLUI FORNECIMENTO). AF_11/2017","M","ATRIBUÍDO SÃO PAULO","90,60","COMPOSICAO","88316","SERVENTE COM ENCARGOS COMPLEMENTARES","H","COEFICIENTE DE REPRESENTATIVIDADE","0,2460000","15,69","3,85","","","","","","","","","","","CAIXA REFERENCIAL"]
["ASSENTAMENTO DE TUBOS E PECAS","ASTU","FORNEC E/OU ASSENT DE TUBO DE ACO COM JUNTA SOLDAD",46,"","","97181","ASSENTAMENTO DE TUBO DE AÇO CARBONO PARA REDE DE ÁGUA, DN 1800 MM (72\u0092\u0092) OU DN 1900 MM (76\u0092\u0092), JUNTA SOLDADA, INSTALADO EM LOCAL COM NÍVEL ALTO DE INTERFERÊNCIAS (NÃO INCLUI FORNECIMENTO). AF_11/2017","M","ATRIBUÍDO SÃO PAULO","90,60","COMPOSICAO","88317","SOLDADOR COM ENCARGOS COMPLEMENTARES","H","COEFICIENTE DE REPRESENTATIVIDADE","1,5174000","19,24","29,19","","","","","","","","","","","CAIXA REFERENCIAL"]
["ASSENTAMENTO DE TUBOS E PECAS","ASTU","FORNEC E/OU ASSENT DE TUBO DE ACO COM JUNTA SOLDAD",46,"","","97181","ASSENTAMENTO DE TUBO DE AÇO CARBONO PARA REDE DE ÁGUA, DN 1800 MM (72\u0092\u0092) OU DN 1900 MM (76\u0092\u0092), JUNTA SOLDADA, INSTALADO EM LOCAL COM NÍVEL ALTO DE INTERFERÊNCIAS (NÃO INCLUI FORNECIMENTO). AF_11/2017","M","ATRIBUÍDO SÃO PAULO","90,60","COMPOSICAO","88907","ESCAVADEIRA HIDRÁULICA SOBRE ESTEIRAS, CAÇAMBA 1,20 M3, PESO OPERACIONAL 21 T, POTÊNCIA BRUTA 155 HP - CHP DIURNO. AF_06/2014","CHP","ATRIBUÍDO SÃO PAULO","0,0666000","177,28","11,80","","","","","","","","","","","CAIXA REFERENCIAL"]
["ASSENTAMENTO DE TUBOS E PECAS","ASTU","FORNEC E/OU ASSENT DE TUBO DE ACO COM JUNTA SOLDAD",46,"","","97181","ASSENTAMENTO DE TUBO DE AÇO CARBONO PARA REDE DE ÁGUA, DN 1800 MM (72\u0092\u0092) OU DN 1900 MM (76\u0092\u0092), JUNTA SOLDADA, INSTALADO EM LOCAL COM NÍVEL ALTO DE INTERFERÊNCIAS (NÃO INCLUI FORNECIMENTO). AF_11/2017","M","ATRIBUÍDO SÃO PAULO","90,60","COMPOSICAO","88908","ESCAVADEIRA HIDRÁULICA SOBRE ESTEIRAS, CAÇAMBA 1,20 M3, PESO OPERACIONAL 21 T, POTÊNCIA BRUTA 155 HP - CHI DIURNO. AF_06/2014","CHI","ATRIBUÍDO SÃO PAULO","0,3193000","70,37","22,46","","","","","","","","","","","CAIXA REFERENCIAL"]
["ASSENTAMENTO DE TUBOS E PECAS","ASTU","FORNEC E/OU ASSENT DE TUBO DE ACO COM JUNTA SOLDAD",46,"","","97182","ASSENTAMENTO DE TUBO DE AÇO CARBONO PARA REDE DE ÁGUA, DN 2000 MM (80\u0092\u0092) OU DN 2100 MM (84\u0092\u0092), JUNTA SOLDADA, INSTALADO EM LOCAL COM NÍVEL ALTO DE INTERFERÊNCIAS (NÃO INCLUI FORNECIMENTO). AF_11/2017","M","ATRIBUÍDO SÃO PAULO","99,93","","","","","","","","","49,22","49,2403663","34,44","34,4702686","16,27","16,2893651","0,00","0,0000000","0,00","0,0000000","CAIXA REFERENCIAL"]
["ASSENTAMENTO DE TUBOS E PECAS","ASTU","FORNEC E/OU ASSENT DE TUBO DE ACO COM JUNTA SOLDAD",46,"","","97182","ASSENTAMENTO DE TUBO DE AÇO CARBONO PARA REDE DE ÁGUA, DN 2000 MM (80\u0092\u0092) OU DN 2100 MM (84\u0092\u0092), JUNTA SOLDADA, INSTALADO EM LOCAL COM NÍVEL ALTO DE INTERFERÊNCIAS (NÃO INCLUI FORNECIMENTO). AF_11/2017","M","ATRIBUÍDO SÃO PAULO","99,93","INSUMO","10997","ELETRODO REVESTIDO AWS - E7018, DIAMETRO IGUAL A 4,00 MM","KG","COLETADO","0,6561000","26,63","17,47","","","","","","","","","","","CAIXA REFERENCIAL"]
["ASSENTAMENTO DE TUBOS E PECAS","ASTU","FORNEC E/OU ASSENT DE TUBO DE ACO COM JUNTA SOLDAD",46,"","","97182","ASSENTAMENTO DE TUBO DE AÇO CARBONO PARA REDE DE ÁGUA, DN 2000 MM (80\u0092\u0092) OU DN 2100 MM (84\u0092\u0092), JUNTA SOLDADA, INSTALADO EM LOCAL COM NÍVEL ALTO DE INTERFERÊNCIAS (NÃO INCLUI FORNECIMENTO). AF_11/2017","M","ATRIBUÍDO SÃO PAULO","99,93","COMPOSICAO","88246","ASSENTADOR DE TUBOS COM ENCARGOS COMPLEMENTARES","H","COEFICIENTE DE REPRESENTATIVIDADE","0,2672000","30,49","8,14","","","","","","","","","","","CAIXA REFERENCIAL"]
["ASSENTAMENTO DE TUBOS E PECAS","ASTU","FORNEC E/OU ASSENT DE TUBO DE ACO COM JUNTA SOLDAD",46,"","","97182","ASSENTAMENTO DE TUBO DE AÇO CARBONO PARA REDE DE ÁGUA, DN 2000 MM (80\u0092\u0092) OU DN 2100 MM (84\u0092\u0092), JUNTA SOLDADA, INSTALADO EM LOCAL COM NÍVEL ALTO DE INTERFERÊNCIAS (NÃO INCLUI FORNECIMENTO). AF_11/2017","M","ATRIBUÍDO SÃO PAULO","99,93","COMPOSICAO","88316","SERVENTE COM ENCARGOS COMPLEMENTARES","H","COEFICIENTE DE REPRESENTATIVIDADE","0,2672000","15,69","4,19","","","","","","","","","","","CAIXA REFERENCIAL"]
["ASSENTAMENTO DE TUBOS E PECAS","ASTU","FORNEC E/OU ASSENT DE TUBO DE ACO COM JUNTA SOLDAD",46,"","","97182","ASSENTAMENTO DE TUBO DE AÇO CARBONO PARA REDE DE ÁGUA, DN 2000 MM (80\u0092\u0092) OU DN 2100 MM (84\u0092\u0092), JUNTA SOLDADA, INSTALADO EM LOCAL COM NÍVEL ALTO DE INTERFERÊNCIAS (NÃO INCLUI FORNECIMENTO). AF_11/2017","M","ATRIBUÍDO SÃO PAULO","99,93","COMPOSICAO","88317","SOLDADOR COM ENCARGOS COMPLEMENTARES","H","COEFICIENTE DE REPRESENTATIVIDADE","1,6771000","19,24","32,26","","","","","","","","","","","CAIXA REFERENCIAL"]
["ASSENTAMENTO DE TUBOS E PECAS","ASTU","FORNEC E/OU ASSENT DE TUBO DE ACO COM JUNTA SOLDAD",46,"","","97182","ASSENTAMENTO DE TUBO DE AÇO CARBONO PARA REDE DE ÁGUA, DN 2000 MM (80\u0092\u0092) OU DN 2100 MM (84\u0092\u0092), JUNTA SOLDADA, INSTALADO EM LOCAL COM NÍVEL ALTO DE INTERFERÊNCIAS (NÃO INCLUI FORNECIMENTO). AF_11/2017","M","ATRIBUÍDO SÃO PAULO","99,93","COMPOSICAO","88907","ESCAVADEIRA HIDRÁULICA SOBRE ESTEIRAS, CAÇAMBA 1,20 M3, PESO OPERACIONAL 21 T, POTÊNCIA BRUTA 155 HP - CHP DIURNO. AF_06/2014","CHP","ATRIBUÍDO SÃO PAULO","0,0736000","177,28","13,04","","","","","","","","","","","CAIXA REFERENCIAL"]
["ASSENTAMENTO DE TUBOS E PECAS","ASTU","FORNEC E/OU ASSENT DE TUBO DE ACO COM JUNTA SOLDAD",46,"","","97182","ASSENTAMENTO DE TUBO DE AÇO CARBONO PARA REDE DE ÁGUA, DN 2000 MM (80\u0092\u0092) OU DN 2100 MM (84\u0092\u0092), JUNTA SOLDADA, INSTALADO EM LOCAL COM NÍVEL ALTO DE INTERFERÊNCIAS (NÃO INCLUI FORNECIMENTO). AF_11/2017","M","ATRIBUÍDO SÃO PAULO","99,93","COMPOSICAO","88908","ESCAVADEIRA HIDRÁULICA SOBRE ESTEIRAS, CAÇAMBA 1,20 M3, PESO OPERACIONAL 21 T, POTÊNCIA BRUTA 155 HP - CHI DIURNO. AF_06/2014","CHI","ATRIBUÍDO SÃO PAULO","0,3529000","70,37","24,83","","","","","","","","","","","CAIXA REFERENCIAL"]
["ASSENTAMENTO DE TUBOS E PECAS","ASTU","FORNEC E/OU ASSENT DE TUBO DE ACO COM JUNTA SOLDAD",46,"","","97183","ASSENTAMENTO DE TUBO DE AÇO CARBONO PARA REDE DE ÁGUA, DN 600 MM (24\u0092\u0092), JUNTA SOLDADA, INSTALADO EM LOCAL COM NÍVEL BAIXO DE INTERFERÊNCIAS (NÃO INCLUI FORNECIMENTO). AF_11/2017","M","ATRIBUÍDO SÃO PAULO","23,07","","","","","","","","","11,74","50,8632139","8,91","38,6454183","2,42","10,4913678","0,00","0,0000000","0,00","0,0000000","CAIXA REFERENCIAL"]
["ASSENTAMENTO DE TUBOS E PECAS","ASTU","FORNEC E/OU ASSENT DE TUBO DE ACO COM JUNTA SOLDAD",46,"","","97183","ASSENTAMENTO DE TUBO DE AÇO CARBONO PARA REDE DE ÁGUA, DN 600 MM (24\u0092\u0092), JUNTA SOLDADA, INSTALADO EM LOCAL COM NÍVEL BAIXO DE INTERFERÊNCIAS (NÃO INCLUI FORNECIMENTO). AF_11/2017","M","ATRIBUÍDO SÃO PAULO","23,07","COMPOSICAO","5631","ESCAVADEIRA HIDRÁULICA SOBRE ESTEIRAS, CAÇAMBA 0,80 M3, PESO OPERACIONAL 17 T, POTENCIA BRUTA 111 HP - CHP DIURNO. AF_06/2014","CHP","ATRIBUÍDO SÃO PAULO","0,0211000","149,54","3,15","","","","","","","","","","","CAIXA REFERENCIAL"]
["ASSENTAMENTO DE TUBOS E PECAS","ASTU","FORNEC E/OU ASSENT DE TUBO DE ACO COM JUNTA SOLDAD",46,"","","97183","ASSENTAMENTO DE TUBO DE AÇO CARBONO PARA REDE DE ÁGUA, DN 600 MM (24\u0092\u0092), JUNTA SOLDADA, INSTALADO EM LOCAL COM NÍVEL BAIXO DE INTERFERÊNCIAS (NÃO INCLUI FORNECIMENTO). AF_11/2017","M","ATRIBUÍDO SÃO PAULO","23,07","COMPOSICAO","5632","ESCAVADEIRA HIDRÁULICA SOBRE ESTEIRAS, CAÇAMBA 0,80 M3, PESO OPERACIONAL 17 T, POTENCIA BRUTA 111 HP - CHI DIURNO. AF_06/2014","CHI","ATRIBUÍDO SÃO PAULO","0,0403000","67,11","2,70","","","","","","","","","","","CAIXA REFERENCIAL"]
["ASSENTAMENTO DE TUBOS E PECAS","ASTU","FORNEC E/OU ASSENT DE TUBO DE ACO COM JUNTA SOLDAD",46,"","","97183","ASSENTAMENTO DE TUBO DE AÇO CARBONO PARA REDE DE ÁGUA, DN 600 MM (24\u0092\u0092), JUNTA SOLDADA, INSTALADO EM LOCAL COM NÍVEL BAIXO DE INTERFERÊNCIAS (NÃO INCLUI FORNECIMENTO). AF_11/2017","M","ATRIBUÍDO SÃO PAULO","23,07","INSUMO","10997","ELETRODO REVESTIDO AWS - E7018, DIAMETRO IGUAL A 4,00 MM","KG","COLETADO","0,1875000","26,63","4,99","","","","","","","","","","","CAIXA REFERENCIAL"]
["ASSENTAMENTO DE TUBOS E PECAS","ASTU","FORNEC E/OU ASSENT DE TUBO DE ACO COM JUNTA SOLDAD",46,"","","97183","ASSENTAMENTO DE TUBO DE AÇO CARBONO PARA REDE DE ÁGUA, DN 600 MM (24\u0092\u0092), JUNTA SOLDADA, INSTALADO EM LOCAL COM NÍVEL BAIXO DE INTERFERÊNCIAS (NÃO INCLUI FORNECIMENTO). AF_11/2017","M","ATRIBUÍDO SÃO PAULO","23,07","COMPOSICAO","88246","ASSENTADOR DE TUBOS COM ENCARGOS COMPLEMENTARES","H","COEFICIENTE DE REPRESENTATIVIDADE","0,0656000","30,49","2,00","","","","","","","","","","","CAIXA REFERENCIAL"]
["ASSENTAMENTO DE TUBOS E PECAS","ASTU","FORNEC E/OU ASSENT DE TUBO DE ACO COM JUNTA SOLDAD",46,"","","97183","ASSENTAMENTO DE TUBO DE AÇO CARBONO PARA REDE DE ÁGUA, DN 600 MM (24\u0092\u0092), JUNTA SOLDADA, INSTALADO EM LOCAL COM NÍVEL BAIXO DE INTERFERÊNCIAS (NÃO INCLUI FORNECIMENTO). AF_11/2017","M","ATRIBUÍDO SÃO PAULO","23,07","COMPOSICAO","88316","SERVENTE COM ENCARGOS COMPLEMENTARES","H","COEFICIENTE DE REPRESENTATIVIDADE","0,0656000","15,69","1,02","","","","","","","","","","","CAIXA REFERENCIAL"]
["ASSENTAMENTO DE TUBOS E PECAS","ASTU","FORNEC E/OU ASSENT DE TUBO DE ACO COM JUNTA SOLDAD",46,"","","97183","ASSENTAMENTO DE TUBO DE AÇO CARBONO PARA REDE DE ÁGUA, DN 600 MM (24\u0092\u0092), JUNTA SOLDADA, INSTALADO EM LOCAL COM NÍVEL BAIXO DE INTERFERÊNCIAS (NÃO INCLUI FORNECIMENTO). AF_11/2017","M","ATRIBUÍDO SÃO PAULO","23,07","COMPOSICAO","88317","SOLDADOR COM ENCARGOS COMPLEMENTARES","H","COEFICIENTE DE REPRESENTATIVIDADE","0,4792000","19,24","9,21","","","","","","","","","","","CAIXA REFERENCIAL"]
["ASSENTAMENTO DE TUBOS E PECAS","ASTU","FORNEC E/OU ASSENT DE TUBO DE ACO COM JUNTA SOLDAD",46,"","","97184","ASSENTAMENTO DE TUBO DE AÇO CARBONO PARA REDE DE ÁGUA, DN 700 MM (28\u0092\u0092), JUNTA SOLDADA, INSTALADO EM LOCAL COM NÍVEL BAIXO DE INTERFERÊNCIAS (NÃO INCLUI FORNECIMENTO). AF_11/2017","M","ATRIBUÍDO SÃO PAULO","26,70","","","","","","","","","13,46","50,3802282","10,42","39,0494296","2,82","10,5703422","0,00","0,0000000","0,00","0,0000000","CAIXA REFERENCIAL"]
["ASSENTAMENTO DE TUBOS E PECAS","ASTU","FORNEC E/OU ASSENT DE TUBO DE ACO COM JUNTA SOLDAD",46,"","","97184","ASSENTAMENTO DE TUBO DE AÇO CARBONO PARA REDE DE ÁGUA, DN 700 MM (28\u0092\u0092), JUNTA SOLDADA, INSTALADO EM LOCAL COM NÍVEL BAIXO DE INTERFERÊNCIAS (NÃO INCLUI FORNECIMENTO). AF_11/2017","M","ATRIBUÍDO SÃO PAULO","26,70","COMPOSICAO","5631","ESCAVADEIRA HIDRÁULICA SOBRE ESTEIRAS, CAÇAMBA 0,80 M3, PESO OPERACIONAL 17 T, POTENCIA BRUTA 111 HP - CHP DIURNO. AF_06/2014","CHP","ATRIBUÍDO SÃO PAULO","0,0246000","149,54","3,67","","","","","","","","","","","CAIXA REFERENCIAL"]
["ASSENTAMENTO DE TUBOS E PECAS","ASTU","FORNEC E/OU ASSENT DE TUBO DE ACO COM JUNTA SOLDAD",46,"","","97184","ASSENTAMENTO DE TUBO DE AÇO CARBONO PARA REDE DE ÁGUA, DN 700 MM (28\u0092\u0092), JUNTA SOLDADA, INSTALADO EM LOCAL COM NÍVEL BAIXO DE INTERFERÊNCIAS (NÃO INCLUI FORNECIMENTO). AF_11/2017","M","ATRIBUÍDO SÃO PAULO","26,70","COMPOSICAO","5632","ESCAVADEIRA HIDRÁULICA SOBRE ESTEIRAS, CAÇAMBA 0,80 M3, PESO OPERACIONAL 17 T, POTENCIA BRUTA 111 HP - CHI DIURNO. AF_06/2014","CHI","ATRIBUÍDO SÃO PAULO","0,0470000","67,11","3,15","","","","","","","","","","","CAIXA REFERENCIAL"]
["ASSENTAMENTO DE TUBOS E PECAS","ASTU","FORNEC E/OU ASSENT DE TUBO DE ACO COM JUNTA SOLDAD",46,"","","97184","ASSENTAMENTO DE TUBO DE AÇO CARBONO PARA REDE DE ÁGUA, DN 700 MM (28\u0092\u0092), JUNTA SOLDADA, INSTALADO EM LOCAL COM NÍVEL BAIXO DE INTERFERÊNCIAS (NÃO INCLUI FORNECIMENTO). AF_11/2017","M","ATRIBUÍDO SÃO PAULO","26,70","INSUMO","10997","ELETRODO REVESTIDO AWS - E7018, DIAMETRO IGUAL A 4,00 MM","KG","COLETADO","0,2187000","26,63","5,82","","","","","","","","","","","CAIXA REFERENCIAL"]
["ASSENTAMENTO DE TUBOS E PECAS","ASTU","FORNEC E/OU ASSENT DE TUBO DE ACO COM JUNTA SOLDAD",46,"","","97184","ASSENTAMENTO DE TUBO DE AÇO CARBONO PARA REDE DE ÁGUA, DN 700 MM (28\u0092\u0092), JUNTA SOLDADA, INSTALADO EM LOCAL COM NÍVEL BAIXO DE INTERFERÊNCIAS (NÃO INCLUI FORNECIMENTO). AF_11/2017","M","ATRIBUÍDO SÃO PAULO","26,70","COMPOSICAO","88246","ASSENTADOR DE TUBOS COM ENCARGOS COMPLEMENTARES","H","COEFICIENTE DE REPRESENTATIVIDADE","0,0720000","30,49","2,19","","","","","","","","","","","CAIXA REFERENCIAL"]
["ASSENTAMENTO DE TUBOS E PECAS","ASTU","FORNEC E/OU ASSENT DE TUBO DE ACO COM JUNTA SOLDAD",46,"","","97184","ASSENTAMENTO DE TUBO DE AÇO CARBONO PARA REDE DE ÁGUA, DN 700 MM (28\u0092\u0092), JUNTA SOLDADA, INSTALADO EM LOCAL COM NÍVEL BAIXO DE INTERFERÊNCIAS (NÃO INCLUI FORNECIMENTO). AF_11/2017","M","ATRIBUÍDO SÃO PAULO","26,70","COMPOSICAO","88316","SERVENTE COM ENCARGOS COMPLEMENTARES","H","COEFICIENTE DE REPRESENTATIVIDADE","0,0720000","15,69","1,12","","","","","","","","","","","CAIXA REFERENCIAL"]
["ASSENTAMENTO DE TUBOS E PECAS","ASTU","FORNEC E/OU ASSENT DE TUBO DE ACO COM JUNTA SOLDAD",46,"","","97184","ASSENTAMENTO DE TUBO DE AÇO CARBONO PARA REDE DE ÁGUA, DN 700 MM (28\u0092\u0092), JUNTA SOLDADA, INSTALADO EM LOCAL COM NÍVEL BAIXO DE INTERFERÊNCIAS (NÃO INCLUI FORNECIMENTO). AF_11/2017","M","ATRIBUÍDO SÃO PAULO","26,70","COMPOSICAO","88317","SOLDADOR COM ENCARGOS COMPLEMENTARES","H","COEFICIENTE DE REPRESENTATIVIDADE","0,5590000","19,24","10,75","","","","","","","","","","","CAIXA REFERENCIAL"]
["ASSENTAMENTO DE TUBOS E PECAS","ASTU","FORNEC E/OU ASSENT DE TUBO DE ACO COM JUNTA SOLDAD",46,"","","97185","ASSENTAMENTO DE TUBO DE AÇO CARBONO PARA REDE DE ÁGUA, DN 800 MM (32\u0092\u0092), JUNTA SOLDADA, INSTALADO EM LOCAL COM NÍVEL BAIXO DE INTERFERÊNCIAS (NÃO INCLUI FORNECIMENTO). AF_11/2017","M","ATRIBUÍDO SÃO PAULO","30,36","","","","","","","","","15,27","50,2514249","11,87","39,1216895","3,22","10,6268856","0,00","0,0000000","0,00","0,0000000","CAIXA REFERENCIAL"]
["ASSENTAMENTO DE TUBOS E PECAS","ASTU","FORNEC E/OU ASSENT DE TUBO DE ACO COM JUNTA SOLDAD",46,"","","97185","ASSENTAMENTO DE TUBO DE AÇO CARBONO PARA REDE DE ÁGUA, DN 800 MM (32\u0092\u0092), JUNTA SOLDADA, INSTALADO EM LOCAL COM NÍVEL BAIXO DE INTERFERÊNCIAS (NÃO INCLUI FORNECIMENTO). AF_11/2017","M","ATRIBUÍDO SÃO PAULO","30,36","COMPOSICAO","5631","ESCAVADEIRA HIDRÁULICA SOBRE ESTEIRAS, CAÇAMBA 0,80 M3, PESO OPERACIONAL 17 T, POTENCIA BRUTA 111 HP - CHP DIURNO. AF_06/2014","CHP","ATRIBUÍDO SÃO PAULO","0,0281000","149,54","4,20","","","","","","","","","","","CAIXA REFERENCIAL"]
["ASSENTAMENTO DE TUBOS E PECAS","ASTU","FORNEC E/OU ASSENT DE TUBO DE ACO COM JUNTA SOLDAD",46,"","","97185","ASSENTAMENTO DE TUBO DE AÇO CARBONO PARA REDE DE ÁGUA, DN 800 MM (32\u0092\u0092), JUNTA SOLDADA, INSTALADO EM LOCAL COM NÍVEL BAIXO DE INTERFERÊNCIAS (NÃO INCLUI FORNECIMENTO). AF_11/2017","M","ATRIBUÍDO SÃO PAULO","30,36","COMPOSICAO","5632","ESCAVADEIRA HIDRÁULICA SOBRE ESTEIRAS, CAÇAMBA 0,80 M3, PESO OPERACIONAL 17 T, POTENCIA BRUTA 111 HP - CHI DIURNO. AF_06/2014","CHI","ATRIBUÍDO SÃO PAULO","0,0537000","67,11","3,60","","","","","","","","","","","CAIXA REFERENCIAL"]
["ASSENTAMENTO DE TUBOS E PECAS","ASTU","FORNEC E/OU ASSENT DE TUBO DE ACO COM JUNTA SOLDAD",46,"","","97185","ASSENTAMENTO DE TUBO DE AÇO CARBONO PARA REDE DE ÁGUA, DN 800 MM (32\u0092\u0092), JUNTA SOLDADA, INSTALADO EM LOCAL COM NÍVEL BAIXO DE INTERFERÊNCIAS (NÃO INCLUI FORNECIMENTO). AF_11/2017","M","ATRIBUÍDO SÃO PAULO","30,36","INSUMO","10997","ELETRODO REVESTIDO AWS - E7018, DIAMETRO IGUAL A 4,00 MM","KG","COLETADO","0,2499000","26,63","6,65","","","","","","","","","","","CAIXA REFERENCIAL"]
["ASSENTAMENTO DE TUBOS E PECAS","ASTU","FORNEC E/OU ASSENT DE TUBO DE ACO COM JUNTA SOLDAD",46,"","","97185","ASSENTAMENTO DE TUBO DE AÇO CARBONO PARA REDE DE ÁGUA, DN 800 MM (32\u0092\u0092), JUNTA SOLDADA, INSTALADO EM LOCAL COM NÍVEL BAIXO DE INTERFERÊNCIAS (NÃO INCLUI FORNECIMENTO). AF_11/2017","M","ATRIBUÍDO SÃO PAULO","30,36","COMPOSICAO","88246","ASSENTADOR DE TUBOS COM ENCARGOS COMPLEMENTARES","H","COEFICIENTE DE REPRESENTATIVIDADE","0,0784000","30,49","2,39","","","","","","","","","","","CAIXA REFERENCIAL"]
["ASSENTAMENTO DE TUBOS E PECAS","ASTU","FORNEC E/OU ASSENT DE TUBO DE ACO COM JUNTA SOLDAD",46,"","","97185","ASSENTAMENTO DE TUBO DE AÇO CARBONO PARA REDE DE ÁGUA, DN 800 MM (32\u0092\u0092), JUNTA SOLDADA, INSTALADO EM LOCAL COM NÍVEL BAIXO DE INTERFERÊNCIAS (NÃO INCLUI FORNECIMENTO). AF_11/2017","M","ATRIBUÍDO SÃO PAULO","30,36","COMPOSICAO","88316","SERVENTE COM ENCARGOS COMPLEMENTARES","H","COEFICIENTE DE REPRESENTATIVIDADE","0,0784000","15,69","1,23","","","","","","","","","","","CAIXA REFERENCIAL"]
["ASSENTAMENTO DE TUBOS E PECAS","ASTU","FORNEC E/OU ASSENT DE TUBO DE ACO COM JUNTA SOLDAD",46,"","","97185","ASSENTAMENTO DE TUBO DE AÇO CARBONO PARA REDE DE ÁGUA, DN 800 MM (32\u0092\u0092), JUNTA SOLDADA, INSTALADO EM LOCAL COM NÍVEL BAIXO DE INTERFERÊNCIAS (NÃO INCLUI FORNECIMENTO). AF_11/2017","M","ATRIBUÍDO SÃO PAULO","30,36","COMPOSICAO","88317","SOLDADOR COM ENCARGOS COMPLEMENTARES","H","COEFICIENTE DE REPRESENTATIVIDADE","0,6389000","19,24","12,29","","","","","","","","","","","CAIXA REFERENCIAL"]
["ASSENTAMENTO DE TUBOS E PECAS","ASTU","FORNEC E/OU ASSENT DE TUBO DE ACO COM JUNTA SOLDAD",46,"","","97186","ASSENTAMENTO DE TUBO DE AÇO CARBONO PARA REDE DE ÁGUA, DN 900 MM (36\u0092\u0092), JUNTA SOLDADA, INSTALADO EM LOCAL COM NÍVEL BAIXO DE INTERFERÊNCIAS (NÃO INCLUI FORNECIMENTO). AF_11/2017","M","ATRIBUÍDO SÃO PAULO","33,98","","","","","","","","","16,97","49,9105547","13,40","39,4454382","3,61","10,6440071","0,00","0,0000000","0,00","0,0000000","CAIXA REFERENCIAL"]
["ASSENTAMENTO DE TUBOS E PECAS","ASTU","FORNEC E/OU ASSENT DE TUBO DE ACO COM JUNTA SOLDAD",46,"","","97186","ASSENTAMENTO DE TUBO DE AÇO CARBONO PARA REDE DE ÁGUA, DN 900 MM (36\u0092\u0092), JUNTA SOLDADA, INSTALADO EM LOCAL COM NÍVEL BAIXO DE INTERFERÊNCIAS (NÃO INCLUI FORNECIMENTO). AF_11/2017","M","ATRIBUÍDO SÃO PAULO","33,98","COMPOSICAO","5631","ESCAVADEIRA HIDRÁULICA SOBRE ESTEIRAS, CAÇAMBA 0,80 M3, PESO OPERACIONAL 17 T, POTENCIA BRUTA 111 HP - CHP DIURNO. AF_06/2014","CHP","ATRIBUÍDO SÃO PAULO","0,0316000","149,54","4,72","","","","","","","","","","","CAIXA REFERENCIAL"]
["ASSENTAMENTO DE TUBOS E PECAS","ASTU","FORNEC E/OU ASSENT DE TUBO DE ACO COM JUNTA SOLDAD",46,"","","97186","ASSENTAMENTO DE TUBO DE AÇO CARBONO PARA REDE DE ÁGUA, DN 900 MM (36\u0092\u0092), JUNTA SOLDADA, INSTALADO EM LOCAL COM NÍVEL BAIXO DE INTERFERÊNCIAS (NÃO INCLUI FORNECIMENTO). AF_11/2017","M","ATRIBUÍDO SÃO PAULO","33,98","COMPOSICAO","5632","ESCAVADEIRA HIDRÁULICA SOBRE ESTEIRAS, CAÇAMBA 0,80 M3, PESO OPERACIONAL 17 T, POTENCIA BRUTA 111 HP - CHI DIURNO. AF_06/2014","CHI","ATRIBUÍDO SÃO PAULO","0,0604000","67,11","4,05","","","","","","","","","","","CAIXA REFERENCIAL"]
["ASSENTAMENTO DE TUBOS E PECAS","ASTU","FORNEC E/OU ASSENT DE TUBO DE ACO COM JUNTA SOLDAD",46,"","","97186","ASSENTAMENTO DE TUBO DE AÇO CARBONO PARA REDE DE ÁGUA, DN 900 MM (36\u0092\u0092), JUNTA SOLDADA, INSTALADO EM LOCAL COM NÍVEL BAIXO DE INTERFERÊNCIAS (NÃO INCLUI FORNECIMENTO). AF_11/2017","M","ATRIBUÍDO SÃO PAULO","33,98","INSUMO","10997","ELETRODO REVESTIDO AWS - E7018, DIAMETRO IGUAL A 4,00 MM","KG","COLETADO","0,2812000","26,63","7,48","","","","","","","","","","","CAIXA REFERENCIAL"]
["ASSENTAMENTO DE TUBOS E PECAS","ASTU","FORNEC E/OU ASSENT DE TUBO DE ACO COM JUNTA SOLDAD",46,"","","97186","ASSENTAMENTO DE TUBO DE AÇO CARBONO PARA REDE DE ÁGUA, DN 900 MM (36\u0092\u0092), JUNTA SOLDADA, INSTALADO EM LOCAL COM NÍVEL BAIXO DE INTERFERÊNCIAS (NÃO INCLUI FORNECIMENTO). AF_11/2017","M","ATRIBUÍDO SÃO PAULO","33,98","COMPOSICAO","88246","ASSENTADOR DE TUBOS COM ENCARGOS COMPLEMENTARES","H","COEFICIENTE DE REPRESENTATIVIDADE","0,0848000","30,49","2,58","","","","","","","","","","","CAIXA REFERENCIAL"]
["ASSENTAMENTO DE TUBOS E PECAS","ASTU","FORNEC E/OU ASSENT DE TUBO DE ACO COM JUNTA SOLDAD",46,"","","97186","ASSENTAMENTO DE TUBO DE AÇO CARBONO PARA REDE DE ÁGUA, DN 900 MM (36\u0092\u0092), JUNTA SOLDADA, INSTALADO EM LOCAL COM NÍVEL BAIXO DE INTERFERÊNCIAS (NÃO INCLUI FORNECIMENTO). AF_11/2017","M","ATRIBUÍDO SÃO PAULO","33,98","COMPOSICAO","88316","SERVENTE COM ENCARGOS COMPLEMENTARES","H","COEFICIENTE DE REPRESENTATIVIDADE","0,0848000","15,69","1,33","","","","","","","","","","","CAIXA REFERENCIAL"]
["ASSENTAMENTO DE TUBOS E PECAS","ASTU","FORNEC E/OU ASSENT DE TUBO DE ACO COM JUNTA SOLDAD",46,"","","97186","ASSENTAMENTO DE TUBO DE AÇO CARBONO PARA REDE DE ÁGUA, DN 900 MM (36\u0092\u0092), JUNTA SOLDADA, INSTALADO EM LOCAL COM NÍVEL BAIXO DE INTERFERÊNCIAS (NÃO INCLUI FORNECIMENTO). AF_11/2017","M","ATRIBUÍDO SÃO PAULO","33,98","COMPOSICAO","88317","SOLDADOR COM ENCARGOS COMPLEMENTARES","H","COEFICIENTE DE REPRESENTATIVIDADE","0,7188000","19,24","13,82","","","","","","","","","","","CAIXA REFERENCIAL"]
["ASSENTAMENTO DE TUBOS E PECAS","ASTU","FORNEC E/OU ASSENT DE TUBO DE ACO COM JUNTA SOLDAD",46,"","","97187","ASSENTAMENTO DE TUBO DE AÇO CARBONO PARA REDE DE ÁGUA, DN 1000 MM (40\u0092\u0092) OU DN 1100 MM (44\u0092\u0092), JUNTA SOLDADA, INSTALADO EM LOCAL COM NÍVEL ALTO DE INTERFERÊNCIAS (NÃO INCLUI FORNECIMENTO). AF_11/2017","M","ATRIBUÍDO SÃO PAULO","41,27","","","","","","","","","20,54","49,7422049","16,30","39,5040510","4,43","10,7537441","0,00","0,0000000","0,00","0,0000000","CAIXA REFERENCIAL"]
["ASSENTAMENTO DE TUBOS E PECAS","ASTU","FORNEC E/OU ASSENT DE TUBO DE ACO COM JUNTA SOLDAD",46,"","","97187","ASSENTAMENTO DE TUBO DE AÇO CARBONO PARA REDE DE ÁGUA, DN 1000 MM (40\u0092\u0092) OU DN 1100 MM (44\u0092\u0092), JUNTA SOLDADA, INSTALADO EM LOCAL COM NÍVEL ALTO DE INTERFERÊNCIAS (NÃO INCLUI FORNECIMENTO). AF_11/2017","M","ATRIBUÍDO SÃO PAULO","41,27","COMPOSICAO","5631","ESCAVADEIRA HIDRÁULICA SOBRE ESTEIRAS, CAÇAMBA 0,80 M3, PESO OPERACIONAL 17 T, POTENCIA BRUTA 111 HP - CHP DIURNO. AF_06/2014","CHP","ATRIBUÍDO SÃO PAULO","0,0386000","149,54","5,77","","","","","","","","","","","CAIXA REFERENCIAL"]
["ASSENTAMENTO DE TUBOS E PECAS","ASTU","FORNEC E/OU ASSENT DE TUBO DE ACO COM JUNTA SOLDAD",46,"","","97187","ASSENTAMENTO DE TUBO DE AÇO CARBONO PARA REDE DE ÁGUA, DN 1000 MM (40\u0092\u0092) OU DN 1100 MM (44\u0092\u0092), JUNTA SOLDADA, INSTALADO EM LOCAL COM NÍVEL ALTO DE INTERFERÊNCIAS (NÃO INCLUI FORNECIMENTO). AF_11/2017","M","ATRIBUÍDO SÃO PAULO","41,27","COMPOSICAO","5632","ESCAVADEIRA HIDRÁULICA SOBRE ESTEIRAS, CAÇAMBA 0,80 M3, PESO OPERACIONAL 17 T, POTENCIA BRUTA 111 HP - CHI DIURNO. AF_06/2014","CHI","ATRIBUÍDO SÃO PAULO","0,0738000","67,11","4,95","","","","","","","","","","","CAIXA REFERENCIAL"]
["ASSENTAMENTO DE TUBOS E PECAS","ASTU","FORNEC E/OU ASSENT DE TUBO DE ACO COM JUNTA SOLDAD",46,"","","97187","ASSENTAMENTO DE TUBO DE AÇO CARBONO PARA REDE DE ÁGUA, DN 1000 MM (40\u0092\u0092) OU DN 1100 MM (44\u0092\u0092), JUNTA SOLDADA, INSTALADO EM LOCAL COM NÍVEL ALTO DE INTERFERÊNCIAS (NÃO INCLUI FORNECIMENTO). AF_11/2017","M","ATRIBUÍDO SÃO PAULO","41,27","INSUMO","10997","ELETRODO REVESTIDO AWS - E7018, DIAMETRO IGUAL A 4,00 MM","KG","COLETADO","0,3437000","26,63","9,15","","","","","","","","","","","CAIXA REFERENCIAL"]
["ASSENTAMENTO DE TUBOS E PECAS","ASTU","FORNEC E/OU ASSENT DE TUBO DE ACO COM JUNTA SOLDAD",46,"","","97187","ASSENTAMENTO DE TUBO DE AÇO CARBONO PARA REDE DE ÁGUA, DN 1000 MM (40\u0092\u0092) OU DN 1100 MM (44\u0092\u0092), JUNTA SOLDADA, INSTALADO EM LOCAL COM NÍVEL ALTO DE INTERFERÊNCIAS (NÃO INCLUI FORNECIMENTO). AF_11/2017","M","ATRIBUÍDO SÃO PAULO","41,27","COMPOSICAO","88246","ASSENTADOR DE TUBOS COM ENCARGOS COMPLEMENTARES","H","COEFICIENTE DE REPRESENTATIVIDADE","0,0976000","30,49","2,97","","","","","","","","","","","CAIXA REFERENCIAL"]
["ASSENTAMENTO DE TUBOS E PECAS","ASTU","FORNEC E/OU ASSENT DE TUBO DE ACO COM JUNTA SOLDAD",46,"","","97187","ASSENTAMENTO DE TUBO DE AÇO CARBONO PARA REDE DE ÁGUA, DN 1000 MM (40\u0092\u0092) OU DN 1100 MM (44\u0092\u0092), JUNTA SOLDADA, INSTALADO EM LOCAL COM NÍVEL ALTO DE INTERFERÊNCIAS (NÃO INCLUI FORNECIMENTO). AF_11/2017","M","ATRIBUÍDO SÃO PAULO","41,27","COMPOSICAO","88316","SERVENTE COM ENCARGOS COMPLEMENTARES","H","COEFICIENTE DE REPRESENTATIVIDADE","0,0976000","15,69","1,53","","","","","","","","","","","CAIXA REFERENCIAL"]
["ASSENTAMENTO DE TUBOS E PECAS","ASTU","FORNEC E/OU ASSENT DE TUBO DE ACO COM JUNTA SOLDAD",46,"","","97187","ASSENTAMENTO DE TUBO DE AÇO CARBONO PARA REDE DE ÁGUA, DN 1000 MM (40\u0092\u0092) OU DN 1100 MM (44\u0092\u0092), JUNTA SOLDADA, INSTALADO EM LOCAL COM NÍVEL ALTO DE INTERFERÊNCIAS (NÃO INCLUI FORNECIMENTO). AF_11/2017","M","ATRIBUÍDO SÃO PAULO","41,27","COMPOSICAO","88317","SOLDADOR COM ENCARGOS COMPLEMENTARES","H","COEFICIENTE DE REPRESENTATIVIDADE","0,8785000","19,24","16,90","","","","","","","","","","","CAIXA REFERENCIAL"]
["ASSENTAMENTO DE TUBOS E PECAS","ASTU","FORNEC E/OU ASSENT DE TUBO DE ACO COM JUNTA SOLDAD",46,"","","97188","ASSENTAMENTO DE TUBO DE AÇO CARBONO PARA REDE DE ÁGUA, DN 1200 MM (48\u0092\u0092) OU DN 1300 MM (52\u0092\u0092), JUNTA SOLDADA, INSTALADO EM LOCAL COM NÍVEL BAIXO DE INTERFERÊNCIAS (NÃO INCLUI FORNECIMENTO). AF_11/2017","M","ATRIBUÍDO SÃO PAULO","48,53","","","","","","","","","24,00","49,4484913","19,29","39,7502601","5,24","10,8012486","0,00","0,0000000","0,00","0,0000000","CAIXA REFERENCIAL"]
["ASSENTAMENTO DE TUBOS E PECAS","ASTU","FORNEC E/OU ASSENT DE TUBO DE ACO COM JUNTA SOLDAD",46,"","","97188","ASSENTAMENTO DE TUBO DE AÇO CARBONO PARA REDE DE ÁGUA, DN 1200 MM (48\u0092\u0092) OU DN 1300 MM (52\u0092\u0092), JUNTA SOLDADA, INSTALADO EM LOCAL COM NÍVEL BAIXO DE INTERFERÊNCIAS (NÃO INCLUI FORNECIMENTO). AF_11/2017","M","ATRIBUÍDO SÃO PAULO","48,53","COMPOSICAO","5631","ESCAVADEIRA HIDRÁULICA SOBRE ESTEIRAS, CAÇAMBA 0,80 M3, PESO OPERACIONAL 17 T, POTENCIA BRUTA 111 HP - CHP DIURNO. AF_06/2014","CHP","ATRIBUÍDO SÃO PAULO","0,0456000","149,54","6,81","","","","","","","","","","","CAIXA REFERENCIAL"]
["ASSENTAMENTO DE TUBOS E PECAS","ASTU","FORNEC E/OU ASSENT DE TUBO DE ACO COM JUNTA SOLDAD",46,"","","97188","ASSENTAMENTO DE TUBO DE AÇO CARBONO PARA REDE DE ÁGUA, DN 1200 MM (48\u0092\u0092) OU DN 1300 MM (52\u0092\u0092), JUNTA SOLDADA, INSTALADO EM LOCAL COM NÍVEL BAIXO DE INTERFERÊNCIAS (NÃO INCLUI FORNECIMENTO). AF_11/2017","M","ATRIBUÍDO SÃO PAULO","48,53","COMPOSICAO","5632","ESCAVADEIRA HIDRÁULICA SOBRE ESTEIRAS, CAÇAMBA 0,80 M3, PESO OPERACIONAL 17 T, POTENCIA BRUTA 111 HP - CHI DIURNO. AF_06/2014","CHI","ATRIBUÍDO SÃO PAULO","0,0872000","67,11","5,85","","","","","","","","","","","CAIXA REFERENCIAL"]
["ASSENTAMENTO DE TUBOS E PECAS","ASTU","FORNEC E/OU ASSENT DE TUBO DE ACO COM JUNTA SOLDAD",46,"","","97188","ASSENTAMENTO DE TUBO DE AÇO CARBONO PARA REDE DE ÁGUA, DN 1200 MM (48\u0092\u0092) OU DN 1300 MM (52\u0092\u0092), JUNTA SOLDADA, INSTALADO EM LOCAL COM NÍVEL BAIXO DE INTERFERÊNCIAS (NÃO INCLUI FORNECIMENTO). AF_11/2017","M","ATRIBUÍDO SÃO PAULO","48,53","INSUMO","10997","ELETRODO REVESTIDO AWS - E7018, DIAMETRO IGUAL A 4,00 MM","KG","COLETADO","0,4062000","26,63","10,81","","","","","","","","","","","CAIXA REFERENCIAL"]
["ASSENTAMENTO DE TUBOS E PECAS","ASTU","FORNEC E/OU ASSENT DE TUBO DE ACO COM JUNTA SOLDAD",46,"","","97188","ASSENTAMENTO DE TUBO DE AÇO CARBONO PARA REDE DE ÁGUA, DN 1200 MM (48\u0092\u0092) OU DN 1300 MM (52\u0092\u0092), JUNTA SOLDADA, INSTALADO EM LOCAL COM NÍVEL BAIXO DE INTERFERÊNCIAS (NÃO INCLUI FORNECIMENTO). AF_11/2017","M","ATRIBUÍDO SÃO PAULO","48,53","COMPOSICAO","88246","ASSENTADOR DE TUBOS COM ENCARGOS COMPLEMENTARES","H","COEFICIENTE DE REPRESENTATIVIDADE","0,1104000","30,49","3,36","","","","","","","","","","","CAIXA REFERENCIAL"]
["ASSENTAMENTO DE TUBOS E PECAS","ASTU","FORNEC E/OU ASSENT DE TUBO DE ACO COM JUNTA SOLDAD",46,"","","97188","ASSENTAMENTO DE TUBO DE AÇO CARBONO PARA REDE DE ÁGUA, DN 1200 MM (48\u0092\u0092) OU DN 1300 MM (52\u0092\u0092), JUNTA SOLDADA, INSTALADO EM LOCAL COM NÍVEL BAIXO DE INTERFERÊNCIAS (NÃO INCLUI FORNECIMENTO). AF_11/2017","M","ATRIBUÍDO SÃO PAULO","48,53","COMPOSICAO","88316","SERVENTE COM ENCARGOS COMPLEMENTARES","H","COEFICIENTE DE REPRESENTATIVIDADE","0,1104000","15,69","1,73","","","","","","","","","","","CAIXA REFERENCIAL"]
["ASSENTAMENTO DE TUBOS E PECAS","ASTU","FORNEC E/OU ASSENT DE TUBO DE ACO COM JUNTA SOLDAD",46,"","","97188","ASSENTAMENTO DE TUBO DE AÇO CARBONO PARA REDE DE ÁGUA, DN 1200 MM (48\u0092\u0092) OU DN 1300 MM (52\u0092\u0092), JUNTA SOLDADA, INSTALADO EM LOCAL COM NÍVEL BAIXO DE INTERFERÊNCIAS (NÃO INCLUI FORNECIMENTO). AF_11/2017","M","ATRIBUÍDO SÃO PAULO","48,53","COMPOSICAO","88317","SOLDADOR COM ENCARGOS COMPLEMENTARES","H","COEFICIENTE DE REPRESENTATIVIDADE","1,0382000","19,24","19,97","","","","","","","","","","","CAIXA REFERENCIAL"]
["ASSENTAMENTO DE TUBOS E PECAS","ASTU","FORNEC E/OU ASSENT DE TUBO DE ACO COM JUNTA SOLDAD",46,"","","97189","ASSENTAMENTO DE TUBO DE AÇO CARBONO PARA REDE DE ÁGUA, DN 1400 MM (56'') OU DN 1500 MM (60\u0092\u0092), JUNTA SOLDADA, INSTALADO EM LOCAL COM NÍVEL BAIXO DE INTERFERÊNCIAS (NÃO INCLUI FORNECIMENTO). AF_11/2017","M","ATRIBUÍDO SÃO PAULO","55,80","","","","","","","","","27,54","49,3398446","22,21","39,8082835","6,05","10,8518719","0,00","0,0000000","0,00","0,0000000","CAIXA REFERENCIAL"]
["ASSENTAMENTO DE TUBOS E PECAS","ASTU","FORNEC E/OU ASSENT DE TUBO DE ACO COM JUNTA SOLDAD",46,"","","97189","ASSENTAMENTO DE TUBO DE AÇO CARBONO PARA REDE DE ÁGUA, DN 1400 MM (56'') OU DN 1500 MM (60\u0092\u0092), JUNTA SOLDADA, INSTALADO EM LOCAL COM NÍVEL BAIXO DE INTERFERÊNCIAS (NÃO INCLUI FORNECIMENTO). AF_11/2017","M","ATRIBUÍDO SÃO PAULO","55,80","COMPOSICAO","5631","ESCAVADEIRA HIDRÁULICA SOBRE ESTEIRAS, CAÇAMBA 0,80 M3, PESO OPERACIONAL 17 T, POTENCIA BRUTA 111 HP - CHP DIURNO. AF_06/2014","CHP","ATRIBUÍDO SÃO PAULO","0,0526000","149,54","7,86","","","","","","","","","","","CAIXA REFERENCIAL"]
["ASSENTAMENTO DE TUBOS E PECAS","ASTU","FORNEC E/OU ASSENT DE TUBO DE ACO COM JUNTA SOLDAD",46,"","","97189","ASSENTAMENTO DE TUBO DE AÇO CARBONO PARA REDE DE ÁGUA, DN 1400 MM (56'') OU DN 1500 MM (60\u0092\u0092), JUNTA SOLDADA, INSTALADO EM LOCAL COM NÍVEL BAIXO DE INTERFERÊNCIAS (NÃO INCLUI FORNECIMENTO). AF_11/2017","M","ATRIBUÍDO SÃO PAULO","55,80","COMPOSICAO","5632","ESCAVADEIRA HIDRÁULICA SOBRE ESTEIRAS, CAÇAMBA 0,80 M3, PESO OPERACIONAL 17 T, POTENCIA BRUTA 111 HP - CHI DIURNO. AF_06/2014","CHI","ATRIBUÍDO SÃO PAULO","0,1005000","67,11","6,74","","","","","","","","","","","CAIXA REFERENCIAL"]
["ASSENTAMENTO DE TUBOS E PECAS","ASTU","FORNEC E/OU ASSENT DE TUBO DE ACO COM JUNTA SOLDAD",46,"","","97189","ASSENTAMENTO DE TUBO DE AÇO CARBONO PARA REDE DE ÁGUA, DN 1400 MM (56'') OU DN 1500 MM (60\u0092\u0092), JUNTA SOLDADA, INSTALADO EM LOCAL COM NÍVEL BAIXO DE INTERFERÊNCIAS (NÃO INCLUI FORNECIMENTO). AF_11/2017","M","ATRIBUÍDO SÃO PAULO","55,80","INSUMO","10997","ELETRODO REVESTIDO AWS - E7018, DIAMETRO IGUAL A 4,00 MM","KG","COLETADO","0,4687000","26,63","12,48","","","","","","","","","","","CAIXA REFERENCIAL"]
["ASSENTAMENTO DE TUBOS E PECAS","ASTU","FORNEC E/OU ASSENT DE TUBO DE ACO COM JUNTA SOLDAD",46,"","","97189","ASSENTAMENTO DE TUBO DE AÇO CARBONO PARA REDE DE ÁGUA, DN 1400 MM (56'') OU DN 1500 MM (60\u0092\u0092), JUNTA SOLDADA, INSTALADO EM LOCAL COM NÍVEL BAIXO DE INTERFERÊNCIAS (NÃO INCLUI FORNECIMENTO). AF_11/2017","M","ATRIBUÍDO SÃO PAULO","55,80","COMPOSICAO","88246","ASSENTADOR DE TUBOS COM ENCARGOS COMPLEMENTARES","H","COEFICIENTE DE REPRESENTATIVIDADE","0,1233000","30,49","3,75","","","","","","","","","","","CAIXA REFERENCIAL"]
["ASSENTAMENTO DE TUBOS E PECAS","ASTU","FORNEC E/OU ASSENT DE TUBO DE ACO COM JUNTA SOLDAD",46,"","","97189","ASSENTAMENTO DE TUBO DE AÇO CARBONO PARA REDE DE ÁGUA, DN 1400 MM (56'') OU DN 1500 MM (60\u0092\u0092), JUNTA SOLDADA, INSTALADO EM LOCAL COM NÍVEL BAIXO DE INTERFERÊNCIAS (NÃO INCLUI FORNECIMENTO). AF_11/2017","M","ATRIBUÍDO SÃO PAULO","55,80","COMPOSICAO","88316","SERVENTE COM ENCARGOS COMPLEMENTARES","H","COEFICIENTE DE REPRESENTATIVIDADE","0,1233000","15,69","1,93","","","","","","","","","","","CAIXA REFERENCIAL"]
["ASSENTAMENTO DE TUBOS E PECAS","ASTU","FORNEC E/OU ASSENT DE TUBO DE ACO COM JUNTA SOLDAD",46,"","","97189","ASSENTAMENTO DE TUBO DE AÇO CARBONO PARA REDE DE ÁGUA, DN 1400 MM (56'') OU DN 1500 MM (60\u0092\u0092), JUNTA SOLDADA, INSTALADO EM LOCAL COM NÍVEL BAIXO DE INTERFERÊNCIAS (NÃO INCLUI FORNECIMENTO). AF_11/2017","M","ATRIBUÍDO SÃO PAULO","55,80","COMPOSICAO","88317","SOLDADOR COM ENCARGOS COMPLEMENTARES","H","COEFICIENTE DE REPRESENTATIVIDADE","1,1980000","19,24","23,04","","","","","","","","","","","CAIXA REFERENCIAL"]
["ASSENTAMENTO DE TUBOS E PECAS","ASTU","FORNEC E/OU ASSENT DE TUBO DE ACO COM JUNTA SOLDAD",46,"","","97190","ASSENTAMENTO DE TUBO DE AÇO CARBONO PARA REDE DE ÁGUA, DN 1600 MM (64\u0092\u0092) OU DN 1700 MM (68\u0092\u0092), JUNTA SOLDADA, INSTALADO EM LOCAL COM NÍVEL BAIXO DE INTERFERÊNCIAS (NÃO INCLUI FORNECIMENTO). AF_11/2017","M","ATRIBUÍDO SÃO PAULO","63,08","","","","","","","","","31,03","49,1853036","25,19","39,9361022","6,86","10,8785942","0,00","0,0000000","0,00","0,0000000","CAIXA REFERENCIAL"]
["ASSENTAMENTO DE TUBOS E PECAS","ASTU","FORNEC E/OU ASSENT DE TUBO DE ACO COM JUNTA SOLDAD",46,"","","97190","ASSENTAMENTO DE TUBO DE AÇO CARBONO PARA REDE DE ÁGUA, DN 1600 MM (64\u0092\u0092) OU DN 1700 MM (68\u0092\u0092), JUNTA SOLDADA, INSTALADO EM LOCAL COM NÍVEL BAIXO DE INTERFERÊNCIAS (NÃO INCLUI FORNECIMENTO). AF_11/2017","M","ATRIBUÍDO SÃO PAULO","63,08","COMPOSICAO","5631","ESCAVADEIRA HIDRÁULICA SOBRE ESTEIRAS, CAÇAMBA 0,80 M3, PESO OPERACIONAL 17 T, POTENCIA BRUTA 111 HP - CHP DIURNO. AF_06/2014","CHP","ATRIBUÍDO SÃO PAULO","0,0596000","149,54","8,91","","","","","","","","","","","CAIXA REFERENCIAL"]
["ASSENTAMENTO DE TUBOS E PECAS","ASTU","FORNEC E/OU ASSENT DE TUBO DE ACO COM JUNTA SOLDAD",46,"","","97190","ASSENTAMENTO DE TUBO DE AÇO CARBONO PARA REDE DE ÁGUA, DN 1600 MM (64\u0092\u0092) OU DN 1700 MM (68\u0092\u0092), JUNTA SOLDADA, INSTALADO EM LOCAL COM NÍVEL BAIXO DE INTERFERÊNCIAS (NÃO INCLUI FORNECIMENTO). AF_11/2017","M","ATRIBUÍDO SÃO PAULO","63,08","COMPOSICAO","5632","ESCAVADEIRA HIDRÁULICA SOBRE ESTEIRAS, CAÇAMBA 0,80 M3, PESO OPERACIONAL 17 T, POTENCIA BRUTA 111 HP - CHI DIURNO. AF_06/2014","CHI","ATRIBUÍDO SÃO PAULO","0,1139000","67,11","7,64","","","","","","","","","","","CAIXA REFERENCIAL"]
["ASSENTAMENTO DE TUBOS E PECAS","ASTU","FORNEC E/OU ASSENT DE TUBO DE ACO COM JUNTA SOLDAD",46,"","","97190","ASSENTAMENTO DE TUBO DE AÇO CARBONO PARA REDE DE ÁGUA, DN 1600 MM (64\u0092\u0092) OU DN 1700 MM (68\u0092\u0092), JUNTA SOLDADA, INSTALADO EM LOCAL COM NÍVEL BAIXO DE INTERFERÊNCIAS (NÃO INCLUI FORNECIMENTO). AF_11/2017","M","ATRIBUÍDO SÃO PAULO","63,08","INSUMO","10997","ELETRODO REVESTIDO AWS - E7018, DIAMETRO IGUAL A 4,00 MM","KG","COLETADO","0,5311000","26,63","14,14","","","","","","","","","","","CAIXA REFERENCIAL"]
["ASSENTAMENTO DE TUBOS E PECAS","ASTU","FORNEC E/OU ASSENT DE TUBO DE ACO COM JUNTA SOLDAD",46,"","","97190","ASSENTAMENTO DE TUBO DE AÇO CARBONO PARA REDE DE ÁGUA, DN 1600 MM (64\u0092\u0092) OU DN 1700 MM (68\u0092\u0092), JUNTA SOLDADA, INSTALADO EM LOCAL COM NÍVEL BAIXO DE INTERFERÊNCIAS (NÃO INCLUI FORNECIMENTO). AF_11/2017","M","ATRIBUÍDO SÃO PAULO","63,08","COMPOSICAO","88246","ASSENTADOR DE TUBOS COM ENCARGOS COMPLEMENTARES","H","COEFICIENTE DE REPRESENTATIVIDADE","0,1361000","30,49","4,14","","","","","","","","","","","CAIXA REFERENCIAL"]
["ASSENTAMENTO DE TUBOS E PECAS","ASTU","FORNEC E/OU ASSENT DE TUBO DE ACO COM JUNTA SOLDAD",46,"","","97190","ASSENTAMENTO DE TUBO DE AÇO CARBONO PARA REDE DE ÁGUA, DN 1600 MM (64\u0092\u0092) OU DN 1700 MM (68\u0092\u0092), JUNTA SOLDADA, INSTALADO EM LOCAL COM NÍVEL BAIXO DE INTERFERÊNCIAS (NÃO INCLUI FORNECIMENTO). AF_11/2017","M","ATRIBUÍDO SÃO PAULO","63,08","COMPOSICAO","88316","SERVENTE COM ENCARGOS COMPLEMENTARES","H","COEFICIENTE DE REPRESENTATIVIDADE","0,1361000","15,69","2,13","","","","","","","","","","","CAIXA REFERENCIAL"]
["ASSENTAMENTO DE TUBOS E PECAS","ASTU","FORNEC E/OU ASSENT DE TUBO DE ACO COM JUNTA SOLDAD",46,"","","97190","ASSENTAMENTO DE TUBO DE AÇO CARBONO PARA REDE DE ÁGUA, DN 1600 MM (64\u0092\u0092) OU DN 1700 MM (68\u0092\u0092), JUNTA SOLDADA, INSTALADO EM LOCAL COM NÍVEL BAIXO DE INTERFERÊNCIAS (NÃO INCLUI FORNECIMENTO). AF_11/2017","M","ATRIBUÍDO SÃO PAULO","63,08","COMPOSICAO","88317","SOLDADOR COM ENCARGOS COMPLEMENTARES","H","COEFICIENTE DE REPRESENTATIVIDADE","1,3577000","19,24","26,12","","","","","","","","","","","CAIXA REFERENCIAL"]
["ASSENTAMENTO DE TUBOS E PECAS","ASTU","FORNEC E/OU ASSENT DE TUBO DE ACO COM JUNTA SOLDAD",46,"","","97191","ASSENTAMENTO DE TUBO DE AÇO CARBONO PARA REDE DE ÁGUA, DN 1800 MM (72\u0092\u0092) OU DN 1900 MM (76\u0092\u0092), JUNTA SOLDADA, INSTALADO EM LOCAL COM NÍVEL BAIXO DE INTERFERÊNCIAS (NÃO INCLUI FORNECIMENTO). AF_11/2017","M","ATRIBUÍDO SÃO PAULO","72,60","","","","","","","","","34,50","47,5128171","29,61","40,7925730","8,49","11,6946099","0,00","0,0000000","0,00","0,0000000","CAIXA REFERENCIAL"]
["ASSENTAMENTO DE TUBOS E PECAS","ASTU","FORNEC E/OU ASSENT DE TUBO DE ACO COM JUNTA SOLDAD",46,"","","97191","ASSENTAMENTO DE TUBO DE AÇO CARBONO PARA REDE DE ÁGUA, DN 1800 MM (72\u0092\u0092) OU DN 1900 MM (76\u0092\u0092), JUNTA SOLDADA, INSTALADO EM LOCAL COM NÍVEL BAIXO DE INTERFERÊNCIAS (NÃO INCLUI FORNECIMENTO). AF_11/2017","M","ATRIBUÍDO SÃO PAULO","72,60","INSUMO","10997","ELETRODO REVESTIDO AWS - E7018, DIAMETRO IGUAL A 4,00 MM","KG","COLETADO","0,5936000","26,63","15,80","","","","","","","","","","","CAIXA REFERENCIAL"]
["ASSENTAMENTO DE TUBOS E PECAS","ASTU","FORNEC E/OU ASSENT DE TUBO DE ACO COM JUNTA SOLDAD",46,"","","97191","ASSENTAMENTO DE TUBO DE AÇO CARBONO PARA REDE DE ÁGUA, DN 1800 MM (72\u0092\u0092) OU DN 1900 MM (76\u0092\u0092), JUNTA SOLDADA, INSTALADO EM LOCAL COM NÍVEL BAIXO DE INTERFERÊNCIAS (NÃO INCLUI FORNECIMENTO). AF_11/2017","M","ATRIBUÍDO SÃO PAULO","72,60","COMPOSICAO","88246","ASSENTADOR DE TUBOS COM ENCARGOS COMPLEMENTARES","H","COEFICIENTE DE REPRESENTATIVIDADE","0,1489000","30,49","4,53","","","","","","","","","","","CAIXA REFERENCIAL"]
["ASSENTAMENTO DE TUBOS E PECAS","ASTU","FORNEC E/OU ASSENT DE TUBO DE ACO COM JUNTA SOLDAD",46,"","","97191","ASSENTAMENTO DE TUBO DE AÇO CARBONO PARA REDE DE ÁGUA, DN 1800 MM (72\u0092\u0092) OU DN 1900 MM (76\u0092\u0092), JUNTA SOLDADA, INSTALADO EM LOCAL COM NÍVEL BAIXO DE INTERFERÊNCIAS (NÃO INCLUI FORNECIMENTO). AF_11/2017","M","ATRIBUÍDO SÃO PAULO","72,60","COMPOSICAO","88316","SERVENTE COM ENCARGOS COMPLEMENTARES","H","COEFICIENTE DE REPRESENTATIVIDADE","0,1489000","15,69","2,33","","","","","","","","","","","CAIXA REFERENCIAL"]
["ASSENTAMENTO DE TUBOS E PECAS","ASTU","FORNEC E/OU ASSENT DE TUBO DE ACO COM JUNTA SOLDAD",46,"","","97191","ASSENTAMENTO DE TUBO DE AÇO CARBONO PARA REDE DE ÁGUA, DN 1800 MM (72\u0092\u0092) OU DN 1900 MM (76\u0092\u0092), JUNTA SOLDADA, INSTALADO EM LOCAL COM NÍVEL BAIXO DE INTERFERÊNCIAS (NÃO INCLUI FORNECIMENTO). AF_11/2017","M","ATRIBUÍDO SÃO PAULO","72,60","COMPOSICAO","88317","SOLDADOR COM ENCARGOS COMPLEMENTARES","H","COEFICIENTE DE REPRESENTATIVIDADE","1,5174000","19,24","29,19","","","","","","","","","","","CAIXA REFERENCIAL"]
["ASSENTAMENTO DE TUBOS E PECAS","ASTU","FORNEC E/OU ASSENT DE TUBO DE ACO COM JUNTA SOLDAD",46,"","","97191","ASSENTAMENTO DE TUBO DE AÇO CARBONO PARA REDE DE ÁGUA, DN 1800 MM (72\u0092\u0092) OU DN 1900 MM (76\u0092\u0092), JUNTA SOLDADA, INSTALADO EM LOCAL COM NÍVEL BAIXO DE INTERFERÊNCIAS (NÃO INCLUI FORNECIMENTO). AF_11/2017","M","ATRIBUÍDO SÃO PAULO","72,60","COMPOSICAO","88907","ESCAVADEIRA HIDRÁULICA SOBRE ESTEIRAS, CAÇAMBA 1,20 M3, PESO OPERACIONAL 21 T, POTÊNCIA BRUTA 155 HP - CHP DIURNO. AF_06/2014","CHP","ATRIBUÍDO SÃO PAULO","0,0666000","177,28","11,80","","","","","","","","","","","CAIXA REFERENCIAL"]
["ASSENTAMENTO DE TUBOS E PECAS","ASTU","FORNEC E/OU ASSENT DE TUBO DE ACO COM JUNTA SOLDAD",46,"","","97191","ASSENTAMENTO DE TUBO DE AÇO CARBONO PARA REDE DE ÁGUA, DN 1800 MM (72\u0092\u0092) OU DN 1900 MM (76\u0092\u0092), JUNTA SOLDADA, INSTALADO EM LOCAL COM NÍVEL BAIXO DE INTERFERÊNCIAS (NÃO INCLUI FORNECIMENTO). AF_11/2017","M","ATRIBUÍDO SÃO PAULO","72,60","COMPOSICAO","88908","ESCAVADEIRA HIDRÁULICA SOBRE ESTEIRAS, CAÇAMBA 1,20 M3, PESO OPERACIONAL 21 T, POTÊNCIA BRUTA 155 HP - CHI DIURNO. AF_06/2014","CHI","ATRIBUÍDO SÃO PAULO","0,1273000","70,37","8,95","","","","","","","","","","","CAIXA REFERENCIAL"]
["ASSENTAMENTO DE TUBOS E PECAS","ASTU","FORNEC E/OU ASSENT DE TUBO DE ACO COM JUNTA SOLDAD",46,"","","97192","ASSENTAMENTO DE TUBO DE AÇO CARBONO PARA REDE DE ÁGUA, DN 2000 MM (80\u0092\u0092) OU DN 2100 MM (84\u0092\u0092), JUNTA SOLDADA, INSTALADO EM LOCAL COM NÍVEL BAIXO DE INTERFERÊNCIAS (NÃO INCLUI FORNECIMENTO). AF_11/2017","M","ATRIBUÍDO SÃO PAULO","80,13","","","","","","","","","38,05","47,4635863","32,69","40,8086388","9,39","11,7277749","0,00","0,0000000","0,00","0,0000000","CAIXA REFERENCIAL"]
["ASSENTAMENTO DE TUBOS E PECAS","ASTU","FORNEC E/OU ASSENT DE TUBO DE ACO COM JUNTA SOLDAD",46,"","","97192","ASSENTAMENTO DE TUBO DE AÇO CARBONO PARA REDE DE ÁGUA, DN 2000 MM (80\u0092\u0092) OU DN 2100 MM (84\u0092\u0092), JUNTA SOLDADA, INSTALADO EM LOCAL COM NÍVEL BAIXO DE INTERFERÊNCIAS (NÃO INCLUI FORNECIMENTO). AF_11/2017","M","ATRIBUÍDO SÃO PAULO","80,13","INSUMO","10997","ELETRODO REVESTIDO AWS - E7018, DIAMETRO IGUAL A 4,00 MM","KG","COLETADO","0,6561000","26,63","17,47","","","","","","","","","","","CAIXA REFERENCIAL"]
["ASSENTAMENTO DE TUBOS E PECAS","ASTU","FORNEC E/OU ASSENT DE TUBO DE ACO COM JUNTA SOLDAD",46,"","","97192","ASSENTAMENTO DE TUBO DE AÇO CARBONO PARA REDE DE ÁGUA, DN 2000 MM (80\u0092\u0092) OU DN 2100 MM (84\u0092\u0092), JUNTA SOLDADA, INSTALADO EM LOCAL COM NÍVEL BAIXO DE INTERFERÊNCIAS (NÃO INCLUI FORNECIMENTO). AF_11/2017","M","ATRIBUÍDO SÃO PAULO","80,13","COMPOSICAO","88246","ASSENTADOR DE TUBOS COM ENCARGOS COMPLEMENTARES","H","COEFICIENTE DE REPRESENTATIVIDADE","0,1617000","30,49","4,93","","","","","","","","","","","CAIXA REFERENCIAL"]
["ASSENTAMENTO DE TUBOS E PECAS","ASTU","FORNEC E/OU ASSENT DE TUBO DE ACO COM JUNTA SOLDAD",46,"","","97192","ASSENTAMENTO DE TUBO DE AÇO CARBONO PARA REDE DE ÁGUA, DN 2000 MM (80\u0092\u0092) OU DN 2100 MM (84\u0092\u0092), JUNTA SOLDADA, INSTALADO EM LOCAL COM NÍVEL BAIXO DE INTERFERÊNCIAS (NÃO INCLUI FORNECIMENTO). AF_11/2017","M","ATRIBUÍDO SÃO PAULO","80,13","COMPOSICAO","88316","SERVENTE COM ENCARGOS COMPLEMENTARES","H","COEFICIENTE DE REPRESENTATIVIDADE","0,1617000","15,69","2,53","","","","","","","","","","","CAIXA REFERENCIAL"]
["ASSENTAMENTO DE TUBOS E PECAS","ASTU","FORNEC E/OU ASSENT DE TUBO DE ACO COM JUNTA SOLDAD",46,"","","97192","ASSENTAMENTO DE TUBO DE AÇO CARBONO PARA REDE DE ÁGUA, DN 2000 MM (80\u0092\u0092) OU DN 2100 MM (84\u0092\u0092), JUNTA SOLDADA, INSTALADO EM LOCAL COM NÍVEL BAIXO DE INTERFERÊNCIAS (NÃO INCLUI FORNECIMENTO). AF_11/2017","M","ATRIBUÍDO SÃO PAULO","80,13","COMPOSICAO","88317","SOLDADOR COM ENCARGOS COMPLEMENTARES","H","COEFICIENTE DE REPRESENTATIVIDADE","1,6771000","19,24","32,26","","","","","","","","","","","CAIXA REFERENCIAL"]
["ASSENTAMENTO DE TUBOS E PECAS","ASTU","FORNEC E/OU ASSENT DE TUBO DE ACO COM JUNTA SOLDAD",46,"","","97192","ASSENTAMENTO DE TUBO DE AÇO CARBONO PARA REDE DE ÁGUA, DN 2000 MM (80\u0092\u0092) OU DN 2100 MM (84\u0092\u0092), JUNTA SOLDADA, INSTALADO EM LOCAL COM NÍVEL BAIXO DE INTERFERÊNCIAS (NÃO INCLUI FORNECIMENTO). AF_11/2017","M","ATRIBUÍDO SÃO PAULO","80,13","COMPOSICAO","88907","ESCAVADEIRA HIDRÁULICA SOBRE ESTEIRAS, CAÇAMBA 1,20 M3, PESO OPERACIONAL 21 T, POTÊNCIA BRUTA 155 HP - CHP DIURNO. AF_06/2014","CHP","ATRIBUÍDO SÃO PAULO","0,0736000","177,28","13,04","","","","","","","","","","","CAIXA REFERENCIAL"]
["ASSENTAMENTO DE TUBOS E PECAS","ASTU","FORNEC E/OU ASSENT DE TUBO DE ACO COM JUNTA SOLDAD",46,"","","97192","ASSENTAMENTO DE TUBO DE AÇO CARBONO PARA REDE DE ÁGUA, DN 2000 MM (80\u0092\u0092) OU DN 2100 MM (84\u0092\u0092), JUNTA SOLDADA, INSTALADO EM LOCAL COM NÍVEL BAIXO DE INTERFERÊNCIAS (NÃO INCLUI FORNECIMENTO). AF_11/2017","M","ATRIBUÍDO SÃO PAULO","80,13","COMPOSICAO","88908","ESCAVADEIRA HIDRÁULICA SOBRE ESTEIRAS, CAÇAMBA 1,20 M3, PESO OPERACIONAL 21 T, POTÊNCIA BRUTA 155 HP - CHI DIURNO. AF_06/2014","CHI","ATRIBUÍDO SÃO PAULO","0,1407000","70,37","9,90","","","","","","","","","","","CAIXA REFERENCIAL"]
["ASSENTAMENTO DE TUBOS E PECAS","ASTU","FORNEC E/OU ASSENT DE TUBO DE PVC COM JUNTA ELASTI",48,"","","90694","TUBO DE PVC PARA REDE COLETORA DE ESGOTO DE PAREDE MACIÇA, DN 100 MM, JUNTA ELÁSTICA, INSTALADO EM LOCAL COM NÍVEL BAIXO DE INTERFERÊNCIAS - FORNECIMENTO E ASSENTAMENTO. AF_06/2015","M","ATRIBUÍDO SÃO PAULO","20,23","","","","","","","","","2,21","10,9725685","18,02","89,0274315","0,00","0,0000000","0,00","0,0000000","0,00","0,0000000","CAIXA REFERENCIAL"]
["ASSENTAMENTO DE TUBOS E PECAS","ASTU","FORNEC E/OU ASSENT DE TUBO DE PVC COM JUNTA ELASTI",48,"","","90694","TUBO DE PVC PARA REDE COLETORA DE ESGOTO DE PAREDE MACIÇA, DN 100 MM, JUNTA ELÁSTICA, INSTALADO EM LOCAL COM NÍVEL BAIXO DE INTERFERÊNCIAS - FORNECIMENTO E ASSENTAMENTO. AF_06/2015","M","ATRIBUÍDO SÃO PAULO","20,23","INSUMO","20078","PASTA LUBRIFICANTE PARA TUBOS E CONEXOES COM JUNTA ELASTICA (USO EM PVC, ACO, POLIETILENO E OUTROS) ( DE *400* G)","UN","COEFICIENTE DE REPRESENTATIVIDADE","0,0104000","16,40","0,17","","","","","","","","","","","CAIXA REFERENCIAL"]
["ASSENTAMENTO DE TUBOS E PECAS","ASTU","FORNEC E/OU ASSENT DE TUBO DE PVC COM JUNTA ELASTI",48,"","","90694","TUBO DE PVC PARA REDE COLETORA DE ESGOTO DE PAREDE MACIÇA, DN 100 MM, JUNTA ELÁSTICA, INSTALADO EM LOCAL COM NÍVEL BAIXO DE INTERFERÊNCIAS - FORNECIMENTO E ASSENTAMENTO. AF_06/2015","M","ATRIBUÍDO SÃO PAULO","20,23","INSUMO","36365","TUBO COLETOR DE ESGOTO PVC, JEI, DN 100 MM (NBR  7362)","M","ATRIBUÍDO SÃO PAULO","1,0500000","16,48","17,30","","","","","","","","","","","CAIXA REFERENCIAL"]
["ASSENTAMENTO DE TUBOS E PECAS","ASTU","FORNEC E/OU ASSENT DE TUBO DE PVC COM JUNTA ELASTI",48,"","","90694","TUBO DE PVC PARA REDE COLETORA DE ESGOTO DE PAREDE MACIÇA, DN 100 MM, JUNTA ELÁSTICA, INSTALADO EM LOCAL COM NÍVEL BAIXO DE INTERFERÊNCIAS - FORNECIMENTO E ASSENTAMENTO. AF_06/2015","M","ATRIBUÍDO SÃO PAULO","20,23","COMPOSICAO","88246","ASSENTADOR DE TUBOS COM ENCARGOS COMPLEMENTARES","H","COEFICIENTE DE REPRESENTATIVIDADE","0,0600000","30,49","1,82","","","","","","","","","","","CAIXA REFERENCIAL"]
["ASSENTAMENTO DE TUBOS E PECAS","ASTU","FORNEC E/OU ASSENT DE TUBO DE PVC COM JUNTA ELASTI",48,"","","90694","TUBO DE PVC PARA REDE COLETORA DE ESGOTO DE PAREDE MACIÇA, DN 100 MM, JUNTA ELÁSTICA, INSTALADO EM LOCAL COM NÍVEL BAIXO DE INTERFERÊNCIAS - FORNECIMENTO E ASSENTAMENTO. AF_06/2015","M","ATRIBUÍDO SÃO PAULO","20,23","COMPOSICAO","88316","SERVENTE COM ENCARGOS COMPLEMENTARES","H","COEFICIENTE DE REPRESENTATIVIDADE","0,0600000","15,69","0,94","","","","","","","","","","","CAIXA REFERENCIAL"]
["ASSENTAMENTO DE TUBOS E PECAS","ASTU","FORNEC E/OU ASSENT DE TUBO DE PVC COM JUNTA ELASTI",48,"","","90695","TUBO DE PVC PARA REDE COLETORA DE ESGOTO DE PAREDE MACIÇA, DN 150 MM, JUNTA ELÁSTICA, INSTALADO EM LOCAL COM NÍVEL BAIXO DE INTERFERÊNCIAS - FORNECIMENTO E ASSENTAMENTO. AF_06/2015","M","ATRIBUÍDO SÃO PAULO","40,81","","","","","","","","","2,69","6,5961112","38,12","93,4038888","0,00","0,0000000","0,00","0,0000000","0,00","0,0000000","CAIXA REFERENCIAL"]
["ASSENTAMENTO DE TUBOS E PECAS","ASTU","FORNEC E/OU ASSENT DE TUBO DE PVC COM JUNTA ELASTI",48,"","","90695","TUBO DE PVC PARA REDE COLETORA DE ESGOTO DE PAREDE MACIÇA, DN 150 MM, JUNTA ELÁSTICA, INSTALADO EM LOCAL COM NÍVEL BAIXO DE INTERFERÊNCIAS - FORNECIMENTO E ASSENTAMENTO. AF_06/2015","M","ATRIBUÍDO SÃO PAULO","40,81","INSUMO","20078","PASTA LUBRIFICANTE PARA TUBOS E CONEXOES COM JUNTA ELASTICA (USO EM PVC, ACO, POLIETILENO E OUTROS) ( DE *400* G)","UN","COEFICIENTE DE REPRESENTATIVIDADE","0,0146000","16,40","0,23","","","","","","","","","","","CAIXA REFERENCIAL"]
["ASSENTAMENTO DE TUBOS E PECAS","ASTU","FORNEC E/OU ASSENT DE TUBO DE PVC COM JUNTA ELASTI",48,"","","90695","TUBO DE PVC PARA REDE COLETORA DE ESGOTO DE PAREDE MACIÇA, DN 150 MM, JUNTA ELÁSTICA, INSTALADO EM LOCAL COM NÍVEL BAIXO DE INTERFERÊNCIAS - FORNECIMENTO E ASSENTAMENTO. AF_06/2015","M","ATRIBUÍDO SÃO PAULO","40,81","INSUMO","41936","TUBO COLETOR DE ESGOTO, PVC, JEI, DN 150 MM  (NBR 7362)","M","ATRIBUÍDO SÃO PAULO","1,0500000","35,45","37,22","","","","","","","","","","","CAIXA REFERENCIAL"]
["ASSENTAMENTO DE TUBOS E PECAS","ASTU","FORNEC E/OU ASSENT DE TUBO DE PVC COM JUNTA ELASTI",48,"","","90695","TUBO DE PVC PARA REDE COLETORA DE ESGOTO DE PAREDE MACIÇA, DN 150 MM, JUNTA ELÁSTICA, INSTALADO EM LOCAL COM NÍVEL BAIXO DE INTERFERÊNCIAS - FORNECIMENTO E ASSENTAMENTO. AF_06/2015","M","ATRIBUÍDO SÃO PAULO","40,81","COMPOSICAO","88246","ASSENTADOR DE TUBOS COM ENCARGOS COMPLEMENTARES","H","COEFICIENTE DE REPRESENTATIVIDADE","0,0730000","30,49","2,22","","","","","","","","","","","CAIXA REFERENCIAL"]
["ASSENTAMENTO DE TUBOS E PECAS","ASTU","FORNEC E/OU ASSENT DE TUBO DE PVC COM JUNTA ELASTI",48,"","","90695","TUBO DE PVC PARA REDE COLETORA DE ESGOTO DE PAREDE MACIÇA, DN 150 MM, JUNTA ELÁSTICA, INSTALADO EM LOCAL COM NÍVEL BAIXO DE INTERFERÊNCIAS - FORNECIMENTO E ASSENTAMENTO. AF_06/2015","M","ATRIBUÍDO SÃO PAULO","40,81","COMPOSICAO","88316","SERVENTE COM ENCARGOS COMPLEMENTARES","H","COEFICIENTE DE REPRESENTATIVIDADE","0,0730000","15,69","1,14","","","","","","","","","","","CAIXA REFERENCIAL"]
["ASSENTAMENTO DE TUBOS E PECAS","ASTU","FORNEC E/OU ASSENT DE TUBO DE PVC COM JUNTA ELASTI",48,"","","90696","TUBO DE PVC PARA REDE COLETORA DE ESGOTO DE PAREDE MACIÇA, DN 200 MM, JUNTA ELÁSTICA, INSTALADO EM LOCAL COM NÍVEL BAIXO DE INTERFERÊNCIAS - FORNECIMENTO E ASSENTAMENTO. AF_06/2015","M","ATRIBUÍDO SÃO PAULO","62,38","","","","","","","","","3,19","5,1141846","59,19","94,8858154","0,00","0,0000000","0,00","0,0000000","0,00","0,0000000","CAIXA REFERENCIAL"]
["ASSENTAMENTO DE TUBOS E PECAS","ASTU","FORNEC E/OU ASSENT DE TUBO DE PVC COM JUNTA ELASTI",48,"","","90696","TUBO DE PVC PARA REDE COLETORA DE ESGOTO DE PAREDE MACIÇA, DN 200 MM, JUNTA ELÁSTICA, INSTALADO EM LOCAL COM NÍVEL BAIXO DE INTERFERÊNCIAS - FORNECIMENTO E ASSENTAMENTO. AF_06/2015","M","ATRIBUÍDO SÃO PAULO","62,38","INSUMO","20078","PASTA LUBRIFICANTE PARA TUBOS E CONEXOES COM JUNTA ELASTICA (USO EM PVC, ACO, POLIETILENO E OUTROS) ( DE *400* G)","UN","COEFICIENTE DE REPRESENTATIVIDADE","0,0167000","16,40","0,27","","","","","","","","","","","CAIXA REFERENCIAL"]
["ASSENTAMENTO DE TUBOS E PECAS","ASTU","FORNEC E/OU ASSENT DE TUBO DE PVC COM JUNTA ELASTI",48,"","","90696","TUBO DE PVC PARA REDE COLETORA DE ESGOTO DE PAREDE MACIÇA, DN 200 MM, JUNTA ELÁSTICA, INSTALADO EM LOCAL COM NÍVEL BAIXO DE INTERFERÊNCIAS - FORNECIMENTO E ASSENTAMENTO. AF_06/2015","M","ATRIBUÍDO SÃO PAULO","62,38","INSUMO","41930","TUBO COLETOR DE ESGOTO PVC, JEI, DN 200 MM (NBR 7362)","M","ATRIBUÍDO SÃO PAULO","1,0500000","55,35","58,11","","","","","","","","","","","CAIXA REFERENCIAL"]
["ASSENTAMENTO DE TUBOS E PECAS","ASTU","FORNEC E/OU ASSENT DE TUBO DE PVC COM JUNTA ELASTI",48,"","","90696","TUBO DE PVC PARA REDE COLETORA DE ESGOTO DE PAREDE MACIÇA, DN 200 MM, JUNTA ELÁSTICA, INSTALADO EM LOCAL COM NÍVEL BAIXO DE INTERFERÊNCIAS - FORNECIMENTO E ASSENTAMENTO. AF_06/2015","M","ATRIBUÍDO SÃO PAULO","62,38","COMPOSICAO","88246","ASSENTADOR DE TUBOS COM ENCARGOS COMPLEMENTARES","H","COEFICIENTE DE REPRESENTATIVIDADE","0,0867000","30,49","2,64","","","","","","","","","","","CAIXA REFERENCIAL"]
["ASSENTAMENTO DE TUBOS E PECAS","ASTU","FORNEC E/OU ASSENT DE TUBO DE PVC COM JUNTA ELASTI",48,"","","90696","TUBO DE PVC PARA REDE COLETORA DE ESGOTO DE PAREDE MACIÇA, DN 200 MM, JUNTA ELÁSTICA, INSTALADO EM LOCAL COM NÍVEL BAIXO DE INTERFERÊNCIAS - FORNECIMENTO E ASSENTAMENTO. AF_06/2015","M","ATRIBUÍDO SÃO PAULO","62,38","COMPOSICAO","88316","SERVENTE COM ENCARGOS COMPLEMENTARES","H","COEFICIENTE DE REPRESENTATIVIDADE","0,0867000","15,69","1,36","","","","","","","","","","","CAIXA REFERENCIAL"]
["ASSENTAMENTO DE TUBOS E PECAS","ASTU","FORNEC E/OU ASSENT DE TUBO DE PVC COM JUNTA ELASTI",48,"","","90697","TUBO DE PVC PARA REDE COLETORA DE ESGOTO DE PAREDE MACIÇA, DN 250 MM, JUNTA ELÁSTICA, INSTALADO EM LOCAL COM NÍVEL BAIXO DE INTERFERÊNCIAS - FORNECIMENTO E ASSENTAMENTO. AF_06/2015","M","ATRIBUÍDO SÃO PAULO","103,45","","","","","","","","","3,69","3,5741960","99,76","96,4258040","0,00","0,0000000","0,00","0,0000000","0,00","0,0000000","CAIXA REFERENCIAL"]
["ASSENTAMENTO DE TUBOS E PECAS","ASTU","FORNEC E/OU ASSENT DE TUBO DE PVC COM JUNTA ELASTI",48,"","","90697","TUBO DE PVC PARA REDE COLETORA DE ESGOTO DE PAREDE MACIÇA, DN 250 MM, JUNTA ELÁSTICA, INSTALADO EM LOCAL COM NÍVEL BAIXO DE INTERFERÊNCIAS - FORNECIMENTO E ASSENTAMENTO. AF_06/2015","M","ATRIBUÍDO SÃO PAULO","103,45","INSUMO","20078","PASTA LUBRIFICANTE PARA TUBOS E CONEXOES COM JUNTA ELASTICA (USO EM PVC, ACO, POLIETILENO E OUTROS) ( DE *400* G)","UN","COEFICIENTE DE REPRESENTATIVIDADE","0,0208000","16,40","0,34","","","","","","","","","","","CAIXA REFERENCIAL"]
["ASSENTAMENTO DE TUBOS E PECAS","ASTU","FORNEC E/OU ASSENT DE TUBO DE PVC COM JUNTA ELASTI",48,"","","90697","TUBO DE PVC PARA REDE COLETORA DE ESGOTO DE PAREDE MACIÇA, DN 250 MM, JUNTA ELÁSTICA, INSTALADO EM LOCAL COM NÍVEL BAIXO DE INTERFERÊNCIAS - FORNECIMENTO E ASSENTAMENTO. AF_06/2015","M","ATRIBUÍDO SÃO PAULO","103,45","INSUMO","41931","TUBO COLETOR DE ESGOTO PVC, JEI, DN 250 MM (NBR 7362)","M","ATRIBUÍDO SÃO PAULO","1,0500000","93,82","98,51","","","","","","","","","","","CAIXA REFERENCIAL"]
["ASSENTAMENTO DE TUBOS E PECAS","ASTU","FORNEC E/OU ASSENT DE TUBO DE PVC COM JUNTA ELASTI",48,"","","90697","TUBO DE PVC PARA REDE COLETORA DE ESGOTO DE PAREDE MACIÇA, DN 250 MM, JUNTA ELÁSTICA, INSTALADO EM LOCAL COM NÍVEL BAIXO DE INTERFERÊNCIAS - FORNECIMENTO E ASSENTAMENTO. AF_06/2015","M","ATRIBUÍDO SÃO PAULO","103,45","COMPOSICAO","88246","ASSENTADOR DE TUBOS COM ENCARGOS COMPLEMENTARES","H","COEFICIENTE DE REPRESENTATIVIDADE","0,1000000","30,49","3,04","","","","","","","","","","","CAIXA REFERENCIAL"]
["ASSENTAMENTO DE TUBOS E PECAS","ASTU","FORNEC E/OU ASSENT DE TUBO DE PVC COM JUNTA ELASTI",48,"","","90697","TUBO DE PVC PARA REDE COLETORA DE ESGOTO DE PAREDE MACIÇA, DN 250 MM, JUNTA ELÁSTICA, INSTALADO EM LOCAL COM NÍVEL BAIXO DE INTERFERÊNCIAS - FORNECIMENTO E ASSENTAMENTO. AF_06/2015","M","ATRIBUÍDO SÃO PAULO","103,45","COMPOSICAO","88316","SERVENTE COM ENCARGOS COMPLEMENTARES","H","COEFICIENTE DE REPRESENTATIVIDADE","0,1000000","15,69","1,56","","","","","","","","","","","CAIXA REFERENCIAL"]
["ASSENTAMENTO DE TUBOS E PECAS","ASTU","FORNEC E/OU ASSENT DE TUBO DE PVC COM JUNTA ELASTI",48,"","","90698","TUBO DE PVC PARA REDE COLETORA DE ESGOTO DE PAREDE MACIÇA, DN 300 MM, JUNTA ELÁSTICA, INSTALADO EM LOCAL COM NÍVEL BAIXO DE INTERFERÊNCIAS - FORNECIMENTO E ASSENTAMENTO. AF_06/2015","M","ATRIBUÍDO SÃO PAULO","165,27","","","","","","","","","4,18","2,5322590","161,09","97,4677410","0,00","0,0000000","0,00","0,0000000","0,00","0,0000000","CAIXA REFERENCIAL"]
["ASSENTAMENTO DE TUBOS E PECAS","ASTU","FORNEC E/OU ASSENT DE TUBO DE PVC COM JUNTA ELASTI",48,"","","90698","TUBO DE PVC PARA REDE COLETORA DE ESGOTO DE PAREDE MACIÇA, DN 300 MM, JUNTA ELÁSTICA, INSTALADO EM LOCAL COM NÍVEL BAIXO DE INTERFERÊNCIAS - FORNECIMENTO E ASSENTAMENTO. AF_06/2015","M","ATRIBUÍDO SÃO PAULO","165,27","INSUMO","20078","PASTA LUBRIFICANTE PARA TUBOS E CONEXOES COM JUNTA ELASTICA (USO EM PVC, ACO, POLIETILENO E OUTROS) ( DE *400* G)","UN","COEFICIENTE DE REPRESENTATIVIDADE","0,0250000","16,40","0,41","","","","","","","","","","","CAIXA REFERENCIAL"]
["ASSENTAMENTO DE TUBOS E PECAS","ASTU","FORNEC E/OU ASSENT DE TUBO DE PVC COM JUNTA ELASTI",48,"","","90698","TUBO DE PVC PARA REDE COLETORA DE ESGOTO DE PAREDE MACIÇA, DN 300 MM, JUNTA ELÁSTICA, INSTALADO EM LOCAL COM NÍVEL BAIXO DE INTERFERÊNCIAS - FORNECIMENTO E ASSENTAMENTO. AF_06/2015","M","ATRIBUÍDO SÃO PAULO","165,27","INSUMO","41932","TUBO COLETOR DE ESGOTO PVC, JEI, DN 300 MM (NBR 7362)","M","ATRIBUÍDO SÃO PAULO","1,0500000","152,04","159,64","","","","","","","","","","","CAIXA REFERENCIAL"]
["ASSENTAMENTO DE TUBOS E PECAS","ASTU","FORNEC E/OU ASSENT DE TUBO DE PVC COM JUNTA ELASTI",48,"","","90698","TUBO DE PVC PARA REDE COLETORA DE ESGOTO DE PAREDE MACIÇA, DN 300 MM, JUNTA ELÁSTICA, INSTALADO EM LOCAL COM NÍVEL BAIXO DE INTERFERÊNCIAS - FORNECIMENTO E ASSENTAMENTO. AF_06/2015","M","ATRIBUÍDO SÃO PAULO","165,27","COMPOSICAO","88246","ASSENTADOR DE TUBOS COM ENCARGOS COMPLEMENTARES","H","COEFICIENTE DE REPRESENTATIVIDADE","0,1134000","30,49","3,45","","","","","","","","","","","CAIXA REFERENCIAL"]
["ASSENTAMENTO DE TUBOS E PECAS","ASTU","FORNEC E/OU ASSENT DE TUBO DE PVC COM JUNTA ELASTI",48,"","","90698","TUBO DE PVC PARA REDE COLETORA DE ESGOTO DE PAREDE MACIÇA, DN 300 MM, JUNTA ELÁSTICA, INSTALADO EM LOCAL COM NÍVEL BAIXO DE INTERFERÊNCIAS - FORNECIMENTO E ASSENTAMENTO. AF_06/2015","M","ATRIBUÍDO SÃO PAULO","165,27","COMPOSICAO","88316","SERVENTE COM ENCARGOS COMPLEMENTARES","H","COEFICIENTE DE REPRESENTATIVIDADE","0,1134000","15,69","1,77","","","","","","","","","","","CAIXA REFERENCIAL"]
["ASSENTAMENTO DE TUBOS E PECAS","ASTU","FORNEC E/OU ASSENT DE TUBO DE PVC COM JUNTA ELASTI",48,"","","90699","TUBO DE PVC PARA REDE COLETORA DE ESGOTO DE PAREDE MACIÇA, DN 350 MM, JUNTA ELÁSTICA, INSTALADO EM LOCAL COM NÍVEL BAIXO DE INTERFERÊNCIAS - FORNECIMENTO E ASSENTAMENTO. AF_06/2015","M","ATRIBUÍDO SÃO PAULO","204,26","","","","","","","","","4,67","2,2886547","199,59","97,7113453","0,00","0,0000000","0,00","0,0000000","0,00","0,0000000","CAIXA REFERENCIAL"]
["ASSENTAMENTO DE TUBOS E PECAS","ASTU","FORNEC E/OU ASSENT DE TUBO DE PVC COM JUNTA ELASTI",48,"","","90699","TUBO DE PVC PARA REDE COLETORA DE ESGOTO DE PAREDE MACIÇA, DN 350 MM, JUNTA ELÁSTICA, INSTALADO EM LOCAL COM NÍVEL BAIXO DE INTERFERÊNCIAS - FORNECIMENTO E ASSENTAMENTO. AF_06/2015","M","ATRIBUÍDO SÃO PAULO","204,26","INSUMO","20078","PASTA LUBRIFICANTE PARA TUBOS E CONEXOES COM JUNTA ELASTICA (USO EM PVC, ACO, POLIETILENO E OUTROS) ( DE *400* G)","UN","COEFICIENTE DE REPRESENTATIVIDADE","0,0292000","16,40","0,47","","","","","","","","","","","CAIXA REFERENCIAL"]
["ASSENTAMENTO DE TUBOS E PECAS","ASTU","FORNEC E/OU ASSENT DE TUBO DE PVC COM JUNTA ELASTI",48,"","","90699","TUBO DE PVC PARA REDE COLETORA DE ESGOTO DE PAREDE MACIÇA, DN 350 MM, JUNTA ELÁSTICA, INSTALADO EM LOCAL COM NÍVEL BAIXO DE INTERFERÊNCIAS - FORNECIMENTO E ASSENTAMENTO. AF_06/2015","M","ATRIBUÍDO SÃO PAULO","204,26","INSUMO","41933","TUBO COLETOR DE ESGOTO PVC, JEI, DN 350 MM (NBR 7362)","M","ATRIBUÍDO SÃO PAULO","1,0500000","188,53","197,95","","","","","","","","","","","CAIXA REFERENCIAL"]
["ASSENTAMENTO DE TUBOS E PECAS","ASTU","FORNEC E/OU ASSENT DE TUBO DE PVC COM JUNTA ELASTI",48,"","","90699","TUBO DE PVC PARA REDE COLETORA DE ESGOTO DE PAREDE MACIÇA, DN 350 MM, JUNTA ELÁSTICA, INSTALADO EM LOCAL COM NÍVEL BAIXO DE INTERFERÊNCIAS - FORNECIMENTO E ASSENTAMENTO. AF_06/2015","M","ATRIBUÍDO SÃO PAULO","204,26","COMPOSICAO","88246","ASSENTADOR DE TUBOS COM ENCARGOS COMPLEMENTARES","H","COEFICIENTE DE REPRESENTATIVIDADE","0,1267000","30,49","3,86","","","","","","","","","","","CAIXA REFERENCIAL"]
["ASSENTAMENTO DE TUBOS E PECAS","ASTU","FORNEC E/OU ASSENT DE TUBO DE PVC COM JUNTA ELASTI",48,"","","90699","TUBO DE PVC PARA REDE COLETORA DE ESGOTO DE PAREDE MACIÇA, DN 350 MM, JUNTA ELÁSTICA, INSTALADO EM LOCAL COM NÍVEL BAIXO DE INTERFERÊNCIAS - FORNECIMENTO E ASSENTAMENTO. AF_06/2015","M","ATRIBUÍDO SÃO PAULO","204,26","COMPOSICAO","88316","SERVENTE COM ENCARGOS COMPLEMENTARES","H","COEFICIENTE DE REPRESENTATIVIDADE","0,1267000","15,69","1,98","","","","","","","","","","","CAIXA REFERENCIAL"]
["ASSENTAMENTO DE TUBOS E PECAS","ASTU","FORNEC E/OU ASSENT DE TUBO DE PVC COM JUNTA ELASTI",48,"","","90700","TUBO DE PVC PARA REDE COLETORA DE ESGOTO DE PAREDE MACIÇA, DN 400 MM, JUNTA ELÁSTICA, INSTALADO EM LOCAL COM NÍVEL BAIXO DE INTERFERÊNCIAS - FORNECIMENTO E ASSENTAMENTO. AF_06/2015","M","ATRIBUÍDO SÃO PAULO","271,49","","","","","","","","","7,66","2,8219410","261,83","96,4402967","2,00","0,7377623","0,00","0,0000000","0,00","0,0000000","CAIXA REFERENCIAL"]
["ASSENTAMENTO DE TUBOS E PECAS","ASTU","FORNEC E/OU ASSENT DE TUBO DE PVC COM JUNTA ELASTI",48,"","","90700","TUBO DE PVC PARA REDE COLETORA DE ESGOTO DE PAREDE MACIÇA, DN 400 MM, JUNTA ELÁSTICA, INSTALADO EM LOCAL COM NÍVEL BAIXO DE INTERFERÊNCIAS - FORNECIMENTO E ASSENTAMENTO. AF_06/2015","M","ATRIBUÍDO SÃO PAULO","271,49","COMPOSICAO","5678","RETROESCAVADEIRA SOBRE RODAS COM CARREGADEIRA, TRAÇÃO 4X4, POTÊNCIA LÍQ. 88 HP, CAÇAMBA CARREG. CAP. MÍN. 1 M3, CAÇAMBA RETRO CAP. 0,26 M3, PESO OPERACIONAL MÍN. 6.674 KG, PROFUNDIDADE ESCAVAÇÃO MÁX. 4,37 M - CHP DIURNO. AF_06/2014","CHP","ATRIBUÍDO SÃO PAULO","0,0454000","116,84","5,30","","","","","","","","","","","CAIXA REFERENCIAL"]
["ASSENTAMENTO DE TUBOS E PECAS","ASTU","FORNEC E/OU ASSENT DE TUBO DE PVC COM JUNTA ELASTI",48,"","","90700","TUBO DE PVC PARA REDE COLETORA DE ESGOTO DE PAREDE MACIÇA, DN 400 MM, JUNTA ELÁSTICA, INSTALADO EM LOCAL COM NÍVEL BAIXO DE INTERFERÊNCIAS - FORNECIMENTO E ASSENTAMENTO. AF_06/2015","M","ATRIBUÍDO SÃO PAULO","271,49","COMPOSICAO","5679","RETROESCAVADEIRA SOBRE RODAS COM CARREGADEIRA, TRAÇÃO 4X4, POTÊNCIA LÍQ. 88 HP, CAÇAMBA CARREG. CAP. MÍN. 1 M3, CAÇAMBA RETRO CAP. 0,26 M3, PESO OPERACIONAL MÍN. 6.674 KG, PROFUNDIDADE ESCAVAÇÃO MÁX. 4,37 M - CHI DIURNO. AF_06/2014","CHI","ATRIBUÍDO SÃO PAULO","0,0282000","55,33","1,56","","","","","","","","","","","CAIXA REFERENCIAL"]
["ASSENTAMENTO DE TUBOS E PECAS","ASTU","FORNEC E/OU ASSENT DE TUBO DE PVC COM JUNTA ELASTI",48,"","","90700","TUBO DE PVC PARA REDE COLETORA DE ESGOTO DE PAREDE MACIÇA, DN 400 MM, JUNTA ELÁSTICA, INSTALADO EM LOCAL COM NÍVEL BAIXO DE INTERFERÊNCIAS - FORNECIMENTO E ASSENTAMENTO. AF_06/2015","M","ATRIBUÍDO SÃO PAULO","271,49","INSUMO","20078","PASTA LUBRIFICANTE PARA TUBOS E CONEXOES COM JUNTA ELASTICA (USO EM PVC, ACO, POLIETILENO E OUTROS) ( DE *400* G)","UN","COEFICIENTE DE REPRESENTATIVIDADE","0,0333000","16,40","0,54","","","","","","","","","","","CAIXA REFERENCIAL"]
["ASSENTAMENTO DE TUBOS E PECAS","ASTU","FORNEC E/OU ASSENT DE TUBO DE PVC COM JUNTA ELASTI",48,"","","90700","TUBO DE PVC PARA REDE COLETORA DE ESGOTO DE PAREDE MACIÇA, DN 400 MM, JUNTA ELÁSTICA, INSTALADO EM LOCAL COM NÍVEL BAIXO DE INTERFERÊNCIAS - FORNECIMENTO E ASSENTAMENTO. AF_06/2015","M","ATRIBUÍDO SÃO PAULO","271,49","INSUMO","41934","TUBO COLETOR DE ESGOTO PVC, JEI, DN 400 MM (NBR 7362)","M","ATRIBUÍDO SÃO PAULO","1,0500000","245,37","257,63","","","","","","","","","","","CAIXA REFERENCIAL"]
["ASSENTAMENTO DE TUBOS E PECAS","ASTU","FORNEC E/OU ASSENT DE TUBO DE PVC COM JUNTA ELASTI",48,"","","90700","TUBO DE PVC PARA REDE COLETORA DE ESGOTO DE PAREDE MACIÇA, DN 400 MM, JUNTA ELÁSTICA, INSTALADO EM LOCAL COM NÍVEL BAIXO DE INTERFERÊNCIAS - FORNECIMENTO E ASSENTAMENTO. AF_06/2015","M","ATRIBUÍDO SÃO PAULO","271,49","COMPOSICAO","88246","ASSENTADOR DE TUBOS COM ENCARGOS COMPLEMENTARES","H","COEFICIENTE DE REPRESENTATIVIDADE","0,1401000","30,49","4,27","","","","","","","","","","","CAIXA REFERENCIAL"]
["ASSENTAMENTO DE TUBOS E PECAS","ASTU","FORNEC E/OU ASSENT DE TUBO DE PVC COM JUNTA ELASTI",48,"","","90700","TUBO DE PVC PARA REDE COLETORA DE ESGOTO DE PAREDE MACIÇA, DN 400 MM, JUNTA ELÁSTICA, INSTALADO EM LOCAL COM NÍVEL BAIXO DE INTERFERÊNCIAS - FORNECIMENTO E ASSENTAMENTO. AF_06/2015","M","ATRIBUÍDO SÃO PAULO","271,49","COMPOSICAO","88316","SERVENTE COM ENCARGOS COMPLEMENTARES","H","COEFICIENTE DE REPRESENTATIVIDADE","0,1401000","15,69","2,19","","","","","","","","","","","CAIXA REFERENCIAL"]
["ASSENTAMENTO DE TUBOS E PECAS","ASTU","FORNEC E/OU ASSENT DE TUBO DE PVC COM JUNTA ELASTI",48,"","","90701","TUBO DE PVC CORRUGADO DE DUPLA PAREDE PARA REDE COLETORA DE ESGOTO, DN 150 MM, JUNTA ELÁSTICA, INSTALADO EM LOCAL COM NÍVEL BAIXO DE INTERFERÊNCIAS - FORNECIMENTO E ASSENTAMENTO. AF_06/2015","M","ATRIBUÍDO SÃO PAULO","39,50","","","","","","","","","4,95","12,5318390","34,55","87,4681610","0,00","0,0000000","0,00","0,0000000","0,00","0,0000000","CAIXA REFERENCIAL"]
["ASSENTAMENTO DE TUBOS E PECAS","ASTU","FORNEC E/OU ASSENT DE TUBO DE PVC COM JUNTA ELASTI",48,"","","90701","TUBO DE PVC CORRUGADO DE DUPLA PAREDE PARA REDE COLETORA DE ESGOTO, DN 150 MM, JUNTA ELÁSTICA, INSTALADO EM LOCAL COM NÍVEL BAIXO DE INTERFERÊNCIAS - FORNECIMENTO E ASSENTAMENTO. AF_06/2015","M","ATRIBUÍDO SÃO PAULO","39,50","INSUMO","305","ANEL BORRACHA, PARA TUBO PVC, REDE COLETOR ESGOTO, DN 150 MM (NBR 7362)","UN","ATRIBUÍDO SÃO PAULO","0,1667000","6,04","1,00","","","","","","","","","","","CAIXA REFERENCIAL"]
["ASSENTAMENTO DE TUBOS E PECAS","ASTU","FORNEC E/OU ASSENT DE TUBO DE PVC COM JUNTA ELASTI",48,"","","90701","TUBO DE PVC CORRUGADO DE DUPLA PAREDE PARA REDE COLETORA DE ESGOTO, DN 150 MM, JUNTA ELÁSTICA, INSTALADO EM LOCAL COM NÍVEL BAIXO DE INTERFERÊNCIAS - FORNECIMENTO E ASSENTAMENTO. AF_06/2015","M","ATRIBUÍDO SÃO PAULO","39,50","INSUMO","20078","PASTA LUBRIFICANTE PARA TUBOS E CONEXOES COM JUNTA ELASTICA (USO EM PVC, ACO, POLIETILENO E OUTROS) ( DE *400* G)","UN","COEFICIENTE DE REPRESENTATIVIDADE","0,0146000","16,40","0,23","","","","","","","","","","","CAIXA REFERENCIAL"]
["ASSENTAMENTO DE TUBOS E PECAS","ASTU","FORNEC E/OU ASSENT DE TUBO DE PVC COM JUNTA ELASTI",48,"","","90701","TUBO DE PVC CORRUGADO DE DUPLA PAREDE PARA REDE COLETORA DE ESGOTO, DN 150 MM, JUNTA ELÁSTICA, INSTALADO EM LOCAL COM NÍVEL BAIXO DE INTERFERÊNCIAS - FORNECIMENTO E ASSENTAMENTO. AF_06/2015","M","ATRIBUÍDO SÃO PAULO","39,50","INSUMO","38032","TUBO PVC CORRUGADO, PAREDE DUPLA, JE, DN 150 MM, REDE COLETORA ESGOTO","M","ATRIBUÍDO SÃO PAULO","1,0500000","30,59","32,11","","","","","","","","","","","CAIXA REFERENCIAL"]
["ASSENTAMENTO DE TUBOS E PECAS","ASTU","FORNEC E/OU ASSENT DE TUBO DE PVC COM JUNTA ELASTI",48,"","","90701","TUBO DE PVC CORRUGADO DE DUPLA PAREDE PARA REDE COLETORA DE ESGOTO, DN 150 MM, JUNTA ELÁSTICA, INSTALADO EM LOCAL COM NÍVEL BAIXO DE INTERFERÊNCIAS - FORNECIMENTO E ASSENTAMENTO. AF_06/2015","M","ATRIBUÍDO SÃO PAULO","39,50","COMPOSICAO","88246","ASSENTADOR DE TUBOS COM ENCARGOS COMPLEMENTARES","H","COEFICIENTE DE REPRESENTATIVIDADE","0,1335000","30,49","4,07","","","","","","","","","","","CAIXA REFERENCIAL"]
["ASSENTAMENTO DE TUBOS E PECAS","ASTU","FORNEC E/OU ASSENT DE TUBO DE PVC COM JUNTA ELASTI",48,"","","90701","TUBO DE PVC CORRUGADO DE DUPLA PAREDE PARA REDE COLETORA DE ESGOTO, DN 150 MM, JUNTA ELÁSTICA, INSTALADO EM LOCAL COM NÍVEL BAIXO DE INTERFERÊNCIAS - FORNECIMENTO E ASSENTAMENTO. AF_06/2015","M","ATRIBUÍDO SÃO PAULO","39,50","COMPOSICAO","88316","SERVENTE COM ENCARGOS COMPLEMENTARES","H","COEFICIENTE DE REPRESENTATIVIDADE","0,1335000","15,69","2,09","","","","","","","","","","","CAIXA REFERENCIAL"]
["ASSENTAMENTO DE TUBOS E PECAS","ASTU","FORNEC E/OU ASSENT DE TUBO DE PVC COM JUNTA ELASTI",48,"","","90702","TUBO DE PVC CORRUGADO DE DUPLA PAREDE PARA REDE COLETORA DE ESGOTO, DN 200 MM, JUNTA ELÁSTICA, INSTALADO EM LOCAL COM NÍVEL BAIXO DE INTERFERÊNCIAS - FORNECIMENTO E ASSENTAMENTO. AF_06/2015","M","ATRIBUÍDO SÃO PAULO","58,81","","","","","","","","","5,43","9,2428376","53,38","90,7571624","0,00","0,0000000","0,00","0,0000000","0,00","0,0000000","CAIXA REFERENCIAL"]
["ASSENTAMENTO DE TUBOS E PECAS","ASTU","FORNEC E/OU ASSENT DE TUBO DE PVC COM JUNTA ELASTI",48,"","","90702","TUBO DE PVC CORRUGADO DE DUPLA PAREDE PARA REDE COLETORA DE ESGOTO, DN 200 MM, JUNTA ELÁSTICA, INSTALADO EM LOCAL COM NÍVEL BAIXO DE INTERFERÊNCIAS - FORNECIMENTO E ASSENTAMENTO. AF_06/2015","M","ATRIBUÍDO SÃO PAULO","58,81","INSUMO","306","ANEL BORRACHA, PARA TUBO PVC, REDE COLETOR ESGOTO, DN 200 MM (NBR 7362)","UN","ATRIBUÍDO SÃO PAULO","0,1667000","7,26","1,21","","","","","","","","","","","CAIXA REFERENCIAL"]
["ASSENTAMENTO DE TUBOS E PECAS","ASTU","FORNEC E/OU ASSENT DE TUBO DE PVC COM JUNTA ELASTI",48,"","","90702","TUBO DE PVC CORRUGADO DE DUPLA PAREDE PARA REDE COLETORA DE ESGOTO, DN 200 MM, JUNTA ELÁSTICA, INSTALADO EM LOCAL COM NÍVEL BAIXO DE INTERFERÊNCIAS - FORNECIMENTO E ASSENTAMENTO. AF_06/2015","M","ATRIBUÍDO SÃO PAULO","58,81","INSUMO","20078","PASTA LUBRIFICANTE PARA TUBOS E CONEXOES COM JUNTA ELASTICA (USO EM PVC, ACO, POLIETILENO E OUTROS) ( DE *400* G)","UN","COEFICIENTE DE REPRESENTATIVIDADE","0,0167000","16,40","0,27","","","","","","","","","","","CAIXA REFERENCIAL"]
["ASSENTAMENTO DE TUBOS E PECAS","ASTU","FORNEC E/OU ASSENT DE TUBO DE PVC COM JUNTA ELASTI",48,"","","90702","TUBO DE PVC CORRUGADO DE DUPLA PAREDE PARA REDE COLETORA DE ESGOTO, DN 200 MM, JUNTA ELÁSTICA, INSTALADO EM LOCAL COM NÍVEL BAIXO DE INTERFERÊNCIAS - FORNECIMENTO E ASSENTAMENTO. AF_06/2015","M","ATRIBUÍDO SÃO PAULO","58,81","INSUMO","38033","TUBO PVC CORRUGADO, PAREDE DUPLA, JE, DN 200 MM, REDE COLETORA ESGOTO","M","ATRIBUÍDO SÃO PAULO","1,0500000","48,16","50,56","","","","","","","","","","","CAIXA REFERENCIAL"]
["ASSENTAMENTO DE TUBOS E PECAS","ASTU","FORNEC E/OU ASSENT DE TUBO DE PVC COM JUNTA ELASTI",48,"","","90702","TUBO DE PVC CORRUGADO DE DUPLA PAREDE PARA REDE COLETORA DE ESGOTO, DN 200 MM, JUNTA ELÁSTICA, INSTALADO EM LOCAL COM NÍVEL BAIXO DE INTERFERÊNCIAS - FORNECIMENTO E ASSENTAMENTO. AF_06/2015","M","ATRIBUÍDO SÃO PAULO","58,81","COMPOSICAO","88246","ASSENTADOR DE TUBOS COM ENCARGOS COMPLEMENTARES","H","COEFICIENTE DE REPRESENTATIVIDADE","0,1469000","30,49","4,47","","","","","","","","","","","CAIXA REFERENCIAL"]
["ASSENTAMENTO DE TUBOS E PECAS","ASTU","FORNEC E/OU ASSENT DE TUBO DE PVC COM JUNTA ELASTI",48,"","","90702","TUBO DE PVC CORRUGADO DE DUPLA PAREDE PARA REDE COLETORA DE ESGOTO, DN 200 MM, JUNTA ELÁSTICA, INSTALADO EM LOCAL COM NÍVEL BAIXO DE INTERFERÊNCIAS - FORNECIMENTO E ASSENTAMENTO. AF_06/2015","M","ATRIBUÍDO SÃO PAULO","58,81","COMPOSICAO","88316","SERVENTE COM ENCARGOS COMPLEMENTARES","H","COEFICIENTE DE REPRESENTATIVIDADE","0,1469000","15,69","2,30","","","","","","","","","","","CAIXA REFERENCIAL"]
["ASSENTAMENTO DE TUBOS E PECAS","ASTU","FORNEC E/OU ASSENT DE TUBO DE PVC COM JUNTA ELASTI",48,"","","90703","TUBO DE PVC CORRUGADO DE DUPLA PAREDE PARA REDE COLETORA DE ESGOTO, DN 250 MM, JUNTA ELÁSTICA, INSTALADO EM LOCAL COM NÍVEL BAIXO DE INTERFERÊNCIAS - FORNECIMENTO E ASSENTAMENTO. AF_06/2015","M","ATRIBUÍDO SÃO PAULO","95,50","","","","","","","","","5,91","6,1929253","89,59","93,8070747","0,00","0,0000000","0,00","0,0000000","0,00","0,0000000","CAIXA REFERENCIAL"]
["ASSENTAMENTO DE TUBOS E PECAS","ASTU","FORNEC E/OU ASSENT DE TUBO DE PVC COM JUNTA ELASTI",48,"","","90703","TUBO DE PVC CORRUGADO DE DUPLA PAREDE PARA REDE COLETORA DE ESGOTO, DN 250 MM, JUNTA ELÁSTICA, INSTALADO EM LOCAL COM NÍVEL BAIXO DE INTERFERÊNCIAS - FORNECIMENTO E ASSENTAMENTO. AF_06/2015","M","ATRIBUÍDO SÃO PAULO","95,50","INSUMO","307","ANEL BORRACHA, PARA TUBO PVC, REDE COLETOR ESGOTO, DN 250 MM (NBR 7362)","UN","ATRIBUÍDO SÃO PAULO","0,1667000","14,33","2,38","","","","","","","","","","","CAIXA REFERENCIAL"]
["ASSENTAMENTO DE TUBOS E PECAS","ASTU","FORNEC E/OU ASSENT DE TUBO DE PVC COM JUNTA ELASTI",48,"","","90703","TUBO DE PVC CORRUGADO DE DUPLA PAREDE PARA REDE COLETORA DE ESGOTO, DN 250 MM, JUNTA ELÁSTICA, INSTALADO EM LOCAL COM NÍVEL BAIXO DE INTERFERÊNCIAS - FORNECIMENTO E ASSENTAMENTO. AF_06/2015","M","ATRIBUÍDO SÃO PAULO","95,50","INSUMO","20078","PASTA LUBRIFICANTE PARA TUBOS E CONEXOES COM JUNTA ELASTICA (USO EM PVC, ACO, POLIETILENO E OUTROS) ( DE *400* G)","UN","COEFICIENTE DE REPRESENTATIVIDADE","0,0188000","16,40","0,30","","","","","","","","","","","CAIXA REFERENCIAL"]
["ASSENTAMENTO DE TUBOS E PECAS","ASTU","FORNEC E/OU ASSENT DE TUBO DE PVC COM JUNTA ELASTI",48,"","","90703","TUBO DE PVC CORRUGADO DE DUPLA PAREDE PARA REDE COLETORA DE ESGOTO, DN 250 MM, JUNTA ELÁSTICA, INSTALADO EM LOCAL COM NÍVEL BAIXO DE INTERFERÊNCIAS - FORNECIMENTO E ASSENTAMENTO. AF_06/2015","M","ATRIBUÍDO SÃO PAULO","95,50","INSUMO","38034","TUBO PVC CORRUGADO, PAREDE DUPLA, JE, DN 250 MM, REDE COLETORA ESGOTO","M","ATRIBUÍDO SÃO PAULO","1,0500000","81,37","85,43","","","","","","","","","","","CAIXA REFERENCIAL"]
["ASSENTAMENTO DE TUBOS E PECAS","ASTU","FORNEC E/OU ASSENT DE TUBO DE PVC COM JUNTA ELASTI",48,"","","90703","TUBO DE PVC CORRUGADO DE DUPLA PAREDE PARA REDE COLETORA DE ESGOTO, DN 250 MM, JUNTA ELÁSTICA, INSTALADO EM LOCAL COM NÍVEL BAIXO DE INTERFERÊNCIAS - FORNECIMENTO E ASSENTAMENTO. AF_06/2015","M","ATRIBUÍDO SÃO PAULO","95,50","COMPOSICAO","88246","ASSENTADOR DE TUBOS COM ENCARGOS COMPLEMENTARES","H","COEFICIENTE DE REPRESENTATIVIDADE","0,1602000","30,49","4,88","","","","","","","","","","","CAIXA REFERENCIAL"]
["ASSENTAMENTO DE TUBOS E PECAS","ASTU","FORNEC E/OU ASSENT DE TUBO DE PVC COM JUNTA ELASTI",48,"","","90703","TUBO DE PVC CORRUGADO DE DUPLA PAREDE PARA REDE COLETORA DE ESGOTO, DN 250 MM, JUNTA ELÁSTICA, INSTALADO EM LOCAL COM NÍVEL BAIXO DE INTERFERÊNCIAS - FORNECIMENTO E ASSENTAMENTO. AF_06/2015","M","ATRIBUÍDO SÃO PAULO","95,50","COMPOSICAO","88316","SERVENTE COM ENCARGOS COMPLEMENTARES","H","COEFICIENTE DE REPRESENTATIVIDADE","0,1602000","15,69","2,51","","","","","","","","","","","CAIXA REFERENCIAL"]
["ASSENTAMENTO DE TUBOS E PECAS","ASTU","FORNEC E/OU ASSENT DE TUBO DE PVC COM JUNTA ELASTI",48,"","","90704","TUBO DE PVC CORRUGADO DE DUPLA PAREDE PARA REDE COLETORA DE ESGOTO, DN 300 MM, JUNTA ELÁSTICA, INSTALADO EM LOCAL COM NÍVEL BAIXO DE INTERFERÊNCIAS - FORNECIMENTO E ASSENTAMENTO. AF_06/2015","M","ATRIBUÍDO SÃO PAULO","148,25","","","","","","","","","6,41","4,3302033","141,84","95,6697967","0,00","0,0000000","0,00","0,0000000","0,00","0,0000000","CAIXA REFERENCIAL"]
["ASSENTAMENTO DE TUBOS E PECAS","ASTU","FORNEC E/OU ASSENT DE TUBO DE PVC COM JUNTA ELASTI",48,"","","90704","TUBO DE PVC CORRUGADO DE DUPLA PAREDE PARA REDE COLETORA DE ESGOTO, DN 300 MM, JUNTA ELÁSTICA, INSTALADO EM LOCAL COM NÍVEL BAIXO DE INTERFERÊNCIAS - FORNECIMENTO E ASSENTAMENTO. AF_06/2015","M","ATRIBUÍDO SÃO PAULO","148,25","INSUMO","308","ANEL BORRACHA, PARA TUBO, PVC REDE COLETOR ESGOTO, DN 300 MM (NBR 7362)","UN","ATRIBUÍDO SÃO PAULO","0,1667000","19,14","3,19","","","","","","","","","","","CAIXA REFERENCIAL"]
["ASSENTAMENTO DE TUBOS E PECAS","ASTU","FORNEC E/OU ASSENT DE TUBO DE PVC COM JUNTA ELASTI",48,"","","90704","TUBO DE PVC CORRUGADO DE DUPLA PAREDE PARA REDE COLETORA DE ESGOTO, DN 300 MM, JUNTA ELÁSTICA, INSTALADO EM LOCAL COM NÍVEL BAIXO DE INTERFERÊNCIAS - FORNECIMENTO E ASSENTAMENTO. AF_06/2015","M","ATRIBUÍDO SÃO PAULO","148,25","INSUMO","20078","PASTA LUBRIFICANTE PARA TUBOS E CONEXOES COM JUNTA ELASTICA (USO EM PVC, ACO, POLIETILENO E OUTROS) ( DE *400* G)","UN","COEFICIENTE DE REPRESENTATIVIDADE","0,0208000","16,40","0,34","","","","","","","","","","","CAIXA REFERENCIAL"]
["ASSENTAMENTO DE TUBOS E PECAS","ASTU","FORNEC E/OU ASSENT DE TUBO DE PVC COM JUNTA ELASTI",48,"","","90704","TUBO DE PVC CORRUGADO DE DUPLA PAREDE PARA REDE COLETORA DE ESGOTO, DN 300 MM, JUNTA ELÁSTICA, INSTALADO EM LOCAL COM NÍVEL BAIXO DE INTERFERÊNCIAS - FORNECIMENTO E ASSENTAMENTO. AF_06/2015","M","ATRIBUÍDO SÃO PAULO","148,25","INSUMO","38035","TUBO PVC CORRUGADO, PAREDE DUPLA, JE, DN 300 MM, REDE COLETORA ESGOTO","M","ATRIBUÍDO SÃO PAULO","1,0500000","130,20","136,71","","","","","","","","","","","CAIXA REFERENCIAL"]
["ASSENTAMENTO DE TUBOS E PECAS","ASTU","FORNEC E/OU ASSENT DE TUBO DE PVC COM JUNTA ELASTI",48,"","","90704","TUBO DE PVC CORRUGADO DE DUPLA PAREDE PARA REDE COLETORA DE ESGOTO, DN 300 MM, JUNTA ELÁSTICA, INSTALADO EM LOCAL COM NÍVEL BAIXO DE INTERFERÊNCIAS - FORNECIMENTO E ASSENTAMENTO. AF_06/2015","M","ATRIBUÍDO SÃO PAULO","148,25","COMPOSICAO","88246","ASSENTADOR DE TUBOS COM ENCARGOS COMPLEMENTARES","H","COEFICIENTE DE REPRESENTATIVIDADE","0,1735000","30,49","5,29","","","","","","","","","","","CAIXA REFERENCIAL"]
["ASSENTAMENTO DE TUBOS E PECAS","ASTU","FORNEC E/OU ASSENT DE TUBO DE PVC COM JUNTA ELASTI",48,"","","90704","TUBO DE PVC CORRUGADO DE DUPLA PAREDE PARA REDE COLETORA DE ESGOTO, DN 300 MM, JUNTA ELÁSTICA, INSTALADO EM LOCAL COM NÍVEL BAIXO DE INTERFERÊNCIAS - FORNECIMENTO E ASSENTAMENTO. AF_06/2015","M","ATRIBUÍDO SÃO PAULO","148,25","COMPOSICAO","88316","SERVENTE COM ENCARGOS COMPLEMENTARES","H","COEFICIENTE DE REPRESENTATIVIDADE","0,1735000","15,69","2,72","","","","","","","","","","","CAIXA REFERENCIAL"]
["ASSENTAMENTO DE TUBOS E PECAS","ASTU","FORNEC E/OU ASSENT DE TUBO DE PVC COM JUNTA ELASTI",48,"","","90705","TUBO DE PVC CORRUGADO DE DUPLA PAREDE PARA REDE COLETORA DE ESGOTO, DN 350 MM, JUNTA ELÁSTICA, INSTALADO EM LOCAL COM NÍVEL BAIXO DE INTERFERÊNCIAS - FORNECIMENTO E ASSENTAMENTO. AF_06/2015","M","ATRIBUÍDO SÃO PAULO","216,12","","","","","","","","","6,90","3,1965162","209,22","96,8034838","0,00","0,0000000","0,00","0,0000000","0,00","0,0000000","CAIXA REFERENCIAL"]
["ASSENTAMENTO DE TUBOS E PECAS","ASTU","FORNEC E/OU ASSENT DE TUBO DE PVC COM JUNTA ELASTI",48,"","","90705","TUBO DE PVC CORRUGADO DE DUPLA PAREDE PARA REDE COLETORA DE ESGOTO, DN 350 MM, JUNTA ELÁSTICA, INSTALADO EM LOCAL COM NÍVEL BAIXO DE INTERFERÊNCIAS - FORNECIMENTO E ASSENTAMENTO. AF_06/2015","M","ATRIBUÍDO SÃO PAULO","216,12","INSUMO","309","ANEL BORRACHA, PARA TUBO PVC, REDE COLETOR ESGOTO, DN 350 MM (NBR 7362)","UN","ATRIBUÍDO SÃO PAULO","0,1667000","29,38","4,89","","","","","","","","","","","CAIXA REFERENCIAL"]
["ASSENTAMENTO DE TUBOS E PECAS","ASTU","FORNEC E/OU ASSENT DE TUBO DE PVC COM JUNTA ELASTI",48,"","","90705","TUBO DE PVC CORRUGADO DE DUPLA PAREDE PARA REDE COLETORA DE ESGOTO, DN 350 MM, JUNTA ELÁSTICA, INSTALADO EM LOCAL COM NÍVEL BAIXO DE INTERFERÊNCIAS - FORNECIMENTO E ASSENTAMENTO. AF_06/2015","M","ATRIBUÍDO SÃO PAULO","216,12","INSUMO","20078","PASTA LUBRIFICANTE PARA TUBOS E CONEXOES COM JUNTA ELASTICA (USO EM PVC, ACO, POLIETILENO E OUTROS) ( DE *400* G)","UN","COEFICIENTE DE REPRESENTATIVIDADE","0,0229000","16,40","0,37","","","","","","","","","","","CAIXA REFERENCIAL"]
["ASSENTAMENTO DE TUBOS E PECAS","ASTU","FORNEC E/OU ASSENT DE TUBO DE PVC COM JUNTA ELASTI",48,"","","90705","TUBO DE PVC CORRUGADO DE DUPLA PAREDE PARA REDE COLETORA DE ESGOTO, DN 350 MM, JUNTA ELÁSTICA, INSTALADO EM LOCAL COM NÍVEL BAIXO DE INTERFERÊNCIAS - FORNECIMENTO E ASSENTAMENTO. AF_06/2015","M","ATRIBUÍDO SÃO PAULO","216,12","INSUMO","38036","TUBO PVC CORRUGADO, PAREDE DUPLA, JE, DN 350 MM, REDE COLETORA ESGOTO","M","ATRIBUÍDO SÃO PAULO","1,0500000","192,61","202,24","","","","","","","","","","","CAIXA REFERENCIAL"]
["ASSENTAMENTO DE TUBOS E PECAS","ASTU","FORNEC E/OU ASSENT DE TUBO DE PVC COM JUNTA ELASTI",48,"","","90705","TUBO DE PVC CORRUGADO DE DUPLA PAREDE PARA REDE COLETORA DE ESGOTO, DN 350 MM, JUNTA ELÁSTICA, INSTALADO EM LOCAL COM NÍVEL BAIXO DE INTERFERÊNCIAS - FORNECIMENTO E ASSENTAMENTO. AF_06/2015","M","ATRIBUÍDO SÃO PAULO","216,12","COMPOSICAO","88246","ASSENTADOR DE TUBOS COM ENCARGOS COMPLEMENTARES","H","COEFICIENTE DE REPRESENTATIVIDADE","0,1869000","30,49","5,69","","","","","","","","","","","CAIXA REFERENCIAL"]
["ASSENTAMENTO DE TUBOS E PECAS","ASTU","FORNEC E/OU ASSENT DE TUBO DE PVC COM JUNTA ELASTI",48,"","","90705","TUBO DE PVC CORRUGADO DE DUPLA PAREDE PARA REDE COLETORA DE ESGOTO, DN 350 MM, JUNTA ELÁSTICA, INSTALADO EM LOCAL COM NÍVEL BAIXO DE INTERFERÊNCIAS - FORNECIMENTO E ASSENTAMENTO. AF_06/2015","M","ATRIBUÍDO SÃO PAULO","216,12","COMPOSICAO","88316","SERVENTE COM ENCARGOS COMPLEMENTARES","H","COEFICIENTE DE REPRESENTATIVIDADE","0,1869000","15,69","2,93","","","","","","","","","","","CAIXA REFERENCIAL"]
["ASSENTAMENTO DE TUBOS E PECAS","ASTU","FORNEC E/OU ASSENT DE TUBO DE PVC COM JUNTA ELASTI",48,"","","90706","TUBO DE PVC CORRUGADO DE DUPLA PAREDE PARA REDE COLETORA DE ESGOTO, DN 400 MM, JUNTA ELÁSTICA, INSTALADO EM LOCAL COM NÍVEL BAIXO DE INTERFERÊNCIAS - FORNECIMENTO E ASSENTAMENTO. AF_06/2015","M","ATRIBUÍDO SÃO PAULO","264,75","","","","","","","","","10,98","4,1494874","250,89","94,7611303","2,88","1,0893823","0,00","0,0000000","0,00","0,0000000","CAIXA REFERENCIAL"]
["ASSENTAMENTO DE TUBOS E PECAS","ASTU","FORNEC E/OU ASSENT DE TUBO DE PVC COM JUNTA ELASTI",48,"","","90706","TUBO DE PVC CORRUGADO DE DUPLA PAREDE PARA REDE COLETORA DE ESGOTO, DN 400 MM, JUNTA ELÁSTICA, INSTALADO EM LOCAL COM NÍVEL BAIXO DE INTERFERÊNCIAS - FORNECIMENTO E ASSENTAMENTO. AF_06/2015","M","ATRIBUÍDO SÃO PAULO","264,75","INSUMO","310","ANEL BORRACHA, PARA TUBO PVC, REDE COLETOR ESGOTO, DN 400 MM (NBR 7362)","UN","ATRIBUÍDO SÃO PAULO","0,1667000","37,26","6,21","","","","","","","","","","","CAIXA REFERENCIAL"]
["ASSENTAMENTO DE TUBOS E PECAS","ASTU","FORNEC E/OU ASSENT DE TUBO DE PVC COM JUNTA ELASTI",48,"","","90706","TUBO DE PVC CORRUGADO DE DUPLA PAREDE PARA REDE COLETORA DE ESGOTO, DN 400 MM, JUNTA ELÁSTICA, INSTALADO EM LOCAL COM NÍVEL BAIXO DE INTERFERÊNCIAS - FORNECIMENTO E ASSENTAMENTO. AF_06/2015","M","ATRIBUÍDO SÃO PAULO","264,75","COMPOSICAO","5678","RETROESCAVADEIRA SOBRE RODAS COM CARREGADEIRA, TRAÇÃO 4X4, POTÊNCIA LÍQ. 88 HP, CAÇAMBA CARREG. CAP. MÍN. 1 M3, CAÇAMBA RETRO CAP. 0,26 M3, PESO OPERACIONAL MÍN. 6.674 KG, PROFUNDIDADE ESCAVAÇÃO MÁX. 4,37 M - CHP DIURNO. AF_06/2014","CHP","ATRIBUÍDO SÃO PAULO","0,0649000","116,84","7,58","","","","","","","","","","","CAIXA REFERENCIAL"]
["ASSENTAMENTO DE TUBOS E PECAS","ASTU","FORNEC E/OU ASSENT DE TUBO DE PVC COM JUNTA ELASTI",48,"","","90706","TUBO DE PVC CORRUGADO DE DUPLA PAREDE PARA REDE COLETORA DE ESGOTO, DN 400 MM, JUNTA ELÁSTICA, INSTALADO EM LOCAL COM NÍVEL BAIXO DE INTERFERÊNCIAS - FORNECIMENTO E ASSENTAMENTO. AF_06/2015","M","ATRIBUÍDO SÃO PAULO","264,75","COMPOSICAO","5679","RETROESCAVADEIRA SOBRE RODAS COM CARREGADEIRA, TRAÇÃO 4X4, POTÊNCIA LÍQ. 88 HP, CAÇAMBA CARREG. CAP. MÍN. 1 M3, CAÇAMBA RETRO CAP. 0,26 M3, PESO OPERACIONAL MÍN. 6.674 KG, PROFUNDIDADE ESCAVAÇÃO MÁX. 4,37 M - CHI DIURNO. AF_06/2014","CHI","ATRIBUÍDO SÃO PAULO","0,0403000","55,33","2,22","","","","","","","","","","","CAIXA REFERENCIAL"]
["ASSENTAMENTO DE TUBOS E PECAS","ASTU","FORNEC E/OU ASSENT DE TUBO DE PVC COM JUNTA ELASTI",48,"","","90706","TUBO DE PVC CORRUGADO DE DUPLA PAREDE PARA REDE COLETORA DE ESGOTO, DN 400 MM, JUNTA ELÁSTICA, INSTALADO EM LOCAL COM NÍVEL BAIXO DE INTERFERÊNCIAS - FORNECIMENTO E ASSENTAMENTO. AF_06/2015","M","ATRIBUÍDO SÃO PAULO","264,75","INSUMO","20078","PASTA LUBRIFICANTE PARA TUBOS E CONEXOES COM JUNTA ELASTICA (USO EM PVC, ACO, POLIETILENO E OUTROS) ( DE *400* G)","UN","COEFICIENTE DE REPRESENTATIVIDADE","0,0250000","16,40","0,41","","","","","","","","","","","CAIXA REFERENCIAL"]
["ASSENTAMENTO DE TUBOS E PECAS","ASTU","FORNEC E/OU ASSENT DE TUBO DE PVC COM JUNTA ELASTI",48,"","","90706","TUBO DE PVC CORRUGADO DE DUPLA PAREDE PARA REDE COLETORA DE ESGOTO, DN 400 MM, JUNTA ELÁSTICA, INSTALADO EM LOCAL COM NÍVEL BAIXO DE INTERFERÊNCIAS - FORNECIMENTO E ASSENTAMENTO. AF_06/2015","M","ATRIBUÍDO SÃO PAULO","264,75","INSUMO","38037","TUBO PVC CORRUGADO, PAREDE DUPLA, JE, DN 400 MM, REDE COLETORA ESGOTO","M","ATRIBUÍDO SÃO PAULO","1,0500000","227,71","239,09","","","","","","","","","","","CAIXA REFERENCIAL"]
["ASSENTAMENTO DE TUBOS E PECAS","ASTU","FORNEC E/OU ASSENT DE TUBO DE PVC COM JUNTA ELASTI",48,"","","90706","TUBO DE PVC CORRUGADO DE DUPLA PAREDE PARA REDE COLETORA DE ESGOTO, DN 400 MM, JUNTA ELÁSTICA, INSTALADO EM LOCAL COM NÍVEL BAIXO DE INTERFERÊNCIAS - FORNECIMENTO E ASSENTAMENTO. AF_06/2015","M","ATRIBUÍDO SÃO PAULO","264,75","COMPOSICAO","88246","ASSENTADOR DE TUBOS COM ENCARGOS COMPLEMENTARES","H","COEFICIENTE DE REPRESENTATIVIDADE","0,2002000","30,49","6,10","","","","","","","","","","","CAIXA REFERENCIAL"]
["ASSENTAMENTO DE TUBOS E PECAS","ASTU","FORNEC E/OU ASSENT DE TUBO DE PVC COM JUNTA ELASTI",48,"","","90706","TUBO DE PVC CORRUGADO DE DUPLA PAREDE PARA REDE COLETORA DE ESGOTO, DN 400 MM, JUNTA ELÁSTICA, INSTALADO EM LOCAL COM NÍVEL BAIXO DE INTERFERÊNCIAS - FORNECIMENTO E ASSENTAMENTO. AF_06/2015","M","ATRIBUÍDO SÃO PAULO","264,75","COMPOSICAO","88316","SERVENTE COM ENCARGOS COMPLEMENTARES","H","COEFICIENTE DE REPRESENTATIVIDADE","0,2002000","15,69","3,14","","","","","","","","","","","CAIXA REFERENCIAL"]
["ASSENTAMENTO DE TUBOS E PECAS","ASTU","FORNEC E/OU ASSENT DE TUBO DE PVC COM JUNTA ELASTI",48,"","","90708","TUBO DE PEAD CORRUGADO DE DUPLA PAREDE PARA REDE COLETORA DE ESGOTO, DN 600 MM, JUNTA ELÁSTICA INTEGRADA, INSTALADO EM LOCAL COM NÍVEL BAIXO DE INTERFERÊNCIAS - FORNECIMENTO E ASSENTAMENTO. AF_06/2015","M","ATRIBUÍDO SÃO PAULO","420,80","","","","","","","","","7,11","1,6910453","410,52","97,5550007","3,17","0,7539540","0,00","0,0000000","0,00","0,0000000","CAIXA REFERENCIAL"]
["ASSENTAMENTO DE TUBOS E PECAS","ASTU","FORNEC E/OU ASSENT DE TUBO DE PVC COM JUNTA ELASTI",48,"","","90708","TUBO DE PEAD CORRUGADO DE DUPLA PAREDE PARA REDE COLETORA DE ESGOTO, DN 600 MM, JUNTA ELÁSTICA INTEGRADA, INSTALADO EM LOCAL COM NÍVEL BAIXO DE INTERFERÊNCIAS - FORNECIMENTO E ASSENTAMENTO. AF_06/2015","M","ATRIBUÍDO SÃO PAULO","420,80","COMPOSICAO","5631","ESCAVADEIRA HIDRÁULICA SOBRE ESTEIRAS, CAÇAMBA 0,80 M3, PESO OPERACIONAL 17 T, POTENCIA BRUTA 111 HP - CHP DIURNO. AF_06/2014","CHP","ATRIBUÍDO SÃO PAULO","0,0422000","149,54","6,31","","","","","","","","","","","CAIXA REFERENCIAL"]
["ASSENTAMENTO DE TUBOS E PECAS","ASTU","FORNEC E/OU ASSENT DE TUBO DE PVC COM JUNTA ELASTI",48,"","","90708","TUBO DE PEAD CORRUGADO DE DUPLA PAREDE PARA REDE COLETORA DE ESGOTO, DN 600 MM, JUNTA ELÁSTICA INTEGRADA, INSTALADO EM LOCAL COM NÍVEL BAIXO DE INTERFERÊNCIAS - FORNECIMENTO E ASSENTAMENTO. AF_06/2015","M","ATRIBUÍDO SÃO PAULO","420,80","COMPOSICAO","5632","ESCAVADEIRA HIDRÁULICA SOBRE ESTEIRAS, CAÇAMBA 0,80 M3, PESO OPERACIONAL 17 T, POTENCIA BRUTA 111 HP - CHI DIURNO. AF_06/2014","CHI","ATRIBUÍDO SÃO PAULO","0,0262000","67,11","1,75","","","","","","","","","","","CAIXA REFERENCIAL"]
["ASSENTAMENTO DE TUBOS E PECAS","ASTU","FORNEC E/OU ASSENT DE TUBO DE PVC COM JUNTA ELASTI",48,"","","90708","TUBO DE PEAD CORRUGADO DE DUPLA PAREDE PARA REDE COLETORA DE ESGOTO, DN 600 MM, JUNTA ELÁSTICA INTEGRADA, INSTALADO EM LOCAL COM NÍVEL BAIXO DE INTERFERÊNCIAS - FORNECIMENTO E ASSENTAMENTO. AF_06/2015","M","ATRIBUÍDO SÃO PAULO","420,80","INSUMO","20078","PASTA LUBRIFICANTE PARA TUBOS E CONEXOES COM JUNTA ELASTICA (USO EM PVC, ACO, POLIETILENO E OUTROS) ( DE *400* G)","UN","COEFICIENTE DE REPRESENTATIVIDADE","0,0694000","16,40","1,13","","","","","","","","","","","CAIXA REFERENCIAL"]
["ASSENTAMENTO DE TUBOS E PECAS","ASTU","FORNEC E/OU ASSENT DE TUBO DE PVC COM JUNTA ELASTI",48,"","","90708","TUBO DE PEAD CORRUGADO DE DUPLA PAREDE PARA REDE COLETORA DE ESGOTO, DN 600 MM, JUNTA ELÁSTICA INTEGRADA, INSTALADO EM LOCAL COM NÍVEL BAIXO DE INTERFERÊNCIAS - FORNECIMENTO E ASSENTAMENTO. AF_06/2015","M","ATRIBUÍDO SÃO PAULO","420,80","INSUMO","41782","TUBO CORRUGADO PEAD, PAREDE DUPLA, INTERNA LISA, JEI, DN/DI 600 MM, PARA SANEAMENTO","M","ATRIBUÍDO SÃO PAULO","1,0500000","386,30","405,61","","","","","","","","","","","CAIXA REFERENCIAL"]
["ASSENTAMENTO DE TUBOS E PECAS","ASTU","FORNEC E/OU ASSENT DE TUBO DE PVC COM JUNTA ELASTI",48,"","","90708","TUBO DE PEAD CORRUGADO DE DUPLA PAREDE PARA REDE COLETORA DE ESGOTO, DN 600 MM, JUNTA ELÁSTICA INTEGRADA, INSTALADO EM LOCAL COM NÍVEL BAIXO DE INTERFERÊNCIAS - FORNECIMENTO E ASSENTAMENTO. AF_06/2015","M","ATRIBUÍDO SÃO PAULO","420,80","COMPOSICAO","88246","ASSENTADOR DE TUBOS COM ENCARGOS COMPLEMENTARES","H","COEFICIENTE DE REPRESENTATIVIDADE","0,1301000","30,49","3,96","","","","","","","","","","","CAIXA REFERENCIAL"]
["ASSENTAMENTO DE TUBOS E PECAS","ASTU","FORNEC E/OU ASSENT DE TUBO DE PVC COM JUNTA ELASTI",48,"","","90708","TUBO DE PEAD CORRUGADO DE DUPLA PAREDE PARA REDE COLETORA DE ESGOTO, DN 600 MM, JUNTA ELÁSTICA INTEGRADA, INSTALADO EM LOCAL COM NÍVEL BAIXO DE INTERFERÊNCIAS - FORNECIMENTO E ASSENTAMENTO. AF_06/2015","M","ATRIBUÍDO SÃO PAULO","420,80","COMPOSICAO","88316","SERVENTE COM ENCARGOS COMPLEMENTARES","H","COEFICIENTE DE REPRESENTATIVIDADE","0,1301000","15,69","2,04","","","","","","","","","","","CAIXA REFERENCIAL"]
["ASSENTAMENTO DE TUBOS E PECAS","ASTU","FORNEC E/OU ASSENT DE TUBO DE PVC COM JUNTA ELASTI",48,"","","90709","TUBO DE PVC PARA REDE COLETORA DE ESGOTO DE PAREDE MACIÇA, DN 100 MM, JUNTA ELÁSTICA, INSTALADO EM LOCAL COM NÍVEL ALTO DE INTERFERÊNCIAS - FORNECIMENTO E ASSENTAMENTO. AF_06/2015","M","ATRIBUÍDO SÃO PAULO","22,42","","","","","","","","","3,99","17,8088367","18,43","82,1911633","0,00","0,0000000","0,00","0,0000000","0,00","0,0000000","CAIXA REFERENCIAL"]
["ASSENTAMENTO DE TUBOS E PECAS","ASTU","FORNEC E/OU ASSENT DE TUBO DE PVC COM JUNTA ELASTI",48,"","","90709","TUBO DE PVC PARA REDE COLETORA DE ESGOTO DE PAREDE MACIÇA, DN 100 MM, JUNTA ELÁSTICA, INSTALADO EM LOCAL COM NÍVEL ALTO DE INTERFERÊNCIAS - FORNECIMENTO E ASSENTAMENTO. AF_06/2015","M","ATRIBUÍDO SÃO PAULO","22,42","INSUMO","20078","PASTA LUBRIFICANTE PARA TUBOS E CONEXOES COM JUNTA ELASTICA (USO EM PVC, ACO, POLIETILENO E OUTROS) ( DE *400* G)","UN","COEFICIENTE DE REPRESENTATIVIDADE","0,0104000","16,40","0,17","","","","","","","","","","","CAIXA REFERENCIAL"]
["ASSENTAMENTO DE TUBOS E PECAS","ASTU","FORNEC E/OU ASSENT DE TUBO DE PVC COM JUNTA ELASTI",48,"","","90709","TUBO DE PVC PARA REDE COLETORA DE ESGOTO DE PAREDE MACIÇA, DN 100 MM, JUNTA ELÁSTICA, INSTALADO EM LOCAL COM NÍVEL ALTO DE INTERFERÊNCIAS - FORNECIMENTO E ASSENTAMENTO. AF_06/2015","M","ATRIBUÍDO SÃO PAULO","22,42","INSUMO","36365","TUBO COLETOR DE ESGOTO PVC, JEI, DN 100 MM (NBR  7362)","M","ATRIBUÍDO SÃO PAULO","1,0500000","16,48","17,30","","","","","","","","","","","CAIXA REFERENCIAL"]
["ASSENTAMENTO DE TUBOS E PECAS","ASTU","FORNEC E/OU ASSENT DE TUBO DE PVC COM JUNTA ELASTI",48,"","","90709","TUBO DE PVC PARA REDE COLETORA DE ESGOTO DE PAREDE MACIÇA, DN 100 MM, JUNTA ELÁSTICA, INSTALADO EM LOCAL COM NÍVEL ALTO DE INTERFERÊNCIAS - FORNECIMENTO E ASSENTAMENTO. AF_06/2015","M","ATRIBUÍDO SÃO PAULO","22,42","COMPOSICAO","88246","ASSENTADOR DE TUBOS COM ENCARGOS COMPLEMENTARES","H","COEFICIENTE DE REPRESENTATIVIDADE","0,1074000","30,49","3,27","","","","","","","","","","","CAIXA REFERENCIAL"]
["ASSENTAMENTO DE TUBOS E PECAS","ASTU","FORNEC E/OU ASSENT DE TUBO DE PVC COM JUNTA ELASTI",48,"","","90709","TUBO DE PVC PARA REDE COLETORA DE ESGOTO DE PAREDE MACIÇA, DN 100 MM, JUNTA ELÁSTICA, INSTALADO EM LOCAL COM NÍVEL ALTO DE INTERFERÊNCIAS - FORNECIMENTO E ASSENTAMENTO. AF_06/2015","M","ATRIBUÍDO SÃO PAULO","22,42","COMPOSICAO","88316","SERVENTE COM ENCARGOS COMPLEMENTARES","H","COEFICIENTE DE REPRESENTATIVIDADE","0,1074000","15,69","1,68","","","","","","","","","","","CAIXA REFERENCIAL"]
["ASSENTAMENTO DE TUBOS E PECAS","ASTU","FORNEC E/OU ASSENT DE TUBO DE PVC COM JUNTA ELASTI",48,"","","90710","TUBO DE PVC PARA REDE COLETORA DE ESGOTO DE PAREDE MACIÇA, DN 150 MM, JUNTA ELÁSTICA, INSTALADO EM LOCAL COM NÍVEL ALTO DE INTERFERÊNCIAS - FORNECIMENTO E ASSENTAMENTO. AF_06/2015","M","ATRIBUÍDO SÃO PAULO","43,02","","","","","","","","","4,46","10,3714085","38,56","89,6285915","0,00","0,0000000","0,00","0,0000000","0,00","0,0000000","CAIXA REFERENCIAL"]
["ASSENTAMENTO DE TUBOS E PECAS","ASTU","FORNEC E/OU ASSENT DE TUBO DE PVC COM JUNTA ELASTI",48,"","","90710","TUBO DE PVC PARA REDE COLETORA DE ESGOTO DE PAREDE MACIÇA, DN 150 MM, JUNTA ELÁSTICA, INSTALADO EM LOCAL COM NÍVEL ALTO DE INTERFERÊNCIAS - FORNECIMENTO E ASSENTAMENTO. AF_06/2015","M","ATRIBUÍDO SÃO PAULO","43,02","INSUMO","20078","PASTA LUBRIFICANTE PARA TUBOS E CONEXOES COM JUNTA ELASTICA (USO EM PVC, ACO, POLIETILENO E OUTROS) ( DE *400* G)","UN","COEFICIENTE DE REPRESENTATIVIDADE","0,0146000","16,40","0,23","","","","","","","","","","","CAIXA REFERENCIAL"]
["ASSENTAMENTO DE TUBOS E PECAS","ASTU","FORNEC E/OU ASSENT DE TUBO DE PVC COM JUNTA ELASTI",48,"","","90710","TUBO DE PVC PARA REDE COLETORA DE ESGOTO DE PAREDE MACIÇA, DN 150 MM, JUNTA ELÁSTICA, INSTALADO EM LOCAL COM NÍVEL ALTO DE INTERFERÊNCIAS - FORNECIMENTO E ASSENTAMENTO. AF_06/2015","M","ATRIBUÍDO SÃO PAULO","43,02","INSUMO","41936","TUBO COLETOR DE ESGOTO, PVC, JEI, DN 150 MM  (NBR 7362)","M","ATRIBUÍDO SÃO PAULO","1,0500000","35,45","37,22","","","","","","","","","","","CAIXA REFERENCIAL"]
["ASSENTAMENTO DE TUBOS E PECAS","ASTU","FORNEC E/OU ASSENT DE TUBO DE PVC COM JUNTA ELASTI",48,"","","90710","TUBO DE PVC PARA REDE COLETORA DE ESGOTO DE PAREDE MACIÇA, DN 150 MM, JUNTA ELÁSTICA, INSTALADO EM LOCAL COM NÍVEL ALTO DE INTERFERÊNCIAS - FORNECIMENTO E ASSENTAMENTO. AF_06/2015","M","ATRIBUÍDO SÃO PAULO","43,02","COMPOSICAO","88246","ASSENTADOR DE TUBOS COM ENCARGOS COMPLEMENTARES","H","COEFICIENTE DE REPRESENTATIVIDADE","0,1207000","30,49","3,68","","","","","","","","","","","CAIXA REFERENCIAL"]
["ASSENTAMENTO DE TUBOS E PECAS","ASTU","FORNEC E/OU ASSENT DE TUBO DE PVC COM JUNTA ELASTI",48,"","","90710","TUBO DE PVC PARA REDE COLETORA DE ESGOTO DE PAREDE MACIÇA, DN 150 MM, JUNTA ELÁSTICA, INSTALADO EM LOCAL COM NÍVEL ALTO DE INTERFERÊNCIAS - FORNECIMENTO E ASSENTAMENTO. AF_06/2015","M","ATRIBUÍDO SÃO PAULO","43,02","COMPOSICAO","88316","SERVENTE COM ENCARGOS COMPLEMENTARES","H","COEFICIENTE DE REPRESENTATIVIDADE","0,1207000","15,69","1,89","","","","","","","","","","","CAIXA REFERENCIAL"]
["ASSENTAMENTO DE TUBOS E PECAS","ASTU","FORNEC E/OU ASSENT DE TUBO DE PVC COM JUNTA ELASTI",48,"","","90711","TUBO DE PVC PARA REDE COLETORA DE ESGOTO DE PAREDE MACIÇA, DN 200 MM, JUNTA ELÁSTICA, INSTALADO EM LOCAL COM NÍVEL ALTO DE INTERFERÊNCIAS - FORNECIMENTO E ASSENTAMENTO. AF_06/2015","M","ATRIBUÍDO SÃO PAULO","64,56","","","","","","","","","4,96","7,6946992","59,60","92,3053008","0,00","0,0000000","0,00","0,0000000","0,00","0,0000000","CAIXA REFERENCIAL"]
["ASSENTAMENTO DE TUBOS E PECAS","ASTU","FORNEC E/OU ASSENT DE TUBO DE PVC COM JUNTA ELASTI",48,"","","90711","TUBO DE PVC PARA REDE COLETORA DE ESGOTO DE PAREDE MACIÇA, DN 200 MM, JUNTA ELÁSTICA, INSTALADO EM LOCAL COM NÍVEL ALTO DE INTERFERÊNCIAS - FORNECIMENTO E ASSENTAMENTO. AF_06/2015","M","ATRIBUÍDO SÃO PAULO","64,56","INSUMO","20078","PASTA LUBRIFICANTE PARA TUBOS E CONEXOES COM JUNTA ELASTICA (USO EM PVC, ACO, POLIETILENO E OUTROS) ( DE *400* G)","UN","COEFICIENTE DE REPRESENTATIVIDADE","0,0167000","16,40","0,27","","","","","","","","","","","CAIXA REFERENCIAL"]
["ASSENTAMENTO DE TUBOS E PECAS","ASTU","FORNEC E/OU ASSENT DE TUBO DE PVC COM JUNTA ELASTI",48,"","","90711","TUBO DE PVC PARA REDE COLETORA DE ESGOTO DE PAREDE MACIÇA, DN 200 MM, JUNTA ELÁSTICA, INSTALADO EM LOCAL COM NÍVEL ALTO DE INTERFERÊNCIAS - FORNECIMENTO E ASSENTAMENTO. AF_06/2015","M","ATRIBUÍDO SÃO PAULO","64,56","INSUMO","41930","TUBO COLETOR DE ESGOTO PVC, JEI, DN 200 MM (NBR 7362)","M","ATRIBUÍDO SÃO PAULO","1,0500000","55,35","58,11","","","","","","","","","","","CAIXA REFERENCIAL"]
["ASSENTAMENTO DE TUBOS E PECAS","ASTU","FORNEC E/OU ASSENT DE TUBO DE PVC COM JUNTA ELASTI",48,"","","90711","TUBO DE PVC PARA REDE COLETORA DE ESGOTO DE PAREDE MACIÇA, DN 200 MM, JUNTA ELÁSTICA, INSTALADO EM LOCAL COM NÍVEL ALTO DE INTERFERÊNCIAS - FORNECIMENTO E ASSENTAMENTO. AF_06/2015","M","ATRIBUÍDO SÃO PAULO","64,56","COMPOSICAO","88246","ASSENTADOR DE TUBOS COM ENCARGOS COMPLEMENTARES","H","COEFICIENTE DE REPRESENTATIVIDADE","0,1340000","30,49","4,08","","","","","","","","","","","CAIXA REFERENCIAL"]
["ASSENTAMENTO DE TUBOS E PECAS","ASTU","FORNEC E/OU ASSENT DE TUBO DE PVC COM JUNTA ELASTI",48,"","","90711","TUBO DE PVC PARA REDE COLETORA DE ESGOTO DE PAREDE MACIÇA, DN 200 MM, JUNTA ELÁSTICA, INSTALADO EM LOCAL COM NÍVEL ALTO DE INTERFERÊNCIAS - FORNECIMENTO E ASSENTAMENTO. AF_06/2015","M","ATRIBUÍDO SÃO PAULO","64,56","COMPOSICAO","88316","SERVENTE COM ENCARGOS COMPLEMENTARES","H","COEFICIENTE DE REPRESENTATIVIDADE","0,1340000","15,69","2,10","","","","","","","","","","","CAIXA REFERENCIAL"]
["ASSENTAMENTO DE TUBOS E PECAS","ASTU","FORNEC E/OU ASSENT DE TUBO DE PVC COM JUNTA ELASTI",48,"","","90712","TUBO DE PVC PARA REDE COLETORA DE ESGOTO DE PAREDE MACIÇA, DN 250 MM, JUNTA ELÁSTICA, INSTALADO EM LOCAL COM NÍVEL ALTO DE INTERFERÊNCIAS - FORNECIMENTO E ASSENTAMENTO. AF_06/2015","M","ATRIBUÍDO SÃO PAULO","105,65","","","","","","","","","5,43","5,1488716","100,22","94,8511284","0,00","0,0000000","0,00","0,0000000","0,00","0,0000000","CAIXA REFERENCIAL"]
["ASSENTAMENTO DE TUBOS E PECAS","ASTU","FORNEC E/OU ASSENT DE TUBO DE PVC COM JUNTA ELASTI",48,"","","90712","TUBO DE PVC PARA REDE COLETORA DE ESGOTO DE PAREDE MACIÇA, DN 250 MM, JUNTA ELÁSTICA, INSTALADO EM LOCAL COM NÍVEL ALTO DE INTERFERÊNCIAS - FORNECIMENTO E ASSENTAMENTO. AF_06/2015","M","ATRIBUÍDO SÃO PAULO","105,65","INSUMO","20078","PASTA LUBRIFICANTE PARA TUBOS E CONEXOES COM JUNTA ELASTICA (USO EM PVC, ACO, POLIETILENO E OUTROS) ( DE *400* G)","UN","COEFICIENTE DE REPRESENTATIVIDADE","0,0208000","16,40","0,34","","","","","","","","","","","CAIXA REFERENCIAL"]
["ASSENTAMENTO DE TUBOS E PECAS","ASTU","FORNEC E/OU ASSENT DE TUBO DE PVC COM JUNTA ELASTI",48,"","","90712","TUBO DE PVC PARA REDE COLETORA DE ESGOTO DE PAREDE MACIÇA, DN 250 MM, JUNTA ELÁSTICA, INSTALADO EM LOCAL COM NÍVEL ALTO DE INTERFERÊNCIAS - FORNECIMENTO E ASSENTAMENTO. AF_06/2015","M","ATRIBUÍDO SÃO PAULO","105,65","INSUMO","41931","TUBO COLETOR DE ESGOTO PVC, JEI, DN 250 MM (NBR 7362)","M","ATRIBUÍDO SÃO PAULO","1,0500000","93,82","98,51","","","","","","","","","","","CAIXA REFERENCIAL"]
["ASSENTAMENTO DE TUBOS E PECAS","ASTU","FORNEC E/OU ASSENT DE TUBO DE PVC COM JUNTA ELASTI",48,"","","90712","TUBO DE PVC PARA REDE COLETORA DE ESGOTO DE PAREDE MACIÇA, DN 250 MM, JUNTA ELÁSTICA, INSTALADO EM LOCAL COM NÍVEL ALTO DE INTERFERÊNCIAS - FORNECIMENTO E ASSENTAMENTO. AF_06/2015","M","ATRIBUÍDO SÃO PAULO","105,65","COMPOSICAO","88246","ASSENTADOR DE TUBOS COM ENCARGOS COMPLEMENTARES","H","COEFICIENTE DE REPRESENTATIVIDADE","0,1474000","30,49","4,49","","","","","","","","","","","CAIXA REFERENCIAL"]
["ASSENTAMENTO DE TUBOS E PECAS","ASTU","FORNEC E/OU ASSENT DE TUBO DE PVC COM JUNTA ELASTI",48,"","","90712","TUBO DE PVC PARA REDE COLETORA DE ESGOTO DE PAREDE MACIÇA, DN 250 MM, JUNTA ELÁSTICA, INSTALADO EM LOCAL COM NÍVEL ALTO DE INTERFERÊNCIAS - FORNECIMENTO E ASSENTAMENTO. AF_06/2015","M","ATRIBUÍDO SÃO PAULO","105,65","COMPOSICAO","88316","SERVENTE COM ENCARGOS COMPLEMENTARES","H","COEFICIENTE DE REPRESENTATIVIDADE","0,1474000","15,69","2,31","","","","","","","","","","","CAIXA REFERENCIAL"]
["ASSENTAMENTO DE TUBOS E PECAS","ASTU","FORNEC E/OU ASSENT DE TUBO DE PVC COM JUNTA ELASTI",48,"","","90713","TUBO DE PVC PARA REDE COLETORA DE ESGOTO DE PAREDE MACIÇA, DN 300 MM, JUNTA ELÁSTICA, INSTALADO EM LOCAL COM NÍVEL ALTO DE INTERFERÊNCIAS - FORNECIMENTO E ASSENTAMENTO. AF_06/2015","M","ATRIBUÍDO SÃO PAULO","167,46","","","","","","","","","5,92","3,5400346","161,54","96,4599654","0,00","0,0000000","0,00","0,0000000","0,00","0,0000000","CAIXA REFERENCIAL"]
["ASSENTAMENTO DE TUBOS E PECAS","ASTU","FORNEC E/OU ASSENT DE TUBO DE PVC COM JUNTA ELASTI",48,"","","90713","TUBO DE PVC PARA REDE COLETORA DE ESGOTO DE PAREDE MACIÇA, DN 300 MM, JUNTA ELÁSTICA, INSTALADO EM LOCAL COM NÍVEL ALTO DE INTERFERÊNCIAS - FORNECIMENTO E ASSENTAMENTO. AF_06/2015","M","ATRIBUÍDO SÃO PAULO","167,46","INSUMO","20078","PASTA LUBRIFICANTE PARA TUBOS E CONEXOES COM JUNTA ELASTICA (USO EM PVC, ACO, POLIETILENO E OUTROS) ( DE *400* G)","UN","COEFICIENTE DE REPRESENTATIVIDADE","0,0250000","16,40","0,41","","","","","","","","","","","CAIXA REFERENCIAL"]
["ASSENTAMENTO DE TUBOS E PECAS","ASTU","FORNEC E/OU ASSENT DE TUBO DE PVC COM JUNTA ELASTI",48,"","","90713","TUBO DE PVC PARA REDE COLETORA DE ESGOTO DE PAREDE MACIÇA, DN 300 MM, JUNTA ELÁSTICA, INSTALADO EM LOCAL COM NÍVEL ALTO DE INTERFERÊNCIAS - FORNECIMENTO E ASSENTAMENTO. AF_06/2015","M","ATRIBUÍDO SÃO PAULO","167,46","INSUMO","41932","TUBO COLETOR DE ESGOTO PVC, JEI, DN 300 MM (NBR 7362)","M","ATRIBUÍDO SÃO PAULO","1,0500000","152,04","159,64","","","","","","","","","","","CAIXA REFERENCIAL"]
["ASSENTAMENTO DE TUBOS E PECAS","ASTU","FORNEC E/OU ASSENT DE TUBO DE PVC COM JUNTA ELASTI",48,"","","90713","TUBO DE PVC PARA REDE COLETORA DE ESGOTO DE PAREDE MACIÇA, DN 300 MM, JUNTA ELÁSTICA, INSTALADO EM LOCAL COM NÍVEL ALTO DE INTERFERÊNCIAS - FORNECIMENTO E ASSENTAMENTO. AF_06/2015","M","ATRIBUÍDO SÃO PAULO","167,46","COMPOSICAO","88246","ASSENTADOR DE TUBOS COM ENCARGOS COMPLEMENTARES","H","COEFICIENTE DE REPRESENTATIVIDADE","0,1607000","30,49","4,89","","","","","","","","","","","CAIXA REFERENCIAL"]
["ASSENTAMENTO DE TUBOS E PECAS","ASTU","FORNEC E/OU ASSENT DE TUBO DE PVC COM JUNTA ELASTI",48,"","","90713","TUBO DE PVC PARA REDE COLETORA DE ESGOTO DE PAREDE MACIÇA, DN 300 MM, JUNTA ELÁSTICA, INSTALADO EM LOCAL COM NÍVEL ALTO DE INTERFERÊNCIAS - FORNECIMENTO E ASSENTAMENTO. AF_06/2015","M","ATRIBUÍDO SÃO PAULO","167,46","COMPOSICAO","88316","SERVENTE COM ENCARGOS COMPLEMENTARES","H","COEFICIENTE DE REPRESENTATIVIDADE","0,1607000","15,69","2,52","","","","","","","","","","","CAIXA REFERENCIAL"]
["ASSENTAMENTO DE TUBOS E PECAS","ASTU","FORNEC E/OU ASSENT DE TUBO DE PVC COM JUNTA ELASTI",48,"","","90714","TUBO DE PVC PARA REDE COLETORA DE ESGOTO DE PAREDE MACIÇA, DN 350 MM, JUNTA ELÁSTICA, INSTALADO EM LOCAL COM NÍVEL ALTO DE INTERFERÊNCIAS - FORNECIMENTO E ASSENTAMENTO. AF_06/2015","M","ATRIBUÍDO SÃO PAULO","206,45","","","","","","","","","6,43","3,1178780","200,02","96,8821220","0,00","0,0000000","0,00","0,0000000","0,00","0,0000000","CAIXA REFERENCIAL"]
["ASSENTAMENTO DE TUBOS E PECAS","ASTU","FORNEC E/OU ASSENT DE TUBO DE PVC COM JUNTA ELASTI",48,"","","90714","TUBO DE PVC PARA REDE COLETORA DE ESGOTO DE PAREDE MACIÇA, DN 350 MM, JUNTA ELÁSTICA, INSTALADO EM LOCAL COM NÍVEL ALTO DE INTERFERÊNCIAS - FORNECIMENTO E ASSENTAMENTO. AF_06/2015","M","ATRIBUÍDO SÃO PAULO","206,45","INSUMO","20078","PASTA LUBRIFICANTE PARA TUBOS E CONEXOES COM JUNTA ELASTICA (USO EM PVC, ACO, POLIETILENO E OUTROS) ( DE *400* G)","UN","COEFICIENTE DE REPRESENTATIVIDADE","0,0292000","16,40","0,47","","","","","","","","","","","CAIXA REFERENCIAL"]
["ASSENTAMENTO DE TUBOS E PECAS","ASTU","FORNEC E/OU ASSENT DE TUBO DE PVC COM JUNTA ELASTI",48,"","","90714","TUBO DE PVC PARA REDE COLETORA DE ESGOTO DE PAREDE MACIÇA, DN 350 MM, JUNTA ELÁSTICA, INSTALADO EM LOCAL COM NÍVEL ALTO DE INTERFERÊNCIAS - FORNECIMENTO E ASSENTAMENTO. AF_06/2015","M","ATRIBUÍDO SÃO PAULO","206,45","INSUMO","41933","TUBO COLETOR DE ESGOTO PVC, JEI, DN 350 MM (NBR 7362)","M","ATRIBUÍDO SÃO PAULO","1,0500000","188,53","197,95","","","","","","","","","","","CAIXA REFERENCIAL"]
["ASSENTAMENTO DE TUBOS E PECAS","ASTU","FORNEC E/OU ASSENT DE TUBO DE PVC COM JUNTA ELASTI",48,"","","90714","TUBO DE PVC PARA REDE COLETORA DE ESGOTO DE PAREDE MACIÇA, DN 350 MM, JUNTA ELÁSTICA, INSTALADO EM LOCAL COM NÍVEL ALTO DE INTERFERÊNCIAS - FORNECIMENTO E ASSENTAMENTO. AF_06/2015","M","ATRIBUÍDO SÃO PAULO","206,45","COMPOSICAO","88246","ASSENTADOR DE TUBOS COM ENCARGOS COMPLEMENTARES","H","COEFICIENTE DE REPRESENTATIVIDADE","0,1741000","30,49","5,30","","","","","","","","","","","CAIXA REFERENCIAL"]
["ASSENTAMENTO DE TUBOS E PECAS","ASTU","FORNEC E/OU ASSENT DE TUBO DE PVC COM JUNTA ELASTI",48,"","","90714","TUBO DE PVC PARA REDE COLETORA DE ESGOTO DE PAREDE MACIÇA, DN 350 MM, JUNTA ELÁSTICA, INSTALADO EM LOCAL COM NÍVEL ALTO DE INTERFERÊNCIAS - FORNECIMENTO E ASSENTAMENTO. AF_06/2015","M","ATRIBUÍDO SÃO PAULO","206,45","COMPOSICAO","88316","SERVENTE COM ENCARGOS COMPLEMENTARES","H","COEFICIENTE DE REPRESENTATIVIDADE","0,1741000","15,69","2,73","","","","","","","","","","","CAIXA REFERENCIAL"]
["ASSENTAMENTO DE TUBOS E PECAS","ASTU","FORNEC E/OU ASSENT DE TUBO DE PVC COM JUNTA ELASTI",48,"","","90715","TUBO DE PVC PARA REDE COLETORA DE ESGOTO DE PAREDE MACIÇA, DN 400 MM, JUNTA ELÁSTICA, INSTALADO EM LOCAL COM NÍVEL ALTO DE INTERFERÊNCIAS - FORNECIMENTO E ASSENTAMENTO. AF_06/2015","M","ATRIBUÍDO SÃO PAULO","276,01","","","","","","","","","10,26","3,7195630","263,05","95,3006497","2,70","0,9797873","0,00","0,0000000","0,00","0,0000000","CAIXA REFERENCIAL"]
["ASSENTAMENTO DE TUBOS E PECAS","ASTU","FORNEC E/OU ASSENT DE TUBO DE PVC COM JUNTA ELASTI",48,"","","90715","TUBO DE PVC PARA REDE COLETORA DE ESGOTO DE PAREDE MACIÇA, DN 400 MM, JUNTA ELÁSTICA, INSTALADO EM LOCAL COM NÍVEL ALTO DE INTERFERÊNCIAS - FORNECIMENTO E ASSENTAMENTO. AF_06/2015","M","ATRIBUÍDO SÃO PAULO","276,01","COMPOSICAO","5678","RETROESCAVADEIRA SOBRE RODAS COM CARREGADEIRA, TRAÇÃO 4X4, POTÊNCIA LÍQ. 88 HP, CAÇAMBA CARREG. CAP. MÍN. 1 M3, CAÇAMBA RETRO CAP. 0,26 M3, PESO OPERACIONAL MÍN. 6.674 KG, PROFUNDIDADE ESCAVAÇÃO MÁX. 4,37 M - CHP DIURNO. AF_06/2014","CHP","ATRIBUÍDO SÃO PAULO","0,0608000","116,84","7,10","","","","","","","","","","","CAIXA REFERENCIAL"]
["ASSENTAMENTO DE TUBOS E PECAS","ASTU","FORNEC E/OU ASSENT DE TUBO DE PVC COM JUNTA ELASTI",48,"","","90715","TUBO DE PVC PARA REDE COLETORA DE ESGOTO DE PAREDE MACIÇA, DN 400 MM, JUNTA ELÁSTICA, INSTALADO EM LOCAL COM NÍVEL ALTO DE INTERFERÊNCIAS - FORNECIMENTO E ASSENTAMENTO. AF_06/2015","M","ATRIBUÍDO SÃO PAULO","276,01","COMPOSICAO","5679","RETROESCAVADEIRA SOBRE RODAS COM CARREGADEIRA, TRAÇÃO 4X4, POTÊNCIA LÍQ. 88 HP, CAÇAMBA CARREG. CAP. MÍN. 1 M3, CAÇAMBA RETRO CAP. 0,26 M3, PESO OPERACIONAL MÍN. 6.674 KG, PROFUNDIDADE ESCAVAÇÃO MÁX. 4,37 M - CHI DIURNO. AF_06/2014","CHI","ATRIBUÍDO SÃO PAULO","0,0378000","55,33","2,09","","","","","","","","","","","CAIXA REFERENCIAL"]
["ASSENTAMENTO DE TUBOS E PECAS","ASTU","FORNEC E/OU ASSENT DE TUBO DE PVC COM JUNTA ELASTI",48,"","","90715","TUBO DE PVC PARA REDE COLETORA DE ESGOTO DE PAREDE MACIÇA, DN 400 MM, JUNTA ELÁSTICA, INSTALADO EM LOCAL COM NÍVEL ALTO DE INTERFERÊNCIAS - FORNECIMENTO E ASSENTAMENTO. AF_06/2015","M","ATRIBUÍDO SÃO PAULO","276,01","INSUMO","20078","PASTA LUBRIFICANTE PARA TUBOS E CONEXOES COM JUNTA ELASTICA (USO EM PVC, ACO, POLIETILENO E OUTROS) ( DE *400* G)","UN","COEFICIENTE DE REPRESENTATIVIDADE","0,0333000","16,40","0,54","","","","","","","","","","","CAIXA REFERENCIAL"]
["ASSENTAMENTO DE TUBOS E PECAS","ASTU","FORNEC E/OU ASSENT DE TUBO DE PVC COM JUNTA ELASTI",48,"","","90715","TUBO DE PVC PARA REDE COLETORA DE ESGOTO DE PAREDE MACIÇA, DN 400 MM, JUNTA ELÁSTICA, INSTALADO EM LOCAL COM NÍVEL ALTO DE INTERFERÊNCIAS - FORNECIMENTO E ASSENTAMENTO. AF_06/2015","M","ATRIBUÍDO SÃO PAULO","276,01","INSUMO","41934","TUBO COLETOR DE ESGOTO PVC, JEI, DN 400 MM (NBR 7362)","M","ATRIBUÍDO SÃO PAULO","1,0500000","245,37","257,63","","","","","","","","","","","CAIXA REFERENCIAL"]
["ASSENTAMENTO DE TUBOS E PECAS","ASTU","FORNEC E/OU ASSENT DE TUBO DE PVC COM JUNTA ELASTI",48,"","","90715","TUBO DE PVC PARA REDE COLETORA DE ESGOTO DE PAREDE MACIÇA, DN 400 MM, JUNTA ELÁSTICA, INSTALADO EM LOCAL COM NÍVEL ALTO DE INTERFERÊNCIAS - FORNECIMENTO E ASSENTAMENTO. AF_06/2015","M","ATRIBUÍDO SÃO PAULO","276,01","COMPOSICAO","88246","ASSENTADOR DE TUBOS COM ENCARGOS COMPLEMENTARES","H","COEFICIENTE DE REPRESENTATIVIDADE","0,1874000","30,49","5,71","","","","","","","","","","","CAIXA REFERENCIAL"]
["ASSENTAMENTO DE TUBOS E PECAS","ASTU","FORNEC E/OU ASSENT DE TUBO DE PVC COM JUNTA ELASTI",48,"","","90715","TUBO DE PVC PARA REDE COLETORA DE ESGOTO DE PAREDE MACIÇA, DN 400 MM, JUNTA ELÁSTICA, INSTALADO EM LOCAL COM NÍVEL ALTO DE INTERFERÊNCIAS - FORNECIMENTO E ASSENTAMENTO. AF_06/2015","M","ATRIBUÍDO SÃO PAULO","276,01","COMPOSICAO","88316","SERVENTE COM ENCARGOS COMPLEMENTARES","H","COEFICIENTE DE REPRESENTATIVIDADE","0,1874000","15,69","2,94","","","","","","","","","","","CAIXA REFERENCIAL"]
["ASSENTAMENTO DE TUBOS E PECAS","ASTU","FORNEC E/OU ASSENT DE TUBO DE PVC COM JUNTA ELASTI",48,"","","90716","TUBO DE PVC CORRUGADO DE DUPLA PAREDE PARA REDE COLETORA DE ESGOTO, DN 150 MM, JUNTA ELÁSTICA, INSTALADO EM LOCAL COM NÍVEL ALTO DE INTERFERÊNCIAS - FORNECIMENTO E ASSENTAMENTO. AF_06/2015","M","ATRIBUÍDO SÃO PAULO","41,68","","","","","","","","","6,71","16,1196911","34,97","83,8803089","0,00","0,0000000","0,00","0,0000000","0,00","0,0000000","CAIXA REFERENCIAL"]
["ASSENTAMENTO DE TUBOS E PECAS","ASTU","FORNEC E/OU ASSENT DE TUBO DE PVC COM JUNTA ELASTI",48,"","","90716","TUBO DE PVC CORRUGADO DE DUPLA PAREDE PARA REDE COLETORA DE ESGOTO, DN 150 MM, JUNTA ELÁSTICA, INSTALADO EM LOCAL COM NÍVEL ALTO DE INTERFERÊNCIAS - FORNECIMENTO E ASSENTAMENTO. AF_06/2015","M","ATRIBUÍDO SÃO PAULO","41,68","INSUMO","305","ANEL BORRACHA, PARA TUBO PVC, REDE COLETOR ESGOTO, DN 150 MM (NBR 7362)","UN","ATRIBUÍDO SÃO PAULO","0,1667000","6,04","1,00","","","","","","","","","","","CAIXA REFERENCIAL"]
["ASSENTAMENTO DE TUBOS E PECAS","ASTU","FORNEC E/OU ASSENT DE TUBO DE PVC COM JUNTA ELASTI",48,"","","90716","TUBO DE PVC CORRUGADO DE DUPLA PAREDE PARA REDE COLETORA DE ESGOTO, DN 150 MM, JUNTA ELÁSTICA, INSTALADO EM LOCAL COM NÍVEL ALTO DE INTERFERÊNCIAS - FORNECIMENTO E ASSENTAMENTO. AF_06/2015","M","ATRIBUÍDO SÃO PAULO","41,68","INSUMO","20078","PASTA LUBRIFICANTE PARA TUBOS E CONEXOES COM JUNTA ELASTICA (USO EM PVC, ACO, POLIETILENO E OUTROS) ( DE *400* G)","UN","COEFICIENTE DE REPRESENTATIVIDADE","0,0146000","16,40","0,23","","","","","","","","","","","CAIXA REFERENCIAL"]
["ASSENTAMENTO DE TUBOS E PECAS","ASTU","FORNEC E/OU ASSENT DE TUBO DE PVC COM JUNTA ELASTI",48,"","","90716","TUBO DE PVC CORRUGADO DE DUPLA PAREDE PARA REDE COLETORA DE ESGOTO, DN 150 MM, JUNTA ELÁSTICA, INSTALADO EM LOCAL COM NÍVEL ALTO DE INTERFERÊNCIAS - FORNECIMENTO E ASSENTAMENTO. AF_06/2015","M","ATRIBUÍDO SÃO PAULO","41,68","INSUMO","38032","TUBO PVC CORRUGADO, PAREDE DUPLA, JE, DN 150 MM, REDE COLETORA ESGOTO","M","ATRIBUÍDO SÃO PAULO","1,0500000","30,59","32,11","","","","","","","","","","","CAIXA REFERENCIAL"]
["ASSENTAMENTO DE TUBOS E PECAS","ASTU","FORNEC E/OU ASSENT DE TUBO DE PVC COM JUNTA ELASTI",48,"","","90716","TUBO DE PVC CORRUGADO DE DUPLA PAREDE PARA REDE COLETORA DE ESGOTO, DN 150 MM, JUNTA ELÁSTICA, INSTALADO EM LOCAL COM NÍVEL ALTO DE INTERFERÊNCIAS - FORNECIMENTO E ASSENTAMENTO. AF_06/2015","M","ATRIBUÍDO SÃO PAULO","41,68","COMPOSICAO","88246","ASSENTADOR DE TUBOS COM ENCARGOS COMPLEMENTARES","H","COEFICIENTE DE REPRESENTATIVIDADE","0,1809000","30,49","5,51","","","","","","","","","","","CAIXA REFERENCIAL"]
["ASSENTAMENTO DE TUBOS E PECAS","ASTU","FORNEC E/OU ASSENT DE TUBO DE PVC COM JUNTA ELASTI",48,"","","90716","TUBO DE PVC CORRUGADO DE DUPLA PAREDE PARA REDE COLETORA DE ESGOTO, DN 150 MM, JUNTA ELÁSTICA, INSTALADO EM LOCAL COM NÍVEL ALTO DE INTERFERÊNCIAS - FORNECIMENTO E ASSENTAMENTO. AF_06/2015","M","ATRIBUÍDO SÃO PAULO","41,68","COMPOSICAO","88316","SERVENTE COM ENCARGOS COMPLEMENTARES","H","COEFICIENTE DE REPRESENTATIVIDADE","0,1809000","15,69","2,83","","","","","","","","","","","CAIXA REFERENCIAL"]
["ASSENTAMENTO DE TUBOS E PECAS","ASTU","FORNEC E/OU ASSENT DE TUBO DE PVC COM JUNTA ELASTI",48,"","","90717","TUBO DE PVC CORRUGADO DE DUPLA PAREDE PARA REDE COLETORA DE ESGOTO, DN 200 MM, JUNTA ELÁSTICA, INSTALADO EM LOCAL COM NÍVEL ALTO DE INTERFERÊNCIAS - FORNECIMENTO E ASSENTAMENTO. AF_06/2015","M","ATRIBUÍDO SÃO PAULO","61,00","","","","","","","","","7,20","11,8063560","53,80","88,1936440","0,00","0,0000000","0,00","0,0000000","0,00","0,0000000","CAIXA REFERENCIAL"]
["ASSENTAMENTO DE TUBOS E PECAS","ASTU","FORNEC E/OU ASSENT DE TUBO DE PVC COM JUNTA ELASTI",48,"","","90717","TUBO DE PVC CORRUGADO DE DUPLA PAREDE PARA REDE COLETORA DE ESGOTO, DN 200 MM, JUNTA ELÁSTICA, INSTALADO EM LOCAL COM NÍVEL ALTO DE INTERFERÊNCIAS - FORNECIMENTO E ASSENTAMENTO. AF_06/2015","M","ATRIBUÍDO SÃO PAULO","61,00","INSUMO","306","ANEL BORRACHA, PARA TUBO PVC, REDE COLETOR ESGOTO, DN 200 MM (NBR 7362)","UN","ATRIBUÍDO SÃO PAULO","0,1667000","7,26","1,21","","","","","","","","","","","CAIXA REFERENCIAL"]
["ASSENTAMENTO DE TUBOS E PECAS","ASTU","FORNEC E/OU ASSENT DE TUBO DE PVC COM JUNTA ELASTI",48,"","","90717","TUBO DE PVC CORRUGADO DE DUPLA PAREDE PARA REDE COLETORA DE ESGOTO, DN 200 MM, JUNTA ELÁSTICA, INSTALADO EM LOCAL COM NÍVEL ALTO DE INTERFERÊNCIAS - FORNECIMENTO E ASSENTAMENTO. AF_06/2015","M","ATRIBUÍDO SÃO PAULO","61,00","INSUMO","20078","PASTA LUBRIFICANTE PARA TUBOS E CONEXOES COM JUNTA ELASTICA (USO EM PVC, ACO, POLIETILENO E OUTROS) ( DE *400* G)","UN","COEFICIENTE DE REPRESENTATIVIDADE","0,0167000","16,40","0,27","","","","","","","","","","","CAIXA REFERENCIAL"]
["ASSENTAMENTO DE TUBOS E PECAS","ASTU","FORNEC E/OU ASSENT DE TUBO DE PVC COM JUNTA ELASTI",48,"","","90717","TUBO DE PVC CORRUGADO DE DUPLA PAREDE PARA REDE COLETORA DE ESGOTO, DN 200 MM, JUNTA ELÁSTICA, INSTALADO EM LOCAL COM NÍVEL ALTO DE INTERFERÊNCIAS - FORNECIMENTO E ASSENTAMENTO. AF_06/2015","M","ATRIBUÍDO SÃO PAULO","61,00","INSUMO","38033","TUBO PVC CORRUGADO, PAREDE DUPLA, JE, DN 200 MM, REDE COLETORA ESGOTO","M","ATRIBUÍDO SÃO PAULO","1,0500000","48,16","50,56","","","","","","","","","","","CAIXA REFERENCIAL"]
["ASSENTAMENTO DE TUBOS E PECAS","ASTU","FORNEC E/OU ASSENT DE TUBO DE PVC COM JUNTA ELASTI",48,"","","90717","TUBO DE PVC CORRUGADO DE DUPLA PAREDE PARA REDE COLETORA DE ESGOTO, DN 200 MM, JUNTA ELÁSTICA, INSTALADO EM LOCAL COM NÍVEL ALTO DE INTERFERÊNCIAS - FORNECIMENTO E ASSENTAMENTO. AF_06/2015","M","ATRIBUÍDO SÃO PAULO","61,00","COMPOSICAO","88246","ASSENTADOR DE TUBOS COM ENCARGOS COMPLEMENTARES","H","COEFICIENTE DE REPRESENTATIVIDADE","0,1942000","30,49","5,92","","","","","","","","","","","CAIXA REFERENCIAL"]
["ASSENTAMENTO DE TUBOS E PECAS","ASTU","FORNEC E/OU ASSENT DE TUBO DE PVC COM JUNTA ELASTI",48,"","","90717","TUBO DE PVC CORRUGADO DE DUPLA PAREDE PARA REDE COLETORA DE ESGOTO, DN 200 MM, JUNTA ELÁSTICA, INSTALADO EM LOCAL COM NÍVEL ALTO DE INTERFERÊNCIAS - FORNECIMENTO E ASSENTAMENTO. AF_06/2015","M","ATRIBUÍDO SÃO PAULO","61,00","COMPOSICAO","88316","SERVENTE COM ENCARGOS COMPLEMENTARES","H","COEFICIENTE DE REPRESENTATIVIDADE","0,1942000","15,69","3,04","","","","","","","","","","","CAIXA REFERENCIAL"]
["ASSENTAMENTO DE TUBOS E PECAS","ASTU","FORNEC E/OU ASSENT DE TUBO DE PVC COM JUNTA ELASTI",48,"","","90718","TUBO DE PVC CORRUGADO DE DUPLA PAREDE PARA REDE COLETORA DE ESGOTO, DN 250 MM, JUNTA ELÁSTICA, INSTALADO EM LOCAL COM NÍVEL ALTO DE INTERFERÊNCIAS - FORNECIMENTO E ASSENTAMENTO. AF_06/2015","M","ATRIBUÍDO SÃO PAULO","97,68","","","","","","","","","7,68","7,8652839","90,00","92,1347161","0,00","0,0000000","0,00","0,0000000","0,00","0,0000000","CAIXA REFERENCIAL"]
["ASSENTAMENTO DE TUBOS E PECAS","ASTU","FORNEC E/OU ASSENT DE TUBO DE PVC COM JUNTA ELASTI",48,"","","90718","TUBO DE PVC CORRUGADO DE DUPLA PAREDE PARA REDE COLETORA DE ESGOTO, DN 250 MM, JUNTA ELÁSTICA, INSTALADO EM LOCAL COM NÍVEL ALTO DE INTERFERÊNCIAS - FORNECIMENTO E ASSENTAMENTO. AF_06/2015","M","ATRIBUÍDO SÃO PAULO","97,68","INSUMO","307","ANEL BORRACHA, PARA TUBO PVC, REDE COLETOR ESGOTO, DN 250 MM (NBR 7362)","UN","ATRIBUÍDO SÃO PAULO","0,1667000","14,33","2,38","","","","","","","","","","","CAIXA REFERENCIAL"]
["ASSENTAMENTO DE TUBOS E PECAS","ASTU","FORNEC E/OU ASSENT DE TUBO DE PVC COM JUNTA ELASTI",48,"","","90718","TUBO DE PVC CORRUGADO DE DUPLA PAREDE PARA REDE COLETORA DE ESGOTO, DN 250 MM, JUNTA ELÁSTICA, INSTALADO EM LOCAL COM NÍVEL ALTO DE INTERFERÊNCIAS - FORNECIMENTO E ASSENTAMENTO. AF_06/2015","M","ATRIBUÍDO SÃO PAULO","97,68","INSUMO","20078","PASTA LUBRIFICANTE PARA TUBOS E CONEXOES COM JUNTA ELASTICA (USO EM PVC, ACO, POLIETILENO E OUTROS) ( DE *400* G)","UN","COEFICIENTE DE REPRESENTATIVIDADE","0,0188000","16,40","0,30","","","","","","","","","","","CAIXA REFERENCIAL"]
["ASSENTAMENTO DE TUBOS E PECAS","ASTU","FORNEC E/OU ASSENT DE TUBO DE PVC COM JUNTA ELASTI",48,"","","90718","TUBO DE PVC CORRUGADO DE DUPLA PAREDE PARA REDE COLETORA DE ESGOTO, DN 250 MM, JUNTA ELÁSTICA, INSTALADO EM LOCAL COM NÍVEL ALTO DE INTERFERÊNCIAS - FORNECIMENTO E ASSENTAMENTO. AF_06/2015","M","ATRIBUÍDO SÃO PAULO","97,68","INSUMO","38034","TUBO PVC CORRUGADO, PAREDE DUPLA, JE, DN 250 MM, REDE COLETORA ESGOTO","M","ATRIBUÍDO SÃO PAULO","1,0500000","81,37","85,43","","","","","","","","","","","CAIXA REFERENCIAL"]
["ASSENTAMENTO DE TUBOS E PECAS","ASTU","FORNEC E/OU ASSENT DE TUBO DE PVC COM JUNTA ELASTI",48,"","","90718","TUBO DE PVC CORRUGADO DE DUPLA PAREDE PARA REDE COLETORA DE ESGOTO, DN 250 MM, JUNTA ELÁSTICA, INSTALADO EM LOCAL COM NÍVEL ALTO DE INTERFERÊNCIAS - FORNECIMENTO E ASSENTAMENTO. AF_06/2015","M","ATRIBUÍDO SÃO PAULO","97,68","COMPOSICAO","88246","ASSENTADOR DE TUBOS COM ENCARGOS COMPLEMENTARES","H","COEFICIENTE DE REPRESENTATIVIDADE","0,2076000","30,49","6,32","","","","","","","","","","","CAIXA REFERENCIAL"]
["ASSENTAMENTO DE TUBOS E PECAS","ASTU","FORNEC E/OU ASSENT DE TUBO DE PVC COM JUNTA ELASTI",48,"","","90718","TUBO DE PVC CORRUGADO DE DUPLA PAREDE PARA REDE COLETORA DE ESGOTO, DN 250 MM, JUNTA ELÁSTICA, INSTALADO EM LOCAL COM NÍVEL ALTO DE INTERFERÊNCIAS - FORNECIMENTO E ASSENTAMENTO. AF_06/2015","M","ATRIBUÍDO SÃO PAULO","97,68","COMPOSICAO","88316","SERVENTE COM ENCARGOS COMPLEMENTARES","H","COEFICIENTE DE REPRESENTATIVIDADE","0,2076000","15,69","3,25","","","","","","","","","","","CAIXA REFERENCIAL"]
["ASSENTAMENTO DE TUBOS E PECAS","ASTU","FORNEC E/OU ASSENT DE TUBO DE PVC COM JUNTA ELASTI",48,"","","90719","TUBO DE PVC CORRUGADO DE DUPLA PAREDE PARA REDE COLETORA DE ESGOTO, DN 300 MM, JUNTA ELÁSTICA, INSTALADO EM LOCAL COM NÍVEL ALTO DE INTERFERÊNCIAS - FORNECIMENTO E ASSENTAMENTO. AF_06/2015","M","ATRIBUÍDO SÃO PAULO","150,43","","","","","","","","","8,16","5,4279054","142,27","94,5720946","0,00","0,0000000","0,00","0,0000000","0,00","0,0000000","CAIXA REFERENCIAL"]
["ASSENTAMENTO DE TUBOS E PECAS","ASTU","FORNEC E/OU ASSENT DE TUBO DE PVC COM JUNTA ELASTI",48,"","","90719","TUBO DE PVC CORRUGADO DE DUPLA PAREDE PARA REDE COLETORA DE ESGOTO, DN 300 MM, JUNTA ELÁSTICA, INSTALADO EM LOCAL COM NÍVEL ALTO DE INTERFERÊNCIAS - FORNECIMENTO E ASSENTAMENTO. AF_06/2015","M","ATRIBUÍDO SÃO PAULO","150,43","INSUMO","308","ANEL BORRACHA, PARA TUBO, PVC REDE COLETOR ESGOTO, DN 300 MM (NBR 7362)","UN","ATRIBUÍDO SÃO PAULO","0,1667000","19,14","3,19","","","","","","","","","","","CAIXA REFERENCIAL"]
["ASSENTAMENTO DE TUBOS E PECAS","ASTU","FORNEC E/OU ASSENT DE TUBO DE PVC COM JUNTA ELASTI",48,"","","90719","TUBO DE PVC CORRUGADO DE DUPLA PAREDE PARA REDE COLETORA DE ESGOTO, DN 300 MM, JUNTA ELÁSTICA, INSTALADO EM LOCAL COM NÍVEL ALTO DE INTERFERÊNCIAS - FORNECIMENTO E ASSENTAMENTO. AF_06/2015","M","ATRIBUÍDO SÃO PAULO","150,43","INSUMO","20078","PASTA LUBRIFICANTE PARA TUBOS E CONEXOES COM JUNTA ELASTICA (USO EM PVC, ACO, POLIETILENO E OUTROS) ( DE *400* G)","UN","COEFICIENTE DE REPRESENTATIVIDADE","0,0208000","16,40","0,34","","","","","","","","","","","CAIXA REFERENCIAL"]
["ASSENTAMENTO DE TUBOS E PECAS","ASTU","FORNEC E/OU ASSENT DE TUBO DE PVC COM JUNTA ELASTI",48,"","","90719","TUBO DE PVC CORRUGADO DE DUPLA PAREDE PARA REDE COLETORA DE ESGOTO, DN 300 MM, JUNTA ELÁSTICA, INSTALADO EM LOCAL COM NÍVEL ALTO DE INTERFERÊNCIAS - FORNECIMENTO E ASSENTAMENTO. AF_06/2015","M","ATRIBUÍDO SÃO PAULO","150,43","INSUMO","38035","TUBO PVC CORRUGADO, PAREDE DUPLA, JE, DN 300 MM, REDE COLETORA ESGOTO","M","ATRIBUÍDO SÃO PAULO","1,0500000","130,20","136,71","","","","","","","","","","","CAIXA REFERENCIAL"]
["ASSENTAMENTO DE TUBOS E PECAS","ASTU","FORNEC E/OU ASSENT DE TUBO DE PVC COM JUNTA ELASTI",48,"","","90719","TUBO DE PVC CORRUGADO DE DUPLA PAREDE PARA REDE COLETORA DE ESGOTO, DN 300 MM, JUNTA ELÁSTICA, INSTALADO EM LOCAL COM NÍVEL ALTO DE INTERFERÊNCIAS - FORNECIMENTO E ASSENTAMENTO. AF_06/2015","M","ATRIBUÍDO SÃO PAULO","150,43","COMPOSICAO","88246","ASSENTADOR DE TUBOS COM ENCARGOS COMPLEMENTARES","H","COEFICIENTE DE REPRESENTATIVIDADE","0,2209000","30,49","6,73","","","","","","","","","","","CAIXA REFERENCIAL"]
["ASSENTAMENTO DE TUBOS E PECAS","ASTU","FORNEC E/OU ASSENT DE TUBO DE PVC COM JUNTA ELASTI",48,"","","90719","TUBO DE PVC CORRUGADO DE DUPLA PAREDE PARA REDE COLETORA DE ESGOTO, DN 300 MM, JUNTA ELÁSTICA, INSTALADO EM LOCAL COM NÍVEL ALTO DE INTERFERÊNCIAS - FORNECIMENTO E ASSENTAMENTO. AF_06/2015","M","ATRIBUÍDO SÃO PAULO","150,43","COMPOSICAO","88316","SERVENTE COM ENCARGOS COMPLEMENTARES","H","COEFICIENTE DE REPRESENTATIVIDADE","0,2209000","15,69","3,46","","","","","","","","","","","CAIXA REFERENCIAL"]
["ASSENTAMENTO DE TUBOS E PECAS","ASTU","FORNEC E/OU ASSENT DE TUBO DE PVC COM JUNTA ELASTI",48,"","","90720","TUBO DE PVC CORRUGADO DE DUPLA PAREDE PARA REDE COLETORA DE ESGOTO, DN 350 MM, JUNTA ELÁSTICA, INSTALADO EM LOCAL COM NÍVEL ALTO DE INTERFERÊNCIAS - FORNECIMENTO E ASSENTAMENTO. AF_06/2015","M","ATRIBUÍDO SÃO PAULO","218,31","","","","","","","","","8,66","3,9673439","209,65","96,0326561","0,00","0,0000000","0,00","0,0000000","0,00","0,0000000","CAIXA REFERENCIAL"]
["ASSENTAMENTO DE TUBOS E PECAS","ASTU","FORNEC E/OU ASSENT DE TUBO DE PVC COM JUNTA ELASTI",48,"","","90720","TUBO DE PVC CORRUGADO DE DUPLA PAREDE PARA REDE COLETORA DE ESGOTO, DN 350 MM, JUNTA ELÁSTICA, INSTALADO EM LOCAL COM NÍVEL ALTO DE INTERFERÊNCIAS - FORNECIMENTO E ASSENTAMENTO. AF_06/2015","M","ATRIBUÍDO SÃO PAULO","218,31","INSUMO","309","ANEL BORRACHA, PARA TUBO PVC, REDE COLETOR ESGOTO, DN 350 MM (NBR 7362)","UN","ATRIBUÍDO SÃO PAULO","0,1667000","29,38","4,89","","","","","","","","","","","CAIXA REFERENCIAL"]
["ASSENTAMENTO DE TUBOS E PECAS","ASTU","FORNEC E/OU ASSENT DE TUBO DE PVC COM JUNTA ELASTI",48,"","","90720","TUBO DE PVC CORRUGADO DE DUPLA PAREDE PARA REDE COLETORA DE ESGOTO, DN 350 MM, JUNTA ELÁSTICA, INSTALADO EM LOCAL COM NÍVEL ALTO DE INTERFERÊNCIAS - FORNECIMENTO E ASSENTAMENTO. AF_06/2015","M","ATRIBUÍDO SÃO PAULO","218,31","INSUMO","20078","PASTA LUBRIFICANTE PARA TUBOS E CONEXOES COM JUNTA ELASTICA (USO EM PVC, ACO, POLIETILENO E OUTROS) ( DE *400* G)","UN","COEFICIENTE DE REPRESENTATIVIDADE","0,0229000","16,40","0,37","","","","","","","","","","","CAIXA REFERENCIAL"]
["ASSENTAMENTO DE TUBOS E PECAS","ASTU","FORNEC E/OU ASSENT DE TUBO DE PVC COM JUNTA ELASTI",48,"","","90720","TUBO DE PVC CORRUGADO DE DUPLA PAREDE PARA REDE COLETORA DE ESGOTO, DN 350 MM, JUNTA ELÁSTICA, INSTALADO EM LOCAL COM NÍVEL ALTO DE INTERFERÊNCIAS - FORNECIMENTO E ASSENTAMENTO. AF_06/2015","M","ATRIBUÍDO SÃO PAULO","218,31","INSUMO","38036","TUBO PVC CORRUGADO, PAREDE DUPLA, JE, DN 350 MM, REDE COLETORA ESGOTO","M","ATRIBUÍDO SÃO PAULO","1,0500000","192,61","202,24","","","","","","","","","","","CAIXA REFERENCIAL"]
["ASSENTAMENTO DE TUBOS E PECAS","ASTU","FORNEC E/OU ASSENT DE TUBO DE PVC COM JUNTA ELASTI",48,"","","90720","TUBO DE PVC CORRUGADO DE DUPLA PAREDE PARA REDE COLETORA DE ESGOTO, DN 350 MM, JUNTA ELÁSTICA, INSTALADO EM LOCAL COM NÍVEL ALTO DE INTERFERÊNCIAS - FORNECIMENTO E ASSENTAMENTO. AF_06/2015","M","ATRIBUÍDO SÃO PAULO","218,31","COMPOSICAO","88246","ASSENTADOR DE TUBOS COM ENCARGOS COMPLEMENTARES","H","COEFICIENTE DE REPRESENTATIVIDADE","0,2342000","30,49","7,14","","","","","","","","","","","CAIXA REFERENCIAL"]
["ASSENTAMENTO DE TUBOS E PECAS","ASTU","FORNEC E/OU ASSENT DE TUBO DE PVC COM JUNTA ELASTI",48,"","","90720","TUBO DE PVC CORRUGADO DE DUPLA PAREDE PARA REDE COLETORA DE ESGOTO, DN 350 MM, JUNTA ELÁSTICA, INSTALADO EM LOCAL COM NÍVEL ALTO DE INTERFERÊNCIAS - FORNECIMENTO E ASSENTAMENTO. AF_06/2015","M","ATRIBUÍDO SÃO PAULO","218,31","COMPOSICAO","88316","SERVENTE COM ENCARGOS COMPLEMENTARES","H","COEFICIENTE DE REPRESENTATIVIDADE","0,2342000","15,69","3,67","","","","","","","","","","","CAIXA REFERENCIAL"]
["ASSENTAMENTO DE TUBOS E PECAS","ASTU","FORNEC E/OU ASSENT DE TUBO DE PVC COM JUNTA ELASTI",48,"","","90721","TUBO DE PVC CORRUGADO DE DUPLA PAREDE PARA REDE COLETORA DE ESGOTO, DN 400 MM, EM JUNTA ELÁSTICA, INSTALADO EM LOCAL COM NÍVEL ALTO DE INTERFERÊNCIAS - FORNECIMENTO E ASSENTAMENTO. AF_06/2015","M","ATRIBUÍDO SÃO PAULO","269,27","","","","","","","","","13,58","5,0437046","252,11","93,6246979","3,58","1,3315975","0,00","0,0000000","0,00","0,0000000","CAIXA REFERENCIAL"]
["ASSENTAMENTO DE TUBOS E PECAS","ASTU","FORNEC E/OU ASSENT DE TUBO DE PVC COM JUNTA ELASTI",48,"","","90721","TUBO DE PVC CORRUGADO DE DUPLA PAREDE PARA REDE COLETORA DE ESGOTO, DN 400 MM, EM JUNTA ELÁSTICA, INSTALADO EM LOCAL COM NÍVEL ALTO DE INTERFERÊNCIAS - FORNECIMENTO E ASSENTAMENTO. AF_06/2015","M","ATRIBUÍDO SÃO PAULO","269,27","INSUMO","310","ANEL BORRACHA, PARA TUBO PVC, REDE COLETOR ESGOTO, DN 400 MM (NBR 7362)","UN","ATRIBUÍDO SÃO PAULO","0,1667000","37,26","6,21","","","","","","","","","","","CAIXA REFERENCIAL"]
["ASSENTAMENTO DE TUBOS E PECAS","ASTU","FORNEC E/OU ASSENT DE TUBO DE PVC COM JUNTA ELASTI",48,"","","90721","TUBO DE PVC CORRUGADO DE DUPLA PAREDE PARA REDE COLETORA DE ESGOTO, DN 400 MM, EM JUNTA ELÁSTICA, INSTALADO EM LOCAL COM NÍVEL ALTO DE INTERFERÊNCIAS - FORNECIMENTO E ASSENTAMENTO. AF_06/2015","M","ATRIBUÍDO SÃO PAULO","269,27","COMPOSICAO","5678","RETROESCAVADEIRA SOBRE RODAS COM CARREGADEIRA, TRAÇÃO 4X4, POTÊNCIA LÍQ. 88 HP, CAÇAMBA CARREG. CAP. MÍN. 1 M3, CAÇAMBA RETRO CAP. 0,26 M3, PESO OPERACIONAL MÍN. 6.674 KG, PROFUNDIDADE ESCAVAÇÃO MÁX. 4,37 M - CHP DIURNO. AF_06/2014","CHP","ATRIBUÍDO SÃO PAULO","0,0803000","116,84","9,38","","","","","","","","","","","CAIXA REFERENCIAL"]
["ASSENTAMENTO DE TUBOS E PECAS","ASTU","FORNEC E/OU ASSENT DE TUBO DE PVC COM JUNTA ELASTI",48,"","","90721","TUBO DE PVC CORRUGADO DE DUPLA PAREDE PARA REDE COLETORA DE ESGOTO, DN 400 MM, EM JUNTA ELÁSTICA, INSTALADO EM LOCAL COM NÍVEL ALTO DE INTERFERÊNCIAS - FORNECIMENTO E ASSENTAMENTO. AF_06/2015","M","ATRIBUÍDO SÃO PAULO","269,27","COMPOSICAO","5679","RETROESCAVADEIRA SOBRE RODAS COM CARREGADEIRA, TRAÇÃO 4X4, POTÊNCIA LÍQ. 88 HP, CAÇAMBA CARREG. CAP. MÍN. 1 M3, CAÇAMBA RETRO CAP. 0,26 M3, PESO OPERACIONAL MÍN. 6.674 KG, PROFUNDIDADE ESCAVAÇÃO MÁX. 4,37 M - CHI DIURNO. AF_06/2014","CHI","ATRIBUÍDO SÃO PAULO","0,0499000","55,33","2,76","","","","","","","","","","","CAIXA REFERENCIAL"]
["ASSENTAMENTO DE TUBOS E PECAS","ASTU","FORNEC E/OU ASSENT DE TUBO DE PVC COM JUNTA ELASTI",48,"","","90721","TUBO DE PVC CORRUGADO DE DUPLA PAREDE PARA REDE COLETORA DE ESGOTO, DN 400 MM, EM JUNTA ELÁSTICA, INSTALADO EM LOCAL COM NÍVEL ALTO DE INTERFERÊNCIAS - FORNECIMENTO E ASSENTAMENTO. AF_06/2015","M","ATRIBUÍDO SÃO PAULO","269,27","INSUMO","20078","PASTA LUBRIFICANTE PARA TUBOS E CONEXOES COM JUNTA ELASTICA (USO EM PVC, ACO, POLIETILENO E OUTROS) ( DE *400* G)","UN","COEFICIENTE DE REPRESENTATIVIDADE","0,0250000","16,40","0,41","","","","","","","","","","","CAIXA REFERENCIAL"]
["ASSENTAMENTO DE TUBOS E PECAS","ASTU","FORNEC E/OU ASSENT DE TUBO DE PVC COM JUNTA ELASTI",48,"","","90721","TUBO DE PVC CORRUGADO DE DUPLA PAREDE PARA REDE COLETORA DE ESGOTO, DN 400 MM, EM JUNTA ELÁSTICA, INSTALADO EM LOCAL COM NÍVEL ALTO DE INTERFERÊNCIAS - FORNECIMENTO E ASSENTAMENTO. AF_06/2015","M","ATRIBUÍDO SÃO PAULO","269,27","INSUMO","38037","TUBO PVC CORRUGADO, PAREDE DUPLA, JE, DN 400 MM, REDE COLETORA ESGOTO","M","ATRIBUÍDO SÃO PAULO","1,0500000","227,71","239,09","","","","","","","","","","","CAIXA REFERENCIAL"]
["ASSENTAMENTO DE TUBOS E PECAS","ASTU","FORNEC E/OU ASSENT DE TUBO DE PVC COM JUNTA ELASTI",48,"","","90721","TUBO DE PVC CORRUGADO DE DUPLA PAREDE PARA REDE COLETORA DE ESGOTO, DN 400 MM, EM JUNTA ELÁSTICA, INSTALADO EM LOCAL COM NÍVEL ALTO DE INTERFERÊNCIAS - FORNECIMENTO E ASSENTAMENTO. AF_06/2015","M","ATRIBUÍDO SÃO PAULO","269,27","COMPOSICAO","88246","ASSENTADOR DE TUBOS COM ENCARGOS COMPLEMENTARES","H","COEFICIENTE DE REPRESENTATIVIDADE","0,2476000","30,49","7,54","","","","","","","","","","","CAIXA REFERENCIAL"]
["ASSENTAMENTO DE TUBOS E PECAS","ASTU","FORNEC E/OU ASSENT DE TUBO DE PVC COM JUNTA ELASTI",48,"","","90721","TUBO DE PVC CORRUGADO DE DUPLA PAREDE PARA REDE COLETORA DE ESGOTO, DN 400 MM, EM JUNTA ELÁSTICA, INSTALADO EM LOCAL COM NÍVEL ALTO DE INTERFERÊNCIAS - FORNECIMENTO E ASSENTAMENTO. AF_06/2015","M","ATRIBUÍDO SÃO PAULO","269,27","COMPOSICAO","88316","SERVENTE COM ENCARGOS COMPLEMENTARES","H","COEFICIENTE DE REPRESENTATIVIDADE","0,2476000","15,69","3,88","","","","","","","","","","","CAIXA REFERENCIAL"]
["ASSENTAMENTO DE TUBOS E PECAS","ASTU","FORNEC E/OU ASSENT DE TUBO DE PVC COM JUNTA ELASTI",48,"","","90723","TUBO DE PEAD CORRUGADO DE DUPLA PAREDE PARA REDE COLETORA DE ESGOTO, DN 600 MM, JUNTA ELÁSTICA INTEGRADA, INSTALADO EM LOCAL COM NÍVEL ALTO DE INTERFERÊNCIAS - FORNECIMENTO E ASSENTAMENTO. AF_06/2015","M","ATRIBUÍDO SÃO PAULO","423,48","","","","","","","","","8,46","1,9994327","411,25","97,1095672","3,77","0,8910001","0,00","0,0000000","0,00","0,0000000","CAIXA REFERENCIAL"]
["ASSENTAMENTO DE TUBOS E PECAS","ASTU","FORNEC E/OU ASSENT DE TUBO DE PVC COM JUNTA ELASTI",48,"","","90723","TUBO DE PEAD CORRUGADO DE DUPLA PAREDE PARA REDE COLETORA DE ESGOTO, DN 600 MM, JUNTA ELÁSTICA INTEGRADA, INSTALADO EM LOCAL COM NÍVEL ALTO DE INTERFERÊNCIAS - FORNECIMENTO E ASSENTAMENTO. AF_06/2015","M","ATRIBUÍDO SÃO PAULO","423,48","COMPOSICAO","5631","ESCAVADEIRA HIDRÁULICA SOBRE ESTEIRAS, CAÇAMBA 0,80 M3, PESO OPERACIONAL 17 T, POTENCIA BRUTA 111 HP - CHP DIURNO. AF_06/2014","CHP","ATRIBUÍDO SÃO PAULO","0,0502000","149,54","7,50","","","","","","","","","","","CAIXA REFERENCIAL"]
["ASSENTAMENTO DE TUBOS E PECAS","ASTU","FORNEC E/OU ASSENT DE TUBO DE PVC COM JUNTA ELASTI",48,"","","90723","TUBO DE PEAD CORRUGADO DE DUPLA PAREDE PARA REDE COLETORA DE ESGOTO, DN 600 MM, JUNTA ELÁSTICA INTEGRADA, INSTALADO EM LOCAL COM NÍVEL ALTO DE INTERFERÊNCIAS - FORNECIMENTO E ASSENTAMENTO. AF_06/2015","M","ATRIBUÍDO SÃO PAULO","423,48","COMPOSICAO","5632","ESCAVADEIRA HIDRÁULICA SOBRE ESTEIRAS, CAÇAMBA 0,80 M3, PESO OPERACIONAL 17 T, POTENCIA BRUTA 111 HP - CHI DIURNO. AF_06/2014","CHI","ATRIBUÍDO SÃO PAULO","0,0312000","67,11","2,09","","","","","","","","","","","CAIXA REFERENCIAL"]
["ASSENTAMENTO DE TUBOS E PECAS","ASTU","FORNEC E/OU ASSENT DE TUBO DE PVC COM JUNTA ELASTI",48,"","","90723","TUBO DE PEAD CORRUGADO DE DUPLA PAREDE PARA REDE COLETORA DE ESGOTO, DN 600 MM, JUNTA ELÁSTICA INTEGRADA, INSTALADO EM LOCAL COM NÍVEL ALTO DE INTERFERÊNCIAS - FORNECIMENTO E ASSENTAMENTO. AF_06/2015","M","ATRIBUÍDO SÃO PAULO","423,48","INSUMO","20078","PASTA LUBRIFICANTE PARA TUBOS E CONEXOES COM JUNTA ELASTICA (USO EM PVC, ACO, POLIETILENO E OUTROS) ( DE *400* G)","UN","COEFICIENTE DE REPRESENTATIVIDADE","0,0694000","16,40","1,13","","","","","","","","","","","CAIXA REFERENCIAL"]
["ASSENTAMENTO DE TUBOS E PECAS","ASTU","FORNEC E/OU ASSENT DE TUBO DE PVC COM JUNTA ELASTI",48,"","","90723","TUBO DE PEAD CORRUGADO DE DUPLA PAREDE PARA REDE COLETORA DE ESGOTO, DN 600 MM, JUNTA ELÁSTICA INTEGRADA, INSTALADO EM LOCAL COM NÍVEL ALTO DE INTERFERÊNCIAS - FORNECIMENTO E ASSENTAMENTO. AF_06/2015","M","ATRIBUÍDO SÃO PAULO","423,48","INSUMO","41782","TUBO CORRUGADO PEAD, PAREDE DUPLA, INTERNA LISA, JEI, DN/DI 600 MM, PARA SANEAMENTO","M","ATRIBUÍDO SÃO PAULO","1,0500000","386,30","405,61","","","","","","","","","","","CAIXA REFERENCIAL"]
["ASSENTAMENTO DE TUBOS E PECAS","ASTU","FORNEC E/OU ASSENT DE TUBO DE PVC COM JUNTA ELASTI",48,"","","90723","TUBO DE PEAD CORRUGADO DE DUPLA PAREDE PARA REDE COLETORA DE ESGOTO, DN 600 MM, JUNTA ELÁSTICA INTEGRADA, INSTALADO EM LOCAL COM NÍVEL ALTO DE INTERFERÊNCIAS - FORNECIMENTO E ASSENTAMENTO. AF_06/2015","M","ATRIBUÍDO SÃO PAULO","423,48","COMPOSICAO","88246","ASSENTADOR DE TUBOS COM ENCARGOS COMPLEMENTARES","H","COEFICIENTE DE REPRESENTATIVIDADE","0,1549000","30,49","4,72","","","","","","","","","","","CAIXA REFERENCIAL"]
["ASSENTAMENTO DE TUBOS E PECAS","ASTU","FORNEC E/OU ASSENT DE TUBO DE PVC COM JUNTA ELASTI",48,"","","90723","TUBO DE PEAD CORRUGADO DE DUPLA PAREDE PARA REDE COLETORA DE ESGOTO, DN 600 MM, JUNTA ELÁSTICA INTEGRADA, INSTALADO EM LOCAL COM NÍVEL ALTO DE INTERFERÊNCIAS - FORNECIMENTO E ASSENTAMENTO. AF_06/2015","M","ATRIBUÍDO SÃO PAULO","423,48","COMPOSICAO","88316","SERVENTE COM ENCARGOS COMPLEMENTARES","H","COEFICIENTE DE REPRESENTATIVIDADE","0,1549000","15,69","2,43","","","","","","","","","","","CAIXA REFERENCIAL"]
["ASSENTAMENTO DE TUBOS E PECAS","ASTU","FORNEC E/OU ASSENT DE TUBO DE PVC COM JUNTA ELASTI",48,"","","90724","JUNTA ARGAMASSADA ENTRE TUBO DN 100 MM E O POÇO DE VISITA/ CAIXA DE CONCRETO OU ALVENARIA EM REDES DE ESGOTO. AF_06/2015","UN","COEFICIENTE DE REPRESENTATIVIDADE","24,89","","","","","","","","","19,32","77,5931930","5,51","22,1636952","0,06","0,2431118","0,00","0,0000000","0,00","0,0000000","CAIXA REFERENCIAL"]
["ASSENTAMENTO DE TUBOS E PECAS","ASTU","FORNEC E/OU ASSENT DE TUBO DE PVC COM JUNTA ELASTI",48,"","","90724","JUNTA ARGAMASSADA ENTRE TUBO DN 100 MM E O POÇO DE VISITA/ CAIXA DE CONCRETO OU ALVENARIA EM REDES DE ESGOTO. AF_06/2015","UN","COEFICIENTE DE REPRESENTATIVIDADE","24,89","COMPOSICAO","88246","ASSENTADOR DE TUBOS COM ENCARGOS COMPLEMENTARES","H","COEFICIENTE DE REPRESENTATIVIDADE","0,5086000","30,49","15,50","","","","","","","","","","","CAIXA REFERENCIAL"]
["ASSENTAMENTO DE TUBOS E PECAS","ASTU","FORNEC E/OU ASSENT DE TUBO DE PVC COM JUNTA ELASTI",48,"","","90724","JUNTA ARGAMASSADA ENTRE TUBO DN 100 MM E O POÇO DE VISITA/ CAIXA DE CONCRETO OU ALVENARIA EM REDES DE ESGOTO. AF_06/2015","UN","COEFICIENTE DE REPRESENTATIVIDADE","24,89","COMPOSICAO","88316","SERVENTE COM ENCARGOS COMPLEMENTARES","H","COEFICIENTE DE REPRESENTATIVIDADE","0,5086000","15,69","7,97","","","","","","","","","","","CAIXA REFERENCIAL"]
["ASSENTAMENTO DE TUBOS E PECAS","ASTU","FORNEC E/OU ASSENT DE TUBO DE PVC COM JUNTA ELASTI",48,"","","90724","JUNTA ARGAMASSADA ENTRE TUBO DN 100 MM E O POÇO DE VISITA/ CAIXA DE CONCRETO OU ALVENARIA EM REDES DE ESGOTO. AF_06/2015","UN","COEFICIENTE DE REPRESENTATIVIDADE","24,89","COMPOSICAO","88629","ARGAMASSA TRAÇO 1:3 (CIMENTO E AREIA MÉDIA), PREPARO MANUAL. AF_08/2014","M3","COEFICIENTE DE REPRESENTATIVIDADE","0,0037000","384,81","1,42","","","","","","","","","","","CAIXA REFERENCIAL"]
["ASSENTAMENTO DE TUBOS E PECAS","ASTU","FORNEC E/OU ASSENT DE TUBO DE PVC COM JUNTA ELASTI",48,"","","90725","JUNTA ARGAMASSADA ENTRE TUBO DN 150 MM E O POÇO DE VISITA/ CAIXA DE CONCRETO OU ALVENARIA EM REDES DE ESGOTO. AF_06/2015","UN","COEFICIENTE DE REPRESENTATIVIDADE","30,66","","","","","","","","","23,70","77,2907054","6,90","22,5115359","0,06","0,1977587","0,00","0,0000000","0,00","0,0000000","CAIXA REFERENCIAL"]
["ASSENTAMENTO DE TUBOS E PECAS","ASTU","FORNEC E/OU ASSENT DE TUBO DE PVC COM JUNTA ELASTI",48,"","","90725","JUNTA ARGAMASSADA ENTRE TUBO DN 150 MM E O POÇO DE VISITA/ CAIXA DE CONCRETO OU ALVENARIA EM REDES DE ESGOTO. AF_06/2015","UN","COEFICIENTE DE REPRESENTATIVIDADE","30,66","COMPOSICAO","88246","ASSENTADOR DE TUBOS COM ENCARGOS COMPLEMENTARES","H","COEFICIENTE DE REPRESENTATIVIDADE","0,6217000","30,49","18,95","","","","","","","","","","","CAIXA REFERENCIAL"]
["ASSENTAMENTO DE TUBOS E PECAS","ASTU","FORNEC E/OU ASSENT DE TUBO DE PVC COM JUNTA ELASTI",48,"","","90725","JUNTA ARGAMASSADA ENTRE TUBO DN 150 MM E O POÇO DE VISITA/ CAIXA DE CONCRETO OU ALVENARIA EM REDES DE ESGOTO. AF_06/2015","UN","COEFICIENTE DE REPRESENTATIVIDADE","30,66","COMPOSICAO","88316","SERVENTE COM ENCARGOS COMPLEMENTARES","H","COEFICIENTE DE REPRESENTATIVIDADE","0,6217000","15,69","9,75","","","","","","","","","","","CAIXA REFERENCIAL"]
["ASSENTAMENTO DE TUBOS E PECAS","ASTU","FORNEC E/OU ASSENT DE TUBO DE PVC COM JUNTA ELASTI",48,"","","90725","JUNTA ARGAMASSADA ENTRE TUBO DN 150 MM E O POÇO DE VISITA/ CAIXA DE CONCRETO OU ALVENARIA EM REDES DE ESGOTO. AF_06/2015","UN","COEFICIENTE DE REPRESENTATIVIDADE","30,66","COMPOSICAO","88629","ARGAMASSA TRAÇO 1:3 (CIMENTO E AREIA MÉDIA), PREPARO MANUAL. AF_08/2014","M3","COEFICIENTE DE REPRESENTATIVIDADE","0,0051000","384,81","1,96","","","","","","","","","","","CAIXA REFERENCIAL"]
["ASSENTAMENTO DE TUBOS E PECAS","ASTU","FORNEC E/OU ASSENT DE TUBO DE PVC COM JUNTA ELASTI",48,"","","90726","JUNTA ARGAMASSADA ENTRE TUBO DN 200 MM E O POÇO/ CAIXA DE CONCRETO OU ALVENARIA EM REDES DE ESGOTO. AF_06/2015","UN","COEFICIENTE DE REPRESENTATIVIDADE","36,42","","","","","","","","","28,02","76,9102991","8,32","22,8682170","0,08","0,2214839","0,00","0,0000000","0,00","0,0000000","CAIXA REFERENCIAL"]
["ASSENTAMENTO DE TUBOS E PECAS","ASTU","FORNEC E/OU ASSENT DE TUBO DE PVC COM JUNTA ELASTI",48,"","","90726","JUNTA ARGAMASSADA ENTRE TUBO DN 200 MM E O POÇO/ CAIXA DE CONCRETO OU ALVENARIA EM REDES DE ESGOTO. AF_06/2015","UN","COEFICIENTE DE REPRESENTATIVIDADE","36,42","COMPOSICAO","88246","ASSENTADOR DE TUBOS COM ENCARGOS COMPLEMENTARES","H","COEFICIENTE DE REPRESENTATIVIDADE","0,7348000","30,49","22,40","","","","","","","","","","","CAIXA REFERENCIAL"]
["ASSENTAMENTO DE TUBOS E PECAS","ASTU","FORNEC E/OU ASSENT DE TUBO DE PVC COM JUNTA ELASTI",48,"","","90726","JUNTA ARGAMASSADA ENTRE TUBO DN 200 MM E O POÇO/ CAIXA DE CONCRETO OU ALVENARIA EM REDES DE ESGOTO. AF_06/2015","UN","COEFICIENTE DE REPRESENTATIVIDADE","36,42","COMPOSICAO","88316","SERVENTE COM ENCARGOS COMPLEMENTARES","H","COEFICIENTE DE REPRESENTATIVIDADE","0,7348000","15,69","11,52","","","","","","","","","","","CAIXA REFERENCIAL"]
["ASSENTAMENTO DE TUBOS E PECAS","ASTU","FORNEC E/OU ASSENT DE TUBO DE PVC COM JUNTA ELASTI",48,"","","90726","JUNTA ARGAMASSADA ENTRE TUBO DN 200 MM E O POÇO/ CAIXA DE CONCRETO OU ALVENARIA EM REDES DE ESGOTO. AF_06/2015","UN","COEFICIENTE DE REPRESENTATIVIDADE","36,42","COMPOSICAO","88629","ARGAMASSA TRAÇO 1:3 (CIMENTO E AREIA MÉDIA), PREPARO MANUAL. AF_08/2014","M3","COEFICIENTE DE REPRESENTATIVIDADE","0,0065000","384,81","2,50","","","","","","","","","","","CAIXA REFERENCIAL"]
["ASSENTAMENTO DE TUBOS E PECAS","ASTU","FORNEC E/OU ASSENT DE TUBO DE PVC COM JUNTA ELASTI",48,"","","90727","JUNTA ARGAMASSADA ENTRE TUBO DN 250 MM E O POÇO DE VISITA/ CAIXA DE CONCRETO OU ALVENARIA EM REDES DE ESGOTO. AF_06/2015","UN","COEFICIENTE DE REPRESENTATIVIDADE","42,18","","","","","","","","","32,40","76,7887056","9,68","22,9720028","0,10","0,2392916","0,00","0,0000000","0,00","0,0000000","CAIXA REFERENCIAL"]
["ASSENTAMENTO DE TUBOS E PECAS","ASTU","FORNEC E/OU ASSENT DE TUBO DE PVC COM JUNTA ELASTI",48,"","","90727","JUNTA ARGAMASSADA ENTRE TUBO DN 250 MM E O POÇO DE VISITA/ CAIXA DE CONCRETO OU ALVENARIA EM REDES DE ESGOTO. AF_06/2015","UN","COEFICIENTE DE REPRESENTATIVIDADE","42,18","COMPOSICAO","88246","ASSENTADOR DE TUBOS COM ENCARGOS COMPLEMENTARES","H","COEFICIENTE DE REPRESENTATIVIDADE","0,8479000","30,49","25,85","","","","","","","","","","","CAIXA REFERENCIAL"]
["ASSENTAMENTO DE TUBOS E PECAS","ASTU","FORNEC E/OU ASSENT DE TUBO DE PVC COM JUNTA ELASTI",48,"","","90727","JUNTA ARGAMASSADA ENTRE TUBO DN 250 MM E O POÇO DE VISITA/ CAIXA DE CONCRETO OU ALVENARIA EM REDES DE ESGOTO. AF_06/2015","UN","COEFICIENTE DE REPRESENTATIVIDADE","42,18","COMPOSICAO","88316","SERVENTE COM ENCARGOS COMPLEMENTARES","H","COEFICIENTE DE REPRESENTATIVIDADE","0,8479000","15,69","13,30","","","","","","","","","","","CAIXA REFERENCIAL"]
["ASSENTAMENTO DE TUBOS E PECAS","ASTU","FORNEC E/OU ASSENT DE TUBO DE PVC COM JUNTA ELASTI",48,"","","90727","JUNTA ARGAMASSADA ENTRE TUBO DN 250 MM E O POÇO DE VISITA/ CAIXA DE CONCRETO OU ALVENARIA EM REDES DE ESGOTO. AF_06/2015","UN","COEFICIENTE DE REPRESENTATIVIDADE","42,18","COMPOSICAO","88629","ARGAMASSA TRAÇO 1:3 (CIMENTO E AREIA MÉDIA), PREPARO MANUAL. AF_08/2014","M3","COEFICIENTE DE REPRESENTATIVIDADE","0,0079000","384,81","3,03","","","","","","","","","","","CAIXA REFERENCIAL"]
["ASSENTAMENTO DE TUBOS E PECAS","ASTU","FORNEC E/OU ASSENT DE TUBO DE PVC COM JUNTA ELASTI",48,"","","90728","JUNTA ARGAMASSADA ENTRE TUBO DN 300 MM E O POÇO DE VISITA/ CAIXA DE CONCRETO OU ALVENARIA EM REDES DE ESGOTO. AF_06/2015","UN","COEFICIENTE DE REPRESENTATIVIDADE","47,94","","","","","","","","","36,75","76,6526316","11,09","23,1368421","0,10","0,2105263","0,00","0,0000000","0,00","0,0000000","CAIXA REFERENCIAL"]
["ASSENTAMENTO DE TUBOS E PECAS","ASTU","FORNEC E/OU ASSENT DE TUBO DE PVC COM JUNTA ELASTI",48,"","","90728","JUNTA ARGAMASSADA ENTRE TUBO DN 300 MM E O POÇO DE VISITA/ CAIXA DE CONCRETO OU ALVENARIA EM REDES DE ESGOTO. AF_06/2015","UN","COEFICIENTE DE REPRESENTATIVIDADE","47,94","COMPOSICAO","88246","ASSENTADOR DE TUBOS COM ENCARGOS COMPLEMENTARES","H","COEFICIENTE DE REPRESENTATIVIDADE","0,9610000","30,49","29,30","","","","","","","","","","","CAIXA REFERENCIAL"]
["ASSENTAMENTO DE TUBOS E PECAS","ASTU","FORNEC E/OU ASSENT DE TUBO DE PVC COM JUNTA ELASTI",48,"","","90728","JUNTA ARGAMASSADA ENTRE TUBO DN 300 MM E O POÇO DE VISITA/ CAIXA DE CONCRETO OU ALVENARIA EM REDES DE ESGOTO. AF_06/2015","UN","COEFICIENTE DE REPRESENTATIVIDADE","47,94","COMPOSICAO","88316","SERVENTE COM ENCARGOS COMPLEMENTARES","H","COEFICIENTE DE REPRESENTATIVIDADE","0,9610000","15,69","15,07","","","","","","","","","","","CAIXA REFERENCIAL"]
["ASSENTAMENTO DE TUBOS E PECAS","ASTU","FORNEC E/OU ASSENT DE TUBO DE PVC COM JUNTA ELASTI",48,"","","90728","JUNTA ARGAMASSADA ENTRE TUBO DN 300 MM E O POÇO DE VISITA/ CAIXA DE CONCRETO OU ALVENARIA EM REDES DE ESGOTO. AF_06/2015","UN","COEFICIENTE DE REPRESENTATIVIDADE","47,94","COMPOSICAO","88629","ARGAMASSA TRAÇO 1:3 (CIMENTO E AREIA MÉDIA), PREPARO MANUAL. AF_08/2014","M3","COEFICIENTE DE REPRESENTATIVIDADE","0,0093000","384,81","3,57","","","","","","","","","","","CAIXA REFERENCIAL"]
["ASSENTAMENTO DE TUBOS E PECAS","ASTU","FORNEC E/OU ASSENT DE TUBO DE PVC COM JUNTA ELASTI",48,"","","90729","JUNTA ARGAMASSADA ENTRE TUBO DN 350 MM E O POÇO DE VISITA/ CAIXA DE CONCRETO OU ALVENARIA EM REDES DE ESGOTO. AF_06/2015","UN","COEFICIENTE DE REPRESENTATIVIDADE","53,70","","","","","","","","","40,95","76,2546818","12,61","23,4831460","0,14","0,2621722","0,00","0,0000000","0,00","0,0000000","CAIXA REFERENCIAL"]
["ASSENTAMENTO DE TUBOS E PECAS","ASTU","FORNEC E/OU ASSENT DE TUBO DE PVC COM JUNTA ELASTI",48,"","","90729","JUNTA ARGAMASSADA ENTRE TUBO DN 350 MM E O POÇO DE VISITA/ CAIXA DE CONCRETO OU ALVENARIA EM REDES DE ESGOTO. AF_06/2015","UN","COEFICIENTE DE REPRESENTATIVIDADE","53,70","COMPOSICAO","88246","ASSENTADOR DE TUBOS COM ENCARGOS COMPLEMENTARES","H","COEFICIENTE DE REPRESENTATIVIDADE","1,0741000","30,49","32,74","","","","","","","","","","","CAIXA REFERENCIAL"]
["ASSENTAMENTO DE TUBOS E PECAS","ASTU","FORNEC E/OU ASSENT DE TUBO DE PVC COM JUNTA ELASTI",48,"","","90729","JUNTA ARGAMASSADA ENTRE TUBO DN 350 MM E O POÇO DE VISITA/ CAIXA DE CONCRETO OU ALVENARIA EM REDES DE ESGOTO. AF_06/2015","UN","COEFICIENTE DE REPRESENTATIVIDADE","53,70","COMPOSICAO","88316","SERVENTE COM ENCARGOS COMPLEMENTARES","H","COEFICIENTE DE REPRESENTATIVIDADE","1,0741000","15,69","16,85","","","","","","","","","","","CAIXA REFERENCIAL"]
["ASSENTAMENTO DE TUBOS E PECAS","ASTU","FORNEC E/OU ASSENT DE TUBO DE PVC COM JUNTA ELASTI",48,"","","90729","JUNTA ARGAMASSADA ENTRE TUBO DN 350 MM E O POÇO DE VISITA/ CAIXA DE CONCRETO OU ALVENARIA EM REDES DE ESGOTO. AF_06/2015","UN","COEFICIENTE DE REPRESENTATIVIDADE","53,70","COMPOSICAO","88629","ARGAMASSA TRAÇO 1:3 (CIMENTO E AREIA MÉDIA), PREPARO MANUAL. AF_08/2014","M3","COEFICIENTE DE REPRESENTATIVIDADE","0,0107000","384,81","4,11","","","","","","","","","","","CAIXA REFERENCIAL"]
["ASSENTAMENTO DE TUBOS E PECAS","ASTU","FORNEC E/OU ASSENT DE TUBO DE PVC COM JUNTA ELASTI",48,"","","90730","JUNTA ARGAMASSADA ENTRE TUBO DN 400 MM E O POÇO DE VISITA/ CAIXA DE CONCRETO OU ALVENARIA EM REDES DE ESGOTO. AF_06/2015","UN","COEFICIENTE DE REPRESENTATIVIDADE","59,50","","","","","","","","","45,35","76,2098140","14,01","23,5532994","0,14","0,2368866","0,00","0,0000000","0,00","0,0000000","CAIXA REFERENCIAL"]
["ASSENTAMENTO DE TUBOS E PECAS","ASTU","FORNEC E/OU ASSENT DE TUBO DE PVC COM JUNTA ELASTI",48,"","","90730","JUNTA ARGAMASSADA ENTRE TUBO DN 400 MM E O POÇO DE VISITA/ CAIXA DE CONCRETO OU ALVENARIA EM REDES DE ESGOTO. AF_06/2015","UN","COEFICIENTE DE REPRESENTATIVIDADE","59,50","COMPOSICAO","88246","ASSENTADOR DE TUBOS COM ENCARGOS COMPLEMENTARES","H","COEFICIENTE DE REPRESENTATIVIDADE","1,1872000","30,49","36,19","","","","","","","","","","","CAIXA REFERENCIAL"]
["ASSENTAMENTO DE TUBOS E PECAS","ASTU","FORNEC E/OU ASSENT DE TUBO DE PVC COM JUNTA ELASTI",48,"","","90730","JUNTA ARGAMASSADA ENTRE TUBO DN 400 MM E O POÇO DE VISITA/ CAIXA DE CONCRETO OU ALVENARIA EM REDES DE ESGOTO. AF_06/2015","UN","COEFICIENTE DE REPRESENTATIVIDADE","59,50","COMPOSICAO","88316","SERVENTE COM ENCARGOS COMPLEMENTARES","H","COEFICIENTE DE REPRESENTATIVIDADE","1,1872000","15,69","18,62","","","","","","","","","","","CAIXA REFERENCIAL"]
["ASSENTAMENTO DE TUBOS E PECAS","ASTU","FORNEC E/OU ASSENT DE TUBO DE PVC COM JUNTA ELASTI",48,"","","90730","JUNTA ARGAMASSADA ENTRE TUBO DN 400 MM E O POÇO DE VISITA/ CAIXA DE CONCRETO OU ALVENARIA EM REDES DE ESGOTO. AF_06/2015","UN","COEFICIENTE DE REPRESENTATIVIDADE","59,50","COMPOSICAO","88629","ARGAMASSA TRAÇO 1:3 (CIMENTO E AREIA MÉDIA), PREPARO MANUAL. AF_08/2014","M3","COEFICIENTE DE REPRESENTATIVIDADE","0,0122000","384,81","4,69","","","","","","","","","","","CAIXA REFERENCIAL"]
["ASSENTAMENTO DE TUBOS E PECAS","ASTU","FORNEC E/OU ASSENT DE TUBO DE PVC COM JUNTA ELASTI",48,"","","90731","JUNTA ARGAMASSADA ENTRE TUBO DN 450 MM E O POÇO DE VISITA/ CAIXA DE CONCRETO OU ALVENARIA EM REDES DE ESGOTO. AF_06/2015","UN","COEFICIENTE DE REPRESENTATIVIDADE","65,27","","","","","","","","","49,62","76,0203297","15,49","23,7332511","0,16","0,2464192","0,00","0,0000000","0,00","0,0000000","CAIXA REFERENCIAL"]
["ASSENTAMENTO DE TUBOS E PECAS","ASTU","FORNEC E/OU ASSENT DE TUBO DE PVC COM JUNTA ELASTI",48,"","","90731","JUNTA ARGAMASSADA ENTRE TUBO DN 450 MM E O POÇO DE VISITA/ CAIXA DE CONCRETO OU ALVENARIA EM REDES DE ESGOTO. AF_06/2015","UN","COEFICIENTE DE REPRESENTATIVIDADE","65,27","COMPOSICAO","88246","ASSENTADOR DE TUBOS COM ENCARGOS COMPLEMENTARES","H","COEFICIENTE DE REPRESENTATIVIDADE","1,3003000","30,49","39,64","","","","","","","","","","","CAIXA REFERENCIAL"]
["ASSENTAMENTO DE TUBOS E PECAS","ASTU","FORNEC E/OU ASSENT DE TUBO DE PVC COM JUNTA ELASTI",48,"","","90731","JUNTA ARGAMASSADA ENTRE TUBO DN 450 MM E O POÇO DE VISITA/ CAIXA DE CONCRETO OU ALVENARIA EM REDES DE ESGOTO. AF_06/2015","UN","COEFICIENTE DE REPRESENTATIVIDADE","65,27","COMPOSICAO","88316","SERVENTE COM ENCARGOS COMPLEMENTARES","H","COEFICIENTE DE REPRESENTATIVIDADE","1,3003000","15,69","20,40","","","","","","","","","","","CAIXA REFERENCIAL"]
["ASSENTAMENTO DE TUBOS E PECAS","ASTU","FORNEC E/OU ASSENT DE TUBO DE PVC COM JUNTA ELASTI",48,"","","90731","JUNTA ARGAMASSADA ENTRE TUBO DN 450 MM E O POÇO DE VISITA/ CAIXA DE CONCRETO OU ALVENARIA EM REDES DE ESGOTO. AF_06/2015","UN","COEFICIENTE DE REPRESENTATIVIDADE","65,27","COMPOSICAO","88629","ARGAMASSA TRAÇO 1:3 (CIMENTO E AREIA MÉDIA), PREPARO MANUAL. AF_08/2014","M3","COEFICIENTE DE REPRESENTATIVIDADE","0,0136000","384,81","5,23","","","","","","","","","","","CAIXA REFERENCIAL"]
["ASSENTAMENTO DE TUBOS E PECAS","ASTU","FORNEC E/OU ASSENT DE TUBO DE PVC COM JUNTA ELASTI",48,"","","90732","JUNTA ARGAMASSADA ENTRE TUBO DN 600 MM E O POÇO DE VISITA/ CAIXA DE CONCRETO OU ALVENARIA EM REDES DE ESGOTO. AF_06/2015","UN","COEFICIENTE DE REPRESENTATIVIDADE","82,55","","","","","","","","","62,63","75,8582908","19,72","23,8982225","0,20","0,2434867","0,00","0,0000000","0,00","0,0000000","CAIXA REFERENCIAL"]
["ASSENTAMENTO DE TUBOS E PECAS","ASTU","FORNEC E/OU ASSENT DE TUBO DE PVC COM JUNTA ELASTI",48,"","","90732","JUNTA ARGAMASSADA ENTRE TUBO DN 600 MM E O POÇO DE VISITA/ CAIXA DE CONCRETO OU ALVENARIA EM REDES DE ESGOTO. AF_06/2015","UN","COEFICIENTE DE REPRESENTATIVIDADE","82,55","COMPOSICAO","88246","ASSENTADOR DE TUBOS COM ENCARGOS COMPLEMENTARES","H","COEFICIENTE DE REPRESENTATIVIDADE","1,6396000","30,49","49,99","","","","","","","","","","","CAIXA REFERENCIAL"]
["ASSENTAMENTO DE TUBOS E PECAS","ASTU","FORNEC E/OU ASSENT DE TUBO DE PVC COM JUNTA ELASTI",48,"","","90732","JUNTA ARGAMASSADA ENTRE TUBO DN 600 MM E O POÇO DE VISITA/ CAIXA DE CONCRETO OU ALVENARIA EM REDES DE ESGOTO. AF_06/2015","UN","COEFICIENTE DE REPRESENTATIVIDADE","82,55","COMPOSICAO","88316","SERVENTE COM ENCARGOS COMPLEMENTARES","H","COEFICIENTE DE REPRESENTATIVIDADE","1,6396000","15,69","25,72","","","","","","","","","","","CAIXA REFERENCIAL"]
["ASSENTAMENTO DE TUBOS E PECAS","ASTU","FORNEC E/OU ASSENT DE TUBO DE PVC COM JUNTA ELASTI",48,"","","90732","JUNTA ARGAMASSADA ENTRE TUBO DN 600 MM E O POÇO DE VISITA/ CAIXA DE CONCRETO OU ALVENARIA EM REDES DE ESGOTO. AF_06/2015","UN","COEFICIENTE DE REPRESENTATIVIDADE","82,55","COMPOSICAO","88629","ARGAMASSA TRAÇO 1:3 (CIMENTO E AREIA MÉDIA), PREPARO MANUAL. AF_08/2014","M3","COEFICIENTE DE REPRESENTATIVIDADE","0,0178000","384,81","6,84","","","","","","","","","","","CAIXA REFERENCIAL"]
["ASSENTAMENTO DE TUBOS E PECAS","ASTU","FORNEC E/OU ASSENT DE TUBO DE PVC COM JUNTA ELASTI",48,"","","90733","ASSENTAMENTO DE TUBO DE PVC PARA REDE COLETORA DE ESGOTO DE PAREDE MACIÇA, DN 100 MM, JUNTA ELÁSTICA, INSTALADO EM LOCAL COM NÍVEL BAIXO DE INTERFERÊNCIAS (NÃO INCLUI FORNECIMENTO). AF_06/2015","M","COEFICIENTE DE REPRESENTATIVIDADE","2,76","","","","","","","","","2,36","85,2713179","0,40","14,7286821","0,00","0,0000000","0,00","0,0000000","0,00","0,0000000","CAIXA REFERENCIAL"]
["ASSENTAMENTO DE TUBOS E PECAS","ASTU","FORNEC E/OU ASSENT DE TUBO DE PVC COM JUNTA ELASTI",48,"","","90733","ASSENTAMENTO DE TUBO DE PVC PARA REDE COLETORA DE ESGOTO DE PAREDE MACIÇA, DN 100 MM, JUNTA ELÁSTICA, INSTALADO EM LOCAL COM NÍVEL BAIXO DE INTERFERÊNCIAS (NÃO INCLUI FORNECIMENTO). AF_06/2015","M","COEFICIENTE DE REPRESENTATIVIDADE","2,76","COMPOSICAO","88246","ASSENTADOR DE TUBOS COM ENCARGOS COMPLEMENTARES","H","COEFICIENTE DE REPRESENTATIVIDADE","0,0600000","30,49","1,82","","","","","","","","","","","CAIXA REFERENCIAL"]
["ASSENTAMENTO DE TUBOS E PECAS","ASTU","FORNEC E/OU ASSENT DE TUBO DE PVC COM JUNTA ELASTI",48,"","","90733","ASSENTAMENTO DE TUBO DE PVC PARA REDE COLETORA DE ESGOTO DE PAREDE MACIÇA, DN 100 MM, JUNTA ELÁSTICA, INSTALADO EM LOCAL COM NÍVEL BAIXO DE INTERFERÊNCIAS (NÃO INCLUI FORNECIMENTO). AF_06/2015","M","COEFICIENTE DE REPRESENTATIVIDADE","2,76","COMPOSICAO","88316","SERVENTE COM ENCARGOS COMPLEMENTARES","H","COEFICIENTE DE REPRESENTATIVIDADE","0,0600000","15,69","0,94","","","","","","","","","","","CAIXA REFERENCIAL"]
["ASSENTAMENTO DE TUBOS E PECAS","ASTU","FORNEC E/OU ASSENT DE TUBO DE PVC COM JUNTA ELASTI",48,"","","90734","ASSENTAMENTO DE TUBO DE PVC PARA REDE COLETORA DE ESGOTO DE PAREDE MACIÇA, DN 150 MM, JUNTA ELÁSTICA, INSTALADO EM LOCAL COM NÍVEL BAIXO DE INTERFERÊNCIAS (NÃO INCLUI FORNECIMENTO). AF_06/2015","M","COEFICIENTE DE REPRESENTATIVIDADE","3,36","","","","","","","","","2,84","84,2767296","0,52","15,7232704","0,00","0,0000000","0,00","0,0000000","0,00","0,0000000","CAIXA REFERENCIAL"]
["ASSENTAMENTO DE TUBOS E PECAS","ASTU","FORNEC E/OU ASSENT DE TUBO DE PVC COM JUNTA ELASTI",48,"","","90734","ASSENTAMENTO DE TUBO DE PVC PARA REDE COLETORA DE ESGOTO DE PAREDE MACIÇA, DN 150 MM, JUNTA ELÁSTICA, INSTALADO EM LOCAL COM NÍVEL BAIXO DE INTERFERÊNCIAS (NÃO INCLUI FORNECIMENTO). AF_06/2015","M","COEFICIENTE DE REPRESENTATIVIDADE","3,36","COMPOSICAO","88246","ASSENTADOR DE TUBOS COM ENCARGOS COMPLEMENTARES","H","COEFICIENTE DE REPRESENTATIVIDADE","0,0730000","30,49","2,22","","","","","","","","","","","CAIXA REFERENCIAL"]
["ASSENTAMENTO DE TUBOS E PECAS","ASTU","FORNEC E/OU ASSENT DE TUBO DE PVC COM JUNTA ELASTI",48,"","","90734","ASSENTAMENTO DE TUBO DE PVC PARA REDE COLETORA DE ESGOTO DE PAREDE MACIÇA, DN 150 MM, JUNTA ELÁSTICA, INSTALADO EM LOCAL COM NÍVEL BAIXO DE INTERFERÊNCIAS (NÃO INCLUI FORNECIMENTO). AF_06/2015","M","COEFICIENTE DE REPRESENTATIVIDADE","3,36","COMPOSICAO","88316","SERVENTE COM ENCARGOS COMPLEMENTARES","H","COEFICIENTE DE REPRESENTATIVIDADE","0,0730000","15,69","1,14","","","","","","","","","","","CAIXA REFERENCIAL"]
["ASSENTAMENTO DE TUBOS E PECAS","ASTU","FORNEC E/OU ASSENT DE TUBO DE PVC COM JUNTA ELASTI",48,"","","90735","ASSENTAMENTO DE TUBO DE PVC PARA REDE COLETORA DE ESGOTO DE PAREDE MACIÇA, DN 200 MM, JUNTA ELÁSTICA, INSTALADO EM LOCAL COM NÍVEL BAIXO DE INTERFERÊNCIAS (NÃO INCLUI FORNECIMENTO). AF_06/2015","M","COEFICIENTE DE REPRESENTATIVIDADE","4,00","","","","","","","","","3,35","83,6842106","0,65","16,3157894","0,00","0,0000000","0,00","0,0000000","0,00","0,0000000","CAIXA REFERENCIAL"]
["ASSENTAMENTO DE TUBOS E PECAS","ASTU","FORNEC E/OU ASSENT DE TUBO DE PVC COM JUNTA ELASTI",48,"","","90735","ASSENTAMENTO DE TUBO DE PVC PARA REDE COLETORA DE ESGOTO DE PAREDE MACIÇA, DN 200 MM, JUNTA ELÁSTICA, INSTALADO EM LOCAL COM NÍVEL BAIXO DE INTERFERÊNCIAS (NÃO INCLUI FORNECIMENTO). AF_06/2015","M","COEFICIENTE DE REPRESENTATIVIDADE","4,00","COMPOSICAO","88246","ASSENTADOR DE TUBOS COM ENCARGOS COMPLEMENTARES","H","COEFICIENTE DE REPRESENTATIVIDADE","0,0867000","30,49","2,64","","","","","","","","","","","CAIXA REFERENCIAL"]
["ASSENTAMENTO DE TUBOS E PECAS","ASTU","FORNEC E/OU ASSENT DE TUBO DE PVC COM JUNTA ELASTI",48,"","","90735","ASSENTAMENTO DE TUBO DE PVC PARA REDE COLETORA DE ESGOTO DE PAREDE MACIÇA, DN 200 MM, JUNTA ELÁSTICA, INSTALADO EM LOCAL COM NÍVEL BAIXO DE INTERFERÊNCIAS (NÃO INCLUI FORNECIMENTO). AF_06/2015","M","COEFICIENTE DE REPRESENTATIVIDADE","4,00","COMPOSICAO","88316","SERVENTE COM ENCARGOS COMPLEMENTARES","H","COEFICIENTE DE REPRESENTATIVIDADE","0,0867000","15,69","1,36","","","","","","","","","","","CAIXA REFERENCIAL"]
["ASSENTAMENTO DE TUBOS E PECAS","ASTU","FORNEC E/OU ASSENT DE TUBO DE PVC COM JUNTA ELASTI",48,"","","90736","ASSENTAMENTO DE TUBO DE PVC PARA REDE COLETORA DE ESGOTO DE PAREDE MACIÇA, DN 250 MM, JUNTA ELÁSTICA, INSTALADO EM LOCAL COM NÍVEL BAIXO DE INTERFERÊNCIAS (NÃO INCLUI FORNECIMENTO). AF_06/2015","M","COEFICIENTE DE REPRESENTATIVIDADE","4,60","","","","","","","","","3,87","84,0546698","0,73","15,9453302","0,00","0,0000000","0,00","0,0000000","0,00","0,0000000","CAIXA REFERENCIAL"]
["ASSENTAMENTO DE TUBOS E PECAS","ASTU","FORNEC E/OU ASSENT DE TUBO DE PVC COM JUNTA ELASTI",48,"","","90736","ASSENTAMENTO DE TUBO DE PVC PARA REDE COLETORA DE ESGOTO DE PAREDE MACIÇA, DN 250 MM, JUNTA ELÁSTICA, INSTALADO EM LOCAL COM NÍVEL BAIXO DE INTERFERÊNCIAS (NÃO INCLUI FORNECIMENTO). AF_06/2015","M","COEFICIENTE DE REPRESENTATIVIDADE","4,60","COMPOSICAO","88246","ASSENTADOR DE TUBOS COM ENCARGOS COMPLEMENTARES","H","COEFICIENTE DE REPRESENTATIVIDADE","0,1000000","30,49","3,04","","","","","","","","","","","CAIXA REFERENCIAL"]
["ASSENTAMENTO DE TUBOS E PECAS","ASTU","FORNEC E/OU ASSENT DE TUBO DE PVC COM JUNTA ELASTI",48,"","","90736","ASSENTAMENTO DE TUBO DE PVC PARA REDE COLETORA DE ESGOTO DE PAREDE MACIÇA, DN 250 MM, JUNTA ELÁSTICA, INSTALADO EM LOCAL COM NÍVEL BAIXO DE INTERFERÊNCIAS (NÃO INCLUI FORNECIMENTO). AF_06/2015","M","COEFICIENTE DE REPRESENTATIVIDADE","4,60","COMPOSICAO","88316","SERVENTE COM ENCARGOS COMPLEMENTARES","H","COEFICIENTE DE REPRESENTATIVIDADE","0,1000000","15,69","1,56","","","","","","","","","","","CAIXA REFERENCIAL"]
["ASSENTAMENTO DE TUBOS E PECAS","ASTU","FORNEC E/OU ASSENT DE TUBO DE PVC COM JUNTA ELASTI",48,"","","90737","ASSENTAMENTO DE TUBO DE PVC PARA REDE COLETORA DE ESGOTO DE PAREDE MACIÇA, DN 300 MM, JUNTA ELÁSTICA, INSTALADO EM LOCAL COM NÍVEL BAIXO DE INTERFERÊNCIAS (NÃO INCLUI FORNECIMENTO). AF_06/2015","M","COEFICIENTE DE REPRESENTATIVIDADE","5,22","","","","","","","","","4,35","83,2669323","0,87","16,7330677","0,00","0,0000000","0,00","0,0000000","0,00","0,0000000","CAIXA REFERENCIAL"]
["ASSENTAMENTO DE TUBOS E PECAS","ASTU","FORNEC E/OU ASSENT DE TUBO DE PVC COM JUNTA ELASTI",48,"","","90737","ASSENTAMENTO DE TUBO DE PVC PARA REDE COLETORA DE ESGOTO DE PAREDE MACIÇA, DN 300 MM, JUNTA ELÁSTICA, INSTALADO EM LOCAL COM NÍVEL BAIXO DE INTERFERÊNCIAS (NÃO INCLUI FORNECIMENTO). AF_06/2015","M","COEFICIENTE DE REPRESENTATIVIDADE","5,22","COMPOSICAO","88246","ASSENTADOR DE TUBOS COM ENCARGOS COMPLEMENTARES","H","COEFICIENTE DE REPRESENTATIVIDADE","0,1134000","30,49","3,45","","","","","","","","","","","CAIXA REFERENCIAL"]
["ASSENTAMENTO DE TUBOS E PECAS","ASTU","FORNEC E/OU ASSENT DE TUBO DE PVC COM JUNTA ELASTI",48,"","","90737","ASSENTAMENTO DE TUBO DE PVC PARA REDE COLETORA DE ESGOTO DE PAREDE MACIÇA, DN 300 MM, JUNTA ELÁSTICA, INSTALADO EM LOCAL COM NÍVEL BAIXO DE INTERFERÊNCIAS (NÃO INCLUI FORNECIMENTO). AF_06/2015","M","COEFICIENTE DE REPRESENTATIVIDADE","5,22","COMPOSICAO","88316","SERVENTE COM ENCARGOS COMPLEMENTARES","H","COEFICIENTE DE REPRESENTATIVIDADE","0,1134000","15,69","1,77","","","","","","","","","","","CAIXA REFERENCIAL"]
["ASSENTAMENTO DE TUBOS E PECAS","ASTU","FORNEC E/OU ASSENT DE TUBO DE PVC COM JUNTA ELASTI",48,"","","90738","ASSENTAMENTO DE TUBO DE PVC PARA REDE COLETORA DE ESGOTO DE PAREDE MACIÇA, DN 350 MM, JUNTA ELÁSTICA, INSTALADO EM LOCAL COM NÍVEL BAIXO DE INTERFERÊNCIAS (NÃO INCLUI FORNECIMENTO). AF_06/2015","M","COEFICIENTE DE REPRESENTATIVIDADE","5,84","","","","","","","","","4,85","82,9484903","0,99","17,0515097","0,00","0,0000000","0,00","0,0000000","0,00","0,0000000","CAIXA REFERENCIAL"]
["ASSENTAMENTO DE TUBOS E PECAS","ASTU","FORNEC E/OU ASSENT DE TUBO DE PVC COM JUNTA ELASTI",48,"","","90738","ASSENTAMENTO DE TUBO DE PVC PARA REDE COLETORA DE ESGOTO DE PAREDE MACIÇA, DN 350 MM, JUNTA ELÁSTICA, INSTALADO EM LOCAL COM NÍVEL BAIXO DE INTERFERÊNCIAS (NÃO INCLUI FORNECIMENTO). AF_06/2015","M","COEFICIENTE DE REPRESENTATIVIDADE","5,84","COMPOSICAO","88246","ASSENTADOR DE TUBOS COM ENCARGOS COMPLEMENTARES","H","COEFICIENTE DE REPRESENTATIVIDADE","0,1267000","30,49","3,86","","","","","","","","","","","CAIXA REFERENCIAL"]
["ASSENTAMENTO DE TUBOS E PECAS","ASTU","FORNEC E/OU ASSENT DE TUBO DE PVC COM JUNTA ELASTI",48,"","","90738","ASSENTAMENTO DE TUBO DE PVC PARA REDE COLETORA DE ESGOTO DE PAREDE MACIÇA, DN 350 MM, JUNTA ELÁSTICA, INSTALADO EM LOCAL COM NÍVEL BAIXO DE INTERFERÊNCIAS (NÃO INCLUI FORNECIMENTO). AF_06/2015","M","COEFICIENTE DE REPRESENTATIVIDADE","5,84","COMPOSICAO","88316","SERVENTE COM ENCARGOS COMPLEMENTARES","H","COEFICIENTE DE REPRESENTATIVIDADE","0,1267000","15,69","1,98","","","","","","","","","","","CAIXA REFERENCIAL"]
["ASSENTAMENTO DE TUBOS E PECAS","ASTU","FORNEC E/OU ASSENT DE TUBO DE PVC COM JUNTA ELASTI",48,"","","90739","ASSENTAMENTO DE TUBO DE PVC PARA REDE COLETORA DE ESGOTO DE PAREDE MACIÇA, DN 400 MM, JUNTA ELÁSTICA, INSTALADO EM LOCAL COM NÍVEL BAIXO DE INTERFERÊNCIAS (NÃO INCLUI FORNECIMENTO). AF_06/2015","M","ATRIBUÍDO SÃO PAULO","13,32","","","","","","","","","7,89","59,2105264","3,37","25,3095975","2,06","15,4798761","0,00","0,0000000","0,00","0,0000000","CAIXA REFERENCIAL"]
["ASSENTAMENTO DE TUBOS E PECAS","ASTU","FORNEC E/OU ASSENT DE TUBO DE PVC COM JUNTA ELASTI",48,"","","90739","ASSENTAMENTO DE TUBO DE PVC PARA REDE COLETORA DE ESGOTO DE PAREDE MACIÇA, DN 400 MM, JUNTA ELÁSTICA, INSTALADO EM LOCAL COM NÍVEL BAIXO DE INTERFERÊNCIAS (NÃO INCLUI FORNECIMENTO). AF_06/2015","M","ATRIBUÍDO SÃO PAULO","13,32","COMPOSICAO","5678","RETROESCAVADEIRA SOBRE RODAS COM CARREGADEIRA, TRAÇÃO 4X4, POTÊNCIA LÍQ. 88 HP, CAÇAMBA CARREG. CAP. MÍN. 1 M3, CAÇAMBA RETRO CAP. 0,26 M3, PESO OPERACIONAL MÍN. 6.674 KG, PROFUNDIDADE ESCAVAÇÃO MÁX. 4,37 M - CHP DIURNO. AF_06/2014","CHP","ATRIBUÍDO SÃO PAULO","0,0454000","116,84","5,30","","","","","","","","","","","CAIXA REFERENCIAL"]
["ASSENTAMENTO DE TUBOS E PECAS","ASTU","FORNEC E/OU ASSENT DE TUBO DE PVC COM JUNTA ELASTI",48,"","","90739","ASSENTAMENTO DE TUBO DE PVC PARA REDE COLETORA DE ESGOTO DE PAREDE MACIÇA, DN 400 MM, JUNTA ELÁSTICA, INSTALADO EM LOCAL COM NÍVEL BAIXO DE INTERFERÊNCIAS (NÃO INCLUI FORNECIMENTO). AF_06/2015","M","ATRIBUÍDO SÃO PAULO","13,32","COMPOSICAO","5679","RETROESCAVADEIRA SOBRE RODAS COM CARREGADEIRA, TRAÇÃO 4X4, POTÊNCIA LÍQ. 88 HP, CAÇAMBA CARREG. CAP. MÍN. 1 M3, CAÇAMBA RETRO CAP. 0,26 M3, PESO OPERACIONAL MÍN. 6.674 KG, PROFUNDIDADE ESCAVAÇÃO MÁX. 4,37 M - CHI DIURNO. AF_06/2014","CHI","ATRIBUÍDO SÃO PAULO","0,0282000","55,33","1,56","","","","","","","","","","","CAIXA REFERENCIAL"]
["ASSENTAMENTO DE TUBOS E PECAS","ASTU","FORNEC E/OU ASSENT DE TUBO DE PVC COM JUNTA ELASTI",48,"","","90739","ASSENTAMENTO DE TUBO DE PVC PARA REDE COLETORA DE ESGOTO DE PAREDE MACIÇA, DN 400 MM, JUNTA ELÁSTICA, INSTALADO EM LOCAL COM NÍVEL BAIXO DE INTERFERÊNCIAS (NÃO INCLUI FORNECIMENTO). AF_06/2015","M","ATRIBUÍDO SÃO PAULO","13,32","COMPOSICAO","88246","ASSENTADOR DE TUBOS COM ENCARGOS COMPLEMENTARES","H","COEFICIENTE DE REPRESENTATIVIDADE","0,1401000","30,49","4,27","","","","","","","","","","","CAIXA REFERENCIAL"]
["ASSENTAMENTO DE TUBOS E PECAS","ASTU","FORNEC E/OU ASSENT DE TUBO DE PVC COM JUNTA ELASTI",48,"","","90739","ASSENTAMENTO DE TUBO DE PVC PARA REDE COLETORA DE ESGOTO DE PAREDE MACIÇA, DN 400 MM, JUNTA ELÁSTICA, INSTALADO EM LOCAL COM NÍVEL BAIXO DE INTERFERÊNCIAS (NÃO INCLUI FORNECIMENTO). AF_06/2015","M","ATRIBUÍDO SÃO PAULO","13,32","COMPOSICAO","88316","SERVENTE COM ENCARGOS COMPLEMENTARES","H","COEFICIENTE DE REPRESENTATIVIDADE","0,1401000","15,69","2,19","","","","","","","","","","","CAIXA REFERENCIAL"]
["ASSENTAMENTO DE TUBOS E PECAS","ASTU","FORNEC E/OU ASSENT DE TUBO DE PVC COM JUNTA ELASTI",48,"","","90740","ASSENTAMENTO DE TUBO DE PVC CORRUGADO DE DUPLA PAREDE PARA REDE COLETORA DE ESGOTO, DN 150 MM, JUNTA ELÁSTICA, INSTALADO EM LOCAL COM NÍVEL BAIXO DE INTERFERÊNCIAS (NÃO INCLUI FORNECIMENTO). AF_06/2015","M","COEFICIENTE DE REPRESENTATIVIDADE","6,16","","","","","","","","","5,12","83,1081082","1,04","16,8918918","0,00","0,0000000","0,00","0,0000000","0,00","0,0000000","CAIXA REFERENCIAL"]
["ASSENTAMENTO DE TUBOS E PECAS","ASTU","FORNEC E/OU ASSENT DE TUBO DE PVC COM JUNTA ELASTI",48,"","","90740","ASSENTAMENTO DE TUBO DE PVC CORRUGADO DE DUPLA PAREDE PARA REDE COLETORA DE ESGOTO, DN 150 MM, JUNTA ELÁSTICA, INSTALADO EM LOCAL COM NÍVEL BAIXO DE INTERFERÊNCIAS (NÃO INCLUI FORNECIMENTO). AF_06/2015","M","COEFICIENTE DE REPRESENTATIVIDADE","6,16","COMPOSICAO","88246","ASSENTADOR DE TUBOS COM ENCARGOS COMPLEMENTARES","H","COEFICIENTE DE REPRESENTATIVIDADE","0,1335000","30,49","4,07","","","","","","","","","","","CAIXA REFERENCIAL"]
["ASSENTAMENTO DE TUBOS E PECAS","ASTU","FORNEC E/OU ASSENT DE TUBO DE PVC COM JUNTA ELASTI",48,"","","90740","ASSENTAMENTO DE TUBO DE PVC CORRUGADO DE DUPLA PAREDE PARA REDE COLETORA DE ESGOTO, DN 150 MM, JUNTA ELÁSTICA, INSTALADO EM LOCAL COM NÍVEL BAIXO DE INTERFERÊNCIAS (NÃO INCLUI FORNECIMENTO). AF_06/2015","M","COEFICIENTE DE REPRESENTATIVIDADE","6,16","COMPOSICAO","88316","SERVENTE COM ENCARGOS COMPLEMENTARES","H","COEFICIENTE DE REPRESENTATIVIDADE","0,1335000","15,69","2,09","","","","","","","","","","","CAIXA REFERENCIAL"]
["ASSENTAMENTO DE TUBOS E PECAS","ASTU","FORNEC E/OU ASSENT DE TUBO DE PVC COM JUNTA ELASTI",48,"","","90741","ASSENTAMENTO DE TUBO DE PVC CORRUGADO DE DUPLA PAREDE PARA REDE COLETORA DE ESGOTO, DN 200 MM, JUNTA ELÁSTICA, INSTALADO EM LOCAL COM NÍVEL BAIXO DE INTERFERÊNCIAS (NÃO INCLUI FORNECIMENTO). AF_06/2015","M","COEFICIENTE DE REPRESENTATIVIDADE","6,77","","","","","","","","","5,56","82,1212122","1,21","17,8787878","0,00","0,0000000","0,00","0,0000000","0,00","0,0000000","CAIXA REFERENCIAL"]
["ASSENTAMENTO DE TUBOS E PECAS","ASTU","FORNEC E/OU ASSENT DE TUBO DE PVC COM JUNTA ELASTI",48,"","","90741","ASSENTAMENTO DE TUBO DE PVC CORRUGADO DE DUPLA PAREDE PARA REDE COLETORA DE ESGOTO, DN 200 MM, JUNTA ELÁSTICA, INSTALADO EM LOCAL COM NÍVEL BAIXO DE INTERFERÊNCIAS (NÃO INCLUI FORNECIMENTO). AF_06/2015","M","COEFICIENTE DE REPRESENTATIVIDADE","6,77","COMPOSICAO","88246","ASSENTADOR DE TUBOS COM ENCARGOS COMPLEMENTARES","H","COEFICIENTE DE REPRESENTATIVIDADE","0,1469000","30,49","4,47","","","","","","","","","","","CAIXA REFERENCIAL"]
["ASSENTAMENTO DE TUBOS E PECAS","ASTU","FORNEC E/OU ASSENT DE TUBO DE PVC COM JUNTA ELASTI",48,"","","90741","ASSENTAMENTO DE TUBO DE PVC CORRUGADO DE DUPLA PAREDE PARA REDE COLETORA DE ESGOTO, DN 200 MM, JUNTA ELÁSTICA, INSTALADO EM LOCAL COM NÍVEL BAIXO DE INTERFERÊNCIAS (NÃO INCLUI FORNECIMENTO). AF_06/2015","M","COEFICIENTE DE REPRESENTATIVIDADE","6,77","COMPOSICAO","88316","SERVENTE COM ENCARGOS COMPLEMENTARES","H","COEFICIENTE DE REPRESENTATIVIDADE","0,1469000","15,69","2,30","","","","","","","","","","","CAIXA REFERENCIAL"]
["ASSENTAMENTO DE TUBOS E PECAS","ASTU","FORNEC E/OU ASSENT DE TUBO DE PVC COM JUNTA ELASTI",48,"","","90742","ASSENTAMENTO DE TUBO DE PVC CORRUGADO DE DUPLA PAREDE PARA REDE COLETORA DE ESGOTO, DN 250 MM, JUNTA ELÁSTICA, INSTALADO EM LOCAL COM NÍVEL BAIXO DE INTERFERÊNCIAS (NÃO INCLUI FORNECIMENTO). AF_06/2015","M","COEFICIENTE DE REPRESENTATIVIDADE","7,39","","","","","","","","","6,09","82,4022347","1,30","17,5977653","0,00","0,0000000","0,00","0,0000000","0,00","0,0000000","CAIXA REFERENCIAL"]
["ASSENTAMENTO DE TUBOS E PECAS","ASTU","FORNEC E/OU ASSENT DE TUBO DE PVC COM JUNTA ELASTI",48,"","","90742","ASSENTAMENTO DE TUBO DE PVC CORRUGADO DE DUPLA PAREDE PARA REDE COLETORA DE ESGOTO, DN 250 MM, JUNTA ELÁSTICA, INSTALADO EM LOCAL COM NÍVEL BAIXO DE INTERFERÊNCIAS (NÃO INCLUI FORNECIMENTO). AF_06/2015","M","COEFICIENTE DE REPRESENTATIVIDADE","7,39","COMPOSICAO","88246","ASSENTADOR DE TUBOS COM ENCARGOS COMPLEMENTARES","H","COEFICIENTE DE REPRESENTATIVIDADE","0,1602000","30,49","4,88","","","","","","","","","","","CAIXA REFERENCIAL"]
["ASSENTAMENTO DE TUBOS E PECAS","ASTU","FORNEC E/OU ASSENT DE TUBO DE PVC COM JUNTA ELASTI",48,"","","90742","ASSENTAMENTO DE TUBO DE PVC CORRUGADO DE DUPLA PAREDE PARA REDE COLETORA DE ESGOTO, DN 250 MM, JUNTA ELÁSTICA, INSTALADO EM LOCAL COM NÍVEL BAIXO DE INTERFERÊNCIAS (NÃO INCLUI FORNECIMENTO). AF_06/2015","M","COEFICIENTE DE REPRESENTATIVIDADE","7,39","COMPOSICAO","88316","SERVENTE COM ENCARGOS COMPLEMENTARES","H","COEFICIENTE DE REPRESENTATIVIDADE","0,1602000","15,69","2,51","","","","","","","","","","","CAIXA REFERENCIAL"]
["ASSENTAMENTO DE TUBOS E PECAS","ASTU","FORNEC E/OU ASSENT DE TUBO DE PVC COM JUNTA ELASTI",48,"","","90743","ASSENTAMENTO DE TUBO DE PVC CORRUGADO DE DUPLA PAREDE PARA REDE COLETORA DE ESGOTO, DN 300 MM, JUNTA ELÁSTICA, INSTALADO EM LOCAL COM NÍVEL BAIXO DE INTERFERÊNCIAS (NÃO INCLUI FORNECIMENTO). AF_06/2015","M","COEFICIENTE DE REPRESENTATIVIDADE","8,01","","","","","","","","","6,60","82,2849808","1,41","17,7150192","0,00","0,0000000","0,00","0,0000000","0,00","0,0000000","CAIXA REFERENCIAL"]
["ASSENTAMENTO DE TUBOS E PECAS","ASTU","FORNEC E/OU ASSENT DE TUBO DE PVC COM JUNTA ELASTI",48,"","","90743","ASSENTAMENTO DE TUBO DE PVC CORRUGADO DE DUPLA PAREDE PARA REDE COLETORA DE ESGOTO, DN 300 MM, JUNTA ELÁSTICA, INSTALADO EM LOCAL COM NÍVEL BAIXO DE INTERFERÊNCIAS (NÃO INCLUI FORNECIMENTO). AF_06/2015","M","COEFICIENTE DE REPRESENTATIVIDADE","8,01","COMPOSICAO","88246","ASSENTADOR DE TUBOS COM ENCARGOS COMPLEMENTARES","H","COEFICIENTE DE REPRESENTATIVIDADE","0,1735000","30,49","5,29","","","","","","","","","","","CAIXA REFERENCIAL"]
["ASSENTAMENTO DE TUBOS E PECAS","ASTU","FORNEC E/OU ASSENT DE TUBO DE PVC COM JUNTA ELASTI",48,"","","90743","ASSENTAMENTO DE TUBO DE PVC CORRUGADO DE DUPLA PAREDE PARA REDE COLETORA DE ESGOTO, DN 300 MM, JUNTA ELÁSTICA, INSTALADO EM LOCAL COM NÍVEL BAIXO DE INTERFERÊNCIAS (NÃO INCLUI FORNECIMENTO). AF_06/2015","M","COEFICIENTE DE REPRESENTATIVIDADE","8,01","COMPOSICAO","88316","SERVENTE COM ENCARGOS COMPLEMENTARES","H","COEFICIENTE DE REPRESENTATIVIDADE","0,1735000","15,69","2,72","","","","","","","","","","","CAIXA REFERENCIAL"]
["ASSENTAMENTO DE TUBOS E PECAS","ASTU","FORNEC E/OU ASSENT DE TUBO DE PVC COM JUNTA ELASTI",48,"","","90744","ASSENTAMENTO DE TUBO DE PVC CORRUGADO DE DUPLA PAREDE PARA REDE COLETORA DE ESGOTO, DN 350 MM, JUNTA ELÁSTICA, INSTALADO EM LOCAL COM NÍVEL BAIXO DE INTERFERÊNCIAS (NÃO INCLUI FORNECIMENTO). AF_06/2015","M","COEFICIENTE DE REPRESENTATIVIDADE","8,62","","","","","","","","","7,12","82,5358852","1,50","17,4641148","0,00","0,0000000","0,00","0,0000000","0,00","0,0000000","CAIXA REFERENCIAL"]
["ASSENTAMENTO DE TUBOS E PECAS","ASTU","FORNEC E/OU ASSENT DE TUBO DE PVC COM JUNTA ELASTI",48,"","","90744","ASSENTAMENTO DE TUBO DE PVC CORRUGADO DE DUPLA PAREDE PARA REDE COLETORA DE ESGOTO, DN 350 MM, JUNTA ELÁSTICA, INSTALADO EM LOCAL COM NÍVEL BAIXO DE INTERFERÊNCIAS (NÃO INCLUI FORNECIMENTO). AF_06/2015","M","COEFICIENTE DE REPRESENTATIVIDADE","8,62","COMPOSICAO","88246","ASSENTADOR DE TUBOS COM ENCARGOS COMPLEMENTARES","H","COEFICIENTE DE REPRESENTATIVIDADE","0,1869000","30,49","5,69","","","","","","","","","","","CAIXA REFERENCIAL"]
["ASSENTAMENTO DE TUBOS E PECAS","ASTU","FORNEC E/OU ASSENT DE TUBO DE PVC COM JUNTA ELASTI",48,"","","90744","ASSENTAMENTO DE TUBO DE PVC CORRUGADO DE DUPLA PAREDE PARA REDE COLETORA DE ESGOTO, DN 350 MM, JUNTA ELÁSTICA, INSTALADO EM LOCAL COM NÍVEL BAIXO DE INTERFERÊNCIAS (NÃO INCLUI FORNECIMENTO). AF_06/2015","M","COEFICIENTE DE REPRESENTATIVIDADE","8,62","COMPOSICAO","88316","SERVENTE COM ENCARGOS COMPLEMENTARES","H","COEFICIENTE DE REPRESENTATIVIDADE","0,1869000","15,69","2,93","","","","","","","","","","","CAIXA REFERENCIAL"]
["ASSENTAMENTO DE TUBOS E PECAS","ASTU","FORNEC E/OU ASSENT DE TUBO DE PVC COM JUNTA ELASTI",48,"","","90745","ASSENTAMENTO DE TUBO DE PVC CORRUGADO DE DUPLA PAREDE PARA REDE COLETORA DE ESGOTO, DN 400 MM, JUNTA ELÁSTICA, INSTALADO EM LOCAL COM NÍVEL BAIXO DE INTERFERÊNCIAS (NÃO INCLUI FORNECIMENTO). AF_06/2015","M","ATRIBUÍDO SÃO PAULO","19,04","","","","","","","","","11,21","58,7888532","4,90","25,7770632","2,93","15,4340836","0,00","0,0000000","0,00","0,0000000","CAIXA REFERENCIAL"]
["ASSENTAMENTO DE TUBOS E PECAS","ASTU","FORNEC E/OU ASSENT DE TUBO DE PVC COM JUNTA ELASTI",48,"","","90745","ASSENTAMENTO DE TUBO DE PVC CORRUGADO DE DUPLA PAREDE PARA REDE COLETORA DE ESGOTO, DN 400 MM, JUNTA ELÁSTICA, INSTALADO EM LOCAL COM NÍVEL BAIXO DE INTERFERÊNCIAS (NÃO INCLUI FORNECIMENTO). AF_06/2015","M","ATRIBUÍDO SÃO PAULO","19,04","COMPOSICAO","5678","RETROESCAVADEIRA SOBRE RODAS COM CARREGADEIRA, TRAÇÃO 4X4, POTÊNCIA LÍQ. 88 HP, CAÇAMBA CARREG. CAP. MÍN. 1 M3, CAÇAMBA RETRO CAP. 0,26 M3, PESO OPERACIONAL MÍN. 6.674 KG, PROFUNDIDADE ESCAVAÇÃO MÁX. 4,37 M - CHP DIURNO. AF_06/2014","CHP","ATRIBUÍDO SÃO PAULO","0,0649000","116,84","7,58","","","","","","","","","","","CAIXA REFERENCIAL"]
["ASSENTAMENTO DE TUBOS E PECAS","ASTU","FORNEC E/OU ASSENT DE TUBO DE PVC COM JUNTA ELASTI",48,"","","90745","ASSENTAMENTO DE TUBO DE PVC CORRUGADO DE DUPLA PAREDE PARA REDE COLETORA DE ESGOTO, DN 400 MM, JUNTA ELÁSTICA, INSTALADO EM LOCAL COM NÍVEL BAIXO DE INTERFERÊNCIAS (NÃO INCLUI FORNECIMENTO). AF_06/2015","M","ATRIBUÍDO SÃO PAULO","19,04","COMPOSICAO","5679","RETROESCAVADEIRA SOBRE RODAS COM CARREGADEIRA, TRAÇÃO 4X4, POTÊNCIA LÍQ. 88 HP, CAÇAMBA CARREG. CAP. MÍN. 1 M3, CAÇAMBA RETRO CAP. 0,26 M3, PESO OPERACIONAL MÍN. 6.674 KG, PROFUNDIDADE ESCAVAÇÃO MÁX. 4,37 M - CHI DIURNO. AF_06/2014","CHI","ATRIBUÍDO SÃO PAULO","0,0403000","55,33","2,22","","","","","","","","","","","CAIXA REFERENCIAL"]
["ASSENTAMENTO DE TUBOS E PECAS","ASTU","FORNEC E/OU ASSENT DE TUBO DE PVC COM JUNTA ELASTI",48,"","","90745","ASSENTAMENTO DE TUBO DE PVC CORRUGADO DE DUPLA PAREDE PARA REDE COLETORA DE ESGOTO, DN 400 MM, JUNTA ELÁSTICA, INSTALADO EM LOCAL COM NÍVEL BAIXO DE INTERFERÊNCIAS (NÃO INCLUI FORNECIMENTO). AF_06/2015","M","ATRIBUÍDO SÃO PAULO","19,04","COMPOSICAO","88246","ASSENTADOR DE TUBOS COM ENCARGOS COMPLEMENTARES","H","COEFICIENTE DE REPRESENTATIVIDADE","0,2002000","30,49","6,10","","","","","","","","","","","CAIXA REFERENCIAL"]
["ASSENTAMENTO DE TUBOS E PECAS","ASTU","FORNEC E/OU ASSENT DE TUBO DE PVC COM JUNTA ELASTI",48,"","","90745","ASSENTAMENTO DE TUBO DE PVC CORRUGADO DE DUPLA PAREDE PARA REDE COLETORA DE ESGOTO, DN 400 MM, JUNTA ELÁSTICA, INSTALADO EM LOCAL COM NÍVEL BAIXO DE INTERFERÊNCIAS (NÃO INCLUI FORNECIMENTO). AF_06/2015","M","ATRIBUÍDO SÃO PAULO","19,04","COMPOSICAO","88316","SERVENTE COM ENCARGOS COMPLEMENTARES","H","COEFICIENTE DE REPRESENTATIVIDADE","0,2002000","15,69","3,14","","","","","","","","","","","CAIXA REFERENCIAL"]
["ASSENTAMENTO DE TUBOS E PECAS","ASTU","FORNEC E/OU ASSENT DE TUBO DE PVC COM JUNTA ELASTI",48,"","","90746","ASSENTAMENTO DE TUBO DE PEAD CORRUGADO DE DUPLA PAREDE PARA REDE COLETORA DE ESGOTO, DN 450 MM, JUNTA ELÁSTICA INTEGRADA, INSTALADO EM LOCAL COM NÍVEL BAIXO DE INTERFERÊNCIAS (NÃO INCLUI FORNECIMENTO). AF_06/2015","M","COEFICIENTE DE REPRESENTATIVIDADE","3,75","","","","","","","","","3,15","83,7535015","0,60","16,2464985","0,00","0,0000000","0,00","0,0000000","0,00","0,0000000","CAIXA REFERENCIAL"]
["ASSENTAMENTO DE TUBOS E PECAS","ASTU","FORNEC E/OU ASSENT DE TUBO DE PVC COM JUNTA ELASTI",48,"","","90746","ASSENTAMENTO DE TUBO DE PEAD CORRUGADO DE DUPLA PAREDE PARA REDE COLETORA DE ESGOTO, DN 450 MM, JUNTA ELÁSTICA INTEGRADA, INSTALADO EM LOCAL COM NÍVEL BAIXO DE INTERFERÊNCIAS (NÃO INCLUI FORNECIMENTO). AF_06/2015","M","COEFICIENTE DE REPRESENTATIVIDADE","3,75","COMPOSICAO","88246","ASSENTADOR DE TUBOS COM ENCARGOS COMPLEMENTARES","H","COEFICIENTE DE REPRESENTATIVIDADE","0,0814000","30,49","2,48","","","","","","","","","","","CAIXA REFERENCIAL"]
["ASSENTAMENTO DE TUBOS E PECAS","ASTU","FORNEC E/OU ASSENT DE TUBO DE PVC COM JUNTA ELASTI",48,"","","90746","ASSENTAMENTO DE TUBO DE PEAD CORRUGADO DE DUPLA PAREDE PARA REDE COLETORA DE ESGOTO, DN 450 MM, JUNTA ELÁSTICA INTEGRADA, INSTALADO EM LOCAL COM NÍVEL BAIXO DE INTERFERÊNCIAS (NÃO INCLUI FORNECIMENTO). AF_06/2015","M","COEFICIENTE DE REPRESENTATIVIDADE","3,75","COMPOSICAO","88316","SERVENTE COM ENCARGOS COMPLEMENTARES","H","COEFICIENTE DE REPRESENTATIVIDADE","0,0814000","15,69","1,27","","","","","","","","","","","CAIXA REFERENCIAL"]
["ASSENTAMENTO DE TUBOS E PECAS","ASTU","FORNEC E/OU ASSENT DE TUBO DE PVC COM JUNTA ELASTI",48,"","","90747","ASSENTAMENTO DE TUBO DE PEAD CORRUGADO DE DUPLA PAREDE PARA REDE COLETORA DE ESGOTO, DN 600 MM, JUNTA ELÁSTICA INTEGRADA, INSTALADO EM LOCAL COM NÍVEL BAIXO DE INTERFERÊNCIAS (NÃO INCLUI FORNECIMENTO). AF_06/2015","M","ATRIBUÍDO SÃO PAULO","14,06","","","","","","","","","7,30","51,8599564","3,51","25,0182348","3,25","23,1218088","0,00","0,0000000","0,00","0,0000000","CAIXA REFERENCIAL"]
["ASSENTAMENTO DE TUBOS E PECAS","ASTU","FORNEC E/OU ASSENT DE TUBO DE PVC COM JUNTA ELASTI",48,"","","90747","ASSENTAMENTO DE TUBO DE PEAD CORRUGADO DE DUPLA PAREDE PARA REDE COLETORA DE ESGOTO, DN 600 MM, JUNTA ELÁSTICA INTEGRADA, INSTALADO EM LOCAL COM NÍVEL BAIXO DE INTERFERÊNCIAS (NÃO INCLUI FORNECIMENTO). AF_06/2015","M","ATRIBUÍDO SÃO PAULO","14,06","COMPOSICAO","5631","ESCAVADEIRA HIDRÁULICA SOBRE ESTEIRAS, CAÇAMBA 0,80 M3, PESO OPERACIONAL 17 T, POTENCIA BRUTA 111 HP - CHP DIURNO. AF_06/2014","CHP","ATRIBUÍDO SÃO PAULO","0,0422000","149,54","6,31","","","","","","","","","","","CAIXA REFERENCIAL"]
["ASSENTAMENTO DE TUBOS E PECAS","ASTU","FORNEC E/OU ASSENT DE TUBO DE PVC COM JUNTA ELASTI",48,"","","90747","ASSENTAMENTO DE TUBO DE PEAD CORRUGADO DE DUPLA PAREDE PARA REDE COLETORA DE ESGOTO, DN 600 MM, JUNTA ELÁSTICA INTEGRADA, INSTALADO EM LOCAL COM NÍVEL BAIXO DE INTERFERÊNCIAS (NÃO INCLUI FORNECIMENTO). AF_06/2015","M","ATRIBUÍDO SÃO PAULO","14,06","COMPOSICAO","5632","ESCAVADEIRA HIDRÁULICA SOBRE ESTEIRAS, CAÇAMBA 0,80 M3, PESO OPERACIONAL 17 T, POTENCIA BRUTA 111 HP - CHI DIURNO. AF_06/2014","CHI","ATRIBUÍDO SÃO PAULO","0,0262000","67,11","1,75","","","","","","","","","","","CAIXA REFERENCIAL"]
["ASSENTAMENTO DE TUBOS E PECAS","ASTU","FORNEC E/OU ASSENT DE TUBO DE PVC COM JUNTA ELASTI",48,"","","90747","ASSENTAMENTO DE TUBO DE PEAD CORRUGADO DE DUPLA PAREDE PARA REDE COLETORA DE ESGOTO, DN 600 MM, JUNTA ELÁSTICA INTEGRADA, INSTALADO EM LOCAL COM NÍVEL BAIXO DE INTERFERÊNCIAS (NÃO INCLUI FORNECIMENTO). AF_06/2015","M","ATRIBUÍDO SÃO PAULO","14,06","COMPOSICAO","88246","ASSENTADOR DE TUBOS COM ENCARGOS COMPLEMENTARES","H","COEFICIENTE DE REPRESENTATIVIDADE","0,1301000","30,49","3,96","","","","","","","","","","","CAIXA REFERENCIAL"]
["ASSENTAMENTO DE TUBOS E PECAS","ASTU","FORNEC E/OU ASSENT DE TUBO DE PVC COM JUNTA ELASTI",48,"","","90747","ASSENTAMENTO DE TUBO DE PEAD CORRUGADO DE DUPLA PAREDE PARA REDE COLETORA DE ESGOTO, DN 600 MM, JUNTA ELÁSTICA INTEGRADA, INSTALADO EM LOCAL COM NÍVEL BAIXO DE INTERFERÊNCIAS (NÃO INCLUI FORNECIMENTO). AF_06/2015","M","ATRIBUÍDO SÃO PAULO","14,06","COMPOSICAO","88316","SERVENTE COM ENCARGOS COMPLEMENTARES","H","COEFICIENTE DE REPRESENTATIVIDADE","0,1301000","15,69","2,04","","","","","","","","","","","CAIXA REFERENCIAL"]
["ASSENTAMENTO DE TUBOS E PECAS","ASTU","FORNEC E/OU ASSENT DE TUBO DE PVC COM JUNTA ELASTI",48,"","","90748","ASSENTAMENTO DE TUBO DE PVC PARA REDE COLETORA DE ESGOTO DE PAREDE MACIÇA, DN 100 MM, JUNTA ELÁSTICA, INSTALADO EM LOCAL COM NÍVEL ALTO DE INTERFERÊNCIAS (NÃO INCLUI FORNECIMENTO). AF_06/2015","M","COEFICIENTE DE REPRESENTATIVIDADE","4,95","","","","","","","","","4,16","83,8641189","0,79","16,1358811","0,00","0,0000000","0,00","0,0000000","0,00","0,0000000","CAIXA REFERENCIAL"]
["ASSENTAMENTO DE TUBOS E PECAS","ASTU","FORNEC E/OU ASSENT DE TUBO DE PVC COM JUNTA ELASTI",48,"","","90748","ASSENTAMENTO DE TUBO DE PVC PARA REDE COLETORA DE ESGOTO DE PAREDE MACIÇA, DN 100 MM, JUNTA ELÁSTICA, INSTALADO EM LOCAL COM NÍVEL ALTO DE INTERFERÊNCIAS (NÃO INCLUI FORNECIMENTO). AF_06/2015","M","COEFICIENTE DE REPRESENTATIVIDADE","4,95","COMPOSICAO","88246","ASSENTADOR DE TUBOS COM ENCARGOS COMPLEMENTARES","H","COEFICIENTE DE REPRESENTATIVIDADE","0,1074000","30,49","3,27","","","","","","","","","","","CAIXA REFERENCIAL"]
["ASSENTAMENTO DE TUBOS E PECAS","ASTU","FORNEC E/OU ASSENT DE TUBO DE PVC COM JUNTA ELASTI",48,"","","90748","ASSENTAMENTO DE TUBO DE PVC PARA REDE COLETORA DE ESGOTO DE PAREDE MACIÇA, DN 100 MM, JUNTA ELÁSTICA, INSTALADO EM LOCAL COM NÍVEL ALTO DE INTERFERÊNCIAS (NÃO INCLUI FORNECIMENTO). AF_06/2015","M","COEFICIENTE DE REPRESENTATIVIDADE","4,95","COMPOSICAO","88316","SERVENTE COM ENCARGOS COMPLEMENTARES","H","COEFICIENTE DE REPRESENTATIVIDADE","0,1074000","15,69","1,68","","","","","","","","","","","CAIXA REFERENCIAL"]
["ASSENTAMENTO DE TUBOS E PECAS","ASTU","FORNEC E/OU ASSENT DE TUBO DE PVC COM JUNTA ELASTI",48,"","","90749","ASSENTAMENTO DE TUBO DE PVC PARA REDE COLETORA DE ESGOTO DE PAREDE MACIÇA, DN 150 MM, JUNTA ELÁSTICA, INSTALADO EM LOCAL COM NÍVEL ALTO DE INTERFERÊNCIAS (NÃO INCLUI FORNECIMENTO). AF_06/2015","M","COEFICIENTE DE REPRESENTATIVIDADE","5,57","","","","","","","","","4,62","82,8358209","0,95","17,1641791","0,00","0,0000000","0,00","0,0000000","0,00","0,0000000","CAIXA REFERENCIAL"]
["ASSENTAMENTO DE TUBOS E PECAS","ASTU","FORNEC E/OU ASSENT DE TUBO DE PVC COM JUNTA ELASTI",48,"","","90749","ASSENTAMENTO DE TUBO DE PVC PARA REDE COLETORA DE ESGOTO DE PAREDE MACIÇA, DN 150 MM, JUNTA ELÁSTICA, INSTALADO EM LOCAL COM NÍVEL ALTO DE INTERFERÊNCIAS (NÃO INCLUI FORNECIMENTO). AF_06/2015","M","COEFICIENTE DE REPRESENTATIVIDADE","5,57","COMPOSICAO","88246","ASSENTADOR DE TUBOS COM ENCARGOS COMPLEMENTARES","H","COEFICIENTE DE REPRESENTATIVIDADE","0,1207000","30,49","3,68","","","","","","","","","","","CAIXA REFERENCIAL"]
["ASSENTAMENTO DE TUBOS E PECAS","ASTU","FORNEC E/OU ASSENT DE TUBO DE PVC COM JUNTA ELASTI",48,"","","90749","ASSENTAMENTO DE TUBO DE PVC PARA REDE COLETORA DE ESGOTO DE PAREDE MACIÇA, DN 150 MM, JUNTA ELÁSTICA, INSTALADO EM LOCAL COM NÍVEL ALTO DE INTERFERÊNCIAS (NÃO INCLUI FORNECIMENTO). AF_06/2015","M","COEFICIENTE DE REPRESENTATIVIDADE","5,57","COMPOSICAO","88316","SERVENTE COM ENCARGOS COMPLEMENTARES","H","COEFICIENTE DE REPRESENTATIVIDADE","0,1207000","15,69","1,89","","","","","","","","","","","CAIXA REFERENCIAL"]
["ASSENTAMENTO DE TUBOS E PECAS","ASTU","FORNEC E/OU ASSENT DE TUBO DE PVC COM JUNTA ELASTI",48,"","","90750","ASSENTAMENTO DE TUBO DE PVC PARA REDE COLETORA DE ESGOTO DE PAREDE MACIÇA, DN 200 MM, JUNTA ELÁSTICA, INSTALADO EM LOCAL COM NÍVEL ALTO DE INTERFERÊNCIAS (NÃO INCLUI FORNECIMENTO). AF_06/2015","M","COEFICIENTE DE REPRESENTATIVIDADE","6,18","","","","","","","","","5,15","83,1932774","1,03","16,8067226","0,00","0,0000000","0,00","0,0000000","0,00","0,0000000","CAIXA REFERENCIAL"]
["ASSENTAMENTO DE TUBOS E PECAS","ASTU","FORNEC E/OU ASSENT DE TUBO DE PVC COM JUNTA ELASTI",48,"","","90750","ASSENTAMENTO DE TUBO DE PVC PARA REDE COLETORA DE ESGOTO DE PAREDE MACIÇA, DN 200 MM, JUNTA ELÁSTICA, INSTALADO EM LOCAL COM NÍVEL ALTO DE INTERFERÊNCIAS (NÃO INCLUI FORNECIMENTO). AF_06/2015","M","COEFICIENTE DE REPRESENTATIVIDADE","6,18","COMPOSICAO","88246","ASSENTADOR DE TUBOS COM ENCARGOS COMPLEMENTARES","H","COEFICIENTE DE REPRESENTATIVIDADE","0,1340000","30,49","4,08","","","","","","","","","","","CAIXA REFERENCIAL"]
["ASSENTAMENTO DE TUBOS E PECAS","ASTU","FORNEC E/OU ASSENT DE TUBO DE PVC COM JUNTA ELASTI",48,"","","90750","ASSENTAMENTO DE TUBO DE PVC PARA REDE COLETORA DE ESGOTO DE PAREDE MACIÇA, DN 200 MM, JUNTA ELÁSTICA, INSTALADO EM LOCAL COM NÍVEL ALTO DE INTERFERÊNCIAS (NÃO INCLUI FORNECIMENTO). AF_06/2015","M","COEFICIENTE DE REPRESENTATIVIDADE","6,18","COMPOSICAO","88316","SERVENTE COM ENCARGOS COMPLEMENTARES","H","COEFICIENTE DE REPRESENTATIVIDADE","0,1340000","15,69","2,10","","","","","","","","","","","CAIXA REFERENCIAL"]
["ASSENTAMENTO DE TUBOS E PECAS","ASTU","FORNEC E/OU ASSENT DE TUBO DE PVC COM JUNTA ELASTI",48,"","","90751","ASSENTAMENTO DE TUBO DE PVC PARA REDE COLETORA DE ESGOTO DE PAREDE MACIÇA, DN 250 MM, JUNTA ELÁSTICA, INSTALADO EM LOCAL COM NÍVEL ALTO DE INTERFERÊNCIAS (NÃO INCLUI FORNECIMENTO). AF_06/2015","M","COEFICIENTE DE REPRESENTATIVIDADE","6,80","","","","","","","","","5,59","82,1482603","1,21","17,8517397","0,00","0,0000000","0,00","0,0000000","0,00","0,0000000","CAIXA REFERENCIAL"]
["ASSENTAMENTO DE TUBOS E PECAS","ASTU","FORNEC E/OU ASSENT DE TUBO DE PVC COM JUNTA ELASTI",48,"","","90751","ASSENTAMENTO DE TUBO DE PVC PARA REDE COLETORA DE ESGOTO DE PAREDE MACIÇA, DN 250 MM, JUNTA ELÁSTICA, INSTALADO EM LOCAL COM NÍVEL ALTO DE INTERFERÊNCIAS (NÃO INCLUI FORNECIMENTO). AF_06/2015","M","COEFICIENTE DE REPRESENTATIVIDADE","6,80","COMPOSICAO","88246","ASSENTADOR DE TUBOS COM ENCARGOS COMPLEMENTARES","H","COEFICIENTE DE REPRESENTATIVIDADE","0,1474000","30,49","4,49","","","","","","","","","","","CAIXA REFERENCIAL"]
["ASSENTAMENTO DE TUBOS E PECAS","ASTU","FORNEC E/OU ASSENT DE TUBO DE PVC COM JUNTA ELASTI",48,"","","90751","ASSENTAMENTO DE TUBO DE PVC PARA REDE COLETORA DE ESGOTO DE PAREDE MACIÇA, DN 250 MM, JUNTA ELÁSTICA, INSTALADO EM LOCAL COM NÍVEL ALTO DE INTERFERÊNCIAS (NÃO INCLUI FORNECIMENTO). AF_06/2015","M","COEFICIENTE DE REPRESENTATIVIDADE","6,80","COMPOSICAO","88316","SERVENTE COM ENCARGOS COMPLEMENTARES","H","COEFICIENTE DE REPRESENTATIVIDADE","0,1474000","15,69","2,31","","","","","","","","","","","CAIXA REFERENCIAL"]
["ASSENTAMENTO DE TUBOS E PECAS","ASTU","FORNEC E/OU ASSENT DE TUBO DE PVC COM JUNTA ELASTI",48,"","","90752","ASSENTAMENTO DE TUBO DE PVC PARA REDE COLETORA DE ESGOTO DE PAREDE MACIÇA, DN 300 MM, JUNTA ELÁSTICA, INSTALADO EM LOCAL COM NÍVEL ALTO DE INTERFERÊNCIAS (NÃO INCLUI FORNECIMENTO). AF_06/2015","M","COEFICIENTE DE REPRESENTATIVIDADE","7,41","","","","","","","","","6,11","82,4512535","1,30","17,5487465","0,00","0,0000000","0,00","0,0000000","0,00","0,0000000","CAIXA REFERENCIAL"]
["ASSENTAMENTO DE TUBOS E PECAS","ASTU","FORNEC E/OU ASSENT DE TUBO DE PVC COM JUNTA ELASTI",48,"","","90752","ASSENTAMENTO DE TUBO DE PVC PARA REDE COLETORA DE ESGOTO DE PAREDE MACIÇA, DN 300 MM, JUNTA ELÁSTICA, INSTALADO EM LOCAL COM NÍVEL ALTO DE INTERFERÊNCIAS (NÃO INCLUI FORNECIMENTO). AF_06/2015","M","COEFICIENTE DE REPRESENTATIVIDADE","7,41","COMPOSICAO","88246","ASSENTADOR DE TUBOS COM ENCARGOS COMPLEMENTARES","H","COEFICIENTE DE REPRESENTATIVIDADE","0,1607000","30,49","4,89","","","","","","","","","","","CAIXA REFERENCIAL"]
["ASSENTAMENTO DE TUBOS E PECAS","ASTU","FORNEC E/OU ASSENT DE TUBO DE PVC COM JUNTA ELASTI",48,"","","90752","ASSENTAMENTO DE TUBO DE PVC PARA REDE COLETORA DE ESGOTO DE PAREDE MACIÇA, DN 300 MM, JUNTA ELÁSTICA, INSTALADO EM LOCAL COM NÍVEL ALTO DE INTERFERÊNCIAS (NÃO INCLUI FORNECIMENTO). AF_06/2015","M","COEFICIENTE DE REPRESENTATIVIDADE","7,41","COMPOSICAO","88316","SERVENTE COM ENCARGOS COMPLEMENTARES","H","COEFICIENTE DE REPRESENTATIVIDADE","0,1607000","15,69","2,52","","","","","","","","","","","CAIXA REFERENCIAL"]
["ASSENTAMENTO DE TUBOS E PECAS","ASTU","FORNEC E/OU ASSENT DE TUBO DE PVC COM JUNTA ELASTI",48,"","","90753","ASSENTAMENTO DE TUBO DE PVC PARA REDE COLETORA DE ESGOTO DE PAREDE MACIÇA, DN 350 MM, JUNTA ELÁSTICA, INSTALADO EM LOCAL COM NÍVEL ALTO DE INTERFERÊNCIAS (NÃO INCLUI FORNECIMENTO). AF_06/2015","M","COEFICIENTE DE REPRESENTATIVIDADE","8,03","","","","","","","","","6,62","82,3303458","1,41","17,6696542","0,00","0,0000000","0,00","0,0000000","0,00","0,0000000","CAIXA REFERENCIAL"]
["ASSENTAMENTO DE TUBOS E PECAS","ASTU","FORNEC E/OU ASSENT DE TUBO DE PVC COM JUNTA ELASTI",48,"","","90753","ASSENTAMENTO DE TUBO DE PVC PARA REDE COLETORA DE ESGOTO DE PAREDE MACIÇA, DN 350 MM, JUNTA ELÁSTICA, INSTALADO EM LOCAL COM NÍVEL ALTO DE INTERFERÊNCIAS (NÃO INCLUI FORNECIMENTO). AF_06/2015","M","COEFICIENTE DE REPRESENTATIVIDADE","8,03","COMPOSICAO","88246","ASSENTADOR DE TUBOS COM ENCARGOS COMPLEMENTARES","H","COEFICIENTE DE REPRESENTATIVIDADE","0,1741000","30,49","5,30","","","","","","","","","","","CAIXA REFERENCIAL"]
["ASSENTAMENTO DE TUBOS E PECAS","ASTU","FORNEC E/OU ASSENT DE TUBO DE PVC COM JUNTA ELASTI",48,"","","90753","ASSENTAMENTO DE TUBO DE PVC PARA REDE COLETORA DE ESGOTO DE PAREDE MACIÇA, DN 350 MM, JUNTA ELÁSTICA, INSTALADO EM LOCAL COM NÍVEL ALTO DE INTERFERÊNCIAS (NÃO INCLUI FORNECIMENTO). AF_06/2015","M","COEFICIENTE DE REPRESENTATIVIDADE","8,03","COMPOSICAO","88316","SERVENTE COM ENCARGOS COMPLEMENTARES","H","COEFICIENTE DE REPRESENTATIVIDADE","0,1741000","15,69","2,73","","","","","","","","","","","CAIXA REFERENCIAL"]
["ASSENTAMENTO DE TUBOS E PECAS","ASTU","FORNEC E/OU ASSENT DE TUBO DE PVC COM JUNTA ELASTI",48,"","","90754","ASSENTAMENTO DE TUBO DE PVC PARA REDE COLETORA DE ESGOTO DE PAREDE MACIÇA, DN 400 MM, JUNTA ELÁSTICA, INSTALADO EM LOCAL COM NÍVEL ALTO DE INTERFERÊNCIAS (NÃO INCLUI FORNECIMENTO). AF_06/2015","M","ATRIBUÍDO SÃO PAULO","17,84","","","","","","","","","10,52","58,9080461","4,56","25,5747126","2,76","15,5172413","0,00","0,0000000","0,00","0,0000000","CAIXA REFERENCIAL"]
["ASSENTAMENTO DE TUBOS E PECAS","ASTU","FORNEC E/OU ASSENT DE TUBO DE PVC COM JUNTA ELASTI",48,"","","90754","ASSENTAMENTO DE TUBO DE PVC PARA REDE COLETORA DE ESGOTO DE PAREDE MACIÇA, DN 400 MM, JUNTA ELÁSTICA, INSTALADO EM LOCAL COM NÍVEL ALTO DE INTERFERÊNCIAS (NÃO INCLUI FORNECIMENTO). AF_06/2015","M","ATRIBUÍDO SÃO PAULO","17,84","COMPOSICAO","5678","RETROESCAVADEIRA SOBRE RODAS COM CARREGADEIRA, TRAÇÃO 4X4, POTÊNCIA LÍQ. 88 HP, CAÇAMBA CARREG. CAP. MÍN. 1 M3, CAÇAMBA RETRO CAP. 0,26 M3, PESO OPERACIONAL MÍN. 6.674 KG, PROFUNDIDADE ESCAVAÇÃO MÁX. 4,37 M - CHP DIURNO. AF_06/2014","CHP","ATRIBUÍDO SÃO PAULO","0,0608000","116,84","7,10","","","","","","","","","","","CAIXA REFERENCIAL"]
["ASSENTAMENTO DE TUBOS E PECAS","ASTU","FORNEC E/OU ASSENT DE TUBO DE PVC COM JUNTA ELASTI",48,"","","90754","ASSENTAMENTO DE TUBO DE PVC PARA REDE COLETORA DE ESGOTO DE PAREDE MACIÇA, DN 400 MM, JUNTA ELÁSTICA, INSTALADO EM LOCAL COM NÍVEL ALTO DE INTERFERÊNCIAS (NÃO INCLUI FORNECIMENTO). AF_06/2015","M","ATRIBUÍDO SÃO PAULO","17,84","COMPOSICAO","5679","RETROESCAVADEIRA SOBRE RODAS COM CARREGADEIRA, TRAÇÃO 4X4, POTÊNCIA LÍQ. 88 HP, CAÇAMBA CARREG. CAP. MÍN. 1 M3, CAÇAMBA RETRO CAP. 0,26 M3, PESO OPERACIONAL MÍN. 6.674 KG, PROFUNDIDADE ESCAVAÇÃO MÁX. 4,37 M - CHI DIURNO. AF_06/2014","CHI","ATRIBUÍDO SÃO PAULO","0,0378000","55,33","2,09","","","","","","","","","","","CAIXA REFERENCIAL"]
["ASSENTAMENTO DE TUBOS E PECAS","ASTU","FORNEC E/OU ASSENT DE TUBO DE PVC COM JUNTA ELASTI",48,"","","90754","ASSENTAMENTO DE TUBO DE PVC PARA REDE COLETORA DE ESGOTO DE PAREDE MACIÇA, DN 400 MM, JUNTA ELÁSTICA, INSTALADO EM LOCAL COM NÍVEL ALTO DE INTERFERÊNCIAS (NÃO INCLUI FORNECIMENTO). AF_06/2015","M","ATRIBUÍDO SÃO PAULO","17,84","COMPOSICAO","88246","ASSENTADOR DE TUBOS COM ENCARGOS COMPLEMENTARES","H","COEFICIENTE DE REPRESENTATIVIDADE","0,1874000","30,49","5,71","","","","","","","","","","","CAIXA REFERENCIAL"]
["ASSENTAMENTO DE TUBOS E PECAS","ASTU","FORNEC E/OU ASSENT DE TUBO DE PVC COM JUNTA ELASTI",48,"","","90754","ASSENTAMENTO DE TUBO DE PVC PARA REDE COLETORA DE ESGOTO DE PAREDE MACIÇA, DN 400 MM, JUNTA ELÁSTICA, INSTALADO EM LOCAL COM NÍVEL ALTO DE INTERFERÊNCIAS (NÃO INCLUI FORNECIMENTO). AF_06/2015","M","ATRIBUÍDO SÃO PAULO","17,84","COMPOSICAO","88316","SERVENTE COM ENCARGOS COMPLEMENTARES","H","COEFICIENTE DE REPRESENTATIVIDADE","0,1874000","15,69","2,94","","","","","","","","","","","CAIXA REFERENCIAL"]
["ASSENTAMENTO DE TUBOS E PECAS","ASTU","FORNEC E/OU ASSENT DE TUBO DE PVC COM JUNTA ELASTI",48,"","","90755","ASSENTAMENTO DE TUBO DE PVC CORRUGADO DE DUPLA PAREDE PARA REDE COLETORA DE ESGOTO, DN 150 MM, JUNTA ELÁSTICA, INSTALADO EM LOCAL COM NÍVEL ALTO DE INTERFERÊNCIAS (NÃO INCLUI FORNECIMENTO). AF_06/2015","M","COEFICIENTE DE REPRESENTATIVIDADE","8,34","","","","","","","","","6,88","82,4691359","1,46","17,5308641","0,00","0,0000000","0,00","0,0000000","0,00","0,0000000","CAIXA REFERENCIAL"]
["ASSENTAMENTO DE TUBOS E PECAS","ASTU","FORNEC E/OU ASSENT DE TUBO DE PVC COM JUNTA ELASTI",48,"","","90755","ASSENTAMENTO DE TUBO DE PVC CORRUGADO DE DUPLA PAREDE PARA REDE COLETORA DE ESGOTO, DN 150 MM, JUNTA ELÁSTICA, INSTALADO EM LOCAL COM NÍVEL ALTO DE INTERFERÊNCIAS (NÃO INCLUI FORNECIMENTO). AF_06/2015","M","COEFICIENTE DE REPRESENTATIVIDADE","8,34","COMPOSICAO","88246","ASSENTADOR DE TUBOS COM ENCARGOS COMPLEMENTARES","H","COEFICIENTE DE REPRESENTATIVIDADE","0,1809000","30,49","5,51","","","","","","","","","","","CAIXA REFERENCIAL"]
["ASSENTAMENTO DE TUBOS E PECAS","ASTU","FORNEC E/OU ASSENT DE TUBO DE PVC COM JUNTA ELASTI",48,"","","90755","ASSENTAMENTO DE TUBO DE PVC CORRUGADO DE DUPLA PAREDE PARA REDE COLETORA DE ESGOTO, DN 150 MM, JUNTA ELÁSTICA, INSTALADO EM LOCAL COM NÍVEL ALTO DE INTERFERÊNCIAS (NÃO INCLUI FORNECIMENTO). AF_06/2015","M","COEFICIENTE DE REPRESENTATIVIDADE","8,34","COMPOSICAO","88316","SERVENTE COM ENCARGOS COMPLEMENTARES","H","COEFICIENTE DE REPRESENTATIVIDADE","0,1809000","15,69","2,83","","","","","","","","","","","CAIXA REFERENCIAL"]
["ASSENTAMENTO DE TUBOS E PECAS","ASTU","FORNEC E/OU ASSENT DE TUBO DE PVC COM JUNTA ELASTI",48,"","","90756","ASSENTAMENTO DE TUBO DE PVC CORRUGADO DE DUPLA PAREDE PARA REDE COLETORA DE ESGOTO, DN 200 MM, JUNTA ELÁSTICA, INSTALADO EM LOCAL COM NÍVEL ALTO DE INTERFERÊNCIAS (NÃO INCLUI FORNECIMENTO). AF_06/2015","M","COEFICIENTE DE REPRESENTATIVIDADE","8,96","","","","","","","","","7,40","82,5086307","1,56","17,4913693","0,00","0,0000000","0,00","0,0000000","0,00","0,0000000","CAIXA REFERENCIAL"]
["ASSENTAMENTO DE TUBOS E PECAS","ASTU","FORNEC E/OU ASSENT DE TUBO DE PVC COM JUNTA ELASTI",48,"","","90756","ASSENTAMENTO DE TUBO DE PVC CORRUGADO DE DUPLA PAREDE PARA REDE COLETORA DE ESGOTO, DN 200 MM, JUNTA ELÁSTICA, INSTALADO EM LOCAL COM NÍVEL ALTO DE INTERFERÊNCIAS (NÃO INCLUI FORNECIMENTO). AF_06/2015","M","COEFICIENTE DE REPRESENTATIVIDADE","8,96","COMPOSICAO","88246","ASSENTADOR DE TUBOS COM ENCARGOS COMPLEMENTARES","H","COEFICIENTE DE REPRESENTATIVIDADE","0,1942000","30,49","5,92","","","","","","","","","","","CAIXA REFERENCIAL"]
["ASSENTAMENTO DE TUBOS E PECAS","ASTU","FORNEC E/OU ASSENT DE TUBO DE PVC COM JUNTA ELASTI",48,"","","90756","ASSENTAMENTO DE TUBO DE PVC CORRUGADO DE DUPLA PAREDE PARA REDE COLETORA DE ESGOTO, DN 200 MM, JUNTA ELÁSTICA, INSTALADO EM LOCAL COM NÍVEL ALTO DE INTERFERÊNCIAS (NÃO INCLUI FORNECIMENTO). AF_06/2015","M","COEFICIENTE DE REPRESENTATIVIDADE","8,96","COMPOSICAO","88316","SERVENTE COM ENCARGOS COMPLEMENTARES","H","COEFICIENTE DE REPRESENTATIVIDADE","0,1942000","15,69","3,04","","","","","","","","","","","CAIXA REFERENCIAL"]
["ASSENTAMENTO DE TUBOS E PECAS","ASTU","FORNEC E/OU ASSENT DE TUBO DE PVC COM JUNTA ELASTI",48,"","","90757","ASSENTAMENTO DE TUBO DE PVC CORRUGADO DE DUPLA PAREDE PARA REDE COLETORA DE ESGOTO, DN 250 MM, JUNTA ELÁSTICA, INSTALADO EM LOCAL COM NÍVEL ALTO DE INTERFERÊNCIAS (NÃO INCLUI FORNECIMENTO). AF_06/2015","M","COEFICIENTE DE REPRESENTATIVIDADE","9,57","","","","","","","","","7,90","82,5431035","1,67","17,4568965","0,00","0,0000000","0,00","0,0000000","0,00","0,0000000","CAIXA REFERENCIAL"]
["ASSENTAMENTO DE TUBOS E PECAS","ASTU","FORNEC E/OU ASSENT DE TUBO DE PVC COM JUNTA ELASTI",48,"","","90757","ASSENTAMENTO DE TUBO DE PVC CORRUGADO DE DUPLA PAREDE PARA REDE COLETORA DE ESGOTO, DN 250 MM, JUNTA ELÁSTICA, INSTALADO EM LOCAL COM NÍVEL ALTO DE INTERFERÊNCIAS (NÃO INCLUI FORNECIMENTO). AF_06/2015","M","COEFICIENTE DE REPRESENTATIVIDADE","9,57","COMPOSICAO","88246","ASSENTADOR DE TUBOS COM ENCARGOS COMPLEMENTARES","H","COEFICIENTE DE REPRESENTATIVIDADE","0,2076000","30,49","6,32","","","","","","","","","","","CAIXA REFERENCIAL"]
["ASSENTAMENTO DE TUBOS E PECAS","ASTU","FORNEC E/OU ASSENT DE TUBO DE PVC COM JUNTA ELASTI",48,"","","90757","ASSENTAMENTO DE TUBO DE PVC CORRUGADO DE DUPLA PAREDE PARA REDE COLETORA DE ESGOTO, DN 250 MM, JUNTA ELÁSTICA, INSTALADO EM LOCAL COM NÍVEL ALTO DE INTERFERÊNCIAS (NÃO INCLUI FORNECIMENTO). AF_06/2015","M","COEFICIENTE DE REPRESENTATIVIDADE","9,57","COMPOSICAO","88316","SERVENTE COM ENCARGOS COMPLEMENTARES","H","COEFICIENTE DE REPRESENTATIVIDADE","0,2076000","15,69","3,25","","","","","","","","","","","CAIXA REFERENCIAL"]
["ASSENTAMENTO DE TUBOS E PECAS","ASTU","FORNEC E/OU ASSENT DE TUBO DE PVC COM JUNTA ELASTI",48,"","","90758","ASSENTAMENTO DE TUBO DE PVC CORRUGADO DE DUPLA PAREDE PARA REDE COLETORA DE ESGOTO, DN 300 MM, JUNTA ELÁSTICA, INSTALADO EM LOCAL COM NÍVEL ALTO DE INTERFERÊNCIAS (NÃO INCLUI FORNECIMENTO). AF_06/2015","M","COEFICIENTE DE REPRESENTATIVIDADE","10,19","","","","","","","","","8,39","82,2401615","1,80","17,7598385","0,00","0,0000000","0,00","0,0000000","0,00","0,0000000","CAIXA REFERENCIAL"]
["ASSENTAMENTO DE TUBOS E PECAS","ASTU","FORNEC E/OU ASSENT DE TUBO DE PVC COM JUNTA ELASTI",48,"","","90758","ASSENTAMENTO DE TUBO DE PVC CORRUGADO DE DUPLA PAREDE PARA REDE COLETORA DE ESGOTO, DN 300 MM, JUNTA ELÁSTICA, INSTALADO EM LOCAL COM NÍVEL ALTO DE INTERFERÊNCIAS (NÃO INCLUI FORNECIMENTO). AF_06/2015","M","COEFICIENTE DE REPRESENTATIVIDADE","10,19","COMPOSICAO","88246","ASSENTADOR DE TUBOS COM ENCARGOS COMPLEMENTARES","H","COEFICIENTE DE REPRESENTATIVIDADE","0,2209000","30,49","6,73","","","","","","","","","","","CAIXA REFERENCIAL"]
["ASSENTAMENTO DE TUBOS E PECAS","ASTU","FORNEC E/OU ASSENT DE TUBO DE PVC COM JUNTA ELASTI",48,"","","90758","ASSENTAMENTO DE TUBO DE PVC CORRUGADO DE DUPLA PAREDE PARA REDE COLETORA DE ESGOTO, DN 300 MM, JUNTA ELÁSTICA, INSTALADO EM LOCAL COM NÍVEL ALTO DE INTERFERÊNCIAS (NÃO INCLUI FORNECIMENTO). AF_06/2015","M","COEFICIENTE DE REPRESENTATIVIDADE","10,19","COMPOSICAO","88316","SERVENTE COM ENCARGOS COMPLEMENTARES","H","COEFICIENTE DE REPRESENTATIVIDADE","0,2209000","15,69","3,46","","","","","","","","","","","CAIXA REFERENCIAL"]
["ASSENTAMENTO DE TUBOS E PECAS","ASTU","FORNEC E/OU ASSENT DE TUBO DE PVC COM JUNTA ELASTI",48,"","","90759","ASSENTAMENTO DE TUBO DE PVC CORRUGADO DE DUPLA PAREDE PARA REDE COLETORA DE ESGOTO, DN 350 MM, JUNTA ELÁSTICA, INSTALADO EM LOCAL COM NÍVEL ALTO DE INTERFERÊNCIAS (NÃO INCLUI FORNECIMENTO). AF_06/2015","M","COEFICIENTE DE REPRESENTATIVIDADE","10,81","","","","","","","","","8,89","82,1462489","1,92","17,8537511","0,00","0,0000000","0,00","0,0000000","0,00","0,0000000","CAIXA REFERENCIAL"]
["ASSENTAMENTO DE TUBOS E PECAS","ASTU","FORNEC E/OU ASSENT DE TUBO DE PVC COM JUNTA ELASTI",48,"","","90759","ASSENTAMENTO DE TUBO DE PVC CORRUGADO DE DUPLA PAREDE PARA REDE COLETORA DE ESGOTO, DN 350 MM, JUNTA ELÁSTICA, INSTALADO EM LOCAL COM NÍVEL ALTO DE INTERFERÊNCIAS (NÃO INCLUI FORNECIMENTO). AF_06/2015","M","COEFICIENTE DE REPRESENTATIVIDADE","10,81","COMPOSICAO","88246","ASSENTADOR DE TUBOS COM ENCARGOS COMPLEMENTARES","H","COEFICIENTE DE REPRESENTATIVIDADE","0,2342000","30,49","7,14","","","","","","","","","","","CAIXA REFERENCIAL"]
["ASSENTAMENTO DE TUBOS E PECAS","ASTU","FORNEC E/OU ASSENT DE TUBO DE PVC COM JUNTA ELASTI",48,"","","90759","ASSENTAMENTO DE TUBO DE PVC CORRUGADO DE DUPLA PAREDE PARA REDE COLETORA DE ESGOTO, DN 350 MM, JUNTA ELÁSTICA, INSTALADO EM LOCAL COM NÍVEL ALTO DE INTERFERÊNCIAS (NÃO INCLUI FORNECIMENTO). AF_06/2015","M","COEFICIENTE DE REPRESENTATIVIDADE","10,81","COMPOSICAO","88316","SERVENTE COM ENCARGOS COMPLEMENTARES","H","COEFICIENTE DE REPRESENTATIVIDADE","0,2342000","15,69","3,67","","","","","","","","","","","CAIXA REFERENCIAL"]
["ASSENTAMENTO DE TUBOS E PECAS","ASTU","FORNEC E/OU ASSENT DE TUBO DE PVC COM JUNTA ELASTI",48,"","","90760","ASSENTAMENTO DE TUBO DE PVC CORRUGADO DE DUPLA PAREDE PARA REDE COLETORA DE ESGOTO, DN 400 MM, EM JUNTA ELÁSTICA, INSTALADO EM LOCAL COM NÍVEL ALTO DE INTERFERÊNCIAS (NÃO INCLUI FORNECIMENTO). AF_06/2015","M","ATRIBUÍDO SÃO PAULO","23,56","","","","","","","","","13,82","58,5998272","6,10","25,9291270","3,64","15,4710458","0,00","0,0000000","0,00","0,0000000","CAIXA REFERENCIAL"]
["ASSENTAMENTO DE TUBOS E PECAS","ASTU","FORNEC E/OU ASSENT DE TUBO DE PVC COM JUNTA ELASTI",48,"","","90760","ASSENTAMENTO DE TUBO DE PVC CORRUGADO DE DUPLA PAREDE PARA REDE COLETORA DE ESGOTO, DN 400 MM, EM JUNTA ELÁSTICA, INSTALADO EM LOCAL COM NÍVEL ALTO DE INTERFERÊNCIAS (NÃO INCLUI FORNECIMENTO). AF_06/2015","M","ATRIBUÍDO SÃO PAULO","23,56","COMPOSICAO","5678","RETROESCAVADEIRA SOBRE RODAS COM CARREGADEIRA, TRAÇÃO 4X4, POTÊNCIA LÍQ. 88 HP, CAÇAMBA CARREG. CAP. MÍN. 1 M3, CAÇAMBA RETRO CAP. 0,26 M3, PESO OPERACIONAL MÍN. 6.674 KG, PROFUNDIDADE ESCAVAÇÃO MÁX. 4,37 M - CHP DIURNO. AF_06/2014","CHP","ATRIBUÍDO SÃO PAULO","0,0803000","116,84","9,38","","","","","","","","","","","CAIXA REFERENCIAL"]
["ASSENTAMENTO DE TUBOS E PECAS","ASTU","FORNEC E/OU ASSENT DE TUBO DE PVC COM JUNTA ELASTI",48,"","","90760","ASSENTAMENTO DE TUBO DE PVC CORRUGADO DE DUPLA PAREDE PARA REDE COLETORA DE ESGOTO, DN 400 MM, EM JUNTA ELÁSTICA, INSTALADO EM LOCAL COM NÍVEL ALTO DE INTERFERÊNCIAS (NÃO INCLUI FORNECIMENTO). AF_06/2015","M","ATRIBUÍDO SÃO PAULO","23,56","COMPOSICAO","5679","RETROESCAVADEIRA SOBRE RODAS COM CARREGADEIRA, TRAÇÃO 4X4, POTÊNCIA LÍQ. 88 HP, CAÇAMBA CARREG. CAP. MÍN. 1 M3, CAÇAMBA RETRO CAP. 0,26 M3, PESO OPERACIONAL MÍN. 6.674 KG, PROFUNDIDADE ESCAVAÇÃO MÁX. 4,37 M - CHI DIURNO. AF_06/2014","CHI","ATRIBUÍDO SÃO PAULO","0,0499000","55,33","2,76","","","","","","","","","","","CAIXA REFERENCIAL"]
["ASSENTAMENTO DE TUBOS E PECAS","ASTU","FORNEC E/OU ASSENT DE TUBO DE PVC COM JUNTA ELASTI",48,"","","90760","ASSENTAMENTO DE TUBO DE PVC CORRUGADO DE DUPLA PAREDE PARA REDE COLETORA DE ESGOTO, DN 400 MM, EM JUNTA ELÁSTICA, INSTALADO EM LOCAL COM NÍVEL ALTO DE INTERFERÊNCIAS (NÃO INCLUI FORNECIMENTO). AF_06/2015","M","ATRIBUÍDO SÃO PAULO","23,56","COMPOSICAO","88246","ASSENTADOR DE TUBOS COM ENCARGOS COMPLEMENTARES","H","COEFICIENTE DE REPRESENTATIVIDADE","0,2476000","30,49","7,54","","","","","","","","","","","CAIXA REFERENCIAL"]
["ASSENTAMENTO DE TUBOS E PECAS","ASTU","FORNEC E/OU ASSENT DE TUBO DE PVC COM JUNTA ELASTI",48,"","","90760","ASSENTAMENTO DE TUBO DE PVC CORRUGADO DE DUPLA PAREDE PARA REDE COLETORA DE ESGOTO, DN 400 MM, EM JUNTA ELÁSTICA, INSTALADO EM LOCAL COM NÍVEL ALTO DE INTERFERÊNCIAS (NÃO INCLUI FORNECIMENTO). AF_06/2015","M","ATRIBUÍDO SÃO PAULO","23,56","COMPOSICAO","88316","SERVENTE COM ENCARGOS COMPLEMENTARES","H","COEFICIENTE DE REPRESENTATIVIDADE","0,2476000","15,69","3,88","","","","","","","","","","","CAIXA REFERENCIAL"]
["ASSENTAMENTO DE TUBOS E PECAS","ASTU","FORNEC E/OU ASSENT DE TUBO DE PVC COM JUNTA ELASTI",48,"","","90761","ASSENTAMENTO DE TUBO DE PEAD CORRUGADO DE DUPLA PAREDE PARA REDE COLETORA DE ESGOTO, DN 450 MM, JUNTA ELÁSTICA INTEGRADA, INSTALADO EM LOCAL COM NÍVEL ALTO DE INTERFERÊNCIAS (NÃO INCLUI FORNECIMENTO). AF_06/2015","M","COEFICIENTE DE REPRESENTATIVIDADE","4,59","","","","","","","","","3,87","84,2956121","0,72","15,7043879","0,00","0,0000000","0,00","0,0000000","0,00","0,0000000","CAIXA REFERENCIAL"]
["ASSENTAMENTO DE TUBOS E PECAS","ASTU","FORNEC E/OU ASSENT DE TUBO DE PVC COM JUNTA ELASTI",48,"","","90761","ASSENTAMENTO DE TUBO DE PEAD CORRUGADO DE DUPLA PAREDE PARA REDE COLETORA DE ESGOTO, DN 450 MM, JUNTA ELÁSTICA INTEGRADA, INSTALADO EM LOCAL COM NÍVEL ALTO DE INTERFERÊNCIAS (NÃO INCLUI FORNECIMENTO). AF_06/2015","M","COEFICIENTE DE REPRESENTATIVIDADE","4,59","COMPOSICAO","88246","ASSENTADOR DE TUBOS COM ENCARGOS COMPLEMENTARES","H","COEFICIENTE DE REPRESENTATIVIDADE","0,0996000","30,49","3,03","","","","","","","","","","","CAIXA REFERENCIAL"]
["ASSENTAMENTO DE TUBOS E PECAS","ASTU","FORNEC E/OU ASSENT DE TUBO DE PVC COM JUNTA ELASTI",48,"","","90761","ASSENTAMENTO DE TUBO DE PEAD CORRUGADO DE DUPLA PAREDE PARA REDE COLETORA DE ESGOTO, DN 450 MM, JUNTA ELÁSTICA INTEGRADA, INSTALADO EM LOCAL COM NÍVEL ALTO DE INTERFERÊNCIAS (NÃO INCLUI FORNECIMENTO). AF_06/2015","M","COEFICIENTE DE REPRESENTATIVIDADE","4,59","COMPOSICAO","88316","SERVENTE COM ENCARGOS COMPLEMENTARES","H","COEFICIENTE DE REPRESENTATIVIDADE","0,0996000","15,69","1,56","","","","","","","","","","","CAIXA REFERENCIAL"]
["ASSENTAMENTO DE TUBOS E PECAS","ASTU","FORNEC E/OU ASSENT DE TUBO DE PVC COM JUNTA ELASTI",48,"","","90762","ASSENTAMENTO DE TUBO DE PEAD CORRUGADO DE DUPLA PAREDE PARA REDE COLETORA DE ESGOTO, DN 600 MM, JUNTA ELÁSTICA INTEGRADA, INSTALADO EM LOCAL COM NÍVEL ALTO DE INTERFERÊNCIAS (NÃO INCLUI FORNECIMENTO). AF_06/2015","M","ATRIBUÍDO SÃO PAULO","16,74","","","","","","","","","8,65","51,6483517","4,24","25,3357753","3,85","23,0158730","0,00","0,0000000","0,00","0,0000000","CAIXA REFERENCIAL"]
["ASSENTAMENTO DE TUBOS E PECAS","ASTU","FORNEC E/OU ASSENT DE TUBO DE PVC COM JUNTA ELASTI",48,"","","90762","ASSENTAMENTO DE TUBO DE PEAD CORRUGADO DE DUPLA PAREDE PARA REDE COLETORA DE ESGOTO, DN 600 MM, JUNTA ELÁSTICA INTEGRADA, INSTALADO EM LOCAL COM NÍVEL ALTO DE INTERFERÊNCIAS (NÃO INCLUI FORNECIMENTO). AF_06/2015","M","ATRIBUÍDO SÃO PAULO","16,74","COMPOSICAO","5631","ESCAVADEIRA HIDRÁULICA SOBRE ESTEIRAS, CAÇAMBA 0,80 M3, PESO OPERACIONAL 17 T, POTENCIA BRUTA 111 HP - CHP DIURNO. AF_06/2014","CHP","ATRIBUÍDO SÃO PAULO","0,0502000","149,54","7,50","","","","","","","","","","","CAIXA REFERENCIAL"]
["ASSENTAMENTO DE TUBOS E PECAS","ASTU","FORNEC E/OU ASSENT DE TUBO DE PVC COM JUNTA ELASTI",48,"","","90762","ASSENTAMENTO DE TUBO DE PEAD CORRUGADO DE DUPLA PAREDE PARA REDE COLETORA DE ESGOTO, DN 600 MM, JUNTA ELÁSTICA INTEGRADA, INSTALADO EM LOCAL COM NÍVEL ALTO DE INTERFERÊNCIAS (NÃO INCLUI FORNECIMENTO). AF_06/2015","M","ATRIBUÍDO SÃO PAULO","16,74","COMPOSICAO","5632","ESCAVADEIRA HIDRÁULICA SOBRE ESTEIRAS, CAÇAMBA 0,80 M3, PESO OPERACIONAL 17 T, POTENCIA BRUTA 111 HP - CHI DIURNO. AF_06/2014","CHI","ATRIBUÍDO SÃO PAULO","0,0312000","67,11","2,09","","","","","","","","","","","CAIXA REFERENCIAL"]
["ASSENTAMENTO DE TUBOS E PECAS","ASTU","FORNEC E/OU ASSENT DE TUBO DE PVC COM JUNTA ELASTI",48,"","","90762","ASSENTAMENTO DE TUBO DE PEAD CORRUGADO DE DUPLA PAREDE PARA REDE COLETORA DE ESGOTO, DN 600 MM, JUNTA ELÁSTICA INTEGRADA, INSTALADO EM LOCAL COM NÍVEL ALTO DE INTERFERÊNCIAS (NÃO INCLUI FORNECIMENTO). AF_06/2015","M","ATRIBUÍDO SÃO PAULO","16,74","COMPOSICAO","88246","ASSENTADOR DE TUBOS COM ENCARGOS COMPLEMENTARES","H","COEFICIENTE DE REPRESENTATIVIDADE","0,1549000","30,49","4,72","","","","","","","","","","","CAIXA REFERENCIAL"]
["ASSENTAMENTO DE TUBOS E PECAS","ASTU","FORNEC E/OU ASSENT DE TUBO DE PVC COM JUNTA ELASTI",48,"","","90762","ASSENTAMENTO DE TUBO DE PEAD CORRUGADO DE DUPLA PAREDE PARA REDE COLETORA DE ESGOTO, DN 600 MM, JUNTA ELÁSTICA INTEGRADA, INSTALADO EM LOCAL COM NÍVEL ALTO DE INTERFERÊNCIAS (NÃO INCLUI FORNECIMENTO). AF_06/2015","M","ATRIBUÍDO SÃO PAULO","16,74","COMPOSICAO","88316","SERVENTE COM ENCARGOS COMPLEMENTARES","H","COEFICIENTE DE REPRESENTATIVIDADE","0,1549000","15,69","2,43","","","","","","","","","","","CAIXA REFERENCIAL"]
["ASSENTAMENTO DE TUBOS E PECAS","ASTU","FORNEC E/OU ASSENT DE TUBO DE PVC COM JUNTA ELASTI",48,"","","94869","TUBO DE PEAD CORRUGADO DE DUPLA PAREDE PARA REDE COLETORA DE ESGOTO, DN 250 MM, JUNTA ELÁSTICA INTEGRADA, INSTALADO EM LOCAL COM NÍVEL BAIXO DE INTERFERÊNCIAS - FORNECIMENTO E ASSENTAMENTO. AF_06/2016","M","ATRIBUÍDO SÃO PAULO","71,95","","","","","","","","","0,72","1,0022271","71,23","98,9977729","0,00","0,0000000","0,00","0,0000000","0,00","0,0000000","CAIXA REFERENCIAL"]
["ASSENTAMENTO DE TUBOS E PECAS","ASTU","FORNEC E/OU ASSENT DE TUBO DE PVC COM JUNTA ELASTI",48,"","","94869","TUBO DE PEAD CORRUGADO DE DUPLA PAREDE PARA REDE COLETORA DE ESGOTO, DN 250 MM, JUNTA ELÁSTICA INTEGRADA, INSTALADO EM LOCAL COM NÍVEL BAIXO DE INTERFERÊNCIAS - FORNECIMENTO E ASSENTAMENTO. AF_06/2016","M","ATRIBUÍDO SÃO PAULO","71,95","INSUMO","20078","PASTA LUBRIFICANTE PARA TUBOS E CONEXOES COM JUNTA ELASTICA (USO EM PVC, ACO, POLIETILENO E OUTROS) ( DE *400* G)","UN","COEFICIENTE DE REPRESENTATIVIDADE","0,0379000","16,40","0,62","","","","","","","","","","","CAIXA REFERENCIAL"]
["ASSENTAMENTO DE TUBOS E PECAS","ASTU","FORNEC E/OU ASSENT DE TUBO DE PVC COM JUNTA ELASTI",48,"","","94869","TUBO DE PEAD CORRUGADO DE DUPLA PAREDE PARA REDE COLETORA DE ESGOTO, DN 250 MM, JUNTA ELÁSTICA INTEGRADA, INSTALADO EM LOCAL COM NÍVEL BAIXO DE INTERFERÊNCIAS - FORNECIMENTO E ASSENTAMENTO. AF_06/2016","M","ATRIBUÍDO SÃO PAULO","71,95","INSUMO","41779","TUBO CORRUGADO PEAD, PAREDE DUPLA, INTERNA LISA, JEI, DN/DI 250 MM, PARA SANEAMENTO","M","ATRIBUÍDO SÃO PAULO","1,0500000","67,07","70,42","","","","","","","","","","","CAIXA REFERENCIAL"]
["ASSENTAMENTO DE TUBOS E PECAS","ASTU","FORNEC E/OU ASSENT DE TUBO DE PVC COM JUNTA ELASTI",48,"","","94869","TUBO DE PEAD CORRUGADO DE DUPLA PAREDE PARA REDE COLETORA DE ESGOTO, DN 250 MM, JUNTA ELÁSTICA INTEGRADA, INSTALADO EM LOCAL COM NÍVEL BAIXO DE INTERFERÊNCIAS - FORNECIMENTO E ASSENTAMENTO. AF_06/2016","M","ATRIBUÍDO SÃO PAULO","71,95","COMPOSICAO","88246","ASSENTADOR DE TUBOS COM ENCARGOS COMPLEMENTARES","H","COEFICIENTE DE REPRESENTATIVIDADE","0,0200000","30,49","0,60","","","","","","","","","","","CAIXA REFERENCIAL"]
["ASSENTAMENTO DE TUBOS E PECAS","ASTU","FORNEC E/OU ASSENT DE TUBO DE PVC COM JUNTA ELASTI",48,"","","94869","TUBO DE PEAD CORRUGADO DE DUPLA PAREDE PARA REDE COLETORA DE ESGOTO, DN 250 MM, JUNTA ELÁSTICA INTEGRADA, INSTALADO EM LOCAL COM NÍVEL BAIXO DE INTERFERÊNCIAS - FORNECIMENTO E ASSENTAMENTO. AF_06/2016","M","ATRIBUÍDO SÃO PAULO","71,95","COMPOSICAO","88316","SERVENTE COM ENCARGOS COMPLEMENTARES","H","COEFICIENTE DE REPRESENTATIVIDADE","0,0200000","15,69","0,31","","","","","","","","","","","CAIXA REFERENCIAL"]
["ASSENTAMENTO DE TUBOS E PECAS","ASTU","FORNEC E/OU ASSENT DE TUBO DE PVC COM JUNTA ELASTI",48,"","","94870","ASSENTAMENTO DE TUBO DE PEAD CORRUGADO DE DUPLA PAREDE PARA REDE COLETORA DE ESGOTO, DN 250 MM, JUNTA ELÁSTICA INTEGRADA, INSTALADO EM LOCAL COM NÍVEL BAIXO DE INTERFERÊNCIAS (NÃO INCLUI FORNECIMENTO). AF_06/2016","M","COEFICIENTE DE REPRESENTATIVIDADE","0,91","","","","","","","","","0,82","90,0000000","0,09","10,0000000","0,00","0,0000000","0,00","0,0000000","0,00","0,0000000","CAIXA REFERENCIAL"]
["ASSENTAMENTO DE TUBOS E PECAS","ASTU","FORNEC E/OU ASSENT DE TUBO DE PVC COM JUNTA ELASTI",48,"","","94870","ASSENTAMENTO DE TUBO DE PEAD CORRUGADO DE DUPLA PAREDE PARA REDE COLETORA DE ESGOTO, DN 250 MM, JUNTA ELÁSTICA INTEGRADA, INSTALADO EM LOCAL COM NÍVEL BAIXO DE INTERFERÊNCIAS (NÃO INCLUI FORNECIMENTO). AF_06/2016","M","COEFICIENTE DE REPRESENTATIVIDADE","0,91","COMPOSICAO","88246","ASSENTADOR DE TUBOS COM ENCARGOS COMPLEMENTARES","H","COEFICIENTE DE REPRESENTATIVIDADE","0,0200000","30,49","0,60","","","","","","","","","","","CAIXA REFERENCIAL"]
["ASSENTAMENTO DE TUBOS E PECAS","ASTU","FORNEC E/OU ASSENT DE TUBO DE PVC COM JUNTA ELASTI",48,"","","94870","ASSENTAMENTO DE TUBO DE PEAD CORRUGADO DE DUPLA PAREDE PARA REDE COLETORA DE ESGOTO, DN 250 MM, JUNTA ELÁSTICA INTEGRADA, INSTALADO EM LOCAL COM NÍVEL BAIXO DE INTERFERÊNCIAS (NÃO INCLUI FORNECIMENTO). AF_06/2016","M","COEFICIENTE DE REPRESENTATIVIDADE","0,91","COMPOSICAO","88316","SERVENTE COM ENCARGOS COMPLEMENTARES","H","COEFICIENTE DE REPRESENTATIVIDADE","0,0200000","15,69","0,31","","","","","","","","","","","CAIXA REFERENCIAL"]
["ASSENTAMENTO DE TUBOS E PECAS","ASTU","FORNEC E/OU ASSENT DE TUBO DE PVC COM JUNTA ELASTI",48,"","","94871","TUBO DE PEAD CORRUGADO DE DUPLA PAREDE PARA REDE COLETORA DE ESGOTO, DN 300 MM, JUNTA ELÁSTICA INTEGRADA, INSTALADO EM LOCAL COM NÍVEL BAIXO DE INTERFERÊNCIAS - FORNECIMENTO E ASSENTAMENTO. AF_06/2016","M","ATRIBUÍDO SÃO PAULO","106,49","","","","","","","","","1,28","1,2035731","105,21","98,7964269","0,00","0,0000000","0,00","0,0000000","0,00","0,0000000","CAIXA REFERENCIAL"]
["ASSENTAMENTO DE TUBOS E PECAS","ASTU","FORNEC E/OU ASSENT DE TUBO DE PVC COM JUNTA ELASTI",48,"","","94871","TUBO DE PEAD CORRUGADO DE DUPLA PAREDE PARA REDE COLETORA DE ESGOTO, DN 300 MM, JUNTA ELÁSTICA INTEGRADA, INSTALADO EM LOCAL COM NÍVEL BAIXO DE INTERFERÊNCIAS - FORNECIMENTO E ASSENTAMENTO. AF_06/2016","M","ATRIBUÍDO SÃO PAULO","106,49","INSUMO","20078","PASTA LUBRIFICANTE PARA TUBOS E CONEXOES COM JUNTA ELASTICA (USO EM PVC, ACO, POLIETILENO E OUTROS) ( DE *400* G)","UN","COEFICIENTE DE REPRESENTATIVIDADE","0,0417000","16,40","0,68","","","","","","","","","","","CAIXA REFERENCIAL"]
["ASSENTAMENTO DE TUBOS E PECAS","ASTU","FORNEC E/OU ASSENT DE TUBO DE PVC COM JUNTA ELASTI",48,"","","94871","TUBO DE PEAD CORRUGADO DE DUPLA PAREDE PARA REDE COLETORA DE ESGOTO, DN 300 MM, JUNTA ELÁSTICA INTEGRADA, INSTALADO EM LOCAL COM NÍVEL BAIXO DE INTERFERÊNCIAS - FORNECIMENTO E ASSENTAMENTO. AF_06/2016","M","ATRIBUÍDO SÃO PAULO","106,49","INSUMO","41780","TUBO CORRUGADO PEAD, PAREDE DUPLA, INTERNA LISA, JEI, DN/DI 300 MM, PARA SANEAMENTO","M","ATRIBUÍDO SÃO PAULO","1,0500000","99,25","104,21","","","","","","","","","","","CAIXA REFERENCIAL"]
["ASSENTAMENTO DE TUBOS E PECAS","ASTU","FORNEC E/OU ASSENT DE TUBO DE PVC COM JUNTA ELASTI",48,"","","94871","TUBO DE PEAD CORRUGADO DE DUPLA PAREDE PARA REDE COLETORA DE ESGOTO, DN 300 MM, JUNTA ELÁSTICA INTEGRADA, INSTALADO EM LOCAL COM NÍVEL BAIXO DE INTERFERÊNCIAS - FORNECIMENTO E ASSENTAMENTO. AF_06/2016","M","ATRIBUÍDO SÃO PAULO","106,49","COMPOSICAO","88246","ASSENTADOR DE TUBOS COM ENCARGOS COMPLEMENTARES","H","COEFICIENTE DE REPRESENTATIVIDADE","0,0349000","30,49","1,06","","","","","","","","","","","CAIXA REFERENCIAL"]
["ASSENTAMENTO DE TUBOS E PECAS","ASTU","FORNEC E/OU ASSENT DE TUBO DE PVC COM JUNTA ELASTI",48,"","","94871","TUBO DE PEAD CORRUGADO DE DUPLA PAREDE PARA REDE COLETORA DE ESGOTO, DN 300 MM, JUNTA ELÁSTICA INTEGRADA, INSTALADO EM LOCAL COM NÍVEL BAIXO DE INTERFERÊNCIAS - FORNECIMENTO E ASSENTAMENTO. AF_06/2016","M","ATRIBUÍDO SÃO PAULO","106,49","COMPOSICAO","88316","SERVENTE COM ENCARGOS COMPLEMENTARES","H","COEFICIENTE DE REPRESENTATIVIDADE","0,0349000","15,69","0,54","","","","","","","","","","","CAIXA REFERENCIAL"]
["ASSENTAMENTO DE TUBOS E PECAS","ASTU","FORNEC E/OU ASSENT DE TUBO DE PVC COM JUNTA ELASTI",48,"","","94872","ASSENTAMENTO DE TUBO DE PEAD CORRUGADO DE DUPLA PAREDE PARA REDE COLETORA DE ESGOTO, DN 300 MM, JUNTA ELÁSTICA INTEGRADA, INSTALADO EM LOCAL COM NÍVEL BAIXO DE INTERFERÊNCIAS (NÃO INCLUI FORNECIMENTO). AF_06/2016","M","COEFICIENTE DE REPRESENTATIVIDADE","1,60","","","","","","","","","1,41","87,6712329","0,19","12,3287671","0,00","0,0000000","0,00","0,0000000","0,00","0,0000000","CAIXA REFERENCIAL"]
["ASSENTAMENTO DE TUBOS E PECAS","ASTU","FORNEC E/OU ASSENT DE TUBO DE PVC COM JUNTA ELASTI",48,"","","94872","ASSENTAMENTO DE TUBO DE PEAD CORRUGADO DE DUPLA PAREDE PARA REDE COLETORA DE ESGOTO, DN 300 MM, JUNTA ELÁSTICA INTEGRADA, INSTALADO EM LOCAL COM NÍVEL BAIXO DE INTERFERÊNCIAS (NÃO INCLUI FORNECIMENTO). AF_06/2016","M","COEFICIENTE DE REPRESENTATIVIDADE","1,60","COMPOSICAO","88246","ASSENTADOR DE TUBOS COM ENCARGOS COMPLEMENTARES","H","COEFICIENTE DE REPRESENTATIVIDADE","0,0349000","30,49","1,06","","","","","","","","","","","CAIXA REFERENCIAL"]
["ASSENTAMENTO DE TUBOS E PECAS","ASTU","FORNEC E/OU ASSENT DE TUBO DE PVC COM JUNTA ELASTI",48,"","","94872","ASSENTAMENTO DE TUBO DE PEAD CORRUGADO DE DUPLA PAREDE PARA REDE COLETORA DE ESGOTO, DN 300 MM, JUNTA ELÁSTICA INTEGRADA, INSTALADO EM LOCAL COM NÍVEL BAIXO DE INTERFERÊNCIAS (NÃO INCLUI FORNECIMENTO). AF_06/2016","M","COEFICIENTE DE REPRESENTATIVIDADE","1,60","COMPOSICAO","88316","SERVENTE COM ENCARGOS COMPLEMENTARES","H","COEFICIENTE DE REPRESENTATIVIDADE","0,0349000","15,69","0,54","","","","","","","","","","","CAIXA REFERENCIAL"]
["ASSENTAMENTO DE TUBOS E PECAS","ASTU","FORNEC E/OU ASSENT DE TUBO DE PVC COM JUNTA ELASTI",48,"","","94875","TUBO DE PEAD CORRUGADO DE DUPLA PAREDE PARA REDE COLETORA DE ESGOTO, DN 750 MM, JUNTA ELÁSTICA INTEGRADA, INSTALADO EM LOCAL COM NÍVEL BAIXO DE INTERFERÊNCIAS - FORNECIMENTO E ASSENTAMENTO. AF_06/2016","M","ATRIBUÍDO SÃO PAULO","624,56","","","","","","","","","10,78","1,7272319","608,98","97,5036853","4,80","0,7690828","0,00","0,0000000","0,00","0,0000000","CAIXA REFERENCIAL"]
["ASSENTAMENTO DE TUBOS E PECAS","ASTU","FORNEC E/OU ASSENT DE TUBO DE PVC COM JUNTA ELASTI",48,"","","94875","TUBO DE PEAD CORRUGADO DE DUPLA PAREDE PARA REDE COLETORA DE ESGOTO, DN 750 MM, JUNTA ELÁSTICA INTEGRADA, INSTALADO EM LOCAL COM NÍVEL BAIXO DE INTERFERÊNCIAS - FORNECIMENTO E ASSENTAMENTO. AF_06/2016","M","ATRIBUÍDO SÃO PAULO","624,56","COMPOSICAO","5631","ESCAVADEIRA HIDRÁULICA SOBRE ESTEIRAS, CAÇAMBA 0,80 M3, PESO OPERACIONAL 17 T, POTENCIA BRUTA 111 HP - CHP DIURNO. AF_06/2014","CHP","ATRIBUÍDO SÃO PAULO","0,0638000","149,54","9,54","","","","","","","","","","","CAIXA REFERENCIAL"]
["ASSENTAMENTO DE TUBOS E PECAS","ASTU","FORNEC E/OU ASSENT DE TUBO DE PVC COM JUNTA ELASTI",48,"","","94875","TUBO DE PEAD CORRUGADO DE DUPLA PAREDE PARA REDE COLETORA DE ESGOTO, DN 750 MM, JUNTA ELÁSTICA INTEGRADA, INSTALADO EM LOCAL COM NÍVEL BAIXO DE INTERFERÊNCIAS - FORNECIMENTO E ASSENTAMENTO. AF_06/2016","M","ATRIBUÍDO SÃO PAULO","624,56","COMPOSICAO","5632","ESCAVADEIRA HIDRÁULICA SOBRE ESTEIRAS, CAÇAMBA 0,80 M3, PESO OPERACIONAL 17 T, POTENCIA BRUTA 111 HP - CHI DIURNO. AF_06/2014","CHI","ATRIBUÍDO SÃO PAULO","0,0397000","67,11","2,66","","","","","","","","","","","CAIXA REFERENCIAL"]
["ASSENTAMENTO DE TUBOS E PECAS","ASTU","FORNEC E/OU ASSENT DE TUBO DE PVC COM JUNTA ELASTI",48,"","","94875","TUBO DE PEAD CORRUGADO DE DUPLA PAREDE PARA REDE COLETORA DE ESGOTO, DN 750 MM, JUNTA ELÁSTICA INTEGRADA, INSTALADO EM LOCAL COM NÍVEL BAIXO DE INTERFERÊNCIAS - FORNECIMENTO E ASSENTAMENTO. AF_06/2016","M","ATRIBUÍDO SÃO PAULO","624,56","INSUMO","20078","PASTA LUBRIFICANTE PARA TUBOS E CONEXOES COM JUNTA ELASTICA (USO EM PVC, ACO, POLIETILENO E OUTROS) ( DE *400* G)","UN","COEFICIENTE DE REPRESENTATIVIDADE","0,1042000","16,40","1,70","","","","","","","","","","","CAIXA REFERENCIAL"]
["ASSENTAMENTO DE TUBOS E PECAS","ASTU","FORNEC E/OU ASSENT DE TUBO DE PVC COM JUNTA ELASTI",48,"","","94875","TUBO DE PEAD CORRUGADO DE DUPLA PAREDE PARA REDE COLETORA DE ESGOTO, DN 750 MM, JUNTA ELÁSTICA INTEGRADA, INSTALADO EM LOCAL COM NÍVEL BAIXO DE INTERFERÊNCIAS - FORNECIMENTO E ASSENTAMENTO. AF_06/2016","M","ATRIBUÍDO SÃO PAULO","624,56","INSUMO","41783","TUBO CORRUGADO PEAD, PAREDE DUPLA, INTERNA LISA, JEI, DN/DI *800* MM, PARA SANEAMENTO","M","ATRIBUÍDO SÃO PAULO","1,0500000","572,93","601,57","","","","","","","","","","","CAIXA REFERENCIAL"]
["ASSENTAMENTO DE TUBOS E PECAS","ASTU","FORNEC E/OU ASSENT DE TUBO DE PVC COM JUNTA ELASTI",48,"","","94875","TUBO DE PEAD CORRUGADO DE DUPLA PAREDE PARA REDE COLETORA DE ESGOTO, DN 750 MM, JUNTA ELÁSTICA INTEGRADA, INSTALADO EM LOCAL COM NÍVEL BAIXO DE INTERFERÊNCIAS - FORNECIMENTO E ASSENTAMENTO. AF_06/2016","M","ATRIBUÍDO SÃO PAULO","624,56","COMPOSICAO","88246","ASSENTADOR DE TUBOS COM ENCARGOS COMPLEMENTARES","H","COEFICIENTE DE REPRESENTATIVIDADE","0,1970000","30,49","6,00","","","","","","","","","","","CAIXA REFERENCIAL"]
["ASSENTAMENTO DE TUBOS E PECAS","ASTU","FORNEC E/OU ASSENT DE TUBO DE PVC COM JUNTA ELASTI",48,"","","94875","TUBO DE PEAD CORRUGADO DE DUPLA PAREDE PARA REDE COLETORA DE ESGOTO, DN 750 MM, JUNTA ELÁSTICA INTEGRADA, INSTALADO EM LOCAL COM NÍVEL BAIXO DE INTERFERÊNCIAS - FORNECIMENTO E ASSENTAMENTO. AF_06/2016","M","ATRIBUÍDO SÃO PAULO","624,56","COMPOSICAO","88316","SERVENTE COM ENCARGOS COMPLEMENTARES","H","COEFICIENTE DE REPRESENTATIVIDADE","0,1970000","15,69","3,09","","","","","","","","","","","CAIXA REFERENCIAL"]
["ASSENTAMENTO DE TUBOS E PECAS","ASTU","FORNEC E/OU ASSENT DE TUBO DE PVC COM JUNTA ELASTI",48,"","","94876","ASSENTAMENTO DE TUBO DE PEAD CORRUGADO DE DUPLA PAREDE PARA REDE COLETORA DE ESGOTO, DN 750 MM, JUNTA ELÁSTICA INTEGRADA, INSTALADO EM LOCAL COM NÍVEL BAIXO DE INTERFERÊNCIAS (NÃO INCLUI FORNECIMENTO). AF_06/2016","M","ATRIBUÍDO SÃO PAULO","21,29","","","","","","","","","11,01","51,7026380","5,38","25,2757793","4,90","23,0215827","0,00","0,0000000","0,00","0,0000000","CAIXA REFERENCIAL"]
["ASSENTAMENTO DE TUBOS E PECAS","ASTU","FORNEC E/OU ASSENT DE TUBO DE PVC COM JUNTA ELASTI",48,"","","94876","ASSENTAMENTO DE TUBO DE PEAD CORRUGADO DE DUPLA PAREDE PARA REDE COLETORA DE ESGOTO, DN 750 MM, JUNTA ELÁSTICA INTEGRADA, INSTALADO EM LOCAL COM NÍVEL BAIXO DE INTERFERÊNCIAS (NÃO INCLUI FORNECIMENTO). AF_06/2016","M","ATRIBUÍDO SÃO PAULO","21,29","COMPOSICAO","5631","ESCAVADEIRA HIDRÁULICA SOBRE ESTEIRAS, CAÇAMBA 0,80 M3, PESO OPERACIONAL 17 T, POTENCIA BRUTA 111 HP - CHP DIURNO. AF_06/2014","CHP","ATRIBUÍDO SÃO PAULO","0,0638000","149,54","9,54","","","","","","","","","","","CAIXA REFERENCIAL"]
["ASSENTAMENTO DE TUBOS E PECAS","ASTU","FORNEC E/OU ASSENT DE TUBO DE PVC COM JUNTA ELASTI",48,"","","94876","ASSENTAMENTO DE TUBO DE PEAD CORRUGADO DE DUPLA PAREDE PARA REDE COLETORA DE ESGOTO, DN 750 MM, JUNTA ELÁSTICA INTEGRADA, INSTALADO EM LOCAL COM NÍVEL BAIXO DE INTERFERÊNCIAS (NÃO INCLUI FORNECIMENTO). AF_06/2016","M","ATRIBUÍDO SÃO PAULO","21,29","COMPOSICAO","5632","ESCAVADEIRA HIDRÁULICA SOBRE ESTEIRAS, CAÇAMBA 0,80 M3, PESO OPERACIONAL 17 T, POTENCIA BRUTA 111 HP - CHI DIURNO. AF_06/2014","CHI","ATRIBUÍDO SÃO PAULO","0,0397000","67,11","2,66","","","","","","","","","","","CAIXA REFERENCIAL"]
["ASSENTAMENTO DE TUBOS E PECAS","ASTU","FORNEC E/OU ASSENT DE TUBO DE PVC COM JUNTA ELASTI",48,"","","94876","ASSENTAMENTO DE TUBO DE PEAD CORRUGADO DE DUPLA PAREDE PARA REDE COLETORA DE ESGOTO, DN 750 MM, JUNTA ELÁSTICA INTEGRADA, INSTALADO EM LOCAL COM NÍVEL BAIXO DE INTERFERÊNCIAS (NÃO INCLUI FORNECIMENTO). AF_06/2016","M","ATRIBUÍDO SÃO PAULO","21,29","COMPOSICAO","88246","ASSENTADOR DE TUBOS COM ENCARGOS COMPLEMENTARES","H","COEFICIENTE DE REPRESENTATIVIDADE","0,1970000","30,49","6,00","","","","","","","","","","","CAIXA REFERENCIAL"]
["ASSENTAMENTO DE TUBOS E PECAS","ASTU","FORNEC E/OU ASSENT DE TUBO DE PVC COM JUNTA ELASTI",48,"","","94876","ASSENTAMENTO DE TUBO DE PEAD CORRUGADO DE DUPLA PAREDE PARA REDE COLETORA DE ESGOTO, DN 750 MM, JUNTA ELÁSTICA INTEGRADA, INSTALADO EM LOCAL COM NÍVEL BAIXO DE INTERFERÊNCIAS (NÃO INCLUI FORNECIMENTO). AF_06/2016","M","ATRIBUÍDO SÃO PAULO","21,29","COMPOSICAO","88316","SERVENTE COM ENCARGOS COMPLEMENTARES","H","COEFICIENTE DE REPRESENTATIVIDADE","0,1970000","15,69","3,09","","","","","","","","","","","CAIXA REFERENCIAL"]
["ASSENTAMENTO DE TUBOS E PECAS","ASTU","FORNEC E/OU ASSENT DE TUBO DE PVC COM JUNTA ELASTI",48,"","","94878","ASSENTAMENTO DE TUBO DE PEAD CORRUGADO DE DUPLA PAREDE PARA REDE COLETORA DE ESGOTO, DN 900 MM, JUNTA ELÁSTICA INTEGRADA, INSTALADO EM LOCAL COM NÍVEL BAIXO DE INTERFERÊNCIAS (NÃO INCLUI FORNECIMENTO). AF_06/2016","M","ATRIBUÍDO SÃO PAULO","24,98","","","","","","","","","12,86","51,4646054","6,38","25,5492270","5,74","22,9861676","0,00","0,0000000","0,00","0,0000000","CAIXA REFERENCIAL"]
["ASSENTAMENTO DE TUBOS E PECAS","ASTU","FORNEC E/OU ASSENT DE TUBO DE PVC COM JUNTA ELASTI",48,"","","94878","ASSENTAMENTO DE TUBO DE PEAD CORRUGADO DE DUPLA PAREDE PARA REDE COLETORA DE ESGOTO, DN 900 MM, JUNTA ELÁSTICA INTEGRADA, INSTALADO EM LOCAL COM NÍVEL BAIXO DE INTERFERÊNCIAS (NÃO INCLUI FORNECIMENTO). AF_06/2016","M","ATRIBUÍDO SÃO PAULO","24,98","COMPOSICAO","5631","ESCAVADEIRA HIDRÁULICA SOBRE ESTEIRAS, CAÇAMBA 0,80 M3, PESO OPERACIONAL 17 T, POTENCIA BRUTA 111 HP - CHP DIURNO. AF_06/2014","CHP","ATRIBUÍDO SÃO PAULO","0,0749000","149,54","11,20","","","","","","","","","","","CAIXA REFERENCIAL"]
["ASSENTAMENTO DE TUBOS E PECAS","ASTU","FORNEC E/OU ASSENT DE TUBO DE PVC COM JUNTA ELASTI",48,"","","94878","ASSENTAMENTO DE TUBO DE PEAD CORRUGADO DE DUPLA PAREDE PARA REDE COLETORA DE ESGOTO, DN 900 MM, JUNTA ELÁSTICA INTEGRADA, INSTALADO EM LOCAL COM NÍVEL BAIXO DE INTERFERÊNCIAS (NÃO INCLUI FORNECIMENTO). AF_06/2016","M","ATRIBUÍDO SÃO PAULO","24,98","COMPOSICAO","5632","ESCAVADEIRA HIDRÁULICA SOBRE ESTEIRAS, CAÇAMBA 0,80 M3, PESO OPERACIONAL 17 T, POTENCIA BRUTA 111 HP - CHI DIURNO. AF_06/2014","CHI","ATRIBUÍDO SÃO PAULO","0,0466000","67,11","3,12","","","","","","","","","","","CAIXA REFERENCIAL"]
["ASSENTAMENTO DE TUBOS E PECAS","ASTU","FORNEC E/OU ASSENT DE TUBO DE PVC COM JUNTA ELASTI",48,"","","94878","ASSENTAMENTO DE TUBO DE PEAD CORRUGADO DE DUPLA PAREDE PARA REDE COLETORA DE ESGOTO, DN 900 MM, JUNTA ELÁSTICA INTEGRADA, INSTALADO EM LOCAL COM NÍVEL BAIXO DE INTERFERÊNCIAS (NÃO INCLUI FORNECIMENTO). AF_06/2016","M","ATRIBUÍDO SÃO PAULO","24,98","COMPOSICAO","88246","ASSENTADOR DE TUBOS COM ENCARGOS COMPLEMENTARES","H","COEFICIENTE DE REPRESENTATIVIDADE","0,2311000","30,49","7,04","","","","","","","","","","","CAIXA REFERENCIAL"]
["ASSENTAMENTO DE TUBOS E PECAS","ASTU","FORNEC E/OU ASSENT DE TUBO DE PVC COM JUNTA ELASTI",48,"","","94878","ASSENTAMENTO DE TUBO DE PEAD CORRUGADO DE DUPLA PAREDE PARA REDE COLETORA DE ESGOTO, DN 900 MM, JUNTA ELÁSTICA INTEGRADA, INSTALADO EM LOCAL COM NÍVEL BAIXO DE INTERFERÊNCIAS (NÃO INCLUI FORNECIMENTO). AF_06/2016","M","ATRIBUÍDO SÃO PAULO","24,98","COMPOSICAO","88316","SERVENTE COM ENCARGOS COMPLEMENTARES","H","COEFICIENTE DE REPRESENTATIVIDADE","0,2311000","15,69","3,62","","","","","","","","","","","CAIXA REFERENCIAL"]
["ASSENTAMENTO DE TUBOS E PECAS","ASTU","FORNEC E/OU ASSENT DE TUBO DE PVC COM JUNTA ELASTI",48,"","","94879","TUBO DE PEAD CORRUGADO DE DUPLA PAREDE PARA REDE COLETORA DE ESGOTO, DN 1000 MM, JUNTA ELÁSTICA INTEGRADA, INSTALADO EM LOCAL COM NÍVEL BAIXO DE INTERFERÊNCIAS - FORNECIMENTO E ASSENTAMENTO. AF_06/2016","M","ATRIBUÍDO SÃO PAULO","945,57","","","","","","","","","15,50","1,6400207","923,13","97,6256733","6,94","0,7343060","0,00","0,0000000","0,00","0,0000000","CAIXA REFERENCIAL"]
["ASSENTAMENTO DE TUBOS E PECAS","ASTU","FORNEC E/OU ASSENT DE TUBO DE PVC COM JUNTA ELASTI",48,"","","94879","TUBO DE PEAD CORRUGADO DE DUPLA PAREDE PARA REDE COLETORA DE ESGOTO, DN 1000 MM, JUNTA ELÁSTICA INTEGRADA, INSTALADO EM LOCAL COM NÍVEL BAIXO DE INTERFERÊNCIAS - FORNECIMENTO E ASSENTAMENTO. AF_06/2016","M","ATRIBUÍDO SÃO PAULO","945,57","COMPOSICAO","5631","ESCAVADEIRA HIDRÁULICA SOBRE ESTEIRAS, CAÇAMBA 0,80 M3, PESO OPERACIONAL 17 T, POTENCIA BRUTA 111 HP - CHP DIURNO. AF_06/2014","CHP","ATRIBUÍDO SÃO PAULO","0,0917000","149,54","13,71","","","","","","","","","","","CAIXA REFERENCIAL"]
["ASSENTAMENTO DE TUBOS E PECAS","ASTU","FORNEC E/OU ASSENT DE TUBO DE PVC COM JUNTA ELASTI",48,"","","94879","TUBO DE PEAD CORRUGADO DE DUPLA PAREDE PARA REDE COLETORA DE ESGOTO, DN 1000 MM, JUNTA ELÁSTICA INTEGRADA, INSTALADO EM LOCAL COM NÍVEL BAIXO DE INTERFERÊNCIAS - FORNECIMENTO E ASSENTAMENTO. AF_06/2016","M","ATRIBUÍDO SÃO PAULO","945,57","COMPOSICAO","5632","ESCAVADEIRA HIDRÁULICA SOBRE ESTEIRAS, CAÇAMBA 0,80 M3, PESO OPERACIONAL 17 T, POTENCIA BRUTA 111 HP - CHI DIURNO. AF_06/2014","CHI","ATRIBUÍDO SÃO PAULO","0,0570000","67,11","3,82","","","","","","","","","","","CAIXA REFERENCIAL"]
["ASSENTAMENTO DE TUBOS E PECAS","ASTU","FORNEC E/OU ASSENT DE TUBO DE PVC COM JUNTA ELASTI",48,"","","94879","TUBO DE PEAD CORRUGADO DE DUPLA PAREDE PARA REDE COLETORA DE ESGOTO, DN 1000 MM, JUNTA ELÁSTICA INTEGRADA, INSTALADO EM LOCAL COM NÍVEL BAIXO DE INTERFERÊNCIAS - FORNECIMENTO E ASSENTAMENTO. AF_06/2016","M","ATRIBUÍDO SÃO PAULO","945,57","INSUMO","20078","PASTA LUBRIFICANTE PARA TUBOS E CONEXOES COM JUNTA ELASTICA (USO EM PVC, ACO, POLIETILENO E OUTROS) ( DE *400* G)","UN","COEFICIENTE DE REPRESENTATIVIDADE","0,2083000","16,40","3,41","","","","","","","","","","","CAIXA REFERENCIAL"]
["ASSENTAMENTO DE TUBOS E PECAS","ASTU","FORNEC E/OU ASSENT DE TUBO DE PVC COM JUNTA ELASTI",48,"","","94879","TUBO DE PEAD CORRUGADO DE DUPLA PAREDE PARA REDE COLETORA DE ESGOTO, DN 1000 MM, JUNTA ELÁSTICA INTEGRADA, INSTALADO EM LOCAL COM NÍVEL BAIXO DE INTERFERÊNCIAS - FORNECIMENTO E ASSENTAMENTO. AF_06/2016","M","ATRIBUÍDO SÃO PAULO","945,57","INSUMO","41785","TUBO CORRUGADO PEAD, PAREDE DUPLA, INTERNA LISA, JEI, DN/DI *1000* MM, PARA SANEAMENTO","M","ATRIBUÍDO SÃO PAULO","1,0500000","868,17","911,57","","","","","","","","","","","CAIXA REFERENCIAL"]
["ASSENTAMENTO DE TUBOS E PECAS","ASTU","FORNEC E/OU ASSENT DE TUBO DE PVC COM JUNTA ELASTI",48,"","","94879","TUBO DE PEAD CORRUGADO DE DUPLA PAREDE PARA REDE COLETORA DE ESGOTO, DN 1000 MM, JUNTA ELÁSTICA INTEGRADA, INSTALADO EM LOCAL COM NÍVEL BAIXO DE INTERFERÊNCIAS - FORNECIMENTO E ASSENTAMENTO. AF_06/2016","M","ATRIBUÍDO SÃO PAULO","945,57","COMPOSICAO","88246","ASSENTADOR DE TUBOS COM ENCARGOS COMPLEMENTARES","H","COEFICIENTE DE REPRESENTATIVIDADE","0,2830000","30,49","8,62","","","","","","","","","","","CAIXA REFERENCIAL"]
["ASSENTAMENTO DE TUBOS E PECAS","ASTU","FORNEC E/OU ASSENT DE TUBO DE PVC COM JUNTA ELASTI",48,"","","94879","TUBO DE PEAD CORRUGADO DE DUPLA PAREDE PARA REDE COLETORA DE ESGOTO, DN 1000 MM, JUNTA ELÁSTICA INTEGRADA, INSTALADO EM LOCAL COM NÍVEL BAIXO DE INTERFERÊNCIAS - FORNECIMENTO E ASSENTAMENTO. AF_06/2016","M","ATRIBUÍDO SÃO PAULO","945,57","COMPOSICAO","88316","SERVENTE COM ENCARGOS COMPLEMENTARES","H","COEFICIENTE DE REPRESENTATIVIDADE","0,2830000","15,69","4,44","","","","","","","","","","","CAIXA REFERENCIAL"]
["ASSENTAMENTO DE TUBOS E PECAS","ASTU","FORNEC E/OU ASSENT DE TUBO DE PVC COM JUNTA ELASTI",48,"","","94880","ASSENTAMENTO DE TUBO DE PEAD CORRUGADO DE DUPLA PAREDE PARA REDE COLETORA DE ESGOTO, DN 1000 MM, JUNTA ELÁSTICA INTEGRADA, INSTALADO EM LOCAL COM NÍVEL BAIXO DE INTERFERÊNCIAS (NÃO INCLUI FORNECIMENTO). AF_06/2016","M","ATRIBUÍDO SÃO PAULO","30,59","","","","","","","","","15,75","51,4437438","7,80","25,5227348","7,04","23,0335214","0,00","0,0000000","0,00","0,0000000","CAIXA REFERENCIAL"]
["ASSENTAMENTO DE TUBOS E PECAS","ASTU","FORNEC E/OU ASSENT DE TUBO DE PVC COM JUNTA ELASTI",48,"","","94880","ASSENTAMENTO DE TUBO DE PEAD CORRUGADO DE DUPLA PAREDE PARA REDE COLETORA DE ESGOTO, DN 1000 MM, JUNTA ELÁSTICA INTEGRADA, INSTALADO EM LOCAL COM NÍVEL BAIXO DE INTERFERÊNCIAS (NÃO INCLUI FORNECIMENTO). AF_06/2016","M","ATRIBUÍDO SÃO PAULO","30,59","COMPOSICAO","5631","ESCAVADEIRA HIDRÁULICA SOBRE ESTEIRAS, CAÇAMBA 0,80 M3, PESO OPERACIONAL 17 T, POTENCIA BRUTA 111 HP - CHP DIURNO. AF_06/2014","CHP","ATRIBUÍDO SÃO PAULO","0,0917000","149,54","13,71","","","","","","","","","","","CAIXA REFERENCIAL"]
["ASSENTAMENTO DE TUBOS E PECAS","ASTU","FORNEC E/OU ASSENT DE TUBO DE PVC COM JUNTA ELASTI",48,"","","94880","ASSENTAMENTO DE TUBO DE PEAD CORRUGADO DE DUPLA PAREDE PARA REDE COLETORA DE ESGOTO, DN 1000 MM, JUNTA ELÁSTICA INTEGRADA, INSTALADO EM LOCAL COM NÍVEL BAIXO DE INTERFERÊNCIAS (NÃO INCLUI FORNECIMENTO). AF_06/2016","M","ATRIBUÍDO SÃO PAULO","30,59","COMPOSICAO","5632","ESCAVADEIRA HIDRÁULICA SOBRE ESTEIRAS, CAÇAMBA 0,80 M3, PESO OPERACIONAL 17 T, POTENCIA BRUTA 111 HP - CHI DIURNO. AF_06/2014","CHI","ATRIBUÍDO SÃO PAULO","0,0570000","67,11","3,82","","","","","","","","","","","CAIXA REFERENCIAL"]
["ASSENTAMENTO DE TUBOS E PECAS","ASTU","FORNEC E/OU ASSENT DE TUBO DE PVC COM JUNTA ELASTI",48,"","","94880","ASSENTAMENTO DE TUBO DE PEAD CORRUGADO DE DUPLA PAREDE PARA REDE COLETORA DE ESGOTO, DN 1000 MM, JUNTA ELÁSTICA INTEGRADA, INSTALADO EM LOCAL COM NÍVEL BAIXO DE INTERFERÊNCIAS (NÃO INCLUI FORNECIMENTO). AF_06/2016","M","ATRIBUÍDO SÃO PAULO","30,59","COMPOSICAO","88246","ASSENTADOR DE TUBOS COM ENCARGOS COMPLEMENTARES","H","COEFICIENTE DE REPRESENTATIVIDADE","0,2830000","30,49","8,62","","","","","","","","","","","CAIXA REFERENCIAL"]
["ASSENTAMENTO DE TUBOS E PECAS","ASTU","FORNEC E/OU ASSENT DE TUBO DE PVC COM JUNTA ELASTI",48,"","","94880","ASSENTAMENTO DE TUBO DE PEAD CORRUGADO DE DUPLA PAREDE PARA REDE COLETORA DE ESGOTO, DN 1000 MM, JUNTA ELÁSTICA INTEGRADA, INSTALADO EM LOCAL COM NÍVEL BAIXO DE INTERFERÊNCIAS (NÃO INCLUI FORNECIMENTO). AF_06/2016","M","ATRIBUÍDO SÃO PAULO","30,59","COMPOSICAO","88316","SERVENTE COM ENCARGOS COMPLEMENTARES","H","COEFICIENTE DE REPRESENTATIVIDADE","0,2830000","15,69","4,44","","","","","","","","","","","CAIXA REFERENCIAL"]
["ASSENTAMENTO DE TUBOS E PECAS","ASTU","FORNEC E/OU ASSENT DE TUBO DE PVC COM JUNTA ELASTI",48,"","","94881","TUBO DE PEAD CORRUGADO DE DUPLA PAREDE PARA REDE COLETORA DE ESGOTO, DN 1200 MM, JUNTA ELÁSTICA INTEGRADA, INSTALADO EM LOCAL COM NÍVEL BAIXO DE INTERFERÊNCIAS - FORNECIMENTO E ASSENTAMENTO. AF_06/2016","M","ATRIBUÍDO SÃO PAULO","1.345,12","","","","","","","","","18,40","1,3682637","1.318,48","98,0189922","8,24","0,6127441","0,00","0,0000000","0,00","0,0000000","CAIXA REFERENCIAL"]
["ASSENTAMENTO DE TUBOS E PECAS","ASTU","FORNEC E/OU ASSENT DE TUBO DE PVC COM JUNTA ELASTI",48,"","","94881","TUBO DE PEAD CORRUGADO DE DUPLA PAREDE PARA REDE COLETORA DE ESGOTO, DN 1200 MM, JUNTA ELÁSTICA INTEGRADA, INSTALADO EM LOCAL COM NÍVEL BAIXO DE INTERFERÊNCIAS - FORNECIMENTO E ASSENTAMENTO. AF_06/2016","M","ATRIBUÍDO SÃO PAULO","1.345,12","COMPOSICAO","5631","ESCAVADEIRA HIDRÁULICA SOBRE ESTEIRAS, CAÇAMBA 0,80 M3, PESO OPERACIONAL 17 T, POTENCIA BRUTA 111 HP - CHP DIURNO. AF_06/2014","CHP","ATRIBUÍDO SÃO PAULO","0,1088000","149,54","16,26","","","","","","","","","","","CAIXA REFERENCIAL"]
["ASSENTAMENTO DE TUBOS E PECAS","ASTU","FORNEC E/OU ASSENT DE TUBO DE PVC COM JUNTA ELASTI",48,"","","94881","TUBO DE PEAD CORRUGADO DE DUPLA PAREDE PARA REDE COLETORA DE ESGOTO, DN 1200 MM, JUNTA ELÁSTICA INTEGRADA, INSTALADO EM LOCAL COM NÍVEL BAIXO DE INTERFERÊNCIAS - FORNECIMENTO E ASSENTAMENTO. AF_06/2016","M","ATRIBUÍDO SÃO PAULO","1.345,12","COMPOSICAO","5632","ESCAVADEIRA HIDRÁULICA SOBRE ESTEIRAS, CAÇAMBA 0,80 M3, PESO OPERACIONAL 17 T, POTENCIA BRUTA 111 HP - CHI DIURNO. AF_06/2014","CHI","ATRIBUÍDO SÃO PAULO","0,0676000","67,11","4,53","","","","","","","","","","","CAIXA REFERENCIAL"]
["ASSENTAMENTO DE TUBOS E PECAS","ASTU","FORNEC E/OU ASSENT DE TUBO DE PVC COM JUNTA ELASTI",48,"","","94881","TUBO DE PEAD CORRUGADO DE DUPLA PAREDE PARA REDE COLETORA DE ESGOTO, DN 1200 MM, JUNTA ELÁSTICA INTEGRADA, INSTALADO EM LOCAL COM NÍVEL BAIXO DE INTERFERÊNCIAS - FORNECIMENTO E ASSENTAMENTO. AF_06/2016","M","ATRIBUÍDO SÃO PAULO","1.345,12","INSUMO","20078","PASTA LUBRIFICANTE PARA TUBOS E CONEXOES COM JUNTA ELASTICA (USO EM PVC, ACO, POLIETILENO E OUTROS) ( DE *400* G)","UN","COEFICIENTE DE REPRESENTATIVIDADE","0,2083000","16,40","3,41","","","","","","","","","","","CAIXA REFERENCIAL"]
["ASSENTAMENTO DE TUBOS E PECAS","ASTU","FORNEC E/OU ASSENT DE TUBO DE PVC COM JUNTA ELASTI",48,"","","94881","TUBO DE PEAD CORRUGADO DE DUPLA PAREDE PARA REDE COLETORA DE ESGOTO, DN 1200 MM, JUNTA ELÁSTICA INTEGRADA, INSTALADO EM LOCAL COM NÍVEL BAIXO DE INTERFERÊNCIAS - FORNECIMENTO E ASSENTAMENTO. AF_06/2016","M","ATRIBUÍDO SÃO PAULO","1.345,12","INSUMO","41786","TUBO CORRUGADO PEAD, PAREDE DUPLA, INTERNA LISA, JEI, DN/DI 1200 MM, PARA SANEAMENTO","M","ATRIBUÍDO SÃO PAULO","1,0500000","1.243,28","1.305,44","","","","","","","","","","","CAIXA REFERENCIAL"]
["ASSENTAMENTO DE TUBOS E PECAS","ASTU","FORNEC E/OU ASSENT DE TUBO DE PVC COM JUNTA ELASTI",48,"","","94881","TUBO DE PEAD CORRUGADO DE DUPLA PAREDE PARA REDE COLETORA DE ESGOTO, DN 1200 MM, JUNTA ELÁSTICA INTEGRADA, INSTALADO EM LOCAL COM NÍVEL BAIXO DE INTERFERÊNCIAS - FORNECIMENTO E ASSENTAMENTO. AF_06/2016","M","ATRIBUÍDO SÃO PAULO","1.345,12","COMPOSICAO","88246","ASSENTADOR DE TUBOS COM ENCARGOS COMPLEMENTARES","H","COEFICIENTE DE REPRESENTATIVIDADE","0,3355000","30,49","10,22","","","","","","","","","","","CAIXA REFERENCIAL"]
["ASSENTAMENTO DE TUBOS E PECAS","ASTU","FORNEC E/OU ASSENT DE TUBO DE PVC COM JUNTA ELASTI",48,"","","94881","TUBO DE PEAD CORRUGADO DE DUPLA PAREDE PARA REDE COLETORA DE ESGOTO, DN 1200 MM, JUNTA ELÁSTICA INTEGRADA, INSTALADO EM LOCAL COM NÍVEL BAIXO DE INTERFERÊNCIAS - FORNECIMENTO E ASSENTAMENTO. AF_06/2016","M","ATRIBUÍDO SÃO PAULO","1.345,12","COMPOSICAO","88316","SERVENTE COM ENCARGOS COMPLEMENTARES","H","COEFICIENTE DE REPRESENTATIVIDADE","0,3355000","15,69","5,26","","","","","","","","","","","CAIXA REFERENCIAL"]
["ASSENTAMENTO DE TUBOS E PECAS","ASTU","FORNEC E/OU ASSENT DE TUBO DE PVC COM JUNTA ELASTI",48,"","","94882","ASSENTAMENTO DE TUBO DE PEAD CORRUGADO DE DUPLA PAREDE PARA REDE COLETORA DE ESGOTO, DN 1200 MM, JUNTA ELÁSTICA INTEGRADA, INSTALADO EM LOCAL COM NÍVEL BAIXO DE INTERFERÊNCIAS (NÃO INCLUI FORNECIMENTO). AF_06/2016","M","ATRIBUÍDO SÃO PAULO","36,27","","","","","","","","","18,58","51,2249444","9,37","25,8351893","8,32","22,9398663","0,00","0,0000000","0,00","0,0000000","CAIXA REFERENCIAL"]
["ASSENTAMENTO DE TUBOS E PECAS","ASTU","FORNEC E/OU ASSENT DE TUBO DE PVC COM JUNTA ELASTI",48,"","","94882","ASSENTAMENTO DE TUBO DE PEAD CORRUGADO DE DUPLA PAREDE PARA REDE COLETORA DE ESGOTO, DN 1200 MM, JUNTA ELÁSTICA INTEGRADA, INSTALADO EM LOCAL COM NÍVEL BAIXO DE INTERFERÊNCIAS (NÃO INCLUI FORNECIMENTO). AF_06/2016","M","ATRIBUÍDO SÃO PAULO","36,27","COMPOSICAO","5631","ESCAVADEIRA HIDRÁULICA SOBRE ESTEIRAS, CAÇAMBA 0,80 M3, PESO OPERACIONAL 17 T, POTENCIA BRUTA 111 HP - CHP DIURNO. AF_06/2014","CHP","ATRIBUÍDO SÃO PAULO","0,1088000","149,54","16,26","","","","","","","","","","","CAIXA REFERENCIAL"]
["ASSENTAMENTO DE TUBOS E PECAS","ASTU","FORNEC E/OU ASSENT DE TUBO DE PVC COM JUNTA ELASTI",48,"","","94882","ASSENTAMENTO DE TUBO DE PEAD CORRUGADO DE DUPLA PAREDE PARA REDE COLETORA DE ESGOTO, DN 1200 MM, JUNTA ELÁSTICA INTEGRADA, INSTALADO EM LOCAL COM NÍVEL BAIXO DE INTERFERÊNCIAS (NÃO INCLUI FORNECIMENTO). AF_06/2016","M","ATRIBUÍDO SÃO PAULO","36,27","COMPOSICAO","5632","ESCAVADEIRA HIDRÁULICA SOBRE ESTEIRAS, CAÇAMBA 0,80 M3, PESO OPERACIONAL 17 T, POTENCIA BRUTA 111 HP - CHI DIURNO. AF_06/2014","CHI","ATRIBUÍDO SÃO PAULO","0,0676000","67,11","4,53","","","","","","","","","","","CAIXA REFERENCIAL"]
["ASSENTAMENTO DE TUBOS E PECAS","ASTU","FORNEC E/OU ASSENT DE TUBO DE PVC COM JUNTA ELASTI",48,"","","94882","ASSENTAMENTO DE TUBO DE PEAD CORRUGADO DE DUPLA PAREDE PARA REDE COLETORA DE ESGOTO, DN 1200 MM, JUNTA ELÁSTICA INTEGRADA, INSTALADO EM LOCAL COM NÍVEL BAIXO DE INTERFERÊNCIAS (NÃO INCLUI FORNECIMENTO). AF_06/2016","M","ATRIBUÍDO SÃO PAULO","36,27","COMPOSICAO","88246","ASSENTADOR DE TUBOS COM ENCARGOS COMPLEMENTARES","H","COEFICIENTE DE REPRESENTATIVIDADE","0,3355000","30,49","10,22","","","","","","","","","","","CAIXA REFERENCIAL"]
["ASSENTAMENTO DE TUBOS E PECAS","ASTU","FORNEC E/OU ASSENT DE TUBO DE PVC COM JUNTA ELASTI",48,"","","94882","ASSENTAMENTO DE TUBO DE PEAD CORRUGADO DE DUPLA PAREDE PARA REDE COLETORA DE ESGOTO, DN 1200 MM, JUNTA ELÁSTICA INTEGRADA, INSTALADO EM LOCAL COM NÍVEL BAIXO DE INTERFERÊNCIAS (NÃO INCLUI FORNECIMENTO). AF_06/2016","M","ATRIBUÍDO SÃO PAULO","36,27","COMPOSICAO","88316","SERVENTE COM ENCARGOS COMPLEMENTARES","H","COEFICIENTE DE REPRESENTATIVIDADE","0,3355000","15,69","5,26","","","","","","","","","","","CAIXA REFERENCIAL"]
["ASSENTAMENTO DE TUBOS E PECAS","ASTU","FORNEC E/OU ASSENT DE TUBO DE PVC COM JUNTA ELASTI",48,"","","94884","ASSENTAMENTO DE TUBO DE PEAD CORRUGADO DE DUPLA PAREDE PARA REDE COLETORA DE ESGOTO, DN 1500 MM, JUNTA ELÁSTICA INTEGRADA, INSTALADO EM LOCAL COM NÍVEL BAIXO DE INTERFERÊNCIAS (NÃO INCLUI FORNECIMENTO). AF_06/2016","M","ATRIBUÍDO SÃO PAULO","47,83","","","","","","","","","24,48","51,1495467","12,40","25,9438936","10,95","22,9065597","0,00","0,0000000","0,00","0,0000000","CAIXA REFERENCIAL"]
["ASSENTAMENTO DE TUBOS E PECAS","ASTU","FORNEC E/OU ASSENT DE TUBO DE PVC COM JUNTA ELASTI",48,"","","94884","ASSENTAMENTO DE TUBO DE PEAD CORRUGADO DE DUPLA PAREDE PARA REDE COLETORA DE ESGOTO, DN 1500 MM, JUNTA ELÁSTICA INTEGRADA, INSTALADO EM LOCAL COM NÍVEL BAIXO DE INTERFERÊNCIAS (NÃO INCLUI FORNECIMENTO). AF_06/2016","M","ATRIBUÍDO SÃO PAULO","47,83","COMPOSICAO","5631","ESCAVADEIRA HIDRÁULICA SOBRE ESTEIRAS, CAÇAMBA 0,80 M3, PESO OPERACIONAL 17 T, POTENCIA BRUTA 111 HP - CHP DIURNO. AF_06/2014","CHP","ATRIBUÍDO SÃO PAULO","0,1434000","149,54","21,44","","","","","","","","","","","CAIXA REFERENCIAL"]
["ASSENTAMENTO DE TUBOS E PECAS","ASTU","FORNEC E/OU ASSENT DE TUBO DE PVC COM JUNTA ELASTI",48,"","","94884","ASSENTAMENTO DE TUBO DE PEAD CORRUGADO DE DUPLA PAREDE PARA REDE COLETORA DE ESGOTO, DN 1500 MM, JUNTA ELÁSTICA INTEGRADA, INSTALADO EM LOCAL COM NÍVEL BAIXO DE INTERFERÊNCIAS (NÃO INCLUI FORNECIMENTO). AF_06/2016","M","ATRIBUÍDO SÃO PAULO","47,83","COMPOSICAO","5632","ESCAVADEIRA HIDRÁULICA SOBRE ESTEIRAS, CAÇAMBA 0,80 M3, PESO OPERACIONAL 17 T, POTENCIA BRUTA 111 HP - CHI DIURNO. AF_06/2014","CHI","ATRIBUÍDO SÃO PAULO","0,0891000","67,11","5,97","","","","","","","","","","","CAIXA REFERENCIAL"]
["ASSENTAMENTO DE TUBOS E PECAS","ASTU","FORNEC E/OU ASSENT DE TUBO DE PVC COM JUNTA ELASTI",48,"","","94884","ASSENTAMENTO DE TUBO DE PEAD CORRUGADO DE DUPLA PAREDE PARA REDE COLETORA DE ESGOTO, DN 1500 MM, JUNTA ELÁSTICA INTEGRADA, INSTALADO EM LOCAL COM NÍVEL BAIXO DE INTERFERÊNCIAS (NÃO INCLUI FORNECIMENTO). AF_06/2016","M","ATRIBUÍDO SÃO PAULO","47,83","COMPOSICAO","88246","ASSENTADOR DE TUBOS COM ENCARGOS COMPLEMENTARES","H","COEFICIENTE DE REPRESENTATIVIDADE","0,4424000","30,49","13,48","","","","","","","","","","","CAIXA REFERENCIAL"]
["ASSENTAMENTO DE TUBOS E PECAS","ASTU","FORNEC E/OU ASSENT DE TUBO DE PVC COM JUNTA ELASTI",48,"","","94884","ASSENTAMENTO DE TUBO DE PEAD CORRUGADO DE DUPLA PAREDE PARA REDE COLETORA DE ESGOTO, DN 1500 MM, JUNTA ELÁSTICA INTEGRADA, INSTALADO EM LOCAL COM NÍVEL BAIXO DE INTERFERÊNCIAS (NÃO INCLUI FORNECIMENTO). AF_06/2016","M","ATRIBUÍDO SÃO PAULO","47,83","COMPOSICAO","88316","SERVENTE COM ENCARGOS COMPLEMENTARES","H","COEFICIENTE DE REPRESENTATIVIDADE","0,4424000","15,69","6,94","","","","","","","","","","","CAIXA REFERENCIAL"]
["ASSENTAMENTO DE TUBOS E PECAS","ASTU","FORNEC E/OU ASSENT DE TUBO DE PVC COM JUNTA ELASTI",48,"","","94885","TUBO DE PEAD CORRUGADO DE DUPLA PAREDE PARA REDE COLETORA DE ESGOTO, DN 250 MM, JUNTA ELÁSTICA INTEGRADA, INSTALADO EM LOCAL COM NÍVEL ALTO DE INTERFERÊNCIAS - FORNECIMENTO E ASSENTAMENTO. AF_06/2016","M","ATRIBUÍDO SÃO PAULO","72,22","","","","","","","","","0,94","1,3037447","71,28","98,6962553","0,00","0,0000000","0,00","0,0000000","0,00","0,0000000","CAIXA REFERENCIAL"]
["ASSENTAMENTO DE TUBOS E PECAS","ASTU","FORNEC E/OU ASSENT DE TUBO DE PVC COM JUNTA ELASTI",48,"","","94885","TUBO DE PEAD CORRUGADO DE DUPLA PAREDE PARA REDE COLETORA DE ESGOTO, DN 250 MM, JUNTA ELÁSTICA INTEGRADA, INSTALADO EM LOCAL COM NÍVEL ALTO DE INTERFERÊNCIAS - FORNECIMENTO E ASSENTAMENTO. AF_06/2016","M","ATRIBUÍDO SÃO PAULO","72,22","INSUMO","20078","PASTA LUBRIFICANTE PARA TUBOS E CONEXOES COM JUNTA ELASTICA (USO EM PVC, ACO, POLIETILENO E OUTROS) ( DE *400* G)","UN","COEFICIENTE DE REPRESENTATIVIDADE","0,0379000","16,40","0,62","","","","","","","","","","","CAIXA REFERENCIAL"]
["ASSENTAMENTO DE TUBOS E PECAS","ASTU","FORNEC E/OU ASSENT DE TUBO DE PVC COM JUNTA ELASTI",48,"","","94885","TUBO DE PEAD CORRUGADO DE DUPLA PAREDE PARA REDE COLETORA DE ESGOTO, DN 250 MM, JUNTA ELÁSTICA INTEGRADA, INSTALADO EM LOCAL COM NÍVEL ALTO DE INTERFERÊNCIAS - FORNECIMENTO E ASSENTAMENTO. AF_06/2016","M","ATRIBUÍDO SÃO PAULO","72,22","INSUMO","41779","TUBO CORRUGADO PEAD, PAREDE DUPLA, INTERNA LISA, JEI, DN/DI 250 MM, PARA SANEAMENTO","M","ATRIBUÍDO SÃO PAULO","1,0500000","67,07","70,42","","","","","","","","","","","CAIXA REFERENCIAL"]
["ASSENTAMENTO DE TUBOS E PECAS","ASTU","FORNEC E/OU ASSENT DE TUBO DE PVC COM JUNTA ELASTI",48,"","","94885","TUBO DE PEAD CORRUGADO DE DUPLA PAREDE PARA REDE COLETORA DE ESGOTO, DN 250 MM, JUNTA ELÁSTICA INTEGRADA, INSTALADO EM LOCAL COM NÍVEL ALTO DE INTERFERÊNCIAS - FORNECIMENTO E ASSENTAMENTO. AF_06/2016","M","ATRIBUÍDO SÃO PAULO","72,22","COMPOSICAO","88246","ASSENTADOR DE TUBOS COM ENCARGOS COMPLEMENTARES","H","COEFICIENTE DE REPRESENTATIVIDADE","0,0258000","30,49","0,78","","","","","","","","","","","CAIXA REFERENCIAL"]
["ASSENTAMENTO DE TUBOS E PECAS","ASTU","FORNEC E/OU ASSENT DE TUBO DE PVC COM JUNTA ELASTI",48,"","","94885","TUBO DE PEAD CORRUGADO DE DUPLA PAREDE PARA REDE COLETORA DE ESGOTO, DN 250 MM, JUNTA ELÁSTICA INTEGRADA, INSTALADO EM LOCAL COM NÍVEL ALTO DE INTERFERÊNCIAS - FORNECIMENTO E ASSENTAMENTO. AF_06/2016","M","ATRIBUÍDO SÃO PAULO","72,22","COMPOSICAO","88316","SERVENTE COM ENCARGOS COMPLEMENTARES","H","COEFICIENTE DE REPRESENTATIVIDADE","0,0258000","15,69","0,40","","","","","","","","","","","CAIXA REFERENCIAL"]
["ASSENTAMENTO DE TUBOS E PECAS","ASTU","FORNEC E/OU ASSENT DE TUBO DE PVC COM JUNTA ELASTI",48,"","","94886","ASSENTAMENTO DE TUBO DE PEAD CORRUGADO DE DUPLA PAREDE PARA REDE COLETORA DE ESGOTO, DN 250 MM, JUNTA ELÁSTICA INTEGRADA, INSTALADO EM LOCAL COM NÍVEL ALTO DE INTERFERÊNCIAS (NÃO INCLUI FORNECIMENTO). AF_06/2016","M","COEFICIENTE DE REPRESENTATIVIDADE","1,18","","","","","","","","","1,05","88,6792453","0,13","11,3207547","0,00","0,0000000","0,00","0,0000000","0,00","0,0000000","CAIXA REFERENCIAL"]
["ASSENTAMENTO DE TUBOS E PECAS","ASTU","FORNEC E/OU ASSENT DE TUBO DE PVC COM JUNTA ELASTI",48,"","","94886","ASSENTAMENTO DE TUBO DE PEAD CORRUGADO DE DUPLA PAREDE PARA REDE COLETORA DE ESGOTO, DN 250 MM, JUNTA ELÁSTICA INTEGRADA, INSTALADO EM LOCAL COM NÍVEL ALTO DE INTERFERÊNCIAS (NÃO INCLUI FORNECIMENTO). AF_06/2016","M","COEFICIENTE DE REPRESENTATIVIDADE","1,18","COMPOSICAO","88246","ASSENTADOR DE TUBOS COM ENCARGOS COMPLEMENTARES","H","COEFICIENTE DE REPRESENTATIVIDADE","0,0258000","30,49","0,78","","","","","","","","","","","CAIXA REFERENCIAL"]
["ASSENTAMENTO DE TUBOS E PECAS","ASTU","FORNEC E/OU ASSENT DE TUBO DE PVC COM JUNTA ELASTI",48,"","","94886","ASSENTAMENTO DE TUBO DE PEAD CORRUGADO DE DUPLA PAREDE PARA REDE COLETORA DE ESGOTO, DN 250 MM, JUNTA ELÁSTICA INTEGRADA, INSTALADO EM LOCAL COM NÍVEL ALTO DE INTERFERÊNCIAS (NÃO INCLUI FORNECIMENTO). AF_06/2016","M","COEFICIENTE DE REPRESENTATIVIDADE","1,18","COMPOSICAO","88316","SERVENTE COM ENCARGOS COMPLEMENTARES","H","COEFICIENTE DE REPRESENTATIVIDADE","0,0258000","15,69","0,40","","","","","","","","","","","CAIXA REFERENCIAL"]
["ASSENTAMENTO DE TUBOS E PECAS","ASTU","FORNEC E/OU ASSENT DE TUBO DE PVC COM JUNTA ELASTI",48,"","","94887","TUBO DE PEAD CORRUGADO DE DUPLA PAREDE PARA REDE COLETORA DE ESGOTO, DN 300 MM, JUNTA ELÁSTICA INTEGRADA, INSTALADO EM LOCAL COM NÍVEL ALTO DE INTERFERÊNCIAS - FORNECIMENTO E ASSENTAMENTO. AF_06/2016","M","ATRIBUÍDO SÃO PAULO","106,93","","","","","","","","","1,62","1,5169959","105,31","98,4830041","0,00","0,0000000","0,00","0,0000000","0,00","0,0000000","CAIXA REFERENCIAL"]
["ASSENTAMENTO DE TUBOS E PECAS","ASTU","FORNEC E/OU ASSENT DE TUBO DE PVC COM JUNTA ELASTI",48,"","","94887","TUBO DE PEAD CORRUGADO DE DUPLA PAREDE PARA REDE COLETORA DE ESGOTO, DN 300 MM, JUNTA ELÁSTICA INTEGRADA, INSTALADO EM LOCAL COM NÍVEL ALTO DE INTERFERÊNCIAS - FORNECIMENTO E ASSENTAMENTO. AF_06/2016","M","ATRIBUÍDO SÃO PAULO","106,93","INSUMO","20078","PASTA LUBRIFICANTE PARA TUBOS E CONEXOES COM JUNTA ELASTICA (USO EM PVC, ACO, POLIETILENO E OUTROS) ( DE *400* G)","UN","COEFICIENTE DE REPRESENTATIVIDADE","0,0417000","16,40","0,68","","","","","","","","","","","CAIXA REFERENCIAL"]
["ASSENTAMENTO DE TUBOS E PECAS","ASTU","FORNEC E/OU ASSENT DE TUBO DE PVC COM JUNTA ELASTI",48,"","","94887","TUBO DE PEAD CORRUGADO DE DUPLA PAREDE PARA REDE COLETORA DE ESGOTO, DN 300 MM, JUNTA ELÁSTICA INTEGRADA, INSTALADO EM LOCAL COM NÍVEL ALTO DE INTERFERÊNCIAS - FORNECIMENTO E ASSENTAMENTO. AF_06/2016","M","ATRIBUÍDO SÃO PAULO","106,93","INSUMO","41780","TUBO CORRUGADO PEAD, PAREDE DUPLA, INTERNA LISA, JEI, DN/DI 300 MM, PARA SANEAMENTO","M","ATRIBUÍDO SÃO PAULO","1,0500000","99,25","104,21","","","","","","","","","","","CAIXA REFERENCIAL"]
["ASSENTAMENTO DE TUBOS E PECAS","ASTU","FORNEC E/OU ASSENT DE TUBO DE PVC COM JUNTA ELASTI",48,"","","94887","TUBO DE PEAD CORRUGADO DE DUPLA PAREDE PARA REDE COLETORA DE ESGOTO, DN 300 MM, JUNTA ELÁSTICA INTEGRADA, INSTALADO EM LOCAL COM NÍVEL ALTO DE INTERFERÊNCIAS - FORNECIMENTO E ASSENTAMENTO. AF_06/2016","M","ATRIBUÍDO SÃO PAULO","106,93","COMPOSICAO","88246","ASSENTADOR DE TUBOS COM ENCARGOS COMPLEMENTARES","H","COEFICIENTE DE REPRESENTATIVIDADE","0,0443000","30,49","1,35","","","","","","","","","","","CAIXA REFERENCIAL"]
["ASSENTAMENTO DE TUBOS E PECAS","ASTU","FORNEC E/OU ASSENT DE TUBO DE PVC COM JUNTA ELASTI",48,"","","94887","TUBO DE PEAD CORRUGADO DE DUPLA PAREDE PARA REDE COLETORA DE ESGOTO, DN 300 MM, JUNTA ELÁSTICA INTEGRADA, INSTALADO EM LOCAL COM NÍVEL ALTO DE INTERFERÊNCIAS - FORNECIMENTO E ASSENTAMENTO. AF_06/2016","M","ATRIBUÍDO SÃO PAULO","106,93","COMPOSICAO","88316","SERVENTE COM ENCARGOS COMPLEMENTARES","H","COEFICIENTE DE REPRESENTATIVIDADE","0,0443000","15,69","0,69","","","","","","","","","","","CAIXA REFERENCIAL"]
["ASSENTAMENTO DE TUBOS E PECAS","ASTU","FORNEC E/OU ASSENT DE TUBO DE PVC COM JUNTA ELASTI",48,"","","94888","ASSENTAMENTO DE TUBO DE PEAD CORRUGADO DE DUPLA PAREDE PARA REDE COLETORA DE ESGOTO, DN 300 MM, JUNTA ELÁSTICA INTEGRADA, INSTALADO EM LOCAL COM NÍVEL ALTO DE INTERFERÊNCIAS (NÃO INCLUI FORNECIMENTO). AF_06/2016","M","COEFICIENTE DE REPRESENTATIVIDADE","2,04","","","","","","","","","1,74","85,2631579","0,30","14,7368421","0,00","0,0000000","0,00","0,0000000","0,00","0,0000000","CAIXA REFERENCIAL"]
["ASSENTAMENTO DE TUBOS E PECAS","ASTU","FORNEC E/OU ASSENT DE TUBO DE PVC COM JUNTA ELASTI",48,"","","94888","ASSENTAMENTO DE TUBO DE PEAD CORRUGADO DE DUPLA PAREDE PARA REDE COLETORA DE ESGOTO, DN 300 MM, JUNTA ELÁSTICA INTEGRADA, INSTALADO EM LOCAL COM NÍVEL ALTO DE INTERFERÊNCIAS (NÃO INCLUI FORNECIMENTO). AF_06/2016","M","COEFICIENTE DE REPRESENTATIVIDADE","2,04","COMPOSICAO","88246","ASSENTADOR DE TUBOS COM ENCARGOS COMPLEMENTARES","H","COEFICIENTE DE REPRESENTATIVIDADE","0,0443000","30,49","1,35","","","","","","","","","","","CAIXA REFERENCIAL"]
["ASSENTAMENTO DE TUBOS E PECAS","ASTU","FORNEC E/OU ASSENT DE TUBO DE PVC COM JUNTA ELASTI",48,"","","94888","ASSENTAMENTO DE TUBO DE PEAD CORRUGADO DE DUPLA PAREDE PARA REDE COLETORA DE ESGOTO, DN 300 MM, JUNTA ELÁSTICA INTEGRADA, INSTALADO EM LOCAL COM NÍVEL ALTO DE INTERFERÊNCIAS (NÃO INCLUI FORNECIMENTO). AF_06/2016","M","COEFICIENTE DE REPRESENTATIVIDADE","2,04","COMPOSICAO","88316","SERVENTE COM ENCARGOS COMPLEMENTARES","H","COEFICIENTE DE REPRESENTATIVIDADE","0,0443000","15,69","0,69","","","","","","","","","","","CAIXA REFERENCIAL"]
["ASSENTAMENTO DE TUBOS E PECAS","ASTU","FORNEC E/OU ASSENT DE TUBO DE PVC COM JUNTA ELASTI",48,"","","94891","TUBO DE PEAD CORRUGADO DE DUPLA PAREDE PARA REDE COLETORA DE ESGOTO, DN 750 MM, JUNTA ELÁSTICA INTEGRADA, INSTALADO EM LOCAL COM NÍVEL ALTO DE INTERFERÊNCIAS - FORNECIMENTO E ASSENTAMENTO. AF_06/2016","M","ATRIBUÍDO SÃO PAULO","627,99","","","","","","","","","12,52","1,9949647","609,88","97,1143123","5,59","0,8907230","0,00","0,0000000","0,00","0,0000000","CAIXA REFERENCIAL"]
["ASSENTAMENTO DE TUBOS E PECAS","ASTU","FORNEC E/OU ASSENT DE TUBO DE PVC COM JUNTA ELASTI",48,"","","94891","TUBO DE PEAD CORRUGADO DE DUPLA PAREDE PARA REDE COLETORA DE ESGOTO, DN 750 MM, JUNTA ELÁSTICA INTEGRADA, INSTALADO EM LOCAL COM NÍVEL ALTO DE INTERFERÊNCIAS - FORNECIMENTO E ASSENTAMENTO. AF_06/2016","M","ATRIBUÍDO SÃO PAULO","627,99","COMPOSICAO","5631","ESCAVADEIRA HIDRÁULICA SOBRE ESTEIRAS, CAÇAMBA 0,80 M3, PESO OPERACIONAL 17 T, POTENCIA BRUTA 111 HP - CHP DIURNO. AF_06/2014","CHP","ATRIBUÍDO SÃO PAULO","0,0741000","149,54","11,08","","","","","","","","","","","CAIXA REFERENCIAL"]
["ASSENTAMENTO DE TUBOS E PECAS","ASTU","FORNEC E/OU ASSENT DE TUBO DE PVC COM JUNTA ELASTI",48,"","","94891","TUBO DE PEAD CORRUGADO DE DUPLA PAREDE PARA REDE COLETORA DE ESGOTO, DN 750 MM, JUNTA ELÁSTICA INTEGRADA, INSTALADO EM LOCAL COM NÍVEL ALTO DE INTERFERÊNCIAS - FORNECIMENTO E ASSENTAMENTO. AF_06/2016","M","ATRIBUÍDO SÃO PAULO","627,99","COMPOSICAO","5632","ESCAVADEIRA HIDRÁULICA SOBRE ESTEIRAS, CAÇAMBA 0,80 M3, PESO OPERACIONAL 17 T, POTENCIA BRUTA 111 HP - CHI DIURNO. AF_06/2014","CHI","ATRIBUÍDO SÃO PAULO","0,0461000","67,11","3,09","","","","","","","","","","","CAIXA REFERENCIAL"]
["ASSENTAMENTO DE TUBOS E PECAS","ASTU","FORNEC E/OU ASSENT DE TUBO DE PVC COM JUNTA ELASTI",48,"","","94891","TUBO DE PEAD CORRUGADO DE DUPLA PAREDE PARA REDE COLETORA DE ESGOTO, DN 750 MM, JUNTA ELÁSTICA INTEGRADA, INSTALADO EM LOCAL COM NÍVEL ALTO DE INTERFERÊNCIAS - FORNECIMENTO E ASSENTAMENTO. AF_06/2016","M","ATRIBUÍDO SÃO PAULO","627,99","INSUMO","20078","PASTA LUBRIFICANTE PARA TUBOS E CONEXOES COM JUNTA ELASTICA (USO EM PVC, ACO, POLIETILENO E OUTROS) ( DE *400* G)","UN","COEFICIENTE DE REPRESENTATIVIDADE","0,1042000","16,40","1,70","","","","","","","","","","","CAIXA REFERENCIAL"]
["ASSENTAMENTO DE TUBOS E PECAS","ASTU","FORNEC E/OU ASSENT DE TUBO DE PVC COM JUNTA ELASTI",48,"","","94891","TUBO DE PEAD CORRUGADO DE DUPLA PAREDE PARA REDE COLETORA DE ESGOTO, DN 750 MM, JUNTA ELÁSTICA INTEGRADA, INSTALADO EM LOCAL COM NÍVEL ALTO DE INTERFERÊNCIAS - FORNECIMENTO E ASSENTAMENTO. AF_06/2016","M","ATRIBUÍDO SÃO PAULO","627,99","INSUMO","41783","TUBO CORRUGADO PEAD, PAREDE DUPLA, INTERNA LISA, JEI, DN/DI *800* MM, PARA SANEAMENTO","M","ATRIBUÍDO SÃO PAULO","1,0500000","572,93","601,57","","","","","","","","","","","CAIXA REFERENCIAL"]
["ASSENTAMENTO DE TUBOS E PECAS","ASTU","FORNEC E/OU ASSENT DE TUBO DE PVC COM JUNTA ELASTI",48,"","","94891","TUBO DE PEAD CORRUGADO DE DUPLA PAREDE PARA REDE COLETORA DE ESGOTO, DN 750 MM, JUNTA ELÁSTICA INTEGRADA, INSTALADO EM LOCAL COM NÍVEL ALTO DE INTERFERÊNCIAS - FORNECIMENTO E ASSENTAMENTO. AF_06/2016","M","ATRIBUÍDO SÃO PAULO","627,99","COMPOSICAO","88246","ASSENTADOR DE TUBOS COM ENCARGOS COMPLEMENTARES","H","COEFICIENTE DE REPRESENTATIVIDADE","0,2286000","30,49","6,97","","","","","","","","","","","CAIXA REFERENCIAL"]
["ASSENTAMENTO DE TUBOS E PECAS","ASTU","FORNEC E/OU ASSENT DE TUBO DE PVC COM JUNTA ELASTI",48,"","","94891","TUBO DE PEAD CORRUGADO DE DUPLA PAREDE PARA REDE COLETORA DE ESGOTO, DN 750 MM, JUNTA ELÁSTICA INTEGRADA, INSTALADO EM LOCAL COM NÍVEL ALTO DE INTERFERÊNCIAS - FORNECIMENTO E ASSENTAMENTO. AF_06/2016","M","ATRIBUÍDO SÃO PAULO","627,99","COMPOSICAO","88316","SERVENTE COM ENCARGOS COMPLEMENTARES","H","COEFICIENTE DE REPRESENTATIVIDADE","0,2286000","15,69","3,58","","","","","","","","","","","CAIXA REFERENCIAL"]
["ASSENTAMENTO DE TUBOS E PECAS","ASTU","FORNEC E/OU ASSENT DE TUBO DE PVC COM JUNTA ELASTI",48,"","","94892","ASSENTAMENTO DE TUBO DE PEAD CORRUGADO DE DUPLA PAREDE PARA REDE COLETORA DE ESGOTO, DN 750 MM, JUNTA ELÁSTICA INTEGRADA, INSTALADO EM LOCAL COM NÍVEL ALTO DE INTERFERÊNCIAS (NÃO INCLUI FORNECIMENTO). AF_06/2016","M","ATRIBUÍDO SÃO PAULO","24,72","","","","","","","","","12,74","51,5014398","6,30","25,5039078","5,68","22,9946524","0,00","0,0000000","0,00","0,0000000","CAIXA REFERENCIAL"]
["ASSENTAMENTO DE TUBOS E PECAS","ASTU","FORNEC E/OU ASSENT DE TUBO DE PVC COM JUNTA ELASTI",48,"","","94892","ASSENTAMENTO DE TUBO DE PEAD CORRUGADO DE DUPLA PAREDE PARA REDE COLETORA DE ESGOTO, DN 750 MM, JUNTA ELÁSTICA INTEGRADA, INSTALADO EM LOCAL COM NÍVEL ALTO DE INTERFERÊNCIAS (NÃO INCLUI FORNECIMENTO). AF_06/2016","M","ATRIBUÍDO SÃO PAULO","24,72","COMPOSICAO","5631","ESCAVADEIRA HIDRÁULICA SOBRE ESTEIRAS, CAÇAMBA 0,80 M3, PESO OPERACIONAL 17 T, POTENCIA BRUTA 111 HP - CHP DIURNO. AF_06/2014","CHP","ATRIBUÍDO SÃO PAULO","0,0741000","149,54","11,08","","","","","","","","","","","CAIXA REFERENCIAL"]
["ASSENTAMENTO DE TUBOS E PECAS","ASTU","FORNEC E/OU ASSENT DE TUBO DE PVC COM JUNTA ELASTI",48,"","","94892","ASSENTAMENTO DE TUBO DE PEAD CORRUGADO DE DUPLA PAREDE PARA REDE COLETORA DE ESGOTO, DN 750 MM, JUNTA ELÁSTICA INTEGRADA, INSTALADO EM LOCAL COM NÍVEL ALTO DE INTERFERÊNCIAS (NÃO INCLUI FORNECIMENTO). AF_06/2016","M","ATRIBUÍDO SÃO PAULO","24,72","COMPOSICAO","5632","ESCAVADEIRA HIDRÁULICA SOBRE ESTEIRAS, CAÇAMBA 0,80 M3, PESO OPERACIONAL 17 T, POTENCIA BRUTA 111 HP - CHI DIURNO. AF_06/2014","CHI","ATRIBUÍDO SÃO PAULO","0,0461000","67,11","3,09","","","","","","","","","","","CAIXA REFERENCIAL"]
["ASSENTAMENTO DE TUBOS E PECAS","ASTU","FORNEC E/OU ASSENT DE TUBO DE PVC COM JUNTA ELASTI",48,"","","94892","ASSENTAMENTO DE TUBO DE PEAD CORRUGADO DE DUPLA PAREDE PARA REDE COLETORA DE ESGOTO, DN 750 MM, JUNTA ELÁSTICA INTEGRADA, INSTALADO EM LOCAL COM NÍVEL ALTO DE INTERFERÊNCIAS (NÃO INCLUI FORNECIMENTO). AF_06/2016","M","ATRIBUÍDO SÃO PAULO","24,72","COMPOSICAO","88246","ASSENTADOR DE TUBOS COM ENCARGOS COMPLEMENTARES","H","COEFICIENTE DE REPRESENTATIVIDADE","0,2286000","30,49","6,97","","","","","","","","","","","CAIXA REFERENCIAL"]
["ASSENTAMENTO DE TUBOS E PECAS","ASTU","FORNEC E/OU ASSENT DE TUBO DE PVC COM JUNTA ELASTI",48,"","","94892","ASSENTAMENTO DE TUBO DE PEAD CORRUGADO DE DUPLA PAREDE PARA REDE COLETORA DE ESGOTO, DN 750 MM, JUNTA ELÁSTICA INTEGRADA, INSTALADO EM LOCAL COM NÍVEL ALTO DE INTERFERÊNCIAS (NÃO INCLUI FORNECIMENTO). AF_06/2016","M","ATRIBUÍDO SÃO PAULO","24,72","COMPOSICAO","88316","SERVENTE COM ENCARGOS COMPLEMENTARES","H","COEFICIENTE DE REPRESENTATIVIDADE","0,2286000","15,69","3,58","","","","","","","","","","","CAIXA REFERENCIAL"]
["ASSENTAMENTO DE TUBOS E PECAS","ASTU","FORNEC E/OU ASSENT DE TUBO DE PVC COM JUNTA ELASTI",48,"","","94894","ASSENTAMENTO DE TUBO DE PEAD CORRUGADO DE DUPLA PAREDE PARA REDE COLETORA DE ESGOTO, DN 900 MM, JUNTA ELÁSTICA INTEGRADA, INSTALADO EM LOCAL COM NÍVEL ALTO DE INTERFERÊNCIAS (NÃO INCLUI FORNECIMENTO). AF_06/2016","M","ATRIBUÍDO SÃO PAULO","28,71","","","","","","","","","14,75","51,3437059","7,36","25,6364922","6,60","23,0198019","0,00","0,0000000","0,00","0,0000000","CAIXA REFERENCIAL"]
["ASSENTAMENTO DE TUBOS E PECAS","ASTU","FORNEC E/OU ASSENT DE TUBO DE PVC COM JUNTA ELASTI",48,"","","94894","ASSENTAMENTO DE TUBO DE PEAD CORRUGADO DE DUPLA PAREDE PARA REDE COLETORA DE ESGOTO, DN 900 MM, JUNTA ELÁSTICA INTEGRADA, INSTALADO EM LOCAL COM NÍVEL ALTO DE INTERFERÊNCIAS (NÃO INCLUI FORNECIMENTO). AF_06/2016","M","ATRIBUÍDO SÃO PAULO","28,71","COMPOSICAO","5631","ESCAVADEIRA HIDRÁULICA SOBRE ESTEIRAS, CAÇAMBA 0,80 M3, PESO OPERACIONAL 17 T, POTENCIA BRUTA 111 HP - CHP DIURNO. AF_06/2014","CHP","ATRIBUÍDO SÃO PAULO","0,0861000","149,54","12,87","","","","","","","","","","","CAIXA REFERENCIAL"]
["ASSENTAMENTO DE TUBOS E PECAS","ASTU","FORNEC E/OU ASSENT DE TUBO DE PVC COM JUNTA ELASTI",48,"","","94894","ASSENTAMENTO DE TUBO DE PEAD CORRUGADO DE DUPLA PAREDE PARA REDE COLETORA DE ESGOTO, DN 900 MM, JUNTA ELÁSTICA INTEGRADA, INSTALADO EM LOCAL COM NÍVEL ALTO DE INTERFERÊNCIAS (NÃO INCLUI FORNECIMENTO). AF_06/2016","M","ATRIBUÍDO SÃO PAULO","28,71","COMPOSICAO","5632","ESCAVADEIRA HIDRÁULICA SOBRE ESTEIRAS, CAÇAMBA 0,80 M3, PESO OPERACIONAL 17 T, POTENCIA BRUTA 111 HP - CHI DIURNO. AF_06/2014","CHI","ATRIBUÍDO SÃO PAULO","0,0535000","67,11","3,59","","","","","","","","","","","CAIXA REFERENCIAL"]
["ASSENTAMENTO DE TUBOS E PECAS","ASTU","FORNEC E/OU ASSENT DE TUBO DE PVC COM JUNTA ELASTI",48,"","","94894","ASSENTAMENTO DE TUBO DE PEAD CORRUGADO DE DUPLA PAREDE PARA REDE COLETORA DE ESGOTO, DN 900 MM, JUNTA ELÁSTICA INTEGRADA, INSTALADO EM LOCAL COM NÍVEL ALTO DE INTERFERÊNCIAS (NÃO INCLUI FORNECIMENTO). AF_06/2016","M","ATRIBUÍDO SÃO PAULO","28,71","COMPOSICAO","88246","ASSENTADOR DE TUBOS COM ENCARGOS COMPLEMENTARES","H","COEFICIENTE DE REPRESENTATIVIDADE","0,2655000","30,49","8,09","","","","","","","","","","","CAIXA REFERENCIAL"]
["ASSENTAMENTO DE TUBOS E PECAS","ASTU","FORNEC E/OU ASSENT DE TUBO DE PVC COM JUNTA ELASTI",48,"","","94894","ASSENTAMENTO DE TUBO DE PEAD CORRUGADO DE DUPLA PAREDE PARA REDE COLETORA DE ESGOTO, DN 900 MM, JUNTA ELÁSTICA INTEGRADA, INSTALADO EM LOCAL COM NÍVEL ALTO DE INTERFERÊNCIAS (NÃO INCLUI FORNECIMENTO). AF_06/2016","M","ATRIBUÍDO SÃO PAULO","28,71","COMPOSICAO","88316","SERVENTE COM ENCARGOS COMPLEMENTARES","H","COEFICIENTE DE REPRESENTATIVIDADE","0,2655000","15,69","4,16","","","","","","","","","","","CAIXA REFERENCIAL"]
["ASSENTAMENTO DE TUBOS E PECAS","ASTU","FORNEC E/OU ASSENT DE TUBO DE PVC COM JUNTA ELASTI",48,"","","94895","TUBO DE PEAD CORRUGADO DE DUPLA PAREDE PARA REDE COLETORA DE ESGOTO, DN 1000 MM, JUNTA ELÁSTICA INTEGRADA, INSTALADO EM LOCAL COM NÍVEL ALTO DE INTERFERÊNCIAS - FORNECIMENTO E ASSENTAMENTO. AF_06/2016","M","ATRIBUÍDO SÃO PAULO","949,67","","","","","","","","","17,59","1,8530418","924,21","97,3178827","7,87","0,8290755","0,00","0,0000000","0,00","0,0000000","CAIXA REFERENCIAL"]
["ASSENTAMENTO DE TUBOS E PECAS","ASTU","FORNEC E/OU ASSENT DE TUBO DE PVC COM JUNTA ELASTI",48,"","","94895","TUBO DE PEAD CORRUGADO DE DUPLA PAREDE PARA REDE COLETORA DE ESGOTO, DN 1000 MM, JUNTA ELÁSTICA INTEGRADA, INSTALADO EM LOCAL COM NÍVEL ALTO DE INTERFERÊNCIAS - FORNECIMENTO E ASSENTAMENTO. AF_06/2016","M","ATRIBUÍDO SÃO PAULO","949,67","COMPOSICAO","5631","ESCAVADEIRA HIDRÁULICA SOBRE ESTEIRAS, CAÇAMBA 0,80 M3, PESO OPERACIONAL 17 T, POTENCIA BRUTA 111 HP - CHP DIURNO. AF_06/2014","CHP","ATRIBUÍDO SÃO PAULO","0,1040000","149,54","15,55","","","","","","","","","","","CAIXA REFERENCIAL"]
["ASSENTAMENTO DE TUBOS E PECAS","ASTU","FORNEC E/OU ASSENT DE TUBO DE PVC COM JUNTA ELASTI",48,"","","94895","TUBO DE PEAD CORRUGADO DE DUPLA PAREDE PARA REDE COLETORA DE ESGOTO, DN 1000 MM, JUNTA ELÁSTICA INTEGRADA, INSTALADO EM LOCAL COM NÍVEL ALTO DE INTERFERÊNCIAS - FORNECIMENTO E ASSENTAMENTO. AF_06/2016","M","ATRIBUÍDO SÃO PAULO","949,67","COMPOSICAO","5632","ESCAVADEIRA HIDRÁULICA SOBRE ESTEIRAS, CAÇAMBA 0,80 M3, PESO OPERACIONAL 17 T, POTENCIA BRUTA 111 HP - CHI DIURNO. AF_06/2014","CHI","ATRIBUÍDO SÃO PAULO","0,0646000","67,11","4,33","","","","","","","","","","","CAIXA REFERENCIAL"]
["ASSENTAMENTO DE TUBOS E PECAS","ASTU","FORNEC E/OU ASSENT DE TUBO DE PVC COM JUNTA ELASTI",48,"","","94895","TUBO DE PEAD CORRUGADO DE DUPLA PAREDE PARA REDE COLETORA DE ESGOTO, DN 1000 MM, JUNTA ELÁSTICA INTEGRADA, INSTALADO EM LOCAL COM NÍVEL ALTO DE INTERFERÊNCIAS - FORNECIMENTO E ASSENTAMENTO. AF_06/2016","M","ATRIBUÍDO SÃO PAULO","949,67","INSUMO","20078","PASTA LUBRIFICANTE PARA TUBOS E CONEXOES COM JUNTA ELASTICA (USO EM PVC, ACO, POLIETILENO E OUTROS) ( DE *400* G)","UN","COEFICIENTE DE REPRESENTATIVIDADE","0,2083000","16,40","3,41","","","","","","","","","","","CAIXA REFERENCIAL"]
["ASSENTAMENTO DE TUBOS E PECAS","ASTU","FORNEC E/OU ASSENT DE TUBO DE PVC COM JUNTA ELASTI",48,"","","94895","TUBO DE PEAD CORRUGADO DE DUPLA PAREDE PARA REDE COLETORA DE ESGOTO, DN 1000 MM, JUNTA ELÁSTICA INTEGRADA, INSTALADO EM LOCAL COM NÍVEL ALTO DE INTERFERÊNCIAS - FORNECIMENTO E ASSENTAMENTO. AF_06/2016","M","ATRIBUÍDO SÃO PAULO","949,67","INSUMO","41785","TUBO CORRUGADO PEAD, PAREDE DUPLA, INTERNA LISA, JEI, DN/DI *1000* MM, PARA SANEAMENTO","M","ATRIBUÍDO SÃO PAULO","1,0500000","868,17","911,57","","","","","","","","","","","CAIXA REFERENCIAL"]
["ASSENTAMENTO DE TUBOS E PECAS","ASTU","FORNEC E/OU ASSENT DE TUBO DE PVC COM JUNTA ELASTI",48,"","","94895","TUBO DE PEAD CORRUGADO DE DUPLA PAREDE PARA REDE COLETORA DE ESGOTO, DN 1000 MM, JUNTA ELÁSTICA INTEGRADA, INSTALADO EM LOCAL COM NÍVEL ALTO DE INTERFERÊNCIAS - FORNECIMENTO E ASSENTAMENTO. AF_06/2016","M","ATRIBUÍDO SÃO PAULO","949,67","COMPOSICAO","88246","ASSENTADOR DE TUBOS COM ENCARGOS COMPLEMENTARES","H","COEFICIENTE DE REPRESENTATIVIDADE","0,3208000","30,49","9,78","","","","","","","","","","","CAIXA REFERENCIAL"]
["ASSENTAMENTO DE TUBOS E PECAS","ASTU","FORNEC E/OU ASSENT DE TUBO DE PVC COM JUNTA ELASTI",48,"","","94895","TUBO DE PEAD CORRUGADO DE DUPLA PAREDE PARA REDE COLETORA DE ESGOTO, DN 1000 MM, JUNTA ELÁSTICA INTEGRADA, INSTALADO EM LOCAL COM NÍVEL ALTO DE INTERFERÊNCIAS - FORNECIMENTO E ASSENTAMENTO. AF_06/2016","M","ATRIBUÍDO SÃO PAULO","949,67","COMPOSICAO","88316","SERVENTE COM ENCARGOS COMPLEMENTARES","H","COEFICIENTE DE REPRESENTATIVIDADE","0,3208000","15,69","5,03","","","","","","","","","","","CAIXA REFERENCIAL"]
["ASSENTAMENTO DE TUBOS E PECAS","ASTU","FORNEC E/OU ASSENT DE TUBO DE PVC COM JUNTA ELASTI",48,"","","94896","ASSENTAMENTO DE TUBO DE PEAD CORRUGADO DE DUPLA PAREDE PARA REDE COLETORA DE ESGOTO, DN 1000 MM, JUNTA ELÁSTICA INTEGRADA, INSTALADO EM LOCAL COM NÍVEL ALTO DE INTERFERÊNCIAS (NÃO INCLUI FORNECIMENTO). AF_06/2016","M","ATRIBUÍDO SÃO PAULO","34,69","","","","","","","","","17,82","51,3276920","8,91","25,7076159","7,96","22,9646921","0,00","0,0000000","0,00","0,0000000","CAIXA REFERENCIAL"]
["ASSENTAMENTO DE TUBOS E PECAS","ASTU","FORNEC E/OU ASSENT DE TUBO DE PVC COM JUNTA ELASTI",48,"","","94896","ASSENTAMENTO DE TUBO DE PEAD CORRUGADO DE DUPLA PAREDE PARA REDE COLETORA DE ESGOTO, DN 1000 MM, JUNTA ELÁSTICA INTEGRADA, INSTALADO EM LOCAL COM NÍVEL ALTO DE INTERFERÊNCIAS (NÃO INCLUI FORNECIMENTO). AF_06/2016","M","ATRIBUÍDO SÃO PAULO","34,69","COMPOSICAO","5631","ESCAVADEIRA HIDRÁULICA SOBRE ESTEIRAS, CAÇAMBA 0,80 M3, PESO OPERACIONAL 17 T, POTENCIA BRUTA 111 HP - CHP DIURNO. AF_06/2014","CHP","ATRIBUÍDO SÃO PAULO","0,1040000","149,54","15,55","","","","","","","","","","","CAIXA REFERENCIAL"]
["ASSENTAMENTO DE TUBOS E PECAS","ASTU","FORNEC E/OU ASSENT DE TUBO DE PVC COM JUNTA ELASTI",48,"","","94896","ASSENTAMENTO DE TUBO DE PEAD CORRUGADO DE DUPLA PAREDE PARA REDE COLETORA DE ESGOTO, DN 1000 MM, JUNTA ELÁSTICA INTEGRADA, INSTALADO EM LOCAL COM NÍVEL ALTO DE INTERFERÊNCIAS (NÃO INCLUI FORNECIMENTO). AF_06/2016","M","ATRIBUÍDO SÃO PAULO","34,69","COMPOSICAO","5632","ESCAVADEIRA HIDRÁULICA SOBRE ESTEIRAS, CAÇAMBA 0,80 M3, PESO OPERACIONAL 17 T, POTENCIA BRUTA 111 HP - CHI DIURNO. AF_06/2014","CHI","ATRIBUÍDO SÃO PAULO","0,0646000","67,11","4,33","","","","","","","","","","","CAIXA REFERENCIAL"]
["ASSENTAMENTO DE TUBOS E PECAS","ASTU","FORNEC E/OU ASSENT DE TUBO DE PVC COM JUNTA ELASTI",48,"","","94896","ASSENTAMENTO DE TUBO DE PEAD CORRUGADO DE DUPLA PAREDE PARA REDE COLETORA DE ESGOTO, DN 1000 MM, JUNTA ELÁSTICA INTEGRADA, INSTALADO EM LOCAL COM NÍVEL ALTO DE INTERFERÊNCIAS (NÃO INCLUI FORNECIMENTO). AF_06/2016","M","ATRIBUÍDO SÃO PAULO","34,69","COMPOSICAO","88246","ASSENTADOR DE TUBOS COM ENCARGOS COMPLEMENTARES","H","COEFICIENTE DE REPRESENTATIVIDADE","0,3208000","30,49","9,78","","","","","","","","","","","CAIXA REFERENCIAL"]
["ASSENTAMENTO DE TUBOS E PECAS","ASTU","FORNEC E/OU ASSENT DE TUBO DE PVC COM JUNTA ELASTI",48,"","","94896","ASSENTAMENTO DE TUBO DE PEAD CORRUGADO DE DUPLA PAREDE PARA REDE COLETORA DE ESGOTO, DN 1000 MM, JUNTA ELÁSTICA INTEGRADA, INSTALADO EM LOCAL COM NÍVEL ALTO DE INTERFERÊNCIAS (NÃO INCLUI FORNECIMENTO). AF_06/2016","M","ATRIBUÍDO SÃO PAULO","34,69","COMPOSICAO","88316","SERVENTE COM ENCARGOS COMPLEMENTARES","H","COEFICIENTE DE REPRESENTATIVIDADE","0,3208000","15,69","5,03","","","","","","","","","","","CAIXA REFERENCIAL"]
["ASSENTAMENTO DE TUBOS E PECAS","ASTU","FORNEC E/OU ASSENT DE TUBO DE PVC COM JUNTA ELASTI",48,"","","94897","TUBO DE PEAD CORRUGADO DE DUPLA PAREDE PARA REDE COLETORA DE ESGOTO, DN 1200 MM, JUNTA ELÁSTICA INTEGRADA, INSTALADO EM LOCAL COM NÍVEL ALTO DE INTERFERÊNCIAS - FORNECIMENTO E ASSENTAMENTO. AF_06/2016","M","ATRIBUÍDO SÃO PAULO","1.349,51","","","","","","","","","20,60","1,5269325","1.319,67","97,7881716","9,24","0,6848959","0,00","0,0000000","0,00","0,0000000","CAIXA REFERENCIAL"]
["ASSENTAMENTO DE TUBOS E PECAS","ASTU","FORNEC E/OU ASSENT DE TUBO DE PVC COM JUNTA ELASTI",48,"","","94897","TUBO DE PEAD CORRUGADO DE DUPLA PAREDE PARA REDE COLETORA DE ESGOTO, DN 1200 MM, JUNTA ELÁSTICA INTEGRADA, INSTALADO EM LOCAL COM NÍVEL ALTO DE INTERFERÊNCIAS - FORNECIMENTO E ASSENTAMENTO. AF_06/2016","M","ATRIBUÍDO SÃO PAULO","1.349,51","COMPOSICAO","5631","ESCAVADEIRA HIDRÁULICA SOBRE ESTEIRAS, CAÇAMBA 0,80 M3, PESO OPERACIONAL 17 T, POTENCIA BRUTA 111 HP - CHP DIURNO. AF_06/2014","CHP","ATRIBUÍDO SÃO PAULO","0,1219000","149,54","18,22","","","","","","","","","","","CAIXA REFERENCIAL"]
["ASSENTAMENTO DE TUBOS E PECAS","ASTU","FORNEC E/OU ASSENT DE TUBO DE PVC COM JUNTA ELASTI",48,"","","94897","TUBO DE PEAD CORRUGADO DE DUPLA PAREDE PARA REDE COLETORA DE ESGOTO, DN 1200 MM, JUNTA ELÁSTICA INTEGRADA, INSTALADO EM LOCAL COM NÍVEL ALTO DE INTERFERÊNCIAS - FORNECIMENTO E ASSENTAMENTO. AF_06/2016","M","ATRIBUÍDO SÃO PAULO","1.349,51","COMPOSICAO","5632","ESCAVADEIRA HIDRÁULICA SOBRE ESTEIRAS, CAÇAMBA 0,80 M3, PESO OPERACIONAL 17 T, POTENCIA BRUTA 111 HP - CHI DIURNO. AF_06/2014","CHI","ATRIBUÍDO SÃO PAULO","0,0758000","67,11","5,08","","","","","","","","","","","CAIXA REFERENCIAL"]
["ASSENTAMENTO DE TUBOS E PECAS","ASTU","FORNEC E/OU ASSENT DE TUBO DE PVC COM JUNTA ELASTI",48,"","","94897","TUBO DE PEAD CORRUGADO DE DUPLA PAREDE PARA REDE COLETORA DE ESGOTO, DN 1200 MM, JUNTA ELÁSTICA INTEGRADA, INSTALADO EM LOCAL COM NÍVEL ALTO DE INTERFERÊNCIAS - FORNECIMENTO E ASSENTAMENTO. AF_06/2016","M","ATRIBUÍDO SÃO PAULO","1.349,51","INSUMO","20078","PASTA LUBRIFICANTE PARA TUBOS E CONEXOES COM JUNTA ELASTICA (USO EM PVC, ACO, POLIETILENO E OUTROS) ( DE *400* G)","UN","COEFICIENTE DE REPRESENTATIVIDADE","0,2083000","16,40","3,41","","","","","","","","","","","CAIXA REFERENCIAL"]
["ASSENTAMENTO DE TUBOS E PECAS","ASTU","FORNEC E/OU ASSENT DE TUBO DE PVC COM JUNTA ELASTI",48,"","","94897","TUBO DE PEAD CORRUGADO DE DUPLA PAREDE PARA REDE COLETORA DE ESGOTO, DN 1200 MM, JUNTA ELÁSTICA INTEGRADA, INSTALADO EM LOCAL COM NÍVEL ALTO DE INTERFERÊNCIAS - FORNECIMENTO E ASSENTAMENTO. AF_06/2016","M","ATRIBUÍDO SÃO PAULO","1.349,51","INSUMO","41786","TUBO CORRUGADO PEAD, PAREDE DUPLA, INTERNA LISA, JEI, DN/DI 1200 MM, PARA SANEAMENTO","M","ATRIBUÍDO SÃO PAULO","1,0500000","1.243,28","1.305,44","","","","","","","","","","","CAIXA REFERENCIAL"]
["ASSENTAMENTO DE TUBOS E PECAS","ASTU","FORNEC E/OU ASSENT DE TUBO DE PVC COM JUNTA ELASTI",48,"","","94897","TUBO DE PEAD CORRUGADO DE DUPLA PAREDE PARA REDE COLETORA DE ESGOTO, DN 1200 MM, JUNTA ELÁSTICA INTEGRADA, INSTALADO EM LOCAL COM NÍVEL ALTO DE INTERFERÊNCIAS - FORNECIMENTO E ASSENTAMENTO. AF_06/2016","M","ATRIBUÍDO SÃO PAULO","1.349,51","COMPOSICAO","88246","ASSENTADOR DE TUBOS COM ENCARGOS COMPLEMENTARES","H","COEFICIENTE DE REPRESENTATIVIDADE","0,3761000","30,49","11,46","","","","","","","","","","","CAIXA REFERENCIAL"]
["ASSENTAMENTO DE TUBOS E PECAS","ASTU","FORNEC E/OU ASSENT DE TUBO DE PVC COM JUNTA ELASTI",48,"","","94897","TUBO DE PEAD CORRUGADO DE DUPLA PAREDE PARA REDE COLETORA DE ESGOTO, DN 1200 MM, JUNTA ELÁSTICA INTEGRADA, INSTALADO EM LOCAL COM NÍVEL ALTO DE INTERFERÊNCIAS - FORNECIMENTO E ASSENTAMENTO. AF_06/2016","M","ATRIBUÍDO SÃO PAULO","1.349,51","COMPOSICAO","88316","SERVENTE COM ENCARGOS COMPLEMENTARES","H","COEFICIENTE DE REPRESENTATIVIDADE","0,3761000","15,69","5,90","","","","","","","","","","","CAIXA REFERENCIAL"]
["ASSENTAMENTO DE TUBOS E PECAS","ASTU","FORNEC E/OU ASSENT DE TUBO DE PVC COM JUNTA ELASTI",48,"","","94898","ASSENTAMENTO DE TUBO DE PEAD CORRUGADO DE DUPLA PAREDE PARA REDE COLETORA DE ESGOTO, DN 1200 MM, JUNTA ELÁSTICA INTEGRADA, INSTALADO EM LOCAL COM NÍVEL ALTO DE INTERFERÊNCIAS (NÃO INCLUI FORNECIMENTO). AF_06/2016","M","ATRIBUÍDO SÃO PAULO","40,66","","","","","","","","","20,81","51,1674119","10,52","25,8817685","9,33","22,9508196","0,00","0,0000000","0,00","0,0000000","CAIXA REFERENCIAL"]
["ASSENTAMENTO DE TUBOS E PECAS","ASTU","FORNEC E/OU ASSENT DE TUBO DE PVC COM JUNTA ELASTI",48,"","","94898","ASSENTAMENTO DE TUBO DE PEAD CORRUGADO DE DUPLA PAREDE PARA REDE COLETORA DE ESGOTO, DN 1200 MM, JUNTA ELÁSTICA INTEGRADA, INSTALADO EM LOCAL COM NÍVEL ALTO DE INTERFERÊNCIAS (NÃO INCLUI FORNECIMENTO). AF_06/2016","M","ATRIBUÍDO SÃO PAULO","40,66","COMPOSICAO","5631","ESCAVADEIRA HIDRÁULICA SOBRE ESTEIRAS, CAÇAMBA 0,80 M3, PESO OPERACIONAL 17 T, POTENCIA BRUTA 111 HP - CHP DIURNO. AF_06/2014","CHP","ATRIBUÍDO SÃO PAULO","0,1219000","149,54","18,22","","","","","","","","","","","CAIXA REFERENCIAL"]
["ASSENTAMENTO DE TUBOS E PECAS","ASTU","FORNEC E/OU ASSENT DE TUBO DE PVC COM JUNTA ELASTI",48,"","","94898","ASSENTAMENTO DE TUBO DE PEAD CORRUGADO DE DUPLA PAREDE PARA REDE COLETORA DE ESGOTO, DN 1200 MM, JUNTA ELÁSTICA INTEGRADA, INSTALADO EM LOCAL COM NÍVEL ALTO DE INTERFERÊNCIAS (NÃO INCLUI FORNECIMENTO). AF_06/2016","M","ATRIBUÍDO SÃO PAULO","40,66","COMPOSICAO","5632","ESCAVADEIRA HIDRÁULICA SOBRE ESTEIRAS, CAÇAMBA 0,80 M3, PESO OPERACIONAL 17 T, POTENCIA BRUTA 111 HP - CHI DIURNO. AF_06/2014","CHI","ATRIBUÍDO SÃO PAULO","0,0758000","67,11","5,08","","","","","","","","","","","CAIXA REFERENCIAL"]
["ASSENTAMENTO DE TUBOS E PECAS","ASTU","FORNEC E/OU ASSENT DE TUBO DE PVC COM JUNTA ELASTI",48,"","","94898","ASSENTAMENTO DE TUBO DE PEAD CORRUGADO DE DUPLA PAREDE PARA REDE COLETORA DE ESGOTO, DN 1200 MM, JUNTA ELÁSTICA INTEGRADA, INSTALADO EM LOCAL COM NÍVEL ALTO DE INTERFERÊNCIAS (NÃO INCLUI FORNECIMENTO). AF_06/2016","M","ATRIBUÍDO SÃO PAULO","40,66","COMPOSICAO","88246","ASSENTADOR DE TUBOS COM ENCARGOS COMPLEMENTARES","H","COEFICIENTE DE REPRESENTATIVIDADE","0,3761000","30,49","11,46","","","","","","","","","","","CAIXA REFERENCIAL"]
["ASSENTAMENTO DE TUBOS E PECAS","ASTU","FORNEC E/OU ASSENT DE TUBO DE PVC COM JUNTA ELASTI",48,"","","94898","ASSENTAMENTO DE TUBO DE PEAD CORRUGADO DE DUPLA PAREDE PARA REDE COLETORA DE ESGOTO, DN 1200 MM, JUNTA ELÁSTICA INTEGRADA, INSTALADO EM LOCAL COM NÍVEL ALTO DE INTERFERÊNCIAS (NÃO INCLUI FORNECIMENTO). AF_06/2016","M","ATRIBUÍDO SÃO PAULO","40,66","COMPOSICAO","88316","SERVENTE COM ENCARGOS COMPLEMENTARES","H","COEFICIENTE DE REPRESENTATIVIDADE","0,3761000","15,69","5,90","","","","","","","","","","","CAIXA REFERENCIAL"]
["ASSENTAMENTO DE TUBOS E PECAS","ASTU","FORNEC E/OU ASSENT DE TUBO DE PVC COM JUNTA ELASTI",48,"","","94900","ASSENTAMENTO DE TUBO DE PEAD CORRUGADO DE DUPLA PAREDE PARA REDE COLETORA DE ESGOTO, DN 1500 MM, JUNTA ELÁSTICA INTEGRADA, INSTALADO EM LOCAL COM NÍVEL ALTO DE INTERFERÊNCIAS (NÃO INCLUI FORNECIMENTO). AF_06/2016","M","ATRIBUÍDO SÃO PAULO","52,63","","","","","","","","","26,95","51,1895627","13,62","25,8825786","12,06","22,9278587","0,00","0,0000000","0,00","0,0000000","CAIXA REFERENCIAL"]
["ASSENTAMENTO DE TUBOS E PECAS","ASTU","FORNEC E/OU ASSENT DE TUBO DE PVC COM JUNTA ELASTI",48,"","","94900","ASSENTAMENTO DE TUBO DE PEAD CORRUGADO DE DUPLA PAREDE PARA REDE COLETORA DE ESGOTO, DN 1500 MM, JUNTA ELÁSTICA INTEGRADA, INSTALADO EM LOCAL COM NÍVEL ALTO DE INTERFERÊNCIAS (NÃO INCLUI FORNECIMENTO). AF_06/2016","M","ATRIBUÍDO SÃO PAULO","52,63","COMPOSICAO","5631","ESCAVADEIRA HIDRÁULICA SOBRE ESTEIRAS, CAÇAMBA 0,80 M3, PESO OPERACIONAL 17 T, POTENCIA BRUTA 111 HP - CHP DIURNO. AF_06/2014","CHP","ATRIBUÍDO SÃO PAULO","0,1578000","149,54","23,59","","","","","","","","","","","CAIXA REFERENCIAL"]
["ASSENTAMENTO DE TUBOS E PECAS","ASTU","FORNEC E/OU ASSENT DE TUBO DE PVC COM JUNTA ELASTI",48,"","","94900","ASSENTAMENTO DE TUBO DE PEAD CORRUGADO DE DUPLA PAREDE PARA REDE COLETORA DE ESGOTO, DN 1500 MM, JUNTA ELÁSTICA INTEGRADA, INSTALADO EM LOCAL COM NÍVEL ALTO DE INTERFERÊNCIAS (NÃO INCLUI FORNECIMENTO). AF_06/2016","M","ATRIBUÍDO SÃO PAULO","52,63","COMPOSICAO","5632","ESCAVADEIRA HIDRÁULICA SOBRE ESTEIRAS, CAÇAMBA 0,80 M3, PESO OPERACIONAL 17 T, POTENCIA BRUTA 111 HP - CHI DIURNO. AF_06/2014","CHI","ATRIBUÍDO SÃO PAULO","0,0981000","67,11","6,58","","","","","","","","","","","CAIXA REFERENCIAL"]
["ASSENTAMENTO DE TUBOS E PECAS","ASTU","FORNEC E/OU ASSENT DE TUBO DE PVC COM JUNTA ELASTI",48,"","","94900","ASSENTAMENTO DE TUBO DE PEAD CORRUGADO DE DUPLA PAREDE PARA REDE COLETORA DE ESGOTO, DN 1500 MM, JUNTA ELÁSTICA INTEGRADA, INSTALADO EM LOCAL COM NÍVEL ALTO DE INTERFERÊNCIAS (NÃO INCLUI FORNECIMENTO). AF_06/2016","M","ATRIBUÍDO SÃO PAULO","52,63","COMPOSICAO","88246","ASSENTADOR DE TUBOS COM ENCARGOS COMPLEMENTARES","H","COEFICIENTE DE REPRESENTATIVIDADE","0,4867000","30,49","14,83","","","","","","","","","","","CAIXA REFERENCIAL"]
["ASSENTAMENTO DE TUBOS E PECAS","ASTU","FORNEC E/OU ASSENT DE TUBO DE PVC COM JUNTA ELASTI",48,"","","94900","ASSENTAMENTO DE TUBO DE PEAD CORRUGADO DE DUPLA PAREDE PARA REDE COLETORA DE ESGOTO, DN 1500 MM, JUNTA ELÁSTICA INTEGRADA, INSTALADO EM LOCAL COM NÍVEL ALTO DE INTERFERÊNCIAS (NÃO INCLUI FORNECIMENTO). AF_06/2016","M","ATRIBUÍDO SÃO PAULO","52,63","COMPOSICAO","88316","SERVENTE COM ENCARGOS COMPLEMENTARES","H","COEFICIENTE DE REPRESENTATIVIDADE","0,4867000","15,69","7,63","","","","","","","","","","","CAIXA REFERENCIAL"]
["ASSENTAMENTO DE TUBOS E PECAS","ASTU","FORNEC E/OU ASSENT DE TUBO DE PVC COM JUNTA ELASTI",48,"","","97121","ASSENTAMENTO DE TUBO DE PVC PBA PARA REDE DE ÁGUA, DN 50 MM, JUNTA ELÁSTICA INTEGRADA, INSTALADO EM LOCAL COM NÍVEL ALTO DE INTERFERÊNCIAS (NÃO INCLUI FORNECIMENTO). AF_11/2017","M","COEFICIENTE DE REPRESENTATIVIDADE","2,02","","","","","","","","","1,67","82,5396826","0,35","17,4603174","0,00","0,0000000","0,00","0,0000000","0,00","0,0000000","CAIXA REFERENCIAL"]
["ASSENTAMENTO DE TUBOS E PECAS","ASTU","FORNEC E/OU ASSENT DE TUBO DE PVC COM JUNTA ELASTI",48,"","","97121","ASSENTAMENTO DE TUBO DE PVC PBA PARA REDE DE ÁGUA, DN 50 MM, JUNTA ELÁSTICA INTEGRADA, INSTALADO EM LOCAL COM NÍVEL ALTO DE INTERFERÊNCIAS (NÃO INCLUI FORNECIMENTO). AF_11/2017","M","COEFICIENTE DE REPRESENTATIVIDADE","2,02","INSUMO","20078","PASTA LUBRIFICANTE PARA TUBOS E CONEXOES COM JUNTA ELASTICA (USO EM PVC, ACO, POLIETILENO E OUTROS) ( DE *400* G)","UN","COEFICIENTE DE REPRESENTATIVIDADE","0,0043000","16,40","0,07","","","","","","","","","","","CAIXA REFERENCIAL"]
["ASSENTAMENTO DE TUBOS E PECAS","ASTU","FORNEC E/OU ASSENT DE TUBO DE PVC COM JUNTA ELASTI",48,"","","97121","ASSENTAMENTO DE TUBO DE PVC PBA PARA REDE DE ÁGUA, DN 50 MM, JUNTA ELÁSTICA INTEGRADA, INSTALADO EM LOCAL COM NÍVEL ALTO DE INTERFERÊNCIAS (NÃO INCLUI FORNECIMENTO). AF_11/2017","M","COEFICIENTE DE REPRESENTATIVIDADE","2,02","COMPOSICAO","88246","ASSENTADOR DE TUBOS COM ENCARGOS COMPLEMENTARES","H","COEFICIENTE DE REPRESENTATIVIDADE","0,0426000","30,49","1,29","","","","","","","","","","","CAIXA REFERENCIAL"]
["ASSENTAMENTO DE TUBOS E PECAS","ASTU","FORNEC E/OU ASSENT DE TUBO DE PVC COM JUNTA ELASTI",48,"","","97121","ASSENTAMENTO DE TUBO DE PVC PBA PARA REDE DE ÁGUA, DN 50 MM, JUNTA ELÁSTICA INTEGRADA, INSTALADO EM LOCAL COM NÍVEL ALTO DE INTERFERÊNCIAS (NÃO INCLUI FORNECIMENTO). AF_11/2017","M","COEFICIENTE DE REPRESENTATIVIDADE","2,02","COMPOSICAO","88316","SERVENTE COM ENCARGOS COMPLEMENTARES","H","COEFICIENTE DE REPRESENTATIVIDADE","0,0426000","15,69","0,66","","","","","","","","","","","CAIXA REFERENCIAL"]
["ASSENTAMENTO DE TUBOS E PECAS","ASTU","FORNEC E/OU ASSENT DE TUBO DE PVC COM JUNTA ELASTI",48,"","","97122","ASSENTAMENTO DE TUBO DE PVC PBA PARA REDE DE ÁGUA, DN 75 MM, JUNTA ELÁSTICA INTEGRADA, INSTALADO EM LOCAL COM NÍVEL ALTO DE INTERFERÊNCIAS (NÃO INCLUI FORNECIMENTO). AF_11/2017","M","COEFICIENTE DE REPRESENTATIVIDADE","2,80","","","","","","","","","2,29","81,6091955","0,51","18,3908045","0,00","0,0000000","0,00","0,0000000","0,00","0,0000000","CAIXA REFERENCIAL"]
["ASSENTAMENTO DE TUBOS E PECAS","ASTU","FORNEC E/OU ASSENT DE TUBO DE PVC COM JUNTA ELASTI",48,"","","97122","ASSENTAMENTO DE TUBO DE PVC PBA PARA REDE DE ÁGUA, DN 75 MM, JUNTA ELÁSTICA INTEGRADA, INSTALADO EM LOCAL COM NÍVEL ALTO DE INTERFERÊNCIAS (NÃO INCLUI FORNECIMENTO). AF_11/2017","M","COEFICIENTE DE REPRESENTATIVIDADE","2,80","INSUMO","20078","PASTA LUBRIFICANTE PARA TUBOS E CONEXOES COM JUNTA ELASTICA (USO EM PVC, ACO, POLIETILENO E OUTROS) ( DE *400* G)","UN","COEFICIENTE DE REPRESENTATIVIDADE","0,0075000","16,40","0,12","","","","","","","","","","","CAIXA REFERENCIAL"]
["ASSENTAMENTO DE TUBOS E PECAS","ASTU","FORNEC E/OU ASSENT DE TUBO DE PVC COM JUNTA ELASTI",48,"","","97122","ASSENTAMENTO DE TUBO DE PVC PBA PARA REDE DE ÁGUA, DN 75 MM, JUNTA ELÁSTICA INTEGRADA, INSTALADO EM LOCAL COM NÍVEL ALTO DE INTERFERÊNCIAS (NÃO INCLUI FORNECIMENTO). AF_11/2017","M","COEFICIENTE DE REPRESENTATIVIDADE","2,80","COMPOSICAO","88246","ASSENTADOR DE TUBOS COM ENCARGOS COMPLEMENTARES","H","COEFICIENTE DE REPRESENTATIVIDADE","0,0582000","30,49","1,77","","","","","","","","","","","CAIXA REFERENCIAL"]
["ASSENTAMENTO DE TUBOS E PECAS","ASTU","FORNEC E/OU ASSENT DE TUBO DE PVC COM JUNTA ELASTI",48,"","","97122","ASSENTAMENTO DE TUBO DE PVC PBA PARA REDE DE ÁGUA, DN 75 MM, JUNTA ELÁSTICA INTEGRADA, INSTALADO EM LOCAL COM NÍVEL ALTO DE INTERFERÊNCIAS (NÃO INCLUI FORNECIMENTO). AF_11/2017","M","COEFICIENTE DE REPRESENTATIVIDADE","2,80","COMPOSICAO","88316","SERVENTE COM ENCARGOS COMPLEMENTARES","H","COEFICIENTE DE REPRESENTATIVIDADE","0,0582000","15,69","0,91","","","","","","","","","","","CAIXA REFERENCIAL"]
["ASSENTAMENTO DE TUBOS E PECAS","ASTU","FORNEC E/OU ASSENT DE TUBO DE PVC COM JUNTA ELASTI",48,"","","97123","ASSENTAMENTO DE TUBO DE PVC PBA PARA REDE DE ÁGUA, DN 100 MM, JUNTA ELÁSTICA INTEGRADA, INSTALADO EM LOCAL COM NÍVEL ALTO DE INTERFERÊNCIAS (NÃO INCLUI FORNECIMENTO). AF_11/2017","M","COEFICIENTE DE REPRESENTATIVIDADE","3,54","","","","","","","","","2,86","80,6547620","0,68","19,3452380","0,00","0,0000000","0,00","0,0000000","0,00","0,0000000","CAIXA REFERENCIAL"]
["ASSENTAMENTO DE TUBOS E PECAS","ASTU","FORNEC E/OU ASSENT DE TUBO DE PVC COM JUNTA ELASTI",48,"","","97123","ASSENTAMENTO DE TUBO DE PVC PBA PARA REDE DE ÁGUA, DN 100 MM, JUNTA ELÁSTICA INTEGRADA, INSTALADO EM LOCAL COM NÍVEL ALTO DE INTERFERÊNCIAS (NÃO INCLUI FORNECIMENTO). AF_11/2017","M","COEFICIENTE DE REPRESENTATIVIDADE","3,54","INSUMO","20078","PASTA LUBRIFICANTE PARA TUBOS E CONEXOES COM JUNTA ELASTICA (USO EM PVC, ACO, POLIETILENO E OUTROS) ( DE *400* G)","UN","COEFICIENTE DE REPRESENTATIVIDADE","0,0096000","16,40","0,15","","","","","","","","","","","CAIXA REFERENCIAL"]
["ASSENTAMENTO DE TUBOS E PECAS","ASTU","FORNEC E/OU ASSENT DE TUBO DE PVC COM JUNTA ELASTI",48,"","","97123","ASSENTAMENTO DE TUBO DE PVC PBA PARA REDE DE ÁGUA, DN 100 MM, JUNTA ELÁSTICA INTEGRADA, INSTALADO EM LOCAL COM NÍVEL ALTO DE INTERFERÊNCIAS (NÃO INCLUI FORNECIMENTO). AF_11/2017","M","COEFICIENTE DE REPRESENTATIVIDADE","3,54","COMPOSICAO","88246","ASSENTADOR DE TUBOS COM ENCARGOS COMPLEMENTARES","H","COEFICIENTE DE REPRESENTATIVIDADE","0,0737000","30,49","2,24","","","","","","","","","","","CAIXA REFERENCIAL"]
["ASSENTAMENTO DE TUBOS E PECAS","ASTU","FORNEC E/OU ASSENT DE TUBO DE PVC COM JUNTA ELASTI",48,"","","97123","ASSENTAMENTO DE TUBO DE PVC PBA PARA REDE DE ÁGUA, DN 100 MM, JUNTA ELÁSTICA INTEGRADA, INSTALADO EM LOCAL COM NÍVEL ALTO DE INTERFERÊNCIAS (NÃO INCLUI FORNECIMENTO). AF_11/2017","M","COEFICIENTE DE REPRESENTATIVIDADE","3,54","COMPOSICAO","88316","SERVENTE COM ENCARGOS COMPLEMENTARES","H","COEFICIENTE DE REPRESENTATIVIDADE","0,0737000","15,69","1,15","","","","","","","","","","","CAIXA REFERENCIAL"]
["ASSENTAMENTO DE TUBOS E PECAS","ASTU","FORNEC E/OU ASSENT DE TUBO DE PVC COM JUNTA ELASTI",48,"","","97124","ASSENTAMENTO DE TUBO DE PVC PBA PARA REDE DE ÁGUA, DN 50 MM, JUNTA ELÁSTICA INTEGRADA, INSTALADO EM LOCAL COM NÍVEL BAIXO DE INTERFERÊNCIAS (NÃO INCLUI FORNECIMENTO). AF_11/2017","M","COEFICIENTE DE REPRESENTATIVIDADE","0,87","","","","","","","","","0,73","83,1168832","0,14","16,8831168","0,00","0,0000000","0,00","0,0000000","0,00","0,0000000","CAIXA REFERENCIAL"]
["ASSENTAMENTO DE TUBOS E PECAS","ASTU","FORNEC E/OU ASSENT DE TUBO DE PVC COM JUNTA ELASTI",48,"","","97124","ASSENTAMENTO DE TUBO DE PVC PBA PARA REDE DE ÁGUA, DN 50 MM, JUNTA ELÁSTICA INTEGRADA, INSTALADO EM LOCAL COM NÍVEL BAIXO DE INTERFERÊNCIAS (NÃO INCLUI FORNECIMENTO). AF_11/2017","M","COEFICIENTE DE REPRESENTATIVIDADE","0,87","INSUMO","20078","PASTA LUBRIFICANTE PARA TUBOS E CONEXOES COM JUNTA ELASTICA (USO EM PVC, ACO, POLIETILENO E OUTROS) ( DE *400* G)","UN","COEFICIENTE DE REPRESENTATIVIDADE","0,0043000","16,40","0,07","","","","","","","","","","","CAIXA REFERENCIAL"]
["ASSENTAMENTO DE TUBOS E PECAS","ASTU","FORNEC E/OU ASSENT DE TUBO DE PVC COM JUNTA ELASTI",48,"","","97124","ASSENTAMENTO DE TUBO DE PVC PBA PARA REDE DE ÁGUA, DN 50 MM, JUNTA ELÁSTICA INTEGRADA, INSTALADO EM LOCAL COM NÍVEL BAIXO DE INTERFERÊNCIAS (NÃO INCLUI FORNECIMENTO). AF_11/2017","M","COEFICIENTE DE REPRESENTATIVIDADE","0,87","COMPOSICAO","88246","ASSENTADOR DE TUBOS COM ENCARGOS COMPLEMENTARES","H","COEFICIENTE DE REPRESENTATIVIDADE","0,0176000","30,49","0,53","","","","","","","","","","","CAIXA REFERENCIAL"]
["ASSENTAMENTO DE TUBOS E PECAS","ASTU","FORNEC E/OU ASSENT DE TUBO DE PVC COM JUNTA ELASTI",48,"","","97124","ASSENTAMENTO DE TUBO DE PVC PBA PARA REDE DE ÁGUA, DN 50 MM, JUNTA ELÁSTICA INTEGRADA, INSTALADO EM LOCAL COM NÍVEL BAIXO DE INTERFERÊNCIAS (NÃO INCLUI FORNECIMENTO). AF_11/2017","M","COEFICIENTE DE REPRESENTATIVIDADE","0,87","COMPOSICAO","88316","SERVENTE COM ENCARGOS COMPLEMENTARES","H","COEFICIENTE DE REPRESENTATIVIDADE","0,0176000","15,69","0,27","","","","","","","","","","","CAIXA REFERENCIAL"]
["ASSENTAMENTO DE TUBOS E PECAS","ASTU","FORNEC E/OU ASSENT DE TUBO DE PVC COM JUNTA ELASTI",48,"","","97125","ASSENTAMENTO DE TUBO DE PVC PBA PARA REDE DE ÁGUA, DN 75 MM, JUNTA ELÁSTICA INTEGRADA, INSTALADO EM LOCAL COM NÍVEL BAIXO DE INTERFERÊNCIAS (NÃO INCLUI FORNECIMENTO). AF_11/2017","M","COEFICIENTE DE REPRESENTATIVIDADE","1,22","","","","","","","","","0,96","78,3783784","0,26","21,6216216","0,00","0,0000000","0,00","0,0000000","0,00","0,0000000","CAIXA REFERENCIAL"]
["ASSENTAMENTO DE TUBOS E PECAS","ASTU","FORNEC E/OU ASSENT DE TUBO DE PVC COM JUNTA ELASTI",48,"","","97125","ASSENTAMENTO DE TUBO DE PVC PBA PARA REDE DE ÁGUA, DN 75 MM, JUNTA ELÁSTICA INTEGRADA, INSTALADO EM LOCAL COM NÍVEL BAIXO DE INTERFERÊNCIAS (NÃO INCLUI FORNECIMENTO). AF_11/2017","M","COEFICIENTE DE REPRESENTATIVIDADE","1,22","INSUMO","20078","PASTA LUBRIFICANTE PARA TUBOS E CONEXOES COM JUNTA ELASTICA (USO EM PVC, ACO, POLIETILENO E OUTROS) ( DE *400* G)","UN","COEFICIENTE DE REPRESENTATIVIDADE","0,0075000","16,40","0,12","","","","","","","","","","","CAIXA REFERENCIAL"]
["ASSENTAMENTO DE TUBOS E PECAS","ASTU","FORNEC E/OU ASSENT DE TUBO DE PVC COM JUNTA ELASTI",48,"","","97125","ASSENTAMENTO DE TUBO DE PVC PBA PARA REDE DE ÁGUA, DN 75 MM, JUNTA ELÁSTICA INTEGRADA, INSTALADO EM LOCAL COM NÍVEL BAIXO DE INTERFERÊNCIAS (NÃO INCLUI FORNECIMENTO). AF_11/2017","M","COEFICIENTE DE REPRESENTATIVIDADE","1,22","COMPOSICAO","88246","ASSENTADOR DE TUBOS COM ENCARGOS COMPLEMENTARES","H","COEFICIENTE DE REPRESENTATIVIDADE","0,0241000","30,49","0,73","","","","","","","","","","","CAIXA REFERENCIAL"]
["ASSENTAMENTO DE TUBOS E PECAS","ASTU","FORNEC E/OU ASSENT DE TUBO DE PVC COM JUNTA ELASTI",48,"","","97125","ASSENTAMENTO DE TUBO DE PVC PBA PARA REDE DE ÁGUA, DN 75 MM, JUNTA ELÁSTICA INTEGRADA, INSTALADO EM LOCAL COM NÍVEL BAIXO DE INTERFERÊNCIAS (NÃO INCLUI FORNECIMENTO). AF_11/2017","M","COEFICIENTE DE REPRESENTATIVIDADE","1,22","COMPOSICAO","88316","SERVENTE COM ENCARGOS COMPLEMENTARES","H","COEFICIENTE DE REPRESENTATIVIDADE","0,0241000","15,69","0,37","","","","","","","","","","","CAIXA REFERENCIAL"]
["ASSENTAMENTO DE TUBOS E PECAS","ASTU","FORNEC E/OU ASSENT DE TUBO DE PVC COM JUNTA ELASTI",48,"","","97126","ASSENTAMENTO DE TUBO DE PVC PBA PARA REDE DE ÁGUA, DN 100 MM, JUNTA ELÁSTICA INTEGRADA, INSTALADO EM LOCAL COM NÍVEL BAIXO DE INTERFERÊNCIAS (NÃO INCLUI FORNECIMENTO). AF_11/2017","M","COEFICIENTE DE REPRESENTATIVIDADE","1,54","","","","","","","","","1,21","78,1690141","0,33","21,8309859","0,00","0,0000000","0,00","0,0000000","0,00","0,0000000","CAIXA REFERENCIAL"]
["ASSENTAMENTO DE TUBOS E PECAS","ASTU","FORNEC E/OU ASSENT DE TUBO DE PVC COM JUNTA ELASTI",48,"","","97126","ASSENTAMENTO DE TUBO DE PVC PBA PARA REDE DE ÁGUA, DN 100 MM, JUNTA ELÁSTICA INTEGRADA, INSTALADO EM LOCAL COM NÍVEL BAIXO DE INTERFERÊNCIAS (NÃO INCLUI FORNECIMENTO). AF_11/2017","M","COEFICIENTE DE REPRESENTATIVIDADE","1,54","INSUMO","20078","PASTA LUBRIFICANTE PARA TUBOS E CONEXOES COM JUNTA ELASTICA (USO EM PVC, ACO, POLIETILENO E OUTROS) ( DE *400* G)","UN","COEFICIENTE DE REPRESENTATIVIDADE","0,0096000","16,40","0,15","","","","","","","","","","","CAIXA REFERENCIAL"]
["ASSENTAMENTO DE TUBOS E PECAS","ASTU","FORNEC E/OU ASSENT DE TUBO DE PVC COM JUNTA ELASTI",48,"","","97126","ASSENTAMENTO DE TUBO DE PVC PBA PARA REDE DE ÁGUA, DN 100 MM, JUNTA ELÁSTICA INTEGRADA, INSTALADO EM LOCAL COM NÍVEL BAIXO DE INTERFERÊNCIAS (NÃO INCLUI FORNECIMENTO). AF_11/2017","M","COEFICIENTE DE REPRESENTATIVIDADE","1,54","COMPOSICAO","88246","ASSENTADOR DE TUBOS COM ENCARGOS COMPLEMENTARES","H","COEFICIENTE DE REPRESENTATIVIDADE","0,0305000","30,49","0,92","","","","","","","","","","","CAIXA REFERENCIAL"]
["ASSENTAMENTO DE TUBOS E PECAS","ASTU","FORNEC E/OU ASSENT DE TUBO DE PVC COM JUNTA ELASTI",48,"","","97126","ASSENTAMENTO DE TUBO DE PVC PBA PARA REDE DE ÁGUA, DN 100 MM, JUNTA ELÁSTICA INTEGRADA, INSTALADO EM LOCAL COM NÍVEL BAIXO DE INTERFERÊNCIAS (NÃO INCLUI FORNECIMENTO). AF_11/2017","M","COEFICIENTE DE REPRESENTATIVIDADE","1,54","COMPOSICAO","88316","SERVENTE COM ENCARGOS COMPLEMENTARES","H","COEFICIENTE DE REPRESENTATIVIDADE","0,0305000","15,69","0,47","","","","","","","","","","","CAIXA REFERENCIAL"]
["ASSENTAMENTO DE TUBOS E PECAS","ASTU","FORNEC E/OU ASSENT DE TUBO DE CONCRETO COM JUNTA E",51,"","","92833","TUBO DE CONCRETO PARA REDES COLETORAS DE ESGOTO SANITÁRIO, DIÂMETRO DE 300 MM, JUNTA ELÁSTICA, INSTALADO EM LOCAL COM BAIXO NÍVEL DE INTERFERÊNCIAS - FORNECIMENTO E ASSENTAMENTO. AF_12/2015","M","ATRIBUÍDO SÃO PAULO","95,57","","","","","","","","","5,56","5,8261599","88,48","92,5677096","1,53","1,6061305","0,00","0,0000000","0,00","0,0000000","CAIXA REFERENCIAL"]
["ASSENTAMENTO DE TUBOS E PECAS","ASTU","FORNEC E/OU ASSENT DE TUBO DE CONCRETO COM JUNTA E",51,"","","92833","TUBO DE CONCRETO PARA REDES COLETORAS DE ESGOTO SANITÁRIO, DIÂMETRO DE 300 MM, JUNTA ELÁSTICA, INSTALADO EM LOCAL COM BAIXO NÍVEL DE INTERFERÊNCIAS - FORNECIMENTO E ASSENTAMENTO. AF_12/2015","M","ATRIBUÍDO SÃO PAULO","95,57","COMPOSICAO","5631","ESCAVADEIRA HIDRÁULICA SOBRE ESTEIRAS, CAÇAMBA 0,80 M3, PESO OPERACIONAL 17 T, POTENCIA BRUTA 111 HP - CHP DIURNO. AF_06/2014","CHP","ATRIBUÍDO SÃO PAULO","0,0130000","149,54","1,94","","","","","","","","","","","CAIXA REFERENCIAL"]
["ASSENTAMENTO DE TUBOS E PECAS","ASTU","FORNEC E/OU ASSENT DE TUBO DE CONCRETO COM JUNTA E",51,"","","92833","TUBO DE CONCRETO PARA REDES COLETORAS DE ESGOTO SANITÁRIO, DIÂMETRO DE 300 MM, JUNTA ELÁSTICA, INSTALADO EM LOCAL COM BAIXO NÍVEL DE INTERFERÊNCIAS - FORNECIMENTO E ASSENTAMENTO. AF_12/2015","M","ATRIBUÍDO SÃO PAULO","95,57","COMPOSICAO","5632","ESCAVADEIRA HIDRÁULICA SOBRE ESTEIRAS, CAÇAMBA 0,80 M3, PESO OPERACIONAL 17 T, POTENCIA BRUTA 111 HP - CHI DIURNO. AF_06/2014","CHI","ATRIBUÍDO SÃO PAULO","0,0280000","67,11","1,87","","","","","","","","","","","CAIXA REFERENCIAL"]
["ASSENTAMENTO DE TUBOS E PECAS","ASTU","FORNEC E/OU ASSENT DE TUBO DE CONCRETO COM JUNTA E",51,"","","92833","TUBO DE CONCRETO PARA REDES COLETORAS DE ESGOTO SANITÁRIO, DIÂMETRO DE 300 MM, JUNTA ELÁSTICA, INSTALADO EM LOCAL COM BAIXO NÍVEL DE INTERFERÊNCIAS - FORNECIMENTO E ASSENTAMENTO. AF_12/2015","M","ATRIBUÍDO SÃO PAULO","95,57","INSUMO","40335","TUBO CONCRETO ARMADO, CLASSE EA-2, PB JE, DN 300 MM, PARA ESGOTO SANITARIO (NBR 8890)","M","ATRIBUÍDO SÃO PAULO","1,0300000","62,36","64,23","","","","","","","","","","","CAIXA REFERENCIAL"]
["ASSENTAMENTO DE TUBOS E PECAS","ASTU","FORNEC E/OU ASSENT DE TUBO DE CONCRETO COM JUNTA E",51,"","","92833","TUBO DE CONCRETO PARA REDES COLETORAS DE ESGOTO SANITÁRIO, DIÂMETRO DE 300 MM, JUNTA ELÁSTICA, INSTALADO EM LOCAL COM BAIXO NÍVEL DE INTERFERÊNCIAS - FORNECIMENTO E ASSENTAMENTO. AF_12/2015","M","ATRIBUÍDO SÃO PAULO","95,57","INSUMO","40340","ANEL DE VEDACAO/JUNTA ELASTICA, H = *16* MM, PARA TUBO DE CONCRETO DN 300 MM","UN","ATRIBUÍDO SÃO PAULO","0,5000000","45,02","22,51","","","","","","","","","","","CAIXA REFERENCIAL"]
["ASSENTAMENTO DE TUBOS E PECAS","ASTU","FORNEC E/OU ASSENT DE TUBO DE CONCRETO COM JUNTA E",51,"","","92833","TUBO DE CONCRETO PARA REDES COLETORAS DE ESGOTO SANITÁRIO, DIÂMETRO DE 300 MM, JUNTA ELÁSTICA, INSTALADO EM LOCAL COM BAIXO NÍVEL DE INTERFERÊNCIAS - FORNECIMENTO E ASSENTAMENTO. AF_12/2015","M","ATRIBUÍDO SÃO PAULO","95,57","COMPOSICAO","88277","MONTADOR (TUBO AÇO/EQUIPAMENTOS) COM ENCARGOS COMPLEMENTARES","H","COEFICIENTE DE REPRESENTATIVIDADE","0,0610000","50,93","3,10","","","","","","","","","","","CAIXA REFERENCIAL"]
["ASSENTAMENTO DE TUBOS E PECAS","ASTU","FORNEC E/OU ASSENT DE TUBO DE CONCRETO COM JUNTA E",51,"","","92833","TUBO DE CONCRETO PARA REDES COLETORAS DE ESGOTO SANITÁRIO, DIÂMETRO DE 300 MM, JUNTA ELÁSTICA, INSTALADO EM LOCAL COM BAIXO NÍVEL DE INTERFERÊNCIAS - FORNECIMENTO E ASSENTAMENTO. AF_12/2015","M","ATRIBUÍDO SÃO PAULO","95,57","COMPOSICAO","88316","SERVENTE COM ENCARGOS COMPLEMENTARES","H","COEFICIENTE DE REPRESENTATIVIDADE","0,1230000","15,69","1,92","","","","","","","","","","","CAIXA REFERENCIAL"]
["ASSENTAMENTO DE TUBOS E PECAS","ASTU","FORNEC E/OU ASSENT DE TUBO DE CONCRETO COM JUNTA E",51,"","","92834","ASSENTAMENTO DE TUBO DE CONCRETO PARA REDES COLETORAS DE ESGOTO SANITÁRIO, DIÂMETRO DE 300 MM, JUNTA ELÁSTICA, INSTALADO EM LOCAL COM BAIXO NÍVEL DE INTERFERÊNCIAS (NÃO INCLUI FORNECIMENTO). AF_12/2015","M","ATRIBUÍDO SÃO PAULO","7,58","","","","","","","","","4,49","59,1471803","1,50","19,8074277","1,59","21,0453920","0,00","0,0000000","0,00","0,0000000","CAIXA REFERENCIAL"]
["ASSENTAMENTO DE TUBOS E PECAS","ASTU","FORNEC E/OU ASSENT DE TUBO DE CONCRETO COM JUNTA E",51,"","","92834","ASSENTAMENTO DE TUBO DE CONCRETO PARA REDES COLETORAS DE ESGOTO SANITÁRIO, DIÂMETRO DE 300 MM, JUNTA ELÁSTICA, INSTALADO EM LOCAL COM BAIXO NÍVEL DE INTERFERÊNCIAS (NÃO INCLUI FORNECIMENTO). AF_12/2015","M","ATRIBUÍDO SÃO PAULO","7,58","COMPOSICAO","5631","ESCAVADEIRA HIDRÁULICA SOBRE ESTEIRAS, CAÇAMBA 0,80 M3, PESO OPERACIONAL 17 T, POTENCIA BRUTA 111 HP - CHP DIURNO. AF_06/2014","CHP","ATRIBUÍDO SÃO PAULO","0,0130000","149,54","1,94","","","","","","","","","","","CAIXA REFERENCIAL"]
["ASSENTAMENTO DE TUBOS E PECAS","ASTU","FORNEC E/OU ASSENT DE TUBO DE CONCRETO COM JUNTA E",51,"","","92834","ASSENTAMENTO DE TUBO DE CONCRETO PARA REDES COLETORAS DE ESGOTO SANITÁRIO, DIÂMETRO DE 300 MM, JUNTA ELÁSTICA, INSTALADO EM LOCAL COM BAIXO NÍVEL DE INTERFERÊNCIAS (NÃO INCLUI FORNECIMENTO). AF_12/2015","M","ATRIBUÍDO SÃO PAULO","7,58","COMPOSICAO","5632","ESCAVADEIRA HIDRÁULICA SOBRE ESTEIRAS, CAÇAMBA 0,80 M3, PESO OPERACIONAL 17 T, POTENCIA BRUTA 111 HP - CHI DIURNO. AF_06/2014","CHI","ATRIBUÍDO SÃO PAULO","0,0280000","67,11","1,87","","","","","","","","","","","CAIXA REFERENCIAL"]
["ASSENTAMENTO DE TUBOS E PECAS","ASTU","FORNEC E/OU ASSENT DE TUBO DE CONCRETO COM JUNTA E",51,"","","92834","ASSENTAMENTO DE TUBO DE CONCRETO PARA REDES COLETORAS DE ESGOTO SANITÁRIO, DIÂMETRO DE 300 MM, JUNTA ELÁSTICA, INSTALADO EM LOCAL COM BAIXO NÍVEL DE INTERFERÊNCIAS (NÃO INCLUI FORNECIMENTO). AF_12/2015","M","ATRIBUÍDO SÃO PAULO","7,58","COMPOSICAO","88246","ASSENTADOR DE TUBOS COM ENCARGOS COMPLEMENTARES","H","COEFICIENTE DE REPRESENTATIVIDADE","0,0610000","30,49","1,85","","","","","","","","","","","CAIXA REFERENCIAL"]
["ASSENTAMENTO DE TUBOS E PECAS","ASTU","FORNEC E/OU ASSENT DE TUBO DE CONCRETO COM JUNTA E",51,"","","92834","ASSENTAMENTO DE TUBO DE CONCRETO PARA REDES COLETORAS DE ESGOTO SANITÁRIO, DIÂMETRO DE 300 MM, JUNTA ELÁSTICA, INSTALADO EM LOCAL COM BAIXO NÍVEL DE INTERFERÊNCIAS (NÃO INCLUI FORNECIMENTO). AF_12/2015","M","ATRIBUÍDO SÃO PAULO","7,58","COMPOSICAO","88316","SERVENTE COM ENCARGOS COMPLEMENTARES","H","COEFICIENTE DE REPRESENTATIVIDADE","0,1230000","15,69","1,92","","","","","","","","","","","CAIXA REFERENCIAL"]
["ASSENTAMENTO DE TUBOS E PECAS","ASTU","FORNEC E/OU ASSENT DE TUBO DE CONCRETO COM JUNTA E",51,"","","92835","TUBO DE CONCRETO PARA REDES COLETORAS DE ESGOTO SANITÁRIO, DIÂMETRO DE 400 MM, JUNTA ELÁSTICA, INSTALADO EM LOCAL COM BAIXO NÍVEL DE INTERFERÊNCIAS - FORNECIMENTO E ASSENTAMENTO. AF_12/2015","M","ATRIBUÍDO SÃO PAULO","125,57","","","","","","","","","7,10","5,6611306","116,50","92,7658896","1,97","1,5729798","0,00","0,0000000","0,00","0,0000000","CAIXA REFERENCIAL"]
["ASSENTAMENTO DE TUBOS E PECAS","ASTU","FORNEC E/OU ASSENT DE TUBO DE CONCRETO COM JUNTA E",51,"","","92835","TUBO DE CONCRETO PARA REDES COLETORAS DE ESGOTO SANITÁRIO, DIÂMETRO DE 400 MM, JUNTA ELÁSTICA, INSTALADO EM LOCAL COM BAIXO NÍVEL DE INTERFERÊNCIAS - FORNECIMENTO E ASSENTAMENTO. AF_12/2015","M","ATRIBUÍDO SÃO PAULO","125,57","COMPOSICAO","5631","ESCAVADEIRA HIDRÁULICA SOBRE ESTEIRAS, CAÇAMBA 0,80 M3, PESO OPERACIONAL 17 T, POTENCIA BRUTA 111 HP - CHP DIURNO. AF_06/2014","CHP","ATRIBUÍDO SÃO PAULO","0,0170000","149,54","2,54","","","","","","","","","","","CAIXA REFERENCIAL"]
["ASSENTAMENTO DE TUBOS E PECAS","ASTU","FORNEC E/OU ASSENT DE TUBO DE CONCRETO COM JUNTA E",51,"","","92835","TUBO DE CONCRETO PARA REDES COLETORAS DE ESGOTO SANITÁRIO, DIÂMETRO DE 400 MM, JUNTA ELÁSTICA, INSTALADO EM LOCAL COM BAIXO NÍVEL DE INTERFERÊNCIAS - FORNECIMENTO E ASSENTAMENTO. AF_12/2015","M","ATRIBUÍDO SÃO PAULO","125,57","COMPOSICAO","5632","ESCAVADEIRA HIDRÁULICA SOBRE ESTEIRAS, CAÇAMBA 0,80 M3, PESO OPERACIONAL 17 T, POTENCIA BRUTA 111 HP - CHI DIURNO. AF_06/2014","CHI","ATRIBUÍDO SÃO PAULO","0,0350000","67,11","2,34","","","","","","","","","","","CAIXA REFERENCIAL"]
["ASSENTAMENTO DE TUBOS E PECAS","ASTU","FORNEC E/OU ASSENT DE TUBO DE CONCRETO COM JUNTA E",51,"","","92835","TUBO DE CONCRETO PARA REDES COLETORAS DE ESGOTO SANITÁRIO, DIÂMETRO DE 400 MM, JUNTA ELÁSTICA, INSTALADO EM LOCAL COM BAIXO NÍVEL DE INTERFERÊNCIAS - FORNECIMENTO E ASSENTAMENTO. AF_12/2015","M","ATRIBUÍDO SÃO PAULO","125,57","INSUMO","7740","TUBO CONCRETO ARMADO, CLASSE EA-2, PB JE, DN 400 MM, PARA ESGOTO SANITARIO (NBR 8890)","M","ATRIBUÍDO SÃO PAULO","1,0300000","85,08","87,63","","","","","","","","","","","CAIXA REFERENCIAL"]
["ASSENTAMENTO DE TUBOS E PECAS","ASTU","FORNEC E/OU ASSENT DE TUBO DE CONCRETO COM JUNTA E",51,"","","92835","TUBO DE CONCRETO PARA REDES COLETORAS DE ESGOTO SANITÁRIO, DIÂMETRO DE 400 MM, JUNTA ELÁSTICA, INSTALADO EM LOCAL COM BAIXO NÍVEL DE INTERFERÊNCIAS - FORNECIMENTO E ASSENTAMENTO. AF_12/2015","M","ATRIBUÍDO SÃO PAULO","125,57","INSUMO","40341","ANEL DE VEDACAO/JUNTA ELASTICA, H = *16* MM, PARA TUBO DE CONCRETO DN 400 MM","UN","ATRIBUÍDO SÃO PAULO","0,5000000","53,30","26,65","","","","","","","","","","","CAIXA REFERENCIAL"]
["ASSENTAMENTO DE TUBOS E PECAS","ASTU","FORNEC E/OU ASSENT DE TUBO DE CONCRETO COM JUNTA E",51,"","","92835","TUBO DE CONCRETO PARA REDES COLETORAS DE ESGOTO SANITÁRIO, DIÂMETRO DE 400 MM, JUNTA ELÁSTICA, INSTALADO EM LOCAL COM BAIXO NÍVEL DE INTERFERÊNCIAS - FORNECIMENTO E ASSENTAMENTO. AF_12/2015","M","ATRIBUÍDO SÃO PAULO","125,57","COMPOSICAO","88277","MONTADOR (TUBO AÇO/EQUIPAMENTOS) COM ENCARGOS COMPLEMENTARES","H","COEFICIENTE DE REPRESENTATIVIDADE","0,0780000","50,93","3,97","","","","","","","","","","","CAIXA REFERENCIAL"]
["ASSENTAMENTO DE TUBOS E PECAS","ASTU","FORNEC E/OU ASSENT DE TUBO DE CONCRETO COM JUNTA E",51,"","","92835","TUBO DE CONCRETO PARA REDES COLETORAS DE ESGOTO SANITÁRIO, DIÂMETRO DE 400 MM, JUNTA ELÁSTICA, INSTALADO EM LOCAL COM BAIXO NÍVEL DE INTERFERÊNCIAS - FORNECIMENTO E ASSENTAMENTO. AF_12/2015","M","ATRIBUÍDO SÃO PAULO","125,57","COMPOSICAO","88316","SERVENTE COM ENCARGOS COMPLEMENTARES","H","COEFICIENTE DE REPRESENTATIVIDADE","0,1560000","15,69","2,44","","","","","","","","","","","CAIXA REFERENCIAL"]
["ASSENTAMENTO DE TUBOS E PECAS","ASTU","FORNEC E/OU ASSENT DE TUBO DE CONCRETO COM JUNTA E",51,"","","92836","ASSENTAMENTO DE TUBO DE CONCRETO PARA REDES COLETORAS DE ESGOTO SANITÁRIO, DIÂMETRO DE 400 MM, JUNTA ELÁSTICA, INSTALADO EM LOCAL COM BAIXO NÍVEL DE INTERFERÊNCIAS (NÃO INCLUI FORNECIMENTO). AF_12/2015","M","ATRIBUÍDO SÃO PAULO","9,69","","","","","","","","","5,70","58,6538463","1,96","20,2991452","2,03","21,0470085","0,00","0,0000000","0,00","0,0000000","CAIXA REFERENCIAL"]
["ASSENTAMENTO DE TUBOS E PECAS","ASTU","FORNEC E/OU ASSENT DE TUBO DE CONCRETO COM JUNTA E",51,"","","92836","ASSENTAMENTO DE TUBO DE CONCRETO PARA REDES COLETORAS DE ESGOTO SANITÁRIO, DIÂMETRO DE 400 MM, JUNTA ELÁSTICA, INSTALADO EM LOCAL COM BAIXO NÍVEL DE INTERFERÊNCIAS (NÃO INCLUI FORNECIMENTO). AF_12/2015","M","ATRIBUÍDO SÃO PAULO","9,69","COMPOSICAO","5631","ESCAVADEIRA HIDRÁULICA SOBRE ESTEIRAS, CAÇAMBA 0,80 M3, PESO OPERACIONAL 17 T, POTENCIA BRUTA 111 HP - CHP DIURNO. AF_06/2014","CHP","ATRIBUÍDO SÃO PAULO","0,0170000","149,54","2,54","","","","","","","","","","","CAIXA REFERENCIAL"]
["ASSENTAMENTO DE TUBOS E PECAS","ASTU","FORNEC E/OU ASSENT DE TUBO DE CONCRETO COM JUNTA E",51,"","","92836","ASSENTAMENTO DE TUBO DE CONCRETO PARA REDES COLETORAS DE ESGOTO SANITÁRIO, DIÂMETRO DE 400 MM, JUNTA ELÁSTICA, INSTALADO EM LOCAL COM BAIXO NÍVEL DE INTERFERÊNCIAS (NÃO INCLUI FORNECIMENTO). AF_12/2015","M","ATRIBUÍDO SÃO PAULO","9,69","COMPOSICAO","5632","ESCAVADEIRA HIDRÁULICA SOBRE ESTEIRAS, CAÇAMBA 0,80 M3, PESO OPERACIONAL 17 T, POTENCIA BRUTA 111 HP - CHI DIURNO. AF_06/2014","CHI","ATRIBUÍDO SÃO PAULO","0,0350000","67,11","2,34","","","","","","","","","","","CAIXA REFERENCIAL"]
["ASSENTAMENTO DE TUBOS E PECAS","ASTU","FORNEC E/OU ASSENT DE TUBO DE CONCRETO COM JUNTA E",51,"","","92836","ASSENTAMENTO DE TUBO DE CONCRETO PARA REDES COLETORAS DE ESGOTO SANITÁRIO, DIÂMETRO DE 400 MM, JUNTA ELÁSTICA, INSTALADO EM LOCAL COM BAIXO NÍVEL DE INTERFERÊNCIAS (NÃO INCLUI FORNECIMENTO). AF_12/2015","M","ATRIBUÍDO SÃO PAULO","9,69","COMPOSICAO","88246","ASSENTADOR DE TUBOS COM ENCARGOS COMPLEMENTARES","H","COEFICIENTE DE REPRESENTATIVIDADE","0,0780000","30,49","2,37","","","","","","","","","","","CAIXA REFERENCIAL"]
["ASSENTAMENTO DE TUBOS E PECAS","ASTU","FORNEC E/OU ASSENT DE TUBO DE CONCRETO COM JUNTA E",51,"","","92836","ASSENTAMENTO DE TUBO DE CONCRETO PARA REDES COLETORAS DE ESGOTO SANITÁRIO, DIÂMETRO DE 400 MM, JUNTA ELÁSTICA, INSTALADO EM LOCAL COM BAIXO NÍVEL DE INTERFERÊNCIAS (NÃO INCLUI FORNECIMENTO). AF_12/2015","M","ATRIBUÍDO SÃO PAULO","9,69","COMPOSICAO","88316","SERVENTE COM ENCARGOS COMPLEMENTARES","H","COEFICIENTE DE REPRESENTATIVIDADE","0,1560000","15,69","2,44","","","","","","","","","","","CAIXA REFERENCIAL"]
["ASSENTAMENTO DE TUBOS E PECAS","ASTU","FORNEC E/OU ASSENT DE TUBO DE CONCRETO COM JUNTA E",51,"","","92837","TUBO DE CONCRETO PARA REDES COLETORAS DE ESGOTO SANITÁRIO, DIÂMETRO DE 500 MM, JUNTA ELÁSTICA, INSTALADO EM LOCAL COM BAIXO NÍVEL DE INTERFERÊNCIAS - FORNECIMENTO E ASSENTAMENTO. AF_12/2015","M","ATRIBUÍDO SÃO PAULO","157,98","","","","","","","","","8,59","5,4434716","147,05","93,0719453","2,34","1,4845831","0,00","0,0000000","0,00","0,0000000","CAIXA REFERENCIAL"]
["ASSENTAMENTO DE TUBOS E PECAS","ASTU","FORNEC E/OU ASSENT DE TUBO DE CONCRETO COM JUNTA E",51,"","","92837","TUBO DE CONCRETO PARA REDES COLETORAS DE ESGOTO SANITÁRIO, DIÂMETRO DE 500 MM, JUNTA ELÁSTICA, INSTALADO EM LOCAL COM BAIXO NÍVEL DE INTERFERÊNCIAS - FORNECIMENTO E ASSENTAMENTO. AF_12/2015","M","ATRIBUÍDO SÃO PAULO","157,98","COMPOSICAO","5631","ESCAVADEIRA HIDRÁULICA SOBRE ESTEIRAS, CAÇAMBA 0,80 M3, PESO OPERACIONAL 17 T, POTENCIA BRUTA 111 HP - CHP DIURNO. AF_06/2014","CHP","ATRIBUÍDO SÃO PAULO","0,0200000","149,54","2,99","","","","","","","","","","","CAIXA REFERENCIAL"]
["ASSENTAMENTO DE TUBOS E PECAS","ASTU","FORNEC E/OU ASSENT DE TUBO DE CONCRETO COM JUNTA E",51,"","","92837","TUBO DE CONCRETO PARA REDES COLETORAS DE ESGOTO SANITÁRIO, DIÂMETRO DE 500 MM, JUNTA ELÁSTICA, INSTALADO EM LOCAL COM BAIXO NÍVEL DE INTERFERÊNCIAS - FORNECIMENTO E ASSENTAMENTO. AF_12/2015","M","ATRIBUÍDO SÃO PAULO","157,98","COMPOSICAO","5632","ESCAVADEIRA HIDRÁULICA SOBRE ESTEIRAS, CAÇAMBA 0,80 M3, PESO OPERACIONAL 17 T, POTENCIA BRUTA 111 HP - CHI DIURNO. AF_06/2014","CHI","ATRIBUÍDO SÃO PAULO","0,0420000","67,11","2,81","","","","","","","","","","","CAIXA REFERENCIAL"]
["ASSENTAMENTO DE TUBOS E PECAS","ASTU","FORNEC E/OU ASSENT DE TUBO DE CONCRETO COM JUNTA E",51,"","","92837","TUBO DE CONCRETO PARA REDES COLETORAS DE ESGOTO SANITÁRIO, DIÂMETRO DE 500 MM, JUNTA ELÁSTICA, INSTALADO EM LOCAL COM BAIXO NÍVEL DE INTERFERÊNCIAS - FORNECIMENTO E ASSENTAMENTO. AF_12/2015","M","ATRIBUÍDO SÃO PAULO","157,98","INSUMO","7741","TUBO CONCRETO ARMADO, CLASSE EA-2, PB JE, DN 500 MM, PARA ESGOTO SANITARIO (NBR 8890)","M","ATRIBUÍDO SÃO PAULO","1,0300000","107,38","110,60","","","","","","","","","","","CAIXA REFERENCIAL"]
["ASSENTAMENTO DE TUBOS E PECAS","ASTU","FORNEC E/OU ASSENT DE TUBO DE CONCRETO COM JUNTA E",51,"","","92837","TUBO DE CONCRETO PARA REDES COLETORAS DE ESGOTO SANITÁRIO, DIÂMETRO DE 500 MM, JUNTA ELÁSTICA, INSTALADO EM LOCAL COM BAIXO NÍVEL DE INTERFERÊNCIAS - FORNECIMENTO E ASSENTAMENTO. AF_12/2015","M","ATRIBUÍDO SÃO PAULO","157,98","INSUMO","40342","ANEL DE VEDACAO/JUNTA ELASTICA, H = *16* MM, PARA TUBO DE CONCRETO DN 500 MM","UN","ATRIBUÍDO SÃO PAULO","0,5000000","67,58","33,79","","","","","","","","","","","CAIXA REFERENCIAL"]
["ASSENTAMENTO DE TUBOS E PECAS","ASTU","FORNEC E/OU ASSENT DE TUBO DE CONCRETO COM JUNTA E",51,"","","92837","TUBO DE CONCRETO PARA REDES COLETORAS DE ESGOTO SANITÁRIO, DIÂMETRO DE 500 MM, JUNTA ELÁSTICA, INSTALADO EM LOCAL COM BAIXO NÍVEL DE INTERFERÊNCIAS - FORNECIMENTO E ASSENTAMENTO. AF_12/2015","M","ATRIBUÍDO SÃO PAULO","157,98","COMPOSICAO","88277","MONTADOR (TUBO AÇO/EQUIPAMENTOS) COM ENCARGOS COMPLEMENTARES","H","COEFICIENTE DE REPRESENTATIVIDADE","0,0950000","50,93","4,83","","","","","","","","","","","CAIXA REFERENCIAL"]
["ASSENTAMENTO DE TUBOS E PECAS","ASTU","FORNEC E/OU ASSENT DE TUBO DE CONCRETO COM JUNTA E",51,"","","92837","TUBO DE CONCRETO PARA REDES COLETORAS DE ESGOTO SANITÁRIO, DIÂMETRO DE 500 MM, JUNTA ELÁSTICA, INSTALADO EM LOCAL COM BAIXO NÍVEL DE INTERFERÊNCIAS - FORNECIMENTO E ASSENTAMENTO. AF_12/2015","M","ATRIBUÍDO SÃO PAULO","157,98","COMPOSICAO","88316","SERVENTE COM ENCARGOS COMPLEMENTARES","H","COEFICIENTE DE REPRESENTATIVIDADE","0,1890000","15,69","2,96","","","","","","","","","","","CAIXA REFERENCIAL"]
["ASSENTAMENTO DE TUBOS E PECAS","ASTU","FORNEC E/OU ASSENT DE TUBO DE CONCRETO COM JUNTA E",51,"","","92838","ASSENTAMENTO DE TUBO DE CONCRETO PARA REDES COLETORAS DE ESGOTO SANITÁRIO, DIÂMETRO DE 500 MM, JUNTA ELÁSTICA, INSTALADO EM LOCAL COM BAIXO NÍVEL DE INTERFERÊNCIAS (NÃO INCLUI FORNECIMENTO). AF_12/2015","M","ATRIBUÍDO SÃO PAULO","11,65","","","","","","","","","6,86","58,7765958","2,38","20,4787234","2,41","20,7446808","0,00","0,0000000","0,00","0,0000000","CAIXA REFERENCIAL"]
["ASSENTAMENTO DE TUBOS E PECAS","ASTU","FORNEC E/OU ASSENT DE TUBO DE CONCRETO COM JUNTA E",51,"","","92838","ASSENTAMENTO DE TUBO DE CONCRETO PARA REDES COLETORAS DE ESGOTO SANITÁRIO, DIÂMETRO DE 500 MM, JUNTA ELÁSTICA, INSTALADO EM LOCAL COM BAIXO NÍVEL DE INTERFERÊNCIAS (NÃO INCLUI FORNECIMENTO). AF_12/2015","M","ATRIBUÍDO SÃO PAULO","11,65","COMPOSICAO","5631","ESCAVADEIRA HIDRÁULICA SOBRE ESTEIRAS, CAÇAMBA 0,80 M3, PESO OPERACIONAL 17 T, POTENCIA BRUTA 111 HP - CHP DIURNO. AF_06/2014","CHP","ATRIBUÍDO SÃO PAULO","0,0200000","149,54","2,99","","","","","","","","","","","CAIXA REFERENCIAL"]
["ASSENTAMENTO DE TUBOS E PECAS","ASTU","FORNEC E/OU ASSENT DE TUBO DE CONCRETO COM JUNTA E",51,"","","92838","ASSENTAMENTO DE TUBO DE CONCRETO PARA REDES COLETORAS DE ESGOTO SANITÁRIO, DIÂMETRO DE 500 MM, JUNTA ELÁSTICA, INSTALADO EM LOCAL COM BAIXO NÍVEL DE INTERFERÊNCIAS (NÃO INCLUI FORNECIMENTO). AF_12/2015","M","ATRIBUÍDO SÃO PAULO","11,65","COMPOSICAO","5632","ESCAVADEIRA HIDRÁULICA SOBRE ESTEIRAS, CAÇAMBA 0,80 M3, PESO OPERACIONAL 17 T, POTENCIA BRUTA 111 HP - CHI DIURNO. AF_06/2014","CHI","ATRIBUÍDO SÃO PAULO","0,0420000","67,11","2,81","","","","","","","","","","","CAIXA REFERENCIAL"]
["ASSENTAMENTO DE TUBOS E PECAS","ASTU","FORNEC E/OU ASSENT DE TUBO DE CONCRETO COM JUNTA E",51,"","","92838","ASSENTAMENTO DE TUBO DE CONCRETO PARA REDES COLETORAS DE ESGOTO SANITÁRIO, DIÂMETRO DE 500 MM, JUNTA ELÁSTICA, INSTALADO EM LOCAL COM BAIXO NÍVEL DE INTERFERÊNCIAS (NÃO INCLUI FORNECIMENTO). AF_12/2015","M","ATRIBUÍDO SÃO PAULO","11,65","COMPOSICAO","88246","ASSENTADOR DE TUBOS COM ENCARGOS COMPLEMENTARES","H","COEFICIENTE DE REPRESENTATIVIDADE","0,0950000","30,49","2,89","","","","","","","","","","","CAIXA REFERENCIAL"]
["ASSENTAMENTO DE TUBOS E PECAS","ASTU","FORNEC E/OU ASSENT DE TUBO DE CONCRETO COM JUNTA E",51,"","","92838","ASSENTAMENTO DE TUBO DE CONCRETO PARA REDES COLETORAS DE ESGOTO SANITÁRIO, DIÂMETRO DE 500 MM, JUNTA ELÁSTICA, INSTALADO EM LOCAL COM BAIXO NÍVEL DE INTERFERÊNCIAS (NÃO INCLUI FORNECIMENTO). AF_12/2015","M","ATRIBUÍDO SÃO PAULO","11,65","COMPOSICAO","88316","SERVENTE COM ENCARGOS COMPLEMENTARES","H","COEFICIENTE DE REPRESENTATIVIDADE","0,1890000","15,69","2,96","","","","","","","","","","","CAIXA REFERENCIAL"]
["ASSENTAMENTO DE TUBOS E PECAS","ASTU","FORNEC E/OU ASSENT DE TUBO DE CONCRETO COM JUNTA E",51,"","","92839","TUBO DE CONCRETO PARA REDES COLETORAS DE ESGOTO SANITÁRIO, DIÂMETRO DE 600 MM, JUNTA ELÁSTICA, INSTALADO EM LOCAL COM BAIXO NÍVEL DE INTERFERÊNCIAS - FORNECIMENTO E ASSENTAMENTO. AF_12/2015","M","ATRIBUÍDO SÃO PAULO","206,39","","","","","","","","","10,09","4,8929663","193,48","93,7381682","2,82","1,3688655","0,00","0,0000000","0,00","0,0000000","CAIXA REFERENCIAL"]
["ASSENTAMENTO DE TUBOS E PECAS","ASTU","FORNEC E/OU ASSENT DE TUBO DE CONCRETO COM JUNTA E",51,"","","92839","TUBO DE CONCRETO PARA REDES COLETORAS DE ESGOTO SANITÁRIO, DIÂMETRO DE 600 MM, JUNTA ELÁSTICA, INSTALADO EM LOCAL COM BAIXO NÍVEL DE INTERFERÊNCIAS - FORNECIMENTO E ASSENTAMENTO. AF_12/2015","M","ATRIBUÍDO SÃO PAULO","206,39","COMPOSICAO","5631","ESCAVADEIRA HIDRÁULICA SOBRE ESTEIRAS, CAÇAMBA 0,80 M3, PESO OPERACIONAL 17 T, POTENCIA BRUTA 111 HP - CHP DIURNO. AF_06/2014","CHP","ATRIBUÍDO SÃO PAULO","0,0240000","149,54","3,58","","","","","","","","","","","CAIXA REFERENCIAL"]
["ASSENTAMENTO DE TUBOS E PECAS","ASTU","FORNEC E/OU ASSENT DE TUBO DE CONCRETO COM JUNTA E",51,"","","92839","TUBO DE CONCRETO PARA REDES COLETORAS DE ESGOTO SANITÁRIO, DIÂMETRO DE 600 MM, JUNTA ELÁSTICA, INSTALADO EM LOCAL COM BAIXO NÍVEL DE INTERFERÊNCIAS - FORNECIMENTO E ASSENTAMENTO. AF_12/2015","M","ATRIBUÍDO SÃO PAULO","206,39","COMPOSICAO","5632","ESCAVADEIRA HIDRÁULICA SOBRE ESTEIRAS, CAÇAMBA 0,80 M3, PESO OPERACIONAL 17 T, POTENCIA BRUTA 111 HP - CHI DIURNO. AF_06/2014","CHI","ATRIBUÍDO SÃO PAULO","0,0500000","67,11","3,35","","","","","","","","","","","CAIXA REFERENCIAL"]
["ASSENTAMENTO DE TUBOS E PECAS","ASTU","FORNEC E/OU ASSENT DE TUBO DE CONCRETO COM JUNTA E",51,"","","92839","TUBO DE CONCRETO PARA REDES COLETORAS DE ESGOTO SANITÁRIO, DIÂMETRO DE 600 MM, JUNTA ELÁSTICA, INSTALADO EM LOCAL COM BAIXO NÍVEL DE INTERFERÊNCIAS - FORNECIMENTO E ASSENTAMENTO. AF_12/2015","M","ATRIBUÍDO SÃO PAULO","206,39","INSUMO","7774","TUBO CONCRETO ARMADO, CLASSE EA-2, PB JE, DN 600 MM, PARA ESGOTO SANITARIO (NBR 8890)","M","ATRIBUÍDO SÃO PAULO","1,0300000","144,55","148,88","","","","","","","","","","","CAIXA REFERENCIAL"]
["ASSENTAMENTO DE TUBOS E PECAS","ASTU","FORNEC E/OU ASSENT DE TUBO DE CONCRETO COM JUNTA E",51,"","","92839","TUBO DE CONCRETO PARA REDES COLETORAS DE ESGOTO SANITÁRIO, DIÂMETRO DE 600 MM, JUNTA ELÁSTICA, INSTALADO EM LOCAL COM BAIXO NÍVEL DE INTERFERÊNCIAS - FORNECIMENTO E ASSENTAMENTO. AF_12/2015","M","ATRIBUÍDO SÃO PAULO","206,39","INSUMO","40343","ANEL DE VEDACAO/JUNTA ELASTICA, H = *16* MM, PARA TUBO DE CONCRETO DN 600 MM","UN","ATRIBUÍDO SÃO PAULO","0,5000000","82,91","41,45","","","","","","","","","","","CAIXA REFERENCIAL"]
["ASSENTAMENTO DE TUBOS E PECAS","ASTU","FORNEC E/OU ASSENT DE TUBO DE CONCRETO COM JUNTA E",51,"","","92839","TUBO DE CONCRETO PARA REDES COLETORAS DE ESGOTO SANITÁRIO, DIÂMETRO DE 600 MM, JUNTA ELÁSTICA, INSTALADO EM LOCAL COM BAIXO NÍVEL DE INTERFERÊNCIAS - FORNECIMENTO E ASSENTAMENTO. AF_12/2015","M","ATRIBUÍDO SÃO PAULO","206,39","COMPOSICAO","88277","MONTADOR (TUBO AÇO/EQUIPAMENTOS) COM ENCARGOS COMPLEMENTARES","H","COEFICIENTE DE REPRESENTATIVIDADE","0,1110000","50,93","5,65","","","","","","","","","","","CAIXA REFERENCIAL"]
["ASSENTAMENTO DE TUBOS E PECAS","ASTU","FORNEC E/OU ASSENT DE TUBO DE CONCRETO COM JUNTA E",51,"","","92839","TUBO DE CONCRETO PARA REDES COLETORAS DE ESGOTO SANITÁRIO, DIÂMETRO DE 600 MM, JUNTA ELÁSTICA, INSTALADO EM LOCAL COM BAIXO NÍVEL DE INTERFERÊNCIAS - FORNECIMENTO E ASSENTAMENTO. AF_12/2015","M","ATRIBUÍDO SÃO PAULO","206,39","COMPOSICAO","88316","SERVENTE COM ENCARGOS COMPLEMENTARES","H","COEFICIENTE DE REPRESENTATIVIDADE","0,2220000","15,69","3,48","","","","","","","","","","","CAIXA REFERENCIAL"]
["ASSENTAMENTO DE TUBOS E PECAS","ASTU","FORNEC E/OU ASSENT DE TUBO DE CONCRETO COM JUNTA E",51,"","","92840","ASSENTAMENTO DE TUBO DE CONCRETO PARA REDES COLETORAS DE ESGOTO SANITÁRIO, DIÂMETRO DE 600 MM, JUNTA ELÁSTICA, INSTALADO EM LOCAL COM BAIXO NÍVEL DE INTERFERÊNCIAS (NÃO INCLUI FORNECIMENTO). AF_12/2015","M","ATRIBUÍDO SÃO PAULO","13,79","","","","","","","","","8,05","58,2712370","2,85","20,7153502","2,89","21,0134128","0,00","0,0000000","0,00","0,0000000","CAIXA REFERENCIAL"]
["ASSENTAMENTO DE TUBOS E PECAS","ASTU","FORNEC E/OU ASSENT DE TUBO DE CONCRETO COM JUNTA E",51,"","","92840","ASSENTAMENTO DE TUBO DE CONCRETO PARA REDES COLETORAS DE ESGOTO SANITÁRIO, DIÂMETRO DE 600 MM, JUNTA ELÁSTICA, INSTALADO EM LOCAL COM BAIXO NÍVEL DE INTERFERÊNCIAS (NÃO INCLUI FORNECIMENTO). AF_12/2015","M","ATRIBUÍDO SÃO PAULO","13,79","COMPOSICAO","5631","ESCAVADEIRA HIDRÁULICA SOBRE ESTEIRAS, CAÇAMBA 0,80 M3, PESO OPERACIONAL 17 T, POTENCIA BRUTA 111 HP - CHP DIURNO. AF_06/2014","CHP","ATRIBUÍDO SÃO PAULO","0,0240000","149,54","3,58","","","","","","","","","","","CAIXA REFERENCIAL"]
["ASSENTAMENTO DE TUBOS E PECAS","ASTU","FORNEC E/OU ASSENT DE TUBO DE CONCRETO COM JUNTA E",51,"","","92840","ASSENTAMENTO DE TUBO DE CONCRETO PARA REDES COLETORAS DE ESGOTO SANITÁRIO, DIÂMETRO DE 600 MM, JUNTA ELÁSTICA, INSTALADO EM LOCAL COM BAIXO NÍVEL DE INTERFERÊNCIAS (NÃO INCLUI FORNECIMENTO). AF_12/2015","M","ATRIBUÍDO SÃO PAULO","13,79","COMPOSICAO","5632","ESCAVADEIRA HIDRÁULICA SOBRE ESTEIRAS, CAÇAMBA 0,80 M3, PESO OPERACIONAL 17 T, POTENCIA BRUTA 111 HP - CHI DIURNO. AF_06/2014","CHI","ATRIBUÍDO SÃO PAULO","0,0500000","67,11","3,35","","","","","","","","","","","CAIXA REFERENCIAL"]
["ASSENTAMENTO DE TUBOS E PECAS","ASTU","FORNEC E/OU ASSENT DE TUBO DE CONCRETO COM JUNTA E",51,"","","92840","ASSENTAMENTO DE TUBO DE CONCRETO PARA REDES COLETORAS DE ESGOTO SANITÁRIO, DIÂMETRO DE 600 MM, JUNTA ELÁSTICA, INSTALADO EM LOCAL COM BAIXO NÍVEL DE INTERFERÊNCIAS (NÃO INCLUI FORNECIMENTO). AF_12/2015","M","ATRIBUÍDO SÃO PAULO","13,79","COMPOSICAO","88246","ASSENTADOR DE TUBOS COM ENCARGOS COMPLEMENTARES","H","COEFICIENTE DE REPRESENTATIVIDADE","0,1110000","30,49","3,38","","","","","","","","","","","CAIXA REFERENCIAL"]
["ASSENTAMENTO DE TUBOS E PECAS","ASTU","FORNEC E/OU ASSENT DE TUBO DE CONCRETO COM JUNTA E",51,"","","92840","ASSENTAMENTO DE TUBO DE CONCRETO PARA REDES COLETORAS DE ESGOTO SANITÁRIO, DIÂMETRO DE 600 MM, JUNTA ELÁSTICA, INSTALADO EM LOCAL COM BAIXO NÍVEL DE INTERFERÊNCIAS (NÃO INCLUI FORNECIMENTO). AF_12/2015","M","ATRIBUÍDO SÃO PAULO","13,79","COMPOSICAO","88316","SERVENTE COM ENCARGOS COMPLEMENTARES","H","COEFICIENTE DE REPRESENTATIVIDADE","0,2220000","15,69","3,48","","","","","","","","","","","CAIXA REFERENCIAL"]
["ASSENTAMENTO DE TUBOS E PECAS","ASTU","FORNEC E/OU ASSENT DE TUBO DE CONCRETO COM JUNTA E",51,"","","92841","TUBO DE CONCRETO PARA REDES COLETORAS DE ESGOTO SANITÁRIO, DIÂMETRO DE 700 MM, JUNTA ELÁSTICA, INSTALADO EM LOCAL COM BAIXO NÍVEL DE INTERFERÊNCIAS - FORNECIMENTO E ASSENTAMENTO. AF_12/2015","M","ATRIBUÍDO SÃO PAULO","233,82","","","","","","","","","11,60","4,9648732","219,03","93,6686087","3,19","1,3665181","0,00","0,0000000","0,00","0,0000000","CAIXA REFERENCIAL"]
["ASSENTAMENTO DE TUBOS E PECAS","ASTU","FORNEC E/OU ASSENT DE TUBO DE CONCRETO COM JUNTA E",51,"","","92841","TUBO DE CONCRETO PARA REDES COLETORAS DE ESGOTO SANITÁRIO, DIÂMETRO DE 700 MM, JUNTA ELÁSTICA, INSTALADO EM LOCAL COM BAIXO NÍVEL DE INTERFERÊNCIAS - FORNECIMENTO E ASSENTAMENTO. AF_12/2015","M","ATRIBUÍDO SÃO PAULO","233,82","COMPOSICAO","5631","ESCAVADEIRA HIDRÁULICA SOBRE ESTEIRAS, CAÇAMBA 0,80 M3, PESO OPERACIONAL 17 T, POTENCIA BRUTA 111 HP - CHP DIURNO. AF_06/2014","CHP","ATRIBUÍDO SÃO PAULO","0,0270000","149,54","4,03","","","","","","","","","","","CAIXA REFERENCIAL"]
["ASSENTAMENTO DE TUBOS E PECAS","ASTU","FORNEC E/OU ASSENT DE TUBO DE CONCRETO COM JUNTA E",51,"","","92841","TUBO DE CONCRETO PARA REDES COLETORAS DE ESGOTO SANITÁRIO, DIÂMETRO DE 700 MM, JUNTA ELÁSTICA, INSTALADO EM LOCAL COM BAIXO NÍVEL DE INTERFERÊNCIAS - FORNECIMENTO E ASSENTAMENTO. AF_12/2015","M","ATRIBUÍDO SÃO PAULO","233,82","COMPOSICAO","5632","ESCAVADEIRA HIDRÁULICA SOBRE ESTEIRAS, CAÇAMBA 0,80 M3, PESO OPERACIONAL 17 T, POTENCIA BRUTA 111 HP - CHI DIURNO. AF_06/2014","CHI","ATRIBUÍDO SÃO PAULO","0,0570000","67,11","3,82","","","","","","","","","","","CAIXA REFERENCIAL"]
["ASSENTAMENTO DE TUBOS E PECAS","ASTU","FORNEC E/OU ASSENT DE TUBO DE CONCRETO COM JUNTA E",51,"","","92841","TUBO DE CONCRETO PARA REDES COLETORAS DE ESGOTO SANITÁRIO, DIÂMETRO DE 700 MM, JUNTA ELÁSTICA, INSTALADO EM LOCAL COM BAIXO NÍVEL DE INTERFERÊNCIAS - FORNECIMENTO E ASSENTAMENTO. AF_12/2015","M","ATRIBUÍDO SÃO PAULO","233,82","INSUMO","7744","TUBO CONCRETO ARMADO, CLASSE EA-2, PB JE, DN 700 MM, PARA ESGOTO SANITARIO (NBR 8890)","M","ATRIBUÍDO SÃO PAULO","1,0300000","166,63","171,62","","","","","","","","","","","CAIXA REFERENCIAL"]
["ASSENTAMENTO DE TUBOS E PECAS","ASTU","FORNEC E/OU ASSENT DE TUBO DE CONCRETO COM JUNTA E",51,"","","92841","TUBO DE CONCRETO PARA REDES COLETORAS DE ESGOTO SANITÁRIO, DIÂMETRO DE 700 MM, JUNTA ELÁSTICA, INSTALADO EM LOCAL COM BAIXO NÍVEL DE INTERFERÊNCIAS - FORNECIMENTO E ASSENTAMENTO. AF_12/2015","M","ATRIBUÍDO SÃO PAULO","233,82","INSUMO","40344","ANEL DE VEDACAO/JUNTA ELASTICA, H = *18* MM, PARA TUBO DE CONCRETO DN 700 MM","UN","ATRIBUÍDO SÃO PAULO","0,5000000","87,66","43,83","","","","","","","","","","","CAIXA REFERENCIAL"]
["ASSENTAMENTO DE TUBOS E PECAS","ASTU","FORNEC E/OU ASSENT DE TUBO DE CONCRETO COM JUNTA E",51,"","","92841","TUBO DE CONCRETO PARA REDES COLETORAS DE ESGOTO SANITÁRIO, DIÂMETRO DE 700 MM, JUNTA ELÁSTICA, INSTALADO EM LOCAL COM BAIXO NÍVEL DE INTERFERÊNCIAS - FORNECIMENTO E ASSENTAMENTO. AF_12/2015","M","ATRIBUÍDO SÃO PAULO","233,82","COMPOSICAO","88277","MONTADOR (TUBO AÇO/EQUIPAMENTOS) COM ENCARGOS COMPLEMENTARES","H","COEFICIENTE DE REPRESENTATIVIDADE","0,1280000","50,93","6,51","","","","","","","","","","","CAIXA REFERENCIAL"]
["ASSENTAMENTO DE TUBOS E PECAS","ASTU","FORNEC E/OU ASSENT DE TUBO DE CONCRETO COM JUNTA E",51,"","","92841","TUBO DE CONCRETO PARA REDES COLETORAS DE ESGOTO SANITÁRIO, DIÂMETRO DE 700 MM, JUNTA ELÁSTICA, INSTALADO EM LOCAL COM BAIXO NÍVEL DE INTERFERÊNCIAS - FORNECIMENTO E ASSENTAMENTO. AF_12/2015","M","ATRIBUÍDO SÃO PAULO","233,82","COMPOSICAO","88316","SERVENTE COM ENCARGOS COMPLEMENTARES","H","COEFICIENTE DE REPRESENTATIVIDADE","0,2560000","15,69","4,01","","","","","","","","","","","CAIXA REFERENCIAL"]
["ASSENTAMENTO DE TUBOS E PECAS","ASTU","FORNEC E/OU ASSENT DE TUBO DE CONCRETO COM JUNTA E",51,"","","92842","ASSENTAMENTO DE TUBO DE CONCRETO PARA REDES COLETORAS DE ESGOTO SANITÁRIO, DIÂMETRO DE 700 MM, JUNTA ELÁSTICA, INSTALADO EM LOCAL COM BAIXO NÍVEL DE INTERFERÊNCIAS (NÃO INCLUI FORNECIMENTO). AF_12/2015","M","ATRIBUÍDO SÃO PAULO","15,76","","","","","","","","","9,20","58,3604426","3,29","20,8848405","3,27","20,7547169","0,00","0,0000000","0,00","0,0000000","CAIXA REFERENCIAL"]
["ASSENTAMENTO DE TUBOS E PECAS","ASTU","FORNEC E/OU ASSENT DE TUBO DE CONCRETO COM JUNTA E",51,"","","92842","ASSENTAMENTO DE TUBO DE CONCRETO PARA REDES COLETORAS DE ESGOTO SANITÁRIO, DIÂMETRO DE 700 MM, JUNTA ELÁSTICA, INSTALADO EM LOCAL COM BAIXO NÍVEL DE INTERFERÊNCIAS (NÃO INCLUI FORNECIMENTO). AF_12/2015","M","ATRIBUÍDO SÃO PAULO","15,76","COMPOSICAO","5631","ESCAVADEIRA HIDRÁULICA SOBRE ESTEIRAS, CAÇAMBA 0,80 M3, PESO OPERACIONAL 17 T, POTENCIA BRUTA 111 HP - CHP DIURNO. AF_06/2014","CHP","ATRIBUÍDO SÃO PAULO","0,0270000","149,54","4,03","","","","","","","","","","","CAIXA REFERENCIAL"]
["ASSENTAMENTO DE TUBOS E PECAS","ASTU","FORNEC E/OU ASSENT DE TUBO DE CONCRETO COM JUNTA E",51,"","","92842","ASSENTAMENTO DE TUBO DE CONCRETO PARA REDES COLETORAS DE ESGOTO SANITÁRIO, DIÂMETRO DE 700 MM, JUNTA ELÁSTICA, INSTALADO EM LOCAL COM BAIXO NÍVEL DE INTERFERÊNCIAS (NÃO INCLUI FORNECIMENTO). AF_12/2015","M","ATRIBUÍDO SÃO PAULO","15,76","COMPOSICAO","5632","ESCAVADEIRA HIDRÁULICA SOBRE ESTEIRAS, CAÇAMBA 0,80 M3, PESO OPERACIONAL 17 T, POTENCIA BRUTA 111 HP - CHI DIURNO. AF_06/2014","CHI","ATRIBUÍDO SÃO PAULO","0,0570000","67,11","3,82","","","","","","","","","","","CAIXA REFERENCIAL"]
["ASSENTAMENTO DE TUBOS E PECAS","ASTU","FORNEC E/OU ASSENT DE TUBO DE CONCRETO COM JUNTA E",51,"","","92842","ASSENTAMENTO DE TUBO DE CONCRETO PARA REDES COLETORAS DE ESGOTO SANITÁRIO, DIÂMETRO DE 700 MM, JUNTA ELÁSTICA, INSTALADO EM LOCAL COM BAIXO NÍVEL DE INTERFERÊNCIAS (NÃO INCLUI FORNECIMENTO). AF_12/2015","M","ATRIBUÍDO SÃO PAULO","15,76","COMPOSICAO","88246","ASSENTADOR DE TUBOS COM ENCARGOS COMPLEMENTARES","H","COEFICIENTE DE REPRESENTATIVIDADE","0,1280000","30,49","3,90","","","","","","","","","","","CAIXA REFERENCIAL"]
["ASSENTAMENTO DE TUBOS E PECAS","ASTU","FORNEC E/OU ASSENT DE TUBO DE CONCRETO COM JUNTA E",51,"","","92842","ASSENTAMENTO DE TUBO DE CONCRETO PARA REDES COLETORAS DE ESGOTO SANITÁRIO, DIÂMETRO DE 700 MM, JUNTA ELÁSTICA, INSTALADO EM LOCAL COM BAIXO NÍVEL DE INTERFERÊNCIAS (NÃO INCLUI FORNECIMENTO). AF_12/2015","M","ATRIBUÍDO SÃO PAULO","15,76","COMPOSICAO","88316","SERVENTE COM ENCARGOS COMPLEMENTARES","H","COEFICIENTE DE REPRESENTATIVIDADE","0,2560000","15,69","4,01","","","","","","","","","","","CAIXA REFERENCIAL"]
["ASSENTAMENTO DE TUBOS E PECAS","ASTU","FORNEC E/OU ASSENT DE TUBO DE CONCRETO COM JUNTA E",51,"","","92844","ASSENTAMENTO DE TUBO DE CONCRETO PARA REDES COLETORAS DE ESGOTO SANITÁRIO, DIÂMETRO DE 800 MM, JUNTA ELÁSTICA, INSTALADO EM LOCAL COM BAIXO NÍVEL DE INTERFERÊNCIAS (NÃO INCLUI FORNECIMENTO). AF_12/2015","M","ATRIBUÍDO SÃO PAULO","17,91","","","","","","","","","10,38","57,9157176","3,80","21,2414578","3,73","20,8428246","0,00","0,0000000","0,00","0,0000000","CAIXA REFERENCIAL"]
["ASSENTAMENTO DE TUBOS E PECAS","ASTU","FORNEC E/OU ASSENT DE TUBO DE CONCRETO COM JUNTA E",51,"","","92844","ASSENTAMENTO DE TUBO DE CONCRETO PARA REDES COLETORAS DE ESGOTO SANITÁRIO, DIÂMETRO DE 800 MM, JUNTA ELÁSTICA, INSTALADO EM LOCAL COM BAIXO NÍVEL DE INTERFERÊNCIAS (NÃO INCLUI FORNECIMENTO). AF_12/2015","M","ATRIBUÍDO SÃO PAULO","17,91","COMPOSICAO","5631","ESCAVADEIRA HIDRÁULICA SOBRE ESTEIRAS, CAÇAMBA 0,80 M3, PESO OPERACIONAL 17 T, POTENCIA BRUTA 111 HP - CHP DIURNO. AF_06/2014","CHP","ATRIBUÍDO SÃO PAULO","0,0310000","149,54","4,63","","","","","","","","","","","CAIXA REFERENCIAL"]
["ASSENTAMENTO DE TUBOS E PECAS","ASTU","FORNEC E/OU ASSENT DE TUBO DE CONCRETO COM JUNTA E",51,"","","92844","ASSENTAMENTO DE TUBO DE CONCRETO PARA REDES COLETORAS DE ESGOTO SANITÁRIO, DIÂMETRO DE 800 MM, JUNTA ELÁSTICA, INSTALADO EM LOCAL COM BAIXO NÍVEL DE INTERFERÊNCIAS (NÃO INCLUI FORNECIMENTO). AF_12/2015","M","ATRIBUÍDO SÃO PAULO","17,91","COMPOSICAO","5632","ESCAVADEIRA HIDRÁULICA SOBRE ESTEIRAS, CAÇAMBA 0,80 M3, PESO OPERACIONAL 17 T, POTENCIA BRUTA 111 HP - CHI DIURNO. AF_06/2014","CHI","ATRIBUÍDO SÃO PAULO","0,0650000","67,11","4,36","","","","","","","","","","","CAIXA REFERENCIAL"]
["ASSENTAMENTO DE TUBOS E PECAS","ASTU","FORNEC E/OU ASSENT DE TUBO DE CONCRETO COM JUNTA E",51,"","","92844","ASSENTAMENTO DE TUBO DE CONCRETO PARA REDES COLETORAS DE ESGOTO SANITÁRIO, DIÂMETRO DE 800 MM, JUNTA ELÁSTICA, INSTALADO EM LOCAL COM BAIXO NÍVEL DE INTERFERÊNCIAS (NÃO INCLUI FORNECIMENTO). AF_12/2015","M","ATRIBUÍDO SÃO PAULO","17,91","COMPOSICAO","88246","ASSENTADOR DE TUBOS COM ENCARGOS COMPLEMENTARES","H","COEFICIENTE DE REPRESENTATIVIDADE","0,1440000","30,49","4,39","","","","","","","","","","","CAIXA REFERENCIAL"]
["ASSENTAMENTO DE TUBOS E PECAS","ASTU","FORNEC E/OU ASSENT DE TUBO DE CONCRETO COM JUNTA E",51,"","","92844","ASSENTAMENTO DE TUBO DE CONCRETO PARA REDES COLETORAS DE ESGOTO SANITÁRIO, DIÂMETRO DE 800 MM, JUNTA ELÁSTICA, INSTALADO EM LOCAL COM BAIXO NÍVEL DE INTERFERÊNCIAS (NÃO INCLUI FORNECIMENTO). AF_12/2015","M","ATRIBUÍDO SÃO PAULO","17,91","COMPOSICAO","88316","SERVENTE COM ENCARGOS COMPLEMENTARES","H","COEFICIENTE DE REPRESENTATIVIDADE","0,2890000","15,69","4,53","","","","","","","","","","","CAIXA REFERENCIAL"]
["ASSENTAMENTO DE TUBOS E PECAS","ASTU","FORNEC E/OU ASSENT DE TUBO DE CONCRETO COM JUNTA E",51,"","","92846","ASSENTAMENTO DE TUBO DE CONCRETO PARA REDES COLETORAS DE ESGOTO SANITÁRIO, DIÂMETRO DE 900 MM, JUNTA ELÁSTICA, INSTALADO EM LOCAL COM BAIXO NÍVEL DE INTERFERÊNCIAS (NÃO INCLUI FORNECIMENTO). AF_12/2015","M","ATRIBUÍDO SÃO PAULO","19,86","","","","","","","","","11,55","58,1407294","4,20","21,1607601","4,11","20,6985105","0,00","0,0000000","0,00","0,0000000","CAIXA REFERENCIAL"]
["ASSENTAMENTO DE TUBOS E PECAS","ASTU","FORNEC E/OU ASSENT DE TUBO DE CONCRETO COM JUNTA E",51,"","","92846","ASSENTAMENTO DE TUBO DE CONCRETO PARA REDES COLETORAS DE ESGOTO SANITÁRIO, DIÂMETRO DE 900 MM, JUNTA ELÁSTICA, INSTALADO EM LOCAL COM BAIXO NÍVEL DE INTERFERÊNCIAS (NÃO INCLUI FORNECIMENTO). AF_12/2015","M","ATRIBUÍDO SÃO PAULO","19,86","COMPOSICAO","5631","ESCAVADEIRA HIDRÁULICA SOBRE ESTEIRAS, CAÇAMBA 0,80 M3, PESO OPERACIONAL 17 T, POTENCIA BRUTA 111 HP - CHP DIURNO. AF_06/2014","CHP","ATRIBUÍDO SÃO PAULO","0,0340000","149,54","5,08","","","","","","","","","","","CAIXA REFERENCIAL"]
["ASSENTAMENTO DE TUBOS E PECAS","ASTU","FORNEC E/OU ASSENT DE TUBO DE CONCRETO COM JUNTA E",51,"","","92846","ASSENTAMENTO DE TUBO DE CONCRETO PARA REDES COLETORAS DE ESGOTO SANITÁRIO, DIÂMETRO DE 900 MM, JUNTA ELÁSTICA, INSTALADO EM LOCAL COM BAIXO NÍVEL DE INTERFERÊNCIAS (NÃO INCLUI FORNECIMENTO). AF_12/2015","M","ATRIBUÍDO SÃO PAULO","19,86","COMPOSICAO","5632","ESCAVADEIRA HIDRÁULICA SOBRE ESTEIRAS, CAÇAMBA 0,80 M3, PESO OPERACIONAL 17 T, POTENCIA BRUTA 111 HP - CHI DIURNO. AF_06/2014","CHI","ATRIBUÍDO SÃO PAULO","0,0720000","67,11","4,83","","","","","","","","","","","CAIXA REFERENCIAL"]
["ASSENTAMENTO DE TUBOS E PECAS","ASTU","FORNEC E/OU ASSENT DE TUBO DE CONCRETO COM JUNTA E",51,"","","92846","ASSENTAMENTO DE TUBO DE CONCRETO PARA REDES COLETORAS DE ESGOTO SANITÁRIO, DIÂMETRO DE 900 MM, JUNTA ELÁSTICA, INSTALADO EM LOCAL COM BAIXO NÍVEL DE INTERFERÊNCIAS (NÃO INCLUI FORNECIMENTO). AF_12/2015","M","ATRIBUÍDO SÃO PAULO","19,86","COMPOSICAO","88246","ASSENTADOR DE TUBOS COM ENCARGOS COMPLEMENTARES","H","COEFICIENTE DE REPRESENTATIVIDADE","0,1610000","30,49","4,90","","","","","","","","","","","CAIXA REFERENCIAL"]
["ASSENTAMENTO DE TUBOS E PECAS","ASTU","FORNEC E/OU ASSENT DE TUBO DE CONCRETO COM JUNTA E",51,"","","92846","ASSENTAMENTO DE TUBO DE CONCRETO PARA REDES COLETORAS DE ESGOTO SANITÁRIO, DIÂMETRO DE 900 MM, JUNTA ELÁSTICA, INSTALADO EM LOCAL COM BAIXO NÍVEL DE INTERFERÊNCIAS (NÃO INCLUI FORNECIMENTO). AF_12/2015","M","ATRIBUÍDO SÃO PAULO","19,86","COMPOSICAO","88316","SERVENTE COM ENCARGOS COMPLEMENTARES","H","COEFICIENTE DE REPRESENTATIVIDADE","0,3220000","15,69","5,05","","","","","","","","","","","CAIXA REFERENCIAL"]
["ASSENTAMENTO DE TUBOS E PECAS","ASTU","FORNEC E/OU ASSENT DE TUBO DE CONCRETO COM JUNTA E",51,"","","92847","TUBO DE CONCRETO PARA REDES COLETORAS DE ESGOTO SANITÁRIO, DIÂMETRO DE 1000 MM, JUNTA ELÁSTICA, INSTALADO EM LOCAL COM BAIXO NÍVEL DE INTERFERÊNCIAS - FORNECIMENTO E ASSENTAMENTO. AF_12/2015","M","ATRIBUÍDO SÃO PAULO","404,67","","","","","","","","","16,19","4,0017807","383,97","94,8827662","4,51","1,1154531","0,00","0,0000000","0,00","0,0000000","CAIXA REFERENCIAL"]
["ASSENTAMENTO DE TUBOS E PECAS","ASTU","FORNEC E/OU ASSENT DE TUBO DE CONCRETO COM JUNTA E",51,"","","92847","TUBO DE CONCRETO PARA REDES COLETORAS DE ESGOTO SANITÁRIO, DIÂMETRO DE 1000 MM, JUNTA ELÁSTICA, INSTALADO EM LOCAL COM BAIXO NÍVEL DE INTERFERÊNCIAS - FORNECIMENTO E ASSENTAMENTO. AF_12/2015","M","ATRIBUÍDO SÃO PAULO","404,67","COMPOSICAO","5631","ESCAVADEIRA HIDRÁULICA SOBRE ESTEIRAS, CAÇAMBA 0,80 M3, PESO OPERACIONAL 17 T, POTENCIA BRUTA 111 HP - CHP DIURNO. AF_06/2014","CHP","ATRIBUÍDO SÃO PAULO","0,0380000","149,54","5,68","","","","","","","","","","","CAIXA REFERENCIAL"]
["ASSENTAMENTO DE TUBOS E PECAS","ASTU","FORNEC E/OU ASSENT DE TUBO DE CONCRETO COM JUNTA E",51,"","","92847","TUBO DE CONCRETO PARA REDES COLETORAS DE ESGOTO SANITÁRIO, DIÂMETRO DE 1000 MM, JUNTA ELÁSTICA, INSTALADO EM LOCAL COM BAIXO NÍVEL DE INTERFERÊNCIAS - FORNECIMENTO E ASSENTAMENTO. AF_12/2015","M","ATRIBUÍDO SÃO PAULO","404,67","COMPOSICAO","5632","ESCAVADEIRA HIDRÁULICA SOBRE ESTEIRAS, CAÇAMBA 0,80 M3, PESO OPERACIONAL 17 T, POTENCIA BRUTA 111 HP - CHI DIURNO. AF_06/2014","CHI","ATRIBUÍDO SÃO PAULO","0,0800000","67,11","5,36","","","","","","","","","","","CAIXA REFERENCIAL"]
["ASSENTAMENTO DE TUBOS E PECAS","ASTU","FORNEC E/OU ASSENT DE TUBO DE CONCRETO COM JUNTA E",51,"","","92847","TUBO DE CONCRETO PARA REDES COLETORAS DE ESGOTO SANITÁRIO, DIÂMETRO DE 1000 MM, JUNTA ELÁSTICA, INSTALADO EM LOCAL COM BAIXO NÍVEL DE INTERFERÊNCIAS - FORNECIMENTO E ASSENTAMENTO. AF_12/2015","M","ATRIBUÍDO SÃO PAULO","404,67","INSUMO","7720","TUBO CONCRETO ARMADO, CLASSE EA-2, PB JE, DN 1000 MM, PARA ESGOTO SANITARIO (NBR 8890)","M","ATRIBUÍDO SÃO PAULO","1,0300000","306,18","315,36","","","","","","","","","","","CAIXA REFERENCIAL"]
["ASSENTAMENTO DE TUBOS E PECAS","ASTU","FORNEC E/OU ASSENT DE TUBO DE CONCRETO COM JUNTA E",51,"","","92847","TUBO DE CONCRETO PARA REDES COLETORAS DE ESGOTO SANITÁRIO, DIÂMETRO DE 1000 MM, JUNTA ELÁSTICA, INSTALADO EM LOCAL COM BAIXO NÍVEL DE INTERFERÊNCIAS - FORNECIMENTO E ASSENTAMENTO. AF_12/2015","M","ATRIBUÍDO SÃO PAULO","404,67","INSUMO","40347","ANEL DE VEDACAO/JUNTA ELASTICA, H = *21* MM, PARA TUBO DE CONCRETO DN 1000 MM","UN","ATRIBUÍDO SÃO PAULO","0,5000000","127,30","63,65","","","","","","","","","","","CAIXA REFERENCIAL"]
["ASSENTAMENTO DE TUBOS E PECAS","ASTU","FORNEC E/OU ASSENT DE TUBO DE CONCRETO COM JUNTA E",51,"","","92847","TUBO DE CONCRETO PARA REDES COLETORAS DE ESGOTO SANITÁRIO, DIÂMETRO DE 1000 MM, JUNTA ELÁSTICA, INSTALADO EM LOCAL COM BAIXO NÍVEL DE INTERFERÊNCIAS - FORNECIMENTO E ASSENTAMENTO. AF_12/2015","M","ATRIBUÍDO SÃO PAULO","404,67","COMPOSICAO","88277","MONTADOR (TUBO AÇO/EQUIPAMENTOS) COM ENCARGOS COMPLEMENTARES","H","COEFICIENTE DE REPRESENTATIVIDADE","0,1780000","50,93","9,06","","","","","","","","","","","CAIXA REFERENCIAL"]
["ASSENTAMENTO DE TUBOS E PECAS","ASTU","FORNEC E/OU ASSENT DE TUBO DE CONCRETO COM JUNTA E",51,"","","92847","TUBO DE CONCRETO PARA REDES COLETORAS DE ESGOTO SANITÁRIO, DIÂMETRO DE 1000 MM, JUNTA ELÁSTICA, INSTALADO EM LOCAL COM BAIXO NÍVEL DE INTERFERÊNCIAS - FORNECIMENTO E ASSENTAMENTO. AF_12/2015","M","ATRIBUÍDO SÃO PAULO","404,67","COMPOSICAO","88316","SERVENTE COM ENCARGOS COMPLEMENTARES","H","COEFICIENTE DE REPRESENTATIVIDADE","0,3550000","15,69","5,56","","","","","","","","","","","CAIXA REFERENCIAL"]
["ASSENTAMENTO DE TUBOS E PECAS","ASTU","FORNEC E/OU ASSENT DE TUBO DE CONCRETO COM JUNTA E",51,"","","92848","ASSENTAMENTO DE TUBO DE CONCRETO PARA REDES COLETORAS DE ESGOTO SANITÁRIO, DIÂMETRO DE 1000 MM, JUNTA ELÁSTICA, INSTALADO EM LOCAL COM BAIXO NÍVEL DE INTERFERÊNCIAS (NÃO INCLUI FORNECIMENTO). AF_12/2015","M","ATRIBUÍDO SÃO PAULO","22,02","","","","","","","","","12,75","57,8680204","4,69","21,3197969","4,58","20,8121827","0,00","0,0000000","0,00","0,0000000","CAIXA REFERENCIAL"]
["ASSENTAMENTO DE TUBOS E PECAS","ASTU","FORNEC E/OU ASSENT DE TUBO DE CONCRETO COM JUNTA E",51,"","","92848","ASSENTAMENTO DE TUBO DE CONCRETO PARA REDES COLETORAS DE ESGOTO SANITÁRIO, DIÂMETRO DE 1000 MM, JUNTA ELÁSTICA, INSTALADO EM LOCAL COM BAIXO NÍVEL DE INTERFERÊNCIAS (NÃO INCLUI FORNECIMENTO). AF_12/2015","M","ATRIBUÍDO SÃO PAULO","22,02","COMPOSICAO","5631","ESCAVADEIRA HIDRÁULICA SOBRE ESTEIRAS, CAÇAMBA 0,80 M3, PESO OPERACIONAL 17 T, POTENCIA BRUTA 111 HP - CHP DIURNO. AF_06/2014","CHP","ATRIBUÍDO SÃO PAULO","0,0380000","149,54","5,68","","","","","","","","","","","CAIXA REFERENCIAL"]
["ASSENTAMENTO DE TUBOS E PECAS","ASTU","FORNEC E/OU ASSENT DE TUBO DE CONCRETO COM JUNTA E",51,"","","92848","ASSENTAMENTO DE TUBO DE CONCRETO PARA REDES COLETORAS DE ESGOTO SANITÁRIO, DIÂMETRO DE 1000 MM, JUNTA ELÁSTICA, INSTALADO EM LOCAL COM BAIXO NÍVEL DE INTERFERÊNCIAS (NÃO INCLUI FORNECIMENTO). AF_12/2015","M","ATRIBUÍDO SÃO PAULO","22,02","COMPOSICAO","5632","ESCAVADEIRA HIDRÁULICA SOBRE ESTEIRAS, CAÇAMBA 0,80 M3, PESO OPERACIONAL 17 T, POTENCIA BRUTA 111 HP - CHI DIURNO. AF_06/2014","CHI","ATRIBUÍDO SÃO PAULO","0,0800000","67,11","5,36","","","","","","","","","","","CAIXA REFERENCIAL"]
["ASSENTAMENTO DE TUBOS E PECAS","ASTU","FORNEC E/OU ASSENT DE TUBO DE CONCRETO COM JUNTA E",51,"","","92848","ASSENTAMENTO DE TUBO DE CONCRETO PARA REDES COLETORAS DE ESGOTO SANITÁRIO, DIÂMETRO DE 1000 MM, JUNTA ELÁSTICA, INSTALADO EM LOCAL COM BAIXO NÍVEL DE INTERFERÊNCIAS (NÃO INCLUI FORNECIMENTO). AF_12/2015","M","ATRIBUÍDO SÃO PAULO","22,02","COMPOSICAO","88246","ASSENTADOR DE TUBOS COM ENCARGOS COMPLEMENTARES","H","COEFICIENTE DE REPRESENTATIVIDADE","0,1780000","30,49","5,42","","","","","","","","","","","CAIXA REFERENCIAL"]
["ASSENTAMENTO DE TUBOS E PECAS","ASTU","FORNEC E/OU ASSENT DE TUBO DE CONCRETO COM JUNTA E",51,"","","92848","ASSENTAMENTO DE TUBO DE CONCRETO PARA REDES COLETORAS DE ESGOTO SANITÁRIO, DIÂMETRO DE 1000 MM, JUNTA ELÁSTICA, INSTALADO EM LOCAL COM BAIXO NÍVEL DE INTERFERÊNCIAS (NÃO INCLUI FORNECIMENTO). AF_12/2015","M","ATRIBUÍDO SÃO PAULO","22,02","COMPOSICAO","88316","SERVENTE COM ENCARGOS COMPLEMENTARES","H","COEFICIENTE DE REPRESENTATIVIDADE","0,3550000","15,69","5,56","","","","","","","","","","","CAIXA REFERENCIAL"]
["ASSENTAMENTO DE TUBOS E PECAS","ASTU","FORNEC E/OU ASSENT DE TUBO DE CONCRETO COM JUNTA E",51,"","","92849","TUBO DE CONCRETO PARA REDES COLETORAS DE ESGOTO SANITÁRIO, DIÂMETRO DE 300 MM, JUNTA ELÁSTICA, INSTALADO EM LOCAL COM ALTO NÍVEL DE INTERFERÊNCIAS - FORNECIMENTO E ASSENTAMENTO. AF_12/2015","M","ATRIBUÍDO SÃO PAULO","103,47","","","","","","","","","10,56","10,2133850","89,99","86,9641126","2,92","2,8225024","0,00","0,0000000","0,00","0,0000000","CAIXA REFERENCIAL"]
["ASSENTAMENTO DE TUBOS E PECAS","ASTU","FORNEC E/OU ASSENT DE TUBO DE CONCRETO COM JUNTA E",51,"","","92849","TUBO DE CONCRETO PARA REDES COLETORAS DE ESGOTO SANITÁRIO, DIÂMETRO DE 300 MM, JUNTA ELÁSTICA, INSTALADO EM LOCAL COM ALTO NÍVEL DE INTERFERÊNCIAS - FORNECIMENTO E ASSENTAMENTO. AF_12/2015","M","ATRIBUÍDO SÃO PAULO","103,47","COMPOSICAO","5631","ESCAVADEIRA HIDRÁULICA SOBRE ESTEIRAS, CAÇAMBA 0,80 M3, PESO OPERACIONAL 17 T, POTENCIA BRUTA 111 HP - CHP DIURNO. AF_06/2014","CHP","ATRIBUÍDO SÃO PAULO","0,0250000","149,54","3,73","","","","","","","","","","","CAIXA REFERENCIAL"]
["ASSENTAMENTO DE TUBOS E PECAS","ASTU","FORNEC E/OU ASSENT DE TUBO DE CONCRETO COM JUNTA E",51,"","","92849","TUBO DE CONCRETO PARA REDES COLETORAS DE ESGOTO SANITÁRIO, DIÂMETRO DE 300 MM, JUNTA ELÁSTICA, INSTALADO EM LOCAL COM ALTO NÍVEL DE INTERFERÊNCIAS - FORNECIMENTO E ASSENTAMENTO. AF_12/2015","M","ATRIBUÍDO SÃO PAULO","103,47","COMPOSICAO","5632","ESCAVADEIRA HIDRÁULICA SOBRE ESTEIRAS, CAÇAMBA 0,80 M3, PESO OPERACIONAL 17 T, POTENCIA BRUTA 111 HP - CHI DIURNO. AF_06/2014","CHI","ATRIBUÍDO SÃO PAULO","0,0520000","67,11","3,48","","","","","","","","","","","CAIXA REFERENCIAL"]
["ASSENTAMENTO DE TUBOS E PECAS","ASTU","FORNEC E/OU ASSENT DE TUBO DE CONCRETO COM JUNTA E",51,"","","92849","TUBO DE CONCRETO PARA REDES COLETORAS DE ESGOTO SANITÁRIO, DIÂMETRO DE 300 MM, JUNTA ELÁSTICA, INSTALADO EM LOCAL COM ALTO NÍVEL DE INTERFERÊNCIAS - FORNECIMENTO E ASSENTAMENTO. AF_12/2015","M","ATRIBUÍDO SÃO PAULO","103,47","INSUMO","40335","TUBO CONCRETO ARMADO, CLASSE EA-2, PB JE, DN 300 MM, PARA ESGOTO SANITARIO (NBR 8890)","M","ATRIBUÍDO SÃO PAULO","1,0300000","62,36","64,23","","","","","","","","","","","CAIXA REFERENCIAL"]
["ASSENTAMENTO DE TUBOS E PECAS","ASTU","FORNEC E/OU ASSENT DE TUBO DE CONCRETO COM JUNTA E",51,"","","92849","TUBO DE CONCRETO PARA REDES COLETORAS DE ESGOTO SANITÁRIO, DIÂMETRO DE 300 MM, JUNTA ELÁSTICA, INSTALADO EM LOCAL COM ALTO NÍVEL DE INTERFERÊNCIAS - FORNECIMENTO E ASSENTAMENTO. AF_12/2015","M","ATRIBUÍDO SÃO PAULO","103,47","INSUMO","40340","ANEL DE VEDACAO/JUNTA ELASTICA, H = *16* MM, PARA TUBO DE CONCRETO DN 300 MM","UN","ATRIBUÍDO SÃO PAULO","0,5000000","45,02","22,51","","","","","","","","","","","CAIXA REFERENCIAL"]
["ASSENTAMENTO DE TUBOS E PECAS","ASTU","FORNEC E/OU ASSENT DE TUBO DE CONCRETO COM JUNTA E",51,"","","92849","TUBO DE CONCRETO PARA REDES COLETORAS DE ESGOTO SANITÁRIO, DIÂMETRO DE 300 MM, JUNTA ELÁSTICA, INSTALADO EM LOCAL COM ALTO NÍVEL DE INTERFERÊNCIAS - FORNECIMENTO E ASSENTAMENTO. AF_12/2015","M","ATRIBUÍDO SÃO PAULO","103,47","COMPOSICAO","88277","MONTADOR (TUBO AÇO/EQUIPAMENTOS) COM ENCARGOS COMPLEMENTARES","H","COEFICIENTE DE REPRESENTATIVIDADE","0,1160000","50,93","5,90","","","","","","","","","","","CAIXA REFERENCIAL"]
["ASSENTAMENTO DE TUBOS E PECAS","ASTU","FORNEC E/OU ASSENT DE TUBO DE CONCRETO COM JUNTA E",51,"","","92849","TUBO DE CONCRETO PARA REDES COLETORAS DE ESGOTO SANITÁRIO, DIÂMETRO DE 300 MM, JUNTA ELÁSTICA, INSTALADO EM LOCAL COM ALTO NÍVEL DE INTERFERÊNCIAS - FORNECIMENTO E ASSENTAMENTO. AF_12/2015","M","ATRIBUÍDO SÃO PAULO","103,47","COMPOSICAO","88316","SERVENTE COM ENCARGOS COMPLEMENTARES","H","COEFICIENTE DE REPRESENTATIVIDADE","0,2310000","15,69","3,62","","","","","","","","","","","CAIXA REFERENCIAL"]
["ASSENTAMENTO DE TUBOS E PECAS","ASTU","FORNEC E/OU ASSENT DE TUBO DE CONCRETO COM JUNTA E",51,"","","92850","ASSENTAMENTO DE TUBO DE CONCRETO PARA REDES COLETORAS DE ESGOTO SANITÁRIO, DIÂMETRO DE 300 MM, JUNTA ELÁSTICA, INSTALADO EM LOCAL COM ALTO NÍVEL DE INTERFERÊNCIAS (NÃO INCLUI FORNECIMENTO). AF_12/2015","M","ATRIBUÍDO SÃO PAULO","14,36","","","","","","","","","8,39","58,2975680","2,99","20,8869814","2,98","20,8154506","0,00","0,0000000","0,00","0,0000000","CAIXA REFERENCIAL"]
["ASSENTAMENTO DE TUBOS E PECAS","ASTU","FORNEC E/OU ASSENT DE TUBO DE CONCRETO COM JUNTA E",51,"","","92850","ASSENTAMENTO DE TUBO DE CONCRETO PARA REDES COLETORAS DE ESGOTO SANITÁRIO, DIÂMETRO DE 300 MM, JUNTA ELÁSTICA, INSTALADO EM LOCAL COM ALTO NÍVEL DE INTERFERÊNCIAS (NÃO INCLUI FORNECIMENTO). AF_12/2015","M","ATRIBUÍDO SÃO PAULO","14,36","COMPOSICAO","5631","ESCAVADEIRA HIDRÁULICA SOBRE ESTEIRAS, CAÇAMBA 0,80 M3, PESO OPERACIONAL 17 T, POTENCIA BRUTA 111 HP - CHP DIURNO. AF_06/2014","CHP","ATRIBUÍDO SÃO PAULO","0,0250000","149,54","3,73","","","","","","","","","","","CAIXA REFERENCIAL"]
["ASSENTAMENTO DE TUBOS E PECAS","ASTU","FORNEC E/OU ASSENT DE TUBO DE CONCRETO COM JUNTA E",51,"","","92850","ASSENTAMENTO DE TUBO DE CONCRETO PARA REDES COLETORAS DE ESGOTO SANITÁRIO, DIÂMETRO DE 300 MM, JUNTA ELÁSTICA, INSTALADO EM LOCAL COM ALTO NÍVEL DE INTERFERÊNCIAS (NÃO INCLUI FORNECIMENTO). AF_12/2015","M","ATRIBUÍDO SÃO PAULO","14,36","COMPOSICAO","5632","ESCAVADEIRA HIDRÁULICA SOBRE ESTEIRAS, CAÇAMBA 0,80 M3, PESO OPERACIONAL 17 T, POTENCIA BRUTA 111 HP - CHI DIURNO. AF_06/2014","CHI","ATRIBUÍDO SÃO PAULO","0,0520000","67,11","3,48","","","","","","","","","","","CAIXA REFERENCIAL"]
["ASSENTAMENTO DE TUBOS E PECAS","ASTU","FORNEC E/OU ASSENT DE TUBO DE CONCRETO COM JUNTA E",51,"","","92850","ASSENTAMENTO DE TUBO DE CONCRETO PARA REDES COLETORAS DE ESGOTO SANITÁRIO, DIÂMETRO DE 300 MM, JUNTA ELÁSTICA, INSTALADO EM LOCAL COM ALTO NÍVEL DE INTERFERÊNCIAS (NÃO INCLUI FORNECIMENTO). AF_12/2015","M","ATRIBUÍDO SÃO PAULO","14,36","COMPOSICAO","88246","ASSENTADOR DE TUBOS COM ENCARGOS COMPLEMENTARES","H","COEFICIENTE DE REPRESENTATIVIDADE","0,1160000","30,49","3,53","","","","","","","","","","","CAIXA REFERENCIAL"]
["ASSENTAMENTO DE TUBOS E PECAS","ASTU","FORNEC E/OU ASSENT DE TUBO DE CONCRETO COM JUNTA E",51,"","","92850","ASSENTAMENTO DE TUBO DE CONCRETO PARA REDES COLETORAS DE ESGOTO SANITÁRIO, DIÂMETRO DE 300 MM, JUNTA ELÁSTICA, INSTALADO EM LOCAL COM ALTO NÍVEL DE INTERFERÊNCIAS (NÃO INCLUI FORNECIMENTO). AF_12/2015","M","ATRIBUÍDO SÃO PAULO","14,36","COMPOSICAO","88316","SERVENTE COM ENCARGOS COMPLEMENTARES","H","COEFICIENTE DE REPRESENTATIVIDADE","0,2310000","15,69","3,62","","","","","","","","","","","CAIXA REFERENCIAL"]
["ASSENTAMENTO DE TUBOS E PECAS","ASTU","FORNEC E/OU ASSENT DE TUBO DE CONCRETO COM JUNTA E",51,"","","92851","TUBO DE CONCRETO PARA REDES COLETORAS DE ESGOTO SANITÁRIO, DIÂMETRO DE 400 MM, JUNTA ELÁSTICA, INSTALADO EM LOCAL COM ALTO NÍVEL DE INTERFERÊNCIAS - FORNECIMENTO E ASSENTAMENTO. AF_12/2015","M","ATRIBUÍDO SÃO PAULO","135,43","","","","","","","","","13,38","9,8815692","118,36","87,3871207","3,69","2,7313101","0,00","0,0000000","0,00","0,0000000","CAIXA REFERENCIAL"]
["ASSENTAMENTO DE TUBOS E PECAS","ASTU","FORNEC E/OU ASSENT DE TUBO DE CONCRETO COM JUNTA E",51,"","","92851","TUBO DE CONCRETO PARA REDES COLETORAS DE ESGOTO SANITÁRIO, DIÂMETRO DE 400 MM, JUNTA ELÁSTICA, INSTALADO EM LOCAL COM ALTO NÍVEL DE INTERFERÊNCIAS - FORNECIMENTO E ASSENTAMENTO. AF_12/2015","M","ATRIBUÍDO SÃO PAULO","135,43","COMPOSICAO","5631","ESCAVADEIRA HIDRÁULICA SOBRE ESTEIRAS, CAÇAMBA 0,80 M3, PESO OPERACIONAL 17 T, POTENCIA BRUTA 111 HP - CHP DIURNO. AF_06/2014","CHP","ATRIBUÍDO SÃO PAULO","0,0310000","149,54","4,63","","","","","","","","","","","CAIXA REFERENCIAL"]
["ASSENTAMENTO DE TUBOS E PECAS","ASTU","FORNEC E/OU ASSENT DE TUBO DE CONCRETO COM JUNTA E",51,"","","92851","TUBO DE CONCRETO PARA REDES COLETORAS DE ESGOTO SANITÁRIO, DIÂMETRO DE 400 MM, JUNTA ELÁSTICA, INSTALADO EM LOCAL COM ALTO NÍVEL DE INTERFERÊNCIAS - FORNECIMENTO E ASSENTAMENTO. AF_12/2015","M","ATRIBUÍDO SÃO PAULO","135,43","COMPOSICAO","5632","ESCAVADEIRA HIDRÁULICA SOBRE ESTEIRAS, CAÇAMBA 0,80 M3, PESO OPERACIONAL 17 T, POTENCIA BRUTA 111 HP - CHI DIURNO. AF_06/2014","CHI","ATRIBUÍDO SÃO PAULO","0,0660000","67,11","4,42","","","","","","","","","","","CAIXA REFERENCIAL"]
["ASSENTAMENTO DE TUBOS E PECAS","ASTU","FORNEC E/OU ASSENT DE TUBO DE CONCRETO COM JUNTA E",51,"","","92851","TUBO DE CONCRETO PARA REDES COLETORAS DE ESGOTO SANITÁRIO, DIÂMETRO DE 400 MM, JUNTA ELÁSTICA, INSTALADO EM LOCAL COM ALTO NÍVEL DE INTERFERÊNCIAS - FORNECIMENTO E ASSENTAMENTO. AF_12/2015","M","ATRIBUÍDO SÃO PAULO","135,43","INSUMO","7740","TUBO CONCRETO ARMADO, CLASSE EA-2, PB JE, DN 400 MM, PARA ESGOTO SANITARIO (NBR 8890)","M","ATRIBUÍDO SÃO PAULO","1,0300000","85,08","87,63","","","","","","","","","","","CAIXA REFERENCIAL"]
["ASSENTAMENTO DE TUBOS E PECAS","ASTU","FORNEC E/OU ASSENT DE TUBO DE CONCRETO COM JUNTA E",51,"","","92851","TUBO DE CONCRETO PARA REDES COLETORAS DE ESGOTO SANITÁRIO, DIÂMETRO DE 400 MM, JUNTA ELÁSTICA, INSTALADO EM LOCAL COM ALTO NÍVEL DE INTERFERÊNCIAS - FORNECIMENTO E ASSENTAMENTO. AF_12/2015","M","ATRIBUÍDO SÃO PAULO","135,43","INSUMO","40341","ANEL DE VEDACAO/JUNTA ELASTICA, H = *16* MM, PARA TUBO DE CONCRETO DN 400 MM","UN","ATRIBUÍDO SÃO PAULO","0,5000000","53,30","26,65","","","","","","","","","","","CAIXA REFERENCIAL"]
["ASSENTAMENTO DE TUBOS E PECAS","ASTU","FORNEC E/OU ASSENT DE TUBO DE CONCRETO COM JUNTA E",51,"","","92851","TUBO DE CONCRETO PARA REDES COLETORAS DE ESGOTO SANITÁRIO, DIÂMETRO DE 400 MM, JUNTA ELÁSTICA, INSTALADO EM LOCAL COM ALTO NÍVEL DE INTERFERÊNCIAS - FORNECIMENTO E ASSENTAMENTO. AF_12/2015","M","ATRIBUÍDO SÃO PAULO","135,43","COMPOSICAO","88277","MONTADOR (TUBO AÇO/EQUIPAMENTOS) COM ENCARGOS COMPLEMENTARES","H","COEFICIENTE DE REPRESENTATIVIDADE","0,1470000","50,93","7,48","","","","","","","","","","","CAIXA REFERENCIAL"]
["ASSENTAMENTO DE TUBOS E PECAS","ASTU","FORNEC E/OU ASSENT DE TUBO DE CONCRETO COM JUNTA E",51,"","","92851","TUBO DE CONCRETO PARA REDES COLETORAS DE ESGOTO SANITÁRIO, DIÂMETRO DE 400 MM, JUNTA ELÁSTICA, INSTALADO EM LOCAL COM ALTO NÍVEL DE INTERFERÊNCIAS - FORNECIMENTO E ASSENTAMENTO. AF_12/2015","M","ATRIBUÍDO SÃO PAULO","135,43","COMPOSICAO","88316","SERVENTE COM ENCARGOS COMPLEMENTARES","H","COEFICIENTE DE REPRESENTATIVIDADE","0,2950000","15,69","4,62","","","","","","","","","","","CAIXA REFERENCIAL"]
["ASSENTAMENTO DE TUBOS E PECAS","ASTU","FORNEC E/OU ASSENT DE TUBO DE CONCRETO COM JUNTA E",51,"","","92852","ASSENTAMENTO DE TUBO DE CONCRETO PARA REDES COLETORAS DE ESGOTO SANITÁRIO, DIÂMETRO DE 400 MM, JUNTA ELÁSTICA, INSTALADO EM LOCAL COM ALTO NÍVEL DE INTERFERÊNCIAS (NÃO INCLUI FORNECIMENTO). AF_12/2015","M","ATRIBUÍDO SÃO PAULO","18,15","","","","","","","","","10,56","58,0808081","3,84","21,2121212","3,75","20,7070707","0,00","0,0000000","0,00","0,0000000","CAIXA REFERENCIAL"]
["ASSENTAMENTO DE TUBOS E PECAS","ASTU","FORNEC E/OU ASSENT DE TUBO DE CONCRETO COM JUNTA E",51,"","","92852","ASSENTAMENTO DE TUBO DE CONCRETO PARA REDES COLETORAS DE ESGOTO SANITÁRIO, DIÂMETRO DE 400 MM, JUNTA ELÁSTICA, INSTALADO EM LOCAL COM ALTO NÍVEL DE INTERFERÊNCIAS (NÃO INCLUI FORNECIMENTO). AF_12/2015","M","ATRIBUÍDO SÃO PAULO","18,15","COMPOSICAO","5631","ESCAVADEIRA HIDRÁULICA SOBRE ESTEIRAS, CAÇAMBA 0,80 M3, PESO OPERACIONAL 17 T, POTENCIA BRUTA 111 HP - CHP DIURNO. AF_06/2014","CHP","ATRIBUÍDO SÃO PAULO","0,0310000","149,54","4,63","","","","","","","","","","","CAIXA REFERENCIAL"]
["ASSENTAMENTO DE TUBOS E PECAS","ASTU","FORNEC E/OU ASSENT DE TUBO DE CONCRETO COM JUNTA E",51,"","","92852","ASSENTAMENTO DE TUBO DE CONCRETO PARA REDES COLETORAS DE ESGOTO SANITÁRIO, DIÂMETRO DE 400 MM, JUNTA ELÁSTICA, INSTALADO EM LOCAL COM ALTO NÍVEL DE INTERFERÊNCIAS (NÃO INCLUI FORNECIMENTO). AF_12/2015","M","ATRIBUÍDO SÃO PAULO","18,15","COMPOSICAO","5632","ESCAVADEIRA HIDRÁULICA SOBRE ESTEIRAS, CAÇAMBA 0,80 M3, PESO OPERACIONAL 17 T, POTENCIA BRUTA 111 HP - CHI DIURNO. AF_06/2014","CHI","ATRIBUÍDO SÃO PAULO","0,0660000","67,11","4,42","","","","","","","","","","","CAIXA REFERENCIAL"]
["ASSENTAMENTO DE TUBOS E PECAS","ASTU","FORNEC E/OU ASSENT DE TUBO DE CONCRETO COM JUNTA E",51,"","","92852","ASSENTAMENTO DE TUBO DE CONCRETO PARA REDES COLETORAS DE ESGOTO SANITÁRIO, DIÂMETRO DE 400 MM, JUNTA ELÁSTICA, INSTALADO EM LOCAL COM ALTO NÍVEL DE INTERFERÊNCIAS (NÃO INCLUI FORNECIMENTO). AF_12/2015","M","ATRIBUÍDO SÃO PAULO","18,15","COMPOSICAO","88246","ASSENTADOR DE TUBOS COM ENCARGOS COMPLEMENTARES","H","COEFICIENTE DE REPRESENTATIVIDADE","0,1470000","30,49","4,48","","","","","","","","","","","CAIXA REFERENCIAL"]
["ASSENTAMENTO DE TUBOS E PECAS","ASTU","FORNEC E/OU ASSENT DE TUBO DE CONCRETO COM JUNTA E",51,"","","92852","ASSENTAMENTO DE TUBO DE CONCRETO PARA REDES COLETORAS DE ESGOTO SANITÁRIO, DIÂMETRO DE 400 MM, JUNTA ELÁSTICA, INSTALADO EM LOCAL COM ALTO NÍVEL DE INTERFERÊNCIAS (NÃO INCLUI FORNECIMENTO). AF_12/2015","M","ATRIBUÍDO SÃO PAULO","18,15","COMPOSICAO","88316","SERVENTE COM ENCARGOS COMPLEMENTARES","H","COEFICIENTE DE REPRESENTATIVIDADE","0,2950000","15,69","4,62","","","","","","","","","","","CAIXA REFERENCIAL"]
["ASSENTAMENTO DE TUBOS E PECAS","ASTU","FORNEC E/OU ASSENT DE TUBO DE CONCRETO COM JUNTA E",51,"","","92853","TUBO DE CONCRETO PARA REDES COLETORAS DE ESGOTO SANITÁRIO, DIÂMETRO DE 500 MM, JUNTA ELÁSTICA, INSTALADO EM LOCAL COM ALTO NÍVEL DE INTERFERÊNCIAS - FORNECIMENTO E ASSENTAMENTO. AF_12/2015","M","ATRIBUÍDO SÃO PAULO","170,15","","","","","","","","","16,28","9,5706460","149,36","87,7731317","4,51","2,6562223","0,00","0,0000000","0,00","0,0000000","CAIXA REFERENCIAL"]
["ASSENTAMENTO DE TUBOS E PECAS","ASTU","FORNEC E/OU ASSENT DE TUBO DE CONCRETO COM JUNTA E",51,"","","92853","TUBO DE CONCRETO PARA REDES COLETORAS DE ESGOTO SANITÁRIO, DIÂMETRO DE 500 MM, JUNTA ELÁSTICA, INSTALADO EM LOCAL COM ALTO NÍVEL DE INTERFERÊNCIAS - FORNECIMENTO E ASSENTAMENTO. AF_12/2015","M","ATRIBUÍDO SÃO PAULO","170,15","COMPOSICAO","5631","ESCAVADEIRA HIDRÁULICA SOBRE ESTEIRAS, CAÇAMBA 0,80 M3, PESO OPERACIONAL 17 T, POTENCIA BRUTA 111 HP - CHP DIURNO. AF_06/2014","CHP","ATRIBUÍDO SÃO PAULO","0,0380000","149,54","5,68","","","","","","","","","","","CAIXA REFERENCIAL"]
["ASSENTAMENTO DE TUBOS E PECAS","ASTU","FORNEC E/OU ASSENT DE TUBO DE CONCRETO COM JUNTA E",51,"","","92853","TUBO DE CONCRETO PARA REDES COLETORAS DE ESGOTO SANITÁRIO, DIÂMETRO DE 500 MM, JUNTA ELÁSTICA, INSTALADO EM LOCAL COM ALTO NÍVEL DE INTERFERÊNCIAS - FORNECIMENTO E ASSENTAMENTO. AF_12/2015","M","ATRIBUÍDO SÃO PAULO","170,15","COMPOSICAO","5632","ESCAVADEIRA HIDRÁULICA SOBRE ESTEIRAS, CAÇAMBA 0,80 M3, PESO OPERACIONAL 17 T, POTENCIA BRUTA 111 HP - CHI DIURNO. AF_06/2014","CHI","ATRIBUÍDO SÃO PAULO","0,0800000","67,11","5,36","","","","","","","","","","","CAIXA REFERENCIAL"]
["ASSENTAMENTO DE TUBOS E PECAS","ASTU","FORNEC E/OU ASSENT DE TUBO DE CONCRETO COM JUNTA E",51,"","","92853","TUBO DE CONCRETO PARA REDES COLETORAS DE ESGOTO SANITÁRIO, DIÂMETRO DE 500 MM, JUNTA ELÁSTICA, INSTALADO EM LOCAL COM ALTO NÍVEL DE INTERFERÊNCIAS - FORNECIMENTO E ASSENTAMENTO. AF_12/2015","M","ATRIBUÍDO SÃO PAULO","170,15","INSUMO","7741","TUBO CONCRETO ARMADO, CLASSE EA-2, PB JE, DN 500 MM, PARA ESGOTO SANITARIO (NBR 8890)","M","ATRIBUÍDO SÃO PAULO","1,0300000","107,38","110,60","","","","","","","","","","","CAIXA REFERENCIAL"]
["ASSENTAMENTO DE TUBOS E PECAS","ASTU","FORNEC E/OU ASSENT DE TUBO DE CONCRETO COM JUNTA E",51,"","","92853","TUBO DE CONCRETO PARA REDES COLETORAS DE ESGOTO SANITÁRIO, DIÂMETRO DE 500 MM, JUNTA ELÁSTICA, INSTALADO EM LOCAL COM ALTO NÍVEL DE INTERFERÊNCIAS - FORNECIMENTO E ASSENTAMENTO. AF_12/2015","M","ATRIBUÍDO SÃO PAULO","170,15","INSUMO","40342","ANEL DE VEDACAO/JUNTA ELASTICA, H = *16* MM, PARA TUBO DE CONCRETO DN 500 MM","UN","ATRIBUÍDO SÃO PAULO","0,5000000","67,58","33,79","","","","","","","","","","","CAIXA REFERENCIAL"]
["ASSENTAMENTO DE TUBOS E PECAS","ASTU","FORNEC E/OU ASSENT DE TUBO DE CONCRETO COM JUNTA E",51,"","","92853","TUBO DE CONCRETO PARA REDES COLETORAS DE ESGOTO SANITÁRIO, DIÂMETRO DE 500 MM, JUNTA ELÁSTICA, INSTALADO EM LOCAL COM ALTO NÍVEL DE INTERFERÊNCIAS - FORNECIMENTO E ASSENTAMENTO. AF_12/2015","M","ATRIBUÍDO SÃO PAULO","170,15","COMPOSICAO","88277","MONTADOR (TUBO AÇO/EQUIPAMENTOS) COM ENCARGOS COMPLEMENTARES","H","COEFICIENTE DE REPRESENTATIVIDADE","0,1790000","50,93","9,11","","","","","","","","","","","CAIXA REFERENCIAL"]
["ASSENTAMENTO DE TUBOS E PECAS","ASTU","FORNEC E/OU ASSENT DE TUBO DE CONCRETO COM JUNTA E",51,"","","92853","TUBO DE CONCRETO PARA REDES COLETORAS DE ESGOTO SANITÁRIO, DIÂMETRO DE 500 MM, JUNTA ELÁSTICA, INSTALADO EM LOCAL COM ALTO NÍVEL DE INTERFERÊNCIAS - FORNECIMENTO E ASSENTAMENTO. AF_12/2015","M","ATRIBUÍDO SÃO PAULO","170,15","COMPOSICAO","88316","SERVENTE COM ENCARGOS COMPLEMENTARES","H","COEFICIENTE DE REPRESENTATIVIDADE","0,3580000","15,69","5,61","","","","","","","","","","","CAIXA REFERENCIAL"]
["ASSENTAMENTO DE TUBOS E PECAS","ASTU","FORNEC E/OU ASSENT DE TUBO DE CONCRETO COM JUNTA E",51,"","","92854","ASSENTAMENTO DE TUBO DE CONCRETO PARA REDES COLETORAS DE ESGOTO SANITÁRIO, DIÂMETRO DE 500 MM, JUNTA ELÁSTICA, INSTALADO EM LOCAL COM ALTO NÍVEL DE INTERFERÊNCIAS (NÃO INCLUI FORNECIMENTO). AF_12/2015","M","ATRIBUÍDO SÃO PAULO","22,10","","","","","","","","","12,81","57,9310346","4,71","21,3333333","4,58","20,7356321","0,00","0,0000000","0,00","0,0000000","CAIXA REFERENCIAL"]
["ASSENTAMENTO DE TUBOS E PECAS","ASTU","FORNEC E/OU ASSENT DE TUBO DE CONCRETO COM JUNTA E",51,"","","92854","ASSENTAMENTO DE TUBO DE CONCRETO PARA REDES COLETORAS DE ESGOTO SANITÁRIO, DIÂMETRO DE 500 MM, JUNTA ELÁSTICA, INSTALADO EM LOCAL COM ALTO NÍVEL DE INTERFERÊNCIAS (NÃO INCLUI FORNECIMENTO). AF_12/2015","M","ATRIBUÍDO SÃO PAULO","22,10","COMPOSICAO","5631","ESCAVADEIRA HIDRÁULICA SOBRE ESTEIRAS, CAÇAMBA 0,80 M3, PESO OPERACIONAL 17 T, POTENCIA BRUTA 111 HP - CHP DIURNO. AF_06/2014","CHP","ATRIBUÍDO SÃO PAULO","0,0380000","149,54","5,68","","","","","","","","","","","CAIXA REFERENCIAL"]
["ASSENTAMENTO DE TUBOS E PECAS","ASTU","FORNEC E/OU ASSENT DE TUBO DE CONCRETO COM JUNTA E",51,"","","92854","ASSENTAMENTO DE TUBO DE CONCRETO PARA REDES COLETORAS DE ESGOTO SANITÁRIO, DIÂMETRO DE 500 MM, JUNTA ELÁSTICA, INSTALADO EM LOCAL COM ALTO NÍVEL DE INTERFERÊNCIAS (NÃO INCLUI FORNECIMENTO). AF_12/2015","M","ATRIBUÍDO SÃO PAULO","22,10","COMPOSICAO","5632","ESCAVADEIRA HIDRÁULICA SOBRE ESTEIRAS, CAÇAMBA 0,80 M3, PESO OPERACIONAL 17 T, POTENCIA BRUTA 111 HP - CHI DIURNO. AF_06/2014","CHI","ATRIBUÍDO SÃO PAULO","0,0800000","67,11","5,36","","","","","","","","","","","CAIXA REFERENCIAL"]
["ASSENTAMENTO DE TUBOS E PECAS","ASTU","FORNEC E/OU ASSENT DE TUBO DE CONCRETO COM JUNTA E",51,"","","92854","ASSENTAMENTO DE TUBO DE CONCRETO PARA REDES COLETORAS DE ESGOTO SANITÁRIO, DIÂMETRO DE 500 MM, JUNTA ELÁSTICA, INSTALADO EM LOCAL COM ALTO NÍVEL DE INTERFERÊNCIAS (NÃO INCLUI FORNECIMENTO). AF_12/2015","M","ATRIBUÍDO SÃO PAULO","22,10","COMPOSICAO","88246","ASSENTADOR DE TUBOS COM ENCARGOS COMPLEMENTARES","H","COEFICIENTE DE REPRESENTATIVIDADE","0,1790000","30,49","5,45","","","","","","","","","","","CAIXA REFERENCIAL"]
["ASSENTAMENTO DE TUBOS E PECAS","ASTU","FORNEC E/OU ASSENT DE TUBO DE CONCRETO COM JUNTA E",51,"","","92854","ASSENTAMENTO DE TUBO DE CONCRETO PARA REDES COLETORAS DE ESGOTO SANITÁRIO, DIÂMETRO DE 500 MM, JUNTA ELÁSTICA, INSTALADO EM LOCAL COM ALTO NÍVEL DE INTERFERÊNCIAS (NÃO INCLUI FORNECIMENTO). AF_12/2015","M","ATRIBUÍDO SÃO PAULO","22,10","COMPOSICAO","88316","SERVENTE COM ENCARGOS COMPLEMENTARES","H","COEFICIENTE DE REPRESENTATIVIDADE","0,3580000","15,69","5,61","","","","","","","","","","","CAIXA REFERENCIAL"]
["ASSENTAMENTO DE TUBOS E PECAS","ASTU","FORNEC E/OU ASSENT DE TUBO DE CONCRETO COM JUNTA E",51,"","","92855","TUBO DE CONCRETO PARA REDES COLETORAS DE ESGOTO SANITÁRIO, DIÂMETRO DE 600 MM, JUNTA ELÁSTICA, INSTALADO EM LOCAL COM ALTO NÍVEL DE INTERFERÊNCIAS - FORNECIMENTO E ASSENTAMENTO. AF_12/2015","M","ATRIBUÍDO SÃO PAULO","220,69","","","","","","","","","19,17","8,6901248","196,20","88,8989785","5,32","2,4108967","0,00","0,0000000","0,00","0,0000000","CAIXA REFERENCIAL"]
["ASSENTAMENTO DE TUBOS E PECAS","ASTU","FORNEC E/OU ASSENT DE TUBO DE CONCRETO COM JUNTA E",51,"","","92855","TUBO DE CONCRETO PARA REDES COLETORAS DE ESGOTO SANITÁRIO, DIÂMETRO DE 600 MM, JUNTA ELÁSTICA, INSTALADO EM LOCAL COM ALTO NÍVEL DE INTERFERÊNCIAS - FORNECIMENTO E ASSENTAMENTO. AF_12/2015","M","ATRIBUÍDO SÃO PAULO","220,69","COMPOSICAO","5631","ESCAVADEIRA HIDRÁULICA SOBRE ESTEIRAS, CAÇAMBA 0,80 M3, PESO OPERACIONAL 17 T, POTENCIA BRUTA 111 HP - CHP DIURNO. AF_06/2014","CHP","ATRIBUÍDO SÃO PAULO","0,0450000","149,54","6,72","","","","","","","","","","","CAIXA REFERENCIAL"]
["ASSENTAMENTO DE TUBOS E PECAS","ASTU","FORNEC E/OU ASSENT DE TUBO DE CONCRETO COM JUNTA E",51,"","","92855","TUBO DE CONCRETO PARA REDES COLETORAS DE ESGOTO SANITÁRIO, DIÂMETRO DE 600 MM, JUNTA ELÁSTICA, INSTALADO EM LOCAL COM ALTO NÍVEL DE INTERFERÊNCIAS - FORNECIMENTO E ASSENTAMENTO. AF_12/2015","M","ATRIBUÍDO SÃO PAULO","220,69","COMPOSICAO","5632","ESCAVADEIRA HIDRÁULICA SOBRE ESTEIRAS, CAÇAMBA 0,80 M3, PESO OPERACIONAL 17 T, POTENCIA BRUTA 111 HP - CHI DIURNO. AF_06/2014","CHI","ATRIBUÍDO SÃO PAULO","0,0940000","67,11","6,30","","","","","","","","","","","CAIXA REFERENCIAL"]
["ASSENTAMENTO DE TUBOS E PECAS","ASTU","FORNEC E/OU ASSENT DE TUBO DE CONCRETO COM JUNTA E",51,"","","92855","TUBO DE CONCRETO PARA REDES COLETORAS DE ESGOTO SANITÁRIO, DIÂMETRO DE 600 MM, JUNTA ELÁSTICA, INSTALADO EM LOCAL COM ALTO NÍVEL DE INTERFERÊNCIAS - FORNECIMENTO E ASSENTAMENTO. AF_12/2015","M","ATRIBUÍDO SÃO PAULO","220,69","INSUMO","7774","TUBO CONCRETO ARMADO, CLASSE EA-2, PB JE, DN 600 MM, PARA ESGOTO SANITARIO (NBR 8890)","M","ATRIBUÍDO SÃO PAULO","1,0300000","144,55","148,88","","","","","","","","","","","CAIXA REFERENCIAL"]
["ASSENTAMENTO DE TUBOS E PECAS","ASTU","FORNEC E/OU ASSENT DE TUBO DE CONCRETO COM JUNTA E",51,"","","92855","TUBO DE CONCRETO PARA REDES COLETORAS DE ESGOTO SANITÁRIO, DIÂMETRO DE 600 MM, JUNTA ELÁSTICA, INSTALADO EM LOCAL COM ALTO NÍVEL DE INTERFERÊNCIAS - FORNECIMENTO E ASSENTAMENTO. AF_12/2015","M","ATRIBUÍDO SÃO PAULO","220,69","INSUMO","40343","ANEL DE VEDACAO/JUNTA ELASTICA, H = *16* MM, PARA TUBO DE CONCRETO DN 600 MM","UN","ATRIBUÍDO SÃO PAULO","0,5000000","82,91","41,45","","","","","","","","","","","CAIXA REFERENCIAL"]
["ASSENTAMENTO DE TUBOS E PECAS","ASTU","FORNEC E/OU ASSENT DE TUBO DE CONCRETO COM JUNTA E",51,"","","92855","TUBO DE CONCRETO PARA REDES COLETORAS DE ESGOTO SANITÁRIO, DIÂMETRO DE 600 MM, JUNTA ELÁSTICA, INSTALADO EM LOCAL COM ALTO NÍVEL DE INTERFERÊNCIAS - FORNECIMENTO E ASSENTAMENTO. AF_12/2015","M","ATRIBUÍDO SÃO PAULO","220,69","COMPOSICAO","88277","MONTADOR (TUBO AÇO/EQUIPAMENTOS) COM ENCARGOS COMPLEMENTARES","H","COEFICIENTE DE REPRESENTATIVIDADE","0,2110000","50,93","10,74","","","","","","","","","","","CAIXA REFERENCIAL"]
["ASSENTAMENTO DE TUBOS E PECAS","ASTU","FORNEC E/OU ASSENT DE TUBO DE CONCRETO COM JUNTA E",51,"","","92855","TUBO DE CONCRETO PARA REDES COLETORAS DE ESGOTO SANITÁRIO, DIÂMETRO DE 600 MM, JUNTA ELÁSTICA, INSTALADO EM LOCAL COM ALTO NÍVEL DE INTERFERÊNCIAS - FORNECIMENTO E ASSENTAMENTO. AF_12/2015","M","ATRIBUÍDO SÃO PAULO","220,69","COMPOSICAO","88316","SERVENTE COM ENCARGOS COMPLEMENTARES","H","COEFICIENTE DE REPRESENTATIVIDADE","0,4210000","15,69","6,60","","","","","","","","","","","CAIXA REFERENCIAL"]
["ASSENTAMENTO DE TUBOS E PECAS","ASTU","FORNEC E/OU ASSENT DE TUBO DE CONCRETO COM JUNTA E",51,"","","92856","ASSENTAMENTO DE TUBO DE CONCRETO PARA REDES COLETORAS DE ESGOTO SANITÁRIO, DIÂMETRO DE 600 MM, JUNTA ELÁSTICA, INSTALADO EM LOCAL COM ALTO NÍVEL DE INTERFERÊNCIAS (NÃO INCLUI FORNECIMENTO). AF_12/2015","M","ATRIBUÍDO SÃO PAULO","26,05","","","","","","","","","15,09","57,9070676","5,56","21,3588442","5,40","20,7340882","0,00","0,0000000","0,00","0,0000000","CAIXA REFERENCIAL"]
["ASSENTAMENTO DE TUBOS E PECAS","ASTU","FORNEC E/OU ASSENT DE TUBO DE CONCRETO COM JUNTA E",51,"","","92856","ASSENTAMENTO DE TUBO DE CONCRETO PARA REDES COLETORAS DE ESGOTO SANITÁRIO, DIÂMETRO DE 600 MM, JUNTA ELÁSTICA, INSTALADO EM LOCAL COM ALTO NÍVEL DE INTERFERÊNCIAS (NÃO INCLUI FORNECIMENTO). AF_12/2015","M","ATRIBUÍDO SÃO PAULO","26,05","COMPOSICAO","5631","ESCAVADEIRA HIDRÁULICA SOBRE ESTEIRAS, CAÇAMBA 0,80 M3, PESO OPERACIONAL 17 T, POTENCIA BRUTA 111 HP - CHP DIURNO. AF_06/2014","CHP","ATRIBUÍDO SÃO PAULO","0,0450000","149,54","6,72","","","","","","","","","","","CAIXA REFERENCIAL"]
["ASSENTAMENTO DE TUBOS E PECAS","ASTU","FORNEC E/OU ASSENT DE TUBO DE CONCRETO COM JUNTA E",51,"","","92856","ASSENTAMENTO DE TUBO DE CONCRETO PARA REDES COLETORAS DE ESGOTO SANITÁRIO, DIÂMETRO DE 600 MM, JUNTA ELÁSTICA, INSTALADO EM LOCAL COM ALTO NÍVEL DE INTERFERÊNCIAS (NÃO INCLUI FORNECIMENTO). AF_12/2015","M","ATRIBUÍDO SÃO PAULO","26,05","COMPOSICAO","5632","ESCAVADEIRA HIDRÁULICA SOBRE ESTEIRAS, CAÇAMBA 0,80 M3, PESO OPERACIONAL 17 T, POTENCIA BRUTA 111 HP - CHI DIURNO. AF_06/2014","CHI","ATRIBUÍDO SÃO PAULO","0,0940000","67,11","6,30","","","","","","","","","","","CAIXA REFERENCIAL"]
["ASSENTAMENTO DE TUBOS E PECAS","ASTU","FORNEC E/OU ASSENT DE TUBO DE CONCRETO COM JUNTA E",51,"","","92856","ASSENTAMENTO DE TUBO DE CONCRETO PARA REDES COLETORAS DE ESGOTO SANITÁRIO, DIÂMETRO DE 600 MM, JUNTA ELÁSTICA, INSTALADO EM LOCAL COM ALTO NÍVEL DE INTERFERÊNCIAS (NÃO INCLUI FORNECIMENTO). AF_12/2015","M","ATRIBUÍDO SÃO PAULO","26,05","COMPOSICAO","88246","ASSENTADOR DE TUBOS COM ENCARGOS COMPLEMENTARES","H","COEFICIENTE DE REPRESENTATIVIDADE","0,2110000","30,49","6,43","","","","","","","","","","","CAIXA REFERENCIAL"]
["ASSENTAMENTO DE TUBOS E PECAS","ASTU","FORNEC E/OU ASSENT DE TUBO DE CONCRETO COM JUNTA E",51,"","","92856","ASSENTAMENTO DE TUBO DE CONCRETO PARA REDES COLETORAS DE ESGOTO SANITÁRIO, DIÂMETRO DE 600 MM, JUNTA ELÁSTICA, INSTALADO EM LOCAL COM ALTO NÍVEL DE INTERFERÊNCIAS (NÃO INCLUI FORNECIMENTO). AF_12/2015","M","ATRIBUÍDO SÃO PAULO","26,05","COMPOSICAO","88316","SERVENTE COM ENCARGOS COMPLEMENTARES","H","COEFICIENTE DE REPRESENTATIVIDADE","0,4210000","15,69","6,60","","","","","","","","","","","CAIXA REFERENCIAL"]
["ASSENTAMENTO DE TUBOS E PECAS","ASTU","FORNEC E/OU ASSENT DE TUBO DE CONCRETO COM JUNTA E",51,"","","92857","TUBO DE CONCRETO PARA REDES COLETORAS DE ESGOTO SANITÁRIO, DIÂMETRO DE 700 MM, JUNTA ELÁSTICA, INSTALADO EM LOCAL COM ALTO NÍVEL DE INTERFERÊNCIAS - FORNECIMENTO E ASSENTAMENTO. AF_12/2015","M","ATRIBUÍDO SÃO PAULO","250,22","","","","","","","","","22,01","8,7964445","222,14","88,7772263","6,07","2,4263292","0,00","0,0000000","0,00","0,0000000","CAIXA REFERENCIAL"]
["ASSENTAMENTO DE TUBOS E PECAS","ASTU","FORNEC E/OU ASSENT DE TUBO DE CONCRETO COM JUNTA E",51,"","","92857","TUBO DE CONCRETO PARA REDES COLETORAS DE ESGOTO SANITÁRIO, DIÂMETRO DE 700 MM, JUNTA ELÁSTICA, INSTALADO EM LOCAL COM ALTO NÍVEL DE INTERFERÊNCIAS - FORNECIMENTO E ASSENTAMENTO. AF_12/2015","M","ATRIBUÍDO SÃO PAULO","250,22","COMPOSICAO","5631","ESCAVADEIRA HIDRÁULICA SOBRE ESTEIRAS, CAÇAMBA 0,80 M3, PESO OPERACIONAL 17 T, POTENCIA BRUTA 111 HP - CHP DIURNO. AF_06/2014","CHP","ATRIBUÍDO SÃO PAULO","0,0510000","149,54","7,62","","","","","","","","","","","CAIXA REFERENCIAL"]
["ASSENTAMENTO DE TUBOS E PECAS","ASTU","FORNEC E/OU ASSENT DE TUBO DE CONCRETO COM JUNTA E",51,"","","92857","TUBO DE CONCRETO PARA REDES COLETORAS DE ESGOTO SANITÁRIO, DIÂMETRO DE 700 MM, JUNTA ELÁSTICA, INSTALADO EM LOCAL COM ALTO NÍVEL DE INTERFERÊNCIAS - FORNECIMENTO E ASSENTAMENTO. AF_12/2015","M","ATRIBUÍDO SÃO PAULO","250,22","COMPOSICAO","5632","ESCAVADEIRA HIDRÁULICA SOBRE ESTEIRAS, CAÇAMBA 0,80 M3, PESO OPERACIONAL 17 T, POTENCIA BRUTA 111 HP - CHI DIURNO. AF_06/2014","CHI","ATRIBUÍDO SÃO PAULO","0,1080000","67,11","7,24","","","","","","","","","","","CAIXA REFERENCIAL"]
["ASSENTAMENTO DE TUBOS E PECAS","ASTU","FORNEC E/OU ASSENT DE TUBO DE CONCRETO COM JUNTA E",51,"","","92857","TUBO DE CONCRETO PARA REDES COLETORAS DE ESGOTO SANITÁRIO, DIÂMETRO DE 700 MM, JUNTA ELÁSTICA, INSTALADO EM LOCAL COM ALTO NÍVEL DE INTERFERÊNCIAS - FORNECIMENTO E ASSENTAMENTO. AF_12/2015","M","ATRIBUÍDO SÃO PAULO","250,22","INSUMO","7744","TUBO CONCRETO ARMADO, CLASSE EA-2, PB JE, DN 700 MM, PARA ESGOTO SANITARIO (NBR 8890)","M","ATRIBUÍDO SÃO PAULO","1,0300000","166,63","171,62","","","","","","","","","","","CAIXA REFERENCIAL"]
["ASSENTAMENTO DE TUBOS E PECAS","ASTU","FORNEC E/OU ASSENT DE TUBO DE CONCRETO COM JUNTA E",51,"","","92857","TUBO DE CONCRETO PARA REDES COLETORAS DE ESGOTO SANITÁRIO, DIÂMETRO DE 700 MM, JUNTA ELÁSTICA, INSTALADO EM LOCAL COM ALTO NÍVEL DE INTERFERÊNCIAS - FORNECIMENTO E ASSENTAMENTO. AF_12/2015","M","ATRIBUÍDO SÃO PAULO","250,22","INSUMO","40344","ANEL DE VEDACAO/JUNTA ELASTICA, H = *18* MM, PARA TUBO DE CONCRETO DN 700 MM","UN","ATRIBUÍDO SÃO PAULO","0,5000000","87,66","43,83","","","","","","","","","","","CAIXA REFERENCIAL"]
["ASSENTAMENTO DE TUBOS E PECAS","ASTU","FORNEC E/OU ASSENT DE TUBO DE CONCRETO COM JUNTA E",51,"","","92857","TUBO DE CONCRETO PARA REDES COLETORAS DE ESGOTO SANITÁRIO, DIÂMETRO DE 700 MM, JUNTA ELÁSTICA, INSTALADO EM LOCAL COM ALTO NÍVEL DE INTERFERÊNCIAS - FORNECIMENTO E ASSENTAMENTO. AF_12/2015","M","ATRIBUÍDO SÃO PAULO","250,22","COMPOSICAO","88277","MONTADOR (TUBO AÇO/EQUIPAMENTOS) COM ENCARGOS COMPLEMENTARES","H","COEFICIENTE DE REPRESENTATIVIDADE","0,2420000","50,93","12,32","","","","","","","","","","","CAIXA REFERENCIAL"]
["ASSENTAMENTO DE TUBOS E PECAS","ASTU","FORNEC E/OU ASSENT DE TUBO DE CONCRETO COM JUNTA E",51,"","","92857","TUBO DE CONCRETO PARA REDES COLETORAS DE ESGOTO SANITÁRIO, DIÂMETRO DE 700 MM, JUNTA ELÁSTICA, INSTALADO EM LOCAL COM ALTO NÍVEL DE INTERFERÊNCIAS - FORNECIMENTO E ASSENTAMENTO. AF_12/2015","M","ATRIBUÍDO SÃO PAULO","250,22","COMPOSICAO","88316","SERVENTE COM ENCARGOS COMPLEMENTARES","H","COEFICIENTE DE REPRESENTATIVIDADE","0,4840000","15,69","7,59","","","","","","","","","","","CAIXA REFERENCIAL"]
["ASSENTAMENTO DE TUBOS E PECAS","ASTU","FORNEC E/OU ASSENT DE TUBO DE CONCRETO COM JUNTA E",51,"","","92858","ASSENTAMENTO DE TUBO DE CONCRETO PARA REDES COLETORAS DE ESGOTO SANITÁRIO, DIÂMETRO DE 700 MM, JUNTA ELÁSTICA, INSTALADO EM LOCAL COM ALTO NÍVEL DE INTERFERÊNCIAS (NÃO INCLUI FORNECIMENTO). AF_12/2015","M","ATRIBUÍDO SÃO PAULO","29,82","","","","","","","","","17,30","57,9700274","6,37","21,3896457","6,15","20,6403269","0,00","0,0000000","0,00","0,0000000","CAIXA REFERENCIAL"]
["ASSENTAMENTO DE TUBOS E PECAS","ASTU","FORNEC E/OU ASSENT DE TUBO DE CONCRETO COM JUNTA E",51,"","","92858","ASSENTAMENTO DE TUBO DE CONCRETO PARA REDES COLETORAS DE ESGOTO SANITÁRIO, DIÂMETRO DE 700 MM, JUNTA ELÁSTICA, INSTALADO EM LOCAL COM ALTO NÍVEL DE INTERFERÊNCIAS (NÃO INCLUI FORNECIMENTO). AF_12/2015","M","ATRIBUÍDO SÃO PAULO","29,82","COMPOSICAO","5631","ESCAVADEIRA HIDRÁULICA SOBRE ESTEIRAS, CAÇAMBA 0,80 M3, PESO OPERACIONAL 17 T, POTENCIA BRUTA 111 HP - CHP DIURNO. AF_06/2014","CHP","ATRIBUÍDO SÃO PAULO","0,0510000","149,54","7,62","","","","","","","","","","","CAIXA REFERENCIAL"]
["ASSENTAMENTO DE TUBOS E PECAS","ASTU","FORNEC E/OU ASSENT DE TUBO DE CONCRETO COM JUNTA E",51,"","","92858","ASSENTAMENTO DE TUBO DE CONCRETO PARA REDES COLETORAS DE ESGOTO SANITÁRIO, DIÂMETRO DE 700 MM, JUNTA ELÁSTICA, INSTALADO EM LOCAL COM ALTO NÍVEL DE INTERFERÊNCIAS (NÃO INCLUI FORNECIMENTO). AF_12/2015","M","ATRIBUÍDO SÃO PAULO","29,82","COMPOSICAO","5632","ESCAVADEIRA HIDRÁULICA SOBRE ESTEIRAS, CAÇAMBA 0,80 M3, PESO OPERACIONAL 17 T, POTENCIA BRUTA 111 HP - CHI DIURNO. AF_06/2014","CHI","ATRIBUÍDO SÃO PAULO","0,1080000","67,11","7,24","","","","","","","","","","","CAIXA REFERENCIAL"]
["ASSENTAMENTO DE TUBOS E PECAS","ASTU","FORNEC E/OU ASSENT DE TUBO DE CONCRETO COM JUNTA E",51,"","","92858","ASSENTAMENTO DE TUBO DE CONCRETO PARA REDES COLETORAS DE ESGOTO SANITÁRIO, DIÂMETRO DE 700 MM, JUNTA ELÁSTICA, INSTALADO EM LOCAL COM ALTO NÍVEL DE INTERFERÊNCIAS (NÃO INCLUI FORNECIMENTO). AF_12/2015","M","ATRIBUÍDO SÃO PAULO","29,82","COMPOSICAO","88246","ASSENTADOR DE TUBOS COM ENCARGOS COMPLEMENTARES","H","COEFICIENTE DE REPRESENTATIVIDADE","0,2420000","30,49","7,37","","","","","","","","","","","CAIXA REFERENCIAL"]
["ASSENTAMENTO DE TUBOS E PECAS","ASTU","FORNEC E/OU ASSENT DE TUBO DE CONCRETO COM JUNTA E",51,"","","92858","ASSENTAMENTO DE TUBO DE CONCRETO PARA REDES COLETORAS DE ESGOTO SANITÁRIO, DIÂMETRO DE 700 MM, JUNTA ELÁSTICA, INSTALADO EM LOCAL COM ALTO NÍVEL DE INTERFERÊNCIAS (NÃO INCLUI FORNECIMENTO). AF_12/2015","M","ATRIBUÍDO SÃO PAULO","29,82","COMPOSICAO","88316","SERVENTE COM ENCARGOS COMPLEMENTARES","H","COEFICIENTE DE REPRESENTATIVIDADE","0,4840000","15,69","7,59","","","","","","","","","","","CAIXA REFERENCIAL"]
["ASSENTAMENTO DE TUBOS E PECAS","ASTU","FORNEC E/OU ASSENT DE TUBO DE CONCRETO COM JUNTA E",51,"","","92860","ASSENTAMENTO DE TUBO DE CONCRETO PARA REDES COLETORAS DE ESGOTO SANITÁRIO, DIÂMETRO DE 800 MM, JUNTA ELÁSTICA, INSTALADO EM LOCAL COM ALTO NÍVEL DE INTERFERÊNCIAS (NÃO INCLUI FORNECIMENTO). AF_12/2015","M","ATRIBUÍDO SÃO PAULO","33,86","","","","","","","","","19,54","57,6808130","7,32","21,6377764","7,00","20,6814106","0,00","0,0000000","0,00","0,0000000","CAIXA REFERENCIAL"]
["ASSENTAMENTO DE TUBOS E PECAS","ASTU","FORNEC E/OU ASSENT DE TUBO DE CONCRETO COM JUNTA E",51,"","","92860","ASSENTAMENTO DE TUBO DE CONCRETO PARA REDES COLETORAS DE ESGOTO SANITÁRIO, DIÂMETRO DE 800 MM, JUNTA ELÁSTICA, INSTALADO EM LOCAL COM ALTO NÍVEL DE INTERFERÊNCIAS (NÃO INCLUI FORNECIMENTO). AF_12/2015","M","ATRIBUÍDO SÃO PAULO","33,86","COMPOSICAO","5631","ESCAVADEIRA HIDRÁULICA SOBRE ESTEIRAS, CAÇAMBA 0,80 M3, PESO OPERACIONAL 17 T, POTENCIA BRUTA 111 HP - CHP DIURNO. AF_06/2014","CHP","ATRIBUÍDO SÃO PAULO","0,0580000","149,54","8,67","","","","","","","","","","","CAIXA REFERENCIAL"]
["ASSENTAMENTO DE TUBOS E PECAS","ASTU","FORNEC E/OU ASSENT DE TUBO DE CONCRETO COM JUNTA E",51,"","","92860","ASSENTAMENTO DE TUBO DE CONCRETO PARA REDES COLETORAS DE ESGOTO SANITÁRIO, DIÂMETRO DE 800 MM, JUNTA ELÁSTICA, INSTALADO EM LOCAL COM ALTO NÍVEL DE INTERFERÊNCIAS (NÃO INCLUI FORNECIMENTO). AF_12/2015","M","ATRIBUÍDO SÃO PAULO","33,86","COMPOSICAO","5632","ESCAVADEIRA HIDRÁULICA SOBRE ESTEIRAS, CAÇAMBA 0,80 M3, PESO OPERACIONAL 17 T, POTENCIA BRUTA 111 HP - CHI DIURNO. AF_06/2014","CHI","ATRIBUÍDO SÃO PAULO","0,1230000","67,11","8,25","","","","","","","","","","","CAIXA REFERENCIAL"]
["ASSENTAMENTO DE TUBOS E PECAS","ASTU","FORNEC E/OU ASSENT DE TUBO DE CONCRETO COM JUNTA E",51,"","","92860","ASSENTAMENTO DE TUBO DE CONCRETO PARA REDES COLETORAS DE ESGOTO SANITÁRIO, DIÂMETRO DE 800 MM, JUNTA ELÁSTICA, INSTALADO EM LOCAL COM ALTO NÍVEL DE INTERFERÊNCIAS (NÃO INCLUI FORNECIMENTO). AF_12/2015","M","ATRIBUÍDO SÃO PAULO","33,86","COMPOSICAO","88246","ASSENTADOR DE TUBOS COM ENCARGOS COMPLEMENTARES","H","COEFICIENTE DE REPRESENTATIVIDADE","0,2740000","30,49","8,35","","","","","","","","","","","CAIXA REFERENCIAL"]
["ASSENTAMENTO DE TUBOS E PECAS","ASTU","FORNEC E/OU ASSENT DE TUBO DE CONCRETO COM JUNTA E",51,"","","92860","ASSENTAMENTO DE TUBO DE CONCRETO PARA REDES COLETORAS DE ESGOTO SANITÁRIO, DIÂMETRO DE 800 MM, JUNTA ELÁSTICA, INSTALADO EM LOCAL COM ALTO NÍVEL DE INTERFERÊNCIAS (NÃO INCLUI FORNECIMENTO). AF_12/2015","M","ATRIBUÍDO SÃO PAULO","33,86","COMPOSICAO","88316","SERVENTE COM ENCARGOS COMPLEMENTARES","H","COEFICIENTE DE REPRESENTATIVIDADE","0,5480000","15,69","8,59","","","","","","","","","","","CAIXA REFERENCIAL"]
["ASSENTAMENTO DE TUBOS E PECAS","ASTU","FORNEC E/OU ASSENT DE TUBO DE CONCRETO COM JUNTA E",51,"","","92862","ASSENTAMENTO DE TUBO DE CONCRETO PARA REDES COLETORAS DE ESGOTO SANITÁRIO, DIÂMETRO DE 900 MM, JUNTA ELÁSTICA, INSTALADO EM LOCAL COM ALTO NÍVEL DE INTERFERÊNCIAS (NÃO INCLUI FORNECIMENTO). AF_12/2015","M","ATRIBUÍDO SÃO PAULO","37,78","","","","","","","","","21,76","57,5668450","8,23","21,7914438","7,79","20,6417112","0,00","0,0000000","0,00","0,0000000","CAIXA REFERENCIAL"]
["ASSENTAMENTO DE TUBOS E PECAS","ASTU","FORNEC E/OU ASSENT DE TUBO DE CONCRETO COM JUNTA E",51,"","","92862","ASSENTAMENTO DE TUBO DE CONCRETO PARA REDES COLETORAS DE ESGOTO SANITÁRIO, DIÂMETRO DE 900 MM, JUNTA ELÁSTICA, INSTALADO EM LOCAL COM ALTO NÍVEL DE INTERFERÊNCIAS (NÃO INCLUI FORNECIMENTO). AF_12/2015","M","ATRIBUÍDO SÃO PAULO","37,78","COMPOSICAO","5631","ESCAVADEIRA HIDRÁULICA SOBRE ESTEIRAS, CAÇAMBA 0,80 M3, PESO OPERACIONAL 17 T, POTENCIA BRUTA 111 HP - CHP DIURNO. AF_06/2014","CHP","ATRIBUÍDO SÃO PAULO","0,0650000","149,54","9,72","","","","","","","","","","","CAIXA REFERENCIAL"]
["ASSENTAMENTO DE TUBOS E PECAS","ASTU","FORNEC E/OU ASSENT DE TUBO DE CONCRETO COM JUNTA E",51,"","","92862","ASSENTAMENTO DE TUBO DE CONCRETO PARA REDES COLETORAS DE ESGOTO SANITÁRIO, DIÂMETRO DE 900 MM, JUNTA ELÁSTICA, INSTALADO EM LOCAL COM ALTO NÍVEL DE INTERFERÊNCIAS (NÃO INCLUI FORNECIMENTO). AF_12/2015","M","ATRIBUÍDO SÃO PAULO","37,78","COMPOSICAO","5632","ESCAVADEIRA HIDRÁULICA SOBRE ESTEIRAS, CAÇAMBA 0,80 M3, PESO OPERACIONAL 17 T, POTENCIA BRUTA 111 HP - CHI DIURNO. AF_06/2014","CHI","ATRIBUÍDO SÃO PAULO","0,1370000","67,11","9,19","","","","","","","","","","","CAIXA REFERENCIAL"]
["ASSENTAMENTO DE TUBOS E PECAS","ASTU","FORNEC E/OU ASSENT DE TUBO DE CONCRETO COM JUNTA E",51,"","","92862","ASSENTAMENTO DE TUBO DE CONCRETO PARA REDES COLETORAS DE ESGOTO SANITÁRIO, DIÂMETRO DE 900 MM, JUNTA ELÁSTICA, INSTALADO EM LOCAL COM ALTO NÍVEL DE INTERFERÊNCIAS (NÃO INCLUI FORNECIMENTO). AF_12/2015","M","ATRIBUÍDO SÃO PAULO","37,78","COMPOSICAO","88246","ASSENTADOR DE TUBOS COM ENCARGOS COMPLEMENTARES","H","COEFICIENTE DE REPRESENTATIVIDADE","0,3050000","30,49","9,29","","","","","","","","","","","CAIXA REFERENCIAL"]
["ASSENTAMENTO DE TUBOS E PECAS","ASTU","FORNEC E/OU ASSENT DE TUBO DE CONCRETO COM JUNTA E",51,"","","92862","ASSENTAMENTO DE TUBO DE CONCRETO PARA REDES COLETORAS DE ESGOTO SANITÁRIO, DIÂMETRO DE 900 MM, JUNTA ELÁSTICA, INSTALADO EM LOCAL COM ALTO NÍVEL DE INTERFERÊNCIAS (NÃO INCLUI FORNECIMENTO). AF_12/2015","M","ATRIBUÍDO SÃO PAULO","37,78","COMPOSICAO","88316","SERVENTE COM ENCARGOS COMPLEMENTARES","H","COEFICIENTE DE REPRESENTATIVIDADE","0,6110000","15,69","9,58","","","","","","","","","","","CAIXA REFERENCIAL"]
["ASSENTAMENTO DE TUBOS E PECAS","ASTU","FORNEC E/OU ASSENT DE TUBO DE CONCRETO COM JUNTA E",51,"","","92863","TUBO DE CONCRETO PARA REDES COLETORAS DE ESGOTO SANITÁRIO, DIÂMETRO DE 1000 MM, JUNTA ELÁSTICA, INSTALADO EM LOCAL COM ALTO NÍVEL DE INTERFERÊNCIAS - FORNECIMENTO E ASSENTAMENTO. AF_12/2015","M","ATRIBUÍDO SÃO PAULO","427,63","","","","","","","","","30,69","7,1774589","388,38","90,8193116","8,56","2,0032295","0,00","0,0000000","0,00","0,0000000","CAIXA REFERENCIAL"]
["ASSENTAMENTO DE TUBOS E PECAS","ASTU","FORNEC E/OU ASSENT DE TUBO DE CONCRETO COM JUNTA E",51,"","","92863","TUBO DE CONCRETO PARA REDES COLETORAS DE ESGOTO SANITÁRIO, DIÂMETRO DE 1000 MM, JUNTA ELÁSTICA, INSTALADO EM LOCAL COM ALTO NÍVEL DE INTERFERÊNCIAS - FORNECIMENTO E ASSENTAMENTO. AF_12/2015","M","ATRIBUÍDO SÃO PAULO","427,63","COMPOSICAO","5631","ESCAVADEIRA HIDRÁULICA SOBRE ESTEIRAS, CAÇAMBA 0,80 M3, PESO OPERACIONAL 17 T, POTENCIA BRUTA 111 HP - CHP DIURNO. AF_06/2014","CHP","ATRIBUÍDO SÃO PAULO","0,0720000","149,54","10,76","","","","","","","","","","","CAIXA REFERENCIAL"]
["ASSENTAMENTO DE TUBOS E PECAS","ASTU","FORNEC E/OU ASSENT DE TUBO DE CONCRETO COM JUNTA E",51,"","","92863","TUBO DE CONCRETO PARA REDES COLETORAS DE ESGOTO SANITÁRIO, DIÂMETRO DE 1000 MM, JUNTA ELÁSTICA, INSTALADO EM LOCAL COM ALTO NÍVEL DE INTERFERÊNCIAS - FORNECIMENTO E ASSENTAMENTO. AF_12/2015","M","ATRIBUÍDO SÃO PAULO","427,63","COMPOSICAO","5632","ESCAVADEIRA HIDRÁULICA SOBRE ESTEIRAS, CAÇAMBA 0,80 M3, PESO OPERACIONAL 17 T, POTENCIA BRUTA 111 HP - CHI DIURNO. AF_06/2014","CHI","ATRIBUÍDO SÃO PAULO","0,1510000","67,11","10,13","","","","","","","","","","","CAIXA REFERENCIAL"]
["ASSENTAMENTO DE TUBOS E PECAS","ASTU","FORNEC E/OU ASSENT DE TUBO DE CONCRETO COM JUNTA E",51,"","","92863","TUBO DE CONCRETO PARA REDES COLETORAS DE ESGOTO SANITÁRIO, DIÂMETRO DE 1000 MM, JUNTA ELÁSTICA, INSTALADO EM LOCAL COM ALTO NÍVEL DE INTERFERÊNCIAS - FORNECIMENTO E ASSENTAMENTO. AF_12/2015","M","ATRIBUÍDO SÃO PAULO","427,63","INSUMO","7720","TUBO CONCRETO ARMADO, CLASSE EA-2, PB JE, DN 1000 MM, PARA ESGOTO SANITARIO (NBR 8890)","M","ATRIBUÍDO SÃO PAULO","1,0300000","306,18","315,36","","","","","","","","","","","CAIXA REFERENCIAL"]
["ASSENTAMENTO DE TUBOS E PECAS","ASTU","FORNEC E/OU ASSENT DE TUBO DE CONCRETO COM JUNTA E",51,"","","92863","TUBO DE CONCRETO PARA REDES COLETORAS DE ESGOTO SANITÁRIO, DIÂMETRO DE 1000 MM, JUNTA ELÁSTICA, INSTALADO EM LOCAL COM ALTO NÍVEL DE INTERFERÊNCIAS - FORNECIMENTO E ASSENTAMENTO. AF_12/2015","M","ATRIBUÍDO SÃO PAULO","427,63","INSUMO","40347","ANEL DE VEDACAO/JUNTA ELASTICA, H = *21* MM, PARA TUBO DE CONCRETO DN 1000 MM","UN","ATRIBUÍDO SÃO PAULO","0,5000000","127,30","63,65","","","","","","","","","","","CAIXA REFERENCIAL"]
["ASSENTAMENTO DE TUBOS E PECAS","ASTU","FORNEC E/OU ASSENT DE TUBO DE CONCRETO COM JUNTA E",51,"","","92863","TUBO DE CONCRETO PARA REDES COLETORAS DE ESGOTO SANITÁRIO, DIÂMETRO DE 1000 MM, JUNTA ELÁSTICA, INSTALADO EM LOCAL COM ALTO NÍVEL DE INTERFERÊNCIAS - FORNECIMENTO E ASSENTAMENTO. AF_12/2015","M","ATRIBUÍDO SÃO PAULO","427,63","COMPOSICAO","88277","MONTADOR (TUBO AÇO/EQUIPAMENTOS) COM ENCARGOS COMPLEMENTARES","H","COEFICIENTE DE REPRESENTATIVIDADE","0,3370000","50,93","17,16","","","","","","","","","","","CAIXA REFERENCIAL"]
["ASSENTAMENTO DE TUBOS E PECAS","ASTU","FORNEC E/OU ASSENT DE TUBO DE CONCRETO COM JUNTA E",51,"","","92863","TUBO DE CONCRETO PARA REDES COLETORAS DE ESGOTO SANITÁRIO, DIÂMETRO DE 1000 MM, JUNTA ELÁSTICA, INSTALADO EM LOCAL COM ALTO NÍVEL DE INTERFERÊNCIAS - FORNECIMENTO E ASSENTAMENTO. AF_12/2015","M","ATRIBUÍDO SÃO PAULO","427,63","COMPOSICAO","88316","SERVENTE COM ENCARGOS COMPLEMENTARES","H","COEFICIENTE DE REPRESENTATIVIDADE","0,6740000","15,69","10,57","","","","","","","","","","","CAIXA REFERENCIAL"]
["ASSENTAMENTO DE TUBOS E PECAS","ASTU","FORNEC E/OU ASSENT DE TUBO DE CONCRETO COM JUNTA E",51,"","","92864","ASSENTAMENTO DE TUBO DE CONCRETO PARA REDES COLETORAS DE ESGOTO SANITÁRIO, DIÂMETRO DE 1000 MM, JUNTA ELÁSTICA, INSTALADO EM LOCAL COM ALTO NÍVEL DE INTERFERÊNCIAS (NÃO INCLUI FORNECIMENTO). AF_12/2015","M","ATRIBUÍDO SÃO PAULO","41,73","","","","","","","","","23,97","57,4257427","9,14","21,9029219","8,62","20,6713354","0,00","0,0000000","0,00","0,0000000","CAIXA REFERENCIAL"]
["ASSENTAMENTO DE TUBOS E PECAS","ASTU","FORNEC E/OU ASSENT DE TUBO DE CONCRETO COM JUNTA E",51,"","","92864","ASSENTAMENTO DE TUBO DE CONCRETO PARA REDES COLETORAS DE ESGOTO SANITÁRIO, DIÂMETRO DE 1000 MM, JUNTA ELÁSTICA, INSTALADO EM LOCAL COM ALTO NÍVEL DE INTERFERÊNCIAS (NÃO INCLUI FORNECIMENTO). AF_12/2015","M","ATRIBUÍDO SÃO PAULO","41,73","COMPOSICAO","5631","ESCAVADEIRA HIDRÁULICA SOBRE ESTEIRAS, CAÇAMBA 0,80 M3, PESO OPERACIONAL 17 T, POTENCIA BRUTA 111 HP - CHP DIURNO. AF_06/2014","CHP","ATRIBUÍDO SÃO PAULO","0,0720000","149,54","10,76","","","","","","","","","","","CAIXA REFERENCIAL"]
["ASSENTAMENTO DE TUBOS E PECAS","ASTU","FORNEC E/OU ASSENT DE TUBO DE CONCRETO COM JUNTA E",51,"","","92864","ASSENTAMENTO DE TUBO DE CONCRETO PARA REDES COLETORAS DE ESGOTO SANITÁRIO, DIÂMETRO DE 1000 MM, JUNTA ELÁSTICA, INSTALADO EM LOCAL COM ALTO NÍVEL DE INTERFERÊNCIAS (NÃO INCLUI FORNECIMENTO). AF_12/2015","M","ATRIBUÍDO SÃO PAULO","41,73","COMPOSICAO","5632","ESCAVADEIRA HIDRÁULICA SOBRE ESTEIRAS, CAÇAMBA 0,80 M3, PESO OPERACIONAL 17 T, POTENCIA BRUTA 111 HP - CHI DIURNO. AF_06/2014","CHI","ATRIBUÍDO SÃO PAULO","0,1510000","67,11","10,13","","","","","","","","","","","CAIXA REFERENCIAL"]
["ASSENTAMENTO DE TUBOS E PECAS","ASTU","FORNEC E/OU ASSENT DE TUBO DE CONCRETO COM JUNTA E",51,"","","92864","ASSENTAMENTO DE TUBO DE CONCRETO PARA REDES COLETORAS DE ESGOTO SANITÁRIO, DIÂMETRO DE 1000 MM, JUNTA ELÁSTICA, INSTALADO EM LOCAL COM ALTO NÍVEL DE INTERFERÊNCIAS (NÃO INCLUI FORNECIMENTO). AF_12/2015","M","ATRIBUÍDO SÃO PAULO","41,73","COMPOSICAO","88246","ASSENTADOR DE TUBOS COM ENCARGOS COMPLEMENTARES","H","COEFICIENTE DE REPRESENTATIVIDADE","0,3370000","30,49","10,27","","","","","","","","","","","CAIXA REFERENCIAL"]
["ASSENTAMENTO DE TUBOS E PECAS","ASTU","FORNEC E/OU ASSENT DE TUBO DE CONCRETO COM JUNTA E",51,"","","92864","ASSENTAMENTO DE TUBO DE CONCRETO PARA REDES COLETORAS DE ESGOTO SANITÁRIO, DIÂMETRO DE 1000 MM, JUNTA ELÁSTICA, INSTALADO EM LOCAL COM ALTO NÍVEL DE INTERFERÊNCIAS (NÃO INCLUI FORNECIMENTO). AF_12/2015","M","ATRIBUÍDO SÃO PAULO","41,73","COMPOSICAO","88316","SERVENTE COM ENCARGOS COMPLEMENTARES","H","COEFICIENTE DE REPRESENTATIVIDADE","0,6740000","15,69","10,57","","","","","","","","","","","CAIXA REFERENCIAL"]
["ASSENTAMENTO DE TUBOS E PECAS","ASTU","FORNEC E/OU ASSENT DE TUBO DE CONCRETO COM JUNTA A",52,"","","92210","TUBO DE CONCRETO PARA REDES COLETORAS DE ÁGUAS PLUVIAIS, DIÂMETRO DE 400 MM, JUNTA RÍGIDA, INSTALADO EM LOCAL COM BAIXO NÍVEL DE INTERFERÊNCIAS - FORNECIMENTO E ASSENTAMENTO. AF_12/2015","M","ATRIBUÍDO SÃO PAULO","91,95","","","","","","","","","24,70","26,8633879","58,43","63,5409837","8,82","9,5956284","0,00","0,0000000","0,00","0,0000000","CAIXA REFERENCIAL"]
["ASSENTAMENTO DE TUBOS E PECAS","ASTU","FORNEC E/OU ASSENT DE TUBO DE CONCRETO COM JUNTA A",52,"","","92210","TUBO DE CONCRETO PARA REDES COLETORAS DE ÁGUAS PLUVIAIS, DIÂMETRO DE 400 MM, JUNTA RÍGIDA, INSTALADO EM LOCAL COM BAIXO NÍVEL DE INTERFERÊNCIAS - FORNECIMENTO E ASSENTAMENTO. AF_12/2015","M","ATRIBUÍDO SÃO PAULO","91,95","COMPOSICAO","5631","ESCAVADEIRA HIDRÁULICA SOBRE ESTEIRAS, CAÇAMBA 0,80 M3, PESO OPERACIONAL 17 T, POTENCIA BRUTA 111 HP - CHP DIURNO. AF_06/2014","CHP","ATRIBUÍDO SÃO PAULO","0,0740000","149,54","11,06","","","","","","","","","","","CAIXA REFERENCIAL"]
["ASSENTAMENTO DE TUBOS E PECAS","ASTU","FORNEC E/OU ASSENT DE TUBO DE CONCRETO COM JUNTA A",52,"","","92210","TUBO DE CONCRETO PARA REDES COLETORAS DE ÁGUAS PLUVIAIS, DIÂMETRO DE 400 MM, JUNTA RÍGIDA, INSTALADO EM LOCAL COM BAIXO NÍVEL DE INTERFERÊNCIAS - FORNECIMENTO E ASSENTAMENTO. AF_12/2015","M","ATRIBUÍDO SÃO PAULO","91,95","COMPOSICAO","5632","ESCAVADEIRA HIDRÁULICA SOBRE ESTEIRAS, CAÇAMBA 0,80 M3, PESO OPERACIONAL 17 T, POTENCIA BRUTA 111 HP - CHI DIURNO. AF_06/2014","CHI","ATRIBUÍDO SÃO PAULO","0,1550000","67,11","10,40","","","","","","","","","","","CAIXA REFERENCIAL"]
["ASSENTAMENTO DE TUBOS E PECAS","ASTU","FORNEC E/OU ASSENT DE TUBO DE CONCRETO COM JUNTA A",52,"","","92210","TUBO DE CONCRETO PARA REDES COLETORAS DE ÁGUAS PLUVIAIS, DIÂMETRO DE 400 MM, JUNTA RÍGIDA, INSTALADO EM LOCAL COM BAIXO NÍVEL DE INTERFERÊNCIAS - FORNECIMENTO E ASSENTAMENTO. AF_12/2015","M","ATRIBUÍDO SÃO PAULO","91,95","INSUMO","7745","TUBO CONCRETO ARMADO, CLASSE PA-1, PB, DN 400 MM, PARA AGUAS PLUVIAIS (NBR 8890)","M","ATRIBUÍDO SÃO PAULO","1,0300000","46,94","48,34","","","","","","","","","","","CAIXA REFERENCIAL"]
["ASSENTAMENTO DE TUBOS E PECAS","ASTU","FORNEC E/OU ASSENT DE TUBO DE CONCRETO COM JUNTA A",52,"","","92210","TUBO DE CONCRETO PARA REDES COLETORAS DE ÁGUAS PLUVIAIS, DIÂMETRO DE 400 MM, JUNTA RÍGIDA, INSTALADO EM LOCAL COM BAIXO NÍVEL DE INTERFERÊNCIAS - FORNECIMENTO E ASSENTAMENTO. AF_12/2015","M","ATRIBUÍDO SÃO PAULO","91,95","COMPOSICAO","88246","ASSENTADOR DE TUBOS COM ENCARGOS COMPLEMENTARES","H","COEFICIENTE DE REPRESENTATIVIDADE","0,3460000","30,49","10,54","","","","","","","","","","","CAIXA REFERENCIAL"]
["ASSENTAMENTO DE TUBOS E PECAS","ASTU","FORNEC E/OU ASSENT DE TUBO DE CONCRETO COM JUNTA A",52,"","","92210","TUBO DE CONCRETO PARA REDES COLETORAS DE ÁGUAS PLUVIAIS, DIÂMETRO DE 400 MM, JUNTA RÍGIDA, INSTALADO EM LOCAL COM BAIXO NÍVEL DE INTERFERÊNCIAS - FORNECIMENTO E ASSENTAMENTO. AF_12/2015","M","ATRIBUÍDO SÃO PAULO","91,95","COMPOSICAO","88316","SERVENTE COM ENCARGOS COMPLEMENTARES","H","COEFICIENTE DE REPRESENTATIVIDADE","0,6920000","15,69","10,85","","","","","","","","","","","CAIXA REFERENCIAL"]
["ASSENTAMENTO DE TUBOS E PECAS","ASTU","FORNEC E/OU ASSENT DE TUBO DE CONCRETO COM JUNTA A",52,"","","92210","TUBO DE CONCRETO PARA REDES COLETORAS DE ÁGUAS PLUVIAIS, DIÂMETRO DE 400 MM, JUNTA RÍGIDA, INSTALADO EM LOCAL COM BAIXO NÍVEL DE INTERFERÊNCIAS - FORNECIMENTO E ASSENTAMENTO. AF_12/2015","M","ATRIBUÍDO SÃO PAULO","91,95","COMPOSICAO","88629","ARGAMASSA TRAÇO 1:3 (CIMENTO E AREIA MÉDIA), PREPARO MANUAL. AF_08/2014","M3","COEFICIENTE DE REPRESENTATIVIDADE","0,0020000","384,81","0,76","","","","","","","","","","","CAIXA REFERENCIAL"]
["ASSENTAMENTO DE TUBOS E PECAS","ASTU","FORNEC E/OU ASSENT DE TUBO DE CONCRETO COM JUNTA A",52,"","","92211","TUBO DE CONCRETO PARA REDES COLETORAS DE ÁGUAS PLUVIAIS, DIÂMETRO DE 500 MM, JUNTA RÍGIDA, INSTALADO EM LOCAL COM BAIXO NÍVEL DE INTERFERÊNCIAS - FORNECIMENTO E ASSENTAMENTO. AF_12/2015","M","ATRIBUÍDO SÃO PAULO","116,85","","","","","","","","","29,99","25,6683572","76,21","65,2110377","10,65","9,1206051","0,00","0,0000000","0,00","0,0000000","CAIXA REFERENCIAL"]
["ASSENTAMENTO DE TUBOS E PECAS","ASTU","FORNEC E/OU ASSENT DE TUBO DE CONCRETO COM JUNTA A",52,"","","92211","TUBO DE CONCRETO PARA REDES COLETORAS DE ÁGUAS PLUVIAIS, DIÂMETRO DE 500 MM, JUNTA RÍGIDA, INSTALADO EM LOCAL COM BAIXO NÍVEL DE INTERFERÊNCIAS - FORNECIMENTO E ASSENTAMENTO. AF_12/2015","M","ATRIBUÍDO SÃO PAULO","116,85","COMPOSICAO","5631","ESCAVADEIRA HIDRÁULICA SOBRE ESTEIRAS, CAÇAMBA 0,80 M3, PESO OPERACIONAL 17 T, POTENCIA BRUTA 111 HP - CHP DIURNO. AF_06/2014","CHP","ATRIBUÍDO SÃO PAULO","0,0890000","149,54","13,30","","","","","","","","","","","CAIXA REFERENCIAL"]
["ASSENTAMENTO DE TUBOS E PECAS","ASTU","FORNEC E/OU ASSENT DE TUBO DE CONCRETO COM JUNTA A",52,"","","92211","TUBO DE CONCRETO PARA REDES COLETORAS DE ÁGUAS PLUVIAIS, DIÂMETRO DE 500 MM, JUNTA RÍGIDA, INSTALADO EM LOCAL COM BAIXO NÍVEL DE INTERFERÊNCIAS - FORNECIMENTO E ASSENTAMENTO. AF_12/2015","M","ATRIBUÍDO SÃO PAULO","116,85","COMPOSICAO","5632","ESCAVADEIRA HIDRÁULICA SOBRE ESTEIRAS, CAÇAMBA 0,80 M3, PESO OPERACIONAL 17 T, POTENCIA BRUTA 111 HP - CHI DIURNO. AF_06/2014","CHI","ATRIBUÍDO SÃO PAULO","0,1880000","67,11","12,61","","","","","","","","","","","CAIXA REFERENCIAL"]
["ASSENTAMENTO DE TUBOS E PECAS","ASTU","FORNEC E/OU ASSENT DE TUBO DE CONCRETO COM JUNTA A",52,"","","92211","TUBO DE CONCRETO PARA REDES COLETORAS DE ÁGUAS PLUVIAIS, DIÂMETRO DE 500 MM, JUNTA RÍGIDA, INSTALADO EM LOCAL COM BAIXO NÍVEL DE INTERFERÊNCIAS - FORNECIMENTO E ASSENTAMENTO. AF_12/2015","M","ATRIBUÍDO SÃO PAULO","116,85","INSUMO","7714","TUBO CONCRETO ARMADO, CLASSE PA-1, PB, DN 500 MM, PARA AGUAS PLUVIAIS (NBR 8890)","M","ATRIBUÍDO SÃO PAULO","1,0300000","61,98","63,83","","","","","","","","","","","CAIXA REFERENCIAL"]
["ASSENTAMENTO DE TUBOS E PECAS","ASTU","FORNEC E/OU ASSENT DE TUBO DE CONCRETO COM JUNTA A",52,"","","92211","TUBO DE CONCRETO PARA REDES COLETORAS DE ÁGUAS PLUVIAIS, DIÂMETRO DE 500 MM, JUNTA RÍGIDA, INSTALADO EM LOCAL COM BAIXO NÍVEL DE INTERFERÊNCIAS - FORNECIMENTO E ASSENTAMENTO. AF_12/2015","M","ATRIBUÍDO SÃO PAULO","116,85","COMPOSICAO","88246","ASSENTADOR DE TUBOS COM ENCARGOS COMPLEMENTARES","H","COEFICIENTE DE REPRESENTATIVIDADE","0,4200000","30,49","12,80","","","","","","","","","","","CAIXA REFERENCIAL"]
["ASSENTAMENTO DE TUBOS E PECAS","ASTU","FORNEC E/OU ASSENT DE TUBO DE CONCRETO COM JUNTA A",52,"","","92211","TUBO DE CONCRETO PARA REDES COLETORAS DE ÁGUAS PLUVIAIS, DIÂMETRO DE 500 MM, JUNTA RÍGIDA, INSTALADO EM LOCAL COM BAIXO NÍVEL DE INTERFERÊNCIAS - FORNECIMENTO E ASSENTAMENTO. AF_12/2015","M","ATRIBUÍDO SÃO PAULO","116,85","COMPOSICAO","88316","SERVENTE COM ENCARGOS COMPLEMENTARES","H","COEFICIENTE DE REPRESENTATIVIDADE","0,8390000","15,69","13,16","","","","","","","","","","","CAIXA REFERENCIAL"]
["ASSENTAMENTO DE TUBOS E PECAS","ASTU","FORNEC E/OU ASSENT DE TUBO DE CONCRETO COM JUNTA A",52,"","","92211","TUBO DE CONCRETO PARA REDES COLETORAS DE ÁGUAS PLUVIAIS, DIÂMETRO DE 500 MM, JUNTA RÍGIDA, INSTALADO EM LOCAL COM BAIXO NÍVEL DE INTERFERÊNCIAS - FORNECIMENTO E ASSENTAMENTO. AF_12/2015","M","ATRIBUÍDO SÃO PAULO","116,85","COMPOSICAO","88629","ARGAMASSA TRAÇO 1:3 (CIMENTO E AREIA MÉDIA), PREPARO MANUAL. AF_08/2014","M3","COEFICIENTE DE REPRESENTATIVIDADE","0,0030000","384,81","1,15","","","","","","","","","","","CAIXA REFERENCIAL"]
["ASSENTAMENTO DE TUBOS E PECAS","ASTU","FORNEC E/OU ASSENT DE TUBO DE CONCRETO COM JUNTA A",52,"","","92212","TUBO DE CONCRETO PARA REDES COLETORAS DE ÁGUAS PLUVIAIS, DIÂMETRO DE 600 MM, JUNTA RÍGIDA, INSTALADO EM LOCAL COM BAIXO NÍVEL DE INTERFERÊNCIAS - FORNECIMENTO E ASSENTAMENTO. AF_12/2015","M","ATRIBUÍDO SÃO PAULO","147,41","","","","","","","","","35,39","24,0119923","99,48","67,4775144","12,54","8,5104933","0,00","0,0000000","0,00","0,0000000","CAIXA REFERENCIAL"]
["ASSENTAMENTO DE TUBOS E PECAS","ASTU","FORNEC E/OU ASSENT DE TUBO DE CONCRETO COM JUNTA A",52,"","","92212","TUBO DE CONCRETO PARA REDES COLETORAS DE ÁGUAS PLUVIAIS, DIÂMETRO DE 600 MM, JUNTA RÍGIDA, INSTALADO EM LOCAL COM BAIXO NÍVEL DE INTERFERÊNCIAS - FORNECIMENTO E ASSENTAMENTO. AF_12/2015","M","ATRIBUÍDO SÃO PAULO","147,41","COMPOSICAO","5631","ESCAVADEIRA HIDRÁULICA SOBRE ESTEIRAS, CAÇAMBA 0,80 M3, PESO OPERACIONAL 17 T, POTENCIA BRUTA 111 HP - CHP DIURNO. AF_06/2014","CHP","ATRIBUÍDO SÃO PAULO","0,1050000","149,54","15,70","","","","","","","","","","","CAIXA REFERENCIAL"]
["ASSENTAMENTO DE TUBOS E PECAS","ASTU","FORNEC E/OU ASSENT DE TUBO DE CONCRETO COM JUNTA A",52,"","","92212","TUBO DE CONCRETO PARA REDES COLETORAS DE ÁGUAS PLUVIAIS, DIÂMETRO DE 600 MM, JUNTA RÍGIDA, INSTALADO EM LOCAL COM BAIXO NÍVEL DE INTERFERÊNCIAS - FORNECIMENTO E ASSENTAMENTO. AF_12/2015","M","ATRIBUÍDO SÃO PAULO","147,41","COMPOSICAO","5632","ESCAVADEIRA HIDRÁULICA SOBRE ESTEIRAS, CAÇAMBA 0,80 M3, PESO OPERACIONAL 17 T, POTENCIA BRUTA 111 HP - CHI DIURNO. AF_06/2014","CHI","ATRIBUÍDO SÃO PAULO","0,2210000","67,11","14,83","","","","","","","","","","","CAIXA REFERENCIAL"]
["ASSENTAMENTO DE TUBOS E PECAS","ASTU","FORNEC E/OU ASSENT DE TUBO DE CONCRETO COM JUNTA A",52,"","","92212","TUBO DE CONCRETO PARA REDES COLETORAS DE ÁGUAS PLUVIAIS, DIÂMETRO DE 600 MM, JUNTA RÍGIDA, INSTALADO EM LOCAL COM BAIXO NÍVEL DE INTERFERÊNCIAS - FORNECIMENTO E ASSENTAMENTO. AF_12/2015","M","ATRIBUÍDO SÃO PAULO","147,41","INSUMO","7725","TUBO CONCRETO ARMADO, CLASSE PA-1, PB, DN 600 MM, PARA AGUAS PLUVIAIS (NBR 8890)","M","ATRIBUÍDO SÃO PAULO","1,0300000","82,00","84,46","","","","","","","","","","","CAIXA REFERENCIAL"]
["ASSENTAMENTO DE TUBOS E PECAS","ASTU","FORNEC E/OU ASSENT DE TUBO DE CONCRETO COM JUNTA A",52,"","","92212","TUBO DE CONCRETO PARA REDES COLETORAS DE ÁGUAS PLUVIAIS, DIÂMETRO DE 600 MM, JUNTA RÍGIDA, INSTALADO EM LOCAL COM BAIXO NÍVEL DE INTERFERÊNCIAS - FORNECIMENTO E ASSENTAMENTO. AF_12/2015","M","ATRIBUÍDO SÃO PAULO","147,41","COMPOSICAO","88246","ASSENTADOR DE TUBOS COM ENCARGOS COMPLEMENTARES","H","COEFICIENTE DE REPRESENTATIVIDADE","0,4930000","30,49","15,03","","","","","","","","","","","CAIXA REFERENCIAL"]
["ASSENTAMENTO DE TUBOS E PECAS","ASTU","FORNEC E/OU ASSENT DE TUBO DE CONCRETO COM JUNTA A",52,"","","92212","TUBO DE CONCRETO PARA REDES COLETORAS DE ÁGUAS PLUVIAIS, DIÂMETRO DE 600 MM, JUNTA RÍGIDA, INSTALADO EM LOCAL COM BAIXO NÍVEL DE INTERFERÊNCIAS - FORNECIMENTO E ASSENTAMENTO. AF_12/2015","M","ATRIBUÍDO SÃO PAULO","147,41","COMPOSICAO","88316","SERVENTE COM ENCARGOS COMPLEMENTARES","H","COEFICIENTE DE REPRESENTATIVIDADE","0,9860000","15,69","15,47","","","","","","","","","","","CAIXA REFERENCIAL"]
["ASSENTAMENTO DE TUBOS E PECAS","ASTU","FORNEC E/OU ASSENT DE TUBO DE CONCRETO COM JUNTA A",52,"","","92212","TUBO DE CONCRETO PARA REDES COLETORAS DE ÁGUAS PLUVIAIS, DIÂMETRO DE 600 MM, JUNTA RÍGIDA, INSTALADO EM LOCAL COM BAIXO NÍVEL DE INTERFERÊNCIAS - FORNECIMENTO E ASSENTAMENTO. AF_12/2015","M","ATRIBUÍDO SÃO PAULO","147,41","COMPOSICAO","88629","ARGAMASSA TRAÇO 1:3 (CIMENTO E AREIA MÉDIA), PREPARO MANUAL. AF_08/2014","M3","COEFICIENTE DE REPRESENTATIVIDADE","0,0050000","384,81","1,92","","","","","","","","","","","CAIXA REFERENCIAL"]
["ASSENTAMENTO DE TUBOS E PECAS","ASTU","FORNEC E/OU ASSENT DE TUBO DE CONCRETO COM JUNTA A",52,"","","92213","TUBO DE CONCRETO PARA REDES COLETORAS DE ÁGUAS PLUVIAIS, DIÂMETRO DE 700 MM, JUNTA RÍGIDA, INSTALADO EM LOCAL COM BAIXO NÍVEL DE INTERFERÊNCIAS - FORNECIMENTO E ASSENTAMENTO. AF_12/2015","M","ATRIBUÍDO SÃO PAULO","191,27","","","","","","","","","40,70","21,2837306","136,19","71,1972755","14,38","7,5189939","0,00","0,0000000","0,00","0,0000000","CAIXA REFERENCIAL"]
["ASSENTAMENTO DE TUBOS E PECAS","ASTU","FORNEC E/OU ASSENT DE TUBO DE CONCRETO COM JUNTA A",52,"","","92213","TUBO DE CONCRETO PARA REDES COLETORAS DE ÁGUAS PLUVIAIS, DIÂMETRO DE 700 MM, JUNTA RÍGIDA, INSTALADO EM LOCAL COM BAIXO NÍVEL DE INTERFERÊNCIAS - FORNECIMENTO E ASSENTAMENTO. AF_12/2015","M","ATRIBUÍDO SÃO PAULO","191,27","COMPOSICAO","5631","ESCAVADEIRA HIDRÁULICA SOBRE ESTEIRAS, CAÇAMBA 0,80 M3, PESO OPERACIONAL 17 T, POTENCIA BRUTA 111 HP - CHP DIURNO. AF_06/2014","CHP","ATRIBUÍDO SÃO PAULO","0,1200000","149,54","17,94","","","","","","","","","","","CAIXA REFERENCIAL"]
["ASSENTAMENTO DE TUBOS E PECAS","ASTU","FORNEC E/OU ASSENT DE TUBO DE CONCRETO COM JUNTA A",52,"","","92213","TUBO DE CONCRETO PARA REDES COLETORAS DE ÁGUAS PLUVIAIS, DIÂMETRO DE 700 MM, JUNTA RÍGIDA, INSTALADO EM LOCAL COM BAIXO NÍVEL DE INTERFERÊNCIAS - FORNECIMENTO E ASSENTAMENTO. AF_12/2015","M","ATRIBUÍDO SÃO PAULO","191,27","COMPOSICAO","5632","ESCAVADEIRA HIDRÁULICA SOBRE ESTEIRAS, CAÇAMBA 0,80 M3, PESO OPERACIONAL 17 T, POTENCIA BRUTA 111 HP - CHI DIURNO. AF_06/2014","CHI","ATRIBUÍDO SÃO PAULO","0,2540000","67,11","17,04","","","","","","","","","","","CAIXA REFERENCIAL"]
["ASSENTAMENTO DE TUBOS E PECAS","ASTU","FORNEC E/OU ASSENT DE TUBO DE CONCRETO COM JUNTA A",52,"","","92213","TUBO DE CONCRETO PARA REDES COLETORAS DE ÁGUAS PLUVIAIS, DIÂMETRO DE 700 MM, JUNTA RÍGIDA, INSTALADO EM LOCAL COM BAIXO NÍVEL DE INTERFERÊNCIAS - FORNECIMENTO E ASSENTAMENTO. AF_12/2015","M","ATRIBUÍDO SÃO PAULO","191,27","INSUMO","7742","TUBO CONCRETO ARMADO, CLASSE PA-1, PB, DN 700 MM, PARA AGUAS PLUVIAIS (NBR 8890)","M","ATRIBUÍDO SÃO PAULO","1,0300000","115,10","118,55","","","","","","","","","","","CAIXA REFERENCIAL"]
["ASSENTAMENTO DE TUBOS E PECAS","ASTU","FORNEC E/OU ASSENT DE TUBO DE CONCRETO COM JUNTA A",52,"","","92213","TUBO DE CONCRETO PARA REDES COLETORAS DE ÁGUAS PLUVIAIS, DIÂMETRO DE 700 MM, JUNTA RÍGIDA, INSTALADO EM LOCAL COM BAIXO NÍVEL DE INTERFERÊNCIAS - FORNECIMENTO E ASSENTAMENTO. AF_12/2015","M","ATRIBUÍDO SÃO PAULO","191,27","COMPOSICAO","88246","ASSENTADOR DE TUBOS COM ENCARGOS COMPLEMENTARES","H","COEFICIENTE DE REPRESENTATIVIDADE","0,5670000","30,49","17,28","","","","","","","","","","","CAIXA REFERENCIAL"]
["ASSENTAMENTO DE TUBOS E PECAS","ASTU","FORNEC E/OU ASSENT DE TUBO DE CONCRETO COM JUNTA A",52,"","","92213","TUBO DE CONCRETO PARA REDES COLETORAS DE ÁGUAS PLUVIAIS, DIÂMETRO DE 700 MM, JUNTA RÍGIDA, INSTALADO EM LOCAL COM BAIXO NÍVEL DE INTERFERÊNCIAS - FORNECIMENTO E ASSENTAMENTO. AF_12/2015","M","ATRIBUÍDO SÃO PAULO","191,27","COMPOSICAO","88316","SERVENTE COM ENCARGOS COMPLEMENTARES","H","COEFICIENTE DE REPRESENTATIVIDADE","1,1330000","15,69","17,77","","","","","","","","","","","CAIXA REFERENCIAL"]
["ASSENTAMENTO DE TUBOS E PECAS","ASTU","FORNEC E/OU ASSENT DE TUBO DE CONCRETO COM JUNTA A",52,"","","92213","TUBO DE CONCRETO PARA REDES COLETORAS DE ÁGUAS PLUVIAIS, DIÂMETRO DE 700 MM, JUNTA RÍGIDA, INSTALADO EM LOCAL COM BAIXO NÍVEL DE INTERFERÊNCIAS - FORNECIMENTO E ASSENTAMENTO. AF_12/2015","M","ATRIBUÍDO SÃO PAULO","191,27","COMPOSICAO","88629","ARGAMASSA TRAÇO 1:3 (CIMENTO E AREIA MÉDIA), PREPARO MANUAL. AF_08/2014","M3","COEFICIENTE DE REPRESENTATIVIDADE","0,0070000","384,81","2,69","","","","","","","","","","","CAIXA REFERENCIAL"]
["ASSENTAMENTO DE TUBOS E PECAS","ASTU","FORNEC E/OU ASSENT DE TUBO DE CONCRETO COM JUNTA A",52,"","","92214","TUBO DE CONCRETO PARA REDES COLETORAS DE ÁGUAS PLUVIAIS, DIÂMETRO DE 800 MM, JUNTA RÍGIDA, INSTALADO EM LOCAL COM BAIXO NÍVEL DE INTERFERÊNCIAS - FORNECIMENTO E ASSENTAMENTO. AF_12/2015","M","ATRIBUÍDO SÃO PAULO","218,22","","","","","","","","","46,40","21,2661368","155,55","71,2776222","16,27","7,4562410","0,00","0,0000000","0,00","0,0000000","CAIXA REFERENCIAL"]
["ASSENTAMENTO DE TUBOS E PECAS","ASTU","FORNEC E/OU ASSENT DE TUBO DE CONCRETO COM JUNTA A",52,"","","92214","TUBO DE CONCRETO PARA REDES COLETORAS DE ÁGUAS PLUVIAIS, DIÂMETRO DE 800 MM, JUNTA RÍGIDA, INSTALADO EM LOCAL COM BAIXO NÍVEL DE INTERFERÊNCIAS - FORNECIMENTO E ASSENTAMENTO. AF_12/2015","M","ATRIBUÍDO SÃO PAULO","218,22","COMPOSICAO","5631","ESCAVADEIRA HIDRÁULICA SOBRE ESTEIRAS, CAÇAMBA 0,80 M3, PESO OPERACIONAL 17 T, POTENCIA BRUTA 111 HP - CHP DIURNO. AF_06/2014","CHP","ATRIBUÍDO SÃO PAULO","0,1360000","149,54","20,33","","","","","","","","","","","CAIXA REFERENCIAL"]
["ASSENTAMENTO DE TUBOS E PECAS","ASTU","FORNEC E/OU ASSENT DE TUBO DE CONCRETO COM JUNTA A",52,"","","92214","TUBO DE CONCRETO PARA REDES COLETORAS DE ÁGUAS PLUVIAIS, DIÂMETRO DE 800 MM, JUNTA RÍGIDA, INSTALADO EM LOCAL COM BAIXO NÍVEL DE INTERFERÊNCIAS - FORNECIMENTO E ASSENTAMENTO. AF_12/2015","M","ATRIBUÍDO SÃO PAULO","218,22","COMPOSICAO","5632","ESCAVADEIRA HIDRÁULICA SOBRE ESTEIRAS, CAÇAMBA 0,80 M3, PESO OPERACIONAL 17 T, POTENCIA BRUTA 111 HP - CHI DIURNO. AF_06/2014","CHI","ATRIBUÍDO SÃO PAULO","0,2870000","67,11","19,26","","","","","","","","","","","CAIXA REFERENCIAL"]
["ASSENTAMENTO DE TUBOS E PECAS","ASTU","FORNEC E/OU ASSENT DE TUBO DE CONCRETO COM JUNTA A",52,"","","92214","TUBO DE CONCRETO PARA REDES COLETORAS DE ÁGUAS PLUVIAIS, DIÂMETRO DE 800 MM, JUNTA RÍGIDA, INSTALADO EM LOCAL COM BAIXO NÍVEL DE INTERFERÊNCIAS - FORNECIMENTO E ASSENTAMENTO. AF_12/2015","M","ATRIBUÍDO SÃO PAULO","218,22","INSUMO","7750","TUBO CONCRETO ARMADO, CLASSE PA-1, PB, DN 800 MM, PARA AGUAS PLUVIAIS (NBR 8890)","M","ATRIBUÍDO SÃO PAULO","1,0300000","130,52","134,43","","","","","","","","","","","CAIXA REFERENCIAL"]
["ASSENTAMENTO DE TUBOS E PECAS","ASTU","FORNEC E/OU ASSENT DE TUBO DE CONCRETO COM JUNTA A",52,"","","92214","TUBO DE CONCRETO PARA REDES COLETORAS DE ÁGUAS PLUVIAIS, DIÂMETRO DE 800 MM, JUNTA RÍGIDA, INSTALADO EM LOCAL COM BAIXO NÍVEL DE INTERFERÊNCIAS - FORNECIMENTO E ASSENTAMENTO. AF_12/2015","M","ATRIBUÍDO SÃO PAULO","218,22","COMPOSICAO","88246","ASSENTADOR DE TUBOS COM ENCARGOS COMPLEMENTARES","H","COEFICIENTE DE REPRESENTATIVIDADE","0,6400000","30,49","19,51","","","","","","","","","","","CAIXA REFERENCIAL"]
["ASSENTAMENTO DE TUBOS E PECAS","ASTU","FORNEC E/OU ASSENT DE TUBO DE CONCRETO COM JUNTA A",52,"","","92214","TUBO DE CONCRETO PARA REDES COLETORAS DE ÁGUAS PLUVIAIS, DIÂMETRO DE 800 MM, JUNTA RÍGIDA, INSTALADO EM LOCAL COM BAIXO NÍVEL DE INTERFERÊNCIAS - FORNECIMENTO E ASSENTAMENTO. AF_12/2015","M","ATRIBUÍDO SÃO PAULO","218,22","COMPOSICAO","88316","SERVENTE COM ENCARGOS COMPLEMENTARES","H","COEFICIENTE DE REPRESENTATIVIDADE","1,2800000","15,69","20,08","","","","","","","","","","","CAIXA REFERENCIAL"]
["ASSENTAMENTO DE TUBOS E PECAS","ASTU","FORNEC E/OU ASSENT DE TUBO DE CONCRETO COM JUNTA A",52,"","","92214","TUBO DE CONCRETO PARA REDES COLETORAS DE ÁGUAS PLUVIAIS, DIÂMETRO DE 800 MM, JUNTA RÍGIDA, INSTALADO EM LOCAL COM BAIXO NÍVEL DE INTERFERÊNCIAS - FORNECIMENTO E ASSENTAMENTO. AF_12/2015","M","ATRIBUÍDO SÃO PAULO","218,22","COMPOSICAO","88629","ARGAMASSA TRAÇO 1:3 (CIMENTO E AREIA MÉDIA), PREPARO MANUAL. AF_08/2014","M3","COEFICIENTE DE REPRESENTATIVIDADE","0,0120000","384,81","4,61","","","","","","","","","","","CAIXA REFERENCIAL"]
["ASSENTAMENTO DE TUBOS E PECAS","ASTU","FORNEC E/OU ASSENT DE TUBO DE CONCRETO COM JUNTA A",52,"","","92215","TUBO DE CONCRETO PARA REDES COLETORAS DE ÁGUAS PLUVIAIS, DIÂMETRO DE 900 MM, JUNTA RÍGIDA, INSTALADO EM LOCAL COM BAIXO NÍVEL DE INTERFERÊNCIAS - FORNECIMENTO E ASSENTAMENTO. AF_12/2015","M","ATRIBUÍDO SÃO PAULO","261,23","","","","","","","","","52,16","19,9685413","190,91","73,0760379","18,16","6,9554208","0,00","0,0000000","0,00","0,0000000","CAIXA REFERENCIAL"]
["ASSENTAMENTO DE TUBOS E PECAS","ASTU","FORNEC E/OU ASSENT DE TUBO DE CONCRETO COM JUNTA A",52,"","","92215","TUBO DE CONCRETO PARA REDES COLETORAS DE ÁGUAS PLUVIAIS, DIÂMETRO DE 900 MM, JUNTA RÍGIDA, INSTALADO EM LOCAL COM BAIXO NÍVEL DE INTERFERÊNCIAS - FORNECIMENTO E ASSENTAMENTO. AF_12/2015","M","ATRIBUÍDO SÃO PAULO","261,23","COMPOSICAO","5631","ESCAVADEIRA HIDRÁULICA SOBRE ESTEIRAS, CAÇAMBA 0,80 M3, PESO OPERACIONAL 17 T, POTENCIA BRUTA 111 HP - CHP DIURNO. AF_06/2014","CHP","ATRIBUÍDO SÃO PAULO","0,1520000","149,54","22,73","","","","","","","","","","","CAIXA REFERENCIAL"]
["ASSENTAMENTO DE TUBOS E PECAS","ASTU","FORNEC E/OU ASSENT DE TUBO DE CONCRETO COM JUNTA A",52,"","","92215","TUBO DE CONCRETO PARA REDES COLETORAS DE ÁGUAS PLUVIAIS, DIÂMETRO DE 900 MM, JUNTA RÍGIDA, INSTALADO EM LOCAL COM BAIXO NÍVEL DE INTERFERÊNCIAS - FORNECIMENTO E ASSENTAMENTO. AF_12/2015","M","ATRIBUÍDO SÃO PAULO","261,23","COMPOSICAO","5632","ESCAVADEIRA HIDRÁULICA SOBRE ESTEIRAS, CAÇAMBA 0,80 M3, PESO OPERACIONAL 17 T, POTENCIA BRUTA 111 HP - CHI DIURNO. AF_06/2014","CHI","ATRIBUÍDO SÃO PAULO","0,3200000","67,11","21,47","","","","","","","","","","","CAIXA REFERENCIAL"]
["ASSENTAMENTO DE TUBOS E PECAS","ASTU","FORNEC E/OU ASSENT DE TUBO DE CONCRETO COM JUNTA A",52,"","","92215","TUBO DE CONCRETO PARA REDES COLETORAS DE ÁGUAS PLUVIAIS, DIÂMETRO DE 900 MM, JUNTA RÍGIDA, INSTALADO EM LOCAL COM BAIXO NÍVEL DE INTERFERÊNCIAS - FORNECIMENTO E ASSENTAMENTO. AF_12/2015","M","ATRIBUÍDO SÃO PAULO","261,23","INSUMO","7756","TUBO CONCRETO ARMADO, CLASSE PA-1, PB, DN 900 MM, PARA AGUAS PLUVIAIS (NBR 8890)","M","ATRIBUÍDO SÃO PAULO","1,0300000","161,14","165,97","","","","","","","","","","","CAIXA REFERENCIAL"]
["ASSENTAMENTO DE TUBOS E PECAS","ASTU","FORNEC E/OU ASSENT DE TUBO DE CONCRETO COM JUNTA A",52,"","","92215","TUBO DE CONCRETO PARA REDES COLETORAS DE ÁGUAS PLUVIAIS, DIÂMETRO DE 900 MM, JUNTA RÍGIDA, INSTALADO EM LOCAL COM BAIXO NÍVEL DE INTERFERÊNCIAS - FORNECIMENTO E ASSENTAMENTO. AF_12/2015","M","ATRIBUÍDO SÃO PAULO","261,23","COMPOSICAO","88246","ASSENTADOR DE TUBOS COM ENCARGOS COMPLEMENTARES","H","COEFICIENTE DE REPRESENTATIVIDADE","0,7140000","30,49","21,76","","","","","","","","","","","CAIXA REFERENCIAL"]
["ASSENTAMENTO DE TUBOS E PECAS","ASTU","FORNEC E/OU ASSENT DE TUBO DE CONCRETO COM JUNTA A",52,"","","92215","TUBO DE CONCRETO PARA REDES COLETORAS DE ÁGUAS PLUVIAIS, DIÂMETRO DE 900 MM, JUNTA RÍGIDA, INSTALADO EM LOCAL COM BAIXO NÍVEL DE INTERFERÊNCIAS - FORNECIMENTO E ASSENTAMENTO. AF_12/2015","M","ATRIBUÍDO SÃO PAULO","261,23","COMPOSICAO","88316","SERVENTE COM ENCARGOS COMPLEMENTARES","H","COEFICIENTE DE REPRESENTATIVIDADE","1,4270000","15,69","22,38","","","","","","","","","","","CAIXA REFERENCIAL"]
["ASSENTAMENTO DE TUBOS E PECAS","ASTU","FORNEC E/OU ASSENT DE TUBO DE CONCRETO COM JUNTA A",52,"","","92215","TUBO DE CONCRETO PARA REDES COLETORAS DE ÁGUAS PLUVIAIS, DIÂMETRO DE 900 MM, JUNTA RÍGIDA, INSTALADO EM LOCAL COM BAIXO NÍVEL DE INTERFERÊNCIAS - FORNECIMENTO E ASSENTAMENTO. AF_12/2015","M","ATRIBUÍDO SÃO PAULO","261,23","COMPOSICAO","88629","ARGAMASSA TRAÇO 1:3 (CIMENTO E AREIA MÉDIA), PREPARO MANUAL. AF_08/2014","M3","COEFICIENTE DE REPRESENTATIVIDADE","0,0180000","384,81","6,92","","","","","","","","","","","CAIXA REFERENCIAL"]
["ASSENTAMENTO DE TUBOS E PECAS","ASTU","FORNEC E/OU ASSENT DE TUBO DE CONCRETO COM JUNTA A",52,"","","92216","TUBO DE CONCRETO PARA REDES COLETORAS DE ÁGUAS PLUVIAIS, DIÂMETRO DE 1000 MM, JUNTA RÍGIDA, INSTALADO EM LOCAL COM BAIXO NÍVEL DE INTERFERÊNCIAS - FORNECIMENTO E ASSENTAMENTO. AF_12/2015","M","ATRIBUÍDO SÃO PAULO","292,56","","","","","","","","","58,21","19,8993391","214,38","73,2735305","19,97","6,8271304","0,00","0,0000000","0,00","0,0000000","CAIXA REFERENCIAL"]
["ASSENTAMENTO DE TUBOS E PECAS","ASTU","FORNEC E/OU ASSENT DE TUBO DE CONCRETO COM JUNTA A",52,"","","92216","TUBO DE CONCRETO PARA REDES COLETORAS DE ÁGUAS PLUVIAIS, DIÂMETRO DE 1000 MM, JUNTA RÍGIDA, INSTALADO EM LOCAL COM BAIXO NÍVEL DE INTERFERÊNCIAS - FORNECIMENTO E ASSENTAMENTO. AF_12/2015","M","ATRIBUÍDO SÃO PAULO","292,56","COMPOSICAO","5631","ESCAVADEIRA HIDRÁULICA SOBRE ESTEIRAS, CAÇAMBA 0,80 M3, PESO OPERACIONAL 17 T, POTENCIA BRUTA 111 HP - CHP DIURNO. AF_06/2014","CHP","ATRIBUÍDO SÃO PAULO","0,1670000","149,54","24,97","","","","","","","","","","","CAIXA REFERENCIAL"]
["ASSENTAMENTO DE TUBOS E PECAS","ASTU","FORNEC E/OU ASSENT DE TUBO DE CONCRETO COM JUNTA A",52,"","","92216","TUBO DE CONCRETO PARA REDES COLETORAS DE ÁGUAS PLUVIAIS, DIÂMETRO DE 1000 MM, JUNTA RÍGIDA, INSTALADO EM LOCAL COM BAIXO NÍVEL DE INTERFERÊNCIAS - FORNECIMENTO E ASSENTAMENTO. AF_12/2015","M","ATRIBUÍDO SÃO PAULO","292,56","COMPOSICAO","5632","ESCAVADEIRA HIDRÁULICA SOBRE ESTEIRAS, CAÇAMBA 0,80 M3, PESO OPERACIONAL 17 T, POTENCIA BRUTA 111 HP - CHI DIURNO. AF_06/2014","CHI","ATRIBUÍDO SÃO PAULO","0,3520000","67,11","23,62","","","","","","","","","","","CAIXA REFERENCIAL"]
["ASSENTAMENTO DE TUBOS E PECAS","ASTU","FORNEC E/OU ASSENT DE TUBO DE CONCRETO COM JUNTA A",52,"","","92216","TUBO DE CONCRETO PARA REDES COLETORAS DE ÁGUAS PLUVIAIS, DIÂMETRO DE 1000 MM, JUNTA RÍGIDA, INSTALADO EM LOCAL COM BAIXO NÍVEL DE INTERFERÊNCIAS - FORNECIMENTO E ASSENTAMENTO. AF_12/2015","M","ATRIBUÍDO SÃO PAULO","292,56","INSUMO","7753","TUBO CONCRETO ARMADO, CLASSE PA-1, PB, DN 1000 MM, PARA AGUAS PLUVIAIS (NBR 8890)","M","ATRIBUÍDO SÃO PAULO","1,0300000","179,15","184,52","","","","","","","","","","","CAIXA REFERENCIAL"]
["ASSENTAMENTO DE TUBOS E PECAS","ASTU","FORNEC E/OU ASSENT DE TUBO DE CONCRETO COM JUNTA A",52,"","","92216","TUBO DE CONCRETO PARA REDES COLETORAS DE ÁGUAS PLUVIAIS, DIÂMETRO DE 1000 MM, JUNTA RÍGIDA, INSTALADO EM LOCAL COM BAIXO NÍVEL DE INTERFERÊNCIAS - FORNECIMENTO E ASSENTAMENTO. AF_12/2015","M","ATRIBUÍDO SÃO PAULO","292,56","COMPOSICAO","88246","ASSENTADOR DE TUBOS COM ENCARGOS COMPLEMENTARES","H","COEFICIENTE DE REPRESENTATIVIDADE","0,7870000","30,49","23,99","","","","","","","","","","","CAIXA REFERENCIAL"]
["ASSENTAMENTO DE TUBOS E PECAS","ASTU","FORNEC E/OU ASSENT DE TUBO DE CONCRETO COM JUNTA A",52,"","","92223","TUBO DE CONCRETO PARA REDES COLETORAS DE ÁGUAS PLUVIAIS, DIÂMETRO DE 800 MM, JUNTA RÍGIDA, INSTALADO EM LOCAL COM ALTO NÍVEL DE INTERFERÊNCIAS - FORNECIMENTO E ASSENTAMENTO. AF_12/2015","M","ATRIBUÍDO SÃO PAULO","234,17","INSUMO","7750","TUBO CONCRETO ARMADO, CLASSE PA-1, PB, DN 800 MM, PARA AGUAS PLUVIAIS (NBR 8890)","M","ATRIBUÍDO SÃO PAULO","1,0300000","130,52","134,43","","","","","","","","","","","CAIXA REFERENCIAL"]
["ASSENTAMENTO DE TUBOS E PECAS","ASTU","FORNEC E/OU ASSENT DE TUBO DE CONCRETO COM JUNTA A",52,"","","92809","ASSENTAMENTO DE TUBO DE CONCRETO PARA REDES COLETORAS DE ÁGUAS PLUVIAIS, DIÂMETRO DE 400 MM, JUNTA RÍGIDA, INSTALADO EM LOCAL COM BAIXO NÍVEL DE INTERFERÊNCIAS (NÃO INCLUI FORNECIMENTO). AF_12/2015","M","ATRIBUÍDO SÃO PAULO","43,61","COMPOSICAO","5631","ESCAVADEIRA HIDRÁULICA SOBRE ESTEIRAS, CAÇAMBA 0,80 M3, PESO OPERACIONAL 17 T, POTENCIA BRUTA 111 HP - CHP DIURNO. AF_06/2014","CHP","ATRIBUÍDO SÃO PAULO","0,0740000","149,54","11,06","","","","","","","","","","","CAIXA REFERENCIAL"]
["ASSENTAMENTO DE TUBOS E PECAS","ASTU","FORNEC E/OU ASSENT DE TUBO DE CONCRETO COM JUNTA A",52,"","","92812","ASSENTAMENTO DE TUBO DE CONCRETO PARA REDES COLETORAS DE ÁGUAS PLUVIAIS, DIÂMETRO DE 700 MM, JUNTA RÍGIDA, INSTALADO EM LOCAL COM BAIXO NÍVEL DE INTERFERÊNCIAS (NÃO INCLUI FORNECIMENTO). AF_12/2015","M","ATRIBUÍDO SÃO PAULO","72,72","COMPOSICAO","88316","SERVENTE COM ENCARGOS COMPLEMENTARES","H","COEFICIENTE DE REPRESENTATIVIDADE","1,1330000","15,69","17,77","","","","","","","","","","","CAIXA REFERENCIAL"]
["ASSENTAMENTO DE TUBOS E PECAS","ASTU","FORNEC E/OU ASSENT DE TUBO DE CONCRETO COM JUNTA A",52,"","","92822","ASSENTAMENTO DE TUBO DE CONCRETO PARA REDES COLETORAS DE ÁGUAS PLUVIAIS, DIÂMETRO DE 500 MM, JUNTA RÍGIDA, INSTALADO EM LOCAL COM ALTO NÍVEL DE INTERFERÊNCIAS (NÃO INCLUI FORNECIMENTO). AF_12/2015","M","ATRIBUÍDO SÃO PAULO","63,48","COMPOSICAO","88246","ASSENTADOR DE TUBOS COM ENCARGOS COMPLEMENTARES","H","COEFICIENTE DE REPRESENTATIVIDADE","0,5040000","30,49","15,36","","","","","","","","","","","CAIXA REFERENCIAL"]
["ASSENTAMENTO DE TUBOS E PECAS","ASTU","FORNEC E/OU ASSENT DE TUBO DE CONCRETO COM JUNTA A",52,"","","92827","ASSENTAMENTO DE TUBO DE CONCRETO PARA REDES COLETORAS DE ÁGUAS PLUVIAIS, DIÂMETRO DE 900 MM, JUNTA RÍGIDA, INSTALADO EM LOCAL COM ALTO NÍVEL DE INTERFERÊNCIAS (NÃO INCLUI FORNECIMENTO). AF_12/2015","M","ATRIBUÍDO SÃO PAULO","112,98","","","","","","","","","62,49","55,3006049","28,66","25,3735325","21,83","19,3258626","0,00","0,0000000","0,00","0,0000000","CAIXA REFERENCIAL"]
["ASSENTAMENTO DE TUBOS E PECAS","ASTU","FORNEC E/OU ASSENT DE TUBO DE CONCRETO COM JUNTA A",52,"","","92830","ASSENTAMENTO DE TUBO DE CONCRETO PARA REDES COLETORAS DE ÁGUAS PLUVIAIS, DIÂMETRO DE 1200 MM, JUNTA RÍGIDA, INSTALADO EM LOCAL COM ALTO NÍVEL DE INTERFERÊNCIAS (NÃO INCLUI FORNECIMENTO). AF_12/2015","M","ATRIBUÍDO SÃO PAULO","158,58","COMPOSICAO","5632","ESCAVADEIRA HIDRÁULICA SOBRE ESTEIRAS, CAÇAMBA 0,80 M3, PESO OPERACIONAL 17 T, POTENCIA BRUTA 111 HP - CHI DIURNO. AF_06/2014","CHI","ATRIBUÍDO SÃO PAULO","0,5260000","67,11","35,29","","","","","","","","","","","CAIXA REFERENCIAL"]
["ASSENTAMENTO DE TUBOS E PECAS","ASTU","FORNEC E/OU ASSENT DE TUBO DE CONCRETO COM JUNTA A",52,"","","95571","TUBO DE CONCRETO (SIMPLES) PARA REDES COLETORAS DE ÁGUAS PLUVIAIS, DIÂMETRO DE 400 MM, JUNTA RÍGIDA, INSTALADO EM LOCAL COM ALTO NÍVEL DE INTERFERÊNCIAS - FORNECIMENTO E ASSENTAMENTO. AF_12/2015","M","ATRIBUÍDO SÃO PAULO","100,61","COMPOSICAO","5632","ESCAVADEIRA HIDRÁULICA SOBRE ESTEIRAS, CAÇAMBA 0,80 M3, PESO OPERACIONAL 17 T, POTENCIA BRUTA 111 HP - CHI DIURNO. AF_06/2014","CHI","ATRIBUÍDO SÃO PAULO","0,1860000","67,11","12,48","","","","","","","","","","","CAIXA REFERENCIAL"]
["ASSENTAMENTO DE TUBOS E PECAS","ASTU","FORNEC E/OU ASSENT DE HIDRANTES TAMPOES E PECAS ES",53,"","","73607","ASSENTAMENTO DE TAMPAO DE FERRO FUNDIDO 600 MM","UN","COEFICIENTE DE REPRESENTATIVIDADE","78,24","INSUMO","1379","CIMENTO PORTLAND COMPOSTO CP II-32","KG","COEFICIENTE DE REPRESENTATIVIDADE","14,0000000","0,44","6,16","","","","","","","","","","","CAIXA REFERENCIAL"]
["ASSENTAMENTO DE TUBOS E PECAS","ASTU","FORNEC E/OU ASSENT DE TUBO PVC DEFOFO COM JUNTA EL",230,"","","97127","ASSENTAMENTO DE TUBO DE PVC DEFOFO OU PRFV OU RPVC PARA REDE DE ÁGUA, DN 150 MM, JUNTA ELÁSTICA INTEGRADA, INSTALADO EM LOCAL COM NÍVEL ALTO DE INTERFERÊNCIAS (NÃO INCLUI FORNECIMENTO). AF_11/2017","M","COEFICIENTE DE REPRESENTATIVIDADE","5,07","","","","","","","","","4,05","79,7520662","1,02","20,2479338","0,00","0,0000000","0,00","0,0000000","0,00","0,0000000","CAIXA REFERENCIAL"]
["ASSENTAMENTO DE TUBOS E PECAS","ASTU","FORNEC E/OU ASSENT DE TUBO PVC DEFOFO COM JUNTA EL",230,"","","97137","ASSENTAMENTO DE TUBO DE PVC DEFOFO OU PRFV OU RPVC PARA REDE DE ÁGUA, DN 300 MM, JUNTA ELÁSTICA INTEGRADA, INSTALADO EM LOCAL COM NÍVEL BAIXO DE INTERFERÊNCIAS (NÃO INCLUI FORNECIMENTO). AF_11/2017","M","ATRIBUÍDO SÃO PAULO","7,03","COMPOSICAO","5678","RETROESCAVADEIRA SOBRE RODAS COM CARREGADEIRA, TRAÇÃO 4X4, POTÊNCIA LÍQ. 88 HP, CAÇAMBA CARREG. CAP. MÍN. 1 M3, CAÇAMBA RETRO CAP. 0,26 M3, PESO OPERACIONAL MÍN. 6.674 KG, PROFUNDIDADE ESCAVAÇÃO MÁX. 4,37 M - CHP DIURNO. AF_06/2014","CHP","ATRIBUÍDO SÃO PAULO","0,0126000","116,84","1,47","","","","","","","","","","","CAIXA REFERENCIAL"]
["ASSENTAMENTO DE TUBOS E PECAS","ASTU","FORNEC E/OU ASSENT DE TUBO PVC DEFOFO COM JUNTA EL",230,"","","97140","ASSENTAMENTO DE TUBO DE PVC DEFOFO OU PRFV OU RPVC PARA REDE DE ÁGUA, DN 500 MM, JUNTA ELÁSTICA INTEGRADA, INSTALADO EM LOCAL COM NÍVEL BAIXO DE INTERFERÊNCIAS (NÃO INCLUI FORNECIMENTO). AF_11/2017","M","ATRIBUÍDO SÃO PAULO","11,45","COMPOSICAO","88246","ASSENTADOR DE TUBOS COM ENCARGOS COMPLEMENTARES","H","COEFICIENTE DE REPRESENTATIVIDADE","0,1333000","30,49","4,06","","","","","","","","","","","CAIXA REFERENCIAL"]
["ASSENTAMENTO DE TUBOS E PECAS","ASTU","FORNEC E/OU ASSENT DE VALVULAS E REGISTROS",254,73884,"INSTALACAO DE VALVULA OU REGISTRO C/JUNTA FLANGEADA","73884/11","INSTALAÇÃO DE VÁLVULAS OU REGISTROS COM JUNTA FLANGEADA - DN 500","UN","ATRIBUÍDO SÃO PAULO","1.166,50","COMPOSICAO","88277","MONTADOR (TUBO AÇO/EQUIPAMENTOS) COM ENCARGOS COMPLEMENTARES","H","COEFICIENTE DE REPRESENTATIVIDADE","5,0000000","50,93","254,65","","","","","","","","","","","CAIXA REFERENCIAL"]
["ASSENTAMENTO DE TUBOS E PECAS","ASTU","FORNEC E/OU ASSENT DE VALVULAS E REGISTROS",254,73884,"INSTALACAO DE VALVULA OU REGISTRO C/JUNTA FLANGEADA","73884/16","INSTALAÇÃO DE VÁLVULAS OU REGISTROS COM JUNTA FLANGEADA - DN 1000","UN","ATRIBUÍDO SÃO PAULO","1.593,52","COMPOSICAO","88316","SERVENTE COM ENCARGOS COMPLEMENTARES","H","COEFICIENTE DE REPRESENTATIVIDADE","19,2000000","15,69","301,24","","","","","","","","","","","CAIXA REFERENCIAL"]
["ASSENTAMENTO DE TUBOS E PECAS","ASTU","FORNEC E/OU ASSENT DE VALVULAS E REGISTROS",254,73885,"INSTALACAO DE VALVULA OU REGISTRO C/JUNTA ELASTICA","73885/6","INSTALAÇÃO DE VÁLVULAS OU REGISTROS COM JUNTA ELÁSTICA - DN 250","UN","ATRIBUÍDO SÃO PAULO","312,60","COMPOSICAO","5928","GUINDAUTO HIDRÁULICO, CAPACIDADE MÁXIMA DE CARGA 6200 KG, MOMENTO MÁXIMO DE CARGA 11,7 TM, ALCANCE MÁXIMO HORIZONTAL 9,70 M, INCLUSIVE CAMINHÃO TOCO PBT 16.000 KG, POTÊNCIA DE 189 CV - CHP DIURNO. AF_06/2014","CHP","ATRIBUÍDO SÃO PAULO","1,3400000","150,99","202,32","","","","","","","","","","","CAIXA REFERENCIAL"]
["CANTEIRO DE OBRAS","CANT","CONSTRUCAO DO CANTEIRO",1,"","","93206","EXECUÇÃO DE ESCRITÓRIO EM CANTEIRO DE OBRA EM ALVENARIA, NÃO INCLUSO MOBILIÁRIO E EQUIPAMENTOS. AF_02/2016","M2","ATRIBUÍDO SÃO PAULO","786,64","COMPOSICAO","89726","JOELHO 45 GRAUS, PVC, SERIE NORMAL, ESGOTO PREDIAL, DN 40 MM, JUNTA SOLDÁVEL, FORNECIDO E INSTALADO EM RAMAL DE DESCARGA OU RAMAL DE ESGOTO SANITÁRIO. AF_12/2014","UN","ATRIBUÍDO SÃO PAULO","0,0555000","6,40","0,35","","","","","","","","","","","CAIXA REFERENCIAL"]
["CANTEIRO DE OBRAS","CANT","CONSTRUCAO DO CANTEIRO",1,"","","93206","EXECUÇÃO DE ESCRITÓRIO EM CANTEIRO DE OBRA EM ALVENARIA, NÃO INCLUSO MOBILIÁRIO E EQUIPAMENTOS. AF_02/2016","M2","ATRIBUÍDO SÃO PAULO","786,64","COMPOSICAO","91924","CABO DE COBRE FLEXÍVEL ISOLADO, 1,5 MM², ANTI-CHAMA 450/750 V, PARA CIRCUITOS TERMINAIS - FORNECIMENTO E INSTALAÇÃO. AF_12/2015","M","COEFICIENTE DE REPRESENTATIVIDADE","1,3588000","1,93","2,62","","","","","","","","","","","CAIXA REFERENCIAL"]
["CANTEIRO DE OBRAS","CANT","CONSTRUCAO DO CANTEIRO",1,"","","93207","EXECUÇÃO DE ESCRITÓRIO EM CANTEIRO DE OBRA EM CHAPA DE MADEIRA COMPENSADA, NÃO INCLUSO MOBILIÁRIO E EQUIPAMENTOS. AF_02/2016","M2","ATRIBUÍDO SÃO PAULO","699,68","","","","","","","","","154,30","22,0531092","545,14","77,9116998","0,19","0,0278596","0,00","0,0000000","0,05","0,0073314","CAIXA REFERENCIAL"]
["CANTEIRO DE OBRAS","CANT","CONSTRUCAO DO CANTEIRO",1,"","","93207","EXECUÇÃO DE ESCRITÓRIO EM CANTEIRO DE OBRA EM CHAPA DE MADEIRA COMPENSADA, NÃO INCLUSO MOBILIÁRIO E EQUIPAMENTOS. AF_02/2016","M2","ATRIBUÍDO SÃO PAULO","699,68","COMPOSICAO","94559","JANELA DE AÇO BASCULANTE, FIXAÇÃO COM ARGAMASSA, SEM VIDROS, PADRONIZADA. AF_07/2016","M2","ATRIBUÍDO SÃO PAULO","0,0289000","462,96","13,37","","","","","","","","","","","CAIXA REFERENCIAL"]
["CANTEIRO DE OBRAS","CANT","CONSTRUCAO DO CANTEIRO",1,"","","93208","EXECUÇÃO DE ALMOXARIFADO EM CANTEIRO DE OBRA EM CHAPA DE MADEIRA COMPENSADA, INCLUSO PRATELEIRAS. AF_02/2016","M2","ATRIBUÍDO SÃO PAULO","541,99","INSUMO","10886","EXTINTOR DE INCENDIO PORTATIL COM CARGA DE AGUA PRESSURIZADA DE 10 L, CLASSE A","UN","COEFICIENTE DE REPRESENTATIVIDADE","0,0252000","140,00","3,52","","","","","","","","","","","CAIXA REFERENCIAL"]
["CANTEIRO DE OBRAS","CANT","CONSTRUCAO DO CANTEIRO",1,"","","93209","EXECUÇÃO DE ALMOXARIFADO EM CANTEIRO DE OBRA EM ALVENARIA, INCLUSO PRATELEIRAS. AF_02/2016","M2","ATRIBUÍDO SÃO PAULO","633,31","COMPOSICAO","90456","QUEBRA EM ALVENARIA PARA INSTALAÇÃO DE CAIXA DE TOMADA (4X4 OU 4X2). AF_05/2015","UN","COEFICIENTE DE REPRESENTATIVIDADE","0,0719000","3,12","0,22","","","","","","","","","","","CAIXA REFERENCIAL"]
["CANTEIRO DE OBRAS","CANT","CONSTRUCAO DO CANTEIRO",1,"","","93209","EXECUÇÃO DE ALMOXARIFADO EM CANTEIRO DE OBRA EM ALVENARIA, INCLUSO PRATELEIRAS. AF_02/2016","M2","ATRIBUÍDO SÃO PAULO","633,31","COMPOSICAO","97586","LUMINÁRIA TIPO CALHA, DE SOBREPOR, COM 2 LÂMPADAS TUBULARES DE 36 W - FORNECIMENTO E INSTALAÇÃO. AF_11/2017","UN","ATRIBUÍDO SÃO PAULO","0,0958000","75,77","7,25","","","","","","","","","","","CAIXA REFERENCIAL"]
["CANTEIRO DE OBRAS","CANT","CONSTRUCAO DO CANTEIRO",1,"","","93210","EXECUÇÃO DE REFEITÓRIO EM CANTEIRO DE OBRA EM CHAPA DE MADEIRA COMPENSADA, NÃO INCLUSO MOBILIÁRIO E EQUIPAMENTOS. AF_02/2016","M2","ATRIBUÍDO SÃO PAULO","396,98","COMPOSICAO","95811","CONDULETE DE PVC, TIPO LB, PARA ELETRODUTO DE PVC SOLDÁVEL DN 25 MM (3/4''), APARENTE - FORNECIMENTO E INSTALAÇÃO. AF_11/2016","UN","COEFICIENTE DE REPRESENTATIVIDADE","0,0268000","12,40","0,33","","","","","","","","","","","CAIXA REFERENCIAL"]
["CANTEIRO DE OBRAS","CANT","CONSTRUCAO DO CANTEIRO",1,"","","93211","EXECUÇÃO DE REFEITÓRIO EM CANTEIRO DE OBRA EM ALVENARIA, NÃO INCLUSO MOBILIÁRIO E EQUIPAMENTOS. AF_02/2016","M2","ATRIBUÍDO SÃO PAULO","408,37","COMPOSICAO","92008","TOMADA BAIXA DE EMBUTIR (2 MÓDULOS), 2P+T 10 A, INCLUINDO SUPORTE E PLACA - FORNECIMENTO E INSTALAÇÃO. AF_12/2015","UN","COEFICIENTE DE REPRESENTATIVIDADE","0,1276000","39,28","5,01","","","","","","","","","","","CAIXA REFERENCIAL"]
["CANTEIRO DE OBRAS","CANT","CONSTRUCAO DO CANTEIRO",1,"","","93212","EXECUÇÃO DE SANITÁRIO E VESTIÁRIO EM CANTEIRO DE OBRA EM CHAPA DE MADEIRA COMPENSADA, NÃO INCLUSO MOBILIÁRIO. AF_02/2016","M2","ATRIBUÍDO SÃO PAULO","663,40","COMPOSICAO","73922/4","PISO CIMENTADO TRACO 1:4 (CIMENTO E AREIA) ACABAMENTO LISO ESPESSURA 2,0CM, PREPARO MANUAL DA ARGAMASSA","M2","COEFICIENTE DE REPRESENTATIVIDADE","0,5134000","42,08","21,60","","","","","","","","","","","CAIXA REFERENCIAL"]
["CANTEIRO DE OBRAS","CANT","CONSTRUCAO DO CANTEIRO",1,"","","93212","EXECUÇÃO DE SANITÁRIO E VESTIÁRIO EM CANTEIRO DE OBRA EM CHAPA DE MADEIRA COMPENSADA, NÃO INCLUSO MOBILIÁRIO. AF_02/2016","M2","ATRIBUÍDO SÃO PAULO","663,40","COMPOSICAO","90443","RASGO EM ALVENARIA PARA RAMAIS/ DISTRIBUIÇÃO COM DIAMETROS MENORES OU IGUAIS A 40 MM. AF_05/2015","M","COEFICIENTE DE REPRESENTATIVIDADE","0,0722000","9,72","0,70","","","","","","","","","","","CAIXA REFERENCIAL"]
["CANTEIRO DE OBRAS","CANT","CONSTRUCAO DO CANTEIRO",1,"","","93213","EXECUÇÃO DE SANITÁRIO E VESTIÁRIO EM CANTEIRO DE OBRA EM ALVENARIA, NÃO INCLUSO MOBILIÁRIO. AF_02/2016","M2","ATRIBUÍDO SÃO PAULO","736,24","COMPOSICAO","84024","BARRA LISA TRACO 1:3 (CIMENTO E AREIA MEDIA), ESPESSURA 1,0CM, PREPARO MANUAL DA ARGAMASSA","M2","COEFICIENTE DE REPRESENTATIVIDADE","0,2558000","35,81","9,16","","","","","","","","","","","CAIXA REFERENCIAL"]
["CANTEIRO DE OBRAS","CANT","CONSTRUCAO DO CANTEIRO",1,"","","93213","EXECUÇÃO DE SANITÁRIO E VESTIÁRIO EM CANTEIRO DE OBRA EM ALVENARIA, NÃO INCLUSO MOBILIÁRIO. AF_02/2016","M2","ATRIBUÍDO SÃO PAULO","736,24","COMPOSICAO","90443","RASGO EM ALVENARIA PARA RAMAIS/ DISTRIBUIÇÃO COM DIAMETROS MENORES OU IGUAIS A 40 MM. AF_05/2015","M","COEFICIENTE DE REPRESENTATIVIDADE","0,0693000","9,72","0,67","","","","","","","","","","","CAIXA REFERENCIAL"]
["CANTEIRO DE OBRAS","CANT","CONSTRUCAO DO CANTEIRO",1,"","","93582","EXECUÇÃO DE CENTRAL DE ARMADURA EM CANTEIRO DE OBRA, NÃO INCLUSO MOBILIÁRIO E EQUIPAMENTOS. AF_04/2016","M2","ATRIBUÍDO SÃO PAULO","204,37","COMPOSICAO","92000","TOMADA BAIXA DE EMBUTIR (1 MÓDULO), 2P+T 10 A, INCLUINDO SUPORTE E PLACA - FORNECIMENTO E INSTALAÇÃO. AF_12/2015","UN","COEFICIENTE DE REPRESENTATIVIDADE","0,0331000","24,40","0,80","","","","","","","","","","","CAIXA REFERENCIAL"]
["CANTEIRO DE OBRAS","CANT","CONSTRUCAO DO CANTEIRO",1,"","","93583","EXECUÇÃO DE CENTRAL DE FÔRMAS, PRODUÇÃO DE ARGAMASSA OU CONCRETO EM CANTEIRO DE OBRA, NÃO INCLUSO MOBILIÁRIO E EQUIPAMENTOS. AF_04/2016","M2","ATRIBUÍDO SÃO PAULO","342,20","COMPOSICAO","98445","PAREDE DE MADEIRA COMPENSADA PARA CONSTRUÇÃO TEMPORÁRIA EM CHAPA SIMPLES, EXTERNA, COM ÁREA LÍQUIDA MAIOR OU IGUAL A 6 M², COM VÃO. AF_05/2018","M2","ATRIBUÍDO SÃO PAULO","0,1508000","98,21","14,81","","","","","","","","","","","CAIXA REFERENCIAL"]
["CANTEIRO DE OBRAS","CANT","CONSTRUCAO DO CANTEIRO",1,"","","93584","EXECUÇÃO DE DEPÓSITO EM CANTEIRO DE OBRA EM CHAPA DE MADEIRA COMPENSADA, NÃO INCLUSO MOBILIÁRIO. AF_04/2016","M2","ATRIBUÍDO SÃO PAULO","569,70","COMPOSICAO","91173","FIXAÇÃO DE TUBOS VERTICAIS DE PPR DIÂMETROS MENORES OU IGUAIS A 40 MM COM ABRAÇADEIRA METÁLICA RÍGIDA TIPO D 1/2\", FIXADA EM PERFILADO EM ALVENARIA. AF_05/2015","M","COEFICIENTE DE REPRESENTATIVIDADE","0,1722000","1,12","0,19","","","","","","","","","","","CAIXA REFERENCIAL"]
["CANTEIRO DE OBRAS","CANT","CONSTRUCAO DO CANTEIRO",1,"","","98442","PAREDE DE MADEIRA COMPENSADA PARA CONSTRUÇÃO TEMPORÁRIA EM CHAPA SIMPLES, EXTERNA, COM ÁREA LÍQUIDA MENOR QUE 6 M², SEM VÃO. AF_05/2018","M2","ATRIBUÍDO SÃO PAULO","82,24","COMPOSICAO","88239","AJUDANTE DE CARPINTEIRO COM ENCARGOS COMPLEMENTARES","H","COEFICIENTE DE REPRESENTATIVIDADE","0,2844000","19,28","5,48","","","","","","","","","","","CAIXA REFERENCIAL"]
["CANTEIRO DE OBRAS","CANT","CONSTRUCAO DO CANTEIRO",1,"","","98444","PAREDE DE MADEIRA COMPENSADA PARA CONSTRUÇÃO TEMPORÁRIA EM CHAPA SIMPLES, INTERNA, COM ÁREA LÍQUIDA MENOR QUE 6 M², SEM VÃO. AF_05/2018","M2","ATRIBUÍDO SÃO PAULO","68,88","COMPOSICAO","91692","SERRA CIRCULAR DE BANCADA COM MOTOR ELÉTRICO POTÊNCIA DE 5HP, COM COIFA PARA DISCO 10\" - CHP DIURNO. AF_08/2015","CHP","ATRIBUÍDO SÃO PAULO","0,0076000","35,04","0,26","","","","","","","","","","","CAIXA REFERENCIAL"]
["CANTEIRO DE OBRAS","CANT","CONSTRUCAO DO CANTEIRO",1,"","","98447","PAREDE DE MADEIRA COMPENSADA PARA CONSTRUÇÃO TEMPORÁRIA EM CHAPA SIMPLES, INTERNA, COM ÁREA LÍQUIDA MAIOR OU IGUAL A 6 M², COM VÃO. AF_05/2018","M2","ATRIBUÍDO SÃO PAULO","80,70","INSUMO","4433","PECA DE MADEIRA NAO APARELHADA *7,5 X 7,5* CM (3 X 3 \") MACARANDUBA, ANGELIM OU EQUIVALENTE DA REGIAO","M","COEFICIENTE DE REPRESENTATIVIDADE","1,4652000","12,50","18,31","","","","","","","","","","","CAIXA REFERENCIAL"]
["CANTEIRO DE OBRAS","CANT","CONSTRUCAO DO CANTEIRO",1,"","","98453","PAREDE DE MADEIRA COMPENSADA PARA CONSTRUÇÃO TEMPORÁRIA EM CHAPA DUPLA, EXTERNA, COM ÁREA LÍQUIDA MAIOR OU IGUAL A QUE 6 M², COM VÃO. AF_05/2018","M2","ATRIBUÍDO SÃO PAULO","125,98","INSUMO","5061","PREGO DE ACO POLIDO COM CABECA 18 X 27 (2 1/2 X 10)","KG","COLETADO","0,1255000","10,10","1,26","","","","","","","","","","","CAIXA REFERENCIAL"]
["CANTEIRO DE OBRAS","CANT","CONSTRUCAO DO CANTEIRO",1,"","","98455","PAREDE DE MADEIRA COMPENSADA PARA CONSTRUÇÃO TEMPORÁRIA EM CHAPA DUPLA, INTERNA, COM ÁREA LÍQUIDA MAIOR OU IGUAL A 6 M², COM VÃO. AF_05/2018","M2","ATRIBUÍDO SÃO PAULO","106,32","COMPOSICAO","88239","AJUDANTE DE CARPINTEIRO COM ENCARGOS COMPLEMENTARES","H","COEFICIENTE DE REPRESENTATIVIDADE","0,2695000","19,28","5,19","","","","","","","","","","","CAIXA REFERENCIAL"]
["CANTEIRO DE OBRAS","CANT","CONSTRUCAO DO CANTEIRO",1,"","","98461","ESTRUTURA DE MADEIRA PROVISÓRIA PARA SUPORTE DE CAIXA D\u0092ÁGUA ELEVADA DE 1000 LITROS. AF_05/2018","UN","ATRIBUÍDO SÃO PAULO","2.785,96","COMPOSICAO","88262","CARPINTEIRO DE FORMAS COM ENCARGOS COMPLEMENTARES","H","COEFICIENTE DE REPRESENTATIVIDADE","7,0296000","19,24","135,24","","","","","","","","","","","CAIXA REFERENCIAL"]
["CUSTOS HORÁRIOS DE MÁQUINAS E EQUIPAMENTOS","CHOR","CUSTO HORÁRIO PRODUTIVO DIURNO",325,"","","5678","RETROESCAVADEIRA SOBRE RODAS COM CARREGADEIRA, TRAÇÃO 4X4, POTÊNCIA LÍQ. 88 HP, CAÇAMBA CARREG. CAP. MÍN. 1 M3, CAÇAMBA RETRO CAP. 0,26 M3, PESO OPERACIONAL MÍN. 6.674 KG, PROFUNDIDADE ESCAVAÇÃO MÁX. 4,37 M - CHP DIURNO. AF_06/2014","CHP","ATRIBUÍDO SÃO PAULO","116,84","COMPOSICAO","53786","RETROESCAVADEIRA SOBRE RODAS COM CARREGADEIRA, TRAÇÃO 4X4, POTÊNCIA LÍQ. 88 HP, CAÇAMBA CARREG. CAP. MÍN. 1 M3, CAÇAMBA RETRO CAP. 0,26 M3, PESO OPERACIONAL MÍN. 6.674 KG, PROFUNDIDADE ESCAVAÇÃO MÁX. 4,37 M - MATERIAIS NA OPERAÇÃO. AF_06/2014","H","COLETADO","1,0000000","44,46","44,46","","","","","","","","","","","CAIXA REFERENCIAL"]
["CUSTOS HORÁRIOS DE MÁQUINAS E EQUIPAMENTOS","CHOR","CUSTO HORÁRIO PRODUTIVO DIURNO",325,"","","5811","CAMINHÃO BASCULANTE 6 M3, PESO BRUTO TOTAL 16.000 KG, CARGA ÚTIL MÁXIMA 13.071 KG, DISTÂNCIA ENTRE EIXOS 4,80 M, POTÊNCIA 230 CV INCLUSIVE CAÇAMBA METÁLICA - CHP DIURNO. AF_06/2014","CHP","ATRIBUÍDO SÃO PAULO","172,88","","","","","","","","","26,29","15,2070800","112,82","65,2591394","33,77","19,5337806","0,00","0,0000000","0,00","0,0000000","CAIXA REFERENCIAL"]
["CUSTOS HORÁRIOS DE MÁQUINAS E EQUIPAMENTOS","CHOR","CUSTO HORÁRIO PRODUTIVO DIURNO",325,"","","5863","ROLO COMPACTADOR VIBRATÓRIO REBOCÁVEL, CILINDRO DE AÇO LISO, POTÊNCIA DE TRAÇÃO DE 65 CV, PESO 4,7 T, IMPACTO DINÂMICO 18,3 T, LARGURA DE TRABALHO 1,67 M - CHP DIURNO. AF_02/2016","CHP","ATRIBUÍDO SÃO PAULO","10,08","COMPOSICAO","53818","ROLO COMPACTADOR VIBRATÓRIO REBOCÁVEL, CILINDRO DE AÇO LISO, POTÊNCIA DE TRAÇÃO DE 65 CV, PESO 4,7 T, IMPACTO DINÂMICO 18,3 T, LARGURA DE TRABALHO 1,67 M - DEPRECIAÇÃO. AF_02/2016","H","ATRIBUÍDO SÃO PAULO","1,0000000","4,01","4,01","","","","","","","","","","","CAIXA REFERENCIAL"]
["CUSTOS HORÁRIOS DE MÁQUINAS E EQUIPAMENTOS","CHOR","CUSTO HORÁRIO PRODUTIVO DIURNO",325,"","","5882","USINA DE LAMA ASFÁLTICA, PROD 30 A 50 T/H, SILO DE AGREGADO 7 M3, RESERVATÓRIOS PARA EMULSÃO E ÁGUA DE 2,3 M3 CADA, MISTURADOR TIPO PUG MILL A SER MONTADO SOBRE CAMINHÃO - CHP DIURNO. AF_10/2014","CHP","ATRIBUÍDO SÃO PAULO","73,27","COMPOSICAO","5741","USINA DE LAMA ASFÁLTICA, PROD 30 A 50 T/H, SILO DE AGREGADO 7 M3, RESERVATÓRIOS PARA EMULSÃO E ÁGUA DE 2,3 M3 CADA, MISTURADOR TIPO PUG MILL A SER MONTADO SOBRE CAMINHÃO - MANUTENÇÃO. AF_10/2014","H","ATRIBUÍDO SÃO PAULO","1,0000000","23,97","23,97","","","","","","","","","","","CAIXA REFERENCIAL"]
["CUSTOS HORÁRIOS DE MÁQUINAS E EQUIPAMENTOS","CHOR","CUSTO HORÁRIO PRODUTIVO DIURNO",325,"","","5901","CAMINHÃO PIPA 10.000 L TRUCADO, PESO BRUTO TOTAL 23.000 KG, CARGA ÚTIL MÁXIMA 15.935 KG, DISTÂNCIA ENTRE EIXOS 4,8 M, POTÊNCIA 230 CV, INCLUSIVE TANQUE DE AÇO PARA TRANSPORTE DE ÁGUA - CHP DIURNO. AF_06/2014","CHP","ATRIBUÍDO SÃO PAULO","174,31","COMPOSICAO","91398","CAMINHÃO PIPA 10.000 L TRUCADO, PESO BRUTO TOTAL 23.000 KG, CARGA ÚTIL MÁXIMA 15.935 KG, DISTÂNCIA ENTRE EIXOS 4,8 M, POTÊNCIA 230 CV, INCLUSIVE TANQUE DE AÇO PARA TRANSPORTE DE ÁGUA - IMPOSTOS E SEGUROS. AF_06/2014","H","ATRIBUÍDO SÃO PAULO","1,0000000","0,80","0,80","","","","","","","","","","","CAIXA REFERENCIAL"]
["CUSTOS HORÁRIOS DE MÁQUINAS E EQUIPAMENTOS","CHOR","CUSTO HORÁRIO PRODUTIVO DIURNO",325,"","","7030","TANQUE DE ASFALTO ESTACIONÁRIO COM SERPENTINA, CAPACIDADE 30.000 L - CHP DIURNO. AF_06/2014","CHP","ATRIBUÍDO SÃO PAULO","161,81","COMPOSICAO","7034","TANQUE DE ASFALTO ESTACIONÁRIO COM SERPENTINA, CAPACIDADE 30.000 L - MANUTENÇÃO. AF_06/2014","H","ATRIBUÍDO SÃO PAULO","1,0000000","4,31","4,31","","","","","","","","","","","CAIXA REFERENCIAL"]
["CUSTOS HORÁRIOS DE MÁQUINAS E EQUIPAMENTOS","CHOR","CUSTO HORÁRIO PRODUTIVO DIURNO",325,"","","73436","ROLO COMPACTADOR VIBRATÓRIO PÉ DE CARNEIRO PARA SOLOS, POTÊNCIA 80 HP, PESO OPERACIONAL SEM/COM LASTRO 7,4 / 8,8 T, LARGURA DE TRABALHO 1,68 M - CHP DIURNO. AF_02/2016","CHP","ATRIBUÍDO SÃO PAULO","187,23","COMPOSICAO","5089","ROLO COMPACTADOR VIBRATÓRIO PÉ DE CARNEIRO PARA SOLOS, POTÊNCIA 80 HP, PESO OPERACIONAL SEM/COM LASTRO 7,4 / 8,8 T, LARGURA DE TRABALHO 1,68 M - MANUTENÇÃO. AF_02/2016","H","ATRIBUÍDO SÃO PAULO","1,0000000","17,30","17,30","","","","","","","","","","","CAIXA REFERENCIAL"]
["CUSTOS HORÁRIOS DE MÁQUINAS E EQUIPAMENTOS","CHOR","CUSTO HORÁRIO PRODUTIVO DIURNO",325,"","","83765","GRUPO DE SOLDAGEM COM GERADOR A DIESEL 60 CV PARA SOLDA ELÉTRICA, SOBRE 04 RODAS, COM MOTOR 4 CILINDROS 600 A - CHP DIURNO. AF_02/2016","CHP","COEFICIENTE DE REPRESENTATIVIDADE","63,62","COMPOSICAO","83763","GRUPO DE SOLDAGEM COM GERADOR A DIESEL 60 CV PARA SOLDA ELÉTRICA, SOBRE 04 RODAS, COM MOTOR 4 CILINDROS 600 A - MATERIAIS NA OPERAÇÃO. AF_02/2016","H","COLETADO","1,0000000","28,62","28,62","","","","","","","","","","","CAIXA REFERENCIAL"]
["CUSTOS HORÁRIOS DE MÁQUINAS E EQUIPAMENTOS","CHOR","CUSTO HORÁRIO PRODUTIVO DIURNO",325,"","","89021","BOMBA SUBMERSÍVEL ELÉTRICA TRIFÁSICA, POTÊNCIA 2,96 HP, Ø ROTOR 144 MM SEMI-ABERTO, BOCAL DE SAÍDA Ø 2\u0094, HM/Q = 2 MCA / 38,8 M3/H A 28 MCA / 5 M3/H - CHP DIURNO. AF_06/2014","CHP","ATRIBUÍDO SÃO PAULO","1,43","COMPOSICAO","53866","BOMBA SUBMERSÍVEL ELÉTRICA TRIFÁSICA, POTÊNCIA 2,96 HP, Ø ROTOR 144 MM SEMI-ABERTO, BOCAL DE SAÍDA Ø 2\u0094, HM/Q = 2 MCA / 38,8 M3/H A 28 MCA / 5 M3/H - MATERIAIS NA OPERAÇÃO. AF_06/2014","H","ATRIBUÍDO SÃO PAULO","1,0000000","0,90","0,90","","","","","","","","","","","CAIXA REFERENCIAL"]
["CUSTOS HORÁRIOS DE MÁQUINAS E EQUIPAMENTOS","CHOR","CUSTO HORÁRIO PRODUTIVO DIURNO",325,"","","89234","FRESADORA DE ASFALTO A FRIO SOBRE RODAS, LARGURA FRESAGEM DE 1,0 M, POTÊNCIA 208 HP - CHP DIURNO. AF_11/2014","CHP","ATRIBUÍDO SÃO PAULO","309,83","","","","","","","","","32,56","10,5089888","104,65","33,7765871","172,62","55,7144241","0,00","0,0000000","0,00","0,0000000","CAIXA REFERENCIAL"]
["CUSTOS HORÁRIOS DE MÁQUINAS E EQUIPAMENTOS","CHOR","CUSTO HORÁRIO PRODUTIVO DIURNO",325,"","","90586","VIBRADOR DE IMERSÃO, DIÂMETRO DE PONTEIRA 45MM, MOTOR ELÉTRICO TRIFÁSICO POTÊNCIA DE 2 CV - CHP DIURNO. AF_06/2015","CHP","ATRIBUÍDO SÃO PAULO","1,07","COMPOSICAO","90582","VIBRADOR DE IMERSÃO, DIÂMETRO DE PONTEIRA 45MM, MOTOR ELÉTRICO TRIFÁSICO POTÊNCIA DE 2 CV - DEPRECIAÇÃO. AF_06/2015","H","COEFICIENTE DE REPRESENTATIVIDADE","1,0000000","0,25","0,25","","","","","","","","","","","CAIXA REFERENCIAL"]
["CUSTOS HORÁRIOS DE MÁQUINAS E EQUIPAMENTOS","CHOR","CUSTO HORÁRIO PRODUTIVO DIURNO",325,"","","90643","BOMBA TRIPLEX, PARA INJEÇÃO DE NATA DE CIMENTO, VAZÃO MÁXIMA DE 100 LITROS/MINUTO, PRESSÃO MÁXIMA DE 70 BAR - CHP DIURNO. AF_06/2015","CHP","COEFICIENTE DE REPRESENTATIVIDADE","15,21","COMPOSICAO","90639","BOMBA TRIPLEX, PARA INJEÇÃO DE NATA DE CIMENTO, VAZÃO MÁXIMA DE 100 LITROS/MINUTO, PRESSÃO MÁXIMA DE 70 BAR - DEPRECIAÇÃO. AF_06/2015","H","COEFICIENTE DE REPRESENTATIVIDADE","1,0000000","4,30","4,30","","","","","","","","","","","CAIXA REFERENCIAL"]
["CUSTOS HORÁRIOS DE MÁQUINAS E EQUIPAMENTOS","CHOR","CUSTO HORÁRIO PRODUTIVO DIURNO",325,"","","90674","PERFURATRIZ COM TORRE METÁLICA PARA EXECUÇÃO DE ESTACA HÉLICE CONTÍNUA, PROFUNDIDADE MÁXIMA DE 30 M, DIÂMETRO MÁXIMO DE 800 MM, POTÊNCIA INSTALADA DE 268 HP, MESA ROTATIVA COM TORQUE MÁXIMO DE 170 KNM - CHP DIURNO. AF_06/2015","CHP","ATRIBUÍDO SÃO PAULO","433,25","COMPOSICAO","88297","OPERADOR DE MÁQUINAS E EQUIPAMENTOS COM ENCARGOS COMPLEMENTARES","H","COEFICIENTE DE REPRESENTATIVIDADE","1,0000000","33,43","33,43","","","","","","","","","","","CAIXA REFERENCIAL"]
["CUSTOS HORÁRIOS DE MÁQUINAS E EQUIPAMENTOS","CHOR","CUSTO HORÁRIO PRODUTIVO DIURNO",325,"","","91277","PLACA VIBRATÓRIA REVERSÍVEL COM MOTOR 4 TEMPOS A GASOLINA, FORÇA CENTRÍFUGA DE 25 KN (2500 KGF), POTÊNCIA 5,5 CV - CHP DIURNO. AF_08/2015","CHP","ATRIBUÍDO SÃO PAULO","4,56","","","","","","","","","0,00","0,0000000","3,48","76,3157895","1,08","23,6842105","0,00","0,0000000","0,00","0,0000000","CAIXA REFERENCIAL"]
["CUSTOS HORÁRIOS DE MÁQUINAS E EQUIPAMENTOS","CHOR","CUSTO HORÁRIO PRODUTIVO DIURNO",325,"","","91692","SERRA CIRCULAR DE BANCADA COM MOTOR ELÉTRICO POTÊNCIA DE 5HP, COM COIFA PARA DISCO 10\" - CHP DIURNO. AF_08/2015","CHP","ATRIBUÍDO SÃO PAULO","35,04","COMPOSICAO","91688","SERRA CIRCULAR DE BANCADA COM MOTOR ELÉTRICO POTÊNCIA DE 5HP, COM COIFA PARA DISCO 10\" - DEPRECIAÇÃO. AF_08/2015","H","COEFICIENTE DE REPRESENTATIVIDADE","1,0000000","0,07","0,07","","","","","","","","","","","CAIXA REFERENCIAL"]
["CUSTOS HORÁRIOS DE MÁQUINAS E EQUIPAMENTOS","CHOR","CUSTO HORÁRIO PRODUTIVO DIURNO",325,"","","92242","CAMINHÃO DE TRANSPORTE DE MATERIAL ASFÁLTICO 20.000 L, COM CAVALO MECÂNICO DE CAPACIDADE MÁXIMA DE TRAÇÃO COMBINADO DE 45.000 KG, POTÊNCIA 330 CV, INCLUSIVE TANQUE DE ASFALTO COM MAÇARICO - CHP DIURNO. AF_12/2015","CHP","ATRIBUÍDO SÃO PAULO","244,43","COMPOSICAO","92241","CAMINHÃO DE TRANSPORTE DE MATERIAL ASFÁLTICO 20.000 L, COM CAVALO MECÂNICO DE CAPACIDADE MÁXIMA DE TRAÇÃO COMBINADO DE 45.000 KG, POTÊNCIA 330 CV, INCLUSIVE TANQUE DE ASFALTO COM MAÇARICO - MATERIAIS NA OPERAÇÃO. AF_12/2015","H","COLETADO","1,0000000","157,39","157,39","","","","","","","","","","","CAIXA REFERENCIAL"]
["CUSTOS HORÁRIOS DE MÁQUINAS E EQUIPAMENTOS","CHOR","CUSTO HORÁRIO PRODUTIVO DIURNO",325,"","","93224","PERFURATRIZ COM TORRE METÁLICA PARA EXECUÇÃO DE ESTACA HÉLICE CONTÍNUA, PROFUNDIDADE MÁXIMA DE 32 M, DIÂMETRO MÁXIMO DE 1000 MM, POTÊNCIA INSTALADA DE 350 HP, MESA ROTATIVA COM TORQUE MÁXIMO DE 263 KNM - CHP DIURNO. AF_01/2016","CHP","ATRIBUÍDO SÃO PAULO","622,88","COMPOSICAO","93223","PERFURATRIZ COM TORRE METÁLICA PARA EXECUÇÃO DE ESTACA HÉLICE CONTÍNUA, PROFUNDIDADE MÁXIMA DE 32 M, DIÂMETRO MÁXIMO DE 1000 MM, POTÊNCIA INSTALADA DE 350 HP, MESA ROTATIVA COM TORQUE MÁXIMO DE 263 KNM \u0096 MATERIAIS NA OPERAÇÃO. AF_01/2016","H","COLETADO","1,0000000","169,20","169,20","","","","","","","","","","","CAIXA REFERENCIAL"]
["CUSTOS HORÁRIOS DE MÁQUINAS E EQUIPAMENTOS","CHOR","CUSTO HORÁRIO PRODUTIVO DIURNO",325,"","","93402","GUINDAUTO HIDRÁULICO, CAPACIDADE MÁXIMA DE CARGA 3300 KG, MOMENTO MÁXIMO DE CARGA 5,8 TM, ALCANCE MÁXIMO HORIZONTAL 7,60 M, INCLUSIVE CAMINHÃO TOCO PBT 16.000 KG, POTÊNCIA DE 189 CV - CHP DIURNO. AF_03/2016","CHP","ATRIBUÍDO SÃO PAULO","148,79","","","","","","","","","30,40","20,4314806","93,27","62,6856644","25,12","16,8828550","0,00","0,0000000","0,00","0,0000000","CAIXA REFERENCIAL"]
["CUSTOS HORÁRIOS DE MÁQUINAS E EQUIPAMENTOS","CHOR","CUSTO HORÁRIO PRODUTIVO DIURNO",325,"","","95133","MÁQUINA DEMARCADORA DE FAIXA DE TRÁFEGO À FRIO, AUTOPROPELIDA, POTÊNCIA 38 HP - CHP DIURNO. AF_07/2016","CHP","ATRIBUÍDO SÃO PAULO","110,79","COMPOSICAO","95129","MÁQUINA DEMARCADORA DE FAIXA DE TRÁFEGO À FRIO, AUTOPROPELIDA, POTÊNCIA 38 HP - DEPRECIAÇÃO. AF_07/2016","H","ATRIBUÍDO SÃO PAULO","1,0000000","17,77","17,77","","","","","","","","","","","CAIXA REFERENCIAL"]
["CUSTOS HORÁRIOS DE MÁQUINAS E EQUIPAMENTOS","CHOR","CUSTO HORÁRIO PRODUTIVO DIURNO",325,"","","95264","COMPACTADOR DE SOLOS DE PERCUSÃO (SOQUETE) COM MOTOR A GASOLINA, POTÊNCIA 3 CV - CHP DIURNO. AF_09/2016","CHP","ATRIBUÍDO SÃO PAULO","3,69","","","","","","","","","0,00","0,0000000","1,89","51,2195122","1,80","48,7804878","0,00","0,0000000","0,00","0,0000000","CAIXA REFERENCIAL"]
["CUSTOS HORÁRIOS DE MÁQUINAS E EQUIPAMENTOS","CHOR","CUSTO HORÁRIO PRODUTIVO DIURNO",325,"","","95620","PERFURATRIZ PNEUMATICA MANUAL DE PESO MEDIO, MARTELETE, 18KG, COMPRIMENTO MÁXIMO DE CURSO DE 6 M, DIAMETRO DO PISTAO DE 5,5 CM - CHP DIURNO. AF_11/2016","CHP","COEFICIENTE DE REPRESENTATIVIDADE","31,97","COMPOSICAO","88298","OPERADOR DE MARTELETE OU MARTELETEIRO COM ENCARGOS COMPLEMENTARES","H","COEFICIENTE DE REPRESENTATIVIDADE","1,0000000","29,88","29,88","","","","","","","","","","","CAIXA REFERENCIAL"]
["CUSTOS HORÁRIOS DE MÁQUINAS E EQUIPAMENTOS","CHOR","CUSTO HORÁRIO PRODUTIVO DIURNO",325,"","","96013","TRATOR DE PNEUS COM POTÊNCIA DE 122 CV, TRAÇÃO 4X4, COM VASSOURA MECÂNICA ACOPLADA - CHP DIURNO. AF_02/2017","CHP","ATRIBUÍDO SÃO PAULO","117,67","","","","","","","","","30,57","25,9794340","62,69","53,2761112","24,41","20,7444548","0,00","0,0000000","0,00","0,0000000","CAIXA REFERENCIAL"]
["CUSTOS HORÁRIOS DE MÁQUINAS E EQUIPAMENTOS","CHOR","CUSTO HORÁRIO PRODUTIVO DIURNO",325,"","","96303","PERFURATRIZ ROTATIVA SOBRE ESTEIRA, TORQUE MAXIMO 2500 KGM, POTENCIA 110 HP, MOTOR DIESEL- CHP DIURNO. AF_05/2017","CHP","ATRIBUÍDO SÃO PAULO","174,71","COMPOSICAO","88297","OPERADOR DE MÁQUINAS E EQUIPAMENTOS COM ENCARGOS COMPLEMENTARES","H","COEFICIENTE DE REPRESENTATIVIDADE","1,0000000","33,43","33,43","","","","","","","","","","","CAIXA REFERENCIAL"]
["CUSTOS HORÁRIOS DE MÁQUINAS E EQUIPAMENTOS","CHOR","CUSTO HORÁRIO IMPRODUTIVO DIURNO",327,"","","5845","TRATOR DE PNEUS, POTÊNCIA 122 CV, TRAÇÃO 4X4, PESO COM LASTRO DE 4.510 KG - CHI DIURNO. AF_06/2014","CHI","ATRIBUÍDO SÃO PAULO","46,17","COMPOSICAO","7064","TRATOR DE PNEUS, POTÊNCIA 122 CV, TRAÇÃO 4X4, PESO COM LASTRO DE 4.510 KG - JUROS. AF_06/2014","H","ATRIBUÍDO SÃO PAULO","1,0000000","2,29","2,29","","","","","","","","","","","CAIXA REFERENCIAL"]
["CUSTOS HORÁRIOS DE MÁQUINAS E EQUIPAMENTOS","CHOR","CUSTO HORÁRIO IMPRODUTIVO DIURNO",327,"","","5877","RETROESCAVADEIRA SOBRE RODAS COM CARREGADEIRA, TRAÇÃO 4X4, POTÊNCIA LÍQ. 72 HP, CAÇAMBA CARREG. CAP. MÍN. 0,79 M3, CAÇAMBA RETRO CAP. 0,18 M3, PESO OPERACIONAL MÍN. 7.140 KG, PROFUNDIDADE ESCAVAÇÃO MÁX. 4,50 M - CHI DIURNO. AF_06/2014","CHI","ATRIBUÍDO SÃO PAULO","54,73","","","","","","","","","34,08","62,2693222","4,11","7,5095925","16,54","30,2210853","0,00","0,0000000","0,00","0,0000000","CAIXA REFERENCIAL"]
["CUSTOS HORÁRIOS DE MÁQUINAS E EQUIPAMENTOS","CHOR","CUSTO HORÁRIO IMPRODUTIVO DIURNO",327,"","","5903","CAMINHÃO PIPA 10.000 L TRUCADO, PESO BRUTO TOTAL 23.000 KG, CARGA ÚTIL MÁXIMA 15.935 KG, DISTÂNCIA ENTRE EIXOS 4,8 M, POTÊNCIA 230 CV, INCLUSIVE TANQUE DE AÇO PARA TRANSPORTE DE ÁGUA - CHI DIURNO. AF_06/2014","CHI","ATRIBUÍDO SÃO PAULO","45,82","COMPOSICAO","91397","CAMINHÃO PIPA 10.000 L TRUCADO, PESO BRUTO TOTAL 23.000 KG, CARGA ÚTIL MÁXIMA 15.935 KG, DISTÂNCIA ENTRE EIXOS 4,8 M, POTÊNCIA 230 CV, INCLUSIVE TANQUE DE AÇO PARA TRANSPORTE DE ÁGUA - JUROS. AF_06/2014","H","ATRIBUÍDO SÃO PAULO","1,0000000","3,99","3,99","","","","","","","","","","","CAIXA REFERENCIAL"]
["CUSTOS HORÁRIOS DE MÁQUINAS E EQUIPAMENTOS","CHOR","CUSTO HORÁRIO IMPRODUTIVO DIURNO",327,"","","67827","CAMINHÃO BASCULANTE 6 M3 TOCO, PESO BRUTO TOTAL 16.000 KG, CARGA ÚTIL MÁXIMA 11.130 KG, DISTÂNCIA ENTRE EIXOS 5,36 M, POTÊNCIA 185 CV, INCLUSIVE CAÇAMBA METÁLICA - CHI DIURNO. AF_06/2014","CHI","ATRIBUÍDO SÃO PAULO","43,32","","","","","","","","","26,29","60,6879041","3,13","7,2253000","13,90","32,0867959","0,00","0,0000000","0,00","0,0000000","CAIXA REFERENCIAL"]
["CUSTOS HORÁRIOS DE MÁQUINAS E EQUIPAMENTOS","CHOR","CUSTO HORÁRIO IMPRODUTIVO DIURNO",327,"","","88404","MISTURADOR DE ARGAMASSA, EIXO HORIZONTAL, CAPACIDADE DE MISTURA 160 KG, MOTOR ELÉTRICO POTÊNCIA 3 CV - CHI DIURNO. AF_06/2014","CHI","COEFICIENTE DE REPRESENTATIVIDADE","0,69","","","","","","","","","0,00","0,0000000","0,00","0,0000000","0,69","100,0000000","0,00","0,0000000","0,00","0,0000000","CAIXA REFERENCIAL"]
["CUSTOS HORÁRIOS DE MÁQUINAS E EQUIPAMENTOS","CHOR","CUSTO HORÁRIO IMPRODUTIVO DIURNO",327,"","","89243","FRESADORA DE ASFALTO A FRIO SOBRE RODAS, LARGURA FRESAGEM DE 2,0 M, POTÊNCIA 550 HP - CHI DIURNO. AF_11/2014","CHI","ATRIBUÍDO SÃO PAULO","206,65","COMPOSICAO","89236","FRESADORA DE ASFALTO A FRIO SOBRE RODAS, LARGURA FRESAGEM DE 2,0 M, POTÊNCIA 550 HP - DEPRECIAÇÃO. AF_11/2014","H","ATRIBUÍDO SÃO PAULO","1,0000000","130,78","130,78","","","","","","","","","","","CAIXA REFERENCIAL"]
["CUSTOS HORÁRIOS DE MÁQUINAS E EQUIPAMENTOS","CHOR","CUSTO HORÁRIO IMPRODUTIVO DIURNO",327,"","","90626","PERFURATRIZ MANUAL, TORQUE MÁXIMO 83 N.M, POTÊNCIA 5 CV, COM DIÂMETRO MÁXIMO 4\" - CHI DIURNO. AF_06/2015","CHI","COEFICIENTE DE REPRESENTATIVIDADE","1,89","COMPOSICAO","90621","PERFURATRIZ MANUAL, TORQUE MÁXIMO 83 N.M, POTÊNCIA 5 CV, COM DIÂMETRO MÁXIMO 4\" - DEPRECIAÇÃO. AF_06/2015","H","COEFICIENTE DE REPRESENTATIVIDADE","1,0000000","1,55","1,55","","","","","","","","","","","CAIXA REFERENCIAL"]
["CUSTOS HORÁRIOS DE MÁQUINAS E EQUIPAMENTOS","CHOR","CUSTO HORÁRIO IMPRODUTIVO DIURNO",327,"","","90675","PERFURATRIZ COM TORRE METÁLICA PARA EXECUÇÃO DE ESTACA HÉLICE CONTÍNUA, PROFUNDIDADE MÁXIMA DE 30 M, DIÂMETRO MÁXIMO DE 800 MM, POTÊNCIA INSTALADA DE 268 HP, MESA ROTATIVA COM TORQUE MÁXIMO DE 170 KNM - CHI DIURNO. AF_06/2015","CHI","ATRIBUÍDO SÃO PAULO","169,16","COMPOSICAO","88297","OPERADOR DE MÁQUINAS E EQUIPAMENTOS COM ENCARGOS COMPLEMENTARES","H","COEFICIENTE DE REPRESENTATIVIDADE","1,0000000","33,43","33,43","","","","","","","","","","","CAIXA REFERENCIAL"]
["CUSTOS HORÁRIOS DE MÁQUINAS E EQUIPAMENTOS","CHOR","CUSTO HORÁRIO IMPRODUTIVO DIURNO",327,"","","91534","COMPACTADOR DE SOLOS DE PERCUSSÃO (SOQUETE) COM MOTOR A GASOLINA 4 TEMPOS, POTÊNCIA 4 CV - CHI DIURNO. AF_08/2015","CHI","ATRIBUÍDO SÃO PAULO","34,23","COMPOSICAO","91530","COMPACTADOR DE SOLOS DE PERCUSSÃO (SOQUETE) COM MOTOR A GASOLINA 4 TEMPOS, POTÊNCIA 4 CV - JUROS. AF_08/2015","H","ATRIBUÍDO SÃO PAULO","1,0000000","0,16","0,16","","","","","","","","","","","CAIXA REFERENCIAL"]
["CUSTOS HORÁRIOS DE MÁQUINAS E EQUIPAMENTOS","CHOR","CUSTO HORÁRIO IMPRODUTIVO DIURNO",327,"","","92107","CAMINHÃO PARA EQUIPAMENTO DE LIMPEZA A SUCÇÃO COM CAMINHÃO TRUCADO DE PESO BRUTO TOTAL 23000 KG, CARGA ÚTIL MÁXIMA 15935 KG, DISTÂNCIA ENTRE EIXOS 4,80 M, POTÊNCIA 230 CV, INCLUSIVE LIMPADORA A SUCÇÃO, TANQUE 12000 L - CHI DIURNO. AF_11/2015","CHI","ATRIBUÍDO SÃO PAULO","47,39","COMPOSICAO","92102","CAMINHÃO PARA EQUIPAMENTO DE LIMPEZA A SUCÇÃO COM CAMINHÃO TRUCADO DE PESO BRUTO TOTAL 23000 KG, CARGA ÚTIL MÁXIMA 15935 KG, DISTÂNCIA ENTRE EIXOS 4,80 M, POTÊNCIA 230 CV, INCLUSIVE LIMPADORA A SUCÇÃO, TANQUE 12000 L - JUROS. AF_11/2015","H","ATRIBUÍDO SÃO PAULO","1,0000000","4,41","4,41","","","","","","","","","","","CAIXA REFERENCIAL"]
["CUSTOS HORÁRIOS DE MÁQUINAS E EQUIPAMENTOS","CHOR","CUSTO HORÁRIO IMPRODUTIVO DIURNO",327,"","","92717","APARELHO PARA CORTE E SOLDA OXI-ACETILENO SOBRE RODAS, INCLUSIVE CILINDROS E MAÇARICOS - CHI DIURNO. AF_12/2015","CHI","COLETADO","0,21","COMPOSICAO","92713","APARELHO PARA CORTE E SOLDA OXI-ACETILENO SOBRE RODAS, INCLUSIVE CILINDROS E MAÇARICOS - JUROS. AF_12/2015","H","COLETADO","1,0000000","0,04","0,04","","","","","","","","","","","CAIXA REFERENCIAL"]
["CUSTOS HORÁRIOS DE MÁQUINAS E EQUIPAMENTOS","CHOR","CUSTO HORÁRIO IMPRODUTIVO DIURNO",327,"","","93440","USINA DE ASFALTO À FRIO, CAPACIDADE DE 40 A 60 TON/HORA, ELÉTRICA POTÊNCIA 30 CV - CHI DIURNO. AF_03/2016","CHI","ATRIBUÍDO SÃO PAULO","99,69","COMPOSICAO","88316","SERVENTE COM ENCARGOS COMPLEMENTARES","H","COEFICIENTE DE REPRESENTATIVIDADE","4,0000000","15,69","62,76","","","","","","","","","","","CAIXA REFERENCIAL"]
["CUSTOS HORÁRIOS DE MÁQUINAS E EQUIPAMENTOS","CHOR","CUSTO HORÁRIO IMPRODUTIVO DIURNO",327,"","","95219","PULVERIZADOR DE TINTA ELÉTRICO/MÁQUINA DE PINTURA AIRLESS, VAZÃO 2 L/MIN - CHI DIURNO. AF_08/2016","CHI","COEFICIENTE DE REPRESENTATIVIDADE","19,89","COMPOSICAO","95215","PULVERIZADOR DE TINTA ELÉTRICO/MÁQUINA DE PINTURA AIRLESS, VAZÃO 2 L/MIN - JUROS. AF_08/2016","H","COEFICIENTE DE REPRESENTATIVIDADE","1,0000000","0,10","0,10","","","","","","","","","","","CAIXA REFERENCIAL"]
["CUSTOS HORÁRIOS DE MÁQUINAS E EQUIPAMENTOS","CHOR","CUSTO HORÁRIO IMPRODUTIVO DIURNO",327,"","","95703","PERFURATRIZ MANUAL, TORQUE MAXIMO 55 KGF.M, POTENCIA 5 CV, COM DIAMETRO MAXIMO 8 1/2\" - CHI DIURNO. AF_11/2016","CHI","COEFICIENTE DE REPRESENTATIVIDADE","37,64","","","","","","","","","29,32","77,8958556","4,11","10,9192348","4,21","11,1849096","0,00","0,0000000","0,00","0,0000000","CAIXA REFERENCIAL"]
["CUSTOS HORÁRIOS DE MÁQUINAS E EQUIPAMENTOS","CHOR","CUSTO HORÁRIO IMPRODUTIVO DIURNO",327,"","","96308","COMPRESSOR DE AR, VAZAO DE 10 PCM, RESERVATORIO 100 L, PRESSAO DE TRABALHO ENTRE 6,9 E 9,7 BAR  POTENCIA 2 HP, TENSAO 110/220 V \u0096 CHI DIURNO. AF_05/2017","CHI","COEFICIENTE DE REPRESENTATIVIDADE","0,11","COMPOSICAO","96304","COMPRESSOR DE AR, VAZAO DE 10 PCM, RESERVATORIO 100 L, PRESSAO DE TRABALHO ENTRE 6,9 E 9,7 BAR,  POTENCIA 2 HP, TENSAO 110/220 V - DEPRECIAÇÃO. AF_05/2017","H","COEFICIENTE DE REPRESENTATIVIDADE","1,0000000","0,09","0,09","","","","","","","","","","","CAIXA REFERENCIAL"]
["CUSTOS HORÁRIOS DE MÁQUINAS E EQUIPAMENTOS","CHOR","COMPOSIÇÕES AUXILIARES",329,"","","5674","ROLO COMPACTADOR VIBRATÓRIO DE UM CILINDRO AÇO LISO, POTÊNCIA 80 HP, PESO OPERACIONAL MÁXIMO 8,1 T, IMPACTO DINÂMICO 16,15 / 9,5 T, LARGURA DE TRABALHO 1,68 M - MANUTENÇÃO. AF_06/2014","H","ATRIBUÍDO SÃO PAULO","16,64","INSUMO","10646","ROLO COMPACTADOR VIBRATORIO DE UM CILINDRO, ACO LISO, POTENCIA 80 HP, PESO OPERACIONAL MAXIMO 8,1 T, IMPACTO DINAMICO 16,15/9,5 T, LARGURA TRABALHO 1,68 M","UN","ATRIBUÍDO SÃO PAULO","0,0000667","249.544,19","16,64","","","","","","","","","","","CAIXA REFERENCIAL"]
["CUSTOS HORÁRIOS DE MÁQUINAS E EQUIPAMENTOS","CHOR","COMPOSIÇÕES AUXILIARES",329,"","","5763","CAMINHÃO PIPA 10.000 L TRUCADO, PESO BRUTO TOTAL 23.000 KG, CARGA ÚTIL MÁXIMA 15.935 KG, DISTÂNCIA ENTRE EIXOS 4,8 M, POTÊNCIA 230 CV, INCLUSIVE TANQUE DE AÇO PARA TRANSPORTE DE ÁGUA - MANUTENÇÃO. AF_06/2014","H","ATRIBUÍDO SÃO PAULO","18,80","INSUMO","37747","CAMINHAO TRUCADO, PESO BRUTO TOTAL 23000 KG, CARGA UTIL MAXIMA 15935 KG, DISTANCIA ENTRE EIXOS 4,80 M, POTENCIA 230 CV (INCLUI CABINE E CHASSI, NAO INCLUI CARROCERIA)","UN","COEFICIENTE DE REPRESENTATIVIDADE","0,0000643","253.191,45","16,28","","","","","","","","","","","CAIXA REFERENCIAL"]
["CUSTOS HORÁRIOS DE MÁQUINAS E EQUIPAMENTOS","CHOR","COMPOSIÇÕES AUXILIARES",329,"","","7040","ROLO COMPACTADOR DE PNEUS ESTÁTICO, PRESSÃO VARIÁVEL, POTÊNCIA 111 HP, PESO SEM/COM LASTRO 9,5 / 26 T, LARGURA DE TRABALHO 1,90 M - MANUTENÇÃO. AF_07/2014","H","ATRIBUÍDO SÃO PAULO","26,01","","","","","","","","","0,00","0,0000000","0,00","0,0000000","26,01","100,0000000","0,00","0,0000000","0,00","0,0000000","CAIXA REFERENCIAL"]
["CUSTOS HORÁRIOS DE MÁQUINAS E EQUIPAMENTOS","CHOR","COMPOSIÇÕES AUXILIARES",329,"","","7059","CAMINHÃO BASCULANTE 6 M3 TOCO, PESO BRUTO TOTAL 16.000 KG, CARGA ÚTIL MÁXIMA 11.130 KG, DISTÂNCIA ENTRE EIXOS 5,36 M, POTÊNCIA 185 CV, INCLUSIVE CAÇAMBA METÁLICA - JUROS. AF_06/2014","H","ATRIBUÍDO SÃO PAULO","3,42","","","","","","","","","0,00","0,0000000","0,00","0,0000000","3,42","100,0000000","0,00","0,0000000","0,00","0,0000000","CAIXA REFERENCIAL"]
["CUSTOS HORÁRIOS DE MÁQUINAS E EQUIPAMENTOS","CHOR","COMPOSIÇÕES AUXILIARES",329,"","","53863","MARTELETE OU ROMPEDOR PNEUMÁTICO MANUAL, 28 KG, COM SILENCIADOR - MANUTENÇÃO. AF_07/2016","H","COEFICIENTE DE REPRESENTATIVIDADE","1,45","INSUMO","41898","MARTELO DEMOLIDOR PNEUMATICO MANUAL, PESO  DE 28 KG, COM SILENCIADOR","UN","COEFICIENTE DE REPRESENTATIVIDADE","0,0000800","18.216,27","1,45","","","","","","","","","","","CAIXA REFERENCIAL"]
["CUSTOS HORÁRIOS DE MÁQUINAS E EQUIPAMENTOS","CHOR","COMPOSIÇÕES AUXILIARES",329,"","","87441","BETONEIRA CAPACIDADE NOMINAL 400 L, CAPACIDADE DE MISTURA 310 L, MOTOR A DIESEL POTÊNCIA 5,0 HP, SEM CARREGADOR - DEPRECIAÇÃO. AF_06/2014","H","COEFICIENTE DE REPRESENTATIVIDADE","0,31","","","","","","","","","0,00","0,0000000","0,00","0,0000000","0,31","100,0000000","0,00","0,0000000","0,00","0,0000000","CAIXA REFERENCIAL"]
["CUSTOS HORÁRIOS DE MÁQUINAS E EQUIPAMENTOS","CHOR","COMPOSIÇÕES AUXILIARES",329,"","","87444","BETONEIRA CAPACIDADE NOMINAL 400 L, CAPACIDADE DE MISTURA 310 L, MOTOR A DIESEL POTÊNCIA 5,0 HP, SEM CARREGADOR - MATERIAIS NA OPERAÇÃO. AF_06/2014","H","COLETADO","2,41","INSUMO","4221","OLEO DIESEL COMBUSTIVEL COMUM","L","COLETADO","0,6700000","3,60","2,41","","","","","","","","","","","CAIXA REFERENCIAL"]
["CUSTOS HORÁRIOS DE MÁQUINAS E EQUIPAMENTOS","CHOR","COMPOSIÇÕES AUXILIARES",329,"","","88835","ESCAVADEIRA HIDRÁULICA SOBRE ESTEIRAS, CAÇAMBA 0,80 M3, PESO OPERACIONAL 17,8 T, POTÊNCIA LÍQUIDA 110 HP - MANUTENÇÃO. AF_10/2014","H","ATRIBUÍDO SÃO PAULO","27,44","","","","","","","","","0,00","0,0000000","0,00","0,0000000","27,44","100,0000000","0,00","0,0000000","0,00","0,0000000","CAIXA REFERENCIAL"]
["CUSTOS HORÁRIOS DE MÁQUINAS E EQUIPAMENTOS","CHOR","COMPOSIÇÕES AUXILIARES",329,"","","88857","RETROESCAVADEIRA SOBRE RODAS COM CARREGADEIRA, TRAÇÃO 4X4, POTÊNCIA LÍQ. 88 HP, CAÇAMBA CARREG. CAP. MÍN. 1 M3, CAÇAMBA RETRO CAP. 0,26 M3, PESO OPERACIONAL MÍN. 6.674 KG, PROFUNDIDADE ESCAVAÇÃO MÁX. 4,37 M - DEPRECIAÇÃO. AF_06/2014","H","ATRIBUÍDO SÃO PAULO","13,64","INSUMO","36531","RETROESCAVADEIRA SOBRE RODAS COM CARREGADEIRA, TRACAO 4 X 4, POTENCIA LIQUIDA 88 HP, PESO OPERACIONAL MINIMO DE 6674 KG, CAPACIDADE DA CARREGADEIRA DE 1,00 M3 E DA  RETROESCAVADEIRA MINIMA DE 0,26 M3, PROFUNDIDADE DE ESCAVACAO MAXIMA DE 4,37 M","UN","ATRIBUÍDO SÃO PAULO","0,0000560","243.597,54","13,64","","","","","","","","","","","CAIXA REFERENCIAL"]
["CUSTOS HORÁRIOS DE MÁQUINAS E EQUIPAMENTOS","CHOR","COMPOSIÇÕES AUXILIARES",329,"","","89129","PÁ CARREGADEIRA SOBRE RODAS, POTÊNCIA LÍQUIDA 128 HP, CAPACIDADE DA CAÇAMBA 1,7 A 2,8 M3, PESO OPERACIONAL 11632 KG - JUROS. AF_06/2014","H","ATRIBUÍDO SÃO PAULO","4,79","","","","","","","","","0,00","0,0000000","0,00","0,0000000","4,79","100,0000000","0,00","0,0000000","0,00","0,0000000","CAIXA REFERENCIAL"]
["CUSTOS HORÁRIOS DE MÁQUINAS E EQUIPAMENTOS","CHOR","COMPOSIÇÕES AUXILIARES",329,"","","89224","BETONEIRA CAPACIDADE NOMINAL DE 600 L, CAPACIDADE DE MISTURA 360 L, MOTOR ELÉTRICO TRIFÁSICO POTÊNCIA DE 4 CV, SEM CARREGADOR - MATERIAIS NA OPERAÇÃO. AF_11/2014","H","ATRIBUÍDO SÃO PAULO","1,17","INSUMO","2705","ENERGIA ELETRICA ATE 2000 KWH INDUSTRIAL, SEM DEMANDA","KW/H","ATRIBUÍDO SÃO PAULO","2,5000000","0,47","1,17","","","","","","","","","","","CAIXA REFERENCIAL"]
["CUSTOS HORÁRIOS DE MÁQUINAS E EQUIPAMENTOS","CHOR","COMPOSIÇÕES AUXILIARES",329,"","","89240","VIBROACABADORA DE ASFALTO SOBRE ESTEIRAS, LARGURA DE PAVIMENTAÇÃO 1,90 M A 5,30 M, POTÊNCIA 105 HP CAPACIDADE 450 T/H - DEPRECIAÇÃO. AF_11/2014","H","ATRIBUÍDO SÃO PAULO","40,13","","","","","","","","","0,00","0,0000000","0,00","0,0000000","40,13","100,0000000","0,00","0,0000000","0,00","0,0000000","CAIXA REFERENCIAL"]
["CUSTOS HORÁRIOS DE MÁQUINAS E EQUIPAMENTOS","CHOR","COMPOSIÇÕES AUXILIARES",329,"","","89268","GUINDASTE HIDRÁULICO AUTOPROPELIDO, COM LANÇA TELESCÓPICA 28,80 M, CAPACIDADE MÁXIMA 30 T, POTÊNCIA 97 KW, TRAÇÃO 4 X 4 - JUROS. AF_11/2014","H","ATRIBUÍDO SÃO PAULO","8,14","","","","","","","","","0,00","0,0000000","0,00","0,0000000","8,14","100,0000000","0,00","0,0000000","0,00","0,0000000","CAIXA REFERENCIAL"]
["CUSTOS HORÁRIOS DE MÁQUINAS E EQUIPAMENTOS","CHOR","COMPOSIÇÕES AUXILIARES",329,"","","89881","CAMINHÃO BASCULANTE 18 M3, COM CAVALO MECÂNICO DE CAPACIDADE MÁXIMA DE TRAÇÃO COMBINADO DE 45000 KG, POTÊNCIA 330 CV, INCLUSIVE SEMIREBOQUE COM CAÇAMBA METÁLICA - MANUTENÇÃO. AF_12/2014","H","ATRIBUÍDO SÃO PAULO","35,70","","","","","","","","","0,00","0,0000000","0,00","0,0000000","35,70","100,0000000","0,00","0,0000000","0,00","0,0000000","CAIXA REFERENCIAL"]
["CUSTOS HORÁRIOS DE MÁQUINAS E EQUIPAMENTOS","CHOR","COMPOSIÇÕES AUXILIARES",329,"","","90627","PERFURATRIZ SOBRE ESTEIRA, TORQUE MÁXIMO 600 KGF, PESO MÉDIO 1000 KG, POTÊNCIA 20 HP, DIÂMETRO MÁXIMO 10\" - DEPRECIAÇÃO. AF_06/2015","H","ATRIBUÍDO SÃO PAULO","23,42","","","","","","","","","0,00","0,0000000","0,00","0,0000000","23,42","100,0000000","0,00","0,0000000","0,00","0,0000000","CAIXA REFERENCIAL"]
["CUSTOS HORÁRIOS DE MÁQUINAS E EQUIPAMENTOS","CHOR","COMPOSIÇÕES AUXILIARES",329,"","","90667","PROJETOR PNEUMÁTICO DE ARGAMASSA PARA CHAPISCO E REBOCO COM RECIPIENTE ACOPLADO, TIPO CANEQUINHA, COM COMPRESSOR DE AR REBOCÁVEL VAZÃO 89 PCM E MOTOR DIESEL DE 20 CV - MATERIAIS NA OPERAÇÃO. AF_06/2015","H","COLETADO","9,54","INSUMO","4221","OLEO DIESEL COMBUSTIVEL COMUM","L","COLETADO","2,6500000","3,60","9,54","","","","","","","","","","","CAIXA REFERENCIAL"]
["CUSTOS HORÁRIOS DE MÁQUINAS E EQUIPAMENTOS","CHOR","COMPOSIÇÕES AUXILIARES",329,"","","90684","MANIPULADOR TELESCÓPICO, POTÊNCIA DE 85 HP, CAPACIDADE DE CARGA DE 3.500 KG, ALTURA MÁXIMA DE ELEVAÇÃO DE 12,3 M - MANUTENÇÃO. AF_06/2015","H","ATRIBUÍDO SÃO PAULO","26,49","INSUMO","37515","MANIPULADOR TELESCOPICO, POTENCIA DE 85 HP, CAPACIDADE DE CARGA DE 3.500 KG, ALTURA MAXIMA DE ELEVACAO DE 12,3 M","UN","ATRIBUÍDO SÃO PAULO","0,0000700","378.500,00","26,49","","","","","","","","","","","CAIXA REFERENCIAL"]
["CUSTOS HORÁRIOS DE MÁQUINAS E EQUIPAMENTOS","CHOR","COMPOSIÇÕES AUXILIARES",329,"","","91028","CAMINHÃO TRUCADO (C/ TERCEIRO EIXO) ELETRÔNICO - POTÊNCIA 231CV - PBT = 22000KG - DIST. ENTRE EIXOS 5170 MM - INCLUI CARROCERIA FIXA ABERTA DE MADEIRA - IMPOSTOS E SEGUROS. AF_06/2015","H","ATRIBUÍDO SÃO PAULO","0,72","INSUMO","37730","CARROCERIA FIXA ABERTA DE MADEIRA PARA TRANSPORTE GERAL DE CARGA SECA DIMENSOES APROXIMADAS 2,5 X 6,5 X 0,50 M (INCLUI MONTAGEM, NAO INCLUI CAMINHAO)","UN","ATRIBUÍDO SÃO PAULO","0,0000028","13.433,56","0,03","","","","","","","","","","","CAIXA REFERENCIAL"]
["CUSTOS HORÁRIOS DE MÁQUINAS E EQUIPAMENTOS","CHOR","COMPOSIÇÕES AUXILIARES",329,"","","91354","CAMINHÃO TOCO, PESO BRUTO TOTAL 14.300 KG, CARGA ÚTIL MÁXIMA 9590 KG, DISTÂNCIA ENTRE EIXOS 4,76 M, POTÊNCIA 185 CV (NÃO INCLUI CARROCERIA) - DEPRECIAÇÃO. AF_06/2014","H","COEFICIENTE DE REPRESENTATIVIDADE","6,98","","","","","","","","","0,00","0,0000000","0,00","0,0000000","6,98","100,0000000","0,00","0,0000000","0,00","0,0000000","CAIXA REFERENCIAL"]
["CUSTOS HORÁRIOS DE MÁQUINAS E EQUIPAMENTOS","CHOR","COMPOSIÇÕES AUXILIARES",329,"","","91391","CAMINHÃO TOCO, PBT 14.300 KG, CARGA ÚTIL MÁX. 9.710 KG, DIST. ENTRE EIXOS 3,56 M, POTÊNCIA 185 CV, INCLUSIVE CARROCERIA FIXA ABERTA DE MADEIRA P/ TRANSPORTE GERAL DE CARGA SECA, DIMEN. APROX. 2,50 X 6,50 X 0,50 M - JUROS. AF_06/2014","H","ATRIBUÍDO SÃO PAULO","3,02","INSUMO","37730","CARROCERIA FIXA ABERTA DE MADEIRA PARA TRANSPORTE GERAL DE CARGA SECA DIMENSOES APROXIMADAS 2,5 X 6,5 X 0,50 M (INCLUI MONTAGEM, NAO INCLUI CAMINHAO)","UN","ATRIBUÍDO SÃO PAULO","0,0000137","13.433,56","0,18","","","","","","","","","","","CAIXA REFERENCIAL"]
["CUSTOS HORÁRIOS DE MÁQUINAS E EQUIPAMENTOS","CHOR","COMPOSIÇÕES AUXILIARES",329,"","","91485","ESPARGIDOR DE ASFALTO PRESSURIZADO, TANQUE 6 M3 COM ISOLAÇÃO TÉRMICA, AQUECIDO COM 2 MAÇARICOS, COM BARRA ESPARGIDORA 3,60 M, MONTADO SOBRE CAMINHÃO  TOCO, PBT 14.300 KG, POTÊNCIA 185 CV - MATERIAIS NA OPERAÇÃO. AF_08/2015","H","COLETADO","124,23","","","","","","","","","0,00","0,0000000","124,23","100,0000000","0,00","0,0000000","0,00","0,0000000","0,00","0,0000000","CAIXA REFERENCIAL"]
["CUSTOS HORÁRIOS DE MÁQUINAS E EQUIPAMENTOS","CHOR","COMPOSIÇÕES AUXILIARES",329,"","","91640","CAMINHÃO DE TRANSPORTE DE MATERIAL ASFÁLTICO 30.000 L, COM CAVALO MECÂNICO DE CAPACIDADE MÁXIMA DE TRAÇÃO COMBINADO DE 66.000 KG, POTÊNCIA 360 CV, INCLUSIVE TANQUE DE ASFALTO COM SERPENTINA - DEPRECIAÇÃO. AF_08/2015","H","ATRIBUÍDO SÃO PAULO","19,09","INSUMO","13215","CAVALO MECANICO TRACAO 6X2, PESO BRUTO TOTAL COMBINADO 56000 KG, CAPACIDADE MAXIMA DE TRACAO *66000* KG, POTENCIA *360* CV (INCLUI CABINE E CHASSI, NAO INCLUI SEMIRREBOQUE)","UN","ATRIBUÍDO SÃO PAULO","0,0000343","489.669,46","16,79","","","","","","","","","","","CAIXA REFERENCIAL"]
["CUSTOS HORÁRIOS DE MÁQUINAS E EQUIPAMENTOS","CHOR","COMPOSIÇÕES AUXILIARES",329,"","","92040","DISTRIBUIDOR DE AGREGADOS REBOCAVEL, CAPACIDADE 1,9 M³, LARGURA DE TRABALHO 3,66 M - DEPRECIAÇÃO. AF_11/2015","H","ATRIBUÍDO SÃO PAULO","3,63","","","","","","","","","0,00","0,0000000","0,00","0,0000000","3,63","100,0000000","0,00","0,0000000","0,00","0,0000000","CAIXA REFERENCIAL"]
["CUSTOS HORÁRIOS DE MÁQUINAS E EQUIPAMENTOS","CHOR","COMPOSIÇÕES AUXILIARES",329,"","","92239","CAMINHÃO DE TRANSPORTE DE MATERIAL ASFÁLTICO 20.000 L, COM CAVALO MECÂNICO DE CAPACIDADE MÁXIMA DE TRAÇÃO COMBINADO DE 45.000 KG, POTÊNCIA 330 CV, INCLUSIVE TANQUE DE ASFALTO COM MAÇARICO - IMPOSTOS E SEGUROS. AF_12/2015","H","ATRIBUÍDO SÃO PAULO","1,13","INSUMO","25014","TANQUE DE ASFALTO ESTACIONARIO COM MACARICO, CAPACIDADE 20.000 L","UN","ATRIBUÍDO SÃO PAULO","0,0000028","54.575,87","0,15","","","","","","","","","","","CAIXA REFERENCIAL"]
["CUSTOS HORÁRIOS DE MÁQUINAS E EQUIPAMENTOS","CHOR","COMPOSIÇÕES AUXILIARES",329,"","","92958","MÁQUINA EXTRUSORA DE CONCRETO PARA GUIAS E SARJETAS, MOTOR A DIESEL, POTÊNCIA 14 CV - MANUTENÇÃO. AF_12/2015","H","ATRIBUÍDO SÃO PAULO","4,07","INSUMO","13836","MAQUINA EXTRUSORA DE CONCRETO PARA GUIAS E SARJETAS, COM MOTOR A DIESEL DE 14 CV","UN","ATRIBUÍDO SÃO PAULO","0,0000700","58.194,70","4,07","","","","","","","","","","","CAIXA REFERENCIAL"]
["CUSTOS HORÁRIOS DE MÁQUINAS E EQUIPAMENTOS","CHOR","COMPOSIÇÕES AUXILIARES",329,"","","93296","GUINDASTE HIDRÁULICO AUTOPROPELIDO, COM LANÇA TELESCÓPICA 40 M, CAPACIDADE MÁXIMA 60 T, POTÊNCIA 260 KW - IMPOSTOS E SEGUROS. AF_03/2016","H","ATRIBUÍDO SÃO PAULO","3,20","","","","","","","","","0,00","0,0000000","0,00","0,0000000","3,20","100,0000000","0,00","0,0000000","0,00","0,0000000","CAIXA REFERENCIAL"]
["CUSTOS HORÁRIOS DE MÁQUINAS E EQUIPAMENTOS","CHOR","COMPOSIÇÕES AUXILIARES",329,"","","93406","MÁQUINA JATO DE PRESSAO PORTÁTIL PARA JATEAMENTO, CONTROLE AUTOMATICO REMOTO, CAMARA DE 1 SAIDA, CAPACIDADE 280 L, DIAMETRO 670 MM, BICO DE JATO CURTO VENTURI DE 5/16\u0094, MANGUEIRA DE 1\u0094 COM COMPRESSOR DE AR REBOCÁVEL VAZÃO 189 PCM E MOTOR DIESEL DE 63 CV- MANUTENÇÃO. AF_03/2016","H","COEFICIENTE DE REPRESENTATIVIDADE","4,52","INSUMO","36522","COMPRESSOR DE AR REBOCAVEL, VAZAO 189 PCM, PRESSAO EFETIVA DE TRABALHO 102 PSI, MOTOR DIESEL, POTENCIA 63 CV","UN","COEFICIENTE DE REPRESENTATIVIDADE","0,0000900","36.094,01","3,24","","","","","","","","","","","CAIXA REFERENCIAL"]
["CUSTOS HORÁRIOS DE MÁQUINAS E EQUIPAMENTOS","CHOR","COMPOSIÇÕES AUXILIARES",329,"","","93425","GRUPO GERADOR ESTACIONÁRIO, POTÊNCIA 150 KVA, MOTOR A DIESEL- MANUTENÇÃO. AF_03/2016","H","COEFICIENTE DE REPRESENTATIVIDADE","2,37","","","","","","","","","0,00","0,0000000","0,00","0,0000000","2,37","100,0000000","0,00","0,0000000","0,00","0,0000000","CAIXA REFERENCIAL"]
["CUSTOS HORÁRIOS DE MÁQUINAS E EQUIPAMENTOS","CHOR","COMPOSIÇÕES AUXILIARES",329,"","","95208","GRUA ASCENCIONAL, LANÇA DE 42 M, CAPACIDADE DE 1,5 T A 30 M, ALTURA ATÉ 39 M \u0096 DEPRECIAÇÃO. AF_08/2016","H","ATRIBUÍDO SÃO PAULO","24,66","INSUMO","36493","GRUA ASCENCIONAL, LANCA DE 42 M, CAPACIDADE DE 1,5 T A 30 M, ALTURA ATE 39 M","UN","ATRIBUÍDO SÃO PAULO","0,0000640","385.326,56","24,66","","","","","","","","","","","CAIXA REFERENCIAL"]
["CUSTOS HORÁRIOS DE MÁQUINAS E EQUIPAMENTOS","CHOR","COMPOSIÇÕES AUXILIARES",329,"","","95262","COMPACTADOR DE SOLOS DE PERCUSÃO (SOQUETE) COM MOTOR A GASOLINA, POTÊNCIA 3 CV - MANUTENÇÃO. AF_09/2016","H","COEFICIENTE DE REPRESENTATIVIDADE","1,07","","","","","","","","","0,00","0,0000000","0,00","0,0000000","1,07","100,0000000","0,00","0,0000000","0,00","0,0000000","CAIXA REFERENCIAL"]
["CUSTOS HORÁRIOS DE MÁQUINAS E EQUIPAMENTOS","CHOR","COMPOSIÇÕES AUXILIARES",329,"","","95278","DESEMPENADEIRA DE CONCRETO, PESO DE 75KG, 4 PÁS, MOTOR A GASOLINA, POTÊNCIA 5,5 HP - DEPRECIAÇÃO. AF_09/2016","H","ATRIBUÍDO SÃO PAULO","0,44","INSUMO","10658","ALISADORA DE CONCRETO COM MOTOR A GASOLINA DE 5,5 HP, PESO COM MOTOR DE 78 KG, 4 PAS","UN","ATRIBUÍDO SÃO PAULO","0,0000640","6.900,00","0,44","","","","","","","","","","","CAIXA REFERENCIAL"]
["CUSTOS HORÁRIOS DE MÁQUINAS E EQUIPAMENTOS","CHOR","COMPOSIÇÕES AUXILIARES",329,"","","96008","TRATOR DE PNEUS COM POTÊNCIA DE 122 CV, TRAÇÃO 4X4, COM VASSOURA MECÂNICA ACOPLADA - DEPRECIAÇÃO. AF_02/2017","H","ATRIBUÍDO SÃO PAULO","10,33","","","","","","","","","0,00","0,0000000","0,00","0,0000000","10,33","100,0000000","0,00","0,0000000","0,00","0,0000000","CAIXA REFERENCIAL"]
["CUSTOS HORÁRIOS DE MÁQUINAS E EQUIPAMENTOS","CHOR","COMPOSIÇÕES AUXILIARES",329,"","","96019","TRATOR DE PNEUS COM POTÊNCIA DE 122 CV, TRAÇÃO 4X4, COM GRADE DE DISCOS ACOPLADA - MATERIAIS NA OPERAÇÃO. AF_02/2017","H","COLETADO","58,17","INSUMO","4221","OLEO DIESEL COMBUSTIVEL COMUM","L","COLETADO","16,1600000","3,60","58,17","","","","","","","","","","","CAIXA REFERENCIAL"]
["CUSTOS HORÁRIOS DE MÁQUINAS E EQUIPAMENTOS","CHOR","COMPOSIÇÕES AUXILIARES",329,"","","96298","PERFURATRIZ ROTATIVA SOBRE ESTEIRA, TORQUE MAXIMO 2500 KGM, POTENCIA 110 HP, MOTOR DIESEL - DEPRECIAÇÃO. AF_05/2017","H","ATRIBUÍDO SÃO PAULO","35,05","","","","","","","","","0,00","0,0000000","0,00","0,0000000","35,05","100,0000000","0,00","0,0000000","0,00","0,0000000","CAIXA REFERENCIAL"]
["CUSTOS HORÁRIOS DE MÁQUINAS E EQUIPAMENTOS","CHOR","COMPOSIÇÕES AUXILIARES",329,"","","96460","ROLO COMPACTADOR DE PNEUS, ESTATICO, PRESSAO VARIAVEL, POTENCIA 110 HP, PESO SEM/COM LASTRO 10,8/27 T, LARGURA DE ROLAGEM 2,30 M - DEPRECIAÇÃO. AF_06/2017","H","ATRIBUÍDO SÃO PAULO","22,06","INSUMO","14511","ROLO COMPACTADOR DE PNEUS, ESTATICO, PRESSAO VARIAVEL, POTENCIA 110 HP, PESO SEM/COM LASTRO 10,8/27 T, LARGURA DE ROLAGEM 2,30 M","UN","ATRIBUÍDO SÃO PAULO","0,0000533","413.991,39","22,06","","","","","","","","","","","CAIXA REFERENCIAL"]
["COBERTURA","COBE","MADEIRAMENTO",73,"","","92260","INSTALAÇÃO DE TESOURA (INTEIRA OU MEIA), BIAPOIADA, EM MADEIRA NÃO APARELHADA, PARA VÃOS MAIORES OU IGUAIS A 6,0 M E MENORES QUE 8,0 M, INCLUSO IÇAMENTO. AF_12/2015","UN","ATRIBUÍDO SÃO PAULO","380,58","INSUMO","5075","PREGO DE ACO POLIDO COM CABECA 18 X 30 (2 3/4 X 10)","KG","COEFICIENTE DE REPRESENTATIVIDADE","1,1250000","10,27","11,55","","","","","","","","","","","CAIXA REFERENCIAL"]
["COBERTURA","COBE","MADEIRAMENTO",73,"","","92542","TRAMA DE MADEIRA COMPOSTA POR RIPAS, CAIBROS E TERÇAS PARA TELHADOS DE MAIS QUE 2 ÁGUAS PARA TELHA CERÂMICA CAPA-CANAL, INCLUSO TRANSPORTE VERTICAL. AF_12/2015","M2","ATRIBUÍDO SÃO PAULO","77,15","INSUMO","40568","PREGO DE ACO POLIDO COM CABECA 22 X 48 (4 1/4 X 5)","KG","COEFICIENTE DE REPRESENTATIVIDADE","0,0300000","10,35","0,31","","","","","","","","","","","CAIXA REFERENCIAL"]
["COBERTURA","COBE","MADEIRAMENTO",73,"","","92545","FABRICAÇÃO E INSTALAÇÃO DE TESOURA INTEIRA EM MADEIRA NÃO APARELHADA, VÃO DE 3 M, PARA TELHA CERÂMICA OU DE CONCRETO, INCLUSO IÇAMENTO. AF_12/2015","UN","ATRIBUÍDO SÃO PAULO","707,57","INSUMO","6193","TABUA MADEIRA 2A QUALIDADE 2,5 X 20,0CM (1 X 8\") NAO APARELHADA","M","COEFICIENTE DE REPRESENTATIVIDADE","3,0000000","4,93","14,79","","","","","","","","","","","CAIXA REFERENCIAL"]
["COBERTURA","COBE","MADEIRAMENTO",73,"","","92547","FABRICAÇÃO E INSTALAÇÃO DE TESOURA INTEIRA EM MADEIRA NÃO APARELHADA, VÃO DE 5 M, PARA TELHA CERÂMICA OU DE CONCRETO, INCLUSO IÇAMENTO. AF_12/2015","UN","ATRIBUÍDO SÃO PAULO","921,10","COMPOSICAO","88239","AJUDANTE DE CARPINTEIRO COM ENCARGOS COMPLEMENTARES","H","COEFICIENTE DE REPRESENTATIVIDADE","2,5940000","19,28","50,01","","","","","","","","","","","CAIXA REFERENCIAL"]
["COBERTURA","COBE","MADEIRAMENTO",73,"","","92553","FABRICAÇÃO E INSTALAÇÃO DE TESOURA INTEIRA EM MADEIRA NÃO APARELHADA, VÃO DE 11 M, PARA TELHA CERÂMICA OU DE CONCRETO, INCLUSO IÇAMENTO. AF_12/2015","UN","ATRIBUÍDO SÃO PAULO","2.053,49","","","","","","","","","679,88","33,1086018","1.332,91","64,9087598","28,94","1,4097680","0,00","0,0000000","11,76","0,5728704","CAIXA REFERENCIAL"]
["COBERTURA","COBE","MADEIRAMENTO",73,"","","92554","FABRICAÇÃO E INSTALAÇÃO DE TESOURA INTEIRA EM MADEIRA NÃO APARELHADA, VÃO DE 12 M, PARA TELHA CERÂMICA OU DE CONCRETO, INCLUSO IÇAMENTO. AF_12/2015","UN","ATRIBUÍDO SÃO PAULO","2.128,17","INSUMO","39027","PREGO DE ACO POLIDO COM CABECA 19  X 36 (3 1/4  X  9)","KG","COEFICIENTE DE REPRESENTATIVIDADE","3,9000000","10,26","40,01","","","","","","","","","","","CAIXA REFERENCIAL"]
["COBERTURA","COBE","MADEIRAMENTO",73,"","","92559","FABRICAÇÃO E INSTALAÇÃO DE TESOURA INTEIRA EM MADEIRA NÃO APARELHADA, VÃO DE 7 M, PARA TELHA ONDULADA DE FIBROCIMENTO, METÁLICA, PLÁSTICA OU TERMOACÚSTICA, INCLUSO IÇAMENTO. AF_12/2015","UN","ATRIBUÍDO SÃO PAULO","1.279,09","INSUMO","4400","CAIBRO DE MADEIRA NAO APARELHADA *6 X 8* CM, MACARANDUBA, ANGELIM OU EQUIVALENTE DA REGIAO","M","COEFICIENTE DE REPRESENTATIVIDADE","5,0000000","13,04","65,20","","","","","","","","","","","CAIXA REFERENCIAL"]
["COBERTURA","COBE","MADEIRAMENTO",73,"","","92562","FABRICAÇÃO E INSTALAÇÃO DE TESOURA INTEIRA EM MADEIRA NÃO APARELHADA, VÃO DE 10 M, PARA TELHA ONDULADA DE FIBROCIMENTO, METÁLICA, PLÁSTICA OU TERMOACÚSTICA, INCLUSO IÇAMENTO. AF_12/2015","UN","ATRIBUÍDO SÃO PAULO","1.731,80","INSUMO","21142","ESTRIBO COM PARAFUSO EM CHAPA DE FERRO FUNDIDO DE 2\" X 3/16\" X 35 CM, SECAO \"U\", PARA MADEIRAMENTO DE TELHADO","UN","COEFICIENTE DE REPRESENTATIVIDADE","1,0000000","23,57","23,57","","","","","","","","","","","CAIXA REFERENCIAL"]
["COBERTURA","COBE","MADEIRAMENTO",73,"","","92564","FABRICAÇÃO E INSTALAÇÃO DE TESOURA INTEIRA EM MADEIRA NÃO APARELHADA, VÃO DE 12 M, PARA TELHA ONDULADA DE FIBROCIMENTO, METÁLICA, PLÁSTICA OU TERMOACÚSTICA, INCLUSO IÇAMENTO. AF_12/2015","UN","ATRIBUÍDO SÃO PAULO","2.065,81","INSUMO","4400","CAIBRO DE MADEIRA NAO APARELHADA *6 X 8* CM, MACARANDUBA, ANGELIM OU EQUIVALENTE DA REGIAO","M","COEFICIENTE DE REPRESENTATIVIDADE","10,0000000","13,04","130,40","","","","","","","","","","","CAIXA REFERENCIAL"]
["COBERTURA","COBE","TELHAMENTO COM TELHA CERAMICA",74,"","","94195","TELHAMENTO COM TELHA CERÂMICA DE ENCAIXE, TIPO PORTUGUESA, COM ATÉ 2 ÁGUAS, INCLUSO TRANSPORTE VERTICAL. AF_06/2016","M2","ATRIBUÍDO SÃO PAULO","28,81","COMPOSICAO","93282","GUINCHO ELÉTRICO DE COLUNA, CAPACIDADE 400 KG, COM MOTO FREIO, MOTOR TRIFÁSICO DE 1,25 CV - CHI DIURNO. AF_03/2016","CHI","ATRIBUÍDO SÃO PAULO","0,0333000","30,37","1,01","","","","","","","","","","","CAIXA REFERENCIAL"]
["COBERTURA","COBE","TELHAMENTO COM TELHA CERAMICA",74,"","","94224","EMBOÇAMENTO COM ARGAMASSA TRAÇO 1:2:9 (CIMENTO, CAL E AREIA). AF_06/2016","M","ATRIBUÍDO SÃO PAULO","20,29","COMPOSICAO","88316","SERVENTE COM ENCARGOS COMPLEMENTARES","H","COEFICIENTE DE REPRESENTATIVIDADE","0,4330000","15,69","6,79","","","","","","","","","","","CAIXA REFERENCIAL"]
["COBERTURA","COBE","TELHAMENTO COM TELHA CERAMICA",74,"","","94440","TELHAMENTO COM TELHA CERÂMICA DE ENCAIXE, TIPO FRANCESA, COM ATÉ 2 ÁGUAS, INCLUSO TRANSPORTE VERTICAL. AF_06/2016","M2","ATRIBUÍDO SÃO PAULO","40,88","COMPOSICAO","88323","TELHADISTA COM ENCARGOS COMPLEMENTARES","H","COEFICIENTE DE REPRESENTATIVIDADE","0,0820000","22,08","1,81","","","","","","","","","","","CAIXA REFERENCIAL"]
["COBERTURA","COBE","TELHAMENTO COM TELHA DE FIBROCIMENTO",75,"","","94218","TELHAMENTO COM TELHA ESTRUTURAL DE FIBROCIMENTO E= 6 MM, COM ATÉ 2 ÁGUAS, INCLUSO IÇAMENTO. AF_06/2016","M2","ATRIBUÍDO SÃO PAULO","121,09","","","","","","","","","4,29","3,5507366","116,80","96,4492634","0,00","0,0000000","0,00","0,0000000","0,00","0,0000000","CAIXA REFERENCIAL"]
["COBERTURA","COBE","TELHAMENTO COM TELHA METALICA",76,73866,"ESTRUTURA DE ACO","73866/4","ESTRUTURA PARA COBERTURA EM ARCO, EM ALUMINIO ANODIZADO, VAO DE 20M, ESPACAMENTO DE 5M ATE 6,5M","M2","ATRIBUÍDO SÃO PAULO","378,15","COMPOSICAO","88316","SERVENTE COM ENCARGOS COMPLEMENTARES","H","COEFICIENTE DE REPRESENTATIVIDADE","1,5200000","15,69","23,84","","","","","","","","","","","CAIXA REFERENCIAL"]
["COBERTURA","COBE","CUMEEIRA CERAMICA",79,"","","94221","CUMEEIRA PARA TELHA CERÂMICA EMBOÇADA COM ARGAMASSA TRAÇO 1:2:9 (CIMENTO, CAL E AREIA) PARA TELHADOS COM ATÉ 2 ÁGUAS, INCLUSO TRANSPORTE VERTICAL. AF_06/2016","M","ATRIBUÍDO SÃO PAULO","21,25","COMPOSICAO","87337","ARGAMASSA TRAÇO 1:2:9 (CIMENTO, CAL E AREIA MÉDIA) PARA EMBOÇO/MASSA ÚNICA/ASSENTAMENTO DE ALVENARIA DE VEDAÇÃO, PREPARO MECÂNICO COM MISTURADOR DE EIXO HORIZONTAL DE 300 KG. AF_06/2014","M3","ATRIBUÍDO SÃO PAULO","0,0117000","414,98","4,85","","","","","","","","","","","CAIXA REFERENCIAL"]
["COBERTURA","COBE","CUMEEIRA DE FIBROCIMENTO",80,"","","94223","CUMEEIRA PARA TELHA DE FIBROCIMENTO ONDULADA E = 6 MM, INCLUSO ACESSÓRIOS DE FIXAÇÃO E IÇAMENTO. AF_06/2016","M","ATRIBUÍDO SÃO PAULO","66,67","COMPOSICAO","93281","GUINCHO ELÉTRICO DE COLUNA, CAPACIDADE 400 KG, COM MOTO FREIO, MOTOR TRIFÁSICO DE 1,25 CV - CHP DIURNO. AF_03/2016","CHP","ATRIBUÍDO SÃO PAULO","0,0018000","30,98","0,05","","","","","","","","","","","CAIXA REFERENCIAL"]
["COBERTURA","COBE","CALHA DE PVC, PECAS E ACESSORIOS",83,"","","94230","CALHA DE BEIRAL, SEMICIRCULAR DE PVC, DIAMETRO 125 MM, INCLUINDO CABECEIRAS, EMENDAS, BOCAIS, SUPORTES E VEDAÇÕES, EXCLUINDO CONDUTORES, INCLUSO TRANSPORTE VERTICAL. AF_06/2016","M","ATRIBUÍDO SÃO PAULO","65,40","COMPOSICAO","93282","GUINCHO ELÉTRICO DE COLUNA, CAPACIDADE 400 KG, COM MOTO FREIO, MOTOR TRIFÁSICO DE 1,25 CV - CHI DIURNO. AF_03/2016","CHI","ATRIBUÍDO SÃO PAULO","0,0183000","30,37","0,55","","","","","","","","","","","CAIXA REFERENCIAL"]
["COBERTURA","COBE","ESTRUTURA METALICA",291,"","","72110","ESTRUTURA METALICA EM TESOURAS OU TRELICAS, VAO LIVRE DE 12M, FORNECIMENTO E MONTAGEM, NAO SENDO CONSIDERADOS OS FECHAMENTOS METALICOS, AS COLUNAS, OS SERVICOS GERAIS EM ALVENARIA E CONCRETO, AS TELHAS DE COBERTURA E A PINTURA DE ACABAMENTO","M2","COEFICIENTE DE REPRESENTATIVIDADE","91,87","COMPOSICAO","88316","SERVENTE COM ENCARGOS COMPLEMENTARES","H","COEFICIENTE DE REPRESENTATIVIDADE","0,7000000","15,69","10,98","","","","","","","","","","","CAIXA REFERENCIAL"]
["COBERTURA","COBE","ESTRUTURA METALICA",291,73970,"ESTRUTURAS METALICAS DIVERSAS","73970/1","ESTRUTURA METALICA EM ACO ESTRUTURAL PERFIL \u0094I\u0094 12\u0092\u0092 X 5 1/4\u0092\u0092","KG","COEFICIENTE DE REPRESENTATIVIDADE","11,20","COMPOSICAO","88316","SERVENTE COM ENCARGOS COMPLEMENTARES","H","COEFICIENTE DE REPRESENTATIVIDADE","0,1200000","15,69","1,88","","","","","","","","","","","CAIXA REFERENCIAL"]
["COBERTURA","COBE","ESTRUTURA METALICA",291,"","","92257","INSTALAÇÃO DE TESOURA (INTEIRA OU MEIA), EM AÇO, PARA VÃOS MAIORES OU IGUAIS A 8,0 M E MENORES QUE 10,0 M, INCLUSO IÇAMENTO. AF_12/2015","UN","ATRIBUÍDO SÃO PAULO","265,62","COMPOSICAO","88316","SERVENTE COM ENCARGOS COMPLEMENTARES","H","COEFICIENTE DE REPRESENTATIVIDADE","2,0940000","15,69","32,85","","","","","","","","","","","CAIXA REFERENCIAL"]
["COBERTURA","COBE","ESTRUTURA METALICA",291,"","","92572","TRAMA DE AÇO COMPOSTA POR RIPAS E CAIBROS PARA TELHADOS DE MAIS DE 2 ÁGUAS PARA TELHA DE ENCAIXE DE CERÂMICA OU DE CONCRETO, INCLUSO TRANSPORTE VERTICAL. AF_12/2015","M2","ATRIBUÍDO SÃO PAULO","40,24","COMPOSICAO","93281","GUINCHO ELÉTRICO DE COLUNA, CAPACIDADE 400 KG, COM MOTO FREIO, MOTOR TRIFÁSICO DE 1,25 CV - CHP DIURNO. AF_03/2016","CHP","ATRIBUÍDO SÃO PAULO","0,0067000","30,98","0,20","","","","","","","","","","","CAIXA REFERENCIAL"]
["COBERTURA","COBE","ESTRUTURA METALICA",291,"","","92575","TRAMA DE AÇO COMPOSTA POR RIPAS E CAIBROS PARA TELHADOS DE ATÉ 2 ÁGUAS PARA TELHA CERÂMICA CAPA-CANAL, INCLUSO TRANSPORTE VERTICAL. AF_12/2015","M2","ATRIBUÍDO SÃO PAULO","34,62","INSUMO","40424","CHAPA DE ACO CARBONO LAMINADO A QUENTE, QUALIDADE ESTRUTURAL, BITOLA 3/16\", E =4,75 MM (37,29 KG/M2)","KG","COEFICIENTE DE REPRESENTATIVIDADE","0,2000000","5,12","1,02","","","","","","","","","","","CAIXA REFERENCIAL"]
["COBERTURA","COBE","ESTRUTURA METALICA",291,"","","92577","TRAMA DE AÇO COMPOSTA POR RIPAS, CAIBROS E TERÇAS PARA TELHADOS DE MAIS DE 2 ÁGUAS PARA TELHA CERÂMICA CAPA-CANAL, INCLUSO TRANSPORTE VERTICAL. AF_12/2015","M2","ATRIBUÍDO SÃO PAULO","92,91","COMPOSICAO","88278","MONTADOR DE ESTRUTURA METÁLICA COM ENCARGOS COMPLEMENTARES","H","COEFICIENTE DE REPRESENTATIVIDADE","0,6150000","30,42","18,70","","","","","","","","","","","CAIXA REFERENCIAL"]
["COBERTURA","COBE","ESTRUTURA METALICA",291,"","","92588","FABRICAÇÃO E INSTALAÇÃO DE TESOURA INTEIRA EM AÇO, VÃO DE 6 M, PARA TELHA CERÂMICA OU DE CONCRETO, INCLUSO IÇAMENTO. AF_12/2015","UN","ATRIBUÍDO SÃO PAULO","904,39","INSUMO","4777","CANTONEIRA ACO ABAS IGUAIS (QUALQUER BITOLA), ESPESSURA ENTRE 1/8\" E 1/4\"","KG","COEFICIENTE DE REPRESENTATIVIDADE","31,2800000","4,42","138,25","","","","","","","","","","","CAIXA REFERENCIAL"]
["COBERTURA","COBE","ESTRUTURA METALICA",291,"","","92593","(COMPOSIÇÃO REPRESENTATIVA) FABRICAÇÃO E INSTALAÇÃO DE TESOURA INTEIRA EM AÇO, PARA VÃOS DE 3 A 12 M E PARA QUALQUER TIPO DE TELHA, INCLUSO IÇAMENTO. AF_12/2015","KG","ATRIBUÍDO SÃO PAULO","8,48","INSUMO","4777","CANTONEIRA ACO ABAS IGUAIS (QUALQUER BITOLA), ESPESSURA ENTRE 1/8\" E 1/4\"","KG","COEFICIENTE DE REPRESENTATIVIDADE","0,2948000","4,42","1,30","","","","","","","","","","","CAIXA REFERENCIAL"]
["COBERTURA","COBE","ESTRUTURA METALICA",291,"","","92608","FABRICAÇÃO E INSTALAÇÃO DE TESOURA INTEIRA EM AÇO, VÃO DE 6 M, PARA TELHA ONDULADA DE FIBROCIMENTO, METÁLICA, PLÁSTICA OU TERMOACÚSTICA, INCLUSO IÇAMENTO. AF_12/2015","UN","ATRIBUÍDO SÃO PAULO","872,04","COMPOSICAO","88278","MONTADOR DE ESTRUTURA METÁLICA COM ENCARGOS COMPLEMENTARES","H","COEFICIENTE DE REPRESENTATIVIDADE","2,1330000","30,42","64,88","","","","","","","","","","","CAIXA REFERENCIAL"]
["COBERTURA","COBE","ESTRUTURA METALICA",291,"","","92614","FABRICAÇÃO E INSTALAÇÃO DE TESOURA INTEIRA EM AÇO, VÃO DE 9 M, PARA TELHA ONDULADA DE FIBROCIMENTO, METÁLICA, PLÁSTICA OU TERMOACÚSTICA, INCLUSO IÇAMENTO. AF_12/2015","UN","ATRIBUÍDO SÃO PAULO","1.215,88","COMPOSICAO","88278","MONTADOR DE ESTRUTURA METÁLICA COM ENCARGOS COMPLEMENTARES","H","COEFICIENTE DE REPRESENTATIVIDADE","2,8440000","30,42","86,51","","","","","","","","","","","CAIXA REFERENCIAL"]
["COBERTURA","COBE","TELHAMENTO COM TELHA DE VIDRO",302,"","","94444","TELHAMENTO COM TELHA DE ENCAIXE, TIPO FRANCESA DE VIDRO, COM ATÉ 2 ÁGUAS, INCLUSO TRANSPORTE VERTICAL. AF_06/2016","M2","ATRIBUÍDO SÃO PAULO","524,54","","","","","","","","","5,70","1,0873297","518,83","98,9107628","0,01","0,0019075","0,00","0,0000000","0,00","0,0000000","CAIXA REFERENCIAL"]
["DRENAGEM/OBRAS DE CONTENCAO/POCOS DE VISITA E CAIX","DROP","DRENOS",28,73969,"DRENOS DE CHORUME EM TUBOS DRENANTES - MMA","73969/1","EXECUCAO DE DRENOS DE CHORUME EM TUBOS DRENANTES DE CONCRETO, DIAM=200MM, ENVOLTOS EM BRITA E GEOTEXTIL","M","ATRIBUÍDO SÃO PAULO","64,36","INSUMO","12583","TUBO DE CONCRETO SIMPLES POROSO, MACHO/FEMEA, DN 200 MM","M","ATRIBUÍDO SÃO PAULO","1,0000000","23,44","23,44","","","","","","","","","","","CAIXA REFERENCIAL"]
["DRENAGEM/OBRAS DE CONTENCAO/POCOS DE VISITA E CAIX","DROP","DRENOS",28,"","","83651","TUBO PVC CORRUGADO PERFURADO 100 MM C/ JUNTA ELASTICA PARA DRENAGEM.","M","ATRIBUÍDO SÃO PAULO","29,65","","","","","","","","","13,14","44,3201085","16,45","55,4764328","0,06","0,2034587","0,00","0,0000000","0,00","0,0000000","CAIXA REFERENCIAL"]
["DRENAGEM/OBRAS DE CONTENCAO/POCOS DE VISITA E CAIX","DROP","DRENOS",28,"","","83664","EXECUCAO DE DRENO DE TUBO DE CONRETO SIMPLES POROSO D=0,20 M (0,5MX0,5M) PARA GALERIAS DE AGUAS PLUVIAIS","M","ATRIBUÍDO SÃO PAULO","59,91","","","","","","","","","14,56","24,3057878","45,27","75,5603882","0,08","0,1338240","0,00","0,0000000","0,00","0,0000000","CAIXA REFERENCIAL"]
["DRENAGEM/OBRAS DE CONTENCAO/POCOS DE VISITA E CAIX","DROP","DRENOS",28,"","","83681","TUBO PVC D=4\" COM MATERIAL DRENANTE PARA DRENO/BARBACA - FORNECIMENTO E INSTALACAO","M","COEFICIENTE DE REPRESENTATIVIDADE","15,56","","","","","","","","","5,56","35,7603092","9,97","64,0463919","0,03","0,1932989","0,00","0,0000000","0,00","0,0000000","CAIXA REFERENCIAL"]
["DRENAGEM/OBRAS DE CONTENCAO/POCOS DE VISITA E CAIX","DROP","ENROCAMENTOS",29,"","","73611","ENROCAMENTO COM PEDRA ARGAMASSADA TRAÇO 1:4 COM PEDRA DE MÃO","M3","COEFICIENTE DE REPRESENTATIVIDADE","348,62","","","","","","","","","159,64","45,7947143","188,08","53,9470287","0,90","0,2582570","0,00","0,0000000","0,00","0,0000000","CAIXA REFERENCIAL"]
["DRENAGEM/OBRAS DE CONTENCAO/POCOS DE VISITA E CAIX","DROP","GABIOES",31,"","","92746","MURO DE GABIÃO, ENCHIMENTO COM PEDRA DE MÃO TIPO RACHÃO, DE GRAVIDADE, COM GAIOLAS DE COMPRIMENTO IGUAL A 5 METROS, ALTURA DO MURO ACIMA DE 4 E ATÉ 6 METROS - FORNECIMENTO E EXECUÇÃO. AF_12/2015","M3","ATRIBUÍDO SÃO PAULO","494,69","INSUMO","5063","PREGO DE ACO POLIDO COM CABECA 14 X 18 (1 1/2 X 14)","KG","COEFICIENTE DE REPRESENTATIVIDADE","0,0020000","12,26","0,02","","","","","","","","","","","CAIXA REFERENCIAL"]
["DRENAGEM/OBRAS DE CONTENCAO/POCOS DE VISITA E CAIX","DROP","GABIOES",31,"","","92749","MURO DE GABIÃO, ENCHIMENTO COM PEDRA DE MÃO TIPO RACHÃO, COM SOLO REFORÇADO, ALTURA DO MURO DE ATÉ 4 METROS - FORNECIMENTO E EXECUÇÃO. AF_12/2015","M3","ATRIBUÍDO SÃO PAULO","629,68","COMPOSICAO","5632","ESCAVADEIRA HIDRÁULICA SOBRE ESTEIRAS, CAÇAMBA 0,80 M3, PESO OPERACIONAL 17 T, POTENCIA BRUTA 111 HP - CHI DIURNO. AF_06/2014","CHI","ATRIBUÍDO SÃO PAULO","0,6280000","67,11","42,14","","","","","","","","","","","CAIXA REFERENCIAL"]
["DRENAGEM/OBRAS DE CONTENCAO/POCOS DE VISITA E CAIX","DROP","GABIOES",31,"","","92750","MURO DE GABIÃO, ENCHIMENTO COM PEDRA DE MÃO TIPO RACHÃO, COM SOLO REFORÇADO, ALTURA DO MURO ACIMA DE 4 E ATÉ 12 METROS - FORNECIMENTO E EXECUÇÃO. AF_12/2015","M3","ATRIBUÍDO SÃO PAULO","1.070,71","COMPOSICAO","88316","SERVENTE COM ENCARGOS COMPLEMENTARES","H","COEFICIENTE DE REPRESENTATIVIDADE","2,2200000","15,69","34,83","","","","","","","","","","","CAIXA REFERENCIAL"]
["DRENAGEM/OBRAS DE CONTENCAO/POCOS DE VISITA E CAIX","DROP","GABIOES",31,"","","92756","PROTEÇÃO SUPERFICIAL DE CANAL EM GABIÃO TIPO COLCHÃO, ALTURA DE 23 CENTÍMETROS, ENCHIMENTO COM PEDRA DE MÃO TIPO RACHÃO - FORNECIMENTO E EXECUÇÃO. AF_12/2015","M2","ATRIBUÍDO SÃO PAULO","184,79","INSUMO","40453","GABIAO MANTA (COLCHAO) MALHA HEXAGONAL 6 X 8 CM (ZN/AL + PVC), FIO 2,0 MM, DIMENSOES 5,0 X 2,0 X 0,23 M (C X L X A)","M2","ATRIBUÍDO SÃO PAULO","1,0000000","99,07","99,07","","","","","","","","","","","CAIXA REFERENCIAL"]
["DRENAGEM/OBRAS DE CONTENCAO/POCOS DE VISITA E CAIX","DROP","MUROS DE ARRIMO",32,73843,"MURO DE ARRIMO DE CONCRETO","73843/1","MURO DE ARRIMO DE CONCRETO CICLOPICO COM 30% DE PEDRA DE MAO","M3","COEFICIENTE DE REPRESENTATIVIDADE","319,10","COMPOSICAO","88309","PEDREIRO COM ENCARGOS COMPLEMENTARES","H","COEFICIENTE DE REPRESENTATIVIDADE","2,0000000","19,35","38,70","","","","","","","","","","","CAIXA REFERENCIAL"]
["DRENAGEM/OBRAS DE CONTENCAO/POCOS DE VISITA E CAIX","DROP","MUROS DE ARRIMO",32,73846,"MURO DE ARRIMO CELULAR","73846/2","MURO DE ARRIMO CELULAR PECAS PRE-MOLDADAS CONCRETO EXCL MATERIAIS E   FORMAS INCL CONFECCAO PECAS MONTAGEM E COMPACTACAO DO SOLO(ENCHIMENTO)","M3","COEFICIENTE DE REPRESENTATIVIDADE","122,69","COMPOSICAO","88309","PEDREIRO COM ENCARGOS COMPLEMENTARES","H","COEFICIENTE DE REPRESENTATIVIDADE","0,4800000","19,35","9,28","","","","","","","","","","","CAIXA REFERENCIAL"]
["DRENAGEM/OBRAS DE CONTENCAO/POCOS DE VISITA E CAIX","DROP","MUROS DE ARRIMO",32,"","","91072","EXECUÇÃO DE REVESTIMENTO DE CONCRETO PROJETADO COM ESPESSURA DE 10 CM, ARMADO COM TELA, INCLINAÇÃO DE 90°, APLICAÇÃO CONTÍNUA, UTILIZANDO EQUIPAMENTO DE PROJEÇÃO COM 6 M³/H DE CAPACIDADE. AF_01/2016","M2","ATRIBUÍDO SÃO PAULO","128,48","INSUMO","4720","PEDRA BRITADA N. 0, OU PEDRISCO (4,8 A 9,5 MM) POSTO PEDREIRA/FORNECEDOR, SEM FRETE","M3","COEFICIENTE DE REPRESENTATIVIDADE","0,0788000","70,71","5,57","","","","","","","","","","","CAIXA REFERENCIAL"]
["DRENAGEM/OBRAS DE CONTENCAO/POCOS DE VISITA E CAIX","DROP","MUROS DE ARRIMO",32,"","","91073","EXECUÇÃO DE REVESTIMENTO DE CONCRETO PROJETADO COM ESPESSURA DE 7 CM, ARMADO COM TELA, INCLINAÇÃO MENOR QUE 90°, APLICAÇÃO CONTÍNUA, UTILIZANDO EQUIPAMENTO DE PROJEÇÃO COM 3 M³/H DE CAPACIDADE. AF_01/2016","M2","ATRIBUÍDO SÃO PAULO","95,92","COMPOSICAO","88316","SERVENTE COM ENCARGOS COMPLEMENTARES","H","COEFICIENTE DE REPRESENTATIVIDADE","0,9345000","15,69","14,66","","","","","","","","","","","CAIXA REFERENCIAL"]
["DRENAGEM/OBRAS DE CONTENCAO/POCOS DE VISITA E CAIX","DROP","MUROS DE ARRIMO",32,"","","91076","EXECUÇÃO DE REVESTIMENTO DE CONCRETO PROJETADO COM ESPESSURA DE 10 CM, ARMADO COM TELA, INCLINAÇÃO DE 90°, APLICAÇÃO CONTÍNUA, UTILIZANDO EQUIPAMENTO DE PROJEÇÃO COM 3 M³/H DE CAPACIDADE. AF_01/2016","M2","ATRIBUÍDO SÃO PAULO","148,64","COMPOSICAO","90657","BOMBA DE PROJEÇÃO DE CONCRETO SECO, POTÊNCIA 10 CV, VAZÃO 3 M3/H - CHI DIURNO. AF_06/2015","CHI","COEFICIENTE DE REPRESENTATIVIDADE","0,4483000","3,43","1,53","","","","","","","","","","","CAIXA REFERENCIAL"]
["DRENAGEM/OBRAS DE CONTENCAO/POCOS DE VISITA E CAIX","DROP","MUROS DE ARRIMO",32,"","","91077","EXECUÇÃO DE REVESTIMENTO DE CONCRETO PROJETADO COM ESPESSURA DE 7 CM, ARMADO COM FIBRAS DE AÇO, INCLINAÇÃO MENOR QUE 90°, APLICAÇÃO CONTÍNUA, UTILIZANDO EQUIPAMENTO DE PROJEÇÃO COM 6 M³/H DE CAPACIDADE. AF_01/2016","M2","ATRIBUÍDO SÃO PAULO","134,10","COMPOSICAO","89509","TUBO PVC, SÉRIE R, ÁGUA PLUVIAL, DN 50 MM, FORNECIDO E INSTALADO EM RAMAL DE ENCAMINHAMENTO. AF_12/2014","M","COEFICIENTE DE REPRESENTATIVIDADE","0,1250000","15,40","1,92","","","","","","","","","","","CAIXA REFERENCIAL"]
["DRENAGEM/OBRAS DE CONTENCAO/POCOS DE VISITA E CAIX","DROP","MUROS DE ARRIMO",32,"","","91079","EXECUÇÃO DE REVESTIMENTO DE CONCRETO PROJETADO COM ESPESSURA DE 7 CM, ARMADO COM FIBRAS DE AÇO, INCLINAÇÃO DE 90°, APLICAÇÃO CONTÍNUA, UTILIZANDO EQUIPAMENTO DE PROJEÇÃO COM 6 M³/H DE CAPACIDADE. AF_01/2016","M2","ATRIBUÍDO SÃO PAULO","139,02","COMPOSICAO","88831","BETONEIRA CAPACIDADE NOMINAL DE 400 L, CAPACIDADE DE MISTURA 280 L, MOTOR ELÉTRICO TRIFÁSICO POTÊNCIA DE 2 CV, SEM CARREGADOR - CHI DIURNO. AF_10/2014","CHI","COLETADO","0,0814000","0,27","0,02","","","","","","","","","","","CAIXA REFERENCIAL"]
["DRENAGEM/OBRAS DE CONTENCAO/POCOS DE VISITA E CAIX","DROP","MUROS DE ARRIMO",32,"","","91082","EXECUÇÃO DE REVESTIMENTO DE CONCRETO PROJETADO COM ESPESSURA DE 10 CM, ARMADO COM FIBRAS DE AÇO, INCLINAÇÃO MENOR QUE 90°, APLICAÇÃO CONTÍNUA, UTILIZANDO EQUIPAMENTO DE PROJEÇÃO COM 3 M³/H DE CAPACIDADE. AF_01/2016","M2","ATRIBUÍDO SÃO PAULO","177,17","COMPOSICAO","90657","BOMBA DE PROJEÇÃO DE CONCRETO SECO, POTÊNCIA 10 CV, VAZÃO 3 M3/H - CHI DIURNO. AF_06/2015","CHI","COEFICIENTE DE REPRESENTATIVIDADE","0,1772000","3,43","0,60","","","","","","","","","","","CAIXA REFERENCIAL"]
["DRENAGEM/OBRAS DE CONTENCAO/POCOS DE VISITA E CAIX","DROP","MUROS DE ARRIMO",32,"","","91084","EXECUÇÃO DE REVESTIMENTO DE CONCRETO PROJETADO COM ESPESSURA DE 10 CM, ARMADO COM FIBRAS DE AÇO, INCLINAÇÃO DE 90°, APLICAÇÃO CONTÍNUA, UTILIZANDO EQUIPAMENTO DE PROJEÇÃO COM 3 M³/H DE CAPACIDADE. AF_01/2016","M2","ATRIBUÍDO SÃO PAULO","185,59","","","","","","","","","38,87","20,9484669","142,78","76,9264048","3,11","1,6763099","0,00","0,0000000","0,83","0,4488184","CAIXA REFERENCIAL"]
["DRENAGEM/OBRAS DE CONTENCAO/POCOS DE VISITA E CAIX","DROP","MUROS DE ARRIMO",32,"","","91086","EXECUÇÃO DE REVESTIMENTO DE CONCRETO PROJETADO COM ESPESSURA DE 7 CM, ARMADO COM TELA, INCLINAÇÃO MENOR QUE 90°, APLICAÇÃO DESCONTÍNUA, UTILIZANDO EQUIPAMENTO DE PROJEÇÃO COM 6 M³/H DE CAPACIDADE. AF_01/2016","M2","ATRIBUÍDO SÃO PAULO","91,11","COMPOSICAO","88377","OPERADOR DE BETONEIRA ESTACIONÁRIA/MISTURADOR COM ENCARGOS COMPLEMENTARES","H","COEFICIENTE DE REPRESENTATIVIDADE","0,2738000","28,44","7,78","","","","","","","","","","","CAIXA REFERENCIAL"]
["DRENAGEM/OBRAS DE CONTENCAO/POCOS DE VISITA E CAIX","DROP","MUROS DE ARRIMO",32,"","","91089","EXECUÇÃO DE REVESTIMENTO DE CONCRETO PROJETADO COM ESPESSURA DE 10 CM, ARMADO COM TELA, INCLINAÇÃO DE 90°, APLICAÇÃO DESCONTÍNUA, UTILIZANDO EQUIPAMENTO DE PROJEÇÃO COM 6 M³/H DE CAPACIDADE. AF_01/2016","M2","ATRIBUÍDO SÃO PAULO","141,17","COMPOSICAO","90650","BOMBA CENTRÍFUGA MONOESTÁGIO COM MOTOR ELÉTRICO MONOFÁSICO, POTÊNCIA 15 HP, DIÂMETRO DO ROTOR 173 MM, HM/Q = 30 MCA / 90 M3/H A 45 MCA / 55 M3/H - CHP DIURNO. AF_06/2015","CHP","ATRIBUÍDO SÃO PAULO","0,0484000","5,63","0,27","","","","","","","","","","","CAIXA REFERENCIAL"]
["DRENAGEM/OBRAS DE CONTENCAO/POCOS DE VISITA E CAIX","DROP","MUROS DE ARRIMO",32,"","","91090","EXECUÇÃO DE REVESTIMENTO DE CONCRETO PROJETADO COM ESPESSURA DE 7 CM, ARMADO COM TELA, INCLINAÇÃO MENOR QUE 90°, APLICAÇÃO DESCONTÍNUA, UTILIZANDO EQUIPAMENTO DE PROJEÇÃO COM 3 M³/H DE CAPACIDADE. AF_01/2016","M2","ATRIBUÍDO SÃO PAULO","105,21","COMPOSICAO","90999","COMPRESSOR DE AR REBOCAVEL, VAZÃO 400 PCM, PRESSAO DE TRABALHO 102 PSI, MOTOR A DIESEL POTÊNCIA 110 CV - CHP DIURNO. AF_06/2015","CHP","COEFICIENTE DE REPRESENTATIVIDADE","0,0768000","60,12","4,61","","","","","","","","","","","CAIXA REFERENCIAL"]
["DRENAGEM/OBRAS DE CONTENCAO/POCOS DE VISITA E CAIX","DROP","MUROS DE ARRIMO",32,"","","91094","EXECUÇÃO DE REVESTIMENTO DE CONCRETO PROJETADO COM ESPESSURA DE 7 CM, ARMADO COM FIBRAS DE AÇO, INCLINAÇÃO MENOR QUE 90°, APLICAÇÃO DESCONTÍNUA, UTILIZANDO EQUIPAMENTO DE PROJEÇÃO COM 6 M³/H DE CAPACIDADE. AF_01/2016","M2","ATRIBUÍDO SÃO PAULO","141,16","COMPOSICAO","88316","SERVENTE COM ENCARGOS COMPLEMENTARES","H","COEFICIENTE DE REPRESENTATIVIDADE","0,5555000","15,69","8,71","","","","","","","","","","","CAIXA REFERENCIAL"]
["DRENAGEM/OBRAS DE CONTENCAO/POCOS DE VISITA E CAIX","DROP","MUROS DE ARRIMO",32,"","","91095","EXECUÇÃO DE REVESTIMENTO DE CONCRETO PROJETADO COM ESPESSURA DE 10 CM, ARMADO COM FIBRAS DE AÇO, INCLINAÇÃO MENOR QUE 90°, APLICAÇÃO DESCONTÍNUA, UTILIZANDO EQUIPAMENTO DE PROJEÇÃO COM 6 M³/H DE CAPACIDADE. AF_01/2016","M2","ATRIBUÍDO SÃO PAULO","165,68","COMPOSICAO","90650","BOMBA CENTRÍFUGA MONOESTÁGIO COM MOTOR ELÉTRICO MONOFÁSICO, POTÊNCIA 15 HP, DIÂMETRO DO ROTOR 173 MM, HM/Q = 30 MCA / 90 M3/H A 45 MCA / 55 M3/H - CHP DIURNO. AF_06/2015","CHP","ATRIBUÍDO SÃO PAULO","0,0484000","5,63","0,27","","","","","","","","","","","CAIXA REFERENCIAL"]
["DRENAGEM/OBRAS DE CONTENCAO/POCOS DE VISITA E CAIX","DROP","MUROS DE ARRIMO",32,"","","91097","EXECUÇÃO DE REVESTIMENTO DE CONCRETO PROJETADO COM ESPESSURA DE 10 CM, ARMADO COM FIBRAS DE AÇO, INCLINAÇÃO DE 90°, APLICAÇÃO DESCONTÍNUA, UTILIZANDO EQUIPAMENTO DE PROJEÇÃO COM 6 M³/H DE CAPACIDADE. AF_01/2016","M2","ATRIBUÍDO SÃO PAULO","167,13","INSUMO","370","AREIA MEDIA - POSTO JAZIDA/FORNECEDOR (RETIRADO NA JAZIDA, SEM TRANSPORTE)","M3","COLETADO","0,1345000","50,00","6,72","","","","","","","","","","","CAIXA REFERENCIAL"]
["DRENAGEM/OBRAS DE CONTENCAO/POCOS DE VISITA E CAIX","DROP","MUROS DE ARRIMO",32,"","","91100","EXECUÇÃO DE REVESTIMENTO DE CONCRETO PROJETADO COM ESPESSURA DE 7 CM, ARMADO COM FIBRAS DE AÇO, INCLINAÇÃO DE 90°, APLICAÇÃO DESCONTÍNUA, UTILIZANDO EQUIPAMENTO DE PROJEÇÃO COM 3 M³/H DE CAPACIDADE. AF_01/2016","M2","ATRIBUÍDO SÃO PAULO","164,98","COMPOSICAO","88309","PEDREIRO COM ENCARGOS COMPLEMENTARES","H","COEFICIENTE DE REPRESENTATIVIDADE","0,3054000","19,35","5,90","","","","","","","","","","","CAIXA REFERENCIAL"]
["DRENAGEM/OBRAS DE CONTENCAO/POCOS DE VISITA E CAIX","DROP","MUROS DE ARRIMO",32,"","","91101","EXECUÇÃO DE REVESTIMENTO DE CONCRETO PROJETADO COM ESPESSURA DE 10 CM, ARMADO COM FIBRAS DE AÇO, INCLINAÇÃO DE 90°, APLICAÇÃO DESCONTÍNUA, UTILIZANDO EQUIPAMENTO DE PROJEÇÃO COM 3 M³/H DE CAPACIDADE. AF_01/2016","M2","ATRIBUÍDO SÃO PAULO","190,79","COMPOSICAO","88830","BETONEIRA CAPACIDADE NOMINAL DE 400 L, CAPACIDADE DE MISTURA 280 L, MOTOR ELÉTRICO TRIFÁSICO POTÊNCIA DE 2 CV, SEM CARREGADOR - CHP DIURNO. AF_10/2014","CHP","ATRIBUÍDO SÃO PAULO","0,0930000","1,06","0,09","","","","","","","","","","","CAIXA REFERENCIAL"]
["DRENAGEM/OBRAS DE CONTENCAO/POCOS DE VISITA E CAIX","DROP","MUROS DE ARRIMO",32,"","","93952","EXECUÇÃO DE GRAMPO PARA SOLO GRAMPEADO COM COMPRIMENTO MENOR OU IGUAL A 4 M, DIÂMETRO DE 10 CM, PERFURAÇÃO COM EQUIPAMENTO MANUAL E ARMADURA COM DIÂMETRO DE 16 MM. AF_05/2016","M","ATRIBUÍDO SÃO PAULO","171,72","COMPOSICAO","90626","PERFURATRIZ MANUAL, TORQUE MÁXIMO 83 N.M, POTÊNCIA 5 CV, COM DIÂMETRO MÁXIMO 4\" - CHI DIURNO. AF_06/2015","CHI","COEFICIENTE DE REPRESENTATIVIDADE","0,1702000","1,89","0,32","","","","","","","","","","","CAIXA REFERENCIAL"]
["DRENAGEM/OBRAS DE CONTENCAO/POCOS DE VISITA E CAIX","DROP","MUROS DE ARRIMO",32,"","","93954","EXECUÇÃO DE GRAMPO PARA SOLO GRAMPEADO COM COMPRIMENTO MAIOR QUE 6 M E MENOR OU IGUAL A 8 M, DIÂMETRO DE 10 CM, PERFURAÇÃO COM EQUIPAMENTO MANUAL E ARMADURA COM DIÂMETRO DE 16 MM. AF_05/2016","M","ATRIBUÍDO SÃO PAULO","149,78","COMPOSICAO","95292","TRANSPORTE COM CAMINHÃO BASCULANTE 6 M3 EM RODOVIA COM REVESTIMENTO PRIMÁRIO, DMT 200 A 400 M","M3","ATRIBUÍDO SÃO PAULO","0,0079000","3,59","0,02","","","","","","","","","","","CAIXA REFERENCIAL"]
["DRENAGEM/OBRAS DE CONTENCAO/POCOS DE VISITA E CAIX","DROP","MUROS DE ARRIMO",32,"","","93956","EXECUÇÃO DE GRAMPO PARA SOLO GRAMPEADO COM COMPRIMENTO MAIOR QUE 10 M, DIÂMETRO DE 10 CM, PERFURAÇÃO COM EQUIPAMENTO MANUAL E ARMADURA COM DIÂMETRO DE 16 MM. AF_05/2016","M","ATRIBUÍDO SÃO PAULO","139,46","COMPOSICAO","6259","CAMINHÃO PIPA 6.000 L, PESO BRUTO TOTAL 13.000 KG, DISTÂNCIA ENTRE EIXOS 4,80 M, POTÊNCIA 189 CV INCLUSIVE TANQUE DE AÇO PARA TRANSPORTE DE ÁGUA, CAPACIDADE 6 M3 - CHP DIURNO. AF_06/2014","CHP","ATRIBUÍDO SÃO PAULO","0,0979000","147,32","14,42","","","","","","","","","","","CAIXA REFERENCIAL"]
["DRENAGEM/OBRAS DE CONTENCAO/POCOS DE VISITA E CAIX","DROP","MUROS DE ARRIMO",32,"","","93958","EXECUÇÃO DE GRAMPO PARA SOLO GRAMPEADO COM COMPRIMENTO MAIOR QUE 4 M E MENOR OU IGUAL A 6 M, DIÂMETRO DE 10 CM, PERFURAÇÃO COM EQUIPAMENTO MANUAL E ARMADURA COM DIÂMETRO DE 20 MM. AF_05/2016","M","ATRIBUÍDO SÃO PAULO","162,95","COMPOSICAO","6260","CAMINHÃO PIPA 6.000 L, PESO BRUTO TOTAL 13.000 KG, DISTÂNCIA ENTRE EIXOS 4,80 M, POTÊNCIA 189 CV INCLUSIVE TANQUE DE AÇO PARA TRANSPORTE DE ÁGUA, CAPACIDADE 6 M3 - CHI DIURNO. AF_06/2014","CHI","ATRIBUÍDO SÃO PAULO","0,1471000","42,55","6,25","","","","","","","","","","","CAIXA REFERENCIAL"]
["DRENAGEM/OBRAS DE CONTENCAO/POCOS DE VISITA E CAIX","DROP","MUROS DE ARRIMO",32,"","","93959","EXECUÇÃO DE GRAMPO PARA SOLO GRAMPEADO COM COMPRIMENTO MAIOR QUE 6 M E MENOR OU IGUAL A 8 M, DIÂMETRO DE 10 CM, PERFURAÇÃO COM EQUIPAMENTO MANUAL E ARMADURA COM DIÂMETRO DE 20 MM. AF_05/2016","M","ATRIBUÍDO SÃO PAULO","154,43","INSUMO","1379","CIMENTO PORTLAND COMPOSTO CP II-32","KG","COEFICIENTE DE REPRESENTATIVIDADE","38,7191000","0,44","17,03","","","","","","","","","","","CAIXA REFERENCIAL"]
["DRENAGEM/OBRAS DE CONTENCAO/POCOS DE VISITA E CAIX","DROP","MUROS DE ARRIMO",32,"","","93960","EXECUÇÃO DE GRAMPO PARA SOLO GRAMPEADO COM COMPRIMENTO MAIOR QUE 8 M E MENOR OU IGUAL A 10 M, DIÂMETRO DE 10 CM, PERFURAÇÃO COM EQUIPAMENTO MANUAL E ARMADURA COM DIÂMETRO DE 20 MM. AF_05/2016","M","ATRIBUÍDO SÃO PAULO","148,41","INSUMO","1379","CIMENTO PORTLAND COMPOSTO CP II-32","KG","COEFICIENTE DE REPRESENTATIVIDADE","38,7191000","0,44","17,03","","","","","","","","","","","CAIXA REFERENCIAL"]
["DRENAGEM/OBRAS DE CONTENCAO/POCOS DE VISITA E CAIX","DROP","MUROS DE ARRIMO",32,"","","93962","EXECUÇÃO DE GRAMPO PARA SOLO GRAMPEADO COM COMPRIMENTO MENOR OU IGUAL A 4 M, DIÂMETRO DE 7 CM, PERFURAÇÃO COM EQUIPAMENTO MANUAL E ARMADURA COM DIÂMETRO DE 16 MM. AF_05/2016","M","ATRIBUÍDO SÃO PAULO","162,22","INSUMO","39848","TUBO / MANGUEIRA PRETA EM POLIETILENO, LINHA PESADA OU REFORCADA, TIPO ESPAGUETE, PARA INJECAO DE CALDA DE CIMENTO, D = 1/2\", ESPESSURA 1,5 MM","M","ATRIBUÍDO SÃO PAULO","3,0000000","1,14","3,42","","","","","","","","","","","CAIXA REFERENCIAL"]
["DRENAGEM/OBRAS DE CONTENCAO/POCOS DE VISITA E CAIX","DROP","MUROS DE ARRIMO",32,"","","93963","EXECUÇÃO DE GRAMPO PARA SOLO GRAMPEADO COM COMPRIMENTO MAIOR QUE 4 E MENOR OU IGUAL A 6 M, DIÂMETRO DE 7 CM, PERFURAÇÃO COM EQUIPAMENTO MANUAL E ARMADURA COM DIÂMETRO DE 16 MM. AF_05/2016","M","ATRIBUÍDO SÃO PAULO","148,47","COMPOSICAO","6259","CAMINHÃO PIPA 6.000 L, PESO BRUTO TOTAL 13.000 KG, DISTÂNCIA ENTRE EIXOS 4,80 M, POTÊNCIA 189 CV INCLUSIVE TANQUE DE AÇO PARA TRANSPORTE DE ÁGUA, CAPACIDADE 6 M3 - CHP DIURNO. AF_06/2014","CHP","ATRIBUÍDO SÃO PAULO","0,1071000","147,32","15,77","","","","","","","","","","","CAIXA REFERENCIAL"]
["DRENAGEM/OBRAS DE CONTENCAO/POCOS DE VISITA E CAIX","DROP","MUROS DE ARRIMO",32,"","","93964","EXECUÇÃO DE GRAMPO PARA SOLO GRAMPEADO COM COMPRIMENTO MAIOR QUE 6 M E MENOR OU IGUAL A 8 M, DIÂMETRO DE 7 CM, PERFURAÇÃO COM EQUIPAMENTO MANUAL E ARMADURA COM DIÂMETRO DE 16 MM. AF_05/2016","M","ATRIBUÍDO SÃO PAULO","140,34","COMPOSICAO","6259","CAMINHÃO PIPA 6.000 L, PESO BRUTO TOTAL 13.000 KG, DISTÂNCIA ENTRE EIXOS 4,80 M, POTÊNCIA 189 CV INCLUSIVE TANQUE DE AÇO PARA TRANSPORTE DE ÁGUA, CAPACIDADE 6 M3 - CHP DIURNO. AF_06/2014","CHP","ATRIBUÍDO SÃO PAULO","0,1036000","147,32","15,26","","","","","","","","","","","CAIXA REFERENCIAL"]
["DRENAGEM/OBRAS DE CONTENCAO/POCOS DE VISITA E CAIX","DROP","MUROS DE ARRIMO",32,"","","93966","EXECUÇÃO DE GRAMPO PARA SOLO GRAMPEADO COM COMPRIMENTO MAIOR QUE 10 M, DIÂMETRO DE 7 CM, PERFURAÇÃO COM EQUIPAMENTO MANUAL E ARMADURA COM DIÂMETRO DE 16 MM. AF_05/2016","M","ATRIBUÍDO SÃO PAULO","130,06","COMPOSICAO","95967","SERVIÇOS TÉCNICOS ESPECIALIZADOS PARA ACOMPANHAMENTO DE EXECUÇÃO DE FUNDAÇÕES PROFUNDAS E ESTRUTURAS DE CONTENÇÃO","H","COEFICIENTE DE REPRESENTATIVIDADE","0,2016000","130,09","26,22","","","","","","","","","","","CAIXA REFERENCIAL"]
["DRENAGEM/OBRAS DE CONTENCAO/POCOS DE VISITA E CAIX","DROP","MUROS DE ARRIMO",32,"","","93967","EXECUÇÃO DE GRAMPO PARA SOLO GRAMPEADO COM COMPRIMENTO MENOR OU IGUAL A 4 M, DIÂMETRO DE 7 CM, PERFURAÇÃO COM EQUIPAMENTO MANUAL E ARMADURA COM DIÂMETRO DE 20 MM. AF_05/2016","M","ATRIBUÍDO SÃO PAULO","167,93","COMPOSICAO","88297","OPERADOR DE MÁQUINAS E EQUIPAMENTOS COM ENCARGOS COMPLEMENTARES","H","COEFICIENTE DE REPRESENTATIVIDADE","0,8295000","33,43","27,73","","","","","","","","","","","CAIXA REFERENCIAL"]
["DRENAGEM/OBRAS DE CONTENCAO/POCOS DE VISITA E CAIX","DROP","MUROS DE ARRIMO",32,"","","93969","EXECUÇÃO DE GRAMPO PARA SOLO GRAMPEADO COM COMPRIMENTO MAIOR QUE 6 M E MENOR OU IGUAL A 8 M, DIÂMETRO DE 7 CM, PERFURAÇÃO COM EQUIPAMENTO MANUAL E ARMADURA COM DIÂMETRO DE 20 MM. AF_05/2016","M","ATRIBUÍDO SÃO PAULO","144,96","COMPOSICAO","90644","BOMBA TRIPLEX, PARA INJEÇÃO DE NATA DE CIMENTO, VAZÃO MÁXIMA DE 100 LITROS/MINUTO, PRESSÃO MÁXIMA DE 70 BAR - CHI DIURNO. AF_06/2015","CHI","COEFICIENTE DE REPRESENTATIVIDADE","0,2123000","5,26","1,11","","","","","","","","","","","CAIXA REFERENCIAL"]
["DRENAGEM/OBRAS DE CONTENCAO/POCOS DE VISITA E CAIX","DROP","MUROS DE ARRIMO",32,"","","93970","EXECUÇÃO DE GRAMPO PARA SOLO GRAMPEADO COM COMPRIMENTO MAIOR QUE 8 MENOR OU IGUAL A 10 M, DIÂMETRO DE 7 CM, PERFURAÇÃO COM EQUIPAMENTO MANUAL E ARMADURA COM DIÂMETRO DE 20 MM. AF_05/2016","M","ATRIBUÍDO SÃO PAULO","139,01","COMPOSICAO","90626","PERFURATRIZ MANUAL, TORQUE MÁXIMO 83 N.M, POTÊNCIA 5 CV, COM DIÂMETRO MÁXIMO 4\" - CHI DIURNO. AF_06/2015","CHI","COEFICIENTE DE REPRESENTATIVIDADE","0,1127000","1,89","0,21","","","","","","","","","","","CAIXA REFERENCIAL"]
["DRENAGEM/OBRAS DE CONTENCAO/POCOS DE VISITA E CAIX","DROP","MUROS DE ARRIMO",32,"","","93971","EXECUÇÃO DE GRAMPO PARA SOLO GRAMPEADO COM COMPRIMENTO MAIOR QUE 10 M, DIÂMETRO DE 7 CM, PERFURAÇÃO COM EQUIPAMENTO MANUAL E ARMADURA COM DIÂMETRO DE 20 MM. AF_05/2016","M","ATRIBUÍDO SÃO PAULO","129,57","COMPOSICAO","90626","PERFURATRIZ MANUAL, TORQUE MÁXIMO 83 N.M, POTÊNCIA 5 CV, COM DIÂMETRO MÁXIMO 4\" - CHI DIURNO. AF_06/2015","CHI","COEFICIENTE DE REPRESENTATIVIDADE","0,1056000","1,89","0,19","","","","","","","","","","","CAIXA REFERENCIAL"]
["DRENAGEM/OBRAS DE CONTENCAO/POCOS DE VISITA E CAIX","DROP","POCOS DE VISITA/BOCAS DE LOBO/CX. DE PASSAGEM/CX.",36,73856,"BOCA PARA BUEIRO TUBULAR DE CONCRETO SIMPLES","73856/7","BOCA PARA BUEIRO DUPLO TUBULAR, DIAMETRO =0,60M, EM CONCRETO CICLOPICO, INCLUINDO FORMAS, ESCAVACAO, REATERRO E MATERIAIS, EXCLUINDO MATERIAL REATERRO JAZIDA E TRANSPORTE.","UN","ATRIBUÍDO SÃO PAULO","1.230,90","COMPOSICAO","73301","ESCORAMENTO FORMAS ATE H = 3,30M, COM MADEIRA DE 3A QUALIDADE, NAO APARELHADA, APROVEITAMENTO TABUAS 3X E PRUMOS 4X.","M3","ATRIBUÍDO SÃO PAULO","18,6600000","10,04","187,34","","","","","","","","","","","CAIXA REFERENCIAL"]
["DRENAGEM/OBRAS DE CONTENCAO/POCOS DE VISITA E CAIX","DROP","POCOS DE VISITA/BOCAS DE LOBO/CX. DE PASSAGEM/CX.",36,73856,"BOCA PARA BUEIRO TUBULAR DE CONCRETO SIMPLES","73856/11","BOCA PARA BUEIRO TRIPLO TUBULAR, DIAMETRO =0,40M, EM CONCRETO CICLOPICO, INCLUINDO FORMAS, ESCAVACAO, REATERRO E MATERIAIS, EXCLUINDO MATERIAL REATERRO JAZIDA E TRANSPORTE.","UN","ATRIBUÍDO SÃO PAULO","964,01","COMPOSICAO","73361","CONCRETO CICLOPICO FCK=10MPA 30% PEDRA DE MAO INCLUSIVE LANCAMENTO","M3","ATRIBUÍDO SÃO PAULO","0,6670000","358,12","238,86","","","","","","","","","","","CAIXA REFERENCIAL"]
["DRENAGEM/OBRAS DE CONTENCAO/POCOS DE VISITA E CAIX","DROP","POCOS DE VISITA/BOCAS DE LOBO/CX. DE PASSAGEM/CX.",36,"","","83659","BOCA DE LOBO EM ALVENARIA TIJOLO MACICO, REVESTIDA C/ ARGAMASSA DE CIMENTO E AREIA 1:3, SOBRE LASTRO DE CONCRETO 10CM E TAMPA DE CONCRETO ARMADO","UN","COEFICIENTE DE REPRESENTATIVIDADE","713,50","COMPOSICAO","88245","ARMADOR COM ENCARGOS COMPLEMENTARES","H","COEFICIENTE DE REPRESENTATIVIDADE","0,4130000","19,24","7,94","","","","","","","","","","","CAIXA REFERENCIAL"]
["DRENAGEM/OBRAS DE CONTENCAO/POCOS DE VISITA E CAIX","DROP","POCOS DE VISITA/BOCAS DE LOBO/CX. DE PASSAGEM/CX.",36,"","","97980","BASE PARA POÇO DE VISITA CIRCULAR PARA  ESGOTO, EM ALVENARIA COM TIJOLOS CERÂMICOS MACIÇOS, DIÂMETRO INTERNO = 0,8 M, PROFUNDIDADE = 1,45 M, EXCLUINDO TAMPÃO. AF_05/2018","UN","ATRIBUÍDO SÃO PAULO","1.520,67","","","","","","","","","657,15","43,2146447","847,98","55,7629227","14,69","0,9662187","0,00","0,0000000","0,85","0,0562139","CAIXA REFERENCIAL"]
["DRENAGEM/OBRAS DE CONTENCAO/POCOS DE VISITA E CAIX","DROP","POCOS DE VISITA/BOCAS DE LOBO/CX. DE PASSAGEM/CX.",36,"","","97983","ACRÉSCIMO PARA POÇO DE VISITA CIRCULAR PARA ESGOTO, EM CONCRETO PRÉ-MOLDADO, DIÂMETRO INTERNO = 1 M. AF_05/2018","M","ATRIBUÍDO SÃO PAULO","298,77","","","","","","","","","54,39","18,2065217","230,20","77,0464306","14,15","4,7369833","0,00","0,0000000","0,03","0,0100644","CAIXA REFERENCIAL"]
["DRENAGEM/OBRAS DE CONTENCAO/POCOS DE VISITA E CAIX","DROP","POCOS DE VISITA/BOCAS DE LOBO/CX. DE PASSAGEM/CX.",36,"","","97992","BASE PARA POÇO DE VISITA CIRCULAR PARA  ESGOTO, EM ALVENARIA COM TIJOLOS CERÂMICOS MACIÇOS, DIÂMETRO INTERNO = 1,5 M, PROFUNDIDADE = 1,45 M, EXCLUINDO TAMPÃO. AF_05/2018","UN","ATRIBUÍDO SÃO PAULO","2.784,70","COMPOSICAO","5679","RETROESCAVADEIRA SOBRE RODAS COM CARREGADEIRA, TRAÇÃO 4X4, POTÊNCIA LÍQ. 88 HP, CAÇAMBA CARREG. CAP. MÍN. 1 M3, CAÇAMBA RETRO CAP. 0,26 M3, PESO OPERACIONAL MÍN. 6.674 KG, PROFUNDIDADE ESCAVAÇÃO MÁX. 4,37 M - CHI DIURNO. AF_06/2014","CHI","ATRIBUÍDO SÃO PAULO","0,4425000","55,33","24,48","","","","","","","","","","","CAIXA REFERENCIAL"]
["DRENAGEM/OBRAS DE CONTENCAO/POCOS DE VISITA E CAIX","DROP","POCOS DE VISITA/BOCAS DE LOBO/CX. DE PASSAGEM/CX.",36,"","","97993","ACRÉSCIMO PARA POÇO DE VISITA CIRCULAR PARA  ESGOTO, EM ALVENARIA COM TIJOLOS CERÂMICOS MACIÇOS, DIÂMETRO INTERNO = 1,5 M. AF_05/2018","M","ATRIBUÍDO SÃO PAULO","1.560,17","COMPOSICAO","96536","FABRICAÇÃO, MONTAGEM E DESMONTAGEM DE FÔRMA PARA VIGA BALDRAME, EM MADEIRA SERRADA, E=25 MM, 4 UTILIZAÇÕES. AF_06/2017","M2","ATRIBUÍDO SÃO PAULO","0,4712000","44,86","21,13","","","","","","","","","","","CAIXA REFERENCIAL"]
["DRENAGEM/OBRAS DE CONTENCAO/POCOS DE VISITA E CAIX","DROP","POCOS DE VISITA/BOCAS DE LOBO/CX. DE PASSAGEM/CX.",36,"","","97995","ACRÉSCIMO PARA POÇO DE VISITA RETANGULAR PARA ESGOTO, EM ALVENARIA COM BLOCOS DE CONCRETO, DIMENSÕES INTERNAS = 1X1 M. AF_05/2018","M","ATRIBUÍDO SÃO PAULO","970,52","COMPOSICAO","88316","SERVENTE COM ENCARGOS COMPLEMENTARES","H","COEFICIENTE DE REPRESENTATIVIDADE","15,3331000","15,69","240,57","","","","","","","","","","","CAIXA REFERENCIAL"]
["DRENAGEM/OBRAS DE CONTENCAO/POCOS DE VISITA E CAIX","DROP","POCOS DE VISITA/BOCAS DE LOBO/CX. DE PASSAGEM/CX.",36,"","","98002","BASE PARA POÇO DE VISITA RETANGULAR PARA ESGOTO, EM ALVENARIA COM BLOCOS DE CONCRETO, DIMENSÕES INTERNAS = 1X3 M, PROFUNDIDADE = 1,45 M, EXCLUINDO TAMPÃO. AF_05/2018","UN","ATRIBUÍDO SÃO PAULO","3.921,96","","","","","","","","","1.606,22","40,9547300","2.254,73","57,4894365","58,56","1,4932720","0,00","0,0000000","2,45","0,0625615","CAIXA REFERENCIAL"]
["DRENAGEM/OBRAS DE CONTENCAO/POCOS DE VISITA E CAIX","DROP","POCOS DE VISITA/BOCAS DE LOBO/CX. DE PASSAGEM/CX.",36,"","","98003","ACRÉSCIMO PARA POÇO DE VISITA RETANGULAR PARA ESGOTO, EM ALVENARIA COM BLOCOS DE CONCRETO, DIMENSÕES INTERNAS = 1X3 M. AF_05/2018","M","ATRIBUÍDO SÃO PAULO","1.737,74","COMPOSICAO","89995","GRAUTEAMENTO DE CINTA SUPERIOR OU DE VERGA EM ALVENARIA ESTRUTURAL. AF_01/2015","M3","ATRIBUÍDO SÃO PAULO","0,0677000","610,39","41,32","","","","","","","","","","","CAIXA REFERENCIAL"]
["DRENAGEM/OBRAS DE CONTENCAO/POCOS DE VISITA E CAIX","DROP","POCOS DE VISITA/BOCAS DE LOBO/CX. DE PASSAGEM/CX.",36,"","","98006","BASE PARA POÇO DE VISITA RETANGULAR PARA ESGOTO, EM ALVENARIA COM BLOCOS DE CONCRETO, DIMENSÕES INTERNAS = 1X4 M, PROFUNDIDADE = 1,45 M, EXCLUINDO TAMPÃO. AF_05/2018","UN","ATRIBUÍDO SÃO PAULO","4.925,02","COMPOSICAO","88907","ESCAVADEIRA HIDRÁULICA SOBRE ESTEIRAS, CAÇAMBA 1,20 M3, PESO OPERACIONAL 21 T, POTÊNCIA BRUTA 155 HP - CHP DIURNO. AF_06/2014","CHP","ATRIBUÍDO SÃO PAULO","0,2540000","177,28","45,02","","","","","","","","","","","CAIXA REFERENCIAL"]
["DRENAGEM/OBRAS DE CONTENCAO/POCOS DE VISITA E CAIX","DROP","POCOS DE VISITA/BOCAS DE LOBO/CX. DE PASSAGEM/CX.",36,"","","98010","BASE PARA POÇO DE VISITA RETANGULAR PARA ESGOTO, EM ALVENARIA COM BLOCOS DE CONCRETO, DIMENSÕES INTERNAS = 1,5X2 M, PROFUNDIDADE = 1,45 M, EXCLUINDO TAMPÃO. AF_05/2018","UN","ATRIBUÍDO SÃO PAULO","3.613,26","COMPOSICAO","88907","ESCAVADEIRA HIDRÁULICA SOBRE ESTEIRAS, CAÇAMBA 1,20 M3, PESO OPERACIONAL 21 T, POTÊNCIA BRUTA 155 HP - CHP DIURNO. AF_06/2014","CHP","ATRIBUÍDO SÃO PAULO","0,1951000","177,28","34,58","","","","","","","","","","","CAIXA REFERENCIAL"]
["DRENAGEM/OBRAS DE CONTENCAO/POCOS DE VISITA E CAIX","DROP","POCOS DE VISITA/BOCAS DE LOBO/CX. DE PASSAGEM/CX.",36,"","","98012","BASE PARA POÇO DE VISITA RETANGULAR PARA ESGOTO, EM ALVENARIA COM BLOCOS DE CONCRETO, DIMENSÕES INTERNAS = 1,5X2,5 M, PROFUNDIDADE = 1,45 M, EXCLUINDO TAMPÃO. AF_05/2018","UN","ATRIBUÍDO SÃO PAULO","4.238,58","INSUMO","25067","BLOCO CONCRETO ESTRUTURAL 19 X 19 X 39 CM, FBK 4,5 MPA (NBR 6136)","UN","COEFICIENTE DE REPRESENTATIVIDADE","141,2654000","2,86","404,01","","","","","","","","","","","CAIXA REFERENCIAL"]
["DRENAGEM/OBRAS DE CONTENCAO/POCOS DE VISITA E CAIX","DROP","POCOS DE VISITA/BOCAS DE LOBO/CX. DE PASSAGEM/CX.",36,"","","98016","BASE PARA POÇO DE VISITA RETANGULAR PARA ESGOTO, EM ALVENARIA COM BLOCOS DE CONCRETO, DIMENSÕES INTERNAS = 1,5X3,5 M, PROFUNDIDADE = 1,45 M, EXCLUINDO TAMPÃO. AF_05/2018","UN","ATRIBUÍDO SÃO PAULO","5.489,11","INSUMO","660","CANALETA CONCRETO 19 X 19 X 19 CM (CLASSE C - NBR 6136)","UN","COEFICIENTE DE REPRESENTATIVIDADE","56,7000000","1,75","99,22","","","","","","","","","","","CAIXA REFERENCIAL"]
["DRENAGEM/OBRAS DE CONTENCAO/POCOS DE VISITA E CAIX","DROP","POCOS DE VISITA/BOCAS DE LOBO/CX. DE PASSAGEM/CX.",36,"","","98017","ACRÉSCIMO PARA POÇO DE VISITA RETANGULAR PARA ESGOTO, EM ALVENARIA COM BLOCOS DE CONCRETO, DIMENSÕES INTERNAS = 1,5X3,5 M. AF_05/2018","M","ATRIBUÍDO SÃO PAULO","2.121,33","COMPOSICAO","88309","PEDREIRO COM ENCARGOS COMPLEMENTARES","H","COEFICIENTE DE REPRESENTATIVIDADE","34,4996000","19,35","667,56","","","","","","","","","","","CAIXA REFERENCIAL"]
["DRENAGEM/OBRAS DE CONTENCAO/POCOS DE VISITA E CAIX","DROP","POCOS DE VISITA/BOCAS DE LOBO/CX. DE PASSAGEM/CX.",36,"","","98019","ACRÉSCIMO PARA POÇO DE VISITA RETANGULAR PARA ESGOTO, EM ALVENARIA COM BLOCOS DE CONCRETO, DIMENSÕES INTERNAS = 1,5X4 M. AF_05/2018","M","ATRIBUÍDO SÃO PAULO","2.340,81","","","","","","","","","1.100,36","47,0077063","1.233,61","52,6997786","6,37","0,2724154","0,00","0,0000000","0,47","0,0200997","CAIXA REFERENCIAL"]
["DRENAGEM/OBRAS DE CONTENCAO/POCOS DE VISITA E CAIX","DROP","POCOS DE VISITA/BOCAS DE LOBO/CX. DE PASSAGEM/CX.",36,"","","98022","BASE PARA POÇO DE VISITA RETANGULAR PARA ESGOTO, EM ALVENARIA COM BLOCOS DE CONCRETO, DIMENSÕES INTERNAS = 2X2,5 M, PROFUNDIDADE = 1,45 M, EXCLUINDO TAMPÃO. AF_05/2018","UN","ATRIBUÍDO SÃO PAULO","5.109,24","COMPOSICAO","97738","PEÇA CIRCULAR PRÉ-MOLDADA, VOLUME DE CONCRETO DE 10 A 30 LITROS, TAXA DE FIBRA DE POLIPROPILENO APROXIMADA DE 6 KG/M³. AF_01/2018_P","M3","ATRIBUÍDO SÃO PAULO","0,0221000","3.385,73","74,82","","","","","","","","","","","CAIXA REFERENCIAL"]
["DRENAGEM/OBRAS DE CONTENCAO/POCOS DE VISITA E CAIX","DROP","POCOS DE VISITA/BOCAS DE LOBO/CX. DE PASSAGEM/CX.",36,"","","98025","ACRÉSCIMO PARA POÇO DE VISITA RETANGULAR PARA ESGOTO, EM ALVENARIA COM BLOCOS DE CONCRETO, DIMENSÕES INTERNAS = 2X3 M. AF_05/2018","M","ATRIBUÍDO SÃO PAULO","2.149,00","COMPOSICAO","87316","ARGAMASSA TRAÇO 1:4 (CIMENTO E AREIA GROSSA) PARA CHAPISCO CONVENCIONAL, PREPARO MECÂNICO COM BETONEIRA 400 L. AF_06/2014","M3","ATRIBUÍDO SÃO PAULO","0,0093000","345,91","3,21","","","","","","","","","","","CAIXA REFERENCIAL"]
["DRENAGEM/OBRAS DE CONTENCAO/POCOS DE VISITA E CAIX","DROP","POCOS DE VISITA/BOCAS DE LOBO/CX. DE PASSAGEM/CX.",36,"","","98026","BASE PARA POÇO DE VISITA RETANGULAR PARA ESGOTO, EM ALVENARIA COM BLOCOS DE CONCRETO, DIMENSÕES INTERNAS = 2X3,5 M, PROFUNDIDADE = 1,45 M, EXCLUINDO TAMPÃO. AF_05/2018","UN","ATRIBUÍDO SÃO PAULO","6.638,97","COMPOSICAO","88907","ESCAVADEIRA HIDRÁULICA SOBRE ESTEIRAS, CAÇAMBA 1,20 M3, PESO OPERACIONAL 21 T, POTÊNCIA BRUTA 155 HP - CHP DIURNO. AF_06/2014","CHP","ATRIBUÍDO SÃO PAULO","0,4064000","177,28","72,04","","","","","","","","","","","CAIXA REFERENCIAL"]
["DRENAGEM/OBRAS DE CONTENCAO/POCOS DE VISITA E CAIX","DROP","POCOS DE VISITA/BOCAS DE LOBO/CX. DE PASSAGEM/CX.",36,"","","98030","BASE PARA POÇO DE VISITA RETANGULAR PARA ESGOTO, EM ALVENARIA COM BLOCOS DE CONCRETO, DIMENSÕES INTERNAS = 2,5X2,5 M, PROFUNDIDADE = 1,45 M, EXCLUINDO TAMPÃO. AF_05/2018","UN","ATRIBUÍDO SÃO PAULO","6.024,87","COMPOSICAO","88316","SERVENTE COM ENCARGOS COMPLEMENTARES","H","COEFICIENTE DE REPRESENTATIVIDADE","45,5937000","15,69","715,36","","","","","","","","","","","CAIXA REFERENCIAL"]
["DRENAGEM/OBRAS DE CONTENCAO/POCOS DE VISITA E CAIX","DROP","POCOS DE VISITA/BOCAS DE LOBO/CX. DE PASSAGEM/CX.",36,"","","98032","BASE PARA POÇO DE VISITA RETANGULAR PARA ESGOTO, EM ALVENARIA COM BLOCOS DE CONCRETO, DIMENSÕES INTERNAS = 2,5X3 M, PROFUNDIDADE = 1,45 M, EXCLUINDO TAMPÃO. AF_05/2018","UN","ATRIBUÍDO SÃO PAULO","6.920,87","INSUMO","660","CANALETA CONCRETO 19 X 19 X 19 CM (CLASSE C - NBR 6136)","UN","COEFICIENTE DE REPRESENTATIVIDADE","61,9500000","1,75","108,41","","","","","","","","","","","CAIXA REFERENCIAL"]
["DRENAGEM/OBRAS DE CONTENCAO/POCOS DE VISITA E CAIX","DROP","POCOS DE VISITA/BOCAS DE LOBO/CX. DE PASSAGEM/CX.",36,"","","98036","BASE PARA POÇO DE VISITA RETANGULAR PARA ESGOTO, EM ALVENARIA COM BLOCOS DE CONCRETO, DIMENSÕES INTERNAS = 2,5X4 M, PROFUNDIDADE = 1,45 M, EXCLUINDO TAMPÃO. AF_05/2018","UN","ATRIBUÍDO SÃO PAULO","8.712,91","","","","","","","","","3.245,61","37,2505934","5.319,43","61,0521325","141,78","1,6273382","0,00","0,0000000","6,09","0,0699359","CAIXA REFERENCIAL"]
["DRENAGEM/OBRAS DE CONTENCAO/POCOS DE VISITA E CAIX","DROP","POCOS DE VISITA/BOCAS DE LOBO/CX. DE PASSAGEM/CX.",36,"","","98037","ACRÉSCIMO PARA POÇO DE VISITA RETANGULAR PARA ESGOTO, EM ALVENARIA COM BLOCOS DE CONCRETO, DIMENSÕES INTERNAS = 2,5X4 M. AF_05/2018","M","ATRIBUÍDO SÃO PAULO","2.735,89","COMPOSICAO","89995","GRAUTEAMENTO DE CINTA SUPERIOR OU DE VERGA EM ALVENARIA ESTRUTURAL. AF_01/2015","M3","ATRIBUÍDO SÃO PAULO","0,1061000","610,39","64,76","","","","","","","","","","","CAIXA REFERENCIAL"]
["DRENAGEM/OBRAS DE CONTENCAO/POCOS DE VISITA E CAIX","DROP","POCOS DE VISITA/BOCAS DE LOBO/CX. DE PASSAGEM/CX.",36,"","","98038","BASE PARA POÇO DE VISITA RETANGULAR PARA ESGOTO, EM ALVENARIA COM BLOCOS DE CONCRETO, DIMENSÕES INTERNAS = 3X3 M, PROFUNDIDADE = 1,45 M, EXCLUINDO TAMPÃO. AF_05/2018","UN","ATRIBUÍDO SÃO PAULO","7.990,67","COMPOSICAO","97738","PEÇA CIRCULAR PRÉ-MOLDADA, VOLUME DE CONCRETO DE 10 A 30 LITROS, TAXA DE FIBRA DE POLIPROPILENO APROXIMADA DE 6 KG/M³. AF_01/2018_P","M3","ATRIBUÍDO SÃO PAULO","0,0221000","3.385,73","74,82","","","","","","","","","","","CAIXA REFERENCIAL"]
["DRENAGEM/OBRAS DE CONTENCAO/POCOS DE VISITA E CAIX","DROP","POCOS DE VISITA/BOCAS DE LOBO/CX. DE PASSAGEM/CX.",36,"","","98041","ACRÉSCIMO PARA POÇO DE VISITA RETANGULAR PARA ESGOTO, EM ALVENARIA COM BLOCOS DE CONCRETO, DIMENSÕES INTERNAS = 3X3,5 M. AF_05/2018","M","ATRIBUÍDO SÃO PAULO","2.735,89","COMPOSICAO","87316","ARGAMASSA TRAÇO 1:4 (CIMENTO E AREIA GROSSA) PARA CHAPISCO CONVENCIONAL, PREPARO MECÂNICO COM BETONEIRA 400 L. AF_06/2014","M3","ATRIBUÍDO SÃO PAULO","0,0119000","345,91","4,11","","","","","","","","","","","CAIXA REFERENCIAL"]
["DRENAGEM/OBRAS DE CONTENCAO/POCOS DE VISITA E CAIX","DROP","POCOS DE VISITA/BOCAS DE LOBO/CX. DE PASSAGEM/CX.",36,"","","98044","BASE PARA POÇO DE VISITA RETANGULAR PARA ESGOTO, EM ALVENARIA COM BLOCOS DE CONCRETO, DIMENSÕES INTERNAS = 3,5X3,5 M, PROFUNDIDADE = 1,45 M, EXCLUINDO TAMPÃO. AF_05/2018","UN","ATRIBUÍDO SÃO PAULO","10.231,90","COMPOSICAO","94116","LASTRO COM PREPARO DE FUNDO, LARGURA MAIOR OU IGUAL A 1,5 M, COM CAMADA DE BRITA, LANÇAMENTO MECANIZADO, EM LOCAL COM NÍVEL BAIXO DE INTERFERÊNCIA. AF_06/2016","M3","ATRIBUÍDO SÃO PAULO","2,7648000","136,96","378,66","","","","","","","","","","","CAIXA REFERENCIAL"]
["DRENAGEM/OBRAS DE CONTENCAO/POCOS DE VISITA E CAIX","DROP","POCOS DE VISITA/BOCAS DE LOBO/CX. DE PASSAGEM/CX.",36,"","","98046","BASE PARA POÇO DE VISITA RETANGULAR PARA ESGOTO, EM ALVENARIA COM BLOCOS DE CONCRETO, DIMENSÕES INTERNAS = 3,5X4 M, PROFUNDIDADE = 1,45 M, EXCLUINDO TAMPÃO. AF_05/2018","UN","ATRIBUÍDO SÃO PAULO","11.397,20","COMPOSICAO","88316","SERVENTE COM ENCARGOS COMPLEMENTARES","H","COEFICIENTE DE REPRESENTATIVIDADE","76,6651000","15,69","1.202,87","","","","","","","","","","","CAIXA REFERENCIAL"]
["DRENAGEM/OBRAS DE CONTENCAO/POCOS DE VISITA E CAIX","DROP","POCOS DE VISITA/BOCAS DE LOBO/CX. DE PASSAGEM/CX.",36,"","","98050","CHAMINÉ CIRCULAR PARA POÇO DE VISITA PARA ESGOTO, EM CONCRETO PRÉ-MOLDADO, DIÂMETRO INTERNO = 0,6 M. AF_05/2018","M","ATRIBUÍDO SÃO PAULO","158,56","COMPOSICAO","88309","PEDREIRO COM ENCARGOS COMPLEMENTARES","H","COEFICIENTE DE REPRESENTATIVIDADE","0,5548000","19,35","10,73","","","","","","","","","","","CAIXA REFERENCIAL"]
["DRENAGEM/OBRAS DE CONTENCAO/POCOS DE VISITA E CAIX","DROP","POCOS DE VISITA/BOCAS DE LOBO/CX. DE PASSAGEM/CX.",36,"","","98405","BASE PARA POÇO DE VISITA CIRCULAR PARA  ESGOTO, EM ALVENARIA COM TIJOLOS CERÂMICOS MACIÇOS, DIÂMETRO INTERNO = 1 M, PROFUNDIDADE = 1,45 M, EXCLUINDO TAMPÃO. AF_05/2018.","UN","ATRIBUÍDO SÃO PAULO","1.861,02","COMPOSICAO","96920","ARGAMASSA TRAÇO 1:3 (CIMENTO E AREIA), PREPARO MECANICO , INCLUSO ADITIVO IMPERMEABILIZANTE","M3","ATRIBUÍDO SÃO PAULO","0,6753000","457,91","309,22","","","","","","","","","","","CAIXA REFERENCIAL"]
["DRENAGEM/OBRAS DE CONTENCAO/POCOS DE VISITA E CAIX","DROP","POCOS DE VISITA/BOCAS DE LOBO/CX. DE PASSAGEM/CX.",36,"","","98409","ACRÉSCIMO PARA POÇO DE VISITA CIRCULAR PARA ESGOTO, EM CONCRETO PRÉ-MOLDADO, DIÂMETRO INTERNO = 0,8 M. AF_05/2018","M","ATRIBUÍDO SÃO PAULO","246,95","","","","","","","","","45,19","18,3020858","189,59","76,7673080","12,15","4,9224900","0,00","0,0000000","0,02","0,0081162","CAIXA REFERENCIAL"]
["DRENAGEM/OBRAS DE CONTENCAO/POCOS DE VISITA E CAIX","DROP","POCOS DE VISITA/BOCAS DE LOBO/CX. DE PASSAGEM/CX.",36,"","","98415","(COMPOSIÇÃO REPRESENTATIVA) POÇO DE VISITA CIRCULAR PARA ESGOTO, EM CONCRETO PRÉ-MOLDADO, DIÂMETRO INTERNO = 1,0 M, PROFUNDIDADE ATÉ 1,50 M, EXCLUINDO TAMPÃO. AF_04/2018","UN","ATRIBUÍDO SÃO PAULO","856,48","COMPOSICAO","88316","SERVENTE COM ENCARGOS COMPLEMENTARES","H","COEFICIENTE DE REPRESENTATIVIDADE","2,2591000","15,69","35,44","","","","","","","","","","","CAIXA REFERENCIAL"]
["DRENAGEM/OBRAS DE CONTENCAO/POCOS DE VISITA E CAIX","DROP","POCOS DE VISITA/BOCAS DE LOBO/CX. DE PASSAGEM/CX.",36,"","","98425","(COMPOSIÇÃO REPRESENTATIVA) POÇO DE VISITA CIRCULAR PARA ESGOTO, EM ALVENARIA COM TIJOLOS CERÂMICOS MACIÇOS, DIÂMETRO INTERNO = 1,2 M, PROFUNDIDADE ATÉ 1,50 M, EXCLUINDO TAMPÃO. AF_04/2018","UN","ATRIBUÍDO SÃO PAULO","2.195,93","","","","","","","","","924,99","42,1233111","1.248,07","56,8346742","21,55","0,9815816","0,00","0,0000000","1,32","0,0604331","CAIXA REFERENCIAL"]
["DRENAGEM/OBRAS DE CONTENCAO/POCOS DE VISITA E CAIX","DROP","MEIO FIO, LINHA D'AGUA E SARJERTA",37,"","","94263","GUIA (MEIO-FIO) CONCRETO, MOLDADA  IN LOCO  EM TRECHO RETO COM EXTRUSORA, 11,5 CM BASE X 22 CM ALTURA. AF_06/2016","M","ATRIBUÍDO SÃO PAULO","21,38","INSUMO","370","AREIA MEDIA - POSTO JAZIDA/FORNECEDOR (RETIRADO NA JAZIDA, SEM TRANSPORTE)","M3","COLETADO","0,0070000","50,00","0,35","","","","","","","","","","","CAIXA REFERENCIAL"]
["DRENAGEM/OBRAS DE CONTENCAO/POCOS DE VISITA E CAIX","DROP","MEIO FIO, LINHA D'AGUA E SARJERTA",37,"","","94265","GUIA (MEIO-FIO) CONCRETO, MOLDADA  IN LOCO  EM TRECHO RETO COM EXTRUSORA, 14 CM BASE X 30 CM ALTURA. AF_06/2016","M","ATRIBUÍDO SÃO PAULO","26,75","COMPOSICAO","92961","MÁQUINA EXTRUSORA DE CONCRETO PARA GUIAS E SARJETAS, MOTOR A DIESEL, POTÊNCIA 14 CV - CHI DIURNO. AF_12/2015","CHI","ATRIBUÍDO SÃO PAULO","0,0830000","4,55","0,37","","","","","","","","","","","CAIXA REFERENCIAL"]
["DRENAGEM/OBRAS DE CONTENCAO/POCOS DE VISITA E CAIX","DROP","MEIO FIO, LINHA D'AGUA E SARJERTA",37,"","","94268","GUIA (MEIO-FIO) E SARJETA CONJUGADOS DE CONCRETO, MOLDADA \u0093IN LOCO\u0094 EM TRECHO CURVO COM EXTRUSORA, GUIA 12,5 CM BASE X 22 CM ALTURA, SARJETA 30 CM BASE X 8,5 CM ALTURA. AF_06/2016","M","ATRIBUÍDO SÃO PAULO","34,93","INSUMO","34492","CONCRETO USINADO BOMBEAVEL, CLASSE DE RESISTENCIA C20, COM BRITA 0 E 1, SLUMP = 100 +/- 20 MM, EXCLUI SERVICO DE BOMBEAMENTO (NBR 8953)","M3","ATRIBUÍDO SÃO PAULO","0,0630000","218,35","13,75","","","","","","","","","","","CAIXA REFERENCIAL"]
["DRENAGEM/OBRAS DE CONTENCAO/POCOS DE VISITA E CAIX","DROP","MEIO FIO, LINHA D'AGUA E SARJERTA",37,"","","94275","ASSENTAMENTO DE GUIA (MEIO-FIO) EM TRECHO RETO, CONFECCIONADA EM CONCRETO PRÉ-FABRICADO, DIMENSÕES 100X15X13X20 CM (COMPRIMENTO X BASE INFERIOR X BASE SUPERIOR X ALTURA), PARA URBANIZAÇÃO INTERNA DE EMPREENDIMENTOS. AF_06/2016_P","M","COEFICIENTE DE REPRESENTATIVIDADE","32,32","INSUMO","4059","MEIO-FIO OU GUIA DE CONCRETO, PRE-MOLDADO, COMP 1 M, *30 X 15/ 12* CM (H X L1/L2)","M","COLETADO","1,0050000","18,90","18,99","","","","","","","","","","","CAIXA REFERENCIAL"]
["DRENAGEM/OBRAS DE CONTENCAO/POCOS DE VISITA E CAIX","DROP","MEIO FIO, LINHA D'AGUA E SARJERTA",37,"","","94283","EXECUÇÃO DE SARJETA DE CONCRETO USINADO, MOLDADA  IN LOCO  EM TRECHO RETO, 45 CM BASE X 15 CM ALTURA. AF_06/2016","M","ATRIBUÍDO SÃO PAULO","39,22","INSUMO","370","AREIA MEDIA - POSTO JAZIDA/FORNECEDOR (RETIRADO NA JAZIDA, SEM TRANSPORTE)","M3","COLETADO","0,0150000","50,00","0,75","","","","","","","","","","","CAIXA REFERENCIAL"]
["DRENAGEM/OBRAS DE CONTENCAO/POCOS DE VISITA E CAIX","DROP","MEIO FIO, LINHA D'AGUA E SARJERTA",37,"","","94291","EXECUÇÃO DE SARJETA DE CONCRETO USINADO, MOLDADA  IN LOCO  EM TRECHO RETO, 60 CM BASE X 10 CM ALTURA. AF_06/2016","M","ATRIBUÍDO SÃO PAULO","36,47","INSUMO","4517","PECA DE MADEIRA NATIVA/REGIONAL 2,5 X 7,0 CM (SARRAFO-P/FORMA)","M","ATRIBUÍDO SÃO PAULO","0,2000000","1,04","0,20","","","","","","","","","","","CAIXA REFERENCIAL"]
["DRENAGEM/OBRAS DE CONTENCAO/POCOS DE VISITA E CAIX","DROP","MEIO FIO, LINHA D'AGUA E SARJERTA",37,"","","94293","EXECUÇÃO DE SARJETÃO DE CONCRETO USINADO, MOLDADA  IN LOCO  EM TRECHO RETO, 100 CM BASE X 20 CM ALTURA. AF_06/2016","M","ATRIBUÍDO SÃO PAULO","88,12","INSUMO","34492","CONCRETO USINADO BOMBEAVEL, CLASSE DE RESISTENCIA C20, COM BRITA 0 E 1, SLUMP = 100 +/- 20 MM, EXCLUI SERVICO DE BOMBEAMENTO (NBR 8953)","M3","ATRIBUÍDO SÃO PAULO","0,2480000","218,35","54,15","","","","","","","","","","","CAIXA REFERENCIAL"]
["ESCORAMENTO","ESCO","ESCORAMENTO DE MADEIRA EM VALAS",23,"","","94041","ESCORAMENTO DE VALA, TIPO PONTALETEAMENTO, COM PROFUNDIDADE DE 3,0 A 4,5 M, LARGURA MENOR QUE 1,5 M EM LOCAL COM NÍVEL ALTO DE INTERFERÊNCIA. AF_06/2016","M2","ATRIBUÍDO SÃO PAULO","8,72","","","","","","","","","5,11","58,5394583","3,60","41,3427561","0,01","0,1177856","0,00","0,0000000","0,00","0,0000000","CAIXA REFERENCIAL"]
["ESCORAMENTO","ESCO","ESCORAMENTO DE MADEIRA EM VALAS",23,"","","94050","ESCORAMENTO DE VALA, TIPO DESCONTÍNUO, COM PROFUNDIDADE DE 0 A 1,5 M, LARGURA MAIOR OU IGUAL A 1,5 M E MENOR QUE 2,5 M, EM LOCAL COM NÍVEL ALTO DE INTERFERÊNCIA. AF_06/2016","M2","ATRIBUÍDO SÃO PAULO","32,83","INSUMO","4472","VIGA DE MADEIRA NAO APARELHADA *6 X 16* CM, MACARANDUBA, ANGELIM OU EQUIVALENTE DA REGIAO","M","COEFICIENTE DE REPRESENTATIVIDADE","0,1470000","27,22","4,00","","","","","","","","","","","CAIXA REFERENCIAL"]
["ESCORAMENTO","ESCO","ESCORAMENTO DE MADEIRA EM VALAS",23,"","","94053","ESCORAMENTO DE VALA, TIPO DESCONTÍNUO, COM PROFUNDIDADE DE 3,0 A 4,5 M, LARGURA MENOR QUE 1,5 M, EM LOCAL COM NÍVEL ALTO DE INTERFERÊNCIA. AF_06/2016","M2","ATRIBUÍDO SÃO PAULO","17,82","COMPOSICAO","88316","SERVENTE COM ENCARGOS COMPLEMENTARES","H","COEFICIENTE DE REPRESENTATIVIDADE","0,1430000","15,69","2,24","","","","","","","","","","","CAIXA REFERENCIAL"]
["ESCORAMENTO","ESCO","ESCORAMENTO DE MADEIRA EM VALAS",23,"","","94056","ESCORAMENTO DE VALA, TIPO DESCONTÍNUO, COM PROFUNDIDADE DE 0 A 1,5 M, LARGURA MAIOR OU IGUAL A 1,5 M E MENOR QUE 2,5 M, EM LOCAL COM NÍVEL BAIXO DE INTERFERÊNCIA. AF_06/2016","M2","ATRIBUÍDO SÃO PAULO","31,61","COMPOSICAO","88316","SERVENTE COM ENCARGOS COMPLEMENTARES","H","COEFICIENTE DE REPRESENTATIVIDADE","0,3750000","15,69","5,88","","","","","","","","","","","CAIXA REFERENCIAL"]
["ESCORAMENTO","ESCO","CIMBRAMENTO",293,"","","73301","ESCORAMENTO FORMAS ATE H = 3,30M, COM MADEIRA DE 3A QUALIDADE, NAO APARELHADA, APROVEITAMENTO TABUAS 3X E PRUMOS 4X.","M3","ATRIBUÍDO SÃO PAULO","10,04","","","","","","","","","4,45","44,3540183","5,59","55,6459817","0,00","0,0000000","0,00","0,0000000","0,00","0,0000000","CAIXA REFERENCIAL"]
["ESQUADRIAS/FERRAGENS/VIDROS","ESQV","PORTA DE MADEIRA",89,73910,"PORTA DE MADEIRA COMPENSADA LISA","73910/8","PORTA DE MADEIRA COMPENSADA LISA PARA PINTURA, 120X210X3,5CM, 2 FOLHAS, INCLUSO ADUELA 2A, ALIZAR 2A E DOBRADICAS","UN","ATRIBUÍDO SÃO PAULO","575,25","","","","","","","","","94,68","16,4602108","480,08","83,4545392","0,49","0,0852500","0,00","0,0000000","0,00","0,0000000","CAIXA REFERENCIAL"]
["ESQUADRIAS/FERRAGENS/VIDROS","ESQV","PORTA DE MADEIRA",89,"","","90801","ADUELA / MARCO / BATENTE PARA PORTA DE 70X210CM, PADRÃO MÉDIO - FORNECIMENTO E MONTAGEM. AF_08/2015","UN","COEFICIENTE DE REPRESENTATIVIDADE","160,55","INSUMO","5075","PREGO DE ACO POLIDO COM CABECA 18 X 30 (2 3/4 X 10)","KG","COEFICIENTE DE REPRESENTATIVIDADE","0,0235000","10,27","0,24","","","","","","","","","","","CAIXA REFERENCIAL"]
["ESQUADRIAS/FERRAGENS/VIDROS","ESQV","PORTA DE MADEIRA",89,"","","90806","ADUELA / MARCO / BATENTE PARA PORTA DE 70X210CM, FIXAÇÃO COM ARGAMASSA, PADRÃO MÉDIO - FORNECIMENTO E INSTALAÇÃO. AF_08/2015_P","UN","COEFICIENTE DE REPRESENTATIVIDADE","224,21","COMPOSICAO","88309","PEDREIRO COM ENCARGOS COMPLEMENTARES","H","COEFICIENTE DE REPRESENTATIVIDADE","1,3620000","19,35","26,35","","","","","","","","","","","CAIXA REFERENCIAL"]
["ESQUADRIAS/FERRAGENS/VIDROS","ESQV","PORTA DE MADEIRA",89,"","","90816","ADUELA / MARCO / BATENTE PARA PORTA DE 80X210CM, FIXAÇÃO COM ARGAMASSA, PADRÃO MÉDIO - FORNECIMENTO E INSTALAÇÃO. AF_08/2015_P","UN","COEFICIENTE DE REPRESENTATIVIDADE","235,81","INSUMO","7319","TINTA ASFALTICA IMPERMEABILIZANTE DISPERSA EM AGUA, PARA MATERIAIS CIMENTICIOS","L","COEFICIENTE DE REPRESENTATIVIDADE","0,1704000","9,37","1,59","","","","","","","","","","","CAIXA REFERENCIAL"]
["ESQUADRIAS/FERRAGENS/VIDROS","ESQV","PORTA DE MADEIRA",89,"","","90827","ALIZAR / GUARNIÇÃO DE 5X1,5CM PARA PORTA DE 70X210CM FIXADO COM PREGOS, PADRÃO MÉDIO - FORNECIMENTO E INSTALAÇÃO. AF_08/2015","UN","COEFICIENTE DE REPRESENTATIVIDADE","24,36","","","","","","","","","6,47","26,5670402","17,88","73,3914488","0,01","0,0415110","0,00","0,0000000","0,00","0,0000000","CAIXA REFERENCIAL"]
["ESQUADRIAS/FERRAGENS/VIDROS","ESQV","PORTA DE MADEIRA",89,"","","90841","KIT DE PORTA DE MADEIRA PARA PINTURA, SEMI-OCA (LEVE OU MÉDIA), PADRÃO MÉDIO, 60X210CM, ESPESSURA DE 3,5CM, ITENS INCLUSOS: DOBRADIÇAS, MONTAGEM E INSTALAÇÃO DO BATENTE, FECHADURA COM EXECUÇÃO DO FURO - FORNECIMENTO E INSTALAÇÃO. AF_08/2015","UN","ATRIBUÍDO SÃO PAULO","606,33","COMPOSICAO","90805","ADUELA / MARCO / BATENTE PARA PORTA DE 60X210CM, FIXAÇÃO COM ARGAMASSA - SOMENTE INSTALAÇÃO. AF_08/2015_P","UN","COEFICIENTE DE REPRESENTATIVIDADE","1,0000000","58,70","58,70","","","","","","","","","","","CAIXA REFERENCIAL"]
["ESQUADRIAS/FERRAGENS/VIDROS","ESQV","PORTA DE MADEIRA",89,"","","90844","KIT DE PORTA DE MADEIRA PARA PINTURA, SEMI-OCA (LEVE OU MÉDIA), PADRÃO MÉDIO, 90X210CM, ESPESSURA DE 3,5CM, ITENS INCLUSOS: DOBRADIÇAS, MONTAGEM E INSTALAÇÃO DO BATENTE, FECHADURA COM EXECUÇÃO DO FURO - FORNECIMENTO E INSTALAÇÃO. AF_08/2015","UN","ATRIBUÍDO SÃO PAULO","696,70","COMPOSICAO","90830","FECHADURA DE EMBUTIR COM CILINDRO, EXTERNA, COMPLETA, ACABAMENTO PADRÃO MÉDIO, INCLUSO EXECUÇÃO DE FURO - FORNECIMENTO E INSTALAÇÃO. AF_08/2015","UN","COEFICIENTE DE REPRESENTATIVIDADE","1,0000000","85,14","85,14","","","","","","","","","","","CAIXA REFERENCIAL"]
["ESQUADRIAS/FERRAGENS/VIDROS","ESQV","PORTA DE MADEIRA",89,"","","91016","KIT DE PORTA DE MADEIRA PARA VERNIZ, SEMI-OCA (LEVE OU MÉDIA), PADRÃO MÉDIO, 90X210CM, ESPESSURA DE 3,5CM, ITENS INCLUSOS: DOBRADIÇAS, MONTAGEM E INSTALAÇÃO DO BATENTE, SEM FECHADURA - FORNECIMENTO E INSTALAÇÃO. AF_08/2015","UN","ATRIBUÍDO SÃO PAULO","607,87","COMPOSICAO","90803","ADUELA / MARCO / BATENTE PARA PORTA DE 90X210CM, PADRÃO MÉDIO - FORNECIMENTO E MONTAGEM. AF_08/2015","UN","COEFICIENTE DE REPRESENTATIVIDADE","1,0000000","173,85","173,85","","","","","","","","","","","CAIXA REFERENCIAL"]
["ESQUADRIAS/FERRAGENS/VIDROS","ESQV","PORTA DE MADEIRA",89,"","","91288","ADUELA / MARCO / BATENTE PARA PORTA DE 80X210CM, PADRÃO POPULAR - FORNECIMENTO E MONTAGEM. AF_08/2015","UN","COEFICIENTE DE REPRESENTATIVIDADE","137,03","COMPOSICAO","88316","SERVENTE COM ENCARGOS COMPLEMENTARES","H","COEFICIENTE D